{"text_format":"1","workbook":"xlsx","n_sheets":9,"sheets":["CAPA","DADOS","ORC","CPU","COT","DIVERSAS","CRO","SETOP ABRIL 2021","SINAPI JUNHO 2021"],"not_rendered":{"charts":0,"images":9,"macros":1,"external_links":0,"defined_names":18,"comments":0,"pivot_tables":0},"unopened":[],"bounds":{"document_bytes":16777216,"sheet_cells":100000,"rows_first":2000,"rows_last":500,"rows_between":2000,"halvings":0,"cell_chars":16384,"cell_head_chars":4096},"cells_cut":0,"cells_raw":0,"read":"whole","date_system":"1900"}

{"sheet":"CAPA","index":0,"n_rows":0,"n_cols":0,"rows_kept":0,"cut":false,"hidden":false,"merged":[]}

{"sheet":"DADOS","index":1,"n_rows":20,"n_cols":4,"rows_kept":20,"cut":false,"hidden":false,"merged":[]}
[]
[null,"DATA",null,"2021-08-09"]
[]
[null,"CLIENTE",null,"PREFEITURA MUNICIPAL DE POUSO ALEGRE"]
[]
[null,"REVISÃO",null,"R00"]
[]
[null,"PROJETO",null,"PROJETO DE ABASTECIMENTO DE ÁGUA - \"E.M. PROFESSORA MARIA BARBOSA\""]
[]
[null,"BDI TIPO 1",null,0.24229999999999999]
[]
[null,"BDI TIPO 2",null,0.20250000000000001]
[]
[null,"REFERÊNCIA 1",null,"SINAPI"]
[]
[null,"DATA REF. 1",null,"2021-06-01"]
[]
[null,"REFERÊNCIA 2",null,"SETOP"]
[]
[null,"DATA REF. 2",null,"2021-04-01"]

{"sheet":"ORC","index":2,"n_rows":197,"n_cols":12,"rows_kept":197,"cut":false,"hidden":false,"merged":[[45,5,45,7],[44,5,44,7],[43,5,43,7],[35,5,35,7],[39,5,39,7],[38,5,38,7],[37,5,37,7],[48,5,48,7],[50,5,50,7],[57,5,57,7],[56,5,56,7],[108,5,108,7],[114,5,114,7],[113,5,113,7],[112,5,112,7],[79,5,79,7],[80,5,80,7],[81,5,81,7],[82,5,82,7],[84,5,84,7],[86,5,86,7],[87,5,87,7],[88,5,88,7],[60,5,60,7],[64,5,64,7],[66,5,66,7],[167,5,167,7],[169,5,169,7],[161,5,161,7],[166,5,166,7],[165,5,165,7],[164,5,164,7],[128,5,128,7],[76,5,76,7],[71,5,71,7],[188,9,188,10],[187,1,187,8],[187,9,187,10],[188,1,188,8],[98,5,98,7],[97,5,97,7],[90,5,90,7],[91,5,91,7],[92,5,92,7],[93,5,93,7],[163,5,163,7],[186,9,186,10],[156,5,156,7],[131,5,131,7],[133,5,133,7],[154,5,154,7],[139,5,139,7],[141,5,141,7],[143,5,143,7],[145,5,145,7],[147,5,147,7],[149,5,149,7],[135,5,135,7],[160,5,160,7],[69,5,69,7],[118,5,118,7],[117,5,117,7],[99,5,99,7],[116,5,116,7],[120,5,120,7],[95,5,95,7],[124,5,124,7],[126,5,126,7],[110,5,110,7],[109,5,109,7],[70,5,70,7],[151,5,151,7],[75,5,75,7],[74,5,74,7],[73,5,73,7],[106,5,106,7],[105,5,105,7],[102,5,102,7],[104,5,104,7],[103,5,103,7],[196,3,196,5],[192,3,192,5],[186,1,186,8],[183,5,183,7],[184,5,184,7],[185,5,185,7],[179,5,179,7],[176,5,176,7],[178,5,178,7],[180,5,180,7],[181,5,181,7],[193,5,193,7],[191,3,191,5],[195,3,195,5],[62,5,62,7],[4,5,4,7],[20,5,20,7],[15,1,15,10],[7,1,7,7],[8,1,8,2],[9,9,9,10],[10,9,10,10],[13,9,13,10],[14,9,14,10],[10,1,10,2],[9,1,9,2],[11,9,11,10],[22,5,22,7],[26,5,26,7],[33,5,33,7],[28,5,28,7],[29,5,29,7],[23,5,23,7],[24,5,24,7],[41,5,41,7],[55,5,55,7],[54,5,54,7],[58,5,58,7]]}
[]
[1000,"a","ADMINISTRAÇAÕ DE OBRA",null,null,null,null,null,null,{"$f":"SUMIF(A:A,B2,J:J)","v":0},{"$f":"SUMIF(A:A,B2,K:K)","v":0}]
[null,"b"]
[{"$f":"LEFT(B4)","v":"c"},"c",{"$f":"IF($E4=\"SINAPI\",VLOOKUP($D4,SINAPI,2,0),IF(E4=\"SETOP\",VLOOKUP($D4,SETOP,3,0),IF(E4=\"CPU\",VLOOKUP($D4,COMPOSIÇÃO,2,0),IF(E4=\"COTAÇÃO\",VLOOKUP($D4,COTAÇÃO,3,0),VLOOKUP(#REF!,DIVERSAS,2,0)))))","v":{"$error":"#REF!"}},null,null,{"$f":"IF(E4=\"SINAPI\",VLOOKUP($D4,SINAPI,3,0),IF(E4=\"SETOP\",VLOOKUP($D4,SETOP,4,0),IF(E4=\"CPU\",VLOOKUP($D4,COMPOSIÇÃO,5,0),IF(E4=\"COTAÇÃO\",VLOOKUP($D4,COTAÇÃO,8,0),VLOOKUP(#REF!,DIVERSAS,3,0)))))","v":{"$error":"#REF!"}},null,{"$f":"IF(E4=\"SINAPI\",VLOOKUP($D4,SINAPI,4,0),IF(E4=\"SETOP\",VLOOKUP($D4,SETOP,5,0),IF(E4=\"CPU\",VLOOKUP($D4,COMPOSIÇÃO,8,0),IF(E4=\"COTAÇÃO\",VLOOKUP($D4,COTAÇÃO,11,0),VLOOKUP(#REF!,DIVERSAS,4,0)))))","v":{"$error":"#REF!"}},{"$f":"ROUND(H4*(1+$J$11),2)","v":{"$error":"#REF!"}},{"$f":"ROUND(G4*H4,2)","v":{"$error":"#REF!"}},{"$f":"ROUND(I4*G4,2)","v":{"$error":"#REF!"}}]
[{"$f":"2000","v":2000}]
[]
[]
[null,{"$f":"\"ORÇAMENTO- \" &B10","v":"ORÇAMENTO- PROJETO DE ABASTECIMENTO DE ÁGUA - \"E.M. PROFESSORA MARIA BARBOSA\""},null,null,null,null,null,null,null,"Revisão:",{"$f":"DADOS!D6","v":"R00"},"a"]
[null,"Projeto:",null,null,null,null,null,null,"Informações:"]
[null,{"$f":"DADOS!D8","v":"PROJETO DE ABASTECIMENTO DE ÁGUA - \"E.M. PROFESSORA MARIA BARBOSA\""},null,null,null,null,null,null,"Data: ",{"$f":"DADOS!D2","v":"2021-08-09"}]
[null,"Responsável:",null,null,null,null,null,null,"BDI 1",{"$f":"DADOS!D10","v":0.24229999999999999}]
[null,null,null,null,null,null,null,null,"BDI 2 - COTAÇÕES",{"$f":"DADOS!D12","v":0.20250000000000001}]
[null,null,null,null,null,null,null,null,"Referências:"]
[null,null,null,null,null,null,null,null,{"$f":"DADOS!D14","v":"SINAPI"},{"$f":"DADOS!D16","v":"2021-06-01"}]
[null,null,null,null,null,null,null,null,{"$f":"DADOS!D18","v":"SETOP"},{"$f":"DADOS!D20","v":"2021-04-01"}]
[null,{"$f":"\"PROJETO EXECUTIVO - \"&B10","v":"PROJETO EXECUTIVO - PROJETO DE ABASTECIMENTO DE ÁGUA - \"E.M. PROFESSORA MARIA BARBOSA\""}]
[]
[null,"ITEM","DESCRIÇÃO","CÓDIGO","REFERÊNCIA","UNID.","QUANT.","PREÇO UNIT.","PREÇO UNIT. COM BDI","TOTAL","TOTAL COM BDI"]
[1000,1,"ADMINISTRAÇÃO DE OBRA",null,null,null,null,null,null,{"$f":"SUMIF(A:A,B19,J:J)","v":4140.9799999999996},{"$f":"SUMIF(A:A,B19,K:K)","v":5144.01}]
[{"$f":"LEFT(B20)","v":"1"},"1.1",{"$f":"IF($E20=\"SINAPI\",VLOOKUP($D20,SINAPI,2,0),IF(E20=\"SETOP\",VLOOKUP($D20,SETOP,3,0),IF(E20=\"CPU\",VLOOKUP($D20,COMPOSIÇÃO,2,0),IF(E20=\"COTAÇÃO\",VLOOKUP($D20,COTAÇÃO,3,0),VLOOKUP(#REF!,DIVERSAS,2,0)))))","v":"FORNECIMENTO E COLOCAÇÃO DE PLACAS DE OBRAS EM CHAPA GALVANIZADA (4,00 X 2,00 M ) SÃO CONFECCIONADAS EM CHAPA GALVANIZADA 26. AS CHAPAS SERÃO AFIXADAS COM REBITES 410 E PARAFUSOS 3/8, EM UMA ESTRUTURA METÁLICA COM VIGA U 2\" ENRIJECIDA E METALON 20MMX20MM,334"},"ED-50154","SETOP",{"$f":"IF(E20=\"SINAPI\",VLOOKUP($D20,SINAPI,3,0),IF(E20=\"SETOP\",VLOOKUP($D20,SETOP,4,0),IF(E20=\"CPU\",VLOOKUP($D20,COMPOSIÇÃO,5,0),IF(E20=\"COTAÇÃO\",VLOOKUP($D20,COTAÇÃO,8,0),VLOOKUP(#REF!,DIVERSAS,3,0)))))","v":"U"},1,{"$f":"IF(E20=\"SINAPI\",VLOOKUP($D20,SINAPI,4,0),IF(E20=\"SETOP\",VLOOKUP($D20,SETOP,5,0),IF(E20=\"CPU\",VLOOKUP($D20,COMPOSIÇÃO,8,0),IF(E20=\"COTAÇÃO\",VLOOKUP($D20,COTAÇÃO,11,0),VLOOKUP(#REF!,DIVERSAS,4,0)))))","v":1627.62},{"$f":"ROUND(H20*(1+$J$11),2)","v":2021.99},{"$f":"ROUND(G20*H20,2)","v":1627.62},{"$f":"ROUND(I20*G20,2)","v":2021.99}]
[{"$f":"2000","v":2000},null,"QUANTIDADE",1,"U"]
[{"$f":"LEFT(B22)","v":"1"},"1.2",{"$f":"IF($E22=\"SINAPI\",VLOOKUP($D22,SINAPI,2,0),IF(E22=\"SETOP\",VLOOKUP($D22,SETOP,3,0),IF(E22=\"CPU\",VLOOKUP($D22,COMPOSIÇÃO,2,0),IF(E22=\"COTAÇÃO\",VLOOKUP($D22,COTAÇÃO,3,0),VLOOKUP(#REF!,DIVERSAS,2,0)))))","v":"BANHEIRO QUÍMICO 110 X 120 X 230 CM COM MANUTENÇÃO"},"ED-50155","SETOP",{"$f":"IF(E22=\"SINAPI\",VLOOKUP($D22,SINAPI,3,0),IF(E22=\"SETOP\",VLOOKUP($D22,SETOP,4,0),IF(E22=\"CPU\",VLOOKUP($D22,COMPOSIÇÃO,5,0),IF(E22=\"COTAÇÃO\",VLOOKUP($D22,COTAÇÃO,8,0),VLOOKUP(#REF!,DIVERSAS,3,0)))))","v":"MÊS"},{"$f":"D25","v":1},{"$f":"IF(E22=\"SINAPI\",VLOOKUP($D22,SINAPI,4,0),IF(E22=\"SETOP\",VLOOKUP($D22,SETOP,5,0),IF(E22=\"CPU\",VLOOKUP($D22,COMPOSIÇÃO,8,0),IF(E22=\"COTAÇÃO\",VLOOKUP($D22,COTAÇÃO,11,0),VLOOKUP(#REF!,DIVERSAS,4,0)))))","v":515},{"$f":"ROUND(H22*(1+$J$11),2)","v":639.78},{"$f":"ROUND(G22*H22,2)","v":515},{"$f":"ROUND(I22*G22,2)","v":639.78}]
[{"$f":"2000","v":2000},null,"QUANTIDADE",1,"U"]
[{"$f":"2000","v":2000},null,"MESES",1]
[{"$f":"2000","v":2000},null,"TOTAL",{"$f":"D23*D24","v":1},"MÊSES"]
[{"$f":"LEFT(B26)","v":"1"},"1.3",{"$f":"IF($E26=\"SINAPI\",VLOOKUP($D26,SINAPI,2,0),IF(E26=\"SETOP\",VLOOKUP($D26,SETOP,3,0),IF(E26=\"CPU\",VLOOKUP($D26,COMPOSIÇÃO,2,0),IF(E26=\"COTAÇÃO\",VLOOKUP($D26,COTAÇÃO,3,0),VLOOKUP(#REF!,DIVERSAS,2,0)))))","v":"CONE DE SINALIZACAO EM PVC RIGIDO COM FAIXA REFLETIVA, H = 70 / 76 CM"},13244,"SINAPI",{"$f":"IF(E26=\"SINAPI\",VLOOKUP($D26,SINAPI,3,0),IF(E26=\"SETOP\",VLOOKUP($D26,SETOP,4,0),IF(E26=\"CPU\",VLOOKUP($D26,COMPOSIÇÃO,5,0),IF(E26=\"COTAÇÃO\",VLOOKUP($D26,COTAÇÃO,8,0),VLOOKUP(#REF!,DIVERSAS,3,0)))))","v":"UN    "},{"$f":"D27","v":4},{"$f":"IF(E26=\"SINAPI\",VLOOKUP($D26,SINAPI,4,0),IF(E26=\"SETOP\",VLOOKUP($D26,SETOP,5,0),IF(E26=\"CPU\",VLOOKUP($D26,COMPOSIÇÃO,8,0),IF(E26=\"COTAÇÃO\",VLOOKUP($D26,COTAÇÃO,11,0),VLOOKUP(#REF!,DIVERSAS,4,0)))))","v":41.1},{"$f":"ROUND(H26*(1+$J$11),2)","v":51.06},{"$f":"ROUND(G26*H26,2)","v":164.4},{"$f":"ROUND(I26*G26,2)","v":204.24}]
[{"$f":"2000","v":2000},null,"QUANTIDADE",4,"U"]
[{"$f":"LEFT(B28)","v":"1"},"1.4",{"$f":"IF($E28=\"SINAPI\",VLOOKUP($D28,SINAPI,2,0),IF(E28=\"SETOP\",VLOOKUP($D28,SETOP,3,0),IF(E28=\"CPU\",VLOOKUP($D28,COMPOSIÇÃO,2,0),IF(E28=\"COTAÇÃO\",VLOOKUP($D28,COTAÇÃO,3,0),VLOOKUP(#REF!,DIVERSAS,2,0)))))","v":"TELA PLASTICA LARANJA INCLUINDO VERGALHÃO, PONTEIRA E INSTALAÇÃO"},"DAC-1.1","CPU",{"$f":"IF(E28=\"SINAPI\",VLOOKUP($D28,SINAPI,3,0),IF(E28=\"SETOP\",VLOOKUP($D28,SETOP,4,0),IF(E28=\"CPU\",VLOOKUP($D28,COMPOSIÇÃO,5,0),IF(E28=\"COTAÇÃO\",VLOOKUP($D28,COTAÇÃO,8,0),VLOOKUP(#REF!,DIVERSAS,3,0)))))","v":"UN "},{"$f":"D30","v":170},{"$f":"IF(E28=\"SINAPI\",VLOOKUP($D28,SINAPI,4,0),IF(E28=\"SETOP\",VLOOKUP($D28,SETOP,5,0),IF(E28=\"CPU\",VLOOKUP($D28,COMPOSIÇÃO,8,0),IF(E28=\"COTAÇÃO\",VLOOKUP($D28,COTAÇÃO,11,0),VLOOKUP(#REF!,DIVERSAS,4,0)))))","v":10.787999999999998},{"$f":"ROUND(H28*(1+$J$11),2)","v":13.4},{"$f":"ROUND(G28*H28,2)","v":1833.96},{"$f":"ROUND(I28*G28,2)","v":2278}]
[{"$f":"2000","v":2000},null,"EXTENSÃO DA TELA PLÁSTICA",170,"M"]
[{"$f":"2000","v":2000},null,"TOTAL",{"$f":"D29","v":170},"M"]
[1000,2,"EXECUÇÃO DO POÇO",null,null,null,null,null,null,{"$f":"SUMIF(A:A,B31,J:J)","v":126507.26},{"$f":"SUMIF(A:A,B31,K:K)","v":152298.11000000002}]
[null,"2.1","ENTORNO DO POÇO"]
[{"$f":"LEFT(B33)","v":"2"},"2.1.1",{"$f":"IF($E33=\"SINAPI\",VLOOKUP($D33,SINAPI,2,0),IF(E33=\"SETOP\",VLOOKUP($D33,SETOP,3,0),IF(E33=\"CPU\",VLOOKUP($D33,COMPOSIÇÃO,2,0),IF(E33=\"COTAÇÃO\",VLOOKUP($D33,COTAÇÃO,3,0),VLOOKUP(#REF!,DIVERSAS,2,0)))))","v":"CERCA DE MOURÃO H = 2,80 M - MOURÃO PRÉ-FABRICADO DE CONCRETO PONTA VIRADA A CADA 2,50 M, 3 FIOS DE ARAME FARPADO E TELA GALVANIZADA # 2\" FIO 12, INCLUSIVE FUNDAÇÃO"},"ED-48386","SETOP",{"$f":"IF(E33=\"SINAPI\",VLOOKUP($D33,SINAPI,3,0),IF(E33=\"SETOP\",VLOOKUP($D33,SETOP,4,0),IF(E33=\"CPU\",VLOOKUP($D33,COMPOSIÇÃO,5,0),IF(E33=\"COTAÇÃO\",VLOOKUP($D33,COTAÇÃO,8,0),VLOOKUP(#REF!,DIVERSAS,3,0)))))","v":"M"},{"$f":"D34","v":16},{"$f":"IF(E33=\"SINAPI\",VLOOKUP($D33,SINAPI,4,0),IF(E33=\"SETOP\",VLOOKUP($D33,SETOP,5,0),IF(E33=\"CPU\",VLOOKUP($D33,COMPOSIÇÃO,8,0),IF(E33=\"COTAÇÃO\",VLOOKUP($D33,COTAÇÃO,11,0),VLOOKUP(#REF!,DIVERSAS,4,0)))))","v":260.27},{"$f":"ROUND(H33*(1+$J$11),2)","v":323.33},{"$f":"ROUND(G33*H33,2)","v":4164.32},{"$f":"ROUND(I33*G33,2)","v":5173.28}]
[{"$f":"2000","v":2000},null,"PERÍMETRO DA ÁREA DO POÇO",{"$f":"16","v":16},"M"]
[{"$f":"LEFT(B35)","v":"2"},"2.1.2",{"$f":"IF($E35=\"SINAPI\",VLOOKUP($D35,SINAPI,2,0),IF(E35=\"SETOP\",VLOOKUP($D35,SETOP,3,0),IF(E35=\"CPU\",VLOOKUP($D35,COMPOSIÇÃO,2,0),IF(E35=\"COTAÇÃO\",VLOOKUP($D35,COTAÇÃO,3,0),VLOOKUP(#REF!,DIVERSAS,2,0)))))","v":"EXECUÇÃO DE PASSEIO (CALÇADA) OU PISO DE CONCRETO COM CONCRETO MOLDADO IN LOCO, FEITO EM OBRA, ACABAMENTO CONVENCIONAL, ESPESSURA 8 CM, ARMADO. AF_07/2016"},94994,"SINAPI",{"$f":"IF(E35=\"SINAPI\",VLOOKUP($D35,SINAPI,3,0),IF(E35=\"SETOP\",VLOOKUP($D35,SETOP,4,0),IF(E35=\"CPU\",VLOOKUP($D35,COMPOSIÇÃO,5,0),IF(E35=\"COTAÇÃO\",VLOOKUP($D35,COTAÇÃO,8,0),VLOOKUP(#REF!,DIVERSAS,3,0)))))","v":"M2"},{"$f":"D36","v":1.44},{"$f":"IF(E35=\"SINAPI\",VLOOKUP($D35,SINAPI,4,0),IF(E35=\"SETOP\",VLOOKUP($D35,SETOP,5,0),IF(E35=\"CPU\",VLOOKUP($D35,COMPOSIÇÃO,8,0),IF(E35=\"COTAÇÃO\",VLOOKUP($D35,COTAÇÃO,11,0),VLOOKUP(#REF!,DIVERSAS,4,0)))))","v":112.57},{"$f":"ROUND(H35*(1+$J$11),2)","v":139.85},{"$f":"ROUND(G35*H35,2)","v":162.1},{"$f":"ROUND(I35*G35,2)","v":201.38}]
[{"$f":"2000","v":2000},null,"LAJE SANITÁRIA",{"$f":"1.2*1.2","v":1.44},"M2"]
[{"$f":"LEFT(B37)","v":"2"},"2.1.3",{"$f":"IF($E37=\"SINAPI\",VLOOKUP($D37,SINAPI,2,0),IF(E37=\"SETOP\",VLOOKUP($D37,SETOP,3,0),IF(E37=\"CPU\",VLOOKUP($D37,COMPOSIÇÃO,2,0),IF(E37=\"COTAÇÃO\",VLOOKUP($D37,COTAÇÃO,3,0),VLOOKUP(#REF!,DIVERSAS,2,0)))))","v":"LASTRO COM MATERIAL GRANULAR (PEDRA BRITADA N.2), APLICADO EM PISOS OU LAJES SOBRE SOLO, ESPESSURA DE *10 CM*. AF_08/2017"},96624,"SINAPI",{"$f":"IF(E37=\"SINAPI\",VLOOKUP($D37,SINAPI,3,0),IF(E37=\"SETOP\",VLOOKUP($D37,SETOP,4,0),IF(E37=\"CPU\",VLOOKUP($D37,COMPOSIÇÃO,5,0),IF(E37=\"COTAÇÃO\",VLOOKUP($D37,COTAÇÃO,8,0),VLOOKUP(#REF!,DIVERSAS,3,0)))))","v":"M3"},{"$f":"D40","v":0.14399999999999999},{"$f":"IF(E37=\"SINAPI\",VLOOKUP($D37,SINAPI,4,0),IF(E37=\"SETOP\",VLOOKUP($D37,SETOP,5,0),IF(E37=\"CPU\",VLOOKUP($D37,COMPOSIÇÃO,8,0),IF(E37=\"COTAÇÃO\",VLOOKUP($D37,COTAÇÃO,11,0),VLOOKUP(#REF!,DIVERSAS,4,0)))))","v":120.3},{"$f":"ROUND(H37*(1+$J$11),2)","v":149.44999999999999},{"$f":"ROUND(G37*H37,2)","v":17.32},{"$f":"ROUND(I37*G37,2)","v":21.52}]
[{"$f":"2000","v":2000},null,"ÁREA DE PASSEIO",{"$f":"D36","v":1.44},"M2"]
[{"$f":"2000","v":2000},null,"ESPESSURA",0.1,"M"]
[{"$f":"2000","v":2000},null,"TOTAL",{"$f":"D38*D39","v":0.14399999999999999},"M3"]
[{"$f":"LEFT(B41)","v":"2"},"2.1.4",{"$f":"IF($E41=\"SINAPI\",VLOOKUP($D41,SINAPI,2,0),IF(E41=\"SETOP\",VLOOKUP($D41,SETOP,3,0),IF(E41=\"CPU\",VLOOKUP($D41,COMPOSIÇÃO,2,0),IF(E41=\"COTAÇÃO\",VLOOKUP($D41,COTAÇÃO,3,0),VLOOKUP(#REF!,DIVERSAS,2,0)))))","v":"CARGA, MANOBRA E DESCARGA DE SOLOS E MATERIAIS GRANULARES EM CAMINHÃO BASCULANTE 18 M³ - CARGA COM PÁ CARREGADEIRA (CAÇAMBA DE 1,7 A 2,8 M³ / 128 HP) E DESCARGA LIVRE (UNIDADE: M3). AF_07/2020"},100976,"SINAPI",{"$f":"IF(E41=\"SINAPI\",VLOOKUP($D41,SINAPI,3,0),IF(E41=\"SETOP\",VLOOKUP($D41,SETOP,4,0),IF(E41=\"CPU\",VLOOKUP($D41,COMPOSIÇÃO,5,0),IF(E41=\"COTAÇÃO\",VLOOKUP($D41,COTAÇÃO,8,0),VLOOKUP(#REF!,DIVERSAS,3,0)))))","v":"M3"},{"$f":"ROUND(D42,2)","v":0.14000000000000001},{"$f":"IF(E41=\"SINAPI\",VLOOKUP($D41,SINAPI,4,0),IF(E41=\"SETOP\",VLOOKUP($D41,SETOP,5,0),IF(E41=\"CPU\",VLOOKUP($D41,COMPOSIÇÃO,8,0),IF(E41=\"COTAÇÃO\",VLOOKUP($D41,COTAÇÃO,11,0),VLOOKUP(#REF!,DIVERSAS,4,0)))))","v":5.94},{"$f":"ROUND(H41*(1+$J$11),2)","v":7.38},{"$f":"ROUND(G41*H41,2)","v":0.83},{"$f":"ROUND(I41*G41,2)","v":1.03}]
[{"$f":"2000","v":2000},null,"VOLUME DE BRITA",{"$f":"G37","v":0.14399999999999999},"M3"]
[{"$f":"LEFT(B43)","v":"2"},"2.1.5",{"$f":"IF($E43=\"SINAPI\",VLOOKUP($D43,SINAPI,2,0),IF(E43=\"SETOP\",VLOOKUP($D43,SETOP,3,0),IF(E43=\"CPU\",VLOOKUP($D43,COMPOSIÇÃO,2,0),IF(E43=\"COTAÇÃO\",VLOOKUP($D43,COTAÇÃO,3,0),VLOOKUP(#REF!,DIVERSAS,2,0)))))","v":"TRANSPORTE COM CAMINHÃO BASCULANTE DE 6 M³, EM VIA URBANA PAVIMENTADA, DMT ATÉ 30 KM (UNIDADE: M3XKM). AF_07/2020"},97914,"SINAPI",{"$f":"IF(E43=\"SINAPI\",VLOOKUP($D43,SINAPI,3,0),IF(E43=\"SETOP\",VLOOKUP($D43,SETOP,4,0),IF(E43=\"CPU\",VLOOKUP($D43,COMPOSIÇÃO,5,0),IF(E43=\"COTAÇÃO\",VLOOKUP($D43,COTAÇÃO,8,0),VLOOKUP(#REF!,DIVERSAS,3,0)))))","v":"M3XKM"},{"$f":"ROUND(D46,2)","v":3.43},{"$f":"IF(E43=\"SINAPI\",VLOOKUP($D43,SINAPI,4,0),IF(E43=\"SETOP\",VLOOKUP($D43,SETOP,5,0),IF(E43=\"CPU\",VLOOKUP($D43,COMPOSIÇÃO,8,0),IF(E43=\"COTAÇÃO\",VLOOKUP($D43,COTAÇÃO,11,0),VLOOKUP(#REF!,DIVERSAS,4,0)))))","v":1.95},{"$f":"ROUND(H43*(1+$J$11),2)","v":2.42},{"$f":"ROUND(G43*H43,2)","v":6.69},{"$f":"ROUND(I43*G43,2)","v":8.3000000000000007}]
[{"$f":"2000","v":2000},null,"VOLUME DE BRITA",{"$f":"D42","v":0.14399999999999999},"M3"]
[{"$f":"2000","v":2000},null,"DISTÂNCIA DE TRANSPORTE",23.8,"KM"]
[{"$f":"2000","v":2000},null,"TOTAL",{"$f":"D45*D44","v":3.4272},"M3XKM"]
[null,"2.2","PERFURAÇÃO DE POÇO TUBULAR PROFUNDO"]
[{"$f":"LEFT(B48)","v":"2"},"2.2.1",{"$f":"IF($E48=\"SINAPI\",VLOOKUP($D48,SINAPI,2,0),IF(E48=\"SETOP\",VLOOKUP($D48,SETOP,3,0),IF(E48=\"CPU\",VLOOKUP($D48,COMPOSIÇÃO,2,0),IF(E48=\"COTAÇÃO\",VLOOKUP($D48,COTAÇÃO,3,0),VLOOKUP(#REF!,DIVERSAS,2,0)))))","v":"INSTALAÇÃO DE BARRILETE, CONJUNTO MOTO BOMBA, OUTORGA E HIDRÔMETRO  E PERFURAÇÃO- INCLUSO FORNECIMENTO E INSTALAÇÃO DE TODOS OS MATERIAIS"},"DAC-03","COTAÇÃO",{"$f":"IF(E48=\"SINAPI\",VLOOKUP($D48,SINAPI,3,0),IF(E48=\"SETOP\",VLOOKUP($D48,SETOP,4,0),IF(E48=\"CPU\",VLOOKUP($D48,COMPOSIÇÃO,5,0),IF(E48=\"COTAÇÃO\",VLOOKUP($D48,COTAÇÃO,8,0),VLOOKUP(#REF!,DIVERSAS,3,0)))))","v":"UN"},{"$f":"ROUND(D49,2)","v":1},{"$f":"IF(E48=\"SINAPI\",VLOOKUP($D48,SINAPI,4,0),IF(E48=\"SETOP\",VLOOKUP($D48,SETOP,5,0),IF(E48=\"CPU\",VLOOKUP($D48,COMPOSIÇÃO,8,0),IF(E48=\"COTAÇÃO\",VLOOKUP($D48,COTAÇÃO,11,0),VLOOKUP(#REF!,DIVERSAS,4,0)))))","v":120166},{"$f":"ROUND(H48*(1+DADOS!$D$12),2)","v":144499.62},{"$f":"ROUND(G48*H48,2)","v":120166},{"$f":"ROUND(I48*G48,2)","v":144499.62}]
[{"$f":"2000","v":2000},null,null,1,"U"]
[{"$f":"LEFT(B50)","v":"2"},"2.2.2",{"$f":"IF($E50=\"SINAPI\",VLOOKUP($D50,SINAPI,2,0),IF(E50=\"SETOP\",VLOOKUP($D50,SETOP,3,0),IF(E50=\"CPU\",VLOOKUP($D50,COMPOSIÇÃO,2,0),IF(E50=\"COTAÇÃO\",VLOOKUP($D50,COTAÇÃO,3,0),VLOOKUP(#REF!,DIVERSAS,2,0)))))","v":"FORNECIMENTO DE CLORADOR TIPO TC 9032-500 ACIONAMENTO HIDRÁULICO, INCLUSO TABLETES PARA UTILIZAÇÃO"},"DAC-02","COTAÇÃO",{"$f":"IF(E50=\"SINAPI\",VLOOKUP($D50,SINAPI,3,0),IF(E50=\"SETOP\",VLOOKUP($D50,SETOP,4,0),IF(E50=\"CPU\",VLOOKUP($D50,COMPOSIÇÃO,5,0),IF(E50=\"COTAÇÃO\",VLOOKUP($D50,COTAÇÃO,8,0),VLOOKUP(#REF!,DIVERSAS,3,0)))))","v":"UN"},{"$f":"ROUND(D51,2)","v":1},{"$f":"IF(E50=\"SINAPI\",VLOOKUP($D50,SINAPI,4,0),IF(E50=\"SETOP\",VLOOKUP($D50,SETOP,5,0),IF(E50=\"CPU\",VLOOKUP($D50,COMPOSIÇÃO,8,0),IF(E50=\"COTAÇÃO\",VLOOKUP($D50,COTAÇÃO,11,0),VLOOKUP(#REF!,DIVERSAS,4,0)))))","v":1990},{"$f":"ROUND(H50*(1+DADOS!D12),2)","v":2392.98},{"$f":"ROUND(G50*H50,2)","v":1990},{"$f":"ROUND(I50*G50,2)","v":2392.98}]
[{"$f":"2000","v":2000},null,null,1,"U"]
[1000,3,"MOVIMENTAÇÃO DE TERRA PARA O SISTEMA DE CAPTAÇÃO",null,null,null,null,null,null,{"$f":"SUMIF(A:A,B52,J:J)","v":21325.409999999996},{"$f":"SUMIF(A:A,B52,K:K)","v":26486.940000000006}]
[null,"3.1","SERVIÇOS COMPLEMENTARES"]
[{"$f":"LEFT(B54)","v":"3"},"3.1.1",{"$f":"IF($E54=\"SINAPI\",VLOOKUP($D54,SINAPI,2,0),IF(E54=\"SETOP\",VLOOKUP($D54,SETOP,3,0),IF(E54=\"CPU\",VLOOKUP($D54,COMPOSIÇÃO,2,0),IF(E54=\"COTAÇÃO\",VLOOKUP($D54,COTAÇÃO,3,0),VLOOKUP(#REF!,DIVERSAS,2,0)))))","v":"LOCAÇÃO TOPOGRÁFICA ATE 20 PONTOS"},"ED-50274","SETOP",{"$f":"IF(E54=\"SINAPI\",VLOOKUP($D54,SINAPI,3,0),IF(E54=\"SETOP\",VLOOKUP($D54,SETOP,4,0),IF(E54=\"CPU\",VLOOKUP($D54,COMPOSIÇÃO,5,0),IF(E54=\"COTAÇÃO\",VLOOKUP($D54,COTAÇÃO,8,0),VLOOKUP(#REF!,DIVERSAS,3,0)))))","v":"U"},{"$f":"D59","v":4},{"$f":"IF(E54=\"SINAPI\",VLOOKUP($D54,SINAPI,4,0),IF(E54=\"SETOP\",VLOOKUP($D54,SETOP,5,0),IF(E54=\"CPU\",VLOOKUP($D54,COMPOSIÇÃO,8,0),IF(E54=\"COTAÇÃO\",VLOOKUP($D54,COTAÇÃO,11,0),VLOOKUP(#REF!,DIVERSAS,4,0)))))","v":82},{"$f":"ROUND(H54*(1+$J$11),2)","v":101.87},{"$f":"ROUND(G54*H54,2)","v":328},{"$f":"ROUND(I54*G54,2)","v":407.48}]
[{"$f":"2000","v":2000},null,"RESERVATÓRIO",1,"UN"]
[{"$f":"2000","v":2000},null,"POÇO",1,"UN"]
[{"$f":"2000","v":2000},null,"CURVA",1,"UN"]
[{"$f":"2000","v":2000},null,"CONEXÃO COM A REDE EXISTENTE",1,"UN"]
[{"$f":"2000","v":2000},null,"TOTAL",{"$f":"SUM(D55:D58)","v":4},"UN"]
[{"$f":"LEFT(B60)","v":"3"},"3.1.2",{"$f":"IF($E60=\"SINAPI\",VLOOKUP($D60,SINAPI,2,0),IF(E60=\"SETOP\",VLOOKUP($D60,SETOP,3,0),IF(E60=\"CPU\",VLOOKUP($D60,COMPOSIÇÃO,2,0),IF(E60=\"COTAÇÃO\",VLOOKUP($D60,COTAÇÃO,3,0),VLOOKUP(#REF!,DIVERSAS,2,0)))))","v":"REMOÇÃO DE MEIO-FIO PRÉ-MOLDADO DE CONCRETO INCLUSIVE CARGA"},"ED-48472","SETOP",{"$f":"IF(E60=\"SINAPI\",VLOOKUP($D60,SINAPI,3,0),IF(E60=\"SETOP\",VLOOKUP($D60,SETOP,4,0),IF(E60=\"CPU\",VLOOKUP($D60,COMPOSIÇÃO,5,0),IF(E60=\"COTAÇÃO\",VLOOKUP($D60,COTAÇÃO,8,0),VLOOKUP(#REF!,DIVERSAS,3,0)))))","v":"M"},{"$f":"D61","v":23.4},{"$f":"IF(E60=\"SINAPI\",VLOOKUP($D60,SINAPI,4,0),IF(E60=\"SETOP\",VLOOKUP($D60,SETOP,5,0),IF(E60=\"CPU\",VLOOKUP($D60,COMPOSIÇÃO,8,0),IF(E60=\"COTAÇÃO\",VLOOKUP($D60,COTAÇÃO,11,0),VLOOKUP(#REF!,DIVERSAS,4,0)))))","v":8.0299999999999994},{"$f":"ROUND(H60*(1+$J$11),2)","v":9.98},{"$f":"ROUND(G60*H60,2)","v":187.9},{"$f":"ROUND(I60*G60,2)","v":233.53}]
[{"$f":"2000","v":2000},null,"COMPRIMENTO",23.4,"m"]
[{"$f":"LEFT(B62)","v":"3"},"3.1.3",{"$f":"IF($E62=\"SINAPI\",VLOOKUP($D62,SINAPI,2,0),IF(E62=\"SETOP\",VLOOKUP($D62,SETOP,3,0),IF(E62=\"CPU\",VLOOKUP($D62,COMPOSIÇÃO,2,0),IF(E62=\"COTAÇÃO\",VLOOKUP($D62,COTAÇÃO,3,0),VLOOKUP(#REF!,DIVERSAS,2,0)))))","v":"GUIA DE MEIO-FIO, EM CONCRETO COM FCK 20MPA, PRÉ-MOLDADA, MFC-01 PADRÃO DER-MG, DIMENSÕES (12X16,7X35)CM, EXCLUSIVE SARJETA, INCLUSIVE ESCAVAÇÃO, APILOAMENTO E TRANSPORTE COM RETIRADA DO MATERIAL ESCAVADO (EM CAÇAMBA)"},"ED-51139","SETOP",{"$f":"IF(E62=\"SINAPI\",VLOOKUP($D62,SINAPI,3,0),IF(E62=\"SETOP\",VLOOKUP($D62,SETOP,4,0),IF(E62=\"CPU\",VLOOKUP($D62,COMPOSIÇÃO,5,0),IF(E62=\"COTAÇÃO\",VLOOKUP($D62,COTAÇÃO,8,0),VLOOKUP(#REF!,DIVERSAS,3,0)))))","v":"M"},{"$f":"D63","v":23.4},{"$f":"IF(E62=\"SINAPI\",VLOOKUP($D62,SINAPI,4,0),IF(E62=\"SETOP\",VLOOKUP($D62,SETOP,5,0),IF(E62=\"CPU\",VLOOKUP($D62,COMPOSIÇÃO,8,0),IF(E62=\"COTAÇÃO\",VLOOKUP($D62,COTAÇÃO,11,0),VLOOKUP(#REF!,DIVERSAS,4,0)))))","v":41.72},{"$f":"ROUND(H62*(1+$J$11),2)","v":51.83},{"$f":"ROUND(G62*H62,2)","v":976.25},{"$f":"ROUND(I62*G62,2)","v":1212.82}]
[{"$f":"2000","v":2000},null,"COMPRIMENTO",23.4,"m"]
[{"$f":"LEFT(B64)","v":"3"},"3.1.4",{"$f":"IF($E64=\"SINAPI\",VLOOKUP($D64,SINAPI,2,0),IF(E64=\"SETOP\",VLOOKUP($D64,SETOP,3,0),IF(E64=\"CPU\",VLOOKUP($D64,COMPOSIÇÃO,2,0),IF(E64=\"COTAÇÃO\",VLOOKUP($D64,COTAÇÃO,3,0),VLOOKUP(#REF!,DIVERSAS,2,0)))))","v":"REMOÇÃO DO ALAMBRADO, INCLUSIVE MOURÃO E MURETA"},"DAC-3.1","CPU",{"$f":"IF(E64=\"SINAPI\",VLOOKUP($D64,SINAPI,3,0),IF(E64=\"SETOP\",VLOOKUP($D64,SETOP,4,0),IF(E64=\"CPU\",VLOOKUP($D64,COMPOSIÇÃO,5,0),IF(E64=\"COTAÇÃO\",VLOOKUP($D64,COTAÇÃO,8,0),VLOOKUP(#REF!,DIVERSAS,3,0)))))","v":"M"},{"$f":"D65","v":15.9},{"$f":"IF(E64=\"SINAPI\",VLOOKUP($D64,SINAPI,4,0),IF(E64=\"SETOP\",VLOOKUP($D64,SETOP,5,0),IF(E64=\"CPU\",VLOOKUP($D64,COMPOSIÇÃO,8,0),IF(E64=\"COTAÇÃO\",VLOOKUP($D64,COTAÇÃO,11,0),VLOOKUP(#REF!,DIVERSAS,4,0)))))","v":15.9635},{"$f":"ROUND(H64*(1+$J$11),2)","v":19.829999999999998},{"$f":"ROUND(G64*H64,2)","v":253.82},{"$f":"ROUND(I64*G64,2)","v":315.3}]
[{"$f":"2000","v":2000},null,"COMPRIMENTO TOTAL",15.9,"M"]
[{"$f":"LEFT(B66)","v":"3"},"3.1.5",{"$f":"IF($E66=\"SINAPI\",VLOOKUP($D66,SINAPI,2,0),IF(E66=\"SETOP\",VLOOKUP($D66,SETOP,3,0),IF(E66=\"CPU\",VLOOKUP($D66,COMPOSIÇÃO,2,0),IF(E66=\"COTAÇÃO\",VLOOKUP($D66,COTAÇÃO,3,0),VLOOKUP(#REF!,DIVERSAS,2,0)))))","v":"CERCA DE MOURÃO H = 2,80 M - MOURÃO PRÉ-FABRICADO DE CONCRETO PONTA VIRADA A CADA 2,50 M, 3 FIOS DE ARAME FARPADO E TELA GALVANIZADA # 2\" FIO 12, INCLUSIVE FUNDAÇÃO"},"ED-48386","SETOP",{"$f":"IF(E66=\"SINAPI\",VLOOKUP($D66,SINAPI,3,0),IF(E66=\"SETOP\",VLOOKUP($D66,SETOP,4,0),IF(E66=\"CPU\",VLOOKUP($D66,COMPOSIÇÃO,5,0),IF(E66=\"COTAÇÃO\",VLOOKUP($D66,COTAÇÃO,8,0),VLOOKUP(#REF!,DIVERSAS,3,0)))))","v":"M"},{"$f":"D67","v":15.9},{"$f":"IF(E66=\"SINAPI\",VLOOKUP($D66,SINAPI,4,0),IF(E66=\"SETOP\",VLOOKUP($D66,SETOP,5,0),IF(E66=\"CPU\",VLOOKUP($D66,COMPOSIÇÃO,8,0),IF(E66=\"COTAÇÃO\",VLOOKUP($D66,COTAÇÃO,11,0),VLOOKUP(#REF!,DIVERSAS,4,0)))))","v":260.27},{"$f":"ROUND(H66*(1+$J$11),2)","v":323.33},{"$f":"ROUND(G66*H66,2)","v":4138.29},{"$f":"ROUND(I66*G66,2)","v":5140.95}]
[{"$f":"2000","v":2000},null,"COMPRIMENTO TOTAL",15.9,"M"]
[null,"3.2","ESCAVAÇÃO DE VALA "]
[{"$f":"LEFT(B69)","v":"3"},"3.2.1",{"$f":"IF($E69=\"SINAPI\",VLOOKUP($D69,SINAPI,2,0),IF(E69=\"SETOP\",VLOOKUP($D69,SETOP,3,0),IF(E69=\"CPU\",VLOOKUP($D69,COMPOSIÇÃO,2,0),IF(E69=\"COTAÇÃO\",VLOOKUP($D69,COTAÇÃO,3,0),VLOOKUP(#REF!,DIVERSAS,2,0)))))","v":"DEMOLIÇÃO DE PASSEIO OU LAJE DE CONCRETO COM EQUIPAMENTO PNEUMÁTICO, INCLUSIVE AFASTAMENTO"},"ED-48486","SETOP",{"$f":"IF(E69=\"SINAPI\",VLOOKUP($D69,SINAPI,3,0),IF(E69=\"SETOP\",VLOOKUP($D69,SETOP,4,0),IF(E69=\"CPU\",VLOOKUP($D69,COMPOSIÇÃO,5,0),IF(E69=\"COTAÇÃO\",VLOOKUP($D69,COTAÇÃO,8,0),VLOOKUP(#REF!,DIVERSAS,3,0)))))","v":"M2"},{"$f":"ROUND(D72,2)","v":50.4},{"$f":"IF(E69=\"SINAPI\",VLOOKUP($D69,SINAPI,4,0),IF(E69=\"SETOP\",VLOOKUP($D69,SETOP,5,0),IF(E69=\"CPU\",VLOOKUP($D69,COMPOSIÇÃO,8,0),IF(E69=\"COTAÇÃO\",VLOOKUP($D69,COTAÇÃO,11,0),VLOOKUP(#REF!,DIVERSAS,4,0)))))","v":7.18},{"$f":"ROUND(H69*(1+$J$11),2)","v":8.92},{"$f":"ROUND(G69*H69,2)","v":361.87},{"$f":"ROUND(I69*G69,2)","v":449.57}]
[{"$f":"2000","v":2000},null,"COMPRIMENTO TOTAL DA REDE",84,"M"]
[{"$f":"2000","v":2000},null,"LARGURA DA VALA",0.6,"M"]
[{"$f":"2000","v":2000},null,"VOLUME DE DEMOLIÇÃO",{"$f":"D71*D70","v":50.4},"M2"]
[{"$f":"LEFT(B73)","v":"3"},"3.2.2",{"$f":"IF($E73=\"SINAPI\",VLOOKUP($D73,SINAPI,2,0),IF(E73=\"SETOP\",VLOOKUP($D73,SETOP,3,0),IF(E73=\"CPU\",VLOOKUP($D73,COMPOSIÇÃO,2,0),IF(E73=\"COTAÇÃO\",VLOOKUP($D73,COTAÇÃO,3,0),VLOOKUP(#REF!,DIVERSAS,2,0)))))","v":"ESCAVAÇÃO E CARGA MECANIZADA EM MATERIAL DE 1ª CATEGORIA"},"ED-51105","SETOP",{"$f":"IF(E73=\"SINAPI\",VLOOKUP($D73,SINAPI,3,0),IF(E73=\"SETOP\",VLOOKUP($D73,SETOP,4,0),IF(E73=\"CPU\",VLOOKUP($D73,COMPOSIÇÃO,5,0),IF(E73=\"COTAÇÃO\",VLOOKUP($D73,COTAÇÃO,8,0),VLOOKUP(#REF!,DIVERSAS,3,0)))))","v":"M3"},{"$f":"ROUND(D77,2)","v":68.040000000000006},{"$f":"IF(E73=\"SINAPI\",VLOOKUP($D73,SINAPI,4,0),IF(E73=\"SETOP\",VLOOKUP($D73,SETOP,5,0),IF(E73=\"CPU\",VLOOKUP($D73,COMPOSIÇÃO,8,0),IF(E73=\"COTAÇÃO\",VLOOKUP($D73,COTAÇÃO,11,0),VLOOKUP(#REF!,DIVERSAS,4,0)))))","v":3.3},{"$f":"ROUND(H73*(1+$J$11),2)","v":4.0999999999999996},{"$f":"ROUND(G73*H73,2)","v":224.53},{"$f":"ROUND(I73*G73,2)","v":278.95999999999998}]
[{"$f":"2000","v":2000},null,"COMPRIMENTO TOTAL DA REDE",84,"M"]
[{"$f":"2000","v":2000},null,"PROFUNDIDADE MÉDIA DA REDE",1.35,"M"]
[{"$f":"2000","v":2000},null,"LARGURA DA VALA",0.6,"M"]
[{"$f":"2000","v":2000},null,"VOLUME TOTAL DE ESCAVAÇÃO",{"$f":"D76*D75*D74","v":68.040000000000006},"M3"]
[null,"3.3","PREPARO DE VALA"]
[{"$f":"LEFT(B79)","v":"3"},"3.3.1",{"$f":"IF($E79=\"SINAPI\",VLOOKUP($D79,SINAPI,2,0),IF(E79=\"SETOP\",VLOOKUP($D79,SETOP,3,0),IF(E79=\"CPU\",VLOOKUP($D79,COMPOSIÇÃO,2,0),IF(E79=\"COTAÇÃO\",VLOOKUP($D79,COTAÇÃO,3,0),VLOOKUP(#REF!,DIVERSAS,2,0)))))","v":"LASTRO DE AREIA"},"ED-49814","SETOP",{"$f":"IF(E79=\"SINAPI\",VLOOKUP($D79,SINAPI,3,0),IF(E79=\"SETOP\",VLOOKUP($D79,SETOP,4,0),IF(E79=\"CPU\",VLOOKUP($D79,COMPOSIÇÃO,5,0),IF(E79=\"COTAÇÃO\",VLOOKUP($D79,COTAÇÃO,8,0),VLOOKUP(#REF!,DIVERSAS,3,0)))))","v":"M3"},{"$f":"D83","v":15.12},{"$f":"IF(E79=\"SINAPI\",VLOOKUP($D79,SINAPI,4,0),IF(E79=\"SETOP\",VLOOKUP($D79,SETOP,5,0),IF(E79=\"CPU\",VLOOKUP($D79,COMPOSIÇÃO,8,0),IF(E79=\"COTAÇÃO\",VLOOKUP($D79,COTAÇÃO,11,0),VLOOKUP(#REF!,DIVERSAS,4,0)))))","v":129.16},{"$f":"ROUND(H79*(1+$J$11),2)","v":160.46},{"$f":"ROUND(G79*H79,2)","v":1952.9},{"$f":"ROUND(I79*G79,2)","v":2426.16}]
[{"$f":"2000","v":2000},null,"COMPRIMENTO TOTAL DA REDE",84,"M"]
[{"$f":"2000","v":2000},null,"ESPESSURA DO LASTRO DE AREIA",0.3,"M"]
[{"$f":"2000","v":2000},null,"LARGURA DA VALA",0.6,"M"]
[{"$f":"2000","v":2000},null,"VOLUME TOTAL DE AREIA",{"$f":"D82*D81*D80","v":15.12},"M3"]
[{"$f":"LEFT(B84)","v":"3"},"3.3.2",{"$f":"IF($E84=\"SINAPI\",VLOOKUP($D84,SINAPI,2,0),IF(E84=\"SETOP\",VLOOKUP($D84,SETOP,3,0),IF(E84=\"CPU\",VLOOKUP($D84,COMPOSIÇÃO,2,0),IF(E84=\"COTAÇÃO\",VLOOKUP($D84,COTAÇÃO,3,0),VLOOKUP(#REF!,DIVERSAS,2,0)))))","v":"CARGA, MANOBRA E DESCARGA DE SOLOS E MATERIAIS GRANULARES EM CAMINHÃO BASCULANTE 18 M³ - CARGA COM PÁ CARREGADEIRA (CAÇAMBA DE 1,7 A 2,8 M³ / 128 HP) E DESCARGA LIVRE (UNIDADE: M3). AF_07/2020"},100976,"SINAPI",{"$f":"IF(E84=\"SINAPI\",VLOOKUP($D84,SINAPI,3,0),IF(E84=\"SETOP\",VLOOKUP($D84,SETOP,4,0),IF(E84=\"CPU\",VLOOKUP($D84,COMPOSIÇÃO,5,0),IF(E84=\"COTAÇÃO\",VLOOKUP($D84,COTAÇÃO,8,0),VLOOKUP(#REF!,DIVERSAS,3,0)))))","v":"M3"},{"$f":"ROUND(D85,2)","v":65.52},{"$f":"IF(E84=\"SINAPI\",VLOOKUP($D84,SINAPI,4,0),IF(E84=\"SETOP\",VLOOKUP($D84,SETOP,5,0),IF(E84=\"CPU\",VLOOKUP($D84,COMPOSIÇÃO,8,0),IF(E84=\"COTAÇÃO\",VLOOKUP($D84,COTAÇÃO,11,0),VLOOKUP(#REF!,DIVERSAS,4,0)))))","v":5.94},{"$f":"ROUND(H84*(1+$J$11),2)","v":7.38},{"$f":"ROUND(G84*H84,2)","v":389.19},{"$f":"ROUND(I84*G84,2)","v":483.54}]
[{"$f":"2000","v":2000},null,"VOLUME DE MATERIAL",{"$f":"D83+D72","v":65.52},"M3"]
[{"$f":"LEFT(B86)","v":"3"},"3.3.3",{"$f":"IF($E86=\"SINAPI\",VLOOKUP($D86,SINAPI,2,0),IF(E86=\"SETOP\",VLOOKUP($D86,SETOP,3,0),IF(E86=\"CPU\",VLOOKUP($D86,COMPOSIÇÃO,2,0),IF(E86=\"COTAÇÃO\",VLOOKUP($D86,COTAÇÃO,3,0),VLOOKUP(#REF!,DIVERSAS,2,0)))))","v":"TRANSPORTE COM CAMINHÃO BASCULANTE DE 6 M³, EM VIA URBANA PAVIMENTADA, DMT ATÉ 30 KM (UNIDADE: M3XKM). AF_07/2020"},97914,"SINAPI",{"$f":"IF(E86=\"SINAPI\",VLOOKUP($D86,SINAPI,3,0),IF(E86=\"SETOP\",VLOOKUP($D86,SETOP,4,0),IF(E86=\"CPU\",VLOOKUP($D86,COMPOSIÇÃO,5,0),IF(E86=\"COTAÇÃO\",VLOOKUP($D86,COTAÇÃO,8,0),VLOOKUP(#REF!,DIVERSAS,3,0)))))","v":"M3XKM"},{"$f":"ROUND(D89,2)","v":1559.38},{"$f":"IF(E86=\"SINAPI\",VLOOKUP($D86,SINAPI,4,0),IF(E86=\"SETOP\",VLOOKUP($D86,SETOP,5,0),IF(E86=\"CPU\",VLOOKUP($D86,COMPOSIÇÃO,8,0),IF(E86=\"COTAÇÃO\",VLOOKUP($D86,COTAÇÃO,11,0),VLOOKUP(#REF!,DIVERSAS,4,0)))))","v":1.95},{"$f":"ROUND(H86*(1+$J$11),2)","v":2.42},{"$f":"ROUND(G86*H86,2)","v":3040.79},{"$f":"ROUND(I86*G86,2)","v":3773.7}]
[{"$f":"2000","v":2000},null,"VOLUME DE MATERIAL",{"$f":"D85","v":65.52},"M3"]
[{"$f":"2000","v":2000},null,"DISTÂNCIA DE TRANSPORTE",23.8,"KM"]
[{"$f":"2000","v":2000},null,"VOLUME X DISTÂNCIA DE TRANSPORTE",{"$f":"D87*D88","v":1559.376},"M3XKM"]
[{"$f":"LEFT(B90)","v":"3"},"3.3.4",{"$f":"IF($E90=\"SINAPI\",VLOOKUP($D90,SINAPI,2,0),IF(E90=\"SETOP\",VLOOKUP($D90,SETOP,3,0),IF(E90=\"CPU\",VLOOKUP($D90,COMPOSIÇÃO,2,0),IF(E90=\"COTAÇÃO\",VLOOKUP($D90,COTAÇÃO,3,0),VLOOKUP(#REF!,DIVERSAS,2,0)))))","v":"LASTRO DE BRITA 2 OU 3 APILOADO MANUALMENTE"},"ED-49813","SETOP",{"$f":"IF(E90=\"SINAPI\",VLOOKUP($D90,SINAPI,3,0),IF(E90=\"SETOP\",VLOOKUP($D90,SETOP,4,0),IF(E90=\"CPU\",VLOOKUP($D90,COMPOSIÇÃO,5,0),IF(E90=\"COTAÇÃO\",VLOOKUP($D90,COTAÇÃO,8,0),VLOOKUP(#REF!,DIVERSAS,3,0)))))","v":"M3"},{"$f":"D94","v":5.04},{"$f":"IF(E90=\"SINAPI\",VLOOKUP($D90,SINAPI,4,0),IF(E90=\"SETOP\",VLOOKUP($D90,SETOP,5,0),IF(E90=\"CPU\",VLOOKUP($D90,COMPOSIÇÃO,8,0),IF(E90=\"COTAÇÃO\",VLOOKUP($D90,COTAÇÃO,11,0),VLOOKUP(#REF!,DIVERSAS,4,0)))))","v":119.82},{"$f":"ROUND(H90*(1+$J$11),2)","v":148.85},{"$f":"ROUND(G90*H90,2)","v":603.89},{"$f":"ROUND(I90*G90,2)","v":750.2}]
[{"$f":"2000","v":2000},null,"COMPRIMENTO TOTAL DA REDE",84,"M"]
[{"$f":"2000","v":2000},null,"ESPESSURA DO LASTRO DE BRITA",0.1,"M"]
[{"$f":"2000","v":2000},null,"LARGURA DA VALA",0.6,"M"]
[{"$f":"2000","v":2000},null,"VOLUME TOTAL DE BRITA",{"$f":"D93*D92*D91","v":5.04},"M3"]
[{"$f":"LEFT(B95)","v":"3"},"3.3.5",{"$f":"IF($E95=\"SINAPI\",VLOOKUP($D95,SINAPI,2,0),IF(E95=\"SETOP\",VLOOKUP($D95,SETOP,3,0),IF(E95=\"CPU\",VLOOKUP($D95,COMPOSIÇÃO,2,0),IF(E95=\"COTAÇÃO\",VLOOKUP($D95,COTAÇÃO,3,0),VLOOKUP(#REF!,DIVERSAS,2,0)))))","v":"CARGA, MANOBRA E DESCARGA DE SOLOS E MATERIAIS GRANULARES EM CAMINHÃO BASCULANTE 18 M³ - CARGA COM PÁ CARREGADEIRA (CAÇAMBA DE 1,7 A 2,8 M³ / 128 HP) E DESCARGA LIVRE (UNIDADE: M3). AF_07/2020"},100976,"SINAPI",{"$f":"IF(E95=\"SINAPI\",VLOOKUP($D95,SINAPI,3,0),IF(E95=\"SETOP\",VLOOKUP($D95,SETOP,4,0),IF(E95=\"CPU\",VLOOKUP($D95,COMPOSIÇÃO,5,0),IF(E95=\"COTAÇÃO\",VLOOKUP($D95,COTAÇÃO,8,0),VLOOKUP(#REF!,DIVERSAS,3,0)))))","v":"M3"},{"$f":"ROUND(D96,2)","v":20.16},{"$f":"IF(E95=\"SINAPI\",VLOOKUP($D95,SINAPI,4,0),IF(E95=\"SETOP\",VLOOKUP($D95,SETOP,5,0),IF(E95=\"CPU\",VLOOKUP($D95,COMPOSIÇÃO,8,0),IF(E95=\"COTAÇÃO\",VLOOKUP($D95,COTAÇÃO,11,0),VLOOKUP(#REF!,DIVERSAS,4,0)))))","v":5.94},{"$f":"ROUND(H95*(1+$J$11),2)","v":7.38},{"$f":"ROUND(G95*H95,2)","v":119.75},{"$f":"ROUND(I95*G95,2)","v":148.78}]
[{"$f":"2000","v":2000},null,"VOLUME DE MATERIAL",{"$f":"D94+D83","v":20.16},"M3"]
[{"$f":"LEFT(B97)","v":"3"},"3.3.6",{"$f":"IF($E97=\"SINAPI\",VLOOKUP($D97,SINAPI,2,0),IF(E97=\"SETOP\",VLOOKUP($D97,SETOP,3,0),IF(E97=\"CPU\",VLOOKUP($D97,COMPOSIÇÃO,2,0),IF(E97=\"COTAÇÃO\",VLOOKUP($D97,COTAÇÃO,3,0),VLOOKUP(#REF!,DIVERSAS,2,0)))))","v":"TRANSPORTE COM CAMINHÃO BASCULANTE DE 6 M³, EM VIA URBANA PAVIMENTADA, DMT ATÉ 30 KM (UNIDADE: M3XKM). AF_07/2020"},97914,"SINAPI",{"$f":"IF(E97=\"SINAPI\",VLOOKUP($D97,SINAPI,3,0),IF(E97=\"SETOP\",VLOOKUP($D97,SETOP,4,0),IF(E97=\"CPU\",VLOOKUP($D97,COMPOSIÇÃO,5,0),IF(E97=\"COTAÇÃO\",VLOOKUP($D97,COTAÇÃO,8,0),VLOOKUP(#REF!,DIVERSAS,3,0)))))","v":"M3XKM"},{"$f":"ROUND(D100,2)","v":479.81},{"$f":"IF(E97=\"SINAPI\",VLOOKUP($D97,SINAPI,4,0),IF(E97=\"SETOP\",VLOOKUP($D97,SETOP,5,0),IF(E97=\"CPU\",VLOOKUP($D97,COMPOSIÇÃO,8,0),IF(E97=\"COTAÇÃO\",VLOOKUP($D97,COTAÇÃO,11,0),VLOOKUP(#REF!,DIVERSAS,4,0)))))","v":1.95},{"$f":"ROUND(H97*(1+$J$11),2)","v":2.42},{"$f":"ROUND(G97*H97,2)","v":935.63},{"$f":"ROUND(I97*G97,2)","v":1161.1400000000001}]
[{"$f":"2000","v":2000},null,"VOLUME DE MATERIAL",{"$f":"D96","v":20.16},"M3"]
[{"$f":"2000","v":2000},null,"DISTÂNCIA DE TRANSPORTE",23.8,"KM"]
[{"$f":"2000","v":2000},null,"VOLUME X DISTÂNCIA DE TRANSPORTE",{"$f":"D98*D99","v":479.80799999999999},"M3XKM"]
[null,"3.4","REATERRO DE VALA E EXECUÇÃO DO PASSEIO"]
[{"$f":"LEFT(B102)","v":"3"},"3.4.1",{"$f":"IF($E102=\"SINAPI\",VLOOKUP($D102,SINAPI,2,0),IF(E102=\"SETOP\",VLOOKUP($D102,SETOP,3,0),IF(E102=\"CPU\",VLOOKUP($D102,COMPOSIÇÃO,2,0),IF(E102=\"COTAÇÃO\",VLOOKUP($D102,COTAÇÃO,3,0),VLOOKUP(#REF!,DIVERSAS,2,0)))))","v":"REATERRO COMPACTADO DE VALA COM EQUIPAMENTO PLACA VIBRATÓRIA"},"ED-51121","SETOP",{"$f":"IF(E102=\"SINAPI\",VLOOKUP($D102,SINAPI,3,0),IF(E102=\"SETOP\",VLOOKUP($D102,SETOP,4,0),IF(E102=\"CPU\",VLOOKUP($D102,COMPOSIÇÃO,5,0),IF(E102=\"COTAÇÃO\",VLOOKUP($D102,COTAÇÃO,8,0),VLOOKUP(#REF!,DIVERSAS,3,0)))))","v":"M3"},{"$f":"ROUND(D107,2)","v":43.85},{"$f":"IF(E102=\"SINAPI\",VLOOKUP($D102,SINAPI,4,0),IF(E102=\"SETOP\",VLOOKUP($D102,SETOP,5,0),IF(E102=\"CPU\",VLOOKUP($D102,COMPOSIÇÃO,8,0),IF(E102=\"COTAÇÃO\",VLOOKUP($D102,COTAÇÃO,11,0),VLOOKUP(#REF!,DIVERSAS,4,0)))))","v":30.06},{"$f":"ROUND(H102*(1+$J$11),2)","v":37.340000000000003},{"$f":"ROUND(G102*H102,2)","v":1318.13},{"$f":"ROUND(I102*G102,2)","v":1637.36}]
[{"$f":"2000","v":2000},null,"VOLUME ESCAVADO",{"$f":"D77","v":68.040000000000006},"M3"]
[{"$f":"2000","v":2000},null,"VOLUME LASTRO DE AREIA",{"$f":"D74*0.3*D76","v":15.12},"M3"]
[{"$f":"2000","v":2000},null,"VOLUME LASTRO DE BRITA",{"$f":"D74*0.1*D76","v":5.04},"M3"]
[{"$f":"2000","v":2000},null,"VOLUME CAMADA DE CONCRETO",{"$f":"D76*D74*0.08","v":4.032},"M3"]
[{"$f":"2000","v":2000},null,"VOLUME DE REATERRO",{"$f":"D103-D106-D104-D105","v":43.848000000000013},"M3"]
[{"$f":"LEFT(B108)","v":"3"},"3.4.2",{"$f":"IF($E108=\"SINAPI\",VLOOKUP($D108,SINAPI,2,0),IF(E108=\"SETOP\",VLOOKUP($D108,SETOP,3,0),IF(E108=\"CPU\",VLOOKUP($D108,COMPOSIÇÃO,2,0),IF(E108=\"COTAÇÃO\",VLOOKUP($D108,COTAÇÃO,3,0),VLOOKUP(#REF!,DIVERSAS,2,0)))))","v":"EXECUÇÃO DE PASSEIO (CALÇADA) OU PISO DE CONCRETO COM CONCRETO MOLDADO IN LOCO, FEITO EM OBRA, ACABAMENTO CONVENCIONAL, ESPESSURA 8 CM, ARMADO. AF_07/2016"},94994,"SINAPI",{"$f":"IF(E108=\"SINAPI\",VLOOKUP($D108,SINAPI,3,0),IF(E108=\"SETOP\",VLOOKUP($D108,SETOP,4,0),IF(E108=\"CPU\",VLOOKUP($D108,COMPOSIÇÃO,5,0),IF(E108=\"COTAÇÃO\",VLOOKUP($D108,COTAÇÃO,8,0),VLOOKUP(#REF!,DIVERSAS,3,0)))))","v":"M2"},{"$f":"ROUND(D111,2)","v":50.4},{"$f":"IF(E108=\"SINAPI\",VLOOKUP($D108,SINAPI,4,0),IF(E108=\"SETOP\",VLOOKUP($D108,SETOP,5,0),IF(E108=\"CPU\",VLOOKUP($D108,COMPOSIÇÃO,8,0),IF(E108=\"COTAÇÃO\",VLOOKUP($D108,COTAÇÃO,11,0),VLOOKUP(#REF!,DIVERSAS,4,0)))))","v":112.57},{"$f":"ROUND(H108*(1+$J$11),2)","v":139.85},{"$f":"ROUND(G108*H108,2)","v":5673.53},{"$f":"ROUND(I108*G108,2)","v":7048.44}]
[{"$f":"2000","v":2000},null,"COMPRIMENTO TOTAL DA REDE",84,"M"]
[{"$f":"2000","v":2000},null,"LARGURA DA VALA",0.6,"M"]
[{"$f":"2000","v":2000},null,"ÁREA TOTAL",{"$f":"D109*D110","v":50.4},"M2"]
[{"$f":"LEFT(B112)","v":"3"},"3.4.3",{"$f":"IF($E112=\"SINAPI\",VLOOKUP($D112,SINAPI,2,0),IF(E112=\"SETOP\",VLOOKUP($D112,SETOP,3,0),IF(E112=\"CPU\",VLOOKUP($D112,COMPOSIÇÃO,2,0),IF(E112=\"COTAÇÃO\",VLOOKUP($D112,COTAÇÃO,3,0),VLOOKUP(#REF!,DIVERSAS,2,0)))))","v":"CARGA, MANOBRA E DESCARGA DE ENTULHO EM CAMINHÃO BASCULANTE 6 M³ - CARGA COM ESCAVADEIRA HIDRÁULICA  (CAÇAMBA DE 0,80 M³ / 111 HP) E DESCARGA LIVRE (UNIDADE: M3). AF_07/2020"},100981,"SINAPI",{"$f":"IF(E112=\"SINAPI\",VLOOKUP($D112,SINAPI,3,0),IF(E112=\"SETOP\",VLOOKUP($D112,SETOP,4,0),IF(E112=\"CPU\",VLOOKUP($D112,COMPOSIÇÃO,5,0),IF(E112=\"COTAÇÃO\",VLOOKUP($D112,COTAÇÃO,8,0),VLOOKUP(#REF!,DIVERSAS,3,0)))))","v":"M3"},{"$f":"ROUND(D115,2)","v":24.19},{"$f":"IF(E112=\"SINAPI\",VLOOKUP($D112,SINAPI,4,0),IF(E112=\"SETOP\",VLOOKUP($D112,SETOP,5,0),IF(E112=\"CPU\",VLOOKUP($D112,COMPOSIÇÃO,8,0),IF(E112=\"COTAÇÃO\",VLOOKUP($D112,COTAÇÃO,11,0),VLOOKUP(#REF!,DIVERSAS,4,0)))))","v":6.26},{"$f":"ROUND(H112*(1+$J$11),2)","v":7.78},{"$f":"ROUND(G112*H112,2)","v":151.43},{"$f":"ROUND(I112*G112,2)","v":188.2}]
[{"$f":"2000","v":2000},null,"VOLUME DE ESCAVAÇÃO",{"$f":"D77","v":68.040000000000006},"M3"]
[{"$f":"2000","v":2000},null,"VOLUME DE REATERRO",{"$f":"D107","v":43.848000000000013},"M3"]
[{"$f":"2000","v":2000},null,"VOLUME DE BOTA FORA",{"$f":"D113-D114","v":24.191999999999993},"M3"]
[{"$f":"LEFT(B116)","v":"3"},"3.4.4",{"$f":"IF($E116=\"SINAPI\",VLOOKUP($D116,SINAPI,2,0),IF(E116=\"SETOP\",VLOOKUP($D116,SETOP,3,0),IF(E116=\"CPU\",VLOOKUP($D116,COMPOSIÇÃO,2,0),IF(E116=\"COTAÇÃO\",VLOOKUP($D116,COTAÇÃO,3,0),VLOOKUP(#REF!,DIVERSAS,2,0)))))","v":"TRANSPORTE COM CAMINHÃO BASCULANTE DE 6 M³, EM VIA URBANA PAVIMENTADA, DMT ATÉ 30 KM (UNIDADE: M3XKM). AF_07/2020"},97914,"SINAPI",{"$f":"IF(E116=\"SINAPI\",VLOOKUP($D116,SINAPI,3,0),IF(E116=\"SETOP\",VLOOKUP($D116,SETOP,4,0),IF(E116=\"CPU\",VLOOKUP($D116,COMPOSIÇÃO,5,0),IF(E116=\"COTAÇÃO\",VLOOKUP($D116,COTAÇÃO,8,0),VLOOKUP(#REF!,DIVERSAS,3,0)))))","v":"M3XKM"},{"$f":"ROUND(D119,2)","v":341.11},{"$f":"IF(E116=\"SINAPI\",VLOOKUP($D116,SINAPI,4,0),IF(E116=\"SETOP\",VLOOKUP($D116,SETOP,5,0),IF(E116=\"CPU\",VLOOKUP($D116,COMPOSIÇÃO,8,0),IF(E116=\"COTAÇÃO\",VLOOKUP($D116,COTAÇÃO,11,0),VLOOKUP(#REF!,DIVERSAS,4,0)))))","v":1.95},{"$f":"ROUND(H116*(1+$J$11),2)","v":2.42},{"$f":"ROUND(G116*H116,2)","v":665.16},{"$f":"ROUND(I116*G116,2)","v":825.49}]
[{"$f":"2000","v":2000},null,"VOLUME DE MATERIAL",{"$f":"D115","v":24.191999999999993},"M3"]
[{"$f":"2000","v":2000},null,"DISTÂNCIA DE TRANSPORTE",14.1,"KM"]
[{"$f":"2000","v":2000},null,"VOLUME X DISTÂNCIA DE TRANSPORTE",{"$f":"D117*D118","v":341.10719999999992},"M3XKM"]
[{"$f":"LEFT(B120)","v":"3"},"3.4.5",{"$f":"IF($E120=\"SINAPI\",VLOOKUP($D120,SINAPI,2,0),IF(E120=\"SETOP\",VLOOKUP($D120,SETOP,3,0),IF(E120=\"CPU\",VLOOKUP($D120,COMPOSIÇÃO,2,0),IF(E120=\"COTAÇÃO\",VLOOKUP($D120,COTAÇÃO,3,0),VLOOKUP(#REF!,DIVERSAS,2,0)))))","v":"ESPALHAMENTO DE MATERIAL EM BOTA-FORA"},"RO-42263","SETOP",{"$f":"IF(E120=\"SINAPI\",VLOOKUP($D120,SINAPI,3,0),IF(E120=\"SETOP\",VLOOKUP($D120,SETOP,4,0),IF(E120=\"CPU\",VLOOKUP($D120,COMPOSIÇÃO,5,0),IF(E120=\"COTAÇÃO\",VLOOKUP($D120,COTAÇÃO,8,0),VLOOKUP(#REF!,DIVERSAS,3,0)))))","v":"M3"},{"$f":"ROUND(D121,2)","v":24.19},{"$f":"IF(E120=\"SINAPI\",VLOOKUP($D120,SINAPI,4,0),IF(E120=\"SETOP\",VLOOKUP($D120,SETOP,5,0),IF(E120=\"CPU\",VLOOKUP($D120,COMPOSIÇÃO,8,0),IF(E120=\"COTAÇÃO\",VLOOKUP($D120,COTAÇÃO,11,0),VLOOKUP(#REF!,DIVERSAS,4,0)))))","v":0.18},{"$f":"ROUND(H120*(1+$J$11),2)","v":0.22},{"$f":"ROUND(G120*H120,2)","v":4.3499999999999996},{"$f":"ROUND(I120*G120,2)","v":5.32}]
[{"$f":"2000","v":2000},null,"VOLUME DE CARGA",{"$f":"D117","v":24.191999999999993},"M3"]
[1000,4,"SISTEMA DE CAPTAÇÃO DE ÁGUA",null,null,null,null,null,null,{"$f":"SUMIF(A:A,B122,J:J)","v":4838.380000000001},{"$f":"SUMIF(A:A,B122,K:K)","v":6199.56}]
[null,"4.1","TUBULAÇÃO"]
[{"$f":"LEFT(B124)","v":"4"},"4.1.1",{"$f":"IF($E124=\"SINAPI\",VLOOKUP($D124,SINAPI,2,0),IF(E124=\"SETOP\",VLOOKUP($D124,SETOP,3,0),IF(E124=\"CPU\",VLOOKUP($D124,COMPOSIÇÃO,2,0),IF(E124=\"COTAÇÃO\",VLOOKUP($D124,COTAÇÃO,3,0),VLOOKUP(#REF!,DIVERSAS,2,0)))))","v":"TUBO PVC PBA JEI, CLASSE 12, DN 50 MM, PARA REDE DE AGUA (NBR 5647)"},36084,"SINAPI",{"$f":"IF(E124=\"SINAPI\",VLOOKUP($D124,SINAPI,3,0),IF(E124=\"SETOP\",VLOOKUP($D124,SETOP,4,0),IF(E124=\"CPU\",VLOOKUP($D124,COMPOSIÇÃO,5,0),IF(E124=\"COTAÇÃO\",VLOOKUP($D124,COTAÇÃO,8,0),VLOOKUP(#REF!,DIVERSAS,3,0)))))","v":"M     "},{"$f":"D125","v":225.3},{"$f":"IF(E124=\"SINAPI\",VLOOKUP($D124,SINAPI,4,0),IF(E124=\"SETOP\",VLOOKUP($D124,SETOP,5,0),IF(E124=\"CPU\",VLOOKUP($D124,COMPOSIÇÃO,8,0),IF(E124=\"COTAÇÃO\",VLOOKUP($D124,COTAÇÃO,11,0),VLOOKUP(#REF!,DIVERSAS,4,0)))))","v":19.239999999999998},{"$f":"ROUND(H124*(1+$J$11),2)","v":23.9},{"$f":"ROUND(G124*H124,2)","v":4334.7700000000004},{"$f":"ROUND(I124*G124,2)","v":5384.67}]
[{"$f":"2000","v":2000},null,"COMPRIMENTO TOTAL  DA REDE",225.3,"M"]
[{"$f":"LEFT(B126)","v":"4"},"4.1.2",{"$f":"IF($E126=\"SINAPI\",VLOOKUP($D126,SINAPI,2,0),IF(E126=\"SETOP\",VLOOKUP($D126,SETOP,3,0),IF(E126=\"CPU\",VLOOKUP($D126,COMPOSIÇÃO,2,0),IF(E126=\"COTAÇÃO\",VLOOKUP($D126,COTAÇÃO,3,0),VLOOKUP(#REF!,DIVERSAS,2,0)))))","v":"ASSENTAMENTO DE TUBO DE PVC PBA PARA REDE DE ÁGUA, DN 50 MM, JUNTA ELÁSTICA INTEGRADA, INSTALADO EM LOCAL COM NÍVEL BAIXO DE INTERFERÊNCIAS (NÃO INCLUI FORNECIMENTO). AF_11/2017"},97124,"SINAPI",{"$f":"IF(E126=\"SINAPI\",VLOOKUP($D126,SINAPI,3,0),IF(E126=\"SETOP\",VLOOKUP($D126,SETOP,4,0),IF(E126=\"CPU\",VLOOKUP($D126,COMPOSIÇÃO,5,0),IF(E126=\"COTAÇÃO\",VLOOKUP($D126,COTAÇÃO,8,0),VLOOKUP(#REF!,DIVERSAS,3,0)))))","v":"M"},{"$f":"D127","v":225.3},{"$f":"IF(E126=\"SINAPI\",VLOOKUP($D126,SINAPI,4,0),IF(E126=\"SETOP\",VLOOKUP($D126,SETOP,5,0),IF(E126=\"CPU\",VLOOKUP($D126,COMPOSIÇÃO,8,0),IF(E126=\"COTAÇÃO\",VLOOKUP($D126,COTAÇÃO,11,0),VLOOKUP(#REF!,DIVERSAS,4,0)))))","v":0.68},{"$f":"ROUND(H126*(1+$J$11),2)","v":0.84},"S",{"$f":"ROUND(I126*G126,2)","v":189.25}]
[{"$f":"2000","v":2000},null,"COMPRIMENTO TOTAL  DA REDE",{"$f":"D125","v":225.3},"M"]
[{"$f":"LEFT(B128)","v":"4"},"4.1.3",{"$f":"IF($E128=\"SINAPI\",VLOOKUP($D128,SINAPI,2,0),IF(E128=\"SETOP\",VLOOKUP($D128,SETOP,3,0),IF(E128=\"CPU\",VLOOKUP($D128,COMPOSIÇÃO,2,0),IF(E128=\"COTAÇÃO\",VLOOKUP($D128,COTAÇÃO,3,0),VLOOKUP(#REF!,DIVERSAS,2,0)))))","v":"CURVA PVC PBA, JE, PB, 90 GRAUS, DN 50 / DE 60 MM, PARA REDE AGUA (NBR 10351)"},"DAC-4.2","CPU",{"$f":"IF(E128=\"SINAPI\",VLOOKUP($D128,SINAPI,3,0),IF(E128=\"SETOP\",VLOOKUP($D128,SETOP,4,0),IF(E128=\"CPU\",VLOOKUP($D128,COMPOSIÇÃO,5,0),IF(E128=\"COTAÇÃO\",VLOOKUP($D128,COTAÇÃO,8,0),VLOOKUP(#REF!,DIVERSAS,3,0)))))","v":"UN "},{"$f":"D129","v":7},{"$f":"IF(E128=\"SINAPI\",VLOOKUP($D128,SINAPI,4,0),IF(E128=\"SETOP\",VLOOKUP($D128,SETOP,5,0),IF(E128=\"CPU\",VLOOKUP($D128,COMPOSIÇÃO,8,0),IF(E128=\"COTAÇÃO\",VLOOKUP($D128,COTAÇÃO,11,0),VLOOKUP(#REF!,DIVERSAS,4,0)))))","v":45.359279999999998},{"$f":"ROUND(H128*(1+$J$11),2)","v":56.35},{"$f":"ROUND(G128*H128,2)","v":317.51},{"$f":"ROUND(I128*G128,2)","v":394.45}]
[{"$f":"2000","v":2000},null,"QUANTIDADE",7,"U"]
[null,"4.2","LIGAÇÃO À REDE EXISTENTE"]
[{"$f":"LEFT(B131)","v":"4"},"4.2.1",{"$f":"IF($E131=\"SINAPI\",VLOOKUP($D131,SINAPI,2,0),IF(E131=\"SETOP\",VLOOKUP($D131,SETOP,3,0),IF(E131=\"CPU\",VLOOKUP($D131,COMPOSIÇÃO,2,0),IF(E131=\"COTAÇÃO\",VLOOKUP($D131,COTAÇÃO,3,0),VLOOKUP(#REF!,DIVERSAS,2,0)))))","v":"REGISTRO DE GAVETA BRUTO, LATÃO, ROSCÁVEL, 2\u0094, INSTALADO EM RESERVAÇÃO DE ÁGUA DE EDIFICAÇÃO QUE POSSUA RESERVATÓRIO DE FIBRA/FIBROCIMENTO \u0096 FORNECIMENTO E INSTALAÇÃO. AF_06/2016"},94498,"SINAPI",{"$f":"IF(E131=\"SINAPI\",VLOOKUP($D131,SINAPI,3,0),IF(E131=\"SETOP\",VLOOKUP($D131,SETOP,4,0),IF(E131=\"CPU\",VLOOKUP($D131,COMPOSIÇÃO,5,0),IF(E131=\"COTAÇÃO\",VLOOKUP($D131,COTAÇÃO,8,0),VLOOKUP(#REF!,DIVERSAS,3,0)))))","v":"UN"},{"$f":"ROUND(D132,2)","v":1},{"$f":"IF(E131=\"SINAPI\",VLOOKUP($D131,SINAPI,4,0),IF(E131=\"SETOP\",VLOOKUP($D131,SETOP,5,0),IF(E131=\"CPU\",VLOOKUP($D131,COMPOSIÇÃO,8,0),IF(E131=\"COTAÇÃO\",VLOOKUP($D131,COTAÇÃO,11,0),VLOOKUP(#REF!,DIVERSAS,4,0)))))","v":144.01},{"$f":"ROUND(H131*(1+$J$11),2)","v":178.9},{"$f":"ROUND(G131*H131,2)","v":144.01},{"$f":"ROUND(I131*G131,2)","v":178.9}]
[{"$f":"2000","v":2000},null,"QUANTIDADE",1,"U"]
[{"$f":"LEFT(B133)","v":"4"},"4.2.2",{"$f":"IF($E133=\"SINAPI\",VLOOKUP($D133,SINAPI,2,0),IF(E133=\"SETOP\",VLOOKUP($D133,SETOP,3,0),IF(E133=\"CPU\",VLOOKUP($D133,COMPOSIÇÃO,2,0),IF(E133=\"COTAÇÃO\",VLOOKUP($D133,COTAÇÃO,3,0),VLOOKUP(#REF!,DIVERSAS,2,0)))))","v":"LUVA DE CORRER, PVC PBA, JE, DN 50 / DE 60 MM, PARA REDE AGUA (NBR 10351) - FORNECIMENTO E INSTALAÇÃO"},"DAC-4.1","CPU",{"$f":"IF(E133=\"SINAPI\",VLOOKUP($D133,SINAPI,3,0),IF(E133=\"SETOP\",VLOOKUP($D133,SETOP,4,0),IF(E133=\"CPU\",VLOOKUP($D133,COMPOSIÇÃO,5,0),IF(E133=\"COTAÇÃO\",VLOOKUP($D133,COTAÇÃO,8,0),VLOOKUP(#REF!,DIVERSAS,3,0)))))","v":"UN "},{"$f":"D134","v":1},{"$f":"IF(E133=\"SINAPI\",VLOOKUP($D133,SINAPI,4,0),IF(E133=\"SETOP\",VLOOKUP($D133,SETOP,5,0),IF(E133=\"CPU\",VLOOKUP($D133,COMPOSIÇÃO,8,0),IF(E133=\"COTAÇÃO\",VLOOKUP($D133,COTAÇÃO,11,0),VLOOKUP(#REF!,DIVERSAS,4,0)))))","v":19.739279999999997},{"$f":"ROUND(H133*(1+$J$11),2)","v":24.52},{"$f":"ROUND(G133*H133,2)","v":19.739999999999998},{"$f":"ROUND(I133*G133,2)","v":24.52}]
[{"$f":"2000","v":2000},null,"QUANTIDADE",1,"U"]
[{"$f":"LEFT(B135)","v":"4"},"4.2.3",{"$f":"IF($E135=\"SINAPI\",VLOOKUP($D135,SINAPI,2,0),IF(E135=\"SETOP\",VLOOKUP($D135,SETOP,3,0),IF(E135=\"CPU\",VLOOKUP($D135,COMPOSIÇÃO,2,0),IF(E135=\"COTAÇÃO\",VLOOKUP($D135,COTAÇÃO,3,0),VLOOKUP(#REF!,DIVERSAS,2,0)))))","v":"TÊ, PPR, DN 50 MM, CLASSE PN 25,  INSTALADO EM RESERVAÇÃO DE ÁGUA DE EDIFICAÇÃO QUE POSSUA RESERVATÓRIO DE FIBRA/FIBROCIMENTO \u0096 FORNECIMENTO E INSTALAÇÃO. AF_06/2016"},96760,"SINAPI",{"$f":"IF(E135=\"SINAPI\",VLOOKUP($D135,SINAPI,3,0),IF(E135=\"SETOP\",VLOOKUP($D135,SETOP,4,0),IF(E135=\"CPU\",VLOOKUP($D135,COMPOSIÇÃO,5,0),IF(E135=\"COTAÇÃO\",VLOOKUP($D135,COTAÇÃO,8,0),VLOOKUP(#REF!,DIVERSAS,3,0)))))","v":"UN"},{"$f":"D136","v":1},{"$f":"IF(E135=\"SINAPI\",VLOOKUP($D135,SINAPI,4,0),IF(E135=\"SETOP\",VLOOKUP($D135,SETOP,5,0),IF(E135=\"CPU\",VLOOKUP($D135,COMPOSIÇÃO,8,0),IF(E135=\"COTAÇÃO\",VLOOKUP($D135,COTAÇÃO,11,0),VLOOKUP(#REF!,DIVERSAS,4,0)))))","v":22.35},{"$f":"ROUND(H135*(1+$J$11),2)","v":27.77},{"$f":"ROUND(G135*H135,2)","v":22.35},{"$f":"ROUND(I135*G135,2)","v":27.77}]
[{"$f":"2000","v":2000},null,"QUANTIDADE",1,"UN"]
[1000,5,"RESERVATÓRIO DE ÁGUA",null,null,null,null,null,null,{"$f":"SUMIF(A:A,B137,J:J)","v":72215.210000000006},{"$f":"SUMIF(A:A,B137,K:K)","v":87981.64}]
[null,"5.1","FUNDAÇÃO"]
[{"$f":"LEFT(B139)","v":"5"},"5.1.1",{"$f":"IF($E139=\"SINAPI\",VLOOKUP($D139,SINAPI,2,0),IF(E139=\"SETOP\",VLOOKUP($D139,SETOP,3,0),IF(E139=\"CPU\",VLOOKUP($D139,COMPOSIÇÃO,2,0),IF(E139=\"COTAÇÃO\",VLOOKUP($D139,COTAÇÃO,3,0),VLOOKUP(#REF!,DIVERSAS,2,0)))))","v":"FORNECIMENTO DE CONCRETO ESTRUTURAL, USINADO, COM FCK 30 MPA, INCLUSIVE LANÇAMENTO, ADENSAMENTO E ACABAMENTO (FUNDAÇÃO)"},"ED-49799","SETOP",{"$f":"IF(E139=\"SINAPI\",VLOOKUP($D139,SINAPI,3,0),IF(E139=\"SETOP\",VLOOKUP($D139,SETOP,4,0),IF(E139=\"CPU\",VLOOKUP($D139,COMPOSIÇÃO,5,0),IF(E139=\"COTAÇÃO\",VLOOKUP($D139,COTAÇÃO,8,0),VLOOKUP(#REF!,DIVERSAS,3,0)))))","v":"M3"},{"$f":"D140","v":14.56},{"$f":"IF(E139=\"SINAPI\",VLOOKUP($D139,SINAPI,4,0),IF(E139=\"SETOP\",VLOOKUP($D139,SETOP,5,0),IF(E139=\"CPU\",VLOOKUP($D139,COMPOSIÇÃO,8,0),IF(E139=\"COTAÇÃO\",VLOOKUP($D139,COTAÇÃO,11,0),VLOOKUP(#REF!,DIVERSAS,4,0)))))","v":420.88},{"$f":"ROUND(H139*(1+$J$11),2)","v":522.86},{"$f":"ROUND(G139*H139,2)","v":6128.01},{"$f":"ROUND(I139*G139,2)","v":7612.84}]
[{"$f":"2000","v":2000},null,"VOLUME DE CONCRETO",{"$f":"14.56","v":14.56},"M3"]
[{"$f":"LEFT(B141)","v":"5"},"5.1.2",{"$f":"IF($E141=\"SINAPI\",VLOOKUP($D141,SINAPI,2,0),IF(E141=\"SETOP\",VLOOKUP($D141,SETOP,3,0),IF(E141=\"CPU\",VLOOKUP($D141,COMPOSIÇÃO,2,0),IF(E141=\"COTAÇÃO\",VLOOKUP($D141,COTAÇÃO,3,0),VLOOKUP(#REF!,DIVERSAS,2,0)))))","v":"CORTE, DOBRA E MONTAGEM DE AÇO CA-50/60"},"ED-48298","SETOP",{"$f":"IF(E141=\"SINAPI\",VLOOKUP($D141,SINAPI,3,0),IF(E141=\"SETOP\",VLOOKUP($D141,SETOP,4,0),IF(E141=\"CPU\",VLOOKUP($D141,COMPOSIÇÃO,5,0),IF(E141=\"COTAÇÃO\",VLOOKUP($D141,COTAÇÃO,8,0),VLOOKUP(#REF!,DIVERSAS,3,0)))))","v":"KG"},{"$f":"D142","v":194.7},{"$f":"IF(E141=\"SINAPI\",VLOOKUP($D141,SINAPI,4,0),IF(E141=\"SETOP\",VLOOKUP($D141,SETOP,5,0),IF(E141=\"CPU\",VLOOKUP($D141,COMPOSIÇÃO,8,0),IF(E141=\"COTAÇÃO\",VLOOKUP($D141,COTAÇÃO,11,0),VLOOKUP(#REF!,DIVERSAS,4,0)))))","v":12.96},{"$f":"ROUND(H141*(1+$J$11),2)","v":16.100000000000001},{"$f":"ROUND(G141*H141,2)","v":2523.31},{"$f":"ROUND(I141*G141,2)","v":3134.67}]
[{"$f":"2000","v":2000},null,"QUANTIDADE DE AÇO",194.7,"KG"]
[{"$f":"LEFT(B143)","v":"5"},"5.1.3",{"$f":"IF($E143=\"SINAPI\",VLOOKUP($D143,SINAPI,2,0),IF(E143=\"SETOP\",VLOOKUP($D143,SETOP,3,0),IF(E143=\"CPU\",VLOOKUP($D143,COMPOSIÇÃO,2,0),IF(E143=\"COTAÇÃO\",VLOOKUP($D143,COTAÇÃO,3,0),VLOOKUP(#REF!,DIVERSAS,2,0)))))","v":"ESCAVAÇÃO MECANIZADA PARA BLOCO DE COROAMENTO OU SAPATA, COM PREVISÃO DE FÔRMA, COM RETROESCAVADEIRA. AF_06/2017"},96521,"SINAPI",{"$f":"IF(E143=\"SINAPI\",VLOOKUP($D143,SINAPI,3,0),IF(E143=\"SETOP\",VLOOKUP($D143,SETOP,4,0),IF(E143=\"CPU\",VLOOKUP($D143,COMPOSIÇÃO,5,0),IF(E143=\"COTAÇÃO\",VLOOKUP($D143,COTAÇÃO,8,0),VLOOKUP(#REF!,DIVERSAS,3,0)))))","v":"M3"},{"$f":"D144","v":20.824999999999999},{"$f":"IF(E143=\"SINAPI\",VLOOKUP($D143,SINAPI,4,0),IF(E143=\"SETOP\",VLOOKUP($D143,SETOP,5,0),IF(E143=\"CPU\",VLOOKUP($D143,COMPOSIÇÃO,8,0),IF(E143=\"COTAÇÃO\",VLOOKUP($D143,COTAÇÃO,11,0),VLOOKUP(#REF!,DIVERSAS,4,0)))))","v":33.61},{"$f":"ROUND(H143*(1+$J$11),2)","v":41.75},{"$f":"ROUND(G143*H143,2)","v":699.93},{"$f":"ROUND(I143*G143,2)","v":869.44}]
[{"$f":"2000","v":2000},null,"VOLUME DE ESCAVAÇÃO",{"$f":"3.5*3.5*1.7","v":20.824999999999999},"M3"]
[{"$f":"LEFT(B145)","v":"5"},"5.1.4",{"$f":"IF($E145=\"SINAPI\",VLOOKUP($D145,SINAPI,2,0),IF(E145=\"SETOP\",VLOOKUP($D145,SETOP,3,0),IF(E145=\"CPU\",VLOOKUP($D145,COMPOSIÇÃO,2,0),IF(E145=\"COTAÇÃO\",VLOOKUP($D145,COTAÇÃO,3,0),VLOOKUP(#REF!,DIVERSAS,2,0)))))","v":"FABRICAÇÃO, MONTAGEM E DESMONTAGEM DE FÔRMA PARA BLOCO DE COROAMENTO, EM MADEIRA SERRADA, E=25 MM, 1 UTILIZAÇÃO. AF_06/2017"},96528,"SINAPI",{"$f":"IF(E145=\"SINAPI\",VLOOKUP($D145,SINAPI,3,0),IF(E145=\"SETOP\",VLOOKUP($D145,SETOP,4,0),IF(E145=\"CPU\",VLOOKUP($D145,COMPOSIÇÃO,5,0),IF(E145=\"COTAÇÃO\",VLOOKUP($D145,COTAÇÃO,8,0),VLOOKUP(#REF!,DIVERSAS,3,0)))))","v":"M2"},{"$f":"D146","v":19.34},{"$f":"IF(E145=\"SINAPI\",VLOOKUP($D145,SINAPI,4,0),IF(E145=\"SETOP\",VLOOKUP($D145,SETOP,5,0),IF(E145=\"CPU\",VLOOKUP($D145,COMPOSIÇÃO,8,0),IF(E145=\"COTAÇÃO\",VLOOKUP($D145,COTAÇÃO,11,0),VLOOKUP(#REF!,DIVERSAS,4,0)))))","v":253.13},{"$f":"ROUND(H145*(1+$J$11),2)","v":314.45999999999998},{"$f":"ROUND(G145*H145,2)","v":4895.53},{"$f":"ROUND(I145*G145,2)","v":6081.66}]
[{"$f":"2000","v":2000},null,"ÁREA TOTAL DE FORMA PARA FUNDAÇÃO",19.34,"M2"]
[{"$f":"LEFT(B147)","v":"5"},"5.1.5",{"$f":"IF($E147=\"SINAPI\",VLOOKUP($D147,SINAPI,2,0),IF(E147=\"SETOP\",VLOOKUP($D147,SETOP,3,0),IF(E147=\"CPU\",VLOOKUP($D147,COMPOSIÇÃO,2,0),IF(E147=\"COTAÇÃO\",VLOOKUP($D147,COTAÇÃO,3,0),VLOOKUP(#REF!,DIVERSAS,2,0)))))","v":"ESTACA HÉLICE CONTÍNUA , DIÂMETRO DE 50 CM, INCLUSO CONCRETO FCK=30MPA E ARMADURA MÍNIMA (EXCLUSIVE MOBILIZAÇÃO, DESMOBILIZAÇÃO E BOMBEAMENTO). AF_12/2019"},100652,"SINAPI",{"$f":"IF(E147=\"SINAPI\",VLOOKUP($D147,SINAPI,3,0),IF(E147=\"SETOP\",VLOOKUP($D147,SETOP,4,0),IF(E147=\"CPU\",VLOOKUP($D147,COMPOSIÇÃO,5,0),IF(E147=\"COTAÇÃO\",VLOOKUP($D147,COTAÇÃO,8,0),VLOOKUP(#REF!,DIVERSAS,3,0)))))","v":"M"},{"$f":"D148","v":40},{"$f":"IF(E147=\"SINAPI\",VLOOKUP($D147,SINAPI,4,0),IF(E147=\"SETOP\",VLOOKUP($D147,SETOP,5,0),IF(E147=\"CPU\",VLOOKUP($D147,COMPOSIÇÃO,8,0),IF(E147=\"COTAÇÃO\",VLOOKUP($D147,COTAÇÃO,11,0),VLOOKUP(#REF!,DIVERSAS,4,0)))))","v":206.46},{"$f":"ROUND(H147*(1+$J$11),2)","v":256.49},{"$f":"ROUND(G147*H147,2)","v":8258.4},{"$f":"ROUND(I147*G147,2)","v":10259.6}]
[{"$f":"2000","v":2000},null,"COMPRIMENTO TOTAL DE ESTACA",{"$f":"5*8","v":40},"M"]
[{"$f":"LEFT(B149)","v":"5"},"5.1.6",{"$f":"IF($E149=\"SINAPI\",VLOOKUP($D149,SINAPI,2,0),IF(E149=\"SETOP\",VLOOKUP($D149,SETOP,3,0),IF(E149=\"CPU\",VLOOKUP($D149,COMPOSIÇÃO,2,0),IF(E149=\"COTAÇÃO\",VLOOKUP($D149,COTAÇÃO,3,0),VLOOKUP(#REF!,DIVERSAS,2,0)))))","v":"LASTRO DE CONCRETO MAGRO, APLICADO EM BLOCOS DE COROAMENTO OU SAPATAS. AF_08/2017"},96616,"SINAPI",{"$f":"IF(E149=\"SINAPI\",VLOOKUP($D149,SINAPI,3,0),IF(E149=\"SETOP\",VLOOKUP($D149,SETOP,4,0),IF(E149=\"CPU\",VLOOKUP($D149,COMPOSIÇÃO,5,0),IF(E149=\"COTAÇÃO\",VLOOKUP($D149,COTAÇÃO,8,0),VLOOKUP(#REF!,DIVERSAS,3,0)))))","v":"M3"},{"$f":"D150","v":9},{"$f":"IF(E149=\"SINAPI\",VLOOKUP($D149,SINAPI,4,0),IF(E149=\"SETOP\",VLOOKUP($D149,SETOP,5,0),IF(E149=\"CPU\",VLOOKUP($D149,COMPOSIÇÃO,8,0),IF(E149=\"COTAÇÃO\",VLOOKUP($D149,COTAÇÃO,11,0),VLOOKUP(#REF!,DIVERSAS,4,0)))))","v":481.1},{"$f":"ROUND(H149*(1+$J$11),2)","v":597.66999999999996},{"$f":"ROUND(G149*H149,2)","v":4329.8999999999996},{"$f":"ROUND(I149*G149,2)","v":5379.03}]
[{"$f":"2000","v":2000},null,"VOLUME DE LASTRO DE CONCRETO MAGRO",{"$f":"3*3","v":9},"M2"]
[{"$f":"LEFT(B151)","v":"5"},"5.1.7",{"$f":"IF($E151=\"SINAPI\",VLOOKUP($D151,SINAPI,2,0),IF(E151=\"SETOP\",VLOOKUP($D151,SETOP,3,0),IF(E151=\"CPU\",VLOOKUP($D151,COMPOSIÇÃO,2,0),IF(E151=\"COTAÇÃO\",VLOOKUP($D151,COTAÇÃO,3,0),VLOOKUP(#REF!,DIVERSAS,2,0)))))","v":"REATERRO MANUAL DE VALAS COM COMPACTAÇÃO MECANIZADA. AF_04/2016"},93382,"SINAPI",{"$f":"IF(E151=\"SINAPI\",VLOOKUP($D151,SINAPI,3,0),IF(E151=\"SETOP\",VLOOKUP($D151,SETOP,4,0),IF(E151=\"CPU\",VLOOKUP($D151,COMPOSIÇÃO,5,0),IF(E151=\"COTAÇÃO\",VLOOKUP($D151,COTAÇÃO,8,0),VLOOKUP(#REF!,DIVERSAS,3,0)))))","v":"M3"},{"$f":"D152","v":6.2649999999999988},{"$f":"IF(E151=\"SINAPI\",VLOOKUP($D151,SINAPI,4,0),IF(E151=\"SETOP\",VLOOKUP($D151,SETOP,5,0),IF(E151=\"CPU\",VLOOKUP($D151,COMPOSIÇÃO,8,0),IF(E151=\"COTAÇÃO\",VLOOKUP($D151,COTAÇÃO,11,0),VLOOKUP(#REF!,DIVERSAS,4,0)))))","v":24.04},{"$f":"ROUND(H151*(1+$J$11),2)","v":29.86},{"$f":"ROUND(G151*H151,2)","v":150.61000000000001},{"$f":"ROUND(I151*G151,2)","v":187.07}]
[{"$f":"2000","v":2000},null,"VOLUME DE REATERRO",{"$f":"D144-D140","v":6.2649999999999988},"M3"]
[null,"5.2","RESERVATÓRIO"]
[{"$f":"LEFT(B154)","v":"5"},"5.2.1",{"$f":"IF($E154=\"SINAPI\",VLOOKUP($D154,SINAPI,2,0),IF(E154=\"SETOP\",VLOOKUP($D154,SETOP,3,0),IF(E154=\"CPU\",VLOOKUP($D154,COMPOSIÇÃO,2,0),IF(E154=\"COTAÇÃO\",VLOOKUP($D154,COTAÇÃO,3,0),VLOOKUP(#REF!,DIVERSAS,2,0)))))","v":"RESERVATÓRIO METÁLICO TIPO TAÇA 30.000 L COM FRETE INCLUSO"},"DAC-01","COTAÇÃO",{"$f":"IF(E154=\"SINAPI\",VLOOKUP($D154,SINAPI,3,0),IF(E154=\"SETOP\",VLOOKUP($D154,SETOP,4,0),IF(E154=\"CPU\",VLOOKUP($D154,COMPOSIÇÃO,5,0),IF(E154=\"COTAÇÃO\",VLOOKUP($D154,COTAÇÃO,8,0),VLOOKUP(#REF!,DIVERSAS,3,0)))))","v":"UN "},{"$f":"D155","v":1},{"$f":"IF(E154=\"SINAPI\",VLOOKUP($D154,SINAPI,4,0),IF(E154=\"SETOP\",VLOOKUP($D154,SETOP,5,0),IF(E154=\"CPU\",VLOOKUP($D154,COMPOSIÇÃO,8,0),IF(E154=\"COTAÇÃO\",VLOOKUP($D154,COTAÇÃO,11,0),VLOOKUP(#REF!,DIVERSAS,4,0)))))","v":43500},{"$f":"ROUND(H154*(1+DADOS!D12),2)","v":52308.75},{"$f":"ROUND(G154*H154,2)","v":43500},{"$f":"ROUND(I154*G154,2)","v":52308.75}]
[{"$f":"2000","v":2000},null,"RESERVATÓRIO TAÇA 30 M3",1,"U"]
[{"$f":"LEFT(B156)","v":"5"},"5.3.1",{"$f":"IF($E156=\"SINAPI\",VLOOKUP($D156,SINAPI,2,0),IF(E156=\"SETOP\",VLOOKUP($D156,SETOP,3,0),IF(E156=\"CPU\",VLOOKUP($D156,COMPOSIÇÃO,2,0),IF(E156=\"COTAÇÃO\",VLOOKUP($D156,COTAÇÃO,3,0),VLOOKUP(#REF!,DIVERSAS,2,0)))))","v":"INSTALAÇÃO DO RESERVATÓRIO DE ÁGUA "},"DAC-5.1","CPU",{"$f":"IF(E156=\"SINAPI\",VLOOKUP($D156,SINAPI,3,0),IF(E156=\"SETOP\",VLOOKUP($D156,SETOP,4,0),IF(E156=\"CPU\",VLOOKUP($D156,COMPOSIÇÃO,5,0),IF(E156=\"COTAÇÃO\",VLOOKUP($D156,COTAÇÃO,8,0),VLOOKUP(#REF!,DIVERSAS,3,0)))))","v":"UN "},1,{"$f":"IF(E156=\"SINAPI\",VLOOKUP($D156,SINAPI,4,0),IF(E156=\"SETOP\",VLOOKUP($D156,SETOP,5,0),IF(E156=\"CPU\",VLOOKUP($D156,COMPOSIÇÃO,8,0),IF(E156=\"COTAÇÃO\",VLOOKUP($D156,COTAÇÃO,11,0),VLOOKUP(#REF!,DIVERSAS,4,0)))))","v":1729.52},{"$f":"ROUND(H156*(1+$J$11),2)","v":2148.58},{"$f":"ROUND(G156*H156,2)","v":1729.52},{"$f":"ROUND(I156*G156,2)","v":2148.58}]
[{"$f":"2000","v":2000},null,"QUANTIDADE DE RESERVATÓRIO",1,"U"]
[1000,6,"SISTEMA ELÉTRICO",null,null,null,null,null,null,{"$f":"SUMIF(A:A,B158,J:J)","v":16561.289999999997},{"$f":"SUMIF(A:A,B158,K:K)","v":20574.59}]
[null,"6.1","INSTALAÇÃO ELÉTRICA"]
[{"$f":"LEFT(B160)","v":"6"},"6.1.1",{"$f":"IF($E160=\"SINAPI\",VLOOKUP($D160,SINAPI,2,0),IF(E160=\"SETOP\",VLOOKUP($D160,SETOP,3,0),IF(E160=\"CPU\",VLOOKUP($D160,COMPOSIÇÃO,2,0),IF(E160=\"COTAÇÃO\",VLOOKUP($D160,COTAÇÃO,3,0),VLOOKUP(#REF!,DIVERSAS,2,0)))))","v":"CABO DE COBRE FLEXÍVEL ISOLADO, 1,5 MM², ANTI-CHAMA 0,6/1,0 KV, PARA CIRCUITOS TERMINAIS - FORNECIMENTO E INSTALAÇÃO. AF_12/2015"},91925,"SINAPI",{"$f":"IF(E160=\"SINAPI\",VLOOKUP($D160,SINAPI,3,0),IF(E160=\"SETOP\",VLOOKUP($D160,SETOP,4,0),IF(E160=\"CPU\",VLOOKUP($D160,COMPOSIÇÃO,5,0),IF(E160=\"COTAÇÃO\",VLOOKUP($D160,COTAÇÃO,8,0),VLOOKUP(#REF!,DIVERSAS,3,0)))))","v":"M"},{"$f":"D161","v":320},{"$f":"IF(E160=\"SINAPI\",VLOOKUP($D160,SINAPI,4,0),IF(E160=\"SETOP\",VLOOKUP($D160,SETOP,5,0),IF(E160=\"CPU\",VLOOKUP($D160,COMPOSIÇÃO,8,0),IF(E160=\"COTAÇÃO\",VLOOKUP($D160,COTAÇÃO,11,0),VLOOKUP(#REF!,DIVERSAS,4,0)))))","v":3.59},{"$f":"ROUND(H160*(1+$J$11),2)","v":4.46},{"$f":"ROUND(G160*H160,2)","v":1148.8},{"$f":"ROUND(I160*G160,2)","v":1427.2}]
[{"$f":"2000","v":2000},null,"QUANTIDADE AMARELO",320,"M"]
[{"$f":"2000","v":2000},null,"TOTAL",{"$f":"D161","v":320}]
[{"$f":"LEFT(B163)","v":"6"},"6.1.2",{"$f":"IF($E163=\"SINAPI\",VLOOKUP($D163,SINAPI,2,0),IF(E163=\"SETOP\",VLOOKUP($D163,SETOP,3,0),IF(E163=\"CPU\",VLOOKUP($D163,COMPOSIÇÃO,2,0),IF(E163=\"COTAÇÃO\",VLOOKUP($D163,COTAÇÃO,3,0),VLOOKUP(#REF!,DIVERSAS,2,0)))))","v":"CABO DE COBRE FLEXÍVEL ISOLADO, 25 MM², ANTI-CHAMA 0,6/1,0 KV, PARA DISTRIBUIÇÃO - FORNECIMENTO E INSTALAÇÃO. AF_12/2015"},92984,"SINAPI",{"$f":"IF(E163=\"SINAPI\",VLOOKUP($D163,SINAPI,3,0),IF(E163=\"SETOP\",VLOOKUP($D163,SETOP,4,0),IF(E163=\"CPU\",VLOOKUP($D163,COMPOSIÇÃO,5,0),IF(E163=\"COTAÇÃO\",VLOOKUP($D163,COTAÇÃO,8,0),VLOOKUP(#REF!,DIVERSAS,3,0)))))","v":"M"},{"$f":"D168","v":554},{"$f":"IF(E163=\"SINAPI\",VLOOKUP($D163,SINAPI,4,0),IF(E163=\"SETOP\",VLOOKUP($D163,SETOP,5,0),IF(E163=\"CPU\",VLOOKUP($D163,COMPOSIÇÃO,8,0),IF(E163=\"COTAÇÃO\",VLOOKUP($D163,COTAÇÃO,11,0),VLOOKUP(#REF!,DIVERSAS,4,0)))))","v":26.08},{"$f":"ROUND(H163*(1+$J$11),2)","v":32.4},{"$f":"ROUND(G163*H163,2)","v":14448.32},{"$f":"ROUND(I163*G163,2)","v":17949.599999999999}]
[{"$f":"2000","v":2000},null,"QUANTIDADE AMARELO",320,"M"]
[{"$f":"2000","v":2000},null,"QUANTIDADE PRETO",37,"M"]
[{"$f":"2000","v":2000},null,"QUANTIDADE BRANCO",37,"M"]
[{"$f":"2000","v":2000},null,"QUANTIDADE VERDE-AMARELO",160,"M"]
[{"$f":"2000","v":2000},null,"TOTAL",{"$f":"SUM(D164:D167)","v":554},"M"]
[{"$f":"LEFT(B169)","v":"6"},"6.1.3",{"$f":"IF($E169=\"SINAPI\",VLOOKUP($D169,SINAPI,2,0),IF(E169=\"SETOP\",VLOOKUP($D169,SETOP,3,0),IF(E169=\"CPU\",VLOOKUP($D169,COMPOSIÇÃO,2,0),IF(E169=\"COTAÇÃO\",VLOOKUP($D169,COTAÇÃO,3,0),VLOOKUP(#REF!,DIVERSAS,2,0)))))","v":"DISJUNTOR BIPOLAR TIPO DIN, CORRENTE NOMINAL DE 40A - FORNECIMENTO E INSTALAÇÃO. AF_10/2020"},93665,"SINAPI",{"$f":"IF(E169=\"SINAPI\",VLOOKUP($D169,SINAPI,3,0),IF(E169=\"SETOP\",VLOOKUP($D169,SETOP,4,0),IF(E169=\"CPU\",VLOOKUP($D169,COMPOSIÇÃO,5,0),IF(E169=\"COTAÇÃO\",VLOOKUP($D169,COTAÇÃO,8,0),VLOOKUP(#REF!,DIVERSAS,3,0)))))","v":"UN"},{"$f":"D170","v":1},{"$f":"IF(E169=\"SINAPI\",VLOOKUP($D169,SINAPI,4,0),IF(E169=\"SETOP\",VLOOKUP($D169,SETOP,5,0),IF(E169=\"CPU\",VLOOKUP($D169,COMPOSIÇÃO,8,0),IF(E169=\"COTAÇÃO\",VLOOKUP($D169,COTAÇÃO,11,0),VLOOKUP(#REF!,DIVERSAS,4,0)))))","v":86.15},{"$f":"ROUND(H169*(1+$J$11),2)","v":107.02},{"$f":"ROUND(G169*H169,2)","v":86.15},{"$f":"ROUND(I169*G169,2)","v":107.02}]
[{"$f":"2000","v":2000},null,"QUANTIDADE",1,"U"]
[{"$f":"LEFT(B171)","v":"6"},"6.1.4",{"$f":"IF($E171=\"SINAPI\",VLOOKUP($D171,SINAPI,2,0),IF(E171=\"SETOP\",VLOOKUP($D171,SETOP,3,0),IF(E171=\"CPU\",VLOOKUP($D171,COMPOSIÇÃO,2,0),IF(E171=\"COTAÇÃO\",VLOOKUP($D171,COTAÇÃO,3,0),VLOOKUP(#REF!,DIVERSAS,2,0)))))","v":"ELETRODUTO FLEXÍVEL 1/2'' EM PAREDE E ENTERRADO - FORNECIMENTO E INTALAÇÃO"},"DAC-6.2","CPU",{"$f":"IF(E171=\"SINAPI\",VLOOKUP($D171,SINAPI,3,0),IF(E171=\"SETOP\",VLOOKUP($D171,SETOP,4,0),IF(E171=\"CPU\",VLOOKUP($D171,COMPOSIÇÃO,5,0),IF(E171=\"COTAÇÃO\",VLOOKUP($D171,COTAÇÃO,8,0),VLOOKUP(#REF!,DIVERSAS,3,0)))))","v":"UN "},32,{"$f":"IF(E171=\"SINAPI\",VLOOKUP($D171,SINAPI,4,0),IF(E171=\"SETOP\",VLOOKUP($D171,SETOP,5,0),IF(E171=\"CPU\",VLOOKUP($D171,COMPOSIÇÃO,8,0),IF(E171=\"COTAÇÃO\",VLOOKUP($D171,COTAÇÃO,11,0),VLOOKUP(#REF!,DIVERSAS,4,0)))))","v":8.3140000000000001},{"$f":"ROUND(H171*(1+$J$11),2)","v":10.33},{"$f":"ROUND(G171*H171,2)","v":266.05},{"$f":"ROUND(I171*G171,2)","v":330.56}]
[{"$f":"LEFT(B172)","v":"6"},"6.1.5",{"$f":"IF($E172=\"SINAPI\",VLOOKUP($D172,SINAPI,2,0),IF(E172=\"SETOP\",VLOOKUP($D172,SETOP,3,0),IF(E172=\"CPU\",VLOOKUP($D172,COMPOSIÇÃO,2,0),IF(E172=\"COTAÇÃO\",VLOOKUP($D172,COTAÇÃO,3,0),VLOOKUP(#REF!,DIVERSAS,2,0)))))","v":"ELETRODUTO FLEXÍVEL 1.1/4'' EM PAREDE E ENTERRADO - FORNECIMENTO E INTALAÇÃO"},"DAC-6.1","CPU",{"$f":"IF(E172=\"SINAPI\",VLOOKUP($D172,SINAPI,3,0),IF(E172=\"SETOP\",VLOOKUP($D172,SETOP,4,0),IF(E172=\"CPU\",VLOOKUP($D172,COMPOSIÇÃO,5,0),IF(E172=\"COTAÇÃO\",VLOOKUP($D172,COTAÇÃO,8,0),VLOOKUP(#REF!,DIVERSAS,3,0)))))","v":"UN "},40,{"$f":"IF(E172=\"SINAPI\",VLOOKUP($D172,SINAPI,4,0),IF(E172=\"SETOP\",VLOOKUP($D172,SETOP,5,0),IF(E172=\"CPU\",VLOOKUP($D172,COMPOSIÇÃO,8,0),IF(E172=\"COTAÇÃO\",VLOOKUP($D172,COTAÇÃO,11,0),VLOOKUP(#REF!,DIVERSAS,4,0)))))","v":12.854000000000001},{"$f":"ROUND(H172*(1+$J$11),2)","v":15.97},{"$f":"ROUND(G172*H172,2)","v":514.16},{"$f":"ROUND(I172*G172,2)","v":638.79999999999995}]
[{"$f":"LEFT(B173)","v":"6"},"6.1.6",{"$f":"IF($E173=\"SINAPI\",VLOOKUP($D173,SINAPI,2,0),IF(E173=\"SETOP\",VLOOKUP($D173,SETOP,3,0),IF(E173=\"CPU\",VLOOKUP($D173,COMPOSIÇÃO,2,0),IF(E173=\"COTAÇÃO\",VLOOKUP($D173,COTAÇÃO,3,0),VLOOKUP(#REF!,DIVERSAS,2,0)))))","v":"RASGO EM ALVENARIA PARA PASSAGEM DE ELETRODUTO/TUBULAÇÃO, DIÂMETROS DE 15MM A 25MM (1/2\" A 1\"), EXCLUSIVE ENCHIMENTO"},"ED-50707","SETOP",{"$f":"IF(E173=\"SINAPI\",VLOOKUP($D173,SINAPI,3,0),IF(E173=\"SETOP\",VLOOKUP($D173,SETOP,4,0),IF(E173=\"CPU\",VLOOKUP($D173,COMPOSIÇÃO,5,0),IF(E173=\"COTAÇÃO\",VLOOKUP($D173,COTAÇÃO,8,0),VLOOKUP(#REF!,DIVERSAS,3,0)))))","v":"M"},24,{"$f":"IF(E173=\"SINAPI\",VLOOKUP($D173,SINAPI,4,0),IF(E173=\"SETOP\",VLOOKUP($D173,SETOP,5,0),IF(E173=\"CPU\",VLOOKUP($D173,COMPOSIÇÃO,8,0),IF(E173=\"COTAÇÃO\",VLOOKUP($D173,COTAÇÃO,11,0),VLOOKUP(#REF!,DIVERSAS,4,0)))))","v":2.4900000000000002},{"$f":"ROUND(H173*(1+$J$11),2)","v":3.09},{"$f":"ROUND(G173*H173,2)","v":59.76},{"$f":"ROUND(I173*G173,2)","v":74.16}]
[{"$f":"LEFT(B174)","v":"6"},"6.1.7",{"$f":"IF($E174=\"SINAPI\",VLOOKUP($D174,SINAPI,2,0),IF(E174=\"SETOP\",VLOOKUP($D174,SETOP,3,0),IF(E174=\"CPU\",VLOOKUP($D174,COMPOSIÇÃO,2,0),IF(E174=\"COTAÇÃO\",VLOOKUP($D174,COTAÇÃO,3,0),VLOOKUP(#REF!,DIVERSAS,2,0)))))","v":"RASGO EM CONCRETO PARA PASSAGEM DE ELETRODUTO/TUBULAÇÃO, DIÂMETROS DE 32MM A 50MM (1.1/4\" A 2\"), EXCLUSIVE ENCHIMENTO"},"ED-50711","SETOP",{"$f":"IF(E174=\"SINAPI\",VLOOKUP($D174,SINAPI,3,0),IF(E174=\"SETOP\",VLOOKUP($D174,SETOP,4,0),IF(E174=\"CPU\",VLOOKUP($D174,COMPOSIÇÃO,5,0),IF(E174=\"COTAÇÃO\",VLOOKUP($D174,COTAÇÃO,8,0),VLOOKUP(#REF!,DIVERSAS,3,0)))))","v":"M"},5,{"$f":"IF(E174=\"SINAPI\",VLOOKUP($D174,SINAPI,4,0),IF(E174=\"SETOP\",VLOOKUP($D174,SETOP,5,0),IF(E174=\"CPU\",VLOOKUP($D174,COMPOSIÇÃO,8,0),IF(E174=\"COTAÇÃO\",VLOOKUP($D174,COTAÇÃO,11,0),VLOOKUP(#REF!,DIVERSAS,4,0)))))","v":7.61},{"$f":"ROUND(H174*(1+$J$11),2)","v":9.4499999999999993},{"$f":"ROUND(G174*H174,2)","v":38.049999999999997},{"$f":"ROUND(I174*G174,2)","v":47.25}]
[1000,7,"LIMPEZA DIÁRIA DA OBRA ",null,null,null,null,null,null,{"$f":"SUMIF(A:A,B175,J:J)","v":3582.15},{"$f":"SUMIF(A:A,B175,K:K)","v":4450.07}]
[7,"7.1",{"$f":"IF($E176=\"SINAPI\",VLOOKUP($D176,SINAPI,2,0),IF(E176=\"SETOP\",VLOOKUP($D176,SETOP,3,0),IF(E176=\"CPU\",VLOOKUP($D176,COMPOSIÇÃO,2,0),IF(E176=\"COTAÇÃO\",VLOOKUP($D176,COTAÇÃO,3,0),VLOOKUP(#REF!,DIVERSAS,2,0)))))","v":"LIMPEZA PERMANENTE DA OBRA - 01 SERVENTE X 8 HORAS DIÁRIAS"},"ED-50269","SETOP",{"$f":"IF(E176=\"SINAPI\",VLOOKUP($D176,SINAPI,3,0),IF(E176=\"SETOP\",VLOOKUP($D176,SETOP,4,0),IF(E176=\"CPU\",VLOOKUP($D176,COMPOSIÇÃO,5,0),IF(E176=\"COTAÇÃO\",VLOOKUP($D176,COTAÇÃO,8,0),VLOOKUP(#REF!,DIVERSAS,3,0)))))","v":"MÊS"},{"$f":"D177","v":1},{"$f":"IF(E176=\"SINAPI\",VLOOKUP($D176,SINAPI,4,0),IF(E176=\"SETOP\",VLOOKUP($D176,SETOP,5,0),IF(E176=\"CPU\",VLOOKUP($D176,COMPOSIÇÃO,8,0),IF(E176=\"COTAÇÃO\",VLOOKUP($D176,COTAÇÃO,11,0),VLOOKUP(#REF!,DIVERSAS,4,0)))))","v":3102},{"$f":"ROUND(H176*(1+$J$11),2)","v":3853.61},{"$f":"ROUND(G176*H176,2)","v":3102},{"$f":"ROUND(I176*G176,2)","v":3853.61}]
[{"$f":"2000","v":2000},null,"QUANTIDADE DE MESES",1,"MÊS"]
[7,"7.2",{"$f":"IF($E178=\"SINAPI\",VLOOKUP($D178,SINAPI,2,0),IF(E178=\"SETOP\",VLOOKUP($D178,SETOP,3,0),IF(E178=\"CPU\",VLOOKUP($D178,COMPOSIÇÃO,2,0),IF(E178=\"COTAÇÃO\",VLOOKUP($D178,COTAÇÃO,3,0),VLOOKUP(#REF!,DIVERSAS,2,0)))))","v":"CARGA, MANOBRA E DESCARGA DE SOLOS E MATERIAIS GRANULARES EM CAMINHÃO BASCULANTE 10 M³ - CARGA COM ESCAVADEIRA HIDRÁULICA (CAÇAMBA DE 1,20 M³ / 155 HP) E DESCARGA LIVRE (UNIDADE: M3). AF_07/2020"},100978,"SINAPI",{"$f":"IF(E178=\"SINAPI\",VLOOKUP($D178,SINAPI,3,0),IF(E178=\"SETOP\",VLOOKUP($D178,SETOP,4,0),IF(E178=\"CPU\",VLOOKUP($D178,COMPOSIÇÃO,5,0),IF(E178=\"COTAÇÃO\",VLOOKUP($D178,COTAÇÃO,8,0),VLOOKUP(#REF!,DIVERSAS,3,0)))))","v":"M3"},{"$f":"D182","v":17.600000000000001},{"$f":"IF(E178=\"SINAPI\",VLOOKUP($D178,SINAPI,4,0),IF(E178=\"SETOP\",VLOOKUP($D178,SETOP,5,0),IF(E178=\"CPU\",VLOOKUP($D178,COMPOSIÇÃO,8,0),IF(E178=\"COTAÇÃO\",VLOOKUP($D178,COTAÇÃO,11,0),VLOOKUP(#REF!,DIVERSAS,4,0)))))","v":4.58},{"$f":"ROUND(H178*(1+$J$11),2)","v":5.69},{"$f":"ROUND(G178*H178,2)","v":80.61},{"$f":"ROUND(I178*G178,2)","v":100.14}]
[{"$f":"2000","v":2000},null,"VOLUME DE ENTULHO DIÁRIO",0.8,"M3"]
[{"$f":"2000","v":2000},null,"DIAS NO MÊS",22]
[{"$f":"2000","v":2000},null,"MESES",1]
[{"$f":"2000","v":2000},null,"TOTAL",{"$f":"D181*D179*D180","v":17.600000000000001},"M3"]
[7,"7.3",{"$f":"IF($E183=\"SINAPI\",VLOOKUP($D183,SINAPI,2,0),IF(E183=\"SETOP\",VLOOKUP($D183,SETOP,3,0),IF(E183=\"CPU\",VLOOKUP($D183,COMPOSIÇÃO,2,0),IF(E183=\"COTAÇÃO\",VLOOKUP($D183,COTAÇÃO,3,0),VLOOKUP(#REF!,DIVERSAS,2,0)))))","v":"TRANSPORTE COM CAMINHÃO BASCULANTE DE 10 M³, EM VIA URBANA PAVIMENTADA, DMT ATÉ 30 KM (UNIDADE: M3XKM). AF_07/2020"},95875,"SINAPI",{"$f":"IF(E183=\"SINAPI\",VLOOKUP($D183,SINAPI,3,0),IF(E183=\"SETOP\",VLOOKUP($D183,SETOP,4,0),IF(E183=\"CPU\",VLOOKUP($D183,COMPOSIÇÃO,5,0),IF(E183=\"COTAÇÃO\",VLOOKUP($D183,COTAÇÃO,8,0),VLOOKUP(#REF!,DIVERSAS,3,0)))))","v":"M3XKM"},{"$f":"D186","v":248.16000000000003},{"$f":"IF(E183=\"SINAPI\",VLOOKUP($D183,SINAPI,4,0),IF(E183=\"SETOP\",VLOOKUP($D183,SETOP,5,0),IF(E183=\"CPU\",VLOOKUP($D183,COMPOSIÇÃO,8,0),IF(E183=\"COTAÇÃO\",VLOOKUP($D183,COTAÇÃO,11,0),VLOOKUP(#REF!,DIVERSAS,4,0)))))","v":1.61},{"$f":"ROUND(H183*(1+$J$11),2)","v":2},{"$f":"ROUND(G183*H183,2)","v":399.54},{"$f":"ROUND(I183*G183,2)","v":496.32}]
[{"$f":"2000","v":2000},null,"ÁREA PAVIMENTADA",{"$f":"D182","v":17.600000000000001},"M3"]
[{"$f":"2000","v":2000},null,"D.M.T.",14.1,"KM"]
[{"$f":"2000","v":2000},null,"TOTAL",{"$f":"D185*D184","v":248.16000000000003},"M3XKM"]
[null,"TOTAL INCLUINDO ADMINISTRAÇÃO",null,null,null,null,null,null,null,{"$f":"SUMIF(A:A,1000,J:J)","v":249170.68}]
[null,{"$f":"\"BDI \"","v":"BDI "},null,null,null,null,null,null,null,{"$f":"J189-J187","v":53964.240000000049}]
[null,"TOTAL GERAL",null,null,null,null,null,null,null,{"$f":"SUMIF(A:A,1000,K:K)","v":303134.92000000004}]
[]
[]
[null,null,"ELABORADO POR:","FELIPE GUIMARÃES ALEXANDRE"]
[]
[{"$f":"2000","v":2000}]
[]
[null,null,"RESPONSÁVEL TÉCNICO:","FLÁVIA CRISTINA BARBOSA"]
[null,null,null,"CREA -  MG 187.842/D"]

{"sheet":"CPU","index":3,"n_rows":53,"n_cols":16384,"rows_kept":53,"cut":false,"hidden":false,"merged":[[1,0,1,5],[78,2,78,4],[6,6,6,7],[7,6,7,7],[8,0,8,7],[77,2,77,4],[3,6,3,7],[4,6,4,7],[2,1,3,1],[49,2,49,4],[50,2,50,4]]}
[]
[{"$f":"\"COMPOSIÇÕES - \" &B3","v":"COMPOSIÇÕES - PROJETO DE ABASTECIMENTO DE ÁGUA - \"E.M. PROFESSORA MARIA BARBOSA\""},null,null,null,null,null,"Revisão:",{"$f":"DADOS!D6","v":"R00"}]
["Projeto:",{"$f":"DADOS!D8","v":"PROJETO DE ABASTECIMENTO DE ÁGUA - \"E.M. PROFESSORA MARIA BARBOSA\""},null,null,null,"Informações:"]
[null,null,null,null,null,"Data: ",{"$f":"DADOS!D2","v":"2021-08-09"}]
["Responsável:"]
[null,null,null,null,null,"Referências"]
[null,null,null,null,null,{"$f":"DADOS!D14","v":"SINAPI"},{"$f":"DADOS!D16","v":"2021-06-01"}]
[null,null,null,null,null,{"$f":"DADOS!D18","v":"SETOP"},{"$f":"DADOS!D20","v":"2021-04-01"}]
[{"$f":"\"PROJETO EXECUTIVO - \"&B3","v":"PROJETO EXECUTIVO - PROJETO DE ABASTECIMENTO DE ÁGUA - \"E.M. PROFESSORA MARIA BARBOSA\""}]
["ITEM","DESCRIÇÃO",null,"REFÊRENCIA","U","COEFICIENTE","PREÇO UNIT.","TOTAL"]
[0,"DIVERSOS"]
["DAC-0.1","CIMBRAMENTO-ESCORAMENTO DE FORMAS DE H=3,00 A 3,50M, COM MADEIRA 3A QUALIDADE, NÃO APARELHADA, APROVEITAMENTO TABUAS 3X E PRUMOS 4X",null,"CPU","UN ",null,null,{"$f":"SUM(H13:XFD17)","v":27.853727200000002}]
[4448,{"$f":"IF(D13=\"SINAPI\",VLOOKUP(A13,SINAPI,2,0),IF(D13=\"SETOP\",VLOOKUP(A13,SETOP,3,0),IF(D13=\"CPU\",VLOOKUP(A13,COMPOSIÇÃO,2,0),VLOOKUP(A13,COTAÇÃO,3,0))))","v":"VIGA *7,5 X 15 CM EM PINUS, MISTA OU EQUIVALENTE DA REGIAO - BRUTA"},null,"SINAPI",{"$f":"IF(D13=\"SINAPI\",VLOOKUP(A13,SINAPI,3,0),IF(D13=\"SETOP\",VLOOKUP(A13,SETOP,4,0),IF(D13=\"CPU\",VLOOKUP(A13,COMPOSIÇÃO,5,0),VLOOKUP(A13,COTAÇÃO,8,0))))","v":"M     "},0.17874999999999999,{"$f":"IF(D13=\"SINAPI\",VLOOKUP(A13,SINAPI,4,0),IF(D13=\"SETOP\",VLOOKUP(A13,SETOP,5,0),IF(D13=\"CPU\",VLOOKUP(A13,COMPOSIÇÃO,8,0),VLOOKUP(A13,COTAÇÃO,11,0))))","v":16.91},{"$f":"F13*G13","v":3.0226625}]
[5075,{"$f":"IF(D14=\"SINAPI\",VLOOKUP(A14,SINAPI,2,0),IF(D14=\"SETOP\",VLOOKUP(A14,SETOP,3,0),IF(D14=\"CPU\",VLOOKUP(A14,COMPOSIÇÃO,2,0),VLOOKUP(A14,COTAÇÃO,3,0))))","v":"PREGO DE ACO POLIDO COM CABECA 18 X 30 (2 3/4 X 10)"},null,"SINAPI",{"$f":"IF(D14=\"SINAPI\",VLOOKUP(A14,SINAPI,3,0),IF(D14=\"SETOP\",VLOOKUP(A14,SETOP,4,0),IF(D14=\"CPU\",VLOOKUP(A14,COMPOSIÇÃO,5,0),VLOOKUP(A14,COTAÇÃO,8,0))))","v":"KG    "},7.8E-2,{"$f":"IF(D14=\"SINAPI\",VLOOKUP(A14,SINAPI,4,0),IF(D14=\"SETOP\",VLOOKUP(A14,SETOP,5,0),IF(D14=\"CPU\",VLOOKUP(A14,COMPOSIÇÃO,8,0),VLOOKUP(A14,COTAÇÃO,11,0))))","v":18.59},{"$f":"F14*G14","v":1.4500200000000001}]
[6189,{"$f":"IF(D15=\"SINAPI\",VLOOKUP(A15,SINAPI,2,0),IF(D15=\"SETOP\",VLOOKUP(A15,SETOP,3,0),IF(D15=\"CPU\",VLOOKUP(A15,COMPOSIÇÃO,2,0),VLOOKUP(A15,COTAÇÃO,3,0))))","v":"TABUA NAO APARELHADA *2,5 X 30* CM, EM MACARANDUBA, ANGELIM OU EQUIVALENTE DA REGIAO - BRUTA"},null,"SINAPI",{"$f":"IF(D15=\"SINAPI\",VLOOKUP(A15,SINAPI,3,0),IF(D15=\"SETOP\",VLOOKUP(A15,SETOP,4,0),IF(D15=\"CPU\",VLOOKUP(A15,COMPOSIÇÃO,5,0),VLOOKUP(A15,COTAÇÃO,8,0))))","v":"M     "},0.377,{"$f":"IF(D15=\"SINAPI\",VLOOKUP(A15,SINAPI,4,0),IF(D15=\"SETOP\",VLOOKUP(A15,SETOP,5,0),IF(D15=\"CPU\",VLOOKUP(A15,COMPOSIÇÃO,8,0),VLOOKUP(A15,COTAÇÃO,11,0))))","v":45.64},{"$f":"F15*G15","v":17.20628}]
[88262,{"$f":"IF(D16=\"SINAPI\",VLOOKUP(A16,SINAPI,2,0),IF(D16=\"SETOP\",VLOOKUP(A16,SETOP,3,0),IF(D16=\"CPU\",VLOOKUP(A16,COMPOSIÇÃO,2,0),VLOOKUP(A16,COTAÇÃO,3,0))))","v":"CARPINTEIRO DE FORMAS COM ENCARGOS COMPLEMENTARES"},null,"SINAPI",{"$f":"IF(D16=\"SINAPI\",VLOOKUP(A16,SINAPI,3,0),IF(D16=\"SETOP\",VLOOKUP(A16,SETOP,4,0),IF(D16=\"CPU\",VLOOKUP(A16,COMPOSIÇÃO,5,0),VLOOKUP(A16,COTAÇÃO,8,0))))","v":"H"},0.18525,{"$f":"IF(D16=\"SINAPI\",VLOOKUP(A16,SINAPI,4,0),IF(D16=\"SETOP\",VLOOKUP(A16,SETOP,5,0),IF(D16=\"CPU\",VLOOKUP(A16,COMPOSIÇÃO,8,0),VLOOKUP(A16,COTAÇÃO,11,0))))","v":19.43},{"$f":"F16*G16","v":3.5994074999999999}]
[88316,{"$f":"IF(D17=\"SINAPI\",VLOOKUP(A17,SINAPI,2,0),IF(D17=\"SETOP\",VLOOKUP(A17,SETOP,3,0),IF(D17=\"CPU\",VLOOKUP(A17,COMPOSIÇÃO,2,0),VLOOKUP(A17,COTAÇÃO,3,0))))","v":"SERVENTE COM ENCARGOS COMPLEMENTARES"},null,"SINAPI",{"$f":"IF(D17=\"SINAPI\",VLOOKUP(A17,SINAPI,3,0),IF(D17=\"SETOP\",VLOOKUP(A17,SETOP,4,0),IF(D17=\"CPU\",VLOOKUP(A17,COMPOSIÇÃO,5,0),VLOOKUP(A17,COTAÇÃO,8,0))))","v":"H"},0.18251999999999999,{"$f":"IF(D17=\"SINAPI\",VLOOKUP(A17,SINAPI,4,0),IF(D17=\"SETOP\",VLOOKUP(A17,SETOP,5,0),IF(D17=\"CPU\",VLOOKUP(A17,COMPOSIÇÃO,8,0),VLOOKUP(A17,COTAÇÃO,11,0))))","v":14.11},{"$f":"F17*G17","v":2.5753571999999996}]
[1,{"$f":"VLOOKUP(A18,ORC,2,3)","v":"ADMINISTRAÇÃO DE OBRA"}]
["DAC-1.1","TELA PLASTICA LARANJA INCLUINDO VERGALHÃO, PONTEIRA E INSTALAÇÃO",null,"CPU","UN ",null,null,{"$f":"SUM(H20:XFD23)","v":10.787999999999998}]
[37524,{"$f":"IF(D20=\"SINAPI\",VLOOKUP(A20,SINAPI,2,0),IF(D20=\"SETOP\",VLOOKUP(A20,SETOP,3,0),IF(D20=\"CPU\",VLOOKUP(A20,COMPOSIÇÃO,2,0),VLOOKUP(A20,COTAÇÃO,3,0))))","v":"TELA PLASTICA LARANJA, TIPO TAPUME PARA SINALIZACAO, MALHA RETANGULAR, ROLO 1.20 X 50 M (L X C)"},null,"SINAPI",{"$f":"IF(D20=\"SINAPI\",VLOOKUP(A20,SINAPI,3,0),IF(D20=\"SETOP\",VLOOKUP(A20,SETOP,4,0),IF(D20=\"CPU\",VLOOKUP(A20,COMPOSIÇÃO,5,0),VLOOKUP(A20,COTAÇÃO,8,0))))","v":"M     "},1.1000000000000001,{"$f":"IF(D20=\"SINAPI\",VLOOKUP(A20,SINAPI,4,0),IF(D20=\"SETOP\",VLOOKUP(A20,SETOP,5,0),IF(D20=\"CPU\",VLOOKUP(A20,COMPOSIÇÃO,8,0),VLOOKUP(A20,COTAÇÃO,11,0))))","v":2.19},{"$f":"F20*G20","v":2.4090000000000003}]
[34,{"$f":"IF(D21=\"SINAPI\",VLOOKUP(A21,SINAPI,2,0),IF(D21=\"SETOP\",VLOOKUP(A21,SETOP,3,0),IF(D21=\"CPU\",VLOOKUP(A21,COMPOSIÇÃO,2,0),VLOOKUP(A21,COTAÇÃO,3,0))))","v":"ACO CA-50, 10,0 MM, VERGALHAO"},null,"SINAPI",{"$f":"IF(D21=\"SINAPI\",VLOOKUP(A21,SINAPI,3,0),IF(D21=\"SETOP\",VLOOKUP(A21,SETOP,4,0),IF(D21=\"CPU\",VLOOKUP(A21,COMPOSIÇÃO,5,0),VLOOKUP(A21,COTAÇÃO,8,0))))","v":"KG    "},0.55000000000000004,{"$f":"IF(D21=\"SINAPI\",VLOOKUP(A21,SINAPI,4,0),IF(D21=\"SETOP\",VLOOKUP(A21,SETOP,5,0),IF(D21=\"CPU\",VLOOKUP(A21,COMPOSIÇÃO,8,0),VLOOKUP(A21,COTAÇÃO,11,0))))","v":11.6},{"$f":"F21*G21","v":6.38}]
[39015,{"$f":"IF(D22=\"SINAPI\",VLOOKUP(A22,SINAPI,2,0),IF(D22=\"SETOP\",VLOOKUP(A22,SETOP,3,0),IF(D22=\"CPU\",VLOOKUP(A22,COMPOSIÇÃO,2,0),VLOOKUP(A22,COTAÇÃO,3,0))))","v":"PROTETOR/PONTEIRA PLASTICA PARA PONTA DE VERGALHAO DE ATE 1\", TIPO PROTETOR DE ESPERA"},null,"SINAPI",{"$f":"IF(D22=\"SINAPI\",VLOOKUP(A22,SINAPI,3,0),IF(D22=\"SETOP\",VLOOKUP(A22,SETOP,4,0),IF(D22=\"CPU\",VLOOKUP(A22,COMPOSIÇÃO,5,0),VLOOKUP(A22,COTAÇÃO,8,0))))","v":"UN    "},0.7,{"$f":"IF(D22=\"SINAPI\",VLOOKUP(A22,SINAPI,4,0),IF(D22=\"SETOP\",VLOOKUP(A22,SETOP,5,0),IF(D22=\"CPU\",VLOOKUP(A22,COMPOSIÇÃO,8,0),VLOOKUP(A22,COTAÇÃO,11,0))))","v":0.84},{"$f":"F22*G22","v":0.58799999999999997}]
[88316,{"$f":"IF(D23=\"SINAPI\",VLOOKUP(A23,SINAPI,2,0),IF(D23=\"SETOP\",VLOOKUP(A23,SETOP,3,0),IF(D23=\"CPU\",VLOOKUP(A23,COMPOSIÇÃO,2,0),VLOOKUP(A23,COTAÇÃO,3,0))))","v":"SERVENTE COM ENCARGOS COMPLEMENTARES"},null,"SINAPI",{"$f":"IF(D23=\"SINAPI\",VLOOKUP(A23,SINAPI,3,0),IF(D23=\"SETOP\",VLOOKUP(A23,SETOP,4,0),IF(D23=\"CPU\",VLOOKUP(A23,COMPOSIÇÃO,5,0),VLOOKUP(A23,COTAÇÃO,8,0))))","v":"H"},0.1,{"$f":"IF(D23=\"SINAPI\",VLOOKUP(A23,SINAPI,4,0),IF(D23=\"SETOP\",VLOOKUP(A23,SETOP,5,0),IF(D23=\"CPU\",VLOOKUP(A23,COMPOSIÇÃO,8,0),VLOOKUP(A23,COTAÇÃO,11,0))))","v":14.11},{"$f":"F23*G23","v":1.411}]
[4,{"$f":"VLOOKUP(A24,ORC,2,3)","v":"SISTEMA DE CAPTAÇÃO DE ÁGUA"}]
["DAC-4.1","LUVA DE CORRER, PVC PBA, JE, DN 50 / DE 60 MM, PARA REDE AGUA (NBR 10351) - FORNECIMENTO E INSTALAÇÃO",null,"CPU","UN ",null,null,{"$f":"SUM(H26:H28)","v":19.739279999999997},"ED-50374",{"$f":"IF(L25=\"SINAPI\",VLOOKUP(I25,SINAPI,2,0),IF(L25=\"SETOP\",VLOOKUP(I25,SETOP,3,0),IF(L25=\"CPU\",VLOOKUP(I25,COMPOSIÇÃO,2,0),VLOOKUP(I25,COTAÇÃO,3,0))))","v":"BOMBEIRO/ENCANADOR COM ENCARGOS COMPLEMENTARES"},null,"SETOP",{"$f":"IF(L25=\"SINAPI\",VLOOKUP(I25,SINAPI,3,0),IF(L25=\"SETOP\",VLOOKUP(I25,SETOP,4,0),IF(L25=\"CPU\",VLOOKUP(I25,COMPOSIÇÃO,5,0),VLOOKUP(I25,COTAÇÃO,8,0))))","v":"HORA"},0.5,{"$f":"IF(L25=\"SINAPI\",VLOOKUP(I25,SINAPI,4,0),IF(L25=\"SETOP\",VLOOKUP(I25,SETOP,5,0),IF(L25=\"CPU\",VLOOKUP(I25,COMPOSIÇÃO,8,0),VLOOKUP(I25,COTAÇÃO,11,0))))","v":19.149999999999999},{"$f":"N25*O25","v":9.5749999999999993},"ED-50374",{"$f":"IF(T25=\"SINAPI\",VLOOKUP(Q25,SINAPI,2,0),IF(T25=\"SETOP\",VLOOKUP(Q25,SETOP,3,0),IF(T25=\"CPU\",VLOOKUP(Q25,COMPOSIÇÃO,2,0),VLOOKUP(Q25,COTAÇÃO,3,0))))","v":"BOMBEIRO/ENCANADOR COM ENCARGOS COMPLEMENTARES"},null,"SETOP",{"$f":"IF(T25=\"SINAPI\",VLOOKUP(Q25,SINAPI,3,0),IF(T25=\"SETOP\",VLOOKUP(Q25,SETOP,4,0),IF(T25=\"CPU\",VLOOKUP(Q25,COMPOSIÇÃO,5,0),VLOOKUP(Q25,COTAÇÃO,8,0))))","v":"HORA"},0.5,{"$f":"IF(T25=\"SINAPI\",VLOOKUP(Q25,SINAPI,4,0),IF(T25=\"SETOP\",VLOOKUP(Q25,SETOP,5,0),IF(T25=\"CPU\",VLOOKUP(Q25,COMPOSIÇÃO,8,0),VLOOKUP(Q25,COTAÇÃO,11,0))))","v":19.149999999999999},{"$f":"V25*W25","v":9.5749999999999993},"ED-50374",{"$f":"IF(AB25=\"SINAPI\",VLOOKUP(Y25,SINAPI,2,0),IF(AB25=\"SETOP\",VLOOKUP(Y25,SETOP,3,0),IF(AB25=\"CPU\",VLOOKUP(Y25,COMPOSIÇÃO,2,0),VLOOKUP(Y25,COTAÇÃO,3,0))))","v":"BOMBEIRO/ENCANADOR COM ENCARGOS COMPLEMENTARES"},null,"SETOP",{"$f":"IF(AB25=\"SINAPI\",VLOOKUP(Y25,SINAPI,3,0),IF(AB25=\"SETOP\",VLOOKUP(Y25,SETOP,4,0),IF(AB25=\"CPU\",VLOOKUP(Y25,COMPOSIÇÃO,5,0),VLOOKUP(Y25,COTAÇÃO,8,0))))","v":"HORA"},0.5,{"$f":"IF(AB25=\"SINAPI\",VLOOKUP(Y25,SINAPI,4,0),IF(AB25=\"SETOP\",VLOOKUP(Y25,SETOP,5,0),IF(AB25=\"CPU\",VLOOKUP(Y25,COMPOSIÇÃO,8,0),VLOOKUP(Y25,COTAÇÃO,11,0))))","v":19.149999999999999},{"$f":"AD25*AE25","v":9.5749999999999993},"ED-50374",{"$f":"IF(AJ25=\"SINAPI\",VLOOKUP(AG25,SINAPI,2,0),IF(AJ25=\"SETOP\",VLOOKUP(AG25,SETOP,3,0),IF(AJ25=\"CPU\",VLOOKUP(AG25,COMPOSIÇÃO,2,0),VLOOKUP(AG25,COTAÇÃO,3,0))))","v":"BOMBEIRO/ENCANADOR COM ENCARGOS COMPLEMENTARES"},null,"SETOP",{"$f":"IF(AJ25=\"SINAPI\",VLOOKUP(AG25,SINAPI,3,0),IF(AJ25=\"SETOP\",VLOOKUP(AG25,SETOP,4,0),IF(AJ25=\"CPU\",VLOOKUP(AG25,COMPOSIÇÃO,5,0),VLOOKUP(AG25,COTAÇÃO,8,0))))","v":"HORA"},0.5,{"$f":"IF(AJ25=\"SINAPI\",VLOOKUP(AG25,SINAPI,4,0),IF(AJ25=\"SETOP\",VLOOKUP(AG25,SETOP,5,0),IF(AJ25=\"CPU\",VLOOKUP(AG25,COMPOSIÇÃO,8,0),VLOOKUP(AG25,COTAÇÃO,11,0))))","v":19.149999999999999},{"$f":"AL25*AM25","v":9.5749999999999993},"ED-50374",{"$f":"IF(AR25=\"SINAPI\",VLOOKUP(AO25,SINAPI,2,0),IF(AR25=\"SETOP\",VLOOKUP(AO25,SETOP,3,0),IF(AR25=\"CPU\",VLOOKUP(AO25,COMPOSIÇÃO,2,0),VLOOKUP(AO25,COTAÇÃO,3,0))))","v":"BOMBEIRO/ENCANADOR COM ENCARGOS COMPLEMENTARES"},null,"SETOP",{"$f":"IF(AR25=\"SINAPI\",VLOOKUP(AO25,SINAPI,3,0),IF(AR25=\"SETOP\",VLOOKUP(AO25,SETOP,4,0),IF(AR25=\"CPU\",VLOOKUP(AO25,COMPOSIÇÃO,5,0),VLOOKUP(AO25,COTAÇÃO,8,0))))","v":"HORA"},0.5,{"$f":"IF(AR25=\"SINAPI\",VLOOKUP(AO25,SINAPI,4,0),IF(AR25=\"SETOP\",VLOOKUP(AO25,SETOP,5,0),IF(AR25=\"CPU\",VLOOKUP(AO25,COMPOSIÇÃO,8,0),VLOOKUP(AO25,COTAÇÃO,11,0))))","v":19.149999999999999},{"$f":"AT25*AU25","v":9.5749999999999993},"ED-50374",{"$f":"IF(AZ25=\"SINAPI\",VLOOKUP(AW25,SINAPI,2,0),IF(AZ25=\"SETOP\",VLOOKUP(AW25,SETOP,3,0),IF(AZ25=\"CPU\",VLOOKUP(AW25,COMPOSIÇÃO,2,0),VLOOKUP(AW25,COTAÇÃO,3,0))))","v":"BOMBEIRO/ENCANADOR COM ENCARGOS COMPLEMENTARES"},null,"SETOP",{"$f":"IF(AZ25=\"SINAPI\",VLOOKUP(AW25,SINAPI,3,0),IF(AZ25=\"SETOP\",VLOOKUP(AW25,SETOP,4,0),IF(AZ25=\"CPU\",VLOOKUP(AW25,COMPOSIÇÃO,5,0),VLOOKUP(AW25,COTAÇÃO,8,0))))","v":"HORA"},0.5,{"$f":"IF(AZ25=\"SINAPI\",VLOOKUP(AW25,SINAPI,4,0),IF(AZ25=\"SETOP\",VLOOKUP(AW25,SETOP,5,0),IF(AZ25=\"CPU\",VLOOKUP(AW25,COMPOSIÇÃO,8,0),VLOOKUP(AW25,COTAÇÃO,11,0))))","v":19.149999999999999},{"$f":"BB25*BC25","v":9.5749999999999993},"ED-50374",{"$f":"IF(BH25=\"SINAPI\",VLOOKUP(BE25,SINAPI,2,0),IF(BH25=\"SETOP\",VLOOKUP(BE25,SETOP,3,0),IF(BH25=\"CPU\",VLOOKUP(BE25,COMPOSIÇÃO,2,0),VLOOKUP(BE25,COTAÇÃO,3,0))))","v":"BOMBEIRO/ENCANADOR COM ENCARGOS COMPLEMENTARES"},null,"SETOP",{"$f":"IF(BH25=\"SINAPI\",VLOOKUP(BE25,SINAPI,3,0),IF(BH25=\"SETOP\",VLOOKUP(BE25,SETOP,4,0),IF(BH25=\"CPU\",VLOOKUP(BE25,COMPOSIÇÃO,5,0),VLOOKUP(BE25,COTAÇÃO,8,0))))","v":"HORA"},0.5,{"$f":"IF(BH25=\"SINAPI\",VLOOKUP(BE25,SINAPI,4,0),IF(BH25=\"SETOP\",VLOOKUP(BE25,SETOP,5,0),IF(BH25=\"CPU\",VLOOKUP(BE25,COMPOSIÇÃO,8,0),VLOOKUP(BE25,COTAÇÃO,11,0))))","v":19.149999999999999},{"$f":"BJ25*BK25","v":9.5749999999999993},"ED-50374",{"$f":"IF(BP25=\"SINAPI\",VLOOKUP(BM25,SINAPI,2,0),IF(BP25=\"SETOP\",VLOOKUP(BM25,SETOP,3,0),IF(BP25=\"CPU\",VLOOKUP(BM25,COMPOSIÇÃO,2,0),VLOOKUP(BM25,COTAÇÃO,3,0))))","v":"BOMBEIRO/ENCANADOR COM ENCARGOS COMPLEMENTARES"},null,"SETOP",{"$f":"IF(BP25=\"SINAPI\",VLOOKUP(BM25,SINAPI,3,0),IF(BP25=\"SETOP\",VLOOKUP(BM25,SETOP,4,0),IF(BP25=\"CPU\",VLOOKUP(BM25,COMPOSIÇÃO,5,0),VLOOKUP(BM25,COTAÇÃO,8,0))))","v":"HORA"},0.5,{"$f":"IF(BP25=\"SINAPI\",VLOOKUP(BM25,SINAPI,4,0),IF(BP25=\"SETOP\",VLOOKUP(BM25,SETOP,5,0),IF(BP25=\"CPU\",VLOOKUP(BM25,COMPOSIÇÃO,8,0),VLOOKUP(BM25,COTAÇÃO,11,0))))","v":19.149999999999999},{"$f":"BR25*BS25","v":9.5749999999999993},"ED-50374",{"$f":"IF(BX25=\"SINAPI\",VLOOKUP(BU25,SINAPI,2,0),IF(BX25=\"SETOP\",VLOOKUP(BU25,SETOP,3,0),IF(BX25=\"CPU\",VLOOKUP(BU25,COMPOSIÇÃO,2,0),VLOOKUP(BU25,COTAÇÃO,3,0))))","v":"BOMBEIRO/ENCANADOR COM ENCARGOS COMPLEMENTARES"},null,"SETOP",{"$f":"IF(BX25=\"SINAPI\",VLOOKUP(BU25,SINAPI,3,0),IF(BX25=\"SETOP\",VLOOKUP(BU25,SETOP,4,0),IF(BX25=\"CPU\",VLOOKUP(BU25,COMPOSIÇÃO,5,0),VLOOKUP(BU25,COTAÇÃO,8,0))))","v":"HORA"},0.5,{"$f":"IF(BX25=\"SINAPI\",VLOOKUP(BU25,SINAPI,4,0),IF(BX25=\"SETOP\",VLOOKUP(BU25,SETOP,5,0),IF(BX25=\"CPU\",VLOOKUP(BU25,COMPOSIÇÃO,8,0),VLOOKUP(BU25,COTAÇÃO,11,0))))","v":19.149999999999999},{"$f":"BZ25*CA25","v":9.5749999999999993},"ED-50374",{"$f":"IF(CF25=\"SINAPI\",VLOOKUP(CC25,SINAPI,2,0),IF(CF25=\"SETOP\",VLOOKUP(CC25,SETOP,3,0),IF(CF25=\"CPU\",VLOOKUP(CC25,COMPOSIÇÃO,2,0),VLOOKUP(CC25,COTAÇÃO,3,0))))","v":"BOMBEIRO/ENCANADOR COM ENCARGOS COMPLEMENTARES"},null,"SETOP",{"$f":"IF(CF25=\"SINAPI\",VLOOKUP(CC25,SINAPI,3,0),IF(CF25=\"SETOP\",VLOOKUP(CC25,SETOP,4,0),IF(CF25=\"CPU\",VLOOKUP(CC25,COMPOSIÇÃO,5,0),VLOOKUP(CC25,COTAÇÃO,8,0))))","v":"HORA"},0.5,{"$f":"IF(CF25=\"SINAPI\",VLOOKUP(CC25,SINAPI,4,0),IF(CF25=\"SETOP\",VLOOKUP(CC25,SETOP,5,0),IF(CF25=\"CPU\",VLOOKUP(CC25,COMPOSIÇÃO,8,0),VLOOKUP(CC25,COTAÇÃO,11,0))))","v":19.149999999999999},{"$f":"CH25*CI25","v":9.5749999999999993},"ED-50374",{"$f":"IF(CN25=\"SINAPI\",VLOOKUP(CK25,SINAPI,2,0),IF(CN25=\"SETOP\",VLOOKUP(CK25,SETOP,3,0),IF(CN25=\"CPU\",VLOOKUP(CK25,COMPOSIÇÃO,2,0),VLOOKUP(CK25,COTAÇÃO,3,0))))","v":"BOMBEIRO/ENCANADOR COM ENCARGOS COMPLEMENTARES"},null,"SETOP",{"$f":"IF(CN25=\"SINAPI\",VLOOKUP(CK25,SINAPI,3,0),IF(CN25=\"SETOP\",VLOOKUP(CK25,SETOP,4,0),IF(CN25=\"CPU\",VLOOKUP(CK25,COMPOSIÇÃO,5,0),VLOOKUP(CK25,COTAÇÃO,8,0))))","v":"HORA"},0.5,{"$f":"IF(CN25=\"SINAPI\",VLOOKUP(CK25,SINAPI,4,0),IF(CN25=\"SETOP\",VLOOKUP(CK25,SETOP,5,0),IF(CN25=\"CPU\",VLOOKUP(CK25,COMPOSIÇÃO,8,0),VLOOKUP(CK25,COTAÇÃO,11,0))))","v":19.149999999999999},{"$f":"CP25*CQ25","v":9.5749999999999993},"ED-50374",{"$f":"IF(CV25=\"SINAPI\",VLOOKUP(CS25,SINAPI,2,0),IF(CV25=\"SETOP\",VLOOKUP(CS25,SETOP,3,0),IF(CV25=\"CPU\",VLOOKUP(CS25,COMPOSIÇÃO,2,0),VLOOKUP(CS25,COTAÇÃO,3,0))))","v":"BOMBEIRO/ENCANADOR COM ENCARGOS COMPLEMENTARES"},null,"SETOP",{"$f":"IF(CV25=\"SINAPI\",VLOOKUP(CS25,SINAPI,3,0),IF(CV25=\"SETOP\",VLOOKUP(CS25,SETOP,4,0),IF(CV25=\"CPU\",VLOOKUP(CS25,COMPOSIÇÃO,5,0),VLOOKUP(CS25,COTAÇÃO,8,0))))","v":"HORA"},0.5,{"$f":"IF(CV25=\"SINAPI\",VLOOKUP(CS25,SINAPI,4,0),IF(CV25=\"SETOP\",VLOOKUP(CS25,SETOP,5,0),IF(CV25=\"CPU\",VLOOKUP(CS25,COMPOSIÇÃO,8,0),VLOOKUP(CS25,COTAÇÃO,11,0))))","v":19.149999999999999},{"$f":"CX25*CY25","v":9.5749999999999993},"ED-50374",{"$f":"IF(DD25=\"SINAPI\",VLOOKUP(DA25,SINAPI,2,0),IF(DD25=\"SETOP\",VLOOKUP(DA25,SETOP,3,0),IF(DD25=\"CPU\",VLOOKUP(DA25,COMPOSIÇÃO,2,0),VLOOKUP(DA25,COTAÇÃO,3,0))))","v":"BOMBEIRO/ENCANADOR COM ENCARGOS COMPLEMENTARES"},null,"SETOP",{"$f":"IF(DD25=\"SINAPI\",VLOOKUP(DA25,SINAPI,3,0),IF(DD25=\"SETOP\",VLOOKUP(DA25,SETOP,4,0),IF(DD25=\"CPU\",VLOOKUP(DA25,COMPOSIÇÃO,5,0),VLOOKUP(DA25,COTAÇÃO,8,0))))","v":"HORA"},0.5,{"$f":"IF(DD25=\"SINAPI\",VLOOKUP(DA25,SINAPI,4,0),IF(DD25=\"SETOP\",VLOOKUP(DA25,SETOP,5,0),IF(DD25=\"CPU\",VLOOKUP(DA25,COMPOSIÇÃO,8,0),VLOOKUP(DA25,COTAÇÃO,11,0))))","v":19.149999999999999},{"$f":"DF25*DG25","v":9.5749999999999993},"ED-50374",{"$f":"IF(DL25=\"SINAPI\",VLOOKUP(DI25,SINAPI,2,0),IF(DL25=\"SETOP\",VLOOKUP(DI25,SETOP,3,0),IF(DL25=\"CPU\",VLOOKUP(DI25,COMPOSIÇÃO,2,0),VLOOKUP(DI25,COTAÇÃO,3,0))))","v":"BOMBEIRO/ENCANADOR COM ENCARGOS COMPLEMENTARES"},null,"SETOP",{"$f":"IF(DL25=\"SINAPI\",VLOOKUP(DI25,SINAPI,3,0),IF(DL25=\"SETOP\",VLOOKUP(DI25,SETOP,4,0),IF(DL25=\"CPU\",VLOOKUP(DI25,COMPOSIÇÃO,5,0),VLOOKUP(DI25,COTAÇÃO,8,0))))","v":"HORA"},0.5,{"$f":"IF(DL25=\"SINAPI\",VLOOKUP(DI25,SINAPI,4,0),IF(DL25=\"SETOP\",VLOOKUP(DI25,SETOP,5,0),IF(DL25=\"CPU\",VLOOKUP(DI25,COMPOSIÇÃO,8,0),VLOOKUP(DI25,COTAÇÃO,11,0))))","v":19.149999999999999},{"$f":"DN25*DO25","v":9.5749999999999993},"ED-50374",{"$f":"IF(DT25=\"SINAPI\",VLOOKUP(DQ25,SINAPI,2,0),IF(DT25=\"SETOP\",VLOOKUP(DQ25,SETOP,3,0),IF(DT25=\"CPU\",VLOOKUP(DQ25,COMPOSIÇÃO,2,0),VLOOKUP(DQ25,COTAÇÃO,3,0))))","v":"BOMBEIRO/ENCANADOR COM ENCARGOS COMPLEMENTARES"},null,"SETOP",{"$f":"IF(DT25=\"SINAPI\",VLOOKUP(DQ25,SINAPI,3,0),IF(DT25=\"SETOP\",VLOOKUP(DQ25,SETOP,4,0),IF(DT25=\"CPU\",VLOOKUP(DQ25,COMPOSIÇÃO,5,0),VLOOKUP(DQ25,COTAÇÃO,8,0))))","v":"HORA"},0.5,{"$f":"IF(DT25=\"SINAPI\",VLOOKUP(DQ25,SINAPI,4,0),IF(DT25=\"SETOP\",VLOOKUP(DQ25,SETOP,5,0),IF(DT25=\"CPU\",VLOOKUP(DQ25,COMPOSIÇÃO,8,0),VLOOKUP(DQ25,COTAÇÃO,11,0))))","v":19.149999999999999},{"$f":"DV25*DW25","v":9.5749999999999993},"ED-50374",{"$f":"IF(EB25=\"SINAPI\",VLOOKUP(DY25,SINAPI,2,0),IF(EB25=\"SETOP\",VLOOKUP(DY25,SETOP,3,0),IF(EB25=\"CPU\",VLOOKUP(DY25,COMPOSIÇÃO,2,0),VLOOKUP(DY25,COTAÇÃO,3,0))))","v":"BOMBEIRO/ENCANADOR COM ENCARGOS COMPLEMENTARES"},null,"SETOP",{"$f":"IF(EB25=\"SINAPI\",VLOOKUP(DY25,SINAPI,3,0),IF(EB25=\"SETOP\",VLOOKUP(DY25,SETOP,4,0),IF(EB25=\"CPU\",VLOOKUP(DY25,COMPOSIÇÃO,5,0),VLOOKUP(DY25,COTAÇÃO,8,0))))","v":"HORA"},0.5,{"$f":"IF(EB25=\"SINAPI\",VLOOKUP(DY25,SINAPI,4,0),IF(EB25=\"SETOP\",VLOOKUP(DY25,SETOP,5,0),IF(EB25=\"CPU\",VLOOKUP(DY25,COMPOSIÇÃO,8,0),VLOOKUP(DY25,COTAÇÃO,11,0))))","v":19.149999999999999},{"$f":"ED25*EE25","v":9.5749999999999993},"ED-50374",{"$f":"IF(EJ25=\"SINAPI\",VLOOKUP(EG25,SINAPI,2,0),IF(EJ25=\"SETOP\",VLOOKUP(EG25,SETOP,3,0),IF(EJ25=\"CPU\",VLOOKUP(EG25,COMPOSIÇÃO,2,0),VLOOKUP(EG25,COTAÇÃO,3,0))))","v":"BOMBEIRO/ENCANADOR COM ENCARGOS COMPLEMENTARES"},null,"SETOP",{"$f":"IF(EJ25=\"SINAPI\",VLOOKUP(EG25,SINAPI,3,0),IF(EJ25=\"SETOP\",VLOOKUP(EG25,SETOP,4,0),IF(EJ25=\"CPU\",VLOOKUP(EG25,COMPOSIÇÃO,5,0),VLOOKUP(EG25,COTAÇÃO,8,0))))","v":"HORA"},0.5,{"$f":"IF(EJ25=\"SINAPI\",VLOOKUP(EG25,SINAPI,4,0),IF(EJ25=\"SETOP\",VLOOKUP(EG25,SETOP,5,0),IF(EJ25=\"CPU\",VLOOKUP(EG25,COMPOSIÇÃO,8,0),VLOOKUP(EG25,COTAÇÃO,11,0))))","v":19.149999999999999},{"$f":"EL25*EM25","v":9.5749999999999993},"ED-50374",{"$f":"IF(ER25=\"SINAPI\",VLOOKUP(EO25,SINAPI,2,0),IF(ER25=\"SETOP\",VLOOKUP(EO25,SETOP,3,0),IF(ER25=\"CPU\",VLOOKUP(EO25,COMPOSIÇÃO,2,0),VLOOKUP(EO25,COTAÇÃO,3,0))))","v":"BOMBEIRO/ENCANADOR COM ENCARGOS COMPLEMENTARES"},null,"SETOP",{"$f":"IF(ER25=\"SINAPI\",VLOOKUP(EO25,SINAPI,3,0),IF(ER25=\"SETOP\",VLOOKUP(EO25,SETOP,4,0),IF(ER25=\"CPU\",VLOOKUP(EO25,COMPOSIÇÃO,5,0),VLOOKUP(EO25,COTAÇÃO,8,0))))","v":"HORA"},0.5,{"$f":"IF(ER25=\"SINAPI\",VLOOKUP(EO25,SINAPI,4,0),IF(ER25=\"SETOP\",VLOOKUP(EO25,SETOP,5,0),IF(ER25=\"CPU\",VLOOKUP(EO25,COMPOSIÇÃO,8,0),VLOOKUP(EO25,COTAÇÃO,11,0))))","v":19.149999999999999},{"$f":"ET25*EU25","v":9.5749999999999993},"ED-50374",{"$f":"IF(EZ25=\"SINAPI\",VLOOKUP(EW25,SINAPI,2,0),IF(EZ25=\"SETOP\",VLOOKUP(EW25,SETOP,3,0),IF(EZ25=\"CPU\",VLOOKUP(EW25,COMPOSIÇÃO,2,0),VLOOKUP(EW25,COTAÇÃO,3,0))))","v":"BOMBEIRO/ENCANADOR COM ENCARGOS COMPLEMENTARES"},null,"SETOP",{"$f":"IF(EZ25=\"SINAPI\",VLOOKUP(EW25,SINAPI,3,0),IF(EZ25=\"SETOP\",VLOOKUP(EW25,SETOP,4,0),IF(EZ25=\"CPU\",VLOOKUP(EW25,COMPOSIÇÃO,5,0),VLOOKUP(EW25,COTAÇÃO,8,0))))","v":"HORA"},0.5,{"$f":"IF(EZ25=\"SINAPI\",VLOOKUP(EW25,SINAPI,4,0),IF(EZ25=\"SETOP\",VLOOKUP(EW25,SETOP,5,0),IF(EZ25=\"CPU\",VLOOKUP(EW25,COMPOSIÇÃO,8,0),VLOOKUP(EW25,COTAÇÃO,11,0))))","v":19.149999999999999},{"$f":"FB25*FC25","v":9.5749999999999993},"ED-50374",{"$f":"IF(FH25=\"SINAPI\",VLOOKUP(FE25,SINAPI,2,0),IF(FH25=\"SETOP\",VLOOKUP(FE25,SETOP,3,0),IF(FH25=\"CPU\",VLOOKUP(FE25,COMPOSIÇÃO,2,0),VLOOKUP(FE25,COTAÇÃO,3,0))))","v":"BOMBEIRO/ENCANADOR COM ENCARGOS COMPLEMENTARES"},null,"SETOP",{"$f":"IF(FH25=\"SINAPI\",VLOOKUP(FE25,SINAPI,3,0),IF(FH25=\"SETOP\",VLOOKUP(FE25,SETOP,4,0),IF(FH25=\"CPU\",VLOOKUP(FE25,COMPOSIÇÃO,5,0),VLOOKUP(FE25,COTAÇÃO,8,0))))","v":"HORA"},0.5,{"$f":"IF(FH25=\"SINAPI\",VLOOKUP(FE25,SINAPI,4,0),IF(FH25=\"SETOP\",VLOOKUP(FE25,SETOP,5,0),IF(FH25=\"CPU\",VLOOKUP(FE25,COMPOSIÇÃO,8,0),VLOOKUP(FE25,COTAÇÃO,11,0))))","v":19.149999999999999},{"$f":"FJ25*FK25","v":9.5749999999999993},"ED-50374",{"$f":"IF(FP25=\"SINAPI\",VLOOKUP(FM25,SINAPI,2,0),IF(FP25=\"SETOP\",VLOOKUP(FM25,SETOP,3,0),IF(FP25=\"CPU\",VLOOKUP(FM25,COMPOSIÇÃO,2,0),VLOOKUP(FM25,COTAÇÃO,3,0))))","v":"BOMBEIRO/ENCANADOR COM ENCARGOS COMPLEMENTARES"},null,"SETOP",{"$f":"IF(FP25=\"SINAPI\",VLOOKUP(FM25,SINAPI,3,0),IF(FP25=\"SETOP\",VLOOKUP(FM25,SETOP,4,0),IF(FP25=\"CPU\",VLOOKUP(FM25,COMPOSIÇÃO,5,0),VLOOKUP(FM25,COTAÇÃO,8,0))))","v":"HORA"},0.5,{"$f":"IF(FP25=\"SINAPI\",VLOOKUP(FM25,SINAPI,4,0),IF(FP25=\"SETOP\",VLOOKUP(FM25,SETOP,5,0),IF(FP25=\"CPU\",VLOOKUP(FM25,COMPOSIÇÃO,8,0),VLOOKUP(FM25,COTAÇÃO,11,0))))","v":19.149999999999999},{"$f":"FR25*FS25","v":9.5749999999999993},"ED-50374",{"$f":"IF(FX25=\"SINAPI\",VLOOKUP(FU25,SINAPI,2,0),IF(FX25=\"SETOP\",VLOOKUP(FU25,SETOP,3,0),IF(FX25=\"CPU\",VLOOKUP(FU25,COMPOSIÇÃO,2,0),VLOOKUP(FU25,COTAÇÃO,3,0))))","v":"BOMBEIRO/ENCANADOR COM ENCARGOS COMPLEMENTARES"},null,"SETOP",{"$f":"IF(FX25=\"SINAPI\",VLOOKUP(FU25,SINAPI,3,0),IF(FX25=\"SETOP\",VLOOKUP(FU25,SETOP,4,0),IF(FX25=\"CPU\",VLOOKUP(FU25,COMPOSIÇÃO,5,0),VLOOKUP(FU25,COTAÇÃO,8,0))))","v":"HORA"},0.5,{"$f":"IF(FX25=\"SINAPI\",VLOOKUP(FU25,SINAPI,4,0),IF(FX25=\"SETOP\",VLOOKUP(FU25,SETOP,5,0),IF(FX25=\"CPU\",VLOOKUP(FU25,COMPOSIÇÃO,8,0),VLOOKUP(FU25,COTAÇÃO,11,0))))","v":19.149999999999999},{"$f":"FZ25*GA25","v":9.5749999999999993},"ED-50374",{"$f":"IF(GF25=\"SINAPI\",VLOOKUP(GC25,SINAPI,2,0),IF(GF25=\"SETOP\",VLOOKUP(GC25,SETOP,3,0),IF(GF25=\"CPU\",VLOOKUP(GC25,COMPOSIÇÃO,2,0),VLOOKUP(GC25,COTAÇÃO,3,0))))","v":"BOMBEIRO/ENCANADOR COM ENCARGOS COMPLEMENTARES"},null,"SETOP",{"$f":"IF(GF25=\"SINAPI\",VLOOKUP(GC25,SINAPI,3,0),IF(GF25=\"SETOP\",VLOOKUP(GC25,SETOP,4,0),IF(GF25=\"CPU\",VLOOKUP(GC25,COMPOSIÇÃO,5,0),VLOOKUP(GC25,COTAÇÃO,8,0))))","v":"HORA"},0.5,{"$f":"IF(GF25=\"SINAPI\",VLOOKUP(GC25,SINAPI,4,0),IF(GF25=\"SETOP\",VLOOKUP(GC25,SETOP,5,0),IF(GF25=\"CPU\",VLOOKUP(GC25,COMPOSIÇÃO,8,0),VLOOKUP(GC25,COTAÇÃO,11,0))))","v":19.149999999999999},{"$f":"GH25*GI25","v":9.5749999999999993},"ED-50374",{"$f":"IF(GN25=\"SINAPI\",VLOOKUP(GK25,SINAPI,2,0),IF(GN25=\"SETOP\",VLOOKUP(GK25,SETOP,3,0),IF(GN25=\"CPU\",VLOOKUP(GK25,COMPOSIÇÃO,2,0),VLOOKUP(GK25,COTAÇÃO,3,0))))","v":"BOMBEIRO/ENCANADOR COM ENCARGOS COMPLEMENTARES"},null,"SETOP",{"$f":"IF(GN25=\"SINAPI\",VLOOKUP(GK25,SINAPI,3,0),IF(GN25=\"SETOP\",VLOOKUP(GK25,SETOP,4,0),IF(GN25=\"CPU\",VLOOKUP(GK25,COMPOSIÇÃO,5,0),VLOOKUP(GK25,COTAÇÃO,8,0))))","v":"HORA"},0.5,{"$f":"IF(GN25=\"SINAPI\",VLOOKUP(GK25,SINAPI,4,0),IF(GN25=\"SETOP\",VLOOKUP(GK25,SETOP,5,0),IF(GN25=\"CPU\",VLOOKUP(GK25,COMPOSIÇÃO,8,0),VLOOKUP(GK25,COTAÇÃO,11,0))))","v":19.149999999999999},{"$f":"GP25*GQ25","v":9.5749999999999993},"ED-50374",{"$f":"IF(GV25=\"SINAPI\",VLOOKUP(GS25,SINAPI,2,0),IF(GV25=\"SETOP\",VLOOKUP(GS25,SETOP,3,0),IF(GV25=\"CPU\",VLOOKUP(GS25,COMPOSIÇÃO,2,0),VLOOKUP(GS25,COTAÇÃO,3,0))))","v":"BOMBEIRO/ENCANADOR COM ENCARGOS COMPLEMENTARES"},null,"SETOP",{"$f":"IF(GV25=\"SINAPI\",VLOOKUP(GS25,SINAPI,3,0),IF(GV25=\"SETOP\",VLOOKUP(GS25,SETOP,4,0),IF(GV25=\"CPU\",VLOOKUP(GS25,COMPOSIÇÃO,5,0),VLOOKUP(GS25,COTAÇÃO,8,0))))","v":"HORA"},0.5,{"$f":"IF(GV25=\"SINAPI\",VLOOKUP(GS25,SINAPI,4,0),IF(GV25=\"SETOP\",VLOOKUP(GS25,SETOP,5,0),IF(GV25=\"CPU\",VLOOKUP(GS25,COMPOSIÇÃO,8,0),VLOOKUP(GS25,COTAÇÃO,11,0))))","v":19.149999999999999},{"$f":"GX25*GY25","v":9.5749999999999993},"ED-50374",{"$f":"IF(HD25=\"SINAPI\",VLOOKUP(HA25,SINAPI,2,0),IF(HD25=\"SETOP\",VLOOKUP(HA25,SETOP,3,0),IF(HD25=\"CPU\",VLOOKUP(HA25,COMPOSIÇÃO,2,0),VLOOKUP(HA25,COTAÇÃO,3,0))))","v":"BOMBEIRO/ENCANADOR COM ENCARGOS COMPLEMENTARES"},null,"SETOP",{"$f":"IF(HD25=\"SINAPI\",VLOOKUP(HA25,SINAPI,3,0),IF(HD25=\"SETOP\",VLOOKUP(HA25,SETOP,4,0),IF(HD25=\"CPU\",VLOOKUP(HA25,COMPOSIÇÃO,5,0),VLOOKUP(HA25,COTAÇÃO,8,0))))","v":"HORA"},0.5,{"$f":"IF(HD25=\"SINAPI\",VLOOKUP(HA25,SINAPI,4,0),IF(HD25=\"SETOP\",VLOOKUP(HA25,SETOP,5,0),IF(HD25=\"CPU\",VLOOKUP(HA25,COMPOSIÇÃO,8,0),VLOOKUP(HA25,COTAÇÃO,11,0))))","v":19.149999999999999},{"$f":"HF25*HG25","v":9.5749999999999993},"ED-50374",{"$f":"IF(HL25=\"SINAPI\",VLOOKUP(HI25,SINAPI,2,0),IF(HL25=\"SETOP\",VLOOKUP(HI25,SETOP,3,0),IF(HL25=\"CPU\",VLOOKUP(HI25,COMPOSIÇÃO,2,0),VLOOKUP(HI25,COTAÇÃO,3,0))))","v":"BOMBEIRO/ENCANADOR COM ENCARGOS COMPLEMENTARES"},null,"SETOP",{"$f":"IF(HL25=\"SINAPI\",VLOOKUP(HI25,SINAPI,3,0),IF(HL25=\"SETOP\",VLOOKUP(HI25,SETOP,4,0),IF(HL25=\"CPU\",VLOOKUP(HI25,COMPOSIÇÃO,5,0),VLOOKUP(HI25,COTAÇÃO,8,0))))","v":"HORA"},0.5,{"$f":"IF(HL25=\"SINAPI\",VLOOKUP(HI25,SINAPI,4,0),IF(HL25=\"SETOP\",VLOOKUP(HI25,SETOP,5,0),IF(HL25=\"CPU\",VLOOKUP(HI25,COMPOSIÇÃO,8,0),VLOOKUP(HI25,COTAÇÃO,11,0))))","v":19.149999999999999},{"$f":"HN25*HO25","v":9.5749999999999993},"ED-50374",{"$f":"IF(HT25=\"SINAPI\",VLOOKUP(HQ25,SINAPI,2,0),IF(HT25=\"SETOP\",VLOOKUP(HQ25,SETOP,3,0),IF(HT25=\"CPU\",VLOOKUP(HQ25,COMPOSIÇÃO,2,0),VLOOKUP(HQ25,COTAÇÃO,3,0))))","v":"BOMBEIRO/ENCANADOR COM ENCARGOS COMPLEMENTARES"},null,"SETOP",{"$f":"IF(HT25=\"SINAPI\",VLOOKUP(HQ25,SINAPI,3,0),IF(HT25=\"SETOP\",VLOOKUP(HQ25,SETOP,4,0),IF(HT25=\"CPU\",VLOOKUP(HQ25,COMPOSIÇÃO,5,0),VLOOKUP(HQ25,COTAÇÃO,8,0))))","v":"HORA"},0.5,{"$f":"IF(HT25=\"SINAPI\",VLOOKUP(HQ25,SINAPI,4,0),IF(HT25=\"SETOP\",VLOOKUP(HQ25,SETOP,5,0),IF(HT25=\"CPU\",VLOOKUP(HQ25,COMPOSIÇÃO,8,0),VLOOKUP(HQ25,COTAÇÃO,11,0))))","v":19.149999999999999},{"$f":"HV25*HW25","v":9.5749999999999993},"ED-50374",{"$f":"IF(IB25=\"SINAPI\",VLOOKUP(HY25,SINAPI,2,0),IF(IB25=\"SETOP\",VLOOKUP(HY25,SETOP,3,0),IF(IB25=\"CPU\",VLOOKUP(HY25,COMPOSIÇÃO,2,0),VLOOKUP(HY25,COTAÇÃO,3,0))))","v":"BOMBEIRO/ENCANADOR COM ENCARGOS COMPLEMENTARES"},null,"SETOP",{"$f":"IF(IB25=\"SINAPI\",VLOOKUP(HY25,SINAPI,3,0),IF(IB25=\"SETOP\",VLOOKUP(HY25,SETOP,4,0),IF(IB25=\"CPU\",VLOOKUP(HY25,COMPOSIÇÃO,5,0),VLOOKUP(HY25,COTAÇÃO,8,0))))","v":"HORA"},0.5,{"$f":"IF(IB25=\"SINAPI\",VLOOKUP(HY25,SINAPI,4,0),IF(IB25=\"SETOP\",VLOOKUP(HY25,SETOP,5,0),IF(IB25=\"CPU\",VLOOKUP(HY25,COMPOSIÇÃO,8,0),VLOOKUP(HY25,COTAÇÃO,11,0))))","v":19.149999999999999},{"$f":"ID25*IE25","v":9.5749999999999993},"ED-50374",{"$f":"IF(IJ25=\"SINAPI\",VLOOKUP(IG25,SINAPI,2,0),IF(IJ25=\"SETOP\",VLOOKUP(IG25,SETOP,3,0),IF(IJ25=\"CPU\",VLOOKUP(IG25,COMPOSIÇÃO,2,0),VLOOKUP(IG25,COTAÇÃO,3,0))))","v":"BOMBEIRO/ENCANADOR COM ENCARGOS COMPLEMENTARES"},null,"SETOP",{"$f":"IF(IJ25=\"SINAPI\",VLOOKUP(IG25,SINAPI,3,0),IF(IJ25=\"SETOP\",VLOOKUP(IG25,SETOP,4,0),IF(IJ25=\"CPU\",VLOOKUP(IG25,COMPOSIÇÃO,5,0),VLOOKUP(IG25,COTAÇÃO,8,0))))","v":"HORA"},0.5,{"$f":"IF(IJ25=\"SINAPI\",VLOOKUP(IG25,SINAPI,4,0),IF(IJ25=\"SETOP\",VLOOKUP(IG25,SETOP,5,0),IF(IJ25=\"CPU\",VLOOKUP(IG25,COMPOSIÇÃO,8,0),VLOOKUP(IG25,COTAÇÃO,11,0))))","v":19.149999999999999},{"$f":"IL25*IM25","v":9.5749999999999993},"ED-50374",{"$f":"IF(IR25=\"SINAPI\",VLOOKUP(IO25,SINAPI,2,0),IF(IR25=\"SETOP\",VLOOKUP(IO25,SETOP,3,0),IF(IR25=\"CPU\",VLOOKUP(IO25,COMPOSIÇÃO,2,0),VLOOKUP(IO25,COTAÇÃO,3,0))))","v":"BOMBEIRO/ENCANADOR COM ENCARGOS COMPLEMENTARES"},null,"SETOP",{"$f":"IF(IR25=\"SINAPI\",VLOOKUP(IO25,SINAPI,3,0),IF(IR25=\"SETOP\",VLOOKUP(IO25,SETOP,4,0),IF(IR25=\"CPU\",VLOOKUP(IO25,COMPOSIÇÃO,5,0),VLOOKUP(IO25,COTAÇÃO,8,0))))","v":"HORA"},0.5,{"$f":"IF(IR25=\"SINAPI\",VLOOKUP(IO25,SINAPI,4,0),IF(IR25=\"SETOP\",VLOOKUP(IO25,SETOP,5,0),IF(IR25=\"CPU\",VLOOKUP(IO25,COMPOSIÇÃO,8,0),VLOOKUP(IO25,COTAÇÃO,11,0))))","v":19.149999999999999},{"$f":"IT25*IU25","v":9.5749999999999993},"ED-50374",{"$f":"IF(IZ25=\"SINAPI\",VLOOKUP(IW25,SINAPI,2,0),IF(IZ25=\"SETOP\",VLOOKUP(IW25,SETOP,3,0),IF(IZ25=\"CPU\",VLOOKUP(IW25,COMPOSIÇÃO,2,0),VLOOKUP(IW25,COTAÇÃO,3,0))))","v":"BOMBEIRO/ENCANADOR COM ENCARGOS COMPLEMENTARES"},null,"SETOP",{"$f":"IF(IZ25=\"SINAPI\",VLOOKUP(IW25,SINAPI,3,0),IF(IZ25=\"SETOP\",VLOOKUP(IW25,SETOP,4,0),IF(IZ25=\"CPU\",VLOOKUP(IW25,COMPOSIÇÃO,5,0),VLOOKUP(IW25,COTAÇÃO,8,0))))","v":"HORA"},0.5,{"$f":"IF(IZ25=\"SINAPI\",VLOOKUP(IW25,SINAPI,4,0),IF(IZ25=\"SETOP\",VLOOKUP(IW25,SETOP,5,0),IF(IZ25=\"CPU\",VLOOKUP(IW25,COMPOSIÇÃO,8,0),VLOOKUP(IW25,COTAÇÃO,11,0))))","v":19.149999999999999},{"$f":"JB25*JC25","v":9.5749999999999993},"ED-50374",{"$f":"IF(JH25=\"SINAPI\",VLOOKUP(JE25,SINAPI,2,0),IF(JH25=\"SETOP\",VLOOKUP(JE25,SETOP,3,0),IF(JH25=\"CPU\",VLOOKUP(JE25,COMPOSIÇÃO,2,0),VLOOKUP(JE25,COTAÇÃO,3,0))))","v":"BOMBEIRO/ENCANADOR COM ENCARGOS COMPLEMENTARES"},null,"SETOP",{"$f":"IF(JH25=\"SINAPI\",VLOOKUP(JE25,SINAPI,3,0),IF(JH25=\"SETOP\",VLOOKUP(JE25,SETOP,4,0),IF(JH25=\"CPU\",VLOOKUP(JE25,COMPOSIÇÃO,5,0),VLOOKUP(JE25,COTAÇÃO,8,0))))","v":"HORA"},0.5,{"$f":"IF(JH25=\"SINAPI\",VLOOKUP(JE25,SINAPI,4,0),IF(JH25=\"SETOP\",VLOOKUP(JE25,SETOP,5,0),IF(JH25=\"CPU\",VLOOKUP(JE25,COMPOSIÇÃO,8,0),VLOOKUP(JE25,COTAÇÃO,11,0))))","v":19.149999999999999},{"$f":"JJ25*JK25","v":9.5749999999999993},"ED-50374",{"$f":"IF(JP25=\"SINAPI\",VLOOKUP(JM25,SINAPI,2,0),IF(JP25=\"SETOP\",VLOOKUP(JM25,SETOP,3,0),IF(JP25=\"CPU\",VLOOKUP(JM25,COMPOSIÇÃO,2,0),VLOOKUP(JM25,COTAÇÃO,3,0))))","v":"BOMBEIRO/ENCANADOR COM ENCARGOS COMPLEMENTARES"},null,"SETOP",{"$f":"IF(JP25=\"SINAPI\",VLOOKUP(JM25,SINAPI,3,0),IF(JP25=\"SETOP\",VLOOKUP(JM25,SETOP,4,0),IF(JP25=\"CPU\",VLOOKUP(JM25,COMPOSIÇÃO,5,0),VLOOKUP(JM25,COTAÇÃO,8,0))))","v":"HORA"},0.5,{"$f":"IF(JP25=\"SINAPI\",VLOOKUP(JM25,SINAPI,4,0),IF(JP25=\"SETOP\",VLOOKUP(JM25,SETOP,5,0),IF(JP25=\"CPU\",VLOOKUP(JM25,COMPOSIÇÃO,8,0),VLOOKUP(JM25,COTAÇÃO,11,0))))","v":19.149999999999999},{"$f":"JR25*JS25","v":9.5749999999999993},"ED-50374",{"$f":"IF(JX25=\"SINAPI\",VLOOKUP(JU25,SINAPI,2,0),IF(JX25=\"SETOP\",VLOOKUP(JU25,SETOP,3,0),IF(JX25=\"CPU\",VLOOKUP(JU25,COMPOSIÇÃO,2,0),VLOOKUP(JU25,COTAÇÃO,3,0))))","v":"BOMBEIRO/ENCANADOR COM ENCARGOS COMPLEMENTARES"},null,"SETOP",{"$f":"IF(JX25=\"SINAPI\",VLOOKUP(JU25,SINAPI,3,0),IF(JX25=\"SETOP\",VLOOKUP(JU25,SETOP,4,0),IF(JX25=\"CPU\",VLOOKUP(JU25,COMPOSIÇÃO,5,0),VLOOKUP(JU25,COTAÇÃO,8,0))))","v":"HORA"},0.5,{"$f":"IF(JX25=\"SINAPI\",VLOOKUP(JU25,SINAPI,4,0),IF(JX25=\"SETOP\",VLOOKUP(JU25,SETOP,5,0),IF(JX25=\"CPU\",VLOOKUP(JU25,COMPOSIÇÃO,8,0),VLOOKUP(JU25,COTAÇÃO,11,0))))","v":19.149999999999999},{"$f":"JZ25*KA25","v":9.5749999999999993},"ED-50374",{"$f":"IF(KF25=\"SINAPI\",VLOOKUP(KC25,SINAPI,2,0),IF(KF25=\"SETOP\",VLOOKUP(KC25,SETOP,3,0),IF(KF25=\"CPU\",VLOOKUP(KC25,COMPOSIÇÃO,2,0),VLOOKUP(KC25,COTAÇÃO,3,0))))","v":"BOMBEIRO/ENCANADOR COM ENCARGOS COMPLEMENTARES"},null,"SETOP",{"$f":"IF(KF25=\"SINAPI\",VLOOKUP(KC25,SINAPI,3,0),IF(KF25=\"SETOP\",VLOOKUP(KC25,SETOP,4,0),IF(KF25=\"CPU\",VLOOKUP(KC25,COMPOSIÇÃO,5,0),VLOOKUP(KC25,COTAÇÃO,8,0))))","v":"HORA"},0.5,{"$f":"IF(KF25=\"SINAPI\",VLOOKUP(KC25,SINAPI,4,0),IF(KF25=\"SETOP\",VLOOKUP(KC25,SETOP,5,0),IF(KF25=\"CPU\",VLOOKUP(KC25,COMPOSIÇÃO,8,0),VLOOKUP(KC25,COTAÇÃO,11,0))))","v":19.149999999999999},{"$f":"KH25*KI25","v":9.5749999999999993},"ED-50374",{"$f":"IF(KN25=\"SINAPI\",VLOOKUP(KK25,SINAPI,2,0),IF(KN25=\"SETOP\",VLOOKUP(KK25,SETOP,3,0),IF(KN25=\"CPU\",VLOOKUP(KK25,COMPOSIÇÃO,2,0),VLOOKUP(KK25,COTAÇÃO,3,0))))","v":"BOMBEIRO/ENCANADOR COM ENCARGOS COMPLEMENTARES"},null,"SETOP",{"$f":"IF(KN25=\"SINAPI\",VLOOKUP(KK25,SINAPI,3,0),IF(KN25=\"SETOP\",VLOOKUP(KK25,SETOP,4,0),IF(KN25=\"CPU\",VLOOKUP(KK25,COMPOSIÇÃO,5,0),VLOOKUP(KK25,COTAÇÃO,8,0))))","v":"HORA"},0.5,{"$f":"IF(KN25=\"SINAPI\",VLOOKUP(KK25,SINAPI,4,0),IF(KN25=\"SETOP\",VLOOKUP(KK25,SETOP,5,0),IF(KN25=\"CPU\",VLOOKUP(KK25,COMPOSIÇÃO,8,0),VLOOKUP(KK25,COTAÇÃO,11,0))))","v":19.149999999999999},{"$f":"KP25*KQ25","v":9.5749999999999993},"ED-50374",{"$f":"IF(KV25=\"SINAPI\",VLOOKUP(KS25,SINAPI,2,0),IF(KV25=\"SETOP\",VLOOKUP(KS25,SETOP,3,0),IF(KV25=\"CPU\",VLOOKUP(KS25,COMPOSIÇÃO,2,0),VLOOKUP(KS25,COTAÇÃO,3,0))))","v":"BOMBEIRO/ENCANADOR COM ENCARGOS COMPLEMENTARES"},null,"SETOP",{"$f":"IF(KV25=\"SINAPI\",VLOOKUP(KS25,SINAPI,3,0),IF(KV25=\"SETOP\",VLOOKUP(KS25,SETOP,4,0),IF(KV25=\"CPU\",VLOOKUP(KS25,COMPOSIÇÃO,5,0),VLOOKUP(KS25,COTAÇÃO,8,0))))","v":"HORA"},0.5,{"$f":"IF(KV25=\"SINAPI\",VLOOKUP(KS25,SINAPI,4,0),IF(KV25=\"SETOP\",VLOOKUP(KS25,SETOP,5,0),IF(KV25=\"CPU\",VLOOKUP(KS25,COMPOSIÇÃO,8,0),VLOOKUP(KS25,COTAÇÃO,11,0))))","v":19.149999999999999},{"$f":"KX25*KY25","v":9.5749999999999993},"ED-50374",{"$f":"IF(LD25=\"SINAPI\",VLOOKUP(LA25,SINAPI,2,0),IF(LD25=\"SETOP\",VLOOKUP(LA25,SETOP,3,0),IF(LD25=\"CPU\",VLOOKUP(LA25,COMPOSIÇÃO,2,0),VLOOKUP(LA25,COTAÇÃO,3,0))))","v":"BOMBEIRO/ENCANADOR COM ENCARGOS COMPLEMENTARES"},null,"SETOP",{"$f":"IF(LD25=\"SINAPI\",VLOOKUP(LA25,SINAPI,3,0),IF(LD25=\"SETOP\",VLOOKUP(LA25,SETOP,4,0),IF(LD25=\"CPU\",VLOOKUP(LA25,COMPOSIÇÃO,5,0),VLOOKUP(LA25,COTAÇÃO,8,0))))","v":"HORA"},0.5,{"$f":"IF(LD25=\"SINAPI\",VLOOKUP(LA25,SINAPI,4,0),IF(LD25=\"SETOP\",VLOOKUP(LA25,SETOP,5,0),IF(LD25=\"CPU\",VLOOKUP(LA25,COMPOSIÇÃO,8,0),VLOOKUP(LA25,COTAÇÃO,11,0))))","v":19.149999999999999},{"$f":"LF25*LG25","v":9.5749999999999993},"ED-50374",{"$f":"IF(LL25=\"SINAPI\",VLOOKUP(LI25,SINAPI,2,0),IF(LL25=\"SETOP\",VLOOKUP(LI25,SETOP,3,0),IF(LL25=\"CPU\",VLOOKUP(LI25,COMPOSIÇÃO,2,0),VLOOKUP(LI25,COTAÇÃO,3,0))))","v":"BOMBEIRO/ENCANADOR COM ENCARGOS COMPLEMENTARES"},null,"SETOP",{"$f":"IF(LL25=\"SINAPI\",VLOOKUP(LI25,SINAPI,3,0),IF(LL25=\"SETOP\",VLOOKUP(LI25,SETOP,4,0),IF(LL25=\"CPU\",VLOOKUP(LI25,COMPOSIÇÃO,5,0),VLOOKUP(LI25,COTAÇÃO,8,0))))","v":"HORA"},0.5,{"$f":"IF(LL25=\"SINAPI\",VLOOKUP(LI25,SINAPI,4,0),IF(LL25=\"SETOP\",VLOOKUP(LI25,SETOP,5,0),IF(LL25=\"CPU\",VLOOKUP(LI25,COMPOSIÇÃO,8,0),VLOOKUP(LI25,COTAÇÃO,11,0))))","v":19.149999999999999},{"$f":"LN25*LO25","v":9.5749999999999993},"ED-50374",{"$f":"IF(LT25=\"SINAPI\",VLOOKUP(LQ25,SINAPI,2,0),IF(LT25=\"SETOP\",VLOOKUP(LQ25,SETOP,3,0),IF(LT25=\"CPU\",VLOOKUP(LQ25,COMPOSIÇÃO,2,0),VLOOKUP(LQ25,COTAÇÃO,3,0))))","v":"BOMBEIRO/ENCANADOR COM ENCARGOS COMPLEMENTARES"},null,"SETOP",{"$f":"IF(LT25=\"SINAPI\",VLOOKUP(LQ25,SINAPI,3,0),IF(LT25=\"SETOP\",VLOOKUP(LQ25,SETOP,4,0),IF(LT25=\"CPU\",VLOOKUP(LQ25,COMPOSIÇÃO,5,0),VLOOKUP(LQ25,COTAÇÃO,8,0))))","v":"HORA"},0.5,{"$f":"IF(LT25=\"SINAPI\",VLOOKUP(LQ25,SINAPI,4,0),IF(LT25=\"SETOP\",VLOOKUP(LQ25,SETOP,5,0),IF(LT25=\"CPU\",VLOOKUP(LQ25,COMPOSIÇÃO,8,0),VLOOKUP(LQ25,COTAÇÃO,11,0))))","v":19.149999999999999},{"$f":"LV25*LW25","v":9.5749999999999993},"ED-50374",{"$f":"IF(MB25=\"SINAPI\",VLOOKUP(LY25,SINAPI,2,0),IF(MB25=\"SETOP\",VLOOKUP(LY25,SETOP,3,0),IF(MB25=\"CPU\",VLOOKUP(LY25,COMPOSIÇÃO,2,0),VLOOKUP(LY25,COTAÇÃO,3,0))))","v":"BOMBEIRO/ENCANADOR COM ENCARGOS COMPLEMENTARES"},null,"SETOP",{"$f":"IF(MB25=\"SINAPI\",VLOOKUP(LY25,SINAPI,3,0),IF(MB25=\"SETOP\",VLOOKUP(LY25,SETOP,4,0),IF(MB25=\"CPU\",VLOOKUP(LY25,COMPOSIÇÃO,5,0),VLOOKUP(LY25,COTAÇÃO,8,0))))","v":"HORA"},0.5,{"$f":"IF(MB25=\"SINAPI\",VLOOKUP(LY25,SINAPI,4,0),IF(MB25=\"SETOP\",VLOOKUP(LY25,SETOP,5,0),IF(MB25=\"CPU\",VLOOKUP(LY25,COMPOSIÇÃO,8,0),VLOOKUP(LY25,COTAÇÃO,11,0))))","v":19.149999999999999},{"$f":"MD25*ME25","v":9.5749999999999993},"ED-50374",{"$f":"IF(MJ25=\"SINAPI\",VLOOKUP(MG25,SINAPI,2,0),IF(MJ25=\"SETOP\",VLOOKUP(MG25,SETOP,3,0),IF(MJ25=\"CPU\",VLOOKUP(MG25,COMPOSIÇÃO,2,0),VLOOKUP(MG25,COTAÇÃO,3,0))))","v":"BOMBEIRO/ENCANADOR COM ENCARGOS COMPLEMENTARES"},null,"SETOP",{"$f":"IF(MJ25=\"SINAPI\",VLOOKUP(MG25,SINAPI,3,0),IF(MJ25=\"SETOP\",VLOOKUP(MG25,SETOP,4,0),IF(MJ25=\"CPU\",VLOOKUP(MG25,COMPOSIÇÃO,5,0),VLOOKUP(MG25,COTAÇÃO,8,0))))","v":"HORA"},0.5,{"$f":"IF(MJ25=\"SINAPI\",VLOOKUP(MG25,SINAPI,4,0),IF(MJ25=\"SETOP\",VLOOKUP(MG25,SETOP,5,0),IF(MJ25=\"CPU\",VLOOKUP(MG25,COMPOSIÇÃO,8,0),VLOOKUP(MG25,COTAÇÃO,11,0))))","v":19.149999999999999},{"$f":"ML25*MM25","v":9.5749999999999993},"ED-50374",{"$f":"IF(MR25=\"SINAPI\",VLOOKUP(MO25,SINAPI,2,0),IF(MR25=\"SETOP\",VLOOKUP(MO25,SETOP,3,0),IF(MR25=\"CPU\",VLOOKUP(MO25,COMPOSIÇÃO,2,0),VLOOKUP(MO25,COTAÇÃO,3,0))))","v":"BOMBEIRO/ENCANADOR COM ENCARGOS COMPLEMENTARES"},null,"SETOP",{"$f":"IF(MR25=\"SINAPI\",VLOOKUP(MO25,SINAPI,3,0),IF(MR25=\"SETOP\",VLOOKUP(MO25,SETOP,4,0),IF(MR25=\"CPU\",VLOOKUP(MO25,COMPOSIÇÃO,5,0),VLOOKUP(MO25,COTAÇÃO,8,0))))","v":"HORA"},0.5,{"$f":"IF(MR25=\"SINAPI\",VLOOKUP(MO25,SINAPI,4,0),IF(MR25=\"SETOP\",VLOOKUP(MO25,SETOP,5,0),IF(MR25=\"CPU\",VLOOKUP(MO25,COMPOSIÇÃO,8,0),VLOOKUP(MO25,COTAÇÃO,11,0))))","v":19.149999999999999},{"$f":"MT25*MU25","v":9.5749999999999993},"ED-50374",{"$f":"IF(MZ25=\"SINAPI\",VLOOKUP(MW25,SINAPI,2,0),IF(MZ25=\"SETOP\",VLOOKUP(MW25,SETOP,3,0),IF(MZ25=\"CPU\",VLOOKUP(MW25,COMPOSIÇÃO,2,0),VLOOKUP(MW25,COTAÇÃO,3,0))))","v":"BOMBEIRO/ENCANADOR COM ENCARGOS COMPLEMENTARES"},null,"SETOP",{"$f":"IF(MZ25=\"SINAPI\",VLOOKUP(MW25,SINAPI,3,0),IF(MZ25=\"SETOP\",VLOOKUP(MW25,SETOP,4,0),IF(MZ25=\"CPU\",VLOOKUP(MW25,COMPOSIÇÃO,5,0),VLOOKUP(MW25,COTAÇÃO,8,0))))","v":"HORA"},0.5,{"$f":"IF(MZ25=\"SINAPI\",VLOOKUP(MW25,SINAPI,4,0),IF(MZ25=\"SETOP\",VLOOKUP(MW25,SETOP,5,0),IF(MZ25=\"CPU\",VLOOKUP(MW25,COMPOSIÇÃO,8,0),VLOOKUP(MW25,COTAÇÃO,11,0))))","v":19.149999999999999},{"$f":"NB25*NC25","v":9.5749999999999993},"ED-50374",{"$f":"IF(NH25=\"SINAPI\",VLOOKUP(NE25,SINAPI,2,0),IF(NH25=\"SETOP\",VLOOKUP(NE25,SETOP,3,0),IF(NH25=\"CPU\",VLOOKUP(NE25,COMPOSIÇÃO,2,0),VLOOKUP(NE25,COTAÇÃO,3,0))))","v":"BOMBEIRO/ENCANADOR COM ENCARGOS COMPLEMENTARES"},null,"SETOP",{"$f":"IF(NH25=\"SINAPI\",VLOOKUP(NE25,SINAPI,3,0),IF(NH25=\"SETOP\",VLOOKUP(NE25,SETOP,4,0),IF(NH25=\"CPU\",VLOOKUP(NE25,COMPOSIÇÃO,5,0),VLOOKUP(NE25,COTAÇÃO,8,0))))","v":"HORA"},0.5,{"$f":"IF(NH25=\"SINAPI\",VLOOKUP(NE25,SINAPI,4,0),IF(NH25=\"SETOP\",VLOOKUP(NE25,SETOP,5,0),IF(NH25=\"CPU\",VLOOKUP(NE25,COMPOSIÇÃO,8,0),VLOOKUP(NE25,COTAÇÃO,11,0))))","v":19.149999999999999},{"$f":"NJ25*NK25","v":9.5749999999999993},"ED-50374",{"$f":"IF(NP25=\"SINAPI\",VLOOKUP(NM25,SINAPI,2,0),IF(NP25=\"SETOP\",VLOOKUP(NM25,SETOP,3,0),IF(NP25=\"CPU\",VLOOKUP(NM25,COMPOSIÇÃO,2,0),VLOOKUP(NM25,COTAÇÃO,3,0))))","v":"BOMBEIRO/ENCANADOR COM ENCARGOS COMPLEMENTARES"},null,"SETOP",{"$f":"IF(NP25=\"SINAPI\",VLOOKUP(NM25,SINAPI,3,0),IF(NP25=\"SETOP\",VLOOKUP(NM25,SETOP,4,0),IF(NP25=\"CPU\",VLOOKUP(NM25,COMPOSIÇÃO,5,0),VLOOKUP(NM25,COTAÇÃO,8,0))))","v":"HORA"},0.5,{"$f":"IF(NP25=\"SINAPI\",VLOOKUP(NM25,SINAPI,4,0),IF(NP25=\"SETOP\",VLOOKUP(NM25,SETOP,5,0),IF(NP25=\"CPU\",VLOOKUP(NM25,COMPOSIÇÃO,8,0),VLOOKUP(NM25,COTAÇÃO,11,0))))","v":19.149999999999999},{"$f":"NR25*NS25","v":9.5749999999999993},"ED-50374",{"$f":"IF(NX25=\"SINAPI\",VLOOKUP(NU25,SINAPI,2,0),IF(NX25=\"SETOP\",VLOOKUP(NU25,SETOP,3,0),IF(NX25=\"CPU\",VLOOKUP(NU25,COMPOSIÇÃO,2,0),VLOOKUP(NU25,COTAÇÃO,3,0))))","v":"BOMBEIRO/ENCANADOR COM ENCARGOS COMPLEMENTARES"},null,"SETOP",{"$f":"IF(NX25=\"SINAPI\",VLOOKUP(NU25,SINAPI,3,0),IF(NX25=\"SETOP\",VLOOKUP(NU25,SETOP,4,0),IF(NX25=\"CPU\",VLOOKUP(NU25,COMPOSIÇÃO,5,0),VLOOKUP(NU25,COTAÇÃO,8,0))))","v":"HORA"},0.5,{"$f":"IF(NX25=\"SINAPI\",VLOOKUP(NU25,SINAPI,4,0),IF(NX25=\"SETOP\",VLOOKUP(NU25,SETOP,5,0),IF(NX25=\"CPU\",VLOOKUP(NU25,COMPOSIÇÃO,8,0),VLOOKUP(NU25,COTAÇÃO,11,0))))","v":19.149999999999999},{"$f":"NZ25*OA25","v":9.5749999999999993},"ED-50374",{"$f":"IF(OF25=\"SINAPI\",VLOOKUP(OC25,SINAPI,2,0),IF(OF25=\"SETOP\",VLOOKUP(OC25,SETOP,3,0),IF(OF25=\"CPU\",VLOOKUP(OC25,COMPOSIÇÃO,2,0),VLOOKUP(OC25,COTAÇÃO,3,0))))","v":"BOMBEIRO/ENCANADOR COM ENCARGOS COMPLEMENTARES"},null,"SETOP",{"$f":"IF(OF25=\"SINAPI\",VLOOKUP(OC25,SINAPI,3,0),IF(OF25=\"SETOP\",VLOOKUP(OC25,SETOP,4,0),IF(OF25=\"CPU\",VLOOKUP(OC25,COMPOSIÇÃO,5,0),VLOOKUP(OC25,COTAÇÃO,8,0))))","v":"HORA"},0.5,{"$f":"IF(OF25=\"SINAPI\",VLOOKUP(OC25,SINAPI,4,0),IF(OF25=\"SETOP\",VLOOKUP(OC25,SETOP,5,0),IF(OF25=\"CPU\",VLOOKUP(OC25,COMPOSIÇÃO,8,0),VLOOKUP(OC25,COTAÇÃO,11,0))))","v":19.149999999999999},{"$f":"OH25*OI25","v":9.5749999999999993},"ED-50374",{"$f":"IF(ON25=\"SINAPI\",VLOOKUP(OK25,SINAPI,2,0),IF(ON25=\"SETOP\",VLOOKUP(OK25,SETOP,3,0),IF(ON25=\"CPU\",VLOOKUP(OK25,COMPOSIÇÃO,2,0),VLOOKUP(OK25,COTAÇÃO,3,0))))","v":"BOMBEIRO/ENCANADOR COM ENCARGOS COMPLEMENTARES"},null,"SETOP",{"$f":"IF(ON25=\"SINAPI\",VLOOKUP(OK25,SINAPI,3,0),IF(ON25=\"SETOP\",VLOOKUP(OK25,SETOP,4,0),IF(ON25=\"CPU\",VLOOKUP(OK25,COMPOSIÇÃO,5,0),VLOOKUP(OK25,COTAÇÃO,8,0))))","v":"HORA"},0.5,{"$f":"IF(ON25=\"SINAPI\",VLOOKUP(OK25,SINAPI,4,0),IF(ON25=\"SETOP\",VLOOKUP(OK25,SETOP,5,0),IF(ON25=\"CPU\",VLOOKUP(OK25,COMPOSIÇÃO,8,0),VLOOKUP(OK25,COTAÇÃO,11,0))))","v":19.149999999999999},{"$f":"OP25*OQ25","v":9.5749999999999993},"ED-50374",{"$f":"IF(OV25=\"SINAPI\",VLOOKUP(OS25,SINAPI,2,0),IF(OV25=\"SETOP\",VLOOKUP(OS25,SETOP,3,0),IF(OV25=\"CPU\",VLOOKUP(OS25,COMPOSIÇÃO,2,0),VLOOKUP(OS25,COTAÇÃO,3,0))))","v":"BOMBEIRO/ENCANADOR COM ENCARGOS COMPLEMENTARES"},null,"SETOP",{"$f":"IF(OV25=\"SINAPI\",VLOOKUP(OS25,SINAPI,3,0),IF(OV25=\"SETOP\",VLOOKUP(OS25,SETOP,4,0),IF(OV25=\"CPU\",VLOOKUP(OS25,COMPOSIÇÃO,5,0),VLOOKUP(OS25,COTAÇÃO,8,0))))","v":"HORA"},0.5,{"$f":"IF(OV25=\"SINAPI\",VLOOKUP(OS25,SINAPI,4,0),IF(OV25=\"SETOP\",VLOOKUP(OS25,SETOP,5,0),IF(OV25=\"CPU\",VLOOKUP(OS25,COMPOSIÇÃO,8,0),VLOOKUP(OS25,COTAÇÃO,11,0))))","v":19.149999999999999},{"$f":"OX25*OY25","v":9.5749999999999993},"ED-50374",{"$f":"IF(PD25=\"SINAPI\",VLOOKUP(PA25,SINAPI,2,0),IF(PD25=\"SETOP\",VLOOKUP(PA25,SETOP,3,0),IF(PD25=\"CPU\",VLOOKUP(PA25,COMPOSIÇÃO,2,0),VLOOKUP(PA25,COTAÇÃO,3,0))))","v":"BOMBEIRO/ENCANADOR COM ENCARGOS COMPLEMENTARES"},null,"SETOP",{"$f":"IF(PD25=\"SINAPI\",VLOOKUP(PA25,SINAPI,3,0),IF(PD25=\"SETOP\",VLOOKUP(PA25,SETOP,4,0),IF(PD25=\"CPU\",VLOOKUP(PA25,COMPOSIÇÃO,5,0),VLOOKUP(PA25,COTAÇÃO,8,0))))","v":"HORA"},0.5,{"$f":"IF(PD25=\"SINAPI\",VLOOKUP(PA25,SINAPI,4,0),IF(PD25=\"SETOP\",VLOOKUP(PA25,SETOP,5,0),IF(PD25=\"CPU\",VLOOKUP(PA25,COMPOSIÇÃO,8,0),VLOOKUP(PA25,COTAÇÃO,11,0))))","v":19.149999999999999},{"$f":"PF25*PG25","v":9.5749999999999993},"ED-50374",{"$f":"IF(PL25=\"SINAPI\",VLOOKUP(PI25,SINAPI,2,0),IF(PL25=\"SETOP\",VLOOKUP(PI25,SETOP,3,0),IF(PL25=\"CPU\",VLOOKUP(PI25,COMPOSIÇÃO,2,0),VLOOKUP(PI25,COTAÇÃO,3,0))))","v":"BOMBEIRO/ENCANADOR COM ENCARGOS COMPLEMENTARES"},null,"SETOP",{"$f":"IF(PL25=\"SINAPI\",VLOOKUP(PI25,SINAPI,3,0),IF(PL25=\"SETOP\",VLOOKUP(PI25,SETOP,4,0),IF(PL25=\"CPU\",VLOOKUP(PI25,COMPOSIÇÃO,5,0),VLOOKUP(PI25,COTAÇÃO,8,0))))","v":"HORA"},0.5,{"$f":"IF(PL25=\"SINAPI\",VLOOKUP(PI25,SINAPI,4,0),IF(PL25=\"SETOP\",VLOOKUP(PI25,SETOP,5,0),IF(PL25=\"CPU\",VLOOKUP(PI25,COMPOSIÇÃO,8,0),VLOOKUP(PI25,COTAÇÃO,11,0))))","v":19.149999999999999},{"$f":"PN25*PO25","v":9.5749999999999993},"ED-50374",{"$f":"IF(PT25=\"SINAPI\",VLOOKUP(PQ25,SINAPI,2,0),IF(PT25=\"SETOP\",VLOOKUP(PQ25,SETOP,3,0),IF(PT25=\"CPU\",VLOOKUP(PQ25,COMPOSIÇÃO,2,0),VLOOKUP(PQ25,COTAÇÃO,3,0))))","v":"BOMBEIRO/ENCANADOR COM ENCARGOS COMPLEMENTARES"},null,"SETOP",{"$f":"IF(PT25=\"SINAPI\",VLOOKUP(PQ25,SINAPI,3,0),IF(PT25=\"SETOP\",VLOOKUP(PQ25,SETOP,4,0),IF(PT25=\"CPU\",VLOOKUP(PQ25,COMPOSIÇÃO,5,0),VLOOKUP(PQ25,COTAÇÃO,8,0))))","v":"HORA"},0.5,{"$f":"IF(PT25=\"SINAPI\",VLOOKUP(PQ25,SINAPI,4,0),IF(PT25=\"SETOP\",VLOOKUP(PQ25,SETOP,5,0),IF(PT25=\"CPU\",VLOOKUP(PQ25,COMPOSIÇÃO,8,0),VLOOKUP(PQ25,COTAÇÃO,11,0))))","v":19.149999999999999},{"$f":"PV25*PW25","v":9.5749999999999993},"ED-50374",{"$f":"IF(QB25=\"SINAPI\",VLOOKUP(PY25,SINAPI,2,0),IF(QB25=\"SETOP\",VLOOKUP(PY25,SETOP,3,0),IF(QB25=\"CPU\",VLOOKUP(PY25,COMPOSIÇÃO,2,0),VLOOKUP(PY25,COTAÇÃO,3,0))))","v":"BOMBEIRO/ENCANADOR COM ENCARGOS COMPLEMENTARES"},null,"SETOP",{"$f":"IF(QB25=\"SINAPI\",VLOOKUP(PY25,SINAPI,3,0),IF(QB25=\"SETOP\",VLOOKUP(PY25,SETOP,4,0),IF(QB25=\"CPU\",VLOOKUP(PY25,COMPOSIÇÃO,5,0),VLOOKUP(PY25,COTAÇÃO,8,0))))","v":"HORA"},0.5,{"$f":"IF(QB25=\"SINAPI\",VLOOKUP(PY25,SINAPI,4,0),IF(QB25=\"SETOP\",VLOOKUP(PY25,SETOP,5,0),IF(QB25=\"CPU\",VLOOKUP(PY25,COMPOSIÇÃO,8,0),VLOOKUP(PY25,COTAÇÃO,11,0))))","v":19.149999999999999},{"$f":"QD25*QE25","v":9.5749999999999993},"ED-50374",{"$f":"IF(QJ25=\"SINAPI\",VLOOKUP(QG25,SINAPI,2,0),IF(QJ25=\"SETOP\",VLOOKUP(QG25,SETOP,3,0),IF(QJ25=\"CPU\",VLOOKUP(QG25,COMPOSIÇÃO,2,0),VLOOKUP(QG25,COTAÇÃO,3,0))))","v":"BOMBEIRO/ENCANADOR COM ENCARGOS COMPLEMENTARES"},null,"SETOP",{"$f":"IF(QJ25=\"SINAPI\",VLOOKUP(QG25,SINAPI,3,0),IF(QJ25=\"SETOP\",VLOOKUP(QG25,SETOP,4,0),IF(QJ25=\"CPU\",VLOOKUP(QG25,COMPOSIÇÃO,5,0),VLOOKUP(QG25,COTAÇÃO,8,0))))","v":"HORA"},0.5,{"$f":"IF(QJ25=\"SINAPI\",VLOOKUP(QG25,SINAPI,4,0),IF(QJ25=\"SETOP\",VLOOKUP(QG25,SETOP,5,0),IF(QJ25=\"CPU\",VLOOKUP(QG25,COMPOSIÇÃO,8,0),VLOOKUP(QG25,COTAÇÃO,11,0))))","v":19.149999999999999},{"$f":"QL25*QM25","v":9.5749999999999993},"ED-50374",{"$f":"IF(QR25=\"SINAPI\",VLOOKUP(QO25,SINAPI,2,0),IF(QR25=\"SETOP\",VLOOKUP(QO25,SETOP,3,0),IF(QR25=\"CPU\",VLOOKUP(QO25,COMPOSIÇÃO,2,0),VLOOKUP(QO25,COTAÇÃO,3,0))))","v":"BOMBEIRO/ENCANADOR COM ENCARGOS COMPLEMENTARES"},null,"SETOP",{"$f":"IF(QR25=\"SINAPI\",VLOOKUP(QO25,SINAPI,3,0),IF(QR25=\"SETOP\",VLOOKUP(QO25,SETOP,4,0),IF(QR25=\"CPU\",VLOOKUP(QO25,COMPOSIÇÃO,5,0),VLOOKUP(QO25,COTAÇÃO,8,0))))","v":"HORA"},0.5,{"$f":"IF(QR25=\"SINAPI\",VLOOKUP(QO25,SINAPI,4,0),IF(QR25=\"SETOP\",VLOOKUP(QO25,SETOP,5,0),IF(QR25=\"CPU\",VLOOKUP(QO25,COMPOSIÇÃO,8,0),VLOOKUP(QO25,COTAÇÃO,11,0))))","v":19.149999999999999},{"$f":"QT25*QU25","v":9.5749999999999993},"ED-50374",{"$f":"IF(QZ25=\"SINAPI\",VLOOKUP(QW25,SINAPI,2,0),IF(QZ25=\"SETOP\",VLOOKUP(QW25,SETOP,3,0),IF(QZ25=\"CPU\",VLOOKUP(QW25,COMPOSIÇÃO,2,0),VLOOKUP(QW25,COTAÇÃO,3,0))))","v":"BOMBEIRO/ENCANADOR COM ENCARGOS COMPLEMENTARES"},null,"SETOP",{"$f":"IF(QZ25=\"SINAPI\",VLOOKUP(QW25,SINAPI,3,0),IF(QZ25=\"SETOP\",VLOOKUP(QW25,SETOP,4,0),IF(QZ25=\"CPU\",VLOOKUP(QW25,COMPOSIÇÃO,5,0),VLOOKUP(QW25,COTAÇÃO,8,0))))","v":"HORA"},0.5,{"$f":"IF(QZ25=\"SINAPI\",VLOOKUP(QW25,SINAPI,4,0),IF(QZ25=\"SETOP\",VLOOKUP(QW25,SETOP,5,0),IF(QZ25=\"CPU\",VLOOKUP(QW25,COMPOSIÇÃO,8,0),VLOOKUP(QW25,COTAÇÃO,11,0))))","v":19.149999999999999},{"$f":"RB25*RC25","v":9.5749999999999993},"ED-50374",{"$f":"IF(RH25=\"SINAPI\",VLOOKUP(RE25,SINAPI,2,0),IF(RH25=\"SETOP\",VLOOKUP(RE25,SETOP,3,0),IF(RH25=\"CPU\",VLOOKUP(RE25,COMPOSIÇÃO,2,0),VLOOKUP(RE25,COTAÇÃO,3,0))))","v":"BOMBEIRO/ENCANADOR COM ENCARGOS COMPLEMENTARES"},null,"SETOP",{"$f":"IF(RH25=\"SINAPI\",VLOOKUP(RE25,SINAPI,3,0),IF(RH25=\"SETOP\",VLOOKUP(RE25,SETOP,4,0),IF(RH25=\"CPU\",VLOOKUP(RE25,COMPOSIÇÃO,5,0),VLOOKUP(RE25,COTAÇÃO,8,0))))","v":"HORA"},0.5,{"$f":"IF(RH25=\"SINAPI\",VLOOKUP(RE25,SINAPI,4,0),IF(RH25=\"SETOP\",VLOOKUP(RE25,SETOP,5,0),IF(RH25=\"CPU\",VLOOKUP(RE25,COMPOSIÇÃO,8,0),VLOOKUP(RE25,COTAÇÃO,11,0))))","v":19.149999999999999},{"$f":"RJ25*RK25","v":9.5749999999999993},"ED-50374",{"$f":"IF(RP25=\"SINAPI\",VLOOKUP(RM25,SINAPI,2,0),IF(RP25=\"SETOP\",VLOOKUP(RM25,SETOP,3,0),IF(RP25=\"CPU\",VLOOKUP(RM25,COMPOSIÇÃO,2,0),VLOOKUP(RM25,COTAÇÃO,3,0))))","v":"BOMBEIRO/ENCANADOR COM ENCARGOS COMPLEMENTARES"},null,"SETOP",{"$f":"IF(RP25=\"SINAPI\",VLOOKUP(RM25,SINAPI,3,0),IF(RP25=\"SETOP\",VLOOKUP(RM25,SETOP,4,0),IF(RP25=\"CPU\",VLOOKUP(RM25,COMPOSIÇÃO,5,0),VLOOKUP(RM25,COTAÇÃO,8,0))))","v":"HORA"},0.5,{"$f":"IF(RP25=\"SINAPI\",VLOOKUP(RM25,SINAPI,4,0),IF(RP25=\"SETOP\",VLOOKUP(RM25,SETOP,5,0),IF(RP25=\"CPU\",VLOOKUP(RM25,COMPOSIÇÃO,8,0),VLOOKUP(RM25,COTAÇÃO,11,0))))","v":19.149999999999999},{"$f":"RR25*RS25","v":9.5749999999999993},"ED-50374",{"$f":"IF(RX25=\"SINAPI\",VLOOKUP(RU25,SINAPI,2,0),IF(RX25=\"SETOP\",VLOOKUP(RU25,SETOP,3,0),IF(RX25=\"CPU\",VLOOKUP(RU25,COMPOSIÇÃO,2,0),VLOOKUP(RU25,COTAÇÃO,3,0))))","v":"BOMBEIRO/ENCANADOR COM ENCARGOS COMPLEMENTARES"},null,"SETOP",{"$f":"IF(RX25=\"SINAPI\",VLOOKUP(RU25,SINAPI,3,0),IF(RX25=\"SETOP\",VLOOKUP(RU25,SETOP,4,0),IF(RX25=\"CPU\",VLOOKUP(RU25,COMPOSIÇÃO,5,0),VLOOKUP(RU25,COTAÇÃO,8,0))))","v":"HORA"},0.5,{"$f":"IF(RX25=\"SINAPI\",VLOOKUP(RU25,SINAPI,4,0),IF(RX25=\"SETOP\",VLOOKUP(RU25,SETOP,5,0),IF(RX25=\"CPU\",VLOOKUP(RU25,COMPOSIÇÃO,8,0),VLOOKUP(RU25,COTAÇÃO,11,0))))","v":19.149999999999999},{"$f":"RZ25*SA25","v":9.5749999999999993},"ED-50374",{"$f":"IF(SF25=\"SINAPI\",VLOOKUP(SC25,SINAPI,2,0),IF(SF25=\"SETOP\",VLOOKUP(SC25,SETOP,3,0),IF(SF25=\"CPU\",VLOOKUP(SC25,COMPOSIÇÃO,2,0),VLOOKUP(SC25,COTAÇÃO,3,0))))","v":"BOMBEIRO/ENCANADOR COM ENCARGOS COMPLEMENTARES"},null,"SETOP",{"$f":"IF(SF25=\"SINAPI\",VLOOKUP(SC25,SINAPI,3,0),IF(SF25=\"SETOP\",VLOOKUP(SC25,SETOP,4,0),IF(SF25=\"CPU\",VLOOKUP(SC25,COMPOSIÇÃO,5,0),VLOOKUP(SC25,COTAÇÃO,8,0))))","v":"HORA"},0.5,{"$f":"IF(SF25=\"SINAPI\",VLOOKUP(SC25,SINAPI,4,0),IF(SF25=\"SETOP\",VLOOKUP(SC25,SETOP,5,0),IF(SF25=\"CPU\",VLOOKUP(SC25,COMPOSIÇÃO,8,0),VLOOKUP(SC25,COTAÇÃO,11,0))))","v":19.149999999999999},{"$f":"SH25*SI25","v":9.5749999999999993},"ED-50374",{"$f":"IF(SN25=\"SINAPI\",VLOOKUP(SK25,SINAPI,2,0),IF(SN25=\"SETOP\",VLOOKUP(SK25,SETOP,3,0),IF(SN25=\"CPU\",VLOOKUP(SK25,COMPOSIÇÃO,2,0),VLOOKUP(SK25,COTAÇÃO,3,0))))","v":"BOMBEIRO/ENCANADOR COM ENCARGOS COMPLEMENTARES"},null,"SETOP",{"$f":"IF(SN25=\"SINAPI\",VLOOKUP(SK25,SINAPI,3,0),IF(SN25=\"SETOP\",VLOOKUP(SK25,SETOP,4,0),IF(SN25=\"CPU\",VLOOKUP(SK25,COMPOSIÇÃO,5,0),VLOOKUP(SK25,COTAÇÃO,8,0))))","v":"HORA"},0.5,{"$f":"IF(SN25=\"SINAPI\",VLOOKUP(SK25,SINAPI,4,0),IF(SN25=\"SETOP\",VLOOKUP(SK25,SETOP,5,0),IF(SN25=\"CPU\",VLOOKUP(SK25,COMPOSIÇÃO,8,0),VLOOKUP(SK25,COTAÇÃO,11,0))))","v":19.149999999999999},{"$f":"SP25*SQ25","v":9.5749999999999993},"ED-50374",{"$f":"IF(SV25=\"SINAPI\",VLOOKUP(SS25,SINAPI,2,0),IF(SV25=\"SETOP\",VLOOKUP(SS25,SETOP,3,0),IF(SV25=\"CPU\",VLOOKUP(SS25,COMPOSIÇÃO,2,0),VLOOKUP(SS25,COTAÇÃO,3,0))))","v":"BOMBEIRO/ENCANADOR COM ENCARGOS COMPLEMENTARES"},null,"SETOP",{"$f":"IF(SV25=\"SINAPI\",VLOOKUP(SS25,SINAPI,3,0),IF(SV25=\"SETOP\",VLOOKUP(SS25,SETOP,4,0),IF(SV25=\"CPU\",VLOOKUP(SS25,COMPOSIÇÃO,5,0),VLOOKUP(SS25,COTAÇÃO,8,0))))","v":"HORA"},0.5,{"$f":"IF(SV25=\"SINAPI\",VLOOKUP(SS25,SINAPI,4,0),IF(SV25=\"SETOP\",VLOOKUP(SS25,SETOP,5,0),IF(SV25=\"CPU\",VLOOKUP(SS25,COMPOSIÇÃO,8,0),VLOOKUP(SS25,COTAÇÃO,11,0))))","v":19.149999999999999},{"$f":"SX25*SY25","v":9.5749999999999993},"ED-50374",{"$f":"IF(TD25=\"SINAPI\",VLOOKUP(TA25,SINAPI,2,0),IF(TD25=\"SETOP\",VLOOKUP(TA25,SETOP,3,0),IF(TD25=\"CPU\",VLOOKUP(TA25,COMPOSIÇÃO,2,0),VLOOKUP(TA25,COTAÇÃO,3,0))))","v":"BOMBEIRO/ENCANADOR COM ENCARGOS COMPLEMENTARES"},null,"SETOP",{"$f":"IF(TD25=\"SINAPI\",VLOOKUP(TA25,SINAPI,3,0),IF(TD25=\"SETOP\",VLOOKUP(TA25,SETOP,4,0),IF(TD25=\"CPU\",VLOOKUP(TA25,COMPOSIÇÃO,5,0),VLOOKUP(TA25,COTAÇÃO,8,0))))","v":"HORA"},0.5,{"$f":"IF(TD25=\"SINAPI\",VLOOKUP(TA25,SINAPI,4,0),IF(TD25=\"SETOP\",VLOOKUP(TA25,SETOP,5,0),IF(TD25=\"CPU\",VLOOKUP(TA25,COMPOSIÇÃO,8,0),VLOOKUP(TA25,COTAÇÃO,11,0))))","v":19.149999999999999},{"$f":"TF25*TG25","v":9.5749999999999993},"ED-50374",{"$f":"IF(TL25=\"SINAPI\",VLOOKUP(TI25,SINAPI,2,0),IF(TL25=\"SETOP\",VLOOKUP(TI25,SETOP,3,0),IF(TL25=\"CPU\",VLOOKUP(TI25,COMPOSIÇÃO,2,0),VLOOKUP(TI25,COTAÇÃO,3,0))))","v":"BOMBEIRO/ENCANADOR COM ENCARGOS COMPLEMENTARES"},null,"SETOP",{"$f":"IF(TL25=\"SINAPI\",VLOOKUP(TI25,SINAPI,3,0),IF(TL25=\"SETOP\",VLOOKUP(TI25,SETOP,4,0),IF(TL25=\"CPU\",VLOOKUP(TI25,COMPOSIÇÃO,5,0),VLOOKUP(TI25,COTAÇÃO,8,0))))","v":"HORA"},0.5,{"$f":"IF(TL25=\"SINAPI\",VLOOKUP(TI25,SINAPI,4,0),IF(TL25=\"SETOP\",VLOOKUP(TI25,SETOP,5,0),IF(TL25=\"CPU\",VLOOKUP(TI25,COMPOSIÇÃO,8,0),VLOOKUP(TI25,COTAÇÃO,11,0))))","v":19.149999999999999},{"$f":"TN25*TO25","v":9.5749999999999993},"ED-50374",{"$f":"IF(TT25=\"SINAPI\",VLOOKUP(TQ25,SINAPI,2,0),IF(TT25=\"SETOP\",VLOOKUP(TQ25,SETOP,3,0),IF(TT25=\"CPU\",VLOOKUP(TQ25,COMPOSIÇÃO,2,0),VLOOKUP(TQ25,COTAÇÃO,3,0))))","v":"BOMBEIRO/ENCANADOR COM ENCARGOS COMPLEMENTARES"},null,"SETOP",{"$f":"IF(TT25=\"SINAPI\",VLOOKUP(TQ25,SINAPI,3,0),IF(TT25=\"SETOP\",VLOOKUP(TQ25,SETOP,4,0),IF(TT25=\"CPU\",VLOOKUP(TQ25,COMPOSIÇÃO,5,0),VLOOKUP(TQ25,COTAÇÃO,8,0))))","v":"HORA"},0.5,{"$f":"IF(TT25=\"SINAPI\",VLOOKUP(TQ25,SINAPI,4,0),IF(TT25=\"SETOP\",VLOOKUP(TQ25,SETOP,5,0),IF(TT25=\"CPU\",VLOOKUP(TQ25,COMPOSIÇÃO,8,0),VLOOKUP(TQ25,COTAÇÃO,11,0))))","v":19.149999999999999},{"$f":"TV25*TW25","v":9.5749999999999993},"ED-50374",{"$f":"IF(UB25=\"SINAPI\",VLOOKUP(TY25,SINAPI,2,0),IF(UB25=\"SETOP\",VLOOKUP(TY25,SETOP,3,0),IF(UB25=\"CPU\",VLOOKUP(TY25,COMPOSIÇÃO,2,0),VLOOKUP(TY25,COTAÇÃO,3,0))))","v":"BOMBEIRO/ENCANADOR COM ENCARGOS COMPLEMENTARES"},null,"SETOP",{"$f":"IF(UB25=\"SINAPI\",VLOOKUP(TY25,SINAPI,3,0),IF(UB25=\"SETOP\",VLOOKUP(TY25,SETOP,4,0),IF(UB25=\"CPU\",VLOOKUP(TY25,COMPOSIÇÃO,5,0),VLOOKUP(TY25,COTAÇÃO,8,0))))","v":"HORA"},0.5,{"$f":"IF(UB25=\"SINAPI\",VLOOKUP(TY25,SINAPI,4,0),IF(UB25=\"SETOP\",VLOOKUP(TY25,SETOP,5,0),IF(UB25=\"CPU\",VLOOKUP(TY25,COMPOSIÇÃO,8,0),VLOOKUP(TY25,COTAÇÃO,11,0))))","v":19.149999999999999},{"$f":"UD25*UE25","v":9.5749999999999993},"ED-50374",{"$f":"IF(UJ25=\"SINAPI\",VLOOKUP(UG25,SINAPI,2,0),IF(UJ25=\"SETOP\",VLOOKUP(UG25,SETOP,3,0),IF(UJ25=\"CPU\",VLOOKUP(UG25,COMPOSIÇÃO,2,0),VLOOKUP(UG25,COTAÇÃO,3,0))))","v":"BOMBEIRO/ENCANADOR COM ENCARGOS COMPLEMENTARES"},null,"SETOP",{"$f":"IF(UJ25=\"SINAPI\",VLOOKUP(UG25,SINAPI,3,0),IF(UJ25=\"SETOP\",VLOOKUP(UG25,SETOP,4,0),IF(UJ25=\"CPU\",VLOOKUP(UG25,COMPOSIÇÃO,5,0),VLOOKUP(UG25,COTAÇÃO,8,0))))","v":"HORA"},0.5,{"$f":"IF(UJ25=\"SINAPI\",VLOOKUP(UG25,SINAPI,4,0),IF(UJ25=\"SETOP\",VLOOKUP(UG25,SETOP,5,0),IF(UJ25=\"CPU\",VLOOKUP(UG25,COMPOSIÇÃO,8,0),VLOOKUP(UG25,COTAÇÃO,11,0))))","v":19.149999999999999},{"$f":"UL25*UM25","v":9.5749999999999993},"ED-50374",{"$f":"IF(UR25=\"SINAPI\",VLOOKUP(UO25,SINAPI,2,0),IF(UR25=\"SETOP\",VLOOKUP(UO25,SETOP,3,0),IF(UR25=\"CPU\",VLOOKUP(UO25,COMPOSIÇÃO,2,0),VLOOKUP(UO25,COTAÇÃO,3,0))))","v":"BOMBEIRO/ENCANADOR COM ENCARGOS COMPLEMENTARES"},null,"SETOP",{"$f":"IF(UR25=\"SINAPI\",VLOOKUP(UO25,SINAPI,3,0),IF(UR25=\"SETOP\",VLOOKUP(UO25,SETOP,4,0),IF(UR25=\"CPU\",VLOOKUP(UO25,COMPOSIÇÃO,5,0),VLOOKUP(UO25,COTAÇÃO,8,0))))","v":"HORA"},0.5,{"$f":"IF(UR25=\"SINAPI\",VLOOKUP(UO25,SINAPI,4,0),IF(UR25=\"SETOP\",VLOOKUP(UO25,SETOP,5,0),IF(UR25=\"CPU\",VLOOKUP(UO25,COMPOSIÇÃO,8,0),VLOOKUP(UO25,COTAÇÃO,11,0))))","v":19.149999999999999},{"$f":"UT25*UU25","v":9.5749999999999993},"ED-50374",{"$f":"IF(UZ25=\"SINAPI\",VLOOKUP(UW25,SINAPI,2,0),IF(UZ25=\"SETOP\",VLOOKUP(UW25,SETOP,3,0),IF(UZ25=\"CPU\",VLOOKUP(UW25,COMPOSIÇÃO,2,0),VLOOKUP(UW25,COTAÇÃO,3,0))))","v":"BOMBEIRO/ENCANADOR COM ENCARGOS COMPLEMENTARES"},null,"SETOP",{"$f":"IF(UZ25=\"SINAPI\",VLOOKUP(UW25,SINAPI,3,0),IF(UZ25=\"SETOP\",VLOOKUP(UW25,SETOP,4,0),IF(UZ25=\"CPU\",VLOOKUP(UW25,COMPOSIÇÃO,5,0),VLOOKUP(UW25,COTAÇÃO,8,0))))","v":"HORA"},0.5,{"$f":"IF(UZ25=\"SINAPI\",VLOOKUP(UW25,SINAPI,4,0),IF(UZ25=\"SETOP\",VLOOKUP(UW25,SETOP,5,0),IF(UZ25=\"CPU\",VLOOKUP(UW25,COMPOSIÇÃO,8,0),VLOOKUP(UW25,COTAÇÃO,11,0))))","v":19.149999999999999},{"$f":"VB25*VC25","v":9.5749999999999993},"ED-50374",{"$f":"IF(VH25=\"SINAPI\",VLOOKUP(VE25,SINAPI,2,0),IF(VH25=\"SETOP\",VLOOKUP(VE25,SETOP,3,0),IF(VH25=\"CPU\",VLOOKUP(VE25,COMPOSIÇÃO,2,0),VLOOKUP(VE25,COTAÇÃO,3,0))))","v":"BOMBEIRO/ENCANADOR COM ENCARGOS COMPLEMENTARES"},null,"SETOP",{"$f":"IF(VH25=\"SINAPI\",VLOOKUP(VE25,SINAPI,3,0),IF(VH25=\"SETOP\",VLOOKUP(VE25,SETOP,4,0),IF(VH25=\"CPU\",VLOOKUP(VE25,COMPOSIÇÃO,5,0),VLOOKUP(VE25,COTAÇÃO,8,0))))","v":"HORA"},0.5,{"$f":"IF(VH25=\"SINAPI\",VLOOKUP(VE25,SINAPI,4,0),IF(VH25=\"SETOP\",VLOOKUP(VE25,SETOP,5,0),IF(VH25=\"CPU\",VLOOKUP(VE25,COMPOSIÇÃO,8,0),VLOOKUP(VE25,COTAÇÃO,11,0))))","v":19.149999999999999},{"$f":"VJ25*VK25","v":9.5749999999999993},"ED-50374",{"$f":"IF(VP25=\"SINAPI\",VLOOKUP(VM25,SINAPI,2,0),IF(VP25=\"SETOP\",VLOOKUP(VM25,SETOP,3,0),IF(VP25=\"CPU\",VLOOKUP(VM25,COMPOSIÇÃO,2,0),VLOOKUP(VM25,COTAÇÃO,3,0))))","v":"BOMBEIRO/ENCANADOR COM ENCARGOS COMPLEMENTARES"},null,"SETOP",{"$f":"IF(VP25=\"SINAPI\",VLOOKUP(VM25,SINAPI,3,0),IF(VP25=\"SETOP\",VLOOKUP(VM25,SETOP,4,0),IF(VP25=\"CPU\",VLOOKUP(VM25,COMPOSIÇÃO,5,0),VLOOKUP(VM25,COTAÇÃO,8,0))))","v":"HORA"},0.5,{"$f":"IF(VP25=\"SINAPI\",VLOOKUP(VM25,SINAPI,4,0),IF(VP25=\"SETOP\",VLOOKUP(VM25,SETOP,5,0),IF(VP25=\"CPU\",VLOOKUP(VM25,COMPOSIÇÃO,8,0),VLOOKUP(VM25,COTAÇÃO,11,0))))","v":19.149999999999999},{"$f":"VR25*VS25","v":9.5749999999999993},"ED-50374",{"$f":"IF(VX25=\"SINAPI\",VLOOKUP(VU25,SINAPI,2,0),IF(VX25=\"SETOP\",VLOOKUP(VU25,SETOP,3,0),IF(VX25=\"CPU\",VLOOKUP(VU25,COMPOSIÇÃO,2,0),VLOOKUP(VU25,COTAÇÃO,3,0))))","v":"BOMBEIRO/ENCANADOR COM ENCARGOS COMPLEMENTARES"},null,"SETOP",{"$f":"IF(VX25=\"SINAPI\",VLOOKUP(VU25,SINAPI,3,0),IF(VX25=\"SETOP\",VLOOKUP(VU25,SETOP,4,0),IF(VX25=\"CPU\",VLOOKUP(VU25,COMPOSIÇÃO,5,0),VLOOKUP(VU25,COTAÇÃO,8,0))))","v":"HORA"},0.5,{"$f":"IF(VX25=\"SINAPI\",VLOOKUP(VU25,SINAPI,4,0),IF(VX25=\"SETOP\",VLOOKUP(VU25,SETOP,5,0),IF(VX25=\"CPU\",VLOOKUP(VU25,COMPOSIÇÃO,8,0),VLOOKUP(VU25,COTAÇÃO,11,0))))","v":19.149999999999999},{"$f":"VZ25*WA25","v":9.5749999999999993},"ED-50374",{"$f":"IF(WF25=\"SINAPI\",VLOOKUP(WC25,SINAPI,2,0),IF(WF25=\"SETOP\",VLOOKUP(WC25,SETOP,3,0),IF(WF25=\"CPU\",VLOOKUP(WC25,COMPOSIÇÃO,2,0),VLOOKUP(WC25,COTAÇÃO,3,0))))","v":"BOMBEIRO/ENCANADOR COM ENCARGOS COMPLEMENTARES"},null,"SETOP",{"$f":"IF(WF25=\"SINAPI\",VLOOKUP(WC25,SINAPI,3,0),IF(WF25=\"SETOP\",VLOOKUP(WC25,SETOP,4,0),IF(WF25=\"CPU\",VLOOKUP(WC25,COMPOSIÇÃO,5,0),VLOOKUP(WC25,COTAÇÃO,8,0))))","v":"HORA"},0.5,{"$f":"IF(WF25=\"SINAPI\",VLOOKUP(WC25,SINAPI,4,0),IF(WF25=\"SETOP\",VLOOKUP(WC25,SETOP,5,0),IF(WF25=\"CPU\",VLOOKUP(WC25,COMPOSIÇÃO,8,0),VLOOKUP(WC25,COTAÇÃO,11,0))))","v":19.149999999999999},{"$f":"WH25*WI25","v":9.5749999999999993},"ED-50374",{"$f":"IF(WN25=\"SINAPI\",VLOOKUP(WK25,SINAPI,2,0),IF(WN25=\"SETOP\",VLOOKUP(WK25,SETOP,3,0),IF(WN25=\"CPU\",VLOOKUP(WK25,COMPOSIÇÃO,2,0),VLOOKUP(WK25,COTAÇÃO,3,0))))","v":"BOMBEIRO/ENCANADOR COM ENCARGOS COMPLEMENTARES"},null,"SETOP",{"$f":"IF(WN25=\"SINAPI\",VLOOKUP(WK25,SINAPI,3,0),IF(WN25=\"SETOP\",VLOOKUP(WK25,SETOP,4,0),IF(WN25=\"CPU\",VLOOKUP(WK25,COMPOSIÇÃO,5,0),VLOOKUP(WK25,COTAÇÃO,8,0))))","v":"HORA"},0.5,{"$f":"IF(WN25=\"SINAPI\",VLOOKUP(WK25,SINAPI,4,0),IF(WN25=\"SETOP\",VLOOKUP(WK25,SETOP,5,0),IF(WN25=\"CPU\",VLOOKUP(WK25,COMPOSIÇÃO,8,0),VLOOKUP(WK25,COTAÇÃO,11,0))))","v":19.149999999999999},{"$f":"WP25*WQ25","v":9.5749999999999993},"ED-50374",{"$f":"IF(WV25=\"SINAPI\",VLOOKUP(WS25,SINAPI,2,0),IF(WV25=\"SETOP\",VLOOKUP(WS25,SETOP,3,0),IF(WV25=\"CPU\",VLOOKUP(WS25,COMPOSIÇÃO,2,0),VLOOKUP(WS25,COTAÇÃO,3,0))))","v":"BOMBEIRO/ENCANADOR COM ENCARGOS COMPLEMENTARES"},null,"SETOP",{"$f":"IF(WV25=\"SINAPI\",VLOOKUP(WS25,SINAPI,3,0),IF(WV25=\"SETOP\",VLOOKUP(WS25,SETOP,4,0),IF(WV25=\"CPU\",VLOOKUP(WS25,COMPOSIÇÃO,5,0),VLOOKUP(WS25,COTAÇÃO,8,0))))","v":"HORA"},0.5,{"$f":"IF(WV25=\"SINAPI\",VLOOKUP(WS25,SINAPI,4,0),IF(WV25=\"SETOP\",VLOOKUP(WS25,SETOP,5,0),IF(WV25=\"CPU\",VLOOKUP(WS25,COMPOSIÇÃO,8,0),VLOOKUP(WS25,COTAÇÃO,11,0))))","v":19.149999999999999},{"$f":"WX25*WY25","v":9.5749999999999993},"ED-50374",{"$f":"IF(XD25=\"SINAPI\",VLOOKUP(XA25,SINAPI,2,0),IF(XD25=\"SETOP\",VLOOKUP(XA25,SETOP,3,0),IF(XD25=\"CPU\",VLOOKUP(XA25,COMPOSIÇÃO,2,0),VLOOKUP(XA25,COTAÇÃO,3,0))))","v":"BOMBEIRO/ENCANADOR COM ENCARGOS COMPLEMENTARES"},null,"SETOP",{"$f":"IF(XD25=\"SINAPI\",VLOOKUP(XA25,SINAPI,3,0),IF(XD25=\"SETOP\",VLOOKUP(XA25,SETOP,4,0),IF(XD25=\"CPU\",VLOOKUP(XA25,COMPOSIÇÃO,5,0),VLOOKUP(XA25,COTAÇÃO,8,0))))","v":"HORA"},0.5,{"$f":"IF(XD25=\"SINAPI\",VLOOKUP(XA25,SINAPI,4,0),IF(XD25=\"SETOP\",VLOOKUP(XA25,SETOP,5,0),IF(XD25=\"CPU\",VLOOKUP(XA25,COMPOSIÇÃO,8,0),VLOOKUP(XA25,COTAÇÃO,11,0))))","v":19.149999999999999},{"$f":"XF25*XG25","v":9.5749999999999993},"ED-50374",{"$f":"IF(XL25=\"SINAPI\",VLOOKUP(XI25,SINAPI,2,0),IF(XL25=\"SETOP\",VLOOKUP(XI25,SETOP,3,0),IF(XL25=\"CPU\",VLOOKUP(XI25,COMPOSIÇÃO,2,0),VLOOKUP(XI25,COTAÇÃO,3,0))))","v":"BOMBEIRO/ENCANADOR COM ENCARGOS COMPLEMENTARES"},null,"SETOP",{"$f":"IF(XL25=\"SINAPI\",VLOOKUP(XI25,SINAPI,3,0),IF(XL25=\"SETOP\",VLOOKUP(XI25,SETOP,4,0),IF(XL25=\"CPU\",VLOOKUP(XI25,COMPOSIÇÃO,5,0),VLOOKUP(XI25,COTAÇÃO,8,0))))","v":"HORA"},0.5,{"$f":"IF(XL25=\"SINAPI\",VLOOKUP(XI25,SINAPI,4,0),IF(XL25=\"SETOP\",VLOOKUP(XI25,SETOP,5,0),IF(XL25=\"CPU\",VLOOKUP(XI25,COMPOSIÇÃO,8,0),VLOOKUP(XI25,COTAÇÃO,11,0))))","v":19.149999999999999},{"$f":"XN25*XO25","v":9.5749999999999993},"ED-50374",{"$f":"IF(XT25=\"SINAPI\",VLOOKUP(XQ25,SINAPI,2,0),IF(XT25=\"SETOP\",VLOOKUP(XQ25,SETOP,3,0),IF(XT25=\"CPU\",VLOOKUP(XQ25,COMPOSIÇÃO,2,0),VLOOKUP(XQ25,COTAÇÃO,3,0))))","v":"BOMBEIRO/ENCANADOR COM ENCARGOS COMPLEMENTARES"},null,"SETOP",{"$f":"IF(XT25=\"SINAPI\",VLOOKUP(XQ25,SINAPI,3,0),IF(XT25=\"SETOP\",VLOOKUP(XQ25,SETOP,4,0),IF(XT25=\"CPU\",VLOOKUP(XQ25,COMPOSIÇÃO,5,0),VLOOKUP(XQ25,COTAÇÃO,8,0))))","v":"HORA"},0.5,{"$f":"IF(XT25=\"SINAPI\",VLOOKUP(XQ25,SINAPI,4,0),IF(XT25=\"SETOP\",VLOOKUP(XQ25,SETOP,5,0),IF(XT25=\"CPU\",VLOOKUP(XQ25,COMPOSIÇÃO,8,0),VLOOKUP(XQ25,COTAÇÃO,11,0))))","v":19.149999999999999},{"$f":"XV25*XW25","v":9.5749999999999993},"ED-50374",{"$f":"IF(YB25=\"SINAPI\",VLOOKUP(XY25,SINAPI,2,0),IF(YB25=\"SETOP\",VLOOKUP(XY25,SETOP,3,0),IF(YB25=\"CPU\",VLOOKUP(XY25,COMPOSIÇÃO,2,0),VLOOKUP(XY25,COTAÇÃO,3,0))))","v":"BOMBEIRO/ENCANADOR COM ENCARGOS COMPLEMENTARES"},null,"SETOP",{"$f":"IF(YB25=\"SINAPI\",VLOOKUP(XY25,SINAPI,3,0),IF(YB25=\"SETOP\",VLOOKUP(XY25,SETOP,4,0),IF(YB25=\"CPU\",VLOOKUP(XY25,COMPOSIÇÃO,5,0),VLOOKUP(XY25,COTAÇÃO,8,0))))","v":"HORA"},0.5,{"$f":"IF(YB25=\"SINAPI\",VLOOKUP(XY25,SINAPI,4,0),IF(YB25=\"SETOP\",VLOOKUP(XY25,SETOP,5,0),IF(YB25=\"CPU\",VLOOKUP(XY25,COMPOSIÇÃO,8,0),VLOOKUP(XY25,COTAÇÃO,11,0))))","v":19.149999999999999},{"$f":"YD25*YE25","v":9.5749999999999993},"ED-50374",{"$f":"IF(YJ25=\"SINAPI\",VLOOKUP(YG25,SINAPI,2,0),IF(YJ25=\"SETOP\",VLOOKUP(YG25,SETOP,3,0),IF(YJ25=\"CPU\",VLOOKUP(YG25,COMPOSIÇÃO,2,0),VLOOKUP(YG25,COTAÇÃO,3,0))))","v":"BOMBEIRO/ENCANADOR COM ENCARGOS COMPLEMENTARES"},null,"SETOP",{"$f":"IF(YJ25=\"SINAPI\",VLOOKUP(YG25,SINAPI,3,0),IF(YJ25=\"SETOP\",VLOOKUP(YG25,SETOP,4,0),IF(YJ25=\"CPU\",VLOOKUP(YG25,COMPOSIÇÃO,5,0),VLOOKUP(YG25,COTAÇÃO,8,0))))","v":"HORA"},0.5,{"$f":"IF(YJ25=\"SINAPI\",VLOOKUP(YG25,SINAPI,4,0),IF(YJ25=\"SETOP\",VLOOKUP(YG25,SETOP,5,0),IF(YJ25=\"CPU\",VLOOKUP(YG25,COMPOSIÇÃO,8,0),VLOOKUP(YG25,COTAÇÃO,11,0))))","v":19.149999999999999},{"$f":"YL25*YM25","v":9.5749999999999993},"ED-50374",{"$f":"IF(YR25=\"SINAPI\",VLOOKUP(YO25,SINAPI,2,0),IF(YR25=\"SETOP\",VLOOKUP(YO25,SETOP,3,0),IF(YR25=\"CPU\",VLOOKUP(YO25,COMPOSIÇÃO,2,0),VLOOKUP(YO25,COTAÇÃO,3,0))))","v":"BOMBEIRO/ENCANADOR COM ENCARGOS COMPLEMENTARES"},null,"SETOP",{"$f":"IF(YR25=\"SINAPI\",VLOOKUP(YO25,SINAPI,3,0),IF(YR25=\"SETOP\",VLOOKUP(YO25,SETOP,4,0),IF(YR25=\"CPU\",VLOOKUP(YO25,COMPOSIÇÃO,5,0),VLOOKUP(YO25,COTAÇÃO,8,0))))","v":"HORA"},0.5,{"$f":"IF(YR25=\"SINAPI\",VLOOKUP(YO25,SINAPI,4,0),IF(YR25=\"SETOP\",VLOOKUP(YO25,SETOP,5,0),IF(YR25=\"CPU\",VLOOKUP(YO25,COMPOSIÇÃO,8,0),VLOOKUP(YO25,COTAÇÃO,11,0))))","v":19.149999999999999},{"$f":"YT25*YU25","v":9.5749999999999993},"ED-50374",{"$f":"IF(YZ25=\"SINAPI\",VLOOKUP(YW25,SINAPI,2,0),IF(YZ25=\"SETOP\",VLOOKUP(YW25,SETOP,3,0),IF(YZ25=\"CPU\",VLOOKUP(YW25,COMPOSIÇÃO,2,0),VLOOKUP(YW25,COTAÇÃO,3,0))))","v":"BOMBEIRO/ENCANADOR COM ENCARGOS COMPLEMENTARES"},null,"SETOP",{"$f":"IF(YZ25=\"SINAPI\",VLOOKUP(YW25,SINAPI,3,0),IF(YZ25=\"SETOP\",VLOOKUP(YW25,SETOP,4,0),IF(YZ25=\"CPU\",VLOOKUP(YW25,COMPOSIÇÃO,5,0),VLOOKUP(YW25,COTAÇÃO,8,0))))","v":"HORA"},0.5,{"$f":"IF(YZ25=\"SINAPI\",VLOOKUP(YW25,SINAPI,4,0),IF(YZ25=\"SETOP\",VLOOKUP(YW25,SETOP,5,0),IF(YZ25=\"CPU\",VLOOKUP(YW25,COMPOSIÇÃO,8,0),VLOOKUP(YW25,COTAÇÃO,11,0))))","v":19.149999999999999},{"$f":"ZB25*ZC25","v":9.5749999999999993},"ED-50374",{"$f":"IF(ZH25=\"SINAPI\",VLOOKUP(ZE25,SINAPI,2,0),IF(ZH25=\"SETOP\",VLOOKUP(ZE25,SETOP,3,0),IF(ZH25=\"CPU\",VLOOKUP(ZE25,COMPOSIÇÃO,2,0),VLOOKUP(ZE25,COTAÇÃO,3,0))))","v":"BOMBEIRO/ENCANADOR COM ENCARGOS COMPLEMENTARES"},null,"SETOP",{"$f":"IF(ZH25=\"SINAPI\",VLOOKUP(ZE25,SINAPI,3,0),IF(ZH25=\"SETOP\",VLOOKUP(ZE25,SETOP,4,0),IF(ZH25=\"CPU\",VLOOKUP(ZE25,COMPOSIÇÃO,5,0),VLOOKUP(ZE25,COTAÇÃO,8,0))))","v":"HORA"},0.5,{"$f":"IF(ZH25=\"SINAPI\",VLOOKUP(ZE25,SINAPI,4,0),IF(ZH25=\"SETOP\",VLOOKUP(ZE25,SETOP,5,0),IF(ZH25=\"CPU\",VLOOKUP(ZE25,COMPOSIÇÃO,8,0),VLOOKUP(ZE25,COTAÇÃO,11,0))))","v":19.149999999999999},{"$f":"ZJ25*ZK25","v":9.5749999999999993},"ED-50374",{"$f":"IF(ZP25=\"SINAPI\",VLOOKUP(ZM25,SINAPI,2,0),IF(ZP25=\"SETOP\",VLOOKUP(ZM25,SETOP,3,0),IF(ZP25=\"CPU\",VLOOKUP(ZM25,COMPOSIÇÃO,2,0),VLOOKUP(ZM25,COTAÇÃO,3,0))))","v":"BOMBEIRO/ENCANADOR COM ENCARGOS COMPLEMENTARES"},null,"SETOP",{"$f":"IF(ZP25=\"SINAPI\",VLOOKUP(ZM25,SINAPI,3,0),IF(ZP25=\"SETOP\",VLOOKUP(ZM25,SETOP,4,0),IF(ZP25=\"CPU\",VLOOKUP(ZM25,COMPOSIÇÃO,5,0),VLOOKUP(ZM25,COTAÇÃO,8,0))))","v":"HORA"},0.5,{"$f":"IF(ZP25=\"SINAPI\",VLOOKUP(ZM25,SINAPI,4,0),IF(ZP25=\"SETOP\",VLOOKUP(ZM25,SETOP,5,0),IF(ZP25=\"CPU\",VLOOKUP(ZM25,COMPOSIÇÃO,8,0),VLOOKUP(ZM25,COTAÇÃO,11,0))))","v":19.149999999999999},{"$f":"ZR25*ZS25","v":9.5749999999999993},"ED-50374",{"$f":"IF(ZX25=\"SINAPI\",VLOOKUP(ZU25,SINAPI,2,0),IF(ZX25=\"SETOP\",VLOOKUP(ZU25,SETOP,3,0),IF(ZX25=\"CPU\",VLOOKUP(ZU25,COMPOSIÇÃO,2,0),VLOOKUP(ZU25,COTAÇÃO,3,0))))","v":"BOMBEIRO/ENCANADOR COM ENCARGOS COMPLEMENTARES"},null,"SETOP",{"$f":"IF(ZX25=\"SINAPI\",VLOOKUP(ZU25,SINAPI,3,0),IF(ZX25=\"SETOP\",VLOOKUP(ZU25,SETOP,4,0),IF(ZX25=\"CPU\",VLOOKUP(ZU25,COMPOSIÇÃO,5,0),VLOOKUP(ZU25,COTAÇÃO,8,0))))","v":"HORA"},0.5,{"$f":"IF(ZX25=\"SINAPI\",VLOOKUP(ZU25,SINAPI,4,0),IF(ZX25=\"SETOP\",VLOOKUP(ZU25,SETOP,5,0),IF(ZX25=\"CPU\",VLOOKUP(ZU25,COMPOSIÇÃO,8,0),VLOOKUP(ZU25,COTAÇÃO,11,0))))","v":19.149999999999999},{"$f":"ZZ25*AAA25","v":9.5749999999999993},"ED-50374",{"$f":"IF(AAF25=\"SINAPI\",VLOOKUP(AAC25,SINAPI,2,0),IF(AAF25=\"SETOP\",VLOOKUP(AAC25,SETOP,3,0),IF(AAF25=\"CPU\",VLOOKUP(AAC25,COMPOSIÇÃO,2,0),VLOOKUP(AAC25,COTAÇÃO,3,0))))","v":"BOMBEIRO/ENCANADOR COM ENCARGOS COMPLEMENTARES"},null,"SETOP",{"$f":"IF(AAF25=\"SINAPI\",VLOOKUP(AAC25,SINAPI,3,0),IF(AAF25=\"SETOP\",VLOOKUP(AAC25,SETOP,4,0),IF(AAF25=\"CPU\",VLOOKUP(AAC25,COMPOSIÇÃO,5,0),VLOOKUP(AAC25,COTAÇÃO,8,0))))","v":"HORA"},0.5,{"$f":"IF(AAF25=\"SINAPI\",VLOOKUP(AAC25,SINAPI,4,0),IF(AAF25=\"SETOP\",VLOOKUP(AAC25,SETOP,5,0),IF(AAF25=\"CPU\",VLOOKUP(AAC25,COMPOSIÇÃO,8,0),VLOOKUP(AAC25,COTAÇÃO,11,0))))","v":19.149999999999999},{"$f":"AAH25*AAI25","v":9.5749999999999993},"ED-50374",{"$f":"IF(AAN25=\"SINAPI\",VLOOKUP(AAK25,SINAPI,2,0),IF(AAN25=\"SETOP\",VLOOKUP(AAK25,SETOP,3,0),IF(AAN25=\"CPU\",VLOOKUP(AAK25,COMPOSIÇÃO,2,0),VLOOKUP(AAK25,COTAÇÃO,3,0))))","v":"BOMBEIRO/ENCANADOR COM ENCARGOS COMPLEMENTARES"},null,"SETOP",{"$f":"IF(AAN25=\"SINAPI\",VLOOKUP(AAK25,SINAPI,3,0),IF(AAN25=\"SETOP\",VLOOKUP(AAK25,SETOP,4,0),IF(AAN25=\"CPU\",VLOOKUP(AAK25,COMPOSIÇÃO,5,0),VLOOKUP(AAK25,COTAÇÃO,8,0))))","v":"HORA"},0.5,{"$f":"IF(AAN25=\"SINAPI\",VLOOKUP(AAK25,SINAPI,4,0),IF(AAN25=\"SETOP\",VLOOKUP(AAK25,SETOP,5,0),IF(AAN25=\"CPU\",VLOOKUP(AAK25,COMPOSIÇÃO,8,0),VLOOKUP(AAK25,COTAÇÃO,11,0))))","v":19.149999999999999},{"$f":"AAP25*AAQ25","v":9.5749999999999993},"ED-50374",{"$f":"IF(AAV25=\"SINAPI\",VLOOKUP(AAS25,SINAPI,2,0),IF(AAV25=\"SETOP\",VLOOKUP(AAS25,SETOP,3,0),IF(AAV25=\"CPU\",VLOOKUP(AAS25,COMPOSIÇÃO,2,0),VLOOKUP(AAS25,COTAÇÃO,3,0))))","v":"BOMBEIRO/ENCANADOR COM ENCARGOS COMPLEMENTARES"},null,"SETOP",{"$f":"IF(AAV25=\"SINAPI\",VLOOKUP(AAS25,SINAPI,3,0),IF(AAV25=\"SETOP\",VLOOKUP(AAS25,SETOP,4,0),IF(AAV25=\"CPU\",VLOOKUP(AAS25,COMPOSIÇÃO,5,0),VLOOKUP(AAS25,COTAÇÃO,8,0))))","v":"HORA"},0.5,{"$f":"IF(AAV25=\"SINAPI\",VLOOKUP(AAS25,SINAPI,4,0),IF(AAV25=\"SETOP\",VLOOKUP(AAS25,SETOP,5,0),IF(AAV25=\"CPU\",VLOOKUP(AAS25,COMPOSIÇÃO,8,0),VLOOKUP(AAS25,COTAÇÃO,11,0))))","v":19.149999999999999},{"$f":"AAX25*AAY25","v":9.5749999999999993},"ED-50374",{"$f":"IF(ABD25=\"SINAPI\",VLOOKUP(ABA25,SINAPI,2,0),IF(ABD25=\"SETOP\",VLOOKUP(ABA25,SETOP,3,0),IF(ABD25=\"CPU\",VLOOKUP(ABA25,COMPOSIÇÃO,2,0),VLOOKUP(ABA25,COTAÇÃO,3,0))))","v":"BOMBEIRO/ENCANADOR COM ENCARGOS COMPLEMENTARES"},null,"SETOP",{"$f":"IF(ABD25=\"SINAPI\",VLOOKUP(ABA25,SINAPI,3,0),IF(ABD25=\"SETOP\",VLOOKUP(ABA25,SETOP,4,0),IF(ABD25=\"CPU\",VLOOKUP(ABA25,COMPOSIÇÃO,5,0),VLOOKUP(ABA25,COTAÇÃO,8,0))))","v":"HORA"},0.5,{"$f":"IF(ABD25=\"SINAPI\",VLOOKUP(ABA25,SINAPI,4,0),IF(ABD25=\"SETOP\",VLOOKUP(ABA25,SETOP,5,0),IF(ABD25=\"CPU\",VLOOKUP(ABA25,COMPOSIÇÃO,8,0),VLOOKUP(ABA25,COTAÇÃO,11,0))))","v":19.149999999999999},{"$f":"ABF25*ABG25","v":9.5749999999999993},"ED-50374",{"$f":"IF(ABL25=\"SINAPI\",VLOOKUP(ABI25,SINAPI,2,0),IF(ABL25=\"SETOP\",VLOOKUP(ABI25,SETOP,3,0),IF(ABL25=\"CPU\",VLOOKUP(ABI25,COMPOSIÇÃO,2,0),VLOOKUP(ABI25,COTAÇÃO,3,0))))","v":"BOMBEIRO/ENCANADOR COM ENCARGOS COMPLEMENTARES"},null,"SETOP",{"$f":"IF(ABL25=\"SINAPI\",VLOOKUP(ABI25,SINAPI,3,0),IF(ABL25=\"SETOP\",VLOOKUP(ABI25,SETOP,4,0),IF(ABL25=\"CPU\",VLOOKUP(ABI25,COMPOSIÇÃO,5,0),VLOOKUP(ABI25,COTAÇÃO,8,0))))","v":"HORA"},0.5,{"$f":"IF(ABL25=\"SINAPI\",VLOOKUP(ABI25,SINAPI,4,0),IF(ABL25=\"SETOP\",VLOOKUP(ABI25,SETOP,5,0),IF(ABL25=\"CPU\",VLOOKUP(ABI25,COMPOSIÇÃO,8,0),VLOOKUP(ABI25,COTAÇÃO,11,0))))","v":19.149999999999999},{"$f":"ABN25*ABO25","v":9.5749999999999993},"ED-50374",{"$f":"IF(ABT25=\"SINAPI\",VLOOKUP(ABQ25,SINAPI,2,0),IF(ABT25=\"SETOP\",VLOOKUP(ABQ25,SETOP,3,0),IF(ABT25=\"CPU\",VLOOKUP(ABQ25,COMPOSIÇÃO,2,0),VLOOKUP(ABQ25,COTAÇÃO,3,0))))","v":"BOMBEIRO/ENCANADOR COM ENCARGOS COMPLEMENTARES"},null,"SETOP",{"$f":"IF(ABT25=\"SINAPI\",VLOOKUP(ABQ25,SINAPI,3,0),IF(ABT25=\"SETOP\",VLOOKUP(ABQ25,SETOP,4,0),IF(ABT25=\"CPU\",VLOOKUP(ABQ25,COMPOSIÇÃO,5,0),VLOOKUP(ABQ25,COTAÇÃO,8,0))))","v":"HORA"},0.5,{"$f":"IF(ABT25=\"SINAPI\",VLOOKUP(ABQ25,SINAPI,4,0),IF(ABT25=\"SETOP\",VLOOKUP(ABQ25,SETOP,5,0),IF(ABT25=\"CPU\",VLOOKUP(ABQ25,COMPOSIÇÃO,8,0),VLOOKUP(ABQ25,COTAÇÃO,11,0))))","v":19.149999999999999},{"$f":"ABV25*ABW25","v":9.5749999999999993},"ED-50374",{"$f":"IF(ACB25=\"SINAPI\",VLOOKUP(ABY25,SINAPI,2,0),IF(ACB25=\"SETOP\",VLOOKUP(ABY25,SETOP,3,0),IF(ACB25=\"CPU\",VLOOKUP(ABY25,COMPOSIÇÃO,2,0),VLOOKUP(ABY25,COTAÇÃO,3,0))))","v":"BOMBEIRO/ENCANADOR COM ENCARGOS COMPLEMENTARES"},null,"SETOP",{"$f":"IF(ACB25=\"SINAPI\",VLOOKUP(ABY25,SINAPI,3,0),IF(ACB25=\"SETOP\",VLOOKUP(ABY25,SETOP,4,0),IF(ACB25=\"CPU\",VLOOKUP(ABY25,COMPOSIÇÃO,5,0),VLOOKUP(ABY25,COTAÇÃO,8,0))))","v":"HORA"},0.5,{"$f":"IF(ACB25=\"SINAPI\",VLOOKUP(ABY25,SINAPI,4,0),IF(ACB25=\"SETOP\",VLOOKUP(ABY25,SETOP,5,0),IF(ACB25=\"CPU\",VLOOKUP(ABY25,COMPOSIÇÃO,8,0),VLOOKUP(ABY25,COTAÇÃO,11,0))))","v":19.149999999999999},{"$f":"ACD25*ACE25","v":9.5749999999999993},"ED-50374",{"$f":"IF(ACJ25=\"SINAPI\",VLOOKUP(ACG25,SINAPI,2,0),IF(ACJ25=\"SETOP\",VLOOKUP(ACG25,SETOP,3,0),IF(ACJ25=\"CPU\",VLOOKUP(ACG25,COMPOSIÇÃO,2,0),VLOOKUP(ACG25,COTAÇÃO,3,0))))","v":"BOMBEIRO/ENCANADOR COM ENCARGOS COMPLEMENTARES"},null,"SETOP",{"$f":"IF(ACJ25=\"SINAPI\",VLOOKUP(ACG25,SINAPI,3,0),IF(ACJ25=\"SETOP\",VLOOKUP(ACG25,SETOP,4,0),IF(ACJ25=\"CPU\",VLOOKUP(ACG25,COMPOSIÇÃO,5,0),VLOOKUP(ACG25,COTAÇÃO,8,0))))","v":"HORA"},0.5,{"$f":"IF(ACJ25=\"SINAPI\",VLOOKUP(ACG25,SINAPI,4,0),IF(ACJ25=\"SETOP\",VLOOKUP(ACG25,SETOP,5,0),IF(ACJ25=\"CPU\",VLOOKUP(ACG25,COMPOSIÇÃO,8,0),VLOOKUP(ACG25,COTAÇÃO,11,0))))","v":19.149999999999999},{"$f":"ACL25*ACM25","v":9.5749999999999993},"ED-50374",{"$f":"IF(ACR25=\"SINAPI\",VLOOKUP(ACO25,SINAPI,2,0),IF(ACR25=\"SETOP\",VLOOKUP(ACO25,SETOP,3,0),IF(ACR25=\"CPU\",VLOOKUP(ACO25,COMPOSIÇÃO,2,0),VLOOKUP(ACO25,COTAÇÃO,3,0))))","v":"BOMBEIRO/ENCANADOR COM ENCARGOS COMPLEMENTARES"},null,"SETOP",{"$f":"IF(ACR25=\"SINAPI\",VLOOKUP(ACO25,SINAPI,3,0),IF(ACR25=\"SETOP\",VLOOKUP(ACO25,SETOP,4,0),IF(ACR25=\"CPU\",VLOOKUP(ACO25,COMPOSIÇÃO,5,0),VLOOKUP(ACO25,COTAÇÃO,8,0))))","v":"HORA"},0.5,{"$f":"IF(ACR25=\"SINAPI\",VLOOKUP(ACO25,SINAPI,4,0),IF(ACR25=\"SETOP\",VLOOKUP(ACO25,SETOP,5,0),IF(ACR25=\"CPU\",VLOOKUP(ACO25,COMPOSIÇÃO,8,0),VLOOKUP(ACO25,COTAÇÃO,11,0))))","v":19.149999999999999},{"$f":"ACT25*ACU25","v":9.5749999999999993},"ED-50374",{"$f":"IF(ACZ25=\"SINAPI\",VLOOKUP(ACW25,SINAPI,2,0),IF(ACZ25=\"SETOP\",VLOOKUP(ACW25,SETOP,3,0),IF(ACZ25=\"CPU\",VLOOKUP(ACW25,COMPOSIÇÃO,2,0),VLOOKUP(ACW25,COTAÇÃO,3,0))))","v":"BOMBEIRO/ENCANADOR COM ENCARGOS COMPLEMENTARES"},null,"SETOP",{"$f":"IF(ACZ25=\"SINAPI\",VLOOKUP(ACW25,SINAPI,3,0),IF(ACZ25=\"SETOP\",VLOOKUP(ACW25,SETOP,4,0),IF(ACZ25=\"CPU\",VLOOKUP(ACW25,COMPOSIÇÃO,5,0),VLOOKUP(ACW25,COTAÇÃO,8,0))))","v":"HORA"},0.5,{"$f":"IF(ACZ25=\"SINAPI\",VLOOKUP(ACW25,SINAPI,4,0),IF(ACZ25=\"SETOP\",VLOOKUP(ACW25,SETOP,5,0),IF(ACZ25=\"CPU\",VLOOKUP(ACW25,COMPOSIÇÃO,8,0),VLOOKUP(ACW25,COTAÇÃO,11,0))))","v":19.149999999999999},{"$f":"ADB25*ADC25","v":9.5749999999999993},"ED-50374",{"$f":"IF(ADH25=\"SINAPI\",VLOOKUP(ADE25,SINAPI,2,0),IF(ADH25=\"SETOP\",VLOOKUP(ADE25,SETOP,3,0),IF(ADH25=\"CPU\",VLOOKUP(ADE25,COMPOSIÇÃO,2,0),VLOOKUP(ADE25,COTAÇÃO,3,0))))","v":"BOMBEIRO/ENCANADOR COM ENCARGOS COMPLEMENTARES"},null,"SETOP",{"$f":"IF(ADH25=\"SINAPI\",VLOOKUP(ADE25,SINAPI,3,0),IF(ADH25=\"SETOP\",VLOOKUP(ADE25,SETOP,4,0),IF(ADH25=\"CPU\",VLOOKUP(ADE25,COMPOSIÇÃO,5,0),VLOOKUP(ADE25,COTAÇÃO,8,0))))","v":"HORA"},0.5,{"$f":"IF(ADH25=\"SINAPI\",VLOOKUP(ADE25,SINAPI,4,0),IF(ADH25=\"SETOP\",VLOOKUP(ADE25,SETOP,5,0),IF(ADH25=\"CPU\",VLOOKUP(ADE25,COMPOSIÇÃO,8,0),VLOOKUP(ADE25,COTAÇÃO,11,0))))","v":19.149999999999999},{"$f":"ADJ25*ADK25","v":9.5749999999999993},"ED-50374",{"$f":"IF(ADP25=\"SINAPI\",VLOOKUP(ADM25,SINAPI,2,0),IF(ADP25=\"SETOP\",VLOOKUP(ADM25,SETOP,3,0),IF(ADP25=\"CPU\",VLOOKUP(ADM25,COMPOSIÇÃO,2,0),VLOOKUP(ADM25,COTAÇÃO,3,0))))","v":"BOMBEIRO/ENCANADOR COM ENCARGOS COMPLEMENTARES"},null,"SETOP",{"$f":"IF(ADP25=\"SINAPI\",VLOOKUP(ADM25,SINAPI,3,0),IF(ADP25=\"SETOP\",VLOOKUP(ADM25,SETOP,4,0),IF(ADP25=\"CPU\",VLOOKUP(ADM25,COMPOSIÇÃO,5,0),VLOOKUP(ADM25,COTAÇÃO,8,0))))","v":"HORA"},0.5,{"$f":"IF(ADP25=\"SINAPI\",VLOOKUP(ADM25,SINAPI,4,0),IF(ADP25=\"SETOP\",VLOOKUP(ADM25,SETOP,5,0),IF(ADP25=\"CPU\",VLOOKUP(ADM25,COMPOSIÇÃO,8,0),VLOOKUP(ADM25,COTAÇÃO,11,0))))","v":19.149999999999999},{"$f":"ADR25*ADS25","v":9.5749999999999993},"ED-50374",{"$f":"IF(ADX25=\"SINAPI\",VLOOKUP(ADU25,SINAPI,2,0),IF(ADX25=\"SETOP\",VLOOKUP(ADU25,SETOP,3,0),IF(ADX25=\"CPU\",VLOOKUP(ADU25,COMPOSIÇÃO,2,0),VLOOKUP(ADU25,COTAÇÃO,3,0))))","v":"BOMBEIRO/ENCANADOR COM ENCARGOS COMPLEMENTARES"},null,"SETOP",{"$f":"IF(ADX25=\"SINAPI\",VLOOKUP(ADU25,SINAPI,3,0),IF(ADX25=\"SETOP\",VLOOKUP(ADU25,SETOP,4,0),IF(ADX25=\"CPU\",VLOOKUP(ADU25,COMPOSIÇÃO,5,0),VLOOKUP(ADU25,COTAÇÃO,8,0))))","v":"HORA"},0.5,{"$f":"IF(ADX25=\"SINAPI\",VLOOKUP(ADU25,SINAPI,4,0),IF(ADX25=\"SETOP\",VLOOKUP(ADU25,SETOP,5,0),IF(ADX25=\"CPU\",VLOOKUP(ADU25,COMPOSIÇÃO,8,0),VLOOKUP(ADU25,COTAÇÃO,11,0))))","v":19.149999999999999},{"$f":"ADZ25*AEA25","v":9.5749999999999993},"ED-50374",{"$f":"IF(AEF25=\"SINAPI\",VLOOKUP(AEC25,SINAPI,2,0),IF(AEF25=\"SETOP\",VLOOKUP(AEC25,SETOP,3,0),IF(AEF25=\"CPU\",VLOOKUP(AEC25,COMPOSIÇÃO,2,0),VLOOKUP(AEC25,COTAÇÃO,3,0))))","v":"BOMBEIRO/ENCANADOR COM ENCARGOS COMPLEMENTARES"},null,"SETOP",{"$f":"IF(AEF25=\"SINAPI\",VLOOKUP(AEC25,SINAPI,3,0),IF(AEF25=\"SETOP\",VLOOKUP(AEC25,SETOP,4,0),IF(AEF25=\"CPU\",VLOOKUP(AEC25,COMPOSIÇÃO,5,0),VLOOKUP(AEC25,COTAÇÃO,8,0))))","v":"HORA"},0.5,{"$f":"IF(AEF25=\"SINAPI\",VLOOKUP(AEC25,SINAPI,4,0),IF(AEF25=\"SETOP\",VLOOKUP(AEC25,SETOP,5,0),IF(AEF25=\"CPU\",VLOOKUP(AEC25,COMPOSIÇÃO,8,0),VLOOKUP(AEC25,COTAÇÃO,11,0))))","v":19.149999999999999},{"$f":"AEH25*AEI25","v":9.5749999999999993},"ED-50374",{"$f":"IF(AEN25=\"SINAPI\",VLOOKUP(AEK25,SINAPI,2,0),IF(AEN25=\"SETOP\",VLOOKUP(AEK25,SETOP,3,0),IF(AEN25=\"CPU\",VLOOKUP(AEK25,COMPOSIÇÃO,2,0),VLOOKUP(AEK25,COTAÇÃO,3,0))))","v":"BOMBEIRO/ENCANADOR COM ENCARGOS COMPLEMENTARES"},null,"SETOP",{"$f":"IF(AEN25=\"SINAPI\",VLOOKUP(AEK25,SINAPI,3,0),IF(AEN25=\"SETOP\",VLOOKUP(AEK25,SETOP,4,0),IF(AEN25=\"CPU\",VLOOKUP(AEK25,COMPOSIÇÃO,5,0),VLOOKUP(AEK25,COTAÇÃO,8,0))))","v":"HORA"},0.5,{"$f":"IF(AEN25=\"SINAPI\",VLOOKUP(AEK25,SINAPI,4,0),IF(AEN25=\"SETOP\",VLOOKUP(AEK25,SETOP,5,0),IF(AEN25=\"CPU\",VLOOKUP(AEK25,COMPOSIÇÃO,8,0),VLOOKUP(AEK25,COTAÇÃO,11,0))))","v":19.149999999999999},{"$f":"AEP25*AEQ25","v":9.5749999999999993},"ED-50374",{"$f":"IF(AEV25=\"SINAPI\",VLOOKUP(AES25,SINAPI,2,0),IF(AEV25=\"SETOP\",VLOOKUP(AES25,SETOP,3,0),IF(AEV25=\"CPU\",VLOOKUP(AES25,COMPOSIÇÃO,2,0),VLOOKUP(AES25,COTAÇÃO,3,0))))","v":"BOMBEIRO/ENCANADOR COM ENCARGOS COMPLEMENTARES"},null,"SETOP",{"$f":"IF(AEV25=\"SINAPI\",VLOOKUP(AES25,SINAPI,3,0),IF(AEV25=\"SETOP\",VLOOKUP(AES25,SETOP,4,0),IF(AEV25=\"CPU\",VLOOKUP(AES25,COMPOSIÇÃO,5,0),VLOOKUP(AES25,COTAÇÃO,8,0))))","v":"HORA"},0.5,{"$f":"IF(AEV25=\"SINAPI\",VLOOKUP(AES25,SINAPI,4,0),IF(AEV25=\"SETOP\",VLOOKUP(AES25,SETOP,5,0),IF(AEV25=\"CPU\",VLOOKUP(AES25,COMPOSIÇÃO,8,0),VLOOKUP(AES25,COTAÇÃO,11,0))))","v":19.149999999999999},{"$f":"AEX25*AEY25","v":9.5749999999999993},"ED-50374",{"$f":"IF(AFD25=\"SINAPI\",VLOOKUP(AFA25,SINAPI,2,0),IF(AFD25=\"SETOP\",VLOOKUP(AFA25,SETOP,3,0),IF(AFD25=\"CPU\",VLOOKUP(AFA25,COMPOSIÇÃO,2,0),VLOOKUP(AFA25,COTAÇÃO,3,0))))","v":"BOMBEIRO/ENCANADOR COM ENCARGOS COMPLEMENTARES"},null,"SETOP",{"$f":"IF(AFD25=\"SINAPI\",VLOOKUP(AFA25,SINAPI,3,0),IF(AFD25=\"SETOP\",VLOOKUP(AFA25,SETOP,4,0),IF(AFD25=\"CPU\",VLOOKUP(AFA25,COMPOSIÇÃO,5,0),VLOOKUP(AFA25,COTAÇÃO,8,0))))","v":"HORA"},0.5,{"$f":"IF(AFD25=\"SINAPI\",VLOOKUP(AFA25,SINAPI,4,0),IF(AFD25=\"SETOP\",VLOOKUP(AFA25,SETOP,5,0),IF(AFD25=\"CPU\",VLOOKUP(AFA25,COMPOSIÇÃO,8,0),VLOOKUP(AFA25,COTAÇÃO,11,0))))","v":19.149999999999999},{"$f":"AFF25*AFG25","v":9.5749999999999993},"ED-50374",{"$f":"IF(AFL25=\"SINAPI\",VLOOKUP(AFI25,SINAPI,2,0),IF(AFL25=\"SETOP\",VLOOKUP(AFI25,SETOP,3,0),IF(AFL25=\"CPU\",VLOOKUP(AFI25,COMPOSIÇÃO,2,0),VLOOKUP(AFI25,COTAÇÃO,3,0))))","v":"BOMBEIRO/ENCANADOR COM ENCARGOS COMPLEMENTARES"},null,"SETOP",{"$f":"IF(AFL25=\"SINAPI\",VLOOKUP(AFI25,SINAPI,3,0),IF(AFL25=\"SETOP\",VLOOKUP(AFI25,SETOP,4,0),IF(AFL25=\"CPU\",VLOOKUP(AFI25,COMPOSIÇÃO,5,0),VLOOKUP(AFI25,COTAÇÃO,8,0))))","v":"HORA"},0.5,{"$f":"IF(AFL25=\"SINAPI\",VLOOKUP(AFI25,SINAPI,4,0),IF(AFL25=\"SETOP\",VLOOKUP(AFI25,SETOP,5,0),IF(AFL25=\"CPU\",VLOOKUP(AFI25,COMPOSIÇÃO,8,0),VLOOKUP(AFI25,COTAÇÃO,11,0))))","v":19.149999999999999},{"$f":"AFN25*AFO25","v":9.5749999999999993},"ED-50374",{"$f":"IF(AFT25=\"SINAPI\",VLOOKUP(AFQ25,SINAPI,2,0),IF(AFT25=\"SETOP\",VLOOKUP(AFQ25,SETOP,3,0),IF(AFT25=\"CPU\",VLOOKUP(AFQ25,COMPOSIÇÃO,2,0),VLOOKUP(AFQ25,COTAÇÃO,3,0))))","v":"BOMBEIRO/ENCANADOR COM ENCARGOS COMPLEMENTARES"},null,"SETOP",{"$f":"IF(AFT25=\"SINAPI\",VLOOKUP(AFQ25,SINAPI,3,0),IF(AFT25=\"SETOP\",VLOOKUP(AFQ25,SETOP,4,0),IF(AFT25=\"CPU\",VLOOKUP(AFQ25,COMPOSIÇÃO,5,0),VLOOKUP(AFQ25,COTAÇÃO,8,0))))","v":"HORA"},0.5,{"$f":"IF(AFT25=\"SINAPI\",VLOOKUP(AFQ25,SINAPI,4,0),IF(AFT25=\"SETOP\",VLOOKUP(AFQ25,SETOP,5,0),IF(AFT25=\"CPU\",VLOOKUP(AFQ25,COMPOSIÇÃO,8,0),VLOOKUP(AFQ25,COTAÇÃO,11,0))))","v":19.149999999999999},{"$f":"AFV25*AFW25","v":9.5749999999999993},"ED-50374",{"$f":"IF(AGB25=\"SINAPI\",VLOOKUP(AFY25,SINAPI,2,0),IF(AGB25=\"SETOP\",VLOOKUP(AFY25,SETOP,3,0),IF(AGB25=\"CPU\",VLOOKUP(AFY25,COMPOSIÇÃO,2,0),VLOOKUP(AFY25,COTAÇÃO,3,0))))","v":"BOMBEIRO/ENCANADOR COM ENCARGOS COMPLEMENTARES"},null,"SETOP",{"$f":"IF(AGB25=\"SINAPI\",VLOOKUP(AFY25,SINAPI,3,0),IF(AGB25=\"SETOP\",VLOOKUP(AFY25,SETOP,4,0),IF(AGB25=\"CPU\",VLOOKUP(AFY25,COMPOSIÇÃO,5,0),VLOOKUP(AFY25,COTAÇÃO,8,0))))","v":"HORA"},0.5,{"$f":"IF(AGB25=\"SINAPI\",VLOOKUP(AFY25,SINAPI,4,0),IF(AGB25=\"SETOP\",VLOOKUP(AFY25,SETOP,5,0),IF(AGB25=\"CPU\",VLOOKUP(AFY25,COMPOSIÇÃO,8,0),VLOOKUP(AFY25,COTAÇÃO,11,0))))","v":19.149999999999999},{"$f":"AGD25*AGE25","v":9.5749999999999993},"ED-50374",{"$f":"IF(AGJ25=\"SINAPI\",VLOOKUP(AGG25,SINAPI,2,0),IF(AGJ25=\"SETOP\",VLOOKUP(AGG25,SETOP,3,0),IF(AGJ25=\"CPU\",VLOOKUP(AGG25,COMPOSIÇÃO,2,0),VLOOKUP(AGG25,COTAÇÃO,3,0))))","v":"BOMBEIRO/ENCANADOR COM ENCARGOS COMPLEMENTARES"},null,"SETOP",{"$f":"IF(AGJ25=\"SINAPI\",VLOOKUP(AGG25,SINAPI,3,0),IF(AGJ25=\"SETOP\",VLOOKUP(AGG25,SETOP,4,0),IF(AGJ25=\"CPU\",VLOOKUP(AGG25,COMPOSIÇÃO,5,0),VLOOKUP(AGG25,COTAÇÃO,8,0))))","v":"HORA"},0.5,{"$f":"IF(AGJ25=\"SINAPI\",VLOOKUP(AGG25,SINAPI,4,0),IF(AGJ25=\"SETOP\",VLOOKUP(AGG25,SETOP,5,0),IF(AGJ25=\"CPU\",VLOOKUP(AGG25,COMPOSIÇÃO,8,0),VLOOKUP(AGG25,COTAÇÃO,11,0))))","v":19.149999999999999},{"$f":"AGL25*AGM25","v":9.5749999999999993},"ED-50374",{"$f":"IF(AGR25=\"SINAPI\",VLOOKUP(AGO25,SINAPI,2,0),IF(AGR25=\"SETOP\",VLOOKUP(AGO25,SETOP,3,0),IF(AGR25=\"CPU\",VLOOKUP(AGO25,COMPOSIÇÃO,2,0),VLOOKUP(AGO25,COTAÇÃO,3,0))))","v":"BOMBEIRO/ENCANADOR COM ENCARGOS COMPLEMENTARES"},null,"SETOP",{"$f":"IF(AGR25=\"SINAPI\",VLOOKUP(AGO25,SINAPI,3,0),IF(AGR25=\"SETOP\",VLOOKUP(AGO25,SETOP,4,0),IF(AGR25=\"CPU\",VLOOKUP(AGO25,COMPOSIÇÃO,5,0),VLOOKUP(AGO25,COTAÇÃO,8,0))))","v":"HORA"},0.5,{"$f":"IF(AGR25=\"SINAPI\",VLOOKUP(AGO25,SINAPI,4,0),IF(AGR25=\"SETOP\",VLOOKUP(AGO25,SETOP,5,0),IF(AGR25=\"CPU\",VLOOKUP(AGO25,COMPOSIÇÃO,8,0),VLOOKUP(AGO25,COTAÇÃO,11,0))))","v":19.149999999999999},{"$f":"AGT25*AGU25","v":9.5749999999999993},"ED-50374",{"$f":"IF(AGZ25=\"SINAPI\",VLOOKUP(AGW25,SINAPI,2,0),IF(AGZ25=\"SETOP\",VLOOKUP(AGW25,SETOP,3,0),IF(AGZ25=\"CPU\",VLOOKUP(AGW25,COMPOSIÇÃO,2,0),VLOOKUP(AGW25,COTAÇÃO,3,0))))","v":"BOMBEIRO/ENCANADOR COM ENCARGOS COMPLEMENTARES"},null,"SETOP",{"$f":"IF(AGZ25=\"SINAPI\",VLOOKUP(AGW25,SINAPI,3,0),IF(AGZ25=\"SETOP\",VLOOKUP(AGW25,SETOP,4,0),IF(AGZ25=\"CPU\",VLOOKUP(AGW25,COMPOSIÇÃO,5,0),VLOOKUP(AGW25,COTAÇÃO,8,0))))","v":"HORA"},0.5,{"$f":"IF(AGZ25=\"SINAPI\",VLOOKUP(AGW25,SINAPI,4,0),IF(AGZ25=\"SETOP\",VLOOKUP(AGW25,SETOP,5,0),IF(AGZ25=\"CPU\",VLOOKUP(AGW25,COMPOSIÇÃO,8,0),VLOOKUP(AGW25,COTAÇÃO,11,0))))","v":19.149999999999999},{"$f":"AHB25*AHC25","v":9.5749999999999993},"ED-50374",{"$f":"IF(AHH25=\"SINAPI\",VLOOKUP(AHE25,SINAPI,2,0),IF(AHH25=\"SETOP\",VLOOKUP(AHE25,SETOP,3,0),IF(AHH25=\"CPU\",VLOOKUP(AHE25,COMPOSIÇÃO,2,0),VLOOKUP(AHE25,COTAÇÃO,3,0))))","v":"BOMBEIRO/ENCANADOR COM ENCARGOS COMPLEMENTARES"},null,"SETOP",{"$f":"IF(AHH25=\"SINAPI\",VLOOKUP(AHE25,SINAPI,3,0),IF(AHH25=\"SETOP\",VLOOKUP(AHE25,SETOP,4,0),IF(AHH25=\"CPU\",VLOOKUP(AHE25,COMPOSIÇÃO,5,0),VLOOKUP(AHE25,COTAÇÃO,8,0))))","v":"HORA"},0.5,{"$f":"IF(AHH25=\"SINAPI\",VLOOKUP(AHE25,SINAPI,4,0),IF(AHH25=\"SETOP\",VLOOKUP(AHE25,SETOP,5,0),IF(AHH25=\"CPU\",VLOOKUP(AHE25,COMPOSIÇÃO,8,0),VLOOKUP(AHE25,COTAÇÃO,11,0))))","v":19.149999999999999},{"$f":"AHJ25*AHK25","v":9.5749999999999993},"ED-50374",{"$f":"IF(AHP25=\"SINAPI\",VLOOKUP(AHM25,SINAPI,2,0),IF(AHP25=\"SETOP\",VLOOKUP(AHM25,SETOP,3,0),IF(AHP25=\"CPU\",VLOOKUP(AHM25,COMPOSIÇÃO,2,0),VLOOKUP(AHM25,COTAÇÃO,3,0))))","v":"BOMBEIRO/ENCANADOR COM ENCARGOS COMPLEMENTARES"},null,"SETOP",{"$f":"IF(AHP25=\"SINAPI\",VLOOKUP(AHM25,SINAPI,3,0),IF(AHP25=\"SETOP\",VLOOKUP(AHM25,SETOP,4,0),IF(AHP25=\"CPU\",VLOOKUP(AHM25,COMPOSIÇÃO,5,0),VLOOKUP(AHM25,COTAÇÃO,8,0))))","v":"HORA"},0.5,{"$f":"IF(AHP25=\"SINAPI\",VLOOKUP(AHM25,SINAPI,4,0),IF(AHP25=\"SETOP\",VLOOKUP(AHM25,SETOP,5,0),IF(AHP25=\"CPU\",VLOOKUP(AHM25,COMPOSIÇÃO,8,0),VLOOKUP(AHM25,COTAÇÃO,11,0))))","v":19.149999999999999},{"$f":"AHR25*AHS25","v":9.5749999999999993},"ED-50374",{"$f":"IF(AHX25=\"SINAPI\",VLOOKUP(AHU25,SINAPI,2,0),IF(AHX25=\"SETOP\",VLOOKUP(AHU25,SETOP,3,0),IF(AHX25=\"CPU\",VLOOKUP(AHU25,COMPOSIÇÃO,2,0),VLOOKUP(AHU25,COTAÇÃO,3,0))))","v":"BOMBEIRO/ENCANADOR COM ENCARGOS COMPLEMENTARES"},null,"SETOP",{"$f":"IF(AHX25=\"SINAPI\",VLOOKUP(AHU25,SINAPI,3,0),IF(AHX25=\"SETOP\",VLOOKUP(AHU25,SETOP,4,0),IF(AHX25=\"CPU\",VLOOKUP(AHU25,COMPOSIÇÃO,5,0),VLOOKUP(AHU25,COTAÇÃO,8,0))))","v":"HORA"},0.5,{"$f":"IF(AHX25=\"SINAPI\",VLOOKUP(AHU25,SINAPI,4,0),IF(AHX25=\"SETOP\",VLOOKUP(AHU25,SETOP,5,0),IF(AHX25=\"CPU\",VLOOKUP(AHU25,COMPOSIÇÃO,8,0),VLOOKUP(AHU25,COTAÇÃO,11,0))))","v":19.149999999999999},{"$f":"AHZ25*AIA25","v":9.5749999999999993},"ED-50374",{"$f":"IF(AIF25=\"SINAPI\",VLOOKUP(AIC25,SINAPI,2,0),IF(AIF25=\"SETOP\",VLOOKUP(AIC25,SETOP,3,0),IF(AIF25=\"CPU\",VLOOKUP(AIC25,COMPOSIÇÃO,2,0),VLOOKUP(AIC25,COTAÇÃO,3,0))))","v":"BOMBEIRO/ENCANADOR COM ENCARGOS COMPLEMENTARES"},null,"SETOP",{"$f":"IF(AIF25=\"SINAPI\",VLOOKUP(AIC25,SINAPI,3,0),IF(AIF25=\"SETOP\",VLOOKUP(AIC25,SETOP,4,0),IF(AIF25=\"CPU\",VLOOKUP(AIC25,COMPOSIÇÃO,5,0),VLOOKUP(AIC25,COTAÇÃO,8,0))))","v":"HORA"},0.5,{"$f":"IF(AIF25=\"SINAPI\",VLOOKUP(AIC25,SINAPI,4,0),IF(AIF25=\"SETOP\",VLOOKUP(AIC25,SETOP,5,0),IF(AIF25=\"CPU\",VLOOKUP(AIC25,COMPOSIÇÃO,8,0),VLOOKUP(AIC25,COTAÇÃO,11,0))))","v":19.149999999999999},{"$f":"AIH25*AII25","v":9.5749999999999993},"ED-50374",{"$f":"IF(AIN25=\"SINAPI\",VLOOKUP(AIK25,SINAPI,2,0),IF(AIN25=\"SETOP\",VLOOKUP(AIK25,SETOP,3,0),IF(AIN25=\"CPU\",VLOOKUP(AIK25,COMPOSIÇÃO,2,0),VLOOKUP(AIK25,COTAÇÃO,3,0))))","v":"BOMBEIRO/ENCANADOR COM ENCARGOS COMPLEMENTARES"},null,"SETOP",{"$f":"IF(AIN25=\"SINAPI\",VLOOKUP(AIK25,SINAPI,3,0),IF(AIN25=\"SETOP\",VLOOKUP(AIK25,SETOP,4,0),IF(AIN25=\"CPU\",VLOOKUP(AIK25,COMPOSIÇÃO,5,0),VLOOKUP(AIK25,COTAÇÃO,8,0))))","v":"HORA"},0.5,{"$f":"IF(AIN25=\"SINAPI\",VLOOKUP(AIK25,SINAPI,4,0),IF(AIN25=\"SETOP\",VLOOKUP(AIK25,SETOP,5,0),IF(AIN25=\"CPU\",VLOOKUP(AIK25,COMPOSIÇÃO,8,0),VLOOKUP(AIK25,COTAÇÃO,11,0))))","v":19.149999999999999},{"$f":"AIP25*AIQ25","v":9.5749999999999993},"ED-50374",{"$f":"IF(AIV25=\"SINAPI\",VLOOKUP(AIS25,SINAPI,2,0),IF(AIV25=\"SETOP\",VLOOKUP(AIS25,SETOP,3,0),IF(AIV25=\"CPU\",VLOOKUP(AIS25,COMPOSIÇÃO,2,0),VLOOKUP(AIS25,COTAÇÃO,3,0))))","v":"BOMBEIRO/ENCANADOR COM ENCARGOS COMPLEMENTARES"},null,"SETOP",{"$f":"IF(AIV25=\"SINAPI\",VLOOKUP(AIS25,SINAPI,3,0),IF(AIV25=\"SETOP\",VLOOKUP(AIS25,SETOP,4,0),IF(AIV25=\"CPU\",VLOOKUP(AIS25,COMPOSIÇÃO,5,0),VLOOKUP(AIS25,COTAÇÃO,8,0))))","v":"HORA"},0.5,{"$f":"IF(AIV25=\"SINAPI\",VLOOKUP(AIS25,SINAPI,4,0),IF(AIV25=\"SETOP\",VLOOKUP(AIS25,SETOP,5,0),IF(AIV25=\"CPU\",VLOOKUP(AIS25,COMPOSIÇÃO,8,0),VLOOKUP(AIS25,COTAÇÃO,11,0))))","v":19.149999999999999},{"$f":"AIX25*AIY25","v":9.5749999999999993},"ED-50374",{"$f":"IF(AJD25=\"SINAPI\",VLOOKUP(AJA25,SINAPI,2,0),IF(AJD25=\"SETOP\",VLOOKUP(AJA25,SETOP,3,0),IF(AJD25=\"CPU\",VLOOKUP(AJA25,COMPOSIÇÃO,2,0),VLOOKUP(AJA25,COTAÇÃO,3,0))))","v":"BOMBEIRO/ENCANADOR COM ENCARGOS COMPLEMENTARES"},null,"SETOP",{"$f":"IF(AJD25=\"SINAPI\",VLOOKUP(AJA25,SINAPI,3,0),IF(AJD25=\"SETOP\",VLOOKUP(AJA25,SETOP,4,0),IF(AJD25=\"CPU\",VLOOKUP(AJA25,COMPOSIÇÃO,5,0),VLOOKUP(AJA25,COTAÇÃO,8,0))))","v":"HORA"},0.5,{"$f":"IF(AJD25=\"SINAPI\",VLOOKUP(AJA25,SINAPI,4,0),IF(AJD25=\"SETOP\",VLOOKUP(AJA25,SETOP,5,0),IF(AJD25=\"CPU\",VLOOKUP(AJA25,COMPOSIÇÃO,8,0),VLOOKUP(AJA25,COTAÇÃO,11,0))))","v":19.149999999999999},{"$f":"AJF25*AJG25","v":9.5749999999999993},"ED-50374",{"$f":"IF(AJL25=\"SINAPI\",VLOOKUP(AJI25,SINAPI,2,0),IF(AJL25=\"SETOP\",VLOOKUP(AJI25,SETOP,3,0),IF(AJL25=\"CPU\",VLOOKUP(AJI25,COMPOSIÇÃO,2,0),VLOOKUP(AJI25,COTAÇÃO,3,0))))","v":"BOMBEIRO/ENCANADOR COM ENCARGOS COMPLEMENTARES"},null,"SETOP",{"$f":"IF(AJL25=\"SINAPI\",VLOOKUP(AJI25,SINAPI,3,0),IF(AJL25=\"SETOP\",VLOOKUP(AJI25,SETOP,4,0),IF(AJL25=\"CPU\",VLOOKUP(AJI25,COMPOSIÇÃO,5,0),VLOOKUP(AJI25,COTAÇÃO,8,0))))","v":"HORA"},0.5,{"$f":"IF(AJL25=\"SINAPI\",VLOOKUP(AJI25,SINAPI,4,0),IF(AJL25=\"SETOP\",VLOOKUP(AJI25,SETOP,5,0),IF(AJL25=\"CPU\",VLOOKUP(AJI25,COMPOSIÇÃO,8,0),VLOOKUP(AJI25,COTAÇÃO,11,0))))","v":19.149999999999999},{"$f":"AJN25*AJO25","v":9.5749999999999993},"ED-50374",{"$f":"IF(AJT25=\"SINAPI\",VLOOKUP(AJQ25,SINAPI,2,0),IF(AJT25=\"SETOP\",VLOOKUP(AJQ25,SETOP,3,0),IF(AJT25=\"CPU\",VLOOKUP(AJQ25,COMPOSIÇÃO,2,0),VLOOKUP(AJQ25,COTAÇÃO,3,0))))","v":"BOMBEIRO/ENCANADOR COM ENCARGOS COMPLEMENTARES"},null,"SETOP",{"$f":"IF(AJT25=\"SINAPI\",VLOOKUP(AJQ25,SINAPI,3,0),IF(AJT25=\"SETOP\",VLOOKUP(AJQ25,SETOP,4,0),IF(AJT25=\"CPU\",VLOOKUP(AJQ25,COMPOSIÇÃO,5,0),VLOOKUP(AJQ25,COTAÇÃO,8,0))))","v":"HORA"},0.5,{"$f":"IF(AJT25=\"SINAPI\",VLOOKUP(AJQ25,SINAPI,4,0),IF(AJT25=\"SETOP\",VLOOKUP(AJQ25,SETOP,5,0),IF(AJT25=\"CPU\",VLOOKUP(AJQ25,COMPOSIÇÃO,8,0),VLOOKUP(AJQ25,COTAÇÃO,11,0))))","v":19.149999999999999},{"$f":"AJV25*AJW25","v":9.5749999999999993},"ED-50374",{"$f":"IF(AKB25=\"SINAPI\",VLOOKUP(AJY25,SINAPI,2,0),IF(AKB25=\"SETOP\",VLOOKUP(AJY25,SETOP,3,0),IF(AKB25=\"CPU\",VLOOKUP(AJY25,COMPOSIÇÃO,2,0),VLOOKUP(AJY25,COTAÇÃO,3,0))))","v":"BOMBEIRO/ENCANADOR COM ENCARGOS COMPLEMENTARES"},null,"SETOP",{"$f":"IF(AKB25=\"SINAPI\",VLOOKUP(AJY25,SINAPI,3,0),IF(AKB25=\"SETOP\",VLOOKUP(AJY25,SETOP,4,0),IF(AKB25=\"CPU\",VLOOKUP(AJY25,COMPOSIÇÃO,5,0),VLOOKUP(AJY25,COTAÇÃO,8,0))))","v":"HORA"},0.5,{"$f":"IF(AKB25=\"SINAPI\",VLOOKUP(AJY25,SINAPI,4,0),IF(AKB25=\"SETOP\",VLOOKUP(AJY25,SETOP,5,0),IF(AKB25=\"CPU\",VLOOKUP(AJY25,COMPOSIÇÃO,8,0),VLOOKUP(AJY25,COTAÇÃO,11,0))))","v":19.149999999999999},{"$f":"AKD25*AKE25","v":9.5749999999999993},"ED-50374",{"$f":"IF(AKJ25=\"SINAPI\",VLOOKUP(AKG25,SINAPI,2,0),IF(AKJ25=\"SETOP\",VLOOKUP(AKG25,SETOP,3,0),IF(AKJ25=\"CPU\",VLOOKUP(AKG25,COMPOSIÇÃO,2,0),VLOOKUP(AKG25,COTAÇÃO,3,0))))","v":"BOMBEIRO/ENCANADOR COM ENCARGOS COMPLEMENTARES"},null,"SETOP",{"$f":"IF(AKJ25=\"SINAPI\",VLOOKUP(AKG25,SINAPI,3,0),IF(AKJ25=\"SETOP\",VLOOKUP(AKG25,SETOP,4,0),IF(AKJ25=\"CPU\",VLOOKUP(AKG25,COMPOSIÇÃO,5,0),VLOOKUP(AKG25,COTAÇÃO,8,0))))","v":"HORA"},0.5,{"$f":"IF(AKJ25=\"SINAPI\",VLOOKUP(AKG25,SINAPI,4,0),IF(AKJ25=\"SETOP\",VLOOKUP(AKG25,SETOP,5,0),IF(AKJ25=\"CPU\",VLOOKUP(AKG25,COMPOSIÇÃO,8,0),VLOOKUP(AKG25,COTAÇÃO,11,0))))","v":19.149999999999999},{"$f":"AKL25*AKM25","v":9.5749999999999993},"ED-50374",{"$f":"IF(AKR25=\"SINAPI\",VLOOKUP(AKO25,SINAPI,2,0),IF(AKR25=\"SETOP\",VLOOKUP(AKO25,SETOP,3,0),IF(AKR25=\"CPU\",VLOOKUP(AKO25,COMPOSIÇÃO,2,0),VLOOKUP(AKO25,COTAÇÃO,3,0))))","v":"BOMBEIRO/ENCANADOR COM ENCARGOS COMPLEMENTARES"},null,"SETOP",{"$f":"IF(AKR25=\"SINAPI\",VLOOKUP(AKO25,SINAPI,3,0),IF(AKR25=\"SETOP\",VLOOKUP(AKO25,SETOP,4,0),IF(AKR25=\"CPU\",VLOOKUP(AKO25,COMPOSIÇÃO,5,0),VLOOKUP(AKO25,COTAÇÃO,8,0))))","v":"HORA"},0.5,{"$f":"IF(AKR25=\"SINAPI\",VLOOKUP(AKO25,SINAPI,4,0),IF(AKR25=\"SETOP\",VLOOKUP(AKO25,SETOP,5,0),IF(AKR25=\"CPU\",VLOOKUP(AKO25,COMPOSIÇÃO,8,0),VLOOKUP(AKO25,COTAÇÃO,11,0))))","v":19.149999999999999},{"$f":"AKT25*AKU25","v":9.5749999999999993},"ED-50374",{"$f":"IF(AKZ25=\"SINAPI\",VLOOKUP(AKW25,SINAPI,2,0),IF(AKZ25=\"SETOP\",VLOOKUP(AKW25,SETOP,3,0),IF(AKZ25=\"CPU\",VLOOKUP(AKW25,COMPOSIÇÃO,2,0),VLOOKUP(AKW25,COTAÇÃO,3,0))))","v":"BOMBEIRO/ENCANADOR COM ENCARGOS COMPLEMENTARES"},null,"SETOP",{"$f":"IF(AKZ25=\"SINAPI\",VLOOKUP(AKW25,SINAPI,3,0),IF(AKZ25=\"SETOP\",VLOOKUP(AKW25,SETOP,4,0),IF(AKZ25=\"CPU\",VLOOKUP(AKW25,COMPOSIÇÃO,5,0),VLOOKUP(AKW25,COTAÇÃO,8,0))))","v":"HORA"},0.5,{"$f":"IF(AKZ25=\"SINAPI\",VLOOKUP(AKW25,SINAPI,4,0),IF(AKZ25=\"SETOP\",VLOOKUP(AKW25,SETOP,5,0),IF(AKZ25=\"CPU\",VLOOKUP(AKW25,COMPOSIÇÃO,8,0),VLOOKUP(AKW25,COTAÇÃO,11,0))))","v":19.149999999999999},{"$f":"ALB25*ALC25","v":9.5749999999999993},"ED-50374",{"$f":"IF(ALH25=\"SINAPI\",VLOOKUP(ALE25,SINAPI,2,0),IF(ALH25=\"SETOP\",VLOOKUP(ALE25,SETOP,3,0),IF(ALH25=\"CPU\",VLOOKUP(ALE25,COMPOSIÇÃO,2,0),VLOOKUP(ALE25,COTAÇÃO,3,0))))","v":"BOMBEIRO/ENCANADOR COM ENCARGOS COMPLEMENTARES"},null,"SETOP",{"$f":"IF(ALH25=\"SINAPI\",VLOOKUP(ALE25,SINAPI,3,0),IF(ALH25=\"SETOP\",VLOOKUP(ALE25,SETOP,4,0),IF(ALH25=\"CPU\",VLOOKUP(ALE25,COMPOSIÇÃO,5,0),VLOOKUP(ALE25,COTAÇÃO,8,0))))","v":"HORA"},0.5,{"$f":"IF(ALH25=\"SINAPI\",VLOOKUP(ALE25,SINAPI,4,0),IF(ALH25=\"SETOP\",VLOOKUP(ALE25,SETOP,5,0),IF(ALH25=\"CPU\",VLOOKUP(ALE25,COMPOSIÇÃO,8,0),VLOOKUP(ALE25,COTAÇÃO,11,0))))","v":19.149999999999999},{"$f":"ALJ25*ALK25","v":9.5749999999999993},"ED-50374",{"$f":"IF(ALP25=\"SINAPI\",VLOOKUP(ALM25,SINAPI,2,0),IF(ALP25=\"SETOP\",VLOOKUP(ALM25,SETOP,3,0),IF(ALP25=\"CPU\",VLOOKUP(ALM25,COMPOSIÇÃO,2,0),VLOOKUP(ALM25,COTAÇÃO,3,0))))","v":"BOMBEIRO/ENCANADOR COM ENCARGOS COMPLEMENTARES"},null,"SETOP",{"$f":"IF(ALP25=\"SINAPI\",VLOOKUP(ALM25,SINAPI,3,0),IF(ALP25=\"SETOP\",VLOOKUP(ALM25,SETOP,4,0),IF(ALP25=\"CPU\",VLOOKUP(ALM25,COMPOSIÇÃO,5,0),VLOOKUP(ALM25,COTAÇÃO,8,0))))","v":"HORA"},0.5,{"$f":"IF(ALP25=\"SINAPI\",VLOOKUP(ALM25,SINAPI,4,0),IF(ALP25=\"SETOP\",VLOOKUP(ALM25,SETOP,5,0),IF(ALP25=\"CPU\",VLOOKUP(ALM25,COMPOSIÇÃO,8,0),VLOOKUP(ALM25,COTAÇÃO,11,0))))","v":19.149999999999999},{"$f":"ALR25*ALS25","v":9.5749999999999993},"ED-50374",{"$f":"IF(ALX25=\"SINAPI\",VLOOKUP(ALU25,SINAPI,2,0),IF(ALX25=\"SETOP\",VLOOKUP(ALU25,SETOP,3,0),IF(ALX25=\"CPU\",VLOOKUP(ALU25,COMPOSIÇÃO,2,0),VLOOKUP(ALU25,COTAÇÃO,3,0))))","v":"BOMBEIRO/ENCANADOR COM ENCARGOS COMPLEMENTARES"},null,"SETOP",{"$f":"IF(ALX25=\"SINAPI\",VLOOKUP(ALU25,SINAPI,3,0),IF(ALX25=\"SETOP\",VLOOKUP(ALU25,SETOP,4,0),IF(ALX25=\"CPU\",VLOOKUP(ALU25,COMPOSIÇÃO,5,0),VLOOKUP(ALU25,COTAÇÃO,8,0))))","v":"HORA"},0.5,{"$f":"IF(ALX25=\"SINAPI\",VLOOKUP(ALU25,SINAPI,4,0),IF(ALX25=\"SETOP\",VLOOKUP(ALU25,SETOP,5,0),IF(ALX25=\"CPU\",VLOOKUP(ALU25,COMPOSIÇÃO,8,0),VLOOKUP(ALU25,COTAÇÃO,11,0))))","v":19.149999999999999},{"$f":"ALZ25*AMA25","v":9.5749999999999993},"ED-50374",{"$f":"IF(AMF25=\"SINAPI\",VLOOKUP(AMC25,SINAPI,2,0),IF(AMF25=\"SETOP\",VLOOKUP(AMC25,SETOP,3,0),IF(AMF25=\"CPU\",VLOOKUP(AMC25,COMPOSIÇÃO,2,0),VLOOKUP(AMC25,COTAÇÃO,3,0))))","v":"BOMBEIRO/ENCANADOR COM ENCARGOS COMPLEMENTARES"},null,"SETOP",{"$f":"IF(AMF25=\"SINAPI\",VLOOKUP(AMC25,SINAPI,3,0),IF(AMF25=\"SETOP\",VLOOKUP(AMC25,SETOP,4,0),IF(AMF25=\"CPU\",VLOOKUP(AMC25,COMPOSIÇÃO,5,0),VLOOKUP(AMC25,COTAÇÃO,8,0))))","v":"HORA"},0.5,{"$f":"IF(AMF25=\"SINAPI\",VLOOKUP(AMC25,SINAPI,4,0),IF(AMF25=\"SETOP\",VLOOKUP(AMC25,SETOP,5,0),IF(AMF25=\"CPU\",VLOOKUP(AMC25,COMPOSIÇÃO,8,0),VLOOKUP(AMC25,COTAÇÃO,11,0))))","v":19.149999999999999},{"$f":"AMH25*AMI25","v":9.5749999999999993},"ED-50374",{"$f":"IF(AMN25=\"SINAPI\",VLOOKUP(AMK25,SINAPI,2,0),IF(AMN25=\"SETOP\",VLOOKUP(AMK25,SETOP,3,0),IF(AMN25=\"CPU\",VLOOKUP(AMK25,COMPOSIÇÃO,2,0),VLOOKUP(AMK25,COTAÇÃO,3,0))))","v":"BOMBEIRO/ENCANADOR COM ENCARGOS COMPLEMENTARES"},null,"SETOP",{"$f":"IF(AMN25=\"SINAPI\",VLOOKUP(AMK25,SINAPI,3,0),IF(AMN25=\"SETOP\",VLOOKUP(AMK25,SETOP,4,0),IF(AMN25=\"CPU\",VLOOKUP(AMK25,COMPOSIÇÃO,5,0),VLOOKUP(AMK25,COTAÇÃO,8,0))))","v":"HORA"},0.5,{"$f":"IF(AMN25=\"SINAPI\",VLOOKUP(AMK25,SINAPI,4,0),IF(AMN25=\"SETOP\",VLOOKUP(AMK25,SETOP,5,0),IF(AMN25=\"CPU\",VLOOKUP(AMK25,COMPOSIÇÃO,8,0),VLOOKUP(AMK25,COTAÇÃO,11,0))))","v":19.149999999999999},{"$f":"AMP25*AMQ25","v":9.5749999999999993},"ED-50374",{"$f":"IF(AMV25=\"SINAPI\",VLOOKUP(AMS25,SINAPI,2,0),IF(AMV25=\"SETOP\",VLOOKUP(AMS25,SETOP,3,0),IF(AMV25=\"CPU\",VLOOKUP(AMS25,COMPOSIÇÃO,2,0),VLOOKUP(AMS25,COTAÇÃO,3,0))))","v":"BOMBEIRO/ENCANADOR COM ENCARGOS COMPLEMENTARES"},null,"SETOP",{"$f":"IF(AMV25=\"SINAPI\",VLOOKUP(AMS25,SINAPI,3,0),IF(AMV25=\"SETOP\",VLOOKUP(AMS25,SETOP,4,0),IF(AMV25=\"CPU\",VLOOKUP(AMS25,COMPOSIÇÃO,5,0),VLOOKUP(AMS25,COTAÇÃO,8,0))))","v":"HORA"},0.5,{"$f":"IF(AMV25=\"SINAPI\",VLOOKUP(AMS25,SINAPI,4,0),IF(AMV25=\"SETOP\",VLOOKUP(AMS25,SETOP,5,0),IF(AMV25=\"CPU\",VLOOKUP(AMS25,COMPOSIÇÃO,8,0),VLOOKUP(AMS25,COTAÇÃO,11,0))))","v":19.149999999999999},{"$f":"AMX25*AMY25","v":9.5749999999999993},"ED-50374",{"$f":"IF(AND25=\"SINAPI\",VLOOKUP(ANA25,SINAPI,2,0),IF(AND25=\"SETOP\",VLOOKUP(ANA25,SETOP,3,0),IF(AND25=\"CPU\",VLOOKUP(ANA25,COMPOSIÇÃO,2,0),VLOOKUP(ANA25,COTAÇÃO,3,0))))","v":"BOMBEIRO/ENCANADOR COM ENCARGOS COMPLEMENTARES"},null,"SETOP",{"$f":"IF(AND25=\"SINAPI\",VLOOKUP(ANA25,SINAPI,3,0),IF(AND25=\"SETOP\",VLOOKUP(ANA25,SETOP,4,0),IF(AND25=\"CPU\",VLOOKUP(ANA25,COMPOSIÇÃO,5,0),VLOOKUP(ANA25,COTAÇÃO,8,0))))","v":"HORA"},0.5,{"$f":"IF(AND25=\"SINAPI\",VLOOKUP(ANA25,SINAPI,4,0),IF(AND25=\"SETOP\",VLOOKUP(ANA25,SETOP,5,0),IF(AND25=\"CPU\",VLOOKUP(ANA25,COMPOSIÇÃO,8,0),VLOOKUP(ANA25,COTAÇÃO,11,0))))","v":19.149999999999999},{"$f":"ANF25*ANG25","v":9.5749999999999993},"ED-50374",{"$f":"IF(ANL25=\"SINAPI\",VLOOKUP(ANI25,SINAPI,2,0),IF(ANL25=\"SETOP\",VLOOKUP(ANI25,SETOP,3,0),IF(ANL25=\"CPU\",VLOOKUP(ANI25,COMPOSIÇÃO,2,0),VLOOKUP(ANI25,COTAÇÃO,3,0))))","v":"BOMBEIRO/ENCANADOR COM ENCARGOS COMPLEMENTARES"},null,"SETOP",{"$f":"IF(ANL25=\"SINAPI\",VLOOKUP(ANI25,SINAPI,3,0),IF(ANL25=\"SETOP\",VLOOKUP(ANI25,SETOP,4,0),IF(ANL25=\"CPU\",VLOOKUP(ANI25,COMPOSIÇÃO,5,0),VLOOKUP(ANI25,COTAÇÃO,8,0))))","v":"HORA"},0.5,{"$f":"IF(ANL25=\"SINAPI\",VLOOKUP(ANI25,SINAPI,4,0),IF(ANL25=\"SETOP\",VLOOKUP(ANI25,SETOP,5,0),IF(ANL25=\"CPU\",VLOOKUP(ANI25,COMPOSIÇÃO,8,0),VLOOKUP(ANI25,COTAÇÃO,11,0))))","v":19.149999999999999},{"$f":"ANN25*ANO25","v":9.5749999999999993},"ED-50374",{"$f":"IF(ANT25=\"SINAPI\",VLOOKUP(ANQ25,SINAPI,2,0),IF(ANT25=\"SETOP\",VLOOKUP(ANQ25,SETOP,3,0),IF(ANT25=\"CPU\",VLOOKUP(ANQ25,COMPOSIÇÃO,2,0),VLOOKUP(ANQ25,COTAÇÃO,3,0))))","v":"BOMBEIRO/ENCANADOR COM ENCARGOS COMPLEMENTARES"},null,"SETOP",{"$f":"IF(ANT25=\"SINAPI\",VLOOKUP(ANQ25,SINAPI,3,0),IF(ANT25=\"SETOP\",VLOOKUP(ANQ25,SETOP,4,0),IF(ANT25=\"CPU\",VLOOKUP(ANQ25,COMPOSIÇÃO,5,0),VLOOKUP(ANQ25,COTAÇÃO,8,0))))","v":"HORA"},0.5,{"$f":"IF(ANT25=\"SINAPI\",VLOOKUP(ANQ25,SINAPI,4,0),IF(ANT25=\"SETOP\",VLOOKUP(ANQ25,SETOP,5,0),IF(ANT25=\"CPU\",VLOOKUP(ANQ25,COMPOSIÇÃO,8,0),VLOOKUP(ANQ25,COTAÇÃO,11,0))))","v":19.149999999999999},{"$f":"ANV25*ANW25","v":9.5749999999999993},"ED-50374",{"$f":"IF(AOB25=\"SINAPI\",VLOOKUP(ANY25,SINAPI,2,0),IF(AOB25=\"SETOP\",VLOOKUP(ANY25,SETOP,3,0),IF(AOB25=\"CPU\",VLOOKUP(ANY25,COMPOSIÇÃO,2,0),VLOOKUP(ANY25,COTAÇÃO,3,0))))","v":"BOMBEIRO/ENCANADOR COM ENCARGOS COMPLEMENTARES"},null,"SETOP",{"$f":"IF(AOB25=\"SINAPI\",VLOOKUP(ANY25,SINAPI,3,0),IF(AOB25=\"SETOP\",VLOOKUP(ANY25,SETOP,4,0),IF(AOB25=\"CPU\",VLOOKUP(ANY25,COMPOSIÇÃO,5,0),VLOOKUP(ANY25,COTAÇÃO,8,0))))","v":"HORA"},0.5,{"$f":"IF(AOB25=\"SINAPI\",VLOOKUP(ANY25,SINAPI,4,0),IF(AOB25=\"SETOP\",VLOOKUP(ANY25,SETOP,5,0),IF(AOB25=\"CPU\",VLOOKUP(ANY25,COMPOSIÇÃO,8,0),VLOOKUP(ANY25,COTAÇÃO,11,0))))","v":19.149999999999999},{"$f":"AOD25*AOE25","v":9.5749999999999993},"ED-50374",{"$f":"IF(AOJ25=\"SINAPI\",VLOOKUP(AOG25,SINAPI,2,0),IF(AOJ25=\"SETOP\",VLOOKUP(AOG25,SETOP,3,0),IF(AOJ25=\"CPU\",VLOOKUP(AOG25,COMPOSIÇÃO,2,0),VLOOKUP(AOG25,COTAÇÃO,3,0))))","v":"BOMBEIRO/ENCANADOR COM ENCARGOS COMPLEMENTARES"},null,"SETOP",{"$f":"IF(AOJ25=\"SINAPI\",VLOOKUP(AOG25,SINAPI,3,0),IF(AOJ25=\"SETOP\",VLOOKUP(AOG25,SETOP,4,0),IF(AOJ25=\"CPU\",VLOOKUP(AOG25,COMPOSIÇÃO,5,0),VLOOKUP(AOG25,COTAÇÃO,8,0))))","v":"HORA"},0.5,{"$f":"IF(AOJ25=\"SINAPI\",VLOOKUP(AOG25,SINAPI,4,0),IF(AOJ25=\"SETOP\",VLOOKUP(AOG25,SETOP,5,0),IF(AOJ25=\"CPU\",VLOOKUP(AOG25,COMPOSIÇÃO,8,0),VLOOKUP(AOG25,COTAÇÃO,11,0))))","v":19.149999999999999},{"$f":"AOL25*AOM25","v":9.5749999999999993},"ED-50374",{"$f":"IF(AOR25=\"SINAPI\",VLOOKUP(AOO25,SINAPI,2,0),IF(AOR25=\"SETOP\",VLOOKUP(AOO25,SETOP,3,0),IF(AOR25=\"CPU\",VLOOKUP(AOO25,COMPOSIÇÃO,2,0),VLOOKUP(AOO25,COTAÇÃO,3,0))))","v":"BOMBEIRO/ENCANADOR COM ENCARGOS COMPLEMENTARES"},null,"SETOP",{"$f":"IF(AOR25=\"SINAPI\",VLOOKUP(AOO25,SINAPI,3,0),IF(AOR25=\"SETOP\",VLOOKUP(AOO25,SETOP,4,0),IF(AOR25=\"CPU\",VLOOKUP(AOO25,COMPOSIÇÃO,5,0),VLOOKUP(AOO25,COTAÇÃO,8,0))))","v":"HORA"},0.5,{"$f":"IF(AOR25=\"SINAPI\",VLOOKUP(AOO25,SINAPI,4,0),IF(AOR25=\"SETOP\",VLOOKUP(AOO25,SETOP,5,0),IF(AOR25=\"CPU\",VLOOKUP(AOO25,COMPOSIÇÃO,8,0),VLOOKUP(AOO25,COTAÇÃO,11,0))))","v":19.149999999999999},{"$f":"AOT25*AOU25","v":9.5749999999999993},"ED-50374",{"$f":"IF(AOZ25=\"SINAPI\",VLOOKUP(AOW25,SINAPI,2,0),IF(AOZ25=\"SETOP\",VLOOKUP(AOW25,SETOP,3,0),IF(AOZ25=\"CPU\",VLOOKUP(AOW25,COMPOSIÇÃO,2,0),VLOOKUP(AOW25,COTAÇÃO,3,0))))","v":"BOMBEIRO/ENCANADOR COM ENCARGOS COMPLEMENTARES"},null,"SETOP",{"$f":"IF(AOZ25=\"SINAPI\",VLOOKUP(AOW25,SINAPI,3,0),IF(AOZ25=\"SETOP\",VLOOKUP(AOW25,SETOP,4,0),IF(AOZ25=\"CPU\",VLOOKUP(AOW25,COMPOSIÇÃO,5,0),VLOOKUP(AOW25,COTAÇÃO,8,0))))","v":"HORA"},0.5,{"$f":"IF(AOZ25=\"SINAPI\",VLOOKUP(AOW25,SINAPI,4,0),IF(AOZ25=\"SETOP\",VLOOKUP(AOW25,SETOP,5,0),IF(AOZ25=\"CPU\",VLOOKUP(AOW25,COMPOSIÇÃO,8,0),VLOOKUP(AOW25,COTAÇÃO,11,0))))","v":19.149999999999999},{"$f":"APB25*APC25","v":9.5749999999999993},"ED-50374",{"$f":"IF(APH25=\"SINAPI\",VLOOKUP(APE25,SINAPI,2,0),IF(APH25=\"SETOP\",VLOOKUP(APE25,SETOP,3,0),IF(APH25=\"CPU\",VLOOKUP(APE25,COMPOSIÇÃO,2,0),VLOOKUP(APE25,COTAÇÃO,3,0))))","v":"BOMBEIRO/ENCANADOR COM ENCARGOS COMPLEMENTARES"},null,"SETOP",{"$f":"IF(APH25=\"SINAPI\",VLOOKUP(APE25,SINAPI,3,0),IF(APH25=\"SETOP\",VLOOKUP(APE25,SETOP,4,0),IF(APH25=\"CPU\",VLOOKUP(APE25,COMPOSIÇÃO,5,0),VLOOKUP(APE25,COTAÇÃO,8,0))))","v":"HORA"},0.5,{"$f":"IF(APH25=\"SINAPI\",VLOOKUP(APE25,SINAPI,4,0),IF(APH25=\"SETOP\",VLOOKUP(APE25,SETOP,5,0),IF(APH25=\"CPU\",VLOOKUP(APE25,COMPOSIÇÃO,8,0),VLOOKUP(APE25,COTAÇÃO,11,0))))","v":19.149999999999999},{"$f":"APJ25*APK25","v":9.5749999999999993},"ED-50374",{"$f":"IF(APP25=\"SINAPI\",VLOOKUP(APM25,SINAPI,2,0),IF(APP25=\"SETOP\",VLOOKUP(APM25,SETOP,3,0),IF(APP25=\"CPU\",VLOOKUP(APM25,COMPOSIÇÃO,2,0),VLOOKUP(APM25,COTAÇÃO,3,0))))","v":"BOMBEIRO/ENCANADOR COM ENCARGOS COMPLEMENTARES"},null,"SETOP",{"$f":"IF(APP25=\"SINAPI\",VLOOKUP(APM25,SINAPI,3,0),IF(APP25=\"SETOP\",VLOOKUP(APM25,SETOP,4,0),IF(APP25=\"CPU\",VLOOKUP(APM25,COMPOSIÇÃO,5,0),VLOOKUP(APM25,COTAÇÃO,8,0))))","v":"HORA"},0.5,{"$f":"IF(APP25=\"SINAPI\",VLOOKUP(APM25,SINAPI,4,0),IF(APP25=\"SETOP\",VLOOKUP(APM25,SETOP,5,0),IF(APP25=\"CPU\",VLOOKUP(APM25,COMPOSIÇÃO,8,0),VLOOKUP(APM25,COTAÇÃO,11,0))))","v":19.149999999999999},{"$f":"APR25*APS25","v":9.5749999999999993},"ED-50374",{"$f":"IF(APX25=\"SINAPI\",VLOOKUP(APU25,SINAPI,2,0),IF(APX25=\"SETOP\",VLOOKUP(APU25,SETOP,3,0),IF(APX25=\"CPU\",VLOOKUP(APU25,COMPOSIÇÃO,2,0),VLOOKUP(APU25,COTAÇÃO,3,0))))","v":"BOMBEIRO/ENCANADOR COM ENCARGOS COMPLEMENTARES"},null,"SETOP",{"$f":"IF(APX25=\"SINAPI\",VLOOKUP(APU25,SINAPI,3,0),IF(APX25=\"SETOP\",VLOOKUP(APU25,SETOP,4,0),IF(APX25=\"CPU\",VLOOKUP(APU25,COMPOSIÇÃO,5,0),VLOOKUP(APU25,COTAÇÃO,8,0))))","v":"HORA"},0.5,{"$f":"IF(APX25=\"SINAPI\",VLOOKUP(APU25,SINAPI,4,0),IF(APX25=\"SETOP\",VLOOKUP(APU25,SETOP,5,0),IF(APX25=\"CPU\",VLOOKUP(APU25,COMPOSIÇÃO,8,0),VLOOKUP(APU25,COTAÇÃO,11,0))))","v":19.149999999999999},{"$f":"APZ25*AQA25","v":9.5749999999999993},"ED-50374",{"$f":"IF(AQF25=\"SINAPI\",VLOOKUP(AQC25,SINAPI,2,0),IF(AQF25=\"SETOP\",VLOOKUP(AQC25,SETOP,3,0),IF(AQF25=\"CPU\",VLOOKUP(AQC25,COMPOSIÇÃO,2,0),VLOOKUP(AQC25,COTAÇÃO,3,0))))","v":"BOMBEIRO/ENCANADOR COM ENCARGOS COMPLEMENTARES"},null,"SETOP",{"$f":"IF(AQF25=\"SINAPI\",VLOOKUP(AQC25,SINAPI,3,0),IF(AQF25=\"SETOP\",VLOOKUP(AQC25,SETOP,4,0),IF(AQF25=\"CPU\",VLOOKUP(AQC25,COMPOSIÇÃO,5,0),VLOOKUP(AQC25,COTAÇÃO,8,0))))","v":"HORA"},0.5,{"$f":"IF(AQF25=\"SINAPI\",VLOOKUP(AQC25,SINAPI,4,0),IF(AQF25=\"SETOP\",VLOOKUP(AQC25,SETOP,5,0),IF(AQF25=\"CPU\",VLOOKUP(AQC25,COMPOSIÇÃO,8,0),VLOOKUP(AQC25,COTAÇÃO,11,0))))","v":19.149999999999999},{"$f":"AQH25*AQI25","v":9.5749999999999993},"ED-50374",{"$f":"IF(AQN25=\"SINAPI\",VLOOKUP(AQK25,SINAPI,2,0),IF(AQN25=\"SETOP\",VLOOKUP(AQK25,SETOP,3,0),IF(AQN25=\"CPU\",VLOOKUP(AQK25,COMPOSIÇÃO,2,0),VLOOKUP(AQK25,COTAÇÃO,3,0))))","v":"BOMBEIRO/ENCANADOR COM ENCARGOS COMPLEMENTARES"},null,"SETOP",{"$f":"IF(AQN25=\"SINAPI\",VLOOKUP(AQK25,SINAPI,3,0),IF(AQN25=\"SETOP\",VLOOKUP(AQK25,SETOP,4,0),IF(AQN25=\"CPU\",VLOOKUP(AQK25,COMPOSIÇÃO,5,0),VLOOKUP(AQK25,COTAÇÃO,8,0))))","v":"HORA"},0.5,{"$f":"IF(AQN25=\"SINAPI\",VLOOKUP(AQK25,SINAPI,4,0),IF(AQN25=\"SETOP\",VLOOKUP(AQK25,SETOP,5,0),IF(AQN25=\"CPU\",VLOOKUP(AQK25,COMPOSIÇÃO,8,0),VLOOKUP(AQK25,COTAÇÃO,11,0))))","v":19.149999999999999},{"$f":"AQP25*AQQ25","v":9.5749999999999993},"ED-50374",{"$f":"IF(AQV25=\"SINAPI\",VLOOKUP(AQS25,SINAPI,2,0),IF(AQV25=\"SETOP\",VLOOKUP(AQS25,SETOP,3,0),IF(AQV25=\"CPU\",VLOOKUP(AQS25,COMPOSIÇÃO,2,0),VLOOKUP(AQS25,COTAÇÃO,3,0))))","v":"BOMBEIRO/ENCANADOR COM ENCARGOS COMPLEMENTARES"},null,"SETOP",{"$f":"IF(AQV25=\"SINAPI\",VLOOKUP(AQS25,SINAPI,3,0),IF(AQV25=\"SETOP\",VLOOKUP(AQS25,SETOP,4,0),IF(AQV25=\"CPU\",VLOOKUP(AQS25,COMPOSIÇÃO,5,0),VLOOKUP(AQS25,COTAÇÃO,8,0))))","v":"HORA"},0.5,{"$f":"IF(AQV25=\"SINAPI\",VLOOKUP(AQS25,SINAPI,4,0),IF(AQV25=\"SETOP\",VLOOKUP(AQS25,SETOP,5,0),IF(AQV25=\"CPU\",VLOOKUP(AQS25,COMPOSIÇÃO,8,0),VLOOKUP(AQS25,COTAÇÃO,11,0))))","v":19.149999999999999},{"$f":"AQX25*AQY25","v":9.5749999999999993},"ED-50374",{"$f":"IF(ARD25=\"SINAPI\",VLOOKUP(ARA25,SINAPI,2,0),IF(ARD25=\"SETOP\",VLOOKUP(ARA25,SETOP,3,0),IF(ARD25=\"CPU\",VLOOKUP(ARA25,COMPOSIÇÃO,2,0),VLOOKUP(ARA25,COTAÇÃO,3,0))))","v":"BOMBEIRO/ENCANADOR COM ENCARGOS COMPLEMENTARES"},null,"SETOP",{"$f":"IF(ARD25=\"SINAPI\",VLOOKUP(ARA25,SINAPI,3,0),IF(ARD25=\"SETOP\",VLOOKUP(ARA25,SETOP,4,0),IF(ARD25=\"CPU\",VLOOKUP(ARA25,COMPOSIÇÃO,5,0),VLOOKUP(ARA25,COTAÇÃO,8,0))))","v":"HORA"},0.5,{"$f":"IF(ARD25=\"SINAPI\",VLOOKUP(ARA25,SINAPI,4,0),IF(ARD25=\"SETOP\",VLOOKUP(ARA25,SETOP,5,0),IF(ARD25=\"CPU\",VLOOKUP(ARA25,COMPOSIÇÃO,8,0),VLOOKUP(ARA25,COTAÇÃO,11,0))))","v":19.149999999999999},{"$f":"ARF25*ARG25","v":9.5749999999999993},"ED-50374",{"$f":"IF(ARL25=\"SINAPI\",VLOOKUP(ARI25,SINAPI,2,0),IF(ARL25=\"SETOP\",VLOOKUP(ARI25,SETOP,3,0),IF(ARL25=\"CPU\",VLOOKUP(ARI25,COMPOSIÇÃO,2,0),VLOOKUP(ARI25,COTAÇÃO,3,0))))","v":"BOMBEIRO/ENCANADOR COM ENCARGOS COMPLEMENTARES"},null,"SETOP",{"$f":"IF(ARL25=\"SINAPI\",VLOOKUP(ARI25,SINAPI,3,0),IF(ARL25=\"SETOP\",VLOOKUP(ARI25,SETOP,4,0),IF(ARL25=\"CPU\",VLOOKUP(ARI25,COMPOSIÇÃO,5,0),VLOOKUP(ARI25,COTAÇÃO,8,0))))","v":"HORA"},0.5,{"$f":"IF(ARL25=\"SINAPI\",VLOOKUP(ARI25,SINAPI,4,0),IF(ARL25=\"SETOP\",VLOOKUP(ARI25,SETOP,5,0),IF(ARL25=\"CPU\",VLOOKUP(ARI25,COMPOSIÇÃO,8,0),VLOOKUP(ARI25,COTAÇÃO,11,0))))","v":19.149999999999999},{"$f":"ARN25*ARO25","v":9.5749999999999993},"ED-50374",{"$f":"IF(ART25=\"SINAPI\",VLOOKUP(ARQ25,SINAPI,2,0),IF(ART25=\"SETOP\",VLOOKUP(ARQ25,SETOP,3,0),IF(ART25=\"CPU\",VLOOKUP(ARQ25,COMPOSIÇÃO,2,0),VLOOKUP(ARQ25,COTAÇÃO,3,0))))","v":"BOMBEIRO/ENCANADOR COM ENCARGOS COMPLEMENTARES"},null,"SETOP",{"$f":"IF(ART25=\"SINAPI\",VLOOKUP(ARQ25,SINAPI,3,0),IF(ART25=\"SETOP\",VLOOKUP(ARQ25,SETOP,4,0),IF(ART25=\"CPU\",VLOOKUP(ARQ25,COMPOSIÇÃO,5,0),VLOOKUP(ARQ25,COTAÇÃO,8,0))))","v":"HORA"},0.5,{"$f":"IF(ART25=\"SINAPI\",VLOOKUP(ARQ25,SINAPI,4,0),IF(ART25=\"SETOP\",VLOOKUP(ARQ25,SETOP,5,0),IF(ART25=\"CPU\",VLOOKUP(ARQ25,COMPOSIÇÃO,8,0),VLOOKUP(ARQ25,COTAÇÃO,11,0))))","v":19.149999999999999},{"$f":"ARV25*ARW25","v":9.5749999999999993},"ED-50374",{"$f":"IF(ASB25=\"SINAPI\",VLOOKUP(ARY25,SINAPI,2,0),IF(ASB25=\"SETOP\",VLOOKUP(ARY25,SETOP,3,0),IF(ASB25=\"CPU\",VLOOKUP(ARY25,COMPOSIÇÃO,2,0),VLOOKUP(ARY25,COTAÇÃO,3,0))))","v":"BOMBEIRO/ENCANADOR COM ENCARGOS COMPLEMENTARES"},null,"SETOP",{"$f":"IF(ASB25=\"SINAPI\",VLOOKUP(ARY25,SINAPI,3,0),IF(ASB25=\"SETOP\",VLOOKUP(ARY25,SETOP,4,0),IF(ASB25=\"CPU\",VLOOKUP(ARY25,COMPOSIÇÃO,5,0),VLOOKUP(ARY25,COTAÇÃO,8,0))))","v":"HORA"},0.5,{"$f":"IF(ASB25=\"SINAPI\",VLOOKUP(ARY25,SINAPI,4,0),IF(ASB25=\"SETOP\",VLOOKUP(ARY25,SETOP,5,0),IF(ASB25=\"CPU\",VLOOKUP(ARY25,COMPOSIÇÃO,8,0),VLOOKUP(ARY25,COTAÇÃO,11,0))))","v":19.149999999999999},{"$f":"ASD25*ASE25","v":9.5749999999999993},"ED-50374",{"$f":"IF(ASJ25=\"SINAPI\",VLOOKUP(ASG25,SINAPI,2,0),IF(ASJ25=\"SETOP\",VLOOKUP(ASG25,SETOP,3,0),IF(ASJ25=\"CPU\",VLOOKUP(ASG25,COMPOSIÇÃO,2,0),VLOOKUP(ASG25,COTAÇÃO,3,0))))","v":"BOMBEIRO/ENCANADOR COM ENCARGOS COMPLEMENTARES"},null,"SETOP",{"$f":"IF(ASJ25=\"SINAPI\",VLOOKUP(ASG25,SINAPI,3,0),IF(ASJ25=\"SETOP\",VLOOKUP(ASG25,SETOP,4,0),IF(ASJ25=\"CPU\",VLOOKUP(ASG25,COMPOSIÇÃO,5,0),VLOOKUP(ASG25,COTAÇÃO,8,0))))","v":"HORA"},0.5,{"$f":"IF(ASJ25=\"SINAPI\",VLOOKUP(ASG25,SINAPI,4,0),IF(ASJ25=\"SETOP\",VLOOKUP(ASG25,SETOP,5,0),IF(ASJ25=\"CPU\",VLOOKUP(ASG25,COMPOSIÇÃO,8,0),VLOOKUP(ASG25,COTAÇÃO,11,0))))","v":19.149999999999999},{"$f":"ASL25*ASM25","v":9.5749999999999993},"ED-50374",{"$f":"IF(ASR25=\"SINAPI\",VLOOKUP(ASO25,SINAPI,2,0),IF(ASR25=\"SETOP\",VLOOKUP(ASO25,SETOP,3,0),IF(ASR25=\"CPU\",VLOOKUP(ASO25,COMPOSIÇÃO,2,0),VLOOKUP(ASO25,COTAÇÃO,3,0))))","v":"BOMBEIRO/ENCANADOR COM ENCARGOS COMPLEMENTARES"},null,"SETOP",{"$f":"IF(ASR25=\"SINAPI\",VLOOKUP(ASO25,SINAPI,3,0),IF(ASR25=\"SETOP\",VLOOKUP(ASO25,SETOP,4,0),IF(ASR25=\"CPU\",VLOOKUP(ASO25,COMPOSIÇÃO,5,0),VLOOKUP(ASO25,COTAÇÃO,8,0))))","v":"HORA"},0.5,{"$f":"IF(ASR25=\"SINAPI\",VLOOKUP(ASO25,SINAPI,4,0),IF(ASR25=\"SETOP\",VLOOKUP(ASO25,SETOP,5,0),IF(ASR25=\"CPU\",VLOOKUP(ASO25,COMPOSIÇÃO,8,0),VLOOKUP(ASO25,COTAÇÃO,11,0))))","v":19.149999999999999},{"$f":"AST25*ASU25","v":9.5749999999999993},"ED-50374",{"$f":"IF(ASZ25=\"SINAPI\",VLOOKUP(ASW25,SINAPI,2,0),IF(ASZ25=\"SETOP\",VLOOKUP(ASW25,SETOP,3,0),IF(ASZ25=\"CPU\",VLOOKUP(ASW25,COMPOSIÇÃO,2,0),VLOOKUP(ASW25,COTAÇÃO,3,0))))","v":"BOMBEIRO/ENCANADOR COM ENCARGOS COMPLEMENTARES"},null,"SETOP",{"$f":"IF(ASZ25=\"SINAPI\",VLOOKUP(ASW25,SINAPI,3,0),IF(ASZ25=\"SETOP\",VLOOKUP(ASW25,SETOP,4,0),IF(ASZ25=\"CPU\",VLOOKUP(ASW25,COMPOSIÇÃO,5,0),VLOOKUP(ASW25,COTAÇÃO,8,0))))","v":"HORA"},0.5,{"$f":"IF(ASZ25=\"SINAPI\",VLOOKUP(ASW25,SINAPI,4,0),IF(ASZ25=\"SETOP\",VLOOKUP(ASW25,SETOP,5,0),IF(ASZ25=\"CPU\",VLOOKUP(ASW25,COMPOSIÇÃO,8,0),VLOOKUP(ASW25,COTAÇÃO,11,0))))","v":19.149999999999999},{"$f":"ATB25*ATC25","v":9.5749999999999993},"ED-50374",{"$f":"IF(ATH25=\"SINAPI\",VLOOKUP(ATE25,SINAPI,2,0),IF(ATH25=\"SETOP\",VLOOKUP(ATE25,SETOP,3,0),IF(ATH25=\"CPU\",VLOOKUP(ATE25,COMPOSIÇÃO,2,0),VLOOKUP(ATE25,COTAÇÃO,3,0))))","v":"BOMBEIRO/ENCANADOR COM ENCARGOS COMPLEMENTARES"},null,"SETOP",{"$f":"IF(ATH25=\"SINAPI\",VLOOKUP(ATE25,SINAPI,3,0),IF(ATH25=\"SETOP\",VLOOKUP(ATE25,SETOP,4,0),IF(ATH25=\"CPU\",VLOOKUP(ATE25,COMPOSIÇÃO,5,0),VLOOKUP(ATE25,COTAÇÃO,8,0))))","v":"HORA"},0.5,{"$f":"IF(ATH25=\"SINAPI\",VLOOKUP(ATE25,SINAPI,4,0),IF(ATH25=\"SETOP\",VLOOKUP(ATE25,SETOP,5,0),IF(ATH25=\"CPU\",VLOOKUP(ATE25,COMPOSIÇÃO,8,0),VLOOKUP(ATE25,COTAÇÃO,11,0))))","v":19.149999999999999},{"$f":"ATJ25*ATK25","v":9.5749999999999993},"ED-50374",{"$f":"IF(ATP25=\"SINAPI\",VLOOKUP(ATM25,SINAPI,2,0),IF(ATP25=\"SETOP\",VLOOKUP(ATM25,SETOP,3,0),IF(ATP25=\"CPU\",VLOOKUP(ATM25,COMPOSIÇÃO,2,0),VLOOKUP(ATM25,COTAÇÃO,3,0))))","v":"BOMBEIRO/ENCANADOR COM ENCARGOS COMPLEMENTARES"},null,"SETOP",{"$f":"IF(ATP25=\"SINAPI\",VLOOKUP(ATM25,SINAPI,3,0),IF(ATP25=\"SETOP\",VLOOKUP(ATM25,SETOP,4,0),IF(ATP25=\"CPU\",VLOOKUP(ATM25,COMPOSIÇÃO,5,0),VLOOKUP(ATM25,COTAÇÃO,8,0))))","v":"HORA"},0.5,{"$f":"IF(ATP25=\"SINAPI\",VLOOKUP(ATM25,SINAPI,4,0),IF(ATP25=\"SETOP\",VLOOKUP(ATM25,SETOP,5,0),IF(ATP25=\"CPU\",VLOOKUP(ATM25,COMPOSIÇÃO,8,0),VLOOKUP(ATM25,COTAÇÃO,11,0))))","v":19.149999999999999},{"$f":"ATR25*ATS25","v":9.5749999999999993},"ED-50374",{"$f":"IF(ATX25=\"SINAPI\",VLOOKUP(ATU25,SINAPI,2,0),IF(ATX25=\"SETOP\",VLOOKUP(ATU25,SETOP,3,0),IF(ATX25=\"CPU\",VLOOKUP(ATU25,COMPOSIÇÃO,2,0),VLOOKUP(ATU25,COTAÇÃO,3,0))))","v":"BOMBEIRO/ENCANADOR COM ENCARGOS COMPLEMENTARES"},null,"SETOP",{"$f":"IF(ATX25=\"SINAPI\",VLOOKUP(ATU25,SINAPI,3,0),IF(ATX25=\"SETOP\",VLOOKUP(ATU25,SETOP,4,0),IF(ATX25=\"CPU\",VLOOKUP(ATU25,COMPOSIÇÃO,5,0),VLOOKUP(ATU25,COTAÇÃO,8,0))))","v":"HORA"},0.5,{"$f":"IF(ATX25=\"SINAPI\",VLOOKUP(ATU25,SINAPI,4,0),IF(ATX25=\"SETOP\",VLOOKUP(ATU25,SETOP,5,0),IF(ATX25=\"CPU\",VLOOKUP(ATU25,COMPOSIÇÃO,8,0),VLOOKUP(ATU25,COTAÇÃO,11,0))))","v":19.149999999999999},{"$f":"ATZ25*AUA25","v":9.5749999999999993},"ED-50374",{"$f":"IF(AUF25=\"SINAPI\",VLOOKUP(AUC25,SINAPI,2,0),IF(AUF25=\"SETOP\",VLOOKUP(AUC25,SETOP,3,0),IF(AUF25=\"CPU\",VLOOKUP(AUC25,COMPOSIÇÃO,2,0),VLOOKUP(AUC25,COTAÇÃO,3,0))))","v":"BOMBEIRO/ENCANADOR COM ENCARGOS COMPLEMENTARES"},null,"SETOP",{"$f":"IF(AUF25=\"SINAPI\",VLOOKUP(AUC25,SINAPI,3,0),IF(AUF25=\"SETOP\",VLOOKUP(AUC25,SETOP,4,0),IF(AUF25=\"CPU\",VLOOKUP(AUC25,COMPOSIÇÃO,5,0),VLOOKUP(AUC25,COTAÇÃO,8,0))))","v":"HORA"},0.5,{"$f":"IF(AUF25=\"SINAPI\",VLOOKUP(AUC25,SINAPI,4,0),IF(AUF25=\"SETOP\",VLOOKUP(AUC25,SETOP,5,0),IF(AUF25=\"CPU\",VLOOKUP(AUC25,COMPOSIÇÃO,8,0),VLOOKUP(AUC25,COTAÇÃO,11,0))))","v":19.149999999999999},{"$f":"AUH25*AUI25","v":9.5749999999999993},"ED-50374",{"$f":"IF(AUN25=\"SINAPI\",VLOOKUP(AUK25,SINAPI,2,0),IF(AUN25=\"SETOP\",VLOOKUP(AUK25,SETOP,3,0),IF(AUN25=\"CPU\",VLOOKUP(AUK25,COMPOSIÇÃO,2,0),VLOOKUP(AUK25,COTAÇÃO,3,0))))","v":"BOMBEIRO/ENCANADOR COM ENCARGOS COMPLEMENTARES"},null,"SETOP",{"$f":"IF(AUN25=\"SINAPI\",VLOOKUP(AUK25,SINAPI,3,0),IF(AUN25=\"SETOP\",VLOOKUP(AUK25,SETOP,4,0),IF(AUN25=\"CPU\",VLOOKUP(AUK25,COMPOSIÇÃO,5,0),VLOOKUP(AUK25,COTAÇÃO,8,0))))","v":"HORA"},0.5,{"$f":"IF(AUN25=\"SINAPI\",VLOOKUP(AUK25,SINAPI,4,0),IF(AUN25=\"SETOP\",VLOOKUP(AUK25,SETOP,5,0),IF(AUN25=\"CPU\",VLOOKUP(AUK25,COMPOSIÇÃO,8,0),VLOOKUP(AUK25,COTAÇÃO,11,0))))","v":19.149999999999999},{"$f":"AUP25*AUQ25","v":9.5749999999999993},"ED-50374",{"$f":"IF(AUV25=\"SINAPI\",VLOOKUP(AUS25,SINAPI,2,0),IF(AUV25=\"SETOP\",VLOOKUP(AUS25,SETOP,3,0),IF(AUV25=\"CPU\",VLOOKUP(AUS25,COMPOSIÇÃO,2,0),VLOOKUP(AUS25,COTAÇÃO,3,0))))","v":"BOMBEIRO/ENCANADOR COM ENCARGOS COMPLEMENTARES"},null,"SETOP",{"$f":"IF(AUV25=\"SINAPI\",VLOOKUP(AUS25,SINAPI,3,0),IF(AUV25=\"SETOP\",VLOOKUP(AUS25,SETOP,4,0),IF(AUV25=\"CPU\",VLOOKUP(AUS25,COMPOSIÇÃO,5,0),VLOOKUP(AUS25,COTAÇÃO,8,0))))","v":"HORA"},0.5,{"$f":"IF(AUV25=\"SINAPI\",VLOOKUP(AUS25,SINAPI,4,0),IF(AUV25=\"SETOP\",VLOOKUP(AUS25,SETOP,5,0),IF(AUV25=\"CPU\",VLOOKUP(AUS25,COMPOSIÇÃO,8,0),VLOOKUP(AUS25,COTAÇÃO,11,0))))","v":19.149999999999999},{"$f":"AUX25*AUY25","v":9.5749999999999993},"ED-50374",{"$f":"IF(AVD25=\"SINAPI\",VLOOKUP(AVA25,SINAPI,2,0),IF(AVD25=\"SETOP\",VLOOKUP(AVA25,SETOP,3,0),IF(AVD25=\"CPU\",VLOOKUP(AVA25,COMPOSIÇÃO,2,0),VLOOKUP(AVA25,COTAÇÃO,3,0))))","v":"BOMBEIRO/ENCANADOR COM ENCARGOS COMPLEMENTARES"},null,"SETOP",{"$f":"IF(AVD25=\"SINAPI\",VLOOKUP(AVA25,SINAPI,3,0),IF(AVD25=\"SETOP\",VLOOKUP(AVA25,SETOP,4,0),IF(AVD25=\"CPU\",VLOOKUP(AVA25,COMPOSIÇÃO,5,0),VLOOKUP(AVA25,COTAÇÃO,8,0))))","v":"HORA"},0.5,{"$f":"IF(AVD25=\"SINAPI\",VLOOKUP(AVA25,SINAPI,4,0),IF(AVD25=\"SETOP\",VLOOKUP(AVA25,SETOP,5,0),IF(AVD25=\"CPU\",VLOOKUP(AVA25,COMPOSIÇÃO,8,0),VLOOKUP(AVA25,COTAÇÃO,11,0))))","v":19.149999999999999},{"$f":"AVF25*AVG25","v":9.5749999999999993},"ED-50374",{"$f":"IF(AVL25=\"SINAPI\",VLOOKUP(AVI25,SINAPI,2,0),IF(AVL25=\"SETOP\",VLOOKUP(AVI25,SETOP,3,0),IF(AVL25=\"CPU\",VLOOKUP(AVI25,COMPOSIÇÃO,2,0),VLOOKUP(AVI25,COTAÇÃO,3,0))))","v":"BOMBEIRO/ENCANADOR COM ENCARGOS COMPLEMENTARES"},null,"SETOP",{"$f":"IF(AVL25=\"SINAPI\",VLOOKUP(AVI25,SINAPI,3,0),IF(AVL25=\"SETOP\",VLOOKUP(AVI25,SETOP,4,0),IF(AVL25=\"CPU\",VLOOKUP(AVI25,COMPOSIÇÃO,5,0),VLOOKUP(AVI25,COTAÇÃO,8,0))))","v":"HORA"},0.5,{"$f":"IF(AVL25=\"SINAPI\",VLOOKUP(AVI25,SINAPI,4,0),IF(AVL25=\"SETOP\",VLOOKUP(AVI25,SETOP,5,0),IF(AVL25=\"CPU\",VLOOKUP(AVI25,COMPOSIÇÃO,8,0),VLOOKUP(AVI25,COTAÇÃO,11,0))))","v":19.149999999999999},{"$f":"AVN25*AVO25","v":9.5749999999999993},"ED-50374",{"$f":"IF(AVT25=\"SINAPI\",VLOOKUP(AVQ25,SINAPI,2,0),IF(AVT25=\"SETOP\",VLOOKUP(AVQ25,SETOP,3,0),IF(AVT25=\"CPU\",VLOOKUP(AVQ25,COMPOSIÇÃO,2,0),VLOOKUP(AVQ25,COTAÇÃO,3,0))))","v":"BOMBEIRO/ENCANADOR COM ENCARGOS COMPLEMENTARES"},null,"SETOP",{"$f":"IF(AVT25=\"SINAPI\",VLOOKUP(AVQ25,SINAPI,3,0),IF(AVT25=\"SETOP\",VLOOKUP(AVQ25,SETOP,4,0),IF(AVT25=\"CPU\",VLOOKUP(AVQ25,COMPOSIÇÃO,5,0),VLOOKUP(AVQ25,COTAÇÃO,8,0))))","v":"HORA"},0.5,{"$f":"IF(AVT25=\"SINAPI\",VLOOKUP(AVQ25,SINAPI,4,0),IF(AVT25=\"SETOP\",VLOOKUP(AVQ25,SETOP,5,0),IF(AVT25=\"CPU\",VLOOKUP(AVQ25,COMPOSIÇÃO,8,0),VLOOKUP(AVQ25,COTAÇÃO,11,0))))","v":19.149999999999999},{"$f":"AVV25*AVW25","v":9.5749999999999993},"ED-50374",{"$f":"IF(AWB25=\"SINAPI\",VLOOKUP(AVY25,SINAPI,2,0),IF(AWB25=\"SETOP\",VLOOKUP(AVY25,SETOP,3,0),IF(AWB25=\"CPU\",VLOOKUP(AVY25,COMPOSIÇÃO,2,0),VLOOKUP(AVY25,COTAÇÃO,3,0))))","v":"BOMBEIRO/ENCANADOR COM ENCARGOS COMPLEMENTARES"},null,"SETOP",{"$f":"IF(AWB25=\"SINAPI\",VLOOKUP(AVY25,SINAPI,3,0),IF(AWB25=\"SETOP\",VLOOKUP(AVY25,SETOP,4,0),IF(AWB25=\"CPU\",VLOOKUP(AVY25,COMPOSIÇÃO,5,0),VLOOKUP(AVY25,COTAÇÃO,8,0))))","v":"HORA"},0.5,{"$f":"IF(AWB25=\"SINAPI\",VLOOKUP(AVY25,SINAPI,4,0),IF(AWB25=\"SETOP\",VLOOKUP(AVY25,SETOP,5,0),IF(AWB25=\"CPU\",VLOOKUP(AVY25,COMPOSIÇÃO,8,0),VLOOKUP(AVY25,COTAÇÃO,11,0))))","v":19.149999999999999},{"$f":"AWD25*AWE25","v":9.5749999999999993},"ED-50374",{"$f":"IF(AWJ25=\"SINAPI\",VLOOKUP(AWG25,SINAPI,2,0),IF(AWJ25=\"SETOP\",VLOOKUP(AWG25,SETOP,3,0),IF(AWJ25=\"CPU\",VLOOKUP(AWG25,COMPOSIÇÃO,2,0),VLOOKUP(AWG25,COTAÇÃO,3,0))))","v":"BOMBEIRO/ENCANADOR COM ENCARGOS COMPLEMENTARES"},null,"SETOP",{"$f":"IF(AWJ25=\"SINAPI\",VLOOKUP(AWG25,SINAPI,3,0),IF(AWJ25=\"SETOP\",VLOOKUP(AWG25,SETOP,4,0),IF(AWJ25=\"CPU\",VLOOKUP(AWG25,COMPOSIÇÃO,5,0),VLOOKUP(AWG25,COTAÇÃO,8,0))))","v":"HORA"},0.5,{"$f":"IF(AWJ25=\"SINAPI\",VLOOKUP(AWG25,SINAPI,4,0),IF(AWJ25=\"SETOP\",VLOOKUP(AWG25,SETOP,5,0),IF(AWJ25=\"CPU\",VLOOKUP(AWG25,COMPOSIÇÃO,8,0),VLOOKUP(AWG25,COTAÇÃO,11,0))))","v":19.149999999999999},{"$f":"AWL25*AWM25","v":9.5749999999999993},"ED-50374",{"$f":"IF(AWR25=\"SINAPI\",VLOOKUP(AWO25,SINAPI,2,0),IF(AWR25=\"SETOP\",VLOOKUP(AWO25,SETOP,3,0),IF(AWR25=\"CPU\",VLOOKUP(AWO25,COMPOSIÇÃO,2,0),VLOOKUP(AWO25,COTAÇÃO,3,0))))","v":"BOMBEIRO/ENCANADOR COM ENCARGOS COMPLEMENTARES"},null,"SETOP",{"$f":"IF(AWR25=\"SINAPI\",VLOOKUP(AWO25,SINAPI,3,0),IF(AWR25=\"SETOP\",VLOOKUP(AWO25,SETOP,4,0),IF(AWR25=\"CPU\",VLOOKUP(AWO25,COMPOSIÇÃO,5,0),VLOOKUP(AWO25,COTAÇÃO,8,0))))","v":"HORA"},0.5,{"$f":"IF(AWR25=\"SINAPI\",VLOOKUP(AWO25,SINAPI,4,0),IF(AWR25=\"SETOP\",VLOOKUP(AWO25,SETOP,5,0),IF(AWR25=\"CPU\",VLOOKUP(AWO25,COMPOSIÇÃO,8,0),VLOOKUP(AWO25,COTAÇÃO,11,0))))","v":19.149999999999999},{"$f":"AWT25*AWU25","v":9.5749999999999993},"ED-50374",{"$f":"IF(AWZ25=\"SINAPI\",VLOOKUP(AWW25,SINAPI,2,0),IF(AWZ25=\"SETOP\",VLOOKUP(AWW25,SETOP,3,0),IF(AWZ25=\"CPU\",VLOOKUP(AWW25,COMPOSIÇÃO,2,0),VLOOKUP(AWW25,COTAÇÃO,3,0))))","v":"BOMBEIRO/ENCANADOR COM ENCARGOS COMPLEMENTARES"},null,"SETOP",{"$f":"IF(AWZ25=\"SINAPI\",VLOOKUP(AWW25,SINAPI,3,0),IF(AWZ25=\"SETOP\",VLOOKUP(AWW25,SETOP,4,0),IF(AWZ25=\"CPU\",VLOOKUP(AWW25,COMPOSIÇÃO,5,0),VLOOKUP(AWW25,COTAÇÃO,8,0))))","v":"HORA"},0.5,{"$f":"IF(AWZ25=\"SINAPI\",VLOOKUP(AWW25,SINAPI,4,0),IF(AWZ25=\"SETOP\",VLOOKUP(AWW25,SETOP,5,0),IF(AWZ25=\"CPU\",VLOOKUP(AWW25,COMPOSIÇÃO,8,0),VLOOKUP(AWW25,COTAÇÃO,11,0))))","v":19.149999999999999},{"$f":"AXB25*AXC25","v":9.5749999999999993},"ED-50374",{"$f":"IF(AXH25=\"SINAPI\",VLOOKUP(AXE25,SINAPI,2,0),IF(AXH25=\"SETOP\",VLOOKUP(AXE25,SETOP,3,0),IF(AXH25=\"CPU\",VLOOKUP(AXE25,COMPOSIÇÃO,2,0),VLOOKUP(AXE25,COTAÇÃO,3,0))))","v":"BOMBEIRO/ENCANADOR COM ENCARGOS COMPLEMENTARES"},null,"SETOP",{"$f":"IF(AXH25=\"SINAPI\",VLOOKUP(AXE25,SINAPI,3,0),IF(AXH25=\"SETOP\",VLOOKUP(AXE25,SETOP,4,0),IF(AXH25=\"CPU\",VLOOKUP(AXE25,COMPOSIÇÃO,5,0),VLOOKUP(AXE25,COTAÇÃO,8,0))))","v":"HORA"},0.5,{"$f":"IF(AXH25=\"SINAPI\",VLOOKUP(AXE25,SINAPI,4,0),IF(AXH25=\"SETOP\",VLOOKUP(AXE25,SETOP,5,0),IF(AXH25=\"CPU\",VLOOKUP(AXE25,COMPOSIÇÃO,8,0),VLOOKUP(AXE25,COTAÇÃO,11,0))))","v":19.149999999999999},{"$f":"AXJ25*AXK25","v":9.5749999999999993},"ED-50374",{"$f":"IF(AXP25=\"SINAPI\",VLOOKUP(AXM25,SINAPI,2,0),IF(AXP25=\"SETOP\",VLOOKUP(AXM25,SETOP,3,0),IF(AXP25=\"CPU\",VLOOKUP(AXM25,COMPOSIÇÃO,2,0),VLOOKUP(AXM25,COTAÇÃO,3,0))))","v":"BOMBEIRO/ENCANADOR COM ENCARGOS COMPLEMENTARES"},null,"SETOP",{"$f":"IF(AXP25=\"SINAPI\",VLOOKUP(AXM25,SINAPI,3,0),IF(AXP25=\"SETOP\",VLOOKUP(AXM25,SETOP,4,0),IF(AXP25=\"CPU\",VLOOKUP(AXM25,COMPOSIÇÃO,5,0),VLOOKUP(AXM25,COTAÇÃO,8,0))))","v":"HORA"},0.5,{"$f":"IF(AXP25=\"SINAPI\",VLOOKUP(AXM25,SINAPI,4,0),IF(AXP25=\"SETOP\",VLOOKUP(AXM25,SETOP,5,0),IF(AXP25=\"CPU\",VLOOKUP(AXM25,COMPOSIÇÃO,8,0),VLOOKUP(AXM25,COTAÇÃO,11,0))))","v":19.149999999999999},{"$f":"AXR25*AXS25","v":9.5749999999999993},"ED-50374",{"$f":"IF(AXX25=\"SINAPI\",VLOOKUP(AXU25,SINAPI,2,0),IF(AXX25=\"SETOP\",VLOOKUP(AXU25,SETOP,3,0),IF(AXX25=\"CPU\",VLOOKUP(AXU25,COMPOSIÇÃO,2,0),VLOOKUP(AXU25,COTAÇÃO,3,0))))","v":"BOMBEIRO/ENCANADOR COM ENCARGOS COMPLEMENTARES"},null,"SETOP",{"$f":"IF(AXX25=\"SINAPI\",VLOOKUP(AXU25,SINAPI,3,0),IF(AXX25=\"SETOP\",VLOOKUP(AXU25,SETOP,4,0),IF(AXX25=\"CPU\",VLOOKUP(AXU25,COMPOSIÇÃO,5,0),VLOOKUP(AXU25,COTAÇÃO,8,0))))","v":"HORA"},0.5,{"$f":"IF(AXX25=\"SINAPI\",VLOOKUP(AXU25,SINAPI,4,0),IF(AXX25=\"SETOP\",VLOOKUP(AXU25,SETOP,5,0),IF(AXX25=\"CPU\",VLOOKUP(AXU25,COMPOSIÇÃO,8,0),VLOOKUP(AXU25,COTAÇÃO,11,0))))","v":19.149999999999999},{"$f":"AXZ25*AYA25","v":9.5749999999999993},"ED-50374",{"$f":"IF(AYF25=\"SINAPI\",VLOOKUP(AYC25,SINAPI,2,0),IF(AYF25=\"SETOP\",VLOOKUP(AYC25,SETOP,3,0),IF(AYF25=\"CPU\",VLOOKUP(AYC25,COMPOSIÇÃO,2,0),VLOOKUP(AYC25,COTAÇÃO,3,0))))","v":"BOMBEIRO/ENCANADOR COM ENCARGOS COMPLEMENTARES"},null,"SETOP",{"$f":"IF(AYF25=\"SINAPI\",VLOOKUP(AYC25,SINAPI,3,0),IF(AYF25=\"SETOP\",VLOOKUP(AYC25,SETOP,4,0),IF(AYF25=\"CPU\",VLOOKUP(AYC25,COMPOSIÇÃO,5,0),VLOOKUP(AYC25,COTAÇÃO,8,0))))","v":"HORA"},0.5,{"$f":"IF(AYF25=\"SINAPI\",VLOOKUP(AYC25,SINAPI,4,0),IF(AYF25=\"SETOP\",VLOOKUP(AYC25,SETOP,5,0),IF(AYF25=\"CPU\",VLOOKUP(AYC25,COMPOSIÇÃO,8,0),VLOOKUP(AYC25,COTAÇÃO,11,0))))","v":19.149999999999999},{"$f":"AYH25*AYI25","v":9.5749999999999993},"ED-50374",{"$f":"IF(AYN25=\"SINAPI\",VLOOKUP(AYK25,SINAPI,2,0),IF(AYN25=\"SETOP\",VLOOKUP(AYK25,SETOP,3,0),IF(AYN25=\"CPU\",VLOOKUP(AYK25,COMPOSIÇÃO,2,0),VLOOKUP(AYK25,COTAÇÃO,3,0))))","v":"BOMBEIRO/ENCANADOR COM ENCARGOS COMPLEMENTARES"},null,"SETOP",{"$f":"IF(AYN25=\"SINAPI\",VLOOKUP(AYK25,SINAPI,3,0),IF(AYN25=\"SETOP\",VLOOKUP(AYK25,SETOP,4,0),IF(AYN25=\"CPU\",VLOOKUP(AYK25,COMPOSIÇÃO,5,0),VLOOKUP(AYK25,COTAÇÃO,8,0))))","v":"HORA"},0.5,{"$f":"IF(AYN25=\"SINAPI\",VLOOKUP(AYK25,SINAPI,4,0),IF(AYN25=\"SETOP\",VLOOKUP(AYK25,SETOP,5,0),IF(AYN25=\"CPU\",VLOOKUP(AYK25,COMPOSIÇÃO,8,0),VLOOKUP(AYK25,COTAÇÃO,11,0))))","v":19.149999999999999},{"$f":"AYP25*AYQ25","v":9.5749999999999993},"ED-50374",{"$f":"IF(AYV25=\"SINAPI\",VLOOKUP(AYS25,SINAPI,2,0),IF(AYV25=\"SETOP\",VLOOKUP(AYS25,SETOP,3,0),IF(AYV25=\"CPU\",VLOOKUP(AYS25,COMPOSIÇÃO,2,0),VLOOKUP(AYS25,COTAÇÃO,3,0))))","v":"BOMBEIRO/ENCANADOR COM ENCARGOS COMPLEMENTARES"},null,"SETOP",{"$f":"IF(AYV25=\"SINAPI\",VLOOKUP(AYS25,SINAPI,3,0),IF(AYV25=\"SETOP\",VLOOKUP(AYS25,SETOP,4,0),IF(AYV25=\"CPU\",VLOOKUP(AYS25,COMPOSIÇÃO,5,0),VLOOKUP(AYS25,COTAÇÃO,8,0))))","v":"HORA"},0.5,{"$f":"IF(AYV25=\"SINAPI\",VLOOKUP(AYS25,SINAPI,4,0),IF(AYV25=\"SETOP\",VLOOKUP(AYS25,SETOP,5,0),IF(AYV25=\"CPU\",VLOOKUP(AYS25,COMPOSIÇÃO,8,0),VLOOKUP(AYS25,COTAÇÃO,11,0))))","v":19.149999999999999},{"$f":"AYX25*AYY25","v":9.5749999999999993},"ED-50374",{"$f":"IF(AZD25=\"SINAPI\",VLOOKUP(AZA25,SINAPI,2,0),IF(AZD25=\"SETOP\",VLOOKUP(AZA25,SETOP,3,0),IF(AZD25=\"CPU\",VLOOKUP(AZA25,COMPOSIÇÃO,2,0),VLOOKUP(AZA25,COTAÇÃO,3,0))))","v":"BOMBEIRO/ENCANADOR COM ENCARGOS COMPLEMENTARES"},null,"SETOP",{"$f":"IF(AZD25=\"SINAPI\",VLOOKUP(AZA25,SINAPI,3,0),IF(AZD25=\"SETOP\",VLOOKUP(AZA25,SETOP,4,0),IF(AZD25=\"CPU\",VLOOKUP(AZA25,COMPOSIÇÃO,5,0),VLOOKUP(AZA25,COTAÇÃO,8,0))))","v":"HORA"},0.5,{"$f":"IF(AZD25=\"SINAPI\",VLOOKUP(AZA25,SINAPI,4,0),IF(AZD25=\"SETOP\",VLOOKUP(AZA25,SETOP,5,0),IF(AZD25=\"CPU\",VLOOKUP(AZA25,COMPOSIÇÃO,8,0),VLOOKUP(AZA25,COTAÇÃO,11,0))))","v":19.149999999999999},{"$f":"AZF25*AZG25","v":9.5749999999999993},"ED-50374",{"$f":"IF(AZL25=\"SINAPI\",VLOOKUP(AZI25,SINAPI,2,0),IF(AZL25=\"SETOP\",VLOOKUP(AZI25,SETOP,3,0),IF(AZL25=\"CPU\",VLOOKUP(AZI25,COMPOSIÇÃO,2,0),VLOOKUP(AZI25,COTAÇÃO,3,0))))","v":"BOMBEIRO/ENCANADOR COM ENCARGOS COMPLEMENTARES"},null,"SETOP",{"$f":"IF(AZL25=\"SINAPI\",VLOOKUP(AZI25,SINAPI,3,0),IF(AZL25=\"SETOP\",VLOOKUP(AZI25,SETOP,4,0),IF(AZL25=\"CPU\",VLOOKUP(AZI25,COMPOSIÇÃO,5,0),VLOOKUP(AZI25,COTAÇÃO,8,0))))","v":"HORA"},0.5,{"$f":"IF(AZL25=\"SINAPI\",VLOOKUP(AZI25,SINAPI,4,0),IF(AZL25=\"SETOP\",VLOOKUP(AZI25,SETOP,5,0),IF(AZL25=\"CPU\",VLOOKUP(AZI25,COMPOSIÇÃO,8,0),VLOOKUP(AZI25,COTAÇÃO,11,0))))","v":19.149999999999999},{"$f":"AZN25*AZO25","v":9.5749999999999993},"ED-50374",{"$f":"IF(AZT25=\"SINAPI\",VLOOKUP(AZQ25,SINAPI,2,0),IF(AZT25=\"SETOP\",VLOOKUP(AZQ25,SETOP,3,0),IF(AZT25=\"CPU\",VLOOKUP(AZQ25,COMPOSIÇÃO,2,0),VLOOKUP(AZQ25,COTAÇÃO,3,0))))","v":"BOMBEIRO/ENCANADOR COM ENCARGOS COMPLEMENTARES"},null,"SETOP",{"$f":"IF(AZT25=\"SINAPI\",VLOOKUP(AZQ25,SINAPI,3,0),IF(AZT25=\"SETOP\",VLOOKUP(AZQ25,SETOP,4,0),IF(AZT25=\"CPU\",VLOOKUP(AZQ25,COMPOSIÇÃO,5,0),VLOOKUP(AZQ25,COTAÇÃO,8,0))))","v":"HORA"},0.5,{"$f":"IF(AZT25=\"SINAPI\",VLOOKUP(AZQ25,SINAPI,4,0),IF(AZT25=\"SETOP\",VLOOKUP(AZQ25,SETOP,5,0),IF(AZT25=\"CPU\",VLOOKUP(AZQ25,COMPOSIÇÃO,8,0),VLOOKUP(AZQ25,COTAÇÃO,11,0))))","v":19.149999999999999},{"$f":"AZV25*AZW25","v":9.5749999999999993},"ED-50374",{"$f":"IF(BAB25=\"SINAPI\",VLOOKUP(AZY25,SINAPI,2,0),IF(BAB25=\"SETOP\",VLOOKUP(AZY25,SETOP,3,0),IF(BAB25=\"CPU\",VLOOKUP(AZY25,COMPOSIÇÃO,2,0),VLOOKUP(AZY25,COTAÇÃO,3,0))))","v":"BOMBEIRO/ENCANADOR COM ENCARGOS COMPLEMENTARES"},null,"SETOP",{"$f":"IF(BAB25=\"SINAPI\",VLOOKUP(AZY25,SINAPI,3,0),IF(BAB25=\"SETOP\",VLOOKUP(AZY25,SETOP,4,0),IF(BAB25=\"CPU\",VLOOKUP(AZY25,COMPOSIÇÃO,5,0),VLOOKUP(AZY25,COTAÇÃO,8,0))))","v":"HORA"},0.5,{"$f":"IF(BAB25=\"SINAPI\",VLOOKUP(AZY25,SINAPI,4,0),IF(BAB25=\"SETOP\",VLOOKUP(AZY25,SETOP,5,0),IF(BAB25=\"CPU\",VLOOKUP(AZY25,COMPOSIÇÃO,8,0),VLOOKUP(AZY25,COTAÇÃO,11,0))))","v":19.149999999999999},{"$f":"BAD25*BAE25","v":9.5749999999999993},"ED-50374",{"$f":"IF(BAJ25=\"SINAPI\",VLOOKUP(BAG25,SINAPI,2,0),IF(BAJ25=\"SETOP\",VLOOKUP(BAG25,SETOP,3,0),IF(BAJ25=\"CPU\",VLOOKUP(BAG25,COMPOSIÇÃO,2,0),VLOOKUP(BAG25,COTAÇÃO,3,0))))","v":"BOMBEIRO/ENCANADOR COM ENCARGOS COMPLEMENTARES"},null,"SETOP",{"$f":"IF(BAJ25=\"SINAPI\",VLOOKUP(BAG25,SINAPI,3,0),IF(BAJ25=\"SETOP\",VLOOKUP(BAG25,SETOP,4,0),IF(BAJ25=\"CPU\",VLOOKUP(BAG25,COMPOSIÇÃO,5,0),VLOOKUP(BAG25,COTAÇÃO,8,0))))","v":"HORA"},0.5,{"$f":"IF(BAJ25=\"SINAPI\",VLOOKUP(BAG25,SINAPI,4,0),IF(BAJ25=\"SETOP\",VLOOKUP(BAG25,SETOP,5,0),IF(BAJ25=\"CPU\",VLOOKUP(BAG25,COMPOSIÇÃO,8,0),VLOOKUP(BAG25,COTAÇÃO,11,0))))","v":19.149999999999999},{"$f":"BAL25*BAM25","v":9.5749999999999993},"ED-50374",{"$f":"IF(BAR25=\"SINAPI\",VLOOKUP(BAO25,SINAPI,2,0),IF(BAR25=\"SETOP\",VLOOKUP(BAO25,SETOP,3,0),IF(BAR25=\"CPU\",VLOOKUP(BAO25,COMPOSIÇÃO,2,0),VLOOKUP(BAO25,COTAÇÃO,3,0))))","v":"BOMBEIRO/ENCANADOR COM ENCARGOS COMPLEMENTARES"},null,"SETOP",{"$f":"IF(BAR25=\"SINAPI\",VLOOKUP(BAO25,SINAPI,3,0),IF(BAR25=\"SETOP\",VLOOKUP(BAO25,SETOP,4,0),IF(BAR25=\"CPU\",VLOOKUP(BAO25,COMPOSIÇÃO,5,0),VLOOKUP(BAO25,COTAÇÃO,8,0))))","v":"HORA"},0.5,{"$f":"IF(BAR25=\"SINAPI\",VLOOKUP(BAO25,SINAPI,4,0),IF(BAR25=\"SETOP\",VLOOKUP(BAO25,SETOP,5,0),IF(BAR25=\"CPU\",VLOOKUP(BAO25,COMPOSIÇÃO,8,0),VLOOKUP(BAO25,COTAÇÃO,11,0))))","v":19.149999999999999},{"$f":"BAT25*BAU25","v":9.5749999999999993},"ED-50374",{"$f":"IF(BAZ25=\"SINAPI\",VLOOKUP(BAW25,SINAPI,2,0),IF(BAZ25=\"SETOP\",VLOOKUP(BAW25,SETOP,3,0),IF(BAZ25=\"CPU\",VLOOKUP(BAW25,COMPOSIÇÃO,2,0),VLOOKUP(BAW25,COTAÇÃO,3,0))))","v":"BOMBEIRO/ENCANADOR COM ENCARGOS COMPLEMENTARES"},null,"SETOP",{"$f":"IF(BAZ25=\"SINAPI\",VLOOKUP(BAW25,SINAPI,3,0),IF(BAZ25=\"SETOP\",VLOOKUP(BAW25,SETOP,4,0),IF(BAZ25=\"CPU\",VLOOKUP(BAW25,COMPOSIÇÃO,5,0),VLOOKUP(BAW25,COTAÇÃO,8,0))))","v":"HORA"},0.5,{"$f":"IF(BAZ25=\"SINAPI\",VLOOKUP(BAW25,SINAPI,4,0),IF(BAZ25=\"SETOP\",VLOOKUP(BAW25,SETOP,5,0),IF(BAZ25=\"CPU\",VLOOKUP(BAW25,COMPOSIÇÃO,8,0),VLOOKUP(BAW25,COTAÇÃO,11,0))))","v":19.149999999999999},{"$f":"BBB25*BBC25","v":9.5749999999999993},"ED-50374",{"$f":"IF(BBH25=\"SINAPI\",VLOOKUP(BBE25,SINAPI,2,0),IF(BBH25=\"SETOP\",VLOOKUP(BBE25,SETOP,3,0),IF(BBH25=\"CPU\",VLOOKUP(BBE25,COMPOSIÇÃO,2,0),VLOOKUP(BBE25,COTAÇÃO,3,0))))","v":"BOMBEIRO/ENCANADOR COM ENCARGOS COMPLEMENTARES"},null,"SETOP",{"$f":"IF(BBH25=\"SINAPI\",VLOOKUP(BBE25,SINAPI,3,0),IF(BBH25=\"SETOP\",VLOOKUP(BBE25,SETOP,4,0),IF(BBH25=\"CPU\",VLOOKUP(BBE25,COMPOSIÇÃO,5,0),VLOOKUP(BBE25,COTAÇÃO,8,0))))","v":"HORA"},0.5,{"$f":"IF(BBH25=\"SINAPI\",VLOOKUP(BBE25,SINAPI,4,0),IF(BBH25=\"SETOP\",VLOOKUP(BBE25,SETOP,5,0),IF(BBH25=\"CPU\",VLOOKUP(BBE25,COMPOSIÇÃO,8,0),VLOOKUP(BBE25,COTAÇÃO,11,0))))","v":19.149999999999999},{"$f":"BBJ25*BBK25","v":9.5749999999999993},"ED-50374",{"$f":"IF(BBP25=\"SINAPI\",VLOOKUP(BBM25,SINAPI,2,0),IF(BBP25=\"SETOP\",VLOOKUP(BBM25,SETOP,3,0),IF(BBP25=\"CPU\",VLOOKUP(BBM25,COMPOSIÇÃO,2,0),VLOOKUP(BBM25,COTAÇÃO,3,0))))","v":"BOMBEIRO/ENCANADOR COM ENCARGOS COMPLEMENTARES"},null,"SETOP",{"$f":"IF(BBP25=\"SINAPI\",VLOOKUP(BBM25,SINAPI,3,0),IF(BBP25=\"SETOP\",VLOOKUP(BBM25,SETOP,4,0),IF(BBP25=\"CPU\",VLOOKUP(BBM25,COMPOSIÇÃO,5,0),VLOOKUP(BBM25,COTAÇÃO,8,0))))","v":"HORA"},0.5,{"$f":"IF(BBP25=\"SINAPI\",VLOOKUP(BBM25,SINAPI,4,0),IF(BBP25=\"SETOP\",VLOOKUP(BBM25,SETOP,5,0),IF(BBP25=\"CPU\",VLOOKUP(BBM25,COMPOSIÇÃO,8,0),VLOOKUP(BBM25,COTAÇÃO,11,0))))","v":19.149999999999999},{"$f":"BBR25*BBS25","v":9.5749999999999993},"ED-50374",{"$f":"IF(BBX25=\"SINAPI\",VLOOKUP(BBU25,SINAPI,2,0),IF(BBX25=\"SETOP\",VLOOKUP(BBU25,SETOP,3,0),IF(BBX25=\"CPU\",VLOOKUP(BBU25,COMPOSIÇÃO,2,0),VLOOKUP(BBU25,COTAÇÃO,3,0))))","v":"BOMBEIRO/ENCANADOR COM ENCARGOS COMPLEMENTARES"},null,"SETOP",{"$f":"IF(BBX25=\"SINAPI\",VLOOKUP(BBU25,SINAPI,3,0),IF(BBX25=\"SETOP\",VLOOKUP(BBU25,SETOP,4,0),IF(BBX25=\"CPU\",VLOOKUP(BBU25,COMPOSIÇÃO,5,0),VLOOKUP(BBU25,COTAÇÃO,8,0))))","v":"HORA"},0.5,{"$f":"IF(BBX25=\"SINAPI\",VLOOKUP(BBU25,SINAPI,4,0),IF(BBX25=\"SETOP\",VLOOKUP(BBU25,SETOP,5,0),IF(BBX25=\"CPU\",VLOOKUP(BBU25,COMPOSIÇÃO,8,0),VLOOKUP(BBU25,COTAÇÃO,11,0))))","v":19.149999999999999},{"$f":"BBZ25*BCA25","v":9.5749999999999993},"ED-50374",{"$f":"IF(BCF25=\"SINAPI\",VLOOKUP(BCC25,SINAPI,2,0),IF(BCF25=\"SETOP\",VLOOKUP(BCC25,SETOP,3,0),IF(BCF25=\"CPU\",VLOOKUP(BCC25,COMPOSIÇÃO,2,0),VLOOKUP(BCC25,COTAÇÃO,3,0))))","v":"BOMBEIRO/ENCANADOR COM ENCARGOS COMPLEMENTARES"},null,"SETOP",{"$f":"IF(BCF25=\"SINAPI\",VLOOKUP(BCC25,SINAPI,3,0),IF(BCF25=\"SETOP\",VLOOKUP(BCC25,SETOP,4,0),IF(BCF25=\"CPU\",VLOOKUP(BCC25,COMPOSIÇÃO,5,0),VLOOKUP(BCC25,COTAÇÃO,8,0))))","v":"HORA"},0.5,{"$f":"IF(BCF25=\"SINAPI\",VLOOKUP(BCC25,SINAPI,4,0),IF(BCF25=\"SETOP\",VLOOKUP(BCC25,SETOP,5,0),IF(BCF25=\"CPU\",VLOOKUP(BCC25,COMPOSIÇÃO,8,0),VLOOKUP(BCC25,COTAÇÃO,11,0))))","v":19.149999999999999},{"$f":"BCH25*BCI25","v":9.5749999999999993},"ED-50374",{"$f":"IF(BCN25=\"SINAPI\",VLOOKUP(BCK25,SINAPI,2,0),IF(BCN25=\"SETOP\",VLOOKUP(BCK25,SETOP,3,0),IF(BCN25=\"CPU\",VLOOKUP(BCK25,COMPOSIÇÃO,2,0),VLOOKUP(BCK25,COTAÇÃO,3,0))))","v":"BOMBEIRO/ENCANADOR COM ENCARGOS COMPLEMENTARES"},null,"SETOP",{"$f":"IF(BCN25=\"SINAPI\",VLOOKUP(BCK25,SINAPI,3,0),IF(BCN25=\"SETOP\",VLOOKUP(BCK25,SETOP,4,0),IF(BCN25=\"CPU\",VLOOKUP(BCK25,COMPOSIÇÃO,5,0),VLOOKUP(BCK25,COTAÇÃO,8,0))))","v":"HORA"},0.5,{"$f":"IF(BCN25=\"SINAPI\",VLOOKUP(BCK25,SINAPI,4,0),IF(BCN25=\"SETOP\",VLOOKUP(BCK25,SETOP,5,0),IF(BCN25=\"CPU\",VLOOKUP(BCK25,COMPOSIÇÃO,8,0),VLOOKUP(BCK25,COTAÇÃO,11,0))))","v":19.149999999999999},{"$f":"BCP25*BCQ25","v":9.5749999999999993},"ED-50374",{"$f":"IF(BCV25=\"SINAPI\",VLOOKUP(BCS25,SINAPI,2,0),IF(BCV25=\"SETOP\",VLOOKUP(BCS25,SETOP,3,0),IF(BCV25=\"CPU\",VLOOKUP(BCS25,COMPOSIÇÃO,2,0),VLOOKUP(BCS25,COTAÇÃO,3,0))))","v":"BOMBEIRO/ENCANADOR COM ENCARGOS COMPLEMENTARES"},null,"SETOP",{"$f":"IF(BCV25=\"SINAPI\",VLOOKUP(BCS25,SINAPI,3,0),IF(BCV25=\"SETOP\",VLOOKUP(BCS25,SETOP,4,0),IF(BCV25=\"CPU\",VLOOKUP(BCS25,COMPOSIÇÃO,5,0),VLOOKUP(BCS25,COTAÇÃO,8,0))))","v":"HORA"},0.5,{"$f":"IF(BCV25=\"SINAPI\",VLOOKUP(BCS25,SINAPI,4,0),IF(BCV25=\"SETOP\",VLOOKUP(BCS25,SETOP,5,0),IF(BCV25=\"CPU\",VLOOKUP(BCS25,COMPOSIÇÃO,8,0),VLOOKUP(BCS25,COTAÇÃO,11,0))))","v":19.149999999999999},{"$f":"BCX25*BCY25","v":9.5749999999999993},"ED-50374",{"$f":"IF(BDD25=\"SINAPI\",VLOOKUP(BDA25,SINAPI,2,0),IF(BDD25=\"SETOP\",VLOOKUP(BDA25,SETOP,3,0),IF(BDD25=\"CPU\",VLOOKUP(BDA25,COMPOSIÇÃO,2,0),VLOOKUP(BDA25,COTAÇÃO,3,0))))","v":"BOMBEIRO/ENCANADOR COM ENCARGOS COMPLEMENTARES"},null,"SETOP",{"$f":"IF(BDD25=\"SINAPI\",VLOOKUP(BDA25,SINAPI,3,0),IF(BDD25=\"SETOP\",VLOOKUP(BDA25,SETOP,4,0),IF(BDD25=\"CPU\",VLOOKUP(BDA25,COMPOSIÇÃO,5,0),VLOOKUP(BDA25,COTAÇÃO,8,0))))","v":"HORA"},0.5,{"$f":"IF(BDD25=\"SINAPI\",VLOOKUP(BDA25,SINAPI,4,0),IF(BDD25=\"SETOP\",VLOOKUP(BDA25,SETOP,5,0),IF(BDD25=\"CPU\",VLOOKUP(BDA25,COMPOSIÇÃO,8,0),VLOOKUP(BDA25,COTAÇÃO,11,0))))","v":19.149999999999999},{"$f":"BDF25*BDG25","v":9.5749999999999993},"ED-50374",{"$f":"IF(BDL25=\"SINAPI\",VLOOKUP(BDI25,SINAPI,2,0),IF(BDL25=\"SETOP\",VLOOKUP(BDI25,SETOP,3,0),IF(BDL25=\"CPU\",VLOOKUP(BDI25,COMPOSIÇÃO,2,0),VLOOKUP(BDI25,COTAÇÃO,3,0))))","v":"BOMBEIRO/ENCANADOR COM ENCARGOS COMPLEMENTARES"},null,"SETOP",{"$f":"IF(BDL25=\"SINAPI\",VLOOKUP(BDI25,SINAPI,3,0),IF(BDL25=\"SETOP\",VLOOKUP(BDI25,SETOP,4,0),IF(BDL25=\"CPU\",VLOOKUP(BDI25,COMPOSIÇÃO,5,0),VLOOKUP(BDI25,COTAÇÃO,8,0))))","v":"HORA"},0.5,{"$f":"IF(BDL25=\"SINAPI\",VLOOKUP(BDI25,SINAPI,4,0),IF(BDL25=\"SETOP\",VLOOKUP(BDI25,SETOP,5,0),IF(BDL25=\"CPU\",VLOOKUP(BDI25,COMPOSIÇÃO,8,0),VLOOKUP(BDI25,COTAÇÃO,11,0))))","v":19.149999999999999},{"$f":"BDN25*BDO25","v":9.5749999999999993},"ED-50374",{"$f":"IF(BDT25=\"SINAPI\",VLOOKUP(BDQ25,SINAPI,2,0),IF(BDT25=\"SETOP\",VLOOKUP(BDQ25,SETOP,3,0),IF(BDT25=\"CPU\",VLOOKUP(BDQ25,COMPOSIÇÃO,2,0),VLOOKUP(BDQ25,COTAÇÃO,3,0))))","v":"BOMBEIRO/ENCANADOR COM ENCARGOS COMPLEMENTARES"},null,"SETOP",{"$f":"IF(BDT25=\"SINAPI\",VLOOKUP(BDQ25,SINAPI,3,0),IF(BDT25=\"SETOP\",VLOOKUP(BDQ25,SETOP,4,0),IF(BDT25=\"CPU\",VLOOKUP(BDQ25,COMPOSIÇÃO,5,0),VLOOKUP(BDQ25,COTAÇÃO,8,0))))","v":"HORA"},0.5,{"$f":"IF(BDT25=\"SINAPI\",VLOOKUP(BDQ25,SINAPI,4,0),IF(BDT25=\"SETOP\",VLOOKUP(BDQ25,SETOP,5,0),IF(BDT25=\"CPU\",VLOOKUP(BDQ25,COMPOSIÇÃO,8,0),VLOOKUP(BDQ25,COTAÇÃO,11,0))))","v":19.149999999999999},{"$f":"BDV25*BDW25","v":9.5749999999999993},"ED-50374",{"$f":"IF(BEB25=\"SINAPI\",VLOOKUP(BDY25,SINAPI,2,0),IF(BEB25=\"SETOP\",VLOOKUP(BDY25,SETOP,3,0),IF(BEB25=\"CPU\",VLOOKUP(BDY25,COMPOSIÇÃO,2,0),VLOOKUP(BDY25,COTAÇÃO,3,0))))","v":"BOMBEIRO/ENCANADOR COM ENCARGOS COMPLEMENTARES"},null,"SETOP",{"$f":"IF(BEB25=\"SINAPI\",VLOOKUP(BDY25,SINAPI,3,0),IF(BEB25=\"SETOP\",VLOOKUP(BDY25,SETOP,4,0),IF(BEB25=\"CPU\",VLOOKUP(BDY25,COMPOSIÇÃO,5,0),VLOOKUP(BDY25,COTAÇÃO,8,0))))","v":"HORA"},0.5,{"$f":"IF(BEB25=\"SINAPI\",VLOOKUP(BDY25,SINAPI,4,0),IF(BEB25=\"SETOP\",VLOOKUP(BDY25,SETOP,5,0),IF(BEB25=\"CPU\",VLOOKUP(BDY25,COMPOSIÇÃO,8,0),VLOOKUP(BDY25,COTAÇÃO,11,0))))","v":19.149999999999999},{"$f":"BED25*BEE25","v":9.5749999999999993},"ED-50374",{"$f":"IF(BEJ25=\"SINAPI\",VLOOKUP(BEG25,SINAPI,2,0),IF(BEJ25=\"SETOP\",VLOOKUP(BEG25,SETOP,3,0),IF(BEJ25=\"CPU\",VLOOKUP(BEG25,COMPOSIÇÃO,2,0),VLOOKUP(BEG25,COTAÇÃO,3,0))))","v":"BOMBEIRO/ENCANADOR COM ENCARGOS COMPLEMENTARES"},null,"SETOP",{"$f":"IF(BEJ25=\"SINAPI\",VLOOKUP(BEG25,SINAPI,3,0),IF(BEJ25=\"SETOP\",VLOOKUP(BEG25,SETOP,4,0),IF(BEJ25=\"CPU\",VLOOKUP(BEG25,COMPOSIÇÃO,5,0),VLOOKUP(BEG25,COTAÇÃO,8,0))))","v":"HORA"},0.5,{"$f":"IF(BEJ25=\"SINAPI\",VLOOKUP(BEG25,SINAPI,4,0),IF(BEJ25=\"SETOP\",VLOOKUP(BEG25,SETOP,5,0),IF(BEJ25=\"CPU\",VLOOKUP(BEG25,COMPOSIÇÃO,8,0),VLOOKUP(BEG25,COTAÇÃO,11,0))))","v":19.149999999999999},{"$f":"BEL25*BEM25","v":9.5749999999999993},"ED-50374",{"$f":"IF(BER25=\"SINAPI\",VLOOKUP(BEO25,SINAPI,2,0),IF(BER25=\"SETOP\",VLOOKUP(BEO25,SETOP,3,0),IF(BER25=\"CPU\",VLOOKUP(BEO25,COMPOSIÇÃO,2,0),VLOOKUP(BEO25,COTAÇÃO,3,0))))","v":"BOMBEIRO/ENCANADOR COM ENCARGOS COMPLEMENTARES"},null,"SETOP",{"$f":"IF(BER25=\"SINAPI\",VLOOKUP(BEO25,SINAPI,3,0),IF(BER25=\"SETOP\",VLOOKUP(BEO25,SETOP,4,0),IF(BER25=\"CPU\",VLOOKUP(BEO25,COMPOSIÇÃO,5,0),VLOOKUP(BEO25,COTAÇÃO,8,0))))","v":"HORA"},0.5,{"$f":"IF(BER25=\"SINAPI\",VLOOKUP(BEO25,SINAPI,4,0),IF(BER25=\"SETOP\",VLOOKUP(BEO25,SETOP,5,0),IF(BER25=\"CPU\",VLOOKUP(BEO25,COMPOSIÇÃO,8,0),VLOOKUP(BEO25,COTAÇÃO,11,0))))","v":19.149999999999999},{"$f":"BET25*BEU25","v":9.5749999999999993},"ED-50374",{"$f":"IF(BEZ25=\"SINAPI\",VLOOKUP(BEW25,SINAPI,2,0),IF(BEZ25=\"SETOP\",VLOOKUP(BEW25,SETOP,3,0),IF(BEZ25=\"CPU\",VLOOKUP(BEW25,COMPOSIÇÃO,2,0),VLOOKUP(BEW25,COTAÇÃO,3,0))))","v":"BOMBEIRO/ENCANADOR COM ENCARGOS COMPLEMENTARES"},null,"SETOP",{"$f":"IF(BEZ25=\"SINAPI\",VLOOKUP(BEW25,SINAPI,3,0),IF(BEZ25=\"SETOP\",VLOOKUP(BEW25,SETOP,4,0),IF(BEZ25=\"CPU\",VLOOKUP(BEW25,COMPOSIÇÃO,5,0),VLOOKUP(BEW25,COTAÇÃO,8,0))))","v":"HORA"},0.5,{"$f":"IF(BEZ25=\"SINAPI\",VLOOKUP(BEW25,SINAPI,4,0),IF(BEZ25=\"SETOP\",VLOOKUP(BEW25,SETOP,5,0),IF(BEZ25=\"CPU\",VLOOKUP(BEW25,COMPOSIÇÃO,8,0),VLOOKUP(BEW25,COTAÇÃO,11,0))))","v":19.149999999999999},{"$f":"BFB25*BFC25","v":9.5749999999999993},"ED-50374",{"$f":"IF(BFH25=\"SINAPI\",VLOOKUP(BFE25,SINAPI,2,0),IF(BFH25=\"SETOP\",VLOOKUP(BFE25,SETOP,3,0),IF(BFH25=\"CPU\",VLOOKUP(BFE25,COMPOSIÇÃO,2,0),VLOOKUP(BFE25,COTAÇÃO,3,0))))","v":"BOMBEIRO/ENCANADOR COM ENCARGOS COMPLEMENTARES"},null,"SETOP",{"$f":"IF(BFH25=\"SINAPI\",VLOOKUP(BFE25,SINAPI,3,0),IF(BFH25=\"SETOP\",VLOOKUP(BFE25,SETOP,4,0),IF(BFH25=\"CPU\",VLOOKUP(BFE25,COMPOSIÇÃO,5,0),VLOOKUP(BFE25,COTAÇÃO,8,0))))","v":"HORA"},0.5,{"$f":"IF(BFH25=\"SINAPI\",VLOOKUP(BFE25,SINAPI,4,0),IF(BFH25=\"SETOP\",VLOOKUP(BFE25,SETOP,5,0),IF(BFH25=\"CPU\",VLOOKUP(BFE25,COMPOSIÇÃO,8,0),VLOOKUP(BFE25,COTAÇÃO,11,0))))","v":19.149999999999999},{"$f":"BFJ25*BFK25","v":9.5749999999999993},"ED-50374",{"$f":"IF(BFP25=\"SINAPI\",VLOOKUP(BFM25,SINAPI,2,0),IF(BFP25=\"SETOP\",VLOOKUP(BFM25,SETOP,3,0),IF(BFP25=\"CPU\",VLOOKUP(BFM25,COMPOSIÇÃO,2,0),VLOOKUP(BFM25,COTAÇÃO,3,0))))","v":"BOMBEIRO/ENCANADOR COM ENCARGOS COMPLEMENTARES"},null,"SETOP",{"$f":"IF(BFP25=\"SINAPI\",VLOOKUP(BFM25,SINAPI,3,0),IF(BFP25=\"SETOP\",VLOOKUP(BFM25,SETOP,4,0),IF(BFP25=\"CPU\",VLOOKUP(BFM25,COMPOSIÇÃO,5,0),VLOOKUP(BFM25,COTAÇÃO,8,0))))","v":"HORA"},0.5,{"$f":"IF(BFP25=\"SINAPI\",VLOOKUP(BFM25,SINAPI,4,0),IF(BFP25=\"SETOP\",VLOOKUP(BFM25,SETOP,5,0),IF(BFP25=\"CPU\",VLOOKUP(BFM25,COMPOSIÇÃO,8,0),VLOOKUP(BFM25,COTAÇÃO,11,0))))","v":19.149999999999999},{"$f":"BFR25*BFS25","v":9.5749999999999993},"ED-50374",{"$f":"IF(BFX25=\"SINAPI\",VLOOKUP(BFU25,SINAPI,2,0),IF(BFX25=\"SETOP\",VLOOKUP(BFU25,SETOP,3,0),IF(BFX25=\"CPU\",VLOOKUP(BFU25,COMPOSIÇÃO,2,0),VLOOKUP(BFU25,COTAÇÃO,3,0))))","v":"BOMBEIRO/ENCANADOR COM ENCARGOS COMPLEMENTARES"},null,"SETOP",{"$f":"IF(BFX25=\"SINAPI\",VLOOKUP(BFU25,SINAPI,3,0),IF(BFX25=\"SETOP\",VLOOKUP(BFU25,SETOP,4,0),IF(BFX25=\"CPU\",VLOOKUP(BFU25,COMPOSIÇÃO,5,0),VLOOKUP(BFU25,COTAÇÃO,8,0))))","v":"HORA"},0.5,{"$f":"IF(BFX25=\"SINAPI\",VLOOKUP(BFU25,SINAPI,4,0),IF(BFX25=\"SETOP\",VLOOKUP(BFU25,SETOP,5,0),IF(BFX25=\"CPU\",VLOOKUP(BFU25,COMPOSIÇÃO,8,0),VLOOKUP(BFU25,COTAÇÃO,11,0))))","v":19.149999999999999},{"$f":"BFZ25*BGA25","v":9.5749999999999993},"ED-50374",{"$f":"IF(BGF25=\"SINAPI\",VLOOKUP(BGC25,SINAPI,2,0),IF(BGF25=\"SETOP\",VLOOKUP(BGC25,SETOP,3,0),IF(BGF25=\"CPU\",VLOOKUP(BGC25,COMPOSIÇÃO,2,0),VLOOKUP(BGC25,COTAÇÃO,3,0))))","v":"BOMBEIRO/ENCANADOR COM ENCARGOS COMPLEMENTARES"},null,"SETOP",{"$f":"IF(BGF25=\"SINAPI\",VLOOKUP(BGC25,SINAPI,3,0),IF(BGF25=\"SETOP\",VLOOKUP(BGC25,SETOP,4,0),IF(BGF25=\"CPU\",VLOOKUP(BGC25,COMPOSIÇÃO,5,0),VLOOKUP(BGC25,COTAÇÃO,8,0))))","v":"HORA"},0.5,{"$f":"IF(BGF25=\"SINAPI\",VLOOKUP(BGC25,SINAPI,4,0),IF(BGF25=\"SETOP\",VLOOKUP(BGC25,SETOP,5,0),IF(BGF25=\"CPU\",VLOOKUP(BGC25,COMPOSIÇÃO,8,0),VLOOKUP(BGC25,COTAÇÃO,11,0))))","v":19.149999999999999},{"$f":"BGH25*BGI25","v":9.5749999999999993},"ED-50374",{"$f":"IF(BGN25=\"SINAPI\",VLOOKUP(BGK25,SINAPI,2,0),IF(BGN25=\"SETOP\",VLOOKUP(BGK25,SETOP,3,0),IF(BGN25=\"CPU\",VLOOKUP(BGK25,COMPOSIÇÃO,2,0),VLOOKUP(BGK25,COTAÇÃO,3,0))))","v":"BOMBEIRO/ENCANADOR COM ENCARGOS COMPLEMENTARES"},null,"SETOP",{"$f":"IF(BGN25=\"SINAPI\",VLOOKUP(BGK25,SINAPI,3,0),IF(BGN25=\"SETOP\",VLOOKUP(BGK25,SETOP,4,0),IF(BGN25=\"CPU\",VLOOKUP(BGK25,COMPOSIÇÃO,5,0),VLOOKUP(BGK25,COTAÇÃO,8,0))))","v":"HORA"},0.5,{"$f":"IF(BGN25=\"SINAPI\",VLOOKUP(BGK25,SINAPI,4,0),IF(BGN25=\"SETOP\",VLOOKUP(BGK25,SETOP,5,0),IF(BGN25=\"CPU\",VLOOKUP(BGK25,COMPOSIÇÃO,8,0),VLOOKUP(BGK25,COTAÇÃO,11,0))))","v":19.149999999999999},{"$f":"BGP25*BGQ25","v":9.5749999999999993},"ED-50374",{"$f":"IF(BGV25=\"SINAPI\",VLOOKUP(BGS25,SINAPI,2,0),IF(BGV25=\"SETOP\",VLOOKUP(BGS25,SETOP,3,0),IF(BGV25=\"CPU\",VLOOKUP(BGS25,COMPOSIÇÃO,2,0),VLOOKUP(BGS25,COTAÇÃO,3,0))))","v":"BOMBEIRO/ENCANADOR COM ENCARGOS COMPLEMENTARES"},null,"SETOP",{"$f":"IF(BGV25=\"SINAPI\",VLOOKUP(BGS25,SINAPI,3,0),IF(BGV25=\"SETOP\",VLOOKUP(BGS25,SETOP,4,0),IF(BGV25=\"CPU\",VLOOKUP(BGS25,COMPOSIÇÃO,5,0),VLOOKUP(BGS25,COTAÇÃO,8,0))))","v":"HORA"},0.5,{"$f":"IF(BGV25=\"SINAPI\",VLOOKUP(BGS25,SINAPI,4,0),IF(BGV25=\"SETOP\",VLOOKUP(BGS25,SETOP,5,0),IF(BGV25=\"CPU\",VLOOKUP(BGS25,COMPOSIÇÃO,8,0),VLOOKUP(BGS25,COTAÇÃO,11,0))))","v":19.149999999999999},{"$f":"BGX25*BGY25","v":9.5749999999999993},"ED-50374",{"$f":"IF(BHD25=\"SINAPI\",VLOOKUP(BHA25,SINAPI,2,0),IF(BHD25=\"SETOP\",VLOOKUP(BHA25,SETOP,3,0),IF(BHD25=\"CPU\",VLOOKUP(BHA25,COMPOSIÇÃO,2,0),VLOOKUP(BHA25,COTAÇÃO,3,0))))","v":"BOMBEIRO/ENCANADOR COM ENCARGOS COMPLEMENTARES"},null,"SETOP",{"$f":"IF(BHD25=\"SINAPI\",VLOOKUP(BHA25,SINAPI,3,0),IF(BHD25=\"SETOP\",VLOOKUP(BHA25,SETOP,4,0),IF(BHD25=\"CPU\",VLOOKUP(BHA25,COMPOSIÇÃO,5,0),VLOOKUP(BHA25,COTAÇÃO,8,0))))","v":"HORA"},0.5,{"$f":"IF(BHD25=\"SINAPI\",VLOOKUP(BHA25,SINAPI,4,0),IF(BHD25=\"SETOP\",VLOOKUP(BHA25,SETOP,5,0),IF(BHD25=\"CPU\",VLOOKUP(BHA25,COMPOSIÇÃO,8,0),VLOOKUP(BHA25,COTAÇÃO,11,0))))","v":19.149999999999999},{"$f":"BHF25*BHG25","v":9.5749999999999993},"ED-50374",{"$f":"IF(BHL25=\"SINAPI\",VLOOKUP(BHI25,SINAPI,2,0),IF(BHL25=\"SETOP\",VLOOKUP(BHI25,SETOP,3,0),IF(BHL25=\"CPU\",VLOOKUP(BHI25,COMPOSIÇÃO,2,0),VLOOKUP(BHI25,COTAÇÃO,3,0))))","v":"BOMBEIRO/ENCANADOR COM ENCARGOS COMPLEMENTARES"},null,"SETOP",{"$f":"IF(BHL25=\"SINAPI\",VLOOKUP(BHI25,SINAPI,3,0),IF(BHL25=\"SETOP\",VLOOKUP(BHI25,SETOP,4,0),IF(BHL25=\"CPU\",VLOOKUP(BHI25,COMPOSIÇÃO,5,0),VLOOKUP(BHI25,COTAÇÃO,8,0))))","v":"HORA"},0.5,{"$f":"IF(BHL25=\"SINAPI\",VLOOKUP(BHI25,SINAPI,4,0),IF(BHL25=\"SETOP\",VLOOKUP(BHI25,SETOP,5,0),IF(BHL25=\"CPU\",VLOOKUP(BHI25,COMPOSIÇÃO,8,0),VLOOKUP(BHI25,COTAÇÃO,11,0))))","v":19.149999999999999},{"$f":"BHN25*BHO25","v":9.5749999999999993},"ED-50374",{"$f":"IF(BHT25=\"SINAPI\",VLOOKUP(BHQ25,SINAPI,2,0),IF(BHT25=\"SETOP\",VLOOKUP(BHQ25,SETOP,3,0),IF(BHT25=\"CPU\",VLOOKUP(BHQ25,COMPOSIÇÃO,2,0),VLOOKUP(BHQ25,COTAÇÃO,3,0))))","v":"BOMBEIRO/ENCANADOR COM ENCARGOS COMPLEMENTARES"},null,"SETOP",{"$f":"IF(BHT25=\"SINAPI\",VLOOKUP(BHQ25,SINAPI,3,0),IF(BHT25=\"SETOP\",VLOOKUP(BHQ25,SETOP,4,0),IF(BHT25=\"CPU\",VLOOKUP(BHQ25,COMPOSIÇÃO,5,0),VLOOKUP(BHQ25,COTAÇÃO,8,0))))","v":"HORA"},0.5,{"$f":"IF(BHT25=\"SINAPI\",VLOOKUP(BHQ25,SINAPI,4,0),IF(BHT25=\"SETOP\",VLOOKUP(BHQ25,SETOP,5,0),IF(BHT25=\"CPU\",VLOOKUP(BHQ25,COMPOSIÇÃO,8,0),VLOOKUP(BHQ25,COTAÇÃO,11,0))))","v":19.149999999999999},{"$f":"BHV25*BHW25","v":9.5749999999999993},"ED-50374",{"$f":"IF(BIB25=\"SINAPI\",VLOOKUP(BHY25,SINAPI,2,0),IF(BIB25=\"SETOP\",VLOOKUP(BHY25,SETOP,3,0),IF(BIB25=\"CPU\",VLOOKUP(BHY25,COMPOSIÇÃO,2,0),VLOOKUP(BHY25,COTAÇÃO,3,0))))","v":"BOMBEIRO/ENCANADOR COM ENCARGOS COMPLEMENTARES"},null,"SETOP",{"$f":"IF(BIB25=\"SINAPI\",VLOOKUP(BHY25,SINAPI,3,0),IF(BIB25=\"SETOP\",VLOOKUP(BHY25,SETOP,4,0),IF(BIB25=\"CPU\",VLOOKUP(BHY25,COMPOSIÇÃO,5,0),VLOOKUP(BHY25,COTAÇÃO,8,0))))","v":"HORA"},0.5,{"$f":"IF(BIB25=\"SINAPI\",VLOOKUP(BHY25,SINAPI,4,0),IF(BIB25=\"SETOP\",VLOOKUP(BHY25,SETOP,5,0),IF(BIB25=\"CPU\",VLOOKUP(BHY25,COMPOSIÇÃO,8,0),VLOOKUP(BHY25,COTAÇÃO,11,0))))","v":19.149999999999999},{"$f":"BID25*BIE25","v":9.5749999999999993},"ED-50374",{"$f":"IF(BIJ25=\"SINAPI\",VLOOKUP(BIG25,SINAPI,2,0),IF(BIJ25=\"SETOP\",VLOOKUP(BIG25,SETOP,3,0),IF(BIJ25=\"CPU\",VLOOKUP(BIG25,COMPOSIÇÃO,2,0),VLOOKUP(BIG25,COTAÇÃO,3,0))))","v":"BOMBEIRO/ENCANADOR COM ENCARGOS COMPLEMENTARES"},null,"SETOP",{"$f":"IF(BIJ25=\"SINAPI\",VLOOKUP(BIG25,SINAPI,3,0),IF(BIJ25=\"SETOP\",VLOOKUP(BIG25,SETOP,4,0),IF(BIJ25=\"CPU\",VLOOKUP(BIG25,COMPOSIÇÃO,5,0),VLOOKUP(BIG25,COTAÇÃO,8,0))))","v":"HORA"},0.5,{"$f":"IF(BIJ25=\"SINAPI\",VLOOKUP(BIG25,SINAPI,4,0),IF(BIJ25=\"SETOP\",VLOOKUP(BIG25,SETOP,5,0),IF(BIJ25=\"CPU\",VLOOKUP(BIG25,COMPOSIÇÃO,8,0),VLOOKUP(BIG25,COTAÇÃO,11,0))))","v":19.149999999999999},{"$f":"BIL25*BIM25","v":9.5749999999999993},"ED-50374",{"$f":"IF(BIR25=\"SINAPI\",VLOOKUP(BIO25,SINAPI,2,0),IF(BIR25=\"SETOP\",VLOOKUP(BIO25,SETOP,3,0),IF(BIR25=\"CPU\",VLOOKUP(BIO25,COMPOSIÇÃO,2,0),VLOOKUP(BIO25,COTAÇÃO,3,0))))","v":"BOMBEIRO/ENCANADOR COM ENCARGOS COMPLEMENTARES"},null,"SETOP",{"$f":"IF(BIR25=\"SINAPI\",VLOOKUP(BIO25,SINAPI,3,0),IF(BIR25=\"SETOP\",VLOOKUP(BIO25,SETOP,4,0),IF(BIR25=\"CPU\",VLOOKUP(BIO25,COMPOSIÇÃO,5,0),VLOOKUP(BIO25,COTAÇÃO,8,0))))","v":"HORA"},0.5,{"$f":"IF(BIR25=\"SINAPI\",VLOOKUP(BIO25,SINAPI,4,0),IF(BIR25=\"SETOP\",VLOOKUP(BIO25,SETOP,5,0),IF(BIR25=\"CPU\",VLOOKUP(BIO25,COMPOSIÇÃO,8,0),VLOOKUP(BIO25,COTAÇÃO,11,0))))","v":19.149999999999999},{"$f":"BIT25*BIU25","v":9.5749999999999993},"ED-50374",{"$f":"IF(BIZ25=\"SINAPI\",VLOOKUP(BIW25,SINAPI,2,0),IF(BIZ25=\"SETOP\",VLOOKUP(BIW25,SETOP,3,0),IF(BIZ25=\"CPU\",VLOOKUP(BIW25,COMPOSIÇÃO,2,0),VLOOKUP(BIW25,COTAÇÃO,3,0))))","v":"BOMBEIRO/ENCANADOR COM ENCARGOS COMPLEMENTARES"},null,"SETOP",{"$f":"IF(BIZ25=\"SINAPI\",VLOOKUP(BIW25,SINAPI,3,0),IF(BIZ25=\"SETOP\",VLOOKUP(BIW25,SETOP,4,0),IF(BIZ25=\"CPU\",VLOOKUP(BIW25,COMPOSIÇÃO,5,0),VLOOKUP(BIW25,COTAÇÃO,8,0))))","v":"HORA"},0.5,{"$f":"IF(BIZ25=\"SINAPI\",VLOOKUP(BIW25,SINAPI,4,0),IF(BIZ25=\"SETOP\",VLOOKUP(BIW25,SETOP,5,0),IF(BIZ25=\"CPU\",VLOOKUP(BIW25,COMPOSIÇÃO,8,0),VLOOKUP(BIW25,COTAÇÃO,11,0))))","v":19.149999999999999},{"$f":"BJB25*BJC25","v":9.5749999999999993},"ED-50374",{"$f":"IF(BJH25=\"SINAPI\",VLOOKUP(BJE25,SINAPI,2,0),IF(BJH25=\"SETOP\",VLOOKUP(BJE25,SETOP,3,0),IF(BJH25=\"CPU\",VLOOKUP(BJE25,COMPOSIÇÃO,2,0),VLOOKUP(BJE25,COTAÇÃO,3,0))))","v":"BOMBEIRO/ENCANADOR COM ENCARGOS COMPLEMENTARES"},null,"SETOP",{"$f":"IF(BJH25=\"SINAPI\",VLOOKUP(BJE25,SINAPI,3,0),IF(BJH25=\"SETOP\",VLOOKUP(BJE25,SETOP,4,0),IF(BJH25=\"CPU\",VLOOKUP(BJE25,COMPOSIÇÃO,5,0),VLOOKUP(BJE25,COTAÇÃO,8,0))))","v":"HORA"},0.5,{"$f":"IF(BJH25=\"SINAPI\",VLOOKUP(BJE25,SINAPI,4,0),IF(BJH25=\"SETOP\",VLOOKUP(BJE25,SETOP,5,0),IF(BJH25=\"CPU\",VLOOKUP(BJE25,COMPOSIÇÃO,8,0),VLOOKUP(BJE25,COTAÇÃO,11,0))))","v":19.149999999999999},{"$f":"BJJ25*BJK25","v":9.5749999999999993},"ED-50374",{"$f":"IF(BJP25=\"SINAPI\",VLOOKUP(BJM25,SINAPI,2,0),IF(BJP25=\"SETOP\",VLOOKUP(BJM25,SETOP,3,0),IF(BJP25=\"CPU\",VLOOKUP(BJM25,COMPOSIÇÃO,2,0),VLOOKUP(BJM25,COTAÇÃO,3,0))))","v":"BOMBEIRO/ENCANADOR COM ENCARGOS COMPLEMENTARES"},null,"SETOP",{"$f":"IF(BJP25=\"SINAPI\",VLOOKUP(BJM25,SINAPI,3,0),IF(BJP25=\"SETOP\",VLOOKUP(BJM25,SETOP,4,0),IF(BJP25=\"CPU\",VLOOKUP(BJM25,COMPOSIÇÃO,5,0),VLOOKUP(BJM25,COTAÇÃO,8,0))))","v":"HORA"},0.5,{"$f":"IF(BJP25=\"SINAPI\",VLOOKUP(BJM25,SINAPI,4,0),IF(BJP25=\"SETOP\",VLOOKUP(BJM25,SETOP,5,0),IF(BJP25=\"CPU\",VLOOKUP(BJM25,COMPOSIÇÃO,8,0),VLOOKUP(BJM25,COTAÇÃO,11,0))))","v":19.149999999999999},{"$f":"BJR25*BJS25","v":9.5749999999999993},"ED-50374",{"$f":"IF(BJX25=\"SINAPI\",VLOOKUP(BJU25,SINAPI,2,0),IF(BJX25=\"SETOP\",VLOOKUP(BJU25,SETOP,3,0),IF(BJX25=\"CPU\",VLOOKUP(BJU25,COMPOSIÇÃO,2,0),VLOOKUP(BJU25,COTAÇÃO,3,0))))","v":"BOMBEIRO/ENCANADOR COM ENCARGOS COMPLEMENTARES"},null,"SETOP",{"$f":"IF(BJX25=\"SINAPI\",VLOOKUP(BJU25,SINAPI,3,0),IF(BJX25=\"SETOP\",VLOOKUP(BJU25,SETOP,4,0),IF(BJX25=\"CPU\",VLOOKUP(BJU25,COMPOSIÇÃO,5,0),VLOOKUP(BJU25,COTAÇÃO,8,0))))","v":"HORA"},0.5,{"$f":"IF(BJX25=\"SINAPI\",VLOOKUP(BJU25,SINAPI,4,0),IF(BJX25=\"SETOP\",VLOOKUP(BJU25,SETOP,5,0),IF(BJX25=\"CPU\",VLOOKUP(BJU25,COMPOSIÇÃO,8,0),VLOOKUP(BJU25,COTAÇÃO,11,0))))","v":19.149999999999999},{"$f":"BJZ25*BKA25","v":9.5749999999999993},"ED-50374",{"$f":"IF(BKF25=\"SINAPI\",VLOOKUP(BKC25,SINAPI,2,0),IF(BKF25=\"SETOP\",VLOOKUP(BKC25,SETOP,3,0),IF(BKF25=\"CPU\",VLOOKUP(BKC25,COMPOSIÇÃO,2,0),VLOOKUP(BKC25,COTAÇÃO,3,0))))","v":"BOMBEIRO/ENCANADOR COM ENCARGOS COMPLEMENTARES"},null,"SETOP",{"$f":"IF(BKF25=\"SINAPI\",VLOOKUP(BKC25,SINAPI,3,0),IF(BKF25=\"SETOP\",VLOOKUP(BKC25,SETOP,4,0),IF(BKF25=\"CPU\",VLOOKUP(BKC25,COMPOSIÇÃO,5,0),VLOOKUP(BKC25,COTAÇÃO,8,0))))","v":"HORA"},0.5,{"$f":"IF(BKF25=\"SINAPI\",VLOOKUP(BKC25,SINAPI,4,0),IF(BKF25=\"SETOP\",VLOOKUP(BKC25,SETOP,5,0),IF(BKF25=\"CPU\",VLOOKUP(BKC25,COMPOSIÇÃO,8,0),VLOOKUP(BKC25,COTAÇÃO,11,0))))","v":19.149999999999999},{"$f":"BKH25*BKI25","v":9.5749999999999993},"ED-50374",{"$f":"IF(BKN25=\"SINAPI\",VLOOKUP(BKK25,SINAPI,2,0),IF(BKN25=\"SETOP\",VLOOKUP(BKK25,SETOP,3,0),IF(BKN25=\"CPU\",VLOOKUP(BKK25,COMPOSIÇÃO,2,0),VLOOKUP(BKK25,COTAÇÃO,3,0))))","v":"BOMBEIRO/ENCANADOR COM ENCARGOS COMPLEMENTARES"},null,"SETOP",{"$f":"IF(BKN25=\"SINAPI\",VLOOKUP(BKK25,SINAPI,3,0),IF(BKN25=\"SETOP\",VLOOKUP(BKK25,SETOP,4,0),IF(BKN25=\"CPU\",VLOOKUP(BKK25,COMPOSIÇÃO,5,0),VLOOKUP(BKK25,COTAÇÃO,8,0))))","v":"HORA"},0.5,{"$f":"IF(BKN25=\"SINAPI\",VLOOKUP(BKK25,SINAPI,4,0),IF(BKN25=\"SETOP\",VLOOKUP(BKK25,SETOP,5,0),IF(BKN25=\"CPU\",VLOOKUP(BKK25,COMPOSIÇÃO,8,0),VLOOKUP(BKK25,COTAÇÃO,11,0))))","v":19.149999999999999},{"$f":"BKP25*BKQ25","v":9.5749999999999993},"ED-50374",{"$f":"IF(BKV25=\"SINAPI\",VLOOKUP(BKS25,SINAPI,2,0),IF(BKV25=\"SETOP\",VLOOKUP(BKS25,SETOP,3,0),IF(BKV25=\"CPU\",VLOOKUP(BKS25,COMPOSIÇÃO,2,0),VLOOKUP(BKS25,COTAÇÃO,3,0))))","v":"BOMBEIRO/ENCANADOR COM ENCARGOS COMPLEMENTARES"},null,"SETOP",{"$f":"IF(BKV25=\"SINAPI\",VLOOKUP(BKS25,SINAPI,3,0),IF(BKV25=\"SETOP\",VLOOKUP(BKS25,SETOP,4,0),IF(BKV25=\"CPU\",VLOOKUP(BKS25,COMPOSIÇÃO,5,0),VLOOKUP(BKS25,COTAÇÃO,8,0))))","v":"HORA"},0.5,{"$f":"IF(BKV25=\"SINAPI\",VLOOKUP(BKS25,SINAPI,4,0),IF(BKV25=\"SETOP\",VLOOKUP(BKS25,SETOP,5,0),IF(BKV25=\"CPU\",VLOOKUP(BKS25,COMPOSIÇÃO,8,0),VLOOKUP(BKS25,COTAÇÃO,11,0))))","v":19.149999999999999},{"$f":"BKX25*BKY25","v":9.5749999999999993},"ED-50374",{"$f":"IF(BLD25=\"SINAPI\",VLOOKUP(BLA25,SINAPI,2,0),IF(BLD25=\"SETOP\",VLOOKUP(BLA25,SETOP,3,0),IF(BLD25=\"CPU\",VLOOKUP(BLA25,COMPOSIÇÃO,2,0),VLOOKUP(BLA25,COTAÇÃO,3,0))))","v":"BOMBEIRO/ENCANADOR COM ENCARGOS COMPLEMENTARES"},null,"SETOP",{"$f":"IF(BLD25=\"SINAPI\",VLOOKUP(BLA25,SINAPI,3,0),IF(BLD25=\"SETOP\",VLOOKUP(BLA25,SETOP,4,0),IF(BLD25=\"CPU\",VLOOKUP(BLA25,COMPOSIÇÃO,5,0),VLOOKUP(BLA25,COTAÇÃO,8,0))))","v":"HORA"},0.5,{"$f":"IF(BLD25=\"SINAPI\",VLOOKUP(BLA25,SINAPI,4,0),IF(BLD25=\"SETOP\",VLOOKUP(BLA25,SETOP,5,0),IF(BLD25=\"CPU\",VLOOKUP(BLA25,COMPOSIÇÃO,8,0),VLOOKUP(BLA25,COTAÇÃO,11,0))))","v":19.149999999999999},{"$f":"BLF25*BLG25","v":9.5749999999999993},"ED-50374",{"$f":"IF(BLL25=\"SINAPI\",VLOOKUP(BLI25,SINAPI,2,0),IF(BLL25=\"SETOP\",VLOOKUP(BLI25,SETOP,3,0),IF(BLL25=\"CPU\",VLOOKUP(BLI25,COMPOSIÇÃO,2,0),VLOOKUP(BLI25,COTAÇÃO,3,0))))","v":"BOMBEIRO/ENCANADOR COM ENCARGOS COMPLEMENTARES"},null,"SETOP",{"$f":"IF(BLL25=\"SINAPI\",VLOOKUP(BLI25,SINAPI,3,0),IF(BLL25=\"SETOP\",VLOOKUP(BLI25,SETOP,4,0),IF(BLL25=\"CPU\",VLOOKUP(BLI25,COMPOSIÇÃO,5,0),VLOOKUP(BLI25,COTAÇÃO,8,0))))","v":"HORA"},0.5,{"$f":"IF(BLL25=\"SINAPI\",VLOOKUP(BLI25,SINAPI,4,0),IF(BLL25=\"SETOP\",VLOOKUP(BLI25,SETOP,5,0),IF(BLL25=\"CPU\",VLOOKUP(BLI25,COMPOSIÇÃO,8,0),VLOOKUP(BLI25,COTAÇÃO,11,0))))","v":19.149999999999999},{"$f":"BLN25*BLO25","v":9.5749999999999993},"ED-50374",{"$f":"IF(BLT25=\"SINAPI\",VLOOKUP(BLQ25,SINAPI,2,0),IF(BLT25=\"SETOP\",VLOOKUP(BLQ25,SETOP,3,0),IF(BLT25=\"CPU\",VLOOKUP(BLQ25,COMPOSIÇÃO,2,0),VLOOKUP(BLQ25,COTAÇÃO,3,0))))","v":"BOMBEIRO/ENCANADOR COM ENCARGOS COMPLEMENTARES"},null,"SETOP",{"$f":"IF(BLT25=\"SINAPI\",VLOOKUP(BLQ25,SINAPI,3,0),IF(BLT25=\"SETOP\",VLOOKUP(BLQ25,SETOP,4,0),IF(BLT25=\"CPU\",VLOOKUP(BLQ25,COMPOSIÇÃO,5,0),VLOOKUP(BLQ25,COTAÇÃO,8,0))))","v":"HORA"},0.5,{"$f":"IF(BLT25=\"SINAPI\",VLOOKUP(BLQ25,SINAPI,4,0),IF(BLT25=\"SETOP\",VLOOKUP(BLQ25,SETOP,5,0),IF(BLT25=\"CPU\",VLOOKUP(BLQ25,COMPOSIÇÃO,8,0),VLOOKUP(BLQ25,COTAÇÃO,11,0))))","v":19.149999999999999},{"$f":"BLV25*BLW25","v":9.5749999999999993},"ED-50374",{"$f":"IF(BMB25=\"SINAPI\",VLOOKUP(BLY25,SINAPI,2,0),IF(BMB25=\"SETOP\",VLOOKUP(BLY25,SETOP,3,0),IF(BMB25=\"CPU\",VLOOKUP(BLY25,COMPOSIÇÃO,2,0),VLOOKUP(BLY25,COTAÇÃO,3,0))))","v":"BOMBEIRO/ENCANADOR COM ENCARGOS COMPLEMENTARES"},null,"SETOP",{"$f":"IF(BMB25=\"SINAPI\",VLOOKUP(BLY25,SINAPI,3,0),IF(BMB25=\"SETOP\",VLOOKUP(BLY25,SETOP,4,0),IF(BMB25=\"CPU\",VLOOKUP(BLY25,COMPOSIÇÃO,5,0),VLOOKUP(BLY25,COTAÇÃO,8,0))))","v":"HORA"},0.5,{"$f":"IF(BMB25=\"SINAPI\",VLOOKUP(BLY25,SINAPI,4,0),IF(BMB25=\"SETOP\",VLOOKUP(BLY25,SETOP,5,0),IF(BMB25=\"CPU\",VLOOKUP(BLY25,COMPOSIÇÃO,8,0),VLOOKUP(BLY25,COTAÇÃO,11,0))))","v":19.149999999999999},{"$f":"BMD25*BME25","v":9.5749999999999993},"ED-50374",{"$f":"IF(BMJ25=\"SINAPI\",VLOOKUP(BMG25,SINAPI,2,0),IF(BMJ25=\"SETOP\",VLOOKUP(BMG25,SETOP,3,0),IF(BMJ25=\"CPU\",VLOOKUP(BMG25,COMPOSIÇÃO,2,0),VLOOKUP(BMG25,COTAÇÃO,3,0))))","v":"BOMBEIRO/ENCANADOR COM ENCARGOS COMPLEMENTARES"},null,"SETOP",{"$f":"IF(BMJ25=\"SINAPI\",VLOOKUP(BMG25,SINAPI,3,0),IF(BMJ25=\"SETOP\",VLOOKUP(BMG25,SETOP,4,0),IF(BMJ25=\"CPU\",VLOOKUP(BMG25,COMPOSIÇÃO,5,0),VLOOKUP(BMG25,COTAÇÃO,8,0))))","v":"HORA"},0.5,{"$f":"IF(BMJ25=\"SINAPI\",VLOOKUP(BMG25,SINAPI,4,0),IF(BMJ25=\"SETOP\",VLOOKUP(BMG25,SETOP,5,0),IF(BMJ25=\"CPU\",VLOOKUP(BMG25,COMPOSIÇÃO,8,0),VLOOKUP(BMG25,COTAÇÃO,11,0))))","v":19.149999999999999},{"$f":"BML25*BMM25","v":9.5749999999999993},"ED-50374",{"$f":"IF(BMR25=\"SINAPI\",VLOOKUP(BMO25,SINAPI,2,0),IF(BMR25=\"SETOP\",VLOOKUP(BMO25,SETOP,3,0),IF(BMR25=\"CPU\",VLOOKUP(BMO25,COMPOSIÇÃO,2,0),VLOOKUP(BMO25,COTAÇÃO,3,0))))","v":"BOMBEIRO/ENCANADOR COM ENCARGOS COMPLEMENTARES"},null,"SETOP",{"$f":"IF(BMR25=\"SINAPI\",VLOOKUP(BMO25,SINAPI,3,0),IF(BMR25=\"SETOP\",VLOOKUP(BMO25,SETOP,4,0),IF(BMR25=\"CPU\",VLOOKUP(BMO25,COMPOSIÇÃO,5,0),VLOOKUP(BMO25,COTAÇÃO,8,0))))","v":"HORA"},0.5,{"$f":"IF(BMR25=\"SINAPI\",VLOOKUP(BMO25,SINAPI,4,0),IF(BMR25=\"SETOP\",VLOOKUP(BMO25,SETOP,5,0),IF(BMR25=\"CPU\",VLOOKUP(BMO25,COMPOSIÇÃO,8,0),VLOOKUP(BMO25,COTAÇÃO,11,0))))","v":19.149999999999999},{"$f":"BMT25*BMU25","v":9.5749999999999993},"ED-50374",{"$f":"IF(BMZ25=\"SINAPI\",VLOOKUP(BMW25,SINAPI,2,0),IF(BMZ25=\"SETOP\",VLOOKUP(BMW25,SETOP,3,0),IF(BMZ25=\"CPU\",VLOOKUP(BMW25,COMPOSIÇÃO,2,0),VLOOKUP(BMW25,COTAÇÃO,3,0))))","v":"BOMBEIRO/ENCANADOR COM ENCARGOS COMPLEMENTARES"},null,"SETOP",{"$f":"IF(BMZ25=\"SINAPI\",VLOOKUP(BMW25,SINAPI,3,0),IF(BMZ25=\"SETOP\",VLOOKUP(BMW25,SETOP,4,0),IF(BMZ25=\"CPU\",VLOOKUP(BMW25,COMPOSIÇÃO,5,0),VLOOKUP(BMW25,COTAÇÃO,8,0))))","v":"HORA"},0.5,{"$f":"IF(BMZ25=\"SINAPI\",VLOOKUP(BMW25,SINAPI,4,0),IF(BMZ25=\"SETOP\",VLOOKUP(BMW25,SETOP,5,0),IF(BMZ25=\"CPU\",VLOOKUP(BMW25,COMPOSIÇÃO,8,0),VLOOKUP(BMW25,COTAÇÃO,11,0))))","v":19.149999999999999},{"$f":"BNB25*BNC25","v":9.5749999999999993},"ED-50374",{"$f":"IF(BNH25=\"SINAPI\",VLOOKUP(BNE25,SINAPI,2,0),IF(BNH25=\"SETOP\",VLOOKUP(BNE25,SETOP,3,0),IF(BNH25=\"CPU\",VLOOKUP(BNE25,COMPOSIÇÃO,2,0),VLOOKUP(BNE25,COTAÇÃO,3,0))))","v":"BOMBEIRO/ENCANADOR COM ENCARGOS COMPLEMENTARES"},null,"SETOP",{"$f":"IF(BNH25=\"SINAPI\",VLOOKUP(BNE25,SINAPI,3,0),IF(BNH25=\"SETOP\",VLOOKUP(BNE25,SETOP,4,0),IF(BNH25=\"CPU\",VLOOKUP(BNE25,COMPOSIÇÃO,5,0),VLOOKUP(BNE25,COTAÇÃO,8,0))))","v":"HORA"},0.5,{"$f":"IF(BNH25=\"SINAPI\",VLOOKUP(BNE25,SINAPI,4,0),IF(BNH25=\"SETOP\",VLOOKUP(BNE25,SETOP,5,0),IF(BNH25=\"CPU\",VLOOKUP(BNE25,COMPOSIÇÃO,8,0),VLOOKUP(BNE25,COTAÇÃO,11,0))))","v":19.149999999999999},{"$f":"BNJ25*BNK25","v":9.5749999999999993},"ED-50374",{"$f":"IF(BNP25=\"SINAPI\",VLOOKUP(BNM25,SINAPI,2,0),IF(BNP25=\"SETOP\",VLOOKUP(BNM25,SETOP,3,0),IF(BNP25=\"CPU\",VLOOKUP(BNM25,COMPOSIÇÃO,2,0),VLOOKUP(BNM25,COTAÇÃO,3,0))))","v":"BOMBEIRO/ENCANADOR COM ENCARGOS COMPLEMENTARES"},null,"SETOP",{"$f":"IF(BNP25=\"SINAPI\",VLOOKUP(BNM25,SINAPI,3,0),IF(BNP25=\"SETOP\",VLOOKUP(BNM25,SETOP,4,0),IF(BNP25=\"CPU\",VLOOKUP(BNM25,COMPOSIÇÃO,5,0),VLOOKUP(BNM25,COTAÇÃO,8,0))))","v":"HORA"},0.5,{"$f":"IF(BNP25=\"SINAPI\",VLOOKUP(BNM25,SINAPI,4,0),IF(BNP25=\"SETOP\",VLOOKUP(BNM25,SETOP,5,0),IF(BNP25=\"CPU\",VLOOKUP(BNM25,COMPOSIÇÃO,8,0),VLOOKUP(BNM25,COTAÇÃO,11,0))))","v":19.149999999999999},{"$f":"BNR25*BNS25","v":9.5749999999999993},"ED-50374",{"$f":"IF(BNX25=\"SINAPI\",VLOOKUP(BNU25,SINAPI,2,0),IF(BNX25=\"SETOP\",VLOOKUP(BNU25,SETOP,3,0),IF(BNX25=\"CPU\",VLOOKUP(BNU25,COMPOSIÇÃO,2,0),VLOOKUP(BNU25,COTAÇÃO,3,0))))","v":"BOMBEIRO/ENCANADOR COM ENCARGOS COMPLEMENTARES"},null,"SETOP",{"$f":"IF(BNX25=\"SINAPI\",VLOOKUP(BNU25,SINAPI,3,0),IF(BNX25=\"SETOP\",VLOOKUP(BNU25,SETOP,4,0),IF(BNX25=\"CPU\",VLOOKUP(BNU25,COMPOSIÇÃO,5,0),VLOOKUP(BNU25,COTAÇÃO,8,0))))","v":"HORA"},0.5,{"$f":"IF(BNX25=\"SINAPI\",VLOOKUP(BNU25,SINAPI,4,0),IF(BNX25=\"SETOP\",VLOOKUP(BNU25,SETOP,5,0),IF(BNX25=\"CPU\",VLOOKUP(BNU25,COMPOSIÇÃO,8,0),VLOOKUP(BNU25,COTAÇÃO,11,0))))","v":19.149999999999999},{"$f":"BNZ25*BOA25","v":9.5749999999999993},"ED-50374",{"$f":"IF(BOF25=\"SINAPI\",VLOOKUP(BOC25,SINAPI,2,0),IF(BOF25=\"SETOP\",VLOOKUP(BOC25,SETOP,3,0),IF(BOF25=\"CPU\",VLOOKUP(BOC25,COMPOSIÇÃO,2,0),VLOOKUP(BOC25,COTAÇÃO,3,0))))","v":"BOMBEIRO/ENCANADOR COM ENCARGOS COMPLEMENTARES"},null,"SETOP",{"$f":"IF(BOF25=\"SINAPI\",VLOOKUP(BOC25,SINAPI,3,0),IF(BOF25=\"SETOP\",VLOOKUP(BOC25,SETOP,4,0),IF(BOF25=\"CPU\",VLOOKUP(BOC25,COMPOSIÇÃO,5,0),VLOOKUP(BOC25,COTAÇÃO,8,0))))","v":"HORA"},0.5,{"$f":"IF(BOF25=\"SINAPI\",VLOOKUP(BOC25,SINAPI,4,0),IF(BOF25=\"SETOP\",VLOOKUP(BOC25,SETOP,5,0),IF(BOF25=\"CPU\",VLOOKUP(BOC25,COMPOSIÇÃO,8,0),VLOOKUP(BOC25,COTAÇÃO,11,0))))","v":19.149999999999999},{"$f":"BOH25*BOI25","v":9.5749999999999993},"ED-50374",{"$f":"IF(BON25=\"SINAPI\",VLOOKUP(BOK25,SINAPI,2,0),IF(BON25=\"SETOP\",VLOOKUP(BOK25,SETOP,3,0),IF(BON25=\"CPU\",VLOOKUP(BOK25,COMPOSIÇÃO,2,0),VLOOKUP(BOK25,COTAÇÃO,3,0))))","v":"BOMBEIRO/ENCANADOR COM ENCARGOS COMPLEMENTARES"},null,"SETOP",{"$f":"IF(BON25=\"SINAPI\",VLOOKUP(BOK25,SINAPI,3,0),IF(BON25=\"SETOP\",VLOOKUP(BOK25,SETOP,4,0),IF(BON25=\"CPU\",VLOOKUP(BOK25,COMPOSIÇÃO,5,0),VLOOKUP(BOK25,COTAÇÃO,8,0))))","v":"HORA"},0.5,{"$f":"IF(BON25=\"SINAPI\",VLOOKUP(BOK25,SINAPI,4,0),IF(BON25=\"SETOP\",VLOOKUP(BOK25,SETOP,5,0),IF(BON25=\"CPU\",VLOOKUP(BOK25,COMPOSIÇÃO,8,0),VLOOKUP(BOK25,COTAÇÃO,11,0))))","v":19.149999999999999},{"$f":"BOP25*BOQ25","v":9.5749999999999993},"ED-50374",{"$f":"IF(BOV25=\"SINAPI\",VLOOKUP(BOS25,SINAPI,2,0),IF(BOV25=\"SETOP\",VLOOKUP(BOS25,SETOP,3,0),IF(BOV25=\"CPU\",VLOOKUP(BOS25,COMPOSIÇÃO,2,0),VLOOKUP(BOS25,COTAÇÃO,3,0))))","v":"BOMBEIRO/ENCANADOR COM ENCARGOS COMPLEMENTARES"},null,"SETOP",{"$f":"IF(BOV25=\"SINAPI\",VLOOKUP(BOS25,SINAPI,3,0),IF(BOV25=\"SETOP\",VLOOKUP(BOS25,SETOP,4,0),IF(BOV25=\"CPU\",VLOOKUP(BOS25,COMPOSIÇÃO,5,0),VLOOKUP(BOS25,COTAÇÃO,8,0))))","v":"HORA"},0.5,{"$f":"IF(BOV25=\"SINAPI\",VLOOKUP(BOS25,SINAPI,4,0),IF(BOV25=\"SETOP\",VLOOKUP(BOS25,SETOP,5,0),IF(BOV25=\"CPU\",VLOOKUP(BOS25,COMPOSIÇÃO,8,0),VLOOKUP(BOS25,COTAÇÃO,11,0))))","v":19.149999999999999},{"$f":"BOX25*BOY25","v":9.5749999999999993},"ED-50374",{"$f":"IF(BPD25=\"SINAPI\",VLOOKUP(BPA25,SINAPI,2,0),IF(BPD25=\"SETOP\",VLOOKUP(BPA25,SETOP,3,0),IF(BPD25=\"CPU\",VLOOKUP(BPA25,COMPOSIÇÃO,2,0),VLOOKUP(BPA25,COTAÇÃO,3,0))))","v":"BOMBEIRO/ENCANADOR COM ENCARGOS COMPLEMENTARES"},null,"SETOP",{"$f":"IF(BPD25=\"SINAPI\",VLOOKUP(BPA25,SINAPI,3,0),IF(BPD25=\"SETOP\",VLOOKUP(BPA25,SETOP,4,0),IF(BPD25=\"CPU\",VLOOKUP(BPA25,COMPOSIÇÃO,5,0),VLOOKUP(BPA25,COTAÇÃO,8,0))))","v":"HORA"},0.5,{"$f":"IF(BPD25=\"SINAPI\",VLOOKUP(BPA25,SINAPI,4,0),IF(BPD25=\"SETOP\",VLOOKUP(BPA25,SETOP,5,0),IF(BPD25=\"CPU\",VLOOKUP(BPA25,COMPOSIÇÃO,8,0),VLOOKUP(BPA25,COTAÇÃO,11,0))))","v":19.149999999999999},{"$f":"BPF25*BPG25","v":9.5749999999999993},"ED-50374",{"$f":"IF(BPL25=\"SINAPI\",VLOOKUP(BPI25,SINAPI,2,0),IF(BPL25=\"SETOP\",VLOOKUP(BPI25,SETOP,3,0),IF(BPL25=\"CPU\",VLOOKUP(BPI25,COMPOSIÇÃO,2,0),VLOOKUP(BPI25,COTAÇÃO,3,0))))","v":"BOMBEIRO/ENCANADOR COM ENCARGOS COMPLEMENTARES"},null,"SETOP",{"$f":"IF(BPL25=\"SINAPI\",VLOOKUP(BPI25,SINAPI,3,0),IF(BPL25=\"SETOP\",VLOOKUP(BPI25,SETOP,4,0),IF(BPL25=\"CPU\",VLOOKUP(BPI25,COMPOSIÇÃO,5,0),VLOOKUP(BPI25,COTAÇÃO,8,0))))","v":"HORA"},0.5,{"$f":"IF(BPL25=\"SINAPI\",VLOOKUP(BPI25,SINAPI,4,0),IF(BPL25=\"SETOP\",VLOOKUP(BPI25,SETOP,5,0),IF(BPL25=\"CPU\",VLOOKUP(BPI25,COMPOSIÇÃO,8,0),VLOOKUP(BPI25,COTAÇÃO,11,0))))","v":19.149999999999999},{"$f":"BPN25*BPO25","v":9.5749999999999993},"ED-50374",{"$f":"IF(BPT25=\"SINAPI\",VLOOKUP(BPQ25,SINAPI,2,0),IF(BPT25=\"SETOP\",VLOOKUP(BPQ25,SETOP,3,0),IF(BPT25=\"CPU\",VLOOKUP(BPQ25,COMPOSIÇÃO,2,0),VLOOKUP(BPQ25,COTAÇÃO,3,0))))","v":"BOMBEIRO/ENCANADOR COM ENCARGOS COMPLEMENTARES"},null,"SETOP",{"$f":"IF(BPT25=\"SINAPI\",VLOOKUP(BPQ25,SINAPI,3,0),IF(BPT25=\"SETOP\",VLOOKUP(BPQ25,SETOP,4,0),IF(BPT25=\"CPU\",VLOOKUP(BPQ25,COMPOSIÇÃO,5,0),VLOOKUP(BPQ25,COTAÇÃO,8,0))))","v":"HORA"},0.5,{"$f":"IF(BPT25=\"SINAPI\",VLOOKUP(BPQ25,SINAPI,4,0),IF(BPT25=\"SETOP\",VLOOKUP(BPQ25,SETOP,5,0),IF(BPT25=\"CPU\",VLOOKUP(BPQ25,COMPOSIÇÃO,8,0),VLOOKUP(BPQ25,COTAÇÃO,11,0))))","v":19.149999999999999},{"$f":"BPV25*BPW25","v":9.5749999999999993},"ED-50374",{"$f":"IF(BQB25=\"SINAPI\",VLOOKUP(BPY25,SINAPI,2,0),IF(BQB25=\"SETOP\",VLOOKUP(BPY25,SETOP,3,0),IF(BQB25=\"CPU\",VLOOKUP(BPY25,COMPOSIÇÃO,2,0),VLOOKUP(BPY25,COTAÇÃO,3,0))))","v":"BOMBEIRO/ENCANADOR COM ENCARGOS COMPLEMENTARES"},null,"SETOP",{"$f":"IF(BQB25=\"SINAPI\",VLOOKUP(BPY25,SINAPI,3,0),IF(BQB25=\"SETOP\",VLOOKUP(BPY25,SETOP,4,0),IF(BQB25=\"CPU\",VLOOKUP(BPY25,COMPOSIÇÃO,5,0),VLOOKUP(BPY25,COTAÇÃO,8,0))))","v":"HORA"},0.5,{"$f":"IF(BQB25=\"SINAPI\",VLOOKUP(BPY25,SINAPI,4,0),IF(BQB25=\"SETOP\",VLOOKUP(BPY25,SETOP,5,0),IF(BQB25=\"CPU\",VLOOKUP(BPY25,COMPOSIÇÃO,8,0),VLOOKUP(BPY25,COTAÇÃO,11,0))))","v":19.149999999999999},{"$f":"BQD25*BQE25","v":9.5749999999999993},"ED-50374",{"$f":"IF(BQJ25=\"SINAPI\",VLOOKUP(BQG25,SINAPI,2,0),IF(BQJ25=\"SETOP\",VLOOKUP(BQG25,SETOP,3,0),IF(BQJ25=\"CPU\",VLOOKUP(BQG25,COMPOSIÇÃO,2,0),VLOOKUP(BQG25,COTAÇÃO,3,0))))","v":"BOMBEIRO/ENCANADOR COM ENCARGOS COMPLEMENTARES"},null,"SETOP",{"$f":"IF(BQJ25=\"SINAPI\",VLOOKUP(BQG25,SINAPI,3,0),IF(BQJ25=\"SETOP\",VLOOKUP(BQG25,SETOP,4,0),IF(BQJ25=\"CPU\",VLOOKUP(BQG25,COMPOSIÇÃO,5,0),VLOOKUP(BQG25,COTAÇÃO,8,0))))","v":"HORA"},0.5,{"$f":"IF(BQJ25=\"SINAPI\",VLOOKUP(BQG25,SINAPI,4,0),IF(BQJ25=\"SETOP\",VLOOKUP(BQG25,SETOP,5,0),IF(BQJ25=\"CPU\",VLOOKUP(BQG25,COMPOSIÇÃO,8,0),VLOOKUP(BQG25,COTAÇÃO,11,0))))","v":19.149999999999999},{"$f":"BQL25*BQM25","v":9.5749999999999993},"ED-50374",{"$f":"IF(BQR25=\"SINAPI\",VLOOKUP(BQO25,SINAPI,2,0),IF(BQR25=\"SETOP\",VLOOKUP(BQO25,SETOP,3,0),IF(BQR25=\"CPU\",VLOOKUP(BQO25,COMPOSIÇÃO,2,0),VLOOKUP(BQO25,COTAÇÃO,3,0))))","v":"BOMBEIRO/ENCANADOR COM ENCARGOS COMPLEMENTARES"},null,"SETOP",{"$f":"IF(BQR25=\"SINAPI\",VLOOKUP(BQO25,SINAPI,3,0),IF(BQR25=\"SETOP\",VLOOKUP(BQO25,SETOP,4,0),IF(BQR25=\"CPU\",VLOOKUP(BQO25,COMPOSIÇÃO,5,0),VLOOKUP(BQO25,COTAÇÃO,8,0))))","v":"HORA"},0.5,{"$f":"IF(BQR25=\"SINAPI\",VLOOKUP(BQO25,SINAPI,4,0),IF(BQR25=\"SETOP\",VLOOKUP(BQO25,SETOP,5,0),IF(BQR25=\"CPU\",VLOOKUP(BQO25,COMPOSIÇÃO,8,0),VLOOKUP(BQO25,COTAÇÃO,11,0))))","v":19.149999999999999},{"$f":"BQT25*BQU25","v":9.5749999999999993},"ED-50374",{"$f":"IF(BQZ25=\"SINAPI\",VLOOKUP(BQW25,SINAPI,2,0),IF(BQZ25=\"SETOP\",VLOOKUP(BQW25,SETOP,3,0),IF(BQZ25=\"CPU\",VLOOKUP(BQW25,COMPOSIÇÃO,2,0),VLOOKUP(BQW25,COTAÇÃO,3,0))))","v":"BOMBEIRO/ENCANADOR COM ENCARGOS COMPLEMENTARES"},null,"SETOP",{"$f":"IF(BQZ25=\"SINAPI\",VLOOKUP(BQW25,SINAPI,3,0),IF(BQZ25=\"SETOP\",VLOOKUP(BQW25,SETOP,4,0),IF(BQZ25=\"CPU\",VLOOKUP(BQW25,COMPOSIÇÃO,5,0),VLOOKUP(BQW25,COTAÇÃO,8,0))))","v":"HORA"},0.5,{"$f":"IF(BQZ25=\"SINAPI\",VLOOKUP(BQW25,SINAPI,4,0),IF(BQZ25=\"SETOP\",VLOOKUP(BQW25,SETOP,5,0),IF(BQZ25=\"CPU\",VLOOKUP(BQW25,COMPOSIÇÃO,8,0),VLOOKUP(BQW25,COTAÇÃO,11,0))))","v":19.149999999999999},{"$f":"BRB25*BRC25","v":9.5749999999999993},"ED-50374",{"$f":"IF(BRH25=\"SINAPI\",VLOOKUP(BRE25,SINAPI,2,0),IF(BRH25=\"SETOP\",VLOOKUP(BRE25,SETOP,3,0),IF(BRH25=\"CPU\",VLOOKUP(BRE25,COMPOSIÇÃO,2,0),VLOOKUP(BRE25,COTAÇÃO,3,0))))","v":"BOMBEIRO/ENCANADOR COM ENCARGOS COMPLEMENTARES"},null,"SETOP",{"$f":"IF(BRH25=\"SINAPI\",VLOOKUP(BRE25,SINAPI,3,0),IF(BRH25=\"SETOP\",VLOOKUP(BRE25,SETOP,4,0),IF(BRH25=\"CPU\",VLOOKUP(BRE25,COMPOSIÇÃO,5,0),VLOOKUP(BRE25,COTAÇÃO,8,0))))","v":"HORA"},0.5,{"$f":"IF(BRH25=\"SINAPI\",VLOOKUP(BRE25,SINAPI,4,0),IF(BRH25=\"SETOP\",VLOOKUP(BRE25,SETOP,5,0),IF(BRH25=\"CPU\",VLOOKUP(BRE25,COMPOSIÇÃO,8,0),VLOOKUP(BRE25,COTAÇÃO,11,0))))","v":19.149999999999999},{"$f":"BRJ25*BRK25","v":9.5749999999999993},"ED-50374",{"$f":"IF(BRP25=\"SINAPI\",VLOOKUP(BRM25,SINAPI,2,0),IF(BRP25=\"SETOP\",VLOOKUP(BRM25,SETOP,3,0),IF(BRP25=\"CPU\",VLOOKUP(BRM25,COMPOSIÇÃO,2,0),VLOOKUP(BRM25,COTAÇÃO,3,0))))","v":"BOMBEIRO/ENCANADOR COM ENCARGOS COMPLEMENTARES"},null,"SETOP",{"$f":"IF(BRP25=\"SINAPI\",VLOOKUP(BRM25,SINAPI,3,0),IF(BRP25=\"SETOP\",VLOOKUP(BRM25,SETOP,4,0),IF(BRP25=\"CPU\",VLOOKUP(BRM25,COMPOSIÇÃO,5,0),VLOOKUP(BRM25,COTAÇÃO,8,0))))","v":"HORA"},0.5,{"$f":"IF(BRP25=\"SINAPI\",VLOOKUP(BRM25,SINAPI,4,0),IF(BRP25=\"SETOP\",VLOOKUP(BRM25,SETOP,5,0),IF(BRP25=\"CPU\",VLOOKUP(BRM25,COMPOSIÇÃO,8,0),VLOOKUP(BRM25,COTAÇÃO,11,0))))","v":19.149999999999999},{"$f":"BRR25*BRS25","v":9.5749999999999993},"ED-50374",{"$f":"IF(BRX25=\"SINAPI\",VLOOKUP(BRU25,SINAPI,2,0),IF(BRX25=\"SETOP\",VLOOKUP(BRU25,SETOP,3,0),IF(BRX25=\"CPU\",VLOOKUP(BRU25,COMPOSIÇÃO,2,0),VLOOKUP(BRU25,COTAÇÃO,3,0))))","v":"BOMBEIRO/ENCANADOR COM ENCARGOS COMPLEMENTARES"},null,"SETOP",{"$f":"IF(BRX25=\"SINAPI\",VLOOKUP(BRU25,SINAPI,3,0),IF(BRX25=\"SETOP\",VLOOKUP(BRU25,SETOP,4,0),IF(BRX25=\"CPU\",VLOOKUP(BRU25,COMPOSIÇÃO,5,0),VLOOKUP(BRU25,COTAÇÃO,8,0))))","v":"HORA"},0.5,{"$f":"IF(BRX25=\"SINAPI\",VLOOKUP(BRU25,SINAPI,4,0),IF(BRX25=\"SETOP\",VLOOKUP(BRU25,SETOP,5,0),IF(BRX25=\"CPU\",VLOOKUP(BRU25,COMPOSIÇÃO,8,0),VLOOKUP(BRU25,COTAÇÃO,11,0))))","v":19.149999999999999},{"$f":"BRZ25*BSA25","v":9.5749999999999993},"ED-50374",{"$f":"IF(BSF25=\"SINAPI\",VLOOKUP(BSC25,SINAPI,2,0),IF(BSF25=\"SETOP\",VLOOKUP(BSC25,SETOP,3,0),IF(BSF25=\"CPU\",VLOOKUP(BSC25,COMPOSIÇÃO,2,0),VLOOKUP(BSC25,COTAÇÃO,3,0))))","v":"BOMBEIRO/ENCANADOR COM ENCARGOS COMPLEMENTARES"},null,"SETOP",{"$f":"IF(BSF25=\"SINAPI\",VLOOKUP(BSC25,SINAPI,3,0),IF(BSF25=\"SETOP\",VLOOKUP(BSC25,SETOP,4,0),IF(BSF25=\"CPU\",VLOOKUP(BSC25,COMPOSIÇÃO,5,0),VLOOKUP(BSC25,COTAÇÃO,8,0))))","v":"HORA"},0.5,{"$f":"IF(BSF25=\"SINAPI\",VLOOKUP(BSC25,SINAPI,4,0),IF(BSF25=\"SETOP\",VLOOKUP(BSC25,SETOP,5,0),IF(BSF25=\"CPU\",VLOOKUP(BSC25,COMPOSIÇÃO,8,0),VLOOKUP(BSC25,COTAÇÃO,11,0))))","v":19.149999999999999},{"$f":"BSH25*BSI25","v":9.5749999999999993},"ED-50374",{"$f":"IF(BSN25=\"SINAPI\",VLOOKUP(BSK25,SINAPI,2,0),IF(BSN25=\"SETOP\",VLOOKUP(BSK25,SETOP,3,0),IF(BSN25=\"CPU\",VLOOKUP(BSK25,COMPOSIÇÃO,2,0),VLOOKUP(BSK25,COTAÇÃO,3,0))))","v":"BOMBEIRO/ENCANADOR COM ENCARGOS COMPLEMENTARES"},null,"SETOP",{"$f":"IF(BSN25=\"SINAPI\",VLOOKUP(BSK25,SINAPI,3,0),IF(BSN25=\"SETOP\",VLOOKUP(BSK25,SETOP,4,0),IF(BSN25=\"CPU\",VLOOKUP(BSK25,COMPOSIÇÃO,5,0),VLOOKUP(BSK25,COTAÇÃO,8,0))))","v":"HORA"},0.5,{"$f":"IF(BSN25=\"SINAPI\",VLOOKUP(BSK25,SINAPI,4,0),IF(BSN25=\"SETOP\",VLOOKUP(BSK25,SETOP,5,0),IF(BSN25=\"CPU\",VLOOKUP(BSK25,COMPOSIÇÃO,8,0),VLOOKUP(BSK25,COTAÇÃO,11,0))))","v":19.149999999999999},{"$f":"BSP25*BSQ25","v":9.5749999999999993},"ED-50374",{"$f":"IF(BSV25=\"SINAPI\",VLOOKUP(BSS25,SINAPI,2,0),IF(BSV25=\"SETOP\",VLOOKUP(BSS25,SETOP,3,0),IF(BSV25=\"CPU\",VLOOKUP(BSS25,COMPOSIÇÃO,2,0),VLOOKUP(BSS25,COTAÇÃO,3,0))))","v":"BOMBEIRO/ENCANADOR COM ENCARGOS COMPLEMENTARES"},null,"SETOP",{"$f":"IF(BSV25=\"SINAPI\",VLOOKUP(BSS25,SINAPI,3,0),IF(BSV25=\"SETOP\",VLOOKUP(BSS25,SETOP,4,0),IF(BSV25=\"CPU\",VLOOKUP(BSS25,COMPOSIÇÃO,5,0),VLOOKUP(BSS25,COTAÇÃO,8,0))))","v":"HORA"},0.5,{"$f":"IF(BSV25=\"SINAPI\",VLOOKUP(BSS25,SINAPI,4,0),IF(BSV25=\"SETOP\",VLOOKUP(BSS25,SETOP,5,0),IF(BSV25=\"CPU\",VLOOKUP(BSS25,COMPOSIÇÃO,8,0),VLOOKUP(BSS25,COTAÇÃO,11,0))))","v":19.149999999999999},{"$f":"BSX25*BSY25","v":9.5749999999999993},"ED-50374",{"$f":"IF(BTD25=\"SINAPI\",VLOOKUP(BTA25,SINAPI,2,0),IF(BTD25=\"SETOP\",VLOOKUP(BTA25,SETOP,3,0),IF(BTD25=\"CPU\",VLOOKUP(BTA25,COMPOSIÇÃO,2,0),VLOOKUP(BTA25,COTAÇÃO,3,0))))","v":"BOMBEIRO/ENCANADOR COM ENCARGOS COMPLEMENTARES"},null,"SETOP",{"$f":"IF(BTD25=\"SINAPI\",VLOOKUP(BTA25,SINAPI,3,0),IF(BTD25=\"SETOP\",VLOOKUP(BTA25,SETOP,4,0),IF(BTD25=\"CPU\",VLOOKUP(BTA25,COMPOSIÇÃO,5,0),VLOOKUP(BTA25,COTAÇÃO,8,0))))","v":"HORA"},0.5,{"$f":"IF(BTD25=\"SINAPI\",VLOOKUP(BTA25,SINAPI,4,0),IF(BTD25=\"SETOP\",VLOOKUP(BTA25,SETOP,5,0),IF(BTD25=\"CPU\",VLOOKUP(BTA25,COMPOSIÇÃO,8,0),VLOOKUP(BTA25,COTAÇÃO,11,0))))","v":19.149999999999999},{"$f":"BTF25*BTG25","v":9.5749999999999993},"ED-50374",{"$f":"IF(BTL25=\"SINAPI\",VLOOKUP(BTI25,SINAPI,2,0),IF(BTL25=\"SETOP\",VLOOKUP(BTI25,SETOP,3,0),IF(BTL25=\"CPU\",VLOOKUP(BTI25,COMPOSIÇÃO,2,0),VLOOKUP(BTI25,COTAÇÃO,3,0))))","v":"BOMBEIRO/ENCANADOR COM ENCARGOS COMPLEMENTARES"},null,"SETOP",{"$f":"IF(BTL25=\"SINAPI\",VLOOKUP(BTI25,SINAPI,3,0),IF(BTL25=\"SETOP\",VLOOKUP(BTI25,SETOP,4,0),IF(BTL25=\"CPU\",VLOOKUP(BTI25,COMPOSIÇÃO,5,0),VLOOKUP(BTI25,COTAÇÃO,8,0))))","v":"HORA"},0.5,{"$f":"IF(BTL25=\"SINAPI\",VLOOKUP(BTI25,SINAPI,4,0),IF(BTL25=\"SETOP\",VLOOKUP(BTI25,SETOP,5,0),IF(BTL25=\"CPU\",VLOOKUP(BTI25,COMPOSIÇÃO,8,0),VLOOKUP(BTI25,COTAÇÃO,11,0))))","v":19.149999999999999},{"$f":"BTN25*BTO25","v":9.5749999999999993},"ED-50374",{"$f":"IF(BTT25=\"SINAPI\",VLOOKUP(BTQ25,SINAPI,2,0),IF(BTT25=\"SETOP\",VLOOKUP(BTQ25,SETOP,3,0),IF(BTT25=\"CPU\",VLOOKUP(BTQ25,COMPOSIÇÃO,2,0),VLOOKUP(BTQ25,COTAÇÃO,3,0))))","v":"BOMBEIRO/ENCANADOR COM ENCARGOS COMPLEMENTARES"},null,"SETOP",{"$f":"IF(BTT25=\"SINAPI\",VLOOKUP(BTQ25,SINAPI,3,0),IF(BTT25=\"SETOP\",VLOOKUP(BTQ25,SETOP,4,0),IF(BTT25=\"CPU\",VLOOKUP(BTQ25,COMPOSIÇÃO,5,0),VLOOKUP(BTQ25,COTAÇÃO,8,0))))","v":"HORA"},0.5,{"$f":"IF(BTT25=\"SINAPI\",VLOOKUP(BTQ25,SINAPI,4,0),IF(BTT25=\"SETOP\",VLOOKUP(BTQ25,SETOP,5,0),IF(BTT25=\"CPU\",VLOOKUP(BTQ25,COMPOSIÇÃO,8,0),VLOOKUP(BTQ25,COTAÇÃO,11,0))))","v":19.149999999999999},{"$f":"BTV25*BTW25","v":9.5749999999999993},"ED-50374",{"$f":"IF(BUB25=\"SINAPI\",VLOOKUP(BTY25,SINAPI,2,0),IF(BUB25=\"SETOP\",VLOOKUP(BTY25,SETOP,3,0),IF(BUB25=\"CPU\",VLOOKUP(BTY25,COMPOSIÇÃO,2,0),VLOOKUP(BTY25,COTAÇÃO,3,0))))","v":"BOMBEIRO/ENCANADOR COM ENCARGOS COMPLEMENTARES"},null,"SETOP",{"$f":"IF(BUB25=\"SINAPI\",VLOOKUP(BTY25,SINAPI,3,0),IF(BUB25=\"SETOP\",VLOOKUP(BTY25,SETOP,4,0),IF(BUB25=\"CPU\",VLOOKUP(BTY25,COMPOSIÇÃO,5,0),VLOOKUP(BTY25,COTAÇÃO,8,0))))","v":"HORA"},0.5,{"$f":"IF(BUB25=\"SINAPI\",VLOOKUP(BTY25,SINAPI,4,0),IF(BUB25=\"SETOP\",VLOOKUP(BTY25,SETOP,5,0),IF(BUB25=\"CPU\",VLOOKUP(BTY25,COMPOSIÇÃO,8,0),VLOOKUP(BTY25,COTAÇÃO,11,0))))","v":19.149999999999999},{"$f":"BUD25*BUE25","v":9.5749999999999993},"ED-50374",{"$f":"IF(BUJ25=\"SINAPI\",VLOOKUP(BUG25,SINAPI,2,0),IF(BUJ25=\"SETOP\",VLOOKUP(BUG25,SETOP,3,0),IF(BUJ25=\"CPU\",VLOOKUP(BUG25,COMPOSIÇÃO,2,0),VLOOKUP(BUG25,COTAÇÃO,3,0))))","v":"BOMBEIRO/ENCANADOR COM ENCARGOS COMPLEMENTARES"},null,"SETOP",{"$f":"IF(BUJ25=\"SINAPI\",VLOOKUP(BUG25,SINAPI,3,0),IF(BUJ25=\"SETOP\",VLOOKUP(BUG25,SETOP,4,0),IF(BUJ25=\"CPU\",VLOOKUP(BUG25,COMPOSIÇÃO,5,0),VLOOKUP(BUG25,COTAÇÃO,8,0))))","v":"HORA"},0.5,{"$f":"IF(BUJ25=\"SINAPI\",VLOOKUP(BUG25,SINAPI,4,0),IF(BUJ25=\"SETOP\",VLOOKUP(BUG25,SETOP,5,0),IF(BUJ25=\"CPU\",VLOOKUP(BUG25,COMPOSIÇÃO,8,0),VLOOKUP(BUG25,COTAÇÃO,11,0))))","v":19.149999999999999},{"$f":"BUL25*BUM25","v":9.5749999999999993},"ED-50374",{"$f":"IF(BUR25=\"SINAPI\",VLOOKUP(BUO25,SINAPI,2,0),IF(BUR25=\"SETOP\",VLOOKUP(BUO25,SETOP,3,0),IF(BUR25=\"CPU\",VLOOKUP(BUO25,COMPOSIÇÃO,2,0),VLOOKUP(BUO25,COTAÇÃO,3,0))))","v":"BOMBEIRO/ENCANADOR COM ENCARGOS COMPLEMENTARES"},null,"SETOP",{"$f":"IF(BUR25=\"SINAPI\",VLOOKUP(BUO25,SINAPI,3,0),IF(BUR25=\"SETOP\",VLOOKUP(BUO25,SETOP,4,0),IF(BUR25=\"CPU\",VLOOKUP(BUO25,COMPOSIÇÃO,5,0),VLOOKUP(BUO25,COTAÇÃO,8,0))))","v":"HORA"},0.5,{"$f":"IF(BUR25=\"SINAPI\",VLOOKUP(BUO25,SINAPI,4,0),IF(BUR25=\"SETOP\",VLOOKUP(BUO25,SETOP,5,0),IF(BUR25=\"CPU\",VLOOKUP(BUO25,COMPOSIÇÃO,8,0),VLOOKUP(BUO25,COTAÇÃO,11,0))))","v":19.149999999999999},{"$f":"BUT25*BUU25","v":9.5749999999999993},"ED-50374",{"$f":"IF(BUZ25=\"SINAPI\",VLOOKUP(BUW25,SINAPI,2,0),IF(BUZ25=\"SETOP\",VLOOKUP(BUW25,SETOP,3,0),IF(BUZ25=\"CPU\",VLOOKUP(BUW25,COMPOSIÇÃO,2,0),VLOOKUP(BUW25,COTAÇÃO,3,0))))","v":"BOMBEIRO/ENCANADOR COM ENCARGOS COMPLEMENTARES"},null,"SETOP",{"$f":"IF(BUZ25=\"SINAPI\",VLOOKUP(BUW25,SINAPI,3,0),IF(BUZ25=\"SETOP\",VLOOKUP(BUW25,SETOP,4,0),IF(BUZ25=\"CPU\",VLOOKUP(BUW25,COMPOSIÇÃO,5,0),VLOOKUP(BUW25,COTAÇÃO,8,0))))","v":"HORA"},0.5,{"$f":"IF(BUZ25=\"SINAPI\",VLOOKUP(BUW25,SINAPI,4,0),IF(BUZ25=\"SETOP\",VLOOKUP(BUW25,SETOP,5,0),IF(BUZ25=\"CPU\",VLOOKUP(BUW25,COMPOSIÇÃO,8,0),VLOOKUP(BUW25,COTAÇÃO,11,0))))","v":19.149999999999999},{"$f":"BVB25*BVC25","v":9.5749999999999993},"ED-50374",{"$f":"IF(BVH25=\"SINAPI\",VLOOKUP(BVE25,SINAPI,2,0),IF(BVH25=\"SETOP\",VLOOKUP(BVE25,SETOP,3,0),IF(BVH25=\"CPU\",VLOOKUP(BVE25,COMPOSIÇÃO,2,0),VLOOKUP(BVE25,COTAÇÃO,3,0))))","v":"BOMBEIRO/ENCANADOR COM ENCARGOS COMPLEMENTARES"},null,"SETOP",{"$f":"IF(BVH25=\"SINAPI\",VLOOKUP(BVE25,SINAPI,3,0),IF(BVH25=\"SETOP\",VLOOKUP(BVE25,SETOP,4,0),IF(BVH25=\"CPU\",VLOOKUP(BVE25,COMPOSIÇÃO,5,0),VLOOKUP(BVE25,COTAÇÃO,8,0))))","v":"HORA"},0.5,{"$f":"IF(BVH25=\"SINAPI\",VLOOKUP(BVE25,SINAPI,4,0),IF(BVH25=\"SETOP\",VLOOKUP(BVE25,SETOP,5,0),IF(BVH25=\"CPU\",VLOOKUP(BVE25,COMPOSIÇÃO,8,0),VLOOKUP(BVE25,COTAÇÃO,11,0))))","v":19.149999999999999},{"$f":"BVJ25*BVK25","v":9.5749999999999993},"ED-50374",{"$f":"IF(BVP25=\"SINAPI\",VLOOKUP(BVM25,SINAPI,2,0),IF(BVP25=\"SETOP\",VLOOKUP(BVM25,SETOP,3,0),IF(BVP25=\"CPU\",VLOOKUP(BVM25,COMPOSIÇÃO,2,0),VLOOKUP(BVM25,COTAÇÃO,3,0))))","v":"BOMBEIRO/ENCANADOR COM ENCARGOS COMPLEMENTARES"},null,"SETOP",{"$f":"IF(BVP25=\"SINAPI\",VLOOKUP(BVM25,SINAPI,3,0),IF(BVP25=\"SETOP\",VLOOKUP(BVM25,SETOP,4,0),IF(BVP25=\"CPU\",VLOOKUP(BVM25,COMPOSIÇÃO,5,0),VLOOKUP(BVM25,COTAÇÃO,8,0))))","v":"HORA"},0.5,{"$f":"IF(BVP25=\"SINAPI\",VLOOKUP(BVM25,SINAPI,4,0),IF(BVP25=\"SETOP\",VLOOKUP(BVM25,SETOP,5,0),IF(BVP25=\"CPU\",VLOOKUP(BVM25,COMPOSIÇÃO,8,0),VLOOKUP(BVM25,COTAÇÃO,11,0))))","v":19.149999999999999},{"$f":"BVR25*BVS25","v":9.5749999999999993},"ED-50374",{"$f":"IF(BVX25=\"SINAPI\",VLOOKUP(BVU25,SINAPI,2,0),IF(BVX25=\"SETOP\",VLOOKUP(BVU25,SETOP,3,0),IF(BVX25=\"CPU\",VLOOKUP(BVU25,COMPOSIÇÃO,2,0),VLOOKUP(BVU25,COTAÇÃO,3,0))))","v":"BOMBEIRO/ENCANADOR COM ENCARGOS COMPLEMENTARES"},null,"SETOP",{"$f":"IF(BVX25=\"SINAPI\",VLOOKUP(BVU25,SINAPI,3,0),IF(BVX25=\"SETOP\",VLOOKUP(BVU25,SETOP,4,0),IF(BVX25=\"CPU\",VLOOKUP(BVU25,COMPOSIÇÃO,5,0),VLOOKUP(BVU25,COTAÇÃO,8,0))))","v":"HORA"},0.5,{"$f":"IF(BVX25=\"SINAPI\",VLOOKUP(BVU25,SINAPI,4,0),IF(BVX25=\"SETOP\",VLOOKUP(BVU25,SETOP,5,0),IF(BVX25=\"CPU\",VLOOKUP(BVU25,COMPOSIÇÃO,8,0),VLOOKUP(BVU25,COTAÇÃO,11,0))))","v":19.149999999999999},{"$f":"BVZ25*BWA25","v":9.5749999999999993},"ED-50374",{"$f":"IF(BWF25=\"SINAPI\",VLOOKUP(BWC25,SINAPI,2,0),IF(BWF25=\"SETOP\",VLOOKUP(BWC25,SETOP,3,0),IF(BWF25=\"CPU\",VLOOKUP(BWC25,COMPOSIÇÃO,2,0),VLOOKUP(BWC25,COTAÇÃO,3,0))))","v":"BOMBEIRO/ENCANADOR COM ENCARGOS COMPLEMENTARES"},null,"SETOP",{"$f":"IF(BWF25=\"SINAPI\",VLOOKUP(BWC25,SINAPI,3,0),IF(BWF25=\"SETOP\",VLOOKUP(BWC25,SETOP,4,0),IF(BWF25=\"CPU\",VLOOKUP(BWC25,COMPOSIÇÃO,5,0),VLOOKUP(BWC25,COTAÇÃO,8,0))))","v":"HORA"},0.5,{"$f":"IF(BWF25=\"SINAPI\",VLOOKUP(BWC25,SINAPI,4,0),IF(BWF25=\"SETOP\",VLOOKUP(BWC25,SETOP,5,0),IF(BWF25=\"CPU\",VLOOKUP(BWC25,COMPOSIÇÃO,8,0),VLOOKUP(BWC25,COTAÇÃO,11,0))))","v":19.149999999999999},{"$f":"BWH25*BWI25","v":9.5749999999999993},"ED-50374",{"$f":"IF(BWN25=\"SINAPI\",VLOOKUP(BWK25,SINAPI,2,0),IF(BWN25=\"SETOP\",VLOOKUP(BWK25,SETOP,3,0),IF(BWN25=\"CPU\",VLOOKUP(BWK25,COMPOSIÇÃO,2,0),VLOOKUP(BWK25,COTAÇÃO,3,0))))","v":"BOMBEIRO/ENCANADOR COM ENCARGOS COMPLEMENTARES"},null,"SETOP",{"$f":"IF(BWN25=\"SINAPI\",VLOOKUP(BWK25,SINAPI,3,0),IF(BWN25=\"SETOP\",VLOOKUP(BWK25,SETOP,4,0),IF(BWN25=\"CPU\",VLOOKUP(BWK25,COMPOSIÇÃO,5,0),VLOOKUP(BWK25,COTAÇÃO,8,0))))","v":"HORA"},0.5,{"$f":"IF(BWN25=\"SINAPI\",VLOOKUP(BWK25,SINAPI,4,0),IF(BWN25=\"SETOP\",VLOOKUP(BWK25,SETOP,5,0),IF(BWN25=\"CPU\",VLOOKUP(BWK25,COMPOSIÇÃO,8,0),VLOOKUP(BWK25,COTAÇÃO,11,0))))","v":19.149999999999999},{"$f":"BWP25*BWQ25","v":9.5749999999999993},"ED-50374",{"$f":"IF(BWV25=\"SINAPI\",VLOOKUP(BWS25,SINAPI,2,0),IF(BWV25=\"SETOP\",VLOOKUP(BWS25,SETOP,3,0),IF(BWV25=\"CPU\",VLOOKUP(BWS25,COMPOSIÇÃO,2,0),VLOOKUP(BWS25,COTAÇÃO,3,0))))","v":"BOMBEIRO/ENCANADOR COM ENCARGOS COMPLEMENTARES"},null,"SETOP",{"$f":"IF(BWV25=\"SINAPI\",VLOOKUP(BWS25,SINAPI,3,0),IF(BWV25=\"SETOP\",VLOOKUP(BWS25,SETOP,4,0),IF(BWV25=\"CPU\",VLOOKUP(BWS25,COMPOSIÇÃO,5,0),VLOOKUP(BWS25,COTAÇÃO,8,0))))","v":"HORA"},0.5,{"$f":"IF(BWV25=\"SINAPI\",VLOOKUP(BWS25,SINAPI,4,0),IF(BWV25=\"SETOP\",VLOOKUP(BWS25,SETOP,5,0),IF(BWV25=\"CPU\",VLOOKUP(BWS25,COMPOSIÇÃO,8,0),VLOOKUP(BWS25,COTAÇÃO,11,0))))","v":19.149999999999999},{"$f":"BWX25*BWY25","v":9.5749999999999993},"ED-50374",{"$f":"IF(BXD25=\"SINAPI\",VLOOKUP(BXA25,SINAPI,2,0),IF(BXD25=\"SETOP\",VLOOKUP(BXA25,SETOP,3,0),IF(BXD25=\"CPU\",VLOOKUP(BXA25,COMPOSIÇÃO,2,0),VLOOKUP(BXA25,COTAÇÃO,3,0))))","v":"BOMBEIRO/ENCANADOR COM ENCARGOS COMPLEMENTARES"},null,"SETOP",{"$f":"IF(BXD25=\"SINAPI\",VLOOKUP(BXA25,SINAPI,3,0),IF(BXD25=\"SETOP\",VLOOKUP(BXA25,SETOP,4,0),IF(BXD25=\"CPU\",VLOOKUP(BXA25,COMPOSIÇÃO,5,0),VLOOKUP(BXA25,COTAÇÃO,8,0))))","v":"HORA"},0.5,{"$f":"IF(BXD25=\"SINAPI\",VLOOKUP(BXA25,SINAPI,4,0),IF(BXD25=\"SETOP\",VLOOKUP(BXA25,SETOP,5,0),IF(BXD25=\"CPU\",VLOOKUP(BXA25,COMPOSIÇÃO,8,0),VLOOKUP(BXA25,COTAÇÃO,11,0))))","v":19.149999999999999},{"$f":"BXF25*BXG25","v":9.5749999999999993},"ED-50374",{"$f":"IF(BXL25=\"SINAPI\",VLOOKUP(BXI25,SINAPI,2,0),IF(BXL25=\"SETOP\",VLOOKUP(BXI25,SETOP,3,0),IF(BXL25=\"CPU\",VLOOKUP(BXI25,COMPOSIÇÃO,2,0),VLOOKUP(BXI25,COTAÇÃO,3,0))))","v":"BOMBEIRO/ENCANADOR COM ENCARGOS COMPLEMENTARES"},null,"SETOP",{"$f":"IF(BXL25=\"SINAPI\",VLOOKUP(BXI25,SINAPI,3,0),IF(BXL25=\"SETOP\",VLOOKUP(BXI25,SETOP,4,0),IF(BXL25=\"CPU\",VLOOKUP(BXI25,COMPOSIÇÃO,5,0),VLOOKUP(BXI25,COTAÇÃO,8,0))))","v":"HORA"},0.5,{"$f":"IF(BXL25=\"SINAPI\",VLOOKUP(BXI25,SINAPI,4,0),IF(BXL25=\"SETOP\",VLOOKUP(BXI25,SETOP,5,0),IF(BXL25=\"CPU\",VLOOKUP(BXI25,COMPOSIÇÃO,8,0),VLOOKUP(BXI25,COTAÇÃO,11,0))))","v":19.149999999999999},{"$f":"BXN25*BXO25","v":9.5749999999999993},"ED-50374",{"$f":"IF(BXT25=\"SINAPI\",VLOOKUP(BXQ25,SINAPI,2,0),IF(BXT25=\"SETOP\",VLOOKUP(BXQ25,SETOP,3,0),IF(BXT25=\"CPU\",VLOOKUP(BXQ25,COMPOSIÇÃO,2,0),VLOOKUP(BXQ25,COTAÇÃO,3,0))))","v":"BOMBEIRO/ENCANADOR COM ENCARGOS COMPLEMENTARES"},null,"SETOP",{"$f":"IF(BXT25=\"SINAPI\",VLOOKUP(BXQ25,SINAPI,3,0),IF(BXT25=\"SETOP\",VLOOKUP(BXQ25,SETOP,4,0),IF(BXT25=\"CPU\",VLOOKUP(BXQ25,COMPOSIÇÃO,5,0),VLOOKUP(BXQ25,COTAÇÃO,8,0))))","v":"HORA"},0.5,{"$f":"IF(BXT25=\"SINAPI\",VLOOKUP(BXQ25,SINAPI,4,0),IF(BXT25=\"SETOP\",VLOOKUP(BXQ25,SETOP,5,0),IF(BXT25=\"CPU\",VLOOKUP(BXQ25,COMPOSIÇÃO,8,0),VLOOKUP(BXQ25,COTAÇÃO,11,0))))","v":19.149999999999999},{"$f":"BXV25*BXW25","v":9.5749999999999993},"ED-50374",{"$f":"IF(BYB25=\"SINAPI\",VLOOKUP(BXY25,SINAPI,2,0),IF(BYB25=\"SETOP\",VLOOKUP(BXY25,SETOP,3,0),IF(BYB25=\"CPU\",VLOOKUP(BXY25,COMPOSIÇÃO,2,0),VLOOKUP(BXY25,COTAÇÃO,3,0))))","v":"BOMBEIRO/ENCANADOR COM ENCARGOS COMPLEMENTARES"},null,"SETOP",{"$f":"IF(BYB25=\"SINAPI\",VLOOKUP(BXY25,SINAPI,3,0),IF(BYB25=\"SETOP\",VLOOKUP(BXY25,SETOP,4,0),IF(BYB25=\"CPU\",VLOOKUP(BXY25,COMPOSIÇÃO,5,0),VLOOKUP(BXY25,COTAÇÃO,8,0))))","v":"HORA"},0.5,{"$f":"IF(BYB25=\"SINAPI\",VLOOKUP(BXY25,SINAPI,4,0),IF(BYB25=\"SETOP\",VLOOKUP(BXY25,SETOP,5,0),IF(BYB25=\"CPU\",VLOOKUP(BXY25,COMPOSIÇÃO,8,0),VLOOKUP(BXY25,COTAÇÃO,11,0))))","v":19.149999999999999},{"$f":"BYD25*BYE25","v":9.5749999999999993},"ED-50374",{"$f":"IF(BYJ25=\"SINAPI\",VLOOKUP(BYG25,SINAPI,2,0),IF(BYJ25=\"SETOP\",VLOOKUP(BYG25,SETOP,3,0),IF(BYJ25=\"CPU\",VLOOKUP(BYG25,COMPOSIÇÃO,2,0),VLOOKUP(BYG25,COTAÇÃO,3,0))))","v":"BOMBEIRO/ENCANADOR COM ENCARGOS COMPLEMENTARES"},null,"SETOP",{"$f":"IF(BYJ25=\"SINAPI\",VLOOKUP(BYG25,SINAPI,3,0),IF(BYJ25=\"SETOP\",VLOOKUP(BYG25,SETOP,4,0),IF(BYJ25=\"CPU\",VLOOKUP(BYG25,COMPOSIÇÃO,5,0),VLOOKUP(BYG25,COTAÇÃO,8,0))))","v":"HORA"},0.5,{"$f":"IF(BYJ25=\"SINAPI\",VLOOKUP(BYG25,SINAPI,4,0),IF(BYJ25=\"SETOP\",VLOOKUP(BYG25,SETOP,5,0),IF(BYJ25=\"CPU\",VLOOKUP(BYG25,COMPOSIÇÃO,8,0),VLOOKUP(BYG25,COTAÇÃO,11,0))))","v":19.149999999999999},{"$f":"BYL25*BYM25","v":9.5749999999999993},"ED-50374",{"$f":"IF(BYR25=\"SINAPI\",VLOOKUP(BYO25,SINAPI,2,0),IF(BYR25=\"SETOP\",VLOOKUP(BYO25,SETOP,3,0),IF(BYR25=\"CPU\",VLOOKUP(BYO25,COMPOSIÇÃO,2,0),VLOOKUP(BYO25,COTAÇÃO,3,0))))","v":"BOMBEIRO/ENCANADOR COM ENCARGOS COMPLEMENTARES"},null,"SETOP",{"$f":"IF(BYR25=\"SINAPI\",VLOOKUP(BYO25,SINAPI,3,0),IF(BYR25=\"SETOP\",VLOOKUP(BYO25,SETOP,4,0),IF(BYR25=\"CPU\",VLOOKUP(BYO25,COMPOSIÇÃO,5,0),VLOOKUP(BYO25,COTAÇÃO,8,0))))","v":"HORA"},0.5,{"$f":"IF(BYR25=\"SINAPI\",VLOOKUP(BYO25,SINAPI,4,0),IF(BYR25=\"SETOP\",VLOOKUP(BYO25,SETOP,5,0),IF(BYR25=\"CPU\",VLOOKUP(BYO25,COMPOSIÇÃO,8,0),VLOOKUP(BYO25,COTAÇÃO,11,0))))","v":19.149999999999999},{"$f":"BYT25*BYU25","v":9.5749999999999993},"ED-50374",{"$f":"IF(BYZ25=\"SINAPI\",VLOOKUP(BYW25,SINAPI,2,0),IF(BYZ25=\"SETOP\",VLOOKUP(BYW25,SETOP,3,0),IF(BYZ25=\"CPU\",VLOOKUP(BYW25,COMPOSIÇÃO,2,0),VLOOKUP(BYW25,COTAÇÃO,3,0))))","v":"BOMBEIRO/ENCANADOR COM ENCARGOS COMPLEMENTARES"},null,"SETOP",{"$f":"IF(BYZ25=\"SINAPI\",VLOOKUP(BYW25,SINAPI,3,0),IF(BYZ25=\"SETOP\",VLOOKUP(BYW25,SETOP,4,0),IF(BYZ25=\"CPU\",VLOOKUP(BYW25,COMPOSIÇÃO,5,0),VLOOKUP(BYW25,COTAÇÃO,8,0))))","v":"HORA"},0.5,{"$f":"IF(BYZ25=\"SINAPI\",VLOOKUP(BYW25,SINAPI,4,0),IF(BYZ25=\"SETOP\",VLOOKUP(BYW25,SETOP,5,0),IF(BYZ25=\"CPU\",VLOOKUP(BYW25,COMPOSIÇÃO,8,0),VLOOKUP(BYW25,COTAÇÃO,11,0))))","v":19.149999999999999},{"$f":"BZB25*BZC25","v":9.5749999999999993},"ED-50374",{"$f":"IF(BZH25=\"SINAPI\",VLOOKUP(BZE25,SINAPI,2,0),IF(BZH25=\"SETOP\",VLOOKUP(BZE25,SETOP,3,0),IF(BZH25=\"CPU\",VLOOKUP(BZE25,COMPOSIÇÃO,2,0),VLOOKUP(BZE25,COTAÇÃO,3,0))))","v":"BOMBEIRO/ENCANADOR COM ENCARGOS COMPLEMENTARES"},null,"SETOP",{"$f":"IF(BZH25=\"SINAPI\",VLOOKUP(BZE25,SINAPI,3,0),IF(BZH25=\"SETOP\",VLOOKUP(BZE25,SETOP,4,0),IF(BZH25=\"CPU\",VLOOKUP(BZE25,COMPOSIÇÃO,5,0),VLOOKUP(BZE25,COTAÇÃO,8,0))))","v":"HORA"},0.5,{"$f":"IF(BZH25=\"SINAPI\",VLOOKUP(BZE25,SINAPI,4,0),IF(BZH25=\"SETOP\",VLOOKUP(BZE25,SETOP,5,0),IF(BZH25=\"CPU\",VLOOKUP(BZE25,COMPOSIÇÃO,8,0),VLOOKUP(BZE25,COTAÇÃO,11,0))))","v":19.149999999999999},{"$f":"BZJ25*BZK25","v":9.5749999999999993},"ED-50374",{"$f":"IF(BZP25=\"SINAPI\",VLOOKUP(BZM25,SINAPI,2,0),IF(BZP25=\"SETOP\",VLOOKUP(BZM25,SETOP,3,0),IF(BZP25=\"CPU\",VLOOKUP(BZM25,COMPOSIÇÃO,2,0),VLOOKUP(BZM25,COTAÇÃO,3,0))))","v":"BOMBEIRO/ENCANADOR COM ENCARGOS COMPLEMENTARES"},null,"SETOP",{"$f":"IF(BZP25=\"SINAPI\",VLOOKUP(BZM25,SINAPI,3,0),IF(BZP25=\"SETOP\",VLOOKUP(BZM25,SETOP,4,0),IF(BZP25=\"CPU\",VLOOKUP(BZM25,COMPOSIÇÃO,5,0),VLOOKUP(BZM25,COTAÇÃO,8,0))))","v":"HORA"},0.5,{"$f":"IF(BZP25=\"SINAPI\",VLOOKUP(BZM25,SINAPI,4,0),IF(BZP25=\"SETOP\",VLOOKUP(BZM25,SETOP,5,0),IF(BZP25=\"CPU\",VLOOKUP(BZM25,COMPOSIÇÃO,8,0),VLOOKUP(BZM25,COTAÇÃO,11,0))))","v":19.149999999999999},{"$f":"BZR25*BZS25","v":9.5749999999999993},"ED-50374",{"$f":"IF(BZX25=\"SINAPI\",VLOOKUP(BZU25,SINAPI,2,0),IF(BZX25=\"SETOP\",VLOOKUP(BZU25,SETOP,3,0),IF(BZX25=\"CPU\",VLOOKUP(BZU25,COMPOSIÇÃO,2,0),VLOOKUP(BZU25,COTAÇÃO,3,0))))","v":"BOMBEIRO/ENCANADOR COM ENCARGOS COMPLEMENTARES"},null,"SETOP",{"$f":"IF(BZX25=\"SINAPI\",VLOOKUP(BZU25,SINAPI,3,0),IF(BZX25=\"SETOP\",VLOOKUP(BZU25,SETOP,4,0),IF(BZX25=\"CPU\",VLOOKUP(BZU25,COMPOSIÇÃO,5,0),VLOOKUP(BZU25,COTAÇÃO,8,0))))","v":"HORA"},0.5,{"$f":"IF(BZX25=\"SINAPI\",VLOOKUP(BZU25,SINAPI,4,0),IF(BZX25=\"SETOP\",VLOOKUP(BZU25,SETOP,5,0),IF(BZX25=\"CPU\",VLOOKUP(BZU25,COMPOSIÇÃO,8,0),VLOOKUP(BZU25,COTAÇÃO,11,0))))","v":19.149999999999999},{"$f":"BZZ25*CAA25","v":9.5749999999999993},"ED-50374",{"$f":"IF(CAF25=\"SINAPI\",VLOOKUP(CAC25,SINAPI,2,0),IF(CAF25=\"SETOP\",VLOOKUP(CAC25,SETOP,3,0),IF(CAF25=\"CPU\",VLOOKUP(CAC25,COMPOSIÇÃO,2,0),VLOOKUP(CAC25,COTAÇÃO,3,0))))","v":"BOMBEIRO/ENCANADOR COM ENCARGOS COMPLEMENTARES"},null,"SETOP",{"$f":"IF(CAF25=\"SINAPI\",VLOOKUP(CAC25,SINAPI,3,0),IF(CAF25=\"SETOP\",VLOOKUP(CAC25,SETOP,4,0),IF(CAF25=\"CPU\",VLOOKUP(CAC25,COMPOSIÇÃO,5,0),VLOOKUP(CAC25,COTAÇÃO,8,0))))","v":"HORA"},0.5,{"$f":"IF(CAF25=\"SINAPI\",VLOOKUP(CAC25,SINAPI,4,0),IF(CAF25=\"SETOP\",VLOOKUP(CAC25,SETOP,5,0),IF(CAF25=\"CPU\",VLOOKUP(CAC25,COMPOSIÇÃO,8,0),VLOOKUP(CAC25,COTAÇÃO,11,0))))","v":19.149999999999999},{"$f":"CAH25*CAI25","v":9.5749999999999993},"ED-50374",{"$f":"IF(CAN25=\"SINAPI\",VLOOKUP(CAK25,SINAPI,2,0),IF(CAN25=\"SETOP\",VLOOKUP(CAK25,SETOP,3,0),IF(CAN25=\"CPU\",VLOOKUP(CAK25,COMPOSIÇÃO,2,0),VLOOKUP(CAK25,COTAÇÃO,3,0))))","v":"BOMBEIRO/ENCANADOR COM ENCARGOS COMPLEMENTARES"},null,"SETOP",{"$f":"IF(CAN25=\"SINAPI\",VLOOKUP(CAK25,SINAPI,3,0),IF(CAN25=\"SETOP\",VLOOKUP(CAK25,SETOP,4,0),IF(CAN25=\"CPU\",VLOOKUP(CAK25,COMPOSIÇÃO,5,0),VLOOKUP(CAK25,COTAÇÃO,8,0))))","v":"HORA"},0.5,{"$f":"IF(CAN25=\"SINAPI\",VLOOKUP(CAK25,SINAPI,4,0),IF(CAN25=\"SETOP\",VLOOKUP(CAK25,SETOP,5,0),IF(CAN25=\"CPU\",VLOOKUP(CAK25,COMPOSIÇÃO,8,0),VLOOKUP(CAK25,COTAÇÃO,11,0))))","v":19.149999999999999},{"$f":"CAP25*CAQ25","v":9.5749999999999993},"ED-50374",{"$f":"IF(CAV25=\"SINAPI\",VLOOKUP(CAS25,SINAPI,2,0),IF(CAV25=\"SETOP\",VLOOKUP(CAS25,SETOP,3,0),IF(CAV25=\"CPU\",VLOOKUP(CAS25,COMPOSIÇÃO,2,0),VLOOKUP(CAS25,COTAÇÃO,3,0))))","v":"BOMBEIRO/ENCANADOR COM ENCARGOS COMPLEMENTARES"},null,"SETOP",{"$f":"IF(CAV25=\"SINAPI\",VLOOKUP(CAS25,SINAPI,3,0),IF(CAV25=\"SETOP\",VLOOKUP(CAS25,SETOP,4,0),IF(CAV25=\"CPU\",VLOOKUP(CAS25,COMPOSIÇÃO,5,0),VLOOKUP(CAS25,COTAÇÃO,8,0))))","v":"HORA"},0.5,{"$f":"IF(CAV25=\"SINAPI\",VLOOKUP(CAS25,SINAPI,4,0),IF(CAV25=\"SETOP\",VLOOKUP(CAS25,SETOP,5,0),IF(CAV25=\"CPU\",VLOOKUP(CAS25,COMPOSIÇÃO,8,0),VLOOKUP(CAS25,COTAÇÃO,11,0))))","v":19.149999999999999},{"$f":"CAX25*CAY25","v":9.5749999999999993},"ED-50374",{"$f":"IF(CBD25=\"SINAPI\",VLOOKUP(CBA25,SINAPI,2,0),IF(CBD25=\"SETOP\",VLOOKUP(CBA25,SETOP,3,0),IF(CBD25=\"CPU\",VLOOKUP(CBA25,COMPOSIÇÃO,2,0),VLOOKUP(CBA25,COTAÇÃO,3,0))))","v":"BOMBEIRO/ENCANADOR COM ENCARGOS COMPLEMENTARES"},null,"SETOP",{"$f":"IF(CBD25=\"SINAPI\",VLOOKUP(CBA25,SINAPI,3,0),IF(CBD25=\"SETOP\",VLOOKUP(CBA25,SETOP,4,0),IF(CBD25=\"CPU\",VLOOKUP(CBA25,COMPOSIÇÃO,5,0),VLOOKUP(CBA25,COTAÇÃO,8,0))))","v":"HORA"},0.5,{"$f":"IF(CBD25=\"SINAPI\",VLOOKUP(CBA25,SINAPI,4,0),IF(CBD25=\"SETOP\",VLOOKUP(CBA25,SETOP,5,0),IF(CBD25=\"CPU\",VLOOKUP(CBA25,COMPOSIÇÃO,8,0),VLOOKUP(CBA25,COTAÇÃO,11,0))))","v":19.149999999999999},{"$f":"CBF25*CBG25","v":9.5749999999999993},"ED-50374",{"$f":"IF(CBL25=\"SINAPI\",VLOOKUP(CBI25,SINAPI,2,0),IF(CBL25=\"SETOP\",VLOOKUP(CBI25,SETOP,3,0),IF(CBL25=\"CPU\",VLOOKUP(CBI25,COMPOSIÇÃO,2,0),VLOOKUP(CBI25,COTAÇÃO,3,0))))","v":"BOMBEIRO/ENCANADOR COM ENCARGOS COMPLEMENTARES"},null,"SETOP",{"$f":"IF(CBL25=\"SINAPI\",VLOOKUP(CBI25,SINAPI,3,0),IF(CBL25=\"SETOP\",VLOOKUP(CBI25,SETOP,4,0),IF(CBL25=\"CPU\",VLOOKUP(CBI25,COMPOSIÇÃO,5,0),VLOOKUP(CBI25,COTAÇÃO,8,0))))","v":"HORA"},0.5,{"$f":"IF(CBL25=\"SINAPI\",VLOOKUP(CBI25,SINAPI,4,0),IF(CBL25=\"SETOP\",VLOOKUP(CBI25,SETOP,5,0),IF(CBL25=\"CPU\",VLOOKUP(CBI25,COMPOSIÇÃO,8,0),VLOOKUP(CBI25,COTAÇÃO,11,0))))","v":19.149999999999999},{"$f":"CBN25*CBO25","v":9.5749999999999993},"ED-50374",{"$f":"IF(CBT25=\"SINAPI\",VLOOKUP(CBQ25,SINAPI,2,0),IF(CBT25=\"SETOP\",VLOOKUP(CBQ25,SETOP,3,0),IF(CBT25=\"CPU\",VLOOKUP(CBQ25,COMPOSIÇÃO,2,0),VLOOKUP(CBQ25,COTAÇÃO,3,0))))","v":"BOMBEIRO/ENCANADOR COM ENCARGOS COMPLEMENTARES"},null,"SETOP",{"$f":"IF(CBT25=\"SINAPI\",VLOOKUP(CBQ25,SINAPI,3,0),IF(CBT25=\"SETOP\",VLOOKUP(CBQ25,SETOP,4,0),IF(CBT25=\"CPU\",VLOOKUP(CBQ25,COMPOSIÇÃO,5,0),VLOOKUP(CBQ25,COTAÇÃO,8,0))))","v":"HORA"},0.5,{"$f":"IF(CBT25=\"SINAPI\",VLOOKUP(CBQ25,SINAPI,4,0),IF(CBT25=\"SETOP\",VLOOKUP(CBQ25,SETOP,5,0),IF(CBT25=\"CPU\",VLOOKUP(CBQ25,COMPOSIÇÃO,8,0),VLOOKUP(CBQ25,COTAÇÃO,11,0))))","v":19.149999999999999},{"$f":"CBV25*CBW25","v":9.5749999999999993},"ED-50374",{"$f":"IF(CCB25=\"SINAPI\",VLOOKUP(CBY25,SINAPI,2,0),IF(CCB25=\"SETOP\",VLOOKUP(CBY25,SETOP,3,0),IF(CCB25=\"CPU\",VLOOKUP(CBY25,COMPOSIÇÃO,2,0),VLOOKUP(CBY25,COTAÇÃO,3,0))))","v":"BOMBEIRO/ENCANADOR COM ENCARGOS COMPLEMENTARES"},null,"SETOP",{"$f":"IF(CCB25=\"SINAPI\",VLOOKUP(CBY25,SINAPI,3,0),IF(CCB25=\"SETOP\",VLOOKUP(CBY25,SETOP,4,0),IF(CCB25=\"CPU\",VLOOKUP(CBY25,COMPOSIÇÃO,5,0),VLOOKUP(CBY25,COTAÇÃO,8,0))))","v":"HORA"},0.5,{"$f":"IF(CCB25=\"SINAPI\",VLOOKUP(CBY25,SINAPI,4,0),IF(CCB25=\"SETOP\",VLOOKUP(CBY25,SETOP,5,0),IF(CCB25=\"CPU\",VLOOKUP(CBY25,COMPOSIÇÃO,8,0),VLOOKUP(CBY25,COTAÇÃO,11,0))))","v":19.149999999999999},{"$f":"CCD25*CCE25","v":9.5749999999999993},"ED-50374",{"$f":"IF(CCJ25=\"SINAPI\",VLOOKUP(CCG25,SINAPI,2,0),IF(CCJ25=\"SETOP\",VLOOKUP(CCG25,SETOP,3,0),IF(CCJ25=\"CPU\",VLOOKUP(CCG25,COMPOSIÇÃO,2,0),VLOOKUP(CCG25,COTAÇÃO,3,0))))","v":"BOMBEIRO/ENCANADOR COM ENCARGOS COMPLEMENTARES"},null,"SETOP",{"$f":"IF(CCJ25=\"SINAPI\",VLOOKUP(CCG25,SINAPI,3,0),IF(CCJ25=\"SETOP\",VLOOKUP(CCG25,SETOP,4,0),IF(CCJ25=\"CPU\",VLOOKUP(CCG25,COMPOSIÇÃO,5,0),VLOOKUP(CCG25,COTAÇÃO,8,0))))","v":"HORA"},0.5,{"$f":"IF(CCJ25=\"SINAPI\",VLOOKUP(CCG25,SINAPI,4,0),IF(CCJ25=\"SETOP\",VLOOKUP(CCG25,SETOP,5,0),IF(CCJ25=\"CPU\",VLOOKUP(CCG25,COMPOSIÇÃO,8,0),VLOOKUP(CCG25,COTAÇÃO,11,0))))","v":19.149999999999999},{"$f":"CCL25*CCM25","v":9.5749999999999993},"ED-50374",{"$f":"IF(CCR25=\"SINAPI\",VLOOKUP(CCO25,SINAPI,2,0),IF(CCR25=\"SETOP\",VLOOKUP(CCO25,SETOP,3,0),IF(CCR25=\"CPU\",VLOOKUP(CCO25,COMPOSIÇÃO,2,0),VLOOKUP(CCO25,COTAÇÃO,3,0))))","v":"BOMBEIRO/ENCANADOR COM ENCARGOS COMPLEMENTARES"},null,"SETOP",{"$f":"IF(CCR25=\"SINAPI\",VLOOKUP(CCO25,SINAPI,3,0),IF(CCR25=\"SETOP\",VLOOKUP(CCO25,SETOP,4,0),IF(CCR25=\"CPU\",VLOOKUP(CCO25,COMPOSIÇÃO,5,0),VLOOKUP(CCO25,COTAÇÃO,8,0))))","v":"HORA"},0.5,{"$f":"IF(CCR25=\"SINAPI\",VLOOKUP(CCO25,SINAPI,4,0),IF(CCR25=\"SETOP\",VLOOKUP(CCO25,SETOP,5,0),IF(CCR25=\"CPU\",VLOOKUP(CCO25,COMPOSIÇÃO,8,0),VLOOKUP(CCO25,COTAÇÃO,11,0))))","v":19.149999999999999},{"$f":"CCT25*CCU25","v":9.5749999999999993},"ED-50374",{"$f":"IF(CCZ25=\"SINAPI\",VLOOKUP(CCW25,SINAPI,2,0),IF(CCZ25=\"SETOP\",VLOOKUP(CCW25,SETOP,3,0),IF(CCZ25=\"CPU\",VLOOKUP(CCW25,COMPOSIÇÃO,2,0),VLOOKUP(CCW25,COTAÇÃO,3,0))))","v":"BOMBEIRO/ENCANADOR COM ENCARGOS COMPLEMENTARES"},null,"SETOP",{"$f":"IF(CCZ25=\"SINAPI\",VLOOKUP(CCW25,SINAPI,3,0),IF(CCZ25=\"SETOP\",VLOOKUP(CCW25,SETOP,4,0),IF(CCZ25=\"CPU\",VLOOKUP(CCW25,COMPOSIÇÃO,5,0),VLOOKUP(CCW25,COTAÇÃO,8,0))))","v":"HORA"},0.5,{"$f":"IF(CCZ25=\"SINAPI\",VLOOKUP(CCW25,SINAPI,4,0),IF(CCZ25=\"SETOP\",VLOOKUP(CCW25,SETOP,5,0),IF(CCZ25=\"CPU\",VLOOKUP(CCW25,COMPOSIÇÃO,8,0),VLOOKUP(CCW25,COTAÇÃO,11,0))))","v":19.149999999999999},{"$f":"CDB25*CDC25","v":9.5749999999999993},"ED-50374",{"$f":"IF(CDH25=\"SINAPI\",VLOOKUP(CDE25,SINAPI,2,0),IF(CDH25=\"SETOP\",VLOOKUP(CDE25,SETOP,3,0),IF(CDH25=\"CPU\",VLOOKUP(CDE25,COMPOSIÇÃO,2,0),VLOOKUP(CDE25,COTAÇÃO,3,0))))","v":"BOMBEIRO/ENCANADOR COM ENCARGOS COMPLEMENTARES"},null,"SETOP",{"$f":"IF(CDH25=\"SINAPI\",VLOOKUP(CDE25,SINAPI,3,0),IF(CDH25=\"SETOP\",VLOOKUP(CDE25,SETOP,4,0),IF(CDH25=\"CPU\",VLOOKUP(CDE25,COMPOSIÇÃO,5,0),VLOOKUP(CDE25,COTAÇÃO,8,0))))","v":"HORA"},0.5,{"$f":"IF(CDH25=\"SINAPI\",VLOOKUP(CDE25,SINAPI,4,0),IF(CDH25=\"SETOP\",VLOOKUP(CDE25,SETOP,5,0),IF(CDH25=\"CPU\",VLOOKUP(CDE25,COMPOSIÇÃO,8,0),VLOOKUP(CDE25,COTAÇÃO,11,0))))","v":19.149999999999999},{"$f":"CDJ25*CDK25","v":9.5749999999999993},"ED-50374",{"$f":"IF(CDP25=\"SINAPI\",VLOOKUP(CDM25,SINAPI,2,0),IF(CDP25=\"SETOP\",VLOOKUP(CDM25,SETOP,3,0),IF(CDP25=\"CPU\",VLOOKUP(CDM25,COMPOSIÇÃO,2,0),VLOOKUP(CDM25,COTAÇÃO,3,0))))","v":"BOMBEIRO/ENCANADOR COM ENCARGOS COMPLEMENTARES"},null,"SETOP",{"$f":"IF(CDP25=\"SINAPI\",VLOOKUP(CDM25,SINAPI,3,0),IF(CDP25=\"SETOP\",VLOOKUP(CDM25,SETOP,4,0),IF(CDP25=\"CPU\",VLOOKUP(CDM25,COMPOSIÇÃO,5,0),VLOOKUP(CDM25,COTAÇÃO,8,0))))","v":"HORA"},0.5,{"$f":"IF(CDP25=\"SINAPI\",VLOOKUP(CDM25,SINAPI,4,0),IF(CDP25=\"SETOP\",VLOOKUP(CDM25,SETOP,5,0),IF(CDP25=\"CPU\",VLOOKUP(CDM25,COMPOSIÇÃO,8,0),VLOOKUP(CDM25,COTAÇÃO,11,0))))","v":19.149999999999999},{"$f":"CDR25*CDS25","v":9.5749999999999993},"ED-50374",{"$f":"IF(CDX25=\"SINAPI\",VLOOKUP(CDU25,SINAPI,2,0),IF(CDX25=\"SETOP\",VLOOKUP(CDU25,SETOP,3,0),IF(CDX25=\"CPU\",VLOOKUP(CDU25,COMPOSIÇÃO,2,0),VLOOKUP(CDU25,COTAÇÃO,3,0))))","v":"BOMBEIRO/ENCANADOR COM ENCARGOS COMPLEMENTARES"},null,"SETOP",{"$f":"IF(CDX25=\"SINAPI\",VLOOKUP(CDU25,SINAPI,3,0),IF(CDX25=\"SETOP\",VLOOKUP(CDU25,SETOP,4,0),IF(CDX25=\"CPU\",VLOOKUP(CDU25,COMPOSIÇÃO,5,0),VLOOKUP(CDU25,COTAÇÃO,8,0))))","v":"HORA"},0.5,{"$f":"IF(CDX25=\"SINAPI\",VLOOKUP(CDU25,SINAPI,4,0),IF(CDX25=\"SETOP\",VLOOKUP(CDU25,SETOP,5,0),IF(CDX25=\"CPU\",VLOOKUP(CDU25,COMPOSIÇÃO,8,0),VLOOKUP(CDU25,COTAÇÃO,11,0))))","v":19.149999999999999},{"$f":"CDZ25*CEA25","v":9.5749999999999993},"ED-50374",{"$f":"IF(CEF25=\"SINAPI\",VLOOKUP(CEC25,SINAPI,2,0),IF(CEF25=\"SETOP\",VLOOKUP(CEC25,SETOP,3,0),IF(CEF25=\"CPU\",VLOOKUP(CEC25,COMPOSIÇÃO,2,0),VLOOKUP(CEC25,COTAÇÃO,3,0))))","v":"BOMBEIRO/ENCANADOR COM ENCARGOS COMPLEMENTARES"},null,"SETOP",{"$f":"IF(CEF25=\"SINAPI\",VLOOKUP(CEC25,SINAPI,3,0),IF(CEF25=\"SETOP\",VLOOKUP(CEC25,SETOP,4,0),IF(CEF25=\"CPU\",VLOOKUP(CEC25,COMPOSIÇÃO,5,0),VLOOKUP(CEC25,COTAÇÃO,8,0))))","v":"HORA"},0.5,{"$f":"IF(CEF25=\"SINAPI\",VLOOKUP(CEC25,SINAPI,4,0),IF(CEF25=\"SETOP\",VLOOKUP(CEC25,SETOP,5,0),IF(CEF25=\"CPU\",VLOOKUP(CEC25,COMPOSIÇÃO,8,0),VLOOKUP(CEC25,COTAÇÃO,11,0))))","v":19.149999999999999},{"$f":"CEH25*CEI25","v":9.5749999999999993},"ED-50374",{"$f":"IF(CEN25=\"SINAPI\",VLOOKUP(CEK25,SINAPI,2,0),IF(CEN25=\"SETOP\",VLOOKUP(CEK25,SETOP,3,0),IF(CEN25=\"CPU\",VLOOKUP(CEK25,COMPOSIÇÃO,2,0),VLOOKUP(CEK25,COTAÇÃO,3,0))))","v":"BOMBEIRO/ENCANADOR COM ENCARGOS COMPLEMENTARES"},null,"SETOP",{"$f":"IF(CEN25=\"SINAPI\",VLOOKUP(CEK25,SINAPI,3,0),IF(CEN25=\"SETOP\",VLOOKUP(CEK25,SETOP,4,0),IF(CEN25=\"CPU\",VLOOKUP(CEK25,COMPOSIÇÃO,5,0),VLOOKUP(CEK25,COTAÇÃO,8,0))))","v":"HORA"},0.5,{"$f":"IF(CEN25=\"SINAPI\",VLOOKUP(CEK25,SINAPI,4,0),IF(CEN25=\"SETOP\",VLOOKUP(CEK25,SETOP,5,0),IF(CEN25=\"CPU\",VLOOKUP(CEK25,COMPOSIÇÃO,8,0),VLOOKUP(CEK25,COTAÇÃO,11,0))))","v":19.149999999999999},{"$f":"CEP25*CEQ25","v":9.5749999999999993},"ED-50374",{"$f":"IF(CEV25=\"SINAPI\",VLOOKUP(CES25,SINAPI,2,0),IF(CEV25=\"SETOP\",VLOOKUP(CES25,SETOP,3,0),IF(CEV25=\"CPU\",VLOOKUP(CES25,COMPOSIÇÃO,2,0),VLOOKUP(CES25,COTAÇÃO,3,0))))","v":"BOMBEIRO/ENCANADOR COM ENCARGOS COMPLEMENTARES"},null,"SETOP",{"$f":"IF(CEV25=\"SINAPI\",VLOOKUP(CES25,SINAPI,3,0),IF(CEV25=\"SETOP\",VLOOKUP(CES25,SETOP,4,0),IF(CEV25=\"CPU\",VLOOKUP(CES25,COMPOSIÇÃO,5,0),VLOOKUP(CES25,COTAÇÃO,8,0))))","v":"HORA"},0.5,{"$f":"IF(CEV25=\"SINAPI\",VLOOKUP(CES25,SINAPI,4,0),IF(CEV25=\"SETOP\",VLOOKUP(CES25,SETOP,5,0),IF(CEV25=\"CPU\",VLOOKUP(CES25,COMPOSIÇÃO,8,0),VLOOKUP(CES25,COTAÇÃO,11,0))))","v":19.149999999999999},{"$f":"CEX25*CEY25","v":9.5749999999999993},"ED-50374",{"$f":"IF(CFD25=\"SINAPI\",VLOOKUP(CFA25,SINAPI,2,0),IF(CFD25=\"SETOP\",VLOOKUP(CFA25,SETOP,3,0),IF(CFD25=\"CPU\",VLOOKUP(CFA25,COMPOSIÇÃO,2,0),VLOOKUP(CFA25,COTAÇÃO,3,0))))","v":"BOMBEIRO/ENCANADOR COM ENCARGOS COMPLEMENTARES"},null,"SETOP",{"$f":"IF(CFD25=\"SINAPI\",VLOOKUP(CFA25,SINAPI,3,0),IF(CFD25=\"SETOP\",VLOOKUP(CFA25,SETOP,4,0),IF(CFD25=\"CPU\",VLOOKUP(CFA25,COMPOSIÇÃO,5,0),VLOOKUP(CFA25,COTAÇÃO,8,0))))","v":"HORA"},0.5,{"$f":"IF(CFD25=\"SINAPI\",VLOOKUP(CFA25,SINAPI,4,0),IF(CFD25=\"SETOP\",VLOOKUP(CFA25,SETOP,5,0),IF(CFD25=\"CPU\",VLOOKUP(CFA25,COMPOSIÇÃO,8,0),VLOOKUP(CFA25,COTAÇÃO,11,0))))","v":19.149999999999999},{"$f":"CFF25*CFG25","v":9.5749999999999993},"ED-50374",{"$f":"IF(CFL25=\"SINAPI\",VLOOKUP(CFI25,SINAPI,2,0),IF(CFL25=\"SETOP\",VLOOKUP(CFI25,SETOP,3,0),IF(CFL25=\"CPU\",VLOOKUP(CFI25,COMPOSIÇÃO,2,0),VLOOKUP(CFI25,COTAÇÃO,3,0))))","v":"BOMBEIRO/ENCANADOR COM ENCARGOS COMPLEMENTARES"},null,"SETOP",{"$f":"IF(CFL25=\"SINAPI\",VLOOKUP(CFI25,SINAPI,3,0),IF(CFL25=\"SETOP\",VLOOKUP(CFI25,SETOP,4,0),IF(CFL25=\"CPU\",VLOOKUP(CFI25,COMPOSIÇÃO,5,0),VLOOKUP(CFI25,COTAÇÃO,8,0))))","v":"HORA"},0.5,{"$f":"IF(CFL25=\"SINAPI\",VLOOKUP(CFI25,SINAPI,4,0),IF(CFL25=\"SETOP\",VLOOKUP(CFI25,SETOP,5,0),IF(CFL25=\"CPU\",VLOOKUP(CFI25,COMPOSIÇÃO,8,0),VLOOKUP(CFI25,COTAÇÃO,11,0))))","v":19.149999999999999},{"$f":"CFN25*CFO25","v":9.5749999999999993},"ED-50374",{"$f":"IF(CFT25=\"SINAPI\",VLOOKUP(CFQ25,SINAPI,2,0),IF(CFT25=\"SETOP\",VLOOKUP(CFQ25,SETOP,3,0),IF(CFT25=\"CPU\",VLOOKUP(CFQ25,COMPOSIÇÃO,2,0),VLOOKUP(CFQ25,COTAÇÃO,3,0))))","v":"BOMBEIRO/ENCANADOR COM ENCARGOS COMPLEMENTARES"},null,"SETOP",{"$f":"IF(CFT25=\"SINAPI\",VLOOKUP(CFQ25,SINAPI,3,0),IF(CFT25=\"SETOP\",VLOOKUP(CFQ25,SETOP,4,0),IF(CFT25=\"CPU\",VLOOKUP(CFQ25,COMPOSIÇÃO,5,0),VLOOKUP(CFQ25,COTAÇÃO,8,0))))","v":"HORA"},0.5,{"$f":"IF(CFT25=\"SINAPI\",VLOOKUP(CFQ25,SINAPI,4,0),IF(CFT25=\"SETOP\",VLOOKUP(CFQ25,SETOP,5,0),IF(CFT25=\"CPU\",VLOOKUP(CFQ25,COMPOSIÇÃO,8,0),VLOOKUP(CFQ25,COTAÇÃO,11,0))))","v":19.149999999999999},{"$f":"CFV25*CFW25","v":9.5749999999999993},"ED-50374",{"$f":"IF(CGB25=\"SINAPI\",VLOOKUP(CFY25,SINAPI,2,0),IF(CGB25=\"SETOP\",VLOOKUP(CFY25,SETOP,3,0),IF(CGB25=\"CPU\",VLOOKUP(CFY25,COMPOSIÇÃO,2,0),VLOOKUP(CFY25,COTAÇÃO,3,0))))","v":"BOMBEIRO/ENCANADOR COM ENCARGOS COMPLEMENTARES"},null,"SETOP",{"$f":"IF(CGB25=\"SINAPI\",VLOOKUP(CFY25,SINAPI,3,0),IF(CGB25=\"SETOP\",VLOOKUP(CFY25,SETOP,4,0),IF(CGB25=\"CPU\",VLOOKUP(CFY25,COMPOSIÇÃO,5,0),VLOOKUP(CFY25,COTAÇÃO,8,0))))","v":"HORA"},0.5,{"$f":"IF(CGB25=\"SINAPI\",VLOOKUP(CFY25,SINAPI,4,0),IF(CGB25=\"SETOP\",VLOOKUP(CFY25,SETOP,5,0),IF(CGB25=\"CPU\",VLOOKUP(CFY25,COMPOSIÇÃO,8,0),VLOOKUP(CFY25,COTAÇÃO,11,0))))","v":19.149999999999999},{"$f":"CGD25*CGE25","v":9.5749999999999993},"ED-50374",{"$f":"IF(CGJ25=\"SINAPI\",VLOOKUP(CGG25,SINAPI,2,0),IF(CGJ25=\"SETOP\",VLOOKUP(CGG25,SETOP,3,0),IF(CGJ25=\"CPU\",VLOOKUP(CGG25,COMPOSIÇÃO,2,0),VLOOKUP(CGG25,COTAÇÃO,3,0))))","v":"BOMBEIRO/ENCANADOR COM ENCARGOS COMPLEMENTARES"},null,"SETOP",{"$f":"IF(CGJ25=\"SINAPI\",VLOOKUP(CGG25,SINAPI,3,0),IF(CGJ25=\"SETOP\",VLOOKUP(CGG25,SETOP,4,0),IF(CGJ25=\"CPU\",VLOOKUP(CGG25,COMPOSIÇÃO,5,0),VLOOKUP(CGG25,COTAÇÃO,8,0))))","v":"HORA"},0.5,{"$f":"IF(CGJ25=\"SINAPI\",VLOOKUP(CGG25,SINAPI,4,0),IF(CGJ25=\"SETOP\",VLOOKUP(CGG25,SETOP,5,0),IF(CGJ25=\"CPU\",VLOOKUP(CGG25,COMPOSIÇÃO,8,0),VLOOKUP(CGG25,COTAÇÃO,11,0))))","v":19.149999999999999},{"$f":"CGL25*CGM25","v":9.5749999999999993},"ED-50374",{"$f":"IF(CGR25=\"SINAPI\",VLOOKUP(CGO25,SINAPI,2,0),IF(CGR25=\"SETOP\",VLOOKUP(CGO25,SETOP,3,0),IF(CGR25=\"CPU\",VLOOKUP(CGO25,COMPOSIÇÃO,2,0),VLOOKUP(CGO25,COTAÇÃO,3,0))))","v":"BOMBEIRO/ENCANADOR COM ENCARGOS COMPLEMENTARES"},null,"SETOP",{"$f":"IF(CGR25=\"SINAPI\",VLOOKUP(CGO25,SINAPI,3,0),IF(CGR25=\"SETOP\",VLOOKUP(CGO25,SETOP,4,0),IF(CGR25=\"CPU\",VLOOKUP(CGO25,COMPOSIÇÃO,5,0),VLOOKUP(CGO25,COTAÇÃO,8,0))))","v":"HORA"},0.5,{"$f":"IF(CGR25=\"SINAPI\",VLOOKUP(CGO25,SINAPI,4,0),IF(CGR25=\"SETOP\",VLOOKUP(CGO25,SETOP,5,0),IF(CGR25=\"CPU\",VLOOKUP(CGO25,COMPOSIÇÃO,8,0),VLOOKUP(CGO25,COTAÇÃO,11,0))))","v":19.149999999999999},{"$f":"CGT25*CGU25","v":9.5749999999999993},"ED-50374",{"$f":"IF(CGZ25=\"SINAPI\",VLOOKUP(CGW25,SINAPI,2,0),IF(CGZ25=\"SETOP\",VLOOKUP(CGW25,SETOP,3,0),IF(CGZ25=\"CPU\",VLOOKUP(CGW25,COMPOSIÇÃO,2,0),VLOOKUP(CGW25,COTAÇÃO,3,0))))","v":"BOMBEIRO/ENCANADOR COM ENCARGOS COMPLEMENTARES"},null,"SETOP",{"$f":"IF(CGZ25=\"SINAPI\",VLOOKUP(CGW25,SINAPI,3,0),IF(CGZ25=\"SETOP\",VLOOKUP(CGW25,SETOP,4,0),IF(CGZ25=\"CPU\",VLOOKUP(CGW25,COMPOSIÇÃO,5,0),VLOOKUP(CGW25,COTAÇÃO,8,0))))","v":"HORA"},0.5,{"$f":"IF(CGZ25=\"SINAPI\",VLOOKUP(CGW25,SINAPI,4,0),IF(CGZ25=\"SETOP\",VLOOKUP(CGW25,SETOP,5,0),IF(CGZ25=\"CPU\",VLOOKUP(CGW25,COMPOSIÇÃO,8,0),VLOOKUP(CGW25,COTAÇÃO,11,0))))","v":19.149999999999999},{"$f":"CHB25*CHC25","v":9.5749999999999993},"ED-50374",{"$f":"IF(CHH25=\"SINAPI\",VLOOKUP(CHE25,SINAPI,2,0),IF(CHH25=\"SETOP\",VLOOKUP(CHE25,SETOP,3,0),IF(CHH25=\"CPU\",VLOOKUP(CHE25,COMPOSIÇÃO,2,0),VLOOKUP(CHE25,COTAÇÃO,3,0))))","v":"BOMBEIRO/ENCANADOR COM ENCARGOS COMPLEMENTARES"},null,"SETOP",{"$f":"IF(CHH25=\"SINAPI\",VLOOKUP(CHE25,SINAPI,3,0),IF(CHH25=\"SETOP\",VLOOKUP(CHE25,SETOP,4,0),IF(CHH25=\"CPU\",VLOOKUP(CHE25,COMPOSIÇÃO,5,0),VLOOKUP(CHE25,COTAÇÃO,8,0))))","v":"HORA"},0.5,{"$f":"IF(CHH25=\"SINAPI\",VLOOKUP(CHE25,SINAPI,4,0),IF(CHH25=\"SETOP\",VLOOKUP(CHE25,SETOP,5,0),IF(CHH25=\"CPU\",VLOOKUP(CHE25,COMPOSIÇÃO,8,0),VLOOKUP(CHE25,COTAÇÃO,11,0))))","v":19.149999999999999},{"$f":"CHJ25*CHK25","v":9.5749999999999993},"ED-50374",{"$f":"IF(CHP25=\"SINAPI\",VLOOKUP(CHM25,SINAPI,2,0),IF(CHP25=\"SETOP\",VLOOKUP(CHM25,SETOP,3,0),IF(CHP25=\"CPU\",VLOOKUP(CHM25,COMPOSIÇÃO,2,0),VLOOKUP(CHM25,COTAÇÃO,3,0))))","v":"BOMBEIRO/ENCANADOR COM ENCARGOS COMPLEMENTARES"},null,"SETOP",{"$f":"IF(CHP25=\"SINAPI\",VLOOKUP(CHM25,SINAPI,3,0),IF(CHP25=\"SETOP\",VLOOKUP(CHM25,SETOP,4,0),IF(CHP25=\"CPU\",VLOOKUP(CHM25,COMPOSIÇÃO,5,0),VLOOKUP(CHM25,COTAÇÃO,8,0))))","v":"HORA"},0.5,{"$f":"IF(CHP25=\"SINAPI\",VLOOKUP(CHM25,SINAPI,4,0),IF(CHP25=\"SETOP\",VLOOKUP(CHM25,SETOP,5,0),IF(CHP25=\"CPU\",VLOOKUP(CHM25,COMPOSIÇÃO,8,0),VLOOKUP(CHM25,COTAÇÃO,11,0))))","v":19.149999999999999},{"$f":"CHR25*CHS25","v":9.5749999999999993},"ED-50374",{"$f":"IF(CHX25=\"SINAPI\",VLOOKUP(CHU25,SINAPI,2,0),IF(CHX25=\"SETOP\",VLOOKUP(CHU25,SETOP,3,0),IF(CHX25=\"CPU\",VLOOKUP(CHU25,COMPOSIÇÃO,2,0),VLOOKUP(CHU25,COTAÇÃO,3,0))))","v":"BOMBEIRO/ENCANADOR COM ENCARGOS COMPLEMENTARES"},null,"SETOP",{"$f":"IF(CHX25=\"SINAPI\",VLOOKUP(CHU25,SINAPI,3,0),IF(CHX25=\"SETOP\",VLOOKUP(CHU25,SETOP,4,0),IF(CHX25=\"CPU\",VLOOKUP(CHU25,COMPOSIÇÃO,5,0),VLOOKUP(CHU25,COTAÇÃO,8,0))))","v":"HORA"},0.5,{"$f":"IF(CHX25=\"SINAPI\",VLOOKUP(CHU25,SINAPI,4,0),IF(CHX25=\"SETOP\",VLOOKUP(CHU25,SETOP,5,0),IF(CHX25=\"CPU\",VLOOKUP(CHU25,COMPOSIÇÃO,8,0),VLOOKUP(CHU25,COTAÇÃO,11,0))))","v":19.149999999999999},{"$f":"CHZ25*CIA25","v":9.5749999999999993},"ED-50374",{"$f":"IF(CIF25=\"SINAPI\",VLOOKUP(CIC25,SINAPI,2,0),IF(CIF25=\"SETOP\",VLOOKUP(CIC25,SETOP,3,0),IF(CIF25=\"CPU\",VLOOKUP(CIC25,COMPOSIÇÃO,2,0),VLOOKUP(CIC25,COTAÇÃO,3,0))))","v":"BOMBEIRO/ENCANADOR COM ENCARGOS COMPLEMENTARES"},null,"SETOP",{"$f":"IF(CIF25=\"SINAPI\",VLOOKUP(CIC25,SINAPI,3,0),IF(CIF25=\"SETOP\",VLOOKUP(CIC25,SETOP,4,0),IF(CIF25=\"CPU\",VLOOKUP(CIC25,COMPOSIÇÃO,5,0),VLOOKUP(CIC25,COTAÇÃO,8,0))))","v":"HORA"},0.5,{"$f":"IF(CIF25=\"SINAPI\",VLOOKUP(CIC25,SINAPI,4,0),IF(CIF25=\"SETOP\",VLOOKUP(CIC25,SETOP,5,0),IF(CIF25=\"CPU\",VLOOKUP(CIC25,COMPOSIÇÃO,8,0),VLOOKUP(CIC25,COTAÇÃO,11,0))))","v":19.149999999999999},{"$f":"CIH25*CII25","v":9.5749999999999993},"ED-50374",{"$f":"IF(CIN25=\"SINAPI\",VLOOKUP(CIK25,SINAPI,2,0),IF(CIN25=\"SETOP\",VLOOKUP(CIK25,SETOP,3,0),IF(CIN25=\"CPU\",VLOOKUP(CIK25,COMPOSIÇÃO,2,0),VLOOKUP(CIK25,COTAÇÃO,3,0))))","v":"BOMBEIRO/ENCANADOR COM ENCARGOS COMPLEMENTARES"},null,"SETOP",{"$f":"IF(CIN25=\"SINAPI\",VLOOKUP(CIK25,SINAPI,3,0),IF(CIN25=\"SETOP\",VLOOKUP(CIK25,SETOP,4,0),IF(CIN25=\"CPU\",VLOOKUP(CIK25,COMPOSIÇÃO,5,0),VLOOKUP(CIK25,COTAÇÃO,8,0))))","v":"HORA"},0.5,{"$f":"IF(CIN25=\"SINAPI\",VLOOKUP(CIK25,SINAPI,4,0),IF(CIN25=\"SETOP\",VLOOKUP(CIK25,SETOP,5,0),IF(CIN25=\"CPU\",VLOOKUP(CIK25,COMPOSIÇÃO,8,0),VLOOKUP(CIK25,COTAÇÃO,11,0))))","v":19.149999999999999},{"$f":"CIP25*CIQ25","v":9.5749999999999993},"ED-50374",{"$f":"IF(CIV25=\"SINAPI\",VLOOKUP(CIS25,SINAPI,2,0),IF(CIV25=\"SETOP\",VLOOKUP(CIS25,SETOP,3,0),IF(CIV25=\"CPU\",VLOOKUP(CIS25,COMPOSIÇÃO,2,0),VLOOKUP(CIS25,COTAÇÃO,3,0))))","v":"BOMBEIRO/ENCANADOR COM ENCARGOS COMPLEMENTARES"},null,"SETOP",{"$f":"IF(CIV25=\"SINAPI\",VLOOKUP(CIS25,SINAPI,3,0),IF(CIV25=\"SETOP\",VLOOKUP(CIS25,SETOP,4,0),IF(CIV25=\"CPU\",VLOOKUP(CIS25,COMPOSIÇÃO,5,0),VLOOKUP(CIS25,COTAÇÃO,8,0))))","v":"HORA"},0.5,{"$f":"IF(CIV25=\"SINAPI\",VLOOKUP(CIS25,SINAPI,4,0),IF(CIV25=\"SETOP\",VLOOKUP(CIS25,SETOP,5,0),IF(CIV25=\"CPU\",VLOOKUP(CIS25,COMPOSIÇÃO,8,0),VLOOKUP(CIS25,COTAÇÃO,11,0))))","v":19.149999999999999},{"$f":"CIX25*CIY25","v":9.5749999999999993},"ED-50374",{"$f":"IF(CJD25=\"SINAPI\",VLOOKUP(CJA25,SINAPI,2,0),IF(CJD25=\"SETOP\",VLOOKUP(CJA25,SETOP,3,0),IF(CJD25=\"CPU\",VLOOKUP(CJA25,COMPOSIÇÃO,2,0),VLOOKUP(CJA25,COTAÇÃO,3,0))))","v":"BOMBEIRO/ENCANADOR COM ENCARGOS COMPLEMENTARES"},null,"SETOP",{"$f":"IF(CJD25=\"SINAPI\",VLOOKUP(CJA25,SINAPI,3,0),IF(CJD25=\"SETOP\",VLOOKUP(CJA25,SETOP,4,0),IF(CJD25=\"CPU\",VLOOKUP(CJA25,COMPOSIÇÃO,5,0),VLOOKUP(CJA25,COTAÇÃO,8,0))))","v":"HORA"},0.5,{"$f":"IF(CJD25=\"SINAPI\",VLOOKUP(CJA25,SINAPI,4,0),IF(CJD25=\"SETOP\",VLOOKUP(CJA25,SETOP,5,0),IF(CJD25=\"CPU\",VLOOKUP(CJA25,COMPOSIÇÃO,8,0),VLOOKUP(CJA25,COTAÇÃO,11,0))))","v":19.149999999999999},{"$f":"CJF25*CJG25","v":9.5749999999999993},"ED-50374",{"$f":"IF(CJL25=\"SINAPI\",VLOOKUP(CJI25,SINAPI,2,0),IF(CJL25=\"SETOP\",VLOOKUP(CJI25,SETOP,3,0),IF(CJL25=\"CPU\",VLOOKUP(CJI25,COMPOSIÇÃO,2,0),VLOOKUP(CJI25,COTAÇÃO,3,0))))","v":"BOMBEIRO/ENCANADOR COM ENCARGOS COMPLEMENTARES"},null,"SETOP",{"$f":"IF(CJL25=\"SINAPI\",VLOOKUP(CJI25,SINAPI,3,0),IF(CJL25=\"SETOP\",VLOOKUP(CJI25,SETOP,4,0),IF(CJL25=\"CPU\",VLOOKUP(CJI25,COMPOSIÇÃO,5,0),VLOOKUP(CJI25,COTAÇÃO,8,0))))","v":"HORA"},0.5,{"$f":"IF(CJL25=\"SINAPI\",VLOOKUP(CJI25,SINAPI,4,0),IF(CJL25=\"SETOP\",VLOOKUP(CJI25,SETOP,5,0),IF(CJL25=\"CPU\",VLOOKUP(CJI25,COMPOSIÇÃO,8,0),VLOOKUP(CJI25,COTAÇÃO,11,0))))","v":19.149999999999999},{"$f":"CJN25*CJO25","v":9.5749999999999993},"ED-50374",{"$f":"IF(CJT25=\"SINAPI\",VLOOKUP(CJQ25,SINAPI,2,0),IF(CJT25=\"SETOP\",VLOOKUP(CJQ25,SETOP,3,0),IF(CJT25=\"CPU\",VLOOKUP(CJQ25,COMPOSIÇÃO,2,0),VLOOKUP(CJQ25,COTAÇÃO,3,0))))","v":"BOMBEIRO/ENCANADOR COM ENCARGOS COMPLEMENTARES"},null,"SETOP",{"$f":"IF(CJT25=\"SINAPI\",VLOOKUP(CJQ25,SINAPI,3,0),IF(CJT25=\"SETOP\",VLOOKUP(CJQ25,SETOP,4,0),IF(CJT25=\"CPU\",VLOOKUP(CJQ25,COMPOSIÇÃO,5,0),VLOOKUP(CJQ25,COTAÇÃO,8,0))))","v":"HORA"},0.5,{"$f":"IF(CJT25=\"SINAPI\",VLOOKUP(CJQ25,SINAPI,4,0),IF(CJT25=\"SETOP\",VLOOKUP(CJQ25,SETOP,5,0),IF(CJT25=\"CPU\",VLOOKUP(CJQ25,COMPOSIÇÃO,8,0),VLOOKUP(CJQ25,COTAÇÃO,11,0))))","v":19.149999999999999},{"$f":"CJV25*CJW25","v":9.5749999999999993},"ED-50374",{"$f":"IF(CKB25=\"SINAPI\",VLOOKUP(CJY25,SINAPI,2,0),IF(CKB25=\"SETOP\",VLOOKUP(CJY25,SETOP,3,0),IF(CKB25=\"CPU\",VLOOKUP(CJY25,COMPOSIÇÃO,2,0),VLOOKUP(CJY25,COTAÇÃO,3,0))))","v":"BOMBEIRO/ENCANADOR COM ENCARGOS COMPLEMENTARES"},null,"SETOP",{"$f":"IF(CKB25=\"SINAPI\",VLOOKUP(CJY25,SINAPI,3,0),IF(CKB25=\"SETOP\",VLOOKUP(CJY25,SETOP,4,0),IF(CKB25=\"CPU\",VLOOKUP(CJY25,COMPOSIÇÃO,5,0),VLOOKUP(CJY25,COTAÇÃO,8,0))))","v":"HORA"},0.5,{"$f":"IF(CKB25=\"SINAPI\",VLOOKUP(CJY25,SINAPI,4,0),IF(CKB25=\"SETOP\",VLOOKUP(CJY25,SETOP,5,0),IF(CKB25=\"CPU\",VLOOKUP(CJY25,COMPOSIÇÃO,8,0),VLOOKUP(CJY25,COTAÇÃO,11,0))))","v":19.149999999999999},{"$f":"CKD25*CKE25","v":9.5749999999999993},"ED-50374",{"$f":"IF(CKJ25=\"SINAPI\",VLOOKUP(CKG25,SINAPI,2,0),IF(CKJ25=\"SETOP\",VLOOKUP(CKG25,SETOP,3,0),IF(CKJ25=\"CPU\",VLOOKUP(CKG25,COMPOSIÇÃO,2,0),VLOOKUP(CKG25,COTAÇÃO,3,0))))","v":"BOMBEIRO/ENCANADOR COM ENCARGOS COMPLEMENTARES"},null,"SETOP",{"$f":"IF(CKJ25=\"SINAPI\",VLOOKUP(CKG25,SINAPI,3,0),IF(CKJ25=\"SETOP\",VLOOKUP(CKG25,SETOP,4,0),IF(CKJ25=\"CPU\",VLOOKUP(CKG25,COMPOSIÇÃO,5,0),VLOOKUP(CKG25,COTAÇÃO,8,0))))","v":"HORA"},0.5,{"$f":"IF(CKJ25=\"SINAPI\",VLOOKUP(CKG25,SINAPI,4,0),IF(CKJ25=\"SETOP\",VLOOKUP(CKG25,SETOP,5,0),IF(CKJ25=\"CPU\",VLOOKUP(CKG25,COMPOSIÇÃO,8,0),VLOOKUP(CKG25,COTAÇÃO,11,0))))","v":19.149999999999999},{"$f":"CKL25*CKM25","v":9.5749999999999993},"ED-50374",{"$f":"IF(CKR25=\"SINAPI\",VLOOKUP(CKO25,SINAPI,2,0),IF(CKR25=\"SETOP\",VLOOKUP(CKO25,SETOP,3,0),IF(CKR25=\"CPU\",VLOOKUP(CKO25,COMPOSIÇÃO,2,0),VLOOKUP(CKO25,COTAÇÃO,3,0))))","v":"BOMBEIRO/ENCANADOR COM ENCARGOS COMPLEMENTARES"},null,"SETOP",{"$f":"IF(CKR25=\"SINAPI\",VLOOKUP(CKO25,SINAPI,3,0),IF(CKR25=\"SETOP\",VLOOKUP(CKO25,SETOP,4,0),IF(CKR25=\"CPU\",VLOOKUP(CKO25,COMPOSIÇÃO,5,0),VLOOKUP(CKO25,COTAÇÃO,8,0))))","v":"HORA"},0.5,{"$f":"IF(CKR25=\"SINAPI\",VLOOKUP(CKO25,SINAPI,4,0),IF(CKR25=\"SETOP\",VLOOKUP(CKO25,SETOP,5,0),IF(CKR25=\"CPU\",VLOOKUP(CKO25,COMPOSIÇÃO,8,0),VLOOKUP(CKO25,COTAÇÃO,11,0))))","v":19.149999999999999},{"$f":"CKT25*CKU25","v":9.5749999999999993},"ED-50374",{"$f":"IF(CKZ25=\"SINAPI\",VLOOKUP(CKW25,SINAPI,2,0),IF(CKZ25=\"SETOP\",VLOOKUP(CKW25,SETOP,3,0),IF(CKZ25=\"CPU\",VLOOKUP(CKW25,COMPOSIÇÃO,2,0),VLOOKUP(CKW25,COTAÇÃO,3,0))))","v":"BOMBEIRO/ENCANADOR COM ENCARGOS COMPLEMENTARES"},null,"SETOP",{"$f":"IF(CKZ25=\"SINAPI\",VLOOKUP(CKW25,SINAPI,3,0),IF(CKZ25=\"SETOP\",VLOOKUP(CKW25,SETOP,4,0),IF(CKZ25=\"CPU\",VLOOKUP(CKW25,COMPOSIÇÃO,5,0),VLOOKUP(CKW25,COTAÇÃO,8,0))))","v":"HORA"},0.5,{"$f":"IF(CKZ25=\"SINAPI\",VLOOKUP(CKW25,SINAPI,4,0),IF(CKZ25=\"SETOP\",VLOOKUP(CKW25,SETOP,5,0),IF(CKZ25=\"CPU\",VLOOKUP(CKW25,COMPOSIÇÃO,8,0),VLOOKUP(CKW25,COTAÇÃO,11,0))))","v":19.149999999999999},{"$f":"CLB25*CLC25","v":9.5749999999999993},"ED-50374",{"$f":"IF(CLH25=\"SINAPI\",VLOOKUP(CLE25,SINAPI,2,0),IF(CLH25=\"SETOP\",VLOOKUP(CLE25,SETOP,3,0),IF(CLH25=\"CPU\",VLOOKUP(CLE25,COMPOSIÇÃO,2,0),VLOOKUP(CLE25,COTAÇÃO,3,0))))","v":"BOMBEIRO/ENCANADOR COM ENCARGOS COMPLEMENTARES"},null,"SETOP",{"$f":"IF(CLH25=\"SINAPI\",VLOOKUP(CLE25,SINAPI,3,0),IF(CLH25=\"SETOP\",VLOOKUP(CLE25,SETOP,4,0),IF(CLH25=\"CPU\",VLOOKUP(CLE25,COMPOSIÇÃO,5,0),VLOOKUP(CLE25,COTAÇÃO,8,0))))","v":"HORA"},0.5,{"$f":"IF(CLH25=\"SINAPI\",VLOOKUP(CLE25,SINAPI,4,0),IF(CLH25=\"SETOP\",VLOOKUP(CLE25,SETOP,5,0),IF(CLH25=\"CPU\",VLOOKUP(CLE25,COMPOSIÇÃO,8,0),VLOOKUP(CLE25,COTAÇÃO,11,0))))","v":19.149999999999999},{"$f":"CLJ25*CLK25","v":9.5749999999999993},"ED-50374",{"$f":"IF(CLP25=\"SINAPI\",VLOOKUP(CLM25,SINAPI,2,0),IF(CLP25=\"SETOP\",VLOOKUP(CLM25,SETOP,3,0),IF(CLP25=\"CPU\",VLOOKUP(CLM25,COMPOSIÇÃO,2,0),VLOOKUP(CLM25,COTAÇÃO,3,0))))","v":"BOMBEIRO/ENCANADOR COM ENCARGOS COMPLEMENTARES"},null,"SETOP",{"$f":"IF(CLP25=\"SINAPI\",VLOOKUP(CLM25,SINAPI,3,0),IF(CLP25=\"SETOP\",VLOOKUP(CLM25,SETOP,4,0),IF(CLP25=\"CPU\",VLOOKUP(CLM25,COMPOSIÇÃO,5,0),VLOOKUP(CLM25,COTAÇÃO,8,0))))","v":"HORA"},0.5,{"$f":"IF(CLP25=\"SINAPI\",VLOOKUP(CLM25,SINAPI,4,0),IF(CLP25=\"SETOP\",VLOOKUP(CLM25,SETOP,5,0),IF(CLP25=\"CPU\",VLOOKUP(CLM25,COMPOSIÇÃO,8,0),VLOOKUP(CLM25,COTAÇÃO,11,0))))","v":19.149999999999999},{"$f":"CLR25*CLS25","v":9.5749999999999993},"ED-50374",{"$f":"IF(CLX25=\"SINAPI\",VLOOKUP(CLU25,SINAPI,2,0),IF(CLX25=\"SETOP\",VLOOKUP(CLU25,SETOP,3,0),IF(CLX25=\"CPU\",VLOOKUP(CLU25,COMPOSIÇÃO,2,0),VLOOKUP(CLU25,COTAÇÃO,3,0))))","v":"BOMBEIRO/ENCANADOR COM ENCARGOS COMPLEMENTARES"},null,"SETOP",{"$f":"IF(CLX25=\"SINAPI\",VLOOKUP(CLU25,SINAPI,3,0),IF(CLX25=\"SETOP\",VLOOKUP(CLU25,SETOP,4,0),IF(CLX25=\"CPU\",VLOOKUP(CLU25,COMPOSIÇÃO,5,0),VLOOKUP(CLU25,COTAÇÃO,8,0))))","v":"HORA"},0.5,{"$f":"IF(CLX25=\"SINAPI\",VLOOKUP(CLU25,SINAPI,4,0),IF(CLX25=\"SETOP\",VLOOKUP(CLU25,SETOP,5,0),IF(CLX25=\"CPU\",VLOOKUP(CLU25,COMPOSIÇÃO,8,0),VLOOKUP(CLU25,COTAÇÃO,11,0))))","v":19.149999999999999},{"$f":"CLZ25*CMA25","v":9.5749999999999993},"ED-50374",{"$f":"IF(CMF25=\"SINAPI\",VLOOKUP(CMC25,SINAPI,2,0),IF(CMF25=\"SETOP\",VLOOKUP(CMC25,SETOP,3,0),IF(CMF25=\"CPU\",VLOOKUP(CMC25,COMPOSIÇÃO,2,0),VLOOKUP(CMC25,COTAÇÃO,3,0))))","v":"BOMBEIRO/ENCANADOR COM ENCARGOS COMPLEMENTARES"},null,"SETOP",{"$f":"IF(CMF25=\"SINAPI\",VLOOKUP(CMC25,SINAPI,3,0),IF(CMF25=\"SETOP\",VLOOKUP(CMC25,SETOP,4,0),IF(CMF25=\"CPU\",VLOOKUP(CMC25,COMPOSIÇÃO,5,0),VLOOKUP(CMC25,COTAÇÃO,8,0))))","v":"HORA"},0.5,{"$f":"IF(CMF25=\"SINAPI\",VLOOKUP(CMC25,SINAPI,4,0),IF(CMF25=\"SETOP\",VLOOKUP(CMC25,SETOP,5,0),IF(CMF25=\"CPU\",VLOOKUP(CMC25,COMPOSIÇÃO,8,0),VLOOKUP(CMC25,COTAÇÃO,11,0))))","v":19.149999999999999},{"$f":"CMH25*CMI25","v":9.5749999999999993},"ED-50374",{"$f":"IF(CMN25=\"SINAPI\",VLOOKUP(CMK25,SINAPI,2,0),IF(CMN25=\"SETOP\",VLOOKUP(CMK25,SETOP,3,0),IF(CMN25=\"CPU\",VLOOKUP(CMK25,COMPOSIÇÃO,2,0),VLOOKUP(CMK25,COTAÇÃO,3,0))))","v":"BOMBEIRO/ENCANADOR COM ENCARGOS COMPLEMENTARES"},null,"SETOP",{"$f":"IF(CMN25=\"SINAPI\",VLOOKUP(CMK25,SINAPI,3,0),IF(CMN25=\"SETOP\",VLOOKUP(CMK25,SETOP,4,0),IF(CMN25=\"CPU\",VLOOKUP(CMK25,COMPOSIÇÃO,5,0),VLOOKUP(CMK25,COTAÇÃO,8,0))))","v":"HORA"},0.5,{"$f":"IF(CMN25=\"SINAPI\",VLOOKUP(CMK25,SINAPI,4,0),IF(CMN25=\"SETOP\",VLOOKUP(CMK25,SETOP,5,0),IF(CMN25=\"CPU\",VLOOKUP(CMK25,COMPOSIÇÃO,8,0),VLOOKUP(CMK25,COTAÇÃO,11,0))))","v":19.149999999999999},{"$f":"CMP25*CMQ25","v":9.5749999999999993},"ED-50374",{"$f":"IF(CMV25=\"SINAPI\",VLOOKUP(CMS25,SINAPI,2,0),IF(CMV25=\"SETOP\",VLOOKUP(CMS25,SETOP,3,0),IF(CMV25=\"CPU\",VLOOKUP(CMS25,COMPOSIÇÃO,2,0),VLOOKUP(CMS25,COTAÇÃO,3,0))))","v":"BOMBEIRO/ENCANADOR COM ENCARGOS COMPLEMENTARES"},null,"SETOP",{"$f":"IF(CMV25=\"SINAPI\",VLOOKUP(CMS25,SINAPI,3,0),IF(CMV25=\"SETOP\",VLOOKUP(CMS25,SETOP,4,0),IF(CMV25=\"CPU\",VLOOKUP(CMS25,COMPOSIÇÃO,5,0),VLOOKUP(CMS25,COTAÇÃO,8,0))))","v":"HORA"},0.5,{"$f":"IF(CMV25=\"SINAPI\",VLOOKUP(CMS25,SINAPI,4,0),IF(CMV25=\"SETOP\",VLOOKUP(CMS25,SETOP,5,0),IF(CMV25=\"CPU\",VLOOKUP(CMS25,COMPOSIÇÃO,8,0),VLOOKUP(CMS25,COTAÇÃO,11,0))))","v":19.149999999999999},{"$f":"CMX25*CMY25","v":9.5749999999999993},"ED-50374",{"$f":"IF(CND25=\"SINAPI\",VLOOKUP(CNA25,SINAPI,2,0),IF(CND25=\"SETOP\",VLOOKUP(CNA25,SETOP,3,0),IF(CND25=\"CPU\",VLOOKUP(CNA25,COMPOSIÇÃO,2,0),VLOOKUP(CNA25,COTAÇÃO,3,0))))","v":"BOMBEIRO/ENCANADOR COM ENCARGOS COMPLEMENTARES"},null,"SETOP",{"$f":"IF(CND25=\"SINAPI\",VLOOKUP(CNA25,SINAPI,3,0),IF(CND25=\"SETOP\",VLOOKUP(CNA25,SETOP,4,0),IF(CND25=\"CPU\",VLOOKUP(CNA25,COMPOSIÇÃO,5,0),VLOOKUP(CNA25,COTAÇÃO,8,0))))","v":"HORA"},0.5,{"$f":"IF(CND25=\"SINAPI\",VLOOKUP(CNA25,SINAPI,4,0),IF(CND25=\"SETOP\",VLOOKUP(CNA25,SETOP,5,0),IF(CND25=\"CPU\",VLOOKUP(CNA25,COMPOSIÇÃO,8,0),VLOOKUP(CNA25,COTAÇÃO,11,0))))","v":19.149999999999999},{"$f":"CNF25*CNG25","v":9.5749999999999993},"ED-50374",{"$f":"IF(CNL25=\"SINAPI\",VLOOKUP(CNI25,SINAPI,2,0),IF(CNL25=\"SETOP\",VLOOKUP(CNI25,SETOP,3,0),IF(CNL25=\"CPU\",VLOOKUP(CNI25,COMPOSIÇÃO,2,0),VLOOKUP(CNI25,COTAÇÃO,3,0))))","v":"BOMBEIRO/ENCANADOR COM ENCARGOS COMPLEMENTARES"},null,"SETOP",{"$f":"IF(CNL25=\"SINAPI\",VLOOKUP(CNI25,SINAPI,3,0),IF(CNL25=\"SETOP\",VLOOKUP(CNI25,SETOP,4,0),IF(CNL25=\"CPU\",VLOOKUP(CNI25,COMPOSIÇÃO,5,0),VLOOKUP(CNI25,COTAÇÃO,8,0))))","v":"HORA"},0.5,{"$f":"IF(CNL25=\"SINAPI\",VLOOKUP(CNI25,SINAPI,4,0),IF(CNL25=\"SETOP\",VLOOKUP(CNI25,SETOP,5,0),IF(CNL25=\"CPU\",VLOOKUP(CNI25,COMPOSIÇÃO,8,0),VLOOKUP(CNI25,COTAÇÃO,11,0))))","v":19.149999999999999},{"$f":"CNN25*CNO25","v":9.5749999999999993},"ED-50374",{"$f":"IF(CNT25=\"SINAPI\",VLOOKUP(CNQ25,SINAPI,2,0),IF(CNT25=\"SETOP\",VLOOKUP(CNQ25,SETOP,3,0),IF(CNT25=\"CPU\",VLOOKUP(CNQ25,COMPOSIÇÃO,2,0),VLOOKUP(CNQ25,COTAÇÃO,3,0))))","v":"BOMBEIRO/ENCANADOR COM ENCARGOS COMPLEMENTARES"},null,"SETOP",{"$f":"IF(CNT25=\"SINAPI\",VLOOKUP(CNQ25,SINAPI,3,0),IF(CNT25=\"SETOP\",VLOOKUP(CNQ25,SETOP,4,0),IF(CNT25=\"CPU\",VLOOKUP(CNQ25,COMPOSIÇÃO,5,0),VLOOKUP(CNQ25,COTAÇÃO,8,0))))","v":"HORA"},0.5,{"$f":"IF(CNT25=\"SINAPI\",VLOOKUP(CNQ25,SINAPI,4,0),IF(CNT25=\"SETOP\",VLOOKUP(CNQ25,SETOP,5,0),IF(CNT25=\"CPU\",VLOOKUP(CNQ25,COMPOSIÇÃO,8,0),VLOOKUP(CNQ25,COTAÇÃO,11,0))))","v":19.149999999999999},{"$f":"CNV25*CNW25","v":9.5749999999999993},"ED-50374",{"$f":"IF(COB25=\"SINAPI\",VLOOKUP(CNY25,SINAPI,2,0),IF(COB25=\"SETOP\",VLOOKUP(CNY25,SETOP,3,0),IF(COB25=\"CPU\",VLOOKUP(CNY25,COMPOSIÇÃO,2,0),VLOOKUP(CNY25,COTAÇÃO,3,0))))","v":"BOMBEIRO/ENCANADOR COM ENCARGOS COMPLEMENTARES"},null,"SETOP",{"$f":"IF(COB25=\"SINAPI\",VLOOKUP(CNY25,SINAPI,3,0),IF(COB25=\"SETOP\",VLOOKUP(CNY25,SETOP,4,0),IF(COB25=\"CPU\",VLOOKUP(CNY25,COMPOSIÇÃO,5,0),VLOOKUP(CNY25,COTAÇÃO,8,0))))","v":"HORA"},0.5,{"$f":"IF(COB25=\"SINAPI\",VLOOKUP(CNY25,SINAPI,4,0),IF(COB25=\"SETOP\",VLOOKUP(CNY25,SETOP,5,0),IF(COB25=\"CPU\",VLOOKUP(CNY25,COMPOSIÇÃO,8,0),VLOOKUP(CNY25,COTAÇÃO,11,0))))","v":19.149999999999999},{"$f":"COD25*COE25","v":9.5749999999999993},"ED-50374",{"$f":"IF(COJ25=\"SINAPI\",VLOOKUP(COG25,SINAPI,2,0),IF(COJ25=\"SETOP\",VLOOKUP(COG25,SETOP,3,0),IF(COJ25=\"CPU\",VLOOKUP(COG25,COMPOSIÇÃO,2,0),VLOOKUP(COG25,COTAÇÃO,3,0))))","v":"BOMBEIRO/ENCANADOR COM ENCARGOS COMPLEMENTARES"},null,"SETOP",{"$f":"IF(COJ25=\"SINAPI\",VLOOKUP(COG25,SINAPI,3,0),IF(COJ25=\"SETOP\",VLOOKUP(COG25,SETOP,4,0),IF(COJ25=\"CPU\",VLOOKUP(COG25,COMPOSIÇÃO,5,0),VLOOKUP(COG25,COTAÇÃO,8,0))))","v":"HORA"},0.5,{"$f":"IF(COJ25=\"SINAPI\",VLOOKUP(COG25,SINAPI,4,0),IF(COJ25=\"SETOP\",VLOOKUP(COG25,SETOP,5,0),IF(COJ25=\"CPU\",VLOOKUP(COG25,COMPOSIÇÃO,8,0),VLOOKUP(COG25,COTAÇÃO,11,0))))","v":19.149999999999999},{"$f":"COL25*COM25","v":9.5749999999999993},"ED-50374",{"$f":"IF(COR25=\"SINAPI\",VLOOKUP(COO25,SINAPI,2,0),IF(COR25=\"SETOP\",VLOOKUP(COO25,SETOP,3,0),IF(COR25=\"CPU\",VLOOKUP(COO25,COMPOSIÇÃO,2,0),VLOOKUP(COO25,COTAÇÃO,3,0))))","v":"BOMBEIRO/ENCANADOR COM ENCARGOS COMPLEMENTARES"},null,"SETOP",{"$f":"IF(COR25=\"SINAPI\",VLOOKUP(COO25,SINAPI,3,0),IF(COR25=\"SETOP\",VLOOKUP(COO25,SETOP,4,0),IF(COR25=\"CPU\",VLOOKUP(COO25,COMPOSIÇÃO,5,0),VLOOKUP(COO25,COTAÇÃO,8,0))))","v":"HORA"},0.5,{"$f":"IF(COR25=\"SINAPI\",VLOOKUP(COO25,SINAPI,4,0),IF(COR25=\"SETOP\",VLOOKUP(COO25,SETOP,5,0),IF(COR25=\"CPU\",VLOOKUP(COO25,COMPOSIÇÃO,8,0),VLOOKUP(COO25,COTAÇÃO,11,0))))","v":19.149999999999999},{"$f":"COT25*COU25","v":9.5749999999999993},"ED-50374",{"$f":"IF(COZ25=\"SINAPI\",VLOOKUP(COW25,SINAPI,2,0),IF(COZ25=\"SETOP\",VLOOKUP(COW25,SETOP,3,0),IF(COZ25=\"CPU\",VLOOKUP(COW25,COMPOSIÇÃO,2,0),VLOOKUP(COW25,COTAÇÃO,3,0))))","v":"BOMBEIRO/ENCANADOR COM ENCARGOS COMPLEMENTARES"},null,"SETOP",{"$f":"IF(COZ25=\"SINAPI\",VLOOKUP(COW25,SINAPI,3,0),IF(COZ25=\"SETOP\",VLOOKUP(COW25,SETOP,4,0),IF(COZ25=\"CPU\",VLOOKUP(COW25,COMPOSIÇÃO,5,0),VLOOKUP(COW25,COTAÇÃO,8,0))))","v":"HORA"},0.5,{"$f":"IF(COZ25=\"SINAPI\",VLOOKUP(COW25,SINAPI,4,0),IF(COZ25=\"SETOP\",VLOOKUP(COW25,SETOP,5,0),IF(COZ25=\"CPU\",VLOOKUP(COW25,COMPOSIÇÃO,8,0),VLOOKUP(COW25,COTAÇÃO,11,0))))","v":19.149999999999999},{"$f":"CPB25*CPC25","v":9.5749999999999993},"ED-50374",{"$f":"IF(CPH25=\"SINAPI\",VLOOKUP(CPE25,SINAPI,2,0),IF(CPH25=\"SETOP\",VLOOKUP(CPE25,SETOP,3,0),IF(CPH25=\"CPU\",VLOOKUP(CPE25,COMPOSIÇÃO,2,0),VLOOKUP(CPE25,COTAÇÃO,3,0))))","v":"BOMBEIRO/ENCANADOR COM ENCARGOS COMPLEMENTARES"},null,"SETOP",{"$f":"IF(CPH25=\"SINAPI\",VLOOKUP(CPE25,SINAPI,3,0),IF(CPH25=\"SETOP\",VLOOKUP(CPE25,SETOP,4,0),IF(CPH25=\"CPU\",VLOOKUP(CPE25,COMPOSIÇÃO,5,0),VLOOKUP(CPE25,COTAÇÃO,8,0))))","v":"HORA"},0.5,{"$f":"IF(CPH25=\"SINAPI\",VLOOKUP(CPE25,SINAPI,4,0),IF(CPH25=\"SETOP\",VLOOKUP(CPE25,SETOP,5,0),IF(CPH25=\"CPU\",VLOOKUP(CPE25,COMPOSIÇÃO,8,0),VLOOKUP(CPE25,COTAÇÃO,11,0))))","v":19.149999999999999},{"$f":"CPJ25*CPK25","v":9.5749999999999993},"ED-50374",{"$f":"IF(CPP25=\"SINAPI\",VLOOKUP(CPM25,SINAPI,2,0),IF(CPP25=\"SETOP\",VLOOKUP(CPM25,SETOP,3,0),IF(CPP25=\"CPU\",VLOOKUP(CPM25,COMPOSIÇÃO,2,0),VLOOKUP(CPM25,COTAÇÃO,3,0))))","v":"BOMBEIRO/ENCANADOR COM ENCARGOS COMPLEMENTARES"},null,"SETOP",{"$f":"IF(CPP25=\"SINAPI\",VLOOKUP(CPM25,SINAPI,3,0),IF(CPP25=\"SETOP\",VLOOKUP(CPM25,SETOP,4,0),IF(CPP25=\"CPU\",VLOOKUP(CPM25,COMPOSIÇÃO,5,0),VLOOKUP(CPM25,COTAÇÃO,8,0))))","v":"HORA"},0.5,{"$f":"IF(CPP25=\"SINAPI\",VLOOKUP(CPM25,SINAPI,4,0),IF(CPP25=\"SETOP\",VLOOKUP(CPM25,SETOP,5,0),IF(CPP25=\"CPU\",VLOOKUP(CPM25,COMPOSIÇÃO,8,0),VLOOKUP(CPM25,COTAÇÃO,11,0))))","v":19.149999999999999},{"$f":"CPR25*CPS25","v":9.5749999999999993},"ED-50374",{"$f":"IF(CPX25=\"SINAPI\",VLOOKUP(CPU25,SINAPI,2,0),IF(CPX25=\"SETOP\",VLOOKUP(CPU25,SETOP,3,0),IF(CPX25=\"CPU\",VLOOKUP(CPU25,COMPOSIÇÃO,2,0),VLOOKUP(CPU25,COTAÇÃO,3,0))))","v":"BOMBEIRO/ENCANADOR COM ENCARGOS COMPLEMENTARES"},null,"SETOP",{"$f":"IF(CPX25=\"SINAPI\",VLOOKUP(CPU25,SINAPI,3,0),IF(CPX25=\"SETOP\",VLOOKUP(CPU25,SETOP,4,0),IF(CPX25=\"CPU\",VLOOKUP(CPU25,COMPOSIÇÃO,5,0),VLOOKUP(CPU25,COTAÇÃO,8,0))))","v":"HORA"},0.5,{"$f":"IF(CPX25=\"SINAPI\",VLOOKUP(CPU25,SINAPI,4,0),IF(CPX25=\"SETOP\",VLOOKUP(CPU25,SETOP,5,0),IF(CPX25=\"CPU\",VLOOKUP(CPU25,COMPOSIÇÃO,8,0),VLOOKUP(CPU25,COTAÇÃO,11,0))))","v":19.149999999999999},{"$f":"CPZ25*CQA25","v":9.5749999999999993},"ED-50374",{"$f":"IF(CQF25=\"SINAPI\",VLOOKUP(CQC25,SINAPI,2,0),IF(CQF25=\"SETOP\",VLOOKUP(CQC25,SETOP,3,0),IF(CQF25=\"CPU\",VLOOKUP(CQC25,COMPOSIÇÃO,2,0),VLOOKUP(CQC25,COTAÇÃO,3,0))))","v":"BOMBEIRO/ENCANADOR COM ENCARGOS COMPLEMENTARES"},null,"SETOP",{"$f":"IF(CQF25=\"SINAPI\",VLOOKUP(CQC25,SINAPI,3,0),IF(CQF25=\"SETOP\",VLOOKUP(CQC25,SETOP,4,0),IF(CQF25=\"CPU\",VLOOKUP(CQC25,COMPOSIÇÃO,5,0),VLOOKUP(CQC25,COTAÇÃO,8,0))))","v":"HORA"},0.5,{"$f":"IF(CQF25=\"SINAPI\",VLOOKUP(CQC25,SINAPI,4,0),IF(CQF25=\"SETOP\",VLOOKUP(CQC25,SETOP,5,0),IF(CQF25=\"CPU\",VLOOKUP(CQC25,COMPOSIÇÃO,8,0),VLOOKUP(CQC25,COTAÇÃO,11,0))))","v":19.149999999999999},{"$f":"CQH25*CQI25","v":9.5749999999999993},"ED-50374",{"$f":"IF(CQN25=\"SINAPI\",VLOOKUP(CQK25,SINAPI,2,0),IF(CQN25=\"SETOP\",VLOOKUP(CQK25,SETOP,3,0),IF(CQN25=\"CPU\",VLOOKUP(CQK25,COMPOSIÇÃO,2,0),VLOOKUP(CQK25,COTAÇÃO,3,0))))","v":"BOMBEIRO/ENCANADOR COM ENCARGOS COMPLEMENTARES"},null,"SETOP",{"$f":"IF(CQN25=\"SINAPI\",VLOOKUP(CQK25,SINAPI,3,0),IF(CQN25=\"SETOP\",VLOOKUP(CQK25,SETOP,4,0),IF(CQN25=\"CPU\",VLOOKUP(CQK25,COMPOSIÇÃO,5,0),VLOOKUP(CQK25,COTAÇÃO,8,0))))","v":"HORA"},0.5,{"$f":"IF(CQN25=\"SINAPI\",VLOOKUP(CQK25,SINAPI,4,0),IF(CQN25=\"SETOP\",VLOOKUP(CQK25,SETOP,5,0),IF(CQN25=\"CPU\",VLOOKUP(CQK25,COMPOSIÇÃO,8,0),VLOOKUP(CQK25,COTAÇÃO,11,0))))","v":19.149999999999999},{"$f":"CQP25*CQQ25","v":9.5749999999999993},"ED-50374",{"$f":"IF(CQV25=\"SINAPI\",VLOOKUP(CQS25,SINAPI,2,0),IF(CQV25=\"SETOP\",VLOOKUP(CQS25,SETOP,3,0),IF(CQV25=\"CPU\",VLOOKUP(CQS25,COMPOSIÇÃO,2,0),VLOOKUP(CQS25,COTAÇÃO,3,0))))","v":"BOMBEIRO/ENCANADOR COM ENCARGOS COMPLEMENTARES"},null,"SETOP",{"$f":"IF(CQV25=\"SINAPI\",VLOOKUP(CQS25,SINAPI,3,0),IF(CQV25=\"SETOP\",VLOOKUP(CQS25,SETOP,4,0),IF(CQV25=\"CPU\",VLOOKUP(CQS25,COMPOSIÇÃO,5,0),VLOOKUP(CQS25,COTAÇÃO,8,0))))","v":"HORA"},0.5,{"$f":"IF(CQV25=\"SINAPI\",VLOOKUP(CQS25,SINAPI,4,0),IF(CQV25=\"SETOP\",VLOOKUP(CQS25,SETOP,5,0),IF(CQV25=\"CPU\",VLOOKUP(CQS25,COMPOSIÇÃO,8,0),VLOOKUP(CQS25,COTAÇÃO,11,0))))","v":19.149999999999999},{"$f":"CQX25*CQY25","v":9.5749999999999993},"ED-50374",{"$f":"IF(CRD25=\"SINAPI\",VLOOKUP(CRA25,SINAPI,2,0),IF(CRD25=\"SETOP\",VLOOKUP(CRA25,SETOP,3,0),IF(CRD25=\"CPU\",VLOOKUP(CRA25,COMPOSIÇÃO,2,0),VLOOKUP(CRA25,COTAÇÃO,3,0))))","v":"BOMBEIRO/ENCANADOR COM ENCARGOS COMPLEMENTARES"},null,"SETOP",{"$f":"IF(CRD25=\"SINAPI\",VLOOKUP(CRA25,SINAPI,3,0),IF(CRD25=\"SETOP\",VLOOKUP(CRA25,SETOP,4,0),IF(CRD25=\"CPU\",VLOOKUP(CRA25,COMPOSIÇÃO,5,0),VLOOKUP(CRA25,COTAÇÃO,8,0))))","v":"HORA"},0.5,{"$f":"IF(CRD25=\"SINAPI\",VLOOKUP(CRA25,SINAPI,4,0),IF(CRD25=\"SETOP\",VLOOKUP(CRA25,SETOP,5,0),IF(CRD25=\"CPU\",VLOOKUP(CRA25,COMPOSIÇÃO,8,0),VLOOKUP(CRA25,COTAÇÃO,11,0))))","v":19.149999999999999},{"$f":"CRF25*CRG25","v":9.5749999999999993},"ED-50374",{"$f":"IF(CRL25=\"SINAPI\",VLOOKUP(CRI25,SINAPI,2,0),IF(CRL25=\"SETOP\",VLOOKUP(CRI25,SETOP,3,0),IF(CRL25=\"CPU\",VLOOKUP(CRI25,COMPOSIÇÃO,2,0),VLOOKUP(CRI25,COTAÇÃO,3,0))))","v":"BOMBEIRO/ENCANADOR COM ENCARGOS COMPLEMENTARES"},null,"SETOP",{"$f":"IF(CRL25=\"SINAPI\",VLOOKUP(CRI25,SINAPI,3,0),IF(CRL25=\"SETOP\",VLOOKUP(CRI25,SETOP,4,0),IF(CRL25=\"CPU\",VLOOKUP(CRI25,COMPOSIÇÃO,5,0),VLOOKUP(CRI25,COTAÇÃO,8,0))))","v":"HORA"},0.5,{"$f":"IF(CRL25=\"SINAPI\",VLOOKUP(CRI25,SINAPI,4,0),IF(CRL25=\"SETOP\",VLOOKUP(CRI25,SETOP,5,0),IF(CRL25=\"CPU\",VLOOKUP(CRI25,COMPOSIÇÃO,8,0),VLOOKUP(CRI25,COTAÇÃO,11,0))))","v":19.149999999999999},{"$f":"CRN25*CRO25","v":9.5749999999999993},"ED-50374",{"$f":"IF(CRT25=\"SINAPI\",VLOOKUP(CRQ25,SINAPI,2,0),IF(CRT25=\"SETOP\",VLOOKUP(CRQ25,SETOP,3,0),IF(CRT25=\"CPU\",VLOOKUP(CRQ25,COMPOSIÇÃO,2,0),VLOOKUP(CRQ25,COTAÇÃO,3,0))))","v":"BOMBEIRO/ENCANADOR COM ENCARGOS COMPLEMENTARES"},null,"SETOP",{"$f":"IF(CRT25=\"SINAPI\",VLOOKUP(CRQ25,SINAPI,3,0),IF(CRT25=\"SETOP\",VLOOKUP(CRQ25,SETOP,4,0),IF(CRT25=\"CPU\",VLOOKUP(CRQ25,COMPOSIÇÃO,5,0),VLOOKUP(CRQ25,COTAÇÃO,8,0))))","v":"HORA"},0.5,{"$f":"IF(CRT25=\"SINAPI\",VLOOKUP(CRQ25,SINAPI,4,0),IF(CRT25=\"SETOP\",VLOOKUP(CRQ25,SETOP,5,0),IF(CRT25=\"CPU\",VLOOKUP(CRQ25,COMPOSIÇÃO,8,0),VLOOKUP(CRQ25,COTAÇÃO,11,0))))","v":19.149999999999999},{"$f":"CRV25*CRW25","v":9.5749999999999993},"ED-50374",{"$f":"IF(CSB25=\"SINAPI\",VLOOKUP(CRY25,SINAPI,2,0),IF(CSB25=\"SETOP\",VLOOKUP(CRY25,SETOP,3,0),IF(CSB25=\"CPU\",VLOOKUP(CRY25,COMPOSIÇÃO,2,0),VLOOKUP(CRY25,COTAÇÃO,3,0))))","v":"BOMBEIRO/ENCANADOR COM ENCARGOS COMPLEMENTARES"},null,"SETOP",{"$f":"IF(CSB25=\"SINAPI\",VLOOKUP(CRY25,SINAPI,3,0),IF(CSB25=\"SETOP\",VLOOKUP(CRY25,SETOP,4,0),IF(CSB25=\"CPU\",VLOOKUP(CRY25,COMPOSIÇÃO,5,0),VLOOKUP(CRY25,COTAÇÃO,8,0))))","v":"HORA"},0.5,{"$f":"IF(CSB25=\"SINAPI\",VLOOKUP(CRY25,SINAPI,4,0),IF(CSB25=\"SETOP\",VLOOKUP(CRY25,SETOP,5,0),IF(CSB25=\"CPU\",VLOOKUP(CRY25,COMPOSIÇÃO,8,0),VLOOKUP(CRY25,COTAÇÃO,11,0))))","v":19.149999999999999},{"$f":"CSD25*CSE25","v":9.5749999999999993},"ED-50374",{"$f":"IF(CSJ25=\"SINAPI\",VLOOKUP(CSG25,SINAPI,2,0),IF(CSJ25=\"SETOP\",VLOOKUP(CSG25,SETOP,3,0),IF(CSJ25=\"CPU\",VLOOKUP(CSG25,COMPOSIÇÃO,2,0),VLOOKUP(CSG25,COTAÇÃO,3,0))))","v":"BOMBEIRO/ENCANADOR COM ENCARGOS COMPLEMENTARES"},null,"SETOP",{"$f":"IF(CSJ25=\"SINAPI\",VLOOKUP(CSG25,SINAPI,3,0),IF(CSJ25=\"SETOP\",VLOOKUP(CSG25,SETOP,4,0),IF(CSJ25=\"CPU\",VLOOKUP(CSG25,COMPOSIÇÃO,5,0),VLOOKUP(CSG25,COTAÇÃO,8,0))))","v":"HORA"},0.5,{"$f":"IF(CSJ25=\"SINAPI\",VLOOKUP(CSG25,SINAPI,4,0),IF(CSJ25=\"SETOP\",VLOOKUP(CSG25,SETOP,5,0),IF(CSJ25=\"CPU\",VLOOKUP(CSG25,COMPOSIÇÃO,8,0),VLOOKUP(CSG25,COTAÇÃO,11,0))))","v":19.149999999999999},{"$f":"CSL25*CSM25","v":9.5749999999999993},"ED-50374",{"$f":"IF(CSR25=\"SINAPI\",VLOOKUP(CSO25,SINAPI,2,0),IF(CSR25=\"SETOP\",VLOOKUP(CSO25,SETOP,3,0),IF(CSR25=\"CPU\",VLOOKUP(CSO25,COMPOSIÇÃO,2,0),VLOOKUP(CSO25,COTAÇÃO,3,0))))","v":"BOMBEIRO/ENCANADOR COM ENCARGOS COMPLEMENTARES"},null,"SETOP",{"$f":"IF(CSR25=\"SINAPI\",VLOOKUP(CSO25,SINAPI,3,0),IF(CSR25=\"SETOP\",VLOOKUP(CSO25,SETOP,4,0),IF(CSR25=\"CPU\",VLOOKUP(CSO25,COMPOSIÇÃO,5,0),VLOOKUP(CSO25,COTAÇÃO,8,0))))","v":"HORA"},0.5,{"$f":"IF(CSR25=\"SINAPI\",VLOOKUP(CSO25,SINAPI,4,0),IF(CSR25=\"SETOP\",VLOOKUP(CSO25,SETOP,5,0),IF(CSR25=\"CPU\",VLOOKUP(CSO25,COMPOSIÇÃO,8,0),VLOOKUP(CSO25,COTAÇÃO,11,0))))","v":19.149999999999999},{"$f":"CST25*CSU25","v":9.5749999999999993},"ED-50374",{"$f":"IF(CSZ25=\"SINAPI\",VLOOKUP(CSW25,SINAPI,2,0),IF(CSZ25=\"SETOP\",VLOOKUP(CSW25,SETOP,3,0),IF(CSZ25=\"CPU\",VLOOKUP(CSW25,COMPOSIÇÃO,2,0),VLOOKUP(CSW25,COTAÇÃO,3,0))))","v":"BOMBEIRO/ENCANADOR COM ENCARGOS COMPLEMENTARES"},null,"SETOP",{"$f":"IF(CSZ25=\"SINAPI\",VLOOKUP(CSW25,SINAPI,3,0),IF(CSZ25=\"SETOP\",VLOOKUP(CSW25,SETOP,4,0),IF(CSZ25=\"CPU\",VLOOKUP(CSW25,COMPOSIÇÃO,5,0),VLOOKUP(CSW25,COTAÇÃO,8,0))))","v":"HORA"},0.5,{"$f":"IF(CSZ25=\"SINAPI\",VLOOKUP(CSW25,SINAPI,4,0),IF(CSZ25=\"SETOP\",VLOOKUP(CSW25,SETOP,5,0),IF(CSZ25=\"CPU\",VLOOKUP(CSW25,COMPOSIÇÃO,8,0),VLOOKUP(CSW25,COTAÇÃO,11,0))))","v":19.149999999999999},{"$f":"CTB25*CTC25","v":9.5749999999999993},"ED-50374",{"$f":"IF(CTH25=\"SINAPI\",VLOOKUP(CTE25,SINAPI,2,0),IF(CTH25=\"SETOP\",VLOOKUP(CTE25,SETOP,3,0),IF(CTH25=\"CPU\",VLOOKUP(CTE25,COMPOSIÇÃO,2,0),VLOOKUP(CTE25,COTAÇÃO,3,0))))","v":"BOMBEIRO/ENCANADOR COM ENCARGOS COMPLEMENTARES"},null,"SETOP",{"$f":"IF(CTH25=\"SINAPI\",VLOOKUP(CTE25,SINAPI,3,0),IF(CTH25=\"SETOP\",VLOOKUP(CTE25,SETOP,4,0),IF(CTH25=\"CPU\",VLOOKUP(CTE25,COMPOSIÇÃO,5,0),VLOOKUP(CTE25,COTAÇÃO,8,0))))","v":"HORA"},0.5,{"$f":"IF(CTH25=\"SINAPI\",VLOOKUP(CTE25,SINAPI,4,0),IF(CTH25=\"SETOP\",VLOOKUP(CTE25,SETOP,5,0),IF(CTH25=\"CPU\",VLOOKUP(CTE25,COMPOSIÇÃO,8,0),VLOOKUP(CTE25,COTAÇÃO,11,0))))","v":19.149999999999999},{"$f":"CTJ25*CTK25","v":9.5749999999999993},"ED-50374",{"$f":"IF(CTP25=\"SINAPI\",VLOOKUP(CTM25,SINAPI,2,0),IF(CTP25=\"SETOP\",VLOOKUP(CTM25,SETOP,3,0),IF(CTP25=\"CPU\",VLOOKUP(CTM25,COMPOSIÇÃO,2,0),VLOOKUP(CTM25,COTAÇÃO,3,0))))","v":"BOMBEIRO/ENCANADOR COM ENCARGOS COMPLEMENTARES"},null,"SETOP",{"$f":"IF(CTP25=\"SINAPI\",VLOOKUP(CTM25,SINAPI,3,0),IF(CTP25=\"SETOP\",VLOOKUP(CTM25,SETOP,4,0),IF(CTP25=\"CPU\",VLOOKUP(CTM25,COMPOSIÇÃO,5,0),VLOOKUP(CTM25,COTAÇÃO,8,0))))","v":"HORA"},0.5,{"$f":"IF(CTP25=\"SINAPI\",VLOOKUP(CTM25,SINAPI,4,0),IF(CTP25=\"SETOP\",VLOOKUP(CTM25,SETOP,5,0),IF(CTP25=\"CPU\",VLOOKUP(CTM25,COMPOSIÇÃO,8,0),VLOOKUP(CTM25,COTAÇÃO,11,0))))","v":19.149999999999999},{"$f":"CTR25*CTS25","v":9.5749999999999993},"ED-50374",{"$f":"IF(CTX25=\"SINAPI\",VLOOKUP(CTU25,SINAPI,2,0),IF(CTX25=\"SETOP\",VLOOKUP(CTU25,SETOP,3,0),IF(CTX25=\"CPU\",VLOOKUP(CTU25,COMPOSIÇÃO,2,0),VLOOKUP(CTU25,COTAÇÃO,3,0))))","v":"BOMBEIRO/ENCANADOR COM ENCARGOS COMPLEMENTARES"},null,"SETOP",{"$f":"IF(CTX25=\"SINAPI\",VLOOKUP(CTU25,SINAPI,3,0),IF(CTX25=\"SETOP\",VLOOKUP(CTU25,SETOP,4,0),IF(CTX25=\"CPU\",VLOOKUP(CTU25,COMPOSIÇÃO,5,0),VLOOKUP(CTU25,COTAÇÃO,8,0))))","v":"HORA"},0.5,{"$f":"IF(CTX25=\"SINAPI\",VLOOKUP(CTU25,SINAPI,4,0),IF(CTX25=\"SETOP\",VLOOKUP(CTU25,SETOP,5,0),IF(CTX25=\"CPU\",VLOOKUP(CTU25,COMPOSIÇÃO,8,0),VLOOKUP(CTU25,COTAÇÃO,11,0))))","v":19.149999999999999},{"$f":"CTZ25*CUA25","v":9.5749999999999993},"ED-50374",{"$f":"IF(CUF25=\"SINAPI\",VLOOKUP(CUC25,SINAPI,2,0),IF(CUF25=\"SETOP\",VLOOKUP(CUC25,SETOP,3,0),IF(CUF25=\"CPU\",VLOOKUP(CUC25,COMPOSIÇÃO,2,0),VLOOKUP(CUC25,COTAÇÃO,3,0))))","v":"BOMBEIRO/ENCANADOR COM ENCARGOS COMPLEMENTARES"},null,"SETOP",{"$f":"IF(CUF25=\"SINAPI\",VLOOKUP(CUC25,SINAPI,3,0),IF(CUF25=\"SETOP\",VLOOKUP(CUC25,SETOP,4,0),IF(CUF25=\"CPU\",VLOOKUP(CUC25,COMPOSIÇÃO,5,0),VLOOKUP(CUC25,COTAÇÃO,8,0))))","v":"HORA"},0.5,{"$f":"IF(CUF25=\"SINAPI\",VLOOKUP(CUC25,SINAPI,4,0),IF(CUF25=\"SETOP\",VLOOKUP(CUC25,SETOP,5,0),IF(CUF25=\"CPU\",VLOOKUP(CUC25,COMPOSIÇÃO,8,0),VLOOKUP(CUC25,COTAÇÃO,11,0))))","v":19.149999999999999},{"$f":"CUH25*CUI25","v":9.5749999999999993},"ED-50374",{"$f":"IF(CUN25=\"SINAPI\",VLOOKUP(CUK25,SINAPI,2,0),IF(CUN25=\"SETOP\",VLOOKUP(CUK25,SETOP,3,0),IF(CUN25=\"CPU\",VLOOKUP(CUK25,COMPOSIÇÃO,2,0),VLOOKUP(CUK25,COTAÇÃO,3,0))))","v":"BOMBEIRO/ENCANADOR COM ENCARGOS COMPLEMENTARES"},null,"SETOP",{"$f":"IF(CUN25=\"SINAPI\",VLOOKUP(CUK25,SINAPI,3,0),IF(CUN25=\"SETOP\",VLOOKUP(CUK25,SETOP,4,0),IF(CUN25=\"CPU\",VLOOKUP(CUK25,COMPOSIÇÃO,5,0),VLOOKUP(CUK25,COTAÇÃO,8,0))))","v":"HORA"},0.5,{"$f":"IF(CUN25=\"SINAPI\",VLOOKUP(CUK25,SINAPI,4,0),IF(CUN25=\"SETOP\",VLOOKUP(CUK25,SETOP,5,0),IF(CUN25=\"CPU\",VLOOKUP(CUK25,COMPOSIÇÃO,8,0),VLOOKUP(CUK25,COTAÇÃO,11,0))))","v":19.149999999999999},{"$f":"CUP25*CUQ25","v":9.5749999999999993},"ED-50374",{"$f":"IF(CUV25=\"SINAPI\",VLOOKUP(CUS25,SINAPI,2,0),IF(CUV25=\"SETOP\",VLOOKUP(CUS25,SETOP,3,0),IF(CUV25=\"CPU\",VLOOKUP(CUS25,COMPOSIÇÃO,2,0),VLOOKUP(CUS25,COTAÇÃO,3,0))))","v":"BOMBEIRO/ENCANADOR COM ENCARGOS COMPLEMENTARES"},null,"SETOP",{"$f":"IF(CUV25=\"SINAPI\",VLOOKUP(CUS25,SINAPI,3,0),IF(CUV25=\"SETOP\",VLOOKUP(CUS25,SETOP,4,0),IF(CUV25=\"CPU\",VLOOKUP(CUS25,COMPOSIÇÃO,5,0),VLOOKUP(CUS25,COTAÇÃO,8,0))))","v":"HORA"},0.5,{"$f":"IF(CUV25=\"SINAPI\",VLOOKUP(CUS25,SINAPI,4,0),IF(CUV25=\"SETOP\",VLOOKUP(CUS25,SETOP,5,0),IF(CUV25=\"CPU\",VLOOKUP(CUS25,COMPOSIÇÃO,8,0),VLOOKUP(CUS25,COTAÇÃO,11,0))))","v":19.149999999999999},{"$f":"CUX25*CUY25","v":9.5749999999999993},"ED-50374",{"$f":"IF(CVD25=\"SINAPI\",VLOOKUP(CVA25,SINAPI,2,0),IF(CVD25=\"SETOP\",VLOOKUP(CVA25,SETOP,3,0),IF(CVD25=\"CPU\",VLOOKUP(CVA25,COMPOSIÇÃO,2,0),VLOOKUP(CVA25,COTAÇÃO,3,0))))","v":"BOMBEIRO/ENCANADOR COM ENCARGOS COMPLEMENTARES"},null,"SETOP",{"$f":"IF(CVD25=\"SINAPI\",VLOOKUP(CVA25,SINAPI,3,0),IF(CVD25=\"SETOP\",VLOOKUP(CVA25,SETOP,4,0),IF(CVD25=\"CPU\",VLOOKUP(CVA25,COMPOSIÇÃO,5,0),VLOOKUP(CVA25,COTAÇÃO,8,0))))","v":"HORA"},0.5,{"$f":"IF(CVD25=\"SINAPI\",VLOOKUP(CVA25,SINAPI,4,0),IF(CVD25=\"SETOP\",VLOOKUP(CVA25,SETOP,5,0),IF(CVD25=\"CPU\",VLOOKUP(CVA25,COMPOSIÇÃO,8,0),VLOOKUP(CVA25,COTAÇÃO,11,0))))","v":19.149999999999999},{"$f":"CVF25*CVG25","v":9.5749999999999993},"ED-50374",{"$f":"IF(CVL25=\"SINAPI\",VLOOKUP(CVI25,SINAPI,2,0),IF(CVL25=\"SETOP\",VLOOKUP(CVI25,SETOP,3,0),IF(CVL25=\"CPU\",VLOOKUP(CVI25,COMPOSIÇÃO,2,0),VLOOKUP(CVI25,COTAÇÃO,3,0))))","v":"BOMBEIRO/ENCANADOR COM ENCARGOS COMPLEMENTARES"},null,"SETOP",{"$f":"IF(CVL25=\"SINAPI\",VLOOKUP(CVI25,SINAPI,3,0),IF(CVL25=\"SETOP\",VLOOKUP(CVI25,SETOP,4,0),IF(CVL25=\"CPU\",VLOOKUP(CVI25,COMPOSIÇÃO,5,0),VLOOKUP(CVI25,COTAÇÃO,8,0))))","v":"HORA"},0.5,{"$f":"IF(CVL25=\"SINAPI\",VLOOKUP(CVI25,SINAPI,4,0),IF(CVL25=\"SETOP\",VLOOKUP(CVI25,SETOP,5,0),IF(CVL25=\"CPU\",VLOOKUP(CVI25,COMPOSIÇÃO,8,0),VLOOKUP(CVI25,COTAÇÃO,11,0))))","v":19.149999999999999},{"$f":"CVN25*CVO25","v":9.5749999999999993},"ED-50374",{"$f":"IF(CVT25=\"SINAPI\",VLOOKUP(CVQ25,SINAPI,2,0),IF(CVT25=\"SETOP\",VLOOKUP(CVQ25,SETOP,3,0),IF(CVT25=\"CPU\",VLOOKUP(CVQ25,COMPOSIÇÃO,2,0),VLOOKUP(CVQ25,COTAÇÃO,3,0))))","v":"BOMBEIRO/ENCANADOR COM ENCARGOS COMPLEMENTARES"},null,"SETOP",{"$f":"IF(CVT25=\"SINAPI\",VLOOKUP(CVQ25,SINAPI,3,0),IF(CVT25=\"SETOP\",VLOOKUP(CVQ25,SETOP,4,0),IF(CVT25=\"CPU\",VLOOKUP(CVQ25,COMPOSIÇÃO,5,0),VLOOKUP(CVQ25,COTAÇÃO,8,0))))","v":"HORA"},0.5,{"$f":"IF(CVT25=\"SINAPI\",VLOOKUP(CVQ25,SINAPI,4,0),IF(CVT25=\"SETOP\",VLOOKUP(CVQ25,SETOP,5,0),IF(CVT25=\"CPU\",VLOOKUP(CVQ25,COMPOSIÇÃO,8,0),VLOOKUP(CVQ25,COTAÇÃO,11,0))))","v":19.149999999999999},{"$f":"CVV25*CVW25","v":9.5749999999999993},"ED-50374",{"$f":"IF(CWB25=\"SINAPI\",VLOOKUP(CVY25,SINAPI,2,0),IF(CWB25=\"SETOP\",VLOOKUP(CVY25,SETOP,3,0),IF(CWB25=\"CPU\",VLOOKUP(CVY25,COMPOSIÇÃO,2,0),VLOOKUP(CVY25,COTAÇÃO,3,0))))","v":"BOMBEIRO/ENCANADOR COM ENCARGOS COMPLEMENTARES"},null,"SETOP",{"$f":"IF(CWB25=\"SINAPI\",VLOOKUP(CVY25,SINAPI,3,0),IF(CWB25=\"SETOP\",VLOOKUP(CVY25,SETOP,4,0),IF(CWB25=\"CPU\",VLOOKUP(CVY25,COMPOSIÇÃO,5,0),VLOOKUP(CVY25,COTAÇÃO,8,0))))","v":"HORA"},0.5,{"$f":"IF(CWB25=\"SINAPI\",VLOOKUP(CVY25,SINAPI,4,0),IF(CWB25=\"SETOP\",VLOOKUP(CVY25,SETOP,5,0),IF(CWB25=\"CPU\",VLOOKUP(CVY25,COMPOSIÇÃO,8,0),VLOOKUP(CVY25,COTAÇÃO,11,0))))","v":19.149999999999999},{"$f":"CWD25*CWE25","v":9.5749999999999993},"ED-50374",{"$f":"IF(CWJ25=\"SINAPI\",VLOOKUP(CWG25,SINAPI,2,0),IF(CWJ25=\"SETOP\",VLOOKUP(CWG25,SETOP,3,0),IF(CWJ25=\"CPU\",VLOOKUP(CWG25,COMPOSIÇÃO,2,0),VLOOKUP(CWG25,COTAÇÃO,3,0))))","v":"BOMBEIRO/ENCANADOR COM ENCARGOS COMPLEMENTARES"},null,"SETOP",{"$f":"IF(CWJ25=\"SINAPI\",VLOOKUP(CWG25,SINAPI,3,0),IF(CWJ25=\"SETOP\",VLOOKUP(CWG25,SETOP,4,0),IF(CWJ25=\"CPU\",VLOOKUP(CWG25,COMPOSIÇÃO,5,0),VLOOKUP(CWG25,COTAÇÃO,8,0))))","v":"HORA"},0.5,{"$f":"IF(CWJ25=\"SINAPI\",VLOOKUP(CWG25,SINAPI,4,0),IF(CWJ25=\"SETOP\",VLOOKUP(CWG25,SETOP,5,0),IF(CWJ25=\"CPU\",VLOOKUP(CWG25,COMPOSIÇÃO,8,0),VLOOKUP(CWG25,COTAÇÃO,11,0))))","v":19.149999999999999},{"$f":"CWL25*CWM25","v":9.5749999999999993},"ED-50374",{"$f":"IF(CWR25=\"SINAPI\",VLOOKUP(CWO25,SINAPI,2,0),IF(CWR25=\"SETOP\",VLOOKUP(CWO25,SETOP,3,0),IF(CWR25=\"CPU\",VLOOKUP(CWO25,COMPOSIÇÃO,2,0),VLOOKUP(CWO25,COTAÇÃO,3,0))))","v":"BOMBEIRO/ENCANADOR COM ENCARGOS COMPLEMENTARES"},null,"SETOP",{"$f":"IF(CWR25=\"SINAPI\",VLOOKUP(CWO25,SINAPI,3,0),IF(CWR25=\"SETOP\",VLOOKUP(CWO25,SETOP,4,0),IF(CWR25=\"CPU\",VLOOKUP(CWO25,COMPOSIÇÃO,5,0),VLOOKUP(CWO25,COTAÇÃO,8,0))))","v":"HORA"},0.5,{"$f":"IF(CWR25=\"SINAPI\",VLOOKUP(CWO25,SINAPI,4,0),IF(CWR25=\"SETOP\",VLOOKUP(CWO25,SETOP,5,0),IF(CWR25=\"CPU\",VLOOKUP(CWO25,COMPOSIÇÃO,8,0),VLOOKUP(CWO25,COTAÇÃO,11,0))))","v":19.149999999999999},{"$f":"CWT25*CWU25","v":9.5749999999999993},"ED-50374",{"$f":"IF(CWZ25=\"SINAPI\",VLOOKUP(CWW25,SINAPI,2,0),IF(CWZ25=\"SETOP\",VLOOKUP(CWW25,SETOP,3,0),IF(CWZ25=\"CPU\",VLOOKUP(CWW25,COMPOSIÇÃO,2,0),VLOOKUP(CWW25,COTAÇÃO,3,0))))","v":"BOMBEIRO/ENCANADOR COM ENCARGOS COMPLEMENTARES"},null,"SETOP",{"$f":"IF(CWZ25=\"SINAPI\",VLOOKUP(CWW25,SINAPI,3,0),IF(CWZ25=\"SETOP\",VLOOKUP(CWW25,SETOP,4,0),IF(CWZ25=\"CPU\",VLOOKUP(CWW25,COMPOSIÇÃO,5,0),VLOOKUP(CWW25,COTAÇÃO,8,0))))","v":"HORA"},0.5,{"$f":"IF(CWZ25=\"SINAPI\",VLOOKUP(CWW25,SINAPI,4,0),IF(CWZ25=\"SETOP\",VLOOKUP(CWW25,SETOP,5,0),IF(CWZ25=\"CPU\",VLOOKUP(CWW25,COMPOSIÇÃO,8,0),VLOOKUP(CWW25,COTAÇÃO,11,0))))","v":19.149999999999999},{"$f":"CXB25*CXC25","v":9.5749999999999993},"ED-50374",{"$f":"IF(CXH25=\"SINAPI\",VLOOKUP(CXE25,SINAPI,2,0),IF(CXH25=\"SETOP\",VLOOKUP(CXE25,SETOP,3,0),IF(CXH25=\"CPU\",VLOOKUP(CXE25,COMPOSIÇÃO,2,0),VLOOKUP(CXE25,COTAÇÃO,3,0))))","v":"BOMBEIRO/ENCANADOR COM ENCARGOS COMPLEMENTARES"},null,"SETOP",{"$f":"IF(CXH25=\"SINAPI\",VLOOKUP(CXE25,SINAPI,3,0),IF(CXH25=\"SETOP\",VLOOKUP(CXE25,SETOP,4,0),IF(CXH25=\"CPU\",VLOOKUP(CXE25,COMPOSIÇÃO,5,0),VLOOKUP(CXE25,COTAÇÃO,8,0))))","v":"HORA"},0.5,{"$f":"IF(CXH25=\"SINAPI\",VLOOKUP(CXE25,SINAPI,4,0),IF(CXH25=\"SETOP\",VLOOKUP(CXE25,SETOP,5,0),IF(CXH25=\"CPU\",VLOOKUP(CXE25,COMPOSIÇÃO,8,0),VLOOKUP(CXE25,COTAÇÃO,11,0))))","v":19.149999999999999},{"$f":"CXJ25*CXK25","v":9.5749999999999993},"ED-50374",{"$f":"IF(CXP25=\"SINAPI\",VLOOKUP(CXM25,SINAPI,2,0),IF(CXP25=\"SETOP\",VLOOKUP(CXM25,SETOP,3,0),IF(CXP25=\"CPU\",VLOOKUP(CXM25,COMPOSIÇÃO,2,0),VLOOKUP(CXM25,COTAÇÃO,3,0))))","v":"BOMBEIRO/ENCANADOR COM ENCARGOS COMPLEMENTARES"},null,"SETOP",{"$f":"IF(CXP25=\"SINAPI\",VLOOKUP(CXM25,SINAPI,3,0),IF(CXP25=\"SETOP\",VLOOKUP(CXM25,SETOP,4,0),IF(CXP25=\"CPU\",VLOOKUP(CXM25,COMPOSIÇÃO,5,0),VLOOKUP(CXM25,COTAÇÃO,8,0))))","v":"HORA"},0.5,{"$f":"IF(CXP25=\"SINAPI\",VLOOKUP(CXM25,SINAPI,4,0),IF(CXP25=\"SETOP\",VLOOKUP(CXM25,SETOP,5,0),IF(CXP25=\"CPU\",VLOOKUP(CXM25,COMPOSIÇÃO,8,0),VLOOKUP(CXM25,COTAÇÃO,11,0))))","v":19.149999999999999},{"$f":"CXR25*CXS25","v":9.5749999999999993},"ED-50374",{"$f":"IF(CXX25=\"SINAPI\",VLOOKUP(CXU25,SINAPI,2,0),IF(CXX25=\"SETOP\",VLOOKUP(CXU25,SETOP,3,0),IF(CXX25=\"CPU\",VLOOKUP(CXU25,COMPOSIÇÃO,2,0),VLOOKUP(CXU25,COTAÇÃO,3,0))))","v":"BOMBEIRO/ENCANADOR COM ENCARGOS COMPLEMENTARES"},null,"SETOP",{"$f":"IF(CXX25=\"SINAPI\",VLOOKUP(CXU25,SINAPI,3,0),IF(CXX25=\"SETOP\",VLOOKUP(CXU25,SETOP,4,0),IF(CXX25=\"CPU\",VLOOKUP(CXU25,COMPOSIÇÃO,5,0),VLOOKUP(CXU25,COTAÇÃO,8,0))))","v":"HORA"},0.5,{"$f":"IF(CXX25=\"SINAPI\",VLOOKUP(CXU25,SINAPI,4,0),IF(CXX25=\"SETOP\",VLOOKUP(CXU25,SETOP,5,0),IF(CXX25=\"CPU\",VLOOKUP(CXU25,COMPOSIÇÃO,8,0),VLOOKUP(CXU25,COTAÇÃO,11,0))))","v":19.149999999999999},{"$f":"CXZ25*CYA25","v":9.5749999999999993},"ED-50374",{"$f":"IF(CYF25=\"SINAPI\",VLOOKUP(CYC25,SINAPI,2,0),IF(CYF25=\"SETOP\",VLOOKUP(CYC25,SETOP,3,0),IF(CYF25=\"CPU\",VLOOKUP(CYC25,COMPOSIÇÃO,2,0),VLOOKUP(CYC25,COTAÇÃO,3,0))))","v":"BOMBEIRO/ENCANADOR COM ENCARGOS COMPLEMENTARES"},null,"SETOP",{"$f":"IF(CYF25=\"SINAPI\",VLOOKUP(CYC25,SINAPI,3,0),IF(CYF25=\"SETOP\",VLOOKUP(CYC25,SETOP,4,0),IF(CYF25=\"CPU\",VLOOKUP(CYC25,COMPOSIÇÃO,5,0),VLOOKUP(CYC25,COTAÇÃO,8,0))))","v":"HORA"},0.5,{"$f":"IF(CYF25=\"SINAPI\",VLOOKUP(CYC25,SINAPI,4,0),IF(CYF25=\"SETOP\",VLOOKUP(CYC25,SETOP,5,0),IF(CYF25=\"CPU\",VLOOKUP(CYC25,COMPOSIÇÃO,8,0),VLOOKUP(CYC25,COTAÇÃO,11,0))))","v":19.149999999999999},{"$f":"CYH25*CYI25","v":9.5749999999999993},"ED-50374",{"$f":"IF(CYN25=\"SINAPI\",VLOOKUP(CYK25,SINAPI,2,0),IF(CYN25=\"SETOP\",VLOOKUP(CYK25,SETOP,3,0),IF(CYN25=\"CPU\",VLOOKUP(CYK25,COMPOSIÇÃO,2,0),VLOOKUP(CYK25,COTAÇÃO,3,0))))","v":"BOMBEIRO/ENCANADOR COM ENCARGOS COMPLEMENTARES"},null,"SETOP",{"$f":"IF(CYN25=\"SINAPI\",VLOOKUP(CYK25,SINAPI,3,0),IF(CYN25=\"SETOP\",VLOOKUP(CYK25,SETOP,4,0),IF(CYN25=\"CPU\",VLOOKUP(CYK25,COMPOSIÇÃO,5,0),VLOOKUP(CYK25,COTAÇÃO,8,0))))","v":"HORA"},0.5,{"$f":"IF(CYN25=\"SINAPI\",VLOOKUP(CYK25,SINAPI,4,0),IF(CYN25=\"SETOP\",VLOOKUP(CYK25,SETOP,5,0),IF(CYN25=\"CPU\",VLOOKUP(CYK25,COMPOSIÇÃO,8,0),VLOOKUP(CYK25,COTAÇÃO,11,0))))","v":19.149999999999999},{"$f":"CYP25*CYQ25","v":9.5749999999999993},"ED-50374",{"$f":"IF(CYV25=\"SINAPI\",VLOOKUP(CYS25,SINAPI,2,0),IF(CYV25=\"SETOP\",VLOOKUP(CYS25,SETOP,3,0),IF(CYV25=\"CPU\",VLOOKUP(CYS25,COMPOSIÇÃO,2,0),VLOOKUP(CYS25,COTAÇÃO,3,0))))","v":"BOMBEIRO/ENCANADOR COM ENCARGOS COMPLEMENTARES"},null,"SETOP",{"$f":"IF(CYV25=\"SINAPI\",VLOOKUP(CYS25,SINAPI,3,0),IF(CYV25=\"SETOP\",VLOOKUP(CYS25,SETOP,4,0),IF(CYV25=\"CPU\",VLOOKUP(CYS25,COMPOSIÇÃO,5,0),VLOOKUP(CYS25,COTAÇÃO,8,0))))","v":"HORA"},0.5,{"$f":"IF(CYV25=\"SINAPI\",VLOOKUP(CYS25,SINAPI,4,0),IF(CYV25=\"SETOP\",VLOOKUP(CYS25,SETOP,5,0),IF(CYV25=\"CPU\",VLOOKUP(CYS25,COMPOSIÇÃO,8,0),VLOOKUP(CYS25,COTAÇÃO,11,0))))","v":19.149999999999999},{"$f":"CYX25*CYY25","v":9.5749999999999993},"ED-50374",{"$f":"IF(CZD25=\"SINAPI\",VLOOKUP(CZA25,SINAPI,2,0),IF(CZD25=\"SETOP\",VLOOKUP(CZA25,SETOP,3,0),IF(CZD25=\"CPU\",VLOOKUP(CZA25,COMPOSIÇÃO,2,0),VLOOKUP(CZA25,COTAÇÃO,3,0))))","v":"BOMBEIRO/ENCANADOR COM ENCARGOS COMPLEMENTARES"},null,"SETOP",{"$f":"IF(CZD25=\"SINAPI\",VLOOKUP(CZA25,SINAPI,3,0),IF(CZD25=\"SETOP\",VLOOKUP(CZA25,SETOP,4,0),IF(CZD25=\"CPU\",VLOOKUP(CZA25,COMPOSIÇÃO,5,0),VLOOKUP(CZA25,COTAÇÃO,8,0))))","v":"HORA"},0.5,{"$f":"IF(CZD25=\"SINAPI\",VLOOKUP(CZA25,SINAPI,4,0),IF(CZD25=\"SETOP\",VLOOKUP(CZA25,SETOP,5,0),IF(CZD25=\"CPU\",VLOOKUP(CZA25,COMPOSIÇÃO,8,0),VLOOKUP(CZA25,COTAÇÃO,11,0))))","v":19.149999999999999},{"$f":"CZF25*CZG25","v":9.5749999999999993},"ED-50374",{"$f":"IF(CZL25=\"SINAPI\",VLOOKUP(CZI25,SINAPI,2,0),IF(CZL25=\"SETOP\",VLOOKUP(CZI25,SETOP,3,0),IF(CZL25=\"CPU\",VLOOKUP(CZI25,COMPOSIÇÃO,2,0),VLOOKUP(CZI25,COTAÇÃO,3,0))))","v":"BOMBEIRO/ENCANADOR COM ENCARGOS COMPLEMENTARES"},null,"SETOP",{"$f":"IF(CZL25=\"SINAPI\",VLOOKUP(CZI25,SINAPI,3,0),IF(CZL25=\"SETOP\",VLOOKUP(CZI25,SETOP,4,0),IF(CZL25=\"CPU\",VLOOKUP(CZI25,COMPOSIÇÃO,5,0),VLOOKUP(CZI25,COTAÇÃO,8,0))))","v":"HORA"},0.5,{"$f":"IF(CZL25=\"SINAPI\",VLOOKUP(CZI25,SINAPI,4,0),IF(CZL25=\"SETOP\",VLOOKUP(CZI25,SETOP,5,0),IF(CZL25=\"CPU\",VLOOKUP(CZI25,COMPOSIÇÃO,8,0),VLOOKUP(CZI25,COTAÇÃO,11,0))))","v":19.149999999999999},{"$f":"CZN25*CZO25","v":9.5749999999999993},"ED-50374",{"$f":"IF(CZT25=\"SINAPI\",VLOOKUP(CZQ25,SINAPI,2,0),IF(CZT25=\"SETOP\",VLOOKUP(CZQ25,SETOP,3,0),IF(CZT25=\"CPU\",VLOOKUP(CZQ25,COMPOSIÇÃO,2,0),VLOOKUP(CZQ25,COTAÇÃO,3,0))))","v":"BOMBEIRO/ENCANADOR COM ENCARGOS COMPLEMENTARES"},null,"SETOP",{"$f":"IF(CZT25=\"SINAPI\",VLOOKUP(CZQ25,SINAPI,3,0),IF(CZT25=\"SETOP\",VLOOKUP(CZQ25,SETOP,4,0),IF(CZT25=\"CPU\",VLOOKUP(CZQ25,COMPOSIÇÃO,5,0),VLOOKUP(CZQ25,COTAÇÃO,8,0))))","v":"HORA"},0.5,{"$f":"IF(CZT25=\"SINAPI\",VLOOKUP(CZQ25,SINAPI,4,0),IF(CZT25=\"SETOP\",VLOOKUP(CZQ25,SETOP,5,0),IF(CZT25=\"CPU\",VLOOKUP(CZQ25,COMPOSIÇÃO,8,0),VLOOKUP(CZQ25,COTAÇÃO,11,0))))","v":19.149999999999999},{"$f":"CZV25*CZW25","v":9.5749999999999993},"ED-50374",{"$f":"IF(DAB25=\"SINAPI\",VLOOKUP(CZY25,SINAPI,2,0),IF(DAB25=\"SETOP\",VLOOKUP(CZY25,SETOP,3,0),IF(DAB25=\"CPU\",VLOOKUP(CZY25,COMPOSIÇÃO,2,0),VLOOKUP(CZY25,COTAÇÃO,3,0))))","v":"BOMBEIRO/ENCANADOR COM ENCARGOS COMPLEMENTARES"},null,"SETOP",{"$f":"IF(DAB25=\"SINAPI\",VLOOKUP(CZY25,SINAPI,3,0),IF(DAB25=\"SETOP\",VLOOKUP(CZY25,SETOP,4,0),IF(DAB25=\"CPU\",VLOOKUP(CZY25,COMPOSIÇÃO,5,0),VLOOKUP(CZY25,COTAÇÃO,8,0))))","v":"HORA"},0.5,{"$f":"IF(DAB25=\"SINAPI\",VLOOKUP(CZY25,SINAPI,4,0),IF(DAB25=\"SETOP\",VLOOKUP(CZY25,SETOP,5,0),IF(DAB25=\"CPU\",VLOOKUP(CZY25,COMPOSIÇÃO,8,0),VLOOKUP(CZY25,COTAÇÃO,11,0))))","v":19.149999999999999},{"$f":"DAD25*DAE25","v":9.5749999999999993},"ED-50374",{"$f":"IF(DAJ25=\"SINAPI\",VLOOKUP(DAG25,SINAPI,2,0),IF(DAJ25=\"SETOP\",VLOOKUP(DAG25,SETOP,3,0),IF(DAJ25=\"CPU\",VLOOKUP(DAG25,COMPOSIÇÃO,2,0),VLOOKUP(DAG25,COTAÇÃO,3,0))))","v":"BOMBEIRO/ENCANADOR COM ENCARGOS COMPLEMENTARES"},null,"SETOP",{"$f":"IF(DAJ25=\"SINAPI\",VLOOKUP(DAG25,SINAPI,3,0),IF(DAJ25=\"SETOP\",VLOOKUP(DAG25,SETOP,4,0),IF(DAJ25=\"CPU\",VLOOKUP(DAG25,COMPOSIÇÃO,5,0),VLOOKUP(DAG25,COTAÇÃO,8,0))))","v":"HORA"},0.5,{"$f":"IF(DAJ25=\"SINAPI\",VLOOKUP(DAG25,SINAPI,4,0),IF(DAJ25=\"SETOP\",VLOOKUP(DAG25,SETOP,5,0),IF(DAJ25=\"CPU\",VLOOKUP(DAG25,COMPOSIÇÃO,8,0),VLOOKUP(DAG25,COTAÇÃO,11,0))))","v":19.149999999999999},{"$f":"DAL25*DAM25","v":9.5749999999999993},"ED-50374",{"$f":"IF(DAR25=\"SINAPI\",VLOOKUP(DAO25,SINAPI,2,0),IF(DAR25=\"SETOP\",VLOOKUP(DAO25,SETOP,3,0),IF(DAR25=\"CPU\",VLOOKUP(DAO25,COMPOSIÇÃO,2,0),VLOOKUP(DAO25,COTAÇÃO,3,0))))","v":"BOMBEIRO/ENCANADOR COM ENCARGOS COMPLEMENTARES"},null,"SETOP",{"$f":"IF(DAR25=\"SINAPI\",VLOOKUP(DAO25,SINAPI,3,0),IF(DAR25=\"SETOP\",VLOOKUP(DAO25,SETOP,4,0),IF(DAR25=\"CPU\",VLOOKUP(DAO25,COMPOSIÇÃO,5,0),VLOOKUP(DAO25,COTAÇÃO,8,0))))","v":"HORA"},0.5,{"$f":"IF(DAR25=\"SINAPI\",VLOOKUP(DAO25,SINAPI,4,0),IF(DAR25=\"SETOP\",VLOOKUP(DAO25,SETOP,5,0),IF(DAR25=\"CPU\",VLOOKUP(DAO25,COMPOSIÇÃO,8,0),VLOOKUP(DAO25,COTAÇÃO,11,0))))","v":19.149999999999999},{"$f":"DAT25*DAU25","v":9.5749999999999993},"ED-50374",{"$f":"IF(DAZ25=\"SINAPI\",VLOOKUP(DAW25,SINAPI,2,0),IF(DAZ25=\"SETOP\",VLOOKUP(DAW25,SETOP,3,0),IF(DAZ25=\"CPU\",VLOOKUP(DAW25,COMPOSIÇÃO,2,0),VLOOKUP(DAW25,COTAÇÃO,3,0))))","v":"BOMBEIRO/ENCANADOR COM ENCARGOS COMPLEMENTARES"},null,"SETOP",{"$f":"IF(DAZ25=\"SINAPI\",VLOOKUP(DAW25,SINAPI,3,0),IF(DAZ25=\"SETOP\",VLOOKUP(DAW25,SETOP,4,0),IF(DAZ25=\"CPU\",VLOOKUP(DAW25,COMPOSIÇÃO,5,0),VLOOKUP(DAW25,COTAÇÃO,8,0))))","v":"HORA"},0.5,{"$f":"IF(DAZ25=\"SINAPI\",VLOOKUP(DAW25,SINAPI,4,0),IF(DAZ25=\"SETOP\",VLOOKUP(DAW25,SETOP,5,0),IF(DAZ25=\"CPU\",VLOOKUP(DAW25,COMPOSIÇÃO,8,0),VLOOKUP(DAW25,COTAÇÃO,11,0))))","v":19.149999999999999},{"$f":"DBB25*DBC25","v":9.5749999999999993},"ED-50374",{"$f":"IF(DBH25=\"SINAPI\",VLOOKUP(DBE25,SINAPI,2,0),IF(DBH25=\"SETOP\",VLOOKUP(DBE25,SETOP,3,0),IF(DBH25=\"CPU\",VLOOKUP(DBE25,COMPOSIÇÃO,2,0),VLOOKUP(DBE25,COTAÇÃO,3,0))))","v":"BOMBEIRO/ENCANADOR COM ENCARGOS COMPLEMENTARES"},null,"SETOP",{"$f":"IF(DBH25=\"SINAPI\",VLOOKUP(DBE25,SINAPI,3,0),IF(DBH25=\"SETOP\",VLOOKUP(DBE25,SETOP,4,0),IF(DBH25=\"CPU\",VLOOKUP(DBE25,COMPOSIÇÃO,5,0),VLOOKUP(DBE25,COTAÇÃO,8,0))))","v":"HORA"},0.5,{"$f":"IF(DBH25=\"SINAPI\",VLOOKUP(DBE25,SINAPI,4,0),IF(DBH25=\"SETOP\",VLOOKUP(DBE25,SETOP,5,0),IF(DBH25=\"CPU\",VLOOKUP(DBE25,COMPOSIÇÃO,8,0),VLOOKUP(DBE25,COTAÇÃO,11,0))))","v":19.149999999999999},{"$f":"DBJ25*DBK25","v":9.5749999999999993},"ED-50374",{"$f":"IF(DBP25=\"SINAPI\",VLOOKUP(DBM25,SINAPI,2,0),IF(DBP25=\"SETOP\",VLOOKUP(DBM25,SETOP,3,0),IF(DBP25=\"CPU\",VLOOKUP(DBM25,COMPOSIÇÃO,2,0),VLOOKUP(DBM25,COTAÇÃO,3,0))))","v":"BOMBEIRO/ENCANADOR COM ENCARGOS COMPLEMENTARES"},null,"SETOP",{"$f":"IF(DBP25=\"SINAPI\",VLOOKUP(DBM25,SINAPI,3,0),IF(DBP25=\"SETOP\",VLOOKUP(DBM25,SETOP,4,0),IF(DBP25=\"CPU\",VLOOKUP(DBM25,COMPOSIÇÃO,5,0),VLOOKUP(DBM25,COTAÇÃO,8,0))))","v":"HORA"},0.5,{"$f":"IF(DBP25=\"SINAPI\",VLOOKUP(DBM25,SINAPI,4,0),IF(DBP25=\"SETOP\",VLOOKUP(DBM25,SETOP,5,0),IF(DBP25=\"CPU\",VLOOKUP(DBM25,COMPOSIÇÃO,8,0),VLOOKUP(DBM25,COTAÇÃO,11,0))))","v":19.149999999999999},{"$f":"DBR25*DBS25","v":9.5749999999999993},"ED-50374",{"$f":"IF(DBX25=\"SINAPI\",VLOOKUP(DBU25,SINAPI,2,0),IF(DBX25=\"SETOP\",VLOOKUP(DBU25,SETOP,3,0),IF(DBX25=\"CPU\",VLOOKUP(DBU25,COMPOSIÇÃO,2,0),VLOOKUP(DBU25,COTAÇÃO,3,0))))","v":"BOMBEIRO/ENCANADOR COM ENCARGOS COMPLEMENTARES"},null,"SETOP",{"$f":"IF(DBX25=\"SINAPI\",VLOOKUP(DBU25,SINAPI,3,0),IF(DBX25=\"SETOP\",VLOOKUP(DBU25,SETOP,4,0),IF(DBX25=\"CPU\",VLOOKUP(DBU25,COMPOSIÇÃO,5,0),VLOOKUP(DBU25,COTAÇÃO,8,0))))","v":"HORA"},0.5,{"$f":"IF(DBX25=\"SINAPI\",VLOOKUP(DBU25,SINAPI,4,0),IF(DBX25=\"SETOP\",VLOOKUP(DBU25,SETOP,5,0),IF(DBX25=\"CPU\",VLOOKUP(DBU25,COMPOSIÇÃO,8,0),VLOOKUP(DBU25,COTAÇÃO,11,0))))","v":19.149999999999999},{"$f":"DBZ25*DCA25","v":9.5749999999999993},"ED-50374",{"$f":"IF(DCF25=\"SINAPI\",VLOOKUP(DCC25,SINAPI,2,0),IF(DCF25=\"SETOP\",VLOOKUP(DCC25,SETOP,3,0),IF(DCF25=\"CPU\",VLOOKUP(DCC25,COMPOSIÇÃO,2,0),VLOOKUP(DCC25,COTAÇÃO,3,0))))","v":"BOMBEIRO/ENCANADOR COM ENCARGOS COMPLEMENTARES"},null,"SETOP",{"$f":"IF(DCF25=\"SINAPI\",VLOOKUP(DCC25,SINAPI,3,0),IF(DCF25=\"SETOP\",VLOOKUP(DCC25,SETOP,4,0),IF(DCF25=\"CPU\",VLOOKUP(DCC25,COMPOSIÇÃO,5,0),VLOOKUP(DCC25,COTAÇÃO,8,0))))","v":"HORA"},0.5,{"$f":"IF(DCF25=\"SINAPI\",VLOOKUP(DCC25,SINAPI,4,0),IF(DCF25=\"SETOP\",VLOOKUP(DCC25,SETOP,5,0),IF(DCF25=\"CPU\",VLOOKUP(DCC25,COMPOSIÇÃO,8,0),VLOOKUP(DCC25,COTAÇÃO,11,0))))","v":19.149999999999999},{"$f":"DCH25*DCI25","v":9.5749999999999993},"ED-50374",{"$f":"IF(DCN25=\"SINAPI\",VLOOKUP(DCK25,SINAPI,2,0),IF(DCN25=\"SETOP\",VLOOKUP(DCK25,SETOP,3,0),IF(DCN25=\"CPU\",VLOOKUP(DCK25,COMPOSIÇÃO,2,0),VLOOKUP(DCK25,COTAÇÃO,3,0))))","v":"BOMBEIRO/ENCANADOR COM ENCARGOS COMPLEMENTARES"},null,"SETOP",{"$f":"IF(DCN25=\"SINAPI\",VLOOKUP(DCK25,SINAPI,3,0),IF(DCN25=\"SETOP\",VLOOKUP(DCK25,SETOP,4,0),IF(DCN25=\"CPU\",VLOOKUP(DCK25,COMPOSIÇÃO,5,0),VLOOKUP(DCK25,COTAÇÃO,8,0))))","v":"HORA"},0.5,{"$f":"IF(DCN25=\"SINAPI\",VLOOKUP(DCK25,SINAPI,4,0),IF(DCN25=\"SETOP\",VLOOKUP(DCK25,SETOP,5,0),IF(DCN25=\"CPU\",VLOOKUP(DCK25,COMPOSIÇÃO,8,0),VLOOKUP(DCK25,COTAÇÃO,11,0))))","v":19.149999999999999},{"$f":"DCP25*DCQ25","v":9.5749999999999993},"ED-50374",{"$f":"IF(DCV25=\"SINAPI\",VLOOKUP(DCS25,SINAPI,2,0),IF(DCV25=\"SETOP\",VLOOKUP(DCS25,SETOP,3,0),IF(DCV25=\"CPU\",VLOOKUP(DCS25,COMPOSIÇÃO,2,0),VLOOKUP(DCS25,COTAÇÃO,3,0))))","v":"BOMBEIRO/ENCANADOR COM ENCARGOS COMPLEMENTARES"},null,"SETOP",{"$f":"IF(DCV25=\"SINAPI\",VLOOKUP(DCS25,SINAPI,3,0),IF(DCV25=\"SETOP\",VLOOKUP(DCS25,SETOP,4,0),IF(DCV25=\"CPU\",VLOOKUP(DCS25,COMPOSIÇÃO,5,0),VLOOKUP(DCS25,COTAÇÃO,8,0))))","v":"HORA"},0.5,{"$f":"IF(DCV25=\"SINAPI\",VLOOKUP(DCS25,SINAPI,4,0),IF(DCV25=\"SETOP\",VLOOKUP(DCS25,SETOP,5,0),IF(DCV25=\"CPU\",VLOOKUP(DCS25,COMPOSIÇÃO,8,0),VLOOKUP(DCS25,COTAÇÃO,11,0))))","v":19.149999999999999},{"$f":"DCX25*DCY25","v":9.5749999999999993},"ED-50374",{"$f":"IF(DDD25=\"SINAPI\",VLOOKUP(DDA25,SINAPI,2,0),IF(DDD25=\"SETOP\",VLOOKUP(DDA25,SETOP,3,0),IF(DDD25=\"CPU\",VLOOKUP(DDA25,COMPOSIÇÃO,2,0),VLOOKUP(DDA25,COTAÇÃO,3,0))))","v":"BOMBEIRO/ENCANADOR COM ENCARGOS COMPLEMENTARES"},null,"SETOP",{"$f":"IF(DDD25=\"SINAPI\",VLOOKUP(DDA25,SINAPI,3,0),IF(DDD25=\"SETOP\",VLOOKUP(DDA25,SETOP,4,0),IF(DDD25=\"CPU\",VLOOKUP(DDA25,COMPOSIÇÃO,5,0),VLOOKUP(DDA25,COTAÇÃO,8,0))))","v":"HORA"},0.5,{"$f":"IF(DDD25=\"SINAPI\",VLOOKUP(DDA25,SINAPI,4,0),IF(DDD25=\"SETOP\",VLOOKUP(DDA25,SETOP,5,0),IF(DDD25=\"CPU\",VLOOKUP(DDA25,COMPOSIÇÃO,8,0),VLOOKUP(DDA25,COTAÇÃO,11,0))))","v":19.149999999999999},{"$f":"DDF25*DDG25","v":9.5749999999999993},"ED-50374",{"$f":"IF(DDL25=\"SINAPI\",VLOOKUP(DDI25,SINAPI,2,0),IF(DDL25=\"SETOP\",VLOOKUP(DDI25,SETOP,3,0),IF(DDL25=\"CPU\",VLOOKUP(DDI25,COMPOSIÇÃO,2,0),VLOOKUP(DDI25,COTAÇÃO,3,0))))","v":"BOMBEIRO/ENCANADOR COM ENCARGOS COMPLEMENTARES"},null,"SETOP",{"$f":"IF(DDL25=\"SINAPI\",VLOOKUP(DDI25,SINAPI,3,0),IF(DDL25=\"SETOP\",VLOOKUP(DDI25,SETOP,4,0),IF(DDL25=\"CPU\",VLOOKUP(DDI25,COMPOSIÇÃO,5,0),VLOOKUP(DDI25,COTAÇÃO,8,0))))","v":"HORA"},0.5,{"$f":"IF(DDL25=\"SINAPI\",VLOOKUP(DDI25,SINAPI,4,0),IF(DDL25=\"SETOP\",VLOOKUP(DDI25,SETOP,5,0),IF(DDL25=\"CPU\",VLOOKUP(DDI25,COMPOSIÇÃO,8,0),VLOOKUP(DDI25,COTAÇÃO,11,0))))","v":19.149999999999999},{"$f":"DDN25*DDO25","v":9.5749999999999993},"ED-50374",{"$f":"IF(DDT25=\"SINAPI\",VLOOKUP(DDQ25,SINAPI,2,0),IF(DDT25=\"SETOP\",VLOOKUP(DDQ25,SETOP,3,0),IF(DDT25=\"CPU\",VLOOKUP(DDQ25,COMPOSIÇÃO,2,0),VLOOKUP(DDQ25,COTAÇÃO,3,0))))","v":"BOMBEIRO/ENCANADOR COM ENCARGOS COMPLEMENTARES"},null,"SETOP",{"$f":"IF(DDT25=\"SINAPI\",VLOOKUP(DDQ25,SINAPI,3,0),IF(DDT25=\"SETOP\",VLOOKUP(DDQ25,SETOP,4,0),IF(DDT25=\"CPU\",VLOOKUP(DDQ25,COMPOSIÇÃO,5,0),VLOOKUP(DDQ25,COTAÇÃO,8,0))))","v":"HORA"},0.5,{"$f":"IF(DDT25=\"SINAPI\",VLOOKUP(DDQ25,SINAPI,4,0),IF(DDT25=\"SETOP\",VLOOKUP(DDQ25,SETOP,5,0),IF(DDT25=\"CPU\",VLOOKUP(DDQ25,COMPOSIÇÃO,8,0),VLOOKUP(DDQ25,COTAÇÃO,11,0))))","v":19.149999999999999},{"$f":"DDV25*DDW25","v":9.5749999999999993},"ED-50374",{"$f":"IF(DEB25=\"SINAPI\",VLOOKUP(DDY25,SINAPI,2,0),IF(DEB25=\"SETOP\",VLOOKUP(DDY25,SETOP,3,0),IF(DEB25=\"CPU\",VLOOKUP(DDY25,COMPOSIÇÃO,2,0),VLOOKUP(DDY25,COTAÇÃO,3,0))))","v":"BOMBEIRO/ENCANADOR COM ENCARGOS COMPLEMENTARES"},null,"SETOP",{"$f":"IF(DEB25=\"SINAPI\",VLOOKUP(DDY25,SINAPI,3,0),IF(DEB25=\"SETOP\",VLOOKUP(DDY25,SETOP,4,0),IF(DEB25=\"CPU\",VLOOKUP(DDY25,COMPOSIÇÃO,5,0),VLOOKUP(DDY25,COTAÇÃO,8,0))))","v":"HORA"},0.5,{"$f":"IF(DEB25=\"SINAPI\",VLOOKUP(DDY25,SINAPI,4,0),IF(DEB25=\"SETOP\",VLOOKUP(DDY25,SETOP,5,0),IF(DEB25=\"CPU\",VLOOKUP(DDY25,COMPOSIÇÃO,8,0),VLOOKUP(DDY25,COTAÇÃO,11,0))))","v":19.149999999999999},{"$f":"DED25*DEE25","v":9.5749999999999993},"ED-50374",{"$f":"IF(DEJ25=\"SINAPI\",VLOOKUP(DEG25,SINAPI,2,0),IF(DEJ25=\"SETOP\",VLOOKUP(DEG25,SETOP,3,0),IF(DEJ25=\"CPU\",VLOOKUP(DEG25,COMPOSIÇÃO,2,0),VLOOKUP(DEG25,COTAÇÃO,3,0))))","v":"BOMBEIRO/ENCANADOR COM ENCARGOS COMPLEMENTARES"},null,"SETOP",{"$f":"IF(DEJ25=\"SINAPI\",VLOOKUP(DEG25,SINAPI,3,0),IF(DEJ25=\"SETOP\",VLOOKUP(DEG25,SETOP,4,0),IF(DEJ25=\"CPU\",VLOOKUP(DEG25,COMPOSIÇÃO,5,0),VLOOKUP(DEG25,COTAÇÃO,8,0))))","v":"HORA"},0.5,{"$f":"IF(DEJ25=\"SINAPI\",VLOOKUP(DEG25,SINAPI,4,0),IF(DEJ25=\"SETOP\",VLOOKUP(DEG25,SETOP,5,0),IF(DEJ25=\"CPU\",VLOOKUP(DEG25,COMPOSIÇÃO,8,0),VLOOKUP(DEG25,COTAÇÃO,11,0))))","v":19.149999999999999},{"$f":"DEL25*DEM25","v":9.5749999999999993},"ED-50374",{"$f":"IF(DER25=\"SINAPI\",VLOOKUP(DEO25,SINAPI,2,0),IF(DER25=\"SETOP\",VLOOKUP(DEO25,SETOP,3,0),IF(DER25=\"CPU\",VLOOKUP(DEO25,COMPOSIÇÃO,2,0),VLOOKUP(DEO25,COTAÇÃO,3,0))))","v":"BOMBEIRO/ENCANADOR COM ENCARGOS COMPLEMENTARES"},null,"SETOP",{"$f":"IF(DER25=\"SINAPI\",VLOOKUP(DEO25,SINAPI,3,0),IF(DER25=\"SETOP\",VLOOKUP(DEO25,SETOP,4,0),IF(DER25=\"CPU\",VLOOKUP(DEO25,COMPOSIÇÃO,5,0),VLOOKUP(DEO25,COTAÇÃO,8,0))))","v":"HORA"},0.5,{"$f":"IF(DER25=\"SINAPI\",VLOOKUP(DEO25,SINAPI,4,0),IF(DER25=\"SETOP\",VLOOKUP(DEO25,SETOP,5,0),IF(DER25=\"CPU\",VLOOKUP(DEO25,COMPOSIÇÃO,8,0),VLOOKUP(DEO25,COTAÇÃO,11,0))))","v":19.149999999999999},{"$f":"DET25*DEU25","v":9.5749999999999993},"ED-50374",{"$f":"IF(DEZ25=\"SINAPI\",VLOOKUP(DEW25,SINAPI,2,0),IF(DEZ25=\"SETOP\",VLOOKUP(DEW25,SETOP,3,0),IF(DEZ25=\"CPU\",VLOOKUP(DEW25,COMPOSIÇÃO,2,0),VLOOKUP(DEW25,COTAÇÃO,3,0))))","v":"BOMBEIRO/ENCANADOR COM ENCARGOS COMPLEMENTARES"},null,"SETOP",{"$f":"IF(DEZ25=\"SINAPI\",VLOOKUP(DEW25,SINAPI,3,0),IF(DEZ25=\"SETOP\",VLOOKUP(DEW25,SETOP,4,0),IF(DEZ25=\"CPU\",VLOOKUP(DEW25,COMPOSIÇÃO,5,0),VLOOKUP(DEW25,COTAÇÃO,8,0))))","v":"HORA"},0.5,{"$f":"IF(DEZ25=\"SINAPI\",VLOOKUP(DEW25,SINAPI,4,0),IF(DEZ25=\"SETOP\",VLOOKUP(DEW25,SETOP,5,0),IF(DEZ25=\"CPU\",VLOOKUP(DEW25,COMPOSIÇÃO,8,0),VLOOKUP(DEW25,COTAÇÃO,11,0))))","v":19.149999999999999},{"$f":"DFB25*DFC25","v":9.5749999999999993},"ED-50374",{"$f":"IF(DFH25=\"SINAPI\",VLOOKUP(DFE25,SINAPI,2,0),IF(DFH25=\"SETOP\",VLOOKUP(DFE25,SETOP,3,0),IF(DFH25=\"CPU\",VLOOKUP(DFE25,COMPOSIÇÃO,2,0),VLOOKUP(DFE25,COTAÇÃO,3,0))))","v":"BOMBEIRO/ENCANADOR COM ENCARGOS COMPLEMENTARES"},null,"SETOP",{"$f":"IF(DFH25=\"SINAPI\",VLOOKUP(DFE25,SINAPI,3,0),IF(DFH25=\"SETOP\",VLOOKUP(DFE25,SETOP,4,0),IF(DFH25=\"CPU\",VLOOKUP(DFE25,COMPOSIÇÃO,5,0),VLOOKUP(DFE25,COTAÇÃO,8,0))))","v":"HORA"},0.5,{"$f":"IF(DFH25=\"SINAPI\",VLOOKUP(DFE25,SINAPI,4,0),IF(DFH25=\"SETOP\",VLOOKUP(DFE25,SETOP,5,0),IF(DFH25=\"CPU\",VLOOKUP(DFE25,COMPOSIÇÃO,8,0),VLOOKUP(DFE25,COTAÇÃO,11,0))))","v":19.149999999999999},{"$f":"DFJ25*DFK25","v":9.5749999999999993},"ED-50374",{"$f":"IF(DFP25=\"SINAPI\",VLOOKUP(DFM25,SINAPI,2,0),IF(DFP25=\"SETOP\",VLOOKUP(DFM25,SETOP,3,0),IF(DFP25=\"CPU\",VLOOKUP(DFM25,COMPOSIÇÃO,2,0),VLOOKUP(DFM25,COTAÇÃO,3,0))))","v":"BOMBEIRO/ENCANADOR COM ENCARGOS COMPLEMENTARES"},null,"SETOP",{"$f":"IF(DFP25=\"SINAPI\",VLOOKUP(DFM25,SINAPI,3,0),IF(DFP25=\"SETOP\",VLOOKUP(DFM25,SETOP,4,0),IF(DFP25=\"CPU\",VLOOKUP(DFM25,COMPOSIÇÃO,5,0),VLOOKUP(DFM25,COTAÇÃO,8,0))))","v":"HORA"},0.5,{"$f":"IF(DFP25=\"SINAPI\",VLOOKUP(DFM25,SINAPI,4,0),IF(DFP25=\"SETOP\",VLOOKUP(DFM25,SETOP,5,0),IF(DFP25=\"CPU\",VLOOKUP(DFM25,COMPOSIÇÃO,8,0),VLOOKUP(DFM25,COTAÇÃO,11,0))))","v":19.149999999999999},{"$f":"DFR25*DFS25","v":9.5749999999999993},"ED-50374",{"$f":"IF(DFX25=\"SINAPI\",VLOOKUP(DFU25,SINAPI,2,0),IF(DFX25=\"SETOP\",VLOOKUP(DFU25,SETOP,3,0),IF(DFX25=\"CPU\",VLOOKUP(DFU25,COMPOSIÇÃO,2,0),VLOOKUP(DFU25,COTAÇÃO,3,0))))","v":"BOMBEIRO/ENCANADOR COM ENCARGOS COMPLEMENTARES"},null,"SETOP",{"$f":"IF(DFX25=\"SINAPI\",VLOOKUP(DFU25,SINAPI,3,0),IF(DFX25=\"SETOP\",VLOOKUP(DFU25,SETOP,4,0),IF(DFX25=\"CPU\",VLOOKUP(DFU25,COMPOSIÇÃO,5,0),VLOOKUP(DFU25,COTAÇÃO,8,0))))","v":"HORA"},0.5,{"$f":"IF(DFX25=\"SINAPI\",VLOOKUP(DFU25,SINAPI,4,0),IF(DFX25=\"SETOP\",VLOOKUP(DFU25,SETOP,5,0),IF(DFX25=\"CPU\",VLOOKUP(DFU25,COMPOSIÇÃO,8,0),VLOOKUP(DFU25,COTAÇÃO,11,0))))","v":19.149999999999999},{"$f":"DFZ25*DGA25","v":9.5749999999999993},"ED-50374",{"$f":"IF(DGF25=\"SINAPI\",VLOOKUP(DGC25,SINAPI,2,0),IF(DGF25=\"SETOP\",VLOOKUP(DGC25,SETOP,3,0),IF(DGF25=\"CPU\",VLOOKUP(DGC25,COMPOSIÇÃO,2,0),VLOOKUP(DGC25,COTAÇÃO,3,0))))","v":"BOMBEIRO/ENCANADOR COM ENCARGOS COMPLEMENTARES"},null,"SETOP",{"$f":"IF(DGF25=\"SINAPI\",VLOOKUP(DGC25,SINAPI,3,0),IF(DGF25=\"SETOP\",VLOOKUP(DGC25,SETOP,4,0),IF(DGF25=\"CPU\",VLOOKUP(DGC25,COMPOSIÇÃO,5,0),VLOOKUP(DGC25,COTAÇÃO,8,0))))","v":"HORA"},0.5,{"$f":"IF(DGF25=\"SINAPI\",VLOOKUP(DGC25,SINAPI,4,0),IF(DGF25=\"SETOP\",VLOOKUP(DGC25,SETOP,5,0),IF(DGF25=\"CPU\",VLOOKUP(DGC25,COMPOSIÇÃO,8,0),VLOOKUP(DGC25,COTAÇÃO,11,0))))","v":19.149999999999999},{"$f":"DGH25*DGI25","v":9.5749999999999993},"ED-50374",{"$f":"IF(DGN25=\"SINAPI\",VLOOKUP(DGK25,SINAPI,2,0),IF(DGN25=\"SETOP\",VLOOKUP(DGK25,SETOP,3,0),IF(DGN25=\"CPU\",VLOOKUP(DGK25,COMPOSIÇÃO,2,0),VLOOKUP(DGK25,COTAÇÃO,3,0))))","v":"BOMBEIRO/ENCANADOR COM ENCARGOS COMPLEMENTARES"},null,"SETOP",{"$f":"IF(DGN25=\"SINAPI\",VLOOKUP(DGK25,SINAPI,3,0),IF(DGN25=\"SETOP\",VLOOKUP(DGK25,SETOP,4,0),IF(DGN25=\"CPU\",VLOOKUP(DGK25,COMPOSIÇÃO,5,0),VLOOKUP(DGK25,COTAÇÃO,8,0))))","v":"HORA"},0.5,{"$f":"IF(DGN25=\"SINAPI\",VLOOKUP(DGK25,SINAPI,4,0),IF(DGN25=\"SETOP\",VLOOKUP(DGK25,SETOP,5,0),IF(DGN25=\"CPU\",VLOOKUP(DGK25,COMPOSIÇÃO,8,0),VLOOKUP(DGK25,COTAÇÃO,11,0))))","v":19.149999999999999},{"$f":"DGP25*DGQ25","v":9.5749999999999993},"ED-50374",{"$f":"IF(DGV25=\"SINAPI\",VLOOKUP(DGS25,SINAPI,2,0),IF(DGV25=\"SETOP\",VLOOKUP(DGS25,SETOP,3,0),IF(DGV25=\"CPU\",VLOOKUP(DGS25,COMPOSIÇÃO,2,0),VLOOKUP(DGS25,COTAÇÃO,3,0))))","v":"BOMBEIRO/ENCANADOR COM ENCARGOS COMPLEMENTARES"},null,"SETOP",{"$f":"IF(DGV25=\"SINAPI\",VLOOKUP(DGS25,SINAPI,3,0),IF(DGV25=\"SETOP\",VLOOKUP(DGS25,SETOP,4,0),IF(DGV25=\"CPU\",VLOOKUP(DGS25,COMPOSIÇÃO,5,0),VLOOKUP(DGS25,COTAÇÃO,8,0))))","v":"HORA"},0.5,{"$f":"IF(DGV25=\"SINAPI\",VLOOKUP(DGS25,SINAPI,4,0),IF(DGV25=\"SETOP\",VLOOKUP(DGS25,SETOP,5,0),IF(DGV25=\"CPU\",VLOOKUP(DGS25,COMPOSIÇÃO,8,0),VLOOKUP(DGS25,COTAÇÃO,11,0))))","v":19.149999999999999},{"$f":"DGX25*DGY25","v":9.5749999999999993},"ED-50374",{"$f":"IF(DHD25=\"SINAPI\",VLOOKUP(DHA25,SINAPI,2,0),IF(DHD25=\"SETOP\",VLOOKUP(DHA25,SETOP,3,0),IF(DHD25=\"CPU\",VLOOKUP(DHA25,COMPOSIÇÃO,2,0),VLOOKUP(DHA25,COTAÇÃO,3,0))))","v":"BOMBEIRO/ENCANADOR COM ENCARGOS COMPLEMENTARES"},null,"SETOP",{"$f":"IF(DHD25=\"SINAPI\",VLOOKUP(DHA25,SINAPI,3,0),IF(DHD25=\"SETOP\",VLOOKUP(DHA25,SETOP,4,0),IF(DHD25=\"CPU\",VLOOKUP(DHA25,COMPOSIÇÃO,5,0),VLOOKUP(DHA25,COTAÇÃO,8,0))))","v":"HORA"},0.5,{"$f":"IF(DHD25=\"SINAPI\",VLOOKUP(DHA25,SINAPI,4,0),IF(DHD25=\"SETOP\",VLOOKUP(DHA25,SETOP,5,0),IF(DHD25=\"CPU\",VLOOKUP(DHA25,COMPOSIÇÃO,8,0),VLOOKUP(DHA25,COTAÇÃO,11,0))))","v":19.149999999999999},{"$f":"DHF25*DHG25","v":9.5749999999999993},"ED-50374",{"$f":"IF(DHL25=\"SINAPI\",VLOOKUP(DHI25,SINAPI,2,0),IF(DHL25=\"SETOP\",VLOOKUP(DHI25,SETOP,3,0),IF(DHL25=\"CPU\",VLOOKUP(DHI25,COMPOSIÇÃO,2,0),VLOOKUP(DHI25,COTAÇÃO,3,0))))","v":"BOMBEIRO/ENCANADOR COM ENCARGOS COMPLEMENTARES"},null,"SETOP",{"$f":"IF(DHL25=\"SINAPI\",VLOOKUP(DHI25,SINAPI,3,0),IF(DHL25=\"SETOP\",VLOOKUP(DHI25,SETOP,4,0),IF(DHL25=\"CPU\",VLOOKUP(DHI25,COMPOSIÇÃO,5,0),VLOOKUP(DHI25,COTAÇÃO,8,0))))","v":"HORA"},0.5,{"$f":"IF(DHL25=\"SINAPI\",VLOOKUP(DHI25,SINAPI,4,0),IF(DHL25=\"SETOP\",VLOOKUP(DHI25,SETOP,5,0),IF(DHL25=\"CPU\",VLOOKUP(DHI25,COMPOSIÇÃO,8,0),VLOOKUP(DHI25,COTAÇÃO,11,0))))","v":19.149999999999999},{"$f":"DHN25*DHO25","v":9.5749999999999993},"ED-50374",{"$f":"IF(DHT25=\"SINAPI\",VLOOKUP(DHQ25,SINAPI,2,0),IF(DHT25=\"SETOP\",VLOOKUP(DHQ25,SETOP,3,0),IF(DHT25=\"CPU\",VLOOKUP(DHQ25,COMPOSIÇÃO,2,0),VLOOKUP(DHQ25,COTAÇÃO,3,0))))","v":"BOMBEIRO/ENCANADOR COM ENCARGOS COMPLEMENTARES"},null,"SETOP",{"$f":"IF(DHT25=\"SINAPI\",VLOOKUP(DHQ25,SINAPI,3,0),IF(DHT25=\"SETOP\",VLOOKUP(DHQ25,SETOP,4,0),IF(DHT25=\"CPU\",VLOOKUP(DHQ25,COMPOSIÇÃO,5,0),VLOOKUP(DHQ25,COTAÇÃO,8,0))))","v":"HORA"},0.5,{"$f":"IF(DHT25=\"SINAPI\",VLOOKUP(DHQ25,SINAPI,4,0),IF(DHT25=\"SETOP\",VLOOKUP(DHQ25,SETOP,5,0),IF(DHT25=\"CPU\",VLOOKUP(DHQ25,COMPOSIÇÃO,8,0),VLOOKUP(DHQ25,COTAÇÃO,11,0))))","v":19.149999999999999},{"$f":"DHV25*DHW25","v":9.5749999999999993},"ED-50374",{"$f":"IF(DIB25=\"SINAPI\",VLOOKUP(DHY25,SINAPI,2,0),IF(DIB25=\"SETOP\",VLOOKUP(DHY25,SETOP,3,0),IF(DIB25=\"CPU\",VLOOKUP(DHY25,COMPOSIÇÃO,2,0),VLOOKUP(DHY25,COTAÇÃO,3,0))))","v":"BOMBEIRO/ENCANADOR COM ENCARGOS COMPLEMENTARES"},null,"SETOP",{"$f":"IF(DIB25=\"SINAPI\",VLOOKUP(DHY25,SINAPI,3,0),IF(DIB25=\"SETOP\",VLOOKUP(DHY25,SETOP,4,0),IF(DIB25=\"CPU\",VLOOKUP(DHY25,COMPOSIÇÃO,5,0),VLOOKUP(DHY25,COTAÇÃO,8,0))))","v":"HORA"},0.5,{"$f":"IF(DIB25=\"SINAPI\",VLOOKUP(DHY25,SINAPI,4,0),IF(DIB25=\"SETOP\",VLOOKUP(DHY25,SETOP,5,0),IF(DIB25=\"CPU\",VLOOKUP(DHY25,COMPOSIÇÃO,8,0),VLOOKUP(DHY25,COTAÇÃO,11,0))))","v":19.149999999999999},{"$f":"DID25*DIE25","v":9.5749999999999993},"ED-50374",{"$f":"IF(DIJ25=\"SINAPI\",VLOOKUP(DIG25,SINAPI,2,0),IF(DIJ25=\"SETOP\",VLOOKUP(DIG25,SETOP,3,0),IF(DIJ25=\"CPU\",VLOOKUP(DIG25,COMPOSIÇÃO,2,0),VLOOKUP(DIG25,COTAÇÃO,3,0))))","v":"BOMBEIRO/ENCANADOR COM ENCARGOS COMPLEMENTARES"},null,"SETOP",{"$f":"IF(DIJ25=\"SINAPI\",VLOOKUP(DIG25,SINAPI,3,0),IF(DIJ25=\"SETOP\",VLOOKUP(DIG25,SETOP,4,0),IF(DIJ25=\"CPU\",VLOOKUP(DIG25,COMPOSIÇÃO,5,0),VLOOKUP(DIG25,COTAÇÃO,8,0))))","v":"HORA"},0.5,{"$f":"IF(DIJ25=\"SINAPI\",VLOOKUP(DIG25,SINAPI,4,0),IF(DIJ25=\"SETOP\",VLOOKUP(DIG25,SETOP,5,0),IF(DIJ25=\"CPU\",VLOOKUP(DIG25,COMPOSIÇÃO,8,0),VLOOKUP(DIG25,COTAÇÃO,11,0))))","v":19.149999999999999},{"$f":"DIL25*DIM25","v":9.5749999999999993},"ED-50374",{"$f":"IF(DIR25=\"SINAPI\",VLOOKUP(DIO25,SINAPI,2,0),IF(DIR25=\"SETOP\",VLOOKUP(DIO25,SETOP,3,0),IF(DIR25=\"CPU\",VLOOKUP(DIO25,COMPOSIÇÃO,2,0),VLOOKUP(DIO25,COTAÇÃO,3,0))))","v":"BOMBEIRO/ENCANADOR COM ENCARGOS COMPLEMENTARES"},null,"SETOP",{"$f":"IF(DIR25=\"SINAPI\",VLOOKUP(DIO25,SINAPI,3,0),IF(DIR25=\"SETOP\",VLOOKUP(DIO25,SETOP,4,0),IF(DIR25=\"CPU\",VLOOKUP(DIO25,COMPOSIÇÃO,5,0),VLOOKUP(DIO25,COTAÇÃO,8,0))))","v":"HORA"},0.5,{"$f":"IF(DIR25=\"SINAPI\",VLOOKUP(DIO25,SINAPI,4,0),IF(DIR25=\"SETOP\",VLOOKUP(DIO25,SETOP,5,0),IF(DIR25=\"CPU\",VLOOKUP(DIO25,COMPOSIÇÃO,8,0),VLOOKUP(DIO25,COTAÇÃO,11,0))))","v":19.149999999999999},{"$f":"DIT25*DIU25","v":9.5749999999999993},"ED-50374",{"$f":"IF(DIZ25=\"SINAPI\",VLOOKUP(DIW25,SINAPI,2,0),IF(DIZ25=\"SETOP\",VLOOKUP(DIW25,SETOP,3,0),IF(DIZ25=\"CPU\",VLOOKUP(DIW25,COMPOSIÇÃO,2,0),VLOOKUP(DIW25,COTAÇÃO,3,0))))","v":"BOMBEIRO/ENCANADOR COM ENCARGOS COMPLEMENTARES"},null,"SETOP",{"$f":"IF(DIZ25=\"SINAPI\",VLOOKUP(DIW25,SINAPI,3,0),IF(DIZ25=\"SETOP\",VLOOKUP(DIW25,SETOP,4,0),IF(DIZ25=\"CPU\",VLOOKUP(DIW25,COMPOSIÇÃO,5,0),VLOOKUP(DIW25,COTAÇÃO,8,0))))","v":"HORA"},0.5,{"$f":"IF(DIZ25=\"SINAPI\",VLOOKUP(DIW25,SINAPI,4,0),IF(DIZ25=\"SETOP\",VLOOKUP(DIW25,SETOP,5,0),IF(DIZ25=\"CPU\",VLOOKUP(DIW25,COMPOSIÇÃO,8,0),VLOOKUP(DIW25,COTAÇÃO,11,0))))","v":19.149999999999999},{"$f":"DJB25*DJC25","v":9.5749999999999993},"ED-50374",{"$f":"IF(DJH25=\"SINAPI\",VLOOKUP(DJE25,SINAPI,2,0),IF(DJH25=\"SETOP\",VLOOKUP(DJE25,SETOP,3,0),IF(DJH25=\"CPU\",VLOOKUP(DJE25,COMPOSIÇÃO,2,0),VLOOKUP(DJE25,COTAÇÃO,3,0))))","v":"BOMBEIRO/ENCANADOR COM ENCARGOS COMPLEMENTARES"},null,"SETOP",{"$f":"IF(DJH25=\"SINAPI\",VLOOKUP(DJE25,SINAPI,3,0),IF(DJH25=\"SETOP\",VLOOKUP(DJE25,SETOP,4,0),IF(DJH25=\"CPU\",VLOOKUP(DJE25,COMPOSIÇÃO,5,0),VLOOKUP(DJE25,COTAÇÃO,8,0))))","v":"HORA"},0.5,{"$f":"IF(DJH25=\"SINAPI\",VLOOKUP(DJE25,SINAPI,4,0),IF(DJH25=\"SETOP\",VLOOKUP(DJE25,SETOP,5,0),IF(DJH25=\"CPU\",VLOOKUP(DJE25,COMPOSIÇÃO,8,0),VLOOKUP(DJE25,COTAÇÃO,11,0))))","v":19.149999999999999},{"$f":"DJJ25*DJK25","v":9.5749999999999993},"ED-50374",{"$f":"IF(DJP25=\"SINAPI\",VLOOKUP(DJM25,SINAPI,2,0),IF(DJP25=\"SETOP\",VLOOKUP(DJM25,SETOP,3,0),IF(DJP25=\"CPU\",VLOOKUP(DJM25,COMPOSIÇÃO,2,0),VLOOKUP(DJM25,COTAÇÃO,3,0))))","v":"BOMBEIRO/ENCANADOR COM ENCARGOS COMPLEMENTARES"},null,"SETOP",{"$f":"IF(DJP25=\"SINAPI\",VLOOKUP(DJM25,SINAPI,3,0),IF(DJP25=\"SETOP\",VLOOKUP(DJM25,SETOP,4,0),IF(DJP25=\"CPU\",VLOOKUP(DJM25,COMPOSIÇÃO,5,0),VLOOKUP(DJM25,COTAÇÃO,8,0))))","v":"HORA"},0.5,{"$f":"IF(DJP25=\"SINAPI\",VLOOKUP(DJM25,SINAPI,4,0),IF(DJP25=\"SETOP\",VLOOKUP(DJM25,SETOP,5,0),IF(DJP25=\"CPU\",VLOOKUP(DJM25,COMPOSIÇÃO,8,0),VLOOKUP(DJM25,COTAÇÃO,11,0))))","v":19.149999999999999},{"$f":"DJR25*DJS25","v":9.5749999999999993},"ED-50374",{"$f":"IF(DJX25=\"SINAPI\",VLOOKUP(DJU25,SINAPI,2,0),IF(DJX25=\"SETOP\",VLOOKUP(DJU25,SETOP,3,0),IF(DJX25=\"CPU\",VLOOKUP(DJU25,COMPOSIÇÃO,2,0),VLOOKUP(DJU25,COTAÇÃO,3,0))))","v":"BOMBEIRO/ENCANADOR COM ENCARGOS COMPLEMENTARES"},null,"SETOP",{"$f":"IF(DJX25=\"SINAPI\",VLOOKUP(DJU25,SINAPI,3,0),IF(DJX25=\"SETOP\",VLOOKUP(DJU25,SETOP,4,0),IF(DJX25=\"CPU\",VLOOKUP(DJU25,COMPOSIÇÃO,5,0),VLOOKUP(DJU25,COTAÇÃO,8,0))))","v":"HORA"},0.5,{"$f":"IF(DJX25=\"SINAPI\",VLOOKUP(DJU25,SINAPI,4,0),IF(DJX25=\"SETOP\",VLOOKUP(DJU25,SETOP,5,0),IF(DJX25=\"CPU\",VLOOKUP(DJU25,COMPOSIÇÃO,8,0),VLOOKUP(DJU25,COTAÇÃO,11,0))))","v":19.149999999999999},{"$f":"DJZ25*DKA25","v":9.5749999999999993},"ED-50374",{"$f":"IF(DKF25=\"SINAPI\",VLOOKUP(DKC25,SINAPI,2,0),IF(DKF25=\"SETOP\",VLOOKUP(DKC25,SETOP,3,0),IF(DKF25=\"CPU\",VLOOKUP(DKC25,COMPOSIÇÃO,2,0),VLOOKUP(DKC25,COTAÇÃO,3,0))))","v":"BOMBEIRO/ENCANADOR COM ENCARGOS COMPLEMENTARES"},null,"SETOP",{"$f":"IF(DKF25=\"SINAPI\",VLOOKUP(DKC25,SINAPI,3,0),IF(DKF25=\"SETOP\",VLOOKUP(DKC25,SETOP,4,0),IF(DKF25=\"CPU\",VLOOKUP(DKC25,COMPOSIÇÃO,5,0),VLOOKUP(DKC25,COTAÇÃO,8,0))))","v":"HORA"},0.5,{"$f":"IF(DKF25=\"SINAPI\",VLOOKUP(DKC25,SINAPI,4,0),IF(DKF25=\"SETOP\",VLOOKUP(DKC25,SETOP,5,0),IF(DKF25=\"CPU\",VLOOKUP(DKC25,COMPOSIÇÃO,8,0),VLOOKUP(DKC25,COTAÇÃO,11,0))))","v":19.149999999999999},{"$f":"DKH25*DKI25","v":9.5749999999999993},"ED-50374",{"$f":"IF(DKN25=\"SINAPI\",VLOOKUP(DKK25,SINAPI,2,0),IF(DKN25=\"SETOP\",VLOOKUP(DKK25,SETOP,3,0),IF(DKN25=\"CPU\",VLOOKUP(DKK25,COMPOSIÇÃO,2,0),VLOOKUP(DKK25,COTAÇÃO,3,0))))","v":"BOMBEIRO/ENCANADOR COM ENCARGOS COMPLEMENTARES"},null,"SETOP",{"$f":"IF(DKN25=\"SINAPI\",VLOOKUP(DKK25,SINAPI,3,0),IF(DKN25=\"SETOP\",VLOOKUP(DKK25,SETOP,4,0),IF(DKN25=\"CPU\",VLOOKUP(DKK25,COMPOSIÇÃO,5,0),VLOOKUP(DKK25,COTAÇÃO,8,0))))","v":"HORA"},0.5,{"$f":"IF(DKN25=\"SINAPI\",VLOOKUP(DKK25,SINAPI,4,0),IF(DKN25=\"SETOP\",VLOOKUP(DKK25,SETOP,5,0),IF(DKN25=\"CPU\",VLOOKUP(DKK25,COMPOSIÇÃO,8,0),VLOOKUP(DKK25,COTAÇÃO,11,0))))","v":19.149999999999999},{"$f":"DKP25*DKQ25","v":9.5749999999999993},"ED-50374",{"$f":"IF(DKV25=\"SINAPI\",VLOOKUP(DKS25,SINAPI,2,0),IF(DKV25=\"SETOP\",VLOOKUP(DKS25,SETOP,3,0),IF(DKV25=\"CPU\",VLOOKUP(DKS25,COMPOSIÇÃO,2,0),VLOOKUP(DKS25,COTAÇÃO,3,0))))","v":"BOMBEIRO/ENCANADOR COM ENCARGOS COMPLEMENTARES"},null,"SETOP",{"$f":"IF(DKV25=\"SINAPI\",VLOOKUP(DKS25,SINAPI,3,0),IF(DKV25=\"SETOP\",VLOOKUP(DKS25,SETOP,4,0),IF(DKV25=\"CPU\",VLOOKUP(DKS25,COMPOSIÇÃO,5,0),VLOOKUP(DKS25,COTAÇÃO,8,0))))","v":"HORA"},0.5,{"$f":"IF(DKV25=\"SINAPI\",VLOOKUP(DKS25,SINAPI,4,0),IF(DKV25=\"SETOP\",VLOOKUP(DKS25,SETOP,5,0),IF(DKV25=\"CPU\",VLOOKUP(DKS25,COMPOSIÇÃO,8,0),VLOOKUP(DKS25,COTAÇÃO,11,0))))","v":19.149999999999999},{"$f":"DKX25*DKY25","v":9.5749999999999993},"ED-50374",{"$f":"IF(DLD25=\"SINAPI\",VLOOKUP(DLA25,SINAPI,2,0),IF(DLD25=\"SETOP\",VLOOKUP(DLA25,SETOP,3,0),IF(DLD25=\"CPU\",VLOOKUP(DLA25,COMPOSIÇÃO,2,0),VLOOKUP(DLA25,COTAÇÃO,3,0))))","v":"BOMBEIRO/ENCANADOR COM ENCARGOS COMPLEMENTARES"},null,"SETOP",{"$f":"IF(DLD25=\"SINAPI\",VLOOKUP(DLA25,SINAPI,3,0),IF(DLD25=\"SETOP\",VLOOKUP(DLA25,SETOP,4,0),IF(DLD25=\"CPU\",VLOOKUP(DLA25,COMPOSIÇÃO,5,0),VLOOKUP(DLA25,COTAÇÃO,8,0))))","v":"HORA"},0.5,{"$f":"IF(DLD25=\"SINAPI\",VLOOKUP(DLA25,SINAPI,4,0),IF(DLD25=\"SETOP\",VLOOKUP(DLA25,SETOP,5,0),IF(DLD25=\"CPU\",VLOOKUP(DLA25,COMPOSIÇÃO,8,0),VLOOKUP(DLA25,COTAÇÃO,11,0))))","v":19.149999999999999},{"$f":"DLF25*DLG25","v":9.5749999999999993},"ED-50374",{"$f":"IF(DLL25=\"SINAPI\",VLOOKUP(DLI25,SINAPI,2,0),IF(DLL25=\"SETOP\",VLOOKUP(DLI25,SETOP,3,0),IF(DLL25=\"CPU\",VLOOKUP(DLI25,COMPOSIÇÃO,2,0),VLOOKUP(DLI25,COTAÇÃO,3,0))))","v":"BOMBEIRO/ENCANADOR COM ENCARGOS COMPLEMENTARES"},null,"SETOP",{"$f":"IF(DLL25=\"SINAPI\",VLOOKUP(DLI25,SINAPI,3,0),IF(DLL25=\"SETOP\",VLOOKUP(DLI25,SETOP,4,0),IF(DLL25=\"CPU\",VLOOKUP(DLI25,COMPOSIÇÃO,5,0),VLOOKUP(DLI25,COTAÇÃO,8,0))))","v":"HORA"},0.5,{"$f":"IF(DLL25=\"SINAPI\",VLOOKUP(DLI25,SINAPI,4,0),IF(DLL25=\"SETOP\",VLOOKUP(DLI25,SETOP,5,0),IF(DLL25=\"CPU\",VLOOKUP(DLI25,COMPOSIÇÃO,8,0),VLOOKUP(DLI25,COTAÇÃO,11,0))))","v":19.149999999999999},{"$f":"DLN25*DLO25","v":9.5749999999999993},"ED-50374",{"$f":"IF(DLT25=\"SINAPI\",VLOOKUP(DLQ25,SINAPI,2,0),IF(DLT25=\"SETOP\",VLOOKUP(DLQ25,SETOP,3,0),IF(DLT25=\"CPU\",VLOOKUP(DLQ25,COMPOSIÇÃO,2,0),VLOOKUP(DLQ25,COTAÇÃO,3,0))))","v":"BOMBEIRO/ENCANADOR COM ENCARGOS COMPLEMENTARES"},null,"SETOP",{"$f":"IF(DLT25=\"SINAPI\",VLOOKUP(DLQ25,SINAPI,3,0),IF(DLT25=\"SETOP\",VLOOKUP(DLQ25,SETOP,4,0),IF(DLT25=\"CPU\",VLOOKUP(DLQ25,COMPOSIÇÃO,5,0),VLOOKUP(DLQ25,COTAÇÃO,8,0))))","v":"HORA"},0.5,{"$f":"IF(DLT25=\"SINAPI\",VLOOKUP(DLQ25,SINAPI,4,0),IF(DLT25=\"SETOP\",VLOOKUP(DLQ25,SETOP,5,0),IF(DLT25=\"CPU\",VLOOKUP(DLQ25,COMPOSIÇÃO,8,0),VLOOKUP(DLQ25,COTAÇÃO,11,0))))","v":19.149999999999999},{"$f":"DLV25*DLW25","v":9.5749999999999993},"ED-50374",{"$f":"IF(DMB25=\"SINAPI\",VLOOKUP(DLY25,SINAPI,2,0),IF(DMB25=\"SETOP\",VLOOKUP(DLY25,SETOP,3,0),IF(DMB25=\"CPU\",VLOOKUP(DLY25,COMPOSIÇÃO,2,0),VLOOKUP(DLY25,COTAÇÃO,3,0))))","v":"BOMBEIRO/ENCANADOR COM ENCARGOS COMPLEMENTARES"},null,"SETOP",{"$f":"IF(DMB25=\"SINAPI\",VLOOKUP(DLY25,SINAPI,3,0),IF(DMB25=\"SETOP\",VLOOKUP(DLY25,SETOP,4,0),IF(DMB25=\"CPU\",VLOOKUP(DLY25,COMPOSIÇÃO,5,0),VLOOKUP(DLY25,COTAÇÃO,8,0))))","v":"HORA"},0.5,{"$f":"IF(DMB25=\"SINAPI\",VLOOKUP(DLY25,SINAPI,4,0),IF(DMB25=\"SETOP\",VLOOKUP(DLY25,SETOP,5,0),IF(DMB25=\"CPU\",VLOOKUP(DLY25,COMPOSIÇÃO,8,0),VLOOKUP(DLY25,COTAÇÃO,11,0))))","v":19.149999999999999},{"$f":"DMD25*DME25","v":9.5749999999999993},"ED-50374",{"$f":"IF(DMJ25=\"SINAPI\",VLOOKUP(DMG25,SINAPI,2,0),IF(DMJ25=\"SETOP\",VLOOKUP(DMG25,SETOP,3,0),IF(DMJ25=\"CPU\",VLOOKUP(DMG25,COMPOSIÇÃO,2,0),VLOOKUP(DMG25,COTAÇÃO,3,0))))","v":"BOMBEIRO/ENCANADOR COM ENCARGOS COMPLEMENTARES"},null,"SETOP",{"$f":"IF(DMJ25=\"SINAPI\",VLOOKUP(DMG25,SINAPI,3,0),IF(DMJ25=\"SETOP\",VLOOKUP(DMG25,SETOP,4,0),IF(DMJ25=\"CPU\",VLOOKUP(DMG25,COMPOSIÇÃO,5,0),VLOOKUP(DMG25,COTAÇÃO,8,0))))","v":"HORA"},0.5,{"$f":"IF(DMJ25=\"SINAPI\",VLOOKUP(DMG25,SINAPI,4,0),IF(DMJ25=\"SETOP\",VLOOKUP(DMG25,SETOP,5,0),IF(DMJ25=\"CPU\",VLOOKUP(DMG25,COMPOSIÇÃO,8,0),VLOOKUP(DMG25,COTAÇÃO,11,0))))","v":19.149999999999999},{"$f":"DML25*DMM25","v":9.5749999999999993},"ED-50374",{"$f":"IF(DMR25=\"SINAPI\",VLOOKUP(DMO25,SINAPI,2,0),IF(DMR25=\"SETOP\",VLOOKUP(DMO25,SETOP,3,0),IF(DMR25=\"CPU\",VLOOKUP(DMO25,COMPOSIÇÃO,2,0),VLOOKUP(DMO25,COTAÇÃO,3,0))))","v":"BOMBEIRO/ENCANADOR COM ENCARGOS COMPLEMENTARES"},null,"SETOP",{"$f":"IF(DMR25=\"SINAPI\",VLOOKUP(DMO25,SINAPI,3,0),IF(DMR25=\"SETOP\",VLOOKUP(DMO25,SETOP,4,0),IF(DMR25=\"CPU\",VLOOKUP(DMO25,COMPOSIÇÃO,5,0),VLOOKUP(DMO25,COTAÇÃO,8,0))))","v":"HORA"},0.5,{"$f":"IF(DMR25=\"SINAPI\",VLOOKUP(DMO25,SINAPI,4,0),IF(DMR25=\"SETOP\",VLOOKUP(DMO25,SETOP,5,0),IF(DMR25=\"CPU\",VLOOKUP(DMO25,COMPOSIÇÃO,8,0),VLOOKUP(DMO25,COTAÇÃO,11,0))))","v":19.149999999999999},{"$f":"DMT25*DMU25","v":9.5749999999999993},"ED-50374",{"$f":"IF(DMZ25=\"SINAPI\",VLOOKUP(DMW25,SINAPI,2,0),IF(DMZ25=\"SETOP\",VLOOKUP(DMW25,SETOP,3,0),IF(DMZ25=\"CPU\",VLOOKUP(DMW25,COMPOSIÇÃO,2,0),VLOOKUP(DMW25,COTAÇÃO,3,0))))","v":"BOMBEIRO/ENCANADOR COM ENCARGOS COMPLEMENTARES"},null,"SETOP",{"$f":"IF(DMZ25=\"SINAPI\",VLOOKUP(DMW25,SINAPI,3,0),IF(DMZ25=\"SETOP\",VLOOKUP(DMW25,SETOP,4,0),IF(DMZ25=\"CPU\",VLOOKUP(DMW25,COMPOSIÇÃO,5,0),VLOOKUP(DMW25,COTAÇÃO,8,0))))","v":"HORA"},0.5,{"$f":"IF(DMZ25=\"SINAPI\",VLOOKUP(DMW25,SINAPI,4,0),IF(DMZ25=\"SETOP\",VLOOKUP(DMW25,SETOP,5,0),IF(DMZ25=\"CPU\",VLOOKUP(DMW25,COMPOSIÇÃO,8,0),VLOOKUP(DMW25,COTAÇÃO,11,0))))","v":19.149999999999999},{"$f":"DNB25*DNC25","v":9.5749999999999993},"ED-50374",{"$f":"IF(DNH25=\"SINAPI\",VLOOKUP(DNE25,SINAPI,2,0),IF(DNH25=\"SETOP\",VLOOKUP(DNE25,SETOP,3,0),IF(DNH25=\"CPU\",VLOOKUP(DNE25,COMPOSIÇÃO,2,0),VLOOKUP(DNE25,COTAÇÃO,3,0))))","v":"BOMBEIRO/ENCANADOR COM ENCARGOS COMPLEMENTARES"},null,"SETOP",{"$f":"IF(DNH25=\"SINAPI\",VLOOKUP(DNE25,SINAPI,3,0),IF(DNH25=\"SETOP\",VLOOKUP(DNE25,SETOP,4,0),IF(DNH25=\"CPU\",VLOOKUP(DNE25,COMPOSIÇÃO,5,0),VLOOKUP(DNE25,COTAÇÃO,8,0))))","v":"HORA"},0.5,{"$f":"IF(DNH25=\"SINAPI\",VLOOKUP(DNE25,SINAPI,4,0),IF(DNH25=\"SETOP\",VLOOKUP(DNE25,SETOP,5,0),IF(DNH25=\"CPU\",VLOOKUP(DNE25,COMPOSIÇÃO,8,0),VLOOKUP(DNE25,COTAÇÃO,11,0))))","v":19.149999999999999},{"$f":"DNJ25*DNK25","v":9.5749999999999993},"ED-50374",{"$f":"IF(DNP25=\"SINAPI\",VLOOKUP(DNM25,SINAPI,2,0),IF(DNP25=\"SETOP\",VLOOKUP(DNM25,SETOP,3,0),IF(DNP25=\"CPU\",VLOOKUP(DNM25,COMPOSIÇÃO,2,0),VLOOKUP(DNM25,COTAÇÃO,3,0))))","v":"BOMBEIRO/ENCANADOR COM ENCARGOS COMPLEMENTARES"},null,"SETOP",{"$f":"IF(DNP25=\"SINAPI\",VLOOKUP(DNM25,SINAPI,3,0),IF(DNP25=\"SETOP\",VLOOKUP(DNM25,SETOP,4,0),IF(DNP25=\"CPU\",VLOOKUP(DNM25,COMPOSIÇÃO,5,0),VLOOKUP(DNM25,COTAÇÃO,8,0))))","v":"HORA"},0.5,{"$f":"IF(DNP25=\"SINAPI\",VLOOKUP(DNM25,SINAPI,4,0),IF(DNP25=\"SETOP\",VLOOKUP(DNM25,SETOP,5,0),IF(DNP25=\"CPU\",VLOOKUP(DNM25,COMPOSIÇÃO,8,0),VLOOKUP(DNM25,COTAÇÃO,11,0))))","v":19.149999999999999},{"$f":"DNR25*DNS25","v":9.5749999999999993},"ED-50374",{"$f":"IF(DNX25=\"SINAPI\",VLOOKUP(DNU25,SINAPI,2,0),IF(DNX25=\"SETOP\",VLOOKUP(DNU25,SETOP,3,0),IF(DNX25=\"CPU\",VLOOKUP(DNU25,COMPOSIÇÃO,2,0),VLOOKUP(DNU25,COTAÇÃO,3,0))))","v":"BOMBEIRO/ENCANADOR COM ENCARGOS COMPLEMENTARES"},null,"SETOP",{"$f":"IF(DNX25=\"SINAPI\",VLOOKUP(DNU25,SINAPI,3,0),IF(DNX25=\"SETOP\",VLOOKUP(DNU25,SETOP,4,0),IF(DNX25=\"CPU\",VLOOKUP(DNU25,COMPOSIÇÃO,5,0),VLOOKUP(DNU25,COTAÇÃO,8,0))))","v":"HORA"},0.5,{"$f":"IF(DNX25=\"SINAPI\",VLOOKUP(DNU25,SINAPI,4,0),IF(DNX25=\"SETOP\",VLOOKUP(DNU25,SETOP,5,0),IF(DNX25=\"CPU\",VLOOKUP(DNU25,COMPOSIÇÃO,8,0),VLOOKUP(DNU25,COTAÇÃO,11,0))))","v":19.149999999999999},{"$f":"DNZ25*DOA25","v":9.5749999999999993},"ED-50374",{"$f":"IF(DOF25=\"SINAPI\",VLOOKUP(DOC25,SINAPI,2,0),IF(DOF25=\"SETOP\",VLOOKUP(DOC25,SETOP,3,0),IF(DOF25=\"CPU\",VLOOKUP(DOC25,COMPOSIÇÃO,2,0),VLOOKUP(DOC25,COTAÇÃO,3,0))))","v":"BOMBEIRO/ENCANADOR COM ENCARGOS COMPLEMENTARES"},null,"SETOP",{"$f":"IF(DOF25=\"SINAPI\",VLOOKUP(DOC25,SINAPI,3,0),IF(DOF25=\"SETOP\",VLOOKUP(DOC25,SETOP,4,0),IF(DOF25=\"CPU\",VLOOKUP(DOC25,COMPOSIÇÃO,5,0),VLOOKUP(DOC25,COTAÇÃO,8,0))))","v":"HORA"},0.5,{"$f":"IF(DOF25=\"SINAPI\",VLOOKUP(DOC25,SINAPI,4,0),IF(DOF25=\"SETOP\",VLOOKUP(DOC25,SETOP,5,0),IF(DOF25=\"CPU\",VLOOKUP(DOC25,COMPOSIÇÃO,8,0),VLOOKUP(DOC25,COTAÇÃO,11,0))))","v":19.149999999999999},{"$f":"DOH25*DOI25","v":9.5749999999999993},"ED-50374",{"$f":"IF(DON25=\"SINAPI\",VLOOKUP(DOK25,SINAPI,2,0),IF(DON25=\"SETOP\",VLOOKUP(DOK25,SETOP,3,0),IF(DON25=\"CPU\",VLOOKUP(DOK25,COMPOSIÇÃO,2,0),VLOOKUP(DOK25,COTAÇÃO,3,0))))","v":"BOMBEIRO/ENCANADOR COM ENCARGOS COMPLEMENTARES"},null,"SETOP",{"$f":"IF(DON25=\"SINAPI\",VLOOKUP(DOK25,SINAPI,3,0),IF(DON25=\"SETOP\",VLOOKUP(DOK25,SETOP,4,0),IF(DON25=\"CPU\",VLOOKUP(DOK25,COMPOSIÇÃO,5,0),VLOOKUP(DOK25,COTAÇÃO,8,0))))","v":"HORA"},0.5,{"$f":"IF(DON25=\"SINAPI\",VLOOKUP(DOK25,SINAPI,4,0),IF(DON25=\"SETOP\",VLOOKUP(DOK25,SETOP,5,0),IF(DON25=\"CPU\",VLOOKUP(DOK25,COMPOSIÇÃO,8,0),VLOOKUP(DOK25,COTAÇÃO,11,0))))","v":19.149999999999999},{"$f":"DOP25*DOQ25","v":9.5749999999999993},"ED-50374",{"$f":"IF(DOV25=\"SINAPI\",VLOOKUP(DOS25,SINAPI,2,0),IF(DOV25=\"SETOP\",VLOOKUP(DOS25,SETOP,3,0),IF(DOV25=\"CPU\",VLOOKUP(DOS25,COMPOSIÇÃO,2,0),VLOOKUP(DOS25,COTAÇÃO,3,0))))","v":"BOMBEIRO/ENCANADOR COM ENCARGOS COMPLEMENTARES"},null,"SETOP",{"$f":"IF(DOV25=\"SINAPI\",VLOOKUP(DOS25,SINAPI,3,0),IF(DOV25=\"SETOP\",VLOOKUP(DOS25,SETOP,4,0),IF(DOV25=\"CPU\",VLOOKUP(DOS25,COMPOSIÇÃO,5,0),VLOOKUP(DOS25,COTAÇÃO,8,0))))","v":"HORA"},0.5,{"$f":"IF(DOV25=\"SINAPI\",VLOOKUP(DOS25,SINAPI,4,0),IF(DOV25=\"SETOP\",VLOOKUP(DOS25,SETOP,5,0),IF(DOV25=\"CPU\",VLOOKUP(DOS25,COMPOSIÇÃO,8,0),VLOOKUP(DOS25,COTAÇÃO,11,0))))","v":19.149999999999999},{"$f":"DOX25*DOY25","v":9.5749999999999993},"ED-50374",{"$f":"IF(DPD25=\"SINAPI\",VLOOKUP(DPA25,SINAPI,2,0),IF(DPD25=\"SETOP\",VLOOKUP(DPA25,SETOP,3,0),IF(DPD25=\"CPU\",VLOOKUP(DPA25,COMPOSIÇÃO,2,0),VLOOKUP(DPA25,COTAÇÃO,3,0))))","v":"BOMBEIRO/ENCANADOR COM ENCARGOS COMPLEMENTARES"},null,"SETOP",{"$f":"IF(DPD25=\"SINAPI\",VLOOKUP(DPA25,SINAPI,3,0),IF(DPD25=\"SETOP\",VLOOKUP(DPA25,SETOP,4,0),IF(DPD25=\"CPU\",VLOOKUP(DPA25,COMPOSIÇÃO,5,0),VLOOKUP(DPA25,COTAÇÃO,8,0))))","v":"HORA"},0.5,{"$f":"IF(DPD25=\"SINAPI\",VLOOKUP(DPA25,SINAPI,4,0),IF(DPD25=\"SETOP\",VLOOKUP(DPA25,SETOP,5,0),IF(DPD25=\"CPU\",VLOOKUP(DPA25,COMPOSIÇÃO,8,0),VLOOKUP(DPA25,COTAÇÃO,11,0))))","v":19.149999999999999},{"$f":"DPF25*DPG25","v":9.5749999999999993},"ED-50374",{"$f":"IF(DPL25=\"SINAPI\",VLOOKUP(DPI25,SINAPI,2,0),IF(DPL25=\"SETOP\",VLOOKUP(DPI25,SETOP,3,0),IF(DPL25=\"CPU\",VLOOKUP(DPI25,COMPOSIÇÃO,2,0),VLOOKUP(DPI25,COTAÇÃO,3,0))))","v":"BOMBEIRO/ENCANADOR COM ENCARGOS COMPLEMENTARES"},null,"SETOP",{"$f":"IF(DPL25=\"SINAPI\",VLOOKUP(DPI25,SINAPI,3,0),IF(DPL25=\"SETOP\",VLOOKUP(DPI25,SETOP,4,0),IF(DPL25=\"CPU\",VLOOKUP(DPI25,COMPOSIÇÃO,5,0),VLOOKUP(DPI25,COTAÇÃO,8,0))))","v":"HORA"},0.5,{"$f":"IF(DPL25=\"SINAPI\",VLOOKUP(DPI25,SINAPI,4,0),IF(DPL25=\"SETOP\",VLOOKUP(DPI25,SETOP,5,0),IF(DPL25=\"CPU\",VLOOKUP(DPI25,COMPOSIÇÃO,8,0),VLOOKUP(DPI25,COTAÇÃO,11,0))))","v":19.149999999999999},{"$f":"DPN25*DPO25","v":9.5749999999999993},"ED-50374",{"$f":"IF(DPT25=\"SINAPI\",VLOOKUP(DPQ25,SINAPI,2,0),IF(DPT25=\"SETOP\",VLOOKUP(DPQ25,SETOP,3,0),IF(DPT25=\"CPU\",VLOOKUP(DPQ25,COMPOSIÇÃO,2,0),VLOOKUP(DPQ25,COTAÇÃO,3,0))))","v":"BOMBEIRO/ENCANADOR COM ENCARGOS COMPLEMENTARES"},null,"SETOP",{"$f":"IF(DPT25=\"SINAPI\",VLOOKUP(DPQ25,SINAPI,3,0),IF(DPT25=\"SETOP\",VLOOKUP(DPQ25,SETOP,4,0),IF(DPT25=\"CPU\",VLOOKUP(DPQ25,COMPOSIÇÃO,5,0),VLOOKUP(DPQ25,COTAÇÃO,8,0))))","v":"HORA"},0.5,{"$f":"IF(DPT25=\"SINAPI\",VLOOKUP(DPQ25,SINAPI,4,0),IF(DPT25=\"SETOP\",VLOOKUP(DPQ25,SETOP,5,0),IF(DPT25=\"CPU\",VLOOKUP(DPQ25,COMPOSIÇÃO,8,0),VLOOKUP(DPQ25,COTAÇÃO,11,0))))","v":19.149999999999999},{"$f":"DPV25*DPW25","v":9.5749999999999993},"ED-50374",{"$f":"IF(DQB25=\"SINAPI\",VLOOKUP(DPY25,SINAPI,2,0),IF(DQB25=\"SETOP\",VLOOKUP(DPY25,SETOP,3,0),IF(DQB25=\"CPU\",VLOOKUP(DPY25,COMPOSIÇÃO,2,0),VLOOKUP(DPY25,COTAÇÃO,3,0))))","v":"BOMBEIRO/ENCANADOR COM ENCARGOS COMPLEMENTARES"},null,"SETOP",{"$f":"IF(DQB25=\"SINAPI\",VLOOKUP(DPY25,SINAPI,3,0),IF(DQB25=\"SETOP\",VLOOKUP(DPY25,SETOP,4,0),IF(DQB25=\"CPU\",VLOOKUP(DPY25,COMPOSIÇÃO,5,0),VLOOKUP(DPY25,COTAÇÃO,8,0))))","v":"HORA"},0.5,{"$f":"IF(DQB25=\"SINAPI\",VLOOKUP(DPY25,SINAPI,4,0),IF(DQB25=\"SETOP\",VLOOKUP(DPY25,SETOP,5,0),IF(DQB25=\"CPU\",VLOOKUP(DPY25,COMPOSIÇÃO,8,0),VLOOKUP(DPY25,COTAÇÃO,11,0))))","v":19.149999999999999},{"$f":"DQD25*DQE25","v":9.5749999999999993},"ED-50374",{"$f":"IF(DQJ25=\"SINAPI\",VLOOKUP(DQG25,SINAPI,2,0),IF(DQJ25=\"SETOP\",VLOOKUP(DQG25,SETOP,3,0),IF(DQJ25=\"CPU\",VLOOKUP(DQG25,COMPOSIÇÃO,2,0),VLOOKUP(DQG25,COTAÇÃO,3,0))))","v":"BOMBEIRO/ENCANADOR COM ENCARGOS COMPLEMENTARES"},null,"SETOP",{"$f":"IF(DQJ25=\"SINAPI\",VLOOKUP(DQG25,SINAPI,3,0),IF(DQJ25=\"SETOP\",VLOOKUP(DQG25,SETOP,4,0),IF(DQJ25=\"CPU\",VLOOKUP(DQG25,COMPOSIÇÃO,5,0),VLOOKUP(DQG25,COTAÇÃO,8,0))))","v":"HORA"},0.5,{"$f":"IF(DQJ25=\"SINAPI\",VLOOKUP(DQG25,SINAPI,4,0),IF(DQJ25=\"SETOP\",VLOOKUP(DQG25,SETOP,5,0),IF(DQJ25=\"CPU\",VLOOKUP(DQG25,COMPOSIÇÃO,8,0),VLOOKUP(DQG25,COTAÇÃO,11,0))))","v":19.149999999999999},{"$f":"DQL25*DQM25","v":9.5749999999999993},"ED-50374",{"$f":"IF(DQR25=\"SINAPI\",VLOOKUP(DQO25,SINAPI,2,0),IF(DQR25=\"SETOP\",VLOOKUP(DQO25,SETOP,3,0),IF(DQR25=\"CPU\",VLOOKUP(DQO25,COMPOSIÇÃO,2,0),VLOOKUP(DQO25,COTAÇÃO,3,0))))","v":"BOMBEIRO/ENCANADOR COM ENCARGOS COMPLEMENTARES"},null,"SETOP",{"$f":"IF(DQR25=\"SINAPI\",VLOOKUP(DQO25,SINAPI,3,0),IF(DQR25=\"SETOP\",VLOOKUP(DQO25,SETOP,4,0),IF(DQR25=\"CPU\",VLOOKUP(DQO25,COMPOSIÇÃO,5,0),VLOOKUP(DQO25,COTAÇÃO,8,0))))","v":"HORA"},0.5,{"$f":"IF(DQR25=\"SINAPI\",VLOOKUP(DQO25,SINAPI,4,0),IF(DQR25=\"SETOP\",VLOOKUP(DQO25,SETOP,5,0),IF(DQR25=\"CPU\",VLOOKUP(DQO25,COMPOSIÇÃO,8,0),VLOOKUP(DQO25,COTAÇÃO,11,0))))","v":19.149999999999999},{"$f":"DQT25*DQU25","v":9.5749999999999993},"ED-50374",{"$f":"IF(DQZ25=\"SINAPI\",VLOOKUP(DQW25,SINAPI,2,0),IF(DQZ25=\"SETOP\",VLOOKUP(DQW25,SETOP,3,0),IF(DQZ25=\"CPU\",VLOOKUP(DQW25,COMPOSIÇÃO,2,0),VLOOKUP(DQW25,COTAÇÃO,3,0))))","v":"BOMBEIRO/ENCANADOR COM ENCARGOS COMPLEMENTARES"},null,"SETOP",{"$f":"IF(DQZ25=\"SINAPI\",VLOOKUP(DQW25,SINAPI,3,0),IF(DQZ25=\"SETOP\",VLOOKUP(DQW25,SETOP,4,0),IF(DQZ25=\"CPU\",VLOOKUP(DQW25,COMPOSIÇÃO,5,0),VLOOKUP(DQW25,COTAÇÃO,8,0))))","v":"HORA"},0.5,{"$f":"IF(DQZ25=\"SINAPI\",VLOOKUP(DQW25,SINAPI,4,0),IF(DQZ25=\"SETOP\",VLOOKUP(DQW25,SETOP,5,0),IF(DQZ25=\"CPU\",VLOOKUP(DQW25,COMPOSIÇÃO,8,0),VLOOKUP(DQW25,COTAÇÃO,11,0))))","v":19.149999999999999},{"$f":"DRB25*DRC25","v":9.5749999999999993},"ED-50374",{"$f":"IF(DRH25=\"SINAPI\",VLOOKUP(DRE25,SINAPI,2,0),IF(DRH25=\"SETOP\",VLOOKUP(DRE25,SETOP,3,0),IF(DRH25=\"CPU\",VLOOKUP(DRE25,COMPOSIÇÃO,2,0),VLOOKUP(DRE25,COTAÇÃO,3,0))))","v":"BOMBEIRO/ENCANADOR COM ENCARGOS COMPLEMENTARES"},null,"SETOP",{"$f":"IF(DRH25=\"SINAPI\",VLOOKUP(DRE25,SINAPI,3,0),IF(DRH25=\"SETOP\",VLOOKUP(DRE25,SETOP,4,0),IF(DRH25=\"CPU\",VLOOKUP(DRE25,COMPOSIÇÃO,5,0),VLOOKUP(DRE25,COTAÇÃO,8,0))))","v":"HORA"},0.5,{"$f":"IF(DRH25=\"SINAPI\",VLOOKUP(DRE25,SINAPI,4,0),IF(DRH25=\"SETOP\",VLOOKUP(DRE25,SETOP,5,0),IF(DRH25=\"CPU\",VLOOKUP(DRE25,COMPOSIÇÃO,8,0),VLOOKUP(DRE25,COTAÇÃO,11,0))))","v":19.149999999999999},{"$f":"DRJ25*DRK25","v":9.5749999999999993},"ED-50374",{"$f":"IF(DRP25=\"SINAPI\",VLOOKUP(DRM25,SINAPI,2,0),IF(DRP25=\"SETOP\",VLOOKUP(DRM25,SETOP,3,0),IF(DRP25=\"CPU\",VLOOKUP(DRM25,COMPOSIÇÃO,2,0),VLOOKUP(DRM25,COTAÇÃO,3,0))))","v":"BOMBEIRO/ENCANADOR COM ENCARGOS COMPLEMENTARES"},null,"SETOP",{"$f":"IF(DRP25=\"SINAPI\",VLOOKUP(DRM25,SINAPI,3,0),IF(DRP25=\"SETOP\",VLOOKUP(DRM25,SETOP,4,0),IF(DRP25=\"CPU\",VLOOKUP(DRM25,COMPOSIÇÃO,5,0),VLOOKUP(DRM25,COTAÇÃO,8,0))))","v":"HORA"},0.5,{"$f":"IF(DRP25=\"SINAPI\",VLOOKUP(DRM25,SINAPI,4,0),IF(DRP25=\"SETOP\",VLOOKUP(DRM25,SETOP,5,0),IF(DRP25=\"CPU\",VLOOKUP(DRM25,COMPOSIÇÃO,8,0),VLOOKUP(DRM25,COTAÇÃO,11,0))))","v":19.149999999999999},{"$f":"DRR25*DRS25","v":9.5749999999999993},"ED-50374",{"$f":"IF(DRX25=\"SINAPI\",VLOOKUP(DRU25,SINAPI,2,0),IF(DRX25=\"SETOP\",VLOOKUP(DRU25,SETOP,3,0),IF(DRX25=\"CPU\",VLOOKUP(DRU25,COMPOSIÇÃO,2,0),VLOOKUP(DRU25,COTAÇÃO,3,0))))","v":"BOMBEIRO/ENCANADOR COM ENCARGOS COMPLEMENTARES"},null,"SETOP",{"$f":"IF(DRX25=\"SINAPI\",VLOOKUP(DRU25,SINAPI,3,0),IF(DRX25=\"SETOP\",VLOOKUP(DRU25,SETOP,4,0),IF(DRX25=\"CPU\",VLOOKUP(DRU25,COMPOSIÇÃO,5,0),VLOOKUP(DRU25,COTAÇÃO,8,0))))","v":"HORA"},0.5,{"$f":"IF(DRX25=\"SINAPI\",VLOOKUP(DRU25,SINAPI,4,0),IF(DRX25=\"SETOP\",VLOOKUP(DRU25,SETOP,5,0),IF(DRX25=\"CPU\",VLOOKUP(DRU25,COMPOSIÇÃO,8,0),VLOOKUP(DRU25,COTAÇÃO,11,0))))","v":19.149999999999999},{"$f":"DRZ25*DSA25","v":9.5749999999999993},"ED-50374",{"$f":"IF(DSF25=\"SINAPI\",VLOOKUP(DSC25,SINAPI,2,0),IF(DSF25=\"SETOP\",VLOOKUP(DSC25,SETOP,3,0),IF(DSF25=\"CPU\",VLOOKUP(DSC25,COMPOSIÇÃO,2,0),VLOOKUP(DSC25,COTAÇÃO,3,0))))","v":"BOMBEIRO/ENCANADOR COM ENCARGOS COMPLEMENTARES"},null,"SETOP",{"$f":"IF(DSF25=\"SINAPI\",VLOOKUP(DSC25,SINAPI,3,0),IF(DSF25=\"SETOP\",VLOOKUP(DSC25,SETOP,4,0),IF(DSF25=\"CPU\",VLOOKUP(DSC25,COMPOSIÇÃO,5,0),VLOOKUP(DSC25,COTAÇÃO,8,0))))","v":"HORA"},0.5,{"$f":"IF(DSF25=\"SINAPI\",VLOOKUP(DSC25,SINAPI,4,0),IF(DSF25=\"SETOP\",VLOOKUP(DSC25,SETOP,5,0),IF(DSF25=\"CPU\",VLOOKUP(DSC25,COMPOSIÇÃO,8,0),VLOOKUP(DSC25,COTAÇÃO,11,0))))","v":19.149999999999999},{"$f":"DSH25*DSI25","v":9.5749999999999993},"ED-50374",{"$f":"IF(DSN25=\"SINAPI\",VLOOKUP(DSK25,SINAPI,2,0),IF(DSN25=\"SETOP\",VLOOKUP(DSK25,SETOP,3,0),IF(DSN25=\"CPU\",VLOOKUP(DSK25,COMPOSIÇÃO,2,0),VLOOKUP(DSK25,COTAÇÃO,3,0))))","v":"BOMBEIRO/ENCANADOR COM ENCARGOS COMPLEMENTARES"},null,"SETOP",{"$f":"IF(DSN25=\"SINAPI\",VLOOKUP(DSK25,SINAPI,3,0),IF(DSN25=\"SETOP\",VLOOKUP(DSK25,SETOP,4,0),IF(DSN25=\"CPU\",VLOOKUP(DSK25,COMPOSIÇÃO,5,0),VLOOKUP(DSK25,COTAÇÃO,8,0))))","v":"HORA"},0.5,{"$f":"IF(DSN25=\"SINAPI\",VLOOKUP(DSK25,SINAPI,4,0),IF(DSN25=\"SETOP\",VLOOKUP(DSK25,SETOP,5,0),IF(DSN25=\"CPU\",VLOOKUP(DSK25,COMPOSIÇÃO,8,0),VLOOKUP(DSK25,COTAÇÃO,11,0))))","v":19.149999999999999},{"$f":"DSP25*DSQ25","v":9.5749999999999993},"ED-50374",{"$f":"IF(DSV25=\"SINAPI\",VLOOKUP(DSS25,SINAPI,2,0),IF(DSV25=\"SETOP\",VLOOKUP(DSS25,SETOP,3,0),IF(DSV25=\"CPU\",VLOOKUP(DSS25,COMPOSIÇÃO,2,0),VLOOKUP(DSS25,COTAÇÃO,3,0))))","v":"BOMBEIRO/ENCANADOR COM ENCARGOS COMPLEMENTARES"},null,"SETOP",{"$f":"IF(DSV25=\"SINAPI\",VLOOKUP(DSS25,SINAPI,3,0),IF(DSV25=\"SETOP\",VLOOKUP(DSS25,SETOP,4,0),IF(DSV25=\"CPU\",VLOOKUP(DSS25,COMPOSIÇÃO,5,0),VLOOKUP(DSS25,COTAÇÃO,8,0))))","v":"HORA"},0.5,{"$f":"IF(DSV25=\"SINAPI\",VLOOKUP(DSS25,SINAPI,4,0),IF(DSV25=\"SETOP\",VLOOKUP(DSS25,SETOP,5,0),IF(DSV25=\"CPU\",VLOOKUP(DSS25,COMPOSIÇÃO,8,0),VLOOKUP(DSS25,COTAÇÃO,11,0))))","v":19.149999999999999},{"$f":"DSX25*DSY25","v":9.5749999999999993},"ED-50374",{"$f":"IF(DTD25=\"SINAPI\",VLOOKUP(DTA25,SINAPI,2,0),IF(DTD25=\"SETOP\",VLOOKUP(DTA25,SETOP,3,0),IF(DTD25=\"CPU\",VLOOKUP(DTA25,COMPOSIÇÃO,2,0),VLOOKUP(DTA25,COTAÇÃO,3,0))))","v":"BOMBEIRO/ENCANADOR COM ENCARGOS COMPLEMENTARES"},null,"SETOP",{"$f":"IF(DTD25=\"SINAPI\",VLOOKUP(DTA25,SINAPI,3,0),IF(DTD25=\"SETOP\",VLOOKUP(DTA25,SETOP,4,0),IF(DTD25=\"CPU\",VLOOKUP(DTA25,COMPOSIÇÃO,5,0),VLOOKUP(DTA25,COTAÇÃO,8,0))))","v":"HORA"},0.5,{"$f":"IF(DTD25=\"SINAPI\",VLOOKUP(DTA25,SINAPI,4,0),IF(DTD25=\"SETOP\",VLOOKUP(DTA25,SETOP,5,0),IF(DTD25=\"CPU\",VLOOKUP(DTA25,COMPOSIÇÃO,8,0),VLOOKUP(DTA25,COTAÇÃO,11,0))))","v":19.149999999999999},{"$f":"DTF25*DTG25","v":9.5749999999999993},"ED-50374",{"$f":"IF(DTL25=\"SINAPI\",VLOOKUP(DTI25,SINAPI,2,0),IF(DTL25=\"SETOP\",VLOOKUP(DTI25,SETOP,3,0),IF(DTL25=\"CPU\",VLOOKUP(DTI25,COMPOSIÇÃO,2,0),VLOOKUP(DTI25,COTAÇÃO,3,0))))","v":"BOMBEIRO/ENCANADOR COM ENCARGOS COMPLEMENTARES"},null,"SETOP",{"$f":"IF(DTL25=\"SINAPI\",VLOOKUP(DTI25,SINAPI,3,0),IF(DTL25=\"SETOP\",VLOOKUP(DTI25,SETOP,4,0),IF(DTL25=\"CPU\",VLOOKUP(DTI25,COMPOSIÇÃO,5,0),VLOOKUP(DTI25,COTAÇÃO,8,0))))","v":"HORA"},0.5,{"$f":"IF(DTL25=\"SINAPI\",VLOOKUP(DTI25,SINAPI,4,0),IF(DTL25=\"SETOP\",VLOOKUP(DTI25,SETOP,5,0),IF(DTL25=\"CPU\",VLOOKUP(DTI25,COMPOSIÇÃO,8,0),VLOOKUP(DTI25,COTAÇÃO,11,0))))","v":19.149999999999999},{"$f":"DTN25*DTO25","v":9.5749999999999993},"ED-50374",{"$f":"IF(DTT25=\"SINAPI\",VLOOKUP(DTQ25,SINAPI,2,0),IF(DTT25=\"SETOP\",VLOOKUP(DTQ25,SETOP,3,0),IF(DTT25=\"CPU\",VLOOKUP(DTQ25,COMPOSIÇÃO,2,0),VLOOKUP(DTQ25,COTAÇÃO,3,0))))","v":"BOMBEIRO/ENCANADOR COM ENCARGOS COMPLEMENTARES"},null,"SETOP",{"$f":"IF(DTT25=\"SINAPI\",VLOOKUP(DTQ25,SINAPI,3,0),IF(DTT25=\"SETOP\",VLOOKUP(DTQ25,SETOP,4,0),IF(DTT25=\"CPU\",VLOOKUP(DTQ25,COMPOSIÇÃO,5,0),VLOOKUP(DTQ25,COTAÇÃO,8,0))))","v":"HORA"},0.5,{"$f":"IF(DTT25=\"SINAPI\",VLOOKUP(DTQ25,SINAPI,4,0),IF(DTT25=\"SETOP\",VLOOKUP(DTQ25,SETOP,5,0),IF(DTT25=\"CPU\",VLOOKUP(DTQ25,COMPOSIÇÃO,8,0),VLOOKUP(DTQ25,COTAÇÃO,11,0))))","v":19.149999999999999},{"$f":"DTV25*DTW25","v":9.5749999999999993},"ED-50374",{"$f":"IF(DUB25=\"SINAPI\",VLOOKUP(DTY25,SINAPI,2,0),IF(DUB25=\"SETOP\",VLOOKUP(DTY25,SETOP,3,0),IF(DUB25=\"CPU\",VLOOKUP(DTY25,COMPOSIÇÃO,2,0),VLOOKUP(DTY25,COTAÇÃO,3,0))))","v":"BOMBEIRO/ENCANADOR COM ENCARGOS COMPLEMENTARES"},null,"SETOP",{"$f":"IF(DUB25=\"SINAPI\",VLOOKUP(DTY25,SINAPI,3,0),IF(DUB25=\"SETOP\",VLOOKUP(DTY25,SETOP,4,0),IF(DUB25=\"CPU\",VLOOKUP(DTY25,COMPOSIÇÃO,5,0),VLOOKUP(DTY25,COTAÇÃO,8,0))))","v":"HORA"},0.5,{"$f":"IF(DUB25=\"SINAPI\",VLOOKUP(DTY25,SINAPI,4,0),IF(DUB25=\"SETOP\",VLOOKUP(DTY25,SETOP,5,0),IF(DUB25=\"CPU\",VLOOKUP(DTY25,COMPOSIÇÃO,8,0),VLOOKUP(DTY25,COTAÇÃO,11,0))))","v":19.149999999999999},{"$f":"DUD25*DUE25","v":9.5749999999999993},"ED-50374",{"$f":"IF(DUJ25=\"SINAPI\",VLOOKUP(DUG25,SINAPI,2,0),IF(DUJ25=\"SETOP\",VLOOKUP(DUG25,SETOP,3,0),IF(DUJ25=\"CPU\",VLOOKUP(DUG25,COMPOSIÇÃO,2,0),VLOOKUP(DUG25,COTAÇÃO,3,0))))","v":"BOMBEIRO/ENCANADOR COM ENCARGOS COMPLEMENTARES"},null,"SETOP",{"$f":"IF(DUJ25=\"SINAPI\",VLOOKUP(DUG25,SINAPI,3,0),IF(DUJ25=\"SETOP\",VLOOKUP(DUG25,SETOP,4,0),IF(DUJ25=\"CPU\",VLOOKUP(DUG25,COMPOSIÇÃO,5,0),VLOOKUP(DUG25,COTAÇÃO,8,0))))","v":"HORA"},0.5,{"$f":"IF(DUJ25=\"SINAPI\",VLOOKUP(DUG25,SINAPI,4,0),IF(DUJ25=\"SETOP\",VLOOKUP(DUG25,SETOP,5,0),IF(DUJ25=\"CPU\",VLOOKUP(DUG25,COMPOSIÇÃO,8,0),VLOOKUP(DUG25,COTAÇÃO,11,0))))","v":19.149999999999999},{"$f":"DUL25*DUM25","v":9.5749999999999993},"ED-50374",{"$f":"IF(DUR25=\"SINAPI\",VLOOKUP(DUO25,SINAPI,2,0),IF(DUR25=\"SETOP\",VLOOKUP(DUO25,SETOP,3,0),IF(DUR25=\"CPU\",VLOOKUP(DUO25,COMPOSIÇÃO,2,0),VLOOKUP(DUO25,COTAÇÃO,3,0))))","v":"BOMBEIRO/ENCANADOR COM ENCARGOS COMPLEMENTARES"},null,"SETOP",{"$f":"IF(DUR25=\"SINAPI\",VLOOKUP(DUO25,SINAPI,3,0),IF(DUR25=\"SETOP\",VLOOKUP(DUO25,SETOP,4,0),IF(DUR25=\"CPU\",VLOOKUP(DUO25,COMPOSIÇÃO,5,0),VLOOKUP(DUO25,COTAÇÃO,8,0))))","v":"HORA"},0.5,{"$f":"IF(DUR25=\"SINAPI\",VLOOKUP(DUO25,SINAPI,4,0),IF(DUR25=\"SETOP\",VLOOKUP(DUO25,SETOP,5,0),IF(DUR25=\"CPU\",VLOOKUP(DUO25,COMPOSIÇÃO,8,0),VLOOKUP(DUO25,COTAÇÃO,11,0))))","v":19.149999999999999},{"$f":"DUT25*DUU25","v":9.5749999999999993},"ED-50374",{"$f":"IF(DUZ25=\"SINAPI\",VLOOKUP(DUW25,SINAPI,2,0),IF(DUZ25=\"SETOP\",VLOOKUP(DUW25,SETOP,3,0),IF(DUZ25=\"CPU\",VLOOKUP(DUW25,COMPOSIÇÃO,2,0),VLOOKUP(DUW25,COTAÇÃO,3,0))))","v":"BOMBEIRO/ENCANADOR COM ENCARGOS COMPLEMENTARES"},null,"SETOP",{"$f":"IF(DUZ25=\"SINAPI\",VLOOKUP(DUW25,SINAPI,3,0),IF(DUZ25=\"SETOP\",VLOOKUP(DUW25,SETOP,4,0),IF(DUZ25=\"CPU\",VLOOKUP(DUW25,COMPOSIÇÃO,5,0),VLOOKUP(DUW25,COTAÇÃO,8,0))))","v":"HORA"},0.5,{"$f":"IF(DUZ25=\"SINAPI\",VLOOKUP(DUW25,SINAPI,4,0),IF(DUZ25=\"SETOP\",VLOOKUP(DUW25,SETOP,5,0),IF(DUZ25=\"CPU\",VLOOKUP(DUW25,COMPOSIÇÃO,8,0),VLOOKUP(DUW25,COTAÇÃO,11,0))))","v":19.149999999999999},{"$f":"DVB25*DVC25","v":9.5749999999999993},"ED-50374",{"$f":"IF(DVH25=\"SINAPI\",VLOOKUP(DVE25,SINAPI,2,0),IF(DVH25=\"SETOP\",VLOOKUP(DVE25,SETOP,3,0),IF(DVH25=\"CPU\",VLOOKUP(DVE25,COMPOSIÇÃO,2,0),VLOOKUP(DVE25,COTAÇÃO,3,0))))","v":"BOMBEIRO/ENCANADOR COM ENCARGOS COMPLEMENTARES"},null,"SETOP",{"$f":"IF(DVH25=\"SINAPI\",VLOOKUP(DVE25,SINAPI,3,0),IF(DVH25=\"SETOP\",VLOOKUP(DVE25,SETOP,4,0),IF(DVH25=\"CPU\",VLOOKUP(DVE25,COMPOSIÇÃO,5,0),VLOOKUP(DVE25,COTAÇÃO,8,0))))","v":"HORA"},0.5,{"$f":"IF(DVH25=\"SINAPI\",VLOOKUP(DVE25,SINAPI,4,0),IF(DVH25=\"SETOP\",VLOOKUP(DVE25,SETOP,5,0),IF(DVH25=\"CPU\",VLOOKUP(DVE25,COMPOSIÇÃO,8,0),VLOOKUP(DVE25,COTAÇÃO,11,0))))","v":19.149999999999999},{"$f":"DVJ25*DVK25","v":9.5749999999999993},"ED-50374",{"$f":"IF(DVP25=\"SINAPI\",VLOOKUP(DVM25,SINAPI,2,0),IF(DVP25=\"SETOP\",VLOOKUP(DVM25,SETOP,3,0),IF(DVP25=\"CPU\",VLOOKUP(DVM25,COMPOSIÇÃO,2,0),VLOOKUP(DVM25,COTAÇÃO,3,0))))","v":"BOMBEIRO/ENCANADOR COM ENCARGOS COMPLEMENTARES"},null,"SETOP",{"$f":"IF(DVP25=\"SINAPI\",VLOOKUP(DVM25,SINAPI,3,0),IF(DVP25=\"SETOP\",VLOOKUP(DVM25,SETOP,4,0),IF(DVP25=\"CPU\",VLOOKUP(DVM25,COMPOSIÇÃO,5,0),VLOOKUP(DVM25,COTAÇÃO,8,0))))","v":"HORA"},0.5,{"$f":"IF(DVP25=\"SINAPI\",VLOOKUP(DVM25,SINAPI,4,0),IF(DVP25=\"SETOP\",VLOOKUP(DVM25,SETOP,5,0),IF(DVP25=\"CPU\",VLOOKUP(DVM25,COMPOSIÇÃO,8,0),VLOOKUP(DVM25,COTAÇÃO,11,0))))","v":19.149999999999999},{"$f":"DVR25*DVS25","v":9.5749999999999993},"ED-50374",{"$f":"IF(DVX25=\"SINAPI\",VLOOKUP(DVU25,SINAPI,2,0),IF(DVX25=\"SETOP\",VLOOKUP(DVU25,SETOP,3,0),IF(DVX25=\"CPU\",VLOOKUP(DVU25,COMPOSIÇÃO,2,0),VLOOKUP(DVU25,COTAÇÃO,3,0))))","v":"BOMBEIRO/ENCANADOR COM ENCARGOS COMPLEMENTARES"},null,"SETOP",{"$f":"IF(DVX25=\"SINAPI\",VLOOKUP(DVU25,SINAPI,3,0),IF(DVX25=\"SETOP\",VLOOKUP(DVU25,SETOP,4,0),IF(DVX25=\"CPU\",VLOOKUP(DVU25,COMPOSIÇÃO,5,0),VLOOKUP(DVU25,COTAÇÃO,8,0))))","v":"HORA"},0.5,{"$f":"IF(DVX25=\"SINAPI\",VLOOKUP(DVU25,SINAPI,4,0),IF(DVX25=\"SETOP\",VLOOKUP(DVU25,SETOP,5,0),IF(DVX25=\"CPU\",VLOOKUP(DVU25,COMPOSIÇÃO,8,0),VLOOKUP(DVU25,COTAÇÃO,11,0))))","v":19.149999999999999},{"$f":"DVZ25*DWA25","v":9.5749999999999993},"ED-50374",{"$f":"IF(DWF25=\"SINAPI\",VLOOKUP(DWC25,SINAPI,2,0),IF(DWF25=\"SETOP\",VLOOKUP(DWC25,SETOP,3,0),IF(DWF25=\"CPU\",VLOOKUP(DWC25,COMPOSIÇÃO,2,0),VLOOKUP(DWC25,COTAÇÃO,3,0))))","v":"BOMBEIRO/ENCANADOR COM ENCARGOS COMPLEMENTARES"},null,"SETOP",{"$f":"IF(DWF25=\"SINAPI\",VLOOKUP(DWC25,SINAPI,3,0),IF(DWF25=\"SETOP\",VLOOKUP(DWC25,SETOP,4,0),IF(DWF25=\"CPU\",VLOOKUP(DWC25,COMPOSIÇÃO,5,0),VLOOKUP(DWC25,COTAÇÃO,8,0))))","v":"HORA"},0.5,{"$f":"IF(DWF25=\"SINAPI\",VLOOKUP(DWC25,SINAPI,4,0),IF(DWF25=\"SETOP\",VLOOKUP(DWC25,SETOP,5,0),IF(DWF25=\"CPU\",VLOOKUP(DWC25,COMPOSIÇÃO,8,0),VLOOKUP(DWC25,COTAÇÃO,11,0))))","v":19.149999999999999},{"$f":"DWH25*DWI25","v":9.5749999999999993},"ED-50374",{"$f":"IF(DWN25=\"SINAPI\",VLOOKUP(DWK25,SINAPI,2,0),IF(DWN25=\"SETOP\",VLOOKUP(DWK25,SETOP,3,0),IF(DWN25=\"CPU\",VLOOKUP(DWK25,COMPOSIÇÃO,2,0),VLOOKUP(DWK25,COTAÇÃO,3,0))))","v":"BOMBEIRO/ENCANADOR COM ENCARGOS COMPLEMENTARES"},null,"SETOP",{"$f":"IF(DWN25=\"SINAPI\",VLOOKUP(DWK25,SINAPI,3,0),IF(DWN25=\"SETOP\",VLOOKUP(DWK25,SETOP,4,0),IF(DWN25=\"CPU\",VLOOKUP(DWK25,COMPOSIÇÃO,5,0),VLOOKUP(DWK25,COTAÇÃO,8,0))))","v":"HORA"},0.5,{"$f":"IF(DWN25=\"SINAPI\",VLOOKUP(DWK25,SINAPI,4,0),IF(DWN25=\"SETOP\",VLOOKUP(DWK25,SETOP,5,0),IF(DWN25=\"CPU\",VLOOKUP(DWK25,COMPOSIÇÃO,8,0),VLOOKUP(DWK25,COTAÇÃO,11,0))))","v":19.149999999999999},{"$f":"DWP25*DWQ25","v":9.5749999999999993},"ED-50374",{"$f":"IF(DWV25=\"SINAPI\",VLOOKUP(DWS25,SINAPI,2,0),IF(DWV25=\"SETOP\",VLOOKUP(DWS25,SETOP,3,0),IF(DWV25=\"CPU\",VLOOKUP(DWS25,COMPOSIÇÃO,2,0),VLOOKUP(DWS25,COTAÇÃO,3,0))))","v":"BOMBEIRO/ENCANADOR COM ENCARGOS COMPLEMENTARES"},null,"SETOP",{"$f":"IF(DWV25=\"SINAPI\",VLOOKUP(DWS25,SINAPI,3,0),IF(DWV25=\"SETOP\",VLOOKUP(DWS25,SETOP,4,0),IF(DWV25=\"CPU\",VLOOKUP(DWS25,COMPOSIÇÃO,5,0),VLOOKUP(DWS25,COTAÇÃO,8,0))))","v":"HORA"},0.5,{"$f":"IF(DWV25=\"SINAPI\",VLOOKUP(DWS25,SINAPI,4,0),IF(DWV25=\"SETOP\",VLOOKUP(DWS25,SETOP,5,0),IF(DWV25=\"CPU\",VLOOKUP(DWS25,COMPOSIÇÃO,8,0),VLOOKUP(DWS25,COTAÇÃO,11,0))))","v":19.149999999999999},{"$f":"DWX25*DWY25","v":9.5749999999999993},"ED-50374",{"$f":"IF(DXD25=\"SINAPI\",VLOOKUP(DXA25,SINAPI,2,0),IF(DXD25=\"SETOP\",VLOOKUP(DXA25,SETOP,3,0),IF(DXD25=\"CPU\",VLOOKUP(DXA25,COMPOSIÇÃO,2,0),VLOOKUP(DXA25,COTAÇÃO,3,0))))","v":"BOMBEIRO/ENCANADOR COM ENCARGOS COMPLEMENTARES"},null,"SETOP",{"$f":"IF(DXD25=\"SINAPI\",VLOOKUP(DXA25,SINAPI,3,0),IF(DXD25=\"SETOP\",VLOOKUP(DXA25,SETOP,4,0),IF(DXD25=\"CPU\",VLOOKUP(DXA25,COMPOSIÇÃO,5,0),VLOOKUP(DXA25,COTAÇÃO,8,0))))","v":"HORA"},0.5,{"$f":"IF(DXD25=\"SINAPI\",VLOOKUP(DXA25,SINAPI,4,0),IF(DXD25=\"SETOP\",VLOOKUP(DXA25,SETOP,5,0),IF(DXD25=\"CPU\",VLOOKUP(DXA25,COMPOSIÇÃO,8,0),VLOOKUP(DXA25,COTAÇÃO,11,0))))","v":19.149999999999999},{"$f":"DXF25*DXG25","v":9.5749999999999993},"ED-50374",{"$f":"IF(DXL25=\"SINAPI\",VLOOKUP(DXI25,SINAPI,2,0),IF(DXL25=\"SETOP\",VLOOKUP(DXI25,SETOP,3,0),IF(DXL25=\"CPU\",VLOOKUP(DXI25,COMPOSIÇÃO,2,0),VLOOKUP(DXI25,COTAÇÃO,3,0))))","v":"BOMBEIRO/ENCANADOR COM ENCARGOS COMPLEMENTARES"},null,"SETOP",{"$f":"IF(DXL25=\"SINAPI\",VLOOKUP(DXI25,SINAPI,3,0),IF(DXL25=\"SETOP\",VLOOKUP(DXI25,SETOP,4,0),IF(DXL25=\"CPU\",VLOOKUP(DXI25,COMPOSIÇÃO,5,0),VLOOKUP(DXI25,COTAÇÃO,8,0))))","v":"HORA"},0.5,{"$f":"IF(DXL25=\"SINAPI\",VLOOKUP(DXI25,SINAPI,4,0),IF(DXL25=\"SETOP\",VLOOKUP(DXI25,SETOP,5,0),IF(DXL25=\"CPU\",VLOOKUP(DXI25,COMPOSIÇÃO,8,0),VLOOKUP(DXI25,COTAÇÃO,11,0))))","v":19.149999999999999},{"$f":"DXN25*DXO25","v":9.5749999999999993},"ED-50374",{"$f":"IF(DXT25=\"SINAPI\",VLOOKUP(DXQ25,SINAPI,2,0),IF(DXT25=\"SETOP\",VLOOKUP(DXQ25,SETOP,3,0),IF(DXT25=\"CPU\",VLOOKUP(DXQ25,COMPOSIÇÃO,2,0),VLOOKUP(DXQ25,COTAÇÃO,3,0))))","v":"BOMBEIRO/ENCANADOR COM ENCARGOS COMPLEMENTARES"},null,"SETOP",{"$f":"IF(DXT25=\"SINAPI\",VLOOKUP(DXQ25,SINAPI,3,0),IF(DXT25=\"SETOP\",VLOOKUP(DXQ25,SETOP,4,0),IF(DXT25=\"CPU\",VLOOKUP(DXQ25,COMPOSIÇÃO,5,0),VLOOKUP(DXQ25,COTAÇÃO,8,0))))","v":"HORA"},0.5,{"$f":"IF(DXT25=\"SINAPI\",VLOOKUP(DXQ25,SINAPI,4,0),IF(DXT25=\"SETOP\",VLOOKUP(DXQ25,SETOP,5,0),IF(DXT25=\"CPU\",VLOOKUP(DXQ25,COMPOSIÇÃO,8,0),VLOOKUP(DXQ25,COTAÇÃO,11,0))))","v":19.149999999999999},{"$f":"DXV25*DXW25","v":9.5749999999999993},"ED-50374",{"$f":"IF(DYB25=\"SINAPI\",VLOOKUP(DXY25,SINAPI,2,0),IF(DYB25=\"SETOP\",VLOOKUP(DXY25,SETOP,3,0),IF(DYB25=\"CPU\",VLOOKUP(DXY25,COMPOSIÇÃO,2,0),VLOOKUP(DXY25,COTAÇÃO,3,0))))","v":"BOMBEIRO/ENCANADOR COM ENCARGOS COMPLEMENTARES"},null,"SETOP",{"$f":"IF(DYB25=\"SINAPI\",VLOOKUP(DXY25,SINAPI,3,0),IF(DYB25=\"SETOP\",VLOOKUP(DXY25,SETOP,4,0),IF(DYB25=\"CPU\",VLOOKUP(DXY25,COMPOSIÇÃO,5,0),VLOOKUP(DXY25,COTAÇÃO,8,0))))","v":"HORA"},0.5,{"$f":"IF(DYB25=\"SINAPI\",VLOOKUP(DXY25,SINAPI,4,0),IF(DYB25=\"SETOP\",VLOOKUP(DXY25,SETOP,5,0),IF(DYB25=\"CPU\",VLOOKUP(DXY25,COMPOSIÇÃO,8,0),VLOOKUP(DXY25,COTAÇÃO,11,0))))","v":19.149999999999999},{"$f":"DYD25*DYE25","v":9.5749999999999993},"ED-50374",{"$f":"IF(DYJ25=\"SINAPI\",VLOOKUP(DYG25,SINAPI,2,0),IF(DYJ25=\"SETOP\",VLOOKUP(DYG25,SETOP,3,0),IF(DYJ25=\"CPU\",VLOOKUP(DYG25,COMPOSIÇÃO,2,0),VLOOKUP(DYG25,COTAÇÃO,3,0))))","v":"BOMBEIRO/ENCANADOR COM ENCARGOS COMPLEMENTARES"},null,"SETOP",{"$f":"IF(DYJ25=\"SINAPI\",VLOOKUP(DYG25,SINAPI,3,0),IF(DYJ25=\"SETOP\",VLOOKUP(DYG25,SETOP,4,0),IF(DYJ25=\"CPU\",VLOOKUP(DYG25,COMPOSIÇÃO,5,0),VLOOKUP(DYG25,COTAÇÃO,8,0))))","v":"HORA"},0.5,{"$f":"IF(DYJ25=\"SINAPI\",VLOOKUP(DYG25,SINAPI,4,0),IF(DYJ25=\"SETOP\",VLOOKUP(DYG25,SETOP,5,0),IF(DYJ25=\"CPU\",VLOOKUP(DYG25,COMPOSIÇÃO,8,0),VLOOKUP(DYG25,COTAÇÃO,11,0))))","v":19.149999999999999},{"$f":"DYL25*DYM25","v":9.5749999999999993},"ED-50374",{"$f":"IF(DYR25=\"SINAPI\",VLOOKUP(DYO25,SINAPI,2,0),IF(DYR25=\"SETOP\",VLOOKUP(DYO25,SETOP,3,0),IF(DYR25=\"CPU\",VLOOKUP(DYO25,COMPOSIÇÃO,2,0),VLOOKUP(DYO25,COTAÇÃO,3,0))))","v":"BOMBEIRO/ENCANADOR COM ENCARGOS COMPLEMENTARES"},null,"SETOP",{"$f":"IF(DYR25=\"SINAPI\",VLOOKUP(DYO25,SINAPI,3,0),IF(DYR25=\"SETOP\",VLOOKUP(DYO25,SETOP,4,0),IF(DYR25=\"CPU\",VLOOKUP(DYO25,COMPOSIÇÃO,5,0),VLOOKUP(DYO25,COTAÇÃO,8,0))))","v":"HORA"},0.5,{"$f":"IF(DYR25=\"SINAPI\",VLOOKUP(DYO25,SINAPI,4,0),IF(DYR25=\"SETOP\",VLOOKUP(DYO25,SETOP,5,0),IF(DYR25=\"CPU\",VLOOKUP(DYO25,COMPOSIÇÃO,8,0),VLOOKUP(DYO25,COTAÇÃO,11,0))))","v":19.149999999999999},{"$f":"DYT25*DYU25","v":9.5749999999999993},"ED-50374",{"$f":"IF(DYZ25=\"SINAPI\",VLOOKUP(DYW25,SINAPI,2,0),IF(DYZ25=\"SETOP\",VLOOKUP(DYW25,SETOP,3,0),IF(DYZ25=\"CPU\",VLOOKUP(DYW25,COMPOSIÇÃO,2,0),VLOOKUP(DYW25,COTAÇÃO,3,0))))","v":"BOMBEIRO/ENCANADOR COM ENCARGOS COMPLEMENTARES"},null,"SETOP",{"$f":"IF(DYZ25=\"SINAPI\",VLOOKUP(DYW25,SINAPI,3,0),IF(DYZ25=\"SETOP\",VLOOKUP(DYW25,SETOP,4,0),IF(DYZ25=\"CPU\",VLOOKUP(DYW25,COMPOSIÇÃO,5,0),VLOOKUP(DYW25,COTAÇÃO,8,0))))","v":"HORA"},0.5,{"$f":"IF(DYZ25=\"SINAPI\",VLOOKUP(DYW25,SINAPI,4,0),IF(DYZ25=\"SETOP\",VLOOKUP(DYW25,SETOP,5,0),IF(DYZ25=\"CPU\",VLOOKUP(DYW25,COMPOSIÇÃO,8,0),VLOOKUP(DYW25,COTAÇÃO,11,0))))","v":19.149999999999999},{"$f":"DZB25*DZC25","v":9.5749999999999993},"ED-50374",{"$f":"IF(DZH25=\"SINAPI\",VLOOKUP(DZE25,SINAPI,2,0),IF(DZH25=\"SETOP\",VLOOKUP(DZE25,SETOP,3,0),IF(DZH25=\"CPU\",VLOOKUP(DZE25,COMPOSIÇÃO,2,0),VLOOKUP(DZE25,COTAÇÃO,3,0))))","v":"BOMBEIRO/ENCANADOR COM ENCARGOS COMPLEMENTARES"},null,"SETOP",{"$f":"IF(DZH25=\"SINAPI\",VLOOKUP(DZE25,SINAPI,3,0),IF(DZH25=\"SETOP\",VLOOKUP(DZE25,SETOP,4,0),IF(DZH25=\"CPU\",VLOOKUP(DZE25,COMPOSIÇÃO,5,0),VLOOKUP(DZE25,COTAÇÃO,8,0))))","v":"HORA"},0.5,{"$f":"IF(DZH25=\"SINAPI\",VLOOKUP(DZE25,SINAPI,4,0),IF(DZH25=\"SETOP\",VLOOKUP(DZE25,SETOP,5,0),IF(DZH25=\"CPU\",VLOOKUP(DZE25,COMPOSIÇÃO,8,0),VLOOKUP(DZE25,COTAÇÃO,11,0))))","v":19.149999999999999},{"$f":"DZJ25*DZK25","v":9.5749999999999993},"ED-50374",{"$f":"IF(DZP25=\"SINAPI\",VLOOKUP(DZM25,SINAPI,2,0),IF(DZP25=\"SETOP\",VLOOKUP(DZM25,SETOP,3,0),IF(DZP25=\"CPU\",VLOOKUP(DZM25,COMPOSIÇÃO,2,0),VLOOKUP(DZM25,COTAÇÃO,3,0))))","v":"BOMBEIRO/ENCANADOR COM ENCARGOS COMPLEMENTARES"},null,"SETOP",{"$f":"IF(DZP25=\"SINAPI\",VLOOKUP(DZM25,SINAPI,3,0),IF(DZP25=\"SETOP\",VLOOKUP(DZM25,SETOP,4,0),IF(DZP25=\"CPU\",VLOOKUP(DZM25,COMPOSIÇÃO,5,0),VLOOKUP(DZM25,COTAÇÃO,8,0))))","v":"HORA"},0.5,{"$f":"IF(DZP25=\"SINAPI\",VLOOKUP(DZM25,SINAPI,4,0),IF(DZP25=\"SETOP\",VLOOKUP(DZM25,SETOP,5,0),IF(DZP25=\"CPU\",VLOOKUP(DZM25,COMPOSIÇÃO,8,0),VLOOKUP(DZM25,COTAÇÃO,11,0))))","v":19.149999999999999},{"$f":"DZR25*DZS25","v":9.5749999999999993},"ED-50374",{"$f":"IF(DZX25=\"SINAPI\",VLOOKUP(DZU25,SINAPI,2,0),IF(DZX25=\"SETOP\",VLOOKUP(DZU25,SETOP,3,0),IF(DZX25=\"CPU\",VLOOKUP(DZU25,COMPOSIÇÃO,2,0),VLOOKUP(DZU25,COTAÇÃO,3,0))))","v":"BOMBEIRO/ENCANADOR COM ENCARGOS COMPLEMENTARES"},null,"SETOP",{"$f":"IF(DZX25=\"SINAPI\",VLOOKUP(DZU25,SINAPI,3,0),IF(DZX25=\"SETOP\",VLOOKUP(DZU25,SETOP,4,0),IF(DZX25=\"CPU\",VLOOKUP(DZU25,COMPOSIÇÃO,5,0),VLOOKUP(DZU25,COTAÇÃO,8,0))))","v":"HORA"},0.5,{"$f":"IF(DZX25=\"SINAPI\",VLOOKUP(DZU25,SINAPI,4,0),IF(DZX25=\"SETOP\",VLOOKUP(DZU25,SETOP,5,0),IF(DZX25=\"CPU\",VLOOKUP(DZU25,COMPOSIÇÃO,8,0),VLOOKUP(DZU25,COTAÇÃO,11,0))))","v":19.149999999999999},{"$f":"DZZ25*EAA25","v":9.5749999999999993},"ED-50374",{"$f":"IF(EAF25=\"SINAPI\",VLOOKUP(EAC25,SINAPI,2,0),IF(EAF25=\"SETOP\",VLOOKUP(EAC25,SETOP,3,0),IF(EAF25=\"CPU\",VLOOKUP(EAC25,COMPOSIÇÃO,2,0),VLOOKUP(EAC25,COTAÇÃO,3,0))))","v":"BOMBEIRO/ENCANADOR COM ENCARGOS COMPLEMENTARES"},null,"SETOP",{"$f":"IF(EAF25=\"SINAPI\",VLOOKUP(EAC25,SINAPI,3,0),IF(EAF25=\"SETOP\",VLOOKUP(EAC25,SETOP,4,0),IF(EAF25=\"CPU\",VLOOKUP(EAC25,COMPOSIÇÃO,5,0),VLOOKUP(EAC25,COTAÇÃO,8,0))))","v":"HORA"},0.5,{"$f":"IF(EAF25=\"SINAPI\",VLOOKUP(EAC25,SINAPI,4,0),IF(EAF25=\"SETOP\",VLOOKUP(EAC25,SETOP,5,0),IF(EAF25=\"CPU\",VLOOKUP(EAC25,COMPOSIÇÃO,8,0),VLOOKUP(EAC25,COTAÇÃO,11,0))))","v":19.149999999999999},{"$f":"EAH25*EAI25","v":9.5749999999999993},"ED-50374",{"$f":"IF(EAN25=\"SINAPI\",VLOOKUP(EAK25,SINAPI,2,0),IF(EAN25=\"SETOP\",VLOOKUP(EAK25,SETOP,3,0),IF(EAN25=\"CPU\",VLOOKUP(EAK25,COMPOSIÇÃO,2,0),VLOOKUP(EAK25,COTAÇÃO,3,0))))","v":"BOMBEIRO/ENCANADOR COM ENCARGOS COMPLEMENTARES"},null,"SETOP",{"$f":"IF(EAN25=\"SINAPI\",VLOOKUP(EAK25,SINAPI,3,0),IF(EAN25=\"SETOP\",VLOOKUP(EAK25,SETOP,4,0),IF(EAN25=\"CPU\",VLOOKUP(EAK25,COMPOSIÇÃO,5,0),VLOOKUP(EAK25,COTAÇÃO,8,0))))","v":"HORA"},0.5,{"$f":"IF(EAN25=\"SINAPI\",VLOOKUP(EAK25,SINAPI,4,0),IF(EAN25=\"SETOP\",VLOOKUP(EAK25,SETOP,5,0),IF(EAN25=\"CPU\",VLOOKUP(EAK25,COMPOSIÇÃO,8,0),VLOOKUP(EAK25,COTAÇÃO,11,0))))","v":19.149999999999999},{"$f":"EAP25*EAQ25","v":9.5749999999999993},"ED-50374",{"$f":"IF(EAV25=\"SINAPI\",VLOOKUP(EAS25,SINAPI,2,0),IF(EAV25=\"SETOP\",VLOOKUP(EAS25,SETOP,3,0),IF(EAV25=\"CPU\",VLOOKUP(EAS25,COMPOSIÇÃO,2,0),VLOOKUP(EAS25,COTAÇÃO,3,0))))","v":"BOMBEIRO/ENCANADOR COM ENCARGOS COMPLEMENTARES"},null,"SETOP",{"$f":"IF(EAV25=\"SINAPI\",VLOOKUP(EAS25,SINAPI,3,0),IF(EAV25=\"SETOP\",VLOOKUP(EAS25,SETOP,4,0),IF(EAV25=\"CPU\",VLOOKUP(EAS25,COMPOSIÇÃO,5,0),VLOOKUP(EAS25,COTAÇÃO,8,0))))","v":"HORA"},0.5,{"$f":"IF(EAV25=\"SINAPI\",VLOOKUP(EAS25,SINAPI,4,0),IF(EAV25=\"SETOP\",VLOOKUP(EAS25,SETOP,5,0),IF(EAV25=\"CPU\",VLOOKUP(EAS25,COMPOSIÇÃO,8,0),VLOOKUP(EAS25,COTAÇÃO,11,0))))","v":19.149999999999999},{"$f":"EAX25*EAY25","v":9.5749999999999993},"ED-50374",{"$f":"IF(EBD25=\"SINAPI\",VLOOKUP(EBA25,SINAPI,2,0),IF(EBD25=\"SETOP\",VLOOKUP(EBA25,SETOP,3,0),IF(EBD25=\"CPU\",VLOOKUP(EBA25,COMPOSIÇÃO,2,0),VLOOKUP(EBA25,COTAÇÃO,3,0))))","v":"BOMBEIRO/ENCANADOR COM ENCARGOS COMPLEMENTARES"},null,"SETOP",{"$f":"IF(EBD25=\"SINAPI\",VLOOKUP(EBA25,SINAPI,3,0),IF(EBD25=\"SETOP\",VLOOKUP(EBA25,SETOP,4,0),IF(EBD25=\"CPU\",VLOOKUP(EBA25,COMPOSIÇÃO,5,0),VLOOKUP(EBA25,COTAÇÃO,8,0))))","v":"HORA"},0.5,{"$f":"IF(EBD25=\"SINAPI\",VLOOKUP(EBA25,SINAPI,4,0),IF(EBD25=\"SETOP\",VLOOKUP(EBA25,SETOP,5,0),IF(EBD25=\"CPU\",VLOOKUP(EBA25,COMPOSIÇÃO,8,0),VLOOKUP(EBA25,COTAÇÃO,11,0))))","v":19.149999999999999},{"$f":"EBF25*EBG25","v":9.5749999999999993},"ED-50374",{"$f":"IF(EBL25=\"SINAPI\",VLOOKUP(EBI25,SINAPI,2,0),IF(EBL25=\"SETOP\",VLOOKUP(EBI25,SETOP,3,0),IF(EBL25=\"CPU\",VLOOKUP(EBI25,COMPOSIÇÃO,2,0),VLOOKUP(EBI25,COTAÇÃO,3,0))))","v":"BOMBEIRO/ENCANADOR COM ENCARGOS COMPLEMENTARES"},null,"SETOP",{"$f":"IF(EBL25=\"SINAPI\",VLOOKUP(EBI25,SINAPI,3,0),IF(EBL25=\"SETOP\",VLOOKUP(EBI25,SETOP,4,0),IF(EBL25=\"CPU\",VLOOKUP(EBI25,COMPOSIÇÃO,5,0),VLOOKUP(EBI25,COTAÇÃO,8,0))))","v":"HORA"},0.5,{"$f":"IF(EBL25=\"SINAPI\",VLOOKUP(EBI25,SINAPI,4,0),IF(EBL25=\"SETOP\",VLOOKUP(EBI25,SETOP,5,0),IF(EBL25=\"CPU\",VLOOKUP(EBI25,COMPOSIÇÃO,8,0),VLOOKUP(EBI25,COTAÇÃO,11,0))))","v":19.149999999999999},{"$f":"EBN25*EBO25","v":9.5749999999999993},"ED-50374",{"$f":"IF(EBT25=\"SINAPI\",VLOOKUP(EBQ25,SINAPI,2,0),IF(EBT25=\"SETOP\",VLOOKUP(EBQ25,SETOP,3,0),IF(EBT25=\"CPU\",VLOOKUP(EBQ25,COMPOSIÇÃO,2,0),VLOOKUP(EBQ25,COTAÇÃO,3,0))))","v":"BOMBEIRO/ENCANADOR COM ENCARGOS COMPLEMENTARES"},null,"SETOP",{"$f":"IF(EBT25=\"SINAPI\",VLOOKUP(EBQ25,SINAPI,3,0),IF(EBT25=\"SETOP\",VLOOKUP(EBQ25,SETOP,4,0),IF(EBT25=\"CPU\",VLOOKUP(EBQ25,COMPOSIÇÃO,5,0),VLOOKUP(EBQ25,COTAÇÃO,8,0))))","v":"HORA"},0.5,{"$f":"IF(EBT25=\"SINAPI\",VLOOKUP(EBQ25,SINAPI,4,0),IF(EBT25=\"SETOP\",VLOOKUP(EBQ25,SETOP,5,0),IF(EBT25=\"CPU\",VLOOKUP(EBQ25,COMPOSIÇÃO,8,0),VLOOKUP(EBQ25,COTAÇÃO,11,0))))","v":19.149999999999999},{"$f":"EBV25*EBW25","v":9.5749999999999993},"ED-50374",{"$f":"IF(ECB25=\"SINAPI\",VLOOKUP(EBY25,SINAPI,2,0),IF(ECB25=\"SETOP\",VLOOKUP(EBY25,SETOP,3,0),IF(ECB25=\"CPU\",VLOOKUP(EBY25,COMPOSIÇÃO,2,0),VLOOKUP(EBY25,COTAÇÃO,3,0))))","v":"BOMBEIRO/ENCANADOR COM ENCARGOS COMPLEMENTARES"},null,"SETOP",{"$f":"IF(ECB25=\"SINAPI\",VLOOKUP(EBY25,SINAPI,3,0),IF(ECB25=\"SETOP\",VLOOKUP(EBY25,SETOP,4,0),IF(ECB25=\"CPU\",VLOOKUP(EBY25,COMPOSIÇÃO,5,0),VLOOKUP(EBY25,COTAÇÃO,8,0))))","v":"HORA"},0.5,{"$f":"IF(ECB25=\"SINAPI\",VLOOKUP(EBY25,SINAPI,4,0),IF(ECB25=\"SETOP\",VLOOKUP(EBY25,SETOP,5,0),IF(ECB25=\"CPU\",VLOOKUP(EBY25,COMPOSIÇÃO,8,0),VLOOKUP(EBY25,COTAÇÃO,11,0))))","v":19.149999999999999},{"$f":"ECD25*ECE25","v":9.5749999999999993},"ED-50374",{"$f":"IF(ECJ25=\"SINAPI\",VLOOKUP(ECG25,SINAPI,2,0),IF(ECJ25=\"SETOP\",VLOOKUP(ECG25,SETOP,3,0),IF(ECJ25=\"CPU\",VLOOKUP(ECG25,COMPOSIÇÃO,2,0),VLOOKUP(ECG25,COTAÇÃO,3,0))))","v":"BOMBEIRO/ENCANADOR COM ENCARGOS COMPLEMENTARES"},null,"SETOP",{"$f":"IF(ECJ25=\"SINAPI\",VLOOKUP(ECG25,SINAPI,3,0),IF(ECJ25=\"SETOP\",VLOOKUP(ECG25,SETOP,4,0),IF(ECJ25=\"CPU\",VLOOKUP(ECG25,COMPOSIÇÃO,5,0),VLOOKUP(ECG25,COTAÇÃO,8,0))))","v":"HORA"},0.5,{"$f":"IF(ECJ25=\"SINAPI\",VLOOKUP(ECG25,SINAPI,4,0),IF(ECJ25=\"SETOP\",VLOOKUP(ECG25,SETOP,5,0),IF(ECJ25=\"CPU\",VLOOKUP(ECG25,COMPOSIÇÃO,8,0),VLOOKUP(ECG25,COTAÇÃO,11,0))))","v":19.149999999999999},{"$f":"ECL25*ECM25","v":9.5749999999999993},"ED-50374",{"$f":"IF(ECR25=\"SINAPI\",VLOOKUP(ECO25,SINAPI,2,0),IF(ECR25=\"SETOP\",VLOOKUP(ECO25,SETOP,3,0),IF(ECR25=\"CPU\",VLOOKUP(ECO25,COMPOSIÇÃO,2,0),VLOOKUP(ECO25,COTAÇÃO,3,0))))","v":"BOMBEIRO/ENCANADOR COM ENCARGOS COMPLEMENTARES"},null,"SETOP",{"$f":"IF(ECR25=\"SINAPI\",VLOOKUP(ECO25,SINAPI,3,0),IF(ECR25=\"SETOP\",VLOOKUP(ECO25,SETOP,4,0),IF(ECR25=\"CPU\",VLOOKUP(ECO25,COMPOSIÇÃO,5,0),VLOOKUP(ECO25,COTAÇÃO,8,0))))","v":"HORA"},0.5,{"$f":"IF(ECR25=\"SINAPI\",VLOOKUP(ECO25,SINAPI,4,0),IF(ECR25=\"SETOP\",VLOOKUP(ECO25,SETOP,5,0),IF(ECR25=\"CPU\",VLOOKUP(ECO25,COMPOSIÇÃO,8,0),VLOOKUP(ECO25,COTAÇÃO,11,0))))","v":19.149999999999999},{"$f":"ECT25*ECU25","v":9.5749999999999993},"ED-50374",{"$f":"IF(ECZ25=\"SINAPI\",VLOOKUP(ECW25,SINAPI,2,0),IF(ECZ25=\"SETOP\",VLOOKUP(ECW25,SETOP,3,0),IF(ECZ25=\"CPU\",VLOOKUP(ECW25,COMPOSIÇÃO,2,0),VLOOKUP(ECW25,COTAÇÃO,3,0))))","v":"BOMBEIRO/ENCANADOR COM ENCARGOS COMPLEMENTARES"},null,"SETOP",{"$f":"IF(ECZ25=\"SINAPI\",VLOOKUP(ECW25,SINAPI,3,0),IF(ECZ25=\"SETOP\",VLOOKUP(ECW25,SETOP,4,0),IF(ECZ25=\"CPU\",VLOOKUP(ECW25,COMPOSIÇÃO,5,0),VLOOKUP(ECW25,COTAÇÃO,8,0))))","v":"HORA"},0.5,{"$f":"IF(ECZ25=\"SINAPI\",VLOOKUP(ECW25,SINAPI,4,0),IF(ECZ25=\"SETOP\",VLOOKUP(ECW25,SETOP,5,0),IF(ECZ25=\"CPU\",VLOOKUP(ECW25,COMPOSIÇÃO,8,0),VLOOKUP(ECW25,COTAÇÃO,11,0))))","v":19.149999999999999},{"$f":"EDB25*EDC25","v":9.5749999999999993},"ED-50374",{"$f":"IF(EDH25=\"SINAPI\",VLOOKUP(EDE25,SINAPI,2,0),IF(EDH25=\"SETOP\",VLOOKUP(EDE25,SETOP,3,0),IF(EDH25=\"CPU\",VLOOKUP(EDE25,COMPOSIÇÃO,2,0),VLOOKUP(EDE25,COTAÇÃO,3,0))))","v":"BOMBEIRO/ENCANADOR COM ENCARGOS COMPLEMENTARES"},null,"SETOP",{"$f":"IF(EDH25=\"SINAPI\",VLOOKUP(EDE25,SINAPI,3,0),IF(EDH25=\"SETOP\",VLOOKUP(EDE25,SETOP,4,0),IF(EDH25=\"CPU\",VLOOKUP(EDE25,COMPOSIÇÃO,5,0),VLOOKUP(EDE25,COTAÇÃO,8,0))))","v":"HORA"},0.5,{"$f":"IF(EDH25=\"SINAPI\",VLOOKUP(EDE25,SINAPI,4,0),IF(EDH25=\"SETOP\",VLOOKUP(EDE25,SETOP,5,0),IF(EDH25=\"CPU\",VLOOKUP(EDE25,COMPOSIÇÃO,8,0),VLOOKUP(EDE25,COTAÇÃO,11,0))))","v":19.149999999999999},{"$f":"EDJ25*EDK25","v":9.5749999999999993},"ED-50374",{"$f":"IF(EDP25=\"SINAPI\",VLOOKUP(EDM25,SINAPI,2,0),IF(EDP25=\"SETOP\",VLOOKUP(EDM25,SETOP,3,0),IF(EDP25=\"CPU\",VLOOKUP(EDM25,COMPOSIÇÃO,2,0),VLOOKUP(EDM25,COTAÇÃO,3,0))))","v":"BOMBEIRO/ENCANADOR COM ENCARGOS COMPLEMENTARES"},null,"SETOP",{"$f":"IF(EDP25=\"SINAPI\",VLOOKUP(EDM25,SINAPI,3,0),IF(EDP25=\"SETOP\",VLOOKUP(EDM25,SETOP,4,0),IF(EDP25=\"CPU\",VLOOKUP(EDM25,COMPOSIÇÃO,5,0),VLOOKUP(EDM25,COTAÇÃO,8,0))))","v":"HORA"},0.5,{"$f":"IF(EDP25=\"SINAPI\",VLOOKUP(EDM25,SINAPI,4,0),IF(EDP25=\"SETOP\",VLOOKUP(EDM25,SETOP,5,0),IF(EDP25=\"CPU\",VLOOKUP(EDM25,COMPOSIÇÃO,8,0),VLOOKUP(EDM25,COTAÇÃO,11,0))))","v":19.149999999999999},{"$f":"EDR25*EDS25","v":9.5749999999999993},"ED-50374",{"$f":"IF(EDX25=\"SINAPI\",VLOOKUP(EDU25,SINAPI,2,0),IF(EDX25=\"SETOP\",VLOOKUP(EDU25,SETOP,3,0),IF(EDX25=\"CPU\",VLOOKUP(EDU25,COMPOSIÇÃO,2,0),VLOOKUP(EDU25,COTAÇÃO,3,0))))","v":"BOMBEIRO/ENCANADOR COM ENCARGOS COMPLEMENTARES"},null,"SETOP",{"$f":"IF(EDX25=\"SINAPI\",VLOOKUP(EDU25,SINAPI,3,0),IF(EDX25=\"SETOP\",VLOOKUP(EDU25,SETOP,4,0),IF(EDX25=\"CPU\",VLOOKUP(EDU25,COMPOSIÇÃO,5,0),VLOOKUP(EDU25,COTAÇÃO,8,0))))","v":"HORA"},0.5,{"$f":"IF(EDX25=\"SINAPI\",VLOOKUP(EDU25,SINAPI,4,0),IF(EDX25=\"SETOP\",VLOOKUP(EDU25,SETOP,5,0),IF(EDX25=\"CPU\",VLOOKUP(EDU25,COMPOSIÇÃO,8,0),VLOOKUP(EDU25,COTAÇÃO,11,0))))","v":19.149999999999999},{"$f":"EDZ25*EEA25","v":9.5749999999999993},"ED-50374",{"$f":"IF(EEF25=\"SINAPI\",VLOOKUP(EEC25,SINAPI,2,0),IF(EEF25=\"SETOP\",VLOOKUP(EEC25,SETOP,3,0),IF(EEF25=\"CPU\",VLOOKUP(EEC25,COMPOSIÇÃO,2,0),VLOOKUP(EEC25,COTAÇÃO,3,0))))","v":"BOMBEIRO/ENCANADOR COM ENCARGOS COMPLEMENTARES"},null,"SETOP",{"$f":"IF(EEF25=\"SINAPI\",VLOOKUP(EEC25,SINAPI,3,0),IF(EEF25=\"SETOP\",VLOOKUP(EEC25,SETOP,4,0),IF(EEF25=\"CPU\",VLOOKUP(EEC25,COMPOSIÇÃO,5,0),VLOOKUP(EEC25,COTAÇÃO,8,0))))","v":"HORA"},0.5,{"$f":"IF(EEF25=\"SINAPI\",VLOOKUP(EEC25,SINAPI,4,0),IF(EEF25=\"SETOP\",VLOOKUP(EEC25,SETOP,5,0),IF(EEF25=\"CPU\",VLOOKUP(EEC25,COMPOSIÇÃO,8,0),VLOOKUP(EEC25,COTAÇÃO,11,0))))","v":19.149999999999999},{"$f":"EEH25*EEI25","v":9.5749999999999993},"ED-50374",{"$f":"IF(EEN25=\"SINAPI\",VLOOKUP(EEK25,SINAPI,2,0),IF(EEN25=\"SETOP\",VLOOKUP(EEK25,SETOP,3,0),IF(EEN25=\"CPU\",VLOOKUP(EEK25,COMPOSIÇÃO,2,0),VLOOKUP(EEK25,COTAÇÃO,3,0))))","v":"BOMBEIRO/ENCANADOR COM ENCARGOS COMPLEMENTARES"},null,"SETOP",{"$f":"IF(EEN25=\"SINAPI\",VLOOKUP(EEK25,SINAPI,3,0),IF(EEN25=\"SETOP\",VLOOKUP(EEK25,SETOP,4,0),IF(EEN25=\"CPU\",VLOOKUP(EEK25,COMPOSIÇÃO,5,0),VLOOKUP(EEK25,COTAÇÃO,8,0))))","v":"HORA"},0.5,{"$f":"IF(EEN25=\"SINAPI\",VLOOKUP(EEK25,SINAPI,4,0),IF(EEN25=\"SETOP\",VLOOKUP(EEK25,SETOP,5,0),IF(EEN25=\"CPU\",VLOOKUP(EEK25,COMPOSIÇÃO,8,0),VLOOKUP(EEK25,COTAÇÃO,11,0))))","v":19.149999999999999},{"$f":"EEP25*EEQ25","v":9.5749999999999993},"ED-50374",{"$f":"IF(EEV25=\"SINAPI\",VLOOKUP(EES25,SINAPI,2,0),IF(EEV25=\"SETOP\",VLOOKUP(EES25,SETOP,3,0),IF(EEV25=\"CPU\",VLOOKUP(EES25,COMPOSIÇÃO,2,0),VLOOKUP(EES25,COTAÇÃO,3,0))))","v":"BOMBEIRO/ENCANADOR COM ENCARGOS COMPLEMENTARES"},null,"SETOP",{"$f":"IF(EEV25=\"SINAPI\",VLOOKUP(EES25,SINAPI,3,0),IF(EEV25=\"SETOP\",VLOOKUP(EES25,SETOP,4,0),IF(EEV25=\"CPU\",VLOOKUP(EES25,COMPOSIÇÃO,5,0),VLOOKUP(EES25,COTAÇÃO,8,0))))","v":"HORA"},0.5,{"$f":"IF(EEV25=\"SINAPI\",VLOOKUP(EES25,SINAPI,4,0),IF(EEV25=\"SETOP\",VLOOKUP(EES25,SETOP,5,0),IF(EEV25=\"CPU\",VLOOKUP(EES25,COMPOSIÇÃO,8,0),VLOOKUP(EES25,COTAÇÃO,11,0))))","v":19.149999999999999},{"$f":"EEX25*EEY25","v":9.5749999999999993},"ED-50374",{"$f":"IF(EFD25=\"SINAPI\",VLOOKUP(EFA25,SINAPI,2,0),IF(EFD25=\"SETOP\",VLOOKUP(EFA25,SETOP,3,0),IF(EFD25=\"CPU\",VLOOKUP(EFA25,COMPOSIÇÃO,2,0),VLOOKUP(EFA25,COTAÇÃO,3,0))))","v":"BOMBEIRO/ENCANADOR COM ENCARGOS COMPLEMENTARES"},null,"SETOP",{"$f":"IF(EFD25=\"SINAPI\",VLOOKUP(EFA25,SINAPI,3,0),IF(EFD25=\"SETOP\",VLOOKUP(EFA25,SETOP,4,0),IF(EFD25=\"CPU\",VLOOKUP(EFA25,COMPOSIÇÃO,5,0),VLOOKUP(EFA25,COTAÇÃO,8,0))))","v":"HORA"},0.5,{"$f":"IF(EFD25=\"SINAPI\",VLOOKUP(EFA25,SINAPI,4,0),IF(EFD25=\"SETOP\",VLOOKUP(EFA25,SETOP,5,0),IF(EFD25=\"CPU\",VLOOKUP(EFA25,COMPOSIÇÃO,8,0),VLOOKUP(EFA25,COTAÇÃO,11,0))))","v":19.149999999999999},{"$f":"EFF25*EFG25","v":9.5749999999999993},"ED-50374",{"$f":"IF(EFL25=\"SINAPI\",VLOOKUP(EFI25,SINAPI,2,0),IF(EFL25=\"SETOP\",VLOOKUP(EFI25,SETOP,3,0),IF(EFL25=\"CPU\",VLOOKUP(EFI25,COMPOSIÇÃO,2,0),VLOOKUP(EFI25,COTAÇÃO,3,0))))","v":"BOMBEIRO/ENCANADOR COM ENCARGOS COMPLEMENTARES"},null,"SETOP",{"$f":"IF(EFL25=\"SINAPI\",VLOOKUP(EFI25,SINAPI,3,0),IF(EFL25=\"SETOP\",VLOOKUP(EFI25,SETOP,4,0),IF(EFL25=\"CPU\",VLOOKUP(EFI25,COMPOSIÇÃO,5,0),VLOOKUP(EFI25,COTAÇÃO,8,0))))","v":"HORA"},0.5,{"$f":"IF(EFL25=\"SINAPI\",VLOOKUP(EFI25,SINAPI,4,0),IF(EFL25=\"SETOP\",VLOOKUP(EFI25,SETOP,5,0),IF(EFL25=\"CPU\",VLOOKUP(EFI25,COMPOSIÇÃO,8,0),VLOOKUP(EFI25,COTAÇÃO,11,0))))","v":19.149999999999999},{"$f":"EFN25*EFO25","v":9.5749999999999993},"ED-50374",{"$f":"IF(EFT25=\"SINAPI\",VLOOKUP(EFQ25,SINAPI,2,0),IF(EFT25=\"SETOP\",VLOOKUP(EFQ25,SETOP,3,0),IF(EFT25=\"CPU\",VLOOKUP(EFQ25,COMPOSIÇÃO,2,0),VLOOKUP(EFQ25,COTAÇÃO,3,0))))","v":"BOMBEIRO/ENCANADOR COM ENCARGOS COMPLEMENTARES"},null,"SETOP",{"$f":"IF(EFT25=\"SINAPI\",VLOOKUP(EFQ25,SINAPI,3,0),IF(EFT25=\"SETOP\",VLOOKUP(EFQ25,SETOP,4,0),IF(EFT25=\"CPU\",VLOOKUP(EFQ25,COMPOSIÇÃO,5,0),VLOOKUP(EFQ25,COTAÇÃO,8,0))))","v":"HORA"},0.5,{"$f":"IF(EFT25=\"SINAPI\",VLOOKUP(EFQ25,SINAPI,4,0),IF(EFT25=\"SETOP\",VLOOKUP(EFQ25,SETOP,5,0),IF(EFT25=\"CPU\",VLOOKUP(EFQ25,COMPOSIÇÃO,8,0),VLOOKUP(EFQ25,COTAÇÃO,11,0))))","v":19.149999999999999},{"$f":"EFV25*EFW25","v":9.5749999999999993},"ED-50374",{"$f":"IF(EGB25=\"SINAPI\",VLOOKUP(EFY25,SINAPI,2,0),IF(EGB25=\"SETOP\",VLOOKUP(EFY25,SETOP,3,0),IF(EGB25=\"CPU\",VLOOKUP(EFY25,COMPOSIÇÃO,2,0),VLOOKUP(EFY25,COTAÇÃO,3,0))))","v":"BOMBEIRO/ENCANADOR COM ENCARGOS COMPLEMENTARES"},null,"SETOP",{"$f":"IF(EGB25=\"SINAPI\",VLOOKUP(EFY25,SINAPI,3,0),IF(EGB25=\"SETOP\",VLOOKUP(EFY25,SETOP,4,0),IF(EGB25=\"CPU\",VLOOKUP(EFY25,COMPOSIÇÃO,5,0),VLOOKUP(EFY25,COTAÇÃO,8,0))))","v":"HORA"},0.5,{"$f":"IF(EGB25=\"SINAPI\",VLOOKUP(EFY25,SINAPI,4,0),IF(EGB25=\"SETOP\",VLOOKUP(EFY25,SETOP,5,0),IF(EGB25=\"CPU\",VLOOKUP(EFY25,COMPOSIÇÃO,8,0),VLOOKUP(EFY25,COTAÇÃO,11,0))))","v":19.149999999999999},{"$f":"EGD25*EGE25","v":9.5749999999999993},"ED-50374",{"$f":"IF(EGJ25=\"SINAPI\",VLOOKUP(EGG25,SINAPI,2,0),IF(EGJ25=\"SETOP\",VLOOKUP(EGG25,SETOP,3,0),IF(EGJ25=\"CPU\",VLOOKUP(EGG25,COMPOSIÇÃO,2,0),VLOOKUP(EGG25,COTAÇÃO,3,0))))","v":"BOMBEIRO/ENCANADOR COM ENCARGOS COMPLEMENTARES"},null,"SETOP",{"$f":"IF(EGJ25=\"SINAPI\",VLOOKUP(EGG25,SINAPI,3,0),IF(EGJ25=\"SETOP\",VLOOKUP(EGG25,SETOP,4,0),IF(EGJ25=\"CPU\",VLOOKUP(EGG25,COMPOSIÇÃO,5,0),VLOOKUP(EGG25,COTAÇÃO,8,0))))","v":"HORA"},0.5,{"$f":"IF(EGJ25=\"SINAPI\",VLOOKUP(EGG25,SINAPI,4,0),IF(EGJ25=\"SETOP\",VLOOKUP(EGG25,SETOP,5,0),IF(EGJ25=\"CPU\",VLOOKUP(EGG25,COMPOSIÇÃO,8,0),VLOOKUP(EGG25,COTAÇÃO,11,0))))","v":19.149999999999999},{"$f":"EGL25*EGM25","v":9.5749999999999993},"ED-50374",{"$f":"IF(EGR25=\"SINAPI\",VLOOKUP(EGO25,SINAPI,2,0),IF(EGR25=\"SETOP\",VLOOKUP(EGO25,SETOP,3,0),IF(EGR25=\"CPU\",VLOOKUP(EGO25,COMPOSIÇÃO,2,0),VLOOKUP(EGO25,COTAÇÃO,3,0))))","v":"BOMBEIRO/ENCANADOR COM ENCARGOS COMPLEMENTARES"},null,"SETOP",{"$f":"IF(EGR25=\"SINAPI\",VLOOKUP(EGO25,SINAPI,3,0),IF(EGR25=\"SETOP\",VLOOKUP(EGO25,SETOP,4,0),IF(EGR25=\"CPU\",VLOOKUP(EGO25,COMPOSIÇÃO,5,0),VLOOKUP(EGO25,COTAÇÃO,8,0))))","v":"HORA"},0.5,{"$f":"IF(EGR25=\"SINAPI\",VLOOKUP(EGO25,SINAPI,4,0),IF(EGR25=\"SETOP\",VLOOKUP(EGO25,SETOP,5,0),IF(EGR25=\"CPU\",VLOOKUP(EGO25,COMPOSIÇÃO,8,0),VLOOKUP(EGO25,COTAÇÃO,11,0))))","v":19.149999999999999},{"$f":"EGT25*EGU25","v":9.5749999999999993},"ED-50374",{"$f":"IF(EGZ25=\"SINAPI\",VLOOKUP(EGW25,SINAPI,2,0),IF(EGZ25=\"SETOP\",VLOOKUP(EGW25,SETOP,3,0),IF(EGZ25=\"CPU\",VLOOKUP(EGW25,COMPOSIÇÃO,2,0),VLOOKUP(EGW25,COTAÇÃO,3,0))))","v":"BOMBEIRO/ENCANADOR COM ENCARGOS COMPLEMENTARES"},null,"SETOP",{"$f":"IF(EGZ25=\"SINAPI\",VLOOKUP(EGW25,SINAPI,3,0),IF(EGZ25=\"SETOP\",VLOOKUP(EGW25,SETOP,4,0),IF(EGZ25=\"CPU\",VLOOKUP(EGW25,COMPOSIÇÃO,5,0),VLOOKUP(EGW25,COTAÇÃO,8,0))))","v":"HORA"},0.5,{"$f":"IF(EGZ25=\"SINAPI\",VLOOKUP(EGW25,SINAPI,4,0),IF(EGZ25=\"SETOP\",VLOOKUP(EGW25,SETOP,5,0),IF(EGZ25=\"CPU\",VLOOKUP(EGW25,COMPOSIÇÃO,8,0),VLOOKUP(EGW25,COTAÇÃO,11,0))))","v":19.149999999999999},{"$f":"EHB25*EHC25","v":9.5749999999999993},"ED-50374",{"$f":"IF(EHH25=\"SINAPI\",VLOOKUP(EHE25,SINAPI,2,0),IF(EHH25=\"SETOP\",VLOOKUP(EHE25,SETOP,3,0),IF(EHH25=\"CPU\",VLOOKUP(EHE25,COMPOSIÇÃO,2,0),VLOOKUP(EHE25,COTAÇÃO,3,0))))","v":"BOMBEIRO/ENCANADOR COM ENCARGOS COMPLEMENTARES"},null,"SETOP",{"$f":"IF(EHH25=\"SINAPI\",VLOOKUP(EHE25,SINAPI,3,0),IF(EHH25=\"SETOP\",VLOOKUP(EHE25,SETOP,4,0),IF(EHH25=\"CPU\",VLOOKUP(EHE25,COMPOSIÇÃO,5,0),VLOOKUP(EHE25,COTAÇÃO,8,0))))","v":"HORA"},0.5,{"$f":"IF(EHH25=\"SINAPI\",VLOOKUP(EHE25,SINAPI,4,0),IF(EHH25=\"SETOP\",VLOOKUP(EHE25,SETOP,5,0),IF(EHH25=\"CPU\",VLOOKUP(EHE25,COMPOSIÇÃO,8,0),VLOOKUP(EHE25,COTAÇÃO,11,0))))","v":19.149999999999999},{"$f":"EHJ25*EHK25","v":9.5749999999999993},"ED-50374",{"$f":"IF(EHP25=\"SINAPI\",VLOOKUP(EHM25,SINAPI,2,0),IF(EHP25=\"SETOP\",VLOOKUP(EHM25,SETOP,3,0),IF(EHP25=\"CPU\",VLOOKUP(EHM25,COMPOSIÇÃO,2,0),VLOOKUP(EHM25,COTAÇÃO,3,0))))","v":"BOMBEIRO/ENCANADOR COM ENCARGOS COMPLEMENTARES"},null,"SETOP",{"$f":"IF(EHP25=\"SINAPI\",VLOOKUP(EHM25,SINAPI,3,0),IF(EHP25=\"SETOP\",VLOOKUP(EHM25,SETOP,4,0),IF(EHP25=\"CPU\",VLOOKUP(EHM25,COMPOSIÇÃO,5,0),VLOOKUP(EHM25,COTAÇÃO,8,0))))","v":"HORA"},0.5,{"$f":"IF(EHP25=\"SINAPI\",VLOOKUP(EHM25,SINAPI,4,0),IF(EHP25=\"SETOP\",VLOOKUP(EHM25,SETOP,5,0),IF(EHP25=\"CPU\",VLOOKUP(EHM25,COMPOSIÇÃO,8,0),VLOOKUP(EHM25,COTAÇÃO,11,0))))","v":19.149999999999999},{"$f":"EHR25*EHS25","v":9.5749999999999993},"ED-50374",{"$f":"IF(EHX25=\"SINAPI\",VLOOKUP(EHU25,SINAPI,2,0),IF(EHX25=\"SETOP\",VLOOKUP(EHU25,SETOP,3,0),IF(EHX25=\"CPU\",VLOOKUP(EHU25,COMPOSIÇÃO,2,0),VLOOKUP(EHU25,COTAÇÃO,3,0))))","v":"BOMBEIRO/ENCANADOR COM ENCARGOS COMPLEMENTARES"},null,"SETOP",{"$f":"IF(EHX25=\"SINAPI\",VLOOKUP(EHU25,SINAPI,3,0),IF(EHX25=\"SETOP\",VLOOKUP(EHU25,SETOP,4,0),IF(EHX25=\"CPU\",VLOOKUP(EHU25,COMPOSIÇÃO,5,0),VLOOKUP(EHU25,COTAÇÃO,8,0))))","v":"HORA"},0.5,{"$f":"IF(EHX25=\"SINAPI\",VLOOKUP(EHU25,SINAPI,4,0),IF(EHX25=\"SETOP\",VLOOKUP(EHU25,SETOP,5,0),IF(EHX25=\"CPU\",VLOOKUP(EHU25,COMPOSIÇÃO,8,0),VLOOKUP(EHU25,COTAÇÃO,11,0))))","v":19.149999999999999},{"$f":"EHZ25*EIA25","v":9.5749999999999993},"ED-50374",{"$f":"IF(EIF25=\"SINAPI\",VLOOKUP(EIC25,SINAPI,2,0),IF(EIF25=\"SETOP\",VLOOKUP(EIC25,SETOP,3,0),IF(EIF25=\"CPU\",VLOOKUP(EIC25,COMPOSIÇÃO,2,0),VLOOKUP(EIC25,COTAÇÃO,3,0))))","v":"BOMBEIRO/ENCANADOR COM ENCARGOS COMPLEMENTARES"},null,"SETOP",{"$f":"IF(EIF25=\"SINAPI\",VLOOKUP(EIC25,SINAPI,3,0),IF(EIF25=\"SETOP\",VLOOKUP(EIC25,SETOP,4,0),IF(EIF25=\"CPU\",VLOOKUP(EIC25,COMPOSIÇÃO,5,0),VLOOKUP(EIC25,COTAÇÃO,8,0))))","v":"HORA"},0.5,{"$f":"IF(EIF25=\"SINAPI\",VLOOKUP(EIC25,SINAPI,4,0),IF(EIF25=\"SETOP\",VLOOKUP(EIC25,SETOP,5,0),IF(EIF25=\"CPU\",VLOOKUP(EIC25,COMPOSIÇÃO,8,0),VLOOKUP(EIC25,COTAÇÃO,11,0))))","v":19.149999999999999},{"$f":"EIH25*EII25","v":9.5749999999999993},"ED-50374",{"$f":"IF(EIN25=\"SINAPI\",VLOOKUP(EIK25,SINAPI,2,0),IF(EIN25=\"SETOP\",VLOOKUP(EIK25,SETOP,3,0),IF(EIN25=\"CPU\",VLOOKUP(EIK25,COMPOSIÇÃO,2,0),VLOOKUP(EIK25,COTAÇÃO,3,0))))","v":"BOMBEIRO/ENCANADOR COM ENCARGOS COMPLEMENTARES"},null,"SETOP",{"$f":"IF(EIN25=\"SINAPI\",VLOOKUP(EIK25,SINAPI,3,0),IF(EIN25=\"SETOP\",VLOOKUP(EIK25,SETOP,4,0),IF(EIN25=\"CPU\",VLOOKUP(EIK25,COMPOSIÇÃO,5,0),VLOOKUP(EIK25,COTAÇÃO,8,0))))","v":"HORA"},0.5,{"$f":"IF(EIN25=\"SINAPI\",VLOOKUP(EIK25,SINAPI,4,0),IF(EIN25=\"SETOP\",VLOOKUP(EIK25,SETOP,5,0),IF(EIN25=\"CPU\",VLOOKUP(EIK25,COMPOSIÇÃO,8,0),VLOOKUP(EIK25,COTAÇÃO,11,0))))","v":19.149999999999999},{"$f":"EIP25*EIQ25","v":9.5749999999999993},"ED-50374",{"$f":"IF(EIV25=\"SINAPI\",VLOOKUP(EIS25,SINAPI,2,0),IF(EIV25=\"SETOP\",VLOOKUP(EIS25,SETOP,3,0),IF(EIV25=\"CPU\",VLOOKUP(EIS25,COMPOSIÇÃO,2,0),VLOOKUP(EIS25,COTAÇÃO,3,0))))","v":"BOMBEIRO/ENCANADOR COM ENCARGOS COMPLEMENTARES"},null,"SETOP",{"$f":"IF(EIV25=\"SINAPI\",VLOOKUP(EIS25,SINAPI,3,0),IF(EIV25=\"SETOP\",VLOOKUP(EIS25,SETOP,4,0),IF(EIV25=\"CPU\",VLOOKUP(EIS25,COMPOSIÇÃO,5,0),VLOOKUP(EIS25,COTAÇÃO,8,0))))","v":"HORA"},0.5,{"$f":"IF(EIV25=\"SINAPI\",VLOOKUP(EIS25,SINAPI,4,0),IF(EIV25=\"SETOP\",VLOOKUP(EIS25,SETOP,5,0),IF(EIV25=\"CPU\",VLOOKUP(EIS25,COMPOSIÇÃO,8,0),VLOOKUP(EIS25,COTAÇÃO,11,0))))","v":19.149999999999999},{"$f":"EIX25*EIY25","v":9.5749999999999993},"ED-50374",{"$f":"IF(EJD25=\"SINAPI\",VLOOKUP(EJA25,SINAPI,2,0),IF(EJD25=\"SETOP\",VLOOKUP(EJA25,SETOP,3,0),IF(EJD25=\"CPU\",VLOOKUP(EJA25,COMPOSIÇÃO,2,0),VLOOKUP(EJA25,COTAÇÃO,3,0))))","v":"BOMBEIRO/ENCANADOR COM ENCARGOS COMPLEMENTARES"},null,"SETOP",{"$f":"IF(EJD25=\"SINAPI\",VLOOKUP(EJA25,SINAPI,3,0),IF(EJD25=\"SETOP\",VLOOKUP(EJA25,SETOP,4,0),IF(EJD25=\"CPU\",VLOOKUP(EJA25,COMPOSIÇÃO,5,0),VLOOKUP(EJA25,COTAÇÃO,8,0))))","v":"HORA"},0.5,{"$f":"IF(EJD25=\"SINAPI\",VLOOKUP(EJA25,SINAPI,4,0),IF(EJD25=\"SETOP\",VLOOKUP(EJA25,SETOP,5,0),IF(EJD25=\"CPU\",VLOOKUP(EJA25,COMPOSIÇÃO,8,0),VLOOKUP(EJA25,COTAÇÃO,11,0))))","v":19.149999999999999},{"$f":"EJF25*EJG25","v":9.5749999999999993},"ED-50374",{"$f":"IF(EJL25=\"SINAPI\",VLOOKUP(EJI25,SINAPI,2,0),IF(EJL25=\"SETOP\",VLOOKUP(EJI25,SETOP,3,0),IF(EJL25=\"CPU\",VLOOKUP(EJI25,COMPOSIÇÃO,2,0),VLOOKUP(EJI25,COTAÇÃO,3,0))))","v":"BOMBEIRO/ENCANADOR COM ENCARGOS COMPLEMENTARES"},null,"SETOP",{"$f":"IF(EJL25=\"SINAPI\",VLOOKUP(EJI25,SINAPI,3,0),IF(EJL25=\"SETOP\",VLOOKUP(EJI25,SETOP,4,0),IF(EJL25=\"CPU\",VLOOKUP(EJI25,COMPOSIÇÃO,5,0),VLOOKUP(EJI25,COTAÇÃO,8,0))))","v":"HORA"},0.5,{"$f":"IF(EJL25=\"SINAPI\",VLOOKUP(EJI25,SINAPI,4,0),IF(EJL25=\"SETOP\",VLOOKUP(EJI25,SETOP,5,0),IF(EJL25=\"CPU\",VLOOKUP(EJI25,COMPOSIÇÃO,8,0),VLOOKUP(EJI25,COTAÇÃO,11,0))))","v":19.149999999999999},{"$f":"EJN25*EJO25","v":9.5749999999999993},"ED-50374",{"$f":"IF(EJT25=\"SINAPI\",VLOOKUP(EJQ25,SINAPI,2,0),IF(EJT25=\"SETOP\",VLOOKUP(EJQ25,SETOP,3,0),IF(EJT25=\"CPU\",VLOOKUP(EJQ25,COMPOSIÇÃO,2,0),VLOOKUP(EJQ25,COTAÇÃO,3,0))))","v":"BOMBEIRO/ENCANADOR COM ENCARGOS COMPLEMENTARES"},null,"SETOP",{"$f":"IF(EJT25=\"SINAPI\",VLOOKUP(EJQ25,SINAPI,3,0),IF(EJT25=\"SETOP\",VLOOKUP(EJQ25,SETOP,4,0),IF(EJT25=\"CPU\",VLOOKUP(EJQ25,COMPOSIÇÃO,5,0),VLOOKUP(EJQ25,COTAÇÃO,8,0))))","v":"HORA"},0.5,{"$f":"IF(EJT25=\"SINAPI\",VLOOKUP(EJQ25,SINAPI,4,0),IF(EJT25=\"SETOP\",VLOOKUP(EJQ25,SETOP,5,0),IF(EJT25=\"CPU\",VLOOKUP(EJQ25,COMPOSIÇÃO,8,0),VLOOKUP(EJQ25,COTAÇÃO,11,0))))","v":19.149999999999999},{"$f":"EJV25*EJW25","v":9.5749999999999993},"ED-50374",{"$f":"IF(EKB25=\"SINAPI\",VLOOKUP(EJY25,SINAPI,2,0),IF(EKB25=\"SETOP\",VLOOKUP(EJY25,SETOP,3,0),IF(EKB25=\"CPU\",VLOOKUP(EJY25,COMPOSIÇÃO,2,0),VLOOKUP(EJY25,COTAÇÃO,3,0))))","v":"BOMBEIRO/ENCANADOR COM ENCARGOS COMPLEMENTARES"},null,"SETOP",{"$f":"IF(EKB25=\"SINAPI\",VLOOKUP(EJY25,SINAPI,3,0),IF(EKB25=\"SETOP\",VLOOKUP(EJY25,SETOP,4,0),IF(EKB25=\"CPU\",VLOOKUP(EJY25,COMPOSIÇÃO,5,0),VLOOKUP(EJY25,COTAÇÃO,8,0))))","v":"HORA"},0.5,{"$f":"IF(EKB25=\"SINAPI\",VLOOKUP(EJY25,SINAPI,4,0),IF(EKB25=\"SETOP\",VLOOKUP(EJY25,SETOP,5,0),IF(EKB25=\"CPU\",VLOOKUP(EJY25,COMPOSIÇÃO,8,0),VLOOKUP(EJY25,COTAÇÃO,11,0))))","v":19.149999999999999},{"$f":"EKD25*EKE25","v":9.5749999999999993},"ED-50374",{"$f":"IF(EKJ25=\"SINAPI\",VLOOKUP(EKG25,SINAPI,2,0),IF(EKJ25=\"SETOP\",VLOOKUP(EKG25,SETOP,3,0),IF(EKJ25=\"CPU\",VLOOKUP(EKG25,COMPOSIÇÃO,2,0),VLOOKUP(EKG25,COTAÇÃO,3,0))))","v":"BOMBEIRO/ENCANADOR COM ENCARGOS COMPLEMENTARES"},null,"SETOP",{"$f":"IF(EKJ25=\"SINAPI\",VLOOKUP(EKG25,SINAPI,3,0),IF(EKJ25=\"SETOP\",VLOOKUP(EKG25,SETOP,4,0),IF(EKJ25=\"CPU\",VLOOKUP(EKG25,COMPOSIÇÃO,5,0),VLOOKUP(EKG25,COTAÇÃO,8,0))))","v":"HORA"},0.5,{"$f":"IF(EKJ25=\"SINAPI\",VLOOKUP(EKG25,SINAPI,4,0),IF(EKJ25=\"SETOP\",VLOOKUP(EKG25,SETOP,5,0),IF(EKJ25=\"CPU\",VLOOKUP(EKG25,COMPOSIÇÃO,8,0),VLOOKUP(EKG25,COTAÇÃO,11,0))))","v":19.149999999999999},{"$f":"EKL25*EKM25","v":9.5749999999999993},"ED-50374",{"$f":"IF(EKR25=\"SINAPI\",VLOOKUP(EKO25,SINAPI,2,0),IF(EKR25=\"SETOP\",VLOOKUP(EKO25,SETOP,3,0),IF(EKR25=\"CPU\",VLOOKUP(EKO25,COMPOSIÇÃO,2,0),VLOOKUP(EKO25,COTAÇÃO,3,0))))","v":"BOMBEIRO/ENCANADOR COM ENCARGOS COMPLEMENTARES"},null,"SETOP",{"$f":"IF(EKR25=\"SINAPI\",VLOOKUP(EKO25,SINAPI,3,0),IF(EKR25=\"SETOP\",VLOOKUP(EKO25,SETOP,4,0),IF(EKR25=\"CPU\",VLOOKUP(EKO25,COMPOSIÇÃO,5,0),VLOOKUP(EKO25,COTAÇÃO,8,0))))","v":"HORA"},0.5,{"$f":"IF(EKR25=\"SINAPI\",VLOOKUP(EKO25,SINAPI,4,0),IF(EKR25=\"SETOP\",VLOOKUP(EKO25,SETOP,5,0),IF(EKR25=\"CPU\",VLOOKUP(EKO25,COMPOSIÇÃO,8,0),VLOOKUP(EKO25,COTAÇÃO,11,0))))","v":19.149999999999999},{"$f":"EKT25*EKU25","v":9.5749999999999993},"ED-50374",{"$f":"IF(EKZ25=\"SINAPI\",VLOOKUP(EKW25,SINAPI,2,0),IF(EKZ25=\"SETOP\",VLOOKUP(EKW25,SETOP,3,0),IF(EKZ25=\"CPU\",VLOOKUP(EKW25,COMPOSIÇÃO,2,0),VLOOKUP(EKW25,COTAÇÃO,3,0))))","v":"BOMBEIRO/ENCANADOR COM ENCARGOS COMPLEMENTARES"},null,"SETOP",{"$f":"IF(EKZ25=\"SINAPI\",VLOOKUP(EKW25,SINAPI,3,0),IF(EKZ25=\"SETOP\",VLOOKUP(EKW25,SETOP,4,0),IF(EKZ25=\"CPU\",VLOOKUP(EKW25,COMPOSIÇÃO,5,0),VLOOKUP(EKW25,COTAÇÃO,8,0))))","v":"HORA"},0.5,{"$f":"IF(EKZ25=\"SINAPI\",VLOOKUP(EKW25,SINAPI,4,0),IF(EKZ25=\"SETOP\",VLOOKUP(EKW25,SETOP,5,0),IF(EKZ25=\"CPU\",VLOOKUP(EKW25,COMPOSIÇÃO,8,0),VLOOKUP(EKW25,COTAÇÃO,11,0))))","v":19.149999999999999},{"$f":"ELB25*ELC25","v":9.5749999999999993},"ED-50374",{"$f":"IF(ELH25=\"SINAPI\",VLOOKUP(ELE25,SINAPI,2,0),IF(ELH25=\"SETOP\",VLOOKUP(ELE25,SETOP,3,0),IF(ELH25=\"CPU\",VLOOKUP(ELE25,COMPOSIÇÃO,2,0),VLOOKUP(ELE25,COTAÇÃO,3,0))))","v":"BOMBEIRO/ENCANADOR COM ENCARGOS COMPLEMENTARES"},null,"SETOP",{"$f":"IF(ELH25=\"SINAPI\",VLOOKUP(ELE25,SINAPI,3,0),IF(ELH25=\"SETOP\",VLOOKUP(ELE25,SETOP,4,0),IF(ELH25=\"CPU\",VLOOKUP(ELE25,COMPOSIÇÃO,5,0),VLOOKUP(ELE25,COTAÇÃO,8,0))))","v":"HORA"},0.5,{"$f":"IF(ELH25=\"SINAPI\",VLOOKUP(ELE25,SINAPI,4,0),IF(ELH25=\"SETOP\",VLOOKUP(ELE25,SETOP,5,0),IF(ELH25=\"CPU\",VLOOKUP(ELE25,COMPOSIÇÃO,8,0),VLOOKUP(ELE25,COTAÇÃO,11,0))))","v":19.149999999999999},{"$f":"ELJ25*ELK25","v":9.5749999999999993},"ED-50374",{"$f":"IF(ELP25=\"SINAPI\",VLOOKUP(ELM25,SINAPI,2,0),IF(ELP25=\"SETOP\",VLOOKUP(ELM25,SETOP,3,0),IF(ELP25=\"CPU\",VLOOKUP(ELM25,COMPOSIÇÃO,2,0),VLOOKUP(ELM25,COTAÇÃO,3,0))))","v":"BOMBEIRO/ENCANADOR COM ENCARGOS COMPLEMENTARES"},null,"SETOP",{"$f":"IF(ELP25=\"SINAPI\",VLOOKUP(ELM25,SINAPI,3,0),IF(ELP25=\"SETOP\",VLOOKUP(ELM25,SETOP,4,0),IF(ELP25=\"CPU\",VLOOKUP(ELM25,COMPOSIÇÃO,5,0),VLOOKUP(ELM25,COTAÇÃO,8,0))))","v":"HORA"},0.5,{"$f":"IF(ELP25=\"SINAPI\",VLOOKUP(ELM25,SINAPI,4,0),IF(ELP25=\"SETOP\",VLOOKUP(ELM25,SETOP,5,0),IF(ELP25=\"CPU\",VLOOKUP(ELM25,COMPOSIÇÃO,8,0),VLOOKUP(ELM25,COTAÇÃO,11,0))))","v":19.149999999999999},{"$f":"ELR25*ELS25","v":9.5749999999999993},"ED-50374",{"$f":"IF(ELX25=\"SINAPI\",VLOOKUP(ELU25,SINAPI,2,0),IF(ELX25=\"SETOP\",VLOOKUP(ELU25,SETOP,3,0),IF(ELX25=\"CPU\",VLOOKUP(ELU25,COMPOSIÇÃO,2,0),VLOOKUP(ELU25,COTAÇÃO,3,0))))","v":"BOMBEIRO/ENCANADOR COM ENCARGOS COMPLEMENTARES"},null,"SETOP",{"$f":"IF(ELX25=\"SINAPI\",VLOOKUP(ELU25,SINAPI,3,0),IF(ELX25=\"SETOP\",VLOOKUP(ELU25,SETOP,4,0),IF(ELX25=\"CPU\",VLOOKUP(ELU25,COMPOSIÇÃO,5,0),VLOOKUP(ELU25,COTAÇÃO,8,0))))","v":"HORA"},0.5,{"$f":"IF(ELX25=\"SINAPI\",VLOOKUP(ELU25,SINAPI,4,0),IF(ELX25=\"SETOP\",VLOOKUP(ELU25,SETOP,5,0),IF(ELX25=\"CPU\",VLOOKUP(ELU25,COMPOSIÇÃO,8,0),VLOOKUP(ELU25,COTAÇÃO,11,0))))","v":19.149999999999999},{"$f":"ELZ25*EMA25","v":9.5749999999999993},"ED-50374",{"$f":"IF(EMF25=\"SINAPI\",VLOOKUP(EMC25,SINAPI,2,0),IF(EMF25=\"SETOP\",VLOOKUP(EMC25,SETOP,3,0),IF(EMF25=\"CPU\",VLOOKUP(EMC25,COMPOSIÇÃO,2,0),VLOOKUP(EMC25,COTAÇÃO,3,0))))","v":"BOMBEIRO/ENCANADOR COM ENCARGOS COMPLEMENTARES"},null,"SETOP",{"$f":"IF(EMF25=\"SINAPI\",VLOOKUP(EMC25,SINAPI,3,0),IF(EMF25=\"SETOP\",VLOOKUP(EMC25,SETOP,4,0),IF(EMF25=\"CPU\",VLOOKUP(EMC25,COMPOSIÇÃO,5,0),VLOOKUP(EMC25,COTAÇÃO,8,0))))","v":"HORA"},0.5,{"$f":"IF(EMF25=\"SINAPI\",VLOOKUP(EMC25,SINAPI,4,0),IF(EMF25=\"SETOP\",VLOOKUP(EMC25,SETOP,5,0),IF(EMF25=\"CPU\",VLOOKUP(EMC25,COMPOSIÇÃO,8,0),VLOOKUP(EMC25,COTAÇÃO,11,0))))","v":19.149999999999999},{"$f":"EMH25*EMI25","v":9.5749999999999993},"ED-50374",{"$f":"IF(EMN25=\"SINAPI\",VLOOKUP(EMK25,SINAPI,2,0),IF(EMN25=\"SETOP\",VLOOKUP(EMK25,SETOP,3,0),IF(EMN25=\"CPU\",VLOOKUP(EMK25,COMPOSIÇÃO,2,0),VLOOKUP(EMK25,COTAÇÃO,3,0))))","v":"BOMBEIRO/ENCANADOR COM ENCARGOS COMPLEMENTARES"},null,"SETOP",{"$f":"IF(EMN25=\"SINAPI\",VLOOKUP(EMK25,SINAPI,3,0),IF(EMN25=\"SETOP\",VLOOKUP(EMK25,SETOP,4,0),IF(EMN25=\"CPU\",VLOOKUP(EMK25,COMPOSIÇÃO,5,0),VLOOKUP(EMK25,COTAÇÃO,8,0))))","v":"HORA"},0.5,{"$f":"IF(EMN25=\"SINAPI\",VLOOKUP(EMK25,SINAPI,4,0),IF(EMN25=\"SETOP\",VLOOKUP(EMK25,SETOP,5,0),IF(EMN25=\"CPU\",VLOOKUP(EMK25,COMPOSIÇÃO,8,0),VLOOKUP(EMK25,COTAÇÃO,11,0))))","v":19.149999999999999},{"$f":"EMP25*EMQ25","v":9.5749999999999993},"ED-50374",{"$f":"IF(EMV25=\"SINAPI\",VLOOKUP(EMS25,SINAPI,2,0),IF(EMV25=\"SETOP\",VLOOKUP(EMS25,SETOP,3,0),IF(EMV25=\"CPU\",VLOOKUP(EMS25,COMPOSIÇÃO,2,0),VLOOKUP(EMS25,COTAÇÃO,3,0))))","v":"BOMBEIRO/ENCANADOR COM ENCARGOS COMPLEMENTARES"},null,"SETOP",{"$f":"IF(EMV25=\"SINAPI\",VLOOKUP(EMS25,SINAPI,3,0),IF(EMV25=\"SETOP\",VLOOKUP(EMS25,SETOP,4,0),IF(EMV25=\"CPU\",VLOOKUP(EMS25,COMPOSIÇÃO,5,0),VLOOKUP(EMS25,COTAÇÃO,8,0))))","v":"HORA"},0.5,{"$f":"IF(EMV25=\"SINAPI\",VLOOKUP(EMS25,SINAPI,4,0),IF(EMV25=\"SETOP\",VLOOKUP(EMS25,SETOP,5,0),IF(EMV25=\"CPU\",VLOOKUP(EMS25,COMPOSIÇÃO,8,0),VLOOKUP(EMS25,COTAÇÃO,11,0))))","v":19.149999999999999},{"$f":"EMX25*EMY25","v":9.5749999999999993},"ED-50374",{"$f":"IF(END25=\"SINAPI\",VLOOKUP(ENA25,SINAPI,2,0),IF(END25=\"SETOP\",VLOOKUP(ENA25,SETOP,3,0),IF(END25=\"CPU\",VLOOKUP(ENA25,COMPOSIÇÃO,2,0),VLOOKUP(ENA25,COTAÇÃO,3,0))))","v":"BOMBEIRO/ENCANADOR COM ENCARGOS COMPLEMENTARES"},null,"SETOP",{"$f":"IF(END25=\"SINAPI\",VLOOKUP(ENA25,SINAPI,3,0),IF(END25=\"SETOP\",VLOOKUP(ENA25,SETOP,4,0),IF(END25=\"CPU\",VLOOKUP(ENA25,COMPOSIÇÃO,5,0),VLOOKUP(ENA25,COTAÇÃO,8,0))))","v":"HORA"},0.5,{"$f":"IF(END25=\"SINAPI\",VLOOKUP(ENA25,SINAPI,4,0),IF(END25=\"SETOP\",VLOOKUP(ENA25,SETOP,5,0),IF(END25=\"CPU\",VLOOKUP(ENA25,COMPOSIÇÃO,8,0),VLOOKUP(ENA25,COTAÇÃO,11,0))))","v":19.149999999999999},{"$f":"ENF25*ENG25","v":9.5749999999999993},"ED-50374",{"$f":"IF(ENL25=\"SINAPI\",VLOOKUP(ENI25,SINAPI,2,0),IF(ENL25=\"SETOP\",VLOOKUP(ENI25,SETOP,3,0),IF(ENL25=\"CPU\",VLOOKUP(ENI25,COMPOSIÇÃO,2,0),VLOOKUP(ENI25,COTAÇÃO,3,0))))","v":"BOMBEIRO/ENCANADOR COM ENCARGOS COMPLEMENTARES"},null,"SETOP",{"$f":"IF(ENL25=\"SINAPI\",VLOOKUP(ENI25,SINAPI,3,0),IF(ENL25=\"SETOP\",VLOOKUP(ENI25,SETOP,4,0),IF(ENL25=\"CPU\",VLOOKUP(ENI25,COMPOSIÇÃO,5,0),VLOOKUP(ENI25,COTAÇÃO,8,0))))","v":"HORA"},0.5,{"$f":"IF(ENL25=\"SINAPI\",VLOOKUP(ENI25,SINAPI,4,0),IF(ENL25=\"SETOP\",VLOOKUP(ENI25,SETOP,5,0),IF(ENL25=\"CPU\",VLOOKUP(ENI25,COMPOSIÇÃO,8,0),VLOOKUP(ENI25,COTAÇÃO,11,0))))","v":19.149999999999999},{"$f":"ENN25*ENO25","v":9.5749999999999993},"ED-50374",{"$f":"IF(ENT25=\"SINAPI\",VLOOKUP(ENQ25,SINAPI,2,0),IF(ENT25=\"SETOP\",VLOOKUP(ENQ25,SETOP,3,0),IF(ENT25=\"CPU\",VLOOKUP(ENQ25,COMPOSIÇÃO,2,0),VLOOKUP(ENQ25,COTAÇÃO,3,0))))","v":"BOMBEIRO/ENCANADOR COM ENCARGOS COMPLEMENTARES"},null,"SETOP",{"$f":"IF(ENT25=\"SINAPI\",VLOOKUP(ENQ25,SINAPI,3,0),IF(ENT25=\"SETOP\",VLOOKUP(ENQ25,SETOP,4,0),IF(ENT25=\"CPU\",VLOOKUP(ENQ25,COMPOSIÇÃO,5,0),VLOOKUP(ENQ25,COTAÇÃO,8,0))))","v":"HORA"},0.5,{"$f":"IF(ENT25=\"SINAPI\",VLOOKUP(ENQ25,SINAPI,4,0),IF(ENT25=\"SETOP\",VLOOKUP(ENQ25,SETOP,5,0),IF(ENT25=\"CPU\",VLOOKUP(ENQ25,COMPOSIÇÃO,8,0),VLOOKUP(ENQ25,COTAÇÃO,11,0))))","v":19.149999999999999},{"$f":"ENV25*ENW25","v":9.5749999999999993},"ED-50374",{"$f":"IF(EOB25=\"SINAPI\",VLOOKUP(ENY25,SINAPI,2,0),IF(EOB25=\"SETOP\",VLOOKUP(ENY25,SETOP,3,0),IF(EOB25=\"CPU\",VLOOKUP(ENY25,COMPOSIÇÃO,2,0),VLOOKUP(ENY25,COTAÇÃO,3,0))))","v":"BOMBEIRO/ENCANADOR COM ENCARGOS COMPLEMENTARES"},null,"SETOP",{"$f":"IF(EOB25=\"SINAPI\",VLOOKUP(ENY25,SINAPI,3,0),IF(EOB25=\"SETOP\",VLOOKUP(ENY25,SETOP,4,0),IF(EOB25=\"CPU\",VLOOKUP(ENY25,COMPOSIÇÃO,5,0),VLOOKUP(ENY25,COTAÇÃO,8,0))))","v":"HORA"},0.5,{"$f":"IF(EOB25=\"SINAPI\",VLOOKUP(ENY25,SINAPI,4,0),IF(EOB25=\"SETOP\",VLOOKUP(ENY25,SETOP,5,0),IF(EOB25=\"CPU\",VLOOKUP(ENY25,COMPOSIÇÃO,8,0),VLOOKUP(ENY25,COTAÇÃO,11,0))))","v":19.149999999999999},{"$f":"EOD25*EOE25","v":9.5749999999999993},"ED-50374",{"$f":"IF(EOJ25=\"SINAPI\",VLOOKUP(EOG25,SINAPI,2,0),IF(EOJ25=\"SETOP\",VLOOKUP(EOG25,SETOP,3,0),IF(EOJ25=\"CPU\",VLOOKUP(EOG25,COMPOSIÇÃO,2,0),VLOOKUP(EOG25,COTAÇÃO,3,0))))","v":"BOMBEIRO/ENCANADOR COM ENCARGOS COMPLEMENTARES"},null,"SETOP",{"$f":"IF(EOJ25=\"SINAPI\",VLOOKUP(EOG25,SINAPI,3,0),IF(EOJ25=\"SETOP\",VLOOKUP(EOG25,SETOP,4,0),IF(EOJ25=\"CPU\",VLOOKUP(EOG25,COMPOSIÇÃO,5,0),VLOOKUP(EOG25,COTAÇÃO,8,0))))","v":"HORA"},0.5,{"$f":"IF(EOJ25=\"SINAPI\",VLOOKUP(EOG25,SINAPI,4,0),IF(EOJ25=\"SETOP\",VLOOKUP(EOG25,SETOP,5,0),IF(EOJ25=\"CPU\",VLOOKUP(EOG25,COMPOSIÇÃO,8,0),VLOOKUP(EOG25,COTAÇÃO,11,0))))","v":19.149999999999999},{"$f":"EOL25*EOM25","v":9.5749999999999993},"ED-50374",{"$f":"IF(EOR25=\"SINAPI\",VLOOKUP(EOO25,SINAPI,2,0),IF(EOR25=\"SETOP\",VLOOKUP(EOO25,SETOP,3,0),IF(EOR25=\"CPU\",VLOOKUP(EOO25,COMPOSIÇÃO,2,0),VLOOKUP(EOO25,COTAÇÃO,3,0))))","v":"BOMBEIRO/ENCANADOR COM ENCARGOS COMPLEMENTARES"},null,"SETOP",{"$f":"IF(EOR25=\"SINAPI\",VLOOKUP(EOO25,SINAPI,3,0),IF(EOR25=\"SETOP\",VLOOKUP(EOO25,SETOP,4,0),IF(EOR25=\"CPU\",VLOOKUP(EOO25,COMPOSIÇÃO,5,0),VLOOKUP(EOO25,COTAÇÃO,8,0))))","v":"HORA"},0.5,{"$f":"IF(EOR25=\"SINAPI\",VLOOKUP(EOO25,SINAPI,4,0),IF(EOR25=\"SETOP\",VLOOKUP(EOO25,SETOP,5,0),IF(EOR25=\"CPU\",VLOOKUP(EOO25,COMPOSIÇÃO,8,0),VLOOKUP(EOO25,COTAÇÃO,11,0))))","v":19.149999999999999},{"$f":"EOT25*EOU25","v":9.5749999999999993},"ED-50374",{"$f":"IF(EOZ25=\"SINAPI\",VLOOKUP(EOW25,SINAPI,2,0),IF(EOZ25=\"SETOP\",VLOOKUP(EOW25,SETOP,3,0),IF(EOZ25=\"CPU\",VLOOKUP(EOW25,COMPOSIÇÃO,2,0),VLOOKUP(EOW25,COTAÇÃO,3,0))))","v":"BOMBEIRO/ENCANADOR COM ENCARGOS COMPLEMENTARES"},null,"SETOP",{"$f":"IF(EOZ25=\"SINAPI\",VLOOKUP(EOW25,SINAPI,3,0),IF(EOZ25=\"SETOP\",VLOOKUP(EOW25,SETOP,4,0),IF(EOZ25=\"CPU\",VLOOKUP(EOW25,COMPOSIÇÃO,5,0),VLOOKUP(EOW25,COTAÇÃO,8,0))))","v":"HORA"},0.5,{"$f":"IF(EOZ25=\"SINAPI\",VLOOKUP(EOW25,SINAPI,4,0),IF(EOZ25=\"SETOP\",VLOOKUP(EOW25,SETOP,5,0),IF(EOZ25=\"CPU\",VLOOKUP(EOW25,COMPOSIÇÃO,8,0),VLOOKUP(EOW25,COTAÇÃO,11,0))))","v":19.149999999999999},{"$f":"EPB25*EPC25","v":9.5749999999999993},"ED-50374",{"$f":"IF(EPH25=\"SINAPI\",VLOOKUP(EPE25,SINAPI,2,0),IF(EPH25=\"SETOP\",VLOOKUP(EPE25,SETOP,3,0),IF(EPH25=\"CPU\",VLOOKUP(EPE25,COMPOSIÇÃO,2,0),VLOOKUP(EPE25,COTAÇÃO,3,0))))","v":"BOMBEIRO/ENCANADOR COM ENCARGOS COMPLEMENTARES"},null,"SETOP",{"$f":"IF(EPH25=\"SINAPI\",VLOOKUP(EPE25,SINAPI,3,0),IF(EPH25=\"SETOP\",VLOOKUP(EPE25,SETOP,4,0),IF(EPH25=\"CPU\",VLOOKUP(EPE25,COMPOSIÇÃO,5,0),VLOOKUP(EPE25,COTAÇÃO,8,0))))","v":"HORA"},0.5,{"$f":"IF(EPH25=\"SINAPI\",VLOOKUP(EPE25,SINAPI,4,0),IF(EPH25=\"SETOP\",VLOOKUP(EPE25,SETOP,5,0),IF(EPH25=\"CPU\",VLOOKUP(EPE25,COMPOSIÇÃO,8,0),VLOOKUP(EPE25,COTAÇÃO,11,0))))","v":19.149999999999999},{"$f":"EPJ25*EPK25","v":9.5749999999999993},"ED-50374",{"$f":"IF(EPP25=\"SINAPI\",VLOOKUP(EPM25,SINAPI,2,0),IF(EPP25=\"SETOP\",VLOOKUP(EPM25,SETOP,3,0),IF(EPP25=\"CPU\",VLOOKUP(EPM25,COMPOSIÇÃO,2,0),VLOOKUP(EPM25,COTAÇÃO,3,0))))","v":"BOMBEIRO/ENCANADOR COM ENCARGOS COMPLEMENTARES"},null,"SETOP",{"$f":"IF(EPP25=\"SINAPI\",VLOOKUP(EPM25,SINAPI,3,0),IF(EPP25=\"SETOP\",VLOOKUP(EPM25,SETOP,4,0),IF(EPP25=\"CPU\",VLOOKUP(EPM25,COMPOSIÇÃO,5,0),VLOOKUP(EPM25,COTAÇÃO,8,0))))","v":"HORA"},0.5,{"$f":"IF(EPP25=\"SINAPI\",VLOOKUP(EPM25,SINAPI,4,0),IF(EPP25=\"SETOP\",VLOOKUP(EPM25,SETOP,5,0),IF(EPP25=\"CPU\",VLOOKUP(EPM25,COMPOSIÇÃO,8,0),VLOOKUP(EPM25,COTAÇÃO,11,0))))","v":19.149999999999999},{"$f":"EPR25*EPS25","v":9.5749999999999993},"ED-50374",{"$f":"IF(EPX25=\"SINAPI\",VLOOKUP(EPU25,SINAPI,2,0),IF(EPX25=\"SETOP\",VLOOKUP(EPU25,SETOP,3,0),IF(EPX25=\"CPU\",VLOOKUP(EPU25,COMPOSIÇÃO,2,0),VLOOKUP(EPU25,COTAÇÃO,3,0))))","v":"BOMBEIRO/ENCANADOR COM ENCARGOS COMPLEMENTARES"},null,"SETOP",{"$f":"IF(EPX25=\"SINAPI\",VLOOKUP(EPU25,SINAPI,3,0),IF(EPX25=\"SETOP\",VLOOKUP(EPU25,SETOP,4,0),IF(EPX25=\"CPU\",VLOOKUP(EPU25,COMPOSIÇÃO,5,0),VLOOKUP(EPU25,COTAÇÃO,8,0))))","v":"HORA"},0.5,{"$f":"IF(EPX25=\"SINAPI\",VLOOKUP(EPU25,SINAPI,4,0),IF(EPX25=\"SETOP\",VLOOKUP(EPU25,SETOP,5,0),IF(EPX25=\"CPU\",VLOOKUP(EPU25,COMPOSIÇÃO,8,0),VLOOKUP(EPU25,COTAÇÃO,11,0))))","v":19.149999999999999},{"$f":"EPZ25*EQA25","v":9.5749999999999993},"ED-50374",{"$f":"IF(EQF25=\"SINAPI\",VLOOKUP(EQC25,SINAPI,2,0),IF(EQF25=\"SETOP\",VLOOKUP(EQC25,SETOP,3,0),IF(EQF25=\"CPU\",VLOOKUP(EQC25,COMPOSIÇÃO,2,0),VLOOKUP(EQC25,COTAÇÃO,3,0))))","v":"BOMBEIRO/ENCANADOR COM ENCARGOS COMPLEMENTARES"},null,"SETOP",{"$f":"IF(EQF25=\"SINAPI\",VLOOKUP(EQC25,SINAPI,3,0),IF(EQF25=\"SETOP\",VLOOKUP(EQC25,SETOP,4,0),IF(EQF25=\"CPU\",VLOOKUP(EQC25,COMPOSIÇÃO,5,0),VLOOKUP(EQC25,COTAÇÃO,8,0))))","v":"HORA"},0.5,{"$f":"IF(EQF25=\"SINAPI\",VLOOKUP(EQC25,SINAPI,4,0),IF(EQF25=\"SETOP\",VLOOKUP(EQC25,SETOP,5,0),IF(EQF25=\"CPU\",VLOOKUP(EQC25,COMPOSIÇÃO,8,0),VLOOKUP(EQC25,COTAÇÃO,11,0))))","v":19.149999999999999},{"$f":"EQH25*EQI25","v":9.5749999999999993},"ED-50374",{"$f":"IF(EQN25=\"SINAPI\",VLOOKUP(EQK25,SINAPI,2,0),IF(EQN25=\"SETOP\",VLOOKUP(EQK25,SETOP,3,0),IF(EQN25=\"CPU\",VLOOKUP(EQK25,COMPOSIÇÃO,2,0),VLOOKUP(EQK25,COTAÇÃO,3,0))))","v":"BOMBEIRO/ENCANADOR COM ENCARGOS COMPLEMENTARES"},null,"SETOP",{"$f":"IF(EQN25=\"SINAPI\",VLOOKUP(EQK25,SINAPI,3,0),IF(EQN25=\"SETOP\",VLOOKUP(EQK25,SETOP,4,0),IF(EQN25=\"CPU\",VLOOKUP(EQK25,COMPOSIÇÃO,5,0),VLOOKUP(EQK25,COTAÇÃO,8,0))))","v":"HORA"},0.5,{"$f":"IF(EQN25=\"SINAPI\",VLOOKUP(EQK25,SINAPI,4,0),IF(EQN25=\"SETOP\",VLOOKUP(EQK25,SETOP,5,0),IF(EQN25=\"CPU\",VLOOKUP(EQK25,COMPOSIÇÃO,8,0),VLOOKUP(EQK25,COTAÇÃO,11,0))))","v":19.149999999999999},{"$f":"EQP25*EQQ25","v":9.5749999999999993},"ED-50374",{"$f":"IF(EQV25=\"SINAPI\",VLOOKUP(EQS25,SINAPI,2,0),IF(EQV25=\"SETOP\",VLOOKUP(EQS25,SETOP,3,0),IF(EQV25=\"CPU\",VLOOKUP(EQS25,COMPOSIÇÃO,2,0),VLOOKUP(EQS25,COTAÇÃO,3,0))))","v":"BOMBEIRO/ENCANADOR COM ENCARGOS COMPLEMENTARES"},null,"SETOP",{"$f":"IF(EQV25=\"SINAPI\",VLOOKUP(EQS25,SINAPI,3,0),IF(EQV25=\"SETOP\",VLOOKUP(EQS25,SETOP,4,0),IF(EQV25=\"CPU\",VLOOKUP(EQS25,COMPOSIÇÃO,5,0),VLOOKUP(EQS25,COTAÇÃO,8,0))))","v":"HORA"},0.5,{"$f":"IF(EQV25=\"SINAPI\",VLOOKUP(EQS25,SINAPI,4,0),IF(EQV25=\"SETOP\",VLOOKUP(EQS25,SETOP,5,0),IF(EQV25=\"CPU\",VLOOKUP(EQS25,COMPOSIÇÃO,8,0),VLOOKUP(EQS25,COTAÇÃO,11,0))))","v":19.149999999999999},{"$f":"EQX25*EQY25","v":9.5749999999999993},"ED-50374",{"$f":"IF(ERD25=\"SINAPI\",VLOOKUP(ERA25,SINAPI,2,0),IF(ERD25=\"SETOP\",VLOOKUP(ERA25,SETOP,3,0),IF(ERD25=\"CPU\",VLOOKUP(ERA25,COMPOSIÇÃO,2,0),VLOOKUP(ERA25,COTAÇÃO,3,0))))","v":"BOMBEIRO/ENCANADOR COM ENCARGOS COMPLEMENTARES"},null,"SETOP",{"$f":"IF(ERD25=\"SINAPI\",VLOOKUP(ERA25,SINAPI,3,0),IF(ERD25=\"SETOP\",VLOOKUP(ERA25,SETOP,4,0),IF(ERD25=\"CPU\",VLOOKUP(ERA25,COMPOSIÇÃO,5,0),VLOOKUP(ERA25,COTAÇÃO,8,0))))","v":"HORA"},0.5,{"$f":"IF(ERD25=\"SINAPI\",VLOOKUP(ERA25,SINAPI,4,0),IF(ERD25=\"SETOP\",VLOOKUP(ERA25,SETOP,5,0),IF(ERD25=\"CPU\",VLOOKUP(ERA25,COMPOSIÇÃO,8,0),VLOOKUP(ERA25,COTAÇÃO,11,0))))","v":19.149999999999999},{"$f":"ERF25*ERG25","v":9.5749999999999993},"ED-50374",{"$f":"IF(ERL25=\"SINAPI\",VLOOKUP(ERI25,SINAPI,2,0),IF(ERL25=\"SETOP\",VLOOKUP(ERI25,SETOP,3,0),IF(ERL25=\"CPU\",VLOOKUP(ERI25,COMPOSIÇÃO,2,0),VLOOKUP(ERI25,COTAÇÃO,3,0))))","v":"BOMBEIRO/ENCANADOR COM ENCARGOS COMPLEMENTARES"},null,"SETOP",{"$f":"IF(ERL25=\"SINAPI\",VLOOKUP(ERI25,SINAPI,3,0),IF(ERL25=\"SETOP\",VLOOKUP(ERI25,SETOP,4,0),IF(ERL25=\"CPU\",VLOOKUP(ERI25,COMPOSIÇÃO,5,0),VLOOKUP(ERI25,COTAÇÃO,8,0))))","v":"HORA"},0.5,{"$f":"IF(ERL25=\"SINAPI\",VLOOKUP(ERI25,SINAPI,4,0),IF(ERL25=\"SETOP\",VLOOKUP(ERI25,SETOP,5,0),IF(ERL25=\"CPU\",VLOOKUP(ERI25,COMPOSIÇÃO,8,0),VLOOKUP(ERI25,COTAÇÃO,11,0))))","v":19.149999999999999},{"$f":"ERN25*ERO25","v":9.5749999999999993},"ED-50374",{"$f":"IF(ERT25=\"SINAPI\",VLOOKUP(ERQ25,SINAPI,2,0),IF(ERT25=\"SETOP\",VLOOKUP(ERQ25,SETOP,3,0),IF(ERT25=\"CPU\",VLOOKUP(ERQ25,COMPOSIÇÃO,2,0),VLOOKUP(ERQ25,COTAÇÃO,3,0))))","v":"BOMBEIRO/ENCANADOR COM ENCARGOS COMPLEMENTARES"},null,"SETOP",{"$f":"IF(ERT25=\"SINAPI\",VLOOKUP(ERQ25,SINAPI,3,0),IF(ERT25=\"SETOP\",VLOOKUP(ERQ25,SETOP,4,0),IF(ERT25=\"CPU\",VLOOKUP(ERQ25,COMPOSIÇÃO,5,0),VLOOKUP(ERQ25,COTAÇÃO,8,0))))","v":"HORA"},0.5,{"$f":"IF(ERT25=\"SINAPI\",VLOOKUP(ERQ25,SINAPI,4,0),IF(ERT25=\"SETOP\",VLOOKUP(ERQ25,SETOP,5,0),IF(ERT25=\"CPU\",VLOOKUP(ERQ25,COMPOSIÇÃO,8,0),VLOOKUP(ERQ25,COTAÇÃO,11,0))))","v":19.149999999999999},{"$f":"ERV25*ERW25","v":9.5749999999999993},"ED-50374",{"$f":"IF(ESB25=\"SINAPI\",VLOOKUP(ERY25,SINAPI,2,0),IF(ESB25=\"SETOP\",VLOOKUP(ERY25,SETOP,3,0),IF(ESB25=\"CPU\",VLOOKUP(ERY25,COMPOSIÇÃO,2,0),VLOOKUP(ERY25,COTAÇÃO,3,0))))","v":"BOMBEIRO/ENCANADOR COM ENCARGOS COMPLEMENTARES"},null,"SETOP",{"$f":"IF(ESB25=\"SINAPI\",VLOOKUP(ERY25,SINAPI,3,0),IF(ESB25=\"SETOP\",VLOOKUP(ERY25,SETOP,4,0),IF(ESB25=\"CPU\",VLOOKUP(ERY25,COMPOSIÇÃO,5,0),VLOOKUP(ERY25,COTAÇÃO,8,0))))","v":"HORA"},0.5,{"$f":"IF(ESB25=\"SINAPI\",VLOOKUP(ERY25,SINAPI,4,0),IF(ESB25=\"SETOP\",VLOOKUP(ERY25,SETOP,5,0),IF(ESB25=\"CPU\",VLOOKUP(ERY25,COMPOSIÇÃO,8,0),VLOOKUP(ERY25,COTAÇÃO,11,0))))","v":19.149999999999999},{"$f":"ESD25*ESE25","v":9.5749999999999993},"ED-50374",{"$f":"IF(ESJ25=\"SINAPI\",VLOOKUP(ESG25,SINAPI,2,0),IF(ESJ25=\"SETOP\",VLOOKUP(ESG25,SETOP,3,0),IF(ESJ25=\"CPU\",VLOOKUP(ESG25,COMPOSIÇÃO,2,0),VLOOKUP(ESG25,COTAÇÃO,3,0))))","v":"BOMBEIRO/ENCANADOR COM ENCARGOS COMPLEMENTARES"},null,"SETOP",{"$f":"IF(ESJ25=\"SINAPI\",VLOOKUP(ESG25,SINAPI,3,0),IF(ESJ25=\"SETOP\",VLOOKUP(ESG25,SETOP,4,0),IF(ESJ25=\"CPU\",VLOOKUP(ESG25,COMPOSIÇÃO,5,0),VLOOKUP(ESG25,COTAÇÃO,8,0))))","v":"HORA"},0.5,{"$f":"IF(ESJ25=\"SINAPI\",VLOOKUP(ESG25,SINAPI,4,0),IF(ESJ25=\"SETOP\",VLOOKUP(ESG25,SETOP,5,0),IF(ESJ25=\"CPU\",VLOOKUP(ESG25,COMPOSIÇÃO,8,0),VLOOKUP(ESG25,COTAÇÃO,11,0))))","v":19.149999999999999},{"$f":"ESL25*ESM25","v":9.5749999999999993},"ED-50374",{"$f":"IF(ESR25=\"SINAPI\",VLOOKUP(ESO25,SINAPI,2,0),IF(ESR25=\"SETOP\",VLOOKUP(ESO25,SETOP,3,0),IF(ESR25=\"CPU\",VLOOKUP(ESO25,COMPOSIÇÃO,2,0),VLOOKUP(ESO25,COTAÇÃO,3,0))))","v":"BOMBEIRO/ENCANADOR COM ENCARGOS COMPLEMENTARES"},null,"SETOP",{"$f":"IF(ESR25=\"SINAPI\",VLOOKUP(ESO25,SINAPI,3,0),IF(ESR25=\"SETOP\",VLOOKUP(ESO25,SETOP,4,0),IF(ESR25=\"CPU\",VLOOKUP(ESO25,COMPOSIÇÃO,5,0),VLOOKUP(ESO25,COTAÇÃO,8,0))))","v":"HORA"},0.5,{"$f":"IF(ESR25=\"SINAPI\",VLOOKUP(ESO25,SINAPI,4,0),IF(ESR25=\"SETOP\",VLOOKUP(ESO25,SETOP,5,0),IF(ESR25=\"CPU\",VLOOKUP(ESO25,COMPOSIÇÃO,8,0),VLOOKUP(ESO25,COTAÇÃO,11,0))))","v":19.149999999999999},{"$f":"EST25*ESU25","v":9.5749999999999993},"ED-50374",{"$f":"IF(ESZ25=\"SINAPI\",VLOOKUP(ESW25,SINAPI,2,0),IF(ESZ25=\"SETOP\",VLOOKUP(ESW25,SETOP,3,0),IF(ESZ25=\"CPU\",VLOOKUP(ESW25,COMPOSIÇÃO,2,0),VLOOKUP(ESW25,COTAÇÃO,3,0))))","v":"BOMBEIRO/ENCANADOR COM ENCARGOS COMPLEMENTARES"},null,"SETOP",{"$f":"IF(ESZ25=\"SINAPI\",VLOOKUP(ESW25,SINAPI,3,0),IF(ESZ25=\"SETOP\",VLOOKUP(ESW25,SETOP,4,0),IF(ESZ25=\"CPU\",VLOOKUP(ESW25,COMPOSIÇÃO,5,0),VLOOKUP(ESW25,COTAÇÃO,8,0))))","v":"HORA"},0.5,{"$f":"IF(ESZ25=\"SINAPI\",VLOOKUP(ESW25,SINAPI,4,0),IF(ESZ25=\"SETOP\",VLOOKUP(ESW25,SETOP,5,0),IF(ESZ25=\"CPU\",VLOOKUP(ESW25,COMPOSIÇÃO,8,0),VLOOKUP(ESW25,COTAÇÃO,11,0))))","v":19.149999999999999},{"$f":"ETB25*ETC25","v":9.5749999999999993},"ED-50374",{"$f":"IF(ETH25=\"SINAPI\",VLOOKUP(ETE25,SINAPI,2,0),IF(ETH25=\"SETOP\",VLOOKUP(ETE25,SETOP,3,0),IF(ETH25=\"CPU\",VLOOKUP(ETE25,COMPOSIÇÃO,2,0),VLOOKUP(ETE25,COTAÇÃO,3,0))))","v":"BOMBEIRO/ENCANADOR COM ENCARGOS COMPLEMENTARES"},null,"SETOP",{"$f":"IF(ETH25=\"SINAPI\",VLOOKUP(ETE25,SINAPI,3,0),IF(ETH25=\"SETOP\",VLOOKUP(ETE25,SETOP,4,0),IF(ETH25=\"CPU\",VLOOKUP(ETE25,COMPOSIÇÃO,5,0),VLOOKUP(ETE25,COTAÇÃO,8,0))))","v":"HORA"},0.5,{"$f":"IF(ETH25=\"SINAPI\",VLOOKUP(ETE25,SINAPI,4,0),IF(ETH25=\"SETOP\",VLOOKUP(ETE25,SETOP,5,0),IF(ETH25=\"CPU\",VLOOKUP(ETE25,COMPOSIÇÃO,8,0),VLOOKUP(ETE25,COTAÇÃO,11,0))))","v":19.149999999999999},{"$f":"ETJ25*ETK25","v":9.5749999999999993},"ED-50374",{"$f":"IF(ETP25=\"SINAPI\",VLOOKUP(ETM25,SINAPI,2,0),IF(ETP25=\"SETOP\",VLOOKUP(ETM25,SETOP,3,0),IF(ETP25=\"CPU\",VLOOKUP(ETM25,COMPOSIÇÃO,2,0),VLOOKUP(ETM25,COTAÇÃO,3,0))))","v":"BOMBEIRO/ENCANADOR COM ENCARGOS COMPLEMENTARES"},null,"SETOP",{"$f":"IF(ETP25=\"SINAPI\",VLOOKUP(ETM25,SINAPI,3,0),IF(ETP25=\"SETOP\",VLOOKUP(ETM25,SETOP,4,0),IF(ETP25=\"CPU\",VLOOKUP(ETM25,COMPOSIÇÃO,5,0),VLOOKUP(ETM25,COTAÇÃO,8,0))))","v":"HORA"},0.5,{"$f":"IF(ETP25=\"SINAPI\",VLOOKUP(ETM25,SINAPI,4,0),IF(ETP25=\"SETOP\",VLOOKUP(ETM25,SETOP,5,0),IF(ETP25=\"CPU\",VLOOKUP(ETM25,COMPOSIÇÃO,8,0),VLOOKUP(ETM25,COTAÇÃO,11,0))))","v":19.149999999999999},{"$f":"ETR25*ETS25","v":9.5749999999999993},"ED-50374",{"$f":"IF(ETX25=\"SINAPI\",VLOOKUP(ETU25,SINAPI,2,0),IF(ETX25=\"SETOP\",VLOOKUP(ETU25,SETOP,3,0),IF(ETX25=\"CPU\",VLOOKUP(ETU25,COMPOSIÇÃO,2,0),VLOOKUP(ETU25,COTAÇÃO,3,0))))","v":"BOMBEIRO/ENCANADOR COM ENCARGOS COMPLEMENTARES"},null,"SETOP",{"$f":"IF(ETX25=\"SINAPI\",VLOOKUP(ETU25,SINAPI,3,0),IF(ETX25=\"SETOP\",VLOOKUP(ETU25,SETOP,4,0),IF(ETX25=\"CPU\",VLOOKUP(ETU25,COMPOSIÇÃO,5,0),VLOOKUP(ETU25,COTAÇÃO,8,0))))","v":"HORA"},0.5,{"$f":"IF(ETX25=\"SINAPI\",VLOOKUP(ETU25,SINAPI,4,0),IF(ETX25=\"SETOP\",VLOOKUP(ETU25,SETOP,5,0),IF(ETX25=\"CPU\",VLOOKUP(ETU25,COMPOSIÇÃO,8,0),VLOOKUP(ETU25,COTAÇÃO,11,0))))","v":19.149999999999999},{"$f":"ETZ25*EUA25","v":9.5749999999999993},"ED-50374",{"$f":"IF(EUF25=\"SINAPI\",VLOOKUP(EUC25,SINAPI,2,0),IF(EUF25=\"SETOP\",VLOOKUP(EUC25,SETOP,3,0),IF(EUF25=\"CPU\",VLOOKUP(EUC25,COMPOSIÇÃO,2,0),VLOOKUP(EUC25,COTAÇÃO,3,0))))","v":"BOMBEIRO/ENCANADOR COM ENCARGOS COMPLEMENTARES"},null,"SETOP",{"$f":"IF(EUF25=\"SINAPI\",VLOOKUP(EUC25,SINAPI,3,0),IF(EUF25=\"SETOP\",VLOOKUP(EUC25,SETOP,4,0),IF(EUF25=\"CPU\",VLOOKUP(EUC25,COMPOSIÇÃO,5,0),VLOOKUP(EUC25,COTAÇÃO,8,0))))","v":"HORA"},0.5,{"$f":"IF(EUF25=\"SINAPI\",VLOOKUP(EUC25,SINAPI,4,0),IF(EUF25=\"SETOP\",VLOOKUP(EUC25,SETOP,5,0),IF(EUF25=\"CPU\",VLOOKUP(EUC25,COMPOSIÇÃO,8,0),VLOOKUP(EUC25,COTAÇÃO,11,0))))","v":19.149999999999999},{"$f":"EUH25*EUI25","v":9.5749999999999993},"ED-50374",{"$f":"IF(EUN25=\"SINAPI\",VLOOKUP(EUK25,SINAPI,2,0),IF(EUN25=\"SETOP\",VLOOKUP(EUK25,SETOP,3,0),IF(EUN25=\"CPU\",VLOOKUP(EUK25,COMPOSIÇÃO,2,0),VLOOKUP(EUK25,COTAÇÃO,3,0))))","v":"BOMBEIRO/ENCANADOR COM ENCARGOS COMPLEMENTARES"},null,"SETOP",{"$f":"IF(EUN25=\"SINAPI\",VLOOKUP(EUK25,SINAPI,3,0),IF(EUN25=\"SETOP\",VLOOKUP(EUK25,SETOP,4,0),IF(EUN25=\"CPU\",VLOOKUP(EUK25,COMPOSIÇÃO,5,0),VLOOKUP(EUK25,COTAÇÃO,8,0))))","v":"HORA"},0.5,{"$f":"IF(EUN25=\"SINAPI\",VLOOKUP(EUK25,SINAPI,4,0),IF(EUN25=\"SETOP\",VLOOKUP(EUK25,SETOP,5,0),IF(EUN25=\"CPU\",VLOOKUP(EUK25,COMPOSIÇÃO,8,0),VLOOKUP(EUK25,COTAÇÃO,11,0))))","v":19.149999999999999},{"$f":"EUP25*EUQ25","v":9.5749999999999993},"ED-50374",{"$f":"IF(EUV25=\"SINAPI\",VLOOKUP(EUS25,SINAPI,2,0),IF(EUV25=\"SETOP\",VLOOKUP(EUS25,SETOP,3,0),IF(EUV25=\"CPU\",VLOOKUP(EUS25,COMPOSIÇÃO,2,0),VLOOKUP(EUS25,COTAÇÃO,3,0))))","v":"BOMBEIRO/ENCANADOR COM ENCARGOS COMPLEMENTARES"},null,"SETOP",{"$f":"IF(EUV25=\"SINAPI\",VLOOKUP(EUS25,SINAPI,3,0),IF(EUV25=\"SETOP\",VLOOKUP(EUS25,SETOP,4,0),IF(EUV25=\"CPU\",VLOOKUP(EUS25,COMPOSIÇÃO,5,0),VLOOKUP(EUS25,COTAÇÃO,8,0))))","v":"HORA"},0.5,{"$f":"IF(EUV25=\"SINAPI\",VLOOKUP(EUS25,SINAPI,4,0),IF(EUV25=\"SETOP\",VLOOKUP(EUS25,SETOP,5,0),IF(EUV25=\"CPU\",VLOOKUP(EUS25,COMPOSIÇÃO,8,0),VLOOKUP(EUS25,COTAÇÃO,11,0))))","v":19.149999999999999},{"$f":"EUX25*EUY25","v":9.5749999999999993},"ED-50374",{"$f":"IF(EVD25=\"SINAPI\",VLOOKUP(EVA25,SINAPI,2,0),IF(EVD25=\"SETOP\",VLOOKUP(EVA25,SETOP,3,0),IF(EVD25=\"CPU\",VLOOKUP(EVA25,COMPOSIÇÃO,2,0),VLOOKUP(EVA25,COTAÇÃO,3,0))))","v":"BOMBEIRO/ENCANADOR COM ENCARGOS COMPLEMENTARES"},null,"SETOP",{"$f":"IF(EVD25=\"SINAPI\",VLOOKUP(EVA25,SINAPI,3,0),IF(EVD25=\"SETOP\",VLOOKUP(EVA25,SETOP,4,0),IF(EVD25=\"CPU\",VLOOKUP(EVA25,COMPOSIÇÃO,5,0),VLOOKUP(EVA25,COTAÇÃO,8,0))))","v":"HORA"},0.5,{"$f":"IF(EVD25=\"SINAPI\",VLOOKUP(EVA25,SINAPI,4,0),IF(EVD25=\"SETOP\",VLOOKUP(EVA25,SETOP,5,0),IF(EVD25=\"CPU\",VLOOKUP(EVA25,COMPOSIÇÃO,8,0),VLOOKUP(EVA25,COTAÇÃO,11,0))))","v":19.149999999999999},{"$f":"EVF25*EVG25","v":9.5749999999999993},"ED-50374",{"$f":"IF(EVL25=\"SINAPI\",VLOOKUP(EVI25,SINAPI,2,0),IF(EVL25=\"SETOP\",VLOOKUP(EVI25,SETOP,3,0),IF(EVL25=\"CPU\",VLOOKUP(EVI25,COMPOSIÇÃO,2,0),VLOOKUP(EVI25,COTAÇÃO,3,0))))","v":"BOMBEIRO/ENCANADOR COM ENCARGOS COMPLEMENTARES"},null,"SETOP",{"$f":"IF(EVL25=\"SINAPI\",VLOOKUP(EVI25,SINAPI,3,0),IF(EVL25=\"SETOP\",VLOOKUP(EVI25,SETOP,4,0),IF(EVL25=\"CPU\",VLOOKUP(EVI25,COMPOSIÇÃO,5,0),VLOOKUP(EVI25,COTAÇÃO,8,0))))","v":"HORA"},0.5,{"$f":"IF(EVL25=\"SINAPI\",VLOOKUP(EVI25,SINAPI,4,0),IF(EVL25=\"SETOP\",VLOOKUP(EVI25,SETOP,5,0),IF(EVL25=\"CPU\",VLOOKUP(EVI25,COMPOSIÇÃO,8,0),VLOOKUP(EVI25,COTAÇÃO,11,0))))","v":19.149999999999999},{"$f":"EVN25*EVO25","v":9.5749999999999993},"ED-50374",{"$f":"IF(EVT25=\"SINAPI\",VLOOKUP(EVQ25,SINAPI,2,0),IF(EVT25=\"SETOP\",VLOOKUP(EVQ25,SETOP,3,0),IF(EVT25=\"CPU\",VLOOKUP(EVQ25,COMPOSIÇÃO,2,0),VLOOKUP(EVQ25,COTAÇÃO,3,0))))","v":"BOMBEIRO/ENCANADOR COM ENCARGOS COMPLEMENTARES"},null,"SETOP",{"$f":"IF(EVT25=\"SINAPI\",VLOOKUP(EVQ25,SINAPI,3,0),IF(EVT25=\"SETOP\",VLOOKUP(EVQ25,SETOP,4,0),IF(EVT25=\"CPU\",VLOOKUP(EVQ25,COMPOSIÇÃO,5,0),VLOOKUP(EVQ25,COTAÇÃO,8,0))))","v":"HORA"},0.5,{"$f":"IF(EVT25=\"SINAPI\",VLOOKUP(EVQ25,SINAPI,4,0),IF(EVT25=\"SETOP\",VLOOKUP(EVQ25,SETOP,5,0),IF(EVT25=\"CPU\",VLOOKUP(EVQ25,COMPOSIÇÃO,8,0),VLOOKUP(EVQ25,COTAÇÃO,11,0))))","v":19.149999999999999},{"$f":"EVV25*EVW25","v":9.5749999999999993},"ED-50374",{"$f":"IF(EWB25=\"SINAPI\",VLOOKUP(EVY25,SINAPI,2,0),IF(EWB25=\"SETOP\",VLOOKUP(EVY25,SETOP,3,0),IF(EWB25=\"CPU\",VLOOKUP(EVY25,COMPOSIÇÃO,2,0),VLOOKUP(EVY25,COTAÇÃO,3,0))))","v":"BOMBEIRO/ENCANADOR COM ENCARGOS COMPLEMENTARES"},null,"SETOP",{"$f":"IF(EWB25=\"SINAPI\",VLOOKUP(EVY25,SINAPI,3,0),IF(EWB25=\"SETOP\",VLOOKUP(EVY25,SETOP,4,0),IF(EWB25=\"CPU\",VLOOKUP(EVY25,COMPOSIÇÃO,5,0),VLOOKUP(EVY25,COTAÇÃO,8,0))))","v":"HORA"},0.5,{"$f":"IF(EWB25=\"SINAPI\",VLOOKUP(EVY25,SINAPI,4,0),IF(EWB25=\"SETOP\",VLOOKUP(EVY25,SETOP,5,0),IF(EWB25=\"CPU\",VLOOKUP(EVY25,COMPOSIÇÃO,8,0),VLOOKUP(EVY25,COTAÇÃO,11,0))))","v":19.149999999999999},{"$f":"EWD25*EWE25","v":9.5749999999999993},"ED-50374",{"$f":"IF(EWJ25=\"SINAPI\",VLOOKUP(EWG25,SINAPI,2,0),IF(EWJ25=\"SETOP\",VLOOKUP(EWG25,SETOP,3,0),IF(EWJ25=\"CPU\",VLOOKUP(EWG25,COMPOSIÇÃO,2,0),VLOOKUP(EWG25,COTAÇÃO,3,0))))","v":"BOMBEIRO/ENCANADOR COM ENCARGOS COMPLEMENTARES"},null,"SETOP",{"$f":"IF(EWJ25=\"SINAPI\",VLOOKUP(EWG25,SINAPI,3,0),IF(EWJ25=\"SETOP\",VLOOKUP(EWG25,SETOP,4,0),IF(EWJ25=\"CPU\",VLOOKUP(EWG25,COMPOSIÇÃO,5,0),VLOOKUP(EWG25,COTAÇÃO,8,0))))","v":"HORA"},0.5,{"$f":"IF(EWJ25=\"SINAPI\",VLOOKUP(EWG25,SINAPI,4,0),IF(EWJ25=\"SETOP\",VLOOKUP(EWG25,SETOP,5,0),IF(EWJ25=\"CPU\",VLOOKUP(EWG25,COMPOSIÇÃO,8,0),VLOOKUP(EWG25,COTAÇÃO,11,0))))","v":19.149999999999999},{"$f":"EWL25*EWM25","v":9.5749999999999993},"ED-50374",{"$f":"IF(EWR25=\"SINAPI\",VLOOKUP(EWO25,SINAPI,2,0),IF(EWR25=\"SETOP\",VLOOKUP(EWO25,SETOP,3,0),IF(EWR25=\"CPU\",VLOOKUP(EWO25,COMPOSIÇÃO,2,0),VLOOKUP(EWO25,COTAÇÃO,3,0))))","v":"BOMBEIRO/ENCANADOR COM ENCARGOS COMPLEMENTARES"},null,"SETOP",{"$f":"IF(EWR25=\"SINAPI\",VLOOKUP(EWO25,SINAPI,3,0),IF(EWR25=\"SETOP\",VLOOKUP(EWO25,SETOP,4,0),IF(EWR25=\"CPU\",VLOOKUP(EWO25,COMPOSIÇÃO,5,0),VLOOKUP(EWO25,COTAÇÃO,8,0))))","v":"HORA"},0.5,{"$f":"IF(EWR25=\"SINAPI\",VLOOKUP(EWO25,SINAPI,4,0),IF(EWR25=\"SETOP\",VLOOKUP(EWO25,SETOP,5,0),IF(EWR25=\"CPU\",VLOOKUP(EWO25,COMPOSIÇÃO,8,0),VLOOKUP(EWO25,COTAÇÃO,11,0))))","v":19.149999999999999},{"$f":"EWT25*EWU25","v":9.5749999999999993},"ED-50374",{"$f":"IF(EWZ25=\"SINAPI\",VLOOKUP(EWW25,SINAPI,2,0),IF(EWZ25=\"SETOP\",VLOOKUP(EWW25,SETOP,3,0),IF(EWZ25=\"CPU\",VLOOKUP(EWW25,COMPOSIÇÃO,2,0),VLOOKUP(EWW25,COTAÇÃO,3,0))))","v":"BOMBEIRO/ENCANADOR COM ENCARGOS COMPLEMENTARES"},null,"SETOP",{"$f":"IF(EWZ25=\"SINAPI\",VLOOKUP(EWW25,SINAPI,3,0),IF(EWZ25=\"SETOP\",VLOOKUP(EWW25,SETOP,4,0),IF(EWZ25=\"CPU\",VLOOKUP(EWW25,COMPOSIÇÃO,5,0),VLOOKUP(EWW25,COTAÇÃO,8,0))))","v":"HORA"},0.5,{"$f":"IF(EWZ25=\"SINAPI\",VLOOKUP(EWW25,SINAPI,4,0),IF(EWZ25=\"SETOP\",VLOOKUP(EWW25,SETOP,5,0),IF(EWZ25=\"CPU\",VLOOKUP(EWW25,COMPOSIÇÃO,8,0),VLOOKUP(EWW25,COTAÇÃO,11,0))))","v":19.149999999999999},{"$f":"EXB25*EXC25","v":9.5749999999999993},"ED-50374",{"$f":"IF(EXH25=\"SINAPI\",VLOOKUP(EXE25,SINAPI,2,0),IF(EXH25=\"SETOP\",VLOOKUP(EXE25,SETOP,3,0),IF(EXH25=\"CPU\",VLOOKUP(EXE25,COMPOSIÇÃO,2,0),VLOOKUP(EXE25,COTAÇÃO,3,0))))","v":"BOMBEIRO/ENCANADOR COM ENCARGOS COMPLEMENTARES"},null,"SETOP",{"$f":"IF(EXH25=\"SINAPI\",VLOOKUP(EXE25,SINAPI,3,0),IF(EXH25=\"SETOP\",VLOOKUP(EXE25,SETOP,4,0),IF(EXH25=\"CPU\",VLOOKUP(EXE25,COMPOSIÇÃO,5,0),VLOOKUP(EXE25,COTAÇÃO,8,0))))","v":"HORA"},0.5,{"$f":"IF(EXH25=\"SINAPI\",VLOOKUP(EXE25,SINAPI,4,0),IF(EXH25=\"SETOP\",VLOOKUP(EXE25,SETOP,5,0),IF(EXH25=\"CPU\",VLOOKUP(EXE25,COMPOSIÇÃO,8,0),VLOOKUP(EXE25,COTAÇÃO,11,0))))","v":19.149999999999999},{"$f":"EXJ25*EXK25","v":9.5749999999999993},"ED-50374",{"$f":"IF(EXP25=\"SINAPI\",VLOOKUP(EXM25,SINAPI,2,0),IF(EXP25=\"SETOP\",VLOOKUP(EXM25,SETOP,3,0),IF(EXP25=\"CPU\",VLOOKUP(EXM25,COMPOSIÇÃO,2,0),VLOOKUP(EXM25,COTAÇÃO,3,0))))","v":"BOMBEIRO/ENCANADOR COM ENCARGOS COMPLEMENTARES"},null,"SETOP",{"$f":"IF(EXP25=\"SINAPI\",VLOOKUP(EXM25,SINAPI,3,0),IF(EXP25=\"SETOP\",VLOOKUP(EXM25,SETOP,4,0),IF(EXP25=\"CPU\",VLOOKUP(EXM25,COMPOSIÇÃO,5,0),VLOOKUP(EXM25,COTAÇÃO,8,0))))","v":"HORA"},0.5,{"$f":"IF(EXP25=\"SINAPI\",VLOOKUP(EXM25,SINAPI,4,0),IF(EXP25=\"SETOP\",VLOOKUP(EXM25,SETOP,5,0),IF(EXP25=\"CPU\",VLOOKUP(EXM25,COMPOSIÇÃO,8,0),VLOOKUP(EXM25,COTAÇÃO,11,0))))","v":19.149999999999999},{"$f":"EXR25*EXS25","v":9.5749999999999993},"ED-50374",{"$f":"IF(EXX25=\"SINAPI\",VLOOKUP(EXU25,SINAPI,2,0),IF(EXX25=\"SETOP\",VLOOKUP(EXU25,SETOP,3,0),IF(EXX25=\"CPU\",VLOOKUP(EXU25,COMPOSIÇÃO,2,0),VLOOKUP(EXU25,COTAÇÃO,3,0))))","v":"BOMBEIRO/ENCANADOR COM ENCARGOS COMPLEMENTARES"},null,"SETOP",{"$f":"IF(EXX25=\"SINAPI\",VLOOKUP(EXU25,SINAPI,3,0),IF(EXX25=\"SETOP\",VLOOKUP(EXU25,SETOP,4,0),IF(EXX25=\"CPU\",VLOOKUP(EXU25,COMPOSIÇÃO,5,0),VLOOKUP(EXU25,COTAÇÃO,8,0))))","v":"HORA"},0.5,{"$f":"IF(EXX25=\"SINAPI\",VLOOKUP(EXU25,SINAPI,4,0),IF(EXX25=\"SETOP\",VLOOKUP(EXU25,SETOP,5,0),IF(EXX25=\"CPU\",VLOOKUP(EXU25,COMPOSIÇÃO,8,0),VLOOKUP(EXU25,COTAÇÃO,11,0))))","v":19.149999999999999},{"$f":"EXZ25*EYA25","v":9.5749999999999993},"ED-50374",{"$f":"IF(EYF25=\"SINAPI\",VLOOKUP(EYC25,SINAPI,2,0),IF(EYF25=\"SETOP\",VLOOKUP(EYC25,SETOP,3,0),IF(EYF25=\"CPU\",VLOOKUP(EYC25,COMPOSIÇÃO,2,0),VLOOKUP(EYC25,COTAÇÃO,3,0))))","v":"BOMBEIRO/ENCANADOR COM ENCARGOS COMPLEMENTARES"},null,"SETOP",{"$f":"IF(EYF25=\"SINAPI\",VLOOKUP(EYC25,SINAPI,3,0),IF(EYF25=\"SETOP\",VLOOKUP(EYC25,SETOP,4,0),IF(EYF25=\"CPU\",VLOOKUP(EYC25,COMPOSIÇÃO,5,0),VLOOKUP(EYC25,COTAÇÃO,8,0))))","v":"HORA"},0.5,{"$f":"IF(EYF25=\"SINAPI\",VLOOKUP(EYC25,SINAPI,4,0),IF(EYF25=\"SETOP\",VLOOKUP(EYC25,SETOP,5,0),IF(EYF25=\"CPU\",VLOOKUP(EYC25,COMPOSIÇÃO,8,0),VLOOKUP(EYC25,COTAÇÃO,11,0))))","v":19.149999999999999},{"$f":"EYH25*EYI25","v":9.5749999999999993},"ED-50374",{"$f":"IF(EYN25=\"SINAPI\",VLOOKUP(EYK25,SINAPI,2,0),IF(EYN25=\"SETOP\",VLOOKUP(EYK25,SETOP,3,0),IF(EYN25=\"CPU\",VLOOKUP(EYK25,COMPOSIÇÃO,2,0),VLOOKUP(EYK25,COTAÇÃO,3,0))))","v":"BOMBEIRO/ENCANADOR COM ENCARGOS COMPLEMENTARES"},null,"SETOP",{"$f":"IF(EYN25=\"SINAPI\",VLOOKUP(EYK25,SINAPI,3,0),IF(EYN25=\"SETOP\",VLOOKUP(EYK25,SETOP,4,0),IF(EYN25=\"CPU\",VLOOKUP(EYK25,COMPOSIÇÃO,5,0),VLOOKUP(EYK25,COTAÇÃO,8,0))))","v":"HORA"},0.5,{"$f":"IF(EYN25=\"SINAPI\",VLOOKUP(EYK25,SINAPI,4,0),IF(EYN25=\"SETOP\",VLOOKUP(EYK25,SETOP,5,0),IF(EYN25=\"CPU\",VLOOKUP(EYK25,COMPOSIÇÃO,8,0),VLOOKUP(EYK25,COTAÇÃO,11,0))))","v":19.149999999999999},{"$f":"EYP25*EYQ25","v":9.5749999999999993},"ED-50374",{"$f":"IF(EYV25=\"SINAPI\",VLOOKUP(EYS25,SINAPI,2,0),IF(EYV25=\"SETOP\",VLOOKUP(EYS25,SETOP,3,0),IF(EYV25=\"CPU\",VLOOKUP(EYS25,COMPOSIÇÃO,2,0),VLOOKUP(EYS25,COTAÇÃO,3,0))))","v":"BOMBEIRO/ENCANADOR COM ENCARGOS COMPLEMENTARES"},null,"SETOP",{"$f":"IF(EYV25=\"SINAPI\",VLOOKUP(EYS25,SINAPI,3,0),IF(EYV25=\"SETOP\",VLOOKUP(EYS25,SETOP,4,0),IF(EYV25=\"CPU\",VLOOKUP(EYS25,COMPOSIÇÃO,5,0),VLOOKUP(EYS25,COTAÇÃO,8,0))))","v":"HORA"},0.5,{"$f":"IF(EYV25=\"SINAPI\",VLOOKUP(EYS25,SINAPI,4,0),IF(EYV25=\"SETOP\",VLOOKUP(EYS25,SETOP,5,0),IF(EYV25=\"CPU\",VLOOKUP(EYS25,COMPOSIÇÃO,8,0),VLOOKUP(EYS25,COTAÇÃO,11,0))))","v":19.149999999999999},{"$f":"EYX25*EYY25","v":9.5749999999999993},"ED-50374",{"$f":"IF(EZD25=\"SINAPI\",VLOOKUP(EZA25,SINAPI,2,0),IF(EZD25=\"SETOP\",VLOOKUP(EZA25,SETOP,3,0),IF(EZD25=\"CPU\",VLOOKUP(EZA25,COMPOSIÇÃO,2,0),VLOOKUP(EZA25,COTAÇÃO,3,0))))","v":"BOMBEIRO/ENCANADOR COM ENCARGOS COMPLEMENTARES"},null,"SETOP",{"$f":"IF(EZD25=\"SINAPI\",VLOOKUP(EZA25,SINAPI,3,0),IF(EZD25=\"SETOP\",VLOOKUP(EZA25,SETOP,4,0),IF(EZD25=\"CPU\",VLOOKUP(EZA25,COMPOSIÇÃO,5,0),VLOOKUP(EZA25,COTAÇÃO,8,0))))","v":"HORA"},0.5,{"$f":"IF(EZD25=\"SINAPI\",VLOOKUP(EZA25,SINAPI,4,0),IF(EZD25=\"SETOP\",VLOOKUP(EZA25,SETOP,5,0),IF(EZD25=\"CPU\",VLOOKUP(EZA25,COMPOSIÇÃO,8,0),VLOOKUP(EZA25,COTAÇÃO,11,0))))","v":19.149999999999999},{"$f":"EZF25*EZG25","v":9.5749999999999993},"ED-50374",{"$f":"IF(EZL25=\"SINAPI\",VLOOKUP(EZI25,SINAPI,2,0),IF(EZL25=\"SETOP\",VLOOKUP(EZI25,SETOP,3,0),IF(EZL25=\"CPU\",VLOOKUP(EZI25,COMPOSIÇÃO,2,0),VLOOKUP(EZI25,COTAÇÃO,3,0))))","v":"BOMBEIRO/ENCANADOR COM ENCARGOS COMPLEMENTARES"},null,"SETOP",{"$f":"IF(EZL25=\"SINAPI\",VLOOKUP(EZI25,SINAPI,3,0),IF(EZL25=\"SETOP\",VLOOKUP(EZI25,SETOP,4,0),IF(EZL25=\"CPU\",VLOOKUP(EZI25,COMPOSIÇÃO,5,0),VLOOKUP(EZI25,COTAÇÃO,8,0))))","v":"HORA"},0.5,{"$f":"IF(EZL25=\"SINAPI\",VLOOKUP(EZI25,SINAPI,4,0),IF(EZL25=\"SETOP\",VLOOKUP(EZI25,SETOP,5,0),IF(EZL25=\"CPU\",VLOOKUP(EZI25,COMPOSIÇÃO,8,0),VLOOKUP(EZI25,COTAÇÃO,11,0))))","v":19.149999999999999},{"$f":"EZN25*EZO25","v":9.5749999999999993},"ED-50374",{"$f":"IF(EZT25=\"SINAPI\",VLOOKUP(EZQ25,SINAPI,2,0),IF(EZT25=\"SETOP\",VLOOKUP(EZQ25,SETOP,3,0),IF(EZT25=\"CPU\",VLOOKUP(EZQ25,COMPOSIÇÃO,2,0),VLOOKUP(EZQ25,COTAÇÃO,3,0))))","v":"BOMBEIRO/ENCANADOR COM ENCARGOS COMPLEMENTARES"},null,"SETOP",{"$f":"IF(EZT25=\"SINAPI\",VLOOKUP(EZQ25,SINAPI,3,0),IF(EZT25=\"SETOP\",VLOOKUP(EZQ25,SETOP,4,0),IF(EZT25=\"CPU\",VLOOKUP(EZQ25,COMPOSIÇÃO,5,0),VLOOKUP(EZQ25,COTAÇÃO,8,0))))","v":"HORA"},0.5,{"$f":"IF(EZT25=\"SINAPI\",VLOOKUP(EZQ25,SINAPI,4,0),IF(EZT25=\"SETOP\",VLOOKUP(EZQ25,SETOP,5,0),IF(EZT25=\"CPU\",VLOOKUP(EZQ25,COMPOSIÇÃO,8,0),VLOOKUP(EZQ25,COTAÇÃO,11,0))))","v":19.149999999999999},{"$f":"EZV25*EZW25","v":9.5749999999999993},"ED-50374",{"$f":"IF(FAB25=\"SINAPI\",VLOOKUP(EZY25,SINAPI,2,0),IF(FAB25=\"SETOP\",VLOOKUP(EZY25,SETOP,3,0),IF(FAB25=\"CPU\",VLOOKUP(EZY25,COMPOSIÇÃO,2,0),VLOOKUP(EZY25,COTAÇÃO,3,0))))","v":"BOMBEIRO/ENCANADOR COM ENCARGOS COMPLEMENTARES"},null,"SETOP",{"$f":"IF(FAB25=\"SINAPI\",VLOOKUP(EZY25,SINAPI,3,0),IF(FAB25=\"SETOP\",VLOOKUP(EZY25,SETOP,4,0),IF(FAB25=\"CPU\",VLOOKUP(EZY25,COMPOSIÇÃO,5,0),VLOOKUP(EZY25,COTAÇÃO,8,0))))","v":"HORA"},0.5,{"$f":"IF(FAB25=\"SINAPI\",VLOOKUP(EZY25,SINAPI,4,0),IF(FAB25=\"SETOP\",VLOOKUP(EZY25,SETOP,5,0),IF(FAB25=\"CPU\",VLOOKUP(EZY25,COMPOSIÇÃO,8,0),VLOOKUP(EZY25,COTAÇÃO,11,0))))","v":19.149999999999999},{"$f":"FAD25*FAE25","v":9.5749999999999993},"ED-50374",{"$f":"IF(FAJ25=\"SINAPI\",VLOOKUP(FAG25,SINAPI,2,0),IF(FAJ25=\"SETOP\",VLOOKUP(FAG25,SETOP,3,0),IF(FAJ25=\"CPU\",VLOOKUP(FAG25,COMPOSIÇÃO,2,0),VLOOKUP(FAG25,COTAÇÃO,3,0))))","v":"BOMBEIRO/ENCANADOR COM ENCARGOS COMPLEMENTARES"},null,"SETOP",{"$f":"IF(FAJ25=\"SINAPI\",VLOOKUP(FAG25,SINAPI,3,0),IF(FAJ25=\"SETOP\",VLOOKUP(FAG25,SETOP,4,0),IF(FAJ25=\"CPU\",VLOOKUP(FAG25,COMPOSIÇÃO,5,0),VLOOKUP(FAG25,COTAÇÃO,8,0))))","v":"HORA"},0.5,{"$f":"IF(FAJ25=\"SINAPI\",VLOOKUP(FAG25,SINAPI,4,0),IF(FAJ25=\"SETOP\",VLOOKUP(FAG25,SETOP,5,0),IF(FAJ25=\"CPU\",VLOOKUP(FAG25,COMPOSIÇÃO,8,0),VLOOKUP(FAG25,COTAÇÃO,11,0))))","v":19.149999999999999},{"$f":"FAL25*FAM25","v":9.5749999999999993},"ED-50374",{"$f":"IF(FAR25=\"SINAPI\",VLOOKUP(FAO25,SINAPI,2,0),IF(FAR25=\"SETOP\",VLOOKUP(FAO25,SETOP,3,0),IF(FAR25=\"CPU\",VLOOKUP(FAO25,COMPOSIÇÃO,2,0),VLOOKUP(FAO25,COTAÇÃO,3,0))))","v":"BOMBEIRO/ENCANADOR COM ENCARGOS COMPLEMENTARES"},null,"SETOP",{"$f":"IF(FAR25=\"SINAPI\",VLOOKUP(FAO25,SINAPI,3,0),IF(FAR25=\"SETOP\",VLOOKUP(FAO25,SETOP,4,0),IF(FAR25=\"CPU\",VLOOKUP(FAO25,COMPOSIÇÃO,5,0),VLOOKUP(FAO25,COTAÇÃO,8,0))))","v":"HORA"},0.5,{"$f":"IF(FAR25=\"SINAPI\",VLOOKUP(FAO25,SINAPI,4,0),IF(FAR25=\"SETOP\",VLOOKUP(FAO25,SETOP,5,0),IF(FAR25=\"CPU\",VLOOKUP(FAO25,COMPOSIÇÃO,8,0),VLOOKUP(FAO25,COTAÇÃO,11,0))))","v":19.149999999999999},{"$f":"FAT25*FAU25","v":9.5749999999999993},"ED-50374",{"$f":"IF(FAZ25=\"SINAPI\",VLOOKUP(FAW25,SINAPI,2,0),IF(FAZ25=\"SETOP\",VLOOKUP(FAW25,SETOP,3,0),IF(FAZ25=\"CPU\",VLOOKUP(FAW25,COMPOSIÇÃO,2,0),VLOOKUP(FAW25,COTAÇÃO,3,0))))","v":"BOMBEIRO/ENCANADOR COM ENCARGOS COMPLEMENTARES"},null,"SETOP",{"$f":"IF(FAZ25=\"SINAPI\",VLOOKUP(FAW25,SINAPI,3,0),IF(FAZ25=\"SETOP\",VLOOKUP(FAW25,SETOP,4,0),IF(FAZ25=\"CPU\",VLOOKUP(FAW25,COMPOSIÇÃO,5,0),VLOOKUP(FAW25,COTAÇÃO,8,0))))","v":"HORA"},0.5,{"$f":"IF(FAZ25=\"SINAPI\",VLOOKUP(FAW25,SINAPI,4,0),IF(FAZ25=\"SETOP\",VLOOKUP(FAW25,SETOP,5,0),IF(FAZ25=\"CPU\",VLOOKUP(FAW25,COMPOSIÇÃO,8,0),VLOOKUP(FAW25,COTAÇÃO,11,0))))","v":19.149999999999999},{"$f":"FBB25*FBC25","v":9.5749999999999993},"ED-50374",{"$f":"IF(FBH25=\"SINAPI\",VLOOKUP(FBE25,SINAPI,2,0),IF(FBH25=\"SETOP\",VLOOKUP(FBE25,SETOP,3,0),IF(FBH25=\"CPU\",VLOOKUP(FBE25,COMPOSIÇÃO,2,0),VLOOKUP(FBE25,COTAÇÃO,3,0))))","v":"BOMBEIRO/ENCANADOR COM ENCARGOS COMPLEMENTARES"},null,"SETOP",{"$f":"IF(FBH25=\"SINAPI\",VLOOKUP(FBE25,SINAPI,3,0),IF(FBH25=\"SETOP\",VLOOKUP(FBE25,SETOP,4,0),IF(FBH25=\"CPU\",VLOOKUP(FBE25,COMPOSIÇÃO,5,0),VLOOKUP(FBE25,COTAÇÃO,8,0))))","v":"HORA"},0.5,{"$f":"IF(FBH25=\"SINAPI\",VLOOKUP(FBE25,SINAPI,4,0),IF(FBH25=\"SETOP\",VLOOKUP(FBE25,SETOP,5,0),IF(FBH25=\"CPU\",VLOOKUP(FBE25,COMPOSIÇÃO,8,0),VLOOKUP(FBE25,COTAÇÃO,11,0))))","v":19.149999999999999},{"$f":"FBJ25*FBK25","v":9.5749999999999993},"ED-50374",{"$f":"IF(FBP25=\"SINAPI\",VLOOKUP(FBM25,SINAPI,2,0),IF(FBP25=\"SETOP\",VLOOKUP(FBM25,SETOP,3,0),IF(FBP25=\"CPU\",VLOOKUP(FBM25,COMPOSIÇÃO,2,0),VLOOKUP(FBM25,COTAÇÃO,3,0))))","v":"BOMBEIRO/ENCANADOR COM ENCARGOS COMPLEMENTARES"},null,"SETOP",{"$f":"IF(FBP25=\"SINAPI\",VLOOKUP(FBM25,SINAPI,3,0),IF(FBP25=\"SETOP\",VLOOKUP(FBM25,SETOP,4,0),IF(FBP25=\"CPU\",VLOOKUP(FBM25,COMPOSIÇÃO,5,0),VLOOKUP(FBM25,COTAÇÃO,8,0))))","v":"HORA"},0.5,{"$f":"IF(FBP25=\"SINAPI\",VLOOKUP(FBM25,SINAPI,4,0),IF(FBP25=\"SETOP\",VLOOKUP(FBM25,SETOP,5,0),IF(FBP25=\"CPU\",VLOOKUP(FBM25,COMPOSIÇÃO,8,0),VLOOKUP(FBM25,COTAÇÃO,11,0))))","v":19.149999999999999},{"$f":"FBR25*FBS25","v":9.5749999999999993},"ED-50374",{"$f":"IF(FBX25=\"SINAPI\",VLOOKUP(FBU25,SINAPI,2,0),IF(FBX25=\"SETOP\",VLOOKUP(FBU25,SETOP,3,0),IF(FBX25=\"CPU\",VLOOKUP(FBU25,COMPOSIÇÃO,2,0),VLOOKUP(FBU25,COTAÇÃO,3,0))))","v":"BOMBEIRO/ENCANADOR COM ENCARGOS COMPLEMENTARES"},null,"SETOP",{"$f":"IF(FBX25=\"SINAPI\",VLOOKUP(FBU25,SINAPI,3,0),IF(FBX25=\"SETOP\",VLOOKUP(FBU25,SETOP,4,0),IF(FBX25=\"CPU\",VLOOKUP(FBU25,COMPOSIÇÃO,5,0),VLOOKUP(FBU25,COTAÇÃO,8,0))))","v":"HORA"},0.5,{"$f":"IF(FBX25=\"SINAPI\",VLOOKUP(FBU25,SINAPI,4,0),IF(FBX25=\"SETOP\",VLOOKUP(FBU25,SETOP,5,0),IF(FBX25=\"CPU\",VLOOKUP(FBU25,COMPOSIÇÃO,8,0),VLOOKUP(FBU25,COTAÇÃO,11,0))))","v":19.149999999999999},{"$f":"FBZ25*FCA25","v":9.5749999999999993},"ED-50374",{"$f":"IF(FCF25=\"SINAPI\",VLOOKUP(FCC25,SINAPI,2,0),IF(FCF25=\"SETOP\",VLOOKUP(FCC25,SETOP,3,0),IF(FCF25=\"CPU\",VLOOKUP(FCC25,COMPOSIÇÃO,2,0),VLOOKUP(FCC25,COTAÇÃO,3,0))))","v":"BOMBEIRO/ENCANADOR COM ENCARGOS COMPLEMENTARES"},null,"SETOP",{"$f":"IF(FCF25=\"SINAPI\",VLOOKUP(FCC25,SINAPI,3,0),IF(FCF25=\"SETOP\",VLOOKUP(FCC25,SETOP,4,0),IF(FCF25=\"CPU\",VLOOKUP(FCC25,COMPOSIÇÃO,5,0),VLOOKUP(FCC25,COTAÇÃO,8,0))))","v":"HORA"},0.5,{"$f":"IF(FCF25=\"SINAPI\",VLOOKUP(FCC25,SINAPI,4,0),IF(FCF25=\"SETOP\",VLOOKUP(FCC25,SETOP,5,0),IF(FCF25=\"CPU\",VLOOKUP(FCC25,COMPOSIÇÃO,8,0),VLOOKUP(FCC25,COTAÇÃO,11,0))))","v":19.149999999999999},{"$f":"FCH25*FCI25","v":9.5749999999999993},"ED-50374",{"$f":"IF(FCN25=\"SINAPI\",VLOOKUP(FCK25,SINAPI,2,0),IF(FCN25=\"SETOP\",VLOOKUP(FCK25,SETOP,3,0),IF(FCN25=\"CPU\",VLOOKUP(FCK25,COMPOSIÇÃO,2,0),VLOOKUP(FCK25,COTAÇÃO,3,0))))","v":"BOMBEIRO/ENCANADOR COM ENCARGOS COMPLEMENTARES"},null,"SETOP",{"$f":"IF(FCN25=\"SINAPI\",VLOOKUP(FCK25,SINAPI,3,0),IF(FCN25=\"SETOP\",VLOOKUP(FCK25,SETOP,4,0),IF(FCN25=\"CPU\",VLOOKUP(FCK25,COMPOSIÇÃO,5,0),VLOOKUP(FCK25,COTAÇÃO,8,0))))","v":"HORA"},0.5,{"$f":"IF(FCN25=\"SINAPI\",VLOOKUP(FCK25,SINAPI,4,0),IF(FCN25=\"SETOP\",VLOOKUP(FCK25,SETOP,5,0),IF(FCN25=\"CPU\",VLOOKUP(FCK25,COMPOSIÇÃO,8,0),VLOOKUP(FCK25,COTAÇÃO,11,0))))","v":19.149999999999999},{"$f":"FCP25*FCQ25","v":9.5749999999999993},"ED-50374",{"$f":"IF(FCV25=\"SINAPI\",VLOOKUP(FCS25,SINAPI,2,0),IF(FCV25=\"SETOP\",VLOOKUP(FCS25,SETOP,3,0),IF(FCV25=\"CPU\",VLOOKUP(FCS25,COMPOSIÇÃO,2,0),VLOOKUP(FCS25,COTAÇÃO,3,0))))","v":"BOMBEIRO/ENCANADOR COM ENCARGOS COMPLEMENTARES"},null,"SETOP",{"$f":"IF(FCV25=\"SINAPI\",VLOOKUP(FCS25,SINAPI,3,0),IF(FCV25=\"SETOP\",VLOOKUP(FCS25,SETOP,4,0),IF(FCV25=\"CPU\",VLOOKUP(FCS25,COMPOSIÇÃO,5,0),VLOOKUP(FCS25,COTAÇÃO,8,0))))","v":"HORA"},0.5,{"$f":"IF(FCV25=\"SINAPI\",VLOOKUP(FCS25,SINAPI,4,0),IF(FCV25=\"SETOP\",VLOOKUP(FCS25,SETOP,5,0),IF(FCV25=\"CPU\",VLOOKUP(FCS25,COMPOSIÇÃO,8,0),VLOOKUP(FCS25,COTAÇÃO,11,0))))","v":19.149999999999999},{"$f":"FCX25*FCY25","v":9.5749999999999993},"ED-50374",{"$f":"IF(FDD25=\"SINAPI\",VLOOKUP(FDA25,SINAPI,2,0),IF(FDD25=\"SETOP\",VLOOKUP(FDA25,SETOP,3,0),IF(FDD25=\"CPU\",VLOOKUP(FDA25,COMPOSIÇÃO,2,0),VLOOKUP(FDA25,COTAÇÃO,3,0))))","v":"BOMBEIRO/ENCANADOR COM ENCARGOS COMPLEMENTARES"},null,"SETOP",{"$f":"IF(FDD25=\"SINAPI\",VLOOKUP(FDA25,SINAPI,3,0),IF(FDD25=\"SETOP\",VLOOKUP(FDA25,SETOP,4,0),IF(FDD25=\"CPU\",VLOOKUP(FDA25,COMPOSIÇÃO,5,0),VLOOKUP(FDA25,COTAÇÃO,8,0))))","v":"HORA"},0.5,{"$f":"IF(FDD25=\"SINAPI\",VLOOKUP(FDA25,SINAPI,4,0),IF(FDD25=\"SETOP\",VLOOKUP(FDA25,SETOP,5,0),IF(FDD25=\"CPU\",VLOOKUP(FDA25,COMPOSIÇÃO,8,0),VLOOKUP(FDA25,COTAÇÃO,11,0))))","v":19.149999999999999},{"$f":"FDF25*FDG25","v":9.5749999999999993},"ED-50374",{"$f":"IF(FDL25=\"SINAPI\",VLOOKUP(FDI25,SINAPI,2,0),IF(FDL25=\"SETOP\",VLOOKUP(FDI25,SETOP,3,0),IF(FDL25=\"CPU\",VLOOKUP(FDI25,COMPOSIÇÃO,2,0),VLOOKUP(FDI25,COTAÇÃO,3,0))))","v":"BOMBEIRO/ENCANADOR COM ENCARGOS COMPLEMENTARES"},null,"SETOP",{"$f":"IF(FDL25=\"SINAPI\",VLOOKUP(FDI25,SINAPI,3,0),IF(FDL25=\"SETOP\",VLOOKUP(FDI25,SETOP,4,0),IF(FDL25=\"CPU\",VLOOKUP(FDI25,COMPOSIÇÃO,5,0),VLOOKUP(FDI25,COTAÇÃO,8,0))))","v":"HORA"},0.5,{"$f":"IF(FDL25=\"SINAPI\",VLOOKUP(FDI25,SINAPI,4,0),IF(FDL25=\"SETOP\",VLOOKUP(FDI25,SETOP,5,0),IF(FDL25=\"CPU\",VLOOKUP(FDI25,COMPOSIÇÃO,8,0),VLOOKUP(FDI25,COTAÇÃO,11,0))))","v":19.149999999999999},{"$f":"FDN25*FDO25","v":9.5749999999999993},"ED-50374",{"$f":"IF(FDT25=\"SINAPI\",VLOOKUP(FDQ25,SINAPI,2,0),IF(FDT25=\"SETOP\",VLOOKUP(FDQ25,SETOP,3,0),IF(FDT25=\"CPU\",VLOOKUP(FDQ25,COMPOSIÇÃO,2,0),VLOOKUP(FDQ25,COTAÇÃO,3,0))))","v":"BOMBEIRO/ENCANADOR COM ENCARGOS COMPLEMENTARES"},null,"SETOP",{"$f":"IF(FDT25=\"SINAPI\",VLOOKUP(FDQ25,SINAPI,3,0),IF(FDT25=\"SETOP\",VLOOKUP(FDQ25,SETOP,4,0),IF(FDT25=\"CPU\",VLOOKUP(FDQ25,COMPOSIÇÃO,5,0),VLOOKUP(FDQ25,COTAÇÃO,8,0))))","v":"HORA"},0.5,{"$f":"IF(FDT25=\"SINAPI\",VLOOKUP(FDQ25,SINAPI,4,0),IF(FDT25=\"SETOP\",VLOOKUP(FDQ25,SETOP,5,0),IF(FDT25=\"CPU\",VLOOKUP(FDQ25,COMPOSIÇÃO,8,0),VLOOKUP(FDQ25,COTAÇÃO,11,0))))","v":19.149999999999999},{"$f":"FDV25*FDW25","v":9.5749999999999993},"ED-50374",{"$f":"IF(FEB25=\"SINAPI\",VLOOKUP(FDY25,SINAPI,2,0),IF(FEB25=\"SETOP\",VLOOKUP(FDY25,SETOP,3,0),IF(FEB25=\"CPU\",VLOOKUP(FDY25,COMPOSIÇÃO,2,0),VLOOKUP(FDY25,COTAÇÃO,3,0))))","v":"BOMBEIRO/ENCANADOR COM ENCARGOS COMPLEMENTARES"},null,"SETOP",{"$f":"IF(FEB25=\"SINAPI\",VLOOKUP(FDY25,SINAPI,3,0),IF(FEB25=\"SETOP\",VLOOKUP(FDY25,SETOP,4,0),IF(FEB25=\"CPU\",VLOOKUP(FDY25,COMPOSIÇÃO,5,0),VLOOKUP(FDY25,COTAÇÃO,8,0))))","v":"HORA"},0.5,{"$f":"IF(FEB25=\"SINAPI\",VLOOKUP(FDY25,SINAPI,4,0),IF(FEB25=\"SETOP\",VLOOKUP(FDY25,SETOP,5,0),IF(FEB25=\"CPU\",VLOOKUP(FDY25,COMPOSIÇÃO,8,0),VLOOKUP(FDY25,COTAÇÃO,11,0))))","v":19.149999999999999},{"$f":"FED25*FEE25","v":9.5749999999999993},"ED-50374",{"$f":"IF(FEJ25=\"SINAPI\",VLOOKUP(FEG25,SINAPI,2,0),IF(FEJ25=\"SETOP\",VLOOKUP(FEG25,SETOP,3,0),IF(FEJ25=\"CPU\",VLOOKUP(FEG25,COMPOSIÇÃO,2,0),VLOOKUP(FEG25,COTAÇÃO,3,0))))","v":"BOMBEIRO/ENCANADOR COM ENCARGOS COMPLEMENTARES"},null,"SETOP",{"$f":"IF(FEJ25=\"SINAPI\",VLOOKUP(FEG25,SINAPI,3,0),IF(FEJ25=\"SETOP\",VLOOKUP(FEG25,SETOP,4,0),IF(FEJ25=\"CPU\",VLOOKUP(FEG25,COMPOSIÇÃO,5,0),VLOOKUP(FEG25,COTAÇÃO,8,0))))","v":"HORA"},0.5,{"$f":"IF(FEJ25=\"SINAPI\",VLOOKUP(FEG25,SINAPI,4,0),IF(FEJ25=\"SETOP\",VLOOKUP(FEG25,SETOP,5,0),IF(FEJ25=\"CPU\",VLOOKUP(FEG25,COMPOSIÇÃO,8,0),VLOOKUP(FEG25,COTAÇÃO,11,0))))","v":19.149999999999999},{"$f":"FEL25*FEM25","v":9.5749999999999993},"ED-50374",{"$f":"IF(FER25=\"SINAPI\",VLOOKUP(FEO25,SINAPI,2,0),IF(FER25=\"SETOP\",VLOOKUP(FEO25,SETOP,3,0),IF(FER25=\"CPU\",VLOOKUP(FEO25,COMPOSIÇÃO,2,0),VLOOKUP(FEO25,COTAÇÃO,3,0))))","v":"BOMBEIRO/ENCANADOR COM ENCARGOS COMPLEMENTARES"},null,"SETOP",{"$f":"IF(FER25=\"SINAPI\",VLOOKUP(FEO25,SINAPI,3,0),IF(FER25=\"SETOP\",VLOOKUP(FEO25,SETOP,4,0),IF(FER25=\"CPU\",VLOOKUP(FEO25,COMPOSIÇÃO,5,0),VLOOKUP(FEO25,COTAÇÃO,8,0))))","v":"HORA"},0.5,{"$f":"IF(FER25=\"SINAPI\",VLOOKUP(FEO25,SINAPI,4,0),IF(FER25=\"SETOP\",VLOOKUP(FEO25,SETOP,5,0),IF(FER25=\"CPU\",VLOOKUP(FEO25,COMPOSIÇÃO,8,0),VLOOKUP(FEO25,COTAÇÃO,11,0))))","v":19.149999999999999},{"$f":"FET25*FEU25","v":9.5749999999999993},"ED-50374",{"$f":"IF(FEZ25=\"SINAPI\",VLOOKUP(FEW25,SINAPI,2,0),IF(FEZ25=\"SETOP\",VLOOKUP(FEW25,SETOP,3,0),IF(FEZ25=\"CPU\",VLOOKUP(FEW25,COMPOSIÇÃO,2,0),VLOOKUP(FEW25,COTAÇÃO,3,0))))","v":"BOMBEIRO/ENCANADOR COM ENCARGOS COMPLEMENTARES"},null,"SETOP",{"$f":"IF(FEZ25=\"SINAPI\",VLOOKUP(FEW25,SINAPI,3,0),IF(FEZ25=\"SETOP\",VLOOKUP(FEW25,SETOP,4,0),IF(FEZ25=\"CPU\",VLOOKUP(FEW25,COMPOSIÇÃO,5,0),VLOOKUP(FEW25,COTAÇÃO,8,0))))","v":"HORA"},0.5,{"$f":"IF(FEZ25=\"SINAPI\",VLOOKUP(FEW25,SINAPI,4,0),IF(FEZ25=\"SETOP\",VLOOKUP(FEW25,SETOP,5,0),IF(FEZ25=\"CPU\",VLOOKUP(FEW25,COMPOSIÇÃO,8,0),VLOOKUP(FEW25,COTAÇÃO,11,0))))","v":19.149999999999999},{"$f":"FFB25*FFC25","v":9.5749999999999993},"ED-50374",{"$f":"IF(FFH25=\"SINAPI\",VLOOKUP(FFE25,SINAPI,2,0),IF(FFH25=\"SETOP\",VLOOKUP(FFE25,SETOP,3,0),IF(FFH25=\"CPU\",VLOOKUP(FFE25,COMPOSIÇÃO,2,0),VLOOKUP(FFE25,COTAÇÃO,3,0))))","v":"BOMBEIRO/ENCANADOR COM ENCARGOS COMPLEMENTARES"},null,"SETOP",{"$f":"IF(FFH25=\"SINAPI\",VLOOKUP(FFE25,SINAPI,3,0),IF(FFH25=\"SETOP\",VLOOKUP(FFE25,SETOP,4,0),IF(FFH25=\"CPU\",VLOOKUP(FFE25,COMPOSIÇÃO,5,0),VLOOKUP(FFE25,COTAÇÃO,8,0))))","v":"HORA"},0.5,{"$f":"IF(FFH25=\"SINAPI\",VLOOKUP(FFE25,SINAPI,4,0),IF(FFH25=\"SETOP\",VLOOKUP(FFE25,SETOP,5,0),IF(FFH25=\"CPU\",VLOOKUP(FFE25,COMPOSIÇÃO,8,0),VLOOKUP(FFE25,COTAÇÃO,11,0))))","v":19.149999999999999},{"$f":"FFJ25*FFK25","v":9.5749999999999993},"ED-50374",{"$f":"IF(FFP25=\"SINAPI\",VLOOKUP(FFM25,SINAPI,2,0),IF(FFP25=\"SETOP\",VLOOKUP(FFM25,SETOP,3,0),IF(FFP25=\"CPU\",VLOOKUP(FFM25,COMPOSIÇÃO,2,0),VLOOKUP(FFM25,COTAÇÃO,3,0))))","v":"BOMBEIRO/ENCANADOR COM ENCARGOS COMPLEMENTARES"},null,"SETOP",{"$f":"IF(FFP25=\"SINAPI\",VLOOKUP(FFM25,SINAPI,3,0),IF(FFP25=\"SETOP\",VLOOKUP(FFM25,SETOP,4,0),IF(FFP25=\"CPU\",VLOOKUP(FFM25,COMPOSIÇÃO,5,0),VLOOKUP(FFM25,COTAÇÃO,8,0))))","v":"HORA"},0.5,{"$f":"IF(FFP25=\"SINAPI\",VLOOKUP(FFM25,SINAPI,4,0),IF(FFP25=\"SETOP\",VLOOKUP(FFM25,SETOP,5,0),IF(FFP25=\"CPU\",VLOOKUP(FFM25,COMPOSIÇÃO,8,0),VLOOKUP(FFM25,COTAÇÃO,11,0))))","v":19.149999999999999},{"$f":"FFR25*FFS25","v":9.5749999999999993},"ED-50374",{"$f":"IF(FFX25=\"SINAPI\",VLOOKUP(FFU25,SINAPI,2,0),IF(FFX25=\"SETOP\",VLOOKUP(FFU25,SETOP,3,0),IF(FFX25=\"CPU\",VLOOKUP(FFU25,COMPOSIÇÃO,2,0),VLOOKUP(FFU25,COTAÇÃO,3,0))))","v":"BOMBEIRO/ENCANADOR COM ENCARGOS COMPLEMENTARES"},null,"SETOP",{"$f":"IF(FFX25=\"SINAPI\",VLOOKUP(FFU25,SINAPI,3,0),IF(FFX25=\"SETOP\",VLOOKUP(FFU25,SETOP,4,0),IF(FFX25=\"CPU\",VLOOKUP(FFU25,COMPOSIÇÃO,5,0),VLOOKUP(FFU25,COTAÇÃO,8,0))))","v":"HORA"},0.5,{"$f":"IF(FFX25=\"SINAPI\",VLOOKUP(FFU25,SINAPI,4,0),IF(FFX25=\"SETOP\",VLOOKUP(FFU25,SETOP,5,0),IF(FFX25=\"CPU\",VLOOKUP(FFU25,COMPOSIÇÃO,8,0),VLOOKUP(FFU25,COTAÇÃO,11,0))))","v":19.149999999999999},{"$f":"FFZ25*FGA25","v":9.5749999999999993},"ED-50374",{"$f":"IF(FGF25=\"SINAPI\",VLOOKUP(FGC25,SINAPI,2,0),IF(FGF25=\"SETOP\",VLOOKUP(FGC25,SETOP,3,0),IF(FGF25=\"CPU\",VLOOKUP(FGC25,COMPOSIÇÃO,2,0),VLOOKUP(FGC25,COTAÇÃO,3,0))))","v":"BOMBEIRO/ENCANADOR COM ENCARGOS COMPLEMENTARES"},null,"SETOP",{"$f":"IF(FGF25=\"SINAPI\",VLOOKUP(FGC25,SINAPI,3,0),IF(FGF25=\"SETOP\",VLOOKUP(FGC25,SETOP,4,0),IF(FGF25=\"CPU\",VLOOKUP(FGC25,COMPOSIÇÃO,5,0),VLOOKUP(FGC25,COTAÇÃO,8,0))))","v":"HORA"},0.5,{"$f":"IF(FGF25=\"SINAPI\",VLOOKUP(FGC25,SINAPI,4,0),IF(FGF25=\"SETOP\",VLOOKUP(FGC25,SETOP,5,0),IF(FGF25=\"CPU\",VLOOKUP(FGC25,COMPOSIÇÃO,8,0),VLOOKUP(FGC25,COTAÇÃO,11,0))))","v":19.149999999999999},{"$f":"FGH25*FGI25","v":9.5749999999999993},"ED-50374",{"$f":"IF(FGN25=\"SINAPI\",VLOOKUP(FGK25,SINAPI,2,0),IF(FGN25=\"SETOP\",VLOOKUP(FGK25,SETOP,3,0),IF(FGN25=\"CPU\",VLOOKUP(FGK25,COMPOSIÇÃO,2,0),VLOOKUP(FGK25,COTAÇÃO,3,0))))","v":"BOMBEIRO/ENCANADOR COM ENCARGOS COMPLEMENTARES"},null,"SETOP",{"$f":"IF(FGN25=\"SINAPI\",VLOOKUP(FGK25,SINAPI,3,0),IF(FGN25=\"SETOP\",VLOOKUP(FGK25,SETOP,4,0),IF(FGN25=\"CPU\",VLOOKUP(FGK25,COMPOSIÇÃO,5,0),VLOOKUP(FGK25,COTAÇÃO,8,0))))","v":"HORA"},0.5,{"$f":"IF(FGN25=\"SINAPI\",VLOOKUP(FGK25,SINAPI,4,0),IF(FGN25=\"SETOP\",VLOOKUP(FGK25,SETOP,5,0),IF(FGN25=\"CPU\",VLOOKUP(FGK25,COMPOSIÇÃO,8,0),VLOOKUP(FGK25,COTAÇÃO,11,0))))","v":19.149999999999999},{"$f":"FGP25*FGQ25","v":9.5749999999999993},"ED-50374",{"$f":"IF(FGV25=\"SINAPI\",VLOOKUP(FGS25,SINAPI,2,0),IF(FGV25=\"SETOP\",VLOOKUP(FGS25,SETOP,3,0),IF(FGV25=\"CPU\",VLOOKUP(FGS25,COMPOSIÇÃO,2,0),VLOOKUP(FGS25,COTAÇÃO,3,0))))","v":"BOMBEIRO/ENCANADOR COM ENCARGOS COMPLEMENTARES"},null,"SETOP",{"$f":"IF(FGV25=\"SINAPI\",VLOOKUP(FGS25,SINAPI,3,0),IF(FGV25=\"SETOP\",VLOOKUP(FGS25,SETOP,4,0),IF(FGV25=\"CPU\",VLOOKUP(FGS25,COMPOSIÇÃO,5,0),VLOOKUP(FGS25,COTAÇÃO,8,0))))","v":"HORA"},0.5,{"$f":"IF(FGV25=\"SINAPI\",VLOOKUP(FGS25,SINAPI,4,0),IF(FGV25=\"SETOP\",VLOOKUP(FGS25,SETOP,5,0),IF(FGV25=\"CPU\",VLOOKUP(FGS25,COMPOSIÇÃO,8,0),VLOOKUP(FGS25,COTAÇÃO,11,0))))","v":19.149999999999999},{"$f":"FGX25*FGY25","v":9.5749999999999993},"ED-50374",{"$f":"IF(FHD25=\"SINAPI\",VLOOKUP(FHA25,SINAPI,2,0),IF(FHD25=\"SETOP\",VLOOKUP(FHA25,SETOP,3,0),IF(FHD25=\"CPU\",VLOOKUP(FHA25,COMPOSIÇÃO,2,0),VLOOKUP(FHA25,COTAÇÃO,3,0))))","v":"BOMBEIRO/ENCANADOR COM ENCARGOS COMPLEMENTARES"},null,"SETOP",{"$f":"IF(FHD25=\"SINAPI\",VLOOKUP(FHA25,SINAPI,3,0),IF(FHD25=\"SETOP\",VLOOKUP(FHA25,SETOP,4,0),IF(FHD25=\"CPU\",VLOOKUP(FHA25,COMPOSIÇÃO,5,0),VLOOKUP(FHA25,COTAÇÃO,8,0))))","v":"HORA"},0.5,{"$f":"IF(FHD25=\"SINAPI\",VLOOKUP(FHA25,SINAPI,4,0),IF(FHD25=\"SETOP\",VLOOKUP(FHA25,SETOP,5,0),IF(FHD25=\"CPU\",VLOOKUP(FHA25,COMPOSIÇÃO,8,0),VLOOKUP(FHA25,COTAÇÃO,11,0))))","v":19.149999999999999},{"$f":"FHF25*FHG25","v":9.5749999999999993},"ED-50374",{"$f":"IF(FHL25=\"SINAPI\",VLOOKUP(FHI25,SINAPI,2,0),IF(FHL25=\"SETOP\",VLOOKUP(FHI25,SETOP,3,0),IF(FHL25=\"CPU\",VLOOKUP(FHI25,COMPOSIÇÃO,2,0),VLOOKUP(FHI25,COTAÇÃO,3,0))))","v":"BOMBEIRO/ENCANADOR COM ENCARGOS COMPLEMENTARES"},null,"SETOP",{"$f":"IF(FHL25=\"SINAPI\",VLOOKUP(FHI25,SINAPI,3,0),IF(FHL25=\"SETOP\",VLOOKUP(FHI25,SETOP,4,0),IF(FHL25=\"CPU\",VLOOKUP(FHI25,COMPOSIÇÃO,5,0),VLOOKUP(FHI25,COTAÇÃO,8,0))))","v":"HORA"},0.5,{"$f":"IF(FHL25=\"SINAPI\",VLOOKUP(FHI25,SINAPI,4,0),IF(FHL25=\"SETOP\",VLOOKUP(FHI25,SETOP,5,0),IF(FHL25=\"CPU\",VLOOKUP(FHI25,COMPOSIÇÃO,8,0),VLOOKUP(FHI25,COTAÇÃO,11,0))))","v":19.149999999999999},{"$f":"FHN25*FHO25","v":9.5749999999999993},"ED-50374",{"$f":"IF(FHT25=\"SINAPI\",VLOOKUP(FHQ25,SINAPI,2,0),IF(FHT25=\"SETOP\",VLOOKUP(FHQ25,SETOP,3,0),IF(FHT25=\"CPU\",VLOOKUP(FHQ25,COMPOSIÇÃO,2,0),VLOOKUP(FHQ25,COTAÇÃO,3,0))))","v":"BOMBEIRO/ENCANADOR COM ENCARGOS COMPLEMENTARES"},null,"SETOP",{"$f":"IF(FHT25=\"SINAPI\",VLOOKUP(FHQ25,SINAPI,3,0),IF(FHT25=\"SETOP\",VLOOKUP(FHQ25,SETOP,4,0),IF(FHT25=\"CPU\",VLOOKUP(FHQ25,COMPOSIÇÃO,5,0),VLOOKUP(FHQ25,COTAÇÃO,8,0))))","v":"HORA"},0.5,{"$f":"IF(FHT25=\"SINAPI\",VLOOKUP(FHQ25,SINAPI,4,0),IF(FHT25=\"SETOP\",VLOOKUP(FHQ25,SETOP,5,0),IF(FHT25=\"CPU\",VLOOKUP(FHQ25,COMPOSIÇÃO,8,0),VLOOKUP(FHQ25,COTAÇÃO,11,0))))","v":19.149999999999999},{"$f":"FHV25*FHW25","v":9.5749999999999993},"ED-50374",{"$f":"IF(FIB25=\"SINAPI\",VLOOKUP(FHY25,SINAPI,2,0),IF(FIB25=\"SETOP\",VLOOKUP(FHY25,SETOP,3,0),IF(FIB25=\"CPU\",VLOOKUP(FHY25,COMPOSIÇÃO,2,0),VLOOKUP(FHY25,COTAÇÃO,3,0))))","v":"BOMBEIRO/ENCANADOR COM ENCARGOS COMPLEMENTARES"},null,"SETOP",{"$f":"IF(FIB25=\"SINAPI\",VLOOKUP(FHY25,SINAPI,3,0),IF(FIB25=\"SETOP\",VLOOKUP(FHY25,SETOP,4,0),IF(FIB25=\"CPU\",VLOOKUP(FHY25,COMPOSIÇÃO,5,0),VLOOKUP(FHY25,COTAÇÃO,8,0))))","v":"HORA"},0.5,{"$f":"IF(FIB25=\"SINAPI\",VLOOKUP(FHY25,SINAPI,4,0),IF(FIB25=\"SETOP\",VLOOKUP(FHY25,SETOP,5,0),IF(FIB25=\"CPU\",VLOOKUP(FHY25,COMPOSIÇÃO,8,0),VLOOKUP(FHY25,COTAÇÃO,11,0))))","v":19.149999999999999},{"$f":"FID25*FIE25","v":9.5749999999999993},"ED-50374",{"$f":"IF(FIJ25=\"SINAPI\",VLOOKUP(FIG25,SINAPI,2,0),IF(FIJ25=\"SETOP\",VLOOKUP(FIG25,SETOP,3,0),IF(FIJ25=\"CPU\",VLOOKUP(FIG25,COMPOSIÇÃO,2,0),VLOOKUP(FIG25,COTAÇÃO,3,0))))","v":"BOMBEIRO/ENCANADOR COM ENCARGOS COMPLEMENTARES"},null,"SETOP",{"$f":"IF(FIJ25=\"SINAPI\",VLOOKUP(FIG25,SINAPI,3,0),IF(FIJ25=\"SETOP\",VLOOKUP(FIG25,SETOP,4,0),IF(FIJ25=\"CPU\",VLOOKUP(FIG25,COMPOSIÇÃO,5,0),VLOOKUP(FIG25,COTAÇÃO,8,0))))","v":"HORA"},0.5,{"$f":"IF(FIJ25=\"SINAPI\",VLOOKUP(FIG25,SINAPI,4,0),IF(FIJ25=\"SETOP\",VLOOKUP(FIG25,SETOP,5,0),IF(FIJ25=\"CPU\",VLOOKUP(FIG25,COMPOSIÇÃO,8,0),VLOOKUP(FIG25,COTAÇÃO,11,0))))","v":19.149999999999999},{"$f":"FIL25*FIM25","v":9.5749999999999993},"ED-50374",{"$f":"IF(FIR25=\"SINAPI\",VLOOKUP(FIO25,SINAPI,2,0),IF(FIR25=\"SETOP\",VLOOKUP(FIO25,SETOP,3,0),IF(FIR25=\"CPU\",VLOOKUP(FIO25,COMPOSIÇÃO,2,0),VLOOKUP(FIO25,COTAÇÃO,3,0))))","v":"BOMBEIRO/ENCANADOR COM ENCARGOS COMPLEMENTARES"},null,"SETOP",{"$f":"IF(FIR25=\"SINAPI\",VLOOKUP(FIO25,SINAPI,3,0),IF(FIR25=\"SETOP\",VLOOKUP(FIO25,SETOP,4,0),IF(FIR25=\"CPU\",VLOOKUP(FIO25,COMPOSIÇÃO,5,0),VLOOKUP(FIO25,COTAÇÃO,8,0))))","v":"HORA"},0.5,{"$f":"IF(FIR25=\"SINAPI\",VLOOKUP(FIO25,SINAPI,4,0),IF(FIR25=\"SETOP\",VLOOKUP(FIO25,SETOP,5,0),IF(FIR25=\"CPU\",VLOOKUP(FIO25,COMPOSIÇÃO,8,0),VLOOKUP(FIO25,COTAÇÃO,11,0))))","v":19.149999999999999},{"$f":"FIT25*FIU25","v":9.5749999999999993},"ED-50374",{"$f":"IF(FIZ25=\"SINAPI\",VLOOKUP(FIW25,SINAPI,2,0),IF(FIZ25=\"SETOP\",VLOOKUP(FIW25,SETOP,3,0),IF(FIZ25=\"CPU\",VLOOKUP(FIW25,COMPOSIÇÃO,2,0),VLOOKUP(FIW25,COTAÇÃO,3,0))))","v":"BOMBEIRO/ENCANADOR COM ENCARGOS COMPLEMENTARES"},null,"SETOP",{"$f":"IF(FIZ25=\"SINAPI\",VLOOKUP(FIW25,SINAPI,3,0),IF(FIZ25=\"SETOP\",VLOOKUP(FIW25,SETOP,4,0),IF(FIZ25=\"CPU\",VLOOKUP(FIW25,COMPOSIÇÃO,5,0),VLOOKUP(FIW25,COTAÇÃO,8,0))))","v":"HORA"},0.5,{"$f":"IF(FIZ25=\"SINAPI\",VLOOKUP(FIW25,SINAPI,4,0),IF(FIZ25=\"SETOP\",VLOOKUP(FIW25,SETOP,5,0),IF(FIZ25=\"CPU\",VLOOKUP(FIW25,COMPOSIÇÃO,8,0),VLOOKUP(FIW25,COTAÇÃO,11,0))))","v":19.149999999999999},{"$f":"FJB25*FJC25","v":9.5749999999999993},"ED-50374",{"$f":"IF(FJH25=\"SINAPI\",VLOOKUP(FJE25,SINAPI,2,0),IF(FJH25=\"SETOP\",VLOOKUP(FJE25,SETOP,3,0),IF(FJH25=\"CPU\",VLOOKUP(FJE25,COMPOSIÇÃO,2,0),VLOOKUP(FJE25,COTAÇÃO,3,0))))","v":"BOMBEIRO/ENCANADOR COM ENCARGOS COMPLEMENTARES"},null,"SETOP",{"$f":"IF(FJH25=\"SINAPI\",VLOOKUP(FJE25,SINAPI,3,0),IF(FJH25=\"SETOP\",VLOOKUP(FJE25,SETOP,4,0),IF(FJH25=\"CPU\",VLOOKUP(FJE25,COMPOSIÇÃO,5,0),VLOOKUP(FJE25,COTAÇÃO,8,0))))","v":"HORA"},0.5,{"$f":"IF(FJH25=\"SINAPI\",VLOOKUP(FJE25,SINAPI,4,0),IF(FJH25=\"SETOP\",VLOOKUP(FJE25,SETOP,5,0),IF(FJH25=\"CPU\",VLOOKUP(FJE25,COMPOSIÇÃO,8,0),VLOOKUP(FJE25,COTAÇÃO,11,0))))","v":19.149999999999999},{"$f":"FJJ25*FJK25","v":9.5749999999999993},"ED-50374",{"$f":"IF(FJP25=\"SINAPI\",VLOOKUP(FJM25,SINAPI,2,0),IF(FJP25=\"SETOP\",VLOOKUP(FJM25,SETOP,3,0),IF(FJP25=\"CPU\",VLOOKUP(FJM25,COMPOSIÇÃO,2,0),VLOOKUP(FJM25,COTAÇÃO,3,0))))","v":"BOMBEIRO/ENCANADOR COM ENCARGOS COMPLEMENTARES"},null,"SETOP",{"$f":"IF(FJP25=\"SINAPI\",VLOOKUP(FJM25,SINAPI,3,0),IF(FJP25=\"SETOP\",VLOOKUP(FJM25,SETOP,4,0),IF(FJP25=\"CPU\",VLOOKUP(FJM25,COMPOSIÇÃO,5,0),VLOOKUP(FJM25,COTAÇÃO,8,0))))","v":"HORA"},0.5,{"$f":"IF(FJP25=\"SINAPI\",VLOOKUP(FJM25,SINAPI,4,0),IF(FJP25=\"SETOP\",VLOOKUP(FJM25,SETOP,5,0),IF(FJP25=\"CPU\",VLOOKUP(FJM25,COMPOSIÇÃO,8,0),VLOOKUP(FJM25,COTAÇÃO,11,0))))","v":19.149999999999999},{"$f":"FJR25*FJS25","v":9.5749999999999993},"ED-50374",{"$f":"IF(FJX25=\"SINAPI\",VLOOKUP(FJU25,SINAPI,2,0),IF(FJX25=\"SETOP\",VLOOKUP(FJU25,SETOP,3,0),IF(FJX25=\"CPU\",VLOOKUP(FJU25,COMPOSIÇÃO,2,0),VLOOKUP(FJU25,COTAÇÃO,3,0))))","v":"BOMBEIRO/ENCANADOR COM ENCARGOS COMPLEMENTARES"},null,"SETOP",{"$f":"IF(FJX25=\"SINAPI\",VLOOKUP(FJU25,SINAPI,3,0),IF(FJX25=\"SETOP\",VLOOKUP(FJU25,SETOP,4,0),IF(FJX25=\"CPU\",VLOOKUP(FJU25,COMPOSIÇÃO,5,0),VLOOKUP(FJU25,COTAÇÃO,8,0))))","v":"HORA"},0.5,{"$f":"IF(FJX25=\"SINAPI\",VLOOKUP(FJU25,SINAPI,4,0),IF(FJX25=\"SETOP\",VLOOKUP(FJU25,SETOP,5,0),IF(FJX25=\"CPU\",VLOOKUP(FJU25,COMPOSIÇÃO,8,0),VLOOKUP(FJU25,COTAÇÃO,11,0))))","v":19.149999999999999},{"$f":"FJZ25*FKA25","v":9.5749999999999993},"ED-50374",{"$f":"IF(FKF25=\"SINAPI\",VLOOKUP(FKC25,SINAPI,2,0),IF(FKF25=\"SETOP\",VLOOKUP(FKC25,SETOP,3,0),IF(FKF25=\"CPU\",VLOOKUP(FKC25,COMPOSIÇÃO,2,0),VLOOKUP(FKC25,COTAÇÃO,3,0))))","v":"BOMBEIRO/ENCANADOR COM ENCARGOS COMPLEMENTARES"},null,"SETOP",{"$f":"IF(FKF25=\"SINAPI\",VLOOKUP(FKC25,SINAPI,3,0),IF(FKF25=\"SETOP\",VLOOKUP(FKC25,SETOP,4,0),IF(FKF25=\"CPU\",VLOOKUP(FKC25,COMPOSIÇÃO,5,0),VLOOKUP(FKC25,COTAÇÃO,8,0))))","v":"HORA"},0.5,{"$f":"IF(FKF25=\"SINAPI\",VLOOKUP(FKC25,SINAPI,4,0),IF(FKF25=\"SETOP\",VLOOKUP(FKC25,SETOP,5,0),IF(FKF25=\"CPU\",VLOOKUP(FKC25,COMPOSIÇÃO,8,0),VLOOKUP(FKC25,COTAÇÃO,11,0))))","v":19.149999999999999},{"$f":"FKH25*FKI25","v":9.5749999999999993},"ED-50374",{"$f":"IF(FKN25=\"SINAPI\",VLOOKUP(FKK25,SINAPI,2,0),IF(FKN25=\"SETOP\",VLOOKUP(FKK25,SETOP,3,0),IF(FKN25=\"CPU\",VLOOKUP(FKK25,COMPOSIÇÃO,2,0),VLOOKUP(FKK25,COTAÇÃO,3,0))))","v":"BOMBEIRO/ENCANADOR COM ENCARGOS COMPLEMENTARES"},null,"SETOP",{"$f":"IF(FKN25=\"SINAPI\",VLOOKUP(FKK25,SINAPI,3,0),IF(FKN25=\"SETOP\",VLOOKUP(FKK25,SETOP,4,0),IF(FKN25=\"CPU\",VLOOKUP(FKK25,COMPOSIÇÃO,5,0),VLOOKUP(FKK25,COTAÇÃO,8,0))))","v":"HORA"},0.5,{"$f":"IF(FKN25=\"SINAPI\",VLOOKUP(FKK25,SINAPI,4,0),IF(FKN25=\"SETOP\",VLOOKUP(FKK25,SETOP,5,0),IF(FKN25=\"CPU\",VLOOKUP(FKK25,COMPOSIÇÃO,8,0),VLOOKUP(FKK25,COTAÇÃO,11,0))))","v":19.149999999999999},{"$f":"FKP25*FKQ25","v":9.5749999999999993},"ED-50374",{"$f":"IF(FKV25=\"SINAPI\",VLOOKUP(FKS25,SINAPI,2,0),IF(FKV25=\"SETOP\",VLOOKUP(FKS25,SETOP,3,0),IF(FKV25=\"CPU\",VLOOKUP(FKS25,COMPOSIÇÃO,2,0),VLOOKUP(FKS25,COTAÇÃO,3,0))))","v":"BOMBEIRO/ENCANADOR COM ENCARGOS COMPLEMENTARES"},null,"SETOP",{"$f":"IF(FKV25=\"SINAPI\",VLOOKUP(FKS25,SINAPI,3,0),IF(FKV25=\"SETOP\",VLOOKUP(FKS25,SETOP,4,0),IF(FKV25=\"CPU\",VLOOKUP(FKS25,COMPOSIÇÃO,5,0),VLOOKUP(FKS25,COTAÇÃO,8,0))))","v":"HORA"},0.5,{"$f":"IF(FKV25=\"SINAPI\",VLOOKUP(FKS25,SINAPI,4,0),IF(FKV25=\"SETOP\",VLOOKUP(FKS25,SETOP,5,0),IF(FKV25=\"CPU\",VLOOKUP(FKS25,COMPOSIÇÃO,8,0),VLOOKUP(FKS25,COTAÇÃO,11,0))))","v":19.149999999999999},{"$f":"FKX25*FKY25","v":9.5749999999999993},"ED-50374",{"$f":"IF(FLD25=\"SINAPI\",VLOOKUP(FLA25,SINAPI,2,0),IF(FLD25=\"SETOP\",VLOOKUP(FLA25,SETOP,3,0),IF(FLD25=\"CPU\",VLOOKUP(FLA25,COMPOSIÇÃO,2,0),VLOOKUP(FLA25,COTAÇÃO,3,0))))","v":"BOMBEIRO/ENCANADOR COM ENCARGOS COMPLEMENTARES"},null,"SETOP",{"$f":"IF(FLD25=\"SINAPI\",VLOOKUP(FLA25,SINAPI,3,0),IF(FLD25=\"SETOP\",VLOOKUP(FLA25,SETOP,4,0),IF(FLD25=\"CPU\",VLOOKUP(FLA25,COMPOSIÇÃO,5,0),VLOOKUP(FLA25,COTAÇÃO,8,0))))","v":"HORA"},0.5,{"$f":"IF(FLD25=\"SINAPI\",VLOOKUP(FLA25,SINAPI,4,0),IF(FLD25=\"SETOP\",VLOOKUP(FLA25,SETOP,5,0),IF(FLD25=\"CPU\",VLOOKUP(FLA25,COMPOSIÇÃO,8,0),VLOOKUP(FLA25,COTAÇÃO,11,0))))","v":19.149999999999999},{"$f":"FLF25*FLG25","v":9.5749999999999993},"ED-50374",{"$f":"IF(FLL25=\"SINAPI\",VLOOKUP(FLI25,SINAPI,2,0),IF(FLL25=\"SETOP\",VLOOKUP(FLI25,SETOP,3,0),IF(FLL25=\"CPU\",VLOOKUP(FLI25,COMPOSIÇÃO,2,0),VLOOKUP(FLI25,COTAÇÃO,3,0))))","v":"BOMBEIRO/ENCANADOR COM ENCARGOS COMPLEMENTARES"},null,"SETOP",{"$f":"IF(FLL25=\"SINAPI\",VLOOKUP(FLI25,SINAPI,3,0),IF(FLL25=\"SETOP\",VLOOKUP(FLI25,SETOP,4,0),IF(FLL25=\"CPU\",VLOOKUP(FLI25,COMPOSIÇÃO,5,0),VLOOKUP(FLI25,COTAÇÃO,8,0))))","v":"HORA"},0.5,{"$f":"IF(FLL25=\"SINAPI\",VLOOKUP(FLI25,SINAPI,4,0),IF(FLL25=\"SETOP\",VLOOKUP(FLI25,SETOP,5,0),IF(FLL25=\"CPU\",VLOOKUP(FLI25,COMPOSIÇÃO,8,0),VLOOKUP(FLI25,COTAÇÃO,11,0))))","v":19.149999999999999},{"$f":"FLN25*FLO25","v":9.5749999999999993},"ED-50374",{"$f":"IF(FLT25=\"SINAPI\",VLOOKUP(FLQ25,SINAPI,2,0),IF(FLT25=\"SETOP\",VLOOKUP(FLQ25,SETOP,3,0),IF(FLT25=\"CPU\",VLOOKUP(FLQ25,COMPOSIÇÃO,2,0),VLOOKUP(FLQ25,COTAÇÃO,3,0))))","v":"BOMBEIRO/ENCANADOR COM ENCARGOS COMPLEMENTARES"},null,"SETOP",{"$f":"IF(FLT25=\"SINAPI\",VLOOKUP(FLQ25,SINAPI,3,0),IF(FLT25=\"SETOP\",VLOOKUP(FLQ25,SETOP,4,0),IF(FLT25=\"CPU\",VLOOKUP(FLQ25,COMPOSIÇÃO,5,0),VLOOKUP(FLQ25,COTAÇÃO,8,0))))","v":"HORA"},0.5,{"$f":"IF(FLT25=\"SINAPI\",VLOOKUP(FLQ25,SINAPI,4,0),IF(FLT25=\"SETOP\",VLOOKUP(FLQ25,SETOP,5,0),IF(FLT25=\"CPU\",VLOOKUP(FLQ25,COMPOSIÇÃO,8,0),VLOOKUP(FLQ25,COTAÇÃO,11,0))))","v":19.149999999999999},{"$f":"FLV25*FLW25","v":9.5749999999999993},"ED-50374",{"$f":"IF(FMB25=\"SINAPI\",VLOOKUP(FLY25,SINAPI,2,0),IF(FMB25=\"SETOP\",VLOOKUP(FLY25,SETOP,3,0),IF(FMB25=\"CPU\",VLOOKUP(FLY25,COMPOSIÇÃO,2,0),VLOOKUP(FLY25,COTAÇÃO,3,0))))","v":"BOMBEIRO/ENCANADOR COM ENCARGOS COMPLEMENTARES"},null,"SETOP",{"$f":"IF(FMB25=\"SINAPI\",VLOOKUP(FLY25,SINAPI,3,0),IF(FMB25=\"SETOP\",VLOOKUP(FLY25,SETOP,4,0),IF(FMB25=\"CPU\",VLOOKUP(FLY25,COMPOSIÇÃO,5,0),VLOOKUP(FLY25,COTAÇÃO,8,0))))","v":"HORA"},0.5,{"$f":"IF(FMB25=\"SINAPI\",VLOOKUP(FLY25,SINAPI,4,0),IF(FMB25=\"SETOP\",VLOOKUP(FLY25,SETOP,5,0),IF(FMB25=\"CPU\",VLOOKUP(FLY25,COMPOSIÇÃO,8,0),VLOOKUP(FLY25,COTAÇÃO,11,0))))","v":19.149999999999999},{"$f":"FMD25*FME25","v":9.5749999999999993},"ED-50374",{"$f":"IF(FMJ25=\"SINAPI\",VLOOKUP(FMG25,SINAPI,2,0),IF(FMJ25=\"SETOP\",VLOOKUP(FMG25,SETOP,3,0),IF(FMJ25=\"CPU\",VLOOKUP(FMG25,COMPOSIÇÃO,2,0),VLOOKUP(FMG25,COTAÇÃO,3,0))))","v":"BOMBEIRO/ENCANADOR COM ENCARGOS COMPLEMENTARES"},null,"SETOP",{"$f":"IF(FMJ25=\"SINAPI\",VLOOKUP(FMG25,SINAPI,3,0),IF(FMJ25=\"SETOP\",VLOOKUP(FMG25,SETOP,4,0),IF(FMJ25=\"CPU\",VLOOKUP(FMG25,COMPOSIÇÃO,5,0),VLOOKUP(FMG25,COTAÇÃO,8,0))))","v":"HORA"},0.5,{"$f":"IF(FMJ25=\"SINAPI\",VLOOKUP(FMG25,SINAPI,4,0),IF(FMJ25=\"SETOP\",VLOOKUP(FMG25,SETOP,5,0),IF(FMJ25=\"CPU\",VLOOKUP(FMG25,COMPOSIÇÃO,8,0),VLOOKUP(FMG25,COTAÇÃO,11,0))))","v":19.149999999999999},{"$f":"FML25*FMM25","v":9.5749999999999993},"ED-50374",{"$f":"IF(FMR25=\"SINAPI\",VLOOKUP(FMO25,SINAPI,2,0),IF(FMR25=\"SETOP\",VLOOKUP(FMO25,SETOP,3,0),IF(FMR25=\"CPU\",VLOOKUP(FMO25,COMPOSIÇÃO,2,0),VLOOKUP(FMO25,COTAÇÃO,3,0))))","v":"BOMBEIRO/ENCANADOR COM ENCARGOS COMPLEMENTARES"},null,"SETOP",{"$f":"IF(FMR25=\"SINAPI\",VLOOKUP(FMO25,SINAPI,3,0),IF(FMR25=\"SETOP\",VLOOKUP(FMO25,SETOP,4,0),IF(FMR25=\"CPU\",VLOOKUP(FMO25,COMPOSIÇÃO,5,0),VLOOKUP(FMO25,COTAÇÃO,8,0))))","v":"HORA"},0.5,{"$f":"IF(FMR25=\"SINAPI\",VLOOKUP(FMO25,SINAPI,4,0),IF(FMR25=\"SETOP\",VLOOKUP(FMO25,SETOP,5,0),IF(FMR25=\"CPU\",VLOOKUP(FMO25,COMPOSIÇÃO,8,0),VLOOKUP(FMO25,COTAÇÃO,11,0))))","v":19.149999999999999},{"$f":"FMT25*FMU25","v":9.5749999999999993},"ED-50374",{"$f":"IF(FMZ25=\"SINAPI\",VLOOKUP(FMW25,SINAPI,2,0),IF(FMZ25=\"SETOP\",VLOOKUP(FMW25,SETOP,3,0),IF(FMZ25=\"CPU\",VLOOKUP(FMW25,COMPOSIÇÃO,2,0),VLOOKUP(FMW25,COTAÇÃO,3,0))))","v":"BOMBEIRO/ENCANADOR COM ENCARGOS COMPLEMENTARES"},null,"SETOP",{"$f":"IF(FMZ25=\"SINAPI\",VLOOKUP(FMW25,SINAPI,3,0),IF(FMZ25=\"SETOP\",VLOOKUP(FMW25,SETOP,4,0),IF(FMZ25=\"CPU\",VLOOKUP(FMW25,COMPOSIÇÃO,5,0),VLOOKUP(FMW25,COTAÇÃO,8,0))))","v":"HORA"},0.5,{"$f":"IF(FMZ25=\"SINAPI\",VLOOKUP(FMW25,SINAPI,4,0),IF(FMZ25=\"SETOP\",VLOOKUP(FMW25,SETOP,5,0),IF(FMZ25=\"CPU\",VLOOKUP(FMW25,COMPOSIÇÃO,8,0),VLOOKUP(FMW25,COTAÇÃO,11,0))))","v":19.149999999999999},{"$f":"FNB25*FNC25","v":9.5749999999999993},"ED-50374",{"$f":"IF(FNH25=\"SINAPI\",VLOOKUP(FNE25,SINAPI,2,0),IF(FNH25=\"SETOP\",VLOOKUP(FNE25,SETOP,3,0),IF(FNH25=\"CPU\",VLOOKUP(FNE25,COMPOSIÇÃO,2,0),VLOOKUP(FNE25,COTAÇÃO,3,0))))","v":"BOMBEIRO/ENCANADOR COM ENCARGOS COMPLEMENTARES"},null,"SETOP",{"$f":"IF(FNH25=\"SINAPI\",VLOOKUP(FNE25,SINAPI,3,0),IF(FNH25=\"SETOP\",VLOOKUP(FNE25,SETOP,4,0),IF(FNH25=\"CPU\",VLOOKUP(FNE25,COMPOSIÇÃO,5,0),VLOOKUP(FNE25,COTAÇÃO,8,0))))","v":"HORA"},0.5,{"$f":"IF(FNH25=\"SINAPI\",VLOOKUP(FNE25,SINAPI,4,0),IF(FNH25=\"SETOP\",VLOOKUP(FNE25,SETOP,5,0),IF(FNH25=\"CPU\",VLOOKUP(FNE25,COMPOSIÇÃO,8,0),VLOOKUP(FNE25,COTAÇÃO,11,0))))","v":19.149999999999999},{"$f":"FNJ25*FNK25","v":9.5749999999999993},"ED-50374",{"$f":"IF(FNP25=\"SINAPI\",VLOOKUP(FNM25,SINAPI,2,0),IF(FNP25=\"SETOP\",VLOOKUP(FNM25,SETOP,3,0),IF(FNP25=\"CPU\",VLOOKUP(FNM25,COMPOSIÇÃO,2,0),VLOOKUP(FNM25,COTAÇÃO,3,0))))","v":"BOMBEIRO/ENCANADOR COM ENCARGOS COMPLEMENTARES"},null,"SETOP",{"$f":"IF(FNP25=\"SINAPI\",VLOOKUP(FNM25,SINAPI,3,0),IF(FNP25=\"SETOP\",VLOOKUP(FNM25,SETOP,4,0),IF(FNP25=\"CPU\",VLOOKUP(FNM25,COMPOSIÇÃO,5,0),VLOOKUP(FNM25,COTAÇÃO,8,0))))","v":"HORA"},0.5,{"$f":"IF(FNP25=\"SINAPI\",VLOOKUP(FNM25,SINAPI,4,0),IF(FNP25=\"SETOP\",VLOOKUP(FNM25,SETOP,5,0),IF(FNP25=\"CPU\",VLOOKUP(FNM25,COMPOSIÇÃO,8,0),VLOOKUP(FNM25,COTAÇÃO,11,0))))","v":19.149999999999999},{"$f":"FNR25*FNS25","v":9.5749999999999993},"ED-50374",{"$f":"IF(FNX25=\"SINAPI\",VLOOKUP(FNU25,SINAPI,2,0),IF(FNX25=\"SETOP\",VLOOKUP(FNU25,SETOP,3,0),IF(FNX25=\"CPU\",VLOOKUP(FNU25,COMPOSIÇÃO,2,0),VLOOKUP(FNU25,COTAÇÃO,3,0))))","v":"BOMBEIRO/ENCANADOR COM ENCARGOS COMPLEMENTARES"},null,"SETOP",{"$f":"IF(FNX25=\"SINAPI\",VLOOKUP(FNU25,SINAPI,3,0),IF(FNX25=\"SETOP\",VLOOKUP(FNU25,SETOP,4,0),IF(FNX25=\"CPU\",VLOOKUP(FNU25,COMPOSIÇÃO,5,0),VLOOKUP(FNU25,COTAÇÃO,8,0))))","v":"HORA"},0.5,{"$f":"IF(FNX25=\"SINAPI\",VLOOKUP(FNU25,SINAPI,4,0),IF(FNX25=\"SETOP\",VLOOKUP(FNU25,SETOP,5,0),IF(FNX25=\"CPU\",VLOOKUP(FNU25,COMPOSIÇÃO,8,0),VLOOKUP(FNU25,COTAÇÃO,11,0))))","v":19.149999999999999},{"$f":"FNZ25*FOA25","v":9.5749999999999993},"ED-50374",{"$f":"IF(FOF25=\"SINAPI\",VLOOKUP(FOC25,SINAPI,2,0),IF(FOF25=\"SETOP\",VLOOKUP(FOC25,SETOP,3,0),IF(FOF25=\"CPU\",VLOOKUP(FOC25,COMPOSIÇÃO,2,0),VLOOKUP(FOC25,COTAÇÃO,3,0))))","v":"BOMBEIRO/ENCANADOR COM ENCARGOS COMPLEMENTARES"},null,"SETOP",{"$f":"IF(FOF25=\"SINAPI\",VLOOKUP(FOC25,SINAPI,3,0),IF(FOF25=\"SETOP\",VLOOKUP(FOC25,SETOP,4,0),IF(FOF25=\"CPU\",VLOOKUP(FOC25,COMPOSIÇÃO,5,0),VLOOKUP(FOC25,COTAÇÃO,8,0))))","v":"HORA"},0.5,{"$f":"IF(FOF25=\"SINAPI\",VLOOKUP(FOC25,SINAPI,4,0),IF(FOF25=\"SETOP\",VLOOKUP(FOC25,SETOP,5,0),IF(FOF25=\"CPU\",VLOOKUP(FOC25,COMPOSIÇÃO,8,0),VLOOKUP(FOC25,COTAÇÃO,11,0))))","v":19.149999999999999},{"$f":"FOH25*FOI25","v":9.5749999999999993},"ED-50374",{"$f":"IF(FON25=\"SINAPI\",VLOOKUP(FOK25,SINAPI,2,0),IF(FON25=\"SETOP\",VLOOKUP(FOK25,SETOP,3,0),IF(FON25=\"CPU\",VLOOKUP(FOK25,COMPOSIÇÃO,2,0),VLOOKUP(FOK25,COTAÇÃO,3,0))))","v":"BOMBEIRO/ENCANADOR COM ENCARGOS COMPLEMENTARES"},null,"SETOP",{"$f":"IF(FON25=\"SINAPI\",VLOOKUP(FOK25,SINAPI,3,0),IF(FON25=\"SETOP\",VLOOKUP(FOK25,SETOP,4,0),IF(FON25=\"CPU\",VLOOKUP(FOK25,COMPOSIÇÃO,5,0),VLOOKUP(FOK25,COTAÇÃO,8,0))))","v":"HORA"},0.5,{"$f":"IF(FON25=\"SINAPI\",VLOOKUP(FOK25,SINAPI,4,0),IF(FON25=\"SETOP\",VLOOKUP(FOK25,SETOP,5,0),IF(FON25=\"CPU\",VLOOKUP(FOK25,COMPOSIÇÃO,8,0),VLOOKUP(FOK25,COTAÇÃO,11,0))))","v":19.149999999999999},{"$f":"FOP25*FOQ25","v":9.5749999999999993},"ED-50374",{"$f":"IF(FOV25=\"SINAPI\",VLOOKUP(FOS25,SINAPI,2,0),IF(FOV25=\"SETOP\",VLOOKUP(FOS25,SETOP,3,0),IF(FOV25=\"CPU\",VLOOKUP(FOS25,COMPOSIÇÃO,2,0),VLOOKUP(FOS25,COTAÇÃO,3,0))))","v":"BOMBEIRO/ENCANADOR COM ENCARGOS COMPLEMENTARES"},null,"SETOP",{"$f":"IF(FOV25=\"SINAPI\",VLOOKUP(FOS25,SINAPI,3,0),IF(FOV25=\"SETOP\",VLOOKUP(FOS25,SETOP,4,0),IF(FOV25=\"CPU\",VLOOKUP(FOS25,COMPOSIÇÃO,5,0),VLOOKUP(FOS25,COTAÇÃO,8,0))))","v":"HORA"},0.5,{"$f":"IF(FOV25=\"SINAPI\",VLOOKUP(FOS25,SINAPI,4,0),IF(FOV25=\"SETOP\",VLOOKUP(FOS25,SETOP,5,0),IF(FOV25=\"CPU\",VLOOKUP(FOS25,COMPOSIÇÃO,8,0),VLOOKUP(FOS25,COTAÇÃO,11,0))))","v":19.149999999999999},{"$f":"FOX25*FOY25","v":9.5749999999999993},"ED-50374",{"$f":"IF(FPD25=\"SINAPI\",VLOOKUP(FPA25,SINAPI,2,0),IF(FPD25=\"SETOP\",VLOOKUP(FPA25,SETOP,3,0),IF(FPD25=\"CPU\",VLOOKUP(FPA25,COMPOSIÇÃO,2,0),VLOOKUP(FPA25,COTAÇÃO,3,0))))","v":"BOMBEIRO/ENCANADOR COM ENCARGOS COMPLEMENTARES"},null,"SETOP",{"$f":"IF(FPD25=\"SINAPI\",VLOOKUP(FPA25,SINAPI,3,0),IF(FPD25=\"SETOP\",VLOOKUP(FPA25,SETOP,4,0),IF(FPD25=\"CPU\",VLOOKUP(FPA25,COMPOSIÇÃO,5,0),VLOOKUP(FPA25,COTAÇÃO,8,0))))","v":"HORA"},0.5,{"$f":"IF(FPD25=\"SINAPI\",VLOOKUP(FPA25,SINAPI,4,0),IF(FPD25=\"SETOP\",VLOOKUP(FPA25,SETOP,5,0),IF(FPD25=\"CPU\",VLOOKUP(FPA25,COMPOSIÇÃO,8,0),VLOOKUP(FPA25,COTAÇÃO,11,0))))","v":19.149999999999999},{"$f":"FPF25*FPG25","v":9.5749999999999993},"ED-50374",{"$f":"IF(FPL25=\"SINAPI\",VLOOKUP(FPI25,SINAPI,2,0),IF(FPL25=\"SETOP\",VLOOKUP(FPI25,SETOP,3,0),IF(FPL25=\"CPU\",VLOOKUP(FPI25,COMPOSIÇÃO,2,0),VLOOKUP(FPI25,COTAÇÃO,3,0))))","v":"BOMBEIRO/ENCANADOR COM ENCARGOS COMPLEMENTARES"},null,"SETOP",{"$f":"IF(FPL25=\"SINAPI\",VLOOKUP(FPI25,SINAPI,3,0),IF(FPL25=\"SETOP\",VLOOKUP(FPI25,SETOP,4,0),IF(FPL25=\"CPU\",VLOOKUP(FPI25,COMPOSIÇÃO,5,0),VLOOKUP(FPI25,COTAÇÃO,8,0))))","v":"HORA"},0.5,{"$f":"IF(FPL25=\"SINAPI\",VLOOKUP(FPI25,SINAPI,4,0),IF(FPL25=\"SETOP\",VLOOKUP(FPI25,SETOP,5,0),IF(FPL25=\"CPU\",VLOOKUP(FPI25,COMPOSIÇÃO,8,0),VLOOKUP(FPI25,COTAÇÃO,11,0))))","v":19.149999999999999},{"$f":"FPN25*FPO25","v":9.5749999999999993},"ED-50374",{"$f":"IF(FPT25=\"SINAPI\",VLOOKUP(FPQ25,SINAPI,2,0),IF(FPT25=\"SETOP\",VLOOKUP(FPQ25,SETOP,3,0),IF(FPT25=\"CPU\",VLOOKUP(FPQ25,COMPOSIÇÃO,2,0),VLOOKUP(FPQ25,COTAÇÃO,3,0))))","v":"BOMBEIRO/ENCANADOR COM ENCARGOS COMPLEMENTARES"},null,"SETOP",{"$f":"IF(FPT25=\"SINAPI\",VLOOKUP(FPQ25,SINAPI,3,0),IF(FPT25=\"SETOP\",VLOOKUP(FPQ25,SETOP,4,0),IF(FPT25=\"CPU\",VLOOKUP(FPQ25,COMPOSIÇÃO,5,0),VLOOKUP(FPQ25,COTAÇÃO,8,0))))","v":"HORA"},0.5,{"$f":"IF(FPT25=\"SINAPI\",VLOOKUP(FPQ25,SINAPI,4,0),IF(FPT25=\"SETOP\",VLOOKUP(FPQ25,SETOP,5,0),IF(FPT25=\"CPU\",VLOOKUP(FPQ25,COMPOSIÇÃO,8,0),VLOOKUP(FPQ25,COTAÇÃO,11,0))))","v":19.149999999999999},{"$f":"FPV25*FPW25","v":9.5749999999999993},"ED-50374",{"$f":"IF(FQB25=\"SINAPI\",VLOOKUP(FPY25,SINAPI,2,0),IF(FQB25=\"SETOP\",VLOOKUP(FPY25,SETOP,3,0),IF(FQB25=\"CPU\",VLOOKUP(FPY25,COMPOSIÇÃO,2,0),VLOOKUP(FPY25,COTAÇÃO,3,0))))","v":"BOMBEIRO/ENCANADOR COM ENCARGOS COMPLEMENTARES"},null,"SETOP",{"$f":"IF(FQB25=\"SINAPI\",VLOOKUP(FPY25,SINAPI,3,0),IF(FQB25=\"SETOP\",VLOOKUP(FPY25,SETOP,4,0),IF(FQB25=\"CPU\",VLOOKUP(FPY25,COMPOSIÇÃO,5,0),VLOOKUP(FPY25,COTAÇÃO,8,0))))","v":"HORA"},0.5,{"$f":"IF(FQB25=\"SINAPI\",VLOOKUP(FPY25,SINAPI,4,0),IF(FQB25=\"SETOP\",VLOOKUP(FPY25,SETOP,5,0),IF(FQB25=\"CPU\",VLOOKUP(FPY25,COMPOSIÇÃO,8,0),VLOOKUP(FPY25,COTAÇÃO,11,0))))","v":19.149999999999999},{"$f":"FQD25*FQE25","v":9.5749999999999993},"ED-50374",{"$f":"IF(FQJ25=\"SINAPI\",VLOOKUP(FQG25,SINAPI,2,0),IF(FQJ25=\"SETOP\",VLOOKUP(FQG25,SETOP,3,0),IF(FQJ25=\"CPU\",VLOOKUP(FQG25,COMPOSIÇÃO,2,0),VLOOKUP(FQG25,COTAÇÃO,3,0))))","v":"BOMBEIRO/ENCANADOR COM ENCARGOS COMPLEMENTARES"},null,"SETOP",{"$f":"IF(FQJ25=\"SINAPI\",VLOOKUP(FQG25,SINAPI,3,0),IF(FQJ25=\"SETOP\",VLOOKUP(FQG25,SETOP,4,0),IF(FQJ25=\"CPU\",VLOOKUP(FQG25,COMPOSIÇÃO,5,0),VLOOKUP(FQG25,COTAÇÃO,8,0))))","v":"HORA"},0.5,{"$f":"IF(FQJ25=\"SINAPI\",VLOOKUP(FQG25,SINAPI,4,0),IF(FQJ25=\"SETOP\",VLOOKUP(FQG25,SETOP,5,0),IF(FQJ25=\"CPU\",VLOOKUP(FQG25,COMPOSIÇÃO,8,0),VLOOKUP(FQG25,COTAÇÃO,11,0))))","v":19.149999999999999},{"$f":"FQL25*FQM25","v":9.5749999999999993},"ED-50374",{"$f":"IF(FQR25=\"SINAPI\",VLOOKUP(FQO25,SINAPI,2,0),IF(FQR25=\"SETOP\",VLOOKUP(FQO25,SETOP,3,0),IF(FQR25=\"CPU\",VLOOKUP(FQO25,COMPOSIÇÃO,2,0),VLOOKUP(FQO25,COTAÇÃO,3,0))))","v":"BOMBEIRO/ENCANADOR COM ENCARGOS COMPLEMENTARES"},null,"SETOP",{"$f":"IF(FQR25=\"SINAPI\",VLOOKUP(FQO25,SINAPI,3,0),IF(FQR25=\"SETOP\",VLOOKUP(FQO25,SETOP,4,0),IF(FQR25=\"CPU\",VLOOKUP(FQO25,COMPOSIÇÃO,5,0),VLOOKUP(FQO25,COTAÇÃO,8,0))))","v":"HORA"},0.5,{"$f":"IF(FQR25=\"SINAPI\",VLOOKUP(FQO25,SINAPI,4,0),IF(FQR25=\"SETOP\",VLOOKUP(FQO25,SETOP,5,0),IF(FQR25=\"CPU\",VLOOKUP(FQO25,COMPOSIÇÃO,8,0),VLOOKUP(FQO25,COTAÇÃO,11,0))))","v":19.149999999999999},{"$f":"FQT25*FQU25","v":9.5749999999999993},"ED-50374",{"$f":"IF(FQZ25=\"SINAPI\",VLOOKUP(FQW25,SINAPI,2,0),IF(FQZ25=\"SETOP\",VLOOKUP(FQW25,SETOP,3,0),IF(FQZ25=\"CPU\",VLOOKUP(FQW25,COMPOSIÇÃO,2,0),VLOOKUP(FQW25,COTAÇÃO,3,0))))","v":"BOMBEIRO/ENCANADOR COM ENCARGOS COMPLEMENTARES"},null,"SETOP",{"$f":"IF(FQZ25=\"SINAPI\",VLOOKUP(FQW25,SINAPI,3,0),IF(FQZ25=\"SETOP\",VLOOKUP(FQW25,SETOP,4,0),IF(FQZ25=\"CPU\",VLOOKUP(FQW25,COMPOSIÇÃO,5,0),VLOOKUP(FQW25,COTAÇÃO,8,0))))","v":"HORA"},0.5,{"$f":"IF(FQZ25=\"SINAPI\",VLOOKUP(FQW25,SINAPI,4,0),IF(FQZ25=\"SETOP\",VLOOKUP(FQW25,SETOP,5,0),IF(FQZ25=\"CPU\",VLOOKUP(FQW25,COMPOSIÇÃO,8,0),VLOOKUP(FQW25,COTAÇÃO,11,0))))","v":19.149999999999999},{"$f":"FRB25*FRC25","v":9.5749999999999993},"ED-50374",{"$f":"IF(FRH25=\"SINAPI\",VLOOKUP(FRE25,SINAPI,2,0),IF(FRH25=\"SETOP\",VLOOKUP(FRE25,SETOP,3,0),IF(FRH25=\"CPU\",VLOOKUP(FRE25,COMPOSIÇÃO,2,0),VLOOKUP(FRE25,COTAÇÃO,3,0))))","v":"BOMBEIRO/ENCANADOR COM ENCARGOS COMPLEMENTARES"},null,"SETOP",{"$f":"IF(FRH25=\"SINAPI\",VLOOKUP(FRE25,SINAPI,3,0),IF(FRH25=\"SETOP\",VLOOKUP(FRE25,SETOP,4,0),IF(FRH25=\"CPU\",VLOOKUP(FRE25,COMPOSIÇÃO,5,0),VLOOKUP(FRE25,COTAÇÃO,8,0))))","v":"HORA"},0.5,{"$f":"IF(FRH25=\"SINAPI\",VLOOKUP(FRE25,SINAPI,4,0),IF(FRH25=\"SETOP\",VLOOKUP(FRE25,SETOP,5,0),IF(FRH25=\"CPU\",VLOOKUP(FRE25,COMPOSIÇÃO,8,0),VLOOKUP(FRE25,COTAÇÃO,11,0))))","v":19.149999999999999},{"$f":"FRJ25*FRK25","v":9.5749999999999993},"ED-50374",{"$f":"IF(FRP25=\"SINAPI\",VLOOKUP(FRM25,SINAPI,2,0),IF(FRP25=\"SETOP\",VLOOKUP(FRM25,SETOP,3,0),IF(FRP25=\"CPU\",VLOOKUP(FRM25,COMPOSIÇÃO,2,0),VLOOKUP(FRM25,COTAÇÃO,3,0))))","v":"BOMBEIRO/ENCANADOR COM ENCARGOS COMPLEMENTARES"},null,"SETOP",{"$f":"IF(FRP25=\"SINAPI\",VLOOKUP(FRM25,SINAPI,3,0),IF(FRP25=\"SETOP\",VLOOKUP(FRM25,SETOP,4,0),IF(FRP25=\"CPU\",VLOOKUP(FRM25,COMPOSIÇÃO,5,0),VLOOKUP(FRM25,COTAÇÃO,8,0))))","v":"HORA"},0.5,{"$f":"IF(FRP25=\"SINAPI\",VLOOKUP(FRM25,SINAPI,4,0),IF(FRP25=\"SETOP\",VLOOKUP(FRM25,SETOP,5,0),IF(FRP25=\"CPU\",VLOOKUP(FRM25,COMPOSIÇÃO,8,0),VLOOKUP(FRM25,COTAÇÃO,11,0))))","v":19.149999999999999},{"$f":"FRR25*FRS25","v":9.5749999999999993},"ED-50374",{"$f":"IF(FRX25=\"SINAPI\",VLOOKUP(FRU25,SINAPI,2,0),IF(FRX25=\"SETOP\",VLOOKUP(FRU25,SETOP,3,0),IF(FRX25=\"CPU\",VLOOKUP(FRU25,COMPOSIÇÃO,2,0),VLOOKUP(FRU25,COTAÇÃO,3,0))))","v":"BOMBEIRO/ENCANADOR COM ENCARGOS COMPLEMENTARES"},null,"SETOP",{"$f":"IF(FRX25=\"SINAPI\",VLOOKUP(FRU25,SINAPI,3,0),IF(FRX25=\"SETOP\",VLOOKUP(FRU25,SETOP,4,0),IF(FRX25=\"CPU\",VLOOKUP(FRU25,COMPOSIÇÃO,5,0),VLOOKUP(FRU25,COTAÇÃO,8,0))))","v":"HORA"},0.5,{"$f":"IF(FRX25=\"SINAPI\",VLOOKUP(FRU25,SINAPI,4,0),IF(FRX25=\"SETOP\",VLOOKUP(FRU25,SETOP,5,0),IF(FRX25=\"CPU\",VLOOKUP(FRU25,COMPOSIÇÃO,8,0),VLOOKUP(FRU25,COTAÇÃO,11,0))))","v":19.149999999999999},{"$f":"FRZ25*FSA25","v":9.5749999999999993},"ED-50374",{"$f":"IF(FSF25=\"SINAPI\",VLOOKUP(FSC25,SINAPI,2,0),IF(FSF25=\"SETOP\",VLOOKUP(FSC25,SETOP,3,0),IF(FSF25=\"CPU\",VLOOKUP(FSC25,COMPOSIÇÃO,2,0),VLOOKUP(FSC25,COTAÇÃO,3,0))))","v":"BOMBEIRO/ENCANADOR COM ENCARGOS COMPLEMENTARES"},null,"SETOP",{"$f":"IF(FSF25=\"SINAPI\",VLOOKUP(FSC25,SINAPI,3,0),IF(FSF25=\"SETOP\",VLOOKUP(FSC25,SETOP,4,0),IF(FSF25=\"CPU\",VLOOKUP(FSC25,COMPOSIÇÃO,5,0),VLOOKUP(FSC25,COTAÇÃO,8,0))))","v":"HORA"},0.5,{"$f":"IF(FSF25=\"SINAPI\",VLOOKUP(FSC25,SINAPI,4,0),IF(FSF25=\"SETOP\",VLOOKUP(FSC25,SETOP,5,0),IF(FSF25=\"CPU\",VLOOKUP(FSC25,COMPOSIÇÃO,8,0),VLOOKUP(FSC25,COTAÇÃO,11,0))))","v":19.149999999999999},{"$f":"FSH25*FSI25","v":9.5749999999999993},"ED-50374",{"$f":"IF(FSN25=\"SINAPI\",VLOOKUP(FSK25,SINAPI,2,0),IF(FSN25=\"SETOP\",VLOOKUP(FSK25,SETOP,3,0),IF(FSN25=\"CPU\",VLOOKUP(FSK25,COMPOSIÇÃO,2,0),VLOOKUP(FSK25,COTAÇÃO,3,0))))","v":"BOMBEIRO/ENCANADOR COM ENCARGOS COMPLEMENTARES"},null,"SETOP",{"$f":"IF(FSN25=\"SINAPI\",VLOOKUP(FSK25,SINAPI,3,0),IF(FSN25=\"SETOP\",VLOOKUP(FSK25,SETOP,4,0),IF(FSN25=\"CPU\",VLOOKUP(FSK25,COMPOSIÇÃO,5,0),VLOOKUP(FSK25,COTAÇÃO,8,0))))","v":"HORA"},0.5,{"$f":"IF(FSN25=\"SINAPI\",VLOOKUP(FSK25,SINAPI,4,0),IF(FSN25=\"SETOP\",VLOOKUP(FSK25,SETOP,5,0),IF(FSN25=\"CPU\",VLOOKUP(FSK25,COMPOSIÇÃO,8,0),VLOOKUP(FSK25,COTAÇÃO,11,0))))","v":19.149999999999999},{"$f":"FSP25*FSQ25","v":9.5749999999999993},"ED-50374",{"$f":"IF(FSV25=\"SINAPI\",VLOOKUP(FSS25,SINAPI,2,0),IF(FSV25=\"SETOP\",VLOOKUP(FSS25,SETOP,3,0),IF(FSV25=\"CPU\",VLOOKUP(FSS25,COMPOSIÇÃO,2,0),VLOOKUP(FSS25,COTAÇÃO,3,0))))","v":"BOMBEIRO/ENCANADOR COM ENCARGOS COMPLEMENTARES"},null,"SETOP",{"$f":"IF(FSV25=\"SINAPI\",VLOOKUP(FSS25,SINAPI,3,0),IF(FSV25=\"SETOP\",VLOOKUP(FSS25,SETOP,4,0),IF(FSV25=\"CPU\",VLOOKUP(FSS25,COMPOSIÇÃO,5,0),VLOOKUP(FSS25,COTAÇÃO,8,0))))","v":"HORA"},0.5,{"$f":"IF(FSV25=\"SINAPI\",VLOOKUP(FSS25,SINAPI,4,0),IF(FSV25=\"SETOP\",VLOOKUP(FSS25,SETOP,5,0),IF(FSV25=\"CPU\",VLOOKUP(FSS25,COMPOSIÇÃO,8,0),VLOOKUP(FSS25,COTAÇÃO,11,0))))","v":19.149999999999999},{"$f":"FSX25*FSY25","v":9.5749999999999993},"ED-50374",{"$f":"IF(FTD25=\"SINAPI\",VLOOKUP(FTA25,SINAPI,2,0),IF(FTD25=\"SETOP\",VLOOKUP(FTA25,SETOP,3,0),IF(FTD25=\"CPU\",VLOOKUP(FTA25,COMPOSIÇÃO,2,0),VLOOKUP(FTA25,COTAÇÃO,3,0))))","v":"BOMBEIRO/ENCANADOR COM ENCARGOS COMPLEMENTARES"},null,"SETOP",{"$f":"IF(FTD25=\"SINAPI\",VLOOKUP(FTA25,SINAPI,3,0),IF(FTD25=\"SETOP\",VLOOKUP(FTA25,SETOP,4,0),IF(FTD25=\"CPU\",VLOOKUP(FTA25,COMPOSIÇÃO,5,0),VLOOKUP(FTA25,COTAÇÃO,8,0))))","v":"HORA"},0.5,{"$f":"IF(FTD25=\"SINAPI\",VLOOKUP(FTA25,SINAPI,4,0),IF(FTD25=\"SETOP\",VLOOKUP(FTA25,SETOP,5,0),IF(FTD25=\"CPU\",VLOOKUP(FTA25,COMPOSIÇÃO,8,0),VLOOKUP(FTA25,COTAÇÃO,11,0))))","v":19.149999999999999},{"$f":"FTF25*FTG25","v":9.5749999999999993},"ED-50374",{"$f":"IF(FTL25=\"SINAPI\",VLOOKUP(FTI25,SINAPI,2,0),IF(FTL25=\"SETOP\",VLOOKUP(FTI25,SETOP,3,0),IF(FTL25=\"CPU\",VLOOKUP(FTI25,COMPOSIÇÃO,2,0),VLOOKUP(FTI25,COTAÇÃO,3,0))))","v":"BOMBEIRO/ENCANADOR COM ENCARGOS COMPLEMENTARES"},null,"SETOP",{"$f":"IF(FTL25=\"SINAPI\",VLOOKUP(FTI25,SINAPI,3,0),IF(FTL25=\"SETOP\",VLOOKUP(FTI25,SETOP,4,0),IF(FTL25=\"CPU\",VLOOKUP(FTI25,COMPOSIÇÃO,5,0),VLOOKUP(FTI25,COTAÇÃO,8,0))))","v":"HORA"},0.5,{"$f":"IF(FTL25=\"SINAPI\",VLOOKUP(FTI25,SINAPI,4,0),IF(FTL25=\"SETOP\",VLOOKUP(FTI25,SETOP,5,0),IF(FTL25=\"CPU\",VLOOKUP(FTI25,COMPOSIÇÃO,8,0),VLOOKUP(FTI25,COTAÇÃO,11,0))))","v":19.149999999999999},{"$f":"FTN25*FTO25","v":9.5749999999999993},"ED-50374",{"$f":"IF(FTT25=\"SINAPI\",VLOOKUP(FTQ25,SINAPI,2,0),IF(FTT25=\"SETOP\",VLOOKUP(FTQ25,SETOP,3,0),IF(FTT25=\"CPU\",VLOOKUP(FTQ25,COMPOSIÇÃO,2,0),VLOOKUP(FTQ25,COTAÇÃO,3,0))))","v":"BOMBEIRO/ENCANADOR COM ENCARGOS COMPLEMENTARES"},null,"SETOP",{"$f":"IF(FTT25=\"SINAPI\",VLOOKUP(FTQ25,SINAPI,3,0),IF(FTT25=\"SETOP\",VLOOKUP(FTQ25,SETOP,4,0),IF(FTT25=\"CPU\",VLOOKUP(FTQ25,COMPOSIÇÃO,5,0),VLOOKUP(FTQ25,COTAÇÃO,8,0))))","v":"HORA"},0.5,{"$f":"IF(FTT25=\"SINAPI\",VLOOKUP(FTQ25,SINAPI,4,0),IF(FTT25=\"SETOP\",VLOOKUP(FTQ25,SETOP,5,0),IF(FTT25=\"CPU\",VLOOKUP(FTQ25,COMPOSIÇÃO,8,0),VLOOKUP(FTQ25,COTAÇÃO,11,0))))","v":19.149999999999999},{"$f":"FTV25*FTW25","v":9.5749999999999993},"ED-50374",{"$f":"IF(FUB25=\"SINAPI\",VLOOKUP(FTY25,SINAPI,2,0),IF(FUB25=\"SETOP\",VLOOKUP(FTY25,SETOP,3,0),IF(FUB25=\"CPU\",VLOOKUP(FTY25,COMPOSIÇÃO,2,0),VLOOKUP(FTY25,COTAÇÃO,3,0))))","v":"BOMBEIRO/ENCANADOR COM ENCARGOS COMPLEMENTARES"},null,"SETOP",{"$f":"IF(FUB25=\"SINAPI\",VLOOKUP(FTY25,SINAPI,3,0),IF(FUB25=\"SETOP\",VLOOKUP(FTY25,SETOP,4,0),IF(FUB25=\"CPU\",VLOOKUP(FTY25,COMPOSIÇÃO,5,0),VLOOKUP(FTY25,COTAÇÃO,8,0))))","v":"HORA"},0.5,{"$f":"IF(FUB25=\"SINAPI\",VLOOKUP(FTY25,SINAPI,4,0),IF(FUB25=\"SETOP\",VLOOKUP(FTY25,SETOP,5,0),IF(FUB25=\"CPU\",VLOOKUP(FTY25,COMPOSIÇÃO,8,0),VLOOKUP(FTY25,COTAÇÃO,11,0))))","v":19.149999999999999},{"$f":"FUD25*FUE25","v":9.5749999999999993},"ED-50374",{"$f":"IF(FUJ25=\"SINAPI\",VLOOKUP(FUG25,SINAPI,2,0),IF(FUJ25=\"SETOP\",VLOOKUP(FUG25,SETOP,3,0),IF(FUJ25=\"CPU\",VLOOKUP(FUG25,COMPOSIÇÃO,2,0),VLOOKUP(FUG25,COTAÇÃO,3,0))))","v":"BOMBEIRO/ENCANADOR COM ENCARGOS COMPLEMENTARES"},null,"SETOP",{"$f":"IF(FUJ25=\"SINAPI\",VLOOKUP(FUG25,SINAPI,3,0),IF(FUJ25=\"SETOP\",VLOOKUP(FUG25,SETOP,4,0),IF(FUJ25=\"CPU\",VLOOKUP(FUG25,COMPOSIÇÃO,5,0),VLOOKUP(FUG25,COTAÇÃO,8,0))))","v":"HORA"},0.5,{"$f":"IF(FUJ25=\"SINAPI\",VLOOKUP(FUG25,SINAPI,4,0),IF(FUJ25=\"SETOP\",VLOOKUP(FUG25,SETOP,5,0),IF(FUJ25=\"CPU\",VLOOKUP(FUG25,COMPOSIÇÃO,8,0),VLOOKUP(FUG25,COTAÇÃO,11,0))))","v":19.149999999999999},{"$f":"FUL25*FUM25","v":9.5749999999999993},"ED-50374",{"$f":"IF(FUR25=\"SINAPI\",VLOOKUP(FUO25,SINAPI,2,0),IF(FUR25=\"SETOP\",VLOOKUP(FUO25,SETOP,3,0),IF(FUR25=\"CPU\",VLOOKUP(FUO25,COMPOSIÇÃO,2,0),VLOOKUP(FUO25,COTAÇÃO,3,0))))","v":"BOMBEIRO/ENCANADOR COM ENCARGOS COMPLEMENTARES"},null,"SETOP",{"$f":"IF(FUR25=\"SINAPI\",VLOOKUP(FUO25,SINAPI,3,0),IF(FUR25=\"SETOP\",VLOOKUP(FUO25,SETOP,4,0),IF(FUR25=\"CPU\",VLOOKUP(FUO25,COMPOSIÇÃO,5,0),VLOOKUP(FUO25,COTAÇÃO,8,0))))","v":"HORA"},0.5,{"$f":"IF(FUR25=\"SINAPI\",VLOOKUP(FUO25,SINAPI,4,0),IF(FUR25=\"SETOP\",VLOOKUP(FUO25,SETOP,5,0),IF(FUR25=\"CPU\",VLOOKUP(FUO25,COMPOSIÇÃO,8,0),VLOOKUP(FUO25,COTAÇÃO,11,0))))","v":19.149999999999999},{"$f":"FUT25*FUU25","v":9.5749999999999993},"ED-50374",{"$f":"IF(FUZ25=\"SINAPI\",VLOOKUP(FUW25,SINAPI,2,0),IF(FUZ25=\"SETOP\",VLOOKUP(FUW25,SETOP,3,0),IF(FUZ25=\"CPU\",VLOOKUP(FUW25,COMPOSIÇÃO,2,0),VLOOKUP(FUW25,COTAÇÃO,3,0))))","v":"BOMBEIRO/ENCANADOR COM ENCARGOS COMPLEMENTARES"},null,"SETOP",{"$f":"IF(FUZ25=\"SINAPI\",VLOOKUP(FUW25,SINAPI,3,0),IF(FUZ25=\"SETOP\",VLOOKUP(FUW25,SETOP,4,0),IF(FUZ25=\"CPU\",VLOOKUP(FUW25,COMPOSIÇÃO,5,0),VLOOKUP(FUW25,COTAÇÃO,8,0))))","v":"HORA"},0.5,{"$f":"IF(FUZ25=\"SINAPI\",VLOOKUP(FUW25,SINAPI,4,0),IF(FUZ25=\"SETOP\",VLOOKUP(FUW25,SETOP,5,0),IF(FUZ25=\"CPU\",VLOOKUP(FUW25,COMPOSIÇÃO,8,0),VLOOKUP(FUW25,COTAÇÃO,11,0))))","v":19.149999999999999},{"$f":"FVB25*FVC25","v":9.5749999999999993},"ED-50374",{"$f":"IF(FVH25=\"SINAPI\",VLOOKUP(FVE25,SINAPI,2,0),IF(FVH25=\"SETOP\",VLOOKUP(FVE25,SETOP,3,0),IF(FVH25=\"CPU\",VLOOKUP(FVE25,COMPOSIÇÃO,2,0),VLOOKUP(FVE25,COTAÇÃO,3,0))))","v":"BOMBEIRO/ENCANADOR COM ENCARGOS COMPLEMENTARES"},null,"SETOP",{"$f":"IF(FVH25=\"SINAPI\",VLOOKUP(FVE25,SINAPI,3,0),IF(FVH25=\"SETOP\",VLOOKUP(FVE25,SETOP,4,0),IF(FVH25=\"CPU\",VLOOKUP(FVE25,COMPOSIÇÃO,5,0),VLOOKUP(FVE25,COTAÇÃO,8,0))))","v":"HORA"},0.5,{"$f":"IF(FVH25=\"SINAPI\",VLOOKUP(FVE25,SINAPI,4,0),IF(FVH25=\"SETOP\",VLOOKUP(FVE25,SETOP,5,0),IF(FVH25=\"CPU\",VLOOKUP(FVE25,COMPOSIÇÃO,8,0),VLOOKUP(FVE25,COTAÇÃO,11,0))))","v":19.149999999999999},{"$f":"FVJ25*FVK25","v":9.5749999999999993},"ED-50374",{"$f":"IF(FVP25=\"SINAPI\",VLOOKUP(FVM25,SINAPI,2,0),IF(FVP25=\"SETOP\",VLOOKUP(FVM25,SETOP,3,0),IF(FVP25=\"CPU\",VLOOKUP(FVM25,COMPOSIÇÃO,2,0),VLOOKUP(FVM25,COTAÇÃO,3,0))))","v":"BOMBEIRO/ENCANADOR COM ENCARGOS COMPLEMENTARES"},null,"SETOP",{"$f":"IF(FVP25=\"SINAPI\",VLOOKUP(FVM25,SINAPI,3,0),IF(FVP25=\"SETOP\",VLOOKUP(FVM25,SETOP,4,0),IF(FVP25=\"CPU\",VLOOKUP(FVM25,COMPOSIÇÃO,5,0),VLOOKUP(FVM25,COTAÇÃO,8,0))))","v":"HORA"},0.5,{"$f":"IF(FVP25=\"SINAPI\",VLOOKUP(FVM25,SINAPI,4,0),IF(FVP25=\"SETOP\",VLOOKUP(FVM25,SETOP,5,0),IF(FVP25=\"CPU\",VLOOKUP(FVM25,COMPOSIÇÃO,8,0),VLOOKUP(FVM25,COTAÇÃO,11,0))))","v":19.149999999999999},{"$f":"FVR25*FVS25","v":9.5749999999999993},"ED-50374",{"$f":"IF(FVX25=\"SINAPI\",VLOOKUP(FVU25,SINAPI,2,0),IF(FVX25=\"SETOP\",VLOOKUP(FVU25,SETOP,3,0),IF(FVX25=\"CPU\",VLOOKUP(FVU25,COMPOSIÇÃO,2,0),VLOOKUP(FVU25,COTAÇÃO,3,0))))","v":"BOMBEIRO/ENCANADOR COM ENCARGOS COMPLEMENTARES"},null,"SETOP",{"$f":"IF(FVX25=\"SINAPI\",VLOOKUP(FVU25,SINAPI,3,0),IF(FVX25=\"SETOP\",VLOOKUP(FVU25,SETOP,4,0),IF(FVX25=\"CPU\",VLOOKUP(FVU25,COMPOSIÇÃO,5,0),VLOOKUP(FVU25,COTAÇÃO,8,0))))","v":"HORA"},0.5,{"$f":"IF(FVX25=\"SINAPI\",VLOOKUP(FVU25,SINAPI,4,0),IF(FVX25=\"SETOP\",VLOOKUP(FVU25,SETOP,5,0),IF(FVX25=\"CPU\",VLOOKUP(FVU25,COMPOSIÇÃO,8,0),VLOOKUP(FVU25,COTAÇÃO,11,0))))","v":19.149999999999999},{"$f":"FVZ25*FWA25","v":9.5749999999999993},"ED-50374",{"$f":"IF(FWF25=\"SINAPI\",VLOOKUP(FWC25,SINAPI,2,0),IF(FWF25=\"SETOP\",VLOOKUP(FWC25,SETOP,3,0),IF(FWF25=\"CPU\",VLOOKUP(FWC25,COMPOSIÇÃO,2,0),VLOOKUP(FWC25,COTAÇÃO,3,0))))","v":"BOMBEIRO/ENCANADOR COM ENCARGOS COMPLEMENTARES"},null,"SETOP",{"$f":"IF(FWF25=\"SINAPI\",VLOOKUP(FWC25,SINAPI,3,0),IF(FWF25=\"SETOP\",VLOOKUP(FWC25,SETOP,4,0),IF(FWF25=\"CPU\",VLOOKUP(FWC25,COMPOSIÇÃO,5,0),VLOOKUP(FWC25,COTAÇÃO,8,0))))","v":"HORA"},0.5,{"$f":"IF(FWF25=\"SINAPI\",VLOOKUP(FWC25,SINAPI,4,0),IF(FWF25=\"SETOP\",VLOOKUP(FWC25,SETOP,5,0),IF(FWF25=\"CPU\",VLOOKUP(FWC25,COMPOSIÇÃO,8,0),VLOOKUP(FWC25,COTAÇÃO,11,0))))","v":19.149999999999999},{"$f":"FWH25*FWI25","v":9.5749999999999993},"ED-50374",{"$f":"IF(FWN25=\"SINAPI\",VLOOKUP(FWK25,SINAPI,2,0),IF(FWN25=\"SETOP\",VLOOKUP(FWK25,SETOP,3,0),IF(FWN25=\"CPU\",VLOOKUP(FWK25,COMPOSIÇÃO,2,0),VLOOKUP(FWK25,COTAÇÃO,3,0))))","v":"BOMBEIRO/ENCANADOR COM ENCARGOS COMPLEMENTARES"},null,"SETOP",{"$f":"IF(FWN25=\"SINAPI\",VLOOKUP(FWK25,SINAPI,3,0),IF(FWN25=\"SETOP\",VLOOKUP(FWK25,SETOP,4,0),IF(FWN25=\"CPU\",VLOOKUP(FWK25,COMPOSIÇÃO,5,0),VLOOKUP(FWK25,COTAÇÃO,8,0))))","v":"HORA"},0.5,{"$f":"IF(FWN25=\"SINAPI\",VLOOKUP(FWK25,SINAPI,4,0),IF(FWN25=\"SETOP\",VLOOKUP(FWK25,SETOP,5,0),IF(FWN25=\"CPU\",VLOOKUP(FWK25,COMPOSIÇÃO,8,0),VLOOKUP(FWK25,COTAÇÃO,11,0))))","v":19.149999999999999},{"$f":"FWP25*FWQ25","v":9.5749999999999993},"ED-50374",{"$f":"IF(FWV25=\"SINAPI\",VLOOKUP(FWS25,SINAPI,2,0),IF(FWV25=\"SETOP\",VLOOKUP(FWS25,SETOP,3,0),IF(FWV25=\"CPU\",VLOOKUP(FWS25,COMPOSIÇÃO,2,0),VLOOKUP(FWS25,COTAÇÃO,3,0))))","v":"BOMBEIRO/ENCANADOR COM ENCARGOS COMPLEMENTARES"},null,"SETOP",{"$f":"IF(FWV25=\"SINAPI\",VLOOKUP(FWS25,SINAPI,3,0),IF(FWV25=\"SETOP\",VLOOKUP(FWS25,SETOP,4,0),IF(FWV25=\"CPU\",VLOOKUP(FWS25,COMPOSIÇÃO,5,0),VLOOKUP(FWS25,COTAÇÃO,8,0))))","v":"HORA"},0.5,{"$f":"IF(FWV25=\"SINAPI\",VLOOKUP(FWS25,SINAPI,4,0),IF(FWV25=\"SETOP\",VLOOKUP(FWS25,SETOP,5,0),IF(FWV25=\"CPU\",VLOOKUP(FWS25,COMPOSIÇÃO,8,0),VLOOKUP(FWS25,COTAÇÃO,11,0))))","v":19.149999999999999},{"$f":"FWX25*FWY25","v":9.5749999999999993},"ED-50374",{"$f":"IF(FXD25=\"SINAPI\",VLOOKUP(FXA25,SINAPI,2,0),IF(FXD25=\"SETOP\",VLOOKUP(FXA25,SETOP,3,0),IF(FXD25=\"CPU\",VLOOKUP(FXA25,COMPOSIÇÃO,2,0),VLOOKUP(FXA25,COTAÇÃO,3,0))))","v":"BOMBEIRO/ENCANADOR COM ENCARGOS COMPLEMENTARES"},null,"SETOP",{"$f":"IF(FXD25=\"SINAPI\",VLOOKUP(FXA25,SINAPI,3,0),IF(FXD25=\"SETOP\",VLOOKUP(FXA25,SETOP,4,0),IF(FXD25=\"CPU\",VLOOKUP(FXA25,COMPOSIÇÃO,5,0),VLOOKUP(FXA25,COTAÇÃO,8,0))))","v":"HORA"},0.5,{"$f":"IF(FXD25=\"SINAPI\",VLOOKUP(FXA25,SINAPI,4,0),IF(FXD25=\"SETOP\",VLOOKUP(FXA25,SETOP,5,0),IF(FXD25=\"CPU\",VLOOKUP(FXA25,COMPOSIÇÃO,8,0),VLOOKUP(FXA25,COTAÇÃO,11,0))))","v":19.149999999999999},{"$f":"FXF25*FXG25","v":9.5749999999999993},"ED-50374",{"$f":"IF(FXL25=\"SINAPI\",VLOOKUP(FXI25,SINAPI,2,0),IF(FXL25=\"SETOP\",VLOOKUP(FXI25,SETOP,3,0),IF(FXL25=\"CPU\",VLOOKUP(FXI25,COMPOSIÇÃO,2,0),VLOOKUP(FXI25,COTAÇÃO,3,0))))","v":"BOMBEIRO/ENCANADOR COM ENCARGOS COMPLEMENTARES"},null,"SETOP",{"$f":"IF(FXL25=\"SINAPI\",VLOOKUP(FXI25,SINAPI,3,0),IF(FXL25=\"SETOP\",VLOOKUP(FXI25,SETOP,4,0),IF(FXL25=\"CPU\",VLOOKUP(FXI25,COMPOSIÇÃO,5,0),VLOOKUP(FXI25,COTAÇÃO,8,0))))","v":"HORA"},0.5,{"$f":"IF(FXL25=\"SINAPI\",VLOOKUP(FXI25,SINAPI,4,0),IF(FXL25=\"SETOP\",VLOOKUP(FXI25,SETOP,5,0),IF(FXL25=\"CPU\",VLOOKUP(FXI25,COMPOSIÇÃO,8,0),VLOOKUP(FXI25,COTAÇÃO,11,0))))","v":19.149999999999999},{"$f":"FXN25*FXO25","v":9.5749999999999993},"ED-50374",{"$f":"IF(FXT25=\"SINAPI\",VLOOKUP(FXQ25,SINAPI,2,0),IF(FXT25=\"SETOP\",VLOOKUP(FXQ25,SETOP,3,0),IF(FXT25=\"CPU\",VLOOKUP(FXQ25,COMPOSIÇÃO,2,0),VLOOKUP(FXQ25,COTAÇÃO,3,0))))","v":"BOMBEIRO/ENCANADOR COM ENCARGOS COMPLEMENTARES"},null,"SETOP",{"$f":"IF(FXT25=\"SINAPI\",VLOOKUP(FXQ25,SINAPI,3,0),IF(FXT25=\"SETOP\",VLOOKUP(FXQ25,SETOP,4,0),IF(FXT25=\"CPU\",VLOOKUP(FXQ25,COMPOSIÇÃO,5,0),VLOOKUP(FXQ25,COTAÇÃO,8,0))))","v":"HORA"},0.5,{"$f":"IF(FXT25=\"SINAPI\",VLOOKUP(FXQ25,SINAPI,4,0),IF(FXT25=\"SETOP\",VLOOKUP(FXQ25,SETOP,5,0),IF(FXT25=\"CPU\",VLOOKUP(FXQ25,COMPOSIÇÃO,8,0),VLOOKUP(FXQ25,COTAÇÃO,11,0))))","v":19.149999999999999},{"$f":"FXV25*FXW25","v":9.5749999999999993},"ED-50374",{"$f":"IF(FYB25=\"SINAPI\",VLOOKUP(FXY25,SINAPI,2,0),IF(FYB25=\"SETOP\",VLOOKUP(FXY25,SETOP,3,0),IF(FYB25=\"CPU\",VLOOKUP(FXY25,COMPOSIÇÃO,2,0),VLOOKUP(FXY25,COTAÇÃO,3,0))))","v":"BOMBEIRO/ENCANADOR COM ENCARGOS COMPLEMENTARES"},null,"SETOP",{"$f":"IF(FYB25=\"SINAPI\",VLOOKUP(FXY25,SINAPI,3,0),IF(FYB25=\"SETOP\",VLOOKUP(FXY25,SETOP,4,0),IF(FYB25=\"CPU\",VLOOKUP(FXY25,COMPOSIÇÃO,5,0),VLOOKUP(FXY25,COTAÇÃO,8,0))))","v":"HORA"},0.5,{"$f":"IF(FYB25=\"SINAPI\",VLOOKUP(FXY25,SINAPI,4,0),IF(FYB25=\"SETOP\",VLOOKUP(FXY25,SETOP,5,0),IF(FYB25=\"CPU\",VLOOKUP(FXY25,COMPOSIÇÃO,8,0),VLOOKUP(FXY25,COTAÇÃO,11,0))))","v":19.149999999999999},{"$f":"FYD25*FYE25","v":9.5749999999999993},"ED-50374",{"$f":"IF(FYJ25=\"SINAPI\",VLOOKUP(FYG25,SINAPI,2,0),IF(FYJ25=\"SETOP\",VLOOKUP(FYG25,SETOP,3,0),IF(FYJ25=\"CPU\",VLOOKUP(FYG25,COMPOSIÇÃO,2,0),VLOOKUP(FYG25,COTAÇÃO,3,0))))","v":"BOMBEIRO/ENCANADOR COM ENCARGOS COMPLEMENTARES"},null,"SETOP",{"$f":"IF(FYJ25=\"SINAPI\",VLOOKUP(FYG25,SINAPI,3,0),IF(FYJ25=\"SETOP\",VLOOKUP(FYG25,SETOP,4,0),IF(FYJ25=\"CPU\",VLOOKUP(FYG25,COMPOSIÇÃO,5,0),VLOOKUP(FYG25,COTAÇÃO,8,0))))","v":"HORA"},0.5,{"$f":"IF(FYJ25=\"SINAPI\",VLOOKUP(FYG25,SINAPI,4,0),IF(FYJ25=\"SETOP\",VLOOKUP(FYG25,SETOP,5,0),IF(FYJ25=\"CPU\",VLOOKUP(FYG25,COMPOSIÇÃO,8,0),VLOOKUP(FYG25,COTAÇÃO,11,0))))","v":19.149999999999999},{"$f":"FYL25*FYM25","v":9.5749999999999993},"ED-50374",{"$f":"IF(FYR25=\"SINAPI\",VLOOKUP(FYO25,SINAPI,2,0),IF(FYR25=\"SETOP\",VLOOKUP(FYO25,SETOP,3,0),IF(FYR25=\"CPU\",VLOOKUP(FYO25,COMPOSIÇÃO,2,0),VLOOKUP(FYO25,COTAÇÃO,3,0))))","v":"BOMBEIRO/ENCANADOR COM ENCARGOS COMPLEMENTARES"},null,"SETOP",{"$f":"IF(FYR25=\"SINAPI\",VLOOKUP(FYO25,SINAPI,3,0),IF(FYR25=\"SETOP\",VLOOKUP(FYO25,SETOP,4,0),IF(FYR25=\"CPU\",VLOOKUP(FYO25,COMPOSIÇÃO,5,0),VLOOKUP(FYO25,COTAÇÃO,8,0))))","v":"HORA"},0.5,{"$f":"IF(FYR25=\"SINAPI\",VLOOKUP(FYO25,SINAPI,4,0),IF(FYR25=\"SETOP\",VLOOKUP(FYO25,SETOP,5,0),IF(FYR25=\"CPU\",VLOOKUP(FYO25,COMPOSIÇÃO,8,0),VLOOKUP(FYO25,COTAÇÃO,11,0))))","v":19.149999999999999},{"$f":"FYT25*FYU25","v":9.5749999999999993},"ED-50374",{"$f":"IF(FYZ25=\"SINAPI\",VLOOKUP(FYW25,SINAPI,2,0),IF(FYZ25=\"SETOP\",VLOOKUP(FYW25,SETOP,3,0),IF(FYZ25=\"CPU\",VLOOKUP(FYW25,COMPOSIÇÃO,2,0),VLOOKUP(FYW25,COTAÇÃO,3,0))))","v":"BOMBEIRO/ENCANADOR COM ENCARGOS COMPLEMENTARES"},null,"SETOP",{"$f":"IF(FYZ25=\"SINAPI\",VLOOKUP(FYW25,SINAPI,3,0),IF(FYZ25=\"SETOP\",VLOOKUP(FYW25,SETOP,4,0),IF(FYZ25=\"CPU\",VLOOKUP(FYW25,COMPOSIÇÃO,5,0),VLOOKUP(FYW25,COTAÇÃO,8,0))))","v":"HORA"},0.5,{"$f":"IF(FYZ25=\"SINAPI\",VLOOKUP(FYW25,SINAPI,4,0),IF(FYZ25=\"SETOP\",VLOOKUP(FYW25,SETOP,5,0),IF(FYZ25=\"CPU\",VLOOKUP(FYW25,COMPOSIÇÃO,8,0),VLOOKUP(FYW25,COTAÇÃO,11,0))))","v":19.149999999999999},{"$f":"FZB25*FZC25","v":9.5749999999999993},"ED-50374",{"$f":"IF(FZH25=\"SINAPI\",VLOOKUP(FZE25,SINAPI,2,0),IF(FZH25=\"SETOP\",VLOOKUP(FZE25,SETOP,3,0),IF(FZH25=\"CPU\",VLOOKUP(FZE25,COMPOSIÇÃO,2,0),VLOOKUP(FZE25,COTAÇÃO,3,0))))","v":"BOMBEIRO/ENCANADOR COM ENCARGOS COMPLEMENTARES"},null,"SETOP",{"$f":"IF(FZH25=\"SINAPI\",VLOOKUP(FZE25,SINAPI,3,0),IF(FZH25=\"SETOP\",VLOOKUP(FZE25,SETOP,4,0),IF(FZH25=\"CPU\",VLOOKUP(FZE25,COMPOSIÇÃO,5,0),VLOOKUP(FZE25,COTAÇÃO,8,0))))","v":"HORA"},0.5,{"$f":"IF(FZH25=\"SINAPI\",VLOOKUP(FZE25,SINAPI,4,0),IF(FZH25=\"SETOP\",VLOOKUP(FZE25,SETOP,5,0),IF(FZH25=\"CPU\",VLOOKUP(FZE25,COMPOSIÇÃO,8,0),VLOOKUP(FZE25,COTAÇÃO,11,0))))","v":19.149999999999999},{"$f":"FZJ25*FZK25","v":9.5749999999999993},"ED-50374",{"$f":"IF(FZP25=\"SINAPI\",VLOOKUP(FZM25,SINAPI,2,0),IF(FZP25=\"SETOP\",VLOOKUP(FZM25,SETOP,3,0),IF(FZP25=\"CPU\",VLOOKUP(FZM25,COMPOSIÇÃO,2,0),VLOOKUP(FZM25,COTAÇÃO,3,0))))","v":"BOMBEIRO/ENCANADOR COM ENCARGOS COMPLEMENTARES"},null,"SETOP",{"$f":"IF(FZP25=\"SINAPI\",VLOOKUP(FZM25,SINAPI,3,0),IF(FZP25=\"SETOP\",VLOOKUP(FZM25,SETOP,4,0),IF(FZP25=\"CPU\",VLOOKUP(FZM25,COMPOSIÇÃO,5,0),VLOOKUP(FZM25,COTAÇÃO,8,0))))","v":"HORA"},0.5,{"$f":"IF(FZP25=\"SINAPI\",VLOOKUP(FZM25,SINAPI,4,0),IF(FZP25=\"SETOP\",VLOOKUP(FZM25,SETOP,5,0),IF(FZP25=\"CPU\",VLOOKUP(FZM25,COMPOSIÇÃO,8,0),VLOOKUP(FZM25,COTAÇÃO,11,0))))","v":19.149999999999999},{"$f":"FZR25*FZS25","v":9.5749999999999993},"ED-50374",{"$f":"IF(FZX25=\"SINAPI\",VLOOKUP(FZU25,SINAPI,2,0),IF(FZX25=\"SETOP\",VLOOKUP(FZU25,SETOP,3,0),IF(FZX25=\"CPU\",VLOOKUP(FZU25,COMPOSIÇÃO,2,0),VLOOKUP(FZU25,COTAÇÃO,3,0))))","v":"BOMBEIRO/ENCANADOR COM ENCARGOS COMPLEMENTARES"},null,"SETOP",{"$f":"IF(FZX25=\"SINAPI\",VLOOKUP(FZU25,SINAPI,3,0),IF(FZX25=\"SETOP\",VLOOKUP(FZU25,SETOP,4,0),IF(FZX25=\"CPU\",VLOOKUP(FZU25,COMPOSIÇÃO,5,0),VLOOKUP(FZU25,COTAÇÃO,8,0))))","v":"HORA"},0.5,{"$f":"IF(FZX25=\"SINAPI\",VLOOKUP(FZU25,SINAPI,4,0),IF(FZX25=\"SETOP\",VLOOKUP(FZU25,SETOP,5,0),IF(FZX25=\"CPU\",VLOOKUP(FZU25,COMPOSIÇÃO,8,0),VLOOKUP(FZU25,COTAÇÃO,11,0))))","v":19.149999999999999},{"$f":"FZZ25*GAA25","v":9.5749999999999993},"ED-50374",{"$f":"IF(GAF25=\"SINAPI\",VLOOKUP(GAC25,SINAPI,2,0),IF(GAF25=\"SETOP\",VLOOKUP(GAC25,SETOP,3,0),IF(GAF25=\"CPU\",VLOOKUP(GAC25,COMPOSIÇÃO,2,0),VLOOKUP(GAC25,COTAÇÃO,3,0))))","v":"BOMBEIRO/ENCANADOR COM ENCARGOS COMPLEMENTARES"},null,"SETOP",{"$f":"IF(GAF25=\"SINAPI\",VLOOKUP(GAC25,SINAPI,3,0),IF(GAF25=\"SETOP\",VLOOKUP(GAC25,SETOP,4,0),IF(GAF25=\"CPU\",VLOOKUP(GAC25,COMPOSIÇÃO,5,0),VLOOKUP(GAC25,COTAÇÃO,8,0))))","v":"HORA"},0.5,{"$f":"IF(GAF25=\"SINAPI\",VLOOKUP(GAC25,SINAPI,4,0),IF(GAF25=\"SETOP\",VLOOKUP(GAC25,SETOP,5,0),IF(GAF25=\"CPU\",VLOOKUP(GAC25,COMPOSIÇÃO,8,0),VLOOKUP(GAC25,COTAÇÃO,11,0))))","v":19.149999999999999},{"$f":"GAH25*GAI25","v":9.5749999999999993},"ED-50374",{"$f":"IF(GAN25=\"SINAPI\",VLOOKUP(GAK25,SINAPI,2,0),IF(GAN25=\"SETOP\",VLOOKUP(GAK25,SETOP,3,0),IF(GAN25=\"CPU\",VLOOKUP(GAK25,COMPOSIÇÃO,2,0),VLOOKUP(GAK25,COTAÇÃO,3,0))))","v":"BOMBEIRO/ENCANADOR COM ENCARGOS COMPLEMENTARES"},null,"SETOP",{"$f":"IF(GAN25=\"SINAPI\",VLOOKUP(GAK25,SINAPI,3,0),IF(GAN25=\"SETOP\",VLOOKUP(GAK25,SETOP,4,0),IF(GAN25=\"CPU\",VLOOKUP(GAK25,COMPOSIÇÃO,5,0),VLOOKUP(GAK25,COTAÇÃO,8,0))))","v":"HORA"},0.5,{"$f":"IF(GAN25=\"SINAPI\",VLOOKUP(GAK25,SINAPI,4,0),IF(GAN25=\"SETOP\",VLOOKUP(GAK25,SETOP,5,0),IF(GAN25=\"CPU\",VLOOKUP(GAK25,COMPOSIÇÃO,8,0),VLOOKUP(GAK25,COTAÇÃO,11,0))))","v":19.149999999999999},{"$f":"GAP25*GAQ25","v":9.5749999999999993},"ED-50374",{"$f":"IF(GAV25=\"SINAPI\",VLOOKUP(GAS25,SINAPI,2,0),IF(GAV25=\"SETOP\",VLOOKUP(GAS25,SETOP,3,0),IF(GAV25=\"CPU\",VLOOKUP(GAS25,COMPOSIÇÃO,2,0),VLOOKUP(GAS25,COTAÇÃO,3,0))))","v":"BOMBEIRO/ENCANADOR COM ENCARGOS COMPLEMENTARES"},null,"SETOP",{"$f":"IF(GAV25=\"SINAPI\",VLOOKUP(GAS25,SINAPI,3,0),IF(GAV25=\"SETOP\",VLOOKUP(GAS25,SETOP,4,0),IF(GAV25=\"CPU\",VLOOKUP(GAS25,COMPOSIÇÃO,5,0),VLOOKUP(GAS25,COTAÇÃO,8,0))))","v":"HORA"},0.5,{"$f":"IF(GAV25=\"SINAPI\",VLOOKUP(GAS25,SINAPI,4,0),IF(GAV25=\"SETOP\",VLOOKUP(GAS25,SETOP,5,0),IF(GAV25=\"CPU\",VLOOKUP(GAS25,COMPOSIÇÃO,8,0),VLOOKUP(GAS25,COTAÇÃO,11,0))))","v":19.149999999999999},{"$f":"GAX25*GAY25","v":9.5749999999999993},"ED-50374",{"$f":"IF(GBD25=\"SINAPI\",VLOOKUP(GBA25,SINAPI,2,0),IF(GBD25=\"SETOP\",VLOOKUP(GBA25,SETOP,3,0),IF(GBD25=\"CPU\",VLOOKUP(GBA25,COMPOSIÇÃO,2,0),VLOOKUP(GBA25,COTAÇÃO,3,0))))","v":"BOMBEIRO/ENCANADOR COM ENCARGOS COMPLEMENTARES"},null,"SETOP",{"$f":"IF(GBD25=\"SINAPI\",VLOOKUP(GBA25,SINAPI,3,0),IF(GBD25=\"SETOP\",VLOOKUP(GBA25,SETOP,4,0),IF(GBD25=\"CPU\",VLOOKUP(GBA25,COMPOSIÇÃO,5,0),VLOOKUP(GBA25,COTAÇÃO,8,0))))","v":"HORA"},0.5,{"$f":"IF(GBD25=\"SINAPI\",VLOOKUP(GBA25,SINAPI,4,0),IF(GBD25=\"SETOP\",VLOOKUP(GBA25,SETOP,5,0),IF(GBD25=\"CPU\",VLOOKUP(GBA25,COMPOSIÇÃO,8,0),VLOOKUP(GBA25,COTAÇÃO,11,0))))","v":19.149999999999999},{"$f":"GBF25*GBG25","v":9.5749999999999993},"ED-50374",{"$f":"IF(GBL25=\"SINAPI\",VLOOKUP(GBI25,SINAPI,2,0),IF(GBL25=\"SETOP\",VLOOKUP(GBI25,SETOP,3,0),IF(GBL25=\"CPU\",VLOOKUP(GBI25,COMPOSIÇÃO,2,0),VLOOKUP(GBI25,COTAÇÃO,3,0))))","v":"BOMBEIRO/ENCANADOR COM ENCARGOS COMPLEMENTARES"},null,"SETOP",{"$f":"IF(GBL25=\"SINAPI\",VLOOKUP(GBI25,SINAPI,3,0),IF(GBL25=\"SETOP\",VLOOKUP(GBI25,SETOP,4,0),IF(GBL25=\"CPU\",VLOOKUP(GBI25,COMPOSIÇÃO,5,0),VLOOKUP(GBI25,COTAÇÃO,8,0))))","v":"HORA"},0.5,{"$f":"IF(GBL25=\"SINAPI\",VLOOKUP(GBI25,SINAPI,4,0),IF(GBL25=\"SETOP\",VLOOKUP(GBI25,SETOP,5,0),IF(GBL25=\"CPU\",VLOOKUP(GBI25,COMPOSIÇÃO,8,0),VLOOKUP(GBI25,COTAÇÃO,11,0))))","v":19.149999999999999},{"$f":"GBN25*GBO25","v":9.5749999999999993},"ED-50374",{"$f":"IF(GBT25=\"SINAPI\",VLOOKUP(GBQ25,SINAPI,2,0),IF(GBT25=\"SETOP\",VLOOKUP(GBQ25,SETOP,3,0),IF(GBT25=\"CPU\",VLOOKUP(GBQ25,COMPOSIÇÃO,2,0),VLOOKUP(GBQ25,COTAÇÃO,3,0))))","v":"BOMBEIRO/ENCANADOR COM ENCARGOS COMPLEMENTARES"},null,"SETOP",{"$f":"IF(GBT25=\"SINAPI\",VLOOKUP(GBQ25,SINAPI,3,0),IF(GBT25=\"SETOP\",VLOOKUP(GBQ25,SETOP,4,0),IF(GBT25=\"CPU\",VLOOKUP(GBQ25,COMPOSIÇÃO,5,0),VLOOKUP(GBQ25,COTAÇÃO,8,0))))","v":"HORA"},0.5,{"$f":"IF(GBT25=\"SINAPI\",VLOOKUP(GBQ25,SINAPI,4,0),IF(GBT25=\"SETOP\",VLOOKUP(GBQ25,SETOP,5,0),IF(GBT25=\"CPU\",VLOOKUP(GBQ25,COMPOSIÇÃO,8,0),VLOOKUP(GBQ25,COTAÇÃO,11,0))))","v":19.149999999999999},{"$f":"GBV25*GBW25","v":9.5749999999999993},"ED-50374",{"$f":"IF(GCB25=\"SINAPI\",VLOOKUP(GBY25,SINAPI,2,0),IF(GCB25=\"SETOP\",VLOOKUP(GBY25,SETOP,3,0),IF(GCB25=\"CPU\",VLOOKUP(GBY25,COMPOSIÇÃO,2,0),VLOOKUP(GBY25,COTAÇÃO,3,0))))","v":"BOMBEIRO/ENCANADOR COM ENCARGOS COMPLEMENTARES"},null,"SETOP",{"$f":"IF(GCB25=\"SINAPI\",VLOOKUP(GBY25,SINAPI,3,0),IF(GCB25=\"SETOP\",VLOOKUP(GBY25,SETOP,4,0),IF(GCB25=\"CPU\",VLOOKUP(GBY25,COMPOSIÇÃO,5,0),VLOOKUP(GBY25,COTAÇÃO,8,0))))","v":"HORA"},0.5,{"$f":"IF(GCB25=\"SINAPI\",VLOOKUP(GBY25,SINAPI,4,0),IF(GCB25=\"SETOP\",VLOOKUP(GBY25,SETOP,5,0),IF(GCB25=\"CPU\",VLOOKUP(GBY25,COMPOSIÇÃO,8,0),VLOOKUP(GBY25,COTAÇÃO,11,0))))","v":19.149999999999999},{"$f":"GCD25*GCE25","v":9.5749999999999993},"ED-50374",{"$f":"IF(GCJ25=\"SINAPI\",VLOOKUP(GCG25,SINAPI,2,0),IF(GCJ25=\"SETOP\",VLOOKUP(GCG25,SETOP,3,0),IF(GCJ25=\"CPU\",VLOOKUP(GCG25,COMPOSIÇÃO,2,0),VLOOKUP(GCG25,COTAÇÃO,3,0))))","v":"BOMBEIRO/ENCANADOR COM ENCARGOS COMPLEMENTARES"},null,"SETOP",{"$f":"IF(GCJ25=\"SINAPI\",VLOOKUP(GCG25,SINAPI,3,0),IF(GCJ25=\"SETOP\",VLOOKUP(GCG25,SETOP,4,0),IF(GCJ25=\"CPU\",VLOOKUP(GCG25,COMPOSIÇÃO,5,0),VLOOKUP(GCG25,COTAÇÃO,8,0))))","v":"HORA"},0.5,{"$f":"IF(GCJ25=\"SINAPI\",VLOOKUP(GCG25,SINAPI,4,0),IF(GCJ25=\"SETOP\",VLOOKUP(GCG25,SETOP,5,0),IF(GCJ25=\"CPU\",VLOOKUP(GCG25,COMPOSIÇÃO,8,0),VLOOKUP(GCG25,COTAÇÃO,11,0))))","v":19.149999999999999},{"$f":"GCL25*GCM25","v":9.5749999999999993},"ED-50374",{"$f":"IF(GCR25=\"SINAPI\",VLOOKUP(GCO25,SINAPI,2,0),IF(GCR25=\"SETOP\",VLOOKUP(GCO25,SETOP,3,0),IF(GCR25=\"CPU\",VLOOKUP(GCO25,COMPOSIÇÃO,2,0),VLOOKUP(GCO25,COTAÇÃO,3,0))))","v":"BOMBEIRO/ENCANADOR COM ENCARGOS COMPLEMENTARES"},null,"SETOP",{"$f":"IF(GCR25=\"SINAPI\",VLOOKUP(GCO25,SINAPI,3,0),IF(GCR25=\"SETOP\",VLOOKUP(GCO25,SETOP,4,0),IF(GCR25=\"CPU\",VLOOKUP(GCO25,COMPOSIÇÃO,5,0),VLOOKUP(GCO25,COTAÇÃO,8,0))))","v":"HORA"},0.5,{"$f":"IF(GCR25=\"SINAPI\",VLOOKUP(GCO25,SINAPI,4,0),IF(GCR25=\"SETOP\",VLOOKUP(GCO25,SETOP,5,0),IF(GCR25=\"CPU\",VLOOKUP(GCO25,COMPOSIÇÃO,8,0),VLOOKUP(GCO25,COTAÇÃO,11,0))))","v":19.149999999999999},{"$f":"GCT25*GCU25","v":9.5749999999999993},"ED-50374",{"$f":"IF(GCZ25=\"SINAPI\",VLOOKUP(GCW25,SINAPI,2,0),IF(GCZ25=\"SETOP\",VLOOKUP(GCW25,SETOP,3,0),IF(GCZ25=\"CPU\",VLOOKUP(GCW25,COMPOSIÇÃO,2,0),VLOOKUP(GCW25,COTAÇÃO,3,0))))","v":"BOMBEIRO/ENCANADOR COM ENCARGOS COMPLEMENTARES"},null,"SETOP",{"$f":"IF(GCZ25=\"SINAPI\",VLOOKUP(GCW25,SINAPI,3,0),IF(GCZ25=\"SETOP\",VLOOKUP(GCW25,SETOP,4,0),IF(GCZ25=\"CPU\",VLOOKUP(GCW25,COMPOSIÇÃO,5,0),VLOOKUP(GCW25,COTAÇÃO,8,0))))","v":"HORA"},0.5,{"$f":"IF(GCZ25=\"SINAPI\",VLOOKUP(GCW25,SINAPI,4,0),IF(GCZ25=\"SETOP\",VLOOKUP(GCW25,SETOP,5,0),IF(GCZ25=\"CPU\",VLOOKUP(GCW25,COMPOSIÇÃO,8,0),VLOOKUP(GCW25,COTAÇÃO,11,0))))","v":19.149999999999999},{"$f":"GDB25*GDC25","v":9.5749999999999993},"ED-50374",{"$f":"IF(GDH25=\"SINAPI\",VLOOKUP(GDE25,SINAPI,2,0),IF(GDH25=\"SETOP\",VLOOKUP(GDE25,SETOP,3,0),IF(GDH25=\"CPU\",VLOOKUP(GDE25,COMPOSIÇÃO,2,0),VLOOKUP(GDE25,COTAÇÃO,3,0))))","v":"BOMBEIRO/ENCANADOR COM ENCARGOS COMPLEMENTARES"},null,"SETOP",{"$f":"IF(GDH25=\"SINAPI\",VLOOKUP(GDE25,SINAPI,3,0),IF(GDH25=\"SETOP\",VLOOKUP(GDE25,SETOP,4,0),IF(GDH25=\"CPU\",VLOOKUP(GDE25,COMPOSIÇÃO,5,0),VLOOKUP(GDE25,COTAÇÃO,8,0))))","v":"HORA"},0.5,{"$f":"IF(GDH25=\"SINAPI\",VLOOKUP(GDE25,SINAPI,4,0),IF(GDH25=\"SETOP\",VLOOKUP(GDE25,SETOP,5,0),IF(GDH25=\"CPU\",VLOOKUP(GDE25,COMPOSIÇÃO,8,0),VLOOKUP(GDE25,COTAÇÃO,11,0))))","v":19.149999999999999},{"$f":"GDJ25*GDK25","v":9.5749999999999993},"ED-50374",{"$f":"IF(GDP25=\"SINAPI\",VLOOKUP(GDM25,SINAPI,2,0),IF(GDP25=\"SETOP\",VLOOKUP(GDM25,SETOP,3,0),IF(GDP25=\"CPU\",VLOOKUP(GDM25,COMPOSIÇÃO,2,0),VLOOKUP(GDM25,COTAÇÃO,3,0))))","v":"BOMBEIRO/ENCANADOR COM ENCARGOS COMPLEMENTARES"},null,"SETOP",{"$f":"IF(GDP25=\"SINAPI\",VLOOKUP(GDM25,SINAPI,3,0),IF(GDP25=\"SETOP\",VLOOKUP(GDM25,SETOP,4,0),IF(GDP25=\"CPU\",VLOOKUP(GDM25,COMPOSIÇÃO,5,0),VLOOKUP(GDM25,COTAÇÃO,8,0))))","v":"HORA"},0.5,{"$f":"IF(GDP25=\"SINAPI\",VLOOKUP(GDM25,SINAPI,4,0),IF(GDP25=\"SETOP\",VLOOKUP(GDM25,SETOP,5,0),IF(GDP25=\"CPU\",VLOOKUP(GDM25,COMPOSIÇÃO,8,0),VLOOKUP(GDM25,COTAÇÃO,11,0))))","v":19.149999999999999},{"$f":"GDR25*GDS25","v":9.5749999999999993},"ED-50374",{"$f":"IF(GDX25=\"SINAPI\",VLOOKUP(GDU25,SINAPI,2,0),IF(GDX25=\"SETOP\",VLOOKUP(GDU25,SETOP,3,0),IF(GDX25=\"CPU\",VLOOKUP(GDU25,COMPOSIÇÃO,2,0),VLOOKUP(GDU25,COTAÇÃO,3,0))))","v":"BOMBEIRO/ENCANADOR COM ENCARGOS COMPLEMENTARES"},null,"SETOP",{"$f":"IF(GDX25=\"SINAPI\",VLOOKUP(GDU25,SINAPI,3,0),IF(GDX25=\"SETOP\",VLOOKUP(GDU25,SETOP,4,0),IF(GDX25=\"CPU\",VLOOKUP(GDU25,COMPOSIÇÃO,5,0),VLOOKUP(GDU25,COTAÇÃO,8,0))))","v":"HORA"},0.5,{"$f":"IF(GDX25=\"SINAPI\",VLOOKUP(GDU25,SINAPI,4,0),IF(GDX25=\"SETOP\",VLOOKUP(GDU25,SETOP,5,0),IF(GDX25=\"CPU\",VLOOKUP(GDU25,COMPOSIÇÃO,8,0),VLOOKUP(GDU25,COTAÇÃO,11,0))))","v":19.149999999999999},{"$f":"GDZ25*GEA25","v":9.5749999999999993},"ED-50374",{"$f":"IF(GEF25=\"SINAPI\",VLOOKUP(GEC25,SINAPI,2,0),IF(GEF25=\"SETOP\",VLOOKUP(GEC25,SETOP,3,0),IF(GEF25=\"CPU\",VLOOKUP(GEC25,COMPOSIÇÃO,2,0),VLOOKUP(GEC25,COTAÇÃO,3,0))))","v":"BOMBEIRO/ENCANADOR COM ENCARGOS COMPLEMENTARES"},null,"SETOP",{"$f":"IF(GEF25=\"SINAPI\",VLOOKUP(GEC25,SINAPI,3,0),IF(GEF25=\"SETOP\",VLOOKUP(GEC25,SETOP,4,0),IF(GEF25=\"CPU\",VLOOKUP(GEC25,COMPOSIÇÃO,5,0),VLOOKUP(GEC25,COTAÇÃO,8,0))))","v":"HORA"},0.5,{"$f":"IF(GEF25=\"SINAPI\",VLOOKUP(GEC25,SINAPI,4,0),IF(GEF25=\"SETOP\",VLOOKUP(GEC25,SETOP,5,0),IF(GEF25=\"CPU\",VLOOKUP(GEC25,COMPOSIÇÃO,8,0),VLOOKUP(GEC25,COTAÇÃO,11,0))))","v":19.149999999999999},{"$f":"GEH25*GEI25","v":9.5749999999999993},"ED-50374",{"$f":"IF(GEN25=\"SINAPI\",VLOOKUP(GEK25,SINAPI,2,0),IF(GEN25=\"SETOP\",VLOOKUP(GEK25,SETOP,3,0),IF(GEN25=\"CPU\",VLOOKUP(GEK25,COMPOSIÇÃO,2,0),VLOOKUP(GEK25,COTAÇÃO,3,0))))","v":"BOMBEIRO/ENCANADOR COM ENCARGOS COMPLEMENTARES"},null,"SETOP",{"$f":"IF(GEN25=\"SINAPI\",VLOOKUP(GEK25,SINAPI,3,0),IF(GEN25=\"SETOP\",VLOOKUP(GEK25,SETOP,4,0),IF(GEN25=\"CPU\",VLOOKUP(GEK25,COMPOSIÇÃO,5,0),VLOOKUP(GEK25,COTAÇÃO,8,0))))","v":"HORA"},0.5,{"$f":"IF(GEN25=\"SINAPI\",VLOOKUP(GEK25,SINAPI,4,0),IF(GEN25=\"SETOP\",VLOOKUP(GEK25,SETOP,5,0),IF(GEN25=\"CPU\",VLOOKUP(GEK25,COMPOSIÇÃO,8,0),VLOOKUP(GEK25,COTAÇÃO,11,0))))","v":19.149999999999999},{"$f":"GEP25*GEQ25","v":9.5749999999999993},"ED-50374",{"$f":"IF(GEV25=\"SINAPI\",VLOOKUP(GES25,SINAPI,2,0),IF(GEV25=\"SETOP\",VLOOKUP(GES25,SETOP,3,0),IF(GEV25=\"CPU\",VLOOKUP(GES25,COMPOSIÇÃO,2,0),VLOOKUP(GES25,COTAÇÃO,3,0))))","v":"BOMBEIRO/ENCANADOR COM ENCARGOS COMPLEMENTARES"},null,"SETOP",{"$f":"IF(GEV25=\"SINAPI\",VLOOKUP(GES25,SINAPI,3,0),IF(GEV25=\"SETOP\",VLOOKUP(GES25,SETOP,4,0),IF(GEV25=\"CPU\",VLOOKUP(GES25,COMPOSIÇÃO,5,0),VLOOKUP(GES25,COTAÇÃO,8,0))))","v":"HORA"},0.5,{"$f":"IF(GEV25=\"SINAPI\",VLOOKUP(GES25,SINAPI,4,0),IF(GEV25=\"SETOP\",VLOOKUP(GES25,SETOP,5,0),IF(GEV25=\"CPU\",VLOOKUP(GES25,COMPOSIÇÃO,8,0),VLOOKUP(GES25,COTAÇÃO,11,0))))","v":19.149999999999999},{"$f":"GEX25*GEY25","v":9.5749999999999993},"ED-50374",{"$f":"IF(GFD25=\"SINAPI\",VLOOKUP(GFA25,SINAPI,2,0),IF(GFD25=\"SETOP\",VLOOKUP(GFA25,SETOP,3,0),IF(GFD25=\"CPU\",VLOOKUP(GFA25,COMPOSIÇÃO,2,0),VLOOKUP(GFA25,COTAÇÃO,3,0))))","v":"BOMBEIRO/ENCANADOR COM ENCARGOS COMPLEMENTARES"},null,"SETOP",{"$f":"IF(GFD25=\"SINAPI\",VLOOKUP(GFA25,SINAPI,3,0),IF(GFD25=\"SETOP\",VLOOKUP(GFA25,SETOP,4,0),IF(GFD25=\"CPU\",VLOOKUP(GFA25,COMPOSIÇÃO,5,0),VLOOKUP(GFA25,COTAÇÃO,8,0))))","v":"HORA"},0.5,{"$f":"IF(GFD25=\"SINAPI\",VLOOKUP(GFA25,SINAPI,4,0),IF(GFD25=\"SETOP\",VLOOKUP(GFA25,SETOP,5,0),IF(GFD25=\"CPU\",VLOOKUP(GFA25,COMPOSIÇÃO,8,0),VLOOKUP(GFA25,COTAÇÃO,11,0))))","v":19.149999999999999},{"$f":"GFF25*GFG25","v":9.5749999999999993},"ED-50374",{"$f":"IF(GFL25=\"SINAPI\",VLOOKUP(GFI25,SINAPI,2,0),IF(GFL25=\"SETOP\",VLOOKUP(GFI25,SETOP,3,0),IF(GFL25=\"CPU\",VLOOKUP(GFI25,COMPOSIÇÃO,2,0),VLOOKUP(GFI25,COTAÇÃO,3,0))))","v":"BOMBEIRO/ENCANADOR COM ENCARGOS COMPLEMENTARES"},null,"SETOP",{"$f":"IF(GFL25=\"SINAPI\",VLOOKUP(GFI25,SINAPI,3,0),IF(GFL25=\"SETOP\",VLOOKUP(GFI25,SETOP,4,0),IF(GFL25=\"CPU\",VLOOKUP(GFI25,COMPOSIÇÃO,5,0),VLOOKUP(GFI25,COTAÇÃO,8,0))))","v":"HORA"},0.5,{"$f":"IF(GFL25=\"SINAPI\",VLOOKUP(GFI25,SINAPI,4,0),IF(GFL25=\"SETOP\",VLOOKUP(GFI25,SETOP,5,0),IF(GFL25=\"CPU\",VLOOKUP(GFI25,COMPOSIÇÃO,8,0),VLOOKUP(GFI25,COTAÇÃO,11,0))))","v":19.149999999999999},{"$f":"GFN25*GFO25","v":9.5749999999999993},"ED-50374",{"$f":"IF(GFT25=\"SINAPI\",VLOOKUP(GFQ25,SINAPI,2,0),IF(GFT25=\"SETOP\",VLOOKUP(GFQ25,SETOP,3,0),IF(GFT25=\"CPU\",VLOOKUP(GFQ25,COMPOSIÇÃO,2,0),VLOOKUP(GFQ25,COTAÇÃO,3,0))))","v":"BOMBEIRO/ENCANADOR COM ENCARGOS COMPLEMENTARES"},null,"SETOP",{"$f":"IF(GFT25=\"SINAPI\",VLOOKUP(GFQ25,SINAPI,3,0),IF(GFT25=\"SETOP\",VLOOKUP(GFQ25,SETOP,4,0),IF(GFT25=\"CPU\",VLOOKUP(GFQ25,COMPOSIÇÃO,5,0),VLOOKUP(GFQ25,COTAÇÃO,8,0))))","v":"HORA"},0.5,{"$f":"IF(GFT25=\"SINAPI\",VLOOKUP(GFQ25,SINAPI,4,0),IF(GFT25=\"SETOP\",VLOOKUP(GFQ25,SETOP,5,0),IF(GFT25=\"CPU\",VLOOKUP(GFQ25,COMPOSIÇÃO,8,0),VLOOKUP(GFQ25,COTAÇÃO,11,0))))","v":19.149999999999999},{"$f":"GFV25*GFW25","v":9.5749999999999993},"ED-50374",{"$f":"IF(GGB25=\"SINAPI\",VLOOKUP(GFY25,SINAPI,2,0),IF(GGB25=\"SETOP\",VLOOKUP(GFY25,SETOP,3,0),IF(GGB25=\"CPU\",VLOOKUP(GFY25,COMPOSIÇÃO,2,0),VLOOKUP(GFY25,COTAÇÃO,3,0))))","v":"BOMBEIRO/ENCANADOR COM ENCARGOS COMPLEMENTARES"},null,"SETOP",{"$f":"IF(GGB25=\"SINAPI\",VLOOKUP(GFY25,SINAPI,3,0),IF(GGB25=\"SETOP\",VLOOKUP(GFY25,SETOP,4,0),IF(GGB25=\"CPU\",VLOOKUP(GFY25,COMPOSIÇÃO,5,0),VLOOKUP(GFY25,COTAÇÃO,8,0))))","v":"HORA"},0.5,{"$f":"IF(GGB25=\"SINAPI\",VLOOKUP(GFY25,SINAPI,4,0),IF(GGB25=\"SETOP\",VLOOKUP(GFY25,SETOP,5,0),IF(GGB25=\"CPU\",VLOOKUP(GFY25,COMPOSIÇÃO,8,0),VLOOKUP(GFY25,COTAÇÃO,11,0))))","v":19.149999999999999},{"$f":"GGD25*GGE25","v":9.5749999999999993},"ED-50374",{"$f":"IF(GGJ25=\"SINAPI\",VLOOKUP(GGG25,SINAPI,2,0),IF(GGJ25=\"SETOP\",VLOOKUP(GGG25,SETOP,3,0),IF(GGJ25=\"CPU\",VLOOKUP(GGG25,COMPOSIÇÃO,2,0),VLOOKUP(GGG25,COTAÇÃO,3,0))))","v":"BOMBEIRO/ENCANADOR COM ENCARGOS COMPLEMENTARES"},null,"SETOP",{"$f":"IF(GGJ25=\"SINAPI\",VLOOKUP(GGG25,SINAPI,3,0),IF(GGJ25=\"SETOP\",VLOOKUP(GGG25,SETOP,4,0),IF(GGJ25=\"CPU\",VLOOKUP(GGG25,COMPOSIÇÃO,5,0),VLOOKUP(GGG25,COTAÇÃO,8,0))))","v":"HORA"},0.5,{"$f":"IF(GGJ25=\"SINAPI\",VLOOKUP(GGG25,SINAPI,4,0),IF(GGJ25=\"SETOP\",VLOOKUP(GGG25,SETOP,5,0),IF(GGJ25=\"CPU\",VLOOKUP(GGG25,COMPOSIÇÃO,8,0),VLOOKUP(GGG25,COTAÇÃO,11,0))))","v":19.149999999999999},{"$f":"GGL25*GGM25","v":9.5749999999999993},"ED-50374",{"$f":"IF(GGR25=\"SINAPI\",VLOOKUP(GGO25,SINAPI,2,0),IF(GGR25=\"SETOP\",VLOOKUP(GGO25,SETOP,3,0),IF(GGR25=\"CPU\",VLOOKUP(GGO25,COMPOSIÇÃO,2,0),VLOOKUP(GGO25,COTAÇÃO,3,0))))","v":"BOMBEIRO/ENCANADOR COM ENCARGOS COMPLEMENTARES"},null,"SETOP",{"$f":"IF(GGR25=\"SINAPI\",VLOOKUP(GGO25,SINAPI,3,0),IF(GGR25=\"SETOP\",VLOOKUP(GGO25,SETOP,4,0),IF(GGR25=\"CPU\",VLOOKUP(GGO25,COMPOSIÇÃO,5,0),VLOOKUP(GGO25,COTAÇÃO,8,0))))","v":"HORA"},0.5,{"$f":"IF(GGR25=\"SINAPI\",VLOOKUP(GGO25,SINAPI,4,0),IF(GGR25=\"SETOP\",VLOOKUP(GGO25,SETOP,5,0),IF(GGR25=\"CPU\",VLOOKUP(GGO25,COMPOSIÇÃO,8,0),VLOOKUP(GGO25,COTAÇÃO,11,0))))","v":19.149999999999999},{"$f":"GGT25*GGU25","v":9.5749999999999993},"ED-50374",{"$f":"IF(GGZ25=\"SINAPI\",VLOOKUP(GGW25,SINAPI,2,0),IF(GGZ25=\"SETOP\",VLOOKUP(GGW25,SETOP,3,0),IF(GGZ25=\"CPU\",VLOOKUP(GGW25,COMPOSIÇÃO,2,0),VLOOKUP(GGW25,COTAÇÃO,3,0))))","v":"BOMBEIRO/ENCANADOR COM ENCARGOS COMPLEMENTARES"},null,"SETOP",{"$f":"IF(GGZ25=\"SINAPI\",VLOOKUP(GGW25,SINAPI,3,0),IF(GGZ25=\"SETOP\",VLOOKUP(GGW25,SETOP,4,0),IF(GGZ25=\"CPU\",VLOOKUP(GGW25,COMPOSIÇÃO,5,0),VLOOKUP(GGW25,COTAÇÃO,8,0))))","v":"HORA"},0.5,{"$f":"IF(GGZ25=\"SINAPI\",VLOOKUP(GGW25,SINAPI,4,0),IF(GGZ25=\"SETOP\",VLOOKUP(GGW25,SETOP,5,0),IF(GGZ25=\"CPU\",VLOOKUP(GGW25,COMPOSIÇÃO,8,0),VLOOKUP(GGW25,COTAÇÃO,11,0))))","v":19.149999999999999},{"$f":"GHB25*GHC25","v":9.5749999999999993},"ED-50374",{"$f":"IF(GHH25=\"SINAPI\",VLOOKUP(GHE25,SINAPI,2,0),IF(GHH25=\"SETOP\",VLOOKUP(GHE25,SETOP,3,0),IF(GHH25=\"CPU\",VLOOKUP(GHE25,COMPOSIÇÃO,2,0),VLOOKUP(GHE25,COTAÇÃO,3,0))))","v":"BOMBEIRO/ENCANADOR COM ENCARGOS COMPLEMENTARES"},null,"SETOP",{"$f":"IF(GHH25=\"SINAPI\",VLOOKUP(GHE25,SINAPI,3,0),IF(GHH25=\"SETOP\",VLOOKUP(GHE25,SETOP,4,0),IF(GHH25=\"CPU\",VLOOKUP(GHE25,COMPOSIÇÃO,5,0),VLOOKUP(GHE25,COTAÇÃO,8,0))))","v":"HORA"},0.5,{"$f":"IF(GHH25=\"SINAPI\",VLOOKUP(GHE25,SINAPI,4,0),IF(GHH25=\"SETOP\",VLOOKUP(GHE25,SETOP,5,0),IF(GHH25=\"CPU\",VLOOKUP(GHE25,COMPOSIÇÃO,8,0),VLOOKUP(GHE25,COTAÇÃO,11,0))))","v":19.149999999999999},{"$f":"GHJ25*GHK25","v":9.5749999999999993},"ED-50374",{"$f":"IF(GHP25=\"SINAPI\",VLOOKUP(GHM25,SINAPI,2,0),IF(GHP25=\"SETOP\",VLOOKUP(GHM25,SETOP,3,0),IF(GHP25=\"CPU\",VLOOKUP(GHM25,COMPOSIÇÃO,2,0),VLOOKUP(GHM25,COTAÇÃO,3,0))))","v":"BOMBEIRO/ENCANADOR COM ENCARGOS COMPLEMENTARES"},null,"SETOP",{"$f":"IF(GHP25=\"SINAPI\",VLOOKUP(GHM25,SINAPI,3,0),IF(GHP25=\"SETOP\",VLOOKUP(GHM25,SETOP,4,0),IF(GHP25=\"CPU\",VLOOKUP(GHM25,COMPOSIÇÃO,5,0),VLOOKUP(GHM25,COTAÇÃO,8,0))))","v":"HORA"},0.5,{"$f":"IF(GHP25=\"SINAPI\",VLOOKUP(GHM25,SINAPI,4,0),IF(GHP25=\"SETOP\",VLOOKUP(GHM25,SETOP,5,0),IF(GHP25=\"CPU\",VLOOKUP(GHM25,COMPOSIÇÃO,8,0),VLOOKUP(GHM25,COTAÇÃO,11,0))))","v":19.149999999999999},{"$f":"GHR25*GHS25","v":9.5749999999999993},"ED-50374",{"$f":"IF(GHX25=\"SINAPI\",VLOOKUP(GHU25,SINAPI,2,0),IF(GHX25=\"SETOP\",VLOOKUP(GHU25,SETOP,3,0),IF(GHX25=\"CPU\",VLOOKUP(GHU25,COMPOSIÇÃO,2,0),VLOOKUP(GHU25,COTAÇÃO,3,0))))","v":"BOMBEIRO/ENCANADOR COM ENCARGOS COMPLEMENTARES"},null,"SETOP",{"$f":"IF(GHX25=\"SINAPI\",VLOOKUP(GHU25,SINAPI,3,0),IF(GHX25=\"SETOP\",VLOOKUP(GHU25,SETOP,4,0),IF(GHX25=\"CPU\",VLOOKUP(GHU25,COMPOSIÇÃO,5,0),VLOOKUP(GHU25,COTAÇÃO,8,0))))","v":"HORA"},0.5,{"$f":"IF(GHX25=\"SINAPI\",VLOOKUP(GHU25,SINAPI,4,0),IF(GHX25=\"SETOP\",VLOOKUP(GHU25,SETOP,5,0),IF(GHX25=\"CPU\",VLOOKUP(GHU25,COMPOSIÇÃO,8,0),VLOOKUP(GHU25,COTAÇÃO,11,0))))","v":19.149999999999999},{"$f":"GHZ25*GIA25","v":9.5749999999999993},"ED-50374",{"$f":"IF(GIF25=\"SINAPI\",VLOOKUP(GIC25,SINAPI,2,0),IF(GIF25=\"SETOP\",VLOOKUP(GIC25,SETOP,3,0),IF(GIF25=\"CPU\",VLOOKUP(GIC25,COMPOSIÇÃO,2,0),VLOOKUP(GIC25,COTAÇÃO,3,0))))","v":"BOMBEIRO/ENCANADOR COM ENCARGOS COMPLEMENTARES"},null,"SETOP",{"$f":"IF(GIF25=\"SINAPI\",VLOOKUP(GIC25,SINAPI,3,0),IF(GIF25=\"SETOP\",VLOOKUP(GIC25,SETOP,4,0),IF(GIF25=\"CPU\",VLOOKUP(GIC25,COMPOSIÇÃO,5,0),VLOOKUP(GIC25,COTAÇÃO,8,0))))","v":"HORA"},0.5,{"$f":"IF(GIF25=\"SINAPI\",VLOOKUP(GIC25,SINAPI,4,0),IF(GIF25=\"SETOP\",VLOOKUP(GIC25,SETOP,5,0),IF(GIF25=\"CPU\",VLOOKUP(GIC25,COMPOSIÇÃO,8,0),VLOOKUP(GIC25,COTAÇÃO,11,0))))","v":19.149999999999999},{"$f":"GIH25*GII25","v":9.5749999999999993},"ED-50374",{"$f":"IF(GIN25=\"SINAPI\",VLOOKUP(GIK25,SINAPI,2,0),IF(GIN25=\"SETOP\",VLOOKUP(GIK25,SETOP,3,0),IF(GIN25=\"CPU\",VLOOKUP(GIK25,COMPOSIÇÃO,2,0),VLOOKUP(GIK25,COTAÇÃO,3,0))))","v":"BOMBEIRO/ENCANADOR COM ENCARGOS COMPLEMENTARES"},null,"SETOP",{"$f":"IF(GIN25=\"SINAPI\",VLOOKUP(GIK25,SINAPI,3,0),IF(GIN25=\"SETOP\",VLOOKUP(GIK25,SETOP,4,0),IF(GIN25=\"CPU\",VLOOKUP(GIK25,COMPOSIÇÃO,5,0),VLOOKUP(GIK25,COTAÇÃO,8,0))))","v":"HORA"},0.5,{"$f":"IF(GIN25=\"SINAPI\",VLOOKUP(GIK25,SINAPI,4,0),IF(GIN25=\"SETOP\",VLOOKUP(GIK25,SETOP,5,0),IF(GIN25=\"CPU\",VLOOKUP(GIK25,COMPOSIÇÃO,8,0),VLOOKUP(GIK25,COTAÇÃO,11,0))))","v":19.149999999999999},{"$f":"GIP25*GIQ25","v":9.5749999999999993},"ED-50374",{"$f":"IF(GIV25=\"SINAPI\",VLOOKUP(GIS25,SINAPI,2,0),IF(GIV25=\"SETOP\",VLOOKUP(GIS25,SETOP,3,0),IF(GIV25=\"CPU\",VLOOKUP(GIS25,COMPOSIÇÃO,2,0),VLOOKUP(GIS25,COTAÇÃO,3,0))))","v":"BOMBEIRO/ENCANADOR COM ENCARGOS COMPLEMENTARES"},null,"SETOP",{"$f":"IF(GIV25=\"SINAPI\",VLOOKUP(GIS25,SINAPI,3,0),IF(GIV25=\"SETOP\",VLOOKUP(GIS25,SETOP,4,0),IF(GIV25=\"CPU\",VLOOKUP(GIS25,COMPOSIÇÃO,5,0),VLOOKUP(GIS25,COTAÇÃO,8,0))))","v":"HORA"},0.5,{"$f":"IF(GIV25=\"SINAPI\",VLOOKUP(GIS25,SINAPI,4,0),IF(GIV25=\"SETOP\",VLOOKUP(GIS25,SETOP,5,0),IF(GIV25=\"CPU\",VLOOKUP(GIS25,COMPOSIÇÃO,8,0),VLOOKUP(GIS25,COTAÇÃO,11,0))))","v":19.149999999999999},{"$f":"GIX25*GIY25","v":9.5749999999999993},"ED-50374",{"$f":"IF(GJD25=\"SINAPI\",VLOOKUP(GJA25,SINAPI,2,0),IF(GJD25=\"SETOP\",VLOOKUP(GJA25,SETOP,3,0),IF(GJD25=\"CPU\",VLOOKUP(GJA25,COMPOSIÇÃO,2,0),VLOOKUP(GJA25,COTAÇÃO,3,0))))","v":"BOMBEIRO/ENCANADOR COM ENCARGOS COMPLEMENTARES"},null,"SETOP",{"$f":"IF(GJD25=\"SINAPI\",VLOOKUP(GJA25,SINAPI,3,0),IF(GJD25=\"SETOP\",VLOOKUP(GJA25,SETOP,4,0),IF(GJD25=\"CPU\",VLOOKUP(GJA25,COMPOSIÇÃO,5,0),VLOOKUP(GJA25,COTAÇÃO,8,0))))","v":"HORA"},0.5,{"$f":"IF(GJD25=\"SINAPI\",VLOOKUP(GJA25,SINAPI,4,0),IF(GJD25=\"SETOP\",VLOOKUP(GJA25,SETOP,5,0),IF(GJD25=\"CPU\",VLOOKUP(GJA25,COMPOSIÇÃO,8,0),VLOOKUP(GJA25,COTAÇÃO,11,0))))","v":19.149999999999999},{"$f":"GJF25*GJG25","v":9.5749999999999993},"ED-50374",{"$f":"IF(GJL25=\"SINAPI\",VLOOKUP(GJI25,SINAPI,2,0),IF(GJL25=\"SETOP\",VLOOKUP(GJI25,SETOP,3,0),IF(GJL25=\"CPU\",VLOOKUP(GJI25,COMPOSIÇÃO,2,0),VLOOKUP(GJI25,COTAÇÃO,3,0))))","v":"BOMBEIRO/ENCANADOR COM ENCARGOS COMPLEMENTARES"},null,"SETOP",{"$f":"IF(GJL25=\"SINAPI\",VLOOKUP(GJI25,SINAPI,3,0),IF(GJL25=\"SETOP\",VLOOKUP(GJI25,SETOP,4,0),IF(GJL25=\"CPU\",VLOOKUP(GJI25,COMPOSIÇÃO,5,0),VLOOKUP(GJI25,COTAÇÃO,8,0))))","v":"HORA"},0.5,{"$f":"IF(GJL25=\"SINAPI\",VLOOKUP(GJI25,SINAPI,4,0),IF(GJL25=\"SETOP\",VLOOKUP(GJI25,SETOP,5,0),IF(GJL25=\"CPU\",VLOOKUP(GJI25,COMPOSIÇÃO,8,0),VLOOKUP(GJI25,COTAÇÃO,11,0))))","v":19.149999999999999},{"$f":"GJN25*GJO25","v":9.5749999999999993},"ED-50374",{"$f":"IF(GJT25=\"SINAPI\",VLOOKUP(GJQ25,SINAPI,2,0),IF(GJT25=\"SETOP\",VLOOKUP(GJQ25,SETOP,3,0),IF(GJT25=\"CPU\",VLOOKUP(GJQ25,COMPOSIÇÃO,2,0),VLOOKUP(GJQ25,COTAÇÃO,3,0))))","v":"BOMBEIRO/ENCANADOR COM ENCARGOS COMPLEMENTARES"},null,"SETOP",{"$f":"IF(GJT25=\"SINAPI\",VLOOKUP(GJQ25,SINAPI,3,0),IF(GJT25=\"SETOP\",VLOOKUP(GJQ25,SETOP,4,0),IF(GJT25=\"CPU\",VLOOKUP(GJQ25,COMPOSIÇÃO,5,0),VLOOKUP(GJQ25,COTAÇÃO,8,0))))","v":"HORA"},0.5,{"$f":"IF(GJT25=\"SINAPI\",VLOOKUP(GJQ25,SINAPI,4,0),IF(GJT25=\"SETOP\",VLOOKUP(GJQ25,SETOP,5,0),IF(GJT25=\"CPU\",VLOOKUP(GJQ25,COMPOSIÇÃO,8,0),VLOOKUP(GJQ25,COTAÇÃO,11,0))))","v":19.149999999999999},{"$f":"GJV25*GJW25","v":9.5749999999999993},"ED-50374",{"$f":"IF(GKB25=\"SINAPI\",VLOOKUP(GJY25,SINAPI,2,0),IF(GKB25=\"SETOP\",VLOOKUP(GJY25,SETOP,3,0),IF(GKB25=\"CPU\",VLOOKUP(GJY25,COMPOSIÇÃO,2,0),VLOOKUP(GJY25,COTAÇÃO,3,0))))","v":"BOMBEIRO/ENCANADOR COM ENCARGOS COMPLEMENTARES"},null,"SETOP",{"$f":"IF(GKB25=\"SINAPI\",VLOOKUP(GJY25,SINAPI,3,0),IF(GKB25=\"SETOP\",VLOOKUP(GJY25,SETOP,4,0),IF(GKB25=\"CPU\",VLOOKUP(GJY25,COMPOSIÇÃO,5,0),VLOOKUP(GJY25,COTAÇÃO,8,0))))","v":"HORA"},0.5,{"$f":"IF(GKB25=\"SINAPI\",VLOOKUP(GJY25,SINAPI,4,0),IF(GKB25=\"SETOP\",VLOOKUP(GJY25,SETOP,5,0),IF(GKB25=\"CPU\",VLOOKUP(GJY25,COMPOSIÇÃO,8,0),VLOOKUP(GJY25,COTAÇÃO,11,0))))","v":19.149999999999999},{"$f":"GKD25*GKE25","v":9.5749999999999993},"ED-50374",{"$f":"IF(GKJ25=\"SINAPI\",VLOOKUP(GKG25,SINAPI,2,0),IF(GKJ25=\"SETOP\",VLOOKUP(GKG25,SETOP,3,0),IF(GKJ25=\"CPU\",VLOOKUP(GKG25,COMPOSIÇÃO,2,0),VLOOKUP(GKG25,COTAÇÃO,3,0))))","v":"BOMBEIRO/ENCANADOR COM ENCARGOS COMPLEMENTARES"},null,"SETOP",{"$f":"IF(GKJ25=\"SINAPI\",VLOOKUP(GKG25,SINAPI,3,0),IF(GKJ25=\"SETOP\",VLOOKUP(GKG25,SETOP,4,0),IF(GKJ25=\"CPU\",VLOOKUP(GKG25,COMPOSIÇÃO,5,0),VLOOKUP(GKG25,COTAÇÃO,8,0))))","v":"HORA"},0.5,{"$f":"IF(GKJ25=\"SINAPI\",VLOOKUP(GKG25,SINAPI,4,0),IF(GKJ25=\"SETOP\",VLOOKUP(GKG25,SETOP,5,0),IF(GKJ25=\"CPU\",VLOOKUP(GKG25,COMPOSIÇÃO,8,0),VLOOKUP(GKG25,COTAÇÃO,11,0))))","v":19.149999999999999},{"$f":"GKL25*GKM25","v":9.5749999999999993},"ED-50374",{"$f":"IF(GKR25=\"SINAPI\",VLOOKUP(GKO25,SINAPI,2,0),IF(GKR25=\"SETOP\",VLOOKUP(GKO25,SETOP,3,0),IF(GKR25=\"CPU\",VLOOKUP(GKO25,COMPOSIÇÃO,2,0),VLOOKUP(GKO25,COTAÇÃO,3,0))))","v":"BOMBEIRO/ENCANADOR COM ENCARGOS COMPLEMENTARES"},null,"SETOP",{"$f":"IF(GKR25=\"SINAPI\",VLOOKUP(GKO25,SINAPI,3,0),IF(GKR25=\"SETOP\",VLOOKUP(GKO25,SETOP,4,0),IF(GKR25=\"CPU\",VLOOKUP(GKO25,COMPOSIÇÃO,5,0),VLOOKUP(GKO25,COTAÇÃO,8,0))))","v":"HORA"},0.5,{"$f":"IF(GKR25=\"SINAPI\",VLOOKUP(GKO25,SINAPI,4,0),IF(GKR25=\"SETOP\",VLOOKUP(GKO25,SETOP,5,0),IF(GKR25=\"CPU\",VLOOKUP(GKO25,COMPOSIÇÃO,8,0),VLOOKUP(GKO25,COTAÇÃO,11,0))))","v":19.149999999999999},{"$f":"GKT25*GKU25","v":9.5749999999999993},"ED-50374",{"$f":"IF(GKZ25=\"SINAPI\",VLOOKUP(GKW25,SINAPI,2,0),IF(GKZ25=\"SETOP\",VLOOKUP(GKW25,SETOP,3,0),IF(GKZ25=\"CPU\",VLOOKUP(GKW25,COMPOSIÇÃO,2,0),VLOOKUP(GKW25,COTAÇÃO,3,0))))","v":"BOMBEIRO/ENCANADOR COM ENCARGOS COMPLEMENTARES"},null,"SETOP",{"$f":"IF(GKZ25=\"SINAPI\",VLOOKUP(GKW25,SINAPI,3,0),IF(GKZ25=\"SETOP\",VLOOKUP(GKW25,SETOP,4,0),IF(GKZ25=\"CPU\",VLOOKUP(GKW25,COMPOSIÇÃO,5,0),VLOOKUP(GKW25,COTAÇÃO,8,0))))","v":"HORA"},0.5,{"$f":"IF(GKZ25=\"SINAPI\",VLOOKUP(GKW25,SINAPI,4,0),IF(GKZ25=\"SETOP\",VLOOKUP(GKW25,SETOP,5,0),IF(GKZ25=\"CPU\",VLOOKUP(GKW25,COMPOSIÇÃO,8,0),VLOOKUP(GKW25,COTAÇÃO,11,0))))","v":19.149999999999999},{"$f":"GLB25*GLC25","v":9.5749999999999993},"ED-50374",{"$f":"IF(GLH25=\"SINAPI\",VLOOKUP(GLE25,SINAPI,2,0),IF(GLH25=\"SETOP\",VLOOKUP(GLE25,SETOP,3,0),IF(GLH25=\"CPU\",VLOOKUP(GLE25,COMPOSIÇÃO,2,0),VLOOKUP(GLE25,COTAÇÃO,3,0))))","v":"BOMBEIRO/ENCANADOR COM ENCARGOS COMPLEMENTARES"},null,"SETOP",{"$f":"IF(GLH25=\"SINAPI\",VLOOKUP(GLE25,SINAPI,3,0),IF(GLH25=\"SETOP\",VLOOKUP(GLE25,SETOP,4,0),IF(GLH25=\"CPU\",VLOOKUP(GLE25,COMPOSIÇÃO,5,0),VLOOKUP(GLE25,COTAÇÃO,8,0))))","v":"HORA"},0.5,{"$f":"IF(GLH25=\"SINAPI\",VLOOKUP(GLE25,SINAPI,4,0),IF(GLH25=\"SETOP\",VLOOKUP(GLE25,SETOP,5,0),IF(GLH25=\"CPU\",VLOOKUP(GLE25,COMPOSIÇÃO,8,0),VLOOKUP(GLE25,COTAÇÃO,11,0))))","v":19.149999999999999},{"$f":"GLJ25*GLK25","v":9.5749999999999993},"ED-50374",{"$f":"IF(GLP25=\"SINAPI\",VLOOKUP(GLM25,SINAPI,2,0),IF(GLP25=\"SETOP\",VLOOKUP(GLM25,SETOP,3,0),IF(GLP25=\"CPU\",VLOOKUP(GLM25,COMPOSIÇÃO,2,0),VLOOKUP(GLM25,COTAÇÃO,3,0))))","v":"BOMBEIRO/ENCANADOR COM ENCARGOS COMPLEMENTARES"},null,"SETOP",{"$f":"IF(GLP25=\"SINAPI\",VLOOKUP(GLM25,SINAPI,3,0),IF(GLP25=\"SETOP\",VLOOKUP(GLM25,SETOP,4,0),IF(GLP25=\"CPU\",VLOOKUP(GLM25,COMPOSIÇÃO,5,0),VLOOKUP(GLM25,COTAÇÃO,8,0))))","v":"HORA"},0.5,{"$f":"IF(GLP25=\"SINAPI\",VLOOKUP(GLM25,SINAPI,4,0),IF(GLP25=\"SETOP\",VLOOKUP(GLM25,SETOP,5,0),IF(GLP25=\"CPU\",VLOOKUP(GLM25,COMPOSIÇÃO,8,0),VLOOKUP(GLM25,COTAÇÃO,11,0))))","v":19.149999999999999},{"$f":"GLR25*GLS25","v":9.5749999999999993},"ED-50374",{"$f":"IF(GLX25=\"SINAPI\",VLOOKUP(GLU25,SINAPI,2,0),IF(GLX25=\"SETOP\",VLOOKUP(GLU25,SETOP,3,0),IF(GLX25=\"CPU\",VLOOKUP(GLU25,COMPOSIÇÃO,2,0),VLOOKUP(GLU25,COTAÇÃO,3,0))))","v":"BOMBEIRO/ENCANADOR COM ENCARGOS COMPLEMENTARES"},null,"SETOP",{"$f":"IF(GLX25=\"SINAPI\",VLOOKUP(GLU25,SINAPI,3,0),IF(GLX25=\"SETOP\",VLOOKUP(GLU25,SETOP,4,0),IF(GLX25=\"CPU\",VLOOKUP(GLU25,COMPOSIÇÃO,5,0),VLOOKUP(GLU25,COTAÇÃO,8,0))))","v":"HORA"},0.5,{"$f":"IF(GLX25=\"SINAPI\",VLOOKUP(GLU25,SINAPI,4,0),IF(GLX25=\"SETOP\",VLOOKUP(GLU25,SETOP,5,0),IF(GLX25=\"CPU\",VLOOKUP(GLU25,COMPOSIÇÃO,8,0),VLOOKUP(GLU25,COTAÇÃO,11,0))))","v":19.149999999999999},{"$f":"GLZ25*GMA25","v":9.5749999999999993},"ED-50374",{"$f":"IF(GMF25=\"SINAPI\",VLOOKUP(GMC25,SINAPI,2,0),IF(GMF25=\"SETOP\",VLOOKUP(GMC25,SETOP,3,0),IF(GMF25=\"CPU\",VLOOKUP(GMC25,COMPOSIÇÃO,2,0),VLOOKUP(GMC25,COTAÇÃO,3,0))))","v":"BOMBEIRO/ENCANADOR COM ENCARGOS COMPLEMENTARES"},null,"SETOP",{"$f":"IF(GMF25=\"SINAPI\",VLOOKUP(GMC25,SINAPI,3,0),IF(GMF25=\"SETOP\",VLOOKUP(GMC25,SETOP,4,0),IF(GMF25=\"CPU\",VLOOKUP(GMC25,COMPOSIÇÃO,5,0),VLOOKUP(GMC25,COTAÇÃO,8,0))))","v":"HORA"},0.5,{"$f":"IF(GMF25=\"SINAPI\",VLOOKUP(GMC25,SINAPI,4,0),IF(GMF25=\"SETOP\",VLOOKUP(GMC25,SETOP,5,0),IF(GMF25=\"CPU\",VLOOKUP(GMC25,COMPOSIÇÃO,8,0),VLOOKUP(GMC25,COTAÇÃO,11,0))))","v":19.149999999999999},{"$f":"GMH25*GMI25","v":9.5749999999999993},"ED-50374",{"$f":"IF(GMN25=\"SINAPI\",VLOOKUP(GMK25,SINAPI,2,0),IF(GMN25=\"SETOP\",VLOOKUP(GMK25,SETOP,3,0),IF(GMN25=\"CPU\",VLOOKUP(GMK25,COMPOSIÇÃO,2,0),VLOOKUP(GMK25,COTAÇÃO,3,0))))","v":"BOMBEIRO/ENCANADOR COM ENCARGOS COMPLEMENTARES"},null,"SETOP",{"$f":"IF(GMN25=\"SINAPI\",VLOOKUP(GMK25,SINAPI,3,0),IF(GMN25=\"SETOP\",VLOOKUP(GMK25,SETOP,4,0),IF(GMN25=\"CPU\",VLOOKUP(GMK25,COMPOSIÇÃO,5,0),VLOOKUP(GMK25,COTAÇÃO,8,0))))","v":"HORA"},0.5,{"$f":"IF(GMN25=\"SINAPI\",VLOOKUP(GMK25,SINAPI,4,0),IF(GMN25=\"SETOP\",VLOOKUP(GMK25,SETOP,5,0),IF(GMN25=\"CPU\",VLOOKUP(GMK25,COMPOSIÇÃO,8,0),VLOOKUP(GMK25,COTAÇÃO,11,0))))","v":19.149999999999999},{"$f":"GMP25*GMQ25","v":9.5749999999999993},"ED-50374",{"$f":"IF(GMV25=\"SINAPI\",VLOOKUP(GMS25,SINAPI,2,0),IF(GMV25=\"SETOP\",VLOOKUP(GMS25,SETOP,3,0),IF(GMV25=\"CPU\",VLOOKUP(GMS25,COMPOSIÇÃO,2,0),VLOOKUP(GMS25,COTAÇÃO,3,0))))","v":"BOMBEIRO/ENCANADOR COM ENCARGOS COMPLEMENTARES"},null,"SETOP",{"$f":"IF(GMV25=\"SINAPI\",VLOOKUP(GMS25,SINAPI,3,0),IF(GMV25=\"SETOP\",VLOOKUP(GMS25,SETOP,4,0),IF(GMV25=\"CPU\",VLOOKUP(GMS25,COMPOSIÇÃO,5,0),VLOOKUP(GMS25,COTAÇÃO,8,0))))","v":"HORA"},0.5,{"$f":"IF(GMV25=\"SINAPI\",VLOOKUP(GMS25,SINAPI,4,0),IF(GMV25=\"SETOP\",VLOOKUP(GMS25,SETOP,5,0),IF(GMV25=\"CPU\",VLOOKUP(GMS25,COMPOSIÇÃO,8,0),VLOOKUP(GMS25,COTAÇÃO,11,0))))","v":19.149999999999999},{"$f":"GMX25*GMY25","v":9.5749999999999993},"ED-50374",{"$f":"IF(GND25=\"SINAPI\",VLOOKUP(GNA25,SINAPI,2,0),IF(GND25=\"SETOP\",VLOOKUP(GNA25,SETOP,3,0),IF(GND25=\"CPU\",VLOOKUP(GNA25,COMPOSIÇÃO,2,0),VLOOKUP(GNA25,COTAÇÃO,3,0))))","v":"BOMBEIRO/ENCANADOR COM ENCARGOS COMPLEMENTARES"},null,"SETOP",{"$f":"IF(GND25=\"SINAPI\",VLOOKUP(GNA25,SINAPI,3,0),IF(GND25=\"SETOP\",VLOOKUP(GNA25,SETOP,4,0),IF(GND25=\"CPU\",VLOOKUP(GNA25,COMPOSIÇÃO,5,0),VLOOKUP(GNA25,COTAÇÃO,8,0))))","v":"HORA"},0.5,{"$f":"IF(GND25=\"SINAPI\",VLOOKUP(GNA25,SINAPI,4,0),IF(GND25=\"SETOP\",VLOOKUP(GNA25,SETOP,5,0),IF(GND25=\"CPU\",VLOOKUP(GNA25,COMPOSIÇÃO,8,0),VLOOKUP(GNA25,COTAÇÃO,11,0))))","v":19.149999999999999},{"$f":"GNF25*GNG25","v":9.5749999999999993},"ED-50374",{"$f":"IF(GNL25=\"SINAPI\",VLOOKUP(GNI25,SINAPI,2,0),IF(GNL25=\"SETOP\",VLOOKUP(GNI25,SETOP,3,0),IF(GNL25=\"CPU\",VLOOKUP(GNI25,COMPOSIÇÃO,2,0),VLOOKUP(GNI25,COTAÇÃO,3,0))))","v":"BOMBEIRO/ENCANADOR COM ENCARGOS COMPLEMENTARES"},null,"SETOP",{"$f":"IF(GNL25=\"SINAPI\",VLOOKUP(GNI25,SINAPI,3,0),IF(GNL25=\"SETOP\",VLOOKUP(GNI25,SETOP,4,0),IF(GNL25=\"CPU\",VLOOKUP(GNI25,COMPOSIÇÃO,5,0),VLOOKUP(GNI25,COTAÇÃO,8,0))))","v":"HORA"},0.5,{"$f":"IF(GNL25=\"SINAPI\",VLOOKUP(GNI25,SINAPI,4,0),IF(GNL25=\"SETOP\",VLOOKUP(GNI25,SETOP,5,0),IF(GNL25=\"CPU\",VLOOKUP(GNI25,COMPOSIÇÃO,8,0),VLOOKUP(GNI25,COTAÇÃO,11,0))))","v":19.149999999999999},{"$f":"GNN25*GNO25","v":9.5749999999999993},"ED-50374",{"$f":"IF(GNT25=\"SINAPI\",VLOOKUP(GNQ25,SINAPI,2,0),IF(GNT25=\"SETOP\",VLOOKUP(GNQ25,SETOP,3,0),IF(GNT25=\"CPU\",VLOOKUP(GNQ25,COMPOSIÇÃO,2,0),VLOOKUP(GNQ25,COTAÇÃO,3,0))))","v":"BOMBEIRO/ENCANADOR COM ENCARGOS COMPLEMENTARES"},null,"SETOP",{"$f":"IF(GNT25=\"SINAPI\",VLOOKUP(GNQ25,SINAPI,3,0),IF(GNT25=\"SETOP\",VLOOKUP(GNQ25,SETOP,4,0),IF(GNT25=\"CPU\",VLOOKUP(GNQ25,COMPOSIÇÃO,5,0),VLOOKUP(GNQ25,COTAÇÃO,8,0))))","v":"HORA"},0.5,{"$f":"IF(GNT25=\"SINAPI\",VLOOKUP(GNQ25,SINAPI,4,0),IF(GNT25=\"SETOP\",VLOOKUP(GNQ25,SETOP,5,0),IF(GNT25=\"CPU\",VLOOKUP(GNQ25,COMPOSIÇÃO,8,0),VLOOKUP(GNQ25,COTAÇÃO,11,0))))","v":19.149999999999999},{"$f":"GNV25*GNW25","v":9.5749999999999993},"ED-50374",{"$f":"IF(GOB25=\"SINAPI\",VLOOKUP(GNY25,SINAPI,2,0),IF(GOB25=\"SETOP\",VLOOKUP(GNY25,SETOP,3,0),IF(GOB25=\"CPU\",VLOOKUP(GNY25,COMPOSIÇÃO,2,0),VLOOKUP(GNY25,COTAÇÃO,3,0))))","v":"BOMBEIRO/ENCANADOR COM ENCARGOS COMPLEMENTARES"},null,"SETOP",{"$f":"IF(GOB25=\"SINAPI\",VLOOKUP(GNY25,SINAPI,3,0),IF(GOB25=\"SETOP\",VLOOKUP(GNY25,SETOP,4,0),IF(GOB25=\"CPU\",VLOOKUP(GNY25,COMPOSIÇÃO,5,0),VLOOKUP(GNY25,COTAÇÃO,8,0))))","v":"HORA"},0.5,{"$f":"IF(GOB25=\"SINAPI\",VLOOKUP(GNY25,SINAPI,4,0),IF(GOB25=\"SETOP\",VLOOKUP(GNY25,SETOP,5,0),IF(GOB25=\"CPU\",VLOOKUP(GNY25,COMPOSIÇÃO,8,0),VLOOKUP(GNY25,COTAÇÃO,11,0))))","v":19.149999999999999},{"$f":"GOD25*GOE25","v":9.5749999999999993},"ED-50374",{"$f":"IF(GOJ25=\"SINAPI\",VLOOKUP(GOG25,SINAPI,2,0),IF(GOJ25=\"SETOP\",VLOOKUP(GOG25,SETOP,3,0),IF(GOJ25=\"CPU\",VLOOKUP(GOG25,COMPOSIÇÃO,2,0),VLOOKUP(GOG25,COTAÇÃO,3,0))))","v":"BOMBEIRO/ENCANADOR COM ENCARGOS COMPLEMENTARES"},null,"SETOP",{"$f":"IF(GOJ25=\"SINAPI\",VLOOKUP(GOG25,SINAPI,3,0),IF(GOJ25=\"SETOP\",VLOOKUP(GOG25,SETOP,4,0),IF(GOJ25=\"CPU\",VLOOKUP(GOG25,COMPOSIÇÃO,5,0),VLOOKUP(GOG25,COTAÇÃO,8,0))))","v":"HORA"},0.5,{"$f":"IF(GOJ25=\"SINAPI\",VLOOKUP(GOG25,SINAPI,4,0),IF(GOJ25=\"SETOP\",VLOOKUP(GOG25,SETOP,5,0),IF(GOJ25=\"CPU\",VLOOKUP(GOG25,COMPOSIÇÃO,8,0),VLOOKUP(GOG25,COTAÇÃO,11,0))))","v":19.149999999999999},{"$f":"GOL25*GOM25","v":9.5749999999999993},"ED-50374",{"$f":"IF(GOR25=\"SINAPI\",VLOOKUP(GOO25,SINAPI,2,0),IF(GOR25=\"SETOP\",VLOOKUP(GOO25,SETOP,3,0),IF(GOR25=\"CPU\",VLOOKUP(GOO25,COMPOSIÇÃO,2,0),VLOOKUP(GOO25,COTAÇÃO,3,0))))","v":"BOMBEIRO/ENCANADOR COM ENCARGOS COMPLEMENTARES"},null,"SETOP",{"$f":"IF(GOR25=\"SINAPI\",VLOOKUP(GOO25,SINAPI,3,0),IF(GOR25=\"SETOP\",VLOOKUP(GOO25,SETOP,4,0),IF(GOR25=\"CPU\",VLOOKUP(GOO25,COMPOSIÇÃO,5,0),VLOOKUP(GOO25,COTAÇÃO,8,0))))","v":"HORA"},0.5,{"$f":"IF(GOR25=\"SINAPI\",VLOOKUP(GOO25,SINAPI,4,0),IF(GOR25=\"SETOP\",VLOOKUP(GOO25,SETOP,5,0),IF(GOR25=\"CPU\",VLOOKUP(GOO25,COMPOSIÇÃO,8,0),VLOOKUP(GOO25,COTAÇÃO,11,0))))","v":19.149999999999999},{"$f":"GOT25*GOU25","v":9.5749999999999993},"ED-50374",{"$f":"IF(GOZ25=\"SINAPI\",VLOOKUP(GOW25,SINAPI,2,0),IF(GOZ25=\"SETOP\",VLOOKUP(GOW25,SETOP,3,0),IF(GOZ25=\"CPU\",VLOOKUP(GOW25,COMPOSIÇÃO,2,0),VLOOKUP(GOW25,COTAÇÃO,3,0))))","v":"BOMBEIRO/ENCANADOR COM ENCARGOS COMPLEMENTARES"},null,"SETOP",{"$f":"IF(GOZ25=\"SINAPI\",VLOOKUP(GOW25,SINAPI,3,0),IF(GOZ25=\"SETOP\",VLOOKUP(GOW25,SETOP,4,0),IF(GOZ25=\"CPU\",VLOOKUP(GOW25,COMPOSIÇÃO,5,0),VLOOKUP(GOW25,COTAÇÃO,8,0))))","v":"HORA"},0.5,{"$f":"IF(GOZ25=\"SINAPI\",VLOOKUP(GOW25,SINAPI,4,0),IF(GOZ25=\"SETOP\",VLOOKUP(GOW25,SETOP,5,0),IF(GOZ25=\"CPU\",VLOOKUP(GOW25,COMPOSIÇÃO,8,0),VLOOKUP(GOW25,COTAÇÃO,11,0))))","v":19.149999999999999},{"$f":"GPB25*GPC25","v":9.5749999999999993},"ED-50374",{"$f":"IF(GPH25=\"SINAPI\",VLOOKUP(GPE25,SINAPI,2,0),IF(GPH25=\"SETOP\",VLOOKUP(GPE25,SETOP,3,0),IF(GPH25=\"CPU\",VLOOKUP(GPE25,COMPOSIÇÃO,2,0),VLOOKUP(GPE25,COTAÇÃO,3,0))))","v":"BOMBEIRO/ENCANADOR COM ENCARGOS COMPLEMENTARES"},null,"SETOP",{"$f":"IF(GPH25=\"SINAPI\",VLOOKUP(GPE25,SINAPI,3,0),IF(GPH25=\"SETOP\",VLOOKUP(GPE25,SETOP,4,0),IF(GPH25=\"CPU\",VLOOKUP(GPE25,COMPOSIÇÃO,5,0),VLOOKUP(GPE25,COTAÇÃO,8,0))))","v":"HORA"},0.5,{"$f":"IF(GPH25=\"SINAPI\",VLOOKUP(GPE25,SINAPI,4,0),IF(GPH25=\"SETOP\",VLOOKUP(GPE25,SETOP,5,0),IF(GPH25=\"CPU\",VLOOKUP(GPE25,COMPOSIÇÃO,8,0),VLOOKUP(GPE25,COTAÇÃO,11,0))))","v":19.149999999999999},{"$f":"GPJ25*GPK25","v":9.5749999999999993},"ED-50374",{"$f":"IF(GPP25=\"SINAPI\",VLOOKUP(GPM25,SINAPI,2,0),IF(GPP25=\"SETOP\",VLOOKUP(GPM25,SETOP,3,0),IF(GPP25=\"CPU\",VLOOKUP(GPM25,COMPOSIÇÃO,2,0),VLOOKUP(GPM25,COTAÇÃO,3,0))))","v":"BOMBEIRO/ENCANADOR COM ENCARGOS COMPLEMENTARES"},null,"SETOP",{"$f":"IF(GPP25=\"SINAPI\",VLOOKUP(GPM25,SINAPI,3,0),IF(GPP25=\"SETOP\",VLOOKUP(GPM25,SETOP,4,0),IF(GPP25=\"CPU\",VLOOKUP(GPM25,COMPOSIÇÃO,5,0),VLOOKUP(GPM25,COTAÇÃO,8,0))))","v":"HORA"},0.5,{"$f":"IF(GPP25=\"SINAPI\",VLOOKUP(GPM25,SINAPI,4,0),IF(GPP25=\"SETOP\",VLOOKUP(GPM25,SETOP,5,0),IF(GPP25=\"CPU\",VLOOKUP(GPM25,COMPOSIÇÃO,8,0),VLOOKUP(GPM25,COTAÇÃO,11,0))))","v":19.149999999999999},{"$f":"GPR25*GPS25","v":9.5749999999999993},"ED-50374",{"$f":"IF(GPX25=\"SINAPI\",VLOOKUP(GPU25,SINAPI,2,0),IF(GPX25=\"SETOP\",VLOOKUP(GPU25,SETOP,3,0),IF(GPX25=\"CPU\",VLOOKUP(GPU25,COMPOSIÇÃO,2,0),VLOOKUP(GPU25,COTAÇÃO,3,0))))","v":"BOMBEIRO/ENCANADOR COM ENCARGOS COMPLEMENTARES"},null,"SETOP",{"$f":"IF(GPX25=\"SINAPI\",VLOOKUP(GPU25,SINAPI,3,0),IF(GPX25=\"SETOP\",VLOOKUP(GPU25,SETOP,4,0),IF(GPX25=\"CPU\",VLOOKUP(GPU25,COMPOSIÇÃO,5,0),VLOOKUP(GPU25,COTAÇÃO,8,0))))","v":"HORA"},0.5,{"$f":"IF(GPX25=\"SINAPI\",VLOOKUP(GPU25,SINAPI,4,0),IF(GPX25=\"SETOP\",VLOOKUP(GPU25,SETOP,5,0),IF(GPX25=\"CPU\",VLOOKUP(GPU25,COMPOSIÇÃO,8,0),VLOOKUP(GPU25,COTAÇÃO,11,0))))","v":19.149999999999999},{"$f":"GPZ25*GQA25","v":9.5749999999999993},"ED-50374",{"$f":"IF(GQF25=\"SINAPI\",VLOOKUP(GQC25,SINAPI,2,0),IF(GQF25=\"SETOP\",VLOOKUP(GQC25,SETOP,3,0),IF(GQF25=\"CPU\",VLOOKUP(GQC25,COMPOSIÇÃO,2,0),VLOOKUP(GQC25,COTAÇÃO,3,0))))","v":"BOMBEIRO/ENCANADOR COM ENCARGOS COMPLEMENTARES"},null,"SETOP",{"$f":"IF(GQF25=\"SINAPI\",VLOOKUP(GQC25,SINAPI,3,0),IF(GQF25=\"SETOP\",VLOOKUP(GQC25,SETOP,4,0),IF(GQF25=\"CPU\",VLOOKUP(GQC25,COMPOSIÇÃO,5,0),VLOOKUP(GQC25,COTAÇÃO,8,0))))","v":"HORA"},0.5,{"$f":"IF(GQF25=\"SINAPI\",VLOOKUP(GQC25,SINAPI,4,0),IF(GQF25=\"SETOP\",VLOOKUP(GQC25,SETOP,5,0),IF(GQF25=\"CPU\",VLOOKUP(GQC25,COMPOSIÇÃO,8,0),VLOOKUP(GQC25,COTAÇÃO,11,0))))","v":19.149999999999999},{"$f":"GQH25*GQI25","v":9.5749999999999993},"ED-50374",{"$f":"IF(GQN25=\"SINAPI\",VLOOKUP(GQK25,SINAPI,2,0),IF(GQN25=\"SETOP\",VLOOKUP(GQK25,SETOP,3,0),IF(GQN25=\"CPU\",VLOOKUP(GQK25,COMPOSIÇÃO,2,0),VLOOKUP(GQK25,COTAÇÃO,3,0))))","v":"BOMBEIRO/ENCANADOR COM ENCARGOS COMPLEMENTARES"},null,"SETOP",{"$f":"IF(GQN25=\"SINAPI\",VLOOKUP(GQK25,SINAPI,3,0),IF(GQN25=\"SETOP\",VLOOKUP(GQK25,SETOP,4,0),IF(GQN25=\"CPU\",VLOOKUP(GQK25,COMPOSIÇÃO,5,0),VLOOKUP(GQK25,COTAÇÃO,8,0))))","v":"HORA"},0.5,{"$f":"IF(GQN25=\"SINAPI\",VLOOKUP(GQK25,SINAPI,4,0),IF(GQN25=\"SETOP\",VLOOKUP(GQK25,SETOP,5,0),IF(GQN25=\"CPU\",VLOOKUP(GQK25,COMPOSIÇÃO,8,0),VLOOKUP(GQK25,COTAÇÃO,11,0))))","v":19.149999999999999},{"$f":"GQP25*GQQ25","v":9.5749999999999993},"ED-50374",{"$f":"IF(GQV25=\"SINAPI\",VLOOKUP(GQS25,SINAPI,2,0),IF(GQV25=\"SETOP\",VLOOKUP(GQS25,SETOP,3,0),IF(GQV25=\"CPU\",VLOOKUP(GQS25,COMPOSIÇÃO,2,0),VLOOKUP(GQS25,COTAÇÃO,3,0))))","v":"BOMBEIRO/ENCANADOR COM ENCARGOS COMPLEMENTARES"},null,"SETOP",{"$f":"IF(GQV25=\"SINAPI\",VLOOKUP(GQS25,SINAPI,3,0),IF(GQV25=\"SETOP\",VLOOKUP(GQS25,SETOP,4,0),IF(GQV25=\"CPU\",VLOOKUP(GQS25,COMPOSIÇÃO,5,0),VLOOKUP(GQS25,COTAÇÃO,8,0))))","v":"HORA"},0.5,{"$f":"IF(GQV25=\"SINAPI\",VLOOKUP(GQS25,SINAPI,4,0),IF(GQV25=\"SETOP\",VLOOKUP(GQS25,SETOP,5,0),IF(GQV25=\"CPU\",VLOOKUP(GQS25,COMPOSIÇÃO,8,0),VLOOKUP(GQS25,COTAÇÃO,11,0))))","v":19.149999999999999},{"$f":"GQX25*GQY25","v":9.5749999999999993},"ED-50374",{"$f":"IF(GRD25=\"SINAPI\",VLOOKUP(GRA25,SINAPI,2,0),IF(GRD25=\"SETOP\",VLOOKUP(GRA25,SETOP,3,0),IF(GRD25=\"CPU\",VLOOKUP(GRA25,COMPOSIÇÃO,2,0),VLOOKUP(GRA25,COTAÇÃO,3,0))))","v":"BOMBEIRO/ENCANADOR COM ENCARGOS COMPLEMENTARES"},null,"SETOP",{"$f":"IF(GRD25=\"SINAPI\",VLOOKUP(GRA25,SINAPI,3,0),IF(GRD25=\"SETOP\",VLOOKUP(GRA25,SETOP,4,0),IF(GRD25=\"CPU\",VLOOKUP(GRA25,COMPOSIÇÃO,5,0),VLOOKUP(GRA25,COTAÇÃO,8,0))))","v":"HORA"},0.5,{"$f":"IF(GRD25=\"SINAPI\",VLOOKUP(GRA25,SINAPI,4,0),IF(GRD25=\"SETOP\",VLOOKUP(GRA25,SETOP,5,0),IF(GRD25=\"CPU\",VLOOKUP(GRA25,COMPOSIÇÃO,8,0),VLOOKUP(GRA25,COTAÇÃO,11,0))))","v":19.149999999999999},{"$f":"GRF25*GRG25","v":9.5749999999999993},"ED-50374",{"$f":"IF(GRL25=\"SINAPI\",VLOOKUP(GRI25,SINAPI,2,0),IF(GRL25=\"SETOP\",VLOOKUP(GRI25,SETOP,3,0),IF(GRL25=\"CPU\",VLOOKUP(GRI25,COMPOSIÇÃO,2,0),VLOOKUP(GRI25,COTAÇÃO,3,0))))","v":"BOMBEIRO/ENCANADOR COM ENCARGOS COMPLEMENTARES"},null,"SETOP",{"$f":"IF(GRL25=\"SINAPI\",VLOOKUP(GRI25,SINAPI,3,0),IF(GRL25=\"SETOP\",VLOOKUP(GRI25,SETOP,4,0),IF(GRL25=\"CPU\",VLOOKUP(GRI25,COMPOSIÇÃO,5,0),VLOOKUP(GRI25,COTAÇÃO,8,0))))","v":"HORA"},0.5,{"$f":"IF(GRL25=\"SINAPI\",VLOOKUP(GRI25,SINAPI,4,0),IF(GRL25=\"SETOP\",VLOOKUP(GRI25,SETOP,5,0),IF(GRL25=\"CPU\",VLOOKUP(GRI25,COMPOSIÇÃO,8,0),VLOOKUP(GRI25,COTAÇÃO,11,0))))","v":19.149999999999999},{"$f":"GRN25*GRO25","v":9.5749999999999993},"ED-50374",{"$f":"IF(GRT25=\"SINAPI\",VLOOKUP(GRQ25,SINAPI,2,0),IF(GRT25=\"SETOP\",VLOOKUP(GRQ25,SETOP,3,0),IF(GRT25=\"CPU\",VLOOKUP(GRQ25,COMPOSIÇÃO,2,0),VLOOKUP(GRQ25,COTAÇÃO,3,0))))","v":"BOMBEIRO/ENCANADOR COM ENCARGOS COMPLEMENTARES"},null,"SETOP",{"$f":"IF(GRT25=\"SINAPI\",VLOOKUP(GRQ25,SINAPI,3,0),IF(GRT25=\"SETOP\",VLOOKUP(GRQ25,SETOP,4,0),IF(GRT25=\"CPU\",VLOOKUP(GRQ25,COMPOSIÇÃO,5,0),VLOOKUP(GRQ25,COTAÇÃO,8,0))))","v":"HORA"},0.5,{"$f":"IF(GRT25=\"SINAPI\",VLOOKUP(GRQ25,SINAPI,4,0),IF(GRT25=\"SETOP\",VLOOKUP(GRQ25,SETOP,5,0),IF(GRT25=\"CPU\",VLOOKUP(GRQ25,COMPOSIÇÃO,8,0),VLOOKUP(GRQ25,COTAÇÃO,11,0))))","v":19.149999999999999},{"$f":"GRV25*GRW25","v":9.5749999999999993},"ED-50374",{"$f":"IF(GSB25=\"SINAPI\",VLOOKUP(GRY25,SINAPI,2,0),IF(GSB25=\"SETOP\",VLOOKUP(GRY25,SETOP,3,0),IF(GSB25=\"CPU\",VLOOKUP(GRY25,COMPOSIÇÃO,2,0),VLOOKUP(GRY25,COTAÇÃO,3,0))))","v":"BOMBEIRO/ENCANADOR COM ENCARGOS COMPLEMENTARES"},null,"SETOP",{"$f":"IF(GSB25=\"SINAPI\",VLOOKUP(GRY25,SINAPI,3,0),IF(GSB25=\"SETOP\",VLOOKUP(GRY25,SETOP,4,0),IF(GSB25=\"CPU\",VLOOKUP(GRY25,COMPOSIÇÃO,5,0),VLOOKUP(GRY25,COTAÇÃO,8,0))))","v":"HORA"},0.5,{"$f":"IF(GSB25=\"SINAPI\",VLOOKUP(GRY25,SINAPI,4,0),IF(GSB25=\"SETOP\",VLOOKUP(GRY25,SETOP,5,0),IF(GSB25=\"CPU\",VLOOKUP(GRY25,COMPOSIÇÃO,8,0),VLOOKUP(GRY25,COTAÇÃO,11,0))))","v":19.149999999999999},{"$f":"GSD25*GSE25","v":9.5749999999999993},"ED-50374",{"$f":"IF(GSJ25=\"SINAPI\",VLOOKUP(GSG25,SINAPI,2,0),IF(GSJ25=\"SETOP\",VLOOKUP(GSG25,SETOP,3,0),IF(GSJ25=\"CPU\",VLOOKUP(GSG25,COMPOSIÇÃO,2,0),VLOOKUP(GSG25,COTAÇÃO,3,0))))","v":"BOMBEIRO/ENCANADOR COM ENCARGOS COMPLEMENTARES"},null,"SETOP",{"$f":"IF(GSJ25=\"SINAPI\",VLOOKUP(GSG25,SINAPI,3,0),IF(GSJ25=\"SETOP\",VLOOKUP(GSG25,SETOP,4,0),IF(GSJ25=\"CPU\",VLOOKUP(GSG25,COMPOSIÇÃO,5,0),VLOOKUP(GSG25,COTAÇÃO,8,0))))","v":"HORA"},0.5,{"$f":"IF(GSJ25=\"SINAPI\",VLOOKUP(GSG25,SINAPI,4,0),IF(GSJ25=\"SETOP\",VLOOKUP(GSG25,SETOP,5,0),IF(GSJ25=\"CPU\",VLOOKUP(GSG25,COMPOSIÇÃO,8,0),VLOOKUP(GSG25,COTAÇÃO,11,0))))","v":19.149999999999999},{"$f":"GSL25*GSM25","v":9.5749999999999993},"ED-50374",{"$f":"IF(GSR25=\"SINAPI\",VLOOKUP(GSO25,SINAPI,2,0),IF(GSR25=\"SETOP\",VLOOKUP(GSO25,SETOP,3,0),IF(GSR25=\"CPU\",VLOOKUP(GSO25,COMPOSIÇÃO,2,0),VLOOKUP(GSO25,COTAÇÃO,3,0))))","v":"BOMBEIRO/ENCANADOR COM ENCARGOS COMPLEMENTARES"},null,"SETOP",{"$f":"IF(GSR25=\"SINAPI\",VLOOKUP(GSO25,SINAPI,3,0),IF(GSR25=\"SETOP\",VLOOKUP(GSO25,SETOP,4,0),IF(GSR25=\"CPU\",VLOOKUP(GSO25,COMPOSIÇÃO,5,0),VLOOKUP(GSO25,COTAÇÃO,8,0))))","v":"HORA"},0.5,{"$f":"IF(GSR25=\"SINAPI\",VLOOKUP(GSO25,SINAPI,4,0),IF(GSR25=\"SETOP\",VLOOKUP(GSO25,SETOP,5,0),IF(GSR25=\"CPU\",VLOOKUP(GSO25,COMPOSIÇÃO,8,0),VLOOKUP(GSO25,COTAÇÃO,11,0))))","v":19.149999999999999},{"$f":"GST25*GSU25","v":9.5749999999999993},"ED-50374",{"$f":"IF(GSZ25=\"SINAPI\",VLOOKUP(GSW25,SINAPI,2,0),IF(GSZ25=\"SETOP\",VLOOKUP(GSW25,SETOP,3,0),IF(GSZ25=\"CPU\",VLOOKUP(GSW25,COMPOSIÇÃO,2,0),VLOOKUP(GSW25,COTAÇÃO,3,0))))","v":"BOMBEIRO/ENCANADOR COM ENCARGOS COMPLEMENTARES"},null,"SETOP",{"$f":"IF(GSZ25=\"SINAPI\",VLOOKUP(GSW25,SINAPI,3,0),IF(GSZ25=\"SETOP\",VLOOKUP(GSW25,SETOP,4,0),IF(GSZ25=\"CPU\",VLOOKUP(GSW25,COMPOSIÇÃO,5,0),VLOOKUP(GSW25,COTAÇÃO,8,0))))","v":"HORA"},0.5,{"$f":"IF(GSZ25=\"SINAPI\",VLOOKUP(GSW25,SINAPI,4,0),IF(GSZ25=\"SETOP\",VLOOKUP(GSW25,SETOP,5,0),IF(GSZ25=\"CPU\",VLOOKUP(GSW25,COMPOSIÇÃO,8,0),VLOOKUP(GSW25,COTAÇÃO,11,0))))","v":19.149999999999999},{"$f":"GTB25*GTC25","v":9.5749999999999993},"ED-50374",{"$f":"IF(GTH25=\"SINAPI\",VLOOKUP(GTE25,SINAPI,2,0),IF(GTH25=\"SETOP\",VLOOKUP(GTE25,SETOP,3,0),IF(GTH25=\"CPU\",VLOOKUP(GTE25,COMPOSIÇÃO,2,0),VLOOKUP(GTE25,COTAÇÃO,3,0))))","v":"BOMBEIRO/ENCANADOR COM ENCARGOS COMPLEMENTARES"},null,"SETOP",{"$f":"IF(GTH25=\"SINAPI\",VLOOKUP(GTE25,SINAPI,3,0),IF(GTH25=\"SETOP\",VLOOKUP(GTE25,SETOP,4,0),IF(GTH25=\"CPU\",VLOOKUP(GTE25,COMPOSIÇÃO,5,0),VLOOKUP(GTE25,COTAÇÃO,8,0))))","v":"HORA"},0.5,{"$f":"IF(GTH25=\"SINAPI\",VLOOKUP(GTE25,SINAPI,4,0),IF(GTH25=\"SETOP\",VLOOKUP(GTE25,SETOP,5,0),IF(GTH25=\"CPU\",VLOOKUP(GTE25,COMPOSIÇÃO,8,0),VLOOKUP(GTE25,COTAÇÃO,11,0))))","v":19.149999999999999},{"$f":"GTJ25*GTK25","v":9.5749999999999993},"ED-50374",{"$f":"IF(GTP25=\"SINAPI\",VLOOKUP(GTM25,SINAPI,2,0),IF(GTP25=\"SETOP\",VLOOKUP(GTM25,SETOP,3,0),IF(GTP25=\"CPU\",VLOOKUP(GTM25,COMPOSIÇÃO,2,0),VLOOKUP(GTM25,COTAÇÃO,3,0))))","v":"BOMBEIRO/ENCANADOR COM ENCARGOS COMPLEMENTARES"},null,"SETOP",{"$f":"IF(GTP25=\"SINAPI\",VLOOKUP(GTM25,SINAPI,3,0),IF(GTP25=\"SETOP\",VLOOKUP(GTM25,SETOP,4,0),IF(GTP25=\"CPU\",VLOOKUP(GTM25,COMPOSIÇÃO,5,0),VLOOKUP(GTM25,COTAÇÃO,8,0))))","v":"HORA"},0.5,{"$f":"IF(GTP25=\"SINAPI\",VLOOKUP(GTM25,SINAPI,4,0),IF(GTP25=\"SETOP\",VLOOKUP(GTM25,SETOP,5,0),IF(GTP25=\"CPU\",VLOOKUP(GTM25,COMPOSIÇÃO,8,0),VLOOKUP(GTM25,COTAÇÃO,11,0))))","v":19.149999999999999},{"$f":"GTR25*GTS25","v":9.5749999999999993},"ED-50374",{"$f":"IF(GTX25=\"SINAPI\",VLOOKUP(GTU25,SINAPI,2,0),IF(GTX25=\"SETOP\",VLOOKUP(GTU25,SETOP,3,0),IF(GTX25=\"CPU\",VLOOKUP(GTU25,COMPOSIÇÃO,2,0),VLOOKUP(GTU25,COTAÇÃO,3,0))))","v":"BOMBEIRO/ENCANADOR COM ENCARGOS COMPLEMENTARES"},null,"SETOP",{"$f":"IF(GTX25=\"SINAPI\",VLOOKUP(GTU25,SINAPI,3,0),IF(GTX25=\"SETOP\",VLOOKUP(GTU25,SETOP,4,0),IF(GTX25=\"CPU\",VLOOKUP(GTU25,COMPOSIÇÃO,5,0),VLOOKUP(GTU25,COTAÇÃO,8,0))))","v":"HORA"},0.5,{"$f":"IF(GTX25=\"SINAPI\",VLOOKUP(GTU25,SINAPI,4,0),IF(GTX25=\"SETOP\",VLOOKUP(GTU25,SETOP,5,0),IF(GTX25=\"CPU\",VLOOKUP(GTU25,COMPOSIÇÃO,8,0),VLOOKUP(GTU25,COTAÇÃO,11,0))))","v":19.149999999999999},{"$f":"GTZ25*GUA25","v":9.5749999999999993},"ED-50374",{"$f":"IF(GUF25=\"SINAPI\",VLOOKUP(GUC25,SINAPI,2,0),IF(GUF25=\"SETOP\",VLOOKUP(GUC25,SETOP,3,0),IF(GUF25=\"CPU\",VLOOKUP(GUC25,COMPOSIÇÃO,2,0),VLOOKUP(GUC25,COTAÇÃO,3,0))))","v":"BOMBEIRO/ENCANADOR COM ENCARGOS COMPLEMENTARES"},null,"SETOP",{"$f":"IF(GUF25=\"SINAPI\",VLOOKUP(GUC25,SINAPI,3,0),IF(GUF25=\"SETOP\",VLOOKUP(GUC25,SETOP,4,0),IF(GUF25=\"CPU\",VLOOKUP(GUC25,COMPOSIÇÃO,5,0),VLOOKUP(GUC25,COTAÇÃO,8,0))))","v":"HORA"},0.5,{"$f":"IF(GUF25=\"SINAPI\",VLOOKUP(GUC25,SINAPI,4,0),IF(GUF25=\"SETOP\",VLOOKUP(GUC25,SETOP,5,0),IF(GUF25=\"CPU\",VLOOKUP(GUC25,COMPOSIÇÃO,8,0),VLOOKUP(GUC25,COTAÇÃO,11,0))))","v":19.149999999999999},{"$f":"GUH25*GUI25","v":9.5749999999999993},"ED-50374",{"$f":"IF(GUN25=\"SINAPI\",VLOOKUP(GUK25,SINAPI,2,0),IF(GUN25=\"SETOP\",VLOOKUP(GUK25,SETOP,3,0),IF(GUN25=\"CPU\",VLOOKUP(GUK25,COMPOSIÇÃO,2,0),VLOOKUP(GUK25,COTAÇÃO,3,0))))","v":"BOMBEIRO/ENCANADOR COM ENCARGOS COMPLEMENTARES"},null,"SETOP",{"$f":"IF(GUN25=\"SINAPI\",VLOOKUP(GUK25,SINAPI,3,0),IF(GUN25=\"SETOP\",VLOOKUP(GUK25,SETOP,4,0),IF(GUN25=\"CPU\",VLOOKUP(GUK25,COMPOSIÇÃO,5,0),VLOOKUP(GUK25,COTAÇÃO,8,0))))","v":"HORA"},0.5,{"$f":"IF(GUN25=\"SINAPI\",VLOOKUP(GUK25,SINAPI,4,0),IF(GUN25=\"SETOP\",VLOOKUP(GUK25,SETOP,5,0),IF(GUN25=\"CPU\",VLOOKUP(GUK25,COMPOSIÇÃO,8,0),VLOOKUP(GUK25,COTAÇÃO,11,0))))","v":19.149999999999999},{"$f":"GUP25*GUQ25","v":9.5749999999999993},"ED-50374",{"$f":"IF(GUV25=\"SINAPI\",VLOOKUP(GUS25,SINAPI,2,0),IF(GUV25=\"SETOP\",VLOOKUP(GUS25,SETOP,3,0),IF(GUV25=\"CPU\",VLOOKUP(GUS25,COMPOSIÇÃO,2,0),VLOOKUP(GUS25,COTAÇÃO,3,0))))","v":"BOMBEIRO/ENCANADOR COM ENCARGOS COMPLEMENTARES"},null,"SETOP",{"$f":"IF(GUV25=\"SINAPI\",VLOOKUP(GUS25,SINAPI,3,0),IF(GUV25=\"SETOP\",VLOOKUP(GUS25,SETOP,4,0),IF(GUV25=\"CPU\",VLOOKUP(GUS25,COMPOSIÇÃO,5,0),VLOOKUP(GUS25,COTAÇÃO,8,0))))","v":"HORA"},0.5,{"$f":"IF(GUV25=\"SINAPI\",VLOOKUP(GUS25,SINAPI,4,0),IF(GUV25=\"SETOP\",VLOOKUP(GUS25,SETOP,5,0),IF(GUV25=\"CPU\",VLOOKUP(GUS25,COMPOSIÇÃO,8,0),VLOOKUP(GUS25,COTAÇÃO,11,0))))","v":19.149999999999999},{"$f":"GUX25*GUY25","v":9.5749999999999993},"ED-50374",{"$f":"IF(GVD25=\"SINAPI\",VLOOKUP(GVA25,SINAPI,2,0),IF(GVD25=\"SETOP\",VLOOKUP(GVA25,SETOP,3,0),IF(GVD25=\"CPU\",VLOOKUP(GVA25,COMPOSIÇÃO,2,0),VLOOKUP(GVA25,COTAÇÃO,3,0))))","v":"BOMBEIRO/ENCANADOR COM ENCARGOS COMPLEMENTARES"},null,"SETOP",{"$f":"IF(GVD25=\"SINAPI\",VLOOKUP(GVA25,SINAPI,3,0),IF(GVD25=\"SETOP\",VLOOKUP(GVA25,SETOP,4,0),IF(GVD25=\"CPU\",VLOOKUP(GVA25,COMPOSIÇÃO,5,0),VLOOKUP(GVA25,COTAÇÃO,8,0))))","v":"HORA"},0.5,{"$f":"IF(GVD25=\"SINAPI\",VLOOKUP(GVA25,SINAPI,4,0),IF(GVD25=\"SETOP\",VLOOKUP(GVA25,SETOP,5,0),IF(GVD25=\"CPU\",VLOOKUP(GVA25,COMPOSIÇÃO,8,0),VLOOKUP(GVA25,COTAÇÃO,11,0))))","v":19.149999999999999},{"$f":"GVF25*GVG25","v":9.5749999999999993},"ED-50374",{"$f":"IF(GVL25=\"SINAPI\",VLOOKUP(GVI25,SINAPI,2,0),IF(GVL25=\"SETOP\",VLOOKUP(GVI25,SETOP,3,0),IF(GVL25=\"CPU\",VLOOKUP(GVI25,COMPOSIÇÃO,2,0),VLOOKUP(GVI25,COTAÇÃO,3,0))))","v":"BOMBEIRO/ENCANADOR COM ENCARGOS COMPLEMENTARES"},null,"SETOP",{"$f":"IF(GVL25=\"SINAPI\",VLOOKUP(GVI25,SINAPI,3,0),IF(GVL25=\"SETOP\",VLOOKUP(GVI25,SETOP,4,0),IF(GVL25=\"CPU\",VLOOKUP(GVI25,COMPOSIÇÃO,5,0),VLOOKUP(GVI25,COTAÇÃO,8,0))))","v":"HORA"},0.5,{"$f":"IF(GVL25=\"SINAPI\",VLOOKUP(GVI25,SINAPI,4,0),IF(GVL25=\"SETOP\",VLOOKUP(GVI25,SETOP,5,0),IF(GVL25=\"CPU\",VLOOKUP(GVI25,COMPOSIÇÃO,8,0),VLOOKUP(GVI25,COTAÇÃO,11,0))))","v":19.149999999999999},{"$f":"GVN25*GVO25","v":9.5749999999999993},"ED-50374",{"$f":"IF(GVT25=\"SINAPI\",VLOOKUP(GVQ25,SINAPI,2,0),IF(GVT25=\"SETOP\",VLOOKUP(GVQ25,SETOP,3,0),IF(GVT25=\"CPU\",VLOOKUP(GVQ25,COMPOSIÇÃO,2,0),VLOOKUP(GVQ25,COTAÇÃO,3,0))))","v":"BOMBEIRO/ENCANADOR COM ENCARGOS COMPLEMENTARES"},null,"SETOP",{"$f":"IF(GVT25=\"SINAPI\",VLOOKUP(GVQ25,SINAPI,3,0),IF(GVT25=\"SETOP\",VLOOKUP(GVQ25,SETOP,4,0),IF(GVT25=\"CPU\",VLOOKUP(GVQ25,COMPOSIÇÃO,5,0),VLOOKUP(GVQ25,COTAÇÃO,8,0))))","v":"HORA"},0.5,{"$f":"IF(GVT25=\"SINAPI\",VLOOKUP(GVQ25,SINAPI,4,0),IF(GVT25=\"SETOP\",VLOOKUP(GVQ25,SETOP,5,0),IF(GVT25=\"CPU\",VLOOKUP(GVQ25,COMPOSIÇÃO,8,0),VLOOKUP(GVQ25,COTAÇÃO,11,0))))","v":19.149999999999999},{"$f":"GVV25*GVW25","v":9.5749999999999993},"ED-50374",{"$f":"IF(GWB25=\"SINAPI\",VLOOKUP(GVY25,SINAPI,2,0),IF(GWB25=\"SETOP\",VLOOKUP(GVY25,SETOP,3,0),IF(GWB25=\"CPU\",VLOOKUP(GVY25,COMPOSIÇÃO,2,0),VLOOKUP(GVY25,COTAÇÃO,3,0))))","v":"BOMBEIRO/ENCANADOR COM ENCARGOS COMPLEMENTARES"},null,"SETOP",{"$f":"IF(GWB25=\"SINAPI\",VLOOKUP(GVY25,SINAPI,3,0),IF(GWB25=\"SETOP\",VLOOKUP(GVY25,SETOP,4,0),IF(GWB25=\"CPU\",VLOOKUP(GVY25,COMPOSIÇÃO,5,0),VLOOKUP(GVY25,COTAÇÃO,8,0))))","v":"HORA"},0.5,{"$f":"IF(GWB25=\"SINAPI\",VLOOKUP(GVY25,SINAPI,4,0),IF(GWB25=\"SETOP\",VLOOKUP(GVY25,SETOP,5,0),IF(GWB25=\"CPU\",VLOOKUP(GVY25,COMPOSIÇÃO,8,0),VLOOKUP(GVY25,COTAÇÃO,11,0))))","v":19.149999999999999},{"$f":"GWD25*GWE25","v":9.5749999999999993},"ED-50374",{"$f":"IF(GWJ25=\"SINAPI\",VLOOKUP(GWG25,SINAPI,2,0),IF(GWJ25=\"SETOP\",VLOOKUP(GWG25,SETOP,3,0),IF(GWJ25=\"CPU\",VLOOKUP(GWG25,COMPOSIÇÃO,2,0),VLOOKUP(GWG25,COTAÇÃO,3,0))))","v":"BOMBEIRO/ENCANADOR COM ENCARGOS COMPLEMENTARES"},null,"SETOP",{"$f":"IF(GWJ25=\"SINAPI\",VLOOKUP(GWG25,SINAPI,3,0),IF(GWJ25=\"SETOP\",VLOOKUP(GWG25,SETOP,4,0),IF(GWJ25=\"CPU\",VLOOKUP(GWG25,COMPOSIÇÃO,5,0),VLOOKUP(GWG25,COTAÇÃO,8,0))))","v":"HORA"},0.5,{"$f":"IF(GWJ25=\"SINAPI\",VLOOKUP(GWG25,SINAPI,4,0),IF(GWJ25=\"SETOP\",VLOOKUP(GWG25,SETOP,5,0),IF(GWJ25=\"CPU\",VLOOKUP(GWG25,COMPOSIÇÃO,8,0),VLOOKUP(GWG25,COTAÇÃO,11,0))))","v":19.149999999999999},{"$f":"GWL25*GWM25","v":9.5749999999999993},"ED-50374",{"$f":"IF(GWR25=\"SINAPI\",VLOOKUP(GWO25,SINAPI,2,0),IF(GWR25=\"SETOP\",VLOOKUP(GWO25,SETOP,3,0),IF(GWR25=\"CPU\",VLOOKUP(GWO25,COMPOSIÇÃO,2,0),VLOOKUP(GWO25,COTAÇÃO,3,0))))","v":"BOMBEIRO/ENCANADOR COM ENCARGOS COMPLEMENTARES"},null,"SETOP",{"$f":"IF(GWR25=\"SINAPI\",VLOOKUP(GWO25,SINAPI,3,0),IF(GWR25=\"SETOP\",VLOOKUP(GWO25,SETOP,4,0),IF(GWR25=\"CPU\",VLOOKUP(GWO25,COMPOSIÇÃO,5,0),VLOOKUP(GWO25,COTAÇÃO,8,0))))","v":"HORA"},0.5,{"$f":"IF(GWR25=\"SINAPI\",VLOOKUP(GWO25,SINAPI,4,0),IF(GWR25=\"SETOP\",VLOOKUP(GWO25,SETOP,5,0),IF(GWR25=\"CPU\",VLOOKUP(GWO25,COMPOSIÇÃO,8,0),VLOOKUP(GWO25,COTAÇÃO,11,0))))","v":19.149999999999999},{"$f":"GWT25*GWU25","v":9.5749999999999993},"ED-50374",{"$f":"IF(GWZ25=\"SINAPI\",VLOOKUP(GWW25,SINAPI,2,0),IF(GWZ25=\"SETOP\",VLOOKUP(GWW25,SETOP,3,0),IF(GWZ25=\"CPU\",VLOOKUP(GWW25,COMPOSIÇÃO,2,0),VLOOKUP(GWW25,COTAÇÃO,3,0))))","v":"BOMBEIRO/ENCANADOR COM ENCARGOS COMPLEMENTARES"},null,"SETOP",{"$f":"IF(GWZ25=\"SINAPI\",VLOOKUP(GWW25,SINAPI,3,0),IF(GWZ25=\"SETOP\",VLOOKUP(GWW25,SETOP,4,0),IF(GWZ25=\"CPU\",VLOOKUP(GWW25,COMPOSIÇÃO,5,0),VLOOKUP(GWW25,COTAÇÃO,8,0))))","v":"HORA"},0.5,{"$f":"IF(GWZ25=\"SINAPI\",VLOOKUP(GWW25,SINAPI,4,0),IF(GWZ25=\"SETOP\",VLOOKUP(GWW25,SETOP,5,0),IF(GWZ25=\"CPU\",VLOOKUP(GWW25,COMPOSIÇÃO,8,0),VLOOKUP(GWW25,COTAÇÃO,11,0))))","v":19.149999999999999},{"$f":"GXB25*GXC25","v":9.5749999999999993},"ED-50374",{"$f":"IF(GXH25=\"SINAPI\",VLOOKUP(GXE25,SINAPI,2,0),IF(GXH25=\"SETOP\",VLOOKUP(GXE25,SETOP,3,0),IF(GXH25=\"CPU\",VLOOKUP(GXE25,COMPOSIÇÃO,2,0),VLOOKUP(GXE25,COTAÇÃO,3,0))))","v":"BOMBEIRO/ENCANADOR COM ENCARGOS COMPLEMENTARES"},null,"SETOP",{"$f":"IF(GXH25=\"SINAPI\",VLOOKUP(GXE25,SINAPI,3,0),IF(GXH25=\"SETOP\",VLOOKUP(GXE25,SETOP,4,0),IF(GXH25=\"CPU\",VLOOKUP(GXE25,COMPOSIÇÃO,5,0),VLOOKUP(GXE25,COTAÇÃO,8,0))))","v":"HORA"},0.5,{"$f":"IF(GXH25=\"SINAPI\",VLOOKUP(GXE25,SINAPI,4,0),IF(GXH25=\"SETOP\",VLOOKUP(GXE25,SETOP,5,0),IF(GXH25=\"CPU\",VLOOKUP(GXE25,COMPOSIÇÃO,8,0),VLOOKUP(GXE25,COTAÇÃO,11,0))))","v":19.149999999999999},{"$f":"GXJ25*GXK25","v":9.5749999999999993},"ED-50374",{"$f":"IF(GXP25=\"SINAPI\",VLOOKUP(GXM25,SINAPI,2,0),IF(GXP25=\"SETOP\",VLOOKUP(GXM25,SETOP,3,0),IF(GXP25=\"CPU\",VLOOKUP(GXM25,COMPOSIÇÃO,2,0),VLOOKUP(GXM25,COTAÇÃO,3,0))))","v":"BOMBEIRO/ENCANADOR COM ENCARGOS COMPLEMENTARES"},null,"SETOP",{"$f":"IF(GXP25=\"SINAPI\",VLOOKUP(GXM25,SINAPI,3,0),IF(GXP25=\"SETOP\",VLOOKUP(GXM25,SETOP,4,0),IF(GXP25=\"CPU\",VLOOKUP(GXM25,COMPOSIÇÃO,5,0),VLOOKUP(GXM25,COTAÇÃO,8,0))))","v":"HORA"},0.5,{"$f":"IF(GXP25=\"SINAPI\",VLOOKUP(GXM25,SINAPI,4,0),IF(GXP25=\"SETOP\",VLOOKUP(GXM25,SETOP,5,0),IF(GXP25=\"CPU\",VLOOKUP(GXM25,COMPOSIÇÃO,8,0),VLOOKUP(GXM25,COTAÇÃO,11,0))))","v":19.149999999999999},{"$f":"GXR25*GXS25","v":9.5749999999999993},"ED-50374",{"$f":"IF(GXX25=\"SINAPI\",VLOOKUP(GXU25,SINAPI,2,0),IF(GXX25=\"SETOP\",VLOOKUP(GXU25,SETOP,3,0),IF(GXX25=\"CPU\",VLOOKUP(GXU25,COMPOSIÇÃO,2,0),VLOOKUP(GXU25,COTAÇÃO,3,0))))","v":"BOMBEIRO/ENCANADOR COM ENCARGOS COMPLEMENTARES"},null,"SETOP",{"$f":"IF(GXX25=\"SINAPI\",VLOOKUP(GXU25,SINAPI,3,0),IF(GXX25=\"SETOP\",VLOOKUP(GXU25,SETOP,4,0),IF(GXX25=\"CPU\",VLOOKUP(GXU25,COMPOSIÇÃO,5,0),VLOOKUP(GXU25,COTAÇÃO,8,0))))","v":"HORA"},0.5,{"$f":"IF(GXX25=\"SINAPI\",VLOOKUP(GXU25,SINAPI,4,0),IF(GXX25=\"SETOP\",VLOOKUP(GXU25,SETOP,5,0),IF(GXX25=\"CPU\",VLOOKUP(GXU25,COMPOSIÇÃO,8,0),VLOOKUP(GXU25,COTAÇÃO,11,0))))","v":19.149999999999999},{"$f":"GXZ25*GYA25","v":9.5749999999999993},"ED-50374",{"$f":"IF(GYF25=\"SINAPI\",VLOOKUP(GYC25,SINAPI,2,0),IF(GYF25=\"SETOP\",VLOOKUP(GYC25,SETOP,3,0),IF(GYF25=\"CPU\",VLOOKUP(GYC25,COMPOSIÇÃO,2,0),VLOOKUP(GYC25,COTAÇÃO,3,0))))","v":"BOMBEIRO/ENCANADOR COM ENCARGOS COMPLEMENTARES"},null,"SETOP",{"$f":"IF(GYF25=\"SINAPI\",VLOOKUP(GYC25,SINAPI,3,0),IF(GYF25=\"SETOP\",VLOOKUP(GYC25,SETOP,4,0),IF(GYF25=\"CPU\",VLOOKUP(GYC25,COMPOSIÇÃO,5,0),VLOOKUP(GYC25,COTAÇÃO,8,0))))","v":"HORA"},0.5,{"$f":"IF(GYF25=\"SINAPI\",VLOOKUP(GYC25,SINAPI,4,0),IF(GYF25=\"SETOP\",VLOOKUP(GYC25,SETOP,5,0),IF(GYF25=\"CPU\",VLOOKUP(GYC25,COMPOSIÇÃO,8,0),VLOOKUP(GYC25,COTAÇÃO,11,0))))","v":19.149999999999999},{"$f":"GYH25*GYI25","v":9.5749999999999993},"ED-50374",{"$f":"IF(GYN25=\"SINAPI\",VLOOKUP(GYK25,SINAPI,2,0),IF(GYN25=\"SETOP\",VLOOKUP(GYK25,SETOP,3,0),IF(GYN25=\"CPU\",VLOOKUP(GYK25,COMPOSIÇÃO,2,0),VLOOKUP(GYK25,COTAÇÃO,3,0))))","v":"BOMBEIRO/ENCANADOR COM ENCARGOS COMPLEMENTARES"},null,"SETOP",{"$f":"IF(GYN25=\"SINAPI\",VLOOKUP(GYK25,SINAPI,3,0),IF(GYN25=\"SETOP\",VLOOKUP(GYK25,SETOP,4,0),IF(GYN25=\"CPU\",VLOOKUP(GYK25,COMPOSIÇÃO,5,0),VLOOKUP(GYK25,COTAÇÃO,8,0))))","v":"HORA"},0.5,{"$f":"IF(GYN25=\"SINAPI\",VLOOKUP(GYK25,SINAPI,4,0),IF(GYN25=\"SETOP\",VLOOKUP(GYK25,SETOP,5,0),IF(GYN25=\"CPU\",VLOOKUP(GYK25,COMPOSIÇÃO,8,0),VLOOKUP(GYK25,COTAÇÃO,11,0))))","v":19.149999999999999},{"$f":"GYP25*GYQ25","v":9.5749999999999993},"ED-50374",{"$f":"IF(GYV25=\"SINAPI\",VLOOKUP(GYS25,SINAPI,2,0),IF(GYV25=\"SETOP\",VLOOKUP(GYS25,SETOP,3,0),IF(GYV25=\"CPU\",VLOOKUP(GYS25,COMPOSIÇÃO,2,0),VLOOKUP(GYS25,COTAÇÃO,3,0))))","v":"BOMBEIRO/ENCANADOR COM ENCARGOS COMPLEMENTARES"},null,"SETOP",{"$f":"IF(GYV25=\"SINAPI\",VLOOKUP(GYS25,SINAPI,3,0),IF(GYV25=\"SETOP\",VLOOKUP(GYS25,SETOP,4,0),IF(GYV25=\"CPU\",VLOOKUP(GYS25,COMPOSIÇÃO,5,0),VLOOKUP(GYS25,COTAÇÃO,8,0))))","v":"HORA"},0.5,{"$f":"IF(GYV25=\"SINAPI\",VLOOKUP(GYS25,SINAPI,4,0),IF(GYV25=\"SETOP\",VLOOKUP(GYS25,SETOP,5,0),IF(GYV25=\"CPU\",VLOOKUP(GYS25,COMPOSIÇÃO,8,0),VLOOKUP(GYS25,COTAÇÃO,11,0))))","v":19.149999999999999},{"$f":"GYX25*GYY25","v":9.5749999999999993},"ED-50374",{"$f":"IF(GZD25=\"SINAPI\",VLOOKUP(GZA25,SINAPI,2,0),IF(GZD25=\"SETOP\",VLOOKUP(GZA25,SETOP,3,0),IF(GZD25=\"CPU\",VLOOKUP(GZA25,COMPOSIÇÃO,2,0),VLOOKUP(GZA25,COTAÇÃO,3,0))))","v":"BOMBEIRO/ENCANADOR COM ENCARGOS COMPLEMENTARES"},null,"SETOP",{"$f":"IF(GZD25=\"SINAPI\",VLOOKUP(GZA25,SINAPI,3,0),IF(GZD25=\"SETOP\",VLOOKUP(GZA25,SETOP,4,0),IF(GZD25=\"CPU\",VLOOKUP(GZA25,COMPOSIÇÃO,5,0),VLOOKUP(GZA25,COTAÇÃO,8,0))))","v":"HORA"},0.5,{"$f":"IF(GZD25=\"SINAPI\",VLOOKUP(GZA25,SINAPI,4,0),IF(GZD25=\"SETOP\",VLOOKUP(GZA25,SETOP,5,0),IF(GZD25=\"CPU\",VLOOKUP(GZA25,COMPOSIÇÃO,8,0),VLOOKUP(GZA25,COTAÇÃO,11,0))))","v":19.149999999999999},{"$f":"GZF25*GZG25","v":9.5749999999999993},"ED-50374",{"$f":"IF(GZL25=\"SINAPI\",VLOOKUP(GZI25,SINAPI,2,0),IF(GZL25=\"SETOP\",VLOOKUP(GZI25,SETOP,3,0),IF(GZL25=\"CPU\",VLOOKUP(GZI25,COMPOSIÇÃO,2,0),VLOOKUP(GZI25,COTAÇÃO,3,0))))","v":"BOMBEIRO/ENCANADOR COM ENCARGOS COMPLEMENTARES"},null,"SETOP",{"$f":"IF(GZL25=\"SINAPI\",VLOOKUP(GZI25,SINAPI,3,0),IF(GZL25=\"SETOP\",VLOOKUP(GZI25,SETOP,4,0),IF(GZL25=\"CPU\",VLOOKUP(GZI25,COMPOSIÇÃO,5,0),VLOOKUP(GZI25,COTAÇÃO,8,0))))","v":"HORA"},0.5,{"$f":"IF(GZL25=\"SINAPI\",VLOOKUP(GZI25,SINAPI,4,0),IF(GZL25=\"SETOP\",VLOOKUP(GZI25,SETOP,5,0),IF(GZL25=\"CPU\",VLOOKUP(GZI25,COMPOSIÇÃO,8,0),VLOOKUP(GZI25,COTAÇÃO,11,0))))","v":19.149999999999999},{"$f":"GZN25*GZO25","v":9.5749999999999993},"ED-50374",{"$f":"IF(GZT25=\"SINAPI\",VLOOKUP(GZQ25,SINAPI,2,0),IF(GZT25=\"SETOP\",VLOOKUP(GZQ25,SETOP,3,0),IF(GZT25=\"CPU\",VLOOKUP(GZQ25,COMPOSIÇÃO,2,0),VLOOKUP(GZQ25,COTAÇÃO,3,0))))","v":"BOMBEIRO/ENCANADOR COM ENCARGOS COMPLEMENTARES"},null,"SETOP",{"$f":"IF(GZT25=\"SINAPI\",VLOOKUP(GZQ25,SINAPI,3,0),IF(GZT25=\"SETOP\",VLOOKUP(GZQ25,SETOP,4,0),IF(GZT25=\"CPU\",VLOOKUP(GZQ25,COMPOSIÇÃO,5,0),VLOOKUP(GZQ25,COTAÇÃO,8,0))))","v":"HORA"},0.5,{"$f":"IF(GZT25=\"SINAPI\",VLOOKUP(GZQ25,SINAPI,4,0),IF(GZT25=\"SETOP\",VLOOKUP(GZQ25,SETOP,5,0),IF(GZT25=\"CPU\",VLOOKUP(GZQ25,COMPOSIÇÃO,8,0),VLOOKUP(GZQ25,COTAÇÃO,11,0))))","v":19.149999999999999},{"$f":"GZV25*GZW25","v":9.5749999999999993},"ED-50374",{"$f":"IF(HAB25=\"SINAPI\",VLOOKUP(GZY25,SINAPI,2,0),IF(HAB25=\"SETOP\",VLOOKUP(GZY25,SETOP,3,0),IF(HAB25=\"CPU\",VLOOKUP(GZY25,COMPOSIÇÃO,2,0),VLOOKUP(GZY25,COTAÇÃO,3,0))))","v":"BOMBEIRO/ENCANADOR COM ENCARGOS COMPLEMENTARES"},null,"SETOP",{"$f":"IF(HAB25=\"SINAPI\",VLOOKUP(GZY25,SINAPI,3,0),IF(HAB25=\"SETOP\",VLOOKUP(GZY25,SETOP,4,0),IF(HAB25=\"CPU\",VLOOKUP(GZY25,COMPOSIÇÃO,5,0),VLOOKUP(GZY25,COTAÇÃO,8,0))))","v":"HORA"},0.5,{"$f":"IF(HAB25=\"SINAPI\",VLOOKUP(GZY25,SINAPI,4,0),IF(HAB25=\"SETOP\",VLOOKUP(GZY25,SETOP,5,0),IF(HAB25=\"CPU\",VLOOKUP(GZY25,COMPOSIÇÃO,8,0),VLOOKUP(GZY25,COTAÇÃO,11,0))))","v":19.149999999999999},{"$f":"HAD25*HAE25","v":9.5749999999999993},"ED-50374",{"$f":"IF(HAJ25=\"SINAPI\",VLOOKUP(HAG25,SINAPI,2,0),IF(HAJ25=\"SETOP\",VLOOKUP(HAG25,SETOP,3,0),IF(HAJ25=\"CPU\",VLOOKUP(HAG25,COMPOSIÇÃO,2,0),VLOOKUP(HAG25,COTAÇÃO,3,0))))","v":"BOMBEIRO/ENCANADOR COM ENCARGOS COMPLEMENTARES"},null,"SETOP",{"$f":"IF(HAJ25=\"SINAPI\",VLOOKUP(HAG25,SINAPI,3,0),IF(HAJ25=\"SETOP\",VLOOKUP(HAG25,SETOP,4,0),IF(HAJ25=\"CPU\",VLOOKUP(HAG25,COMPOSIÇÃO,5,0),VLOOKUP(HAG25,COTAÇÃO,8,0))))","v":"HORA"},0.5,{"$f":"IF(HAJ25=\"SINAPI\",VLOOKUP(HAG25,SINAPI,4,0),IF(HAJ25=\"SETOP\",VLOOKUP(HAG25,SETOP,5,0),IF(HAJ25=\"CPU\",VLOOKUP(HAG25,COMPOSIÇÃO,8,0),VLOOKUP(HAG25,COTAÇÃO,11,0))))","v":19.149999999999999},{"$f":"HAL25*HAM25","v":9.5749999999999993},"ED-50374",{"$f":"IF(HAR25=\"SINAPI\",VLOOKUP(HAO25,SINAPI,2,0),IF(HAR25=\"SETOP\",VLOOKUP(HAO25,SETOP,3,0),IF(HAR25=\"CPU\",VLOOKUP(HAO25,COMPOSIÇÃO,2,0),VLOOKUP(HAO25,COTAÇÃO,3,0))))","v":"BOMBEIRO/ENCANADOR COM ENCARGOS COMPLEMENTARES"},null,"SETOP",{"$f":"IF(HAR25=\"SINAPI\",VLOOKUP(HAO25,SINAPI,3,0),IF(HAR25=\"SETOP\",VLOOKUP(HAO25,SETOP,4,0),IF(HAR25=\"CPU\",VLOOKUP(HAO25,COMPOSIÇÃO,5,0),VLOOKUP(HAO25,COTAÇÃO,8,0))))","v":"HORA"},0.5,{"$f":"IF(HAR25=\"SINAPI\",VLOOKUP(HAO25,SINAPI,4,0),IF(HAR25=\"SETOP\",VLOOKUP(HAO25,SETOP,5,0),IF(HAR25=\"CPU\",VLOOKUP(HAO25,COMPOSIÇÃO,8,0),VLOOKUP(HAO25,COTAÇÃO,11,0))))","v":19.149999999999999},{"$f":"HAT25*HAU25","v":9.5749999999999993},"ED-50374",{"$f":"IF(HAZ25=\"SINAPI\",VLOOKUP(HAW25,SINAPI,2,0),IF(HAZ25=\"SETOP\",VLOOKUP(HAW25,SETOP,3,0),IF(HAZ25=\"CPU\",VLOOKUP(HAW25,COMPOSIÇÃO,2,0),VLOOKUP(HAW25,COTAÇÃO,3,0))))","v":"BOMBEIRO/ENCANADOR COM ENCARGOS COMPLEMENTARES"},null,"SETOP",{"$f":"IF(HAZ25=\"SINAPI\",VLOOKUP(HAW25,SINAPI,3,0),IF(HAZ25=\"SETOP\",VLOOKUP(HAW25,SETOP,4,0),IF(HAZ25=\"CPU\",VLOOKUP(HAW25,COMPOSIÇÃO,5,0),VLOOKUP(HAW25,COTAÇÃO,8,0))))","v":"HORA"},0.5,{"$f":"IF(HAZ25=\"SINAPI\",VLOOKUP(HAW25,SINAPI,4,0),IF(HAZ25=\"SETOP\",VLOOKUP(HAW25,SETOP,5,0),IF(HAZ25=\"CPU\",VLOOKUP(HAW25,COMPOSIÇÃO,8,0),VLOOKUP(HAW25,COTAÇÃO,11,0))))","v":19.149999999999999},{"$f":"HBB25*HBC25","v":9.5749999999999993},"ED-50374",{"$f":"IF(HBH25=\"SINAPI\",VLOOKUP(HBE25,SINAPI,2,0),IF(HBH25=\"SETOP\",VLOOKUP(HBE25,SETOP,3,0),IF(HBH25=\"CPU\",VLOOKUP(HBE25,COMPOSIÇÃO,2,0),VLOOKUP(HBE25,COTAÇÃO,3,0))))","v":"BOMBEIRO/ENCANADOR COM ENCARGOS COMPLEMENTARES"},null,"SETOP",{"$f":"IF(HBH25=\"SINAPI\",VLOOKUP(HBE25,SINAPI,3,0),IF(HBH25=\"SETOP\",VLOOKUP(HBE25,SETOP,4,0),IF(HBH25=\"CPU\",VLOOKUP(HBE25,COMPOSIÇÃO,5,0),VLOOKUP(HBE25,COTAÇÃO,8,0))))","v":"HORA"},0.5,{"$f":"IF(HBH25=\"SINAPI\",VLOOKUP(HBE25,SINAPI,4,0),IF(HBH25=\"SETOP\",VLOOKUP(HBE25,SETOP,5,0),IF(HBH25=\"CPU\",VLOOKUP(HBE25,COMPOSIÇÃO,8,0),VLOOKUP(HBE25,COTAÇÃO,11,0))))","v":19.149999999999999},{"$f":"HBJ25*HBK25","v":9.5749999999999993},"ED-50374",{"$f":"IF(HBP25=\"SINAPI\",VLOOKUP(HBM25,SINAPI,2,0),IF(HBP25=\"SETOP\",VLOOKUP(HBM25,SETOP,3,0),IF(HBP25=\"CPU\",VLOOKUP(HBM25,COMPOSIÇÃO,2,0),VLOOKUP(HBM25,COTAÇÃO,3,0))))","v":"BOMBEIRO/ENCANADOR COM ENCARGOS COMPLEMENTARES"},null,"SETOP",{"$f":"IF(HBP25=\"SINAPI\",VLOOKUP(HBM25,SINAPI,3,0),IF(HBP25=\"SETOP\",VLOOKUP(HBM25,SETOP,4,0),IF(HBP25=\"CPU\",VLOOKUP(HBM25,COMPOSIÇÃO,5,0),VLOOKUP(HBM25,COTAÇÃO,8,0))))","v":"HORA"},0.5,{"$f":"IF(HBP25=\"SINAPI\",VLOOKUP(HBM25,SINAPI,4,0),IF(HBP25=\"SETOP\",VLOOKUP(HBM25,SETOP,5,0),IF(HBP25=\"CPU\",VLOOKUP(HBM25,COMPOSIÇÃO,8,0),VLOOKUP(HBM25,COTAÇÃO,11,0))))","v":19.149999999999999},{"$f":"HBR25*HBS25","v":9.5749999999999993},"ED-50374",{"$f":"IF(HBX25=\"SINAPI\",VLOOKUP(HBU25,SINAPI,2,0),IF(HBX25=\"SETOP\",VLOOKUP(HBU25,SETOP,3,0),IF(HBX25=\"CPU\",VLOOKUP(HBU25,COMPOSIÇÃO,2,0),VLOOKUP(HBU25,COTAÇÃO,3,0))))","v":"BOMBEIRO/ENCANADOR COM ENCARGOS COMPLEMENTARES"},null,"SETOP",{"$f":"IF(HBX25=\"SINAPI\",VLOOKUP(HBU25,SINAPI,3,0),IF(HBX25=\"SETOP\",VLOOKUP(HBU25,SETOP,4,0),IF(HBX25=\"CPU\",VLOOKUP(HBU25,COMPOSIÇÃO,5,0),VLOOKUP(HBU25,COTAÇÃO,8,0))))","v":"HORA"},0.5,{"$f":"IF(HBX25=\"SINAPI\",VLOOKUP(HBU25,SINAPI,4,0),IF(HBX25=\"SETOP\",VLOOKUP(HBU25,SETOP,5,0),IF(HBX25=\"CPU\",VLOOKUP(HBU25,COMPOSIÇÃO,8,0),VLOOKUP(HBU25,COTAÇÃO,11,0))))","v":19.149999999999999},{"$f":"HBZ25*HCA25","v":9.5749999999999993},"ED-50374",{"$f":"IF(HCF25=\"SINAPI\",VLOOKUP(HCC25,SINAPI,2,0),IF(HCF25=\"SETOP\",VLOOKUP(HCC25,SETOP,3,0),IF(HCF25=\"CPU\",VLOOKUP(HCC25,COMPOSIÇÃO,2,0),VLOOKUP(HCC25,COTAÇÃO,3,0))))","v":"BOMBEIRO/ENCANADOR COM ENCARGOS COMPLEMENTARES"},null,"SETOP",{"$f":"IF(HCF25=\"SINAPI\",VLOOKUP(HCC25,SINAPI,3,0),IF(HCF25=\"SETOP\",VLOOKUP(HCC25,SETOP,4,0),IF(HCF25=\"CPU\",VLOOKUP(HCC25,COMPOSIÇÃO,5,0),VLOOKUP(HCC25,COTAÇÃO,8,0))))","v":"HORA"},0.5,{"$f":"IF(HCF25=\"SINAPI\",VLOOKUP(HCC25,SINAPI,4,0),IF(HCF25=\"SETOP\",VLOOKUP(HCC25,SETOP,5,0),IF(HCF25=\"CPU\",VLOOKUP(HCC25,COMPOSIÇÃO,8,0),VLOOKUP(HCC25,COTAÇÃO,11,0))))","v":19.149999999999999},{"$f":"HCH25*HCI25","v":9.5749999999999993},"ED-50374",{"$f":"IF(HCN25=\"SINAPI\",VLOOKUP(HCK25,SINAPI,2,0),IF(HCN25=\"SETOP\",VLOOKUP(HCK25,SETOP,3,0),IF(HCN25=\"CPU\",VLOOKUP(HCK25,COMPOSIÇÃO,2,0),VLOOKUP(HCK25,COTAÇÃO,3,0))))","v":"BOMBEIRO/ENCANADOR COM ENCARGOS COMPLEMENTARES"},null,"SETOP",{"$f":"IF(HCN25=\"SINAPI\",VLOOKUP(HCK25,SINAPI,3,0),IF(HCN25=\"SETOP\",VLOOKUP(HCK25,SETOP,4,0),IF(HCN25=\"CPU\",VLOOKUP(HCK25,COMPOSIÇÃO,5,0),VLOOKUP(HCK25,COTAÇÃO,8,0))))","v":"HORA"},0.5,{"$f":"IF(HCN25=\"SINAPI\",VLOOKUP(HCK25,SINAPI,4,0),IF(HCN25=\"SETOP\",VLOOKUP(HCK25,SETOP,5,0),IF(HCN25=\"CPU\",VLOOKUP(HCK25,COMPOSIÇÃO,8,0),VLOOKUP(HCK25,COTAÇÃO,11,0))))","v":19.149999999999999},{"$f":"HCP25*HCQ25","v":9.5749999999999993},"ED-50374",{"$f":"IF(HCV25=\"SINAPI\",VLOOKUP(HCS25,SINAPI,2,0),IF(HCV25=\"SETOP\",VLOOKUP(HCS25,SETOP,3,0),IF(HCV25=\"CPU\",VLOOKUP(HCS25,COMPOSIÇÃO,2,0),VLOOKUP(HCS25,COTAÇÃO,3,0))))","v":"BOMBEIRO/ENCANADOR COM ENCARGOS COMPLEMENTARES"},null,"SETOP",{"$f":"IF(HCV25=\"SINAPI\",VLOOKUP(HCS25,SINAPI,3,0),IF(HCV25=\"SETOP\",VLOOKUP(HCS25,SETOP,4,0),IF(HCV25=\"CPU\",VLOOKUP(HCS25,COMPOSIÇÃO,5,0),VLOOKUP(HCS25,COTAÇÃO,8,0))))","v":"HORA"},0.5,{"$f":"IF(HCV25=\"SINAPI\",VLOOKUP(HCS25,SINAPI,4,0),IF(HCV25=\"SETOP\",VLOOKUP(HCS25,SETOP,5,0),IF(HCV25=\"CPU\",VLOOKUP(HCS25,COMPOSIÇÃO,8,0),VLOOKUP(HCS25,COTAÇÃO,11,0))))","v":19.149999999999999},{"$f":"HCX25*HCY25","v":9.5749999999999993},"ED-50374",{"$f":"IF(HDD25=\"SINAPI\",VLOOKUP(HDA25,SINAPI,2,0),IF(HDD25=\"SETOP\",VLOOKUP(HDA25,SETOP,3,0),IF(HDD25=\"CPU\",VLOOKUP(HDA25,COMPOSIÇÃO,2,0),VLOOKUP(HDA25,COTAÇÃO,3,0))))","v":"BOMBEIRO/ENCANADOR COM ENCARGOS COMPLEMENTARES"},null,"SETOP",{"$f":"IF(HDD25=\"SINAPI\",VLOOKUP(HDA25,SINAPI,3,0),IF(HDD25=\"SETOP\",VLOOKUP(HDA25,SETOP,4,0),IF(HDD25=\"CPU\",VLOOKUP(HDA25,COMPOSIÇÃO,5,0),VLOOKUP(HDA25,COTAÇÃO,8,0))))","v":"HORA"},0.5,{"$f":"IF(HDD25=\"SINAPI\",VLOOKUP(HDA25,SINAPI,4,0),IF(HDD25=\"SETOP\",VLOOKUP(HDA25,SETOP,5,0),IF(HDD25=\"CPU\",VLOOKUP(HDA25,COMPOSIÇÃO,8,0),VLOOKUP(HDA25,COTAÇÃO,11,0))))","v":19.149999999999999},{"$f":"HDF25*HDG25","v":9.5749999999999993},"ED-50374",{"$f":"IF(HDL25=\"SINAPI\",VLOOKUP(HDI25,SINAPI,2,0),IF(HDL25=\"SETOP\",VLOOKUP(HDI25,SETOP,3,0),IF(HDL25=\"CPU\",VLOOKUP(HDI25,COMPOSIÇÃO,2,0),VLOOKUP(HDI25,COTAÇÃO,3,0))))","v":"BOMBEIRO/ENCANADOR COM ENCARGOS COMPLEMENTARES"},null,"SETOP",{"$f":"IF(HDL25=\"SINAPI\",VLOOKUP(HDI25,SINAPI,3,0),IF(HDL25=\"SETOP\",VLOOKUP(HDI25,SETOP,4,0),IF(HDL25=\"CPU\",VLOOKUP(HDI25,COMPOSIÇÃO,5,0),VLOOKUP(HDI25,COTAÇÃO,8,0))))","v":"HORA"},0.5,{"$f":"IF(HDL25=\"SINAPI\",VLOOKUP(HDI25,SINAPI,4,0),IF(HDL25=\"SETOP\",VLOOKUP(HDI25,SETOP,5,0),IF(HDL25=\"CPU\",VLOOKUP(HDI25,COMPOSIÇÃO,8,0),VLOOKUP(HDI25,COTAÇÃO,11,0))))","v":19.149999999999999},{"$f":"HDN25*HDO25","v":9.5749999999999993},"ED-50374",{"$f":"IF(HDT25=\"SINAPI\",VLOOKUP(HDQ25,SINAPI,2,0),IF(HDT25=\"SETOP\",VLOOKUP(HDQ25,SETOP,3,0),IF(HDT25=\"CPU\",VLOOKUP(HDQ25,COMPOSIÇÃO,2,0),VLOOKUP(HDQ25,COTAÇÃO,3,0))))","v":"BOMBEIRO/ENCANADOR COM ENCARGOS COMPLEMENTARES"},null,"SETOP",{"$f":"IF(HDT25=\"SINAPI\",VLOOKUP(HDQ25,SINAPI,3,0),IF(HDT25=\"SETOP\",VLOOKUP(HDQ25,SETOP,4,0),IF(HDT25=\"CPU\",VLOOKUP(HDQ25,COMPOSIÇÃO,5,0),VLOOKUP(HDQ25,COTAÇÃO,8,0))))","v":"HORA"},0.5,{"$f":"IF(HDT25=\"SINAPI\",VLOOKUP(HDQ25,SINAPI,4,0),IF(HDT25=\"SETOP\",VLOOKUP(HDQ25,SETOP,5,0),IF(HDT25=\"CPU\",VLOOKUP(HDQ25,COMPOSIÇÃO,8,0),VLOOKUP(HDQ25,COTAÇÃO,11,0))))","v":19.149999999999999},{"$f":"HDV25*HDW25","v":9.5749999999999993},"ED-50374",{"$f":"IF(HEB25=\"SINAPI\",VLOOKUP(HDY25,SINAPI,2,0),IF(HEB25=\"SETOP\",VLOOKUP(HDY25,SETOP,3,0),IF(HEB25=\"CPU\",VLOOKUP(HDY25,COMPOSIÇÃO,2,0),VLOOKUP(HDY25,COTAÇÃO,3,0))))","v":"BOMBEIRO/ENCANADOR COM ENCARGOS COMPLEMENTARES"},null,"SETOP",{"$f":"IF(HEB25=\"SINAPI\",VLOOKUP(HDY25,SINAPI,3,0),IF(HEB25=\"SETOP\",VLOOKUP(HDY25,SETOP,4,0),IF(HEB25=\"CPU\",VLOOKUP(HDY25,COMPOSIÇÃO,5,0),VLOOKUP(HDY25,COTAÇÃO,8,0))))","v":"HORA"},0.5,{"$f":"IF(HEB25=\"SINAPI\",VLOOKUP(HDY25,SINAPI,4,0),IF(HEB25=\"SETOP\",VLOOKUP(HDY25,SETOP,5,0),IF(HEB25=\"CPU\",VLOOKUP(HDY25,COMPOSIÇÃO,8,0),VLOOKUP(HDY25,COTAÇÃO,11,0))))","v":19.149999999999999},{"$f":"HED25*HEE25","v":9.5749999999999993},"ED-50374",{"$f":"IF(HEJ25=\"SINAPI\",VLOOKUP(HEG25,SINAPI,2,0),IF(HEJ25=\"SETOP\",VLOOKUP(HEG25,SETOP,3,0),IF(HEJ25=\"CPU\",VLOOKUP(HEG25,COMPOSIÇÃO,2,0),VLOOKUP(HEG25,COTAÇÃO,3,0))))","v":"BOMBEIRO/ENCANADOR COM ENCARGOS COMPLEMENTARES"},null,"SETOP",{"$f":"IF(HEJ25=\"SINAPI\",VLOOKUP(HEG25,SINAPI,3,0),IF(HEJ25=\"SETOP\",VLOOKUP(HEG25,SETOP,4,0),IF(HEJ25=\"CPU\",VLOOKUP(HEG25,COMPOSIÇÃO,5,0),VLOOKUP(HEG25,COTAÇÃO,8,0))))","v":"HORA"},0.5,{"$f":"IF(HEJ25=\"SINAPI\",VLOOKUP(HEG25,SINAPI,4,0),IF(HEJ25=\"SETOP\",VLOOKUP(HEG25,SETOP,5,0),IF(HEJ25=\"CPU\",VLOOKUP(HEG25,COMPOSIÇÃO,8,0),VLOOKUP(HEG25,COTAÇÃO,11,0))))","v":19.149999999999999},{"$f":"HEL25*HEM25","v":9.5749999999999993},"ED-50374",{"$f":"IF(HER25=\"SINAPI\",VLOOKUP(HEO25,SINAPI,2,0),IF(HER25=\"SETOP\",VLOOKUP(HEO25,SETOP,3,0),IF(HER25=\"CPU\",VLOOKUP(HEO25,COMPOSIÇÃO,2,0),VLOOKUP(HEO25,COTAÇÃO,3,0))))","v":"BOMBEIRO/ENCANADOR COM ENCARGOS COMPLEMENTARES"},null,"SETOP",{"$f":"IF(HER25=\"SINAPI\",VLOOKUP(HEO25,SINAPI,3,0),IF(HER25=\"SETOP\",VLOOKUP(HEO25,SETOP,4,0),IF(HER25=\"CPU\",VLOOKUP(HEO25,COMPOSIÇÃO,5,0),VLOOKUP(HEO25,COTAÇÃO,8,0))))","v":"HORA"},0.5,{"$f":"IF(HER25=\"SINAPI\",VLOOKUP(HEO25,SINAPI,4,0),IF(HER25=\"SETOP\",VLOOKUP(HEO25,SETOP,5,0),IF(HER25=\"CPU\",VLOOKUP(HEO25,COMPOSIÇÃO,8,0),VLOOKUP(HEO25,COTAÇÃO,11,0))))","v":19.149999999999999},{"$f":"HET25*HEU25","v":9.5749999999999993},"ED-50374",{"$f":"IF(HEZ25=\"SINAPI\",VLOOKUP(HEW25,SINAPI,2,0),IF(HEZ25=\"SETOP\",VLOOKUP(HEW25,SETOP,3,0),IF(HEZ25=\"CPU\",VLOOKUP(HEW25,COMPOSIÇÃO,2,0),VLOOKUP(HEW25,COTAÇÃO,3,0))))","v":"BOMBEIRO/ENCANADOR COM ENCARGOS COMPLEMENTARES"},null,"SETOP",{"$f":"IF(HEZ25=\"SINAPI\",VLOOKUP(HEW25,SINAPI,3,0),IF(HEZ25=\"SETOP\",VLOOKUP(HEW25,SETOP,4,0),IF(HEZ25=\"CPU\",VLOOKUP(HEW25,COMPOSIÇÃO,5,0),VLOOKUP(HEW25,COTAÇÃO,8,0))))","v":"HORA"},0.5,{"$f":"IF(HEZ25=\"SINAPI\",VLOOKUP(HEW25,SINAPI,4,0),IF(HEZ25=\"SETOP\",VLOOKUP(HEW25,SETOP,5,0),IF(HEZ25=\"CPU\",VLOOKUP(HEW25,COMPOSIÇÃO,8,0),VLOOKUP(HEW25,COTAÇÃO,11,0))))","v":19.149999999999999},{"$f":"HFB25*HFC25","v":9.5749999999999993},"ED-50374",{"$f":"IF(HFH25=\"SINAPI\",VLOOKUP(HFE25,SINAPI,2,0),IF(HFH25=\"SETOP\",VLOOKUP(HFE25,SETOP,3,0),IF(HFH25=\"CPU\",VLOOKUP(HFE25,COMPOSIÇÃO,2,0),VLOOKUP(HFE25,COTAÇÃO,3,0))))","v":"BOMBEIRO/ENCANADOR COM ENCARGOS COMPLEMENTARES"},null,"SETOP",{"$f":"IF(HFH25=\"SINAPI\",VLOOKUP(HFE25,SINAPI,3,0),IF(HFH25=\"SETOP\",VLOOKUP(HFE25,SETOP,4,0),IF(HFH25=\"CPU\",VLOOKUP(HFE25,COMPOSIÇÃO,5,0),VLOOKUP(HFE25,COTAÇÃO,8,0))))","v":"HORA"},0.5,{"$f":"IF(HFH25=\"SINAPI\",VLOOKUP(HFE25,SINAPI,4,0),IF(HFH25=\"SETOP\",VLOOKUP(HFE25,SETOP,5,0),IF(HFH25=\"CPU\",VLOOKUP(HFE25,COMPOSIÇÃO,8,0),VLOOKUP(HFE25,COTAÇÃO,11,0))))","v":19.149999999999999},{"$f":"HFJ25*HFK25","v":9.5749999999999993},"ED-50374",{"$f":"IF(HFP25=\"SINAPI\",VLOOKUP(HFM25,SINAPI,2,0),IF(HFP25=\"SETOP\",VLOOKUP(HFM25,SETOP,3,0),IF(HFP25=\"CPU\",VLOOKUP(HFM25,COMPOSIÇÃO,2,0),VLOOKUP(HFM25,COTAÇÃO,3,0))))","v":"BOMBEIRO/ENCANADOR COM ENCARGOS COMPLEMENTARES"},null,"SETOP",{"$f":"IF(HFP25=\"SINAPI\",VLOOKUP(HFM25,SINAPI,3,0),IF(HFP25=\"SETOP\",VLOOKUP(HFM25,SETOP,4,0),IF(HFP25=\"CPU\",VLOOKUP(HFM25,COMPOSIÇÃO,5,0),VLOOKUP(HFM25,COTAÇÃO,8,0))))","v":"HORA"},0.5,{"$f":"IF(HFP25=\"SINAPI\",VLOOKUP(HFM25,SINAPI,4,0),IF(HFP25=\"SETOP\",VLOOKUP(HFM25,SETOP,5,0),IF(HFP25=\"CPU\",VLOOKUP(HFM25,COMPOSIÇÃO,8,0),VLOOKUP(HFM25,COTAÇÃO,11,0))))","v":19.149999999999999},{"$f":"HFR25*HFS25","v":9.5749999999999993},"ED-50374",{"$f":"IF(HFX25=\"SINAPI\",VLOOKUP(HFU25,SINAPI,2,0),IF(HFX25=\"SETOP\",VLOOKUP(HFU25,SETOP,3,0),IF(HFX25=\"CPU\",VLOOKUP(HFU25,COMPOSIÇÃO,2,0),VLOOKUP(HFU25,COTAÇÃO,3,0))))","v":"BOMBEIRO/ENCANADOR COM ENCARGOS COMPLEMENTARES"},null,"SETOP",{"$f":"IF(HFX25=\"SINAPI\",VLOOKUP(HFU25,SINAPI,3,0),IF(HFX25=\"SETOP\",VLOOKUP(HFU25,SETOP,4,0),IF(HFX25=\"CPU\",VLOOKUP(HFU25,COMPOSIÇÃO,5,0),VLOOKUP(HFU25,COTAÇÃO,8,0))))","v":"HORA"},0.5,{"$f":"IF(HFX25=\"SINAPI\",VLOOKUP(HFU25,SINAPI,4,0),IF(HFX25=\"SETOP\",VLOOKUP(HFU25,SETOP,5,0),IF(HFX25=\"CPU\",VLOOKUP(HFU25,COMPOSIÇÃO,8,0),VLOOKUP(HFU25,COTAÇÃO,11,0))))","v":19.149999999999999},{"$f":"HFZ25*HGA25","v":9.5749999999999993},"ED-50374",{"$f":"IF(HGF25=\"SINAPI\",VLOOKUP(HGC25,SINAPI,2,0),IF(HGF25=\"SETOP\",VLOOKUP(HGC25,SETOP,3,0),IF(HGF25=\"CPU\",VLOOKUP(HGC25,COMPOSIÇÃO,2,0),VLOOKUP(HGC25,COTAÇÃO,3,0))))","v":"BOMBEIRO/ENCANADOR COM ENCARGOS COMPLEMENTARES"},null,"SETOP",{"$f":"IF(HGF25=\"SINAPI\",VLOOKUP(HGC25,SINAPI,3,0),IF(HGF25=\"SETOP\",VLOOKUP(HGC25,SETOP,4,0),IF(HGF25=\"CPU\",VLOOKUP(HGC25,COMPOSIÇÃO,5,0),VLOOKUP(HGC25,COTAÇÃO,8,0))))","v":"HORA"},0.5,{"$f":"IF(HGF25=\"SINAPI\",VLOOKUP(HGC25,SINAPI,4,0),IF(HGF25=\"SETOP\",VLOOKUP(HGC25,SETOP,5,0),IF(HGF25=\"CPU\",VLOOKUP(HGC25,COMPOSIÇÃO,8,0),VLOOKUP(HGC25,COTAÇÃO,11,0))))","v":19.149999999999999},{"$f":"HGH25*HGI25","v":9.5749999999999993},"ED-50374",{"$f":"IF(HGN25=\"SINAPI\",VLOOKUP(HGK25,SINAPI,2,0),IF(HGN25=\"SETOP\",VLOOKUP(HGK25,SETOP,3,0),IF(HGN25=\"CPU\",VLOOKUP(HGK25,COMPOSIÇÃO,2,0),VLOOKUP(HGK25,COTAÇÃO,3,0))))","v":"BOMBEIRO/ENCANADOR COM ENCARGOS COMPLEMENTARES"},null,"SETOP",{"$f":"IF(HGN25=\"SINAPI\",VLOOKUP(HGK25,SINAPI,3,0),IF(HGN25=\"SETOP\",VLOOKUP(HGK25,SETOP,4,0),IF(HGN25=\"CPU\",VLOOKUP(HGK25,COMPOSIÇÃO,5,0),VLOOKUP(HGK25,COTAÇÃO,8,0))))","v":"HORA"},0.5,{"$f":"IF(HGN25=\"SINAPI\",VLOOKUP(HGK25,SINAPI,4,0),IF(HGN25=\"SETOP\",VLOOKUP(HGK25,SETOP,5,0),IF(HGN25=\"CPU\",VLOOKUP(HGK25,COMPOSIÇÃO,8,0),VLOOKUP(HGK25,COTAÇÃO,11,0))))","v":19.149999999999999},{"$f":"HGP25*HGQ25","v":9.5749999999999993},"ED-50374",{"$f":"IF(HGV25=\"SINAPI\",VLOOKUP(HGS25,SINAPI,2,0),IF(HGV25=\"SETOP\",VLOOKUP(HGS25,SETOP,3,0),IF(HGV25=\"CPU\",VLOOKUP(HGS25,COMPOSIÇÃO,2,0),VLOOKUP(HGS25,COTAÇÃO,3,0))))","v":"BOMBEIRO/ENCANADOR COM ENCARGOS COMPLEMENTARES"},null,"SETOP",{"$f":"IF(HGV25=\"SINAPI\",VLOOKUP(HGS25,SINAPI,3,0),IF(HGV25=\"SETOP\",VLOOKUP(HGS25,SETOP,4,0),IF(HGV25=\"CPU\",VLOOKUP(HGS25,COMPOSIÇÃO,5,0),VLOOKUP(HGS25,COTAÇÃO,8,0))))","v":"HORA"},0.5,{"$f":"IF(HGV25=\"SINAPI\",VLOOKUP(HGS25,SINAPI,4,0),IF(HGV25=\"SETOP\",VLOOKUP(HGS25,SETOP,5,0),IF(HGV25=\"CPU\",VLOOKUP(HGS25,COMPOSIÇÃO,8,0),VLOOKUP(HGS25,COTAÇÃO,11,0))))","v":19.149999999999999},{"$f":"HGX25*HGY25","v":9.5749999999999993},"ED-50374",{"$f":"IF(HHD25=\"SINAPI\",VLOOKUP(HHA25,SINAPI,2,0),IF(HHD25=\"SETOP\",VLOOKUP(HHA25,SETOP,3,0),IF(HHD25=\"CPU\",VLOOKUP(HHA25,COMPOSIÇÃO,2,0),VLOOKUP(HHA25,COTAÇÃO,3,0))))","v":"BOMBEIRO/ENCANADOR COM ENCARGOS COMPLEMENTARES"},null,"SETOP",{"$f":"IF(HHD25=\"SINAPI\",VLOOKUP(HHA25,SINAPI,3,0),IF(HHD25=\"SETOP\",VLOOKUP(HHA25,SETOP,4,0),IF(HHD25=\"CPU\",VLOOKUP(HHA25,COMPOSIÇÃO,5,0),VLOOKUP(HHA25,COTAÇÃO,8,0))))","v":"HORA"},0.5,{"$f":"IF(HHD25=\"SINAPI\",VLOOKUP(HHA25,SINAPI,4,0),IF(HHD25=\"SETOP\",VLOOKUP(HHA25,SETOP,5,0),IF(HHD25=\"CPU\",VLOOKUP(HHA25,COMPOSIÇÃO,8,0),VLOOKUP(HHA25,COTAÇÃO,11,0))))","v":19.149999999999999},{"$f":"HHF25*HHG25","v":9.5749999999999993},"ED-50374",{"$f":"IF(HHL25=\"SINAPI\",VLOOKUP(HHI25,SINAPI,2,0),IF(HHL25=\"SETOP\",VLOOKUP(HHI25,SETOP,3,0),IF(HHL25=\"CPU\",VLOOKUP(HHI25,COMPOSIÇÃO,2,0),VLOOKUP(HHI25,COTAÇÃO,3,0))))","v":"BOMBEIRO/ENCANADOR COM ENCARGOS COMPLEMENTARES"},null,"SETOP",{"$f":"IF(HHL25=\"SINAPI\",VLOOKUP(HHI25,SINAPI,3,0),IF(HHL25=\"SETOP\",VLOOKUP(HHI25,SETOP,4,0),IF(HHL25=\"CPU\",VLOOKUP(HHI25,COMPOSIÇÃO,5,0),VLOOKUP(HHI25,COTAÇÃO,8,0))))","v":"HORA"},0.5,{"$f":"IF(HHL25=\"SINAPI\",VLOOKUP(HHI25,SINAPI,4,0),IF(HHL25=\"SETOP\",VLOOKUP(HHI25,SETOP,5,0),IF(HHL25=\"CPU\",VLOOKUP(HHI25,COMPOSIÇÃO,8,0),VLOOKUP(HHI25,COTAÇÃO,11,0))))","v":19.149999999999999},{"$f":"HHN25*HHO25","v":9.5749999999999993},"ED-50374",{"$f":"IF(HHT25=\"SINAPI\",VLOOKUP(HHQ25,SINAPI,2,0),IF(HHT25=\"SETOP\",VLOOKUP(HHQ25,SETOP,3,0),IF(HHT25=\"CPU\",VLOOKUP(HHQ25,COMPOSIÇÃO,2,0),VLOOKUP(HHQ25,COTAÇÃO,3,0))))","v":"BOMBEIRO/ENCANADOR COM ENCARGOS COMPLEMENTARES"},null,"SETOP",{"$f":"IF(HHT25=\"SINAPI\",VLOOKUP(HHQ25,SINAPI,3,0),IF(HHT25=\"SETOP\",VLOOKUP(HHQ25,SETOP,4,0),IF(HHT25=\"CPU\",VLOOKUP(HHQ25,COMPOSIÇÃO,5,0),VLOOKUP(HHQ25,COTAÇÃO,8,0))))","v":"HORA"},0.5,{"$f":"IF(HHT25=\"SINAPI\",VLOOKUP(HHQ25,SINAPI,4,0),IF(HHT25=\"SETOP\",VLOOKUP(HHQ25,SETOP,5,0),IF(HHT25=\"CPU\",VLOOKUP(HHQ25,COMPOSIÇÃO,8,0),VLOOKUP(HHQ25,COTAÇÃO,11,0))))","v":19.149999999999999},{"$f":"HHV25*HHW25","v":9.5749999999999993},"ED-50374",{"$f":"IF(HIB25=\"SINAPI\",VLOOKUP(HHY25,SINAPI,2,0),IF(HIB25=\"SETOP\",VLOOKUP(HHY25,SETOP,3,0),IF(HIB25=\"CPU\",VLOOKUP(HHY25,COMPOSIÇÃO,2,0),VLOOKUP(HHY25,COTAÇÃO,3,0))))","v":"BOMBEIRO/ENCANADOR COM ENCARGOS COMPLEMENTARES"},null,"SETOP",{"$f":"IF(HIB25=\"SINAPI\",VLOOKUP(HHY25,SINAPI,3,0),IF(HIB25=\"SETOP\",VLOOKUP(HHY25,SETOP,4,0),IF(HIB25=\"CPU\",VLOOKUP(HHY25,COMPOSIÇÃO,5,0),VLOOKUP(HHY25,COTAÇÃO,8,0))))","v":"HORA"},0.5,{"$f":"IF(HIB25=\"SINAPI\",VLOOKUP(HHY25,SINAPI,4,0),IF(HIB25=\"SETOP\",VLOOKUP(HHY25,SETOP,5,0),IF(HIB25=\"CPU\",VLOOKUP(HHY25,COMPOSIÇÃO,8,0),VLOOKUP(HHY25,COTAÇÃO,11,0))))","v":19.149999999999999},{"$f":"HID25*HIE25","v":9.5749999999999993},"ED-50374",{"$f":"IF(HIJ25=\"SINAPI\",VLOOKUP(HIG25,SINAPI,2,0),IF(HIJ25=\"SETOP\",VLOOKUP(HIG25,SETOP,3,0),IF(HIJ25=\"CPU\",VLOOKUP(HIG25,COMPOSIÇÃO,2,0),VLOOKUP(HIG25,COTAÇÃO,3,0))))","v":"BOMBEIRO/ENCANADOR COM ENCARGOS COMPLEMENTARES"},null,"SETOP",{"$f":"IF(HIJ25=\"SINAPI\",VLOOKUP(HIG25,SINAPI,3,0),IF(HIJ25=\"SETOP\",VLOOKUP(HIG25,SETOP,4,0),IF(HIJ25=\"CPU\",VLOOKUP(HIG25,COMPOSIÇÃO,5,0),VLOOKUP(HIG25,COTAÇÃO,8,0))))","v":"HORA"},0.5,{"$f":"IF(HIJ25=\"SINAPI\",VLOOKUP(HIG25,SINAPI,4,0),IF(HIJ25=\"SETOP\",VLOOKUP(HIG25,SETOP,5,0),IF(HIJ25=\"CPU\",VLOOKUP(HIG25,COMPOSIÇÃO,8,0),VLOOKUP(HIG25,COTAÇÃO,11,0))))","v":19.149999999999999},{"$f":"HIL25*HIM25","v":9.5749999999999993},"ED-50374",{"$f":"IF(HIR25=\"SINAPI\",VLOOKUP(HIO25,SINAPI,2,0),IF(HIR25=\"SETOP\",VLOOKUP(HIO25,SETOP,3,0),IF(HIR25=\"CPU\",VLOOKUP(HIO25,COMPOSIÇÃO,2,0),VLOOKUP(HIO25,COTAÇÃO,3,0))))","v":"BOMBEIRO/ENCANADOR COM ENCARGOS COMPLEMENTARES"},null,"SETOP",{"$f":"IF(HIR25=\"SINAPI\",VLOOKUP(HIO25,SINAPI,3,0),IF(HIR25=\"SETOP\",VLOOKUP(HIO25,SETOP,4,0),IF(HIR25=\"CPU\",VLOOKUP(HIO25,COMPOSIÇÃO,5,0),VLOOKUP(HIO25,COTAÇÃO,8,0))))","v":"HORA"},0.5,{"$f":"IF(HIR25=\"SINAPI\",VLOOKUP(HIO25,SINAPI,4,0),IF(HIR25=\"SETOP\",VLOOKUP(HIO25,SETOP,5,0),IF(HIR25=\"CPU\",VLOOKUP(HIO25,COMPOSIÇÃO,8,0),VLOOKUP(HIO25,COTAÇÃO,11,0))))","v":19.149999999999999},{"$f":"HIT25*HIU25","v":9.5749999999999993},"ED-50374",{"$f":"IF(HIZ25=\"SINAPI\",VLOOKUP(HIW25,SINAPI,2,0),IF(HIZ25=\"SETOP\",VLOOKUP(HIW25,SETOP,3,0),IF(HIZ25=\"CPU\",VLOOKUP(HIW25,COMPOSIÇÃO,2,0),VLOOKUP(HIW25,COTAÇÃO,3,0))))","v":"BOMBEIRO/ENCANADOR COM ENCARGOS COMPLEMENTARES"},null,"SETOP",{"$f":"IF(HIZ25=\"SINAPI\",VLOOKUP(HIW25,SINAPI,3,0),IF(HIZ25=\"SETOP\",VLOOKUP(HIW25,SETOP,4,0),IF(HIZ25=\"CPU\",VLOOKUP(HIW25,COMPOSIÇÃO,5,0),VLOOKUP(HIW25,COTAÇÃO,8,0))))","v":"HORA"},0.5,{"$f":"IF(HIZ25=\"SINAPI\",VLOOKUP(HIW25,SINAPI,4,0),IF(HIZ25=\"SETOP\",VLOOKUP(HIW25,SETOP,5,0),IF(HIZ25=\"CPU\",VLOOKUP(HIW25,COMPOSIÇÃO,8,0),VLOOKUP(HIW25,COTAÇÃO,11,0))))","v":19.149999999999999},{"$f":"HJB25*HJC25","v":9.5749999999999993},"ED-50374",{"$f":"IF(HJH25=\"SINAPI\",VLOOKUP(HJE25,SINAPI,2,0),IF(HJH25=\"SETOP\",VLOOKUP(HJE25,SETOP,3,0),IF(HJH25=\"CPU\",VLOOKUP(HJE25,COMPOSIÇÃO,2,0),VLOOKUP(HJE25,COTAÇÃO,3,0))))","v":"BOMBEIRO/ENCANADOR COM ENCARGOS COMPLEMENTARES"},null,"SETOP",{"$f":"IF(HJH25=\"SINAPI\",VLOOKUP(HJE25,SINAPI,3,0),IF(HJH25=\"SETOP\",VLOOKUP(HJE25,SETOP,4,0),IF(HJH25=\"CPU\",VLOOKUP(HJE25,COMPOSIÇÃO,5,0),VLOOKUP(HJE25,COTAÇÃO,8,0))))","v":"HORA"},0.5,{"$f":"IF(HJH25=\"SINAPI\",VLOOKUP(HJE25,SINAPI,4,0),IF(HJH25=\"SETOP\",VLOOKUP(HJE25,SETOP,5,0),IF(HJH25=\"CPU\",VLOOKUP(HJE25,COMPOSIÇÃO,8,0),VLOOKUP(HJE25,COTAÇÃO,11,0))))","v":19.149999999999999},{"$f":"HJJ25*HJK25","v":9.5749999999999993},"ED-50374",{"$f":"IF(HJP25=\"SINAPI\",VLOOKUP(HJM25,SINAPI,2,0),IF(HJP25=\"SETOP\",VLOOKUP(HJM25,SETOP,3,0),IF(HJP25=\"CPU\",VLOOKUP(HJM25,COMPOSIÇÃO,2,0),VLOOKUP(HJM25,COTAÇÃO,3,0))))","v":"BOMBEIRO/ENCANADOR COM ENCARGOS COMPLEMENTARES"},null,"SETOP",{"$f":"IF(HJP25=\"SINAPI\",VLOOKUP(HJM25,SINAPI,3,0),IF(HJP25=\"SETOP\",VLOOKUP(HJM25,SETOP,4,0),IF(HJP25=\"CPU\",VLOOKUP(HJM25,COMPOSIÇÃO,5,0),VLOOKUP(HJM25,COTAÇÃO,8,0))))","v":"HORA"},0.5,{"$f":"IF(HJP25=\"SINAPI\",VLOOKUP(HJM25,SINAPI,4,0),IF(HJP25=\"SETOP\",VLOOKUP(HJM25,SETOP,5,0),IF(HJP25=\"CPU\",VLOOKUP(HJM25,COMPOSIÇÃO,8,0),VLOOKUP(HJM25,COTAÇÃO,11,0))))","v":19.149999999999999},{"$f":"HJR25*HJS25","v":9.5749999999999993},"ED-50374",{"$f":"IF(HJX25=\"SINAPI\",VLOOKUP(HJU25,SINAPI,2,0),IF(HJX25=\"SETOP\",VLOOKUP(HJU25,SETOP,3,0),IF(HJX25=\"CPU\",VLOOKUP(HJU25,COMPOSIÇÃO,2,0),VLOOKUP(HJU25,COTAÇÃO,3,0))))","v":"BOMBEIRO/ENCANADOR COM ENCARGOS COMPLEMENTARES"},null,"SETOP",{"$f":"IF(HJX25=\"SINAPI\",VLOOKUP(HJU25,SINAPI,3,0),IF(HJX25=\"SETOP\",VLOOKUP(HJU25,SETOP,4,0),IF(HJX25=\"CPU\",VLOOKUP(HJU25,COMPOSIÇÃO,5,0),VLOOKUP(HJU25,COTAÇÃO,8,0))))","v":"HORA"},0.5,{"$f":"IF(HJX25=\"SINAPI\",VLOOKUP(HJU25,SINAPI,4,0),IF(HJX25=\"SETOP\",VLOOKUP(HJU25,SETOP,5,0),IF(HJX25=\"CPU\",VLOOKUP(HJU25,COMPOSIÇÃO,8,0),VLOOKUP(HJU25,COTAÇÃO,11,0))))","v":19.149999999999999},{"$f":"HJZ25*HKA25","v":9.5749999999999993},"ED-50374",{"$f":"IF(HKF25=\"SINAPI\",VLOOKUP(HKC25,SINAPI,2,0),IF(HKF25=\"SETOP\",VLOOKUP(HKC25,SETOP,3,0),IF(HKF25=\"CPU\",VLOOKUP(HKC25,COMPOSIÇÃO,2,0),VLOOKUP(HKC25,COTAÇÃO,3,0))))","v":"BOMBEIRO/ENCANADOR COM ENCARGOS COMPLEMENTARES"},null,"SETOP",{"$f":"IF(HKF25=\"SINAPI\",VLOOKUP(HKC25,SINAPI,3,0),IF(HKF25=\"SETOP\",VLOOKUP(HKC25,SETOP,4,0),IF(HKF25=\"CPU\",VLOOKUP(HKC25,COMPOSIÇÃO,5,0),VLOOKUP(HKC25,COTAÇÃO,8,0))))","v":"HORA"},0.5,{"$f":"IF(HKF25=\"SINAPI\",VLOOKUP(HKC25,SINAPI,4,0),IF(HKF25=\"SETOP\",VLOOKUP(HKC25,SETOP,5,0),IF(HKF25=\"CPU\",VLOOKUP(HKC25,COMPOSIÇÃO,8,0),VLOOKUP(HKC25,COTAÇÃO,11,0))))","v":19.149999999999999},{"$f":"HKH25*HKI25","v":9.5749999999999993},"ED-50374",{"$f":"IF(HKN25=\"SINAPI\",VLOOKUP(HKK25,SINAPI,2,0),IF(HKN25=\"SETOP\",VLOOKUP(HKK25,SETOP,3,0),IF(HKN25=\"CPU\",VLOOKUP(HKK25,COMPOSIÇÃO,2,0),VLOOKUP(HKK25,COTAÇÃO,3,0))))","v":"BOMBEIRO/ENCANADOR COM ENCARGOS COMPLEMENTARES"},null,"SETOP",{"$f":"IF(HKN25=\"SINAPI\",VLOOKUP(HKK25,SINAPI,3,0),IF(HKN25=\"SETOP\",VLOOKUP(HKK25,SETOP,4,0),IF(HKN25=\"CPU\",VLOOKUP(HKK25,COMPOSIÇÃO,5,0),VLOOKUP(HKK25,COTAÇÃO,8,0))))","v":"HORA"},0.5,{"$f":"IF(HKN25=\"SINAPI\",VLOOKUP(HKK25,SINAPI,4,0),IF(HKN25=\"SETOP\",VLOOKUP(HKK25,SETOP,5,0),IF(HKN25=\"CPU\",VLOOKUP(HKK25,COMPOSIÇÃO,8,0),VLOOKUP(HKK25,COTAÇÃO,11,0))))","v":19.149999999999999},{"$f":"HKP25*HKQ25","v":9.5749999999999993},"ED-50374",{"$f":"IF(HKV25=\"SINAPI\",VLOOKUP(HKS25,SINAPI,2,0),IF(HKV25=\"SETOP\",VLOOKUP(HKS25,SETOP,3,0),IF(HKV25=\"CPU\",VLOOKUP(HKS25,COMPOSIÇÃO,2,0),VLOOKUP(HKS25,COTAÇÃO,3,0))))","v":"BOMBEIRO/ENCANADOR COM ENCARGOS COMPLEMENTARES"},null,"SETOP",{"$f":"IF(HKV25=\"SINAPI\",VLOOKUP(HKS25,SINAPI,3,0),IF(HKV25=\"SETOP\",VLOOKUP(HKS25,SETOP,4,0),IF(HKV25=\"CPU\",VLOOKUP(HKS25,COMPOSIÇÃO,5,0),VLOOKUP(HKS25,COTAÇÃO,8,0))))","v":"HORA"},0.5,{"$f":"IF(HKV25=\"SINAPI\",VLOOKUP(HKS25,SINAPI,4,0),IF(HKV25=\"SETOP\",VLOOKUP(HKS25,SETOP,5,0),IF(HKV25=\"CPU\",VLOOKUP(HKS25,COMPOSIÇÃO,8,0),VLOOKUP(HKS25,COTAÇÃO,11,0))))","v":19.149999999999999},{"$f":"HKX25*HKY25","v":9.5749999999999993},"ED-50374",{"$f":"IF(HLD25=\"SINAPI\",VLOOKUP(HLA25,SINAPI,2,0),IF(HLD25=\"SETOP\",VLOOKUP(HLA25,SETOP,3,0),IF(HLD25=\"CPU\",VLOOKUP(HLA25,COMPOSIÇÃO,2,0),VLOOKUP(HLA25,COTAÇÃO,3,0))))","v":"BOMBEIRO/ENCANADOR COM ENCARGOS COMPLEMENTARES"},null,"SETOP",{"$f":"IF(HLD25=\"SINAPI\",VLOOKUP(HLA25,SINAPI,3,0),IF(HLD25=\"SETOP\",VLOOKUP(HLA25,SETOP,4,0),IF(HLD25=\"CPU\",VLOOKUP(HLA25,COMPOSIÇÃO,5,0),VLOOKUP(HLA25,COTAÇÃO,8,0))))","v":"HORA"},0.5,{"$f":"IF(HLD25=\"SINAPI\",VLOOKUP(HLA25,SINAPI,4,0),IF(HLD25=\"SETOP\",VLOOKUP(HLA25,SETOP,5,0),IF(HLD25=\"CPU\",VLOOKUP(HLA25,COMPOSIÇÃO,8,0),VLOOKUP(HLA25,COTAÇÃO,11,0))))","v":19.149999999999999},{"$f":"HLF25*HLG25","v":9.5749999999999993},"ED-50374",{"$f":"IF(HLL25=\"SINAPI\",VLOOKUP(HLI25,SINAPI,2,0),IF(HLL25=\"SETOP\",VLOOKUP(HLI25,SETOP,3,0),IF(HLL25=\"CPU\",VLOOKUP(HLI25,COMPOSIÇÃO,2,0),VLOOKUP(HLI25,COTAÇÃO,3,0))))","v":"BOMBEIRO/ENCANADOR COM ENCARGOS COMPLEMENTARES"},null,"SETOP",{"$f":"IF(HLL25=\"SINAPI\",VLOOKUP(HLI25,SINAPI,3,0),IF(HLL25=\"SETOP\",VLOOKUP(HLI25,SETOP,4,0),IF(HLL25=\"CPU\",VLOOKUP(HLI25,COMPOSIÇÃO,5,0),VLOOKUP(HLI25,COTAÇÃO,8,0))))","v":"HORA"},0.5,{"$f":"IF(HLL25=\"SINAPI\",VLOOKUP(HLI25,SINAPI,4,0),IF(HLL25=\"SETOP\",VLOOKUP(HLI25,SETOP,5,0),IF(HLL25=\"CPU\",VLOOKUP(HLI25,COMPOSIÇÃO,8,0),VLOOKUP(HLI25,COTAÇÃO,11,0))))","v":19.149999999999999},{"$f":"HLN25*HLO25","v":9.5749999999999993},"ED-50374",{"$f":"IF(HLT25=\"SINAPI\",VLOOKUP(HLQ25,SINAPI,2,0),IF(HLT25=\"SETOP\",VLOOKUP(HLQ25,SETOP,3,0),IF(HLT25=\"CPU\",VLOOKUP(HLQ25,COMPOSIÇÃO,2,0),VLOOKUP(HLQ25,COTAÇÃO,3,0))))","v":"BOMBEIRO/ENCANADOR COM ENCARGOS COMPLEMENTARES"},null,"SETOP",{"$f":"IF(HLT25=\"SINAPI\",VLOOKUP(HLQ25,SINAPI,3,0),IF(HLT25=\"SETOP\",VLOOKUP(HLQ25,SETOP,4,0),IF(HLT25=\"CPU\",VLOOKUP(HLQ25,COMPOSIÇÃO,5,0),VLOOKUP(HLQ25,COTAÇÃO,8,0))))","v":"HORA"},0.5,{"$f":"IF(HLT25=\"SINAPI\",VLOOKUP(HLQ25,SINAPI,4,0),IF(HLT25=\"SETOP\",VLOOKUP(HLQ25,SETOP,5,0),IF(HLT25=\"CPU\",VLOOKUP(HLQ25,COMPOSIÇÃO,8,0),VLOOKUP(HLQ25,COTAÇÃO,11,0))))","v":19.149999999999999},{"$f":"HLV25*HLW25","v":9.5749999999999993},"ED-50374",{"$f":"IF(HMB25=\"SINAPI\",VLOOKUP(HLY25,SINAPI,2,0),IF(HMB25=\"SETOP\",VLOOKUP(HLY25,SETOP,3,0),IF(HMB25=\"CPU\",VLOOKUP(HLY25,COMPOSIÇÃO,2,0),VLOOKUP(HLY25,COTAÇÃO,3,0))))","v":"BOMBEIRO/ENCANADOR COM ENCARGOS COMPLEMENTARES"},null,"SETOP",{"$f":"IF(HMB25=\"SINAPI\",VLOOKUP(HLY25,SINAPI,3,0),IF(HMB25=\"SETOP\",VLOOKUP(HLY25,SETOP,4,0),IF(HMB25=\"CPU\",VLOOKUP(HLY25,COMPOSIÇÃO,5,0),VLOOKUP(HLY25,COTAÇÃO,8,0))))","v":"HORA"},0.5,{"$f":"IF(HMB25=\"SINAPI\",VLOOKUP(HLY25,SINAPI,4,0),IF(HMB25=\"SETOP\",VLOOKUP(HLY25,SETOP,5,0),IF(HMB25=\"CPU\",VLOOKUP(HLY25,COMPOSIÇÃO,8,0),VLOOKUP(HLY25,COTAÇÃO,11,0))))","v":19.149999999999999},{"$f":"HMD25*HME25","v":9.5749999999999993},"ED-50374",{"$f":"IF(HMJ25=\"SINAPI\",VLOOKUP(HMG25,SINAPI,2,0),IF(HMJ25=\"SETOP\",VLOOKUP(HMG25,SETOP,3,0),IF(HMJ25=\"CPU\",VLOOKUP(HMG25,COMPOSIÇÃO,2,0),VLOOKUP(HMG25,COTAÇÃO,3,0))))","v":"BOMBEIRO/ENCANADOR COM ENCARGOS COMPLEMENTARES"},null,"SETOP",{"$f":"IF(HMJ25=\"SINAPI\",VLOOKUP(HMG25,SINAPI,3,0),IF(HMJ25=\"SETOP\",VLOOKUP(HMG25,SETOP,4,0),IF(HMJ25=\"CPU\",VLOOKUP(HMG25,COMPOSIÇÃO,5,0),VLOOKUP(HMG25,COTAÇÃO,8,0))))","v":"HORA"},0.5,{"$f":"IF(HMJ25=\"SINAPI\",VLOOKUP(HMG25,SINAPI,4,0),IF(HMJ25=\"SETOP\",VLOOKUP(HMG25,SETOP,5,0),IF(HMJ25=\"CPU\",VLOOKUP(HMG25,COMPOSIÇÃO,8,0),VLOOKUP(HMG25,COTAÇÃO,11,0))))","v":19.149999999999999},{"$f":"HML25*HMM25","v":9.5749999999999993},"ED-50374",{"$f":"IF(HMR25=\"SINAPI\",VLOOKUP(HMO25,SINAPI,2,0),IF(HMR25=\"SETOP\",VLOOKUP(HMO25,SETOP,3,0),IF(HMR25=\"CPU\",VLOOKUP(HMO25,COMPOSIÇÃO,2,0),VLOOKUP(HMO25,COTAÇÃO,3,0))))","v":"BOMBEIRO/ENCANADOR COM ENCARGOS COMPLEMENTARES"},null,"SETOP",{"$f":"IF(HMR25=\"SINAPI\",VLOOKUP(HMO25,SINAPI,3,0),IF(HMR25=\"SETOP\",VLOOKUP(HMO25,SETOP,4,0),IF(HMR25=\"CPU\",VLOOKUP(HMO25,COMPOSIÇÃO,5,0),VLOOKUP(HMO25,COTAÇÃO,8,0))))","v":"HORA"},0.5,{"$f":"IF(HMR25=\"SINAPI\",VLOOKUP(HMO25,SINAPI,4,0),IF(HMR25=\"SETOP\",VLOOKUP(HMO25,SETOP,5,0),IF(HMR25=\"CPU\",VLOOKUP(HMO25,COMPOSIÇÃO,8,0),VLOOKUP(HMO25,COTAÇÃO,11,0))))","v":19.149999999999999},{"$f":"HMT25*HMU25","v":9.5749999999999993},"ED-50374",{"$f":"IF(HMZ25=\"SINAPI\",VLOOKUP(HMW25,SINAPI,2,0),IF(HMZ25=\"SETOP\",VLOOKUP(HMW25,SETOP,3,0),IF(HMZ25=\"CPU\",VLOOKUP(HMW25,COMPOSIÇÃO,2,0),VLOOKUP(HMW25,COTAÇÃO,3,0))))","v":"BOMBEIRO/ENCANADOR COM ENCARGOS COMPLEMENTARES"},null,"SETOP",{"$f":"IF(HMZ25=\"SINAPI\",VLOOKUP(HMW25,SINAPI,3,0),IF(HMZ25=\"SETOP\",VLOOKUP(HMW25,SETOP,4,0),IF(HMZ25=\"CPU\",VLOOKUP(HMW25,COMPOSIÇÃO,5,0),VLOOKUP(HMW25,COTAÇÃO,8,0))))","v":"HORA"},0.5,{"$f":"IF(HMZ25=\"SINAPI\",VLOOKUP(HMW25,SINAPI,4,0),IF(HMZ25=\"SETOP\",VLOOKUP(HMW25,SETOP,5,0),IF(HMZ25=\"CPU\",VLOOKUP(HMW25,COMPOSIÇÃO,8,0),VLOOKUP(HMW25,COTAÇÃO,11,0))))","v":19.149999999999999},{"$f":"HNB25*HNC25","v":9.5749999999999993},"ED-50374",{"$f":"IF(HNH25=\"SINAPI\",VLOOKUP(HNE25,SINAPI,2,0),IF(HNH25=\"SETOP\",VLOOKUP(HNE25,SETOP,3,0),IF(HNH25=\"CPU\",VLOOKUP(HNE25,COMPOSIÇÃO,2,0),VLOOKUP(HNE25,COTAÇÃO,3,0))))","v":"BOMBEIRO/ENCANADOR COM ENCARGOS COMPLEMENTARES"},null,"SETOP",{"$f":"IF(HNH25=\"SINAPI\",VLOOKUP(HNE25,SINAPI,3,0),IF(HNH25=\"SETOP\",VLOOKUP(HNE25,SETOP,4,0),IF(HNH25=\"CPU\",VLOOKUP(HNE25,COMPOSIÇÃO,5,0),VLOOKUP(HNE25,COTAÇÃO,8,0))))","v":"HORA"},0.5,{"$f":"IF(HNH25=\"SINAPI\",VLOOKUP(HNE25,SINAPI,4,0),IF(HNH25=\"SETOP\",VLOOKUP(HNE25,SETOP,5,0),IF(HNH25=\"CPU\",VLOOKUP(HNE25,COMPOSIÇÃO,8,0),VLOOKUP(HNE25,COTAÇÃO,11,0))))","v":19.149999999999999},{"$f":"HNJ25*HNK25","v":9.5749999999999993},"ED-50374",{"$f":"IF(HNP25=\"SINAPI\",VLOOKUP(HNM25,SINAPI,2,0),IF(HNP25=\"SETOP\",VLOOKUP(HNM25,SETOP,3,0),IF(HNP25=\"CPU\",VLOOKUP(HNM25,COMPOSIÇÃO,2,0),VLOOKUP(HNM25,COTAÇÃO,3,0))))","v":"BOMBEIRO/ENCANADOR COM ENCARGOS COMPLEMENTARES"},null,"SETOP",{"$f":"IF(HNP25=\"SINAPI\",VLOOKUP(HNM25,SINAPI,3,0),IF(HNP25=\"SETOP\",VLOOKUP(HNM25,SETOP,4,0),IF(HNP25=\"CPU\",VLOOKUP(HNM25,COMPOSIÇÃO,5,0),VLOOKUP(HNM25,COTAÇÃO,8,0))))","v":"HORA"},0.5,{"$f":"IF(HNP25=\"SINAPI\",VLOOKUP(HNM25,SINAPI,4,0),IF(HNP25=\"SETOP\",VLOOKUP(HNM25,SETOP,5,0),IF(HNP25=\"CPU\",VLOOKUP(HNM25,COMPOSIÇÃO,8,0),VLOOKUP(HNM25,COTAÇÃO,11,0))))","v":19.149999999999999},{"$f":"HNR25*HNS25","v":9.5749999999999993},"ED-50374",{"$f":"IF(HNX25=\"SINAPI\",VLOOKUP(HNU25,SINAPI,2,0),IF(HNX25=\"SETOP\",VLOOKUP(HNU25,SETOP,3,0),IF(HNX25=\"CPU\",VLOOKUP(HNU25,COMPOSIÇÃO,2,0),VLOOKUP(HNU25,COTAÇÃO,3,0))))","v":"BOMBEIRO/ENCANADOR COM ENCARGOS COMPLEMENTARES"},null,"SETOP",{"$f":"IF(HNX25=\"SINAPI\",VLOOKUP(HNU25,SINAPI,3,0),IF(HNX25=\"SETOP\",VLOOKUP(HNU25,SETOP,4,0),IF(HNX25=\"CPU\",VLOOKUP(HNU25,COMPOSIÇÃO,5,0),VLOOKUP(HNU25,COTAÇÃO,8,0))))","v":"HORA"},0.5,{"$f":"IF(HNX25=\"SINAPI\",VLOOKUP(HNU25,SINAPI,4,0),IF(HNX25=\"SETOP\",VLOOKUP(HNU25,SETOP,5,0),IF(HNX25=\"CPU\",VLOOKUP(HNU25,COMPOSIÇÃO,8,0),VLOOKUP(HNU25,COTAÇÃO,11,0))))","v":19.149999999999999},{"$f":"HNZ25*HOA25","v":9.5749999999999993},"ED-50374",{"$f":"IF(HOF25=\"SINAPI\",VLOOKUP(HOC25,SINAPI,2,0),IF(HOF25=\"SETOP\",VLOOKUP(HOC25,SETOP,3,0),IF(HOF25=\"CPU\",VLOOKUP(HOC25,COMPOSIÇÃO,2,0),VLOOKUP(HOC25,COTAÇÃO,3,0))))","v":"BOMBEIRO/ENCANADOR COM ENCARGOS COMPLEMENTARES"},null,"SETOP",{"$f":"IF(HOF25=\"SINAPI\",VLOOKUP(HOC25,SINAPI,3,0),IF(HOF25=\"SETOP\",VLOOKUP(HOC25,SETOP,4,0),IF(HOF25=\"CPU\",VLOOKUP(HOC25,COMPOSIÇÃO,5,0),VLOOKUP(HOC25,COTAÇÃO,8,0))))","v":"HORA"},0.5,{"$f":"IF(HOF25=\"SINAPI\",VLOOKUP(HOC25,SINAPI,4,0),IF(HOF25=\"SETOP\",VLOOKUP(HOC25,SETOP,5,0),IF(HOF25=\"CPU\",VLOOKUP(HOC25,COMPOSIÇÃO,8,0),VLOOKUP(HOC25,COTAÇÃO,11,0))))","v":19.149999999999999},{"$f":"HOH25*HOI25","v":9.5749999999999993},"ED-50374",{"$f":"IF(HON25=\"SINAPI\",VLOOKUP(HOK25,SINAPI,2,0),IF(HON25=\"SETOP\",VLOOKUP(HOK25,SETOP,3,0),IF(HON25=\"CPU\",VLOOKUP(HOK25,COMPOSIÇÃO,2,0),VLOOKUP(HOK25,COTAÇÃO,3,0))))","v":"BOMBEIRO/ENCANADOR COM ENCARGOS COMPLEMENTARES"},null,"SETOP",{"$f":"IF(HON25=\"SINAPI\",VLOOKUP(HOK25,SINAPI,3,0),IF(HON25=\"SETOP\",VLOOKUP(HOK25,SETOP,4,0),IF(HON25=\"CPU\",VLOOKUP(HOK25,COMPOSIÇÃO,5,0),VLOOKUP(HOK25,COTAÇÃO,8,0))))","v":"HORA"},0.5,{"$f":"IF(HON25=\"SINAPI\",VLOOKUP(HOK25,SINAPI,4,0),IF(HON25=\"SETOP\",VLOOKUP(HOK25,SETOP,5,0),IF(HON25=\"CPU\",VLOOKUP(HOK25,COMPOSIÇÃO,8,0),VLOOKUP(HOK25,COTAÇÃO,11,0))))","v":19.149999999999999},{"$f":"HOP25*HOQ25","v":9.5749999999999993},"ED-50374",{"$f":"IF(HOV25=\"SINAPI\",VLOOKUP(HOS25,SINAPI,2,0),IF(HOV25=\"SETOP\",VLOOKUP(HOS25,SETOP,3,0),IF(HOV25=\"CPU\",VLOOKUP(HOS25,COMPOSIÇÃO,2,0),VLOOKUP(HOS25,COTAÇÃO,3,0))))","v":"BOMBEIRO/ENCANADOR COM ENCARGOS COMPLEMENTARES"},null,"SETOP",{"$f":"IF(HOV25=\"SINAPI\",VLOOKUP(HOS25,SINAPI,3,0),IF(HOV25=\"SETOP\",VLOOKUP(HOS25,SETOP,4,0),IF(HOV25=\"CPU\",VLOOKUP(HOS25,COMPOSIÇÃO,5,0),VLOOKUP(HOS25,COTAÇÃO,8,0))))","v":"HORA"},0.5,{"$f":"IF(HOV25=\"SINAPI\",VLOOKUP(HOS25,SINAPI,4,0),IF(HOV25=\"SETOP\",VLOOKUP(HOS25,SETOP,5,0),IF(HOV25=\"CPU\",VLOOKUP(HOS25,COMPOSIÇÃO,8,0),VLOOKUP(HOS25,COTAÇÃO,11,0))))","v":19.149999999999999},{"$f":"HOX25*HOY25","v":9.5749999999999993},"ED-50374",{"$f":"IF(HPD25=\"SINAPI\",VLOOKUP(HPA25,SINAPI,2,0),IF(HPD25=\"SETOP\",VLOOKUP(HPA25,SETOP,3,0),IF(HPD25=\"CPU\",VLOOKUP(HPA25,COMPOSIÇÃO,2,0),VLOOKUP(HPA25,COTAÇÃO,3,0))))","v":"BOMBEIRO/ENCANADOR COM ENCARGOS COMPLEMENTARES"},null,"SETOP",{"$f":"IF(HPD25=\"SINAPI\",VLOOKUP(HPA25,SINAPI,3,0),IF(HPD25=\"SETOP\",VLOOKUP(HPA25,SETOP,4,0),IF(HPD25=\"CPU\",VLOOKUP(HPA25,COMPOSIÇÃO,5,0),VLOOKUP(HPA25,COTAÇÃO,8,0))))","v":"HORA"},0.5,{"$f":"IF(HPD25=\"SINAPI\",VLOOKUP(HPA25,SINAPI,4,0),IF(HPD25=\"SETOP\",VLOOKUP(HPA25,SETOP,5,0),IF(HPD25=\"CPU\",VLOOKUP(HPA25,COMPOSIÇÃO,8,0),VLOOKUP(HPA25,COTAÇÃO,11,0))))","v":19.149999999999999},{"$f":"HPF25*HPG25","v":9.5749999999999993},"ED-50374",{"$f":"IF(HPL25=\"SINAPI\",VLOOKUP(HPI25,SINAPI,2,0),IF(HPL25=\"SETOP\",VLOOKUP(HPI25,SETOP,3,0),IF(HPL25=\"CPU\",VLOOKUP(HPI25,COMPOSIÇÃO,2,0),VLOOKUP(HPI25,COTAÇÃO,3,0))))","v":"BOMBEIRO/ENCANADOR COM ENCARGOS COMPLEMENTARES"},null,"SETOP",{"$f":"IF(HPL25=\"SINAPI\",VLOOKUP(HPI25,SINAPI,3,0),IF(HPL25=\"SETOP\",VLOOKUP(HPI25,SETOP,4,0),IF(HPL25=\"CPU\",VLOOKUP(HPI25,COMPOSIÇÃO,5,0),VLOOKUP(HPI25,COTAÇÃO,8,0))))","v":"HORA"},0.5,{"$f":"IF(HPL25=\"SINAPI\",VLOOKUP(HPI25,SINAPI,4,0),IF(HPL25=\"SETOP\",VLOOKUP(HPI25,SETOP,5,0),IF(HPL25=\"CPU\",VLOOKUP(HPI25,COMPOSIÇÃO,8,0),VLOOKUP(HPI25,COTAÇÃO,11,0))))","v":19.149999999999999},{"$f":"HPN25*HPO25","v":9.5749999999999993},"ED-50374",{"$f":"IF(HPT25=\"SINAPI\",VLOOKUP(HPQ25,SINAPI,2,0),IF(HPT25=\"SETOP\",VLOOKUP(HPQ25,SETOP,3,0),IF(HPT25=\"CPU\",VLOOKUP(HPQ25,COMPOSIÇÃO,2,0),VLOOKUP(HPQ25,COTAÇÃO,3,0))))","v":"BOMBEIRO/ENCANADOR COM ENCARGOS COMPLEMENTARES"},null,"SETOP",{"$f":"IF(HPT25=\"SINAPI\",VLOOKUP(HPQ25,SINAPI,3,0),IF(HPT25=\"SETOP\",VLOOKUP(HPQ25,SETOP,4,0),IF(HPT25=\"CPU\",VLOOKUP(HPQ25,COMPOSIÇÃO,5,0),VLOOKUP(HPQ25,COTAÇÃO,8,0))))","v":"HORA"},0.5,{"$f":"IF(HPT25=\"SINAPI\",VLOOKUP(HPQ25,SINAPI,4,0),IF(HPT25=\"SETOP\",VLOOKUP(HPQ25,SETOP,5,0),IF(HPT25=\"CPU\",VLOOKUP(HPQ25,COMPOSIÇÃO,8,0),VLOOKUP(HPQ25,COTAÇÃO,11,0))))","v":19.149999999999999},{"$f":"HPV25*HPW25","v":9.5749999999999993},"ED-50374",{"$f":"IF(HQB25=\"SINAPI\",VLOOKUP(HPY25,SINAPI,2,0),IF(HQB25=\"SETOP\",VLOOKUP(HPY25,SETOP,3,0),IF(HQB25=\"CPU\",VLOOKUP(HPY25,COMPOSIÇÃO,2,0),VLOOKUP(HPY25,COTAÇÃO,3,0))))","v":"BOMBEIRO/ENCANADOR COM ENCARGOS COMPLEMENTARES"},null,"SETOP",{"$f":"IF(HQB25=\"SINAPI\",VLOOKUP(HPY25,SINAPI,3,0),IF(HQB25=\"SETOP\",VLOOKUP(HPY25,SETOP,4,0),IF(HQB25=\"CPU\",VLOOKUP(HPY25,COMPOSIÇÃO,5,0),VLOOKUP(HPY25,COTAÇÃO,8,0))))","v":"HORA"},0.5,{"$f":"IF(HQB25=\"SINAPI\",VLOOKUP(HPY25,SINAPI,4,0),IF(HQB25=\"SETOP\",VLOOKUP(HPY25,SETOP,5,0),IF(HQB25=\"CPU\",VLOOKUP(HPY25,COMPOSIÇÃO,8,0),VLOOKUP(HPY25,COTAÇÃO,11,0))))","v":19.149999999999999},{"$f":"HQD25*HQE25","v":9.5749999999999993},"ED-50374",{"$f":"IF(HQJ25=\"SINAPI\",VLOOKUP(HQG25,SINAPI,2,0),IF(HQJ25=\"SETOP\",VLOOKUP(HQG25,SETOP,3,0),IF(HQJ25=\"CPU\",VLOOKUP(HQG25,COMPOSIÇÃO,2,0),VLOOKUP(HQG25,COTAÇÃO,3,0))))","v":"BOMBEIRO/ENCANADOR COM ENCARGOS COMPLEMENTARES"},null,"SETOP",{"$f":"IF(HQJ25=\"SINAPI\",VLOOKUP(HQG25,SINAPI,3,0),IF(HQJ25=\"SETOP\",VLOOKUP(HQG25,SETOP,4,0),IF(HQJ25=\"CPU\",VLOOKUP(HQG25,COMPOSIÇÃO,5,0),VLOOKUP(HQG25,COTAÇÃO,8,0))))","v":"HORA"},0.5,{"$f":"IF(HQJ25=\"SINAPI\",VLOOKUP(HQG25,SINAPI,4,0),IF(HQJ25=\"SETOP\",VLOOKUP(HQG25,SETOP,5,0),IF(HQJ25=\"CPU\",VLOOKUP(HQG25,COMPOSIÇÃO,8,0),VLOOKUP(HQG25,COTAÇÃO,11,0))))","v":19.149999999999999},{"$f":"HQL25*HQM25","v":9.5749999999999993},"ED-50374",{"$f":"IF(HQR25=\"SINAPI\",VLOOKUP(HQO25,SINAPI,2,0),IF(HQR25=\"SETOP\",VLOOKUP(HQO25,SETOP,3,0),IF(HQR25=\"CPU\",VLOOKUP(HQO25,COMPOSIÇÃO,2,0),VLOOKUP(HQO25,COTAÇÃO,3,0))))","v":"BOMBEIRO/ENCANADOR COM ENCARGOS COMPLEMENTARES"},null,"SETOP",{"$f":"IF(HQR25=\"SINAPI\",VLOOKUP(HQO25,SINAPI,3,0),IF(HQR25=\"SETOP\",VLOOKUP(HQO25,SETOP,4,0),IF(HQR25=\"CPU\",VLOOKUP(HQO25,COMPOSIÇÃO,5,0),VLOOKUP(HQO25,COTAÇÃO,8,0))))","v":"HORA"},0.5,{"$f":"IF(HQR25=\"SINAPI\",VLOOKUP(HQO25,SINAPI,4,0),IF(HQR25=\"SETOP\",VLOOKUP(HQO25,SETOP,5,0),IF(HQR25=\"CPU\",VLOOKUP(HQO25,COMPOSIÇÃO,8,0),VLOOKUP(HQO25,COTAÇÃO,11,0))))","v":19.149999999999999},{"$f":"HQT25*HQU25","v":9.5749999999999993},"ED-50374",{"$f":"IF(HQZ25=\"SINAPI\",VLOOKUP(HQW25,SINAPI,2,0),IF(HQZ25=\"SETOP\",VLOOKUP(HQW25,SETOP,3,0),IF(HQZ25=\"CPU\",VLOOKUP(HQW25,COMPOSIÇÃO,2,0),VLOOKUP(HQW25,COTAÇÃO,3,0))))","v":"BOMBEIRO/ENCANADOR COM ENCARGOS COMPLEMENTARES"},null,"SETOP",{"$f":"IF(HQZ25=\"SINAPI\",VLOOKUP(HQW25,SINAPI,3,0),IF(HQZ25=\"SETOP\",VLOOKUP(HQW25,SETOP,4,0),IF(HQZ25=\"CPU\",VLOOKUP(HQW25,COMPOSIÇÃO,5,0),VLOOKUP(HQW25,COTAÇÃO,8,0))))","v":"HORA"},0.5,{"$f":"IF(HQZ25=\"SINAPI\",VLOOKUP(HQW25,SINAPI,4,0),IF(HQZ25=\"SETOP\",VLOOKUP(HQW25,SETOP,5,0),IF(HQZ25=\"CPU\",VLOOKUP(HQW25,COMPOSIÇÃO,8,0),VLOOKUP(HQW25,COTAÇÃO,11,0))))","v":19.149999999999999},{"$f":"HRB25*HRC25","v":9.5749999999999993},"ED-50374",{"$f":"IF(HRH25=\"SINAPI\",VLOOKUP(HRE25,SINAPI,2,0),IF(HRH25=\"SETOP\",VLOOKUP(HRE25,SETOP,3,0),IF(HRH25=\"CPU\",VLOOKUP(HRE25,COMPOSIÇÃO,2,0),VLOOKUP(HRE25,COTAÇÃO,3,0))))","v":"BOMBEIRO/ENCANADOR COM ENCARGOS COMPLEMENTARES"},null,"SETOP",{"$f":"IF(HRH25=\"SINAPI\",VLOOKUP(HRE25,SINAPI,3,0),IF(HRH25=\"SETOP\",VLOOKUP(HRE25,SETOP,4,0),IF(HRH25=\"CPU\",VLOOKUP(HRE25,COMPOSIÇÃO,5,0),VLOOKUP(HRE25,COTAÇÃO,8,0))))","v":"HORA"},0.5,{"$f":"IF(HRH25=\"SINAPI\",VLOOKUP(HRE25,SINAPI,4,0),IF(HRH25=\"SETOP\",VLOOKUP(HRE25,SETOP,5,0),IF(HRH25=\"CPU\",VLOOKUP(HRE25,COMPOSIÇÃO,8,0),VLOOKUP(HRE25,COTAÇÃO,11,0))))","v":19.149999999999999},{"$f":"HRJ25*HRK25","v":9.5749999999999993},"ED-50374",{"$f":"IF(HRP25=\"SINAPI\",VLOOKUP(HRM25,SINAPI,2,0),IF(HRP25=\"SETOP\",VLOOKUP(HRM25,SETOP,3,0),IF(HRP25=\"CPU\",VLOOKUP(HRM25,COMPOSIÇÃO,2,0),VLOOKUP(HRM25,COTAÇÃO,3,0))))","v":"BOMBEIRO/ENCANADOR COM ENCARGOS COMPLEMENTARES"},null,"SETOP",{"$f":"IF(HRP25=\"SINAPI\",VLOOKUP(HRM25,SINAPI,3,0),IF(HRP25=\"SETOP\",VLOOKUP(HRM25,SETOP,4,0),IF(HRP25=\"CPU\",VLOOKUP(HRM25,COMPOSIÇÃO,5,0),VLOOKUP(HRM25,COTAÇÃO,8,0))))","v":"HORA"},0.5,{"$f":"IF(HRP25=\"SINAPI\",VLOOKUP(HRM25,SINAPI,4,0),IF(HRP25=\"SETOP\",VLOOKUP(HRM25,SETOP,5,0),IF(HRP25=\"CPU\",VLOOKUP(HRM25,COMPOSIÇÃO,8,0),VLOOKUP(HRM25,COTAÇÃO,11,0))))","v":19.149999999999999},{"$f":"HRR25*HRS25","v":9.5749999999999993},"ED-50374",{"$f":"IF(HRX25=\"SINAPI\",VLOOKUP(HRU25,SINAPI,2,0),IF(HRX25=\"SETOP\",VLOOKUP(HRU25,SETOP,3,0),IF(HRX25=\"CPU\",VLOOKUP(HRU25,COMPOSIÇÃO,2,0),VLOOKUP(HRU25,COTAÇÃO,3,0))))","v":"BOMBEIRO/ENCANADOR COM ENCARGOS COMPLEMENTARES"},null,"SETOP",{"$f":"IF(HRX25=\"SINAPI\",VLOOKUP(HRU25,SINAPI,3,0),IF(HRX25=\"SETOP\",VLOOKUP(HRU25,SETOP,4,0),IF(HRX25=\"CPU\",VLOOKUP(HRU25,COMPOSIÇÃO,5,0),VLOOKUP(HRU25,COTAÇÃO,8,0))))","v":"HORA"},0.5,{"$f":"IF(HRX25=\"SINAPI\",VLOOKUP(HRU25,SINAPI,4,0),IF(HRX25=\"SETOP\",VLOOKUP(HRU25,SETOP,5,0),IF(HRX25=\"CPU\",VLOOKUP(HRU25,COMPOSIÇÃO,8,0),VLOOKUP(HRU25,COTAÇÃO,11,0))))","v":19.149999999999999},{"$f":"HRZ25*HSA25","v":9.5749999999999993},"ED-50374",{"$f":"IF(HSF25=\"SINAPI\",VLOOKUP(HSC25,SINAPI,2,0),IF(HSF25=\"SETOP\",VLOOKUP(HSC25,SETOP,3,0),IF(HSF25=\"CPU\",VLOOKUP(HSC25,COMPOSIÇÃO,2,0),VLOOKUP(HSC25,COTAÇÃO,3,0))))","v":"BOMBEIRO/ENCANADOR COM ENCARGOS COMPLEMENTARES"},null,"SETOP",{"$f":"IF(HSF25=\"SINAPI\",VLOOKUP(HSC25,SINAPI,3,0),IF(HSF25=\"SETOP\",VLOOKUP(HSC25,SETOP,4,0),IF(HSF25=\"CPU\",VLOOKUP(HSC25,COMPOSIÇÃO,5,0),VLOOKUP(HSC25,COTAÇÃO,8,0))))","v":"HORA"},0.5,{"$f":"IF(HSF25=\"SINAPI\",VLOOKUP(HSC25,SINAPI,4,0),IF(HSF25=\"SETOP\",VLOOKUP(HSC25,SETOP,5,0),IF(HSF25=\"CPU\",VLOOKUP(HSC25,COMPOSIÇÃO,8,0),VLOOKUP(HSC25,COTAÇÃO,11,0))))","v":19.149999999999999},{"$f":"HSH25*HSI25","v":9.5749999999999993},"ED-50374",{"$f":"IF(HSN25=\"SINAPI\",VLOOKUP(HSK25,SINAPI,2,0),IF(HSN25=\"SETOP\",VLOOKUP(HSK25,SETOP,3,0),IF(HSN25=\"CPU\",VLOOKUP(HSK25,COMPOSIÇÃO,2,0),VLOOKUP(HSK25,COTAÇÃO,3,0))))","v":"BOMBEIRO/ENCANADOR COM ENCARGOS COMPLEMENTARES"},null,"SETOP",{"$f":"IF(HSN25=\"SINAPI\",VLOOKUP(HSK25,SINAPI,3,0),IF(HSN25=\"SETOP\",VLOOKUP(HSK25,SETOP,4,0),IF(HSN25=\"CPU\",VLOOKUP(HSK25,COMPOSIÇÃO,5,0),VLOOKUP(HSK25,COTAÇÃO,8,0))))","v":"HORA"},0.5,{"$f":"IF(HSN25=\"SINAPI\",VLOOKUP(HSK25,SINAPI,4,0),IF(HSN25=\"SETOP\",VLOOKUP(HSK25,SETOP,5,0),IF(HSN25=\"CPU\",VLOOKUP(HSK25,COMPOSIÇÃO,8,0),VLOOKUP(HSK25,COTAÇÃO,11,0))))","v":19.149999999999999},{"$f":"HSP25*HSQ25","v":9.5749999999999993},"ED-50374",{"$f":"IF(HSV25=\"SINAPI\",VLOOKUP(HSS25,SINAPI,2,0),IF(HSV25=\"SETOP\",VLOOKUP(HSS25,SETOP,3,0),IF(HSV25=\"CPU\",VLOOKUP(HSS25,COMPOSIÇÃO,2,0),VLOOKUP(HSS25,COTAÇÃO,3,0))))","v":"BOMBEIRO/ENCANADOR COM ENCARGOS COMPLEMENTARES"},null,"SETOP",{"$f":"IF(HSV25=\"SINAPI\",VLOOKUP(HSS25,SINAPI,3,0),IF(HSV25=\"SETOP\",VLOOKUP(HSS25,SETOP,4,0),IF(HSV25=\"CPU\",VLOOKUP(HSS25,COMPOSIÇÃO,5,0),VLOOKUP(HSS25,COTAÇÃO,8,0))))","v":"HORA"},0.5,{"$f":"IF(HSV25=\"SINAPI\",VLOOKUP(HSS25,SINAPI,4,0),IF(HSV25=\"SETOP\",VLOOKUP(HSS25,SETOP,5,0),IF(HSV25=\"CPU\",VLOOKUP(HSS25,COMPOSIÇÃO,8,0),VLOOKUP(HSS25,COTAÇÃO,11,0))))","v":19.149999999999999},{"$f":"HSX25*HSY25","v":9.5749999999999993},"ED-50374",{"$f":"IF(HTD25=\"SINAPI\",VLOOKUP(HTA25,SINAPI,2,0),IF(HTD25=\"SETOP\",VLOOKUP(HTA25,SETOP,3,0),IF(HTD25=\"CPU\",VLOOKUP(HTA25,COMPOSIÇÃO,2,0),VLOOKUP(HTA25,COTAÇÃO,3,0))))","v":"BOMBEIRO/ENCANADOR COM ENCARGOS COMPLEMENTARES"},null,"SETOP",{"$f":"IF(HTD25=\"SINAPI\",VLOOKUP(HTA25,SINAPI,3,0),IF(HTD25=\"SETOP\",VLOOKUP(HTA25,SETOP,4,0),IF(HTD25=\"CPU\",VLOOKUP(HTA25,COMPOSIÇÃO,5,0),VLOOKUP(HTA25,COTAÇÃO,8,0))))","v":"HORA"},0.5,{"$f":"IF(HTD25=\"SINAPI\",VLOOKUP(HTA25,SINAPI,4,0),IF(HTD25=\"SETOP\",VLOOKUP(HTA25,SETOP,5,0),IF(HTD25=\"CPU\",VLOOKUP(HTA25,COMPOSIÇÃO,8,0),VLOOKUP(HTA25,COTAÇÃO,11,0))))","v":19.149999999999999},{"$f":"HTF25*HTG25","v":9.5749999999999993},"ED-50374",{"$f":"IF(HTL25=\"SINAPI\",VLOOKUP(HTI25,SINAPI,2,0),IF(HTL25=\"SETOP\",VLOOKUP(HTI25,SETOP,3,0),IF(HTL25=\"CPU\",VLOOKUP(HTI25,COMPOSIÇÃO,2,0),VLOOKUP(HTI25,COTAÇÃO,3,0))))","v":"BOMBEIRO/ENCANADOR COM ENCARGOS COMPLEMENTARES"},null,"SETOP",{"$f":"IF(HTL25=\"SINAPI\",VLOOKUP(HTI25,SINAPI,3,0),IF(HTL25=\"SETOP\",VLOOKUP(HTI25,SETOP,4,0),IF(HTL25=\"CPU\",VLOOKUP(HTI25,COMPOSIÇÃO,5,0),VLOOKUP(HTI25,COTAÇÃO,8,0))))","v":"HORA"},0.5,{"$f":"IF(HTL25=\"SINAPI\",VLOOKUP(HTI25,SINAPI,4,0),IF(HTL25=\"SETOP\",VLOOKUP(HTI25,SETOP,5,0),IF(HTL25=\"CPU\",VLOOKUP(HTI25,COMPOSIÇÃO,8,0),VLOOKUP(HTI25,COTAÇÃO,11,0))))","v":19.149999999999999},{"$f":"HTN25*HTO25","v":9.5749999999999993},"ED-50374",{"$f":"IF(HTT25=\"SINAPI\",VLOOKUP(HTQ25,SINAPI,2,0),IF(HTT25=\"SETOP\",VLOOKUP(HTQ25,SETOP,3,0),IF(HTT25=\"CPU\",VLOOKUP(HTQ25,COMPOSIÇÃO,2,0),VLOOKUP(HTQ25,COTAÇÃO,3,0))))","v":"BOMBEIRO/ENCANADOR COM ENCARGOS COMPLEMENTARES"},null,"SETOP",{"$f":"IF(HTT25=\"SINAPI\",VLOOKUP(HTQ25,SINAPI,3,0),IF(HTT25=\"SETOP\",VLOOKUP(HTQ25,SETOP,4,0),IF(HTT25=\"CPU\",VLOOKUP(HTQ25,COMPOSIÇÃO,5,0),VLOOKUP(HTQ25,COTAÇÃO,8,0))))","v":"HORA"},0.5,{"$f":"IF(HTT25=\"SINAPI\",VLOOKUP(HTQ25,SINAPI,4,0),IF(HTT25=\"SETOP\",VLOOKUP(HTQ25,SETOP,5,0),IF(HTT25=\"CPU\",VLOOKUP(HTQ25,COMPOSIÇÃO,8,0),VLOOKUP(HTQ25,COTAÇÃO,11,0))))","v":19.149999999999999},{"$f":"HTV25*HTW25","v":9.5749999999999993},"ED-50374",{"$f":"IF(HUB25=\"SINAPI\",VLOOKUP(HTY25,SINAPI,2,0),IF(HUB25=\"SETOP\",VLOOKUP(HTY25,SETOP,3,0),IF(HUB25=\"CPU\",VLOOKUP(HTY25,COMPOSIÇÃO,2,0),VLOOKUP(HTY25,COTAÇÃO,3,0))))","v":"BOMBEIRO/ENCANADOR COM ENCARGOS COMPLEMENTARES"},null,"SETOP",{"$f":"IF(HUB25=\"SINAPI\",VLOOKUP(HTY25,SINAPI,3,0),IF(HUB25=\"SETOP\",VLOOKUP(HTY25,SETOP,4,0),IF(HUB25=\"CPU\",VLOOKUP(HTY25,COMPOSIÇÃO,5,0),VLOOKUP(HTY25,COTAÇÃO,8,0))))","v":"HORA"},0.5,{"$f":"IF(HUB25=\"SINAPI\",VLOOKUP(HTY25,SINAPI,4,0),IF(HUB25=\"SETOP\",VLOOKUP(HTY25,SETOP,5,0),IF(HUB25=\"CPU\",VLOOKUP(HTY25,COMPOSIÇÃO,8,0),VLOOKUP(HTY25,COTAÇÃO,11,0))))","v":19.149999999999999},{"$f":"HUD25*HUE25","v":9.5749999999999993},"ED-50374",{"$f":"IF(HUJ25=\"SINAPI\",VLOOKUP(HUG25,SINAPI,2,0),IF(HUJ25=\"SETOP\",VLOOKUP(HUG25,SETOP,3,0),IF(HUJ25=\"CPU\",VLOOKUP(HUG25,COMPOSIÇÃO,2,0),VLOOKUP(HUG25,COTAÇÃO,3,0))))","v":"BOMBEIRO/ENCANADOR COM ENCARGOS COMPLEMENTARES"},null,"SETOP",{"$f":"IF(HUJ25=\"SINAPI\",VLOOKUP(HUG25,SINAPI,3,0),IF(HUJ25=\"SETOP\",VLOOKUP(HUG25,SETOP,4,0),IF(HUJ25=\"CPU\",VLOOKUP(HUG25,COMPOSIÇÃO,5,0),VLOOKUP(HUG25,COTAÇÃO,8,0))))","v":"HORA"},0.5,{"$f":"IF(HUJ25=\"SINAPI\",VLOOKUP(HUG25,SINAPI,4,0),IF(HUJ25=\"SETOP\",VLOOKUP(HUG25,SETOP,5,0),IF(HUJ25=\"CPU\",VLOOKUP(HUG25,COMPOSIÇÃO,8,0),VLOOKUP(HUG25,COTAÇÃO,11,0))))","v":19.149999999999999},{"$f":"HUL25*HUM25","v":9.5749999999999993},"ED-50374",{"$f":"IF(HUR25=\"SINAPI\",VLOOKUP(HUO25,SINAPI,2,0),IF(HUR25=\"SETOP\",VLOOKUP(HUO25,SETOP,3,0),IF(HUR25=\"CPU\",VLOOKUP(HUO25,COMPOSIÇÃO,2,0),VLOOKUP(HUO25,COTAÇÃO,3,0))))","v":"BOMBEIRO/ENCANADOR COM ENCARGOS COMPLEMENTARES"},null,"SETOP",{"$f":"IF(HUR25=\"SINAPI\",VLOOKUP(HUO25,SINAPI,3,0),IF(HUR25=\"SETOP\",VLOOKUP(HUO25,SETOP,4,0),IF(HUR25=\"CPU\",VLOOKUP(HUO25,COMPOSIÇÃO,5,0),VLOOKUP(HUO25,COTAÇÃO,8,0))))","v":"HORA"},0.5,{"$f":"IF(HUR25=\"SINAPI\",VLOOKUP(HUO25,SINAPI,4,0),IF(HUR25=\"SETOP\",VLOOKUP(HUO25,SETOP,5,0),IF(HUR25=\"CPU\",VLOOKUP(HUO25,COMPOSIÇÃO,8,0),VLOOKUP(HUO25,COTAÇÃO,11,0))))","v":19.149999999999999},{"$f":"HUT25*HUU25","v":9.5749999999999993},"ED-50374",{"$f":"IF(HUZ25=\"SINAPI\",VLOOKUP(HUW25,SINAPI,2,0),IF(HUZ25=\"SETOP\",VLOOKUP(HUW25,SETOP,3,0),IF(HUZ25=\"CPU\",VLOOKUP(HUW25,COMPOSIÇÃO,2,0),VLOOKUP(HUW25,COTAÇÃO,3,0))))","v":"BOMBEIRO/ENCANADOR COM ENCARGOS COMPLEMENTARES"},null,"SETOP",{"$f":"IF(HUZ25=\"SINAPI\",VLOOKUP(HUW25,SINAPI,3,0),IF(HUZ25=\"SETOP\",VLOOKUP(HUW25,SETOP,4,0),IF(HUZ25=\"CPU\",VLOOKUP(HUW25,COMPOSIÇÃO,5,0),VLOOKUP(HUW25,COTAÇÃO,8,0))))","v":"HORA"},0.5,{"$f":"IF(HUZ25=\"SINAPI\",VLOOKUP(HUW25,SINAPI,4,0),IF(HUZ25=\"SETOP\",VLOOKUP(HUW25,SETOP,5,0),IF(HUZ25=\"CPU\",VLOOKUP(HUW25,COMPOSIÇÃO,8,0),VLOOKUP(HUW25,COTAÇÃO,11,0))))","v":19.149999999999999},{"$f":"HVB25*HVC25","v":9.5749999999999993},"ED-50374",{"$f":"IF(HVH25=\"SINAPI\",VLOOKUP(HVE25,SINAPI,2,0),IF(HVH25=\"SETOP\",VLOOKUP(HVE25,SETOP,3,0),IF(HVH25=\"CPU\",VLOOKUP(HVE25,COMPOSIÇÃO,2,0),VLOOKUP(HVE25,COTAÇÃO,3,0))))","v":"BOMBEIRO/ENCANADOR COM ENCARGOS COMPLEMENTARES"},null,"SETOP",{"$f":"IF(HVH25=\"SINAPI\",VLOOKUP(HVE25,SINAPI,3,0),IF(HVH25=\"SETOP\",VLOOKUP(HVE25,SETOP,4,0),IF(HVH25=\"CPU\",VLOOKUP(HVE25,COMPOSIÇÃO,5,0),VLOOKUP(HVE25,COTAÇÃO,8,0))))","v":"HORA"},0.5,{"$f":"IF(HVH25=\"SINAPI\",VLOOKUP(HVE25,SINAPI,4,0),IF(HVH25=\"SETOP\",VLOOKUP(HVE25,SETOP,5,0),IF(HVH25=\"CPU\",VLOOKUP(HVE25,COMPOSIÇÃO,8,0),VLOOKUP(HVE25,COTAÇÃO,11,0))))","v":19.149999999999999},{"$f":"HVJ25*HVK25","v":9.5749999999999993},"ED-50374",{"$f":"IF(HVP25=\"SINAPI\",VLOOKUP(HVM25,SINAPI,2,0),IF(HVP25=\"SETOP\",VLOOKUP(HVM25,SETOP,3,0),IF(HVP25=\"CPU\",VLOOKUP(HVM25,COMPOSIÇÃO,2,0),VLOOKUP(HVM25,COTAÇÃO,3,0))))","v":"BOMBEIRO/ENCANADOR COM ENCARGOS COMPLEMENTARES"},null,"SETOP",{"$f":"IF(HVP25=\"SINAPI\",VLOOKUP(HVM25,SINAPI,3,0),IF(HVP25=\"SETOP\",VLOOKUP(HVM25,SETOP,4,0),IF(HVP25=\"CPU\",VLOOKUP(HVM25,COMPOSIÇÃO,5,0),VLOOKUP(HVM25,COTAÇÃO,8,0))))","v":"HORA"},0.5,{"$f":"IF(HVP25=\"SINAPI\",VLOOKUP(HVM25,SINAPI,4,0),IF(HVP25=\"SETOP\",VLOOKUP(HVM25,SETOP,5,0),IF(HVP25=\"CPU\",VLOOKUP(HVM25,COMPOSIÇÃO,8,0),VLOOKUP(HVM25,COTAÇÃO,11,0))))","v":19.149999999999999},{"$f":"HVR25*HVS25","v":9.5749999999999993},"ED-50374",{"$f":"IF(HVX25=\"SINAPI\",VLOOKUP(HVU25,SINAPI,2,0),IF(HVX25=\"SETOP\",VLOOKUP(HVU25,SETOP,3,0),IF(HVX25=\"CPU\",VLOOKUP(HVU25,COMPOSIÇÃO,2,0),VLOOKUP(HVU25,COTAÇÃO,3,0))))","v":"BOMBEIRO/ENCANADOR COM ENCARGOS COMPLEMENTARES"},null,"SETOP",{"$f":"IF(HVX25=\"SINAPI\",VLOOKUP(HVU25,SINAPI,3,0),IF(HVX25=\"SETOP\",VLOOKUP(HVU25,SETOP,4,0),IF(HVX25=\"CPU\",VLOOKUP(HVU25,COMPOSIÇÃO,5,0),VLOOKUP(HVU25,COTAÇÃO,8,0))))","v":"HORA"},0.5,{"$f":"IF(HVX25=\"SINAPI\",VLOOKUP(HVU25,SINAPI,4,0),IF(HVX25=\"SETOP\",VLOOKUP(HVU25,SETOP,5,0),IF(HVX25=\"CPU\",VLOOKUP(HVU25,COMPOSIÇÃO,8,0),VLOOKUP(HVU25,COTAÇÃO,11,0))))","v":19.149999999999999},{"$f":"HVZ25*HWA25","v":9.5749999999999993},"ED-50374",{"$f":"IF(HWF25=\"SINAPI\",VLOOKUP(HWC25,SINAPI,2,0),IF(HWF25=\"SETOP\",VLOOKUP(HWC25,SETOP,3,0),IF(HWF25=\"CPU\",VLOOKUP(HWC25,COMPOSIÇÃO,2,0),VLOOKUP(HWC25,COTAÇÃO,3,0))))","v":"BOMBEIRO/ENCANADOR COM ENCARGOS COMPLEMENTARES"},null,"SETOP",{"$f":"IF(HWF25=\"SINAPI\",VLOOKUP(HWC25,SINAPI,3,0),IF(HWF25=\"SETOP\",VLOOKUP(HWC25,SETOP,4,0),IF(HWF25=\"CPU\",VLOOKUP(HWC25,COMPOSIÇÃO,5,0),VLOOKUP(HWC25,COTAÇÃO,8,0))))","v":"HORA"},0.5,{"$f":"IF(HWF25=\"SINAPI\",VLOOKUP(HWC25,SINAPI,4,0),IF(HWF25=\"SETOP\",VLOOKUP(HWC25,SETOP,5,0),IF(HWF25=\"CPU\",VLOOKUP(HWC25,COMPOSIÇÃO,8,0),VLOOKUP(HWC25,COTAÇÃO,11,0))))","v":19.149999999999999},{"$f":"HWH25*HWI25","v":9.5749999999999993},"ED-50374",{"$f":"IF(HWN25=\"SINAPI\",VLOOKUP(HWK25,SINAPI,2,0),IF(HWN25=\"SETOP\",VLOOKUP(HWK25,SETOP,3,0),IF(HWN25=\"CPU\",VLOOKUP(HWK25,COMPOSIÇÃO,2,0),VLOOKUP(HWK25,COTAÇÃO,3,0))))","v":"BOMBEIRO/ENCANADOR COM ENCARGOS COMPLEMENTARES"},null,"SETOP",{"$f":"IF(HWN25=\"SINAPI\",VLOOKUP(HWK25,SINAPI,3,0),IF(HWN25=\"SETOP\",VLOOKUP(HWK25,SETOP,4,0),IF(HWN25=\"CPU\",VLOOKUP(HWK25,COMPOSIÇÃO,5,0),VLOOKUP(HWK25,COTAÇÃO,8,0))))","v":"HORA"},0.5,{"$f":"IF(HWN25=\"SINAPI\",VLOOKUP(HWK25,SINAPI,4,0),IF(HWN25=\"SETOP\",VLOOKUP(HWK25,SETOP,5,0),IF(HWN25=\"CPU\",VLOOKUP(HWK25,COMPOSIÇÃO,8,0),VLOOKUP(HWK25,COTAÇÃO,11,0))))","v":19.149999999999999},{"$f":"HWP25*HWQ25","v":9.5749999999999993},"ED-50374",{"$f":"IF(HWV25=\"SINAPI\",VLOOKUP(HWS25,SINAPI,2,0),IF(HWV25=\"SETOP\",VLOOKUP(HWS25,SETOP,3,0),IF(HWV25=\"CPU\",VLOOKUP(HWS25,COMPOSIÇÃO,2,0),VLOOKUP(HWS25,COTAÇÃO,3,0))))","v":"BOMBEIRO/ENCANADOR COM ENCARGOS COMPLEMENTARES"},null,"SETOP",{"$f":"IF(HWV25=\"SINAPI\",VLOOKUP(HWS25,SINAPI,3,0),IF(HWV25=\"SETOP\",VLOOKUP(HWS25,SETOP,4,0),IF(HWV25=\"CPU\",VLOOKUP(HWS25,COMPOSIÇÃO,5,0),VLOOKUP(HWS25,COTAÇÃO,8,0))))","v":"HORA"},0.5,{"$f":"IF(HWV25=\"SINAPI\",VLOOKUP(HWS25,SINAPI,4,0),IF(HWV25=\"SETOP\",VLOOKUP(HWS25,SETOP,5,0),IF(HWV25=\"CPU\",VLOOKUP(HWS25,COMPOSIÇÃO,8,0),VLOOKUP(HWS25,COTAÇÃO,11,0))))","v":19.149999999999999},{"$f":"HWX25*HWY25","v":9.5749999999999993},"ED-50374",{"$f":"IF(HXD25=\"SINAPI\",VLOOKUP(HXA25,SINAPI,2,0),IF(HXD25=\"SETOP\",VLOOKUP(HXA25,SETOP,3,0),IF(HXD25=\"CPU\",VLOOKUP(HXA25,COMPOSIÇÃO,2,0),VLOOKUP(HXA25,COTAÇÃO,3,0))))","v":"BOMBEIRO/ENCANADOR COM ENCARGOS COMPLEMENTARES"},null,"SETOP",{"$f":"IF(HXD25=\"SINAPI\",VLOOKUP(HXA25,SINAPI,3,0),IF(HXD25=\"SETOP\",VLOOKUP(HXA25,SETOP,4,0),IF(HXD25=\"CPU\",VLOOKUP(HXA25,COMPOSIÇÃO,5,0),VLOOKUP(HXA25,COTAÇÃO,8,0))))","v":"HORA"},0.5,{"$f":"IF(HXD25=\"SINAPI\",VLOOKUP(HXA25,SINAPI,4,0),IF(HXD25=\"SETOP\",VLOOKUP(HXA25,SETOP,5,0),IF(HXD25=\"CPU\",VLOOKUP(HXA25,COMPOSIÇÃO,8,0),VLOOKUP(HXA25,COTAÇÃO,11,0))))","v":19.149999999999999},{"$f":"HXF25*HXG25","v":9.5749999999999993},"ED-50374",{"$f":"IF(HXL25=\"SINAPI\",VLOOKUP(HXI25,SINAPI,2,0),IF(HXL25=\"SETOP\",VLOOKUP(HXI25,SETOP,3,0),IF(HXL25=\"CPU\",VLOOKUP(HXI25,COMPOSIÇÃO,2,0),VLOOKUP(HXI25,COTAÇÃO,3,0))))","v":"BOMBEIRO/ENCANADOR COM ENCARGOS COMPLEMENTARES"},null,"SETOP",{"$f":"IF(HXL25=\"SINAPI\",VLOOKUP(HXI25,SINAPI,3,0),IF(HXL25=\"SETOP\",VLOOKUP(HXI25,SETOP,4,0),IF(HXL25=\"CPU\",VLOOKUP(HXI25,COMPOSIÇÃO,5,0),VLOOKUP(HXI25,COTAÇÃO,8,0))))","v":"HORA"},0.5,{"$f":"IF(HXL25=\"SINAPI\",VLOOKUP(HXI25,SINAPI,4,0),IF(HXL25=\"SETOP\",VLOOKUP(HXI25,SETOP,5,0),IF(HXL25=\"CPU\",VLOOKUP(HXI25,COMPOSIÇÃO,8,0),VLOOKUP(HXI25,COTAÇÃO,11,0))))","v":19.149999999999999},{"$f":"HXN25*HXO25","v":9.5749999999999993},"ED-50374",{"$f":"IF(HXT25=\"SINAPI\",VLOOKUP(HXQ25,SINAPI,2,0),IF(HXT25=\"SETOP\",VLOOKUP(HXQ25,SETOP,3,0),IF(HXT25=\"CPU\",VLOOKUP(HXQ25,COMPOSIÇÃO,2,0),VLOOKUP(HXQ25,COTAÇÃO,3,0))))","v":"BOMBEIRO/ENCANADOR COM ENCARGOS COMPLEMENTARES"},null,"SETOP",{"$f":"IF(HXT25=\"SINAPI\",VLOOKUP(HXQ25,SINAPI,3,0),IF(HXT25=\"SETOP\",VLOOKUP(HXQ25,SETOP,4,0),IF(HXT25=\"CPU\",VLOOKUP(HXQ25,COMPOSIÇÃO,5,0),VLOOKUP(HXQ25,COTAÇÃO,8,0))))","v":"HORA"},0.5,{"$f":"IF(HXT25=\"SINAPI\",VLOOKUP(HXQ25,SINAPI,4,0),IF(HXT25=\"SETOP\",VLOOKUP(HXQ25,SETOP,5,0),IF(HXT25=\"CPU\",VLOOKUP(HXQ25,COMPOSIÇÃO,8,0),VLOOKUP(HXQ25,COTAÇÃO,11,0))))","v":19.149999999999999},{"$f":"HXV25*HXW25","v":9.5749999999999993},"ED-50374",{"$f":"IF(HYB25=\"SINAPI\",VLOOKUP(HXY25,SINAPI,2,0),IF(HYB25=\"SETOP\",VLOOKUP(HXY25,SETOP,3,0),IF(HYB25=\"CPU\",VLOOKUP(HXY25,COMPOSIÇÃO,2,0),VLOOKUP(HXY25,COTAÇÃO,3,0))))","v":"BOMBEIRO/ENCANADOR COM ENCARGOS COMPLEMENTARES"},null,"SETOP",{"$f":"IF(HYB25=\"SINAPI\",VLOOKUP(HXY25,SINAPI,3,0),IF(HYB25=\"SETOP\",VLOOKUP(HXY25,SETOP,4,0),IF(HYB25=\"CPU\",VLOOKUP(HXY25,COMPOSIÇÃO,5,0),VLOOKUP(HXY25,COTAÇÃO,8,0))))","v":"HORA"},0.5,{"$f":"IF(HYB25=\"SINAPI\",VLOOKUP(HXY25,SINAPI,4,0),IF(HYB25=\"SETOP\",VLOOKUP(HXY25,SETOP,5,0),IF(HYB25=\"CPU\",VLOOKUP(HXY25,COMPOSIÇÃO,8,0),VLOOKUP(HXY25,COTAÇÃO,11,0))))","v":19.149999999999999},{"$f":"HYD25*HYE25","v":9.5749999999999993},"ED-50374",{"$f":"IF(HYJ25=\"SINAPI\",VLOOKUP(HYG25,SINAPI,2,0),IF(HYJ25=\"SETOP\",VLOOKUP(HYG25,SETOP,3,0),IF(HYJ25=\"CPU\",VLOOKUP(HYG25,COMPOSIÇÃO,2,0),VLOOKUP(HYG25,COTAÇÃO,3,0))))","v":"BOMBEIRO/ENCANADOR COM ENCARGOS COMPLEMENTARES"},null,"SETOP",{"$f":"IF(HYJ25=\"SINAPI\",VLOOKUP(HYG25,SINAPI,3,0),IF(HYJ25=\"SETOP\",VLOOKUP(HYG25,SETOP,4,0),IF(HYJ25=\"CPU\",VLOOKUP(HYG25,COMPOSIÇÃO,5,0),VLOOKUP(HYG25,COTAÇÃO,8,0))))","v":"HORA"},0.5,{"$f":"IF(HYJ25=\"SINAPI\",VLOOKUP(HYG25,SINAPI,4,0),IF(HYJ25=\"SETOP\",VLOOKUP(HYG25,SETOP,5,0),IF(HYJ25=\"CPU\",VLOOKUP(HYG25,COMPOSIÇÃO,8,0),VLOOKUP(HYG25,COTAÇÃO,11,0))))","v":19.149999999999999},{"$f":"HYL25*HYM25","v":9.5749999999999993},"ED-50374",{"$f":"IF(HYR25=\"SINAPI\",VLOOKUP(HYO25,SINAPI,2,0),IF(HYR25=\"SETOP\",VLOOKUP(HYO25,SETOP,3,0),IF(HYR25=\"CPU\",VLOOKUP(HYO25,COMPOSIÇÃO,2,0),VLOOKUP(HYO25,COTAÇÃO,3,0))))","v":"BOMBEIRO/ENCANADOR COM ENCARGOS COMPLEMENTARES"},null,"SETOP",{"$f":"IF(HYR25=\"SINAPI\",VLOOKUP(HYO25,SINAPI,3,0),IF(HYR25=\"SETOP\",VLOOKUP(HYO25,SETOP,4,0),IF(HYR25=\"CPU\",VLOOKUP(HYO25,COMPOSIÇÃO,5,0),VLOOKUP(HYO25,COTAÇÃO,8,0))))","v":"HORA"},0.5,{"$f":"IF(HYR25=\"SINAPI\",VLOOKUP(HYO25,SINAPI,4,0),IF(HYR25=\"SETOP\",VLOOKUP(HYO25,SETOP,5,0),IF(HYR25=\"CPU\",VLOOKUP(HYO25,COMPOSIÇÃO,8,0),VLOOKUP(HYO25,COTAÇÃO,11,0))))","v":19.149999999999999},{"$f":"HYT25*HYU25","v":9.5749999999999993},"ED-50374",{"$f":"IF(HYZ25=\"SINAPI\",VLOOKUP(HYW25,SINAPI,2,0),IF(HYZ25=\"SETOP\",VLOOKUP(HYW25,SETOP,3,0),IF(HYZ25=\"CPU\",VLOOKUP(HYW25,COMPOSIÇÃO,2,0),VLOOKUP(HYW25,COTAÇÃO,3,0))))","v":"BOMBEIRO/ENCANADOR COM ENCARGOS COMPLEMENTARES"},null,"SETOP",{"$f":"IF(HYZ25=\"SINAPI\",VLOOKUP(HYW25,SINAPI,3,0),IF(HYZ25=\"SETOP\",VLOOKUP(HYW25,SETOP,4,0),IF(HYZ25=\"CPU\",VLOOKUP(HYW25,COMPOSIÇÃO,5,0),VLOOKUP(HYW25,COTAÇÃO,8,0))))","v":"HORA"},0.5,{"$f":"IF(HYZ25=\"SINAPI\",VLOOKUP(HYW25,SINAPI,4,0),IF(HYZ25=\"SETOP\",VLOOKUP(HYW25,SETOP,5,0),IF(HYZ25=\"CPU\",VLOOKUP(HYW25,COMPOSIÇÃO,8,0),VLOOKUP(HYW25,COTAÇÃO,11,0))))","v":19.149999999999999},{"$f":"HZB25*HZC25","v":9.5749999999999993},"ED-50374",{"$f":"IF(HZH25=\"SINAPI\",VLOOKUP(HZE25,SINAPI,2,0),IF(HZH25=\"SETOP\",VLOOKUP(HZE25,SETOP,3,0),IF(HZH25=\"CPU\",VLOOKUP(HZE25,COMPOSIÇÃO,2,0),VLOOKUP(HZE25,COTAÇÃO,3,0))))","v":"BOMBEIRO/ENCANADOR COM ENCARGOS COMPLEMENTARES"},null,"SETOP",{"$f":"IF(HZH25=\"SINAPI\",VLOOKUP(HZE25,SINAPI,3,0),IF(HZH25=\"SETOP\",VLOOKUP(HZE25,SETOP,4,0),IF(HZH25=\"CPU\",VLOOKUP(HZE25,COMPOSIÇÃO,5,0),VLOOKUP(HZE25,COTAÇÃO,8,0))))","v":"HORA"},0.5,{"$f":"IF(HZH25=\"SINAPI\",VLOOKUP(HZE25,SINAPI,4,0),IF(HZH25=\"SETOP\",VLOOKUP(HZE25,SETOP,5,0),IF(HZH25=\"CPU\",VLOOKUP(HZE25,COMPOSIÇÃO,8,0),VLOOKUP(HZE25,COTAÇÃO,11,0))))","v":19.149999999999999},{"$f":"HZJ25*HZK25","v":9.5749999999999993},"ED-50374",{"$f":"IF(HZP25=\"SINAPI\",VLOOKUP(HZM25,SINAPI,2,0),IF(HZP25=\"SETOP\",VLOOKUP(HZM25,SETOP,3,0),IF(HZP25=\"CPU\",VLOOKUP(HZM25,COMPOSIÇÃO,2,0),VLOOKUP(HZM25,COTAÇÃO,3,0))))","v":"BOMBEIRO/ENCANADOR COM ENCARGOS COMPLEMENTARES"},null,"SETOP",{"$f":"IF(HZP25=\"SINAPI\",VLOOKUP(HZM25,SINAPI,3,0),IF(HZP25=\"SETOP\",VLOOKUP(HZM25,SETOP,4,0),IF(HZP25=\"CPU\",VLOOKUP(HZM25,COMPOSIÇÃO,5,0),VLOOKUP(HZM25,COTAÇÃO,8,0))))","v":"HORA"},0.5,{"$f":"IF(HZP25=\"SINAPI\",VLOOKUP(HZM25,SINAPI,4,0),IF(HZP25=\"SETOP\",VLOOKUP(HZM25,SETOP,5,0),IF(HZP25=\"CPU\",VLOOKUP(HZM25,COMPOSIÇÃO,8,0),VLOOKUP(HZM25,COTAÇÃO,11,0))))","v":19.149999999999999},{"$f":"HZR25*HZS25","v":9.5749999999999993},"ED-50374",{"$f":"IF(HZX25=\"SINAPI\",VLOOKUP(HZU25,SINAPI,2,0),IF(HZX25=\"SETOP\",VLOOKUP(HZU25,SETOP,3,0),IF(HZX25=\"CPU\",VLOOKUP(HZU25,COMPOSIÇÃO,2,0),VLOOKUP(HZU25,COTAÇÃO,3,0))))","v":"BOMBEIRO/ENCANADOR COM ENCARGOS COMPLEMENTARES"},null,"SETOP",{"$f":"IF(HZX25=\"SINAPI\",VLOOKUP(HZU25,SINAPI,3,0),IF(HZX25=\"SETOP\",VLOOKUP(HZU25,SETOP,4,0),IF(HZX25=\"CPU\",VLOOKUP(HZU25,COMPOSIÇÃO,5,0),VLOOKUP(HZU25,COTAÇÃO,8,0))))","v":"HORA"},0.5,{"$f":"IF(HZX25=\"SINAPI\",VLOOKUP(HZU25,SINAPI,4,0),IF(HZX25=\"SETOP\",VLOOKUP(HZU25,SETOP,5,0),IF(HZX25=\"CPU\",VLOOKUP(HZU25,COMPOSIÇÃO,8,0),VLOOKUP(HZU25,COTAÇÃO,11,0))))","v":19.149999999999999},{"$f":"HZZ25*IAA25","v":9.5749999999999993},"ED-50374",{"$f":"IF(IAF25=\"SINAPI\",VLOOKUP(IAC25,SINAPI,2,0),IF(IAF25=\"SETOP\",VLOOKUP(IAC25,SETOP,3,0),IF(IAF25=\"CPU\",VLOOKUP(IAC25,COMPOSIÇÃO,2,0),VLOOKUP(IAC25,COTAÇÃO,3,0))))","v":"BOMBEIRO/ENCANADOR COM ENCARGOS COMPLEMENTARES"},null,"SETOP",{"$f":"IF(IAF25=\"SINAPI\",VLOOKUP(IAC25,SINAPI,3,0),IF(IAF25=\"SETOP\",VLOOKUP(IAC25,SETOP,4,0),IF(IAF25=\"CPU\",VLOOKUP(IAC25,COMPOSIÇÃO,5,0),VLOOKUP(IAC25,COTAÇÃO,8,0))))","v":"HORA"},0.5,{"$f":"IF(IAF25=\"SINAPI\",VLOOKUP(IAC25,SINAPI,4,0),IF(IAF25=\"SETOP\",VLOOKUP(IAC25,SETOP,5,0),IF(IAF25=\"CPU\",VLOOKUP(IAC25,COMPOSIÇÃO,8,0),VLOOKUP(IAC25,COTAÇÃO,11,0))))","v":19.149999999999999},{"$f":"IAH25*IAI25","v":9.5749999999999993},"ED-50374",{"$f":"IF(IAN25=\"SINAPI\",VLOOKUP(IAK25,SINAPI,2,0),IF(IAN25=\"SETOP\",VLOOKUP(IAK25,SETOP,3,0),IF(IAN25=\"CPU\",VLOOKUP(IAK25,COMPOSIÇÃO,2,0),VLOOKUP(IAK25,COTAÇÃO,3,0))))","v":"BOMBEIRO/ENCANADOR COM ENCARGOS COMPLEMENTARES"},null,"SETOP",{"$f":"IF(IAN25=\"SINAPI\",VLOOKUP(IAK25,SINAPI,3,0),IF(IAN25=\"SETOP\",VLOOKUP(IAK25,SETOP,4,0),IF(IAN25=\"CPU\",VLOOKUP(IAK25,COMPOSIÇÃO,5,0),VLOOKUP(IAK25,COTAÇÃO,8,0))))","v":"HORA"},0.5,{"$f":"IF(IAN25=\"SINAPI\",VLOOKUP(IAK25,SINAPI,4,0),IF(IAN25=\"SETOP\",VLOOKUP(IAK25,SETOP,5,0),IF(IAN25=\"CPU\",VLOOKUP(IAK25,COMPOSIÇÃO,8,0),VLOOKUP(IAK25,COTAÇÃO,11,0))))","v":19.149999999999999},{"$f":"IAP25*IAQ25","v":9.5749999999999993},"ED-50374",{"$f":"IF(IAV25=\"SINAPI\",VLOOKUP(IAS25,SINAPI,2,0),IF(IAV25=\"SETOP\",VLOOKUP(IAS25,SETOP,3,0),IF(IAV25=\"CPU\",VLOOKUP(IAS25,COMPOSIÇÃO,2,0),VLOOKUP(IAS25,COTAÇÃO,3,0))))","v":"BOMBEIRO/ENCANADOR COM ENCARGOS COMPLEMENTARES"},null,"SETOP",{"$f":"IF(IAV25=\"SINAPI\",VLOOKUP(IAS25,SINAPI,3,0),IF(IAV25=\"SETOP\",VLOOKUP(IAS25,SETOP,4,0),IF(IAV25=\"CPU\",VLOOKUP(IAS25,COMPOSIÇÃO,5,0),VLOOKUP(IAS25,COTAÇÃO,8,0))))","v":"HORA"},0.5,{"$f":"IF(IAV25=\"SINAPI\",VLOOKUP(IAS25,SINAPI,4,0),IF(IAV25=\"SETOP\",VLOOKUP(IAS25,SETOP,5,0),IF(IAV25=\"CPU\",VLOOKUP(IAS25,COMPOSIÇÃO,8,0),VLOOKUP(IAS25,COTAÇÃO,11,0))))","v":19.149999999999999},{"$f":"IAX25*IAY25","v":9.5749999999999993},"ED-50374",{"$f":"IF(IBD25=\"SINAPI\",VLOOKUP(IBA25,SINAPI,2,0),IF(IBD25=\"SETOP\",VLOOKUP(IBA25,SETOP,3,0),IF(IBD25=\"CPU\",VLOOKUP(IBA25,COMPOSIÇÃO,2,0),VLOOKUP(IBA25,COTAÇÃO,3,0))))","v":"BOMBEIRO/ENCANADOR COM ENCARGOS COMPLEMENTARES"},null,"SETOP",{"$f":"IF(IBD25=\"SINAPI\",VLOOKUP(IBA25,SINAPI,3,0),IF(IBD25=\"SETOP\",VLOOKUP(IBA25,SETOP,4,0),IF(IBD25=\"CPU\",VLOOKUP(IBA25,COMPOSIÇÃO,5,0),VLOOKUP(IBA25,COTAÇÃO,8,0))))","v":"HORA"},0.5,{"$f":"IF(IBD25=\"SINAPI\",VLOOKUP(IBA25,SINAPI,4,0),IF(IBD25=\"SETOP\",VLOOKUP(IBA25,SETOP,5,0),IF(IBD25=\"CPU\",VLOOKUP(IBA25,COMPOSIÇÃO,8,0),VLOOKUP(IBA25,COTAÇÃO,11,0))))","v":19.149999999999999},{"$f":"IBF25*IBG25","v":9.5749999999999993},"ED-50374",{"$f":"IF(IBL25=\"SINAPI\",VLOOKUP(IBI25,SINAPI,2,0),IF(IBL25=\"SETOP\",VLOOKUP(IBI25,SETOP,3,0),IF(IBL25=\"CPU\",VLOOKUP(IBI25,COMPOSIÇÃO,2,0),VLOOKUP(IBI25,COTAÇÃO,3,0))))","v":"BOMBEIRO/ENCANADOR COM ENCARGOS COMPLEMENTARES"},null,"SETOP",{"$f":"IF(IBL25=\"SINAPI\",VLOOKUP(IBI25,SINAPI,3,0),IF(IBL25=\"SETOP\",VLOOKUP(IBI25,SETOP,4,0),IF(IBL25=\"CPU\",VLOOKUP(IBI25,COMPOSIÇÃO,5,0),VLOOKUP(IBI25,COTAÇÃO,8,0))))","v":"HORA"},0.5,{"$f":"IF(IBL25=\"SINAPI\",VLOOKUP(IBI25,SINAPI,4,0),IF(IBL25=\"SETOP\",VLOOKUP(IBI25,SETOP,5,0),IF(IBL25=\"CPU\",VLOOKUP(IBI25,COMPOSIÇÃO,8,0),VLOOKUP(IBI25,COTAÇÃO,11,0))))","v":19.149999999999999},{"$f":"IBN25*IBO25","v":9.5749999999999993},"ED-50374",{"$f":"IF(IBT25=\"SINAPI\",VLOOKUP(IBQ25,SINAPI,2,0),IF(IBT25=\"SETOP\",VLOOKUP(IBQ25,SETOP,3,0),IF(IBT25=\"CPU\",VLOOKUP(IBQ25,COMPOSIÇÃO,2,0),VLOOKUP(IBQ25,COTAÇÃO,3,0))))","v":"BOMBEIRO/ENCANADOR COM ENCARGOS COMPLEMENTARES"},null,"SETOP",{"$f":"IF(IBT25=\"SINAPI\",VLOOKUP(IBQ25,SINAPI,3,0),IF(IBT25=\"SETOP\",VLOOKUP(IBQ25,SETOP,4,0),IF(IBT25=\"CPU\",VLOOKUP(IBQ25,COMPOSIÇÃO,5,0),VLOOKUP(IBQ25,COTAÇÃO,8,0))))","v":"HORA"},0.5,{"$f":"IF(IBT25=\"SINAPI\",VLOOKUP(IBQ25,SINAPI,4,0),IF(IBT25=\"SETOP\",VLOOKUP(IBQ25,SETOP,5,0),IF(IBT25=\"CPU\",VLOOKUP(IBQ25,COMPOSIÇÃO,8,0),VLOOKUP(IBQ25,COTAÇÃO,11,0))))","v":19.149999999999999},{"$f":"IBV25*IBW25","v":9.5749999999999993},"ED-50374",{"$f":"IF(ICB25=\"SINAPI\",VLOOKUP(IBY25,SINAPI,2,0),IF(ICB25=\"SETOP\",VLOOKUP(IBY25,SETOP,3,0),IF(ICB25=\"CPU\",VLOOKUP(IBY25,COMPOSIÇÃO,2,0),VLOOKUP(IBY25,COTAÇÃO,3,0))))","v":"BOMBEIRO/ENCANADOR COM ENCARGOS COMPLEMENTARES"},null,"SETOP",{"$f":"IF(ICB25=\"SINAPI\",VLOOKUP(IBY25,SINAPI,3,0),IF(ICB25=\"SETOP\",VLOOKUP(IBY25,SETOP,4,0),IF(ICB25=\"CPU\",VLOOKUP(IBY25,COMPOSIÇÃO,5,0),VLOOKUP(IBY25,COTAÇÃO,8,0))))","v":"HORA"},0.5,{"$f":"IF(ICB25=\"SINAPI\",VLOOKUP(IBY25,SINAPI,4,0),IF(ICB25=\"SETOP\",VLOOKUP(IBY25,SETOP,5,0),IF(ICB25=\"CPU\",VLOOKUP(IBY25,COMPOSIÇÃO,8,0),VLOOKUP(IBY25,COTAÇÃO,11,0))))","v":19.149999999999999},{"$f":"ICD25*ICE25","v":9.5749999999999993},"ED-50374",{"$f":"IF(ICJ25=\"SINAPI\",VLOOKUP(ICG25,SINAPI,2,0),IF(ICJ25=\"SETOP\",VLOOKUP(ICG25,SETOP,3,0),IF(ICJ25=\"CPU\",VLOOKUP(ICG25,COMPOSIÇÃO,2,0),VLOOKUP(ICG25,COTAÇÃO,3,0))))","v":"BOMBEIRO/ENCANADOR COM ENCARGOS COMPLEMENTARES"},null,"SETOP",{"$f":"IF(ICJ25=\"SINAPI\",VLOOKUP(ICG25,SINAPI,3,0),IF(ICJ25=\"SETOP\",VLOOKUP(ICG25,SETOP,4,0),IF(ICJ25=\"CPU\",VLOOKUP(ICG25,COMPOSIÇÃO,5,0),VLOOKUP(ICG25,COTAÇÃO,8,0))))","v":"HORA"},0.5,{"$f":"IF(ICJ25=\"SINAPI\",VLOOKUP(ICG25,SINAPI,4,0),IF(ICJ25=\"SETOP\",VLOOKUP(ICG25,SETOP,5,0),IF(ICJ25=\"CPU\",VLOOKUP(ICG25,COMPOSIÇÃO,8,0),VLOOKUP(ICG25,COTAÇÃO,11,0))))","v":19.149999999999999},{"$f":"ICL25*ICM25","v":9.5749999999999993},"ED-50374",{"$f":"IF(ICR25=\"SINAPI\",VLOOKUP(ICO25,SINAPI,2,0),IF(ICR25=\"SETOP\",VLOOKUP(ICO25,SETOP,3,0),IF(ICR25=\"CPU\",VLOOKUP(ICO25,COMPOSIÇÃO,2,0),VLOOKUP(ICO25,COTAÇÃO,3,0))))","v":"BOMBEIRO/ENCANADOR COM ENCARGOS COMPLEMENTARES"},null,"SETOP",{"$f":"IF(ICR25=\"SINAPI\",VLOOKUP(ICO25,SINAPI,3,0),IF(ICR25=\"SETOP\",VLOOKUP(ICO25,SETOP,4,0),IF(ICR25=\"CPU\",VLOOKUP(ICO25,COMPOSIÇÃO,5,0),VLOOKUP(ICO25,COTAÇÃO,8,0))))","v":"HORA"},0.5,{"$f":"IF(ICR25=\"SINAPI\",VLOOKUP(ICO25,SINAPI,4,0),IF(ICR25=\"SETOP\",VLOOKUP(ICO25,SETOP,5,0),IF(ICR25=\"CPU\",VLOOKUP(ICO25,COMPOSIÇÃO,8,0),VLOOKUP(ICO25,COTAÇÃO,11,0))))","v":19.149999999999999},{"$f":"ICT25*ICU25","v":9.5749999999999993},"ED-50374",{"$f":"IF(ICZ25=\"SINAPI\",VLOOKUP(ICW25,SINAPI,2,0),IF(ICZ25=\"SETOP\",VLOOKUP(ICW25,SETOP,3,0),IF(ICZ25=\"CPU\",VLOOKUP(ICW25,COMPOSIÇÃO,2,0),VLOOKUP(ICW25,COTAÇÃO,3,0))))","v":"BOMBEIRO/ENCANADOR COM ENCARGOS COMPLEMENTARES"},null,"SETOP",{"$f":"IF(ICZ25=\"SINAPI\",VLOOKUP(ICW25,SINAPI,3,0),IF(ICZ25=\"SETOP\",VLOOKUP(ICW25,SETOP,4,0),IF(ICZ25=\"CPU\",VLOOKUP(ICW25,COMPOSIÇÃO,5,0),VLOOKUP(ICW25,COTAÇÃO,8,0))))","v":"HORA"},0.5,{"$f":"IF(ICZ25=\"SINAPI\",VLOOKUP(ICW25,SINAPI,4,0),IF(ICZ25=\"SETOP\",VLOOKUP(ICW25,SETOP,5,0),IF(ICZ25=\"CPU\",VLOOKUP(ICW25,COMPOSIÇÃO,8,0),VLOOKUP(ICW25,COTAÇÃO,11,0))))","v":19.149999999999999},{"$f":"IDB25*IDC25","v":9.5749999999999993},"ED-50374",{"$f":"IF(IDH25=\"SINAPI\",VLOOKUP(IDE25,SINAPI,2,0),IF(IDH25=\"SETOP\",VLOOKUP(IDE25,SETOP,3,0),IF(IDH25=\"CPU\",VLOOKUP(IDE25,COMPOSIÇÃO,2,0),VLOOKUP(IDE25,COTAÇÃO,3,0))))","v":"BOMBEIRO/ENCANADOR COM ENCARGOS COMPLEMENTARES"},null,"SETOP",{"$f":"IF(IDH25=\"SINAPI\",VLOOKUP(IDE25,SINAPI,3,0),IF(IDH25=\"SETOP\",VLOOKUP(IDE25,SETOP,4,0),IF(IDH25=\"CPU\",VLOOKUP(IDE25,COMPOSIÇÃO,5,0),VLOOKUP(IDE25,COTAÇÃO,8,0))))","v":"HORA"},0.5,{"$f":"IF(IDH25=\"SINAPI\",VLOOKUP(IDE25,SINAPI,4,0),IF(IDH25=\"SETOP\",VLOOKUP(IDE25,SETOP,5,0),IF(IDH25=\"CPU\",VLOOKUP(IDE25,COMPOSIÇÃO,8,0),VLOOKUP(IDE25,COTAÇÃO,11,0))))","v":19.149999999999999},{"$f":"IDJ25*IDK25","v":9.5749999999999993},"ED-50374",{"$f":"IF(IDP25=\"SINAPI\",VLOOKUP(IDM25,SINAPI,2,0),IF(IDP25=\"SETOP\",VLOOKUP(IDM25,SETOP,3,0),IF(IDP25=\"CPU\",VLOOKUP(IDM25,COMPOSIÇÃO,2,0),VLOOKUP(IDM25,COTAÇÃO,3,0))))","v":"BOMBEIRO/ENCANADOR COM ENCARGOS COMPLEMENTARES"},null,"SETOP",{"$f":"IF(IDP25=\"SINAPI\",VLOOKUP(IDM25,SINAPI,3,0),IF(IDP25=\"SETOP\",VLOOKUP(IDM25,SETOP,4,0),IF(IDP25=\"CPU\",VLOOKUP(IDM25,COMPOSIÇÃO,5,0),VLOOKUP(IDM25,COTAÇÃO,8,0))))","v":"HORA"},0.5,{"$f":"IF(IDP25=\"SINAPI\",VLOOKUP(IDM25,SINAPI,4,0),IF(IDP25=\"SETOP\",VLOOKUP(IDM25,SETOP,5,0),IF(IDP25=\"CPU\",VLOOKUP(IDM25,COMPOSIÇÃO,8,0),VLOOKUP(IDM25,COTAÇÃO,11,0))))","v":19.149999999999999},{"$f":"IDR25*IDS25","v":9.5749999999999993},"ED-50374",{"$f":"IF(IDX25=\"SINAPI\",VLOOKUP(IDU25,SINAPI,2,0),IF(IDX25=\"SETOP\",VLOOKUP(IDU25,SETOP,3,0),IF(IDX25=\"CPU\",VLOOKUP(IDU25,COMPOSIÇÃO,2,0),VLOOKUP(IDU25,COTAÇÃO,3,0))))","v":"BOMBEIRO/ENCANADOR COM ENCARGOS COMPLEMENTARES"},null,"SETOP",{"$f":"IF(IDX25=\"SINAPI\",VLOOKUP(IDU25,SINAPI,3,0),IF(IDX25=\"SETOP\",VLOOKUP(IDU25,SETOP,4,0),IF(IDX25=\"CPU\",VLOOKUP(IDU25,COMPOSIÇÃO,5,0),VLOOKUP(IDU25,COTAÇÃO,8,0))))","v":"HORA"},0.5,{"$f":"IF(IDX25=\"SINAPI\",VLOOKUP(IDU25,SINAPI,4,0),IF(IDX25=\"SETOP\",VLOOKUP(IDU25,SETOP,5,0),IF(IDX25=\"CPU\",VLOOKUP(IDU25,COMPOSIÇÃO,8,0),VLOOKUP(IDU25,COTAÇÃO,11,0))))","v":19.149999999999999},{"$f":"IDZ25*IEA25","v":9.5749999999999993},"ED-50374",{"$f":"IF(IEF25=\"SINAPI\",VLOOKUP(IEC25,SINAPI,2,0),IF(IEF25=\"SETOP\",VLOOKUP(IEC25,SETOP,3,0),IF(IEF25=\"CPU\",VLOOKUP(IEC25,COMPOSIÇÃO,2,0),VLOOKUP(IEC25,COTAÇÃO,3,0))))","v":"BOMBEIRO/ENCANADOR COM ENCARGOS COMPLEMENTARES"},null,"SETOP",{"$f":"IF(IEF25=\"SINAPI\",VLOOKUP(IEC25,SINAPI,3,0),IF(IEF25=\"SETOP\",VLOOKUP(IEC25,SETOP,4,0),IF(IEF25=\"CPU\",VLOOKUP(IEC25,COMPOSIÇÃO,5,0),VLOOKUP(IEC25,COTAÇÃO,8,0))))","v":"HORA"},0.5,{"$f":"IF(IEF25=\"SINAPI\",VLOOKUP(IEC25,SINAPI,4,0),IF(IEF25=\"SETOP\",VLOOKUP(IEC25,SETOP,5,0),IF(IEF25=\"CPU\",VLOOKUP(IEC25,COMPOSIÇÃO,8,0),VLOOKUP(IEC25,COTAÇÃO,11,0))))","v":19.149999999999999},{"$f":"IEH25*IEI25","v":9.5749999999999993},"ED-50374",{"$f":"IF(IEN25=\"SINAPI\",VLOOKUP(IEK25,SINAPI,2,0),IF(IEN25=\"SETOP\",VLOOKUP(IEK25,SETOP,3,0),IF(IEN25=\"CPU\",VLOOKUP(IEK25,COMPOSIÇÃO,2,0),VLOOKUP(IEK25,COTAÇÃO,3,0))))","v":"BOMBEIRO/ENCANADOR COM ENCARGOS COMPLEMENTARES"},null,"SETOP",{"$f":"IF(IEN25=\"SINAPI\",VLOOKUP(IEK25,SINAPI,3,0),IF(IEN25=\"SETOP\",VLOOKUP(IEK25,SETOP,4,0),IF(IEN25=\"CPU\",VLOOKUP(IEK25,COMPOSIÇÃO,5,0),VLOOKUP(IEK25,COTAÇÃO,8,0))))","v":"HORA"},0.5,{"$f":"IF(IEN25=\"SINAPI\",VLOOKUP(IEK25,SINAPI,4,0),IF(IEN25=\"SETOP\",VLOOKUP(IEK25,SETOP,5,0),IF(IEN25=\"CPU\",VLOOKUP(IEK25,COMPOSIÇÃO,8,0),VLOOKUP(IEK25,COTAÇÃO,11,0))))","v":19.149999999999999},{"$f":"IEP25*IEQ25","v":9.5749999999999993},"ED-50374",{"$f":"IF(IEV25=\"SINAPI\",VLOOKUP(IES25,SINAPI,2,0),IF(IEV25=\"SETOP\",VLOOKUP(IES25,SETOP,3,0),IF(IEV25=\"CPU\",VLOOKUP(IES25,COMPOSIÇÃO,2,0),VLOOKUP(IES25,COTAÇÃO,3,0))))","v":"BOMBEIRO/ENCANADOR COM ENCARGOS COMPLEMENTARES"},null,"SETOP",{"$f":"IF(IEV25=\"SINAPI\",VLOOKUP(IES25,SINAPI,3,0),IF(IEV25=\"SETOP\",VLOOKUP(IES25,SETOP,4,0),IF(IEV25=\"CPU\",VLOOKUP(IES25,COMPOSIÇÃO,5,0),VLOOKUP(IES25,COTAÇÃO,8,0))))","v":"HORA"},0.5,{"$f":"IF(IEV25=\"SINAPI\",VLOOKUP(IES25,SINAPI,4,0),IF(IEV25=\"SETOP\",VLOOKUP(IES25,SETOP,5,0),IF(IEV25=\"CPU\",VLOOKUP(IES25,COMPOSIÇÃO,8,0),VLOOKUP(IES25,COTAÇÃO,11,0))))","v":19.149999999999999},{"$f":"IEX25*IEY25","v":9.5749999999999993},"ED-50374",{"$f":"IF(IFD25=\"SINAPI\",VLOOKUP(IFA25,SINAPI,2,0),IF(IFD25=\"SETOP\",VLOOKUP(IFA25,SETOP,3,0),IF(IFD25=\"CPU\",VLOOKUP(IFA25,COMPOSIÇÃO,2,0),VLOOKUP(IFA25,COTAÇÃO,3,0))))","v":"BOMBEIRO/ENCANADOR COM ENCARGOS COMPLEMENTARES"},null,"SETOP",{"$f":"IF(IFD25=\"SINAPI\",VLOOKUP(IFA25,SINAPI,3,0),IF(IFD25=\"SETOP\",VLOOKUP(IFA25,SETOP,4,0),IF(IFD25=\"CPU\",VLOOKUP(IFA25,COMPOSIÇÃO,5,0),VLOOKUP(IFA25,COTAÇÃO,8,0))))","v":"HORA"},0.5,{"$f":"IF(IFD25=\"SINAPI\",VLOOKUP(IFA25,SINAPI,4,0),IF(IFD25=\"SETOP\",VLOOKUP(IFA25,SETOP,5,0),IF(IFD25=\"CPU\",VLOOKUP(IFA25,COMPOSIÇÃO,8,0),VLOOKUP(IFA25,COTAÇÃO,11,0))))","v":19.149999999999999},{"$f":"IFF25*IFG25","v":9.5749999999999993},"ED-50374",{"$f":"IF(IFL25=\"SINAPI\",VLOOKUP(IFI25,SINAPI,2,0),IF(IFL25=\"SETOP\",VLOOKUP(IFI25,SETOP,3,0),IF(IFL25=\"CPU\",VLOOKUP(IFI25,COMPOSIÇÃO,2,0),VLOOKUP(IFI25,COTAÇÃO,3,0))))","v":"BOMBEIRO/ENCANADOR COM ENCARGOS COMPLEMENTARES"},null,"SETOP",{"$f":"IF(IFL25=\"SINAPI\",VLOOKUP(IFI25,SINAPI,3,0),IF(IFL25=\"SETOP\",VLOOKUP(IFI25,SETOP,4,0),IF(IFL25=\"CPU\",VLOOKUP(IFI25,COMPOSIÇÃO,5,0),VLOOKUP(IFI25,COTAÇÃO,8,0))))","v":"HORA"},0.5,{"$f":"IF(IFL25=\"SINAPI\",VLOOKUP(IFI25,SINAPI,4,0),IF(IFL25=\"SETOP\",VLOOKUP(IFI25,SETOP,5,0),IF(IFL25=\"CPU\",VLOOKUP(IFI25,COMPOSIÇÃO,8,0),VLOOKUP(IFI25,COTAÇÃO,11,0))))","v":19.149999999999999},{"$f":"IFN25*IFO25","v":9.5749999999999993},"ED-50374",{"$f":"IF(IFT25=\"SINAPI\",VLOOKUP(IFQ25,SINAPI,2,0),IF(IFT25=\"SETOP\",VLOOKUP(IFQ25,SETOP,3,0),IF(IFT25=\"CPU\",VLOOKUP(IFQ25,COMPOSIÇÃO,2,0),VLOOKUP(IFQ25,COTAÇÃO,3,0))))","v":"BOMBEIRO/ENCANADOR COM ENCARGOS COMPLEMENTARES"},null,"SETOP",{"$f":"IF(IFT25=\"SINAPI\",VLOOKUP(IFQ25,SINAPI,3,0),IF(IFT25=\"SETOP\",VLOOKUP(IFQ25,SETOP,4,0),IF(IFT25=\"CPU\",VLOOKUP(IFQ25,COMPOSIÇÃO,5,0),VLOOKUP(IFQ25,COTAÇÃO,8,0))))","v":"HORA"},0.5,{"$f":"IF(IFT25=\"SINAPI\",VLOOKUP(IFQ25,SINAPI,4,0),IF(IFT25=\"SETOP\",VLOOKUP(IFQ25,SETOP,5,0),IF(IFT25=\"CPU\",VLOOKUP(IFQ25,COMPOSIÇÃO,8,0),VLOOKUP(IFQ25,COTAÇÃO,11,0))))","v":19.149999999999999},{"$f":"IFV25*IFW25","v":9.5749999999999993},"ED-50374",{"$f":"IF(IGB25=\"SINAPI\",VLOOKUP(IFY25,SINAPI,2,0),IF(IGB25=\"SETOP\",VLOOKUP(IFY25,SETOP,3,0),IF(IGB25=\"CPU\",VLOOKUP(IFY25,COMPOSIÇÃO,2,0),VLOOKUP(IFY25,COTAÇÃO,3,0))))","v":"BOMBEIRO/ENCANADOR COM ENCARGOS COMPLEMENTARES"},null,"SETOP",{"$f":"IF(IGB25=\"SINAPI\",VLOOKUP(IFY25,SINAPI,3,0),IF(IGB25=\"SETOP\",VLOOKUP(IFY25,SETOP,4,0),IF(IGB25=\"CPU\",VLOOKUP(IFY25,COMPOSIÇÃO,5,0),VLOOKUP(IFY25,COTAÇÃO,8,0))))","v":"HORA"},0.5,{"$f":"IF(IGB25=\"SINAPI\",VLOOKUP(IFY25,SINAPI,4,0),IF(IGB25=\"SETOP\",VLOOKUP(IFY25,SETOP,5,0),IF(IGB25=\"CPU\",VLOOKUP(IFY25,COMPOSIÇÃO,8,0),VLOOKUP(IFY25,COTAÇÃO,11,0))))","v":19.149999999999999},{"$f":"IGD25*IGE25","v":9.5749999999999993},"ED-50374",{"$f":"IF(IGJ25=\"SINAPI\",VLOOKUP(IGG25,SINAPI,2,0),IF(IGJ25=\"SETOP\",VLOOKUP(IGG25,SETOP,3,0),IF(IGJ25=\"CPU\",VLOOKUP(IGG25,COMPOSIÇÃO,2,0),VLOOKUP(IGG25,COTAÇÃO,3,0))))","v":"BOMBEIRO/ENCANADOR COM ENCARGOS COMPLEMENTARES"},null,"SETOP",{"$f":"IF(IGJ25=\"SINAPI\",VLOOKUP(IGG25,SINAPI,3,0),IF(IGJ25=\"SETOP\",VLOOKUP(IGG25,SETOP,4,0),IF(IGJ25=\"CPU\",VLOOKUP(IGG25,COMPOSIÇÃO,5,0),VLOOKUP(IGG25,COTAÇÃO,8,0))))","v":"HORA"},0.5,{"$f":"IF(IGJ25=\"SINAPI\",VLOOKUP(IGG25,SINAPI,4,0),IF(IGJ25=\"SETOP\",VLOOKUP(IGG25,SETOP,5,0),IF(IGJ25=\"CPU\",VLOOKUP(IGG25,COMPOSIÇÃO,8,0),VLOOKUP(IGG25,COTAÇÃO,11,0))))","v":19.149999999999999},{"$f":"IGL25*IGM25","v":9.5749999999999993},"ED-50374",{"$f":"IF(IGR25=\"SINAPI\",VLOOKUP(IGO25,SINAPI,2,0),IF(IGR25=\"SETOP\",VLOOKUP(IGO25,SETOP,3,0),IF(IGR25=\"CPU\",VLOOKUP(IGO25,COMPOSIÇÃO,2,0),VLOOKUP(IGO25,COTAÇÃO,3,0))))","v":"BOMBEIRO/ENCANADOR COM ENCARGOS COMPLEMENTARES"},null,"SETOP",{"$f":"IF(IGR25=\"SINAPI\",VLOOKUP(IGO25,SINAPI,3,0),IF(IGR25=\"SETOP\",VLOOKUP(IGO25,SETOP,4,0),IF(IGR25=\"CPU\",VLOOKUP(IGO25,COMPOSIÇÃO,5,0),VLOOKUP(IGO25,COTAÇÃO,8,0))))","v":"HORA"},0.5,{"$f":"IF(IGR25=\"SINAPI\",VLOOKUP(IGO25,SINAPI,4,0),IF(IGR25=\"SETOP\",VLOOKUP(IGO25,SETOP,5,0),IF(IGR25=\"CPU\",VLOOKUP(IGO25,COMPOSIÇÃO,8,0),VLOOKUP(IGO25,COTAÇÃO,11,0))))","v":19.149999999999999},{"$f":"IGT25*IGU25","v":9.5749999999999993},"ED-50374",{"$f":"IF(IGZ25=\"SINAPI\",VLOOKUP(IGW25,SINAPI,2,0),IF(IGZ25=\"SETOP\",VLOOKUP(IGW25,SETOP,3,0),IF(IGZ25=\"CPU\",VLOOKUP(IGW25,COMPOSIÇÃO,2,0),VLOOKUP(IGW25,COTAÇÃO,3,0))))","v":"BOMBEIRO/ENCANADOR COM ENCARGOS COMPLEMENTARES"},null,"SETOP",{"$f":"IF(IGZ25=\"SINAPI\",VLOOKUP(IGW25,SINAPI,3,0),IF(IGZ25=\"SETOP\",VLOOKUP(IGW25,SETOP,4,0),IF(IGZ25=\"CPU\",VLOOKUP(IGW25,COMPOSIÇÃO,5,0),VLOOKUP(IGW25,COTAÇÃO,8,0))))","v":"HORA"},0.5,{"$f":"IF(IGZ25=\"SINAPI\",VLOOKUP(IGW25,SINAPI,4,0),IF(IGZ25=\"SETOP\",VLOOKUP(IGW25,SETOP,5,0),IF(IGZ25=\"CPU\",VLOOKUP(IGW25,COMPOSIÇÃO,8,0),VLOOKUP(IGW25,COTAÇÃO,11,0))))","v":19.149999999999999},{"$f":"IHB25*IHC25","v":9.5749999999999993},"ED-50374",{"$f":"IF(IHH25=\"SINAPI\",VLOOKUP(IHE25,SINAPI,2,0),IF(IHH25=\"SETOP\",VLOOKUP(IHE25,SETOP,3,0),IF(IHH25=\"CPU\",VLOOKUP(IHE25,COMPOSIÇÃO,2,0),VLOOKUP(IHE25,COTAÇÃO,3,0))))","v":"BOMBEIRO/ENCANADOR COM ENCARGOS COMPLEMENTARES"},null,"SETOP",{"$f":"IF(IHH25=\"SINAPI\",VLOOKUP(IHE25,SINAPI,3,0),IF(IHH25=\"SETOP\",VLOOKUP(IHE25,SETOP,4,0),IF(IHH25=\"CPU\",VLOOKUP(IHE25,COMPOSIÇÃO,5,0),VLOOKUP(IHE25,COTAÇÃO,8,0))))","v":"HORA"},0.5,{"$f":"IF(IHH25=\"SINAPI\",VLOOKUP(IHE25,SINAPI,4,0),IF(IHH25=\"SETOP\",VLOOKUP(IHE25,SETOP,5,0),IF(IHH25=\"CPU\",VLOOKUP(IHE25,COMPOSIÇÃO,8,0),VLOOKUP(IHE25,COTAÇÃO,11,0))))","v":19.149999999999999},{"$f":"IHJ25*IHK25","v":9.5749999999999993},"ED-50374",{"$f":"IF(IHP25=\"SINAPI\",VLOOKUP(IHM25,SINAPI,2,0),IF(IHP25=\"SETOP\",VLOOKUP(IHM25,SETOP,3,0),IF(IHP25=\"CPU\",VLOOKUP(IHM25,COMPOSIÇÃO,2,0),VLOOKUP(IHM25,COTAÇÃO,3,0))))","v":"BOMBEIRO/ENCANADOR COM ENCARGOS COMPLEMENTARES"},null,"SETOP",{"$f":"IF(IHP25=\"SINAPI\",VLOOKUP(IHM25,SINAPI,3,0),IF(IHP25=\"SETOP\",VLOOKUP(IHM25,SETOP,4,0),IF(IHP25=\"CPU\",VLOOKUP(IHM25,COMPOSIÇÃO,5,0),VLOOKUP(IHM25,COTAÇÃO,8,0))))","v":"HORA"},0.5,{"$f":"IF(IHP25=\"SINAPI\",VLOOKUP(IHM25,SINAPI,4,0),IF(IHP25=\"SETOP\",VLOOKUP(IHM25,SETOP,5,0),IF(IHP25=\"CPU\",VLOOKUP(IHM25,COMPOSIÇÃO,8,0),VLOOKUP(IHM25,COTAÇÃO,11,0))))","v":19.149999999999999},{"$f":"IHR25*IHS25","v":9.5749999999999993},"ED-50374",{"$f":"IF(IHX25=\"SINAPI\",VLOOKUP(IHU25,SINAPI,2,0),IF(IHX25=\"SETOP\",VLOOKUP(IHU25,SETOP,3,0),IF(IHX25=\"CPU\",VLOOKUP(IHU25,COMPOSIÇÃO,2,0),VLOOKUP(IHU25,COTAÇÃO,3,0))))","v":"BOMBEIRO/ENCANADOR COM ENCARGOS COMPLEMENTARES"},null,"SETOP",{"$f":"IF(IHX25=\"SINAPI\",VLOOKUP(IHU25,SINAPI,3,0),IF(IHX25=\"SETOP\",VLOOKUP(IHU25,SETOP,4,0),IF(IHX25=\"CPU\",VLOOKUP(IHU25,COMPOSIÇÃO,5,0),VLOOKUP(IHU25,COTAÇÃO,8,0))))","v":"HORA"},0.5,{"$f":"IF(IHX25=\"SINAPI\",VLOOKUP(IHU25,SINAPI,4,0),IF(IHX25=\"SETOP\",VLOOKUP(IHU25,SETOP,5,0),IF(IHX25=\"CPU\",VLOOKUP(IHU25,COMPOSIÇÃO,8,0),VLOOKUP(IHU25,COTAÇÃO,11,0))))","v":19.149999999999999},{"$f":"IHZ25*IIA25","v":9.5749999999999993},"ED-50374",{"$f":"IF(IIF25=\"SINAPI\",VLOOKUP(IIC25,SINAPI,2,0),IF(IIF25=\"SETOP\",VLOOKUP(IIC25,SETOP,3,0),IF(IIF25=\"CPU\",VLOOKUP(IIC25,COMPOSIÇÃO,2,0),VLOOKUP(IIC25,COTAÇÃO,3,0))))","v":"BOMBEIRO/ENCANADOR COM ENCARGOS COMPLEMENTARES"},null,"SETOP",{"$f":"IF(IIF25=\"SINAPI\",VLOOKUP(IIC25,SINAPI,3,0),IF(IIF25=\"SETOP\",VLOOKUP(IIC25,SETOP,4,0),IF(IIF25=\"CPU\",VLOOKUP(IIC25,COMPOSIÇÃO,5,0),VLOOKUP(IIC25,COTAÇÃO,8,0))))","v":"HORA"},0.5,{"$f":"IF(IIF25=\"SINAPI\",VLOOKUP(IIC25,SINAPI,4,0),IF(IIF25=\"SETOP\",VLOOKUP(IIC25,SETOP,5,0),IF(IIF25=\"CPU\",VLOOKUP(IIC25,COMPOSIÇÃO,8,0),VLOOKUP(IIC25,COTAÇÃO,11,0))))","v":19.149999999999999},{"$f":"IIH25*III25","v":9.5749999999999993},"ED-50374",{"$f":"IF(IIN25=\"SINAPI\",VLOOKUP(IIK25,SINAPI,2,0),IF(IIN25=\"SETOP\",VLOOKUP(IIK25,SETOP,3,0),IF(IIN25=\"CPU\",VLOOKUP(IIK25,COMPOSIÇÃO,2,0),VLOOKUP(IIK25,COTAÇÃO,3,0))))","v":"BOMBEIRO/ENCANADOR COM ENCARGOS COMPLEMENTARES"},null,"SETOP",{"$f":"IF(IIN25=\"SINAPI\",VLOOKUP(IIK25,SINAPI,3,0),IF(IIN25=\"SETOP\",VLOOKUP(IIK25,SETOP,4,0),IF(IIN25=\"CPU\",VLOOKUP(IIK25,COMPOSIÇÃO,5,0),VLOOKUP(IIK25,COTAÇÃO,8,0))))","v":"HORA"},0.5,{"$f":"IF(IIN25=\"SINAPI\",VLOOKUP(IIK25,SINAPI,4,0),IF(IIN25=\"SETOP\",VLOOKUP(IIK25,SETOP,5,0),IF(IIN25=\"CPU\",VLOOKUP(IIK25,COMPOSIÇÃO,8,0),VLOOKUP(IIK25,COTAÇÃO,11,0))))","v":19.149999999999999},{"$f":"IIP25*IIQ25","v":9.5749999999999993},"ED-50374",{"$f":"IF(IIV25=\"SINAPI\",VLOOKUP(IIS25,SINAPI,2,0),IF(IIV25=\"SETOP\",VLOOKUP(IIS25,SETOP,3,0),IF(IIV25=\"CPU\",VLOOKUP(IIS25,COMPOSIÇÃO,2,0),VLOOKUP(IIS25,COTAÇÃO,3,0))))","v":"BOMBEIRO/ENCANADOR COM ENCARGOS COMPLEMENTARES"},null,"SETOP",{"$f":"IF(IIV25=\"SINAPI\",VLOOKUP(IIS25,SINAPI,3,0),IF(IIV25=\"SETOP\",VLOOKUP(IIS25,SETOP,4,0),IF(IIV25=\"CPU\",VLOOKUP(IIS25,COMPOSIÇÃO,5,0),VLOOKUP(IIS25,COTAÇÃO,8,0))))","v":"HORA"},0.5,{"$f":"IF(IIV25=\"SINAPI\",VLOOKUP(IIS25,SINAPI,4,0),IF(IIV25=\"SETOP\",VLOOKUP(IIS25,SETOP,5,0),IF(IIV25=\"CPU\",VLOOKUP(IIS25,COMPOSIÇÃO,8,0),VLOOKUP(IIS25,COTAÇÃO,11,0))))","v":19.149999999999999},{"$f":"IIX25*IIY25","v":9.5749999999999993},"ED-50374",{"$f":"IF(IJD25=\"SINAPI\",VLOOKUP(IJA25,SINAPI,2,0),IF(IJD25=\"SETOP\",VLOOKUP(IJA25,SETOP,3,0),IF(IJD25=\"CPU\",VLOOKUP(IJA25,COMPOSIÇÃO,2,0),VLOOKUP(IJA25,COTAÇÃO,3,0))))","v":"BOMBEIRO/ENCANADOR COM ENCARGOS COMPLEMENTARES"},null,"SETOP",{"$f":"IF(IJD25=\"SINAPI\",VLOOKUP(IJA25,SINAPI,3,0),IF(IJD25=\"SETOP\",VLOOKUP(IJA25,SETOP,4,0),IF(IJD25=\"CPU\",VLOOKUP(IJA25,COMPOSIÇÃO,5,0),VLOOKUP(IJA25,COTAÇÃO,8,0))))","v":"HORA"},0.5,{"$f":"IF(IJD25=\"SINAPI\",VLOOKUP(IJA25,SINAPI,4,0),IF(IJD25=\"SETOP\",VLOOKUP(IJA25,SETOP,5,0),IF(IJD25=\"CPU\",VLOOKUP(IJA25,COMPOSIÇÃO,8,0),VLOOKUP(IJA25,COTAÇÃO,11,0))))","v":19.149999999999999},{"$f":"IJF25*IJG25","v":9.5749999999999993},"ED-50374",{"$f":"IF(IJL25=\"SINAPI\",VLOOKUP(IJI25,SINAPI,2,0),IF(IJL25=\"SETOP\",VLOOKUP(IJI25,SETOP,3,0),IF(IJL25=\"CPU\",VLOOKUP(IJI25,COMPOSIÇÃO,2,0),VLOOKUP(IJI25,COTAÇÃO,3,0))))","v":"BOMBEIRO/ENCANADOR COM ENCARGOS COMPLEMENTARES"},null,"SETOP",{"$f":"IF(IJL25=\"SINAPI\",VLOOKUP(IJI25,SINAPI,3,0),IF(IJL25=\"SETOP\",VLOOKUP(IJI25,SETOP,4,0),IF(IJL25=\"CPU\",VLOOKUP(IJI25,COMPOSIÇÃO,5,0),VLOOKUP(IJI25,COTAÇÃO,8,0))))","v":"HORA"},0.5,{"$f":"IF(IJL25=\"SINAPI\",VLOOKUP(IJI25,SINAPI,4,0),IF(IJL25=\"SETOP\",VLOOKUP(IJI25,SETOP,5,0),IF(IJL25=\"CPU\",VLOOKUP(IJI25,COMPOSIÇÃO,8,0),VLOOKUP(IJI25,COTAÇÃO,11,0))))","v":19.149999999999999},{"$f":"IJN25*IJO25","v":9.5749999999999993},"ED-50374",{"$f":"IF(IJT25=\"SINAPI\",VLOOKUP(IJQ25,SINAPI,2,0),IF(IJT25=\"SETOP\",VLOOKUP(IJQ25,SETOP,3,0),IF(IJT25=\"CPU\",VLOOKUP(IJQ25,COMPOSIÇÃO,2,0),VLOOKUP(IJQ25,COTAÇÃO,3,0))))","v":"BOMBEIRO/ENCANADOR COM ENCARGOS COMPLEMENTARES"},null,"SETOP",{"$f":"IF(IJT25=\"SINAPI\",VLOOKUP(IJQ25,SINAPI,3,0),IF(IJT25=\"SETOP\",VLOOKUP(IJQ25,SETOP,4,0),IF(IJT25=\"CPU\",VLOOKUP(IJQ25,COMPOSIÇÃO,5,0),VLOOKUP(IJQ25,COTAÇÃO,8,0))))","v":"HORA"},0.5,{"$f":"IF(IJT25=\"SINAPI\",VLOOKUP(IJQ25,SINAPI,4,0),IF(IJT25=\"SETOP\",VLOOKUP(IJQ25,SETOP,5,0),IF(IJT25=\"CPU\",VLOOKUP(IJQ25,COMPOSIÇÃO,8,0),VLOOKUP(IJQ25,COTAÇÃO,11,0))))","v":19.149999999999999},{"$f":"IJV25*IJW25","v":9.5749999999999993},"ED-50374",{"$f":"IF(IKB25=\"SINAPI\",VLOOKUP(IJY25,SINAPI,2,0),IF(IKB25=\"SETOP\",VLOOKUP(IJY25,SETOP,3,0),IF(IKB25=\"CPU\",VLOOKUP(IJY25,COMPOSIÇÃO,2,0),VLOOKUP(IJY25,COTAÇÃO,3,0))))","v":"BOMBEIRO/ENCANADOR COM ENCARGOS COMPLEMENTARES"},null,"SETOP",{"$f":"IF(IKB25=\"SINAPI\",VLOOKUP(IJY25,SINAPI,3,0),IF(IKB25=\"SETOP\",VLOOKUP(IJY25,SETOP,4,0),IF(IKB25=\"CPU\",VLOOKUP(IJY25,COMPOSIÇÃO,5,0),VLOOKUP(IJY25,COTAÇÃO,8,0))))","v":"HORA"},0.5,{"$f":"IF(IKB25=\"SINAPI\",VLOOKUP(IJY25,SINAPI,4,0),IF(IKB25=\"SETOP\",VLOOKUP(IJY25,SETOP,5,0),IF(IKB25=\"CPU\",VLOOKUP(IJY25,COMPOSIÇÃO,8,0),VLOOKUP(IJY25,COTAÇÃO,11,0))))","v":19.149999999999999},{"$f":"IKD25*IKE25","v":9.5749999999999993},"ED-50374",{"$f":"IF(IKJ25=\"SINAPI\",VLOOKUP(IKG25,SINAPI,2,0),IF(IKJ25=\"SETOP\",VLOOKUP(IKG25,SETOP,3,0),IF(IKJ25=\"CPU\",VLOOKUP(IKG25,COMPOSIÇÃO,2,0),VLOOKUP(IKG25,COTAÇÃO,3,0))))","v":"BOMBEIRO/ENCANADOR COM ENCARGOS COMPLEMENTARES"},null,"SETOP",{"$f":"IF(IKJ25=\"SINAPI\",VLOOKUP(IKG25,SINAPI,3,0),IF(IKJ25=\"SETOP\",VLOOKUP(IKG25,SETOP,4,0),IF(IKJ25=\"CPU\",VLOOKUP(IKG25,COMPOSIÇÃO,5,0),VLOOKUP(IKG25,COTAÇÃO,8,0))))","v":"HORA"},0.5,{"$f":"IF(IKJ25=\"SINAPI\",VLOOKUP(IKG25,SINAPI,4,0),IF(IKJ25=\"SETOP\",VLOOKUP(IKG25,SETOP,5,0),IF(IKJ25=\"CPU\",VLOOKUP(IKG25,COMPOSIÇÃO,8,0),VLOOKUP(IKG25,COTAÇÃO,11,0))))","v":19.149999999999999},{"$f":"IKL25*IKM25","v":9.5749999999999993},"ED-50374",{"$f":"IF(IKR25=\"SINAPI\",VLOOKUP(IKO25,SINAPI,2,0),IF(IKR25=\"SETOP\",VLOOKUP(IKO25,SETOP,3,0),IF(IKR25=\"CPU\",VLOOKUP(IKO25,COMPOSIÇÃO,2,0),VLOOKUP(IKO25,COTAÇÃO,3,0))))","v":"BOMBEIRO/ENCANADOR COM ENCARGOS COMPLEMENTARES"},null,"SETOP",{"$f":"IF(IKR25=\"SINAPI\",VLOOKUP(IKO25,SINAPI,3,0),IF(IKR25=\"SETOP\",VLOOKUP(IKO25,SETOP,4,0),IF(IKR25=\"CPU\",VLOOKUP(IKO25,COMPOSIÇÃO,5,0),VLOOKUP(IKO25,COTAÇÃO,8,0))))","v":"HORA"},0.5,{"$f":"IF(IKR25=\"SINAPI\",VLOOKUP(IKO25,SINAPI,4,0),IF(IKR25=\"SETOP\",VLOOKUP(IKO25,SETOP,5,0),IF(IKR25=\"CPU\",VLOOKUP(IKO25,COMPOSIÇÃO,8,0),VLOOKUP(IKO25,COTAÇÃO,11,0))))","v":19.149999999999999},{"$f":"IKT25*IKU25","v":9.5749999999999993},"ED-50374",{"$f":"IF(IKZ25=\"SINAPI\",VLOOKUP(IKW25,SINAPI,2,0),IF(IKZ25=\"SETOP\",VLOOKUP(IKW25,SETOP,3,0),IF(IKZ25=\"CPU\",VLOOKUP(IKW25,COMPOSIÇÃO,2,0),VLOOKUP(IKW25,COTAÇÃO,3,0))))","v":"BOMBEIRO/ENCANADOR COM ENCARGOS COMPLEMENTARES"},null,"SETOP",{"$f":"IF(IKZ25=\"SINAPI\",VLOOKUP(IKW25,SINAPI,3,0),IF(IKZ25=\"SETOP\",VLOOKUP(IKW25,SETOP,4,0),IF(IKZ25=\"CPU\",VLOOKUP(IKW25,COMPOSIÇÃO,5,0),VLOOKUP(IKW25,COTAÇÃO,8,0))))","v":"HORA"},0.5,{"$f":"IF(IKZ25=\"SINAPI\",VLOOKUP(IKW25,SINAPI,4,0),IF(IKZ25=\"SETOP\",VLOOKUP(IKW25,SETOP,5,0),IF(IKZ25=\"CPU\",VLOOKUP(IKW25,COMPOSIÇÃO,8,0),VLOOKUP(IKW25,COTAÇÃO,11,0))))","v":19.149999999999999},{"$f":"ILB25*ILC25","v":9.5749999999999993},"ED-50374",{"$f":"IF(ILH25=\"SINAPI\",VLOOKUP(ILE25,SINAPI,2,0),IF(ILH25=\"SETOP\",VLOOKUP(ILE25,SETOP,3,0),IF(ILH25=\"CPU\",VLOOKUP(ILE25,COMPOSIÇÃO,2,0),VLOOKUP(ILE25,COTAÇÃO,3,0))))","v":"BOMBEIRO/ENCANADOR COM ENCARGOS COMPLEMENTARES"},null,"SETOP",{"$f":"IF(ILH25=\"SINAPI\",VLOOKUP(ILE25,SINAPI,3,0),IF(ILH25=\"SETOP\",VLOOKUP(ILE25,SETOP,4,0),IF(ILH25=\"CPU\",VLOOKUP(ILE25,COMPOSIÇÃO,5,0),VLOOKUP(ILE25,COTAÇÃO,8,0))))","v":"HORA"},0.5,{"$f":"IF(ILH25=\"SINAPI\",VLOOKUP(ILE25,SINAPI,4,0),IF(ILH25=\"SETOP\",VLOOKUP(ILE25,SETOP,5,0),IF(ILH25=\"CPU\",VLOOKUP(ILE25,COMPOSIÇÃO,8,0),VLOOKUP(ILE25,COTAÇÃO,11,0))))","v":19.149999999999999},{"$f":"ILJ25*ILK25","v":9.5749999999999993},"ED-50374",{"$f":"IF(ILP25=\"SINAPI\",VLOOKUP(ILM25,SINAPI,2,0),IF(ILP25=\"SETOP\",VLOOKUP(ILM25,SETOP,3,0),IF(ILP25=\"CPU\",VLOOKUP(ILM25,COMPOSIÇÃO,2,0),VLOOKUP(ILM25,COTAÇÃO,3,0))))","v":"BOMBEIRO/ENCANADOR COM ENCARGOS COMPLEMENTARES"},null,"SETOP",{"$f":"IF(ILP25=\"SINAPI\",VLOOKUP(ILM25,SINAPI,3,0),IF(ILP25=\"SETOP\",VLOOKUP(ILM25,SETOP,4,0),IF(ILP25=\"CPU\",VLOOKUP(ILM25,COMPOSIÇÃO,5,0),VLOOKUP(ILM25,COTAÇÃO,8,0))))","v":"HORA"},0.5,{"$f":"IF(ILP25=\"SINAPI\",VLOOKUP(ILM25,SINAPI,4,0),IF(ILP25=\"SETOP\",VLOOKUP(ILM25,SETOP,5,0),IF(ILP25=\"CPU\",VLOOKUP(ILM25,COMPOSIÇÃO,8,0),VLOOKUP(ILM25,COTAÇÃO,11,0))))","v":19.149999999999999},{"$f":"ILR25*ILS25","v":9.5749999999999993},"ED-50374",{"$f":"IF(ILX25=\"SINAPI\",VLOOKUP(ILU25,SINAPI,2,0),IF(ILX25=\"SETOP\",VLOOKUP(ILU25,SETOP,3,0),IF(ILX25=\"CPU\",VLOOKUP(ILU25,COMPOSIÇÃO,2,0),VLOOKUP(ILU25,COTAÇÃO,3,0))))","v":"BOMBEIRO/ENCANADOR COM ENCARGOS COMPLEMENTARES"},null,"SETOP",{"$f":"IF(ILX25=\"SINAPI\",VLOOKUP(ILU25,SINAPI,3,0),IF(ILX25=\"SETOP\",VLOOKUP(ILU25,SETOP,4,0),IF(ILX25=\"CPU\",VLOOKUP(ILU25,COMPOSIÇÃO,5,0),VLOOKUP(ILU25,COTAÇÃO,8,0))))","v":"HORA"},0.5,{"$f":"IF(ILX25=\"SINAPI\",VLOOKUP(ILU25,SINAPI,4,0),IF(ILX25=\"SETOP\",VLOOKUP(ILU25,SETOP,5,0),IF(ILX25=\"CPU\",VLOOKUP(ILU25,COMPOSIÇÃO,8,0),VLOOKUP(ILU25,COTAÇÃO,11,0))))","v":19.149999999999999},{"$f":"ILZ25*IMA25","v":9.5749999999999993},"ED-50374",{"$f":"IF(IMF25=\"SINAPI\",VLOOKUP(IMC25,SINAPI,2,0),IF(IMF25=\"SETOP\",VLOOKUP(IMC25,SETOP,3,0),IF(IMF25=\"CPU\",VLOOKUP(IMC25,COMPOSIÇÃO,2,0),VLOOKUP(IMC25,COTAÇÃO,3,0))))","v":"BOMBEIRO/ENCANADOR COM ENCARGOS COMPLEMENTARES"},null,"SETOP",{"$f":"IF(IMF25=\"SINAPI\",VLOOKUP(IMC25,SINAPI,3,0),IF(IMF25=\"SETOP\",VLOOKUP(IMC25,SETOP,4,0),IF(IMF25=\"CPU\",VLOOKUP(IMC25,COMPOSIÇÃO,5,0),VLOOKUP(IMC25,COTAÇÃO,8,0))))","v":"HORA"},0.5,{"$f":"IF(IMF25=\"SINAPI\",VLOOKUP(IMC25,SINAPI,4,0),IF(IMF25=\"SETOP\",VLOOKUP(IMC25,SETOP,5,0),IF(IMF25=\"CPU\",VLOOKUP(IMC25,COMPOSIÇÃO,8,0),VLOOKUP(IMC25,COTAÇÃO,11,0))))","v":19.149999999999999},{"$f":"IMH25*IMI25","v":9.5749999999999993},"ED-50374",{"$f":"IF(IMN25=\"SINAPI\",VLOOKUP(IMK25,SINAPI,2,0),IF(IMN25=\"SETOP\",VLOOKUP(IMK25,SETOP,3,0),IF(IMN25=\"CPU\",VLOOKUP(IMK25,COMPOSIÇÃO,2,0),VLOOKUP(IMK25,COTAÇÃO,3,0))))","v":"BOMBEIRO/ENCANADOR COM ENCARGOS COMPLEMENTARES"},null,"SETOP",{"$f":"IF(IMN25=\"SINAPI\",VLOOKUP(IMK25,SINAPI,3,0),IF(IMN25=\"SETOP\",VLOOKUP(IMK25,SETOP,4,0),IF(IMN25=\"CPU\",VLOOKUP(IMK25,COMPOSIÇÃO,5,0),VLOOKUP(IMK25,COTAÇÃO,8,0))))","v":"HORA"},0.5,{"$f":"IF(IMN25=\"SINAPI\",VLOOKUP(IMK25,SINAPI,4,0),IF(IMN25=\"SETOP\",VLOOKUP(IMK25,SETOP,5,0),IF(IMN25=\"CPU\",VLOOKUP(IMK25,COMPOSIÇÃO,8,0),VLOOKUP(IMK25,COTAÇÃO,11,0))))","v":19.149999999999999},{"$f":"IMP25*IMQ25","v":9.5749999999999993},"ED-50374",{"$f":"IF(IMV25=\"SINAPI\",VLOOKUP(IMS25,SINAPI,2,0),IF(IMV25=\"SETOP\",VLOOKUP(IMS25,SETOP,3,0),IF(IMV25=\"CPU\",VLOOKUP(IMS25,COMPOSIÇÃO,2,0),VLOOKUP(IMS25,COTAÇÃO,3,0))))","v":"BOMBEIRO/ENCANADOR COM ENCARGOS COMPLEMENTARES"},null,"SETOP",{"$f":"IF(IMV25=\"SINAPI\",VLOOKUP(IMS25,SINAPI,3,0),IF(IMV25=\"SETOP\",VLOOKUP(IMS25,SETOP,4,0),IF(IMV25=\"CPU\",VLOOKUP(IMS25,COMPOSIÇÃO,5,0),VLOOKUP(IMS25,COTAÇÃO,8,0))))","v":"HORA"},0.5,{"$f":"IF(IMV25=\"SINAPI\",VLOOKUP(IMS25,SINAPI,4,0),IF(IMV25=\"SETOP\",VLOOKUP(IMS25,SETOP,5,0),IF(IMV25=\"CPU\",VLOOKUP(IMS25,COMPOSIÇÃO,8,0),VLOOKUP(IMS25,COTAÇÃO,11,0))))","v":19.149999999999999},{"$f":"IMX25*IMY25","v":9.5749999999999993},"ED-50374",{"$f":"IF(IND25=\"SINAPI\",VLOOKUP(INA25,SINAPI,2,0),IF(IND25=\"SETOP\",VLOOKUP(INA25,SETOP,3,0),IF(IND25=\"CPU\",VLOOKUP(INA25,COMPOSIÇÃO,2,0),VLOOKUP(INA25,COTAÇÃO,3,0))))","v":"BOMBEIRO/ENCANADOR COM ENCARGOS COMPLEMENTARES"},null,"SETOP",{"$f":"IF(IND25=\"SINAPI\",VLOOKUP(INA25,SINAPI,3,0),IF(IND25=\"SETOP\",VLOOKUP(INA25,SETOP,4,0),IF(IND25=\"CPU\",VLOOKUP(INA25,COMPOSIÇÃO,5,0),VLOOKUP(INA25,COTAÇÃO,8,0))))","v":"HORA"},0.5,{"$f":"IF(IND25=\"SINAPI\",VLOOKUP(INA25,SINAPI,4,0),IF(IND25=\"SETOP\",VLOOKUP(INA25,SETOP,5,0),IF(IND25=\"CPU\",VLOOKUP(INA25,COMPOSIÇÃO,8,0),VLOOKUP(INA25,COTAÇÃO,11,0))))","v":19.149999999999999},{"$f":"INF25*ING25","v":9.5749999999999993},"ED-50374",{"$f":"IF(INL25=\"SINAPI\",VLOOKUP(INI25,SINAPI,2,0),IF(INL25=\"SETOP\",VLOOKUP(INI25,SETOP,3,0),IF(INL25=\"CPU\",VLOOKUP(INI25,COMPOSIÇÃO,2,0),VLOOKUP(INI25,COTAÇÃO,3,0))))","v":"BOMBEIRO/ENCANADOR COM ENCARGOS COMPLEMENTARES"},null,"SETOP",{"$f":"IF(INL25=\"SINAPI\",VLOOKUP(INI25,SINAPI,3,0),IF(INL25=\"SETOP\",VLOOKUP(INI25,SETOP,4,0),IF(INL25=\"CPU\",VLOOKUP(INI25,COMPOSIÇÃO,5,0),VLOOKUP(INI25,COTAÇÃO,8,0))))","v":"HORA"},0.5,{"$f":"IF(INL25=\"SINAPI\",VLOOKUP(INI25,SINAPI,4,0),IF(INL25=\"SETOP\",VLOOKUP(INI25,SETOP,5,0),IF(INL25=\"CPU\",VLOOKUP(INI25,COMPOSIÇÃO,8,0),VLOOKUP(INI25,COTAÇÃO,11,0))))","v":19.149999999999999},{"$f":"INN25*INO25","v":9.5749999999999993},"ED-50374",{"$f":"IF(INT25=\"SINAPI\",VLOOKUP(INQ25,SINAPI,2,0),IF(INT25=\"SETOP\",VLOOKUP(INQ25,SETOP,3,0),IF(INT25=\"CPU\",VLOOKUP(INQ25,COMPOSIÇÃO,2,0),VLOOKUP(INQ25,COTAÇÃO,3,0))))","v":"BOMBEIRO/ENCANADOR COM ENCARGOS COMPLEMENTARES"},null,"SETOP",{"$f":"IF(INT25=\"SINAPI\",VLOOKUP(INQ25,SINAPI,3,0),IF(INT25=\"SETOP\",VLOOKUP(INQ25,SETOP,4,0),IF(INT25=\"CPU\",VLOOKUP(INQ25,COMPOSIÇÃO,5,0),VLOOKUP(INQ25,COTAÇÃO,8,0))))","v":"HORA"},0.5,{"$f":"IF(INT25=\"SINAPI\",VLOOKUP(INQ25,SINAPI,4,0),IF(INT25=\"SETOP\",VLOOKUP(INQ25,SETOP,5,0),IF(INT25=\"CPU\",VLOOKUP(INQ25,COMPOSIÇÃO,8,0),VLOOKUP(INQ25,COTAÇÃO,11,0))))","v":19.149999999999999},{"$f":"INV25*INW25","v":9.5749999999999993},"ED-50374",{"$f":"IF(IOB25=\"SINAPI\",VLOOKUP(INY25,SINAPI,2,0),IF(IOB25=\"SETOP\",VLOOKUP(INY25,SETOP,3,0),IF(IOB25=\"CPU\",VLOOKUP(INY25,COMPOSIÇÃO,2,0),VLOOKUP(INY25,COTAÇÃO,3,0))))","v":"BOMBEIRO/ENCANADOR COM ENCARGOS COMPLEMENTARES"},null,"SETOP",{"$f":"IF(IOB25=\"SINAPI\",VLOOKUP(INY25,SINAPI,3,0),IF(IOB25=\"SETOP\",VLOOKUP(INY25,SETOP,4,0),IF(IOB25=\"CPU\",VLOOKUP(INY25,COMPOSIÇÃO,5,0),VLOOKUP(INY25,COTAÇÃO,8,0))))","v":"HORA"},0.5,{"$f":"IF(IOB25=\"SINAPI\",VLOOKUP(INY25,SINAPI,4,0),IF(IOB25=\"SETOP\",VLOOKUP(INY25,SETOP,5,0),IF(IOB25=\"CPU\",VLOOKUP(INY25,COMPOSIÇÃO,8,0),VLOOKUP(INY25,COTAÇÃO,11,0))))","v":19.149999999999999},{"$f":"IOD25*IOE25","v":9.5749999999999993},"ED-50374",{"$f":"IF(IOJ25=\"SINAPI\",VLOOKUP(IOG25,SINAPI,2,0),IF(IOJ25=\"SETOP\",VLOOKUP(IOG25,SETOP,3,0),IF(IOJ25=\"CPU\",VLOOKUP(IOG25,COMPOSIÇÃO,2,0),VLOOKUP(IOG25,COTAÇÃO,3,0))))","v":"BOMBEIRO/ENCANADOR COM ENCARGOS COMPLEMENTARES"},null,"SETOP",{"$f":"IF(IOJ25=\"SINAPI\",VLOOKUP(IOG25,SINAPI,3,0),IF(IOJ25=\"SETOP\",VLOOKUP(IOG25,SETOP,4,0),IF(IOJ25=\"CPU\",VLOOKUP(IOG25,COMPOSIÇÃO,5,0),VLOOKUP(IOG25,COTAÇÃO,8,0))))","v":"HORA"},0.5,{"$f":"IF(IOJ25=\"SINAPI\",VLOOKUP(IOG25,SINAPI,4,0),IF(IOJ25=\"SETOP\",VLOOKUP(IOG25,SETOP,5,0),IF(IOJ25=\"CPU\",VLOOKUP(IOG25,COMPOSIÇÃO,8,0),VLOOKUP(IOG25,COTAÇÃO,11,0))))","v":19.149999999999999},{"$f":"IOL25*IOM25","v":9.5749999999999993},"ED-50374",{"$f":"IF(IOR25=\"SINAPI\",VLOOKUP(IOO25,SINAPI,2,0),IF(IOR25=\"SETOP\",VLOOKUP(IOO25,SETOP,3,0),IF(IOR25=\"CPU\",VLOOKUP(IOO25,COMPOSIÇÃO,2,0),VLOOKUP(IOO25,COTAÇÃO,3,0))))","v":"BOMBEIRO/ENCANADOR COM ENCARGOS COMPLEMENTARES"},null,"SETOP",{"$f":"IF(IOR25=\"SINAPI\",VLOOKUP(IOO25,SINAPI,3,0),IF(IOR25=\"SETOP\",VLOOKUP(IOO25,SETOP,4,0),IF(IOR25=\"CPU\",VLOOKUP(IOO25,COMPOSIÇÃO,5,0),VLOOKUP(IOO25,COTAÇÃO,8,0))))","v":"HORA"},0.5,{"$f":"IF(IOR25=\"SINAPI\",VLOOKUP(IOO25,SINAPI,4,0),IF(IOR25=\"SETOP\",VLOOKUP(IOO25,SETOP,5,0),IF(IOR25=\"CPU\",VLOOKUP(IOO25,COMPOSIÇÃO,8,0),VLOOKUP(IOO25,COTAÇÃO,11,0))))","v":19.149999999999999},{"$f":"IOT25*IOU25","v":9.5749999999999993},"ED-50374",{"$f":"IF(IOZ25=\"SINAPI\",VLOOKUP(IOW25,SINAPI,2,0),IF(IOZ25=\"SETOP\",VLOOKUP(IOW25,SETOP,3,0),IF(IOZ25=\"CPU\",VLOOKUP(IOW25,COMPOSIÇÃO,2,0),VLOOKUP(IOW25,COTAÇÃO,3,0))))","v":"BOMBEIRO/ENCANADOR COM ENCARGOS COMPLEMENTARES"},null,"SETOP",{"$f":"IF(IOZ25=\"SINAPI\",VLOOKUP(IOW25,SINAPI,3,0),IF(IOZ25=\"SETOP\",VLOOKUP(IOW25,SETOP,4,0),IF(IOZ25=\"CPU\",VLOOKUP(IOW25,COMPOSIÇÃO,5,0),VLOOKUP(IOW25,COTAÇÃO,8,0))))","v":"HORA"},0.5,{"$f":"IF(IOZ25=\"SINAPI\",VLOOKUP(IOW25,SINAPI,4,0),IF(IOZ25=\"SETOP\",VLOOKUP(IOW25,SETOP,5,0),IF(IOZ25=\"CPU\",VLOOKUP(IOW25,COMPOSIÇÃO,8,0),VLOOKUP(IOW25,COTAÇÃO,11,0))))","v":19.149999999999999},{"$f":"IPB25*IPC25","v":9.5749999999999993},"ED-50374",{"$f":"IF(IPH25=\"SINAPI\",VLOOKUP(IPE25,SINAPI,2,0),IF(IPH25=\"SETOP\",VLOOKUP(IPE25,SETOP,3,0),IF(IPH25=\"CPU\",VLOOKUP(IPE25,COMPOSIÇÃO,2,0),VLOOKUP(IPE25,COTAÇÃO,3,0))))","v":"BOMBEIRO/ENCANADOR COM ENCARGOS COMPLEMENTARES"},null,"SETOP",{"$f":"IF(IPH25=\"SINAPI\",VLOOKUP(IPE25,SINAPI,3,0),IF(IPH25=\"SETOP\",VLOOKUP(IPE25,SETOP,4,0),IF(IPH25=\"CPU\",VLOOKUP(IPE25,COMPOSIÇÃO,5,0),VLOOKUP(IPE25,COTAÇÃO,8,0))))","v":"HORA"},0.5,{"$f":"IF(IPH25=\"SINAPI\",VLOOKUP(IPE25,SINAPI,4,0),IF(IPH25=\"SETOP\",VLOOKUP(IPE25,SETOP,5,0),IF(IPH25=\"CPU\",VLOOKUP(IPE25,COMPOSIÇÃO,8,0),VLOOKUP(IPE25,COTAÇÃO,11,0))))","v":19.149999999999999},{"$f":"IPJ25*IPK25","v":9.5749999999999993},"ED-50374",{"$f":"IF(IPP25=\"SINAPI\",VLOOKUP(IPM25,SINAPI,2,0),IF(IPP25=\"SETOP\",VLOOKUP(IPM25,SETOP,3,0),IF(IPP25=\"CPU\",VLOOKUP(IPM25,COMPOSIÇÃO,2,0),VLOOKUP(IPM25,COTAÇÃO,3,0))))","v":"BOMBEIRO/ENCANADOR COM ENCARGOS COMPLEMENTARES"},null,"SETOP",{"$f":"IF(IPP25=\"SINAPI\",VLOOKUP(IPM25,SINAPI,3,0),IF(IPP25=\"SETOP\",VLOOKUP(IPM25,SETOP,4,0),IF(IPP25=\"CPU\",VLOOKUP(IPM25,COMPOSIÇÃO,5,0),VLOOKUP(IPM25,COTAÇÃO,8,0))))","v":"HORA"},0.5,{"$f":"IF(IPP25=\"SINAPI\",VLOOKUP(IPM25,SINAPI,4,0),IF(IPP25=\"SETOP\",VLOOKUP(IPM25,SETOP,5,0),IF(IPP25=\"CPU\",VLOOKUP(IPM25,COMPOSIÇÃO,8,0),VLOOKUP(IPM25,COTAÇÃO,11,0))))","v":19.149999999999999},{"$f":"IPR25*IPS25","v":9.5749999999999993},"ED-50374",{"$f":"IF(IPX25=\"SINAPI\",VLOOKUP(IPU25,SINAPI,2,0),IF(IPX25=\"SETOP\",VLOOKUP(IPU25,SETOP,3,0),IF(IPX25=\"CPU\",VLOOKUP(IPU25,COMPOSIÇÃO,2,0),VLOOKUP(IPU25,COTAÇÃO,3,0))))","v":"BOMBEIRO/ENCANADOR COM ENCARGOS COMPLEMENTARES"},null,"SETOP",{"$f":"IF(IPX25=\"SINAPI\",VLOOKUP(IPU25,SINAPI,3,0),IF(IPX25=\"SETOP\",VLOOKUP(IPU25,SETOP,4,0),IF(IPX25=\"CPU\",VLOOKUP(IPU25,COMPOSIÇÃO,5,0),VLOOKUP(IPU25,COTAÇÃO,8,0))))","v":"HORA"},0.5,{"$f":"IF(IPX25=\"SINAPI\",VLOOKUP(IPU25,SINAPI,4,0),IF(IPX25=\"SETOP\",VLOOKUP(IPU25,SETOP,5,0),IF(IPX25=\"CPU\",VLOOKUP(IPU25,COMPOSIÇÃO,8,0),VLOOKUP(IPU25,COTAÇÃO,11,0))))","v":19.149999999999999},{"$f":"IPZ25*IQA25","v":9.5749999999999993},"ED-50374",{"$f":"IF(IQF25=\"SINAPI\",VLOOKUP(IQC25,SINAPI,2,0),IF(IQF25=\"SETOP\",VLOOKUP(IQC25,SETOP,3,0),IF(IQF25=\"CPU\",VLOOKUP(IQC25,COMPOSIÇÃO,2,0),VLOOKUP(IQC25,COTAÇÃO,3,0))))","v":"BOMBEIRO/ENCANADOR COM ENCARGOS COMPLEMENTARES"},null,"SETOP",{"$f":"IF(IQF25=\"SINAPI\",VLOOKUP(IQC25,SINAPI,3,0),IF(IQF25=\"SETOP\",VLOOKUP(IQC25,SETOP,4,0),IF(IQF25=\"CPU\",VLOOKUP(IQC25,COMPOSIÇÃO,5,0),VLOOKUP(IQC25,COTAÇÃO,8,0))))","v":"HORA"},0.5,{"$f":"IF(IQF25=\"SINAPI\",VLOOKUP(IQC25,SINAPI,4,0),IF(IQF25=\"SETOP\",VLOOKUP(IQC25,SETOP,5,0),IF(IQF25=\"CPU\",VLOOKUP(IQC25,COMPOSIÇÃO,8,0),VLOOKUP(IQC25,COTAÇÃO,11,0))))","v":19.149999999999999},{"$f":"IQH25*IQI25","v":9.5749999999999993},"ED-50374",{"$f":"IF(IQN25=\"SINAPI\",VLOOKUP(IQK25,SINAPI,2,0),IF(IQN25=\"SETOP\",VLOOKUP(IQK25,SETOP,3,0),IF(IQN25=\"CPU\",VLOOKUP(IQK25,COMPOSIÇÃO,2,0),VLOOKUP(IQK25,COTAÇÃO,3,0))))","v":"BOMBEIRO/ENCANADOR COM ENCARGOS COMPLEMENTARES"},null,"SETOP",{"$f":"IF(IQN25=\"SINAPI\",VLOOKUP(IQK25,SINAPI,3,0),IF(IQN25=\"SETOP\",VLOOKUP(IQK25,SETOP,4,0),IF(IQN25=\"CPU\",VLOOKUP(IQK25,COMPOSIÇÃO,5,0),VLOOKUP(IQK25,COTAÇÃO,8,0))))","v":"HORA"},0.5,{"$f":"IF(IQN25=\"SINAPI\",VLOOKUP(IQK25,SINAPI,4,0),IF(IQN25=\"SETOP\",VLOOKUP(IQK25,SETOP,5,0),IF(IQN25=\"CPU\",VLOOKUP(IQK25,COMPOSIÇÃO,8,0),VLOOKUP(IQK25,COTAÇÃO,11,0))))","v":19.149999999999999},{"$f":"IQP25*IQQ25","v":9.5749999999999993},"ED-50374",{"$f":"IF(IQV25=\"SINAPI\",VLOOKUP(IQS25,SINAPI,2,0),IF(IQV25=\"SETOP\",VLOOKUP(IQS25,SETOP,3,0),IF(IQV25=\"CPU\",VLOOKUP(IQS25,COMPOSIÇÃO,2,0),VLOOKUP(IQS25,COTAÇÃO,3,0))))","v":"BOMBEIRO/ENCANADOR COM ENCARGOS COMPLEMENTARES"},null,"SETOP",{"$f":"IF(IQV25=\"SINAPI\",VLOOKUP(IQS25,SINAPI,3,0),IF(IQV25=\"SETOP\",VLOOKUP(IQS25,SETOP,4,0),IF(IQV25=\"CPU\",VLOOKUP(IQS25,COMPOSIÇÃO,5,0),VLOOKUP(IQS25,COTAÇÃO,8,0))))","v":"HORA"},0.5,{"$f":"IF(IQV25=\"SINAPI\",VLOOKUP(IQS25,SINAPI,4,0),IF(IQV25=\"SETOP\",VLOOKUP(IQS25,SETOP,5,0),IF(IQV25=\"CPU\",VLOOKUP(IQS25,COMPOSIÇÃO,8,0),VLOOKUP(IQS25,COTAÇÃO,11,0))))","v":19.149999999999999},{"$f":"IQX25*IQY25","v":9.5749999999999993},"ED-50374",{"$f":"IF(IRD25=\"SINAPI\",VLOOKUP(IRA25,SINAPI,2,0),IF(IRD25=\"SETOP\",VLOOKUP(IRA25,SETOP,3,0),IF(IRD25=\"CPU\",VLOOKUP(IRA25,COMPOSIÇÃO,2,0),VLOOKUP(IRA25,COTAÇÃO,3,0))))","v":"BOMBEIRO/ENCANADOR COM ENCARGOS COMPLEMENTARES"},null,"SETOP",{"$f":"IF(IRD25=\"SINAPI\",VLOOKUP(IRA25,SINAPI,3,0),IF(IRD25=\"SETOP\",VLOOKUP(IRA25,SETOP,4,0),IF(IRD25=\"CPU\",VLOOKUP(IRA25,COMPOSIÇÃO,5,0),VLOOKUP(IRA25,COTAÇÃO,8,0))))","v":"HORA"},0.5,{"$f":"IF(IRD25=\"SINAPI\",VLOOKUP(IRA25,SINAPI,4,0),IF(IRD25=\"SETOP\",VLOOKUP(IRA25,SETOP,5,0),IF(IRD25=\"CPU\",VLOOKUP(IRA25,COMPOSIÇÃO,8,0),VLOOKUP(IRA25,COTAÇÃO,11,0))))","v":19.149999999999999},{"$f":"IRF25*IRG25","v":9.5749999999999993},"ED-50374",{"$f":"IF(IRL25=\"SINAPI\",VLOOKUP(IRI25,SINAPI,2,0),IF(IRL25=\"SETOP\",VLOOKUP(IRI25,SETOP,3,0),IF(IRL25=\"CPU\",VLOOKUP(IRI25,COMPOSIÇÃO,2,0),VLOOKUP(IRI25,COTAÇÃO,3,0))))","v":"BOMBEIRO/ENCANADOR COM ENCARGOS COMPLEMENTARES"},null,"SETOP",{"$f":"IF(IRL25=\"SINAPI\",VLOOKUP(IRI25,SINAPI,3,0),IF(IRL25=\"SETOP\",VLOOKUP(IRI25,SETOP,4,0),IF(IRL25=\"CPU\",VLOOKUP(IRI25,COMPOSIÇÃO,5,0),VLOOKUP(IRI25,COTAÇÃO,8,0))))","v":"HORA"},0.5,{"$f":"IF(IRL25=\"SINAPI\",VLOOKUP(IRI25,SINAPI,4,0),IF(IRL25=\"SETOP\",VLOOKUP(IRI25,SETOP,5,0),IF(IRL25=\"CPU\",VLOOKUP(IRI25,COMPOSIÇÃO,8,0),VLOOKUP(IRI25,COTAÇÃO,11,0))))","v":19.149999999999999},{"$f":"IRN25*IRO25","v":9.5749999999999993},"ED-50374",{"$f":"IF(IRT25=\"SINAPI\",VLOOKUP(IRQ25,SINAPI,2,0),IF(IRT25=\"SETOP\",VLOOKUP(IRQ25,SETOP,3,0),IF(IRT25=\"CPU\",VLOOKUP(IRQ25,COMPOSIÇÃO,2,0),VLOOKUP(IRQ25,COTAÇÃO,3,0))))","v":"BOMBEIRO/ENCANADOR COM ENCARGOS COMPLEMENTARES"},null,"SETOP",{"$f":"IF(IRT25=\"SINAPI\",VLOOKUP(IRQ25,SINAPI,3,0),IF(IRT25=\"SETOP\",VLOOKUP(IRQ25,SETOP,4,0),IF(IRT25=\"CPU\",VLOOKUP(IRQ25,COMPOSIÇÃO,5,0),VLOOKUP(IRQ25,COTAÇÃO,8,0))))","v":"HORA"},0.5,{"$f":"IF(IRT25=\"SINAPI\",VLOOKUP(IRQ25,SINAPI,4,0),IF(IRT25=\"SETOP\",VLOOKUP(IRQ25,SETOP,5,0),IF(IRT25=\"CPU\",VLOOKUP(IRQ25,COMPOSIÇÃO,8,0),VLOOKUP(IRQ25,COTAÇÃO,11,0))))","v":19.149999999999999},{"$f":"IRV25*IRW25","v":9.5749999999999993},"ED-50374",{"$f":"IF(ISB25=\"SINAPI\",VLOOKUP(IRY25,SINAPI,2,0),IF(ISB25=\"SETOP\",VLOOKUP(IRY25,SETOP,3,0),IF(ISB25=\"CPU\",VLOOKUP(IRY25,COMPOSIÇÃO,2,0),VLOOKUP(IRY25,COTAÇÃO,3,0))))","v":"BOMBEIRO/ENCANADOR COM ENCARGOS COMPLEMENTARES"},null,"SETOP",{"$f":"IF(ISB25=\"SINAPI\",VLOOKUP(IRY25,SINAPI,3,0),IF(ISB25=\"SETOP\",VLOOKUP(IRY25,SETOP,4,0),IF(ISB25=\"CPU\",VLOOKUP(IRY25,COMPOSIÇÃO,5,0),VLOOKUP(IRY25,COTAÇÃO,8,0))))","v":"HORA"},0.5,{"$f":"IF(ISB25=\"SINAPI\",VLOOKUP(IRY25,SINAPI,4,0),IF(ISB25=\"SETOP\",VLOOKUP(IRY25,SETOP,5,0),IF(ISB25=\"CPU\",VLOOKUP(IRY25,COMPOSIÇÃO,8,0),VLOOKUP(IRY25,COTAÇÃO,11,0))))","v":19.149999999999999},{"$f":"ISD25*ISE25","v":9.5749999999999993},"ED-50374",{"$f":"IF(ISJ25=\"SINAPI\",VLOOKUP(ISG25,SINAPI,2,0),IF(ISJ25=\"SETOP\",VLOOKUP(ISG25,SETOP,3,0),IF(ISJ25=\"CPU\",VLOOKUP(ISG25,COMPOSIÇÃO,2,0),VLOOKUP(ISG25,COTAÇÃO,3,0))))","v":"BOMBEIRO/ENCANADOR COM ENCARGOS COMPLEMENTARES"},null,"SETOP",{"$f":"IF(ISJ25=\"SINAPI\",VLOOKUP(ISG25,SINAPI,3,0),IF(ISJ25=\"SETOP\",VLOOKUP(ISG25,SETOP,4,0),IF(ISJ25=\"CPU\",VLOOKUP(ISG25,COMPOSIÇÃO,5,0),VLOOKUP(ISG25,COTAÇÃO,8,0))))","v":"HORA"},0.5,{"$f":"IF(ISJ25=\"SINAPI\",VLOOKUP(ISG25,SINAPI,4,0),IF(ISJ25=\"SETOP\",VLOOKUP(ISG25,SETOP,5,0),IF(ISJ25=\"CPU\",VLOOKUP(ISG25,COMPOSIÇÃO,8,0),VLOOKUP(ISG25,COTAÇÃO,11,0))))","v":19.149999999999999},{"$f":"ISL25*ISM25","v":9.5749999999999993},"ED-50374",{"$f":"IF(ISR25=\"SINAPI\",VLOOKUP(ISO25,SINAPI,2,0),IF(ISR25=\"SETOP\",VLOOKUP(ISO25,SETOP,3,0),IF(ISR25=\"CPU\",VLOOKUP(ISO25,COMPOSIÇÃO,2,0),VLOOKUP(ISO25,COTAÇÃO,3,0))))","v":"BOMBEIRO/ENCANADOR COM ENCARGOS COMPLEMENTARES"},null,"SETOP",{"$f":"IF(ISR25=\"SINAPI\",VLOOKUP(ISO25,SINAPI,3,0),IF(ISR25=\"SETOP\",VLOOKUP(ISO25,SETOP,4,0),IF(ISR25=\"CPU\",VLOOKUP(ISO25,COMPOSIÇÃO,5,0),VLOOKUP(ISO25,COTAÇÃO,8,0))))","v":"HORA"},0.5,{"$f":"IF(ISR25=\"SINAPI\",VLOOKUP(ISO25,SINAPI,4,0),IF(ISR25=\"SETOP\",VLOOKUP(ISO25,SETOP,5,0),IF(ISR25=\"CPU\",VLOOKUP(ISO25,COMPOSIÇÃO,8,0),VLOOKUP(ISO25,COTAÇÃO,11,0))))","v":19.149999999999999},{"$f":"IST25*ISU25","v":9.5749999999999993},"ED-50374",{"$f":"IF(ISZ25=\"SINAPI\",VLOOKUP(ISW25,SINAPI,2,0),IF(ISZ25=\"SETOP\",VLOOKUP(ISW25,SETOP,3,0),IF(ISZ25=\"CPU\",VLOOKUP(ISW25,COMPOSIÇÃO,2,0),VLOOKUP(ISW25,COTAÇÃO,3,0))))","v":"BOMBEIRO/ENCANADOR COM ENCARGOS COMPLEMENTARES"},null,"SETOP",{"$f":"IF(ISZ25=\"SINAPI\",VLOOKUP(ISW25,SINAPI,3,0),IF(ISZ25=\"SETOP\",VLOOKUP(ISW25,SETOP,4,0),IF(ISZ25=\"CPU\",VLOOKUP(ISW25,COMPOSIÇÃO,5,0),VLOOKUP(ISW25,COTAÇÃO,8,0))))","v":"HORA"},0.5,{"$f":"IF(ISZ25=\"SINAPI\",VLOOKUP(ISW25,SINAPI,4,0),IF(ISZ25=\"SETOP\",VLOOKUP(ISW25,SETOP,5,0),IF(ISZ25=\"CPU\",VLOOKUP(ISW25,COMPOSIÇÃO,8,0),VLOOKUP(ISW25,COTAÇÃO,11,0))))","v":19.149999999999999},{"$f":"ITB25*ITC25","v":9.5749999999999993},"ED-50374",{"$f":"IF(ITH25=\"SINAPI\",VLOOKUP(ITE25,SINAPI,2,0),IF(ITH25=\"SETOP\",VLOOKUP(ITE25,SETOP,3,0),IF(ITH25=\"CPU\",VLOOKUP(ITE25,COMPOSIÇÃO,2,0),VLOOKUP(ITE25,COTAÇÃO,3,0))))","v":"BOMBEIRO/ENCANADOR COM ENCARGOS COMPLEMENTARES"},null,"SETOP",{"$f":"IF(ITH25=\"SINAPI\",VLOOKUP(ITE25,SINAPI,3,0),IF(ITH25=\"SETOP\",VLOOKUP(ITE25,SETOP,4,0),IF(ITH25=\"CPU\",VLOOKUP(ITE25,COMPOSIÇÃO,5,0),VLOOKUP(ITE25,COTAÇÃO,8,0))))","v":"HORA"},0.5,{"$f":"IF(ITH25=\"SINAPI\",VLOOKUP(ITE25,SINAPI,4,0),IF(ITH25=\"SETOP\",VLOOKUP(ITE25,SETOP,5,0),IF(ITH25=\"CPU\",VLOOKUP(ITE25,COMPOSIÇÃO,8,0),VLOOKUP(ITE25,COTAÇÃO,11,0))))","v":19.149999999999999},{"$f":"ITJ25*ITK25","v":9.5749999999999993},"ED-50374",{"$f":"IF(ITP25=\"SINAPI\",VLOOKUP(ITM25,SINAPI,2,0),IF(ITP25=\"SETOP\",VLOOKUP(ITM25,SETOP,3,0),IF(ITP25=\"CPU\",VLOOKUP(ITM25,COMPOSIÇÃO,2,0),VLOOKUP(ITM25,COTAÇÃO,3,0))))","v":"BOMBEIRO/ENCANADOR COM ENCARGOS COMPLEMENTARES"},null,"SETOP",{"$f":"IF(ITP25=\"SINAPI\",VLOOKUP(ITM25,SINAPI,3,0),IF(ITP25=\"SETOP\",VLOOKUP(ITM25,SETOP,4,0),IF(ITP25=\"CPU\",VLOOKUP(ITM25,COMPOSIÇÃO,5,0),VLOOKUP(ITM25,COTAÇÃO,8,0))))","v":"HORA"},0.5,{"$f":"IF(ITP25=\"SINAPI\",VLOOKUP(ITM25,SINAPI,4,0),IF(ITP25=\"SETOP\",VLOOKUP(ITM25,SETOP,5,0),IF(ITP25=\"CPU\",VLOOKUP(ITM25,COMPOSIÇÃO,8,0),VLOOKUP(ITM25,COTAÇÃO,11,0))))","v":19.149999999999999},{"$f":"ITR25*ITS25","v":9.5749999999999993},"ED-50374",{"$f":"IF(ITX25=\"SINAPI\",VLOOKUP(ITU25,SINAPI,2,0),IF(ITX25=\"SETOP\",VLOOKUP(ITU25,SETOP,3,0),IF(ITX25=\"CPU\",VLOOKUP(ITU25,COMPOSIÇÃO,2,0),VLOOKUP(ITU25,COTAÇÃO,3,0))))","v":"BOMBEIRO/ENCANADOR COM ENCARGOS COMPLEMENTARES"},null,"SETOP",{"$f":"IF(ITX25=\"SINAPI\",VLOOKUP(ITU25,SINAPI,3,0),IF(ITX25=\"SETOP\",VLOOKUP(ITU25,SETOP,4,0),IF(ITX25=\"CPU\",VLOOKUP(ITU25,COMPOSIÇÃO,5,0),VLOOKUP(ITU25,COTAÇÃO,8,0))))","v":"HORA"},0.5,{"$f":"IF(ITX25=\"SINAPI\",VLOOKUP(ITU25,SINAPI,4,0),IF(ITX25=\"SETOP\",VLOOKUP(ITU25,SETOP,5,0),IF(ITX25=\"CPU\",VLOOKUP(ITU25,COMPOSIÇÃO,8,0),VLOOKUP(ITU25,COTAÇÃO,11,0))))","v":19.149999999999999},{"$f":"ITZ25*IUA25","v":9.5749999999999993},"ED-50374",{"$f":"IF(IUF25=\"SINAPI\",VLOOKUP(IUC25,SINAPI,2,0),IF(IUF25=\"SETOP\",VLOOKUP(IUC25,SETOP,3,0),IF(IUF25=\"CPU\",VLOOKUP(IUC25,COMPOSIÇÃO,2,0),VLOOKUP(IUC25,COTAÇÃO,3,0))))","v":"BOMBEIRO/ENCANADOR COM ENCARGOS COMPLEMENTARES"},null,"SETOP",{"$f":"IF(IUF25=\"SINAPI\",VLOOKUP(IUC25,SINAPI,3,0),IF(IUF25=\"SETOP\",VLOOKUP(IUC25,SETOP,4,0),IF(IUF25=\"CPU\",VLOOKUP(IUC25,COMPOSIÇÃO,5,0),VLOOKUP(IUC25,COTAÇÃO,8,0))))","v":"HORA"},0.5,{"$f":"IF(IUF25=\"SINAPI\",VLOOKUP(IUC25,SINAPI,4,0),IF(IUF25=\"SETOP\",VLOOKUP(IUC25,SETOP,5,0),IF(IUF25=\"CPU\",VLOOKUP(IUC25,COMPOSIÇÃO,8,0),VLOOKUP(IUC25,COTAÇÃO,11,0))))","v":19.149999999999999},{"$f":"IUH25*IUI25","v":9.5749999999999993},"ED-50374",{"$f":"IF(IUN25=\"SINAPI\",VLOOKUP(IUK25,SINAPI,2,0),IF(IUN25=\"SETOP\",VLOOKUP(IUK25,SETOP,3,0),IF(IUN25=\"CPU\",VLOOKUP(IUK25,COMPOSIÇÃO,2,0),VLOOKUP(IUK25,COTAÇÃO,3,0))))","v":"BOMBEIRO/ENCANADOR COM ENCARGOS COMPLEMENTARES"},null,"SETOP",{"$f":"IF(IUN25=\"SINAPI\",VLOOKUP(IUK25,SINAPI,3,0),IF(IUN25=\"SETOP\",VLOOKUP(IUK25,SETOP,4,0),IF(IUN25=\"CPU\",VLOOKUP(IUK25,COMPOSIÇÃO,5,0),VLOOKUP(IUK25,COTAÇÃO,8,0))))","v":"HORA"},0.5,{"$f":"IF(IUN25=\"SINAPI\",VLOOKUP(IUK25,SINAPI,4,0),IF(IUN25=\"SETOP\",VLOOKUP(IUK25,SETOP,5,0),IF(IUN25=\"CPU\",VLOOKUP(IUK25,COMPOSIÇÃO,8,0),VLOOKUP(IUK25,COTAÇÃO,11,0))))","v":19.149999999999999},{"$f":"IUP25*IUQ25","v":9.5749999999999993},"ED-50374",{"$f":"IF(IUV25=\"SINAPI\",VLOOKUP(IUS25,SINAPI,2,0),IF(IUV25=\"SETOP\",VLOOKUP(IUS25,SETOP,3,0),IF(IUV25=\"CPU\",VLOOKUP(IUS25,COMPOSIÇÃO,2,0),VLOOKUP(IUS25,COTAÇÃO,3,0))))","v":"BOMBEIRO/ENCANADOR COM ENCARGOS COMPLEMENTARES"},null,"SETOP",{"$f":"IF(IUV25=\"SINAPI\",VLOOKUP(IUS25,SINAPI,3,0),IF(IUV25=\"SETOP\",VLOOKUP(IUS25,SETOP,4,0),IF(IUV25=\"CPU\",VLOOKUP(IUS25,COMPOSIÇÃO,5,0),VLOOKUP(IUS25,COTAÇÃO,8,0))))","v":"HORA"},0.5,{"$f":"IF(IUV25=\"SINAPI\",VLOOKUP(IUS25,SINAPI,4,0),IF(IUV25=\"SETOP\",VLOOKUP(IUS25,SETOP,5,0),IF(IUV25=\"CPU\",VLOOKUP(IUS25,COMPOSIÇÃO,8,0),VLOOKUP(IUS25,COTAÇÃO,11,0))))","v":19.149999999999999},{"$f":"IUX25*IUY25","v":9.5749999999999993},"ED-50374",{"$f":"IF(IVD25=\"SINAPI\",VLOOKUP(IVA25,SINAPI,2,0),IF(IVD25=\"SETOP\",VLOOKUP(IVA25,SETOP,3,0),IF(IVD25=\"CPU\",VLOOKUP(IVA25,COMPOSIÇÃO,2,0),VLOOKUP(IVA25,COTAÇÃO,3,0))))","v":"BOMBEIRO/ENCANADOR COM ENCARGOS COMPLEMENTARES"},null,"SETOP",{"$f":"IF(IVD25=\"SINAPI\",VLOOKUP(IVA25,SINAPI,3,0),IF(IVD25=\"SETOP\",VLOOKUP(IVA25,SETOP,4,0),IF(IVD25=\"CPU\",VLOOKUP(IVA25,COMPOSIÇÃO,5,0),VLOOKUP(IVA25,COTAÇÃO,8,0))))","v":"HORA"},0.5,{"$f":"IF(IVD25=\"SINAPI\",VLOOKUP(IVA25,SINAPI,4,0),IF(IVD25=\"SETOP\",VLOOKUP(IVA25,SETOP,5,0),IF(IVD25=\"CPU\",VLOOKUP(IVA25,COMPOSIÇÃO,8,0),VLOOKUP(IVA25,COTAÇÃO,11,0))))","v":19.149999999999999},{"$f":"IVF25*IVG25","v":9.5749999999999993},"ED-50374",{"$f":"IF(IVL25=\"SINAPI\",VLOOKUP(IVI25,SINAPI,2,0),IF(IVL25=\"SETOP\",VLOOKUP(IVI25,SETOP,3,0),IF(IVL25=\"CPU\",VLOOKUP(IVI25,COMPOSIÇÃO,2,0),VLOOKUP(IVI25,COTAÇÃO,3,0))))","v":"BOMBEIRO/ENCANADOR COM ENCARGOS COMPLEMENTARES"},null,"SETOP",{"$f":"IF(IVL25=\"SINAPI\",VLOOKUP(IVI25,SINAPI,3,0),IF(IVL25=\"SETOP\",VLOOKUP(IVI25,SETOP,4,0),IF(IVL25=\"CPU\",VLOOKUP(IVI25,COMPOSIÇÃO,5,0),VLOOKUP(IVI25,COTAÇÃO,8,0))))","v":"HORA"},0.5,{"$f":"IF(IVL25=\"SINAPI\",VLOOKUP(IVI25,SINAPI,4,0),IF(IVL25=\"SETOP\",VLOOKUP(IVI25,SETOP,5,0),IF(IVL25=\"CPU\",VLOOKUP(IVI25,COMPOSIÇÃO,8,0),VLOOKUP(IVI25,COTAÇÃO,11,0))))","v":19.149999999999999},{"$f":"IVN25*IVO25","v":9.5749999999999993},"ED-50374",{"$f":"IF(IVT25=\"SINAPI\",VLOOKUP(IVQ25,SINAPI,2,0),IF(IVT25=\"SETOP\",VLOOKUP(IVQ25,SETOP,3,0),IF(IVT25=\"CPU\",VLOOKUP(IVQ25,COMPOSIÇÃO,2,0),VLOOKUP(IVQ25,COTAÇÃO,3,0))))","v":"BOMBEIRO/ENCANADOR COM ENCARGOS COMPLEMENTARES"},null,"SETOP",{"$f":"IF(IVT25=\"SINAPI\",VLOOKUP(IVQ25,SINAPI,3,0),IF(IVT25=\"SETOP\",VLOOKUP(IVQ25,SETOP,4,0),IF(IVT25=\"CPU\",VLOOKUP(IVQ25,COMPOSIÇÃO,5,0),VLOOKUP(IVQ25,COTAÇÃO,8,0))))","v":"HORA"},0.5,{"$f":"IF(IVT25=\"SINAPI\",VLOOKUP(IVQ25,SINAPI,4,0),IF(IVT25=\"SETOP\",VLOOKUP(IVQ25,SETOP,5,0),IF(IVT25=\"CPU\",VLOOKUP(IVQ25,COMPOSIÇÃO,8,0),VLOOKUP(IVQ25,COTAÇÃO,11,0))))","v":19.149999999999999},{"$f":"IVV25*IVW25","v":9.5749999999999993},"ED-50374",{"$f":"IF(IWB25=\"SINAPI\",VLOOKUP(IVY25,SINAPI,2,0),IF(IWB25=\"SETOP\",VLOOKUP(IVY25,SETOP,3,0),IF(IWB25=\"CPU\",VLOOKUP(IVY25,COMPOSIÇÃO,2,0),VLOOKUP(IVY25,COTAÇÃO,3,0))))","v":"BOMBEIRO/ENCANADOR COM ENCARGOS COMPLEMENTARES"},null,"SETOP",{"$f":"IF(IWB25=\"SINAPI\",VLOOKUP(IVY25,SINAPI,3,0),IF(IWB25=\"SETOP\",VLOOKUP(IVY25,SETOP,4,0),IF(IWB25=\"CPU\",VLOOKUP(IVY25,COMPOSIÇÃO,5,0),VLOOKUP(IVY25,COTAÇÃO,8,0))))","v":"HORA"},0.5,{"$f":"IF(IWB25=\"SINAPI\",VLOOKUP(IVY25,SINAPI,4,0),IF(IWB25=\"SETOP\",VLOOKUP(IVY25,SETOP,5,0),IF(IWB25=\"CPU\",VLOOKUP(IVY25,COMPOSIÇÃO,8,0),VLOOKUP(IVY25,COTAÇÃO,11,0))))","v":19.149999999999999},{"$f":"IWD25*IWE25","v":9.5749999999999993},"ED-50374",{"$f":"IF(IWJ25=\"SINAPI\",VLOOKUP(IWG25,SINAPI,2,0),IF(IWJ25=\"SETOP\",VLOOKUP(IWG25,SETOP,3,0),IF(IWJ25=\"CPU\",VLOOKUP(IWG25,COMPOSIÇÃO,2,0),VLOOKUP(IWG25,COTAÇÃO,3,0))))","v":"BOMBEIRO/ENCANADOR COM ENCARGOS COMPLEMENTARES"},null,"SETOP",{"$f":"IF(IWJ25=\"SINAPI\",VLOOKUP(IWG25,SINAPI,3,0),IF(IWJ25=\"SETOP\",VLOOKUP(IWG25,SETOP,4,0),IF(IWJ25=\"CPU\",VLOOKUP(IWG25,COMPOSIÇÃO,5,0),VLOOKUP(IWG25,COTAÇÃO,8,0))))","v":"HORA"},0.5,{"$f":"IF(IWJ25=\"SINAPI\",VLOOKUP(IWG25,SINAPI,4,0),IF(IWJ25=\"SETOP\",VLOOKUP(IWG25,SETOP,5,0),IF(IWJ25=\"CPU\",VLOOKUP(IWG25,COMPOSIÇÃO,8,0),VLOOKUP(IWG25,COTAÇÃO,11,0))))","v":19.149999999999999},{"$f":"IWL25*IWM25","v":9.5749999999999993},"ED-50374",{"$f":"IF(IWR25=\"SINAPI\",VLOOKUP(IWO25,SINAPI,2,0),IF(IWR25=\"SETOP\",VLOOKUP(IWO25,SETOP,3,0),IF(IWR25=\"CPU\",VLOOKUP(IWO25,COMPOSIÇÃO,2,0),VLOOKUP(IWO25,COTAÇÃO,3,0))))","v":"BOMBEIRO/ENCANADOR COM ENCARGOS COMPLEMENTARES"},null,"SETOP",{"$f":"IF(IWR25=\"SINAPI\",VLOOKUP(IWO25,SINAPI,3,0),IF(IWR25=\"SETOP\",VLOOKUP(IWO25,SETOP,4,0),IF(IWR25=\"CPU\",VLOOKUP(IWO25,COMPOSIÇÃO,5,0),VLOOKUP(IWO25,COTAÇÃO,8,0))))","v":"HORA"},0.5,{"$f":"IF(IWR25=\"SINAPI\",VLOOKUP(IWO25,SINAPI,4,0),IF(IWR25=\"SETOP\",VLOOKUP(IWO25,SETOP,5,0),IF(IWR25=\"CPU\",VLOOKUP(IWO25,COMPOSIÇÃO,8,0),VLOOKUP(IWO25,COTAÇÃO,11,0))))","v":19.149999999999999},{"$f":"IWT25*IWU25","v":9.5749999999999993},"ED-50374",{"$f":"IF(IWZ25=\"SINAPI\",VLOOKUP(IWW25,SINAPI,2,0),IF(IWZ25=\"SETOP\",VLOOKUP(IWW25,SETOP,3,0),IF(IWZ25=\"CPU\",VLOOKUP(IWW25,COMPOSIÇÃO,2,0),VLOOKUP(IWW25,COTAÇÃO,3,0))))","v":"BOMBEIRO/ENCANADOR COM ENCARGOS COMPLEMENTARES"},null,"SETOP",{"$f":"IF(IWZ25=\"SINAPI\",VLOOKUP(IWW25,SINAPI,3,0),IF(IWZ25=\"SETOP\",VLOOKUP(IWW25,SETOP,4,0),IF(IWZ25=\"CPU\",VLOOKUP(IWW25,COMPOSIÇÃO,5,0),VLOOKUP(IWW25,COTAÇÃO,8,0))))","v":"HORA"},0.5,{"$f":"IF(IWZ25=\"SINAPI\",VLOOKUP(IWW25,SINAPI,4,0),IF(IWZ25=\"SETOP\",VLOOKUP(IWW25,SETOP,5,0),IF(IWZ25=\"CPU\",VLOOKUP(IWW25,COMPOSIÇÃO,8,0),VLOOKUP(IWW25,COTAÇÃO,11,0))))","v":19.149999999999999},{"$f":"IXB25*IXC25","v":9.5749999999999993},"ED-50374",{"$f":"IF(IXH25=\"SINAPI\",VLOOKUP(IXE25,SINAPI,2,0),IF(IXH25=\"SETOP\",VLOOKUP(IXE25,SETOP,3,0),IF(IXH25=\"CPU\",VLOOKUP(IXE25,COMPOSIÇÃO,2,0),VLOOKUP(IXE25,COTAÇÃO,3,0))))","v":"BOMBEIRO/ENCANADOR COM ENCARGOS COMPLEMENTARES"},null,"SETOP",{"$f":"IF(IXH25=\"SINAPI\",VLOOKUP(IXE25,SINAPI,3,0),IF(IXH25=\"SETOP\",VLOOKUP(IXE25,SETOP,4,0),IF(IXH25=\"CPU\",VLOOKUP(IXE25,COMPOSIÇÃO,5,0),VLOOKUP(IXE25,COTAÇÃO,8,0))))","v":"HORA"},0.5,{"$f":"IF(IXH25=\"SINAPI\",VLOOKUP(IXE25,SINAPI,4,0),IF(IXH25=\"SETOP\",VLOOKUP(IXE25,SETOP,5,0),IF(IXH25=\"CPU\",VLOOKUP(IXE25,COMPOSIÇÃO,8,0),VLOOKUP(IXE25,COTAÇÃO,11,0))))","v":19.149999999999999},{"$f":"IXJ25*IXK25","v":9.5749999999999993},"ED-50374",{"$f":"IF(IXP25=\"SINAPI\",VLOOKUP(IXM25,SINAPI,2,0),IF(IXP25=\"SETOP\",VLOOKUP(IXM25,SETOP,3,0),IF(IXP25=\"CPU\",VLOOKUP(IXM25,COMPOSIÇÃO,2,0),VLOOKUP(IXM25,COTAÇÃO,3,0))))","v":"BOMBEIRO/ENCANADOR COM ENCARGOS COMPLEMENTARES"},null,"SETOP",{"$f":"IF(IXP25=\"SINAPI\",VLOOKUP(IXM25,SINAPI,3,0),IF(IXP25=\"SETOP\",VLOOKUP(IXM25,SETOP,4,0),IF(IXP25=\"CPU\",VLOOKUP(IXM25,COMPOSIÇÃO,5,0),VLOOKUP(IXM25,COTAÇÃO,8,0))))","v":"HORA"},0.5,{"$f":"IF(IXP25=\"SINAPI\",VLOOKUP(IXM25,SINAPI,4,0),IF(IXP25=\"SETOP\",VLOOKUP(IXM25,SETOP,5,0),IF(IXP25=\"CPU\",VLOOKUP(IXM25,COMPOSIÇÃO,8,0),VLOOKUP(IXM25,COTAÇÃO,11,0))))","v":19.149999999999999},{"$f":"IXR25*IXS25","v":9.5749999999999993},"ED-50374",{"$f":"IF(IXX25=\"SINAPI\",VLOOKUP(IXU25,SINAPI,2,0),IF(IXX25=\"SETOP\",VLOOKUP(IXU25,SETOP,3,0),IF(IXX25=\"CPU\",VLOOKUP(IXU25,COMPOSIÇÃO,2,0),VLOOKUP(IXU25,COTAÇÃO,3,0))))","v":"BOMBEIRO/ENCANADOR COM ENCARGOS COMPLEMENTARES"},null,"SETOP",{"$f":"IF(IXX25=\"SINAPI\",VLOOKUP(IXU25,SINAPI,3,0),IF(IXX25=\"SETOP\",VLOOKUP(IXU25,SETOP,4,0),IF(IXX25=\"CPU\",VLOOKUP(IXU25,COMPOSIÇÃO,5,0),VLOOKUP(IXU25,COTAÇÃO,8,0))))","v":"HORA"},0.5,{"$f":"IF(IXX25=\"SINAPI\",VLOOKUP(IXU25,SINAPI,4,0),IF(IXX25=\"SETOP\",VLOOKUP(IXU25,SETOP,5,0),IF(IXX25=\"CPU\",VLOOKUP(IXU25,COMPOSIÇÃO,8,0),VLOOKUP(IXU25,COTAÇÃO,11,0))))","v":19.149999999999999},{"$f":"IXZ25*IYA25","v":9.5749999999999993},"ED-50374",{"$f":"IF(IYF25=\"SINAPI\",VLOOKUP(IYC25,SINAPI,2,0),IF(IYF25=\"SETOP\",VLOOKUP(IYC25,SETOP,3,0),IF(IYF25=\"CPU\",VLOOKUP(IYC25,COMPOSIÇÃO,2,0),VLOOKUP(IYC25,COTAÇÃO,3,0))))","v":"BOMBEIRO/ENCANADOR COM ENCARGOS COMPLEMENTARES"},null,"SETOP",{"$f":"IF(IYF25=\"SINAPI\",VLOOKUP(IYC25,SINAPI,3,0),IF(IYF25=\"SETOP\",VLOOKUP(IYC25,SETOP,4,0),IF(IYF25=\"CPU\",VLOOKUP(IYC25,COMPOSIÇÃO,5,0),VLOOKUP(IYC25,COTAÇÃO,8,0))))","v":"HORA"},0.5,{"$f":"IF(IYF25=\"SINAPI\",VLOOKUP(IYC25,SINAPI,4,0),IF(IYF25=\"SETOP\",VLOOKUP(IYC25,SETOP,5,0),IF(IYF25=\"CPU\",VLOOKUP(IYC25,COMPOSIÇÃO,8,0),VLOOKUP(IYC25,COTAÇÃO,11,0))))","v":19.149999999999999},{"$f":"IYH25*IYI25","v":9.5749999999999993},"ED-50374",{"$f":"IF(IYN25=\"SINAPI\",VLOOKUP(IYK25,SINAPI,2,0),IF(IYN25=\"SETOP\",VLOOKUP(IYK25,SETOP,3,0),IF(IYN25=\"CPU\",VLOOKUP(IYK25,COMPOSIÇÃO,2,0),VLOOKUP(IYK25,COTAÇÃO,3,0))))","v":"BOMBEIRO/ENCANADOR COM ENCARGOS COMPLEMENTARES"},null,"SETOP",{"$f":"IF(IYN25=\"SINAPI\",VLOOKUP(IYK25,SINAPI,3,0),IF(IYN25=\"SETOP\",VLOOKUP(IYK25,SETOP,4,0),IF(IYN25=\"CPU\",VLOOKUP(IYK25,COMPOSIÇÃO,5,0),VLOOKUP(IYK25,COTAÇÃO,8,0))))","v":"HORA"},0.5,{"$f":"IF(IYN25=\"SINAPI\",VLOOKUP(IYK25,SINAPI,4,0),IF(IYN25=\"SETOP\",VLOOKUP(IYK25,SETOP,5,0),IF(IYN25=\"CPU\",VLOOKUP(IYK25,COMPOSIÇÃO,8,0),VLOOKUP(IYK25,COTAÇÃO,11,0))))","v":19.149999999999999},{"$f":"IYP25*IYQ25","v":9.5749999999999993},"ED-50374",{"$f":"IF(IYV25=\"SINAPI\",VLOOKUP(IYS25,SINAPI,2,0),IF(IYV25=\"SETOP\",VLOOKUP(IYS25,SETOP,3,0),IF(IYV25=\"CPU\",VLOOKUP(IYS25,COMPOSIÇÃO,2,0),VLOOKUP(IYS25,COTAÇÃO,3,0))))","v":"BOMBEIRO/ENCANADOR COM ENCARGOS COMPLEMENTARES"},null,"SETOP",{"$f":"IF(IYV25=\"SINAPI\",VLOOKUP(IYS25,SINAPI,3,0),IF(IYV25=\"SETOP\",VLOOKUP(IYS25,SETOP,4,0),IF(IYV25=\"CPU\",VLOOKUP(IYS25,COMPOSIÇÃO,5,0),VLOOKUP(IYS25,COTAÇÃO,8,0))))","v":"HORA"},0.5,{"$f":"IF(IYV25=\"SINAPI\",VLOOKUP(IYS25,SINAPI,4,0),IF(IYV25=\"SETOP\",VLOOKUP(IYS25,SETOP,5,0),IF(IYV25=\"CPU\",VLOOKUP(IYS25,COMPOSIÇÃO,8,0),VLOOKUP(IYS25,COTAÇÃO,11,0))))","v":19.149999999999999},{"$f":"IYX25*IYY25","v":9.5749999999999993},"ED-50374",{"$f":"IF(IZD25=\"SINAPI\",VLOOKUP(IZA25,SINAPI,2,0),IF(IZD25=\"SETOP\",VLOOKUP(IZA25,SETOP,3,0),IF(IZD25=\"CPU\",VLOOKUP(IZA25,COMPOSIÇÃO,2,0),VLOOKUP(IZA25,COTAÇÃO,3,0))))","v":"BOMBEIRO/ENCANADOR COM ENCARGOS COMPLEMENTARES"},null,"SETOP",{"$f":"IF(IZD25=\"SINAPI\",VLOOKUP(IZA25,SINAPI,3,0),IF(IZD25=\"SETOP\",VLOOKUP(IZA25,SETOP,4,0),IF(IZD25=\"CPU\",VLOOKUP(IZA25,COMPOSIÇÃO,5,0),VLOOKUP(IZA25,COTAÇÃO,8,0))))","v":"HORA"},0.5,{"$f":"IF(IZD25=\"SINAPI\",VLOOKUP(IZA25,SINAPI,4,0),IF(IZD25=\"SETOP\",VLOOKUP(IZA25,SETOP,5,0),IF(IZD25=\"CPU\",VLOOKUP(IZA25,COMPOSIÇÃO,8,0),VLOOKUP(IZA25,COTAÇÃO,11,0))))","v":19.149999999999999},{"$f":"IZF25*IZG25","v":9.5749999999999993},"ED-50374",{"$f":"IF(IZL25=\"SINAPI\",VLOOKUP(IZI25,SINAPI,2,0),IF(IZL25=\"SETOP\",VLOOKUP(IZI25,SETOP,3,0),IF(IZL25=\"CPU\",VLOOKUP(IZI25,COMPOSIÇÃO,2,0),VLOOKUP(IZI25,COTAÇÃO,3,0))))","v":"BOMBEIRO/ENCANADOR COM ENCARGOS COMPLEMENTARES"},null,"SETOP",{"$f":"IF(IZL25=\"SINAPI\",VLOOKUP(IZI25,SINAPI,3,0),IF(IZL25=\"SETOP\",VLOOKUP(IZI25,SETOP,4,0),IF(IZL25=\"CPU\",VLOOKUP(IZI25,COMPOSIÇÃO,5,0),VLOOKUP(IZI25,COTAÇÃO,8,0))))","v":"HORA"},0.5,{"$f":"IF(IZL25=\"SINAPI\",VLOOKUP(IZI25,SINAPI,4,0),IF(IZL25=\"SETOP\",VLOOKUP(IZI25,SETOP,5,0),IF(IZL25=\"CPU\",VLOOKUP(IZI25,COMPOSIÇÃO,8,0),VLOOKUP(IZI25,COTAÇÃO,11,0))))","v":19.149999999999999},{"$f":"IZN25*IZO25","v":9.5749999999999993},"ED-50374",{"$f":"IF(IZT25=\"SINAPI\",VLOOKUP(IZQ25,SINAPI,2,0),IF(IZT25=\"SETOP\",VLOOKUP(IZQ25,SETOP,3,0),IF(IZT25=\"CPU\",VLOOKUP(IZQ25,COMPOSIÇÃO,2,0),VLOOKUP(IZQ25,COTAÇÃO,3,0))))","v":"BOMBEIRO/ENCANADOR COM ENCARGOS COMPLEMENTARES"},null,"SETOP",{"$f":"IF(IZT25=\"SINAPI\",VLOOKUP(IZQ25,SINAPI,3,0),IF(IZT25=\"SETOP\",VLOOKUP(IZQ25,SETOP,4,0),IF(IZT25=\"CPU\",VLOOKUP(IZQ25,COMPOSIÇÃO,5,0),VLOOKUP(IZQ25,COTAÇÃO,8,0))))","v":"HORA"},0.5,{"$f":"IF(IZT25=\"SINAPI\",VLOOKUP(IZQ25,SINAPI,4,0),IF(IZT25=\"SETOP\",VLOOKUP(IZQ25,SETOP,5,0),IF(IZT25=\"CPU\",VLOOKUP(IZQ25,COMPOSIÇÃO,8,0),VLOOKUP(IZQ25,COTAÇÃO,11,0))))","v":19.149999999999999},{"$f":"IZV25*IZW25","v":9.5749999999999993},"ED-50374",{"$f":"IF(JAB25=\"SINAPI\",VLOOKUP(IZY25,SINAPI,2,0),IF(JAB25=\"SETOP\",VLOOKUP(IZY25,SETOP,3,0),IF(JAB25=\"CPU\",VLOOKUP(IZY25,COMPOSIÇÃO,2,0),VLOOKUP(IZY25,COTAÇÃO,3,0))))","v":"BOMBEIRO/ENCANADOR COM ENCARGOS COMPLEMENTARES"},null,"SETOP",{"$f":"IF(JAB25=\"SINAPI\",VLOOKUP(IZY25,SINAPI,3,0),IF(JAB25=\"SETOP\",VLOOKUP(IZY25,SETOP,4,0),IF(JAB25=\"CPU\",VLOOKUP(IZY25,COMPOSIÇÃO,5,0),VLOOKUP(IZY25,COTAÇÃO,8,0))))","v":"HORA"},0.5,{"$f":"IF(JAB25=\"SINAPI\",VLOOKUP(IZY25,SINAPI,4,0),IF(JAB25=\"SETOP\",VLOOKUP(IZY25,SETOP,5,0),IF(JAB25=\"CPU\",VLOOKUP(IZY25,COMPOSIÇÃO,8,0),VLOOKUP(IZY25,COTAÇÃO,11,0))))","v":19.149999999999999},{"$f":"JAD25*JAE25","v":9.5749999999999993},"ED-50374",{"$f":"IF(JAJ25=\"SINAPI\",VLOOKUP(JAG25,SINAPI,2,0),IF(JAJ25=\"SETOP\",VLOOKUP(JAG25,SETOP,3,0),IF(JAJ25=\"CPU\",VLOOKUP(JAG25,COMPOSIÇÃO,2,0),VLOOKUP(JAG25,COTAÇÃO,3,0))))","v":"BOMBEIRO/ENCANADOR COM ENCARGOS COMPLEMENTARES"},null,"SETOP",{"$f":"IF(JAJ25=\"SINAPI\",VLOOKUP(JAG25,SINAPI,3,0),IF(JAJ25=\"SETOP\",VLOOKUP(JAG25,SETOP,4,0),IF(JAJ25=\"CPU\",VLOOKUP(JAG25,COMPOSIÇÃO,5,0),VLOOKUP(JAG25,COTAÇÃO,8,0))))","v":"HORA"},0.5,{"$f":"IF(JAJ25=\"SINAPI\",VLOOKUP(JAG25,SINAPI,4,0),IF(JAJ25=\"SETOP\",VLOOKUP(JAG25,SETOP,5,0),IF(JAJ25=\"CPU\",VLOOKUP(JAG25,COMPOSIÇÃO,8,0),VLOOKUP(JAG25,COTAÇÃO,11,0))))","v":19.149999999999999},{"$f":"JAL25*JAM25","v":9.5749999999999993},"ED-50374",{"$f":"IF(JAR25=\"SINAPI\",VLOOKUP(JAO25,SINAPI,2,0),IF(JAR25=\"SETOP\",VLOOKUP(JAO25,SETOP,3,0),IF(JAR25=\"CPU\",VLOOKUP(JAO25,COMPOSIÇÃO,2,0),VLOOKUP(JAO25,COTAÇÃO,3,0))))","v":"BOMBEIRO/ENCANADOR COM ENCARGOS COMPLEMENTARES"},null,"SETOP",{"$f":"IF(JAR25=\"SINAPI\",VLOOKUP(JAO25,SINAPI,3,0),IF(JAR25=\"SETOP\",VLOOKUP(JAO25,SETOP,4,0),IF(JAR25=\"CPU\",VLOOKUP(JAO25,COMPOSIÇÃO,5,0),VLOOKUP(JAO25,COTAÇÃO,8,0))))","v":"HORA"},0.5,{"$f":"IF(JAR25=\"SINAPI\",VLOOKUP(JAO25,SINAPI,4,0),IF(JAR25=\"SETOP\",VLOOKUP(JAO25,SETOP,5,0),IF(JAR25=\"CPU\",VLOOKUP(JAO25,COMPOSIÇÃO,8,0),VLOOKUP(JAO25,COTAÇÃO,11,0))))","v":19.149999999999999},{"$f":"JAT25*JAU25","v":9.5749999999999993},"ED-50374",{"$f":"IF(JAZ25=\"SINAPI\",VLOOKUP(JAW25,SINAPI,2,0),IF(JAZ25=\"SETOP\",VLOOKUP(JAW25,SETOP,3,0),IF(JAZ25=\"CPU\",VLOOKUP(JAW25,COMPOSIÇÃO,2,0),VLOOKUP(JAW25,COTAÇÃO,3,0))))","v":"BOMBEIRO/ENCANADOR COM ENCARGOS COMPLEMENTARES"},null,"SETOP",{"$f":"IF(JAZ25=\"SINAPI\",VLOOKUP(JAW25,SINAPI,3,0),IF(JAZ25=\"SETOP\",VLOOKUP(JAW25,SETOP,4,0),IF(JAZ25=\"CPU\",VLOOKUP(JAW25,COMPOSIÇÃO,5,0),VLOOKUP(JAW25,COTAÇÃO,8,0))))","v":"HORA"},0.5,{"$f":"IF(JAZ25=\"SINAPI\",VLOOKUP(JAW25,SINAPI,4,0),IF(JAZ25=\"SETOP\",VLOOKUP(JAW25,SETOP,5,0),IF(JAZ25=\"CPU\",VLOOKUP(JAW25,COMPOSIÇÃO,8,0),VLOOKUP(JAW25,COTAÇÃO,11,0))))","v":19.149999999999999},{"$f":"JBB25*JBC25","v":9.5749999999999993},"ED-50374",{"$f":"IF(JBH25=\"SINAPI\",VLOOKUP(JBE25,SINAPI,2,0),IF(JBH25=\"SETOP\",VLOOKUP(JBE25,SETOP,3,0),IF(JBH25=\"CPU\",VLOOKUP(JBE25,COMPOSIÇÃO,2,0),VLOOKUP(JBE25,COTAÇÃO,3,0))))","v":"BOMBEIRO/ENCANADOR COM ENCARGOS COMPLEMENTARES"},null,"SETOP",{"$f":"IF(JBH25=\"SINAPI\",VLOOKUP(JBE25,SINAPI,3,0),IF(JBH25=\"SETOP\",VLOOKUP(JBE25,SETOP,4,0),IF(JBH25=\"CPU\",VLOOKUP(JBE25,COMPOSIÇÃO,5,0),VLOOKUP(JBE25,COTAÇÃO,8,0))))","v":"HORA"},0.5,{"$f":"IF(JBH25=\"SINAPI\",VLOOKUP(JBE25,SINAPI,4,0),IF(JBH25=\"SETOP\",VLOOKUP(JBE25,SETOP,5,0),IF(JBH25=\"CPU\",VLOOKUP(JBE25,COMPOSIÇÃO,8,0),VLOOKUP(JBE25,COTAÇÃO,11,0))))","v":19.149999999999999},{"$f":"JBJ25*JBK25","v":9.5749999999999993},"ED-50374",{"$f":"IF(JBP25=\"SINAPI\",VLOOKUP(JBM25,SINAPI,2,0),IF(JBP25=\"SETOP\",VLOOKUP(JBM25,SETOP,3,0),IF(JBP25=\"CPU\",VLOOKUP(JBM25,COMPOSIÇÃO,2,0),VLOOKUP(JBM25,COTAÇÃO,3,0))))","v":"BOMBEIRO/ENCANADOR COM ENCARGOS COMPLEMENTARES"},null,"SETOP",{"$f":"IF(JBP25=\"SINAPI\",VLOOKUP(JBM25,SINAPI,3,0),IF(JBP25=\"SETOP\",VLOOKUP(JBM25,SETOP,4,0),IF(JBP25=\"CPU\",VLOOKUP(JBM25,COMPOSIÇÃO,5,0),VLOOKUP(JBM25,COTAÇÃO,8,0))))","v":"HORA"},0.5,{"$f":"IF(JBP25=\"SINAPI\",VLOOKUP(JBM25,SINAPI,4,0),IF(JBP25=\"SETOP\",VLOOKUP(JBM25,SETOP,5,0),IF(JBP25=\"CPU\",VLOOKUP(JBM25,COMPOSIÇÃO,8,0),VLOOKUP(JBM25,COTAÇÃO,11,0))))","v":19.149999999999999},{"$f":"JBR25*JBS25","v":9.5749999999999993},"ED-50374",{"$f":"IF(JBX25=\"SINAPI\",VLOOKUP(JBU25,SINAPI,2,0),IF(JBX25=\"SETOP\",VLOOKUP(JBU25,SETOP,3,0),IF(JBX25=\"CPU\",VLOOKUP(JBU25,COMPOSIÇÃO,2,0),VLOOKUP(JBU25,COTAÇÃO,3,0))))","v":"BOMBEIRO/ENCANADOR COM ENCARGOS COMPLEMENTARES"},null,"SETOP",{"$f":"IF(JBX25=\"SINAPI\",VLOOKUP(JBU25,SINAPI,3,0),IF(JBX25=\"SETOP\",VLOOKUP(JBU25,SETOP,4,0),IF(JBX25=\"CPU\",VLOOKUP(JBU25,COMPOSIÇÃO,5,0),VLOOKUP(JBU25,COTAÇÃO,8,0))))","v":"HORA"},0.5,{"$f":"IF(JBX25=\"SINAPI\",VLOOKUP(JBU25,SINAPI,4,0),IF(JBX25=\"SETOP\",VLOOKUP(JBU25,SETOP,5,0),IF(JBX25=\"CPU\",VLOOKUP(JBU25,COMPOSIÇÃO,8,0),VLOOKUP(JBU25,COTAÇÃO,11,0))))","v":19.149999999999999},{"$f":"JBZ25*JCA25","v":9.5749999999999993},"ED-50374",{"$f":"IF(JCF25=\"SINAPI\",VLOOKUP(JCC25,SINAPI,2,0),IF(JCF25=\"SETOP\",VLOOKUP(JCC25,SETOP,3,0),IF(JCF25=\"CPU\",VLOOKUP(JCC25,COMPOSIÇÃO,2,0),VLOOKUP(JCC25,COTAÇÃO,3,0))))","v":"BOMBEIRO/ENCANADOR COM ENCARGOS COMPLEMENTARES"},null,"SETOP",{"$f":"IF(JCF25=\"SINAPI\",VLOOKUP(JCC25,SINAPI,3,0),IF(JCF25=\"SETOP\",VLOOKUP(JCC25,SETOP,4,0),IF(JCF25=\"CPU\",VLOOKUP(JCC25,COMPOSIÇÃO,5,0),VLOOKUP(JCC25,COTAÇÃO,8,0))))","v":"HORA"},0.5,{"$f":"IF(JCF25=\"SINAPI\",VLOOKUP(JCC25,SINAPI,4,0),IF(JCF25=\"SETOP\",VLOOKUP(JCC25,SETOP,5,0),IF(JCF25=\"CPU\",VLOOKUP(JCC25,COMPOSIÇÃO,8,0),VLOOKUP(JCC25,COTAÇÃO,11,0))))","v":19.149999999999999},{"$f":"JCH25*JCI25","v":9.5749999999999993},"ED-50374",{"$f":"IF(JCN25=\"SINAPI\",VLOOKUP(JCK25,SINAPI,2,0),IF(JCN25=\"SETOP\",VLOOKUP(JCK25,SETOP,3,0),IF(JCN25=\"CPU\",VLOOKUP(JCK25,COMPOSIÇÃO,2,0),VLOOKUP(JCK25,COTAÇÃO,3,0))))","v":"BOMBEIRO/ENCANADOR COM ENCARGOS COMPLEMENTARES"},null,"SETOP",{"$f":"IF(JCN25=\"SINAPI\",VLOOKUP(JCK25,SINAPI,3,0),IF(JCN25=\"SETOP\",VLOOKUP(JCK25,SETOP,4,0),IF(JCN25=\"CPU\",VLOOKUP(JCK25,COMPOSIÇÃO,5,0),VLOOKUP(JCK25,COTAÇÃO,8,0))))","v":"HORA"},0.5,{"$f":"IF(JCN25=\"SINAPI\",VLOOKUP(JCK25,SINAPI,4,0),IF(JCN25=\"SETOP\",VLOOKUP(JCK25,SETOP,5,0),IF(JCN25=\"CPU\",VLOOKUP(JCK25,COMPOSIÇÃO,8,0),VLOOKUP(JCK25,COTAÇÃO,11,0))))","v":19.149999999999999},{"$f":"JCP25*JCQ25","v":9.5749999999999993},"ED-50374",{"$f":"IF(JCV25=\"SINAPI\",VLOOKUP(JCS25,SINAPI,2,0),IF(JCV25=\"SETOP\",VLOOKUP(JCS25,SETOP,3,0),IF(JCV25=\"CPU\",VLOOKUP(JCS25,COMPOSIÇÃO,2,0),VLOOKUP(JCS25,COTAÇÃO,3,0))))","v":"BOMBEIRO/ENCANADOR COM ENCARGOS COMPLEMENTARES"},null,"SETOP",{"$f":"IF(JCV25=\"SINAPI\",VLOOKUP(JCS25,SINAPI,3,0),IF(JCV25=\"SETOP\",VLOOKUP(JCS25,SETOP,4,0),IF(JCV25=\"CPU\",VLOOKUP(JCS25,COMPOSIÇÃO,5,0),VLOOKUP(JCS25,COTAÇÃO,8,0))))","v":"HORA"},0.5,{"$f":"IF(JCV25=\"SINAPI\",VLOOKUP(JCS25,SINAPI,4,0),IF(JCV25=\"SETOP\",VLOOKUP(JCS25,SETOP,5,0),IF(JCV25=\"CPU\",VLOOKUP(JCS25,COMPOSIÇÃO,8,0),VLOOKUP(JCS25,COTAÇÃO,11,0))))","v":19.149999999999999},{"$f":"JCX25*JCY25","v":9.5749999999999993},"ED-50374",{"$f":"IF(JDD25=\"SINAPI\",VLOOKUP(JDA25,SINAPI,2,0),IF(JDD25=\"SETOP\",VLOOKUP(JDA25,SETOP,3,0),IF(JDD25=\"CPU\",VLOOKUP(JDA25,COMPOSIÇÃO,2,0),VLOOKUP(JDA25,COTAÇÃO,3,0))))","v":"BOMBEIRO/ENCANADOR COM ENCARGOS COMPLEMENTARES"},null,"SETOP",{"$f":"IF(JDD25=\"SINAPI\",VLOOKUP(JDA25,SINAPI,3,0),IF(JDD25=\"SETOP\",VLOOKUP(JDA25,SETOP,4,0),IF(JDD25=\"CPU\",VLOOKUP(JDA25,COMPOSIÇÃO,5,0),VLOOKUP(JDA25,COTAÇÃO,8,0))))","v":"HORA"},0.5,{"$f":"IF(JDD25=\"SINAPI\",VLOOKUP(JDA25,SINAPI,4,0),IF(JDD25=\"SETOP\",VLOOKUP(JDA25,SETOP,5,0),IF(JDD25=\"CPU\",VLOOKUP(JDA25,COMPOSIÇÃO,8,0),VLOOKUP(JDA25,COTAÇÃO,11,0))))","v":19.149999999999999},{"$f":"JDF25*JDG25","v":9.5749999999999993},"ED-50374",{"$f":"IF(JDL25=\"SINAPI\",VLOOKUP(JDI25,SINAPI,2,0),IF(JDL25=\"SETOP\",VLOOKUP(JDI25,SETOP,3,0),IF(JDL25=\"CPU\",VLOOKUP(JDI25,COMPOSIÇÃO,2,0),VLOOKUP(JDI25,COTAÇÃO,3,0))))","v":"BOMBEIRO/ENCANADOR COM ENCARGOS COMPLEMENTARES"},null,"SETOP",{"$f":"IF(JDL25=\"SINAPI\",VLOOKUP(JDI25,SINAPI,3,0),IF(JDL25=\"SETOP\",VLOOKUP(JDI25,SETOP,4,0),IF(JDL25=\"CPU\",VLOOKUP(JDI25,COMPOSIÇÃO,5,0),VLOOKUP(JDI25,COTAÇÃO,8,0))))","v":"HORA"},0.5,{"$f":"IF(JDL25=\"SINAPI\",VLOOKUP(JDI25,SINAPI,4,0),IF(JDL25=\"SETOP\",VLOOKUP(JDI25,SETOP,5,0),IF(JDL25=\"CPU\",VLOOKUP(JDI25,COMPOSIÇÃO,8,0),VLOOKUP(JDI25,COTAÇÃO,11,0))))","v":19.149999999999999},{"$f":"JDN25*JDO25","v":9.5749999999999993},"ED-50374",{"$f":"IF(JDT25=\"SINAPI\",VLOOKUP(JDQ25,SINAPI,2,0),IF(JDT25=\"SETOP\",VLOOKUP(JDQ25,SETOP,3,0),IF(JDT25=\"CPU\",VLOOKUP(JDQ25,COMPOSIÇÃO,2,0),VLOOKUP(JDQ25,COTAÇÃO,3,0))))","v":"BOMBEIRO/ENCANADOR COM ENCARGOS COMPLEMENTARES"},null,"SETOP",{"$f":"IF(JDT25=\"SINAPI\",VLOOKUP(JDQ25,SINAPI,3,0),IF(JDT25=\"SETOP\",VLOOKUP(JDQ25,SETOP,4,0),IF(JDT25=\"CPU\",VLOOKUP(JDQ25,COMPOSIÇÃO,5,0),VLOOKUP(JDQ25,COTAÇÃO,8,0))))","v":"HORA"},0.5,{"$f":"IF(JDT25=\"SINAPI\",VLOOKUP(JDQ25,SINAPI,4,0),IF(JDT25=\"SETOP\",VLOOKUP(JDQ25,SETOP,5,0),IF(JDT25=\"CPU\",VLOOKUP(JDQ25,COMPOSIÇÃO,8,0),VLOOKUP(JDQ25,COTAÇÃO,11,0))))","v":19.149999999999999},{"$f":"JDV25*JDW25","v":9.5749999999999993},"ED-50374",{"$f":"IF(JEB25=\"SINAPI\",VLOOKUP(JDY25,SINAPI,2,0),IF(JEB25=\"SETOP\",VLOOKUP(JDY25,SETOP,3,0),IF(JEB25=\"CPU\",VLOOKUP(JDY25,COMPOSIÇÃO,2,0),VLOOKUP(JDY25,COTAÇÃO,3,0))))","v":"BOMBEIRO/ENCANADOR COM ENCARGOS COMPLEMENTARES"},null,"SETOP",{"$f":"IF(JEB25=\"SINAPI\",VLOOKUP(JDY25,SINAPI,3,0),IF(JEB25=\"SETOP\",VLOOKUP(JDY25,SETOP,4,0),IF(JEB25=\"CPU\",VLOOKUP(JDY25,COMPOSIÇÃO,5,0),VLOOKUP(JDY25,COTAÇÃO,8,0))))","v":"HORA"},0.5,{"$f":"IF(JEB25=\"SINAPI\",VLOOKUP(JDY25,SINAPI,4,0),IF(JEB25=\"SETOP\",VLOOKUP(JDY25,SETOP,5,0),IF(JEB25=\"CPU\",VLOOKUP(JDY25,COMPOSIÇÃO,8,0),VLOOKUP(JDY25,COTAÇÃO,11,0))))","v":19.149999999999999},{"$f":"JED25*JEE25","v":9.5749999999999993},"ED-50374",{"$f":"IF(JEJ25=\"SINAPI\",VLOOKUP(JEG25,SINAPI,2,0),IF(JEJ25=\"SETOP\",VLOOKUP(JEG25,SETOP,3,0),IF(JEJ25=\"CPU\",VLOOKUP(JEG25,COMPOSIÇÃO,2,0),VLOOKUP(JEG25,COTAÇÃO,3,0))))","v":"BOMBEIRO/ENCANADOR COM ENCARGOS COMPLEMENTARES"},null,"SETOP",{"$f":"IF(JEJ25=\"SINAPI\",VLOOKUP(JEG25,SINAPI,3,0),IF(JEJ25=\"SETOP\",VLOOKUP(JEG25,SETOP,4,0),IF(JEJ25=\"CPU\",VLOOKUP(JEG25,COMPOSIÇÃO,5,0),VLOOKUP(JEG25,COTAÇÃO,8,0))))","v":"HORA"},0.5,{"$f":"IF(JEJ25=\"SINAPI\",VLOOKUP(JEG25,SINAPI,4,0),IF(JEJ25=\"SETOP\",VLOOKUP(JEG25,SETOP,5,0),IF(JEJ25=\"CPU\",VLOOKUP(JEG25,COMPOSIÇÃO,8,0),VLOOKUP(JEG25,COTAÇÃO,11,0))))","v":19.149999999999999},{"$f":"JEL25*JEM25","v":9.5749999999999993},"ED-50374",{"$f":"IF(JER25=\"SINAPI\",VLOOKUP(JEO25,SINAPI,2,0),IF(JER25=\"SETOP\",VLOOKUP(JEO25,SETOP,3,0),IF(JER25=\"CPU\",VLOOKUP(JEO25,COMPOSIÇÃO,2,0),VLOOKUP(JEO25,COTAÇÃO,3,0))))","v":"BOMBEIRO/ENCANADOR COM ENCARGOS COMPLEMENTARES"},null,"SETOP",{"$f":"IF(JER25=\"SINAPI\",VLOOKUP(JEO25,SINAPI,3,0),IF(JER25=\"SETOP\",VLOOKUP(JEO25,SETOP,4,0),IF(JER25=\"CPU\",VLOOKUP(JEO25,COMPOSIÇÃO,5,0),VLOOKUP(JEO25,COTAÇÃO,8,0))))","v":"HORA"},0.5,{"$f":"IF(JER25=\"SINAPI\",VLOOKUP(JEO25,SINAPI,4,0),IF(JER25=\"SETOP\",VLOOKUP(JEO25,SETOP,5,0),IF(JER25=\"CPU\",VLOOKUP(JEO25,COMPOSIÇÃO,8,0),VLOOKUP(JEO25,COTAÇÃO,11,0))))","v":19.149999999999999},{"$f":"JET25*JEU25","v":9.5749999999999993},"ED-50374",{"$f":"IF(JEZ25=\"SINAPI\",VLOOKUP(JEW25,SINAPI,2,0),IF(JEZ25=\"SETOP\",VLOOKUP(JEW25,SETOP,3,0),IF(JEZ25=\"CPU\",VLOOKUP(JEW25,COMPOSIÇÃO,2,0),VLOOKUP(JEW25,COTAÇÃO,3,0))))","v":"BOMBEIRO/ENCANADOR COM ENCARGOS COMPLEMENTARES"},null,"SETOP",{"$f":"IF(JEZ25=\"SINAPI\",VLOOKUP(JEW25,SINAPI,3,0),IF(JEZ25=\"SETOP\",VLOOKUP(JEW25,SETOP,4,0),IF(JEZ25=\"CPU\",VLOOKUP(JEW25,COMPOSIÇÃO,5,0),VLOOKUP(JEW25,COTAÇÃO,8,0))))","v":"HORA"},0.5,{"$f":"IF(JEZ25=\"SINAPI\",VLOOKUP(JEW25,SINAPI,4,0),IF(JEZ25=\"SETOP\",VLOOKUP(JEW25,SETOP,5,0),IF(JEZ25=\"CPU\",VLOOKUP(JEW25,COMPOSIÇÃO,8,0),VLOOKUP(JEW25,COTAÇÃO,11,0))))","v":19.149999999999999},{"$f":"JFB25*JFC25","v":9.5749999999999993},"ED-50374",{"$f":"IF(JFH25=\"SINAPI\",VLOOKUP(JFE25,SINAPI,2,0),IF(JFH25=\"SETOP\",VLOOKUP(JFE25,SETOP,3,0),IF(JFH25=\"CPU\",VLOOKUP(JFE25,COMPOSIÇÃO,2,0),VLOOKUP(JFE25,COTAÇÃO,3,0))))","v":"BOMBEIRO/ENCANADOR COM ENCARGOS COMPLEMENTARES"},null,"SETOP",{"$f":"IF(JFH25=\"SINAPI\",VLOOKUP(JFE25,SINAPI,3,0),IF(JFH25=\"SETOP\",VLOOKUP(JFE25,SETOP,4,0),IF(JFH25=\"CPU\",VLOOKUP(JFE25,COMPOSIÇÃO,5,0),VLOOKUP(JFE25,COTAÇÃO,8,0))))","v":"HORA"},0.5,{"$f":"IF(JFH25=\"SINAPI\",VLOOKUP(JFE25,SINAPI,4,0),IF(JFH25=\"SETOP\",VLOOKUP(JFE25,SETOP,5,0),IF(JFH25=\"CPU\",VLOOKUP(JFE25,COMPOSIÇÃO,8,0),VLOOKUP(JFE25,COTAÇÃO,11,0))))","v":19.149999999999999},{"$f":"JFJ25*JFK25","v":9.5749999999999993},"ED-50374",{"$f":"IF(JFP25=\"SINAPI\",VLOOKUP(JFM25,SINAPI,2,0),IF(JFP25=\"SETOP\",VLOOKUP(JFM25,SETOP,3,0),IF(JFP25=\"CPU\",VLOOKUP(JFM25,COMPOSIÇÃO,2,0),VLOOKUP(JFM25,COTAÇÃO,3,0))))","v":"BOMBEIRO/ENCANADOR COM ENCARGOS COMPLEMENTARES"},null,"SETOP",{"$f":"IF(JFP25=\"SINAPI\",VLOOKUP(JFM25,SINAPI,3,0),IF(JFP25=\"SETOP\",VLOOKUP(JFM25,SETOP,4,0),IF(JFP25=\"CPU\",VLOOKUP(JFM25,COMPOSIÇÃO,5,0),VLOOKUP(JFM25,COTAÇÃO,8,0))))","v":"HORA"},0.5,{"$f":"IF(JFP25=\"SINAPI\",VLOOKUP(JFM25,SINAPI,4,0),IF(JFP25=\"SETOP\",VLOOKUP(JFM25,SETOP,5,0),IF(JFP25=\"CPU\",VLOOKUP(JFM25,COMPOSIÇÃO,8,0),VLOOKUP(JFM25,COTAÇÃO,11,0))))","v":19.149999999999999},{"$f":"JFR25*JFS25","v":9.5749999999999993},"ED-50374",{"$f":"IF(JFX25=\"SINAPI\",VLOOKUP(JFU25,SINAPI,2,0),IF(JFX25=\"SETOP\",VLOOKUP(JFU25,SETOP,3,0),IF(JFX25=\"CPU\",VLOOKUP(JFU25,COMPOSIÇÃO,2,0),VLOOKUP(JFU25,COTAÇÃO,3,0))))","v":"BOMBEIRO/ENCANADOR COM ENCARGOS COMPLEMENTARES"},null,"SETOP",{"$f":"IF(JFX25=\"SINAPI\",VLOOKUP(JFU25,SINAPI,3,0),IF(JFX25=\"SETOP\",VLOOKUP(JFU25,SETOP,4,0),IF(JFX25=\"CPU\",VLOOKUP(JFU25,COMPOSIÇÃO,5,0),VLOOKUP(JFU25,COTAÇÃO,8,0))))","v":"HORA"},0.5,{"$f":"IF(JFX25=\"SINAPI\",VLOOKUP(JFU25,SINAPI,4,0),IF(JFX25=\"SETOP\",VLOOKUP(JFU25,SETOP,5,0),IF(JFX25=\"CPU\",VLOOKUP(JFU25,COMPOSIÇÃO,8,0),VLOOKUP(JFU25,COTAÇÃO,11,0))))","v":19.149999999999999},{"$f":"JFZ25*JGA25","v":9.5749999999999993},"ED-50374",{"$f":"IF(JGF25=\"SINAPI\",VLOOKUP(JGC25,SINAPI,2,0),IF(JGF25=\"SETOP\",VLOOKUP(JGC25,SETOP,3,0),IF(JGF25=\"CPU\",VLOOKUP(JGC25,COMPOSIÇÃO,2,0),VLOOKUP(JGC25,COTAÇÃO,3,0))))","v":"BOMBEIRO/ENCANADOR COM ENCARGOS COMPLEMENTARES"},null,"SETOP",{"$f":"IF(JGF25=\"SINAPI\",VLOOKUP(JGC25,SINAPI,3,0),IF(JGF25=\"SETOP\",VLOOKUP(JGC25,SETOP,4,0),IF(JGF25=\"CPU\",VLOOKUP(JGC25,COMPOSIÇÃO,5,0),VLOOKUP(JGC25,COTAÇÃO,8,0))))","v":"HORA"},0.5,{"$f":"IF(JGF25=\"SINAPI\",VLOOKUP(JGC25,SINAPI,4,0),IF(JGF25=\"SETOP\",VLOOKUP(JGC25,SETOP,5,0),IF(JGF25=\"CPU\",VLOOKUP(JGC25,COMPOSIÇÃO,8,0),VLOOKUP(JGC25,COTAÇÃO,11,0))))","v":19.149999999999999},{"$f":"JGH25*JGI25","v":9.5749999999999993},"ED-50374",{"$f":"IF(JGN25=\"SINAPI\",VLOOKUP(JGK25,SINAPI,2,0),IF(JGN25=\"SETOP\",VLOOKUP(JGK25,SETOP,3,0),IF(JGN25=\"CPU\",VLOOKUP(JGK25,COMPOSIÇÃO,2,0),VLOOKUP(JGK25,COTAÇÃO,3,0))))","v":"BOMBEIRO/ENCANADOR COM ENCARGOS COMPLEMENTARES"},null,"SETOP",{"$f":"IF(JGN25=\"SINAPI\",VLOOKUP(JGK25,SINAPI,3,0),IF(JGN25=\"SETOP\",VLOOKUP(JGK25,SETOP,4,0),IF(JGN25=\"CPU\",VLOOKUP(JGK25,COMPOSIÇÃO,5,0),VLOOKUP(JGK25,COTAÇÃO,8,0))))","v":"HORA"},0.5,{"$f":"IF(JGN25=\"SINAPI\",VLOOKUP(JGK25,SINAPI,4,0),IF(JGN25=\"SETOP\",VLOOKUP(JGK25,SETOP,5,0),IF(JGN25=\"CPU\",VLOOKUP(JGK25,COMPOSIÇÃO,8,0),VLOOKUP(JGK25,COTAÇÃO,11,0))))","v":19.149999999999999},{"$f":"JGP25*JGQ25","v":9.5749999999999993},"ED-50374",{"$f":"IF(JGV25=\"SINAPI\",VLOOKUP(JGS25,SINAPI,2,0),IF(JGV25=\"SETOP\",VLOOKUP(JGS25,SETOP,3,0),IF(JGV25=\"CPU\",VLOOKUP(JGS25,COMPOSIÇÃO,2,0),VLOOKUP(JGS25,COTAÇÃO,3,0))))","v":"BOMBEIRO/ENCANADOR COM ENCARGOS COMPLEMENTARES"},null,"SETOP",{"$f":"IF(JGV25=\"SINAPI\",VLOOKUP(JGS25,SINAPI,3,0),IF(JGV25=\"SETOP\",VLOOKUP(JGS25,SETOP,4,0),IF(JGV25=\"CPU\",VLOOKUP(JGS25,COMPOSIÇÃO,5,0),VLOOKUP(JGS25,COTAÇÃO,8,0))))","v":"HORA"},0.5,{"$f":"IF(JGV25=\"SINAPI\",VLOOKUP(JGS25,SINAPI,4,0),IF(JGV25=\"SETOP\",VLOOKUP(JGS25,SETOP,5,0),IF(JGV25=\"CPU\",VLOOKUP(JGS25,COMPOSIÇÃO,8,0),VLOOKUP(JGS25,COTAÇÃO,11,0))))","v":19.149999999999999},{"$f":"JGX25*JGY25","v":9.5749999999999993},"ED-50374",{"$f":"IF(JHD25=\"SINAPI\",VLOOKUP(JHA25,SINAPI,2,0),IF(JHD25=\"SETOP\",VLOOKUP(JHA25,SETOP,3,0),IF(JHD25=\"CPU\",VLOOKUP(JHA25,COMPOSIÇÃO,2,0),VLOOKUP(JHA25,COTAÇÃO,3,0))))","v":"BOMBEIRO/ENCANADOR COM ENCARGOS COMPLEMENTARES"},null,"SETOP",{"$f":"IF(JHD25=\"SINAPI\",VLOOKUP(JHA25,SINAPI,3,0),IF(JHD25=\"SETOP\",VLOOKUP(JHA25,SETOP,4,0),IF(JHD25=\"CPU\",VLOOKUP(JHA25,COMPOSIÇÃO,5,0),VLOOKUP(JHA25,COTAÇÃO,8,0))))","v":"HORA"},0.5,{"$f":"IF(JHD25=\"SINAPI\",VLOOKUP(JHA25,SINAPI,4,0),IF(JHD25=\"SETOP\",VLOOKUP(JHA25,SETOP,5,0),IF(JHD25=\"CPU\",VLOOKUP(JHA25,COMPOSIÇÃO,8,0),VLOOKUP(JHA25,COTAÇÃO,11,0))))","v":19.149999999999999},{"$f":"JHF25*JHG25","v":9.5749999999999993},"ED-50374",{"$f":"IF(JHL25=\"SINAPI\",VLOOKUP(JHI25,SINAPI,2,0),IF(JHL25=\"SETOP\",VLOOKUP(JHI25,SETOP,3,0),IF(JHL25=\"CPU\",VLOOKUP(JHI25,COMPOSIÇÃO,2,0),VLOOKUP(JHI25,COTAÇÃO,3,0))))","v":"BOMBEIRO/ENCANADOR COM ENCARGOS COMPLEMENTARES"},null,"SETOP",{"$f":"IF(JHL25=\"SINAPI\",VLOOKUP(JHI25,SINAPI,3,0),IF(JHL25=\"SETOP\",VLOOKUP(JHI25,SETOP,4,0),IF(JHL25=\"CPU\",VLOOKUP(JHI25,COMPOSIÇÃO,5,0),VLOOKUP(JHI25,COTAÇÃO,8,0))))","v":"HORA"},0.5,{"$f":"IF(JHL25=\"SINAPI\",VLOOKUP(JHI25,SINAPI,4,0),IF(JHL25=\"SETOP\",VLOOKUP(JHI25,SETOP,5,0),IF(JHL25=\"CPU\",VLOOKUP(JHI25,COMPOSIÇÃO,8,0),VLOOKUP(JHI25,COTAÇÃO,11,0))))","v":19.149999999999999},{"$f":"JHN25*JHO25","v":9.5749999999999993},"ED-50374",{"$f":"IF(JHT25=\"SINAPI\",VLOOKUP(JHQ25,SINAPI,2,0),IF(JHT25=\"SETOP\",VLOOKUP(JHQ25,SETOP,3,0),IF(JHT25=\"CPU\",VLOOKUP(JHQ25,COMPOSIÇÃO,2,0),VLOOKUP(JHQ25,COTAÇÃO,3,0))))","v":"BOMBEIRO/ENCANADOR COM ENCARGOS COMPLEMENTARES"},null,"SETOP",{"$f":"IF(JHT25=\"SINAPI\",VLOOKUP(JHQ25,SINAPI,3,0),IF(JHT25=\"SETOP\",VLOOKUP(JHQ25,SETOP,4,0),IF(JHT25=\"CPU\",VLOOKUP(JHQ25,COMPOSIÇÃO,5,0),VLOOKUP(JHQ25,COTAÇÃO,8,0))))","v":"HORA"},0.5,{"$f":"IF(JHT25=\"SINAPI\",VLOOKUP(JHQ25,SINAPI,4,0),IF(JHT25=\"SETOP\",VLOOKUP(JHQ25,SETOP,5,0),IF(JHT25=\"CPU\",VLOOKUP(JHQ25,COMPOSIÇÃO,8,0),VLOOKUP(JHQ25,COTAÇÃO,11,0))))","v":19.149999999999999},{"$f":"JHV25*JHW25","v":9.5749999999999993},"ED-50374",{"$f":"IF(JIB25=\"SINAPI\",VLOOKUP(JHY25,SINAPI,2,0),IF(JIB25=\"SETOP\",VLOOKUP(JHY25,SETOP,3,0),IF(JIB25=\"CPU\",VLOOKUP(JHY25,COMPOSIÇÃO,2,0),VLOOKUP(JHY25,COTAÇÃO,3,0))))","v":"BOMBEIRO/ENCANADOR COM ENCARGOS COMPLEMENTARES"},null,"SETOP",{"$f":"IF(JIB25=\"SINAPI\",VLOOKUP(JHY25,SINAPI,3,0),IF(JIB25=\"SETOP\",VLOOKUP(JHY25,SETOP,4,0),IF(JIB25=\"CPU\",VLOOKUP(JHY25,COMPOSIÇÃO,5,0),VLOOKUP(JHY25,COTAÇÃO,8,0))))","v":"HORA"},0.5,{"$f":"IF(JIB25=\"SINAPI\",VLOOKUP(JHY25,SINAPI,4,0),IF(JIB25=\"SETOP\",VLOOKUP(JHY25,SETOP,5,0),IF(JIB25=\"CPU\",VLOOKUP(JHY25,COMPOSIÇÃO,8,0),VLOOKUP(JHY25,COTAÇÃO,11,0))))","v":19.149999999999999},{"$f":"JID25*JIE25","v":9.5749999999999993},"ED-50374",{"$f":"IF(JIJ25=\"SINAPI\",VLOOKUP(JIG25,SINAPI,2,0),IF(JIJ25=\"SETOP\",VLOOKUP(JIG25,SETOP,3,0),IF(JIJ25=\"CPU\",VLOOKUP(JIG25,COMPOSIÇÃO,2,0),VLOOKUP(JIG25,COTAÇÃO,3,0))))","v":"BOMBEIRO/ENCANADOR COM ENCARGOS COMPLEMENTARES"},null,"SETOP",{"$f":"IF(JIJ25=\"SINAPI\",VLOOKUP(JIG25,SINAPI,3,0),IF(JIJ25=\"SETOP\",VLOOKUP(JIG25,SETOP,4,0),IF(JIJ25=\"CPU\",VLOOKUP(JIG25,COMPOSIÇÃO,5,0),VLOOKUP(JIG25,COTAÇÃO,8,0))))","v":"HORA"},0.5,{"$f":"IF(JIJ25=\"SINAPI\",VLOOKUP(JIG25,SINAPI,4,0),IF(JIJ25=\"SETOP\",VLOOKUP(JIG25,SETOP,5,0),IF(JIJ25=\"CPU\",VLOOKUP(JIG25,COMPOSIÇÃO,8,0),VLOOKUP(JIG25,COTAÇÃO,11,0))))","v":19.149999999999999},{"$f":"JIL25*JIM25","v":9.5749999999999993},"ED-50374",{"$f":"IF(JIR25=\"SINAPI\",VLOOKUP(JIO25,SINAPI,2,0),IF(JIR25=\"SETOP\",VLOOKUP(JIO25,SETOP,3,0),IF(JIR25=\"CPU\",VLOOKUP(JIO25,COMPOSIÇÃO,2,0),VLOOKUP(JIO25,COTAÇÃO,3,0))))","v":"BOMBEIRO/ENCANADOR COM ENCARGOS COMPLEMENTARES"},null,"SETOP",{"$f":"IF(JIR25=\"SINAPI\",VLOOKUP(JIO25,SINAPI,3,0),IF(JIR25=\"SETOP\",VLOOKUP(JIO25,SETOP,4,0),IF(JIR25=\"CPU\",VLOOKUP(JIO25,COMPOSIÇÃO,5,0),VLOOKUP(JIO25,COTAÇÃO,8,0))))","v":"HORA"},0.5,{"$f":"IF(JIR25=\"SINAPI\",VLOOKUP(JIO25,SINAPI,4,0),IF(JIR25=\"SETOP\",VLOOKUP(JIO25,SETOP,5,0),IF(JIR25=\"CPU\",VLOOKUP(JIO25,COMPOSIÇÃO,8,0),VLOOKUP(JIO25,COTAÇÃO,11,0))))","v":19.149999999999999},{"$f":"JIT25*JIU25","v":9.5749999999999993},"ED-50374",{"$f":"IF(JIZ25=\"SINAPI\",VLOOKUP(JIW25,SINAPI,2,0),IF(JIZ25=\"SETOP\",VLOOKUP(JIW25,SETOP,3,0),IF(JIZ25=\"CPU\",VLOOKUP(JIW25,COMPOSIÇÃO,2,0),VLOOKUP(JIW25,COTAÇÃO,3,0))))","v":"BOMBEIRO/ENCANADOR COM ENCARGOS COMPLEMENTARES"},null,"SETOP",{"$f":"IF(JIZ25=\"SINAPI\",VLOOKUP(JIW25,SINAPI,3,0),IF(JIZ25=\"SETOP\",VLOOKUP(JIW25,SETOP,4,0),IF(JIZ25=\"CPU\",VLOOKUP(JIW25,COMPOSIÇÃO,5,0),VLOOKUP(JIW25,COTAÇÃO,8,0))))","v":"HORA"},0.5,{"$f":"IF(JIZ25=\"SINAPI\",VLOOKUP(JIW25,SINAPI,4,0),IF(JIZ25=\"SETOP\",VLOOKUP(JIW25,SETOP,5,0),IF(JIZ25=\"CPU\",VLOOKUP(JIW25,COMPOSIÇÃO,8,0),VLOOKUP(JIW25,COTAÇÃO,11,0))))","v":19.149999999999999},{"$f":"JJB25*JJC25","v":9.5749999999999993},"ED-50374",{"$f":"IF(JJH25=\"SINAPI\",VLOOKUP(JJE25,SINAPI,2,0),IF(JJH25=\"SETOP\",VLOOKUP(JJE25,SETOP,3,0),IF(JJH25=\"CPU\",VLOOKUP(JJE25,COMPOSIÇÃO,2,0),VLOOKUP(JJE25,COTAÇÃO,3,0))))","v":"BOMBEIRO/ENCANADOR COM ENCARGOS COMPLEMENTARES"},null,"SETOP",{"$f":"IF(JJH25=\"SINAPI\",VLOOKUP(JJE25,SINAPI,3,0),IF(JJH25=\"SETOP\",VLOOKUP(JJE25,SETOP,4,0),IF(JJH25=\"CPU\",VLOOKUP(JJE25,COMPOSIÇÃO,5,0),VLOOKUP(JJE25,COTAÇÃO,8,0))))","v":"HORA"},0.5,{"$f":"IF(JJH25=\"SINAPI\",VLOOKUP(JJE25,SINAPI,4,0),IF(JJH25=\"SETOP\",VLOOKUP(JJE25,SETOP,5,0),IF(JJH25=\"CPU\",VLOOKUP(JJE25,COMPOSIÇÃO,8,0),VLOOKUP(JJE25,COTAÇÃO,11,0))))","v":19.149999999999999},{"$f":"JJJ25*JJK25","v":9.5749999999999993},"ED-50374",{"$f":"IF(JJP25=\"SINAPI\",VLOOKUP(JJM25,SINAPI,2,0),IF(JJP25=\"SETOP\",VLOOKUP(JJM25,SETOP,3,0),IF(JJP25=\"CPU\",VLOOKUP(JJM25,COMPOSIÇÃO,2,0),VLOOKUP(JJM25,COTAÇÃO,3,0))))","v":"BOMBEIRO/ENCANADOR COM ENCARGOS COMPLEMENTARES"},null,"SETOP",{"$f":"IF(JJP25=\"SINAPI\",VLOOKUP(JJM25,SINAPI,3,0),IF(JJP25=\"SETOP\",VLOOKUP(JJM25,SETOP,4,0),IF(JJP25=\"CPU\",VLOOKUP(JJM25,COMPOSIÇÃO,5,0),VLOOKUP(JJM25,COTAÇÃO,8,0))))","v":"HORA"},0.5,{"$f":"IF(JJP25=\"SINAPI\",VLOOKUP(JJM25,SINAPI,4,0),IF(JJP25=\"SETOP\",VLOOKUP(JJM25,SETOP,5,0),IF(JJP25=\"CPU\",VLOOKUP(JJM25,COMPOSIÇÃO,8,0),VLOOKUP(JJM25,COTAÇÃO,11,0))))","v":19.149999999999999},{"$f":"JJR25*JJS25","v":9.5749999999999993},"ED-50374",{"$f":"IF(JJX25=\"SINAPI\",VLOOKUP(JJU25,SINAPI,2,0),IF(JJX25=\"SETOP\",VLOOKUP(JJU25,SETOP,3,0),IF(JJX25=\"CPU\",VLOOKUP(JJU25,COMPOSIÇÃO,2,0),VLOOKUP(JJU25,COTAÇÃO,3,0))))","v":"BOMBEIRO/ENCANADOR COM ENCARGOS COMPLEMENTARES"},null,"SETOP",{"$f":"IF(JJX25=\"SINAPI\",VLOOKUP(JJU25,SINAPI,3,0),IF(JJX25=\"SETOP\",VLOOKUP(JJU25,SETOP,4,0),IF(JJX25=\"CPU\",VLOOKUP(JJU25,COMPOSIÇÃO,5,0),VLOOKUP(JJU25,COTAÇÃO,8,0))))","v":"HORA"},0.5,{"$f":"IF(JJX25=\"SINAPI\",VLOOKUP(JJU25,SINAPI,4,0),IF(JJX25=\"SETOP\",VLOOKUP(JJU25,SETOP,5,0),IF(JJX25=\"CPU\",VLOOKUP(JJU25,COMPOSIÇÃO,8,0),VLOOKUP(JJU25,COTAÇÃO,11,0))))","v":19.149999999999999},{"$f":"JJZ25*JKA25","v":9.5749999999999993},"ED-50374",{"$f":"IF(JKF25=\"SINAPI\",VLOOKUP(JKC25,SINAPI,2,0),IF(JKF25=\"SETOP\",VLOOKUP(JKC25,SETOP,3,0),IF(JKF25=\"CPU\",VLOOKUP(JKC25,COMPOSIÇÃO,2,0),VLOOKUP(JKC25,COTAÇÃO,3,0))))","v":"BOMBEIRO/ENCANADOR COM ENCARGOS COMPLEMENTARES"},null,"SETOP",{"$f":"IF(JKF25=\"SINAPI\",VLOOKUP(JKC25,SINAPI,3,0),IF(JKF25=\"SETOP\",VLOOKUP(JKC25,SETOP,4,0),IF(JKF25=\"CPU\",VLOOKUP(JKC25,COMPOSIÇÃO,5,0),VLOOKUP(JKC25,COTAÇÃO,8,0))))","v":"HORA"},0.5,{"$f":"IF(JKF25=\"SINAPI\",VLOOKUP(JKC25,SINAPI,4,0),IF(JKF25=\"SETOP\",VLOOKUP(JKC25,SETOP,5,0),IF(JKF25=\"CPU\",VLOOKUP(JKC25,COMPOSIÇÃO,8,0),VLOOKUP(JKC25,COTAÇÃO,11,0))))","v":19.149999999999999},{"$f":"JKH25*JKI25","v":9.5749999999999993},"ED-50374",{"$f":"IF(JKN25=\"SINAPI\",VLOOKUP(JKK25,SINAPI,2,0),IF(JKN25=\"SETOP\",VLOOKUP(JKK25,SETOP,3,0),IF(JKN25=\"CPU\",VLOOKUP(JKK25,COMPOSIÇÃO,2,0),VLOOKUP(JKK25,COTAÇÃO,3,0))))","v":"BOMBEIRO/ENCANADOR COM ENCARGOS COMPLEMENTARES"},null,"SETOP",{"$f":"IF(JKN25=\"SINAPI\",VLOOKUP(JKK25,SINAPI,3,0),IF(JKN25=\"SETOP\",VLOOKUP(JKK25,SETOP,4,0),IF(JKN25=\"CPU\",VLOOKUP(JKK25,COMPOSIÇÃO,5,0),VLOOKUP(JKK25,COTAÇÃO,8,0))))","v":"HORA"},0.5,{"$f":"IF(JKN25=\"SINAPI\",VLOOKUP(JKK25,SINAPI,4,0),IF(JKN25=\"SETOP\",VLOOKUP(JKK25,SETOP,5,0),IF(JKN25=\"CPU\",VLOOKUP(JKK25,COMPOSIÇÃO,8,0),VLOOKUP(JKK25,COTAÇÃO,11,0))))","v":19.149999999999999},{"$f":"JKP25*JKQ25","v":9.5749999999999993},"ED-50374",{"$f":"IF(JKV25=\"SINAPI\",VLOOKUP(JKS25,SINAPI,2,0),IF(JKV25=\"SETOP\",VLOOKUP(JKS25,SETOP,3,0),IF(JKV25=\"CPU\",VLOOKUP(JKS25,COMPOSIÇÃO,2,0),VLOOKUP(JKS25,COTAÇÃO,3,0))))","v":"BOMBEIRO/ENCANADOR COM ENCARGOS COMPLEMENTARES"},null,"SETOP",{"$f":"IF(JKV25=\"SINAPI\",VLOOKUP(JKS25,SINAPI,3,0),IF(JKV25=\"SETOP\",VLOOKUP(JKS25,SETOP,4,0),IF(JKV25=\"CPU\",VLOOKUP(JKS25,COMPOSIÇÃO,5,0),VLOOKUP(JKS25,COTAÇÃO,8,0))))","v":"HORA"},0.5,{"$f":"IF(JKV25=\"SINAPI\",VLOOKUP(JKS25,SINAPI,4,0),IF(JKV25=\"SETOP\",VLOOKUP(JKS25,SETOP,5,0),IF(JKV25=\"CPU\",VLOOKUP(JKS25,COMPOSIÇÃO,8,0),VLOOKUP(JKS25,COTAÇÃO,11,0))))","v":19.149999999999999},{"$f":"JKX25*JKY25","v":9.5749999999999993},"ED-50374",{"$f":"IF(JLD25=\"SINAPI\",VLOOKUP(JLA25,SINAPI,2,0),IF(JLD25=\"SETOP\",VLOOKUP(JLA25,SETOP,3,0),IF(JLD25=\"CPU\",VLOOKUP(JLA25,COMPOSIÇÃO,2,0),VLOOKUP(JLA25,COTAÇÃO,3,0))))","v":"BOMBEIRO/ENCANADOR COM ENCARGOS COMPLEMENTARES"},null,"SETOP",{"$f":"IF(JLD25=\"SINAPI\",VLOOKUP(JLA25,SINAPI,3,0),IF(JLD25=\"SETOP\",VLOOKUP(JLA25,SETOP,4,0),IF(JLD25=\"CPU\",VLOOKUP(JLA25,COMPOSIÇÃO,5,0),VLOOKUP(JLA25,COTAÇÃO,8,0))))","v":"HORA"},0.5,{"$f":"IF(JLD25=\"SINAPI\",VLOOKUP(JLA25,SINAPI,4,0),IF(JLD25=\"SETOP\",VLOOKUP(JLA25,SETOP,5,0),IF(JLD25=\"CPU\",VLOOKUP(JLA25,COMPOSIÇÃO,8,0),VLOOKUP(JLA25,COTAÇÃO,11,0))))","v":19.149999999999999},{"$f":"JLF25*JLG25","v":9.5749999999999993},"ED-50374",{"$f":"IF(JLL25=\"SINAPI\",VLOOKUP(JLI25,SINAPI,2,0),IF(JLL25=\"SETOP\",VLOOKUP(JLI25,SETOP,3,0),IF(JLL25=\"CPU\",VLOOKUP(JLI25,COMPOSIÇÃO,2,0),VLOOKUP(JLI25,COTAÇÃO,3,0))))","v":"BOMBEIRO/ENCANADOR COM ENCARGOS COMPLEMENTARES"},null,"SETOP",{"$f":"IF(JLL25=\"SINAPI\",VLOOKUP(JLI25,SINAPI,3,0),IF(JLL25=\"SETOP\",VLOOKUP(JLI25,SETOP,4,0),IF(JLL25=\"CPU\",VLOOKUP(JLI25,COMPOSIÇÃO,5,0),VLOOKUP(JLI25,COTAÇÃO,8,0))))","v":"HORA"},0.5,{"$f":"IF(JLL25=\"SINAPI\",VLOOKUP(JLI25,SINAPI,4,0),IF(JLL25=\"SETOP\",VLOOKUP(JLI25,SETOP,5,0),IF(JLL25=\"CPU\",VLOOKUP(JLI25,COMPOSIÇÃO,8,0),VLOOKUP(JLI25,COTAÇÃO,11,0))))","v":19.149999999999999},{"$f":"JLN25*JLO25","v":9.5749999999999993},"ED-50374",{"$f":"IF(JLT25=\"SINAPI\",VLOOKUP(JLQ25,SINAPI,2,0),IF(JLT25=\"SETOP\",VLOOKUP(JLQ25,SETOP,3,0),IF(JLT25=\"CPU\",VLOOKUP(JLQ25,COMPOSIÇÃO,2,0),VLOOKUP(JLQ25,COTAÇÃO,3,0))))","v":"BOMBEIRO/ENCANADOR COM ENCARGOS COMPLEMENTARES"},null,"SETOP",{"$f":"IF(JLT25=\"SINAPI\",VLOOKUP(JLQ25,SINAPI,3,0),IF(JLT25=\"SETOP\",VLOOKUP(JLQ25,SETOP,4,0),IF(JLT25=\"CPU\",VLOOKUP(JLQ25,COMPOSIÇÃO,5,0),VLOOKUP(JLQ25,COTAÇÃO,8,0))))","v":"HORA"},0.5,{"$f":"IF(JLT25=\"SINAPI\",VLOOKUP(JLQ25,SINAPI,4,0),IF(JLT25=\"SETOP\",VLOOKUP(JLQ25,SETOP,5,0),IF(JLT25=\"CPU\",VLOOKUP(JLQ25,COMPOSIÇÃO,8,0),VLOOKUP(JLQ25,COTAÇÃO,11,0))))","v":19.149999999999999},{"$f":"JLV25*JLW25","v":9.5749999999999993},"ED-50374",{"$f":"IF(JMB25=\"SINAPI\",VLOOKUP(JLY25,SINAPI,2,0),IF(JMB25=\"SETOP\",VLOOKUP(JLY25,SETOP,3,0),IF(JMB25=\"CPU\",VLOOKUP(JLY25,COMPOSIÇÃO,2,0),VLOOKUP(JLY25,COTAÇÃO,3,0))))","v":"BOMBEIRO/ENCANADOR COM ENCARGOS COMPLEMENTARES"},null,"SETOP",{"$f":"IF(JMB25=\"SINAPI\",VLOOKUP(JLY25,SINAPI,3,0),IF(JMB25=\"SETOP\",VLOOKUP(JLY25,SETOP,4,0),IF(JMB25=\"CPU\",VLOOKUP(JLY25,COMPOSIÇÃO,5,0),VLOOKUP(JLY25,COTAÇÃO,8,0))))","v":"HORA"},0.5,{"$f":"IF(JMB25=\"SINAPI\",VLOOKUP(JLY25,SINAPI,4,0),IF(JMB25=\"SETOP\",VLOOKUP(JLY25,SETOP,5,0),IF(JMB25=\"CPU\",VLOOKUP(JLY25,COMPOSIÇÃO,8,0),VLOOKUP(JLY25,COTAÇÃO,11,0))))","v":19.149999999999999},{"$f":"JMD25*JME25","v":9.5749999999999993},"ED-50374",{"$f":"IF(JMJ25=\"SINAPI\",VLOOKUP(JMG25,SINAPI,2,0),IF(JMJ25=\"SETOP\",VLOOKUP(JMG25,SETOP,3,0),IF(JMJ25=\"CPU\",VLOOKUP(JMG25,COMPOSIÇÃO,2,0),VLOOKUP(JMG25,COTAÇÃO,3,0))))","v":"BOMBEIRO/ENCANADOR COM ENCARGOS COMPLEMENTARES"},null,"SETOP",{"$f":"IF(JMJ25=\"SINAPI\",VLOOKUP(JMG25,SINAPI,3,0),IF(JMJ25=\"SETOP\",VLOOKUP(JMG25,SETOP,4,0),IF(JMJ25=\"CPU\",VLOOKUP(JMG25,COMPOSIÇÃO,5,0),VLOOKUP(JMG25,COTAÇÃO,8,0))))","v":"HORA"},0.5,{"$f":"IF(JMJ25=\"SINAPI\",VLOOKUP(JMG25,SINAPI,4,0),IF(JMJ25=\"SETOP\",VLOOKUP(JMG25,SETOP,5,0),IF(JMJ25=\"CPU\",VLOOKUP(JMG25,COMPOSIÇÃO,8,0),VLOOKUP(JMG25,COTAÇÃO,11,0))))","v":19.149999999999999},{"$f":"JML25*JMM25","v":9.5749999999999993},"ED-50374",{"$f":"IF(JMR25=\"SINAPI\",VLOOKUP(JMO25,SINAPI,2,0),IF(JMR25=\"SETOP\",VLOOKUP(JMO25,SETOP,3,0),IF(JMR25=\"CPU\",VLOOKUP(JMO25,COMPOSIÇÃO,2,0),VLOOKUP(JMO25,COTAÇÃO,3,0))))","v":"BOMBEIRO/ENCANADOR COM ENCARGOS COMPLEMENTARES"},null,"SETOP",{"$f":"IF(JMR25=\"SINAPI\",VLOOKUP(JMO25,SINAPI,3,0),IF(JMR25=\"SETOP\",VLOOKUP(JMO25,SETOP,4,0),IF(JMR25=\"CPU\",VLOOKUP(JMO25,COMPOSIÇÃO,5,0),VLOOKUP(JMO25,COTAÇÃO,8,0))))","v":"HORA"},0.5,{"$f":"IF(JMR25=\"SINAPI\",VLOOKUP(JMO25,SINAPI,4,0),IF(JMR25=\"SETOP\",VLOOKUP(JMO25,SETOP,5,0),IF(JMR25=\"CPU\",VLOOKUP(JMO25,COMPOSIÇÃO,8,0),VLOOKUP(JMO25,COTAÇÃO,11,0))))","v":19.149999999999999},{"$f":"JMT25*JMU25","v":9.5749999999999993},"ED-50374",{"$f":"IF(JMZ25=\"SINAPI\",VLOOKUP(JMW25,SINAPI,2,0),IF(JMZ25=\"SETOP\",VLOOKUP(JMW25,SETOP,3,0),IF(JMZ25=\"CPU\",VLOOKUP(JMW25,COMPOSIÇÃO,2,0),VLOOKUP(JMW25,COTAÇÃO,3,0))))","v":"BOMBEIRO/ENCANADOR COM ENCARGOS COMPLEMENTARES"},null,"SETOP",{"$f":"IF(JMZ25=\"SINAPI\",VLOOKUP(JMW25,SINAPI,3,0),IF(JMZ25=\"SETOP\",VLOOKUP(JMW25,SETOP,4,0),IF(JMZ25=\"CPU\",VLOOKUP(JMW25,COMPOSIÇÃO,5,0),VLOOKUP(JMW25,COTAÇÃO,8,0))))","v":"HORA"},0.5,{"$f":"IF(JMZ25=\"SINAPI\",VLOOKUP(JMW25,SINAPI,4,0),IF(JMZ25=\"SETOP\",VLOOKUP(JMW25,SETOP,5,0),IF(JMZ25=\"CPU\",VLOOKUP(JMW25,COMPOSIÇÃO,8,0),VLOOKUP(JMW25,COTAÇÃO,11,0))))","v":19.149999999999999},{"$f":"JNB25*JNC25","v":9.5749999999999993},"ED-50374",{"$f":"IF(JNH25=\"SINAPI\",VLOOKUP(JNE25,SINAPI,2,0),IF(JNH25=\"SETOP\",VLOOKUP(JNE25,SETOP,3,0),IF(JNH25=\"CPU\",VLOOKUP(JNE25,COMPOSIÇÃO,2,0),VLOOKUP(JNE25,COTAÇÃO,3,0))))","v":"BOMBEIRO/ENCANADOR COM ENCARGOS COMPLEMENTARES"},null,"SETOP",{"$f":"IF(JNH25=\"SINAPI\",VLOOKUP(JNE25,SINAPI,3,0),IF(JNH25=\"SETOP\",VLOOKUP(JNE25,SETOP,4,0),IF(JNH25=\"CPU\",VLOOKUP(JNE25,COMPOSIÇÃO,5,0),VLOOKUP(JNE25,COTAÇÃO,8,0))))","v":"HORA"},0.5,{"$f":"IF(JNH25=\"SINAPI\",VLOOKUP(JNE25,SINAPI,4,0),IF(JNH25=\"SETOP\",VLOOKUP(JNE25,SETOP,5,0),IF(JNH25=\"CPU\",VLOOKUP(JNE25,COMPOSIÇÃO,8,0),VLOOKUP(JNE25,COTAÇÃO,11,0))))","v":19.149999999999999},{"$f":"JNJ25*JNK25","v":9.5749999999999993},"ED-50374",{"$f":"IF(JNP25=\"SINAPI\",VLOOKUP(JNM25,SINAPI,2,0),IF(JNP25=\"SETOP\",VLOOKUP(JNM25,SETOP,3,0),IF(JNP25=\"CPU\",VLOOKUP(JNM25,COMPOSIÇÃO,2,0),VLOOKUP(JNM25,COTAÇÃO,3,0))))","v":"BOMBEIRO/ENCANADOR COM ENCARGOS COMPLEMENTARES"},null,"SETOP",{"$f":"IF(JNP25=\"SINAPI\",VLOOKUP(JNM25,SINAPI,3,0),IF(JNP25=\"SETOP\",VLOOKUP(JNM25,SETOP,4,0),IF(JNP25=\"CPU\",VLOOKUP(JNM25,COMPOSIÇÃO,5,0),VLOOKUP(JNM25,COTAÇÃO,8,0))))","v":"HORA"},0.5,{"$f":"IF(JNP25=\"SINAPI\",VLOOKUP(JNM25,SINAPI,4,0),IF(JNP25=\"SETOP\",VLOOKUP(JNM25,SETOP,5,0),IF(JNP25=\"CPU\",VLOOKUP(JNM25,COMPOSIÇÃO,8,0),VLOOKUP(JNM25,COTAÇÃO,11,0))))","v":19.149999999999999},{"$f":"JNR25*JNS25","v":9.5749999999999993},"ED-50374",{"$f":"IF(JNX25=\"SINAPI\",VLOOKUP(JNU25,SINAPI,2,0),IF(JNX25=\"SETOP\",VLOOKUP(JNU25,SETOP,3,0),IF(JNX25=\"CPU\",VLOOKUP(JNU25,COMPOSIÇÃO,2,0),VLOOKUP(JNU25,COTAÇÃO,3,0))))","v":"BOMBEIRO/ENCANADOR COM ENCARGOS COMPLEMENTARES"},null,"SETOP",{"$f":"IF(JNX25=\"SINAPI\",VLOOKUP(JNU25,SINAPI,3,0),IF(JNX25=\"SETOP\",VLOOKUP(JNU25,SETOP,4,0),IF(JNX25=\"CPU\",VLOOKUP(JNU25,COMPOSIÇÃO,5,0),VLOOKUP(JNU25,COTAÇÃO,8,0))))","v":"HORA"},0.5,{"$f":"IF(JNX25=\"SINAPI\",VLOOKUP(JNU25,SINAPI,4,0),IF(JNX25=\"SETOP\",VLOOKUP(JNU25,SETOP,5,0),IF(JNX25=\"CPU\",VLOOKUP(JNU25,COMPOSIÇÃO,8,0),VLOOKUP(JNU25,COTAÇÃO,11,0))))","v":19.149999999999999},{"$f":"JNZ25*JOA25","v":9.5749999999999993},"ED-50374",{"$f":"IF(JOF25=\"SINAPI\",VLOOKUP(JOC25,SINAPI,2,0),IF(JOF25=\"SETOP\",VLOOKUP(JOC25,SETOP,3,0),IF(JOF25=\"CPU\",VLOOKUP(JOC25,COMPOSIÇÃO,2,0),VLOOKUP(JOC25,COTAÇÃO,3,0))))","v":"BOMBEIRO/ENCANADOR COM ENCARGOS COMPLEMENTARES"},null,"SETOP",{"$f":"IF(JOF25=\"SINAPI\",VLOOKUP(JOC25,SINAPI,3,0),IF(JOF25=\"SETOP\",VLOOKUP(JOC25,SETOP,4,0),IF(JOF25=\"CPU\",VLOOKUP(JOC25,COMPOSIÇÃO,5,0),VLOOKUP(JOC25,COTAÇÃO,8,0))))","v":"HORA"},0.5,{"$f":"IF(JOF25=\"SINAPI\",VLOOKUP(JOC25,SINAPI,4,0),IF(JOF25=\"SETOP\",VLOOKUP(JOC25,SETOP,5,0),IF(JOF25=\"CPU\",VLOOKUP(JOC25,COMPOSIÇÃO,8,0),VLOOKUP(JOC25,COTAÇÃO,11,0))))","v":19.149999999999999},{"$f":"JOH25*JOI25","v":9.5749999999999993},"ED-50374",{"$f":"IF(JON25=\"SINAPI\",VLOOKUP(JOK25,SINAPI,2,0),IF(JON25=\"SETOP\",VLOOKUP(JOK25,SETOP,3,0),IF(JON25=\"CPU\",VLOOKUP(JOK25,COMPOSIÇÃO,2,0),VLOOKUP(JOK25,COTAÇÃO,3,0))))","v":"BOMBEIRO/ENCANADOR COM ENCARGOS COMPLEMENTARES"},null,"SETOP",{"$f":"IF(JON25=\"SINAPI\",VLOOKUP(JOK25,SINAPI,3,0),IF(JON25=\"SETOP\",VLOOKUP(JOK25,SETOP,4,0),IF(JON25=\"CPU\",VLOOKUP(JOK25,COMPOSIÇÃO,5,0),VLOOKUP(JOK25,COTAÇÃO,8,0))))","v":"HORA"},0.5,{"$f":"IF(JON25=\"SINAPI\",VLOOKUP(JOK25,SINAPI,4,0),IF(JON25=\"SETOP\",VLOOKUP(JOK25,SETOP,5,0),IF(JON25=\"CPU\",VLOOKUP(JOK25,COMPOSIÇÃO,8,0),VLOOKUP(JOK25,COTAÇÃO,11,0))))","v":19.149999999999999},{"$f":"JOP25*JOQ25","v":9.5749999999999993},"ED-50374",{"$f":"IF(JOV25=\"SINAPI\",VLOOKUP(JOS25,SINAPI,2,0),IF(JOV25=\"SETOP\",VLOOKUP(JOS25,SETOP,3,0),IF(JOV25=\"CPU\",VLOOKUP(JOS25,COMPOSIÇÃO,2,0),VLOOKUP(JOS25,COTAÇÃO,3,0))))","v":"BOMBEIRO/ENCANADOR COM ENCARGOS COMPLEMENTARES"},null,"SETOP",{"$f":"IF(JOV25=\"SINAPI\",VLOOKUP(JOS25,SINAPI,3,0),IF(JOV25=\"SETOP\",VLOOKUP(JOS25,SETOP,4,0),IF(JOV25=\"CPU\",VLOOKUP(JOS25,COMPOSIÇÃO,5,0),VLOOKUP(JOS25,COTAÇÃO,8,0))))","v":"HORA"},0.5,{"$f":"IF(JOV25=\"SINAPI\",VLOOKUP(JOS25,SINAPI,4,0),IF(JOV25=\"SETOP\",VLOOKUP(JOS25,SETOP,5,0),IF(JOV25=\"CPU\",VLOOKUP(JOS25,COMPOSIÇÃO,8,0),VLOOKUP(JOS25,COTAÇÃO,11,0))))","v":19.149999999999999},{"$f":"JOX25*JOY25","v":9.5749999999999993},"ED-50374",{"$f":"IF(JPD25=\"SINAPI\",VLOOKUP(JPA25,SINAPI,2,0),IF(JPD25=\"SETOP\",VLOOKUP(JPA25,SETOP,3,0),IF(JPD25=\"CPU\",VLOOKUP(JPA25,COMPOSIÇÃO,2,0),VLOOKUP(JPA25,COTAÇÃO,3,0))))","v":"BOMBEIRO/ENCANADOR COM ENCARGOS COMPLEMENTARES"},null,"SETOP",{"$f":"IF(JPD25=\"SINAPI\",VLOOKUP(JPA25,SINAPI,3,0),IF(JPD25=\"SETOP\",VLOOKUP(JPA25,SETOP,4,0),IF(JPD25=\"CPU\",VLOOKUP(JPA25,COMPOSIÇÃO,5,0),VLOOKUP(JPA25,COTAÇÃO,8,0))))","v":"HORA"},0.5,{"$f":"IF(JPD25=\"SINAPI\",VLOOKUP(JPA25,SINAPI,4,0),IF(JPD25=\"SETOP\",VLOOKUP(JPA25,SETOP,5,0),IF(JPD25=\"CPU\",VLOOKUP(JPA25,COMPOSIÇÃO,8,0),VLOOKUP(JPA25,COTAÇÃO,11,0))))","v":19.149999999999999},{"$f":"JPF25*JPG25","v":9.5749999999999993},"ED-50374",{"$f":"IF(JPL25=\"SINAPI\",VLOOKUP(JPI25,SINAPI,2,0),IF(JPL25=\"SETOP\",VLOOKUP(JPI25,SETOP,3,0),IF(JPL25=\"CPU\",VLOOKUP(JPI25,COMPOSIÇÃO,2,0),VLOOKUP(JPI25,COTAÇÃO,3,0))))","v":"BOMBEIRO/ENCANADOR COM ENCARGOS COMPLEMENTARES"},null,"SETOP",{"$f":"IF(JPL25=\"SINAPI\",VLOOKUP(JPI25,SINAPI,3,0),IF(JPL25=\"SETOP\",VLOOKUP(JPI25,SETOP,4,0),IF(JPL25=\"CPU\",VLOOKUP(JPI25,COMPOSIÇÃO,5,0),VLOOKUP(JPI25,COTAÇÃO,8,0))))","v":"HORA"},0.5,{"$f":"IF(JPL25=\"SINAPI\",VLOOKUP(JPI25,SINAPI,4,0),IF(JPL25=\"SETOP\",VLOOKUP(JPI25,SETOP,5,0),IF(JPL25=\"CPU\",VLOOKUP(JPI25,COMPOSIÇÃO,8,0),VLOOKUP(JPI25,COTAÇÃO,11,0))))","v":19.149999999999999},{"$f":"JPN25*JPO25","v":9.5749999999999993},"ED-50374",{"$f":"IF(JPT25=\"SINAPI\",VLOOKUP(JPQ25,SINAPI,2,0),IF(JPT25=\"SETOP\",VLOOKUP(JPQ25,SETOP,3,0),IF(JPT25=\"CPU\",VLOOKUP(JPQ25,COMPOSIÇÃO,2,0),VLOOKUP(JPQ25,COTAÇÃO,3,0))))","v":"BOMBEIRO/ENCANADOR COM ENCARGOS COMPLEMENTARES"},null,"SETOP",{"$f":"IF(JPT25=\"SINAPI\",VLOOKUP(JPQ25,SINAPI,3,0),IF(JPT25=\"SETOP\",VLOOKUP(JPQ25,SETOP,4,0),IF(JPT25=\"CPU\",VLOOKUP(JPQ25,COMPOSIÇÃO,5,0),VLOOKUP(JPQ25,COTAÇÃO,8,0))))","v":"HORA"},0.5,{"$f":"IF(JPT25=\"SINAPI\",VLOOKUP(JPQ25,SINAPI,4,0),IF(JPT25=\"SETOP\",VLOOKUP(JPQ25,SETOP,5,0),IF(JPT25=\"CPU\",VLOOKUP(JPQ25,COMPOSIÇÃO,8,0),VLOOKUP(JPQ25,COTAÇÃO,11,0))))","v":19.149999999999999},{"$f":"JPV25*JPW25","v":9.5749999999999993},"ED-50374",{"$f":"IF(JQB25=\"SINAPI\",VLOOKUP(JPY25,SINAPI,2,0),IF(JQB25=\"SETOP\",VLOOKUP(JPY25,SETOP,3,0),IF(JQB25=\"CPU\",VLOOKUP(JPY25,COMPOSIÇÃO,2,0),VLOOKUP(JPY25,COTAÇÃO,3,0))))","v":"BOMBEIRO/ENCANADOR COM ENCARGOS COMPLEMENTARES"},null,"SETOP",{"$f":"IF(JQB25=\"SINAPI\",VLOOKUP(JPY25,SINAPI,3,0),IF(JQB25=\"SETOP\",VLOOKUP(JPY25,SETOP,4,0),IF(JQB25=\"CPU\",VLOOKUP(JPY25,COMPOSIÇÃO,5,0),VLOOKUP(JPY25,COTAÇÃO,8,0))))","v":"HORA"},0.5,{"$f":"IF(JQB25=\"SINAPI\",VLOOKUP(JPY25,SINAPI,4,0),IF(JQB25=\"SETOP\",VLOOKUP(JPY25,SETOP,5,0),IF(JQB25=\"CPU\",VLOOKUP(JPY25,COMPOSIÇÃO,8,0),VLOOKUP(JPY25,COTAÇÃO,11,0))))","v":19.149999999999999},{"$f":"JQD25*JQE25","v":9.5749999999999993},"ED-50374",{"$f":"IF(JQJ25=\"SINAPI\",VLOOKUP(JQG25,SINAPI,2,0),IF(JQJ25=\"SETOP\",VLOOKUP(JQG25,SETOP,3,0),IF(JQJ25=\"CPU\",VLOOKUP(JQG25,COMPOSIÇÃO,2,0),VLOOKUP(JQG25,COTAÇÃO,3,0))))","v":"BOMBEIRO/ENCANADOR COM ENCARGOS COMPLEMENTARES"},null,"SETOP",{"$f":"IF(JQJ25=\"SINAPI\",VLOOKUP(JQG25,SINAPI,3,0),IF(JQJ25=\"SETOP\",VLOOKUP(JQG25,SETOP,4,0),IF(JQJ25=\"CPU\",VLOOKUP(JQG25,COMPOSIÇÃO,5,0),VLOOKUP(JQG25,COTAÇÃO,8,0))))","v":"HORA"},0.5,{"$f":"IF(JQJ25=\"SINAPI\",VLOOKUP(JQG25,SINAPI,4,0),IF(JQJ25=\"SETOP\",VLOOKUP(JQG25,SETOP,5,0),IF(JQJ25=\"CPU\",VLOOKUP(JQG25,COMPOSIÇÃO,8,0),VLOOKUP(JQG25,COTAÇÃO,11,0))))","v":19.149999999999999},{"$f":"JQL25*JQM25","v":9.5749999999999993},"ED-50374",{"$f":"IF(JQR25=\"SINAPI\",VLOOKUP(JQO25,SINAPI,2,0),IF(JQR25=\"SETOP\",VLOOKUP(JQO25,SETOP,3,0),IF(JQR25=\"CPU\",VLOOKUP(JQO25,COMPOSIÇÃO,2,0),VLOOKUP(JQO25,COTAÇÃO,3,0))))","v":"BOMBEIRO/ENCANADOR COM ENCARGOS COMPLEMENTARES"},null,"SETOP",{"$f":"IF(JQR25=\"SINAPI\",VLOOKUP(JQO25,SINAPI,3,0),IF(JQR25=\"SETOP\",VLOOKUP(JQO25,SETOP,4,0),IF(JQR25=\"CPU\",VLOOKUP(JQO25,COMPOSIÇÃO,5,0),VLOOKUP(JQO25,COTAÇÃO,8,0))))","v":"HORA"},0.5,{"$f":"IF(JQR25=\"SINAPI\",VLOOKUP(JQO25,SINAPI,4,0),IF(JQR25=\"SETOP\",VLOOKUP(JQO25,SETOP,5,0),IF(JQR25=\"CPU\",VLOOKUP(JQO25,COMPOSIÇÃO,8,0),VLOOKUP(JQO25,COTAÇÃO,11,0))))","v":19.149999999999999},{"$f":"JQT25*JQU25","v":9.5749999999999993},"ED-50374",{"$f":"IF(JQZ25=\"SINAPI\",VLOOKUP(JQW25,SINAPI,2,0),IF(JQZ25=\"SETOP\",VLOOKUP(JQW25,SETOP,3,0),IF(JQZ25=\"CPU\",VLOOKUP(JQW25,COMPOSIÇÃO,2,0),VLOOKUP(JQW25,COTAÇÃO,3,0))))","v":"BOMBEIRO/ENCANADOR COM ENCARGOS COMPLEMENTARES"},null,"SETOP",{"$f":"IF(JQZ25=\"SINAPI\",VLOOKUP(JQW25,SINAPI,3,0),IF(JQZ25=\"SETOP\",VLOOKUP(JQW25,SETOP,4,0),IF(JQZ25=\"CPU\",VLOOKUP(JQW25,COMPOSIÇÃO,5,0),VLOOKUP(JQW25,COTAÇÃO,8,0))))","v":"HORA"},0.5,{"$f":"IF(JQZ25=\"SINAPI\",VLOOKUP(JQW25,SINAPI,4,0),IF(JQZ25=\"SETOP\",VLOOKUP(JQW25,SETOP,5,0),IF(JQZ25=\"CPU\",VLOOKUP(JQW25,COMPOSIÇÃO,8,0),VLOOKUP(JQW25,COTAÇÃO,11,0))))","v":19.149999999999999},{"$f":"JRB25*JRC25","v":9.5749999999999993},"ED-50374",{"$f":"IF(JRH25=\"SINAPI\",VLOOKUP(JRE25,SINAPI,2,0),IF(JRH25=\"SETOP\",VLOOKUP(JRE25,SETOP,3,0),IF(JRH25=\"CPU\",VLOOKUP(JRE25,COMPOSIÇÃO,2,0),VLOOKUP(JRE25,COTAÇÃO,3,0))))","v":"BOMBEIRO/ENCANADOR COM ENCARGOS COMPLEMENTARES"},null,"SETOP",{"$f":"IF(JRH25=\"SINAPI\",VLOOKUP(JRE25,SINAPI,3,0),IF(JRH25=\"SETOP\",VLOOKUP(JRE25,SETOP,4,0),IF(JRH25=\"CPU\",VLOOKUP(JRE25,COMPOSIÇÃO,5,0),VLOOKUP(JRE25,COTAÇÃO,8,0))))","v":"HORA"},0.5,{"$f":"IF(JRH25=\"SINAPI\",VLOOKUP(JRE25,SINAPI,4,0),IF(JRH25=\"SETOP\",VLOOKUP(JRE25,SETOP,5,0),IF(JRH25=\"CPU\",VLOOKUP(JRE25,COMPOSIÇÃO,8,0),VLOOKUP(JRE25,COTAÇÃO,11,0))))","v":19.149999999999999},{"$f":"JRJ25*JRK25","v":9.5749999999999993},"ED-50374",{"$f":"IF(JRP25=\"SINAPI\",VLOOKUP(JRM25,SINAPI,2,0),IF(JRP25=\"SETOP\",VLOOKUP(JRM25,SETOP,3,0),IF(JRP25=\"CPU\",VLOOKUP(JRM25,COMPOSIÇÃO,2,0),VLOOKUP(JRM25,COTAÇÃO,3,0))))","v":"BOMBEIRO/ENCANADOR COM ENCARGOS COMPLEMENTARES"},null,"SETOP",{"$f":"IF(JRP25=\"SINAPI\",VLOOKUP(JRM25,SINAPI,3,0),IF(JRP25=\"SETOP\",VLOOKUP(JRM25,SETOP,4,0),IF(JRP25=\"CPU\",VLOOKUP(JRM25,COMPOSIÇÃO,5,0),VLOOKUP(JRM25,COTAÇÃO,8,0))))","v":"HORA"},0.5,{"$f":"IF(JRP25=\"SINAPI\",VLOOKUP(JRM25,SINAPI,4,0),IF(JRP25=\"SETOP\",VLOOKUP(JRM25,SETOP,5,0),IF(JRP25=\"CPU\",VLOOKUP(JRM25,COMPOSIÇÃO,8,0),VLOOKUP(JRM25,COTAÇÃO,11,0))))","v":19.149999999999999},{"$f":"JRR25*JRS25","v":9.5749999999999993},"ED-50374",{"$f":"IF(JRX25=\"SINAPI\",VLOOKUP(JRU25,SINAPI,2,0),IF(JRX25=\"SETOP\",VLOOKUP(JRU25,SETOP,3,0),IF(JRX25=\"CPU\",VLOOKUP(JRU25,COMPOSIÇÃO,2,0),VLOOKUP(JRU25,COTAÇÃO,3,0))))","v":"BOMBEIRO/ENCANADOR COM ENCARGOS COMPLEMENTARES"},null,"SETOP",{"$f":"IF(JRX25=\"SINAPI\",VLOOKUP(JRU25,SINAPI,3,0),IF(JRX25=\"SETOP\",VLOOKUP(JRU25,SETOP,4,0),IF(JRX25=\"CPU\",VLOOKUP(JRU25,COMPOSIÇÃO,5,0),VLOOKUP(JRU25,COTAÇÃO,8,0))))","v":"HORA"},0.5,{"$f":"IF(JRX25=\"SINAPI\",VLOOKUP(JRU25,SINAPI,4,0),IF(JRX25=\"SETOP\",VLOOKUP(JRU25,SETOP,5,0),IF(JRX25=\"CPU\",VLOOKUP(JRU25,COMPOSIÇÃO,8,0),VLOOKUP(JRU25,COTAÇÃO,11,0))))","v":19.149999999999999},{"$f":"JRZ25*JSA25","v":9.5749999999999993},"ED-50374",{"$f":"IF(JSF25=\"SINAPI\",VLOOKUP(JSC25,SINAPI,2,0),IF(JSF25=\"SETOP\",VLOOKUP(JSC25,SETOP,3,0),IF(JSF25=\"CPU\",VLOOKUP(JSC25,COMPOSIÇÃO,2,0),VLOOKUP(JSC25,COTAÇÃO,3,0))))","v":"BOMBEIRO/ENCANADOR COM ENCARGOS COMPLEMENTARES"},null,"SETOP",{"$f":"IF(JSF25=\"SINAPI\",VLOOKUP(JSC25,SINAPI,3,0),IF(JSF25=\"SETOP\",VLOOKUP(JSC25,SETOP,4,0),IF(JSF25=\"CPU\",VLOOKUP(JSC25,COMPOSIÇÃO,5,0),VLOOKUP(JSC25,COTAÇÃO,8,0))))","v":"HORA"},0.5,{"$f":"IF(JSF25=\"SINAPI\",VLOOKUP(JSC25,SINAPI,4,0),IF(JSF25=\"SETOP\",VLOOKUP(JSC25,SETOP,5,0),IF(JSF25=\"CPU\",VLOOKUP(JSC25,COMPOSIÇÃO,8,0),VLOOKUP(JSC25,COTAÇÃO,11,0))))","v":19.149999999999999},{"$f":"JSH25*JSI25","v":9.5749999999999993},"ED-50374",{"$f":"IF(JSN25=\"SINAPI\",VLOOKUP(JSK25,SINAPI,2,0),IF(JSN25=\"SETOP\",VLOOKUP(JSK25,SETOP,3,0),IF(JSN25=\"CPU\",VLOOKUP(JSK25,COMPOSIÇÃO,2,0),VLOOKUP(JSK25,COTAÇÃO,3,0))))","v":"BOMBEIRO/ENCANADOR COM ENCARGOS COMPLEMENTARES"},null,"SETOP",{"$f":"IF(JSN25=\"SINAPI\",VLOOKUP(JSK25,SINAPI,3,0),IF(JSN25=\"SETOP\",VLOOKUP(JSK25,SETOP,4,0),IF(JSN25=\"CPU\",VLOOKUP(JSK25,COMPOSIÇÃO,5,0),VLOOKUP(JSK25,COTAÇÃO,8,0))))","v":"HORA"},0.5,{"$f":"IF(JSN25=\"SINAPI\",VLOOKUP(JSK25,SINAPI,4,0),IF(JSN25=\"SETOP\",VLOOKUP(JSK25,SETOP,5,0),IF(JSN25=\"CPU\",VLOOKUP(JSK25,COMPOSIÇÃO,8,0),VLOOKUP(JSK25,COTAÇÃO,11,0))))","v":19.149999999999999},{"$f":"JSP25*JSQ25","v":9.5749999999999993},"ED-50374",{"$f":"IF(JSV25=\"SINAPI\",VLOOKUP(JSS25,SINAPI,2,0),IF(JSV25=\"SETOP\",VLOOKUP(JSS25,SETOP,3,0),IF(JSV25=\"CPU\",VLOOKUP(JSS25,COMPOSIÇÃO,2,0),VLOOKUP(JSS25,COTAÇÃO,3,0))))","v":"BOMBEIRO/ENCANADOR COM ENCARGOS COMPLEMENTARES"},null,"SETOP",{"$f":"IF(JSV25=\"SINAPI\",VLOOKUP(JSS25,SINAPI,3,0),IF(JSV25=\"SETOP\",VLOOKUP(JSS25,SETOP,4,0),IF(JSV25=\"CPU\",VLOOKUP(JSS25,COMPOSIÇÃO,5,0),VLOOKUP(JSS25,COTAÇÃO,8,0))))","v":"HORA"},0.5,{"$f":"IF(JSV25=\"SINAPI\",VLOOKUP(JSS25,SINAPI,4,0),IF(JSV25=\"SETOP\",VLOOKUP(JSS25,SETOP,5,0),IF(JSV25=\"CPU\",VLOOKUP(JSS25,COMPOSIÇÃO,8,0),VLOOKUP(JSS25,COTAÇÃO,11,0))))","v":19.149999999999999},{"$f":"JSX25*JSY25","v":9.5749999999999993},"ED-50374",{"$f":"IF(JTD25=\"SINAPI\",VLOOKUP(JTA25,SINAPI,2,0),IF(JTD25=\"SETOP\",VLOOKUP(JTA25,SETOP,3,0),IF(JTD25=\"CPU\",VLOOKUP(JTA25,COMPOSIÇÃO,2,0),VLOOKUP(JTA25,COTAÇÃO,3,0))))","v":"BOMBEIRO/ENCANADOR COM ENCARGOS COMPLEMENTARES"},null,"SETOP",{"$f":"IF(JTD25=\"SINAPI\",VLOOKUP(JTA25,SINAPI,3,0),IF(JTD25=\"SETOP\",VLOOKUP(JTA25,SETOP,4,0),IF(JTD25=\"CPU\",VLOOKUP(JTA25,COMPOSIÇÃO,5,0),VLOOKUP(JTA25,COTAÇÃO,8,0))))","v":"HORA"},0.5,{"$f":"IF(JTD25=\"SINAPI\",VLOOKUP(JTA25,SINAPI,4,0),IF(JTD25=\"SETOP\",VLOOKUP(JTA25,SETOP,5,0),IF(JTD25=\"CPU\",VLOOKUP(JTA25,COMPOSIÇÃO,8,0),VLOOKUP(JTA25,COTAÇÃO,11,0))))","v":19.149999999999999},{"$f":"JTF25*JTG25","v":9.5749999999999993},"ED-50374",{"$f":"IF(JTL25=\"SINAPI\",VLOOKUP(JTI25,SINAPI,2,0),IF(JTL25=\"SETOP\",VLOOKUP(JTI25,SETOP,3,0),IF(JTL25=\"CPU\",VLOOKUP(JTI25,COMPOSIÇÃO,2,0),VLOOKUP(JTI25,COTAÇÃO,3,0))))","v":"BOMBEIRO/ENCANADOR COM ENCARGOS COMPLEMENTARES"},null,"SETOP",{"$f":"IF(JTL25=\"SINAPI\",VLOOKUP(JTI25,SINAPI,3,0),IF(JTL25=\"SETOP\",VLOOKUP(JTI25,SETOP,4,0),IF(JTL25=\"CPU\",VLOOKUP(JTI25,COMPOSIÇÃO,5,0),VLOOKUP(JTI25,COTAÇÃO,8,0))))","v":"HORA"},0.5,{"$f":"IF(JTL25=\"SINAPI\",VLOOKUP(JTI25,SINAPI,4,0),IF(JTL25=\"SETOP\",VLOOKUP(JTI25,SETOP,5,0),IF(JTL25=\"CPU\",VLOOKUP(JTI25,COMPOSIÇÃO,8,0),VLOOKUP(JTI25,COTAÇÃO,11,0))))","v":19.149999999999999},{"$f":"JTN25*JTO25","v":9.5749999999999993},"ED-50374",{"$f":"IF(JTT25=\"SINAPI\",VLOOKUP(JTQ25,SINAPI,2,0),IF(JTT25=\"SETOP\",VLOOKUP(JTQ25,SETOP,3,0),IF(JTT25=\"CPU\",VLOOKUP(JTQ25,COMPOSIÇÃO,2,0),VLOOKUP(JTQ25,COTAÇÃO,3,0))))","v":"BOMBEIRO/ENCANADOR COM ENCARGOS COMPLEMENTARES"},null,"SETOP",{"$f":"IF(JTT25=\"SINAPI\",VLOOKUP(JTQ25,SINAPI,3,0),IF(JTT25=\"SETOP\",VLOOKUP(JTQ25,SETOP,4,0),IF(JTT25=\"CPU\",VLOOKUP(JTQ25,COMPOSIÇÃO,5,0),VLOOKUP(JTQ25,COTAÇÃO,8,0))))","v":"HORA"},0.5,{"$f":"IF(JTT25=\"SINAPI\",VLOOKUP(JTQ25,SINAPI,4,0),IF(JTT25=\"SETOP\",VLOOKUP(JTQ25,SETOP,5,0),IF(JTT25=\"CPU\",VLOOKUP(JTQ25,COMPOSIÇÃO,8,0),VLOOKUP(JTQ25,COTAÇÃO,11,0))))","v":19.149999999999999},{"$f":"JTV25*JTW25","v":9.5749999999999993},"ED-50374",{"$f":"IF(JUB25=\"SINAPI\",VLOOKUP(JTY25,SINAPI,2,0),IF(JUB25=\"SETOP\",VLOOKUP(JTY25,SETOP,3,0),IF(JUB25=\"CPU\",VLOOKUP(JTY25,COMPOSIÇÃO,2,0),VLOOKUP(JTY25,COTAÇÃO,3,0))))","v":"BOMBEIRO/ENCANADOR COM ENCARGOS COMPLEMENTARES"},null,"SETOP",{"$f":"IF(JUB25=\"SINAPI\",VLOOKUP(JTY25,SINAPI,3,0),IF(JUB25=\"SETOP\",VLOOKUP(JTY25,SETOP,4,0),IF(JUB25=\"CPU\",VLOOKUP(JTY25,COMPOSIÇÃO,5,0),VLOOKUP(JTY25,COTAÇÃO,8,0))))","v":"HORA"},0.5,{"$f":"IF(JUB25=\"SINAPI\",VLOOKUP(JTY25,SINAPI,4,0),IF(JUB25=\"SETOP\",VLOOKUP(JTY25,SETOP,5,0),IF(JUB25=\"CPU\",VLOOKUP(JTY25,COMPOSIÇÃO,8,0),VLOOKUP(JTY25,COTAÇÃO,11,0))))","v":19.149999999999999},{"$f":"JUD25*JUE25","v":9.5749999999999993},"ED-50374",{"$f":"IF(JUJ25=\"SINAPI\",VLOOKUP(JUG25,SINAPI,2,0),IF(JUJ25=\"SETOP\",VLOOKUP(JUG25,SETOP,3,0),IF(JUJ25=\"CPU\",VLOOKUP(JUG25,COMPOSIÇÃO,2,0),VLOOKUP(JUG25,COTAÇÃO,3,0))))","v":"BOMBEIRO/ENCANADOR COM ENCARGOS COMPLEMENTARES"},null,"SETOP",{"$f":"IF(JUJ25=\"SINAPI\",VLOOKUP(JUG25,SINAPI,3,0),IF(JUJ25=\"SETOP\",VLOOKUP(JUG25,SETOP,4,0),IF(JUJ25=\"CPU\",VLOOKUP(JUG25,COMPOSIÇÃO,5,0),VLOOKUP(JUG25,COTAÇÃO,8,0))))","v":"HORA"},0.5,{"$f":"IF(JUJ25=\"SINAPI\",VLOOKUP(JUG25,SINAPI,4,0),IF(JUJ25=\"SETOP\",VLOOKUP(JUG25,SETOP,5,0),IF(JUJ25=\"CPU\",VLOOKUP(JUG25,COMPOSIÇÃO,8,0),VLOOKUP(JUG25,COTAÇÃO,11,0))))","v":19.149999999999999},{"$f":"JUL25*JUM25","v":9.5749999999999993},"ED-50374",{"$f":"IF(JUR25=\"SINAPI\",VLOOKUP(JUO25,SINAPI,2,0),IF(JUR25=\"SETOP\",VLOOKUP(JUO25,SETOP,3,0),IF(JUR25=\"CPU\",VLOOKUP(JUO25,COMPOSIÇÃO,2,0),VLOOKUP(JUO25,COTAÇÃO,3,0))))","v":"BOMBEIRO/ENCANADOR COM ENCARGOS COMPLEMENTARES"},null,"SETOP",{"$f":"IF(JUR25=\"SINAPI\",VLOOKUP(JUO25,SINAPI,3,0),IF(JUR25=\"SETOP\",VLOOKUP(JUO25,SETOP,4,0),IF(JUR25=\"CPU\",VLOOKUP(JUO25,COMPOSIÇÃO,5,0),VLOOKUP(JUO25,COTAÇÃO,8,0))))","v":"HORA"},0.5,{"$f":"IF(JUR25=\"SINAPI\",VLOOKUP(JUO25,SINAPI,4,0),IF(JUR25=\"SETOP\",VLOOKUP(JUO25,SETOP,5,0),IF(JUR25=\"CPU\",VLOOKUP(JUO25,COMPOSIÇÃO,8,0),VLOOKUP(JUO25,COTAÇÃO,11,0))))","v":19.149999999999999},{"$f":"JUT25*JUU25","v":9.5749999999999993},"ED-50374",{"$f":"IF(JUZ25=\"SINAPI\",VLOOKUP(JUW25,SINAPI,2,0),IF(JUZ25=\"SETOP\",VLOOKUP(JUW25,SETOP,3,0),IF(JUZ25=\"CPU\",VLOOKUP(JUW25,COMPOSIÇÃO,2,0),VLOOKUP(JUW25,COTAÇÃO,3,0))))","v":"BOMBEIRO/ENCANADOR COM ENCARGOS COMPLEMENTARES"},null,"SETOP",{"$f":"IF(JUZ25=\"SINAPI\",VLOOKUP(JUW25,SINAPI,3,0),IF(JUZ25=\"SETOP\",VLOOKUP(JUW25,SETOP,4,0),IF(JUZ25=\"CPU\",VLOOKUP(JUW25,COMPOSIÇÃO,5,0),VLOOKUP(JUW25,COTAÇÃO,8,0))))","v":"HORA"},0.5,{"$f":"IF(JUZ25=\"SINAPI\",VLOOKUP(JUW25,SINAPI,4,0),IF(JUZ25=\"SETOP\",VLOOKUP(JUW25,SETOP,5,0),IF(JUZ25=\"CPU\",VLOOKUP(JUW25,COMPOSIÇÃO,8,0),VLOOKUP(JUW25,COTAÇÃO,11,0))))","v":19.149999999999999},{"$f":"JVB25*JVC25","v":9.5749999999999993},"ED-50374",{"$f":"IF(JVH25=\"SINAPI\",VLOOKUP(JVE25,SINAPI,2,0),IF(JVH25=\"SETOP\",VLOOKUP(JVE25,SETOP,3,0),IF(JVH25=\"CPU\",VLOOKUP(JVE25,COMPOSIÇÃO,2,0),VLOOKUP(JVE25,COTAÇÃO,3,0))))","v":"BOMBEIRO/ENCANADOR COM ENCARGOS COMPLEMENTARES"},null,"SETOP",{"$f":"IF(JVH25=\"SINAPI\",VLOOKUP(JVE25,SINAPI,3,0),IF(JVH25=\"SETOP\",VLOOKUP(JVE25,SETOP,4,0),IF(JVH25=\"CPU\",VLOOKUP(JVE25,COMPOSIÇÃO,5,0),VLOOKUP(JVE25,COTAÇÃO,8,0))))","v":"HORA"},0.5,{"$f":"IF(JVH25=\"SINAPI\",VLOOKUP(JVE25,SINAPI,4,0),IF(JVH25=\"SETOP\",VLOOKUP(JVE25,SETOP,5,0),IF(JVH25=\"CPU\",VLOOKUP(JVE25,COMPOSIÇÃO,8,0),VLOOKUP(JVE25,COTAÇÃO,11,0))))","v":19.149999999999999},{"$f":"JVJ25*JVK25","v":9.5749999999999993},"ED-50374",{"$f":"IF(JVP25=\"SINAPI\",VLOOKUP(JVM25,SINAPI,2,0),IF(JVP25=\"SETOP\",VLOOKUP(JVM25,SETOP,3,0),IF(JVP25=\"CPU\",VLOOKUP(JVM25,COMPOSIÇÃO,2,0),VLOOKUP(JVM25,COTAÇÃO,3,0))))","v":"BOMBEIRO/ENCANADOR COM ENCARGOS COMPLEMENTARES"},null,"SETOP",{"$f":"IF(JVP25=\"SINAPI\",VLOOKUP(JVM25,SINAPI,3,0),IF(JVP25=\"SETOP\",VLOOKUP(JVM25,SETOP,4,0),IF(JVP25=\"CPU\",VLOOKUP(JVM25,COMPOSIÇÃO,5,0),VLOOKUP(JVM25,COTAÇÃO,8,0))))","v":"HORA"},0.5,{"$f":"IF(JVP25=\"SINAPI\",VLOOKUP(JVM25,SINAPI,4,0),IF(JVP25=\"SETOP\",VLOOKUP(JVM25,SETOP,5,0),IF(JVP25=\"CPU\",VLOOKUP(JVM25,COMPOSIÇÃO,8,0),VLOOKUP(JVM25,COTAÇÃO,11,0))))","v":19.149999999999999},{"$f":"JVR25*JVS25","v":9.5749999999999993},"ED-50374",{"$f":"IF(JVX25=\"SINAPI\",VLOOKUP(JVU25,SINAPI,2,0),IF(JVX25=\"SETOP\",VLOOKUP(JVU25,SETOP,3,0),IF(JVX25=\"CPU\",VLOOKUP(JVU25,COMPOSIÇÃO,2,0),VLOOKUP(JVU25,COTAÇÃO,3,0))))","v":"BOMBEIRO/ENCANADOR COM ENCARGOS COMPLEMENTARES"},null,"SETOP",{"$f":"IF(JVX25=\"SINAPI\",VLOOKUP(JVU25,SINAPI,3,0),IF(JVX25=\"SETOP\",VLOOKUP(JVU25,SETOP,4,0),IF(JVX25=\"CPU\",VLOOKUP(JVU25,COMPOSIÇÃO,5,0),VLOOKUP(JVU25,COTAÇÃO,8,0))))","v":"HORA"},0.5,{"$f":"IF(JVX25=\"SINAPI\",VLOOKUP(JVU25,SINAPI,4,0),IF(JVX25=\"SETOP\",VLOOKUP(JVU25,SETOP,5,0),IF(JVX25=\"CPU\",VLOOKUP(JVU25,COMPOSIÇÃO,8,0),VLOOKUP(JVU25,COTAÇÃO,11,0))))","v":19.149999999999999},{"$f":"JVZ25*JWA25","v":9.5749999999999993},"ED-50374",{"$f":"IF(JWF25=\"SINAPI\",VLOOKUP(JWC25,SINAPI,2,0),IF(JWF25=\"SETOP\",VLOOKUP(JWC25,SETOP,3,0),IF(JWF25=\"CPU\",VLOOKUP(JWC25,COMPOSIÇÃO,2,0),VLOOKUP(JWC25,COTAÇÃO,3,0))))","v":"BOMBEIRO/ENCANADOR COM ENCARGOS COMPLEMENTARES"},null,"SETOP",{"$f":"IF(JWF25=\"SINAPI\",VLOOKUP(JWC25,SINAPI,3,0),IF(JWF25=\"SETOP\",VLOOKUP(JWC25,SETOP,4,0),IF(JWF25=\"CPU\",VLOOKUP(JWC25,COMPOSIÇÃO,5,0),VLOOKUP(JWC25,COTAÇÃO,8,0))))","v":"HORA"},0.5,{"$f":"IF(JWF25=\"SINAPI\",VLOOKUP(JWC25,SINAPI,4,0),IF(JWF25=\"SETOP\",VLOOKUP(JWC25,SETOP,5,0),IF(JWF25=\"CPU\",VLOOKUP(JWC25,COMPOSIÇÃO,8,0),VLOOKUP(JWC25,COTAÇÃO,11,0))))","v":19.149999999999999},{"$f":"JWH25*JWI25","v":9.5749999999999993},"ED-50374",{"$f":"IF(JWN25=\"SINAPI\",VLOOKUP(JWK25,SINAPI,2,0),IF(JWN25=\"SETOP\",VLOOKUP(JWK25,SETOP,3,0),IF(JWN25=\"CPU\",VLOOKUP(JWK25,COMPOSIÇÃO,2,0),VLOOKUP(JWK25,COTAÇÃO,3,0))))","v":"BOMBEIRO/ENCANADOR COM ENCARGOS COMPLEMENTARES"},null,"SETOP",{"$f":"IF(JWN25=\"SINAPI\",VLOOKUP(JWK25,SINAPI,3,0),IF(JWN25=\"SETOP\",VLOOKUP(JWK25,SETOP,4,0),IF(JWN25=\"CPU\",VLOOKUP(JWK25,COMPOSIÇÃO,5,0),VLOOKUP(JWK25,COTAÇÃO,8,0))))","v":"HORA"},0.5,{"$f":"IF(JWN25=\"SINAPI\",VLOOKUP(JWK25,SINAPI,4,0),IF(JWN25=\"SETOP\",VLOOKUP(JWK25,SETOP,5,0),IF(JWN25=\"CPU\",VLOOKUP(JWK25,COMPOSIÇÃO,8,0),VLOOKUP(JWK25,COTAÇÃO,11,0))))","v":19.149999999999999},{"$f":"JWP25*JWQ25","v":9.5749999999999993},"ED-50374",{"$f":"IF(JWV25=\"SINAPI\",VLOOKUP(JWS25,SINAPI,2,0),IF(JWV25=\"SETOP\",VLOOKUP(JWS25,SETOP,3,0),IF(JWV25=\"CPU\",VLOOKUP(JWS25,COMPOSIÇÃO,2,0),VLOOKUP(JWS25,COTAÇÃO,3,0))))","v":"BOMBEIRO/ENCANADOR COM ENCARGOS COMPLEMENTARES"},null,"SETOP",{"$f":"IF(JWV25=\"SINAPI\",VLOOKUP(JWS25,SINAPI,3,0),IF(JWV25=\"SETOP\",VLOOKUP(JWS25,SETOP,4,0),IF(JWV25=\"CPU\",VLOOKUP(JWS25,COMPOSIÇÃO,5,0),VLOOKUP(JWS25,COTAÇÃO,8,0))))","v":"HORA"},0.5,{"$f":"IF(JWV25=\"SINAPI\",VLOOKUP(JWS25,SINAPI,4,0),IF(JWV25=\"SETOP\",VLOOKUP(JWS25,SETOP,5,0),IF(JWV25=\"CPU\",VLOOKUP(JWS25,COMPOSIÇÃO,8,0),VLOOKUP(JWS25,COTAÇÃO,11,0))))","v":19.149999999999999},{"$f":"JWX25*JWY25","v":9.5749999999999993},"ED-50374",{"$f":"IF(JXD25=\"SINAPI\",VLOOKUP(JXA25,SINAPI,2,0),IF(JXD25=\"SETOP\",VLOOKUP(JXA25,SETOP,3,0),IF(JXD25=\"CPU\",VLOOKUP(JXA25,COMPOSIÇÃO,2,0),VLOOKUP(JXA25,COTAÇÃO,3,0))))","v":"BOMBEIRO/ENCANADOR COM ENCARGOS COMPLEMENTARES"},null,"SETOP",{"$f":"IF(JXD25=\"SINAPI\",VLOOKUP(JXA25,SINAPI,3,0),IF(JXD25=\"SETOP\",VLOOKUP(JXA25,SETOP,4,0),IF(JXD25=\"CPU\",VLOOKUP(JXA25,COMPOSIÇÃO,5,0),VLOOKUP(JXA25,COTAÇÃO,8,0))))","v":"HORA"},0.5,{"$f":"IF(JXD25=\"SINAPI\",VLOOKUP(JXA25,SINAPI,4,0),IF(JXD25=\"SETOP\",VLOOKUP(JXA25,SETOP,5,0),IF(JXD25=\"CPU\",VLOOKUP(JXA25,COMPOSIÇÃO,8,0),VLOOKUP(JXA25,COTAÇÃO,11,0))))","v":19.149999999999999},{"$f":"JXF25*JXG25","v":9.5749999999999993},"ED-50374",{"$f":"IF(JXL25=\"SINAPI\",VLOOKUP(JXI25,SINAPI,2,0),IF(JXL25=\"SETOP\",VLOOKUP(JXI25,SETOP,3,0),IF(JXL25=\"CPU\",VLOOKUP(JXI25,COMPOSIÇÃO,2,0),VLOOKUP(JXI25,COTAÇÃO,3,0))))","v":"BOMBEIRO/ENCANADOR COM ENCARGOS COMPLEMENTARES"},null,"SETOP",{"$f":"IF(JXL25=\"SINAPI\",VLOOKUP(JXI25,SINAPI,3,0),IF(JXL25=\"SETOP\",VLOOKUP(JXI25,SETOP,4,0),IF(JXL25=\"CPU\",VLOOKUP(JXI25,COMPOSIÇÃO,5,0),VLOOKUP(JXI25,COTAÇÃO,8,0))))","v":"HORA"},0.5,{"$f":"IF(JXL25=\"SINAPI\",VLOOKUP(JXI25,SINAPI,4,0),IF(JXL25=\"SETOP\",VLOOKUP(JXI25,SETOP,5,0),IF(JXL25=\"CPU\",VLOOKUP(JXI25,COMPOSIÇÃO,8,0),VLOOKUP(JXI25,COTAÇÃO,11,0))))","v":19.149999999999999},{"$f":"JXN25*JXO25","v":9.5749999999999993},"ED-50374",{"$f":"IF(JXT25=\"SINAPI\",VLOOKUP(JXQ25,SINAPI,2,0),IF(JXT25=\"SETOP\",VLOOKUP(JXQ25,SETOP,3,0),IF(JXT25=\"CPU\",VLOOKUP(JXQ25,COMPOSIÇÃO,2,0),VLOOKUP(JXQ25,COTAÇÃO,3,0))))","v":"BOMBEIRO/ENCANADOR COM ENCARGOS COMPLEMENTARES"},null,"SETOP",{"$f":"IF(JXT25=\"SINAPI\",VLOOKUP(JXQ25,SINAPI,3,0),IF(JXT25=\"SETOP\",VLOOKUP(JXQ25,SETOP,4,0),IF(JXT25=\"CPU\",VLOOKUP(JXQ25,COMPOSIÇÃO,5,0),VLOOKUP(JXQ25,COTAÇÃO,8,0))))","v":"HORA"},0.5,{"$f":"IF(JXT25=\"SINAPI\",VLOOKUP(JXQ25,SINAPI,4,0),IF(JXT25=\"SETOP\",VLOOKUP(JXQ25,SETOP,5,0),IF(JXT25=\"CPU\",VLOOKUP(JXQ25,COMPOSIÇÃO,8,0),VLOOKUP(JXQ25,COTAÇÃO,11,0))))","v":19.149999999999999},{"$f":"JXV25*JXW25","v":9.5749999999999993},"ED-50374",{"$f":"IF(JYB25=\"SINAPI\",VLOOKUP(JXY25,SINAPI,2,0),IF(JYB25=\"SETOP\",VLOOKUP(JXY25,SETOP,3,0),IF(JYB25=\"CPU\",VLOOKUP(JXY25,COMPOSIÇÃO,2,0),VLOOKUP(JXY25,COTAÇÃO,3,0))))","v":"BOMBEIRO/ENCANADOR COM ENCARGOS COMPLEMENTARES"},null,"SETOP",{"$f":"IF(JYB25=\"SINAPI\",VLOOKUP(JXY25,SINAPI,3,0),IF(JYB25=\"SETOP\",VLOOKUP(JXY25,SETOP,4,0),IF(JYB25=\"CPU\",VLOOKUP(JXY25,COMPOSIÇÃO,5,0),VLOOKUP(JXY25,COTAÇÃO,8,0))))","v":"HORA"},0.5,{"$f":"IF(JYB25=\"SINAPI\",VLOOKUP(JXY25,SINAPI,4,0),IF(JYB25=\"SETOP\",VLOOKUP(JXY25,SETOP,5,0),IF(JYB25=\"CPU\",VLOOKUP(JXY25,COMPOSIÇÃO,8,0),VLOOKUP(JXY25,COTAÇÃO,11,0))))","v":19.149999999999999},{"$f":"JYD25*JYE25","v":9.5749999999999993},"ED-50374",{"$f":"IF(JYJ25=\"SINAPI\",VLOOKUP(JYG25,SINAPI,2,0),IF(JYJ25=\"SETOP\",VLOOKUP(JYG25,SETOP,3,0),IF(JYJ25=\"CPU\",VLOOKUP(JYG25,COMPOSIÇÃO,2,0),VLOOKUP(JYG25,COTAÇÃO,3,0))))","v":"BOMBEIRO/ENCANADOR COM ENCARGOS COMPLEMENTARES"},null,"SETOP",{"$f":"IF(JYJ25=\"SINAPI\",VLOOKUP(JYG25,SINAPI,3,0),IF(JYJ25=\"SETOP\",VLOOKUP(JYG25,SETOP,4,0),IF(JYJ25=\"CPU\",VLOOKUP(JYG25,COMPOSIÇÃO,5,0),VLOOKUP(JYG25,COTAÇÃO,8,0))))","v":"HORA"},0.5,{"$f":"IF(JYJ25=\"SINAPI\",VLOOKUP(JYG25,SINAPI,4,0),IF(JYJ25=\"SETOP\",VLOOKUP(JYG25,SETOP,5,0),IF(JYJ25=\"CPU\",VLOOKUP(JYG25,COMPOSIÇÃO,8,0),VLOOKUP(JYG25,COTAÇÃO,11,0))))","v":19.149999999999999},{"$f":"JYL25*JYM25","v":9.5749999999999993},"ED-50374",{"$f":"IF(JYR25=\"SINAPI\",VLOOKUP(JYO25,SINAPI,2,0),IF(JYR25=\"SETOP\",VLOOKUP(JYO25,SETOP,3,0),IF(JYR25=\"CPU\",VLOOKUP(JYO25,COMPOSIÇÃO,2,0),VLOOKUP(JYO25,COTAÇÃO,3,0))))","v":"BOMBEIRO/ENCANADOR COM ENCARGOS COMPLEMENTARES"},null,"SETOP",{"$f":"IF(JYR25=\"SINAPI\",VLOOKUP(JYO25,SINAPI,3,0),IF(JYR25=\"SETOP\",VLOOKUP(JYO25,SETOP,4,0),IF(JYR25=\"CPU\",VLOOKUP(JYO25,COMPOSIÇÃO,5,0),VLOOKUP(JYO25,COTAÇÃO,8,0))))","v":"HORA"},0.5,{"$f":"IF(JYR25=\"SINAPI\",VLOOKUP(JYO25,SINAPI,4,0),IF(JYR25=\"SETOP\",VLOOKUP(JYO25,SETOP,5,0),IF(JYR25=\"CPU\",VLOOKUP(JYO25,COMPOSIÇÃO,8,0),VLOOKUP(JYO25,COTAÇÃO,11,0))))","v":19.149999999999999},{"$f":"JYT25*JYU25","v":9.5749999999999993},"ED-50374",{"$f":"IF(JYZ25=\"SINAPI\",VLOOKUP(JYW25,SINAPI,2,0),IF(JYZ25=\"SETOP\",VLOOKUP(JYW25,SETOP,3,0),IF(JYZ25=\"CPU\",VLOOKUP(JYW25,COMPOSIÇÃO,2,0),VLOOKUP(JYW25,COTAÇÃO,3,0))))","v":"BOMBEIRO/ENCANADOR COM ENCARGOS COMPLEMENTARES"},null,"SETOP",{"$f":"IF(JYZ25=\"SINAPI\",VLOOKUP(JYW25,SINAPI,3,0),IF(JYZ25=\"SETOP\",VLOOKUP(JYW25,SETOP,4,0),IF(JYZ25=\"CPU\",VLOOKUP(JYW25,COMPOSIÇÃO,5,0),VLOOKUP(JYW25,COTAÇÃO,8,0))))","v":"HORA"},0.5,{"$f":"IF(JYZ25=\"SINAPI\",VLOOKUP(JYW25,SINAPI,4,0),IF(JYZ25=\"SETOP\",VLOOKUP(JYW25,SETOP,5,0),IF(JYZ25=\"CPU\",VLOOKUP(JYW25,COMPOSIÇÃO,8,0),VLOOKUP(JYW25,COTAÇÃO,11,0))))","v":19.149999999999999},{"$f":"JZB25*JZC25","v":9.5749999999999993},"ED-50374",{"$f":"IF(JZH25=\"SINAPI\",VLOOKUP(JZE25,SINAPI,2,0),IF(JZH25=\"SETOP\",VLOOKUP(JZE25,SETOP,3,0),IF(JZH25=\"CPU\",VLOOKUP(JZE25,COMPOSIÇÃO,2,0),VLOOKUP(JZE25,COTAÇÃO,3,0))))","v":"BOMBEIRO/ENCANADOR COM ENCARGOS COMPLEMENTARES"},null,"SETOP",{"$f":"IF(JZH25=\"SINAPI\",VLOOKUP(JZE25,SINAPI,3,0),IF(JZH25=\"SETOP\",VLOOKUP(JZE25,SETOP,4,0),IF(JZH25=\"CPU\",VLOOKUP(JZE25,COMPOSIÇÃO,5,0),VLOOKUP(JZE25,COTAÇÃO,8,0))))","v":"HORA"},0.5,{"$f":"IF(JZH25=\"SINAPI\",VLOOKUP(JZE25,SINAPI,4,0),IF(JZH25=\"SETOP\",VLOOKUP(JZE25,SETOP,5,0),IF(JZH25=\"CPU\",VLOOKUP(JZE25,COMPOSIÇÃO,8,0),VLOOKUP(JZE25,COTAÇÃO,11,0))))","v":19.149999999999999},{"$f":"JZJ25*JZK25","v":9.5749999999999993},"ED-50374",{"$f":"IF(JZP25=\"SINAPI\",VLOOKUP(JZM25,SINAPI,2,0),IF(JZP25=\"SETOP\",VLOOKUP(JZM25,SETOP,3,0),IF(JZP25=\"CPU\",VLOOKUP(JZM25,COMPOSIÇÃO,2,0),VLOOKUP(JZM25,COTAÇÃO,3,0))))","v":"BOMBEIRO/ENCANADOR COM ENCARGOS COMPLEMENTARES"},null,"SETOP",{"$f":"IF(JZP25=\"SINAPI\",VLOOKUP(JZM25,SINAPI,3,0),IF(JZP25=\"SETOP\",VLOOKUP(JZM25,SETOP,4,0),IF(JZP25=\"CPU\",VLOOKUP(JZM25,COMPOSIÇÃO,5,0),VLOOKUP(JZM25,COTAÇÃO,8,0))))","v":"HORA"},0.5,{"$f":"IF(JZP25=\"SINAPI\",VLOOKUP(JZM25,SINAPI,4,0),IF(JZP25=\"SETOP\",VLOOKUP(JZM25,SETOP,5,0),IF(JZP25=\"CPU\",VLOOKUP(JZM25,COMPOSIÇÃO,8,0),VLOOKUP(JZM25,COTAÇÃO,11,0))))","v":19.149999999999999},{"$f":"JZR25*JZS25","v":9.5749999999999993},"ED-50374",{"$f":"IF(JZX25=\"SINAPI\",VLOOKUP(JZU25,SINAPI,2,0),IF(JZX25=\"SETOP\",VLOOKUP(JZU25,SETOP,3,0),IF(JZX25=\"CPU\",VLOOKUP(JZU25,COMPOSIÇÃO,2,0),VLOOKUP(JZU25,COTAÇÃO,3,0))))","v":"BOMBEIRO/ENCANADOR COM ENCARGOS COMPLEMENTARES"},null,"SETOP",{"$f":"IF(JZX25=\"SINAPI\",VLOOKUP(JZU25,SINAPI,3,0),IF(JZX25=\"SETOP\",VLOOKUP(JZU25,SETOP,4,0),IF(JZX25=\"CPU\",VLOOKUP(JZU25,COMPOSIÇÃO,5,0),VLOOKUP(JZU25,COTAÇÃO,8,0))))","v":"HORA"},0.5,{"$f":"IF(JZX25=\"SINAPI\",VLOOKUP(JZU25,SINAPI,4,0),IF(JZX25=\"SETOP\",VLOOKUP(JZU25,SETOP,5,0),IF(JZX25=\"CPU\",VLOOKUP(JZU25,COMPOSIÇÃO,8,0),VLOOKUP(JZU25,COTAÇÃO,11,0))))","v":19.149999999999999},{"$f":"JZZ25*KAA25","v":9.5749999999999993},"ED-50374",{"$f":"IF(KAF25=\"SINAPI\",VLOOKUP(KAC25,SINAPI,2,0),IF(KAF25=\"SETOP\",VLOOKUP(KAC25,SETOP,3,0),IF(KAF25=\"CPU\",VLOOKUP(KAC25,COMPOSIÇÃO,2,0),VLOOKUP(KAC25,COTAÇÃO,3,0))))","v":"BOMBEIRO/ENCANADOR COM ENCARGOS COMPLEMENTARES"},null,"SETOP",{"$f":"IF(KAF25=\"SINAPI\",VLOOKUP(KAC25,SINAPI,3,0),IF(KAF25=\"SETOP\",VLOOKUP(KAC25,SETOP,4,0),IF(KAF25=\"CPU\",VLOOKUP(KAC25,COMPOSIÇÃO,5,0),VLOOKUP(KAC25,COTAÇÃO,8,0))))","v":"HORA"},0.5,{"$f":"IF(KAF25=\"SINAPI\",VLOOKUP(KAC25,SINAPI,4,0),IF(KAF25=\"SETOP\",VLOOKUP(KAC25,SETOP,5,0),IF(KAF25=\"CPU\",VLOOKUP(KAC25,COMPOSIÇÃO,8,0),VLOOKUP(KAC25,COTAÇÃO,11,0))))","v":19.149999999999999},{"$f":"KAH25*KAI25","v":9.5749999999999993},"ED-50374",{"$f":"IF(KAN25=\"SINAPI\",VLOOKUP(KAK25,SINAPI,2,0),IF(KAN25=\"SETOP\",VLOOKUP(KAK25,SETOP,3,0),IF(KAN25=\"CPU\",VLOOKUP(KAK25,COMPOSIÇÃO,2,0),VLOOKUP(KAK25,COTAÇÃO,3,0))))","v":"BOMBEIRO/ENCANADOR COM ENCARGOS COMPLEMENTARES"},null,"SETOP",{"$f":"IF(KAN25=\"SINAPI\",VLOOKUP(KAK25,SINAPI,3,0),IF(KAN25=\"SETOP\",VLOOKUP(KAK25,SETOP,4,0),IF(KAN25=\"CPU\",VLOOKUP(KAK25,COMPOSIÇÃO,5,0),VLOOKUP(KAK25,COTAÇÃO,8,0))))","v":"HORA"},0.5,{"$f":"IF(KAN25=\"SINAPI\",VLOOKUP(KAK25,SINAPI,4,0),IF(KAN25=\"SETOP\",VLOOKUP(KAK25,SETOP,5,0),IF(KAN25=\"CPU\",VLOOKUP(KAK25,COMPOSIÇÃO,8,0),VLOOKUP(KAK25,COTAÇÃO,11,0))))","v":19.149999999999999},{"$f":"KAP25*KAQ25","v":9.5749999999999993},"ED-50374",{"$f":"IF(KAV25=\"SINAPI\",VLOOKUP(KAS25,SINAPI,2,0),IF(KAV25=\"SETOP\",VLOOKUP(KAS25,SETOP,3,0),IF(KAV25=\"CPU\",VLOOKUP(KAS25,COMPOSIÇÃO,2,0),VLOOKUP(KAS25,COTAÇÃO,3,0))))","v":"BOMBEIRO/ENCANADOR COM ENCARGOS COMPLEMENTARES"},null,"SETOP",{"$f":"IF(KAV25=\"SINAPI\",VLOOKUP(KAS25,SINAPI,3,0),IF(KAV25=\"SETOP\",VLOOKUP(KAS25,SETOP,4,0),IF(KAV25=\"CPU\",VLOOKUP(KAS25,COMPOSIÇÃO,5,0),VLOOKUP(KAS25,COTAÇÃO,8,0))))","v":"HORA"},0.5,{"$f":"IF(KAV25=\"SINAPI\",VLOOKUP(KAS25,SINAPI,4,0),IF(KAV25=\"SETOP\",VLOOKUP(KAS25,SETOP,5,0),IF(KAV25=\"CPU\",VLOOKUP(KAS25,COMPOSIÇÃO,8,0),VLOOKUP(KAS25,COTAÇÃO,11,0))))","v":19.149999999999999},{"$f":"KAX25*KAY25","v":9.5749999999999993},"ED-50374",{"$f":"IF(KBD25=\"SINAPI\",VLOOKUP(KBA25,SINAPI,2,0),IF(KBD25=\"SETOP\",VLOOKUP(KBA25,SETOP,3,0),IF(KBD25=\"CPU\",VLOOKUP(KBA25,COMPOSIÇÃO,2,0),VLOOKUP(KBA25,COTAÇÃO,3,0))))","v":"BOMBEIRO/ENCANADOR COM ENCARGOS COMPLEMENTARES"},null,"SETOP",{"$f":"IF(KBD25=\"SINAPI\",VLOOKUP(KBA25,SINAPI,3,0),IF(KBD25=\"SETOP\",VLOOKUP(KBA25,SETOP,4,0),IF(KBD25=\"CPU\",VLOOKUP(KBA25,COMPOSIÇÃO,5,0),VLOOKUP(KBA25,COTAÇÃO,8,0))))","v":"HORA"},0.5,{"$f":"IF(KBD25=\"SINAPI\",VLOOKUP(KBA25,SINAPI,4,0),IF(KBD25=\"SETOP\",VLOOKUP(KBA25,SETOP,5,0),IF(KBD25=\"CPU\",VLOOKUP(KBA25,COMPOSIÇÃO,8,0),VLOOKUP(KBA25,COTAÇÃO,11,0))))","v":19.149999999999999},{"$f":"KBF25*KBG25","v":9.5749999999999993},"ED-50374",{"$f":"IF(KBL25=\"SINAPI\",VLOOKUP(KBI25,SINAPI,2,0),IF(KBL25=\"SETOP\",VLOOKUP(KBI25,SETOP,3,0),IF(KBL25=\"CPU\",VLOOKUP(KBI25,COMPOSIÇÃO,2,0),VLOOKUP(KBI25,COTAÇÃO,3,0))))","v":"BOMBEIRO/ENCANADOR COM ENCARGOS COMPLEMENTARES"},null,"SETOP",{"$f":"IF(KBL25=\"SINAPI\",VLOOKUP(KBI25,SINAPI,3,0),IF(KBL25=\"SETOP\",VLOOKUP(KBI25,SETOP,4,0),IF(KBL25=\"CPU\",VLOOKUP(KBI25,COMPOSIÇÃO,5,0),VLOOKUP(KBI25,COTAÇÃO,8,0))))","v":"HORA"},0.5,{"$f":"IF(KBL25=\"SINAPI\",VLOOKUP(KBI25,SINAPI,4,0),IF(KBL25=\"SETOP\",VLOOKUP(KBI25,SETOP,5,0),IF(KBL25=\"CPU\",VLOOKUP(KBI25,COMPOSIÇÃO,8,0),VLOOKUP(KBI25,COTAÇÃO,11,0))))","v":19.149999999999999},{"$f":"KBN25*KBO25","v":9.5749999999999993},"ED-50374",{"$f":"IF(KBT25=\"SINAPI\",VLOOKUP(KBQ25,SINAPI,2,0),IF(KBT25=\"SETOP\",VLOOKUP(KBQ25,SETOP,3,0),IF(KBT25=\"CPU\",VLOOKUP(KBQ25,COMPOSIÇÃO,2,0),VLOOKUP(KBQ25,COTAÇÃO,3,0))))","v":"BOMBEIRO/ENCANADOR COM ENCARGOS COMPLEMENTARES"},null,"SETOP",{"$f":"IF(KBT25=\"SINAPI\",VLOOKUP(KBQ25,SINAPI,3,0),IF(KBT25=\"SETOP\",VLOOKUP(KBQ25,SETOP,4,0),IF(KBT25=\"CPU\",VLOOKUP(KBQ25,COMPOSIÇÃO,5,0),VLOOKUP(KBQ25,COTAÇÃO,8,0))))","v":"HORA"},0.5,{"$f":"IF(KBT25=\"SINAPI\",VLOOKUP(KBQ25,SINAPI,4,0),IF(KBT25=\"SETOP\",VLOOKUP(KBQ25,SETOP,5,0),IF(KBT25=\"CPU\",VLOOKUP(KBQ25,COMPOSIÇÃO,8,0),VLOOKUP(KBQ25,COTAÇÃO,11,0))))","v":19.149999999999999},{"$f":"KBV25*KBW25","v":9.5749999999999993},"ED-50374",{"$f":"IF(KCB25=\"SINAPI\",VLOOKUP(KBY25,SINAPI,2,0),IF(KCB25=\"SETOP\",VLOOKUP(KBY25,SETOP,3,0),IF(KCB25=\"CPU\",VLOOKUP(KBY25,COMPOSIÇÃO,2,0),VLOOKUP(KBY25,COTAÇÃO,3,0))))","v":"BOMBEIRO/ENCANADOR COM ENCARGOS COMPLEMENTARES"},null,"SETOP",{"$f":"IF(KCB25=\"SINAPI\",VLOOKUP(KBY25,SINAPI,3,0),IF(KCB25=\"SETOP\",VLOOKUP(KBY25,SETOP,4,0),IF(KCB25=\"CPU\",VLOOKUP(KBY25,COMPOSIÇÃO,5,0),VLOOKUP(KBY25,COTAÇÃO,8,0))))","v":"HORA"},0.5,{"$f":"IF(KCB25=\"SINAPI\",VLOOKUP(KBY25,SINAPI,4,0),IF(KCB25=\"SETOP\",VLOOKUP(KBY25,SETOP,5,0),IF(KCB25=\"CPU\",VLOOKUP(KBY25,COMPOSIÇÃO,8,0),VLOOKUP(KBY25,COTAÇÃO,11,0))))","v":19.149999999999999},{"$f":"KCD25*KCE25","v":9.5749999999999993},"ED-50374",{"$f":"IF(KCJ25=\"SINAPI\",VLOOKUP(KCG25,SINAPI,2,0),IF(KCJ25=\"SETOP\",VLOOKUP(KCG25,SETOP,3,0),IF(KCJ25=\"CPU\",VLOOKUP(KCG25,COMPOSIÇÃO,2,0),VLOOKUP(KCG25,COTAÇÃO,3,0))))","v":"BOMBEIRO/ENCANADOR COM ENCARGOS COMPLEMENTARES"},null,"SETOP",{"$f":"IF(KCJ25=\"SINAPI\",VLOOKUP(KCG25,SINAPI,3,0),IF(KCJ25=\"SETOP\",VLOOKUP(KCG25,SETOP,4,0),IF(KCJ25=\"CPU\",VLOOKUP(KCG25,COMPOSIÇÃO,5,0),VLOOKUP(KCG25,COTAÇÃO,8,0))))","v":"HORA"},0.5,{"$f":"IF(KCJ25=\"SINAPI\",VLOOKUP(KCG25,SINAPI,4,0),IF(KCJ25=\"SETOP\",VLOOKUP(KCG25,SETOP,5,0),IF(KCJ25=\"CPU\",VLOOKUP(KCG25,COMPOSIÇÃO,8,0),VLOOKUP(KCG25,COTAÇÃO,11,0))))","v":19.149999999999999},{"$f":"KCL25*KCM25","v":9.5749999999999993},"ED-50374",{"$f":"IF(KCR25=\"SINAPI\",VLOOKUP(KCO25,SINAPI,2,0),IF(KCR25=\"SETOP\",VLOOKUP(KCO25,SETOP,3,0),IF(KCR25=\"CPU\",VLOOKUP(KCO25,COMPOSIÇÃO,2,0),VLOOKUP(KCO25,COTAÇÃO,3,0))))","v":"BOMBEIRO/ENCANADOR COM ENCARGOS COMPLEMENTARES"},null,"SETOP",{"$f":"IF(KCR25=\"SINAPI\",VLOOKUP(KCO25,SINAPI,3,0),IF(KCR25=\"SETOP\",VLOOKUP(KCO25,SETOP,4,0),IF(KCR25=\"CPU\",VLOOKUP(KCO25,COMPOSIÇÃO,5,0),VLOOKUP(KCO25,COTAÇÃO,8,0))))","v":"HORA"},0.5,{"$f":"IF(KCR25=\"SINAPI\",VLOOKUP(KCO25,SINAPI,4,0),IF(KCR25=\"SETOP\",VLOOKUP(KCO25,SETOP,5,0),IF(KCR25=\"CPU\",VLOOKUP(KCO25,COMPOSIÇÃO,8,0),VLOOKUP(KCO25,COTAÇÃO,11,0))))","v":19.149999999999999},{"$f":"KCT25*KCU25","v":9.5749999999999993},"ED-50374",{"$f":"IF(KCZ25=\"SINAPI\",VLOOKUP(KCW25,SINAPI,2,0),IF(KCZ25=\"SETOP\",VLOOKUP(KCW25,SETOP,3,0),IF(KCZ25=\"CPU\",VLOOKUP(KCW25,COMPOSIÇÃO,2,0),VLOOKUP(KCW25,COTAÇÃO,3,0))))","v":"BOMBEIRO/ENCANADOR COM ENCARGOS COMPLEMENTARES"},null,"SETOP",{"$f":"IF(KCZ25=\"SINAPI\",VLOOKUP(KCW25,SINAPI,3,0),IF(KCZ25=\"SETOP\",VLOOKUP(KCW25,SETOP,4,0),IF(KCZ25=\"CPU\",VLOOKUP(KCW25,COMPOSIÇÃO,5,0),VLOOKUP(KCW25,COTAÇÃO,8,0))))","v":"HORA"},0.5,{"$f":"IF(KCZ25=\"SINAPI\",VLOOKUP(KCW25,SINAPI,4,0),IF(KCZ25=\"SETOP\",VLOOKUP(KCW25,SETOP,5,0),IF(KCZ25=\"CPU\",VLOOKUP(KCW25,COMPOSIÇÃO,8,0),VLOOKUP(KCW25,COTAÇÃO,11,0))))","v":19.149999999999999},{"$f":"KDB25*KDC25","v":9.5749999999999993},"ED-50374",{"$f":"IF(KDH25=\"SINAPI\",VLOOKUP(KDE25,SINAPI,2,0),IF(KDH25=\"SETOP\",VLOOKUP(KDE25,SETOP,3,0),IF(KDH25=\"CPU\",VLOOKUP(KDE25,COMPOSIÇÃO,2,0),VLOOKUP(KDE25,COTAÇÃO,3,0))))","v":"BOMBEIRO/ENCANADOR COM ENCARGOS COMPLEMENTARES"},null,"SETOP",{"$f":"IF(KDH25=\"SINAPI\",VLOOKUP(KDE25,SINAPI,3,0),IF(KDH25=\"SETOP\",VLOOKUP(KDE25,SETOP,4,0),IF(KDH25=\"CPU\",VLOOKUP(KDE25,COMPOSIÇÃO,5,0),VLOOKUP(KDE25,COTAÇÃO,8,0))))","v":"HORA"},0.5,{"$f":"IF(KDH25=\"SINAPI\",VLOOKUP(KDE25,SINAPI,4,0),IF(KDH25=\"SETOP\",VLOOKUP(KDE25,SETOP,5,0),IF(KDH25=\"CPU\",VLOOKUP(KDE25,COMPOSIÇÃO,8,0),VLOOKUP(KDE25,COTAÇÃO,11,0))))","v":19.149999999999999},{"$f":"KDJ25*KDK25","v":9.5749999999999993},"ED-50374",{"$f":"IF(KDP25=\"SINAPI\",VLOOKUP(KDM25,SINAPI,2,0),IF(KDP25=\"SETOP\",VLOOKUP(KDM25,SETOP,3,0),IF(KDP25=\"CPU\",VLOOKUP(KDM25,COMPOSIÇÃO,2,0),VLOOKUP(KDM25,COTAÇÃO,3,0))))","v":"BOMBEIRO/ENCANADOR COM ENCARGOS COMPLEMENTARES"},null,"SETOP",{"$f":"IF(KDP25=\"SINAPI\",VLOOKUP(KDM25,SINAPI,3,0),IF(KDP25=\"SETOP\",VLOOKUP(KDM25,SETOP,4,0),IF(KDP25=\"CPU\",VLOOKUP(KDM25,COMPOSIÇÃO,5,0),VLOOKUP(KDM25,COTAÇÃO,8,0))))","v":"HORA"},0.5,{"$f":"IF(KDP25=\"SINAPI\",VLOOKUP(KDM25,SINAPI,4,0),IF(KDP25=\"SETOP\",VLOOKUP(KDM25,SETOP,5,0),IF(KDP25=\"CPU\",VLOOKUP(KDM25,COMPOSIÇÃO,8,0),VLOOKUP(KDM25,COTAÇÃO,11,0))))","v":19.149999999999999},{"$f":"KDR25*KDS25","v":9.5749999999999993},"ED-50374",{"$f":"IF(KDX25=\"SINAPI\",VLOOKUP(KDU25,SINAPI,2,0),IF(KDX25=\"SETOP\",VLOOKUP(KDU25,SETOP,3,0),IF(KDX25=\"CPU\",VLOOKUP(KDU25,COMPOSIÇÃO,2,0),VLOOKUP(KDU25,COTAÇÃO,3,0))))","v":"BOMBEIRO/ENCANADOR COM ENCARGOS COMPLEMENTARES"},null,"SETOP",{"$f":"IF(KDX25=\"SINAPI\",VLOOKUP(KDU25,SINAPI,3,0),IF(KDX25=\"SETOP\",VLOOKUP(KDU25,SETOP,4,0),IF(KDX25=\"CPU\",VLOOKUP(KDU25,COMPOSIÇÃO,5,0),VLOOKUP(KDU25,COTAÇÃO,8,0))))","v":"HORA"},0.5,{"$f":"IF(KDX25=\"SINAPI\",VLOOKUP(KDU25,SINAPI,4,0),IF(KDX25=\"SETOP\",VLOOKUP(KDU25,SETOP,5,0),IF(KDX25=\"CPU\",VLOOKUP(KDU25,COMPOSIÇÃO,8,0),VLOOKUP(KDU25,COTAÇÃO,11,0))))","v":19.149999999999999},{"$f":"KDZ25*KEA25","v":9.5749999999999993},"ED-50374",{"$f":"IF(KEF25=\"SINAPI\",VLOOKUP(KEC25,SINAPI,2,0),IF(KEF25=\"SETOP\",VLOOKUP(KEC25,SETOP,3,0),IF(KEF25=\"CPU\",VLOOKUP(KEC25,COMPOSIÇÃO,2,0),VLOOKUP(KEC25,COTAÇÃO,3,0))))","v":"BOMBEIRO/ENCANADOR COM ENCARGOS COMPLEMENTARES"},null,"SETOP",{"$f":"IF(KEF25=\"SINAPI\",VLOOKUP(KEC25,SINAPI,3,0),IF(KEF25=\"SETOP\",VLOOKUP(KEC25,SETOP,4,0),IF(KEF25=\"CPU\",VLOOKUP(KEC25,COMPOSIÇÃO,5,0),VLOOKUP(KEC25,COTAÇÃO,8,0))))","v":"HORA"},0.5,{"$f":"IF(KEF25=\"SINAPI\",VLOOKUP(KEC25,SINAPI,4,0),IF(KEF25=\"SETOP\",VLOOKUP(KEC25,SETOP,5,0),IF(KEF25=\"CPU\",VLOOKUP(KEC25,COMPOSIÇÃO,8,0),VLOOKUP(KEC25,COTAÇÃO,11,0))))","v":19.149999999999999},{"$f":"KEH25*KEI25","v":9.5749999999999993},"ED-50374",{"$f":"IF(KEN25=\"SINAPI\",VLOOKUP(KEK25,SINAPI,2,0),IF(KEN25=\"SETOP\",VLOOKUP(KEK25,SETOP,3,0),IF(KEN25=\"CPU\",VLOOKUP(KEK25,COMPOSIÇÃO,2,0),VLOOKUP(KEK25,COTAÇÃO,3,0))))","v":"BOMBEIRO/ENCANADOR COM ENCARGOS COMPLEMENTARES"},null,"SETOP",{"$f":"IF(KEN25=\"SINAPI\",VLOOKUP(KEK25,SINAPI,3,0),IF(KEN25=\"SETOP\",VLOOKUP(KEK25,SETOP,4,0),IF(KEN25=\"CPU\",VLOOKUP(KEK25,COMPOSIÇÃO,5,0),VLOOKUP(KEK25,COTAÇÃO,8,0))))","v":"HORA"},0.5,{"$f":"IF(KEN25=\"SINAPI\",VLOOKUP(KEK25,SINAPI,4,0),IF(KEN25=\"SETOP\",VLOOKUP(KEK25,SETOP,5,0),IF(KEN25=\"CPU\",VLOOKUP(KEK25,COMPOSIÇÃO,8,0),VLOOKUP(KEK25,COTAÇÃO,11,0))))","v":19.149999999999999},{"$f":"KEP25*KEQ25","v":9.5749999999999993},"ED-50374",{"$f":"IF(KEV25=\"SINAPI\",VLOOKUP(KES25,SINAPI,2,0),IF(KEV25=\"SETOP\",VLOOKUP(KES25,SETOP,3,0),IF(KEV25=\"CPU\",VLOOKUP(KES25,COMPOSIÇÃO,2,0),VLOOKUP(KES25,COTAÇÃO,3,0))))","v":"BOMBEIRO/ENCANADOR COM ENCARGOS COMPLEMENTARES"},null,"SETOP",{"$f":"IF(KEV25=\"SINAPI\",VLOOKUP(KES25,SINAPI,3,0),IF(KEV25=\"SETOP\",VLOOKUP(KES25,SETOP,4,0),IF(KEV25=\"CPU\",VLOOKUP(KES25,COMPOSIÇÃO,5,0),VLOOKUP(KES25,COTAÇÃO,8,0))))","v":"HORA"},0.5,{"$f":"IF(KEV25=\"SINAPI\",VLOOKUP(KES25,SINAPI,4,0),IF(KEV25=\"SETOP\",VLOOKUP(KES25,SETOP,5,0),IF(KEV25=\"CPU\",VLOOKUP(KES25,COMPOSIÇÃO,8,0),VLOOKUP(KES25,COTAÇÃO,11,0))))","v":19.149999999999999},{"$f":"KEX25*KEY25","v":9.5749999999999993},"ED-50374",{"$f":"IF(KFD25=\"SINAPI\",VLOOKUP(KFA25,SINAPI,2,0),IF(KFD25=\"SETOP\",VLOOKUP(KFA25,SETOP,3,0),IF(KFD25=\"CPU\",VLOOKUP(KFA25,COMPOSIÇÃO,2,0),VLOOKUP(KFA25,COTAÇÃO,3,0))))","v":"BOMBEIRO/ENCANADOR COM ENCARGOS COMPLEMENTARES"},null,"SETOP",{"$f":"IF(KFD25=\"SINAPI\",VLOOKUP(KFA25,SINAPI,3,0),IF(KFD25=\"SETOP\",VLOOKUP(KFA25,SETOP,4,0),IF(KFD25=\"CPU\",VLOOKUP(KFA25,COMPOSIÇÃO,5,0),VLOOKUP(KFA25,COTAÇÃO,8,0))))","v":"HORA"},0.5,{"$f":"IF(KFD25=\"SINAPI\",VLOOKUP(KFA25,SINAPI,4,0),IF(KFD25=\"SETOP\",VLOOKUP(KFA25,SETOP,5,0),IF(KFD25=\"CPU\",VLOOKUP(KFA25,COMPOSIÇÃO,8,0),VLOOKUP(KFA25,COTAÇÃO,11,0))))","v":19.149999999999999},{"$f":"KFF25*KFG25","v":9.5749999999999993},"ED-50374",{"$f":"IF(KFL25=\"SINAPI\",VLOOKUP(KFI25,SINAPI,2,0),IF(KFL25=\"SETOP\",VLOOKUP(KFI25,SETOP,3,0),IF(KFL25=\"CPU\",VLOOKUP(KFI25,COMPOSIÇÃO,2,0),VLOOKUP(KFI25,COTAÇÃO,3,0))))","v":"BOMBEIRO/ENCANADOR COM ENCARGOS COMPLEMENTARES"},null,"SETOP",{"$f":"IF(KFL25=\"SINAPI\",VLOOKUP(KFI25,SINAPI,3,0),IF(KFL25=\"SETOP\",VLOOKUP(KFI25,SETOP,4,0),IF(KFL25=\"CPU\",VLOOKUP(KFI25,COMPOSIÇÃO,5,0),VLOOKUP(KFI25,COTAÇÃO,8,0))))","v":"HORA"},0.5,{"$f":"IF(KFL25=\"SINAPI\",VLOOKUP(KFI25,SINAPI,4,0),IF(KFL25=\"SETOP\",VLOOKUP(KFI25,SETOP,5,0),IF(KFL25=\"CPU\",VLOOKUP(KFI25,COMPOSIÇÃO,8,0),VLOOKUP(KFI25,COTAÇÃO,11,0))))","v":19.149999999999999},{"$f":"KFN25*KFO25","v":9.5749999999999993},"ED-50374",{"$f":"IF(KFT25=\"SINAPI\",VLOOKUP(KFQ25,SINAPI,2,0),IF(KFT25=\"SETOP\",VLOOKUP(KFQ25,SETOP,3,0),IF(KFT25=\"CPU\",VLOOKUP(KFQ25,COMPOSIÇÃO,2,0),VLOOKUP(KFQ25,COTAÇÃO,3,0))))","v":"BOMBEIRO/ENCANADOR COM ENCARGOS COMPLEMENTARES"},null,"SETOP",{"$f":"IF(KFT25=\"SINAPI\",VLOOKUP(KFQ25,SINAPI,3,0),IF(KFT25=\"SETOP\",VLOOKUP(KFQ25,SETOP,4,0),IF(KFT25=\"CPU\",VLOOKUP(KFQ25,COMPOSIÇÃO,5,0),VLOOKUP(KFQ25,COTAÇÃO,8,0))))","v":"HORA"},0.5,{"$f":"IF(KFT25=\"SINAPI\",VLOOKUP(KFQ25,SINAPI,4,0),IF(KFT25=\"SETOP\",VLOOKUP(KFQ25,SETOP,5,0),IF(KFT25=\"CPU\",VLOOKUP(KFQ25,COMPOSIÇÃO,8,0),VLOOKUP(KFQ25,COTAÇÃO,11,0))))","v":19.149999999999999},{"$f":"KFV25*KFW25","v":9.5749999999999993},"ED-50374",{"$f":"IF(KGB25=\"SINAPI\",VLOOKUP(KFY25,SINAPI,2,0),IF(KGB25=\"SETOP\",VLOOKUP(KFY25,SETOP,3,0),IF(KGB25=\"CPU\",VLOOKUP(KFY25,COMPOSIÇÃO,2,0),VLOOKUP(KFY25,COTAÇÃO,3,0))))","v":"BOMBEIRO/ENCANADOR COM ENCARGOS COMPLEMENTARES"},null,"SETOP",{"$f":"IF(KGB25=\"SINAPI\",VLOOKUP(KFY25,SINAPI,3,0),IF(KGB25=\"SETOP\",VLOOKUP(KFY25,SETOP,4,0),IF(KGB25=\"CPU\",VLOOKUP(KFY25,COMPOSIÇÃO,5,0),VLOOKUP(KFY25,COTAÇÃO,8,0))))","v":"HORA"},0.5,{"$f":"IF(KGB25=\"SINAPI\",VLOOKUP(KFY25,SINAPI,4,0),IF(KGB25=\"SETOP\",VLOOKUP(KFY25,SETOP,5,0),IF(KGB25=\"CPU\",VLOOKUP(KFY25,COMPOSIÇÃO,8,0),VLOOKUP(KFY25,COTAÇÃO,11,0))))","v":19.149999999999999},{"$f":"KGD25*KGE25","v":9.5749999999999993},"ED-50374",{"$f":"IF(KGJ25=\"SINAPI\",VLOOKUP(KGG25,SINAPI,2,0),IF(KGJ25=\"SETOP\",VLOOKUP(KGG25,SETOP,3,0),IF(KGJ25=\"CPU\",VLOOKUP(KGG25,COMPOSIÇÃO,2,0),VLOOKUP(KGG25,COTAÇÃO,3,0))))","v":"BOMBEIRO/ENCANADOR COM ENCARGOS COMPLEMENTARES"},null,"SETOP",{"$f":"IF(KGJ25=\"SINAPI\",VLOOKUP(KGG25,SINAPI,3,0),IF(KGJ25=\"SETOP\",VLOOKUP(KGG25,SETOP,4,0),IF(KGJ25=\"CPU\",VLOOKUP(KGG25,COMPOSIÇÃO,5,0),VLOOKUP(KGG25,COTAÇÃO,8,0))))","v":"HORA"},0.5,{"$f":"IF(KGJ25=\"SINAPI\",VLOOKUP(KGG25,SINAPI,4,0),IF(KGJ25=\"SETOP\",VLOOKUP(KGG25,SETOP,5,0),IF(KGJ25=\"CPU\",VLOOKUP(KGG25,COMPOSIÇÃO,8,0),VLOOKUP(KGG25,COTAÇÃO,11,0))))","v":19.149999999999999},{"$f":"KGL25*KGM25","v":9.5749999999999993},"ED-50374",{"$f":"IF(KGR25=\"SINAPI\",VLOOKUP(KGO25,SINAPI,2,0),IF(KGR25=\"SETOP\",VLOOKUP(KGO25,SETOP,3,0),IF(KGR25=\"CPU\",VLOOKUP(KGO25,COMPOSIÇÃO,2,0),VLOOKUP(KGO25,COTAÇÃO,3,0))))","v":"BOMBEIRO/ENCANADOR COM ENCARGOS COMPLEMENTARES"},null,"SETOP",{"$f":"IF(KGR25=\"SINAPI\",VLOOKUP(KGO25,SINAPI,3,0),IF(KGR25=\"SETOP\",VLOOKUP(KGO25,SETOP,4,0),IF(KGR25=\"CPU\",VLOOKUP(KGO25,COMPOSIÇÃO,5,0),VLOOKUP(KGO25,COTAÇÃO,8,0))))","v":"HORA"},0.5,{"$f":"IF(KGR25=\"SINAPI\",VLOOKUP(KGO25,SINAPI,4,0),IF(KGR25=\"SETOP\",VLOOKUP(KGO25,SETOP,5,0),IF(KGR25=\"CPU\",VLOOKUP(KGO25,COMPOSIÇÃO,8,0),VLOOKUP(KGO25,COTAÇÃO,11,0))))","v":19.149999999999999},{"$f":"KGT25*KGU25","v":9.5749999999999993},"ED-50374",{"$f":"IF(KGZ25=\"SINAPI\",VLOOKUP(KGW25,SINAPI,2,0),IF(KGZ25=\"SETOP\",VLOOKUP(KGW25,SETOP,3,0),IF(KGZ25=\"CPU\",VLOOKUP(KGW25,COMPOSIÇÃO,2,0),VLOOKUP(KGW25,COTAÇÃO,3,0))))","v":"BOMBEIRO/ENCANADOR COM ENCARGOS COMPLEMENTARES"},null,"SETOP",{"$f":"IF(KGZ25=\"SINAPI\",VLOOKUP(KGW25,SINAPI,3,0),IF(KGZ25=\"SETOP\",VLOOKUP(KGW25,SETOP,4,0),IF(KGZ25=\"CPU\",VLOOKUP(KGW25,COMPOSIÇÃO,5,0),VLOOKUP(KGW25,COTAÇÃO,8,0))))","v":"HORA"},0.5,{"$f":"IF(KGZ25=\"SINAPI\",VLOOKUP(KGW25,SINAPI,4,0),IF(KGZ25=\"SETOP\",VLOOKUP(KGW25,SETOP,5,0),IF(KGZ25=\"CPU\",VLOOKUP(KGW25,COMPOSIÇÃO,8,0),VLOOKUP(KGW25,COTAÇÃO,11,0))))","v":19.149999999999999},{"$f":"KHB25*KHC25","v":9.5749999999999993},"ED-50374",{"$f":"IF(KHH25=\"SINAPI\",VLOOKUP(KHE25,SINAPI,2,0),IF(KHH25=\"SETOP\",VLOOKUP(KHE25,SETOP,3,0),IF(KHH25=\"CPU\",VLOOKUP(KHE25,COMPOSIÇÃO,2,0),VLOOKUP(KHE25,COTAÇÃO,3,0))))","v":"BOMBEIRO/ENCANADOR COM ENCARGOS COMPLEMENTARES"},null,"SETOP",{"$f":"IF(KHH25=\"SINAPI\",VLOOKUP(KHE25,SINAPI,3,0),IF(KHH25=\"SETOP\",VLOOKUP(KHE25,SETOP,4,0),IF(KHH25=\"CPU\",VLOOKUP(KHE25,COMPOSIÇÃO,5,0),VLOOKUP(KHE25,COTAÇÃO,8,0))))","v":"HORA"},0.5,{"$f":"IF(KHH25=\"SINAPI\",VLOOKUP(KHE25,SINAPI,4,0),IF(KHH25=\"SETOP\",VLOOKUP(KHE25,SETOP,5,0),IF(KHH25=\"CPU\",VLOOKUP(KHE25,COMPOSIÇÃO,8,0),VLOOKUP(KHE25,COTAÇÃO,11,0))))","v":19.149999999999999},{"$f":"KHJ25*KHK25","v":9.5749999999999993},"ED-50374",{"$f":"IF(KHP25=\"SINAPI\",VLOOKUP(KHM25,SINAPI,2,0),IF(KHP25=\"SETOP\",VLOOKUP(KHM25,SETOP,3,0),IF(KHP25=\"CPU\",VLOOKUP(KHM25,COMPOSIÇÃO,2,0),VLOOKUP(KHM25,COTAÇÃO,3,0))))","v":"BOMBEIRO/ENCANADOR COM ENCARGOS COMPLEMENTARES"},null,"SETOP",{"$f":"IF(KHP25=\"SINAPI\",VLOOKUP(KHM25,SINAPI,3,0),IF(KHP25=\"SETOP\",VLOOKUP(KHM25,SETOP,4,0),IF(KHP25=\"CPU\",VLOOKUP(KHM25,COMPOSIÇÃO,5,0),VLOOKUP(KHM25,COTAÇÃO,8,0))))","v":"HORA"},0.5,{"$f":"IF(KHP25=\"SINAPI\",VLOOKUP(KHM25,SINAPI,4,0),IF(KHP25=\"SETOP\",VLOOKUP(KHM25,SETOP,5,0),IF(KHP25=\"CPU\",VLOOKUP(KHM25,COMPOSIÇÃO,8,0),VLOOKUP(KHM25,COTAÇÃO,11,0))))","v":19.149999999999999},{"$f":"KHR25*KHS25","v":9.5749999999999993},"ED-50374",{"$f":"IF(KHX25=\"SINAPI\",VLOOKUP(KHU25,SINAPI,2,0),IF(KHX25=\"SETOP\",VLOOKUP(KHU25,SETOP,3,0),IF(KHX25=\"CPU\",VLOOKUP(KHU25,COMPOSIÇÃO,2,0),VLOOKUP(KHU25,COTAÇÃO,3,0))))","v":"BOMBEIRO/ENCANADOR COM ENCARGOS COMPLEMENTARES"},null,"SETOP",{"$f":"IF(KHX25=\"SINAPI\",VLOOKUP(KHU25,SINAPI,3,0),IF(KHX25=\"SETOP\",VLOOKUP(KHU25,SETOP,4,0),IF(KHX25=\"CPU\",VLOOKUP(KHU25,COMPOSIÇÃO,5,0),VLOOKUP(KHU25,COTAÇÃO,8,0))))","v":"HORA"},0.5,{"$f":"IF(KHX25=\"SINAPI\",VLOOKUP(KHU25,SINAPI,4,0),IF(KHX25=\"SETOP\",VLOOKUP(KHU25,SETOP,5,0),IF(KHX25=\"CPU\",VLOOKUP(KHU25,COMPOSIÇÃO,8,0),VLOOKUP(KHU25,COTAÇÃO,11,0))))","v":19.149999999999999},{"$f":"KHZ25*KIA25","v":9.5749999999999993},"ED-50374",{"$f":"IF(KIF25=\"SINAPI\",VLOOKUP(KIC25,SINAPI,2,0),IF(KIF25=\"SETOP\",VLOOKUP(KIC25,SETOP,3,0),IF(KIF25=\"CPU\",VLOOKUP(KIC25,COMPOSIÇÃO,2,0),VLOOKUP(KIC25,COTAÇÃO,3,0))))","v":"BOMBEIRO/ENCANADOR COM ENCARGOS COMPLEMENTARES"},null,"SETOP",{"$f":"IF(KIF25=\"SINAPI\",VLOOKUP(KIC25,SINAPI,3,0),IF(KIF25=\"SETOP\",VLOOKUP(KIC25,SETOP,4,0),IF(KIF25=\"CPU\",VLOOKUP(KIC25,COMPOSIÇÃO,5,0),VLOOKUP(KIC25,COTAÇÃO,8,0))))","v":"HORA"},0.5,{"$f":"IF(KIF25=\"SINAPI\",VLOOKUP(KIC25,SINAPI,4,0),IF(KIF25=\"SETOP\",VLOOKUP(KIC25,SETOP,5,0),IF(KIF25=\"CPU\",VLOOKUP(KIC25,COMPOSIÇÃO,8,0),VLOOKUP(KIC25,COTAÇÃO,11,0))))","v":19.149999999999999},{"$f":"KIH25*KII25","v":9.5749999999999993},"ED-50374",{"$f":"IF(KIN25=\"SINAPI\",VLOOKUP(KIK25,SINAPI,2,0),IF(KIN25=\"SETOP\",VLOOKUP(KIK25,SETOP,3,0),IF(KIN25=\"CPU\",VLOOKUP(KIK25,COMPOSIÇÃO,2,0),VLOOKUP(KIK25,COTAÇÃO,3,0))))","v":"BOMBEIRO/ENCANADOR COM ENCARGOS COMPLEMENTARES"},null,"SETOP",{"$f":"IF(KIN25=\"SINAPI\",VLOOKUP(KIK25,SINAPI,3,0),IF(KIN25=\"SETOP\",VLOOKUP(KIK25,SETOP,4,0),IF(KIN25=\"CPU\",VLOOKUP(KIK25,COMPOSIÇÃO,5,0),VLOOKUP(KIK25,COTAÇÃO,8,0))))","v":"HORA"},0.5,{"$f":"IF(KIN25=\"SINAPI\",VLOOKUP(KIK25,SINAPI,4,0),IF(KIN25=\"SETOP\",VLOOKUP(KIK25,SETOP,5,0),IF(KIN25=\"CPU\",VLOOKUP(KIK25,COMPOSIÇÃO,8,0),VLOOKUP(KIK25,COTAÇÃO,11,0))))","v":19.149999999999999},{"$f":"KIP25*KIQ25","v":9.5749999999999993},"ED-50374",{"$f":"IF(KIV25=\"SINAPI\",VLOOKUP(KIS25,SINAPI,2,0),IF(KIV25=\"SETOP\",VLOOKUP(KIS25,SETOP,3,0),IF(KIV25=\"CPU\",VLOOKUP(KIS25,COMPOSIÇÃO,2,0),VLOOKUP(KIS25,COTAÇÃO,3,0))))","v":"BOMBEIRO/ENCANADOR COM ENCARGOS COMPLEMENTARES"},null,"SETOP",{"$f":"IF(KIV25=\"SINAPI\",VLOOKUP(KIS25,SINAPI,3,0),IF(KIV25=\"SETOP\",VLOOKUP(KIS25,SETOP,4,0),IF(KIV25=\"CPU\",VLOOKUP(KIS25,COMPOSIÇÃO,5,0),VLOOKUP(KIS25,COTAÇÃO,8,0))))","v":"HORA"},0.5,{"$f":"IF(KIV25=\"SINAPI\",VLOOKUP(KIS25,SINAPI,4,0),IF(KIV25=\"SETOP\",VLOOKUP(KIS25,SETOP,5,0),IF(KIV25=\"CPU\",VLOOKUP(KIS25,COMPOSIÇÃO,8,0),VLOOKUP(KIS25,COTAÇÃO,11,0))))","v":19.149999999999999},{"$f":"KIX25*KIY25","v":9.5749999999999993},"ED-50374",{"$f":"IF(KJD25=\"SINAPI\",VLOOKUP(KJA25,SINAPI,2,0),IF(KJD25=\"SETOP\",VLOOKUP(KJA25,SETOP,3,0),IF(KJD25=\"CPU\",VLOOKUP(KJA25,COMPOSIÇÃO,2,0),VLOOKUP(KJA25,COTAÇÃO,3,0))))","v":"BOMBEIRO/ENCANADOR COM ENCARGOS COMPLEMENTARES"},null,"SETOP",{"$f":"IF(KJD25=\"SINAPI\",VLOOKUP(KJA25,SINAPI,3,0),IF(KJD25=\"SETOP\",VLOOKUP(KJA25,SETOP,4,0),IF(KJD25=\"CPU\",VLOOKUP(KJA25,COMPOSIÇÃO,5,0),VLOOKUP(KJA25,COTAÇÃO,8,0))))","v":"HORA"},0.5,{"$f":"IF(KJD25=\"SINAPI\",VLOOKUP(KJA25,SINAPI,4,0),IF(KJD25=\"SETOP\",VLOOKUP(KJA25,SETOP,5,0),IF(KJD25=\"CPU\",VLOOKUP(KJA25,COMPOSIÇÃO,8,0),VLOOKUP(KJA25,COTAÇÃO,11,0))))","v":19.149999999999999},{"$f":"KJF25*KJG25","v":9.5749999999999993},"ED-50374",{"$f":"IF(KJL25=\"SINAPI\",VLOOKUP(KJI25,SINAPI,2,0),IF(KJL25=\"SETOP\",VLOOKUP(KJI25,SETOP,3,0),IF(KJL25=\"CPU\",VLOOKUP(KJI25,COMPOSIÇÃO,2,0),VLOOKUP(KJI25,COTAÇÃO,3,0))))","v":"BOMBEIRO/ENCANADOR COM ENCARGOS COMPLEMENTARES"},null,"SETOP",{"$f":"IF(KJL25=\"SINAPI\",VLOOKUP(KJI25,SINAPI,3,0),IF(KJL25=\"SETOP\",VLOOKUP(KJI25,SETOP,4,0),IF(KJL25=\"CPU\",VLOOKUP(KJI25,COMPOSIÇÃO,5,0),VLOOKUP(KJI25,COTAÇÃO,8,0))))","v":"HORA"},0.5,{"$f":"IF(KJL25=\"SINAPI\",VLOOKUP(KJI25,SINAPI,4,0),IF(KJL25=\"SETOP\",VLOOKUP(KJI25,SETOP,5,0),IF(KJL25=\"CPU\",VLOOKUP(KJI25,COMPOSIÇÃO,8,0),VLOOKUP(KJI25,COTAÇÃO,11,0))))","v":19.149999999999999},{"$f":"KJN25*KJO25","v":9.5749999999999993},"ED-50374",{"$f":"IF(KJT25=\"SINAPI\",VLOOKUP(KJQ25,SINAPI,2,0),IF(KJT25=\"SETOP\",VLOOKUP(KJQ25,SETOP,3,0),IF(KJT25=\"CPU\",VLOOKUP(KJQ25,COMPOSIÇÃO,2,0),VLOOKUP(KJQ25,COTAÇÃO,3,0))))","v":"BOMBEIRO/ENCANADOR COM ENCARGOS COMPLEMENTARES"},null,"SETOP",{"$f":"IF(KJT25=\"SINAPI\",VLOOKUP(KJQ25,SINAPI,3,0),IF(KJT25=\"SETOP\",VLOOKUP(KJQ25,SETOP,4,0),IF(KJT25=\"CPU\",VLOOKUP(KJQ25,COMPOSIÇÃO,5,0),VLOOKUP(KJQ25,COTAÇÃO,8,0))))","v":"HORA"},0.5,{"$f":"IF(KJT25=\"SINAPI\",VLOOKUP(KJQ25,SINAPI,4,0),IF(KJT25=\"SETOP\",VLOOKUP(KJQ25,SETOP,5,0),IF(KJT25=\"CPU\",VLOOKUP(KJQ25,COMPOSIÇÃO,8,0),VLOOKUP(KJQ25,COTAÇÃO,11,0))))","v":19.149999999999999},{"$f":"KJV25*KJW25","v":9.5749999999999993},"ED-50374",{"$f":"IF(KKB25=\"SINAPI\",VLOOKUP(KJY25,SINAPI,2,0),IF(KKB25=\"SETOP\",VLOOKUP(KJY25,SETOP,3,0),IF(KKB25=\"CPU\",VLOOKUP(KJY25,COMPOSIÇÃO,2,0),VLOOKUP(KJY25,COTAÇÃO,3,0))))","v":"BOMBEIRO/ENCANADOR COM ENCARGOS COMPLEMENTARES"},null,"SETOP",{"$f":"IF(KKB25=\"SINAPI\",VLOOKUP(KJY25,SINAPI,3,0),IF(KKB25=\"SETOP\",VLOOKUP(KJY25,SETOP,4,0),IF(KKB25=\"CPU\",VLOOKUP(KJY25,COMPOSIÇÃO,5,0),VLOOKUP(KJY25,COTAÇÃO,8,0))))","v":"HORA"},0.5,{"$f":"IF(KKB25=\"SINAPI\",VLOOKUP(KJY25,SINAPI,4,0),IF(KKB25=\"SETOP\",VLOOKUP(KJY25,SETOP,5,0),IF(KKB25=\"CPU\",VLOOKUP(KJY25,COMPOSIÇÃO,8,0),VLOOKUP(KJY25,COTAÇÃO,11,0))))","v":19.149999999999999},{"$f":"KKD25*KKE25","v":9.5749999999999993},"ED-50374",{"$f":"IF(KKJ25=\"SINAPI\",VLOOKUP(KKG25,SINAPI,2,0),IF(KKJ25=\"SETOP\",VLOOKUP(KKG25,SETOP,3,0),IF(KKJ25=\"CPU\",VLOOKUP(KKG25,COMPOSIÇÃO,2,0),VLOOKUP(KKG25,COTAÇÃO,3,0))))","v":"BOMBEIRO/ENCANADOR COM ENCARGOS COMPLEMENTARES"},null,"SETOP",{"$f":"IF(KKJ25=\"SINAPI\",VLOOKUP(KKG25,SINAPI,3,0),IF(KKJ25=\"SETOP\",VLOOKUP(KKG25,SETOP,4,0),IF(KKJ25=\"CPU\",VLOOKUP(KKG25,COMPOSIÇÃO,5,0),VLOOKUP(KKG25,COTAÇÃO,8,0))))","v":"HORA"},0.5,{"$f":"IF(KKJ25=\"SINAPI\",VLOOKUP(KKG25,SINAPI,4,0),IF(KKJ25=\"SETOP\",VLOOKUP(KKG25,SETOP,5,0),IF(KKJ25=\"CPU\",VLOOKUP(KKG25,COMPOSIÇÃO,8,0),VLOOKUP(KKG25,COTAÇÃO,11,0))))","v":19.149999999999999},{"$f":"KKL25*KKM25","v":9.5749999999999993},"ED-50374",{"$f":"IF(KKR25=\"SINAPI\",VLOOKUP(KKO25,SINAPI,2,0),IF(KKR25=\"SETOP\",VLOOKUP(KKO25,SETOP,3,0),IF(KKR25=\"CPU\",VLOOKUP(KKO25,COMPOSIÇÃO,2,0),VLOOKUP(KKO25,COTAÇÃO,3,0))))","v":"BOMBEIRO/ENCANADOR COM ENCARGOS COMPLEMENTARES"},null,"SETOP",{"$f":"IF(KKR25=\"SINAPI\",VLOOKUP(KKO25,SINAPI,3,0),IF(KKR25=\"SETOP\",VLOOKUP(KKO25,SETOP,4,0),IF(KKR25=\"CPU\",VLOOKUP(KKO25,COMPOSIÇÃO,5,0),VLOOKUP(KKO25,COTAÇÃO,8,0))))","v":"HORA"},0.5,{"$f":"IF(KKR25=\"SINAPI\",VLOOKUP(KKO25,SINAPI,4,0),IF(KKR25=\"SETOP\",VLOOKUP(KKO25,SETOP,5,0),IF(KKR25=\"CPU\",VLOOKUP(KKO25,COMPOSIÇÃO,8,0),VLOOKUP(KKO25,COTAÇÃO,11,0))))","v":19.149999999999999},{"$f":"KKT25*KKU25","v":9.5749999999999993},"ED-50374",{"$f":"IF(KKZ25=\"SINAPI\",VLOOKUP(KKW25,SINAPI,2,0),IF(KKZ25=\"SETOP\",VLOOKUP(KKW25,SETOP,3,0),IF(KKZ25=\"CPU\",VLOOKUP(KKW25,COMPOSIÇÃO,2,0),VLOOKUP(KKW25,COTAÇÃO,3,0))))","v":"BOMBEIRO/ENCANADOR COM ENCARGOS COMPLEMENTARES"},null,"SETOP",{"$f":"IF(KKZ25=\"SINAPI\",VLOOKUP(KKW25,SINAPI,3,0),IF(KKZ25=\"SETOP\",VLOOKUP(KKW25,SETOP,4,0),IF(KKZ25=\"CPU\",VLOOKUP(KKW25,COMPOSIÇÃO,5,0),VLOOKUP(KKW25,COTAÇÃO,8,0))))","v":"HORA"},0.5,{"$f":"IF(KKZ25=\"SINAPI\",VLOOKUP(KKW25,SINAPI,4,0),IF(KKZ25=\"SETOP\",VLOOKUP(KKW25,SETOP,5,0),IF(KKZ25=\"CPU\",VLOOKUP(KKW25,COMPOSIÇÃO,8,0),VLOOKUP(KKW25,COTAÇÃO,11,0))))","v":19.149999999999999},{"$f":"KLB25*KLC25","v":9.5749999999999993},"ED-50374",{"$f":"IF(KLH25=\"SINAPI\",VLOOKUP(KLE25,SINAPI,2,0),IF(KLH25=\"SETOP\",VLOOKUP(KLE25,SETOP,3,0),IF(KLH25=\"CPU\",VLOOKUP(KLE25,COMPOSIÇÃO,2,0),VLOOKUP(KLE25,COTAÇÃO,3,0))))","v":"BOMBEIRO/ENCANADOR COM ENCARGOS COMPLEMENTARES"},null,"SETOP",{"$f":"IF(KLH25=\"SINAPI\",VLOOKUP(KLE25,SINAPI,3,0),IF(KLH25=\"SETOP\",VLOOKUP(KLE25,SETOP,4,0),IF(KLH25=\"CPU\",VLOOKUP(KLE25,COMPOSIÇÃO,5,0),VLOOKUP(KLE25,COTAÇÃO,8,0))))","v":"HORA"},0.5,{"$f":"IF(KLH25=\"SINAPI\",VLOOKUP(KLE25,SINAPI,4,0),IF(KLH25=\"SETOP\",VLOOKUP(KLE25,SETOP,5,0),IF(KLH25=\"CPU\",VLOOKUP(KLE25,COMPOSIÇÃO,8,0),VLOOKUP(KLE25,COTAÇÃO,11,0))))","v":19.149999999999999},{"$f":"KLJ25*KLK25","v":9.5749999999999993},"ED-50374",{"$f":"IF(KLP25=\"SINAPI\",VLOOKUP(KLM25,SINAPI,2,0),IF(KLP25=\"SETOP\",VLOOKUP(KLM25,SETOP,3,0),IF(KLP25=\"CPU\",VLOOKUP(KLM25,COMPOSIÇÃO,2,0),VLOOKUP(KLM25,COTAÇÃO,3,0))))","v":"BOMBEIRO/ENCANADOR COM ENCARGOS COMPLEMENTARES"},null,"SETOP",{"$f":"IF(KLP25=\"SINAPI\",VLOOKUP(KLM25,SINAPI,3,0),IF(KLP25=\"SETOP\",VLOOKUP(KLM25,SETOP,4,0),IF(KLP25=\"CPU\",VLOOKUP(KLM25,COMPOSIÇÃO,5,0),VLOOKUP(KLM25,COTAÇÃO,8,0))))","v":"HORA"},0.5,{"$f":"IF(KLP25=\"SINAPI\",VLOOKUP(KLM25,SINAPI,4,0),IF(KLP25=\"SETOP\",VLOOKUP(KLM25,SETOP,5,0),IF(KLP25=\"CPU\",VLOOKUP(KLM25,COMPOSIÇÃO,8,0),VLOOKUP(KLM25,COTAÇÃO,11,0))))","v":19.149999999999999},{"$f":"KLR25*KLS25","v":9.5749999999999993},"ED-50374",{"$f":"IF(KLX25=\"SINAPI\",VLOOKUP(KLU25,SINAPI,2,0),IF(KLX25=\"SETOP\",VLOOKUP(KLU25,SETOP,3,0),IF(KLX25=\"CPU\",VLOOKUP(KLU25,COMPOSIÇÃO,2,0),VLOOKUP(KLU25,COTAÇÃO,3,0))))","v":"BOMBEIRO/ENCANADOR COM ENCARGOS COMPLEMENTARES"},null,"SETOP",{"$f":"IF(KLX25=\"SINAPI\",VLOOKUP(KLU25,SINAPI,3,0),IF(KLX25=\"SETOP\",VLOOKUP(KLU25,SETOP,4,0),IF(KLX25=\"CPU\",VLOOKUP(KLU25,COMPOSIÇÃO,5,0),VLOOKUP(KLU25,COTAÇÃO,8,0))))","v":"HORA"},0.5,{"$f":"IF(KLX25=\"SINAPI\",VLOOKUP(KLU25,SINAPI,4,0),IF(KLX25=\"SETOP\",VLOOKUP(KLU25,SETOP,5,0),IF(KLX25=\"CPU\",VLOOKUP(KLU25,COMPOSIÇÃO,8,0),VLOOKUP(KLU25,COTAÇÃO,11,0))))","v":19.149999999999999},{"$f":"KLZ25*KMA25","v":9.5749999999999993},"ED-50374",{"$f":"IF(KMF25=\"SINAPI\",VLOOKUP(KMC25,SINAPI,2,0),IF(KMF25=\"SETOP\",VLOOKUP(KMC25,SETOP,3,0),IF(KMF25=\"CPU\",VLOOKUP(KMC25,COMPOSIÇÃO,2,0),VLOOKUP(KMC25,COTAÇÃO,3,0))))","v":"BOMBEIRO/ENCANADOR COM ENCARGOS COMPLEMENTARES"},null,"SETOP",{"$f":"IF(KMF25=\"SINAPI\",VLOOKUP(KMC25,SINAPI,3,0),IF(KMF25=\"SETOP\",VLOOKUP(KMC25,SETOP,4,0),IF(KMF25=\"CPU\",VLOOKUP(KMC25,COMPOSIÇÃO,5,0),VLOOKUP(KMC25,COTAÇÃO,8,0))))","v":"HORA"},0.5,{"$f":"IF(KMF25=\"SINAPI\",VLOOKUP(KMC25,SINAPI,4,0),IF(KMF25=\"SETOP\",VLOOKUP(KMC25,SETOP,5,0),IF(KMF25=\"CPU\",VLOOKUP(KMC25,COMPOSIÇÃO,8,0),VLOOKUP(KMC25,COTAÇÃO,11,0))))","v":19.149999999999999},{"$f":"KMH25*KMI25","v":9.5749999999999993},"ED-50374",{"$f":"IF(KMN25=\"SINAPI\",VLOOKUP(KMK25,SINAPI,2,0),IF(KMN25=\"SETOP\",VLOOKUP(KMK25,SETOP,3,0),IF(KMN25=\"CPU\",VLOOKUP(KMK25,COMPOSIÇÃO,2,0),VLOOKUP(KMK25,COTAÇÃO,3,0))))","v":"BOMBEIRO/ENCANADOR COM ENCARGOS COMPLEMENTARES"},null,"SETOP",{"$f":"IF(KMN25=\"SINAPI\",VLOOKUP(KMK25,SINAPI,3,0),IF(KMN25=\"SETOP\",VLOOKUP(KMK25,SETOP,4,0),IF(KMN25=\"CPU\",VLOOKUP(KMK25,COMPOSIÇÃO,5,0),VLOOKUP(KMK25,COTAÇÃO,8,0))))","v":"HORA"},0.5,{"$f":"IF(KMN25=\"SINAPI\",VLOOKUP(KMK25,SINAPI,4,0),IF(KMN25=\"SETOP\",VLOOKUP(KMK25,SETOP,5,0),IF(KMN25=\"CPU\",VLOOKUP(KMK25,COMPOSIÇÃO,8,0),VLOOKUP(KMK25,COTAÇÃO,11,0))))","v":19.149999999999999},{"$f":"KMP25*KMQ25","v":9.5749999999999993},"ED-50374",{"$f":"IF(KMV25=\"SINAPI\",VLOOKUP(KMS25,SINAPI,2,0),IF(KMV25=\"SETOP\",VLOOKUP(KMS25,SETOP,3,0),IF(KMV25=\"CPU\",VLOOKUP(KMS25,COMPOSIÇÃO,2,0),VLOOKUP(KMS25,COTAÇÃO,3,0))))","v":"BOMBEIRO/ENCANADOR COM ENCARGOS COMPLEMENTARES"},null,"SETOP",{"$f":"IF(KMV25=\"SINAPI\",VLOOKUP(KMS25,SINAPI,3,0),IF(KMV25=\"SETOP\",VLOOKUP(KMS25,SETOP,4,0),IF(KMV25=\"CPU\",VLOOKUP(KMS25,COMPOSIÇÃO,5,0),VLOOKUP(KMS25,COTAÇÃO,8,0))))","v":"HORA"},0.5,{"$f":"IF(KMV25=\"SINAPI\",VLOOKUP(KMS25,SINAPI,4,0),IF(KMV25=\"SETOP\",VLOOKUP(KMS25,SETOP,5,0),IF(KMV25=\"CPU\",VLOOKUP(KMS25,COMPOSIÇÃO,8,0),VLOOKUP(KMS25,COTAÇÃO,11,0))))","v":19.149999999999999},{"$f":"KMX25*KMY25","v":9.5749999999999993},"ED-50374",{"$f":"IF(KND25=\"SINAPI\",VLOOKUP(KNA25,SINAPI,2,0),IF(KND25=\"SETOP\",VLOOKUP(KNA25,SETOP,3,0),IF(KND25=\"CPU\",VLOOKUP(KNA25,COMPOSIÇÃO,2,0),VLOOKUP(KNA25,COTAÇÃO,3,0))))","v":"BOMBEIRO/ENCANADOR COM ENCARGOS COMPLEMENTARES"},null,"SETOP",{"$f":"IF(KND25=\"SINAPI\",VLOOKUP(KNA25,SINAPI,3,0),IF(KND25=\"SETOP\",VLOOKUP(KNA25,SETOP,4,0),IF(KND25=\"CPU\",VLOOKUP(KNA25,COMPOSIÇÃO,5,0),VLOOKUP(KNA25,COTAÇÃO,8,0))))","v":"HORA"},0.5,{"$f":"IF(KND25=\"SINAPI\",VLOOKUP(KNA25,SINAPI,4,0),IF(KND25=\"SETOP\",VLOOKUP(KNA25,SETOP,5,0),IF(KND25=\"CPU\",VLOOKUP(KNA25,COMPOSIÇÃO,8,0),VLOOKUP(KNA25,COTAÇÃO,11,0))))","v":19.149999999999999},{"$f":"KNF25*KNG25","v":9.5749999999999993},"ED-50374",{"$f":"IF(KNL25=\"SINAPI\",VLOOKUP(KNI25,SINAPI,2,0),IF(KNL25=\"SETOP\",VLOOKUP(KNI25,SETOP,3,0),IF(KNL25=\"CPU\",VLOOKUP(KNI25,COMPOSIÇÃO,2,0),VLOOKUP(KNI25,COTAÇÃO,3,0))))","v":"BOMBEIRO/ENCANADOR COM ENCARGOS COMPLEMENTARES"},null,"SETOP",{"$f":"IF(KNL25=\"SINAPI\",VLOOKUP(KNI25,SINAPI,3,0),IF(KNL25=\"SETOP\",VLOOKUP(KNI25,SETOP,4,0),IF(KNL25=\"CPU\",VLOOKUP(KNI25,COMPOSIÇÃO,5,0),VLOOKUP(KNI25,COTAÇÃO,8,0))))","v":"HORA"},0.5,{"$f":"IF(KNL25=\"SINAPI\",VLOOKUP(KNI25,SINAPI,4,0),IF(KNL25=\"SETOP\",VLOOKUP(KNI25,SETOP,5,0),IF(KNL25=\"CPU\",VLOOKUP(KNI25,COMPOSIÇÃO,8,0),VLOOKUP(KNI25,COTAÇÃO,11,0))))","v":19.149999999999999},{"$f":"KNN25*KNO25","v":9.5749999999999993},"ED-50374",{"$f":"IF(KNT25=\"SINAPI\",VLOOKUP(KNQ25,SINAPI,2,0),IF(KNT25=\"SETOP\",VLOOKUP(KNQ25,SETOP,3,0),IF(KNT25=\"CPU\",VLOOKUP(KNQ25,COMPOSIÇÃO,2,0),VLOOKUP(KNQ25,COTAÇÃO,3,0))))","v":"BOMBEIRO/ENCANADOR COM ENCARGOS COMPLEMENTARES"},null,"SETOP",{"$f":"IF(KNT25=\"SINAPI\",VLOOKUP(KNQ25,SINAPI,3,0),IF(KNT25=\"SETOP\",VLOOKUP(KNQ25,SETOP,4,0),IF(KNT25=\"CPU\",VLOOKUP(KNQ25,COMPOSIÇÃO,5,0),VLOOKUP(KNQ25,COTAÇÃO,8,0))))","v":"HORA"},0.5,{"$f":"IF(KNT25=\"SINAPI\",VLOOKUP(KNQ25,SINAPI,4,0),IF(KNT25=\"SETOP\",VLOOKUP(KNQ25,SETOP,5,0),IF(KNT25=\"CPU\",VLOOKUP(KNQ25,COMPOSIÇÃO,8,0),VLOOKUP(KNQ25,COTAÇÃO,11,0))))","v":19.149999999999999},{"$f":"KNV25*KNW25","v":9.5749999999999993},"ED-50374",{"$f":"IF(KOB25=\"SINAPI\",VLOOKUP(KNY25,SINAPI,2,0),IF(KOB25=\"SETOP\",VLOOKUP(KNY25,SETOP,3,0),IF(KOB25=\"CPU\",VLOOKUP(KNY25,COMPOSIÇÃO,2,0),VLOOKUP(KNY25,COTAÇÃO,3,0))))","v":"BOMBEIRO/ENCANADOR COM ENCARGOS COMPLEMENTARES"},null,"SETOP",{"$f":"IF(KOB25=\"SINAPI\",VLOOKUP(KNY25,SINAPI,3,0),IF(KOB25=\"SETOP\",VLOOKUP(KNY25,SETOP,4,0),IF(KOB25=\"CPU\",VLOOKUP(KNY25,COMPOSIÇÃO,5,0),VLOOKUP(KNY25,COTAÇÃO,8,0))))","v":"HORA"},0.5,{"$f":"IF(KOB25=\"SINAPI\",VLOOKUP(KNY25,SINAPI,4,0),IF(KOB25=\"SETOP\",VLOOKUP(KNY25,SETOP,5,0),IF(KOB25=\"CPU\",VLOOKUP(KNY25,COMPOSIÇÃO,8,0),VLOOKUP(KNY25,COTAÇÃO,11,0))))","v":19.149999999999999},{"$f":"KOD25*KOE25","v":9.5749999999999993},"ED-50374",{"$f":"IF(KOJ25=\"SINAPI\",VLOOKUP(KOG25,SINAPI,2,0),IF(KOJ25=\"SETOP\",VLOOKUP(KOG25,SETOP,3,0),IF(KOJ25=\"CPU\",VLOOKUP(KOG25,COMPOSIÇÃO,2,0),VLOOKUP(KOG25,COTAÇÃO,3,0))))","v":"BOMBEIRO/ENCANADOR COM ENCARGOS COMPLEMENTARES"},null,"SETOP",{"$f":"IF(KOJ25=\"SINAPI\",VLOOKUP(KOG25,SINAPI,3,0),IF(KOJ25=\"SETOP\",VLOOKUP(KOG25,SETOP,4,0),IF(KOJ25=\"CPU\",VLOOKUP(KOG25,COMPOSIÇÃO,5,0),VLOOKUP(KOG25,COTAÇÃO,8,0))))","v":"HORA"},0.5,{"$f":"IF(KOJ25=\"SINAPI\",VLOOKUP(KOG25,SINAPI,4,0),IF(KOJ25=\"SETOP\",VLOOKUP(KOG25,SETOP,5,0),IF(KOJ25=\"CPU\",VLOOKUP(KOG25,COMPOSIÇÃO,8,0),VLOOKUP(KOG25,COTAÇÃO,11,0))))","v":19.149999999999999},{"$f":"KOL25*KOM25","v":9.5749999999999993},"ED-50374",{"$f":"IF(KOR25=\"SINAPI\",VLOOKUP(KOO25,SINAPI,2,0),IF(KOR25=\"SETOP\",VLOOKUP(KOO25,SETOP,3,0),IF(KOR25=\"CPU\",VLOOKUP(KOO25,COMPOSIÇÃO,2,0),VLOOKUP(KOO25,COTAÇÃO,3,0))))","v":"BOMBEIRO/ENCANADOR COM ENCARGOS COMPLEMENTARES"},null,"SETOP",{"$f":"IF(KOR25=\"SINAPI\",VLOOKUP(KOO25,SINAPI,3,0),IF(KOR25=\"SETOP\",VLOOKUP(KOO25,SETOP,4,0),IF(KOR25=\"CPU\",VLOOKUP(KOO25,COMPOSIÇÃO,5,0),VLOOKUP(KOO25,COTAÇÃO,8,0))))","v":"HORA"},0.5,{"$f":"IF(KOR25=\"SINAPI\",VLOOKUP(KOO25,SINAPI,4,0),IF(KOR25=\"SETOP\",VLOOKUP(KOO25,SETOP,5,0),IF(KOR25=\"CPU\",VLOOKUP(KOO25,COMPOSIÇÃO,8,0),VLOOKUP(KOO25,COTAÇÃO,11,0))))","v":19.149999999999999},{"$f":"KOT25*KOU25","v":9.5749999999999993},"ED-50374",{"$f":"IF(KOZ25=\"SINAPI\",VLOOKUP(KOW25,SINAPI,2,0),IF(KOZ25=\"SETOP\",VLOOKUP(KOW25,SETOP,3,0),IF(KOZ25=\"CPU\",VLOOKUP(KOW25,COMPOSIÇÃO,2,0),VLOOKUP(KOW25,COTAÇÃO,3,0))))","v":"BOMBEIRO/ENCANADOR COM ENCARGOS COMPLEMENTARES"},null,"SETOP",{"$f":"IF(KOZ25=\"SINAPI\",VLOOKUP(KOW25,SINAPI,3,0),IF(KOZ25=\"SETOP\",VLOOKUP(KOW25,SETOP,4,0),IF(KOZ25=\"CPU\",VLOOKUP(KOW25,COMPOSIÇÃO,5,0),VLOOKUP(KOW25,COTAÇÃO,8,0))))","v":"HORA"},0.5,{"$f":"IF(KOZ25=\"SINAPI\",VLOOKUP(KOW25,SINAPI,4,0),IF(KOZ25=\"SETOP\",VLOOKUP(KOW25,SETOP,5,0),IF(KOZ25=\"CPU\",VLOOKUP(KOW25,COMPOSIÇÃO,8,0),VLOOKUP(KOW25,COTAÇÃO,11,0))))","v":19.149999999999999},{"$f":"KPB25*KPC25","v":9.5749999999999993},"ED-50374",{"$f":"IF(KPH25=\"SINAPI\",VLOOKUP(KPE25,SINAPI,2,0),IF(KPH25=\"SETOP\",VLOOKUP(KPE25,SETOP,3,0),IF(KPH25=\"CPU\",VLOOKUP(KPE25,COMPOSIÇÃO,2,0),VLOOKUP(KPE25,COTAÇÃO,3,0))))","v":"BOMBEIRO/ENCANADOR COM ENCARGOS COMPLEMENTARES"},null,"SETOP",{"$f":"IF(KPH25=\"SINAPI\",VLOOKUP(KPE25,SINAPI,3,0),IF(KPH25=\"SETOP\",VLOOKUP(KPE25,SETOP,4,0),IF(KPH25=\"CPU\",VLOOKUP(KPE25,COMPOSIÇÃO,5,0),VLOOKUP(KPE25,COTAÇÃO,8,0))))","v":"HORA"},0.5,{"$f":"IF(KPH25=\"SINAPI\",VLOOKUP(KPE25,SINAPI,4,0),IF(KPH25=\"SETOP\",VLOOKUP(KPE25,SETOP,5,0),IF(KPH25=\"CPU\",VLOOKUP(KPE25,COMPOSIÇÃO,8,0),VLOOKUP(KPE25,COTAÇÃO,11,0))))","v":19.149999999999999},{"$f":"KPJ25*KPK25","v":9.5749999999999993},"ED-50374",{"$f":"IF(KPP25=\"SINAPI\",VLOOKUP(KPM25,SINAPI,2,0),IF(KPP25=\"SETOP\",VLOOKUP(KPM25,SETOP,3,0),IF(KPP25=\"CPU\",VLOOKUP(KPM25,COMPOSIÇÃO,2,0),VLOOKUP(KPM25,COTAÇÃO,3,0))))","v":"BOMBEIRO/ENCANADOR COM ENCARGOS COMPLEMENTARES"},null,"SETOP",{"$f":"IF(KPP25=\"SINAPI\",VLOOKUP(KPM25,SINAPI,3,0),IF(KPP25=\"SETOP\",VLOOKUP(KPM25,SETOP,4,0),IF(KPP25=\"CPU\",VLOOKUP(KPM25,COMPOSIÇÃO,5,0),VLOOKUP(KPM25,COTAÇÃO,8,0))))","v":"HORA"},0.5,{"$f":"IF(KPP25=\"SINAPI\",VLOOKUP(KPM25,SINAPI,4,0),IF(KPP25=\"SETOP\",VLOOKUP(KPM25,SETOP,5,0),IF(KPP25=\"CPU\",VLOOKUP(KPM25,COMPOSIÇÃO,8,0),VLOOKUP(KPM25,COTAÇÃO,11,0))))","v":19.149999999999999},{"$f":"KPR25*KPS25","v":9.5749999999999993},"ED-50374",{"$f":"IF(KPX25=\"SINAPI\",VLOOKUP(KPU25,SINAPI,2,0),IF(KPX25=\"SETOP\",VLOOKUP(KPU25,SETOP,3,0),IF(KPX25=\"CPU\",VLOOKUP(KPU25,COMPOSIÇÃO,2,0),VLOOKUP(KPU25,COTAÇÃO,3,0))))","v":"BOMBEIRO/ENCANADOR COM ENCARGOS COMPLEMENTARES"},null,"SETOP",{"$f":"IF(KPX25=\"SINAPI\",VLOOKUP(KPU25,SINAPI,3,0),IF(KPX25=\"SETOP\",VLOOKUP(KPU25,SETOP,4,0),IF(KPX25=\"CPU\",VLOOKUP(KPU25,COMPOSIÇÃO,5,0),VLOOKUP(KPU25,COTAÇÃO,8,0))))","v":"HORA"},0.5,{"$f":"IF(KPX25=\"SINAPI\",VLOOKUP(KPU25,SINAPI,4,0),IF(KPX25=\"SETOP\",VLOOKUP(KPU25,SETOP,5,0),IF(KPX25=\"CPU\",VLOOKUP(KPU25,COMPOSIÇÃO,8,0),VLOOKUP(KPU25,COTAÇÃO,11,0))))","v":19.149999999999999},{"$f":"KPZ25*KQA25","v":9.5749999999999993},"ED-50374",{"$f":"IF(KQF25=\"SINAPI\",VLOOKUP(KQC25,SINAPI,2,0),IF(KQF25=\"SETOP\",VLOOKUP(KQC25,SETOP,3,0),IF(KQF25=\"CPU\",VLOOKUP(KQC25,COMPOSIÇÃO,2,0),VLOOKUP(KQC25,COTAÇÃO,3,0))))","v":"BOMBEIRO/ENCANADOR COM ENCARGOS COMPLEMENTARES"},null,"SETOP",{"$f":"IF(KQF25=\"SINAPI\",VLOOKUP(KQC25,SINAPI,3,0),IF(KQF25=\"SETOP\",VLOOKUP(KQC25,SETOP,4,0),IF(KQF25=\"CPU\",VLOOKUP(KQC25,COMPOSIÇÃO,5,0),VLOOKUP(KQC25,COTAÇÃO,8,0))))","v":"HORA"},0.5,{"$f":"IF(KQF25=\"SINAPI\",VLOOKUP(KQC25,SINAPI,4,0),IF(KQF25=\"SETOP\",VLOOKUP(KQC25,SETOP,5,0),IF(KQF25=\"CPU\",VLOOKUP(KQC25,COMPOSIÇÃO,8,0),VLOOKUP(KQC25,COTAÇÃO,11,0))))","v":19.149999999999999},{"$f":"KQH25*KQI25","v":9.5749999999999993},"ED-50374",{"$f":"IF(KQN25=\"SINAPI\",VLOOKUP(KQK25,SINAPI,2,0),IF(KQN25=\"SETOP\",VLOOKUP(KQK25,SETOP,3,0),IF(KQN25=\"CPU\",VLOOKUP(KQK25,COMPOSIÇÃO,2,0),VLOOKUP(KQK25,COTAÇÃO,3,0))))","v":"BOMBEIRO/ENCANADOR COM ENCARGOS COMPLEMENTARES"},null,"SETOP",{"$f":"IF(KQN25=\"SINAPI\",VLOOKUP(KQK25,SINAPI,3,0),IF(KQN25=\"SETOP\",VLOOKUP(KQK25,SETOP,4,0),IF(KQN25=\"CPU\",VLOOKUP(KQK25,COMPOSIÇÃO,5,0),VLOOKUP(KQK25,COTAÇÃO,8,0))))","v":"HORA"},0.5,{"$f":"IF(KQN25=\"SINAPI\",VLOOKUP(KQK25,SINAPI,4,0),IF(KQN25=\"SETOP\",VLOOKUP(KQK25,SETOP,5,0),IF(KQN25=\"CPU\",VLOOKUP(KQK25,COMPOSIÇÃO,8,0),VLOOKUP(KQK25,COTAÇÃO,11,0))))","v":19.149999999999999},{"$f":"KQP25*KQQ25","v":9.5749999999999993},"ED-50374",{"$f":"IF(KQV25=\"SINAPI\",VLOOKUP(KQS25,SINAPI,2,0),IF(KQV25=\"SETOP\",VLOOKUP(KQS25,SETOP,3,0),IF(KQV25=\"CPU\",VLOOKUP(KQS25,COMPOSIÇÃO,2,0),VLOOKUP(KQS25,COTAÇÃO,3,0))))","v":"BOMBEIRO/ENCANADOR COM ENCARGOS COMPLEMENTARES"},null,"SETOP",{"$f":"IF(KQV25=\"SINAPI\",VLOOKUP(KQS25,SINAPI,3,0),IF(KQV25=\"SETOP\",VLOOKUP(KQS25,SETOP,4,0),IF(KQV25=\"CPU\",VLOOKUP(KQS25,COMPOSIÇÃO,5,0),VLOOKUP(KQS25,COTAÇÃO,8,0))))","v":"HORA"},0.5,{"$f":"IF(KQV25=\"SINAPI\",VLOOKUP(KQS25,SINAPI,4,0),IF(KQV25=\"SETOP\",VLOOKUP(KQS25,SETOP,5,0),IF(KQV25=\"CPU\",VLOOKUP(KQS25,COMPOSIÇÃO,8,0),VLOOKUP(KQS25,COTAÇÃO,11,0))))","v":19.149999999999999},{"$f":"KQX25*KQY25","v":9.5749999999999993},"ED-50374",{"$f":"IF(KRD25=\"SINAPI\",VLOOKUP(KRA25,SINAPI,2,0),IF(KRD25=\"SETOP\",VLOOKUP(KRA25,SETOP,3,0),IF(KRD25=\"CPU\",VLOOKUP(KRA25,COMPOSIÇÃO,2,0),VLOOKUP(KRA25,COTAÇÃO,3,0))))","v":"BOMBEIRO/ENCANADOR COM ENCARGOS COMPLEMENTARES"},null,"SETOP",{"$f":"IF(KRD25=\"SINAPI\",VLOOKUP(KRA25,SINAPI,3,0),IF(KRD25=\"SETOP\",VLOOKUP(KRA25,SETOP,4,0),IF(KRD25=\"CPU\",VLOOKUP(KRA25,COMPOSIÇÃO,5,0),VLOOKUP(KRA25,COTAÇÃO,8,0))))","v":"HORA"},0.5,{"$f":"IF(KRD25=\"SINAPI\",VLOOKUP(KRA25,SINAPI,4,0),IF(KRD25=\"SETOP\",VLOOKUP(KRA25,SETOP,5,0),IF(KRD25=\"CPU\",VLOOKUP(KRA25,COMPOSIÇÃO,8,0),VLOOKUP(KRA25,COTAÇÃO,11,0))))","v":19.149999999999999},{"$f":"KRF25*KRG25","v":9.5749999999999993},"ED-50374",{"$f":"IF(KRL25=\"SINAPI\",VLOOKUP(KRI25,SINAPI,2,0),IF(KRL25=\"SETOP\",VLOOKUP(KRI25,SETOP,3,0),IF(KRL25=\"CPU\",VLOOKUP(KRI25,COMPOSIÇÃO,2,0),VLOOKUP(KRI25,COTAÇÃO,3,0))))","v":"BOMBEIRO/ENCANADOR COM ENCARGOS COMPLEMENTARES"},null,"SETOP",{"$f":"IF(KRL25=\"SINAPI\",VLOOKUP(KRI25,SINAPI,3,0),IF(KRL25=\"SETOP\",VLOOKUP(KRI25,SETOP,4,0),IF(KRL25=\"CPU\",VLOOKUP(KRI25,COMPOSIÇÃO,5,0),VLOOKUP(KRI25,COTAÇÃO,8,0))))","v":"HORA"},0.5,{"$f":"IF(KRL25=\"SINAPI\",VLOOKUP(KRI25,SINAPI,4,0),IF(KRL25=\"SETOP\",VLOOKUP(KRI25,SETOP,5,0),IF(KRL25=\"CPU\",VLOOKUP(KRI25,COMPOSIÇÃO,8,0),VLOOKUP(KRI25,COTAÇÃO,11,0))))","v":19.149999999999999},{"$f":"KRN25*KRO25","v":9.5749999999999993},"ED-50374",{"$f":"IF(KRT25=\"SINAPI\",VLOOKUP(KRQ25,SINAPI,2,0),IF(KRT25=\"SETOP\",VLOOKUP(KRQ25,SETOP,3,0),IF(KRT25=\"CPU\",VLOOKUP(KRQ25,COMPOSIÇÃO,2,0),VLOOKUP(KRQ25,COTAÇÃO,3,0))))","v":"BOMBEIRO/ENCANADOR COM ENCARGOS COMPLEMENTARES"},null,"SETOP",{"$f":"IF(KRT25=\"SINAPI\",VLOOKUP(KRQ25,SINAPI,3,0),IF(KRT25=\"SETOP\",VLOOKUP(KRQ25,SETOP,4,0),IF(KRT25=\"CPU\",VLOOKUP(KRQ25,COMPOSIÇÃO,5,0),VLOOKUP(KRQ25,COTAÇÃO,8,0))))","v":"HORA"},0.5,{"$f":"IF(KRT25=\"SINAPI\",VLOOKUP(KRQ25,SINAPI,4,0),IF(KRT25=\"SETOP\",VLOOKUP(KRQ25,SETOP,5,0),IF(KRT25=\"CPU\",VLOOKUP(KRQ25,COMPOSIÇÃO,8,0),VLOOKUP(KRQ25,COTAÇÃO,11,0))))","v":19.149999999999999},{"$f":"KRV25*KRW25","v":9.5749999999999993},"ED-50374",{"$f":"IF(KSB25=\"SINAPI\",VLOOKUP(KRY25,SINAPI,2,0),IF(KSB25=\"SETOP\",VLOOKUP(KRY25,SETOP,3,0),IF(KSB25=\"CPU\",VLOOKUP(KRY25,COMPOSIÇÃO,2,0),VLOOKUP(KRY25,COTAÇÃO,3,0))))","v":"BOMBEIRO/ENCANADOR COM ENCARGOS COMPLEMENTARES"},null,"SETOP",{"$f":"IF(KSB25=\"SINAPI\",VLOOKUP(KRY25,SINAPI,3,0),IF(KSB25=\"SETOP\",VLOOKUP(KRY25,SETOP,4,0),IF(KSB25=\"CPU\",VLOOKUP(KRY25,COMPOSIÇÃO,5,0),VLOOKUP(KRY25,COTAÇÃO,8,0))))","v":"HORA"},0.5,{"$f":"IF(KSB25=\"SINAPI\",VLOOKUP(KRY25,SINAPI,4,0),IF(KSB25=\"SETOP\",VLOOKUP(KRY25,SETOP,5,0),IF(KSB25=\"CPU\",VLOOKUP(KRY25,COMPOSIÇÃO,8,0),VLOOKUP(KRY25,COTAÇÃO,11,0))))","v":19.149999999999999},{"$f":"KSD25*KSE25","v":9.5749999999999993},"ED-50374",{"$f":"IF(KSJ25=\"SINAPI\",VLOOKUP(KSG25,SINAPI,2,0),IF(KSJ25=\"SETOP\",VLOOKUP(KSG25,SETOP,3,0),IF(KSJ25=\"CPU\",VLOOKUP(KSG25,COMPOSIÇÃO,2,0),VLOOKUP(KSG25,COTAÇÃO,3,0))))","v":"BOMBEIRO/ENCANADOR COM ENCARGOS COMPLEMENTARES"},null,"SETOP",{"$f":"IF(KSJ25=\"SINAPI\",VLOOKUP(KSG25,SINAPI,3,0),IF(KSJ25=\"SETOP\",VLOOKUP(KSG25,SETOP,4,0),IF(KSJ25=\"CPU\",VLOOKUP(KSG25,COMPOSIÇÃO,5,0),VLOOKUP(KSG25,COTAÇÃO,8,0))))","v":"HORA"},0.5,{"$f":"IF(KSJ25=\"SINAPI\",VLOOKUP(KSG25,SINAPI,4,0),IF(KSJ25=\"SETOP\",VLOOKUP(KSG25,SETOP,5,0),IF(KSJ25=\"CPU\",VLOOKUP(KSG25,COMPOSIÇÃO,8,0),VLOOKUP(KSG25,COTAÇÃO,11,0))))","v":19.149999999999999},{"$f":"KSL25*KSM25","v":9.5749999999999993},"ED-50374",{"$f":"IF(KSR25=\"SINAPI\",VLOOKUP(KSO25,SINAPI,2,0),IF(KSR25=\"SETOP\",VLOOKUP(KSO25,SETOP,3,0),IF(KSR25=\"CPU\",VLOOKUP(KSO25,COMPOSIÇÃO,2,0),VLOOKUP(KSO25,COTAÇÃO,3,0))))","v":"BOMBEIRO/ENCANADOR COM ENCARGOS COMPLEMENTARES"},null,"SETOP",{"$f":"IF(KSR25=\"SINAPI\",VLOOKUP(KSO25,SINAPI,3,0),IF(KSR25=\"SETOP\",VLOOKUP(KSO25,SETOP,4,0),IF(KSR25=\"CPU\",VLOOKUP(KSO25,COMPOSIÇÃO,5,0),VLOOKUP(KSO25,COTAÇÃO,8,0))))","v":"HORA"},0.5,{"$f":"IF(KSR25=\"SINAPI\",VLOOKUP(KSO25,SINAPI,4,0),IF(KSR25=\"SETOP\",VLOOKUP(KSO25,SETOP,5,0),IF(KSR25=\"CPU\",VLOOKUP(KSO25,COMPOSIÇÃO,8,0),VLOOKUP(KSO25,COTAÇÃO,11,0))))","v":19.149999999999999},{"$f":"KST25*KSU25","v":9.5749999999999993},"ED-50374",{"$f":"IF(KSZ25=\"SINAPI\",VLOOKUP(KSW25,SINAPI,2,0),IF(KSZ25=\"SETOP\",VLOOKUP(KSW25,SETOP,3,0),IF(KSZ25=\"CPU\",VLOOKUP(KSW25,COMPOSIÇÃO,2,0),VLOOKUP(KSW25,COTAÇÃO,3,0))))","v":"BOMBEIRO/ENCANADOR COM ENCARGOS COMPLEMENTARES"},null,"SETOP",{"$f":"IF(KSZ25=\"SINAPI\",VLOOKUP(KSW25,SINAPI,3,0),IF(KSZ25=\"SETOP\",VLOOKUP(KSW25,SETOP,4,0),IF(KSZ25=\"CPU\",VLOOKUP(KSW25,COMPOSIÇÃO,5,0),VLOOKUP(KSW25,COTAÇÃO,8,0))))","v":"HORA"},0.5,{"$f":"IF(KSZ25=\"SINAPI\",VLOOKUP(KSW25,SINAPI,4,0),IF(KSZ25=\"SETOP\",VLOOKUP(KSW25,SETOP,5,0),IF(KSZ25=\"CPU\",VLOOKUP(KSW25,COMPOSIÇÃO,8,0),VLOOKUP(KSW25,COTAÇÃO,11,0))))","v":19.149999999999999},{"$f":"KTB25*KTC25","v":9.5749999999999993},"ED-50374",{"$f":"IF(KTH25=\"SINAPI\",VLOOKUP(KTE25,SINAPI,2,0),IF(KTH25=\"SETOP\",VLOOKUP(KTE25,SETOP,3,0),IF(KTH25=\"CPU\",VLOOKUP(KTE25,COMPOSIÇÃO,2,0),VLOOKUP(KTE25,COTAÇÃO,3,0))))","v":"BOMBEIRO/ENCANADOR COM ENCARGOS COMPLEMENTARES"},null,"SETOP",{"$f":"IF(KTH25=\"SINAPI\",VLOOKUP(KTE25,SINAPI,3,0),IF(KTH25=\"SETOP\",VLOOKUP(KTE25,SETOP,4,0),IF(KTH25=\"CPU\",VLOOKUP(KTE25,COMPOSIÇÃO,5,0),VLOOKUP(KTE25,COTAÇÃO,8,0))))","v":"HORA"},0.5,{"$f":"IF(KTH25=\"SINAPI\",VLOOKUP(KTE25,SINAPI,4,0),IF(KTH25=\"SETOP\",VLOOKUP(KTE25,SETOP,5,0),IF(KTH25=\"CPU\",VLOOKUP(KTE25,COMPOSIÇÃO,8,0),VLOOKUP(KTE25,COTAÇÃO,11,0))))","v":19.149999999999999},{"$f":"KTJ25*KTK25","v":9.5749999999999993},"ED-50374",{"$f":"IF(KTP25=\"SINAPI\",VLOOKUP(KTM25,SINAPI,2,0),IF(KTP25=\"SETOP\",VLOOKUP(KTM25,SETOP,3,0),IF(KTP25=\"CPU\",VLOOKUP(KTM25,COMPOSIÇÃO,2,0),VLOOKUP(KTM25,COTAÇÃO,3,0))))","v":"BOMBEIRO/ENCANADOR COM ENCARGOS COMPLEMENTARES"},null,"SETOP",{"$f":"IF(KTP25=\"SINAPI\",VLOOKUP(KTM25,SINAPI,3,0),IF(KTP25=\"SETOP\",VLOOKUP(KTM25,SETOP,4,0),IF(KTP25=\"CPU\",VLOOKUP(KTM25,COMPOSIÇÃO,5,0),VLOOKUP(KTM25,COTAÇÃO,8,0))))","v":"HORA"},0.5,{"$f":"IF(KTP25=\"SINAPI\",VLOOKUP(KTM25,SINAPI,4,0),IF(KTP25=\"SETOP\",VLOOKUP(KTM25,SETOP,5,0),IF(KTP25=\"CPU\",VLOOKUP(KTM25,COMPOSIÇÃO,8,0),VLOOKUP(KTM25,COTAÇÃO,11,0))))","v":19.149999999999999},{"$f":"KTR25*KTS25","v":9.5749999999999993},"ED-50374",{"$f":"IF(KTX25=\"SINAPI\",VLOOKUP(KTU25,SINAPI,2,0),IF(KTX25=\"SETOP\",VLOOKUP(KTU25,SETOP,3,0),IF(KTX25=\"CPU\",VLOOKUP(KTU25,COMPOSIÇÃO,2,0),VLOOKUP(KTU25,COTAÇÃO,3,0))))","v":"BOMBEIRO/ENCANADOR COM ENCARGOS COMPLEMENTARES"},null,"SETOP",{"$f":"IF(KTX25=\"SINAPI\",VLOOKUP(KTU25,SINAPI,3,0),IF(KTX25=\"SETOP\",VLOOKUP(KTU25,SETOP,4,0),IF(KTX25=\"CPU\",VLOOKUP(KTU25,COMPOSIÇÃO,5,0),VLOOKUP(KTU25,COTAÇÃO,8,0))))","v":"HORA"},0.5,{"$f":"IF(KTX25=\"SINAPI\",VLOOKUP(KTU25,SINAPI,4,0),IF(KTX25=\"SETOP\",VLOOKUP(KTU25,SETOP,5,0),IF(KTX25=\"CPU\",VLOOKUP(KTU25,COMPOSIÇÃO,8,0),VLOOKUP(KTU25,COTAÇÃO,11,0))))","v":19.149999999999999},{"$f":"KTZ25*KUA25","v":9.5749999999999993},"ED-50374",{"$f":"IF(KUF25=\"SINAPI\",VLOOKUP(KUC25,SINAPI,2,0),IF(KUF25=\"SETOP\",VLOOKUP(KUC25,SETOP,3,0),IF(KUF25=\"CPU\",VLOOKUP(KUC25,COMPOSIÇÃO,2,0),VLOOKUP(KUC25,COTAÇÃO,3,0))))","v":"BOMBEIRO/ENCANADOR COM ENCARGOS COMPLEMENTARES"},null,"SETOP",{"$f":"IF(KUF25=\"SINAPI\",VLOOKUP(KUC25,SINAPI,3,0),IF(KUF25=\"SETOP\",VLOOKUP(KUC25,SETOP,4,0),IF(KUF25=\"CPU\",VLOOKUP(KUC25,COMPOSIÇÃO,5,0),VLOOKUP(KUC25,COTAÇÃO,8,0))))","v":"HORA"},0.5,{"$f":"IF(KUF25=\"SINAPI\",VLOOKUP(KUC25,SINAPI,4,0),IF(KUF25=\"SETOP\",VLOOKUP(KUC25,SETOP,5,0),IF(KUF25=\"CPU\",VLOOKUP(KUC25,COMPOSIÇÃO,8,0),VLOOKUP(KUC25,COTAÇÃO,11,0))))","v":19.149999999999999},{"$f":"KUH25*KUI25","v":9.5749999999999993},"ED-50374",{"$f":"IF(KUN25=\"SINAPI\",VLOOKUP(KUK25,SINAPI,2,0),IF(KUN25=\"SETOP\",VLOOKUP(KUK25,SETOP,3,0),IF(KUN25=\"CPU\",VLOOKUP(KUK25,COMPOSIÇÃO,2,0),VLOOKUP(KUK25,COTAÇÃO,3,0))))","v":"BOMBEIRO/ENCANADOR COM ENCARGOS COMPLEMENTARES"},null,"SETOP",{"$f":"IF(KUN25=\"SINAPI\",VLOOKUP(KUK25,SINAPI,3,0),IF(KUN25=\"SETOP\",VLOOKUP(KUK25,SETOP,4,0),IF(KUN25=\"CPU\",VLOOKUP(KUK25,COMPOSIÇÃO,5,0),VLOOKUP(KUK25,COTAÇÃO,8,0))))","v":"HORA"},0.5,{"$f":"IF(KUN25=\"SINAPI\",VLOOKUP(KUK25,SINAPI,4,0),IF(KUN25=\"SETOP\",VLOOKUP(KUK25,SETOP,5,0),IF(KUN25=\"CPU\",VLOOKUP(KUK25,COMPOSIÇÃO,8,0),VLOOKUP(KUK25,COTAÇÃO,11,0))))","v":19.149999999999999},{"$f":"KUP25*KUQ25","v":9.5749999999999993},"ED-50374",{"$f":"IF(KUV25=\"SINAPI\",VLOOKUP(KUS25,SINAPI,2,0),IF(KUV25=\"SETOP\",VLOOKUP(KUS25,SETOP,3,0),IF(KUV25=\"CPU\",VLOOKUP(KUS25,COMPOSIÇÃO,2,0),VLOOKUP(KUS25,COTAÇÃO,3,0))))","v":"BOMBEIRO/ENCANADOR COM ENCARGOS COMPLEMENTARES"},null,"SETOP",{"$f":"IF(KUV25=\"SINAPI\",VLOOKUP(KUS25,SINAPI,3,0),IF(KUV25=\"SETOP\",VLOOKUP(KUS25,SETOP,4,0),IF(KUV25=\"CPU\",VLOOKUP(KUS25,COMPOSIÇÃO,5,0),VLOOKUP(KUS25,COTAÇÃO,8,0))))","v":"HORA"},0.5,{"$f":"IF(KUV25=\"SINAPI\",VLOOKUP(KUS25,SINAPI,4,0),IF(KUV25=\"SETOP\",VLOOKUP(KUS25,SETOP,5,0),IF(KUV25=\"CPU\",VLOOKUP(KUS25,COMPOSIÇÃO,8,0),VLOOKUP(KUS25,COTAÇÃO,11,0))))","v":19.149999999999999},{"$f":"KUX25*KUY25","v":9.5749999999999993},"ED-50374",{"$f":"IF(KVD25=\"SINAPI\",VLOOKUP(KVA25,SINAPI,2,0),IF(KVD25=\"SETOP\",VLOOKUP(KVA25,SETOP,3,0),IF(KVD25=\"CPU\",VLOOKUP(KVA25,COMPOSIÇÃO,2,0),VLOOKUP(KVA25,COTAÇÃO,3,0))))","v":"BOMBEIRO/ENCANADOR COM ENCARGOS COMPLEMENTARES"},null,"SETOP",{"$f":"IF(KVD25=\"SINAPI\",VLOOKUP(KVA25,SINAPI,3,0),IF(KVD25=\"SETOP\",VLOOKUP(KVA25,SETOP,4,0),IF(KVD25=\"CPU\",VLOOKUP(KVA25,COMPOSIÇÃO,5,0),VLOOKUP(KVA25,COTAÇÃO,8,0))))","v":"HORA"},0.5,{"$f":"IF(KVD25=\"SINAPI\",VLOOKUP(KVA25,SINAPI,4,0),IF(KVD25=\"SETOP\",VLOOKUP(KVA25,SETOP,5,0),IF(KVD25=\"CPU\",VLOOKUP(KVA25,COMPOSIÇÃO,8,0),VLOOKUP(KVA25,COTAÇÃO,11,0))))","v":19.149999999999999},{"$f":"KVF25*KVG25","v":9.5749999999999993},"ED-50374",{"$f":"IF(KVL25=\"SINAPI\",VLOOKUP(KVI25,SINAPI,2,0),IF(KVL25=\"SETOP\",VLOOKUP(KVI25,SETOP,3,0),IF(KVL25=\"CPU\",VLOOKUP(KVI25,COMPOSIÇÃO,2,0),VLOOKUP(KVI25,COTAÇÃO,3,0))))","v":"BOMBEIRO/ENCANADOR COM ENCARGOS COMPLEMENTARES"},null,"SETOP",{"$f":"IF(KVL25=\"SINAPI\",VLOOKUP(KVI25,SINAPI,3,0),IF(KVL25=\"SETOP\",VLOOKUP(KVI25,SETOP,4,0),IF(KVL25=\"CPU\",VLOOKUP(KVI25,COMPOSIÇÃO,5,0),VLOOKUP(KVI25,COTAÇÃO,8,0))))","v":"HORA"},0.5,{"$f":"IF(KVL25=\"SINAPI\",VLOOKUP(KVI25,SINAPI,4,0),IF(KVL25=\"SETOP\",VLOOKUP(KVI25,SETOP,5,0),IF(KVL25=\"CPU\",VLOOKUP(KVI25,COMPOSIÇÃO,8,0),VLOOKUP(KVI25,COTAÇÃO,11,0))))","v":19.149999999999999},{"$f":"KVN25*KVO25","v":9.5749999999999993},"ED-50374",{"$f":"IF(KVT25=\"SINAPI\",VLOOKUP(KVQ25,SINAPI,2,0),IF(KVT25=\"SETOP\",VLOOKUP(KVQ25,SETOP,3,0),IF(KVT25=\"CPU\",VLOOKUP(KVQ25,COMPOSIÇÃO,2,0),VLOOKUP(KVQ25,COTAÇÃO,3,0))))","v":"BOMBEIRO/ENCANADOR COM ENCARGOS COMPLEMENTARES"},null,"SETOP",{"$f":"IF(KVT25=\"SINAPI\",VLOOKUP(KVQ25,SINAPI,3,0),IF(KVT25=\"SETOP\",VLOOKUP(KVQ25,SETOP,4,0),IF(KVT25=\"CPU\",VLOOKUP(KVQ25,COMPOSIÇÃO,5,0),VLOOKUP(KVQ25,COTAÇÃO,8,0))))","v":"HORA"},0.5,{"$f":"IF(KVT25=\"SINAPI\",VLOOKUP(KVQ25,SINAPI,4,0),IF(KVT25=\"SETOP\",VLOOKUP(KVQ25,SETOP,5,0),IF(KVT25=\"CPU\",VLOOKUP(KVQ25,COMPOSIÇÃO,8,0),VLOOKUP(KVQ25,COTAÇÃO,11,0))))","v":19.149999999999999},{"$f":"KVV25*KVW25","v":9.5749999999999993},"ED-50374",{"$f":"IF(KWB25=\"SINAPI\",VLOOKUP(KVY25,SINAPI,2,0),IF(KWB25=\"SETOP\",VLOOKUP(KVY25,SETOP,3,0),IF(KWB25=\"CPU\",VLOOKUP(KVY25,COMPOSIÇÃO,2,0),VLOOKUP(KVY25,COTAÇÃO,3,0))))","v":"BOMBEIRO/ENCANADOR COM ENCARGOS COMPLEMENTARES"},null,"SETOP",{"$f":"IF(KWB25=\"SINAPI\",VLOOKUP(KVY25,SINAPI,3,0),IF(KWB25=\"SETOP\",VLOOKUP(KVY25,SETOP,4,0),IF(KWB25=\"CPU\",VLOOKUP(KVY25,COMPOSIÇÃO,5,0),VLOOKUP(KVY25,COTAÇÃO,8,0))))","v":"HORA"},0.5,{"$f":"IF(KWB25=\"SINAPI\",VLOOKUP(KVY25,SINAPI,4,0),IF(KWB25=\"SETOP\",VLOOKUP(KVY25,SETOP,5,0),IF(KWB25=\"CPU\",VLOOKUP(KVY25,COMPOSIÇÃO,8,0),VLOOKUP(KVY25,COTAÇÃO,11,0))))","v":19.149999999999999},{"$f":"KWD25*KWE25","v":9.5749999999999993},"ED-50374",{"$f":"IF(KWJ25=\"SINAPI\",VLOOKUP(KWG25,SINAPI,2,0),IF(KWJ25=\"SETOP\",VLOOKUP(KWG25,SETOP,3,0),IF(KWJ25=\"CPU\",VLOOKUP(KWG25,COMPOSIÇÃO,2,0),VLOOKUP(KWG25,COTAÇÃO,3,0))))","v":"BOMBEIRO/ENCANADOR COM ENCARGOS COMPLEMENTARES"},null,"SETOP",{"$f":"IF(KWJ25=\"SINAPI\",VLOOKUP(KWG25,SINAPI,3,0),IF(KWJ25=\"SETOP\",VLOOKUP(KWG25,SETOP,4,0),IF(KWJ25=\"CPU\",VLOOKUP(KWG25,COMPOSIÇÃO,5,0),VLOOKUP(KWG25,COTAÇÃO,8,0))))","v":"HORA"},0.5,{"$f":"IF(KWJ25=\"SINAPI\",VLOOKUP(KWG25,SINAPI,4,0),IF(KWJ25=\"SETOP\",VLOOKUP(KWG25,SETOP,5,0),IF(KWJ25=\"CPU\",VLOOKUP(KWG25,COMPOSIÇÃO,8,0),VLOOKUP(KWG25,COTAÇÃO,11,0))))","v":19.149999999999999},{"$f":"KWL25*KWM25","v":9.5749999999999993},"ED-50374",{"$f":"IF(KWR25=\"SINAPI\",VLOOKUP(KWO25,SINAPI,2,0),IF(KWR25=\"SETOP\",VLOOKUP(KWO25,SETOP,3,0),IF(KWR25=\"CPU\",VLOOKUP(KWO25,COMPOSIÇÃO,2,0),VLOOKUP(KWO25,COTAÇÃO,3,0))))","v":"BOMBEIRO/ENCANADOR COM ENCARGOS COMPLEMENTARES"},null,"SETOP",{"$f":"IF(KWR25=\"SINAPI\",VLOOKUP(KWO25,SINAPI,3,0),IF(KWR25=\"SETOP\",VLOOKUP(KWO25,SETOP,4,0),IF(KWR25=\"CPU\",VLOOKUP(KWO25,COMPOSIÇÃO,5,0),VLOOKUP(KWO25,COTAÇÃO,8,0))))","v":"HORA"},0.5,{"$f":"IF(KWR25=\"SINAPI\",VLOOKUP(KWO25,SINAPI,4,0),IF(KWR25=\"SETOP\",VLOOKUP(KWO25,SETOP,5,0),IF(KWR25=\"CPU\",VLOOKUP(KWO25,COMPOSIÇÃO,8,0),VLOOKUP(KWO25,COTAÇÃO,11,0))))","v":19.149999999999999},{"$f":"KWT25*KWU25","v":9.5749999999999993},"ED-50374",{"$f":"IF(KWZ25=\"SINAPI\",VLOOKUP(KWW25,SINAPI,2,0),IF(KWZ25=\"SETOP\",VLOOKUP(KWW25,SETOP,3,0),IF(KWZ25=\"CPU\",VLOOKUP(KWW25,COMPOSIÇÃO,2,0),VLOOKUP(KWW25,COTAÇÃO,3,0))))","v":"BOMBEIRO/ENCANADOR COM ENCARGOS COMPLEMENTARES"},null,"SETOP",{"$f":"IF(KWZ25=\"SINAPI\",VLOOKUP(KWW25,SINAPI,3,0),IF(KWZ25=\"SETOP\",VLOOKUP(KWW25,SETOP,4,0),IF(KWZ25=\"CPU\",VLOOKUP(KWW25,COMPOSIÇÃO,5,0),VLOOKUP(KWW25,COTAÇÃO,8,0))))","v":"HORA"},0.5,{"$f":"IF(KWZ25=\"SINAPI\",VLOOKUP(KWW25,SINAPI,4,0),IF(KWZ25=\"SETOP\",VLOOKUP(KWW25,SETOP,5,0),IF(KWZ25=\"CPU\",VLOOKUP(KWW25,COMPOSIÇÃO,8,0),VLOOKUP(KWW25,COTAÇÃO,11,0))))","v":19.149999999999999},{"$f":"KXB25*KXC25","v":9.5749999999999993},"ED-50374",{"$f":"IF(KXH25=\"SINAPI\",VLOOKUP(KXE25,SINAPI,2,0),IF(KXH25=\"SETOP\",VLOOKUP(KXE25,SETOP,3,0),IF(KXH25=\"CPU\",VLOOKUP(KXE25,COMPOSIÇÃO,2,0),VLOOKUP(KXE25,COTAÇÃO,3,0))))","v":"BOMBEIRO/ENCANADOR COM ENCARGOS COMPLEMENTARES"},null,"SETOP",{"$f":"IF(KXH25=\"SINAPI\",VLOOKUP(KXE25,SINAPI,3,0),IF(KXH25=\"SETOP\",VLOOKUP(KXE25,SETOP,4,0),IF(KXH25=\"CPU\",VLOOKUP(KXE25,COMPOSIÇÃO,5,0),VLOOKUP(KXE25,COTAÇÃO,8,0))))","v":"HORA"},0.5,{"$f":"IF(KXH25=\"SINAPI\",VLOOKUP(KXE25,SINAPI,4,0),IF(KXH25=\"SETOP\",VLOOKUP(KXE25,SETOP,5,0),IF(KXH25=\"CPU\",VLOOKUP(KXE25,COMPOSIÇÃO,8,0),VLOOKUP(KXE25,COTAÇÃO,11,0))))","v":19.149999999999999},{"$f":"KXJ25*KXK25","v":9.5749999999999993},"ED-50374",{"$f":"IF(KXP25=\"SINAPI\",VLOOKUP(KXM25,SINAPI,2,0),IF(KXP25=\"SETOP\",VLOOKUP(KXM25,SETOP,3,0),IF(KXP25=\"CPU\",VLOOKUP(KXM25,COMPOSIÇÃO,2,0),VLOOKUP(KXM25,COTAÇÃO,3,0))))","v":"BOMBEIRO/ENCANADOR COM ENCARGOS COMPLEMENTARES"},null,"SETOP",{"$f":"IF(KXP25=\"SINAPI\",VLOOKUP(KXM25,SINAPI,3,0),IF(KXP25=\"SETOP\",VLOOKUP(KXM25,SETOP,4,0),IF(KXP25=\"CPU\",VLOOKUP(KXM25,COMPOSIÇÃO,5,0),VLOOKUP(KXM25,COTAÇÃO,8,0))))","v":"HORA"},0.5,{"$f":"IF(KXP25=\"SINAPI\",VLOOKUP(KXM25,SINAPI,4,0),IF(KXP25=\"SETOP\",VLOOKUP(KXM25,SETOP,5,0),IF(KXP25=\"CPU\",VLOOKUP(KXM25,COMPOSIÇÃO,8,0),VLOOKUP(KXM25,COTAÇÃO,11,0))))","v":19.149999999999999},{"$f":"KXR25*KXS25","v":9.5749999999999993},"ED-50374",{"$f":"IF(KXX25=\"SINAPI\",VLOOKUP(KXU25,SINAPI,2,0),IF(KXX25=\"SETOP\",VLOOKUP(KXU25,SETOP,3,0),IF(KXX25=\"CPU\",VLOOKUP(KXU25,COMPOSIÇÃO,2,0),VLOOKUP(KXU25,COTAÇÃO,3,0))))","v":"BOMBEIRO/ENCANADOR COM ENCARGOS COMPLEMENTARES"},null,"SETOP",{"$f":"IF(KXX25=\"SINAPI\",VLOOKUP(KXU25,SINAPI,3,0),IF(KXX25=\"SETOP\",VLOOKUP(KXU25,SETOP,4,0),IF(KXX25=\"CPU\",VLOOKUP(KXU25,COMPOSIÇÃO,5,0),VLOOKUP(KXU25,COTAÇÃO,8,0))))","v":"HORA"},0.5,{"$f":"IF(KXX25=\"SINAPI\",VLOOKUP(KXU25,SINAPI,4,0),IF(KXX25=\"SETOP\",VLOOKUP(KXU25,SETOP,5,0),IF(KXX25=\"CPU\",VLOOKUP(KXU25,COMPOSIÇÃO,8,0),VLOOKUP(KXU25,COTAÇÃO,11,0))))","v":19.149999999999999},{"$f":"KXZ25*KYA25","v":9.5749999999999993},"ED-50374",{"$f":"IF(KYF25=\"SINAPI\",VLOOKUP(KYC25,SINAPI,2,0),IF(KYF25=\"SETOP\",VLOOKUP(KYC25,SETOP,3,0),IF(KYF25=\"CPU\",VLOOKUP(KYC25,COMPOSIÇÃO,2,0),VLOOKUP(KYC25,COTAÇÃO,3,0))))","v":"BOMBEIRO/ENCANADOR COM ENCARGOS COMPLEMENTARES"},null,"SETOP",{"$f":"IF(KYF25=\"SINAPI\",VLOOKUP(KYC25,SINAPI,3,0),IF(KYF25=\"SETOP\",VLOOKUP(KYC25,SETOP,4,0),IF(KYF25=\"CPU\",VLOOKUP(KYC25,COMPOSIÇÃO,5,0),VLOOKUP(KYC25,COTAÇÃO,8,0))))","v":"HORA"},0.5,{"$f":"IF(KYF25=\"SINAPI\",VLOOKUP(KYC25,SINAPI,4,0),IF(KYF25=\"SETOP\",VLOOKUP(KYC25,SETOP,5,0),IF(KYF25=\"CPU\",VLOOKUP(KYC25,COMPOSIÇÃO,8,0),VLOOKUP(KYC25,COTAÇÃO,11,0))))","v":19.149999999999999},{"$f":"KYH25*KYI25","v":9.5749999999999993},"ED-50374",{"$f":"IF(KYN25=\"SINAPI\",VLOOKUP(KYK25,SINAPI,2,0),IF(KYN25=\"SETOP\",VLOOKUP(KYK25,SETOP,3,0),IF(KYN25=\"CPU\",VLOOKUP(KYK25,COMPOSIÇÃO,2,0),VLOOKUP(KYK25,COTAÇÃO,3,0))))","v":"BOMBEIRO/ENCANADOR COM ENCARGOS COMPLEMENTARES"},null,"SETOP",{"$f":"IF(KYN25=\"SINAPI\",VLOOKUP(KYK25,SINAPI,3,0),IF(KYN25=\"SETOP\",VLOOKUP(KYK25,SETOP,4,0),IF(KYN25=\"CPU\",VLOOKUP(KYK25,COMPOSIÇÃO,5,0),VLOOKUP(KYK25,COTAÇÃO,8,0))))","v":"HORA"},0.5,{"$f":"IF(KYN25=\"SINAPI\",VLOOKUP(KYK25,SINAPI,4,0),IF(KYN25=\"SETOP\",VLOOKUP(KYK25,SETOP,5,0),IF(KYN25=\"CPU\",VLOOKUP(KYK25,COMPOSIÇÃO,8,0),VLOOKUP(KYK25,COTAÇÃO,11,0))))","v":19.149999999999999},{"$f":"KYP25*KYQ25","v":9.5749999999999993},"ED-50374",{"$f":"IF(KYV25=\"SINAPI\",VLOOKUP(KYS25,SINAPI,2,0),IF(KYV25=\"SETOP\",VLOOKUP(KYS25,SETOP,3,0),IF(KYV25=\"CPU\",VLOOKUP(KYS25,COMPOSIÇÃO,2,0),VLOOKUP(KYS25,COTAÇÃO,3,0))))","v":"BOMBEIRO/ENCANADOR COM ENCARGOS COMPLEMENTARES"},null,"SETOP",{"$f":"IF(KYV25=\"SINAPI\",VLOOKUP(KYS25,SINAPI,3,0),IF(KYV25=\"SETOP\",VLOOKUP(KYS25,SETOP,4,0),IF(KYV25=\"CPU\",VLOOKUP(KYS25,COMPOSIÇÃO,5,0),VLOOKUP(KYS25,COTAÇÃO,8,0))))","v":"HORA"},0.5,{"$f":"IF(KYV25=\"SINAPI\",VLOOKUP(KYS25,SINAPI,4,0),IF(KYV25=\"SETOP\",VLOOKUP(KYS25,SETOP,5,0),IF(KYV25=\"CPU\",VLOOKUP(KYS25,COMPOSIÇÃO,8,0),VLOOKUP(KYS25,COTAÇÃO,11,0))))","v":19.149999999999999},{"$f":"KYX25*KYY25","v":9.5749999999999993},"ED-50374",{"$f":"IF(KZD25=\"SINAPI\",VLOOKUP(KZA25,SINAPI,2,0),IF(KZD25=\"SETOP\",VLOOKUP(KZA25,SETOP,3,0),IF(KZD25=\"CPU\",VLOOKUP(KZA25,COMPOSIÇÃO,2,0),VLOOKUP(KZA25,COTAÇÃO,3,0))))","v":"BOMBEIRO/ENCANADOR COM ENCARGOS COMPLEMENTARES"},null,"SETOP",{"$f":"IF(KZD25=\"SINAPI\",VLOOKUP(KZA25,SINAPI,3,0),IF(KZD25=\"SETOP\",VLOOKUP(KZA25,SETOP,4,0),IF(KZD25=\"CPU\",VLOOKUP(KZA25,COMPOSIÇÃO,5,0),VLOOKUP(KZA25,COTAÇÃO,8,0))))","v":"HORA"},0.5,{"$f":"IF(KZD25=\"SINAPI\",VLOOKUP(KZA25,SINAPI,4,0),IF(KZD25=\"SETOP\",VLOOKUP(KZA25,SETOP,5,0),IF(KZD25=\"CPU\",VLOOKUP(KZA25,COMPOSIÇÃO,8,0),VLOOKUP(KZA25,COTAÇÃO,11,0))))","v":19.149999999999999},{"$f":"KZF25*KZG25","v":9.5749999999999993},"ED-50374",{"$f":"IF(KZL25=\"SINAPI\",VLOOKUP(KZI25,SINAPI,2,0),IF(KZL25=\"SETOP\",VLOOKUP(KZI25,SETOP,3,0),IF(KZL25=\"CPU\",VLOOKUP(KZI25,COMPOSIÇÃO,2,0),VLOOKUP(KZI25,COTAÇÃO,3,0))))","v":"BOMBEIRO/ENCANADOR COM ENCARGOS COMPLEMENTARES"},null,"SETOP",{"$f":"IF(KZL25=\"SINAPI\",VLOOKUP(KZI25,SINAPI,3,0),IF(KZL25=\"SETOP\",VLOOKUP(KZI25,SETOP,4,0),IF(KZL25=\"CPU\",VLOOKUP(KZI25,COMPOSIÇÃO,5,0),VLOOKUP(KZI25,COTAÇÃO,8,0))))","v":"HORA"},0.5,{"$f":"IF(KZL25=\"SINAPI\",VLOOKUP(KZI25,SINAPI,4,0),IF(KZL25=\"SETOP\",VLOOKUP(KZI25,SETOP,5,0),IF(KZL25=\"CPU\",VLOOKUP(KZI25,COMPOSIÇÃO,8,0),VLOOKUP(KZI25,COTAÇÃO,11,0))))","v":19.149999999999999},{"$f":"KZN25*KZO25","v":9.5749999999999993},"ED-50374",{"$f":"IF(KZT25=\"SINAPI\",VLOOKUP(KZQ25,SINAPI,2,0),IF(KZT25=\"SETOP\",VLOOKUP(KZQ25,SETOP,3,0),IF(KZT25=\"CPU\",VLOOKUP(KZQ25,COMPOSIÇÃO,2,0),VLOOKUP(KZQ25,COTAÇÃO,3,0))))","v":"BOMBEIRO/ENCANADOR COM ENCARGOS COMPLEMENTARES"},null,"SETOP",{"$f":"IF(KZT25=\"SINAPI\",VLOOKUP(KZQ25,SINAPI,3,0),IF(KZT25=\"SETOP\",VLOOKUP(KZQ25,SETOP,4,0),IF(KZT25=\"CPU\",VLOOKUP(KZQ25,COMPOSIÇÃO,5,0),VLOOKUP(KZQ25,COTAÇÃO,8,0))))","v":"HORA"},0.5,{"$f":"IF(KZT25=\"SINAPI\",VLOOKUP(KZQ25,SINAPI,4,0),IF(KZT25=\"SETOP\",VLOOKUP(KZQ25,SETOP,5,0),IF(KZT25=\"CPU\",VLOOKUP(KZQ25,COMPOSIÇÃO,8,0),VLOOKUP(KZQ25,COTAÇÃO,11,0))))","v":19.149999999999999},{"$f":"KZV25*KZW25","v":9.5749999999999993},"ED-50374",{"$f":"IF(LAB25=\"SINAPI\",VLOOKUP(KZY25,SINAPI,2,0),IF(LAB25=\"SETOP\",VLOOKUP(KZY25,SETOP,3,0),IF(LAB25=\"CPU\",VLOOKUP(KZY25,COMPOSIÇÃO,2,0),VLOOKUP(KZY25,COTAÇÃO,3,0))))","v":"BOMBEIRO/ENCANADOR COM ENCARGOS COMPLEMENTARES"},null,"SETOP",{"$f":"IF(LAB25=\"SINAPI\",VLOOKUP(KZY25,SINAPI,3,0),IF(LAB25=\"SETOP\",VLOOKUP(KZY25,SETOP,4,0),IF(LAB25=\"CPU\",VLOOKUP(KZY25,COMPOSIÇÃO,5,0),VLOOKUP(KZY25,COTAÇÃO,8,0))))","v":"HORA"},0.5,{"$f":"IF(LAB25=\"SINAPI\",VLOOKUP(KZY25,SINAPI,4,0),IF(LAB25=\"SETOP\",VLOOKUP(KZY25,SETOP,5,0),IF(LAB25=\"CPU\",VLOOKUP(KZY25,COMPOSIÇÃO,8,0),VLOOKUP(KZY25,COTAÇÃO,11,0))))","v":19.149999999999999},{"$f":"LAD25*LAE25","v":9.5749999999999993},"ED-50374",{"$f":"IF(LAJ25=\"SINAPI\",VLOOKUP(LAG25,SINAPI,2,0),IF(LAJ25=\"SETOP\",VLOOKUP(LAG25,SETOP,3,0),IF(LAJ25=\"CPU\",VLOOKUP(LAG25,COMPOSIÇÃO,2,0),VLOOKUP(LAG25,COTAÇÃO,3,0))))","v":"BOMBEIRO/ENCANADOR COM ENCARGOS COMPLEMENTARES"},null,"SETOP",{"$f":"IF(LAJ25=\"SINAPI\",VLOOKUP(LAG25,SINAPI,3,0),IF(LAJ25=\"SETOP\",VLOOKUP(LAG25,SETOP,4,0),IF(LAJ25=\"CPU\",VLOOKUP(LAG25,COMPOSIÇÃO,5,0),VLOOKUP(LAG25,COTAÇÃO,8,0))))","v":"HORA"},0.5,{"$f":"IF(LAJ25=\"SINAPI\",VLOOKUP(LAG25,SINAPI,4,0),IF(LAJ25=\"SETOP\",VLOOKUP(LAG25,SETOP,5,0),IF(LAJ25=\"CPU\",VLOOKUP(LAG25,COMPOSIÇÃO,8,0),VLOOKUP(LAG25,COTAÇÃO,11,0))))","v":19.149999999999999},{"$f":"LAL25*LAM25","v":9.5749999999999993},"ED-50374",{"$f":"IF(LAR25=\"SINAPI\",VLOOKUP(LAO25,SINAPI,2,0),IF(LAR25=\"SETOP\",VLOOKUP(LAO25,SETOP,3,0),IF(LAR25=\"CPU\",VLOOKUP(LAO25,COMPOSIÇÃO,2,0),VLOOKUP(LAO25,COTAÇÃO,3,0))))","v":"BOMBEIRO/ENCANADOR COM ENCARGOS COMPLEMENTARES"},null,"SETOP",{"$f":"IF(LAR25=\"SINAPI\",VLOOKUP(LAO25,SINAPI,3,0),IF(LAR25=\"SETOP\",VLOOKUP(LAO25,SETOP,4,0),IF(LAR25=\"CPU\",VLOOKUP(LAO25,COMPOSIÇÃO,5,0),VLOOKUP(LAO25,COTAÇÃO,8,0))))","v":"HORA"},0.5,{"$f":"IF(LAR25=\"SINAPI\",VLOOKUP(LAO25,SINAPI,4,0),IF(LAR25=\"SETOP\",VLOOKUP(LAO25,SETOP,5,0),IF(LAR25=\"CPU\",VLOOKUP(LAO25,COMPOSIÇÃO,8,0),VLOOKUP(LAO25,COTAÇÃO,11,0))))","v":19.149999999999999},{"$f":"LAT25*LAU25","v":9.5749999999999993},"ED-50374",{"$f":"IF(LAZ25=\"SINAPI\",VLOOKUP(LAW25,SINAPI,2,0),IF(LAZ25=\"SETOP\",VLOOKUP(LAW25,SETOP,3,0),IF(LAZ25=\"CPU\",VLOOKUP(LAW25,COMPOSIÇÃO,2,0),VLOOKUP(LAW25,COTAÇÃO,3,0))))","v":"BOMBEIRO/ENCANADOR COM ENCARGOS COMPLEMENTARES"},null,"SETOP",{"$f":"IF(LAZ25=\"SINAPI\",VLOOKUP(LAW25,SINAPI,3,0),IF(LAZ25=\"SETOP\",VLOOKUP(LAW25,SETOP,4,0),IF(LAZ25=\"CPU\",VLOOKUP(LAW25,COMPOSIÇÃO,5,0),VLOOKUP(LAW25,COTAÇÃO,8,0))))","v":"HORA"},0.5,{"$f":"IF(LAZ25=\"SINAPI\",VLOOKUP(LAW25,SINAPI,4,0),IF(LAZ25=\"SETOP\",VLOOKUP(LAW25,SETOP,5,0),IF(LAZ25=\"CPU\",VLOOKUP(LAW25,COMPOSIÇÃO,8,0),VLOOKUP(LAW25,COTAÇÃO,11,0))))","v":19.149999999999999},{"$f":"LBB25*LBC25","v":9.5749999999999993},"ED-50374",{"$f":"IF(LBH25=\"SINAPI\",VLOOKUP(LBE25,SINAPI,2,0),IF(LBH25=\"SETOP\",VLOOKUP(LBE25,SETOP,3,0),IF(LBH25=\"CPU\",VLOOKUP(LBE25,COMPOSIÇÃO,2,0),VLOOKUP(LBE25,COTAÇÃO,3,0))))","v":"BOMBEIRO/ENCANADOR COM ENCARGOS COMPLEMENTARES"},null,"SETOP",{"$f":"IF(LBH25=\"SINAPI\",VLOOKUP(LBE25,SINAPI,3,0),IF(LBH25=\"SETOP\",VLOOKUP(LBE25,SETOP,4,0),IF(LBH25=\"CPU\",VLOOKUP(LBE25,COMPOSIÇÃO,5,0),VLOOKUP(LBE25,COTAÇÃO,8,0))))","v":"HORA"},0.5,{"$f":"IF(LBH25=\"SINAPI\",VLOOKUP(LBE25,SINAPI,4,0),IF(LBH25=\"SETOP\",VLOOKUP(LBE25,SETOP,5,0),IF(LBH25=\"CPU\",VLOOKUP(LBE25,COMPOSIÇÃO,8,0),VLOOKUP(LBE25,COTAÇÃO,11,0))))","v":19.149999999999999},{"$f":"LBJ25*LBK25","v":9.5749999999999993},"ED-50374",{"$f":"IF(LBP25=\"SINAPI\",VLOOKUP(LBM25,SINAPI,2,0),IF(LBP25=\"SETOP\",VLOOKUP(LBM25,SETOP,3,0),IF(LBP25=\"CPU\",VLOOKUP(LBM25,COMPOSIÇÃO,2,0),VLOOKUP(LBM25,COTAÇÃO,3,0))))","v":"BOMBEIRO/ENCANADOR COM ENCARGOS COMPLEMENTARES"},null,"SETOP",{"$f":"IF(LBP25=\"SINAPI\",VLOOKUP(LBM25,SINAPI,3,0),IF(LBP25=\"SETOP\",VLOOKUP(LBM25,SETOP,4,0),IF(LBP25=\"CPU\",VLOOKUP(LBM25,COMPOSIÇÃO,5,0),VLOOKUP(LBM25,COTAÇÃO,8,0))))","v":"HORA"},0.5,{"$f":"IF(LBP25=\"SINAPI\",VLOOKUP(LBM25,SINAPI,4,0),IF(LBP25=\"SETOP\",VLOOKUP(LBM25,SETOP,5,0),IF(LBP25=\"CPU\",VLOOKUP(LBM25,COMPOSIÇÃO,8,0),VLOOKUP(LBM25,COTAÇÃO,11,0))))","v":19.149999999999999},{"$f":"LBR25*LBS25","v":9.5749999999999993},"ED-50374",{"$f":"IF(LBX25=\"SINAPI\",VLOOKUP(LBU25,SINAPI,2,0),IF(LBX25=\"SETOP\",VLOOKUP(LBU25,SETOP,3,0),IF(LBX25=\"CPU\",VLOOKUP(LBU25,COMPOSIÇÃO,2,0),VLOOKUP(LBU25,COTAÇÃO,3,0))))","v":"BOMBEIRO/ENCANADOR COM ENCARGOS COMPLEMENTARES"},null,"SETOP",{"$f":"IF(LBX25=\"SINAPI\",VLOOKUP(LBU25,SINAPI,3,0),IF(LBX25=\"SETOP\",VLOOKUP(LBU25,SETOP,4,0),IF(LBX25=\"CPU\",VLOOKUP(LBU25,COMPOSIÇÃO,5,0),VLOOKUP(LBU25,COTAÇÃO,8,0))))","v":"HORA"},0.5,{"$f":"IF(LBX25=\"SINAPI\",VLOOKUP(LBU25,SINAPI,4,0),IF(LBX25=\"SETOP\",VLOOKUP(LBU25,SETOP,5,0),IF(LBX25=\"CPU\",VLOOKUP(LBU25,COMPOSIÇÃO,8,0),VLOOKUP(LBU25,COTAÇÃO,11,0))))","v":19.149999999999999},{"$f":"LBZ25*LCA25","v":9.5749999999999993},"ED-50374",{"$f":"IF(LCF25=\"SINAPI\",VLOOKUP(LCC25,SINAPI,2,0),IF(LCF25=\"SETOP\",VLOOKUP(LCC25,SETOP,3,0),IF(LCF25=\"CPU\",VLOOKUP(LCC25,COMPOSIÇÃO,2,0),VLOOKUP(LCC25,COTAÇÃO,3,0))))","v":"BOMBEIRO/ENCANADOR COM ENCARGOS COMPLEMENTARES"},null,"SETOP",{"$f":"IF(LCF25=\"SINAPI\",VLOOKUP(LCC25,SINAPI,3,0),IF(LCF25=\"SETOP\",VLOOKUP(LCC25,SETOP,4,0),IF(LCF25=\"CPU\",VLOOKUP(LCC25,COMPOSIÇÃO,5,0),VLOOKUP(LCC25,COTAÇÃO,8,0))))","v":"HORA"},0.5,{"$f":"IF(LCF25=\"SINAPI\",VLOOKUP(LCC25,SINAPI,4,0),IF(LCF25=\"SETOP\",VLOOKUP(LCC25,SETOP,5,0),IF(LCF25=\"CPU\",VLOOKUP(LCC25,COMPOSIÇÃO,8,0),VLOOKUP(LCC25,COTAÇÃO,11,0))))","v":19.149999999999999},{"$f":"LCH25*LCI25","v":9.5749999999999993},"ED-50374",{"$f":"IF(LCN25=\"SINAPI\",VLOOKUP(LCK25,SINAPI,2,0),IF(LCN25=\"SETOP\",VLOOKUP(LCK25,SETOP,3,0),IF(LCN25=\"CPU\",VLOOKUP(LCK25,COMPOSIÇÃO,2,0),VLOOKUP(LCK25,COTAÇÃO,3,0))))","v":"BOMBEIRO/ENCANADOR COM ENCARGOS COMPLEMENTARES"},null,"SETOP",{"$f":"IF(LCN25=\"SINAPI\",VLOOKUP(LCK25,SINAPI,3,0),IF(LCN25=\"SETOP\",VLOOKUP(LCK25,SETOP,4,0),IF(LCN25=\"CPU\",VLOOKUP(LCK25,COMPOSIÇÃO,5,0),VLOOKUP(LCK25,COTAÇÃO,8,0))))","v":"HORA"},0.5,{"$f":"IF(LCN25=\"SINAPI\",VLOOKUP(LCK25,SINAPI,4,0),IF(LCN25=\"SETOP\",VLOOKUP(LCK25,SETOP,5,0),IF(LCN25=\"CPU\",VLOOKUP(LCK25,COMPOSIÇÃO,8,0),VLOOKUP(LCK25,COTAÇÃO,11,0))))","v":19.149999999999999},{"$f":"LCP25*LCQ25","v":9.5749999999999993},"ED-50374",{"$f":"IF(LCV25=\"SINAPI\",VLOOKUP(LCS25,SINAPI,2,0),IF(LCV25=\"SETOP\",VLOOKUP(LCS25,SETOP,3,0),IF(LCV25=\"CPU\",VLOOKUP(LCS25,COMPOSIÇÃO,2,0),VLOOKUP(LCS25,COTAÇÃO,3,0))))","v":"BOMBEIRO/ENCANADOR COM ENCARGOS COMPLEMENTARES"},null,"SETOP",{"$f":"IF(LCV25=\"SINAPI\",VLOOKUP(LCS25,SINAPI,3,0),IF(LCV25=\"SETOP\",VLOOKUP(LCS25,SETOP,4,0),IF(LCV25=\"CPU\",VLOOKUP(LCS25,COMPOSIÇÃO,5,0),VLOOKUP(LCS25,COTAÇÃO,8,0))))","v":"HORA"},0.5,{"$f":"IF(LCV25=\"SINAPI\",VLOOKUP(LCS25,SINAPI,4,0),IF(LCV25=\"SETOP\",VLOOKUP(LCS25,SETOP,5,0),IF(LCV25=\"CPU\",VLOOKUP(LCS25,COMPOSIÇÃO,8,0),VLOOKUP(LCS25,COTAÇÃO,11,0))))","v":19.149999999999999},{"$f":"LCX25*LCY25","v":9.5749999999999993},"ED-50374",{"$f":"IF(LDD25=\"SINAPI\",VLOOKUP(LDA25,SINAPI,2,0),IF(LDD25=\"SETOP\",VLOOKUP(LDA25,SETOP,3,0),IF(LDD25=\"CPU\",VLOOKUP(LDA25,COMPOSIÇÃO,2,0),VLOOKUP(LDA25,COTAÇÃO,3,0))))","v":"BOMBEIRO/ENCANADOR COM ENCARGOS COMPLEMENTARES"},null,"SETOP",{"$f":"IF(LDD25=\"SINAPI\",VLOOKUP(LDA25,SINAPI,3,0),IF(LDD25=\"SETOP\",VLOOKUP(LDA25,SETOP,4,0),IF(LDD25=\"CPU\",VLOOKUP(LDA25,COMPOSIÇÃO,5,0),VLOOKUP(LDA25,COTAÇÃO,8,0))))","v":"HORA"},0.5,{"$f":"IF(LDD25=\"SINAPI\",VLOOKUP(LDA25,SINAPI,4,0),IF(LDD25=\"SETOP\",VLOOKUP(LDA25,SETOP,5,0),IF(LDD25=\"CPU\",VLOOKUP(LDA25,COMPOSIÇÃO,8,0),VLOOKUP(LDA25,COTAÇÃO,11,0))))","v":19.149999999999999},{"$f":"LDF25*LDG25","v":9.5749999999999993},"ED-50374",{"$f":"IF(LDL25=\"SINAPI\",VLOOKUP(LDI25,SINAPI,2,0),IF(LDL25=\"SETOP\",VLOOKUP(LDI25,SETOP,3,0),IF(LDL25=\"CPU\",VLOOKUP(LDI25,COMPOSIÇÃO,2,0),VLOOKUP(LDI25,COTAÇÃO,3,0))))","v":"BOMBEIRO/ENCANADOR COM ENCARGOS COMPLEMENTARES"},null,"SETOP",{"$f":"IF(LDL25=\"SINAPI\",VLOOKUP(LDI25,SINAPI,3,0),IF(LDL25=\"SETOP\",VLOOKUP(LDI25,SETOP,4,0),IF(LDL25=\"CPU\",VLOOKUP(LDI25,COMPOSIÇÃO,5,0),VLOOKUP(LDI25,COTAÇÃO,8,0))))","v":"HORA"},0.5,{"$f":"IF(LDL25=\"SINAPI\",VLOOKUP(LDI25,SINAPI,4,0),IF(LDL25=\"SETOP\",VLOOKUP(LDI25,SETOP,5,0),IF(LDL25=\"CPU\",VLOOKUP(LDI25,COMPOSIÇÃO,8,0),VLOOKUP(LDI25,COTAÇÃO,11,0))))","v":19.149999999999999},{"$f":"LDN25*LDO25","v":9.5749999999999993},"ED-50374",{"$f":"IF(LDT25=\"SINAPI\",VLOOKUP(LDQ25,SINAPI,2,0),IF(LDT25=\"SETOP\",VLOOKUP(LDQ25,SETOP,3,0),IF(LDT25=\"CPU\",VLOOKUP(LDQ25,COMPOSIÇÃO,2,0),VLOOKUP(LDQ25,COTAÇÃO,3,0))))","v":"BOMBEIRO/ENCANADOR COM ENCARGOS COMPLEMENTARES"},null,"SETOP",{"$f":"IF(LDT25=\"SINAPI\",VLOOKUP(LDQ25,SINAPI,3,0),IF(LDT25=\"SETOP\",VLOOKUP(LDQ25,SETOP,4,0),IF(LDT25=\"CPU\",VLOOKUP(LDQ25,COMPOSIÇÃO,5,0),VLOOKUP(LDQ25,COTAÇÃO,8,0))))","v":"HORA"},0.5,{"$f":"IF(LDT25=\"SINAPI\",VLOOKUP(LDQ25,SINAPI,4,0),IF(LDT25=\"SETOP\",VLOOKUP(LDQ25,SETOP,5,0),IF(LDT25=\"CPU\",VLOOKUP(LDQ25,COMPOSIÇÃO,8,0),VLOOKUP(LDQ25,COTAÇÃO,11,0))))","v":19.149999999999999},{"$f":"LDV25*LDW25","v":9.5749999999999993},"ED-50374",{"$f":"IF(LEB25=\"SINAPI\",VLOOKUP(LDY25,SINAPI,2,0),IF(LEB25=\"SETOP\",VLOOKUP(LDY25,SETOP,3,0),IF(LEB25=\"CPU\",VLOOKUP(LDY25,COMPOSIÇÃO,2,0),VLOOKUP(LDY25,COTAÇÃO,3,0))))","v":"BOMBEIRO/ENCANADOR COM ENCARGOS COMPLEMENTARES"},null,"SETOP",{"$f":"IF(LEB25=\"SINAPI\",VLOOKUP(LDY25,SINAPI,3,0),IF(LEB25=\"SETOP\",VLOOKUP(LDY25,SETOP,4,0),IF(LEB25=\"CPU\",VLOOKUP(LDY25,COMPOSIÇÃO,5,0),VLOOKUP(LDY25,COTAÇÃO,8,0))))","v":"HORA"},0.5,{"$f":"IF(LEB25=\"SINAPI\",VLOOKUP(LDY25,SINAPI,4,0),IF(LEB25=\"SETOP\",VLOOKUP(LDY25,SETOP,5,0),IF(LEB25=\"CPU\",VLOOKUP(LDY25,COMPOSIÇÃO,8,0),VLOOKUP(LDY25,COTAÇÃO,11,0))))","v":19.149999999999999},{"$f":"LED25*LEE25","v":9.5749999999999993},"ED-50374",{"$f":"IF(LEJ25=\"SINAPI\",VLOOKUP(LEG25,SINAPI,2,0),IF(LEJ25=\"SETOP\",VLOOKUP(LEG25,SETOP,3,0),IF(LEJ25=\"CPU\",VLOOKUP(LEG25,COMPOSIÇÃO,2,0),VLOOKUP(LEG25,COTAÇÃO,3,0))))","v":"BOMBEIRO/ENCANADOR COM ENCARGOS COMPLEMENTARES"},null,"SETOP",{"$f":"IF(LEJ25=\"SINAPI\",VLOOKUP(LEG25,SINAPI,3,0),IF(LEJ25=\"SETOP\",VLOOKUP(LEG25,SETOP,4,0),IF(LEJ25=\"CPU\",VLOOKUP(LEG25,COMPOSIÇÃO,5,0),VLOOKUP(LEG25,COTAÇÃO,8,0))))","v":"HORA"},0.5,{"$f":"IF(LEJ25=\"SINAPI\",VLOOKUP(LEG25,SINAPI,4,0),IF(LEJ25=\"SETOP\",VLOOKUP(LEG25,SETOP,5,0),IF(LEJ25=\"CPU\",VLOOKUP(LEG25,COMPOSIÇÃO,8,0),VLOOKUP(LEG25,COTAÇÃO,11,0))))","v":19.149999999999999},{"$f":"LEL25*LEM25","v":9.5749999999999993},"ED-50374",{"$f":"IF(LER25=\"SINAPI\",VLOOKUP(LEO25,SINAPI,2,0),IF(LER25=\"SETOP\",VLOOKUP(LEO25,SETOP,3,0),IF(LER25=\"CPU\",VLOOKUP(LEO25,COMPOSIÇÃO,2,0),VLOOKUP(LEO25,COTAÇÃO,3,0))))","v":"BOMBEIRO/ENCANADOR COM ENCARGOS COMPLEMENTARES"},null,"SETOP",{"$f":"IF(LER25=\"SINAPI\",VLOOKUP(LEO25,SINAPI,3,0),IF(LER25=\"SETOP\",VLOOKUP(LEO25,SETOP,4,0),IF(LER25=\"CPU\",VLOOKUP(LEO25,COMPOSIÇÃO,5,0),VLOOKUP(LEO25,COTAÇÃO,8,0))))","v":"HORA"},0.5,{"$f":"IF(LER25=\"SINAPI\",VLOOKUP(LEO25,SINAPI,4,0),IF(LER25=\"SETOP\",VLOOKUP(LEO25,SETOP,5,0),IF(LER25=\"CPU\",VLOOKUP(LEO25,COMPOSIÇÃO,8,0),VLOOKUP(LEO25,COTAÇÃO,11,0))))","v":19.149999999999999},{"$f":"LET25*LEU25","v":9.5749999999999993},"ED-50374",{"$f":"IF(LEZ25=\"SINAPI\",VLOOKUP(LEW25,SINAPI,2,0),IF(LEZ25=\"SETOP\",VLOOKUP(LEW25,SETOP,3,0),IF(LEZ25=\"CPU\",VLOOKUP(LEW25,COMPOSIÇÃO,2,0),VLOOKUP(LEW25,COTAÇÃO,3,0))))","v":"BOMBEIRO/ENCANADOR COM ENCARGOS COMPLEMENTARES"},null,"SETOP",{"$f":"IF(LEZ25=\"SINAPI\",VLOOKUP(LEW25,SINAPI,3,0),IF(LEZ25=\"SETOP\",VLOOKUP(LEW25,SETOP,4,0),IF(LEZ25=\"CPU\",VLOOKUP(LEW25,COMPOSIÇÃO,5,0),VLOOKUP(LEW25,COTAÇÃO,8,0))))","v":"HORA"},0.5,{"$f":"IF(LEZ25=\"SINAPI\",VLOOKUP(LEW25,SINAPI,4,0),IF(LEZ25=\"SETOP\",VLOOKUP(LEW25,SETOP,5,0),IF(LEZ25=\"CPU\",VLOOKUP(LEW25,COMPOSIÇÃO,8,0),VLOOKUP(LEW25,COTAÇÃO,11,0))))","v":19.149999999999999},{"$f":"LFB25*LFC25","v":9.5749999999999993},"ED-50374",{"$f":"IF(LFH25=\"SINAPI\",VLOOKUP(LFE25,SINAPI,2,0),IF(LFH25=\"SETOP\",VLOOKUP(LFE25,SETOP,3,0),IF(LFH25=\"CPU\",VLOOKUP(LFE25,COMPOSIÇÃO,2,0),VLOOKUP(LFE25,COTAÇÃO,3,0))))","v":"BOMBEIRO/ENCANADOR COM ENCARGOS COMPLEMENTARES"},null,"SETOP",{"$f":"IF(LFH25=\"SINAPI\",VLOOKUP(LFE25,SINAPI,3,0),IF(LFH25=\"SETOP\",VLOOKUP(LFE25,SETOP,4,0),IF(LFH25=\"CPU\",VLOOKUP(LFE25,COMPOSIÇÃO,5,0),VLOOKUP(LFE25,COTAÇÃO,8,0))))","v":"HORA"},0.5,{"$f":"IF(LFH25=\"SINAPI\",VLOOKUP(LFE25,SINAPI,4,0),IF(LFH25=\"SETOP\",VLOOKUP(LFE25,SETOP,5,0),IF(LFH25=\"CPU\",VLOOKUP(LFE25,COMPOSIÇÃO,8,0),VLOOKUP(LFE25,COTAÇÃO,11,0))))","v":19.149999999999999},{"$f":"LFJ25*LFK25","v":9.5749999999999993},"ED-50374",{"$f":"IF(LFP25=\"SINAPI\",VLOOKUP(LFM25,SINAPI,2,0),IF(LFP25=\"SETOP\",VLOOKUP(LFM25,SETOP,3,0),IF(LFP25=\"CPU\",VLOOKUP(LFM25,COMPOSIÇÃO,2,0),VLOOKUP(LFM25,COTAÇÃO,3,0))))","v":"BOMBEIRO/ENCANADOR COM ENCARGOS COMPLEMENTARES"},null,"SETOP",{"$f":"IF(LFP25=\"SINAPI\",VLOOKUP(LFM25,SINAPI,3,0),IF(LFP25=\"SETOP\",VLOOKUP(LFM25,SETOP,4,0),IF(LFP25=\"CPU\",VLOOKUP(LFM25,COMPOSIÇÃO,5,0),VLOOKUP(LFM25,COTAÇÃO,8,0))))","v":"HORA"},0.5,{"$f":"IF(LFP25=\"SINAPI\",VLOOKUP(LFM25,SINAPI,4,0),IF(LFP25=\"SETOP\",VLOOKUP(LFM25,SETOP,5,0),IF(LFP25=\"CPU\",VLOOKUP(LFM25,COMPOSIÇÃO,8,0),VLOOKUP(LFM25,COTAÇÃO,11,0))))","v":19.149999999999999},{"$f":"LFR25*LFS25","v":9.5749999999999993},"ED-50374",{"$f":"IF(LFX25=\"SINAPI\",VLOOKUP(LFU25,SINAPI,2,0),IF(LFX25=\"SETOP\",VLOOKUP(LFU25,SETOP,3,0),IF(LFX25=\"CPU\",VLOOKUP(LFU25,COMPOSIÇÃO,2,0),VLOOKUP(LFU25,COTAÇÃO,3,0))))","v":"BOMBEIRO/ENCANADOR COM ENCARGOS COMPLEMENTARES"},null,"SETOP",{"$f":"IF(LFX25=\"SINAPI\",VLOOKUP(LFU25,SINAPI,3,0),IF(LFX25=\"SETOP\",VLOOKUP(LFU25,SETOP,4,0),IF(LFX25=\"CPU\",VLOOKUP(LFU25,COMPOSIÇÃO,5,0),VLOOKUP(LFU25,COTAÇÃO,8,0))))","v":"HORA"},0.5,{"$f":"IF(LFX25=\"SINAPI\",VLOOKUP(LFU25,SINAPI,4,0),IF(LFX25=\"SETOP\",VLOOKUP(LFU25,SETOP,5,0),IF(LFX25=\"CPU\",VLOOKUP(LFU25,COMPOSIÇÃO,8,0),VLOOKUP(LFU25,COTAÇÃO,11,0))))","v":19.149999999999999},{"$f":"LFZ25*LGA25","v":9.5749999999999993},"ED-50374",{"$f":"IF(LGF25=\"SINAPI\",VLOOKUP(LGC25,SINAPI,2,0),IF(LGF25=\"SETOP\",VLOOKUP(LGC25,SETOP,3,0),IF(LGF25=\"CPU\",VLOOKUP(LGC25,COMPOSIÇÃO,2,0),VLOOKUP(LGC25,COTAÇÃO,3,0))))","v":"BOMBEIRO/ENCANADOR COM ENCARGOS COMPLEMENTARES"},null,"SETOP",{"$f":"IF(LGF25=\"SINAPI\",VLOOKUP(LGC25,SINAPI,3,0),IF(LGF25=\"SETOP\",VLOOKUP(LGC25,SETOP,4,0),IF(LGF25=\"CPU\",VLOOKUP(LGC25,COMPOSIÇÃO,5,0),VLOOKUP(LGC25,COTAÇÃO,8,0))))","v":"HORA"},0.5,{"$f":"IF(LGF25=\"SINAPI\",VLOOKUP(LGC25,SINAPI,4,0),IF(LGF25=\"SETOP\",VLOOKUP(LGC25,SETOP,5,0),IF(LGF25=\"CPU\",VLOOKUP(LGC25,COMPOSIÇÃO,8,0),VLOOKUP(LGC25,COTAÇÃO,11,0))))","v":19.149999999999999},{"$f":"LGH25*LGI25","v":9.5749999999999993},"ED-50374",{"$f":"IF(LGN25=\"SINAPI\",VLOOKUP(LGK25,SINAPI,2,0),IF(LGN25=\"SETOP\",VLOOKUP(LGK25,SETOP,3,0),IF(LGN25=\"CPU\",VLOOKUP(LGK25,COMPOSIÇÃO,2,0),VLOOKUP(LGK25,COTAÇÃO,3,0))))","v":"BOMBEIRO/ENCANADOR COM ENCARGOS COMPLEMENTARES"},null,"SETOP",{"$f":"IF(LGN25=\"SINAPI\",VLOOKUP(LGK25,SINAPI,3,0),IF(LGN25=\"SETOP\",VLOOKUP(LGK25,SETOP,4,0),IF(LGN25=\"CPU\",VLOOKUP(LGK25,COMPOSIÇÃO,5,0),VLOOKUP(LGK25,COTAÇÃO,8,0))))","v":"HORA"},0.5,{"$f":"IF(LGN25=\"SINAPI\",VLOOKUP(LGK25,SINAPI,4,0),IF(LGN25=\"SETOP\",VLOOKUP(LGK25,SETOP,5,0),IF(LGN25=\"CPU\",VLOOKUP(LGK25,COMPOSIÇÃO,8,0),VLOOKUP(LGK25,COTAÇÃO,11,0))))","v":19.149999999999999},{"$f":"LGP25*LGQ25","v":9.5749999999999993},"ED-50374",{"$f":"IF(LGV25=\"SINAPI\",VLOOKUP(LGS25,SINAPI,2,0),IF(LGV25=\"SETOP\",VLOOKUP(LGS25,SETOP,3,0),IF(LGV25=\"CPU\",VLOOKUP(LGS25,COMPOSIÇÃO,2,0),VLOOKUP(LGS25,COTAÇÃO,3,0))))","v":"BOMBEIRO/ENCANADOR COM ENCARGOS COMPLEMENTARES"},null,"SETOP",{"$f":"IF(LGV25=\"SINAPI\",VLOOKUP(LGS25,SINAPI,3,0),IF(LGV25=\"SETOP\",VLOOKUP(LGS25,SETOP,4,0),IF(LGV25=\"CPU\",VLOOKUP(LGS25,COMPOSIÇÃO,5,0),VLOOKUP(LGS25,COTAÇÃO,8,0))))","v":"HORA"},0.5,{"$f":"IF(LGV25=\"SINAPI\",VLOOKUP(LGS25,SINAPI,4,0),IF(LGV25=\"SETOP\",VLOOKUP(LGS25,SETOP,5,0),IF(LGV25=\"CPU\",VLOOKUP(LGS25,COMPOSIÇÃO,8,0),VLOOKUP(LGS25,COTAÇÃO,11,0))))","v":19.149999999999999},{"$f":"LGX25*LGY25","v":9.5749999999999993},"ED-50374",{"$f":"IF(LHD25=\"SINAPI\",VLOOKUP(LHA25,SINAPI,2,0),IF(LHD25=\"SETOP\",VLOOKUP(LHA25,SETOP,3,0),IF(LHD25=\"CPU\",VLOOKUP(LHA25,COMPOSIÇÃO,2,0),VLOOKUP(LHA25,COTAÇÃO,3,0))))","v":"BOMBEIRO/ENCANADOR COM ENCARGOS COMPLEMENTARES"},null,"SETOP",{"$f":"IF(LHD25=\"SINAPI\",VLOOKUP(LHA25,SINAPI,3,0),IF(LHD25=\"SETOP\",VLOOKUP(LHA25,SETOP,4,0),IF(LHD25=\"CPU\",VLOOKUP(LHA25,COMPOSIÇÃO,5,0),VLOOKUP(LHA25,COTAÇÃO,8,0))))","v":"HORA"},0.5,{"$f":"IF(LHD25=\"SINAPI\",VLOOKUP(LHA25,SINAPI,4,0),IF(LHD25=\"SETOP\",VLOOKUP(LHA25,SETOP,5,0),IF(LHD25=\"CPU\",VLOOKUP(LHA25,COMPOSIÇÃO,8,0),VLOOKUP(LHA25,COTAÇÃO,11,0))))","v":19.149999999999999},{"$f":"LHF25*LHG25","v":9.5749999999999993},"ED-50374",{"$f":"IF(LHL25=\"SINAPI\",VLOOKUP(LHI25,SINAPI,2,0),IF(LHL25=\"SETOP\",VLOOKUP(LHI25,SETOP,3,0),IF(LHL25=\"CPU\",VLOOKUP(LHI25,COMPOSIÇÃO,2,0),VLOOKUP(LHI25,COTAÇÃO,3,0))))","v":"BOMBEIRO/ENCANADOR COM ENCARGOS COMPLEMENTARES"},null,"SETOP",{"$f":"IF(LHL25=\"SINAPI\",VLOOKUP(LHI25,SINAPI,3,0),IF(LHL25=\"SETOP\",VLOOKUP(LHI25,SETOP,4,0),IF(LHL25=\"CPU\",VLOOKUP(LHI25,COMPOSIÇÃO,5,0),VLOOKUP(LHI25,COTAÇÃO,8,0))))","v":"HORA"},0.5,{"$f":"IF(LHL25=\"SINAPI\",VLOOKUP(LHI25,SINAPI,4,0),IF(LHL25=\"SETOP\",VLOOKUP(LHI25,SETOP,5,0),IF(LHL25=\"CPU\",VLOOKUP(LHI25,COMPOSIÇÃO,8,0),VLOOKUP(LHI25,COTAÇÃO,11,0))))","v":19.149999999999999},{"$f":"LHN25*LHO25","v":9.5749999999999993},"ED-50374",{"$f":"IF(LHT25=\"SINAPI\",VLOOKUP(LHQ25,SINAPI,2,0),IF(LHT25=\"SETOP\",VLOOKUP(LHQ25,SETOP,3,0),IF(LHT25=\"CPU\",VLOOKUP(LHQ25,COMPOSIÇÃO,2,0),VLOOKUP(LHQ25,COTAÇÃO,3,0))))","v":"BOMBEIRO/ENCANADOR COM ENCARGOS COMPLEMENTARES"},null,"SETOP",{"$f":"IF(LHT25=\"SINAPI\",VLOOKUP(LHQ25,SINAPI,3,0),IF(LHT25=\"SETOP\",VLOOKUP(LHQ25,SETOP,4,0),IF(LHT25=\"CPU\",VLOOKUP(LHQ25,COMPOSIÇÃO,5,0),VLOOKUP(LHQ25,COTAÇÃO,8,0))))","v":"HORA"},0.5,{"$f":"IF(LHT25=\"SINAPI\",VLOOKUP(LHQ25,SINAPI,4,0),IF(LHT25=\"SETOP\",VLOOKUP(LHQ25,SETOP,5,0),IF(LHT25=\"CPU\",VLOOKUP(LHQ25,COMPOSIÇÃO,8,0),VLOOKUP(LHQ25,COTAÇÃO,11,0))))","v":19.149999999999999},{"$f":"LHV25*LHW25","v":9.5749999999999993},"ED-50374",{"$f":"IF(LIB25=\"SINAPI\",VLOOKUP(LHY25,SINAPI,2,0),IF(LIB25=\"SETOP\",VLOOKUP(LHY25,SETOP,3,0),IF(LIB25=\"CPU\",VLOOKUP(LHY25,COMPOSIÇÃO,2,0),VLOOKUP(LHY25,COTAÇÃO,3,0))))","v":"BOMBEIRO/ENCANADOR COM ENCARGOS COMPLEMENTARES"},null,"SETOP",{"$f":"IF(LIB25=\"SINAPI\",VLOOKUP(LHY25,SINAPI,3,0),IF(LIB25=\"SETOP\",VLOOKUP(LHY25,SETOP,4,0),IF(LIB25=\"CPU\",VLOOKUP(LHY25,COMPOSIÇÃO,5,0),VLOOKUP(LHY25,COTAÇÃO,8,0))))","v":"HORA"},0.5,{"$f":"IF(LIB25=\"SINAPI\",VLOOKUP(LHY25,SINAPI,4,0),IF(LIB25=\"SETOP\",VLOOKUP(LHY25,SETOP,5,0),IF(LIB25=\"CPU\",VLOOKUP(LHY25,COMPOSIÇÃO,8,0),VLOOKUP(LHY25,COTAÇÃO,11,0))))","v":19.149999999999999},{"$f":"LID25*LIE25","v":9.5749999999999993},"ED-50374",{"$f":"IF(LIJ25=\"SINAPI\",VLOOKUP(LIG25,SINAPI,2,0),IF(LIJ25=\"SETOP\",VLOOKUP(LIG25,SETOP,3,0),IF(LIJ25=\"CPU\",VLOOKUP(LIG25,COMPOSIÇÃO,2,0),VLOOKUP(LIG25,COTAÇÃO,3,0))))","v":"BOMBEIRO/ENCANADOR COM ENCARGOS COMPLEMENTARES"},null,"SETOP",{"$f":"IF(LIJ25=\"SINAPI\",VLOOKUP(LIG25,SINAPI,3,0),IF(LIJ25=\"SETOP\",VLOOKUP(LIG25,SETOP,4,0),IF(LIJ25=\"CPU\",VLOOKUP(LIG25,COMPOSIÇÃO,5,0),VLOOKUP(LIG25,COTAÇÃO,8,0))))","v":"HORA"},0.5,{"$f":"IF(LIJ25=\"SINAPI\",VLOOKUP(LIG25,SINAPI,4,0),IF(LIJ25=\"SETOP\",VLOOKUP(LIG25,SETOP,5,0),IF(LIJ25=\"CPU\",VLOOKUP(LIG25,COMPOSIÇÃO,8,0),VLOOKUP(LIG25,COTAÇÃO,11,0))))","v":19.149999999999999},{"$f":"LIL25*LIM25","v":9.5749999999999993},"ED-50374",{"$f":"IF(LIR25=\"SINAPI\",VLOOKUP(LIO25,SINAPI,2,0),IF(LIR25=\"SETOP\",VLOOKUP(LIO25,SETOP,3,0),IF(LIR25=\"CPU\",VLOOKUP(LIO25,COMPOSIÇÃO,2,0),VLOOKUP(LIO25,COTAÇÃO,3,0))))","v":"BOMBEIRO/ENCANADOR COM ENCARGOS COMPLEMENTARES"},null,"SETOP",{"$f":"IF(LIR25=\"SINAPI\",VLOOKUP(LIO25,SINAPI,3,0),IF(LIR25=\"SETOP\",VLOOKUP(LIO25,SETOP,4,0),IF(LIR25=\"CPU\",VLOOKUP(LIO25,COMPOSIÇÃO,5,0),VLOOKUP(LIO25,COTAÇÃO,8,0))))","v":"HORA"},0.5,{"$f":"IF(LIR25=\"SINAPI\",VLOOKUP(LIO25,SINAPI,4,0),IF(LIR25=\"SETOP\",VLOOKUP(LIO25,SETOP,5,0),IF(LIR25=\"CPU\",VLOOKUP(LIO25,COMPOSIÇÃO,8,0),VLOOKUP(LIO25,COTAÇÃO,11,0))))","v":19.149999999999999},{"$f":"LIT25*LIU25","v":9.5749999999999993},"ED-50374",{"$f":"IF(LIZ25=\"SINAPI\",VLOOKUP(LIW25,SINAPI,2,0),IF(LIZ25=\"SETOP\",VLOOKUP(LIW25,SETOP,3,0),IF(LIZ25=\"CPU\",VLOOKUP(LIW25,COMPOSIÇÃO,2,0),VLOOKUP(LIW25,COTAÇÃO,3,0))))","v":"BOMBEIRO/ENCANADOR COM ENCARGOS COMPLEMENTARES"},null,"SETOP",{"$f":"IF(LIZ25=\"SINAPI\",VLOOKUP(LIW25,SINAPI,3,0),IF(LIZ25=\"SETOP\",VLOOKUP(LIW25,SETOP,4,0),IF(LIZ25=\"CPU\",VLOOKUP(LIW25,COMPOSIÇÃO,5,0),VLOOKUP(LIW25,COTAÇÃO,8,0))))","v":"HORA"},0.5,{"$f":"IF(LIZ25=\"SINAPI\",VLOOKUP(LIW25,SINAPI,4,0),IF(LIZ25=\"SETOP\",VLOOKUP(LIW25,SETOP,5,0),IF(LIZ25=\"CPU\",VLOOKUP(LIW25,COMPOSIÇÃO,8,0),VLOOKUP(LIW25,COTAÇÃO,11,0))))","v":19.149999999999999},{"$f":"LJB25*LJC25","v":9.5749999999999993},"ED-50374",{"$f":"IF(LJH25=\"SINAPI\",VLOOKUP(LJE25,SINAPI,2,0),IF(LJH25=\"SETOP\",VLOOKUP(LJE25,SETOP,3,0),IF(LJH25=\"CPU\",VLOOKUP(LJE25,COMPOSIÇÃO,2,0),VLOOKUP(LJE25,COTAÇÃO,3,0))))","v":"BOMBEIRO/ENCANADOR COM ENCARGOS COMPLEMENTARES"},null,"SETOP",{"$f":"IF(LJH25=\"SINAPI\",VLOOKUP(LJE25,SINAPI,3,0),IF(LJH25=\"SETOP\",VLOOKUP(LJE25,SETOP,4,0),IF(LJH25=\"CPU\",VLOOKUP(LJE25,COMPOSIÇÃO,5,0),VLOOKUP(LJE25,COTAÇÃO,8,0))))","v":"HORA"},0.5,{"$f":"IF(LJH25=\"SINAPI\",VLOOKUP(LJE25,SINAPI,4,0),IF(LJH25=\"SETOP\",VLOOKUP(LJE25,SETOP,5,0),IF(LJH25=\"CPU\",VLOOKUP(LJE25,COMPOSIÇÃO,8,0),VLOOKUP(LJE25,COTAÇÃO,11,0))))","v":19.149999999999999},{"$f":"LJJ25*LJK25","v":9.5749999999999993},"ED-50374",{"$f":"IF(LJP25=\"SINAPI\",VLOOKUP(LJM25,SINAPI,2,0),IF(LJP25=\"SETOP\",VLOOKUP(LJM25,SETOP,3,0),IF(LJP25=\"CPU\",VLOOKUP(LJM25,COMPOSIÇÃO,2,0),VLOOKUP(LJM25,COTAÇÃO,3,0))))","v":"BOMBEIRO/ENCANADOR COM ENCARGOS COMPLEMENTARES"},null,"SETOP",{"$f":"IF(LJP25=\"SINAPI\",VLOOKUP(LJM25,SINAPI,3,0),IF(LJP25=\"SETOP\",VLOOKUP(LJM25,SETOP,4,0),IF(LJP25=\"CPU\",VLOOKUP(LJM25,COMPOSIÇÃO,5,0),VLOOKUP(LJM25,COTAÇÃO,8,0))))","v":"HORA"},0.5,{"$f":"IF(LJP25=\"SINAPI\",VLOOKUP(LJM25,SINAPI,4,0),IF(LJP25=\"SETOP\",VLOOKUP(LJM25,SETOP,5,0),IF(LJP25=\"CPU\",VLOOKUP(LJM25,COMPOSIÇÃO,8,0),VLOOKUP(LJM25,COTAÇÃO,11,0))))","v":19.149999999999999},{"$f":"LJR25*LJS25","v":9.5749999999999993},"ED-50374",{"$f":"IF(LJX25=\"SINAPI\",VLOOKUP(LJU25,SINAPI,2,0),IF(LJX25=\"SETOP\",VLOOKUP(LJU25,SETOP,3,0),IF(LJX25=\"CPU\",VLOOKUP(LJU25,COMPOSIÇÃO,2,0),VLOOKUP(LJU25,COTAÇÃO,3,0))))","v":"BOMBEIRO/ENCANADOR COM ENCARGOS COMPLEMENTARES"},null,"SETOP",{"$f":"IF(LJX25=\"SINAPI\",VLOOKUP(LJU25,SINAPI,3,0),IF(LJX25=\"SETOP\",VLOOKUP(LJU25,SETOP,4,0),IF(LJX25=\"CPU\",VLOOKUP(LJU25,COMPOSIÇÃO,5,0),VLOOKUP(LJU25,COTAÇÃO,8,0))))","v":"HORA"},0.5,{"$f":"IF(LJX25=\"SINAPI\",VLOOKUP(LJU25,SINAPI,4,0),IF(LJX25=\"SETOP\",VLOOKUP(LJU25,SETOP,5,0),IF(LJX25=\"CPU\",VLOOKUP(LJU25,COMPOSIÇÃO,8,0),VLOOKUP(LJU25,COTAÇÃO,11,0))))","v":19.149999999999999},{"$f":"LJZ25*LKA25","v":9.5749999999999993},"ED-50374",{"$f":"IF(LKF25=\"SINAPI\",VLOOKUP(LKC25,SINAPI,2,0),IF(LKF25=\"SETOP\",VLOOKUP(LKC25,SETOP,3,0),IF(LKF25=\"CPU\",VLOOKUP(LKC25,COMPOSIÇÃO,2,0),VLOOKUP(LKC25,COTAÇÃO,3,0))))","v":"BOMBEIRO/ENCANADOR COM ENCARGOS COMPLEMENTARES"},null,"SETOP",{"$f":"IF(LKF25=\"SINAPI\",VLOOKUP(LKC25,SINAPI,3,0),IF(LKF25=\"SETOP\",VLOOKUP(LKC25,SETOP,4,0),IF(LKF25=\"CPU\",VLOOKUP(LKC25,COMPOSIÇÃO,5,0),VLOOKUP(LKC25,COTAÇÃO,8,0))))","v":"HORA"},0.5,{"$f":"IF(LKF25=\"SINAPI\",VLOOKUP(LKC25,SINAPI,4,0),IF(LKF25=\"SETOP\",VLOOKUP(LKC25,SETOP,5,0),IF(LKF25=\"CPU\",VLOOKUP(LKC25,COMPOSIÇÃO,8,0),VLOOKUP(LKC25,COTAÇÃO,11,0))))","v":19.149999999999999},{"$f":"LKH25*LKI25","v":9.5749999999999993},"ED-50374",{"$f":"IF(LKN25=\"SINAPI\",VLOOKUP(LKK25,SINAPI,2,0),IF(LKN25=\"SETOP\",VLOOKUP(LKK25,SETOP,3,0),IF(LKN25=\"CPU\",VLOOKUP(LKK25,COMPOSIÇÃO,2,0),VLOOKUP(LKK25,COTAÇÃO,3,0))))","v":"BOMBEIRO/ENCANADOR COM ENCARGOS COMPLEMENTARES"},null,"SETOP",{"$f":"IF(LKN25=\"SINAPI\",VLOOKUP(LKK25,SINAPI,3,0),IF(LKN25=\"SETOP\",VLOOKUP(LKK25,SETOP,4,0),IF(LKN25=\"CPU\",VLOOKUP(LKK25,COMPOSIÇÃO,5,0),VLOOKUP(LKK25,COTAÇÃO,8,0))))","v":"HORA"},0.5,{"$f":"IF(LKN25=\"SINAPI\",VLOOKUP(LKK25,SINAPI,4,0),IF(LKN25=\"SETOP\",VLOOKUP(LKK25,SETOP,5,0),IF(LKN25=\"CPU\",VLOOKUP(LKK25,COMPOSIÇÃO,8,0),VLOOKUP(LKK25,COTAÇÃO,11,0))))","v":19.149999999999999},{"$f":"LKP25*LKQ25","v":9.5749999999999993},"ED-50374",{"$f":"IF(LKV25=\"SINAPI\",VLOOKUP(LKS25,SINAPI,2,0),IF(LKV25=\"SETOP\",VLOOKUP(LKS25,SETOP,3,0),IF(LKV25=\"CPU\",VLOOKUP(LKS25,COMPOSIÇÃO,2,0),VLOOKUP(LKS25,COTAÇÃO,3,0))))","v":"BOMBEIRO/ENCANADOR COM ENCARGOS COMPLEMENTARES"},null,"SETOP",{"$f":"IF(LKV25=\"SINAPI\",VLOOKUP(LKS25,SINAPI,3,0),IF(LKV25=\"SETOP\",VLOOKUP(LKS25,SETOP,4,0),IF(LKV25=\"CPU\",VLOOKUP(LKS25,COMPOSIÇÃO,5,0),VLOOKUP(LKS25,COTAÇÃO,8,0))))","v":"HORA"},0.5,{"$f":"IF(LKV25=\"SINAPI\",VLOOKUP(LKS25,SINAPI,4,0),IF(LKV25=\"SETOP\",VLOOKUP(LKS25,SETOP,5,0),IF(LKV25=\"CPU\",VLOOKUP(LKS25,COMPOSIÇÃO,8,0),VLOOKUP(LKS25,COTAÇÃO,11,0))))","v":19.149999999999999},{"$f":"LKX25*LKY25","v":9.5749999999999993},"ED-50374",{"$f":"IF(LLD25=\"SINAPI\",VLOOKUP(LLA25,SINAPI,2,0),IF(LLD25=\"SETOP\",VLOOKUP(LLA25,SETOP,3,0),IF(LLD25=\"CPU\",VLOOKUP(LLA25,COMPOSIÇÃO,2,0),VLOOKUP(LLA25,COTAÇÃO,3,0))))","v":"BOMBEIRO/ENCANADOR COM ENCARGOS COMPLEMENTARES"},null,"SETOP",{"$f":"IF(LLD25=\"SINAPI\",VLOOKUP(LLA25,SINAPI,3,0),IF(LLD25=\"SETOP\",VLOOKUP(LLA25,SETOP,4,0),IF(LLD25=\"CPU\",VLOOKUP(LLA25,COMPOSIÇÃO,5,0),VLOOKUP(LLA25,COTAÇÃO,8,0))))","v":"HORA"},0.5,{"$f":"IF(LLD25=\"SINAPI\",VLOOKUP(LLA25,SINAPI,4,0),IF(LLD25=\"SETOP\",VLOOKUP(LLA25,SETOP,5,0),IF(LLD25=\"CPU\",VLOOKUP(LLA25,COMPOSIÇÃO,8,0),VLOOKUP(LLA25,COTAÇÃO,11,0))))","v":19.149999999999999},{"$f":"LLF25*LLG25","v":9.5749999999999993},"ED-50374",{"$f":"IF(LLL25=\"SINAPI\",VLOOKUP(LLI25,SINAPI,2,0),IF(LLL25=\"SETOP\",VLOOKUP(LLI25,SETOP,3,0),IF(LLL25=\"CPU\",VLOOKUP(LLI25,COMPOSIÇÃO,2,0),VLOOKUP(LLI25,COTAÇÃO,3,0))))","v":"BOMBEIRO/ENCANADOR COM ENCARGOS COMPLEMENTARES"},null,"SETOP",{"$f":"IF(LLL25=\"SINAPI\",VLOOKUP(LLI25,SINAPI,3,0),IF(LLL25=\"SETOP\",VLOOKUP(LLI25,SETOP,4,0),IF(LLL25=\"CPU\",VLOOKUP(LLI25,COMPOSIÇÃO,5,0),VLOOKUP(LLI25,COTAÇÃO,8,0))))","v":"HORA"},0.5,{"$f":"IF(LLL25=\"SINAPI\",VLOOKUP(LLI25,SINAPI,4,0),IF(LLL25=\"SETOP\",VLOOKUP(LLI25,SETOP,5,0),IF(LLL25=\"CPU\",VLOOKUP(LLI25,COMPOSIÇÃO,8,0),VLOOKUP(LLI25,COTAÇÃO,11,0))))","v":19.149999999999999},{"$f":"LLN25*LLO25","v":9.5749999999999993},"ED-50374",{"$f":"IF(LLT25=\"SINAPI\",VLOOKUP(LLQ25,SINAPI,2,0),IF(LLT25=\"SETOP\",VLOOKUP(LLQ25,SETOP,3,0),IF(LLT25=\"CPU\",VLOOKUP(LLQ25,COMPOSIÇÃO,2,0),VLOOKUP(LLQ25,COTAÇÃO,3,0))))","v":"BOMBEIRO/ENCANADOR COM ENCARGOS COMPLEMENTARES"},null,"SETOP",{"$f":"IF(LLT25=\"SINAPI\",VLOOKUP(LLQ25,SINAPI,3,0),IF(LLT25=\"SETOP\",VLOOKUP(LLQ25,SETOP,4,0),IF(LLT25=\"CPU\",VLOOKUP(LLQ25,COMPOSIÇÃO,5,0),VLOOKUP(LLQ25,COTAÇÃO,8,0))))","v":"HORA"},0.5,{"$f":"IF(LLT25=\"SINAPI\",VLOOKUP(LLQ25,SINAPI,4,0),IF(LLT25=\"SETOP\",VLOOKUP(LLQ25,SETOP,5,0),IF(LLT25=\"CPU\",VLOOKUP(LLQ25,COMPOSIÇÃO,8,0),VLOOKUP(LLQ25,COTAÇÃO,11,0))))","v":19.149999999999999},{"$f":"LLV25*LLW25","v":9.5749999999999993},"ED-50374",{"$f":"IF(LMB25=\"SINAPI\",VLOOKUP(LLY25,SINAPI,2,0),IF(LMB25=\"SETOP\",VLOOKUP(LLY25,SETOP,3,0),IF(LMB25=\"CPU\",VLOOKUP(LLY25,COMPOSIÇÃO,2,0),VLOOKUP(LLY25,COTAÇÃO,3,0))))","v":"BOMBEIRO/ENCANADOR COM ENCARGOS COMPLEMENTARES"},null,"SETOP",{"$f":"IF(LMB25=\"SINAPI\",VLOOKUP(LLY25,SINAPI,3,0),IF(LMB25=\"SETOP\",VLOOKUP(LLY25,SETOP,4,0),IF(LMB25=\"CPU\",VLOOKUP(LLY25,COMPOSIÇÃO,5,0),VLOOKUP(LLY25,COTAÇÃO,8,0))))","v":"HORA"},0.5,{"$f":"IF(LMB25=\"SINAPI\",VLOOKUP(LLY25,SINAPI,4,0),IF(LMB25=\"SETOP\",VLOOKUP(LLY25,SETOP,5,0),IF(LMB25=\"CPU\",VLOOKUP(LLY25,COMPOSIÇÃO,8,0),VLOOKUP(LLY25,COTAÇÃO,11,0))))","v":19.149999999999999},{"$f":"LMD25*LME25","v":9.5749999999999993},"ED-50374",{"$f":"IF(LMJ25=\"SINAPI\",VLOOKUP(LMG25,SINAPI,2,0),IF(LMJ25=\"SETOP\",VLOOKUP(LMG25,SETOP,3,0),IF(LMJ25=\"CPU\",VLOOKUP(LMG25,COMPOSIÇÃO,2,0),VLOOKUP(LMG25,COTAÇÃO,3,0))))","v":"BOMBEIRO/ENCANADOR COM ENCARGOS COMPLEMENTARES"},null,"SETOP",{"$f":"IF(LMJ25=\"SINAPI\",VLOOKUP(LMG25,SINAPI,3,0),IF(LMJ25=\"SETOP\",VLOOKUP(LMG25,SETOP,4,0),IF(LMJ25=\"CPU\",VLOOKUP(LMG25,COMPOSIÇÃO,5,0),VLOOKUP(LMG25,COTAÇÃO,8,0))))","v":"HORA"},0.5,{"$f":"IF(LMJ25=\"SINAPI\",VLOOKUP(LMG25,SINAPI,4,0),IF(LMJ25=\"SETOP\",VLOOKUP(LMG25,SETOP,5,0),IF(LMJ25=\"CPU\",VLOOKUP(LMG25,COMPOSIÇÃO,8,0),VLOOKUP(LMG25,COTAÇÃO,11,0))))","v":19.149999999999999},{"$f":"LML25*LMM25","v":9.5749999999999993},"ED-50374",{"$f":"IF(LMR25=\"SINAPI\",VLOOKUP(LMO25,SINAPI,2,0),IF(LMR25=\"SETOP\",VLOOKUP(LMO25,SETOP,3,0),IF(LMR25=\"CPU\",VLOOKUP(LMO25,COMPOSIÇÃO,2,0),VLOOKUP(LMO25,COTAÇÃO,3,0))))","v":"BOMBEIRO/ENCANADOR COM ENCARGOS COMPLEMENTARES"},null,"SETOP",{"$f":"IF(LMR25=\"SINAPI\",VLOOKUP(LMO25,SINAPI,3,0),IF(LMR25=\"SETOP\",VLOOKUP(LMO25,SETOP,4,0),IF(LMR25=\"CPU\",VLOOKUP(LMO25,COMPOSIÇÃO,5,0),VLOOKUP(LMO25,COTAÇÃO,8,0))))","v":"HORA"},0.5,{"$f":"IF(LMR25=\"SINAPI\",VLOOKUP(LMO25,SINAPI,4,0),IF(LMR25=\"SETOP\",VLOOKUP(LMO25,SETOP,5,0),IF(LMR25=\"CPU\",VLOOKUP(LMO25,COMPOSIÇÃO,8,0),VLOOKUP(LMO25,COTAÇÃO,11,0))))","v":19.149999999999999},{"$f":"LMT25*LMU25","v":9.5749999999999993},"ED-50374",{"$f":"IF(LMZ25=\"SINAPI\",VLOOKUP(LMW25,SINAPI,2,0),IF(LMZ25=\"SETOP\",VLOOKUP(LMW25,SETOP,3,0),IF(LMZ25=\"CPU\",VLOOKUP(LMW25,COMPOSIÇÃO,2,0),VLOOKUP(LMW25,COTAÇÃO,3,0))))","v":"BOMBEIRO/ENCANADOR COM ENCARGOS COMPLEMENTARES"},null,"SETOP",{"$f":"IF(LMZ25=\"SINAPI\",VLOOKUP(LMW25,SINAPI,3,0),IF(LMZ25=\"SETOP\",VLOOKUP(LMW25,SETOP,4,0),IF(LMZ25=\"CPU\",VLOOKUP(LMW25,COMPOSIÇÃO,5,0),VLOOKUP(LMW25,COTAÇÃO,8,0))))","v":"HORA"},0.5,{"$f":"IF(LMZ25=\"SINAPI\",VLOOKUP(LMW25,SINAPI,4,0),IF(LMZ25=\"SETOP\",VLOOKUP(LMW25,SETOP,5,0),IF(LMZ25=\"CPU\",VLOOKUP(LMW25,COMPOSIÇÃO,8,0),VLOOKUP(LMW25,COTAÇÃO,11,0))))","v":19.149999999999999},{"$f":"LNB25*LNC25","v":9.5749999999999993},"ED-50374",{"$f":"IF(LNH25=\"SINAPI\",VLOOKUP(LNE25,SINAPI,2,0),IF(LNH25=\"SETOP\",VLOOKUP(LNE25,SETOP,3,0),IF(LNH25=\"CPU\",VLOOKUP(LNE25,COMPOSIÇÃO,2,0),VLOOKUP(LNE25,COTAÇÃO,3,0))))","v":"BOMBEIRO/ENCANADOR COM ENCARGOS COMPLEMENTARES"},null,"SETOP",{"$f":"IF(LNH25=\"SINAPI\",VLOOKUP(LNE25,SINAPI,3,0),IF(LNH25=\"SETOP\",VLOOKUP(LNE25,SETOP,4,0),IF(LNH25=\"CPU\",VLOOKUP(LNE25,COMPOSIÇÃO,5,0),VLOOKUP(LNE25,COTAÇÃO,8,0))))","v":"HORA"},0.5,{"$f":"IF(LNH25=\"SINAPI\",VLOOKUP(LNE25,SINAPI,4,0),IF(LNH25=\"SETOP\",VLOOKUP(LNE25,SETOP,5,0),IF(LNH25=\"CPU\",VLOOKUP(LNE25,COMPOSIÇÃO,8,0),VLOOKUP(LNE25,COTAÇÃO,11,0))))","v":19.149999999999999},{"$f":"LNJ25*LNK25","v":9.5749999999999993},"ED-50374",{"$f":"IF(LNP25=\"SINAPI\",VLOOKUP(LNM25,SINAPI,2,0),IF(LNP25=\"SETOP\",VLOOKUP(LNM25,SETOP,3,0),IF(LNP25=\"CPU\",VLOOKUP(LNM25,COMPOSIÇÃO,2,0),VLOOKUP(LNM25,COTAÇÃO,3,0))))","v":"BOMBEIRO/ENCANADOR COM ENCARGOS COMPLEMENTARES"},null,"SETOP",{"$f":"IF(LNP25=\"SINAPI\",VLOOKUP(LNM25,SINAPI,3,0),IF(LNP25=\"SETOP\",VLOOKUP(LNM25,SETOP,4,0),IF(LNP25=\"CPU\",VLOOKUP(LNM25,COMPOSIÇÃO,5,0),VLOOKUP(LNM25,COTAÇÃO,8,0))))","v":"HORA"},0.5,{"$f":"IF(LNP25=\"SINAPI\",VLOOKUP(LNM25,SINAPI,4,0),IF(LNP25=\"SETOP\",VLOOKUP(LNM25,SETOP,5,0),IF(LNP25=\"CPU\",VLOOKUP(LNM25,COMPOSIÇÃO,8,0),VLOOKUP(LNM25,COTAÇÃO,11,0))))","v":19.149999999999999},{"$f":"LNR25*LNS25","v":9.5749999999999993},"ED-50374",{"$f":"IF(LNX25=\"SINAPI\",VLOOKUP(LNU25,SINAPI,2,0),IF(LNX25=\"SETOP\",VLOOKUP(LNU25,SETOP,3,0),IF(LNX25=\"CPU\",VLOOKUP(LNU25,COMPOSIÇÃO,2,0),VLOOKUP(LNU25,COTAÇÃO,3,0))))","v":"BOMBEIRO/ENCANADOR COM ENCARGOS COMPLEMENTARES"},null,"SETOP",{"$f":"IF(LNX25=\"SINAPI\",VLOOKUP(LNU25,SINAPI,3,0),IF(LNX25=\"SETOP\",VLOOKUP(LNU25,SETOP,4,0),IF(LNX25=\"CPU\",VLOOKUP(LNU25,COMPOSIÇÃO,5,0),VLOOKUP(LNU25,COTAÇÃO,8,0))))","v":"HORA"},0.5,{"$f":"IF(LNX25=\"SINAPI\",VLOOKUP(LNU25,SINAPI,4,0),IF(LNX25=\"SETOP\",VLOOKUP(LNU25,SETOP,5,0),IF(LNX25=\"CPU\",VLOOKUP(LNU25,COMPOSIÇÃO,8,0),VLOOKUP(LNU25,COTAÇÃO,11,0))))","v":19.149999999999999},{"$f":"LNZ25*LOA25","v":9.5749999999999993},"ED-50374",{"$f":"IF(LOF25=\"SINAPI\",VLOOKUP(LOC25,SINAPI,2,0),IF(LOF25=\"SETOP\",VLOOKUP(LOC25,SETOP,3,0),IF(LOF25=\"CPU\",VLOOKUP(LOC25,COMPOSIÇÃO,2,0),VLOOKUP(LOC25,COTAÇÃO,3,0))))","v":"BOMBEIRO/ENCANADOR COM ENCARGOS COMPLEMENTARES"},null,"SETOP",{"$f":"IF(LOF25=\"SINAPI\",VLOOKUP(LOC25,SINAPI,3,0),IF(LOF25=\"SETOP\",VLOOKUP(LOC25,SETOP,4,0),IF(LOF25=\"CPU\",VLOOKUP(LOC25,COMPOSIÇÃO,5,0),VLOOKUP(LOC25,COTAÇÃO,8,0))))","v":"HORA"},0.5,{"$f":"IF(LOF25=\"SINAPI\",VLOOKUP(LOC25,SINAPI,4,0),IF(LOF25=\"SETOP\",VLOOKUP(LOC25,SETOP,5,0),IF(LOF25=\"CPU\",VLOOKUP(LOC25,COMPOSIÇÃO,8,0),VLOOKUP(LOC25,COTAÇÃO,11,0))))","v":19.149999999999999},{"$f":"LOH25*LOI25","v":9.5749999999999993},"ED-50374",{"$f":"IF(LON25=\"SINAPI\",VLOOKUP(LOK25,SINAPI,2,0),IF(LON25=\"SETOP\",VLOOKUP(LOK25,SETOP,3,0),IF(LON25=\"CPU\",VLOOKUP(LOK25,COMPOSIÇÃO,2,0),VLOOKUP(LOK25,COTAÇÃO,3,0))))","v":"BOMBEIRO/ENCANADOR COM ENCARGOS COMPLEMENTARES"},null,"SETOP",{"$f":"IF(LON25=\"SINAPI\",VLOOKUP(LOK25,SINAPI,3,0),IF(LON25=\"SETOP\",VLOOKUP(LOK25,SETOP,4,0),IF(LON25=\"CPU\",VLOOKUP(LOK25,COMPOSIÇÃO,5,0),VLOOKUP(LOK25,COTAÇÃO,8,0))))","v":"HORA"},0.5,{"$f":"IF(LON25=\"SINAPI\",VLOOKUP(LOK25,SINAPI,4,0),IF(LON25=\"SETOP\",VLOOKUP(LOK25,SETOP,5,0),IF(LON25=\"CPU\",VLOOKUP(LOK25,COMPOSIÇÃO,8,0),VLOOKUP(LOK25,COTAÇÃO,11,0))))","v":19.149999999999999},{"$f":"LOP25*LOQ25","v":9.5749999999999993},"ED-50374",{"$f":"IF(LOV25=\"SINAPI\",VLOOKUP(LOS25,SINAPI,2,0),IF(LOV25=\"SETOP\",VLOOKUP(LOS25,SETOP,3,0),IF(LOV25=\"CPU\",VLOOKUP(LOS25,COMPOSIÇÃO,2,0),VLOOKUP(LOS25,COTAÇÃO,3,0))))","v":"BOMBEIRO/ENCANADOR COM ENCARGOS COMPLEMENTARES"},null,"SETOP",{"$f":"IF(LOV25=\"SINAPI\",VLOOKUP(LOS25,SINAPI,3,0),IF(LOV25=\"SETOP\",VLOOKUP(LOS25,SETOP,4,0),IF(LOV25=\"CPU\",VLOOKUP(LOS25,COMPOSIÇÃO,5,0),VLOOKUP(LOS25,COTAÇÃO,8,0))))","v":"HORA"},0.5,{"$f":"IF(LOV25=\"SINAPI\",VLOOKUP(LOS25,SINAPI,4,0),IF(LOV25=\"SETOP\",VLOOKUP(LOS25,SETOP,5,0),IF(LOV25=\"CPU\",VLOOKUP(LOS25,COMPOSIÇÃO,8,0),VLOOKUP(LOS25,COTAÇÃO,11,0))))","v":19.149999999999999},{"$f":"LOX25*LOY25","v":9.5749999999999993},"ED-50374",{"$f":"IF(LPD25=\"SINAPI\",VLOOKUP(LPA25,SINAPI,2,0),IF(LPD25=\"SETOP\",VLOOKUP(LPA25,SETOP,3,0),IF(LPD25=\"CPU\",VLOOKUP(LPA25,COMPOSIÇÃO,2,0),VLOOKUP(LPA25,COTAÇÃO,3,0))))","v":"BOMBEIRO/ENCANADOR COM ENCARGOS COMPLEMENTARES"},null,"SETOP",{"$f":"IF(LPD25=\"SINAPI\",VLOOKUP(LPA25,SINAPI,3,0),IF(LPD25=\"SETOP\",VLOOKUP(LPA25,SETOP,4,0),IF(LPD25=\"CPU\",VLOOKUP(LPA25,COMPOSIÇÃO,5,0),VLOOKUP(LPA25,COTAÇÃO,8,0))))","v":"HORA"},0.5,{"$f":"IF(LPD25=\"SINAPI\",VLOOKUP(LPA25,SINAPI,4,0),IF(LPD25=\"SETOP\",VLOOKUP(LPA25,SETOP,5,0),IF(LPD25=\"CPU\",VLOOKUP(LPA25,COMPOSIÇÃO,8,0),VLOOKUP(LPA25,COTAÇÃO,11,0))))","v":19.149999999999999},{"$f":"LPF25*LPG25","v":9.5749999999999993},"ED-50374",{"$f":"IF(LPL25=\"SINAPI\",VLOOKUP(LPI25,SINAPI,2,0),IF(LPL25=\"SETOP\",VLOOKUP(LPI25,SETOP,3,0),IF(LPL25=\"CPU\",VLOOKUP(LPI25,COMPOSIÇÃO,2,0),VLOOKUP(LPI25,COTAÇÃO,3,0))))","v":"BOMBEIRO/ENCANADOR COM ENCARGOS COMPLEMENTARES"},null,"SETOP",{"$f":"IF(LPL25=\"SINAPI\",VLOOKUP(LPI25,SINAPI,3,0),IF(LPL25=\"SETOP\",VLOOKUP(LPI25,SETOP,4,0),IF(LPL25=\"CPU\",VLOOKUP(LPI25,COMPOSIÇÃO,5,0),VLOOKUP(LPI25,COTAÇÃO,8,0))))","v":"HORA"},0.5,{"$f":"IF(LPL25=\"SINAPI\",VLOOKUP(LPI25,SINAPI,4,0),IF(LPL25=\"SETOP\",VLOOKUP(LPI25,SETOP,5,0),IF(LPL25=\"CPU\",VLOOKUP(LPI25,COMPOSIÇÃO,8,0),VLOOKUP(LPI25,COTAÇÃO,11,0))))","v":19.149999999999999},{"$f":"LPN25*LPO25","v":9.5749999999999993},"ED-50374",{"$f":"IF(LPT25=\"SINAPI\",VLOOKUP(LPQ25,SINAPI,2,0),IF(LPT25=\"SETOP\",VLOOKUP(LPQ25,SETOP,3,0),IF(LPT25=\"CPU\",VLOOKUP(LPQ25,COMPOSIÇÃO,2,0),VLOOKUP(LPQ25,COTAÇÃO,3,0))))","v":"BOMBEIRO/ENCANADOR COM ENCARGOS COMPLEMENTARES"},null,"SETOP",{"$f":"IF(LPT25=\"SINAPI\",VLOOKUP(LPQ25,SINAPI,3,0),IF(LPT25=\"SETOP\",VLOOKUP(LPQ25,SETOP,4,0),IF(LPT25=\"CPU\",VLOOKUP(LPQ25,COMPOSIÇÃO,5,0),VLOOKUP(LPQ25,COTAÇÃO,8,0))))","v":"HORA"},0.5,{"$f":"IF(LPT25=\"SINAPI\",VLOOKUP(LPQ25,SINAPI,4,0),IF(LPT25=\"SETOP\",VLOOKUP(LPQ25,SETOP,5,0),IF(LPT25=\"CPU\",VLOOKUP(LPQ25,COMPOSIÇÃO,8,0),VLOOKUP(LPQ25,COTAÇÃO,11,0))))","v":19.149999999999999},{"$f":"LPV25*LPW25","v":9.5749999999999993},"ED-50374",{"$f":"IF(LQB25=\"SINAPI\",VLOOKUP(LPY25,SINAPI,2,0),IF(LQB25=\"SETOP\",VLOOKUP(LPY25,SETOP,3,0),IF(LQB25=\"CPU\",VLOOKUP(LPY25,COMPOSIÇÃO,2,0),VLOOKUP(LPY25,COTAÇÃO,3,0))))","v":"BOMBEIRO/ENCANADOR COM ENCARGOS COMPLEMENTARES"},null,"SETOP",{"$f":"IF(LQB25=\"SINAPI\",VLOOKUP(LPY25,SINAPI,3,0),IF(LQB25=\"SETOP\",VLOOKUP(LPY25,SETOP,4,0),IF(LQB25=\"CPU\",VLOOKUP(LPY25,COMPOSIÇÃO,5,0),VLOOKUP(LPY25,COTAÇÃO,8,0))))","v":"HORA"},0.5,{"$f":"IF(LQB25=\"SINAPI\",VLOOKUP(LPY25,SINAPI,4,0),IF(LQB25=\"SETOP\",VLOOKUP(LPY25,SETOP,5,0),IF(LQB25=\"CPU\",VLOOKUP(LPY25,COMPOSIÇÃO,8,0),VLOOKUP(LPY25,COTAÇÃO,11,0))))","v":19.149999999999999},{"$f":"LQD25*LQE25","v":9.5749999999999993},"ED-50374",{"$f":"IF(LQJ25=\"SINAPI\",VLOOKUP(LQG25,SINAPI,2,0),IF(LQJ25=\"SETOP\",VLOOKUP(LQG25,SETOP,3,0),IF(LQJ25=\"CPU\",VLOOKUP(LQG25,COMPOSIÇÃO,2,0),VLOOKUP(LQG25,COTAÇÃO,3,0))))","v":"BOMBEIRO/ENCANADOR COM ENCARGOS COMPLEMENTARES"},null,"SETOP",{"$f":"IF(LQJ25=\"SINAPI\",VLOOKUP(LQG25,SINAPI,3,0),IF(LQJ25=\"SETOP\",VLOOKUP(LQG25,SETOP,4,0),IF(LQJ25=\"CPU\",VLOOKUP(LQG25,COMPOSIÇÃO,5,0),VLOOKUP(LQG25,COTAÇÃO,8,0))))","v":"HORA"},0.5,{"$f":"IF(LQJ25=\"SINAPI\",VLOOKUP(LQG25,SINAPI,4,0),IF(LQJ25=\"SETOP\",VLOOKUP(LQG25,SETOP,5,0),IF(LQJ25=\"CPU\",VLOOKUP(LQG25,COMPOSIÇÃO,8,0),VLOOKUP(LQG25,COTAÇÃO,11,0))))","v":19.149999999999999},{"$f":"LQL25*LQM25","v":9.5749999999999993},"ED-50374",{"$f":"IF(LQR25=\"SINAPI\",VLOOKUP(LQO25,SINAPI,2,0),IF(LQR25=\"SETOP\",VLOOKUP(LQO25,SETOP,3,0),IF(LQR25=\"CPU\",VLOOKUP(LQO25,COMPOSIÇÃO,2,0),VLOOKUP(LQO25,COTAÇÃO,3,0))))","v":"BOMBEIRO/ENCANADOR COM ENCARGOS COMPLEMENTARES"},null,"SETOP",{"$f":"IF(LQR25=\"SINAPI\",VLOOKUP(LQO25,SINAPI,3,0),IF(LQR25=\"SETOP\",VLOOKUP(LQO25,SETOP,4,0),IF(LQR25=\"CPU\",VLOOKUP(LQO25,COMPOSIÇÃO,5,0),VLOOKUP(LQO25,COTAÇÃO,8,0))))","v":"HORA"},0.5,{"$f":"IF(LQR25=\"SINAPI\",VLOOKUP(LQO25,SINAPI,4,0),IF(LQR25=\"SETOP\",VLOOKUP(LQO25,SETOP,5,0),IF(LQR25=\"CPU\",VLOOKUP(LQO25,COMPOSIÇÃO,8,0),VLOOKUP(LQO25,COTAÇÃO,11,0))))","v":19.149999999999999},{"$f":"LQT25*LQU25","v":9.5749999999999993},"ED-50374",{"$f":"IF(LQZ25=\"SINAPI\",VLOOKUP(LQW25,SINAPI,2,0),IF(LQZ25=\"SETOP\",VLOOKUP(LQW25,SETOP,3,0),IF(LQZ25=\"CPU\",VLOOKUP(LQW25,COMPOSIÇÃO,2,0),VLOOKUP(LQW25,COTAÇÃO,3,0))))","v":"BOMBEIRO/ENCANADOR COM ENCARGOS COMPLEMENTARES"},null,"SETOP",{"$f":"IF(LQZ25=\"SINAPI\",VLOOKUP(LQW25,SINAPI,3,0),IF(LQZ25=\"SETOP\",VLOOKUP(LQW25,SETOP,4,0),IF(LQZ25=\"CPU\",VLOOKUP(LQW25,COMPOSIÇÃO,5,0),VLOOKUP(LQW25,COTAÇÃO,8,0))))","v":"HORA"},0.5,{"$f":"IF(LQZ25=\"SINAPI\",VLOOKUP(LQW25,SINAPI,4,0),IF(LQZ25=\"SETOP\",VLOOKUP(LQW25,SETOP,5,0),IF(LQZ25=\"CPU\",VLOOKUP(LQW25,COMPOSIÇÃO,8,0),VLOOKUP(LQW25,COTAÇÃO,11,0))))","v":19.149999999999999},{"$f":"LRB25*LRC25","v":9.5749999999999993},"ED-50374",{"$f":"IF(LRH25=\"SINAPI\",VLOOKUP(LRE25,SINAPI,2,0),IF(LRH25=\"SETOP\",VLOOKUP(LRE25,SETOP,3,0),IF(LRH25=\"CPU\",VLOOKUP(LRE25,COMPOSIÇÃO,2,0),VLOOKUP(LRE25,COTAÇÃO,3,0))))","v":"BOMBEIRO/ENCANADOR COM ENCARGOS COMPLEMENTARES"},null,"SETOP",{"$f":"IF(LRH25=\"SINAPI\",VLOOKUP(LRE25,SINAPI,3,0),IF(LRH25=\"SETOP\",VLOOKUP(LRE25,SETOP,4,0),IF(LRH25=\"CPU\",VLOOKUP(LRE25,COMPOSIÇÃO,5,0),VLOOKUP(LRE25,COTAÇÃO,8,0))))","v":"HORA"},0.5,{"$f":"IF(LRH25=\"SINAPI\",VLOOKUP(LRE25,SINAPI,4,0),IF(LRH25=\"SETOP\",VLOOKUP(LRE25,SETOP,5,0),IF(LRH25=\"CPU\",VLOOKUP(LRE25,COMPOSIÇÃO,8,0),VLOOKUP(LRE25,COTAÇÃO,11,0))))","v":19.149999999999999},{"$f":"LRJ25*LRK25","v":9.5749999999999993},"ED-50374",{"$f":"IF(LRP25=\"SINAPI\",VLOOKUP(LRM25,SINAPI,2,0),IF(LRP25=\"SETOP\",VLOOKUP(LRM25,SETOP,3,0),IF(LRP25=\"CPU\",VLOOKUP(LRM25,COMPOSIÇÃO,2,0),VLOOKUP(LRM25,COTAÇÃO,3,0))))","v":"BOMBEIRO/ENCANADOR COM ENCARGOS COMPLEMENTARES"},null,"SETOP",{"$f":"IF(LRP25=\"SINAPI\",VLOOKUP(LRM25,SINAPI,3,0),IF(LRP25=\"SETOP\",VLOOKUP(LRM25,SETOP,4,0),IF(LRP25=\"CPU\",VLOOKUP(LRM25,COMPOSIÇÃO,5,0),VLOOKUP(LRM25,COTAÇÃO,8,0))))","v":"HORA"},0.5,{"$f":"IF(LRP25=\"SINAPI\",VLOOKUP(LRM25,SINAPI,4,0),IF(LRP25=\"SETOP\",VLOOKUP(LRM25,SETOP,5,0),IF(LRP25=\"CPU\",VLOOKUP(LRM25,COMPOSIÇÃO,8,0),VLOOKUP(LRM25,COTAÇÃO,11,0))))","v":19.149999999999999},{"$f":"LRR25*LRS25","v":9.5749999999999993},"ED-50374",{"$f":"IF(LRX25=\"SINAPI\",VLOOKUP(LRU25,SINAPI,2,0),IF(LRX25=\"SETOP\",VLOOKUP(LRU25,SETOP,3,0),IF(LRX25=\"CPU\",VLOOKUP(LRU25,COMPOSIÇÃO,2,0),VLOOKUP(LRU25,COTAÇÃO,3,0))))","v":"BOMBEIRO/ENCANADOR COM ENCARGOS COMPLEMENTARES"},null,"SETOP",{"$f":"IF(LRX25=\"SINAPI\",VLOOKUP(LRU25,SINAPI,3,0),IF(LRX25=\"SETOP\",VLOOKUP(LRU25,SETOP,4,0),IF(LRX25=\"CPU\",VLOOKUP(LRU25,COMPOSIÇÃO,5,0),VLOOKUP(LRU25,COTAÇÃO,8,0))))","v":"HORA"},0.5,{"$f":"IF(LRX25=\"SINAPI\",VLOOKUP(LRU25,SINAPI,4,0),IF(LRX25=\"SETOP\",VLOOKUP(LRU25,SETOP,5,0),IF(LRX25=\"CPU\",VLOOKUP(LRU25,COMPOSIÇÃO,8,0),VLOOKUP(LRU25,COTAÇÃO,11,0))))","v":19.149999999999999},{"$f":"LRZ25*LSA25","v":9.5749999999999993},"ED-50374",{"$f":"IF(LSF25=\"SINAPI\",VLOOKUP(LSC25,SINAPI,2,0),IF(LSF25=\"SETOP\",VLOOKUP(LSC25,SETOP,3,0),IF(LSF25=\"CPU\",VLOOKUP(LSC25,COMPOSIÇÃO,2,0),VLOOKUP(LSC25,COTAÇÃO,3,0))))","v":"BOMBEIRO/ENCANADOR COM ENCARGOS COMPLEMENTARES"},null,"SETOP",{"$f":"IF(LSF25=\"SINAPI\",VLOOKUP(LSC25,SINAPI,3,0),IF(LSF25=\"SETOP\",VLOOKUP(LSC25,SETOP,4,0),IF(LSF25=\"CPU\",VLOOKUP(LSC25,COMPOSIÇÃO,5,0),VLOOKUP(LSC25,COTAÇÃO,8,0))))","v":"HORA"},0.5,{"$f":"IF(LSF25=\"SINAPI\",VLOOKUP(LSC25,SINAPI,4,0),IF(LSF25=\"SETOP\",VLOOKUP(LSC25,SETOP,5,0),IF(LSF25=\"CPU\",VLOOKUP(LSC25,COMPOSIÇÃO,8,0),VLOOKUP(LSC25,COTAÇÃO,11,0))))","v":19.149999999999999},{"$f":"LSH25*LSI25","v":9.5749999999999993},"ED-50374",{"$f":"IF(LSN25=\"SINAPI\",VLOOKUP(LSK25,SINAPI,2,0),IF(LSN25=\"SETOP\",VLOOKUP(LSK25,SETOP,3,0),IF(LSN25=\"CPU\",VLOOKUP(LSK25,COMPOSIÇÃO,2,0),VLOOKUP(LSK25,COTAÇÃO,3,0))))","v":"BOMBEIRO/ENCANADOR COM ENCARGOS COMPLEMENTARES"},null,"SETOP",{"$f":"IF(LSN25=\"SINAPI\",VLOOKUP(LSK25,SINAPI,3,0),IF(LSN25=\"SETOP\",VLOOKUP(LSK25,SETOP,4,0),IF(LSN25=\"CPU\",VLOOKUP(LSK25,COMPOSIÇÃO,5,0),VLOOKUP(LSK25,COTAÇÃO,8,0))))","v":"HORA"},0.5,{"$f":"IF(LSN25=\"SINAPI\",VLOOKUP(LSK25,SINAPI,4,0),IF(LSN25=\"SETOP\",VLOOKUP(LSK25,SETOP,5,0),IF(LSN25=\"CPU\",VLOOKUP(LSK25,COMPOSIÇÃO,8,0),VLOOKUP(LSK25,COTAÇÃO,11,0))))","v":19.149999999999999},{"$f":"LSP25*LSQ25","v":9.5749999999999993},"ED-50374",{"$f":"IF(LSV25=\"SINAPI\",VLOOKUP(LSS25,SINAPI,2,0),IF(LSV25=\"SETOP\",VLOOKUP(LSS25,SETOP,3,0),IF(LSV25=\"CPU\",VLOOKUP(LSS25,COMPOSIÇÃO,2,0),VLOOKUP(LSS25,COTAÇÃO,3,0))))","v":"BOMBEIRO/ENCANADOR COM ENCARGOS COMPLEMENTARES"},null,"SETOP",{"$f":"IF(LSV25=\"SINAPI\",VLOOKUP(LSS25,SINAPI,3,0),IF(LSV25=\"SETOP\",VLOOKUP(LSS25,SETOP,4,0),IF(LSV25=\"CPU\",VLOOKUP(LSS25,COMPOSIÇÃO,5,0),VLOOKUP(LSS25,COTAÇÃO,8,0))))","v":"HORA"},0.5,{"$f":"IF(LSV25=\"SINAPI\",VLOOKUP(LSS25,SINAPI,4,0),IF(LSV25=\"SETOP\",VLOOKUP(LSS25,SETOP,5,0),IF(LSV25=\"CPU\",VLOOKUP(LSS25,COMPOSIÇÃO,8,0),VLOOKUP(LSS25,COTAÇÃO,11,0))))","v":19.149999999999999},{"$f":"LSX25*LSY25","v":9.5749999999999993},"ED-50374",{"$f":"IF(LTD25=\"SINAPI\",VLOOKUP(LTA25,SINAPI,2,0),IF(LTD25=\"SETOP\",VLOOKUP(LTA25,SETOP,3,0),IF(LTD25=\"CPU\",VLOOKUP(LTA25,COMPOSIÇÃO,2,0),VLOOKUP(LTA25,COTAÇÃO,3,0))))","v":"BOMBEIRO/ENCANADOR COM ENCARGOS COMPLEMENTARES"},null,"SETOP",{"$f":"IF(LTD25=\"SINAPI\",VLOOKUP(LTA25,SINAPI,3,0),IF(LTD25=\"SETOP\",VLOOKUP(LTA25,SETOP,4,0),IF(LTD25=\"CPU\",VLOOKUP(LTA25,COMPOSIÇÃO,5,0),VLOOKUP(LTA25,COTAÇÃO,8,0))))","v":"HORA"},0.5,{"$f":"IF(LTD25=\"SINAPI\",VLOOKUP(LTA25,SINAPI,4,0),IF(LTD25=\"SETOP\",VLOOKUP(LTA25,SETOP,5,0),IF(LTD25=\"CPU\",VLOOKUP(LTA25,COMPOSIÇÃO,8,0),VLOOKUP(LTA25,COTAÇÃO,11,0))))","v":19.149999999999999},{"$f":"LTF25*LTG25","v":9.5749999999999993},"ED-50374",{"$f":"IF(LTL25=\"SINAPI\",VLOOKUP(LTI25,SINAPI,2,0),IF(LTL25=\"SETOP\",VLOOKUP(LTI25,SETOP,3,0),IF(LTL25=\"CPU\",VLOOKUP(LTI25,COMPOSIÇÃO,2,0),VLOOKUP(LTI25,COTAÇÃO,3,0))))","v":"BOMBEIRO/ENCANADOR COM ENCARGOS COMPLEMENTARES"},null,"SETOP",{"$f":"IF(LTL25=\"SINAPI\",VLOOKUP(LTI25,SINAPI,3,0),IF(LTL25=\"SETOP\",VLOOKUP(LTI25,SETOP,4,0),IF(LTL25=\"CPU\",VLOOKUP(LTI25,COMPOSIÇÃO,5,0),VLOOKUP(LTI25,COTAÇÃO,8,0))))","v":"HORA"},0.5,{"$f":"IF(LTL25=\"SINAPI\",VLOOKUP(LTI25,SINAPI,4,0),IF(LTL25=\"SETOP\",VLOOKUP(LTI25,SETOP,5,0),IF(LTL25=\"CPU\",VLOOKUP(LTI25,COMPOSIÇÃO,8,0),VLOOKUP(LTI25,COTAÇÃO,11,0))))","v":19.149999999999999},{"$f":"LTN25*LTO25","v":9.5749999999999993},"ED-50374",{"$f":"IF(LTT25=\"SINAPI\",VLOOKUP(LTQ25,SINAPI,2,0),IF(LTT25=\"SETOP\",VLOOKUP(LTQ25,SETOP,3,0),IF(LTT25=\"CPU\",VLOOKUP(LTQ25,COMPOSIÇÃO,2,0),VLOOKUP(LTQ25,COTAÇÃO,3,0))))","v":"BOMBEIRO/ENCANADOR COM ENCARGOS COMPLEMENTARES"},null,"SETOP",{"$f":"IF(LTT25=\"SINAPI\",VLOOKUP(LTQ25,SINAPI,3,0),IF(LTT25=\"SETOP\",VLOOKUP(LTQ25,SETOP,4,0),IF(LTT25=\"CPU\",VLOOKUP(LTQ25,COMPOSIÇÃO,5,0),VLOOKUP(LTQ25,COTAÇÃO,8,0))))","v":"HORA"},0.5,{"$f":"IF(LTT25=\"SINAPI\",VLOOKUP(LTQ25,SINAPI,4,0),IF(LTT25=\"SETOP\",VLOOKUP(LTQ25,SETOP,5,0),IF(LTT25=\"CPU\",VLOOKUP(LTQ25,COMPOSIÇÃO,8,0),VLOOKUP(LTQ25,COTAÇÃO,11,0))))","v":19.149999999999999},{"$f":"LTV25*LTW25","v":9.5749999999999993},"ED-50374",{"$f":"IF(LUB25=\"SINAPI\",VLOOKUP(LTY25,SINAPI,2,0),IF(LUB25=\"SETOP\",VLOOKUP(LTY25,SETOP,3,0),IF(LUB25=\"CPU\",VLOOKUP(LTY25,COMPOSIÇÃO,2,0),VLOOKUP(LTY25,COTAÇÃO,3,0))))","v":"BOMBEIRO/ENCANADOR COM ENCARGOS COMPLEMENTARES"},null,"SETOP",{"$f":"IF(LUB25=\"SINAPI\",VLOOKUP(LTY25,SINAPI,3,0),IF(LUB25=\"SETOP\",VLOOKUP(LTY25,SETOP,4,0),IF(LUB25=\"CPU\",VLOOKUP(LTY25,COMPOSIÇÃO,5,0),VLOOKUP(LTY25,COTAÇÃO,8,0))))","v":"HORA"},0.5,{"$f":"IF(LUB25=\"SINAPI\",VLOOKUP(LTY25,SINAPI,4,0),IF(LUB25=\"SETOP\",VLOOKUP(LTY25,SETOP,5,0),IF(LUB25=\"CPU\",VLOOKUP(LTY25,COMPOSIÇÃO,8,0),VLOOKUP(LTY25,COTAÇÃO,11,0))))","v":19.149999999999999},{"$f":"LUD25*LUE25","v":9.5749999999999993},"ED-50374",{"$f":"IF(LUJ25=\"SINAPI\",VLOOKUP(LUG25,SINAPI,2,0),IF(LUJ25=\"SETOP\",VLOOKUP(LUG25,SETOP,3,0),IF(LUJ25=\"CPU\",VLOOKUP(LUG25,COMPOSIÇÃO,2,0),VLOOKUP(LUG25,COTAÇÃO,3,0))))","v":"BOMBEIRO/ENCANADOR COM ENCARGOS COMPLEMENTARES"},null,"SETOP",{"$f":"IF(LUJ25=\"SINAPI\",VLOOKUP(LUG25,SINAPI,3,0),IF(LUJ25=\"SETOP\",VLOOKUP(LUG25,SETOP,4,0),IF(LUJ25=\"CPU\",VLOOKUP(LUG25,COMPOSIÇÃO,5,0),VLOOKUP(LUG25,COTAÇÃO,8,0))))","v":"HORA"},0.5,{"$f":"IF(LUJ25=\"SINAPI\",VLOOKUP(LUG25,SINAPI,4,0),IF(LUJ25=\"SETOP\",VLOOKUP(LUG25,SETOP,5,0),IF(LUJ25=\"CPU\",VLOOKUP(LUG25,COMPOSIÇÃO,8,0),VLOOKUP(LUG25,COTAÇÃO,11,0))))","v":19.149999999999999},{"$f":"LUL25*LUM25","v":9.5749999999999993},"ED-50374",{"$f":"IF(LUR25=\"SINAPI\",VLOOKUP(LUO25,SINAPI,2,0),IF(LUR25=\"SETOP\",VLOOKUP(LUO25,SETOP,3,0),IF(LUR25=\"CPU\",VLOOKUP(LUO25,COMPOSIÇÃO,2,0),VLOOKUP(LUO25,COTAÇÃO,3,0))))","v":"BOMBEIRO/ENCANADOR COM ENCARGOS COMPLEMENTARES"},null,"SETOP",{"$f":"IF(LUR25=\"SINAPI\",VLOOKUP(LUO25,SINAPI,3,0),IF(LUR25=\"SETOP\",VLOOKUP(LUO25,SETOP,4,0),IF(LUR25=\"CPU\",VLOOKUP(LUO25,COMPOSIÇÃO,5,0),VLOOKUP(LUO25,COTAÇÃO,8,0))))","v":"HORA"},0.5,{"$f":"IF(LUR25=\"SINAPI\",VLOOKUP(LUO25,SINAPI,4,0),IF(LUR25=\"SETOP\",VLOOKUP(LUO25,SETOP,5,0),IF(LUR25=\"CPU\",VLOOKUP(LUO25,COMPOSIÇÃO,8,0),VLOOKUP(LUO25,COTAÇÃO,11,0))))","v":19.149999999999999},{"$f":"LUT25*LUU25","v":9.5749999999999993},"ED-50374",{"$f":"IF(LUZ25=\"SINAPI\",VLOOKUP(LUW25,SINAPI,2,0),IF(LUZ25=\"SETOP\",VLOOKUP(LUW25,SETOP,3,0),IF(LUZ25=\"CPU\",VLOOKUP(LUW25,COMPOSIÇÃO,2,0),VLOOKUP(LUW25,COTAÇÃO,3,0))))","v":"BOMBEIRO/ENCANADOR COM ENCARGOS COMPLEMENTARES"},null,"SETOP",{"$f":"IF(LUZ25=\"SINAPI\",VLOOKUP(LUW25,SINAPI,3,0),IF(LUZ25=\"SETOP\",VLOOKUP(LUW25,SETOP,4,0),IF(LUZ25=\"CPU\",VLOOKUP(LUW25,COMPOSIÇÃO,5,0),VLOOKUP(LUW25,COTAÇÃO,8,0))))","v":"HORA"},0.5,{"$f":"IF(LUZ25=\"SINAPI\",VLOOKUP(LUW25,SINAPI,4,0),IF(LUZ25=\"SETOP\",VLOOKUP(LUW25,SETOP,5,0),IF(LUZ25=\"CPU\",VLOOKUP(LUW25,COMPOSIÇÃO,8,0),VLOOKUP(LUW25,COTAÇÃO,11,0))))","v":19.149999999999999},{"$f":"LVB25*LVC25","v":9.5749999999999993},"ED-50374",{"$f":"IF(LVH25=\"SINAPI\",VLOOKUP(LVE25,SINAPI,2,0),IF(LVH25=\"SETOP\",VLOOKUP(LVE25,SETOP,3,0),IF(LVH25=\"CPU\",VLOOKUP(LVE25,COMPOSIÇÃO,2,0),VLOOKUP(LVE25,COTAÇÃO,3,0))))","v":"BOMBEIRO/ENCANADOR COM ENCARGOS COMPLEMENTARES"},null,"SETOP",{"$f":"IF(LVH25=\"SINAPI\",VLOOKUP(LVE25,SINAPI,3,0),IF(LVH25=\"SETOP\",VLOOKUP(LVE25,SETOP,4,0),IF(LVH25=\"CPU\",VLOOKUP(LVE25,COMPOSIÇÃO,5,0),VLOOKUP(LVE25,COTAÇÃO,8,0))))","v":"HORA"},0.5,{"$f":"IF(LVH25=\"SINAPI\",VLOOKUP(LVE25,SINAPI,4,0),IF(LVH25=\"SETOP\",VLOOKUP(LVE25,SETOP,5,0),IF(LVH25=\"CPU\",VLOOKUP(LVE25,COMPOSIÇÃO,8,0),VLOOKUP(LVE25,COTAÇÃO,11,0))))","v":19.149999999999999},{"$f":"LVJ25*LVK25","v":9.5749999999999993},"ED-50374",{"$f":"IF(LVP25=\"SINAPI\",VLOOKUP(LVM25,SINAPI,2,0),IF(LVP25=\"SETOP\",VLOOKUP(LVM25,SETOP,3,0),IF(LVP25=\"CPU\",VLOOKUP(LVM25,COMPOSIÇÃO,2,0),VLOOKUP(LVM25,COTAÇÃO,3,0))))","v":"BOMBEIRO/ENCANADOR COM ENCARGOS COMPLEMENTARES"},null,"SETOP",{"$f":"IF(LVP25=\"SINAPI\",VLOOKUP(LVM25,SINAPI,3,0),IF(LVP25=\"SETOP\",VLOOKUP(LVM25,SETOP,4,0),IF(LVP25=\"CPU\",VLOOKUP(LVM25,COMPOSIÇÃO,5,0),VLOOKUP(LVM25,COTAÇÃO,8,0))))","v":"HORA"},0.5,{"$f":"IF(LVP25=\"SINAPI\",VLOOKUP(LVM25,SINAPI,4,0),IF(LVP25=\"SETOP\",VLOOKUP(LVM25,SETOP,5,0),IF(LVP25=\"CPU\",VLOOKUP(LVM25,COMPOSIÇÃO,8,0),VLOOKUP(LVM25,COTAÇÃO,11,0))))","v":19.149999999999999},{"$f":"LVR25*LVS25","v":9.5749999999999993},"ED-50374",{"$f":"IF(LVX25=\"SINAPI\",VLOOKUP(LVU25,SINAPI,2,0),IF(LVX25=\"SETOP\",VLOOKUP(LVU25,SETOP,3,0),IF(LVX25=\"CPU\",VLOOKUP(LVU25,COMPOSIÇÃO,2,0),VLOOKUP(LVU25,COTAÇÃO,3,0))))","v":"BOMBEIRO/ENCANADOR COM ENCARGOS COMPLEMENTARES"},null,"SETOP",{"$f":"IF(LVX25=\"SINAPI\",VLOOKUP(LVU25,SINAPI,3,0),IF(LVX25=\"SETOP\",VLOOKUP(LVU25,SETOP,4,0),IF(LVX25=\"CPU\",VLOOKUP(LVU25,COMPOSIÇÃO,5,0),VLOOKUP(LVU25,COTAÇÃO,8,0))))","v":"HORA"},0.5,{"$f":"IF(LVX25=\"SINAPI\",VLOOKUP(LVU25,SINAPI,4,0),IF(LVX25=\"SETOP\",VLOOKUP(LVU25,SETOP,5,0),IF(LVX25=\"CPU\",VLOOKUP(LVU25,COMPOSIÇÃO,8,0),VLOOKUP(LVU25,COTAÇÃO,11,0))))","v":19.149999999999999},{"$f":"LVZ25*LWA25","v":9.5749999999999993},"ED-50374",{"$f":"IF(LWF25=\"SINAPI\",VLOOKUP(LWC25,SINAPI,2,0),IF(LWF25=\"SETOP\",VLOOKUP(LWC25,SETOP,3,0),IF(LWF25=\"CPU\",VLOOKUP(LWC25,COMPOSIÇÃO,2,0),VLOOKUP(LWC25,COTAÇÃO,3,0))))","v":"BOMBEIRO/ENCANADOR COM ENCARGOS COMPLEMENTARES"},null,"SETOP",{"$f":"IF(LWF25=\"SINAPI\",VLOOKUP(LWC25,SINAPI,3,0),IF(LWF25=\"SETOP\",VLOOKUP(LWC25,SETOP,4,0),IF(LWF25=\"CPU\",VLOOKUP(LWC25,COMPOSIÇÃO,5,0),VLOOKUP(LWC25,COTAÇÃO,8,0))))","v":"HORA"},0.5,{"$f":"IF(LWF25=\"SINAPI\",VLOOKUP(LWC25,SINAPI,4,0),IF(LWF25=\"SETOP\",VLOOKUP(LWC25,SETOP,5,0),IF(LWF25=\"CPU\",VLOOKUP(LWC25,COMPOSIÇÃO,8,0),VLOOKUP(LWC25,COTAÇÃO,11,0))))","v":19.149999999999999},{"$f":"LWH25*LWI25","v":9.5749999999999993},"ED-50374",{"$f":"IF(LWN25=\"SINAPI\",VLOOKUP(LWK25,SINAPI,2,0),IF(LWN25=\"SETOP\",VLOOKUP(LWK25,SETOP,3,0),IF(LWN25=\"CPU\",VLOOKUP(LWK25,COMPOSIÇÃO,2,0),VLOOKUP(LWK25,COTAÇÃO,3,0))))","v":"BOMBEIRO/ENCANADOR COM ENCARGOS COMPLEMENTARES"},null,"SETOP",{"$f":"IF(LWN25=\"SINAPI\",VLOOKUP(LWK25,SINAPI,3,0),IF(LWN25=\"SETOP\",VLOOKUP(LWK25,SETOP,4,0),IF(LWN25=\"CPU\",VLOOKUP(LWK25,COMPOSIÇÃO,5,0),VLOOKUP(LWK25,COTAÇÃO,8,0))))","v":"HORA"},0.5,{"$f":"IF(LWN25=\"SINAPI\",VLOOKUP(LWK25,SINAPI,4,0),IF(LWN25=\"SETOP\",VLOOKUP(LWK25,SETOP,5,0),IF(LWN25=\"CPU\",VLOOKUP(LWK25,COMPOSIÇÃO,8,0),VLOOKUP(LWK25,COTAÇÃO,11,0))))","v":19.149999999999999},{"$f":"LWP25*LWQ25","v":9.5749999999999993},"ED-50374",{"$f":"IF(LWV25=\"SINAPI\",VLOOKUP(LWS25,SINAPI,2,0),IF(LWV25=\"SETOP\",VLOOKUP(LWS25,SETOP,3,0),IF(LWV25=\"CPU\",VLOOKUP(LWS25,COMPOSIÇÃO,2,0),VLOOKUP(LWS25,COTAÇÃO,3,0))))","v":"BOMBEIRO/ENCANADOR COM ENCARGOS COMPLEMENTARES"},null,"SETOP",{"$f":"IF(LWV25=\"SINAPI\",VLOOKUP(LWS25,SINAPI,3,0),IF(LWV25=\"SETOP\",VLOOKUP(LWS25,SETOP,4,0),IF(LWV25=\"CPU\",VLOOKUP(LWS25,COMPOSIÇÃO,5,0),VLOOKUP(LWS25,COTAÇÃO,8,0))))","v":"HORA"},0.5,{"$f":"IF(LWV25=\"SINAPI\",VLOOKUP(LWS25,SINAPI,4,0),IF(LWV25=\"SETOP\",VLOOKUP(LWS25,SETOP,5,0),IF(LWV25=\"CPU\",VLOOKUP(LWS25,COMPOSIÇÃO,8,0),VLOOKUP(LWS25,COTAÇÃO,11,0))))","v":19.149999999999999},{"$f":"LWX25*LWY25","v":9.5749999999999993},"ED-50374",{"$f":"IF(LXD25=\"SINAPI\",VLOOKUP(LXA25,SINAPI,2,0),IF(LXD25=\"SETOP\",VLOOKUP(LXA25,SETOP,3,0),IF(LXD25=\"CPU\",VLOOKUP(LXA25,COMPOSIÇÃO,2,0),VLOOKUP(LXA25,COTAÇÃO,3,0))))","v":"BOMBEIRO/ENCANADOR COM ENCARGOS COMPLEMENTARES"},null,"SETOP",{"$f":"IF(LXD25=\"SINAPI\",VLOOKUP(LXA25,SINAPI,3,0),IF(LXD25=\"SETOP\",VLOOKUP(LXA25,SETOP,4,0),IF(LXD25=\"CPU\",VLOOKUP(LXA25,COMPOSIÇÃO,5,0),VLOOKUP(LXA25,COTAÇÃO,8,0))))","v":"HORA"},0.5,{"$f":"IF(LXD25=\"SINAPI\",VLOOKUP(LXA25,SINAPI,4,0),IF(LXD25=\"SETOP\",VLOOKUP(LXA25,SETOP,5,0),IF(LXD25=\"CPU\",VLOOKUP(LXA25,COMPOSIÇÃO,8,0),VLOOKUP(LXA25,COTAÇÃO,11,0))))","v":19.149999999999999},{"$f":"LXF25*LXG25","v":9.5749999999999993},"ED-50374",{"$f":"IF(LXL25=\"SINAPI\",VLOOKUP(LXI25,SINAPI,2,0),IF(LXL25=\"SETOP\",VLOOKUP(LXI25,SETOP,3,0),IF(LXL25=\"CPU\",VLOOKUP(LXI25,COMPOSIÇÃO,2,0),VLOOKUP(LXI25,COTAÇÃO,3,0))))","v":"BOMBEIRO/ENCANADOR COM ENCARGOS COMPLEMENTARES"},null,"SETOP",{"$f":"IF(LXL25=\"SINAPI\",VLOOKUP(LXI25,SINAPI,3,0),IF(LXL25=\"SETOP\",VLOOKUP(LXI25,SETOP,4,0),IF(LXL25=\"CPU\",VLOOKUP(LXI25,COMPOSIÇÃO,5,0),VLOOKUP(LXI25,COTAÇÃO,8,0))))","v":"HORA"},0.5,{"$f":"IF(LXL25=\"SINAPI\",VLOOKUP(LXI25,SINAPI,4,0),IF(LXL25=\"SETOP\",VLOOKUP(LXI25,SETOP,5,0),IF(LXL25=\"CPU\",VLOOKUP(LXI25,COMPOSIÇÃO,8,0),VLOOKUP(LXI25,COTAÇÃO,11,0))))","v":19.149999999999999},{"$f":"LXN25*LXO25","v":9.5749999999999993},"ED-50374",{"$f":"IF(LXT25=\"SINAPI\",VLOOKUP(LXQ25,SINAPI,2,0),IF(LXT25=\"SETOP\",VLOOKUP(LXQ25,SETOP,3,0),IF(LXT25=\"CPU\",VLOOKUP(LXQ25,COMPOSIÇÃO,2,0),VLOOKUP(LXQ25,COTAÇÃO,3,0))))","v":"BOMBEIRO/ENCANADOR COM ENCARGOS COMPLEMENTARES"},null,"SETOP",{"$f":"IF(LXT25=\"SINAPI\",VLOOKUP(LXQ25,SINAPI,3,0),IF(LXT25=\"SETOP\",VLOOKUP(LXQ25,SETOP,4,0),IF(LXT25=\"CPU\",VLOOKUP(LXQ25,COMPOSIÇÃO,5,0),VLOOKUP(LXQ25,COTAÇÃO,8,0))))","v":"HORA"},0.5,{"$f":"IF(LXT25=\"SINAPI\",VLOOKUP(LXQ25,SINAPI,4,0),IF(LXT25=\"SETOP\",VLOOKUP(LXQ25,SETOP,5,0),IF(LXT25=\"CPU\",VLOOKUP(LXQ25,COMPOSIÇÃO,8,0),VLOOKUP(LXQ25,COTAÇÃO,11,0))))","v":19.149999999999999},{"$f":"LXV25*LXW25","v":9.5749999999999993},"ED-50374",{"$f":"IF(LYB25=\"SINAPI\",VLOOKUP(LXY25,SINAPI,2,0),IF(LYB25=\"SETOP\",VLOOKUP(LXY25,SETOP,3,0),IF(LYB25=\"CPU\",VLOOKUP(LXY25,COMPOSIÇÃO,2,0),VLOOKUP(LXY25,COTAÇÃO,3,0))))","v":"BOMBEIRO/ENCANADOR COM ENCARGOS COMPLEMENTARES"},null,"SETOP",{"$f":"IF(LYB25=\"SINAPI\",VLOOKUP(LXY25,SINAPI,3,0),IF(LYB25=\"SETOP\",VLOOKUP(LXY25,SETOP,4,0),IF(LYB25=\"CPU\",VLOOKUP(LXY25,COMPOSIÇÃO,5,0),VLOOKUP(LXY25,COTAÇÃO,8,0))))","v":"HORA"},0.5,{"$f":"IF(LYB25=\"SINAPI\",VLOOKUP(LXY25,SINAPI,4,0),IF(LYB25=\"SETOP\",VLOOKUP(LXY25,SETOP,5,0),IF(LYB25=\"CPU\",VLOOKUP(LXY25,COMPOSIÇÃO,8,0),VLOOKUP(LXY25,COTAÇÃO,11,0))))","v":19.149999999999999},{"$f":"LYD25*LYE25","v":9.5749999999999993},"ED-50374",{"$f":"IF(LYJ25=\"SINAPI\",VLOOKUP(LYG25,SINAPI,2,0),IF(LYJ25=\"SETOP\",VLOOKUP(LYG25,SETOP,3,0),IF(LYJ25=\"CPU\",VLOOKUP(LYG25,COMPOSIÇÃO,2,0),VLOOKUP(LYG25,COTAÇÃO,3,0))))","v":"BOMBEIRO/ENCANADOR COM ENCARGOS COMPLEMENTARES"},null,"SETOP",{"$f":"IF(LYJ25=\"SINAPI\",VLOOKUP(LYG25,SINAPI,3,0),IF(LYJ25=\"SETOP\",VLOOKUP(LYG25,SETOP,4,0),IF(LYJ25=\"CPU\",VLOOKUP(LYG25,COMPOSIÇÃO,5,0),VLOOKUP(LYG25,COTAÇÃO,8,0))))","v":"HORA"},0.5,{"$f":"IF(LYJ25=\"SINAPI\",VLOOKUP(LYG25,SINAPI,4,0),IF(LYJ25=\"SETOP\",VLOOKUP(LYG25,SETOP,5,0),IF(LYJ25=\"CPU\",VLOOKUP(LYG25,COMPOSIÇÃO,8,0),VLOOKUP(LYG25,COTAÇÃO,11,0))))","v":19.149999999999999},{"$f":"LYL25*LYM25","v":9.5749999999999993},"ED-50374",{"$f":"IF(LYR25=\"SINAPI\",VLOOKUP(LYO25,SINAPI,2,0),IF(LYR25=\"SETOP\",VLOOKUP(LYO25,SETOP,3,0),IF(LYR25=\"CPU\",VLOOKUP(LYO25,COMPOSIÇÃO,2,0),VLOOKUP(LYO25,COTAÇÃO,3,0))))","v":"BOMBEIRO/ENCANADOR COM ENCARGOS COMPLEMENTARES"},null,"SETOP",{"$f":"IF(LYR25=\"SINAPI\",VLOOKUP(LYO25,SINAPI,3,0),IF(LYR25=\"SETOP\",VLOOKUP(LYO25,SETOP,4,0),IF(LYR25=\"CPU\",VLOOKUP(LYO25,COMPOSIÇÃO,5,0),VLOOKUP(LYO25,COTAÇÃO,8,0))))","v":"HORA"},0.5,{"$f":"IF(LYR25=\"SINAPI\",VLOOKUP(LYO25,SINAPI,4,0),IF(LYR25=\"SETOP\",VLOOKUP(LYO25,SETOP,5,0),IF(LYR25=\"CPU\",VLOOKUP(LYO25,COMPOSIÇÃO,8,0),VLOOKUP(LYO25,COTAÇÃO,11,0))))","v":19.149999999999999},{"$f":"LYT25*LYU25","v":9.5749999999999993},"ED-50374",{"$f":"IF(LYZ25=\"SINAPI\",VLOOKUP(LYW25,SINAPI,2,0),IF(LYZ25=\"SETOP\",VLOOKUP(LYW25,SETOP,3,0),IF(LYZ25=\"CPU\",VLOOKUP(LYW25,COMPOSIÇÃO,2,0),VLOOKUP(LYW25,COTAÇÃO,3,0))))","v":"BOMBEIRO/ENCANADOR COM ENCARGOS COMPLEMENTARES"},null,"SETOP",{"$f":"IF(LYZ25=\"SINAPI\",VLOOKUP(LYW25,SINAPI,3,0),IF(LYZ25=\"SETOP\",VLOOKUP(LYW25,SETOP,4,0),IF(LYZ25=\"CPU\",VLOOKUP(LYW25,COMPOSIÇÃO,5,0),VLOOKUP(LYW25,COTAÇÃO,8,0))))","v":"HORA"},0.5,{"$f":"IF(LYZ25=\"SINAPI\",VLOOKUP(LYW25,SINAPI,4,0),IF(LYZ25=\"SETOP\",VLOOKUP(LYW25,SETOP,5,0),IF(LYZ25=\"CPU\",VLOOKUP(LYW25,COMPOSIÇÃO,8,0),VLOOKUP(LYW25,COTAÇÃO,11,0))))","v":19.149999999999999},{"$f":"LZB25*LZC25","v":9.5749999999999993},"ED-50374",{"$f":"IF(LZH25=\"SINAPI\",VLOOKUP(LZE25,SINAPI,2,0),IF(LZH25=\"SETOP\",VLOOKUP(LZE25,SETOP,3,0),IF(LZH25=\"CPU\",VLOOKUP(LZE25,COMPOSIÇÃO,2,0),VLOOKUP(LZE25,COTAÇÃO,3,0))))","v":"BOMBEIRO/ENCANADOR COM ENCARGOS COMPLEMENTARES"},null,"SETOP",{"$f":"IF(LZH25=\"SINAPI\",VLOOKUP(LZE25,SINAPI,3,0),IF(LZH25=\"SETOP\",VLOOKUP(LZE25,SETOP,4,0),IF(LZH25=\"CPU\",VLOOKUP(LZE25,COMPOSIÇÃO,5,0),VLOOKUP(LZE25,COTAÇÃO,8,0))))","v":"HORA"},0.5,{"$f":"IF(LZH25=\"SINAPI\",VLOOKUP(LZE25,SINAPI,4,0),IF(LZH25=\"SETOP\",VLOOKUP(LZE25,SETOP,5,0),IF(LZH25=\"CPU\",VLOOKUP(LZE25,COMPOSIÇÃO,8,0),VLOOKUP(LZE25,COTAÇÃO,11,0))))","v":19.149999999999999},{"$f":"LZJ25*LZK25","v":9.5749999999999993},"ED-50374",{"$f":"IF(LZP25=\"SINAPI\",VLOOKUP(LZM25,SINAPI,2,0),IF(LZP25=\"SETOP\",VLOOKUP(LZM25,SETOP,3,0),IF(LZP25=\"CPU\",VLOOKUP(LZM25,COMPOSIÇÃO,2,0),VLOOKUP(LZM25,COTAÇÃO,3,0))))","v":"BOMBEIRO/ENCANADOR COM ENCARGOS COMPLEMENTARES"},null,"SETOP",{"$f":"IF(LZP25=\"SINAPI\",VLOOKUP(LZM25,SINAPI,3,0),IF(LZP25=\"SETOP\",VLOOKUP(LZM25,SETOP,4,0),IF(LZP25=\"CPU\",VLOOKUP(LZM25,COMPOSIÇÃO,5,0),VLOOKUP(LZM25,COTAÇÃO,8,0))))","v":"HORA"},0.5,{"$f":"IF(LZP25=\"SINAPI\",VLOOKUP(LZM25,SINAPI,4,0),IF(LZP25=\"SETOP\",VLOOKUP(LZM25,SETOP,5,0),IF(LZP25=\"CPU\",VLOOKUP(LZM25,COMPOSIÇÃO,8,0),VLOOKUP(LZM25,COTAÇÃO,11,0))))","v":19.149999999999999},{"$f":"LZR25*LZS25","v":9.5749999999999993},"ED-50374",{"$f":"IF(LZX25=\"SINAPI\",VLOOKUP(LZU25,SINAPI,2,0),IF(LZX25=\"SETOP\",VLOOKUP(LZU25,SETOP,3,0),IF(LZX25=\"CPU\",VLOOKUP(LZU25,COMPOSIÇÃO,2,0),VLOOKUP(LZU25,COTAÇÃO,3,0))))","v":"BOMBEIRO/ENCANADOR COM ENCARGOS COMPLEMENTARES"},null,"SETOP",{"$f":"IF(LZX25=\"SINAPI\",VLOOKUP(LZU25,SINAPI,3,0),IF(LZX25=\"SETOP\",VLOOKUP(LZU25,SETOP,4,0),IF(LZX25=\"CPU\",VLOOKUP(LZU25,COMPOSIÇÃO,5,0),VLOOKUP(LZU25,COTAÇÃO,8,0))))","v":"HORA"},0.5,{"$f":"IF(LZX25=\"SINAPI\",VLOOKUP(LZU25,SINAPI,4,0),IF(LZX25=\"SETOP\",VLOOKUP(LZU25,SETOP,5,0),IF(LZX25=\"CPU\",VLOOKUP(LZU25,COMPOSIÇÃO,8,0),VLOOKUP(LZU25,COTAÇÃO,11,0))))","v":19.149999999999999},{"$f":"LZZ25*MAA25","v":9.5749999999999993},"ED-50374",{"$f":"IF(MAF25=\"SINAPI\",VLOOKUP(MAC25,SINAPI,2,0),IF(MAF25=\"SETOP\",VLOOKUP(MAC25,SETOP,3,0),IF(MAF25=\"CPU\",VLOOKUP(MAC25,COMPOSIÇÃO,2,0),VLOOKUP(MAC25,COTAÇÃO,3,0))))","v":"BOMBEIRO/ENCANADOR COM ENCARGOS COMPLEMENTARES"},null,"SETOP",{"$f":"IF(MAF25=\"SINAPI\",VLOOKUP(MAC25,SINAPI,3,0),IF(MAF25=\"SETOP\",VLOOKUP(MAC25,SETOP,4,0),IF(MAF25=\"CPU\",VLOOKUP(MAC25,COMPOSIÇÃO,5,0),VLOOKUP(MAC25,COTAÇÃO,8,0))))","v":"HORA"},0.5,{"$f":"IF(MAF25=\"SINAPI\",VLOOKUP(MAC25,SINAPI,4,0),IF(MAF25=\"SETOP\",VLOOKUP(MAC25,SETOP,5,0),IF(MAF25=\"CPU\",VLOOKUP(MAC25,COMPOSIÇÃO,8,0),VLOOKUP(MAC25,COTAÇÃO,11,0))))","v":19.149999999999999},{"$f":"MAH25*MAI25","v":9.5749999999999993},"ED-50374",{"$f":"IF(MAN25=\"SINAPI\",VLOOKUP(MAK25,SINAPI,2,0),IF(MAN25=\"SETOP\",VLOOKUP(MAK25,SETOP,3,0),IF(MAN25=\"CPU\",VLOOKUP(MAK25,COMPOSIÇÃO,2,0),VLOOKUP(MAK25,COTAÇÃO,3,0))))","v":"BOMBEIRO/ENCANADOR COM ENCARGOS COMPLEMENTARES"},null,"SETOP",{"$f":"IF(MAN25=\"SINAPI\",VLOOKUP(MAK25,SINAPI,3,0),IF(MAN25=\"SETOP\",VLOOKUP(MAK25,SETOP,4,0),IF(MAN25=\"CPU\",VLOOKUP(MAK25,COMPOSIÇÃO,5,0),VLOOKUP(MAK25,COTAÇÃO,8,0))))","v":"HORA"},0.5,{"$f":"IF(MAN25=\"SINAPI\",VLOOKUP(MAK25,SINAPI,4,0),IF(MAN25=\"SETOP\",VLOOKUP(MAK25,SETOP,5,0),IF(MAN25=\"CPU\",VLOOKUP(MAK25,COMPOSIÇÃO,8,0),VLOOKUP(MAK25,COTAÇÃO,11,0))))","v":19.149999999999999},{"$f":"MAP25*MAQ25","v":9.5749999999999993},"ED-50374",{"$f":"IF(MAV25=\"SINAPI\",VLOOKUP(MAS25,SINAPI,2,0),IF(MAV25=\"SETOP\",VLOOKUP(MAS25,SETOP,3,0),IF(MAV25=\"CPU\",VLOOKUP(MAS25,COMPOSIÇÃO,2,0),VLOOKUP(MAS25,COTAÇÃO,3,0))))","v":"BOMBEIRO/ENCANADOR COM ENCARGOS COMPLEMENTARES"},null,"SETOP",{"$f":"IF(MAV25=\"SINAPI\",VLOOKUP(MAS25,SINAPI,3,0),IF(MAV25=\"SETOP\",VLOOKUP(MAS25,SETOP,4,0),IF(MAV25=\"CPU\",VLOOKUP(MAS25,COMPOSIÇÃO,5,0),VLOOKUP(MAS25,COTAÇÃO,8,0))))","v":"HORA"},0.5,{"$f":"IF(MAV25=\"SINAPI\",VLOOKUP(MAS25,SINAPI,4,0),IF(MAV25=\"SETOP\",VLOOKUP(MAS25,SETOP,5,0),IF(MAV25=\"CPU\",VLOOKUP(MAS25,COMPOSIÇÃO,8,0),VLOOKUP(MAS25,COTAÇÃO,11,0))))","v":19.149999999999999},{"$f":"MAX25*MAY25","v":9.5749999999999993},"ED-50374",{"$f":"IF(MBD25=\"SINAPI\",VLOOKUP(MBA25,SINAPI,2,0),IF(MBD25=\"SETOP\",VLOOKUP(MBA25,SETOP,3,0),IF(MBD25=\"CPU\",VLOOKUP(MBA25,COMPOSIÇÃO,2,0),VLOOKUP(MBA25,COTAÇÃO,3,0))))","v":"BOMBEIRO/ENCANADOR COM ENCARGOS COMPLEMENTARES"},null,"SETOP",{"$f":"IF(MBD25=\"SINAPI\",VLOOKUP(MBA25,SINAPI,3,0),IF(MBD25=\"SETOP\",VLOOKUP(MBA25,SETOP,4,0),IF(MBD25=\"CPU\",VLOOKUP(MBA25,COMPOSIÇÃO,5,0),VLOOKUP(MBA25,COTAÇÃO,8,0))))","v":"HORA"},0.5,{"$f":"IF(MBD25=\"SINAPI\",VLOOKUP(MBA25,SINAPI,4,0),IF(MBD25=\"SETOP\",VLOOKUP(MBA25,SETOP,5,0),IF(MBD25=\"CPU\",VLOOKUP(MBA25,COMPOSIÇÃO,8,0),VLOOKUP(MBA25,COTAÇÃO,11,0))))","v":19.149999999999999},{"$f":"MBF25*MBG25","v":9.5749999999999993},"ED-50374",{"$f":"IF(MBL25=\"SINAPI\",VLOOKUP(MBI25,SINAPI,2,0),IF(MBL25=\"SETOP\",VLOOKUP(MBI25,SETOP,3,0),IF(MBL25=\"CPU\",VLOOKUP(MBI25,COMPOSIÇÃO,2,0),VLOOKUP(MBI25,COTAÇÃO,3,0))))","v":"BOMBEIRO/ENCANADOR COM ENCARGOS COMPLEMENTARES"},null,"SETOP",{"$f":"IF(MBL25=\"SINAPI\",VLOOKUP(MBI25,SINAPI,3,0),IF(MBL25=\"SETOP\",VLOOKUP(MBI25,SETOP,4,0),IF(MBL25=\"CPU\",VLOOKUP(MBI25,COMPOSIÇÃO,5,0),VLOOKUP(MBI25,COTAÇÃO,8,0))))","v":"HORA"},0.5,{"$f":"IF(MBL25=\"SINAPI\",VLOOKUP(MBI25,SINAPI,4,0),IF(MBL25=\"SETOP\",VLOOKUP(MBI25,SETOP,5,0),IF(MBL25=\"CPU\",VLOOKUP(MBI25,COMPOSIÇÃO,8,0),VLOOKUP(MBI25,COTAÇÃO,11,0))))","v":19.149999999999999},{"$f":"MBN25*MBO25","v":9.5749999999999993},"ED-50374",{"$f":"IF(MBT25=\"SINAPI\",VLOOKUP(MBQ25,SINAPI,2,0),IF(MBT25=\"SETOP\",VLOOKUP(MBQ25,SETOP,3,0),IF(MBT25=\"CPU\",VLOOKUP(MBQ25,COMPOSIÇÃO,2,0),VLOOKUP(MBQ25,COTAÇÃO,3,0))))","v":"BOMBEIRO/ENCANADOR COM ENCARGOS COMPLEMENTARES"},null,"SETOP",{"$f":"IF(MBT25=\"SINAPI\",VLOOKUP(MBQ25,SINAPI,3,0),IF(MBT25=\"SETOP\",VLOOKUP(MBQ25,SETOP,4,0),IF(MBT25=\"CPU\",VLOOKUP(MBQ25,COMPOSIÇÃO,5,0),VLOOKUP(MBQ25,COTAÇÃO,8,0))))","v":"HORA"},0.5,{"$f":"IF(MBT25=\"SINAPI\",VLOOKUP(MBQ25,SINAPI,4,0),IF(MBT25=\"SETOP\",VLOOKUP(MBQ25,SETOP,5,0),IF(MBT25=\"CPU\",VLOOKUP(MBQ25,COMPOSIÇÃO,8,0),VLOOKUP(MBQ25,COTAÇÃO,11,0))))","v":19.149999999999999},{"$f":"MBV25*MBW25","v":9.5749999999999993},"ED-50374",{"$f":"IF(MCB25=\"SINAPI\",VLOOKUP(MBY25,SINAPI,2,0),IF(MCB25=\"SETOP\",VLOOKUP(MBY25,SETOP,3,0),IF(MCB25=\"CPU\",VLOOKUP(MBY25,COMPOSIÇÃO,2,0),VLOOKUP(MBY25,COTAÇÃO,3,0))))","v":"BOMBEIRO/ENCANADOR COM ENCARGOS COMPLEMENTARES"},null,"SETOP",{"$f":"IF(MCB25=\"SINAPI\",VLOOKUP(MBY25,SINAPI,3,0),IF(MCB25=\"SETOP\",VLOOKUP(MBY25,SETOP,4,0),IF(MCB25=\"CPU\",VLOOKUP(MBY25,COMPOSIÇÃO,5,0),VLOOKUP(MBY25,COTAÇÃO,8,0))))","v":"HORA"},0.5,{"$f":"IF(MCB25=\"SINAPI\",VLOOKUP(MBY25,SINAPI,4,0),IF(MCB25=\"SETOP\",VLOOKUP(MBY25,SETOP,5,0),IF(MCB25=\"CPU\",VLOOKUP(MBY25,COMPOSIÇÃO,8,0),VLOOKUP(MBY25,COTAÇÃO,11,0))))","v":19.149999999999999},{"$f":"MCD25*MCE25","v":9.5749999999999993},"ED-50374",{"$f":"IF(MCJ25=\"SINAPI\",VLOOKUP(MCG25,SINAPI,2,0),IF(MCJ25=\"SETOP\",VLOOKUP(MCG25,SETOP,3,0),IF(MCJ25=\"CPU\",VLOOKUP(MCG25,COMPOSIÇÃO,2,0),VLOOKUP(MCG25,COTAÇÃO,3,0))))","v":"BOMBEIRO/ENCANADOR COM ENCARGOS COMPLEMENTARES"},null,"SETOP",{"$f":"IF(MCJ25=\"SINAPI\",VLOOKUP(MCG25,SINAPI,3,0),IF(MCJ25=\"SETOP\",VLOOKUP(MCG25,SETOP,4,0),IF(MCJ25=\"CPU\",VLOOKUP(MCG25,COMPOSIÇÃO,5,0),VLOOKUP(MCG25,COTAÇÃO,8,0))))","v":"HORA"},0.5,{"$f":"IF(MCJ25=\"SINAPI\",VLOOKUP(MCG25,SINAPI,4,0),IF(MCJ25=\"SETOP\",VLOOKUP(MCG25,SETOP,5,0),IF(MCJ25=\"CPU\",VLOOKUP(MCG25,COMPOSIÇÃO,8,0),VLOOKUP(MCG25,COTAÇÃO,11,0))))","v":19.149999999999999},{"$f":"MCL25*MCM25","v":9.5749999999999993},"ED-50374",{"$f":"IF(MCR25=\"SINAPI\",VLOOKUP(MCO25,SINAPI,2,0),IF(MCR25=\"SETOP\",VLOOKUP(MCO25,SETOP,3,0),IF(MCR25=\"CPU\",VLOOKUP(MCO25,COMPOSIÇÃO,2,0),VLOOKUP(MCO25,COTAÇÃO,3,0))))","v":"BOMBEIRO/ENCANADOR COM ENCARGOS COMPLEMENTARES"},null,"SETOP",{"$f":"IF(MCR25=\"SINAPI\",VLOOKUP(MCO25,SINAPI,3,0),IF(MCR25=\"SETOP\",VLOOKUP(MCO25,SETOP,4,0),IF(MCR25=\"CPU\",VLOOKUP(MCO25,COMPOSIÇÃO,5,0),VLOOKUP(MCO25,COTAÇÃO,8,0))))","v":"HORA"},0.5,{"$f":"IF(MCR25=\"SINAPI\",VLOOKUP(MCO25,SINAPI,4,0),IF(MCR25=\"SETOP\",VLOOKUP(MCO25,SETOP,5,0),IF(MCR25=\"CPU\",VLOOKUP(MCO25,COMPOSIÇÃO,8,0),VLOOKUP(MCO25,COTAÇÃO,11,0))))","v":19.149999999999999},{"$f":"MCT25*MCU25","v":9.5749999999999993},"ED-50374",{"$f":"IF(MCZ25=\"SINAPI\",VLOOKUP(MCW25,SINAPI,2,0),IF(MCZ25=\"SETOP\",VLOOKUP(MCW25,SETOP,3,0),IF(MCZ25=\"CPU\",VLOOKUP(MCW25,COMPOSIÇÃO,2,0),VLOOKUP(MCW25,COTAÇÃO,3,0))))","v":"BOMBEIRO/ENCANADOR COM ENCARGOS COMPLEMENTARES"},null,"SETOP",{"$f":"IF(MCZ25=\"SINAPI\",VLOOKUP(MCW25,SINAPI,3,0),IF(MCZ25=\"SETOP\",VLOOKUP(MCW25,SETOP,4,0),IF(MCZ25=\"CPU\",VLOOKUP(MCW25,COMPOSIÇÃO,5,0),VLOOKUP(MCW25,COTAÇÃO,8,0))))","v":"HORA"},0.5,{"$f":"IF(MCZ25=\"SINAPI\",VLOOKUP(MCW25,SINAPI,4,0),IF(MCZ25=\"SETOP\",VLOOKUP(MCW25,SETOP,5,0),IF(MCZ25=\"CPU\",VLOOKUP(MCW25,COMPOSIÇÃO,8,0),VLOOKUP(MCW25,COTAÇÃO,11,0))))","v":19.149999999999999},{"$f":"MDB25*MDC25","v":9.5749999999999993},"ED-50374",{"$f":"IF(MDH25=\"SINAPI\",VLOOKUP(MDE25,SINAPI,2,0),IF(MDH25=\"SETOP\",VLOOKUP(MDE25,SETOP,3,0),IF(MDH25=\"CPU\",VLOOKUP(MDE25,COMPOSIÇÃO,2,0),VLOOKUP(MDE25,COTAÇÃO,3,0))))","v":"BOMBEIRO/ENCANADOR COM ENCARGOS COMPLEMENTARES"},null,"SETOP",{"$f":"IF(MDH25=\"SINAPI\",VLOOKUP(MDE25,SINAPI,3,0),IF(MDH25=\"SETOP\",VLOOKUP(MDE25,SETOP,4,0),IF(MDH25=\"CPU\",VLOOKUP(MDE25,COMPOSIÇÃO,5,0),VLOOKUP(MDE25,COTAÇÃO,8,0))))","v":"HORA"},0.5,{"$f":"IF(MDH25=\"SINAPI\",VLOOKUP(MDE25,SINAPI,4,0),IF(MDH25=\"SETOP\",VLOOKUP(MDE25,SETOP,5,0),IF(MDH25=\"CPU\",VLOOKUP(MDE25,COMPOSIÇÃO,8,0),VLOOKUP(MDE25,COTAÇÃO,11,0))))","v":19.149999999999999},{"$f":"MDJ25*MDK25","v":9.5749999999999993},"ED-50374",{"$f":"IF(MDP25=\"SINAPI\",VLOOKUP(MDM25,SINAPI,2,0),IF(MDP25=\"SETOP\",VLOOKUP(MDM25,SETOP,3,0),IF(MDP25=\"CPU\",VLOOKUP(MDM25,COMPOSIÇÃO,2,0),VLOOKUP(MDM25,COTAÇÃO,3,0))))","v":"BOMBEIRO/ENCANADOR COM ENCARGOS COMPLEMENTARES"},null,"SETOP",{"$f":"IF(MDP25=\"SINAPI\",VLOOKUP(MDM25,SINAPI,3,0),IF(MDP25=\"SETOP\",VLOOKUP(MDM25,SETOP,4,0),IF(MDP25=\"CPU\",VLOOKUP(MDM25,COMPOSIÇÃO,5,0),VLOOKUP(MDM25,COTAÇÃO,8,0))))","v":"HORA"},0.5,{"$f":"IF(MDP25=\"SINAPI\",VLOOKUP(MDM25,SINAPI,4,0),IF(MDP25=\"SETOP\",VLOOKUP(MDM25,SETOP,5,0),IF(MDP25=\"CPU\",VLOOKUP(MDM25,COMPOSIÇÃO,8,0),VLOOKUP(MDM25,COTAÇÃO,11,0))))","v":19.149999999999999},{"$f":"MDR25*MDS25","v":9.5749999999999993},"ED-50374",{"$f":"IF(MDX25=\"SINAPI\",VLOOKUP(MDU25,SINAPI,2,0),IF(MDX25=\"SETOP\",VLOOKUP(MDU25,SETOP,3,0),IF(MDX25=\"CPU\",VLOOKUP(MDU25,COMPOSIÇÃO,2,0),VLOOKUP(MDU25,COTAÇÃO,3,0))))","v":"BOMBEIRO/ENCANADOR COM ENCARGOS COMPLEMENTARES"},null,"SETOP",{"$f":"IF(MDX25=\"SINAPI\",VLOOKUP(MDU25,SINAPI,3,0),IF(MDX25=\"SETOP\",VLOOKUP(MDU25,SETOP,4,0),IF(MDX25=\"CPU\",VLOOKUP(MDU25,COMPOSIÇÃO,5,0),VLOOKUP(MDU25,COTAÇÃO,8,0))))","v":"HORA"},0.5,{"$f":"IF(MDX25=\"SINAPI\",VLOOKUP(MDU25,SINAPI,4,0),IF(MDX25=\"SETOP\",VLOOKUP(MDU25,SETOP,5,0),IF(MDX25=\"CPU\",VLOOKUP(MDU25,COMPOSIÇÃO,8,0),VLOOKUP(MDU25,COTAÇÃO,11,0))))","v":19.149999999999999},{"$f":"MDZ25*MEA25","v":9.5749999999999993},"ED-50374",{"$f":"IF(MEF25=\"SINAPI\",VLOOKUP(MEC25,SINAPI,2,0),IF(MEF25=\"SETOP\",VLOOKUP(MEC25,SETOP,3,0),IF(MEF25=\"CPU\",VLOOKUP(MEC25,COMPOSIÇÃO,2,0),VLOOKUP(MEC25,COTAÇÃO,3,0))))","v":"BOMBEIRO/ENCANADOR COM ENCARGOS COMPLEMENTARES"},null,"SETOP",{"$f":"IF(MEF25=\"SINAPI\",VLOOKUP(MEC25,SINAPI,3,0),IF(MEF25=\"SETOP\",VLOOKUP(MEC25,SETOP,4,0),IF(MEF25=\"CPU\",VLOOKUP(MEC25,COMPOSIÇÃO,5,0),VLOOKUP(MEC25,COTAÇÃO,8,0))))","v":"HORA"},0.5,{"$f":"IF(MEF25=\"SINAPI\",VLOOKUP(MEC25,SINAPI,4,0),IF(MEF25=\"SETOP\",VLOOKUP(MEC25,SETOP,5,0),IF(MEF25=\"CPU\",VLOOKUP(MEC25,COMPOSIÇÃO,8,0),VLOOKUP(MEC25,COTAÇÃO,11,0))))","v":19.149999999999999},{"$f":"MEH25*MEI25","v":9.5749999999999993},"ED-50374",{"$f":"IF(MEN25=\"SINAPI\",VLOOKUP(MEK25,SINAPI,2,0),IF(MEN25=\"SETOP\",VLOOKUP(MEK25,SETOP,3,0),IF(MEN25=\"CPU\",VLOOKUP(MEK25,COMPOSIÇÃO,2,0),VLOOKUP(MEK25,COTAÇÃO,3,0))))","v":"BOMBEIRO/ENCANADOR COM ENCARGOS COMPLEMENTARES"},null,"SETOP",{"$f":"IF(MEN25=\"SINAPI\",VLOOKUP(MEK25,SINAPI,3,0),IF(MEN25=\"SETOP\",VLOOKUP(MEK25,SETOP,4,0),IF(MEN25=\"CPU\",VLOOKUP(MEK25,COMPOSIÇÃO,5,0),VLOOKUP(MEK25,COTAÇÃO,8,0))))","v":"HORA"},0.5,{"$f":"IF(MEN25=\"SINAPI\",VLOOKUP(MEK25,SINAPI,4,0),IF(MEN25=\"SETOP\",VLOOKUP(MEK25,SETOP,5,0),IF(MEN25=\"CPU\",VLOOKUP(MEK25,COMPOSIÇÃO,8,0),VLOOKUP(MEK25,COTAÇÃO,11,0))))","v":19.149999999999999},{"$f":"MEP25*MEQ25","v":9.5749999999999993},"ED-50374",{"$f":"IF(MEV25=\"SINAPI\",VLOOKUP(MES25,SINAPI,2,0),IF(MEV25=\"SETOP\",VLOOKUP(MES25,SETOP,3,0),IF(MEV25=\"CPU\",VLOOKUP(MES25,COMPOSIÇÃO,2,0),VLOOKUP(MES25,COTAÇÃO,3,0))))","v":"BOMBEIRO/ENCANADOR COM ENCARGOS COMPLEMENTARES"},null,"SETOP",{"$f":"IF(MEV25=\"SINAPI\",VLOOKUP(MES25,SINAPI,3,0),IF(MEV25=\"SETOP\",VLOOKUP(MES25,SETOP,4,0),IF(MEV25=\"CPU\",VLOOKUP(MES25,COMPOSIÇÃO,5,0),VLOOKUP(MES25,COTAÇÃO,8,0))))","v":"HORA"},0.5,{"$f":"IF(MEV25=\"SINAPI\",VLOOKUP(MES25,SINAPI,4,0),IF(MEV25=\"SETOP\",VLOOKUP(MES25,SETOP,5,0),IF(MEV25=\"CPU\",VLOOKUP(MES25,COMPOSIÇÃO,8,0),VLOOKUP(MES25,COTAÇÃO,11,0))))","v":19.149999999999999},{"$f":"MEX25*MEY25","v":9.5749999999999993},"ED-50374",{"$f":"IF(MFD25=\"SINAPI\",VLOOKUP(MFA25,SINAPI,2,0),IF(MFD25=\"SETOP\",VLOOKUP(MFA25,SETOP,3,0),IF(MFD25=\"CPU\",VLOOKUP(MFA25,COMPOSIÇÃO,2,0),VLOOKUP(MFA25,COTAÇÃO,3,0))))","v":"BOMBEIRO/ENCANADOR COM ENCARGOS COMPLEMENTARES"},null,"SETOP",{"$f":"IF(MFD25=\"SINAPI\",VLOOKUP(MFA25,SINAPI,3,0),IF(MFD25=\"SETOP\",VLOOKUP(MFA25,SETOP,4,0),IF(MFD25=\"CPU\",VLOOKUP(MFA25,COMPOSIÇÃO,5,0),VLOOKUP(MFA25,COTAÇÃO,8,0))))","v":"HORA"},0.5,{"$f":"IF(MFD25=\"SINAPI\",VLOOKUP(MFA25,SINAPI,4,0),IF(MFD25=\"SETOP\",VLOOKUP(MFA25,SETOP,5,0),IF(MFD25=\"CPU\",VLOOKUP(MFA25,COMPOSIÇÃO,8,0),VLOOKUP(MFA25,COTAÇÃO,11,0))))","v":19.149999999999999},{"$f":"MFF25*MFG25","v":9.5749999999999993},"ED-50374",{"$f":"IF(MFL25=\"SINAPI\",VLOOKUP(MFI25,SINAPI,2,0),IF(MFL25=\"SETOP\",VLOOKUP(MFI25,SETOP,3,0),IF(MFL25=\"CPU\",VLOOKUP(MFI25,COMPOSIÇÃO,2,0),VLOOKUP(MFI25,COTAÇÃO,3,0))))","v":"BOMBEIRO/ENCANADOR COM ENCARGOS COMPLEMENTARES"},null,"SETOP",{"$f":"IF(MFL25=\"SINAPI\",VLOOKUP(MFI25,SINAPI,3,0),IF(MFL25=\"SETOP\",VLOOKUP(MFI25,SETOP,4,0),IF(MFL25=\"CPU\",VLOOKUP(MFI25,COMPOSIÇÃO,5,0),VLOOKUP(MFI25,COTAÇÃO,8,0))))","v":"HORA"},0.5,{"$f":"IF(MFL25=\"SINAPI\",VLOOKUP(MFI25,SINAPI,4,0),IF(MFL25=\"SETOP\",VLOOKUP(MFI25,SETOP,5,0),IF(MFL25=\"CPU\",VLOOKUP(MFI25,COMPOSIÇÃO,8,0),VLOOKUP(MFI25,COTAÇÃO,11,0))))","v":19.149999999999999},{"$f":"MFN25*MFO25","v":9.5749999999999993},"ED-50374",{"$f":"IF(MFT25=\"SINAPI\",VLOOKUP(MFQ25,SINAPI,2,0),IF(MFT25=\"SETOP\",VLOOKUP(MFQ25,SETOP,3,0),IF(MFT25=\"CPU\",VLOOKUP(MFQ25,COMPOSIÇÃO,2,0),VLOOKUP(MFQ25,COTAÇÃO,3,0))))","v":"BOMBEIRO/ENCANADOR COM ENCARGOS COMPLEMENTARES"},null,"SETOP",{"$f":"IF(MFT25=\"SINAPI\",VLOOKUP(MFQ25,SINAPI,3,0),IF(MFT25=\"SETOP\",VLOOKUP(MFQ25,SETOP,4,0),IF(MFT25=\"CPU\",VLOOKUP(MFQ25,COMPOSIÇÃO,5,0),VLOOKUP(MFQ25,COTAÇÃO,8,0))))","v":"HORA"},0.5,{"$f":"IF(MFT25=\"SINAPI\",VLOOKUP(MFQ25,SINAPI,4,0),IF(MFT25=\"SETOP\",VLOOKUP(MFQ25,SETOP,5,0),IF(MFT25=\"CPU\",VLOOKUP(MFQ25,COMPOSIÇÃO,8,0),VLOOKUP(MFQ25,COTAÇÃO,11,0))))","v":19.149999999999999},{"$f":"MFV25*MFW25","v":9.5749999999999993},"ED-50374",{"$f":"IF(MGB25=\"SINAPI\",VLOOKUP(MFY25,SINAPI,2,0),IF(MGB25=\"SETOP\",VLOOKUP(MFY25,SETOP,3,0),IF(MGB25=\"CPU\",VLOOKUP(MFY25,COMPOSIÇÃO,2,0),VLOOKUP(MFY25,COTAÇÃO,3,0))))","v":"BOMBEIRO/ENCANADOR COM ENCARGOS COMPLEMENTARES"},null,"SETOP",{"$f":"IF(MGB25=\"SINAPI\",VLOOKUP(MFY25,SINAPI,3,0),IF(MGB25=\"SETOP\",VLOOKUP(MFY25,SETOP,4,0),IF(MGB25=\"CPU\",VLOOKUP(MFY25,COMPOSIÇÃO,5,0),VLOOKUP(MFY25,COTAÇÃO,8,0))))","v":"HORA"},0.5,{"$f":"IF(MGB25=\"SINAPI\",VLOOKUP(MFY25,SINAPI,4,0),IF(MGB25=\"SETOP\",VLOOKUP(MFY25,SETOP,5,0),IF(MGB25=\"CPU\",VLOOKUP(MFY25,COMPOSIÇÃO,8,0),VLOOKUP(MFY25,COTAÇÃO,11,0))))","v":19.149999999999999},{"$f":"MGD25*MGE25","v":9.5749999999999993},"ED-50374",{"$f":"IF(MGJ25=\"SINAPI\",VLOOKUP(MGG25,SINAPI,2,0),IF(MGJ25=\"SETOP\",VLOOKUP(MGG25,SETOP,3,0),IF(MGJ25=\"CPU\",VLOOKUP(MGG25,COMPOSIÇÃO,2,0),VLOOKUP(MGG25,COTAÇÃO,3,0))))","v":"BOMBEIRO/ENCANADOR COM ENCARGOS COMPLEMENTARES"},null,"SETOP",{"$f":"IF(MGJ25=\"SINAPI\",VLOOKUP(MGG25,SINAPI,3,0),IF(MGJ25=\"SETOP\",VLOOKUP(MGG25,SETOP,4,0),IF(MGJ25=\"CPU\",VLOOKUP(MGG25,COMPOSIÇÃO,5,0),VLOOKUP(MGG25,COTAÇÃO,8,0))))","v":"HORA"},0.5,{"$f":"IF(MGJ25=\"SINAPI\",VLOOKUP(MGG25,SINAPI,4,0),IF(MGJ25=\"SETOP\",VLOOKUP(MGG25,SETOP,5,0),IF(MGJ25=\"CPU\",VLOOKUP(MGG25,COMPOSIÇÃO,8,0),VLOOKUP(MGG25,COTAÇÃO,11,0))))","v":19.149999999999999},{"$f":"MGL25*MGM25","v":9.5749999999999993},"ED-50374",{"$f":"IF(MGR25=\"SINAPI\",VLOOKUP(MGO25,SINAPI,2,0),IF(MGR25=\"SETOP\",VLOOKUP(MGO25,SETOP,3,0),IF(MGR25=\"CPU\",VLOOKUP(MGO25,COMPOSIÇÃO,2,0),VLOOKUP(MGO25,COTAÇÃO,3,0))))","v":"BOMBEIRO/ENCANADOR COM ENCARGOS COMPLEMENTARES"},null,"SETOP",{"$f":"IF(MGR25=\"SINAPI\",VLOOKUP(MGO25,SINAPI,3,0),IF(MGR25=\"SETOP\",VLOOKUP(MGO25,SETOP,4,0),IF(MGR25=\"CPU\",VLOOKUP(MGO25,COMPOSIÇÃO,5,0),VLOOKUP(MGO25,COTAÇÃO,8,0))))","v":"HORA"},0.5,{"$f":"IF(MGR25=\"SINAPI\",VLOOKUP(MGO25,SINAPI,4,0),IF(MGR25=\"SETOP\",VLOOKUP(MGO25,SETOP,5,0),IF(MGR25=\"CPU\",VLOOKUP(MGO25,COMPOSIÇÃO,8,0),VLOOKUP(MGO25,COTAÇÃO,11,0))))","v":19.149999999999999},{"$f":"MGT25*MGU25","v":9.5749999999999993},"ED-50374",{"$f":"IF(MGZ25=\"SINAPI\",VLOOKUP(MGW25,SINAPI,2,0),IF(MGZ25=\"SETOP\",VLOOKUP(MGW25,SETOP,3,0),IF(MGZ25=\"CPU\",VLOOKUP(MGW25,COMPOSIÇÃO,2,0),VLOOKUP(MGW25,COTAÇÃO,3,0))))","v":"BOMBEIRO/ENCANADOR COM ENCARGOS COMPLEMENTARES"},null,"SETOP",{"$f":"IF(MGZ25=\"SINAPI\",VLOOKUP(MGW25,SINAPI,3,0),IF(MGZ25=\"SETOP\",VLOOKUP(MGW25,SETOP,4,0),IF(MGZ25=\"CPU\",VLOOKUP(MGW25,COMPOSIÇÃO,5,0),VLOOKUP(MGW25,COTAÇÃO,8,0))))","v":"HORA"},0.5,{"$f":"IF(MGZ25=\"SINAPI\",VLOOKUP(MGW25,SINAPI,4,0),IF(MGZ25=\"SETOP\",VLOOKUP(MGW25,SETOP,5,0),IF(MGZ25=\"CPU\",VLOOKUP(MGW25,COMPOSIÇÃO,8,0),VLOOKUP(MGW25,COTAÇÃO,11,0))))","v":19.149999999999999},{"$f":"MHB25*MHC25","v":9.5749999999999993},"ED-50374",{"$f":"IF(MHH25=\"SINAPI\",VLOOKUP(MHE25,SINAPI,2,0),IF(MHH25=\"SETOP\",VLOOKUP(MHE25,SETOP,3,0),IF(MHH25=\"CPU\",VLOOKUP(MHE25,COMPOSIÇÃO,2,0),VLOOKUP(MHE25,COTAÇÃO,3,0))))","v":"BOMBEIRO/ENCANADOR COM ENCARGOS COMPLEMENTARES"},null,"SETOP",{"$f":"IF(MHH25=\"SINAPI\",VLOOKUP(MHE25,SINAPI,3,0),IF(MHH25=\"SETOP\",VLOOKUP(MHE25,SETOP,4,0),IF(MHH25=\"CPU\",VLOOKUP(MHE25,COMPOSIÇÃO,5,0),VLOOKUP(MHE25,COTAÇÃO,8,0))))","v":"HORA"},0.5,{"$f":"IF(MHH25=\"SINAPI\",VLOOKUP(MHE25,SINAPI,4,0),IF(MHH25=\"SETOP\",VLOOKUP(MHE25,SETOP,5,0),IF(MHH25=\"CPU\",VLOOKUP(MHE25,COMPOSIÇÃO,8,0),VLOOKUP(MHE25,COTAÇÃO,11,0))))","v":19.149999999999999},{"$f":"MHJ25*MHK25","v":9.5749999999999993},"ED-50374",{"$f":"IF(MHP25=\"SINAPI\",VLOOKUP(MHM25,SINAPI,2,0),IF(MHP25=\"SETOP\",VLOOKUP(MHM25,SETOP,3,0),IF(MHP25=\"CPU\",VLOOKUP(MHM25,COMPOSIÇÃO,2,0),VLOOKUP(MHM25,COTAÇÃO,3,0))))","v":"BOMBEIRO/ENCANADOR COM ENCARGOS COMPLEMENTARES"},null,"SETOP",{"$f":"IF(MHP25=\"SINAPI\",VLOOKUP(MHM25,SINAPI,3,0),IF(MHP25=\"SETOP\",VLOOKUP(MHM25,SETOP,4,0),IF(MHP25=\"CPU\",VLOOKUP(MHM25,COMPOSIÇÃO,5,0),VLOOKUP(MHM25,COTAÇÃO,8,0))))","v":"HORA"},0.5,{"$f":"IF(MHP25=\"SINAPI\",VLOOKUP(MHM25,SINAPI,4,0),IF(MHP25=\"SETOP\",VLOOKUP(MHM25,SETOP,5,0),IF(MHP25=\"CPU\",VLOOKUP(MHM25,COMPOSIÇÃO,8,0),VLOOKUP(MHM25,COTAÇÃO,11,0))))","v":19.149999999999999},{"$f":"MHR25*MHS25","v":9.5749999999999993},"ED-50374",{"$f":"IF(MHX25=\"SINAPI\",VLOOKUP(MHU25,SINAPI,2,0),IF(MHX25=\"SETOP\",VLOOKUP(MHU25,SETOP,3,0),IF(MHX25=\"CPU\",VLOOKUP(MHU25,COMPOSIÇÃO,2,0),VLOOKUP(MHU25,COTAÇÃO,3,0))))","v":"BOMBEIRO/ENCANADOR COM ENCARGOS COMPLEMENTARES"},null,"SETOP",{"$f":"IF(MHX25=\"SINAPI\",VLOOKUP(MHU25,SINAPI,3,0),IF(MHX25=\"SETOP\",VLOOKUP(MHU25,SETOP,4,0),IF(MHX25=\"CPU\",VLOOKUP(MHU25,COMPOSIÇÃO,5,0),VLOOKUP(MHU25,COTAÇÃO,8,0))))","v":"HORA"},0.5,{"$f":"IF(MHX25=\"SINAPI\",VLOOKUP(MHU25,SINAPI,4,0),IF(MHX25=\"SETOP\",VLOOKUP(MHU25,SETOP,5,0),IF(MHX25=\"CPU\",VLOOKUP(MHU25,COMPOSIÇÃO,8,0),VLOOKUP(MHU25,COTAÇÃO,11,0))))","v":19.149999999999999},{"$f":"MHZ25*MIA25","v":9.5749999999999993},"ED-50374",{"$f":"IF(MIF25=\"SINAPI\",VLOOKUP(MIC25,SINAPI,2,0),IF(MIF25=\"SETOP\",VLOOKUP(MIC25,SETOP,3,0),IF(MIF25=\"CPU\",VLOOKUP(MIC25,COMPOSIÇÃO,2,0),VLOOKUP(MIC25,COTAÇÃO,3,0))))","v":"BOMBEIRO/ENCANADOR COM ENCARGOS COMPLEMENTARES"},null,"SETOP",{"$f":"IF(MIF25=\"SINAPI\",VLOOKUP(MIC25,SINAPI,3,0),IF(MIF25=\"SETOP\",VLOOKUP(MIC25,SETOP,4,0),IF(MIF25=\"CPU\",VLOOKUP(MIC25,COMPOSIÇÃO,5,0),VLOOKUP(MIC25,COTAÇÃO,8,0))))","v":"HORA"},0.5,{"$f":"IF(MIF25=\"SINAPI\",VLOOKUP(MIC25,SINAPI,4,0),IF(MIF25=\"SETOP\",VLOOKUP(MIC25,SETOP,5,0),IF(MIF25=\"CPU\",VLOOKUP(MIC25,COMPOSIÇÃO,8,0),VLOOKUP(MIC25,COTAÇÃO,11,0))))","v":19.149999999999999},{"$f":"MIH25*MII25","v":9.5749999999999993},"ED-50374",{"$f":"IF(MIN25=\"SINAPI\",VLOOKUP(MIK25,SINAPI,2,0),IF(MIN25=\"SETOP\",VLOOKUP(MIK25,SETOP,3,0),IF(MIN25=\"CPU\",VLOOKUP(MIK25,COMPOSIÇÃO,2,0),VLOOKUP(MIK25,COTAÇÃO,3,0))))","v":"BOMBEIRO/ENCANADOR COM ENCARGOS COMPLEMENTARES"},null,"SETOP",{"$f":"IF(MIN25=\"SINAPI\",VLOOKUP(MIK25,SINAPI,3,0),IF(MIN25=\"SETOP\",VLOOKUP(MIK25,SETOP,4,0),IF(MIN25=\"CPU\",VLOOKUP(MIK25,COMPOSIÇÃO,5,0),VLOOKUP(MIK25,COTAÇÃO,8,0))))","v":"HORA"},0.5,{"$f":"IF(MIN25=\"SINAPI\",VLOOKUP(MIK25,SINAPI,4,0),IF(MIN25=\"SETOP\",VLOOKUP(MIK25,SETOP,5,0),IF(MIN25=\"CPU\",VLOOKUP(MIK25,COMPOSIÇÃO,8,0),VLOOKUP(MIK25,COTAÇÃO,11,0))))","v":19.149999999999999},{"$f":"MIP25*MIQ25","v":9.5749999999999993},"ED-50374",{"$f":"IF(MIV25=\"SINAPI\",VLOOKUP(MIS25,SINAPI,2,0),IF(MIV25=\"SETOP\",VLOOKUP(MIS25,SETOP,3,0),IF(MIV25=\"CPU\",VLOOKUP(MIS25,COMPOSIÇÃO,2,0),VLOOKUP(MIS25,COTAÇÃO,3,0))))","v":"BOMBEIRO/ENCANADOR COM ENCARGOS COMPLEMENTARES"},null,"SETOP",{"$f":"IF(MIV25=\"SINAPI\",VLOOKUP(MIS25,SINAPI,3,0),IF(MIV25=\"SETOP\",VLOOKUP(MIS25,SETOP,4,0),IF(MIV25=\"CPU\",VLOOKUP(MIS25,COMPOSIÇÃO,5,0),VLOOKUP(MIS25,COTAÇÃO,8,0))))","v":"HORA"},0.5,{"$f":"IF(MIV25=\"SINAPI\",VLOOKUP(MIS25,SINAPI,4,0),IF(MIV25=\"SETOP\",VLOOKUP(MIS25,SETOP,5,0),IF(MIV25=\"CPU\",VLOOKUP(MIS25,COMPOSIÇÃO,8,0),VLOOKUP(MIS25,COTAÇÃO,11,0))))","v":19.149999999999999},{"$f":"MIX25*MIY25","v":9.5749999999999993},"ED-50374",{"$f":"IF(MJD25=\"SINAPI\",VLOOKUP(MJA25,SINAPI,2,0),IF(MJD25=\"SETOP\",VLOOKUP(MJA25,SETOP,3,0),IF(MJD25=\"CPU\",VLOOKUP(MJA25,COMPOSIÇÃO,2,0),VLOOKUP(MJA25,COTAÇÃO,3,0))))","v":"BOMBEIRO/ENCANADOR COM ENCARGOS COMPLEMENTARES"},null,"SETOP",{"$f":"IF(MJD25=\"SINAPI\",VLOOKUP(MJA25,SINAPI,3,0),IF(MJD25=\"SETOP\",VLOOKUP(MJA25,SETOP,4,0),IF(MJD25=\"CPU\",VLOOKUP(MJA25,COMPOSIÇÃO,5,0),VLOOKUP(MJA25,COTAÇÃO,8,0))))","v":"HORA"},0.5,{"$f":"IF(MJD25=\"SINAPI\",VLOOKUP(MJA25,SINAPI,4,0),IF(MJD25=\"SETOP\",VLOOKUP(MJA25,SETOP,5,0),IF(MJD25=\"CPU\",VLOOKUP(MJA25,COMPOSIÇÃO,8,0),VLOOKUP(MJA25,COTAÇÃO,11,0))))","v":19.149999999999999},{"$f":"MJF25*MJG25","v":9.5749999999999993},"ED-50374",{"$f":"IF(MJL25=\"SINAPI\",VLOOKUP(MJI25,SINAPI,2,0),IF(MJL25=\"SETOP\",VLOOKUP(MJI25,SETOP,3,0),IF(MJL25=\"CPU\",VLOOKUP(MJI25,COMPOSIÇÃO,2,0),VLOOKUP(MJI25,COTAÇÃO,3,0))))","v":"BOMBEIRO/ENCANADOR COM ENCARGOS COMPLEMENTARES"},null,"SETOP",{"$f":"IF(MJL25=\"SINAPI\",VLOOKUP(MJI25,SINAPI,3,0),IF(MJL25=\"SETOP\",VLOOKUP(MJI25,SETOP,4,0),IF(MJL25=\"CPU\",VLOOKUP(MJI25,COMPOSIÇÃO,5,0),VLOOKUP(MJI25,COTAÇÃO,8,0))))","v":"HORA"},0.5,{"$f":"IF(MJL25=\"SINAPI\",VLOOKUP(MJI25,SINAPI,4,0),IF(MJL25=\"SETOP\",VLOOKUP(MJI25,SETOP,5,0),IF(MJL25=\"CPU\",VLOOKUP(MJI25,COMPOSIÇÃO,8,0),VLOOKUP(MJI25,COTAÇÃO,11,0))))","v":19.149999999999999},{"$f":"MJN25*MJO25","v":9.5749999999999993},"ED-50374",{"$f":"IF(MJT25=\"SINAPI\",VLOOKUP(MJQ25,SINAPI,2,0),IF(MJT25=\"SETOP\",VLOOKUP(MJQ25,SETOP,3,0),IF(MJT25=\"CPU\",VLOOKUP(MJQ25,COMPOSIÇÃO,2,0),VLOOKUP(MJQ25,COTAÇÃO,3,0))))","v":"BOMBEIRO/ENCANADOR COM ENCARGOS COMPLEMENTARES"},null,"SETOP",{"$f":"IF(MJT25=\"SINAPI\",VLOOKUP(MJQ25,SINAPI,3,0),IF(MJT25=\"SETOP\",VLOOKUP(MJQ25,SETOP,4,0),IF(MJT25=\"CPU\",VLOOKUP(MJQ25,COMPOSIÇÃO,5,0),VLOOKUP(MJQ25,COTAÇÃO,8,0))))","v":"HORA"},0.5,{"$f":"IF(MJT25=\"SINAPI\",VLOOKUP(MJQ25,SINAPI,4,0),IF(MJT25=\"SETOP\",VLOOKUP(MJQ25,SETOP,5,0),IF(MJT25=\"CPU\",VLOOKUP(MJQ25,COMPOSIÇÃO,8,0),VLOOKUP(MJQ25,COTAÇÃO,11,0))))","v":19.149999999999999},{"$f":"MJV25*MJW25","v":9.5749999999999993},"ED-50374",{"$f":"IF(MKB25=\"SINAPI\",VLOOKUP(MJY25,SINAPI,2,0),IF(MKB25=\"SETOP\",VLOOKUP(MJY25,SETOP,3,0),IF(MKB25=\"CPU\",VLOOKUP(MJY25,COMPOSIÇÃO,2,0),VLOOKUP(MJY25,COTAÇÃO,3,0))))","v":"BOMBEIRO/ENCANADOR COM ENCARGOS COMPLEMENTARES"},null,"SETOP",{"$f":"IF(MKB25=\"SINAPI\",VLOOKUP(MJY25,SINAPI,3,0),IF(MKB25=\"SETOP\",VLOOKUP(MJY25,SETOP,4,0),IF(MKB25=\"CPU\",VLOOKUP(MJY25,COMPOSIÇÃO,5,0),VLOOKUP(MJY25,COTAÇÃO,8,0))))","v":"HORA"},0.5,{"$f":"IF(MKB25=\"SINAPI\",VLOOKUP(MJY25,SINAPI,4,0),IF(MKB25=\"SETOP\",VLOOKUP(MJY25,SETOP,5,0),IF(MKB25=\"CPU\",VLOOKUP(MJY25,COMPOSIÇÃO,8,0),VLOOKUP(MJY25,COTAÇÃO,11,0))))","v":19.149999999999999},{"$f":"MKD25*MKE25","v":9.5749999999999993},"ED-50374",{"$f":"IF(MKJ25=\"SINAPI\",VLOOKUP(MKG25,SINAPI,2,0),IF(MKJ25=\"SETOP\",VLOOKUP(MKG25,SETOP,3,0),IF(MKJ25=\"CPU\",VLOOKUP(MKG25,COMPOSIÇÃO,2,0),VLOOKUP(MKG25,COTAÇÃO,3,0))))","v":"BOMBEIRO/ENCANADOR COM ENCARGOS COMPLEMENTARES"},null,"SETOP",{"$f":"IF(MKJ25=\"SINAPI\",VLOOKUP(MKG25,SINAPI,3,0),IF(MKJ25=\"SETOP\",VLOOKUP(MKG25,SETOP,4,0),IF(MKJ25=\"CPU\",VLOOKUP(MKG25,COMPOSIÇÃO,5,0),VLOOKUP(MKG25,COTAÇÃO,8,0))))","v":"HORA"},0.5,{"$f":"IF(MKJ25=\"SINAPI\",VLOOKUP(MKG25,SINAPI,4,0),IF(MKJ25=\"SETOP\",VLOOKUP(MKG25,SETOP,5,0),IF(MKJ25=\"CPU\",VLOOKUP(MKG25,COMPOSIÇÃO,8,0),VLOOKUP(MKG25,COTAÇÃO,11,0))))","v":19.149999999999999},{"$f":"MKL25*MKM25","v":9.5749999999999993},"ED-50374",{"$f":"IF(MKR25=\"SINAPI\",VLOOKUP(MKO25,SINAPI,2,0),IF(MKR25=\"SETOP\",VLOOKUP(MKO25,SETOP,3,0),IF(MKR25=\"CPU\",VLOOKUP(MKO25,COMPOSIÇÃO,2,0),VLOOKUP(MKO25,COTAÇÃO,3,0))))","v":"BOMBEIRO/ENCANADOR COM ENCARGOS COMPLEMENTARES"},null,"SETOP",{"$f":"IF(MKR25=\"SINAPI\",VLOOKUP(MKO25,SINAPI,3,0),IF(MKR25=\"SETOP\",VLOOKUP(MKO25,SETOP,4,0),IF(MKR25=\"CPU\",VLOOKUP(MKO25,COMPOSIÇÃO,5,0),VLOOKUP(MKO25,COTAÇÃO,8,0))))","v":"HORA"},0.5,{"$f":"IF(MKR25=\"SINAPI\",VLOOKUP(MKO25,SINAPI,4,0),IF(MKR25=\"SETOP\",VLOOKUP(MKO25,SETOP,5,0),IF(MKR25=\"CPU\",VLOOKUP(MKO25,COMPOSIÇÃO,8,0),VLOOKUP(MKO25,COTAÇÃO,11,0))))","v":19.149999999999999},{"$f":"MKT25*MKU25","v":9.5749999999999993},"ED-50374",{"$f":"IF(MKZ25=\"SINAPI\",VLOOKUP(MKW25,SINAPI,2,0),IF(MKZ25=\"SETOP\",VLOOKUP(MKW25,SETOP,3,0),IF(MKZ25=\"CPU\",VLOOKUP(MKW25,COMPOSIÇÃO,2,0),VLOOKUP(MKW25,COTAÇÃO,3,0))))","v":"BOMBEIRO/ENCANADOR COM ENCARGOS COMPLEMENTARES"},null,"SETOP",{"$f":"IF(MKZ25=\"SINAPI\",VLOOKUP(MKW25,SINAPI,3,0),IF(MKZ25=\"SETOP\",VLOOKUP(MKW25,SETOP,4,0),IF(MKZ25=\"CPU\",VLOOKUP(MKW25,COMPOSIÇÃO,5,0),VLOOKUP(MKW25,COTAÇÃO,8,0))))","v":"HORA"},0.5,{"$f":"IF(MKZ25=\"SINAPI\",VLOOKUP(MKW25,SINAPI,4,0),IF(MKZ25=\"SETOP\",VLOOKUP(MKW25,SETOP,5,0),IF(MKZ25=\"CPU\",VLOOKUP(MKW25,COMPOSIÇÃO,8,0),VLOOKUP(MKW25,COTAÇÃO,11,0))))","v":19.149999999999999},{"$f":"MLB25*MLC25","v":9.5749999999999993},"ED-50374",{"$f":"IF(MLH25=\"SINAPI\",VLOOKUP(MLE25,SINAPI,2,0),IF(MLH25=\"SETOP\",VLOOKUP(MLE25,SETOP,3,0),IF(MLH25=\"CPU\",VLOOKUP(MLE25,COMPOSIÇÃO,2,0),VLOOKUP(MLE25,COTAÇÃO,3,0))))","v":"BOMBEIRO/ENCANADOR COM ENCARGOS COMPLEMENTARES"},null,"SETOP",{"$f":"IF(MLH25=\"SINAPI\",VLOOKUP(MLE25,SINAPI,3,0),IF(MLH25=\"SETOP\",VLOOKUP(MLE25,SETOP,4,0),IF(MLH25=\"CPU\",VLOOKUP(MLE25,COMPOSIÇÃO,5,0),VLOOKUP(MLE25,COTAÇÃO,8,0))))","v":"HORA"},0.5,{"$f":"IF(MLH25=\"SINAPI\",VLOOKUP(MLE25,SINAPI,4,0),IF(MLH25=\"SETOP\",VLOOKUP(MLE25,SETOP,5,0),IF(MLH25=\"CPU\",VLOOKUP(MLE25,COMPOSIÇÃO,8,0),VLOOKUP(MLE25,COTAÇÃO,11,0))))","v":19.149999999999999},{"$f":"MLJ25*MLK25","v":9.5749999999999993},"ED-50374",{"$f":"IF(MLP25=\"SINAPI\",VLOOKUP(MLM25,SINAPI,2,0),IF(MLP25=\"SETOP\",VLOOKUP(MLM25,SETOP,3,0),IF(MLP25=\"CPU\",VLOOKUP(MLM25,COMPOSIÇÃO,2,0),VLOOKUP(MLM25,COTAÇÃO,3,0))))","v":"BOMBEIRO/ENCANADOR COM ENCARGOS COMPLEMENTARES"},null,"SETOP",{"$f":"IF(MLP25=\"SINAPI\",VLOOKUP(MLM25,SINAPI,3,0),IF(MLP25=\"SETOP\",VLOOKUP(MLM25,SETOP,4,0),IF(MLP25=\"CPU\",VLOOKUP(MLM25,COMPOSIÇÃO,5,0),VLOOKUP(MLM25,COTAÇÃO,8,0))))","v":"HORA"},0.5,{"$f":"IF(MLP25=\"SINAPI\",VLOOKUP(MLM25,SINAPI,4,0),IF(MLP25=\"SETOP\",VLOOKUP(MLM25,SETOP,5,0),IF(MLP25=\"CPU\",VLOOKUP(MLM25,COMPOSIÇÃO,8,0),VLOOKUP(MLM25,COTAÇÃO,11,0))))","v":19.149999999999999},{"$f":"MLR25*MLS25","v":9.5749999999999993},"ED-50374",{"$f":"IF(MLX25=\"SINAPI\",VLOOKUP(MLU25,SINAPI,2,0),IF(MLX25=\"SETOP\",VLOOKUP(MLU25,SETOP,3,0),IF(MLX25=\"CPU\",VLOOKUP(MLU25,COMPOSIÇÃO,2,0),VLOOKUP(MLU25,COTAÇÃO,3,0))))","v":"BOMBEIRO/ENCANADOR COM ENCARGOS COMPLEMENTARES"},null,"SETOP",{"$f":"IF(MLX25=\"SINAPI\",VLOOKUP(MLU25,SINAPI,3,0),IF(MLX25=\"SETOP\",VLOOKUP(MLU25,SETOP,4,0),IF(MLX25=\"CPU\",VLOOKUP(MLU25,COMPOSIÇÃO,5,0),VLOOKUP(MLU25,COTAÇÃO,8,0))))","v":"HORA"},0.5,{"$f":"IF(MLX25=\"SINAPI\",VLOOKUP(MLU25,SINAPI,4,0),IF(MLX25=\"SETOP\",VLOOKUP(MLU25,SETOP,5,0),IF(MLX25=\"CPU\",VLOOKUP(MLU25,COMPOSIÇÃO,8,0),VLOOKUP(MLU25,COTAÇÃO,11,0))))","v":19.149999999999999},{"$f":"MLZ25*MMA25","v":9.5749999999999993},"ED-50374",{"$f":"IF(MMF25=\"SINAPI\",VLOOKUP(MMC25,SINAPI,2,0),IF(MMF25=\"SETOP\",VLOOKUP(MMC25,SETOP,3,0),IF(MMF25=\"CPU\",VLOOKUP(MMC25,COMPOSIÇÃO,2,0),VLOOKUP(MMC25,COTAÇÃO,3,0))))","v":"BOMBEIRO/ENCANADOR COM ENCARGOS COMPLEMENTARES"},null,"SETOP",{"$f":"IF(MMF25=\"SINAPI\",VLOOKUP(MMC25,SINAPI,3,0),IF(MMF25=\"SETOP\",VLOOKUP(MMC25,SETOP,4,0),IF(MMF25=\"CPU\",VLOOKUP(MMC25,COMPOSIÇÃO,5,0),VLOOKUP(MMC25,COTAÇÃO,8,0))))","v":"HORA"},0.5,{"$f":"IF(MMF25=\"SINAPI\",VLOOKUP(MMC25,SINAPI,4,0),IF(MMF25=\"SETOP\",VLOOKUP(MMC25,SETOP,5,0),IF(MMF25=\"CPU\",VLOOKUP(MMC25,COMPOSIÇÃO,8,0),VLOOKUP(MMC25,COTAÇÃO,11,0))))","v":19.149999999999999},{"$f":"MMH25*MMI25","v":9.5749999999999993},"ED-50374",{"$f":"IF(MMN25=\"SINAPI\",VLOOKUP(MMK25,SINAPI,2,0),IF(MMN25=\"SETOP\",VLOOKUP(MMK25,SETOP,3,0),IF(MMN25=\"CPU\",VLOOKUP(MMK25,COMPOSIÇÃO,2,0),VLOOKUP(MMK25,COTAÇÃO,3,0))))","v":"BOMBEIRO/ENCANADOR COM ENCARGOS COMPLEMENTARES"},null,"SETOP",{"$f":"IF(MMN25=\"SINAPI\",VLOOKUP(MMK25,SINAPI,3,0),IF(MMN25=\"SETOP\",VLOOKUP(MMK25,SETOP,4,0),IF(MMN25=\"CPU\",VLOOKUP(MMK25,COMPOSIÇÃO,5,0),VLOOKUP(MMK25,COTAÇÃO,8,0))))","v":"HORA"},0.5,{"$f":"IF(MMN25=\"SINAPI\",VLOOKUP(MMK25,SINAPI,4,0),IF(MMN25=\"SETOP\",VLOOKUP(MMK25,SETOP,5,0),IF(MMN25=\"CPU\",VLOOKUP(MMK25,COMPOSIÇÃO,8,0),VLOOKUP(MMK25,COTAÇÃO,11,0))))","v":19.149999999999999},{"$f":"MMP25*MMQ25","v":9.5749999999999993},"ED-50374",{"$f":"IF(MMV25=\"SINAPI\",VLOOKUP(MMS25,SINAPI,2,0),IF(MMV25=\"SETOP\",VLOOKUP(MMS25,SETOP,3,0),IF(MMV25=\"CPU\",VLOOKUP(MMS25,COMPOSIÇÃO,2,0),VLOOKUP(MMS25,COTAÇÃO,3,0))))","v":"BOMBEIRO/ENCANADOR COM ENCARGOS COMPLEMENTARES"},null,"SETOP",{"$f":"IF(MMV25=\"SINAPI\",VLOOKUP(MMS25,SINAPI,3,0),IF(MMV25=\"SETOP\",VLOOKUP(MMS25,SETOP,4,0),IF(MMV25=\"CPU\",VLOOKUP(MMS25,COMPOSIÇÃO,5,0),VLOOKUP(MMS25,COTAÇÃO,8,0))))","v":"HORA"},0.5,{"$f":"IF(MMV25=\"SINAPI\",VLOOKUP(MMS25,SINAPI,4,0),IF(MMV25=\"SETOP\",VLOOKUP(MMS25,SETOP,5,0),IF(MMV25=\"CPU\",VLOOKUP(MMS25,COMPOSIÇÃO,8,0),VLOOKUP(MMS25,COTAÇÃO,11,0))))","v":19.149999999999999},{"$f":"MMX25*MMY25","v":9.5749999999999993},"ED-50374",{"$f":"IF(MND25=\"SINAPI\",VLOOKUP(MNA25,SINAPI,2,0),IF(MND25=\"SETOP\",VLOOKUP(MNA25,SETOP,3,0),IF(MND25=\"CPU\",VLOOKUP(MNA25,COMPOSIÇÃO,2,0),VLOOKUP(MNA25,COTAÇÃO,3,0))))","v":"BOMBEIRO/ENCANADOR COM ENCARGOS COMPLEMENTARES"},null,"SETOP",{"$f":"IF(MND25=\"SINAPI\",VLOOKUP(MNA25,SINAPI,3,0),IF(MND25=\"SETOP\",VLOOKUP(MNA25,SETOP,4,0),IF(MND25=\"CPU\",VLOOKUP(MNA25,COMPOSIÇÃO,5,0),VLOOKUP(MNA25,COTAÇÃO,8,0))))","v":"HORA"},0.5,{"$f":"IF(MND25=\"SINAPI\",VLOOKUP(MNA25,SINAPI,4,0),IF(MND25=\"SETOP\",VLOOKUP(MNA25,SETOP,5,0),IF(MND25=\"CPU\",VLOOKUP(MNA25,COMPOSIÇÃO,8,0),VLOOKUP(MNA25,COTAÇÃO,11,0))))","v":19.149999999999999},{"$f":"MNF25*MNG25","v":9.5749999999999993},"ED-50374",{"$f":"IF(MNL25=\"SINAPI\",VLOOKUP(MNI25,SINAPI,2,0),IF(MNL25=\"SETOP\",VLOOKUP(MNI25,SETOP,3,0),IF(MNL25=\"CPU\",VLOOKUP(MNI25,COMPOSIÇÃO,2,0),VLOOKUP(MNI25,COTAÇÃO,3,0))))","v":"BOMBEIRO/ENCANADOR COM ENCARGOS COMPLEMENTARES"},null,"SETOP",{"$f":"IF(MNL25=\"SINAPI\",VLOOKUP(MNI25,SINAPI,3,0),IF(MNL25=\"SETOP\",VLOOKUP(MNI25,SETOP,4,0),IF(MNL25=\"CPU\",VLOOKUP(MNI25,COMPOSIÇÃO,5,0),VLOOKUP(MNI25,COTAÇÃO,8,0))))","v":"HORA"},0.5,{"$f":"IF(MNL25=\"SINAPI\",VLOOKUP(MNI25,SINAPI,4,0),IF(MNL25=\"SETOP\",VLOOKUP(MNI25,SETOP,5,0),IF(MNL25=\"CPU\",VLOOKUP(MNI25,COMPOSIÇÃO,8,0),VLOOKUP(MNI25,COTAÇÃO,11,0))))","v":19.149999999999999},{"$f":"MNN25*MNO25","v":9.5749999999999993},"ED-50374",{"$f":"IF(MNT25=\"SINAPI\",VLOOKUP(MNQ25,SINAPI,2,0),IF(MNT25=\"SETOP\",VLOOKUP(MNQ25,SETOP,3,0),IF(MNT25=\"CPU\",VLOOKUP(MNQ25,COMPOSIÇÃO,2,0),VLOOKUP(MNQ25,COTAÇÃO,3,0))))","v":"BOMBEIRO/ENCANADOR COM ENCARGOS COMPLEMENTARES"},null,"SETOP",{"$f":"IF(MNT25=\"SINAPI\",VLOOKUP(MNQ25,SINAPI,3,0),IF(MNT25=\"SETOP\",VLOOKUP(MNQ25,SETOP,4,0),IF(MNT25=\"CPU\",VLOOKUP(MNQ25,COMPOSIÇÃO,5,0),VLOOKUP(MNQ25,COTAÇÃO,8,0))))","v":"HORA"},0.5,{"$f":"IF(MNT25=\"SINAPI\",VLOOKUP(MNQ25,SINAPI,4,0),IF(MNT25=\"SETOP\",VLOOKUP(MNQ25,SETOP,5,0),IF(MNT25=\"CPU\",VLOOKUP(MNQ25,COMPOSIÇÃO,8,0),VLOOKUP(MNQ25,COTAÇÃO,11,0))))","v":19.149999999999999},{"$f":"MNV25*MNW25","v":9.5749999999999993},"ED-50374",{"$f":"IF(MOB25=\"SINAPI\",VLOOKUP(MNY25,SINAPI,2,0),IF(MOB25=\"SETOP\",VLOOKUP(MNY25,SETOP,3,0),IF(MOB25=\"CPU\",VLOOKUP(MNY25,COMPOSIÇÃO,2,0),VLOOKUP(MNY25,COTAÇÃO,3,0))))","v":"BOMBEIRO/ENCANADOR COM ENCARGOS COMPLEMENTARES"},null,"SETOP",{"$f":"IF(MOB25=\"SINAPI\",VLOOKUP(MNY25,SINAPI,3,0),IF(MOB25=\"SETOP\",VLOOKUP(MNY25,SETOP,4,0),IF(MOB25=\"CPU\",VLOOKUP(MNY25,COMPOSIÇÃO,5,0),VLOOKUP(MNY25,COTAÇÃO,8,0))))","v":"HORA"},0.5,{"$f":"IF(MOB25=\"SINAPI\",VLOOKUP(MNY25,SINAPI,4,0),IF(MOB25=\"SETOP\",VLOOKUP(MNY25,SETOP,5,0),IF(MOB25=\"CPU\",VLOOKUP(MNY25,COMPOSIÇÃO,8,0),VLOOKUP(MNY25,COTAÇÃO,11,0))))","v":19.149999999999999},{"$f":"MOD25*MOE25","v":9.5749999999999993},"ED-50374",{"$f":"IF(MOJ25=\"SINAPI\",VLOOKUP(MOG25,SINAPI,2,0),IF(MOJ25=\"SETOP\",VLOOKUP(MOG25,SETOP,3,0),IF(MOJ25=\"CPU\",VLOOKUP(MOG25,COMPOSIÇÃO,2,0),VLOOKUP(MOG25,COTAÇÃO,3,0))))","v":"BOMBEIRO/ENCANADOR COM ENCARGOS COMPLEMENTARES"},null,"SETOP",{"$f":"IF(MOJ25=\"SINAPI\",VLOOKUP(MOG25,SINAPI,3,0),IF(MOJ25=\"SETOP\",VLOOKUP(MOG25,SETOP,4,0),IF(MOJ25=\"CPU\",VLOOKUP(MOG25,COMPOSIÇÃO,5,0),VLOOKUP(MOG25,COTAÇÃO,8,0))))","v":"HORA"},0.5,{"$f":"IF(MOJ25=\"SINAPI\",VLOOKUP(MOG25,SINAPI,4,0),IF(MOJ25=\"SETOP\",VLOOKUP(MOG25,SETOP,5,0),IF(MOJ25=\"CPU\",VLOOKUP(MOG25,COMPOSIÇÃO,8,0),VLOOKUP(MOG25,COTAÇÃO,11,0))))","v":19.149999999999999},{"$f":"MOL25*MOM25","v":9.5749999999999993},"ED-50374",{"$f":"IF(MOR25=\"SINAPI\",VLOOKUP(MOO25,SINAPI,2,0),IF(MOR25=\"SETOP\",VLOOKUP(MOO25,SETOP,3,0),IF(MOR25=\"CPU\",VLOOKUP(MOO25,COMPOSIÇÃO,2,0),VLOOKUP(MOO25,COTAÇÃO,3,0))))","v":"BOMBEIRO/ENCANADOR COM ENCARGOS COMPLEMENTARES"},null,"SETOP",{"$f":"IF(MOR25=\"SINAPI\",VLOOKUP(MOO25,SINAPI,3,0),IF(MOR25=\"SETOP\",VLOOKUP(MOO25,SETOP,4,0),IF(MOR25=\"CPU\",VLOOKUP(MOO25,COMPOSIÇÃO,5,0),VLOOKUP(MOO25,COTAÇÃO,8,0))))","v":"HORA"},0.5,{"$f":"IF(MOR25=\"SINAPI\",VLOOKUP(MOO25,SINAPI,4,0),IF(MOR25=\"SETOP\",VLOOKUP(MOO25,SETOP,5,0),IF(MOR25=\"CPU\",VLOOKUP(MOO25,COMPOSIÇÃO,8,0),VLOOKUP(MOO25,COTAÇÃO,11,0))))","v":19.149999999999999},{"$f":"MOT25*MOU25","v":9.5749999999999993},"ED-50374",{"$f":"IF(MOZ25=\"SINAPI\",VLOOKUP(MOW25,SINAPI,2,0),IF(MOZ25=\"SETOP\",VLOOKUP(MOW25,SETOP,3,0),IF(MOZ25=\"CPU\",VLOOKUP(MOW25,COMPOSIÇÃO,2,0),VLOOKUP(MOW25,COTAÇÃO,3,0))))","v":"BOMBEIRO/ENCANADOR COM ENCARGOS COMPLEMENTARES"},null,"SETOP",{"$f":"IF(MOZ25=\"SINAPI\",VLOOKUP(MOW25,SINAPI,3,0),IF(MOZ25=\"SETOP\",VLOOKUP(MOW25,SETOP,4,0),IF(MOZ25=\"CPU\",VLOOKUP(MOW25,COMPOSIÇÃO,5,0),VLOOKUP(MOW25,COTAÇÃO,8,0))))","v":"HORA"},0.5,{"$f":"IF(MOZ25=\"SINAPI\",VLOOKUP(MOW25,SINAPI,4,0),IF(MOZ25=\"SETOP\",VLOOKUP(MOW25,SETOP,5,0),IF(MOZ25=\"CPU\",VLOOKUP(MOW25,COMPOSIÇÃO,8,0),VLOOKUP(MOW25,COTAÇÃO,11,0))))","v":19.149999999999999},{"$f":"MPB25*MPC25","v":9.5749999999999993},"ED-50374",{"$f":"IF(MPH25=\"SINAPI\",VLOOKUP(MPE25,SINAPI,2,0),IF(MPH25=\"SETOP\",VLOOKUP(MPE25,SETOP,3,0),IF(MPH25=\"CPU\",VLOOKUP(MPE25,COMPOSIÇÃO,2,0),VLOOKUP(MPE25,COTAÇÃO,3,0))))","v":"BOMBEIRO/ENCANADOR COM ENCARGOS COMPLEMENTARES"},null,"SETOP",{"$f":"IF(MPH25=\"SINAPI\",VLOOKUP(MPE25,SINAPI,3,0),IF(MPH25=\"SETOP\",VLOOKUP(MPE25,SETOP,4,0),IF(MPH25=\"CPU\",VLOOKUP(MPE25,COMPOSIÇÃO,5,0),VLOOKUP(MPE25,COTAÇÃO,8,0))))","v":"HORA"},0.5,{"$f":"IF(MPH25=\"SINAPI\",VLOOKUP(MPE25,SINAPI,4,0),IF(MPH25=\"SETOP\",VLOOKUP(MPE25,SETOP,5,0),IF(MPH25=\"CPU\",VLOOKUP(MPE25,COMPOSIÇÃO,8,0),VLOOKUP(MPE25,COTAÇÃO,11,0))))","v":19.149999999999999},{"$f":"MPJ25*MPK25","v":9.5749999999999993},"ED-50374",{"$f":"IF(MPP25=\"SINAPI\",VLOOKUP(MPM25,SINAPI,2,0),IF(MPP25=\"SETOP\",VLOOKUP(MPM25,SETOP,3,0),IF(MPP25=\"CPU\",VLOOKUP(MPM25,COMPOSIÇÃO,2,0),VLOOKUP(MPM25,COTAÇÃO,3,0))))","v":"BOMBEIRO/ENCANADOR COM ENCARGOS COMPLEMENTARES"},null,"SETOP",{"$f":"IF(MPP25=\"SINAPI\",VLOOKUP(MPM25,SINAPI,3,0),IF(MPP25=\"SETOP\",VLOOKUP(MPM25,SETOP,4,0),IF(MPP25=\"CPU\",VLOOKUP(MPM25,COMPOSIÇÃO,5,0),VLOOKUP(MPM25,COTAÇÃO,8,0))))","v":"HORA"},0.5,{"$f":"IF(MPP25=\"SINAPI\",VLOOKUP(MPM25,SINAPI,4,0),IF(MPP25=\"SETOP\",VLOOKUP(MPM25,SETOP,5,0),IF(MPP25=\"CPU\",VLOOKUP(MPM25,COMPOSIÇÃO,8,0),VLOOKUP(MPM25,COTAÇÃO,11,0))))","v":19.149999999999999},{"$f":"MPR25*MPS25","v":9.5749999999999993},"ED-50374",{"$f":"IF(MPX25=\"SINAPI\",VLOOKUP(MPU25,SINAPI,2,0),IF(MPX25=\"SETOP\",VLOOKUP(MPU25,SETOP,3,0),IF(MPX25=\"CPU\",VLOOKUP(MPU25,COMPOSIÇÃO,2,0),VLOOKUP(MPU25,COTAÇÃO,3,0))))","v":"BOMBEIRO/ENCANADOR COM ENCARGOS COMPLEMENTARES"},null,"SETOP",{"$f":"IF(MPX25=\"SINAPI\",VLOOKUP(MPU25,SINAPI,3,0),IF(MPX25=\"SETOP\",VLOOKUP(MPU25,SETOP,4,0),IF(MPX25=\"CPU\",VLOOKUP(MPU25,COMPOSIÇÃO,5,0),VLOOKUP(MPU25,COTAÇÃO,8,0))))","v":"HORA"},0.5,{"$f":"IF(MPX25=\"SINAPI\",VLOOKUP(MPU25,SINAPI,4,0),IF(MPX25=\"SETOP\",VLOOKUP(MPU25,SETOP,5,0),IF(MPX25=\"CPU\",VLOOKUP(MPU25,COMPOSIÇÃO,8,0),VLOOKUP(MPU25,COTAÇÃO,11,0))))","v":19.149999999999999},{"$f":"MPZ25*MQA25","v":9.5749999999999993},"ED-50374",{"$f":"IF(MQF25=\"SINAPI\",VLOOKUP(MQC25,SINAPI,2,0),IF(MQF25=\"SETOP\",VLOOKUP(MQC25,SETOP,3,0),IF(MQF25=\"CPU\",VLOOKUP(MQC25,COMPOSIÇÃO,2,0),VLOOKUP(MQC25,COTAÇÃO,3,0))))","v":"BOMBEIRO/ENCANADOR COM ENCARGOS COMPLEMENTARES"},null,"SETOP",{"$f":"IF(MQF25=\"SINAPI\",VLOOKUP(MQC25,SINAPI,3,0),IF(MQF25=\"SETOP\",VLOOKUP(MQC25,SETOP,4,0),IF(MQF25=\"CPU\",VLOOKUP(MQC25,COMPOSIÇÃO,5,0),VLOOKUP(MQC25,COTAÇÃO,8,0))))","v":"HORA"},0.5,{"$f":"IF(MQF25=\"SINAPI\",VLOOKUP(MQC25,SINAPI,4,0),IF(MQF25=\"SETOP\",VLOOKUP(MQC25,SETOP,5,0),IF(MQF25=\"CPU\",VLOOKUP(MQC25,COMPOSIÇÃO,8,0),VLOOKUP(MQC25,COTAÇÃO,11,0))))","v":19.149999999999999},{"$f":"MQH25*MQI25","v":9.5749999999999993},"ED-50374",{"$f":"IF(MQN25=\"SINAPI\",VLOOKUP(MQK25,SINAPI,2,0),IF(MQN25=\"SETOP\",VLOOKUP(MQK25,SETOP,3,0),IF(MQN25=\"CPU\",VLOOKUP(MQK25,COMPOSIÇÃO,2,0),VLOOKUP(MQK25,COTAÇÃO,3,0))))","v":"BOMBEIRO/ENCANADOR COM ENCARGOS COMPLEMENTARES"},null,"SETOP",{"$f":"IF(MQN25=\"SINAPI\",VLOOKUP(MQK25,SINAPI,3,0),IF(MQN25=\"SETOP\",VLOOKUP(MQK25,SETOP,4,0),IF(MQN25=\"CPU\",VLOOKUP(MQK25,COMPOSIÇÃO,5,0),VLOOKUP(MQK25,COTAÇÃO,8,0))))","v":"HORA"},0.5,{"$f":"IF(MQN25=\"SINAPI\",VLOOKUP(MQK25,SINAPI,4,0),IF(MQN25=\"SETOP\",VLOOKUP(MQK25,SETOP,5,0),IF(MQN25=\"CPU\",VLOOKUP(MQK25,COMPOSIÇÃO,8,0),VLOOKUP(MQK25,COTAÇÃO,11,0))))","v":19.149999999999999},{"$f":"MQP25*MQQ25","v":9.5749999999999993},"ED-50374",{"$f":"IF(MQV25=\"SINAPI\",VLOOKUP(MQS25,SINAPI,2,0),IF(MQV25=\"SETOP\",VLOOKUP(MQS25,SETOP,3,0),IF(MQV25=\"CPU\",VLOOKUP(MQS25,COMPOSIÇÃO,2,0),VLOOKUP(MQS25,COTAÇÃO,3,0))))","v":"BOMBEIRO/ENCANADOR COM ENCARGOS COMPLEMENTARES"},null,"SETOP",{"$f":"IF(MQV25=\"SINAPI\",VLOOKUP(MQS25,SINAPI,3,0),IF(MQV25=\"SETOP\",VLOOKUP(MQS25,SETOP,4,0),IF(MQV25=\"CPU\",VLOOKUP(MQS25,COMPOSIÇÃO,5,0),VLOOKUP(MQS25,COTAÇÃO,8,0))))","v":"HORA"},0.5,{"$f":"IF(MQV25=\"SINAPI\",VLOOKUP(MQS25,SINAPI,4,0),IF(MQV25=\"SETOP\",VLOOKUP(MQS25,SETOP,5,0),IF(MQV25=\"CPU\",VLOOKUP(MQS25,COMPOSIÇÃO,8,0),VLOOKUP(MQS25,COTAÇÃO,11,0))))","v":19.149999999999999},{"$f":"MQX25*MQY25","v":9.5749999999999993},"ED-50374",{"$f":"IF(MRD25=\"SINAPI\",VLOOKUP(MRA25,SINAPI,2,0),IF(MRD25=\"SETOP\",VLOOKUP(MRA25,SETOP,3,0),IF(MRD25=\"CPU\",VLOOKUP(MRA25,COMPOSIÇÃO,2,0),VLOOKUP(MRA25,COTAÇÃO,3,0))))","v":"BOMBEIRO/ENCANADOR COM ENCARGOS COMPLEMENTARES"},null,"SETOP",{"$f":"IF(MRD25=\"SINAPI\",VLOOKUP(MRA25,SINAPI,3,0),IF(MRD25=\"SETOP\",VLOOKUP(MRA25,SETOP,4,0),IF(MRD25=\"CPU\",VLOOKUP(MRA25,COMPOSIÇÃO,5,0),VLOOKUP(MRA25,COTAÇÃO,8,0))))","v":"HORA"},0.5,{"$f":"IF(MRD25=\"SINAPI\",VLOOKUP(MRA25,SINAPI,4,0),IF(MRD25=\"SETOP\",VLOOKUP(MRA25,SETOP,5,0),IF(MRD25=\"CPU\",VLOOKUP(MRA25,COMPOSIÇÃO,8,0),VLOOKUP(MRA25,COTAÇÃO,11,0))))","v":19.149999999999999},{"$f":"MRF25*MRG25","v":9.5749999999999993},"ED-50374",{"$f":"IF(MRL25=\"SINAPI\",VLOOKUP(MRI25,SINAPI,2,0),IF(MRL25=\"SETOP\",VLOOKUP(MRI25,SETOP,3,0),IF(MRL25=\"CPU\",VLOOKUP(MRI25,COMPOSIÇÃO,2,0),VLOOKUP(MRI25,COTAÇÃO,3,0))))","v":"BOMBEIRO/ENCANADOR COM ENCARGOS COMPLEMENTARES"},null,"SETOP",{"$f":"IF(MRL25=\"SINAPI\",VLOOKUP(MRI25,SINAPI,3,0),IF(MRL25=\"SETOP\",VLOOKUP(MRI25,SETOP,4,0),IF(MRL25=\"CPU\",VLOOKUP(MRI25,COMPOSIÇÃO,5,0),VLOOKUP(MRI25,COTAÇÃO,8,0))))","v":"HORA"},0.5,{"$f":"IF(MRL25=\"SINAPI\",VLOOKUP(MRI25,SINAPI,4,0),IF(MRL25=\"SETOP\",VLOOKUP(MRI25,SETOP,5,0),IF(MRL25=\"CPU\",VLOOKUP(MRI25,COMPOSIÇÃO,8,0),VLOOKUP(MRI25,COTAÇÃO,11,0))))","v":19.149999999999999},{"$f":"MRN25*MRO25","v":9.5749999999999993},"ED-50374",{"$f":"IF(MRT25=\"SINAPI\",VLOOKUP(MRQ25,SINAPI,2,0),IF(MRT25=\"SETOP\",VLOOKUP(MRQ25,SETOP,3,0),IF(MRT25=\"CPU\",VLOOKUP(MRQ25,COMPOSIÇÃO,2,0),VLOOKUP(MRQ25,COTAÇÃO,3,0))))","v":"BOMBEIRO/ENCANADOR COM ENCARGOS COMPLEMENTARES"},null,"SETOP",{"$f":"IF(MRT25=\"SINAPI\",VLOOKUP(MRQ25,SINAPI,3,0),IF(MRT25=\"SETOP\",VLOOKUP(MRQ25,SETOP,4,0),IF(MRT25=\"CPU\",VLOOKUP(MRQ25,COMPOSIÇÃO,5,0),VLOOKUP(MRQ25,COTAÇÃO,8,0))))","v":"HORA"},0.5,{"$f":"IF(MRT25=\"SINAPI\",VLOOKUP(MRQ25,SINAPI,4,0),IF(MRT25=\"SETOP\",VLOOKUP(MRQ25,SETOP,5,0),IF(MRT25=\"CPU\",VLOOKUP(MRQ25,COMPOSIÇÃO,8,0),VLOOKUP(MRQ25,COTAÇÃO,11,0))))","v":19.149999999999999},{"$f":"MRV25*MRW25","v":9.5749999999999993},"ED-50374",{"$f":"IF(MSB25=\"SINAPI\",VLOOKUP(MRY25,SINAPI,2,0),IF(MSB25=\"SETOP\",VLOOKUP(MRY25,SETOP,3,0),IF(MSB25=\"CPU\",VLOOKUP(MRY25,COMPOSIÇÃO,2,0),VLOOKUP(MRY25,COTAÇÃO,3,0))))","v":"BOMBEIRO/ENCANADOR COM ENCARGOS COMPLEMENTARES"},null,"SETOP",{"$f":"IF(MSB25=\"SINAPI\",VLOOKUP(MRY25,SINAPI,3,0),IF(MSB25=\"SETOP\",VLOOKUP(MRY25,SETOP,4,0),IF(MSB25=\"CPU\",VLOOKUP(MRY25,COMPOSIÇÃO,5,0),VLOOKUP(MRY25,COTAÇÃO,8,0))))","v":"HORA"},0.5,{"$f":"IF(MSB25=\"SINAPI\",VLOOKUP(MRY25,SINAPI,4,0),IF(MSB25=\"SETOP\",VLOOKUP(MRY25,SETOP,5,0),IF(MSB25=\"CPU\",VLOOKUP(MRY25,COMPOSIÇÃO,8,0),VLOOKUP(MRY25,COTAÇÃO,11,0))))","v":19.149999999999999},{"$f":"MSD25*MSE25","v":9.5749999999999993},"ED-50374",{"$f":"IF(MSJ25=\"SINAPI\",VLOOKUP(MSG25,SINAPI,2,0),IF(MSJ25=\"SETOP\",VLOOKUP(MSG25,SETOP,3,0),IF(MSJ25=\"CPU\",VLOOKUP(MSG25,COMPOSIÇÃO,2,0),VLOOKUP(MSG25,COTAÇÃO,3,0))))","v":"BOMBEIRO/ENCANADOR COM ENCARGOS COMPLEMENTARES"},null,"SETOP",{"$f":"IF(MSJ25=\"SINAPI\",VLOOKUP(MSG25,SINAPI,3,0),IF(MSJ25=\"SETOP\",VLOOKUP(MSG25,SETOP,4,0),IF(MSJ25=\"CPU\",VLOOKUP(MSG25,COMPOSIÇÃO,5,0),VLOOKUP(MSG25,COTAÇÃO,8,0))))","v":"HORA"},0.5,{"$f":"IF(MSJ25=\"SINAPI\",VLOOKUP(MSG25,SINAPI,4,0),IF(MSJ25=\"SETOP\",VLOOKUP(MSG25,SETOP,5,0),IF(MSJ25=\"CPU\",VLOOKUP(MSG25,COMPOSIÇÃO,8,0),VLOOKUP(MSG25,COTAÇÃO,11,0))))","v":19.149999999999999},{"$f":"MSL25*MSM25","v":9.5749999999999993},"ED-50374",{"$f":"IF(MSR25=\"SINAPI\",VLOOKUP(MSO25,SINAPI,2,0),IF(MSR25=\"SETOP\",VLOOKUP(MSO25,SETOP,3,0),IF(MSR25=\"CPU\",VLOOKUP(MSO25,COMPOSIÇÃO,2,0),VLOOKUP(MSO25,COTAÇÃO,3,0))))","v":"BOMBEIRO/ENCANADOR COM ENCARGOS COMPLEMENTARES"},null,"SETOP",{"$f":"IF(MSR25=\"SINAPI\",VLOOKUP(MSO25,SINAPI,3,0),IF(MSR25=\"SETOP\",VLOOKUP(MSO25,SETOP,4,0),IF(MSR25=\"CPU\",VLOOKUP(MSO25,COMPOSIÇÃO,5,0),VLOOKUP(MSO25,COTAÇÃO,8,0))))","v":"HORA"},0.5,{"$f":"IF(MSR25=\"SINAPI\",VLOOKUP(MSO25,SINAPI,4,0),IF(MSR25=\"SETOP\",VLOOKUP(MSO25,SETOP,5,0),IF(MSR25=\"CPU\",VLOOKUP(MSO25,COMPOSIÇÃO,8,0),VLOOKUP(MSO25,COTAÇÃO,11,0))))","v":19.149999999999999},{"$f":"MST25*MSU25","v":9.5749999999999993},"ED-50374",{"$f":"IF(MSZ25=\"SINAPI\",VLOOKUP(MSW25,SINAPI,2,0),IF(MSZ25=\"SETOP\",VLOOKUP(MSW25,SETOP,3,0),IF(MSZ25=\"CPU\",VLOOKUP(MSW25,COMPOSIÇÃO,2,0),VLOOKUP(MSW25,COTAÇÃO,3,0))))","v":"BOMBEIRO/ENCANADOR COM ENCARGOS COMPLEMENTARES"},null,"SETOP",{"$f":"IF(MSZ25=\"SINAPI\",VLOOKUP(MSW25,SINAPI,3,0),IF(MSZ25=\"SETOP\",VLOOKUP(MSW25,SETOP,4,0),IF(MSZ25=\"CPU\",VLOOKUP(MSW25,COMPOSIÇÃO,5,0),VLOOKUP(MSW25,COTAÇÃO,8,0))))","v":"HORA"},0.5,{"$f":"IF(MSZ25=\"SINAPI\",VLOOKUP(MSW25,SINAPI,4,0),IF(MSZ25=\"SETOP\",VLOOKUP(MSW25,SETOP,5,0),IF(MSZ25=\"CPU\",VLOOKUP(MSW25,COMPOSIÇÃO,8,0),VLOOKUP(MSW25,COTAÇÃO,11,0))))","v":19.149999999999999},{"$f":"MTB25*MTC25","v":9.5749999999999993},"ED-50374",{"$f":"IF(MTH25=\"SINAPI\",VLOOKUP(MTE25,SINAPI,2,0),IF(MTH25=\"SETOP\",VLOOKUP(MTE25,SETOP,3,0),IF(MTH25=\"CPU\",VLOOKUP(MTE25,COMPOSIÇÃO,2,0),VLOOKUP(MTE25,COTAÇÃO,3,0))))","v":"BOMBEIRO/ENCANADOR COM ENCARGOS COMPLEMENTARES"},null,"SETOP",{"$f":"IF(MTH25=\"SINAPI\",VLOOKUP(MTE25,SINAPI,3,0),IF(MTH25=\"SETOP\",VLOOKUP(MTE25,SETOP,4,0),IF(MTH25=\"CPU\",VLOOKUP(MTE25,COMPOSIÇÃO,5,0),VLOOKUP(MTE25,COTAÇÃO,8,0))))","v":"HORA"},0.5,{"$f":"IF(MTH25=\"SINAPI\",VLOOKUP(MTE25,SINAPI,4,0),IF(MTH25=\"SETOP\",VLOOKUP(MTE25,SETOP,5,0),IF(MTH25=\"CPU\",VLOOKUP(MTE25,COMPOSIÇÃO,8,0),VLOOKUP(MTE25,COTAÇÃO,11,0))))","v":19.149999999999999},{"$f":"MTJ25*MTK25","v":9.5749999999999993},"ED-50374",{"$f":"IF(MTP25=\"SINAPI\",VLOOKUP(MTM25,SINAPI,2,0),IF(MTP25=\"SETOP\",VLOOKUP(MTM25,SETOP,3,0),IF(MTP25=\"CPU\",VLOOKUP(MTM25,COMPOSIÇÃO,2,0),VLOOKUP(MTM25,COTAÇÃO,3,0))))","v":"BOMBEIRO/ENCANADOR COM ENCARGOS COMPLEMENTARES"},null,"SETOP",{"$f":"IF(MTP25=\"SINAPI\",VLOOKUP(MTM25,SINAPI,3,0),IF(MTP25=\"SETOP\",VLOOKUP(MTM25,SETOP,4,0),IF(MTP25=\"CPU\",VLOOKUP(MTM25,COMPOSIÇÃO,5,0),VLOOKUP(MTM25,COTAÇÃO,8,0))))","v":"HORA"},0.5,{"$f":"IF(MTP25=\"SINAPI\",VLOOKUP(MTM25,SINAPI,4,0),IF(MTP25=\"SETOP\",VLOOKUP(MTM25,SETOP,5,0),IF(MTP25=\"CPU\",VLOOKUP(MTM25,COMPOSIÇÃO,8,0),VLOOKUP(MTM25,COTAÇÃO,11,0))))","v":19.149999999999999},{"$f":"MTR25*MTS25","v":9.5749999999999993},"ED-50374",{"$f":"IF(MTX25=\"SINAPI\",VLOOKUP(MTU25,SINAPI,2,0),IF(MTX25=\"SETOP\",VLOOKUP(MTU25,SETOP,3,0),IF(MTX25=\"CPU\",VLOOKUP(MTU25,COMPOSIÇÃO,2,0),VLOOKUP(MTU25,COTAÇÃO,3,0))))","v":"BOMBEIRO/ENCANADOR COM ENCARGOS COMPLEMENTARES"},null,"SETOP",{"$f":"IF(MTX25=\"SINAPI\",VLOOKUP(MTU25,SINAPI,3,0),IF(MTX25=\"SETOP\",VLOOKUP(MTU25,SETOP,4,0),IF(MTX25=\"CPU\",VLOOKUP(MTU25,COMPOSIÇÃO,5,0),VLOOKUP(MTU25,COTAÇÃO,8,0))))","v":"HORA"},0.5,{"$f":"IF(MTX25=\"SINAPI\",VLOOKUP(MTU25,SINAPI,4,0),IF(MTX25=\"SETOP\",VLOOKUP(MTU25,SETOP,5,0),IF(MTX25=\"CPU\",VLOOKUP(MTU25,COMPOSIÇÃO,8,0),VLOOKUP(MTU25,COTAÇÃO,11,0))))","v":19.149999999999999},{"$f":"MTZ25*MUA25","v":9.5749999999999993},"ED-50374",{"$f":"IF(MUF25=\"SINAPI\",VLOOKUP(MUC25,SINAPI,2,0),IF(MUF25=\"SETOP\",VLOOKUP(MUC25,SETOP,3,0),IF(MUF25=\"CPU\",VLOOKUP(MUC25,COMPOSIÇÃO,2,0),VLOOKUP(MUC25,COTAÇÃO,3,0))))","v":"BOMBEIRO/ENCANADOR COM ENCARGOS COMPLEMENTARES"},null,"SETOP",{"$f":"IF(MUF25=\"SINAPI\",VLOOKUP(MUC25,SINAPI,3,0),IF(MUF25=\"SETOP\",VLOOKUP(MUC25,SETOP,4,0),IF(MUF25=\"CPU\",VLOOKUP(MUC25,COMPOSIÇÃO,5,0),VLOOKUP(MUC25,COTAÇÃO,8,0))))","v":"HORA"},0.5,{"$f":"IF(MUF25=\"SINAPI\",VLOOKUP(MUC25,SINAPI,4,0),IF(MUF25=\"SETOP\",VLOOKUP(MUC25,SETOP,5,0),IF(MUF25=\"CPU\",VLOOKUP(MUC25,COMPOSIÇÃO,8,0),VLOOKUP(MUC25,COTAÇÃO,11,0))))","v":19.149999999999999},{"$f":"MUH25*MUI25","v":9.5749999999999993},"ED-50374",{"$f":"IF(MUN25=\"SINAPI\",VLOOKUP(MUK25,SINAPI,2,0),IF(MUN25=\"SETOP\",VLOOKUP(MUK25,SETOP,3,0),IF(MUN25=\"CPU\",VLOOKUP(MUK25,COMPOSIÇÃO,2,0),VLOOKUP(MUK25,COTAÇÃO,3,0))))","v":"BOMBEIRO/ENCANADOR COM ENCARGOS COMPLEMENTARES"},null,"SETOP",{"$f":"IF(MUN25=\"SINAPI\",VLOOKUP(MUK25,SINAPI,3,0),IF(MUN25=\"SETOP\",VLOOKUP(MUK25,SETOP,4,0),IF(MUN25=\"CPU\",VLOOKUP(MUK25,COMPOSIÇÃO,5,0),VLOOKUP(MUK25,COTAÇÃO,8,0))))","v":"HORA"},0.5,{"$f":"IF(MUN25=\"SINAPI\",VLOOKUP(MUK25,SINAPI,4,0),IF(MUN25=\"SETOP\",VLOOKUP(MUK25,SETOP,5,0),IF(MUN25=\"CPU\",VLOOKUP(MUK25,COMPOSIÇÃO,8,0),VLOOKUP(MUK25,COTAÇÃO,11,0))))","v":19.149999999999999},{"$f":"MUP25*MUQ25","v":9.5749999999999993},"ED-50374",{"$f":"IF(MUV25=\"SINAPI\",VLOOKUP(MUS25,SINAPI,2,0),IF(MUV25=\"SETOP\",VLOOKUP(MUS25,SETOP,3,0),IF(MUV25=\"CPU\",VLOOKUP(MUS25,COMPOSIÇÃO,2,0),VLOOKUP(MUS25,COTAÇÃO,3,0))))","v":"BOMBEIRO/ENCANADOR COM ENCARGOS COMPLEMENTARES"},null,"SETOP",{"$f":"IF(MUV25=\"SINAPI\",VLOOKUP(MUS25,SINAPI,3,0),IF(MUV25=\"SETOP\",VLOOKUP(MUS25,SETOP,4,0),IF(MUV25=\"CPU\",VLOOKUP(MUS25,COMPOSIÇÃO,5,0),VLOOKUP(MUS25,COTAÇÃO,8,0))))","v":"HORA"},0.5,{"$f":"IF(MUV25=\"SINAPI\",VLOOKUP(MUS25,SINAPI,4,0),IF(MUV25=\"SETOP\",VLOOKUP(MUS25,SETOP,5,0),IF(MUV25=\"CPU\",VLOOKUP(MUS25,COMPOSIÇÃO,8,0),VLOOKUP(MUS25,COTAÇÃO,11,0))))","v":19.149999999999999},{"$f":"MUX25*MUY25","v":9.5749999999999993},"ED-50374",{"$f":"IF(MVD25=\"SINAPI\",VLOOKUP(MVA25,SINAPI,2,0),IF(MVD25=\"SETOP\",VLOOKUP(MVA25,SETOP,3,0),IF(MVD25=\"CPU\",VLOOKUP(MVA25,COMPOSIÇÃO,2,0),VLOOKUP(MVA25,COTAÇÃO,3,0))))","v":"BOMBEIRO/ENCANADOR COM ENCARGOS COMPLEMENTARES"},null,"SETOP",{"$f":"IF(MVD25=\"SINAPI\",VLOOKUP(MVA25,SINAPI,3,0),IF(MVD25=\"SETOP\",VLOOKUP(MVA25,SETOP,4,0),IF(MVD25=\"CPU\",VLOOKUP(MVA25,COMPOSIÇÃO,5,0),VLOOKUP(MVA25,COTAÇÃO,8,0))))","v":"HORA"},0.5,{"$f":"IF(MVD25=\"SINAPI\",VLOOKUP(MVA25,SINAPI,4,0),IF(MVD25=\"SETOP\",VLOOKUP(MVA25,SETOP,5,0),IF(MVD25=\"CPU\",VLOOKUP(MVA25,COMPOSIÇÃO,8,0),VLOOKUP(MVA25,COTAÇÃO,11,0))))","v":19.149999999999999},{"$f":"MVF25*MVG25","v":9.5749999999999993},"ED-50374",{"$f":"IF(MVL25=\"SINAPI\",VLOOKUP(MVI25,SINAPI,2,0),IF(MVL25=\"SETOP\",VLOOKUP(MVI25,SETOP,3,0),IF(MVL25=\"CPU\",VLOOKUP(MVI25,COMPOSIÇÃO,2,0),VLOOKUP(MVI25,COTAÇÃO,3,0))))","v":"BOMBEIRO/ENCANADOR COM ENCARGOS COMPLEMENTARES"},null,"SETOP",{"$f":"IF(MVL25=\"SINAPI\",VLOOKUP(MVI25,SINAPI,3,0),IF(MVL25=\"SETOP\",VLOOKUP(MVI25,SETOP,4,0),IF(MVL25=\"CPU\",VLOOKUP(MVI25,COMPOSIÇÃO,5,0),VLOOKUP(MVI25,COTAÇÃO,8,0))))","v":"HORA"},0.5,{"$f":"IF(MVL25=\"SINAPI\",VLOOKUP(MVI25,SINAPI,4,0),IF(MVL25=\"SETOP\",VLOOKUP(MVI25,SETOP,5,0),IF(MVL25=\"CPU\",VLOOKUP(MVI25,COMPOSIÇÃO,8,0),VLOOKUP(MVI25,COTAÇÃO,11,0))))","v":19.149999999999999},{"$f":"MVN25*MVO25","v":9.5749999999999993},"ED-50374",{"$f":"IF(MVT25=\"SINAPI\",VLOOKUP(MVQ25,SINAPI,2,0),IF(MVT25=\"SETOP\",VLOOKUP(MVQ25,SETOP,3,0),IF(MVT25=\"CPU\",VLOOKUP(MVQ25,COMPOSIÇÃO,2,0),VLOOKUP(MVQ25,COTAÇÃO,3,0))))","v":"BOMBEIRO/ENCANADOR COM ENCARGOS COMPLEMENTARES"},null,"SETOP",{"$f":"IF(MVT25=\"SINAPI\",VLOOKUP(MVQ25,SINAPI,3,0),IF(MVT25=\"SETOP\",VLOOKUP(MVQ25,SETOP,4,0),IF(MVT25=\"CPU\",VLOOKUP(MVQ25,COMPOSIÇÃO,5,0),VLOOKUP(MVQ25,COTAÇÃO,8,0))))","v":"HORA"},0.5,{"$f":"IF(MVT25=\"SINAPI\",VLOOKUP(MVQ25,SINAPI,4,0),IF(MVT25=\"SETOP\",VLOOKUP(MVQ25,SETOP,5,0),IF(MVT25=\"CPU\",VLOOKUP(MVQ25,COMPOSIÇÃO,8,0),VLOOKUP(MVQ25,COTAÇÃO,11,0))))","v":19.149999999999999},{"$f":"MVV25*MVW25","v":9.5749999999999993},"ED-50374",{"$f":"IF(MWB25=\"SINAPI\",VLOOKUP(MVY25,SINAPI,2,0),IF(MWB25=\"SETOP\",VLOOKUP(MVY25,SETOP,3,0),IF(MWB25=\"CPU\",VLOOKUP(MVY25,COMPOSIÇÃO,2,0),VLOOKUP(MVY25,COTAÇÃO,3,0))))","v":"BOMBEIRO/ENCANADOR COM ENCARGOS COMPLEMENTARES"},null,"SETOP",{"$f":"IF(MWB25=\"SINAPI\",VLOOKUP(MVY25,SINAPI,3,0),IF(MWB25=\"SETOP\",VLOOKUP(MVY25,SETOP,4,0),IF(MWB25=\"CPU\",VLOOKUP(MVY25,COMPOSIÇÃO,5,0),VLOOKUP(MVY25,COTAÇÃO,8,0))))","v":"HORA"},0.5,{"$f":"IF(MWB25=\"SINAPI\",VLOOKUP(MVY25,SINAPI,4,0),IF(MWB25=\"SETOP\",VLOOKUP(MVY25,SETOP,5,0),IF(MWB25=\"CPU\",VLOOKUP(MVY25,COMPOSIÇÃO,8,0),VLOOKUP(MVY25,COTAÇÃO,11,0))))","v":19.149999999999999},{"$f":"MWD25*MWE25","v":9.5749999999999993},"ED-50374",{"$f":"IF(MWJ25=\"SINAPI\",VLOOKUP(MWG25,SINAPI,2,0),IF(MWJ25=\"SETOP\",VLOOKUP(MWG25,SETOP,3,0),IF(MWJ25=\"CPU\",VLOOKUP(MWG25,COMPOSIÇÃO,2,0),VLOOKUP(MWG25,COTAÇÃO,3,0))))","v":"BOMBEIRO/ENCANADOR COM ENCARGOS COMPLEMENTARES"},null,"SETOP",{"$f":"IF(MWJ25=\"SINAPI\",VLOOKUP(MWG25,SINAPI,3,0),IF(MWJ25=\"SETOP\",VLOOKUP(MWG25,SETOP,4,0),IF(MWJ25=\"CPU\",VLOOKUP(MWG25,COMPOSIÇÃO,5,0),VLOOKUP(MWG25,COTAÇÃO,8,0))))","v":"HORA"},0.5,{"$f":"IF(MWJ25=\"SINAPI\",VLOOKUP(MWG25,SINAPI,4,0),IF(MWJ25=\"SETOP\",VLOOKUP(MWG25,SETOP,5,0),IF(MWJ25=\"CPU\",VLOOKUP(MWG25,COMPOSIÇÃO,8,0),VLOOKUP(MWG25,COTAÇÃO,11,0))))","v":19.149999999999999},{"$f":"MWL25*MWM25","v":9.5749999999999993},"ED-50374",{"$f":"IF(MWR25=\"SINAPI\",VLOOKUP(MWO25,SINAPI,2,0),IF(MWR25=\"SETOP\",VLOOKUP(MWO25,SETOP,3,0),IF(MWR25=\"CPU\",VLOOKUP(MWO25,COMPOSIÇÃO,2,0),VLOOKUP(MWO25,COTAÇÃO,3,0))))","v":"BOMBEIRO/ENCANADOR COM ENCARGOS COMPLEMENTARES"},null,"SETOP",{"$f":"IF(MWR25=\"SINAPI\",VLOOKUP(MWO25,SINAPI,3,0),IF(MWR25=\"SETOP\",VLOOKUP(MWO25,SETOP,4,0),IF(MWR25=\"CPU\",VLOOKUP(MWO25,COMPOSIÇÃO,5,0),VLOOKUP(MWO25,COTAÇÃO,8,0))))","v":"HORA"},0.5,{"$f":"IF(MWR25=\"SINAPI\",VLOOKUP(MWO25,SINAPI,4,0),IF(MWR25=\"SETOP\",VLOOKUP(MWO25,SETOP,5,0),IF(MWR25=\"CPU\",VLOOKUP(MWO25,COMPOSIÇÃO,8,0),VLOOKUP(MWO25,COTAÇÃO,11,0))))","v":19.149999999999999},{"$f":"MWT25*MWU25","v":9.5749999999999993},"ED-50374",{"$f":"IF(MWZ25=\"SINAPI\",VLOOKUP(MWW25,SINAPI,2,0),IF(MWZ25=\"SETOP\",VLOOKUP(MWW25,SETOP,3,0),IF(MWZ25=\"CPU\",VLOOKUP(MWW25,COMPOSIÇÃO,2,0),VLOOKUP(MWW25,COTAÇÃO,3,0))))","v":"BOMBEIRO/ENCANADOR COM ENCARGOS COMPLEMENTARES"},null,"SETOP",{"$f":"IF(MWZ25=\"SINAPI\",VLOOKUP(MWW25,SINAPI,3,0),IF(MWZ25=\"SETOP\",VLOOKUP(MWW25,SETOP,4,0),IF(MWZ25=\"CPU\",VLOOKUP(MWW25,COMPOSIÇÃO,5,0),VLOOKUP(MWW25,COTAÇÃO,8,0))))","v":"HORA"},0.5,{"$f":"IF(MWZ25=\"SINAPI\",VLOOKUP(MWW25,SINAPI,4,0),IF(MWZ25=\"SETOP\",VLOOKUP(MWW25,SETOP,5,0),IF(MWZ25=\"CPU\",VLOOKUP(MWW25,COMPOSIÇÃO,8,0),VLOOKUP(MWW25,COTAÇÃO,11,0))))","v":19.149999999999999},{"$f":"MXB25*MXC25","v":9.5749999999999993},"ED-50374",{"$f":"IF(MXH25=\"SINAPI\",VLOOKUP(MXE25,SINAPI,2,0),IF(MXH25=\"SETOP\",VLOOKUP(MXE25,SETOP,3,0),IF(MXH25=\"CPU\",VLOOKUP(MXE25,COMPOSIÇÃO,2,0),VLOOKUP(MXE25,COTAÇÃO,3,0))))","v":"BOMBEIRO/ENCANADOR COM ENCARGOS COMPLEMENTARES"},null,"SETOP",{"$f":"IF(MXH25=\"SINAPI\",VLOOKUP(MXE25,SINAPI,3,0),IF(MXH25=\"SETOP\",VLOOKUP(MXE25,SETOP,4,0),IF(MXH25=\"CPU\",VLOOKUP(MXE25,COMPOSIÇÃO,5,0),VLOOKUP(MXE25,COTAÇÃO,8,0))))","v":"HORA"},0.5,{"$f":"IF(MXH25=\"SINAPI\",VLOOKUP(MXE25,SINAPI,4,0),IF(MXH25=\"SETOP\",VLOOKUP(MXE25,SETOP,5,0),IF(MXH25=\"CPU\",VLOOKUP(MXE25,COMPOSIÇÃO,8,0),VLOOKUP(MXE25,COTAÇÃO,11,0))))","v":19.149999999999999},{"$f":"MXJ25*MXK25","v":9.5749999999999993},"ED-50374",{"$f":"IF(MXP25=\"SINAPI\",VLOOKUP(MXM25,SINAPI,2,0),IF(MXP25=\"SETOP\",VLOOKUP(MXM25,SETOP,3,0),IF(MXP25=\"CPU\",VLOOKUP(MXM25,COMPOSIÇÃO,2,0),VLOOKUP(MXM25,COTAÇÃO,3,0))))","v":"BOMBEIRO/ENCANADOR COM ENCARGOS COMPLEMENTARES"},null,"SETOP",{"$f":"IF(MXP25=\"SINAPI\",VLOOKUP(MXM25,SINAPI,3,0),IF(MXP25=\"SETOP\",VLOOKUP(MXM25,SETOP,4,0),IF(MXP25=\"CPU\",VLOOKUP(MXM25,COMPOSIÇÃO,5,0),VLOOKUP(MXM25,COTAÇÃO,8,0))))","v":"HORA"},0.5,{"$f":"IF(MXP25=\"SINAPI\",VLOOKUP(MXM25,SINAPI,4,0),IF(MXP25=\"SETOP\",VLOOKUP(MXM25,SETOP,5,0),IF(MXP25=\"CPU\",VLOOKUP(MXM25,COMPOSIÇÃO,8,0),VLOOKUP(MXM25,COTAÇÃO,11,0))))","v":19.149999999999999},{"$f":"MXR25*MXS25","v":9.5749999999999993},"ED-50374",{"$f":"IF(MXX25=\"SINAPI\",VLOOKUP(MXU25,SINAPI,2,0),IF(MXX25=\"SETOP\",VLOOKUP(MXU25,SETOP,3,0),IF(MXX25=\"CPU\",VLOOKUP(MXU25,COMPOSIÇÃO,2,0),VLOOKUP(MXU25,COTAÇÃO,3,0))))","v":"BOMBEIRO/ENCANADOR COM ENCARGOS COMPLEMENTARES"},null,"SETOP",{"$f":"IF(MXX25=\"SINAPI\",VLOOKUP(MXU25,SINAPI,3,0),IF(MXX25=\"SETOP\",VLOOKUP(MXU25,SETOP,4,0),IF(MXX25=\"CPU\",VLOOKUP(MXU25,COMPOSIÇÃO,5,0),VLOOKUP(MXU25,COTAÇÃO,8,0))))","v":"HORA"},0.5,{"$f":"IF(MXX25=\"SINAPI\",VLOOKUP(MXU25,SINAPI,4,0),IF(MXX25=\"SETOP\",VLOOKUP(MXU25,SETOP,5,0),IF(MXX25=\"CPU\",VLOOKUP(MXU25,COMPOSIÇÃO,8,0),VLOOKUP(MXU25,COTAÇÃO,11,0))))","v":19.149999999999999},{"$f":"MXZ25*MYA25","v":9.5749999999999993},"ED-50374",{"$f":"IF(MYF25=\"SINAPI\",VLOOKUP(MYC25,SINAPI,2,0),IF(MYF25=\"SETOP\",VLOOKUP(MYC25,SETOP,3,0),IF(MYF25=\"CPU\",VLOOKUP(MYC25,COMPOSIÇÃO,2,0),VLOOKUP(MYC25,COTAÇÃO,3,0))))","v":"BOMBEIRO/ENCANADOR COM ENCARGOS COMPLEMENTARES"},null,"SETOP",{"$f":"IF(MYF25=\"SINAPI\",VLOOKUP(MYC25,SINAPI,3,0),IF(MYF25=\"SETOP\",VLOOKUP(MYC25,SETOP,4,0),IF(MYF25=\"CPU\",VLOOKUP(MYC25,COMPOSIÇÃO,5,0),VLOOKUP(MYC25,COTAÇÃO,8,0))))","v":"HORA"},0.5,{"$f":"IF(MYF25=\"SINAPI\",VLOOKUP(MYC25,SINAPI,4,0),IF(MYF25=\"SETOP\",VLOOKUP(MYC25,SETOP,5,0),IF(MYF25=\"CPU\",VLOOKUP(MYC25,COMPOSIÇÃO,8,0),VLOOKUP(MYC25,COTAÇÃO,11,0))))","v":19.149999999999999},{"$f":"MYH25*MYI25","v":9.5749999999999993},"ED-50374",{"$f":"IF(MYN25=\"SINAPI\",VLOOKUP(MYK25,SINAPI,2,0),IF(MYN25=\"SETOP\",VLOOKUP(MYK25,SETOP,3,0),IF(MYN25=\"CPU\",VLOOKUP(MYK25,COMPOSIÇÃO,2,0),VLOOKUP(MYK25,COTAÇÃO,3,0))))","v":"BOMBEIRO/ENCANADOR COM ENCARGOS COMPLEMENTARES"},null,"SETOP",{"$f":"IF(MYN25=\"SINAPI\",VLOOKUP(MYK25,SINAPI,3,0),IF(MYN25=\"SETOP\",VLOOKUP(MYK25,SETOP,4,0),IF(MYN25=\"CPU\",VLOOKUP(MYK25,COMPOSIÇÃO,5,0),VLOOKUP(MYK25,COTAÇÃO,8,0))))","v":"HORA"},0.5,{"$f":"IF(MYN25=\"SINAPI\",VLOOKUP(MYK25,SINAPI,4,0),IF(MYN25=\"SETOP\",VLOOKUP(MYK25,SETOP,5,0),IF(MYN25=\"CPU\",VLOOKUP(MYK25,COMPOSIÇÃO,8,0),VLOOKUP(MYK25,COTAÇÃO,11,0))))","v":19.149999999999999},{"$f":"MYP25*MYQ25","v":9.5749999999999993},"ED-50374",{"$f":"IF(MYV25=\"SINAPI\",VLOOKUP(MYS25,SINAPI,2,0),IF(MYV25=\"SETOP\",VLOOKUP(MYS25,SETOP,3,0),IF(MYV25=\"CPU\",VLOOKUP(MYS25,COMPOSIÇÃO,2,0),VLOOKUP(MYS25,COTAÇÃO,3,0))))","v":"BOMBEIRO/ENCANADOR COM ENCARGOS COMPLEMENTARES"},null,"SETOP",{"$f":"IF(MYV25=\"SINAPI\",VLOOKUP(MYS25,SINAPI,3,0),IF(MYV25=\"SETOP\",VLOOKUP(MYS25,SETOP,4,0),IF(MYV25=\"CPU\",VLOOKUP(MYS25,COMPOSIÇÃO,5,0),VLOOKUP(MYS25,COTAÇÃO,8,0))))","v":"HORA"},0.5,{"$f":"IF(MYV25=\"SINAPI\",VLOOKUP(MYS25,SINAPI,4,0),IF(MYV25=\"SETOP\",VLOOKUP(MYS25,SETOP,5,0),IF(MYV25=\"CPU\",VLOOKUP(MYS25,COMPOSIÇÃO,8,0),VLOOKUP(MYS25,COTAÇÃO,11,0))))","v":19.149999999999999},{"$f":"MYX25*MYY25","v":9.5749999999999993},"ED-50374",{"$f":"IF(MZD25=\"SINAPI\",VLOOKUP(MZA25,SINAPI,2,0),IF(MZD25=\"SETOP\",VLOOKUP(MZA25,SETOP,3,0),IF(MZD25=\"CPU\",VLOOKUP(MZA25,COMPOSIÇÃO,2,0),VLOOKUP(MZA25,COTAÇÃO,3,0))))","v":"BOMBEIRO/ENCANADOR COM ENCARGOS COMPLEMENTARES"},null,"SETOP",{"$f":"IF(MZD25=\"SINAPI\",VLOOKUP(MZA25,SINAPI,3,0),IF(MZD25=\"SETOP\",VLOOKUP(MZA25,SETOP,4,0),IF(MZD25=\"CPU\",VLOOKUP(MZA25,COMPOSIÇÃO,5,0),VLOOKUP(MZA25,COTAÇÃO,8,0))))","v":"HORA"},0.5,{"$f":"IF(MZD25=\"SINAPI\",VLOOKUP(MZA25,SINAPI,4,0),IF(MZD25=\"SETOP\",VLOOKUP(MZA25,SETOP,5,0),IF(MZD25=\"CPU\",VLOOKUP(MZA25,COMPOSIÇÃO,8,0),VLOOKUP(MZA25,COTAÇÃO,11,0))))","v":19.149999999999999},{"$f":"MZF25*MZG25","v":9.5749999999999993},"ED-50374",{"$f":"IF(MZL25=\"SINAPI\",VLOOKUP(MZI25,SINAPI,2,0),IF(MZL25=\"SETOP\",VLOOKUP(MZI25,SETOP,3,0),IF(MZL25=\"CPU\",VLOOKUP(MZI25,COMPOSIÇÃO,2,0),VLOOKUP(MZI25,COTAÇÃO,3,0))))","v":"BOMBEIRO/ENCANADOR COM ENCARGOS COMPLEMENTARES"},null,"SETOP",{"$f":"IF(MZL25=\"SINAPI\",VLOOKUP(MZI25,SINAPI,3,0),IF(MZL25=\"SETOP\",VLOOKUP(MZI25,SETOP,4,0),IF(MZL25=\"CPU\",VLOOKUP(MZI25,COMPOSIÇÃO,5,0),VLOOKUP(MZI25,COTAÇÃO,8,0))))","v":"HORA"},0.5,{"$f":"IF(MZL25=\"SINAPI\",VLOOKUP(MZI25,SINAPI,4,0),IF(MZL25=\"SETOP\",VLOOKUP(MZI25,SETOP,5,0),IF(MZL25=\"CPU\",VLOOKUP(MZI25,COMPOSIÇÃO,8,0),VLOOKUP(MZI25,COTAÇÃO,11,0))))","v":19.149999999999999},{"$f":"MZN25*MZO25","v":9.5749999999999993},"ED-50374",{"$f":"IF(MZT25=\"SINAPI\",VLOOKUP(MZQ25,SINAPI,2,0),IF(MZT25=\"SETOP\",VLOOKUP(MZQ25,SETOP,3,0),IF(MZT25=\"CPU\",VLOOKUP(MZQ25,COMPOSIÇÃO,2,0),VLOOKUP(MZQ25,COTAÇÃO,3,0))))","v":"BOMBEIRO/ENCANADOR COM ENCARGOS COMPLEMENTARES"},null,"SETOP",{"$f":"IF(MZT25=\"SINAPI\",VLOOKUP(MZQ25,SINAPI,3,0),IF(MZT25=\"SETOP\",VLOOKUP(MZQ25,SETOP,4,0),IF(MZT25=\"CPU\",VLOOKUP(MZQ25,COMPOSIÇÃO,5,0),VLOOKUP(MZQ25,COTAÇÃO,8,0))))","v":"HORA"},0.5,{"$f":"IF(MZT25=\"SINAPI\",VLOOKUP(MZQ25,SINAPI,4,0),IF(MZT25=\"SETOP\",VLOOKUP(MZQ25,SETOP,5,0),IF(MZT25=\"CPU\",VLOOKUP(MZQ25,COMPOSIÇÃO,8,0),VLOOKUP(MZQ25,COTAÇÃO,11,0))))","v":19.149999999999999},{"$f":"MZV25*MZW25","v":9.5749999999999993},"ED-50374",{"$f":"IF(NAB25=\"SINAPI\",VLOOKUP(MZY25,SINAPI,2,0),IF(NAB25=\"SETOP\",VLOOKUP(MZY25,SETOP,3,0),IF(NAB25=\"CPU\",VLOOKUP(MZY25,COMPOSIÇÃO,2,0),VLOOKUP(MZY25,COTAÇÃO,3,0))))","v":"BOMBEIRO/ENCANADOR COM ENCARGOS COMPLEMENTARES"},null,"SETOP",{"$f":"IF(NAB25=\"SINAPI\",VLOOKUP(MZY25,SINAPI,3,0),IF(NAB25=\"SETOP\",VLOOKUP(MZY25,SETOP,4,0),IF(NAB25=\"CPU\",VLOOKUP(MZY25,COMPOSIÇÃO,5,0),VLOOKUP(MZY25,COTAÇÃO,8,0))))","v":"HORA"},0.5,{"$f":"IF(NAB25=\"SINAPI\",VLOOKUP(MZY25,SINAPI,4,0),IF(NAB25=\"SETOP\",VLOOKUP(MZY25,SETOP,5,0),IF(NAB25=\"CPU\",VLOOKUP(MZY25,COMPOSIÇÃO,8,0),VLOOKUP(MZY25,COTAÇÃO,11,0))))","v":19.149999999999999},{"$f":"NAD25*NAE25","v":9.5749999999999993},"ED-50374",{"$f":"IF(NAJ25=\"SINAPI\",VLOOKUP(NAG25,SINAPI,2,0),IF(NAJ25=\"SETOP\",VLOOKUP(NAG25,SETOP,3,0),IF(NAJ25=\"CPU\",VLOOKUP(NAG25,COMPOSIÇÃO,2,0),VLOOKUP(NAG25,COTAÇÃO,3,0))))","v":"BOMBEIRO/ENCANADOR COM ENCARGOS COMPLEMENTARES"},null,"SETOP",{"$f":"IF(NAJ25=\"SINAPI\",VLOOKUP(NAG25,SINAPI,3,0),IF(NAJ25=\"SETOP\",VLOOKUP(NAG25,SETOP,4,0),IF(NAJ25=\"CPU\",VLOOKUP(NAG25,COMPOSIÇÃO,5,0),VLOOKUP(NAG25,COTAÇÃO,8,0))))","v":"HORA"},0.5,{"$f":"IF(NAJ25=\"SINAPI\",VLOOKUP(NAG25,SINAPI,4,0),IF(NAJ25=\"SETOP\",VLOOKUP(NAG25,SETOP,5,0),IF(NAJ25=\"CPU\",VLOOKUP(NAG25,COMPOSIÇÃO,8,0),VLOOKUP(NAG25,COTAÇÃO,11,0))))","v":19.149999999999999},{"$f":"NAL25*NAM25","v":9.5749999999999993},"ED-50374",{"$f":"IF(NAR25=\"SINAPI\",VLOOKUP(NAO25,SINAPI,2,0),IF(NAR25=\"SETOP\",VLOOKUP(NAO25,SETOP,3,0),IF(NAR25=\"CPU\",VLOOKUP(NAO25,COMPOSIÇÃO,2,0),VLOOKUP(NAO25,COTAÇÃO,3,0))))","v":"BOMBEIRO/ENCANADOR COM ENCARGOS COMPLEMENTARES"},null,"SETOP",{"$f":"IF(NAR25=\"SINAPI\",VLOOKUP(NAO25,SINAPI,3,0),IF(NAR25=\"SETOP\",VLOOKUP(NAO25,SETOP,4,0),IF(NAR25=\"CPU\",VLOOKUP(NAO25,COMPOSIÇÃO,5,0),VLOOKUP(NAO25,COTAÇÃO,8,0))))","v":"HORA"},0.5,{"$f":"IF(NAR25=\"SINAPI\",VLOOKUP(NAO25,SINAPI,4,0),IF(NAR25=\"SETOP\",VLOOKUP(NAO25,SETOP,5,0),IF(NAR25=\"CPU\",VLOOKUP(NAO25,COMPOSIÇÃO,8,0),VLOOKUP(NAO25,COTAÇÃO,11,0))))","v":19.149999999999999},{"$f":"NAT25*NAU25","v":9.5749999999999993},"ED-50374",{"$f":"IF(NAZ25=\"SINAPI\",VLOOKUP(NAW25,SINAPI,2,0),IF(NAZ25=\"SETOP\",VLOOKUP(NAW25,SETOP,3,0),IF(NAZ25=\"CPU\",VLOOKUP(NAW25,COMPOSIÇÃO,2,0),VLOOKUP(NAW25,COTAÇÃO,3,0))))","v":"BOMBEIRO/ENCANADOR COM ENCARGOS COMPLEMENTARES"},null,"SETOP",{"$f":"IF(NAZ25=\"SINAPI\",VLOOKUP(NAW25,SINAPI,3,0),IF(NAZ25=\"SETOP\",VLOOKUP(NAW25,SETOP,4,0),IF(NAZ25=\"CPU\",VLOOKUP(NAW25,COMPOSIÇÃO,5,0),VLOOKUP(NAW25,COTAÇÃO,8,0))))","v":"HORA"},0.5,{"$f":"IF(NAZ25=\"SINAPI\",VLOOKUP(NAW25,SINAPI,4,0),IF(NAZ25=\"SETOP\",VLOOKUP(NAW25,SETOP,5,0),IF(NAZ25=\"CPU\",VLOOKUP(NAW25,COMPOSIÇÃO,8,0),VLOOKUP(NAW25,COTAÇÃO,11,0))))","v":19.149999999999999},{"$f":"NBB25*NBC25","v":9.5749999999999993},"ED-50374",{"$f":"IF(NBH25=\"SINAPI\",VLOOKUP(NBE25,SINAPI,2,0),IF(NBH25=\"SETOP\",VLOOKUP(NBE25,SETOP,3,0),IF(NBH25=\"CPU\",VLOOKUP(NBE25,COMPOSIÇÃO,2,0),VLOOKUP(NBE25,COTAÇÃO,3,0))))","v":"BOMBEIRO/ENCANADOR COM ENCARGOS COMPLEMENTARES"},null,"SETOP",{"$f":"IF(NBH25=\"SINAPI\",VLOOKUP(NBE25,SINAPI,3,0),IF(NBH25=\"SETOP\",VLOOKUP(NBE25,SETOP,4,0),IF(NBH25=\"CPU\",VLOOKUP(NBE25,COMPOSIÇÃO,5,0),VLOOKUP(NBE25,COTAÇÃO,8,0))))","v":"HORA"},0.5,{"$f":"IF(NBH25=\"SINAPI\",VLOOKUP(NBE25,SINAPI,4,0),IF(NBH25=\"SETOP\",VLOOKUP(NBE25,SETOP,5,0),IF(NBH25=\"CPU\",VLOOKUP(NBE25,COMPOSIÇÃO,8,0),VLOOKUP(NBE25,COTAÇÃO,11,0))))","v":19.149999999999999},{"$f":"NBJ25*NBK25","v":9.5749999999999993},"ED-50374",{"$f":"IF(NBP25=\"SINAPI\",VLOOKUP(NBM25,SINAPI,2,0),IF(NBP25=\"SETOP\",VLOOKUP(NBM25,SETOP,3,0),IF(NBP25=\"CPU\",VLOOKUP(NBM25,COMPOSIÇÃO,2,0),VLOOKUP(NBM25,COTAÇÃO,3,0))))","v":"BOMBEIRO/ENCANADOR COM ENCARGOS COMPLEMENTARES"},null,"SETOP",{"$f":"IF(NBP25=\"SINAPI\",VLOOKUP(NBM25,SINAPI,3,0),IF(NBP25=\"SETOP\",VLOOKUP(NBM25,SETOP,4,0),IF(NBP25=\"CPU\",VLOOKUP(NBM25,COMPOSIÇÃO,5,0),VLOOKUP(NBM25,COTAÇÃO,8,0))))","v":"HORA"},0.5,{"$f":"IF(NBP25=\"SINAPI\",VLOOKUP(NBM25,SINAPI,4,0),IF(NBP25=\"SETOP\",VLOOKUP(NBM25,SETOP,5,0),IF(NBP25=\"CPU\",VLOOKUP(NBM25,COMPOSIÇÃO,8,0),VLOOKUP(NBM25,COTAÇÃO,11,0))))","v":19.149999999999999},{"$f":"NBR25*NBS25","v":9.5749999999999993},"ED-50374",{"$f":"IF(NBX25=\"SINAPI\",VLOOKUP(NBU25,SINAPI,2,0),IF(NBX25=\"SETOP\",VLOOKUP(NBU25,SETOP,3,0),IF(NBX25=\"CPU\",VLOOKUP(NBU25,COMPOSIÇÃO,2,0),VLOOKUP(NBU25,COTAÇÃO,3,0))))","v":"BOMBEIRO/ENCANADOR COM ENCARGOS COMPLEMENTARES"},null,"SETOP",{"$f":"IF(NBX25=\"SINAPI\",VLOOKUP(NBU25,SINAPI,3,0),IF(NBX25=\"SETOP\",VLOOKUP(NBU25,SETOP,4,0),IF(NBX25=\"CPU\",VLOOKUP(NBU25,COMPOSIÇÃO,5,0),VLOOKUP(NBU25,COTAÇÃO,8,0))))","v":"HORA"},0.5,{"$f":"IF(NBX25=\"SINAPI\",VLOOKUP(NBU25,SINAPI,4,0),IF(NBX25=\"SETOP\",VLOOKUP(NBU25,SETOP,5,0),IF(NBX25=\"CPU\",VLOOKUP(NBU25,COMPOSIÇÃO,8,0),VLOOKUP(NBU25,COTAÇÃO,11,0))))","v":19.149999999999999},{"$f":"NBZ25*NCA25","v":9.5749999999999993},"ED-50374",{"$f":"IF(NCF25=\"SINAPI\",VLOOKUP(NCC25,SINAPI,2,0),IF(NCF25=\"SETOP\",VLOOKUP(NCC25,SETOP,3,0),IF(NCF25=\"CPU\",VLOOKUP(NCC25,COMPOSIÇÃO,2,0),VLOOKUP(NCC25,COTAÇÃO,3,0))))","v":"BOMBEIRO/ENCANADOR COM ENCARGOS COMPLEMENTARES"},null,"SETOP",{"$f":"IF(NCF25=\"SINAPI\",VLOOKUP(NCC25,SINAPI,3,0),IF(NCF25=\"SETOP\",VLOOKUP(NCC25,SETOP,4,0),IF(NCF25=\"CPU\",VLOOKUP(NCC25,COMPOSIÇÃO,5,0),VLOOKUP(NCC25,COTAÇÃO,8,0))))","v":"HORA"},0.5,{"$f":"IF(NCF25=\"SINAPI\",VLOOKUP(NCC25,SINAPI,4,0),IF(NCF25=\"SETOP\",VLOOKUP(NCC25,SETOP,5,0),IF(NCF25=\"CPU\",VLOOKUP(NCC25,COMPOSIÇÃO,8,0),VLOOKUP(NCC25,COTAÇÃO,11,0))))","v":19.149999999999999},{"$f":"NCH25*NCI25","v":9.5749999999999993},"ED-50374",{"$f":"IF(NCN25=\"SINAPI\",VLOOKUP(NCK25,SINAPI,2,0),IF(NCN25=\"SETOP\",VLOOKUP(NCK25,SETOP,3,0),IF(NCN25=\"CPU\",VLOOKUP(NCK25,COMPOSIÇÃO,2,0),VLOOKUP(NCK25,COTAÇÃO,3,0))))","v":"BOMBEIRO/ENCANADOR COM ENCARGOS COMPLEMENTARES"},null,"SETOP",{"$f":"IF(NCN25=\"SINAPI\",VLOOKUP(NCK25,SINAPI,3,0),IF(NCN25=\"SETOP\",VLOOKUP(NCK25,SETOP,4,0),IF(NCN25=\"CPU\",VLOOKUP(NCK25,COMPOSIÇÃO,5,0),VLOOKUP(NCK25,COTAÇÃO,8,0))))","v":"HORA"},0.5,{"$f":"IF(NCN25=\"SINAPI\",VLOOKUP(NCK25,SINAPI,4,0),IF(NCN25=\"SETOP\",VLOOKUP(NCK25,SETOP,5,0),IF(NCN25=\"CPU\",VLOOKUP(NCK25,COMPOSIÇÃO,8,0),VLOOKUP(NCK25,COTAÇÃO,11,0))))","v":19.149999999999999},{"$f":"NCP25*NCQ25","v":9.5749999999999993},"ED-50374",{"$f":"IF(NCV25=\"SINAPI\",VLOOKUP(NCS25,SINAPI,2,0),IF(NCV25=\"SETOP\",VLOOKUP(NCS25,SETOP,3,0),IF(NCV25=\"CPU\",VLOOKUP(NCS25,COMPOSIÇÃO,2,0),VLOOKUP(NCS25,COTAÇÃO,3,0))))","v":"BOMBEIRO/ENCANADOR COM ENCARGOS COMPLEMENTARES"},null,"SETOP",{"$f":"IF(NCV25=\"SINAPI\",VLOOKUP(NCS25,SINAPI,3,0),IF(NCV25=\"SETOP\",VLOOKUP(NCS25,SETOP,4,0),IF(NCV25=\"CPU\",VLOOKUP(NCS25,COMPOSIÇÃO,5,0),VLOOKUP(NCS25,COTAÇÃO,8,0))))","v":"HORA"},0.5,{"$f":"IF(NCV25=\"SINAPI\",VLOOKUP(NCS25,SINAPI,4,0),IF(NCV25=\"SETOP\",VLOOKUP(NCS25,SETOP,5,0),IF(NCV25=\"CPU\",VLOOKUP(NCS25,COMPOSIÇÃO,8,0),VLOOKUP(NCS25,COTAÇÃO,11,0))))","v":19.149999999999999},{"$f":"NCX25*NCY25","v":9.5749999999999993},"ED-50374",{"$f":"IF(NDD25=\"SINAPI\",VLOOKUP(NDA25,SINAPI,2,0),IF(NDD25=\"SETOP\",VLOOKUP(NDA25,SETOP,3,0),IF(NDD25=\"CPU\",VLOOKUP(NDA25,COMPOSIÇÃO,2,0),VLOOKUP(NDA25,COTAÇÃO,3,0))))","v":"BOMBEIRO/ENCANADOR COM ENCARGOS COMPLEMENTARES"},null,"SETOP",{"$f":"IF(NDD25=\"SINAPI\",VLOOKUP(NDA25,SINAPI,3,0),IF(NDD25=\"SETOP\",VLOOKUP(NDA25,SETOP,4,0),IF(NDD25=\"CPU\",VLOOKUP(NDA25,COMPOSIÇÃO,5,0),VLOOKUP(NDA25,COTAÇÃO,8,0))))","v":"HORA"},0.5,{"$f":"IF(NDD25=\"SINAPI\",VLOOKUP(NDA25,SINAPI,4,0),IF(NDD25=\"SETOP\",VLOOKUP(NDA25,SETOP,5,0),IF(NDD25=\"CPU\",VLOOKUP(NDA25,COMPOSIÇÃO,8,0),VLOOKUP(NDA25,COTAÇÃO,11,0))))","v":19.149999999999999},{"$f":"NDF25*NDG25","v":9.5749999999999993},"ED-50374",{"$f":"IF(NDL25=\"SINAPI\",VLOOKUP(NDI25,SINAPI,2,0),IF(NDL25=\"SETOP\",VLOOKUP(NDI25,SETOP,3,0),IF(NDL25=\"CPU\",VLOOKUP(NDI25,COMPOSIÇÃO,2,0),VLOOKUP(NDI25,COTAÇÃO,3,0))))","v":"BOMBEIRO/ENCANADOR COM ENCARGOS COMPLEMENTARES"},null,"SETOP",{"$f":"IF(NDL25=\"SINAPI\",VLOOKUP(NDI25,SINAPI,3,0),IF(NDL25=\"SETOP\",VLOOKUP(NDI25,SETOP,4,0),IF(NDL25=\"CPU\",VLOOKUP(NDI25,COMPOSIÇÃO,5,0),VLOOKUP(NDI25,COTAÇÃO,8,0))))","v":"HORA"},0.5,{"$f":"IF(NDL25=\"SINAPI\",VLOOKUP(NDI25,SINAPI,4,0),IF(NDL25=\"SETOP\",VLOOKUP(NDI25,SETOP,5,0),IF(NDL25=\"CPU\",VLOOKUP(NDI25,COMPOSIÇÃO,8,0),VLOOKUP(NDI25,COTAÇÃO,11,0))))","v":19.149999999999999},{"$f":"NDN25*NDO25","v":9.5749999999999993},"ED-50374",{"$f":"IF(NDT25=\"SINAPI\",VLOOKUP(NDQ25,SINAPI,2,0),IF(NDT25=\"SETOP\",VLOOKUP(NDQ25,SETOP,3,0),IF(NDT25=\"CPU\",VLOOKUP(NDQ25,COMPOSIÇÃO,2,0),VLOOKUP(NDQ25,COTAÇÃO,3,0))))","v":"BOMBEIRO/ENCANADOR COM ENCARGOS COMPLEMENTARES"},null,"SETOP",{"$f":"IF(NDT25=\"SINAPI\",VLOOKUP(NDQ25,SINAPI,3,0),IF(NDT25=\"SETOP\",VLOOKUP(NDQ25,SETOP,4,0),IF(NDT25=\"CPU\",VLOOKUP(NDQ25,COMPOSIÇÃO,5,0),VLOOKUP(NDQ25,COTAÇÃO,8,0))))","v":"HORA"},0.5,{"$f":"IF(NDT25=\"SINAPI\",VLOOKUP(NDQ25,SINAPI,4,0),IF(NDT25=\"SETOP\",VLOOKUP(NDQ25,SETOP,5,0),IF(NDT25=\"CPU\",VLOOKUP(NDQ25,COMPOSIÇÃO,8,0),VLOOKUP(NDQ25,COTAÇÃO,11,0))))","v":19.149999999999999},{"$f":"NDV25*NDW25","v":9.5749999999999993},"ED-50374",{"$f":"IF(NEB25=\"SINAPI\",VLOOKUP(NDY25,SINAPI,2,0),IF(NEB25=\"SETOP\",VLOOKUP(NDY25,SETOP,3,0),IF(NEB25=\"CPU\",VLOOKUP(NDY25,COMPOSIÇÃO,2,0),VLOOKUP(NDY25,COTAÇÃO,3,0))))","v":"BOMBEIRO/ENCANADOR COM ENCARGOS COMPLEMENTARES"},null,"SETOP",{"$f":"IF(NEB25=\"SINAPI\",VLOOKUP(NDY25,SINAPI,3,0),IF(NEB25=\"SETOP\",VLOOKUP(NDY25,SETOP,4,0),IF(NEB25=\"CPU\",VLOOKUP(NDY25,COMPOSIÇÃO,5,0),VLOOKUP(NDY25,COTAÇÃO,8,0))))","v":"HORA"},0.5,{"$f":"IF(NEB25=\"SINAPI\",VLOOKUP(NDY25,SINAPI,4,0),IF(NEB25=\"SETOP\",VLOOKUP(NDY25,SETOP,5,0),IF(NEB25=\"CPU\",VLOOKUP(NDY25,COMPOSIÇÃO,8,0),VLOOKUP(NDY25,COTAÇÃO,11,0))))","v":19.149999999999999},{"$f":"NED25*NEE25","v":9.5749999999999993},"ED-50374",{"$f":"IF(NEJ25=\"SINAPI\",VLOOKUP(NEG25,SINAPI,2,0),IF(NEJ25=\"SETOP\",VLOOKUP(NEG25,SETOP,3,0),IF(NEJ25=\"CPU\",VLOOKUP(NEG25,COMPOSIÇÃO,2,0),VLOOKUP(NEG25,COTAÇÃO,3,0))))","v":"BOMBEIRO/ENCANADOR COM ENCARGOS COMPLEMENTARES"},null,"SETOP",{"$f":"IF(NEJ25=\"SINAPI\",VLOOKUP(NEG25,SINAPI,3,0),IF(NEJ25=\"SETOP\",VLOOKUP(NEG25,SETOP,4,0),IF(NEJ25=\"CPU\",VLOOKUP(NEG25,COMPOSIÇÃO,5,0),VLOOKUP(NEG25,COTAÇÃO,8,0))))","v":"HORA"},0.5,{"$f":"IF(NEJ25=\"SINAPI\",VLOOKUP(NEG25,SINAPI,4,0),IF(NEJ25=\"SETOP\",VLOOKUP(NEG25,SETOP,5,0),IF(NEJ25=\"CPU\",VLOOKUP(NEG25,COMPOSIÇÃO,8,0),VLOOKUP(NEG25,COTAÇÃO,11,0))))","v":19.149999999999999},{"$f":"NEL25*NEM25","v":9.5749999999999993},"ED-50374",{"$f":"IF(NER25=\"SINAPI\",VLOOKUP(NEO25,SINAPI,2,0),IF(NER25=\"SETOP\",VLOOKUP(NEO25,SETOP,3,0),IF(NER25=\"CPU\",VLOOKUP(NEO25,COMPOSIÇÃO,2,0),VLOOKUP(NEO25,COTAÇÃO,3,0))))","v":"BOMBEIRO/ENCANADOR COM ENCARGOS COMPLEMENTARES"},null,"SETOP",{"$f":"IF(NER25=\"SINAPI\",VLOOKUP(NEO25,SINAPI,3,0),IF(NER25=\"SETOP\",VLOOKUP(NEO25,SETOP,4,0),IF(NER25=\"CPU\",VLOOKUP(NEO25,COMPOSIÇÃO,5,0),VLOOKUP(NEO25,COTAÇÃO,8,0))))","v":"HORA"},0.5,{"$f":"IF(NER25=\"SINAPI\",VLOOKUP(NEO25,SINAPI,4,0),IF(NER25=\"SETOP\",VLOOKUP(NEO25,SETOP,5,0),IF(NER25=\"CPU\",VLOOKUP(NEO25,COMPOSIÇÃO,8,0),VLOOKUP(NEO25,COTAÇÃO,11,0))))","v":19.149999999999999},{"$f":"NET25*NEU25","v":9.5749999999999993},"ED-50374",{"$f":"IF(NEZ25=\"SINAPI\",VLOOKUP(NEW25,SINAPI,2,0),IF(NEZ25=\"SETOP\",VLOOKUP(NEW25,SETOP,3,0),IF(NEZ25=\"CPU\",VLOOKUP(NEW25,COMPOSIÇÃO,2,0),VLOOKUP(NEW25,COTAÇÃO,3,0))))","v":"BOMBEIRO/ENCANADOR COM ENCARGOS COMPLEMENTARES"},null,"SETOP",{"$f":"IF(NEZ25=\"SINAPI\",VLOOKUP(NEW25,SINAPI,3,0),IF(NEZ25=\"SETOP\",VLOOKUP(NEW25,SETOP,4,0),IF(NEZ25=\"CPU\",VLOOKUP(NEW25,COMPOSIÇÃO,5,0),VLOOKUP(NEW25,COTAÇÃO,8,0))))","v":"HORA"},0.5,{"$f":"IF(NEZ25=\"SINAPI\",VLOOKUP(NEW25,SINAPI,4,0),IF(NEZ25=\"SETOP\",VLOOKUP(NEW25,SETOP,5,0),IF(NEZ25=\"CPU\",VLOOKUP(NEW25,COMPOSIÇÃO,8,0),VLOOKUP(NEW25,COTAÇÃO,11,0))))","v":19.149999999999999},{"$f":"NFB25*NFC25","v":9.5749999999999993},"ED-50374",{"$f":"IF(NFH25=\"SINAPI\",VLOOKUP(NFE25,SINAPI,2,0),IF(NFH25=\"SETOP\",VLOOKUP(NFE25,SETOP,3,0),IF(NFH25=\"CPU\",VLOOKUP(NFE25,COMPOSIÇÃO,2,0),VLOOKUP(NFE25,COTAÇÃO,3,0))))","v":"BOMBEIRO/ENCANADOR COM ENCARGOS COMPLEMENTARES"},null,"SETOP",{"$f":"IF(NFH25=\"SINAPI\",VLOOKUP(NFE25,SINAPI,3,0),IF(NFH25=\"SETOP\",VLOOKUP(NFE25,SETOP,4,0),IF(NFH25=\"CPU\",VLOOKUP(NFE25,COMPOSIÇÃO,5,0),VLOOKUP(NFE25,COTAÇÃO,8,0))))","v":"HORA"},0.5,{"$f":"IF(NFH25=\"SINAPI\",VLOOKUP(NFE25,SINAPI,4,0),IF(NFH25=\"SETOP\",VLOOKUP(NFE25,SETOP,5,0),IF(NFH25=\"CPU\",VLOOKUP(NFE25,COMPOSIÇÃO,8,0),VLOOKUP(NFE25,COTAÇÃO,11,0))))","v":19.149999999999999},{"$f":"NFJ25*NFK25","v":9.5749999999999993},"ED-50374",{"$f":"IF(NFP25=\"SINAPI\",VLOOKUP(NFM25,SINAPI,2,0),IF(NFP25=\"SETOP\",VLOOKUP(NFM25,SETOP,3,0),IF(NFP25=\"CPU\",VLOOKUP(NFM25,COMPOSIÇÃO,2,0),VLOOKUP(NFM25,COTAÇÃO,3,0))))","v":"BOMBEIRO/ENCANADOR COM ENCARGOS COMPLEMENTARES"},null,"SETOP",{"$f":"IF(NFP25=\"SINAPI\",VLOOKUP(NFM25,SINAPI,3,0),IF(NFP25=\"SETOP\",VLOOKUP(NFM25,SETOP,4,0),IF(NFP25=\"CPU\",VLOOKUP(NFM25,COMPOSIÇÃO,5,0),VLOOKUP(NFM25,COTAÇÃO,8,0))))","v":"HORA"},0.5,{"$f":"IF(NFP25=\"SINAPI\",VLOOKUP(NFM25,SINAPI,4,0),IF(NFP25=\"SETOP\",VLOOKUP(NFM25,SETOP,5,0),IF(NFP25=\"CPU\",VLOOKUP(NFM25,COMPOSIÇÃO,8,0),VLOOKUP(NFM25,COTAÇÃO,11,0))))","v":19.149999999999999},{"$f":"NFR25*NFS25","v":9.5749999999999993},"ED-50374",{"$f":"IF(NFX25=\"SINAPI\",VLOOKUP(NFU25,SINAPI,2,0),IF(NFX25=\"SETOP\",VLOOKUP(NFU25,SETOP,3,0),IF(NFX25=\"CPU\",VLOOKUP(NFU25,COMPOSIÇÃO,2,0),VLOOKUP(NFU25,COTAÇÃO,3,0))))","v":"BOMBEIRO/ENCANADOR COM ENCARGOS COMPLEMENTARES"},null,"SETOP",{"$f":"IF(NFX25=\"SINAPI\",VLOOKUP(NFU25,SINAPI,3,0),IF(NFX25=\"SETOP\",VLOOKUP(NFU25,SETOP,4,0),IF(NFX25=\"CPU\",VLOOKUP(NFU25,COMPOSIÇÃO,5,0),VLOOKUP(NFU25,COTAÇÃO,8,0))))","v":"HORA"},0.5,{"$f":"IF(NFX25=\"SINAPI\",VLOOKUP(NFU25,SINAPI,4,0),IF(NFX25=\"SETOP\",VLOOKUP(NFU25,SETOP,5,0),IF(NFX25=\"CPU\",VLOOKUP(NFU25,COMPOSIÇÃO,8,0),VLOOKUP(NFU25,COTAÇÃO,11,0))))","v":19.149999999999999},{"$f":"NFZ25*NGA25","v":9.5749999999999993},"ED-50374",{"$f":"IF(NGF25=\"SINAPI\",VLOOKUP(NGC25,SINAPI,2,0),IF(NGF25=\"SETOP\",VLOOKUP(NGC25,SETOP,3,0),IF(NGF25=\"CPU\",VLOOKUP(NGC25,COMPOSIÇÃO,2,0),VLOOKUP(NGC25,COTAÇÃO,3,0))))","v":"BOMBEIRO/ENCANADOR COM ENCARGOS COMPLEMENTARES"},null,"SETOP",{"$f":"IF(NGF25=\"SINAPI\",VLOOKUP(NGC25,SINAPI,3,0),IF(NGF25=\"SETOP\",VLOOKUP(NGC25,SETOP,4,0),IF(NGF25=\"CPU\",VLOOKUP(NGC25,COMPOSIÇÃO,5,0),VLOOKUP(NGC25,COTAÇÃO,8,0))))","v":"HORA"},0.5,{"$f":"IF(NGF25=\"SINAPI\",VLOOKUP(NGC25,SINAPI,4,0),IF(NGF25=\"SETOP\",VLOOKUP(NGC25,SETOP,5,0),IF(NGF25=\"CPU\",VLOOKUP(NGC25,COMPOSIÇÃO,8,0),VLOOKUP(NGC25,COTAÇÃO,11,0))))","v":19.149999999999999},{"$f":"NGH25*NGI25","v":9.5749999999999993},"ED-50374",{"$f":"IF(NGN25=\"SINAPI\",VLOOKUP(NGK25,SINAPI,2,0),IF(NGN25=\"SETOP\",VLOOKUP(NGK25,SETOP,3,0),IF(NGN25=\"CPU\",VLOOKUP(NGK25,COMPOSIÇÃO,2,0),VLOOKUP(NGK25,COTAÇÃO,3,0))))","v":"BOMBEIRO/ENCANADOR COM ENCARGOS COMPLEMENTARES"},null,"SETOP",{"$f":"IF(NGN25=\"SINAPI\",VLOOKUP(NGK25,SINAPI,3,0),IF(NGN25=\"SETOP\",VLOOKUP(NGK25,SETOP,4,0),IF(NGN25=\"CPU\",VLOOKUP(NGK25,COMPOSIÇÃO,5,0),VLOOKUP(NGK25,COTAÇÃO,8,0))))","v":"HORA"},0.5,{"$f":"IF(NGN25=\"SINAPI\",VLOOKUP(NGK25,SINAPI,4,0),IF(NGN25=\"SETOP\",VLOOKUP(NGK25,SETOP,5,0),IF(NGN25=\"CPU\",VLOOKUP(NGK25,COMPOSIÇÃO,8,0),VLOOKUP(NGK25,COTAÇÃO,11,0))))","v":19.149999999999999},{"$f":"NGP25*NGQ25","v":9.5749999999999993},"ED-50374",{"$f":"IF(NGV25=\"SINAPI\",VLOOKUP(NGS25,SINAPI,2,0),IF(NGV25=\"SETOP\",VLOOKUP(NGS25,SETOP,3,0),IF(NGV25=\"CPU\",VLOOKUP(NGS25,COMPOSIÇÃO,2,0),VLOOKUP(NGS25,COTAÇÃO,3,0))))","v":"BOMBEIRO/ENCANADOR COM ENCARGOS COMPLEMENTARES"},null,"SETOP",{"$f":"IF(NGV25=\"SINAPI\",VLOOKUP(NGS25,SINAPI,3,0),IF(NGV25=\"SETOP\",VLOOKUP(NGS25,SETOP,4,0),IF(NGV25=\"CPU\",VLOOKUP(NGS25,COMPOSIÇÃO,5,0),VLOOKUP(NGS25,COTAÇÃO,8,0))))","v":"HORA"},0.5,{"$f":"IF(NGV25=\"SINAPI\",VLOOKUP(NGS25,SINAPI,4,0),IF(NGV25=\"SETOP\",VLOOKUP(NGS25,SETOP,5,0),IF(NGV25=\"CPU\",VLOOKUP(NGS25,COMPOSIÇÃO,8,0),VLOOKUP(NGS25,COTAÇÃO,11,0))))","v":19.149999999999999},{"$f":"NGX25*NGY25","v":9.5749999999999993},"ED-50374",{"$f":"IF(NHD25=\"SINAPI\",VLOOKUP(NHA25,SINAPI,2,0),IF(NHD25=\"SETOP\",VLOOKUP(NHA25,SETOP,3,0),IF(NHD25=\"CPU\",VLOOKUP(NHA25,COMPOSIÇÃO,2,0),VLOOKUP(NHA25,COTAÇÃO,3,0))))","v":"BOMBEIRO/ENCANADOR COM ENCARGOS COMPLEMENTARES"},null,"SETOP",{"$f":"IF(NHD25=\"SINAPI\",VLOOKUP(NHA25,SINAPI,3,0),IF(NHD25=\"SETOP\",VLOOKUP(NHA25,SETOP,4,0),IF(NHD25=\"CPU\",VLOOKUP(NHA25,COMPOSIÇÃO,5,0),VLOOKUP(NHA25,COTAÇÃO,8,0))))","v":"HORA"},0.5,{"$f":"IF(NHD25=\"SINAPI\",VLOOKUP(NHA25,SINAPI,4,0),IF(NHD25=\"SETOP\",VLOOKUP(NHA25,SETOP,5,0),IF(NHD25=\"CPU\",VLOOKUP(NHA25,COMPOSIÇÃO,8,0),VLOOKUP(NHA25,COTAÇÃO,11,0))))","v":19.149999999999999},{"$f":"NHF25*NHG25","v":9.5749999999999993},"ED-50374",{"$f":"IF(NHL25=\"SINAPI\",VLOOKUP(NHI25,SINAPI,2,0),IF(NHL25=\"SETOP\",VLOOKUP(NHI25,SETOP,3,0),IF(NHL25=\"CPU\",VLOOKUP(NHI25,COMPOSIÇÃO,2,0),VLOOKUP(NHI25,COTAÇÃO,3,0))))","v":"BOMBEIRO/ENCANADOR COM ENCARGOS COMPLEMENTARES"},null,"SETOP",{"$f":"IF(NHL25=\"SINAPI\",VLOOKUP(NHI25,SINAPI,3,0),IF(NHL25=\"SETOP\",VLOOKUP(NHI25,SETOP,4,0),IF(NHL25=\"CPU\",VLOOKUP(NHI25,COMPOSIÇÃO,5,0),VLOOKUP(NHI25,COTAÇÃO,8,0))))","v":"HORA"},0.5,{"$f":"IF(NHL25=\"SINAPI\",VLOOKUP(NHI25,SINAPI,4,0),IF(NHL25=\"SETOP\",VLOOKUP(NHI25,SETOP,5,0),IF(NHL25=\"CPU\",VLOOKUP(NHI25,COMPOSIÇÃO,8,0),VLOOKUP(NHI25,COTAÇÃO,11,0))))","v":19.149999999999999},{"$f":"NHN25*NHO25","v":9.5749999999999993},"ED-50374",{"$f":"IF(NHT25=\"SINAPI\",VLOOKUP(NHQ25,SINAPI,2,0),IF(NHT25=\"SETOP\",VLOOKUP(NHQ25,SETOP,3,0),IF(NHT25=\"CPU\",VLOOKUP(NHQ25,COMPOSIÇÃO,2,0),VLOOKUP(NHQ25,COTAÇÃO,3,0))))","v":"BOMBEIRO/ENCANADOR COM ENCARGOS COMPLEMENTARES"},null,"SETOP",{"$f":"IF(NHT25=\"SINAPI\",VLOOKUP(NHQ25,SINAPI,3,0),IF(NHT25=\"SETOP\",VLOOKUP(NHQ25,SETOP,4,0),IF(NHT25=\"CPU\",VLOOKUP(NHQ25,COMPOSIÇÃO,5,0),VLOOKUP(NHQ25,COTAÇÃO,8,0))))","v":"HORA"},0.5,{"$f":"IF(NHT25=\"SINAPI\",VLOOKUP(NHQ25,SINAPI,4,0),IF(NHT25=\"SETOP\",VLOOKUP(NHQ25,SETOP,5,0),IF(NHT25=\"CPU\",VLOOKUP(NHQ25,COMPOSIÇÃO,8,0),VLOOKUP(NHQ25,COTAÇÃO,11,0))))","v":19.149999999999999},{"$f":"NHV25*NHW25","v":9.5749999999999993},"ED-50374",{"$f":"IF(NIB25=\"SINAPI\",VLOOKUP(NHY25,SINAPI,2,0),IF(NIB25=\"SETOP\",VLOOKUP(NHY25,SETOP,3,0),IF(NIB25=\"CPU\",VLOOKUP(NHY25,COMPOSIÇÃO,2,0),VLOOKUP(NHY25,COTAÇÃO,3,0))))","v":"BOMBEIRO/ENCANADOR COM ENCARGOS COMPLEMENTARES"},null,"SETOP",{"$f":"IF(NIB25=\"SINAPI\",VLOOKUP(NHY25,SINAPI,3,0),IF(NIB25=\"SETOP\",VLOOKUP(NHY25,SETOP,4,0),IF(NIB25=\"CPU\",VLOOKUP(NHY25,COMPOSIÇÃO,5,0),VLOOKUP(NHY25,COTAÇÃO,8,0))))","v":"HORA"},0.5,{"$f":"IF(NIB25=\"SINAPI\",VLOOKUP(NHY25,SINAPI,4,0),IF(NIB25=\"SETOP\",VLOOKUP(NHY25,SETOP,5,0),IF(NIB25=\"CPU\",VLOOKUP(NHY25,COMPOSIÇÃO,8,0),VLOOKUP(NHY25,COTAÇÃO,11,0))))","v":19.149999999999999},{"$f":"NID25*NIE25","v":9.5749999999999993},"ED-50374",{"$f":"IF(NIJ25=\"SINAPI\",VLOOKUP(NIG25,SINAPI,2,0),IF(NIJ25=\"SETOP\",VLOOKUP(NIG25,SETOP,3,0),IF(NIJ25=\"CPU\",VLOOKUP(NIG25,COMPOSIÇÃO,2,0),VLOOKUP(NIG25,COTAÇÃO,3,0))))","v":"BOMBEIRO/ENCANADOR COM ENCARGOS COMPLEMENTARES"},null,"SETOP",{"$f":"IF(NIJ25=\"SINAPI\",VLOOKUP(NIG25,SINAPI,3,0),IF(NIJ25=\"SETOP\",VLOOKUP(NIG25,SETOP,4,0),IF(NIJ25=\"CPU\",VLOOKUP(NIG25,COMPOSIÇÃO,5,0),VLOOKUP(NIG25,COTAÇÃO,8,0))))","v":"HORA"},0.5,{"$f":"IF(NIJ25=\"SINAPI\",VLOOKUP(NIG25,SINAPI,4,0),IF(NIJ25=\"SETOP\",VLOOKUP(NIG25,SETOP,5,0),IF(NIJ25=\"CPU\",VLOOKUP(NIG25,COMPOSIÇÃO,8,0),VLOOKUP(NIG25,COTAÇÃO,11,0))))","v":19.149999999999999},{"$f":"NIL25*NIM25","v":9.5749999999999993},"ED-50374",{"$f":"IF(NIR25=\"SINAPI\",VLOOKUP(NIO25,SINAPI,2,0),IF(NIR25=\"SETOP\",VLOOKUP(NIO25,SETOP,3,0),IF(NIR25=\"CPU\",VLOOKUP(NIO25,COMPOSIÇÃO,2,0),VLOOKUP(NIO25,COTAÇÃO,3,0))))","v":"BOMBEIRO/ENCANADOR COM ENCARGOS COMPLEMENTARES"},null,"SETOP",{"$f":"IF(NIR25=\"SINAPI\",VLOOKUP(NIO25,SINAPI,3,0),IF(NIR25=\"SETOP\",VLOOKUP(NIO25,SETOP,4,0),IF(NIR25=\"CPU\",VLOOKUP(NIO25,COMPOSIÇÃO,5,0),VLOOKUP(NIO25,COTAÇÃO,8,0))))","v":"HORA"},0.5,{"$f":"IF(NIR25=\"SINAPI\",VLOOKUP(NIO25,SINAPI,4,0),IF(NIR25=\"SETOP\",VLOOKUP(NIO25,SETOP,5,0),IF(NIR25=\"CPU\",VLOOKUP(NIO25,COMPOSIÇÃO,8,0),VLOOKUP(NIO25,COTAÇÃO,11,0))))","v":19.149999999999999},{"$f":"NIT25*NIU25","v":9.5749999999999993},"ED-50374",{"$f":"IF(NIZ25=\"SINAPI\",VLOOKUP(NIW25,SINAPI,2,0),IF(NIZ25=\"SETOP\",VLOOKUP(NIW25,SETOP,3,0),IF(NIZ25=\"CPU\",VLOOKUP(NIW25,COMPOSIÇÃO,2,0),VLOOKUP(NIW25,COTAÇÃO,3,0))))","v":"BOMBEIRO/ENCANADOR COM ENCARGOS COMPLEMENTARES"},null,"SETOP",{"$f":"IF(NIZ25=\"SINAPI\",VLOOKUP(NIW25,SINAPI,3,0),IF(NIZ25=\"SETOP\",VLOOKUP(NIW25,SETOP,4,0),IF(NIZ25=\"CPU\",VLOOKUP(NIW25,COMPOSIÇÃO,5,0),VLOOKUP(NIW25,COTAÇÃO,8,0))))","v":"HORA"},0.5,{"$f":"IF(NIZ25=\"SINAPI\",VLOOKUP(NIW25,SINAPI,4,0),IF(NIZ25=\"SETOP\",VLOOKUP(NIW25,SETOP,5,0),IF(NIZ25=\"CPU\",VLOOKUP(NIW25,COMPOSIÇÃO,8,0),VLOOKUP(NIW25,COTAÇÃO,11,0))))","v":19.149999999999999},{"$f":"NJB25*NJC25","v":9.5749999999999993},"ED-50374",{"$f":"IF(NJH25=\"SINAPI\",VLOOKUP(NJE25,SINAPI,2,0),IF(NJH25=\"SETOP\",VLOOKUP(NJE25,SETOP,3,0),IF(NJH25=\"CPU\",VLOOKUP(NJE25,COMPOSIÇÃO,2,0),VLOOKUP(NJE25,COTAÇÃO,3,0))))","v":"BOMBEIRO/ENCANADOR COM ENCARGOS COMPLEMENTARES"},null,"SETOP",{"$f":"IF(NJH25=\"SINAPI\",VLOOKUP(NJE25,SINAPI,3,0),IF(NJH25=\"SETOP\",VLOOKUP(NJE25,SETOP,4,0),IF(NJH25=\"CPU\",VLOOKUP(NJE25,COMPOSIÇÃO,5,0),VLOOKUP(NJE25,COTAÇÃO,8,0))))","v":"HORA"},0.5,{"$f":"IF(NJH25=\"SINAPI\",VLOOKUP(NJE25,SINAPI,4,0),IF(NJH25=\"SETOP\",VLOOKUP(NJE25,SETOP,5,0),IF(NJH25=\"CPU\",VLOOKUP(NJE25,COMPOSIÇÃO,8,0),VLOOKUP(NJE25,COTAÇÃO,11,0))))","v":19.149999999999999},{"$f":"NJJ25*NJK25","v":9.5749999999999993},"ED-50374",{"$f":"IF(NJP25=\"SINAPI\",VLOOKUP(NJM25,SINAPI,2,0),IF(NJP25=\"SETOP\",VLOOKUP(NJM25,SETOP,3,0),IF(NJP25=\"CPU\",VLOOKUP(NJM25,COMPOSIÇÃO,2,0),VLOOKUP(NJM25,COTAÇÃO,3,0))))","v":"BOMBEIRO/ENCANADOR COM ENCARGOS COMPLEMENTARES"},null,"SETOP",{"$f":"IF(NJP25=\"SINAPI\",VLOOKUP(NJM25,SINAPI,3,0),IF(NJP25=\"SETOP\",VLOOKUP(NJM25,SETOP,4,0),IF(NJP25=\"CPU\",VLOOKUP(NJM25,COMPOSIÇÃO,5,0),VLOOKUP(NJM25,COTAÇÃO,8,0))))","v":"HORA"},0.5,{"$f":"IF(NJP25=\"SINAPI\",VLOOKUP(NJM25,SINAPI,4,0),IF(NJP25=\"SETOP\",VLOOKUP(NJM25,SETOP,5,0),IF(NJP25=\"CPU\",VLOOKUP(NJM25,COMPOSIÇÃO,8,0),VLOOKUP(NJM25,COTAÇÃO,11,0))))","v":19.149999999999999},{"$f":"NJR25*NJS25","v":9.5749999999999993},"ED-50374",{"$f":"IF(NJX25=\"SINAPI\",VLOOKUP(NJU25,SINAPI,2,0),IF(NJX25=\"SETOP\",VLOOKUP(NJU25,SETOP,3,0),IF(NJX25=\"CPU\",VLOOKUP(NJU25,COMPOSIÇÃO,2,0),VLOOKUP(NJU25,COTAÇÃO,3,0))))","v":"BOMBEIRO/ENCANADOR COM ENCARGOS COMPLEMENTARES"},null,"SETOP",{"$f":"IF(NJX25=\"SINAPI\",VLOOKUP(NJU25,SINAPI,3,0),IF(NJX25=\"SETOP\",VLOOKUP(NJU25,SETOP,4,0),IF(NJX25=\"CPU\",VLOOKUP(NJU25,COMPOSIÇÃO,5,0),VLOOKUP(NJU25,COTAÇÃO,8,0))))","v":"HORA"},0.5,{"$f":"IF(NJX25=\"SINAPI\",VLOOKUP(NJU25,SINAPI,4,0),IF(NJX25=\"SETOP\",VLOOKUP(NJU25,SETOP,5,0),IF(NJX25=\"CPU\",VLOOKUP(NJU25,COMPOSIÇÃO,8,0),VLOOKUP(NJU25,COTAÇÃO,11,0))))","v":19.149999999999999},{"$f":"NJZ25*NKA25","v":9.5749999999999993},"ED-50374",{"$f":"IF(NKF25=\"SINAPI\",VLOOKUP(NKC25,SINAPI,2,0),IF(NKF25=\"SETOP\",VLOOKUP(NKC25,SETOP,3,0),IF(NKF25=\"CPU\",VLOOKUP(NKC25,COMPOSIÇÃO,2,0),VLOOKUP(NKC25,COTAÇÃO,3,0))))","v":"BOMBEIRO/ENCANADOR COM ENCARGOS COMPLEMENTARES"},null,"SETOP",{"$f":"IF(NKF25=\"SINAPI\",VLOOKUP(NKC25,SINAPI,3,0),IF(NKF25=\"SETOP\",VLOOKUP(NKC25,SETOP,4,0),IF(NKF25=\"CPU\",VLOOKUP(NKC25,COMPOSIÇÃO,5,0),VLOOKUP(NKC25,COTAÇÃO,8,0))))","v":"HORA"},0.5,{"$f":"IF(NKF25=\"SINAPI\",VLOOKUP(NKC25,SINAPI,4,0),IF(NKF25=\"SETOP\",VLOOKUP(NKC25,SETOP,5,0),IF(NKF25=\"CPU\",VLOOKUP(NKC25,COMPOSIÇÃO,8,0),VLOOKUP(NKC25,COTAÇÃO,11,0))))","v":19.149999999999999},{"$f":"NKH25*NKI25","v":9.5749999999999993},"ED-50374",{"$f":"IF(NKN25=\"SINAPI\",VLOOKUP(NKK25,SINAPI,2,0),IF(NKN25=\"SETOP\",VLOOKUP(NKK25,SETOP,3,0),IF(NKN25=\"CPU\",VLOOKUP(NKK25,COMPOSIÇÃO,2,0),VLOOKUP(NKK25,COTAÇÃO,3,0))))","v":"BOMBEIRO/ENCANADOR COM ENCARGOS COMPLEMENTARES"},null,"SETOP",{"$f":"IF(NKN25=\"SINAPI\",VLOOKUP(NKK25,SINAPI,3,0),IF(NKN25=\"SETOP\",VLOOKUP(NKK25,SETOP,4,0),IF(NKN25=\"CPU\",VLOOKUP(NKK25,COMPOSIÇÃO,5,0),VLOOKUP(NKK25,COTAÇÃO,8,0))))","v":"HORA"},0.5,{"$f":"IF(NKN25=\"SINAPI\",VLOOKUP(NKK25,SINAPI,4,0),IF(NKN25=\"SETOP\",VLOOKUP(NKK25,SETOP,5,0),IF(NKN25=\"CPU\",VLOOKUP(NKK25,COMPOSIÇÃO,8,0),VLOOKUP(NKK25,COTAÇÃO,11,0))))","v":19.149999999999999},{"$f":"NKP25*NKQ25","v":9.5749999999999993},"ED-50374",{"$f":"IF(NKV25=\"SINAPI\",VLOOKUP(NKS25,SINAPI,2,0),IF(NKV25=\"SETOP\",VLOOKUP(NKS25,SETOP,3,0),IF(NKV25=\"CPU\",VLOOKUP(NKS25,COMPOSIÇÃO,2,0),VLOOKUP(NKS25,COTAÇÃO,3,0))))","v":"BOMBEIRO/ENCANADOR COM ENCARGOS COMPLEMENTARES"},null,"SETOP",{"$f":"IF(NKV25=\"SINAPI\",VLOOKUP(NKS25,SINAPI,3,0),IF(NKV25=\"SETOP\",VLOOKUP(NKS25,SETOP,4,0),IF(NKV25=\"CPU\",VLOOKUP(NKS25,COMPOSIÇÃO,5,0),VLOOKUP(NKS25,COTAÇÃO,8,0))))","v":"HORA"},0.5,{"$f":"IF(NKV25=\"SINAPI\",VLOOKUP(NKS25,SINAPI,4,0),IF(NKV25=\"SETOP\",VLOOKUP(NKS25,SETOP,5,0),IF(NKV25=\"CPU\",VLOOKUP(NKS25,COMPOSIÇÃO,8,0),VLOOKUP(NKS25,COTAÇÃO,11,0))))","v":19.149999999999999},{"$f":"NKX25*NKY25","v":9.5749999999999993},"ED-50374",{"$f":"IF(NLD25=\"SINAPI\",VLOOKUP(NLA25,SINAPI,2,0),IF(NLD25=\"SETOP\",VLOOKUP(NLA25,SETOP,3,0),IF(NLD25=\"CPU\",VLOOKUP(NLA25,COMPOSIÇÃO,2,0),VLOOKUP(NLA25,COTAÇÃO,3,0))))","v":"BOMBEIRO/ENCANADOR COM ENCARGOS COMPLEMENTARES"},null,"SETOP",{"$f":"IF(NLD25=\"SINAPI\",VLOOKUP(NLA25,SINAPI,3,0),IF(NLD25=\"SETOP\",VLOOKUP(NLA25,SETOP,4,0),IF(NLD25=\"CPU\",VLOOKUP(NLA25,COMPOSIÇÃO,5,0),VLOOKUP(NLA25,COTAÇÃO,8,0))))","v":"HORA"},0.5,{"$f":"IF(NLD25=\"SINAPI\",VLOOKUP(NLA25,SINAPI,4,0),IF(NLD25=\"SETOP\",VLOOKUP(NLA25,SETOP,5,0),IF(NLD25=\"CPU\",VLOOKUP(NLA25,COMPOSIÇÃO,8,0),VLOOKUP(NLA25,COTAÇÃO,11,0))))","v":19.149999999999999},{"$f":"NLF25*NLG25","v":9.5749999999999993},"ED-50374",{"$f":"IF(NLL25=\"SINAPI\",VLOOKUP(NLI25,SINAPI,2,0),IF(NLL25=\"SETOP\",VLOOKUP(NLI25,SETOP,3,0),IF(NLL25=\"CPU\",VLOOKUP(NLI25,COMPOSIÇÃO,2,0),VLOOKUP(NLI25,COTAÇÃO,3,0))))","v":"BOMBEIRO/ENCANADOR COM ENCARGOS COMPLEMENTARES"},null,"SETOP",{"$f":"IF(NLL25=\"SINAPI\",VLOOKUP(NLI25,SINAPI,3,0),IF(NLL25=\"SETOP\",VLOOKUP(NLI25,SETOP,4,0),IF(NLL25=\"CPU\",VLOOKUP(NLI25,COMPOSIÇÃO,5,0),VLOOKUP(NLI25,COTAÇÃO,8,0))))","v":"HORA"},0.5,{"$f":"IF(NLL25=\"SINAPI\",VLOOKUP(NLI25,SINAPI,4,0),IF(NLL25=\"SETOP\",VLOOKUP(NLI25,SETOP,5,0),IF(NLL25=\"CPU\",VLOOKUP(NLI25,COMPOSIÇÃO,8,0),VLOOKUP(NLI25,COTAÇÃO,11,0))))","v":19.149999999999999},{"$f":"NLN25*NLO25","v":9.5749999999999993},"ED-50374",{"$f":"IF(NLT25=\"SINAPI\",VLOOKUP(NLQ25,SINAPI,2,0),IF(NLT25=\"SETOP\",VLOOKUP(NLQ25,SETOP,3,0),IF(NLT25=\"CPU\",VLOOKUP(NLQ25,COMPOSIÇÃO,2,0),VLOOKUP(NLQ25,COTAÇÃO,3,0))))","v":"BOMBEIRO/ENCANADOR COM ENCARGOS COMPLEMENTARES"},null,"SETOP",{"$f":"IF(NLT25=\"SINAPI\",VLOOKUP(NLQ25,SINAPI,3,0),IF(NLT25=\"SETOP\",VLOOKUP(NLQ25,SETOP,4,0),IF(NLT25=\"CPU\",VLOOKUP(NLQ25,COMPOSIÇÃO,5,0),VLOOKUP(NLQ25,COTAÇÃO,8,0))))","v":"HORA"},0.5,{"$f":"IF(NLT25=\"SINAPI\",VLOOKUP(NLQ25,SINAPI,4,0),IF(NLT25=\"SETOP\",VLOOKUP(NLQ25,SETOP,5,0),IF(NLT25=\"CPU\",VLOOKUP(NLQ25,COMPOSIÇÃO,8,0),VLOOKUP(NLQ25,COTAÇÃO,11,0))))","v":19.149999999999999},{"$f":"NLV25*NLW25","v":9.5749999999999993},"ED-50374",{"$f":"IF(NMB25=\"SINAPI\",VLOOKUP(NLY25,SINAPI,2,0),IF(NMB25=\"SETOP\",VLOOKUP(NLY25,SETOP,3,0),IF(NMB25=\"CPU\",VLOOKUP(NLY25,COMPOSIÇÃO,2,0),VLOOKUP(NLY25,COTAÇÃO,3,0))))","v":"BOMBEIRO/ENCANADOR COM ENCARGOS COMPLEMENTARES"},null,"SETOP",{"$f":"IF(NMB25=\"SINAPI\",VLOOKUP(NLY25,SINAPI,3,0),IF(NMB25=\"SETOP\",VLOOKUP(NLY25,SETOP,4,0),IF(NMB25=\"CPU\",VLOOKUP(NLY25,COMPOSIÇÃO,5,0),VLOOKUP(NLY25,COTAÇÃO,8,0))))","v":"HORA"},0.5,{"$f":"IF(NMB25=\"SINAPI\",VLOOKUP(NLY25,SINAPI,4,0),IF(NMB25=\"SETOP\",VLOOKUP(NLY25,SETOP,5,0),IF(NMB25=\"CPU\",VLOOKUP(NLY25,COMPOSIÇÃO,8,0),VLOOKUP(NLY25,COTAÇÃO,11,0))))","v":19.149999999999999},{"$f":"NMD25*NME25","v":9.5749999999999993},"ED-50374",{"$f":"IF(NMJ25=\"SINAPI\",VLOOKUP(NMG25,SINAPI,2,0),IF(NMJ25=\"SETOP\",VLOOKUP(NMG25,SETOP,3,0),IF(NMJ25=\"CPU\",VLOOKUP(NMG25,COMPOSIÇÃO,2,0),VLOOKUP(NMG25,COTAÇÃO,3,0))))","v":"BOMBEIRO/ENCANADOR COM ENCARGOS COMPLEMENTARES"},null,"SETOP",{"$f":"IF(NMJ25=\"SINAPI\",VLOOKUP(NMG25,SINAPI,3,0),IF(NMJ25=\"SETOP\",VLOOKUP(NMG25,SETOP,4,0),IF(NMJ25=\"CPU\",VLOOKUP(NMG25,COMPOSIÇÃO,5,0),VLOOKUP(NMG25,COTAÇÃO,8,0))))","v":"HORA"},0.5,{"$f":"IF(NMJ25=\"SINAPI\",VLOOKUP(NMG25,SINAPI,4,0),IF(NMJ25=\"SETOP\",VLOOKUP(NMG25,SETOP,5,0),IF(NMJ25=\"CPU\",VLOOKUP(NMG25,COMPOSIÇÃO,8,0),VLOOKUP(NMG25,COTAÇÃO,11,0))))","v":19.149999999999999},{"$f":"NML25*NMM25","v":9.5749999999999993},"ED-50374",{"$f":"IF(NMR25=\"SINAPI\",VLOOKUP(NMO25,SINAPI,2,0),IF(NMR25=\"SETOP\",VLOOKUP(NMO25,SETOP,3,0),IF(NMR25=\"CPU\",VLOOKUP(NMO25,COMPOSIÇÃO,2,0),VLOOKUP(NMO25,COTAÇÃO,3,0))))","v":"BOMBEIRO/ENCANADOR COM ENCARGOS COMPLEMENTARES"},null,"SETOP",{"$f":"IF(NMR25=\"SINAPI\",VLOOKUP(NMO25,SINAPI,3,0),IF(NMR25=\"SETOP\",VLOOKUP(NMO25,SETOP,4,0),IF(NMR25=\"CPU\",VLOOKUP(NMO25,COMPOSIÇÃO,5,0),VLOOKUP(NMO25,COTAÇÃO,8,0))))","v":"HORA"},0.5,{"$f":"IF(NMR25=\"SINAPI\",VLOOKUP(NMO25,SINAPI,4,0),IF(NMR25=\"SETOP\",VLOOKUP(NMO25,SETOP,5,0),IF(NMR25=\"CPU\",VLOOKUP(NMO25,COMPOSIÇÃO,8,0),VLOOKUP(NMO25,COTAÇÃO,11,0))))","v":19.149999999999999},{"$f":"NMT25*NMU25","v":9.5749999999999993},"ED-50374",{"$f":"IF(NMZ25=\"SINAPI\",VLOOKUP(NMW25,SINAPI,2,0),IF(NMZ25=\"SETOP\",VLOOKUP(NMW25,SETOP,3,0),IF(NMZ25=\"CPU\",VLOOKUP(NMW25,COMPOSIÇÃO,2,0),VLOOKUP(NMW25,COTAÇÃO,3,0))))","v":"BOMBEIRO/ENCANADOR COM ENCARGOS COMPLEMENTARES"},null,"SETOP",{"$f":"IF(NMZ25=\"SINAPI\",VLOOKUP(NMW25,SINAPI,3,0),IF(NMZ25=\"SETOP\",VLOOKUP(NMW25,SETOP,4,0),IF(NMZ25=\"CPU\",VLOOKUP(NMW25,COMPOSIÇÃO,5,0),VLOOKUP(NMW25,COTAÇÃO,8,0))))","v":"HORA"},0.5,{"$f":"IF(NMZ25=\"SINAPI\",VLOOKUP(NMW25,SINAPI,4,0),IF(NMZ25=\"SETOP\",VLOOKUP(NMW25,SETOP,5,0),IF(NMZ25=\"CPU\",VLOOKUP(NMW25,COMPOSIÇÃO,8,0),VLOOKUP(NMW25,COTAÇÃO,11,0))))","v":19.149999999999999},{"$f":"NNB25*NNC25","v":9.5749999999999993},"ED-50374",{"$f":"IF(NNH25=\"SINAPI\",VLOOKUP(NNE25,SINAPI,2,0),IF(NNH25=\"SETOP\",VLOOKUP(NNE25,SETOP,3,0),IF(NNH25=\"CPU\",VLOOKUP(NNE25,COMPOSIÇÃO,2,0),VLOOKUP(NNE25,COTAÇÃO,3,0))))","v":"BOMBEIRO/ENCANADOR COM ENCARGOS COMPLEMENTARES"},null,"SETOP",{"$f":"IF(NNH25=\"SINAPI\",VLOOKUP(NNE25,SINAPI,3,0),IF(NNH25=\"SETOP\",VLOOKUP(NNE25,SETOP,4,0),IF(NNH25=\"CPU\",VLOOKUP(NNE25,COMPOSIÇÃO,5,0),VLOOKUP(NNE25,COTAÇÃO,8,0))))","v":"HORA"},0.5,{"$f":"IF(NNH25=\"SINAPI\",VLOOKUP(NNE25,SINAPI,4,0),IF(NNH25=\"SETOP\",VLOOKUP(NNE25,SETOP,5,0),IF(NNH25=\"CPU\",VLOOKUP(NNE25,COMPOSIÇÃO,8,0),VLOOKUP(NNE25,COTAÇÃO,11,0))))","v":19.149999999999999},{"$f":"NNJ25*NNK25","v":9.5749999999999993},"ED-50374",{"$f":"IF(NNP25=\"SINAPI\",VLOOKUP(NNM25,SINAPI,2,0),IF(NNP25=\"SETOP\",VLOOKUP(NNM25,SETOP,3,0),IF(NNP25=\"CPU\",VLOOKUP(NNM25,COMPOSIÇÃO,2,0),VLOOKUP(NNM25,COTAÇÃO,3,0))))","v":"BOMBEIRO/ENCANADOR COM ENCARGOS COMPLEMENTARES"},null,"SETOP",{"$f":"IF(NNP25=\"SINAPI\",VLOOKUP(NNM25,SINAPI,3,0),IF(NNP25=\"SETOP\",VLOOKUP(NNM25,SETOP,4,0),IF(NNP25=\"CPU\",VLOOKUP(NNM25,COMPOSIÇÃO,5,0),VLOOKUP(NNM25,COTAÇÃO,8,0))))","v":"HORA"},0.5,{"$f":"IF(NNP25=\"SINAPI\",VLOOKUP(NNM25,SINAPI,4,0),IF(NNP25=\"SETOP\",VLOOKUP(NNM25,SETOP,5,0),IF(NNP25=\"CPU\",VLOOKUP(NNM25,COMPOSIÇÃO,8,0),VLOOKUP(NNM25,COTAÇÃO,11,0))))","v":19.149999999999999},{"$f":"NNR25*NNS25","v":9.5749999999999993},"ED-50374",{"$f":"IF(NNX25=\"SINAPI\",VLOOKUP(NNU25,SINAPI,2,0),IF(NNX25=\"SETOP\",VLOOKUP(NNU25,SETOP,3,0),IF(NNX25=\"CPU\",VLOOKUP(NNU25,COMPOSIÇÃO,2,0),VLOOKUP(NNU25,COTAÇÃO,3,0))))","v":"BOMBEIRO/ENCANADOR COM ENCARGOS COMPLEMENTARES"},null,"SETOP",{"$f":"IF(NNX25=\"SINAPI\",VLOOKUP(NNU25,SINAPI,3,0),IF(NNX25=\"SETOP\",VLOOKUP(NNU25,SETOP,4,0),IF(NNX25=\"CPU\",VLOOKUP(NNU25,COMPOSIÇÃO,5,0),VLOOKUP(NNU25,COTAÇÃO,8,0))))","v":"HORA"},0.5,{"$f":"IF(NNX25=\"SINAPI\",VLOOKUP(NNU25,SINAPI,4,0),IF(NNX25=\"SETOP\",VLOOKUP(NNU25,SETOP,5,0),IF(NNX25=\"CPU\",VLOOKUP(NNU25,COMPOSIÇÃO,8,0),VLOOKUP(NNU25,COTAÇÃO,11,0))))","v":19.149999999999999},{"$f":"NNZ25*NOA25","v":9.5749999999999993},"ED-50374",{"$f":"IF(NOF25=\"SINAPI\",VLOOKUP(NOC25,SINAPI,2,0),IF(NOF25=\"SETOP\",VLOOKUP(NOC25,SETOP,3,0),IF(NOF25=\"CPU\",VLOOKUP(NOC25,COMPOSIÇÃO,2,0),VLOOKUP(NOC25,COTAÇÃO,3,0))))","v":"BOMBEIRO/ENCANADOR COM ENCARGOS COMPLEMENTARES"},null,"SETOP",{"$f":"IF(NOF25=\"SINAPI\",VLOOKUP(NOC25,SINAPI,3,0),IF(NOF25=\"SETOP\",VLOOKUP(NOC25,SETOP,4,0),IF(NOF25=\"CPU\",VLOOKUP(NOC25,COMPOSIÇÃO,5,0),VLOOKUP(NOC25,COTAÇÃO,8,0))))","v":"HORA"},0.5,{"$f":"IF(NOF25=\"SINAPI\",VLOOKUP(NOC25,SINAPI,4,0),IF(NOF25=\"SETOP\",VLOOKUP(NOC25,SETOP,5,0),IF(NOF25=\"CPU\",VLOOKUP(NOC25,COMPOSIÇÃO,8,0),VLOOKUP(NOC25,COTAÇÃO,11,0))))","v":19.149999999999999},{"$f":"NOH25*NOI25","v":9.5749999999999993},"ED-50374",{"$f":"IF(NON25=\"SINAPI\",VLOOKUP(NOK25,SINAPI,2,0),IF(NON25=\"SETOP\",VLOOKUP(NOK25,SETOP,3,0),IF(NON25=\"CPU\",VLOOKUP(NOK25,COMPOSIÇÃO,2,0),VLOOKUP(NOK25,COTAÇÃO,3,0))))","v":"BOMBEIRO/ENCANADOR COM ENCARGOS COMPLEMENTARES"},null,"SETOP",{"$f":"IF(NON25=\"SINAPI\",VLOOKUP(NOK25,SINAPI,3,0),IF(NON25=\"SETOP\",VLOOKUP(NOK25,SETOP,4,0),IF(NON25=\"CPU\",VLOOKUP(NOK25,COMPOSIÇÃO,5,0),VLOOKUP(NOK25,COTAÇÃO,8,0))))","v":"HORA"},0.5,{"$f":"IF(NON25=\"SINAPI\",VLOOKUP(NOK25,SINAPI,4,0),IF(NON25=\"SETOP\",VLOOKUP(NOK25,SETOP,5,0),IF(NON25=\"CPU\",VLOOKUP(NOK25,COMPOSIÇÃO,8,0),VLOOKUP(NOK25,COTAÇÃO,11,0))))","v":19.149999999999999},{"$f":"NOP25*NOQ25","v":9.5749999999999993},"ED-50374",{"$f":"IF(NOV25=\"SINAPI\",VLOOKUP(NOS25,SINAPI,2,0),IF(NOV25=\"SETOP\",VLOOKUP(NOS25,SETOP,3,0),IF(NOV25=\"CPU\",VLOOKUP(NOS25,COMPOSIÇÃO,2,0),VLOOKUP(NOS25,COTAÇÃO,3,0))))","v":"BOMBEIRO/ENCANADOR COM ENCARGOS COMPLEMENTARES"},null,"SETOP",{"$f":"IF(NOV25=\"SINAPI\",VLOOKUP(NOS25,SINAPI,3,0),IF(NOV25=\"SETOP\",VLOOKUP(NOS25,SETOP,4,0),IF(NOV25=\"CPU\",VLOOKUP(NOS25,COMPOSIÇÃO,5,0),VLOOKUP(NOS25,COTAÇÃO,8,0))))","v":"HORA"},0.5,{"$f":"IF(NOV25=\"SINAPI\",VLOOKUP(NOS25,SINAPI,4,0),IF(NOV25=\"SETOP\",VLOOKUP(NOS25,SETOP,5,0),IF(NOV25=\"CPU\",VLOOKUP(NOS25,COMPOSIÇÃO,8,0),VLOOKUP(NOS25,COTAÇÃO,11,0))))","v":19.149999999999999},{"$f":"NOX25*NOY25","v":9.5749999999999993},"ED-50374",{"$f":"IF(NPD25=\"SINAPI\",VLOOKUP(NPA25,SINAPI,2,0),IF(NPD25=\"SETOP\",VLOOKUP(NPA25,SETOP,3,0),IF(NPD25=\"CPU\",VLOOKUP(NPA25,COMPOSIÇÃO,2,0),VLOOKUP(NPA25,COTAÇÃO,3,0))))","v":"BOMBEIRO/ENCANADOR COM ENCARGOS COMPLEMENTARES"},null,"SETOP",{"$f":"IF(NPD25=\"SINAPI\",VLOOKUP(NPA25,SINAPI,3,0),IF(NPD25=\"SETOP\",VLOOKUP(NPA25,SETOP,4,0),IF(NPD25=\"CPU\",VLOOKUP(NPA25,COMPOSIÇÃO,5,0),VLOOKUP(NPA25,COTAÇÃO,8,0))))","v":"HORA"},0.5,{"$f":"IF(NPD25=\"SINAPI\",VLOOKUP(NPA25,SINAPI,4,0),IF(NPD25=\"SETOP\",VLOOKUP(NPA25,SETOP,5,0),IF(NPD25=\"CPU\",VLOOKUP(NPA25,COMPOSIÇÃO,8,0),VLOOKUP(NPA25,COTAÇÃO,11,0))))","v":19.149999999999999},{"$f":"NPF25*NPG25","v":9.5749999999999993},"ED-50374",{"$f":"IF(NPL25=\"SINAPI\",VLOOKUP(NPI25,SINAPI,2,0),IF(NPL25=\"SETOP\",VLOOKUP(NPI25,SETOP,3,0),IF(NPL25=\"CPU\",VLOOKUP(NPI25,COMPOSIÇÃO,2,0),VLOOKUP(NPI25,COTAÇÃO,3,0))))","v":"BOMBEIRO/ENCANADOR COM ENCARGOS COMPLEMENTARES"},null,"SETOP",{"$f":"IF(NPL25=\"SINAPI\",VLOOKUP(NPI25,SINAPI,3,0),IF(NPL25=\"SETOP\",VLOOKUP(NPI25,SETOP,4,0),IF(NPL25=\"CPU\",VLOOKUP(NPI25,COMPOSIÇÃO,5,0),VLOOKUP(NPI25,COTAÇÃO,8,0))))","v":"HORA"},0.5,{"$f":"IF(NPL25=\"SINAPI\",VLOOKUP(NPI25,SINAPI,4,0),IF(NPL25=\"SETOP\",VLOOKUP(NPI25,SETOP,5,0),IF(NPL25=\"CPU\",VLOOKUP(NPI25,COMPOSIÇÃO,8,0),VLOOKUP(NPI25,COTAÇÃO,11,0))))","v":19.149999999999999},{"$f":"NPN25*NPO25","v":9.5749999999999993},"ED-50374",{"$f":"IF(NPT25=\"SINAPI\",VLOOKUP(NPQ25,SINAPI,2,0),IF(NPT25=\"SETOP\",VLOOKUP(NPQ25,SETOP,3,0),IF(NPT25=\"CPU\",VLOOKUP(NPQ25,COMPOSIÇÃO,2,0),VLOOKUP(NPQ25,COTAÇÃO,3,0))))","v":"BOMBEIRO/ENCANADOR COM ENCARGOS COMPLEMENTARES"},null,"SETOP",{"$f":"IF(NPT25=\"SINAPI\",VLOOKUP(NPQ25,SINAPI,3,0),IF(NPT25=\"SETOP\",VLOOKUP(NPQ25,SETOP,4,0),IF(NPT25=\"CPU\",VLOOKUP(NPQ25,COMPOSIÇÃO,5,0),VLOOKUP(NPQ25,COTAÇÃO,8,0))))","v":"HORA"},0.5,{"$f":"IF(NPT25=\"SINAPI\",VLOOKUP(NPQ25,SINAPI,4,0),IF(NPT25=\"SETOP\",VLOOKUP(NPQ25,SETOP,5,0),IF(NPT25=\"CPU\",VLOOKUP(NPQ25,COMPOSIÇÃO,8,0),VLOOKUP(NPQ25,COTAÇÃO,11,0))))","v":19.149999999999999},{"$f":"NPV25*NPW25","v":9.5749999999999993},"ED-50374",{"$f":"IF(NQB25=\"SINAPI\",VLOOKUP(NPY25,SINAPI,2,0),IF(NQB25=\"SETOP\",VLOOKUP(NPY25,SETOP,3,0),IF(NQB25=\"CPU\",VLOOKUP(NPY25,COMPOSIÇÃO,2,0),VLOOKUP(NPY25,COTAÇÃO,3,0))))","v":"BOMBEIRO/ENCANADOR COM ENCARGOS COMPLEMENTARES"},null,"SETOP",{"$f":"IF(NQB25=\"SINAPI\",VLOOKUP(NPY25,SINAPI,3,0),IF(NQB25=\"SETOP\",VLOOKUP(NPY25,SETOP,4,0),IF(NQB25=\"CPU\",VLOOKUP(NPY25,COMPOSIÇÃO,5,0),VLOOKUP(NPY25,COTAÇÃO,8,0))))","v":"HORA"},0.5,{"$f":"IF(NQB25=\"SINAPI\",VLOOKUP(NPY25,SINAPI,4,0),IF(NQB25=\"SETOP\",VLOOKUP(NPY25,SETOP,5,0),IF(NQB25=\"CPU\",VLOOKUP(NPY25,COMPOSIÇÃO,8,0),VLOOKUP(NPY25,COTAÇÃO,11,0))))","v":19.149999999999999},{"$f":"NQD25*NQE25","v":9.5749999999999993},"ED-50374",{"$f":"IF(NQJ25=\"SINAPI\",VLOOKUP(NQG25,SINAPI,2,0),IF(NQJ25=\"SETOP\",VLOOKUP(NQG25,SETOP,3,0),IF(NQJ25=\"CPU\",VLOOKUP(NQG25,COMPOSIÇÃO,2,0),VLOOKUP(NQG25,COTAÇÃO,3,0))))","v":"BOMBEIRO/ENCANADOR COM ENCARGOS COMPLEMENTARES"},null,"SETOP",{"$f":"IF(NQJ25=\"SINAPI\",VLOOKUP(NQG25,SINAPI,3,0),IF(NQJ25=\"SETOP\",VLOOKUP(NQG25,SETOP,4,0),IF(NQJ25=\"CPU\",VLOOKUP(NQG25,COMPOSIÇÃO,5,0),VLOOKUP(NQG25,COTAÇÃO,8,0))))","v":"HORA"},0.5,{"$f":"IF(NQJ25=\"SINAPI\",VLOOKUP(NQG25,SINAPI,4,0),IF(NQJ25=\"SETOP\",VLOOKUP(NQG25,SETOP,5,0),IF(NQJ25=\"CPU\",VLOOKUP(NQG25,COMPOSIÇÃO,8,0),VLOOKUP(NQG25,COTAÇÃO,11,0))))","v":19.149999999999999},{"$f":"NQL25*NQM25","v":9.5749999999999993},"ED-50374",{"$f":"IF(NQR25=\"SINAPI\",VLOOKUP(NQO25,SINAPI,2,0),IF(NQR25=\"SETOP\",VLOOKUP(NQO25,SETOP,3,0),IF(NQR25=\"CPU\",VLOOKUP(NQO25,COMPOSIÇÃO,2,0),VLOOKUP(NQO25,COTAÇÃO,3,0))))","v":"BOMBEIRO/ENCANADOR COM ENCARGOS COMPLEMENTARES"},null,"SETOP",{"$f":"IF(NQR25=\"SINAPI\",VLOOKUP(NQO25,SINAPI,3,0),IF(NQR25=\"SETOP\",VLOOKUP(NQO25,SETOP,4,0),IF(NQR25=\"CPU\",VLOOKUP(NQO25,COMPOSIÇÃO,5,0),VLOOKUP(NQO25,COTAÇÃO,8,0))))","v":"HORA"},0.5,{"$f":"IF(NQR25=\"SINAPI\",VLOOKUP(NQO25,SINAPI,4,0),IF(NQR25=\"SETOP\",VLOOKUP(NQO25,SETOP,5,0),IF(NQR25=\"CPU\",VLOOKUP(NQO25,COMPOSIÇÃO,8,0),VLOOKUP(NQO25,COTAÇÃO,11,0))))","v":19.149999999999999},{"$f":"NQT25*NQU25","v":9.5749999999999993},"ED-50374",{"$f":"IF(NQZ25=\"SINAPI\",VLOOKUP(NQW25,SINAPI,2,0),IF(NQZ25=\"SETOP\",VLOOKUP(NQW25,SETOP,3,0),IF(NQZ25=\"CPU\",VLOOKUP(NQW25,COMPOSIÇÃO,2,0),VLOOKUP(NQW25,COTAÇÃO,3,0))))","v":"BOMBEIRO/ENCANADOR COM ENCARGOS COMPLEMENTARES"},null,"SETOP",{"$f":"IF(NQZ25=\"SINAPI\",VLOOKUP(NQW25,SINAPI,3,0),IF(NQZ25=\"SETOP\",VLOOKUP(NQW25,SETOP,4,0),IF(NQZ25=\"CPU\",VLOOKUP(NQW25,COMPOSIÇÃO,5,0),VLOOKUP(NQW25,COTAÇÃO,8,0))))","v":"HORA"},0.5,{"$f":"IF(NQZ25=\"SINAPI\",VLOOKUP(NQW25,SINAPI,4,0),IF(NQZ25=\"SETOP\",VLOOKUP(NQW25,SETOP,5,0),IF(NQZ25=\"CPU\",VLOOKUP(NQW25,COMPOSIÇÃO,8,0),VLOOKUP(NQW25,COTAÇÃO,11,0))))","v":19.149999999999999},{"$f":"NRB25*NRC25","v":9.5749999999999993},"ED-50374",{"$f":"IF(NRH25=\"SINAPI\",VLOOKUP(NRE25,SINAPI,2,0),IF(NRH25=\"SETOP\",VLOOKUP(NRE25,SETOP,3,0),IF(NRH25=\"CPU\",VLOOKUP(NRE25,COMPOSIÇÃO,2,0),VLOOKUP(NRE25,COTAÇÃO,3,0))))","v":"BOMBEIRO/ENCANADOR COM ENCARGOS COMPLEMENTARES"},null,"SETOP",{"$f":"IF(NRH25=\"SINAPI\",VLOOKUP(NRE25,SINAPI,3,0),IF(NRH25=\"SETOP\",VLOOKUP(NRE25,SETOP,4,0),IF(NRH25=\"CPU\",VLOOKUP(NRE25,COMPOSIÇÃO,5,0),VLOOKUP(NRE25,COTAÇÃO,8,0))))","v":"HORA"},0.5,{"$f":"IF(NRH25=\"SINAPI\",VLOOKUP(NRE25,SINAPI,4,0),IF(NRH25=\"SETOP\",VLOOKUP(NRE25,SETOP,5,0),IF(NRH25=\"CPU\",VLOOKUP(NRE25,COMPOSIÇÃO,8,0),VLOOKUP(NRE25,COTAÇÃO,11,0))))","v":19.149999999999999},{"$f":"NRJ25*NRK25","v":9.5749999999999993},"ED-50374",{"$f":"IF(NRP25=\"SINAPI\",VLOOKUP(NRM25,SINAPI,2,0),IF(NRP25=\"SETOP\",VLOOKUP(NRM25,SETOP,3,0),IF(NRP25=\"CPU\",VLOOKUP(NRM25,COMPOSIÇÃO,2,0),VLOOKUP(NRM25,COTAÇÃO,3,0))))","v":"BOMBEIRO/ENCANADOR COM ENCARGOS COMPLEMENTARES"},null,"SETOP",{"$f":"IF(NRP25=\"SINAPI\",VLOOKUP(NRM25,SINAPI,3,0),IF(NRP25=\"SETOP\",VLOOKUP(NRM25,SETOP,4,0),IF(NRP25=\"CPU\",VLOOKUP(NRM25,COMPOSIÇÃO,5,0),VLOOKUP(NRM25,COTAÇÃO,8,0))))","v":"HORA"},0.5,{"$f":"IF(NRP25=\"SINAPI\",VLOOKUP(NRM25,SINAPI,4,0),IF(NRP25=\"SETOP\",VLOOKUP(NRM25,SETOP,5,0),IF(NRP25=\"CPU\",VLOOKUP(NRM25,COMPOSIÇÃO,8,0),VLOOKUP(NRM25,COTAÇÃO,11,0))))","v":19.149999999999999},{"$f":"NRR25*NRS25","v":9.5749999999999993},"ED-50374",{"$f":"IF(NRX25=\"SINAPI\",VLOOKUP(NRU25,SINAPI,2,0),IF(NRX25=\"SETOP\",VLOOKUP(NRU25,SETOP,3,0),IF(NRX25=\"CPU\",VLOOKUP(NRU25,COMPOSIÇÃO,2,0),VLOOKUP(NRU25,COTAÇÃO,3,0))))","v":"BOMBEIRO/ENCANADOR COM ENCARGOS COMPLEMENTARES"},null,"SETOP",{"$f":"IF(NRX25=\"SINAPI\",VLOOKUP(NRU25,SINAPI,3,0),IF(NRX25=\"SETOP\",VLOOKUP(NRU25,SETOP,4,0),IF(NRX25=\"CPU\",VLOOKUP(NRU25,COMPOSIÇÃO,5,0),VLOOKUP(NRU25,COTAÇÃO,8,0))))","v":"HORA"},0.5,{"$f":"IF(NRX25=\"SINAPI\",VLOOKUP(NRU25,SINAPI,4,0),IF(NRX25=\"SETOP\",VLOOKUP(NRU25,SETOP,5,0),IF(NRX25=\"CPU\",VLOOKUP(NRU25,COMPOSIÇÃO,8,0),VLOOKUP(NRU25,COTAÇÃO,11,0))))","v":19.149999999999999},{"$f":"NRZ25*NSA25","v":9.5749999999999993},"ED-50374",{"$f":"IF(NSF25=\"SINAPI\",VLOOKUP(NSC25,SINAPI,2,0),IF(NSF25=\"SETOP\",VLOOKUP(NSC25,SETOP,3,0),IF(NSF25=\"CPU\",VLOOKUP(NSC25,COMPOSIÇÃO,2,0),VLOOKUP(NSC25,COTAÇÃO,3,0))))","v":"BOMBEIRO/ENCANADOR COM ENCARGOS COMPLEMENTARES"},null,"SETOP",{"$f":"IF(NSF25=\"SINAPI\",VLOOKUP(NSC25,SINAPI,3,0),IF(NSF25=\"SETOP\",VLOOKUP(NSC25,SETOP,4,0),IF(NSF25=\"CPU\",VLOOKUP(NSC25,COMPOSIÇÃO,5,0),VLOOKUP(NSC25,COTAÇÃO,8,0))))","v":"HORA"},0.5,{"$f":"IF(NSF25=\"SINAPI\",VLOOKUP(NSC25,SINAPI,4,0),IF(NSF25=\"SETOP\",VLOOKUP(NSC25,SETOP,5,0),IF(NSF25=\"CPU\",VLOOKUP(NSC25,COMPOSIÇÃO,8,0),VLOOKUP(NSC25,COTAÇÃO,11,0))))","v":19.149999999999999},{"$f":"NSH25*NSI25","v":9.5749999999999993},"ED-50374",{"$f":"IF(NSN25=\"SINAPI\",VLOOKUP(NSK25,SINAPI,2,0),IF(NSN25=\"SETOP\",VLOOKUP(NSK25,SETOP,3,0),IF(NSN25=\"CPU\",VLOOKUP(NSK25,COMPOSIÇÃO,2,0),VLOOKUP(NSK25,COTAÇÃO,3,0))))","v":"BOMBEIRO/ENCANADOR COM ENCARGOS COMPLEMENTARES"},null,"SETOP",{"$f":"IF(NSN25=\"SINAPI\",VLOOKUP(NSK25,SINAPI,3,0),IF(NSN25=\"SETOP\",VLOOKUP(NSK25,SETOP,4,0),IF(NSN25=\"CPU\",VLOOKUP(NSK25,COMPOSIÇÃO,5,0),VLOOKUP(NSK25,COTAÇÃO,8,0))))","v":"HORA"},0.5,{"$f":"IF(NSN25=\"SINAPI\",VLOOKUP(NSK25,SINAPI,4,0),IF(NSN25=\"SETOP\",VLOOKUP(NSK25,SETOP,5,0),IF(NSN25=\"CPU\",VLOOKUP(NSK25,COMPOSIÇÃO,8,0),VLOOKUP(NSK25,COTAÇÃO,11,0))))","v":19.149999999999999},{"$f":"NSP25*NSQ25","v":9.5749999999999993},"ED-50374",{"$f":"IF(NSV25=\"SINAPI\",VLOOKUP(NSS25,SINAPI,2,0),IF(NSV25=\"SETOP\",VLOOKUP(NSS25,SETOP,3,0),IF(NSV25=\"CPU\",VLOOKUP(NSS25,COMPOSIÇÃO,2,0),VLOOKUP(NSS25,COTAÇÃO,3,0))))","v":"BOMBEIRO/ENCANADOR COM ENCARGOS COMPLEMENTARES"},null,"SETOP",{"$f":"IF(NSV25=\"SINAPI\",VLOOKUP(NSS25,SINAPI,3,0),IF(NSV25=\"SETOP\",VLOOKUP(NSS25,SETOP,4,0),IF(NSV25=\"CPU\",VLOOKUP(NSS25,COMPOSIÇÃO,5,0),VLOOKUP(NSS25,COTAÇÃO,8,0))))","v":"HORA"},0.5,{"$f":"IF(NSV25=\"SINAPI\",VLOOKUP(NSS25,SINAPI,4,0),IF(NSV25=\"SETOP\",VLOOKUP(NSS25,SETOP,5,0),IF(NSV25=\"CPU\",VLOOKUP(NSS25,COMPOSIÇÃO,8,0),VLOOKUP(NSS25,COTAÇÃO,11,0))))","v":19.149999999999999},{"$f":"NSX25*NSY25","v":9.5749999999999993},"ED-50374",{"$f":"IF(NTD25=\"SINAPI\",VLOOKUP(NTA25,SINAPI,2,0),IF(NTD25=\"SETOP\",VLOOKUP(NTA25,SETOP,3,0),IF(NTD25=\"CPU\",VLOOKUP(NTA25,COMPOSIÇÃO,2,0),VLOOKUP(NTA25,COTAÇÃO,3,0))))","v":"BOMBEIRO/ENCANADOR COM ENCARGOS COMPLEMENTARES"},null,"SETOP",{"$f":"IF(NTD25=\"SINAPI\",VLOOKUP(NTA25,SINAPI,3,0),IF(NTD25=\"SETOP\",VLOOKUP(NTA25,SETOP,4,0),IF(NTD25=\"CPU\",VLOOKUP(NTA25,COMPOSIÇÃO,5,0),VLOOKUP(NTA25,COTAÇÃO,8,0))))","v":"HORA"},0.5,{"$f":"IF(NTD25=\"SINAPI\",VLOOKUP(NTA25,SINAPI,4,0),IF(NTD25=\"SETOP\",VLOOKUP(NTA25,SETOP,5,0),IF(NTD25=\"CPU\",VLOOKUP(NTA25,COMPOSIÇÃO,8,0),VLOOKUP(NTA25,COTAÇÃO,11,0))))","v":19.149999999999999},{"$f":"NTF25*NTG25","v":9.5749999999999993},"ED-50374",{"$f":"IF(NTL25=\"SINAPI\",VLOOKUP(NTI25,SINAPI,2,0),IF(NTL25=\"SETOP\",VLOOKUP(NTI25,SETOP,3,0),IF(NTL25=\"CPU\",VLOOKUP(NTI25,COMPOSIÇÃO,2,0),VLOOKUP(NTI25,COTAÇÃO,3,0))))","v":"BOMBEIRO/ENCANADOR COM ENCARGOS COMPLEMENTARES"},null,"SETOP",{"$f":"IF(NTL25=\"SINAPI\",VLOOKUP(NTI25,SINAPI,3,0),IF(NTL25=\"SETOP\",VLOOKUP(NTI25,SETOP,4,0),IF(NTL25=\"CPU\",VLOOKUP(NTI25,COMPOSIÇÃO,5,0),VLOOKUP(NTI25,COTAÇÃO,8,0))))","v":"HORA"},0.5,{"$f":"IF(NTL25=\"SINAPI\",VLOOKUP(NTI25,SINAPI,4,0),IF(NTL25=\"SETOP\",VLOOKUP(NTI25,SETOP,5,0),IF(NTL25=\"CPU\",VLOOKUP(NTI25,COMPOSIÇÃO,8,0),VLOOKUP(NTI25,COTAÇÃO,11,0))))","v":19.149999999999999},{"$f":"NTN25*NTO25","v":9.5749999999999993},"ED-50374",{"$f":"IF(NTT25=\"SINAPI\",VLOOKUP(NTQ25,SINAPI,2,0),IF(NTT25=\"SETOP\",VLOOKUP(NTQ25,SETOP,3,0),IF(NTT25=\"CPU\",VLOOKUP(NTQ25,COMPOSIÇÃO,2,0),VLOOKUP(NTQ25,COTAÇÃO,3,0))))","v":"BOMBEIRO/ENCANADOR COM ENCARGOS COMPLEMENTARES"},null,"SETOP",{"$f":"IF(NTT25=\"SINAPI\",VLOOKUP(NTQ25,SINAPI,3,0),IF(NTT25=\"SETOP\",VLOOKUP(NTQ25,SETOP,4,0),IF(NTT25=\"CPU\",VLOOKUP(NTQ25,COMPOSIÇÃO,5,0),VLOOKUP(NTQ25,COTAÇÃO,8,0))))","v":"HORA"},0.5,{"$f":"IF(NTT25=\"SINAPI\",VLOOKUP(NTQ25,SINAPI,4,0),IF(NTT25=\"SETOP\",VLOOKUP(NTQ25,SETOP,5,0),IF(NTT25=\"CPU\",VLOOKUP(NTQ25,COMPOSIÇÃO,8,0),VLOOKUP(NTQ25,COTAÇÃO,11,0))))","v":19.149999999999999},{"$f":"NTV25*NTW25","v":9.5749999999999993},"ED-50374",{"$f":"IF(NUB25=\"SINAPI\",VLOOKUP(NTY25,SINAPI,2,0),IF(NUB25=\"SETOP\",VLOOKUP(NTY25,SETOP,3,0),IF(NUB25=\"CPU\",VLOOKUP(NTY25,COMPOSIÇÃO,2,0),VLOOKUP(NTY25,COTAÇÃO,3,0))))","v":"BOMBEIRO/ENCANADOR COM ENCARGOS COMPLEMENTARES"},null,"SETOP",{"$f":"IF(NUB25=\"SINAPI\",VLOOKUP(NTY25,SINAPI,3,0),IF(NUB25=\"SETOP\",VLOOKUP(NTY25,SETOP,4,0),IF(NUB25=\"CPU\",VLOOKUP(NTY25,COMPOSIÇÃO,5,0),VLOOKUP(NTY25,COTAÇÃO,8,0))))","v":"HORA"},0.5,{"$f":"IF(NUB25=\"SINAPI\",VLOOKUP(NTY25,SINAPI,4,0),IF(NUB25=\"SETOP\",VLOOKUP(NTY25,SETOP,5,0),IF(NUB25=\"CPU\",VLOOKUP(NTY25,COMPOSIÇÃO,8,0),VLOOKUP(NTY25,COTAÇÃO,11,0))))","v":19.149999999999999},{"$f":"NUD25*NUE25","v":9.5749999999999993},"ED-50374",{"$f":"IF(NUJ25=\"SINAPI\",VLOOKUP(NUG25,SINAPI,2,0),IF(NUJ25=\"SETOP\",VLOOKUP(NUG25,SETOP,3,0),IF(NUJ25=\"CPU\",VLOOKUP(NUG25,COMPOSIÇÃO,2,0),VLOOKUP(NUG25,COTAÇÃO,3,0))))","v":"BOMBEIRO/ENCANADOR COM ENCARGOS COMPLEMENTARES"},null,"SETOP",{"$f":"IF(NUJ25=\"SINAPI\",VLOOKUP(NUG25,SINAPI,3,0),IF(NUJ25=\"SETOP\",VLOOKUP(NUG25,SETOP,4,0),IF(NUJ25=\"CPU\",VLOOKUP(NUG25,COMPOSIÇÃO,5,0),VLOOKUP(NUG25,COTAÇÃO,8,0))))","v":"HORA"},0.5,{"$f":"IF(NUJ25=\"SINAPI\",VLOOKUP(NUG25,SINAPI,4,0),IF(NUJ25=\"SETOP\",VLOOKUP(NUG25,SETOP,5,0),IF(NUJ25=\"CPU\",VLOOKUP(NUG25,COMPOSIÇÃO,8,0),VLOOKUP(NUG25,COTAÇÃO,11,0))))","v":19.149999999999999},{"$f":"NUL25*NUM25","v":9.5749999999999993},"ED-50374",{"$f":"IF(NUR25=\"SINAPI\",VLOOKUP(NUO25,SINAPI,2,0),IF(NUR25=\"SETOP\",VLOOKUP(NUO25,SETOP,3,0),IF(NUR25=\"CPU\",VLOOKUP(NUO25,COMPOSIÇÃO,2,0),VLOOKUP(NUO25,COTAÇÃO,3,0))))","v":"BOMBEIRO/ENCANADOR COM ENCARGOS COMPLEMENTARES"},null,"SETOP",{"$f":"IF(NUR25=\"SINAPI\",VLOOKUP(NUO25,SINAPI,3,0),IF(NUR25=\"SETOP\",VLOOKUP(NUO25,SETOP,4,0),IF(NUR25=\"CPU\",VLOOKUP(NUO25,COMPOSIÇÃO,5,0),VLOOKUP(NUO25,COTAÇÃO,8,0))))","v":"HORA"},0.5,{"$f":"IF(NUR25=\"SINAPI\",VLOOKUP(NUO25,SINAPI,4,0),IF(NUR25=\"SETOP\",VLOOKUP(NUO25,SETOP,5,0),IF(NUR25=\"CPU\",VLOOKUP(NUO25,COMPOSIÇÃO,8,0),VLOOKUP(NUO25,COTAÇÃO,11,0))))","v":19.149999999999999},{"$f":"NUT25*NUU25","v":9.5749999999999993},"ED-50374",{"$f":"IF(NUZ25=\"SINAPI\",VLOOKUP(NUW25,SINAPI,2,0),IF(NUZ25=\"SETOP\",VLOOKUP(NUW25,SETOP,3,0),IF(NUZ25=\"CPU\",VLOOKUP(NUW25,COMPOSIÇÃO,2,0),VLOOKUP(NUW25,COTAÇÃO,3,0))))","v":"BOMBEIRO/ENCANADOR COM ENCARGOS COMPLEMENTARES"},null,"SETOP",{"$f":"IF(NUZ25=\"SINAPI\",VLOOKUP(NUW25,SINAPI,3,0),IF(NUZ25=\"SETOP\",VLOOKUP(NUW25,SETOP,4,0),IF(NUZ25=\"CPU\",VLOOKUP(NUW25,COMPOSIÇÃO,5,0),VLOOKUP(NUW25,COTAÇÃO,8,0))))","v":"HORA"},0.5,{"$f":"IF(NUZ25=\"SINAPI\",VLOOKUP(NUW25,SINAPI,4,0),IF(NUZ25=\"SETOP\",VLOOKUP(NUW25,SETOP,5,0),IF(NUZ25=\"CPU\",VLOOKUP(NUW25,COMPOSIÇÃO,8,0),VLOOKUP(NUW25,COTAÇÃO,11,0))))","v":19.149999999999999},{"$f":"NVB25*NVC25","v":9.5749999999999993},"ED-50374",{"$f":"IF(NVH25=\"SINAPI\",VLOOKUP(NVE25,SINAPI,2,0),IF(NVH25=\"SETOP\",VLOOKUP(NVE25,SETOP,3,0),IF(NVH25=\"CPU\",VLOOKUP(NVE25,COMPOSIÇÃO,2,0),VLOOKUP(NVE25,COTAÇÃO,3,0))))","v":"BOMBEIRO/ENCANADOR COM ENCARGOS COMPLEMENTARES"},null,"SETOP",{"$f":"IF(NVH25=\"SINAPI\",VLOOKUP(NVE25,SINAPI,3,0),IF(NVH25=\"SETOP\",VLOOKUP(NVE25,SETOP,4,0),IF(NVH25=\"CPU\",VLOOKUP(NVE25,COMPOSIÇÃO,5,0),VLOOKUP(NVE25,COTAÇÃO,8,0))))","v":"HORA"},0.5,{"$f":"IF(NVH25=\"SINAPI\",VLOOKUP(NVE25,SINAPI,4,0),IF(NVH25=\"SETOP\",VLOOKUP(NVE25,SETOP,5,0),IF(NVH25=\"CPU\",VLOOKUP(NVE25,COMPOSIÇÃO,8,0),VLOOKUP(NVE25,COTAÇÃO,11,0))))","v":19.149999999999999},{"$f":"NVJ25*NVK25","v":9.5749999999999993},"ED-50374",{"$f":"IF(NVP25=\"SINAPI\",VLOOKUP(NVM25,SINAPI,2,0),IF(NVP25=\"SETOP\",VLOOKUP(NVM25,SETOP,3,0),IF(NVP25=\"CPU\",VLOOKUP(NVM25,COMPOSIÇÃO,2,0),VLOOKUP(NVM25,COTAÇÃO,3,0))))","v":"BOMBEIRO/ENCANADOR COM ENCARGOS COMPLEMENTARES"},null,"SETOP",{"$f":"IF(NVP25=\"SINAPI\",VLOOKUP(NVM25,SINAPI,3,0),IF(NVP25=\"SETOP\",VLOOKUP(NVM25,SETOP,4,0),IF(NVP25=\"CPU\",VLOOKUP(NVM25,COMPOSIÇÃO,5,0),VLOOKUP(NVM25,COTAÇÃO,8,0))))","v":"HORA"},0.5,{"$f":"IF(NVP25=\"SINAPI\",VLOOKUP(NVM25,SINAPI,4,0),IF(NVP25=\"SETOP\",VLOOKUP(NVM25,SETOP,5,0),IF(NVP25=\"CPU\",VLOOKUP(NVM25,COMPOSIÇÃO,8,0),VLOOKUP(NVM25,COTAÇÃO,11,0))))","v":19.149999999999999},{"$f":"NVR25*NVS25","v":9.5749999999999993},"ED-50374",{"$f":"IF(NVX25=\"SINAPI\",VLOOKUP(NVU25,SINAPI,2,0),IF(NVX25=\"SETOP\",VLOOKUP(NVU25,SETOP,3,0),IF(NVX25=\"CPU\",VLOOKUP(NVU25,COMPOSIÇÃO,2,0),VLOOKUP(NVU25,COTAÇÃO,3,0))))","v":"BOMBEIRO/ENCANADOR COM ENCARGOS COMPLEMENTARES"},null,"SETOP",{"$f":"IF(NVX25=\"SINAPI\",VLOOKUP(NVU25,SINAPI,3,0),IF(NVX25=\"SETOP\",VLOOKUP(NVU25,SETOP,4,0),IF(NVX25=\"CPU\",VLOOKUP(NVU25,COMPOSIÇÃO,5,0),VLOOKUP(NVU25,COTAÇÃO,8,0))))","v":"HORA"},0.5,{"$f":"IF(NVX25=\"SINAPI\",VLOOKUP(NVU25,SINAPI,4,0),IF(NVX25=\"SETOP\",VLOOKUP(NVU25,SETOP,5,0),IF(NVX25=\"CPU\",VLOOKUP(NVU25,COMPOSIÇÃO,8,0),VLOOKUP(NVU25,COTAÇÃO,11,0))))","v":19.149999999999999},{"$f":"NVZ25*NWA25","v":9.5749999999999993},"ED-50374",{"$f":"IF(NWF25=\"SINAPI\",VLOOKUP(NWC25,SINAPI,2,0),IF(NWF25=\"SETOP\",VLOOKUP(NWC25,SETOP,3,0),IF(NWF25=\"CPU\",VLOOKUP(NWC25,COMPOSIÇÃO,2,0),VLOOKUP(NWC25,COTAÇÃO,3,0))))","v":"BOMBEIRO/ENCANADOR COM ENCARGOS COMPLEMENTARES"},null,"SETOP",{"$f":"IF(NWF25=\"SINAPI\",VLOOKUP(NWC25,SINAPI,3,0),IF(NWF25=\"SETOP\",VLOOKUP(NWC25,SETOP,4,0),IF(NWF25=\"CPU\",VLOOKUP(NWC25,COMPOSIÇÃO,5,0),VLOOKUP(NWC25,COTAÇÃO,8,0))))","v":"HORA"},0.5,{"$f":"IF(NWF25=\"SINAPI\",VLOOKUP(NWC25,SINAPI,4,0),IF(NWF25=\"SETOP\",VLOOKUP(NWC25,SETOP,5,0),IF(NWF25=\"CPU\",VLOOKUP(NWC25,COMPOSIÇÃO,8,0),VLOOKUP(NWC25,COTAÇÃO,11,0))))","v":19.149999999999999},{"$f":"NWH25*NWI25","v":9.5749999999999993},"ED-50374",{"$f":"IF(NWN25=\"SINAPI\",VLOOKUP(NWK25,SINAPI,2,0),IF(NWN25=\"SETOP\",VLOOKUP(NWK25,SETOP,3,0),IF(NWN25=\"CPU\",VLOOKUP(NWK25,COMPOSIÇÃO,2,0),VLOOKUP(NWK25,COTAÇÃO,3,0))))","v":"BOMBEIRO/ENCANADOR COM ENCARGOS COMPLEMENTARES"},null,"SETOP",{"$f":"IF(NWN25=\"SINAPI\",VLOOKUP(NWK25,SINAPI,3,0),IF(NWN25=\"SETOP\",VLOOKUP(NWK25,SETOP,4,0),IF(NWN25=\"CPU\",VLOOKUP(NWK25,COMPOSIÇÃO,5,0),VLOOKUP(NWK25,COTAÇÃO,8,0))))","v":"HORA"},0.5,{"$f":"IF(NWN25=\"SINAPI\",VLOOKUP(NWK25,SINAPI,4,0),IF(NWN25=\"SETOP\",VLOOKUP(NWK25,SETOP,5,0),IF(NWN25=\"CPU\",VLOOKUP(NWK25,COMPOSIÇÃO,8,0),VLOOKUP(NWK25,COTAÇÃO,11,0))))","v":19.149999999999999},{"$f":"NWP25*NWQ25","v":9.5749999999999993},"ED-50374",{"$f":"IF(NWV25=\"SINAPI\",VLOOKUP(NWS25,SINAPI,2,0),IF(NWV25=\"SETOP\",VLOOKUP(NWS25,SETOP,3,0),IF(NWV25=\"CPU\",VLOOKUP(NWS25,COMPOSIÇÃO,2,0),VLOOKUP(NWS25,COTAÇÃO,3,0))))","v":"BOMBEIRO/ENCANADOR COM ENCARGOS COMPLEMENTARES"},null,"SETOP",{"$f":"IF(NWV25=\"SINAPI\",VLOOKUP(NWS25,SINAPI,3,0),IF(NWV25=\"SETOP\",VLOOKUP(NWS25,SETOP,4,0),IF(NWV25=\"CPU\",VLOOKUP(NWS25,COMPOSIÇÃO,5,0),VLOOKUP(NWS25,COTAÇÃO,8,0))))","v":"HORA"},0.5,{"$f":"IF(NWV25=\"SINAPI\",VLOOKUP(NWS25,SINAPI,4,0),IF(NWV25=\"SETOP\",VLOOKUP(NWS25,SETOP,5,0),IF(NWV25=\"CPU\",VLOOKUP(NWS25,COMPOSIÇÃO,8,0),VLOOKUP(NWS25,COTAÇÃO,11,0))))","v":19.149999999999999},{"$f":"NWX25*NWY25","v":9.5749999999999993},"ED-50374",{"$f":"IF(NXD25=\"SINAPI\",VLOOKUP(NXA25,SINAPI,2,0),IF(NXD25=\"SETOP\",VLOOKUP(NXA25,SETOP,3,0),IF(NXD25=\"CPU\",VLOOKUP(NXA25,COMPOSIÇÃO,2,0),VLOOKUP(NXA25,COTAÇÃO,3,0))))","v":"BOMBEIRO/ENCANADOR COM ENCARGOS COMPLEMENTARES"},null,"SETOP",{"$f":"IF(NXD25=\"SINAPI\",VLOOKUP(NXA25,SINAPI,3,0),IF(NXD25=\"SETOP\",VLOOKUP(NXA25,SETOP,4,0),IF(NXD25=\"CPU\",VLOOKUP(NXA25,COMPOSIÇÃO,5,0),VLOOKUP(NXA25,COTAÇÃO,8,0))))","v":"HORA"},0.5,{"$f":"IF(NXD25=\"SINAPI\",VLOOKUP(NXA25,SINAPI,4,0),IF(NXD25=\"SETOP\",VLOOKUP(NXA25,SETOP,5,0),IF(NXD25=\"CPU\",VLOOKUP(NXA25,COMPOSIÇÃO,8,0),VLOOKUP(NXA25,COTAÇÃO,11,0))))","v":19.149999999999999},{"$f":"NXF25*NXG25","v":9.5749999999999993},"ED-50374",{"$f":"IF(NXL25=\"SINAPI\",VLOOKUP(NXI25,SINAPI,2,0),IF(NXL25=\"SETOP\",VLOOKUP(NXI25,SETOP,3,0),IF(NXL25=\"CPU\",VLOOKUP(NXI25,COMPOSIÇÃO,2,0),VLOOKUP(NXI25,COTAÇÃO,3,0))))","v":"BOMBEIRO/ENCANADOR COM ENCARGOS COMPLEMENTARES"},null,"SETOP",{"$f":"IF(NXL25=\"SINAPI\",VLOOKUP(NXI25,SINAPI,3,0),IF(NXL25=\"SETOP\",VLOOKUP(NXI25,SETOP,4,0),IF(NXL25=\"CPU\",VLOOKUP(NXI25,COMPOSIÇÃO,5,0),VLOOKUP(NXI25,COTAÇÃO,8,0))))","v":"HORA"},0.5,{"$f":"IF(NXL25=\"SINAPI\",VLOOKUP(NXI25,SINAPI,4,0),IF(NXL25=\"SETOP\",VLOOKUP(NXI25,SETOP,5,0),IF(NXL25=\"CPU\",VLOOKUP(NXI25,COMPOSIÇÃO,8,0),VLOOKUP(NXI25,COTAÇÃO,11,0))))","v":19.149999999999999},{"$f":"NXN25*NXO25","v":9.5749999999999993},"ED-50374",{"$f":"IF(NXT25=\"SINAPI\",VLOOKUP(NXQ25,SINAPI,2,0),IF(NXT25=\"SETOP\",VLOOKUP(NXQ25,SETOP,3,0),IF(NXT25=\"CPU\",VLOOKUP(NXQ25,COMPOSIÇÃO,2,0),VLOOKUP(NXQ25,COTAÇÃO,3,0))))","v":"BOMBEIRO/ENCANADOR COM ENCARGOS COMPLEMENTARES"},null,"SETOP",{"$f":"IF(NXT25=\"SINAPI\",VLOOKUP(NXQ25,SINAPI,3,0),IF(NXT25=\"SETOP\",VLOOKUP(NXQ25,SETOP,4,0),IF(NXT25=\"CPU\",VLOOKUP(NXQ25,COMPOSIÇÃO,5,0),VLOOKUP(NXQ25,COTAÇÃO,8,0))))","v":"HORA"},0.5,{"$f":"IF(NXT25=\"SINAPI\",VLOOKUP(NXQ25,SINAPI,4,0),IF(NXT25=\"SETOP\",VLOOKUP(NXQ25,SETOP,5,0),IF(NXT25=\"CPU\",VLOOKUP(NXQ25,COMPOSIÇÃO,8,0),VLOOKUP(NXQ25,COTAÇÃO,11,0))))","v":19.149999999999999},{"$f":"NXV25*NXW25","v":9.5749999999999993},"ED-50374",{"$f":"IF(NYB25=\"SINAPI\",VLOOKUP(NXY25,SINAPI,2,0),IF(NYB25=\"SETOP\",VLOOKUP(NXY25,SETOP,3,0),IF(NYB25=\"CPU\",VLOOKUP(NXY25,COMPOSIÇÃO,2,0),VLOOKUP(NXY25,COTAÇÃO,3,0))))","v":"BOMBEIRO/ENCANADOR COM ENCARGOS COMPLEMENTARES"},null,"SETOP",{"$f":"IF(NYB25=\"SINAPI\",VLOOKUP(NXY25,SINAPI,3,0),IF(NYB25=\"SETOP\",VLOOKUP(NXY25,SETOP,4,0),IF(NYB25=\"CPU\",VLOOKUP(NXY25,COMPOSIÇÃO,5,0),VLOOKUP(NXY25,COTAÇÃO,8,0))))","v":"HORA"},0.5,{"$f":"IF(NYB25=\"SINAPI\",VLOOKUP(NXY25,SINAPI,4,0),IF(NYB25=\"SETOP\",VLOOKUP(NXY25,SETOP,5,0),IF(NYB25=\"CPU\",VLOOKUP(NXY25,COMPOSIÇÃO,8,0),VLOOKUP(NXY25,COTAÇÃO,11,0))))","v":19.149999999999999},{"$f":"NYD25*NYE25","v":9.5749999999999993},"ED-50374",{"$f":"IF(NYJ25=\"SINAPI\",VLOOKUP(NYG25,SINAPI,2,0),IF(NYJ25=\"SETOP\",VLOOKUP(NYG25,SETOP,3,0),IF(NYJ25=\"CPU\",VLOOKUP(NYG25,COMPOSIÇÃO,2,0),VLOOKUP(NYG25,COTAÇÃO,3,0))))","v":"BOMBEIRO/ENCANADOR COM ENCARGOS COMPLEMENTARES"},null,"SETOP",{"$f":"IF(NYJ25=\"SINAPI\",VLOOKUP(NYG25,SINAPI,3,0),IF(NYJ25=\"SETOP\",VLOOKUP(NYG25,SETOP,4,0),IF(NYJ25=\"CPU\",VLOOKUP(NYG25,COMPOSIÇÃO,5,0),VLOOKUP(NYG25,COTAÇÃO,8,0))))","v":"HORA"},0.5,{"$f":"IF(NYJ25=\"SINAPI\",VLOOKUP(NYG25,SINAPI,4,0),IF(NYJ25=\"SETOP\",VLOOKUP(NYG25,SETOP,5,0),IF(NYJ25=\"CPU\",VLOOKUP(NYG25,COMPOSIÇÃO,8,0),VLOOKUP(NYG25,COTAÇÃO,11,0))))","v":19.149999999999999},{"$f":"NYL25*NYM25","v":9.5749999999999993},"ED-50374",{"$f":"IF(NYR25=\"SINAPI\",VLOOKUP(NYO25,SINAPI,2,0),IF(NYR25=\"SETOP\",VLOOKUP(NYO25,SETOP,3,0),IF(NYR25=\"CPU\",VLOOKUP(NYO25,COMPOSIÇÃO,2,0),VLOOKUP(NYO25,COTAÇÃO,3,0))))","v":"BOMBEIRO/ENCANADOR COM ENCARGOS COMPLEMENTARES"},null,"SETOP",{"$f":"IF(NYR25=\"SINAPI\",VLOOKUP(NYO25,SINAPI,3,0),IF(NYR25=\"SETOP\",VLOOKUP(NYO25,SETOP,4,0),IF(NYR25=\"CPU\",VLOOKUP(NYO25,COMPOSIÇÃO,5,0),VLOOKUP(NYO25,COTAÇÃO,8,0))))","v":"HORA"},0.5,{"$f":"IF(NYR25=\"SINAPI\",VLOOKUP(NYO25,SINAPI,4,0),IF(NYR25=\"SETOP\",VLOOKUP(NYO25,SETOP,5,0),IF(NYR25=\"CPU\",VLOOKUP(NYO25,COMPOSIÇÃO,8,0),VLOOKUP(NYO25,COTAÇÃO,11,0))))","v":19.149999999999999},{"$f":"NYT25*NYU25","v":9.5749999999999993},"ED-50374",{"$f":"IF(NYZ25=\"SINAPI\",VLOOKUP(NYW25,SINAPI,2,0),IF(NYZ25=\"SETOP\",VLOOKUP(NYW25,SETOP,3,0),IF(NYZ25=\"CPU\",VLOOKUP(NYW25,COMPOSIÇÃO,2,0),VLOOKUP(NYW25,COTAÇÃO,3,0))))","v":"BOMBEIRO/ENCANADOR COM ENCARGOS COMPLEMENTARES"},null,"SETOP",{"$f":"IF(NYZ25=\"SINAPI\",VLOOKUP(NYW25,SINAPI,3,0),IF(NYZ25=\"SETOP\",VLOOKUP(NYW25,SETOP,4,0),IF(NYZ25=\"CPU\",VLOOKUP(NYW25,COMPOSIÇÃO,5,0),VLOOKUP(NYW25,COTAÇÃO,8,0))))","v":"HORA"},0.5,{"$f":"IF(NYZ25=\"SINAPI\",VLOOKUP(NYW25,SINAPI,4,0),IF(NYZ25=\"SETOP\",VLOOKUP(NYW25,SETOP,5,0),IF(NYZ25=\"CPU\",VLOOKUP(NYW25,COMPOSIÇÃO,8,0),VLOOKUP(NYW25,COTAÇÃO,11,0))))","v":19.149999999999999},{"$f":"NZB25*NZC25","v":9.5749999999999993},"ED-50374",{"$f":"IF(NZH25=\"SINAPI\",VLOOKUP(NZE25,SINAPI,2,0),IF(NZH25=\"SETOP\",VLOOKUP(NZE25,SETOP,3,0),IF(NZH25=\"CPU\",VLOOKUP(NZE25,COMPOSIÇÃO,2,0),VLOOKUP(NZE25,COTAÇÃO,3,0))))","v":"BOMBEIRO/ENCANADOR COM ENCARGOS COMPLEMENTARES"},null,"SETOP",{"$f":"IF(NZH25=\"SINAPI\",VLOOKUP(NZE25,SINAPI,3,0),IF(NZH25=\"SETOP\",VLOOKUP(NZE25,SETOP,4,0),IF(NZH25=\"CPU\",VLOOKUP(NZE25,COMPOSIÇÃO,5,0),VLOOKUP(NZE25,COTAÇÃO,8,0))))","v":"HORA"},0.5,{"$f":"IF(NZH25=\"SINAPI\",VLOOKUP(NZE25,SINAPI,4,0),IF(NZH25=\"SETOP\",VLOOKUP(NZE25,SETOP,5,0),IF(NZH25=\"CPU\",VLOOKUP(NZE25,COMPOSIÇÃO,8,0),VLOOKUP(NZE25,COTAÇÃO,11,0))))","v":19.149999999999999},{"$f":"NZJ25*NZK25","v":9.5749999999999993},"ED-50374",{"$f":"IF(NZP25=\"SINAPI\",VLOOKUP(NZM25,SINAPI,2,0),IF(NZP25=\"SETOP\",VLOOKUP(NZM25,SETOP,3,0),IF(NZP25=\"CPU\",VLOOKUP(NZM25,COMPOSIÇÃO,2,0),VLOOKUP(NZM25,COTAÇÃO,3,0))))","v":"BOMBEIRO/ENCANADOR COM ENCARGOS COMPLEMENTARES"},null,"SETOP",{"$f":"IF(NZP25=\"SINAPI\",VLOOKUP(NZM25,SINAPI,3,0),IF(NZP25=\"SETOP\",VLOOKUP(NZM25,SETOP,4,0),IF(NZP25=\"CPU\",VLOOKUP(NZM25,COMPOSIÇÃO,5,0),VLOOKUP(NZM25,COTAÇÃO,8,0))))","v":"HORA"},0.5,{"$f":"IF(NZP25=\"SINAPI\",VLOOKUP(NZM25,SINAPI,4,0),IF(NZP25=\"SETOP\",VLOOKUP(NZM25,SETOP,5,0),IF(NZP25=\"CPU\",VLOOKUP(NZM25,COMPOSIÇÃO,8,0),VLOOKUP(NZM25,COTAÇÃO,11,0))))","v":19.149999999999999},{"$f":"NZR25*NZS25","v":9.5749999999999993},"ED-50374",{"$f":"IF(NZX25=\"SINAPI\",VLOOKUP(NZU25,SINAPI,2,0),IF(NZX25=\"SETOP\",VLOOKUP(NZU25,SETOP,3,0),IF(NZX25=\"CPU\",VLOOKUP(NZU25,COMPOSIÇÃO,2,0),VLOOKUP(NZU25,COTAÇÃO,3,0))))","v":"BOMBEIRO/ENCANADOR COM ENCARGOS COMPLEMENTARES"},null,"SETOP",{"$f":"IF(NZX25=\"SINAPI\",VLOOKUP(NZU25,SINAPI,3,0),IF(NZX25=\"SETOP\",VLOOKUP(NZU25,SETOP,4,0),IF(NZX25=\"CPU\",VLOOKUP(NZU25,COMPOSIÇÃO,5,0),VLOOKUP(NZU25,COTAÇÃO,8,0))))","v":"HORA"},0.5,{"$f":"IF(NZX25=\"SINAPI\",VLOOKUP(NZU25,SINAPI,4,0),IF(NZX25=\"SETOP\",VLOOKUP(NZU25,SETOP,5,0),IF(NZX25=\"CPU\",VLOOKUP(NZU25,COMPOSIÇÃO,8,0),VLOOKUP(NZU25,COTAÇÃO,11,0))))","v":19.149999999999999},{"$f":"NZZ25*OAA25","v":9.5749999999999993},"ED-50374",{"$f":"IF(OAF25=\"SINAPI\",VLOOKUP(OAC25,SINAPI,2,0),IF(OAF25=\"SETOP\",VLOOKUP(OAC25,SETOP,3,0),IF(OAF25=\"CPU\",VLOOKUP(OAC25,COMPOSIÇÃO,2,0),VLOOKUP(OAC25,COTAÇÃO,3,0))))","v":"BOMBEIRO/ENCANADOR COM ENCARGOS COMPLEMENTARES"},null,"SETOP",{"$f":"IF(OAF25=\"SINAPI\",VLOOKUP(OAC25,SINAPI,3,0),IF(OAF25=\"SETOP\",VLOOKUP(OAC25,SETOP,4,0),IF(OAF25=\"CPU\",VLOOKUP(OAC25,COMPOSIÇÃO,5,0),VLOOKUP(OAC25,COTAÇÃO,8,0))))","v":"HORA"},0.5,{"$f":"IF(OAF25=\"SINAPI\",VLOOKUP(OAC25,SINAPI,4,0),IF(OAF25=\"SETOP\",VLOOKUP(OAC25,SETOP,5,0),IF(OAF25=\"CPU\",VLOOKUP(OAC25,COMPOSIÇÃO,8,0),VLOOKUP(OAC25,COTAÇÃO,11,0))))","v":19.149999999999999},{"$f":"OAH25*OAI25","v":9.5749999999999993},"ED-50374",{"$f":"IF(OAN25=\"SINAPI\",VLOOKUP(OAK25,SINAPI,2,0),IF(OAN25=\"SETOP\",VLOOKUP(OAK25,SETOP,3,0),IF(OAN25=\"CPU\",VLOOKUP(OAK25,COMPOSIÇÃO,2,0),VLOOKUP(OAK25,COTAÇÃO,3,0))))","v":"BOMBEIRO/ENCANADOR COM ENCARGOS COMPLEMENTARES"},null,"SETOP",{"$f":"IF(OAN25=\"SINAPI\",VLOOKUP(OAK25,SINAPI,3,0),IF(OAN25=\"SETOP\",VLOOKUP(OAK25,SETOP,4,0),IF(OAN25=\"CPU\",VLOOKUP(OAK25,COMPOSIÇÃO,5,0),VLOOKUP(OAK25,COTAÇÃO,8,0))))","v":"HORA"},0.5,{"$f":"IF(OAN25=\"SINAPI\",VLOOKUP(OAK25,SINAPI,4,0),IF(OAN25=\"SETOP\",VLOOKUP(OAK25,SETOP,5,0),IF(OAN25=\"CPU\",VLOOKUP(OAK25,COMPOSIÇÃO,8,0),VLOOKUP(OAK25,COTAÇÃO,11,0))))","v":19.149999999999999},{"$f":"OAP25*OAQ25","v":9.5749999999999993},"ED-50374",{"$f":"IF(OAV25=\"SINAPI\",VLOOKUP(OAS25,SINAPI,2,0),IF(OAV25=\"SETOP\",VLOOKUP(OAS25,SETOP,3,0),IF(OAV25=\"CPU\",VLOOKUP(OAS25,COMPOSIÇÃO,2,0),VLOOKUP(OAS25,COTAÇÃO,3,0))))","v":"BOMBEIRO/ENCANADOR COM ENCARGOS COMPLEMENTARES"},null,"SETOP",{"$f":"IF(OAV25=\"SINAPI\",VLOOKUP(OAS25,SINAPI,3,0),IF(OAV25=\"SETOP\",VLOOKUP(OAS25,SETOP,4,0),IF(OAV25=\"CPU\",VLOOKUP(OAS25,COMPOSIÇÃO,5,0),VLOOKUP(OAS25,COTAÇÃO,8,0))))","v":"HORA"},0.5,{"$f":"IF(OAV25=\"SINAPI\",VLOOKUP(OAS25,SINAPI,4,0),IF(OAV25=\"SETOP\",VLOOKUP(OAS25,SETOP,5,0),IF(OAV25=\"CPU\",VLOOKUP(OAS25,COMPOSIÇÃO,8,0),VLOOKUP(OAS25,COTAÇÃO,11,0))))","v":19.149999999999999},{"$f":"OAX25*OAY25","v":9.5749999999999993},"ED-50374",{"$f":"IF(OBD25=\"SINAPI\",VLOOKUP(OBA25,SINAPI,2,0),IF(OBD25=\"SETOP\",VLOOKUP(OBA25,SETOP,3,0),IF(OBD25=\"CPU\",VLOOKUP(OBA25,COMPOSIÇÃO,2,0),VLOOKUP(OBA25,COTAÇÃO,3,0))))","v":"BOMBEIRO/ENCANADOR COM ENCARGOS COMPLEMENTARES"},null,"SETOP",{"$f":"IF(OBD25=\"SINAPI\",VLOOKUP(OBA25,SINAPI,3,0),IF(OBD25=\"SETOP\",VLOOKUP(OBA25,SETOP,4,0),IF(OBD25=\"CPU\",VLOOKUP(OBA25,COMPOSIÇÃO,5,0),VLOOKUP(OBA25,COTAÇÃO,8,0))))","v":"HORA"},0.5,{"$f":"IF(OBD25=\"SINAPI\",VLOOKUP(OBA25,SINAPI,4,0),IF(OBD25=\"SETOP\",VLOOKUP(OBA25,SETOP,5,0),IF(OBD25=\"CPU\",VLOOKUP(OBA25,COMPOSIÇÃO,8,0),VLOOKUP(OBA25,COTAÇÃO,11,0))))","v":19.149999999999999},{"$f":"OBF25*OBG25","v":9.5749999999999993},"ED-50374",{"$f":"IF(OBL25=\"SINAPI\",VLOOKUP(OBI25,SINAPI,2,0),IF(OBL25=\"SETOP\",VLOOKUP(OBI25,SETOP,3,0),IF(OBL25=\"CPU\",VLOOKUP(OBI25,COMPOSIÇÃO,2,0),VLOOKUP(OBI25,COTAÇÃO,3,0))))","v":"BOMBEIRO/ENCANADOR COM ENCARGOS COMPLEMENTARES"},null,"SETOP",{"$f":"IF(OBL25=\"SINAPI\",VLOOKUP(OBI25,SINAPI,3,0),IF(OBL25=\"SETOP\",VLOOKUP(OBI25,SETOP,4,0),IF(OBL25=\"CPU\",VLOOKUP(OBI25,COMPOSIÇÃO,5,0),VLOOKUP(OBI25,COTAÇÃO,8,0))))","v":"HORA"},0.5,{"$f":"IF(OBL25=\"SINAPI\",VLOOKUP(OBI25,SINAPI,4,0),IF(OBL25=\"SETOP\",VLOOKUP(OBI25,SETOP,5,0),IF(OBL25=\"CPU\",VLOOKUP(OBI25,COMPOSIÇÃO,8,0),VLOOKUP(OBI25,COTAÇÃO,11,0))))","v":19.149999999999999},{"$f":"OBN25*OBO25","v":9.5749999999999993},"ED-50374",{"$f":"IF(OBT25=\"SINAPI\",VLOOKUP(OBQ25,SINAPI,2,0),IF(OBT25=\"SETOP\",VLOOKUP(OBQ25,SETOP,3,0),IF(OBT25=\"CPU\",VLOOKUP(OBQ25,COMPOSIÇÃO,2,0),VLOOKUP(OBQ25,COTAÇÃO,3,0))))","v":"BOMBEIRO/ENCANADOR COM ENCARGOS COMPLEMENTARES"},null,"SETOP",{"$f":"IF(OBT25=\"SINAPI\",VLOOKUP(OBQ25,SINAPI,3,0),IF(OBT25=\"SETOP\",VLOOKUP(OBQ25,SETOP,4,0),IF(OBT25=\"CPU\",VLOOKUP(OBQ25,COMPOSIÇÃO,5,0),VLOOKUP(OBQ25,COTAÇÃO,8,0))))","v":"HORA"},0.5,{"$f":"IF(OBT25=\"SINAPI\",VLOOKUP(OBQ25,SINAPI,4,0),IF(OBT25=\"SETOP\",VLOOKUP(OBQ25,SETOP,5,0),IF(OBT25=\"CPU\",VLOOKUP(OBQ25,COMPOSIÇÃO,8,0),VLOOKUP(OBQ25,COTAÇÃO,11,0))))","v":19.149999999999999},{"$f":"OBV25*OBW25","v":9.5749999999999993},"ED-50374",{"$f":"IF(OCB25=\"SINAPI\",VLOOKUP(OBY25,SINAPI,2,0),IF(OCB25=\"SETOP\",VLOOKUP(OBY25,SETOP,3,0),IF(OCB25=\"CPU\",VLOOKUP(OBY25,COMPOSIÇÃO,2,0),VLOOKUP(OBY25,COTAÇÃO,3,0))))","v":"BOMBEIRO/ENCANADOR COM ENCARGOS COMPLEMENTARES"},null,"SETOP",{"$f":"IF(OCB25=\"SINAPI\",VLOOKUP(OBY25,SINAPI,3,0),IF(OCB25=\"SETOP\",VLOOKUP(OBY25,SETOP,4,0),IF(OCB25=\"CPU\",VLOOKUP(OBY25,COMPOSIÇÃO,5,0),VLOOKUP(OBY25,COTAÇÃO,8,0))))","v":"HORA"},0.5,{"$f":"IF(OCB25=\"SINAPI\",VLOOKUP(OBY25,SINAPI,4,0),IF(OCB25=\"SETOP\",VLOOKUP(OBY25,SETOP,5,0),IF(OCB25=\"CPU\",VLOOKUP(OBY25,COMPOSIÇÃO,8,0),VLOOKUP(OBY25,COTAÇÃO,11,0))))","v":19.149999999999999},{"$f":"OCD25*OCE25","v":9.5749999999999993},"ED-50374",{"$f":"IF(OCJ25=\"SINAPI\",VLOOKUP(OCG25,SINAPI,2,0),IF(OCJ25=\"SETOP\",VLOOKUP(OCG25,SETOP,3,0),IF(OCJ25=\"CPU\",VLOOKUP(OCG25,COMPOSIÇÃO,2,0),VLOOKUP(OCG25,COTAÇÃO,3,0))))","v":"BOMBEIRO/ENCANADOR COM ENCARGOS COMPLEMENTARES"},null,"SETOP",{"$f":"IF(OCJ25=\"SINAPI\",VLOOKUP(OCG25,SINAPI,3,0),IF(OCJ25=\"SETOP\",VLOOKUP(OCG25,SETOP,4,0),IF(OCJ25=\"CPU\",VLOOKUP(OCG25,COMPOSIÇÃO,5,0),VLOOKUP(OCG25,COTAÇÃO,8,0))))","v":"HORA"},0.5,{"$f":"IF(OCJ25=\"SINAPI\",VLOOKUP(OCG25,SINAPI,4,0),IF(OCJ25=\"SETOP\",VLOOKUP(OCG25,SETOP,5,0),IF(OCJ25=\"CPU\",VLOOKUP(OCG25,COMPOSIÇÃO,8,0),VLOOKUP(OCG25,COTAÇÃO,11,0))))","v":19.149999999999999},{"$f":"OCL25*OCM25","v":9.5749999999999993},"ED-50374",{"$f":"IF(OCR25=\"SINAPI\",VLOOKUP(OCO25,SINAPI,2,0),IF(OCR25=\"SETOP\",VLOOKUP(OCO25,SETOP,3,0),IF(OCR25=\"CPU\",VLOOKUP(OCO25,COMPOSIÇÃO,2,0),VLOOKUP(OCO25,COTAÇÃO,3,0))))","v":"BOMBEIRO/ENCANADOR COM ENCARGOS COMPLEMENTARES"},null,"SETOP",{"$f":"IF(OCR25=\"SINAPI\",VLOOKUP(OCO25,SINAPI,3,0),IF(OCR25=\"SETOP\",VLOOKUP(OCO25,SETOP,4,0),IF(OCR25=\"CPU\",VLOOKUP(OCO25,COMPOSIÇÃO,5,0),VLOOKUP(OCO25,COTAÇÃO,8,0))))","v":"HORA"},0.5,{"$f":"IF(OCR25=\"SINAPI\",VLOOKUP(OCO25,SINAPI,4,0),IF(OCR25=\"SETOP\",VLOOKUP(OCO25,SETOP,5,0),IF(OCR25=\"CPU\",VLOOKUP(OCO25,COMPOSIÇÃO,8,0),VLOOKUP(OCO25,COTAÇÃO,11,0))))","v":19.149999999999999},{"$f":"OCT25*OCU25","v":9.5749999999999993},"ED-50374",{"$f":"IF(OCZ25=\"SINAPI\",VLOOKUP(OCW25,SINAPI,2,0),IF(OCZ25=\"SETOP\",VLOOKUP(OCW25,SETOP,3,0),IF(OCZ25=\"CPU\",VLOOKUP(OCW25,COMPOSIÇÃO,2,0),VLOOKUP(OCW25,COTAÇÃO,3,0))))","v":"BOMBEIRO/ENCANADOR COM ENCARGOS COMPLEMENTARES"},null,"SETOP",{"$f":"IF(OCZ25=\"SINAPI\",VLOOKUP(OCW25,SINAPI,3,0),IF(OCZ25=\"SETOP\",VLOOKUP(OCW25,SETOP,4,0),IF(OCZ25=\"CPU\",VLOOKUP(OCW25,COMPOSIÇÃO,5,0),VLOOKUP(OCW25,COTAÇÃO,8,0))))","v":"HORA"},0.5,{"$f":"IF(OCZ25=\"SINAPI\",VLOOKUP(OCW25,SINAPI,4,0),IF(OCZ25=\"SETOP\",VLOOKUP(OCW25,SETOP,5,0),IF(OCZ25=\"CPU\",VLOOKUP(OCW25,COMPOSIÇÃO,8,0),VLOOKUP(OCW25,COTAÇÃO,11,0))))","v":19.149999999999999},{"$f":"ODB25*ODC25","v":9.5749999999999993},"ED-50374",{"$f":"IF(ODH25=\"SINAPI\",VLOOKUP(ODE25,SINAPI,2,0),IF(ODH25=\"SETOP\",VLOOKUP(ODE25,SETOP,3,0),IF(ODH25=\"CPU\",VLOOKUP(ODE25,COMPOSIÇÃO,2,0),VLOOKUP(ODE25,COTAÇÃO,3,0))))","v":"BOMBEIRO/ENCANADOR COM ENCARGOS COMPLEMENTARES"},null,"SETOP",{"$f":"IF(ODH25=\"SINAPI\",VLOOKUP(ODE25,SINAPI,3,0),IF(ODH25=\"SETOP\",VLOOKUP(ODE25,SETOP,4,0),IF(ODH25=\"CPU\",VLOOKUP(ODE25,COMPOSIÇÃO,5,0),VLOOKUP(ODE25,COTAÇÃO,8,0))))","v":"HORA"},0.5,{"$f":"IF(ODH25=\"SINAPI\",VLOOKUP(ODE25,SINAPI,4,0),IF(ODH25=\"SETOP\",VLOOKUP(ODE25,SETOP,5,0),IF(ODH25=\"CPU\",VLOOKUP(ODE25,COMPOSIÇÃO,8,0),VLOOKUP(ODE25,COTAÇÃO,11,0))))","v":19.149999999999999},{"$f":"ODJ25*ODK25","v":9.5749999999999993},"ED-50374",{"$f":"IF(ODP25=\"SINAPI\",VLOOKUP(ODM25,SINAPI,2,0),IF(ODP25=\"SETOP\",VLOOKUP(ODM25,SETOP,3,0),IF(ODP25=\"CPU\",VLOOKUP(ODM25,COMPOSIÇÃO,2,0),VLOOKUP(ODM25,COTAÇÃO,3,0))))","v":"BOMBEIRO/ENCANADOR COM ENCARGOS COMPLEMENTARES"},null,"SETOP",{"$f":"IF(ODP25=\"SINAPI\",VLOOKUP(ODM25,SINAPI,3,0),IF(ODP25=\"SETOP\",VLOOKUP(ODM25,SETOP,4,0),IF(ODP25=\"CPU\",VLOOKUP(ODM25,COMPOSIÇÃO,5,0),VLOOKUP(ODM25,COTAÇÃO,8,0))))","v":"HORA"},0.5,{"$f":"IF(ODP25=\"SINAPI\",VLOOKUP(ODM25,SINAPI,4,0),IF(ODP25=\"SETOP\",VLOOKUP(ODM25,SETOP,5,0),IF(ODP25=\"CPU\",VLOOKUP(ODM25,COMPOSIÇÃO,8,0),VLOOKUP(ODM25,COTAÇÃO,11,0))))","v":19.149999999999999},{"$f":"ODR25*ODS25","v":9.5749999999999993},"ED-50374",{"$f":"IF(ODX25=\"SINAPI\",VLOOKUP(ODU25,SINAPI,2,0),IF(ODX25=\"SETOP\",VLOOKUP(ODU25,SETOP,3,0),IF(ODX25=\"CPU\",VLOOKUP(ODU25,COMPOSIÇÃO,2,0),VLOOKUP(ODU25,COTAÇÃO,3,0))))","v":"BOMBEIRO/ENCANADOR COM ENCARGOS COMPLEMENTARES"},null,"SETOP",{"$f":"IF(ODX25=\"SINAPI\",VLOOKUP(ODU25,SINAPI,3,0),IF(ODX25=\"SETOP\",VLOOKUP(ODU25,SETOP,4,0),IF(ODX25=\"CPU\",VLOOKUP(ODU25,COMPOSIÇÃO,5,0),VLOOKUP(ODU25,COTAÇÃO,8,0))))","v":"HORA"},0.5,{"$f":"IF(ODX25=\"SINAPI\",VLOOKUP(ODU25,SINAPI,4,0),IF(ODX25=\"SETOP\",VLOOKUP(ODU25,SETOP,5,0),IF(ODX25=\"CPU\",VLOOKUP(ODU25,COMPOSIÇÃO,8,0),VLOOKUP(ODU25,COTAÇÃO,11,0))))","v":19.149999999999999},{"$f":"ODZ25*OEA25","v":9.5749999999999993},"ED-50374",{"$f":"IF(OEF25=\"SINAPI\",VLOOKUP(OEC25,SINAPI,2,0),IF(OEF25=\"SETOP\",VLOOKUP(OEC25,SETOP,3,0),IF(OEF25=\"CPU\",VLOOKUP(OEC25,COMPOSIÇÃO,2,0),VLOOKUP(OEC25,COTAÇÃO,3,0))))","v":"BOMBEIRO/ENCANADOR COM ENCARGOS COMPLEMENTARES"},null,"SETOP",{"$f":"IF(OEF25=\"SINAPI\",VLOOKUP(OEC25,SINAPI,3,0),IF(OEF25=\"SETOP\",VLOOKUP(OEC25,SETOP,4,0),IF(OEF25=\"CPU\",VLOOKUP(OEC25,COMPOSIÇÃO,5,0),VLOOKUP(OEC25,COTAÇÃO,8,0))))","v":"HORA"},0.5,{"$f":"IF(OEF25=\"SINAPI\",VLOOKUP(OEC25,SINAPI,4,0),IF(OEF25=\"SETOP\",VLOOKUP(OEC25,SETOP,5,0),IF(OEF25=\"CPU\",VLOOKUP(OEC25,COMPOSIÇÃO,8,0),VLOOKUP(OEC25,COTAÇÃO,11,0))))","v":19.149999999999999},{"$f":"OEH25*OEI25","v":9.5749999999999993},"ED-50374",{"$f":"IF(OEN25=\"SINAPI\",VLOOKUP(OEK25,SINAPI,2,0),IF(OEN25=\"SETOP\",VLOOKUP(OEK25,SETOP,3,0),IF(OEN25=\"CPU\",VLOOKUP(OEK25,COMPOSIÇÃO,2,0),VLOOKUP(OEK25,COTAÇÃO,3,0))))","v":"BOMBEIRO/ENCANADOR COM ENCARGOS COMPLEMENTARES"},null,"SETOP",{"$f":"IF(OEN25=\"SINAPI\",VLOOKUP(OEK25,SINAPI,3,0),IF(OEN25=\"SETOP\",VLOOKUP(OEK25,SETOP,4,0),IF(OEN25=\"CPU\",VLOOKUP(OEK25,COMPOSIÇÃO,5,0),VLOOKUP(OEK25,COTAÇÃO,8,0))))","v":"HORA"},0.5,{"$f":"IF(OEN25=\"SINAPI\",VLOOKUP(OEK25,SINAPI,4,0),IF(OEN25=\"SETOP\",VLOOKUP(OEK25,SETOP,5,0),IF(OEN25=\"CPU\",VLOOKUP(OEK25,COMPOSIÇÃO,8,0),VLOOKUP(OEK25,COTAÇÃO,11,0))))","v":19.149999999999999},{"$f":"OEP25*OEQ25","v":9.5749999999999993},"ED-50374",{"$f":"IF(OEV25=\"SINAPI\",VLOOKUP(OES25,SINAPI,2,0),IF(OEV25=\"SETOP\",VLOOKUP(OES25,SETOP,3,0),IF(OEV25=\"CPU\",VLOOKUP(OES25,COMPOSIÇÃO,2,0),VLOOKUP(OES25,COTAÇÃO,3,0))))","v":"BOMBEIRO/ENCANADOR COM ENCARGOS COMPLEMENTARES"},null,"SETOP",{"$f":"IF(OEV25=\"SINAPI\",VLOOKUP(OES25,SINAPI,3,0),IF(OEV25=\"SETOP\",VLOOKUP(OES25,SETOP,4,0),IF(OEV25=\"CPU\",VLOOKUP(OES25,COMPOSIÇÃO,5,0),VLOOKUP(OES25,COTAÇÃO,8,0))))","v":"HORA"},0.5,{"$f":"IF(OEV25=\"SINAPI\",VLOOKUP(OES25,SINAPI,4,0),IF(OEV25=\"SETOP\",VLOOKUP(OES25,SETOP,5,0),IF(OEV25=\"CPU\",VLOOKUP(OES25,COMPOSIÇÃO,8,0),VLOOKUP(OES25,COTAÇÃO,11,0))))","v":19.149999999999999},{"$f":"OEX25*OEY25","v":9.5749999999999993},"ED-50374",{"$f":"IF(OFD25=\"SINAPI\",VLOOKUP(OFA25,SINAPI,2,0),IF(OFD25=\"SETOP\",VLOOKUP(OFA25,SETOP,3,0),IF(OFD25=\"CPU\",VLOOKUP(OFA25,COMPOSIÇÃO,2,0),VLOOKUP(OFA25,COTAÇÃO,3,0))))","v":"BOMBEIRO/ENCANADOR COM ENCARGOS COMPLEMENTARES"},null,"SETOP",{"$f":"IF(OFD25=\"SINAPI\",VLOOKUP(OFA25,SINAPI,3,0),IF(OFD25=\"SETOP\",VLOOKUP(OFA25,SETOP,4,0),IF(OFD25=\"CPU\",VLOOKUP(OFA25,COMPOSIÇÃO,5,0),VLOOKUP(OFA25,COTAÇÃO,8,0))))","v":"HORA"},0.5,{"$f":"IF(OFD25=\"SINAPI\",VLOOKUP(OFA25,SINAPI,4,0),IF(OFD25=\"SETOP\",VLOOKUP(OFA25,SETOP,5,0),IF(OFD25=\"CPU\",VLOOKUP(OFA25,COMPOSIÇÃO,8,0),VLOOKUP(OFA25,COTAÇÃO,11,0))))","v":19.149999999999999},{"$f":"OFF25*OFG25","v":9.5749999999999993},"ED-50374",{"$f":"IF(OFL25=\"SINAPI\",VLOOKUP(OFI25,SINAPI,2,0),IF(OFL25=\"SETOP\",VLOOKUP(OFI25,SETOP,3,0),IF(OFL25=\"CPU\",VLOOKUP(OFI25,COMPOSIÇÃO,2,0),VLOOKUP(OFI25,COTAÇÃO,3,0))))","v":"BOMBEIRO/ENCANADOR COM ENCARGOS COMPLEMENTARES"},null,"SETOP",{"$f":"IF(OFL25=\"SINAPI\",VLOOKUP(OFI25,SINAPI,3,0),IF(OFL25=\"SETOP\",VLOOKUP(OFI25,SETOP,4,0),IF(OFL25=\"CPU\",VLOOKUP(OFI25,COMPOSIÇÃO,5,0),VLOOKUP(OFI25,COTAÇÃO,8,0))))","v":"HORA"},0.5,{"$f":"IF(OFL25=\"SINAPI\",VLOOKUP(OFI25,SINAPI,4,0),IF(OFL25=\"SETOP\",VLOOKUP(OFI25,SETOP,5,0),IF(OFL25=\"CPU\",VLOOKUP(OFI25,COMPOSIÇÃO,8,0),VLOOKUP(OFI25,COTAÇÃO,11,0))))","v":19.149999999999999},{"$f":"OFN25*OFO25","v":9.5749999999999993},"ED-50374",{"$f":"IF(OFT25=\"SINAPI\",VLOOKUP(OFQ25,SINAPI,2,0),IF(OFT25=\"SETOP\",VLOOKUP(OFQ25,SETOP,3,0),IF(OFT25=\"CPU\",VLOOKUP(OFQ25,COMPOSIÇÃO,2,0),VLOOKUP(OFQ25,COTAÇÃO,3,0))))","v":"BOMBEIRO/ENCANADOR COM ENCARGOS COMPLEMENTARES"},null,"SETOP",{"$f":"IF(OFT25=\"SINAPI\",VLOOKUP(OFQ25,SINAPI,3,0),IF(OFT25=\"SETOP\",VLOOKUP(OFQ25,SETOP,4,0),IF(OFT25=\"CPU\",VLOOKUP(OFQ25,COMPOSIÇÃO,5,0),VLOOKUP(OFQ25,COTAÇÃO,8,0))))","v":"HORA"},0.5,{"$f":"IF(OFT25=\"SINAPI\",VLOOKUP(OFQ25,SINAPI,4,0),IF(OFT25=\"SETOP\",VLOOKUP(OFQ25,SETOP,5,0),IF(OFT25=\"CPU\",VLOOKUP(OFQ25,COMPOSIÇÃO,8,0),VLOOKUP(OFQ25,COTAÇÃO,11,0))))","v":19.149999999999999},{"$f":"OFV25*OFW25","v":9.5749999999999993},"ED-50374",{"$f":"IF(OGB25=\"SINAPI\",VLOOKUP(OFY25,SINAPI,2,0),IF(OGB25=\"SETOP\",VLOOKUP(OFY25,SETOP,3,0),IF(OGB25=\"CPU\",VLOOKUP(OFY25,COMPOSIÇÃO,2,0),VLOOKUP(OFY25,COTAÇÃO,3,0))))","v":"BOMBEIRO/ENCANADOR COM ENCARGOS COMPLEMENTARES"},null,"SETOP",{"$f":"IF(OGB25=\"SINAPI\",VLOOKUP(OFY25,SINAPI,3,0),IF(OGB25=\"SETOP\",VLOOKUP(OFY25,SETOP,4,0),IF(OGB25=\"CPU\",VLOOKUP(OFY25,COMPOSIÇÃO,5,0),VLOOKUP(OFY25,COTAÇÃO,8,0))))","v":"HORA"},0.5,{"$f":"IF(OGB25=\"SINAPI\",VLOOKUP(OFY25,SINAPI,4,0),IF(OGB25=\"SETOP\",VLOOKUP(OFY25,SETOP,5,0),IF(OGB25=\"CPU\",VLOOKUP(OFY25,COMPOSIÇÃO,8,0),VLOOKUP(OFY25,COTAÇÃO,11,0))))","v":19.149999999999999},{"$f":"OGD25*OGE25","v":9.5749999999999993},"ED-50374",{"$f":"IF(OGJ25=\"SINAPI\",VLOOKUP(OGG25,SINAPI,2,0),IF(OGJ25=\"SETOP\",VLOOKUP(OGG25,SETOP,3,0),IF(OGJ25=\"CPU\",VLOOKUP(OGG25,COMPOSIÇÃO,2,0),VLOOKUP(OGG25,COTAÇÃO,3,0))))","v":"BOMBEIRO/ENCANADOR COM ENCARGOS COMPLEMENTARES"},null,"SETOP",{"$f":"IF(OGJ25=\"SINAPI\",VLOOKUP(OGG25,SINAPI,3,0),IF(OGJ25=\"SETOP\",VLOOKUP(OGG25,SETOP,4,0),IF(OGJ25=\"CPU\",VLOOKUP(OGG25,COMPOSIÇÃO,5,0),VLOOKUP(OGG25,COTAÇÃO,8,0))))","v":"HORA"},0.5,{"$f":"IF(OGJ25=\"SINAPI\",VLOOKUP(OGG25,SINAPI,4,0),IF(OGJ25=\"SETOP\",VLOOKUP(OGG25,SETOP,5,0),IF(OGJ25=\"CPU\",VLOOKUP(OGG25,COMPOSIÇÃO,8,0),VLOOKUP(OGG25,COTAÇÃO,11,0))))","v":19.149999999999999},{"$f":"OGL25*OGM25","v":9.5749999999999993},"ED-50374",{"$f":"IF(OGR25=\"SINAPI\",VLOOKUP(OGO25,SINAPI,2,0),IF(OGR25=\"SETOP\",VLOOKUP(OGO25,SETOP,3,0),IF(OGR25=\"CPU\",VLOOKUP(OGO25,COMPOSIÇÃO,2,0),VLOOKUP(OGO25,COTAÇÃO,3,0))))","v":"BOMBEIRO/ENCANADOR COM ENCARGOS COMPLEMENTARES"},null,"SETOP",{"$f":"IF(OGR25=\"SINAPI\",VLOOKUP(OGO25,SINAPI,3,0),IF(OGR25=\"SETOP\",VLOOKUP(OGO25,SETOP,4,0),IF(OGR25=\"CPU\",VLOOKUP(OGO25,COMPOSIÇÃO,5,0),VLOOKUP(OGO25,COTAÇÃO,8,0))))","v":"HORA"},0.5,{"$f":"IF(OGR25=\"SINAPI\",VLOOKUP(OGO25,SINAPI,4,0),IF(OGR25=\"SETOP\",VLOOKUP(OGO25,SETOP,5,0),IF(OGR25=\"CPU\",VLOOKUP(OGO25,COMPOSIÇÃO,8,0),VLOOKUP(OGO25,COTAÇÃO,11,0))))","v":19.149999999999999},{"$f":"OGT25*OGU25","v":9.5749999999999993},"ED-50374",{"$f":"IF(OGZ25=\"SINAPI\",VLOOKUP(OGW25,SINAPI,2,0),IF(OGZ25=\"SETOP\",VLOOKUP(OGW25,SETOP,3,0),IF(OGZ25=\"CPU\",VLOOKUP(OGW25,COMPOSIÇÃO,2,0),VLOOKUP(OGW25,COTAÇÃO,3,0))))","v":"BOMBEIRO/ENCANADOR COM ENCARGOS COMPLEMENTARES"},null,"SETOP",{"$f":"IF(OGZ25=\"SINAPI\",VLOOKUP(OGW25,SINAPI,3,0),IF(OGZ25=\"SETOP\",VLOOKUP(OGW25,SETOP,4,0),IF(OGZ25=\"CPU\",VLOOKUP(OGW25,COMPOSIÇÃO,5,0),VLOOKUP(OGW25,COTAÇÃO,8,0))))","v":"HORA"},0.5,{"$f":"IF(OGZ25=\"SINAPI\",VLOOKUP(OGW25,SINAPI,4,0),IF(OGZ25=\"SETOP\",VLOOKUP(OGW25,SETOP,5,0),IF(OGZ25=\"CPU\",VLOOKUP(OGW25,COMPOSIÇÃO,8,0),VLOOKUP(OGW25,COTAÇÃO,11,0))))","v":19.149999999999999},{"$f":"OHB25*OHC25","v":9.5749999999999993},"ED-50374",{"$f":"IF(OHH25=\"SINAPI\",VLOOKUP(OHE25,SINAPI,2,0),IF(OHH25=\"SETOP\",VLOOKUP(OHE25,SETOP,3,0),IF(OHH25=\"CPU\",VLOOKUP(OHE25,COMPOSIÇÃO,2,0),VLOOKUP(OHE25,COTAÇÃO,3,0))))","v":"BOMBEIRO/ENCANADOR COM ENCARGOS COMPLEMENTARES"},null,"SETOP",{"$f":"IF(OHH25=\"SINAPI\",VLOOKUP(OHE25,SINAPI,3,0),IF(OHH25=\"SETOP\",VLOOKUP(OHE25,SETOP,4,0),IF(OHH25=\"CPU\",VLOOKUP(OHE25,COMPOSIÇÃO,5,0),VLOOKUP(OHE25,COTAÇÃO,8,0))))","v":"HORA"},0.5,{"$f":"IF(OHH25=\"SINAPI\",VLOOKUP(OHE25,SINAPI,4,0),IF(OHH25=\"SETOP\",VLOOKUP(OHE25,SETOP,5,0),IF(OHH25=\"CPU\",VLOOKUP(OHE25,COMPOSIÇÃO,8,0),VLOOKUP(OHE25,COTAÇÃO,11,0))))","v":19.149999999999999},{"$f":"OHJ25*OHK25","v":9.5749999999999993},"ED-50374",{"$f":"IF(OHP25=\"SINAPI\",VLOOKUP(OHM25,SINAPI,2,0),IF(OHP25=\"SETOP\",VLOOKUP(OHM25,SETOP,3,0),IF(OHP25=\"CPU\",VLOOKUP(OHM25,COMPOSIÇÃO,2,0),VLOOKUP(OHM25,COTAÇÃO,3,0))))","v":"BOMBEIRO/ENCANADOR COM ENCARGOS COMPLEMENTARES"},null,"SETOP",{"$f":"IF(OHP25=\"SINAPI\",VLOOKUP(OHM25,SINAPI,3,0),IF(OHP25=\"SETOP\",VLOOKUP(OHM25,SETOP,4,0),IF(OHP25=\"CPU\",VLOOKUP(OHM25,COMPOSIÇÃO,5,0),VLOOKUP(OHM25,COTAÇÃO,8,0))))","v":"HORA"},0.5,{"$f":"IF(OHP25=\"SINAPI\",VLOOKUP(OHM25,SINAPI,4,0),IF(OHP25=\"SETOP\",VLOOKUP(OHM25,SETOP,5,0),IF(OHP25=\"CPU\",VLOOKUP(OHM25,COMPOSIÇÃO,8,0),VLOOKUP(OHM25,COTAÇÃO,11,0))))","v":19.149999999999999},{"$f":"OHR25*OHS25","v":9.5749999999999993},"ED-50374",{"$f":"IF(OHX25=\"SINAPI\",VLOOKUP(OHU25,SINAPI,2,0),IF(OHX25=\"SETOP\",VLOOKUP(OHU25,SETOP,3,0),IF(OHX25=\"CPU\",VLOOKUP(OHU25,COMPOSIÇÃO,2,0),VLOOKUP(OHU25,COTAÇÃO,3,0))))","v":"BOMBEIRO/ENCANADOR COM ENCARGOS COMPLEMENTARES"},null,"SETOP",{"$f":"IF(OHX25=\"SINAPI\",VLOOKUP(OHU25,SINAPI,3,0),IF(OHX25=\"SETOP\",VLOOKUP(OHU25,SETOP,4,0),IF(OHX25=\"CPU\",VLOOKUP(OHU25,COMPOSIÇÃO,5,0),VLOOKUP(OHU25,COTAÇÃO,8,0))))","v":"HORA"},0.5,{"$f":"IF(OHX25=\"SINAPI\",VLOOKUP(OHU25,SINAPI,4,0),IF(OHX25=\"SETOP\",VLOOKUP(OHU25,SETOP,5,0),IF(OHX25=\"CPU\",VLOOKUP(OHU25,COMPOSIÇÃO,8,0),VLOOKUP(OHU25,COTAÇÃO,11,0))))","v":19.149999999999999},{"$f":"OHZ25*OIA25","v":9.5749999999999993},"ED-50374",{"$f":"IF(OIF25=\"SINAPI\",VLOOKUP(OIC25,SINAPI,2,0),IF(OIF25=\"SETOP\",VLOOKUP(OIC25,SETOP,3,0),IF(OIF25=\"CPU\",VLOOKUP(OIC25,COMPOSIÇÃO,2,0),VLOOKUP(OIC25,COTAÇÃO,3,0))))","v":"BOMBEIRO/ENCANADOR COM ENCARGOS COMPLEMENTARES"},null,"SETOP",{"$f":"IF(OIF25=\"SINAPI\",VLOOKUP(OIC25,SINAPI,3,0),IF(OIF25=\"SETOP\",VLOOKUP(OIC25,SETOP,4,0),IF(OIF25=\"CPU\",VLOOKUP(OIC25,COMPOSIÇÃO,5,0),VLOOKUP(OIC25,COTAÇÃO,8,0))))","v":"HORA"},0.5,{"$f":"IF(OIF25=\"SINAPI\",VLOOKUP(OIC25,SINAPI,4,0),IF(OIF25=\"SETOP\",VLOOKUP(OIC25,SETOP,5,0),IF(OIF25=\"CPU\",VLOOKUP(OIC25,COMPOSIÇÃO,8,0),VLOOKUP(OIC25,COTAÇÃO,11,0))))","v":19.149999999999999},{"$f":"OIH25*OII25","v":9.5749999999999993},"ED-50374",{"$f":"IF(OIN25=\"SINAPI\",VLOOKUP(OIK25,SINAPI,2,0),IF(OIN25=\"SETOP\",VLOOKUP(OIK25,SETOP,3,0),IF(OIN25=\"CPU\",VLOOKUP(OIK25,COMPOSIÇÃO,2,0),VLOOKUP(OIK25,COTAÇÃO,3,0))))","v":"BOMBEIRO/ENCANADOR COM ENCARGOS COMPLEMENTARES"},null,"SETOP",{"$f":"IF(OIN25=\"SINAPI\",VLOOKUP(OIK25,SINAPI,3,0),IF(OIN25=\"SETOP\",VLOOKUP(OIK25,SETOP,4,0),IF(OIN25=\"CPU\",VLOOKUP(OIK25,COMPOSIÇÃO,5,0),VLOOKUP(OIK25,COTAÇÃO,8,0))))","v":"HORA"},0.5,{"$f":"IF(OIN25=\"SINAPI\",VLOOKUP(OIK25,SINAPI,4,0),IF(OIN25=\"SETOP\",VLOOKUP(OIK25,SETOP,5,0),IF(OIN25=\"CPU\",VLOOKUP(OIK25,COMPOSIÇÃO,8,0),VLOOKUP(OIK25,COTAÇÃO,11,0))))","v":19.149999999999999},{"$f":"OIP25*OIQ25","v":9.5749999999999993},"ED-50374",{"$f":"IF(OIV25=\"SINAPI\",VLOOKUP(OIS25,SINAPI,2,0),IF(OIV25=\"SETOP\",VLOOKUP(OIS25,SETOP,3,0),IF(OIV25=\"CPU\",VLOOKUP(OIS25,COMPOSIÇÃO,2,0),VLOOKUP(OIS25,COTAÇÃO,3,0))))","v":"BOMBEIRO/ENCANADOR COM ENCARGOS COMPLEMENTARES"},null,"SETOP",{"$f":"IF(OIV25=\"SINAPI\",VLOOKUP(OIS25,SINAPI,3,0),IF(OIV25=\"SETOP\",VLOOKUP(OIS25,SETOP,4,0),IF(OIV25=\"CPU\",VLOOKUP(OIS25,COMPOSIÇÃO,5,0),VLOOKUP(OIS25,COTAÇÃO,8,0))))","v":"HORA"},0.5,{"$f":"IF(OIV25=\"SINAPI\",VLOOKUP(OIS25,SINAPI,4,0),IF(OIV25=\"SETOP\",VLOOKUP(OIS25,SETOP,5,0),IF(OIV25=\"CPU\",VLOOKUP(OIS25,COMPOSIÇÃO,8,0),VLOOKUP(OIS25,COTAÇÃO,11,0))))","v":19.149999999999999},{"$f":"OIX25*OIY25","v":9.5749999999999993},"ED-50374",{"$f":"IF(OJD25=\"SINAPI\",VLOOKUP(OJA25,SINAPI,2,0),IF(OJD25=\"SETOP\",VLOOKUP(OJA25,SETOP,3,0),IF(OJD25=\"CPU\",VLOOKUP(OJA25,COMPOSIÇÃO,2,0),VLOOKUP(OJA25,COTAÇÃO,3,0))))","v":"BOMBEIRO/ENCANADOR COM ENCARGOS COMPLEMENTARES"},null,"SETOP",{"$f":"IF(OJD25=\"SINAPI\",VLOOKUP(OJA25,SINAPI,3,0),IF(OJD25=\"SETOP\",VLOOKUP(OJA25,SETOP,4,0),IF(OJD25=\"CPU\",VLOOKUP(OJA25,COMPOSIÇÃO,5,0),VLOOKUP(OJA25,COTAÇÃO,8,0))))","v":"HORA"},0.5,{"$f":"IF(OJD25=\"SINAPI\",VLOOKUP(OJA25,SINAPI,4,0),IF(OJD25=\"SETOP\",VLOOKUP(OJA25,SETOP,5,0),IF(OJD25=\"CPU\",VLOOKUP(OJA25,COMPOSIÇÃO,8,0),VLOOKUP(OJA25,COTAÇÃO,11,0))))","v":19.149999999999999},{"$f":"OJF25*OJG25","v":9.5749999999999993},"ED-50374",{"$f":"IF(OJL25=\"SINAPI\",VLOOKUP(OJI25,SINAPI,2,0),IF(OJL25=\"SETOP\",VLOOKUP(OJI25,SETOP,3,0),IF(OJL25=\"CPU\",VLOOKUP(OJI25,COMPOSIÇÃO,2,0),VLOOKUP(OJI25,COTAÇÃO,3,0))))","v":"BOMBEIRO/ENCANADOR COM ENCARGOS COMPLEMENTARES"},null,"SETOP",{"$f":"IF(OJL25=\"SINAPI\",VLOOKUP(OJI25,SINAPI,3,0),IF(OJL25=\"SETOP\",VLOOKUP(OJI25,SETOP,4,0),IF(OJL25=\"CPU\",VLOOKUP(OJI25,COMPOSIÇÃO,5,0),VLOOKUP(OJI25,COTAÇÃO,8,0))))","v":"HORA"},0.5,{"$f":"IF(OJL25=\"SINAPI\",VLOOKUP(OJI25,SINAPI,4,0),IF(OJL25=\"SETOP\",VLOOKUP(OJI25,SETOP,5,0),IF(OJL25=\"CPU\",VLOOKUP(OJI25,COMPOSIÇÃO,8,0),VLOOKUP(OJI25,COTAÇÃO,11,0))))","v":19.149999999999999},{"$f":"OJN25*OJO25","v":9.5749999999999993},"ED-50374",{"$f":"IF(OJT25=\"SINAPI\",VLOOKUP(OJQ25,SINAPI,2,0),IF(OJT25=\"SETOP\",VLOOKUP(OJQ25,SETOP,3,0),IF(OJT25=\"CPU\",VLOOKUP(OJQ25,COMPOSIÇÃO,2,0),VLOOKUP(OJQ25,COTAÇÃO,3,0))))","v":"BOMBEIRO/ENCANADOR COM ENCARGOS COMPLEMENTARES"},null,"SETOP",{"$f":"IF(OJT25=\"SINAPI\",VLOOKUP(OJQ25,SINAPI,3,0),IF(OJT25=\"SETOP\",VLOOKUP(OJQ25,SETOP,4,0),IF(OJT25=\"CPU\",VLOOKUP(OJQ25,COMPOSIÇÃO,5,0),VLOOKUP(OJQ25,COTAÇÃO,8,0))))","v":"HORA"},0.5,{"$f":"IF(OJT25=\"SINAPI\",VLOOKUP(OJQ25,SINAPI,4,0),IF(OJT25=\"SETOP\",VLOOKUP(OJQ25,SETOP,5,0),IF(OJT25=\"CPU\",VLOOKUP(OJQ25,COMPOSIÇÃO,8,0),VLOOKUP(OJQ25,COTAÇÃO,11,0))))","v":19.149999999999999},{"$f":"OJV25*OJW25","v":9.5749999999999993},"ED-50374",{"$f":"IF(OKB25=\"SINAPI\",VLOOKUP(OJY25,SINAPI,2,0),IF(OKB25=\"SETOP\",VLOOKUP(OJY25,SETOP,3,0),IF(OKB25=\"CPU\",VLOOKUP(OJY25,COMPOSIÇÃO,2,0),VLOOKUP(OJY25,COTAÇÃO,3,0))))","v":"BOMBEIRO/ENCANADOR COM ENCARGOS COMPLEMENTARES"},null,"SETOP",{"$f":"IF(OKB25=\"SINAPI\",VLOOKUP(OJY25,SINAPI,3,0),IF(OKB25=\"SETOP\",VLOOKUP(OJY25,SETOP,4,0),IF(OKB25=\"CPU\",VLOOKUP(OJY25,COMPOSIÇÃO,5,0),VLOOKUP(OJY25,COTAÇÃO,8,0))))","v":"HORA"},0.5,{"$f":"IF(OKB25=\"SINAPI\",VLOOKUP(OJY25,SINAPI,4,0),IF(OKB25=\"SETOP\",VLOOKUP(OJY25,SETOP,5,0),IF(OKB25=\"CPU\",VLOOKUP(OJY25,COMPOSIÇÃO,8,0),VLOOKUP(OJY25,COTAÇÃO,11,0))))","v":19.149999999999999},{"$f":"OKD25*OKE25","v":9.5749999999999993},"ED-50374",{"$f":"IF(OKJ25=\"SINAPI\",VLOOKUP(OKG25,SINAPI,2,0),IF(OKJ25=\"SETOP\",VLOOKUP(OKG25,SETOP,3,0),IF(OKJ25=\"CPU\",VLOOKUP(OKG25,COMPOSIÇÃO,2,0),VLOOKUP(OKG25,COTAÇÃO,3,0))))","v":"BOMBEIRO/ENCANADOR COM ENCARGOS COMPLEMENTARES"},null,"SETOP",{"$f":"IF(OKJ25=\"SINAPI\",VLOOKUP(OKG25,SINAPI,3,0),IF(OKJ25=\"SETOP\",VLOOKUP(OKG25,SETOP,4,0),IF(OKJ25=\"CPU\",VLOOKUP(OKG25,COMPOSIÇÃO,5,0),VLOOKUP(OKG25,COTAÇÃO,8,0))))","v":"HORA"},0.5,{"$f":"IF(OKJ25=\"SINAPI\",VLOOKUP(OKG25,SINAPI,4,0),IF(OKJ25=\"SETOP\",VLOOKUP(OKG25,SETOP,5,0),IF(OKJ25=\"CPU\",VLOOKUP(OKG25,COMPOSIÇÃO,8,0),VLOOKUP(OKG25,COTAÇÃO,11,0))))","v":19.149999999999999},{"$f":"OKL25*OKM25","v":9.5749999999999993},"ED-50374",{"$f":"IF(OKR25=\"SINAPI\",VLOOKUP(OKO25,SINAPI,2,0),IF(OKR25=\"SETOP\",VLOOKUP(OKO25,SETOP,3,0),IF(OKR25=\"CPU\",VLOOKUP(OKO25,COMPOSIÇÃO,2,0),VLOOKUP(OKO25,COTAÇÃO,3,0))))","v":"BOMBEIRO/ENCANADOR COM ENCARGOS COMPLEMENTARES"},null,"SETOP",{"$f":"IF(OKR25=\"SINAPI\",VLOOKUP(OKO25,SINAPI,3,0),IF(OKR25=\"SETOP\",VLOOKUP(OKO25,SETOP,4,0),IF(OKR25=\"CPU\",VLOOKUP(OKO25,COMPOSIÇÃO,5,0),VLOOKUP(OKO25,COTAÇÃO,8,0))))","v":"HORA"},0.5,{"$f":"IF(OKR25=\"SINAPI\",VLOOKUP(OKO25,SINAPI,4,0),IF(OKR25=\"SETOP\",VLOOKUP(OKO25,SETOP,5,0),IF(OKR25=\"CPU\",VLOOKUP(OKO25,COMPOSIÇÃO,8,0),VLOOKUP(OKO25,COTAÇÃO,11,0))))","v":19.149999999999999},{"$f":"OKT25*OKU25","v":9.5749999999999993},"ED-50374",{"$f":"IF(OKZ25=\"SINAPI\",VLOOKUP(OKW25,SINAPI,2,0),IF(OKZ25=\"SETOP\",VLOOKUP(OKW25,SETOP,3,0),IF(OKZ25=\"CPU\",VLOOKUP(OKW25,COMPOSIÇÃO,2,0),VLOOKUP(OKW25,COTAÇÃO,3,0))))","v":"BOMBEIRO/ENCANADOR COM ENCARGOS COMPLEMENTARES"},null,"SETOP",{"$f":"IF(OKZ25=\"SINAPI\",VLOOKUP(OKW25,SINAPI,3,0),IF(OKZ25=\"SETOP\",VLOOKUP(OKW25,SETOP,4,0),IF(OKZ25=\"CPU\",VLOOKUP(OKW25,COMPOSIÇÃO,5,0),VLOOKUP(OKW25,COTAÇÃO,8,0))))","v":"HORA"},0.5,{"$f":"IF(OKZ25=\"SINAPI\",VLOOKUP(OKW25,SINAPI,4,0),IF(OKZ25=\"SETOP\",VLOOKUP(OKW25,SETOP,5,0),IF(OKZ25=\"CPU\",VLOOKUP(OKW25,COMPOSIÇÃO,8,0),VLOOKUP(OKW25,COTAÇÃO,11,0))))","v":19.149999999999999},{"$f":"OLB25*OLC25","v":9.5749999999999993},"ED-50374",{"$f":"IF(OLH25=\"SINAPI\",VLOOKUP(OLE25,SINAPI,2,0),IF(OLH25=\"SETOP\",VLOOKUP(OLE25,SETOP,3,0),IF(OLH25=\"CPU\",VLOOKUP(OLE25,COMPOSIÇÃO,2,0),VLOOKUP(OLE25,COTAÇÃO,3,0))))","v":"BOMBEIRO/ENCANADOR COM ENCARGOS COMPLEMENTARES"},null,"SETOP",{"$f":"IF(OLH25=\"SINAPI\",VLOOKUP(OLE25,SINAPI,3,0),IF(OLH25=\"SETOP\",VLOOKUP(OLE25,SETOP,4,0),IF(OLH25=\"CPU\",VLOOKUP(OLE25,COMPOSIÇÃO,5,0),VLOOKUP(OLE25,COTAÇÃO,8,0))))","v":"HORA"},0.5,{"$f":"IF(OLH25=\"SINAPI\",VLOOKUP(OLE25,SINAPI,4,0),IF(OLH25=\"SETOP\",VLOOKUP(OLE25,SETOP,5,0),IF(OLH25=\"CPU\",VLOOKUP(OLE25,COMPOSIÇÃO,8,0),VLOOKUP(OLE25,COTAÇÃO,11,0))))","v":19.149999999999999},{"$f":"OLJ25*OLK25","v":9.5749999999999993},"ED-50374",{"$f":"IF(OLP25=\"SINAPI\",VLOOKUP(OLM25,SINAPI,2,0),IF(OLP25=\"SETOP\",VLOOKUP(OLM25,SETOP,3,0),IF(OLP25=\"CPU\",VLOOKUP(OLM25,COMPOSIÇÃO,2,0),VLOOKUP(OLM25,COTAÇÃO,3,0))))","v":"BOMBEIRO/ENCANADOR COM ENCARGOS COMPLEMENTARES"},null,"SETOP",{"$f":"IF(OLP25=\"SINAPI\",VLOOKUP(OLM25,SINAPI,3,0),IF(OLP25=\"SETOP\",VLOOKUP(OLM25,SETOP,4,0),IF(OLP25=\"CPU\",VLOOKUP(OLM25,COMPOSIÇÃO,5,0),VLOOKUP(OLM25,COTAÇÃO,8,0))))","v":"HORA"},0.5,{"$f":"IF(OLP25=\"SINAPI\",VLOOKUP(OLM25,SINAPI,4,0),IF(OLP25=\"SETOP\",VLOOKUP(OLM25,SETOP,5,0),IF(OLP25=\"CPU\",VLOOKUP(OLM25,COMPOSIÇÃO,8,0),VLOOKUP(OLM25,COTAÇÃO,11,0))))","v":19.149999999999999},{"$f":"OLR25*OLS25","v":9.5749999999999993},"ED-50374",{"$f":"IF(OLX25=\"SINAPI\",VLOOKUP(OLU25,SINAPI,2,0),IF(OLX25=\"SETOP\",VLOOKUP(OLU25,SETOP,3,0),IF(OLX25=\"CPU\",VLOOKUP(OLU25,COMPOSIÇÃO,2,0),VLOOKUP(OLU25,COTAÇÃO,3,0))))","v":"BOMBEIRO/ENCANADOR COM ENCARGOS COMPLEMENTARES"},null,"SETOP",{"$f":"IF(OLX25=\"SINAPI\",VLOOKUP(OLU25,SINAPI,3,0),IF(OLX25=\"SETOP\",VLOOKUP(OLU25,SETOP,4,0),IF(OLX25=\"CPU\",VLOOKUP(OLU25,COMPOSIÇÃO,5,0),VLOOKUP(OLU25,COTAÇÃO,8,0))))","v":"HORA"},0.5,{"$f":"IF(OLX25=\"SINAPI\",VLOOKUP(OLU25,SINAPI,4,0),IF(OLX25=\"SETOP\",VLOOKUP(OLU25,SETOP,5,0),IF(OLX25=\"CPU\",VLOOKUP(OLU25,COMPOSIÇÃO,8,0),VLOOKUP(OLU25,COTAÇÃO,11,0))))","v":19.149999999999999},{"$f":"OLZ25*OMA25","v":9.5749999999999993},"ED-50374",{"$f":"IF(OMF25=\"SINAPI\",VLOOKUP(OMC25,SINAPI,2,0),IF(OMF25=\"SETOP\",VLOOKUP(OMC25,SETOP,3,0),IF(OMF25=\"CPU\",VLOOKUP(OMC25,COMPOSIÇÃO,2,0),VLOOKUP(OMC25,COTAÇÃO,3,0))))","v":"BOMBEIRO/ENCANADOR COM ENCARGOS COMPLEMENTARES"},null,"SETOP",{"$f":"IF(OMF25=\"SINAPI\",VLOOKUP(OMC25,SINAPI,3,0),IF(OMF25=\"SETOP\",VLOOKUP(OMC25,SETOP,4,0),IF(OMF25=\"CPU\",VLOOKUP(OMC25,COMPOSIÇÃO,5,0),VLOOKUP(OMC25,COTAÇÃO,8,0))))","v":"HORA"},0.5,{"$f":"IF(OMF25=\"SINAPI\",VLOOKUP(OMC25,SINAPI,4,0),IF(OMF25=\"SETOP\",VLOOKUP(OMC25,SETOP,5,0),IF(OMF25=\"CPU\",VLOOKUP(OMC25,COMPOSIÇÃO,8,0),VLOOKUP(OMC25,COTAÇÃO,11,0))))","v":19.149999999999999},{"$f":"OMH25*OMI25","v":9.5749999999999993},"ED-50374",{"$f":"IF(OMN25=\"SINAPI\",VLOOKUP(OMK25,SINAPI,2,0),IF(OMN25=\"SETOP\",VLOOKUP(OMK25,SETOP,3,0),IF(OMN25=\"CPU\",VLOOKUP(OMK25,COMPOSIÇÃO,2,0),VLOOKUP(OMK25,COTAÇÃO,3,0))))","v":"BOMBEIRO/ENCANADOR COM ENCARGOS COMPLEMENTARES"},null,"SETOP",{"$f":"IF(OMN25=\"SINAPI\",VLOOKUP(OMK25,SINAPI,3,0),IF(OMN25=\"SETOP\",VLOOKUP(OMK25,SETOP,4,0),IF(OMN25=\"CPU\",VLOOKUP(OMK25,COMPOSIÇÃO,5,0),VLOOKUP(OMK25,COTAÇÃO,8,0))))","v":"HORA"},0.5,{"$f":"IF(OMN25=\"SINAPI\",VLOOKUP(OMK25,SINAPI,4,0),IF(OMN25=\"SETOP\",VLOOKUP(OMK25,SETOP,5,0),IF(OMN25=\"CPU\",VLOOKUP(OMK25,COMPOSIÇÃO,8,0),VLOOKUP(OMK25,COTAÇÃO,11,0))))","v":19.149999999999999},{"$f":"OMP25*OMQ25","v":9.5749999999999993},"ED-50374",{"$f":"IF(OMV25=\"SINAPI\",VLOOKUP(OMS25,SINAPI,2,0),IF(OMV25=\"SETOP\",VLOOKUP(OMS25,SETOP,3,0),IF(OMV25=\"CPU\",VLOOKUP(OMS25,COMPOSIÇÃO,2,0),VLOOKUP(OMS25,COTAÇÃO,3,0))))","v":"BOMBEIRO/ENCANADOR COM ENCARGOS COMPLEMENTARES"},null,"SETOP",{"$f":"IF(OMV25=\"SINAPI\",VLOOKUP(OMS25,SINAPI,3,0),IF(OMV25=\"SETOP\",VLOOKUP(OMS25,SETOP,4,0),IF(OMV25=\"CPU\",VLOOKUP(OMS25,COMPOSIÇÃO,5,0),VLOOKUP(OMS25,COTAÇÃO,8,0))))","v":"HORA"},0.5,{"$f":"IF(OMV25=\"SINAPI\",VLOOKUP(OMS25,SINAPI,4,0),IF(OMV25=\"SETOP\",VLOOKUP(OMS25,SETOP,5,0),IF(OMV25=\"CPU\",VLOOKUP(OMS25,COMPOSIÇÃO,8,0),VLOOKUP(OMS25,COTAÇÃO,11,0))))","v":19.149999999999999},{"$f":"OMX25*OMY25","v":9.5749999999999993},"ED-50374",{"$f":"IF(OND25=\"SINAPI\",VLOOKUP(ONA25,SINAPI,2,0),IF(OND25=\"SETOP\",VLOOKUP(ONA25,SETOP,3,0),IF(OND25=\"CPU\",VLOOKUP(ONA25,COMPOSIÇÃO,2,0),VLOOKUP(ONA25,COTAÇÃO,3,0))))","v":"BOMBEIRO/ENCANADOR COM ENCARGOS COMPLEMENTARES"},null,"SETOP",{"$f":"IF(OND25=\"SINAPI\",VLOOKUP(ONA25,SINAPI,3,0),IF(OND25=\"SETOP\",VLOOKUP(ONA25,SETOP,4,0),IF(OND25=\"CPU\",VLOOKUP(ONA25,COMPOSIÇÃO,5,0),VLOOKUP(ONA25,COTAÇÃO,8,0))))","v":"HORA"},0.5,{"$f":"IF(OND25=\"SINAPI\",VLOOKUP(ONA25,SINAPI,4,0),IF(OND25=\"SETOP\",VLOOKUP(ONA25,SETOP,5,0),IF(OND25=\"CPU\",VLOOKUP(ONA25,COMPOSIÇÃO,8,0),VLOOKUP(ONA25,COTAÇÃO,11,0))))","v":19.149999999999999},{"$f":"ONF25*ONG25","v":9.5749999999999993},"ED-50374",{"$f":"IF(ONL25=\"SINAPI\",VLOOKUP(ONI25,SINAPI,2,0),IF(ONL25=\"SETOP\",VLOOKUP(ONI25,SETOP,3,0),IF(ONL25=\"CPU\",VLOOKUP(ONI25,COMPOSIÇÃO,2,0),VLOOKUP(ONI25,COTAÇÃO,3,0))))","v":"BOMBEIRO/ENCANADOR COM ENCARGOS COMPLEMENTARES"},null,"SETOP",{"$f":"IF(ONL25=\"SINAPI\",VLOOKUP(ONI25,SINAPI,3,0),IF(ONL25=\"SETOP\",VLOOKUP(ONI25,SETOP,4,0),IF(ONL25=\"CPU\",VLOOKUP(ONI25,COMPOSIÇÃO,5,0),VLOOKUP(ONI25,COTAÇÃO,8,0))))","v":"HORA"},0.5,{"$f":"IF(ONL25=\"SINAPI\",VLOOKUP(ONI25,SINAPI,4,0),IF(ONL25=\"SETOP\",VLOOKUP(ONI25,SETOP,5,0),IF(ONL25=\"CPU\",VLOOKUP(ONI25,COMPOSIÇÃO,8,0),VLOOKUP(ONI25,COTAÇÃO,11,0))))","v":19.149999999999999},{"$f":"ONN25*ONO25","v":9.5749999999999993},"ED-50374",{"$f":"IF(ONT25=\"SINAPI\",VLOOKUP(ONQ25,SINAPI,2,0),IF(ONT25=\"SETOP\",VLOOKUP(ONQ25,SETOP,3,0),IF(ONT25=\"CPU\",VLOOKUP(ONQ25,COMPOSIÇÃO,2,0),VLOOKUP(ONQ25,COTAÇÃO,3,0))))","v":"BOMBEIRO/ENCANADOR COM ENCARGOS COMPLEMENTARES"},null,"SETOP",{"$f":"IF(ONT25=\"SINAPI\",VLOOKUP(ONQ25,SINAPI,3,0),IF(ONT25=\"SETOP\",VLOOKUP(ONQ25,SETOP,4,0),IF(ONT25=\"CPU\",VLOOKUP(ONQ25,COMPOSIÇÃO,5,0),VLOOKUP(ONQ25,COTAÇÃO,8,0))))","v":"HORA"},0.5,{"$f":"IF(ONT25=\"SINAPI\",VLOOKUP(ONQ25,SINAPI,4,0),IF(ONT25=\"SETOP\",VLOOKUP(ONQ25,SETOP,5,0),IF(ONT25=\"CPU\",VLOOKUP(ONQ25,COMPOSIÇÃO,8,0),VLOOKUP(ONQ25,COTAÇÃO,11,0))))","v":19.149999999999999},{"$f":"ONV25*ONW25","v":9.5749999999999993},"ED-50374",{"$f":"IF(OOB25=\"SINAPI\",VLOOKUP(ONY25,SINAPI,2,0),IF(OOB25=\"SETOP\",VLOOKUP(ONY25,SETOP,3,0),IF(OOB25=\"CPU\",VLOOKUP(ONY25,COMPOSIÇÃO,2,0),VLOOKUP(ONY25,COTAÇÃO,3,0))))","v":"BOMBEIRO/ENCANADOR COM ENCARGOS COMPLEMENTARES"},null,"SETOP",{"$f":"IF(OOB25=\"SINAPI\",VLOOKUP(ONY25,SINAPI,3,0),IF(OOB25=\"SETOP\",VLOOKUP(ONY25,SETOP,4,0),IF(OOB25=\"CPU\",VLOOKUP(ONY25,COMPOSIÇÃO,5,0),VLOOKUP(ONY25,COTAÇÃO,8,0))))","v":"HORA"},0.5,{"$f":"IF(OOB25=\"SINAPI\",VLOOKUP(ONY25,SINAPI,4,0),IF(OOB25=\"SETOP\",VLOOKUP(ONY25,SETOP,5,0),IF(OOB25=\"CPU\",VLOOKUP(ONY25,COMPOSIÇÃO,8,0),VLOOKUP(ONY25,COTAÇÃO,11,0))))","v":19.149999999999999},{"$f":"OOD25*OOE25","v":9.5749999999999993},"ED-50374",{"$f":"IF(OOJ25=\"SINAPI\",VLOOKUP(OOG25,SINAPI,2,0),IF(OOJ25=\"SETOP\",VLOOKUP(OOG25,SETOP,3,0),IF(OOJ25=\"CPU\",VLOOKUP(OOG25,COMPOSIÇÃO,2,0),VLOOKUP(OOG25,COTAÇÃO,3,0))))","v":"BOMBEIRO/ENCANADOR COM ENCARGOS COMPLEMENTARES"},null,"SETOP",{"$f":"IF(OOJ25=\"SINAPI\",VLOOKUP(OOG25,SINAPI,3,0),IF(OOJ25=\"SETOP\",VLOOKUP(OOG25,SETOP,4,0),IF(OOJ25=\"CPU\",VLOOKUP(OOG25,COMPOSIÇÃO,5,0),VLOOKUP(OOG25,COTAÇÃO,8,0))))","v":"HORA"},0.5,{"$f":"IF(OOJ25=\"SINAPI\",VLOOKUP(OOG25,SINAPI,4,0),IF(OOJ25=\"SETOP\",VLOOKUP(OOG25,SETOP,5,0),IF(OOJ25=\"CPU\",VLOOKUP(OOG25,COMPOSIÇÃO,8,0),VLOOKUP(OOG25,COTAÇÃO,11,0))))","v":19.149999999999999},{"$f":"OOL25*OOM25","v":9.5749999999999993},"ED-50374",{"$f":"IF(OOR25=\"SINAPI\",VLOOKUP(OOO25,SINAPI,2,0),IF(OOR25=\"SETOP\",VLOOKUP(OOO25,SETOP,3,0),IF(OOR25=\"CPU\",VLOOKUP(OOO25,COMPOSIÇÃO,2,0),VLOOKUP(OOO25,COTAÇÃO,3,0))))","v":"BOMBEIRO/ENCANADOR COM ENCARGOS COMPLEMENTARES"},null,"SETOP",{"$f":"IF(OOR25=\"SINAPI\",VLOOKUP(OOO25,SINAPI,3,0),IF(OOR25=\"SETOP\",VLOOKUP(OOO25,SETOP,4,0),IF(OOR25=\"CPU\",VLOOKUP(OOO25,COMPOSIÇÃO,5,0),VLOOKUP(OOO25,COTAÇÃO,8,0))))","v":"HORA"},0.5,{"$f":"IF(OOR25=\"SINAPI\",VLOOKUP(OOO25,SINAPI,4,0),IF(OOR25=\"SETOP\",VLOOKUP(OOO25,SETOP,5,0),IF(OOR25=\"CPU\",VLOOKUP(OOO25,COMPOSIÇÃO,8,0),VLOOKUP(OOO25,COTAÇÃO,11,0))))","v":19.149999999999999},{"$f":"OOT25*OOU25","v":9.5749999999999993},"ED-50374",{"$f":"IF(OOZ25=\"SINAPI\",VLOOKUP(OOW25,SINAPI,2,0),IF(OOZ25=\"SETOP\",VLOOKUP(OOW25,SETOP,3,0),IF(OOZ25=\"CPU\",VLOOKUP(OOW25,COMPOSIÇÃO,2,0),VLOOKUP(OOW25,COTAÇÃO,3,0))))","v":"BOMBEIRO/ENCANADOR COM ENCARGOS COMPLEMENTARES"},null,"SETOP",{"$f":"IF(OOZ25=\"SINAPI\",VLOOKUP(OOW25,SINAPI,3,0),IF(OOZ25=\"SETOP\",VLOOKUP(OOW25,SETOP,4,0),IF(OOZ25=\"CPU\",VLOOKUP(OOW25,COMPOSIÇÃO,5,0),VLOOKUP(OOW25,COTAÇÃO,8,0))))","v":"HORA"},0.5,{"$f":"IF(OOZ25=\"SINAPI\",VLOOKUP(OOW25,SINAPI,4,0),IF(OOZ25=\"SETOP\",VLOOKUP(OOW25,SETOP,5,0),IF(OOZ25=\"CPU\",VLOOKUP(OOW25,COMPOSIÇÃO,8,0),VLOOKUP(OOW25,COTAÇÃO,11,0))))","v":19.149999999999999},{"$f":"OPB25*OPC25","v":9.5749999999999993},"ED-50374",{"$f":"IF(OPH25=\"SINAPI\",VLOOKUP(OPE25,SINAPI,2,0),IF(OPH25=\"SETOP\",VLOOKUP(OPE25,SETOP,3,0),IF(OPH25=\"CPU\",VLOOKUP(OPE25,COMPOSIÇÃO,2,0),VLOOKUP(OPE25,COTAÇÃO,3,0))))","v":"BOMBEIRO/ENCANADOR COM ENCARGOS COMPLEMENTARES"},null,"SETOP",{"$f":"IF(OPH25=\"SINAPI\",VLOOKUP(OPE25,SINAPI,3,0),IF(OPH25=\"SETOP\",VLOOKUP(OPE25,SETOP,4,0),IF(OPH25=\"CPU\",VLOOKUP(OPE25,COMPOSIÇÃO,5,0),VLOOKUP(OPE25,COTAÇÃO,8,0))))","v":"HORA"},0.5,{"$f":"IF(OPH25=\"SINAPI\",VLOOKUP(OPE25,SINAPI,4,0),IF(OPH25=\"SETOP\",VLOOKUP(OPE25,SETOP,5,0),IF(OPH25=\"CPU\",VLOOKUP(OPE25,COMPOSIÇÃO,8,0),VLOOKUP(OPE25,COTAÇÃO,11,0))))","v":19.149999999999999},{"$f":"OPJ25*OPK25","v":9.5749999999999993},"ED-50374",{"$f":"IF(OPP25=\"SINAPI\",VLOOKUP(OPM25,SINAPI,2,0),IF(OPP25=\"SETOP\",VLOOKUP(OPM25,SETOP,3,0),IF(OPP25=\"CPU\",VLOOKUP(OPM25,COMPOSIÇÃO,2,0),VLOOKUP(OPM25,COTAÇÃO,3,0))))","v":"BOMBEIRO/ENCANADOR COM ENCARGOS COMPLEMENTARES"},null,"SETOP",{"$f":"IF(OPP25=\"SINAPI\",VLOOKUP(OPM25,SINAPI,3,0),IF(OPP25=\"SETOP\",VLOOKUP(OPM25,SETOP,4,0),IF(OPP25=\"CPU\",VLOOKUP(OPM25,COMPOSIÇÃO,5,0),VLOOKUP(OPM25,COTAÇÃO,8,0))))","v":"HORA"},0.5,{"$f":"IF(OPP25=\"SINAPI\",VLOOKUP(OPM25,SINAPI,4,0),IF(OPP25=\"SETOP\",VLOOKUP(OPM25,SETOP,5,0),IF(OPP25=\"CPU\",VLOOKUP(OPM25,COMPOSIÇÃO,8,0),VLOOKUP(OPM25,COTAÇÃO,11,0))))","v":19.149999999999999},{"$f":"OPR25*OPS25","v":9.5749999999999993},"ED-50374",{"$f":"IF(OPX25=\"SINAPI\",VLOOKUP(OPU25,SINAPI,2,0),IF(OPX25=\"SETOP\",VLOOKUP(OPU25,SETOP,3,0),IF(OPX25=\"CPU\",VLOOKUP(OPU25,COMPOSIÇÃO,2,0),VLOOKUP(OPU25,COTAÇÃO,3,0))))","v":"BOMBEIRO/ENCANADOR COM ENCARGOS COMPLEMENTARES"},null,"SETOP",{"$f":"IF(OPX25=\"SINAPI\",VLOOKUP(OPU25,SINAPI,3,0),IF(OPX25=\"SETOP\",VLOOKUP(OPU25,SETOP,4,0),IF(OPX25=\"CPU\",VLOOKUP(OPU25,COMPOSIÇÃO,5,0),VLOOKUP(OPU25,COTAÇÃO,8,0))))","v":"HORA"},0.5,{"$f":"IF(OPX25=\"SINAPI\",VLOOKUP(OPU25,SINAPI,4,0),IF(OPX25=\"SETOP\",VLOOKUP(OPU25,SETOP,5,0),IF(OPX25=\"CPU\",VLOOKUP(OPU25,COMPOSIÇÃO,8,0),VLOOKUP(OPU25,COTAÇÃO,11,0))))","v":19.149999999999999},{"$f":"OPZ25*OQA25","v":9.5749999999999993},"ED-50374",{"$f":"IF(OQF25=\"SINAPI\",VLOOKUP(OQC25,SINAPI,2,0),IF(OQF25=\"SETOP\",VLOOKUP(OQC25,SETOP,3,0),IF(OQF25=\"CPU\",VLOOKUP(OQC25,COMPOSIÇÃO,2,0),VLOOKUP(OQC25,COTAÇÃO,3,0))))","v":"BOMBEIRO/ENCANADOR COM ENCARGOS COMPLEMENTARES"},null,"SETOP",{"$f":"IF(OQF25=\"SINAPI\",VLOOKUP(OQC25,SINAPI,3,0),IF(OQF25=\"SETOP\",VLOOKUP(OQC25,SETOP,4,0),IF(OQF25=\"CPU\",VLOOKUP(OQC25,COMPOSIÇÃO,5,0),VLOOKUP(OQC25,COTAÇÃO,8,0))))","v":"HORA"},0.5,{"$f":"IF(OQF25=\"SINAPI\",VLOOKUP(OQC25,SINAPI,4,0),IF(OQF25=\"SETOP\",VLOOKUP(OQC25,SETOP,5,0),IF(OQF25=\"CPU\",VLOOKUP(OQC25,COMPOSIÇÃO,8,0),VLOOKUP(OQC25,COTAÇÃO,11,0))))","v":19.149999999999999},{"$f":"OQH25*OQI25","v":9.5749999999999993},"ED-50374",{"$f":"IF(OQN25=\"SINAPI\",VLOOKUP(OQK25,SINAPI,2,0),IF(OQN25=\"SETOP\",VLOOKUP(OQK25,SETOP,3,0),IF(OQN25=\"CPU\",VLOOKUP(OQK25,COMPOSIÇÃO,2,0),VLOOKUP(OQK25,COTAÇÃO,3,0))))","v":"BOMBEIRO/ENCANADOR COM ENCARGOS COMPLEMENTARES"},null,"SETOP",{"$f":"IF(OQN25=\"SINAPI\",VLOOKUP(OQK25,SINAPI,3,0),IF(OQN25=\"SETOP\",VLOOKUP(OQK25,SETOP,4,0),IF(OQN25=\"CPU\",VLOOKUP(OQK25,COMPOSIÇÃO,5,0),VLOOKUP(OQK25,COTAÇÃO,8,0))))","v":"HORA"},0.5,{"$f":"IF(OQN25=\"SINAPI\",VLOOKUP(OQK25,SINAPI,4,0),IF(OQN25=\"SETOP\",VLOOKUP(OQK25,SETOP,5,0),IF(OQN25=\"CPU\",VLOOKUP(OQK25,COMPOSIÇÃO,8,0),VLOOKUP(OQK25,COTAÇÃO,11,0))))","v":19.149999999999999},{"$f":"OQP25*OQQ25","v":9.5749999999999993},"ED-50374",{"$f":"IF(OQV25=\"SINAPI\",VLOOKUP(OQS25,SINAPI,2,0),IF(OQV25=\"SETOP\",VLOOKUP(OQS25,SETOP,3,0),IF(OQV25=\"CPU\",VLOOKUP(OQS25,COMPOSIÇÃO,2,0),VLOOKUP(OQS25,COTAÇÃO,3,0))))","v":"BOMBEIRO/ENCANADOR COM ENCARGOS COMPLEMENTARES"},null,"SETOP",{"$f":"IF(OQV25=\"SINAPI\",VLOOKUP(OQS25,SINAPI,3,0),IF(OQV25=\"SETOP\",VLOOKUP(OQS25,SETOP,4,0),IF(OQV25=\"CPU\",VLOOKUP(OQS25,COMPOSIÇÃO,5,0),VLOOKUP(OQS25,COTAÇÃO,8,0))))","v":"HORA"},0.5,{"$f":"IF(OQV25=\"SINAPI\",VLOOKUP(OQS25,SINAPI,4,0),IF(OQV25=\"SETOP\",VLOOKUP(OQS25,SETOP,5,0),IF(OQV25=\"CPU\",VLOOKUP(OQS25,COMPOSIÇÃO,8,0),VLOOKUP(OQS25,COTAÇÃO,11,0))))","v":19.149999999999999},{"$f":"OQX25*OQY25","v":9.5749999999999993},"ED-50374",{"$f":"IF(ORD25=\"SINAPI\",VLOOKUP(ORA25,SINAPI,2,0),IF(ORD25=\"SETOP\",VLOOKUP(ORA25,SETOP,3,0),IF(ORD25=\"CPU\",VLOOKUP(ORA25,COMPOSIÇÃO,2,0),VLOOKUP(ORA25,COTAÇÃO,3,0))))","v":"BOMBEIRO/ENCANADOR COM ENCARGOS COMPLEMENTARES"},null,"SETOP",{"$f":"IF(ORD25=\"SINAPI\",VLOOKUP(ORA25,SINAPI,3,0),IF(ORD25=\"SETOP\",VLOOKUP(ORA25,SETOP,4,0),IF(ORD25=\"CPU\",VLOOKUP(ORA25,COMPOSIÇÃO,5,0),VLOOKUP(ORA25,COTAÇÃO,8,0))))","v":"HORA"},0.5,{"$f":"IF(ORD25=\"SINAPI\",VLOOKUP(ORA25,SINAPI,4,0),IF(ORD25=\"SETOP\",VLOOKUP(ORA25,SETOP,5,0),IF(ORD25=\"CPU\",VLOOKUP(ORA25,COMPOSIÇÃO,8,0),VLOOKUP(ORA25,COTAÇÃO,11,0))))","v":19.149999999999999},{"$f":"ORF25*ORG25","v":9.5749999999999993},"ED-50374",{"$f":"IF(ORL25=\"SINAPI\",VLOOKUP(ORI25,SINAPI,2,0),IF(ORL25=\"SETOP\",VLOOKUP(ORI25,SETOP,3,0),IF(ORL25=\"CPU\",VLOOKUP(ORI25,COMPOSIÇÃO,2,0),VLOOKUP(ORI25,COTAÇÃO,3,0))))","v":"BOMBEIRO/ENCANADOR COM ENCARGOS COMPLEMENTARES"},null,"SETOP",{"$f":"IF(ORL25=\"SINAPI\",VLOOKUP(ORI25,SINAPI,3,0),IF(ORL25=\"SETOP\",VLOOKUP(ORI25,SETOP,4,0),IF(ORL25=\"CPU\",VLOOKUP(ORI25,COMPOSIÇÃO,5,0),VLOOKUP(ORI25,COTAÇÃO,8,0))))","v":"HORA"},0.5,{"$f":"IF(ORL25=\"SINAPI\",VLOOKUP(ORI25,SINAPI,4,0),IF(ORL25=\"SETOP\",VLOOKUP(ORI25,SETOP,5,0),IF(ORL25=\"CPU\",VLOOKUP(ORI25,COMPOSIÇÃO,8,0),VLOOKUP(ORI25,COTAÇÃO,11,0))))","v":19.149999999999999},{"$f":"ORN25*ORO25","v":9.5749999999999993},"ED-50374",{"$f":"IF(ORT25=\"SINAPI\",VLOOKUP(ORQ25,SINAPI,2,0),IF(ORT25=\"SETOP\",VLOOKUP(ORQ25,SETOP,3,0),IF(ORT25=\"CPU\",VLOOKUP(ORQ25,COMPOSIÇÃO,2,0),VLOOKUP(ORQ25,COTAÇÃO,3,0))))","v":"BOMBEIRO/ENCANADOR COM ENCARGOS COMPLEMENTARES"},null,"SETOP",{"$f":"IF(ORT25=\"SINAPI\",VLOOKUP(ORQ25,SINAPI,3,0),IF(ORT25=\"SETOP\",VLOOKUP(ORQ25,SETOP,4,0),IF(ORT25=\"CPU\",VLOOKUP(ORQ25,COMPOSIÇÃO,5,0),VLOOKUP(ORQ25,COTAÇÃO,8,0))))","v":"HORA"},0.5,{"$f":"IF(ORT25=\"SINAPI\",VLOOKUP(ORQ25,SINAPI,4,0),IF(ORT25=\"SETOP\",VLOOKUP(ORQ25,SETOP,5,0),IF(ORT25=\"CPU\",VLOOKUP(ORQ25,COMPOSIÇÃO,8,0),VLOOKUP(ORQ25,COTAÇÃO,11,0))))","v":19.149999999999999},{"$f":"ORV25*ORW25","v":9.5749999999999993},"ED-50374",{"$f":"IF(OSB25=\"SINAPI\",VLOOKUP(ORY25,SINAPI,2,0),IF(OSB25=\"SETOP\",VLOOKUP(ORY25,SETOP,3,0),IF(OSB25=\"CPU\",VLOOKUP(ORY25,COMPOSIÇÃO,2,0),VLOOKUP(ORY25,COTAÇÃO,3,0))))","v":"BOMBEIRO/ENCANADOR COM ENCARGOS COMPLEMENTARES"},null,"SETOP",{"$f":"IF(OSB25=\"SINAPI\",VLOOKUP(ORY25,SINAPI,3,0),IF(OSB25=\"SETOP\",VLOOKUP(ORY25,SETOP,4,0),IF(OSB25=\"CPU\",VLOOKUP(ORY25,COMPOSIÇÃO,5,0),VLOOKUP(ORY25,COTAÇÃO,8,0))))","v":"HORA"},0.5,{"$f":"IF(OSB25=\"SINAPI\",VLOOKUP(ORY25,SINAPI,4,0),IF(OSB25=\"SETOP\",VLOOKUP(ORY25,SETOP,5,0),IF(OSB25=\"CPU\",VLOOKUP(ORY25,COMPOSIÇÃO,8,0),VLOOKUP(ORY25,COTAÇÃO,11,0))))","v":19.149999999999999},{"$f":"OSD25*OSE25","v":9.5749999999999993},"ED-50374",{"$f":"IF(OSJ25=\"SINAPI\",VLOOKUP(OSG25,SINAPI,2,0),IF(OSJ25=\"SETOP\",VLOOKUP(OSG25,SETOP,3,0),IF(OSJ25=\"CPU\",VLOOKUP(OSG25,COMPOSIÇÃO,2,0),VLOOKUP(OSG25,COTAÇÃO,3,0))))","v":"BOMBEIRO/ENCANADOR COM ENCARGOS COMPLEMENTARES"},null,"SETOP",{"$f":"IF(OSJ25=\"SINAPI\",VLOOKUP(OSG25,SINAPI,3,0),IF(OSJ25=\"SETOP\",VLOOKUP(OSG25,SETOP,4,0),IF(OSJ25=\"CPU\",VLOOKUP(OSG25,COMPOSIÇÃO,5,0),VLOOKUP(OSG25,COTAÇÃO,8,0))))","v":"HORA"},0.5,{"$f":"IF(OSJ25=\"SINAPI\",VLOOKUP(OSG25,SINAPI,4,0),IF(OSJ25=\"SETOP\",VLOOKUP(OSG25,SETOP,5,0),IF(OSJ25=\"CPU\",VLOOKUP(OSG25,COMPOSIÇÃO,8,0),VLOOKUP(OSG25,COTAÇÃO,11,0))))","v":19.149999999999999},{"$f":"OSL25*OSM25","v":9.5749999999999993},"ED-50374",{"$f":"IF(OSR25=\"SINAPI\",VLOOKUP(OSO25,SINAPI,2,0),IF(OSR25=\"SETOP\",VLOOKUP(OSO25,SETOP,3,0),IF(OSR25=\"CPU\",VLOOKUP(OSO25,COMPOSIÇÃO,2,0),VLOOKUP(OSO25,COTAÇÃO,3,0))))","v":"BOMBEIRO/ENCANADOR COM ENCARGOS COMPLEMENTARES"},null,"SETOP",{"$f":"IF(OSR25=\"SINAPI\",VLOOKUP(OSO25,SINAPI,3,0),IF(OSR25=\"SETOP\",VLOOKUP(OSO25,SETOP,4,0),IF(OSR25=\"CPU\",VLOOKUP(OSO25,COMPOSIÇÃO,5,0),VLOOKUP(OSO25,COTAÇÃO,8,0))))","v":"HORA"},0.5,{"$f":"IF(OSR25=\"SINAPI\",VLOOKUP(OSO25,SINAPI,4,0),IF(OSR25=\"SETOP\",VLOOKUP(OSO25,SETOP,5,0),IF(OSR25=\"CPU\",VLOOKUP(OSO25,COMPOSIÇÃO,8,0),VLOOKUP(OSO25,COTAÇÃO,11,0))))","v":19.149999999999999},{"$f":"OST25*OSU25","v":9.5749999999999993},"ED-50374",{"$f":"IF(OSZ25=\"SINAPI\",VLOOKUP(OSW25,SINAPI,2,0),IF(OSZ25=\"SETOP\",VLOOKUP(OSW25,SETOP,3,0),IF(OSZ25=\"CPU\",VLOOKUP(OSW25,COMPOSIÇÃO,2,0),VLOOKUP(OSW25,COTAÇÃO,3,0))))","v":"BOMBEIRO/ENCANADOR COM ENCARGOS COMPLEMENTARES"},null,"SETOP",{"$f":"IF(OSZ25=\"SINAPI\",VLOOKUP(OSW25,SINAPI,3,0),IF(OSZ25=\"SETOP\",VLOOKUP(OSW25,SETOP,4,0),IF(OSZ25=\"CPU\",VLOOKUP(OSW25,COMPOSIÇÃO,5,0),VLOOKUP(OSW25,COTAÇÃO,8,0))))","v":"HORA"},0.5,{"$f":"IF(OSZ25=\"SINAPI\",VLOOKUP(OSW25,SINAPI,4,0),IF(OSZ25=\"SETOP\",VLOOKUP(OSW25,SETOP,5,0),IF(OSZ25=\"CPU\",VLOOKUP(OSW25,COMPOSIÇÃO,8,0),VLOOKUP(OSW25,COTAÇÃO,11,0))))","v":19.149999999999999},{"$f":"OTB25*OTC25","v":9.5749999999999993},"ED-50374",{"$f":"IF(OTH25=\"SINAPI\",VLOOKUP(OTE25,SINAPI,2,0),IF(OTH25=\"SETOP\",VLOOKUP(OTE25,SETOP,3,0),IF(OTH25=\"CPU\",VLOOKUP(OTE25,COMPOSIÇÃO,2,0),VLOOKUP(OTE25,COTAÇÃO,3,0))))","v":"BOMBEIRO/ENCANADOR COM ENCARGOS COMPLEMENTARES"},null,"SETOP",{"$f":"IF(OTH25=\"SINAPI\",VLOOKUP(OTE25,SINAPI,3,0),IF(OTH25=\"SETOP\",VLOOKUP(OTE25,SETOP,4,0),IF(OTH25=\"CPU\",VLOOKUP(OTE25,COMPOSIÇÃO,5,0),VLOOKUP(OTE25,COTAÇÃO,8,0))))","v":"HORA"},0.5,{"$f":"IF(OTH25=\"SINAPI\",VLOOKUP(OTE25,SINAPI,4,0),IF(OTH25=\"SETOP\",VLOOKUP(OTE25,SETOP,5,0),IF(OTH25=\"CPU\",VLOOKUP(OTE25,COMPOSIÇÃO,8,0),VLOOKUP(OTE25,COTAÇÃO,11,0))))","v":19.149999999999999},{"$f":"OTJ25*OTK25","v":9.5749999999999993},"ED-50374",{"$f":"IF(OTP25=\"SINAPI\",VLOOKUP(OTM25,SINAPI,2,0),IF(OTP25=\"SETOP\",VLOOKUP(OTM25,SETOP,3,0),IF(OTP25=\"CPU\",VLOOKUP(OTM25,COMPOSIÇÃO,2,0),VLOOKUP(OTM25,COTAÇÃO,3,0))))","v":"BOMBEIRO/ENCANADOR COM ENCARGOS COMPLEMENTARES"},null,"SETOP",{"$f":"IF(OTP25=\"SINAPI\",VLOOKUP(OTM25,SINAPI,3,0),IF(OTP25=\"SETOP\",VLOOKUP(OTM25,SETOP,4,0),IF(OTP25=\"CPU\",VLOOKUP(OTM25,COMPOSIÇÃO,5,0),VLOOKUP(OTM25,COTAÇÃO,8,0))))","v":"HORA"},0.5,{"$f":"IF(OTP25=\"SINAPI\",VLOOKUP(OTM25,SINAPI,4,0),IF(OTP25=\"SETOP\",VLOOKUP(OTM25,SETOP,5,0),IF(OTP25=\"CPU\",VLOOKUP(OTM25,COMPOSIÇÃO,8,0),VLOOKUP(OTM25,COTAÇÃO,11,0))))","v":19.149999999999999},{"$f":"OTR25*OTS25","v":9.5749999999999993},"ED-50374",{"$f":"IF(OTX25=\"SINAPI\",VLOOKUP(OTU25,SINAPI,2,0),IF(OTX25=\"SETOP\",VLOOKUP(OTU25,SETOP,3,0),IF(OTX25=\"CPU\",VLOOKUP(OTU25,COMPOSIÇÃO,2,0),VLOOKUP(OTU25,COTAÇÃO,3,0))))","v":"BOMBEIRO/ENCANADOR COM ENCARGOS COMPLEMENTARES"},null,"SETOP",{"$f":"IF(OTX25=\"SINAPI\",VLOOKUP(OTU25,SINAPI,3,0),IF(OTX25=\"SETOP\",VLOOKUP(OTU25,SETOP,4,0),IF(OTX25=\"CPU\",VLOOKUP(OTU25,COMPOSIÇÃO,5,0),VLOOKUP(OTU25,COTAÇÃO,8,0))))","v":"HORA"},0.5,{"$f":"IF(OTX25=\"SINAPI\",VLOOKUP(OTU25,SINAPI,4,0),IF(OTX25=\"SETOP\",VLOOKUP(OTU25,SETOP,5,0),IF(OTX25=\"CPU\",VLOOKUP(OTU25,COMPOSIÇÃO,8,0),VLOOKUP(OTU25,COTAÇÃO,11,0))))","v":19.149999999999999},{"$f":"OTZ25*OUA25","v":9.5749999999999993},"ED-50374",{"$f":"IF(OUF25=\"SINAPI\",VLOOKUP(OUC25,SINAPI,2,0),IF(OUF25=\"SETOP\",VLOOKUP(OUC25,SETOP,3,0),IF(OUF25=\"CPU\",VLOOKUP(OUC25,COMPOSIÇÃO,2,0),VLOOKUP(OUC25,COTAÇÃO,3,0))))","v":"BOMBEIRO/ENCANADOR COM ENCARGOS COMPLEMENTARES"},null,"SETOP",{"$f":"IF(OUF25=\"SINAPI\",VLOOKUP(OUC25,SINAPI,3,0),IF(OUF25=\"SETOP\",VLOOKUP(OUC25,SETOP,4,0),IF(OUF25=\"CPU\",VLOOKUP(OUC25,COMPOSIÇÃO,5,0),VLOOKUP(OUC25,COTAÇÃO,8,0))))","v":"HORA"},0.5,{"$f":"IF(OUF25=\"SINAPI\",VLOOKUP(OUC25,SINAPI,4,0),IF(OUF25=\"SETOP\",VLOOKUP(OUC25,SETOP,5,0),IF(OUF25=\"CPU\",VLOOKUP(OUC25,COMPOSIÇÃO,8,0),VLOOKUP(OUC25,COTAÇÃO,11,0))))","v":19.149999999999999},{"$f":"OUH25*OUI25","v":9.5749999999999993},"ED-50374",{"$f":"IF(OUN25=\"SINAPI\",VLOOKUP(OUK25,SINAPI,2,0),IF(OUN25=\"SETOP\",VLOOKUP(OUK25,SETOP,3,0),IF(OUN25=\"CPU\",VLOOKUP(OUK25,COMPOSIÇÃO,2,0),VLOOKUP(OUK25,COTAÇÃO,3,0))))","v":"BOMBEIRO/ENCANADOR COM ENCARGOS COMPLEMENTARES"},null,"SETOP",{"$f":"IF(OUN25=\"SINAPI\",VLOOKUP(OUK25,SINAPI,3,0),IF(OUN25=\"SETOP\",VLOOKUP(OUK25,SETOP,4,0),IF(OUN25=\"CPU\",VLOOKUP(OUK25,COMPOSIÇÃO,5,0),VLOOKUP(OUK25,COTAÇÃO,8,0))))","v":"HORA"},0.5,{"$f":"IF(OUN25=\"SINAPI\",VLOOKUP(OUK25,SINAPI,4,0),IF(OUN25=\"SETOP\",VLOOKUP(OUK25,SETOP,5,0),IF(OUN25=\"CPU\",VLOOKUP(OUK25,COMPOSIÇÃO,8,0),VLOOKUP(OUK25,COTAÇÃO,11,0))))","v":19.149999999999999},{"$f":"OUP25*OUQ25","v":9.5749999999999993},"ED-50374",{"$f":"IF(OUV25=\"SINAPI\",VLOOKUP(OUS25,SINAPI,2,0),IF(OUV25=\"SETOP\",VLOOKUP(OUS25,SETOP,3,0),IF(OUV25=\"CPU\",VLOOKUP(OUS25,COMPOSIÇÃO,2,0),VLOOKUP(OUS25,COTAÇÃO,3,0))))","v":"BOMBEIRO/ENCANADOR COM ENCARGOS COMPLEMENTARES"},null,"SETOP",{"$f":"IF(OUV25=\"SINAPI\",VLOOKUP(OUS25,SINAPI,3,0),IF(OUV25=\"SETOP\",VLOOKUP(OUS25,SETOP,4,0),IF(OUV25=\"CPU\",VLOOKUP(OUS25,COMPOSIÇÃO,5,0),VLOOKUP(OUS25,COTAÇÃO,8,0))))","v":"HORA"},0.5,{"$f":"IF(OUV25=\"SINAPI\",VLOOKUP(OUS25,SINAPI,4,0),IF(OUV25=\"SETOP\",VLOOKUP(OUS25,SETOP,5,0),IF(OUV25=\"CPU\",VLOOKUP(OUS25,COMPOSIÇÃO,8,0),VLOOKUP(OUS25,COTAÇÃO,11,0))))","v":19.149999999999999},{"$f":"OUX25*OUY25","v":9.5749999999999993},"ED-50374",{"$f":"IF(OVD25=\"SINAPI\",VLOOKUP(OVA25,SINAPI,2,0),IF(OVD25=\"SETOP\",VLOOKUP(OVA25,SETOP,3,0),IF(OVD25=\"CPU\",VLOOKUP(OVA25,COMPOSIÇÃO,2,0),VLOOKUP(OVA25,COTAÇÃO,3,0))))","v":"BOMBEIRO/ENCANADOR COM ENCARGOS COMPLEMENTARES"},null,"SETOP",{"$f":"IF(OVD25=\"SINAPI\",VLOOKUP(OVA25,SINAPI,3,0),IF(OVD25=\"SETOP\",VLOOKUP(OVA25,SETOP,4,0),IF(OVD25=\"CPU\",VLOOKUP(OVA25,COMPOSIÇÃO,5,0),VLOOKUP(OVA25,COTAÇÃO,8,0))))","v":"HORA"},0.5,{"$f":"IF(OVD25=\"SINAPI\",VLOOKUP(OVA25,SINAPI,4,0),IF(OVD25=\"SETOP\",VLOOKUP(OVA25,SETOP,5,0),IF(OVD25=\"CPU\",VLOOKUP(OVA25,COMPOSIÇÃO,8,0),VLOOKUP(OVA25,COTAÇÃO,11,0))))","v":19.149999999999999},{"$f":"OVF25*OVG25","v":9.5749999999999993},"ED-50374",{"$f":"IF(OVL25=\"SINAPI\",VLOOKUP(OVI25,SINAPI,2,0),IF(OVL25=\"SETOP\",VLOOKUP(OVI25,SETOP,3,0),IF(OVL25=\"CPU\",VLOOKUP(OVI25,COMPOSIÇÃO,2,0),VLOOKUP(OVI25,COTAÇÃO,3,0))))","v":"BOMBEIRO/ENCANADOR COM ENCARGOS COMPLEMENTARES"},null,"SETOP",{"$f":"IF(OVL25=\"SINAPI\",VLOOKUP(OVI25,SINAPI,3,0),IF(OVL25=\"SETOP\",VLOOKUP(OVI25,SETOP,4,0),IF(OVL25=\"CPU\",VLOOKUP(OVI25,COMPOSIÇÃO,5,0),VLOOKUP(OVI25,COTAÇÃO,8,0))))","v":"HORA"},0.5,{"$f":"IF(OVL25=\"SINAPI\",VLOOKUP(OVI25,SINAPI,4,0),IF(OVL25=\"SETOP\",VLOOKUP(OVI25,SETOP,5,0),IF(OVL25=\"CPU\",VLOOKUP(OVI25,COMPOSIÇÃO,8,0),VLOOKUP(OVI25,COTAÇÃO,11,0))))","v":19.149999999999999},{"$f":"OVN25*OVO25","v":9.5749999999999993},"ED-50374",{"$f":"IF(OVT25=\"SINAPI\",VLOOKUP(OVQ25,SINAPI,2,0),IF(OVT25=\"SETOP\",VLOOKUP(OVQ25,SETOP,3,0),IF(OVT25=\"CPU\",VLOOKUP(OVQ25,COMPOSIÇÃO,2,0),VLOOKUP(OVQ25,COTAÇÃO,3,0))))","v":"BOMBEIRO/ENCANADOR COM ENCARGOS COMPLEMENTARES"},null,"SETOP",{"$f":"IF(OVT25=\"SINAPI\",VLOOKUP(OVQ25,SINAPI,3,0),IF(OVT25=\"SETOP\",VLOOKUP(OVQ25,SETOP,4,0),IF(OVT25=\"CPU\",VLOOKUP(OVQ25,COMPOSIÇÃO,5,0),VLOOKUP(OVQ25,COTAÇÃO,8,0))))","v":"HORA"},0.5,{"$f":"IF(OVT25=\"SINAPI\",VLOOKUP(OVQ25,SINAPI,4,0),IF(OVT25=\"SETOP\",VLOOKUP(OVQ25,SETOP,5,0),IF(OVT25=\"CPU\",VLOOKUP(OVQ25,COMPOSIÇÃO,8,0),VLOOKUP(OVQ25,COTAÇÃO,11,0))))","v":19.149999999999999},{"$f":"OVV25*OVW25","v":9.5749999999999993},"ED-50374",{"$f":"IF(OWB25=\"SINAPI\",VLOOKUP(OVY25,SINAPI,2,0),IF(OWB25=\"SETOP\",VLOOKUP(OVY25,SETOP,3,0),IF(OWB25=\"CPU\",VLOOKUP(OVY25,COMPOSIÇÃO,2,0),VLOOKUP(OVY25,COTAÇÃO,3,0))))","v":"BOMBEIRO/ENCANADOR COM ENCARGOS COMPLEMENTARES"},null,"SETOP",{"$f":"IF(OWB25=\"SINAPI\",VLOOKUP(OVY25,SINAPI,3,0),IF(OWB25=\"SETOP\",VLOOKUP(OVY25,SETOP,4,0),IF(OWB25=\"CPU\",VLOOKUP(OVY25,COMPOSIÇÃO,5,0),VLOOKUP(OVY25,COTAÇÃO,8,0))))","v":"HORA"},0.5,{"$f":"IF(OWB25=\"SINAPI\",VLOOKUP(OVY25,SINAPI,4,0),IF(OWB25=\"SETOP\",VLOOKUP(OVY25,SETOP,5,0),IF(OWB25=\"CPU\",VLOOKUP(OVY25,COMPOSIÇÃO,8,0),VLOOKUP(OVY25,COTAÇÃO,11,0))))","v":19.149999999999999},{"$f":"OWD25*OWE25","v":9.5749999999999993},"ED-50374",{"$f":"IF(OWJ25=\"SINAPI\",VLOOKUP(OWG25,SINAPI,2,0),IF(OWJ25=\"SETOP\",VLOOKUP(OWG25,SETOP,3,0),IF(OWJ25=\"CPU\",VLOOKUP(OWG25,COMPOSIÇÃO,2,0),VLOOKUP(OWG25,COTAÇÃO,3,0))))","v":"BOMBEIRO/ENCANADOR COM ENCARGOS COMPLEMENTARES"},null,"SETOP",{"$f":"IF(OWJ25=\"SINAPI\",VLOOKUP(OWG25,SINAPI,3,0),IF(OWJ25=\"SETOP\",VLOOKUP(OWG25,SETOP,4,0),IF(OWJ25=\"CPU\",VLOOKUP(OWG25,COMPOSIÇÃO,5,0),VLOOKUP(OWG25,COTAÇÃO,8,0))))","v":"HORA"},0.5,{"$f":"IF(OWJ25=\"SINAPI\",VLOOKUP(OWG25,SINAPI,4,0),IF(OWJ25=\"SETOP\",VLOOKUP(OWG25,SETOP,5,0),IF(OWJ25=\"CPU\",VLOOKUP(OWG25,COMPOSIÇÃO,8,0),VLOOKUP(OWG25,COTAÇÃO,11,0))))","v":19.149999999999999},{"$f":"OWL25*OWM25","v":9.5749999999999993},"ED-50374",{"$f":"IF(OWR25=\"SINAPI\",VLOOKUP(OWO25,SINAPI,2,0),IF(OWR25=\"SETOP\",VLOOKUP(OWO25,SETOP,3,0),IF(OWR25=\"CPU\",VLOOKUP(OWO25,COMPOSIÇÃO,2,0),VLOOKUP(OWO25,COTAÇÃO,3,0))))","v":"BOMBEIRO/ENCANADOR COM ENCARGOS COMPLEMENTARES"},null,"SETOP",{"$f":"IF(OWR25=\"SINAPI\",VLOOKUP(OWO25,SINAPI,3,0),IF(OWR25=\"SETOP\",VLOOKUP(OWO25,SETOP,4,0),IF(OWR25=\"CPU\",VLOOKUP(OWO25,COMPOSIÇÃO,5,0),VLOOKUP(OWO25,COTAÇÃO,8,0))))","v":"HORA"},0.5,{"$f":"IF(OWR25=\"SINAPI\",VLOOKUP(OWO25,SINAPI,4,0),IF(OWR25=\"SETOP\",VLOOKUP(OWO25,SETOP,5,0),IF(OWR25=\"CPU\",VLOOKUP(OWO25,COMPOSIÇÃO,8,0),VLOOKUP(OWO25,COTAÇÃO,11,0))))","v":19.149999999999999},{"$f":"OWT25*OWU25","v":9.5749999999999993},"ED-50374",{"$f":"IF(OWZ25=\"SINAPI\",VLOOKUP(OWW25,SINAPI,2,0),IF(OWZ25=\"SETOP\",VLOOKUP(OWW25,SETOP,3,0),IF(OWZ25=\"CPU\",VLOOKUP(OWW25,COMPOSIÇÃO,2,0),VLOOKUP(OWW25,COTAÇÃO,3,0))))","v":"BOMBEIRO/ENCANADOR COM ENCARGOS COMPLEMENTARES"},null,"SETOP",{"$f":"IF(OWZ25=\"SINAPI\",VLOOKUP(OWW25,SINAPI,3,0),IF(OWZ25=\"SETOP\",VLOOKUP(OWW25,SETOP,4,0),IF(OWZ25=\"CPU\",VLOOKUP(OWW25,COMPOSIÇÃO,5,0),VLOOKUP(OWW25,COTAÇÃO,8,0))))","v":"HORA"},0.5,{"$f":"IF(OWZ25=\"SINAPI\",VLOOKUP(OWW25,SINAPI,4,0),IF(OWZ25=\"SETOP\",VLOOKUP(OWW25,SETOP,5,0),IF(OWZ25=\"CPU\",VLOOKUP(OWW25,COMPOSIÇÃO,8,0),VLOOKUP(OWW25,COTAÇÃO,11,0))))","v":19.149999999999999},{"$f":"OXB25*OXC25","v":9.5749999999999993},"ED-50374",{"$f":"IF(OXH25=\"SINAPI\",VLOOKUP(OXE25,SINAPI,2,0),IF(OXH25=\"SETOP\",VLOOKUP(OXE25,SETOP,3,0),IF(OXH25=\"CPU\",VLOOKUP(OXE25,COMPOSIÇÃO,2,0),VLOOKUP(OXE25,COTAÇÃO,3,0))))","v":"BOMBEIRO/ENCANADOR COM ENCARGOS COMPLEMENTARES"},null,"SETOP",{"$f":"IF(OXH25=\"SINAPI\",VLOOKUP(OXE25,SINAPI,3,0),IF(OXH25=\"SETOP\",VLOOKUP(OXE25,SETOP,4,0),IF(OXH25=\"CPU\",VLOOKUP(OXE25,COMPOSIÇÃO,5,0),VLOOKUP(OXE25,COTAÇÃO,8,0))))","v":"HORA"},0.5,{"$f":"IF(OXH25=\"SINAPI\",VLOOKUP(OXE25,SINAPI,4,0),IF(OXH25=\"SETOP\",VLOOKUP(OXE25,SETOP,5,0),IF(OXH25=\"CPU\",VLOOKUP(OXE25,COMPOSIÇÃO,8,0),VLOOKUP(OXE25,COTAÇÃO,11,0))))","v":19.149999999999999},{"$f":"OXJ25*OXK25","v":9.5749999999999993},"ED-50374",{"$f":"IF(OXP25=\"SINAPI\",VLOOKUP(OXM25,SINAPI,2,0),IF(OXP25=\"SETOP\",VLOOKUP(OXM25,SETOP,3,0),IF(OXP25=\"CPU\",VLOOKUP(OXM25,COMPOSIÇÃO,2,0),VLOOKUP(OXM25,COTAÇÃO,3,0))))","v":"BOMBEIRO/ENCANADOR COM ENCARGOS COMPLEMENTARES"},null,"SETOP",{"$f":"IF(OXP25=\"SINAPI\",VLOOKUP(OXM25,SINAPI,3,0),IF(OXP25=\"SETOP\",VLOOKUP(OXM25,SETOP,4,0),IF(OXP25=\"CPU\",VLOOKUP(OXM25,COMPOSIÇÃO,5,0),VLOOKUP(OXM25,COTAÇÃO,8,0))))","v":"HORA"},0.5,{"$f":"IF(OXP25=\"SINAPI\",VLOOKUP(OXM25,SINAPI,4,0),IF(OXP25=\"SETOP\",VLOOKUP(OXM25,SETOP,5,0),IF(OXP25=\"CPU\",VLOOKUP(OXM25,COMPOSIÇÃO,8,0),VLOOKUP(OXM25,COTAÇÃO,11,0))))","v":19.149999999999999},{"$f":"OXR25*OXS25","v":9.5749999999999993},"ED-50374",{"$f":"IF(OXX25=\"SINAPI\",VLOOKUP(OXU25,SINAPI,2,0),IF(OXX25=\"SETOP\",VLOOKUP(OXU25,SETOP,3,0),IF(OXX25=\"CPU\",VLOOKUP(OXU25,COMPOSIÇÃO,2,0),VLOOKUP(OXU25,COTAÇÃO,3,0))))","v":"BOMBEIRO/ENCANADOR COM ENCARGOS COMPLEMENTARES"},null,"SETOP",{"$f":"IF(OXX25=\"SINAPI\",VLOOKUP(OXU25,SINAPI,3,0),IF(OXX25=\"SETOP\",VLOOKUP(OXU25,SETOP,4,0),IF(OXX25=\"CPU\",VLOOKUP(OXU25,COMPOSIÇÃO,5,0),VLOOKUP(OXU25,COTAÇÃO,8,0))))","v":"HORA"},0.5,{"$f":"IF(OXX25=\"SINAPI\",VLOOKUP(OXU25,SINAPI,4,0),IF(OXX25=\"SETOP\",VLOOKUP(OXU25,SETOP,5,0),IF(OXX25=\"CPU\",VLOOKUP(OXU25,COMPOSIÇÃO,8,0),VLOOKUP(OXU25,COTAÇÃO,11,0))))","v":19.149999999999999},{"$f":"OXZ25*OYA25","v":9.5749999999999993},"ED-50374",{"$f":"IF(OYF25=\"SINAPI\",VLOOKUP(OYC25,SINAPI,2,0),IF(OYF25=\"SETOP\",VLOOKUP(OYC25,SETOP,3,0),IF(OYF25=\"CPU\",VLOOKUP(OYC25,COMPOSIÇÃO,2,0),VLOOKUP(OYC25,COTAÇÃO,3,0))))","v":"BOMBEIRO/ENCANADOR COM ENCARGOS COMPLEMENTARES"},null,"SETOP",{"$f":"IF(OYF25=\"SINAPI\",VLOOKUP(OYC25,SINAPI,3,0),IF(OYF25=\"SETOP\",VLOOKUP(OYC25,SETOP,4,0),IF(OYF25=\"CPU\",VLOOKUP(OYC25,COMPOSIÇÃO,5,0),VLOOKUP(OYC25,COTAÇÃO,8,0))))","v":"HORA"},0.5,{"$f":"IF(OYF25=\"SINAPI\",VLOOKUP(OYC25,SINAPI,4,0),IF(OYF25=\"SETOP\",VLOOKUP(OYC25,SETOP,5,0),IF(OYF25=\"CPU\",VLOOKUP(OYC25,COMPOSIÇÃO,8,0),VLOOKUP(OYC25,COTAÇÃO,11,0))))","v":19.149999999999999},{"$f":"OYH25*OYI25","v":9.5749999999999993},"ED-50374",{"$f":"IF(OYN25=\"SINAPI\",VLOOKUP(OYK25,SINAPI,2,0),IF(OYN25=\"SETOP\",VLOOKUP(OYK25,SETOP,3,0),IF(OYN25=\"CPU\",VLOOKUP(OYK25,COMPOSIÇÃO,2,0),VLOOKUP(OYK25,COTAÇÃO,3,0))))","v":"BOMBEIRO/ENCANADOR COM ENCARGOS COMPLEMENTARES"},null,"SETOP",{"$f":"IF(OYN25=\"SINAPI\",VLOOKUP(OYK25,SINAPI,3,0),IF(OYN25=\"SETOP\",VLOOKUP(OYK25,SETOP,4,0),IF(OYN25=\"CPU\",VLOOKUP(OYK25,COMPOSIÇÃO,5,0),VLOOKUP(OYK25,COTAÇÃO,8,0))))","v":"HORA"},0.5,{"$f":"IF(OYN25=\"SINAPI\",VLOOKUP(OYK25,SINAPI,4,0),IF(OYN25=\"SETOP\",VLOOKUP(OYK25,SETOP,5,0),IF(OYN25=\"CPU\",VLOOKUP(OYK25,COMPOSIÇÃO,8,0),VLOOKUP(OYK25,COTAÇÃO,11,0))))","v":19.149999999999999},{"$f":"OYP25*OYQ25","v":9.5749999999999993},"ED-50374",{"$f":"IF(OYV25=\"SINAPI\",VLOOKUP(OYS25,SINAPI,2,0),IF(OYV25=\"SETOP\",VLOOKUP(OYS25,SETOP,3,0),IF(OYV25=\"CPU\",VLOOKUP(OYS25,COMPOSIÇÃO,2,0),VLOOKUP(OYS25,COTAÇÃO,3,0))))","v":"BOMBEIRO/ENCANADOR COM ENCARGOS COMPLEMENTARES"},null,"SETOP",{"$f":"IF(OYV25=\"SINAPI\",VLOOKUP(OYS25,SINAPI,3,0),IF(OYV25=\"SETOP\",VLOOKUP(OYS25,SETOP,4,0),IF(OYV25=\"CPU\",VLOOKUP(OYS25,COMPOSIÇÃO,5,0),VLOOKUP(OYS25,COTAÇÃO,8,0))))","v":"HORA"},0.5,{"$f":"IF(OYV25=\"SINAPI\",VLOOKUP(OYS25,SINAPI,4,0),IF(OYV25=\"SETOP\",VLOOKUP(OYS25,SETOP,5,0),IF(OYV25=\"CPU\",VLOOKUP(OYS25,COMPOSIÇÃO,8,0),VLOOKUP(OYS25,COTAÇÃO,11,0))))","v":19.149999999999999},{"$f":"OYX25*OYY25","v":9.5749999999999993},"ED-50374",{"$f":"IF(OZD25=\"SINAPI\",VLOOKUP(OZA25,SINAPI,2,0),IF(OZD25=\"SETOP\",VLOOKUP(OZA25,SETOP,3,0),IF(OZD25=\"CPU\",VLOOKUP(OZA25,COMPOSIÇÃO,2,0),VLOOKUP(OZA25,COTAÇÃO,3,0))))","v":"BOMBEIRO/ENCANADOR COM ENCARGOS COMPLEMENTARES"},null,"SETOP",{"$f":"IF(OZD25=\"SINAPI\",VLOOKUP(OZA25,SINAPI,3,0),IF(OZD25=\"SETOP\",VLOOKUP(OZA25,SETOP,4,0),IF(OZD25=\"CPU\",VLOOKUP(OZA25,COMPOSIÇÃO,5,0),VLOOKUP(OZA25,COTAÇÃO,8,0))))","v":"HORA"},0.5,{"$f":"IF(OZD25=\"SINAPI\",VLOOKUP(OZA25,SINAPI,4,0),IF(OZD25=\"SETOP\",VLOOKUP(OZA25,SETOP,5,0),IF(OZD25=\"CPU\",VLOOKUP(OZA25,COMPOSIÇÃO,8,0),VLOOKUP(OZA25,COTAÇÃO,11,0))))","v":19.149999999999999},{"$f":"OZF25*OZG25","v":9.5749999999999993},"ED-50374",{"$f":"IF(OZL25=\"SINAPI\",VLOOKUP(OZI25,SINAPI,2,0),IF(OZL25=\"SETOP\",VLOOKUP(OZI25,SETOP,3,0),IF(OZL25=\"CPU\",VLOOKUP(OZI25,COMPOSIÇÃO,2,0),VLOOKUP(OZI25,COTAÇÃO,3,0))))","v":"BOMBEIRO/ENCANADOR COM ENCARGOS COMPLEMENTARES"},null,"SETOP",{"$f":"IF(OZL25=\"SINAPI\",VLOOKUP(OZI25,SINAPI,3,0),IF(OZL25=\"SETOP\",VLOOKUP(OZI25,SETOP,4,0),IF(OZL25=\"CPU\",VLOOKUP(OZI25,COMPOSIÇÃO,5,0),VLOOKUP(OZI25,COTAÇÃO,8,0))))","v":"HORA"},0.5,{"$f":"IF(OZL25=\"SINAPI\",VLOOKUP(OZI25,SINAPI,4,0),IF(OZL25=\"SETOP\",VLOOKUP(OZI25,SETOP,5,0),IF(OZL25=\"CPU\",VLOOKUP(OZI25,COMPOSIÇÃO,8,0),VLOOKUP(OZI25,COTAÇÃO,11,0))))","v":19.149999999999999},{"$f":"OZN25*OZO25","v":9.5749999999999993},"ED-50374",{"$f":"IF(OZT25=\"SINAPI\",VLOOKUP(OZQ25,SINAPI,2,0),IF(OZT25=\"SETOP\",VLOOKUP(OZQ25,SETOP,3,0),IF(OZT25=\"CPU\",VLOOKUP(OZQ25,COMPOSIÇÃO,2,0),VLOOKUP(OZQ25,COTAÇÃO,3,0))))","v":"BOMBEIRO/ENCANADOR COM ENCARGOS COMPLEMENTARES"},null,"SETOP",{"$f":"IF(OZT25=\"SINAPI\",VLOOKUP(OZQ25,SINAPI,3,0),IF(OZT25=\"SETOP\",VLOOKUP(OZQ25,SETOP,4,0),IF(OZT25=\"CPU\",VLOOKUP(OZQ25,COMPOSIÇÃO,5,0),VLOOKUP(OZQ25,COTAÇÃO,8,0))))","v":"HORA"},0.5,{"$f":"IF(OZT25=\"SINAPI\",VLOOKUP(OZQ25,SINAPI,4,0),IF(OZT25=\"SETOP\",VLOOKUP(OZQ25,SETOP,5,0),IF(OZT25=\"CPU\",VLOOKUP(OZQ25,COMPOSIÇÃO,8,0),VLOOKUP(OZQ25,COTAÇÃO,11,0))))","v":19.149999999999999},{"$f":"OZV25*OZW25","v":9.5749999999999993},"ED-50374",{"$f":"IF(PAB25=\"SINAPI\",VLOOKUP(OZY25,SINAPI,2,0),IF(PAB25=\"SETOP\",VLOOKUP(OZY25,SETOP,3,0),IF(PAB25=\"CPU\",VLOOKUP(OZY25,COMPOSIÇÃO,2,0),VLOOKUP(OZY25,COTAÇÃO,3,0))))","v":"BOMBEIRO/ENCANADOR COM ENCARGOS COMPLEMENTARES"},null,"SETOP",{"$f":"IF(PAB25=\"SINAPI\",VLOOKUP(OZY25,SINAPI,3,0),IF(PAB25=\"SETOP\",VLOOKUP(OZY25,SETOP,4,0),IF(PAB25=\"CPU\",VLOOKUP(OZY25,COMPOSIÇÃO,5,0),VLOOKUP(OZY25,COTAÇÃO,8,0))))","v":"HORA"},0.5,{"$f":"IF(PAB25=\"SINAPI\",VLOOKUP(OZY25,SINAPI,4,0),IF(PAB25=\"SETOP\",VLOOKUP(OZY25,SETOP,5,0),IF(PAB25=\"CPU\",VLOOKUP(OZY25,COMPOSIÇÃO,8,0),VLOOKUP(OZY25,COTAÇÃO,11,0))))","v":19.149999999999999},{"$f":"PAD25*PAE25","v":9.5749999999999993},"ED-50374",{"$f":"IF(PAJ25=\"SINAPI\",VLOOKUP(PAG25,SINAPI,2,0),IF(PAJ25=\"SETOP\",VLOOKUP(PAG25,SETOP,3,0),IF(PAJ25=\"CPU\",VLOOKUP(PAG25,COMPOSIÇÃO,2,0),VLOOKUP(PAG25,COTAÇÃO,3,0))))","v":"BOMBEIRO/ENCANADOR COM ENCARGOS COMPLEMENTARES"},null,"SETOP",{"$f":"IF(PAJ25=\"SINAPI\",VLOOKUP(PAG25,SINAPI,3,0),IF(PAJ25=\"SETOP\",VLOOKUP(PAG25,SETOP,4,0),IF(PAJ25=\"CPU\",VLOOKUP(PAG25,COMPOSIÇÃO,5,0),VLOOKUP(PAG25,COTAÇÃO,8,0))))","v":"HORA"},0.5,{"$f":"IF(PAJ25=\"SINAPI\",VLOOKUP(PAG25,SINAPI,4,0),IF(PAJ25=\"SETOP\",VLOOKUP(PAG25,SETOP,5,0),IF(PAJ25=\"CPU\",VLOOKUP(PAG25,COMPOSIÇÃO,8,0),VLOOKUP(PAG25,COTAÇÃO,11,0))))","v":19.149999999999999},{"$f":"PAL25*PAM25","v":9.5749999999999993},"ED-50374",{"$f":"IF(PAR25=\"SINAPI\",VLOOKUP(PAO25,SINAPI,2,0),IF(PAR25=\"SETOP\",VLOOKUP(PAO25,SETOP,3,0),IF(PAR25=\"CPU\",VLOOKUP(PAO25,COMPOSIÇÃO,2,0),VLOOKUP(PAO25,COTAÇÃO,3,0))))","v":"BOMBEIRO/ENCANADOR COM ENCARGOS COMPLEMENTARES"},null,"SETOP",{"$f":"IF(PAR25=\"SINAPI\",VLOOKUP(PAO25,SINAPI,3,0),IF(PAR25=\"SETOP\",VLOOKUP(PAO25,SETOP,4,0),IF(PAR25=\"CPU\",VLOOKUP(PAO25,COMPOSIÇÃO,5,0),VLOOKUP(PAO25,COTAÇÃO,8,0))))","v":"HORA"},0.5,{"$f":"IF(PAR25=\"SINAPI\",VLOOKUP(PAO25,SINAPI,4,0),IF(PAR25=\"SETOP\",VLOOKUP(PAO25,SETOP,5,0),IF(PAR25=\"CPU\",VLOOKUP(PAO25,COMPOSIÇÃO,8,0),VLOOKUP(PAO25,COTAÇÃO,11,0))))","v":19.149999999999999},{"$f":"PAT25*PAU25","v":9.5749999999999993},"ED-50374",{"$f":"IF(PAZ25=\"SINAPI\",VLOOKUP(PAW25,SINAPI,2,0),IF(PAZ25=\"SETOP\",VLOOKUP(PAW25,SETOP,3,0),IF(PAZ25=\"CPU\",VLOOKUP(PAW25,COMPOSIÇÃO,2,0),VLOOKUP(PAW25,COTAÇÃO,3,0))))","v":"BOMBEIRO/ENCANADOR COM ENCARGOS COMPLEMENTARES"},null,"SETOP",{"$f":"IF(PAZ25=\"SINAPI\",VLOOKUP(PAW25,SINAPI,3,0),IF(PAZ25=\"SETOP\",VLOOKUP(PAW25,SETOP,4,0),IF(PAZ25=\"CPU\",VLOOKUP(PAW25,COMPOSIÇÃO,5,0),VLOOKUP(PAW25,COTAÇÃO,8,0))))","v":"HORA"},0.5,{"$f":"IF(PAZ25=\"SINAPI\",VLOOKUP(PAW25,SINAPI,4,0),IF(PAZ25=\"SETOP\",VLOOKUP(PAW25,SETOP,5,0),IF(PAZ25=\"CPU\",VLOOKUP(PAW25,COMPOSIÇÃO,8,0),VLOOKUP(PAW25,COTAÇÃO,11,0))))","v":19.149999999999999},{"$f":"PBB25*PBC25","v":9.5749999999999993},"ED-50374",{"$f":"IF(PBH25=\"SINAPI\",VLOOKUP(PBE25,SINAPI,2,0),IF(PBH25=\"SETOP\",VLOOKUP(PBE25,SETOP,3,0),IF(PBH25=\"CPU\",VLOOKUP(PBE25,COMPOSIÇÃO,2,0),VLOOKUP(PBE25,COTAÇÃO,3,0))))","v":"BOMBEIRO/ENCANADOR COM ENCARGOS COMPLEMENTARES"},null,"SETOP",{"$f":"IF(PBH25=\"SINAPI\",VLOOKUP(PBE25,SINAPI,3,0),IF(PBH25=\"SETOP\",VLOOKUP(PBE25,SETOP,4,0),IF(PBH25=\"CPU\",VLOOKUP(PBE25,COMPOSIÇÃO,5,0),VLOOKUP(PBE25,COTAÇÃO,8,0))))","v":"HORA"},0.5,{"$f":"IF(PBH25=\"SINAPI\",VLOOKUP(PBE25,SINAPI,4,0),IF(PBH25=\"SETOP\",VLOOKUP(PBE25,SETOP,5,0),IF(PBH25=\"CPU\",VLOOKUP(PBE25,COMPOSIÇÃO,8,0),VLOOKUP(PBE25,COTAÇÃO,11,0))))","v":19.149999999999999},{"$f":"PBJ25*PBK25","v":9.5749999999999993},"ED-50374",{"$f":"IF(PBP25=\"SINAPI\",VLOOKUP(PBM25,SINAPI,2,0),IF(PBP25=\"SETOP\",VLOOKUP(PBM25,SETOP,3,0),IF(PBP25=\"CPU\",VLOOKUP(PBM25,COMPOSIÇÃO,2,0),VLOOKUP(PBM25,COTAÇÃO,3,0))))","v":"BOMBEIRO/ENCANADOR COM ENCARGOS COMPLEMENTARES"},null,"SETOP",{"$f":"IF(PBP25=\"SINAPI\",VLOOKUP(PBM25,SINAPI,3,0),IF(PBP25=\"SETOP\",VLOOKUP(PBM25,SETOP,4,0),IF(PBP25=\"CPU\",VLOOKUP(PBM25,COMPOSIÇÃO,5,0),VLOOKUP(PBM25,COTAÇÃO,8,0))))","v":"HORA"},0.5,{"$f":"IF(PBP25=\"SINAPI\",VLOOKUP(PBM25,SINAPI,4,0),IF(PBP25=\"SETOP\",VLOOKUP(PBM25,SETOP,5,0),IF(PBP25=\"CPU\",VLOOKUP(PBM25,COMPOSIÇÃO,8,0),VLOOKUP(PBM25,COTAÇÃO,11,0))))","v":19.149999999999999},{"$f":"PBR25*PBS25","v":9.5749999999999993},"ED-50374",{"$f":"IF(PBX25=\"SINAPI\",VLOOKUP(PBU25,SINAPI,2,0),IF(PBX25=\"SETOP\",VLOOKUP(PBU25,SETOP,3,0),IF(PBX25=\"CPU\",VLOOKUP(PBU25,COMPOSIÇÃO,2,0),VLOOKUP(PBU25,COTAÇÃO,3,0))))","v":"BOMBEIRO/ENCANADOR COM ENCARGOS COMPLEMENTARES"},null,"SETOP",{"$f":"IF(PBX25=\"SINAPI\",VLOOKUP(PBU25,SINAPI,3,0),IF(PBX25=\"SETOP\",VLOOKUP(PBU25,SETOP,4,0),IF(PBX25=\"CPU\",VLOOKUP(PBU25,COMPOSIÇÃO,5,0),VLOOKUP(PBU25,COTAÇÃO,8,0))))","v":"HORA"},0.5,{"$f":"IF(PBX25=\"SINAPI\",VLOOKUP(PBU25,SINAPI,4,0),IF(PBX25=\"SETOP\",VLOOKUP(PBU25,SETOP,5,0),IF(PBX25=\"CPU\",VLOOKUP(PBU25,COMPOSIÇÃO,8,0),VLOOKUP(PBU25,COTAÇÃO,11,0))))","v":19.149999999999999},{"$f":"PBZ25*PCA25","v":9.5749999999999993},"ED-50374",{"$f":"IF(PCF25=\"SINAPI\",VLOOKUP(PCC25,SINAPI,2,0),IF(PCF25=\"SETOP\",VLOOKUP(PCC25,SETOP,3,0),IF(PCF25=\"CPU\",VLOOKUP(PCC25,COMPOSIÇÃO,2,0),VLOOKUP(PCC25,COTAÇÃO,3,0))))","v":"BOMBEIRO/ENCANADOR COM ENCARGOS COMPLEMENTARES"},null,"SETOP",{"$f":"IF(PCF25=\"SINAPI\",VLOOKUP(PCC25,SINAPI,3,0),IF(PCF25=\"SETOP\",VLOOKUP(PCC25,SETOP,4,0),IF(PCF25=\"CPU\",VLOOKUP(PCC25,COMPOSIÇÃO,5,0),VLOOKUP(PCC25,COTAÇÃO,8,0))))","v":"HORA"},0.5,{"$f":"IF(PCF25=\"SINAPI\",VLOOKUP(PCC25,SINAPI,4,0),IF(PCF25=\"SETOP\",VLOOKUP(PCC25,SETOP,5,0),IF(PCF25=\"CPU\",VLOOKUP(PCC25,COMPOSIÇÃO,8,0),VLOOKUP(PCC25,COTAÇÃO,11,0))))","v":19.149999999999999},{"$f":"PCH25*PCI25","v":9.5749999999999993},"ED-50374",{"$f":"IF(PCN25=\"SINAPI\",VLOOKUP(PCK25,SINAPI,2,0),IF(PCN25=\"SETOP\",VLOOKUP(PCK25,SETOP,3,0),IF(PCN25=\"CPU\",VLOOKUP(PCK25,COMPOSIÇÃO,2,0),VLOOKUP(PCK25,COTAÇÃO,3,0))))","v":"BOMBEIRO/ENCANADOR COM ENCARGOS COMPLEMENTARES"},null,"SETOP",{"$f":"IF(PCN25=\"SINAPI\",VLOOKUP(PCK25,SINAPI,3,0),IF(PCN25=\"SETOP\",VLOOKUP(PCK25,SETOP,4,0),IF(PCN25=\"CPU\",VLOOKUP(PCK25,COMPOSIÇÃO,5,0),VLOOKUP(PCK25,COTAÇÃO,8,0))))","v":"HORA"},0.5,{"$f":"IF(PCN25=\"SINAPI\",VLOOKUP(PCK25,SINAPI,4,0),IF(PCN25=\"SETOP\",VLOOKUP(PCK25,SETOP,5,0),IF(PCN25=\"CPU\",VLOOKUP(PCK25,COMPOSIÇÃO,8,0),VLOOKUP(PCK25,COTAÇÃO,11,0))))","v":19.149999999999999},{"$f":"PCP25*PCQ25","v":9.5749999999999993},"ED-50374",{"$f":"IF(PCV25=\"SINAPI\",VLOOKUP(PCS25,SINAPI,2,0),IF(PCV25=\"SETOP\",VLOOKUP(PCS25,SETOP,3,0),IF(PCV25=\"CPU\",VLOOKUP(PCS25,COMPOSIÇÃO,2,0),VLOOKUP(PCS25,COTAÇÃO,3,0))))","v":"BOMBEIRO/ENCANADOR COM ENCARGOS COMPLEMENTARES"},null,"SETOP",{"$f":"IF(PCV25=\"SINAPI\",VLOOKUP(PCS25,SINAPI,3,0),IF(PCV25=\"SETOP\",VLOOKUP(PCS25,SETOP,4,0),IF(PCV25=\"CPU\",VLOOKUP(PCS25,COMPOSIÇÃO,5,0),VLOOKUP(PCS25,COTAÇÃO,8,0))))","v":"HORA"},0.5,{"$f":"IF(PCV25=\"SINAPI\",VLOOKUP(PCS25,SINAPI,4,0),IF(PCV25=\"SETOP\",VLOOKUP(PCS25,SETOP,5,0),IF(PCV25=\"CPU\",VLOOKUP(PCS25,COMPOSIÇÃO,8,0),VLOOKUP(PCS25,COTAÇÃO,11,0))))","v":19.149999999999999},{"$f":"PCX25*PCY25","v":9.5749999999999993},"ED-50374",{"$f":"IF(PDD25=\"SINAPI\",VLOOKUP(PDA25,SINAPI,2,0),IF(PDD25=\"SETOP\",VLOOKUP(PDA25,SETOP,3,0),IF(PDD25=\"CPU\",VLOOKUP(PDA25,COMPOSIÇÃO,2,0),VLOOKUP(PDA25,COTAÇÃO,3,0))))","v":"BOMBEIRO/ENCANADOR COM ENCARGOS COMPLEMENTARES"},null,"SETOP",{"$f":"IF(PDD25=\"SINAPI\",VLOOKUP(PDA25,SINAPI,3,0),IF(PDD25=\"SETOP\",VLOOKUP(PDA25,SETOP,4,0),IF(PDD25=\"CPU\",VLOOKUP(PDA25,COMPOSIÇÃO,5,0),VLOOKUP(PDA25,COTAÇÃO,8,0))))","v":"HORA"},0.5,{"$f":"IF(PDD25=\"SINAPI\",VLOOKUP(PDA25,SINAPI,4,0),IF(PDD25=\"SETOP\",VLOOKUP(PDA25,SETOP,5,0),IF(PDD25=\"CPU\",VLOOKUP(PDA25,COMPOSIÇÃO,8,0),VLOOKUP(PDA25,COTAÇÃO,11,0))))","v":19.149999999999999},{"$f":"PDF25*PDG25","v":9.5749999999999993},"ED-50374",{"$f":"IF(PDL25=\"SINAPI\",VLOOKUP(PDI25,SINAPI,2,0),IF(PDL25=\"SETOP\",VLOOKUP(PDI25,SETOP,3,0),IF(PDL25=\"CPU\",VLOOKUP(PDI25,COMPOSIÇÃO,2,0),VLOOKUP(PDI25,COTAÇÃO,3,0))))","v":"BOMBEIRO/ENCANADOR COM ENCARGOS COMPLEMENTARES"},null,"SETOP",{"$f":"IF(PDL25=\"SINAPI\",VLOOKUP(PDI25,SINAPI,3,0),IF(PDL25=\"SETOP\",VLOOKUP(PDI25,SETOP,4,0),IF(PDL25=\"CPU\",VLOOKUP(PDI25,COMPOSIÇÃO,5,0),VLOOKUP(PDI25,COTAÇÃO,8,0))))","v":"HORA"},0.5,{"$f":"IF(PDL25=\"SINAPI\",VLOOKUP(PDI25,SINAPI,4,0),IF(PDL25=\"SETOP\",VLOOKUP(PDI25,SETOP,5,0),IF(PDL25=\"CPU\",VLOOKUP(PDI25,COMPOSIÇÃO,8,0),VLOOKUP(PDI25,COTAÇÃO,11,0))))","v":19.149999999999999},{"$f":"PDN25*PDO25","v":9.5749999999999993},"ED-50374",{"$f":"IF(PDT25=\"SINAPI\",VLOOKUP(PDQ25,SINAPI,2,0),IF(PDT25=\"SETOP\",VLOOKUP(PDQ25,SETOP,3,0),IF(PDT25=\"CPU\",VLOOKUP(PDQ25,COMPOSIÇÃO,2,0),VLOOKUP(PDQ25,COTAÇÃO,3,0))))","v":"BOMBEIRO/ENCANADOR COM ENCARGOS COMPLEMENTARES"},null,"SETOP",{"$f":"IF(PDT25=\"SINAPI\",VLOOKUP(PDQ25,SINAPI,3,0),IF(PDT25=\"SETOP\",VLOOKUP(PDQ25,SETOP,4,0),IF(PDT25=\"CPU\",VLOOKUP(PDQ25,COMPOSIÇÃO,5,0),VLOOKUP(PDQ25,COTAÇÃO,8,0))))","v":"HORA"},0.5,{"$f":"IF(PDT25=\"SINAPI\",VLOOKUP(PDQ25,SINAPI,4,0),IF(PDT25=\"SETOP\",VLOOKUP(PDQ25,SETOP,5,0),IF(PDT25=\"CPU\",VLOOKUP(PDQ25,COMPOSIÇÃO,8,0),VLOOKUP(PDQ25,COTAÇÃO,11,0))))","v":19.149999999999999},{"$f":"PDV25*PDW25","v":9.5749999999999993},"ED-50374",{"$f":"IF(PEB25=\"SINAPI\",VLOOKUP(PDY25,SINAPI,2,0),IF(PEB25=\"SETOP\",VLOOKUP(PDY25,SETOP,3,0),IF(PEB25=\"CPU\",VLOOKUP(PDY25,COMPOSIÇÃO,2,0),VLOOKUP(PDY25,COTAÇÃO,3,0))))","v":"BOMBEIRO/ENCANADOR COM ENCARGOS COMPLEMENTARES"},null,"SETOP",{"$f":"IF(PEB25=\"SINAPI\",VLOOKUP(PDY25,SINAPI,3,0),IF(PEB25=\"SETOP\",VLOOKUP(PDY25,SETOP,4,0),IF(PEB25=\"CPU\",VLOOKUP(PDY25,COMPOSIÇÃO,5,0),VLOOKUP(PDY25,COTAÇÃO,8,0))))","v":"HORA"},0.5,{"$f":"IF(PEB25=\"SINAPI\",VLOOKUP(PDY25,SINAPI,4,0),IF(PEB25=\"SETOP\",VLOOKUP(PDY25,SETOP,5,0),IF(PEB25=\"CPU\",VLOOKUP(PDY25,COMPOSIÇÃO,8,0),VLOOKUP(PDY25,COTAÇÃO,11,0))))","v":19.149999999999999},{"$f":"PED25*PEE25","v":9.5749999999999993},"ED-50374",{"$f":"IF(PEJ25=\"SINAPI\",VLOOKUP(PEG25,SINAPI,2,0),IF(PEJ25=\"SETOP\",VLOOKUP(PEG25,SETOP,3,0),IF(PEJ25=\"CPU\",VLOOKUP(PEG25,COMPOSIÇÃO,2,0),VLOOKUP(PEG25,COTAÇÃO,3,0))))","v":"BOMBEIRO/ENCANADOR COM ENCARGOS COMPLEMENTARES"},null,"SETOP",{"$f":"IF(PEJ25=\"SINAPI\",VLOOKUP(PEG25,SINAPI,3,0),IF(PEJ25=\"SETOP\",VLOOKUP(PEG25,SETOP,4,0),IF(PEJ25=\"CPU\",VLOOKUP(PEG25,COMPOSIÇÃO,5,0),VLOOKUP(PEG25,COTAÇÃO,8,0))))","v":"HORA"},0.5,{"$f":"IF(PEJ25=\"SINAPI\",VLOOKUP(PEG25,SINAPI,4,0),IF(PEJ25=\"SETOP\",VLOOKUP(PEG25,SETOP,5,0),IF(PEJ25=\"CPU\",VLOOKUP(PEG25,COMPOSIÇÃO,8,0),VLOOKUP(PEG25,COTAÇÃO,11,0))))","v":19.149999999999999},{"$f":"PEL25*PEM25","v":9.5749999999999993},"ED-50374",{"$f":"IF(PER25=\"SINAPI\",VLOOKUP(PEO25,SINAPI,2,0),IF(PER25=\"SETOP\",VLOOKUP(PEO25,SETOP,3,0),IF(PER25=\"CPU\",VLOOKUP(PEO25,COMPOSIÇÃO,2,0),VLOOKUP(PEO25,COTAÇÃO,3,0))))","v":"BOMBEIRO/ENCANADOR COM ENCARGOS COMPLEMENTARES"},null,"SETOP",{"$f":"IF(PER25=\"SINAPI\",VLOOKUP(PEO25,SINAPI,3,0),IF(PER25=\"SETOP\",VLOOKUP(PEO25,SETOP,4,0),IF(PER25=\"CPU\",VLOOKUP(PEO25,COMPOSIÇÃO,5,0),VLOOKUP(PEO25,COTAÇÃO,8,0))))","v":"HORA"},0.5,{"$f":"IF(PER25=\"SINAPI\",VLOOKUP(PEO25,SINAPI,4,0),IF(PER25=\"SETOP\",VLOOKUP(PEO25,SETOP,5,0),IF(PER25=\"CPU\",VLOOKUP(PEO25,COMPOSIÇÃO,8,0),VLOOKUP(PEO25,COTAÇÃO,11,0))))","v":19.149999999999999},{"$f":"PET25*PEU25","v":9.5749999999999993},"ED-50374",{"$f":"IF(PEZ25=\"SINAPI\",VLOOKUP(PEW25,SINAPI,2,0),IF(PEZ25=\"SETOP\",VLOOKUP(PEW25,SETOP,3,0),IF(PEZ25=\"CPU\",VLOOKUP(PEW25,COMPOSIÇÃO,2,0),VLOOKUP(PEW25,COTAÇÃO,3,0))))","v":"BOMBEIRO/ENCANADOR COM ENCARGOS COMPLEMENTARES"},null,"SETOP",{"$f":"IF(PEZ25=\"SINAPI\",VLOOKUP(PEW25,SINAPI,3,0),IF(PEZ25=\"SETOP\",VLOOKUP(PEW25,SETOP,4,0),IF(PEZ25=\"CPU\",VLOOKUP(PEW25,COMPOSIÇÃO,5,0),VLOOKUP(PEW25,COTAÇÃO,8,0))))","v":"HORA"},0.5,{"$f":"IF(PEZ25=\"SINAPI\",VLOOKUP(PEW25,SINAPI,4,0),IF(PEZ25=\"SETOP\",VLOOKUP(PEW25,SETOP,5,0),IF(PEZ25=\"CPU\",VLOOKUP(PEW25,COMPOSIÇÃO,8,0),VLOOKUP(PEW25,COTAÇÃO,11,0))))","v":19.149999999999999},{"$f":"PFB25*PFC25","v":9.5749999999999993},"ED-50374",{"$f":"IF(PFH25=\"SINAPI\",VLOOKUP(PFE25,SINAPI,2,0),IF(PFH25=\"SETOP\",VLOOKUP(PFE25,SETOP,3,0),IF(PFH25=\"CPU\",VLOOKUP(PFE25,COMPOSIÇÃO,2,0),VLOOKUP(PFE25,COTAÇÃO,3,0))))","v":"BOMBEIRO/ENCANADOR COM ENCARGOS COMPLEMENTARES"},null,"SETOP",{"$f":"IF(PFH25=\"SINAPI\",VLOOKUP(PFE25,SINAPI,3,0),IF(PFH25=\"SETOP\",VLOOKUP(PFE25,SETOP,4,0),IF(PFH25=\"CPU\",VLOOKUP(PFE25,COMPOSIÇÃO,5,0),VLOOKUP(PFE25,COTAÇÃO,8,0))))","v":"HORA"},0.5,{"$f":"IF(PFH25=\"SINAPI\",VLOOKUP(PFE25,SINAPI,4,0),IF(PFH25=\"SETOP\",VLOOKUP(PFE25,SETOP,5,0),IF(PFH25=\"CPU\",VLOOKUP(PFE25,COMPOSIÇÃO,8,0),VLOOKUP(PFE25,COTAÇÃO,11,0))))","v":19.149999999999999},{"$f":"PFJ25*PFK25","v":9.5749999999999993},"ED-50374",{"$f":"IF(PFP25=\"SINAPI\",VLOOKUP(PFM25,SINAPI,2,0),IF(PFP25=\"SETOP\",VLOOKUP(PFM25,SETOP,3,0),IF(PFP25=\"CPU\",VLOOKUP(PFM25,COMPOSIÇÃO,2,0),VLOOKUP(PFM25,COTAÇÃO,3,0))))","v":"BOMBEIRO/ENCANADOR COM ENCARGOS COMPLEMENTARES"},null,"SETOP",{"$f":"IF(PFP25=\"SINAPI\",VLOOKUP(PFM25,SINAPI,3,0),IF(PFP25=\"SETOP\",VLOOKUP(PFM25,SETOP,4,0),IF(PFP25=\"CPU\",VLOOKUP(PFM25,COMPOSIÇÃO,5,0),VLOOKUP(PFM25,COTAÇÃO,8,0))))","v":"HORA"},0.5,{"$f":"IF(PFP25=\"SINAPI\",VLOOKUP(PFM25,SINAPI,4,0),IF(PFP25=\"SETOP\",VLOOKUP(PFM25,SETOP,5,0),IF(PFP25=\"CPU\",VLOOKUP(PFM25,COMPOSIÇÃO,8,0),VLOOKUP(PFM25,COTAÇÃO,11,0))))","v":19.149999999999999},{"$f":"PFR25*PFS25","v":9.5749999999999993},"ED-50374",{"$f":"IF(PFX25=\"SINAPI\",VLOOKUP(PFU25,SINAPI,2,0),IF(PFX25=\"SETOP\",VLOOKUP(PFU25,SETOP,3,0),IF(PFX25=\"CPU\",VLOOKUP(PFU25,COMPOSIÇÃO,2,0),VLOOKUP(PFU25,COTAÇÃO,3,0))))","v":"BOMBEIRO/ENCANADOR COM ENCARGOS COMPLEMENTARES"},null,"SETOP",{"$f":"IF(PFX25=\"SINAPI\",VLOOKUP(PFU25,SINAPI,3,0),IF(PFX25=\"SETOP\",VLOOKUP(PFU25,SETOP,4,0),IF(PFX25=\"CPU\",VLOOKUP(PFU25,COMPOSIÇÃO,5,0),VLOOKUP(PFU25,COTAÇÃO,8,0))))","v":"HORA"},0.5,{"$f":"IF(PFX25=\"SINAPI\",VLOOKUP(PFU25,SINAPI,4,0),IF(PFX25=\"SETOP\",VLOOKUP(PFU25,SETOP,5,0),IF(PFX25=\"CPU\",VLOOKUP(PFU25,COMPOSIÇÃO,8,0),VLOOKUP(PFU25,COTAÇÃO,11,0))))","v":19.149999999999999},{"$f":"PFZ25*PGA25","v":9.5749999999999993},"ED-50374",{"$f":"IF(PGF25=\"SINAPI\",VLOOKUP(PGC25,SINAPI,2,0),IF(PGF25=\"SETOP\",VLOOKUP(PGC25,SETOP,3,0),IF(PGF25=\"CPU\",VLOOKUP(PGC25,COMPOSIÇÃO,2,0),VLOOKUP(PGC25,COTAÇÃO,3,0))))","v":"BOMBEIRO/ENCANADOR COM ENCARGOS COMPLEMENTARES"},null,"SETOP",{"$f":"IF(PGF25=\"SINAPI\",VLOOKUP(PGC25,SINAPI,3,0),IF(PGF25=\"SETOP\",VLOOKUP(PGC25,SETOP,4,0),IF(PGF25=\"CPU\",VLOOKUP(PGC25,COMPOSIÇÃO,5,0),VLOOKUP(PGC25,COTAÇÃO,8,0))))","v":"HORA"},0.5,{"$f":"IF(PGF25=\"SINAPI\",VLOOKUP(PGC25,SINAPI,4,0),IF(PGF25=\"SETOP\",VLOOKUP(PGC25,SETOP,5,0),IF(PGF25=\"CPU\",VLOOKUP(PGC25,COMPOSIÇÃO,8,0),VLOOKUP(PGC25,COTAÇÃO,11,0))))","v":19.149999999999999},{"$f":"PGH25*PGI25","v":9.5749999999999993},"ED-50374",{"$f":"IF(PGN25=\"SINAPI\",VLOOKUP(PGK25,SINAPI,2,0),IF(PGN25=\"SETOP\",VLOOKUP(PGK25,SETOP,3,0),IF(PGN25=\"CPU\",VLOOKUP(PGK25,COMPOSIÇÃO,2,0),VLOOKUP(PGK25,COTAÇÃO,3,0))))","v":"BOMBEIRO/ENCANADOR COM ENCARGOS COMPLEMENTARES"},null,"SETOP",{"$f":"IF(PGN25=\"SINAPI\",VLOOKUP(PGK25,SINAPI,3,0),IF(PGN25=\"SETOP\",VLOOKUP(PGK25,SETOP,4,0),IF(PGN25=\"CPU\",VLOOKUP(PGK25,COMPOSIÇÃO,5,0),VLOOKUP(PGK25,COTAÇÃO,8,0))))","v":"HORA"},0.5,{"$f":"IF(PGN25=\"SINAPI\",VLOOKUP(PGK25,SINAPI,4,0),IF(PGN25=\"SETOP\",VLOOKUP(PGK25,SETOP,5,0),IF(PGN25=\"CPU\",VLOOKUP(PGK25,COMPOSIÇÃO,8,0),VLOOKUP(PGK25,COTAÇÃO,11,0))))","v":19.149999999999999},{"$f":"PGP25*PGQ25","v":9.5749999999999993},"ED-50374",{"$f":"IF(PGV25=\"SINAPI\",VLOOKUP(PGS25,SINAPI,2,0),IF(PGV25=\"SETOP\",VLOOKUP(PGS25,SETOP,3,0),IF(PGV25=\"CPU\",VLOOKUP(PGS25,COMPOSIÇÃO,2,0),VLOOKUP(PGS25,COTAÇÃO,3,0))))","v":"BOMBEIRO/ENCANADOR COM ENCARGOS COMPLEMENTARES"},null,"SETOP",{"$f":"IF(PGV25=\"SINAPI\",VLOOKUP(PGS25,SINAPI,3,0),IF(PGV25=\"SETOP\",VLOOKUP(PGS25,SETOP,4,0),IF(PGV25=\"CPU\",VLOOKUP(PGS25,COMPOSIÇÃO,5,0),VLOOKUP(PGS25,COTAÇÃO,8,0))))","v":"HORA"},0.5,{"$f":"IF(PGV25=\"SINAPI\",VLOOKUP(PGS25,SINAPI,4,0),IF(PGV25=\"SETOP\",VLOOKUP(PGS25,SETOP,5,0),IF(PGV25=\"CPU\",VLOOKUP(PGS25,COMPOSIÇÃO,8,0),VLOOKUP(PGS25,COTAÇÃO,11,0))))","v":19.149999999999999},{"$f":"PGX25*PGY25","v":9.5749999999999993},"ED-50374",{"$f":"IF(PHD25=\"SINAPI\",VLOOKUP(PHA25,SINAPI,2,0),IF(PHD25=\"SETOP\",VLOOKUP(PHA25,SETOP,3,0),IF(PHD25=\"CPU\",VLOOKUP(PHA25,COMPOSIÇÃO,2,0),VLOOKUP(PHA25,COTAÇÃO,3,0))))","v":"BOMBEIRO/ENCANADOR COM ENCARGOS COMPLEMENTARES"},null,"SETOP",{"$f":"IF(PHD25=\"SINAPI\",VLOOKUP(PHA25,SINAPI,3,0),IF(PHD25=\"SETOP\",VLOOKUP(PHA25,SETOP,4,0),IF(PHD25=\"CPU\",VLOOKUP(PHA25,COMPOSIÇÃO,5,0),VLOOKUP(PHA25,COTAÇÃO,8,0))))","v":"HORA"},0.5,{"$f":"IF(PHD25=\"SINAPI\",VLOOKUP(PHA25,SINAPI,4,0),IF(PHD25=\"SETOP\",VLOOKUP(PHA25,SETOP,5,0),IF(PHD25=\"CPU\",VLOOKUP(PHA25,COMPOSIÇÃO,8,0),VLOOKUP(PHA25,COTAÇÃO,11,0))))","v":19.149999999999999},{"$f":"PHF25*PHG25","v":9.5749999999999993},"ED-50374",{"$f":"IF(PHL25=\"SINAPI\",VLOOKUP(PHI25,SINAPI,2,0),IF(PHL25=\"SETOP\",VLOOKUP(PHI25,SETOP,3,0),IF(PHL25=\"CPU\",VLOOKUP(PHI25,COMPOSIÇÃO,2,0),VLOOKUP(PHI25,COTAÇÃO,3,0))))","v":"BOMBEIRO/ENCANADOR COM ENCARGOS COMPLEMENTARES"},null,"SETOP",{"$f":"IF(PHL25=\"SINAPI\",VLOOKUP(PHI25,SINAPI,3,0),IF(PHL25=\"SETOP\",VLOOKUP(PHI25,SETOP,4,0),IF(PHL25=\"CPU\",VLOOKUP(PHI25,COMPOSIÇÃO,5,0),VLOOKUP(PHI25,COTAÇÃO,8,0))))","v":"HORA"},0.5,{"$f":"IF(PHL25=\"SINAPI\",VLOOKUP(PHI25,SINAPI,4,0),IF(PHL25=\"SETOP\",VLOOKUP(PHI25,SETOP,5,0),IF(PHL25=\"CPU\",VLOOKUP(PHI25,COMPOSIÇÃO,8,0),VLOOKUP(PHI25,COTAÇÃO,11,0))))","v":19.149999999999999},{"$f":"PHN25*PHO25","v":9.5749999999999993},"ED-50374",{"$f":"IF(PHT25=\"SINAPI\",VLOOKUP(PHQ25,SINAPI,2,0),IF(PHT25=\"SETOP\",VLOOKUP(PHQ25,SETOP,3,0),IF(PHT25=\"CPU\",VLOOKUP(PHQ25,COMPOSIÇÃO,2,0),VLOOKUP(PHQ25,COTAÇÃO,3,0))))","v":"BOMBEIRO/ENCANADOR COM ENCARGOS COMPLEMENTARES"},null,"SETOP",{"$f":"IF(PHT25=\"SINAPI\",VLOOKUP(PHQ25,SINAPI,3,0),IF(PHT25=\"SETOP\",VLOOKUP(PHQ25,SETOP,4,0),IF(PHT25=\"CPU\",VLOOKUP(PHQ25,COMPOSIÇÃO,5,0),VLOOKUP(PHQ25,COTAÇÃO,8,0))))","v":"HORA"},0.5,{"$f":"IF(PHT25=\"SINAPI\",VLOOKUP(PHQ25,SINAPI,4,0),IF(PHT25=\"SETOP\",VLOOKUP(PHQ25,SETOP,5,0),IF(PHT25=\"CPU\",VLOOKUP(PHQ25,COMPOSIÇÃO,8,0),VLOOKUP(PHQ25,COTAÇÃO,11,0))))","v":19.149999999999999},{"$f":"PHV25*PHW25","v":9.5749999999999993},"ED-50374",{"$f":"IF(PIB25=\"SINAPI\",VLOOKUP(PHY25,SINAPI,2,0),IF(PIB25=\"SETOP\",VLOOKUP(PHY25,SETOP,3,0),IF(PIB25=\"CPU\",VLOOKUP(PHY25,COMPOSIÇÃO,2,0),VLOOKUP(PHY25,COTAÇÃO,3,0))))","v":"BOMBEIRO/ENCANADOR COM ENCARGOS COMPLEMENTARES"},null,"SETOP",{"$f":"IF(PIB25=\"SINAPI\",VLOOKUP(PHY25,SINAPI,3,0),IF(PIB25=\"SETOP\",VLOOKUP(PHY25,SETOP,4,0),IF(PIB25=\"CPU\",VLOOKUP(PHY25,COMPOSIÇÃO,5,0),VLOOKUP(PHY25,COTAÇÃO,8,0))))","v":"HORA"},0.5,{"$f":"IF(PIB25=\"SINAPI\",VLOOKUP(PHY25,SINAPI,4,0),IF(PIB25=\"SETOP\",VLOOKUP(PHY25,SETOP,5,0),IF(PIB25=\"CPU\",VLOOKUP(PHY25,COMPOSIÇÃO,8,0),VLOOKUP(PHY25,COTAÇÃO,11,0))))","v":19.149999999999999},{"$f":"PID25*PIE25","v":9.5749999999999993},"ED-50374",{"$f":"IF(PIJ25=\"SINAPI\",VLOOKUP(PIG25,SINAPI,2,0),IF(PIJ25=\"SETOP\",VLOOKUP(PIG25,SETOP,3,0),IF(PIJ25=\"CPU\",VLOOKUP(PIG25,COMPOSIÇÃO,2,0),VLOOKUP(PIG25,COTAÇÃO,3,0))))","v":"BOMBEIRO/ENCANADOR COM ENCARGOS COMPLEMENTARES"},null,"SETOP",{"$f":"IF(PIJ25=\"SINAPI\",VLOOKUP(PIG25,SINAPI,3,0),IF(PIJ25=\"SETOP\",VLOOKUP(PIG25,SETOP,4,0),IF(PIJ25=\"CPU\",VLOOKUP(PIG25,COMPOSIÇÃO,5,0),VLOOKUP(PIG25,COTAÇÃO,8,0))))","v":"HORA"},0.5,{"$f":"IF(PIJ25=\"SINAPI\",VLOOKUP(PIG25,SINAPI,4,0),IF(PIJ25=\"SETOP\",VLOOKUP(PIG25,SETOP,5,0),IF(PIJ25=\"CPU\",VLOOKUP(PIG25,COMPOSIÇÃO,8,0),VLOOKUP(PIG25,COTAÇÃO,11,0))))","v":19.149999999999999},{"$f":"PIL25*PIM25","v":9.5749999999999993},"ED-50374",{"$f":"IF(PIR25=\"SINAPI\",VLOOKUP(PIO25,SINAPI,2,0),IF(PIR25=\"SETOP\",VLOOKUP(PIO25,SETOP,3,0),IF(PIR25=\"CPU\",VLOOKUP(PIO25,COMPOSIÇÃO,2,0),VLOOKUP(PIO25,COTAÇÃO,3,0))))","v":"BOMBEIRO/ENCANADOR COM ENCARGOS COMPLEMENTARES"},null,"SETOP",{"$f":"IF(PIR25=\"SINAPI\",VLOOKUP(PIO25,SINAPI,3,0),IF(PIR25=\"SETOP\",VLOOKUP(PIO25,SETOP,4,0),IF(PIR25=\"CPU\",VLOOKUP(PIO25,COMPOSIÇÃO,5,0),VLOOKUP(PIO25,COTAÇÃO,8,0))))","v":"HORA"},0.5,{"$f":"IF(PIR25=\"SINAPI\",VLOOKUP(PIO25,SINAPI,4,0),IF(PIR25=\"SETOP\",VLOOKUP(PIO25,SETOP,5,0),IF(PIR25=\"CPU\",VLOOKUP(PIO25,COMPOSIÇÃO,8,0),VLOOKUP(PIO25,COTAÇÃO,11,0))))","v":19.149999999999999},{"$f":"PIT25*PIU25","v":9.5749999999999993},"ED-50374",{"$f":"IF(PIZ25=\"SINAPI\",VLOOKUP(PIW25,SINAPI,2,0),IF(PIZ25=\"SETOP\",VLOOKUP(PIW25,SETOP,3,0),IF(PIZ25=\"CPU\",VLOOKUP(PIW25,COMPOSIÇÃO,2,0),VLOOKUP(PIW25,COTAÇÃO,3,0))))","v":"BOMBEIRO/ENCANADOR COM ENCARGOS COMPLEMENTARES"},null,"SETOP",{"$f":"IF(PIZ25=\"SINAPI\",VLOOKUP(PIW25,SINAPI,3,0),IF(PIZ25=\"SETOP\",VLOOKUP(PIW25,SETOP,4,0),IF(PIZ25=\"CPU\",VLOOKUP(PIW25,COMPOSIÇÃO,5,0),VLOOKUP(PIW25,COTAÇÃO,8,0))))","v":"HORA"},0.5,{"$f":"IF(PIZ25=\"SINAPI\",VLOOKUP(PIW25,SINAPI,4,0),IF(PIZ25=\"SETOP\",VLOOKUP(PIW25,SETOP,5,0),IF(PIZ25=\"CPU\",VLOOKUP(PIW25,COMPOSIÇÃO,8,0),VLOOKUP(PIW25,COTAÇÃO,11,0))))","v":19.149999999999999},{"$f":"PJB25*PJC25","v":9.5749999999999993},"ED-50374",{"$f":"IF(PJH25=\"SINAPI\",VLOOKUP(PJE25,SINAPI,2,0),IF(PJH25=\"SETOP\",VLOOKUP(PJE25,SETOP,3,0),IF(PJH25=\"CPU\",VLOOKUP(PJE25,COMPOSIÇÃO,2,0),VLOOKUP(PJE25,COTAÇÃO,3,0))))","v":"BOMBEIRO/ENCANADOR COM ENCARGOS COMPLEMENTARES"},null,"SETOP",{"$f":"IF(PJH25=\"SINAPI\",VLOOKUP(PJE25,SINAPI,3,0),IF(PJH25=\"SETOP\",VLOOKUP(PJE25,SETOP,4,0),IF(PJH25=\"CPU\",VLOOKUP(PJE25,COMPOSIÇÃO,5,0),VLOOKUP(PJE25,COTAÇÃO,8,0))))","v":"HORA"},0.5,{"$f":"IF(PJH25=\"SINAPI\",VLOOKUP(PJE25,SINAPI,4,0),IF(PJH25=\"SETOP\",VLOOKUP(PJE25,SETOP,5,0),IF(PJH25=\"CPU\",VLOOKUP(PJE25,COMPOSIÇÃO,8,0),VLOOKUP(PJE25,COTAÇÃO,11,0))))","v":19.149999999999999},{"$f":"PJJ25*PJK25","v":9.5749999999999993},"ED-50374",{"$f":"IF(PJP25=\"SINAPI\",VLOOKUP(PJM25,SINAPI,2,0),IF(PJP25=\"SETOP\",VLOOKUP(PJM25,SETOP,3,0),IF(PJP25=\"CPU\",VLOOKUP(PJM25,COMPOSIÇÃO,2,0),VLOOKUP(PJM25,COTAÇÃO,3,0))))","v":"BOMBEIRO/ENCANADOR COM ENCARGOS COMPLEMENTARES"},null,"SETOP",{"$f":"IF(PJP25=\"SINAPI\",VLOOKUP(PJM25,SINAPI,3,0),IF(PJP25=\"SETOP\",VLOOKUP(PJM25,SETOP,4,0),IF(PJP25=\"CPU\",VLOOKUP(PJM25,COMPOSIÇÃO,5,0),VLOOKUP(PJM25,COTAÇÃO,8,0))))","v":"HORA"},0.5,{"$f":"IF(PJP25=\"SINAPI\",VLOOKUP(PJM25,SINAPI,4,0),IF(PJP25=\"SETOP\",VLOOKUP(PJM25,SETOP,5,0),IF(PJP25=\"CPU\",VLOOKUP(PJM25,COMPOSIÇÃO,8,0),VLOOKUP(PJM25,COTAÇÃO,11,0))))","v":19.149999999999999},{"$f":"PJR25*PJS25","v":9.5749999999999993},"ED-50374",{"$f":"IF(PJX25=\"SINAPI\",VLOOKUP(PJU25,SINAPI,2,0),IF(PJX25=\"SETOP\",VLOOKUP(PJU25,SETOP,3,0),IF(PJX25=\"CPU\",VLOOKUP(PJU25,COMPOSIÇÃO,2,0),VLOOKUP(PJU25,COTAÇÃO,3,0))))","v":"BOMBEIRO/ENCANADOR COM ENCARGOS COMPLEMENTARES"},null,"SETOP",{"$f":"IF(PJX25=\"SINAPI\",VLOOKUP(PJU25,SINAPI,3,0),IF(PJX25=\"SETOP\",VLOOKUP(PJU25,SETOP,4,0),IF(PJX25=\"CPU\",VLOOKUP(PJU25,COMPOSIÇÃO,5,0),VLOOKUP(PJU25,COTAÇÃO,8,0))))","v":"HORA"},0.5,{"$f":"IF(PJX25=\"SINAPI\",VLOOKUP(PJU25,SINAPI,4,0),IF(PJX25=\"SETOP\",VLOOKUP(PJU25,SETOP,5,0),IF(PJX25=\"CPU\",VLOOKUP(PJU25,COMPOSIÇÃO,8,0),VLOOKUP(PJU25,COTAÇÃO,11,0))))","v":19.149999999999999},{"$f":"PJZ25*PKA25","v":9.5749999999999993},"ED-50374",{"$f":"IF(PKF25=\"SINAPI\",VLOOKUP(PKC25,SINAPI,2,0),IF(PKF25=\"SETOP\",VLOOKUP(PKC25,SETOP,3,0),IF(PKF25=\"CPU\",VLOOKUP(PKC25,COMPOSIÇÃO,2,0),VLOOKUP(PKC25,COTAÇÃO,3,0))))","v":"BOMBEIRO/ENCANADOR COM ENCARGOS COMPLEMENTARES"},null,"SETOP",{"$f":"IF(PKF25=\"SINAPI\",VLOOKUP(PKC25,SINAPI,3,0),IF(PKF25=\"SETOP\",VLOOKUP(PKC25,SETOP,4,0),IF(PKF25=\"CPU\",VLOOKUP(PKC25,COMPOSIÇÃO,5,0),VLOOKUP(PKC25,COTAÇÃO,8,0))))","v":"HORA"},0.5,{"$f":"IF(PKF25=\"SINAPI\",VLOOKUP(PKC25,SINAPI,4,0),IF(PKF25=\"SETOP\",VLOOKUP(PKC25,SETOP,5,0),IF(PKF25=\"CPU\",VLOOKUP(PKC25,COMPOSIÇÃO,8,0),VLOOKUP(PKC25,COTAÇÃO,11,0))))","v":19.149999999999999},{"$f":"PKH25*PKI25","v":9.5749999999999993},"ED-50374",{"$f":"IF(PKN25=\"SINAPI\",VLOOKUP(PKK25,SINAPI,2,0),IF(PKN25=\"SETOP\",VLOOKUP(PKK25,SETOP,3,0),IF(PKN25=\"CPU\",VLOOKUP(PKK25,COMPOSIÇÃO,2,0),VLOOKUP(PKK25,COTAÇÃO,3,0))))","v":"BOMBEIRO/ENCANADOR COM ENCARGOS COMPLEMENTARES"},null,"SETOP",{"$f":"IF(PKN25=\"SINAPI\",VLOOKUP(PKK25,SINAPI,3,0),IF(PKN25=\"SETOP\",VLOOKUP(PKK25,SETOP,4,0),IF(PKN25=\"CPU\",VLOOKUP(PKK25,COMPOSIÇÃO,5,0),VLOOKUP(PKK25,COTAÇÃO,8,0))))","v":"HORA"},0.5,{"$f":"IF(PKN25=\"SINAPI\",VLOOKUP(PKK25,SINAPI,4,0),IF(PKN25=\"SETOP\",VLOOKUP(PKK25,SETOP,5,0),IF(PKN25=\"CPU\",VLOOKUP(PKK25,COMPOSIÇÃO,8,0),VLOOKUP(PKK25,COTAÇÃO,11,0))))","v":19.149999999999999},{"$f":"PKP25*PKQ25","v":9.5749999999999993},"ED-50374",{"$f":"IF(PKV25=\"SINAPI\",VLOOKUP(PKS25,SINAPI,2,0),IF(PKV25=\"SETOP\",VLOOKUP(PKS25,SETOP,3,0),IF(PKV25=\"CPU\",VLOOKUP(PKS25,COMPOSIÇÃO,2,0),VLOOKUP(PKS25,COTAÇÃO,3,0))))","v":"BOMBEIRO/ENCANADOR COM ENCARGOS COMPLEMENTARES"},null,"SETOP",{"$f":"IF(PKV25=\"SINAPI\",VLOOKUP(PKS25,SINAPI,3,0),IF(PKV25=\"SETOP\",VLOOKUP(PKS25,SETOP,4,0),IF(PKV25=\"CPU\",VLOOKUP(PKS25,COMPOSIÇÃO,5,0),VLOOKUP(PKS25,COTAÇÃO,8,0))))","v":"HORA"},0.5,{"$f":"IF(PKV25=\"SINAPI\",VLOOKUP(PKS25,SINAPI,4,0),IF(PKV25=\"SETOP\",VLOOKUP(PKS25,SETOP,5,0),IF(PKV25=\"CPU\",VLOOKUP(PKS25,COMPOSIÇÃO,8,0),VLOOKUP(PKS25,COTAÇÃO,11,0))))","v":19.149999999999999},{"$f":"PKX25*PKY25","v":9.5749999999999993},"ED-50374",{"$f":"IF(PLD25=\"SINAPI\",VLOOKUP(PLA25,SINAPI,2,0),IF(PLD25=\"SETOP\",VLOOKUP(PLA25,SETOP,3,0),IF(PLD25=\"CPU\",VLOOKUP(PLA25,COMPOSIÇÃO,2,0),VLOOKUP(PLA25,COTAÇÃO,3,0))))","v":"BOMBEIRO/ENCANADOR COM ENCARGOS COMPLEMENTARES"},null,"SETOP",{"$f":"IF(PLD25=\"SINAPI\",VLOOKUP(PLA25,SINAPI,3,0),IF(PLD25=\"SETOP\",VLOOKUP(PLA25,SETOP,4,0),IF(PLD25=\"CPU\",VLOOKUP(PLA25,COMPOSIÇÃO,5,0),VLOOKUP(PLA25,COTAÇÃO,8,0))))","v":"HORA"},0.5,{"$f":"IF(PLD25=\"SINAPI\",VLOOKUP(PLA25,SINAPI,4,0),IF(PLD25=\"SETOP\",VLOOKUP(PLA25,SETOP,5,0),IF(PLD25=\"CPU\",VLOOKUP(PLA25,COMPOSIÇÃO,8,0),VLOOKUP(PLA25,COTAÇÃO,11,0))))","v":19.149999999999999},{"$f":"PLF25*PLG25","v":9.5749999999999993},"ED-50374",{"$f":"IF(PLL25=\"SINAPI\",VLOOKUP(PLI25,SINAPI,2,0),IF(PLL25=\"SETOP\",VLOOKUP(PLI25,SETOP,3,0),IF(PLL25=\"CPU\",VLOOKUP(PLI25,COMPOSIÇÃO,2,0),VLOOKUP(PLI25,COTAÇÃO,3,0))))","v":"BOMBEIRO/ENCANADOR COM ENCARGOS COMPLEMENTARES"},null,"SETOP",{"$f":"IF(PLL25=\"SINAPI\",VLOOKUP(PLI25,SINAPI,3,0),IF(PLL25=\"SETOP\",VLOOKUP(PLI25,SETOP,4,0),IF(PLL25=\"CPU\",VLOOKUP(PLI25,COMPOSIÇÃO,5,0),VLOOKUP(PLI25,COTAÇÃO,8,0))))","v":"HORA"},0.5,{"$f":"IF(PLL25=\"SINAPI\",VLOOKUP(PLI25,SINAPI,4,0),IF(PLL25=\"SETOP\",VLOOKUP(PLI25,SETOP,5,0),IF(PLL25=\"CPU\",VLOOKUP(PLI25,COMPOSIÇÃO,8,0),VLOOKUP(PLI25,COTAÇÃO,11,0))))","v":19.149999999999999},{"$f":"PLN25*PLO25","v":9.5749999999999993},"ED-50374",{"$f":"IF(PLT25=\"SINAPI\",VLOOKUP(PLQ25,SINAPI,2,0),IF(PLT25=\"SETOP\",VLOOKUP(PLQ25,SETOP,3,0),IF(PLT25=\"CPU\",VLOOKUP(PLQ25,COMPOSIÇÃO,2,0),VLOOKUP(PLQ25,COTAÇÃO,3,0))))","v":"BOMBEIRO/ENCANADOR COM ENCARGOS COMPLEMENTARES"},null,"SETOP",{"$f":"IF(PLT25=\"SINAPI\",VLOOKUP(PLQ25,SINAPI,3,0),IF(PLT25=\"SETOP\",VLOOKUP(PLQ25,SETOP,4,0),IF(PLT25=\"CPU\",VLOOKUP(PLQ25,COMPOSIÇÃO,5,0),VLOOKUP(PLQ25,COTAÇÃO,8,0))))","v":"HORA"},0.5,{"$f":"IF(PLT25=\"SINAPI\",VLOOKUP(PLQ25,SINAPI,4,0),IF(PLT25=\"SETOP\",VLOOKUP(PLQ25,SETOP,5,0),IF(PLT25=\"CPU\",VLOOKUP(PLQ25,COMPOSIÇÃO,8,0),VLOOKUP(PLQ25,COTAÇÃO,11,0))))","v":19.149999999999999},{"$f":"PLV25*PLW25","v":9.5749999999999993},"ED-50374",{"$f":"IF(PMB25=\"SINAPI\",VLOOKUP(PLY25,SINAPI,2,0),IF(PMB25=\"SETOP\",VLOOKUP(PLY25,SETOP,3,0),IF(PMB25=\"CPU\",VLOOKUP(PLY25,COMPOSIÇÃO,2,0),VLOOKUP(PLY25,COTAÇÃO,3,0))))","v":"BOMBEIRO/ENCANADOR COM ENCARGOS COMPLEMENTARES"},null,"SETOP",{"$f":"IF(PMB25=\"SINAPI\",VLOOKUP(PLY25,SINAPI,3,0),IF(PMB25=\"SETOP\",VLOOKUP(PLY25,SETOP,4,0),IF(PMB25=\"CPU\",VLOOKUP(PLY25,COMPOSIÇÃO,5,0),VLOOKUP(PLY25,COTAÇÃO,8,0))))","v":"HORA"},0.5,{"$f":"IF(PMB25=\"SINAPI\",VLOOKUP(PLY25,SINAPI,4,0),IF(PMB25=\"SETOP\",VLOOKUP(PLY25,SETOP,5,0),IF(PMB25=\"CPU\",VLOOKUP(PLY25,COMPOSIÇÃO,8,0),VLOOKUP(PLY25,COTAÇÃO,11,0))))","v":19.149999999999999},{"$f":"PMD25*PME25","v":9.5749999999999993},"ED-50374",{"$f":"IF(PMJ25=\"SINAPI\",VLOOKUP(PMG25,SINAPI,2,0),IF(PMJ25=\"SETOP\",VLOOKUP(PMG25,SETOP,3,0),IF(PMJ25=\"CPU\",VLOOKUP(PMG25,COMPOSIÇÃO,2,0),VLOOKUP(PMG25,COTAÇÃO,3,0))))","v":"BOMBEIRO/ENCANADOR COM ENCARGOS COMPLEMENTARES"},null,"SETOP",{"$f":"IF(PMJ25=\"SINAPI\",VLOOKUP(PMG25,SINAPI,3,0),IF(PMJ25=\"SETOP\",VLOOKUP(PMG25,SETOP,4,0),IF(PMJ25=\"CPU\",VLOOKUP(PMG25,COMPOSIÇÃO,5,0),VLOOKUP(PMG25,COTAÇÃO,8,0))))","v":"HORA"},0.5,{"$f":"IF(PMJ25=\"SINAPI\",VLOOKUP(PMG25,SINAPI,4,0),IF(PMJ25=\"SETOP\",VLOOKUP(PMG25,SETOP,5,0),IF(PMJ25=\"CPU\",VLOOKUP(PMG25,COMPOSIÇÃO,8,0),VLOOKUP(PMG25,COTAÇÃO,11,0))))","v":19.149999999999999},{"$f":"PML25*PMM25","v":9.5749999999999993},"ED-50374",{"$f":"IF(PMR25=\"SINAPI\",VLOOKUP(PMO25,SINAPI,2,0),IF(PMR25=\"SETOP\",VLOOKUP(PMO25,SETOP,3,0),IF(PMR25=\"CPU\",VLOOKUP(PMO25,COMPOSIÇÃO,2,0),VLOOKUP(PMO25,COTAÇÃO,3,0))))","v":"BOMBEIRO/ENCANADOR COM ENCARGOS COMPLEMENTARES"},null,"SETOP",{"$f":"IF(PMR25=\"SINAPI\",VLOOKUP(PMO25,SINAPI,3,0),IF(PMR25=\"SETOP\",VLOOKUP(PMO25,SETOP,4,0),IF(PMR25=\"CPU\",VLOOKUP(PMO25,COMPOSIÇÃO,5,0),VLOOKUP(PMO25,COTAÇÃO,8,0))))","v":"HORA"},0.5,{"$f":"IF(PMR25=\"SINAPI\",VLOOKUP(PMO25,SINAPI,4,0),IF(PMR25=\"SETOP\",VLOOKUP(PMO25,SETOP,5,0),IF(PMR25=\"CPU\",VLOOKUP(PMO25,COMPOSIÇÃO,8,0),VLOOKUP(PMO25,COTAÇÃO,11,0))))","v":19.149999999999999},{"$f":"PMT25*PMU25","v":9.5749999999999993},"ED-50374",{"$f":"IF(PMZ25=\"SINAPI\",VLOOKUP(PMW25,SINAPI,2,0),IF(PMZ25=\"SETOP\",VLOOKUP(PMW25,SETOP,3,0),IF(PMZ25=\"CPU\",VLOOKUP(PMW25,COMPOSIÇÃO,2,0),VLOOKUP(PMW25,COTAÇÃO,3,0))))","v":"BOMBEIRO/ENCANADOR COM ENCARGOS COMPLEMENTARES"},null,"SETOP",{"$f":"IF(PMZ25=\"SINAPI\",VLOOKUP(PMW25,SINAPI,3,0),IF(PMZ25=\"SETOP\",VLOOKUP(PMW25,SETOP,4,0),IF(PMZ25=\"CPU\",VLOOKUP(PMW25,COMPOSIÇÃO,5,0),VLOOKUP(PMW25,COTAÇÃO,8,0))))","v":"HORA"},0.5,{"$f":"IF(PMZ25=\"SINAPI\",VLOOKUP(PMW25,SINAPI,4,0),IF(PMZ25=\"SETOP\",VLOOKUP(PMW25,SETOP,5,0),IF(PMZ25=\"CPU\",VLOOKUP(PMW25,COMPOSIÇÃO,8,0),VLOOKUP(PMW25,COTAÇÃO,11,0))))","v":19.149999999999999},{"$f":"PNB25*PNC25","v":9.5749999999999993},"ED-50374",{"$f":"IF(PNH25=\"SINAPI\",VLOOKUP(PNE25,SINAPI,2,0),IF(PNH25=\"SETOP\",VLOOKUP(PNE25,SETOP,3,0),IF(PNH25=\"CPU\",VLOOKUP(PNE25,COMPOSIÇÃO,2,0),VLOOKUP(PNE25,COTAÇÃO,3,0))))","v":"BOMBEIRO/ENCANADOR COM ENCARGOS COMPLEMENTARES"},null,"SETOP",{"$f":"IF(PNH25=\"SINAPI\",VLOOKUP(PNE25,SINAPI,3,0),IF(PNH25=\"SETOP\",VLOOKUP(PNE25,SETOP,4,0),IF(PNH25=\"CPU\",VLOOKUP(PNE25,COMPOSIÇÃO,5,0),VLOOKUP(PNE25,COTAÇÃO,8,0))))","v":"HORA"},0.5,{"$f":"IF(PNH25=\"SINAPI\",VLOOKUP(PNE25,SINAPI,4,0),IF(PNH25=\"SETOP\",VLOOKUP(PNE25,SETOP,5,0),IF(PNH25=\"CPU\",VLOOKUP(PNE25,COMPOSIÇÃO,8,0),VLOOKUP(PNE25,COTAÇÃO,11,0))))","v":19.149999999999999},{"$f":"PNJ25*PNK25","v":9.5749999999999993},"ED-50374",{"$f":"IF(PNP25=\"SINAPI\",VLOOKUP(PNM25,SINAPI,2,0),IF(PNP25=\"SETOP\",VLOOKUP(PNM25,SETOP,3,0),IF(PNP25=\"CPU\",VLOOKUP(PNM25,COMPOSIÇÃO,2,0),VLOOKUP(PNM25,COTAÇÃO,3,0))))","v":"BOMBEIRO/ENCANADOR COM ENCARGOS COMPLEMENTARES"},null,"SETOP",{"$f":"IF(PNP25=\"SINAPI\",VLOOKUP(PNM25,SINAPI,3,0),IF(PNP25=\"SETOP\",VLOOKUP(PNM25,SETOP,4,0),IF(PNP25=\"CPU\",VLOOKUP(PNM25,COMPOSIÇÃO,5,0),VLOOKUP(PNM25,COTAÇÃO,8,0))))","v":"HORA"},0.5,{"$f":"IF(PNP25=\"SINAPI\",VLOOKUP(PNM25,SINAPI,4,0),IF(PNP25=\"SETOP\",VLOOKUP(PNM25,SETOP,5,0),IF(PNP25=\"CPU\",VLOOKUP(PNM25,COMPOSIÇÃO,8,0),VLOOKUP(PNM25,COTAÇÃO,11,0))))","v":19.149999999999999},{"$f":"PNR25*PNS25","v":9.5749999999999993},"ED-50374",{"$f":"IF(PNX25=\"SINAPI\",VLOOKUP(PNU25,SINAPI,2,0),IF(PNX25=\"SETOP\",VLOOKUP(PNU25,SETOP,3,0),IF(PNX25=\"CPU\",VLOOKUP(PNU25,COMPOSIÇÃO,2,0),VLOOKUP(PNU25,COTAÇÃO,3,0))))","v":"BOMBEIRO/ENCANADOR COM ENCARGOS COMPLEMENTARES"},null,"SETOP",{"$f":"IF(PNX25=\"SINAPI\",VLOOKUP(PNU25,SINAPI,3,0),IF(PNX25=\"SETOP\",VLOOKUP(PNU25,SETOP,4,0),IF(PNX25=\"CPU\",VLOOKUP(PNU25,COMPOSIÇÃO,5,0),VLOOKUP(PNU25,COTAÇÃO,8,0))))","v":"HORA"},0.5,{"$f":"IF(PNX25=\"SINAPI\",VLOOKUP(PNU25,SINAPI,4,0),IF(PNX25=\"SETOP\",VLOOKUP(PNU25,SETOP,5,0),IF(PNX25=\"CPU\",VLOOKUP(PNU25,COMPOSIÇÃO,8,0),VLOOKUP(PNU25,COTAÇÃO,11,0))))","v":19.149999999999999},{"$f":"PNZ25*POA25","v":9.5749999999999993},"ED-50374",{"$f":"IF(POF25=\"SINAPI\",VLOOKUP(POC25,SINAPI,2,0),IF(POF25=\"SETOP\",VLOOKUP(POC25,SETOP,3,0),IF(POF25=\"CPU\",VLOOKUP(POC25,COMPOSIÇÃO,2,0),VLOOKUP(POC25,COTAÇÃO,3,0))))","v":"BOMBEIRO/ENCANADOR COM ENCARGOS COMPLEMENTARES"},null,"SETOP",{"$f":"IF(POF25=\"SINAPI\",VLOOKUP(POC25,SINAPI,3,0),IF(POF25=\"SETOP\",VLOOKUP(POC25,SETOP,4,0),IF(POF25=\"CPU\",VLOOKUP(POC25,COMPOSIÇÃO,5,0),VLOOKUP(POC25,COTAÇÃO,8,0))))","v":"HORA"},0.5,{"$f":"IF(POF25=\"SINAPI\",VLOOKUP(POC25,SINAPI,4,0),IF(POF25=\"SETOP\",VLOOKUP(POC25,SETOP,5,0),IF(POF25=\"CPU\",VLOOKUP(POC25,COMPOSIÇÃO,8,0),VLOOKUP(POC25,COTAÇÃO,11,0))))","v":19.149999999999999},{"$f":"POH25*POI25","v":9.5749999999999993},"ED-50374",{"$f":"IF(PON25=\"SINAPI\",VLOOKUP(POK25,SINAPI,2,0),IF(PON25=\"SETOP\",VLOOKUP(POK25,SETOP,3,0),IF(PON25=\"CPU\",VLOOKUP(POK25,COMPOSIÇÃO,2,0),VLOOKUP(POK25,COTAÇÃO,3,0))))","v":"BOMBEIRO/ENCANADOR COM ENCARGOS COMPLEMENTARES"},null,"SETOP",{"$f":"IF(PON25=\"SINAPI\",VLOOKUP(POK25,SINAPI,3,0),IF(PON25=\"SETOP\",VLOOKUP(POK25,SETOP,4,0),IF(PON25=\"CPU\",VLOOKUP(POK25,COMPOSIÇÃO,5,0),VLOOKUP(POK25,COTAÇÃO,8,0))))","v":"HORA"},0.5,{"$f":"IF(PON25=\"SINAPI\",VLOOKUP(POK25,SINAPI,4,0),IF(PON25=\"SETOP\",VLOOKUP(POK25,SETOP,5,0),IF(PON25=\"CPU\",VLOOKUP(POK25,COMPOSIÇÃO,8,0),VLOOKUP(POK25,COTAÇÃO,11,0))))","v":19.149999999999999},{"$f":"POP25*POQ25","v":9.5749999999999993},"ED-50374",{"$f":"IF(POV25=\"SINAPI\",VLOOKUP(POS25,SINAPI,2,0),IF(POV25=\"SETOP\",VLOOKUP(POS25,SETOP,3,0),IF(POV25=\"CPU\",VLOOKUP(POS25,COMPOSIÇÃO,2,0),VLOOKUP(POS25,COTAÇÃO,3,0))))","v":"BOMBEIRO/ENCANADOR COM ENCARGOS COMPLEMENTARES"},null,"SETOP",{"$f":"IF(POV25=\"SINAPI\",VLOOKUP(POS25,SINAPI,3,0),IF(POV25=\"SETOP\",VLOOKUP(POS25,SETOP,4,0),IF(POV25=\"CPU\",VLOOKUP(POS25,COMPOSIÇÃO,5,0),VLOOKUP(POS25,COTAÇÃO,8,0))))","v":"HORA"},0.5,{"$f":"IF(POV25=\"SINAPI\",VLOOKUP(POS25,SINAPI,4,0),IF(POV25=\"SETOP\",VLOOKUP(POS25,SETOP,5,0),IF(POV25=\"CPU\",VLOOKUP(POS25,COMPOSIÇÃO,8,0),VLOOKUP(POS25,COTAÇÃO,11,0))))","v":19.149999999999999},{"$f":"POX25*POY25","v":9.5749999999999993},"ED-50374",{"$f":"IF(PPD25=\"SINAPI\",VLOOKUP(PPA25,SINAPI,2,0),IF(PPD25=\"SETOP\",VLOOKUP(PPA25,SETOP,3,0),IF(PPD25=\"CPU\",VLOOKUP(PPA25,COMPOSIÇÃO,2,0),VLOOKUP(PPA25,COTAÇÃO,3,0))))","v":"BOMBEIRO/ENCANADOR COM ENCARGOS COMPLEMENTARES"},null,"SETOP",{"$f":"IF(PPD25=\"SINAPI\",VLOOKUP(PPA25,SINAPI,3,0),IF(PPD25=\"SETOP\",VLOOKUP(PPA25,SETOP,4,0),IF(PPD25=\"CPU\",VLOOKUP(PPA25,COMPOSIÇÃO,5,0),VLOOKUP(PPA25,COTAÇÃO,8,0))))","v":"HORA"},0.5,{"$f":"IF(PPD25=\"SINAPI\",VLOOKUP(PPA25,SINAPI,4,0),IF(PPD25=\"SETOP\",VLOOKUP(PPA25,SETOP,5,0),IF(PPD25=\"CPU\",VLOOKUP(PPA25,COMPOSIÇÃO,8,0),VLOOKUP(PPA25,COTAÇÃO,11,0))))","v":19.149999999999999},{"$f":"PPF25*PPG25","v":9.5749999999999993},"ED-50374",{"$f":"IF(PPL25=\"SINAPI\",VLOOKUP(PPI25,SINAPI,2,0),IF(PPL25=\"SETOP\",VLOOKUP(PPI25,SETOP,3,0),IF(PPL25=\"CPU\",VLOOKUP(PPI25,COMPOSIÇÃO,2,0),VLOOKUP(PPI25,COTAÇÃO,3,0))))","v":"BOMBEIRO/ENCANADOR COM ENCARGOS COMPLEMENTARES"},null,"SETOP",{"$f":"IF(PPL25=\"SINAPI\",VLOOKUP(PPI25,SINAPI,3,0),IF(PPL25=\"SETOP\",VLOOKUP(PPI25,SETOP,4,0),IF(PPL25=\"CPU\",VLOOKUP(PPI25,COMPOSIÇÃO,5,0),VLOOKUP(PPI25,COTAÇÃO,8,0))))","v":"HORA"},0.5,{"$f":"IF(PPL25=\"SINAPI\",VLOOKUP(PPI25,SINAPI,4,0),IF(PPL25=\"SETOP\",VLOOKUP(PPI25,SETOP,5,0),IF(PPL25=\"CPU\",VLOOKUP(PPI25,COMPOSIÇÃO,8,0),VLOOKUP(PPI25,COTAÇÃO,11,0))))","v":19.149999999999999},{"$f":"PPN25*PPO25","v":9.5749999999999993},"ED-50374",{"$f":"IF(PPT25=\"SINAPI\",VLOOKUP(PPQ25,SINAPI,2,0),IF(PPT25=\"SETOP\",VLOOKUP(PPQ25,SETOP,3,0),IF(PPT25=\"CPU\",VLOOKUP(PPQ25,COMPOSIÇÃO,2,0),VLOOKUP(PPQ25,COTAÇÃO,3,0))))","v":"BOMBEIRO/ENCANADOR COM ENCARGOS COMPLEMENTARES"},null,"SETOP",{"$f":"IF(PPT25=\"SINAPI\",VLOOKUP(PPQ25,SINAPI,3,0),IF(PPT25=\"SETOP\",VLOOKUP(PPQ25,SETOP,4,0),IF(PPT25=\"CPU\",VLOOKUP(PPQ25,COMPOSIÇÃO,5,0),VLOOKUP(PPQ25,COTAÇÃO,8,0))))","v":"HORA"},0.5,{"$f":"IF(PPT25=\"SINAPI\",VLOOKUP(PPQ25,SINAPI,4,0),IF(PPT25=\"SETOP\",VLOOKUP(PPQ25,SETOP,5,0),IF(PPT25=\"CPU\",VLOOKUP(PPQ25,COMPOSIÇÃO,8,0),VLOOKUP(PPQ25,COTAÇÃO,11,0))))","v":19.149999999999999},{"$f":"PPV25*PPW25","v":9.5749999999999993},"ED-50374",{"$f":"IF(PQB25=\"SINAPI\",VLOOKUP(PPY25,SINAPI,2,0),IF(PQB25=\"SETOP\",VLOOKUP(PPY25,SETOP,3,0),IF(PQB25=\"CPU\",VLOOKUP(PPY25,COMPOSIÇÃO,2,0),VLOOKUP(PPY25,COTAÇÃO,3,0))))","v":"BOMBEIRO/ENCANADOR COM ENCARGOS COMPLEMENTARES"},null,"SETOP",{"$f":"IF(PQB25=\"SINAPI\",VLOOKUP(PPY25,SINAPI,3,0),IF(PQB25=\"SETOP\",VLOOKUP(PPY25,SETOP,4,0),IF(PQB25=\"CPU\",VLOOKUP(PPY25,COMPOSIÇÃO,5,0),VLOOKUP(PPY25,COTAÇÃO,8,0))))","v":"HORA"},0.5,{"$f":"IF(PQB25=\"SINAPI\",VLOOKUP(PPY25,SINAPI,4,0),IF(PQB25=\"SETOP\",VLOOKUP(PPY25,SETOP,5,0),IF(PQB25=\"CPU\",VLOOKUP(PPY25,COMPOSIÇÃO,8,0),VLOOKUP(PPY25,COTAÇÃO,11,0))))","v":19.149999999999999},{"$f":"PQD25*PQE25","v":9.5749999999999993},"ED-50374",{"$f":"IF(PQJ25=\"SINAPI\",VLOOKUP(PQG25,SINAPI,2,0),IF(PQJ25=\"SETOP\",VLOOKUP(PQG25,SETOP,3,0),IF(PQJ25=\"CPU\",VLOOKUP(PQG25,COMPOSIÇÃO,2,0),VLOOKUP(PQG25,COTAÇÃO,3,0))))","v":"BOMBEIRO/ENCANADOR COM ENCARGOS COMPLEMENTARES"},null,"SETOP",{"$f":"IF(PQJ25=\"SINAPI\",VLOOKUP(PQG25,SINAPI,3,0),IF(PQJ25=\"SETOP\",VLOOKUP(PQG25,SETOP,4,0),IF(PQJ25=\"CPU\",VLOOKUP(PQG25,COMPOSIÇÃO,5,0),VLOOKUP(PQG25,COTAÇÃO,8,0))))","v":"HORA"},0.5,{"$f":"IF(PQJ25=\"SINAPI\",VLOOKUP(PQG25,SINAPI,4,0),IF(PQJ25=\"SETOP\",VLOOKUP(PQG25,SETOP,5,0),IF(PQJ25=\"CPU\",VLOOKUP(PQG25,COMPOSIÇÃO,8,0),VLOOKUP(PQG25,COTAÇÃO,11,0))))","v":19.149999999999999},{"$f":"PQL25*PQM25","v":9.5749999999999993},"ED-50374",{"$f":"IF(PQR25=\"SINAPI\",VLOOKUP(PQO25,SINAPI,2,0),IF(PQR25=\"SETOP\",VLOOKUP(PQO25,SETOP,3,0),IF(PQR25=\"CPU\",VLOOKUP(PQO25,COMPOSIÇÃO,2,0),VLOOKUP(PQO25,COTAÇÃO,3,0))))","v":"BOMBEIRO/ENCANADOR COM ENCARGOS COMPLEMENTARES"},null,"SETOP",{"$f":"IF(PQR25=\"SINAPI\",VLOOKUP(PQO25,SINAPI,3,0),IF(PQR25=\"SETOP\",VLOOKUP(PQO25,SETOP,4,0),IF(PQR25=\"CPU\",VLOOKUP(PQO25,COMPOSIÇÃO,5,0),VLOOKUP(PQO25,COTAÇÃO,8,0))))","v":"HORA"},0.5,{"$f":"IF(PQR25=\"SINAPI\",VLOOKUP(PQO25,SINAPI,4,0),IF(PQR25=\"SETOP\",VLOOKUP(PQO25,SETOP,5,0),IF(PQR25=\"CPU\",VLOOKUP(PQO25,COMPOSIÇÃO,8,0),VLOOKUP(PQO25,COTAÇÃO,11,0))))","v":19.149999999999999},{"$f":"PQT25*PQU25","v":9.5749999999999993},"ED-50374",{"$f":"IF(PQZ25=\"SINAPI\",VLOOKUP(PQW25,SINAPI,2,0),IF(PQZ25=\"SETOP\",VLOOKUP(PQW25,SETOP,3,0),IF(PQZ25=\"CPU\",VLOOKUP(PQW25,COMPOSIÇÃO,2,0),VLOOKUP(PQW25,COTAÇÃO,3,0))))","v":"BOMBEIRO/ENCANADOR COM ENCARGOS COMPLEMENTARES"},null,"SETOP",{"$f":"IF(PQZ25=\"SINAPI\",VLOOKUP(PQW25,SINAPI,3,0),IF(PQZ25=\"SETOP\",VLOOKUP(PQW25,SETOP,4,0),IF(PQZ25=\"CPU\",VLOOKUP(PQW25,COMPOSIÇÃO,5,0),VLOOKUP(PQW25,COTAÇÃO,8,0))))","v":"HORA"},0.5,{"$f":"IF(PQZ25=\"SINAPI\",VLOOKUP(PQW25,SINAPI,4,0),IF(PQZ25=\"SETOP\",VLOOKUP(PQW25,SETOP,5,0),IF(PQZ25=\"CPU\",VLOOKUP(PQW25,COMPOSIÇÃO,8,0),VLOOKUP(PQW25,COTAÇÃO,11,0))))","v":19.149999999999999},{"$f":"PRB25*PRC25","v":9.5749999999999993},"ED-50374",{"$f":"IF(PRH25=\"SINAPI\",VLOOKUP(PRE25,SINAPI,2,0),IF(PRH25=\"SETOP\",VLOOKUP(PRE25,SETOP,3,0),IF(PRH25=\"CPU\",VLOOKUP(PRE25,COMPOSIÇÃO,2,0),VLOOKUP(PRE25,COTAÇÃO,3,0))))","v":"BOMBEIRO/ENCANADOR COM ENCARGOS COMPLEMENTARES"},null,"SETOP",{"$f":"IF(PRH25=\"SINAPI\",VLOOKUP(PRE25,SINAPI,3,0),IF(PRH25=\"SETOP\",VLOOKUP(PRE25,SETOP,4,0),IF(PRH25=\"CPU\",VLOOKUP(PRE25,COMPOSIÇÃO,5,0),VLOOKUP(PRE25,COTAÇÃO,8,0))))","v":"HORA"},0.5,{"$f":"IF(PRH25=\"SINAPI\",VLOOKUP(PRE25,SINAPI,4,0),IF(PRH25=\"SETOP\",VLOOKUP(PRE25,SETOP,5,0),IF(PRH25=\"CPU\",VLOOKUP(PRE25,COMPOSIÇÃO,8,0),VLOOKUP(PRE25,COTAÇÃO,11,0))))","v":19.149999999999999},{"$f":"PRJ25*PRK25","v":9.5749999999999993},"ED-50374",{"$f":"IF(PRP25=\"SINAPI\",VLOOKUP(PRM25,SINAPI,2,0),IF(PRP25=\"SETOP\",VLOOKUP(PRM25,SETOP,3,0),IF(PRP25=\"CPU\",VLOOKUP(PRM25,COMPOSIÇÃO,2,0),VLOOKUP(PRM25,COTAÇÃO,3,0))))","v":"BOMBEIRO/ENCANADOR COM ENCARGOS COMPLEMENTARES"},null,"SETOP",{"$f":"IF(PRP25=\"SINAPI\",VLOOKUP(PRM25,SINAPI,3,0),IF(PRP25=\"SETOP\",VLOOKUP(PRM25,SETOP,4,0),IF(PRP25=\"CPU\",VLOOKUP(PRM25,COMPOSIÇÃO,5,0),VLOOKUP(PRM25,COTAÇÃO,8,0))))","v":"HORA"},0.5,{"$f":"IF(PRP25=\"SINAPI\",VLOOKUP(PRM25,SINAPI,4,0),IF(PRP25=\"SETOP\",VLOOKUP(PRM25,SETOP,5,0),IF(PRP25=\"CPU\",VLOOKUP(PRM25,COMPOSIÇÃO,8,0),VLOOKUP(PRM25,COTAÇÃO,11,0))))","v":19.149999999999999},{"$f":"PRR25*PRS25","v":9.5749999999999993},"ED-50374",{"$f":"IF(PRX25=\"SINAPI\",VLOOKUP(PRU25,SINAPI,2,0),IF(PRX25=\"SETOP\",VLOOKUP(PRU25,SETOP,3,0),IF(PRX25=\"CPU\",VLOOKUP(PRU25,COMPOSIÇÃO,2,0),VLOOKUP(PRU25,COTAÇÃO,3,0))))","v":"BOMBEIRO/ENCANADOR COM ENCARGOS COMPLEMENTARES"},null,"SETOP",{"$f":"IF(PRX25=\"SINAPI\",VLOOKUP(PRU25,SINAPI,3,0),IF(PRX25=\"SETOP\",VLOOKUP(PRU25,SETOP,4,0),IF(PRX25=\"CPU\",VLOOKUP(PRU25,COMPOSIÇÃO,5,0),VLOOKUP(PRU25,COTAÇÃO,8,0))))","v":"HORA"},0.5,{"$f":"IF(PRX25=\"SINAPI\",VLOOKUP(PRU25,SINAPI,4,0),IF(PRX25=\"SETOP\",VLOOKUP(PRU25,SETOP,5,0),IF(PRX25=\"CPU\",VLOOKUP(PRU25,COMPOSIÇÃO,8,0),VLOOKUP(PRU25,COTAÇÃO,11,0))))","v":19.149999999999999},{"$f":"PRZ25*PSA25","v":9.5749999999999993},"ED-50374",{"$f":"IF(PSF25=\"SINAPI\",VLOOKUP(PSC25,SINAPI,2,0),IF(PSF25=\"SETOP\",VLOOKUP(PSC25,SETOP,3,0),IF(PSF25=\"CPU\",VLOOKUP(PSC25,COMPOSIÇÃO,2,0),VLOOKUP(PSC25,COTAÇÃO,3,0))))","v":"BOMBEIRO/ENCANADOR COM ENCARGOS COMPLEMENTARES"},null,"SETOP",{"$f":"IF(PSF25=\"SINAPI\",VLOOKUP(PSC25,SINAPI,3,0),IF(PSF25=\"SETOP\",VLOOKUP(PSC25,SETOP,4,0),IF(PSF25=\"CPU\",VLOOKUP(PSC25,COMPOSIÇÃO,5,0),VLOOKUP(PSC25,COTAÇÃO,8,0))))","v":"HORA"},0.5,{"$f":"IF(PSF25=\"SINAPI\",VLOOKUP(PSC25,SINAPI,4,0),IF(PSF25=\"SETOP\",VLOOKUP(PSC25,SETOP,5,0),IF(PSF25=\"CPU\",VLOOKUP(PSC25,COMPOSIÇÃO,8,0),VLOOKUP(PSC25,COTAÇÃO,11,0))))","v":19.149999999999999},{"$f":"PSH25*PSI25","v":9.5749999999999993},"ED-50374",{"$f":"IF(PSN25=\"SINAPI\",VLOOKUP(PSK25,SINAPI,2,0),IF(PSN25=\"SETOP\",VLOOKUP(PSK25,SETOP,3,0),IF(PSN25=\"CPU\",VLOOKUP(PSK25,COMPOSIÇÃO,2,0),VLOOKUP(PSK25,COTAÇÃO,3,0))))","v":"BOMBEIRO/ENCANADOR COM ENCARGOS COMPLEMENTARES"},null,"SETOP",{"$f":"IF(PSN25=\"SINAPI\",VLOOKUP(PSK25,SINAPI,3,0),IF(PSN25=\"SETOP\",VLOOKUP(PSK25,SETOP,4,0),IF(PSN25=\"CPU\",VLOOKUP(PSK25,COMPOSIÇÃO,5,0),VLOOKUP(PSK25,COTAÇÃO,8,0))))","v":"HORA"},0.5,{"$f":"IF(PSN25=\"SINAPI\",VLOOKUP(PSK25,SINAPI,4,0),IF(PSN25=\"SETOP\",VLOOKUP(PSK25,SETOP,5,0),IF(PSN25=\"CPU\",VLOOKUP(PSK25,COMPOSIÇÃO,8,0),VLOOKUP(PSK25,COTAÇÃO,11,0))))","v":19.149999999999999},{"$f":"PSP25*PSQ25","v":9.5749999999999993},"ED-50374",{"$f":"IF(PSV25=\"SINAPI\",VLOOKUP(PSS25,SINAPI,2,0),IF(PSV25=\"SETOP\",VLOOKUP(PSS25,SETOP,3,0),IF(PSV25=\"CPU\",VLOOKUP(PSS25,COMPOSIÇÃO,2,0),VLOOKUP(PSS25,COTAÇÃO,3,0))))","v":"BOMBEIRO/ENCANADOR COM ENCARGOS COMPLEMENTARES"},null,"SETOP",{"$f":"IF(PSV25=\"SINAPI\",VLOOKUP(PSS25,SINAPI,3,0),IF(PSV25=\"SETOP\",VLOOKUP(PSS25,SETOP,4,0),IF(PSV25=\"CPU\",VLOOKUP(PSS25,COMPOSIÇÃO,5,0),VLOOKUP(PSS25,COTAÇÃO,8,0))))","v":"HORA"},0.5,{"$f":"IF(PSV25=\"SINAPI\",VLOOKUP(PSS25,SINAPI,4,0),IF(PSV25=\"SETOP\",VLOOKUP(PSS25,SETOP,5,0),IF(PSV25=\"CPU\",VLOOKUP(PSS25,COMPOSIÇÃO,8,0),VLOOKUP(PSS25,COTAÇÃO,11,0))))","v":19.149999999999999},{"$f":"PSX25*PSY25","v":9.5749999999999993},"ED-50374",{"$f":"IF(PTD25=\"SINAPI\",VLOOKUP(PTA25,SINAPI,2,0),IF(PTD25=\"SETOP\",VLOOKUP(PTA25,SETOP,3,0),IF(PTD25=\"CPU\",VLOOKUP(PTA25,COMPOSIÇÃO,2,0),VLOOKUP(PTA25,COTAÇÃO,3,0))))","v":"BOMBEIRO/ENCANADOR COM ENCARGOS COMPLEMENTARES"},null,"SETOP",{"$f":"IF(PTD25=\"SINAPI\",VLOOKUP(PTA25,SINAPI,3,0),IF(PTD25=\"SETOP\",VLOOKUP(PTA25,SETOP,4,0),IF(PTD25=\"CPU\",VLOOKUP(PTA25,COMPOSIÇÃO,5,0),VLOOKUP(PTA25,COTAÇÃO,8,0))))","v":"HORA"},0.5,{"$f":"IF(PTD25=\"SINAPI\",VLOOKUP(PTA25,SINAPI,4,0),IF(PTD25=\"SETOP\",VLOOKUP(PTA25,SETOP,5,0),IF(PTD25=\"CPU\",VLOOKUP(PTA25,COMPOSIÇÃO,8,0),VLOOKUP(PTA25,COTAÇÃO,11,0))))","v":19.149999999999999},{"$f":"PTF25*PTG25","v":9.5749999999999993},"ED-50374",{"$f":"IF(PTL25=\"SINAPI\",VLOOKUP(PTI25,SINAPI,2,0),IF(PTL25=\"SETOP\",VLOOKUP(PTI25,SETOP,3,0),IF(PTL25=\"CPU\",VLOOKUP(PTI25,COMPOSIÇÃO,2,0),VLOOKUP(PTI25,COTAÇÃO,3,0))))","v":"BOMBEIRO/ENCANADOR COM ENCARGOS COMPLEMENTARES"},null,"SETOP",{"$f":"IF(PTL25=\"SINAPI\",VLOOKUP(PTI25,SINAPI,3,0),IF(PTL25=\"SETOP\",VLOOKUP(PTI25,SETOP,4,0),IF(PTL25=\"CPU\",VLOOKUP(PTI25,COMPOSIÇÃO,5,0),VLOOKUP(PTI25,COTAÇÃO,8,0))))","v":"HORA"},0.5,{"$f":"IF(PTL25=\"SINAPI\",VLOOKUP(PTI25,SINAPI,4,0),IF(PTL25=\"SETOP\",VLOOKUP(PTI25,SETOP,5,0),IF(PTL25=\"CPU\",VLOOKUP(PTI25,COMPOSIÇÃO,8,0),VLOOKUP(PTI25,COTAÇÃO,11,0))))","v":19.149999999999999},{"$f":"PTN25*PTO25","v":9.5749999999999993},"ED-50374",{"$f":"IF(PTT25=\"SINAPI\",VLOOKUP(PTQ25,SINAPI,2,0),IF(PTT25=\"SETOP\",VLOOKUP(PTQ25,SETOP,3,0),IF(PTT25=\"CPU\",VLOOKUP(PTQ25,COMPOSIÇÃO,2,0),VLOOKUP(PTQ25,COTAÇÃO,3,0))))","v":"BOMBEIRO/ENCANADOR COM ENCARGOS COMPLEMENTARES"},null,"SETOP",{"$f":"IF(PTT25=\"SINAPI\",VLOOKUP(PTQ25,SINAPI,3,0),IF(PTT25=\"SETOP\",VLOOKUP(PTQ25,SETOP,4,0),IF(PTT25=\"CPU\",VLOOKUP(PTQ25,COMPOSIÇÃO,5,0),VLOOKUP(PTQ25,COTAÇÃO,8,0))))","v":"HORA"},0.5,{"$f":"IF(PTT25=\"SINAPI\",VLOOKUP(PTQ25,SINAPI,4,0),IF(PTT25=\"SETOP\",VLOOKUP(PTQ25,SETOP,5,0),IF(PTT25=\"CPU\",VLOOKUP(PTQ25,COMPOSIÇÃO,8,0),VLOOKUP(PTQ25,COTAÇÃO,11,0))))","v":19.149999999999999},{"$f":"PTV25*PTW25","v":9.5749999999999993},"ED-50374",{"$f":"IF(PUB25=\"SINAPI\",VLOOKUP(PTY25,SINAPI,2,0),IF(PUB25=\"SETOP\",VLOOKUP(PTY25,SETOP,3,0),IF(PUB25=\"CPU\",VLOOKUP(PTY25,COMPOSIÇÃO,2,0),VLOOKUP(PTY25,COTAÇÃO,3,0))))","v":"BOMBEIRO/ENCANADOR COM ENCARGOS COMPLEMENTARES"},null,"SETOP",{"$f":"IF(PUB25=\"SINAPI\",VLOOKUP(PTY25,SINAPI,3,0),IF(PUB25=\"SETOP\",VLOOKUP(PTY25,SETOP,4,0),IF(PUB25=\"CPU\",VLOOKUP(PTY25,COMPOSIÇÃO,5,0),VLOOKUP(PTY25,COTAÇÃO,8,0))))","v":"HORA"},0.5,{"$f":"IF(PUB25=\"SINAPI\",VLOOKUP(PTY25,SINAPI,4,0),IF(PUB25=\"SETOP\",VLOOKUP(PTY25,SETOP,5,0),IF(PUB25=\"CPU\",VLOOKUP(PTY25,COMPOSIÇÃO,8,0),VLOOKUP(PTY25,COTAÇÃO,11,0))))","v":19.149999999999999},{"$f":"PUD25*PUE25","v":9.5749999999999993},"ED-50374",{"$f":"IF(PUJ25=\"SINAPI\",VLOOKUP(PUG25,SINAPI,2,0),IF(PUJ25=\"SETOP\",VLOOKUP(PUG25,SETOP,3,0),IF(PUJ25=\"CPU\",VLOOKUP(PUG25,COMPOSIÇÃO,2,0),VLOOKUP(PUG25,COTAÇÃO,3,0))))","v":"BOMBEIRO/ENCANADOR COM ENCARGOS COMPLEMENTARES"},null,"SETOP",{"$f":"IF(PUJ25=\"SINAPI\",VLOOKUP(PUG25,SINAPI,3,0),IF(PUJ25=\"SETOP\",VLOOKUP(PUG25,SETOP,4,0),IF(PUJ25=\"CPU\",VLOOKUP(PUG25,COMPOSIÇÃO,5,0),VLOOKUP(PUG25,COTAÇÃO,8,0))))","v":"HORA"},0.5,{"$f":"IF(PUJ25=\"SINAPI\",VLOOKUP(PUG25,SINAPI,4,0),IF(PUJ25=\"SETOP\",VLOOKUP(PUG25,SETOP,5,0),IF(PUJ25=\"CPU\",VLOOKUP(PUG25,COMPOSIÇÃO,8,0),VLOOKUP(PUG25,COTAÇÃO,11,0))))","v":19.149999999999999},{"$f":"PUL25*PUM25","v":9.5749999999999993},"ED-50374",{"$f":"IF(PUR25=\"SINAPI\",VLOOKUP(PUO25,SINAPI,2,0),IF(PUR25=\"SETOP\",VLOOKUP(PUO25,SETOP,3,0),IF(PUR25=\"CPU\",VLOOKUP(PUO25,COMPOSIÇÃO,2,0),VLOOKUP(PUO25,COTAÇÃO,3,0))))","v":"BOMBEIRO/ENCANADOR COM ENCARGOS COMPLEMENTARES"},null,"SETOP",{"$f":"IF(PUR25=\"SINAPI\",VLOOKUP(PUO25,SINAPI,3,0),IF(PUR25=\"SETOP\",VLOOKUP(PUO25,SETOP,4,0),IF(PUR25=\"CPU\",VLOOKUP(PUO25,COMPOSIÇÃO,5,0),VLOOKUP(PUO25,COTAÇÃO,8,0))))","v":"HORA"},0.5,{"$f":"IF(PUR25=\"SINAPI\",VLOOKUP(PUO25,SINAPI,4,0),IF(PUR25=\"SETOP\",VLOOKUP(PUO25,SETOP,5,0),IF(PUR25=\"CPU\",VLOOKUP(PUO25,COMPOSIÇÃO,8,0),VLOOKUP(PUO25,COTAÇÃO,11,0))))","v":19.149999999999999},{"$f":"PUT25*PUU25","v":9.5749999999999993},"ED-50374",{"$f":"IF(PUZ25=\"SINAPI\",VLOOKUP(PUW25,SINAPI,2,0),IF(PUZ25=\"SETOP\",VLOOKUP(PUW25,SETOP,3,0),IF(PUZ25=\"CPU\",VLOOKUP(PUW25,COMPOSIÇÃO,2,0),VLOOKUP(PUW25,COTAÇÃO,3,0))))","v":"BOMBEIRO/ENCANADOR COM ENCARGOS COMPLEMENTARES"},null,"SETOP",{"$f":"IF(PUZ25=\"SINAPI\",VLOOKUP(PUW25,SINAPI,3,0),IF(PUZ25=\"SETOP\",VLOOKUP(PUW25,SETOP,4,0),IF(PUZ25=\"CPU\",VLOOKUP(PUW25,COMPOSIÇÃO,5,0),VLOOKUP(PUW25,COTAÇÃO,8,0))))","v":"HORA"},0.5,{"$f":"IF(PUZ25=\"SINAPI\",VLOOKUP(PUW25,SINAPI,4,0),IF(PUZ25=\"SETOP\",VLOOKUP(PUW25,SETOP,5,0),IF(PUZ25=\"CPU\",VLOOKUP(PUW25,COMPOSIÇÃO,8,0),VLOOKUP(PUW25,COTAÇÃO,11,0))))","v":19.149999999999999},{"$f":"PVB25*PVC25","v":9.5749999999999993},"ED-50374",{"$f":"IF(PVH25=\"SINAPI\",VLOOKUP(PVE25,SINAPI,2,0),IF(PVH25=\"SETOP\",VLOOKUP(PVE25,SETOP,3,0),IF(PVH25=\"CPU\",VLOOKUP(PVE25,COMPOSIÇÃO,2,0),VLOOKUP(PVE25,COTAÇÃO,3,0))))","v":"BOMBEIRO/ENCANADOR COM ENCARGOS COMPLEMENTARES"},null,"SETOP",{"$f":"IF(PVH25=\"SINAPI\",VLOOKUP(PVE25,SINAPI,3,0),IF(PVH25=\"SETOP\",VLOOKUP(PVE25,SETOP,4,0),IF(PVH25=\"CPU\",VLOOKUP(PVE25,COMPOSIÇÃO,5,0),VLOOKUP(PVE25,COTAÇÃO,8,0))))","v":"HORA"},0.5,{"$f":"IF(PVH25=\"SINAPI\",VLOOKUP(PVE25,SINAPI,4,0),IF(PVH25=\"SETOP\",VLOOKUP(PVE25,SETOP,5,0),IF(PVH25=\"CPU\",VLOOKUP(PVE25,COMPOSIÇÃO,8,0),VLOOKUP(PVE25,COTAÇÃO,11,0))))","v":19.149999999999999},{"$f":"PVJ25*PVK25","v":9.5749999999999993},"ED-50374",{"$f":"IF(PVP25=\"SINAPI\",VLOOKUP(PVM25,SINAPI,2,0),IF(PVP25=\"SETOP\",VLOOKUP(PVM25,SETOP,3,0),IF(PVP25=\"CPU\",VLOOKUP(PVM25,COMPOSIÇÃO,2,0),VLOOKUP(PVM25,COTAÇÃO,3,0))))","v":"BOMBEIRO/ENCANADOR COM ENCARGOS COMPLEMENTARES"},null,"SETOP",{"$f":"IF(PVP25=\"SINAPI\",VLOOKUP(PVM25,SINAPI,3,0),IF(PVP25=\"SETOP\",VLOOKUP(PVM25,SETOP,4,0),IF(PVP25=\"CPU\",VLOOKUP(PVM25,COMPOSIÇÃO,5,0),VLOOKUP(PVM25,COTAÇÃO,8,0))))","v":"HORA"},0.5,{"$f":"IF(PVP25=\"SINAPI\",VLOOKUP(PVM25,SINAPI,4,0),IF(PVP25=\"SETOP\",VLOOKUP(PVM25,SETOP,5,0),IF(PVP25=\"CPU\",VLOOKUP(PVM25,COMPOSIÇÃO,8,0),VLOOKUP(PVM25,COTAÇÃO,11,0))))","v":19.149999999999999},{"$f":"PVR25*PVS25","v":9.5749999999999993},"ED-50374",{"$f":"IF(PVX25=\"SINAPI\",VLOOKUP(PVU25,SINAPI,2,0),IF(PVX25=\"SETOP\",VLOOKUP(PVU25,SETOP,3,0),IF(PVX25=\"CPU\",VLOOKUP(PVU25,COMPOSIÇÃO,2,0),VLOOKUP(PVU25,COTAÇÃO,3,0))))","v":"BOMBEIRO/ENCANADOR COM ENCARGOS COMPLEMENTARES"},null,"SETOP",{"$f":"IF(PVX25=\"SINAPI\",VLOOKUP(PVU25,SINAPI,3,0),IF(PVX25=\"SETOP\",VLOOKUP(PVU25,SETOP,4,0),IF(PVX25=\"CPU\",VLOOKUP(PVU25,COMPOSIÇÃO,5,0),VLOOKUP(PVU25,COTAÇÃO,8,0))))","v":"HORA"},0.5,{"$f":"IF(PVX25=\"SINAPI\",VLOOKUP(PVU25,SINAPI,4,0),IF(PVX25=\"SETOP\",VLOOKUP(PVU25,SETOP,5,0),IF(PVX25=\"CPU\",VLOOKUP(PVU25,COMPOSIÇÃO,8,0),VLOOKUP(PVU25,COTAÇÃO,11,0))))","v":19.149999999999999},{"$f":"PVZ25*PWA25","v":9.5749999999999993},"ED-50374",{"$f":"IF(PWF25=\"SINAPI\",VLOOKUP(PWC25,SINAPI,2,0),IF(PWF25=\"SETOP\",VLOOKUP(PWC25,SETOP,3,0),IF(PWF25=\"CPU\",VLOOKUP(PWC25,COMPOSIÇÃO,2,0),VLOOKUP(PWC25,COTAÇÃO,3,0))))","v":"BOMBEIRO/ENCANADOR COM ENCARGOS COMPLEMENTARES"},null,"SETOP",{"$f":"IF(PWF25=\"SINAPI\",VLOOKUP(PWC25,SINAPI,3,0),IF(PWF25=\"SETOP\",VLOOKUP(PWC25,SETOP,4,0),IF(PWF25=\"CPU\",VLOOKUP(PWC25,COMPOSIÇÃO,5,0),VLOOKUP(PWC25,COTAÇÃO,8,0))))","v":"HORA"},0.5,{"$f":"IF(PWF25=\"SINAPI\",VLOOKUP(PWC25,SINAPI,4,0),IF(PWF25=\"SETOP\",VLOOKUP(PWC25,SETOP,5,0),IF(PWF25=\"CPU\",VLOOKUP(PWC25,COMPOSIÇÃO,8,0),VLOOKUP(PWC25,COTAÇÃO,11,0))))","v":19.149999999999999},{"$f":"PWH25*PWI25","v":9.5749999999999993},"ED-50374",{"$f":"IF(PWN25=\"SINAPI\",VLOOKUP(PWK25,SINAPI,2,0),IF(PWN25=\"SETOP\",VLOOKUP(PWK25,SETOP,3,0),IF(PWN25=\"CPU\",VLOOKUP(PWK25,COMPOSIÇÃO,2,0),VLOOKUP(PWK25,COTAÇÃO,3,0))))","v":"BOMBEIRO/ENCANADOR COM ENCARGOS COMPLEMENTARES"},null,"SETOP",{"$f":"IF(PWN25=\"SINAPI\",VLOOKUP(PWK25,SINAPI,3,0),IF(PWN25=\"SETOP\",VLOOKUP(PWK25,SETOP,4,0),IF(PWN25=\"CPU\",VLOOKUP(PWK25,COMPOSIÇÃO,5,0),VLOOKUP(PWK25,COTAÇÃO,8,0))))","v":"HORA"},0.5,{"$f":"IF(PWN25=\"SINAPI\",VLOOKUP(PWK25,SINAPI,4,0),IF(PWN25=\"SETOP\",VLOOKUP(PWK25,SETOP,5,0),IF(PWN25=\"CPU\",VLOOKUP(PWK25,COMPOSIÇÃO,8,0),VLOOKUP(PWK25,COTAÇÃO,11,0))))","v":19.149999999999999},{"$f":"PWP25*PWQ25","v":9.5749999999999993},"ED-50374",{"$f":"IF(PWV25=\"SINAPI\",VLOOKUP(PWS25,SINAPI,2,0),IF(PWV25=\"SETOP\",VLOOKUP(PWS25,SETOP,3,0),IF(PWV25=\"CPU\",VLOOKUP(PWS25,COMPOSIÇÃO,2,0),VLOOKUP(PWS25,COTAÇÃO,3,0))))","v":"BOMBEIRO/ENCANADOR COM ENCARGOS COMPLEMENTARES"},null,"SETOP",{"$f":"IF(PWV25=\"SINAPI\",VLOOKUP(PWS25,SINAPI,3,0),IF(PWV25=\"SETOP\",VLOOKUP(PWS25,SETOP,4,0),IF(PWV25=\"CPU\",VLOOKUP(PWS25,COMPOSIÇÃO,5,0),VLOOKUP(PWS25,COTAÇÃO,8,0))))","v":"HORA"},0.5,{"$f":"IF(PWV25=\"SINAPI\",VLOOKUP(PWS25,SINAPI,4,0),IF(PWV25=\"SETOP\",VLOOKUP(PWS25,SETOP,5,0),IF(PWV25=\"CPU\",VLOOKUP(PWS25,COMPOSIÇÃO,8,0),VLOOKUP(PWS25,COTAÇÃO,11,0))))","v":19.149999999999999},{"$f":"PWX25*PWY25","v":9.5749999999999993},"ED-50374",{"$f":"IF(PXD25=\"SINAPI\",VLOOKUP(PXA25,SINAPI,2,0),IF(PXD25=\"SETOP\",VLOOKUP(PXA25,SETOP,3,0),IF(PXD25=\"CPU\",VLOOKUP(PXA25,COMPOSIÇÃO,2,0),VLOOKUP(PXA25,COTAÇÃO,3,0))))","v":"BOMBEIRO/ENCANADOR COM ENCARGOS COMPLEMENTARES"},null,"SETOP",{"$f":"IF(PXD25=\"SINAPI\",VLOOKUP(PXA25,SINAPI,3,0),IF(PXD25=\"SETOP\",VLOOKUP(PXA25,SETOP,4,0),IF(PXD25=\"CPU\",VLOOKUP(PXA25,COMPOSIÇÃO,5,0),VLOOKUP(PXA25,COTAÇÃO,8,0))))","v":"HORA"},0.5,{"$f":"IF(PXD25=\"SINAPI\",VLOOKUP(PXA25,SINAPI,4,0),IF(PXD25=\"SETOP\",VLOOKUP(PXA25,SETOP,5,0),IF(PXD25=\"CPU\",VLOOKUP(PXA25,COMPOSIÇÃO,8,0),VLOOKUP(PXA25,COTAÇÃO,11,0))))","v":19.149999999999999},{"$f":"PXF25*PXG25","v":9.5749999999999993},"ED-50374",{"$f":"IF(PXL25=\"SINAPI\",VLOOKUP(PXI25,SINAPI,2,0),IF(PXL25=\"SETOP\",VLOOKUP(PXI25,SETOP,3,0),IF(PXL25=\"CPU\",VLOOKUP(PXI25,COMPOSIÇÃO,2,0),VLOOKUP(PXI25,COTAÇÃO,3,0))))","v":"BOMBEIRO/ENCANADOR COM ENCARGOS COMPLEMENTARES"},null,"SETOP",{"$f":"IF(PXL25=\"SINAPI\",VLOOKUP(PXI25,SINAPI,3,0),IF(PXL25=\"SETOP\",VLOOKUP(PXI25,SETOP,4,0),IF(PXL25=\"CPU\",VLOOKUP(PXI25,COMPOSIÇÃO,5,0),VLOOKUP(PXI25,COTAÇÃO,8,0))))","v":"HORA"},0.5,{"$f":"IF(PXL25=\"SINAPI\",VLOOKUP(PXI25,SINAPI,4,0),IF(PXL25=\"SETOP\",VLOOKUP(PXI25,SETOP,5,0),IF(PXL25=\"CPU\",VLOOKUP(PXI25,COMPOSIÇÃO,8,0),VLOOKUP(PXI25,COTAÇÃO,11,0))))","v":19.149999999999999},{"$f":"PXN25*PXO25","v":9.5749999999999993},"ED-50374",{"$f":"IF(PXT25=\"SINAPI\",VLOOKUP(PXQ25,SINAPI,2,0),IF(PXT25=\"SETOP\",VLOOKUP(PXQ25,SETOP,3,0),IF(PXT25=\"CPU\",VLOOKUP(PXQ25,COMPOSIÇÃO,2,0),VLOOKUP(PXQ25,COTAÇÃO,3,0))))","v":"BOMBEIRO/ENCANADOR COM ENCARGOS COMPLEMENTARES"},null,"SETOP",{"$f":"IF(PXT25=\"SINAPI\",VLOOKUP(PXQ25,SINAPI,3,0),IF(PXT25=\"SETOP\",VLOOKUP(PXQ25,SETOP,4,0),IF(PXT25=\"CPU\",VLOOKUP(PXQ25,COMPOSIÇÃO,5,0),VLOOKUP(PXQ25,COTAÇÃO,8,0))))","v":"HORA"},0.5,{"$f":"IF(PXT25=\"SINAPI\",VLOOKUP(PXQ25,SINAPI,4,0),IF(PXT25=\"SETOP\",VLOOKUP(PXQ25,SETOP,5,0),IF(PXT25=\"CPU\",VLOOKUP(PXQ25,COMPOSIÇÃO,8,0),VLOOKUP(PXQ25,COTAÇÃO,11,0))))","v":19.149999999999999},{"$f":"PXV25*PXW25","v":9.5749999999999993},"ED-50374",{"$f":"IF(PYB25=\"SINAPI\",VLOOKUP(PXY25,SINAPI,2,0),IF(PYB25=\"SETOP\",VLOOKUP(PXY25,SETOP,3,0),IF(PYB25=\"CPU\",VLOOKUP(PXY25,COMPOSIÇÃO,2,0),VLOOKUP(PXY25,COTAÇÃO,3,0))))","v":"BOMBEIRO/ENCANADOR COM ENCARGOS COMPLEMENTARES"},null,"SETOP",{"$f":"IF(PYB25=\"SINAPI\",VLOOKUP(PXY25,SINAPI,3,0),IF(PYB25=\"SETOP\",VLOOKUP(PXY25,SETOP,4,0),IF(PYB25=\"CPU\",VLOOKUP(PXY25,COMPOSIÇÃO,5,0),VLOOKUP(PXY25,COTAÇÃO,8,0))))","v":"HORA"},0.5,{"$f":"IF(PYB25=\"SINAPI\",VLOOKUP(PXY25,SINAPI,4,0),IF(PYB25=\"SETOP\",VLOOKUP(PXY25,SETOP,5,0),IF(PYB25=\"CPU\",VLOOKUP(PXY25,COMPOSIÇÃO,8,0),VLOOKUP(PXY25,COTAÇÃO,11,0))))","v":19.149999999999999},{"$f":"PYD25*PYE25","v":9.5749999999999993},"ED-50374",{"$f":"IF(PYJ25=\"SINAPI\",VLOOKUP(PYG25,SINAPI,2,0),IF(PYJ25=\"SETOP\",VLOOKUP(PYG25,SETOP,3,0),IF(PYJ25=\"CPU\",VLOOKUP(PYG25,COMPOSIÇÃO,2,0),VLOOKUP(PYG25,COTAÇÃO,3,0))))","v":"BOMBEIRO/ENCANADOR COM ENCARGOS COMPLEMENTARES"},null,"SETOP",{"$f":"IF(PYJ25=\"SINAPI\",VLOOKUP(PYG25,SINAPI,3,0),IF(PYJ25=\"SETOP\",VLOOKUP(PYG25,SETOP,4,0),IF(PYJ25=\"CPU\",VLOOKUP(PYG25,COMPOSIÇÃO,5,0),VLOOKUP(PYG25,COTAÇÃO,8,0))))","v":"HORA"},0.5,{"$f":"IF(PYJ25=\"SINAPI\",VLOOKUP(PYG25,SINAPI,4,0),IF(PYJ25=\"SETOP\",VLOOKUP(PYG25,SETOP,5,0),IF(PYJ25=\"CPU\",VLOOKUP(PYG25,COMPOSIÇÃO,8,0),VLOOKUP(PYG25,COTAÇÃO,11,0))))","v":19.149999999999999},{"$f":"PYL25*PYM25","v":9.5749999999999993},"ED-50374",{"$f":"IF(PYR25=\"SINAPI\",VLOOKUP(PYO25,SINAPI,2,0),IF(PYR25=\"SETOP\",VLOOKUP(PYO25,SETOP,3,0),IF(PYR25=\"CPU\",VLOOKUP(PYO25,COMPOSIÇÃO,2,0),VLOOKUP(PYO25,COTAÇÃO,3,0))))","v":"BOMBEIRO/ENCANADOR COM ENCARGOS COMPLEMENTARES"},null,"SETOP",{"$f":"IF(PYR25=\"SINAPI\",VLOOKUP(PYO25,SINAPI,3,0),IF(PYR25=\"SETOP\",VLOOKUP(PYO25,SETOP,4,0),IF(PYR25=\"CPU\",VLOOKUP(PYO25,COMPOSIÇÃO,5,0),VLOOKUP(PYO25,COTAÇÃO,8,0))))","v":"HORA"},0.5,{"$f":"IF(PYR25=\"SINAPI\",VLOOKUP(PYO25,SINAPI,4,0),IF(PYR25=\"SETOP\",VLOOKUP(PYO25,SETOP,5,0),IF(PYR25=\"CPU\",VLOOKUP(PYO25,COMPOSIÇÃO,8,0),VLOOKUP(PYO25,COTAÇÃO,11,0))))","v":19.149999999999999},{"$f":"PYT25*PYU25","v":9.5749999999999993},"ED-50374",{"$f":"IF(PYZ25=\"SINAPI\",VLOOKUP(PYW25,SINAPI,2,0),IF(PYZ25=\"SETOP\",VLOOKUP(PYW25,SETOP,3,0),IF(PYZ25=\"CPU\",VLOOKUP(PYW25,COMPOSIÇÃO,2,0),VLOOKUP(PYW25,COTAÇÃO,3,0))))","v":"BOMBEIRO/ENCANADOR COM ENCARGOS COMPLEMENTARES"},null,"SETOP",{"$f":"IF(PYZ25=\"SINAPI\",VLOOKUP(PYW25,SINAPI,3,0),IF(PYZ25=\"SETOP\",VLOOKUP(PYW25,SETOP,4,0),IF(PYZ25=\"CPU\",VLOOKUP(PYW25,COMPOSIÇÃO,5,0),VLOOKUP(PYW25,COTAÇÃO,8,0))))","v":"HORA"},0.5,{"$f":"IF(PYZ25=\"SINAPI\",VLOOKUP(PYW25,SINAPI,4,0),IF(PYZ25=\"SETOP\",VLOOKUP(PYW25,SETOP,5,0),IF(PYZ25=\"CPU\",VLOOKUP(PYW25,COMPOSIÇÃO,8,0),VLOOKUP(PYW25,COTAÇÃO,11,0))))","v":19.149999999999999},{"$f":"PZB25*PZC25","v":9.5749999999999993},"ED-50374",{"$f":"IF(PZH25=\"SINAPI\",VLOOKUP(PZE25,SINAPI,2,0),IF(PZH25=\"SETOP\",VLOOKUP(PZE25,SETOP,3,0),IF(PZH25=\"CPU\",VLOOKUP(PZE25,COMPOSIÇÃO,2,0),VLOOKUP(PZE25,COTAÇÃO,3,0))))","v":"BOMBEIRO/ENCANADOR COM ENCARGOS COMPLEMENTARES"},null,"SETOP",{"$f":"IF(PZH25=\"SINAPI\",VLOOKUP(PZE25,SINAPI,3,0),IF(PZH25=\"SETOP\",VLOOKUP(PZE25,SETOP,4,0),IF(PZH25=\"CPU\",VLOOKUP(PZE25,COMPOSIÇÃO,5,0),VLOOKUP(PZE25,COTAÇÃO,8,0))))","v":"HORA"},0.5,{"$f":"IF(PZH25=\"SINAPI\",VLOOKUP(PZE25,SINAPI,4,0),IF(PZH25=\"SETOP\",VLOOKUP(PZE25,SETOP,5,0),IF(PZH25=\"CPU\",VLOOKUP(PZE25,COMPOSIÇÃO,8,0),VLOOKUP(PZE25,COTAÇÃO,11,0))))","v":19.149999999999999},{"$f":"PZJ25*PZK25","v":9.5749999999999993},"ED-50374",{"$f":"IF(PZP25=\"SINAPI\",VLOOKUP(PZM25,SINAPI,2,0),IF(PZP25=\"SETOP\",VLOOKUP(PZM25,SETOP,3,0),IF(PZP25=\"CPU\",VLOOKUP(PZM25,COMPOSIÇÃO,2,0),VLOOKUP(PZM25,COTAÇÃO,3,0))))","v":"BOMBEIRO/ENCANADOR COM ENCARGOS COMPLEMENTARES"},null,"SETOP",{"$f":"IF(PZP25=\"SINAPI\",VLOOKUP(PZM25,SINAPI,3,0),IF(PZP25=\"SETOP\",VLOOKUP(PZM25,SETOP,4,0),IF(PZP25=\"CPU\",VLOOKUP(PZM25,COMPOSIÇÃO,5,0),VLOOKUP(PZM25,COTAÇÃO,8,0))))","v":"HORA"},0.5,{"$f":"IF(PZP25=\"SINAPI\",VLOOKUP(PZM25,SINAPI,4,0),IF(PZP25=\"SETOP\",VLOOKUP(PZM25,SETOP,5,0),IF(PZP25=\"CPU\",VLOOKUP(PZM25,COMPOSIÇÃO,8,0),VLOOKUP(PZM25,COTAÇÃO,11,0))))","v":19.149999999999999},{"$f":"PZR25*PZS25","v":9.5749999999999993},"ED-50374",{"$f":"IF(PZX25=\"SINAPI\",VLOOKUP(PZU25,SINAPI,2,0),IF(PZX25=\"SETOP\",VLOOKUP(PZU25,SETOP,3,0),IF(PZX25=\"CPU\",VLOOKUP(PZU25,COMPOSIÇÃO,2,0),VLOOKUP(PZU25,COTAÇÃO,3,0))))","v":"BOMBEIRO/ENCANADOR COM ENCARGOS COMPLEMENTARES"},null,"SETOP",{"$f":"IF(PZX25=\"SINAPI\",VLOOKUP(PZU25,SINAPI,3,0),IF(PZX25=\"SETOP\",VLOOKUP(PZU25,SETOP,4,0),IF(PZX25=\"CPU\",VLOOKUP(PZU25,COMPOSIÇÃO,5,0),VLOOKUP(PZU25,COTAÇÃO,8,0))))","v":"HORA"},0.5,{"$f":"IF(PZX25=\"SINAPI\",VLOOKUP(PZU25,SINAPI,4,0),IF(PZX25=\"SETOP\",VLOOKUP(PZU25,SETOP,5,0),IF(PZX25=\"CPU\",VLOOKUP(PZU25,COMPOSIÇÃO,8,0),VLOOKUP(PZU25,COTAÇÃO,11,0))))","v":19.149999999999999},{"$f":"PZZ25*QAA25","v":9.5749999999999993},"ED-50374",{"$f":"IF(QAF25=\"SINAPI\",VLOOKUP(QAC25,SINAPI,2,0),IF(QAF25=\"SETOP\",VLOOKUP(QAC25,SETOP,3,0),IF(QAF25=\"CPU\",VLOOKUP(QAC25,COMPOSIÇÃO,2,0),VLOOKUP(QAC25,COTAÇÃO,3,0))))","v":"BOMBEIRO/ENCANADOR COM ENCARGOS COMPLEMENTARES"},null,"SETOP",{"$f":"IF(QAF25=\"SINAPI\",VLOOKUP(QAC25,SINAPI,3,0),IF(QAF25=\"SETOP\",VLOOKUP(QAC25,SETOP,4,0),IF(QAF25=\"CPU\",VLOOKUP(QAC25,COMPOSIÇÃO,5,0),VLOOKUP(QAC25,COTAÇÃO,8,0))))","v":"HORA"},0.5,{"$f":"IF(QAF25=\"SINAPI\",VLOOKUP(QAC25,SINAPI,4,0),IF(QAF25=\"SETOP\",VLOOKUP(QAC25,SETOP,5,0),IF(QAF25=\"CPU\",VLOOKUP(QAC25,COMPOSIÇÃO,8,0),VLOOKUP(QAC25,COTAÇÃO,11,0))))","v":19.149999999999999},{"$f":"QAH25*QAI25","v":9.5749999999999993},"ED-50374",{"$f":"IF(QAN25=\"SINAPI\",VLOOKUP(QAK25,SINAPI,2,0),IF(QAN25=\"SETOP\",VLOOKUP(QAK25,SETOP,3,0),IF(QAN25=\"CPU\",VLOOKUP(QAK25,COMPOSIÇÃO,2,0),VLOOKUP(QAK25,COTAÇÃO,3,0))))","v":"BOMBEIRO/ENCANADOR COM ENCARGOS COMPLEMENTARES"},null,"SETOP",{"$f":"IF(QAN25=\"SINAPI\",VLOOKUP(QAK25,SINAPI,3,0),IF(QAN25=\"SETOP\",VLOOKUP(QAK25,SETOP,4,0),IF(QAN25=\"CPU\",VLOOKUP(QAK25,COMPOSIÇÃO,5,0),VLOOKUP(QAK25,COTAÇÃO,8,0))))","v":"HORA"},0.5,{"$f":"IF(QAN25=\"SINAPI\",VLOOKUP(QAK25,SINAPI,4,0),IF(QAN25=\"SETOP\",VLOOKUP(QAK25,SETOP,5,0),IF(QAN25=\"CPU\",VLOOKUP(QAK25,COMPOSIÇÃO,8,0),VLOOKUP(QAK25,COTAÇÃO,11,0))))","v":19.149999999999999},{"$f":"QAP25*QAQ25","v":9.5749999999999993},"ED-50374",{"$f":"IF(QAV25=\"SINAPI\",VLOOKUP(QAS25,SINAPI,2,0),IF(QAV25=\"SETOP\",VLOOKUP(QAS25,SETOP,3,0),IF(QAV25=\"CPU\",VLOOKUP(QAS25,COMPOSIÇÃO,2,0),VLOOKUP(QAS25,COTAÇÃO,3,0))))","v":"BOMBEIRO/ENCANADOR COM ENCARGOS COMPLEMENTARES"},null,"SETOP",{"$f":"IF(QAV25=\"SINAPI\",VLOOKUP(QAS25,SINAPI,3,0),IF(QAV25=\"SETOP\",VLOOKUP(QAS25,SETOP,4,0),IF(QAV25=\"CPU\",VLOOKUP(QAS25,COMPOSIÇÃO,5,0),VLOOKUP(QAS25,COTAÇÃO,8,0))))","v":"HORA"},0.5,{"$f":"IF(QAV25=\"SINAPI\",VLOOKUP(QAS25,SINAPI,4,0),IF(QAV25=\"SETOP\",VLOOKUP(QAS25,SETOP,5,0),IF(QAV25=\"CPU\",VLOOKUP(QAS25,COMPOSIÇÃO,8,0),VLOOKUP(QAS25,COTAÇÃO,11,0))))","v":19.149999999999999},{"$f":"QAX25*QAY25","v":9.5749999999999993},"ED-50374",{"$f":"IF(QBD25=\"SINAPI\",VLOOKUP(QBA25,SINAPI,2,0),IF(QBD25=\"SETOP\",VLOOKUP(QBA25,SETOP,3,0),IF(QBD25=\"CPU\",VLOOKUP(QBA25,COMPOSIÇÃO,2,0),VLOOKUP(QBA25,COTAÇÃO,3,0))))","v":"BOMBEIRO/ENCANADOR COM ENCARGOS COMPLEMENTARES"},null,"SETOP",{"$f":"IF(QBD25=\"SINAPI\",VLOOKUP(QBA25,SINAPI,3,0),IF(QBD25=\"SETOP\",VLOOKUP(QBA25,SETOP,4,0),IF(QBD25=\"CPU\",VLOOKUP(QBA25,COMPOSIÇÃO,5,0),VLOOKUP(QBA25,COTAÇÃO,8,0))))","v":"HORA"},0.5,{"$f":"IF(QBD25=\"SINAPI\",VLOOKUP(QBA25,SINAPI,4,0),IF(QBD25=\"SETOP\",VLOOKUP(QBA25,SETOP,5,0),IF(QBD25=\"CPU\",VLOOKUP(QBA25,COMPOSIÇÃO,8,0),VLOOKUP(QBA25,COTAÇÃO,11,0))))","v":19.149999999999999},{"$f":"QBF25*QBG25","v":9.5749999999999993},"ED-50374",{"$f":"IF(QBL25=\"SINAPI\",VLOOKUP(QBI25,SINAPI,2,0),IF(QBL25=\"SETOP\",VLOOKUP(QBI25,SETOP,3,0),IF(QBL25=\"CPU\",VLOOKUP(QBI25,COMPOSIÇÃO,2,0),VLOOKUP(QBI25,COTAÇÃO,3,0))))","v":"BOMBEIRO/ENCANADOR COM ENCARGOS COMPLEMENTARES"},null,"SETOP",{"$f":"IF(QBL25=\"SINAPI\",VLOOKUP(QBI25,SINAPI,3,0),IF(QBL25=\"SETOP\",VLOOKUP(QBI25,SETOP,4,0),IF(QBL25=\"CPU\",VLOOKUP(QBI25,COMPOSIÇÃO,5,0),VLOOKUP(QBI25,COTAÇÃO,8,0))))","v":"HORA"},0.5,{"$f":"IF(QBL25=\"SINAPI\",VLOOKUP(QBI25,SINAPI,4,0),IF(QBL25=\"SETOP\",VLOOKUP(QBI25,SETOP,5,0),IF(QBL25=\"CPU\",VLOOKUP(QBI25,COMPOSIÇÃO,8,0),VLOOKUP(QBI25,COTAÇÃO,11,0))))","v":19.149999999999999},{"$f":"QBN25*QBO25","v":9.5749999999999993},"ED-50374",{"$f":"IF(QBT25=\"SINAPI\",VLOOKUP(QBQ25,SINAPI,2,0),IF(QBT25=\"SETOP\",VLOOKUP(QBQ25,SETOP,3,0),IF(QBT25=\"CPU\",VLOOKUP(QBQ25,COMPOSIÇÃO,2,0),VLOOKUP(QBQ25,COTAÇÃO,3,0))))","v":"BOMBEIRO/ENCANADOR COM ENCARGOS COMPLEMENTARES"},null,"SETOP",{"$f":"IF(QBT25=\"SINAPI\",VLOOKUP(QBQ25,SINAPI,3,0),IF(QBT25=\"SETOP\",VLOOKUP(QBQ25,SETOP,4,0),IF(QBT25=\"CPU\",VLOOKUP(QBQ25,COMPOSIÇÃO,5,0),VLOOKUP(QBQ25,COTAÇÃO,8,0))))","v":"HORA"},0.5,{"$f":"IF(QBT25=\"SINAPI\",VLOOKUP(QBQ25,SINAPI,4,0),IF(QBT25=\"SETOP\",VLOOKUP(QBQ25,SETOP,5,0),IF(QBT25=\"CPU\",VLOOKUP(QBQ25,COMPOSIÇÃO,8,0),VLOOKUP(QBQ25,COTAÇÃO,11,0))))","v":19.149999999999999},{"$f":"QBV25*QBW25","v":9.5749999999999993},"ED-50374",{"$f":"IF(QCB25=\"SINAPI\",VLOOKUP(QBY25,SINAPI,2,0),IF(QCB25=\"SETOP\",VLOOKUP(QBY25,SETOP,3,0),IF(QCB25=\"CPU\",VLOOKUP(QBY25,COMPOSIÇÃO,2,0),VLOOKUP(QBY25,COTAÇÃO,3,0))))","v":"BOMBEIRO/ENCANADOR COM ENCARGOS COMPLEMENTARES"},null,"SETOP",{"$f":"IF(QCB25=\"SINAPI\",VLOOKUP(QBY25,SINAPI,3,0),IF(QCB25=\"SETOP\",VLOOKUP(QBY25,SETOP,4,0),IF(QCB25=\"CPU\",VLOOKUP(QBY25,COMPOSIÇÃO,5,0),VLOOKUP(QBY25,COTAÇÃO,8,0))))","v":"HORA"},0.5,{"$f":"IF(QCB25=\"SINAPI\",VLOOKUP(QBY25,SINAPI,4,0),IF(QCB25=\"SETOP\",VLOOKUP(QBY25,SETOP,5,0),IF(QCB25=\"CPU\",VLOOKUP(QBY25,COMPOSIÇÃO,8,0),VLOOKUP(QBY25,COTAÇÃO,11,0))))","v":19.149999999999999},{"$f":"QCD25*QCE25","v":9.5749999999999993},"ED-50374",{"$f":"IF(QCJ25=\"SINAPI\",VLOOKUP(QCG25,SINAPI,2,0),IF(QCJ25=\"SETOP\",VLOOKUP(QCG25,SETOP,3,0),IF(QCJ25=\"CPU\",VLOOKUP(QCG25,COMPOSIÇÃO,2,0),VLOOKUP(QCG25,COTAÇÃO,3,0))))","v":"BOMBEIRO/ENCANADOR COM ENCARGOS COMPLEMENTARES"},null,"SETOP",{"$f":"IF(QCJ25=\"SINAPI\",VLOOKUP(QCG25,SINAPI,3,0),IF(QCJ25=\"SETOP\",VLOOKUP(QCG25,SETOP,4,0),IF(QCJ25=\"CPU\",VLOOKUP(QCG25,COMPOSIÇÃO,5,0),VLOOKUP(QCG25,COTAÇÃO,8,0))))","v":"HORA"},0.5,{"$f":"IF(QCJ25=\"SINAPI\",VLOOKUP(QCG25,SINAPI,4,0),IF(QCJ25=\"SETOP\",VLOOKUP(QCG25,SETOP,5,0),IF(QCJ25=\"CPU\",VLOOKUP(QCG25,COMPOSIÇÃO,8,0),VLOOKUP(QCG25,COTAÇÃO,11,0))))","v":19.149999999999999},{"$f":"QCL25*QCM25","v":9.5749999999999993},"ED-50374",{"$f":"IF(QCR25=\"SINAPI\",VLOOKUP(QCO25,SINAPI,2,0),IF(QCR25=\"SETOP\",VLOOKUP(QCO25,SETOP,3,0),IF(QCR25=\"CPU\",VLOOKUP(QCO25,COMPOSIÇÃO,2,0),VLOOKUP(QCO25,COTAÇÃO,3,0))))","v":"BOMBEIRO/ENCANADOR COM ENCARGOS COMPLEMENTARES"},null,"SETOP",{"$f":"IF(QCR25=\"SINAPI\",VLOOKUP(QCO25,SINAPI,3,0),IF(QCR25=\"SETOP\",VLOOKUP(QCO25,SETOP,4,0),IF(QCR25=\"CPU\",VLOOKUP(QCO25,COMPOSIÇÃO,5,0),VLOOKUP(QCO25,COTAÇÃO,8,0))))","v":"HORA"},0.5,{"$f":"IF(QCR25=\"SINAPI\",VLOOKUP(QCO25,SINAPI,4,0),IF(QCR25=\"SETOP\",VLOOKUP(QCO25,SETOP,5,0),IF(QCR25=\"CPU\",VLOOKUP(QCO25,COMPOSIÇÃO,8,0),VLOOKUP(QCO25,COTAÇÃO,11,0))))","v":19.149999999999999},{"$f":"QCT25*QCU25","v":9.5749999999999993},"ED-50374",{"$f":"IF(QCZ25=\"SINAPI\",VLOOKUP(QCW25,SINAPI,2,0),IF(QCZ25=\"SETOP\",VLOOKUP(QCW25,SETOP,3,0),IF(QCZ25=\"CPU\",VLOOKUP(QCW25,COMPOSIÇÃO,2,0),VLOOKUP(QCW25,COTAÇÃO,3,0))))","v":"BOMBEIRO/ENCANADOR COM ENCARGOS COMPLEMENTARES"},null,"SETOP",{"$f":"IF(QCZ25=\"SINAPI\",VLOOKUP(QCW25,SINAPI,3,0),IF(QCZ25=\"SETOP\",VLOOKUP(QCW25,SETOP,4,0),IF(QCZ25=\"CPU\",VLOOKUP(QCW25,COMPOSIÇÃO,5,0),VLOOKUP(QCW25,COTAÇÃO,8,0))))","v":"HORA"},0.5,{"$f":"IF(QCZ25=\"SINAPI\",VLOOKUP(QCW25,SINAPI,4,0),IF(QCZ25=\"SETOP\",VLOOKUP(QCW25,SETOP,5,0),IF(QCZ25=\"CPU\",VLOOKUP(QCW25,COMPOSIÇÃO,8,0),VLOOKUP(QCW25,COTAÇÃO,11,0))))","v":19.149999999999999},{"$f":"QDB25*QDC25","v":9.5749999999999993},"ED-50374",{"$f":"IF(QDH25=\"SINAPI\",VLOOKUP(QDE25,SINAPI,2,0),IF(QDH25=\"SETOP\",VLOOKUP(QDE25,SETOP,3,0),IF(QDH25=\"CPU\",VLOOKUP(QDE25,COMPOSIÇÃO,2,0),VLOOKUP(QDE25,COTAÇÃO,3,0))))","v":"BOMBEIRO/ENCANADOR COM ENCARGOS COMPLEMENTARES"},null,"SETOP",{"$f":"IF(QDH25=\"SINAPI\",VLOOKUP(QDE25,SINAPI,3,0),IF(QDH25=\"SETOP\",VLOOKUP(QDE25,SETOP,4,0),IF(QDH25=\"CPU\",VLOOKUP(QDE25,COMPOSIÇÃO,5,0),VLOOKUP(QDE25,COTAÇÃO,8,0))))","v":"HORA"},0.5,{"$f":"IF(QDH25=\"SINAPI\",VLOOKUP(QDE25,SINAPI,4,0),IF(QDH25=\"SETOP\",VLOOKUP(QDE25,SETOP,5,0),IF(QDH25=\"CPU\",VLOOKUP(QDE25,COMPOSIÇÃO,8,0),VLOOKUP(QDE25,COTAÇÃO,11,0))))","v":19.149999999999999},{"$f":"QDJ25*QDK25","v":9.5749999999999993},"ED-50374",{"$f":"IF(QDP25=\"SINAPI\",VLOOKUP(QDM25,SINAPI,2,0),IF(QDP25=\"SETOP\",VLOOKUP(QDM25,SETOP,3,0),IF(QDP25=\"CPU\",VLOOKUP(QDM25,COMPOSIÇÃO,2,0),VLOOKUP(QDM25,COTAÇÃO,3,0))))","v":"BOMBEIRO/ENCANADOR COM ENCARGOS COMPLEMENTARES"},null,"SETOP",{"$f":"IF(QDP25=\"SINAPI\",VLOOKUP(QDM25,SINAPI,3,0),IF(QDP25=\"SETOP\",VLOOKUP(QDM25,SETOP,4,0),IF(QDP25=\"CPU\",VLOOKUP(QDM25,COMPOSIÇÃO,5,0),VLOOKUP(QDM25,COTAÇÃO,8,0))))","v":"HORA"},0.5,{"$f":"IF(QDP25=\"SINAPI\",VLOOKUP(QDM25,SINAPI,4,0),IF(QDP25=\"SETOP\",VLOOKUP(QDM25,SETOP,5,0),IF(QDP25=\"CPU\",VLOOKUP(QDM25,COMPOSIÇÃO,8,0),VLOOKUP(QDM25,COTAÇÃO,11,0))))","v":19.149999999999999},{"$f":"QDR25*QDS25","v":9.5749999999999993},"ED-50374",{"$f":"IF(QDX25=\"SINAPI\",VLOOKUP(QDU25,SINAPI,2,0),IF(QDX25=\"SETOP\",VLOOKUP(QDU25,SETOP,3,0),IF(QDX25=\"CPU\",VLOOKUP(QDU25,COMPOSIÇÃO,2,0),VLOOKUP(QDU25,COTAÇÃO,3,0))))","v":"BOMBEIRO/ENCANADOR COM ENCARGOS COMPLEMENTARES"},null,"SETOP",{"$f":"IF(QDX25=\"SINAPI\",VLOOKUP(QDU25,SINAPI,3,0),IF(QDX25=\"SETOP\",VLOOKUP(QDU25,SETOP,4,0),IF(QDX25=\"CPU\",VLOOKUP(QDU25,COMPOSIÇÃO,5,0),VLOOKUP(QDU25,COTAÇÃO,8,0))))","v":"HORA"},0.5,{"$f":"IF(QDX25=\"SINAPI\",VLOOKUP(QDU25,SINAPI,4,0),IF(QDX25=\"SETOP\",VLOOKUP(QDU25,SETOP,5,0),IF(QDX25=\"CPU\",VLOOKUP(QDU25,COMPOSIÇÃO,8,0),VLOOKUP(QDU25,COTAÇÃO,11,0))))","v":19.149999999999999},{"$f":"QDZ25*QEA25","v":9.5749999999999993},"ED-50374",{"$f":"IF(QEF25=\"SINAPI\",VLOOKUP(QEC25,SINAPI,2,0),IF(QEF25=\"SETOP\",VLOOKUP(QEC25,SETOP,3,0),IF(QEF25=\"CPU\",VLOOKUP(QEC25,COMPOSIÇÃO,2,0),VLOOKUP(QEC25,COTAÇÃO,3,0))))","v":"BOMBEIRO/ENCANADOR COM ENCARGOS COMPLEMENTARES"},null,"SETOP",{"$f":"IF(QEF25=\"SINAPI\",VLOOKUP(QEC25,SINAPI,3,0),IF(QEF25=\"SETOP\",VLOOKUP(QEC25,SETOP,4,0),IF(QEF25=\"CPU\",VLOOKUP(QEC25,COMPOSIÇÃO,5,0),VLOOKUP(QEC25,COTAÇÃO,8,0))))","v":"HORA"},0.5,{"$f":"IF(QEF25=\"SINAPI\",VLOOKUP(QEC25,SINAPI,4,0),IF(QEF25=\"SETOP\",VLOOKUP(QEC25,SETOP,5,0),IF(QEF25=\"CPU\",VLOOKUP(QEC25,COMPOSIÇÃO,8,0),VLOOKUP(QEC25,COTAÇÃO,11,0))))","v":19.149999999999999},{"$f":"QEH25*QEI25","v":9.5749999999999993},"ED-50374",{"$f":"IF(QEN25=\"SINAPI\",VLOOKUP(QEK25,SINAPI,2,0),IF(QEN25=\"SETOP\",VLOOKUP(QEK25,SETOP,3,0),IF(QEN25=\"CPU\",VLOOKUP(QEK25,COMPOSIÇÃO,2,0),VLOOKUP(QEK25,COTAÇÃO,3,0))))","v":"BOMBEIRO/ENCANADOR COM ENCARGOS COMPLEMENTARES"},null,"SETOP",{"$f":"IF(QEN25=\"SINAPI\",VLOOKUP(QEK25,SINAPI,3,0),IF(QEN25=\"SETOP\",VLOOKUP(QEK25,SETOP,4,0),IF(QEN25=\"CPU\",VLOOKUP(QEK25,COMPOSIÇÃO,5,0),VLOOKUP(QEK25,COTAÇÃO,8,0))))","v":"HORA"},0.5,{"$f":"IF(QEN25=\"SINAPI\",VLOOKUP(QEK25,SINAPI,4,0),IF(QEN25=\"SETOP\",VLOOKUP(QEK25,SETOP,5,0),IF(QEN25=\"CPU\",VLOOKUP(QEK25,COMPOSIÇÃO,8,0),VLOOKUP(QEK25,COTAÇÃO,11,0))))","v":19.149999999999999},{"$f":"QEP25*QEQ25","v":9.5749999999999993},"ED-50374",{"$f":"IF(QEV25=\"SINAPI\",VLOOKUP(QES25,SINAPI,2,0),IF(QEV25=\"SETOP\",VLOOKUP(QES25,SETOP,3,0),IF(QEV25=\"CPU\",VLOOKUP(QES25,COMPOSIÇÃO,2,0),VLOOKUP(QES25,COTAÇÃO,3,0))))","v":"BOMBEIRO/ENCANADOR COM ENCARGOS COMPLEMENTARES"},null,"SETOP",{"$f":"IF(QEV25=\"SINAPI\",VLOOKUP(QES25,SINAPI,3,0),IF(QEV25=\"SETOP\",VLOOKUP(QES25,SETOP,4,0),IF(QEV25=\"CPU\",VLOOKUP(QES25,COMPOSIÇÃO,5,0),VLOOKUP(QES25,COTAÇÃO,8,0))))","v":"HORA"},0.5,{"$f":"IF(QEV25=\"SINAPI\",VLOOKUP(QES25,SINAPI,4,0),IF(QEV25=\"SETOP\",VLOOKUP(QES25,SETOP,5,0),IF(QEV25=\"CPU\",VLOOKUP(QES25,COMPOSIÇÃO,8,0),VLOOKUP(QES25,COTAÇÃO,11,0))))","v":19.149999999999999},{"$f":"QEX25*QEY25","v":9.5749999999999993},"ED-50374",{"$f":"IF(QFD25=\"SINAPI\",VLOOKUP(QFA25,SINAPI,2,0),IF(QFD25=\"SETOP\",VLOOKUP(QFA25,SETOP,3,0),IF(QFD25=\"CPU\",VLOOKUP(QFA25,COMPOSIÇÃO,2,0),VLOOKUP(QFA25,COTAÇÃO,3,0))))","v":"BOMBEIRO/ENCANADOR COM ENCARGOS COMPLEMENTARES"},null,"SETOP",{"$f":"IF(QFD25=\"SINAPI\",VLOOKUP(QFA25,SINAPI,3,0),IF(QFD25=\"SETOP\",VLOOKUP(QFA25,SETOP,4,0),IF(QFD25=\"CPU\",VLOOKUP(QFA25,COMPOSIÇÃO,5,0),VLOOKUP(QFA25,COTAÇÃO,8,0))))","v":"HORA"},0.5,{"$f":"IF(QFD25=\"SINAPI\",VLOOKUP(QFA25,SINAPI,4,0),IF(QFD25=\"SETOP\",VLOOKUP(QFA25,SETOP,5,0),IF(QFD25=\"CPU\",VLOOKUP(QFA25,COMPOSIÇÃO,8,0),VLOOKUP(QFA25,COTAÇÃO,11,0))))","v":19.149999999999999},{"$f":"QFF25*QFG25","v":9.5749999999999993},"ED-50374",{"$f":"IF(QFL25=\"SINAPI\",VLOOKUP(QFI25,SINAPI,2,0),IF(QFL25=\"SETOP\",VLOOKUP(QFI25,SETOP,3,0),IF(QFL25=\"CPU\",VLOOKUP(QFI25,COMPOSIÇÃO,2,0),VLOOKUP(QFI25,COTAÇÃO,3,0))))","v":"BOMBEIRO/ENCANADOR COM ENCARGOS COMPLEMENTARES"},null,"SETOP",{"$f":"IF(QFL25=\"SINAPI\",VLOOKUP(QFI25,SINAPI,3,0),IF(QFL25=\"SETOP\",VLOOKUP(QFI25,SETOP,4,0),IF(QFL25=\"CPU\",VLOOKUP(QFI25,COMPOSIÇÃO,5,0),VLOOKUP(QFI25,COTAÇÃO,8,0))))","v":"HORA"},0.5,{"$f":"IF(QFL25=\"SINAPI\",VLOOKUP(QFI25,SINAPI,4,0),IF(QFL25=\"SETOP\",VLOOKUP(QFI25,SETOP,5,0),IF(QFL25=\"CPU\",VLOOKUP(QFI25,COMPOSIÇÃO,8,0),VLOOKUP(QFI25,COTAÇÃO,11,0))))","v":19.149999999999999},{"$f":"QFN25*QFO25","v":9.5749999999999993},"ED-50374",{"$f":"IF(QFT25=\"SINAPI\",VLOOKUP(QFQ25,SINAPI,2,0),IF(QFT25=\"SETOP\",VLOOKUP(QFQ25,SETOP,3,0),IF(QFT25=\"CPU\",VLOOKUP(QFQ25,COMPOSIÇÃO,2,0),VLOOKUP(QFQ25,COTAÇÃO,3,0))))","v":"BOMBEIRO/ENCANADOR COM ENCARGOS COMPLEMENTARES"},null,"SETOP",{"$f":"IF(QFT25=\"SINAPI\",VLOOKUP(QFQ25,SINAPI,3,0),IF(QFT25=\"SETOP\",VLOOKUP(QFQ25,SETOP,4,0),IF(QFT25=\"CPU\",VLOOKUP(QFQ25,COMPOSIÇÃO,5,0),VLOOKUP(QFQ25,COTAÇÃO,8,0))))","v":"HORA"},0.5,{"$f":"IF(QFT25=\"SINAPI\",VLOOKUP(QFQ25,SINAPI,4,0),IF(QFT25=\"SETOP\",VLOOKUP(QFQ25,SETOP,5,0),IF(QFT25=\"CPU\",VLOOKUP(QFQ25,COMPOSIÇÃO,8,0),VLOOKUP(QFQ25,COTAÇÃO,11,0))))","v":19.149999999999999},{"$f":"QFV25*QFW25","v":9.5749999999999993},"ED-50374",{"$f":"IF(QGB25=\"SINAPI\",VLOOKUP(QFY25,SINAPI,2,0),IF(QGB25=\"SETOP\",VLOOKUP(QFY25,SETOP,3,0),IF(QGB25=\"CPU\",VLOOKUP(QFY25,COMPOSIÇÃO,2,0),VLOOKUP(QFY25,COTAÇÃO,3,0))))","v":"BOMBEIRO/ENCANADOR COM ENCARGOS COMPLEMENTARES"},null,"SETOP",{"$f":"IF(QGB25=\"SINAPI\",VLOOKUP(QFY25,SINAPI,3,0),IF(QGB25=\"SETOP\",VLOOKUP(QFY25,SETOP,4,0),IF(QGB25=\"CPU\",VLOOKUP(QFY25,COMPOSIÇÃO,5,0),VLOOKUP(QFY25,COTAÇÃO,8,0))))","v":"HORA"},0.5,{"$f":"IF(QGB25=\"SINAPI\",VLOOKUP(QFY25,SINAPI,4,0),IF(QGB25=\"SETOP\",VLOOKUP(QFY25,SETOP,5,0),IF(QGB25=\"CPU\",VLOOKUP(QFY25,COMPOSIÇÃO,8,0),VLOOKUP(QFY25,COTAÇÃO,11,0))))","v":19.149999999999999},{"$f":"QGD25*QGE25","v":9.5749999999999993},"ED-50374",{"$f":"IF(QGJ25=\"SINAPI\",VLOOKUP(QGG25,SINAPI,2,0),IF(QGJ25=\"SETOP\",VLOOKUP(QGG25,SETOP,3,0),IF(QGJ25=\"CPU\",VLOOKUP(QGG25,COMPOSIÇÃO,2,0),VLOOKUP(QGG25,COTAÇÃO,3,0))))","v":"BOMBEIRO/ENCANADOR COM ENCARGOS COMPLEMENTARES"},null,"SETOP",{"$f":"IF(QGJ25=\"SINAPI\",VLOOKUP(QGG25,SINAPI,3,0),IF(QGJ25=\"SETOP\",VLOOKUP(QGG25,SETOP,4,0),IF(QGJ25=\"CPU\",VLOOKUP(QGG25,COMPOSIÇÃO,5,0),VLOOKUP(QGG25,COTAÇÃO,8,0))))","v":"HORA"},0.5,{"$f":"IF(QGJ25=\"SINAPI\",VLOOKUP(QGG25,SINAPI,4,0),IF(QGJ25=\"SETOP\",VLOOKUP(QGG25,SETOP,5,0),IF(QGJ25=\"CPU\",VLOOKUP(QGG25,COMPOSIÇÃO,8,0),VLOOKUP(QGG25,COTAÇÃO,11,0))))","v":19.149999999999999},{"$f":"QGL25*QGM25","v":9.5749999999999993},"ED-50374",{"$f":"IF(QGR25=\"SINAPI\",VLOOKUP(QGO25,SINAPI,2,0),IF(QGR25=\"SETOP\",VLOOKUP(QGO25,SETOP,3,0),IF(QGR25=\"CPU\",VLOOKUP(QGO25,COMPOSIÇÃO,2,0),VLOOKUP(QGO25,COTAÇÃO,3,0))))","v":"BOMBEIRO/ENCANADOR COM ENCARGOS COMPLEMENTARES"},null,"SETOP",{"$f":"IF(QGR25=\"SINAPI\",VLOOKUP(QGO25,SINAPI,3,0),IF(QGR25=\"SETOP\",VLOOKUP(QGO25,SETOP,4,0),IF(QGR25=\"CPU\",VLOOKUP(QGO25,COMPOSIÇÃO,5,0),VLOOKUP(QGO25,COTAÇÃO,8,0))))","v":"HORA"},0.5,{"$f":"IF(QGR25=\"SINAPI\",VLOOKUP(QGO25,SINAPI,4,0),IF(QGR25=\"SETOP\",VLOOKUP(QGO25,SETOP,5,0),IF(QGR25=\"CPU\",VLOOKUP(QGO25,COMPOSIÇÃO,8,0),VLOOKUP(QGO25,COTAÇÃO,11,0))))","v":19.149999999999999},{"$f":"QGT25*QGU25","v":9.5749999999999993},"ED-50374",{"$f":"IF(QGZ25=\"SINAPI\",VLOOKUP(QGW25,SINAPI,2,0),IF(QGZ25=\"SETOP\",VLOOKUP(QGW25,SETOP,3,0),IF(QGZ25=\"CPU\",VLOOKUP(QGW25,COMPOSIÇÃO,2,0),VLOOKUP(QGW25,COTAÇÃO,3,0))))","v":"BOMBEIRO/ENCANADOR COM ENCARGOS COMPLEMENTARES"},null,"SETOP",{"$f":"IF(QGZ25=\"SINAPI\",VLOOKUP(QGW25,SINAPI,3,0),IF(QGZ25=\"SETOP\",VLOOKUP(QGW25,SETOP,4,0),IF(QGZ25=\"CPU\",VLOOKUP(QGW25,COMPOSIÇÃO,5,0),VLOOKUP(QGW25,COTAÇÃO,8,0))))","v":"HORA"},0.5,{"$f":"IF(QGZ25=\"SINAPI\",VLOOKUP(QGW25,SINAPI,4,0),IF(QGZ25=\"SETOP\",VLOOKUP(QGW25,SETOP,5,0),IF(QGZ25=\"CPU\",VLOOKUP(QGW25,COMPOSIÇÃO,8,0),VLOOKUP(QGW25,COTAÇÃO,11,0))))","v":19.149999999999999},{"$f":"QHB25*QHC25","v":9.5749999999999993},"ED-50374",{"$f":"IF(QHH25=\"SINAPI\",VLOOKUP(QHE25,SINAPI,2,0),IF(QHH25=\"SETOP\",VLOOKUP(QHE25,SETOP,3,0),IF(QHH25=\"CPU\",VLOOKUP(QHE25,COMPOSIÇÃO,2,0),VLOOKUP(QHE25,COTAÇÃO,3,0))))","v":"BOMBEIRO/ENCANADOR COM ENCARGOS COMPLEMENTARES"},null,"SETOP",{"$f":"IF(QHH25=\"SINAPI\",VLOOKUP(QHE25,SINAPI,3,0),IF(QHH25=\"SETOP\",VLOOKUP(QHE25,SETOP,4,0),IF(QHH25=\"CPU\",VLOOKUP(QHE25,COMPOSIÇÃO,5,0),VLOOKUP(QHE25,COTAÇÃO,8,0))))","v":"HORA"},0.5,{"$f":"IF(QHH25=\"SINAPI\",VLOOKUP(QHE25,SINAPI,4,0),IF(QHH25=\"SETOP\",VLOOKUP(QHE25,SETOP,5,0),IF(QHH25=\"CPU\",VLOOKUP(QHE25,COMPOSIÇÃO,8,0),VLOOKUP(QHE25,COTAÇÃO,11,0))))","v":19.149999999999999},{"$f":"QHJ25*QHK25","v":9.5749999999999993},"ED-50374",{"$f":"IF(QHP25=\"SINAPI\",VLOOKUP(QHM25,SINAPI,2,0),IF(QHP25=\"SETOP\",VLOOKUP(QHM25,SETOP,3,0),IF(QHP25=\"CPU\",VLOOKUP(QHM25,COMPOSIÇÃO,2,0),VLOOKUP(QHM25,COTAÇÃO,3,0))))","v":"BOMBEIRO/ENCANADOR COM ENCARGOS COMPLEMENTARES"},null,"SETOP",{"$f":"IF(QHP25=\"SINAPI\",VLOOKUP(QHM25,SINAPI,3,0),IF(QHP25=\"SETOP\",VLOOKUP(QHM25,SETOP,4,0),IF(QHP25=\"CPU\",VLOOKUP(QHM25,COMPOSIÇÃO,5,0),VLOOKUP(QHM25,COTAÇÃO,8,0))))","v":"HORA"},0.5,{"$f":"IF(QHP25=\"SINAPI\",VLOOKUP(QHM25,SINAPI,4,0),IF(QHP25=\"SETOP\",VLOOKUP(QHM25,SETOP,5,0),IF(QHP25=\"CPU\",VLOOKUP(QHM25,COMPOSIÇÃO,8,0),VLOOKUP(QHM25,COTAÇÃO,11,0))))","v":19.149999999999999},{"$f":"QHR25*QHS25","v":9.5749999999999993},"ED-50374",{"$f":"IF(QHX25=\"SINAPI\",VLOOKUP(QHU25,SINAPI,2,0),IF(QHX25=\"SETOP\",VLOOKUP(QHU25,SETOP,3,0),IF(QHX25=\"CPU\",VLOOKUP(QHU25,COMPOSIÇÃO,2,0),VLOOKUP(QHU25,COTAÇÃO,3,0))))","v":"BOMBEIRO/ENCANADOR COM ENCARGOS COMPLEMENTARES"},null,"SETOP",{"$f":"IF(QHX25=\"SINAPI\",VLOOKUP(QHU25,SINAPI,3,0),IF(QHX25=\"SETOP\",VLOOKUP(QHU25,SETOP,4,0),IF(QHX25=\"CPU\",VLOOKUP(QHU25,COMPOSIÇÃO,5,0),VLOOKUP(QHU25,COTAÇÃO,8,0))))","v":"HORA"},0.5,{"$f":"IF(QHX25=\"SINAPI\",VLOOKUP(QHU25,SINAPI,4,0),IF(QHX25=\"SETOP\",VLOOKUP(QHU25,SETOP,5,0),IF(QHX25=\"CPU\",VLOOKUP(QHU25,COMPOSIÇÃO,8,0),VLOOKUP(QHU25,COTAÇÃO,11,0))))","v":19.149999999999999},{"$f":"QHZ25*QIA25","v":9.5749999999999993},"ED-50374",{"$f":"IF(QIF25=\"SINAPI\",VLOOKUP(QIC25,SINAPI,2,0),IF(QIF25=\"SETOP\",VLOOKUP(QIC25,SETOP,3,0),IF(QIF25=\"CPU\",VLOOKUP(QIC25,COMPOSIÇÃO,2,0),VLOOKUP(QIC25,COTAÇÃO,3,0))))","v":"BOMBEIRO/ENCANADOR COM ENCARGOS COMPLEMENTARES"},null,"SETOP",{"$f":"IF(QIF25=\"SINAPI\",VLOOKUP(QIC25,SINAPI,3,0),IF(QIF25=\"SETOP\",VLOOKUP(QIC25,SETOP,4,0),IF(QIF25=\"CPU\",VLOOKUP(QIC25,COMPOSIÇÃO,5,0),VLOOKUP(QIC25,COTAÇÃO,8,0))))","v":"HORA"},0.5,{"$f":"IF(QIF25=\"SINAPI\",VLOOKUP(QIC25,SINAPI,4,0),IF(QIF25=\"SETOP\",VLOOKUP(QIC25,SETOP,5,0),IF(QIF25=\"CPU\",VLOOKUP(QIC25,COMPOSIÇÃO,8,0),VLOOKUP(QIC25,COTAÇÃO,11,0))))","v":19.149999999999999},{"$f":"QIH25*QII25","v":9.5749999999999993},"ED-50374",{"$f":"IF(QIN25=\"SINAPI\",VLOOKUP(QIK25,SINAPI,2,0),IF(QIN25=\"SETOP\",VLOOKUP(QIK25,SETOP,3,0),IF(QIN25=\"CPU\",VLOOKUP(QIK25,COMPOSIÇÃO,2,0),VLOOKUP(QIK25,COTAÇÃO,3,0))))","v":"BOMBEIRO/ENCANADOR COM ENCARGOS COMPLEMENTARES"},null,"SETOP",{"$f":"IF(QIN25=\"SINAPI\",VLOOKUP(QIK25,SINAPI,3,0),IF(QIN25=\"SETOP\",VLOOKUP(QIK25,SETOP,4,0),IF(QIN25=\"CPU\",VLOOKUP(QIK25,COMPOSIÇÃO,5,0),VLOOKUP(QIK25,COTAÇÃO,8,0))))","v":"HORA"},0.5,{"$f":"IF(QIN25=\"SINAPI\",VLOOKUP(QIK25,SINAPI,4,0),IF(QIN25=\"SETOP\",VLOOKUP(QIK25,SETOP,5,0),IF(QIN25=\"CPU\",VLOOKUP(QIK25,COMPOSIÇÃO,8,0),VLOOKUP(QIK25,COTAÇÃO,11,0))))","v":19.149999999999999},{"$f":"QIP25*QIQ25","v":9.5749999999999993},"ED-50374",{"$f":"IF(QIV25=\"SINAPI\",VLOOKUP(QIS25,SINAPI,2,0),IF(QIV25=\"SETOP\",VLOOKUP(QIS25,SETOP,3,0),IF(QIV25=\"CPU\",VLOOKUP(QIS25,COMPOSIÇÃO,2,0),VLOOKUP(QIS25,COTAÇÃO,3,0))))","v":"BOMBEIRO/ENCANADOR COM ENCARGOS COMPLEMENTARES"},null,"SETOP",{"$f":"IF(QIV25=\"SINAPI\",VLOOKUP(QIS25,SINAPI,3,0),IF(QIV25=\"SETOP\",VLOOKUP(QIS25,SETOP,4,0),IF(QIV25=\"CPU\",VLOOKUP(QIS25,COMPOSIÇÃO,5,0),VLOOKUP(QIS25,COTAÇÃO,8,0))))","v":"HORA"},0.5,{"$f":"IF(QIV25=\"SINAPI\",VLOOKUP(QIS25,SINAPI,4,0),IF(QIV25=\"SETOP\",VLOOKUP(QIS25,SETOP,5,0),IF(QIV25=\"CPU\",VLOOKUP(QIS25,COMPOSIÇÃO,8,0),VLOOKUP(QIS25,COTAÇÃO,11,0))))","v":19.149999999999999},{"$f":"QIX25*QIY25","v":9.5749999999999993},"ED-50374",{"$f":"IF(QJD25=\"SINAPI\",VLOOKUP(QJA25,SINAPI,2,0),IF(QJD25=\"SETOP\",VLOOKUP(QJA25,SETOP,3,0),IF(QJD25=\"CPU\",VLOOKUP(QJA25,COMPOSIÇÃO,2,0),VLOOKUP(QJA25,COTAÇÃO,3,0))))","v":"BOMBEIRO/ENCANADOR COM ENCARGOS COMPLEMENTARES"},null,"SETOP",{"$f":"IF(QJD25=\"SINAPI\",VLOOKUP(QJA25,SINAPI,3,0),IF(QJD25=\"SETOP\",VLOOKUP(QJA25,SETOP,4,0),IF(QJD25=\"CPU\",VLOOKUP(QJA25,COMPOSIÇÃO,5,0),VLOOKUP(QJA25,COTAÇÃO,8,0))))","v":"HORA"},0.5,{"$f":"IF(QJD25=\"SINAPI\",VLOOKUP(QJA25,SINAPI,4,0),IF(QJD25=\"SETOP\",VLOOKUP(QJA25,SETOP,5,0),IF(QJD25=\"CPU\",VLOOKUP(QJA25,COMPOSIÇÃO,8,0),VLOOKUP(QJA25,COTAÇÃO,11,0))))","v":19.149999999999999},{"$f":"QJF25*QJG25","v":9.5749999999999993},"ED-50374",{"$f":"IF(QJL25=\"SINAPI\",VLOOKUP(QJI25,SINAPI,2,0),IF(QJL25=\"SETOP\",VLOOKUP(QJI25,SETOP,3,0),IF(QJL25=\"CPU\",VLOOKUP(QJI25,COMPOSIÇÃO,2,0),VLOOKUP(QJI25,COTAÇÃO,3,0))))","v":"BOMBEIRO/ENCANADOR COM ENCARGOS COMPLEMENTARES"},null,"SETOP",{"$f":"IF(QJL25=\"SINAPI\",VLOOKUP(QJI25,SINAPI,3,0),IF(QJL25=\"SETOP\",VLOOKUP(QJI25,SETOP,4,0),IF(QJL25=\"CPU\",VLOOKUP(QJI25,COMPOSIÇÃO,5,0),VLOOKUP(QJI25,COTAÇÃO,8,0))))","v":"HORA"},0.5,{"$f":"IF(QJL25=\"SINAPI\",VLOOKUP(QJI25,SINAPI,4,0),IF(QJL25=\"SETOP\",VLOOKUP(QJI25,SETOP,5,0),IF(QJL25=\"CPU\",VLOOKUP(QJI25,COMPOSIÇÃO,8,0),VLOOKUP(QJI25,COTAÇÃO,11,0))))","v":19.149999999999999},{"$f":"QJN25*QJO25","v":9.5749999999999993},"ED-50374",{"$f":"IF(QJT25=\"SINAPI\",VLOOKUP(QJQ25,SINAPI,2,0),IF(QJT25=\"SETOP\",VLOOKUP(QJQ25,SETOP,3,0),IF(QJT25=\"CPU\",VLOOKUP(QJQ25,COMPOSIÇÃO,2,0),VLOOKUP(QJQ25,COTAÇÃO,3,0))))","v":"BOMBEIRO/ENCANADOR COM ENCARGOS COMPLEMENTARES"},null,"SETOP",{"$f":"IF(QJT25=\"SINAPI\",VLOOKUP(QJQ25,SINAPI,3,0),IF(QJT25=\"SETOP\",VLOOKUP(QJQ25,SETOP,4,0),IF(QJT25=\"CPU\",VLOOKUP(QJQ25,COMPOSIÇÃO,5,0),VLOOKUP(QJQ25,COTAÇÃO,8,0))))","v":"HORA"},0.5,{"$f":"IF(QJT25=\"SINAPI\",VLOOKUP(QJQ25,SINAPI,4,0),IF(QJT25=\"SETOP\",VLOOKUP(QJQ25,SETOP,5,0),IF(QJT25=\"CPU\",VLOOKUP(QJQ25,COMPOSIÇÃO,8,0),VLOOKUP(QJQ25,COTAÇÃO,11,0))))","v":19.149999999999999},{"$f":"QJV25*QJW25","v":9.5749999999999993},"ED-50374",{"$f":"IF(QKB25=\"SINAPI\",VLOOKUP(QJY25,SINAPI,2,0),IF(QKB25=\"SETOP\",VLOOKUP(QJY25,SETOP,3,0),IF(QKB25=\"CPU\",VLOOKUP(QJY25,COMPOSIÇÃO,2,0),VLOOKUP(QJY25,COTAÇÃO,3,0))))","v":"BOMBEIRO/ENCANADOR COM ENCARGOS COMPLEMENTARES"},null,"SETOP",{"$f":"IF(QKB25=\"SINAPI\",VLOOKUP(QJY25,SINAPI,3,0),IF(QKB25=\"SETOP\",VLOOKUP(QJY25,SETOP,4,0),IF(QKB25=\"CPU\",VLOOKUP(QJY25,COMPOSIÇÃO,5,0),VLOOKUP(QJY25,COTAÇÃO,8,0))))","v":"HORA"},0.5,{"$f":"IF(QKB25=\"SINAPI\",VLOOKUP(QJY25,SINAPI,4,0),IF(QKB25=\"SETOP\",VLOOKUP(QJY25,SETOP,5,0),IF(QKB25=\"CPU\",VLOOKUP(QJY25,COMPOSIÇÃO,8,0),VLOOKUP(QJY25,COTAÇÃO,11,0))))","v":19.149999999999999},{"$f":"QKD25*QKE25","v":9.5749999999999993},"ED-50374",{"$f":"IF(QKJ25=\"SINAPI\",VLOOKUP(QKG25,SINAPI,2,0),IF(QKJ25=\"SETOP\",VLOOKUP(QKG25,SETOP,3,0),IF(QKJ25=\"CPU\",VLOOKUP(QKG25,COMPOSIÇÃO,2,0),VLOOKUP(QKG25,COTAÇÃO,3,0))))","v":"BOMBEIRO/ENCANADOR COM ENCARGOS COMPLEMENTARES"},null,"SETOP",{"$f":"IF(QKJ25=\"SINAPI\",VLOOKUP(QKG25,SINAPI,3,0),IF(QKJ25=\"SETOP\",VLOOKUP(QKG25,SETOP,4,0),IF(QKJ25=\"CPU\",VLOOKUP(QKG25,COMPOSIÇÃO,5,0),VLOOKUP(QKG25,COTAÇÃO,8,0))))","v":"HORA"},0.5,{"$f":"IF(QKJ25=\"SINAPI\",VLOOKUP(QKG25,SINAPI,4,0),IF(QKJ25=\"SETOP\",VLOOKUP(QKG25,SETOP,5,0),IF(QKJ25=\"CPU\",VLOOKUP(QKG25,COMPOSIÇÃO,8,0),VLOOKUP(QKG25,COTAÇÃO,11,0))))","v":19.149999999999999},{"$f":"QKL25*QKM25","v":9.5749999999999993},"ED-50374",{"$f":"IF(QKR25=\"SINAPI\",VLOOKUP(QKO25,SINAPI,2,0),IF(QKR25=\"SETOP\",VLOOKUP(QKO25,SETOP,3,0),IF(QKR25=\"CPU\",VLOOKUP(QKO25,COMPOSIÇÃO,2,0),VLOOKUP(QKO25,COTAÇÃO,3,0))))","v":"BOMBEIRO/ENCANADOR COM ENCARGOS COMPLEMENTARES"},null,"SETOP",{"$f":"IF(QKR25=\"SINAPI\",VLOOKUP(QKO25,SINAPI,3,0),IF(QKR25=\"SETOP\",VLOOKUP(QKO25,SETOP,4,0),IF(QKR25=\"CPU\",VLOOKUP(QKO25,COMPOSIÇÃO,5,0),VLOOKUP(QKO25,COTAÇÃO,8,0))))","v":"HORA"},0.5,{"$f":"IF(QKR25=\"SINAPI\",VLOOKUP(QKO25,SINAPI,4,0),IF(QKR25=\"SETOP\",VLOOKUP(QKO25,SETOP,5,0),IF(QKR25=\"CPU\",VLOOKUP(QKO25,COMPOSIÇÃO,8,0),VLOOKUP(QKO25,COTAÇÃO,11,0))))","v":19.149999999999999},{"$f":"QKT25*QKU25","v":9.5749999999999993},"ED-50374",{"$f":"IF(QKZ25=\"SINAPI\",VLOOKUP(QKW25,SINAPI,2,0),IF(QKZ25=\"SETOP\",VLOOKUP(QKW25,SETOP,3,0),IF(QKZ25=\"CPU\",VLOOKUP(QKW25,COMPOSIÇÃO,2,0),VLOOKUP(QKW25,COTAÇÃO,3,0))))","v":"BOMBEIRO/ENCANADOR COM ENCARGOS COMPLEMENTARES"},null,"SETOP",{"$f":"IF(QKZ25=\"SINAPI\",VLOOKUP(QKW25,SINAPI,3,0),IF(QKZ25=\"SETOP\",VLOOKUP(QKW25,SETOP,4,0),IF(QKZ25=\"CPU\",VLOOKUP(QKW25,COMPOSIÇÃO,5,0),VLOOKUP(QKW25,COTAÇÃO,8,0))))","v":"HORA"},0.5,{"$f":"IF(QKZ25=\"SINAPI\",VLOOKUP(QKW25,SINAPI,4,0),IF(QKZ25=\"SETOP\",VLOOKUP(QKW25,SETOP,5,0),IF(QKZ25=\"CPU\",VLOOKUP(QKW25,COMPOSIÇÃO,8,0),VLOOKUP(QKW25,COTAÇÃO,11,0))))","v":19.149999999999999},{"$f":"QLB25*QLC25","v":9.5749999999999993},"ED-50374",{"$f":"IF(QLH25=\"SINAPI\",VLOOKUP(QLE25,SINAPI,2,0),IF(QLH25=\"SETOP\",VLOOKUP(QLE25,SETOP,3,0),IF(QLH25=\"CPU\",VLOOKUP(QLE25,COMPOSIÇÃO,2,0),VLOOKUP(QLE25,COTAÇÃO,3,0))))","v":"BOMBEIRO/ENCANADOR COM ENCARGOS COMPLEMENTARES"},null,"SETOP",{"$f":"IF(QLH25=\"SINAPI\",VLOOKUP(QLE25,SINAPI,3,0),IF(QLH25=\"SETOP\",VLOOKUP(QLE25,SETOP,4,0),IF(QLH25=\"CPU\",VLOOKUP(QLE25,COMPOSIÇÃO,5,0),VLOOKUP(QLE25,COTAÇÃO,8,0))))","v":"HORA"},0.5,{"$f":"IF(QLH25=\"SINAPI\",VLOOKUP(QLE25,SINAPI,4,0),IF(QLH25=\"SETOP\",VLOOKUP(QLE25,SETOP,5,0),IF(QLH25=\"CPU\",VLOOKUP(QLE25,COMPOSIÇÃO,8,0),VLOOKUP(QLE25,COTAÇÃO,11,0))))","v":19.149999999999999},{"$f":"QLJ25*QLK25","v":9.5749999999999993},"ED-50374",{"$f":"IF(QLP25=\"SINAPI\",VLOOKUP(QLM25,SINAPI,2,0),IF(QLP25=\"SETOP\",VLOOKUP(QLM25,SETOP,3,0),IF(QLP25=\"CPU\",VLOOKUP(QLM25,COMPOSIÇÃO,2,0),VLOOKUP(QLM25,COTAÇÃO,3,0))))","v":"BOMBEIRO/ENCANADOR COM ENCARGOS COMPLEMENTARES"},null,"SETOP",{"$f":"IF(QLP25=\"SINAPI\",VLOOKUP(QLM25,SINAPI,3,0),IF(QLP25=\"SETOP\",VLOOKUP(QLM25,SETOP,4,0),IF(QLP25=\"CPU\",VLOOKUP(QLM25,COMPOSIÇÃO,5,0),VLOOKUP(QLM25,COTAÇÃO,8,0))))","v":"HORA"},0.5,{"$f":"IF(QLP25=\"SINAPI\",VLOOKUP(QLM25,SINAPI,4,0),IF(QLP25=\"SETOP\",VLOOKUP(QLM25,SETOP,5,0),IF(QLP25=\"CPU\",VLOOKUP(QLM25,COMPOSIÇÃO,8,0),VLOOKUP(QLM25,COTAÇÃO,11,0))))","v":19.149999999999999},{"$f":"QLR25*QLS25","v":9.5749999999999993},"ED-50374",{"$f":"IF(QLX25=\"SINAPI\",VLOOKUP(QLU25,SINAPI,2,0),IF(QLX25=\"SETOP\",VLOOKUP(QLU25,SETOP,3,0),IF(QLX25=\"CPU\",VLOOKUP(QLU25,COMPOSIÇÃO,2,0),VLOOKUP(QLU25,COTAÇÃO,3,0))))","v":"BOMBEIRO/ENCANADOR COM ENCARGOS COMPLEMENTARES"},null,"SETOP",{"$f":"IF(QLX25=\"SINAPI\",VLOOKUP(QLU25,SINAPI,3,0),IF(QLX25=\"SETOP\",VLOOKUP(QLU25,SETOP,4,0),IF(QLX25=\"CPU\",VLOOKUP(QLU25,COMPOSIÇÃO,5,0),VLOOKUP(QLU25,COTAÇÃO,8,0))))","v":"HORA"},0.5,{"$f":"IF(QLX25=\"SINAPI\",VLOOKUP(QLU25,SINAPI,4,0),IF(QLX25=\"SETOP\",VLOOKUP(QLU25,SETOP,5,0),IF(QLX25=\"CPU\",VLOOKUP(QLU25,COMPOSIÇÃO,8,0),VLOOKUP(QLU25,COTAÇÃO,11,0))))","v":19.149999999999999},{"$f":"QLZ25*QMA25","v":9.5749999999999993},"ED-50374",{"$f":"IF(QMF25=\"SINAPI\",VLOOKUP(QMC25,SINAPI,2,0),IF(QMF25=\"SETOP\",VLOOKUP(QMC25,SETOP,3,0),IF(QMF25=\"CPU\",VLOOKUP(QMC25,COMPOSIÇÃO,2,0),VLOOKUP(QMC25,COTAÇÃO,3,0))))","v":"BOMBEIRO/ENCANADOR COM ENCARGOS COMPLEMENTARES"},null,"SETOP",{"$f":"IF(QMF25=\"SINAPI\",VLOOKUP(QMC25,SINAPI,3,0),IF(QMF25=\"SETOP\",VLOOKUP(QMC25,SETOP,4,0),IF(QMF25=\"CPU\",VLOOKUP(QMC25,COMPOSIÇÃO,5,0),VLOOKUP(QMC25,COTAÇÃO,8,0))))","v":"HORA"},0.5,{"$f":"IF(QMF25=\"SINAPI\",VLOOKUP(QMC25,SINAPI,4,0),IF(QMF25=\"SETOP\",VLOOKUP(QMC25,SETOP,5,0),IF(QMF25=\"CPU\",VLOOKUP(QMC25,COMPOSIÇÃO,8,0),VLOOKUP(QMC25,COTAÇÃO,11,0))))","v":19.149999999999999},{"$f":"QMH25*QMI25","v":9.5749999999999993},"ED-50374",{"$f":"IF(QMN25=\"SINAPI\",VLOOKUP(QMK25,SINAPI,2,0),IF(QMN25=\"SETOP\",VLOOKUP(QMK25,SETOP,3,0),IF(QMN25=\"CPU\",VLOOKUP(QMK25,COMPOSIÇÃO,2,0),VLOOKUP(QMK25,COTAÇÃO,3,0))))","v":"BOMBEIRO/ENCANADOR COM ENCARGOS COMPLEMENTARES"},null,"SETOP",{"$f":"IF(QMN25=\"SINAPI\",VLOOKUP(QMK25,SINAPI,3,0),IF(QMN25=\"SETOP\",VLOOKUP(QMK25,SETOP,4,0),IF(QMN25=\"CPU\",VLOOKUP(QMK25,COMPOSIÇÃO,5,0),VLOOKUP(QMK25,COTAÇÃO,8,0))))","v":"HORA"},0.5,{"$f":"IF(QMN25=\"SINAPI\",VLOOKUP(QMK25,SINAPI,4,0),IF(QMN25=\"SETOP\",VLOOKUP(QMK25,SETOP,5,0),IF(QMN25=\"CPU\",VLOOKUP(QMK25,COMPOSIÇÃO,8,0),VLOOKUP(QMK25,COTAÇÃO,11,0))))","v":19.149999999999999},{"$f":"QMP25*QMQ25","v":9.5749999999999993},"ED-50374",{"$f":"IF(QMV25=\"SINAPI\",VLOOKUP(QMS25,SINAPI,2,0),IF(QMV25=\"SETOP\",VLOOKUP(QMS25,SETOP,3,0),IF(QMV25=\"CPU\",VLOOKUP(QMS25,COMPOSIÇÃO,2,0),VLOOKUP(QMS25,COTAÇÃO,3,0))))","v":"BOMBEIRO/ENCANADOR COM ENCARGOS COMPLEMENTARES"},null,"SETOP",{"$f":"IF(QMV25=\"SINAPI\",VLOOKUP(QMS25,SINAPI,3,0),IF(QMV25=\"SETOP\",VLOOKUP(QMS25,SETOP,4,0),IF(QMV25=\"CPU\",VLOOKUP(QMS25,COMPOSIÇÃO,5,0),VLOOKUP(QMS25,COTAÇÃO,8,0))))","v":"HORA"},0.5,{"$f":"IF(QMV25=\"SINAPI\",VLOOKUP(QMS25,SINAPI,4,0),IF(QMV25=\"SETOP\",VLOOKUP(QMS25,SETOP,5,0),IF(QMV25=\"CPU\",VLOOKUP(QMS25,COMPOSIÇÃO,8,0),VLOOKUP(QMS25,COTAÇÃO,11,0))))","v":19.149999999999999},{"$f":"QMX25*QMY25","v":9.5749999999999993},"ED-50374",{"$f":"IF(QND25=\"SINAPI\",VLOOKUP(QNA25,SINAPI,2,0),IF(QND25=\"SETOP\",VLOOKUP(QNA25,SETOP,3,0),IF(QND25=\"CPU\",VLOOKUP(QNA25,COMPOSIÇÃO,2,0),VLOOKUP(QNA25,COTAÇÃO,3,0))))","v":"BOMBEIRO/ENCANADOR COM ENCARGOS COMPLEMENTARES"},null,"SETOP",{"$f":"IF(QND25=\"SINAPI\",VLOOKUP(QNA25,SINAPI,3,0),IF(QND25=\"SETOP\",VLOOKUP(QNA25,SETOP,4,0),IF(QND25=\"CPU\",VLOOKUP(QNA25,COMPOSIÇÃO,5,0),VLOOKUP(QNA25,COTAÇÃO,8,0))))","v":"HORA"},0.5,{"$f":"IF(QND25=\"SINAPI\",VLOOKUP(QNA25,SINAPI,4,0),IF(QND25=\"SETOP\",VLOOKUP(QNA25,SETOP,5,0),IF(QND25=\"CPU\",VLOOKUP(QNA25,COMPOSIÇÃO,8,0),VLOOKUP(QNA25,COTAÇÃO,11,0))))","v":19.149999999999999},{"$f":"QNF25*QNG25","v":9.5749999999999993},"ED-50374",{"$f":"IF(QNL25=\"SINAPI\",VLOOKUP(QNI25,SINAPI,2,0),IF(QNL25=\"SETOP\",VLOOKUP(QNI25,SETOP,3,0),IF(QNL25=\"CPU\",VLOOKUP(QNI25,COMPOSIÇÃO,2,0),VLOOKUP(QNI25,COTAÇÃO,3,0))))","v":"BOMBEIRO/ENCANADOR COM ENCARGOS COMPLEMENTARES"},null,"SETOP",{"$f":"IF(QNL25=\"SINAPI\",VLOOKUP(QNI25,SINAPI,3,0),IF(QNL25=\"SETOP\",VLOOKUP(QNI25,SETOP,4,0),IF(QNL25=\"CPU\",VLOOKUP(QNI25,COMPOSIÇÃO,5,0),VLOOKUP(QNI25,COTAÇÃO,8,0))))","v":"HORA"},0.5,{"$f":"IF(QNL25=\"SINAPI\",VLOOKUP(QNI25,SINAPI,4,0),IF(QNL25=\"SETOP\",VLOOKUP(QNI25,SETOP,5,0),IF(QNL25=\"CPU\",VLOOKUP(QNI25,COMPOSIÇÃO,8,0),VLOOKUP(QNI25,COTAÇÃO,11,0))))","v":19.149999999999999},{"$f":"QNN25*QNO25","v":9.5749999999999993},"ED-50374",{"$f":"IF(QNT25=\"SINAPI\",VLOOKUP(QNQ25,SINAPI,2,0),IF(QNT25=\"SETOP\",VLOOKUP(QNQ25,SETOP,3,0),IF(QNT25=\"CPU\",VLOOKUP(QNQ25,COMPOSIÇÃO,2,0),VLOOKUP(QNQ25,COTAÇÃO,3,0))))","v":"BOMBEIRO/ENCANADOR COM ENCARGOS COMPLEMENTARES"},null,"SETOP",{"$f":"IF(QNT25=\"SINAPI\",VLOOKUP(QNQ25,SINAPI,3,0),IF(QNT25=\"SETOP\",VLOOKUP(QNQ25,SETOP,4,0),IF(QNT25=\"CPU\",VLOOKUP(QNQ25,COMPOSIÇÃO,5,0),VLOOKUP(QNQ25,COTAÇÃO,8,0))))","v":"HORA"},0.5,{"$f":"IF(QNT25=\"SINAPI\",VLOOKUP(QNQ25,SINAPI,4,0),IF(QNT25=\"SETOP\",VLOOKUP(QNQ25,SETOP,5,0),IF(QNT25=\"CPU\",VLOOKUP(QNQ25,COMPOSIÇÃO,8,0),VLOOKUP(QNQ25,COTAÇÃO,11,0))))","v":19.149999999999999},{"$f":"QNV25*QNW25","v":9.5749999999999993},"ED-50374",{"$f":"IF(QOB25=\"SINAPI\",VLOOKUP(QNY25,SINAPI,2,0),IF(QOB25=\"SETOP\",VLOOKUP(QNY25,SETOP,3,0),IF(QOB25=\"CPU\",VLOOKUP(QNY25,COMPOSIÇÃO,2,0),VLOOKUP(QNY25,COTAÇÃO,3,0))))","v":"BOMBEIRO/ENCANADOR COM ENCARGOS COMPLEMENTARES"},null,"SETOP",{"$f":"IF(QOB25=\"SINAPI\",VLOOKUP(QNY25,SINAPI,3,0),IF(QOB25=\"SETOP\",VLOOKUP(QNY25,SETOP,4,0),IF(QOB25=\"CPU\",VLOOKUP(QNY25,COMPOSIÇÃO,5,0),VLOOKUP(QNY25,COTAÇÃO,8,0))))","v":"HORA"},0.5,{"$f":"IF(QOB25=\"SINAPI\",VLOOKUP(QNY25,SINAPI,4,0),IF(QOB25=\"SETOP\",VLOOKUP(QNY25,SETOP,5,0),IF(QOB25=\"CPU\",VLOOKUP(QNY25,COMPOSIÇÃO,8,0),VLOOKUP(QNY25,COTAÇÃO,11,0))))","v":19.149999999999999},{"$f":"QOD25*QOE25","v":9.5749999999999993},"ED-50374",{"$f":"IF(QOJ25=\"SINAPI\",VLOOKUP(QOG25,SINAPI,2,0),IF(QOJ25=\"SETOP\",VLOOKUP(QOG25,SETOP,3,0),IF(QOJ25=\"CPU\",VLOOKUP(QOG25,COMPOSIÇÃO,2,0),VLOOKUP(QOG25,COTAÇÃO,3,0))))","v":"BOMBEIRO/ENCANADOR COM ENCARGOS COMPLEMENTARES"},null,"SETOP",{"$f":"IF(QOJ25=\"SINAPI\",VLOOKUP(QOG25,SINAPI,3,0),IF(QOJ25=\"SETOP\",VLOOKUP(QOG25,SETOP,4,0),IF(QOJ25=\"CPU\",VLOOKUP(QOG25,COMPOSIÇÃO,5,0),VLOOKUP(QOG25,COTAÇÃO,8,0))))","v":"HORA"},0.5,{"$f":"IF(QOJ25=\"SINAPI\",VLOOKUP(QOG25,SINAPI,4,0),IF(QOJ25=\"SETOP\",VLOOKUP(QOG25,SETOP,5,0),IF(QOJ25=\"CPU\",VLOOKUP(QOG25,COMPOSIÇÃO,8,0),VLOOKUP(QOG25,COTAÇÃO,11,0))))","v":19.149999999999999},{"$f":"QOL25*QOM25","v":9.5749999999999993},"ED-50374",{"$f":"IF(QOR25=\"SINAPI\",VLOOKUP(QOO25,SINAPI,2,0),IF(QOR25=\"SETOP\",VLOOKUP(QOO25,SETOP,3,0),IF(QOR25=\"CPU\",VLOOKUP(QOO25,COMPOSIÇÃO,2,0),VLOOKUP(QOO25,COTAÇÃO,3,0))))","v":"BOMBEIRO/ENCANADOR COM ENCARGOS COMPLEMENTARES"},null,"SETOP",{"$f":"IF(QOR25=\"SINAPI\",VLOOKUP(QOO25,SINAPI,3,0),IF(QOR25=\"SETOP\",VLOOKUP(QOO25,SETOP,4,0),IF(QOR25=\"CPU\",VLOOKUP(QOO25,COMPOSIÇÃO,5,0),VLOOKUP(QOO25,COTAÇÃO,8,0))))","v":"HORA"},0.5,{"$f":"IF(QOR25=\"SINAPI\",VLOOKUP(QOO25,SINAPI,4,0),IF(QOR25=\"SETOP\",VLOOKUP(QOO25,SETOP,5,0),IF(QOR25=\"CPU\",VLOOKUP(QOO25,COMPOSIÇÃO,8,0),VLOOKUP(QOO25,COTAÇÃO,11,0))))","v":19.149999999999999},{"$f":"QOT25*QOU25","v":9.5749999999999993},"ED-50374",{"$f":"IF(QOZ25=\"SINAPI\",VLOOKUP(QOW25,SINAPI,2,0),IF(QOZ25=\"SETOP\",VLOOKUP(QOW25,SETOP,3,0),IF(QOZ25=\"CPU\",VLOOKUP(QOW25,COMPOSIÇÃO,2,0),VLOOKUP(QOW25,COTAÇÃO,3,0))))","v":"BOMBEIRO/ENCANADOR COM ENCARGOS COMPLEMENTARES"},null,"SETOP",{"$f":"IF(QOZ25=\"SINAPI\",VLOOKUP(QOW25,SINAPI,3,0),IF(QOZ25=\"SETOP\",VLOOKUP(QOW25,SETOP,4,0),IF(QOZ25=\"CPU\",VLOOKUP(QOW25,COMPOSIÇÃO,5,0),VLOOKUP(QOW25,COTAÇÃO,8,0))))","v":"HORA"},0.5,{"$f":"IF(QOZ25=\"SINAPI\",VLOOKUP(QOW25,SINAPI,4,0),IF(QOZ25=\"SETOP\",VLOOKUP(QOW25,SETOP,5,0),IF(QOZ25=\"CPU\",VLOOKUP(QOW25,COMPOSIÇÃO,8,0),VLOOKUP(QOW25,COTAÇÃO,11,0))))","v":19.149999999999999},{"$f":"QPB25*QPC25","v":9.5749999999999993},"ED-50374",{"$f":"IF(QPH25=\"SINAPI\",VLOOKUP(QPE25,SINAPI,2,0),IF(QPH25=\"SETOP\",VLOOKUP(QPE25,SETOP,3,0),IF(QPH25=\"CPU\",VLOOKUP(QPE25,COMPOSIÇÃO,2,0),VLOOKUP(QPE25,COTAÇÃO,3,0))))","v":"BOMBEIRO/ENCANADOR COM ENCARGOS COMPLEMENTARES"},null,"SETOP",{"$f":"IF(QPH25=\"SINAPI\",VLOOKUP(QPE25,SINAPI,3,0),IF(QPH25=\"SETOP\",VLOOKUP(QPE25,SETOP,4,0),IF(QPH25=\"CPU\",VLOOKUP(QPE25,COMPOSIÇÃO,5,0),VLOOKUP(QPE25,COTAÇÃO,8,0))))","v":"HORA"},0.5,{"$f":"IF(QPH25=\"SINAPI\",VLOOKUP(QPE25,SINAPI,4,0),IF(QPH25=\"SETOP\",VLOOKUP(QPE25,SETOP,5,0),IF(QPH25=\"CPU\",VLOOKUP(QPE25,COMPOSIÇÃO,8,0),VLOOKUP(QPE25,COTAÇÃO,11,0))))","v":19.149999999999999},{"$f":"QPJ25*QPK25","v":9.5749999999999993},"ED-50374",{"$f":"IF(QPP25=\"SINAPI\",VLOOKUP(QPM25,SINAPI,2,0),IF(QPP25=\"SETOP\",VLOOKUP(QPM25,SETOP,3,0),IF(QPP25=\"CPU\",VLOOKUP(QPM25,COMPOSIÇÃO,2,0),VLOOKUP(QPM25,COTAÇÃO,3,0))))","v":"BOMBEIRO/ENCANADOR COM ENCARGOS COMPLEMENTARES"},null,"SETOP",{"$f":"IF(QPP25=\"SINAPI\",VLOOKUP(QPM25,SINAPI,3,0),IF(QPP25=\"SETOP\",VLOOKUP(QPM25,SETOP,4,0),IF(QPP25=\"CPU\",VLOOKUP(QPM25,COMPOSIÇÃO,5,0),VLOOKUP(QPM25,COTAÇÃO,8,0))))","v":"HORA"},0.5,{"$f":"IF(QPP25=\"SINAPI\",VLOOKUP(QPM25,SINAPI,4,0),IF(QPP25=\"SETOP\",VLOOKUP(QPM25,SETOP,5,0),IF(QPP25=\"CPU\",VLOOKUP(QPM25,COMPOSIÇÃO,8,0),VLOOKUP(QPM25,COTAÇÃO,11,0))))","v":19.149999999999999},{"$f":"QPR25*QPS25","v":9.5749999999999993},"ED-50374",{"$f":"IF(QPX25=\"SINAPI\",VLOOKUP(QPU25,SINAPI,2,0),IF(QPX25=\"SETOP\",VLOOKUP(QPU25,SETOP,3,0),IF(QPX25=\"CPU\",VLOOKUP(QPU25,COMPOSIÇÃO,2,0),VLOOKUP(QPU25,COTAÇÃO,3,0))))","v":"BOMBEIRO/ENCANADOR COM ENCARGOS COMPLEMENTARES"},null,"SETOP",{"$f":"IF(QPX25=\"SINAPI\",VLOOKUP(QPU25,SINAPI,3,0),IF(QPX25=\"SETOP\",VLOOKUP(QPU25,SETOP,4,0),IF(QPX25=\"CPU\",VLOOKUP(QPU25,COMPOSIÇÃO,5,0),VLOOKUP(QPU25,COTAÇÃO,8,0))))","v":"HORA"},0.5,{"$f":"IF(QPX25=\"SINAPI\",VLOOKUP(QPU25,SINAPI,4,0),IF(QPX25=\"SETOP\",VLOOKUP(QPU25,SETOP,5,0),IF(QPX25=\"CPU\",VLOOKUP(QPU25,COMPOSIÇÃO,8,0),VLOOKUP(QPU25,COTAÇÃO,11,0))))","v":19.149999999999999},{"$f":"QPZ25*QQA25","v":9.5749999999999993},"ED-50374",{"$f":"IF(QQF25=\"SINAPI\",VLOOKUP(QQC25,SINAPI,2,0),IF(QQF25=\"SETOP\",VLOOKUP(QQC25,SETOP,3,0),IF(QQF25=\"CPU\",VLOOKUP(QQC25,COMPOSIÇÃO,2,0),VLOOKUP(QQC25,COTAÇÃO,3,0))))","v":"BOMBEIRO/ENCANADOR COM ENCARGOS COMPLEMENTARES"},null,"SETOP",{"$f":"IF(QQF25=\"SINAPI\",VLOOKUP(QQC25,SINAPI,3,0),IF(QQF25=\"SETOP\",VLOOKUP(QQC25,SETOP,4,0),IF(QQF25=\"CPU\",VLOOKUP(QQC25,COMPOSIÇÃO,5,0),VLOOKUP(QQC25,COTAÇÃO,8,0))))","v":"HORA"},0.5,{"$f":"IF(QQF25=\"SINAPI\",VLOOKUP(QQC25,SINAPI,4,0),IF(QQF25=\"SETOP\",VLOOKUP(QQC25,SETOP,5,0),IF(QQF25=\"CPU\",VLOOKUP(QQC25,COMPOSIÇÃO,8,0),VLOOKUP(QQC25,COTAÇÃO,11,0))))","v":19.149999999999999},{"$f":"QQH25*QQI25","v":9.5749999999999993},"ED-50374",{"$f":"IF(QQN25=\"SINAPI\",VLOOKUP(QQK25,SINAPI,2,0),IF(QQN25=\"SETOP\",VLOOKUP(QQK25,SETOP,3,0),IF(QQN25=\"CPU\",VLOOKUP(QQK25,COMPOSIÇÃO,2,0),VLOOKUP(QQK25,COTAÇÃO,3,0))))","v":"BOMBEIRO/ENCANADOR COM ENCARGOS COMPLEMENTARES"},null,"SETOP",{"$f":"IF(QQN25=\"SINAPI\",VLOOKUP(QQK25,SINAPI,3,0),IF(QQN25=\"SETOP\",VLOOKUP(QQK25,SETOP,4,0),IF(QQN25=\"CPU\",VLOOKUP(QQK25,COMPOSIÇÃO,5,0),VLOOKUP(QQK25,COTAÇÃO,8,0))))","v":"HORA"},0.5,{"$f":"IF(QQN25=\"SINAPI\",VLOOKUP(QQK25,SINAPI,4,0),IF(QQN25=\"SETOP\",VLOOKUP(QQK25,SETOP,5,0),IF(QQN25=\"CPU\",VLOOKUP(QQK25,COMPOSIÇÃO,8,0),VLOOKUP(QQK25,COTAÇÃO,11,0))))","v":19.149999999999999},{"$f":"QQP25*QQQ25","v":9.5749999999999993},"ED-50374",{"$f":"IF(QQV25=\"SINAPI\",VLOOKUP(QQS25,SINAPI,2,0),IF(QQV25=\"SETOP\",VLOOKUP(QQS25,SETOP,3,0),IF(QQV25=\"CPU\",VLOOKUP(QQS25,COMPOSIÇÃO,2,0),VLOOKUP(QQS25,COTAÇÃO,3,0))))","v":"BOMBEIRO/ENCANADOR COM ENCARGOS COMPLEMENTARES"},null,"SETOP",{"$f":"IF(QQV25=\"SINAPI\",VLOOKUP(QQS25,SINAPI,3,0),IF(QQV25=\"SETOP\",VLOOKUP(QQS25,SETOP,4,0),IF(QQV25=\"CPU\",VLOOKUP(QQS25,COMPOSIÇÃO,5,0),VLOOKUP(QQS25,COTAÇÃO,8,0))))","v":"HORA"},0.5,{"$f":"IF(QQV25=\"SINAPI\",VLOOKUP(QQS25,SINAPI,4,0),IF(QQV25=\"SETOP\",VLOOKUP(QQS25,SETOP,5,0),IF(QQV25=\"CPU\",VLOOKUP(QQS25,COMPOSIÇÃO,8,0),VLOOKUP(QQS25,COTAÇÃO,11,0))))","v":19.149999999999999},{"$f":"QQX25*QQY25","v":9.5749999999999993},"ED-50374",{"$f":"IF(QRD25=\"SINAPI\",VLOOKUP(QRA25,SINAPI,2,0),IF(QRD25=\"SETOP\",VLOOKUP(QRA25,SETOP,3,0),IF(QRD25=\"CPU\",VLOOKUP(QRA25,COMPOSIÇÃO,2,0),VLOOKUP(QRA25,COTAÇÃO,3,0))))","v":"BOMBEIRO/ENCANADOR COM ENCARGOS COMPLEMENTARES"},null,"SETOP",{"$f":"IF(QRD25=\"SINAPI\",VLOOKUP(QRA25,SINAPI,3,0),IF(QRD25=\"SETOP\",VLOOKUP(QRA25,SETOP,4,0),IF(QRD25=\"CPU\",VLOOKUP(QRA25,COMPOSIÇÃO,5,0),VLOOKUP(QRA25,COTAÇÃO,8,0))))","v":"HORA"},0.5,{"$f":"IF(QRD25=\"SINAPI\",VLOOKUP(QRA25,SINAPI,4,0),IF(QRD25=\"SETOP\",VLOOKUP(QRA25,SETOP,5,0),IF(QRD25=\"CPU\",VLOOKUP(QRA25,COMPOSIÇÃO,8,0),VLOOKUP(QRA25,COTAÇÃO,11,0))))","v":19.149999999999999},{"$f":"QRF25*QRG25","v":9.5749999999999993},"ED-50374",{"$f":"IF(QRL25=\"SINAPI\",VLOOKUP(QRI25,SINAPI,2,0),IF(QRL25=\"SETOP\",VLOOKUP(QRI25,SETOP,3,0),IF(QRL25=\"CPU\",VLOOKUP(QRI25,COMPOSIÇÃO,2,0),VLOOKUP(QRI25,COTAÇÃO,3,0))))","v":"BOMBEIRO/ENCANADOR COM ENCARGOS COMPLEMENTARES"},null,"SETOP",{"$f":"IF(QRL25=\"SINAPI\",VLOOKUP(QRI25,SINAPI,3,0),IF(QRL25=\"SETOP\",VLOOKUP(QRI25,SETOP,4,0),IF(QRL25=\"CPU\",VLOOKUP(QRI25,COMPOSIÇÃO,5,0),VLOOKUP(QRI25,COTAÇÃO,8,0))))","v":"HORA"},0.5,{"$f":"IF(QRL25=\"SINAPI\",VLOOKUP(QRI25,SINAPI,4,0),IF(QRL25=\"SETOP\",VLOOKUP(QRI25,SETOP,5,0),IF(QRL25=\"CPU\",VLOOKUP(QRI25,COMPOSIÇÃO,8,0),VLOOKUP(QRI25,COTAÇÃO,11,0))))","v":19.149999999999999},{"$f":"QRN25*QRO25","v":9.5749999999999993},"ED-50374",{"$f":"IF(QRT25=\"SINAPI\",VLOOKUP(QRQ25,SINAPI,2,0),IF(QRT25=\"SETOP\",VLOOKUP(QRQ25,SETOP,3,0),IF(QRT25=\"CPU\",VLOOKUP(QRQ25,COMPOSIÇÃO,2,0),VLOOKUP(QRQ25,COTAÇÃO,3,0))))","v":"BOMBEIRO/ENCANADOR COM ENCARGOS COMPLEMENTARES"},null,"SETOP",{"$f":"IF(QRT25=\"SINAPI\",VLOOKUP(QRQ25,SINAPI,3,0),IF(QRT25=\"SETOP\",VLOOKUP(QRQ25,SETOP,4,0),IF(QRT25=\"CPU\",VLOOKUP(QRQ25,COMPOSIÇÃO,5,0),VLOOKUP(QRQ25,COTAÇÃO,8,0))))","v":"HORA"},0.5,{"$f":"IF(QRT25=\"SINAPI\",VLOOKUP(QRQ25,SINAPI,4,0),IF(QRT25=\"SETOP\",VLOOKUP(QRQ25,SETOP,5,0),IF(QRT25=\"CPU\",VLOOKUP(QRQ25,COMPOSIÇÃO,8,0),VLOOKUP(QRQ25,COTAÇÃO,11,0))))","v":19.149999999999999},{"$f":"QRV25*QRW25","v":9.5749999999999993},"ED-50374",{"$f":"IF(QSB25=\"SINAPI\",VLOOKUP(QRY25,SINAPI,2,0),IF(QSB25=\"SETOP\",VLOOKUP(QRY25,SETOP,3,0),IF(QSB25=\"CPU\",VLOOKUP(QRY25,COMPOSIÇÃO,2,0),VLOOKUP(QRY25,COTAÇÃO,3,0))))","v":"BOMBEIRO/ENCANADOR COM ENCARGOS COMPLEMENTARES"},null,"SETOP",{"$f":"IF(QSB25=\"SINAPI\",VLOOKUP(QRY25,SINAPI,3,0),IF(QSB25=\"SETOP\",VLOOKUP(QRY25,SETOP,4,0),IF(QSB25=\"CPU\",VLOOKUP(QRY25,COMPOSIÇÃO,5,0),VLOOKUP(QRY25,COTAÇÃO,8,0))))","v":"HORA"},0.5,{"$f":"IF(QSB25=\"SINAPI\",VLOOKUP(QRY25,SINAPI,4,0),IF(QSB25=\"SETOP\",VLOOKUP(QRY25,SETOP,5,0),IF(QSB25=\"CPU\",VLOOKUP(QRY25,COMPOSIÇÃO,8,0),VLOOKUP(QRY25,COTAÇÃO,11,0))))","v":19.149999999999999},{"$f":"QSD25*QSE25","v":9.5749999999999993},"ED-50374",{"$f":"IF(QSJ25=\"SINAPI\",VLOOKUP(QSG25,SINAPI,2,0),IF(QSJ25=\"SETOP\",VLOOKUP(QSG25,SETOP,3,0),IF(QSJ25=\"CPU\",VLOOKUP(QSG25,COMPOSIÇÃO,2,0),VLOOKUP(QSG25,COTAÇÃO,3,0))))","v":"BOMBEIRO/ENCANADOR COM ENCARGOS COMPLEMENTARES"},null,"SETOP",{"$f":"IF(QSJ25=\"SINAPI\",VLOOKUP(QSG25,SINAPI,3,0),IF(QSJ25=\"SETOP\",VLOOKUP(QSG25,SETOP,4,0),IF(QSJ25=\"CPU\",VLOOKUP(QSG25,COMPOSIÇÃO,5,0),VLOOKUP(QSG25,COTAÇÃO,8,0))))","v":"HORA"},0.5,{"$f":"IF(QSJ25=\"SINAPI\",VLOOKUP(QSG25,SINAPI,4,0),IF(QSJ25=\"SETOP\",VLOOKUP(QSG25,SETOP,5,0),IF(QSJ25=\"CPU\",VLOOKUP(QSG25,COMPOSIÇÃO,8,0),VLOOKUP(QSG25,COTAÇÃO,11,0))))","v":19.149999999999999},{"$f":"QSL25*QSM25","v":9.5749999999999993},"ED-50374",{"$f":"IF(QSR25=\"SINAPI\",VLOOKUP(QSO25,SINAPI,2,0),IF(QSR25=\"SETOP\",VLOOKUP(QSO25,SETOP,3,0),IF(QSR25=\"CPU\",VLOOKUP(QSO25,COMPOSIÇÃO,2,0),VLOOKUP(QSO25,COTAÇÃO,3,0))))","v":"BOMBEIRO/ENCANADOR COM ENCARGOS COMPLEMENTARES"},null,"SETOP",{"$f":"IF(QSR25=\"SINAPI\",VLOOKUP(QSO25,SINAPI,3,0),IF(QSR25=\"SETOP\",VLOOKUP(QSO25,SETOP,4,0),IF(QSR25=\"CPU\",VLOOKUP(QSO25,COMPOSIÇÃO,5,0),VLOOKUP(QSO25,COTAÇÃO,8,0))))","v":"HORA"},0.5,{"$f":"IF(QSR25=\"SINAPI\",VLOOKUP(QSO25,SINAPI,4,0),IF(QSR25=\"SETOP\",VLOOKUP(QSO25,SETOP,5,0),IF(QSR25=\"CPU\",VLOOKUP(QSO25,COMPOSIÇÃO,8,0),VLOOKUP(QSO25,COTAÇÃO,11,0))))","v":19.149999999999999},{"$f":"QST25*QSU25","v":9.5749999999999993},"ED-50374",{"$f":"IF(QSZ25=\"SINAPI\",VLOOKUP(QSW25,SINAPI,2,0),IF(QSZ25=\"SETOP\",VLOOKUP(QSW25,SETOP,3,0),IF(QSZ25=\"CPU\",VLOOKUP(QSW25,COMPOSIÇÃO,2,0),VLOOKUP(QSW25,COTAÇÃO,3,0))))","v":"BOMBEIRO/ENCANADOR COM ENCARGOS COMPLEMENTARES"},null,"SETOP",{"$f":"IF(QSZ25=\"SINAPI\",VLOOKUP(QSW25,SINAPI,3,0),IF(QSZ25=\"SETOP\",VLOOKUP(QSW25,SETOP,4,0),IF(QSZ25=\"CPU\",VLOOKUP(QSW25,COMPOSIÇÃO,5,0),VLOOKUP(QSW25,COTAÇÃO,8,0))))","v":"HORA"},0.5,{"$f":"IF(QSZ25=\"SINAPI\",VLOOKUP(QSW25,SINAPI,4,0),IF(QSZ25=\"SETOP\",VLOOKUP(QSW25,SETOP,5,0),IF(QSZ25=\"CPU\",VLOOKUP(QSW25,COMPOSIÇÃO,8,0),VLOOKUP(QSW25,COTAÇÃO,11,0))))","v":19.149999999999999},{"$f":"QTB25*QTC25","v":9.5749999999999993},"ED-50374",{"$f":"IF(QTH25=\"SINAPI\",VLOOKUP(QTE25,SINAPI,2,0),IF(QTH25=\"SETOP\",VLOOKUP(QTE25,SETOP,3,0),IF(QTH25=\"CPU\",VLOOKUP(QTE25,COMPOSIÇÃO,2,0),VLOOKUP(QTE25,COTAÇÃO,3,0))))","v":"BOMBEIRO/ENCANADOR COM ENCARGOS COMPLEMENTARES"},null,"SETOP",{"$f":"IF(QTH25=\"SINAPI\",VLOOKUP(QTE25,SINAPI,3,0),IF(QTH25=\"SETOP\",VLOOKUP(QTE25,SETOP,4,0),IF(QTH25=\"CPU\",VLOOKUP(QTE25,COMPOSIÇÃO,5,0),VLOOKUP(QTE25,COTAÇÃO,8,0))))","v":"HORA"},0.5,{"$f":"IF(QTH25=\"SINAPI\",VLOOKUP(QTE25,SINAPI,4,0),IF(QTH25=\"SETOP\",VLOOKUP(QTE25,SETOP,5,0),IF(QTH25=\"CPU\",VLOOKUP(QTE25,COMPOSIÇÃO,8,0),VLOOKUP(QTE25,COTAÇÃO,11,0))))","v":19.149999999999999},{"$f":"QTJ25*QTK25","v":9.5749999999999993},"ED-50374",{"$f":"IF(QTP25=\"SINAPI\",VLOOKUP(QTM25,SINAPI,2,0),IF(QTP25=\"SETOP\",VLOOKUP(QTM25,SETOP,3,0),IF(QTP25=\"CPU\",VLOOKUP(QTM25,COMPOSIÇÃO,2,0),VLOOKUP(QTM25,COTAÇÃO,3,0))))","v":"BOMBEIRO/ENCANADOR COM ENCARGOS COMPLEMENTARES"},null,"SETOP",{"$f":"IF(QTP25=\"SINAPI\",VLOOKUP(QTM25,SINAPI,3,0),IF(QTP25=\"SETOP\",VLOOKUP(QTM25,SETOP,4,0),IF(QTP25=\"CPU\",VLOOKUP(QTM25,COMPOSIÇÃO,5,0),VLOOKUP(QTM25,COTAÇÃO,8,0))))","v":"HORA"},0.5,{"$f":"IF(QTP25=\"SINAPI\",VLOOKUP(QTM25,SINAPI,4,0),IF(QTP25=\"SETOP\",VLOOKUP(QTM25,SETOP,5,0),IF(QTP25=\"CPU\",VLOOKUP(QTM25,COMPOSIÇÃO,8,0),VLOOKUP(QTM25,COTAÇÃO,11,0))))","v":19.149999999999999},{"$f":"QTR25*QTS25","v":9.5749999999999993},"ED-50374",{"$f":"IF(QTX25=\"SINAPI\",VLOOKUP(QTU25,SINAPI,2,0),IF(QTX25=\"SETOP\",VLOOKUP(QTU25,SETOP,3,0),IF(QTX25=\"CPU\",VLOOKUP(QTU25,COMPOSIÇÃO,2,0),VLOOKUP(QTU25,COTAÇÃO,3,0))))","v":"BOMBEIRO/ENCANADOR COM ENCARGOS COMPLEMENTARES"},null,"SETOP",{"$f":"IF(QTX25=\"SINAPI\",VLOOKUP(QTU25,SINAPI,3,0),IF(QTX25=\"SETOP\",VLOOKUP(QTU25,SETOP,4,0),IF(QTX25=\"CPU\",VLOOKUP(QTU25,COMPOSIÇÃO,5,0),VLOOKUP(QTU25,COTAÇÃO,8,0))))","v":"HORA"},0.5,{"$f":"IF(QTX25=\"SINAPI\",VLOOKUP(QTU25,SINAPI,4,0),IF(QTX25=\"SETOP\",VLOOKUP(QTU25,SETOP,5,0),IF(QTX25=\"CPU\",VLOOKUP(QTU25,COMPOSIÇÃO,8,0),VLOOKUP(QTU25,COTAÇÃO,11,0))))","v":19.149999999999999},{"$f":"QTZ25*QUA25","v":9.5749999999999993},"ED-50374",{"$f":"IF(QUF25=\"SINAPI\",VLOOKUP(QUC25,SINAPI,2,0),IF(QUF25=\"SETOP\",VLOOKUP(QUC25,SETOP,3,0),IF(QUF25=\"CPU\",VLOOKUP(QUC25,COMPOSIÇÃO,2,0),VLOOKUP(QUC25,COTAÇÃO,3,0))))","v":"BOMBEIRO/ENCANADOR COM ENCARGOS COMPLEMENTARES"},null,"SETOP",{"$f":"IF(QUF25=\"SINAPI\",VLOOKUP(QUC25,SINAPI,3,0),IF(QUF25=\"SETOP\",VLOOKUP(QUC25,SETOP,4,0),IF(QUF25=\"CPU\",VLOOKUP(QUC25,COMPOSIÇÃO,5,0),VLOOKUP(QUC25,COTAÇÃO,8,0))))","v":"HORA"},0.5,{"$f":"IF(QUF25=\"SINAPI\",VLOOKUP(QUC25,SINAPI,4,0),IF(QUF25=\"SETOP\",VLOOKUP(QUC25,SETOP,5,0),IF(QUF25=\"CPU\",VLOOKUP(QUC25,COMPOSIÇÃO,8,0),VLOOKUP(QUC25,COTAÇÃO,11,0))))","v":19.149999999999999},{"$f":"QUH25*QUI25","v":9.5749999999999993},"ED-50374",{"$f":"IF(QUN25=\"SINAPI\",VLOOKUP(QUK25,SINAPI,2,0),IF(QUN25=\"SETOP\",VLOOKUP(QUK25,SETOP,3,0),IF(QUN25=\"CPU\",VLOOKUP(QUK25,COMPOSIÇÃO,2,0),VLOOKUP(QUK25,COTAÇÃO,3,0))))","v":"BOMBEIRO/ENCANADOR COM ENCARGOS COMPLEMENTARES"},null,"SETOP",{"$f":"IF(QUN25=\"SINAPI\",VLOOKUP(QUK25,SINAPI,3,0),IF(QUN25=\"SETOP\",VLOOKUP(QUK25,SETOP,4,0),IF(QUN25=\"CPU\",VLOOKUP(QUK25,COMPOSIÇÃO,5,0),VLOOKUP(QUK25,COTAÇÃO,8,0))))","v":"HORA"},0.5,{"$f":"IF(QUN25=\"SINAPI\",VLOOKUP(QUK25,SINAPI,4,0),IF(QUN25=\"SETOP\",VLOOKUP(QUK25,SETOP,5,0),IF(QUN25=\"CPU\",VLOOKUP(QUK25,COMPOSIÇÃO,8,0),VLOOKUP(QUK25,COTAÇÃO,11,0))))","v":19.149999999999999},{"$f":"QUP25*QUQ25","v":9.5749999999999993},"ED-50374",{"$f":"IF(QUV25=\"SINAPI\",VLOOKUP(QUS25,SINAPI,2,0),IF(QUV25=\"SETOP\",VLOOKUP(QUS25,SETOP,3,0),IF(QUV25=\"CPU\",VLOOKUP(QUS25,COMPOSIÇÃO,2,0),VLOOKUP(QUS25,COTAÇÃO,3,0))))","v":"BOMBEIRO/ENCANADOR COM ENCARGOS COMPLEMENTARES"},null,"SETOP",{"$f":"IF(QUV25=\"SINAPI\",VLOOKUP(QUS25,SINAPI,3,0),IF(QUV25=\"SETOP\",VLOOKUP(QUS25,SETOP,4,0),IF(QUV25=\"CPU\",VLOOKUP(QUS25,COMPOSIÇÃO,5,0),VLOOKUP(QUS25,COTAÇÃO,8,0))))","v":"HORA"},0.5,{"$f":"IF(QUV25=\"SINAPI\",VLOOKUP(QUS25,SINAPI,4,0),IF(QUV25=\"SETOP\",VLOOKUP(QUS25,SETOP,5,0),IF(QUV25=\"CPU\",VLOOKUP(QUS25,COMPOSIÇÃO,8,0),VLOOKUP(QUS25,COTAÇÃO,11,0))))","v":19.149999999999999},{"$f":"QUX25*QUY25","v":9.5749999999999993},"ED-50374",{"$f":"IF(QVD25=\"SINAPI\",VLOOKUP(QVA25,SINAPI,2,0),IF(QVD25=\"SETOP\",VLOOKUP(QVA25,SETOP,3,0),IF(QVD25=\"CPU\",VLOOKUP(QVA25,COMPOSIÇÃO,2,0),VLOOKUP(QVA25,COTAÇÃO,3,0))))","v":"BOMBEIRO/ENCANADOR COM ENCARGOS COMPLEMENTARES"},null,"SETOP",{"$f":"IF(QVD25=\"SINAPI\",VLOOKUP(QVA25,SINAPI,3,0),IF(QVD25=\"SETOP\",VLOOKUP(QVA25,SETOP,4,0),IF(QVD25=\"CPU\",VLOOKUP(QVA25,COMPOSIÇÃO,5,0),VLOOKUP(QVA25,COTAÇÃO,8,0))))","v":"HORA"},0.5,{"$f":"IF(QVD25=\"SINAPI\",VLOOKUP(QVA25,SINAPI,4,0),IF(QVD25=\"SETOP\",VLOOKUP(QVA25,SETOP,5,0),IF(QVD25=\"CPU\",VLOOKUP(QVA25,COMPOSIÇÃO,8,0),VLOOKUP(QVA25,COTAÇÃO,11,0))))","v":19.149999999999999},{"$f":"QVF25*QVG25","v":9.5749999999999993},"ED-50374",{"$f":"IF(QVL25=\"SINAPI\",VLOOKUP(QVI25,SINAPI,2,0),IF(QVL25=\"SETOP\",VLOOKUP(QVI25,SETOP,3,0),IF(QVL25=\"CPU\",VLOOKUP(QVI25,COMPOSIÇÃO,2,0),VLOOKUP(QVI25,COTAÇÃO,3,0))))","v":"BOMBEIRO/ENCANADOR COM ENCARGOS COMPLEMENTARES"},null,"SETOP",{"$f":"IF(QVL25=\"SINAPI\",VLOOKUP(QVI25,SINAPI,3,0),IF(QVL25=\"SETOP\",VLOOKUP(QVI25,SETOP,4,0),IF(QVL25=\"CPU\",VLOOKUP(QVI25,COMPOSIÇÃO,5,0),VLOOKUP(QVI25,COTAÇÃO,8,0))))","v":"HORA"},0.5,{"$f":"IF(QVL25=\"SINAPI\",VLOOKUP(QVI25,SINAPI,4,0),IF(QVL25=\"SETOP\",VLOOKUP(QVI25,SETOP,5,0),IF(QVL25=\"CPU\",VLOOKUP(QVI25,COMPOSIÇÃO,8,0),VLOOKUP(QVI25,COTAÇÃO,11,0))))","v":19.149999999999999},{"$f":"QVN25*QVO25","v":9.5749999999999993},"ED-50374",{"$f":"IF(QVT25=\"SINAPI\",VLOOKUP(QVQ25,SINAPI,2,0),IF(QVT25=\"SETOP\",VLOOKUP(QVQ25,SETOP,3,0),IF(QVT25=\"CPU\",VLOOKUP(QVQ25,COMPOSIÇÃO,2,0),VLOOKUP(QVQ25,COTAÇÃO,3,0))))","v":"BOMBEIRO/ENCANADOR COM ENCARGOS COMPLEMENTARES"},null,"SETOP",{"$f":"IF(QVT25=\"SINAPI\",VLOOKUP(QVQ25,SINAPI,3,0),IF(QVT25=\"SETOP\",VLOOKUP(QVQ25,SETOP,4,0),IF(QVT25=\"CPU\",VLOOKUP(QVQ25,COMPOSIÇÃO,5,0),VLOOKUP(QVQ25,COTAÇÃO,8,0))))","v":"HORA"},0.5,{"$f":"IF(QVT25=\"SINAPI\",VLOOKUP(QVQ25,SINAPI,4,0),IF(QVT25=\"SETOP\",VLOOKUP(QVQ25,SETOP,5,0),IF(QVT25=\"CPU\",VLOOKUP(QVQ25,COMPOSIÇÃO,8,0),VLOOKUP(QVQ25,COTAÇÃO,11,0))))","v":19.149999999999999},{"$f":"QVV25*QVW25","v":9.5749999999999993},"ED-50374",{"$f":"IF(QWB25=\"SINAPI\",VLOOKUP(QVY25,SINAPI,2,0),IF(QWB25=\"SETOP\",VLOOKUP(QVY25,SETOP,3,0),IF(QWB25=\"CPU\",VLOOKUP(QVY25,COMPOSIÇÃO,2,0),VLOOKUP(QVY25,COTAÇÃO,3,0))))","v":"BOMBEIRO/ENCANADOR COM ENCARGOS COMPLEMENTARES"},null,"SETOP",{"$f":"IF(QWB25=\"SINAPI\",VLOOKUP(QVY25,SINAPI,3,0),IF(QWB25=\"SETOP\",VLOOKUP(QVY25,SETOP,4,0),IF(QWB25=\"CPU\",VLOOKUP(QVY25,COMPOSIÇÃO,5,0),VLOOKUP(QVY25,COTAÇÃO,8,0))))","v":"HORA"},0.5,{"$f":"IF(QWB25=\"SINAPI\",VLOOKUP(QVY25,SINAPI,4,0),IF(QWB25=\"SETOP\",VLOOKUP(QVY25,SETOP,5,0),IF(QWB25=\"CPU\",VLOOKUP(QVY25,COMPOSIÇÃO,8,0),VLOOKUP(QVY25,COTAÇÃO,11,0))))","v":19.149999999999999},{"$f":"QWD25*QWE25","v":9.5749999999999993},"ED-50374",{"$f":"IF(QWJ25=\"SINAPI\",VLOOKUP(QWG25,SINAPI,2,0),IF(QWJ25=\"SETOP\",VLOOKUP(QWG25,SETOP,3,0),IF(QWJ25=\"CPU\",VLOOKUP(QWG25,COMPOSIÇÃO,2,0),VLOOKUP(QWG25,COTAÇÃO,3,0))))","v":"BOMBEIRO/ENCANADOR COM ENCARGOS COMPLEMENTARES"},null,"SETOP",{"$f":"IF(QWJ25=\"SINAPI\",VLOOKUP(QWG25,SINAPI,3,0),IF(QWJ25=\"SETOP\",VLOOKUP(QWG25,SETOP,4,0),IF(QWJ25=\"CPU\",VLOOKUP(QWG25,COMPOSIÇÃO,5,0),VLOOKUP(QWG25,COTAÇÃO,8,0))))","v":"HORA"},0.5,{"$f":"IF(QWJ25=\"SINAPI\",VLOOKUP(QWG25,SINAPI,4,0),IF(QWJ25=\"SETOP\",VLOOKUP(QWG25,SETOP,5,0),IF(QWJ25=\"CPU\",VLOOKUP(QWG25,COMPOSIÇÃO,8,0),VLOOKUP(QWG25,COTAÇÃO,11,0))))","v":19.149999999999999},{"$f":"QWL25*QWM25","v":9.5749999999999993},"ED-50374",{"$f":"IF(QWR25=\"SINAPI\",VLOOKUP(QWO25,SINAPI,2,0),IF(QWR25=\"SETOP\",VLOOKUP(QWO25,SETOP,3,0),IF(QWR25=\"CPU\",VLOOKUP(QWO25,COMPOSIÇÃO,2,0),VLOOKUP(QWO25,COTAÇÃO,3,0))))","v":"BOMBEIRO/ENCANADOR COM ENCARGOS COMPLEMENTARES"},null,"SETOP",{"$f":"IF(QWR25=\"SINAPI\",VLOOKUP(QWO25,SINAPI,3,0),IF(QWR25=\"SETOP\",VLOOKUP(QWO25,SETOP,4,0),IF(QWR25=\"CPU\",VLOOKUP(QWO25,COMPOSIÇÃO,5,0),VLOOKUP(QWO25,COTAÇÃO,8,0))))","v":"HORA"},0.5,{"$f":"IF(QWR25=\"SINAPI\",VLOOKUP(QWO25,SINAPI,4,0),IF(QWR25=\"SETOP\",VLOOKUP(QWO25,SETOP,5,0),IF(QWR25=\"CPU\",VLOOKUP(QWO25,COMPOSIÇÃO,8,0),VLOOKUP(QWO25,COTAÇÃO,11,0))))","v":19.149999999999999},{"$f":"QWT25*QWU25","v":9.5749999999999993},"ED-50374",{"$f":"IF(QWZ25=\"SINAPI\",VLOOKUP(QWW25,SINAPI,2,0),IF(QWZ25=\"SETOP\",VLOOKUP(QWW25,SETOP,3,0),IF(QWZ25=\"CPU\",VLOOKUP(QWW25,COMPOSIÇÃO,2,0),VLOOKUP(QWW25,COTAÇÃO,3,0))))","v":"BOMBEIRO/ENCANADOR COM ENCARGOS COMPLEMENTARES"},null,"SETOP",{"$f":"IF(QWZ25=\"SINAPI\",VLOOKUP(QWW25,SINAPI,3,0),IF(QWZ25=\"SETOP\",VLOOKUP(QWW25,SETOP,4,0),IF(QWZ25=\"CPU\",VLOOKUP(QWW25,COMPOSIÇÃO,5,0),VLOOKUP(QWW25,COTAÇÃO,8,0))))","v":"HORA"},0.5,{"$f":"IF(QWZ25=\"SINAPI\",VLOOKUP(QWW25,SINAPI,4,0),IF(QWZ25=\"SETOP\",VLOOKUP(QWW25,SETOP,5,0),IF(QWZ25=\"CPU\",VLOOKUP(QWW25,COMPOSIÇÃO,8,0),VLOOKUP(QWW25,COTAÇÃO,11,0))))","v":19.149999999999999},{"$f":"QXB25*QXC25","v":9.5749999999999993},"ED-50374",{"$f":"IF(QXH25=\"SINAPI\",VLOOKUP(QXE25,SINAPI,2,0),IF(QXH25=\"SETOP\",VLOOKUP(QXE25,SETOP,3,0),IF(QXH25=\"CPU\",VLOOKUP(QXE25,COMPOSIÇÃO,2,0),VLOOKUP(QXE25,COTAÇÃO,3,0))))","v":"BOMBEIRO/ENCANADOR COM ENCARGOS COMPLEMENTARES"},null,"SETOP",{"$f":"IF(QXH25=\"SINAPI\",VLOOKUP(QXE25,SINAPI,3,0),IF(QXH25=\"SETOP\",VLOOKUP(QXE25,SETOP,4,0),IF(QXH25=\"CPU\",VLOOKUP(QXE25,COMPOSIÇÃO,5,0),VLOOKUP(QXE25,COTAÇÃO,8,0))))","v":"HORA"},0.5,{"$f":"IF(QXH25=\"SINAPI\",VLOOKUP(QXE25,SINAPI,4,0),IF(QXH25=\"SETOP\",VLOOKUP(QXE25,SETOP,5,0),IF(QXH25=\"CPU\",VLOOKUP(QXE25,COMPOSIÇÃO,8,0),VLOOKUP(QXE25,COTAÇÃO,11,0))))","v":19.149999999999999},{"$f":"QXJ25*QXK25","v":9.5749999999999993},"ED-50374",{"$f":"IF(QXP25=\"SINAPI\",VLOOKUP(QXM25,SINAPI,2,0),IF(QXP25=\"SETOP\",VLOOKUP(QXM25,SETOP,3,0),IF(QXP25=\"CPU\",VLOOKUP(QXM25,COMPOSIÇÃO,2,0),VLOOKUP(QXM25,COTAÇÃO,3,0))))","v":"BOMBEIRO/ENCANADOR COM ENCARGOS COMPLEMENTARES"},null,"SETOP",{"$f":"IF(QXP25=\"SINAPI\",VLOOKUP(QXM25,SINAPI,3,0),IF(QXP25=\"SETOP\",VLOOKUP(QXM25,SETOP,4,0),IF(QXP25=\"CPU\",VLOOKUP(QXM25,COMPOSIÇÃO,5,0),VLOOKUP(QXM25,COTAÇÃO,8,0))))","v":"HORA"},0.5,{"$f":"IF(QXP25=\"SINAPI\",VLOOKUP(QXM25,SINAPI,4,0),IF(QXP25=\"SETOP\",VLOOKUP(QXM25,SETOP,5,0),IF(QXP25=\"CPU\",VLOOKUP(QXM25,COMPOSIÇÃO,8,0),VLOOKUP(QXM25,COTAÇÃO,11,0))))","v":19.149999999999999},{"$f":"QXR25*QXS25","v":9.5749999999999993},"ED-50374",{"$f":"IF(QXX25=\"SINAPI\",VLOOKUP(QXU25,SINAPI,2,0),IF(QXX25=\"SETOP\",VLOOKUP(QXU25,SETOP,3,0),IF(QXX25=\"CPU\",VLOOKUP(QXU25,COMPOSIÇÃO,2,0),VLOOKUP(QXU25,COTAÇÃO,3,0))))","v":"BOMBEIRO/ENCANADOR COM ENCARGOS COMPLEMENTARES"},null,"SETOP",{"$f":"IF(QXX25=\"SINAPI\",VLOOKUP(QXU25,SINAPI,3,0),IF(QXX25=\"SETOP\",VLOOKUP(QXU25,SETOP,4,0),IF(QXX25=\"CPU\",VLOOKUP(QXU25,COMPOSIÇÃO,5,0),VLOOKUP(QXU25,COTAÇÃO,8,0))))","v":"HORA"},0.5,{"$f":"IF(QXX25=\"SINAPI\",VLOOKUP(QXU25,SINAPI,4,0),IF(QXX25=\"SETOP\",VLOOKUP(QXU25,SETOP,5,0),IF(QXX25=\"CPU\",VLOOKUP(QXU25,COMPOSIÇÃO,8,0),VLOOKUP(QXU25,COTAÇÃO,11,0))))","v":19.149999999999999},{"$f":"QXZ25*QYA25","v":9.5749999999999993},"ED-50374",{"$f":"IF(QYF25=\"SINAPI\",VLOOKUP(QYC25,SINAPI,2,0),IF(QYF25=\"SETOP\",VLOOKUP(QYC25,SETOP,3,0),IF(QYF25=\"CPU\",VLOOKUP(QYC25,COMPOSIÇÃO,2,0),VLOOKUP(QYC25,COTAÇÃO,3,0))))","v":"BOMBEIRO/ENCANADOR COM ENCARGOS COMPLEMENTARES"},null,"SETOP",{"$f":"IF(QYF25=\"SINAPI\",VLOOKUP(QYC25,SINAPI,3,0),IF(QYF25=\"SETOP\",VLOOKUP(QYC25,SETOP,4,0),IF(QYF25=\"CPU\",VLOOKUP(QYC25,COMPOSIÇÃO,5,0),VLOOKUP(QYC25,COTAÇÃO,8,0))))","v":"HORA"},0.5,{"$f":"IF(QYF25=\"SINAPI\",VLOOKUP(QYC25,SINAPI,4,0),IF(QYF25=\"SETOP\",VLOOKUP(QYC25,SETOP,5,0),IF(QYF25=\"CPU\",VLOOKUP(QYC25,COMPOSIÇÃO,8,0),VLOOKUP(QYC25,COTAÇÃO,11,0))))","v":19.149999999999999},{"$f":"QYH25*QYI25","v":9.5749999999999993},"ED-50374",{"$f":"IF(QYN25=\"SINAPI\",VLOOKUP(QYK25,SINAPI,2,0),IF(QYN25=\"SETOP\",VLOOKUP(QYK25,SETOP,3,0),IF(QYN25=\"CPU\",VLOOKUP(QYK25,COMPOSIÇÃO,2,0),VLOOKUP(QYK25,COTAÇÃO,3,0))))","v":"BOMBEIRO/ENCANADOR COM ENCARGOS COMPLEMENTARES"},null,"SETOP",{"$f":"IF(QYN25=\"SINAPI\",VLOOKUP(QYK25,SINAPI,3,0),IF(QYN25=\"SETOP\",VLOOKUP(QYK25,SETOP,4,0),IF(QYN25=\"CPU\",VLOOKUP(QYK25,COMPOSIÇÃO,5,0),VLOOKUP(QYK25,COTAÇÃO,8,0))))","v":"HORA"},0.5,{"$f":"IF(QYN25=\"SINAPI\",VLOOKUP(QYK25,SINAPI,4,0),IF(QYN25=\"SETOP\",VLOOKUP(QYK25,SETOP,5,0),IF(QYN25=\"CPU\",VLOOKUP(QYK25,COMPOSIÇÃO,8,0),VLOOKUP(QYK25,COTAÇÃO,11,0))))","v":19.149999999999999},{"$f":"QYP25*QYQ25","v":9.5749999999999993},"ED-50374",{"$f":"IF(QYV25=\"SINAPI\",VLOOKUP(QYS25,SINAPI,2,0),IF(QYV25=\"SETOP\",VLOOKUP(QYS25,SETOP,3,0),IF(QYV25=\"CPU\",VLOOKUP(QYS25,COMPOSIÇÃO,2,0),VLOOKUP(QYS25,COTAÇÃO,3,0))))","v":"BOMBEIRO/ENCANADOR COM ENCARGOS COMPLEMENTARES"},null,"SETOP",{"$f":"IF(QYV25=\"SINAPI\",VLOOKUP(QYS25,SINAPI,3,0),IF(QYV25=\"SETOP\",VLOOKUP(QYS25,SETOP,4,0),IF(QYV25=\"CPU\",VLOOKUP(QYS25,COMPOSIÇÃO,5,0),VLOOKUP(QYS25,COTAÇÃO,8,0))))","v":"HORA"},0.5,{"$f":"IF(QYV25=\"SINAPI\",VLOOKUP(QYS25,SINAPI,4,0),IF(QYV25=\"SETOP\",VLOOKUP(QYS25,SETOP,5,0),IF(QYV25=\"CPU\",VLOOKUP(QYS25,COMPOSIÇÃO,8,0),VLOOKUP(QYS25,COTAÇÃO,11,0))))","v":19.149999999999999},{"$f":"QYX25*QYY25","v":9.5749999999999993},"ED-50374",{"$f":"IF(QZD25=\"SINAPI\",VLOOKUP(QZA25,SINAPI,2,0),IF(QZD25=\"SETOP\",VLOOKUP(QZA25,SETOP,3,0),IF(QZD25=\"CPU\",VLOOKUP(QZA25,COMPOSIÇÃO,2,0),VLOOKUP(QZA25,COTAÇÃO,3,0))))","v":"BOMBEIRO/ENCANADOR COM ENCARGOS COMPLEMENTARES"},null,"SETOP",{"$f":"IF(QZD25=\"SINAPI\",VLOOKUP(QZA25,SINAPI,3,0),IF(QZD25=\"SETOP\",VLOOKUP(QZA25,SETOP,4,0),IF(QZD25=\"CPU\",VLOOKUP(QZA25,COMPOSIÇÃO,5,0),VLOOKUP(QZA25,COTAÇÃO,8,0))))","v":"HORA"},0.5,{"$f":"IF(QZD25=\"SINAPI\",VLOOKUP(QZA25,SINAPI,4,0),IF(QZD25=\"SETOP\",VLOOKUP(QZA25,SETOP,5,0),IF(QZD25=\"CPU\",VLOOKUP(QZA25,COMPOSIÇÃO,8,0),VLOOKUP(QZA25,COTAÇÃO,11,0))))","v":19.149999999999999},{"$f":"QZF25*QZG25","v":9.5749999999999993},"ED-50374",{"$f":"IF(QZL25=\"SINAPI\",VLOOKUP(QZI25,SINAPI,2,0),IF(QZL25=\"SETOP\",VLOOKUP(QZI25,SETOP,3,0),IF(QZL25=\"CPU\",VLOOKUP(QZI25,COMPOSIÇÃO,2,0),VLOOKUP(QZI25,COTAÇÃO,3,0))))","v":"BOMBEIRO/ENCANADOR COM ENCARGOS COMPLEMENTARES"},null,"SETOP",{"$f":"IF(QZL25=\"SINAPI\",VLOOKUP(QZI25,SINAPI,3,0),IF(QZL25=\"SETOP\",VLOOKUP(QZI25,SETOP,4,0),IF(QZL25=\"CPU\",VLOOKUP(QZI25,COMPOSIÇÃO,5,0),VLOOKUP(QZI25,COTAÇÃO,8,0))))","v":"HORA"},0.5,{"$f":"IF(QZL25=\"SINAPI\",VLOOKUP(QZI25,SINAPI,4,0),IF(QZL25=\"SETOP\",VLOOKUP(QZI25,SETOP,5,0),IF(QZL25=\"CPU\",VLOOKUP(QZI25,COMPOSIÇÃO,8,0),VLOOKUP(QZI25,COTAÇÃO,11,0))))","v":19.149999999999999},{"$f":"QZN25*QZO25","v":9.5749999999999993},"ED-50374",{"$f":"IF(QZT25=\"SINAPI\",VLOOKUP(QZQ25,SINAPI,2,0),IF(QZT25=\"SETOP\",VLOOKUP(QZQ25,SETOP,3,0),IF(QZT25=\"CPU\",VLOOKUP(QZQ25,COMPOSIÇÃO,2,0),VLOOKUP(QZQ25,COTAÇÃO,3,0))))","v":"BOMBEIRO/ENCANADOR COM ENCARGOS COMPLEMENTARES"},null,"SETOP",{"$f":"IF(QZT25=\"SINAPI\",VLOOKUP(QZQ25,SINAPI,3,0),IF(QZT25=\"SETOP\",VLOOKUP(QZQ25,SETOP,4,0),IF(QZT25=\"CPU\",VLOOKUP(QZQ25,COMPOSIÇÃO,5,0),VLOOKUP(QZQ25,COTAÇÃO,8,0))))","v":"HORA"},0.5,{"$f":"IF(QZT25=\"SINAPI\",VLOOKUP(QZQ25,SINAPI,4,0),IF(QZT25=\"SETOP\",VLOOKUP(QZQ25,SETOP,5,0),IF(QZT25=\"CPU\",VLOOKUP(QZQ25,COMPOSIÇÃO,8,0),VLOOKUP(QZQ25,COTAÇÃO,11,0))))","v":19.149999999999999},{"$f":"QZV25*QZW25","v":9.5749999999999993},"ED-50374",{"$f":"IF(RAB25=\"SINAPI\",VLOOKUP(QZY25,SINAPI,2,0),IF(RAB25=\"SETOP\",VLOOKUP(QZY25,SETOP,3,0),IF(RAB25=\"CPU\",VLOOKUP(QZY25,COMPOSIÇÃO,2,0),VLOOKUP(QZY25,COTAÇÃO,3,0))))","v":"BOMBEIRO/ENCANADOR COM ENCARGOS COMPLEMENTARES"},null,"SETOP",{"$f":"IF(RAB25=\"SINAPI\",VLOOKUP(QZY25,SINAPI,3,0),IF(RAB25=\"SETOP\",VLOOKUP(QZY25,SETOP,4,0),IF(RAB25=\"CPU\",VLOOKUP(QZY25,COMPOSIÇÃO,5,0),VLOOKUP(QZY25,COTAÇÃO,8,0))))","v":"HORA"},0.5,{"$f":"IF(RAB25=\"SINAPI\",VLOOKUP(QZY25,SINAPI,4,0),IF(RAB25=\"SETOP\",VLOOKUP(QZY25,SETOP,5,0),IF(RAB25=\"CPU\",VLOOKUP(QZY25,COMPOSIÇÃO,8,0),VLOOKUP(QZY25,COTAÇÃO,11,0))))","v":19.149999999999999},{"$f":"RAD25*RAE25","v":9.5749999999999993},"ED-50374",{"$f":"IF(RAJ25=\"SINAPI\",VLOOKUP(RAG25,SINAPI,2,0),IF(RAJ25=\"SETOP\",VLOOKUP(RAG25,SETOP,3,0),IF(RAJ25=\"CPU\",VLOOKUP(RAG25,COMPOSIÇÃO,2,0),VLOOKUP(RAG25,COTAÇÃO,3,0))))","v":"BOMBEIRO/ENCANADOR COM ENCARGOS COMPLEMENTARES"},null,"SETOP",{"$f":"IF(RAJ25=\"SINAPI\",VLOOKUP(RAG25,SINAPI,3,0),IF(RAJ25=\"SETOP\",VLOOKUP(RAG25,SETOP,4,0),IF(RAJ25=\"CPU\",VLOOKUP(RAG25,COMPOSIÇÃO,5,0),VLOOKUP(RAG25,COTAÇÃO,8,0))))","v":"HORA"},0.5,{"$f":"IF(RAJ25=\"SINAPI\",VLOOKUP(RAG25,SINAPI,4,0),IF(RAJ25=\"SETOP\",VLOOKUP(RAG25,SETOP,5,0),IF(RAJ25=\"CPU\",VLOOKUP(RAG25,COMPOSIÇÃO,8,0),VLOOKUP(RAG25,COTAÇÃO,11,0))))","v":19.149999999999999},{"$f":"RAL25*RAM25","v":9.5749999999999993},"ED-50374",{"$f":"IF(RAR25=\"SINAPI\",VLOOKUP(RAO25,SINAPI,2,0),IF(RAR25=\"SETOP\",VLOOKUP(RAO25,SETOP,3,0),IF(RAR25=\"CPU\",VLOOKUP(RAO25,COMPOSIÇÃO,2,0),VLOOKUP(RAO25,COTAÇÃO,3,0))))","v":"BOMBEIRO/ENCANADOR COM ENCARGOS COMPLEMENTARES"},null,"SETOP",{"$f":"IF(RAR25=\"SINAPI\",VLOOKUP(RAO25,SINAPI,3,0),IF(RAR25=\"SETOP\",VLOOKUP(RAO25,SETOP,4,0),IF(RAR25=\"CPU\",VLOOKUP(RAO25,COMPOSIÇÃO,5,0),VLOOKUP(RAO25,COTAÇÃO,8,0))))","v":"HORA"},0.5,{"$f":"IF(RAR25=\"SINAPI\",VLOOKUP(RAO25,SINAPI,4,0),IF(RAR25=\"SETOP\",VLOOKUP(RAO25,SETOP,5,0),IF(RAR25=\"CPU\",VLOOKUP(RAO25,COMPOSIÇÃO,8,0),VLOOKUP(RAO25,COTAÇÃO,11,0))))","v":19.149999999999999},{"$f":"RAT25*RAU25","v":9.5749999999999993},"ED-50374",{"$f":"IF(RAZ25=\"SINAPI\",VLOOKUP(RAW25,SINAPI,2,0),IF(RAZ25=\"SETOP\",VLOOKUP(RAW25,SETOP,3,0),IF(RAZ25=\"CPU\",VLOOKUP(RAW25,COMPOSIÇÃO,2,0),VLOOKUP(RAW25,COTAÇÃO,3,0))))","v":"BOMBEIRO/ENCANADOR COM ENCARGOS COMPLEMENTARES"},null,"SETOP",{"$f":"IF(RAZ25=\"SINAPI\",VLOOKUP(RAW25,SINAPI,3,0),IF(RAZ25=\"SETOP\",VLOOKUP(RAW25,SETOP,4,0),IF(RAZ25=\"CPU\",VLOOKUP(RAW25,COMPOSIÇÃO,5,0),VLOOKUP(RAW25,COTAÇÃO,8,0))))","v":"HORA"},0.5,{"$f":"IF(RAZ25=\"SINAPI\",VLOOKUP(RAW25,SINAPI,4,0),IF(RAZ25=\"SETOP\",VLOOKUP(RAW25,SETOP,5,0),IF(RAZ25=\"CPU\",VLOOKUP(RAW25,COMPOSIÇÃO,8,0),VLOOKUP(RAW25,COTAÇÃO,11,0))))","v":19.149999999999999},{"$f":"RBB25*RBC25","v":9.5749999999999993},"ED-50374",{"$f":"IF(RBH25=\"SINAPI\",VLOOKUP(RBE25,SINAPI,2,0),IF(RBH25=\"SETOP\",VLOOKUP(RBE25,SETOP,3,0),IF(RBH25=\"CPU\",VLOOKUP(RBE25,COMPOSIÇÃO,2,0),VLOOKUP(RBE25,COTAÇÃO,3,0))))","v":"BOMBEIRO/ENCANADOR COM ENCARGOS COMPLEMENTARES"},null,"SETOP",{"$f":"IF(RBH25=\"SINAPI\",VLOOKUP(RBE25,SINAPI,3,0),IF(RBH25=\"SETOP\",VLOOKUP(RBE25,SETOP,4,0),IF(RBH25=\"CPU\",VLOOKUP(RBE25,COMPOSIÇÃO,5,0),VLOOKUP(RBE25,COTAÇÃO,8,0))))","v":"HORA"},0.5,{"$f":"IF(RBH25=\"SINAPI\",VLOOKUP(RBE25,SINAPI,4,0),IF(RBH25=\"SETOP\",VLOOKUP(RBE25,SETOP,5,0),IF(RBH25=\"CPU\",VLOOKUP(RBE25,COMPOSIÇÃO,8,0),VLOOKUP(RBE25,COTAÇÃO,11,0))))","v":19.149999999999999},{"$f":"RBJ25*RBK25","v":9.5749999999999993},"ED-50374",{"$f":"IF(RBP25=\"SINAPI\",VLOOKUP(RBM25,SINAPI,2,0),IF(RBP25=\"SETOP\",VLOOKUP(RBM25,SETOP,3,0),IF(RBP25=\"CPU\",VLOOKUP(RBM25,COMPOSIÇÃO,2,0),VLOOKUP(RBM25,COTAÇÃO,3,0))))","v":"BOMBEIRO/ENCANADOR COM ENCARGOS COMPLEMENTARES"},null,"SETOP",{"$f":"IF(RBP25=\"SINAPI\",VLOOKUP(RBM25,SINAPI,3,0),IF(RBP25=\"SETOP\",VLOOKUP(RBM25,SETOP,4,0),IF(RBP25=\"CPU\",VLOOKUP(RBM25,COMPOSIÇÃO,5,0),VLOOKUP(RBM25,COTAÇÃO,8,0))))","v":"HORA"},0.5,{"$f":"IF(RBP25=\"SINAPI\",VLOOKUP(RBM25,SINAPI,4,0),IF(RBP25=\"SETOP\",VLOOKUP(RBM25,SETOP,5,0),IF(RBP25=\"CPU\",VLOOKUP(RBM25,COMPOSIÇÃO,8,0),VLOOKUP(RBM25,COTAÇÃO,11,0))))","v":19.149999999999999},{"$f":"RBR25*RBS25","v":9.5749999999999993},"ED-50374",{"$f":"IF(RBX25=\"SINAPI\",VLOOKUP(RBU25,SINAPI,2,0),IF(RBX25=\"SETOP\",VLOOKUP(RBU25,SETOP,3,0),IF(RBX25=\"CPU\",VLOOKUP(RBU25,COMPOSIÇÃO,2,0),VLOOKUP(RBU25,COTAÇÃO,3,0))))","v":"BOMBEIRO/ENCANADOR COM ENCARGOS COMPLEMENTARES"},null,"SETOP",{"$f":"IF(RBX25=\"SINAPI\",VLOOKUP(RBU25,SINAPI,3,0),IF(RBX25=\"SETOP\",VLOOKUP(RBU25,SETOP,4,0),IF(RBX25=\"CPU\",VLOOKUP(RBU25,COMPOSIÇÃO,5,0),VLOOKUP(RBU25,COTAÇÃO,8,0))))","v":"HORA"},0.5,{"$f":"IF(RBX25=\"SINAPI\",VLOOKUP(RBU25,SINAPI,4,0),IF(RBX25=\"SETOP\",VLOOKUP(RBU25,SETOP,5,0),IF(RBX25=\"CPU\",VLOOKUP(RBU25,COMPOSIÇÃO,8,0),VLOOKUP(RBU25,COTAÇÃO,11,0))))","v":19.149999999999999},{"$f":"RBZ25*RCA25","v":9.5749999999999993},"ED-50374",{"$f":"IF(RCF25=\"SINAPI\",VLOOKUP(RCC25,SINAPI,2,0),IF(RCF25=\"SETOP\",VLOOKUP(RCC25,SETOP,3,0),IF(RCF25=\"CPU\",VLOOKUP(RCC25,COMPOSIÇÃO,2,0),VLOOKUP(RCC25,COTAÇÃO,3,0))))","v":"BOMBEIRO/ENCANADOR COM ENCARGOS COMPLEMENTARES"},null,"SETOP",{"$f":"IF(RCF25=\"SINAPI\",VLOOKUP(RCC25,SINAPI,3,0),IF(RCF25=\"SETOP\",VLOOKUP(RCC25,SETOP,4,0),IF(RCF25=\"CPU\",VLOOKUP(RCC25,COMPOSIÇÃO,5,0),VLOOKUP(RCC25,COTAÇÃO,8,0))))","v":"HORA"},0.5,{"$f":"IF(RCF25=\"SINAPI\",VLOOKUP(RCC25,SINAPI,4,0),IF(RCF25=\"SETOP\",VLOOKUP(RCC25,SETOP,5,0),IF(RCF25=\"CPU\",VLOOKUP(RCC25,COMPOSIÇÃO,8,0),VLOOKUP(RCC25,COTAÇÃO,11,0))))","v":19.149999999999999},{"$f":"RCH25*RCI25","v":9.5749999999999993},"ED-50374",{"$f":"IF(RCN25=\"SINAPI\",VLOOKUP(RCK25,SINAPI,2,0),IF(RCN25=\"SETOP\",VLOOKUP(RCK25,SETOP,3,0),IF(RCN25=\"CPU\",VLOOKUP(RCK25,COMPOSIÇÃO,2,0),VLOOKUP(RCK25,COTAÇÃO,3,0))))","v":"BOMBEIRO/ENCANADOR COM ENCARGOS COMPLEMENTARES"},null,"SETOP",{"$f":"IF(RCN25=\"SINAPI\",VLOOKUP(RCK25,SINAPI,3,0),IF(RCN25=\"SETOP\",VLOOKUP(RCK25,SETOP,4,0),IF(RCN25=\"CPU\",VLOOKUP(RCK25,COMPOSIÇÃO,5,0),VLOOKUP(RCK25,COTAÇÃO,8,0))))","v":"HORA"},0.5,{"$f":"IF(RCN25=\"SINAPI\",VLOOKUP(RCK25,SINAPI,4,0),IF(RCN25=\"SETOP\",VLOOKUP(RCK25,SETOP,5,0),IF(RCN25=\"CPU\",VLOOKUP(RCK25,COMPOSIÇÃO,8,0),VLOOKUP(RCK25,COTAÇÃO,11,0))))","v":19.149999999999999},{"$f":"RCP25*RCQ25","v":9.5749999999999993},"ED-50374",{"$f":"IF(RCV25=\"SINAPI\",VLOOKUP(RCS25,SINAPI,2,0),IF(RCV25=\"SETOP\",VLOOKUP(RCS25,SETOP,3,0),IF(RCV25=\"CPU\",VLOOKUP(RCS25,COMPOSIÇÃO,2,0),VLOOKUP(RCS25,COTAÇÃO,3,0))))","v":"BOMBEIRO/ENCANADOR COM ENCARGOS COMPLEMENTARES"},null,"SETOP",{"$f":"IF(RCV25=\"SINAPI\",VLOOKUP(RCS25,SINAPI,3,0),IF(RCV25=\"SETOP\",VLOOKUP(RCS25,SETOP,4,0),IF(RCV25=\"CPU\",VLOOKUP(RCS25,COMPOSIÇÃO,5,0),VLOOKUP(RCS25,COTAÇÃO,8,0))))","v":"HORA"},0.5,{"$f":"IF(RCV25=\"SINAPI\",VLOOKUP(RCS25,SINAPI,4,0),IF(RCV25=\"SETOP\",VLOOKUP(RCS25,SETOP,5,0),IF(RCV25=\"CPU\",VLOOKUP(RCS25,COMPOSIÇÃO,8,0),VLOOKUP(RCS25,COTAÇÃO,11,0))))","v":19.149999999999999},{"$f":"RCX25*RCY25","v":9.5749999999999993},"ED-50374",{"$f":"IF(RDD25=\"SINAPI\",VLOOKUP(RDA25,SINAPI,2,0),IF(RDD25=\"SETOP\",VLOOKUP(RDA25,SETOP,3,0),IF(RDD25=\"CPU\",VLOOKUP(RDA25,COMPOSIÇÃO,2,0),VLOOKUP(RDA25,COTAÇÃO,3,0))))","v":"BOMBEIRO/ENCANADOR COM ENCARGOS COMPLEMENTARES"},null,"SETOP",{"$f":"IF(RDD25=\"SINAPI\",VLOOKUP(RDA25,SINAPI,3,0),IF(RDD25=\"SETOP\",VLOOKUP(RDA25,SETOP,4,0),IF(RDD25=\"CPU\",VLOOKUP(RDA25,COMPOSIÇÃO,5,0),VLOOKUP(RDA25,COTAÇÃO,8,0))))","v":"HORA"},0.5,{"$f":"IF(RDD25=\"SINAPI\",VLOOKUP(RDA25,SINAPI,4,0),IF(RDD25=\"SETOP\",VLOOKUP(RDA25,SETOP,5,0),IF(RDD25=\"CPU\",VLOOKUP(RDA25,COMPOSIÇÃO,8,0),VLOOKUP(RDA25,COTAÇÃO,11,0))))","v":19.149999999999999},{"$f":"RDF25*RDG25","v":9.5749999999999993},"ED-50374",{"$f":"IF(RDL25=\"SINAPI\",VLOOKUP(RDI25,SINAPI,2,0),IF(RDL25=\"SETOP\",VLOOKUP(RDI25,SETOP,3,0),IF(RDL25=\"CPU\",VLOOKUP(RDI25,COMPOSIÇÃO,2,0),VLOOKUP(RDI25,COTAÇÃO,3,0))))","v":"BOMBEIRO/ENCANADOR COM ENCARGOS COMPLEMENTARES"},null,"SETOP",{"$f":"IF(RDL25=\"SINAPI\",VLOOKUP(RDI25,SINAPI,3,0),IF(RDL25=\"SETOP\",VLOOKUP(RDI25,SETOP,4,0),IF(RDL25=\"CPU\",VLOOKUP(RDI25,COMPOSIÇÃO,5,0),VLOOKUP(RDI25,COTAÇÃO,8,0))))","v":"HORA"},0.5,{"$f":"IF(RDL25=\"SINAPI\",VLOOKUP(RDI25,SINAPI,4,0),IF(RDL25=\"SETOP\",VLOOKUP(RDI25,SETOP,5,0),IF(RDL25=\"CPU\",VLOOKUP(RDI25,COMPOSIÇÃO,8,0),VLOOKUP(RDI25,COTAÇÃO,11,0))))","v":19.149999999999999},{"$f":"RDN25*RDO25","v":9.5749999999999993},"ED-50374",{"$f":"IF(RDT25=\"SINAPI\",VLOOKUP(RDQ25,SINAPI,2,0),IF(RDT25=\"SETOP\",VLOOKUP(RDQ25,SETOP,3,0),IF(RDT25=\"CPU\",VLOOKUP(RDQ25,COMPOSIÇÃO,2,0),VLOOKUP(RDQ25,COTAÇÃO,3,0))))","v":"BOMBEIRO/ENCANADOR COM ENCARGOS COMPLEMENTARES"},null,"SETOP",{"$f":"IF(RDT25=\"SINAPI\",VLOOKUP(RDQ25,SINAPI,3,0),IF(RDT25=\"SETOP\",VLOOKUP(RDQ25,SETOP,4,0),IF(RDT25=\"CPU\",VLOOKUP(RDQ25,COMPOSIÇÃO,5,0),VLOOKUP(RDQ25,COTAÇÃO,8,0))))","v":"HORA"},0.5,{"$f":"IF(RDT25=\"SINAPI\",VLOOKUP(RDQ25,SINAPI,4,0),IF(RDT25=\"SETOP\",VLOOKUP(RDQ25,SETOP,5,0),IF(RDT25=\"CPU\",VLOOKUP(RDQ25,COMPOSIÇÃO,8,0),VLOOKUP(RDQ25,COTAÇÃO,11,0))))","v":19.149999999999999},{"$f":"RDV25*RDW25","v":9.5749999999999993},"ED-50374",{"$f":"IF(REB25=\"SINAPI\",VLOOKUP(RDY25,SINAPI,2,0),IF(REB25=\"SETOP\",VLOOKUP(RDY25,SETOP,3,0),IF(REB25=\"CPU\",VLOOKUP(RDY25,COMPOSIÇÃO,2,0),VLOOKUP(RDY25,COTAÇÃO,3,0))))","v":"BOMBEIRO/ENCANADOR COM ENCARGOS COMPLEMENTARES"},null,"SETOP",{"$f":"IF(REB25=\"SINAPI\",VLOOKUP(RDY25,SINAPI,3,0),IF(REB25=\"SETOP\",VLOOKUP(RDY25,SETOP,4,0),IF(REB25=\"CPU\",VLOOKUP(RDY25,COMPOSIÇÃO,5,0),VLOOKUP(RDY25,COTAÇÃO,8,0))))","v":"HORA"},0.5,{"$f":"IF(REB25=\"SINAPI\",VLOOKUP(RDY25,SINAPI,4,0),IF(REB25=\"SETOP\",VLOOKUP(RDY25,SETOP,5,0),IF(REB25=\"CPU\",VLOOKUP(RDY25,COMPOSIÇÃO,8,0),VLOOKUP(RDY25,COTAÇÃO,11,0))))","v":19.149999999999999},{"$f":"RED25*REE25","v":9.5749999999999993},"ED-50374",{"$f":"IF(REJ25=\"SINAPI\",VLOOKUP(REG25,SINAPI,2,0),IF(REJ25=\"SETOP\",VLOOKUP(REG25,SETOP,3,0),IF(REJ25=\"CPU\",VLOOKUP(REG25,COMPOSIÇÃO,2,0),VLOOKUP(REG25,COTAÇÃO,3,0))))","v":"BOMBEIRO/ENCANADOR COM ENCARGOS COMPLEMENTARES"},null,"SETOP",{"$f":"IF(REJ25=\"SINAPI\",VLOOKUP(REG25,SINAPI,3,0),IF(REJ25=\"SETOP\",VLOOKUP(REG25,SETOP,4,0),IF(REJ25=\"CPU\",VLOOKUP(REG25,COMPOSIÇÃO,5,0),VLOOKUP(REG25,COTAÇÃO,8,0))))","v":"HORA"},0.5,{"$f":"IF(REJ25=\"SINAPI\",VLOOKUP(REG25,SINAPI,4,0),IF(REJ25=\"SETOP\",VLOOKUP(REG25,SETOP,5,0),IF(REJ25=\"CPU\",VLOOKUP(REG25,COMPOSIÇÃO,8,0),VLOOKUP(REG25,COTAÇÃO,11,0))))","v":19.149999999999999},{"$f":"REL25*REM25","v":9.5749999999999993},"ED-50374",{"$f":"IF(RER25=\"SINAPI\",VLOOKUP(REO25,SINAPI,2,0),IF(RER25=\"SETOP\",VLOOKUP(REO25,SETOP,3,0),IF(RER25=\"CPU\",VLOOKUP(REO25,COMPOSIÇÃO,2,0),VLOOKUP(REO25,COTAÇÃO,3,0))))","v":"BOMBEIRO/ENCANADOR COM ENCARGOS COMPLEMENTARES"},null,"SETOP",{"$f":"IF(RER25=\"SINAPI\",VLOOKUP(REO25,SINAPI,3,0),IF(RER25=\"SETOP\",VLOOKUP(REO25,SETOP,4,0),IF(RER25=\"CPU\",VLOOKUP(REO25,COMPOSIÇÃO,5,0),VLOOKUP(REO25,COTAÇÃO,8,0))))","v":"HORA"},0.5,{"$f":"IF(RER25=\"SINAPI\",VLOOKUP(REO25,SINAPI,4,0),IF(RER25=\"SETOP\",VLOOKUP(REO25,SETOP,5,0),IF(RER25=\"CPU\",VLOOKUP(REO25,COMPOSIÇÃO,8,0),VLOOKUP(REO25,COTAÇÃO,11,0))))","v":19.149999999999999},{"$f":"RET25*REU25","v":9.5749999999999993},"ED-50374",{"$f":"IF(REZ25=\"SINAPI\",VLOOKUP(REW25,SINAPI,2,0),IF(REZ25=\"SETOP\",VLOOKUP(REW25,SETOP,3,0),IF(REZ25=\"CPU\",VLOOKUP(REW25,COMPOSIÇÃO,2,0),VLOOKUP(REW25,COTAÇÃO,3,0))))","v":"BOMBEIRO/ENCANADOR COM ENCARGOS COMPLEMENTARES"},null,"SETOP",{"$f":"IF(REZ25=\"SINAPI\",VLOOKUP(REW25,SINAPI,3,0),IF(REZ25=\"SETOP\",VLOOKUP(REW25,SETOP,4,0),IF(REZ25=\"CPU\",VLOOKUP(REW25,COMPOSIÇÃO,5,0),VLOOKUP(REW25,COTAÇÃO,8,0))))","v":"HORA"},0.5,{"$f":"IF(REZ25=\"SINAPI\",VLOOKUP(REW25,SINAPI,4,0),IF(REZ25=\"SETOP\",VLOOKUP(REW25,SETOP,5,0),IF(REZ25=\"CPU\",VLOOKUP(REW25,COMPOSIÇÃO,8,0),VLOOKUP(REW25,COTAÇÃO,11,0))))","v":19.149999999999999},{"$f":"RFB25*RFC25","v":9.5749999999999993},"ED-50374",{"$f":"IF(RFH25=\"SINAPI\",VLOOKUP(RFE25,SINAPI,2,0),IF(RFH25=\"SETOP\",VLOOKUP(RFE25,SETOP,3,0),IF(RFH25=\"CPU\",VLOOKUP(RFE25,COMPOSIÇÃO,2,0),VLOOKUP(RFE25,COTAÇÃO,3,0))))","v":"BOMBEIRO/ENCANADOR COM ENCARGOS COMPLEMENTARES"},null,"SETOP",{"$f":"IF(RFH25=\"SINAPI\",VLOOKUP(RFE25,SINAPI,3,0),IF(RFH25=\"SETOP\",VLOOKUP(RFE25,SETOP,4,0),IF(RFH25=\"CPU\",VLOOKUP(RFE25,COMPOSIÇÃO,5,0),VLOOKUP(RFE25,COTAÇÃO,8,0))))","v":"HORA"},0.5,{"$f":"IF(RFH25=\"SINAPI\",VLOOKUP(RFE25,SINAPI,4,0),IF(RFH25=\"SETOP\",VLOOKUP(RFE25,SETOP,5,0),IF(RFH25=\"CPU\",VLOOKUP(RFE25,COMPOSIÇÃO,8,0),VLOOKUP(RFE25,COTAÇÃO,11,0))))","v":19.149999999999999},{"$f":"RFJ25*RFK25","v":9.5749999999999993},"ED-50374",{"$f":"IF(RFP25=\"SINAPI\",VLOOKUP(RFM25,SINAPI,2,0),IF(RFP25=\"SETOP\",VLOOKUP(RFM25,SETOP,3,0),IF(RFP25=\"CPU\",VLOOKUP(RFM25,COMPOSIÇÃO,2,0),VLOOKUP(RFM25,COTAÇÃO,3,0))))","v":"BOMBEIRO/ENCANADOR COM ENCARGOS COMPLEMENTARES"},null,"SETOP",{"$f":"IF(RFP25=\"SINAPI\",VLOOKUP(RFM25,SINAPI,3,0),IF(RFP25=\"SETOP\",VLOOKUP(RFM25,SETOP,4,0),IF(RFP25=\"CPU\",VLOOKUP(RFM25,COMPOSIÇÃO,5,0),VLOOKUP(RFM25,COTAÇÃO,8,0))))","v":"HORA"},0.5,{"$f":"IF(RFP25=\"SINAPI\",VLOOKUP(RFM25,SINAPI,4,0),IF(RFP25=\"SETOP\",VLOOKUP(RFM25,SETOP,5,0),IF(RFP25=\"CPU\",VLOOKUP(RFM25,COMPOSIÇÃO,8,0),VLOOKUP(RFM25,COTAÇÃO,11,0))))","v":19.149999999999999},{"$f":"RFR25*RFS25","v":9.5749999999999993},"ED-50374",{"$f":"IF(RFX25=\"SINAPI\",VLOOKUP(RFU25,SINAPI,2,0),IF(RFX25=\"SETOP\",VLOOKUP(RFU25,SETOP,3,0),IF(RFX25=\"CPU\",VLOOKUP(RFU25,COMPOSIÇÃO,2,0),VLOOKUP(RFU25,COTAÇÃO,3,0))))","v":"BOMBEIRO/ENCANADOR COM ENCARGOS COMPLEMENTARES"},null,"SETOP",{"$f":"IF(RFX25=\"SINAPI\",VLOOKUP(RFU25,SINAPI,3,0),IF(RFX25=\"SETOP\",VLOOKUP(RFU25,SETOP,4,0),IF(RFX25=\"CPU\",VLOOKUP(RFU25,COMPOSIÇÃO,5,0),VLOOKUP(RFU25,COTAÇÃO,8,0))))","v":"HORA"},0.5,{"$f":"IF(RFX25=\"SINAPI\",VLOOKUP(RFU25,SINAPI,4,0),IF(RFX25=\"SETOP\",VLOOKUP(RFU25,SETOP,5,0),IF(RFX25=\"CPU\",VLOOKUP(RFU25,COMPOSIÇÃO,8,0),VLOOKUP(RFU25,COTAÇÃO,11,0))))","v":19.149999999999999},{"$f":"RFZ25*RGA25","v":9.5749999999999993},"ED-50374",{"$f":"IF(RGF25=\"SINAPI\",VLOOKUP(RGC25,SINAPI,2,0),IF(RGF25=\"SETOP\",VLOOKUP(RGC25,SETOP,3,0),IF(RGF25=\"CPU\",VLOOKUP(RGC25,COMPOSIÇÃO,2,0),VLOOKUP(RGC25,COTAÇÃO,3,0))))","v":"BOMBEIRO/ENCANADOR COM ENCARGOS COMPLEMENTARES"},null,"SETOP",{"$f":"IF(RGF25=\"SINAPI\",VLOOKUP(RGC25,SINAPI,3,0),IF(RGF25=\"SETOP\",VLOOKUP(RGC25,SETOP,4,0),IF(RGF25=\"CPU\",VLOOKUP(RGC25,COMPOSIÇÃO,5,0),VLOOKUP(RGC25,COTAÇÃO,8,0))))","v":"HORA"},0.5,{"$f":"IF(RGF25=\"SINAPI\",VLOOKUP(RGC25,SINAPI,4,0),IF(RGF25=\"SETOP\",VLOOKUP(RGC25,SETOP,5,0),IF(RGF25=\"CPU\",VLOOKUP(RGC25,COMPOSIÇÃO,8,0),VLOOKUP(RGC25,COTAÇÃO,11,0))))","v":19.149999999999999},{"$f":"RGH25*RGI25","v":9.5749999999999993},"ED-50374",{"$f":"IF(RGN25=\"SINAPI\",VLOOKUP(RGK25,SINAPI,2,0),IF(RGN25=\"SETOP\",VLOOKUP(RGK25,SETOP,3,0),IF(RGN25=\"CPU\",VLOOKUP(RGK25,COMPOSIÇÃO,2,0),VLOOKUP(RGK25,COTAÇÃO,3,0))))","v":"BOMBEIRO/ENCANADOR COM ENCARGOS COMPLEMENTARES"},null,"SETOP",{"$f":"IF(RGN25=\"SINAPI\",VLOOKUP(RGK25,SINAPI,3,0),IF(RGN25=\"SETOP\",VLOOKUP(RGK25,SETOP,4,0),IF(RGN25=\"CPU\",VLOOKUP(RGK25,COMPOSIÇÃO,5,0),VLOOKUP(RGK25,COTAÇÃO,8,0))))","v":"HORA"},0.5,{"$f":"IF(RGN25=\"SINAPI\",VLOOKUP(RGK25,SINAPI,4,0),IF(RGN25=\"SETOP\",VLOOKUP(RGK25,SETOP,5,0),IF(RGN25=\"CPU\",VLOOKUP(RGK25,COMPOSIÇÃO,8,0),VLOOKUP(RGK25,COTAÇÃO,11,0))))","v":19.149999999999999},{"$f":"RGP25*RGQ25","v":9.5749999999999993},"ED-50374",{"$f":"IF(RGV25=\"SINAPI\",VLOOKUP(RGS25,SINAPI,2,0),IF(RGV25=\"SETOP\",VLOOKUP(RGS25,SETOP,3,0),IF(RGV25=\"CPU\",VLOOKUP(RGS25,COMPOSIÇÃO,2,0),VLOOKUP(RGS25,COTAÇÃO,3,0))))","v":"BOMBEIRO/ENCANADOR COM ENCARGOS COMPLEMENTARES"},null,"SETOP",{"$f":"IF(RGV25=\"SINAPI\",VLOOKUP(RGS25,SINAPI,3,0),IF(RGV25=\"SETOP\",VLOOKUP(RGS25,SETOP,4,0),IF(RGV25=\"CPU\",VLOOKUP(RGS25,COMPOSIÇÃO,5,0),VLOOKUP(RGS25,COTAÇÃO,8,0))))","v":"HORA"},0.5,{"$f":"IF(RGV25=\"SINAPI\",VLOOKUP(RGS25,SINAPI,4,0),IF(RGV25=\"SETOP\",VLOOKUP(RGS25,SETOP,5,0),IF(RGV25=\"CPU\",VLOOKUP(RGS25,COMPOSIÇÃO,8,0),VLOOKUP(RGS25,COTAÇÃO,11,0))))","v":19.149999999999999},{"$f":"RGX25*RGY25","v":9.5749999999999993},"ED-50374",{"$f":"IF(RHD25=\"SINAPI\",VLOOKUP(RHA25,SINAPI,2,0),IF(RHD25=\"SETOP\",VLOOKUP(RHA25,SETOP,3,0),IF(RHD25=\"CPU\",VLOOKUP(RHA25,COMPOSIÇÃO,2,0),VLOOKUP(RHA25,COTAÇÃO,3,0))))","v":"BOMBEIRO/ENCANADOR COM ENCARGOS COMPLEMENTARES"},null,"SETOP",{"$f":"IF(RHD25=\"SINAPI\",VLOOKUP(RHA25,SINAPI,3,0),IF(RHD25=\"SETOP\",VLOOKUP(RHA25,SETOP,4,0),IF(RHD25=\"CPU\",VLOOKUP(RHA25,COMPOSIÇÃO,5,0),VLOOKUP(RHA25,COTAÇÃO,8,0))))","v":"HORA"},0.5,{"$f":"IF(RHD25=\"SINAPI\",VLOOKUP(RHA25,SINAPI,4,0),IF(RHD25=\"SETOP\",VLOOKUP(RHA25,SETOP,5,0),IF(RHD25=\"CPU\",VLOOKUP(RHA25,COMPOSIÇÃO,8,0),VLOOKUP(RHA25,COTAÇÃO,11,0))))","v":19.149999999999999},{"$f":"RHF25*RHG25","v":9.5749999999999993},"ED-50374",{"$f":"IF(RHL25=\"SINAPI\",VLOOKUP(RHI25,SINAPI,2,0),IF(RHL25=\"SETOP\",VLOOKUP(RHI25,SETOP,3,0),IF(RHL25=\"CPU\",VLOOKUP(RHI25,COMPOSIÇÃO,2,0),VLOOKUP(RHI25,COTAÇÃO,3,0))))","v":"BOMBEIRO/ENCANADOR COM ENCARGOS COMPLEMENTARES"},null,"SETOP",{"$f":"IF(RHL25=\"SINAPI\",VLOOKUP(RHI25,SINAPI,3,0),IF(RHL25=\"SETOP\",VLOOKUP(RHI25,SETOP,4,0),IF(RHL25=\"CPU\",VLOOKUP(RHI25,COMPOSIÇÃO,5,0),VLOOKUP(RHI25,COTAÇÃO,8,0))))","v":"HORA"},0.5,{"$f":"IF(RHL25=\"SINAPI\",VLOOKUP(RHI25,SINAPI,4,0),IF(RHL25=\"SETOP\",VLOOKUP(RHI25,SETOP,5,0),IF(RHL25=\"CPU\",VLOOKUP(RHI25,COMPOSIÇÃO,8,0),VLOOKUP(RHI25,COTAÇÃO,11,0))))","v":19.149999999999999},{"$f":"RHN25*RHO25","v":9.5749999999999993},"ED-50374",{"$f":"IF(RHT25=\"SINAPI\",VLOOKUP(RHQ25,SINAPI,2,0),IF(RHT25=\"SETOP\",VLOOKUP(RHQ25,SETOP,3,0),IF(RHT25=\"CPU\",VLOOKUP(RHQ25,COMPOSIÇÃO,2,0),VLOOKUP(RHQ25,COTAÇÃO,3,0))))","v":"BOMBEIRO/ENCANADOR COM ENCARGOS COMPLEMENTARES"},null,"SETOP",{"$f":"IF(RHT25=\"SINAPI\",VLOOKUP(RHQ25,SINAPI,3,0),IF(RHT25=\"SETOP\",VLOOKUP(RHQ25,SETOP,4,0),IF(RHT25=\"CPU\",VLOOKUP(RHQ25,COMPOSIÇÃO,5,0),VLOOKUP(RHQ25,COTAÇÃO,8,0))))","v":"HORA"},0.5,{"$f":"IF(RHT25=\"SINAPI\",VLOOKUP(RHQ25,SINAPI,4,0),IF(RHT25=\"SETOP\",VLOOKUP(RHQ25,SETOP,5,0),IF(RHT25=\"CPU\",VLOOKUP(RHQ25,COMPOSIÇÃO,8,0),VLOOKUP(RHQ25,COTAÇÃO,11,0))))","v":19.149999999999999},{"$f":"RHV25*RHW25","v":9.5749999999999993},"ED-50374",{"$f":"IF(RIB25=\"SINAPI\",VLOOKUP(RHY25,SINAPI,2,0),IF(RIB25=\"SETOP\",VLOOKUP(RHY25,SETOP,3,0),IF(RIB25=\"CPU\",VLOOKUP(RHY25,COMPOSIÇÃO,2,0),VLOOKUP(RHY25,COTAÇÃO,3,0))))","v":"BOMBEIRO/ENCANADOR COM ENCARGOS COMPLEMENTARES"},null,"SETOP",{"$f":"IF(RIB25=\"SINAPI\",VLOOKUP(RHY25,SINAPI,3,0),IF(RIB25=\"SETOP\",VLOOKUP(RHY25,SETOP,4,0),IF(RIB25=\"CPU\",VLOOKUP(RHY25,COMPOSIÇÃO,5,0),VLOOKUP(RHY25,COTAÇÃO,8,0))))","v":"HORA"},0.5,{"$f":"IF(RIB25=\"SINAPI\",VLOOKUP(RHY25,SINAPI,4,0),IF(RIB25=\"SETOP\",VLOOKUP(RHY25,SETOP,5,0),IF(RIB25=\"CPU\",VLOOKUP(RHY25,COMPOSIÇÃO,8,0),VLOOKUP(RHY25,COTAÇÃO,11,0))))","v":19.149999999999999},{"$f":"RID25*RIE25","v":9.5749999999999993},"ED-50374",{"$f":"IF(RIJ25=\"SINAPI\",VLOOKUP(RIG25,SINAPI,2,0),IF(RIJ25=\"SETOP\",VLOOKUP(RIG25,SETOP,3,0),IF(RIJ25=\"CPU\",VLOOKUP(RIG25,COMPOSIÇÃO,2,0),VLOOKUP(RIG25,COTAÇÃO,3,0))))","v":"BOMBEIRO/ENCANADOR COM ENCARGOS COMPLEMENTARES"},null,"SETOP",{"$f":"IF(RIJ25=\"SINAPI\",VLOOKUP(RIG25,SINAPI,3,0),IF(RIJ25=\"SETOP\",VLOOKUP(RIG25,SETOP,4,0),IF(RIJ25=\"CPU\",VLOOKUP(RIG25,COMPOSIÇÃO,5,0),VLOOKUP(RIG25,COTAÇÃO,8,0))))","v":"HORA"},0.5,{"$f":"IF(RIJ25=\"SINAPI\",VLOOKUP(RIG25,SINAPI,4,0),IF(RIJ25=\"SETOP\",VLOOKUP(RIG25,SETOP,5,0),IF(RIJ25=\"CPU\",VLOOKUP(RIG25,COMPOSIÇÃO,8,0),VLOOKUP(RIG25,COTAÇÃO,11,0))))","v":19.149999999999999},{"$f":"RIL25*RIM25","v":9.5749999999999993},"ED-50374",{"$f":"IF(RIR25=\"SINAPI\",VLOOKUP(RIO25,SINAPI,2,0),IF(RIR25=\"SETOP\",VLOOKUP(RIO25,SETOP,3,0),IF(RIR25=\"CPU\",VLOOKUP(RIO25,COMPOSIÇÃO,2,0),VLOOKUP(RIO25,COTAÇÃO,3,0))))","v":"BOMBEIRO/ENCANADOR COM ENCARGOS COMPLEMENTARES"},null,"SETOP",{"$f":"IF(RIR25=\"SINAPI\",VLOOKUP(RIO25,SINAPI,3,0),IF(RIR25=\"SETOP\",VLOOKUP(RIO25,SETOP,4,0),IF(RIR25=\"CPU\",VLOOKUP(RIO25,COMPOSIÇÃO,5,0),VLOOKUP(RIO25,COTAÇÃO,8,0))))","v":"HORA"},0.5,{"$f":"IF(RIR25=\"SINAPI\",VLOOKUP(RIO25,SINAPI,4,0),IF(RIR25=\"SETOP\",VLOOKUP(RIO25,SETOP,5,0),IF(RIR25=\"CPU\",VLOOKUP(RIO25,COMPOSIÇÃO,8,0),VLOOKUP(RIO25,COTAÇÃO,11,0))))","v":19.149999999999999},{"$f":"RIT25*RIU25","v":9.5749999999999993},"ED-50374",{"$f":"IF(RIZ25=\"SINAPI\",VLOOKUP(RIW25,SINAPI,2,0),IF(RIZ25=\"SETOP\",VLOOKUP(RIW25,SETOP,3,0),IF(RIZ25=\"CPU\",VLOOKUP(RIW25,COMPOSIÇÃO,2,0),VLOOKUP(RIW25,COTAÇÃO,3,0))))","v":"BOMBEIRO/ENCANADOR COM ENCARGOS COMPLEMENTARES"},null,"SETOP",{"$f":"IF(RIZ25=\"SINAPI\",VLOOKUP(RIW25,SINAPI,3,0),IF(RIZ25=\"SETOP\",VLOOKUP(RIW25,SETOP,4,0),IF(RIZ25=\"CPU\",VLOOKUP(RIW25,COMPOSIÇÃO,5,0),VLOOKUP(RIW25,COTAÇÃO,8,0))))","v":"HORA"},0.5,{"$f":"IF(RIZ25=\"SINAPI\",VLOOKUP(RIW25,SINAPI,4,0),IF(RIZ25=\"SETOP\",VLOOKUP(RIW25,SETOP,5,0),IF(RIZ25=\"CPU\",VLOOKUP(RIW25,COMPOSIÇÃO,8,0),VLOOKUP(RIW25,COTAÇÃO,11,0))))","v":19.149999999999999},{"$f":"RJB25*RJC25","v":9.5749999999999993},"ED-50374",{"$f":"IF(RJH25=\"SINAPI\",VLOOKUP(RJE25,SINAPI,2,0),IF(RJH25=\"SETOP\",VLOOKUP(RJE25,SETOP,3,0),IF(RJH25=\"CPU\",VLOOKUP(RJE25,COMPOSIÇÃO,2,0),VLOOKUP(RJE25,COTAÇÃO,3,0))))","v":"BOMBEIRO/ENCANADOR COM ENCARGOS COMPLEMENTARES"},null,"SETOP",{"$f":"IF(RJH25=\"SINAPI\",VLOOKUP(RJE25,SINAPI,3,0),IF(RJH25=\"SETOP\",VLOOKUP(RJE25,SETOP,4,0),IF(RJH25=\"CPU\",VLOOKUP(RJE25,COMPOSIÇÃO,5,0),VLOOKUP(RJE25,COTAÇÃO,8,0))))","v":"HORA"},0.5,{"$f":"IF(RJH25=\"SINAPI\",VLOOKUP(RJE25,SINAPI,4,0),IF(RJH25=\"SETOP\",VLOOKUP(RJE25,SETOP,5,0),IF(RJH25=\"CPU\",VLOOKUP(RJE25,COMPOSIÇÃO,8,0),VLOOKUP(RJE25,COTAÇÃO,11,0))))","v":19.149999999999999},{"$f":"RJJ25*RJK25","v":9.5749999999999993},"ED-50374",{"$f":"IF(RJP25=\"SINAPI\",VLOOKUP(RJM25,SINAPI,2,0),IF(RJP25=\"SETOP\",VLOOKUP(RJM25,SETOP,3,0),IF(RJP25=\"CPU\",VLOOKUP(RJM25,COMPOSIÇÃO,2,0),VLOOKUP(RJM25,COTAÇÃO,3,0))))","v":"BOMBEIRO/ENCANADOR COM ENCARGOS COMPLEMENTARES"},null,"SETOP",{"$f":"IF(RJP25=\"SINAPI\",VLOOKUP(RJM25,SINAPI,3,0),IF(RJP25=\"SETOP\",VLOOKUP(RJM25,SETOP,4,0),IF(RJP25=\"CPU\",VLOOKUP(RJM25,COMPOSIÇÃO,5,0),VLOOKUP(RJM25,COTAÇÃO,8,0))))","v":"HORA"},0.5,{"$f":"IF(RJP25=\"SINAPI\",VLOOKUP(RJM25,SINAPI,4,0),IF(RJP25=\"SETOP\",VLOOKUP(RJM25,SETOP,5,0),IF(RJP25=\"CPU\",VLOOKUP(RJM25,COMPOSIÇÃO,8,0),VLOOKUP(RJM25,COTAÇÃO,11,0))))","v":19.149999999999999},{"$f":"RJR25*RJS25","v":9.5749999999999993},"ED-50374",{"$f":"IF(RJX25=\"SINAPI\",VLOOKUP(RJU25,SINAPI,2,0),IF(RJX25=\"SETOP\",VLOOKUP(RJU25,SETOP,3,0),IF(RJX25=\"CPU\",VLOOKUP(RJU25,COMPOSIÇÃO,2,0),VLOOKUP(RJU25,COTAÇÃO,3,0))))","v":"BOMBEIRO/ENCANADOR COM ENCARGOS COMPLEMENTARES"},null,"SETOP",{"$f":"IF(RJX25=\"SINAPI\",VLOOKUP(RJU25,SINAPI,3,0),IF(RJX25=\"SETOP\",VLOOKUP(RJU25,SETOP,4,0),IF(RJX25=\"CPU\",VLOOKUP(RJU25,COMPOSIÇÃO,5,0),VLOOKUP(RJU25,COTAÇÃO,8,0))))","v":"HORA"},0.5,{"$f":"IF(RJX25=\"SINAPI\",VLOOKUP(RJU25,SINAPI,4,0),IF(RJX25=\"SETOP\",VLOOKUP(RJU25,SETOP,5,0),IF(RJX25=\"CPU\",VLOOKUP(RJU25,COMPOSIÇÃO,8,0),VLOOKUP(RJU25,COTAÇÃO,11,0))))","v":19.149999999999999},{"$f":"RJZ25*RKA25","v":9.5749999999999993},"ED-50374",{"$f":"IF(RKF25=\"SINAPI\",VLOOKUP(RKC25,SINAPI,2,0),IF(RKF25=\"SETOP\",VLOOKUP(RKC25,SETOP,3,0),IF(RKF25=\"CPU\",VLOOKUP(RKC25,COMPOSIÇÃO,2,0),VLOOKUP(RKC25,COTAÇÃO,3,0))))","v":"BOMBEIRO/ENCANADOR COM ENCARGOS COMPLEMENTARES"},null,"SETOP",{"$f":"IF(RKF25=\"SINAPI\",VLOOKUP(RKC25,SINAPI,3,0),IF(RKF25=\"SETOP\",VLOOKUP(RKC25,SETOP,4,0),IF(RKF25=\"CPU\",VLOOKUP(RKC25,COMPOSIÇÃO,5,0),VLOOKUP(RKC25,COTAÇÃO,8,0))))","v":"HORA"},0.5,{"$f":"IF(RKF25=\"SINAPI\",VLOOKUP(RKC25,SINAPI,4,0),IF(RKF25=\"SETOP\",VLOOKUP(RKC25,SETOP,5,0),IF(RKF25=\"CPU\",VLOOKUP(RKC25,COMPOSIÇÃO,8,0),VLOOKUP(RKC25,COTAÇÃO,11,0))))","v":19.149999999999999},{"$f":"RKH25*RKI25","v":9.5749999999999993},"ED-50374",{"$f":"IF(RKN25=\"SINAPI\",VLOOKUP(RKK25,SINAPI,2,0),IF(RKN25=\"SETOP\",VLOOKUP(RKK25,SETOP,3,0),IF(RKN25=\"CPU\",VLOOKUP(RKK25,COMPOSIÇÃO,2,0),VLOOKUP(RKK25,COTAÇÃO,3,0))))","v":"BOMBEIRO/ENCANADOR COM ENCARGOS COMPLEMENTARES"},null,"SETOP",{"$f":"IF(RKN25=\"SINAPI\",VLOOKUP(RKK25,SINAPI,3,0),IF(RKN25=\"SETOP\",VLOOKUP(RKK25,SETOP,4,0),IF(RKN25=\"CPU\",VLOOKUP(RKK25,COMPOSIÇÃO,5,0),VLOOKUP(RKK25,COTAÇÃO,8,0))))","v":"HORA"},0.5,{"$f":"IF(RKN25=\"SINAPI\",VLOOKUP(RKK25,SINAPI,4,0),IF(RKN25=\"SETOP\",VLOOKUP(RKK25,SETOP,5,0),IF(RKN25=\"CPU\",VLOOKUP(RKK25,COMPOSIÇÃO,8,0),VLOOKUP(RKK25,COTAÇÃO,11,0))))","v":19.149999999999999},{"$f":"RKP25*RKQ25","v":9.5749999999999993},"ED-50374",{"$f":"IF(RKV25=\"SINAPI\",VLOOKUP(RKS25,SINAPI,2,0),IF(RKV25=\"SETOP\",VLOOKUP(RKS25,SETOP,3,0),IF(RKV25=\"CPU\",VLOOKUP(RKS25,COMPOSIÇÃO,2,0),VLOOKUP(RKS25,COTAÇÃO,3,0))))","v":"BOMBEIRO/ENCANADOR COM ENCARGOS COMPLEMENTARES"},null,"SETOP",{"$f":"IF(RKV25=\"SINAPI\",VLOOKUP(RKS25,SINAPI,3,0),IF(RKV25=\"SETOP\",VLOOKUP(RKS25,SETOP,4,0),IF(RKV25=\"CPU\",VLOOKUP(RKS25,COMPOSIÇÃO,5,0),VLOOKUP(RKS25,COTAÇÃO,8,0))))","v":"HORA"},0.5,{"$f":"IF(RKV25=\"SINAPI\",VLOOKUP(RKS25,SINAPI,4,0),IF(RKV25=\"SETOP\",VLOOKUP(RKS25,SETOP,5,0),IF(RKV25=\"CPU\",VLOOKUP(RKS25,COMPOSIÇÃO,8,0),VLOOKUP(RKS25,COTAÇÃO,11,0))))","v":19.149999999999999},{"$f":"RKX25*RKY25","v":9.5749999999999993},"ED-50374",{"$f":"IF(RLD25=\"SINAPI\",VLOOKUP(RLA25,SINAPI,2,0),IF(RLD25=\"SETOP\",VLOOKUP(RLA25,SETOP,3,0),IF(RLD25=\"CPU\",VLOOKUP(RLA25,COMPOSIÇÃO,2,0),VLOOKUP(RLA25,COTAÇÃO,3,0))))","v":"BOMBEIRO/ENCANADOR COM ENCARGOS COMPLEMENTARES"},null,"SETOP",{"$f":"IF(RLD25=\"SINAPI\",VLOOKUP(RLA25,SINAPI,3,0),IF(RLD25=\"SETOP\",VLOOKUP(RLA25,SETOP,4,0),IF(RLD25=\"CPU\",VLOOKUP(RLA25,COMPOSIÇÃO,5,0),VLOOKUP(RLA25,COTAÇÃO,8,0))))","v":"HORA"},0.5,{"$f":"IF(RLD25=\"SINAPI\",VLOOKUP(RLA25,SINAPI,4,0),IF(RLD25=\"SETOP\",VLOOKUP(RLA25,SETOP,5,0),IF(RLD25=\"CPU\",VLOOKUP(RLA25,COMPOSIÇÃO,8,0),VLOOKUP(RLA25,COTAÇÃO,11,0))))","v":19.149999999999999},{"$f":"RLF25*RLG25","v":9.5749999999999993},"ED-50374",{"$f":"IF(RLL25=\"SINAPI\",VLOOKUP(RLI25,SINAPI,2,0),IF(RLL25=\"SETOP\",VLOOKUP(RLI25,SETOP,3,0),IF(RLL25=\"CPU\",VLOOKUP(RLI25,COMPOSIÇÃO,2,0),VLOOKUP(RLI25,COTAÇÃO,3,0))))","v":"BOMBEIRO/ENCANADOR COM ENCARGOS COMPLEMENTARES"},null,"SETOP",{"$f":"IF(RLL25=\"SINAPI\",VLOOKUP(RLI25,SINAPI,3,0),IF(RLL25=\"SETOP\",VLOOKUP(RLI25,SETOP,4,0),IF(RLL25=\"CPU\",VLOOKUP(RLI25,COMPOSIÇÃO,5,0),VLOOKUP(RLI25,COTAÇÃO,8,0))))","v":"HORA"},0.5,{"$f":"IF(RLL25=\"SINAPI\",VLOOKUP(RLI25,SINAPI,4,0),IF(RLL25=\"SETOP\",VLOOKUP(RLI25,SETOP,5,0),IF(RLL25=\"CPU\",VLOOKUP(RLI25,COMPOSIÇÃO,8,0),VLOOKUP(RLI25,COTAÇÃO,11,0))))","v":19.149999999999999},{"$f":"RLN25*RLO25","v":9.5749999999999993},"ED-50374",{"$f":"IF(RLT25=\"SINAPI\",VLOOKUP(RLQ25,SINAPI,2,0),IF(RLT25=\"SETOP\",VLOOKUP(RLQ25,SETOP,3,0),IF(RLT25=\"CPU\",VLOOKUP(RLQ25,COMPOSIÇÃO,2,0),VLOOKUP(RLQ25,COTAÇÃO,3,0))))","v":"BOMBEIRO/ENCANADOR COM ENCARGOS COMPLEMENTARES"},null,"SETOP",{"$f":"IF(RLT25=\"SINAPI\",VLOOKUP(RLQ25,SINAPI,3,0),IF(RLT25=\"SETOP\",VLOOKUP(RLQ25,SETOP,4,0),IF(RLT25=\"CPU\",VLOOKUP(RLQ25,COMPOSIÇÃO,5,0),VLOOKUP(RLQ25,COTAÇÃO,8,0))))","v":"HORA"},0.5,{"$f":"IF(RLT25=\"SINAPI\",VLOOKUP(RLQ25,SINAPI,4,0),IF(RLT25=\"SETOP\",VLOOKUP(RLQ25,SETOP,5,0),IF(RLT25=\"CPU\",VLOOKUP(RLQ25,COMPOSIÇÃO,8,0),VLOOKUP(RLQ25,COTAÇÃO,11,0))))","v":19.149999999999999},{"$f":"RLV25*RLW25","v":9.5749999999999993},"ED-50374",{"$f":"IF(RMB25=\"SINAPI\",VLOOKUP(RLY25,SINAPI,2,0),IF(RMB25=\"SETOP\",VLOOKUP(RLY25,SETOP,3,0),IF(RMB25=\"CPU\",VLOOKUP(RLY25,COMPOSIÇÃO,2,0),VLOOKUP(RLY25,COTAÇÃO,3,0))))","v":"BOMBEIRO/ENCANADOR COM ENCARGOS COMPLEMENTARES"},null,"SETOP",{"$f":"IF(RMB25=\"SINAPI\",VLOOKUP(RLY25,SINAPI,3,0),IF(RMB25=\"SETOP\",VLOOKUP(RLY25,SETOP,4,0),IF(RMB25=\"CPU\",VLOOKUP(RLY25,COMPOSIÇÃO,5,0),VLOOKUP(RLY25,COTAÇÃO,8,0))))","v":"HORA"},0.5,{"$f":"IF(RMB25=\"SINAPI\",VLOOKUP(RLY25,SINAPI,4,0),IF(RMB25=\"SETOP\",VLOOKUP(RLY25,SETOP,5,0),IF(RMB25=\"CPU\",VLOOKUP(RLY25,COMPOSIÇÃO,8,0),VLOOKUP(RLY25,COTAÇÃO,11,0))))","v":19.149999999999999},{"$f":"RMD25*RME25","v":9.5749999999999993},"ED-50374",{"$f":"IF(RMJ25=\"SINAPI\",VLOOKUP(RMG25,SINAPI,2,0),IF(RMJ25=\"SETOP\",VLOOKUP(RMG25,SETOP,3,0),IF(RMJ25=\"CPU\",VLOOKUP(RMG25,COMPOSIÇÃO,2,0),VLOOKUP(RMG25,COTAÇÃO,3,0))))","v":"BOMBEIRO/ENCANADOR COM ENCARGOS COMPLEMENTARES"},null,"SETOP",{"$f":"IF(RMJ25=\"SINAPI\",VLOOKUP(RMG25,SINAPI,3,0),IF(RMJ25=\"SETOP\",VLOOKUP(RMG25,SETOP,4,0),IF(RMJ25=\"CPU\",VLOOKUP(RMG25,COMPOSIÇÃO,5,0),VLOOKUP(RMG25,COTAÇÃO,8,0))))","v":"HORA"},0.5,{"$f":"IF(RMJ25=\"SINAPI\",VLOOKUP(RMG25,SINAPI,4,0),IF(RMJ25=\"SETOP\",VLOOKUP(RMG25,SETOP,5,0),IF(RMJ25=\"CPU\",VLOOKUP(RMG25,COMPOSIÇÃO,8,0),VLOOKUP(RMG25,COTAÇÃO,11,0))))","v":19.149999999999999},{"$f":"RML25*RMM25","v":9.5749999999999993},"ED-50374",{"$f":"IF(RMR25=\"SINAPI\",VLOOKUP(RMO25,SINAPI,2,0),IF(RMR25=\"SETOP\",VLOOKUP(RMO25,SETOP,3,0),IF(RMR25=\"CPU\",VLOOKUP(RMO25,COMPOSIÇÃO,2,0),VLOOKUP(RMO25,COTAÇÃO,3,0))))","v":"BOMBEIRO/ENCANADOR COM ENCARGOS COMPLEMENTARES"},null,"SETOP",{"$f":"IF(RMR25=\"SINAPI\",VLOOKUP(RMO25,SINAPI,3,0),IF(RMR25=\"SETOP\",VLOOKUP(RMO25,SETOP,4,0),IF(RMR25=\"CPU\",VLOOKUP(RMO25,COMPOSIÇÃO,5,0),VLOOKUP(RMO25,COTAÇÃO,8,0))))","v":"HORA"},0.5,{"$f":"IF(RMR25=\"SINAPI\",VLOOKUP(RMO25,SINAPI,4,0),IF(RMR25=\"SETOP\",VLOOKUP(RMO25,SETOP,5,0),IF(RMR25=\"CPU\",VLOOKUP(RMO25,COMPOSIÇÃO,8,0),VLOOKUP(RMO25,COTAÇÃO,11,0))))","v":19.149999999999999},{"$f":"RMT25*RMU25","v":9.5749999999999993},"ED-50374",{"$f":"IF(RMZ25=\"SINAPI\",VLOOKUP(RMW25,SINAPI,2,0),IF(RMZ25=\"SETOP\",VLOOKUP(RMW25,SETOP,3,0),IF(RMZ25=\"CPU\",VLOOKUP(RMW25,COMPOSIÇÃO,2,0),VLOOKUP(RMW25,COTAÇÃO,3,0))))","v":"BOMBEIRO/ENCANADOR COM ENCARGOS COMPLEMENTARES"},null,"SETOP",{"$f":"IF(RMZ25=\"SINAPI\",VLOOKUP(RMW25,SINAPI,3,0),IF(RMZ25=\"SETOP\",VLOOKUP(RMW25,SETOP,4,0),IF(RMZ25=\"CPU\",VLOOKUP(RMW25,COMPOSIÇÃO,5,0),VLOOKUP(RMW25,COTAÇÃO,8,0))))","v":"HORA"},0.5,{"$f":"IF(RMZ25=\"SINAPI\",VLOOKUP(RMW25,SINAPI,4,0),IF(RMZ25=\"SETOP\",VLOOKUP(RMW25,SETOP,5,0),IF(RMZ25=\"CPU\",VLOOKUP(RMW25,COMPOSIÇÃO,8,0),VLOOKUP(RMW25,COTAÇÃO,11,0))))","v":19.149999999999999},{"$f":"RNB25*RNC25","v":9.5749999999999993},"ED-50374",{"$f":"IF(RNH25=\"SINAPI\",VLOOKUP(RNE25,SINAPI,2,0),IF(RNH25=\"SETOP\",VLOOKUP(RNE25,SETOP,3,0),IF(RNH25=\"CPU\",VLOOKUP(RNE25,COMPOSIÇÃO,2,0),VLOOKUP(RNE25,COTAÇÃO,3,0))))","v":"BOMBEIRO/ENCANADOR COM ENCARGOS COMPLEMENTARES"},null,"SETOP",{"$f":"IF(RNH25=\"SINAPI\",VLOOKUP(RNE25,SINAPI,3,0),IF(RNH25=\"SETOP\",VLOOKUP(RNE25,SETOP,4,0),IF(RNH25=\"CPU\",VLOOKUP(RNE25,COMPOSIÇÃO,5,0),VLOOKUP(RNE25,COTAÇÃO,8,0))))","v":"HORA"},0.5,{"$f":"IF(RNH25=\"SINAPI\",VLOOKUP(RNE25,SINAPI,4,0),IF(RNH25=\"SETOP\",VLOOKUP(RNE25,SETOP,5,0),IF(RNH25=\"CPU\",VLOOKUP(RNE25,COMPOSIÇÃO,8,0),VLOOKUP(RNE25,COTAÇÃO,11,0))))","v":19.149999999999999},{"$f":"RNJ25*RNK25","v":9.5749999999999993},"ED-50374",{"$f":"IF(RNP25=\"SINAPI\",VLOOKUP(RNM25,SINAPI,2,0),IF(RNP25=\"SETOP\",VLOOKUP(RNM25,SETOP,3,0),IF(RNP25=\"CPU\",VLOOKUP(RNM25,COMPOSIÇÃO,2,0),VLOOKUP(RNM25,COTAÇÃO,3,0))))","v":"BOMBEIRO/ENCANADOR COM ENCARGOS COMPLEMENTARES"},null,"SETOP",{"$f":"IF(RNP25=\"SINAPI\",VLOOKUP(RNM25,SINAPI,3,0),IF(RNP25=\"SETOP\",VLOOKUP(RNM25,SETOP,4,0),IF(RNP25=\"CPU\",VLOOKUP(RNM25,COMPOSIÇÃO,5,0),VLOOKUP(RNM25,COTAÇÃO,8,0))))","v":"HORA"},0.5,{"$f":"IF(RNP25=\"SINAPI\",VLOOKUP(RNM25,SINAPI,4,0),IF(RNP25=\"SETOP\",VLOOKUP(RNM25,SETOP,5,0),IF(RNP25=\"CPU\",VLOOKUP(RNM25,COMPOSIÇÃO,8,0),VLOOKUP(RNM25,COTAÇÃO,11,0))))","v":19.149999999999999},{"$f":"RNR25*RNS25","v":9.5749999999999993},"ED-50374",{"$f":"IF(RNX25=\"SINAPI\",VLOOKUP(RNU25,SINAPI,2,0),IF(RNX25=\"SETOP\",VLOOKUP(RNU25,SETOP,3,0),IF(RNX25=\"CPU\",VLOOKUP(RNU25,COMPOSIÇÃO,2,0),VLOOKUP(RNU25,COTAÇÃO,3,0))))","v":"BOMBEIRO/ENCANADOR COM ENCARGOS COMPLEMENTARES"},null,"SETOP",{"$f":"IF(RNX25=\"SINAPI\",VLOOKUP(RNU25,SINAPI,3,0),IF(RNX25=\"SETOP\",VLOOKUP(RNU25,SETOP,4,0),IF(RNX25=\"CPU\",VLOOKUP(RNU25,COMPOSIÇÃO,5,0),VLOOKUP(RNU25,COTAÇÃO,8,0))))","v":"HORA"},0.5,{"$f":"IF(RNX25=\"SINAPI\",VLOOKUP(RNU25,SINAPI,4,0),IF(RNX25=\"SETOP\",VLOOKUP(RNU25,SETOP,5,0),IF(RNX25=\"CPU\",VLOOKUP(RNU25,COMPOSIÇÃO,8,0),VLOOKUP(RNU25,COTAÇÃO,11,0))))","v":19.149999999999999},{"$f":"RNZ25*ROA25","v":9.5749999999999993},"ED-50374",{"$f":"IF(ROF25=\"SINAPI\",VLOOKUP(ROC25,SINAPI,2,0),IF(ROF25=\"SETOP\",VLOOKUP(ROC25,SETOP,3,0),IF(ROF25=\"CPU\",VLOOKUP(ROC25,COMPOSIÇÃO,2,0),VLOOKUP(ROC25,COTAÇÃO,3,0))))","v":"BOMBEIRO/ENCANADOR COM ENCARGOS COMPLEMENTARES"},null,"SETOP",{"$f":"IF(ROF25=\"SINAPI\",VLOOKUP(ROC25,SINAPI,3,0),IF(ROF25=\"SETOP\",VLOOKUP(ROC25,SETOP,4,0),IF(ROF25=\"CPU\",VLOOKUP(ROC25,COMPOSIÇÃO,5,0),VLOOKUP(ROC25,COTAÇÃO,8,0))))","v":"HORA"},0.5,{"$f":"IF(ROF25=\"SINAPI\",VLOOKUP(ROC25,SINAPI,4,0),IF(ROF25=\"SETOP\",VLOOKUP(ROC25,SETOP,5,0),IF(ROF25=\"CPU\",VLOOKUP(ROC25,COMPOSIÇÃO,8,0),VLOOKUP(ROC25,COTAÇÃO,11,0))))","v":19.149999999999999},{"$f":"ROH25*ROI25","v":9.5749999999999993},"ED-50374",{"$f":"IF(RON25=\"SINAPI\",VLOOKUP(ROK25,SINAPI,2,0),IF(RON25=\"SETOP\",VLOOKUP(ROK25,SETOP,3,0),IF(RON25=\"CPU\",VLOOKUP(ROK25,COMPOSIÇÃO,2,0),VLOOKUP(ROK25,COTAÇÃO,3,0))))","v":"BOMBEIRO/ENCANADOR COM ENCARGOS COMPLEMENTARES"},null,"SETOP",{"$f":"IF(RON25=\"SINAPI\",VLOOKUP(ROK25,SINAPI,3,0),IF(RON25=\"SETOP\",VLOOKUP(ROK25,SETOP,4,0),IF(RON25=\"CPU\",VLOOKUP(ROK25,COMPOSIÇÃO,5,0),VLOOKUP(ROK25,COTAÇÃO,8,0))))","v":"HORA"},0.5,{"$f":"IF(RON25=\"SINAPI\",VLOOKUP(ROK25,SINAPI,4,0),IF(RON25=\"SETOP\",VLOOKUP(ROK25,SETOP,5,0),IF(RON25=\"CPU\",VLOOKUP(ROK25,COMPOSIÇÃO,8,0),VLOOKUP(ROK25,COTAÇÃO,11,0))))","v":19.149999999999999},{"$f":"ROP25*ROQ25","v":9.5749999999999993},"ED-50374",{"$f":"IF(ROV25=\"SINAPI\",VLOOKUP(ROS25,SINAPI,2,0),IF(ROV25=\"SETOP\",VLOOKUP(ROS25,SETOP,3,0),IF(ROV25=\"CPU\",VLOOKUP(ROS25,COMPOSIÇÃO,2,0),VLOOKUP(ROS25,COTAÇÃO,3,0))))","v":"BOMBEIRO/ENCANADOR COM ENCARGOS COMPLEMENTARES"},null,"SETOP",{"$f":"IF(ROV25=\"SINAPI\",VLOOKUP(ROS25,SINAPI,3,0),IF(ROV25=\"SETOP\",VLOOKUP(ROS25,SETOP,4,0),IF(ROV25=\"CPU\",VLOOKUP(ROS25,COMPOSIÇÃO,5,0),VLOOKUP(ROS25,COTAÇÃO,8,0))))","v":"HORA"},0.5,{"$f":"IF(ROV25=\"SINAPI\",VLOOKUP(ROS25,SINAPI,4,0),IF(ROV25=\"SETOP\",VLOOKUP(ROS25,SETOP,5,0),IF(ROV25=\"CPU\",VLOOKUP(ROS25,COMPOSIÇÃO,8,0),VLOOKUP(ROS25,COTAÇÃO,11,0))))","v":19.149999999999999},{"$f":"ROX25*ROY25","v":9.5749999999999993},"ED-50374",{"$f":"IF(RPD25=\"SINAPI\",VLOOKUP(RPA25,SINAPI,2,0),IF(RPD25=\"SETOP\",VLOOKUP(RPA25,SETOP,3,0),IF(RPD25=\"CPU\",VLOOKUP(RPA25,COMPOSIÇÃO,2,0),VLOOKUP(RPA25,COTAÇÃO,3,0))))","v":"BOMBEIRO/ENCANADOR COM ENCARGOS COMPLEMENTARES"},null,"SETOP",{"$f":"IF(RPD25=\"SINAPI\",VLOOKUP(RPA25,SINAPI,3,0),IF(RPD25=\"SETOP\",VLOOKUP(RPA25,SETOP,4,0),IF(RPD25=\"CPU\",VLOOKUP(RPA25,COMPOSIÇÃO,5,0),VLOOKUP(RPA25,COTAÇÃO,8,0))))","v":"HORA"},0.5,{"$f":"IF(RPD25=\"SINAPI\",VLOOKUP(RPA25,SINAPI,4,0),IF(RPD25=\"SETOP\",VLOOKUP(RPA25,SETOP,5,0),IF(RPD25=\"CPU\",VLOOKUP(RPA25,COMPOSIÇÃO,8,0),VLOOKUP(RPA25,COTAÇÃO,11,0))))","v":19.149999999999999},{"$f":"RPF25*RPG25","v":9.5749999999999993},"ED-50374",{"$f":"IF(RPL25=\"SINAPI\",VLOOKUP(RPI25,SINAPI,2,0),IF(RPL25=\"SETOP\",VLOOKUP(RPI25,SETOP,3,0),IF(RPL25=\"CPU\",VLOOKUP(RPI25,COMPOSIÇÃO,2,0),VLOOKUP(RPI25,COTAÇÃO,3,0))))","v":"BOMBEIRO/ENCANADOR COM ENCARGOS COMPLEMENTARES"},null,"SETOP",{"$f":"IF(RPL25=\"SINAPI\",VLOOKUP(RPI25,SINAPI,3,0),IF(RPL25=\"SETOP\",VLOOKUP(RPI25,SETOP,4,0),IF(RPL25=\"CPU\",VLOOKUP(RPI25,COMPOSIÇÃO,5,0),VLOOKUP(RPI25,COTAÇÃO,8,0))))","v":"HORA"},0.5,{"$f":"IF(RPL25=\"SINAPI\",VLOOKUP(RPI25,SINAPI,4,0),IF(RPL25=\"SETOP\",VLOOKUP(RPI25,SETOP,5,0),IF(RPL25=\"CPU\",VLOOKUP(RPI25,COMPOSIÇÃO,8,0),VLOOKUP(RPI25,COTAÇÃO,11,0))))","v":19.149999999999999},{"$f":"RPN25*RPO25","v":9.5749999999999993},"ED-50374",{"$f":"IF(RPT25=\"SINAPI\",VLOOKUP(RPQ25,SINAPI,2,0),IF(RPT25=\"SETOP\",VLOOKUP(RPQ25,SETOP,3,0),IF(RPT25=\"CPU\",VLOOKUP(RPQ25,COMPOSIÇÃO,2,0),VLOOKUP(RPQ25,COTAÇÃO,3,0))))","v":"BOMBEIRO/ENCANADOR COM ENCARGOS COMPLEMENTARES"},null,"SETOP",{"$f":"IF(RPT25=\"SINAPI\",VLOOKUP(RPQ25,SINAPI,3,0),IF(RPT25=\"SETOP\",VLOOKUP(RPQ25,SETOP,4,0),IF(RPT25=\"CPU\",VLOOKUP(RPQ25,COMPOSIÇÃO,5,0),VLOOKUP(RPQ25,COTAÇÃO,8,0))))","v":"HORA"},0.5,{"$f":"IF(RPT25=\"SINAPI\",VLOOKUP(RPQ25,SINAPI,4,0),IF(RPT25=\"SETOP\",VLOOKUP(RPQ25,SETOP,5,0),IF(RPT25=\"CPU\",VLOOKUP(RPQ25,COMPOSIÇÃO,8,0),VLOOKUP(RPQ25,COTAÇÃO,11,0))))","v":19.149999999999999},{"$f":"RPV25*RPW25","v":9.5749999999999993},"ED-50374",{"$f":"IF(RQB25=\"SINAPI\",VLOOKUP(RPY25,SINAPI,2,0),IF(RQB25=\"SETOP\",VLOOKUP(RPY25,SETOP,3,0),IF(RQB25=\"CPU\",VLOOKUP(RPY25,COMPOSIÇÃO,2,0),VLOOKUP(RPY25,COTAÇÃO,3,0))))","v":"BOMBEIRO/ENCANADOR COM ENCARGOS COMPLEMENTARES"},null,"SETOP",{"$f":"IF(RQB25=\"SINAPI\",VLOOKUP(RPY25,SINAPI,3,0),IF(RQB25=\"SETOP\",VLOOKUP(RPY25,SETOP,4,0),IF(RQB25=\"CPU\",VLOOKUP(RPY25,COMPOSIÇÃO,5,0),VLOOKUP(RPY25,COTAÇÃO,8,0))))","v":"HORA"},0.5,{"$f":"IF(RQB25=\"SINAPI\",VLOOKUP(RPY25,SINAPI,4,0),IF(RQB25=\"SETOP\",VLOOKUP(RPY25,SETOP,5,0),IF(RQB25=\"CPU\",VLOOKUP(RPY25,COMPOSIÇÃO,8,0),VLOOKUP(RPY25,COTAÇÃO,11,0))))","v":19.149999999999999},{"$f":"RQD25*RQE25","v":9.5749999999999993},"ED-50374",{"$f":"IF(RQJ25=\"SINAPI\",VLOOKUP(RQG25,SINAPI,2,0),IF(RQJ25=\"SETOP\",VLOOKUP(RQG25,SETOP,3,0),IF(RQJ25=\"CPU\",VLOOKUP(RQG25,COMPOSIÇÃO,2,0),VLOOKUP(RQG25,COTAÇÃO,3,0))))","v":"BOMBEIRO/ENCANADOR COM ENCARGOS COMPLEMENTARES"},null,"SETOP",{"$f":"IF(RQJ25=\"SINAPI\",VLOOKUP(RQG25,SINAPI,3,0),IF(RQJ25=\"SETOP\",VLOOKUP(RQG25,SETOP,4,0),IF(RQJ25=\"CPU\",VLOOKUP(RQG25,COMPOSIÇÃO,5,0),VLOOKUP(RQG25,COTAÇÃO,8,0))))","v":"HORA"},0.5,{"$f":"IF(RQJ25=\"SINAPI\",VLOOKUP(RQG25,SINAPI,4,0),IF(RQJ25=\"SETOP\",VLOOKUP(RQG25,SETOP,5,0),IF(RQJ25=\"CPU\",VLOOKUP(RQG25,COMPOSIÇÃO,8,0),VLOOKUP(RQG25,COTAÇÃO,11,0))))","v":19.149999999999999},{"$f":"RQL25*RQM25","v":9.5749999999999993},"ED-50374",{"$f":"IF(RQR25=\"SINAPI\",VLOOKUP(RQO25,SINAPI,2,0),IF(RQR25=\"SETOP\",VLOOKUP(RQO25,SETOP,3,0),IF(RQR25=\"CPU\",VLOOKUP(RQO25,COMPOSIÇÃO,2,0),VLOOKUP(RQO25,COTAÇÃO,3,0))))","v":"BOMBEIRO/ENCANADOR COM ENCARGOS COMPLEMENTARES"},null,"SETOP",{"$f":"IF(RQR25=\"SINAPI\",VLOOKUP(RQO25,SINAPI,3,0),IF(RQR25=\"SETOP\",VLOOKUP(RQO25,SETOP,4,0),IF(RQR25=\"CPU\",VLOOKUP(RQO25,COMPOSIÇÃO,5,0),VLOOKUP(RQO25,COTAÇÃO,8,0))))","v":"HORA"},0.5,{"$f":"IF(RQR25=\"SINAPI\",VLOOKUP(RQO25,SINAPI,4,0),IF(RQR25=\"SETOP\",VLOOKUP(RQO25,SETOP,5,0),IF(RQR25=\"CPU\",VLOOKUP(RQO25,COMPOSIÇÃO,8,0),VLOOKUP(RQO25,COTAÇÃO,11,0))))","v":19.149999999999999},{"$f":"RQT25*RQU25","v":9.5749999999999993},"ED-50374",{"$f":"IF(RQZ25=\"SINAPI\",VLOOKUP(RQW25,SINAPI,2,0),IF(RQZ25=\"SETOP\",VLOOKUP(RQW25,SETOP,3,0),IF(RQZ25=\"CPU\",VLOOKUP(RQW25,COMPOSIÇÃO,2,0),VLOOKUP(RQW25,COTAÇÃO,3,0))))","v":"BOMBEIRO/ENCANADOR COM ENCARGOS COMPLEMENTARES"},null,"SETOP",{"$f":"IF(RQZ25=\"SINAPI\",VLOOKUP(RQW25,SINAPI,3,0),IF(RQZ25=\"SETOP\",VLOOKUP(RQW25,SETOP,4,0),IF(RQZ25=\"CPU\",VLOOKUP(RQW25,COMPOSIÇÃO,5,0),VLOOKUP(RQW25,COTAÇÃO,8,0))))","v":"HORA"},0.5,{"$f":"IF(RQZ25=\"SINAPI\",VLOOKUP(RQW25,SINAPI,4,0),IF(RQZ25=\"SETOP\",VLOOKUP(RQW25,SETOP,5,0),IF(RQZ25=\"CPU\",VLOOKUP(RQW25,COMPOSIÇÃO,8,0),VLOOKUP(RQW25,COTAÇÃO,11,0))))","v":19.149999999999999},{"$f":"RRB25*RRC25","v":9.5749999999999993},"ED-50374",{"$f":"IF(RRH25=\"SINAPI\",VLOOKUP(RRE25,SINAPI,2,0),IF(RRH25=\"SETOP\",VLOOKUP(RRE25,SETOP,3,0),IF(RRH25=\"CPU\",VLOOKUP(RRE25,COMPOSIÇÃO,2,0),VLOOKUP(RRE25,COTAÇÃO,3,0))))","v":"BOMBEIRO/ENCANADOR COM ENCARGOS COMPLEMENTARES"},null,"SETOP",{"$f":"IF(RRH25=\"SINAPI\",VLOOKUP(RRE25,SINAPI,3,0),IF(RRH25=\"SETOP\",VLOOKUP(RRE25,SETOP,4,0),IF(RRH25=\"CPU\",VLOOKUP(RRE25,COMPOSIÇÃO,5,0),VLOOKUP(RRE25,COTAÇÃO,8,0))))","v":"HORA"},0.5,{"$f":"IF(RRH25=\"SINAPI\",VLOOKUP(RRE25,SINAPI,4,0),IF(RRH25=\"SETOP\",VLOOKUP(RRE25,SETOP,5,0),IF(RRH25=\"CPU\",VLOOKUP(RRE25,COMPOSIÇÃO,8,0),VLOOKUP(RRE25,COTAÇÃO,11,0))))","v":19.149999999999999},{"$f":"RRJ25*RRK25","v":9.5749999999999993},"ED-50374",{"$f":"IF(RRP25=\"SINAPI\",VLOOKUP(RRM25,SINAPI,2,0),IF(RRP25=\"SETOP\",VLOOKUP(RRM25,SETOP,3,0),IF(RRP25=\"CPU\",VLOOKUP(RRM25,COMPOSIÇÃO,2,0),VLOOKUP(RRM25,COTAÇÃO,3,0))))","v":"BOMBEIRO/ENCANADOR COM ENCARGOS COMPLEMENTARES"},null,"SETOP",{"$f":"IF(RRP25=\"SINAPI\",VLOOKUP(RRM25,SINAPI,3,0),IF(RRP25=\"SETOP\",VLOOKUP(RRM25,SETOP,4,0),IF(RRP25=\"CPU\",VLOOKUP(RRM25,COMPOSIÇÃO,5,0),VLOOKUP(RRM25,COTAÇÃO,8,0))))","v":"HORA"},0.5,{"$f":"IF(RRP25=\"SINAPI\",VLOOKUP(RRM25,SINAPI,4,0),IF(RRP25=\"SETOP\",VLOOKUP(RRM25,SETOP,5,0),IF(RRP25=\"CPU\",VLOOKUP(RRM25,COMPOSIÇÃO,8,0),VLOOKUP(RRM25,COTAÇÃO,11,0))))","v":19.149999999999999},{"$f":"RRR25*RRS25","v":9.5749999999999993},"ED-50374",{"$f":"IF(RRX25=\"SINAPI\",VLOOKUP(RRU25,SINAPI,2,0),IF(RRX25=\"SETOP\",VLOOKUP(RRU25,SETOP,3,0),IF(RRX25=\"CPU\",VLOOKUP(RRU25,COMPOSIÇÃO,2,0),VLOOKUP(RRU25,COTAÇÃO,3,0))))","v":"BOMBEIRO/ENCANADOR COM ENCARGOS COMPLEMENTARES"},null,"SETOP",{"$f":"IF(RRX25=\"SINAPI\",VLOOKUP(RRU25,SINAPI,3,0),IF(RRX25=\"SETOP\",VLOOKUP(RRU25,SETOP,4,0),IF(RRX25=\"CPU\",VLOOKUP(RRU25,COMPOSIÇÃO,5,0),VLOOKUP(RRU25,COTAÇÃO,8,0))))","v":"HORA"},0.5,{"$f":"IF(RRX25=\"SINAPI\",VLOOKUP(RRU25,SINAPI,4,0),IF(RRX25=\"SETOP\",VLOOKUP(RRU25,SETOP,5,0),IF(RRX25=\"CPU\",VLOOKUP(RRU25,COMPOSIÇÃO,8,0),VLOOKUP(RRU25,COTAÇÃO,11,0))))","v":19.149999999999999},{"$f":"RRZ25*RSA25","v":9.5749999999999993},"ED-50374",{"$f":"IF(RSF25=\"SINAPI\",VLOOKUP(RSC25,SINAPI,2,0),IF(RSF25=\"SETOP\",VLOOKUP(RSC25,SETOP,3,0),IF(RSF25=\"CPU\",VLOOKUP(RSC25,COMPOSIÇÃO,2,0),VLOOKUP(RSC25,COTAÇÃO,3,0))))","v":"BOMBEIRO/ENCANADOR COM ENCARGOS COMPLEMENTARES"},null,"SETOP",{"$f":"IF(RSF25=\"SINAPI\",VLOOKUP(RSC25,SINAPI,3,0),IF(RSF25=\"SETOP\",VLOOKUP(RSC25,SETOP,4,0),IF(RSF25=\"CPU\",VLOOKUP(RSC25,COMPOSIÇÃO,5,0),VLOOKUP(RSC25,COTAÇÃO,8,0))))","v":"HORA"},0.5,{"$f":"IF(RSF25=\"SINAPI\",VLOOKUP(RSC25,SINAPI,4,0),IF(RSF25=\"SETOP\",VLOOKUP(RSC25,SETOP,5,0),IF(RSF25=\"CPU\",VLOOKUP(RSC25,COMPOSIÇÃO,8,0),VLOOKUP(RSC25,COTAÇÃO,11,0))))","v":19.149999999999999},{"$f":"RSH25*RSI25","v":9.5749999999999993},"ED-50374",{"$f":"IF(RSN25=\"SINAPI\",VLOOKUP(RSK25,SINAPI,2,0),IF(RSN25=\"SETOP\",VLOOKUP(RSK25,SETOP,3,0),IF(RSN25=\"CPU\",VLOOKUP(RSK25,COMPOSIÇÃO,2,0),VLOOKUP(RSK25,COTAÇÃO,3,0))))","v":"BOMBEIRO/ENCANADOR COM ENCARGOS COMPLEMENTARES"},null,"SETOP",{"$f":"IF(RSN25=\"SINAPI\",VLOOKUP(RSK25,SINAPI,3,0),IF(RSN25=\"SETOP\",VLOOKUP(RSK25,SETOP,4,0),IF(RSN25=\"CPU\",VLOOKUP(RSK25,COMPOSIÇÃO,5,0),VLOOKUP(RSK25,COTAÇÃO,8,0))))","v":"HORA"},0.5,{"$f":"IF(RSN25=\"SINAPI\",VLOOKUP(RSK25,SINAPI,4,0),IF(RSN25=\"SETOP\",VLOOKUP(RSK25,SETOP,5,0),IF(RSN25=\"CPU\",VLOOKUP(RSK25,COMPOSIÇÃO,8,0),VLOOKUP(RSK25,COTAÇÃO,11,0))))","v":19.149999999999999},{"$f":"RSP25*RSQ25","v":9.5749999999999993},"ED-50374",{"$f":"IF(RSV25=\"SINAPI\",VLOOKUP(RSS25,SINAPI,2,0),IF(RSV25=\"SETOP\",VLOOKUP(RSS25,SETOP,3,0),IF(RSV25=\"CPU\",VLOOKUP(RSS25,COMPOSIÇÃO,2,0),VLOOKUP(RSS25,COTAÇÃO,3,0))))","v":"BOMBEIRO/ENCANADOR COM ENCARGOS COMPLEMENTARES"},null,"SETOP",{"$f":"IF(RSV25=\"SINAPI\",VLOOKUP(RSS25,SINAPI,3,0),IF(RSV25=\"SETOP\",VLOOKUP(RSS25,SETOP,4,0),IF(RSV25=\"CPU\",VLOOKUP(RSS25,COMPOSIÇÃO,5,0),VLOOKUP(RSS25,COTAÇÃO,8,0))))","v":"HORA"},0.5,{"$f":"IF(RSV25=\"SINAPI\",VLOOKUP(RSS25,SINAPI,4,0),IF(RSV25=\"SETOP\",VLOOKUP(RSS25,SETOP,5,0),IF(RSV25=\"CPU\",VLOOKUP(RSS25,COMPOSIÇÃO,8,0),VLOOKUP(RSS25,COTAÇÃO,11,0))))","v":19.149999999999999},{"$f":"RSX25*RSY25","v":9.5749999999999993},"ED-50374",{"$f":"IF(RTD25=\"SINAPI\",VLOOKUP(RTA25,SINAPI,2,0),IF(RTD25=\"SETOP\",VLOOKUP(RTA25,SETOP,3,0),IF(RTD25=\"CPU\",VLOOKUP(RTA25,COMPOSIÇÃO,2,0),VLOOKUP(RTA25,COTAÇÃO,3,0))))","v":"BOMBEIRO/ENCANADOR COM ENCARGOS COMPLEMENTARES"},null,"SETOP",{"$f":"IF(RTD25=\"SINAPI\",VLOOKUP(RTA25,SINAPI,3,0),IF(RTD25=\"SETOP\",VLOOKUP(RTA25,SETOP,4,0),IF(RTD25=\"CPU\",VLOOKUP(RTA25,COMPOSIÇÃO,5,0),VLOOKUP(RTA25,COTAÇÃO,8,0))))","v":"HORA"},0.5,{"$f":"IF(RTD25=\"SINAPI\",VLOOKUP(RTA25,SINAPI,4,0),IF(RTD25=\"SETOP\",VLOOKUP(RTA25,SETOP,5,0),IF(RTD25=\"CPU\",VLOOKUP(RTA25,COMPOSIÇÃO,8,0),VLOOKUP(RTA25,COTAÇÃO,11,0))))","v":19.149999999999999},{"$f":"RTF25*RTG25","v":9.5749999999999993},"ED-50374",{"$f":"IF(RTL25=\"SINAPI\",VLOOKUP(RTI25,SINAPI,2,0),IF(RTL25=\"SETOP\",VLOOKUP(RTI25,SETOP,3,0),IF(RTL25=\"CPU\",VLOOKUP(RTI25,COMPOSIÇÃO,2,0),VLOOKUP(RTI25,COTAÇÃO,3,0))))","v":"BOMBEIRO/ENCANADOR COM ENCARGOS COMPLEMENTARES"},null,"SETOP",{"$f":"IF(RTL25=\"SINAPI\",VLOOKUP(RTI25,SINAPI,3,0),IF(RTL25=\"SETOP\",VLOOKUP(RTI25,SETOP,4,0),IF(RTL25=\"CPU\",VLOOKUP(RTI25,COMPOSIÇÃO,5,0),VLOOKUP(RTI25,COTAÇÃO,8,0))))","v":"HORA"},0.5,{"$f":"IF(RTL25=\"SINAPI\",VLOOKUP(RTI25,SINAPI,4,0),IF(RTL25=\"SETOP\",VLOOKUP(RTI25,SETOP,5,0),IF(RTL25=\"CPU\",VLOOKUP(RTI25,COMPOSIÇÃO,8,0),VLOOKUP(RTI25,COTAÇÃO,11,0))))","v":19.149999999999999},{"$f":"RTN25*RTO25","v":9.5749999999999993},"ED-50374",{"$f":"IF(RTT25=\"SINAPI\",VLOOKUP(RTQ25,SINAPI,2,0),IF(RTT25=\"SETOP\",VLOOKUP(RTQ25,SETOP,3,0),IF(RTT25=\"CPU\",VLOOKUP(RTQ25,COMPOSIÇÃO,2,0),VLOOKUP(RTQ25,COTAÇÃO,3,0))))","v":"BOMBEIRO/ENCANADOR COM ENCARGOS COMPLEMENTARES"},null,"SETOP",{"$f":"IF(RTT25=\"SINAPI\",VLOOKUP(RTQ25,SINAPI,3,0),IF(RTT25=\"SETOP\",VLOOKUP(RTQ25,SETOP,4,0),IF(RTT25=\"CPU\",VLOOKUP(RTQ25,COMPOSIÇÃO,5,0),VLOOKUP(RTQ25,COTAÇÃO,8,0))))","v":"HORA"},0.5,{"$f":"IF(RTT25=\"SINAPI\",VLOOKUP(RTQ25,SINAPI,4,0),IF(RTT25=\"SETOP\",VLOOKUP(RTQ25,SETOP,5,0),IF(RTT25=\"CPU\",VLOOKUP(RTQ25,COMPOSIÇÃO,8,0),VLOOKUP(RTQ25,COTAÇÃO,11,0))))","v":19.149999999999999},{"$f":"RTV25*RTW25","v":9.5749999999999993},"ED-50374",{"$f":"IF(RUB25=\"SINAPI\",VLOOKUP(RTY25,SINAPI,2,0),IF(RUB25=\"SETOP\",VLOOKUP(RTY25,SETOP,3,0),IF(RUB25=\"CPU\",VLOOKUP(RTY25,COMPOSIÇÃO,2,0),VLOOKUP(RTY25,COTAÇÃO,3,0))))","v":"BOMBEIRO/ENCANADOR COM ENCARGOS COMPLEMENTARES"},null,"SETOP",{"$f":"IF(RUB25=\"SINAPI\",VLOOKUP(RTY25,SINAPI,3,0),IF(RUB25=\"SETOP\",VLOOKUP(RTY25,SETOP,4,0),IF(RUB25=\"CPU\",VLOOKUP(RTY25,COMPOSIÇÃO,5,0),VLOOKUP(RTY25,COTAÇÃO,8,0))))","v":"HORA"},0.5,{"$f":"IF(RUB25=\"SINAPI\",VLOOKUP(RTY25,SINAPI,4,0),IF(RUB25=\"SETOP\",VLOOKUP(RTY25,SETOP,5,0),IF(RUB25=\"CPU\",VLOOKUP(RTY25,COMPOSIÇÃO,8,0),VLOOKUP(RTY25,COTAÇÃO,11,0))))","v":19.149999999999999},{"$f":"RUD25*RUE25","v":9.5749999999999993},"ED-50374",{"$f":"IF(RUJ25=\"SINAPI\",VLOOKUP(RUG25,SINAPI,2,0),IF(RUJ25=\"SETOP\",VLOOKUP(RUG25,SETOP,3,0),IF(RUJ25=\"CPU\",VLOOKUP(RUG25,COMPOSIÇÃO,2,0),VLOOKUP(RUG25,COTAÇÃO,3,0))))","v":"BOMBEIRO/ENCANADOR COM ENCARGOS COMPLEMENTARES"},null,"SETOP",{"$f":"IF(RUJ25=\"SINAPI\",VLOOKUP(RUG25,SINAPI,3,0),IF(RUJ25=\"SETOP\",VLOOKUP(RUG25,SETOP,4,0),IF(RUJ25=\"CPU\",VLOOKUP(RUG25,COMPOSIÇÃO,5,0),VLOOKUP(RUG25,COTAÇÃO,8,0))))","v":"HORA"},0.5,{"$f":"IF(RUJ25=\"SINAPI\",VLOOKUP(RUG25,SINAPI,4,0),IF(RUJ25=\"SETOP\",VLOOKUP(RUG25,SETOP,5,0),IF(RUJ25=\"CPU\",VLOOKUP(RUG25,COMPOSIÇÃO,8,0),VLOOKUP(RUG25,COTAÇÃO,11,0))))","v":19.149999999999999},{"$f":"RUL25*RUM25","v":9.5749999999999993},"ED-50374",{"$f":"IF(RUR25=\"SINAPI\",VLOOKUP(RUO25,SINAPI,2,0),IF(RUR25=\"SETOP\",VLOOKUP(RUO25,SETOP,3,0),IF(RUR25=\"CPU\",VLOOKUP(RUO25,COMPOSIÇÃO,2,0),VLOOKUP(RUO25,COTAÇÃO,3,0))))","v":"BOMBEIRO/ENCANADOR COM ENCARGOS COMPLEMENTARES"},null,"SETOP",{"$f":"IF(RUR25=\"SINAPI\",VLOOKUP(RUO25,SINAPI,3,0),IF(RUR25=\"SETOP\",VLOOKUP(RUO25,SETOP,4,0),IF(RUR25=\"CPU\",VLOOKUP(RUO25,COMPOSIÇÃO,5,0),VLOOKUP(RUO25,COTAÇÃO,8,0))))","v":"HORA"},0.5,{"$f":"IF(RUR25=\"SINAPI\",VLOOKUP(RUO25,SINAPI,4,0),IF(RUR25=\"SETOP\",VLOOKUP(RUO25,SETOP,5,0),IF(RUR25=\"CPU\",VLOOKUP(RUO25,COMPOSIÇÃO,8,0),VLOOKUP(RUO25,COTAÇÃO,11,0))))","v":19.149999999999999},{"$f":"RUT25*RUU25","v":9.5749999999999993},"ED-50374",{"$f":"IF(RUZ25=\"SINAPI\",VLOOKUP(RUW25,SINAPI,2,0),IF(RUZ25=\"SETOP\",VLOOKUP(RUW25,SETOP,3,0),IF(RUZ25=\"CPU\",VLOOKUP(RUW25,COMPOSIÇÃO,2,0),VLOOKUP(RUW25,COTAÇÃO,3,0))))","v":"BOMBEIRO/ENCANADOR COM ENCARGOS COMPLEMENTARES"},null,"SETOP",{"$f":"IF(RUZ25=\"SINAPI\",VLOOKUP(RUW25,SINAPI,3,0),IF(RUZ25=\"SETOP\",VLOOKUP(RUW25,SETOP,4,0),IF(RUZ25=\"CPU\",VLOOKUP(RUW25,COMPOSIÇÃO,5,0),VLOOKUP(RUW25,COTAÇÃO,8,0))))","v":"HORA"},0.5,{"$f":"IF(RUZ25=\"SINAPI\",VLOOKUP(RUW25,SINAPI,4,0),IF(RUZ25=\"SETOP\",VLOOKUP(RUW25,SETOP,5,0),IF(RUZ25=\"CPU\",VLOOKUP(RUW25,COMPOSIÇÃO,8,0),VLOOKUP(RUW25,COTAÇÃO,11,0))))","v":19.149999999999999},{"$f":"RVB25*RVC25","v":9.5749999999999993},"ED-50374",{"$f":"IF(RVH25=\"SINAPI\",VLOOKUP(RVE25,SINAPI,2,0),IF(RVH25=\"SETOP\",VLOOKUP(RVE25,SETOP,3,0),IF(RVH25=\"CPU\",VLOOKUP(RVE25,COMPOSIÇÃO,2,0),VLOOKUP(RVE25,COTAÇÃO,3,0))))","v":"BOMBEIRO/ENCANADOR COM ENCARGOS COMPLEMENTARES"},null,"SETOP",{"$f":"IF(RVH25=\"SINAPI\",VLOOKUP(RVE25,SINAPI,3,0),IF(RVH25=\"SETOP\",VLOOKUP(RVE25,SETOP,4,0),IF(RVH25=\"CPU\",VLOOKUP(RVE25,COMPOSIÇÃO,5,0),VLOOKUP(RVE25,COTAÇÃO,8,0))))","v":"HORA"},0.5,{"$f":"IF(RVH25=\"SINAPI\",VLOOKUP(RVE25,SINAPI,4,0),IF(RVH25=\"SETOP\",VLOOKUP(RVE25,SETOP,5,0),IF(RVH25=\"CPU\",VLOOKUP(RVE25,COMPOSIÇÃO,8,0),VLOOKUP(RVE25,COTAÇÃO,11,0))))","v":19.149999999999999},{"$f":"RVJ25*RVK25","v":9.5749999999999993},"ED-50374",{"$f":"IF(RVP25=\"SINAPI\",VLOOKUP(RVM25,SINAPI,2,0),IF(RVP25=\"SETOP\",VLOOKUP(RVM25,SETOP,3,0),IF(RVP25=\"CPU\",VLOOKUP(RVM25,COMPOSIÇÃO,2,0),VLOOKUP(RVM25,COTAÇÃO,3,0))))","v":"BOMBEIRO/ENCANADOR COM ENCARGOS COMPLEMENTARES"},null,"SETOP",{"$f":"IF(RVP25=\"SINAPI\",VLOOKUP(RVM25,SINAPI,3,0),IF(RVP25=\"SETOP\",VLOOKUP(RVM25,SETOP,4,0),IF(RVP25=\"CPU\",VLOOKUP(RVM25,COMPOSIÇÃO,5,0),VLOOKUP(RVM25,COTAÇÃO,8,0))))","v":"HORA"},0.5,{"$f":"IF(RVP25=\"SINAPI\",VLOOKUP(RVM25,SINAPI,4,0),IF(RVP25=\"SETOP\",VLOOKUP(RVM25,SETOP,5,0),IF(RVP25=\"CPU\",VLOOKUP(RVM25,COMPOSIÇÃO,8,0),VLOOKUP(RVM25,COTAÇÃO,11,0))))","v":19.149999999999999},{"$f":"RVR25*RVS25","v":9.5749999999999993},"ED-50374",{"$f":"IF(RVX25=\"SINAPI\",VLOOKUP(RVU25,SINAPI,2,0),IF(RVX25=\"SETOP\",VLOOKUP(RVU25,SETOP,3,0),IF(RVX25=\"CPU\",VLOOKUP(RVU25,COMPOSIÇÃO,2,0),VLOOKUP(RVU25,COTAÇÃO,3,0))))","v":"BOMBEIRO/ENCANADOR COM ENCARGOS COMPLEMENTARES"},null,"SETOP",{"$f":"IF(RVX25=\"SINAPI\",VLOOKUP(RVU25,SINAPI,3,0),IF(RVX25=\"SETOP\",VLOOKUP(RVU25,SETOP,4,0),IF(RVX25=\"CPU\",VLOOKUP(RVU25,COMPOSIÇÃO,5,0),VLOOKUP(RVU25,COTAÇÃO,8,0))))","v":"HORA"},0.5,{"$f":"IF(RVX25=\"SINAPI\",VLOOKUP(RVU25,SINAPI,4,0),IF(RVX25=\"SETOP\",VLOOKUP(RVU25,SETOP,5,0),IF(RVX25=\"CPU\",VLOOKUP(RVU25,COMPOSIÇÃO,8,0),VLOOKUP(RVU25,COTAÇÃO,11,0))))","v":19.149999999999999},{"$f":"RVZ25*RWA25","v":9.5749999999999993},"ED-50374",{"$f":"IF(RWF25=\"SINAPI\",VLOOKUP(RWC25,SINAPI,2,0),IF(RWF25=\"SETOP\",VLOOKUP(RWC25,SETOP,3,0),IF(RWF25=\"CPU\",VLOOKUP(RWC25,COMPOSIÇÃO,2,0),VLOOKUP(RWC25,COTAÇÃO,3,0))))","v":"BOMBEIRO/ENCANADOR COM ENCARGOS COMPLEMENTARES"},null,"SETOP",{"$f":"IF(RWF25=\"SINAPI\",VLOOKUP(RWC25,SINAPI,3,0),IF(RWF25=\"SETOP\",VLOOKUP(RWC25,SETOP,4,0),IF(RWF25=\"CPU\",VLOOKUP(RWC25,COMPOSIÇÃO,5,0),VLOOKUP(RWC25,COTAÇÃO,8,0))))","v":"HORA"},0.5,{"$f":"IF(RWF25=\"SINAPI\",VLOOKUP(RWC25,SINAPI,4,0),IF(RWF25=\"SETOP\",VLOOKUP(RWC25,SETOP,5,0),IF(RWF25=\"CPU\",VLOOKUP(RWC25,COMPOSIÇÃO,8,0),VLOOKUP(RWC25,COTAÇÃO,11,0))))","v":19.149999999999999},{"$f":"RWH25*RWI25","v":9.5749999999999993},"ED-50374",{"$f":"IF(RWN25=\"SINAPI\",VLOOKUP(RWK25,SINAPI,2,0),IF(RWN25=\"SETOP\",VLOOKUP(RWK25,SETOP,3,0),IF(RWN25=\"CPU\",VLOOKUP(RWK25,COMPOSIÇÃO,2,0),VLOOKUP(RWK25,COTAÇÃO,3,0))))","v":"BOMBEIRO/ENCANADOR COM ENCARGOS COMPLEMENTARES"},null,"SETOP",{"$f":"IF(RWN25=\"SINAPI\",VLOOKUP(RWK25,SINAPI,3,0),IF(RWN25=\"SETOP\",VLOOKUP(RWK25,SETOP,4,0),IF(RWN25=\"CPU\",VLOOKUP(RWK25,COMPOSIÇÃO,5,0),VLOOKUP(RWK25,COTAÇÃO,8,0))))","v":"HORA"},0.5,{"$f":"IF(RWN25=\"SINAPI\",VLOOKUP(RWK25,SINAPI,4,0),IF(RWN25=\"SETOP\",VLOOKUP(RWK25,SETOP,5,0),IF(RWN25=\"CPU\",VLOOKUP(RWK25,COMPOSIÇÃO,8,0),VLOOKUP(RWK25,COTAÇÃO,11,0))))","v":19.149999999999999},{"$f":"RWP25*RWQ25","v":9.5749999999999993},"ED-50374",{"$f":"IF(RWV25=\"SINAPI\",VLOOKUP(RWS25,SINAPI,2,0),IF(RWV25=\"SETOP\",VLOOKUP(RWS25,SETOP,3,0),IF(RWV25=\"CPU\",VLOOKUP(RWS25,COMPOSIÇÃO,2,0),VLOOKUP(RWS25,COTAÇÃO,3,0))))","v":"BOMBEIRO/ENCANADOR COM ENCARGOS COMPLEMENTARES"},null,"SETOP",{"$f":"IF(RWV25=\"SINAPI\",VLOOKUP(RWS25,SINAPI,3,0),IF(RWV25=\"SETOP\",VLOOKUP(RWS25,SETOP,4,0),IF(RWV25=\"CPU\",VLOOKUP(RWS25,COMPOSIÇÃO,5,0),VLOOKUP(RWS25,COTAÇÃO,8,0))))","v":"HORA"},0.5,{"$f":"IF(RWV25=\"SINAPI\",VLOOKUP(RWS25,SINAPI,4,0),IF(RWV25=\"SETOP\",VLOOKUP(RWS25,SETOP,5,0),IF(RWV25=\"CPU\",VLOOKUP(RWS25,COMPOSIÇÃO,8,0),VLOOKUP(RWS25,COTAÇÃO,11,0))))","v":19.149999999999999},{"$f":"RWX25*RWY25","v":9.5749999999999993},"ED-50374",{"$f":"IF(RXD25=\"SINAPI\",VLOOKUP(RXA25,SINAPI,2,0),IF(RXD25=\"SETOP\",VLOOKUP(RXA25,SETOP,3,0),IF(RXD25=\"CPU\",VLOOKUP(RXA25,COMPOSIÇÃO,2,0),VLOOKUP(RXA25,COTAÇÃO,3,0))))","v":"BOMBEIRO/ENCANADOR COM ENCARGOS COMPLEMENTARES"},null,"SETOP",{"$f":"IF(RXD25=\"SINAPI\",VLOOKUP(RXA25,SINAPI,3,0),IF(RXD25=\"SETOP\",VLOOKUP(RXA25,SETOP,4,0),IF(RXD25=\"CPU\",VLOOKUP(RXA25,COMPOSIÇÃO,5,0),VLOOKUP(RXA25,COTAÇÃO,8,0))))","v":"HORA"},0.5,{"$f":"IF(RXD25=\"SINAPI\",VLOOKUP(RXA25,SINAPI,4,0),IF(RXD25=\"SETOP\",VLOOKUP(RXA25,SETOP,5,0),IF(RXD25=\"CPU\",VLOOKUP(RXA25,COMPOSIÇÃO,8,0),VLOOKUP(RXA25,COTAÇÃO,11,0))))","v":19.149999999999999},{"$f":"RXF25*RXG25","v":9.5749999999999993},"ED-50374",{"$f":"IF(RXL25=\"SINAPI\",VLOOKUP(RXI25,SINAPI,2,0),IF(RXL25=\"SETOP\",VLOOKUP(RXI25,SETOP,3,0),IF(RXL25=\"CPU\",VLOOKUP(RXI25,COMPOSIÇÃO,2,0),VLOOKUP(RXI25,COTAÇÃO,3,0))))","v":"BOMBEIRO/ENCANADOR COM ENCARGOS COMPLEMENTARES"},null,"SETOP",{"$f":"IF(RXL25=\"SINAPI\",VLOOKUP(RXI25,SINAPI,3,0),IF(RXL25=\"SETOP\",VLOOKUP(RXI25,SETOP,4,0),IF(RXL25=\"CPU\",VLOOKUP(RXI25,COMPOSIÇÃO,5,0),VLOOKUP(RXI25,COTAÇÃO,8,0))))","v":"HORA"},0.5,{"$f":"IF(RXL25=\"SINAPI\",VLOOKUP(RXI25,SINAPI,4,0),IF(RXL25=\"SETOP\",VLOOKUP(RXI25,SETOP,5,0),IF(RXL25=\"CPU\",VLOOKUP(RXI25,COMPOSIÇÃO,8,0),VLOOKUP(RXI25,COTAÇÃO,11,0))))","v":19.149999999999999},{"$f":"RXN25*RXO25","v":9.5749999999999993},"ED-50374",{"$f":"IF(RXT25=\"SINAPI\",VLOOKUP(RXQ25,SINAPI,2,0),IF(RXT25=\"SETOP\",VLOOKUP(RXQ25,SETOP,3,0),IF(RXT25=\"CPU\",VLOOKUP(RXQ25,COMPOSIÇÃO,2,0),VLOOKUP(RXQ25,COTAÇÃO,3,0))))","v":"BOMBEIRO/ENCANADOR COM ENCARGOS COMPLEMENTARES"},null,"SETOP",{"$f":"IF(RXT25=\"SINAPI\",VLOOKUP(RXQ25,SINAPI,3,0),IF(RXT25=\"SETOP\",VLOOKUP(RXQ25,SETOP,4,0),IF(RXT25=\"CPU\",VLOOKUP(RXQ25,COMPOSIÇÃO,5,0),VLOOKUP(RXQ25,COTAÇÃO,8,0))))","v":"HORA"},0.5,{"$f":"IF(RXT25=\"SINAPI\",VLOOKUP(RXQ25,SINAPI,4,0),IF(RXT25=\"SETOP\",VLOOKUP(RXQ25,SETOP,5,0),IF(RXT25=\"CPU\",VLOOKUP(RXQ25,COMPOSIÇÃO,8,0),VLOOKUP(RXQ25,COTAÇÃO,11,0))))","v":19.149999999999999},{"$f":"RXV25*RXW25","v":9.5749999999999993},"ED-50374",{"$f":"IF(RYB25=\"SINAPI\",VLOOKUP(RXY25,SINAPI,2,0),IF(RYB25=\"SETOP\",VLOOKUP(RXY25,SETOP,3,0),IF(RYB25=\"CPU\",VLOOKUP(RXY25,COMPOSIÇÃO,2,0),VLOOKUP(RXY25,COTAÇÃO,3,0))))","v":"BOMBEIRO/ENCANADOR COM ENCARGOS COMPLEMENTARES"},null,"SETOP",{"$f":"IF(RYB25=\"SINAPI\",VLOOKUP(RXY25,SINAPI,3,0),IF(RYB25=\"SETOP\",VLOOKUP(RXY25,SETOP,4,0),IF(RYB25=\"CPU\",VLOOKUP(RXY25,COMPOSIÇÃO,5,0),VLOOKUP(RXY25,COTAÇÃO,8,0))))","v":"HORA"},0.5,{"$f":"IF(RYB25=\"SINAPI\",VLOOKUP(RXY25,SINAPI,4,0),IF(RYB25=\"SETOP\",VLOOKUP(RXY25,SETOP,5,0),IF(RYB25=\"CPU\",VLOOKUP(RXY25,COMPOSIÇÃO,8,0),VLOOKUP(RXY25,COTAÇÃO,11,0))))","v":19.149999999999999},{"$f":"RYD25*RYE25","v":9.5749999999999993},"ED-50374",{"$f":"IF(RYJ25=\"SINAPI\",VLOOKUP(RYG25,SINAPI,2,0),IF(RYJ25=\"SETOP\",VLOOKUP(RYG25,SETOP,3,0),IF(RYJ25=\"CPU\",VLOOKUP(RYG25,COMPOSIÇÃO,2,0),VLOOKUP(RYG25,COTAÇÃO,3,0))))","v":"BOMBEIRO/ENCANADOR COM ENCARGOS COMPLEMENTARES"},null,"SETOP",{"$f":"IF(RYJ25=\"SINAPI\",VLOOKUP(RYG25,SINAPI,3,0),IF(RYJ25=\"SETOP\",VLOOKUP(RYG25,SETOP,4,0),IF(RYJ25=\"CPU\",VLOOKUP(RYG25,COMPOSIÇÃO,5,0),VLOOKUP(RYG25,COTAÇÃO,8,0))))","v":"HORA"},0.5,{"$f":"IF(RYJ25=\"SINAPI\",VLOOKUP(RYG25,SINAPI,4,0),IF(RYJ25=\"SETOP\",VLOOKUP(RYG25,SETOP,5,0),IF(RYJ25=\"CPU\",VLOOKUP(RYG25,COMPOSIÇÃO,8,0),VLOOKUP(RYG25,COTAÇÃO,11,0))))","v":19.149999999999999},{"$f":"RYL25*RYM25","v":9.5749999999999993},"ED-50374",{"$f":"IF(RYR25=\"SINAPI\",VLOOKUP(RYO25,SINAPI,2,0),IF(RYR25=\"SETOP\",VLOOKUP(RYO25,SETOP,3,0),IF(RYR25=\"CPU\",VLOOKUP(RYO25,COMPOSIÇÃO,2,0),VLOOKUP(RYO25,COTAÇÃO,3,0))))","v":"BOMBEIRO/ENCANADOR COM ENCARGOS COMPLEMENTARES"},null,"SETOP",{"$f":"IF(RYR25=\"SINAPI\",VLOOKUP(RYO25,SINAPI,3,0),IF(RYR25=\"SETOP\",VLOOKUP(RYO25,SETOP,4,0),IF(RYR25=\"CPU\",VLOOKUP(RYO25,COMPOSIÇÃO,5,0),VLOOKUP(RYO25,COTAÇÃO,8,0))))","v":"HORA"},0.5,{"$f":"IF(RYR25=\"SINAPI\",VLOOKUP(RYO25,SINAPI,4,0),IF(RYR25=\"SETOP\",VLOOKUP(RYO25,SETOP,5,0),IF(RYR25=\"CPU\",VLOOKUP(RYO25,COMPOSIÇÃO,8,0),VLOOKUP(RYO25,COTAÇÃO,11,0))))","v":19.149999999999999},{"$f":"RYT25*RYU25","v":9.5749999999999993},"ED-50374",{"$f":"IF(RYZ25=\"SINAPI\",VLOOKUP(RYW25,SINAPI,2,0),IF(RYZ25=\"SETOP\",VLOOKUP(RYW25,SETOP,3,0),IF(RYZ25=\"CPU\",VLOOKUP(RYW25,COMPOSIÇÃO,2,0),VLOOKUP(RYW25,COTAÇÃO,3,0))))","v":"BOMBEIRO/ENCANADOR COM ENCARGOS COMPLEMENTARES"},null,"SETOP",{"$f":"IF(RYZ25=\"SINAPI\",VLOOKUP(RYW25,SINAPI,3,0),IF(RYZ25=\"SETOP\",VLOOKUP(RYW25,SETOP,4,0),IF(RYZ25=\"CPU\",VLOOKUP(RYW25,COMPOSIÇÃO,5,0),VLOOKUP(RYW25,COTAÇÃO,8,0))))","v":"HORA"},0.5,{"$f":"IF(RYZ25=\"SINAPI\",VLOOKUP(RYW25,SINAPI,4,0),IF(RYZ25=\"SETOP\",VLOOKUP(RYW25,SETOP,5,0),IF(RYZ25=\"CPU\",VLOOKUP(RYW25,COMPOSIÇÃO,8,0),VLOOKUP(RYW25,COTAÇÃO,11,0))))","v":19.149999999999999},{"$f":"RZB25*RZC25","v":9.5749999999999993},"ED-50374",{"$f":"IF(RZH25=\"SINAPI\",VLOOKUP(RZE25,SINAPI,2,0),IF(RZH25=\"SETOP\",VLOOKUP(RZE25,SETOP,3,0),IF(RZH25=\"CPU\",VLOOKUP(RZE25,COMPOSIÇÃO,2,0),VLOOKUP(RZE25,COTAÇÃO,3,0))))","v":"BOMBEIRO/ENCANADOR COM ENCARGOS COMPLEMENTARES"},null,"SETOP",{"$f":"IF(RZH25=\"SINAPI\",VLOOKUP(RZE25,SINAPI,3,0),IF(RZH25=\"SETOP\",VLOOKUP(RZE25,SETOP,4,0),IF(RZH25=\"CPU\",VLOOKUP(RZE25,COMPOSIÇÃO,5,0),VLOOKUP(RZE25,COTAÇÃO,8,0))))","v":"HORA"},0.5,{"$f":"IF(RZH25=\"SINAPI\",VLOOKUP(RZE25,SINAPI,4,0),IF(RZH25=\"SETOP\",VLOOKUP(RZE25,SETOP,5,0),IF(RZH25=\"CPU\",VLOOKUP(RZE25,COMPOSIÇÃO,8,0),VLOOKUP(RZE25,COTAÇÃO,11,0))))","v":19.149999999999999},{"$f":"RZJ25*RZK25","v":9.5749999999999993},"ED-50374",{"$f":"IF(RZP25=\"SINAPI\",VLOOKUP(RZM25,SINAPI,2,0),IF(RZP25=\"SETOP\",VLOOKUP(RZM25,SETOP,3,0),IF(RZP25=\"CPU\",VLOOKUP(RZM25,COMPOSIÇÃO,2,0),VLOOKUP(RZM25,COTAÇÃO,3,0))))","v":"BOMBEIRO/ENCANADOR COM ENCARGOS COMPLEMENTARES"},null,"SETOP",{"$f":"IF(RZP25=\"SINAPI\",VLOOKUP(RZM25,SINAPI,3,0),IF(RZP25=\"SETOP\",VLOOKUP(RZM25,SETOP,4,0),IF(RZP25=\"CPU\",VLOOKUP(RZM25,COMPOSIÇÃO,5,0),VLOOKUP(RZM25,COTAÇÃO,8,0))))","v":"HORA"},0.5,{"$f":"IF(RZP25=\"SINAPI\",VLOOKUP(RZM25,SINAPI,4,0),IF(RZP25=\"SETOP\",VLOOKUP(RZM25,SETOP,5,0),IF(RZP25=\"CPU\",VLOOKUP(RZM25,COMPOSIÇÃO,8,0),VLOOKUP(RZM25,COTAÇÃO,11,0))))","v":19.149999999999999},{"$f":"RZR25*RZS25","v":9.5749999999999993},"ED-50374",{"$f":"IF(RZX25=\"SINAPI\",VLOOKUP(RZU25,SINAPI,2,0),IF(RZX25=\"SETOP\",VLOOKUP(RZU25,SETOP,3,0),IF(RZX25=\"CPU\",VLOOKUP(RZU25,COMPOSIÇÃO,2,0),VLOOKUP(RZU25,COTAÇÃO,3,0))))","v":"BOMBEIRO/ENCANADOR COM ENCARGOS COMPLEMENTARES"},null,"SETOP",{"$f":"IF(RZX25=\"SINAPI\",VLOOKUP(RZU25,SINAPI,3,0),IF(RZX25=\"SETOP\",VLOOKUP(RZU25,SETOP,4,0),IF(RZX25=\"CPU\",VLOOKUP(RZU25,COMPOSIÇÃO,5,0),VLOOKUP(RZU25,COTAÇÃO,8,0))))","v":"HORA"},0.5,{"$f":"IF(RZX25=\"SINAPI\",VLOOKUP(RZU25,SINAPI,4,0),IF(RZX25=\"SETOP\",VLOOKUP(RZU25,SETOP,5,0),IF(RZX25=\"CPU\",VLOOKUP(RZU25,COMPOSIÇÃO,8,0),VLOOKUP(RZU25,COTAÇÃO,11,0))))","v":19.149999999999999},{"$f":"RZZ25*SAA25","v":9.5749999999999993},"ED-50374",{"$f":"IF(SAF25=\"SINAPI\",VLOOKUP(SAC25,SINAPI,2,0),IF(SAF25=\"SETOP\",VLOOKUP(SAC25,SETOP,3,0),IF(SAF25=\"CPU\",VLOOKUP(SAC25,COMPOSIÇÃO,2,0),VLOOKUP(SAC25,COTAÇÃO,3,0))))","v":"BOMBEIRO/ENCANADOR COM ENCARGOS COMPLEMENTARES"},null,"SETOP",{"$f":"IF(SAF25=\"SINAPI\",VLOOKUP(SAC25,SINAPI,3,0),IF(SAF25=\"SETOP\",VLOOKUP(SAC25,SETOP,4,0),IF(SAF25=\"CPU\",VLOOKUP(SAC25,COMPOSIÇÃO,5,0),VLOOKUP(SAC25,COTAÇÃO,8,0))))","v":"HORA"},0.5,{"$f":"IF(SAF25=\"SINAPI\",VLOOKUP(SAC25,SINAPI,4,0),IF(SAF25=\"SETOP\",VLOOKUP(SAC25,SETOP,5,0),IF(SAF25=\"CPU\",VLOOKUP(SAC25,COMPOSIÇÃO,8,0),VLOOKUP(SAC25,COTAÇÃO,11,0))))","v":19.149999999999999},{"$f":"SAH25*SAI25","v":9.5749999999999993},"ED-50374",{"$f":"IF(SAN25=\"SINAPI\",VLOOKUP(SAK25,SINAPI,2,0),IF(SAN25=\"SETOP\",VLOOKUP(SAK25,SETOP,3,0),IF(SAN25=\"CPU\",VLOOKUP(SAK25,COMPOSIÇÃO,2,0),VLOOKUP(SAK25,COTAÇÃO,3,0))))","v":"BOMBEIRO/ENCANADOR COM ENCARGOS COMPLEMENTARES"},null,"SETOP",{"$f":"IF(SAN25=\"SINAPI\",VLOOKUP(SAK25,SINAPI,3,0),IF(SAN25=\"SETOP\",VLOOKUP(SAK25,SETOP,4,0),IF(SAN25=\"CPU\",VLOOKUP(SAK25,COMPOSIÇÃO,5,0),VLOOKUP(SAK25,COTAÇÃO,8,0))))","v":"HORA"},0.5,{"$f":"IF(SAN25=\"SINAPI\",VLOOKUP(SAK25,SINAPI,4,0),IF(SAN25=\"SETOP\",VLOOKUP(SAK25,SETOP,5,0),IF(SAN25=\"CPU\",VLOOKUP(SAK25,COMPOSIÇÃO,8,0),VLOOKUP(SAK25,COTAÇÃO,11,0))))","v":19.149999999999999},{"$f":"SAP25*SAQ25","v":9.5749999999999993},"ED-50374",{"$f":"IF(SAV25=\"SINAPI\",VLOOKUP(SAS25,SINAPI,2,0),IF(SAV25=\"SETOP\",VLOOKUP(SAS25,SETOP,3,0),IF(SAV25=\"CPU\",VLOOKUP(SAS25,COMPOSIÇÃO,2,0),VLOOKUP(SAS25,COTAÇÃO,3,0))))","v":"BOMBEIRO/ENCANADOR COM ENCARGOS COMPLEMENTARES"},null,"SETOP",{"$f":"IF(SAV25=\"SINAPI\",VLOOKUP(SAS25,SINAPI,3,0),IF(SAV25=\"SETOP\",VLOOKUP(SAS25,SETOP,4,0),IF(SAV25=\"CPU\",VLOOKUP(SAS25,COMPOSIÇÃO,5,0),VLOOKUP(SAS25,COTAÇÃO,8,0))))","v":"HORA"},0.5,{"$f":"IF(SAV25=\"SINAPI\",VLOOKUP(SAS25,SINAPI,4,0),IF(SAV25=\"SETOP\",VLOOKUP(SAS25,SETOP,5,0),IF(SAV25=\"CPU\",VLOOKUP(SAS25,COMPOSIÇÃO,8,0),VLOOKUP(SAS25,COTAÇÃO,11,0))))","v":19.149999999999999},{"$f":"SAX25*SAY25","v":9.5749999999999993},"ED-50374",{"$f":"IF(SBD25=\"SINAPI\",VLOOKUP(SBA25,SINAPI,2,0),IF(SBD25=\"SETOP\",VLOOKUP(SBA25,SETOP,3,0),IF(SBD25=\"CPU\",VLOOKUP(SBA25,COMPOSIÇÃO,2,0),VLOOKUP(SBA25,COTAÇÃO,3,0))))","v":"BOMBEIRO/ENCANADOR COM ENCARGOS COMPLEMENTARES"},null,"SETOP",{"$f":"IF(SBD25=\"SINAPI\",VLOOKUP(SBA25,SINAPI,3,0),IF(SBD25=\"SETOP\",VLOOKUP(SBA25,SETOP,4,0),IF(SBD25=\"CPU\",VLOOKUP(SBA25,COMPOSIÇÃO,5,0),VLOOKUP(SBA25,COTAÇÃO,8,0))))","v":"HORA"},0.5,{"$f":"IF(SBD25=\"SINAPI\",VLOOKUP(SBA25,SINAPI,4,0),IF(SBD25=\"SETOP\",VLOOKUP(SBA25,SETOP,5,0),IF(SBD25=\"CPU\",VLOOKUP(SBA25,COMPOSIÇÃO,8,0),VLOOKUP(SBA25,COTAÇÃO,11,0))))","v":19.149999999999999},{"$f":"SBF25*SBG25","v":9.5749999999999993},"ED-50374",{"$f":"IF(SBL25=\"SINAPI\",VLOOKUP(SBI25,SINAPI,2,0),IF(SBL25=\"SETOP\",VLOOKUP(SBI25,SETOP,3,0),IF(SBL25=\"CPU\",VLOOKUP(SBI25,COMPOSIÇÃO,2,0),VLOOKUP(SBI25,COTAÇÃO,3,0))))","v":"BOMBEIRO/ENCANADOR COM ENCARGOS COMPLEMENTARES"},null,"SETOP",{"$f":"IF(SBL25=\"SINAPI\",VLOOKUP(SBI25,SINAPI,3,0),IF(SBL25=\"SETOP\",VLOOKUP(SBI25,SETOP,4,0),IF(SBL25=\"CPU\",VLOOKUP(SBI25,COMPOSIÇÃO,5,0),VLOOKUP(SBI25,COTAÇÃO,8,0))))","v":"HORA"},0.5,{"$f":"IF(SBL25=\"SINAPI\",VLOOKUP(SBI25,SINAPI,4,0),IF(SBL25=\"SETOP\",VLOOKUP(SBI25,SETOP,5,0),IF(SBL25=\"CPU\",VLOOKUP(SBI25,COMPOSIÇÃO,8,0),VLOOKUP(SBI25,COTAÇÃO,11,0))))","v":19.149999999999999},{"$f":"SBN25*SBO25","v":9.5749999999999993},"ED-50374",{"$f":"IF(SBT25=\"SINAPI\",VLOOKUP(SBQ25,SINAPI,2,0),IF(SBT25=\"SETOP\",VLOOKUP(SBQ25,SETOP,3,0),IF(SBT25=\"CPU\",VLOOKUP(SBQ25,COMPOSIÇÃO,2,0),VLOOKUP(SBQ25,COTAÇÃO,3,0))))","v":"BOMBEIRO/ENCANADOR COM ENCARGOS COMPLEMENTARES"},null,"SETOP",{"$f":"IF(SBT25=\"SINAPI\",VLOOKUP(SBQ25,SINAPI,3,0),IF(SBT25=\"SETOP\",VLOOKUP(SBQ25,SETOP,4,0),IF(SBT25=\"CPU\",VLOOKUP(SBQ25,COMPOSIÇÃO,5,0),VLOOKUP(SBQ25,COTAÇÃO,8,0))))","v":"HORA"},0.5,{"$f":"IF(SBT25=\"SINAPI\",VLOOKUP(SBQ25,SINAPI,4,0),IF(SBT25=\"SETOP\",VLOOKUP(SBQ25,SETOP,5,0),IF(SBT25=\"CPU\",VLOOKUP(SBQ25,COMPOSIÇÃO,8,0),VLOOKUP(SBQ25,COTAÇÃO,11,0))))","v":19.149999999999999},{"$f":"SBV25*SBW25","v":9.5749999999999993},"ED-50374",{"$f":"IF(SCB25=\"SINAPI\",VLOOKUP(SBY25,SINAPI,2,0),IF(SCB25=\"SETOP\",VLOOKUP(SBY25,SETOP,3,0),IF(SCB25=\"CPU\",VLOOKUP(SBY25,COMPOSIÇÃO,2,0),VLOOKUP(SBY25,COTAÇÃO,3,0))))","v":"BOMBEIRO/ENCANADOR COM ENCARGOS COMPLEMENTARES"},null,"SETOP",{"$f":"IF(SCB25=\"SINAPI\",VLOOKUP(SBY25,SINAPI,3,0),IF(SCB25=\"SETOP\",VLOOKUP(SBY25,SETOP,4,0),IF(SCB25=\"CPU\",VLOOKUP(SBY25,COMPOSIÇÃO,5,0),VLOOKUP(SBY25,COTAÇÃO,8,0))))","v":"HORA"},0.5,{"$f":"IF(SCB25=\"SINAPI\",VLOOKUP(SBY25,SINAPI,4,0),IF(SCB25=\"SETOP\",VLOOKUP(SBY25,SETOP,5,0),IF(SCB25=\"CPU\",VLOOKUP(SBY25,COMPOSIÇÃO,8,0),VLOOKUP(SBY25,COTAÇÃO,11,0))))","v":19.149999999999999},{"$f":"SCD25*SCE25","v":9.5749999999999993},"ED-50374",{"$f":"IF(SCJ25=\"SINAPI\",VLOOKUP(SCG25,SINAPI,2,0),IF(SCJ25=\"SETOP\",VLOOKUP(SCG25,SETOP,3,0),IF(SCJ25=\"CPU\",VLOOKUP(SCG25,COMPOSIÇÃO,2,0),VLOOKUP(SCG25,COTAÇÃO,3,0))))","v":"BOMBEIRO/ENCANADOR COM ENCARGOS COMPLEMENTARES"},null,"SETOP",{"$f":"IF(SCJ25=\"SINAPI\",VLOOKUP(SCG25,SINAPI,3,0),IF(SCJ25=\"SETOP\",VLOOKUP(SCG25,SETOP,4,0),IF(SCJ25=\"CPU\",VLOOKUP(SCG25,COMPOSIÇÃO,5,0),VLOOKUP(SCG25,COTAÇÃO,8,0))))","v":"HORA"},0.5,{"$f":"IF(SCJ25=\"SINAPI\",VLOOKUP(SCG25,SINAPI,4,0),IF(SCJ25=\"SETOP\",VLOOKUP(SCG25,SETOP,5,0),IF(SCJ25=\"CPU\",VLOOKUP(SCG25,COMPOSIÇÃO,8,0),VLOOKUP(SCG25,COTAÇÃO,11,0))))","v":19.149999999999999},{"$f":"SCL25*SCM25","v":9.5749999999999993},"ED-50374",{"$f":"IF(SCR25=\"SINAPI\",VLOOKUP(SCO25,SINAPI,2,0),IF(SCR25=\"SETOP\",VLOOKUP(SCO25,SETOP,3,0),IF(SCR25=\"CPU\",VLOOKUP(SCO25,COMPOSIÇÃO,2,0),VLOOKUP(SCO25,COTAÇÃO,3,0))))","v":"BOMBEIRO/ENCANADOR COM ENCARGOS COMPLEMENTARES"},null,"SETOP",{"$f":"IF(SCR25=\"SINAPI\",VLOOKUP(SCO25,SINAPI,3,0),IF(SCR25=\"SETOP\",VLOOKUP(SCO25,SETOP,4,0),IF(SCR25=\"CPU\",VLOOKUP(SCO25,COMPOSIÇÃO,5,0),VLOOKUP(SCO25,COTAÇÃO,8,0))))","v":"HORA"},0.5,{"$f":"IF(SCR25=\"SINAPI\",VLOOKUP(SCO25,SINAPI,4,0),IF(SCR25=\"SETOP\",VLOOKUP(SCO25,SETOP,5,0),IF(SCR25=\"CPU\",VLOOKUP(SCO25,COMPOSIÇÃO,8,0),VLOOKUP(SCO25,COTAÇÃO,11,0))))","v":19.149999999999999},{"$f":"SCT25*SCU25","v":9.5749999999999993},"ED-50374",{"$f":"IF(SCZ25=\"SINAPI\",VLOOKUP(SCW25,SINAPI,2,0),IF(SCZ25=\"SETOP\",VLOOKUP(SCW25,SETOP,3,0),IF(SCZ25=\"CPU\",VLOOKUP(SCW25,COMPOSIÇÃO,2,0),VLOOKUP(SCW25,COTAÇÃO,3,0))))","v":"BOMBEIRO/ENCANADOR COM ENCARGOS COMPLEMENTARES"},null,"SETOP",{"$f":"IF(SCZ25=\"SINAPI\",VLOOKUP(SCW25,SINAPI,3,0),IF(SCZ25=\"SETOP\",VLOOKUP(SCW25,SETOP,4,0),IF(SCZ25=\"CPU\",VLOOKUP(SCW25,COMPOSIÇÃO,5,0),VLOOKUP(SCW25,COTAÇÃO,8,0))))","v":"HORA"},0.5,{"$f":"IF(SCZ25=\"SINAPI\",VLOOKUP(SCW25,SINAPI,4,0),IF(SCZ25=\"SETOP\",VLOOKUP(SCW25,SETOP,5,0),IF(SCZ25=\"CPU\",VLOOKUP(SCW25,COMPOSIÇÃO,8,0),VLOOKUP(SCW25,COTAÇÃO,11,0))))","v":19.149999999999999},{"$f":"SDB25*SDC25","v":9.5749999999999993},"ED-50374",{"$f":"IF(SDH25=\"SINAPI\",VLOOKUP(SDE25,SINAPI,2,0),IF(SDH25=\"SETOP\",VLOOKUP(SDE25,SETOP,3,0),IF(SDH25=\"CPU\",VLOOKUP(SDE25,COMPOSIÇÃO,2,0),VLOOKUP(SDE25,COTAÇÃO,3,0))))","v":"BOMBEIRO/ENCANADOR COM ENCARGOS COMPLEMENTARES"},null,"SETOP",{"$f":"IF(SDH25=\"SINAPI\",VLOOKUP(SDE25,SINAPI,3,0),IF(SDH25=\"SETOP\",VLOOKUP(SDE25,SETOP,4,0),IF(SDH25=\"CPU\",VLOOKUP(SDE25,COMPOSIÇÃO,5,0),VLOOKUP(SDE25,COTAÇÃO,8,0))))","v":"HORA"},0.5,{"$f":"IF(SDH25=\"SINAPI\",VLOOKUP(SDE25,SINAPI,4,0),IF(SDH25=\"SETOP\",VLOOKUP(SDE25,SETOP,5,0),IF(SDH25=\"CPU\",VLOOKUP(SDE25,COMPOSIÇÃO,8,0),VLOOKUP(SDE25,COTAÇÃO,11,0))))","v":19.149999999999999},{"$f":"SDJ25*SDK25","v":9.5749999999999993},"ED-50374",{"$f":"IF(SDP25=\"SINAPI\",VLOOKUP(SDM25,SINAPI,2,0),IF(SDP25=\"SETOP\",VLOOKUP(SDM25,SETOP,3,0),IF(SDP25=\"CPU\",VLOOKUP(SDM25,COMPOSIÇÃO,2,0),VLOOKUP(SDM25,COTAÇÃO,3,0))))","v":"BOMBEIRO/ENCANADOR COM ENCARGOS COMPLEMENTARES"},null,"SETOP",{"$f":"IF(SDP25=\"SINAPI\",VLOOKUP(SDM25,SINAPI,3,0),IF(SDP25=\"SETOP\",VLOOKUP(SDM25,SETOP,4,0),IF(SDP25=\"CPU\",VLOOKUP(SDM25,COMPOSIÇÃO,5,0),VLOOKUP(SDM25,COTAÇÃO,8,0))))","v":"HORA"},0.5,{"$f":"IF(SDP25=\"SINAPI\",VLOOKUP(SDM25,SINAPI,4,0),IF(SDP25=\"SETOP\",VLOOKUP(SDM25,SETOP,5,0),IF(SDP25=\"CPU\",VLOOKUP(SDM25,COMPOSIÇÃO,8,0),VLOOKUP(SDM25,COTAÇÃO,11,0))))","v":19.149999999999999},{"$f":"SDR25*SDS25","v":9.5749999999999993},"ED-50374",{"$f":"IF(SDX25=\"SINAPI\",VLOOKUP(SDU25,SINAPI,2,0),IF(SDX25=\"SETOP\",VLOOKUP(SDU25,SETOP,3,0),IF(SDX25=\"CPU\",VLOOKUP(SDU25,COMPOSIÇÃO,2,0),VLOOKUP(SDU25,COTAÇÃO,3,0))))","v":"BOMBEIRO/ENCANADOR COM ENCARGOS COMPLEMENTARES"},null,"SETOP",{"$f":"IF(SDX25=\"SINAPI\",VLOOKUP(SDU25,SINAPI,3,0),IF(SDX25=\"SETOP\",VLOOKUP(SDU25,SETOP,4,0),IF(SDX25=\"CPU\",VLOOKUP(SDU25,COMPOSIÇÃO,5,0),VLOOKUP(SDU25,COTAÇÃO,8,0))))","v":"HORA"},0.5,{"$f":"IF(SDX25=\"SINAPI\",VLOOKUP(SDU25,SINAPI,4,0),IF(SDX25=\"SETOP\",VLOOKUP(SDU25,SETOP,5,0),IF(SDX25=\"CPU\",VLOOKUP(SDU25,COMPOSIÇÃO,8,0),VLOOKUP(SDU25,COTAÇÃO,11,0))))","v":19.149999999999999},{"$f":"SDZ25*SEA25","v":9.5749999999999993},"ED-50374",{"$f":"IF(SEF25=\"SINAPI\",VLOOKUP(SEC25,SINAPI,2,0),IF(SEF25=\"SETOP\",VLOOKUP(SEC25,SETOP,3,0),IF(SEF25=\"CPU\",VLOOKUP(SEC25,COMPOSIÇÃO,2,0),VLOOKUP(SEC25,COTAÇÃO,3,0))))","v":"BOMBEIRO/ENCANADOR COM ENCARGOS COMPLEMENTARES"},null,"SETOP",{"$f":"IF(SEF25=\"SINAPI\",VLOOKUP(SEC25,SINAPI,3,0),IF(SEF25=\"SETOP\",VLOOKUP(SEC25,SETOP,4,0),IF(SEF25=\"CPU\",VLOOKUP(SEC25,COMPOSIÇÃO,5,0),VLOOKUP(SEC25,COTAÇÃO,8,0))))","v":"HORA"},0.5,{"$f":"IF(SEF25=\"SINAPI\",VLOOKUP(SEC25,SINAPI,4,0),IF(SEF25=\"SETOP\",VLOOKUP(SEC25,SETOP,5,0),IF(SEF25=\"CPU\",VLOOKUP(SEC25,COMPOSIÇÃO,8,0),VLOOKUP(SEC25,COTAÇÃO,11,0))))","v":19.149999999999999},{"$f":"SEH25*SEI25","v":9.5749999999999993},"ED-50374",{"$f":"IF(SEN25=\"SINAPI\",VLOOKUP(SEK25,SINAPI,2,0),IF(SEN25=\"SETOP\",VLOOKUP(SEK25,SETOP,3,0),IF(SEN25=\"CPU\",VLOOKUP(SEK25,COMPOSIÇÃO,2,0),VLOOKUP(SEK25,COTAÇÃO,3,0))))","v":"BOMBEIRO/ENCANADOR COM ENCARGOS COMPLEMENTARES"},null,"SETOP",{"$f":"IF(SEN25=\"SINAPI\",VLOOKUP(SEK25,SINAPI,3,0),IF(SEN25=\"SETOP\",VLOOKUP(SEK25,SETOP,4,0),IF(SEN25=\"CPU\",VLOOKUP(SEK25,COMPOSIÇÃO,5,0),VLOOKUP(SEK25,COTAÇÃO,8,0))))","v":"HORA"},0.5,{"$f":"IF(SEN25=\"SINAPI\",VLOOKUP(SEK25,SINAPI,4,0),IF(SEN25=\"SETOP\",VLOOKUP(SEK25,SETOP,5,0),IF(SEN25=\"CPU\",VLOOKUP(SEK25,COMPOSIÇÃO,8,0),VLOOKUP(SEK25,COTAÇÃO,11,0))))","v":19.149999999999999},{"$f":"SEP25*SEQ25","v":9.5749999999999993},"ED-50374",{"$f":"IF(SEV25=\"SINAPI\",VLOOKUP(SES25,SINAPI,2,0),IF(SEV25=\"SETOP\",VLOOKUP(SES25,SETOP,3,0),IF(SEV25=\"CPU\",VLOOKUP(SES25,COMPOSIÇÃO,2,0),VLOOKUP(SES25,COTAÇÃO,3,0))))","v":"BOMBEIRO/ENCANADOR COM ENCARGOS COMPLEMENTARES"},null,"SETOP",{"$f":"IF(SEV25=\"SINAPI\",VLOOKUP(SES25,SINAPI,3,0),IF(SEV25=\"SETOP\",VLOOKUP(SES25,SETOP,4,0),IF(SEV25=\"CPU\",VLOOKUP(SES25,COMPOSIÇÃO,5,0),VLOOKUP(SES25,COTAÇÃO,8,0))))","v":"HORA"},0.5,{"$f":"IF(SEV25=\"SINAPI\",VLOOKUP(SES25,SINAPI,4,0),IF(SEV25=\"SETOP\",VLOOKUP(SES25,SETOP,5,0),IF(SEV25=\"CPU\",VLOOKUP(SES25,COMPOSIÇÃO,8,0),VLOOKUP(SES25,COTAÇÃO,11,0))))","v":19.149999999999999},{"$f":"SEX25*SEY25","v":9.5749999999999993},"ED-50374",{"$f":"IF(SFD25=\"SINAPI\",VLOOKUP(SFA25,SINAPI,2,0),IF(SFD25=\"SETOP\",VLOOKUP(SFA25,SETOP,3,0),IF(SFD25=\"CPU\",VLOOKUP(SFA25,COMPOSIÇÃO,2,0),VLOOKUP(SFA25,COTAÇÃO,3,0))))","v":"BOMBEIRO/ENCANADOR COM ENCARGOS COMPLEMENTARES"},null,"SETOP",{"$f":"IF(SFD25=\"SINAPI\",VLOOKUP(SFA25,SINAPI,3,0),IF(SFD25=\"SETOP\",VLOOKUP(SFA25,SETOP,4,0),IF(SFD25=\"CPU\",VLOOKUP(SFA25,COMPOSIÇÃO,5,0),VLOOKUP(SFA25,COTAÇÃO,8,0))))","v":"HORA"},0.5,{"$f":"IF(SFD25=\"SINAPI\",VLOOKUP(SFA25,SINAPI,4,0),IF(SFD25=\"SETOP\",VLOOKUP(SFA25,SETOP,5,0),IF(SFD25=\"CPU\",VLOOKUP(SFA25,COMPOSIÇÃO,8,0),VLOOKUP(SFA25,COTAÇÃO,11,0))))","v":19.149999999999999},{"$f":"SFF25*SFG25","v":9.5749999999999993},"ED-50374",{"$f":"IF(SFL25=\"SINAPI\",VLOOKUP(SFI25,SINAPI,2,0),IF(SFL25=\"SETOP\",VLOOKUP(SFI25,SETOP,3,0),IF(SFL25=\"CPU\",VLOOKUP(SFI25,COMPOSIÇÃO,2,0),VLOOKUP(SFI25,COTAÇÃO,3,0))))","v":"BOMBEIRO/ENCANADOR COM ENCARGOS COMPLEMENTARES"},null,"SETOP",{"$f":"IF(SFL25=\"SINAPI\",VLOOKUP(SFI25,SINAPI,3,0),IF(SFL25=\"SETOP\",VLOOKUP(SFI25,SETOP,4,0),IF(SFL25=\"CPU\",VLOOKUP(SFI25,COMPOSIÇÃO,5,0),VLOOKUP(SFI25,COTAÇÃO,8,0))))","v":"HORA"},0.5,{"$f":"IF(SFL25=\"SINAPI\",VLOOKUP(SFI25,SINAPI,4,0),IF(SFL25=\"SETOP\",VLOOKUP(SFI25,SETOP,5,0),IF(SFL25=\"CPU\",VLOOKUP(SFI25,COMPOSIÇÃO,8,0),VLOOKUP(SFI25,COTAÇÃO,11,0))))","v":19.149999999999999},{"$f":"SFN25*SFO25","v":9.5749999999999993},"ED-50374",{"$f":"IF(SFT25=\"SINAPI\",VLOOKUP(SFQ25,SINAPI,2,0),IF(SFT25=\"SETOP\",VLOOKUP(SFQ25,SETOP,3,0),IF(SFT25=\"CPU\",VLOOKUP(SFQ25,COMPOSIÇÃO,2,0),VLOOKUP(SFQ25,COTAÇÃO,3,0))))","v":"BOMBEIRO/ENCANADOR COM ENCARGOS COMPLEMENTARES"},null,"SETOP",{"$f":"IF(SFT25=\"SINAPI\",VLOOKUP(SFQ25,SINAPI,3,0),IF(SFT25=\"SETOP\",VLOOKUP(SFQ25,SETOP,4,0),IF(SFT25=\"CPU\",VLOOKUP(SFQ25,COMPOSIÇÃO,5,0),VLOOKUP(SFQ25,COTAÇÃO,8,0))))","v":"HORA"},0.5,{"$f":"IF(SFT25=\"SINAPI\",VLOOKUP(SFQ25,SINAPI,4,0),IF(SFT25=\"SETOP\",VLOOKUP(SFQ25,SETOP,5,0),IF(SFT25=\"CPU\",VLOOKUP(SFQ25,COMPOSIÇÃO,8,0),VLOOKUP(SFQ25,COTAÇÃO,11,0))))","v":19.149999999999999},{"$f":"SFV25*SFW25","v":9.5749999999999993},"ED-50374",{"$f":"IF(SGB25=\"SINAPI\",VLOOKUP(SFY25,SINAPI,2,0),IF(SGB25=\"SETOP\",VLOOKUP(SFY25,SETOP,3,0),IF(SGB25=\"CPU\",VLOOKUP(SFY25,COMPOSIÇÃO,2,0),VLOOKUP(SFY25,COTAÇÃO,3,0))))","v":"BOMBEIRO/ENCANADOR COM ENCARGOS COMPLEMENTARES"},null,"SETOP",{"$f":"IF(SGB25=\"SINAPI\",VLOOKUP(SFY25,SINAPI,3,0),IF(SGB25=\"SETOP\",VLOOKUP(SFY25,SETOP,4,0),IF(SGB25=\"CPU\",VLOOKUP(SFY25,COMPOSIÇÃO,5,0),VLOOKUP(SFY25,COTAÇÃO,8,0))))","v":"HORA"},0.5,{"$f":"IF(SGB25=\"SINAPI\",VLOOKUP(SFY25,SINAPI,4,0),IF(SGB25=\"SETOP\",VLOOKUP(SFY25,SETOP,5,0),IF(SGB25=\"CPU\",VLOOKUP(SFY25,COMPOSIÇÃO,8,0),VLOOKUP(SFY25,COTAÇÃO,11,0))))","v":19.149999999999999},{"$f":"SGD25*SGE25","v":9.5749999999999993},"ED-50374",{"$f":"IF(SGJ25=\"SINAPI\",VLOOKUP(SGG25,SINAPI,2,0),IF(SGJ25=\"SETOP\",VLOOKUP(SGG25,SETOP,3,0),IF(SGJ25=\"CPU\",VLOOKUP(SGG25,COMPOSIÇÃO,2,0),VLOOKUP(SGG25,COTAÇÃO,3,0))))","v":"BOMBEIRO/ENCANADOR COM ENCARGOS COMPLEMENTARES"},null,"SETOP",{"$f":"IF(SGJ25=\"SINAPI\",VLOOKUP(SGG25,SINAPI,3,0),IF(SGJ25=\"SETOP\",VLOOKUP(SGG25,SETOP,4,0),IF(SGJ25=\"CPU\",VLOOKUP(SGG25,COMPOSIÇÃO,5,0),VLOOKUP(SGG25,COTAÇÃO,8,0))))","v":"HORA"},0.5,{"$f":"IF(SGJ25=\"SINAPI\",VLOOKUP(SGG25,SINAPI,4,0),IF(SGJ25=\"SETOP\",VLOOKUP(SGG25,SETOP,5,0),IF(SGJ25=\"CPU\",VLOOKUP(SGG25,COMPOSIÇÃO,8,0),VLOOKUP(SGG25,COTAÇÃO,11,0))))","v":19.149999999999999},{"$f":"SGL25*SGM25","v":9.5749999999999993},"ED-50374",{"$f":"IF(SGR25=\"SINAPI\",VLOOKUP(SGO25,SINAPI,2,0),IF(SGR25=\"SETOP\",VLOOKUP(SGO25,SETOP,3,0),IF(SGR25=\"CPU\",VLOOKUP(SGO25,COMPOSIÇÃO,2,0),VLOOKUP(SGO25,COTAÇÃO,3,0))))","v":"BOMBEIRO/ENCANADOR COM ENCARGOS COMPLEMENTARES"},null,"SETOP",{"$f":"IF(SGR25=\"SINAPI\",VLOOKUP(SGO25,SINAPI,3,0),IF(SGR25=\"SETOP\",VLOOKUP(SGO25,SETOP,4,0),IF(SGR25=\"CPU\",VLOOKUP(SGO25,COMPOSIÇÃO,5,0),VLOOKUP(SGO25,COTAÇÃO,8,0))))","v":"HORA"},0.5,{"$f":"IF(SGR25=\"SINAPI\",VLOOKUP(SGO25,SINAPI,4,0),IF(SGR25=\"SETOP\",VLOOKUP(SGO25,SETOP,5,0),IF(SGR25=\"CPU\",VLOOKUP(SGO25,COMPOSIÇÃO,8,0),VLOOKUP(SGO25,COTAÇÃO,11,0))))","v":19.149999999999999},{"$f":"SGT25*SGU25","v":9.5749999999999993},"ED-50374",{"$f":"IF(SGZ25=\"SINAPI\",VLOOKUP(SGW25,SINAPI,2,0),IF(SGZ25=\"SETOP\",VLOOKUP(SGW25,SETOP,3,0),IF(SGZ25=\"CPU\",VLOOKUP(SGW25,COMPOSIÇÃO,2,0),VLOOKUP(SGW25,COTAÇÃO,3,0))))","v":"BOMBEIRO/ENCANADOR COM ENCARGOS COMPLEMENTARES"},null,"SETOP",{"$f":"IF(SGZ25=\"SINAPI\",VLOOKUP(SGW25,SINAPI,3,0),IF(SGZ25=\"SETOP\",VLOOKUP(SGW25,SETOP,4,0),IF(SGZ25=\"CPU\",VLOOKUP(SGW25,COMPOSIÇÃO,5,0),VLOOKUP(SGW25,COTAÇÃO,8,0))))","v":"HORA"},0.5,{"$f":"IF(SGZ25=\"SINAPI\",VLOOKUP(SGW25,SINAPI,4,0),IF(SGZ25=\"SETOP\",VLOOKUP(SGW25,SETOP,5,0),IF(SGZ25=\"CPU\",VLOOKUP(SGW25,COMPOSIÇÃO,8,0),VLOOKUP(SGW25,COTAÇÃO,11,0))))","v":19.149999999999999},{"$f":"SHB25*SHC25","v":9.5749999999999993},"ED-50374",{"$f":"IF(SHH25=\"SINAPI\",VLOOKUP(SHE25,SINAPI,2,0),IF(SHH25=\"SETOP\",VLOOKUP(SHE25,SETOP,3,0),IF(SHH25=\"CPU\",VLOOKUP(SHE25,COMPOSIÇÃO,2,0),VLOOKUP(SHE25,COTAÇÃO,3,0))))","v":"BOMBEIRO/ENCANADOR COM ENCARGOS COMPLEMENTARES"},null,"SETOP",{"$f":"IF(SHH25=\"SINAPI\",VLOOKUP(SHE25,SINAPI,3,0),IF(SHH25=\"SETOP\",VLOOKUP(SHE25,SETOP,4,0),IF(SHH25=\"CPU\",VLOOKUP(SHE25,COMPOSIÇÃO,5,0),VLOOKUP(SHE25,COTAÇÃO,8,0))))","v":"HORA"},0.5,{"$f":"IF(SHH25=\"SINAPI\",VLOOKUP(SHE25,SINAPI,4,0),IF(SHH25=\"SETOP\",VLOOKUP(SHE25,SETOP,5,0),IF(SHH25=\"CPU\",VLOOKUP(SHE25,COMPOSIÇÃO,8,0),VLOOKUP(SHE25,COTAÇÃO,11,0))))","v":19.149999999999999},{"$f":"SHJ25*SHK25","v":9.5749999999999993},"ED-50374",{"$f":"IF(SHP25=\"SINAPI\",VLOOKUP(SHM25,SINAPI,2,0),IF(SHP25=\"SETOP\",VLOOKUP(SHM25,SETOP,3,0),IF(SHP25=\"CPU\",VLOOKUP(SHM25,COMPOSIÇÃO,2,0),VLOOKUP(SHM25,COTAÇÃO,3,0))))","v":"BOMBEIRO/ENCANADOR COM ENCARGOS COMPLEMENTARES"},null,"SETOP",{"$f":"IF(SHP25=\"SINAPI\",VLOOKUP(SHM25,SINAPI,3,0),IF(SHP25=\"SETOP\",VLOOKUP(SHM25,SETOP,4,0),IF(SHP25=\"CPU\",VLOOKUP(SHM25,COMPOSIÇÃO,5,0),VLOOKUP(SHM25,COTAÇÃO,8,0))))","v":"HORA"},0.5,{"$f":"IF(SHP25=\"SINAPI\",VLOOKUP(SHM25,SINAPI,4,0),IF(SHP25=\"SETOP\",VLOOKUP(SHM25,SETOP,5,0),IF(SHP25=\"CPU\",VLOOKUP(SHM25,COMPOSIÇÃO,8,0),VLOOKUP(SHM25,COTAÇÃO,11,0))))","v":19.149999999999999},{"$f":"SHR25*SHS25","v":9.5749999999999993},"ED-50374",{"$f":"IF(SHX25=\"SINAPI\",VLOOKUP(SHU25,SINAPI,2,0),IF(SHX25=\"SETOP\",VLOOKUP(SHU25,SETOP,3,0),IF(SHX25=\"CPU\",VLOOKUP(SHU25,COMPOSIÇÃO,2,0),VLOOKUP(SHU25,COTAÇÃO,3,0))))","v":"BOMBEIRO/ENCANADOR COM ENCARGOS COMPLEMENTARES"},null,"SETOP",{"$f":"IF(SHX25=\"SINAPI\",VLOOKUP(SHU25,SINAPI,3,0),IF(SHX25=\"SETOP\",VLOOKUP(SHU25,SETOP,4,0),IF(SHX25=\"CPU\",VLOOKUP(SHU25,COMPOSIÇÃO,5,0),VLOOKUP(SHU25,COTAÇÃO,8,0))))","v":"HORA"},0.5,{"$f":"IF(SHX25=\"SINAPI\",VLOOKUP(SHU25,SINAPI,4,0),IF(SHX25=\"SETOP\",VLOOKUP(SHU25,SETOP,5,0),IF(SHX25=\"CPU\",VLOOKUP(SHU25,COMPOSIÇÃO,8,0),VLOOKUP(SHU25,COTAÇÃO,11,0))))","v":19.149999999999999},{"$f":"SHZ25*SIA25","v":9.5749999999999993},"ED-50374",{"$f":"IF(SIF25=\"SINAPI\",VLOOKUP(SIC25,SINAPI,2,0),IF(SIF25=\"SETOP\",VLOOKUP(SIC25,SETOP,3,0),IF(SIF25=\"CPU\",VLOOKUP(SIC25,COMPOSIÇÃO,2,0),VLOOKUP(SIC25,COTAÇÃO,3,0))))","v":"BOMBEIRO/ENCANADOR COM ENCARGOS COMPLEMENTARES"},null,"SETOP",{"$f":"IF(SIF25=\"SINAPI\",VLOOKUP(SIC25,SINAPI,3,0),IF(SIF25=\"SETOP\",VLOOKUP(SIC25,SETOP,4,0),IF(SIF25=\"CPU\",VLOOKUP(SIC25,COMPOSIÇÃO,5,0),VLOOKUP(SIC25,COTAÇÃO,8,0))))","v":"HORA"},0.5,{"$f":"IF(SIF25=\"SINAPI\",VLOOKUP(SIC25,SINAPI,4,0),IF(SIF25=\"SETOP\",VLOOKUP(SIC25,SETOP,5,0),IF(SIF25=\"CPU\",VLOOKUP(SIC25,COMPOSIÇÃO,8,0),VLOOKUP(SIC25,COTAÇÃO,11,0))))","v":19.149999999999999},{"$f":"SIH25*SII25","v":9.5749999999999993},"ED-50374",{"$f":"IF(SIN25=\"SINAPI\",VLOOKUP(SIK25,SINAPI,2,0),IF(SIN25=\"SETOP\",VLOOKUP(SIK25,SETOP,3,0),IF(SIN25=\"CPU\",VLOOKUP(SIK25,COMPOSIÇÃO,2,0),VLOOKUP(SIK25,COTAÇÃO,3,0))))","v":"BOMBEIRO/ENCANADOR COM ENCARGOS COMPLEMENTARES"},null,"SETOP",{"$f":"IF(SIN25=\"SINAPI\",VLOOKUP(SIK25,SINAPI,3,0),IF(SIN25=\"SETOP\",VLOOKUP(SIK25,SETOP,4,0),IF(SIN25=\"CPU\",VLOOKUP(SIK25,COMPOSIÇÃO,5,0),VLOOKUP(SIK25,COTAÇÃO,8,0))))","v":"HORA"},0.5,{"$f":"IF(SIN25=\"SINAPI\",VLOOKUP(SIK25,SINAPI,4,0),IF(SIN25=\"SETOP\",VLOOKUP(SIK25,SETOP,5,0),IF(SIN25=\"CPU\",VLOOKUP(SIK25,COMPOSIÇÃO,8,0),VLOOKUP(SIK25,COTAÇÃO,11,0))))","v":19.149999999999999},{"$f":"SIP25*SIQ25","v":9.5749999999999993},"ED-50374",{"$f":"IF(SIV25=\"SINAPI\",VLOOKUP(SIS25,SINAPI,2,0),IF(SIV25=\"SETOP\",VLOOKUP(SIS25,SETOP,3,0),IF(SIV25=\"CPU\",VLOOKUP(SIS25,COMPOSIÇÃO,2,0),VLOOKUP(SIS25,COTAÇÃO,3,0))))","v":"BOMBEIRO/ENCANADOR COM ENCARGOS COMPLEMENTARES"},null,"SETOP",{"$f":"IF(SIV25=\"SINAPI\",VLOOKUP(SIS25,SINAPI,3,0),IF(SIV25=\"SETOP\",VLOOKUP(SIS25,SETOP,4,0),IF(SIV25=\"CPU\",VLOOKUP(SIS25,COMPOSIÇÃO,5,0),VLOOKUP(SIS25,COTAÇÃO,8,0))))","v":"HORA"},0.5,{"$f":"IF(SIV25=\"SINAPI\",VLOOKUP(SIS25,SINAPI,4,0),IF(SIV25=\"SETOP\",VLOOKUP(SIS25,SETOP,5,0),IF(SIV25=\"CPU\",VLOOKUP(SIS25,COMPOSIÇÃO,8,0),VLOOKUP(SIS25,COTAÇÃO,11,0))))","v":19.149999999999999},{"$f":"SIX25*SIY25","v":9.5749999999999993},"ED-50374",{"$f":"IF(SJD25=\"SINAPI\",VLOOKUP(SJA25,SINAPI,2,0),IF(SJD25=\"SETOP\",VLOOKUP(SJA25,SETOP,3,0),IF(SJD25=\"CPU\",VLOOKUP(SJA25,COMPOSIÇÃO,2,0),VLOOKUP(SJA25,COTAÇÃO,3,0))))","v":"BOMBEIRO/ENCANADOR COM ENCARGOS COMPLEMENTARES"},null,"SETOP",{"$f":"IF(SJD25=\"SINAPI\",VLOOKUP(SJA25,SINAPI,3,0),IF(SJD25=\"SETOP\",VLOOKUP(SJA25,SETOP,4,0),IF(SJD25=\"CPU\",VLOOKUP(SJA25,COMPOSIÇÃO,5,0),VLOOKUP(SJA25,COTAÇÃO,8,0))))","v":"HORA"},0.5,{"$f":"IF(SJD25=\"SINAPI\",VLOOKUP(SJA25,SINAPI,4,0),IF(SJD25=\"SETOP\",VLOOKUP(SJA25,SETOP,5,0),IF(SJD25=\"CPU\",VLOOKUP(SJA25,COMPOSIÇÃO,8,0),VLOOKUP(SJA25,COTAÇÃO,11,0))))","v":19.149999999999999},{"$f":"SJF25*SJG25","v":9.5749999999999993},"ED-50374",{"$f":"IF(SJL25=\"SINAPI\",VLOOKUP(SJI25,SINAPI,2,0),IF(SJL25=\"SETOP\",VLOOKUP(SJI25,SETOP,3,0),IF(SJL25=\"CPU\",VLOOKUP(SJI25,COMPOSIÇÃO,2,0),VLOOKUP(SJI25,COTAÇÃO,3,0))))","v":"BOMBEIRO/ENCANADOR COM ENCARGOS COMPLEMENTARES"},null,"SETOP",{"$f":"IF(SJL25=\"SINAPI\",VLOOKUP(SJI25,SINAPI,3,0),IF(SJL25=\"SETOP\",VLOOKUP(SJI25,SETOP,4,0),IF(SJL25=\"CPU\",VLOOKUP(SJI25,COMPOSIÇÃO,5,0),VLOOKUP(SJI25,COTAÇÃO,8,0))))","v":"HORA"},0.5,{"$f":"IF(SJL25=\"SINAPI\",VLOOKUP(SJI25,SINAPI,4,0),IF(SJL25=\"SETOP\",VLOOKUP(SJI25,SETOP,5,0),IF(SJL25=\"CPU\",VLOOKUP(SJI25,COMPOSIÇÃO,8,0),VLOOKUP(SJI25,COTAÇÃO,11,0))))","v":19.149999999999999},{"$f":"SJN25*SJO25","v":9.5749999999999993},"ED-50374",{"$f":"IF(SJT25=\"SINAPI\",VLOOKUP(SJQ25,SINAPI,2,0),IF(SJT25=\"SETOP\",VLOOKUP(SJQ25,SETOP,3,0),IF(SJT25=\"CPU\",VLOOKUP(SJQ25,COMPOSIÇÃO,2,0),VLOOKUP(SJQ25,COTAÇÃO,3,0))))","v":"BOMBEIRO/ENCANADOR COM ENCARGOS COMPLEMENTARES"},null,"SETOP",{"$f":"IF(SJT25=\"SINAPI\",VLOOKUP(SJQ25,SINAPI,3,0),IF(SJT25=\"SETOP\",VLOOKUP(SJQ25,SETOP,4,0),IF(SJT25=\"CPU\",VLOOKUP(SJQ25,COMPOSIÇÃO,5,0),VLOOKUP(SJQ25,COTAÇÃO,8,0))))","v":"HORA"},0.5,{"$f":"IF(SJT25=\"SINAPI\",VLOOKUP(SJQ25,SINAPI,4,0),IF(SJT25=\"SETOP\",VLOOKUP(SJQ25,SETOP,5,0),IF(SJT25=\"CPU\",VLOOKUP(SJQ25,COMPOSIÇÃO,8,0),VLOOKUP(SJQ25,COTAÇÃO,11,0))))","v":19.149999999999999},{"$f":"SJV25*SJW25","v":9.5749999999999993},"ED-50374",{"$f":"IF(SKB25=\"SINAPI\",VLOOKUP(SJY25,SINAPI,2,0),IF(SKB25=\"SETOP\",VLOOKUP(SJY25,SETOP,3,0),IF(SKB25=\"CPU\",VLOOKUP(SJY25,COMPOSIÇÃO,2,0),VLOOKUP(SJY25,COTAÇÃO,3,0))))","v":"BOMBEIRO/ENCANADOR COM ENCARGOS COMPLEMENTARES"},null,"SETOP",{"$f":"IF(SKB25=\"SINAPI\",VLOOKUP(SJY25,SINAPI,3,0),IF(SKB25=\"SETOP\",VLOOKUP(SJY25,SETOP,4,0),IF(SKB25=\"CPU\",VLOOKUP(SJY25,COMPOSIÇÃO,5,0),VLOOKUP(SJY25,COTAÇÃO,8,0))))","v":"HORA"},0.5,{"$f":"IF(SKB25=\"SINAPI\",VLOOKUP(SJY25,SINAPI,4,0),IF(SKB25=\"SETOP\",VLOOKUP(SJY25,SETOP,5,0),IF(SKB25=\"CPU\",VLOOKUP(SJY25,COMPOSIÇÃO,8,0),VLOOKUP(SJY25,COTAÇÃO,11,0))))","v":19.149999999999999},{"$f":"SKD25*SKE25","v":9.5749999999999993},"ED-50374",{"$f":"IF(SKJ25=\"SINAPI\",VLOOKUP(SKG25,SINAPI,2,0),IF(SKJ25=\"SETOP\",VLOOKUP(SKG25,SETOP,3,0),IF(SKJ25=\"CPU\",VLOOKUP(SKG25,COMPOSIÇÃO,2,0),VLOOKUP(SKG25,COTAÇÃO,3,0))))","v":"BOMBEIRO/ENCANADOR COM ENCARGOS COMPLEMENTARES"},null,"SETOP",{"$f":"IF(SKJ25=\"SINAPI\",VLOOKUP(SKG25,SINAPI,3,0),IF(SKJ25=\"SETOP\",VLOOKUP(SKG25,SETOP,4,0),IF(SKJ25=\"CPU\",VLOOKUP(SKG25,COMPOSIÇÃO,5,0),VLOOKUP(SKG25,COTAÇÃO,8,0))))","v":"HORA"},0.5,{"$f":"IF(SKJ25=\"SINAPI\",VLOOKUP(SKG25,SINAPI,4,0),IF(SKJ25=\"SETOP\",VLOOKUP(SKG25,SETOP,5,0),IF(SKJ25=\"CPU\",VLOOKUP(SKG25,COMPOSIÇÃO,8,0),VLOOKUP(SKG25,COTAÇÃO,11,0))))","v":19.149999999999999},{"$f":"SKL25*SKM25","v":9.5749999999999993},"ED-50374",{"$f":"IF(SKR25=\"SINAPI\",VLOOKUP(SKO25,SINAPI,2,0),IF(SKR25=\"SETOP\",VLOOKUP(SKO25,SETOP,3,0),IF(SKR25=\"CPU\",VLOOKUP(SKO25,COMPOSIÇÃO,2,0),VLOOKUP(SKO25,COTAÇÃO,3,0))))","v":"BOMBEIRO/ENCANADOR COM ENCARGOS COMPLEMENTARES"},null,"SETOP",{"$f":"IF(SKR25=\"SINAPI\",VLOOKUP(SKO25,SINAPI,3,0),IF(SKR25=\"SETOP\",VLOOKUP(SKO25,SETOP,4,0),IF(SKR25=\"CPU\",VLOOKUP(SKO25,COMPOSIÇÃO,5,0),VLOOKUP(SKO25,COTAÇÃO,8,0))))","v":"HORA"},0.5,{"$f":"IF(SKR25=\"SINAPI\",VLOOKUP(SKO25,SINAPI,4,0),IF(SKR25=\"SETOP\",VLOOKUP(SKO25,SETOP,5,0),IF(SKR25=\"CPU\",VLOOKUP(SKO25,COMPOSIÇÃO,8,0),VLOOKUP(SKO25,COTAÇÃO,11,0))))","v":19.149999999999999},{"$f":"SKT25*SKU25","v":9.5749999999999993},"ED-50374",{"$f":"IF(SKZ25=\"SINAPI\",VLOOKUP(SKW25,SINAPI,2,0),IF(SKZ25=\"SETOP\",VLOOKUP(SKW25,SETOP,3,0),IF(SKZ25=\"CPU\",VLOOKUP(SKW25,COMPOSIÇÃO,2,0),VLOOKUP(SKW25,COTAÇÃO,3,0))))","v":"BOMBEIRO/ENCANADOR COM ENCARGOS COMPLEMENTARES"},null,"SETOP",{"$f":"IF(SKZ25=\"SINAPI\",VLOOKUP(SKW25,SINAPI,3,0),IF(SKZ25=\"SETOP\",VLOOKUP(SKW25,SETOP,4,0),IF(SKZ25=\"CPU\",VLOOKUP(SKW25,COMPOSIÇÃO,5,0),VLOOKUP(SKW25,COTAÇÃO,8,0))))","v":"HORA"},0.5,{"$f":"IF(SKZ25=\"SINAPI\",VLOOKUP(SKW25,SINAPI,4,0),IF(SKZ25=\"SETOP\",VLOOKUP(SKW25,SETOP,5,0),IF(SKZ25=\"CPU\",VLOOKUP(SKW25,COMPOSIÇÃO,8,0),VLOOKUP(SKW25,COTAÇÃO,11,0))))","v":19.149999999999999},{"$f":"SLB25*SLC25","v":9.5749999999999993},"ED-50374",{"$f":"IF(SLH25=\"SINAPI\",VLOOKUP(SLE25,SINAPI,2,0),IF(SLH25=\"SETOP\",VLOOKUP(SLE25,SETOP,3,0),IF(SLH25=\"CPU\",VLOOKUP(SLE25,COMPOSIÇÃO,2,0),VLOOKUP(SLE25,COTAÇÃO,3,0))))","v":"BOMBEIRO/ENCANADOR COM ENCARGOS COMPLEMENTARES"},null,"SETOP",{"$f":"IF(SLH25=\"SINAPI\",VLOOKUP(SLE25,SINAPI,3,0),IF(SLH25=\"SETOP\",VLOOKUP(SLE25,SETOP,4,0),IF(SLH25=\"CPU\",VLOOKUP(SLE25,COMPOSIÇÃO,5,0),VLOOKUP(SLE25,COTAÇÃO,8,0))))","v":"HORA"},0.5,{"$f":"IF(SLH25=\"SINAPI\",VLOOKUP(SLE25,SINAPI,4,0),IF(SLH25=\"SETOP\",VLOOKUP(SLE25,SETOP,5,0),IF(SLH25=\"CPU\",VLOOKUP(SLE25,COMPOSIÇÃO,8,0),VLOOKUP(SLE25,COTAÇÃO,11,0))))","v":19.149999999999999},{"$f":"SLJ25*SLK25","v":9.5749999999999993},"ED-50374",{"$f":"IF(SLP25=\"SINAPI\",VLOOKUP(SLM25,SINAPI,2,0),IF(SLP25=\"SETOP\",VLOOKUP(SLM25,SETOP,3,0),IF(SLP25=\"CPU\",VLOOKUP(SLM25,COMPOSIÇÃO,2,0),VLOOKUP(SLM25,COTAÇÃO,3,0))))","v":"BOMBEIRO/ENCANADOR COM ENCARGOS COMPLEMENTARES"},null,"SETOP",{"$f":"IF(SLP25=\"SINAPI\",VLOOKUP(SLM25,SINAPI,3,0),IF(SLP25=\"SETOP\",VLOOKUP(SLM25,SETOP,4,0),IF(SLP25=\"CPU\",VLOOKUP(SLM25,COMPOSIÇÃO,5,0),VLOOKUP(SLM25,COTAÇÃO,8,0))))","v":"HORA"},0.5,{"$f":"IF(SLP25=\"SINAPI\",VLOOKUP(SLM25,SINAPI,4,0),IF(SLP25=\"SETOP\",VLOOKUP(SLM25,SETOP,5,0),IF(SLP25=\"CPU\",VLOOKUP(SLM25,COMPOSIÇÃO,8,0),VLOOKUP(SLM25,COTAÇÃO,11,0))))","v":19.149999999999999},{"$f":"SLR25*SLS25","v":9.5749999999999993},"ED-50374",{"$f":"IF(SLX25=\"SINAPI\",VLOOKUP(SLU25,SINAPI,2,0),IF(SLX25=\"SETOP\",VLOOKUP(SLU25,SETOP,3,0),IF(SLX25=\"CPU\",VLOOKUP(SLU25,COMPOSIÇÃO,2,0),VLOOKUP(SLU25,COTAÇÃO,3,0))))","v":"BOMBEIRO/ENCANADOR COM ENCARGOS COMPLEMENTARES"},null,"SETOP",{"$f":"IF(SLX25=\"SINAPI\",VLOOKUP(SLU25,SINAPI,3,0),IF(SLX25=\"SETOP\",VLOOKUP(SLU25,SETOP,4,0),IF(SLX25=\"CPU\",VLOOKUP(SLU25,COMPOSIÇÃO,5,0),VLOOKUP(SLU25,COTAÇÃO,8,0))))","v":"HORA"},0.5,{"$f":"IF(SLX25=\"SINAPI\",VLOOKUP(SLU25,SINAPI,4,0),IF(SLX25=\"SETOP\",VLOOKUP(SLU25,SETOP,5,0),IF(SLX25=\"CPU\",VLOOKUP(SLU25,COMPOSIÇÃO,8,0),VLOOKUP(SLU25,COTAÇÃO,11,0))))","v":19.149999999999999},{"$f":"SLZ25*SMA25","v":9.5749999999999993},"ED-50374",{"$f":"IF(SMF25=\"SINAPI\",VLOOKUP(SMC25,SINAPI,2,0),IF(SMF25=\"SETOP\",VLOOKUP(SMC25,SETOP,3,0),IF(SMF25=\"CPU\",VLOOKUP(SMC25,COMPOSIÇÃO,2,0),VLOOKUP(SMC25,COTAÇÃO,3,0))))","v":"BOMBEIRO/ENCANADOR COM ENCARGOS COMPLEMENTARES"},null,"SETOP",{"$f":"IF(SMF25=\"SINAPI\",VLOOKUP(SMC25,SINAPI,3,0),IF(SMF25=\"SETOP\",VLOOKUP(SMC25,SETOP,4,0),IF(SMF25=\"CPU\",VLOOKUP(SMC25,COMPOSIÇÃO,5,0),VLOOKUP(SMC25,COTAÇÃO,8,0))))","v":"HORA"},0.5,{"$f":"IF(SMF25=\"SINAPI\",VLOOKUP(SMC25,SINAPI,4,0),IF(SMF25=\"SETOP\",VLOOKUP(SMC25,SETOP,5,0),IF(SMF25=\"CPU\",VLOOKUP(SMC25,COMPOSIÇÃO,8,0),VLOOKUP(SMC25,COTAÇÃO,11,0))))","v":19.149999999999999},{"$f":"SMH25*SMI25","v":9.5749999999999993},"ED-50374",{"$f":"IF(SMN25=\"SINAPI\",VLOOKUP(SMK25,SINAPI,2,0),IF(SMN25=\"SETOP\",VLOOKUP(SMK25,SETOP,3,0),IF(SMN25=\"CPU\",VLOOKUP(SMK25,COMPOSIÇÃO,2,0),VLOOKUP(SMK25,COTAÇÃO,3,0))))","v":"BOMBEIRO/ENCANADOR COM ENCARGOS COMPLEMENTARES"},null,"SETOP",{"$f":"IF(SMN25=\"SINAPI\",VLOOKUP(SMK25,SINAPI,3,0),IF(SMN25=\"SETOP\",VLOOKUP(SMK25,SETOP,4,0),IF(SMN25=\"CPU\",VLOOKUP(SMK25,COMPOSIÇÃO,5,0),VLOOKUP(SMK25,COTAÇÃO,8,0))))","v":"HORA"},0.5,{"$f":"IF(SMN25=\"SINAPI\",VLOOKUP(SMK25,SINAPI,4,0),IF(SMN25=\"SETOP\",VLOOKUP(SMK25,SETOP,5,0),IF(SMN25=\"CPU\",VLOOKUP(SMK25,COMPOSIÇÃO,8,0),VLOOKUP(SMK25,COTAÇÃO,11,0))))","v":19.149999999999999},{"$f":"SMP25*SMQ25","v":9.5749999999999993},"ED-50374",{"$f":"IF(SMV25=\"SINAPI\",VLOOKUP(SMS25,SINAPI,2,0),IF(SMV25=\"SETOP\",VLOOKUP(SMS25,SETOP,3,0),IF(SMV25=\"CPU\",VLOOKUP(SMS25,COMPOSIÇÃO,2,0),VLOOKUP(SMS25,COTAÇÃO,3,0))))","v":"BOMBEIRO/ENCANADOR COM ENCARGOS COMPLEMENTARES"},null,"SETOP",{"$f":"IF(SMV25=\"SINAPI\",VLOOKUP(SMS25,SINAPI,3,0),IF(SMV25=\"SETOP\",VLOOKUP(SMS25,SETOP,4,0),IF(SMV25=\"CPU\",VLOOKUP(SMS25,COMPOSIÇÃO,5,0),VLOOKUP(SMS25,COTAÇÃO,8,0))))","v":"HORA"},0.5,{"$f":"IF(SMV25=\"SINAPI\",VLOOKUP(SMS25,SINAPI,4,0),IF(SMV25=\"SETOP\",VLOOKUP(SMS25,SETOP,5,0),IF(SMV25=\"CPU\",VLOOKUP(SMS25,COMPOSIÇÃO,8,0),VLOOKUP(SMS25,COTAÇÃO,11,0))))","v":19.149999999999999},{"$f":"SMX25*SMY25","v":9.5749999999999993},"ED-50374",{"$f":"IF(SND25=\"SINAPI\",VLOOKUP(SNA25,SINAPI,2,0),IF(SND25=\"SETOP\",VLOOKUP(SNA25,SETOP,3,0),IF(SND25=\"CPU\",VLOOKUP(SNA25,COMPOSIÇÃO,2,0),VLOOKUP(SNA25,COTAÇÃO,3,0))))","v":"BOMBEIRO/ENCANADOR COM ENCARGOS COMPLEMENTARES"},null,"SETOP",{"$f":"IF(SND25=\"SINAPI\",VLOOKUP(SNA25,SINAPI,3,0),IF(SND25=\"SETOP\",VLOOKUP(SNA25,SETOP,4,0),IF(SND25=\"CPU\",VLOOKUP(SNA25,COMPOSIÇÃO,5,0),VLOOKUP(SNA25,COTAÇÃO,8,0))))","v":"HORA"},0.5,{"$f":"IF(SND25=\"SINAPI\",VLOOKUP(SNA25,SINAPI,4,0),IF(SND25=\"SETOP\",VLOOKUP(SNA25,SETOP,5,0),IF(SND25=\"CPU\",VLOOKUP(SNA25,COMPOSIÇÃO,8,0),VLOOKUP(SNA25,COTAÇÃO,11,0))))","v":19.149999999999999},{"$f":"SNF25*SNG25","v":9.5749999999999993},"ED-50374",{"$f":"IF(SNL25=\"SINAPI\",VLOOKUP(SNI25,SINAPI,2,0),IF(SNL25=\"SETOP\",VLOOKUP(SNI25,SETOP,3,0),IF(SNL25=\"CPU\",VLOOKUP(SNI25,COMPOSIÇÃO,2,0),VLOOKUP(SNI25,COTAÇÃO,3,0))))","v":"BOMBEIRO/ENCANADOR COM ENCARGOS COMPLEMENTARES"},null,"SETOP",{"$f":"IF(SNL25=\"SINAPI\",VLOOKUP(SNI25,SINAPI,3,0),IF(SNL25=\"SETOP\",VLOOKUP(SNI25,SETOP,4,0),IF(SNL25=\"CPU\",VLOOKUP(SNI25,COMPOSIÇÃO,5,0),VLOOKUP(SNI25,COTAÇÃO,8,0))))","v":"HORA"},0.5,{"$f":"IF(SNL25=\"SINAPI\",VLOOKUP(SNI25,SINAPI,4,0),IF(SNL25=\"SETOP\",VLOOKUP(SNI25,SETOP,5,0),IF(SNL25=\"CPU\",VLOOKUP(SNI25,COMPOSIÇÃO,8,0),VLOOKUP(SNI25,COTAÇÃO,11,0))))","v":19.149999999999999},{"$f":"SNN25*SNO25","v":9.5749999999999993},"ED-50374",{"$f":"IF(SNT25=\"SINAPI\",VLOOKUP(SNQ25,SINAPI,2,0),IF(SNT25=\"SETOP\",VLOOKUP(SNQ25,SETOP,3,0),IF(SNT25=\"CPU\",VLOOKUP(SNQ25,COMPOSIÇÃO,2,0),VLOOKUP(SNQ25,COTAÇÃO,3,0))))","v":"BOMBEIRO/ENCANADOR COM ENCARGOS COMPLEMENTARES"},null,"SETOP",{"$f":"IF(SNT25=\"SINAPI\",VLOOKUP(SNQ25,SINAPI,3,0),IF(SNT25=\"SETOP\",VLOOKUP(SNQ25,SETOP,4,0),IF(SNT25=\"CPU\",VLOOKUP(SNQ25,COMPOSIÇÃO,5,0),VLOOKUP(SNQ25,COTAÇÃO,8,0))))","v":"HORA"},0.5,{"$f":"IF(SNT25=\"SINAPI\",VLOOKUP(SNQ25,SINAPI,4,0),IF(SNT25=\"SETOP\",VLOOKUP(SNQ25,SETOP,5,0),IF(SNT25=\"CPU\",VLOOKUP(SNQ25,COMPOSIÇÃO,8,0),VLOOKUP(SNQ25,COTAÇÃO,11,0))))","v":19.149999999999999},{"$f":"SNV25*SNW25","v":9.5749999999999993},"ED-50374",{"$f":"IF(SOB25=\"SINAPI\",VLOOKUP(SNY25,SINAPI,2,0),IF(SOB25=\"SETOP\",VLOOKUP(SNY25,SETOP,3,0),IF(SOB25=\"CPU\",VLOOKUP(SNY25,COMPOSIÇÃO,2,0),VLOOKUP(SNY25,COTAÇÃO,3,0))))","v":"BOMBEIRO/ENCANADOR COM ENCARGOS COMPLEMENTARES"},null,"SETOP",{"$f":"IF(SOB25=\"SINAPI\",VLOOKUP(SNY25,SINAPI,3,0),IF(SOB25=\"SETOP\",VLOOKUP(SNY25,SETOP,4,0),IF(SOB25=\"CPU\",VLOOKUP(SNY25,COMPOSIÇÃO,5,0),VLOOKUP(SNY25,COTAÇÃO,8,0))))","v":"HORA"},0.5,{"$f":"IF(SOB25=\"SINAPI\",VLOOKUP(SNY25,SINAPI,4,0),IF(SOB25=\"SETOP\",VLOOKUP(SNY25,SETOP,5,0),IF(SOB25=\"CPU\",VLOOKUP(SNY25,COMPOSIÇÃO,8,0),VLOOKUP(SNY25,COTAÇÃO,11,0))))","v":19.149999999999999},{"$f":"SOD25*SOE25","v":9.5749999999999993},"ED-50374",{"$f":"IF(SOJ25=\"SINAPI\",VLOOKUP(SOG25,SINAPI,2,0),IF(SOJ25=\"SETOP\",VLOOKUP(SOG25,SETOP,3,0),IF(SOJ25=\"CPU\",VLOOKUP(SOG25,COMPOSIÇÃO,2,0),VLOOKUP(SOG25,COTAÇÃO,3,0))))","v":"BOMBEIRO/ENCANADOR COM ENCARGOS COMPLEMENTARES"},null,"SETOP",{"$f":"IF(SOJ25=\"SINAPI\",VLOOKUP(SOG25,SINAPI,3,0),IF(SOJ25=\"SETOP\",VLOOKUP(SOG25,SETOP,4,0),IF(SOJ25=\"CPU\",VLOOKUP(SOG25,COMPOSIÇÃO,5,0),VLOOKUP(SOG25,COTAÇÃO,8,0))))","v":"HORA"},0.5,{"$f":"IF(SOJ25=\"SINAPI\",VLOOKUP(SOG25,SINAPI,4,0),IF(SOJ25=\"SETOP\",VLOOKUP(SOG25,SETOP,5,0),IF(SOJ25=\"CPU\",VLOOKUP(SOG25,COMPOSIÇÃO,8,0),VLOOKUP(SOG25,COTAÇÃO,11,0))))","v":19.149999999999999},{"$f":"SOL25*SOM25","v":9.5749999999999993},"ED-50374",{"$f":"IF(SOR25=\"SINAPI\",VLOOKUP(SOO25,SINAPI,2,0),IF(SOR25=\"SETOP\",VLOOKUP(SOO25,SETOP,3,0),IF(SOR25=\"CPU\",VLOOKUP(SOO25,COMPOSIÇÃO,2,0),VLOOKUP(SOO25,COTAÇÃO,3,0))))","v":"BOMBEIRO/ENCANADOR COM ENCARGOS COMPLEMENTARES"},null,"SETOP",{"$f":"IF(SOR25=\"SINAPI\",VLOOKUP(SOO25,SINAPI,3,0),IF(SOR25=\"SETOP\",VLOOKUP(SOO25,SETOP,4,0),IF(SOR25=\"CPU\",VLOOKUP(SOO25,COMPOSIÇÃO,5,0),VLOOKUP(SOO25,COTAÇÃO,8,0))))","v":"HORA"},0.5,{"$f":"IF(SOR25=\"SINAPI\",VLOOKUP(SOO25,SINAPI,4,0),IF(SOR25=\"SETOP\",VLOOKUP(SOO25,SETOP,5,0),IF(SOR25=\"CPU\",VLOOKUP(SOO25,COMPOSIÇÃO,8,0),VLOOKUP(SOO25,COTAÇÃO,11,0))))","v":19.149999999999999},{"$f":"SOT25*SOU25","v":9.5749999999999993},"ED-50374",{"$f":"IF(SOZ25=\"SINAPI\",VLOOKUP(SOW25,SINAPI,2,0),IF(SOZ25=\"SETOP\",VLOOKUP(SOW25,SETOP,3,0),IF(SOZ25=\"CPU\",VLOOKUP(SOW25,COMPOSIÇÃO,2,0),VLOOKUP(SOW25,COTAÇÃO,3,0))))","v":"BOMBEIRO/ENCANADOR COM ENCARGOS COMPLEMENTARES"},null,"SETOP",{"$f":"IF(SOZ25=\"SINAPI\",VLOOKUP(SOW25,SINAPI,3,0),IF(SOZ25=\"SETOP\",VLOOKUP(SOW25,SETOP,4,0),IF(SOZ25=\"CPU\",VLOOKUP(SOW25,COMPOSIÇÃO,5,0),VLOOKUP(SOW25,COTAÇÃO,8,0))))","v":"HORA"},0.5,{"$f":"IF(SOZ25=\"SINAPI\",VLOOKUP(SOW25,SINAPI,4,0),IF(SOZ25=\"SETOP\",VLOOKUP(SOW25,SETOP,5,0),IF(SOZ25=\"CPU\",VLOOKUP(SOW25,COMPOSIÇÃO,8,0),VLOOKUP(SOW25,COTAÇÃO,11,0))))","v":19.149999999999999},{"$f":"SPB25*SPC25","v":9.5749999999999993},"ED-50374",{"$f":"IF(SPH25=\"SINAPI\",VLOOKUP(SPE25,SINAPI,2,0),IF(SPH25=\"SETOP\",VLOOKUP(SPE25,SETOP,3,0),IF(SPH25=\"CPU\",VLOOKUP(SPE25,COMPOSIÇÃO,2,0),VLOOKUP(SPE25,COTAÇÃO,3,0))))","v":"BOMBEIRO/ENCANADOR COM ENCARGOS COMPLEMENTARES"},null,"SETOP",{"$f":"IF(SPH25=\"SINAPI\",VLOOKUP(SPE25,SINAPI,3,0),IF(SPH25=\"SETOP\",VLOOKUP(SPE25,SETOP,4,0),IF(SPH25=\"CPU\",VLOOKUP(SPE25,COMPOSIÇÃO,5,0),VLOOKUP(SPE25,COTAÇÃO,8,0))))","v":"HORA"},0.5,{"$f":"IF(SPH25=\"SINAPI\",VLOOKUP(SPE25,SINAPI,4,0),IF(SPH25=\"SETOP\",VLOOKUP(SPE25,SETOP,5,0),IF(SPH25=\"CPU\",VLOOKUP(SPE25,COMPOSIÇÃO,8,0),VLOOKUP(SPE25,COTAÇÃO,11,0))))","v":19.149999999999999},{"$f":"SPJ25*SPK25","v":9.5749999999999993},"ED-50374",{"$f":"IF(SPP25=\"SINAPI\",VLOOKUP(SPM25,SINAPI,2,0),IF(SPP25=\"SETOP\",VLOOKUP(SPM25,SETOP,3,0),IF(SPP25=\"CPU\",VLOOKUP(SPM25,COMPOSIÇÃO,2,0),VLOOKUP(SPM25,COTAÇÃO,3,0))))","v":"BOMBEIRO/ENCANADOR COM ENCARGOS COMPLEMENTARES"},null,"SETOP",{"$f":"IF(SPP25=\"SINAPI\",VLOOKUP(SPM25,SINAPI,3,0),IF(SPP25=\"SETOP\",VLOOKUP(SPM25,SETOP,4,0),IF(SPP25=\"CPU\",VLOOKUP(SPM25,COMPOSIÇÃO,5,0),VLOOKUP(SPM25,COTAÇÃO,8,0))))","v":"HORA"},0.5,{"$f":"IF(SPP25=\"SINAPI\",VLOOKUP(SPM25,SINAPI,4,0),IF(SPP25=\"SETOP\",VLOOKUP(SPM25,SETOP,5,0),IF(SPP25=\"CPU\",VLOOKUP(SPM25,COMPOSIÇÃO,8,0),VLOOKUP(SPM25,COTAÇÃO,11,0))))","v":19.149999999999999},{"$f":"SPR25*SPS25","v":9.5749999999999993},"ED-50374",{"$f":"IF(SPX25=\"SINAPI\",VLOOKUP(SPU25,SINAPI,2,0),IF(SPX25=\"SETOP\",VLOOKUP(SPU25,SETOP,3,0),IF(SPX25=\"CPU\",VLOOKUP(SPU25,COMPOSIÇÃO,2,0),VLOOKUP(SPU25,COTAÇÃO,3,0))))","v":"BOMBEIRO/ENCANADOR COM ENCARGOS COMPLEMENTARES"},null,"SETOP",{"$f":"IF(SPX25=\"SINAPI\",VLOOKUP(SPU25,SINAPI,3,0),IF(SPX25=\"SETOP\",VLOOKUP(SPU25,SETOP,4,0),IF(SPX25=\"CPU\",VLOOKUP(SPU25,COMPOSIÇÃO,5,0),VLOOKUP(SPU25,COTAÇÃO,8,0))))","v":"HORA"},0.5,{"$f":"IF(SPX25=\"SINAPI\",VLOOKUP(SPU25,SINAPI,4,0),IF(SPX25=\"SETOP\",VLOOKUP(SPU25,SETOP,5,0),IF(SPX25=\"CPU\",VLOOKUP(SPU25,COMPOSIÇÃO,8,0),VLOOKUP(SPU25,COTAÇÃO,11,0))))","v":19.149999999999999},{"$f":"SPZ25*SQA25","v":9.5749999999999993},"ED-50374",{"$f":"IF(SQF25=\"SINAPI\",VLOOKUP(SQC25,SINAPI,2,0),IF(SQF25=\"SETOP\",VLOOKUP(SQC25,SETOP,3,0),IF(SQF25=\"CPU\",VLOOKUP(SQC25,COMPOSIÇÃO,2,0),VLOOKUP(SQC25,COTAÇÃO,3,0))))","v":"BOMBEIRO/ENCANADOR COM ENCARGOS COMPLEMENTARES"},null,"SETOP",{"$f":"IF(SQF25=\"SINAPI\",VLOOKUP(SQC25,SINAPI,3,0),IF(SQF25=\"SETOP\",VLOOKUP(SQC25,SETOP,4,0),IF(SQF25=\"CPU\",VLOOKUP(SQC25,COMPOSIÇÃO,5,0),VLOOKUP(SQC25,COTAÇÃO,8,0))))","v":"HORA"},0.5,{"$f":"IF(SQF25=\"SINAPI\",VLOOKUP(SQC25,SINAPI,4,0),IF(SQF25=\"SETOP\",VLOOKUP(SQC25,SETOP,5,0),IF(SQF25=\"CPU\",VLOOKUP(SQC25,COMPOSIÇÃO,8,0),VLOOKUP(SQC25,COTAÇÃO,11,0))))","v":19.149999999999999},{"$f":"SQH25*SQI25","v":9.5749999999999993},"ED-50374",{"$f":"IF(SQN25=\"SINAPI\",VLOOKUP(SQK25,SINAPI,2,0),IF(SQN25=\"SETOP\",VLOOKUP(SQK25,SETOP,3,0),IF(SQN25=\"CPU\",VLOOKUP(SQK25,COMPOSIÇÃO,2,0),VLOOKUP(SQK25,COTAÇÃO,3,0))))","v":"BOMBEIRO/ENCANADOR COM ENCARGOS COMPLEMENTARES"},null,"SETOP",{"$f":"IF(SQN25=\"SINAPI\",VLOOKUP(SQK25,SINAPI,3,0),IF(SQN25=\"SETOP\",VLOOKUP(SQK25,SETOP,4,0),IF(SQN25=\"CPU\",VLOOKUP(SQK25,COMPOSIÇÃO,5,0),VLOOKUP(SQK25,COTAÇÃO,8,0))))","v":"HORA"},0.5,{"$f":"IF(SQN25=\"SINAPI\",VLOOKUP(SQK25,SINAPI,4,0),IF(SQN25=\"SETOP\",VLOOKUP(SQK25,SETOP,5,0),IF(SQN25=\"CPU\",VLOOKUP(SQK25,COMPOSIÇÃO,8,0),VLOOKUP(SQK25,COTAÇÃO,11,0))))","v":19.149999999999999},{"$f":"SQP25*SQQ25","v":9.5749999999999993},"ED-50374",{"$f":"IF(SQV25=\"SINAPI\",VLOOKUP(SQS25,SINAPI,2,0),IF(SQV25=\"SETOP\",VLOOKUP(SQS25,SETOP,3,0),IF(SQV25=\"CPU\",VLOOKUP(SQS25,COMPOSIÇÃO,2,0),VLOOKUP(SQS25,COTAÇÃO,3,0))))","v":"BOMBEIRO/ENCANADOR COM ENCARGOS COMPLEMENTARES"},null,"SETOP",{"$f":"IF(SQV25=\"SINAPI\",VLOOKUP(SQS25,SINAPI,3,0),IF(SQV25=\"SETOP\",VLOOKUP(SQS25,SETOP,4,0),IF(SQV25=\"CPU\",VLOOKUP(SQS25,COMPOSIÇÃO,5,0),VLOOKUP(SQS25,COTAÇÃO,8,0))))","v":"HORA"},0.5,{"$f":"IF(SQV25=\"SINAPI\",VLOOKUP(SQS25,SINAPI,4,0),IF(SQV25=\"SETOP\",VLOOKUP(SQS25,SETOP,5,0),IF(SQV25=\"CPU\",VLOOKUP(SQS25,COMPOSIÇÃO,8,0),VLOOKUP(SQS25,COTAÇÃO,11,0))))","v":19.149999999999999},{"$f":"SQX25*SQY25","v":9.5749999999999993},"ED-50374",{"$f":"IF(SRD25=\"SINAPI\",VLOOKUP(SRA25,SINAPI,2,0),IF(SRD25=\"SETOP\",VLOOKUP(SRA25,SETOP,3,0),IF(SRD25=\"CPU\",VLOOKUP(SRA25,COMPOSIÇÃO,2,0),VLOOKUP(SRA25,COTAÇÃO,3,0))))","v":"BOMBEIRO/ENCANADOR COM ENCARGOS COMPLEMENTARES"},null,"SETOP",{"$f":"IF(SRD25=\"SINAPI\",VLOOKUP(SRA25,SINAPI,3,0),IF(SRD25=\"SETOP\",VLOOKUP(SRA25,SETOP,4,0),IF(SRD25=\"CPU\",VLOOKUP(SRA25,COMPOSIÇÃO,5,0),VLOOKUP(SRA25,COTAÇÃO,8,0))))","v":"HORA"},0.5,{"$f":"IF(SRD25=\"SINAPI\",VLOOKUP(SRA25,SINAPI,4,0),IF(SRD25=\"SETOP\",VLOOKUP(SRA25,SETOP,5,0),IF(SRD25=\"CPU\",VLOOKUP(SRA25,COMPOSIÇÃO,8,0),VLOOKUP(SRA25,COTAÇÃO,11,0))))","v":19.149999999999999},{"$f":"SRF25*SRG25","v":9.5749999999999993},"ED-50374",{"$f":"IF(SRL25=\"SINAPI\",VLOOKUP(SRI25,SINAPI,2,0),IF(SRL25=\"SETOP\",VLOOKUP(SRI25,SETOP,3,0),IF(SRL25=\"CPU\",VLOOKUP(SRI25,COMPOSIÇÃO,2,0),VLOOKUP(SRI25,COTAÇÃO,3,0))))","v":"BOMBEIRO/ENCANADOR COM ENCARGOS COMPLEMENTARES"},null,"SETOP",{"$f":"IF(SRL25=\"SINAPI\",VLOOKUP(SRI25,SINAPI,3,0),IF(SRL25=\"SETOP\",VLOOKUP(SRI25,SETOP,4,0),IF(SRL25=\"CPU\",VLOOKUP(SRI25,COMPOSIÇÃO,5,0),VLOOKUP(SRI25,COTAÇÃO,8,0))))","v":"HORA"},0.5,{"$f":"IF(SRL25=\"SINAPI\",VLOOKUP(SRI25,SINAPI,4,0),IF(SRL25=\"SETOP\",VLOOKUP(SRI25,SETOP,5,0),IF(SRL25=\"CPU\",VLOOKUP(SRI25,COMPOSIÇÃO,8,0),VLOOKUP(SRI25,COTAÇÃO,11,0))))","v":19.149999999999999},{"$f":"SRN25*SRO25","v":9.5749999999999993},"ED-50374",{"$f":"IF(SRT25=\"SINAPI\",VLOOKUP(SRQ25,SINAPI,2,0),IF(SRT25=\"SETOP\",VLOOKUP(SRQ25,SETOP,3,0),IF(SRT25=\"CPU\",VLOOKUP(SRQ25,COMPOSIÇÃO,2,0),VLOOKUP(SRQ25,COTAÇÃO,3,0))))","v":"BOMBEIRO/ENCANADOR COM ENCARGOS COMPLEMENTARES"},null,"SETOP",{"$f":"IF(SRT25=\"SINAPI\",VLOOKUP(SRQ25,SINAPI,3,0),IF(SRT25=\"SETOP\",VLOOKUP(SRQ25,SETOP,4,0),IF(SRT25=\"CPU\",VLOOKUP(SRQ25,COMPOSIÇÃO,5,0),VLOOKUP(SRQ25,COTAÇÃO,8,0))))","v":"HORA"},0.5,{"$f":"IF(SRT25=\"SINAPI\",VLOOKUP(SRQ25,SINAPI,4,0),IF(SRT25=\"SETOP\",VLOOKUP(SRQ25,SETOP,5,0),IF(SRT25=\"CPU\",VLOOKUP(SRQ25,COMPOSIÇÃO,8,0),VLOOKUP(SRQ25,COTAÇÃO,11,0))))","v":19.149999999999999},{"$f":"SRV25*SRW25","v":9.5749999999999993},"ED-50374",{"$f":"IF(SSB25=\"SINAPI\",VLOOKUP(SRY25,SINAPI,2,0),IF(SSB25=\"SETOP\",VLOOKUP(SRY25,SETOP,3,0),IF(SSB25=\"CPU\",VLOOKUP(SRY25,COMPOSIÇÃO,2,0),VLOOKUP(SRY25,COTAÇÃO,3,0))))","v":"BOMBEIRO/ENCANADOR COM ENCARGOS COMPLEMENTARES"},null,"SETOP",{"$f":"IF(SSB25=\"SINAPI\",VLOOKUP(SRY25,SINAPI,3,0),IF(SSB25=\"SETOP\",VLOOKUP(SRY25,SETOP,4,0),IF(SSB25=\"CPU\",VLOOKUP(SRY25,COMPOSIÇÃO,5,0),VLOOKUP(SRY25,COTAÇÃO,8,0))))","v":"HORA"},0.5,{"$f":"IF(SSB25=\"SINAPI\",VLOOKUP(SRY25,SINAPI,4,0),IF(SSB25=\"SETOP\",VLOOKUP(SRY25,SETOP,5,0),IF(SSB25=\"CPU\",VLOOKUP(SRY25,COMPOSIÇÃO,8,0),VLOOKUP(SRY25,COTAÇÃO,11,0))))","v":19.149999999999999},{"$f":"SSD25*SSE25","v":9.5749999999999993},"ED-50374",{"$f":"IF(SSJ25=\"SINAPI\",VLOOKUP(SSG25,SINAPI,2,0),IF(SSJ25=\"SETOP\",VLOOKUP(SSG25,SETOP,3,0),IF(SSJ25=\"CPU\",VLOOKUP(SSG25,COMPOSIÇÃO,2,0),VLOOKUP(SSG25,COTAÇÃO,3,0))))","v":"BOMBEIRO/ENCANADOR COM ENCARGOS COMPLEMENTARES"},null,"SETOP",{"$f":"IF(SSJ25=\"SINAPI\",VLOOKUP(SSG25,SINAPI,3,0),IF(SSJ25=\"SETOP\",VLOOKUP(SSG25,SETOP,4,0),IF(SSJ25=\"CPU\",VLOOKUP(SSG25,COMPOSIÇÃO,5,0),VLOOKUP(SSG25,COTAÇÃO,8,0))))","v":"HORA"},0.5,{"$f":"IF(SSJ25=\"SINAPI\",VLOOKUP(SSG25,SINAPI,4,0),IF(SSJ25=\"SETOP\",VLOOKUP(SSG25,SETOP,5,0),IF(SSJ25=\"CPU\",VLOOKUP(SSG25,COMPOSIÇÃO,8,0),VLOOKUP(SSG25,COTAÇÃO,11,0))))","v":19.149999999999999},{"$f":"SSL25*SSM25","v":9.5749999999999993},"ED-50374",{"$f":"IF(SSR25=\"SINAPI\",VLOOKUP(SSO25,SINAPI,2,0),IF(SSR25=\"SETOP\",VLOOKUP(SSO25,SETOP,3,0),IF(SSR25=\"CPU\",VLOOKUP(SSO25,COMPOSIÇÃO,2,0),VLOOKUP(SSO25,COTAÇÃO,3,0))))","v":"BOMBEIRO/ENCANADOR COM ENCARGOS COMPLEMENTARES"},null,"SETOP",{"$f":"IF(SSR25=\"SINAPI\",VLOOKUP(SSO25,SINAPI,3,0),IF(SSR25=\"SETOP\",VLOOKUP(SSO25,SETOP,4,0),IF(SSR25=\"CPU\",VLOOKUP(SSO25,COMPOSIÇÃO,5,0),VLOOKUP(SSO25,COTAÇÃO,8,0))))","v":"HORA"},0.5,{"$f":"IF(SSR25=\"SINAPI\",VLOOKUP(SSO25,SINAPI,4,0),IF(SSR25=\"SETOP\",VLOOKUP(SSO25,SETOP,5,0),IF(SSR25=\"CPU\",VLOOKUP(SSO25,COMPOSIÇÃO,8,0),VLOOKUP(SSO25,COTAÇÃO,11,0))))","v":19.149999999999999},{"$f":"SST25*SSU25","v":9.5749999999999993},"ED-50374",{"$f":"IF(SSZ25=\"SINAPI\",VLOOKUP(SSW25,SINAPI,2,0),IF(SSZ25=\"SETOP\",VLOOKUP(SSW25,SETOP,3,0),IF(SSZ25=\"CPU\",VLOOKUP(SSW25,COMPOSIÇÃO,2,0),VLOOKUP(SSW25,COTAÇÃO,3,0))))","v":"BOMBEIRO/ENCANADOR COM ENCARGOS COMPLEMENTARES"},null,"SETOP",{"$f":"IF(SSZ25=\"SINAPI\",VLOOKUP(SSW25,SINAPI,3,0),IF(SSZ25=\"SETOP\",VLOOKUP(SSW25,SETOP,4,0),IF(SSZ25=\"CPU\",VLOOKUP(SSW25,COMPOSIÇÃO,5,0),VLOOKUP(SSW25,COTAÇÃO,8,0))))","v":"HORA"},0.5,{"$f":"IF(SSZ25=\"SINAPI\",VLOOKUP(SSW25,SINAPI,4,0),IF(SSZ25=\"SETOP\",VLOOKUP(SSW25,SETOP,5,0),IF(SSZ25=\"CPU\",VLOOKUP(SSW25,COMPOSIÇÃO,8,0),VLOOKUP(SSW25,COTAÇÃO,11,0))))","v":19.149999999999999},{"$f":"STB25*STC25","v":9.5749999999999993},"ED-50374",{"$f":"IF(STH25=\"SINAPI\",VLOOKUP(STE25,SINAPI,2,0),IF(STH25=\"SETOP\",VLOOKUP(STE25,SETOP,3,0),IF(STH25=\"CPU\",VLOOKUP(STE25,COMPOSIÇÃO,2,0),VLOOKUP(STE25,COTAÇÃO,3,0))))","v":"BOMBEIRO/ENCANADOR COM ENCARGOS COMPLEMENTARES"},null,"SETOP",{"$f":"IF(STH25=\"SINAPI\",VLOOKUP(STE25,SINAPI,3,0),IF(STH25=\"SETOP\",VLOOKUP(STE25,SETOP,4,0),IF(STH25=\"CPU\",VLOOKUP(STE25,COMPOSIÇÃO,5,0),VLOOKUP(STE25,COTAÇÃO,8,0))))","v":"HORA"},0.5,{"$f":"IF(STH25=\"SINAPI\",VLOOKUP(STE25,SINAPI,4,0),IF(STH25=\"SETOP\",VLOOKUP(STE25,SETOP,5,0),IF(STH25=\"CPU\",VLOOKUP(STE25,COMPOSIÇÃO,8,0),VLOOKUP(STE25,COTAÇÃO,11,0))))","v":19.149999999999999},{"$f":"STJ25*STK25","v":9.5749999999999993},"ED-50374",{"$f":"IF(STP25=\"SINAPI\",VLOOKUP(STM25,SINAPI,2,0),IF(STP25=\"SETOP\",VLOOKUP(STM25,SETOP,3,0),IF(STP25=\"CPU\",VLOOKUP(STM25,COMPOSIÇÃO,2,0),VLOOKUP(STM25,COTAÇÃO,3,0))))","v":"BOMBEIRO/ENCANADOR COM ENCARGOS COMPLEMENTARES"},null,"SETOP",{"$f":"IF(STP25=\"SINAPI\",VLOOKUP(STM25,SINAPI,3,0),IF(STP25=\"SETOP\",VLOOKUP(STM25,SETOP,4,0),IF(STP25=\"CPU\",VLOOKUP(STM25,COMPOSIÇÃO,5,0),VLOOKUP(STM25,COTAÇÃO,8,0))))","v":"HORA"},0.5,{"$f":"IF(STP25=\"SINAPI\",VLOOKUP(STM25,SINAPI,4,0),IF(STP25=\"SETOP\",VLOOKUP(STM25,SETOP,5,0),IF(STP25=\"CPU\",VLOOKUP(STM25,COMPOSIÇÃO,8,0),VLOOKUP(STM25,COTAÇÃO,11,0))))","v":19.149999999999999},{"$f":"STR25*STS25","v":9.5749999999999993},"ED-50374",{"$f":"IF(STX25=\"SINAPI\",VLOOKUP(STU25,SINAPI,2,0),IF(STX25=\"SETOP\",VLOOKUP(STU25,SETOP,3,0),IF(STX25=\"CPU\",VLOOKUP(STU25,COMPOSIÇÃO,2,0),VLOOKUP(STU25,COTAÇÃO,3,0))))","v":"BOMBEIRO/ENCANADOR COM ENCARGOS COMPLEMENTARES"},null,"SETOP",{"$f":"IF(STX25=\"SINAPI\",VLOOKUP(STU25,SINAPI,3,0),IF(STX25=\"SETOP\",VLOOKUP(STU25,SETOP,4,0),IF(STX25=\"CPU\",VLOOKUP(STU25,COMPOSIÇÃO,5,0),VLOOKUP(STU25,COTAÇÃO,8,0))))","v":"HORA"},0.5,{"$f":"IF(STX25=\"SINAPI\",VLOOKUP(STU25,SINAPI,4,0),IF(STX25=\"SETOP\",VLOOKUP(STU25,SETOP,5,0),IF(STX25=\"CPU\",VLOOKUP(STU25,COMPOSIÇÃO,8,0),VLOOKUP(STU25,COTAÇÃO,11,0))))","v":19.149999999999999},{"$f":"STZ25*SUA25","v":9.5749999999999993},"ED-50374",{"$f":"IF(SUF25=\"SINAPI\",VLOOKUP(SUC25,SINAPI,2,0),IF(SUF25=\"SETOP\",VLOOKUP(SUC25,SETOP,3,0),IF(SUF25=\"CPU\",VLOOKUP(SUC25,COMPOSIÇÃO,2,0),VLOOKUP(SUC25,COTAÇÃO,3,0))))","v":"BOMBEIRO/ENCANADOR COM ENCARGOS COMPLEMENTARES"},null,"SETOP",{"$f":"IF(SUF25=\"SINAPI\",VLOOKUP(SUC25,SINAPI,3,0),IF(SUF25=\"SETOP\",VLOOKUP(SUC25,SETOP,4,0),IF(SUF25=\"CPU\",VLOOKUP(SUC25,COMPOSIÇÃO,5,0),VLOOKUP(SUC25,COTAÇÃO,8,0))))","v":"HORA"},0.5,{"$f":"IF(SUF25=\"SINAPI\",VLOOKUP(SUC25,SINAPI,4,0),IF(SUF25=\"SETOP\",VLOOKUP(SUC25,SETOP,5,0),IF(SUF25=\"CPU\",VLOOKUP(SUC25,COMPOSIÇÃO,8,0),VLOOKUP(SUC25,COTAÇÃO,11,0))))","v":19.149999999999999},{"$f":"SUH25*SUI25","v":9.5749999999999993},"ED-50374",{"$f":"IF(SUN25=\"SINAPI\",VLOOKUP(SUK25,SINAPI,2,0),IF(SUN25=\"SETOP\",VLOOKUP(SUK25,SETOP,3,0),IF(SUN25=\"CPU\",VLOOKUP(SUK25,COMPOSIÇÃO,2,0),VLOOKUP(SUK25,COTAÇÃO,3,0))))","v":"BOMBEIRO/ENCANADOR COM ENCARGOS COMPLEMENTARES"},null,"SETOP",{"$f":"IF(SUN25=\"SINAPI\",VLOOKUP(SUK25,SINAPI,3,0),IF(SUN25=\"SETOP\",VLOOKUP(SUK25,SETOP,4,0),IF(SUN25=\"CPU\",VLOOKUP(SUK25,COMPOSIÇÃO,5,0),VLOOKUP(SUK25,COTAÇÃO,8,0))))","v":"HORA"},0.5,{"$f":"IF(SUN25=\"SINAPI\",VLOOKUP(SUK25,SINAPI,4,0),IF(SUN25=\"SETOP\",VLOOKUP(SUK25,SETOP,5,0),IF(SUN25=\"CPU\",VLOOKUP(SUK25,COMPOSIÇÃO,8,0),VLOOKUP(SUK25,COTAÇÃO,11,0))))","v":19.149999999999999},{"$f":"SUP25*SUQ25","v":9.5749999999999993},"ED-50374",{"$f":"IF(SUV25=\"SINAPI\",VLOOKUP(SUS25,SINAPI,2,0),IF(SUV25=\"SETOP\",VLOOKUP(SUS25,SETOP,3,0),IF(SUV25=\"CPU\",VLOOKUP(SUS25,COMPOSIÇÃO,2,0),VLOOKUP(SUS25,COTAÇÃO,3,0))))","v":"BOMBEIRO/ENCANADOR COM ENCARGOS COMPLEMENTARES"},null,"SETOP",{"$f":"IF(SUV25=\"SINAPI\",VLOOKUP(SUS25,SINAPI,3,0),IF(SUV25=\"SETOP\",VLOOKUP(SUS25,SETOP,4,0),IF(SUV25=\"CPU\",VLOOKUP(SUS25,COMPOSIÇÃO,5,0),VLOOKUP(SUS25,COTAÇÃO,8,0))))","v":"HORA"},0.5,{"$f":"IF(SUV25=\"SINAPI\",VLOOKUP(SUS25,SINAPI,4,0),IF(SUV25=\"SETOP\",VLOOKUP(SUS25,SETOP,5,0),IF(SUV25=\"CPU\",VLOOKUP(SUS25,COMPOSIÇÃO,8,0),VLOOKUP(SUS25,COTAÇÃO,11,0))))","v":19.149999999999999},{"$f":"SUX25*SUY25","v":9.5749999999999993},"ED-50374",{"$f":"IF(SVD25=\"SINAPI\",VLOOKUP(SVA25,SINAPI,2,0),IF(SVD25=\"SETOP\",VLOOKUP(SVA25,SETOP,3,0),IF(SVD25=\"CPU\",VLOOKUP(SVA25,COMPOSIÇÃO,2,0),VLOOKUP(SVA25,COTAÇÃO,3,0))))","v":"BOMBEIRO/ENCANADOR COM ENCARGOS COMPLEMENTARES"},null,"SETOP",{"$f":"IF(SVD25=\"SINAPI\",VLOOKUP(SVA25,SINAPI,3,0),IF(SVD25=\"SETOP\",VLOOKUP(SVA25,SETOP,4,0),IF(SVD25=\"CPU\",VLOOKUP(SVA25,COMPOSIÇÃO,5,0),VLOOKUP(SVA25,COTAÇÃO,8,0))))","v":"HORA"},0.5,{"$f":"IF(SVD25=\"SINAPI\",VLOOKUP(SVA25,SINAPI,4,0),IF(SVD25=\"SETOP\",VLOOKUP(SVA25,SETOP,5,0),IF(SVD25=\"CPU\",VLOOKUP(SVA25,COMPOSIÇÃO,8,0),VLOOKUP(SVA25,COTAÇÃO,11,0))))","v":19.149999999999999},{"$f":"SVF25*SVG25","v":9.5749999999999993},"ED-50374",{"$f":"IF(SVL25=\"SINAPI\",VLOOKUP(SVI25,SINAPI,2,0),IF(SVL25=\"SETOP\",VLOOKUP(SVI25,SETOP,3,0),IF(SVL25=\"CPU\",VLOOKUP(SVI25,COMPOSIÇÃO,2,0),VLOOKUP(SVI25,COTAÇÃO,3,0))))","v":"BOMBEIRO/ENCANADOR COM ENCARGOS COMPLEMENTARES"},null,"SETOP",{"$f":"IF(SVL25=\"SINAPI\",VLOOKUP(SVI25,SINAPI,3,0),IF(SVL25=\"SETOP\",VLOOKUP(SVI25,SETOP,4,0),IF(SVL25=\"CPU\",VLOOKUP(SVI25,COMPOSIÇÃO,5,0),VLOOKUP(SVI25,COTAÇÃO,8,0))))","v":"HORA"},0.5,{"$f":"IF(SVL25=\"SINAPI\",VLOOKUP(SVI25,SINAPI,4,0),IF(SVL25=\"SETOP\",VLOOKUP(SVI25,SETOP,5,0),IF(SVL25=\"CPU\",VLOOKUP(SVI25,COMPOSIÇÃO,8,0),VLOOKUP(SVI25,COTAÇÃO,11,0))))","v":19.149999999999999},{"$f":"SVN25*SVO25","v":9.5749999999999993},"ED-50374",{"$f":"IF(SVT25=\"SINAPI\",VLOOKUP(SVQ25,SINAPI,2,0),IF(SVT25=\"SETOP\",VLOOKUP(SVQ25,SETOP,3,0),IF(SVT25=\"CPU\",VLOOKUP(SVQ25,COMPOSIÇÃO,2,0),VLOOKUP(SVQ25,COTAÇÃO,3,0))))","v":"BOMBEIRO/ENCANADOR COM ENCARGOS COMPLEMENTARES"},null,"SETOP",{"$f":"IF(SVT25=\"SINAPI\",VLOOKUP(SVQ25,SINAPI,3,0),IF(SVT25=\"SETOP\",VLOOKUP(SVQ25,SETOP,4,0),IF(SVT25=\"CPU\",VLOOKUP(SVQ25,COMPOSIÇÃO,5,0),VLOOKUP(SVQ25,COTAÇÃO,8,0))))","v":"HORA"},0.5,{"$f":"IF(SVT25=\"SINAPI\",VLOOKUP(SVQ25,SINAPI,4,0),IF(SVT25=\"SETOP\",VLOOKUP(SVQ25,SETOP,5,0),IF(SVT25=\"CPU\",VLOOKUP(SVQ25,COMPOSIÇÃO,8,0),VLOOKUP(SVQ25,COTAÇÃO,11,0))))","v":19.149999999999999},{"$f":"SVV25*SVW25","v":9.5749999999999993},"ED-50374",{"$f":"IF(SWB25=\"SINAPI\",VLOOKUP(SVY25,SINAPI,2,0),IF(SWB25=\"SETOP\",VLOOKUP(SVY25,SETOP,3,0),IF(SWB25=\"CPU\",VLOOKUP(SVY25,COMPOSIÇÃO,2,0),VLOOKUP(SVY25,COTAÇÃO,3,0))))","v":"BOMBEIRO/ENCANADOR COM ENCARGOS COMPLEMENTARES"},null,"SETOP",{"$f":"IF(SWB25=\"SINAPI\",VLOOKUP(SVY25,SINAPI,3,0),IF(SWB25=\"SETOP\",VLOOKUP(SVY25,SETOP,4,0),IF(SWB25=\"CPU\",VLOOKUP(SVY25,COMPOSIÇÃO,5,0),VLOOKUP(SVY25,COTAÇÃO,8,0))))","v":"HORA"},0.5,{"$f":"IF(SWB25=\"SINAPI\",VLOOKUP(SVY25,SINAPI,4,0),IF(SWB25=\"SETOP\",VLOOKUP(SVY25,SETOP,5,0),IF(SWB25=\"CPU\",VLOOKUP(SVY25,COMPOSIÇÃO,8,0),VLOOKUP(SVY25,COTAÇÃO,11,0))))","v":19.149999999999999},{"$f":"SWD25*SWE25","v":9.5749999999999993},"ED-50374",{"$f":"IF(SWJ25=\"SINAPI\",VLOOKUP(SWG25,SINAPI,2,0),IF(SWJ25=\"SETOP\",VLOOKUP(SWG25,SETOP,3,0),IF(SWJ25=\"CPU\",VLOOKUP(SWG25,COMPOSIÇÃO,2,0),VLOOKUP(SWG25,COTAÇÃO,3,0))))","v":"BOMBEIRO/ENCANADOR COM ENCARGOS COMPLEMENTARES"},null,"SETOP",{"$f":"IF(SWJ25=\"SINAPI\",VLOOKUP(SWG25,SINAPI,3,0),IF(SWJ25=\"SETOP\",VLOOKUP(SWG25,SETOP,4,0),IF(SWJ25=\"CPU\",VLOOKUP(SWG25,COMPOSIÇÃO,5,0),VLOOKUP(SWG25,COTAÇÃO,8,0))))","v":"HORA"},0.5,{"$f":"IF(SWJ25=\"SINAPI\",VLOOKUP(SWG25,SINAPI,4,0),IF(SWJ25=\"SETOP\",VLOOKUP(SWG25,SETOP,5,0),IF(SWJ25=\"CPU\",VLOOKUP(SWG25,COMPOSIÇÃO,8,0),VLOOKUP(SWG25,COTAÇÃO,11,0))))","v":19.149999999999999},{"$f":"SWL25*SWM25","v":9.5749999999999993},"ED-50374",{"$f":"IF(SWR25=\"SINAPI\",VLOOKUP(SWO25,SINAPI,2,0),IF(SWR25=\"SETOP\",VLOOKUP(SWO25,SETOP,3,0),IF(SWR25=\"CPU\",VLOOKUP(SWO25,COMPOSIÇÃO,2,0),VLOOKUP(SWO25,COTAÇÃO,3,0))))","v":"BOMBEIRO/ENCANADOR COM ENCARGOS COMPLEMENTARES"},null,"SETOP",{"$f":"IF(SWR25=\"SINAPI\",VLOOKUP(SWO25,SINAPI,3,0),IF(SWR25=\"SETOP\",VLOOKUP(SWO25,SETOP,4,0),IF(SWR25=\"CPU\",VLOOKUP(SWO25,COMPOSIÇÃO,5,0),VLOOKUP(SWO25,COTAÇÃO,8,0))))","v":"HORA"},0.5,{"$f":"IF(SWR25=\"SINAPI\",VLOOKUP(SWO25,SINAPI,4,0),IF(SWR25=\"SETOP\",VLOOKUP(SWO25,SETOP,5,0),IF(SWR25=\"CPU\",VLOOKUP(SWO25,COMPOSIÇÃO,8,0),VLOOKUP(SWO25,COTAÇÃO,11,0))))","v":19.149999999999999},{"$f":"SWT25*SWU25","v":9.5749999999999993},"ED-50374",{"$f":"IF(SWZ25=\"SINAPI\",VLOOKUP(SWW25,SINAPI,2,0),IF(SWZ25=\"SETOP\",VLOOKUP(SWW25,SETOP,3,0),IF(SWZ25=\"CPU\",VLOOKUP(SWW25,COMPOSIÇÃO,2,0),VLOOKUP(SWW25,COTAÇÃO,3,0))))","v":"BOMBEIRO/ENCANADOR COM ENCARGOS COMPLEMENTARES"},null,"SETOP",{"$f":"IF(SWZ25=\"SINAPI\",VLOOKUP(SWW25,SINAPI,3,0),IF(SWZ25=\"SETOP\",VLOOKUP(SWW25,SETOP,4,0),IF(SWZ25=\"CPU\",VLOOKUP(SWW25,COMPOSIÇÃO,5,0),VLOOKUP(SWW25,COTAÇÃO,8,0))))","v":"HORA"},0.5,{"$f":"IF(SWZ25=\"SINAPI\",VLOOKUP(SWW25,SINAPI,4,0),IF(SWZ25=\"SETOP\",VLOOKUP(SWW25,SETOP,5,0),IF(SWZ25=\"CPU\",VLOOKUP(SWW25,COMPOSIÇÃO,8,0),VLOOKUP(SWW25,COTAÇÃO,11,0))))","v":19.149999999999999},{"$f":"SXB25*SXC25","v":9.5749999999999993},"ED-50374",{"$f":"IF(SXH25=\"SINAPI\",VLOOKUP(SXE25,SINAPI,2,0),IF(SXH25=\"SETOP\",VLOOKUP(SXE25,SETOP,3,0),IF(SXH25=\"CPU\",VLOOKUP(SXE25,COMPOSIÇÃO,2,0),VLOOKUP(SXE25,COTAÇÃO,3,0))))","v":"BOMBEIRO/ENCANADOR COM ENCARGOS COMPLEMENTARES"},null,"SETOP",{"$f":"IF(SXH25=\"SINAPI\",VLOOKUP(SXE25,SINAPI,3,0),IF(SXH25=\"SETOP\",VLOOKUP(SXE25,SETOP,4,0),IF(SXH25=\"CPU\",VLOOKUP(SXE25,COMPOSIÇÃO,5,0),VLOOKUP(SXE25,COTAÇÃO,8,0))))","v":"HORA"},0.5,{"$f":"IF(SXH25=\"SINAPI\",VLOOKUP(SXE25,SINAPI,4,0),IF(SXH25=\"SETOP\",VLOOKUP(SXE25,SETOP,5,0),IF(SXH25=\"CPU\",VLOOKUP(SXE25,COMPOSIÇÃO,8,0),VLOOKUP(SXE25,COTAÇÃO,11,0))))","v":19.149999999999999},{"$f":"SXJ25*SXK25","v":9.5749999999999993},"ED-50374",{"$f":"IF(SXP25=\"SINAPI\",VLOOKUP(SXM25,SINAPI,2,0),IF(SXP25=\"SETOP\",VLOOKUP(SXM25,SETOP,3,0),IF(SXP25=\"CPU\",VLOOKUP(SXM25,COMPOSIÇÃO,2,0),VLOOKUP(SXM25,COTAÇÃO,3,0))))","v":"BOMBEIRO/ENCANADOR COM ENCARGOS COMPLEMENTARES"},null,"SETOP",{"$f":"IF(SXP25=\"SINAPI\",VLOOKUP(SXM25,SINAPI,3,0),IF(SXP25=\"SETOP\",VLOOKUP(SXM25,SETOP,4,0),IF(SXP25=\"CPU\",VLOOKUP(SXM25,COMPOSIÇÃO,5,0),VLOOKUP(SXM25,COTAÇÃO,8,0))))","v":"HORA"},0.5,{"$f":"IF(SXP25=\"SINAPI\",VLOOKUP(SXM25,SINAPI,4,0),IF(SXP25=\"SETOP\",VLOOKUP(SXM25,SETOP,5,0),IF(SXP25=\"CPU\",VLOOKUP(SXM25,COMPOSIÇÃO,8,0),VLOOKUP(SXM25,COTAÇÃO,11,0))))","v":19.149999999999999},{"$f":"SXR25*SXS25","v":9.5749999999999993},"ED-50374",{"$f":"IF(SXX25=\"SINAPI\",VLOOKUP(SXU25,SINAPI,2,0),IF(SXX25=\"SETOP\",VLOOKUP(SXU25,SETOP,3,0),IF(SXX25=\"CPU\",VLOOKUP(SXU25,COMPOSIÇÃO,2,0),VLOOKUP(SXU25,COTAÇÃO,3,0))))","v":"BOMBEIRO/ENCANADOR COM ENCARGOS COMPLEMENTARES"},null,"SETOP",{"$f":"IF(SXX25=\"SINAPI\",VLOOKUP(SXU25,SINAPI,3,0),IF(SXX25=\"SETOP\",VLOOKUP(SXU25,SETOP,4,0),IF(SXX25=\"CPU\",VLOOKUP(SXU25,COMPOSIÇÃO,5,0),VLOOKUP(SXU25,COTAÇÃO,8,0))))","v":"HORA"},0.5,{"$f":"IF(SXX25=\"SINAPI\",VLOOKUP(SXU25,SINAPI,4,0),IF(SXX25=\"SETOP\",VLOOKUP(SXU25,SETOP,5,0),IF(SXX25=\"CPU\",VLOOKUP(SXU25,COMPOSIÇÃO,8,0),VLOOKUP(SXU25,COTAÇÃO,11,0))))","v":19.149999999999999},{"$f":"SXZ25*SYA25","v":9.5749999999999993},"ED-50374",{"$f":"IF(SYF25=\"SINAPI\",VLOOKUP(SYC25,SINAPI,2,0),IF(SYF25=\"SETOP\",VLOOKUP(SYC25,SETOP,3,0),IF(SYF25=\"CPU\",VLOOKUP(SYC25,COMPOSIÇÃO,2,0),VLOOKUP(SYC25,COTAÇÃO,3,0))))","v":"BOMBEIRO/ENCANADOR COM ENCARGOS COMPLEMENTARES"},null,"SETOP",{"$f":"IF(SYF25=\"SINAPI\",VLOOKUP(SYC25,SINAPI,3,0),IF(SYF25=\"SETOP\",VLOOKUP(SYC25,SETOP,4,0),IF(SYF25=\"CPU\",VLOOKUP(SYC25,COMPOSIÇÃO,5,0),VLOOKUP(SYC25,COTAÇÃO,8,0))))","v":"HORA"},0.5,{"$f":"IF(SYF25=\"SINAPI\",VLOOKUP(SYC25,SINAPI,4,0),IF(SYF25=\"SETOP\",VLOOKUP(SYC25,SETOP,5,0),IF(SYF25=\"CPU\",VLOOKUP(SYC25,COMPOSIÇÃO,8,0),VLOOKUP(SYC25,COTAÇÃO,11,0))))","v":19.149999999999999},{"$f":"SYH25*SYI25","v":9.5749999999999993},"ED-50374",{"$f":"IF(SYN25=\"SINAPI\",VLOOKUP(SYK25,SINAPI,2,0),IF(SYN25=\"SETOP\",VLOOKUP(SYK25,SETOP,3,0),IF(SYN25=\"CPU\",VLOOKUP(SYK25,COMPOSIÇÃO,2,0),VLOOKUP(SYK25,COTAÇÃO,3,0))))","v":"BOMBEIRO/ENCANADOR COM ENCARGOS COMPLEMENTARES"},null,"SETOP",{"$f":"IF(SYN25=\"SINAPI\",VLOOKUP(SYK25,SINAPI,3,0),IF(SYN25=\"SETOP\",VLOOKUP(SYK25,SETOP,4,0),IF(SYN25=\"CPU\",VLOOKUP(SYK25,COMPOSIÇÃO,5,0),VLOOKUP(SYK25,COTAÇÃO,8,0))))","v":"HORA"},0.5,{"$f":"IF(SYN25=\"SINAPI\",VLOOKUP(SYK25,SINAPI,4,0),IF(SYN25=\"SETOP\",VLOOKUP(SYK25,SETOP,5,0),IF(SYN25=\"CPU\",VLOOKUP(SYK25,COMPOSIÇÃO,8,0),VLOOKUP(SYK25,COTAÇÃO,11,0))))","v":19.149999999999999},{"$f":"SYP25*SYQ25","v":9.5749999999999993},"ED-50374",{"$f":"IF(SYV25=\"SINAPI\",VLOOKUP(SYS25,SINAPI,2,0),IF(SYV25=\"SETOP\",VLOOKUP(SYS25,SETOP,3,0),IF(SYV25=\"CPU\",VLOOKUP(SYS25,COMPOSIÇÃO,2,0),VLOOKUP(SYS25,COTAÇÃO,3,0))))","v":"BOMBEIRO/ENCANADOR COM ENCARGOS COMPLEMENTARES"},null,"SETOP",{"$f":"IF(SYV25=\"SINAPI\",VLOOKUP(SYS25,SINAPI,3,0),IF(SYV25=\"SETOP\",VLOOKUP(SYS25,SETOP,4,0),IF(SYV25=\"CPU\",VLOOKUP(SYS25,COMPOSIÇÃO,5,0),VLOOKUP(SYS25,COTAÇÃO,8,0))))","v":"HORA"},0.5,{"$f":"IF(SYV25=\"SINAPI\",VLOOKUP(SYS25,SINAPI,4,0),IF(SYV25=\"SETOP\",VLOOKUP(SYS25,SETOP,5,0),IF(SYV25=\"CPU\",VLOOKUP(SYS25,COMPOSIÇÃO,8,0),VLOOKUP(SYS25,COTAÇÃO,11,0))))","v":19.149999999999999},{"$f":"SYX25*SYY25","v":9.5749999999999993},"ED-50374",{"$f":"IF(SZD25=\"SINAPI\",VLOOKUP(SZA25,SINAPI,2,0),IF(SZD25=\"SETOP\",VLOOKUP(SZA25,SETOP,3,0),IF(SZD25=\"CPU\",VLOOKUP(SZA25,COMPOSIÇÃO,2,0),VLOOKUP(SZA25,COTAÇÃO,3,0))))","v":"BOMBEIRO/ENCANADOR COM ENCARGOS COMPLEMENTARES"},null,"SETOP",{"$f":"IF(SZD25=\"SINAPI\",VLOOKUP(SZA25,SINAPI,3,0),IF(SZD25=\"SETOP\",VLOOKUP(SZA25,SETOP,4,0),IF(SZD25=\"CPU\",VLOOKUP(SZA25,COMPOSIÇÃO,5,0),VLOOKUP(SZA25,COTAÇÃO,8,0))))","v":"HORA"},0.5,{"$f":"IF(SZD25=\"SINAPI\",VLOOKUP(SZA25,SINAPI,4,0),IF(SZD25=\"SETOP\",VLOOKUP(SZA25,SETOP,5,0),IF(SZD25=\"CPU\",VLOOKUP(SZA25,COMPOSIÇÃO,8,0),VLOOKUP(SZA25,COTAÇÃO,11,0))))","v":19.149999999999999},{"$f":"SZF25*SZG25","v":9.5749999999999993},"ED-50374",{"$f":"IF(SZL25=\"SINAPI\",VLOOKUP(SZI25,SINAPI,2,0),IF(SZL25=\"SETOP\",VLOOKUP(SZI25,SETOP,3,0),IF(SZL25=\"CPU\",VLOOKUP(SZI25,COMPOSIÇÃO,2,0),VLOOKUP(SZI25,COTAÇÃO,3,0))))","v":"BOMBEIRO/ENCANADOR COM ENCARGOS COMPLEMENTARES"},null,"SETOP",{"$f":"IF(SZL25=\"SINAPI\",VLOOKUP(SZI25,SINAPI,3,0),IF(SZL25=\"SETOP\",VLOOKUP(SZI25,SETOP,4,0),IF(SZL25=\"CPU\",VLOOKUP(SZI25,COMPOSIÇÃO,5,0),VLOOKUP(SZI25,COTAÇÃO,8,0))))","v":"HORA"},0.5,{"$f":"IF(SZL25=\"SINAPI\",VLOOKUP(SZI25,SINAPI,4,0),IF(SZL25=\"SETOP\",VLOOKUP(SZI25,SETOP,5,0),IF(SZL25=\"CPU\",VLOOKUP(SZI25,COMPOSIÇÃO,8,0),VLOOKUP(SZI25,COTAÇÃO,11,0))))","v":19.149999999999999},{"$f":"SZN25*SZO25","v":9.5749999999999993},"ED-50374",{"$f":"IF(SZT25=\"SINAPI\",VLOOKUP(SZQ25,SINAPI,2,0),IF(SZT25=\"SETOP\",VLOOKUP(SZQ25,SETOP,3,0),IF(SZT25=\"CPU\",VLOOKUP(SZQ25,COMPOSIÇÃO,2,0),VLOOKUP(SZQ25,COTAÇÃO,3,0))))","v":"BOMBEIRO/ENCANADOR COM ENCARGOS COMPLEMENTARES"},null,"SETOP",{"$f":"IF(SZT25=\"SINAPI\",VLOOKUP(SZQ25,SINAPI,3,0),IF(SZT25=\"SETOP\",VLOOKUP(SZQ25,SETOP,4,0),IF(SZT25=\"CPU\",VLOOKUP(SZQ25,COMPOSIÇÃO,5,0),VLOOKUP(SZQ25,COTAÇÃO,8,0))))","v":"HORA"},0.5,{"$f":"IF(SZT25=\"SINAPI\",VLOOKUP(SZQ25,SINAPI,4,0),IF(SZT25=\"SETOP\",VLOOKUP(SZQ25,SETOP,5,0),IF(SZT25=\"CPU\",VLOOKUP(SZQ25,COMPOSIÇÃO,8,0),VLOOKUP(SZQ25,COTAÇÃO,11,0))))","v":19.149999999999999},{"$f":"SZV25*SZW25","v":9.5749999999999993},"ED-50374",{"$f":"IF(TAB25=\"SINAPI\",VLOOKUP(SZY25,SINAPI,2,0),IF(TAB25=\"SETOP\",VLOOKUP(SZY25,SETOP,3,0),IF(TAB25=\"CPU\",VLOOKUP(SZY25,COMPOSIÇÃO,2,0),VLOOKUP(SZY25,COTAÇÃO,3,0))))","v":"BOMBEIRO/ENCANADOR COM ENCARGOS COMPLEMENTARES"},null,"SETOP",{"$f":"IF(TAB25=\"SINAPI\",VLOOKUP(SZY25,SINAPI,3,0),IF(TAB25=\"SETOP\",VLOOKUP(SZY25,SETOP,4,0),IF(TAB25=\"CPU\",VLOOKUP(SZY25,COMPOSIÇÃO,5,0),VLOOKUP(SZY25,COTAÇÃO,8,0))))","v":"HORA"},0.5,{"$f":"IF(TAB25=\"SINAPI\",VLOOKUP(SZY25,SINAPI,4,0),IF(TAB25=\"SETOP\",VLOOKUP(SZY25,SETOP,5,0),IF(TAB25=\"CPU\",VLOOKUP(SZY25,COMPOSIÇÃO,8,0),VLOOKUP(SZY25,COTAÇÃO,11,0))))","v":19.149999999999999},{"$f":"TAD25*TAE25","v":9.5749999999999993},"ED-50374",{"$f":"IF(TAJ25=\"SINAPI\",VLOOKUP(TAG25,SINAPI,2,0),IF(TAJ25=\"SETOP\",VLOOKUP(TAG25,SETOP,3,0),IF(TAJ25=\"CPU\",VLOOKUP(TAG25,COMPOSIÇÃO,2,0),VLOOKUP(TAG25,COTAÇÃO,3,0))))","v":"BOMBEIRO/ENCANADOR COM ENCARGOS COMPLEMENTARES"},null,"SETOP",{"$f":"IF(TAJ25=\"SINAPI\",VLOOKUP(TAG25,SINAPI,3,0),IF(TAJ25=\"SETOP\",VLOOKUP(TAG25,SETOP,4,0),IF(TAJ25=\"CPU\",VLOOKUP(TAG25,COMPOSIÇÃO,5,0),VLOOKUP(TAG25,COTAÇÃO,8,0))))","v":"HORA"},0.5,{"$f":"IF(TAJ25=\"SINAPI\",VLOOKUP(TAG25,SINAPI,4,0),IF(TAJ25=\"SETOP\",VLOOKUP(TAG25,SETOP,5,0),IF(TAJ25=\"CPU\",VLOOKUP(TAG25,COMPOSIÇÃO,8,0),VLOOKUP(TAG25,COTAÇÃO,11,0))))","v":19.149999999999999},{"$f":"TAL25*TAM25","v":9.5749999999999993},"ED-50374",{"$f":"IF(TAR25=\"SINAPI\",VLOOKUP(TAO25,SINAPI,2,0),IF(TAR25=\"SETOP\",VLOOKUP(TAO25,SETOP,3,0),IF(TAR25=\"CPU\",VLOOKUP(TAO25,COMPOSIÇÃO,2,0),VLOOKUP(TAO25,COTAÇÃO,3,0))))","v":"BOMBEIRO/ENCANADOR COM ENCARGOS COMPLEMENTARES"},null,"SETOP",{"$f":"IF(TAR25=\"SINAPI\",VLOOKUP(TAO25,SINAPI,3,0),IF(TAR25=\"SETOP\",VLOOKUP(TAO25,SETOP,4,0),IF(TAR25=\"CPU\",VLOOKUP(TAO25,COMPOSIÇÃO,5,0),VLOOKUP(TAO25,COTAÇÃO,8,0))))","v":"HORA"},0.5,{"$f":"IF(TAR25=\"SINAPI\",VLOOKUP(TAO25,SINAPI,4,0),IF(TAR25=\"SETOP\",VLOOKUP(TAO25,SETOP,5,0),IF(TAR25=\"CPU\",VLOOKUP(TAO25,COMPOSIÇÃO,8,0),VLOOKUP(TAO25,COTAÇÃO,11,0))))","v":19.149999999999999},{"$f":"TAT25*TAU25","v":9.5749999999999993},"ED-50374",{"$f":"IF(TAZ25=\"SINAPI\",VLOOKUP(TAW25,SINAPI,2,0),IF(TAZ25=\"SETOP\",VLOOKUP(TAW25,SETOP,3,0),IF(TAZ25=\"CPU\",VLOOKUP(TAW25,COMPOSIÇÃO,2,0),VLOOKUP(TAW25,COTAÇÃO,3,0))))","v":"BOMBEIRO/ENCANADOR COM ENCARGOS COMPLEMENTARES"},null,"SETOP",{"$f":"IF(TAZ25=\"SINAPI\",VLOOKUP(TAW25,SINAPI,3,0),IF(TAZ25=\"SETOP\",VLOOKUP(TAW25,SETOP,4,0),IF(TAZ25=\"CPU\",VLOOKUP(TAW25,COMPOSIÇÃO,5,0),VLOOKUP(TAW25,COTAÇÃO,8,0))))","v":"HORA"},0.5,{"$f":"IF(TAZ25=\"SINAPI\",VLOOKUP(TAW25,SINAPI,4,0),IF(TAZ25=\"SETOP\",VLOOKUP(TAW25,SETOP,5,0),IF(TAZ25=\"CPU\",VLOOKUP(TAW25,COMPOSIÇÃO,8,0),VLOOKUP(TAW25,COTAÇÃO,11,0))))","v":19.149999999999999},{"$f":"TBB25*TBC25","v":9.5749999999999993},"ED-50374",{"$f":"IF(TBH25=\"SINAPI\",VLOOKUP(TBE25,SINAPI,2,0),IF(TBH25=\"SETOP\",VLOOKUP(TBE25,SETOP,3,0),IF(TBH25=\"CPU\",VLOOKUP(TBE25,COMPOSIÇÃO,2,0),VLOOKUP(TBE25,COTAÇÃO,3,0))))","v":"BOMBEIRO/ENCANADOR COM ENCARGOS COMPLEMENTARES"},null,"SETOP",{"$f":"IF(TBH25=\"SINAPI\",VLOOKUP(TBE25,SINAPI,3,0),IF(TBH25=\"SETOP\",VLOOKUP(TBE25,SETOP,4,0),IF(TBH25=\"CPU\",VLOOKUP(TBE25,COMPOSIÇÃO,5,0),VLOOKUP(TBE25,COTAÇÃO,8,0))))","v":"HORA"},0.5,{"$f":"IF(TBH25=\"SINAPI\",VLOOKUP(TBE25,SINAPI,4,0),IF(TBH25=\"SETOP\",VLOOKUP(TBE25,SETOP,5,0),IF(TBH25=\"CPU\",VLOOKUP(TBE25,COMPOSIÇÃO,8,0),VLOOKUP(TBE25,COTAÇÃO,11,0))))","v":19.149999999999999},{"$f":"TBJ25*TBK25","v":9.5749999999999993},"ED-50374",{"$f":"IF(TBP25=\"SINAPI\",VLOOKUP(TBM25,SINAPI,2,0),IF(TBP25=\"SETOP\",VLOOKUP(TBM25,SETOP,3,0),IF(TBP25=\"CPU\",VLOOKUP(TBM25,COMPOSIÇÃO,2,0),VLOOKUP(TBM25,COTAÇÃO,3,0))))","v":"BOMBEIRO/ENCANADOR COM ENCARGOS COMPLEMENTARES"},null,"SETOP",{"$f":"IF(TBP25=\"SINAPI\",VLOOKUP(TBM25,SINAPI,3,0),IF(TBP25=\"SETOP\",VLOOKUP(TBM25,SETOP,4,0),IF(TBP25=\"CPU\",VLOOKUP(TBM25,COMPOSIÇÃO,5,0),VLOOKUP(TBM25,COTAÇÃO,8,0))))","v":"HORA"},0.5,{"$f":"IF(TBP25=\"SINAPI\",VLOOKUP(TBM25,SINAPI,4,0),IF(TBP25=\"SETOP\",VLOOKUP(TBM25,SETOP,5,0),IF(TBP25=\"CPU\",VLOOKUP(TBM25,COMPOSIÇÃO,8,0),VLOOKUP(TBM25,COTAÇÃO,11,0))))","v":19.149999999999999},{"$f":"TBR25*TBS25","v":9.5749999999999993},"ED-50374",{"$f":"IF(TBX25=\"SINAPI\",VLOOKUP(TBU25,SINAPI,2,0),IF(TBX25=\"SETOP\",VLOOKUP(TBU25,SETOP,3,0),IF(TBX25=\"CPU\",VLOOKUP(TBU25,COMPOSIÇÃO,2,0),VLOOKUP(TBU25,COTAÇÃO,3,0))))","v":"BOMBEIRO/ENCANADOR COM ENCARGOS COMPLEMENTARES"},null,"SETOP",{"$f":"IF(TBX25=\"SINAPI\",VLOOKUP(TBU25,SINAPI,3,0),IF(TBX25=\"SETOP\",VLOOKUP(TBU25,SETOP,4,0),IF(TBX25=\"CPU\",VLOOKUP(TBU25,COMPOSIÇÃO,5,0),VLOOKUP(TBU25,COTAÇÃO,8,0))))","v":"HORA"},0.5,{"$f":"IF(TBX25=\"SINAPI\",VLOOKUP(TBU25,SINAPI,4,0),IF(TBX25=\"SETOP\",VLOOKUP(TBU25,SETOP,5,0),IF(TBX25=\"CPU\",VLOOKUP(TBU25,COMPOSIÇÃO,8,0),VLOOKUP(TBU25,COTAÇÃO,11,0))))","v":19.149999999999999},{"$f":"TBZ25*TCA25","v":9.5749999999999993},"ED-50374",{"$f":"IF(TCF25=\"SINAPI\",VLOOKUP(TCC25,SINAPI,2,0),IF(TCF25=\"SETOP\",VLOOKUP(TCC25,SETOP,3,0),IF(TCF25=\"CPU\",VLOOKUP(TCC25,COMPOSIÇÃO,2,0),VLOOKUP(TCC25,COTAÇÃO,3,0))))","v":"BOMBEIRO/ENCANADOR COM ENCARGOS COMPLEMENTARES"},null,"SETOP",{"$f":"IF(TCF25=\"SINAPI\",VLOOKUP(TCC25,SINAPI,3,0),IF(TCF25=\"SETOP\",VLOOKUP(TCC25,SETOP,4,0),IF(TCF25=\"CPU\",VLOOKUP(TCC25,COMPOSIÇÃO,5,0),VLOOKUP(TCC25,COTAÇÃO,8,0))))","v":"HORA"},0.5,{"$f":"IF(TCF25=\"SINAPI\",VLOOKUP(TCC25,SINAPI,4,0),IF(TCF25=\"SETOP\",VLOOKUP(TCC25,SETOP,5,0),IF(TCF25=\"CPU\",VLOOKUP(TCC25,COMPOSIÇÃO,8,0),VLOOKUP(TCC25,COTAÇÃO,11,0))))","v":19.149999999999999},{"$f":"TCH25*TCI25","v":9.5749999999999993},"ED-50374",{"$f":"IF(TCN25=\"SINAPI\",VLOOKUP(TCK25,SINAPI,2,0),IF(TCN25=\"SETOP\",VLOOKUP(TCK25,SETOP,3,0),IF(TCN25=\"CPU\",VLOOKUP(TCK25,COMPOSIÇÃO,2,0),VLOOKUP(TCK25,COTAÇÃO,3,0))))","v":"BOMBEIRO/ENCANADOR COM ENCARGOS COMPLEMENTARES"},null,"SETOP",{"$f":"IF(TCN25=\"SINAPI\",VLOOKUP(TCK25,SINAPI,3,0),IF(TCN25=\"SETOP\",VLOOKUP(TCK25,SETOP,4,0),IF(TCN25=\"CPU\",VLOOKUP(TCK25,COMPOSIÇÃO,5,0),VLOOKUP(TCK25,COTAÇÃO,8,0))))","v":"HORA"},0.5,{"$f":"IF(TCN25=\"SINAPI\",VLOOKUP(TCK25,SINAPI,4,0),IF(TCN25=\"SETOP\",VLOOKUP(TCK25,SETOP,5,0),IF(TCN25=\"CPU\",VLOOKUP(TCK25,COMPOSIÇÃO,8,0),VLOOKUP(TCK25,COTAÇÃO,11,0))))","v":19.149999999999999},{"$f":"TCP25*TCQ25","v":9.5749999999999993},"ED-50374",{"$f":"IF(TCV25=\"SINAPI\",VLOOKUP(TCS25,SINAPI,2,0),IF(TCV25=\"SETOP\",VLOOKUP(TCS25,SETOP,3,0),IF(TCV25=\"CPU\",VLOOKUP(TCS25,COMPOSIÇÃO,2,0),VLOOKUP(TCS25,COTAÇÃO,3,0))))","v":"BOMBEIRO/ENCANADOR COM ENCARGOS COMPLEMENTARES"},null,"SETOP",{"$f":"IF(TCV25=\"SINAPI\",VLOOKUP(TCS25,SINAPI,3,0),IF(TCV25=\"SETOP\",VLOOKUP(TCS25,SETOP,4,0),IF(TCV25=\"CPU\",VLOOKUP(TCS25,COMPOSIÇÃO,5,0),VLOOKUP(TCS25,COTAÇÃO,8,0))))","v":"HORA"},0.5,{"$f":"IF(TCV25=\"SINAPI\",VLOOKUP(TCS25,SINAPI,4,0),IF(TCV25=\"SETOP\",VLOOKUP(TCS25,SETOP,5,0),IF(TCV25=\"CPU\",VLOOKUP(TCS25,COMPOSIÇÃO,8,0),VLOOKUP(TCS25,COTAÇÃO,11,0))))","v":19.149999999999999},{"$f":"TCX25*TCY25","v":9.5749999999999993},"ED-50374",{"$f":"IF(TDD25=\"SINAPI\",VLOOKUP(TDA25,SINAPI,2,0),IF(TDD25=\"SETOP\",VLOOKUP(TDA25,SETOP,3,0),IF(TDD25=\"CPU\",VLOOKUP(TDA25,COMPOSIÇÃO,2,0),VLOOKUP(TDA25,COTAÇÃO,3,0))))","v":"BOMBEIRO/ENCANADOR COM ENCARGOS COMPLEMENTARES"},null,"SETOP",{"$f":"IF(TDD25=\"SINAPI\",VLOOKUP(TDA25,SINAPI,3,0),IF(TDD25=\"SETOP\",VLOOKUP(TDA25,SETOP,4,0),IF(TDD25=\"CPU\",VLOOKUP(TDA25,COMPOSIÇÃO,5,0),VLOOKUP(TDA25,COTAÇÃO,8,0))))","v":"HORA"},0.5,{"$f":"IF(TDD25=\"SINAPI\",VLOOKUP(TDA25,SINAPI,4,0),IF(TDD25=\"SETOP\",VLOOKUP(TDA25,SETOP,5,0),IF(TDD25=\"CPU\",VLOOKUP(TDA25,COMPOSIÇÃO,8,0),VLOOKUP(TDA25,COTAÇÃO,11,0))))","v":19.149999999999999},{"$f":"TDF25*TDG25","v":9.5749999999999993},"ED-50374",{"$f":"IF(TDL25=\"SINAPI\",VLOOKUP(TDI25,SINAPI,2,0),IF(TDL25=\"SETOP\",VLOOKUP(TDI25,SETOP,3,0),IF(TDL25=\"CPU\",VLOOKUP(TDI25,COMPOSIÇÃO,2,0),VLOOKUP(TDI25,COTAÇÃO,3,0))))","v":"BOMBEIRO/ENCANADOR COM ENCARGOS COMPLEMENTARES"},null,"SETOP",{"$f":"IF(TDL25=\"SINAPI\",VLOOKUP(TDI25,SINAPI,3,0),IF(TDL25=\"SETOP\",VLOOKUP(TDI25,SETOP,4,0),IF(TDL25=\"CPU\",VLOOKUP(TDI25,COMPOSIÇÃO,5,0),VLOOKUP(TDI25,COTAÇÃO,8,0))))","v":"HORA"},0.5,{"$f":"IF(TDL25=\"SINAPI\",VLOOKUP(TDI25,SINAPI,4,0),IF(TDL25=\"SETOP\",VLOOKUP(TDI25,SETOP,5,0),IF(TDL25=\"CPU\",VLOOKUP(TDI25,COMPOSIÇÃO,8,0),VLOOKUP(TDI25,COTAÇÃO,11,0))))","v":19.149999999999999},{"$f":"TDN25*TDO25","v":9.5749999999999993},"ED-50374",{"$f":"IF(TDT25=\"SINAPI\",VLOOKUP(TDQ25,SINAPI,2,0),IF(TDT25=\"SETOP\",VLOOKUP(TDQ25,SETOP,3,0),IF(TDT25=\"CPU\",VLOOKUP(TDQ25,COMPOSIÇÃO,2,0),VLOOKUP(TDQ25,COTAÇÃO,3,0))))","v":"BOMBEIRO/ENCANADOR COM ENCARGOS COMPLEMENTARES"},null,"SETOP",{"$f":"IF(TDT25=\"SINAPI\",VLOOKUP(TDQ25,SINAPI,3,0),IF(TDT25=\"SETOP\",VLOOKUP(TDQ25,SETOP,4,0),IF(TDT25=\"CPU\",VLOOKUP(TDQ25,COMPOSIÇÃO,5,0),VLOOKUP(TDQ25,COTAÇÃO,8,0))))","v":"HORA"},0.5,{"$f":"IF(TDT25=\"SINAPI\",VLOOKUP(TDQ25,SINAPI,4,0),IF(TDT25=\"SETOP\",VLOOKUP(TDQ25,SETOP,5,0),IF(TDT25=\"CPU\",VLOOKUP(TDQ25,COMPOSIÇÃO,8,0),VLOOKUP(TDQ25,COTAÇÃO,11,0))))","v":19.149999999999999},{"$f":"TDV25*TDW25","v":9.5749999999999993},"ED-50374",{"$f":"IF(TEB25=\"SINAPI\",VLOOKUP(TDY25,SINAPI,2,0),IF(TEB25=\"SETOP\",VLOOKUP(TDY25,SETOP,3,0),IF(TEB25=\"CPU\",VLOOKUP(TDY25,COMPOSIÇÃO,2,0),VLOOKUP(TDY25,COTAÇÃO,3,0))))","v":"BOMBEIRO/ENCANADOR COM ENCARGOS COMPLEMENTARES"},null,"SETOP",{"$f":"IF(TEB25=\"SINAPI\",VLOOKUP(TDY25,SINAPI,3,0),IF(TEB25=\"SETOP\",VLOOKUP(TDY25,SETOP,4,0),IF(TEB25=\"CPU\",VLOOKUP(TDY25,COMPOSIÇÃO,5,0),VLOOKUP(TDY25,COTAÇÃO,8,0))))","v":"HORA"},0.5,{"$f":"IF(TEB25=\"SINAPI\",VLOOKUP(TDY25,SINAPI,4,0),IF(TEB25=\"SETOP\",VLOOKUP(TDY25,SETOP,5,0),IF(TEB25=\"CPU\",VLOOKUP(TDY25,COMPOSIÇÃO,8,0),VLOOKUP(TDY25,COTAÇÃO,11,0))))","v":19.149999999999999},{"$f":"TED25*TEE25","v":9.5749999999999993},"ED-50374",{"$f":"IF(TEJ25=\"SINAPI\",VLOOKUP(TEG25,SINAPI,2,0),IF(TEJ25=\"SETOP\",VLOOKUP(TEG25,SETOP,3,0),IF(TEJ25=\"CPU\",VLOOKUP(TEG25,COMPOSIÇÃO,2,0),VLOOKUP(TEG25,COTAÇÃO,3,0))))","v":"BOMBEIRO/ENCANADOR COM ENCARGOS COMPLEMENTARES"},null,"SETOP",{"$f":"IF(TEJ25=\"SINAPI\",VLOOKUP(TEG25,SINAPI,3,0),IF(TEJ25=\"SETOP\",VLOOKUP(TEG25,SETOP,4,0),IF(TEJ25=\"CPU\",VLOOKUP(TEG25,COMPOSIÇÃO,5,0),VLOOKUP(TEG25,COTAÇÃO,8,0))))","v":"HORA"},0.5,{"$f":"IF(TEJ25=\"SINAPI\",VLOOKUP(TEG25,SINAPI,4,0),IF(TEJ25=\"SETOP\",VLOOKUP(TEG25,SETOP,5,0),IF(TEJ25=\"CPU\",VLOOKUP(TEG25,COMPOSIÇÃO,8,0),VLOOKUP(TEG25,COTAÇÃO,11,0))))","v":19.149999999999999},{"$f":"TEL25*TEM25","v":9.5749999999999993},"ED-50374",{"$f":"IF(TER25=\"SINAPI\",VLOOKUP(TEO25,SINAPI,2,0),IF(TER25=\"SETOP\",VLOOKUP(TEO25,SETOP,3,0),IF(TER25=\"CPU\",VLOOKUP(TEO25,COMPOSIÇÃO,2,0),VLOOKUP(TEO25,COTAÇÃO,3,0))))","v":"BOMBEIRO/ENCANADOR COM ENCARGOS COMPLEMENTARES"},null,"SETOP",{"$f":"IF(TER25=\"SINAPI\",VLOOKUP(TEO25,SINAPI,3,0),IF(TER25=\"SETOP\",VLOOKUP(TEO25,SETOP,4,0),IF(TER25=\"CPU\",VLOOKUP(TEO25,COMPOSIÇÃO,5,0),VLOOKUP(TEO25,COTAÇÃO,8,0))))","v":"HORA"},0.5,{"$f":"IF(TER25=\"SINAPI\",VLOOKUP(TEO25,SINAPI,4,0),IF(TER25=\"SETOP\",VLOOKUP(TEO25,SETOP,5,0),IF(TER25=\"CPU\",VLOOKUP(TEO25,COMPOSIÇÃO,8,0),VLOOKUP(TEO25,COTAÇÃO,11,0))))","v":19.149999999999999},{"$f":"TET25*TEU25","v":9.5749999999999993},"ED-50374",{"$f":"IF(TEZ25=\"SINAPI\",VLOOKUP(TEW25,SINAPI,2,0),IF(TEZ25=\"SETOP\",VLOOKUP(TEW25,SETOP,3,0),IF(TEZ25=\"CPU\",VLOOKUP(TEW25,COMPOSIÇÃO,2,0),VLOOKUP(TEW25,COTAÇÃO,3,0))))","v":"BOMBEIRO/ENCANADOR COM ENCARGOS COMPLEMENTARES"},null,"SETOP",{"$f":"IF(TEZ25=\"SINAPI\",VLOOKUP(TEW25,SINAPI,3,0),IF(TEZ25=\"SETOP\",VLOOKUP(TEW25,SETOP,4,0),IF(TEZ25=\"CPU\",VLOOKUP(TEW25,COMPOSIÇÃO,5,0),VLOOKUP(TEW25,COTAÇÃO,8,0))))","v":"HORA"},0.5,{"$f":"IF(TEZ25=\"SINAPI\",VLOOKUP(TEW25,SINAPI,4,0),IF(TEZ25=\"SETOP\",VLOOKUP(TEW25,SETOP,5,0),IF(TEZ25=\"CPU\",VLOOKUP(TEW25,COMPOSIÇÃO,8,0),VLOOKUP(TEW25,COTAÇÃO,11,0))))","v":19.149999999999999},{"$f":"TFB25*TFC25","v":9.5749999999999993},"ED-50374",{"$f":"IF(TFH25=\"SINAPI\",VLOOKUP(TFE25,SINAPI,2,0),IF(TFH25=\"SETOP\",VLOOKUP(TFE25,SETOP,3,0),IF(TFH25=\"CPU\",VLOOKUP(TFE25,COMPOSIÇÃO,2,0),VLOOKUP(TFE25,COTAÇÃO,3,0))))","v":"BOMBEIRO/ENCANADOR COM ENCARGOS COMPLEMENTARES"},null,"SETOP",{"$f":"IF(TFH25=\"SINAPI\",VLOOKUP(TFE25,SINAPI,3,0),IF(TFH25=\"SETOP\",VLOOKUP(TFE25,SETOP,4,0),IF(TFH25=\"CPU\",VLOOKUP(TFE25,COMPOSIÇÃO,5,0),VLOOKUP(TFE25,COTAÇÃO,8,0))))","v":"HORA"},0.5,{"$f":"IF(TFH25=\"SINAPI\",VLOOKUP(TFE25,SINAPI,4,0),IF(TFH25=\"SETOP\",VLOOKUP(TFE25,SETOP,5,0),IF(TFH25=\"CPU\",VLOOKUP(TFE25,COMPOSIÇÃO,8,0),VLOOKUP(TFE25,COTAÇÃO,11,0))))","v":19.149999999999999},{"$f":"TFJ25*TFK25","v":9.5749999999999993},"ED-50374",{"$f":"IF(TFP25=\"SINAPI\",VLOOKUP(TFM25,SINAPI,2,0),IF(TFP25=\"SETOP\",VLOOKUP(TFM25,SETOP,3,0),IF(TFP25=\"CPU\",VLOOKUP(TFM25,COMPOSIÇÃO,2,0),VLOOKUP(TFM25,COTAÇÃO,3,0))))","v":"BOMBEIRO/ENCANADOR COM ENCARGOS COMPLEMENTARES"},null,"SETOP",{"$f":"IF(TFP25=\"SINAPI\",VLOOKUP(TFM25,SINAPI,3,0),IF(TFP25=\"SETOP\",VLOOKUP(TFM25,SETOP,4,0),IF(TFP25=\"CPU\",VLOOKUP(TFM25,COMPOSIÇÃO,5,0),VLOOKUP(TFM25,COTAÇÃO,8,0))))","v":"HORA"},0.5,{"$f":"IF(TFP25=\"SINAPI\",VLOOKUP(TFM25,SINAPI,4,0),IF(TFP25=\"SETOP\",VLOOKUP(TFM25,SETOP,5,0),IF(TFP25=\"CPU\",VLOOKUP(TFM25,COMPOSIÇÃO,8,0),VLOOKUP(TFM25,COTAÇÃO,11,0))))","v":19.149999999999999},{"$f":"TFR25*TFS25","v":9.5749999999999993},"ED-50374",{"$f":"IF(TFX25=\"SINAPI\",VLOOKUP(TFU25,SINAPI,2,0),IF(TFX25=\"SETOP\",VLOOKUP(TFU25,SETOP,3,0),IF(TFX25=\"CPU\",VLOOKUP(TFU25,COMPOSIÇÃO,2,0),VLOOKUP(TFU25,COTAÇÃO,3,0))))","v":"BOMBEIRO/ENCANADOR COM ENCARGOS COMPLEMENTARES"},null,"SETOP",{"$f":"IF(TFX25=\"SINAPI\",VLOOKUP(TFU25,SINAPI,3,0),IF(TFX25=\"SETOP\",VLOOKUP(TFU25,SETOP,4,0),IF(TFX25=\"CPU\",VLOOKUP(TFU25,COMPOSIÇÃO,5,0),VLOOKUP(TFU25,COTAÇÃO,8,0))))","v":"HORA"},0.5,{"$f":"IF(TFX25=\"SINAPI\",VLOOKUP(TFU25,SINAPI,4,0),IF(TFX25=\"SETOP\",VLOOKUP(TFU25,SETOP,5,0),IF(TFX25=\"CPU\",VLOOKUP(TFU25,COMPOSIÇÃO,8,0),VLOOKUP(TFU25,COTAÇÃO,11,0))))","v":19.149999999999999},{"$f":"TFZ25*TGA25","v":9.5749999999999993},"ED-50374",{"$f":"IF(TGF25=\"SINAPI\",VLOOKUP(TGC25,SINAPI,2,0),IF(TGF25=\"SETOP\",VLOOKUP(TGC25,SETOP,3,0),IF(TGF25=\"CPU\",VLOOKUP(TGC25,COMPOSIÇÃO,2,0),VLOOKUP(TGC25,COTAÇÃO,3,0))))","v":"BOMBEIRO/ENCANADOR COM ENCARGOS COMPLEMENTARES"},null,"SETOP",{"$f":"IF(TGF25=\"SINAPI\",VLOOKUP(TGC25,SINAPI,3,0),IF(TGF25=\"SETOP\",VLOOKUP(TGC25,SETOP,4,0),IF(TGF25=\"CPU\",VLOOKUP(TGC25,COMPOSIÇÃO,5,0),VLOOKUP(TGC25,COTAÇÃO,8,0))))","v":"HORA"},0.5,{"$f":"IF(TGF25=\"SINAPI\",VLOOKUP(TGC25,SINAPI,4,0),IF(TGF25=\"SETOP\",VLOOKUP(TGC25,SETOP,5,0),IF(TGF25=\"CPU\",VLOOKUP(TGC25,COMPOSIÇÃO,8,0),VLOOKUP(TGC25,COTAÇÃO,11,0))))","v":19.149999999999999},{"$f":"TGH25*TGI25","v":9.5749999999999993},"ED-50374",{"$f":"IF(TGN25=\"SINAPI\",VLOOKUP(TGK25,SINAPI,2,0),IF(TGN25=\"SETOP\",VLOOKUP(TGK25,SETOP,3,0),IF(TGN25=\"CPU\",VLOOKUP(TGK25,COMPOSIÇÃO,2,0),VLOOKUP(TGK25,COTAÇÃO,3,0))))","v":"BOMBEIRO/ENCANADOR COM ENCARGOS COMPLEMENTARES"},null,"SETOP",{"$f":"IF(TGN25=\"SINAPI\",VLOOKUP(TGK25,SINAPI,3,0),IF(TGN25=\"SETOP\",VLOOKUP(TGK25,SETOP,4,0),IF(TGN25=\"CPU\",VLOOKUP(TGK25,COMPOSIÇÃO,5,0),VLOOKUP(TGK25,COTAÇÃO,8,0))))","v":"HORA"},0.5,{"$f":"IF(TGN25=\"SINAPI\",VLOOKUP(TGK25,SINAPI,4,0),IF(TGN25=\"SETOP\",VLOOKUP(TGK25,SETOP,5,0),IF(TGN25=\"CPU\",VLOOKUP(TGK25,COMPOSIÇÃO,8,0),VLOOKUP(TGK25,COTAÇÃO,11,0))))","v":19.149999999999999},{"$f":"TGP25*TGQ25","v":9.5749999999999993},"ED-50374",{"$f":"IF(TGV25=\"SINAPI\",VLOOKUP(TGS25,SINAPI,2,0),IF(TGV25=\"SETOP\",VLOOKUP(TGS25,SETOP,3,0),IF(TGV25=\"CPU\",VLOOKUP(TGS25,COMPOSIÇÃO,2,0),VLOOKUP(TGS25,COTAÇÃO,3,0))))","v":"BOMBEIRO/ENCANADOR COM ENCARGOS COMPLEMENTARES"},null,"SETOP",{"$f":"IF(TGV25=\"SINAPI\",VLOOKUP(TGS25,SINAPI,3,0),IF(TGV25=\"SETOP\",VLOOKUP(TGS25,SETOP,4,0),IF(TGV25=\"CPU\",VLOOKUP(TGS25,COMPOSIÇÃO,5,0),VLOOKUP(TGS25,COTAÇÃO,8,0))))","v":"HORA"},0.5,{"$f":"IF(TGV25=\"SINAPI\",VLOOKUP(TGS25,SINAPI,4,0),IF(TGV25=\"SETOP\",VLOOKUP(TGS25,SETOP,5,0),IF(TGV25=\"CPU\",VLOOKUP(TGS25,COMPOSIÇÃO,8,0),VLOOKUP(TGS25,COTAÇÃO,11,0))))","v":19.149999999999999},{"$f":"TGX25*TGY25","v":9.5749999999999993},"ED-50374",{"$f":"IF(THD25=\"SINAPI\",VLOOKUP(THA25,SINAPI,2,0),IF(THD25=\"SETOP\",VLOOKUP(THA25,SETOP,3,0),IF(THD25=\"CPU\",VLOOKUP(THA25,COMPOSIÇÃO,2,0),VLOOKUP(THA25,COTAÇÃO,3,0))))","v":"BOMBEIRO/ENCANADOR COM ENCARGOS COMPLEMENTARES"},null,"SETOP",{"$f":"IF(THD25=\"SINAPI\",VLOOKUP(THA25,SINAPI,3,0),IF(THD25=\"SETOP\",VLOOKUP(THA25,SETOP,4,0),IF(THD25=\"CPU\",VLOOKUP(THA25,COMPOSIÇÃO,5,0),VLOOKUP(THA25,COTAÇÃO,8,0))))","v":"HORA"},0.5,{"$f":"IF(THD25=\"SINAPI\",VLOOKUP(THA25,SINAPI,4,0),IF(THD25=\"SETOP\",VLOOKUP(THA25,SETOP,5,0),IF(THD25=\"CPU\",VLOOKUP(THA25,COMPOSIÇÃO,8,0),VLOOKUP(THA25,COTAÇÃO,11,0))))","v":19.149999999999999},{"$f":"THF25*THG25","v":9.5749999999999993},"ED-50374",{"$f":"IF(THL25=\"SINAPI\",VLOOKUP(THI25,SINAPI,2,0),IF(THL25=\"SETOP\",VLOOKUP(THI25,SETOP,3,0),IF(THL25=\"CPU\",VLOOKUP(THI25,COMPOSIÇÃO,2,0),VLOOKUP(THI25,COTAÇÃO,3,0))))","v":"BOMBEIRO/ENCANADOR COM ENCARGOS COMPLEMENTARES"},null,"SETOP",{"$f":"IF(THL25=\"SINAPI\",VLOOKUP(THI25,SINAPI,3,0),IF(THL25=\"SETOP\",VLOOKUP(THI25,SETOP,4,0),IF(THL25=\"CPU\",VLOOKUP(THI25,COMPOSIÇÃO,5,0),VLOOKUP(THI25,COTAÇÃO,8,0))))","v":"HORA"},0.5,{"$f":"IF(THL25=\"SINAPI\",VLOOKUP(THI25,SINAPI,4,0),IF(THL25=\"SETOP\",VLOOKUP(THI25,SETOP,5,0),IF(THL25=\"CPU\",VLOOKUP(THI25,COMPOSIÇÃO,8,0),VLOOKUP(THI25,COTAÇÃO,11,0))))","v":19.149999999999999},{"$f":"THN25*THO25","v":9.5749999999999993},"ED-50374",{"$f":"IF(THT25=\"SINAPI\",VLOOKUP(THQ25,SINAPI,2,0),IF(THT25=\"SETOP\",VLOOKUP(THQ25,SETOP,3,0),IF(THT25=\"CPU\",VLOOKUP(THQ25,COMPOSIÇÃO,2,0),VLOOKUP(THQ25,COTAÇÃO,3,0))))","v":"BOMBEIRO/ENCANADOR COM ENCARGOS COMPLEMENTARES"},null,"SETOP",{"$f":"IF(THT25=\"SINAPI\",VLOOKUP(THQ25,SINAPI,3,0),IF(THT25=\"SETOP\",VLOOKUP(THQ25,SETOP,4,0),IF(THT25=\"CPU\",VLOOKUP(THQ25,COMPOSIÇÃO,5,0),VLOOKUP(THQ25,COTAÇÃO,8,0))))","v":"HORA"},0.5,{"$f":"IF(THT25=\"SINAPI\",VLOOKUP(THQ25,SINAPI,4,0),IF(THT25=\"SETOP\",VLOOKUP(THQ25,SETOP,5,0),IF(THT25=\"CPU\",VLOOKUP(THQ25,COMPOSIÇÃO,8,0),VLOOKUP(THQ25,COTAÇÃO,11,0))))","v":19.149999999999999},{"$f":"THV25*THW25","v":9.5749999999999993},"ED-50374",{"$f":"IF(TIB25=\"SINAPI\",VLOOKUP(THY25,SINAPI,2,0),IF(TIB25=\"SETOP\",VLOOKUP(THY25,SETOP,3,0),IF(TIB25=\"CPU\",VLOOKUP(THY25,COMPOSIÇÃO,2,0),VLOOKUP(THY25,COTAÇÃO,3,0))))","v":"BOMBEIRO/ENCANADOR COM ENCARGOS COMPLEMENTARES"},null,"SETOP",{"$f":"IF(TIB25=\"SINAPI\",VLOOKUP(THY25,SINAPI,3,0),IF(TIB25=\"SETOP\",VLOOKUP(THY25,SETOP,4,0),IF(TIB25=\"CPU\",VLOOKUP(THY25,COMPOSIÇÃO,5,0),VLOOKUP(THY25,COTAÇÃO,8,0))))","v":"HORA"},0.5,{"$f":"IF(TIB25=\"SINAPI\",VLOOKUP(THY25,SINAPI,4,0),IF(TIB25=\"SETOP\",VLOOKUP(THY25,SETOP,5,0),IF(TIB25=\"CPU\",VLOOKUP(THY25,COMPOSIÇÃO,8,0),VLOOKUP(THY25,COTAÇÃO,11,0))))","v":19.149999999999999},{"$f":"TID25*TIE25","v":9.5749999999999993},"ED-50374",{"$f":"IF(TIJ25=\"SINAPI\",VLOOKUP(TIG25,SINAPI,2,0),IF(TIJ25=\"SETOP\",VLOOKUP(TIG25,SETOP,3,0),IF(TIJ25=\"CPU\",VLOOKUP(TIG25,COMPOSIÇÃO,2,0),VLOOKUP(TIG25,COTAÇÃO,3,0))))","v":"BOMBEIRO/ENCANADOR COM ENCARGOS COMPLEMENTARES"},null,"SETOP",{"$f":"IF(TIJ25=\"SINAPI\",VLOOKUP(TIG25,SINAPI,3,0),IF(TIJ25=\"SETOP\",VLOOKUP(TIG25,SETOP,4,0),IF(TIJ25=\"CPU\",VLOOKUP(TIG25,COMPOSIÇÃO,5,0),VLOOKUP(TIG25,COTAÇÃO,8,0))))","v":"HORA"},0.5,{"$f":"IF(TIJ25=\"SINAPI\",VLOOKUP(TIG25,SINAPI,4,0),IF(TIJ25=\"SETOP\",VLOOKUP(TIG25,SETOP,5,0),IF(TIJ25=\"CPU\",VLOOKUP(TIG25,COMPOSIÇÃO,8,0),VLOOKUP(TIG25,COTAÇÃO,11,0))))","v":19.149999999999999},{"$f":"TIL25*TIM25","v":9.5749999999999993},"ED-50374",{"$f":"IF(TIR25=\"SINAPI\",VLOOKUP(TIO25,SINAPI,2,0),IF(TIR25=\"SETOP\",VLOOKUP(TIO25,SETOP,3,0),IF(TIR25=\"CPU\",VLOOKUP(TIO25,COMPOSIÇÃO,2,0),VLOOKUP(TIO25,COTAÇÃO,3,0))))","v":"BOMBEIRO/ENCANADOR COM ENCARGOS COMPLEMENTARES"},null,"SETOP",{"$f":"IF(TIR25=\"SINAPI\",VLOOKUP(TIO25,SINAPI,3,0),IF(TIR25=\"SETOP\",VLOOKUP(TIO25,SETOP,4,0),IF(TIR25=\"CPU\",VLOOKUP(TIO25,COMPOSIÇÃO,5,0),VLOOKUP(TIO25,COTAÇÃO,8,0))))","v":"HORA"},0.5,{"$f":"IF(TIR25=\"SINAPI\",VLOOKUP(TIO25,SINAPI,4,0),IF(TIR25=\"SETOP\",VLOOKUP(TIO25,SETOP,5,0),IF(TIR25=\"CPU\",VLOOKUP(TIO25,COMPOSIÇÃO,8,0),VLOOKUP(TIO25,COTAÇÃO,11,0))))","v":19.149999999999999},{"$f":"TIT25*TIU25","v":9.5749999999999993},"ED-50374",{"$f":"IF(TIZ25=\"SINAPI\",VLOOKUP(TIW25,SINAPI,2,0),IF(TIZ25=\"SETOP\",VLOOKUP(TIW25,SETOP,3,0),IF(TIZ25=\"CPU\",VLOOKUP(TIW25,COMPOSIÇÃO,2,0),VLOOKUP(TIW25,COTAÇÃO,3,0))))","v":"BOMBEIRO/ENCANADOR COM ENCARGOS COMPLEMENTARES"},null,"SETOP",{"$f":"IF(TIZ25=\"SINAPI\",VLOOKUP(TIW25,SINAPI,3,0),IF(TIZ25=\"SETOP\",VLOOKUP(TIW25,SETOP,4,0),IF(TIZ25=\"CPU\",VLOOKUP(TIW25,COMPOSIÇÃO,5,0),VLOOKUP(TIW25,COTAÇÃO,8,0))))","v":"HORA"},0.5,{"$f":"IF(TIZ25=\"SINAPI\",VLOOKUP(TIW25,SINAPI,4,0),IF(TIZ25=\"SETOP\",VLOOKUP(TIW25,SETOP,5,0),IF(TIZ25=\"CPU\",VLOOKUP(TIW25,COMPOSIÇÃO,8,0),VLOOKUP(TIW25,COTAÇÃO,11,0))))","v":19.149999999999999},{"$f":"TJB25*TJC25","v":9.5749999999999993},"ED-50374",{"$f":"IF(TJH25=\"SINAPI\",VLOOKUP(TJE25,SINAPI,2,0),IF(TJH25=\"SETOP\",VLOOKUP(TJE25,SETOP,3,0),IF(TJH25=\"CPU\",VLOOKUP(TJE25,COMPOSIÇÃO,2,0),VLOOKUP(TJE25,COTAÇÃO,3,0))))","v":"BOMBEIRO/ENCANADOR COM ENCARGOS COMPLEMENTARES"},null,"SETOP",{"$f":"IF(TJH25=\"SINAPI\",VLOOKUP(TJE25,SINAPI,3,0),IF(TJH25=\"SETOP\",VLOOKUP(TJE25,SETOP,4,0),IF(TJH25=\"CPU\",VLOOKUP(TJE25,COMPOSIÇÃO,5,0),VLOOKUP(TJE25,COTAÇÃO,8,0))))","v":"HORA"},0.5,{"$f":"IF(TJH25=\"SINAPI\",VLOOKUP(TJE25,SINAPI,4,0),IF(TJH25=\"SETOP\",VLOOKUP(TJE25,SETOP,5,0),IF(TJH25=\"CPU\",VLOOKUP(TJE25,COMPOSIÇÃO,8,0),VLOOKUP(TJE25,COTAÇÃO,11,0))))","v":19.149999999999999},{"$f":"TJJ25*TJK25","v":9.5749999999999993},"ED-50374",{"$f":"IF(TJP25=\"SINAPI\",VLOOKUP(TJM25,SINAPI,2,0),IF(TJP25=\"SETOP\",VLOOKUP(TJM25,SETOP,3,0),IF(TJP25=\"CPU\",VLOOKUP(TJM25,COMPOSIÇÃO,2,0),VLOOKUP(TJM25,COTAÇÃO,3,0))))","v":"BOMBEIRO/ENCANADOR COM ENCARGOS COMPLEMENTARES"},null,"SETOP",{"$f":"IF(TJP25=\"SINAPI\",VLOOKUP(TJM25,SINAPI,3,0),IF(TJP25=\"SETOP\",VLOOKUP(TJM25,SETOP,4,0),IF(TJP25=\"CPU\",VLOOKUP(TJM25,COMPOSIÇÃO,5,0),VLOOKUP(TJM25,COTAÇÃO,8,0))))","v":"HORA"},0.5,{"$f":"IF(TJP25=\"SINAPI\",VLOOKUP(TJM25,SINAPI,4,0),IF(TJP25=\"SETOP\",VLOOKUP(TJM25,SETOP,5,0),IF(TJP25=\"CPU\",VLOOKUP(TJM25,COMPOSIÇÃO,8,0),VLOOKUP(TJM25,COTAÇÃO,11,0))))","v":19.149999999999999},{"$f":"TJR25*TJS25","v":9.5749999999999993},"ED-50374",{"$f":"IF(TJX25=\"SINAPI\",VLOOKUP(TJU25,SINAPI,2,0),IF(TJX25=\"SETOP\",VLOOKUP(TJU25,SETOP,3,0),IF(TJX25=\"CPU\",VLOOKUP(TJU25,COMPOSIÇÃO,2,0),VLOOKUP(TJU25,COTAÇÃO,3,0))))","v":"BOMBEIRO/ENCANADOR COM ENCARGOS COMPLEMENTARES"},null,"SETOP",{"$f":"IF(TJX25=\"SINAPI\",VLOOKUP(TJU25,SINAPI,3,0),IF(TJX25=\"SETOP\",VLOOKUP(TJU25,SETOP,4,0),IF(TJX25=\"CPU\",VLOOKUP(TJU25,COMPOSIÇÃO,5,0),VLOOKUP(TJU25,COTAÇÃO,8,0))))","v":"HORA"},0.5,{"$f":"IF(TJX25=\"SINAPI\",VLOOKUP(TJU25,SINAPI,4,0),IF(TJX25=\"SETOP\",VLOOKUP(TJU25,SETOP,5,0),IF(TJX25=\"CPU\",VLOOKUP(TJU25,COMPOSIÇÃO,8,0),VLOOKUP(TJU25,COTAÇÃO,11,0))))","v":19.149999999999999},{"$f":"TJZ25*TKA25","v":9.5749999999999993},"ED-50374",{"$f":"IF(TKF25=\"SINAPI\",VLOOKUP(TKC25,SINAPI,2,0),IF(TKF25=\"SETOP\",VLOOKUP(TKC25,SETOP,3,0),IF(TKF25=\"CPU\",VLOOKUP(TKC25,COMPOSIÇÃO,2,0),VLOOKUP(TKC25,COTAÇÃO,3,0))))","v":"BOMBEIRO/ENCANADOR COM ENCARGOS COMPLEMENTARES"},null,"SETOP",{"$f":"IF(TKF25=\"SINAPI\",VLOOKUP(TKC25,SINAPI,3,0),IF(TKF25=\"SETOP\",VLOOKUP(TKC25,SETOP,4,0),IF(TKF25=\"CPU\",VLOOKUP(TKC25,COMPOSIÇÃO,5,0),VLOOKUP(TKC25,COTAÇÃO,8,0))))","v":"HORA"},0.5,{"$f":"IF(TKF25=\"SINAPI\",VLOOKUP(TKC25,SINAPI,4,0),IF(TKF25=\"SETOP\",VLOOKUP(TKC25,SETOP,5,0),IF(TKF25=\"CPU\",VLOOKUP(TKC25,COMPOSIÇÃO,8,0),VLOOKUP(TKC25,COTAÇÃO,11,0))))","v":19.149999999999999},{"$f":"TKH25*TKI25","v":9.5749999999999993},"ED-50374",{"$f":"IF(TKN25=\"SINAPI\",VLOOKUP(TKK25,SINAPI,2,0),IF(TKN25=\"SETOP\",VLOOKUP(TKK25,SETOP,3,0),IF(TKN25=\"CPU\",VLOOKUP(TKK25,COMPOSIÇÃO,2,0),VLOOKUP(TKK25,COTAÇÃO,3,0))))","v":"BOMBEIRO/ENCANADOR COM ENCARGOS COMPLEMENTARES"},null,"SETOP",{"$f":"IF(TKN25=\"SINAPI\",VLOOKUP(TKK25,SINAPI,3,0),IF(TKN25=\"SETOP\",VLOOKUP(TKK25,SETOP,4,0),IF(TKN25=\"CPU\",VLOOKUP(TKK25,COMPOSIÇÃO,5,0),VLOOKUP(TKK25,COTAÇÃO,8,0))))","v":"HORA"},0.5,{"$f":"IF(TKN25=\"SINAPI\",VLOOKUP(TKK25,SINAPI,4,0),IF(TKN25=\"SETOP\",VLOOKUP(TKK25,SETOP,5,0),IF(TKN25=\"CPU\",VLOOKUP(TKK25,COMPOSIÇÃO,8,0),VLOOKUP(TKK25,COTAÇÃO,11,0))))","v":19.149999999999999},{"$f":"TKP25*TKQ25","v":9.5749999999999993},"ED-50374",{"$f":"IF(TKV25=\"SINAPI\",VLOOKUP(TKS25,SINAPI,2,0),IF(TKV25=\"SETOP\",VLOOKUP(TKS25,SETOP,3,0),IF(TKV25=\"CPU\",VLOOKUP(TKS25,COMPOSIÇÃO,2,0),VLOOKUP(TKS25,COTAÇÃO,3,0))))","v":"BOMBEIRO/ENCANADOR COM ENCARGOS COMPLEMENTARES"},null,"SETOP",{"$f":"IF(TKV25=\"SINAPI\",VLOOKUP(TKS25,SINAPI,3,0),IF(TKV25=\"SETOP\",VLOOKUP(TKS25,SETOP,4,0),IF(TKV25=\"CPU\",VLOOKUP(TKS25,COMPOSIÇÃO,5,0),VLOOKUP(TKS25,COTAÇÃO,8,0))))","v":"HORA"},0.5,{"$f":"IF(TKV25=\"SINAPI\",VLOOKUP(TKS25,SINAPI,4,0),IF(TKV25=\"SETOP\",VLOOKUP(TKS25,SETOP,5,0),IF(TKV25=\"CPU\",VLOOKUP(TKS25,COMPOSIÇÃO,8,0),VLOOKUP(TKS25,COTAÇÃO,11,0))))","v":19.149999999999999},{"$f":"TKX25*TKY25","v":9.5749999999999993},"ED-50374",{"$f":"IF(TLD25=\"SINAPI\",VLOOKUP(TLA25,SINAPI,2,0),IF(TLD25=\"SETOP\",VLOOKUP(TLA25,SETOP,3,0),IF(TLD25=\"CPU\",VLOOKUP(TLA25,COMPOSIÇÃO,2,0),VLOOKUP(TLA25,COTAÇÃO,3,0))))","v":"BOMBEIRO/ENCANADOR COM ENCARGOS COMPLEMENTARES"},null,"SETOP",{"$f":"IF(TLD25=\"SINAPI\",VLOOKUP(TLA25,SINAPI,3,0),IF(TLD25=\"SETOP\",VLOOKUP(TLA25,SETOP,4,0),IF(TLD25=\"CPU\",VLOOKUP(TLA25,COMPOSIÇÃO,5,0),VLOOKUP(TLA25,COTAÇÃO,8,0))))","v":"HORA"},0.5,{"$f":"IF(TLD25=\"SINAPI\",VLOOKUP(TLA25,SINAPI,4,0),IF(TLD25=\"SETOP\",VLOOKUP(TLA25,SETOP,5,0),IF(TLD25=\"CPU\",VLOOKUP(TLA25,COMPOSIÇÃO,8,0),VLOOKUP(TLA25,COTAÇÃO,11,0))))","v":19.149999999999999},{"$f":"TLF25*TLG25","v":9.5749999999999993},"ED-50374",{"$f":"IF(TLL25=\"SINAPI\",VLOOKUP(TLI25,SINAPI,2,0),IF(TLL25=\"SETOP\",VLOOKUP(TLI25,SETOP,3,0),IF(TLL25=\"CPU\",VLOOKUP(TLI25,COMPOSIÇÃO,2,0),VLOOKUP(TLI25,COTAÇÃO,3,0))))","v":"BOMBEIRO/ENCANADOR COM ENCARGOS COMPLEMENTARES"},null,"SETOP",{"$f":"IF(TLL25=\"SINAPI\",VLOOKUP(TLI25,SINAPI,3,0),IF(TLL25=\"SETOP\",VLOOKUP(TLI25,SETOP,4,0),IF(TLL25=\"CPU\",VLOOKUP(TLI25,COMPOSIÇÃO,5,0),VLOOKUP(TLI25,COTAÇÃO,8,0))))","v":"HORA"},0.5,{"$f":"IF(TLL25=\"SINAPI\",VLOOKUP(TLI25,SINAPI,4,0),IF(TLL25=\"SETOP\",VLOOKUP(TLI25,SETOP,5,0),IF(TLL25=\"CPU\",VLOOKUP(TLI25,COMPOSIÇÃO,8,0),VLOOKUP(TLI25,COTAÇÃO,11,0))))","v":19.149999999999999},{"$f":"TLN25*TLO25","v":9.5749999999999993},"ED-50374",{"$f":"IF(TLT25=\"SINAPI\",VLOOKUP(TLQ25,SINAPI,2,0),IF(TLT25=\"SETOP\",VLOOKUP(TLQ25,SETOP,3,0),IF(TLT25=\"CPU\",VLOOKUP(TLQ25,COMPOSIÇÃO,2,0),VLOOKUP(TLQ25,COTAÇÃO,3,0))))","v":"BOMBEIRO/ENCANADOR COM ENCARGOS COMPLEMENTARES"},null,"SETOP",{"$f":"IF(TLT25=\"SINAPI\",VLOOKUP(TLQ25,SINAPI,3,0),IF(TLT25=\"SETOP\",VLOOKUP(TLQ25,SETOP,4,0),IF(TLT25=\"CPU\",VLOOKUP(TLQ25,COMPOSIÇÃO,5,0),VLOOKUP(TLQ25,COTAÇÃO,8,0))))","v":"HORA"},0.5,{"$f":"IF(TLT25=\"SINAPI\",VLOOKUP(TLQ25,SINAPI,4,0),IF(TLT25=\"SETOP\",VLOOKUP(TLQ25,SETOP,5,0),IF(TLT25=\"CPU\",VLOOKUP(TLQ25,COMPOSIÇÃO,8,0),VLOOKUP(TLQ25,COTAÇÃO,11,0))))","v":19.149999999999999},{"$f":"TLV25*TLW25","v":9.5749999999999993},"ED-50374",{"$f":"IF(TMB25=\"SINAPI\",VLOOKUP(TLY25,SINAPI,2,0),IF(TMB25=\"SETOP\",VLOOKUP(TLY25,SETOP,3,0),IF(TMB25=\"CPU\",VLOOKUP(TLY25,COMPOSIÇÃO,2,0),VLOOKUP(TLY25,COTAÇÃO,3,0))))","v":"BOMBEIRO/ENCANADOR COM ENCARGOS COMPLEMENTARES"},null,"SETOP",{"$f":"IF(TMB25=\"SINAPI\",VLOOKUP(TLY25,SINAPI,3,0),IF(TMB25=\"SETOP\",VLOOKUP(TLY25,SETOP,4,0),IF(TMB25=\"CPU\",VLOOKUP(TLY25,COMPOSIÇÃO,5,0),VLOOKUP(TLY25,COTAÇÃO,8,0))))","v":"HORA"},0.5,{"$f":"IF(TMB25=\"SINAPI\",VLOOKUP(TLY25,SINAPI,4,0),IF(TMB25=\"SETOP\",VLOOKUP(TLY25,SETOP,5,0),IF(TMB25=\"CPU\",VLOOKUP(TLY25,COMPOSIÇÃO,8,0),VLOOKUP(TLY25,COTAÇÃO,11,0))))","v":19.149999999999999},{"$f":"TMD25*TME25","v":9.5749999999999993},"ED-50374",{"$f":"IF(TMJ25=\"SINAPI\",VLOOKUP(TMG25,SINAPI,2,0),IF(TMJ25=\"SETOP\",VLOOKUP(TMG25,SETOP,3,0),IF(TMJ25=\"CPU\",VLOOKUP(TMG25,COMPOSIÇÃO,2,0),VLOOKUP(TMG25,COTAÇÃO,3,0))))","v":"BOMBEIRO/ENCANADOR COM ENCARGOS COMPLEMENTARES"},null,"SETOP",{"$f":"IF(TMJ25=\"SINAPI\",VLOOKUP(TMG25,SINAPI,3,0),IF(TMJ25=\"SETOP\",VLOOKUP(TMG25,SETOP,4,0),IF(TMJ25=\"CPU\",VLOOKUP(TMG25,COMPOSIÇÃO,5,0),VLOOKUP(TMG25,COTAÇÃO,8,0))))","v":"HORA"},0.5,{"$f":"IF(TMJ25=\"SINAPI\",VLOOKUP(TMG25,SINAPI,4,0),IF(TMJ25=\"SETOP\",VLOOKUP(TMG25,SETOP,5,0),IF(TMJ25=\"CPU\",VLOOKUP(TMG25,COMPOSIÇÃO,8,0),VLOOKUP(TMG25,COTAÇÃO,11,0))))","v":19.149999999999999},{"$f":"TML25*TMM25","v":9.5749999999999993},"ED-50374",{"$f":"IF(TMR25=\"SINAPI\",VLOOKUP(TMO25,SINAPI,2,0),IF(TMR25=\"SETOP\",VLOOKUP(TMO25,SETOP,3,0),IF(TMR25=\"CPU\",VLOOKUP(TMO25,COMPOSIÇÃO,2,0),VLOOKUP(TMO25,COTAÇÃO,3,0))))","v":"BOMBEIRO/ENCANADOR COM ENCARGOS COMPLEMENTARES"},null,"SETOP",{"$f":"IF(TMR25=\"SINAPI\",VLOOKUP(TMO25,SINAPI,3,0),IF(TMR25=\"SETOP\",VLOOKUP(TMO25,SETOP,4,0),IF(TMR25=\"CPU\",VLOOKUP(TMO25,COMPOSIÇÃO,5,0),VLOOKUP(TMO25,COTAÇÃO,8,0))))","v":"HORA"},0.5,{"$f":"IF(TMR25=\"SINAPI\",VLOOKUP(TMO25,SINAPI,4,0),IF(TMR25=\"SETOP\",VLOOKUP(TMO25,SETOP,5,0),IF(TMR25=\"CPU\",VLOOKUP(TMO25,COMPOSIÇÃO,8,0),VLOOKUP(TMO25,COTAÇÃO,11,0))))","v":19.149999999999999},{"$f":"TMT25*TMU25","v":9.5749999999999993},"ED-50374",{"$f":"IF(TMZ25=\"SINAPI\",VLOOKUP(TMW25,SINAPI,2,0),IF(TMZ25=\"SETOP\",VLOOKUP(TMW25,SETOP,3,0),IF(TMZ25=\"CPU\",VLOOKUP(TMW25,COMPOSIÇÃO,2,0),VLOOKUP(TMW25,COTAÇÃO,3,0))))","v":"BOMBEIRO/ENCANADOR COM ENCARGOS COMPLEMENTARES"},null,"SETOP",{"$f":"IF(TMZ25=\"SINAPI\",VLOOKUP(TMW25,SINAPI,3,0),IF(TMZ25=\"SETOP\",VLOOKUP(TMW25,SETOP,4,0),IF(TMZ25=\"CPU\",VLOOKUP(TMW25,COMPOSIÇÃO,5,0),VLOOKUP(TMW25,COTAÇÃO,8,0))))","v":"HORA"},0.5,{"$f":"IF(TMZ25=\"SINAPI\",VLOOKUP(TMW25,SINAPI,4,0),IF(TMZ25=\"SETOP\",VLOOKUP(TMW25,SETOP,5,0),IF(TMZ25=\"CPU\",VLOOKUP(TMW25,COMPOSIÇÃO,8,0),VLOOKUP(TMW25,COTAÇÃO,11,0))))","v":19.149999999999999},{"$f":"TNB25*TNC25","v":9.5749999999999993},"ED-50374",{"$f":"IF(TNH25=\"SINAPI\",VLOOKUP(TNE25,SINAPI,2,0),IF(TNH25=\"SETOP\",VLOOKUP(TNE25,SETOP,3,0),IF(TNH25=\"CPU\",VLOOKUP(TNE25,COMPOSIÇÃO,2,0),VLOOKUP(TNE25,COTAÇÃO,3,0))))","v":"BOMBEIRO/ENCANADOR COM ENCARGOS COMPLEMENTARES"},null,"SETOP",{"$f":"IF(TNH25=\"SINAPI\",VLOOKUP(TNE25,SINAPI,3,0),IF(TNH25=\"SETOP\",VLOOKUP(TNE25,SETOP,4,0),IF(TNH25=\"CPU\",VLOOKUP(TNE25,COMPOSIÇÃO,5,0),VLOOKUP(TNE25,COTAÇÃO,8,0))))","v":"HORA"},0.5,{"$f":"IF(TNH25=\"SINAPI\",VLOOKUP(TNE25,SINAPI,4,0),IF(TNH25=\"SETOP\",VLOOKUP(TNE25,SETOP,5,0),IF(TNH25=\"CPU\",VLOOKUP(TNE25,COMPOSIÇÃO,8,0),VLOOKUP(TNE25,COTAÇÃO,11,0))))","v":19.149999999999999},{"$f":"TNJ25*TNK25","v":9.5749999999999993},"ED-50374",{"$f":"IF(TNP25=\"SINAPI\",VLOOKUP(TNM25,SINAPI,2,0),IF(TNP25=\"SETOP\",VLOOKUP(TNM25,SETOP,3,0),IF(TNP25=\"CPU\",VLOOKUP(TNM25,COMPOSIÇÃO,2,0),VLOOKUP(TNM25,COTAÇÃO,3,0))))","v":"BOMBEIRO/ENCANADOR COM ENCARGOS COMPLEMENTARES"},null,"SETOP",{"$f":"IF(TNP25=\"SINAPI\",VLOOKUP(TNM25,SINAPI,3,0),IF(TNP25=\"SETOP\",VLOOKUP(TNM25,SETOP,4,0),IF(TNP25=\"CPU\",VLOOKUP(TNM25,COMPOSIÇÃO,5,0),VLOOKUP(TNM25,COTAÇÃO,8,0))))","v":"HORA"},0.5,{"$f":"IF(TNP25=\"SINAPI\",VLOOKUP(TNM25,SINAPI,4,0),IF(TNP25=\"SETOP\",VLOOKUP(TNM25,SETOP,5,0),IF(TNP25=\"CPU\",VLOOKUP(TNM25,COMPOSIÇÃO,8,0),VLOOKUP(TNM25,COTAÇÃO,11,0))))","v":19.149999999999999},{"$f":"TNR25*TNS25","v":9.5749999999999993},"ED-50374",{"$f":"IF(TNX25=\"SINAPI\",VLOOKUP(TNU25,SINAPI,2,0),IF(TNX25=\"SETOP\",VLOOKUP(TNU25,SETOP,3,0),IF(TNX25=\"CPU\",VLOOKUP(TNU25,COMPOSIÇÃO,2,0),VLOOKUP(TNU25,COTAÇÃO,3,0))))","v":"BOMBEIRO/ENCANADOR COM ENCARGOS COMPLEMENTARES"},null,"SETOP",{"$f":"IF(TNX25=\"SINAPI\",VLOOKUP(TNU25,SINAPI,3,0),IF(TNX25=\"SETOP\",VLOOKUP(TNU25,SETOP,4,0),IF(TNX25=\"CPU\",VLOOKUP(TNU25,COMPOSIÇÃO,5,0),VLOOKUP(TNU25,COTAÇÃO,8,0))))","v":"HORA"},0.5,{"$f":"IF(TNX25=\"SINAPI\",VLOOKUP(TNU25,SINAPI,4,0),IF(TNX25=\"SETOP\",VLOOKUP(TNU25,SETOP,5,0),IF(TNX25=\"CPU\",VLOOKUP(TNU25,COMPOSIÇÃO,8,0),VLOOKUP(TNU25,COTAÇÃO,11,0))))","v":19.149999999999999},{"$f":"TNZ25*TOA25","v":9.5749999999999993},"ED-50374",{"$f":"IF(TOF25=\"SINAPI\",VLOOKUP(TOC25,SINAPI,2,0),IF(TOF25=\"SETOP\",VLOOKUP(TOC25,SETOP,3,0),IF(TOF25=\"CPU\",VLOOKUP(TOC25,COMPOSIÇÃO,2,0),VLOOKUP(TOC25,COTAÇÃO,3,0))))","v":"BOMBEIRO/ENCANADOR COM ENCARGOS COMPLEMENTARES"},null,"SETOP",{"$f":"IF(TOF25=\"SINAPI\",VLOOKUP(TOC25,SINAPI,3,0),IF(TOF25=\"SETOP\",VLOOKUP(TOC25,SETOP,4,0),IF(TOF25=\"CPU\",VLOOKUP(TOC25,COMPOSIÇÃO,5,0),VLOOKUP(TOC25,COTAÇÃO,8,0))))","v":"HORA"},0.5,{"$f":"IF(TOF25=\"SINAPI\",VLOOKUP(TOC25,SINAPI,4,0),IF(TOF25=\"SETOP\",VLOOKUP(TOC25,SETOP,5,0),IF(TOF25=\"CPU\",VLOOKUP(TOC25,COMPOSIÇÃO,8,0),VLOOKUP(TOC25,COTAÇÃO,11,0))))","v":19.149999999999999},{"$f":"TOH25*TOI25","v":9.5749999999999993},"ED-50374",{"$f":"IF(TON25=\"SINAPI\",VLOOKUP(TOK25,SINAPI,2,0),IF(TON25=\"SETOP\",VLOOKUP(TOK25,SETOP,3,0),IF(TON25=\"CPU\",VLOOKUP(TOK25,COMPOSIÇÃO,2,0),VLOOKUP(TOK25,COTAÇÃO,3,0))))","v":"BOMBEIRO/ENCANADOR COM ENCARGOS COMPLEMENTARES"},null,"SETOP",{"$f":"IF(TON25=\"SINAPI\",VLOOKUP(TOK25,SINAPI,3,0),IF(TON25=\"SETOP\",VLOOKUP(TOK25,SETOP,4,0),IF(TON25=\"CPU\",VLOOKUP(TOK25,COMPOSIÇÃO,5,0),VLOOKUP(TOK25,COTAÇÃO,8,0))))","v":"HORA"},0.5,{"$f":"IF(TON25=\"SINAPI\",VLOOKUP(TOK25,SINAPI,4,0),IF(TON25=\"SETOP\",VLOOKUP(TOK25,SETOP,5,0),IF(TON25=\"CPU\",VLOOKUP(TOK25,COMPOSIÇÃO,8,0),VLOOKUP(TOK25,COTAÇÃO,11,0))))","v":19.149999999999999},{"$f":"TOP25*TOQ25","v":9.5749999999999993},"ED-50374",{"$f":"IF(TOV25=\"SINAPI\",VLOOKUP(TOS25,SINAPI,2,0),IF(TOV25=\"SETOP\",VLOOKUP(TOS25,SETOP,3,0),IF(TOV25=\"CPU\",VLOOKUP(TOS25,COMPOSIÇÃO,2,0),VLOOKUP(TOS25,COTAÇÃO,3,0))))","v":"BOMBEIRO/ENCANADOR COM ENCARGOS COMPLEMENTARES"},null,"SETOP",{"$f":"IF(TOV25=\"SINAPI\",VLOOKUP(TOS25,SINAPI,3,0),IF(TOV25=\"SETOP\",VLOOKUP(TOS25,SETOP,4,0),IF(TOV25=\"CPU\",VLOOKUP(TOS25,COMPOSIÇÃO,5,0),VLOOKUP(TOS25,COTAÇÃO,8,0))))","v":"HORA"},0.5,{"$f":"IF(TOV25=\"SINAPI\",VLOOKUP(TOS25,SINAPI,4,0),IF(TOV25=\"SETOP\",VLOOKUP(TOS25,SETOP,5,0),IF(TOV25=\"CPU\",VLOOKUP(TOS25,COMPOSIÇÃO,8,0),VLOOKUP(TOS25,COTAÇÃO,11,0))))","v":19.149999999999999},{"$f":"TOX25*TOY25","v":9.5749999999999993},"ED-50374",{"$f":"IF(TPD25=\"SINAPI\",VLOOKUP(TPA25,SINAPI,2,0),IF(TPD25=\"SETOP\",VLOOKUP(TPA25,SETOP,3,0),IF(TPD25=\"CPU\",VLOOKUP(TPA25,COMPOSIÇÃO,2,0),VLOOKUP(TPA25,COTAÇÃO,3,0))))","v":"BOMBEIRO/ENCANADOR COM ENCARGOS COMPLEMENTARES"},null,"SETOP",{"$f":"IF(TPD25=\"SINAPI\",VLOOKUP(TPA25,SINAPI,3,0),IF(TPD25=\"SETOP\",VLOOKUP(TPA25,SETOP,4,0),IF(TPD25=\"CPU\",VLOOKUP(TPA25,COMPOSIÇÃO,5,0),VLOOKUP(TPA25,COTAÇÃO,8,0))))","v":"HORA"},0.5,{"$f":"IF(TPD25=\"SINAPI\",VLOOKUP(TPA25,SINAPI,4,0),IF(TPD25=\"SETOP\",VLOOKUP(TPA25,SETOP,5,0),IF(TPD25=\"CPU\",VLOOKUP(TPA25,COMPOSIÇÃO,8,0),VLOOKUP(TPA25,COTAÇÃO,11,0))))","v":19.149999999999999},{"$f":"TPF25*TPG25","v":9.5749999999999993},"ED-50374",{"$f":"IF(TPL25=\"SINAPI\",VLOOKUP(TPI25,SINAPI,2,0),IF(TPL25=\"SETOP\",VLOOKUP(TPI25,SETOP,3,0),IF(TPL25=\"CPU\",VLOOKUP(TPI25,COMPOSIÇÃO,2,0),VLOOKUP(TPI25,COTAÇÃO,3,0))))","v":"BOMBEIRO/ENCANADOR COM ENCARGOS COMPLEMENTARES"},null,"SETOP",{"$f":"IF(TPL25=\"SINAPI\",VLOOKUP(TPI25,SINAPI,3,0),IF(TPL25=\"SETOP\",VLOOKUP(TPI25,SETOP,4,0),IF(TPL25=\"CPU\",VLOOKUP(TPI25,COMPOSIÇÃO,5,0),VLOOKUP(TPI25,COTAÇÃO,8,0))))","v":"HORA"},0.5,{"$f":"IF(TPL25=\"SINAPI\",VLOOKUP(TPI25,SINAPI,4,0),IF(TPL25=\"SETOP\",VLOOKUP(TPI25,SETOP,5,0),IF(TPL25=\"CPU\",VLOOKUP(TPI25,COMPOSIÇÃO,8,0),VLOOKUP(TPI25,COTAÇÃO,11,0))))","v":19.149999999999999},{"$f":"TPN25*TPO25","v":9.5749999999999993},"ED-50374",{"$f":"IF(TPT25=\"SINAPI\",VLOOKUP(TPQ25,SINAPI,2,0),IF(TPT25=\"SETOP\",VLOOKUP(TPQ25,SETOP,3,0),IF(TPT25=\"CPU\",VLOOKUP(TPQ25,COMPOSIÇÃO,2,0),VLOOKUP(TPQ25,COTAÇÃO,3,0))))","v":"BOMBEIRO/ENCANADOR COM ENCARGOS COMPLEMENTARES"},null,"SETOP",{"$f":"IF(TPT25=\"SINAPI\",VLOOKUP(TPQ25,SINAPI,3,0),IF(TPT25=\"SETOP\",VLOOKUP(TPQ25,SETOP,4,0),IF(TPT25=\"CPU\",VLOOKUP(TPQ25,COMPOSIÇÃO,5,0),VLOOKUP(TPQ25,COTAÇÃO,8,0))))","v":"HORA"},0.5,{"$f":"IF(TPT25=\"SINAPI\",VLOOKUP(TPQ25,SINAPI,4,0),IF(TPT25=\"SETOP\",VLOOKUP(TPQ25,SETOP,5,0),IF(TPT25=\"CPU\",VLOOKUP(TPQ25,COMPOSIÇÃO,8,0),VLOOKUP(TPQ25,COTAÇÃO,11,0))))","v":19.149999999999999},{"$f":"TPV25*TPW25","v":9.5749999999999993},"ED-50374",{"$f":"IF(TQB25=\"SINAPI\",VLOOKUP(TPY25,SINAPI,2,0),IF(TQB25=\"SETOP\",VLOOKUP(TPY25,SETOP,3,0),IF(TQB25=\"CPU\",VLOOKUP(TPY25,COMPOSIÇÃO,2,0),VLOOKUP(TPY25,COTAÇÃO,3,0))))","v":"BOMBEIRO/ENCANADOR COM ENCARGOS COMPLEMENTARES"},null,"SETOP",{"$f":"IF(TQB25=\"SINAPI\",VLOOKUP(TPY25,SINAPI,3,0),IF(TQB25=\"SETOP\",VLOOKUP(TPY25,SETOP,4,0),IF(TQB25=\"CPU\",VLOOKUP(TPY25,COMPOSIÇÃO,5,0),VLOOKUP(TPY25,COTAÇÃO,8,0))))","v":"HORA"},0.5,{"$f":"IF(TQB25=\"SINAPI\",VLOOKUP(TPY25,SINAPI,4,0),IF(TQB25=\"SETOP\",VLOOKUP(TPY25,SETOP,5,0),IF(TQB25=\"CPU\",VLOOKUP(TPY25,COMPOSIÇÃO,8,0),VLOOKUP(TPY25,COTAÇÃO,11,0))))","v":19.149999999999999},{"$f":"TQD25*TQE25","v":9.5749999999999993},"ED-50374",{"$f":"IF(TQJ25=\"SINAPI\",VLOOKUP(TQG25,SINAPI,2,0),IF(TQJ25=\"SETOP\",VLOOKUP(TQG25,SETOP,3,0),IF(TQJ25=\"CPU\",VLOOKUP(TQG25,COMPOSIÇÃO,2,0),VLOOKUP(TQG25,COTAÇÃO,3,0))))","v":"BOMBEIRO/ENCANADOR COM ENCARGOS COMPLEMENTARES"},null,"SETOP",{"$f":"IF(TQJ25=\"SINAPI\",VLOOKUP(TQG25,SINAPI,3,0),IF(TQJ25=\"SETOP\",VLOOKUP(TQG25,SETOP,4,0),IF(TQJ25=\"CPU\",VLOOKUP(TQG25,COMPOSIÇÃO,5,0),VLOOKUP(TQG25,COTAÇÃO,8,0))))","v":"HORA"},0.5,{"$f":"IF(TQJ25=\"SINAPI\",VLOOKUP(TQG25,SINAPI,4,0),IF(TQJ25=\"SETOP\",VLOOKUP(TQG25,SETOP,5,0),IF(TQJ25=\"CPU\",VLOOKUP(TQG25,COMPOSIÇÃO,8,0),VLOOKUP(TQG25,COTAÇÃO,11,0))))","v":19.149999999999999},{"$f":"TQL25*TQM25","v":9.5749999999999993},"ED-50374",{"$f":"IF(TQR25=\"SINAPI\",VLOOKUP(TQO25,SINAPI,2,0),IF(TQR25=\"SETOP\",VLOOKUP(TQO25,SETOP,3,0),IF(TQR25=\"CPU\",VLOOKUP(TQO25,COMPOSIÇÃO,2,0),VLOOKUP(TQO25,COTAÇÃO,3,0))))","v":"BOMBEIRO/ENCANADOR COM ENCARGOS COMPLEMENTARES"},null,"SETOP",{"$f":"IF(TQR25=\"SINAPI\",VLOOKUP(TQO25,SINAPI,3,0),IF(TQR25=\"SETOP\",VLOOKUP(TQO25,SETOP,4,0),IF(TQR25=\"CPU\",VLOOKUP(TQO25,COMPOSIÇÃO,5,0),VLOOKUP(TQO25,COTAÇÃO,8,0))))","v":"HORA"},0.5,{"$f":"IF(TQR25=\"SINAPI\",VLOOKUP(TQO25,SINAPI,4,0),IF(TQR25=\"SETOP\",VLOOKUP(TQO25,SETOP,5,0),IF(TQR25=\"CPU\",VLOOKUP(TQO25,COMPOSIÇÃO,8,0),VLOOKUP(TQO25,COTAÇÃO,11,0))))","v":19.149999999999999},{"$f":"TQT25*TQU25","v":9.5749999999999993},"ED-50374",{"$f":"IF(TQZ25=\"SINAPI\",VLOOKUP(TQW25,SINAPI,2,0),IF(TQZ25=\"SETOP\",VLOOKUP(TQW25,SETOP,3,0),IF(TQZ25=\"CPU\",VLOOKUP(TQW25,COMPOSIÇÃO,2,0),VLOOKUP(TQW25,COTAÇÃO,3,0))))","v":"BOMBEIRO/ENCANADOR COM ENCARGOS COMPLEMENTARES"},null,"SETOP",{"$f":"IF(TQZ25=\"SINAPI\",VLOOKUP(TQW25,SINAPI,3,0),IF(TQZ25=\"SETOP\",VLOOKUP(TQW25,SETOP,4,0),IF(TQZ25=\"CPU\",VLOOKUP(TQW25,COMPOSIÇÃO,5,0),VLOOKUP(TQW25,COTAÇÃO,8,0))))","v":"HORA"},0.5,{"$f":"IF(TQZ25=\"SINAPI\",VLOOKUP(TQW25,SINAPI,4,0),IF(TQZ25=\"SETOP\",VLOOKUP(TQW25,SETOP,5,0),IF(TQZ25=\"CPU\",VLOOKUP(TQW25,COMPOSIÇÃO,8,0),VLOOKUP(TQW25,COTAÇÃO,11,0))))","v":19.149999999999999},{"$f":"TRB25*TRC25","v":9.5749999999999993},"ED-50374",{"$f":"IF(TRH25=\"SINAPI\",VLOOKUP(TRE25,SINAPI,2,0),IF(TRH25=\"SETOP\",VLOOKUP(TRE25,SETOP,3,0),IF(TRH25=\"CPU\",VLOOKUP(TRE25,COMPOSIÇÃO,2,0),VLOOKUP(TRE25,COTAÇÃO,3,0))))","v":"BOMBEIRO/ENCANADOR COM ENCARGOS COMPLEMENTARES"},null,"SETOP",{"$f":"IF(TRH25=\"SINAPI\",VLOOKUP(TRE25,SINAPI,3,0),IF(TRH25=\"SETOP\",VLOOKUP(TRE25,SETOP,4,0),IF(TRH25=\"CPU\",VLOOKUP(TRE25,COMPOSIÇÃO,5,0),VLOOKUP(TRE25,COTAÇÃO,8,0))))","v":"HORA"},0.5,{"$f":"IF(TRH25=\"SINAPI\",VLOOKUP(TRE25,SINAPI,4,0),IF(TRH25=\"SETOP\",VLOOKUP(TRE25,SETOP,5,0),IF(TRH25=\"CPU\",VLOOKUP(TRE25,COMPOSIÇÃO,8,0),VLOOKUP(TRE25,COTAÇÃO,11,0))))","v":19.149999999999999},{"$f":"TRJ25*TRK25","v":9.5749999999999993},"ED-50374",{"$f":"IF(TRP25=\"SINAPI\",VLOOKUP(TRM25,SINAPI,2,0),IF(TRP25=\"SETOP\",VLOOKUP(TRM25,SETOP,3,0),IF(TRP25=\"CPU\",VLOOKUP(TRM25,COMPOSIÇÃO,2,0),VLOOKUP(TRM25,COTAÇÃO,3,0))))","v":"BOMBEIRO/ENCANADOR COM ENCARGOS COMPLEMENTARES"},null,"SETOP",{"$f":"IF(TRP25=\"SINAPI\",VLOOKUP(TRM25,SINAPI,3,0),IF(TRP25=\"SETOP\",VLOOKUP(TRM25,SETOP,4,0),IF(TRP25=\"CPU\",VLOOKUP(TRM25,COMPOSIÇÃO,5,0),VLOOKUP(TRM25,COTAÇÃO,8,0))))","v":"HORA"},0.5,{"$f":"IF(TRP25=\"SINAPI\",VLOOKUP(TRM25,SINAPI,4,0),IF(TRP25=\"SETOP\",VLOOKUP(TRM25,SETOP,5,0),IF(TRP25=\"CPU\",VLOOKUP(TRM25,COMPOSIÇÃO,8,0),VLOOKUP(TRM25,COTAÇÃO,11,0))))","v":19.149999999999999},{"$f":"TRR25*TRS25","v":9.5749999999999993},"ED-50374",{"$f":"IF(TRX25=\"SINAPI\",VLOOKUP(TRU25,SINAPI,2,0),IF(TRX25=\"SETOP\",VLOOKUP(TRU25,SETOP,3,0),IF(TRX25=\"CPU\",VLOOKUP(TRU25,COMPOSIÇÃO,2,0),VLOOKUP(TRU25,COTAÇÃO,3,0))))","v":"BOMBEIRO/ENCANADOR COM ENCARGOS COMPLEMENTARES"},null,"SETOP",{"$f":"IF(TRX25=\"SINAPI\",VLOOKUP(TRU25,SINAPI,3,0),IF(TRX25=\"SETOP\",VLOOKUP(TRU25,SETOP,4,0),IF(TRX25=\"CPU\",VLOOKUP(TRU25,COMPOSIÇÃO,5,0),VLOOKUP(TRU25,COTAÇÃO,8,0))))","v":"HORA"},0.5,{"$f":"IF(TRX25=\"SINAPI\",VLOOKUP(TRU25,SINAPI,4,0),IF(TRX25=\"SETOP\",VLOOKUP(TRU25,SETOP,5,0),IF(TRX25=\"CPU\",VLOOKUP(TRU25,COMPOSIÇÃO,8,0),VLOOKUP(TRU25,COTAÇÃO,11,0))))","v":19.149999999999999},{"$f":"TRZ25*TSA25","v":9.5749999999999993},"ED-50374",{"$f":"IF(TSF25=\"SINAPI\",VLOOKUP(TSC25,SINAPI,2,0),IF(TSF25=\"SETOP\",VLOOKUP(TSC25,SETOP,3,0),IF(TSF25=\"CPU\",VLOOKUP(TSC25,COMPOSIÇÃO,2,0),VLOOKUP(TSC25,COTAÇÃO,3,0))))","v":"BOMBEIRO/ENCANADOR COM ENCARGOS COMPLEMENTARES"},null,"SETOP",{"$f":"IF(TSF25=\"SINAPI\",VLOOKUP(TSC25,SINAPI,3,0),IF(TSF25=\"SETOP\",VLOOKUP(TSC25,SETOP,4,0),IF(TSF25=\"CPU\",VLOOKUP(TSC25,COMPOSIÇÃO,5,0),VLOOKUP(TSC25,COTAÇÃO,8,0))))","v":"HORA"},0.5,{"$f":"IF(TSF25=\"SINAPI\",VLOOKUP(TSC25,SINAPI,4,0),IF(TSF25=\"SETOP\",VLOOKUP(TSC25,SETOP,5,0),IF(TSF25=\"CPU\",VLOOKUP(TSC25,COMPOSIÇÃO,8,0),VLOOKUP(TSC25,COTAÇÃO,11,0))))","v":19.149999999999999},{"$f":"TSH25*TSI25","v":9.5749999999999993},"ED-50374",{"$f":"IF(TSN25=\"SINAPI\",VLOOKUP(TSK25,SINAPI,2,0),IF(TSN25=\"SETOP\",VLOOKUP(TSK25,SETOP,3,0),IF(TSN25=\"CPU\",VLOOKUP(TSK25,COMPOSIÇÃO,2,0),VLOOKUP(TSK25,COTAÇÃO,3,0))))","v":"BOMBEIRO/ENCANADOR COM ENCARGOS COMPLEMENTARES"},null,"SETOP",{"$f":"IF(TSN25=\"SINAPI\",VLOOKUP(TSK25,SINAPI,3,0),IF(TSN25=\"SETOP\",VLOOKUP(TSK25,SETOP,4,0),IF(TSN25=\"CPU\",VLOOKUP(TSK25,COMPOSIÇÃO,5,0),VLOOKUP(TSK25,COTAÇÃO,8,0))))","v":"HORA"},0.5,{"$f":"IF(TSN25=\"SINAPI\",VLOOKUP(TSK25,SINAPI,4,0),IF(TSN25=\"SETOP\",VLOOKUP(TSK25,SETOP,5,0),IF(TSN25=\"CPU\",VLOOKUP(TSK25,COMPOSIÇÃO,8,0),VLOOKUP(TSK25,COTAÇÃO,11,0))))","v":19.149999999999999},{"$f":"TSP25*TSQ25","v":9.5749999999999993},"ED-50374",{"$f":"IF(TSV25=\"SINAPI\",VLOOKUP(TSS25,SINAPI,2,0),IF(TSV25=\"SETOP\",VLOOKUP(TSS25,SETOP,3,0),IF(TSV25=\"CPU\",VLOOKUP(TSS25,COMPOSIÇÃO,2,0),VLOOKUP(TSS25,COTAÇÃO,3,0))))","v":"BOMBEIRO/ENCANADOR COM ENCARGOS COMPLEMENTARES"},null,"SETOP",{"$f":"IF(TSV25=\"SINAPI\",VLOOKUP(TSS25,SINAPI,3,0),IF(TSV25=\"SETOP\",VLOOKUP(TSS25,SETOP,4,0),IF(TSV25=\"CPU\",VLOOKUP(TSS25,COMPOSIÇÃO,5,0),VLOOKUP(TSS25,COTAÇÃO,8,0))))","v":"HORA"},0.5,{"$f":"IF(TSV25=\"SINAPI\",VLOOKUP(TSS25,SINAPI,4,0),IF(TSV25=\"SETOP\",VLOOKUP(TSS25,SETOP,5,0),IF(TSV25=\"CPU\",VLOOKUP(TSS25,COMPOSIÇÃO,8,0),VLOOKUP(TSS25,COTAÇÃO,11,0))))","v":19.149999999999999},{"$f":"TSX25*TSY25","v":9.5749999999999993},"ED-50374",{"$f":"IF(TTD25=\"SINAPI\",VLOOKUP(TTA25,SINAPI,2,0),IF(TTD25=\"SETOP\",VLOOKUP(TTA25,SETOP,3,0),IF(TTD25=\"CPU\",VLOOKUP(TTA25,COMPOSIÇÃO,2,0),VLOOKUP(TTA25,COTAÇÃO,3,0))))","v":"BOMBEIRO/ENCANADOR COM ENCARGOS COMPLEMENTARES"},null,"SETOP",{"$f":"IF(TTD25=\"SINAPI\",VLOOKUP(TTA25,SINAPI,3,0),IF(TTD25=\"SETOP\",VLOOKUP(TTA25,SETOP,4,0),IF(TTD25=\"CPU\",VLOOKUP(TTA25,COMPOSIÇÃO,5,0),VLOOKUP(TTA25,COTAÇÃO,8,0))))","v":"HORA"},0.5,{"$f":"IF(TTD25=\"SINAPI\",VLOOKUP(TTA25,SINAPI,4,0),IF(TTD25=\"SETOP\",VLOOKUP(TTA25,SETOP,5,0),IF(TTD25=\"CPU\",VLOOKUP(TTA25,COMPOSIÇÃO,8,0),VLOOKUP(TTA25,COTAÇÃO,11,0))))","v":19.149999999999999},{"$f":"TTF25*TTG25","v":9.5749999999999993},"ED-50374",{"$f":"IF(TTL25=\"SINAPI\",VLOOKUP(TTI25,SINAPI,2,0),IF(TTL25=\"SETOP\",VLOOKUP(TTI25,SETOP,3,0),IF(TTL25=\"CPU\",VLOOKUP(TTI25,COMPOSIÇÃO,2,0),VLOOKUP(TTI25,COTAÇÃO,3,0))))","v":"BOMBEIRO/ENCANADOR COM ENCARGOS COMPLEMENTARES"},null,"SETOP",{"$f":"IF(TTL25=\"SINAPI\",VLOOKUP(TTI25,SINAPI,3,0),IF(TTL25=\"SETOP\",VLOOKUP(TTI25,SETOP,4,0),IF(TTL25=\"CPU\",VLOOKUP(TTI25,COMPOSIÇÃO,5,0),VLOOKUP(TTI25,COTAÇÃO,8,0))))","v":"HORA"},0.5,{"$f":"IF(TTL25=\"SINAPI\",VLOOKUP(TTI25,SINAPI,4,0),IF(TTL25=\"SETOP\",VLOOKUP(TTI25,SETOP,5,0),IF(TTL25=\"CPU\",VLOOKUP(TTI25,COMPOSIÇÃO,8,0),VLOOKUP(TTI25,COTAÇÃO,11,0))))","v":19.149999999999999},{"$f":"TTN25*TTO25","v":9.5749999999999993},"ED-50374",{"$f":"IF(TTT25=\"SINAPI\",VLOOKUP(TTQ25,SINAPI,2,0),IF(TTT25=\"SETOP\",VLOOKUP(TTQ25,SETOP,3,0),IF(TTT25=\"CPU\",VLOOKUP(TTQ25,COMPOSIÇÃO,2,0),VLOOKUP(TTQ25,COTAÇÃO,3,0))))","v":"BOMBEIRO/ENCANADOR COM ENCARGOS COMPLEMENTARES"},null,"SETOP",{"$f":"IF(TTT25=\"SINAPI\",VLOOKUP(TTQ25,SINAPI,3,0),IF(TTT25=\"SETOP\",VLOOKUP(TTQ25,SETOP,4,0),IF(TTT25=\"CPU\",VLOOKUP(TTQ25,COMPOSIÇÃO,5,0),VLOOKUP(TTQ25,COTAÇÃO,8,0))))","v":"HORA"},0.5,{"$f":"IF(TTT25=\"SINAPI\",VLOOKUP(TTQ25,SINAPI,4,0),IF(TTT25=\"SETOP\",VLOOKUP(TTQ25,SETOP,5,0),IF(TTT25=\"CPU\",VLOOKUP(TTQ25,COMPOSIÇÃO,8,0),VLOOKUP(TTQ25,COTAÇÃO,11,0))))","v":19.149999999999999},{"$f":"TTV25*TTW25","v":9.5749999999999993},"ED-50374",{"$f":"IF(TUB25=\"SINAPI\",VLOOKUP(TTY25,SINAPI,2,0),IF(TUB25=\"SETOP\",VLOOKUP(TTY25,SETOP,3,0),IF(TUB25=\"CPU\",VLOOKUP(TTY25,COMPOSIÇÃO,2,0),VLOOKUP(TTY25,COTAÇÃO,3,0))))","v":"BOMBEIRO/ENCANADOR COM ENCARGOS COMPLEMENTARES"},null,"SETOP",{"$f":"IF(TUB25=\"SINAPI\",VLOOKUP(TTY25,SINAPI,3,0),IF(TUB25=\"SETOP\",VLOOKUP(TTY25,SETOP,4,0),IF(TUB25=\"CPU\",VLOOKUP(TTY25,COMPOSIÇÃO,5,0),VLOOKUP(TTY25,COTAÇÃO,8,0))))","v":"HORA"},0.5,{"$f":"IF(TUB25=\"SINAPI\",VLOOKUP(TTY25,SINAPI,4,0),IF(TUB25=\"SETOP\",VLOOKUP(TTY25,SETOP,5,0),IF(TUB25=\"CPU\",VLOOKUP(TTY25,COMPOSIÇÃO,8,0),VLOOKUP(TTY25,COTAÇÃO,11,0))))","v":19.149999999999999},{"$f":"TUD25*TUE25","v":9.5749999999999993},"ED-50374",{"$f":"IF(TUJ25=\"SINAPI\",VLOOKUP(TUG25,SINAPI,2,0),IF(TUJ25=\"SETOP\",VLOOKUP(TUG25,SETOP,3,0),IF(TUJ25=\"CPU\",VLOOKUP(TUG25,COMPOSIÇÃO,2,0),VLOOKUP(TUG25,COTAÇÃO,3,0))))","v":"BOMBEIRO/ENCANADOR COM ENCARGOS COMPLEMENTARES"},null,"SETOP",{"$f":"IF(TUJ25=\"SINAPI\",VLOOKUP(TUG25,SINAPI,3,0),IF(TUJ25=\"SETOP\",VLOOKUP(TUG25,SETOP,4,0),IF(TUJ25=\"CPU\",VLOOKUP(TUG25,COMPOSIÇÃO,5,0),VLOOKUP(TUG25,COTAÇÃO,8,0))))","v":"HORA"},0.5,{"$f":"IF(TUJ25=\"SINAPI\",VLOOKUP(TUG25,SINAPI,4,0),IF(TUJ25=\"SETOP\",VLOOKUP(TUG25,SETOP,5,0),IF(TUJ25=\"CPU\",VLOOKUP(TUG25,COMPOSIÇÃO,8,0),VLOOKUP(TUG25,COTAÇÃO,11,0))))","v":19.149999999999999},{"$f":"TUL25*TUM25","v":9.5749999999999993},"ED-50374",{"$f":"IF(TUR25=\"SINAPI\",VLOOKUP(TUO25,SINAPI,2,0),IF(TUR25=\"SETOP\",VLOOKUP(TUO25,SETOP,3,0),IF(TUR25=\"CPU\",VLOOKUP(TUO25,COMPOSIÇÃO,2,0),VLOOKUP(TUO25,COTAÇÃO,3,0))))","v":"BOMBEIRO/ENCANADOR COM ENCARGOS COMPLEMENTARES"},null,"SETOP",{"$f":"IF(TUR25=\"SINAPI\",VLOOKUP(TUO25,SINAPI,3,0),IF(TUR25=\"SETOP\",VLOOKUP(TUO25,SETOP,4,0),IF(TUR25=\"CPU\",VLOOKUP(TUO25,COMPOSIÇÃO,5,0),VLOOKUP(TUO25,COTAÇÃO,8,0))))","v":"HORA"},0.5,{"$f":"IF(TUR25=\"SINAPI\",VLOOKUP(TUO25,SINAPI,4,0),IF(TUR25=\"SETOP\",VLOOKUP(TUO25,SETOP,5,0),IF(TUR25=\"CPU\",VLOOKUP(TUO25,COMPOSIÇÃO,8,0),VLOOKUP(TUO25,COTAÇÃO,11,0))))","v":19.149999999999999},{"$f":"TUT25*TUU25","v":9.5749999999999993},"ED-50374",{"$f":"IF(TUZ25=\"SINAPI\",VLOOKUP(TUW25,SINAPI,2,0),IF(TUZ25=\"SETOP\",VLOOKUP(TUW25,SETOP,3,0),IF(TUZ25=\"CPU\",VLOOKUP(TUW25,COMPOSIÇÃO,2,0),VLOOKUP(TUW25,COTAÇÃO,3,0))))","v":"BOMBEIRO/ENCANADOR COM ENCARGOS COMPLEMENTARES"},null,"SETOP",{"$f":"IF(TUZ25=\"SINAPI\",VLOOKUP(TUW25,SINAPI,3,0),IF(TUZ25=\"SETOP\",VLOOKUP(TUW25,SETOP,4,0),IF(TUZ25=\"CPU\",VLOOKUP(TUW25,COMPOSIÇÃO,5,0),VLOOKUP(TUW25,COTAÇÃO,8,0))))","v":"HORA"},0.5,{"$f":"IF(TUZ25=\"SINAPI\",VLOOKUP(TUW25,SINAPI,4,0),IF(TUZ25=\"SETOP\",VLOOKUP(TUW25,SETOP,5,0),IF(TUZ25=\"CPU\",VLOOKUP(TUW25,COMPOSIÇÃO,8,0),VLOOKUP(TUW25,COTAÇÃO,11,0))))","v":19.149999999999999},{"$f":"TVB25*TVC25","v":9.5749999999999993},"ED-50374",{"$f":"IF(TVH25=\"SINAPI\",VLOOKUP(TVE25,SINAPI,2,0),IF(TVH25=\"SETOP\",VLOOKUP(TVE25,SETOP,3,0),IF(TVH25=\"CPU\",VLOOKUP(TVE25,COMPOSIÇÃO,2,0),VLOOKUP(TVE25,COTAÇÃO,3,0))))","v":"BOMBEIRO/ENCANADOR COM ENCARGOS COMPLEMENTARES"},null,"SETOP",{"$f":"IF(TVH25=\"SINAPI\",VLOOKUP(TVE25,SINAPI,3,0),IF(TVH25=\"SETOP\",VLOOKUP(TVE25,SETOP,4,0),IF(TVH25=\"CPU\",VLOOKUP(TVE25,COMPOSIÇÃO,5,0),VLOOKUP(TVE25,COTAÇÃO,8,0))))","v":"HORA"},0.5,{"$f":"IF(TVH25=\"SINAPI\",VLOOKUP(TVE25,SINAPI,4,0),IF(TVH25=\"SETOP\",VLOOKUP(TVE25,SETOP,5,0),IF(TVH25=\"CPU\",VLOOKUP(TVE25,COMPOSIÇÃO,8,0),VLOOKUP(TVE25,COTAÇÃO,11,0))))","v":19.149999999999999},{"$f":"TVJ25*TVK25","v":9.5749999999999993},"ED-50374",{"$f":"IF(TVP25=\"SINAPI\",VLOOKUP(TVM25,SINAPI,2,0),IF(TVP25=\"SETOP\",VLOOKUP(TVM25,SETOP,3,0),IF(TVP25=\"CPU\",VLOOKUP(TVM25,COMPOSIÇÃO,2,0),VLOOKUP(TVM25,COTAÇÃO,3,0))))","v":"BOMBEIRO/ENCANADOR COM ENCARGOS COMPLEMENTARES"},null,"SETOP",{"$f":"IF(TVP25=\"SINAPI\",VLOOKUP(TVM25,SINAPI,3,0),IF(TVP25=\"SETOP\",VLOOKUP(TVM25,SETOP,4,0),IF(TVP25=\"CPU\",VLOOKUP(TVM25,COMPOSIÇÃO,5,0),VLOOKUP(TVM25,COTAÇÃO,8,0))))","v":"HORA"},0.5,{"$f":"IF(TVP25=\"SINAPI\",VLOOKUP(TVM25,SINAPI,4,0),IF(TVP25=\"SETOP\",VLOOKUP(TVM25,SETOP,5,0),IF(TVP25=\"CPU\",VLOOKUP(TVM25,COMPOSIÇÃO,8,0),VLOOKUP(TVM25,COTAÇÃO,11,0))))","v":19.149999999999999},{"$f":"TVR25*TVS25","v":9.5749999999999993},"ED-50374",{"$f":"IF(TVX25=\"SINAPI\",VLOOKUP(TVU25,SINAPI,2,0),IF(TVX25=\"SETOP\",VLOOKUP(TVU25,SETOP,3,0),IF(TVX25=\"CPU\",VLOOKUP(TVU25,COMPOSIÇÃO,2,0),VLOOKUP(TVU25,COTAÇÃO,3,0))))","v":"BOMBEIRO/ENCANADOR COM ENCARGOS COMPLEMENTARES"},null,"SETOP",{"$f":"IF(TVX25=\"SINAPI\",VLOOKUP(TVU25,SINAPI,3,0),IF(TVX25=\"SETOP\",VLOOKUP(TVU25,SETOP,4,0),IF(TVX25=\"CPU\",VLOOKUP(TVU25,COMPOSIÇÃO,5,0),VLOOKUP(TVU25,COTAÇÃO,8,0))))","v":"HORA"},0.5,{"$f":"IF(TVX25=\"SINAPI\",VLOOKUP(TVU25,SINAPI,4,0),IF(TVX25=\"SETOP\",VLOOKUP(TVU25,SETOP,5,0),IF(TVX25=\"CPU\",VLOOKUP(TVU25,COMPOSIÇÃO,8,0),VLOOKUP(TVU25,COTAÇÃO,11,0))))","v":19.149999999999999},{"$f":"TVZ25*TWA25","v":9.5749999999999993},"ED-50374",{"$f":"IF(TWF25=\"SINAPI\",VLOOKUP(TWC25,SINAPI,2,0),IF(TWF25=\"SETOP\",VLOOKUP(TWC25,SETOP,3,0),IF(TWF25=\"CPU\",VLOOKUP(TWC25,COMPOSIÇÃO,2,0),VLOOKUP(TWC25,COTAÇÃO,3,0))))","v":"BOMBEIRO/ENCANADOR COM ENCARGOS COMPLEMENTARES"},null,"SETOP",{"$f":"IF(TWF25=\"SINAPI\",VLOOKUP(TWC25,SINAPI,3,0),IF(TWF25=\"SETOP\",VLOOKUP(TWC25,SETOP,4,0),IF(TWF25=\"CPU\",VLOOKUP(TWC25,COMPOSIÇÃO,5,0),VLOOKUP(TWC25,COTAÇÃO,8,0))))","v":"HORA"},0.5,{"$f":"IF(TWF25=\"SINAPI\",VLOOKUP(TWC25,SINAPI,4,0),IF(TWF25=\"SETOP\",VLOOKUP(TWC25,SETOP,5,0),IF(TWF25=\"CPU\",VLOOKUP(TWC25,COMPOSIÇÃO,8,0),VLOOKUP(TWC25,COTAÇÃO,11,0))))","v":19.149999999999999},{"$f":"TWH25*TWI25","v":9.5749999999999993},"ED-50374",{"$f":"IF(TWN25=\"SINAPI\",VLOOKUP(TWK25,SINAPI,2,0),IF(TWN25=\"SETOP\",VLOOKUP(TWK25,SETOP,3,0),IF(TWN25=\"CPU\",VLOOKUP(TWK25,COMPOSIÇÃO,2,0),VLOOKUP(TWK25,COTAÇÃO,3,0))))","v":"BOMBEIRO/ENCANADOR COM ENCARGOS COMPLEMENTARES"},null,"SETOP",{"$f":"IF(TWN25=\"SINAPI\",VLOOKUP(TWK25,SINAPI,3,0),IF(TWN25=\"SETOP\",VLOOKUP(TWK25,SETOP,4,0),IF(TWN25=\"CPU\",VLOOKUP(TWK25,COMPOSIÇÃO,5,0),VLOOKUP(TWK25,COTAÇÃO,8,0))))","v":"HORA"},0.5,{"$f":"IF(TWN25=\"SINAPI\",VLOOKUP(TWK25,SINAPI,4,0),IF(TWN25=\"SETOP\",VLOOKUP(TWK25,SETOP,5,0),IF(TWN25=\"CPU\",VLOOKUP(TWK25,COMPOSIÇÃO,8,0),VLOOKUP(TWK25,COTAÇÃO,11,0))))","v":19.149999999999999},{"$f":"TWP25*TWQ25","v":9.5749999999999993},"ED-50374",{"$f":"IF(TWV25=\"SINAPI\",VLOOKUP(TWS25,SINAPI,2,0),IF(TWV25=\"SETOP\",VLOOKUP(TWS25,SETOP,3,0),IF(TWV25=\"CPU\",VLOOKUP(TWS25,COMPOSIÇÃO,2,0),VLOOKUP(TWS25,COTAÇÃO,3,0))))","v":"BOMBEIRO/ENCANADOR COM ENCARGOS COMPLEMENTARES"},null,"SETOP",{"$f":"IF(TWV25=\"SINAPI\",VLOOKUP(TWS25,SINAPI,3,0),IF(TWV25=\"SETOP\",VLOOKUP(TWS25,SETOP,4,0),IF(TWV25=\"CPU\",VLOOKUP(TWS25,COMPOSIÇÃO,5,0),VLOOKUP(TWS25,COTAÇÃO,8,0))))","v":"HORA"},0.5,{"$f":"IF(TWV25=\"SINAPI\",VLOOKUP(TWS25,SINAPI,4,0),IF(TWV25=\"SETOP\",VLOOKUP(TWS25,SETOP,5,0),IF(TWV25=\"CPU\",VLOOKUP(TWS25,COMPOSIÇÃO,8,0),VLOOKUP(TWS25,COTAÇÃO,11,0))))","v":19.149999999999999},{"$f":"TWX25*TWY25","v":9.5749999999999993},"ED-50374",{"$f":"IF(TXD25=\"SINAPI\",VLOOKUP(TXA25,SINAPI,2,0),IF(TXD25=\"SETOP\",VLOOKUP(TXA25,SETOP,3,0),IF(TXD25=\"CPU\",VLOOKUP(TXA25,COMPOSIÇÃO,2,0),VLOOKUP(TXA25,COTAÇÃO,3,0))))","v":"BOMBEIRO/ENCANADOR COM ENCARGOS COMPLEMENTARES"},null,"SETOP",{"$f":"IF(TXD25=\"SINAPI\",VLOOKUP(TXA25,SINAPI,3,0),IF(TXD25=\"SETOP\",VLOOKUP(TXA25,SETOP,4,0),IF(TXD25=\"CPU\",VLOOKUP(TXA25,COMPOSIÇÃO,5,0),VLOOKUP(TXA25,COTAÇÃO,8,0))))","v":"HORA"},0.5,{"$f":"IF(TXD25=\"SINAPI\",VLOOKUP(TXA25,SINAPI,4,0),IF(TXD25=\"SETOP\",VLOOKUP(TXA25,SETOP,5,0),IF(TXD25=\"CPU\",VLOOKUP(TXA25,COMPOSIÇÃO,8,0),VLOOKUP(TXA25,COTAÇÃO,11,0))))","v":19.149999999999999},{"$f":"TXF25*TXG25","v":9.5749999999999993},"ED-50374",{"$f":"IF(TXL25=\"SINAPI\",VLOOKUP(TXI25,SINAPI,2,0),IF(TXL25=\"SETOP\",VLOOKUP(TXI25,SETOP,3,0),IF(TXL25=\"CPU\",VLOOKUP(TXI25,COMPOSIÇÃO,2,0),VLOOKUP(TXI25,COTAÇÃO,3,0))))","v":"BOMBEIRO/ENCANADOR COM ENCARGOS COMPLEMENTARES"},null,"SETOP",{"$f":"IF(TXL25=\"SINAPI\",VLOOKUP(TXI25,SINAPI,3,0),IF(TXL25=\"SETOP\",VLOOKUP(TXI25,SETOP,4,0),IF(TXL25=\"CPU\",VLOOKUP(TXI25,COMPOSIÇÃO,5,0),VLOOKUP(TXI25,COTAÇÃO,8,0))))","v":"HORA"},0.5,{"$f":"IF(TXL25=\"SINAPI\",VLOOKUP(TXI25,SINAPI,4,0),IF(TXL25=\"SETOP\",VLOOKUP(TXI25,SETOP,5,0),IF(TXL25=\"CPU\",VLOOKUP(TXI25,COMPOSIÇÃO,8,0),VLOOKUP(TXI25,COTAÇÃO,11,0))))","v":19.149999999999999},{"$f":"TXN25*TXO25","v":9.5749999999999993},"ED-50374",{"$f":"IF(TXT25=\"SINAPI\",VLOOKUP(TXQ25,SINAPI,2,0),IF(TXT25=\"SETOP\",VLOOKUP(TXQ25,SETOP,3,0),IF(TXT25=\"CPU\",VLOOKUP(TXQ25,COMPOSIÇÃO,2,0),VLOOKUP(TXQ25,COTAÇÃO,3,0))))","v":"BOMBEIRO/ENCANADOR COM ENCARGOS COMPLEMENTARES"},null,"SETOP",{"$f":"IF(TXT25=\"SINAPI\",VLOOKUP(TXQ25,SINAPI,3,0),IF(TXT25=\"SETOP\",VLOOKUP(TXQ25,SETOP,4,0),IF(TXT25=\"CPU\",VLOOKUP(TXQ25,COMPOSIÇÃO,5,0),VLOOKUP(TXQ25,COTAÇÃO,8,0))))","v":"HORA"},0.5,{"$f":"IF(TXT25=\"SINAPI\",VLOOKUP(TXQ25,SINAPI,4,0),IF(TXT25=\"SETOP\",VLOOKUP(TXQ25,SETOP,5,0),IF(TXT25=\"CPU\",VLOOKUP(TXQ25,COMPOSIÇÃO,8,0),VLOOKUP(TXQ25,COTAÇÃO,11,0))))","v":19.149999999999999},{"$f":"TXV25*TXW25","v":9.5749999999999993},"ED-50374",{"$f":"IF(TYB25=\"SINAPI\",VLOOKUP(TXY25,SINAPI,2,0),IF(TYB25=\"SETOP\",VLOOKUP(TXY25,SETOP,3,0),IF(TYB25=\"CPU\",VLOOKUP(TXY25,COMPOSIÇÃO,2,0),VLOOKUP(TXY25,COTAÇÃO,3,0))))","v":"BOMBEIRO/ENCANADOR COM ENCARGOS COMPLEMENTARES"},null,"SETOP",{"$f":"IF(TYB25=\"SINAPI\",VLOOKUP(TXY25,SINAPI,3,0),IF(TYB25=\"SETOP\",VLOOKUP(TXY25,SETOP,4,0),IF(TYB25=\"CPU\",VLOOKUP(TXY25,COMPOSIÇÃO,5,0),VLOOKUP(TXY25,COTAÇÃO,8,0))))","v":"HORA"},0.5,{"$f":"IF(TYB25=\"SINAPI\",VLOOKUP(TXY25,SINAPI,4,0),IF(TYB25=\"SETOP\",VLOOKUP(TXY25,SETOP,5,0),IF(TYB25=\"CPU\",VLOOKUP(TXY25,COMPOSIÇÃO,8,0),VLOOKUP(TXY25,COTAÇÃO,11,0))))","v":19.149999999999999},{"$f":"TYD25*TYE25","v":9.5749999999999993},"ED-50374",{"$f":"IF(TYJ25=\"SINAPI\",VLOOKUP(TYG25,SINAPI,2,0),IF(TYJ25=\"SETOP\",VLOOKUP(TYG25,SETOP,3,0),IF(TYJ25=\"CPU\",VLOOKUP(TYG25,COMPOSIÇÃO,2,0),VLOOKUP(TYG25,COTAÇÃO,3,0))))","v":"BOMBEIRO/ENCANADOR COM ENCARGOS COMPLEMENTARES"},null,"SETOP",{"$f":"IF(TYJ25=\"SINAPI\",VLOOKUP(TYG25,SINAPI,3,0),IF(TYJ25=\"SETOP\",VLOOKUP(TYG25,SETOP,4,0),IF(TYJ25=\"CPU\",VLOOKUP(TYG25,COMPOSIÇÃO,5,0),VLOOKUP(TYG25,COTAÇÃO,8,0))))","v":"HORA"},0.5,{"$f":"IF(TYJ25=\"SINAPI\",VLOOKUP(TYG25,SINAPI,4,0),IF(TYJ25=\"SETOP\",VLOOKUP(TYG25,SETOP,5,0),IF(TYJ25=\"CPU\",VLOOKUP(TYG25,COMPOSIÇÃO,8,0),VLOOKUP(TYG25,COTAÇÃO,11,0))))","v":19.149999999999999},{"$f":"TYL25*TYM25","v":9.5749999999999993},"ED-50374",{"$f":"IF(TYR25=\"SINAPI\",VLOOKUP(TYO25,SINAPI,2,0),IF(TYR25=\"SETOP\",VLOOKUP(TYO25,SETOP,3,0),IF(TYR25=\"CPU\",VLOOKUP(TYO25,COMPOSIÇÃO,2,0),VLOOKUP(TYO25,COTAÇÃO,3,0))))","v":"BOMBEIRO/ENCANADOR COM ENCARGOS COMPLEMENTARES"},null,"SETOP",{"$f":"IF(TYR25=\"SINAPI\",VLOOKUP(TYO25,SINAPI,3,0),IF(TYR25=\"SETOP\",VLOOKUP(TYO25,SETOP,4,0),IF(TYR25=\"CPU\",VLOOKUP(TYO25,COMPOSIÇÃO,5,0),VLOOKUP(TYO25,COTAÇÃO,8,0))))","v":"HORA"},0.5,{"$f":"IF(TYR25=\"SINAPI\",VLOOKUP(TYO25,SINAPI,4,0),IF(TYR25=\"SETOP\",VLOOKUP(TYO25,SETOP,5,0),IF(TYR25=\"CPU\",VLOOKUP(TYO25,COMPOSIÇÃO,8,0),VLOOKUP(TYO25,COTAÇÃO,11,0))))","v":19.149999999999999},{"$f":"TYT25*TYU25","v":9.5749999999999993},"ED-50374",{"$f":"IF(TYZ25=\"SINAPI\",VLOOKUP(TYW25,SINAPI,2,0),IF(TYZ25=\"SETOP\",VLOOKUP(TYW25,SETOP,3,0),IF(TYZ25=\"CPU\",VLOOKUP(TYW25,COMPOSIÇÃO,2,0),VLOOKUP(TYW25,COTAÇÃO,3,0))))","v":"BOMBEIRO/ENCANADOR COM ENCARGOS COMPLEMENTARES"},null,"SETOP",{"$f":"IF(TYZ25=\"SINAPI\",VLOOKUP(TYW25,SINAPI,3,0),IF(TYZ25=\"SETOP\",VLOOKUP(TYW25,SETOP,4,0),IF(TYZ25=\"CPU\",VLOOKUP(TYW25,COMPOSIÇÃO,5,0),VLOOKUP(TYW25,COTAÇÃO,8,0))))","v":"HORA"},0.5,{"$f":"IF(TYZ25=\"SINAPI\",VLOOKUP(TYW25,SINAPI,4,0),IF(TYZ25=\"SETOP\",VLOOKUP(TYW25,SETOP,5,0),IF(TYZ25=\"CPU\",VLOOKUP(TYW25,COMPOSIÇÃO,8,0),VLOOKUP(TYW25,COTAÇÃO,11,0))))","v":19.149999999999999},{"$f":"TZB25*TZC25","v":9.5749999999999993},"ED-50374",{"$f":"IF(TZH25=\"SINAPI\",VLOOKUP(TZE25,SINAPI,2,0),IF(TZH25=\"SETOP\",VLOOKUP(TZE25,SETOP,3,0),IF(TZH25=\"CPU\",VLOOKUP(TZE25,COMPOSIÇÃO,2,0),VLOOKUP(TZE25,COTAÇÃO,3,0))))","v":"BOMBEIRO/ENCANADOR COM ENCARGOS COMPLEMENTARES"},null,"SETOP",{"$f":"IF(TZH25=\"SINAPI\",VLOOKUP(TZE25,SINAPI,3,0),IF(TZH25=\"SETOP\",VLOOKUP(TZE25,SETOP,4,0),IF(TZH25=\"CPU\",VLOOKUP(TZE25,COMPOSIÇÃO,5,0),VLOOKUP(TZE25,COTAÇÃO,8,0))))","v":"HORA"},0.5,{"$f":"IF(TZH25=\"SINAPI\",VLOOKUP(TZE25,SINAPI,4,0),IF(TZH25=\"SETOP\",VLOOKUP(TZE25,SETOP,5,0),IF(TZH25=\"CPU\",VLOOKUP(TZE25,COMPOSIÇÃO,8,0),VLOOKUP(TZE25,COTAÇÃO,11,0))))","v":19.149999999999999},{"$f":"TZJ25*TZK25","v":9.5749999999999993},"ED-50374",{"$f":"IF(TZP25=\"SINAPI\",VLOOKUP(TZM25,SINAPI,2,0),IF(TZP25=\"SETOP\",VLOOKUP(TZM25,SETOP,3,0),IF(TZP25=\"CPU\",VLOOKUP(TZM25,COMPOSIÇÃO,2,0),VLOOKUP(TZM25,COTAÇÃO,3,0))))","v":"BOMBEIRO/ENCANADOR COM ENCARGOS COMPLEMENTARES"},null,"SETOP",{"$f":"IF(TZP25=\"SINAPI\",VLOOKUP(TZM25,SINAPI,3,0),IF(TZP25=\"SETOP\",VLOOKUP(TZM25,SETOP,4,0),IF(TZP25=\"CPU\",VLOOKUP(TZM25,COMPOSIÇÃO,5,0),VLOOKUP(TZM25,COTAÇÃO,8,0))))","v":"HORA"},0.5,{"$f":"IF(TZP25=\"SINAPI\",VLOOKUP(TZM25,SINAPI,4,0),IF(TZP25=\"SETOP\",VLOOKUP(TZM25,SETOP,5,0),IF(TZP25=\"CPU\",VLOOKUP(TZM25,COMPOSIÇÃO,8,0),VLOOKUP(TZM25,COTAÇÃO,11,0))))","v":19.149999999999999},{"$f":"TZR25*TZS25","v":9.5749999999999993},"ED-50374",{"$f":"IF(TZX25=\"SINAPI\",VLOOKUP(TZU25,SINAPI,2,0),IF(TZX25=\"SETOP\",VLOOKUP(TZU25,SETOP,3,0),IF(TZX25=\"CPU\",VLOOKUP(TZU25,COMPOSIÇÃO,2,0),VLOOKUP(TZU25,COTAÇÃO,3,0))))","v":"BOMBEIRO/ENCANADOR COM ENCARGOS COMPLEMENTARES"},null,"SETOP",{"$f":"IF(TZX25=\"SINAPI\",VLOOKUP(TZU25,SINAPI,3,0),IF(TZX25=\"SETOP\",VLOOKUP(TZU25,SETOP,4,0),IF(TZX25=\"CPU\",VLOOKUP(TZU25,COMPOSIÇÃO,5,0),VLOOKUP(TZU25,COTAÇÃO,8,0))))","v":"HORA"},0.5,{"$f":"IF(TZX25=\"SINAPI\",VLOOKUP(TZU25,SINAPI,4,0),IF(TZX25=\"SETOP\",VLOOKUP(TZU25,SETOP,5,0),IF(TZX25=\"CPU\",VLOOKUP(TZU25,COMPOSIÇÃO,8,0),VLOOKUP(TZU25,COTAÇÃO,11,0))))","v":19.149999999999999},{"$f":"TZZ25*UAA25","v":9.5749999999999993},"ED-50374",{"$f":"IF(UAF25=\"SINAPI\",VLOOKUP(UAC25,SINAPI,2,0),IF(UAF25=\"SETOP\",VLOOKUP(UAC25,SETOP,3,0),IF(UAF25=\"CPU\",VLOOKUP(UAC25,COMPOSIÇÃO,2,0),VLOOKUP(UAC25,COTAÇÃO,3,0))))","v":"BOMBEIRO/ENCANADOR COM ENCARGOS COMPLEMENTARES"},null,"SETOP",{"$f":"IF(UAF25=\"SINAPI\",VLOOKUP(UAC25,SINAPI,3,0),IF(UAF25=\"SETOP\",VLOOKUP(UAC25,SETOP,4,0),IF(UAF25=\"CPU\",VLOOKUP(UAC25,COMPOSIÇÃO,5,0),VLOOKUP(UAC25,COTAÇÃO,8,0))))","v":"HORA"},0.5,{"$f":"IF(UAF25=\"SINAPI\",VLOOKUP(UAC25,SINAPI,4,0),IF(UAF25=\"SETOP\",VLOOKUP(UAC25,SETOP,5,0),IF(UAF25=\"CPU\",VLOOKUP(UAC25,COMPOSIÇÃO,8,0),VLOOKUP(UAC25,COTAÇÃO,11,0))))","v":19.149999999999999},{"$f":"UAH25*UAI25","v":9.5749999999999993},"ED-50374",{"$f":"IF(UAN25=\"SINAPI\",VLOOKUP(UAK25,SINAPI,2,0),IF(UAN25=\"SETOP\",VLOOKUP(UAK25,SETOP,3,0),IF(UAN25=\"CPU\",VLOOKUP(UAK25,COMPOSIÇÃO,2,0),VLOOKUP(UAK25,COTAÇÃO,3,0))))","v":"BOMBEIRO/ENCANADOR COM ENCARGOS COMPLEMENTARES"},null,"SETOP",{"$f":"IF(UAN25=\"SINAPI\",VLOOKUP(UAK25,SINAPI,3,0),IF(UAN25=\"SETOP\",VLOOKUP(UAK25,SETOP,4,0),IF(UAN25=\"CPU\",VLOOKUP(UAK25,COMPOSIÇÃO,5,0),VLOOKUP(UAK25,COTAÇÃO,8,0))))","v":"HORA"},0.5,{"$f":"IF(UAN25=\"SINAPI\",VLOOKUP(UAK25,SINAPI,4,0),IF(UAN25=\"SETOP\",VLOOKUP(UAK25,SETOP,5,0),IF(UAN25=\"CPU\",VLOOKUP(UAK25,COMPOSIÇÃO,8,0),VLOOKUP(UAK25,COTAÇÃO,11,0))))","v":19.149999999999999},{"$f":"UAP25*UAQ25","v":9.5749999999999993},"ED-50374",{"$f":"IF(UAV25=\"SINAPI\",VLOOKUP(UAS25,SINAPI,2,0),IF(UAV25=\"SETOP\",VLOOKUP(UAS25,SETOP,3,0),IF(UAV25=\"CPU\",VLOOKUP(UAS25,COMPOSIÇÃO,2,0),VLOOKUP(UAS25,COTAÇÃO,3,0))))","v":"BOMBEIRO/ENCANADOR COM ENCARGOS COMPLEMENTARES"},null,"SETOP",{"$f":"IF(UAV25=\"SINAPI\",VLOOKUP(UAS25,SINAPI,3,0),IF(UAV25=\"SETOP\",VLOOKUP(UAS25,SETOP,4,0),IF(UAV25=\"CPU\",VLOOKUP(UAS25,COMPOSIÇÃO,5,0),VLOOKUP(UAS25,COTAÇÃO,8,0))))","v":"HORA"},0.5,{"$f":"IF(UAV25=\"SINAPI\",VLOOKUP(UAS25,SINAPI,4,0),IF(UAV25=\"SETOP\",VLOOKUP(UAS25,SETOP,5,0),IF(UAV25=\"CPU\",VLOOKUP(UAS25,COMPOSIÇÃO,8,0),VLOOKUP(UAS25,COTAÇÃO,11,0))))","v":19.149999999999999},{"$f":"UAX25*UAY25","v":9.5749999999999993},"ED-50374",{"$f":"IF(UBD25=\"SINAPI\",VLOOKUP(UBA25,SINAPI,2,0),IF(UBD25=\"SETOP\",VLOOKUP(UBA25,SETOP,3,0),IF(UBD25=\"CPU\",VLOOKUP(UBA25,COMPOSIÇÃO,2,0),VLOOKUP(UBA25,COTAÇÃO,3,0))))","v":"BOMBEIRO/ENCANADOR COM ENCARGOS COMPLEMENTARES"},null,"SETOP",{"$f":"IF(UBD25=\"SINAPI\",VLOOKUP(UBA25,SINAPI,3,0),IF(UBD25=\"SETOP\",VLOOKUP(UBA25,SETOP,4,0),IF(UBD25=\"CPU\",VLOOKUP(UBA25,COMPOSIÇÃO,5,0),VLOOKUP(UBA25,COTAÇÃO,8,0))))","v":"HORA"},0.5,{"$f":"IF(UBD25=\"SINAPI\",VLOOKUP(UBA25,SINAPI,4,0),IF(UBD25=\"SETOP\",VLOOKUP(UBA25,SETOP,5,0),IF(UBD25=\"CPU\",VLOOKUP(UBA25,COMPOSIÇÃO,8,0),VLOOKUP(UBA25,COTAÇÃO,11,0))))","v":19.149999999999999},{"$f":"UBF25*UBG25","v":9.5749999999999993},"ED-50374",{"$f":"IF(UBL25=\"SINAPI\",VLOOKUP(UBI25,SINAPI,2,0),IF(UBL25=\"SETOP\",VLOOKUP(UBI25,SETOP,3,0),IF(UBL25=\"CPU\",VLOOKUP(UBI25,COMPOSIÇÃO,2,0),VLOOKUP(UBI25,COTAÇÃO,3,0))))","v":"BOMBEIRO/ENCANADOR COM ENCARGOS COMPLEMENTARES"},null,"SETOP",{"$f":"IF(UBL25=\"SINAPI\",VLOOKUP(UBI25,SINAPI,3,0),IF(UBL25=\"SETOP\",VLOOKUP(UBI25,SETOP,4,0),IF(UBL25=\"CPU\",VLOOKUP(UBI25,COMPOSIÇÃO,5,0),VLOOKUP(UBI25,COTAÇÃO,8,0))))","v":"HORA"},0.5,{"$f":"IF(UBL25=\"SINAPI\",VLOOKUP(UBI25,SINAPI,4,0),IF(UBL25=\"SETOP\",VLOOKUP(UBI25,SETOP,5,0),IF(UBL25=\"CPU\",VLOOKUP(UBI25,COMPOSIÇÃO,8,0),VLOOKUP(UBI25,COTAÇÃO,11,0))))","v":19.149999999999999},{"$f":"UBN25*UBO25","v":9.5749999999999993},"ED-50374",{"$f":"IF(UBT25=\"SINAPI\",VLOOKUP(UBQ25,SINAPI,2,0),IF(UBT25=\"SETOP\",VLOOKUP(UBQ25,SETOP,3,0),IF(UBT25=\"CPU\",VLOOKUP(UBQ25,COMPOSIÇÃO,2,0),VLOOKUP(UBQ25,COTAÇÃO,3,0))))","v":"BOMBEIRO/ENCANADOR COM ENCARGOS COMPLEMENTARES"},null,"SETOP",{"$f":"IF(UBT25=\"SINAPI\",VLOOKUP(UBQ25,SINAPI,3,0),IF(UBT25=\"SETOP\",VLOOKUP(UBQ25,SETOP,4,0),IF(UBT25=\"CPU\",VLOOKUP(UBQ25,COMPOSIÇÃO,5,0),VLOOKUP(UBQ25,COTAÇÃO,8,0))))","v":"HORA"},0.5,{"$f":"IF(UBT25=\"SINAPI\",VLOOKUP(UBQ25,SINAPI,4,0),IF(UBT25=\"SETOP\",VLOOKUP(UBQ25,SETOP,5,0),IF(UBT25=\"CPU\",VLOOKUP(UBQ25,COMPOSIÇÃO,8,0),VLOOKUP(UBQ25,COTAÇÃO,11,0))))","v":19.149999999999999},{"$f":"UBV25*UBW25","v":9.5749999999999993},"ED-50374",{"$f":"IF(UCB25=\"SINAPI\",VLOOKUP(UBY25,SINAPI,2,0),IF(UCB25=\"SETOP\",VLOOKUP(UBY25,SETOP,3,0),IF(UCB25=\"CPU\",VLOOKUP(UBY25,COMPOSIÇÃO,2,0),VLOOKUP(UBY25,COTAÇÃO,3,0))))","v":"BOMBEIRO/ENCANADOR COM ENCARGOS COMPLEMENTARES"},null,"SETOP",{"$f":"IF(UCB25=\"SINAPI\",VLOOKUP(UBY25,SINAPI,3,0),IF(UCB25=\"SETOP\",VLOOKUP(UBY25,SETOP,4,0),IF(UCB25=\"CPU\",VLOOKUP(UBY25,COMPOSIÇÃO,5,0),VLOOKUP(UBY25,COTAÇÃO,8,0))))","v":"HORA"},0.5,{"$f":"IF(UCB25=\"SINAPI\",VLOOKUP(UBY25,SINAPI,4,0),IF(UCB25=\"SETOP\",VLOOKUP(UBY25,SETOP,5,0),IF(UCB25=\"CPU\",VLOOKUP(UBY25,COMPOSIÇÃO,8,0),VLOOKUP(UBY25,COTAÇÃO,11,0))))","v":19.149999999999999},{"$f":"UCD25*UCE25","v":9.5749999999999993},"ED-50374",{"$f":"IF(UCJ25=\"SINAPI\",VLOOKUP(UCG25,SINAPI,2,0),IF(UCJ25=\"SETOP\",VLOOKUP(UCG25,SETOP,3,0),IF(UCJ25=\"CPU\",VLOOKUP(UCG25,COMPOSIÇÃO,2,0),VLOOKUP(UCG25,COTAÇÃO,3,0))))","v":"BOMBEIRO/ENCANADOR COM ENCARGOS COMPLEMENTARES"},null,"SETOP",{"$f":"IF(UCJ25=\"SINAPI\",VLOOKUP(UCG25,SINAPI,3,0),IF(UCJ25=\"SETOP\",VLOOKUP(UCG25,SETOP,4,0),IF(UCJ25=\"CPU\",VLOOKUP(UCG25,COMPOSIÇÃO,5,0),VLOOKUP(UCG25,COTAÇÃO,8,0))))","v":"HORA"},0.5,{"$f":"IF(UCJ25=\"SINAPI\",VLOOKUP(UCG25,SINAPI,4,0),IF(UCJ25=\"SETOP\",VLOOKUP(UCG25,SETOP,5,0),IF(UCJ25=\"CPU\",VLOOKUP(UCG25,COMPOSIÇÃO,8,0),VLOOKUP(UCG25,COTAÇÃO,11,0))))","v":19.149999999999999},{"$f":"UCL25*UCM25","v":9.5749999999999993},"ED-50374",{"$f":"IF(UCR25=\"SINAPI\",VLOOKUP(UCO25,SINAPI,2,0),IF(UCR25=\"SETOP\",VLOOKUP(UCO25,SETOP,3,0),IF(UCR25=\"CPU\",VLOOKUP(UCO25,COMPOSIÇÃO,2,0),VLOOKUP(UCO25,COTAÇÃO,3,0))))","v":"BOMBEIRO/ENCANADOR COM ENCARGOS COMPLEMENTARES"},null,"SETOP",{"$f":"IF(UCR25=\"SINAPI\",VLOOKUP(UCO25,SINAPI,3,0),IF(UCR25=\"SETOP\",VLOOKUP(UCO25,SETOP,4,0),IF(UCR25=\"CPU\",VLOOKUP(UCO25,COMPOSIÇÃO,5,0),VLOOKUP(UCO25,COTAÇÃO,8,0))))","v":"HORA"},0.5,{"$f":"IF(UCR25=\"SINAPI\",VLOOKUP(UCO25,SINAPI,4,0),IF(UCR25=\"SETOP\",VLOOKUP(UCO25,SETOP,5,0),IF(UCR25=\"CPU\",VLOOKUP(UCO25,COMPOSIÇÃO,8,0),VLOOKUP(UCO25,COTAÇÃO,11,0))))","v":19.149999999999999},{"$f":"UCT25*UCU25","v":9.5749999999999993},"ED-50374",{"$f":"IF(UCZ25=\"SINAPI\",VLOOKUP(UCW25,SINAPI,2,0),IF(UCZ25=\"SETOP\",VLOOKUP(UCW25,SETOP,3,0),IF(UCZ25=\"CPU\",VLOOKUP(UCW25,COMPOSIÇÃO,2,0),VLOOKUP(UCW25,COTAÇÃO,3,0))))","v":"BOMBEIRO/ENCANADOR COM ENCARGOS COMPLEMENTARES"},null,"SETOP",{"$f":"IF(UCZ25=\"SINAPI\",VLOOKUP(UCW25,SINAPI,3,0),IF(UCZ25=\"SETOP\",VLOOKUP(UCW25,SETOP,4,0),IF(UCZ25=\"CPU\",VLOOKUP(UCW25,COMPOSIÇÃO,5,0),VLOOKUP(UCW25,COTAÇÃO,8,0))))","v":"HORA"},0.5,{"$f":"IF(UCZ25=\"SINAPI\",VLOOKUP(UCW25,SINAPI,4,0),IF(UCZ25=\"SETOP\",VLOOKUP(UCW25,SETOP,5,0),IF(UCZ25=\"CPU\",VLOOKUP(UCW25,COMPOSIÇÃO,8,0),VLOOKUP(UCW25,COTAÇÃO,11,0))))","v":19.149999999999999},{"$f":"UDB25*UDC25","v":9.5749999999999993},"ED-50374",{"$f":"IF(UDH25=\"SINAPI\",VLOOKUP(UDE25,SINAPI,2,0),IF(UDH25=\"SETOP\",VLOOKUP(UDE25,SETOP,3,0),IF(UDH25=\"CPU\",VLOOKUP(UDE25,COMPOSIÇÃO,2,0),VLOOKUP(UDE25,COTAÇÃO,3,0))))","v":"BOMBEIRO/ENCANADOR COM ENCARGOS COMPLEMENTARES"},null,"SETOP",{"$f":"IF(UDH25=\"SINAPI\",VLOOKUP(UDE25,SINAPI,3,0),IF(UDH25=\"SETOP\",VLOOKUP(UDE25,SETOP,4,0),IF(UDH25=\"CPU\",VLOOKUP(UDE25,COMPOSIÇÃO,5,0),VLOOKUP(UDE25,COTAÇÃO,8,0))))","v":"HORA"},0.5,{"$f":"IF(UDH25=\"SINAPI\",VLOOKUP(UDE25,SINAPI,4,0),IF(UDH25=\"SETOP\",VLOOKUP(UDE25,SETOP,5,0),IF(UDH25=\"CPU\",VLOOKUP(UDE25,COMPOSIÇÃO,8,0),VLOOKUP(UDE25,COTAÇÃO,11,0))))","v":19.149999999999999},{"$f":"UDJ25*UDK25","v":9.5749999999999993},"ED-50374",{"$f":"IF(UDP25=\"SINAPI\",VLOOKUP(UDM25,SINAPI,2,0),IF(UDP25=\"SETOP\",VLOOKUP(UDM25,SETOP,3,0),IF(UDP25=\"CPU\",VLOOKUP(UDM25,COMPOSIÇÃO,2,0),VLOOKUP(UDM25,COTAÇÃO,3,0))))","v":"BOMBEIRO/ENCANADOR COM ENCARGOS COMPLEMENTARES"},null,"SETOP",{"$f":"IF(UDP25=\"SINAPI\",VLOOKUP(UDM25,SINAPI,3,0),IF(UDP25=\"SETOP\",VLOOKUP(UDM25,SETOP,4,0),IF(UDP25=\"CPU\",VLOOKUP(UDM25,COMPOSIÇÃO,5,0),VLOOKUP(UDM25,COTAÇÃO,8,0))))","v":"HORA"},0.5,{"$f":"IF(UDP25=\"SINAPI\",VLOOKUP(UDM25,SINAPI,4,0),IF(UDP25=\"SETOP\",VLOOKUP(UDM25,SETOP,5,0),IF(UDP25=\"CPU\",VLOOKUP(UDM25,COMPOSIÇÃO,8,0),VLOOKUP(UDM25,COTAÇÃO,11,0))))","v":19.149999999999999},{"$f":"UDR25*UDS25","v":9.5749999999999993},"ED-50374",{"$f":"IF(UDX25=\"SINAPI\",VLOOKUP(UDU25,SINAPI,2,0),IF(UDX25=\"SETOP\",VLOOKUP(UDU25,SETOP,3,0),IF(UDX25=\"CPU\",VLOOKUP(UDU25,COMPOSIÇÃO,2,0),VLOOKUP(UDU25,COTAÇÃO,3,0))))","v":"BOMBEIRO/ENCANADOR COM ENCARGOS COMPLEMENTARES"},null,"SETOP",{"$f":"IF(UDX25=\"SINAPI\",VLOOKUP(UDU25,SINAPI,3,0),IF(UDX25=\"SETOP\",VLOOKUP(UDU25,SETOP,4,0),IF(UDX25=\"CPU\",VLOOKUP(UDU25,COMPOSIÇÃO,5,0),VLOOKUP(UDU25,COTAÇÃO,8,0))))","v":"HORA"},0.5,{"$f":"IF(UDX25=\"SINAPI\",VLOOKUP(UDU25,SINAPI,4,0),IF(UDX25=\"SETOP\",VLOOKUP(UDU25,SETOP,5,0),IF(UDX25=\"CPU\",VLOOKUP(UDU25,COMPOSIÇÃO,8,0),VLOOKUP(UDU25,COTAÇÃO,11,0))))","v":19.149999999999999},{"$f":"UDZ25*UEA25","v":9.5749999999999993},"ED-50374",{"$f":"IF(UEF25=\"SINAPI\",VLOOKUP(UEC25,SINAPI,2,0),IF(UEF25=\"SETOP\",VLOOKUP(UEC25,SETOP,3,0),IF(UEF25=\"CPU\",VLOOKUP(UEC25,COMPOSIÇÃO,2,0),VLOOKUP(UEC25,COTAÇÃO,3,0))))","v":"BOMBEIRO/ENCANADOR COM ENCARGOS COMPLEMENTARES"},null,"SETOP",{"$f":"IF(UEF25=\"SINAPI\",VLOOKUP(UEC25,SINAPI,3,0),IF(UEF25=\"SETOP\",VLOOKUP(UEC25,SETOP,4,0),IF(UEF25=\"CPU\",VLOOKUP(UEC25,COMPOSIÇÃO,5,0),VLOOKUP(UEC25,COTAÇÃO,8,0))))","v":"HORA"},0.5,{"$f":"IF(UEF25=\"SINAPI\",VLOOKUP(UEC25,SINAPI,4,0),IF(UEF25=\"SETOP\",VLOOKUP(UEC25,SETOP,5,0),IF(UEF25=\"CPU\",VLOOKUP(UEC25,COMPOSIÇÃO,8,0),VLOOKUP(UEC25,COTAÇÃO,11,0))))","v":19.149999999999999},{"$f":"UEH25*UEI25","v":9.5749999999999993},"ED-50374",{"$f":"IF(UEN25=\"SINAPI\",VLOOKUP(UEK25,SINAPI,2,0),IF(UEN25=\"SETOP\",VLOOKUP(UEK25,SETOP,3,0),IF(UEN25=\"CPU\",VLOOKUP(UEK25,COMPOSIÇÃO,2,0),VLOOKUP(UEK25,COTAÇÃO,3,0))))","v":"BOMBEIRO/ENCANADOR COM ENCARGOS COMPLEMENTARES"},null,"SETOP",{"$f":"IF(UEN25=\"SINAPI\",VLOOKUP(UEK25,SINAPI,3,0),IF(UEN25=\"SETOP\",VLOOKUP(UEK25,SETOP,4,0),IF(UEN25=\"CPU\",VLOOKUP(UEK25,COMPOSIÇÃO,5,0),VLOOKUP(UEK25,COTAÇÃO,8,0))))","v":"HORA"},0.5,{"$f":"IF(UEN25=\"SINAPI\",VLOOKUP(UEK25,SINAPI,4,0),IF(UEN25=\"SETOP\",VLOOKUP(UEK25,SETOP,5,0),IF(UEN25=\"CPU\",VLOOKUP(UEK25,COMPOSIÇÃO,8,0),VLOOKUP(UEK25,COTAÇÃO,11,0))))","v":19.149999999999999},{"$f":"UEP25*UEQ25","v":9.5749999999999993},"ED-50374",{"$f":"IF(UEV25=\"SINAPI\",VLOOKUP(UES25,SINAPI,2,0),IF(UEV25=\"SETOP\",VLOOKUP(UES25,SETOP,3,0),IF(UEV25=\"CPU\",VLOOKUP(UES25,COMPOSIÇÃO,2,0),VLOOKUP(UES25,COTAÇÃO,3,0))))","v":"BOMBEIRO/ENCANADOR COM ENCARGOS COMPLEMENTARES"},null,"SETOP",{"$f":"IF(UEV25=\"SINAPI\",VLOOKUP(UES25,SINAPI,3,0),IF(UEV25=\"SETOP\",VLOOKUP(UES25,SETOP,4,0),IF(UEV25=\"CPU\",VLOOKUP(UES25,COMPOSIÇÃO,5,0),VLOOKUP(UES25,COTAÇÃO,8,0))))","v":"HORA"},0.5,{"$f":"IF(UEV25=\"SINAPI\",VLOOKUP(UES25,SINAPI,4,0),IF(UEV25=\"SETOP\",VLOOKUP(UES25,SETOP,5,0),IF(UEV25=\"CPU\",VLOOKUP(UES25,COMPOSIÇÃO,8,0),VLOOKUP(UES25,COTAÇÃO,11,0))))","v":19.149999999999999},{"$f":"UEX25*UEY25","v":9.5749999999999993},"ED-50374",{"$f":"IF(UFD25=\"SINAPI\",VLOOKUP(UFA25,SINAPI,2,0),IF(UFD25=\"SETOP\",VLOOKUP(UFA25,SETOP,3,0),IF(UFD25=\"CPU\",VLOOKUP(UFA25,COMPOSIÇÃO,2,0),VLOOKUP(UFA25,COTAÇÃO,3,0))))","v":"BOMBEIRO/ENCANADOR COM ENCARGOS COMPLEMENTARES"},null,"SETOP",{"$f":"IF(UFD25=\"SINAPI\",VLOOKUP(UFA25,SINAPI,3,0),IF(UFD25=\"SETOP\",VLOOKUP(UFA25,SETOP,4,0),IF(UFD25=\"CPU\",VLOOKUP(UFA25,COMPOSIÇÃO,5,0),VLOOKUP(UFA25,COTAÇÃO,8,0))))","v":"HORA"},0.5,{"$f":"IF(UFD25=\"SINAPI\",VLOOKUP(UFA25,SINAPI,4,0),IF(UFD25=\"SETOP\",VLOOKUP(UFA25,SETOP,5,0),IF(UFD25=\"CPU\",VLOOKUP(UFA25,COMPOSIÇÃO,8,0),VLOOKUP(UFA25,COTAÇÃO,11,0))))","v":19.149999999999999},{"$f":"UFF25*UFG25","v":9.5749999999999993},"ED-50374",{"$f":"IF(UFL25=\"SINAPI\",VLOOKUP(UFI25,SINAPI,2,0),IF(UFL25=\"SETOP\",VLOOKUP(UFI25,SETOP,3,0),IF(UFL25=\"CPU\",VLOOKUP(UFI25,COMPOSIÇÃO,2,0),VLOOKUP(UFI25,COTAÇÃO,3,0))))","v":"BOMBEIRO/ENCANADOR COM ENCARGOS COMPLEMENTARES"},null,"SETOP",{"$f":"IF(UFL25=\"SINAPI\",VLOOKUP(UFI25,SINAPI,3,0),IF(UFL25=\"SETOP\",VLOOKUP(UFI25,SETOP,4,0),IF(UFL25=\"CPU\",VLOOKUP(UFI25,COMPOSIÇÃO,5,0),VLOOKUP(UFI25,COTAÇÃO,8,0))))","v":"HORA"},0.5,{"$f":"IF(UFL25=\"SINAPI\",VLOOKUP(UFI25,SINAPI,4,0),IF(UFL25=\"SETOP\",VLOOKUP(UFI25,SETOP,5,0),IF(UFL25=\"CPU\",VLOOKUP(UFI25,COMPOSIÇÃO,8,0),VLOOKUP(UFI25,COTAÇÃO,11,0))))","v":19.149999999999999},{"$f":"UFN25*UFO25","v":9.5749999999999993},"ED-50374",{"$f":"IF(UFT25=\"SINAPI\",VLOOKUP(UFQ25,SINAPI,2,0),IF(UFT25=\"SETOP\",VLOOKUP(UFQ25,SETOP,3,0),IF(UFT25=\"CPU\",VLOOKUP(UFQ25,COMPOSIÇÃO,2,0),VLOOKUP(UFQ25,COTAÇÃO,3,0))))","v":"BOMBEIRO/ENCANADOR COM ENCARGOS COMPLEMENTARES"},null,"SETOP",{"$f":"IF(UFT25=\"SINAPI\",VLOOKUP(UFQ25,SINAPI,3,0),IF(UFT25=\"SETOP\",VLOOKUP(UFQ25,SETOP,4,0),IF(UFT25=\"CPU\",VLOOKUP(UFQ25,COMPOSIÇÃO,5,0),VLOOKUP(UFQ25,COTAÇÃO,8,0))))","v":"HORA"},0.5,{"$f":"IF(UFT25=\"SINAPI\",VLOOKUP(UFQ25,SINAPI,4,0),IF(UFT25=\"SETOP\",VLOOKUP(UFQ25,SETOP,5,0),IF(UFT25=\"CPU\",VLOOKUP(UFQ25,COMPOSIÇÃO,8,0),VLOOKUP(UFQ25,COTAÇÃO,11,0))))","v":19.149999999999999},{"$f":"UFV25*UFW25","v":9.5749999999999993},"ED-50374",{"$f":"IF(UGB25=\"SINAPI\",VLOOKUP(UFY25,SINAPI,2,0),IF(UGB25=\"SETOP\",VLOOKUP(UFY25,SETOP,3,0),IF(UGB25=\"CPU\",VLOOKUP(UFY25,COMPOSIÇÃO,2,0),VLOOKUP(UFY25,COTAÇÃO,3,0))))","v":"BOMBEIRO/ENCANADOR COM ENCARGOS COMPLEMENTARES"},null,"SETOP",{"$f":"IF(UGB25=\"SINAPI\",VLOOKUP(UFY25,SINAPI,3,0),IF(UGB25=\"SETOP\",VLOOKUP(UFY25,SETOP,4,0),IF(UGB25=\"CPU\",VLOOKUP(UFY25,COMPOSIÇÃO,5,0),VLOOKUP(UFY25,COTAÇÃO,8,0))))","v":"HORA"},0.5,{"$f":"IF(UGB25=\"SINAPI\",VLOOKUP(UFY25,SINAPI,4,0),IF(UGB25=\"SETOP\",VLOOKUP(UFY25,SETOP,5,0),IF(UGB25=\"CPU\",VLOOKUP(UFY25,COMPOSIÇÃO,8,0),VLOOKUP(UFY25,COTAÇÃO,11,0))))","v":19.149999999999999},{"$f":"UGD25*UGE25","v":9.5749999999999993},"ED-50374",{"$f":"IF(UGJ25=\"SINAPI\",VLOOKUP(UGG25,SINAPI,2,0),IF(UGJ25=\"SETOP\",VLOOKUP(UGG25,SETOP,3,0),IF(UGJ25=\"CPU\",VLOOKUP(UGG25,COMPOSIÇÃO,2,0),VLOOKUP(UGG25,COTAÇÃO,3,0))))","v":"BOMBEIRO/ENCANADOR COM ENCARGOS COMPLEMENTARES"},null,"SETOP",{"$f":"IF(UGJ25=\"SINAPI\",VLOOKUP(UGG25,SINAPI,3,0),IF(UGJ25=\"SETOP\",VLOOKUP(UGG25,SETOP,4,0),IF(UGJ25=\"CPU\",VLOOKUP(UGG25,COMPOSIÇÃO,5,0),VLOOKUP(UGG25,COTAÇÃO,8,0))))","v":"HORA"},0.5,{"$f":"IF(UGJ25=\"SINAPI\",VLOOKUP(UGG25,SINAPI,4,0),IF(UGJ25=\"SETOP\",VLOOKUP(UGG25,SETOP,5,0),IF(UGJ25=\"CPU\",VLOOKUP(UGG25,COMPOSIÇÃO,8,0),VLOOKUP(UGG25,COTAÇÃO,11,0))))","v":19.149999999999999},{"$f":"UGL25*UGM25","v":9.5749999999999993},"ED-50374",{"$f":"IF(UGR25=\"SINAPI\",VLOOKUP(UGO25,SINAPI,2,0),IF(UGR25=\"SETOP\",VLOOKUP(UGO25,SETOP,3,0),IF(UGR25=\"CPU\",VLOOKUP(UGO25,COMPOSIÇÃO,2,0),VLOOKUP(UGO25,COTAÇÃO,3,0))))","v":"BOMBEIRO/ENCANADOR COM ENCARGOS COMPLEMENTARES"},null,"SETOP",{"$f":"IF(UGR25=\"SINAPI\",VLOOKUP(UGO25,SINAPI,3,0),IF(UGR25=\"SETOP\",VLOOKUP(UGO25,SETOP,4,0),IF(UGR25=\"CPU\",VLOOKUP(UGO25,COMPOSIÇÃO,5,0),VLOOKUP(UGO25,COTAÇÃO,8,0))))","v":"HORA"},0.5,{"$f":"IF(UGR25=\"SINAPI\",VLOOKUP(UGO25,SINAPI,4,0),IF(UGR25=\"SETOP\",VLOOKUP(UGO25,SETOP,5,0),IF(UGR25=\"CPU\",VLOOKUP(UGO25,COMPOSIÇÃO,8,0),VLOOKUP(UGO25,COTAÇÃO,11,0))))","v":19.149999999999999},{"$f":"UGT25*UGU25","v":9.5749999999999993},"ED-50374",{"$f":"IF(UGZ25=\"SINAPI\",VLOOKUP(UGW25,SINAPI,2,0),IF(UGZ25=\"SETOP\",VLOOKUP(UGW25,SETOP,3,0),IF(UGZ25=\"CPU\",VLOOKUP(UGW25,COMPOSIÇÃO,2,0),VLOOKUP(UGW25,COTAÇÃO,3,0))))","v":"BOMBEIRO/ENCANADOR COM ENCARGOS COMPLEMENTARES"},null,"SETOP",{"$f":"IF(UGZ25=\"SINAPI\",VLOOKUP(UGW25,SINAPI,3,0),IF(UGZ25=\"SETOP\",VLOOKUP(UGW25,SETOP,4,0),IF(UGZ25=\"CPU\",VLOOKUP(UGW25,COMPOSIÇÃO,5,0),VLOOKUP(UGW25,COTAÇÃO,8,0))))","v":"HORA"},0.5,{"$f":"IF(UGZ25=\"SINAPI\",VLOOKUP(UGW25,SINAPI,4,0),IF(UGZ25=\"SETOP\",VLOOKUP(UGW25,SETOP,5,0),IF(UGZ25=\"CPU\",VLOOKUP(UGW25,COMPOSIÇÃO,8,0),VLOOKUP(UGW25,COTAÇÃO,11,0))))","v":19.149999999999999},{"$f":"UHB25*UHC25","v":9.5749999999999993},"ED-50374",{"$f":"IF(UHH25=\"SINAPI\",VLOOKUP(UHE25,SINAPI,2,0),IF(UHH25=\"SETOP\",VLOOKUP(UHE25,SETOP,3,0),IF(UHH25=\"CPU\",VLOOKUP(UHE25,COMPOSIÇÃO,2,0),VLOOKUP(UHE25,COTAÇÃO,3,0))))","v":"BOMBEIRO/ENCANADOR COM ENCARGOS COMPLEMENTARES"},null,"SETOP",{"$f":"IF(UHH25=\"SINAPI\",VLOOKUP(UHE25,SINAPI,3,0),IF(UHH25=\"SETOP\",VLOOKUP(UHE25,SETOP,4,0),IF(UHH25=\"CPU\",VLOOKUP(UHE25,COMPOSIÇÃO,5,0),VLOOKUP(UHE25,COTAÇÃO,8,0))))","v":"HORA"},0.5,{"$f":"IF(UHH25=\"SINAPI\",VLOOKUP(UHE25,SINAPI,4,0),IF(UHH25=\"SETOP\",VLOOKUP(UHE25,SETOP,5,0),IF(UHH25=\"CPU\",VLOOKUP(UHE25,COMPOSIÇÃO,8,0),VLOOKUP(UHE25,COTAÇÃO,11,0))))","v":19.149999999999999},{"$f":"UHJ25*UHK25","v":9.5749999999999993},"ED-50374",{"$f":"IF(UHP25=\"SINAPI\",VLOOKUP(UHM25,SINAPI,2,0),IF(UHP25=\"SETOP\",VLOOKUP(UHM25,SETOP,3,0),IF(UHP25=\"CPU\",VLOOKUP(UHM25,COMPOSIÇÃO,2,0),VLOOKUP(UHM25,COTAÇÃO,3,0))))","v":"BOMBEIRO/ENCANADOR COM ENCARGOS COMPLEMENTARES"},null,"SETOP",{"$f":"IF(UHP25=\"SINAPI\",VLOOKUP(UHM25,SINAPI,3,0),IF(UHP25=\"SETOP\",VLOOKUP(UHM25,SETOP,4,0),IF(UHP25=\"CPU\",VLOOKUP(UHM25,COMPOSIÇÃO,5,0),VLOOKUP(UHM25,COTAÇÃO,8,0))))","v":"HORA"},0.5,{"$f":"IF(UHP25=\"SINAPI\",VLOOKUP(UHM25,SINAPI,4,0),IF(UHP25=\"SETOP\",VLOOKUP(UHM25,SETOP,5,0),IF(UHP25=\"CPU\",VLOOKUP(UHM25,COMPOSIÇÃO,8,0),VLOOKUP(UHM25,COTAÇÃO,11,0))))","v":19.149999999999999},{"$f":"UHR25*UHS25","v":9.5749999999999993},"ED-50374",{"$f":"IF(UHX25=\"SINAPI\",VLOOKUP(UHU25,SINAPI,2,0),IF(UHX25=\"SETOP\",VLOOKUP(UHU25,SETOP,3,0),IF(UHX25=\"CPU\",VLOOKUP(UHU25,COMPOSIÇÃO,2,0),VLOOKUP(UHU25,COTAÇÃO,3,0))))","v":"BOMBEIRO/ENCANADOR COM ENCARGOS COMPLEMENTARES"},null,"SETOP",{"$f":"IF(UHX25=\"SINAPI\",VLOOKUP(UHU25,SINAPI,3,0),IF(UHX25=\"SETOP\",VLOOKUP(UHU25,SETOP,4,0),IF(UHX25=\"CPU\",VLOOKUP(UHU25,COMPOSIÇÃO,5,0),VLOOKUP(UHU25,COTAÇÃO,8,0))))","v":"HORA"},0.5,{"$f":"IF(UHX25=\"SINAPI\",VLOOKUP(UHU25,SINAPI,4,0),IF(UHX25=\"SETOP\",VLOOKUP(UHU25,SETOP,5,0),IF(UHX25=\"CPU\",VLOOKUP(UHU25,COMPOSIÇÃO,8,0),VLOOKUP(UHU25,COTAÇÃO,11,0))))","v":19.149999999999999},{"$f":"UHZ25*UIA25","v":9.5749999999999993},"ED-50374",{"$f":"IF(UIF25=\"SINAPI\",VLOOKUP(UIC25,SINAPI,2,0),IF(UIF25=\"SETOP\",VLOOKUP(UIC25,SETOP,3,0),IF(UIF25=\"CPU\",VLOOKUP(UIC25,COMPOSIÇÃO,2,0),VLOOKUP(UIC25,COTAÇÃO,3,0))))","v":"BOMBEIRO/ENCANADOR COM ENCARGOS COMPLEMENTARES"},null,"SETOP",{"$f":"IF(UIF25=\"SINAPI\",VLOOKUP(UIC25,SINAPI,3,0),IF(UIF25=\"SETOP\",VLOOKUP(UIC25,SETOP,4,0),IF(UIF25=\"CPU\",VLOOKUP(UIC25,COMPOSIÇÃO,5,0),VLOOKUP(UIC25,COTAÇÃO,8,0))))","v":"HORA"},0.5,{"$f":"IF(UIF25=\"SINAPI\",VLOOKUP(UIC25,SINAPI,4,0),IF(UIF25=\"SETOP\",VLOOKUP(UIC25,SETOP,5,0),IF(UIF25=\"CPU\",VLOOKUP(UIC25,COMPOSIÇÃO,8,0),VLOOKUP(UIC25,COTAÇÃO,11,0))))","v":19.149999999999999},{"$f":"UIH25*UII25","v":9.5749999999999993},"ED-50374",{"$f":"IF(UIN25=\"SINAPI\",VLOOKUP(UIK25,SINAPI,2,0),IF(UIN25=\"SETOP\",VLOOKUP(UIK25,SETOP,3,0),IF(UIN25=\"CPU\",VLOOKUP(UIK25,COMPOSIÇÃO,2,0),VLOOKUP(UIK25,COTAÇÃO,3,0))))","v":"BOMBEIRO/ENCANADOR COM ENCARGOS COMPLEMENTARES"},null,"SETOP",{"$f":"IF(UIN25=\"SINAPI\",VLOOKUP(UIK25,SINAPI,3,0),IF(UIN25=\"SETOP\",VLOOKUP(UIK25,SETOP,4,0),IF(UIN25=\"CPU\",VLOOKUP(UIK25,COMPOSIÇÃO,5,0),VLOOKUP(UIK25,COTAÇÃO,8,0))))","v":"HORA"},0.5,{"$f":"IF(UIN25=\"SINAPI\",VLOOKUP(UIK25,SINAPI,4,0),IF(UIN25=\"SETOP\",VLOOKUP(UIK25,SETOP,5,0),IF(UIN25=\"CPU\",VLOOKUP(UIK25,COMPOSIÇÃO,8,0),VLOOKUP(UIK25,COTAÇÃO,11,0))))","v":19.149999999999999},{"$f":"UIP25*UIQ25","v":9.5749999999999993},"ED-50374",{"$f":"IF(UIV25=\"SINAPI\",VLOOKUP(UIS25,SINAPI,2,0),IF(UIV25=\"SETOP\",VLOOKUP(UIS25,SETOP,3,0),IF(UIV25=\"CPU\",VLOOKUP(UIS25,COMPOSIÇÃO,2,0),VLOOKUP(UIS25,COTAÇÃO,3,0))))","v":"BOMBEIRO/ENCANADOR COM ENCARGOS COMPLEMENTARES"},null,"SETOP",{"$f":"IF(UIV25=\"SINAPI\",VLOOKUP(UIS25,SINAPI,3,0),IF(UIV25=\"SETOP\",VLOOKUP(UIS25,SETOP,4,0),IF(UIV25=\"CPU\",VLOOKUP(UIS25,COMPOSIÇÃO,5,0),VLOOKUP(UIS25,COTAÇÃO,8,0))))","v":"HORA"},0.5,{"$f":"IF(UIV25=\"SINAPI\",VLOOKUP(UIS25,SINAPI,4,0),IF(UIV25=\"SETOP\",VLOOKUP(UIS25,SETOP,5,0),IF(UIV25=\"CPU\",VLOOKUP(UIS25,COMPOSIÇÃO,8,0),VLOOKUP(UIS25,COTAÇÃO,11,0))))","v":19.149999999999999},{"$f":"UIX25*UIY25","v":9.5749999999999993},"ED-50374",{"$f":"IF(UJD25=\"SINAPI\",VLOOKUP(UJA25,SINAPI,2,0),IF(UJD25=\"SETOP\",VLOOKUP(UJA25,SETOP,3,0),IF(UJD25=\"CPU\",VLOOKUP(UJA25,COMPOSIÇÃO,2,0),VLOOKUP(UJA25,COTAÇÃO,3,0))))","v":"BOMBEIRO/ENCANADOR COM ENCARGOS COMPLEMENTARES"},null,"SETOP",{"$f":"IF(UJD25=\"SINAPI\",VLOOKUP(UJA25,SINAPI,3,0),IF(UJD25=\"SETOP\",VLOOKUP(UJA25,SETOP,4,0),IF(UJD25=\"CPU\",VLOOKUP(UJA25,COMPOSIÇÃO,5,0),VLOOKUP(UJA25,COTAÇÃO,8,0))))","v":"HORA"},0.5,{"$f":"IF(UJD25=\"SINAPI\",VLOOKUP(UJA25,SINAPI,4,0),IF(UJD25=\"SETOP\",VLOOKUP(UJA25,SETOP,5,0),IF(UJD25=\"CPU\",VLOOKUP(UJA25,COMPOSIÇÃO,8,0),VLOOKUP(UJA25,COTAÇÃO,11,0))))","v":19.149999999999999},{"$f":"UJF25*UJG25","v":9.5749999999999993},"ED-50374",{"$f":"IF(UJL25=\"SINAPI\",VLOOKUP(UJI25,SINAPI,2,0),IF(UJL25=\"SETOP\",VLOOKUP(UJI25,SETOP,3,0),IF(UJL25=\"CPU\",VLOOKUP(UJI25,COMPOSIÇÃO,2,0),VLOOKUP(UJI25,COTAÇÃO,3,0))))","v":"BOMBEIRO/ENCANADOR COM ENCARGOS COMPLEMENTARES"},null,"SETOP",{"$f":"IF(UJL25=\"SINAPI\",VLOOKUP(UJI25,SINAPI,3,0),IF(UJL25=\"SETOP\",VLOOKUP(UJI25,SETOP,4,0),IF(UJL25=\"CPU\",VLOOKUP(UJI25,COMPOSIÇÃO,5,0),VLOOKUP(UJI25,COTAÇÃO,8,0))))","v":"HORA"},0.5,{"$f":"IF(UJL25=\"SINAPI\",VLOOKUP(UJI25,SINAPI,4,0),IF(UJL25=\"SETOP\",VLOOKUP(UJI25,SETOP,5,0),IF(UJL25=\"CPU\",VLOOKUP(UJI25,COMPOSIÇÃO,8,0),VLOOKUP(UJI25,COTAÇÃO,11,0))))","v":19.149999999999999},{"$f":"UJN25*UJO25","v":9.5749999999999993},"ED-50374",{"$f":"IF(UJT25=\"SINAPI\",VLOOKUP(UJQ25,SINAPI,2,0),IF(UJT25=\"SETOP\",VLOOKUP(UJQ25,SETOP,3,0),IF(UJT25=\"CPU\",VLOOKUP(UJQ25,COMPOSIÇÃO,2,0),VLOOKUP(UJQ25,COTAÇÃO,3,0))))","v":"BOMBEIRO/ENCANADOR COM ENCARGOS COMPLEMENTARES"},null,"SETOP",{"$f":"IF(UJT25=\"SINAPI\",VLOOKUP(UJQ25,SINAPI,3,0),IF(UJT25=\"SETOP\",VLOOKUP(UJQ25,SETOP,4,0),IF(UJT25=\"CPU\",VLOOKUP(UJQ25,COMPOSIÇÃO,5,0),VLOOKUP(UJQ25,COTAÇÃO,8,0))))","v":"HORA"},0.5,{"$f":"IF(UJT25=\"SINAPI\",VLOOKUP(UJQ25,SINAPI,4,0),IF(UJT25=\"SETOP\",VLOOKUP(UJQ25,SETOP,5,0),IF(UJT25=\"CPU\",VLOOKUP(UJQ25,COMPOSIÇÃO,8,0),VLOOKUP(UJQ25,COTAÇÃO,11,0))))","v":19.149999999999999},{"$f":"UJV25*UJW25","v":9.5749999999999993},"ED-50374",{"$f":"IF(UKB25=\"SINAPI\",VLOOKUP(UJY25,SINAPI,2,0),IF(UKB25=\"SETOP\",VLOOKUP(UJY25,SETOP,3,0),IF(UKB25=\"CPU\",VLOOKUP(UJY25,COMPOSIÇÃO,2,0),VLOOKUP(UJY25,COTAÇÃO,3,0))))","v":"BOMBEIRO/ENCANADOR COM ENCARGOS COMPLEMENTARES"},null,"SETOP",{"$f":"IF(UKB25=\"SINAPI\",VLOOKUP(UJY25,SINAPI,3,0),IF(UKB25=\"SETOP\",VLOOKUP(UJY25,SETOP,4,0),IF(UKB25=\"CPU\",VLOOKUP(UJY25,COMPOSIÇÃO,5,0),VLOOKUP(UJY25,COTAÇÃO,8,0))))","v":"HORA"},0.5,{"$f":"IF(UKB25=\"SINAPI\",VLOOKUP(UJY25,SINAPI,4,0),IF(UKB25=\"SETOP\",VLOOKUP(UJY25,SETOP,5,0),IF(UKB25=\"CPU\",VLOOKUP(UJY25,COMPOSIÇÃO,8,0),VLOOKUP(UJY25,COTAÇÃO,11,0))))","v":19.149999999999999},{"$f":"UKD25*UKE25","v":9.5749999999999993},"ED-50374",{"$f":"IF(UKJ25=\"SINAPI\",VLOOKUP(UKG25,SINAPI,2,0),IF(UKJ25=\"SETOP\",VLOOKUP(UKG25,SETOP,3,0),IF(UKJ25=\"CPU\",VLOOKUP(UKG25,COMPOSIÇÃO,2,0),VLOOKUP(UKG25,COTAÇÃO,3,0))))","v":"BOMBEIRO/ENCANADOR COM ENCARGOS COMPLEMENTARES"},null,"SETOP",{"$f":"IF(UKJ25=\"SINAPI\",VLOOKUP(UKG25,SINAPI,3,0),IF(UKJ25=\"SETOP\",VLOOKUP(UKG25,SETOP,4,0),IF(UKJ25=\"CPU\",VLOOKUP(UKG25,COMPOSIÇÃO,5,0),VLOOKUP(UKG25,COTAÇÃO,8,0))))","v":"HORA"},0.5,{"$f":"IF(UKJ25=\"SINAPI\",VLOOKUP(UKG25,SINAPI,4,0),IF(UKJ25=\"SETOP\",VLOOKUP(UKG25,SETOP,5,0),IF(UKJ25=\"CPU\",VLOOKUP(UKG25,COMPOSIÇÃO,8,0),VLOOKUP(UKG25,COTAÇÃO,11,0))))","v":19.149999999999999},{"$f":"UKL25*UKM25","v":9.5749999999999993},"ED-50374",{"$f":"IF(UKR25=\"SINAPI\",VLOOKUP(UKO25,SINAPI,2,0),IF(UKR25=\"SETOP\",VLOOKUP(UKO25,SETOP,3,0),IF(UKR25=\"CPU\",VLOOKUP(UKO25,COMPOSIÇÃO,2,0),VLOOKUP(UKO25,COTAÇÃO,3,0))))","v":"BOMBEIRO/ENCANADOR COM ENCARGOS COMPLEMENTARES"},null,"SETOP",{"$f":"IF(UKR25=\"SINAPI\",VLOOKUP(UKO25,SINAPI,3,0),IF(UKR25=\"SETOP\",VLOOKUP(UKO25,SETOP,4,0),IF(UKR25=\"CPU\",VLOOKUP(UKO25,COMPOSIÇÃO,5,0),VLOOKUP(UKO25,COTAÇÃO,8,0))))","v":"HORA"},0.5,{"$f":"IF(UKR25=\"SINAPI\",VLOOKUP(UKO25,SINAPI,4,0),IF(UKR25=\"SETOP\",VLOOKUP(UKO25,SETOP,5,0),IF(UKR25=\"CPU\",VLOOKUP(UKO25,COMPOSIÇÃO,8,0),VLOOKUP(UKO25,COTAÇÃO,11,0))))","v":19.149999999999999},{"$f":"UKT25*UKU25","v":9.5749999999999993},"ED-50374",{"$f":"IF(UKZ25=\"SINAPI\",VLOOKUP(UKW25,SINAPI,2,0),IF(UKZ25=\"SETOP\",VLOOKUP(UKW25,SETOP,3,0),IF(UKZ25=\"CPU\",VLOOKUP(UKW25,COMPOSIÇÃO,2,0),VLOOKUP(UKW25,COTAÇÃO,3,0))))","v":"BOMBEIRO/ENCANADOR COM ENCARGOS COMPLEMENTARES"},null,"SETOP",{"$f":"IF(UKZ25=\"SINAPI\",VLOOKUP(UKW25,SINAPI,3,0),IF(UKZ25=\"SETOP\",VLOOKUP(UKW25,SETOP,4,0),IF(UKZ25=\"CPU\",VLOOKUP(UKW25,COMPOSIÇÃO,5,0),VLOOKUP(UKW25,COTAÇÃO,8,0))))","v":"HORA"},0.5,{"$f":"IF(UKZ25=\"SINAPI\",VLOOKUP(UKW25,SINAPI,4,0),IF(UKZ25=\"SETOP\",VLOOKUP(UKW25,SETOP,5,0),IF(UKZ25=\"CPU\",VLOOKUP(UKW25,COMPOSIÇÃO,8,0),VLOOKUP(UKW25,COTAÇÃO,11,0))))","v":19.149999999999999},{"$f":"ULB25*ULC25","v":9.5749999999999993},"ED-50374",{"$f":"IF(ULH25=\"SINAPI\",VLOOKUP(ULE25,SINAPI,2,0),IF(ULH25=\"SETOP\",VLOOKUP(ULE25,SETOP,3,0),IF(ULH25=\"CPU\",VLOOKUP(ULE25,COMPOSIÇÃO,2,0),VLOOKUP(ULE25,COTAÇÃO,3,0))))","v":"BOMBEIRO/ENCANADOR COM ENCARGOS COMPLEMENTARES"},null,"SETOP",{"$f":"IF(ULH25=\"SINAPI\",VLOOKUP(ULE25,SINAPI,3,0),IF(ULH25=\"SETOP\",VLOOKUP(ULE25,SETOP,4,0),IF(ULH25=\"CPU\",VLOOKUP(ULE25,COMPOSIÇÃO,5,0),VLOOKUP(ULE25,COTAÇÃO,8,0))))","v":"HORA"},0.5,{"$f":"IF(ULH25=\"SINAPI\",VLOOKUP(ULE25,SINAPI,4,0),IF(ULH25=\"SETOP\",VLOOKUP(ULE25,SETOP,5,0),IF(ULH25=\"CPU\",VLOOKUP(ULE25,COMPOSIÇÃO,8,0),VLOOKUP(ULE25,COTAÇÃO,11,0))))","v":19.149999999999999},{"$f":"ULJ25*ULK25","v":9.5749999999999993},"ED-50374",{"$f":"IF(ULP25=\"SINAPI\",VLOOKUP(ULM25,SINAPI,2,0),IF(ULP25=\"SETOP\",VLOOKUP(ULM25,SETOP,3,0),IF(ULP25=\"CPU\",VLOOKUP(ULM25,COMPOSIÇÃO,2,0),VLOOKUP(ULM25,COTAÇÃO,3,0))))","v":"BOMBEIRO/ENCANADOR COM ENCARGOS COMPLEMENTARES"},null,"SETOP",{"$f":"IF(ULP25=\"SINAPI\",VLOOKUP(ULM25,SINAPI,3,0),IF(ULP25=\"SETOP\",VLOOKUP(ULM25,SETOP,4,0),IF(ULP25=\"CPU\",VLOOKUP(ULM25,COMPOSIÇÃO,5,0),VLOOKUP(ULM25,COTAÇÃO,8,0))))","v":"HORA"},0.5,{"$f":"IF(ULP25=\"SINAPI\",VLOOKUP(ULM25,SINAPI,4,0),IF(ULP25=\"SETOP\",VLOOKUP(ULM25,SETOP,5,0),IF(ULP25=\"CPU\",VLOOKUP(ULM25,COMPOSIÇÃO,8,0),VLOOKUP(ULM25,COTAÇÃO,11,0))))","v":19.149999999999999},{"$f":"ULR25*ULS25","v":9.5749999999999993},"ED-50374",{"$f":"IF(ULX25=\"SINAPI\",VLOOKUP(ULU25,SINAPI,2,0),IF(ULX25=\"SETOP\",VLOOKUP(ULU25,SETOP,3,0),IF(ULX25=\"CPU\",VLOOKUP(ULU25,COMPOSIÇÃO,2,0),VLOOKUP(ULU25,COTAÇÃO,3,0))))","v":"BOMBEIRO/ENCANADOR COM ENCARGOS COMPLEMENTARES"},null,"SETOP",{"$f":"IF(ULX25=\"SINAPI\",VLOOKUP(ULU25,SINAPI,3,0),IF(ULX25=\"SETOP\",VLOOKUP(ULU25,SETOP,4,0),IF(ULX25=\"CPU\",VLOOKUP(ULU25,COMPOSIÇÃO,5,0),VLOOKUP(ULU25,COTAÇÃO,8,0))))","v":"HORA"},0.5,{"$f":"IF(ULX25=\"SINAPI\",VLOOKUP(ULU25,SINAPI,4,0),IF(ULX25=\"SETOP\",VLOOKUP(ULU25,SETOP,5,0),IF(ULX25=\"CPU\",VLOOKUP(ULU25,COMPOSIÇÃO,8,0),VLOOKUP(ULU25,COTAÇÃO,11,0))))","v":19.149999999999999},{"$f":"ULZ25*UMA25","v":9.5749999999999993},"ED-50374",{"$f":"IF(UMF25=\"SINAPI\",VLOOKUP(UMC25,SINAPI,2,0),IF(UMF25=\"SETOP\",VLOOKUP(UMC25,SETOP,3,0),IF(UMF25=\"CPU\",VLOOKUP(UMC25,COMPOSIÇÃO,2,0),VLOOKUP(UMC25,COTAÇÃO,3,0))))","v":"BOMBEIRO/ENCANADOR COM ENCARGOS COMPLEMENTARES"},null,"SETOP",{"$f":"IF(UMF25=\"SINAPI\",VLOOKUP(UMC25,SINAPI,3,0),IF(UMF25=\"SETOP\",VLOOKUP(UMC25,SETOP,4,0),IF(UMF25=\"CPU\",VLOOKUP(UMC25,COMPOSIÇÃO,5,0),VLOOKUP(UMC25,COTAÇÃO,8,0))))","v":"HORA"},0.5,{"$f":"IF(UMF25=\"SINAPI\",VLOOKUP(UMC25,SINAPI,4,0),IF(UMF25=\"SETOP\",VLOOKUP(UMC25,SETOP,5,0),IF(UMF25=\"CPU\",VLOOKUP(UMC25,COMPOSIÇÃO,8,0),VLOOKUP(UMC25,COTAÇÃO,11,0))))","v":19.149999999999999},{"$f":"UMH25*UMI25","v":9.5749999999999993},"ED-50374",{"$f":"IF(UMN25=\"SINAPI\",VLOOKUP(UMK25,SINAPI,2,0),IF(UMN25=\"SETOP\",VLOOKUP(UMK25,SETOP,3,0),IF(UMN25=\"CPU\",VLOOKUP(UMK25,COMPOSIÇÃO,2,0),VLOOKUP(UMK25,COTAÇÃO,3,0))))","v":"BOMBEIRO/ENCANADOR COM ENCARGOS COMPLEMENTARES"},null,"SETOP",{"$f":"IF(UMN25=\"SINAPI\",VLOOKUP(UMK25,SINAPI,3,0),IF(UMN25=\"SETOP\",VLOOKUP(UMK25,SETOP,4,0),IF(UMN25=\"CPU\",VLOOKUP(UMK25,COMPOSIÇÃO,5,0),VLOOKUP(UMK25,COTAÇÃO,8,0))))","v":"HORA"},0.5,{"$f":"IF(UMN25=\"SINAPI\",VLOOKUP(UMK25,SINAPI,4,0),IF(UMN25=\"SETOP\",VLOOKUP(UMK25,SETOP,5,0),IF(UMN25=\"CPU\",VLOOKUP(UMK25,COMPOSIÇÃO,8,0),VLOOKUP(UMK25,COTAÇÃO,11,0))))","v":19.149999999999999},{"$f":"UMP25*UMQ25","v":9.5749999999999993},"ED-50374",{"$f":"IF(UMV25=\"SINAPI\",VLOOKUP(UMS25,SINAPI,2,0),IF(UMV25=\"SETOP\",VLOOKUP(UMS25,SETOP,3,0),IF(UMV25=\"CPU\",VLOOKUP(UMS25,COMPOSIÇÃO,2,0),VLOOKUP(UMS25,COTAÇÃO,3,0))))","v":"BOMBEIRO/ENCANADOR COM ENCARGOS COMPLEMENTARES"},null,"SETOP",{"$f":"IF(UMV25=\"SINAPI\",VLOOKUP(UMS25,SINAPI,3,0),IF(UMV25=\"SETOP\",VLOOKUP(UMS25,SETOP,4,0),IF(UMV25=\"CPU\",VLOOKUP(UMS25,COMPOSIÇÃO,5,0),VLOOKUP(UMS25,COTAÇÃO,8,0))))","v":"HORA"},0.5,{"$f":"IF(UMV25=\"SINAPI\",VLOOKUP(UMS25,SINAPI,4,0),IF(UMV25=\"SETOP\",VLOOKUP(UMS25,SETOP,5,0),IF(UMV25=\"CPU\",VLOOKUP(UMS25,COMPOSIÇÃO,8,0),VLOOKUP(UMS25,COTAÇÃO,11,0))))","v":19.149999999999999},{"$f":"UMX25*UMY25","v":9.5749999999999993},"ED-50374",{"$f":"IF(UND25=\"SINAPI\",VLOOKUP(UNA25,SINAPI,2,0),IF(UND25=\"SETOP\",VLOOKUP(UNA25,SETOP,3,0),IF(UND25=\"CPU\",VLOOKUP(UNA25,COMPOSIÇÃO,2,0),VLOOKUP(UNA25,COTAÇÃO,3,0))))","v":"BOMBEIRO/ENCANADOR COM ENCARGOS COMPLEMENTARES"},null,"SETOP",{"$f":"IF(UND25=\"SINAPI\",VLOOKUP(UNA25,SINAPI,3,0),IF(UND25=\"SETOP\",VLOOKUP(UNA25,SETOP,4,0),IF(UND25=\"CPU\",VLOOKUP(UNA25,COMPOSIÇÃO,5,0),VLOOKUP(UNA25,COTAÇÃO,8,0))))","v":"HORA"},0.5,{"$f":"IF(UND25=\"SINAPI\",VLOOKUP(UNA25,SINAPI,4,0),IF(UND25=\"SETOP\",VLOOKUP(UNA25,SETOP,5,0),IF(UND25=\"CPU\",VLOOKUP(UNA25,COMPOSIÇÃO,8,0),VLOOKUP(UNA25,COTAÇÃO,11,0))))","v":19.149999999999999},{"$f":"UNF25*UNG25","v":9.5749999999999993},"ED-50374",{"$f":"IF(UNL25=\"SINAPI\",VLOOKUP(UNI25,SINAPI,2,0),IF(UNL25=\"SETOP\",VLOOKUP(UNI25,SETOP,3,0),IF(UNL25=\"CPU\",VLOOKUP(UNI25,COMPOSIÇÃO,2,0),VLOOKUP(UNI25,COTAÇÃO,3,0))))","v":"BOMBEIRO/ENCANADOR COM ENCARGOS COMPLEMENTARES"},null,"SETOP",{"$f":"IF(UNL25=\"SINAPI\",VLOOKUP(UNI25,SINAPI,3,0),IF(UNL25=\"SETOP\",VLOOKUP(UNI25,SETOP,4,0),IF(UNL25=\"CPU\",VLOOKUP(UNI25,COMPOSIÇÃO,5,0),VLOOKUP(UNI25,COTAÇÃO,8,0))))","v":"HORA"},0.5,{"$f":"IF(UNL25=\"SINAPI\",VLOOKUP(UNI25,SINAPI,4,0),IF(UNL25=\"SETOP\",VLOOKUP(UNI25,SETOP,5,0),IF(UNL25=\"CPU\",VLOOKUP(UNI25,COMPOSIÇÃO,8,0),VLOOKUP(UNI25,COTAÇÃO,11,0))))","v":19.149999999999999},{"$f":"UNN25*UNO25","v":9.5749999999999993},"ED-50374",{"$f":"IF(UNT25=\"SINAPI\",VLOOKUP(UNQ25,SINAPI,2,0),IF(UNT25=\"SETOP\",VLOOKUP(UNQ25,SETOP,3,0),IF(UNT25=\"CPU\",VLOOKUP(UNQ25,COMPOSIÇÃO,2,0),VLOOKUP(UNQ25,COTAÇÃO,3,0))))","v":"BOMBEIRO/ENCANADOR COM ENCARGOS COMPLEMENTARES"},null,"SETOP",{"$f":"IF(UNT25=\"SINAPI\",VLOOKUP(UNQ25,SINAPI,3,0),IF(UNT25=\"SETOP\",VLOOKUP(UNQ25,SETOP,4,0),IF(UNT25=\"CPU\",VLOOKUP(UNQ25,COMPOSIÇÃO,5,0),VLOOKUP(UNQ25,COTAÇÃO,8,0))))","v":"HORA"},0.5,{"$f":"IF(UNT25=\"SINAPI\",VLOOKUP(UNQ25,SINAPI,4,0),IF(UNT25=\"SETOP\",VLOOKUP(UNQ25,SETOP,5,0),IF(UNT25=\"CPU\",VLOOKUP(UNQ25,COMPOSIÇÃO,8,0),VLOOKUP(UNQ25,COTAÇÃO,11,0))))","v":19.149999999999999},{"$f":"UNV25*UNW25","v":9.5749999999999993},"ED-50374",{"$f":"IF(UOB25=\"SINAPI\",VLOOKUP(UNY25,SINAPI,2,0),IF(UOB25=\"SETOP\",VLOOKUP(UNY25,SETOP,3,0),IF(UOB25=\"CPU\",VLOOKUP(UNY25,COMPOSIÇÃO,2,0),VLOOKUP(UNY25,COTAÇÃO,3,0))))","v":"BOMBEIRO/ENCANADOR COM ENCARGOS COMPLEMENTARES"},null,"SETOP",{"$f":"IF(UOB25=\"SINAPI\",VLOOKUP(UNY25,SINAPI,3,0),IF(UOB25=\"SETOP\",VLOOKUP(UNY25,SETOP,4,0),IF(UOB25=\"CPU\",VLOOKUP(UNY25,COMPOSIÇÃO,5,0),VLOOKUP(UNY25,COTAÇÃO,8,0))))","v":"HORA"},0.5,{"$f":"IF(UOB25=\"SINAPI\",VLOOKUP(UNY25,SINAPI,4,0),IF(UOB25=\"SETOP\",VLOOKUP(UNY25,SETOP,5,0),IF(UOB25=\"CPU\",VLOOKUP(UNY25,COMPOSIÇÃO,8,0),VLOOKUP(UNY25,COTAÇÃO,11,0))))","v":19.149999999999999},{"$f":"UOD25*UOE25","v":9.5749999999999993},"ED-50374",{"$f":"IF(UOJ25=\"SINAPI\",VLOOKUP(UOG25,SINAPI,2,0),IF(UOJ25=\"SETOP\",VLOOKUP(UOG25,SETOP,3,0),IF(UOJ25=\"CPU\",VLOOKUP(UOG25,COMPOSIÇÃO,2,0),VLOOKUP(UOG25,COTAÇÃO,3,0))))","v":"BOMBEIRO/ENCANADOR COM ENCARGOS COMPLEMENTARES"},null,"SETOP",{"$f":"IF(UOJ25=\"SINAPI\",VLOOKUP(UOG25,SINAPI,3,0),IF(UOJ25=\"SETOP\",VLOOKUP(UOG25,SETOP,4,0),IF(UOJ25=\"CPU\",VLOOKUP(UOG25,COMPOSIÇÃO,5,0),VLOOKUP(UOG25,COTAÇÃO,8,0))))","v":"HORA"},0.5,{"$f":"IF(UOJ25=\"SINAPI\",VLOOKUP(UOG25,SINAPI,4,0),IF(UOJ25=\"SETOP\",VLOOKUP(UOG25,SETOP,5,0),IF(UOJ25=\"CPU\",VLOOKUP(UOG25,COMPOSIÇÃO,8,0),VLOOKUP(UOG25,COTAÇÃO,11,0))))","v":19.149999999999999},{"$f":"UOL25*UOM25","v":9.5749999999999993},"ED-50374",{"$f":"IF(UOR25=\"SINAPI\",VLOOKUP(UOO25,SINAPI,2,0),IF(UOR25=\"SETOP\",VLOOKUP(UOO25,SETOP,3,0),IF(UOR25=\"CPU\",VLOOKUP(UOO25,COMPOSIÇÃO,2,0),VLOOKUP(UOO25,COTAÇÃO,3,0))))","v":"BOMBEIRO/ENCANADOR COM ENCARGOS COMPLEMENTARES"},null,"SETOP",{"$f":"IF(UOR25=\"SINAPI\",VLOOKUP(UOO25,SINAPI,3,0),IF(UOR25=\"SETOP\",VLOOKUP(UOO25,SETOP,4,0),IF(UOR25=\"CPU\",VLOOKUP(UOO25,COMPOSIÇÃO,5,0),VLOOKUP(UOO25,COTAÇÃO,8,0))))","v":"HORA"},0.5,{"$f":"IF(UOR25=\"SINAPI\",VLOOKUP(UOO25,SINAPI,4,0),IF(UOR25=\"SETOP\",VLOOKUP(UOO25,SETOP,5,0),IF(UOR25=\"CPU\",VLOOKUP(UOO25,COMPOSIÇÃO,8,0),VLOOKUP(UOO25,COTAÇÃO,11,0))))","v":19.149999999999999},{"$f":"UOT25*UOU25","v":9.5749999999999993},"ED-50374",{"$f":"IF(UOZ25=\"SINAPI\",VLOOKUP(UOW25,SINAPI,2,0),IF(UOZ25=\"SETOP\",VLOOKUP(UOW25,SETOP,3,0),IF(UOZ25=\"CPU\",VLOOKUP(UOW25,COMPOSIÇÃO,2,0),VLOOKUP(UOW25,COTAÇÃO,3,0))))","v":"BOMBEIRO/ENCANADOR COM ENCARGOS COMPLEMENTARES"},null,"SETOP",{"$f":"IF(UOZ25=\"SINAPI\",VLOOKUP(UOW25,SINAPI,3,0),IF(UOZ25=\"SETOP\",VLOOKUP(UOW25,SETOP,4,0),IF(UOZ25=\"CPU\",VLOOKUP(UOW25,COMPOSIÇÃO,5,0),VLOOKUP(UOW25,COTAÇÃO,8,0))))","v":"HORA"},0.5,{"$f":"IF(UOZ25=\"SINAPI\",VLOOKUP(UOW25,SINAPI,4,0),IF(UOZ25=\"SETOP\",VLOOKUP(UOW25,SETOP,5,0),IF(UOZ25=\"CPU\",VLOOKUP(UOW25,COMPOSIÇÃO,8,0),VLOOKUP(UOW25,COTAÇÃO,11,0))))","v":19.149999999999999},{"$f":"UPB25*UPC25","v":9.5749999999999993},"ED-50374",{"$f":"IF(UPH25=\"SINAPI\",VLOOKUP(UPE25,SINAPI,2,0),IF(UPH25=\"SETOP\",VLOOKUP(UPE25,SETOP,3,0),IF(UPH25=\"CPU\",VLOOKUP(UPE25,COMPOSIÇÃO,2,0),VLOOKUP(UPE25,COTAÇÃO,3,0))))","v":"BOMBEIRO/ENCANADOR COM ENCARGOS COMPLEMENTARES"},null,"SETOP",{"$f":"IF(UPH25=\"SINAPI\",VLOOKUP(UPE25,SINAPI,3,0),IF(UPH25=\"SETOP\",VLOOKUP(UPE25,SETOP,4,0),IF(UPH25=\"CPU\",VLOOKUP(UPE25,COMPOSIÇÃO,5,0),VLOOKUP(UPE25,COTAÇÃO,8,0))))","v":"HORA"},0.5,{"$f":"IF(UPH25=\"SINAPI\",VLOOKUP(UPE25,SINAPI,4,0),IF(UPH25=\"SETOP\",VLOOKUP(UPE25,SETOP,5,0),IF(UPH25=\"CPU\",VLOOKUP(UPE25,COMPOSIÇÃO,8,0),VLOOKUP(UPE25,COTAÇÃO,11,0))))","v":19.149999999999999},{"$f":"UPJ25*UPK25","v":9.5749999999999993},"ED-50374",{"$f":"IF(UPP25=\"SINAPI\",VLOOKUP(UPM25,SINAPI,2,0),IF(UPP25=\"SETOP\",VLOOKUP(UPM25,SETOP,3,0),IF(UPP25=\"CPU\",VLOOKUP(UPM25,COMPOSIÇÃO,2,0),VLOOKUP(UPM25,COTAÇÃO,3,0))))","v":"BOMBEIRO/ENCANADOR COM ENCARGOS COMPLEMENTARES"},null,"SETOP",{"$f":"IF(UPP25=\"SINAPI\",VLOOKUP(UPM25,SINAPI,3,0),IF(UPP25=\"SETOP\",VLOOKUP(UPM25,SETOP,4,0),IF(UPP25=\"CPU\",VLOOKUP(UPM25,COMPOSIÇÃO,5,0),VLOOKUP(UPM25,COTAÇÃO,8,0))))","v":"HORA"},0.5,{"$f":"IF(UPP25=\"SINAPI\",VLOOKUP(UPM25,SINAPI,4,0),IF(UPP25=\"SETOP\",VLOOKUP(UPM25,SETOP,5,0),IF(UPP25=\"CPU\",VLOOKUP(UPM25,COMPOSIÇÃO,8,0),VLOOKUP(UPM25,COTAÇÃO,11,0))))","v":19.149999999999999},{"$f":"UPR25*UPS25","v":9.5749999999999993},"ED-50374",{"$f":"IF(UPX25=\"SINAPI\",VLOOKUP(UPU25,SINAPI,2,0),IF(UPX25=\"SETOP\",VLOOKUP(UPU25,SETOP,3,0),IF(UPX25=\"CPU\",VLOOKUP(UPU25,COMPOSIÇÃO,2,0),VLOOKUP(UPU25,COTAÇÃO,3,0))))","v":"BOMBEIRO/ENCANADOR COM ENCARGOS COMPLEMENTARES"},null,"SETOP",{"$f":"IF(UPX25=\"SINAPI\",VLOOKUP(UPU25,SINAPI,3,0),IF(UPX25=\"SETOP\",VLOOKUP(UPU25,SETOP,4,0),IF(UPX25=\"CPU\",VLOOKUP(UPU25,COMPOSIÇÃO,5,0),VLOOKUP(UPU25,COTAÇÃO,8,0))))","v":"HORA"},0.5,{"$f":"IF(UPX25=\"SINAPI\",VLOOKUP(UPU25,SINAPI,4,0),IF(UPX25=\"SETOP\",VLOOKUP(UPU25,SETOP,5,0),IF(UPX25=\"CPU\",VLOOKUP(UPU25,COMPOSIÇÃO,8,0),VLOOKUP(UPU25,COTAÇÃO,11,0))))","v":19.149999999999999},{"$f":"UPZ25*UQA25","v":9.5749999999999993},"ED-50374",{"$f":"IF(UQF25=\"SINAPI\",VLOOKUP(UQC25,SINAPI,2,0),IF(UQF25=\"SETOP\",VLOOKUP(UQC25,SETOP,3,0),IF(UQF25=\"CPU\",VLOOKUP(UQC25,COMPOSIÇÃO,2,0),VLOOKUP(UQC25,COTAÇÃO,3,0))))","v":"BOMBEIRO/ENCANADOR COM ENCARGOS COMPLEMENTARES"},null,"SETOP",{"$f":"IF(UQF25=\"SINAPI\",VLOOKUP(UQC25,SINAPI,3,0),IF(UQF25=\"SETOP\",VLOOKUP(UQC25,SETOP,4,0),IF(UQF25=\"CPU\",VLOOKUP(UQC25,COMPOSIÇÃO,5,0),VLOOKUP(UQC25,COTAÇÃO,8,0))))","v":"HORA"},0.5,{"$f":"IF(UQF25=\"SINAPI\",VLOOKUP(UQC25,SINAPI,4,0),IF(UQF25=\"SETOP\",VLOOKUP(UQC25,SETOP,5,0),IF(UQF25=\"CPU\",VLOOKUP(UQC25,COMPOSIÇÃO,8,0),VLOOKUP(UQC25,COTAÇÃO,11,0))))","v":19.149999999999999},{"$f":"UQH25*UQI25","v":9.5749999999999993},"ED-50374",{"$f":"IF(UQN25=\"SINAPI\",VLOOKUP(UQK25,SINAPI,2,0),IF(UQN25=\"SETOP\",VLOOKUP(UQK25,SETOP,3,0),IF(UQN25=\"CPU\",VLOOKUP(UQK25,COMPOSIÇÃO,2,0),VLOOKUP(UQK25,COTAÇÃO,3,0))))","v":"BOMBEIRO/ENCANADOR COM ENCARGOS COMPLEMENTARES"},null,"SETOP",{"$f":"IF(UQN25=\"SINAPI\",VLOOKUP(UQK25,SINAPI,3,0),IF(UQN25=\"SETOP\",VLOOKUP(UQK25,SETOP,4,0),IF(UQN25=\"CPU\",VLOOKUP(UQK25,COMPOSIÇÃO,5,0),VLOOKUP(UQK25,COTAÇÃO,8,0))))","v":"HORA"},0.5,{"$f":"IF(UQN25=\"SINAPI\",VLOOKUP(UQK25,SINAPI,4,0),IF(UQN25=\"SETOP\",VLOOKUP(UQK25,SETOP,5,0),IF(UQN25=\"CPU\",VLOOKUP(UQK25,COMPOSIÇÃO,8,0),VLOOKUP(UQK25,COTAÇÃO,11,0))))","v":19.149999999999999},{"$f":"UQP25*UQQ25","v":9.5749999999999993},"ED-50374",{"$f":"IF(UQV25=\"SINAPI\",VLOOKUP(UQS25,SINAPI,2,0),IF(UQV25=\"SETOP\",VLOOKUP(UQS25,SETOP,3,0),IF(UQV25=\"CPU\",VLOOKUP(UQS25,COMPOSIÇÃO,2,0),VLOOKUP(UQS25,COTAÇÃO,3,0))))","v":"BOMBEIRO/ENCANADOR COM ENCARGOS COMPLEMENTARES"},null,"SETOP",{"$f":"IF(UQV25=\"SINAPI\",VLOOKUP(UQS25,SINAPI,3,0),IF(UQV25=\"SETOP\",VLOOKUP(UQS25,SETOP,4,0),IF(UQV25=\"CPU\",VLOOKUP(UQS25,COMPOSIÇÃO,5,0),VLOOKUP(UQS25,COTAÇÃO,8,0))))","v":"HORA"},0.5,{"$f":"IF(UQV25=\"SINAPI\",VLOOKUP(UQS25,SINAPI,4,0),IF(UQV25=\"SETOP\",VLOOKUP(UQS25,SETOP,5,0),IF(UQV25=\"CPU\",VLOOKUP(UQS25,COMPOSIÇÃO,8,0),VLOOKUP(UQS25,COTAÇÃO,11,0))))","v":19.149999999999999},{"$f":"UQX25*UQY25","v":9.5749999999999993},"ED-50374",{"$f":"IF(URD25=\"SINAPI\",VLOOKUP(URA25,SINAPI,2,0),IF(URD25=\"SETOP\",VLOOKUP(URA25,SETOP,3,0),IF(URD25=\"CPU\",VLOOKUP(URA25,COMPOSIÇÃO,2,0),VLOOKUP(URA25,COTAÇÃO,3,0))))","v":"BOMBEIRO/ENCANADOR COM ENCARGOS COMPLEMENTARES"},null,"SETOP",{"$f":"IF(URD25=\"SINAPI\",VLOOKUP(URA25,SINAPI,3,0),IF(URD25=\"SETOP\",VLOOKUP(URA25,SETOP,4,0),IF(URD25=\"CPU\",VLOOKUP(URA25,COMPOSIÇÃO,5,0),VLOOKUP(URA25,COTAÇÃO,8,0))))","v":"HORA"},0.5,{"$f":"IF(URD25=\"SINAPI\",VLOOKUP(URA25,SINAPI,4,0),IF(URD25=\"SETOP\",VLOOKUP(URA25,SETOP,5,0),IF(URD25=\"CPU\",VLOOKUP(URA25,COMPOSIÇÃO,8,0),VLOOKUP(URA25,COTAÇÃO,11,0))))","v":19.149999999999999},{"$f":"URF25*URG25","v":9.5749999999999993},"ED-50374",{"$f":"IF(URL25=\"SINAPI\",VLOOKUP(URI25,SINAPI,2,0),IF(URL25=\"SETOP\",VLOOKUP(URI25,SETOP,3,0),IF(URL25=\"CPU\",VLOOKUP(URI25,COMPOSIÇÃO,2,0),VLOOKUP(URI25,COTAÇÃO,3,0))))","v":"BOMBEIRO/ENCANADOR COM ENCARGOS COMPLEMENTARES"},null,"SETOP",{"$f":"IF(URL25=\"SINAPI\",VLOOKUP(URI25,SINAPI,3,0),IF(URL25=\"SETOP\",VLOOKUP(URI25,SETOP,4,0),IF(URL25=\"CPU\",VLOOKUP(URI25,COMPOSIÇÃO,5,0),VLOOKUP(URI25,COTAÇÃO,8,0))))","v":"HORA"},0.5,{"$f":"IF(URL25=\"SINAPI\",VLOOKUP(URI25,SINAPI,4,0),IF(URL25=\"SETOP\",VLOOKUP(URI25,SETOP,5,0),IF(URL25=\"CPU\",VLOOKUP(URI25,COMPOSIÇÃO,8,0),VLOOKUP(URI25,COTAÇÃO,11,0))))","v":19.149999999999999},{"$f":"URN25*URO25","v":9.5749999999999993},"ED-50374",{"$f":"IF(URT25=\"SINAPI\",VLOOKUP(URQ25,SINAPI,2,0),IF(URT25=\"SETOP\",VLOOKUP(URQ25,SETOP,3,0),IF(URT25=\"CPU\",VLOOKUP(URQ25,COMPOSIÇÃO,2,0),VLOOKUP(URQ25,COTAÇÃO,3,0))))","v":"BOMBEIRO/ENCANADOR COM ENCARGOS COMPLEMENTARES"},null,"SETOP",{"$f":"IF(URT25=\"SINAPI\",VLOOKUP(URQ25,SINAPI,3,0),IF(URT25=\"SETOP\",VLOOKUP(URQ25,SETOP,4,0),IF(URT25=\"CPU\",VLOOKUP(URQ25,COMPOSIÇÃO,5,0),VLOOKUP(URQ25,COTAÇÃO,8,0))))","v":"HORA"},0.5,{"$f":"IF(URT25=\"SINAPI\",VLOOKUP(URQ25,SINAPI,4,0),IF(URT25=\"SETOP\",VLOOKUP(URQ25,SETOP,5,0),IF(URT25=\"CPU\",VLOOKUP(URQ25,COMPOSIÇÃO,8,0),VLOOKUP(URQ25,COTAÇÃO,11,0))))","v":19.149999999999999},{"$f":"URV25*URW25","v":9.5749999999999993},"ED-50374",{"$f":"IF(USB25=\"SINAPI\",VLOOKUP(URY25,SINAPI,2,0),IF(USB25=\"SETOP\",VLOOKUP(URY25,SETOP,3,0),IF(USB25=\"CPU\",VLOOKUP(URY25,COMPOSIÇÃO,2,0),VLOOKUP(URY25,COTAÇÃO,3,0))))","v":"BOMBEIRO/ENCANADOR COM ENCARGOS COMPLEMENTARES"},null,"SETOP",{"$f":"IF(USB25=\"SINAPI\",VLOOKUP(URY25,SINAPI,3,0),IF(USB25=\"SETOP\",VLOOKUP(URY25,SETOP,4,0),IF(USB25=\"CPU\",VLOOKUP(URY25,COMPOSIÇÃO,5,0),VLOOKUP(URY25,COTAÇÃO,8,0))))","v":"HORA"},0.5,{"$f":"IF(USB25=\"SINAPI\",VLOOKUP(URY25,SINAPI,4,0),IF(USB25=\"SETOP\",VLOOKUP(URY25,SETOP,5,0),IF(USB25=\"CPU\",VLOOKUP(URY25,COMPOSIÇÃO,8,0),VLOOKUP(URY25,COTAÇÃO,11,0))))","v":19.149999999999999},{"$f":"USD25*USE25","v":9.5749999999999993},"ED-50374",{"$f":"IF(USJ25=\"SINAPI\",VLOOKUP(USG25,SINAPI,2,0),IF(USJ25=\"SETOP\",VLOOKUP(USG25,SETOP,3,0),IF(USJ25=\"CPU\",VLOOKUP(USG25,COMPOSIÇÃO,2,0),VLOOKUP(USG25,COTAÇÃO,3,0))))","v":"BOMBEIRO/ENCANADOR COM ENCARGOS COMPLEMENTARES"},null,"SETOP",{"$f":"IF(USJ25=\"SINAPI\",VLOOKUP(USG25,SINAPI,3,0),IF(USJ25=\"SETOP\",VLOOKUP(USG25,SETOP,4,0),IF(USJ25=\"CPU\",VLOOKUP(USG25,COMPOSIÇÃO,5,0),VLOOKUP(USG25,COTAÇÃO,8,0))))","v":"HORA"},0.5,{"$f":"IF(USJ25=\"SINAPI\",VLOOKUP(USG25,SINAPI,4,0),IF(USJ25=\"SETOP\",VLOOKUP(USG25,SETOP,5,0),IF(USJ25=\"CPU\",VLOOKUP(USG25,COMPOSIÇÃO,8,0),VLOOKUP(USG25,COTAÇÃO,11,0))))","v":19.149999999999999},{"$f":"USL25*USM25","v":9.5749999999999993},"ED-50374",{"$f":"IF(USR25=\"SINAPI\",VLOOKUP(USO25,SINAPI,2,0),IF(USR25=\"SETOP\",VLOOKUP(USO25,SETOP,3,0),IF(USR25=\"CPU\",VLOOKUP(USO25,COMPOSIÇÃO,2,0),VLOOKUP(USO25,COTAÇÃO,3,0))))","v":"BOMBEIRO/ENCANADOR COM ENCARGOS COMPLEMENTARES"},null,"SETOP",{"$f":"IF(USR25=\"SINAPI\",VLOOKUP(USO25,SINAPI,3,0),IF(USR25=\"SETOP\",VLOOKUP(USO25,SETOP,4,0),IF(USR25=\"CPU\",VLOOKUP(USO25,COMPOSIÇÃO,5,0),VLOOKUP(USO25,COTAÇÃO,8,0))))","v":"HORA"},0.5,{"$f":"IF(USR25=\"SINAPI\",VLOOKUP(USO25,SINAPI,4,0),IF(USR25=\"SETOP\",VLOOKUP(USO25,SETOP,5,0),IF(USR25=\"CPU\",VLOOKUP(USO25,COMPOSIÇÃO,8,0),VLOOKUP(USO25,COTAÇÃO,11,0))))","v":19.149999999999999},{"$f":"UST25*USU25","v":9.5749999999999993},"ED-50374",{"$f":"IF(USZ25=\"SINAPI\",VLOOKUP(USW25,SINAPI,2,0),IF(USZ25=\"SETOP\",VLOOKUP(USW25,SETOP,3,0),IF(USZ25=\"CPU\",VLOOKUP(USW25,COMPOSIÇÃO,2,0),VLOOKUP(USW25,COTAÇÃO,3,0))))","v":"BOMBEIRO/ENCANADOR COM ENCARGOS COMPLEMENTARES"},null,"SETOP",{"$f":"IF(USZ25=\"SINAPI\",VLOOKUP(USW25,SINAPI,3,0),IF(USZ25=\"SETOP\",VLOOKUP(USW25,SETOP,4,0),IF(USZ25=\"CPU\",VLOOKUP(USW25,COMPOSIÇÃO,5,0),VLOOKUP(USW25,COTAÇÃO,8,0))))","v":"HORA"},0.5,{"$f":"IF(USZ25=\"SINAPI\",VLOOKUP(USW25,SINAPI,4,0),IF(USZ25=\"SETOP\",VLOOKUP(USW25,SETOP,5,0),IF(USZ25=\"CPU\",VLOOKUP(USW25,COMPOSIÇÃO,8,0),VLOOKUP(USW25,COTAÇÃO,11,0))))","v":19.149999999999999},{"$f":"UTB25*UTC25","v":9.5749999999999993},"ED-50374",{"$f":"IF(UTH25=\"SINAPI\",VLOOKUP(UTE25,SINAPI,2,0),IF(UTH25=\"SETOP\",VLOOKUP(UTE25,SETOP,3,0),IF(UTH25=\"CPU\",VLOOKUP(UTE25,COMPOSIÇÃO,2,0),VLOOKUP(UTE25,COTAÇÃO,3,0))))","v":"BOMBEIRO/ENCANADOR COM ENCARGOS COMPLEMENTARES"},null,"SETOP",{"$f":"IF(UTH25=\"SINAPI\",VLOOKUP(UTE25,SINAPI,3,0),IF(UTH25=\"SETOP\",VLOOKUP(UTE25,SETOP,4,0),IF(UTH25=\"CPU\",VLOOKUP(UTE25,COMPOSIÇÃO,5,0),VLOOKUP(UTE25,COTAÇÃO,8,0))))","v":"HORA"},0.5,{"$f":"IF(UTH25=\"SINAPI\",VLOOKUP(UTE25,SINAPI,4,0),IF(UTH25=\"SETOP\",VLOOKUP(UTE25,SETOP,5,0),IF(UTH25=\"CPU\",VLOOKUP(UTE25,COMPOSIÇÃO,8,0),VLOOKUP(UTE25,COTAÇÃO,11,0))))","v":19.149999999999999},{"$f":"UTJ25*UTK25","v":9.5749999999999993},"ED-50374",{"$f":"IF(UTP25=\"SINAPI\",VLOOKUP(UTM25,SINAPI,2,0),IF(UTP25=\"SETOP\",VLOOKUP(UTM25,SETOP,3,0),IF(UTP25=\"CPU\",VLOOKUP(UTM25,COMPOSIÇÃO,2,0),VLOOKUP(UTM25,COTAÇÃO,3,0))))","v":"BOMBEIRO/ENCANADOR COM ENCARGOS COMPLEMENTARES"},null,"SETOP",{"$f":"IF(UTP25=\"SINAPI\",VLOOKUP(UTM25,SINAPI,3,0),IF(UTP25=\"SETOP\",VLOOKUP(UTM25,SETOP,4,0),IF(UTP25=\"CPU\",VLOOKUP(UTM25,COMPOSIÇÃO,5,0),VLOOKUP(UTM25,COTAÇÃO,8,0))))","v":"HORA"},0.5,{"$f":"IF(UTP25=\"SINAPI\",VLOOKUP(UTM25,SINAPI,4,0),IF(UTP25=\"SETOP\",VLOOKUP(UTM25,SETOP,5,0),IF(UTP25=\"CPU\",VLOOKUP(UTM25,COMPOSIÇÃO,8,0),VLOOKUP(UTM25,COTAÇÃO,11,0))))","v":19.149999999999999},{"$f":"UTR25*UTS25","v":9.5749999999999993},"ED-50374",{"$f":"IF(UTX25=\"SINAPI\",VLOOKUP(UTU25,SINAPI,2,0),IF(UTX25=\"SETOP\",VLOOKUP(UTU25,SETOP,3,0),IF(UTX25=\"CPU\",VLOOKUP(UTU25,COMPOSIÇÃO,2,0),VLOOKUP(UTU25,COTAÇÃO,3,0))))","v":"BOMBEIRO/ENCANADOR COM ENCARGOS COMPLEMENTARES"},null,"SETOP",{"$f":"IF(UTX25=\"SINAPI\",VLOOKUP(UTU25,SINAPI,3,0),IF(UTX25=\"SETOP\",VLOOKUP(UTU25,SETOP,4,0),IF(UTX25=\"CPU\",VLOOKUP(UTU25,COMPOSIÇÃO,5,0),VLOOKUP(UTU25,COTAÇÃO,8,0))))","v":"HORA"},0.5,{"$f":"IF(UTX25=\"SINAPI\",VLOOKUP(UTU25,SINAPI,4,0),IF(UTX25=\"SETOP\",VLOOKUP(UTU25,SETOP,5,0),IF(UTX25=\"CPU\",VLOOKUP(UTU25,COMPOSIÇÃO,8,0),VLOOKUP(UTU25,COTAÇÃO,11,0))))","v":19.149999999999999},{"$f":"UTZ25*UUA25","v":9.5749999999999993},"ED-50374",{"$f":"IF(UUF25=\"SINAPI\",VLOOKUP(UUC25,SINAPI,2,0),IF(UUF25=\"SETOP\",VLOOKUP(UUC25,SETOP,3,0),IF(UUF25=\"CPU\",VLOOKUP(UUC25,COMPOSIÇÃO,2,0),VLOOKUP(UUC25,COTAÇÃO,3,0))))","v":"BOMBEIRO/ENCANADOR COM ENCARGOS COMPLEMENTARES"},null,"SETOP",{"$f":"IF(UUF25=\"SINAPI\",VLOOKUP(UUC25,SINAPI,3,0),IF(UUF25=\"SETOP\",VLOOKUP(UUC25,SETOP,4,0),IF(UUF25=\"CPU\",VLOOKUP(UUC25,COMPOSIÇÃO,5,0),VLOOKUP(UUC25,COTAÇÃO,8,0))))","v":"HORA"},0.5,{"$f":"IF(UUF25=\"SINAPI\",VLOOKUP(UUC25,SINAPI,4,0),IF(UUF25=\"SETOP\",VLOOKUP(UUC25,SETOP,5,0),IF(UUF25=\"CPU\",VLOOKUP(UUC25,COMPOSIÇÃO,8,0),VLOOKUP(UUC25,COTAÇÃO,11,0))))","v":19.149999999999999},{"$f":"UUH25*UUI25","v":9.5749999999999993},"ED-50374",{"$f":"IF(UUN25=\"SINAPI\",VLOOKUP(UUK25,SINAPI,2,0),IF(UUN25=\"SETOP\",VLOOKUP(UUK25,SETOP,3,0),IF(UUN25=\"CPU\",VLOOKUP(UUK25,COMPOSIÇÃO,2,0),VLOOKUP(UUK25,COTAÇÃO,3,0))))","v":"BOMBEIRO/ENCANADOR COM ENCARGOS COMPLEMENTARES"},null,"SETOP",{"$f":"IF(UUN25=\"SINAPI\",VLOOKUP(UUK25,SINAPI,3,0),IF(UUN25=\"SETOP\",VLOOKUP(UUK25,SETOP,4,0),IF(UUN25=\"CPU\",VLOOKUP(UUK25,COMPOSIÇÃO,5,0),VLOOKUP(UUK25,COTAÇÃO,8,0))))","v":"HORA"},0.5,{"$f":"IF(UUN25=\"SINAPI\",VLOOKUP(UUK25,SINAPI,4,0),IF(UUN25=\"SETOP\",VLOOKUP(UUK25,SETOP,5,0),IF(UUN25=\"CPU\",VLOOKUP(UUK25,COMPOSIÇÃO,8,0),VLOOKUP(UUK25,COTAÇÃO,11,0))))","v":19.149999999999999},{"$f":"UUP25*UUQ25","v":9.5749999999999993},"ED-50374",{"$f":"IF(UUV25=\"SINAPI\",VLOOKUP(UUS25,SINAPI,2,0),IF(UUV25=\"SETOP\",VLOOKUP(UUS25,SETOP,3,0),IF(UUV25=\"CPU\",VLOOKUP(UUS25,COMPOSIÇÃO,2,0),VLOOKUP(UUS25,COTAÇÃO,3,0))))","v":"BOMBEIRO/ENCANADOR COM ENCARGOS COMPLEMENTARES"},null,"SETOP",{"$f":"IF(UUV25=\"SINAPI\",VLOOKUP(UUS25,SINAPI,3,0),IF(UUV25=\"SETOP\",VLOOKUP(UUS25,SETOP,4,0),IF(UUV25=\"CPU\",VLOOKUP(UUS25,COMPOSIÇÃO,5,0),VLOOKUP(UUS25,COTAÇÃO,8,0))))","v":"HORA"},0.5,{"$f":"IF(UUV25=\"SINAPI\",VLOOKUP(UUS25,SINAPI,4,0),IF(UUV25=\"SETOP\",VLOOKUP(UUS25,SETOP,5,0),IF(UUV25=\"CPU\",VLOOKUP(UUS25,COMPOSIÇÃO,8,0),VLOOKUP(UUS25,COTAÇÃO,11,0))))","v":19.149999999999999},{"$f":"UUX25*UUY25","v":9.5749999999999993},"ED-50374",{"$f":"IF(UVD25=\"SINAPI\",VLOOKUP(UVA25,SINAPI,2,0),IF(UVD25=\"SETOP\",VLOOKUP(UVA25,SETOP,3,0),IF(UVD25=\"CPU\",VLOOKUP(UVA25,COMPOSIÇÃO,2,0),VLOOKUP(UVA25,COTAÇÃO,3,0))))","v":"BOMBEIRO/ENCANADOR COM ENCARGOS COMPLEMENTARES"},null,"SETOP",{"$f":"IF(UVD25=\"SINAPI\",VLOOKUP(UVA25,SINAPI,3,0),IF(UVD25=\"SETOP\",VLOOKUP(UVA25,SETOP,4,0),IF(UVD25=\"CPU\",VLOOKUP(UVA25,COMPOSIÇÃO,5,0),VLOOKUP(UVA25,COTAÇÃO,8,0))))","v":"HORA"},0.5,{"$f":"IF(UVD25=\"SINAPI\",VLOOKUP(UVA25,SINAPI,4,0),IF(UVD25=\"SETOP\",VLOOKUP(UVA25,SETOP,5,0),IF(UVD25=\"CPU\",VLOOKUP(UVA25,COMPOSIÇÃO,8,0),VLOOKUP(UVA25,COTAÇÃO,11,0))))","v":19.149999999999999},{"$f":"UVF25*UVG25","v":9.5749999999999993},"ED-50374",{"$f":"IF(UVL25=\"SINAPI\",VLOOKUP(UVI25,SINAPI,2,0),IF(UVL25=\"SETOP\",VLOOKUP(UVI25,SETOP,3,0),IF(UVL25=\"CPU\",VLOOKUP(UVI25,COMPOSIÇÃO,2,0),VLOOKUP(UVI25,COTAÇÃO,3,0))))","v":"BOMBEIRO/ENCANADOR COM ENCARGOS COMPLEMENTARES"},null,"SETOP",{"$f":"IF(UVL25=\"SINAPI\",VLOOKUP(UVI25,SINAPI,3,0),IF(UVL25=\"SETOP\",VLOOKUP(UVI25,SETOP,4,0),IF(UVL25=\"CPU\",VLOOKUP(UVI25,COMPOSIÇÃO,5,0),VLOOKUP(UVI25,COTAÇÃO,8,0))))","v":"HORA"},0.5,{"$f":"IF(UVL25=\"SINAPI\",VLOOKUP(UVI25,SINAPI,4,0),IF(UVL25=\"SETOP\",VLOOKUP(UVI25,SETOP,5,0),IF(UVL25=\"CPU\",VLOOKUP(UVI25,COMPOSIÇÃO,8,0),VLOOKUP(UVI25,COTAÇÃO,11,0))))","v":19.149999999999999},{"$f":"UVN25*UVO25","v":9.5749999999999993},"ED-50374",{"$f":"IF(UVT25=\"SINAPI\",VLOOKUP(UVQ25,SINAPI,2,0),IF(UVT25=\"SETOP\",VLOOKUP(UVQ25,SETOP,3,0),IF(UVT25=\"CPU\",VLOOKUP(UVQ25,COMPOSIÇÃO,2,0),VLOOKUP(UVQ25,COTAÇÃO,3,0))))","v":"BOMBEIRO/ENCANADOR COM ENCARGOS COMPLEMENTARES"},null,"SETOP",{"$f":"IF(UVT25=\"SINAPI\",VLOOKUP(UVQ25,SINAPI,3,0),IF(UVT25=\"SETOP\",VLOOKUP(UVQ25,SETOP,4,0),IF(UVT25=\"CPU\",VLOOKUP(UVQ25,COMPOSIÇÃO,5,0),VLOOKUP(UVQ25,COTAÇÃO,8,0))))","v":"HORA"},0.5,{"$f":"IF(UVT25=\"SINAPI\",VLOOKUP(UVQ25,SINAPI,4,0),IF(UVT25=\"SETOP\",VLOOKUP(UVQ25,SETOP,5,0),IF(UVT25=\"CPU\",VLOOKUP(UVQ25,COMPOSIÇÃO,8,0),VLOOKUP(UVQ25,COTAÇÃO,11,0))))","v":19.149999999999999},{"$f":"UVV25*UVW25","v":9.5749999999999993},"ED-50374",{"$f":"IF(UWB25=\"SINAPI\",VLOOKUP(UVY25,SINAPI,2,0),IF(UWB25=\"SETOP\",VLOOKUP(UVY25,SETOP,3,0),IF(UWB25=\"CPU\",VLOOKUP(UVY25,COMPOSIÇÃO,2,0),VLOOKUP(UVY25,COTAÇÃO,3,0))))","v":"BOMBEIRO/ENCANADOR COM ENCARGOS COMPLEMENTARES"},null,"SETOP",{"$f":"IF(UWB25=\"SINAPI\",VLOOKUP(UVY25,SINAPI,3,0),IF(UWB25=\"SETOP\",VLOOKUP(UVY25,SETOP,4,0),IF(UWB25=\"CPU\",VLOOKUP(UVY25,COMPOSIÇÃO,5,0),VLOOKUP(UVY25,COTAÇÃO,8,0))))","v":"HORA"},0.5,{"$f":"IF(UWB25=\"SINAPI\",VLOOKUP(UVY25,SINAPI,4,0),IF(UWB25=\"SETOP\",VLOOKUP(UVY25,SETOP,5,0),IF(UWB25=\"CPU\",VLOOKUP(UVY25,COMPOSIÇÃO,8,0),VLOOKUP(UVY25,COTAÇÃO,11,0))))","v":19.149999999999999},{"$f":"UWD25*UWE25","v":9.5749999999999993},"ED-50374",{"$f":"IF(UWJ25=\"SINAPI\",VLOOKUP(UWG25,SINAPI,2,0),IF(UWJ25=\"SETOP\",VLOOKUP(UWG25,SETOP,3,0),IF(UWJ25=\"CPU\",VLOOKUP(UWG25,COMPOSIÇÃO,2,0),VLOOKUP(UWG25,COTAÇÃO,3,0))))","v":"BOMBEIRO/ENCANADOR COM ENCARGOS COMPLEMENTARES"},null,"SETOP",{"$f":"IF(UWJ25=\"SINAPI\",VLOOKUP(UWG25,SINAPI,3,0),IF(UWJ25=\"SETOP\",VLOOKUP(UWG25,SETOP,4,0),IF(UWJ25=\"CPU\",VLOOKUP(UWG25,COMPOSIÇÃO,5,0),VLOOKUP(UWG25,COTAÇÃO,8,0))))","v":"HORA"},0.5,{"$f":"IF(UWJ25=\"SINAPI\",VLOOKUP(UWG25,SINAPI,4,0),IF(UWJ25=\"SETOP\",VLOOKUP(UWG25,SETOP,5,0),IF(UWJ25=\"CPU\",VLOOKUP(UWG25,COMPOSIÇÃO,8,0),VLOOKUP(UWG25,COTAÇÃO,11,0))))","v":19.149999999999999},{"$f":"UWL25*UWM25","v":9.5749999999999993},"ED-50374",{"$f":"IF(UWR25=\"SINAPI\",VLOOKUP(UWO25,SINAPI,2,0),IF(UWR25=\"SETOP\",VLOOKUP(UWO25,SETOP,3,0),IF(UWR25=\"CPU\",VLOOKUP(UWO25,COMPOSIÇÃO,2,0),VLOOKUP(UWO25,COTAÇÃO,3,0))))","v":"BOMBEIRO/ENCANADOR COM ENCARGOS COMPLEMENTARES"},null,"SETOP",{"$f":"IF(UWR25=\"SINAPI\",VLOOKUP(UWO25,SINAPI,3,0),IF(UWR25=\"SETOP\",VLOOKUP(UWO25,SETOP,4,0),IF(UWR25=\"CPU\",VLOOKUP(UWO25,COMPOSIÇÃO,5,0),VLOOKUP(UWO25,COTAÇÃO,8,0))))","v":"HORA"},0.5,{"$f":"IF(UWR25=\"SINAPI\",VLOOKUP(UWO25,SINAPI,4,0),IF(UWR25=\"SETOP\",VLOOKUP(UWO25,SETOP,5,0),IF(UWR25=\"CPU\",VLOOKUP(UWO25,COMPOSIÇÃO,8,0),VLOOKUP(UWO25,COTAÇÃO,11,0))))","v":19.149999999999999},{"$f":"UWT25*UWU25","v":9.5749999999999993},"ED-50374",{"$f":"IF(UWZ25=\"SINAPI\",VLOOKUP(UWW25,SINAPI,2,0),IF(UWZ25=\"SETOP\",VLOOKUP(UWW25,SETOP,3,0),IF(UWZ25=\"CPU\",VLOOKUP(UWW25,COMPOSIÇÃO,2,0),VLOOKUP(UWW25,COTAÇÃO,3,0))))","v":"BOMBEIRO/ENCANADOR COM ENCARGOS COMPLEMENTARES"},null,"SETOP",{"$f":"IF(UWZ25=\"SINAPI\",VLOOKUP(UWW25,SINAPI,3,0),IF(UWZ25=\"SETOP\",VLOOKUP(UWW25,SETOP,4,0),IF(UWZ25=\"CPU\",VLOOKUP(UWW25,COMPOSIÇÃO,5,0),VLOOKUP(UWW25,COTAÇÃO,8,0))))","v":"HORA"},0.5,{"$f":"IF(UWZ25=\"SINAPI\",VLOOKUP(UWW25,SINAPI,4,0),IF(UWZ25=\"SETOP\",VLOOKUP(UWW25,SETOP,5,0),IF(UWZ25=\"CPU\",VLOOKUP(UWW25,COMPOSIÇÃO,8,0),VLOOKUP(UWW25,COTAÇÃO,11,0))))","v":19.149999999999999},{"$f":"UXB25*UXC25","v":9.5749999999999993},"ED-50374",{"$f":"IF(UXH25=\"SINAPI\",VLOOKUP(UXE25,SINAPI,2,0),IF(UXH25=\"SETOP\",VLOOKUP(UXE25,SETOP,3,0),IF(UXH25=\"CPU\",VLOOKUP(UXE25,COMPOSIÇÃO,2,0),VLOOKUP(UXE25,COTAÇÃO,3,0))))","v":"BOMBEIRO/ENCANADOR COM ENCARGOS COMPLEMENTARES"},null,"SETOP",{"$f":"IF(UXH25=\"SINAPI\",VLOOKUP(UXE25,SINAPI,3,0),IF(UXH25=\"SETOP\",VLOOKUP(UXE25,SETOP,4,0),IF(UXH25=\"CPU\",VLOOKUP(UXE25,COMPOSIÇÃO,5,0),VLOOKUP(UXE25,COTAÇÃO,8,0))))","v":"HORA"},0.5,{"$f":"IF(UXH25=\"SINAPI\",VLOOKUP(UXE25,SINAPI,4,0),IF(UXH25=\"SETOP\",VLOOKUP(UXE25,SETOP,5,0),IF(UXH25=\"CPU\",VLOOKUP(UXE25,COMPOSIÇÃO,8,0),VLOOKUP(UXE25,COTAÇÃO,11,0))))","v":19.149999999999999},{"$f":"UXJ25*UXK25","v":9.5749999999999993},"ED-50374",{"$f":"IF(UXP25=\"SINAPI\",VLOOKUP(UXM25,SINAPI,2,0),IF(UXP25=\"SETOP\",VLOOKUP(UXM25,SETOP,3,0),IF(UXP25=\"CPU\",VLOOKUP(UXM25,COMPOSIÇÃO,2,0),VLOOKUP(UXM25,COTAÇÃO,3,0))))","v":"BOMBEIRO/ENCANADOR COM ENCARGOS COMPLEMENTARES"},null,"SETOP",{"$f":"IF(UXP25=\"SINAPI\",VLOOKUP(UXM25,SINAPI,3,0),IF(UXP25=\"SETOP\",VLOOKUP(UXM25,SETOP,4,0),IF(UXP25=\"CPU\",VLOOKUP(UXM25,COMPOSIÇÃO,5,0),VLOOKUP(UXM25,COTAÇÃO,8,0))))","v":"HORA"},0.5,{"$f":"IF(UXP25=\"SINAPI\",VLOOKUP(UXM25,SINAPI,4,0),IF(UXP25=\"SETOP\",VLOOKUP(UXM25,SETOP,5,0),IF(UXP25=\"CPU\",VLOOKUP(UXM25,COMPOSIÇÃO,8,0),VLOOKUP(UXM25,COTAÇÃO,11,0))))","v":19.149999999999999},{"$f":"UXR25*UXS25","v":9.5749999999999993},"ED-50374",{"$f":"IF(UXX25=\"SINAPI\",VLOOKUP(UXU25,SINAPI,2,0),IF(UXX25=\"SETOP\",VLOOKUP(UXU25,SETOP,3,0),IF(UXX25=\"CPU\",VLOOKUP(UXU25,COMPOSIÇÃO,2,0),VLOOKUP(UXU25,COTAÇÃO,3,0))))","v":"BOMBEIRO/ENCANADOR COM ENCARGOS COMPLEMENTARES"},null,"SETOP",{"$f":"IF(UXX25=\"SINAPI\",VLOOKUP(UXU25,SINAPI,3,0),IF(UXX25=\"SETOP\",VLOOKUP(UXU25,SETOP,4,0),IF(UXX25=\"CPU\",VLOOKUP(UXU25,COMPOSIÇÃO,5,0),VLOOKUP(UXU25,COTAÇÃO,8,0))))","v":"HORA"},0.5,{"$f":"IF(UXX25=\"SINAPI\",VLOOKUP(UXU25,SINAPI,4,0),IF(UXX25=\"SETOP\",VLOOKUP(UXU25,SETOP,5,0),IF(UXX25=\"CPU\",VLOOKUP(UXU25,COMPOSIÇÃO,8,0),VLOOKUP(UXU25,COTAÇÃO,11,0))))","v":19.149999999999999},{"$f":"UXZ25*UYA25","v":9.5749999999999993},"ED-50374",{"$f":"IF(UYF25=\"SINAPI\",VLOOKUP(UYC25,SINAPI,2,0),IF(UYF25=\"SETOP\",VLOOKUP(UYC25,SETOP,3,0),IF(UYF25=\"CPU\",VLOOKUP(UYC25,COMPOSIÇÃO,2,0),VLOOKUP(UYC25,COTAÇÃO,3,0))))","v":"BOMBEIRO/ENCANADOR COM ENCARGOS COMPLEMENTARES"},null,"SETOP",{"$f":"IF(UYF25=\"SINAPI\",VLOOKUP(UYC25,SINAPI,3,0),IF(UYF25=\"SETOP\",VLOOKUP(UYC25,SETOP,4,0),IF(UYF25=\"CPU\",VLOOKUP(UYC25,COMPOSIÇÃO,5,0),VLOOKUP(UYC25,COTAÇÃO,8,0))))","v":"HORA"},0.5,{"$f":"IF(UYF25=\"SINAPI\",VLOOKUP(UYC25,SINAPI,4,0),IF(UYF25=\"SETOP\",VLOOKUP(UYC25,SETOP,5,0),IF(UYF25=\"CPU\",VLOOKUP(UYC25,COMPOSIÇÃO,8,0),VLOOKUP(UYC25,COTAÇÃO,11,0))))","v":19.149999999999999},{"$f":"UYH25*UYI25","v":9.5749999999999993},"ED-50374",{"$f":"IF(UYN25=\"SINAPI\",VLOOKUP(UYK25,SINAPI,2,0),IF(UYN25=\"SETOP\",VLOOKUP(UYK25,SETOP,3,0),IF(UYN25=\"CPU\",VLOOKUP(UYK25,COMPOSIÇÃO,2,0),VLOOKUP(UYK25,COTAÇÃO,3,0))))","v":"BOMBEIRO/ENCANADOR COM ENCARGOS COMPLEMENTARES"},null,"SETOP",{"$f":"IF(UYN25=\"SINAPI\",VLOOKUP(UYK25,SINAPI,3,0),IF(UYN25=\"SETOP\",VLOOKUP(UYK25,SETOP,4,0),IF(UYN25=\"CPU\",VLOOKUP(UYK25,COMPOSIÇÃO,5,0),VLOOKUP(UYK25,COTAÇÃO,8,0))))","v":"HORA"},0.5,{"$f":"IF(UYN25=\"SINAPI\",VLOOKUP(UYK25,SINAPI,4,0),IF(UYN25=\"SETOP\",VLOOKUP(UYK25,SETOP,5,0),IF(UYN25=\"CPU\",VLOOKUP(UYK25,COMPOSIÇÃO,8,0),VLOOKUP(UYK25,COTAÇÃO,11,0))))","v":19.149999999999999},{"$f":"UYP25*UYQ25","v":9.5749999999999993},"ED-50374",{"$f":"IF(UYV25=\"SINAPI\",VLOOKUP(UYS25,SINAPI,2,0),IF(UYV25=\"SETOP\",VLOOKUP(UYS25,SETOP,3,0),IF(UYV25=\"CPU\",VLOOKUP(UYS25,COMPOSIÇÃO,2,0),VLOOKUP(UYS25,COTAÇÃO,3,0))))","v":"BOMBEIRO/ENCANADOR COM ENCARGOS COMPLEMENTARES"},null,"SETOP",{"$f":"IF(UYV25=\"SINAPI\",VLOOKUP(UYS25,SINAPI,3,0),IF(UYV25=\"SETOP\",VLOOKUP(UYS25,SETOP,4,0),IF(UYV25=\"CPU\",VLOOKUP(UYS25,COMPOSIÇÃO,5,0),VLOOKUP(UYS25,COTAÇÃO,8,0))))","v":"HORA"},0.5,{"$f":"IF(UYV25=\"SINAPI\",VLOOKUP(UYS25,SINAPI,4,0),IF(UYV25=\"SETOP\",VLOOKUP(UYS25,SETOP,5,0),IF(UYV25=\"CPU\",VLOOKUP(UYS25,COMPOSIÇÃO,8,0),VLOOKUP(UYS25,COTAÇÃO,11,0))))","v":19.149999999999999},{"$f":"UYX25*UYY25","v":9.5749999999999993},"ED-50374",{"$f":"IF(UZD25=\"SINAPI\",VLOOKUP(UZA25,SINAPI,2,0),IF(UZD25=\"SETOP\",VLOOKUP(UZA25,SETOP,3,0),IF(UZD25=\"CPU\",VLOOKUP(UZA25,COMPOSIÇÃO,2,0),VLOOKUP(UZA25,COTAÇÃO,3,0))))","v":"BOMBEIRO/ENCANADOR COM ENCARGOS COMPLEMENTARES"},null,"SETOP",{"$f":"IF(UZD25=\"SINAPI\",VLOOKUP(UZA25,SINAPI,3,0),IF(UZD25=\"SETOP\",VLOOKUP(UZA25,SETOP,4,0),IF(UZD25=\"CPU\",VLOOKUP(UZA25,COMPOSIÇÃO,5,0),VLOOKUP(UZA25,COTAÇÃO,8,0))))","v":"HORA"},0.5,{"$f":"IF(UZD25=\"SINAPI\",VLOOKUP(UZA25,SINAPI,4,0),IF(UZD25=\"SETOP\",VLOOKUP(UZA25,SETOP,5,0),IF(UZD25=\"CPU\",VLOOKUP(UZA25,COMPOSIÇÃO,8,0),VLOOKUP(UZA25,COTAÇÃO,11,0))))","v":19.149999999999999},{"$f":"UZF25*UZG25","v":9.5749999999999993},"ED-50374",{"$f":"IF(UZL25=\"SINAPI\",VLOOKUP(UZI25,SINAPI,2,0),IF(UZL25=\"SETOP\",VLOOKUP(UZI25,SETOP,3,0),IF(UZL25=\"CPU\",VLOOKUP(UZI25,COMPOSIÇÃO,2,0),VLOOKUP(UZI25,COTAÇÃO,3,0))))","v":"BOMBEIRO/ENCANADOR COM ENCARGOS COMPLEMENTARES"},null,"SETOP",{"$f":"IF(UZL25=\"SINAPI\",VLOOKUP(UZI25,SINAPI,3,0),IF(UZL25=\"SETOP\",VLOOKUP(UZI25,SETOP,4,0),IF(UZL25=\"CPU\",VLOOKUP(UZI25,COMPOSIÇÃO,5,0),VLOOKUP(UZI25,COTAÇÃO,8,0))))","v":"HORA"},0.5,{"$f":"IF(UZL25=\"SINAPI\",VLOOKUP(UZI25,SINAPI,4,0),IF(UZL25=\"SETOP\",VLOOKUP(UZI25,SETOP,5,0),IF(UZL25=\"CPU\",VLOOKUP(UZI25,COMPOSIÇÃO,8,0),VLOOKUP(UZI25,COTAÇÃO,11,0))))","v":19.149999999999999},{"$f":"UZN25*UZO25","v":9.5749999999999993},"ED-50374",{"$f":"IF(UZT25=\"SINAPI\",VLOOKUP(UZQ25,SINAPI,2,0),IF(UZT25=\"SETOP\",VLOOKUP(UZQ25,SETOP,3,0),IF(UZT25=\"CPU\",VLOOKUP(UZQ25,COMPOSIÇÃO,2,0),VLOOKUP(UZQ25,COTAÇÃO,3,0))))","v":"BOMBEIRO/ENCANADOR COM ENCARGOS COMPLEMENTARES"},null,"SETOP",{"$f":"IF(UZT25=\"SINAPI\",VLOOKUP(UZQ25,SINAPI,3,0),IF(UZT25=\"SETOP\",VLOOKUP(UZQ25,SETOP,4,0),IF(UZT25=\"CPU\",VLOOKUP(UZQ25,COMPOSIÇÃO,5,0),VLOOKUP(UZQ25,COTAÇÃO,8,0))))","v":"HORA"},0.5,{"$f":"IF(UZT25=\"SINAPI\",VLOOKUP(UZQ25,SINAPI,4,0),IF(UZT25=\"SETOP\",VLOOKUP(UZQ25,SETOP,5,0),IF(UZT25=\"CPU\",VLOOKUP(UZQ25,COMPOSIÇÃO,8,0),VLOOKUP(UZQ25,COTAÇÃO,11,0))))","v":19.149999999999999},{"$f":"UZV25*UZW25","v":9.5749999999999993},"ED-50374",{"$f":"IF(VAB25=\"SINAPI\",VLOOKUP(UZY25,SINAPI,2,0),IF(VAB25=\"SETOP\",VLOOKUP(UZY25,SETOP,3,0),IF(VAB25=\"CPU\",VLOOKUP(UZY25,COMPOSIÇÃO,2,0),VLOOKUP(UZY25,COTAÇÃO,3,0))))","v":"BOMBEIRO/ENCANADOR COM ENCARGOS COMPLEMENTARES"},null,"SETOP",{"$f":"IF(VAB25=\"SINAPI\",VLOOKUP(UZY25,SINAPI,3,0),IF(VAB25=\"SETOP\",VLOOKUP(UZY25,SETOP,4,0),IF(VAB25=\"CPU\",VLOOKUP(UZY25,COMPOSIÇÃO,5,0),VLOOKUP(UZY25,COTAÇÃO,8,0))))","v":"HORA"},0.5,{"$f":"IF(VAB25=\"SINAPI\",VLOOKUP(UZY25,SINAPI,4,0),IF(VAB25=\"SETOP\",VLOOKUP(UZY25,SETOP,5,0),IF(VAB25=\"CPU\",VLOOKUP(UZY25,COMPOSIÇÃO,8,0),VLOOKUP(UZY25,COTAÇÃO,11,0))))","v":19.149999999999999},{"$f":"VAD25*VAE25","v":9.5749999999999993},"ED-50374",{"$f":"IF(VAJ25=\"SINAPI\",VLOOKUP(VAG25,SINAPI,2,0),IF(VAJ25=\"SETOP\",VLOOKUP(VAG25,SETOP,3,0),IF(VAJ25=\"CPU\",VLOOKUP(VAG25,COMPOSIÇÃO,2,0),VLOOKUP(VAG25,COTAÇÃO,3,0))))","v":"BOMBEIRO/ENCANADOR COM ENCARGOS COMPLEMENTARES"},null,"SETOP",{"$f":"IF(VAJ25=\"SINAPI\",VLOOKUP(VAG25,SINAPI,3,0),IF(VAJ25=\"SETOP\",VLOOKUP(VAG25,SETOP,4,0),IF(VAJ25=\"CPU\",VLOOKUP(VAG25,COMPOSIÇÃO,5,0),VLOOKUP(VAG25,COTAÇÃO,8,0))))","v":"HORA"},0.5,{"$f":"IF(VAJ25=\"SINAPI\",VLOOKUP(VAG25,SINAPI,4,0),IF(VAJ25=\"SETOP\",VLOOKUP(VAG25,SETOP,5,0),IF(VAJ25=\"CPU\",VLOOKUP(VAG25,COMPOSIÇÃO,8,0),VLOOKUP(VAG25,COTAÇÃO,11,0))))","v":19.149999999999999},{"$f":"VAL25*VAM25","v":9.5749999999999993},"ED-50374",{"$f":"IF(VAR25=\"SINAPI\",VLOOKUP(VAO25,SINAPI,2,0),IF(VAR25=\"SETOP\",VLOOKUP(VAO25,SETOP,3,0),IF(VAR25=\"CPU\",VLOOKUP(VAO25,COMPOSIÇÃO,2,0),VLOOKUP(VAO25,COTAÇÃO,3,0))))","v":"BOMBEIRO/ENCANADOR COM ENCARGOS COMPLEMENTARES"},null,"SETOP",{"$f":"IF(VAR25=\"SINAPI\",VLOOKUP(VAO25,SINAPI,3,0),IF(VAR25=\"SETOP\",VLOOKUP(VAO25,SETOP,4,0),IF(VAR25=\"CPU\",VLOOKUP(VAO25,COMPOSIÇÃO,5,0),VLOOKUP(VAO25,COTAÇÃO,8,0))))","v":"HORA"},0.5,{"$f":"IF(VAR25=\"SINAPI\",VLOOKUP(VAO25,SINAPI,4,0),IF(VAR25=\"SETOP\",VLOOKUP(VAO25,SETOP,5,0),IF(VAR25=\"CPU\",VLOOKUP(VAO25,COMPOSIÇÃO,8,0),VLOOKUP(VAO25,COTAÇÃO,11,0))))","v":19.149999999999999},{"$f":"VAT25*VAU25","v":9.5749999999999993},"ED-50374",{"$f":"IF(VAZ25=\"SINAPI\",VLOOKUP(VAW25,SINAPI,2,0),IF(VAZ25=\"SETOP\",VLOOKUP(VAW25,SETOP,3,0),IF(VAZ25=\"CPU\",VLOOKUP(VAW25,COMPOSIÇÃO,2,0),VLOOKUP(VAW25,COTAÇÃO,3,0))))","v":"BOMBEIRO/ENCANADOR COM ENCARGOS COMPLEMENTARES"},null,"SETOP",{"$f":"IF(VAZ25=\"SINAPI\",VLOOKUP(VAW25,SINAPI,3,0),IF(VAZ25=\"SETOP\",VLOOKUP(VAW25,SETOP,4,0),IF(VAZ25=\"CPU\",VLOOKUP(VAW25,COMPOSIÇÃO,5,0),VLOOKUP(VAW25,COTAÇÃO,8,0))))","v":"HORA"},0.5,{"$f":"IF(VAZ25=\"SINAPI\",VLOOKUP(VAW25,SINAPI,4,0),IF(VAZ25=\"SETOP\",VLOOKUP(VAW25,SETOP,5,0),IF(VAZ25=\"CPU\",VLOOKUP(VAW25,COMPOSIÇÃO,8,0),VLOOKUP(VAW25,COTAÇÃO,11,0))))","v":19.149999999999999},{"$f":"VBB25*VBC25","v":9.5749999999999993},"ED-50374",{"$f":"IF(VBH25=\"SINAPI\",VLOOKUP(VBE25,SINAPI,2,0),IF(VBH25=\"SETOP\",VLOOKUP(VBE25,SETOP,3,0),IF(VBH25=\"CPU\",VLOOKUP(VBE25,COMPOSIÇÃO,2,0),VLOOKUP(VBE25,COTAÇÃO,3,0))))","v":"BOMBEIRO/ENCANADOR COM ENCARGOS COMPLEMENTARES"},null,"SETOP",{"$f":"IF(VBH25=\"SINAPI\",VLOOKUP(VBE25,SINAPI,3,0),IF(VBH25=\"SETOP\",VLOOKUP(VBE25,SETOP,4,0),IF(VBH25=\"CPU\",VLOOKUP(VBE25,COMPOSIÇÃO,5,0),VLOOKUP(VBE25,COTAÇÃO,8,0))))","v":"HORA"},0.5,{"$f":"IF(VBH25=\"SINAPI\",VLOOKUP(VBE25,SINAPI,4,0),IF(VBH25=\"SETOP\",VLOOKUP(VBE25,SETOP,5,0),IF(VBH25=\"CPU\",VLOOKUP(VBE25,COMPOSIÇÃO,8,0),VLOOKUP(VBE25,COTAÇÃO,11,0))))","v":19.149999999999999},{"$f":"VBJ25*VBK25","v":9.5749999999999993},"ED-50374",{"$f":"IF(VBP25=\"SINAPI\",VLOOKUP(VBM25,SINAPI,2,0),IF(VBP25=\"SETOP\",VLOOKUP(VBM25,SETOP,3,0),IF(VBP25=\"CPU\",VLOOKUP(VBM25,COMPOSIÇÃO,2,0),VLOOKUP(VBM25,COTAÇÃO,3,0))))","v":"BOMBEIRO/ENCANADOR COM ENCARGOS COMPLEMENTARES"},null,"SETOP",{"$f":"IF(VBP25=\"SINAPI\",VLOOKUP(VBM25,SINAPI,3,0),IF(VBP25=\"SETOP\",VLOOKUP(VBM25,SETOP,4,0),IF(VBP25=\"CPU\",VLOOKUP(VBM25,COMPOSIÇÃO,5,0),VLOOKUP(VBM25,COTAÇÃO,8,0))))","v":"HORA"},0.5,{"$f":"IF(VBP25=\"SINAPI\",VLOOKUP(VBM25,SINAPI,4,0),IF(VBP25=\"SETOP\",VLOOKUP(VBM25,SETOP,5,0),IF(VBP25=\"CPU\",VLOOKUP(VBM25,COMPOSIÇÃO,8,0),VLOOKUP(VBM25,COTAÇÃO,11,0))))","v":19.149999999999999},{"$f":"VBR25*VBS25","v":9.5749999999999993},"ED-50374",{"$f":"IF(VBX25=\"SINAPI\",VLOOKUP(VBU25,SINAPI,2,0),IF(VBX25=\"SETOP\",VLOOKUP(VBU25,SETOP,3,0),IF(VBX25=\"CPU\",VLOOKUP(VBU25,COMPOSIÇÃO,2,0),VLOOKUP(VBU25,COTAÇÃO,3,0))))","v":"BOMBEIRO/ENCANADOR COM ENCARGOS COMPLEMENTARES"},null,"SETOP",{"$f":"IF(VBX25=\"SINAPI\",VLOOKUP(VBU25,SINAPI,3,0),IF(VBX25=\"SETOP\",VLOOKUP(VBU25,SETOP,4,0),IF(VBX25=\"CPU\",VLOOKUP(VBU25,COMPOSIÇÃO,5,0),VLOOKUP(VBU25,COTAÇÃO,8,0))))","v":"HORA"},0.5,{"$f":"IF(VBX25=\"SINAPI\",VLOOKUP(VBU25,SINAPI,4,0),IF(VBX25=\"SETOP\",VLOOKUP(VBU25,SETOP,5,0),IF(VBX25=\"CPU\",VLOOKUP(VBU25,COMPOSIÇÃO,8,0),VLOOKUP(VBU25,COTAÇÃO,11,0))))","v":19.149999999999999},{"$f":"VBZ25*VCA25","v":9.5749999999999993},"ED-50374",{"$f":"IF(VCF25=\"SINAPI\",VLOOKUP(VCC25,SINAPI,2,0),IF(VCF25=\"SETOP\",VLOOKUP(VCC25,SETOP,3,0),IF(VCF25=\"CPU\",VLOOKUP(VCC25,COMPOSIÇÃO,2,0),VLOOKUP(VCC25,COTAÇÃO,3,0))))","v":"BOMBEIRO/ENCANADOR COM ENCARGOS COMPLEMENTARES"},null,"SETOP",{"$f":"IF(VCF25=\"SINAPI\",VLOOKUP(VCC25,SINAPI,3,0),IF(VCF25=\"SETOP\",VLOOKUP(VCC25,SETOP,4,0),IF(VCF25=\"CPU\",VLOOKUP(VCC25,COMPOSIÇÃO,5,0),VLOOKUP(VCC25,COTAÇÃO,8,0))))","v":"HORA"},0.5,{"$f":"IF(VCF25=\"SINAPI\",VLOOKUP(VCC25,SINAPI,4,0),IF(VCF25=\"SETOP\",VLOOKUP(VCC25,SETOP,5,0),IF(VCF25=\"CPU\",VLOOKUP(VCC25,COMPOSIÇÃO,8,0),VLOOKUP(VCC25,COTAÇÃO,11,0))))","v":19.149999999999999},{"$f":"VCH25*VCI25","v":9.5749999999999993},"ED-50374",{"$f":"IF(VCN25=\"SINAPI\",VLOOKUP(VCK25,SINAPI,2,0),IF(VCN25=\"SETOP\",VLOOKUP(VCK25,SETOP,3,0),IF(VCN25=\"CPU\",VLOOKUP(VCK25,COMPOSIÇÃO,2,0),VLOOKUP(VCK25,COTAÇÃO,3,0))))","v":"BOMBEIRO/ENCANADOR COM ENCARGOS COMPLEMENTARES"},null,"SETOP",{"$f":"IF(VCN25=\"SINAPI\",VLOOKUP(VCK25,SINAPI,3,0),IF(VCN25=\"SETOP\",VLOOKUP(VCK25,SETOP,4,0),IF(VCN25=\"CPU\",VLOOKUP(VCK25,COMPOSIÇÃO,5,0),VLOOKUP(VCK25,COTAÇÃO,8,0))))","v":"HORA"},0.5,{"$f":"IF(VCN25=\"SINAPI\",VLOOKUP(VCK25,SINAPI,4,0),IF(VCN25=\"SETOP\",VLOOKUP(VCK25,SETOP,5,0),IF(VCN25=\"CPU\",VLOOKUP(VCK25,COMPOSIÇÃO,8,0),VLOOKUP(VCK25,COTAÇÃO,11,0))))","v":19.149999999999999},{"$f":"VCP25*VCQ25","v":9.5749999999999993},"ED-50374",{"$f":"IF(VCV25=\"SINAPI\",VLOOKUP(VCS25,SINAPI,2,0),IF(VCV25=\"SETOP\",VLOOKUP(VCS25,SETOP,3,0),IF(VCV25=\"CPU\",VLOOKUP(VCS25,COMPOSIÇÃO,2,0),VLOOKUP(VCS25,COTAÇÃO,3,0))))","v":"BOMBEIRO/ENCANADOR COM ENCARGOS COMPLEMENTARES"},null,"SETOP",{"$f":"IF(VCV25=\"SINAPI\",VLOOKUP(VCS25,SINAPI,3,0),IF(VCV25=\"SETOP\",VLOOKUP(VCS25,SETOP,4,0),IF(VCV25=\"CPU\",VLOOKUP(VCS25,COMPOSIÇÃO,5,0),VLOOKUP(VCS25,COTAÇÃO,8,0))))","v":"HORA"},0.5,{"$f":"IF(VCV25=\"SINAPI\",VLOOKUP(VCS25,SINAPI,4,0),IF(VCV25=\"SETOP\",VLOOKUP(VCS25,SETOP,5,0),IF(VCV25=\"CPU\",VLOOKUP(VCS25,COMPOSIÇÃO,8,0),VLOOKUP(VCS25,COTAÇÃO,11,0))))","v":19.149999999999999},{"$f":"VCX25*VCY25","v":9.5749999999999993},"ED-50374",{"$f":"IF(VDD25=\"SINAPI\",VLOOKUP(VDA25,SINAPI,2,0),IF(VDD25=\"SETOP\",VLOOKUP(VDA25,SETOP,3,0),IF(VDD25=\"CPU\",VLOOKUP(VDA25,COMPOSIÇÃO,2,0),VLOOKUP(VDA25,COTAÇÃO,3,0))))","v":"BOMBEIRO/ENCANADOR COM ENCARGOS COMPLEMENTARES"},null,"SETOP",{"$f":"IF(VDD25=\"SINAPI\",VLOOKUP(VDA25,SINAPI,3,0),IF(VDD25=\"SETOP\",VLOOKUP(VDA25,SETOP,4,0),IF(VDD25=\"CPU\",VLOOKUP(VDA25,COMPOSIÇÃO,5,0),VLOOKUP(VDA25,COTAÇÃO,8,0))))","v":"HORA"},0.5,{"$f":"IF(VDD25=\"SINAPI\",VLOOKUP(VDA25,SINAPI,4,0),IF(VDD25=\"SETOP\",VLOOKUP(VDA25,SETOP,5,0),IF(VDD25=\"CPU\",VLOOKUP(VDA25,COMPOSIÇÃO,8,0),VLOOKUP(VDA25,COTAÇÃO,11,0))))","v":19.149999999999999},{"$f":"VDF25*VDG25","v":9.5749999999999993},"ED-50374",{"$f":"IF(VDL25=\"SINAPI\",VLOOKUP(VDI25,SINAPI,2,0),IF(VDL25=\"SETOP\",VLOOKUP(VDI25,SETOP,3,0),IF(VDL25=\"CPU\",VLOOKUP(VDI25,COMPOSIÇÃO,2,0),VLOOKUP(VDI25,COTAÇÃO,3,0))))","v":"BOMBEIRO/ENCANADOR COM ENCARGOS COMPLEMENTARES"},null,"SETOP",{"$f":"IF(VDL25=\"SINAPI\",VLOOKUP(VDI25,SINAPI,3,0),IF(VDL25=\"SETOP\",VLOOKUP(VDI25,SETOP,4,0),IF(VDL25=\"CPU\",VLOOKUP(VDI25,COMPOSIÇÃO,5,0),VLOOKUP(VDI25,COTAÇÃO,8,0))))","v":"HORA"},0.5,{"$f":"IF(VDL25=\"SINAPI\",VLOOKUP(VDI25,SINAPI,4,0),IF(VDL25=\"SETOP\",VLOOKUP(VDI25,SETOP,5,0),IF(VDL25=\"CPU\",VLOOKUP(VDI25,COMPOSIÇÃO,8,0),VLOOKUP(VDI25,COTAÇÃO,11,0))))","v":19.149999999999999},{"$f":"VDN25*VDO25","v":9.5749999999999993},"ED-50374",{"$f":"IF(VDT25=\"SINAPI\",VLOOKUP(VDQ25,SINAPI,2,0),IF(VDT25=\"SETOP\",VLOOKUP(VDQ25,SETOP,3,0),IF(VDT25=\"CPU\",VLOOKUP(VDQ25,COMPOSIÇÃO,2,0),VLOOKUP(VDQ25,COTAÇÃO,3,0))))","v":"BOMBEIRO/ENCANADOR COM ENCARGOS COMPLEMENTARES"},null,"SETOP",{"$f":"IF(VDT25=\"SINAPI\",VLOOKUP(VDQ25,SINAPI,3,0),IF(VDT25=\"SETOP\",VLOOKUP(VDQ25,SETOP,4,0),IF(VDT25=\"CPU\",VLOOKUP(VDQ25,COMPOSIÇÃO,5,0),VLOOKUP(VDQ25,COTAÇÃO,8,0))))","v":"HORA"},0.5,{"$f":"IF(VDT25=\"SINAPI\",VLOOKUP(VDQ25,SINAPI,4,0),IF(VDT25=\"SETOP\",VLOOKUP(VDQ25,SETOP,5,0),IF(VDT25=\"CPU\",VLOOKUP(VDQ25,COMPOSIÇÃO,8,0),VLOOKUP(VDQ25,COTAÇÃO,11,0))))","v":19.149999999999999},{"$f":"VDV25*VDW25","v":9.5749999999999993},"ED-50374",{"$f":"IF(VEB25=\"SINAPI\",VLOOKUP(VDY25,SINAPI,2,0),IF(VEB25=\"SETOP\",VLOOKUP(VDY25,SETOP,3,0),IF(VEB25=\"CPU\",VLOOKUP(VDY25,COMPOSIÇÃO,2,0),VLOOKUP(VDY25,COTAÇÃO,3,0))))","v":"BOMBEIRO/ENCANADOR COM ENCARGOS COMPLEMENTARES"},null,"SETOP",{"$f":"IF(VEB25=\"SINAPI\",VLOOKUP(VDY25,SINAPI,3,0),IF(VEB25=\"SETOP\",VLOOKUP(VDY25,SETOP,4,0),IF(VEB25=\"CPU\",VLOOKUP(VDY25,COMPOSIÇÃO,5,0),VLOOKUP(VDY25,COTAÇÃO,8,0))))","v":"HORA"},0.5,{"$f":"IF(VEB25=\"SINAPI\",VLOOKUP(VDY25,SINAPI,4,0),IF(VEB25=\"SETOP\",VLOOKUP(VDY25,SETOP,5,0),IF(VEB25=\"CPU\",VLOOKUP(VDY25,COMPOSIÇÃO,8,0),VLOOKUP(VDY25,COTAÇÃO,11,0))))","v":19.149999999999999},{"$f":"VED25*VEE25","v":9.5749999999999993},"ED-50374",{"$f":"IF(VEJ25=\"SINAPI\",VLOOKUP(VEG25,SINAPI,2,0),IF(VEJ25=\"SETOP\",VLOOKUP(VEG25,SETOP,3,0),IF(VEJ25=\"CPU\",VLOOKUP(VEG25,COMPOSIÇÃO,2,0),VLOOKUP(VEG25,COTAÇÃO,3,0))))","v":"BOMBEIRO/ENCANADOR COM ENCARGOS COMPLEMENTARES"},null,"SETOP",{"$f":"IF(VEJ25=\"SINAPI\",VLOOKUP(VEG25,SINAPI,3,0),IF(VEJ25=\"SETOP\",VLOOKUP(VEG25,SETOP,4,0),IF(VEJ25=\"CPU\",VLOOKUP(VEG25,COMPOSIÇÃO,5,0),VLOOKUP(VEG25,COTAÇÃO,8,0))))","v":"HORA"},0.5,{"$f":"IF(VEJ25=\"SINAPI\",VLOOKUP(VEG25,SINAPI,4,0),IF(VEJ25=\"SETOP\",VLOOKUP(VEG25,SETOP,5,0),IF(VEJ25=\"CPU\",VLOOKUP(VEG25,COMPOSIÇÃO,8,0),VLOOKUP(VEG25,COTAÇÃO,11,0))))","v":19.149999999999999},{"$f":"VEL25*VEM25","v":9.5749999999999993},"ED-50374",{"$f":"IF(VER25=\"SINAPI\",VLOOKUP(VEO25,SINAPI,2,0),IF(VER25=\"SETOP\",VLOOKUP(VEO25,SETOP,3,0),IF(VER25=\"CPU\",VLOOKUP(VEO25,COMPOSIÇÃO,2,0),VLOOKUP(VEO25,COTAÇÃO,3,0))))","v":"BOMBEIRO/ENCANADOR COM ENCARGOS COMPLEMENTARES"},null,"SETOP",{"$f":"IF(VER25=\"SINAPI\",VLOOKUP(VEO25,SINAPI,3,0),IF(VER25=\"SETOP\",VLOOKUP(VEO25,SETOP,4,0),IF(VER25=\"CPU\",VLOOKUP(VEO25,COMPOSIÇÃO,5,0),VLOOKUP(VEO25,COTAÇÃO,8,0))))","v":"HORA"},0.5,{"$f":"IF(VER25=\"SINAPI\",VLOOKUP(VEO25,SINAPI,4,0),IF(VER25=\"SETOP\",VLOOKUP(VEO25,SETOP,5,0),IF(VER25=\"CPU\",VLOOKUP(VEO25,COMPOSIÇÃO,8,0),VLOOKUP(VEO25,COTAÇÃO,11,0))))","v":19.149999999999999},{"$f":"VET25*VEU25","v":9.5749999999999993},"ED-50374",{"$f":"IF(VEZ25=\"SINAPI\",VLOOKUP(VEW25,SINAPI,2,0),IF(VEZ25=\"SETOP\",VLOOKUP(VEW25,SETOP,3,0),IF(VEZ25=\"CPU\",VLOOKUP(VEW25,COMPOSIÇÃO,2,0),VLOOKUP(VEW25,COTAÇÃO,3,0))))","v":"BOMBEIRO/ENCANADOR COM ENCARGOS COMPLEMENTARES"},null,"SETOP",{"$f":"IF(VEZ25=\"SINAPI\",VLOOKUP(VEW25,SINAPI,3,0),IF(VEZ25=\"SETOP\",VLOOKUP(VEW25,SETOP,4,0),IF(VEZ25=\"CPU\",VLOOKUP(VEW25,COMPOSIÇÃO,5,0),VLOOKUP(VEW25,COTAÇÃO,8,0))))","v":"HORA"},0.5,{"$f":"IF(VEZ25=\"SINAPI\",VLOOKUP(VEW25,SINAPI,4,0),IF(VEZ25=\"SETOP\",VLOOKUP(VEW25,SETOP,5,0),IF(VEZ25=\"CPU\",VLOOKUP(VEW25,COMPOSIÇÃO,8,0),VLOOKUP(VEW25,COTAÇÃO,11,0))))","v":19.149999999999999},{"$f":"VFB25*VFC25","v":9.5749999999999993},"ED-50374",{"$f":"IF(VFH25=\"SINAPI\",VLOOKUP(VFE25,SINAPI,2,0),IF(VFH25=\"SETOP\",VLOOKUP(VFE25,SETOP,3,0),IF(VFH25=\"CPU\",VLOOKUP(VFE25,COMPOSIÇÃO,2,0),VLOOKUP(VFE25,COTAÇÃO,3,0))))","v":"BOMBEIRO/ENCANADOR COM ENCARGOS COMPLEMENTARES"},null,"SETOP",{"$f":"IF(VFH25=\"SINAPI\",VLOOKUP(VFE25,SINAPI,3,0),IF(VFH25=\"SETOP\",VLOOKUP(VFE25,SETOP,4,0),IF(VFH25=\"CPU\",VLOOKUP(VFE25,COMPOSIÇÃO,5,0),VLOOKUP(VFE25,COTAÇÃO,8,0))))","v":"HORA"},0.5,{"$f":"IF(VFH25=\"SINAPI\",VLOOKUP(VFE25,SINAPI,4,0),IF(VFH25=\"SETOP\",VLOOKUP(VFE25,SETOP,5,0),IF(VFH25=\"CPU\",VLOOKUP(VFE25,COMPOSIÇÃO,8,0),VLOOKUP(VFE25,COTAÇÃO,11,0))))","v":19.149999999999999},{"$f":"VFJ25*VFK25","v":9.5749999999999993},"ED-50374",{"$f":"IF(VFP25=\"SINAPI\",VLOOKUP(VFM25,SINAPI,2,0),IF(VFP25=\"SETOP\",VLOOKUP(VFM25,SETOP,3,0),IF(VFP25=\"CPU\",VLOOKUP(VFM25,COMPOSIÇÃO,2,0),VLOOKUP(VFM25,COTAÇÃO,3,0))))","v":"BOMBEIRO/ENCANADOR COM ENCARGOS COMPLEMENTARES"},null,"SETOP",{"$f":"IF(VFP25=\"SINAPI\",VLOOKUP(VFM25,SINAPI,3,0),IF(VFP25=\"SETOP\",VLOOKUP(VFM25,SETOP,4,0),IF(VFP25=\"CPU\",VLOOKUP(VFM25,COMPOSIÇÃO,5,0),VLOOKUP(VFM25,COTAÇÃO,8,0))))","v":"HORA"},0.5,{"$f":"IF(VFP25=\"SINAPI\",VLOOKUP(VFM25,SINAPI,4,0),IF(VFP25=\"SETOP\",VLOOKUP(VFM25,SETOP,5,0),IF(VFP25=\"CPU\",VLOOKUP(VFM25,COMPOSIÇÃO,8,0),VLOOKUP(VFM25,COTAÇÃO,11,0))))","v":19.149999999999999},{"$f":"VFR25*VFS25","v":9.5749999999999993},"ED-50374",{"$f":"IF(VFX25=\"SINAPI\",VLOOKUP(VFU25,SINAPI,2,0),IF(VFX25=\"SETOP\",VLOOKUP(VFU25,SETOP,3,0),IF(VFX25=\"CPU\",VLOOKUP(VFU25,COMPOSIÇÃO,2,0),VLOOKUP(VFU25,COTAÇÃO,3,0))))","v":"BOMBEIRO/ENCANADOR COM ENCARGOS COMPLEMENTARES"},null,"SETOP",{"$f":"IF(VFX25=\"SINAPI\",VLOOKUP(VFU25,SINAPI,3,0),IF(VFX25=\"SETOP\",VLOOKUP(VFU25,SETOP,4,0),IF(VFX25=\"CPU\",VLOOKUP(VFU25,COMPOSIÇÃO,5,0),VLOOKUP(VFU25,COTAÇÃO,8,0))))","v":"HORA"},0.5,{"$f":"IF(VFX25=\"SINAPI\",VLOOKUP(VFU25,SINAPI,4,0),IF(VFX25=\"SETOP\",VLOOKUP(VFU25,SETOP,5,0),IF(VFX25=\"CPU\",VLOOKUP(VFU25,COMPOSIÇÃO,8,0),VLOOKUP(VFU25,COTAÇÃO,11,0))))","v":19.149999999999999},{"$f":"VFZ25*VGA25","v":9.5749999999999993},"ED-50374",{"$f":"IF(VGF25=\"SINAPI\",VLOOKUP(VGC25,SINAPI,2,0),IF(VGF25=\"SETOP\",VLOOKUP(VGC25,SETOP,3,0),IF(VGF25=\"CPU\",VLOOKUP(VGC25,COMPOSIÇÃO,2,0),VLOOKUP(VGC25,COTAÇÃO,3,0))))","v":"BOMBEIRO/ENCANADOR COM ENCARGOS COMPLEMENTARES"},null,"SETOP",{"$f":"IF(VGF25=\"SINAPI\",VLOOKUP(VGC25,SINAPI,3,0),IF(VGF25=\"SETOP\",VLOOKUP(VGC25,SETOP,4,0),IF(VGF25=\"CPU\",VLOOKUP(VGC25,COMPOSIÇÃO,5,0),VLOOKUP(VGC25,COTAÇÃO,8,0))))","v":"HORA"},0.5,{"$f":"IF(VGF25=\"SINAPI\",VLOOKUP(VGC25,SINAPI,4,0),IF(VGF25=\"SETOP\",VLOOKUP(VGC25,SETOP,5,0),IF(VGF25=\"CPU\",VLOOKUP(VGC25,COMPOSIÇÃO,8,0),VLOOKUP(VGC25,COTAÇÃO,11,0))))","v":19.149999999999999},{"$f":"VGH25*VGI25","v":9.5749999999999993},"ED-50374",{"$f":"IF(VGN25=\"SINAPI\",VLOOKUP(VGK25,SINAPI,2,0),IF(VGN25=\"SETOP\",VLOOKUP(VGK25,SETOP,3,0),IF(VGN25=\"CPU\",VLOOKUP(VGK25,COMPOSIÇÃO,2,0),VLOOKUP(VGK25,COTAÇÃO,3,0))))","v":"BOMBEIRO/ENCANADOR COM ENCARGOS COMPLEMENTARES"},null,"SETOP",{"$f":"IF(VGN25=\"SINAPI\",VLOOKUP(VGK25,SINAPI,3,0),IF(VGN25=\"SETOP\",VLOOKUP(VGK25,SETOP,4,0),IF(VGN25=\"CPU\",VLOOKUP(VGK25,COMPOSIÇÃO,5,0),VLOOKUP(VGK25,COTAÇÃO,8,0))))","v":"HORA"},0.5,{"$f":"IF(VGN25=\"SINAPI\",VLOOKUP(VGK25,SINAPI,4,0),IF(VGN25=\"SETOP\",VLOOKUP(VGK25,SETOP,5,0),IF(VGN25=\"CPU\",VLOOKUP(VGK25,COMPOSIÇÃO,8,0),VLOOKUP(VGK25,COTAÇÃO,11,0))))","v":19.149999999999999},{"$f":"VGP25*VGQ25","v":9.5749999999999993},"ED-50374",{"$f":"IF(VGV25=\"SINAPI\",VLOOKUP(VGS25,SINAPI,2,0),IF(VGV25=\"SETOP\",VLOOKUP(VGS25,SETOP,3,0),IF(VGV25=\"CPU\",VLOOKUP(VGS25,COMPOSIÇÃO,2,0),VLOOKUP(VGS25,COTAÇÃO,3,0))))","v":"BOMBEIRO/ENCANADOR COM ENCARGOS COMPLEMENTARES"},null,"SETOP",{"$f":"IF(VGV25=\"SINAPI\",VLOOKUP(VGS25,SINAPI,3,0),IF(VGV25=\"SETOP\",VLOOKUP(VGS25,SETOP,4,0),IF(VGV25=\"CPU\",VLOOKUP(VGS25,COMPOSIÇÃO,5,0),VLOOKUP(VGS25,COTAÇÃO,8,0))))","v":"HORA"},0.5,{"$f":"IF(VGV25=\"SINAPI\",VLOOKUP(VGS25,SINAPI,4,0),IF(VGV25=\"SETOP\",VLOOKUP(VGS25,SETOP,5,0),IF(VGV25=\"CPU\",VLOOKUP(VGS25,COMPOSIÇÃO,8,0),VLOOKUP(VGS25,COTAÇÃO,11,0))))","v":19.149999999999999},{"$f":"VGX25*VGY25","v":9.5749999999999993},"ED-50374",{"$f":"IF(VHD25=\"SINAPI\",VLOOKUP(VHA25,SINAPI,2,0),IF(VHD25=\"SETOP\",VLOOKUP(VHA25,SETOP,3,0),IF(VHD25=\"CPU\",VLOOKUP(VHA25,COMPOSIÇÃO,2,0),VLOOKUP(VHA25,COTAÇÃO,3,0))))","v":"BOMBEIRO/ENCANADOR COM ENCARGOS COMPLEMENTARES"},null,"SETOP",{"$f":"IF(VHD25=\"SINAPI\",VLOOKUP(VHA25,SINAPI,3,0),IF(VHD25=\"SETOP\",VLOOKUP(VHA25,SETOP,4,0),IF(VHD25=\"CPU\",VLOOKUP(VHA25,COMPOSIÇÃO,5,0),VLOOKUP(VHA25,COTAÇÃO,8,0))))","v":"HORA"},0.5,{"$f":"IF(VHD25=\"SINAPI\",VLOOKUP(VHA25,SINAPI,4,0),IF(VHD25=\"SETOP\",VLOOKUP(VHA25,SETOP,5,0),IF(VHD25=\"CPU\",VLOOKUP(VHA25,COMPOSIÇÃO,8,0),VLOOKUP(VHA25,COTAÇÃO,11,0))))","v":19.149999999999999},{"$f":"VHF25*VHG25","v":9.5749999999999993},"ED-50374",{"$f":"IF(VHL25=\"SINAPI\",VLOOKUP(VHI25,SINAPI,2,0),IF(VHL25=\"SETOP\",VLOOKUP(VHI25,SETOP,3,0),IF(VHL25=\"CPU\",VLOOKUP(VHI25,COMPOSIÇÃO,2,0),VLOOKUP(VHI25,COTAÇÃO,3,0))))","v":"BOMBEIRO/ENCANADOR COM ENCARGOS COMPLEMENTARES"},null,"SETOP",{"$f":"IF(VHL25=\"SINAPI\",VLOOKUP(VHI25,SINAPI,3,0),IF(VHL25=\"SETOP\",VLOOKUP(VHI25,SETOP,4,0),IF(VHL25=\"CPU\",VLOOKUP(VHI25,COMPOSIÇÃO,5,0),VLOOKUP(VHI25,COTAÇÃO,8,0))))","v":"HORA"},0.5,{"$f":"IF(VHL25=\"SINAPI\",VLOOKUP(VHI25,SINAPI,4,0),IF(VHL25=\"SETOP\",VLOOKUP(VHI25,SETOP,5,0),IF(VHL25=\"CPU\",VLOOKUP(VHI25,COMPOSIÇÃO,8,0),VLOOKUP(VHI25,COTAÇÃO,11,0))))","v":19.149999999999999},{"$f":"VHN25*VHO25","v":9.5749999999999993},"ED-50374",{"$f":"IF(VHT25=\"SINAPI\",VLOOKUP(VHQ25,SINAPI,2,0),IF(VHT25=\"SETOP\",VLOOKUP(VHQ25,SETOP,3,0),IF(VHT25=\"CPU\",VLOOKUP(VHQ25,COMPOSIÇÃO,2,0),VLOOKUP(VHQ25,COTAÇÃO,3,0))))","v":"BOMBEIRO/ENCANADOR COM ENCARGOS COMPLEMENTARES"},null,"SETOP",{"$f":"IF(VHT25=\"SINAPI\",VLOOKUP(VHQ25,SINAPI,3,0),IF(VHT25=\"SETOP\",VLOOKUP(VHQ25,SETOP,4,0),IF(VHT25=\"CPU\",VLOOKUP(VHQ25,COMPOSIÇÃO,5,0),VLOOKUP(VHQ25,COTAÇÃO,8,0))))","v":"HORA"},0.5,{"$f":"IF(VHT25=\"SINAPI\",VLOOKUP(VHQ25,SINAPI,4,0),IF(VHT25=\"SETOP\",VLOOKUP(VHQ25,SETOP,5,0),IF(VHT25=\"CPU\",VLOOKUP(VHQ25,COMPOSIÇÃO,8,0),VLOOKUP(VHQ25,COTAÇÃO,11,0))))","v":19.149999999999999},{"$f":"VHV25*VHW25","v":9.5749999999999993},"ED-50374",{"$f":"IF(VIB25=\"SINAPI\",VLOOKUP(VHY25,SINAPI,2,0),IF(VIB25=\"SETOP\",VLOOKUP(VHY25,SETOP,3,0),IF(VIB25=\"CPU\",VLOOKUP(VHY25,COMPOSIÇÃO,2,0),VLOOKUP(VHY25,COTAÇÃO,3,0))))","v":"BOMBEIRO/ENCANADOR COM ENCARGOS COMPLEMENTARES"},null,"SETOP",{"$f":"IF(VIB25=\"SINAPI\",VLOOKUP(VHY25,SINAPI,3,0),IF(VIB25=\"SETOP\",VLOOKUP(VHY25,SETOP,4,0),IF(VIB25=\"CPU\",VLOOKUP(VHY25,COMPOSIÇÃO,5,0),VLOOKUP(VHY25,COTAÇÃO,8,0))))","v":"HORA"},0.5,{"$f":"IF(VIB25=\"SINAPI\",VLOOKUP(VHY25,SINAPI,4,0),IF(VIB25=\"SETOP\",VLOOKUP(VHY25,SETOP,5,0),IF(VIB25=\"CPU\",VLOOKUP(VHY25,COMPOSIÇÃO,8,0),VLOOKUP(VHY25,COTAÇÃO,11,0))))","v":19.149999999999999},{"$f":"VID25*VIE25","v":9.5749999999999993},"ED-50374",{"$f":"IF(VIJ25=\"SINAPI\",VLOOKUP(VIG25,SINAPI,2,0),IF(VIJ25=\"SETOP\",VLOOKUP(VIG25,SETOP,3,0),IF(VIJ25=\"CPU\",VLOOKUP(VIG25,COMPOSIÇÃO,2,0),VLOOKUP(VIG25,COTAÇÃO,3,0))))","v":"BOMBEIRO/ENCANADOR COM ENCARGOS COMPLEMENTARES"},null,"SETOP",{"$f":"IF(VIJ25=\"SINAPI\",VLOOKUP(VIG25,SINAPI,3,0),IF(VIJ25=\"SETOP\",VLOOKUP(VIG25,SETOP,4,0),IF(VIJ25=\"CPU\",VLOOKUP(VIG25,COMPOSIÇÃO,5,0),VLOOKUP(VIG25,COTAÇÃO,8,0))))","v":"HORA"},0.5,{"$f":"IF(VIJ25=\"SINAPI\",VLOOKUP(VIG25,SINAPI,4,0),IF(VIJ25=\"SETOP\",VLOOKUP(VIG25,SETOP,5,0),IF(VIJ25=\"CPU\",VLOOKUP(VIG25,COMPOSIÇÃO,8,0),VLOOKUP(VIG25,COTAÇÃO,11,0))))","v":19.149999999999999},{"$f":"VIL25*VIM25","v":9.5749999999999993},"ED-50374",{"$f":"IF(VIR25=\"SINAPI\",VLOOKUP(VIO25,SINAPI,2,0),IF(VIR25=\"SETOP\",VLOOKUP(VIO25,SETOP,3,0),IF(VIR25=\"CPU\",VLOOKUP(VIO25,COMPOSIÇÃO,2,0),VLOOKUP(VIO25,COTAÇÃO,3,0))))","v":"BOMBEIRO/ENCANADOR COM ENCARGOS COMPLEMENTARES"},null,"SETOP",{"$f":"IF(VIR25=\"SINAPI\",VLOOKUP(VIO25,SINAPI,3,0),IF(VIR25=\"SETOP\",VLOOKUP(VIO25,SETOP,4,0),IF(VIR25=\"CPU\",VLOOKUP(VIO25,COMPOSIÇÃO,5,0),VLOOKUP(VIO25,COTAÇÃO,8,0))))","v":"HORA"},0.5,{"$f":"IF(VIR25=\"SINAPI\",VLOOKUP(VIO25,SINAPI,4,0),IF(VIR25=\"SETOP\",VLOOKUP(VIO25,SETOP,5,0),IF(VIR25=\"CPU\",VLOOKUP(VIO25,COMPOSIÇÃO,8,0),VLOOKUP(VIO25,COTAÇÃO,11,0))))","v":19.149999999999999},{"$f":"VIT25*VIU25","v":9.5749999999999993},"ED-50374",{"$f":"IF(VIZ25=\"SINAPI\",VLOOKUP(VIW25,SINAPI,2,0),IF(VIZ25=\"SETOP\",VLOOKUP(VIW25,SETOP,3,0),IF(VIZ25=\"CPU\",VLOOKUP(VIW25,COMPOSIÇÃO,2,0),VLOOKUP(VIW25,COTAÇÃO,3,0))))","v":"BOMBEIRO/ENCANADOR COM ENCARGOS COMPLEMENTARES"},null,"SETOP",{"$f":"IF(VIZ25=\"SINAPI\",VLOOKUP(VIW25,SINAPI,3,0),IF(VIZ25=\"SETOP\",VLOOKUP(VIW25,SETOP,4,0),IF(VIZ25=\"CPU\",VLOOKUP(VIW25,COMPOSIÇÃO,5,0),VLOOKUP(VIW25,COTAÇÃO,8,0))))","v":"HORA"},0.5,{"$f":"IF(VIZ25=\"SINAPI\",VLOOKUP(VIW25,SINAPI,4,0),IF(VIZ25=\"SETOP\",VLOOKUP(VIW25,SETOP,5,0),IF(VIZ25=\"CPU\",VLOOKUP(VIW25,COMPOSIÇÃO,8,0),VLOOKUP(VIW25,COTAÇÃO,11,0))))","v":19.149999999999999},{"$f":"VJB25*VJC25","v":9.5749999999999993},"ED-50374",{"$f":"IF(VJH25=\"SINAPI\",VLOOKUP(VJE25,SINAPI,2,0),IF(VJH25=\"SETOP\",VLOOKUP(VJE25,SETOP,3,0),IF(VJH25=\"CPU\",VLOOKUP(VJE25,COMPOSIÇÃO,2,0),VLOOKUP(VJE25,COTAÇÃO,3,0))))","v":"BOMBEIRO/ENCANADOR COM ENCARGOS COMPLEMENTARES"},null,"SETOP",{"$f":"IF(VJH25=\"SINAPI\",VLOOKUP(VJE25,SINAPI,3,0),IF(VJH25=\"SETOP\",VLOOKUP(VJE25,SETOP,4,0),IF(VJH25=\"CPU\",VLOOKUP(VJE25,COMPOSIÇÃO,5,0),VLOOKUP(VJE25,COTAÇÃO,8,0))))","v":"HORA"},0.5,{"$f":"IF(VJH25=\"SINAPI\",VLOOKUP(VJE25,SINAPI,4,0),IF(VJH25=\"SETOP\",VLOOKUP(VJE25,SETOP,5,0),IF(VJH25=\"CPU\",VLOOKUP(VJE25,COMPOSIÇÃO,8,0),VLOOKUP(VJE25,COTAÇÃO,11,0))))","v":19.149999999999999},{"$f":"VJJ25*VJK25","v":9.5749999999999993},"ED-50374",{"$f":"IF(VJP25=\"SINAPI\",VLOOKUP(VJM25,SINAPI,2,0),IF(VJP25=\"SETOP\",VLOOKUP(VJM25,SETOP,3,0),IF(VJP25=\"CPU\",VLOOKUP(VJM25,COMPOSIÇÃO,2,0),VLOOKUP(VJM25,COTAÇÃO,3,0))))","v":"BOMBEIRO/ENCANADOR COM ENCARGOS COMPLEMENTARES"},null,"SETOP",{"$f":"IF(VJP25=\"SINAPI\",VLOOKUP(VJM25,SINAPI,3,0),IF(VJP25=\"SETOP\",VLOOKUP(VJM25,SETOP,4,0),IF(VJP25=\"CPU\",VLOOKUP(VJM25,COMPOSIÇÃO,5,0),VLOOKUP(VJM25,COTAÇÃO,8,0))))","v":"HORA"},0.5,{"$f":"IF(VJP25=\"SINAPI\",VLOOKUP(VJM25,SINAPI,4,0),IF(VJP25=\"SETOP\",VLOOKUP(VJM25,SETOP,5,0),IF(VJP25=\"CPU\",VLOOKUP(VJM25,COMPOSIÇÃO,8,0),VLOOKUP(VJM25,COTAÇÃO,11,0))))","v":19.149999999999999},{"$f":"VJR25*VJS25","v":9.5749999999999993},"ED-50374",{"$f":"IF(VJX25=\"SINAPI\",VLOOKUP(VJU25,SINAPI,2,0),IF(VJX25=\"SETOP\",VLOOKUP(VJU25,SETOP,3,0),IF(VJX25=\"CPU\",VLOOKUP(VJU25,COMPOSIÇÃO,2,0),VLOOKUP(VJU25,COTAÇÃO,3,0))))","v":"BOMBEIRO/ENCANADOR COM ENCARGOS COMPLEMENTARES"},null,"SETOP",{"$f":"IF(VJX25=\"SINAPI\",VLOOKUP(VJU25,SINAPI,3,0),IF(VJX25=\"SETOP\",VLOOKUP(VJU25,SETOP,4,0),IF(VJX25=\"CPU\",VLOOKUP(VJU25,COMPOSIÇÃO,5,0),VLOOKUP(VJU25,COTAÇÃO,8,0))))","v":"HORA"},0.5,{"$f":"IF(VJX25=\"SINAPI\",VLOOKUP(VJU25,SINAPI,4,0),IF(VJX25=\"SETOP\",VLOOKUP(VJU25,SETOP,5,0),IF(VJX25=\"CPU\",VLOOKUP(VJU25,COMPOSIÇÃO,8,0),VLOOKUP(VJU25,COTAÇÃO,11,0))))","v":19.149999999999999},{"$f":"VJZ25*VKA25","v":9.5749999999999993},"ED-50374",{"$f":"IF(VKF25=\"SINAPI\",VLOOKUP(VKC25,SINAPI,2,0),IF(VKF25=\"SETOP\",VLOOKUP(VKC25,SETOP,3,0),IF(VKF25=\"CPU\",VLOOKUP(VKC25,COMPOSIÇÃO,2,0),VLOOKUP(VKC25,COTAÇÃO,3,0))))","v":"BOMBEIRO/ENCANADOR COM ENCARGOS COMPLEMENTARES"},null,"SETOP",{"$f":"IF(VKF25=\"SINAPI\",VLOOKUP(VKC25,SINAPI,3,0),IF(VKF25=\"SETOP\",VLOOKUP(VKC25,SETOP,4,0),IF(VKF25=\"CPU\",VLOOKUP(VKC25,COMPOSIÇÃO,5,0),VLOOKUP(VKC25,COTAÇÃO,8,0))))","v":"HORA"},0.5,{"$f":"IF(VKF25=\"SINAPI\",VLOOKUP(VKC25,SINAPI,4,0),IF(VKF25=\"SETOP\",VLOOKUP(VKC25,SETOP,5,0),IF(VKF25=\"CPU\",VLOOKUP(VKC25,COMPOSIÇÃO,8,0),VLOOKUP(VKC25,COTAÇÃO,11,0))))","v":19.149999999999999},{"$f":"VKH25*VKI25","v":9.5749999999999993},"ED-50374",{"$f":"IF(VKN25=\"SINAPI\",VLOOKUP(VKK25,SINAPI,2,0),IF(VKN25=\"SETOP\",VLOOKUP(VKK25,SETOP,3,0),IF(VKN25=\"CPU\",VLOOKUP(VKK25,COMPOSIÇÃO,2,0),VLOOKUP(VKK25,COTAÇÃO,3,0))))","v":"BOMBEIRO/ENCANADOR COM ENCARGOS COMPLEMENTARES"},null,"SETOP",{"$f":"IF(VKN25=\"SINAPI\",VLOOKUP(VKK25,SINAPI,3,0),IF(VKN25=\"SETOP\",VLOOKUP(VKK25,SETOP,4,0),IF(VKN25=\"CPU\",VLOOKUP(VKK25,COMPOSIÇÃO,5,0),VLOOKUP(VKK25,COTAÇÃO,8,0))))","v":"HORA"},0.5,{"$f":"IF(VKN25=\"SINAPI\",VLOOKUP(VKK25,SINAPI,4,0),IF(VKN25=\"SETOP\",VLOOKUP(VKK25,SETOP,5,0),IF(VKN25=\"CPU\",VLOOKUP(VKK25,COMPOSIÇÃO,8,0),VLOOKUP(VKK25,COTAÇÃO,11,0))))","v":19.149999999999999},{"$f":"VKP25*VKQ25","v":9.5749999999999993},"ED-50374",{"$f":"IF(VKV25=\"SINAPI\",VLOOKUP(VKS25,SINAPI,2,0),IF(VKV25=\"SETOP\",VLOOKUP(VKS25,SETOP,3,0),IF(VKV25=\"CPU\",VLOOKUP(VKS25,COMPOSIÇÃO,2,0),VLOOKUP(VKS25,COTAÇÃO,3,0))))","v":"BOMBEIRO/ENCANADOR COM ENCARGOS COMPLEMENTARES"},null,"SETOP",{"$f":"IF(VKV25=\"SINAPI\",VLOOKUP(VKS25,SINAPI,3,0),IF(VKV25=\"SETOP\",VLOOKUP(VKS25,SETOP,4,0),IF(VKV25=\"CPU\",VLOOKUP(VKS25,COMPOSIÇÃO,5,0),VLOOKUP(VKS25,COTAÇÃO,8,0))))","v":"HORA"},0.5,{"$f":"IF(VKV25=\"SINAPI\",VLOOKUP(VKS25,SINAPI,4,0),IF(VKV25=\"SETOP\",VLOOKUP(VKS25,SETOP,5,0),IF(VKV25=\"CPU\",VLOOKUP(VKS25,COMPOSIÇÃO,8,0),VLOOKUP(VKS25,COTAÇÃO,11,0))))","v":19.149999999999999},{"$f":"VKX25*VKY25","v":9.5749999999999993},"ED-50374",{"$f":"IF(VLD25=\"SINAPI\",VLOOKUP(VLA25,SINAPI,2,0),IF(VLD25=\"SETOP\",VLOOKUP(VLA25,SETOP,3,0),IF(VLD25=\"CPU\",VLOOKUP(VLA25,COMPOSIÇÃO,2,0),VLOOKUP(VLA25,COTAÇÃO,3,0))))","v":"BOMBEIRO/ENCANADOR COM ENCARGOS COMPLEMENTARES"},null,"SETOP",{"$f":"IF(VLD25=\"SINAPI\",VLOOKUP(VLA25,SINAPI,3,0),IF(VLD25=\"SETOP\",VLOOKUP(VLA25,SETOP,4,0),IF(VLD25=\"CPU\",VLOOKUP(VLA25,COMPOSIÇÃO,5,0),VLOOKUP(VLA25,COTAÇÃO,8,0))))","v":"HORA"},0.5,{"$f":"IF(VLD25=\"SINAPI\",VLOOKUP(VLA25,SINAPI,4,0),IF(VLD25=\"SETOP\",VLOOKUP(VLA25,SETOP,5,0),IF(VLD25=\"CPU\",VLOOKUP(VLA25,COMPOSIÇÃO,8,0),VLOOKUP(VLA25,COTAÇÃO,11,0))))","v":19.149999999999999},{"$f":"VLF25*VLG25","v":9.5749999999999993},"ED-50374",{"$f":"IF(VLL25=\"SINAPI\",VLOOKUP(VLI25,SINAPI,2,0),IF(VLL25=\"SETOP\",VLOOKUP(VLI25,SETOP,3,0),IF(VLL25=\"CPU\",VLOOKUP(VLI25,COMPOSIÇÃO,2,0),VLOOKUP(VLI25,COTAÇÃO,3,0))))","v":"BOMBEIRO/ENCANADOR COM ENCARGOS COMPLEMENTARES"},null,"SETOP",{"$f":"IF(VLL25=\"SINAPI\",VLOOKUP(VLI25,SINAPI,3,0),IF(VLL25=\"SETOP\",VLOOKUP(VLI25,SETOP,4,0),IF(VLL25=\"CPU\",VLOOKUP(VLI25,COMPOSIÇÃO,5,0),VLOOKUP(VLI25,COTAÇÃO,8,0))))","v":"HORA"},0.5,{"$f":"IF(VLL25=\"SINAPI\",VLOOKUP(VLI25,SINAPI,4,0),IF(VLL25=\"SETOP\",VLOOKUP(VLI25,SETOP,5,0),IF(VLL25=\"CPU\",VLOOKUP(VLI25,COMPOSIÇÃO,8,0),VLOOKUP(VLI25,COTAÇÃO,11,0))))","v":19.149999999999999},{"$f":"VLN25*VLO25","v":9.5749999999999993},"ED-50374",{"$f":"IF(VLT25=\"SINAPI\",VLOOKUP(VLQ25,SINAPI,2,0),IF(VLT25=\"SETOP\",VLOOKUP(VLQ25,SETOP,3,0),IF(VLT25=\"CPU\",VLOOKUP(VLQ25,COMPOSIÇÃO,2,0),VLOOKUP(VLQ25,COTAÇÃO,3,0))))","v":"BOMBEIRO/ENCANADOR COM ENCARGOS COMPLEMENTARES"},null,"SETOP",{"$f":"IF(VLT25=\"SINAPI\",VLOOKUP(VLQ25,SINAPI,3,0),IF(VLT25=\"SETOP\",VLOOKUP(VLQ25,SETOP,4,0),IF(VLT25=\"CPU\",VLOOKUP(VLQ25,COMPOSIÇÃO,5,0),VLOOKUP(VLQ25,COTAÇÃO,8,0))))","v":"HORA"},0.5,{"$f":"IF(VLT25=\"SINAPI\",VLOOKUP(VLQ25,SINAPI,4,0),IF(VLT25=\"SETOP\",VLOOKUP(VLQ25,SETOP,5,0),IF(VLT25=\"CPU\",VLOOKUP(VLQ25,COMPOSIÇÃO,8,0),VLOOKUP(VLQ25,COTAÇÃO,11,0))))","v":19.149999999999999},{"$f":"VLV25*VLW25","v":9.5749999999999993},"ED-50374",{"$f":"IF(VMB25=\"SINAPI\",VLOOKUP(VLY25,SINAPI,2,0),IF(VMB25=\"SETOP\",VLOOKUP(VLY25,SETOP,3,0),IF(VMB25=\"CPU\",VLOOKUP(VLY25,COMPOSIÇÃO,2,0),VLOOKUP(VLY25,COTAÇÃO,3,0))))","v":"BOMBEIRO/ENCANADOR COM ENCARGOS COMPLEMENTARES"},null,"SETOP",{"$f":"IF(VMB25=\"SINAPI\",VLOOKUP(VLY25,SINAPI,3,0),IF(VMB25=\"SETOP\",VLOOKUP(VLY25,SETOP,4,0),IF(VMB25=\"CPU\",VLOOKUP(VLY25,COMPOSIÇÃO,5,0),VLOOKUP(VLY25,COTAÇÃO,8,0))))","v":"HORA"},0.5,{"$f":"IF(VMB25=\"SINAPI\",VLOOKUP(VLY25,SINAPI,4,0),IF(VMB25=\"SETOP\",VLOOKUP(VLY25,SETOP,5,0),IF(VMB25=\"CPU\",VLOOKUP(VLY25,COMPOSIÇÃO,8,0),VLOOKUP(VLY25,COTAÇÃO,11,0))))","v":19.149999999999999},{"$f":"VMD25*VME25","v":9.5749999999999993},"ED-50374",{"$f":"IF(VMJ25=\"SINAPI\",VLOOKUP(VMG25,SINAPI,2,0),IF(VMJ25=\"SETOP\",VLOOKUP(VMG25,SETOP,3,0),IF(VMJ25=\"CPU\",VLOOKUP(VMG25,COMPOSIÇÃO,2,0),VLOOKUP(VMG25,COTAÇÃO,3,0))))","v":"BOMBEIRO/ENCANADOR COM ENCARGOS COMPLEMENTARES"},null,"SETOP",{"$f":"IF(VMJ25=\"SINAPI\",VLOOKUP(VMG25,SINAPI,3,0),IF(VMJ25=\"SETOP\",VLOOKUP(VMG25,SETOP,4,0),IF(VMJ25=\"CPU\",VLOOKUP(VMG25,COMPOSIÇÃO,5,0),VLOOKUP(VMG25,COTAÇÃO,8,0))))","v":"HORA"},0.5,{"$f":"IF(VMJ25=\"SINAPI\",VLOOKUP(VMG25,SINAPI,4,0),IF(VMJ25=\"SETOP\",VLOOKUP(VMG25,SETOP,5,0),IF(VMJ25=\"CPU\",VLOOKUP(VMG25,COMPOSIÇÃO,8,0),VLOOKUP(VMG25,COTAÇÃO,11,0))))","v":19.149999999999999},{"$f":"VML25*VMM25","v":9.5749999999999993},"ED-50374",{"$f":"IF(VMR25=\"SINAPI\",VLOOKUP(VMO25,SINAPI,2,0),IF(VMR25=\"SETOP\",VLOOKUP(VMO25,SETOP,3,0),IF(VMR25=\"CPU\",VLOOKUP(VMO25,COMPOSIÇÃO,2,0),VLOOKUP(VMO25,COTAÇÃO,3,0))))","v":"BOMBEIRO/ENCANADOR COM ENCARGOS COMPLEMENTARES"},null,"SETOP",{"$f":"IF(VMR25=\"SINAPI\",VLOOKUP(VMO25,SINAPI,3,0),IF(VMR25=\"SETOP\",VLOOKUP(VMO25,SETOP,4,0),IF(VMR25=\"CPU\",VLOOKUP(VMO25,COMPOSIÇÃO,5,0),VLOOKUP(VMO25,COTAÇÃO,8,0))))","v":"HORA"},0.5,{"$f":"IF(VMR25=\"SINAPI\",VLOOKUP(VMO25,SINAPI,4,0),IF(VMR25=\"SETOP\",VLOOKUP(VMO25,SETOP,5,0),IF(VMR25=\"CPU\",VLOOKUP(VMO25,COMPOSIÇÃO,8,0),VLOOKUP(VMO25,COTAÇÃO,11,0))))","v":19.149999999999999},{"$f":"VMT25*VMU25","v":9.5749999999999993},"ED-50374",{"$f":"IF(VMZ25=\"SINAPI\",VLOOKUP(VMW25,SINAPI,2,0),IF(VMZ25=\"SETOP\",VLOOKUP(VMW25,SETOP,3,0),IF(VMZ25=\"CPU\",VLOOKUP(VMW25,COMPOSIÇÃO,2,0),VLOOKUP(VMW25,COTAÇÃO,3,0))))","v":"BOMBEIRO/ENCANADOR COM ENCARGOS COMPLEMENTARES"},null,"SETOP",{"$f":"IF(VMZ25=\"SINAPI\",VLOOKUP(VMW25,SINAPI,3,0),IF(VMZ25=\"SETOP\",VLOOKUP(VMW25,SETOP,4,0),IF(VMZ25=\"CPU\",VLOOKUP(VMW25,COMPOSIÇÃO,5,0),VLOOKUP(VMW25,COTAÇÃO,8,0))))","v":"HORA"},0.5,{"$f":"IF(VMZ25=\"SINAPI\",VLOOKUP(VMW25,SINAPI,4,0),IF(VMZ25=\"SETOP\",VLOOKUP(VMW25,SETOP,5,0),IF(VMZ25=\"CPU\",VLOOKUP(VMW25,COMPOSIÇÃO,8,0),VLOOKUP(VMW25,COTAÇÃO,11,0))))","v":19.149999999999999},{"$f":"VNB25*VNC25","v":9.5749999999999993},"ED-50374",{"$f":"IF(VNH25=\"SINAPI\",VLOOKUP(VNE25,SINAPI,2,0),IF(VNH25=\"SETOP\",VLOOKUP(VNE25,SETOP,3,0),IF(VNH25=\"CPU\",VLOOKUP(VNE25,COMPOSIÇÃO,2,0),VLOOKUP(VNE25,COTAÇÃO,3,0))))","v":"BOMBEIRO/ENCANADOR COM ENCARGOS COMPLEMENTARES"},null,"SETOP",{"$f":"IF(VNH25=\"SINAPI\",VLOOKUP(VNE25,SINAPI,3,0),IF(VNH25=\"SETOP\",VLOOKUP(VNE25,SETOP,4,0),IF(VNH25=\"CPU\",VLOOKUP(VNE25,COMPOSIÇÃO,5,0),VLOOKUP(VNE25,COTAÇÃO,8,0))))","v":"HORA"},0.5,{"$f":"IF(VNH25=\"SINAPI\",VLOOKUP(VNE25,SINAPI,4,0),IF(VNH25=\"SETOP\",VLOOKUP(VNE25,SETOP,5,0),IF(VNH25=\"CPU\",VLOOKUP(VNE25,COMPOSIÇÃO,8,0),VLOOKUP(VNE25,COTAÇÃO,11,0))))","v":19.149999999999999},{"$f":"VNJ25*VNK25","v":9.5749999999999993},"ED-50374",{"$f":"IF(VNP25=\"SINAPI\",VLOOKUP(VNM25,SINAPI,2,0),IF(VNP25=\"SETOP\",VLOOKUP(VNM25,SETOP,3,0),IF(VNP25=\"CPU\",VLOOKUP(VNM25,COMPOSIÇÃO,2,0),VLOOKUP(VNM25,COTAÇÃO,3,0))))","v":"BOMBEIRO/ENCANADOR COM ENCARGOS COMPLEMENTARES"},null,"SETOP",{"$f":"IF(VNP25=\"SINAPI\",VLOOKUP(VNM25,SINAPI,3,0),IF(VNP25=\"SETOP\",VLOOKUP(VNM25,SETOP,4,0),IF(VNP25=\"CPU\",VLOOKUP(VNM25,COMPOSIÇÃO,5,0),VLOOKUP(VNM25,COTAÇÃO,8,0))))","v":"HORA"},0.5,{"$f":"IF(VNP25=\"SINAPI\",VLOOKUP(VNM25,SINAPI,4,0),IF(VNP25=\"SETOP\",VLOOKUP(VNM25,SETOP,5,0),IF(VNP25=\"CPU\",VLOOKUP(VNM25,COMPOSIÇÃO,8,0),VLOOKUP(VNM25,COTAÇÃO,11,0))))","v":19.149999999999999},{"$f":"VNR25*VNS25","v":9.5749999999999993},"ED-50374",{"$f":"IF(VNX25=\"SINAPI\",VLOOKUP(VNU25,SINAPI,2,0),IF(VNX25=\"SETOP\",VLOOKUP(VNU25,SETOP,3,0),IF(VNX25=\"CPU\",VLOOKUP(VNU25,COMPOSIÇÃO,2,0),VLOOKUP(VNU25,COTAÇÃO,3,0))))","v":"BOMBEIRO/ENCANADOR COM ENCARGOS COMPLEMENTARES"},null,"SETOP",{"$f":"IF(VNX25=\"SINAPI\",VLOOKUP(VNU25,SINAPI,3,0),IF(VNX25=\"SETOP\",VLOOKUP(VNU25,SETOP,4,0),IF(VNX25=\"CPU\",VLOOKUP(VNU25,COMPOSIÇÃO,5,0),VLOOKUP(VNU25,COTAÇÃO,8,0))))","v":"HORA"},0.5,{"$f":"IF(VNX25=\"SINAPI\",VLOOKUP(VNU25,SINAPI,4,0),IF(VNX25=\"SETOP\",VLOOKUP(VNU25,SETOP,5,0),IF(VNX25=\"CPU\",VLOOKUP(VNU25,COMPOSIÇÃO,8,0),VLOOKUP(VNU25,COTAÇÃO,11,0))))","v":19.149999999999999},{"$f":"VNZ25*VOA25","v":9.5749999999999993},"ED-50374",{"$f":"IF(VOF25=\"SINAPI\",VLOOKUP(VOC25,SINAPI,2,0),IF(VOF25=\"SETOP\",VLOOKUP(VOC25,SETOP,3,0),IF(VOF25=\"CPU\",VLOOKUP(VOC25,COMPOSIÇÃO,2,0),VLOOKUP(VOC25,COTAÇÃO,3,0))))","v":"BOMBEIRO/ENCANADOR COM ENCARGOS COMPLEMENTARES"},null,"SETOP",{"$f":"IF(VOF25=\"SINAPI\",VLOOKUP(VOC25,SINAPI,3,0),IF(VOF25=\"SETOP\",VLOOKUP(VOC25,SETOP,4,0),IF(VOF25=\"CPU\",VLOOKUP(VOC25,COMPOSIÇÃO,5,0),VLOOKUP(VOC25,COTAÇÃO,8,0))))","v":"HORA"},0.5,{"$f":"IF(VOF25=\"SINAPI\",VLOOKUP(VOC25,SINAPI,4,0),IF(VOF25=\"SETOP\",VLOOKUP(VOC25,SETOP,5,0),IF(VOF25=\"CPU\",VLOOKUP(VOC25,COMPOSIÇÃO,8,0),VLOOKUP(VOC25,COTAÇÃO,11,0))))","v":19.149999999999999},{"$f":"VOH25*VOI25","v":9.5749999999999993},"ED-50374",{"$f":"IF(VON25=\"SINAPI\",VLOOKUP(VOK25,SINAPI,2,0),IF(VON25=\"SETOP\",VLOOKUP(VOK25,SETOP,3,0),IF(VON25=\"CPU\",VLOOKUP(VOK25,COMPOSIÇÃO,2,0),VLOOKUP(VOK25,COTAÇÃO,3,0))))","v":"BOMBEIRO/ENCANADOR COM ENCARGOS COMPLEMENTARES"},null,"SETOP",{"$f":"IF(VON25=\"SINAPI\",VLOOKUP(VOK25,SINAPI,3,0),IF(VON25=\"SETOP\",VLOOKUP(VOK25,SETOP,4,0),IF(VON25=\"CPU\",VLOOKUP(VOK25,COMPOSIÇÃO,5,0),VLOOKUP(VOK25,COTAÇÃO,8,0))))","v":"HORA"},0.5,{"$f":"IF(VON25=\"SINAPI\",VLOOKUP(VOK25,SINAPI,4,0),IF(VON25=\"SETOP\",VLOOKUP(VOK25,SETOP,5,0),IF(VON25=\"CPU\",VLOOKUP(VOK25,COMPOSIÇÃO,8,0),VLOOKUP(VOK25,COTAÇÃO,11,0))))","v":19.149999999999999},{"$f":"VOP25*VOQ25","v":9.5749999999999993},"ED-50374",{"$f":"IF(VOV25=\"SINAPI\",VLOOKUP(VOS25,SINAPI,2,0),IF(VOV25=\"SETOP\",VLOOKUP(VOS25,SETOP,3,0),IF(VOV25=\"CPU\",VLOOKUP(VOS25,COMPOSIÇÃO,2,0),VLOOKUP(VOS25,COTAÇÃO,3,0))))","v":"BOMBEIRO/ENCANADOR COM ENCARGOS COMPLEMENTARES"},null,"SETOP",{"$f":"IF(VOV25=\"SINAPI\",VLOOKUP(VOS25,SINAPI,3,0),IF(VOV25=\"SETOP\",VLOOKUP(VOS25,SETOP,4,0),IF(VOV25=\"CPU\",VLOOKUP(VOS25,COMPOSIÇÃO,5,0),VLOOKUP(VOS25,COTAÇÃO,8,0))))","v":"HORA"},0.5,{"$f":"IF(VOV25=\"SINAPI\",VLOOKUP(VOS25,SINAPI,4,0),IF(VOV25=\"SETOP\",VLOOKUP(VOS25,SETOP,5,0),IF(VOV25=\"CPU\",VLOOKUP(VOS25,COMPOSIÇÃO,8,0),VLOOKUP(VOS25,COTAÇÃO,11,0))))","v":19.149999999999999},{"$f":"VOX25*VOY25","v":9.5749999999999993},"ED-50374",{"$f":"IF(VPD25=\"SINAPI\",VLOOKUP(VPA25,SINAPI,2,0),IF(VPD25=\"SETOP\",VLOOKUP(VPA25,SETOP,3,0),IF(VPD25=\"CPU\",VLOOKUP(VPA25,COMPOSIÇÃO,2,0),VLOOKUP(VPA25,COTAÇÃO,3,0))))","v":"BOMBEIRO/ENCANADOR COM ENCARGOS COMPLEMENTARES"},null,"SETOP",{"$f":"IF(VPD25=\"SINAPI\",VLOOKUP(VPA25,SINAPI,3,0),IF(VPD25=\"SETOP\",VLOOKUP(VPA25,SETOP,4,0),IF(VPD25=\"CPU\",VLOOKUP(VPA25,COMPOSIÇÃO,5,0),VLOOKUP(VPA25,COTAÇÃO,8,0))))","v":"HORA"},0.5,{"$f":"IF(VPD25=\"SINAPI\",VLOOKUP(VPA25,SINAPI,4,0),IF(VPD25=\"SETOP\",VLOOKUP(VPA25,SETOP,5,0),IF(VPD25=\"CPU\",VLOOKUP(VPA25,COMPOSIÇÃO,8,0),VLOOKUP(VPA25,COTAÇÃO,11,0))))","v":19.149999999999999},{"$f":"VPF25*VPG25","v":9.5749999999999993},"ED-50374",{"$f":"IF(VPL25=\"SINAPI\",VLOOKUP(VPI25,SINAPI,2,0),IF(VPL25=\"SETOP\",VLOOKUP(VPI25,SETOP,3,0),IF(VPL25=\"CPU\",VLOOKUP(VPI25,COMPOSIÇÃO,2,0),VLOOKUP(VPI25,COTAÇÃO,3,0))))","v":"BOMBEIRO/ENCANADOR COM ENCARGOS COMPLEMENTARES"},null,"SETOP",{"$f":"IF(VPL25=\"SINAPI\",VLOOKUP(VPI25,SINAPI,3,0),IF(VPL25=\"SETOP\",VLOOKUP(VPI25,SETOP,4,0),IF(VPL25=\"CPU\",VLOOKUP(VPI25,COMPOSIÇÃO,5,0),VLOOKUP(VPI25,COTAÇÃO,8,0))))","v":"HORA"},0.5,{"$f":"IF(VPL25=\"SINAPI\",VLOOKUP(VPI25,SINAPI,4,0),IF(VPL25=\"SETOP\",VLOOKUP(VPI25,SETOP,5,0),IF(VPL25=\"CPU\",VLOOKUP(VPI25,COMPOSIÇÃO,8,0),VLOOKUP(VPI25,COTAÇÃO,11,0))))","v":19.149999999999999},{"$f":"VPN25*VPO25","v":9.5749999999999993},"ED-50374",{"$f":"IF(VPT25=\"SINAPI\",VLOOKUP(VPQ25,SINAPI,2,0),IF(VPT25=\"SETOP\",VLOOKUP(VPQ25,SETOP,3,0),IF(VPT25=\"CPU\",VLOOKUP(VPQ25,COMPOSIÇÃO,2,0),VLOOKUP(VPQ25,COTAÇÃO,3,0))))","v":"BOMBEIRO/ENCANADOR COM ENCARGOS COMPLEMENTARES"},null,"SETOP",{"$f":"IF(VPT25=\"SINAPI\",VLOOKUP(VPQ25,SINAPI,3,0),IF(VPT25=\"SETOP\",VLOOKUP(VPQ25,SETOP,4,0),IF(VPT25=\"CPU\",VLOOKUP(VPQ25,COMPOSIÇÃO,5,0),VLOOKUP(VPQ25,COTAÇÃO,8,0))))","v":"HORA"},0.5,{"$f":"IF(VPT25=\"SINAPI\",VLOOKUP(VPQ25,SINAPI,4,0),IF(VPT25=\"SETOP\",VLOOKUP(VPQ25,SETOP,5,0),IF(VPT25=\"CPU\",VLOOKUP(VPQ25,COMPOSIÇÃO,8,0),VLOOKUP(VPQ25,COTAÇÃO,11,0))))","v":19.149999999999999},{"$f":"VPV25*VPW25","v":9.5749999999999993},"ED-50374",{"$f":"IF(VQB25=\"SINAPI\",VLOOKUP(VPY25,SINAPI,2,0),IF(VQB25=\"SETOP\",VLOOKUP(VPY25,SETOP,3,0),IF(VQB25=\"CPU\",VLOOKUP(VPY25,COMPOSIÇÃO,2,0),VLOOKUP(VPY25,COTAÇÃO,3,0))))","v":"BOMBEIRO/ENCANADOR COM ENCARGOS COMPLEMENTARES"},null,"SETOP",{"$f":"IF(VQB25=\"SINAPI\",VLOOKUP(VPY25,SINAPI,3,0),IF(VQB25=\"SETOP\",VLOOKUP(VPY25,SETOP,4,0),IF(VQB25=\"CPU\",VLOOKUP(VPY25,COMPOSIÇÃO,5,0),VLOOKUP(VPY25,COTAÇÃO,8,0))))","v":"HORA"},0.5,{"$f":"IF(VQB25=\"SINAPI\",VLOOKUP(VPY25,SINAPI,4,0),IF(VQB25=\"SETOP\",VLOOKUP(VPY25,SETOP,5,0),IF(VQB25=\"CPU\",VLOOKUP(VPY25,COMPOSIÇÃO,8,0),VLOOKUP(VPY25,COTAÇÃO,11,0))))","v":19.149999999999999},{"$f":"VQD25*VQE25","v":9.5749999999999993},"ED-50374",{"$f":"IF(VQJ25=\"SINAPI\",VLOOKUP(VQG25,SINAPI,2,0),IF(VQJ25=\"SETOP\",VLOOKUP(VQG25,SETOP,3,0),IF(VQJ25=\"CPU\",VLOOKUP(VQG25,COMPOSIÇÃO,2,0),VLOOKUP(VQG25,COTAÇÃO,3,0))))","v":"BOMBEIRO/ENCANADOR COM ENCARGOS COMPLEMENTARES"},null,"SETOP",{"$f":"IF(VQJ25=\"SINAPI\",VLOOKUP(VQG25,SINAPI,3,0),IF(VQJ25=\"SETOP\",VLOOKUP(VQG25,SETOP,4,0),IF(VQJ25=\"CPU\",VLOOKUP(VQG25,COMPOSIÇÃO,5,0),VLOOKUP(VQG25,COTAÇÃO,8,0))))","v":"HORA"},0.5,{"$f":"IF(VQJ25=\"SINAPI\",VLOOKUP(VQG25,SINAPI,4,0),IF(VQJ25=\"SETOP\",VLOOKUP(VQG25,SETOP,5,0),IF(VQJ25=\"CPU\",VLOOKUP(VQG25,COMPOSIÇÃO,8,0),VLOOKUP(VQG25,COTAÇÃO,11,0))))","v":19.149999999999999},{"$f":"VQL25*VQM25","v":9.5749999999999993},"ED-50374",{"$f":"IF(VQR25=\"SINAPI\",VLOOKUP(VQO25,SINAPI,2,0),IF(VQR25=\"SETOP\",VLOOKUP(VQO25,SETOP,3,0),IF(VQR25=\"CPU\",VLOOKUP(VQO25,COMPOSIÇÃO,2,0),VLOOKUP(VQO25,COTAÇÃO,3,0))))","v":"BOMBEIRO/ENCANADOR COM ENCARGOS COMPLEMENTARES"},null,"SETOP",{"$f":"IF(VQR25=\"SINAPI\",VLOOKUP(VQO25,SINAPI,3,0),IF(VQR25=\"SETOP\",VLOOKUP(VQO25,SETOP,4,0),IF(VQR25=\"CPU\",VLOOKUP(VQO25,COMPOSIÇÃO,5,0),VLOOKUP(VQO25,COTAÇÃO,8,0))))","v":"HORA"},0.5,{"$f":"IF(VQR25=\"SINAPI\",VLOOKUP(VQO25,SINAPI,4,0),IF(VQR25=\"SETOP\",VLOOKUP(VQO25,SETOP,5,0),IF(VQR25=\"CPU\",VLOOKUP(VQO25,COMPOSIÇÃO,8,0),VLOOKUP(VQO25,COTAÇÃO,11,0))))","v":19.149999999999999},{"$f":"VQT25*VQU25","v":9.5749999999999993},"ED-50374",{"$f":"IF(VQZ25=\"SINAPI\",VLOOKUP(VQW25,SINAPI,2,0),IF(VQZ25=\"SETOP\",VLOOKUP(VQW25,SETOP,3,0),IF(VQZ25=\"CPU\",VLOOKUP(VQW25,COMPOSIÇÃO,2,0),VLOOKUP(VQW25,COTAÇÃO,3,0))))","v":"BOMBEIRO/ENCANADOR COM ENCARGOS COMPLEMENTARES"},null,"SETOP",{"$f":"IF(VQZ25=\"SINAPI\",VLOOKUP(VQW25,SINAPI,3,0),IF(VQZ25=\"SETOP\",VLOOKUP(VQW25,SETOP,4,0),IF(VQZ25=\"CPU\",VLOOKUP(VQW25,COMPOSIÇÃO,5,0),VLOOKUP(VQW25,COTAÇÃO,8,0))))","v":"HORA"},0.5,{"$f":"IF(VQZ25=\"SINAPI\",VLOOKUP(VQW25,SINAPI,4,0),IF(VQZ25=\"SETOP\",VLOOKUP(VQW25,SETOP,5,0),IF(VQZ25=\"CPU\",VLOOKUP(VQW25,COMPOSIÇÃO,8,0),VLOOKUP(VQW25,COTAÇÃO,11,0))))","v":19.149999999999999},{"$f":"VRB25*VRC25","v":9.5749999999999993},"ED-50374",{"$f":"IF(VRH25=\"SINAPI\",VLOOKUP(VRE25,SINAPI,2,0),IF(VRH25=\"SETOP\",VLOOKUP(VRE25,SETOP,3,0),IF(VRH25=\"CPU\",VLOOKUP(VRE25,COMPOSIÇÃO,2,0),VLOOKUP(VRE25,COTAÇÃO,3,0))))","v":"BOMBEIRO/ENCANADOR COM ENCARGOS COMPLEMENTARES"},null,"SETOP",{"$f":"IF(VRH25=\"SINAPI\",VLOOKUP(VRE25,SINAPI,3,0),IF(VRH25=\"SETOP\",VLOOKUP(VRE25,SETOP,4,0),IF(VRH25=\"CPU\",VLOOKUP(VRE25,COMPOSIÇÃO,5,0),VLOOKUP(VRE25,COTAÇÃO,8,0))))","v":"HORA"},0.5,{"$f":"IF(VRH25=\"SINAPI\",VLOOKUP(VRE25,SINAPI,4,0),IF(VRH25=\"SETOP\",VLOOKUP(VRE25,SETOP,5,0),IF(VRH25=\"CPU\",VLOOKUP(VRE25,COMPOSIÇÃO,8,0),VLOOKUP(VRE25,COTAÇÃO,11,0))))","v":19.149999999999999},{"$f":"VRJ25*VRK25","v":9.5749999999999993},"ED-50374",{"$f":"IF(VRP25=\"SINAPI\",VLOOKUP(VRM25,SINAPI,2,0),IF(VRP25=\"SETOP\",VLOOKUP(VRM25,SETOP,3,0),IF(VRP25=\"CPU\",VLOOKUP(VRM25,COMPOSIÇÃO,2,0),VLOOKUP(VRM25,COTAÇÃO,3,0))))","v":"BOMBEIRO/ENCANADOR COM ENCARGOS COMPLEMENTARES"},null,"SETOP",{"$f":"IF(VRP25=\"SINAPI\",VLOOKUP(VRM25,SINAPI,3,0),IF(VRP25=\"SETOP\",VLOOKUP(VRM25,SETOP,4,0),IF(VRP25=\"CPU\",VLOOKUP(VRM25,COMPOSIÇÃO,5,0),VLOOKUP(VRM25,COTAÇÃO,8,0))))","v":"HORA"},0.5,{"$f":"IF(VRP25=\"SINAPI\",VLOOKUP(VRM25,SINAPI,4,0),IF(VRP25=\"SETOP\",VLOOKUP(VRM25,SETOP,5,0),IF(VRP25=\"CPU\",VLOOKUP(VRM25,COMPOSIÇÃO,8,0),VLOOKUP(VRM25,COTAÇÃO,11,0))))","v":19.149999999999999},{"$f":"VRR25*VRS25","v":9.5749999999999993},"ED-50374",{"$f":"IF(VRX25=\"SINAPI\",VLOOKUP(VRU25,SINAPI,2,0),IF(VRX25=\"SETOP\",VLOOKUP(VRU25,SETOP,3,0),IF(VRX25=\"CPU\",VLOOKUP(VRU25,COMPOSIÇÃO,2,0),VLOOKUP(VRU25,COTAÇÃO,3,0))))","v":"BOMBEIRO/ENCANADOR COM ENCARGOS COMPLEMENTARES"},null,"SETOP",{"$f":"IF(VRX25=\"SINAPI\",VLOOKUP(VRU25,SINAPI,3,0),IF(VRX25=\"SETOP\",VLOOKUP(VRU25,SETOP,4,0),IF(VRX25=\"CPU\",VLOOKUP(VRU25,COMPOSIÇÃO,5,0),VLOOKUP(VRU25,COTAÇÃO,8,0))))","v":"HORA"},0.5,{"$f":"IF(VRX25=\"SINAPI\",VLOOKUP(VRU25,SINAPI,4,0),IF(VRX25=\"SETOP\",VLOOKUP(VRU25,SETOP,5,0),IF(VRX25=\"CPU\",VLOOKUP(VRU25,COMPOSIÇÃO,8,0),VLOOKUP(VRU25,COTAÇÃO,11,0))))","v":19.149999999999999},{"$f":"VRZ25*VSA25","v":9.5749999999999993},"ED-50374",{"$f":"IF(VSF25=\"SINAPI\",VLOOKUP(VSC25,SINAPI,2,0),IF(VSF25=\"SETOP\",VLOOKUP(VSC25,SETOP,3,0),IF(VSF25=\"CPU\",VLOOKUP(VSC25,COMPOSIÇÃO,2,0),VLOOKUP(VSC25,COTAÇÃO,3,0))))","v":"BOMBEIRO/ENCANADOR COM ENCARGOS COMPLEMENTARES"},null,"SETOP",{"$f":"IF(VSF25=\"SINAPI\",VLOOKUP(VSC25,SINAPI,3,0),IF(VSF25=\"SETOP\",VLOOKUP(VSC25,SETOP,4,0),IF(VSF25=\"CPU\",VLOOKUP(VSC25,COMPOSIÇÃO,5,0),VLOOKUP(VSC25,COTAÇÃO,8,0))))","v":"HORA"},0.5,{"$f":"IF(VSF25=\"SINAPI\",VLOOKUP(VSC25,SINAPI,4,0),IF(VSF25=\"SETOP\",VLOOKUP(VSC25,SETOP,5,0),IF(VSF25=\"CPU\",VLOOKUP(VSC25,COMPOSIÇÃO,8,0),VLOOKUP(VSC25,COTAÇÃO,11,0))))","v":19.149999999999999},{"$f":"VSH25*VSI25","v":9.5749999999999993},"ED-50374",{"$f":"IF(VSN25=\"SINAPI\",VLOOKUP(VSK25,SINAPI,2,0),IF(VSN25=\"SETOP\",VLOOKUP(VSK25,SETOP,3,0),IF(VSN25=\"CPU\",VLOOKUP(VSK25,COMPOSIÇÃO,2,0),VLOOKUP(VSK25,COTAÇÃO,3,0))))","v":"BOMBEIRO/ENCANADOR COM ENCARGOS COMPLEMENTARES"},null,"SETOP",{"$f":"IF(VSN25=\"SINAPI\",VLOOKUP(VSK25,SINAPI,3,0),IF(VSN25=\"SETOP\",VLOOKUP(VSK25,SETOP,4,0),IF(VSN25=\"CPU\",VLOOKUP(VSK25,COMPOSIÇÃO,5,0),VLOOKUP(VSK25,COTAÇÃO,8,0))))","v":"HORA"},0.5,{"$f":"IF(VSN25=\"SINAPI\",VLOOKUP(VSK25,SINAPI,4,0),IF(VSN25=\"SETOP\",VLOOKUP(VSK25,SETOP,5,0),IF(VSN25=\"CPU\",VLOOKUP(VSK25,COMPOSIÇÃO,8,0),VLOOKUP(VSK25,COTAÇÃO,11,0))))","v":19.149999999999999},{"$f":"VSP25*VSQ25","v":9.5749999999999993},"ED-50374",{"$f":"IF(VSV25=\"SINAPI\",VLOOKUP(VSS25,SINAPI,2,0),IF(VSV25=\"SETOP\",VLOOKUP(VSS25,SETOP,3,0),IF(VSV25=\"CPU\",VLOOKUP(VSS25,COMPOSIÇÃO,2,0),VLOOKUP(VSS25,COTAÇÃO,3,0))))","v":"BOMBEIRO/ENCANADOR COM ENCARGOS COMPLEMENTARES"},null,"SETOP",{"$f":"IF(VSV25=\"SINAPI\",VLOOKUP(VSS25,SINAPI,3,0),IF(VSV25=\"SETOP\",VLOOKUP(VSS25,SETOP,4,0),IF(VSV25=\"CPU\",VLOOKUP(VSS25,COMPOSIÇÃO,5,0),VLOOKUP(VSS25,COTAÇÃO,8,0))))","v":"HORA"},0.5,{"$f":"IF(VSV25=\"SINAPI\",VLOOKUP(VSS25,SINAPI,4,0),IF(VSV25=\"SETOP\",VLOOKUP(VSS25,SETOP,5,0),IF(VSV25=\"CPU\",VLOOKUP(VSS25,COMPOSIÇÃO,8,0),VLOOKUP(VSS25,COTAÇÃO,11,0))))","v":19.149999999999999},{"$f":"VSX25*VSY25","v":9.5749999999999993},"ED-50374",{"$f":"IF(VTD25=\"SINAPI\",VLOOKUP(VTA25,SINAPI,2,0),IF(VTD25=\"SETOP\",VLOOKUP(VTA25,SETOP,3,0),IF(VTD25=\"CPU\",VLOOKUP(VTA25,COMPOSIÇÃO,2,0),VLOOKUP(VTA25,COTAÇÃO,3,0))))","v":"BOMBEIRO/ENCANADOR COM ENCARGOS COMPLEMENTARES"},null,"SETOP",{"$f":"IF(VTD25=\"SINAPI\",VLOOKUP(VTA25,SINAPI,3,0),IF(VTD25=\"SETOP\",VLOOKUP(VTA25,SETOP,4,0),IF(VTD25=\"CPU\",VLOOKUP(VTA25,COMPOSIÇÃO,5,0),VLOOKUP(VTA25,COTAÇÃO,8,0))))","v":"HORA"},0.5,{"$f":"IF(VTD25=\"SINAPI\",VLOOKUP(VTA25,SINAPI,4,0),IF(VTD25=\"SETOP\",VLOOKUP(VTA25,SETOP,5,0),IF(VTD25=\"CPU\",VLOOKUP(VTA25,COMPOSIÇÃO,8,0),VLOOKUP(VTA25,COTAÇÃO,11,0))))","v":19.149999999999999},{"$f":"VTF25*VTG25","v":9.5749999999999993},"ED-50374",{"$f":"IF(VTL25=\"SINAPI\",VLOOKUP(VTI25,SINAPI,2,0),IF(VTL25=\"SETOP\",VLOOKUP(VTI25,SETOP,3,0),IF(VTL25=\"CPU\",VLOOKUP(VTI25,COMPOSIÇÃO,2,0),VLOOKUP(VTI25,COTAÇÃO,3,0))))","v":"BOMBEIRO/ENCANADOR COM ENCARGOS COMPLEMENTARES"},null,"SETOP",{"$f":"IF(VTL25=\"SINAPI\",VLOOKUP(VTI25,SINAPI,3,0),IF(VTL25=\"SETOP\",VLOOKUP(VTI25,SETOP,4,0),IF(VTL25=\"CPU\",VLOOKUP(VTI25,COMPOSIÇÃO,5,0),VLOOKUP(VTI25,COTAÇÃO,8,0))))","v":"HORA"},0.5,{"$f":"IF(VTL25=\"SINAPI\",VLOOKUP(VTI25,SINAPI,4,0),IF(VTL25=\"SETOP\",VLOOKUP(VTI25,SETOP,5,0),IF(VTL25=\"CPU\",VLOOKUP(VTI25,COMPOSIÇÃO,8,0),VLOOKUP(VTI25,COTAÇÃO,11,0))))","v":19.149999999999999},{"$f":"VTN25*VTO25","v":9.5749999999999993},"ED-50374",{"$f":"IF(VTT25=\"SINAPI\",VLOOKUP(VTQ25,SINAPI,2,0),IF(VTT25=\"SETOP\",VLOOKUP(VTQ25,SETOP,3,0),IF(VTT25=\"CPU\",VLOOKUP(VTQ25,COMPOSIÇÃO,2,0),VLOOKUP(VTQ25,COTAÇÃO,3,0))))","v":"BOMBEIRO/ENCANADOR COM ENCARGOS COMPLEMENTARES"},null,"SETOP",{"$f":"IF(VTT25=\"SINAPI\",VLOOKUP(VTQ25,SINAPI,3,0),IF(VTT25=\"SETOP\",VLOOKUP(VTQ25,SETOP,4,0),IF(VTT25=\"CPU\",VLOOKUP(VTQ25,COMPOSIÇÃO,5,0),VLOOKUP(VTQ25,COTAÇÃO,8,0))))","v":"HORA"},0.5,{"$f":"IF(VTT25=\"SINAPI\",VLOOKUP(VTQ25,SINAPI,4,0),IF(VTT25=\"SETOP\",VLOOKUP(VTQ25,SETOP,5,0),IF(VTT25=\"CPU\",VLOOKUP(VTQ25,COMPOSIÇÃO,8,0),VLOOKUP(VTQ25,COTAÇÃO,11,0))))","v":19.149999999999999},{"$f":"VTV25*VTW25","v":9.5749999999999993},"ED-50374",{"$f":"IF(VUB25=\"SINAPI\",VLOOKUP(VTY25,SINAPI,2,0),IF(VUB25=\"SETOP\",VLOOKUP(VTY25,SETOP,3,0),IF(VUB25=\"CPU\",VLOOKUP(VTY25,COMPOSIÇÃO,2,0),VLOOKUP(VTY25,COTAÇÃO,3,0))))","v":"BOMBEIRO/ENCANADOR COM ENCARGOS COMPLEMENTARES"},null,"SETOP",{"$f":"IF(VUB25=\"SINAPI\",VLOOKUP(VTY25,SINAPI,3,0),IF(VUB25=\"SETOP\",VLOOKUP(VTY25,SETOP,4,0),IF(VUB25=\"CPU\",VLOOKUP(VTY25,COMPOSIÇÃO,5,0),VLOOKUP(VTY25,COTAÇÃO,8,0))))","v":"HORA"},0.5,{"$f":"IF(VUB25=\"SINAPI\",VLOOKUP(VTY25,SINAPI,4,0),IF(VUB25=\"SETOP\",VLOOKUP(VTY25,SETOP,5,0),IF(VUB25=\"CPU\",VLOOKUP(VTY25,COMPOSIÇÃO,8,0),VLOOKUP(VTY25,COTAÇÃO,11,0))))","v":19.149999999999999},{"$f":"VUD25*VUE25","v":9.5749999999999993},"ED-50374",{"$f":"IF(VUJ25=\"SINAPI\",VLOOKUP(VUG25,SINAPI,2,0),IF(VUJ25=\"SETOP\",VLOOKUP(VUG25,SETOP,3,0),IF(VUJ25=\"CPU\",VLOOKUP(VUG25,COMPOSIÇÃO,2,0),VLOOKUP(VUG25,COTAÇÃO,3,0))))","v":"BOMBEIRO/ENCANADOR COM ENCARGOS COMPLEMENTARES"},null,"SETOP",{"$f":"IF(VUJ25=\"SINAPI\",VLOOKUP(VUG25,SINAPI,3,0),IF(VUJ25=\"SETOP\",VLOOKUP(VUG25,SETOP,4,0),IF(VUJ25=\"CPU\",VLOOKUP(VUG25,COMPOSIÇÃO,5,0),VLOOKUP(VUG25,COTAÇÃO,8,0))))","v":"HORA"},0.5,{"$f":"IF(VUJ25=\"SINAPI\",VLOOKUP(VUG25,SINAPI,4,0),IF(VUJ25=\"SETOP\",VLOOKUP(VUG25,SETOP,5,0),IF(VUJ25=\"CPU\",VLOOKUP(VUG25,COMPOSIÇÃO,8,0),VLOOKUP(VUG25,COTAÇÃO,11,0))))","v":19.149999999999999},{"$f":"VUL25*VUM25","v":9.5749999999999993},"ED-50374",{"$f":"IF(VUR25=\"SINAPI\",VLOOKUP(VUO25,SINAPI,2,0),IF(VUR25=\"SETOP\",VLOOKUP(VUO25,SETOP,3,0),IF(VUR25=\"CPU\",VLOOKUP(VUO25,COMPOSIÇÃO,2,0),VLOOKUP(VUO25,COTAÇÃO,3,0))))","v":"BOMBEIRO/ENCANADOR COM ENCARGOS COMPLEMENTARES"},null,"SETOP",{"$f":"IF(VUR25=\"SINAPI\",VLOOKUP(VUO25,SINAPI,3,0),IF(VUR25=\"SETOP\",VLOOKUP(VUO25,SETOP,4,0),IF(VUR25=\"CPU\",VLOOKUP(VUO25,COMPOSIÇÃO,5,0),VLOOKUP(VUO25,COTAÇÃO,8,0))))","v":"HORA"},0.5,{"$f":"IF(VUR25=\"SINAPI\",VLOOKUP(VUO25,SINAPI,4,0),IF(VUR25=\"SETOP\",VLOOKUP(VUO25,SETOP,5,0),IF(VUR25=\"CPU\",VLOOKUP(VUO25,COMPOSIÇÃO,8,0),VLOOKUP(VUO25,COTAÇÃO,11,0))))","v":19.149999999999999},{"$f":"VUT25*VUU25","v":9.5749999999999993},"ED-50374",{"$f":"IF(VUZ25=\"SINAPI\",VLOOKUP(VUW25,SINAPI,2,0),IF(VUZ25=\"SETOP\",VLOOKUP(VUW25,SETOP,3,0),IF(VUZ25=\"CPU\",VLOOKUP(VUW25,COMPOSIÇÃO,2,0),VLOOKUP(VUW25,COTAÇÃO,3,0))))","v":"BOMBEIRO/ENCANADOR COM ENCARGOS COMPLEMENTARES"},null,"SETOP",{"$f":"IF(VUZ25=\"SINAPI\",VLOOKUP(VUW25,SINAPI,3,0),IF(VUZ25=\"SETOP\",VLOOKUP(VUW25,SETOP,4,0),IF(VUZ25=\"CPU\",VLOOKUP(VUW25,COMPOSIÇÃO,5,0),VLOOKUP(VUW25,COTAÇÃO,8,0))))","v":"HORA"},0.5,{"$f":"IF(VUZ25=\"SINAPI\",VLOOKUP(VUW25,SINAPI,4,0),IF(VUZ25=\"SETOP\",VLOOKUP(VUW25,SETOP,5,0),IF(VUZ25=\"CPU\",VLOOKUP(VUW25,COMPOSIÇÃO,8,0),VLOOKUP(VUW25,COTAÇÃO,11,0))))","v":19.149999999999999},{"$f":"VVB25*VVC25","v":9.5749999999999993},"ED-50374",{"$f":"IF(VVH25=\"SINAPI\",VLOOKUP(VVE25,SINAPI,2,0),IF(VVH25=\"SETOP\",VLOOKUP(VVE25,SETOP,3,0),IF(VVH25=\"CPU\",VLOOKUP(VVE25,COMPOSIÇÃO,2,0),VLOOKUP(VVE25,COTAÇÃO,3,0))))","v":"BOMBEIRO/ENCANADOR COM ENCARGOS COMPLEMENTARES"},null,"SETOP",{"$f":"IF(VVH25=\"SINAPI\",VLOOKUP(VVE25,SINAPI,3,0),IF(VVH25=\"SETOP\",VLOOKUP(VVE25,SETOP,4,0),IF(VVH25=\"CPU\",VLOOKUP(VVE25,COMPOSIÇÃO,5,0),VLOOKUP(VVE25,COTAÇÃO,8,0))))","v":"HORA"},0.5,{"$f":"IF(VVH25=\"SINAPI\",VLOOKUP(VVE25,SINAPI,4,0),IF(VVH25=\"SETOP\",VLOOKUP(VVE25,SETOP,5,0),IF(VVH25=\"CPU\",VLOOKUP(VVE25,COMPOSIÇÃO,8,0),VLOOKUP(VVE25,COTAÇÃO,11,0))))","v":19.149999999999999},{"$f":"VVJ25*VVK25","v":9.5749999999999993},"ED-50374",{"$f":"IF(VVP25=\"SINAPI\",VLOOKUP(VVM25,SINAPI,2,0),IF(VVP25=\"SETOP\",VLOOKUP(VVM25,SETOP,3,0),IF(VVP25=\"CPU\",VLOOKUP(VVM25,COMPOSIÇÃO,2,0),VLOOKUP(VVM25,COTAÇÃO,3,0))))","v":"BOMBEIRO/ENCANADOR COM ENCARGOS COMPLEMENTARES"},null,"SETOP",{"$f":"IF(VVP25=\"SINAPI\",VLOOKUP(VVM25,SINAPI,3,0),IF(VVP25=\"SETOP\",VLOOKUP(VVM25,SETOP,4,0),IF(VVP25=\"CPU\",VLOOKUP(VVM25,COMPOSIÇÃO,5,0),VLOOKUP(VVM25,COTAÇÃO,8,0))))","v":"HORA"},0.5,{"$f":"IF(VVP25=\"SINAPI\",VLOOKUP(VVM25,SINAPI,4,0),IF(VVP25=\"SETOP\",VLOOKUP(VVM25,SETOP,5,0),IF(VVP25=\"CPU\",VLOOKUP(VVM25,COMPOSIÇÃO,8,0),VLOOKUP(VVM25,COTAÇÃO,11,0))))","v":19.149999999999999},{"$f":"VVR25*VVS25","v":9.5749999999999993},"ED-50374",{"$f":"IF(VVX25=\"SINAPI\",VLOOKUP(VVU25,SINAPI,2,0),IF(VVX25=\"SETOP\",VLOOKUP(VVU25,SETOP,3,0),IF(VVX25=\"CPU\",VLOOKUP(VVU25,COMPOSIÇÃO,2,0),VLOOKUP(VVU25,COTAÇÃO,3,0))))","v":"BOMBEIRO/ENCANADOR COM ENCARGOS COMPLEMENTARES"},null,"SETOP",{"$f":"IF(VVX25=\"SINAPI\",VLOOKUP(VVU25,SINAPI,3,0),IF(VVX25=\"SETOP\",VLOOKUP(VVU25,SETOP,4,0),IF(VVX25=\"CPU\",VLOOKUP(VVU25,COMPOSIÇÃO,5,0),VLOOKUP(VVU25,COTAÇÃO,8,0))))","v":"HORA"},0.5,{"$f":"IF(VVX25=\"SINAPI\",VLOOKUP(VVU25,SINAPI,4,0),IF(VVX25=\"SETOP\",VLOOKUP(VVU25,SETOP,5,0),IF(VVX25=\"CPU\",VLOOKUP(VVU25,COMPOSIÇÃO,8,0),VLOOKUP(VVU25,COTAÇÃO,11,0))))","v":19.149999999999999},{"$f":"VVZ25*VWA25","v":9.5749999999999993},"ED-50374",{"$f":"IF(VWF25=\"SINAPI\",VLOOKUP(VWC25,SINAPI,2,0),IF(VWF25=\"SETOP\",VLOOKUP(VWC25,SETOP,3,0),IF(VWF25=\"CPU\",VLOOKUP(VWC25,COMPOSIÇÃO,2,0),VLOOKUP(VWC25,COTAÇÃO,3,0))))","v":"BOMBEIRO/ENCANADOR COM ENCARGOS COMPLEMENTARES"},null,"SETOP",{"$f":"IF(VWF25=\"SINAPI\",VLOOKUP(VWC25,SINAPI,3,0),IF(VWF25=\"SETOP\",VLOOKUP(VWC25,SETOP,4,0),IF(VWF25=\"CPU\",VLOOKUP(VWC25,COMPOSIÇÃO,5,0),VLOOKUP(VWC25,COTAÇÃO,8,0))))","v":"HORA"},0.5,{"$f":"IF(VWF25=\"SINAPI\",VLOOKUP(VWC25,SINAPI,4,0),IF(VWF25=\"SETOP\",VLOOKUP(VWC25,SETOP,5,0),IF(VWF25=\"CPU\",VLOOKUP(VWC25,COMPOSIÇÃO,8,0),VLOOKUP(VWC25,COTAÇÃO,11,0))))","v":19.149999999999999},{"$f":"VWH25*VWI25","v":9.5749999999999993},"ED-50374",{"$f":"IF(VWN25=\"SINAPI\",VLOOKUP(VWK25,SINAPI,2,0),IF(VWN25=\"SETOP\",VLOOKUP(VWK25,SETOP,3,0),IF(VWN25=\"CPU\",VLOOKUP(VWK25,COMPOSIÇÃO,2,0),VLOOKUP(VWK25,COTAÇÃO,3,0))))","v":"BOMBEIRO/ENCANADOR COM ENCARGOS COMPLEMENTARES"},null,"SETOP",{"$f":"IF(VWN25=\"SINAPI\",VLOOKUP(VWK25,SINAPI,3,0),IF(VWN25=\"SETOP\",VLOOKUP(VWK25,SETOP,4,0),IF(VWN25=\"CPU\",VLOOKUP(VWK25,COMPOSIÇÃO,5,0),VLOOKUP(VWK25,COTAÇÃO,8,0))))","v":"HORA"},0.5,{"$f":"IF(VWN25=\"SINAPI\",VLOOKUP(VWK25,SINAPI,4,0),IF(VWN25=\"SETOP\",VLOOKUP(VWK25,SETOP,5,0),IF(VWN25=\"CPU\",VLOOKUP(VWK25,COMPOSIÇÃO,8,0),VLOOKUP(VWK25,COTAÇÃO,11,0))))","v":19.149999999999999},{"$f":"VWP25*VWQ25","v":9.5749999999999993},"ED-50374",{"$f":"IF(VWV25=\"SINAPI\",VLOOKUP(VWS25,SINAPI,2,0),IF(VWV25=\"SETOP\",VLOOKUP(VWS25,SETOP,3,0),IF(VWV25=\"CPU\",VLOOKUP(VWS25,COMPOSIÇÃO,2,0),VLOOKUP(VWS25,COTAÇÃO,3,0))))","v":"BOMBEIRO/ENCANADOR COM ENCARGOS COMPLEMENTARES"},null,"SETOP",{"$f":"IF(VWV25=\"SINAPI\",VLOOKUP(VWS25,SINAPI,3,0),IF(VWV25=\"SETOP\",VLOOKUP(VWS25,SETOP,4,0),IF(VWV25=\"CPU\",VLOOKUP(VWS25,COMPOSIÇÃO,5,0),VLOOKUP(VWS25,COTAÇÃO,8,0))))","v":"HORA"},0.5,{"$f":"IF(VWV25=\"SINAPI\",VLOOKUP(VWS25,SINAPI,4,0),IF(VWV25=\"SETOP\",VLOOKUP(VWS25,SETOP,5,0),IF(VWV25=\"CPU\",VLOOKUP(VWS25,COMPOSIÇÃO,8,0),VLOOKUP(VWS25,COTAÇÃO,11,0))))","v":19.149999999999999},{"$f":"VWX25*VWY25","v":9.5749999999999993},"ED-50374",{"$f":"IF(VXD25=\"SINAPI\",VLOOKUP(VXA25,SINAPI,2,0),IF(VXD25=\"SETOP\",VLOOKUP(VXA25,SETOP,3,0),IF(VXD25=\"CPU\",VLOOKUP(VXA25,COMPOSIÇÃO,2,0),VLOOKUP(VXA25,COTAÇÃO,3,0))))","v":"BOMBEIRO/ENCANADOR COM ENCARGOS COMPLEMENTARES"},null,"SETOP",{"$f":"IF(VXD25=\"SINAPI\",VLOOKUP(VXA25,SINAPI,3,0),IF(VXD25=\"SETOP\",VLOOKUP(VXA25,SETOP,4,0),IF(VXD25=\"CPU\",VLOOKUP(VXA25,COMPOSIÇÃO,5,0),VLOOKUP(VXA25,COTAÇÃO,8,0))))","v":"HORA"},0.5,{"$f":"IF(VXD25=\"SINAPI\",VLOOKUP(VXA25,SINAPI,4,0),IF(VXD25=\"SETOP\",VLOOKUP(VXA25,SETOP,5,0),IF(VXD25=\"CPU\",VLOOKUP(VXA25,COMPOSIÇÃO,8,0),VLOOKUP(VXA25,COTAÇÃO,11,0))))","v":19.149999999999999},{"$f":"VXF25*VXG25","v":9.5749999999999993},"ED-50374",{"$f":"IF(VXL25=\"SINAPI\",VLOOKUP(VXI25,SINAPI,2,0),IF(VXL25=\"SETOP\",VLOOKUP(VXI25,SETOP,3,0),IF(VXL25=\"CPU\",VLOOKUP(VXI25,COMPOSIÇÃO,2,0),VLOOKUP(VXI25,COTAÇÃO,3,0))))","v":"BOMBEIRO/ENCANADOR COM ENCARGOS COMPLEMENTARES"},null,"SETOP",{"$f":"IF(VXL25=\"SINAPI\",VLOOKUP(VXI25,SINAPI,3,0),IF(VXL25=\"SETOP\",VLOOKUP(VXI25,SETOP,4,0),IF(VXL25=\"CPU\",VLOOKUP(VXI25,COMPOSIÇÃO,5,0),VLOOKUP(VXI25,COTAÇÃO,8,0))))","v":"HORA"},0.5,{"$f":"IF(VXL25=\"SINAPI\",VLOOKUP(VXI25,SINAPI,4,0),IF(VXL25=\"SETOP\",VLOOKUP(VXI25,SETOP,5,0),IF(VXL25=\"CPU\",VLOOKUP(VXI25,COMPOSIÇÃO,8,0),VLOOKUP(VXI25,COTAÇÃO,11,0))))","v":19.149999999999999},{"$f":"VXN25*VXO25","v":9.5749999999999993},"ED-50374",{"$f":"IF(VXT25=\"SINAPI\",VLOOKUP(VXQ25,SINAPI,2,0),IF(VXT25=\"SETOP\",VLOOKUP(VXQ25,SETOP,3,0),IF(VXT25=\"CPU\",VLOOKUP(VXQ25,COMPOSIÇÃO,2,0),VLOOKUP(VXQ25,COTAÇÃO,3,0))))","v":"BOMBEIRO/ENCANADOR COM ENCARGOS COMPLEMENTARES"},null,"SETOP",{"$f":"IF(VXT25=\"SINAPI\",VLOOKUP(VXQ25,SINAPI,3,0),IF(VXT25=\"SETOP\",VLOOKUP(VXQ25,SETOP,4,0),IF(VXT25=\"CPU\",VLOOKUP(VXQ25,COMPOSIÇÃO,5,0),VLOOKUP(VXQ25,COTAÇÃO,8,0))))","v":"HORA"},0.5,{"$f":"IF(VXT25=\"SINAPI\",VLOOKUP(VXQ25,SINAPI,4,0),IF(VXT25=\"SETOP\",VLOOKUP(VXQ25,SETOP,5,0),IF(VXT25=\"CPU\",VLOOKUP(VXQ25,COMPOSIÇÃO,8,0),VLOOKUP(VXQ25,COTAÇÃO,11,0))))","v":19.149999999999999},{"$f":"VXV25*VXW25","v":9.5749999999999993},"ED-50374",{"$f":"IF(VYB25=\"SINAPI\",VLOOKUP(VXY25,SINAPI,2,0),IF(VYB25=\"SETOP\",VLOOKUP(VXY25,SETOP,3,0),IF(VYB25=\"CPU\",VLOOKUP(VXY25,COMPOSIÇÃO,2,0),VLOOKUP(VXY25,COTAÇÃO,3,0))))","v":"BOMBEIRO/ENCANADOR COM ENCARGOS COMPLEMENTARES"},null,"SETOP",{"$f":"IF(VYB25=\"SINAPI\",VLOOKUP(VXY25,SINAPI,3,0),IF(VYB25=\"SETOP\",VLOOKUP(VXY25,SETOP,4,0),IF(VYB25=\"CPU\",VLOOKUP(VXY25,COMPOSIÇÃO,5,0),VLOOKUP(VXY25,COTAÇÃO,8,0))))","v":"HORA"},0.5,{"$f":"IF(VYB25=\"SINAPI\",VLOOKUP(VXY25,SINAPI,4,0),IF(VYB25=\"SETOP\",VLOOKUP(VXY25,SETOP,5,0),IF(VYB25=\"CPU\",VLOOKUP(VXY25,COMPOSIÇÃO,8,0),VLOOKUP(VXY25,COTAÇÃO,11,0))))","v":19.149999999999999},{"$f":"VYD25*VYE25","v":9.5749999999999993},"ED-50374",{"$f":"IF(VYJ25=\"SINAPI\",VLOOKUP(VYG25,SINAPI,2,0),IF(VYJ25=\"SETOP\",VLOOKUP(VYG25,SETOP,3,0),IF(VYJ25=\"CPU\",VLOOKUP(VYG25,COMPOSIÇÃO,2,0),VLOOKUP(VYG25,COTAÇÃO,3,0))))","v":"BOMBEIRO/ENCANADOR COM ENCARGOS COMPLEMENTARES"},null,"SETOP",{"$f":"IF(VYJ25=\"SINAPI\",VLOOKUP(VYG25,SINAPI,3,0),IF(VYJ25=\"SETOP\",VLOOKUP(VYG25,SETOP,4,0),IF(VYJ25=\"CPU\",VLOOKUP(VYG25,COMPOSIÇÃO,5,0),VLOOKUP(VYG25,COTAÇÃO,8,0))))","v":"HORA"},0.5,{"$f":"IF(VYJ25=\"SINAPI\",VLOOKUP(VYG25,SINAPI,4,0),IF(VYJ25=\"SETOP\",VLOOKUP(VYG25,SETOP,5,0),IF(VYJ25=\"CPU\",VLOOKUP(VYG25,COMPOSIÇÃO,8,0),VLOOKUP(VYG25,COTAÇÃO,11,0))))","v":19.149999999999999},{"$f":"VYL25*VYM25","v":9.5749999999999993},"ED-50374",{"$f":"IF(VYR25=\"SINAPI\",VLOOKUP(VYO25,SINAPI,2,0),IF(VYR25=\"SETOP\",VLOOKUP(VYO25,SETOP,3,0),IF(VYR25=\"CPU\",VLOOKUP(VYO25,COMPOSIÇÃO,2,0),VLOOKUP(VYO25,COTAÇÃO,3,0))))","v":"BOMBEIRO/ENCANADOR COM ENCARGOS COMPLEMENTARES"},null,"SETOP",{"$f":"IF(VYR25=\"SINAPI\",VLOOKUP(VYO25,SINAPI,3,0),IF(VYR25=\"SETOP\",VLOOKUP(VYO25,SETOP,4,0),IF(VYR25=\"CPU\",VLOOKUP(VYO25,COMPOSIÇÃO,5,0),VLOOKUP(VYO25,COTAÇÃO,8,0))))","v":"HORA"},0.5,{"$f":"IF(VYR25=\"SINAPI\",VLOOKUP(VYO25,SINAPI,4,0),IF(VYR25=\"SETOP\",VLOOKUP(VYO25,SETOP,5,0),IF(VYR25=\"CPU\",VLOOKUP(VYO25,COMPOSIÇÃO,8,0),VLOOKUP(VYO25,COTAÇÃO,11,0))))","v":19.149999999999999},{"$f":"VYT25*VYU25","v":9.5749999999999993},"ED-50374",{"$f":"IF(VYZ25=\"SINAPI\",VLOOKUP(VYW25,SINAPI,2,0),IF(VYZ25=\"SETOP\",VLOOKUP(VYW25,SETOP,3,0),IF(VYZ25=\"CPU\",VLOOKUP(VYW25,COMPOSIÇÃO,2,0),VLOOKUP(VYW25,COTAÇÃO,3,0))))","v":"BOMBEIRO/ENCANADOR COM ENCARGOS COMPLEMENTARES"},null,"SETOP",{"$f":"IF(VYZ25=\"SINAPI\",VLOOKUP(VYW25,SINAPI,3,0),IF(VYZ25=\"SETOP\",VLOOKUP(VYW25,SETOP,4,0),IF(VYZ25=\"CPU\",VLOOKUP(VYW25,COMPOSIÇÃO,5,0),VLOOKUP(VYW25,COTAÇÃO,8,0))))","v":"HORA"},0.5,{"$f":"IF(VYZ25=\"SINAPI\",VLOOKUP(VYW25,SINAPI,4,0),IF(VYZ25=\"SETOP\",VLOOKUP(VYW25,SETOP,5,0),IF(VYZ25=\"CPU\",VLOOKUP(VYW25,COMPOSIÇÃO,8,0),VLOOKUP(VYW25,COTAÇÃO,11,0))))","v":19.149999999999999},{"$f":"VZB25*VZC25","v":9.5749999999999993},"ED-50374",{"$f":"IF(VZH25=\"SINAPI\",VLOOKUP(VZE25,SINAPI,2,0),IF(VZH25=\"SETOP\",VLOOKUP(VZE25,SETOP,3,0),IF(VZH25=\"CPU\",VLOOKUP(VZE25,COMPOSIÇÃO,2,0),VLOOKUP(VZE25,COTAÇÃO,3,0))))","v":"BOMBEIRO/ENCANADOR COM ENCARGOS COMPLEMENTARES"},null,"SETOP",{"$f":"IF(VZH25=\"SINAPI\",VLOOKUP(VZE25,SINAPI,3,0),IF(VZH25=\"SETOP\",VLOOKUP(VZE25,SETOP,4,0),IF(VZH25=\"CPU\",VLOOKUP(VZE25,COMPOSIÇÃO,5,0),VLOOKUP(VZE25,COTAÇÃO,8,0))))","v":"HORA"},0.5,{"$f":"IF(VZH25=\"SINAPI\",VLOOKUP(VZE25,SINAPI,4,0),IF(VZH25=\"SETOP\",VLOOKUP(VZE25,SETOP,5,0),IF(VZH25=\"CPU\",VLOOKUP(VZE25,COMPOSIÇÃO,8,0),VLOOKUP(VZE25,COTAÇÃO,11,0))))","v":19.149999999999999},{"$f":"VZJ25*VZK25","v":9.5749999999999993},"ED-50374",{"$f":"IF(VZP25=\"SINAPI\",VLOOKUP(VZM25,SINAPI,2,0),IF(VZP25=\"SETOP\",VLOOKUP(VZM25,SETOP,3,0),IF(VZP25=\"CPU\",VLOOKUP(VZM25,COMPOSIÇÃO,2,0),VLOOKUP(VZM25,COTAÇÃO,3,0))))","v":"BOMBEIRO/ENCANADOR COM ENCARGOS COMPLEMENTARES"},null,"SETOP",{"$f":"IF(VZP25=\"SINAPI\",VLOOKUP(VZM25,SINAPI,3,0),IF(VZP25=\"SETOP\",VLOOKUP(VZM25,SETOP,4,0),IF(VZP25=\"CPU\",VLOOKUP(VZM25,COMPOSIÇÃO,5,0),VLOOKUP(VZM25,COTAÇÃO,8,0))))","v":"HORA"},0.5,{"$f":"IF(VZP25=\"SINAPI\",VLOOKUP(VZM25,SINAPI,4,0),IF(VZP25=\"SETOP\",VLOOKUP(VZM25,SETOP,5,0),IF(VZP25=\"CPU\",VLOOKUP(VZM25,COMPOSIÇÃO,8,0),VLOOKUP(VZM25,COTAÇÃO,11,0))))","v":19.149999999999999},{"$f":"VZR25*VZS25","v":9.5749999999999993},"ED-50374",{"$f":"IF(VZX25=\"SINAPI\",VLOOKUP(VZU25,SINAPI,2,0),IF(VZX25=\"SETOP\",VLOOKUP(VZU25,SETOP,3,0),IF(VZX25=\"CPU\",VLOOKUP(VZU25,COMPOSIÇÃO,2,0),VLOOKUP(VZU25,COTAÇÃO,3,0))))","v":"BOMBEIRO/ENCANADOR COM ENCARGOS COMPLEMENTARES"},null,"SETOP",{"$f":"IF(VZX25=\"SINAPI\",VLOOKUP(VZU25,SINAPI,3,0),IF(VZX25=\"SETOP\",VLOOKUP(VZU25,SETOP,4,0),IF(VZX25=\"CPU\",VLOOKUP(VZU25,COMPOSIÇÃO,5,0),VLOOKUP(VZU25,COTAÇÃO,8,0))))","v":"HORA"},0.5,{"$f":"IF(VZX25=\"SINAPI\",VLOOKUP(VZU25,SINAPI,4,0),IF(VZX25=\"SETOP\",VLOOKUP(VZU25,SETOP,5,0),IF(VZX25=\"CPU\",VLOOKUP(VZU25,COMPOSIÇÃO,8,0),VLOOKUP(VZU25,COTAÇÃO,11,0))))","v":19.149999999999999},{"$f":"VZZ25*WAA25","v":9.5749999999999993},"ED-50374",{"$f":"IF(WAF25=\"SINAPI\",VLOOKUP(WAC25,SINAPI,2,0),IF(WAF25=\"SETOP\",VLOOKUP(WAC25,SETOP,3,0),IF(WAF25=\"CPU\",VLOOKUP(WAC25,COMPOSIÇÃO,2,0),VLOOKUP(WAC25,COTAÇÃO,3,0))))","v":"BOMBEIRO/ENCANADOR COM ENCARGOS COMPLEMENTARES"},null,"SETOP",{"$f":"IF(WAF25=\"SINAPI\",VLOOKUP(WAC25,SINAPI,3,0),IF(WAF25=\"SETOP\",VLOOKUP(WAC25,SETOP,4,0),IF(WAF25=\"CPU\",VLOOKUP(WAC25,COMPOSIÇÃO,5,0),VLOOKUP(WAC25,COTAÇÃO,8,0))))","v":"HORA"},0.5,{"$f":"IF(WAF25=\"SINAPI\",VLOOKUP(WAC25,SINAPI,4,0),IF(WAF25=\"SETOP\",VLOOKUP(WAC25,SETOP,5,0),IF(WAF25=\"CPU\",VLOOKUP(WAC25,COMPOSIÇÃO,8,0),VLOOKUP(WAC25,COTAÇÃO,11,0))))","v":19.149999999999999},{"$f":"WAH25*WAI25","v":9.5749999999999993},"ED-50374",{"$f":"IF(WAN25=\"SINAPI\",VLOOKUP(WAK25,SINAPI,2,0),IF(WAN25=\"SETOP\",VLOOKUP(WAK25,SETOP,3,0),IF(WAN25=\"CPU\",VLOOKUP(WAK25,COMPOSIÇÃO,2,0),VLOOKUP(WAK25,COTAÇÃO,3,0))))","v":"BOMBEIRO/ENCANADOR COM ENCARGOS COMPLEMENTARES"},null,"SETOP",{"$f":"IF(WAN25=\"SINAPI\",VLOOKUP(WAK25,SINAPI,3,0),IF(WAN25=\"SETOP\",VLOOKUP(WAK25,SETOP,4,0),IF(WAN25=\"CPU\",VLOOKUP(WAK25,COMPOSIÇÃO,5,0),VLOOKUP(WAK25,COTAÇÃO,8,0))))","v":"HORA"},0.5,{"$f":"IF(WAN25=\"SINAPI\",VLOOKUP(WAK25,SINAPI,4,0),IF(WAN25=\"SETOP\",VLOOKUP(WAK25,SETOP,5,0),IF(WAN25=\"CPU\",VLOOKUP(WAK25,COMPOSIÇÃO,8,0),VLOOKUP(WAK25,COTAÇÃO,11,0))))","v":19.149999999999999},{"$f":"WAP25*WAQ25","v":9.5749999999999993},"ED-50374",{"$f":"IF(WAV25=\"SINAPI\",VLOOKUP(WAS25,SINAPI,2,0),IF(WAV25=\"SETOP\",VLOOKUP(WAS25,SETOP,3,0),IF(WAV25=\"CPU\",VLOOKUP(WAS25,COMPOSIÇÃO,2,0),VLOOKUP(WAS25,COTAÇÃO,3,0))))","v":"BOMBEIRO/ENCANADOR COM ENCARGOS COMPLEMENTARES"},null,"SETOP",{"$f":"IF(WAV25=\"SINAPI\",VLOOKUP(WAS25,SINAPI,3,0),IF(WAV25=\"SETOP\",VLOOKUP(WAS25,SETOP,4,0),IF(WAV25=\"CPU\",VLOOKUP(WAS25,COMPOSIÇÃO,5,0),VLOOKUP(WAS25,COTAÇÃO,8,0))))","v":"HORA"},0.5,{"$f":"IF(WAV25=\"SINAPI\",VLOOKUP(WAS25,SINAPI,4,0),IF(WAV25=\"SETOP\",VLOOKUP(WAS25,SETOP,5,0),IF(WAV25=\"CPU\",VLOOKUP(WAS25,COMPOSIÇÃO,8,0),VLOOKUP(WAS25,COTAÇÃO,11,0))))","v":19.149999999999999},{"$f":"WAX25*WAY25","v":9.5749999999999993},"ED-50374",{"$f":"IF(WBD25=\"SINAPI\",VLOOKUP(WBA25,SINAPI,2,0),IF(WBD25=\"SETOP\",VLOOKUP(WBA25,SETOP,3,0),IF(WBD25=\"CPU\",VLOOKUP(WBA25,COMPOSIÇÃO,2,0),VLOOKUP(WBA25,COTAÇÃO,3,0))))","v":"BOMBEIRO/ENCANADOR COM ENCARGOS COMPLEMENTARES"},null,"SETOP",{"$f":"IF(WBD25=\"SINAPI\",VLOOKUP(WBA25,SINAPI,3,0),IF(WBD25=\"SETOP\",VLOOKUP(WBA25,SETOP,4,0),IF(WBD25=\"CPU\",VLOOKUP(WBA25,COMPOSIÇÃO,5,0),VLOOKUP(WBA25,COTAÇÃO,8,0))))","v":"HORA"},0.5,{"$f":"IF(WBD25=\"SINAPI\",VLOOKUP(WBA25,SINAPI,4,0),IF(WBD25=\"SETOP\",VLOOKUP(WBA25,SETOP,5,0),IF(WBD25=\"CPU\",VLOOKUP(WBA25,COMPOSIÇÃO,8,0),VLOOKUP(WBA25,COTAÇÃO,11,0))))","v":19.149999999999999},{"$f":"WBF25*WBG25","v":9.5749999999999993},"ED-50374",{"$f":"IF(WBL25=\"SINAPI\",VLOOKUP(WBI25,SINAPI,2,0),IF(WBL25=\"SETOP\",VLOOKUP(WBI25,SETOP,3,0),IF(WBL25=\"CPU\",VLOOKUP(WBI25,COMPOSIÇÃO,2,0),VLOOKUP(WBI25,COTAÇÃO,3,0))))","v":"BOMBEIRO/ENCANADOR COM ENCARGOS COMPLEMENTARES"},null,"SETOP",{"$f":"IF(WBL25=\"SINAPI\",VLOOKUP(WBI25,SINAPI,3,0),IF(WBL25=\"SETOP\",VLOOKUP(WBI25,SETOP,4,0),IF(WBL25=\"CPU\",VLOOKUP(WBI25,COMPOSIÇÃO,5,0),VLOOKUP(WBI25,COTAÇÃO,8,0))))","v":"HORA"},0.5,{"$f":"IF(WBL25=\"SINAPI\",VLOOKUP(WBI25,SINAPI,4,0),IF(WBL25=\"SETOP\",VLOOKUP(WBI25,SETOP,5,0),IF(WBL25=\"CPU\",VLOOKUP(WBI25,COMPOSIÇÃO,8,0),VLOOKUP(WBI25,COTAÇÃO,11,0))))","v":19.149999999999999},{"$f":"WBN25*WBO25","v":9.5749999999999993},"ED-50374",{"$f":"IF(WBT25=\"SINAPI\",VLOOKUP(WBQ25,SINAPI,2,0),IF(WBT25=\"SETOP\",VLOOKUP(WBQ25,SETOP,3,0),IF(WBT25=\"CPU\",VLOOKUP(WBQ25,COMPOSIÇÃO,2,0),VLOOKUP(WBQ25,COTAÇÃO,3,0))))","v":"BOMBEIRO/ENCANADOR COM ENCARGOS COMPLEMENTARES"},null,"SETOP",{"$f":"IF(WBT25=\"SINAPI\",VLOOKUP(WBQ25,SINAPI,3,0),IF(WBT25=\"SETOP\",VLOOKUP(WBQ25,SETOP,4,0),IF(WBT25=\"CPU\",VLOOKUP(WBQ25,COMPOSIÇÃO,5,0),VLOOKUP(WBQ25,COTAÇÃO,8,0))))","v":"HORA"},0.5,{"$f":"IF(WBT25=\"SINAPI\",VLOOKUP(WBQ25,SINAPI,4,0),IF(WBT25=\"SETOP\",VLOOKUP(WBQ25,SETOP,5,0),IF(WBT25=\"CPU\",VLOOKUP(WBQ25,COMPOSIÇÃO,8,0),VLOOKUP(WBQ25,COTAÇÃO,11,0))))","v":19.149999999999999},{"$f":"WBV25*WBW25","v":9.5749999999999993},"ED-50374",{"$f":"IF(WCB25=\"SINAPI\",VLOOKUP(WBY25,SINAPI,2,0),IF(WCB25=\"SETOP\",VLOOKUP(WBY25,SETOP,3,0),IF(WCB25=\"CPU\",VLOOKUP(WBY25,COMPOSIÇÃO,2,0),VLOOKUP(WBY25,COTAÇÃO,3,0))))","v":"BOMBEIRO/ENCANADOR COM ENCARGOS COMPLEMENTARES"},null,"SETOP",{"$f":"IF(WCB25=\"SINAPI\",VLOOKUP(WBY25,SINAPI,3,0),IF(WCB25=\"SETOP\",VLOOKUP(WBY25,SETOP,4,0),IF(WCB25=\"CPU\",VLOOKUP(WBY25,COMPOSIÇÃO,5,0),VLOOKUP(WBY25,COTAÇÃO,8,0))))","v":"HORA"},0.5,{"$f":"IF(WCB25=\"SINAPI\",VLOOKUP(WBY25,SINAPI,4,0),IF(WCB25=\"SETOP\",VLOOKUP(WBY25,SETOP,5,0),IF(WCB25=\"CPU\",VLOOKUP(WBY25,COMPOSIÇÃO,8,0),VLOOKUP(WBY25,COTAÇÃO,11,0))))","v":19.149999999999999},{"$f":"WCD25*WCE25","v":9.5749999999999993},"ED-50374",{"$f":"IF(WCJ25=\"SINAPI\",VLOOKUP(WCG25,SINAPI,2,0),IF(WCJ25=\"SETOP\",VLOOKUP(WCG25,SETOP,3,0),IF(WCJ25=\"CPU\",VLOOKUP(WCG25,COMPOSIÇÃO,2,0),VLOOKUP(WCG25,COTAÇÃO,3,0))))","v":"BOMBEIRO/ENCANADOR COM ENCARGOS COMPLEMENTARES"},null,"SETOP",{"$f":"IF(WCJ25=\"SINAPI\",VLOOKUP(WCG25,SINAPI,3,0),IF(WCJ25=\"SETOP\",VLOOKUP(WCG25,SETOP,4,0),IF(WCJ25=\"CPU\",VLOOKUP(WCG25,COMPOSIÇÃO,5,0),VLOOKUP(WCG25,COTAÇÃO,8,0))))","v":"HORA"},0.5,{"$f":"IF(WCJ25=\"SINAPI\",VLOOKUP(WCG25,SINAPI,4,0),IF(WCJ25=\"SETOP\",VLOOKUP(WCG25,SETOP,5,0),IF(WCJ25=\"CPU\",VLOOKUP(WCG25,COMPOSIÇÃO,8,0),VLOOKUP(WCG25,COTAÇÃO,11,0))))","v":19.149999999999999},{"$f":"WCL25*WCM25","v":9.5749999999999993},"ED-50374",{"$f":"IF(WCR25=\"SINAPI\",VLOOKUP(WCO25,SINAPI,2,0),IF(WCR25=\"SETOP\",VLOOKUP(WCO25,SETOP,3,0),IF(WCR25=\"CPU\",VLOOKUP(WCO25,COMPOSIÇÃO,2,0),VLOOKUP(WCO25,COTAÇÃO,3,0))))","v":"BOMBEIRO/ENCANADOR COM ENCARGOS COMPLEMENTARES"},null,"SETOP",{"$f":"IF(WCR25=\"SINAPI\",VLOOKUP(WCO25,SINAPI,3,0),IF(WCR25=\"SETOP\",VLOOKUP(WCO25,SETOP,4,0),IF(WCR25=\"CPU\",VLOOKUP(WCO25,COMPOSIÇÃO,5,0),VLOOKUP(WCO25,COTAÇÃO,8,0))))","v":"HORA"},0.5,{"$f":"IF(WCR25=\"SINAPI\",VLOOKUP(WCO25,SINAPI,4,0),IF(WCR25=\"SETOP\",VLOOKUP(WCO25,SETOP,5,0),IF(WCR25=\"CPU\",VLOOKUP(WCO25,COMPOSIÇÃO,8,0),VLOOKUP(WCO25,COTAÇÃO,11,0))))","v":19.149999999999999},{"$f":"WCT25*WCU25","v":9.5749999999999993},"ED-50374",{"$f":"IF(WCZ25=\"SINAPI\",VLOOKUP(WCW25,SINAPI,2,0),IF(WCZ25=\"SETOP\",VLOOKUP(WCW25,SETOP,3,0),IF(WCZ25=\"CPU\",VLOOKUP(WCW25,COMPOSIÇÃO,2,0),VLOOKUP(WCW25,COTAÇÃO,3,0))))","v":"BOMBEIRO/ENCANADOR COM ENCARGOS COMPLEMENTARES"},null,"SETOP",{"$f":"IF(WCZ25=\"SINAPI\",VLOOKUP(WCW25,SINAPI,3,0),IF(WCZ25=\"SETOP\",VLOOKUP(WCW25,SETOP,4,0),IF(WCZ25=\"CPU\",VLOOKUP(WCW25,COMPOSIÇÃO,5,0),VLOOKUP(WCW25,COTAÇÃO,8,0))))","v":"HORA"},0.5,{"$f":"IF(WCZ25=\"SINAPI\",VLOOKUP(WCW25,SINAPI,4,0),IF(WCZ25=\"SETOP\",VLOOKUP(WCW25,SETOP,5,0),IF(WCZ25=\"CPU\",VLOOKUP(WCW25,COMPOSIÇÃO,8,0),VLOOKUP(WCW25,COTAÇÃO,11,0))))","v":19.149999999999999},{"$f":"WDB25*WDC25","v":9.5749999999999993},"ED-50374",{"$f":"IF(WDH25=\"SINAPI\",VLOOKUP(WDE25,SINAPI,2,0),IF(WDH25=\"SETOP\",VLOOKUP(WDE25,SETOP,3,0),IF(WDH25=\"CPU\",VLOOKUP(WDE25,COMPOSIÇÃO,2,0),VLOOKUP(WDE25,COTAÇÃO,3,0))))","v":"BOMBEIRO/ENCANADOR COM ENCARGOS COMPLEMENTARES"},null,"SETOP",{"$f":"IF(WDH25=\"SINAPI\",VLOOKUP(WDE25,SINAPI,3,0),IF(WDH25=\"SETOP\",VLOOKUP(WDE25,SETOP,4,0),IF(WDH25=\"CPU\",VLOOKUP(WDE25,COMPOSIÇÃO,5,0),VLOOKUP(WDE25,COTAÇÃO,8,0))))","v":"HORA"},0.5,{"$f":"IF(WDH25=\"SINAPI\",VLOOKUP(WDE25,SINAPI,4,0),IF(WDH25=\"SETOP\",VLOOKUP(WDE25,SETOP,5,0),IF(WDH25=\"CPU\",VLOOKUP(WDE25,COMPOSIÇÃO,8,0),VLOOKUP(WDE25,COTAÇÃO,11,0))))","v":19.149999999999999},{"$f":"WDJ25*WDK25","v":9.5749999999999993},"ED-50374",{"$f":"IF(WDP25=\"SINAPI\",VLOOKUP(WDM25,SINAPI,2,0),IF(WDP25=\"SETOP\",VLOOKUP(WDM25,SETOP,3,0),IF(WDP25=\"CPU\",VLOOKUP(WDM25,COMPOSIÇÃO,2,0),VLOOKUP(WDM25,COTAÇÃO,3,0))))","v":"BOMBEIRO/ENCANADOR COM ENCARGOS COMPLEMENTARES"},null,"SETOP",{"$f":"IF(WDP25=\"SINAPI\",VLOOKUP(WDM25,SINAPI,3,0),IF(WDP25=\"SETOP\",VLOOKUP(WDM25,SETOP,4,0),IF(WDP25=\"CPU\",VLOOKUP(WDM25,COMPOSIÇÃO,5,0),VLOOKUP(WDM25,COTAÇÃO,8,0))))","v":"HORA"},0.5,{"$f":"IF(WDP25=\"SINAPI\",VLOOKUP(WDM25,SINAPI,4,0),IF(WDP25=\"SETOP\",VLOOKUP(WDM25,SETOP,5,0),IF(WDP25=\"CPU\",VLOOKUP(WDM25,COMPOSIÇÃO,8,0),VLOOKUP(WDM25,COTAÇÃO,11,0))))","v":19.149999999999999},{"$f":"WDR25*WDS25","v":9.5749999999999993},"ED-50374",{"$f":"IF(WDX25=\"SINAPI\",VLOOKUP(WDU25,SINAPI,2,0),IF(WDX25=\"SETOP\",VLOOKUP(WDU25,SETOP,3,0),IF(WDX25=\"CPU\",VLOOKUP(WDU25,COMPOSIÇÃO,2,0),VLOOKUP(WDU25,COTAÇÃO,3,0))))","v":"BOMBEIRO/ENCANADOR COM ENCARGOS COMPLEMENTARES"},null,"SETOP",{"$f":"IF(WDX25=\"SINAPI\",VLOOKUP(WDU25,SINAPI,3,0),IF(WDX25=\"SETOP\",VLOOKUP(WDU25,SETOP,4,0),IF(WDX25=\"CPU\",VLOOKUP(WDU25,COMPOSIÇÃO,5,0),VLOOKUP(WDU25,COTAÇÃO,8,0))))","v":"HORA"},0.5,{"$f":"IF(WDX25=\"SINAPI\",VLOOKUP(WDU25,SINAPI,4,0),IF(WDX25=\"SETOP\",VLOOKUP(WDU25,SETOP,5,0),IF(WDX25=\"CPU\",VLOOKUP(WDU25,COMPOSIÇÃO,8,0),VLOOKUP(WDU25,COTAÇÃO,11,0))))","v":19.149999999999999},{"$f":"WDZ25*WEA25","v":9.5749999999999993},"ED-50374",{"$f":"IF(WEF25=\"SINAPI\",VLOOKUP(WEC25,SINAPI,2,0),IF(WEF25=\"SETOP\",VLOOKUP(WEC25,SETOP,3,0),IF(WEF25=\"CPU\",VLOOKUP(WEC25,COMPOSIÇÃO,2,0),VLOOKUP(WEC25,COTAÇÃO,3,0))))","v":"BOMBEIRO/ENCANADOR COM ENCARGOS COMPLEMENTARES"},null,"SETOP",{"$f":"IF(WEF25=\"SINAPI\",VLOOKUP(WEC25,SINAPI,3,0),IF(WEF25=\"SETOP\",VLOOKUP(WEC25,SETOP,4,0),IF(WEF25=\"CPU\",VLOOKUP(WEC25,COMPOSIÇÃO,5,0),VLOOKUP(WEC25,COTAÇÃO,8,0))))","v":"HORA"},0.5,{"$f":"IF(WEF25=\"SINAPI\",VLOOKUP(WEC25,SINAPI,4,0),IF(WEF25=\"SETOP\",VLOOKUP(WEC25,SETOP,5,0),IF(WEF25=\"CPU\",VLOOKUP(WEC25,COMPOSIÇÃO,8,0),VLOOKUP(WEC25,COTAÇÃO,11,0))))","v":19.149999999999999},{"$f":"WEH25*WEI25","v":9.5749999999999993},"ED-50374",{"$f":"IF(WEN25=\"SINAPI\",VLOOKUP(WEK25,SINAPI,2,0),IF(WEN25=\"SETOP\",VLOOKUP(WEK25,SETOP,3,0),IF(WEN25=\"CPU\",VLOOKUP(WEK25,COMPOSIÇÃO,2,0),VLOOKUP(WEK25,COTAÇÃO,3,0))))","v":"BOMBEIRO/ENCANADOR COM ENCARGOS COMPLEMENTARES"},null,"SETOP",{"$f":"IF(WEN25=\"SINAPI\",VLOOKUP(WEK25,SINAPI,3,0),IF(WEN25=\"SETOP\",VLOOKUP(WEK25,SETOP,4,0),IF(WEN25=\"CPU\",VLOOKUP(WEK25,COMPOSIÇÃO,5,0),VLOOKUP(WEK25,COTAÇÃO,8,0))))","v":"HORA"},0.5,{"$f":"IF(WEN25=\"SINAPI\",VLOOKUP(WEK25,SINAPI,4,0),IF(WEN25=\"SETOP\",VLOOKUP(WEK25,SETOP,5,0),IF(WEN25=\"CPU\",VLOOKUP(WEK25,COMPOSIÇÃO,8,0),VLOOKUP(WEK25,COTAÇÃO,11,0))))","v":19.149999999999999},{"$f":"WEP25*WEQ25","v":9.5749999999999993},"ED-50374",{"$f":"IF(WEV25=\"SINAPI\",VLOOKUP(WES25,SINAPI,2,0),IF(WEV25=\"SETOP\",VLOOKUP(WES25,SETOP,3,0),IF(WEV25=\"CPU\",VLOOKUP(WES25,COMPOSIÇÃO,2,0),VLOOKUP(WES25,COTAÇÃO,3,0))))","v":"BOMBEIRO/ENCANADOR COM ENCARGOS COMPLEMENTARES"},null,"SETOP",{"$f":"IF(WEV25=\"SINAPI\",VLOOKUP(WES25,SINAPI,3,0),IF(WEV25=\"SETOP\",VLOOKUP(WES25,SETOP,4,0),IF(WEV25=\"CPU\",VLOOKUP(WES25,COMPOSIÇÃO,5,0),VLOOKUP(WES25,COTAÇÃO,8,0))))","v":"HORA"},0.5,{"$f":"IF(WEV25=\"SINAPI\",VLOOKUP(WES25,SINAPI,4,0),IF(WEV25=\"SETOP\",VLOOKUP(WES25,SETOP,5,0),IF(WEV25=\"CPU\",VLOOKUP(WES25,COMPOSIÇÃO,8,0),VLOOKUP(WES25,COTAÇÃO,11,0))))","v":19.149999999999999},{"$f":"WEX25*WEY25","v":9.5749999999999993},"ED-50374",{"$f":"IF(WFD25=\"SINAPI\",VLOOKUP(WFA25,SINAPI,2,0),IF(WFD25=\"SETOP\",VLOOKUP(WFA25,SETOP,3,0),IF(WFD25=\"CPU\",VLOOKUP(WFA25,COMPOSIÇÃO,2,0),VLOOKUP(WFA25,COTAÇÃO,3,0))))","v":"BOMBEIRO/ENCANADOR COM ENCARGOS COMPLEMENTARES"},null,"SETOP",{"$f":"IF(WFD25=\"SINAPI\",VLOOKUP(WFA25,SINAPI,3,0),IF(WFD25=\"SETOP\",VLOOKUP(WFA25,SETOP,4,0),IF(WFD25=\"CPU\",VLOOKUP(WFA25,COMPOSIÇÃO,5,0),VLOOKUP(WFA25,COTAÇÃO,8,0))))","v":"HORA"},0.5,{"$f":"IF(WFD25=\"SINAPI\",VLOOKUP(WFA25,SINAPI,4,0),IF(WFD25=\"SETOP\",VLOOKUP(WFA25,SETOP,5,0),IF(WFD25=\"CPU\",VLOOKUP(WFA25,COMPOSIÇÃO,8,0),VLOOKUP(WFA25,COTAÇÃO,11,0))))","v":19.149999999999999},{"$f":"WFF25*WFG25","v":9.5749999999999993},"ED-50374",{"$f":"IF(WFL25=\"SINAPI\",VLOOKUP(WFI25,SINAPI,2,0),IF(WFL25=\"SETOP\",VLOOKUP(WFI25,SETOP,3,0),IF(WFL25=\"CPU\",VLOOKUP(WFI25,COMPOSIÇÃO,2,0),VLOOKUP(WFI25,COTAÇÃO,3,0))))","v":"BOMBEIRO/ENCANADOR COM ENCARGOS COMPLEMENTARES"},null,"SETOP",{"$f":"IF(WFL25=\"SINAPI\",VLOOKUP(WFI25,SINAPI,3,0),IF(WFL25=\"SETOP\",VLOOKUP(WFI25,SETOP,4,0),IF(WFL25=\"CPU\",VLOOKUP(WFI25,COMPOSIÇÃO,5,0),VLOOKUP(WFI25,COTAÇÃO,8,0))))","v":"HORA"},0.5,{"$f":"IF(WFL25=\"SINAPI\",VLOOKUP(WFI25,SINAPI,4,0),IF(WFL25=\"SETOP\",VLOOKUP(WFI25,SETOP,5,0),IF(WFL25=\"CPU\",VLOOKUP(WFI25,COMPOSIÇÃO,8,0),VLOOKUP(WFI25,COTAÇÃO,11,0))))","v":19.149999999999999},{"$f":"WFN25*WFO25","v":9.5749999999999993},"ED-50374",{"$f":"IF(WFT25=\"SINAPI\",VLOOKUP(WFQ25,SINAPI,2,0),IF(WFT25=\"SETOP\",VLOOKUP(WFQ25,SETOP,3,0),IF(WFT25=\"CPU\",VLOOKUP(WFQ25,COMPOSIÇÃO,2,0),VLOOKUP(WFQ25,COTAÇÃO,3,0))))","v":"BOMBEIRO/ENCANADOR COM ENCARGOS COMPLEMENTARES"},null,"SETOP",{"$f":"IF(WFT25=\"SINAPI\",VLOOKUP(WFQ25,SINAPI,3,0),IF(WFT25=\"SETOP\",VLOOKUP(WFQ25,SETOP,4,0),IF(WFT25=\"CPU\",VLOOKUP(WFQ25,COMPOSIÇÃO,5,0),VLOOKUP(WFQ25,COTAÇÃO,8,0))))","v":"HORA"},0.5,{"$f":"IF(WFT25=\"SINAPI\",VLOOKUP(WFQ25,SINAPI,4,0),IF(WFT25=\"SETOP\",VLOOKUP(WFQ25,SETOP,5,0),IF(WFT25=\"CPU\",VLOOKUP(WFQ25,COMPOSIÇÃO,8,0),VLOOKUP(WFQ25,COTAÇÃO,11,0))))","v":19.149999999999999},{"$f":"WFV25*WFW25","v":9.5749999999999993},"ED-50374",{"$f":"IF(WGB25=\"SINAPI\",VLOOKUP(WFY25,SINAPI,2,0),IF(WGB25=\"SETOP\",VLOOKUP(WFY25,SETOP,3,0),IF(WGB25=\"CPU\",VLOOKUP(WFY25,COMPOSIÇÃO,2,0),VLOOKUP(WFY25,COTAÇÃO,3,0))))","v":"BOMBEIRO/ENCANADOR COM ENCARGOS COMPLEMENTARES"},null,"SETOP",{"$f":"IF(WGB25=\"SINAPI\",VLOOKUP(WFY25,SINAPI,3,0),IF(WGB25=\"SETOP\",VLOOKUP(WFY25,SETOP,4,0),IF(WGB25=\"CPU\",VLOOKUP(WFY25,COMPOSIÇÃO,5,0),VLOOKUP(WFY25,COTAÇÃO,8,0))))","v":"HORA"},0.5,{"$f":"IF(WGB25=\"SINAPI\",VLOOKUP(WFY25,SINAPI,4,0),IF(WGB25=\"SETOP\",VLOOKUP(WFY25,SETOP,5,0),IF(WGB25=\"CPU\",VLOOKUP(WFY25,COMPOSIÇÃO,8,0),VLOOKUP(WFY25,COTAÇÃO,11,0))))","v":19.149999999999999},{"$f":"WGD25*WGE25","v":9.5749999999999993},"ED-50374",{"$f":"IF(WGJ25=\"SINAPI\",VLOOKUP(WGG25,SINAPI,2,0),IF(WGJ25=\"SETOP\",VLOOKUP(WGG25,SETOP,3,0),IF(WGJ25=\"CPU\",VLOOKUP(WGG25,COMPOSIÇÃO,2,0),VLOOKUP(WGG25,COTAÇÃO,3,0))))","v":"BOMBEIRO/ENCANADOR COM ENCARGOS COMPLEMENTARES"},null,"SETOP",{"$f":"IF(WGJ25=\"SINAPI\",VLOOKUP(WGG25,SINAPI,3,0),IF(WGJ25=\"SETOP\",VLOOKUP(WGG25,SETOP,4,0),IF(WGJ25=\"CPU\",VLOOKUP(WGG25,COMPOSIÇÃO,5,0),VLOOKUP(WGG25,COTAÇÃO,8,0))))","v":"HORA"},0.5,{"$f":"IF(WGJ25=\"SINAPI\",VLOOKUP(WGG25,SINAPI,4,0),IF(WGJ25=\"SETOP\",VLOOKUP(WGG25,SETOP,5,0),IF(WGJ25=\"CPU\",VLOOKUP(WGG25,COMPOSIÇÃO,8,0),VLOOKUP(WGG25,COTAÇÃO,11,0))))","v":19.149999999999999},{"$f":"WGL25*WGM25","v":9.5749999999999993},"ED-50374",{"$f":"IF(WGR25=\"SINAPI\",VLOOKUP(WGO25,SINAPI,2,0),IF(WGR25=\"SETOP\",VLOOKUP(WGO25,SETOP,3,0),IF(WGR25=\"CPU\",VLOOKUP(WGO25,COMPOSIÇÃO,2,0),VLOOKUP(WGO25,COTAÇÃO,3,0))))","v":"BOMBEIRO/ENCANADOR COM ENCARGOS COMPLEMENTARES"},null,"SETOP",{"$f":"IF(WGR25=\"SINAPI\",VLOOKUP(WGO25,SINAPI,3,0),IF(WGR25=\"SETOP\",VLOOKUP(WGO25,SETOP,4,0),IF(WGR25=\"CPU\",VLOOKUP(WGO25,COMPOSIÇÃO,5,0),VLOOKUP(WGO25,COTAÇÃO,8,0))))","v":"HORA"},0.5,{"$f":"IF(WGR25=\"SINAPI\",VLOOKUP(WGO25,SINAPI,4,0),IF(WGR25=\"SETOP\",VLOOKUP(WGO25,SETOP,5,0),IF(WGR25=\"CPU\",VLOOKUP(WGO25,COMPOSIÇÃO,8,0),VLOOKUP(WGO25,COTAÇÃO,11,0))))","v":19.149999999999999},{"$f":"WGT25*WGU25","v":9.5749999999999993},"ED-50374",{"$f":"IF(WGZ25=\"SINAPI\",VLOOKUP(WGW25,SINAPI,2,0),IF(WGZ25=\"SETOP\",VLOOKUP(WGW25,SETOP,3,0),IF(WGZ25=\"CPU\",VLOOKUP(WGW25,COMPOSIÇÃO,2,0),VLOOKUP(WGW25,COTAÇÃO,3,0))))","v":"BOMBEIRO/ENCANADOR COM ENCARGOS COMPLEMENTARES"},null,"SETOP",{"$f":"IF(WGZ25=\"SINAPI\",VLOOKUP(WGW25,SINAPI,3,0),IF(WGZ25=\"SETOP\",VLOOKUP(WGW25,SETOP,4,0),IF(WGZ25=\"CPU\",VLOOKUP(WGW25,COMPOSIÇÃO,5,0),VLOOKUP(WGW25,COTAÇÃO,8,0))))","v":"HORA"},0.5,{"$f":"IF(WGZ25=\"SINAPI\",VLOOKUP(WGW25,SINAPI,4,0),IF(WGZ25=\"SETOP\",VLOOKUP(WGW25,SETOP,5,0),IF(WGZ25=\"CPU\",VLOOKUP(WGW25,COMPOSIÇÃO,8,0),VLOOKUP(WGW25,COTAÇÃO,11,0))))","v":19.149999999999999},{"$f":"WHB25*WHC25","v":9.5749999999999993},"ED-50374",{"$f":"IF(WHH25=\"SINAPI\",VLOOKUP(WHE25,SINAPI,2,0),IF(WHH25=\"SETOP\",VLOOKUP(WHE25,SETOP,3,0),IF(WHH25=\"CPU\",VLOOKUP(WHE25,COMPOSIÇÃO,2,0),VLOOKUP(WHE25,COTAÇÃO,3,0))))","v":"BOMBEIRO/ENCANADOR COM ENCARGOS COMPLEMENTARES"},null,"SETOP",{"$f":"IF(WHH25=\"SINAPI\",VLOOKUP(WHE25,SINAPI,3,0),IF(WHH25=\"SETOP\",VLOOKUP(WHE25,SETOP,4,0),IF(WHH25=\"CPU\",VLOOKUP(WHE25,COMPOSIÇÃO,5,0),VLOOKUP(WHE25,COTAÇÃO,8,0))))","v":"HORA"},0.5,{"$f":"IF(WHH25=\"SINAPI\",VLOOKUP(WHE25,SINAPI,4,0),IF(WHH25=\"SETOP\",VLOOKUP(WHE25,SETOP,5,0),IF(WHH25=\"CPU\",VLOOKUP(WHE25,COMPOSIÇÃO,8,0),VLOOKUP(WHE25,COTAÇÃO,11,0))))","v":19.149999999999999},{"$f":"WHJ25*WHK25","v":9.5749999999999993},"ED-50374",{"$f":"IF(WHP25=\"SINAPI\",VLOOKUP(WHM25,SINAPI,2,0),IF(WHP25=\"SETOP\",VLOOKUP(WHM25,SETOP,3,0),IF(WHP25=\"CPU\",VLOOKUP(WHM25,COMPOSIÇÃO,2,0),VLOOKUP(WHM25,COTAÇÃO,3,0))))","v":"BOMBEIRO/ENCANADOR COM ENCARGOS COMPLEMENTARES"},null,"SETOP",{"$f":"IF(WHP25=\"SINAPI\",VLOOKUP(WHM25,SINAPI,3,0),IF(WHP25=\"SETOP\",VLOOKUP(WHM25,SETOP,4,0),IF(WHP25=\"CPU\",VLOOKUP(WHM25,COMPOSIÇÃO,5,0),VLOOKUP(WHM25,COTAÇÃO,8,0))))","v":"HORA"},0.5,{"$f":"IF(WHP25=\"SINAPI\",VLOOKUP(WHM25,SINAPI,4,0),IF(WHP25=\"SETOP\",VLOOKUP(WHM25,SETOP,5,0),IF(WHP25=\"CPU\",VLOOKUP(WHM25,COMPOSIÇÃO,8,0),VLOOKUP(WHM25,COTAÇÃO,11,0))))","v":19.149999999999999},{"$f":"WHR25*WHS25","v":9.5749999999999993},"ED-50374",{"$f":"IF(WHX25=\"SINAPI\",VLOOKUP(WHU25,SINAPI,2,0),IF(WHX25=\"SETOP\",VLOOKUP(WHU25,SETOP,3,0),IF(WHX25=\"CPU\",VLOOKUP(WHU25,COMPOSIÇÃO,2,0),VLOOKUP(WHU25,COTAÇÃO,3,0))))","v":"BOMBEIRO/ENCANADOR COM ENCARGOS COMPLEMENTARES"},null,"SETOP",{"$f":"IF(WHX25=\"SINAPI\",VLOOKUP(WHU25,SINAPI,3,0),IF(WHX25=\"SETOP\",VLOOKUP(WHU25,SETOP,4,0),IF(WHX25=\"CPU\",VLOOKUP(WHU25,COMPOSIÇÃO,5,0),VLOOKUP(WHU25,COTAÇÃO,8,0))))","v":"HORA"},0.5,{"$f":"IF(WHX25=\"SINAPI\",VLOOKUP(WHU25,SINAPI,4,0),IF(WHX25=\"SETOP\",VLOOKUP(WHU25,SETOP,5,0),IF(WHX25=\"CPU\",VLOOKUP(WHU25,COMPOSIÇÃO,8,0),VLOOKUP(WHU25,COTAÇÃO,11,0))))","v":19.149999999999999},{"$f":"WHZ25*WIA25","v":9.5749999999999993},"ED-50374",{"$f":"IF(WIF25=\"SINAPI\",VLOOKUP(WIC25,SINAPI,2,0),IF(WIF25=\"SETOP\",VLOOKUP(WIC25,SETOP,3,0),IF(WIF25=\"CPU\",VLOOKUP(WIC25,COMPOSIÇÃO,2,0),VLOOKUP(WIC25,COTAÇÃO,3,0))))","v":"BOMBEIRO/ENCANADOR COM ENCARGOS COMPLEMENTARES"},null,"SETOP",{"$f":"IF(WIF25=\"SINAPI\",VLOOKUP(WIC25,SINAPI,3,0),IF(WIF25=\"SETOP\",VLOOKUP(WIC25,SETOP,4,0),IF(WIF25=\"CPU\",VLOOKUP(WIC25,COMPOSIÇÃO,5,0),VLOOKUP(WIC25,COTAÇÃO,8,0))))","v":"HORA"},0.5,{"$f":"IF(WIF25=\"SINAPI\",VLOOKUP(WIC25,SINAPI,4,0),IF(WIF25=\"SETOP\",VLOOKUP(WIC25,SETOP,5,0),IF(WIF25=\"CPU\",VLOOKUP(WIC25,COMPOSIÇÃO,8,0),VLOOKUP(WIC25,COTAÇÃO,11,0))))","v":19.149999999999999},{"$f":"WIH25*WII25","v":9.5749999999999993},"ED-50374",{"$f":"IF(WIN25=\"SINAPI\",VLOOKUP(WIK25,SINAPI,2,0),IF(WIN25=\"SETOP\",VLOOKUP(WIK25,SETOP,3,0),IF(WIN25=\"CPU\",VLOOKUP(WIK25,COMPOSIÇÃO,2,0),VLOOKUP(WIK25,COTAÇÃO,3,0))))","v":"BOMBEIRO/ENCANADOR COM ENCARGOS COMPLEMENTARES"},null,"SETOP",{"$f":"IF(WIN25=\"SINAPI\",VLOOKUP(WIK25,SINAPI,3,0),IF(WIN25=\"SETOP\",VLOOKUP(WIK25,SETOP,4,0),IF(WIN25=\"CPU\",VLOOKUP(WIK25,COMPOSIÇÃO,5,0),VLOOKUP(WIK25,COTAÇÃO,8,0))))","v":"HORA"},0.5,{"$f":"IF(WIN25=\"SINAPI\",VLOOKUP(WIK25,SINAPI,4,0),IF(WIN25=\"SETOP\",VLOOKUP(WIK25,SETOP,5,0),IF(WIN25=\"CPU\",VLOOKUP(WIK25,COMPOSIÇÃO,8,0),VLOOKUP(WIK25,COTAÇÃO,11,0))))","v":19.149999999999999},{"$f":"WIP25*WIQ25","v":9.5749999999999993},"ED-50374",{"$f":"IF(WIV25=\"SINAPI\",VLOOKUP(WIS25,SINAPI,2,0),IF(WIV25=\"SETOP\",VLOOKUP(WIS25,SETOP,3,0),IF(WIV25=\"CPU\",VLOOKUP(WIS25,COMPOSIÇÃO,2,0),VLOOKUP(WIS25,COTAÇÃO,3,0))))","v":"BOMBEIRO/ENCANADOR COM ENCARGOS COMPLEMENTARES"},null,"SETOP",{"$f":"IF(WIV25=\"SINAPI\",VLOOKUP(WIS25,SINAPI,3,0),IF(WIV25=\"SETOP\",VLOOKUP(WIS25,SETOP,4,0),IF(WIV25=\"CPU\",VLOOKUP(WIS25,COMPOSIÇÃO,5,0),VLOOKUP(WIS25,COTAÇÃO,8,0))))","v":"HORA"},0.5,{"$f":"IF(WIV25=\"SINAPI\",VLOOKUP(WIS25,SINAPI,4,0),IF(WIV25=\"SETOP\",VLOOKUP(WIS25,SETOP,5,0),IF(WIV25=\"CPU\",VLOOKUP(WIS25,COMPOSIÇÃO,8,0),VLOOKUP(WIS25,COTAÇÃO,11,0))))","v":19.149999999999999},{"$f":"WIX25*WIY25","v":9.5749999999999993},"ED-50374",{"$f":"IF(WJD25=\"SINAPI\",VLOOKUP(WJA25,SINAPI,2,0),IF(WJD25=\"SETOP\",VLOOKUP(WJA25,SETOP,3,0),IF(WJD25=\"CPU\",VLOOKUP(WJA25,COMPOSIÇÃO,2,0),VLOOKUP(WJA25,COTAÇÃO,3,0))))","v":"BOMBEIRO/ENCANADOR COM ENCARGOS COMPLEMENTARES"},null,"SETOP",{"$f":"IF(WJD25=\"SINAPI\",VLOOKUP(WJA25,SINAPI,3,0),IF(WJD25=\"SETOP\",VLOOKUP(WJA25,SETOP,4,0),IF(WJD25=\"CPU\",VLOOKUP(WJA25,COMPOSIÇÃO,5,0),VLOOKUP(WJA25,COTAÇÃO,8,0))))","v":"HORA"},0.5,{"$f":"IF(WJD25=\"SINAPI\",VLOOKUP(WJA25,SINAPI,4,0),IF(WJD25=\"SETOP\",VLOOKUP(WJA25,SETOP,5,0),IF(WJD25=\"CPU\",VLOOKUP(WJA25,COMPOSIÇÃO,8,0),VLOOKUP(WJA25,COTAÇÃO,11,0))))","v":19.149999999999999},{"$f":"WJF25*WJG25","v":9.5749999999999993},"ED-50374",{"$f":"IF(WJL25=\"SINAPI\",VLOOKUP(WJI25,SINAPI,2,0),IF(WJL25=\"SETOP\",VLOOKUP(WJI25,SETOP,3,0),IF(WJL25=\"CPU\",VLOOKUP(WJI25,COMPOSIÇÃO,2,0),VLOOKUP(WJI25,COTAÇÃO,3,0))))","v":"BOMBEIRO/ENCANADOR COM ENCARGOS COMPLEMENTARES"},null,"SETOP",{"$f":"IF(WJL25=\"SINAPI\",VLOOKUP(WJI25,SINAPI,3,0),IF(WJL25=\"SETOP\",VLOOKUP(WJI25,SETOP,4,0),IF(WJL25=\"CPU\",VLOOKUP(WJI25,COMPOSIÇÃO,5,0),VLOOKUP(WJI25,COTAÇÃO,8,0))))","v":"HORA"},0.5,{"$f":"IF(WJL25=\"SINAPI\",VLOOKUP(WJI25,SINAPI,4,0),IF(WJL25=\"SETOP\",VLOOKUP(WJI25,SETOP,5,0),IF(WJL25=\"CPU\",VLOOKUP(WJI25,COMPOSIÇÃO,8,0),VLOOKUP(WJI25,COTAÇÃO,11,0))))","v":19.149999999999999},{"$f":"WJN25*WJO25","v":9.5749999999999993},"ED-50374",{"$f":"IF(WJT25=\"SINAPI\",VLOOKUP(WJQ25,SINAPI,2,0),IF(WJT25=\"SETOP\",VLOOKUP(WJQ25,SETOP,3,0),IF(WJT25=\"CPU\",VLOOKUP(WJQ25,COMPOSIÇÃO,2,0),VLOOKUP(WJQ25,COTAÇÃO,3,0))))","v":"BOMBEIRO/ENCANADOR COM ENCARGOS COMPLEMENTARES"},null,"SETOP",{"$f":"IF(WJT25=\"SINAPI\",VLOOKUP(WJQ25,SINAPI,3,0),IF(WJT25=\"SETOP\",VLOOKUP(WJQ25,SETOP,4,0),IF(WJT25=\"CPU\",VLOOKUP(WJQ25,COMPOSIÇÃO,5,0),VLOOKUP(WJQ25,COTAÇÃO,8,0))))","v":"HORA"},0.5,{"$f":"IF(WJT25=\"SINAPI\",VLOOKUP(WJQ25,SINAPI,4,0),IF(WJT25=\"SETOP\",VLOOKUP(WJQ25,SETOP,5,0),IF(WJT25=\"CPU\",VLOOKUP(WJQ25,COMPOSIÇÃO,8,0),VLOOKUP(WJQ25,COTAÇÃO,11,0))))","v":19.149999999999999},{"$f":"WJV25*WJW25","v":9.5749999999999993},"ED-50374",{"$f":"IF(WKB25=\"SINAPI\",VLOOKUP(WJY25,SINAPI,2,0),IF(WKB25=\"SETOP\",VLOOKUP(WJY25,SETOP,3,0),IF(WKB25=\"CPU\",VLOOKUP(WJY25,COMPOSIÇÃO,2,0),VLOOKUP(WJY25,COTAÇÃO,3,0))))","v":"BOMBEIRO/ENCANADOR COM ENCARGOS COMPLEMENTARES"},null,"SETOP",{"$f":"IF(WKB25=\"SINAPI\",VLOOKUP(WJY25,SINAPI,3,0),IF(WKB25=\"SETOP\",VLOOKUP(WJY25,SETOP,4,0),IF(WKB25=\"CPU\",VLOOKUP(WJY25,COMPOSIÇÃO,5,0),VLOOKUP(WJY25,COTAÇÃO,8,0))))","v":"HORA"},0.5,{"$f":"IF(WKB25=\"SINAPI\",VLOOKUP(WJY25,SINAPI,4,0),IF(WKB25=\"SETOP\",VLOOKUP(WJY25,SETOP,5,0),IF(WKB25=\"CPU\",VLOOKUP(WJY25,COMPOSIÇÃO,8,0),VLOOKUP(WJY25,COTAÇÃO,11,0))))","v":19.149999999999999},{"$f":"WKD25*WKE25","v":9.5749999999999993},"ED-50374",{"$f":"IF(WKJ25=\"SINAPI\",VLOOKUP(WKG25,SINAPI,2,0),IF(WKJ25=\"SETOP\",VLOOKUP(WKG25,SETOP,3,0),IF(WKJ25=\"CPU\",VLOOKUP(WKG25,COMPOSIÇÃO,2,0),VLOOKUP(WKG25,COTAÇÃO,3,0))))","v":"BOMBEIRO/ENCANADOR COM ENCARGOS COMPLEMENTARES"},null,"SETOP",{"$f":"IF(WKJ25=\"SINAPI\",VLOOKUP(WKG25,SINAPI,3,0),IF(WKJ25=\"SETOP\",VLOOKUP(WKG25,SETOP,4,0),IF(WKJ25=\"CPU\",VLOOKUP(WKG25,COMPOSIÇÃO,5,0),VLOOKUP(WKG25,COTAÇÃO,8,0))))","v":"HORA"},0.5,{"$f":"IF(WKJ25=\"SINAPI\",VLOOKUP(WKG25,SINAPI,4,0),IF(WKJ25=\"SETOP\",VLOOKUP(WKG25,SETOP,5,0),IF(WKJ25=\"CPU\",VLOOKUP(WKG25,COMPOSIÇÃO,8,0),VLOOKUP(WKG25,COTAÇÃO,11,0))))","v":19.149999999999999},{"$f":"WKL25*WKM25","v":9.5749999999999993},"ED-50374",{"$f":"IF(WKR25=\"SINAPI\",VLOOKUP(WKO25,SINAPI,2,0),IF(WKR25=\"SETOP\",VLOOKUP(WKO25,SETOP,3,0),IF(WKR25=\"CPU\",VLOOKUP(WKO25,COMPOSIÇÃO,2,0),VLOOKUP(WKO25,COTAÇÃO,3,0))))","v":"BOMBEIRO/ENCANADOR COM ENCARGOS COMPLEMENTARES"},null,"SETOP",{"$f":"IF(WKR25=\"SINAPI\",VLOOKUP(WKO25,SINAPI,3,0),IF(WKR25=\"SETOP\",VLOOKUP(WKO25,SETOP,4,0),IF(WKR25=\"CPU\",VLOOKUP(WKO25,COMPOSIÇÃO,5,0),VLOOKUP(WKO25,COTAÇÃO,8,0))))","v":"HORA"},0.5,{"$f":"IF(WKR25=\"SINAPI\",VLOOKUP(WKO25,SINAPI,4,0),IF(WKR25=\"SETOP\",VLOOKUP(WKO25,SETOP,5,0),IF(WKR25=\"CPU\",VLOOKUP(WKO25,COMPOSIÇÃO,8,0),VLOOKUP(WKO25,COTAÇÃO,11,0))))","v":19.149999999999999},{"$f":"WKT25*WKU25","v":9.5749999999999993},"ED-50374",{"$f":"IF(WKZ25=\"SINAPI\",VLOOKUP(WKW25,SINAPI,2,0),IF(WKZ25=\"SETOP\",VLOOKUP(WKW25,SETOP,3,0),IF(WKZ25=\"CPU\",VLOOKUP(WKW25,COMPOSIÇÃO,2,0),VLOOKUP(WKW25,COTAÇÃO,3,0))))","v":"BOMBEIRO/ENCANADOR COM ENCARGOS COMPLEMENTARES"},null,"SETOP",{"$f":"IF(WKZ25=\"SINAPI\",VLOOKUP(WKW25,SINAPI,3,0),IF(WKZ25=\"SETOP\",VLOOKUP(WKW25,SETOP,4,0),IF(WKZ25=\"CPU\",VLOOKUP(WKW25,COMPOSIÇÃO,5,0),VLOOKUP(WKW25,COTAÇÃO,8,0))))","v":"HORA"},0.5,{"$f":"IF(WKZ25=\"SINAPI\",VLOOKUP(WKW25,SINAPI,4,0),IF(WKZ25=\"SETOP\",VLOOKUP(WKW25,SETOP,5,0),IF(WKZ25=\"CPU\",VLOOKUP(WKW25,COMPOSIÇÃO,8,0),VLOOKUP(WKW25,COTAÇÃO,11,0))))","v":19.149999999999999},{"$f":"WLB25*WLC25","v":9.5749999999999993},"ED-50374",{"$f":"IF(WLH25=\"SINAPI\",VLOOKUP(WLE25,SINAPI,2,0),IF(WLH25=\"SETOP\",VLOOKUP(WLE25,SETOP,3,0),IF(WLH25=\"CPU\",VLOOKUP(WLE25,COMPOSIÇÃO,2,0),VLOOKUP(WLE25,COTAÇÃO,3,0))))","v":"BOMBEIRO/ENCANADOR COM ENCARGOS COMPLEMENTARES"},null,"SETOP",{"$f":"IF(WLH25=\"SINAPI\",VLOOKUP(WLE25,SINAPI,3,0),IF(WLH25=\"SETOP\",VLOOKUP(WLE25,SETOP,4,0),IF(WLH25=\"CPU\",VLOOKUP(WLE25,COMPOSIÇÃO,5,0),VLOOKUP(WLE25,COTAÇÃO,8,0))))","v":"HORA"},0.5,{"$f":"IF(WLH25=\"SINAPI\",VLOOKUP(WLE25,SINAPI,4,0),IF(WLH25=\"SETOP\",VLOOKUP(WLE25,SETOP,5,0),IF(WLH25=\"CPU\",VLOOKUP(WLE25,COMPOSIÇÃO,8,0),VLOOKUP(WLE25,COTAÇÃO,11,0))))","v":19.149999999999999},{"$f":"WLJ25*WLK25","v":9.5749999999999993},"ED-50374",{"$f":"IF(WLP25=\"SINAPI\",VLOOKUP(WLM25,SINAPI,2,0),IF(WLP25=\"SETOP\",VLOOKUP(WLM25,SETOP,3,0),IF(WLP25=\"CPU\",VLOOKUP(WLM25,COMPOSIÇÃO,2,0),VLOOKUP(WLM25,COTAÇÃO,3,0))))","v":"BOMBEIRO/ENCANADOR COM ENCARGOS COMPLEMENTARES"},null,"SETOP",{"$f":"IF(WLP25=\"SINAPI\",VLOOKUP(WLM25,SINAPI,3,0),IF(WLP25=\"SETOP\",VLOOKUP(WLM25,SETOP,4,0),IF(WLP25=\"CPU\",VLOOKUP(WLM25,COMPOSIÇÃO,5,0),VLOOKUP(WLM25,COTAÇÃO,8,0))))","v":"HORA"},0.5,{"$f":"IF(WLP25=\"SINAPI\",VLOOKUP(WLM25,SINAPI,4,0),IF(WLP25=\"SETOP\",VLOOKUP(WLM25,SETOP,5,0),IF(WLP25=\"CPU\",VLOOKUP(WLM25,COMPOSIÇÃO,8,0),VLOOKUP(WLM25,COTAÇÃO,11,0))))","v":19.149999999999999},{"$f":"WLR25*WLS25","v":9.5749999999999993},"ED-50374",{"$f":"IF(WLX25=\"SINAPI\",VLOOKUP(WLU25,SINAPI,2,0),IF(WLX25=\"SETOP\",VLOOKUP(WLU25,SETOP,3,0),IF(WLX25=\"CPU\",VLOOKUP(WLU25,COMPOSIÇÃO,2,0),VLOOKUP(WLU25,COTAÇÃO,3,0))))","v":"BOMBEIRO/ENCANADOR COM ENCARGOS COMPLEMENTARES"},null,"SETOP",{"$f":"IF(WLX25=\"SINAPI\",VLOOKUP(WLU25,SINAPI,3,0),IF(WLX25=\"SETOP\",VLOOKUP(WLU25,SETOP,4,0),IF(WLX25=\"CPU\",VLOOKUP(WLU25,COMPOSIÇÃO,5,0),VLOOKUP(WLU25,COTAÇÃO,8,0))))","v":"HORA"},0.5,{"$f":"IF(WLX25=\"SINAPI\",VLOOKUP(WLU25,SINAPI,4,0),IF(WLX25=\"SETOP\",VLOOKUP(WLU25,SETOP,5,0),IF(WLX25=\"CPU\",VLOOKUP(WLU25,COMPOSIÇÃO,8,0),VLOOKUP(WLU25,COTAÇÃO,11,0))))","v":19.149999999999999},{"$f":"WLZ25*WMA25","v":9.5749999999999993},"ED-50374",{"$f":"IF(WMF25=\"SINAPI\",VLOOKUP(WMC25,SINAPI,2,0),IF(WMF25=\"SETOP\",VLOOKUP(WMC25,SETOP,3,0),IF(WMF25=\"CPU\",VLOOKUP(WMC25,COMPOSIÇÃO,2,0),VLOOKUP(WMC25,COTAÇÃO,3,0))))","v":"BOMBEIRO/ENCANADOR COM ENCARGOS COMPLEMENTARES"},null,"SETOP",{"$f":"IF(WMF25=\"SINAPI\",VLOOKUP(WMC25,SINAPI,3,0),IF(WMF25=\"SETOP\",VLOOKUP(WMC25,SETOP,4,0),IF(WMF25=\"CPU\",VLOOKUP(WMC25,COMPOSIÇÃO,5,0),VLOOKUP(WMC25,COTAÇÃO,8,0))))","v":"HORA"},0.5,{"$f":"IF(WMF25=\"SINAPI\",VLOOKUP(WMC25,SINAPI,4,0),IF(WMF25=\"SETOP\",VLOOKUP(WMC25,SETOP,5,0),IF(WMF25=\"CPU\",VLOOKUP(WMC25,COMPOSIÇÃO,8,0),VLOOKUP(WMC25,COTAÇÃO,11,0))))","v":19.149999999999999},{"$f":"WMH25*WMI25","v":9.5749999999999993},"ED-50374",{"$f":"IF(WMN25=\"SINAPI\",VLOOKUP(WMK25,SINAPI,2,0),IF(WMN25=\"SETOP\",VLOOKUP(WMK25,SETOP,3,0),IF(WMN25=\"CPU\",VLOOKUP(WMK25,COMPOSIÇÃO,2,0),VLOOKUP(WMK25,COTAÇÃO,3,0))))","v":"BOMBEIRO/ENCANADOR COM ENCARGOS COMPLEMENTARES"},null,"SETOP",{"$f":"IF(WMN25=\"SINAPI\",VLOOKUP(WMK25,SINAPI,3,0),IF(WMN25=\"SETOP\",VLOOKUP(WMK25,SETOP,4,0),IF(WMN25=\"CPU\",VLOOKUP(WMK25,COMPOSIÇÃO,5,0),VLOOKUP(WMK25,COTAÇÃO,8,0))))","v":"HORA"},0.5,{"$f":"IF(WMN25=\"SINAPI\",VLOOKUP(WMK25,SINAPI,4,0),IF(WMN25=\"SETOP\",VLOOKUP(WMK25,SETOP,5,0),IF(WMN25=\"CPU\",VLOOKUP(WMK25,COMPOSIÇÃO,8,0),VLOOKUP(WMK25,COTAÇÃO,11,0))))","v":19.149999999999999},{"$f":"WMP25*WMQ25","v":9.5749999999999993},"ED-50374",{"$f":"IF(WMV25=\"SINAPI\",VLOOKUP(WMS25,SINAPI,2,0),IF(WMV25=\"SETOP\",VLOOKUP(WMS25,SETOP,3,0),IF(WMV25=\"CPU\",VLOOKUP(WMS25,COMPOSIÇÃO,2,0),VLOOKUP(WMS25,COTAÇÃO,3,0))))","v":"BOMBEIRO/ENCANADOR COM ENCARGOS COMPLEMENTARES"},null,"SETOP",{"$f":"IF(WMV25=\"SINAPI\",VLOOKUP(WMS25,SINAPI,3,0),IF(WMV25=\"SETOP\",VLOOKUP(WMS25,SETOP,4,0),IF(WMV25=\"CPU\",VLOOKUP(WMS25,COMPOSIÇÃO,5,0),VLOOKUP(WMS25,COTAÇÃO,8,0))))","v":"HORA"},0.5,{"$f":"IF(WMV25=\"SINAPI\",VLOOKUP(WMS25,SINAPI,4,0),IF(WMV25=\"SETOP\",VLOOKUP(WMS25,SETOP,5,0),IF(WMV25=\"CPU\",VLOOKUP(WMS25,COMPOSIÇÃO,8,0),VLOOKUP(WMS25,COTAÇÃO,11,0))))","v":19.149999999999999},{"$f":"WMX25*WMY25","v":9.5749999999999993},"ED-50374",{"$f":"IF(WND25=\"SINAPI\",VLOOKUP(WNA25,SINAPI,2,0),IF(WND25=\"SETOP\",VLOOKUP(WNA25,SETOP,3,0),IF(WND25=\"CPU\",VLOOKUP(WNA25,COMPOSIÇÃO,2,0),VLOOKUP(WNA25,COTAÇÃO,3,0))))","v":"BOMBEIRO/ENCANADOR COM ENCARGOS COMPLEMENTARES"},null,"SETOP",{"$f":"IF(WND25=\"SINAPI\",VLOOKUP(WNA25,SINAPI,3,0),IF(WND25=\"SETOP\",VLOOKUP(WNA25,SETOP,4,0),IF(WND25=\"CPU\",VLOOKUP(WNA25,COMPOSIÇÃO,5,0),VLOOKUP(WNA25,COTAÇÃO,8,0))))","v":"HORA"},0.5,{"$f":"IF(WND25=\"SINAPI\",VLOOKUP(WNA25,SINAPI,4,0),IF(WND25=\"SETOP\",VLOOKUP(WNA25,SETOP,5,0),IF(WND25=\"CPU\",VLOOKUP(WNA25,COMPOSIÇÃO,8,0),VLOOKUP(WNA25,COTAÇÃO,11,0))))","v":19.149999999999999},{"$f":"WNF25*WNG25","v":9.5749999999999993},"ED-50374",{"$f":"IF(WNL25=\"SINAPI\",VLOOKUP(WNI25,SINAPI,2,0),IF(WNL25=\"SETOP\",VLOOKUP(WNI25,SETOP,3,0),IF(WNL25=\"CPU\",VLOOKUP(WNI25,COMPOSIÇÃO,2,0),VLOOKUP(WNI25,COTAÇÃO,3,0))))","v":"BOMBEIRO/ENCANADOR COM ENCARGOS COMPLEMENTARES"},null,"SETOP",{"$f":"IF(WNL25=\"SINAPI\",VLOOKUP(WNI25,SINAPI,3,0),IF(WNL25=\"SETOP\",VLOOKUP(WNI25,SETOP,4,0),IF(WNL25=\"CPU\",VLOOKUP(WNI25,COMPOSIÇÃO,5,0),VLOOKUP(WNI25,COTAÇÃO,8,0))))","v":"HORA"},0.5,{"$f":"IF(WNL25=\"SINAPI\",VLOOKUP(WNI25,SINAPI,4,0),IF(WNL25=\"SETOP\",VLOOKUP(WNI25,SETOP,5,0),IF(WNL25=\"CPU\",VLOOKUP(WNI25,COMPOSIÇÃO,8,0),VLOOKUP(WNI25,COTAÇÃO,11,0))))","v":19.149999999999999},{"$f":"WNN25*WNO25","v":9.5749999999999993},"ED-50374",{"$f":"IF(WNT25=\"SINAPI\",VLOOKUP(WNQ25,SINAPI,2,0),IF(WNT25=\"SETOP\",VLOOKUP(WNQ25,SETOP,3,0),IF(WNT25=\"CPU\",VLOOKUP(WNQ25,COMPOSIÇÃO,2,0),VLOOKUP(WNQ25,COTAÇÃO,3,0))))","v":"BOMBEIRO/ENCANADOR COM ENCARGOS COMPLEMENTARES"},null,"SETOP",{"$f":"IF(WNT25=\"SINAPI\",VLOOKUP(WNQ25,SINAPI,3,0),IF(WNT25=\"SETOP\",VLOOKUP(WNQ25,SETOP,4,0),IF(WNT25=\"CPU\",VLOOKUP(WNQ25,COMPOSIÇÃO,5,0),VLOOKUP(WNQ25,COTAÇÃO,8,0))))","v":"HORA"},0.5,{"$f":"IF(WNT25=\"SINAPI\",VLOOKUP(WNQ25,SINAPI,4,0),IF(WNT25=\"SETOP\",VLOOKUP(WNQ25,SETOP,5,0),IF(WNT25=\"CPU\",VLOOKUP(WNQ25,COMPOSIÇÃO,8,0),VLOOKUP(WNQ25,COTAÇÃO,11,0))))","v":19.149999999999999},{"$f":"WNV25*WNW25","v":9.5749999999999993},"ED-50374",{"$f":"IF(WOB25=\"SINAPI\",VLOOKUP(WNY25,SINAPI,2,0),IF(WOB25=\"SETOP\",VLOOKUP(WNY25,SETOP,3,0),IF(WOB25=\"CPU\",VLOOKUP(WNY25,COMPOSIÇÃO,2,0),VLOOKUP(WNY25,COTAÇÃO,3,0))))","v":"BOMBEIRO/ENCANADOR COM ENCARGOS COMPLEMENTARES"},null,"SETOP",{"$f":"IF(WOB25=\"SINAPI\",VLOOKUP(WNY25,SINAPI,3,0),IF(WOB25=\"SETOP\",VLOOKUP(WNY25,SETOP,4,0),IF(WOB25=\"CPU\",VLOOKUP(WNY25,COMPOSIÇÃO,5,0),VLOOKUP(WNY25,COTAÇÃO,8,0))))","v":"HORA"},0.5,{"$f":"IF(WOB25=\"SINAPI\",VLOOKUP(WNY25,SINAPI,4,0),IF(WOB25=\"SETOP\",VLOOKUP(WNY25,SETOP,5,0),IF(WOB25=\"CPU\",VLOOKUP(WNY25,COMPOSIÇÃO,8,0),VLOOKUP(WNY25,COTAÇÃO,11,0))))","v":19.149999999999999},{"$f":"WOD25*WOE25","v":9.5749999999999993},"ED-50374",{"$f":"IF(WOJ25=\"SINAPI\",VLOOKUP(WOG25,SINAPI,2,0),IF(WOJ25=\"SETOP\",VLOOKUP(WOG25,SETOP,3,0),IF(WOJ25=\"CPU\",VLOOKUP(WOG25,COMPOSIÇÃO,2,0),VLOOKUP(WOG25,COTAÇÃO,3,0))))","v":"BOMBEIRO/ENCANADOR COM ENCARGOS COMPLEMENTARES"},null,"SETOP",{"$f":"IF(WOJ25=\"SINAPI\",VLOOKUP(WOG25,SINAPI,3,0),IF(WOJ25=\"SETOP\",VLOOKUP(WOG25,SETOP,4,0),IF(WOJ25=\"CPU\",VLOOKUP(WOG25,COMPOSIÇÃO,5,0),VLOOKUP(WOG25,COTAÇÃO,8,0))))","v":"HORA"},0.5,{"$f":"IF(WOJ25=\"SINAPI\",VLOOKUP(WOG25,SINAPI,4,0),IF(WOJ25=\"SETOP\",VLOOKUP(WOG25,SETOP,5,0),IF(WOJ25=\"CPU\",VLOOKUP(WOG25,COMPOSIÇÃO,8,0),VLOOKUP(WOG25,COTAÇÃO,11,0))))","v":19.149999999999999},{"$f":"WOL25*WOM25","v":9.5749999999999993},"ED-50374",{"$f":"IF(WOR25=\"SINAPI\",VLOOKUP(WOO25,SINAPI,2,0),IF(WOR25=\"SETOP\",VLOOKUP(WOO25,SETOP,3,0),IF(WOR25=\"CPU\",VLOOKUP(WOO25,COMPOSIÇÃO,2,0),VLOOKUP(WOO25,COTAÇÃO,3,0))))","v":"BOMBEIRO/ENCANADOR COM ENCARGOS COMPLEMENTARES"},null,"SETOP",{"$f":"IF(WOR25=\"SINAPI\",VLOOKUP(WOO25,SINAPI,3,0),IF(WOR25=\"SETOP\",VLOOKUP(WOO25,SETOP,4,0),IF(WOR25=\"CPU\",VLOOKUP(WOO25,COMPOSIÇÃO,5,0),VLOOKUP(WOO25,COTAÇÃO,8,0))))","v":"HORA"},0.5,{"$f":"IF(WOR25=\"SINAPI\",VLOOKUP(WOO25,SINAPI,4,0),IF(WOR25=\"SETOP\",VLOOKUP(WOO25,SETOP,5,0),IF(WOR25=\"CPU\",VLOOKUP(WOO25,COMPOSIÇÃO,8,0),VLOOKUP(WOO25,COTAÇÃO,11,0))))","v":19.149999999999999},{"$f":"WOT25*WOU25","v":9.5749999999999993},"ED-50374",{"$f":"IF(WOZ25=\"SINAPI\",VLOOKUP(WOW25,SINAPI,2,0),IF(WOZ25=\"SETOP\",VLOOKUP(WOW25,SETOP,3,0),IF(WOZ25=\"CPU\",VLOOKUP(WOW25,COMPOSIÇÃO,2,0),VLOOKUP(WOW25,COTAÇÃO,3,0))))","v":"BOMBEIRO/ENCANADOR COM ENCARGOS COMPLEMENTARES"},null,"SETOP",{"$f":"IF(WOZ25=\"SINAPI\",VLOOKUP(WOW25,SINAPI,3,0),IF(WOZ25=\"SETOP\",VLOOKUP(WOW25,SETOP,4,0),IF(WOZ25=\"CPU\",VLOOKUP(WOW25,COMPOSIÇÃO,5,0),VLOOKUP(WOW25,COTAÇÃO,8,0))))","v":"HORA"},0.5,{"$f":"IF(WOZ25=\"SINAPI\",VLOOKUP(WOW25,SINAPI,4,0),IF(WOZ25=\"SETOP\",VLOOKUP(WOW25,SETOP,5,0),IF(WOZ25=\"CPU\",VLOOKUP(WOW25,COMPOSIÇÃO,8,0),VLOOKUP(WOW25,COTAÇÃO,11,0))))","v":19.149999999999999},{"$f":"WPB25*WPC25","v":9.5749999999999993},"ED-50374",{"$f":"IF(WPH25=\"SINAPI\",VLOOKUP(WPE25,SINAPI,2,0),IF(WPH25=\"SETOP\",VLOOKUP(WPE25,SETOP,3,0),IF(WPH25=\"CPU\",VLOOKUP(WPE25,COMPOSIÇÃO,2,0),VLOOKUP(WPE25,COTAÇÃO,3,0))))","v":"BOMBEIRO/ENCANADOR COM ENCARGOS COMPLEMENTARES"},null,"SETOP",{"$f":"IF(WPH25=\"SINAPI\",VLOOKUP(WPE25,SINAPI,3,0),IF(WPH25=\"SETOP\",VLOOKUP(WPE25,SETOP,4,0),IF(WPH25=\"CPU\",VLOOKUP(WPE25,COMPOSIÇÃO,5,0),VLOOKUP(WPE25,COTAÇÃO,8,0))))","v":"HORA"},0.5,{"$f":"IF(WPH25=\"SINAPI\",VLOOKUP(WPE25,SINAPI,4,0),IF(WPH25=\"SETOP\",VLOOKUP(WPE25,SETOP,5,0),IF(WPH25=\"CPU\",VLOOKUP(WPE25,COMPOSIÇÃO,8,0),VLOOKUP(WPE25,COTAÇÃO,11,0))))","v":19.149999999999999},{"$f":"WPJ25*WPK25","v":9.5749999999999993},"ED-50374",{"$f":"IF(WPP25=\"SINAPI\",VLOOKUP(WPM25,SINAPI,2,0),IF(WPP25=\"SETOP\",VLOOKUP(WPM25,SETOP,3,0),IF(WPP25=\"CPU\",VLOOKUP(WPM25,COMPOSIÇÃO,2,0),VLOOKUP(WPM25,COTAÇÃO,3,0))))","v":"BOMBEIRO/ENCANADOR COM ENCARGOS COMPLEMENTARES"},null,"SETOP",{"$f":"IF(WPP25=\"SINAPI\",VLOOKUP(WPM25,SINAPI,3,0),IF(WPP25=\"SETOP\",VLOOKUP(WPM25,SETOP,4,0),IF(WPP25=\"CPU\",VLOOKUP(WPM25,COMPOSIÇÃO,5,0),VLOOKUP(WPM25,COTAÇÃO,8,0))))","v":"HORA"},0.5,{"$f":"IF(WPP25=\"SINAPI\",VLOOKUP(WPM25,SINAPI,4,0),IF(WPP25=\"SETOP\",VLOOKUP(WPM25,SETOP,5,0),IF(WPP25=\"CPU\",VLOOKUP(WPM25,COMPOSIÇÃO,8,0),VLOOKUP(WPM25,COTAÇÃO,11,0))))","v":19.149999999999999},{"$f":"WPR25*WPS25","v":9.5749999999999993},"ED-50374",{"$f":"IF(WPX25=\"SINAPI\",VLOOKUP(WPU25,SINAPI,2,0),IF(WPX25=\"SETOP\",VLOOKUP(WPU25,SETOP,3,0),IF(WPX25=\"CPU\",VLOOKUP(WPU25,COMPOSIÇÃO,2,0),VLOOKUP(WPU25,COTAÇÃO,3,0))))","v":"BOMBEIRO/ENCANADOR COM ENCARGOS COMPLEMENTARES"},null,"SETOP",{"$f":"IF(WPX25=\"SINAPI\",VLOOKUP(WPU25,SINAPI,3,0),IF(WPX25=\"SETOP\",VLOOKUP(WPU25,SETOP,4,0),IF(WPX25=\"CPU\",VLOOKUP(WPU25,COMPOSIÇÃO,5,0),VLOOKUP(WPU25,COTAÇÃO,8,0))))","v":"HORA"},0.5,{"$f":"IF(WPX25=\"SINAPI\",VLOOKUP(WPU25,SINAPI,4,0),IF(WPX25=\"SETOP\",VLOOKUP(WPU25,SETOP,5,0),IF(WPX25=\"CPU\",VLOOKUP(WPU25,COMPOSIÇÃO,8,0),VLOOKUP(WPU25,COTAÇÃO,11,0))))","v":19.149999999999999},{"$f":"WPZ25*WQA25","v":9.5749999999999993},"ED-50374",{"$f":"IF(WQF25=\"SINAPI\",VLOOKUP(WQC25,SINAPI,2,0),IF(WQF25=\"SETOP\",VLOOKUP(WQC25,SETOP,3,0),IF(WQF25=\"CPU\",VLOOKUP(WQC25,COMPOSIÇÃO,2,0),VLOOKUP(WQC25,COTAÇÃO,3,0))))","v":"BOMBEIRO/ENCANADOR COM ENCARGOS COMPLEMENTARES"},null,"SETOP",{"$f":"IF(WQF25=\"SINAPI\",VLOOKUP(WQC25,SINAPI,3,0),IF(WQF25=\"SETOP\",VLOOKUP(WQC25,SETOP,4,0),IF(WQF25=\"CPU\",VLOOKUP(WQC25,COMPOSIÇÃO,5,0),VLOOKUP(WQC25,COTAÇÃO,8,0))))","v":"HORA"},0.5,{"$f":"IF(WQF25=\"SINAPI\",VLOOKUP(WQC25,SINAPI,4,0),IF(WQF25=\"SETOP\",VLOOKUP(WQC25,SETOP,5,0),IF(WQF25=\"CPU\",VLOOKUP(WQC25,COMPOSIÇÃO,8,0),VLOOKUP(WQC25,COTAÇÃO,11,0))))","v":19.149999999999999},{"$f":"WQH25*WQI25","v":9.5749999999999993},"ED-50374",{"$f":"IF(WQN25=\"SINAPI\",VLOOKUP(WQK25,SINAPI,2,0),IF(WQN25=\"SETOP\",VLOOKUP(WQK25,SETOP,3,0),IF(WQN25=\"CPU\",VLOOKUP(WQK25,COMPOSIÇÃO,2,0),VLOOKUP(WQK25,COTAÇÃO,3,0))))","v":"BOMBEIRO/ENCANADOR COM ENCARGOS COMPLEMENTARES"},null,"SETOP",{"$f":"IF(WQN25=\"SINAPI\",VLOOKUP(WQK25,SINAPI,3,0),IF(WQN25=\"SETOP\",VLOOKUP(WQK25,SETOP,4,0),IF(WQN25=\"CPU\",VLOOKUP(WQK25,COMPOSIÇÃO,5,0),VLOOKUP(WQK25,COTAÇÃO,8,0))))","v":"HORA"},0.5,{"$f":"IF(WQN25=\"SINAPI\",VLOOKUP(WQK25,SINAPI,4,0),IF(WQN25=\"SETOP\",VLOOKUP(WQK25,SETOP,5,0),IF(WQN25=\"CPU\",VLOOKUP(WQK25,COMPOSIÇÃO,8,0),VLOOKUP(WQK25,COTAÇÃO,11,0))))","v":19.149999999999999},{"$f":"WQP25*WQQ25","v":9.5749999999999993},"ED-50374",{"$f":"IF(WQV25=\"SINAPI\",VLOOKUP(WQS25,SINAPI,2,0),IF(WQV25=\"SETOP\",VLOOKUP(WQS25,SETOP,3,0),IF(WQV25=\"CPU\",VLOOKUP(WQS25,COMPOSIÇÃO,2,0),VLOOKUP(WQS25,COTAÇÃO,3,0))))","v":"BOMBEIRO/ENCANADOR COM ENCARGOS COMPLEMENTARES"},null,"SETOP",{"$f":"IF(WQV25=\"SINAPI\",VLOOKUP(WQS25,SINAPI,3,0),IF(WQV25=\"SETOP\",VLOOKUP(WQS25,SETOP,4,0),IF(WQV25=\"CPU\",VLOOKUP(WQS25,COMPOSIÇÃO,5,0),VLOOKUP(WQS25,COTAÇÃO,8,0))))","v":"HORA"},0.5,{"$f":"IF(WQV25=\"SINAPI\",VLOOKUP(WQS25,SINAPI,4,0),IF(WQV25=\"SETOP\",VLOOKUP(WQS25,SETOP,5,0),IF(WQV25=\"CPU\",VLOOKUP(WQS25,COMPOSIÇÃO,8,0),VLOOKUP(WQS25,COTAÇÃO,11,0))))","v":19.149999999999999},{"$f":"WQX25*WQY25","v":9.5749999999999993},"ED-50374",{"$f":"IF(WRD25=\"SINAPI\",VLOOKUP(WRA25,SINAPI,2,0),IF(WRD25=\"SETOP\",VLOOKUP(WRA25,SETOP,3,0),IF(WRD25=\"CPU\",VLOOKUP(WRA25,COMPOSIÇÃO,2,0),VLOOKUP(WRA25,COTAÇÃO,3,0))))","v":"BOMBEIRO/ENCANADOR COM ENCARGOS COMPLEMENTARES"},null,"SETOP",{"$f":"IF(WRD25=\"SINAPI\",VLOOKUP(WRA25,SINAPI,3,0),IF(WRD25=\"SETOP\",VLOOKUP(WRA25,SETOP,4,0),IF(WRD25=\"CPU\",VLOOKUP(WRA25,COMPOSIÇÃO,5,0),VLOOKUP(WRA25,COTAÇÃO,8,0))))","v":"HORA"},0.5,{"$f":"IF(WRD25=\"SINAPI\",VLOOKUP(WRA25,SINAPI,4,0),IF(WRD25=\"SETOP\",VLOOKUP(WRA25,SETOP,5,0),IF(WRD25=\"CPU\",VLOOKUP(WRA25,COMPOSIÇÃO,8,0),VLOOKUP(WRA25,COTAÇÃO,11,0))))","v":19.149999999999999},{"$f":"WRF25*WRG25","v":9.5749999999999993},"ED-50374",{"$f":"IF(WRL25=\"SINAPI\",VLOOKUP(WRI25,SINAPI,2,0),IF(WRL25=\"SETOP\",VLOOKUP(WRI25,SETOP,3,0),IF(WRL25=\"CPU\",VLOOKUP(WRI25,COMPOSIÇÃO,2,0),VLOOKUP(WRI25,COTAÇÃO,3,0))))","v":"BOMBEIRO/ENCANADOR COM ENCARGOS COMPLEMENTARES"},null,"SETOP",{"$f":"IF(WRL25=\"SINAPI\",VLOOKUP(WRI25,SINAPI,3,0),IF(WRL25=\"SETOP\",VLOOKUP(WRI25,SETOP,4,0),IF(WRL25=\"CPU\",VLOOKUP(WRI25,COMPOSIÇÃO,5,0),VLOOKUP(WRI25,COTAÇÃO,8,0))))","v":"HORA"},0.5,{"$f":"IF(WRL25=\"SINAPI\",VLOOKUP(WRI25,SINAPI,4,0),IF(WRL25=\"SETOP\",VLOOKUP(WRI25,SETOP,5,0),IF(WRL25=\"CPU\",VLOOKUP(WRI25,COMPOSIÇÃO,8,0),VLOOKUP(WRI25,COTAÇÃO,11,0))))","v":19.149999999999999},{"$f":"WRN25*WRO25","v":9.5749999999999993},"ED-50374",{"$f":"IF(WRT25=\"SINAPI\",VLOOKUP(WRQ25,SINAPI,2,0),IF(WRT25=\"SETOP\",VLOOKUP(WRQ25,SETOP,3,0),IF(WRT25=\"CPU\",VLOOKUP(WRQ25,COMPOSIÇÃO,2,0),VLOOKUP(WRQ25,COTAÇÃO,3,0))))","v":"BOMBEIRO/ENCANADOR COM ENCARGOS COMPLEMENTARES"},null,"SETOP",{"$f":"IF(WRT25=\"SINAPI\",VLOOKUP(WRQ25,SINAPI,3,0),IF(WRT25=\"SETOP\",VLOOKUP(WRQ25,SETOP,4,0),IF(WRT25=\"CPU\",VLOOKUP(WRQ25,COMPOSIÇÃO,5,0),VLOOKUP(WRQ25,COTAÇÃO,8,0))))","v":"HORA"},0.5,{"$f":"IF(WRT25=\"SINAPI\",VLOOKUP(WRQ25,SINAPI,4,0),IF(WRT25=\"SETOP\",VLOOKUP(WRQ25,SETOP,5,0),IF(WRT25=\"CPU\",VLOOKUP(WRQ25,COMPOSIÇÃO,8,0),VLOOKUP(WRQ25,COTAÇÃO,11,0))))","v":19.149999999999999},{"$f":"WRV25*WRW25","v":9.5749999999999993},"ED-50374",{"$f":"IF(WSB25=\"SINAPI\",VLOOKUP(WRY25,SINAPI,2,0),IF(WSB25=\"SETOP\",VLOOKUP(WRY25,SETOP,3,0),IF(WSB25=\"CPU\",VLOOKUP(WRY25,COMPOSIÇÃO,2,0),VLOOKUP(WRY25,COTAÇÃO,3,0))))","v":"BOMBEIRO/ENCANADOR COM ENCARGOS COMPLEMENTARES"},null,"SETOP",{"$f":"IF(WSB25=\"SINAPI\",VLOOKUP(WRY25,SINAPI,3,0),IF(WSB25=\"SETOP\",VLOOKUP(WRY25,SETOP,4,0),IF(WSB25=\"CPU\",VLOOKUP(WRY25,COMPOSIÇÃO,5,0),VLOOKUP(WRY25,COTAÇÃO,8,0))))","v":"HORA"},0.5,{"$f":"IF(WSB25=\"SINAPI\",VLOOKUP(WRY25,SINAPI,4,0),IF(WSB25=\"SETOP\",VLOOKUP(WRY25,SETOP,5,0),IF(WSB25=\"CPU\",VLOOKUP(WRY25,COMPOSIÇÃO,8,0),VLOOKUP(WRY25,COTAÇÃO,11,0))))","v":19.149999999999999},{"$f":"WSD25*WSE25","v":9.5749999999999993},"ED-50374",{"$f":"IF(WSJ25=\"SINAPI\",VLOOKUP(WSG25,SINAPI,2,0),IF(WSJ25=\"SETOP\",VLOOKUP(WSG25,SETOP,3,0),IF(WSJ25=\"CPU\",VLOOKUP(WSG25,COMPOSIÇÃO,2,0),VLOOKUP(WSG25,COTAÇÃO,3,0))))","v":"BOMBEIRO/ENCANADOR COM ENCARGOS COMPLEMENTARES"},null,"SETOP",{"$f":"IF(WSJ25=\"SINAPI\",VLOOKUP(WSG25,SINAPI,3,0),IF(WSJ25=\"SETOP\",VLOOKUP(WSG25,SETOP,4,0),IF(WSJ25=\"CPU\",VLOOKUP(WSG25,COMPOSIÇÃO,5,0),VLOOKUP(WSG25,COTAÇÃO,8,0))))","v":"HORA"},0.5,{"$f":"IF(WSJ25=\"SINAPI\",VLOOKUP(WSG25,SINAPI,4,0),IF(WSJ25=\"SETOP\",VLOOKUP(WSG25,SETOP,5,0),IF(WSJ25=\"CPU\",VLOOKUP(WSG25,COMPOSIÇÃO,8,0),VLOOKUP(WSG25,COTAÇÃO,11,0))))","v":19.149999999999999},{"$f":"WSL25*WSM25","v":9.5749999999999993},"ED-50374",{"$f":"IF(WSR25=\"SINAPI\",VLOOKUP(WSO25,SINAPI,2,0),IF(WSR25=\"SETOP\",VLOOKUP(WSO25,SETOP,3,0),IF(WSR25=\"CPU\",VLOOKUP(WSO25,COMPOSIÇÃO,2,0),VLOOKUP(WSO25,COTAÇÃO,3,0))))","v":"BOMBEIRO/ENCANADOR COM ENCARGOS COMPLEMENTARES"},null,"SETOP",{"$f":"IF(WSR25=\"SINAPI\",VLOOKUP(WSO25,SINAPI,3,0),IF(WSR25=\"SETOP\",VLOOKUP(WSO25,SETOP,4,0),IF(WSR25=\"CPU\",VLOOKUP(WSO25,COMPOSIÇÃO,5,0),VLOOKUP(WSO25,COTAÇÃO,8,0))))","v":"HORA"},0.5,{"$f":"IF(WSR25=\"SINAPI\",VLOOKUP(WSO25,SINAPI,4,0),IF(WSR25=\"SETOP\",VLOOKUP(WSO25,SETOP,5,0),IF(WSR25=\"CPU\",VLOOKUP(WSO25,COMPOSIÇÃO,8,0),VLOOKUP(WSO25,COTAÇÃO,11,0))))","v":19.149999999999999},{"$f":"WST25*WSU25","v":9.5749999999999993},"ED-50374",{"$f":"IF(WSZ25=\"SINAPI\",VLOOKUP(WSW25,SINAPI,2,0),IF(WSZ25=\"SETOP\",VLOOKUP(WSW25,SETOP,3,0),IF(WSZ25=\"CPU\",VLOOKUP(WSW25,COMPOSIÇÃO,2,0),VLOOKUP(WSW25,COTAÇÃO,3,0))))","v":"BOMBEIRO/ENCANADOR COM ENCARGOS COMPLEMENTARES"},null,"SETOP",{"$f":"IF(WSZ25=\"SINAPI\",VLOOKUP(WSW25,SINAPI,3,0),IF(WSZ25=\"SETOP\",VLOOKUP(WSW25,SETOP,4,0),IF(WSZ25=\"CPU\",VLOOKUP(WSW25,COMPOSIÇÃO,5,0),VLOOKUP(WSW25,COTAÇÃO,8,0))))","v":"HORA"},0.5,{"$f":"IF(WSZ25=\"SINAPI\",VLOOKUP(WSW25,SINAPI,4,0),IF(WSZ25=\"SETOP\",VLOOKUP(WSW25,SETOP,5,0),IF(WSZ25=\"CPU\",VLOOKUP(WSW25,COMPOSIÇÃO,8,0),VLOOKUP(WSW25,COTAÇÃO,11,0))))","v":19.149999999999999},{"$f":"WTB25*WTC25","v":9.5749999999999993},"ED-50374",{"$f":"IF(WTH25=\"SINAPI\",VLOOKUP(WTE25,SINAPI,2,0),IF(WTH25=\"SETOP\",VLOOKUP(WTE25,SETOP,3,0),IF(WTH25=\"CPU\",VLOOKUP(WTE25,COMPOSIÇÃO,2,0),VLOOKUP(WTE25,COTAÇÃO,3,0))))","v":"BOMBEIRO/ENCANADOR COM ENCARGOS COMPLEMENTARES"},null,"SETOP",{"$f":"IF(WTH25=\"SINAPI\",VLOOKUP(WTE25,SINAPI,3,0),IF(WTH25=\"SETOP\",VLOOKUP(WTE25,SETOP,4,0),IF(WTH25=\"CPU\",VLOOKUP(WTE25,COMPOSIÇÃO,5,0),VLOOKUP(WTE25,COTAÇÃO,8,0))))","v":"HORA"},0.5,{"$f":"IF(WTH25=\"SINAPI\",VLOOKUP(WTE25,SINAPI,4,0),IF(WTH25=\"SETOP\",VLOOKUP(WTE25,SETOP,5,0),IF(WTH25=\"CPU\",VLOOKUP(WTE25,COMPOSIÇÃO,8,0),VLOOKUP(WTE25,COTAÇÃO,11,0))))","v":19.149999999999999},{"$f":"WTJ25*WTK25","v":9.5749999999999993},"ED-50374",{"$f":"IF(WTP25=\"SINAPI\",VLOOKUP(WTM25,SINAPI,2,0),IF(WTP25=\"SETOP\",VLOOKUP(WTM25,SETOP,3,0),IF(WTP25=\"CPU\",VLOOKUP(WTM25,COMPOSIÇÃO,2,0),VLOOKUP(WTM25,COTAÇÃO,3,0))))","v":"BOMBEIRO/ENCANADOR COM ENCARGOS COMPLEMENTARES"},null,"SETOP",{"$f":"IF(WTP25=\"SINAPI\",VLOOKUP(WTM25,SINAPI,3,0),IF(WTP25=\"SETOP\",VLOOKUP(WTM25,SETOP,4,0),IF(WTP25=\"CPU\",VLOOKUP(WTM25,COMPOSIÇÃO,5,0),VLOOKUP(WTM25,COTAÇÃO,8,0))))","v":"HORA"},0.5,{"$f":"IF(WTP25=\"SINAPI\",VLOOKUP(WTM25,SINAPI,4,0),IF(WTP25=\"SETOP\",VLOOKUP(WTM25,SETOP,5,0),IF(WTP25=\"CPU\",VLOOKUP(WTM25,COMPOSIÇÃO,8,0),VLOOKUP(WTM25,COTAÇÃO,11,0))))","v":19.149999999999999},{"$f":"WTR25*WTS25","v":9.5749999999999993},"ED-50374",{"$f":"IF(WTX25=\"SINAPI\",VLOOKUP(WTU25,SINAPI,2,0),IF(WTX25=\"SETOP\",VLOOKUP(WTU25,SETOP,3,0),IF(WTX25=\"CPU\",VLOOKUP(WTU25,COMPOSIÇÃO,2,0),VLOOKUP(WTU25,COTAÇÃO,3,0))))","v":"BOMBEIRO/ENCANADOR COM ENCARGOS COMPLEMENTARES"},null,"SETOP",{"$f":"IF(WTX25=\"SINAPI\",VLOOKUP(WTU25,SINAPI,3,0),IF(WTX25=\"SETOP\",VLOOKUP(WTU25,SETOP,4,0),IF(WTX25=\"CPU\",VLOOKUP(WTU25,COMPOSIÇÃO,5,0),VLOOKUP(WTU25,COTAÇÃO,8,0))))","v":"HORA"},0.5,{"$f":"IF(WTX25=\"SINAPI\",VLOOKUP(WTU25,SINAPI,4,0),IF(WTX25=\"SETOP\",VLOOKUP(WTU25,SETOP,5,0),IF(WTX25=\"CPU\",VLOOKUP(WTU25,COMPOSIÇÃO,8,0),VLOOKUP(WTU25,COTAÇÃO,11,0))))","v":19.149999999999999},{"$f":"WTZ25*WUA25","v":9.5749999999999993},"ED-50374",{"$f":"IF(WUF25=\"SINAPI\",VLOOKUP(WUC25,SINAPI,2,0),IF(WUF25=\"SETOP\",VLOOKUP(WUC25,SETOP,3,0),IF(WUF25=\"CPU\",VLOOKUP(WUC25,COMPOSIÇÃO,2,0),VLOOKUP(WUC25,COTAÇÃO,3,0))))","v":"BOMBEIRO/ENCANADOR COM ENCARGOS COMPLEMENTARES"},null,"SETOP",{"$f":"IF(WUF25=\"SINAPI\",VLOOKUP(WUC25,SINAPI,3,0),IF(WUF25=\"SETOP\",VLOOKUP(WUC25,SETOP,4,0),IF(WUF25=\"CPU\",VLOOKUP(WUC25,COMPOSIÇÃO,5,0),VLOOKUP(WUC25,COTAÇÃO,8,0))))","v":"HORA"},0.5,{"$f":"IF(WUF25=\"SINAPI\",VLOOKUP(WUC25,SINAPI,4,0),IF(WUF25=\"SETOP\",VLOOKUP(WUC25,SETOP,5,0),IF(WUF25=\"CPU\",VLOOKUP(WUC25,COMPOSIÇÃO,8,0),VLOOKUP(WUC25,COTAÇÃO,11,0))))","v":19.149999999999999},{"$f":"WUH25*WUI25","v":9.5749999999999993},"ED-50374",{"$f":"IF(WUN25=\"SINAPI\",VLOOKUP(WUK25,SINAPI,2,0),IF(WUN25=\"SETOP\",VLOOKUP(WUK25,SETOP,3,0),IF(WUN25=\"CPU\",VLOOKUP(WUK25,COMPOSIÇÃO,2,0),VLOOKUP(WUK25,COTAÇÃO,3,0))))","v":"BOMBEIRO/ENCANADOR COM ENCARGOS COMPLEMENTARES"},null,"SETOP",{"$f":"IF(WUN25=\"SINAPI\",VLOOKUP(WUK25,SINAPI,3,0),IF(WUN25=\"SETOP\",VLOOKUP(WUK25,SETOP,4,0),IF(WUN25=\"CPU\",VLOOKUP(WUK25,COMPOSIÇÃO,5,0),VLOOKUP(WUK25,COTAÇÃO,8,0))))","v":"HORA"},0.5,{"$f":"IF(WUN25=\"SINAPI\",VLOOKUP(WUK25,SINAPI,4,0),IF(WUN25=\"SETOP\",VLOOKUP(WUK25,SETOP,5,0),IF(WUN25=\"CPU\",VLOOKUP(WUK25,COMPOSIÇÃO,8,0),VLOOKUP(WUK25,COTAÇÃO,11,0))))","v":19.149999999999999},{"$f":"WUP25*WUQ25","v":9.5749999999999993},"ED-50374",{"$f":"IF(WUV25=\"SINAPI\",VLOOKUP(WUS25,SINAPI,2,0),IF(WUV25=\"SETOP\",VLOOKUP(WUS25,SETOP,3,0),IF(WUV25=\"CPU\",VLOOKUP(WUS25,COMPOSIÇÃO,2,0),VLOOKUP(WUS25,COTAÇÃO,3,0))))","v":"BOMBEIRO/ENCANADOR COM ENCARGOS COMPLEMENTARES"},null,"SETOP",{"$f":"IF(WUV25=\"SINAPI\",VLOOKUP(WUS25,SINAPI,3,0),IF(WUV25=\"SETOP\",VLOOKUP(WUS25,SETOP,4,0),IF(WUV25=\"CPU\",VLOOKUP(WUS25,COMPOSIÇÃO,5,0),VLOOKUP(WUS25,COTAÇÃO,8,0))))","v":"HORA"},0.5,{"$f":"IF(WUV25=\"SINAPI\",VLOOKUP(WUS25,SINAPI,4,0),IF(WUV25=\"SETOP\",VLOOKUP(WUS25,SETOP,5,0),IF(WUV25=\"CPU\",VLOOKUP(WUS25,COMPOSIÇÃO,8,0),VLOOKUP(WUS25,COTAÇÃO,11,0))))","v":19.149999999999999},{"$f":"WUX25*WUY25","v":9.5749999999999993},"ED-50374",{"$f":"IF(WVD25=\"SINAPI\",VLOOKUP(WVA25,SINAPI,2,0),IF(WVD25=\"SETOP\",VLOOKUP(WVA25,SETOP,3,0),IF(WVD25=\"CPU\",VLOOKUP(WVA25,COMPOSIÇÃO,2,0),VLOOKUP(WVA25,COTAÇÃO,3,0))))","v":"BOMBEIRO/ENCANADOR COM ENCARGOS COMPLEMENTARES"},null,"SETOP",{"$f":"IF(WVD25=\"SINAPI\",VLOOKUP(WVA25,SINAPI,3,0),IF(WVD25=\"SETOP\",VLOOKUP(WVA25,SETOP,4,0),IF(WVD25=\"CPU\",VLOOKUP(WVA25,COMPOSIÇÃO,5,0),VLOOKUP(WVA25,COTAÇÃO,8,0))))","v":"HORA"},0.5,{"$f":"IF(WVD25=\"SINAPI\",VLOOKUP(WVA25,SINAPI,4,0),IF(WVD25=\"SETOP\",VLOOKUP(WVA25,SETOP,5,0),IF(WVD25=\"CPU\",VLOOKUP(WVA25,COMPOSIÇÃO,8,0),VLOOKUP(WVA25,COTAÇÃO,11,0))))","v":19.149999999999999},{"$f":"WVF25*WVG25","v":9.5749999999999993},"ED-50374",{"$f":"IF(WVL25=\"SINAPI\",VLOOKUP(WVI25,SINAPI,2,0),IF(WVL25=\"SETOP\",VLOOKUP(WVI25,SETOP,3,0),IF(WVL25=\"CPU\",VLOOKUP(WVI25,COMPOSIÇÃO,2,0),VLOOKUP(WVI25,COTAÇÃO,3,0))))","v":"BOMBEIRO/ENCANADOR COM ENCARGOS COMPLEMENTARES"},null,"SETOP",{"$f":"IF(WVL25=\"SINAPI\",VLOOKUP(WVI25,SINAPI,3,0),IF(WVL25=\"SETOP\",VLOOKUP(WVI25,SETOP,4,0),IF(WVL25=\"CPU\",VLOOKUP(WVI25,COMPOSIÇÃO,5,0),VLOOKUP(WVI25,COTAÇÃO,8,0))))","v":"HORA"},0.5,{"$f":"IF(WVL25=\"SINAPI\",VLOOKUP(WVI25,SINAPI,4,0),IF(WVL25=\"SETOP\",VLOOKUP(WVI25,SETOP,5,0),IF(WVL25=\"CPU\",VLOOKUP(WVI25,COMPOSIÇÃO,8,0),VLOOKUP(WVI25,COTAÇÃO,11,0))))","v":19.149999999999999},{"$f":"WVN25*WVO25","v":9.5749999999999993},"ED-50374",{"$f":"IF(WVT25=\"SINAPI\",VLOOKUP(WVQ25,SINAPI,2,0),IF(WVT25=\"SETOP\",VLOOKUP(WVQ25,SETOP,3,0),IF(WVT25=\"CPU\",VLOOKUP(WVQ25,COMPOSIÇÃO,2,0),VLOOKUP(WVQ25,COTAÇÃO,3,0))))","v":"BOMBEIRO/ENCANADOR COM ENCARGOS COMPLEMENTARES"},null,"SETOP",{"$f":"IF(WVT25=\"SINAPI\",VLOOKUP(WVQ25,SINAPI,3,0),IF(WVT25=\"SETOP\",VLOOKUP(WVQ25,SETOP,4,0),IF(WVT25=\"CPU\",VLOOKUP(WVQ25,COMPOSIÇÃO,5,0),VLOOKUP(WVQ25,COTAÇÃO,8,0))))","v":"HORA"},0.5,{"$f":"IF(WVT25=\"SINAPI\",VLOOKUP(WVQ25,SINAPI,4,0),IF(WVT25=\"SETOP\",VLOOKUP(WVQ25,SETOP,5,0),IF(WVT25=\"CPU\",VLOOKUP(WVQ25,COMPOSIÇÃO,8,0),VLOOKUP(WVQ25,COTAÇÃO,11,0))))","v":19.149999999999999},{"$f":"WVV25*WVW25","v":9.5749999999999993},"ED-50374",{"$f":"IF(WWB25=\"SINAPI\",VLOOKUP(WVY25,SINAPI,2,0),IF(WWB25=\"SETOP\",VLOOKUP(WVY25,SETOP,3,0),IF(WWB25=\"CPU\",VLOOKUP(WVY25,COMPOSIÇÃO,2,0),VLOOKUP(WVY25,COTAÇÃO,3,0))))","v":"BOMBEIRO/ENCANADOR COM ENCARGOS COMPLEMENTARES"},null,"SETOP",{"$f":"IF(WWB25=\"SINAPI\",VLOOKUP(WVY25,SINAPI,3,0),IF(WWB25=\"SETOP\",VLOOKUP(WVY25,SETOP,4,0),IF(WWB25=\"CPU\",VLOOKUP(WVY25,COMPOSIÇÃO,5,0),VLOOKUP(WVY25,COTAÇÃO,8,0))))","v":"HORA"},0.5,{"$f":"IF(WWB25=\"SINAPI\",VLOOKUP(WVY25,SINAPI,4,0),IF(WWB25=\"SETOP\",VLOOKUP(WVY25,SETOP,5,0),IF(WWB25=\"CPU\",VLOOKUP(WVY25,COMPOSIÇÃO,8,0),VLOOKUP(WVY25,COTAÇÃO,11,0))))","v":19.149999999999999},{"$f":"WWD25*WWE25","v":9.5749999999999993},"ED-50374",{"$f":"IF(WWJ25=\"SINAPI\",VLOOKUP(WWG25,SINAPI,2,0),IF(WWJ25=\"SETOP\",VLOOKUP(WWG25,SETOP,3,0),IF(WWJ25=\"CPU\",VLOOKUP(WWG25,COMPOSIÇÃO,2,0),VLOOKUP(WWG25,COTAÇÃO,3,0))))","v":"BOMBEIRO/ENCANADOR COM ENCARGOS COMPLEMENTARES"},null,"SETOP",{"$f":"IF(WWJ25=\"SINAPI\",VLOOKUP(WWG25,SINAPI,3,0),IF(WWJ25=\"SETOP\",VLOOKUP(WWG25,SETOP,4,0),IF(WWJ25=\"CPU\",VLOOKUP(WWG25,COMPOSIÇÃO,5,0),VLOOKUP(WWG25,COTAÇÃO,8,0))))","v":"HORA"},0.5,{"$f":"IF(WWJ25=\"SINAPI\",VLOOKUP(WWG25,SINAPI,4,0),IF(WWJ25=\"SETOP\",VLOOKUP(WWG25,SETOP,5,0),IF(WWJ25=\"CPU\",VLOOKUP(WWG25,COMPOSIÇÃO,8,0),VLOOKUP(WWG25,COTAÇÃO,11,0))))","v":19.149999999999999},{"$f":"WWL25*WWM25","v":9.5749999999999993},"ED-50374",{"$f":"IF(WWR25=\"SINAPI\",VLOOKUP(WWO25,SINAPI,2,0),IF(WWR25=\"SETOP\",VLOOKUP(WWO25,SETOP,3,0),IF(WWR25=\"CPU\",VLOOKUP(WWO25,COMPOSIÇÃO,2,0),VLOOKUP(WWO25,COTAÇÃO,3,0))))","v":"BOMBEIRO/ENCANADOR COM ENCARGOS COMPLEMENTARES"},null,"SETOP",{"$f":"IF(WWR25=\"SINAPI\",VLOOKUP(WWO25,SINAPI,3,0),IF(WWR25=\"SETOP\",VLOOKUP(WWO25,SETOP,4,0),IF(WWR25=\"CPU\",VLOOKUP(WWO25,COMPOSIÇÃO,5,0),VLOOKUP(WWO25,COTAÇÃO,8,0))))","v":"HORA"},0.5,{"$f":"IF(WWR25=\"SINAPI\",VLOOKUP(WWO25,SINAPI,4,0),IF(WWR25=\"SETOP\",VLOOKUP(WWO25,SETOP,5,0),IF(WWR25=\"CPU\",VLOOKUP(WWO25,COMPOSIÇÃO,8,0),VLOOKUP(WWO25,COTAÇÃO,11,0))))","v":19.149999999999999},{"$f":"WWT25*WWU25","v":9.5749999999999993},"ED-50374",{"$f":"IF(WWZ25=\"SINAPI\",VLOOKUP(WWW25,SINAPI,2,0),IF(WWZ25=\"SETOP\",VLOOKUP(WWW25,SETOP,3,0),IF(WWZ25=\"CPU\",VLOOKUP(WWW25,COMPOSIÇÃO,2,0),VLOOKUP(WWW25,COTAÇÃO,3,0))))","v":"BOMBEIRO/ENCANADOR COM ENCARGOS COMPLEMENTARES"},null,"SETOP",{"$f":"IF(WWZ25=\"SINAPI\",VLOOKUP(WWW25,SINAPI,3,0),IF(WWZ25=\"SETOP\",VLOOKUP(WWW25,SETOP,4,0),IF(WWZ25=\"CPU\",VLOOKUP(WWW25,COMPOSIÇÃO,5,0),VLOOKUP(WWW25,COTAÇÃO,8,0))))","v":"HORA"},0.5,{"$f":"IF(WWZ25=\"SINAPI\",VLOOKUP(WWW25,SINAPI,4,0),IF(WWZ25=\"SETOP\",VLOOKUP(WWW25,SETOP,5,0),IF(WWZ25=\"CPU\",VLOOKUP(WWW25,COMPOSIÇÃO,8,0),VLOOKUP(WWW25,COTAÇÃO,11,0))))","v":19.149999999999999},{"$f":"WXB25*WXC25","v":9.5749999999999993},"ED-50374",{"$f":"IF(WXH25=\"SINAPI\",VLOOKUP(WXE25,SINAPI,2,0),IF(WXH25=\"SETOP\",VLOOKUP(WXE25,SETOP,3,0),IF(WXH25=\"CPU\",VLOOKUP(WXE25,COMPOSIÇÃO,2,0),VLOOKUP(WXE25,COTAÇÃO,3,0))))","v":"BOMBEIRO/ENCANADOR COM ENCARGOS COMPLEMENTARES"},null,"SETOP",{"$f":"IF(WXH25=\"SINAPI\",VLOOKUP(WXE25,SINAPI,3,0),IF(WXH25=\"SETOP\",VLOOKUP(WXE25,SETOP,4,0),IF(WXH25=\"CPU\",VLOOKUP(WXE25,COMPOSIÇÃO,5,0),VLOOKUP(WXE25,COTAÇÃO,8,0))))","v":"HORA"},0.5,{"$f":"IF(WXH25=\"SINAPI\",VLOOKUP(WXE25,SINAPI,4,0),IF(WXH25=\"SETOP\",VLOOKUP(WXE25,SETOP,5,0),IF(WXH25=\"CPU\",VLOOKUP(WXE25,COMPOSIÇÃO,8,0),VLOOKUP(WXE25,COTAÇÃO,11,0))))","v":19.149999999999999},{"$f":"WXJ25*WXK25","v":9.5749999999999993},"ED-50374",{"$f":"IF(WXP25=\"SINAPI\",VLOOKUP(WXM25,SINAPI,2,0),IF(WXP25=\"SETOP\",VLOOKUP(WXM25,SETOP,3,0),IF(WXP25=\"CPU\",VLOOKUP(WXM25,COMPOSIÇÃO,2,0),VLOOKUP(WXM25,COTAÇÃO,3,0))))","v":"BOMBEIRO/ENCANADOR COM ENCARGOS COMPLEMENTARES"},null,"SETOP",{"$f":"IF(WXP25=\"SINAPI\",VLOOKUP(WXM25,SINAPI,3,0),IF(WXP25=\"SETOP\",VLOOKUP(WXM25,SETOP,4,0),IF(WXP25=\"CPU\",VLOOKUP(WXM25,COMPOSIÇÃO,5,0),VLOOKUP(WXM25,COTAÇÃO,8,0))))","v":"HORA"},0.5,{"$f":"IF(WXP25=\"SINAPI\",VLOOKUP(WXM25,SINAPI,4,0),IF(WXP25=\"SETOP\",VLOOKUP(WXM25,SETOP,5,0),IF(WXP25=\"CPU\",VLOOKUP(WXM25,COMPOSIÇÃO,8,0),VLOOKUP(WXM25,COTAÇÃO,11,0))))","v":19.149999999999999},{"$f":"WXR25*WXS25","v":9.5749999999999993},"ED-50374",{"$f":"IF(WXX25=\"SINAPI\",VLOOKUP(WXU25,SINAPI,2,0),IF(WXX25=\"SETOP\",VLOOKUP(WXU25,SETOP,3,0),IF(WXX25=\"CPU\",VLOOKUP(WXU25,COMPOSIÇÃO,2,0),VLOOKUP(WXU25,COTAÇÃO,3,0))))","v":"BOMBEIRO/ENCANADOR COM ENCARGOS COMPLEMENTARES"},null,"SETOP",{"$f":"IF(WXX25=\"SINAPI\",VLOOKUP(WXU25,SINAPI,3,0),IF(WXX25=\"SETOP\",VLOOKUP(WXU25,SETOP,4,0),IF(WXX25=\"CPU\",VLOOKUP(WXU25,COMPOSIÇÃO,5,0),VLOOKUP(WXU25,COTAÇÃO,8,0))))","v":"HORA"},0.5,{"$f":"IF(WXX25=\"SINAPI\",VLOOKUP(WXU25,SINAPI,4,0),IF(WXX25=\"SETOP\",VLOOKUP(WXU25,SETOP,5,0),IF(WXX25=\"CPU\",VLOOKUP(WXU25,COMPOSIÇÃO,8,0),VLOOKUP(WXU25,COTAÇÃO,11,0))))","v":19.149999999999999},{"$f":"WXZ25*WYA25","v":9.5749999999999993},"ED-50374",{"$f":"IF(WYF25=\"SINAPI\",VLOOKUP(WYC25,SINAPI,2,0),IF(WYF25=\"SETOP\",VLOOKUP(WYC25,SETOP,3,0),IF(WYF25=\"CPU\",VLOOKUP(WYC25,COMPOSIÇÃO,2,0),VLOOKUP(WYC25,COTAÇÃO,3,0))))","v":"BOMBEIRO/ENCANADOR COM ENCARGOS COMPLEMENTARES"},null,"SETOP",{"$f":"IF(WYF25=\"SINAPI\",VLOOKUP(WYC25,SINAPI,3,0),IF(WYF25=\"SETOP\",VLOOKUP(WYC25,SETOP,4,0),IF(WYF25=\"CPU\",VLOOKUP(WYC25,COMPOSIÇÃO,5,0),VLOOKUP(WYC25,COTAÇÃO,8,0))))","v":"HORA"},0.5,{"$f":"IF(WYF25=\"SINAPI\",VLOOKUP(WYC25,SINAPI,4,0),IF(WYF25=\"SETOP\",VLOOKUP(WYC25,SETOP,5,0),IF(WYF25=\"CPU\",VLOOKUP(WYC25,COMPOSIÇÃO,8,0),VLOOKUP(WYC25,COTAÇÃO,11,0))))","v":19.149999999999999},{"$f":"WYH25*WYI25","v":9.5749999999999993},"ED-50374",{"$f":"IF(WYN25=\"SINAPI\",VLOOKUP(WYK25,SINAPI,2,0),IF(WYN25=\"SETOP\",VLOOKUP(WYK25,SETOP,3,0),IF(WYN25=\"CPU\",VLOOKUP(WYK25,COMPOSIÇÃO,2,0),VLOOKUP(WYK25,COTAÇÃO,3,0))))","v":"BOMBEIRO/ENCANADOR COM ENCARGOS COMPLEMENTARES"},null,"SETOP",{"$f":"IF(WYN25=\"SINAPI\",VLOOKUP(WYK25,SINAPI,3,0),IF(WYN25=\"SETOP\",VLOOKUP(WYK25,SETOP,4,0),IF(WYN25=\"CPU\",VLOOKUP(WYK25,COMPOSIÇÃO,5,0),VLOOKUP(WYK25,COTAÇÃO,8,0))))","v":"HORA"},0.5,{"$f":"IF(WYN25=\"SINAPI\",VLOOKUP(WYK25,SINAPI,4,0),IF(WYN25=\"SETOP\",VLOOKUP(WYK25,SETOP,5,0),IF(WYN25=\"CPU\",VLOOKUP(WYK25,COMPOSIÇÃO,8,0),VLOOKUP(WYK25,COTAÇÃO,11,0))))","v":19.149999999999999},{"$f":"WYP25*WYQ25","v":9.5749999999999993},"ED-50374",{"$f":"IF(WYV25=\"SINAPI\",VLOOKUP(WYS25,SINAPI,2,0),IF(WYV25=\"SETOP\",VLOOKUP(WYS25,SETOP,3,0),IF(WYV25=\"CPU\",VLOOKUP(WYS25,COMPOSIÇÃO,2,0),VLOOKUP(WYS25,COTAÇÃO,3,0))))","v":"BOMBEIRO/ENCANADOR COM ENCARGOS COMPLEMENTARES"},null,"SETOP",{"$f":"IF(WYV25=\"SINAPI\",VLOOKUP(WYS25,SINAPI,3,0),IF(WYV25=\"SETOP\",VLOOKUP(WYS25,SETOP,4,0),IF(WYV25=\"CPU\",VLOOKUP(WYS25,COMPOSIÇÃO,5,0),VLOOKUP(WYS25,COTAÇÃO,8,0))))","v":"HORA"},0.5,{"$f":"IF(WYV25=\"SINAPI\",VLOOKUP(WYS25,SINAPI,4,0),IF(WYV25=\"SETOP\",VLOOKUP(WYS25,SETOP,5,0),IF(WYV25=\"CPU\",VLOOKUP(WYS25,COMPOSIÇÃO,8,0),VLOOKUP(WYS25,COTAÇÃO,11,0))))","v":19.149999999999999},{"$f":"WYX25*WYY25","v":9.5749999999999993},"ED-50374",{"$f":"IF(WZD25=\"SINAPI\",VLOOKUP(WZA25,SINAPI,2,0),IF(WZD25=\"SETOP\",VLOOKUP(WZA25,SETOP,3,0),IF(WZD25=\"CPU\",VLOOKUP(WZA25,COMPOSIÇÃO,2,0),VLOOKUP(WZA25,COTAÇÃO,3,0))))","v":"BOMBEIRO/ENCANADOR COM ENCARGOS COMPLEMENTARES"},null,"SETOP",{"$f":"IF(WZD25=\"SINAPI\",VLOOKUP(WZA25,SINAPI,3,0),IF(WZD25=\"SETOP\",VLOOKUP(WZA25,SETOP,4,0),IF(WZD25=\"CPU\",VLOOKUP(WZA25,COMPOSIÇÃO,5,0),VLOOKUP(WZA25,COTAÇÃO,8,0))))","v":"HORA"},0.5,{"$f":"IF(WZD25=\"SINAPI\",VLOOKUP(WZA25,SINAPI,4,0),IF(WZD25=\"SETOP\",VLOOKUP(WZA25,SETOP,5,0),IF(WZD25=\"CPU\",VLOOKUP(WZA25,COMPOSIÇÃO,8,0),VLOOKUP(WZA25,COTAÇÃO,11,0))))","v":19.149999999999999},{"$f":"WZF25*WZG25","v":9.5749999999999993},"ED-50374",{"$f":"IF(WZL25=\"SINAPI\",VLOOKUP(WZI25,SINAPI,2,0),IF(WZL25=\"SETOP\",VLOOKUP(WZI25,SETOP,3,0),IF(WZL25=\"CPU\",VLOOKUP(WZI25,COMPOSIÇÃO,2,0),VLOOKUP(WZI25,COTAÇÃO,3,0))))","v":"BOMBEIRO/ENCANADOR COM ENCARGOS COMPLEMENTARES"},null,"SETOP",{"$f":"IF(WZL25=\"SINAPI\",VLOOKUP(WZI25,SINAPI,3,0),IF(WZL25=\"SETOP\",VLOOKUP(WZI25,SETOP,4,0),IF(WZL25=\"CPU\",VLOOKUP(WZI25,COMPOSIÇÃO,5,0),VLOOKUP(WZI25,COTAÇÃO,8,0))))","v":"HORA"},0.5,{"$f":"IF(WZL25=\"SINAPI\",VLOOKUP(WZI25,SINAPI,4,0),IF(WZL25=\"SETOP\",VLOOKUP(WZI25,SETOP,5,0),IF(WZL25=\"CPU\",VLOOKUP(WZI25,COMPOSIÇÃO,8,0),VLOOKUP(WZI25,COTAÇÃO,11,0))))","v":19.149999999999999},{"$f":"WZN25*WZO25","v":9.5749999999999993},"ED-50374",{"$f":"IF(WZT25=\"SINAPI\",VLOOKUP(WZQ25,SINAPI,2,0),IF(WZT25=\"SETOP\",VLOOKUP(WZQ25,SETOP,3,0),IF(WZT25=\"CPU\",VLOOKUP(WZQ25,COMPOSIÇÃO,2,0),VLOOKUP(WZQ25,COTAÇÃO,3,0))))","v":"BOMBEIRO/ENCANADOR COM ENCARGOS COMPLEMENTARES"},null,"SETOP",{"$f":"IF(WZT25=\"SINAPI\",VLOOKUP(WZQ25,SINAPI,3,0),IF(WZT25=\"SETOP\",VLOOKUP(WZQ25,SETOP,4,0),IF(WZT25=\"CPU\",VLOOKUP(WZQ25,COMPOSIÇÃO,5,0),VLOOKUP(WZQ25,COTAÇÃO,8,0))))","v":"HORA"},0.5,{"$f":"IF(WZT25=\"SINAPI\",VLOOKUP(WZQ25,SINAPI,4,0),IF(WZT25=\"SETOP\",VLOOKUP(WZQ25,SETOP,5,0),IF(WZT25=\"CPU\",VLOOKUP(WZQ25,COMPOSIÇÃO,8,0),VLOOKUP(WZQ25,COTAÇÃO,11,0))))","v":19.149999999999999},{"$f":"WZV25*WZW25","v":9.5749999999999993},"ED-50374",{"$f":"IF(XAB25=\"SINAPI\",VLOOKUP(WZY25,SINAPI,2,0),IF(XAB25=\"SETOP\",VLOOKUP(WZY25,SETOP,3,0),IF(XAB25=\"CPU\",VLOOKUP(WZY25,COMPOSIÇÃO,2,0),VLOOKUP(WZY25,COTAÇÃO,3,0))))","v":"BOMBEIRO/ENCANADOR COM ENCARGOS COMPLEMENTARES"},null,"SETOP",{"$f":"IF(XAB25=\"SINAPI\",VLOOKUP(WZY25,SINAPI,3,0),IF(XAB25=\"SETOP\",VLOOKUP(WZY25,SETOP,4,0),IF(XAB25=\"CPU\",VLOOKUP(WZY25,COMPOSIÇÃO,5,0),VLOOKUP(WZY25,COTAÇÃO,8,0))))","v":"HORA"},0.5,{"$f":"IF(XAB25=\"SINAPI\",VLOOKUP(WZY25,SINAPI,4,0),IF(XAB25=\"SETOP\",VLOOKUP(WZY25,SETOP,5,0),IF(XAB25=\"CPU\",VLOOKUP(WZY25,COMPOSIÇÃO,8,0),VLOOKUP(WZY25,COTAÇÃO,11,0))))","v":19.149999999999999},{"$f":"XAD25*XAE25","v":9.5749999999999993},"ED-50374",{"$f":"IF(XAJ25=\"SINAPI\",VLOOKUP(XAG25,SINAPI,2,0),IF(XAJ25=\"SETOP\",VLOOKUP(XAG25,SETOP,3,0),IF(XAJ25=\"CPU\",VLOOKUP(XAG25,COMPOSIÇÃO,2,0),VLOOKUP(XAG25,COTAÇÃO,3,0))))","v":"BOMBEIRO/ENCANADOR COM ENCARGOS COMPLEMENTARES"},null,"SETOP",{"$f":"IF(XAJ25=\"SINAPI\",VLOOKUP(XAG25,SINAPI,3,0),IF(XAJ25=\"SETOP\",VLOOKUP(XAG25,SETOP,4,0),IF(XAJ25=\"CPU\",VLOOKUP(XAG25,COMPOSIÇÃO,5,0),VLOOKUP(XAG25,COTAÇÃO,8,0))))","v":"HORA"},0.5,{"$f":"IF(XAJ25=\"SINAPI\",VLOOKUP(XAG25,SINAPI,4,0),IF(XAJ25=\"SETOP\",VLOOKUP(XAG25,SETOP,5,0),IF(XAJ25=\"CPU\",VLOOKUP(XAG25,COMPOSIÇÃO,8,0),VLOOKUP(XAG25,COTAÇÃO,11,0))))","v":19.149999999999999},{"$f":"XAL25*XAM25","v":9.5749999999999993},"ED-50374",{"$f":"IF(XAR25=\"SINAPI\",VLOOKUP(XAO25,SINAPI,2,0),IF(XAR25=\"SETOP\",VLOOKUP(XAO25,SETOP,3,0),IF(XAR25=\"CPU\",VLOOKUP(XAO25,COMPOSIÇÃO,2,0),VLOOKUP(XAO25,COTAÇÃO,3,0))))","v":"BOMBEIRO/ENCANADOR COM ENCARGOS COMPLEMENTARES"},null,"SETOP",{"$f":"IF(XAR25=\"SINAPI\",VLOOKUP(XAO25,SINAPI,3,0),IF(XAR25=\"SETOP\",VLOOKUP(XAO25,SETOP,4,0),IF(XAR25=\"CPU\",VLOOKUP(XAO25,COMPOSIÇÃO,5,0),VLOOKUP(XAO25,COTAÇÃO,8,0))))","v":"HORA"},0.5,{"$f":"IF(XAR25=\"SINAPI\",VLOOKUP(XAO25,SINAPI,4,0),IF(XAR25=\"SETOP\",VLOOKUP(XAO25,SETOP,5,0),IF(XAR25=\"CPU\",VLOOKUP(XAO25,COMPOSIÇÃO,8,0),VLOOKUP(XAO25,COTAÇÃO,11,0))))","v":19.149999999999999},{"$f":"XAT25*XAU25","v":9.5749999999999993},"ED-50374",{"$f":"IF(XAZ25=\"SINAPI\",VLOOKUP(XAW25,SINAPI,2,0),IF(XAZ25=\"SETOP\",VLOOKUP(XAW25,SETOP,3,0),IF(XAZ25=\"CPU\",VLOOKUP(XAW25,COMPOSIÇÃO,2,0),VLOOKUP(XAW25,COTAÇÃO,3,0))))","v":"BOMBEIRO/ENCANADOR COM ENCARGOS COMPLEMENTARES"},null,"SETOP",{"$f":"IF(XAZ25=\"SINAPI\",VLOOKUP(XAW25,SINAPI,3,0),IF(XAZ25=\"SETOP\",VLOOKUP(XAW25,SETOP,4,0),IF(XAZ25=\"CPU\",VLOOKUP(XAW25,COMPOSIÇÃO,5,0),VLOOKUP(XAW25,COTAÇÃO,8,0))))","v":"HORA"},0.5,{"$f":"IF(XAZ25=\"SINAPI\",VLOOKUP(XAW25,SINAPI,4,0),IF(XAZ25=\"SETOP\",VLOOKUP(XAW25,SETOP,5,0),IF(XAZ25=\"CPU\",VLOOKUP(XAW25,COMPOSIÇÃO,8,0),VLOOKUP(XAW25,COTAÇÃO,11,0))))","v":19.149999999999999},{"$f":"XBB25*XBC25","v":9.5749999999999993},"ED-50374",{"$f":"IF(XBH25=\"SINAPI\",VLOOKUP(XBE25,SINAPI,2,0),IF(XBH25=\"SETOP\",VLOOKUP(XBE25,SETOP,3,0),IF(XBH25=\"CPU\",VLOOKUP(XBE25,COMPOSIÇÃO,2,0),VLOOKUP(XBE25,COTAÇÃO,3,0))))","v":"BOMBEIRO/ENCANADOR COM ENCARGOS COMPLEMENTARES"},null,"SETOP",{"$f":"IF(XBH25=\"SINAPI\",VLOOKUP(XBE25,SINAPI,3,0),IF(XBH25=\"SETOP\",VLOOKUP(XBE25,SETOP,4,0),IF(XBH25=\"CPU\",VLOOKUP(XBE25,COMPOSIÇÃO,5,0),VLOOKUP(XBE25,COTAÇÃO,8,0))))","v":"HORA"},0.5,{"$f":"IF(XBH25=\"SINAPI\",VLOOKUP(XBE25,SINAPI,4,0),IF(XBH25=\"SETOP\",VLOOKUP(XBE25,SETOP,5,0),IF(XBH25=\"CPU\",VLOOKUP(XBE25,COMPOSIÇÃO,8,0),VLOOKUP(XBE25,COTAÇÃO,11,0))))","v":19.149999999999999},{"$f":"XBJ25*XBK25","v":9.5749999999999993},"ED-50374",{"$f":"IF(XBP25=\"SINAPI\",VLOOKUP(XBM25,SINAPI,2,0),IF(XBP25=\"SETOP\",VLOOKUP(XBM25,SETOP,3,0),IF(XBP25=\"CPU\",VLOOKUP(XBM25,COMPOSIÇÃO,2,0),VLOOKUP(XBM25,COTAÇÃO,3,0))))","v":"BOMBEIRO/ENCANADOR COM ENCARGOS COMPLEMENTARES"},null,"SETOP",{"$f":"IF(XBP25=\"SINAPI\",VLOOKUP(XBM25,SINAPI,3,0),IF(XBP25=\"SETOP\",VLOOKUP(XBM25,SETOP,4,0),IF(XBP25=\"CPU\",VLOOKUP(XBM25,COMPOSIÇÃO,5,0),VLOOKUP(XBM25,COTAÇÃO,8,0))))","v":"HORA"},0.5,{"$f":"IF(XBP25=\"SINAPI\",VLOOKUP(XBM25,SINAPI,4,0),IF(XBP25=\"SETOP\",VLOOKUP(XBM25,SETOP,5,0),IF(XBP25=\"CPU\",VLOOKUP(XBM25,COMPOSIÇÃO,8,0),VLOOKUP(XBM25,COTAÇÃO,11,0))))","v":19.149999999999999},{"$f":"XBR25*XBS25","v":9.5749999999999993},"ED-50374",{"$f":"IF(XBX25=\"SINAPI\",VLOOKUP(XBU25,SINAPI,2,0),IF(XBX25=\"SETOP\",VLOOKUP(XBU25,SETOP,3,0),IF(XBX25=\"CPU\",VLOOKUP(XBU25,COMPOSIÇÃO,2,0),VLOOKUP(XBU25,COTAÇÃO,3,0))))","v":"BOMBEIRO/ENCANADOR COM ENCARGOS COMPLEMENTARES"},null,"SETOP",{"$f":"IF(XBX25=\"SINAPI\",VLOOKUP(XBU25,SINAPI,3,0),IF(XBX25=\"SETOP\",VLOOKUP(XBU25,SETOP,4,0),IF(XBX25=\"CPU\",VLOOKUP(XBU25,COMPOSIÇÃO,5,0),VLOOKUP(XBU25,COTAÇÃO,8,0))))","v":"HORA"},0.5,{"$f":"IF(XBX25=\"SINAPI\",VLOOKUP(XBU25,SINAPI,4,0),IF(XBX25=\"SETOP\",VLOOKUP(XBU25,SETOP,5,0),IF(XBX25=\"CPU\",VLOOKUP(XBU25,COMPOSIÇÃO,8,0),VLOOKUP(XBU25,COTAÇÃO,11,0))))","v":19.149999999999999},{"$f":"XBZ25*XCA25","v":9.5749999999999993},"ED-50374",{"$f":"IF(XCF25=\"SINAPI\",VLOOKUP(XCC25,SINAPI,2,0),IF(XCF25=\"SETOP\",VLOOKUP(XCC25,SETOP,3,0),IF(XCF25=\"CPU\",VLOOKUP(XCC25,COMPOSIÇÃO,2,0),VLOOKUP(XCC25,COTAÇÃO,3,0))))","v":"BOMBEIRO/ENCANADOR COM ENCARGOS COMPLEMENTARES"},null,"SETOP",{"$f":"IF(XCF25=\"SINAPI\",VLOOKUP(XCC25,SINAPI,3,0),IF(XCF25=\"SETOP\",VLOOKUP(XCC25,SETOP,4,0),IF(XCF25=\"CPU\",VLOOKUP(XCC25,COMPOSIÇÃO,5,0),VLOOKUP(XCC25,COTAÇÃO,8,0))))","v":"HORA"},0.5,{"$f":"IF(XCF25=\"SINAPI\",VLOOKUP(XCC25,SINAPI,4,0),IF(XCF25=\"SETOP\",VLOOKUP(XCC25,SETOP,5,0),IF(XCF25=\"CPU\",VLOOKUP(XCC25,COMPOSIÇÃO,8,0),VLOOKUP(XCC25,COTAÇÃO,11,0))))","v":19.149999999999999},{"$f":"XCH25*XCI25","v":9.5749999999999993},"ED-50374",{"$f":"IF(XCN25=\"SINAPI\",VLOOKUP(XCK25,SINAPI,2,0),IF(XCN25=\"SETOP\",VLOOKUP(XCK25,SETOP,3,0),IF(XCN25=\"CPU\",VLOOKUP(XCK25,COMPOSIÇÃO,2,0),VLOOKUP(XCK25,COTAÇÃO,3,0))))","v":"BOMBEIRO/ENCANADOR COM ENCARGOS COMPLEMENTARES"},null,"SETOP",{"$f":"IF(XCN25=\"SINAPI\",VLOOKUP(XCK25,SINAPI,3,0),IF(XCN25=\"SETOP\",VLOOKUP(XCK25,SETOP,4,0),IF(XCN25=\"CPU\",VLOOKUP(XCK25,COMPOSIÇÃO,5,0),VLOOKUP(XCK25,COTAÇÃO,8,0))))","v":"HORA"},0.5,{"$f":"IF(XCN25=\"SINAPI\",VLOOKUP(XCK25,SINAPI,4,0),IF(XCN25=\"SETOP\",VLOOKUP(XCK25,SETOP,5,0),IF(XCN25=\"CPU\",VLOOKUP(XCK25,COMPOSIÇÃO,8,0),VLOOKUP(XCK25,COTAÇÃO,11,0))))","v":19.149999999999999},{"$f":"XCP25*XCQ25","v":9.5749999999999993},"ED-50374",{"$f":"IF(XCV25=\"SINAPI\",VLOOKUP(XCS25,SINAPI,2,0),IF(XCV25=\"SETOP\",VLOOKUP(XCS25,SETOP,3,0),IF(XCV25=\"CPU\",VLOOKUP(XCS25,COMPOSIÇÃO,2,0),VLOOKUP(XCS25,COTAÇÃO,3,0))))","v":"BOMBEIRO/ENCANADOR COM ENCARGOS COMPLEMENTARES"},null,"SETOP",{"$f":"IF(XCV25=\"SINAPI\",VLOOKUP(XCS25,SINAPI,3,0),IF(XCV25=\"SETOP\",VLOOKUP(XCS25,SETOP,4,0),IF(XCV25=\"CPU\",VLOOKUP(XCS25,COMPOSIÇÃO,5,0),VLOOKUP(XCS25,COTAÇÃO,8,0))))","v":"HORA"},0.5,{"$f":"IF(XCV25=\"SINAPI\",VLOOKUP(XCS25,SINAPI,4,0),IF(XCV25=\"SETOP\",VLOOKUP(XCS25,SETOP,5,0),IF(XCV25=\"CPU\",VLOOKUP(XCS25,COMPOSIÇÃO,8,0),VLOOKUP(XCS25,COTAÇÃO,11,0))))","v":19.149999999999999},{"$f":"XCX25*XCY25","v":9.5749999999999993},"ED-50374",{"$f":"IF(XDD25=\"SINAPI\",VLOOKUP(XDA25,SINAPI,2,0),IF(XDD25=\"SETOP\",VLOOKUP(XDA25,SETOP,3,0),IF(XDD25=\"CPU\",VLOOKUP(XDA25,COMPOSIÇÃO,2,0),VLOOKUP(XDA25,COTAÇÃO,3,0))))","v":"BOMBEIRO/ENCANADOR COM ENCARGOS COMPLEMENTARES"},null,"SETOP",{"$f":"IF(XDD25=\"SINAPI\",VLOOKUP(XDA25,SINAPI,3,0),IF(XDD25=\"SETOP\",VLOOKUP(XDA25,SETOP,4,0),IF(XDD25=\"CPU\",VLOOKUP(XDA25,COMPOSIÇÃO,5,0),VLOOKUP(XDA25,COTAÇÃO,8,0))))","v":"HORA"},0.5,{"$f":"IF(XDD25=\"SINAPI\",VLOOKUP(XDA25,SINAPI,4,0),IF(XDD25=\"SETOP\",VLOOKUP(XDA25,SETOP,5,0),IF(XDD25=\"CPU\",VLOOKUP(XDA25,COMPOSIÇÃO,8,0),VLOOKUP(XDA25,COTAÇÃO,11,0))))","v":19.149999999999999},{"$f":"XDF25*XDG25","v":9.5749999999999993},"ED-50374",{"$f":"IF(XDL25=\"SINAPI\",VLOOKUP(XDI25,SINAPI,2,0),IF(XDL25=\"SETOP\",VLOOKUP(XDI25,SETOP,3,0),IF(XDL25=\"CPU\",VLOOKUP(XDI25,COMPOSIÇÃO,2,0),VLOOKUP(XDI25,COTAÇÃO,3,0))))","v":"BOMBEIRO/ENCANADOR COM ENCARGOS COMPLEMENTARES"},null,"SETOP",{"$f":"IF(XDL25=\"SINAPI\",VLOOKUP(XDI25,SINAPI,3,0),IF(XDL25=\"SETOP\",VLOOKUP(XDI25,SETOP,4,0),IF(XDL25=\"CPU\",VLOOKUP(XDI25,COMPOSIÇÃO,5,0),VLOOKUP(XDI25,COTAÇÃO,8,0))))","v":"HORA"},0.5,{"$f":"IF(XDL25=\"SINAPI\",VLOOKUP(XDI25,SINAPI,4,0),IF(XDL25=\"SETOP\",VLOOKUP(XDI25,SETOP,5,0),IF(XDL25=\"CPU\",VLOOKUP(XDI25,COMPOSIÇÃO,8,0),VLOOKUP(XDI25,COTAÇÃO,11,0))))","v":19.149999999999999},{"$f":"XDN25*XDO25","v":9.5749999999999993},"ED-50374",{"$f":"IF(XDT25=\"SINAPI\",VLOOKUP(XDQ25,SINAPI,2,0),IF(XDT25=\"SETOP\",VLOOKUP(XDQ25,SETOP,3,0),IF(XDT25=\"CPU\",VLOOKUP(XDQ25,COMPOSIÇÃO,2,0),VLOOKUP(XDQ25,COTAÇÃO,3,0))))","v":"BOMBEIRO/ENCANADOR COM ENCARGOS COMPLEMENTARES"},null,"SETOP",{"$f":"IF(XDT25=\"SINAPI\",VLOOKUP(XDQ25,SINAPI,3,0),IF(XDT25=\"SETOP\",VLOOKUP(XDQ25,SETOP,4,0),IF(XDT25=\"CPU\",VLOOKUP(XDQ25,COMPOSIÇÃO,5,0),VLOOKUP(XDQ25,COTAÇÃO,8,0))))","v":"HORA"},0.5,{"$f":"IF(XDT25=\"SINAPI\",VLOOKUP(XDQ25,SINAPI,4,0),IF(XDT25=\"SETOP\",VLOOKUP(XDQ25,SETOP,5,0),IF(XDT25=\"CPU\",VLOOKUP(XDQ25,COMPOSIÇÃO,8,0),VLOOKUP(XDQ25,COTAÇÃO,11,0))))","v":19.149999999999999},{"$f":"XDV25*XDW25","v":9.5749999999999993},"ED-50374",{"$f":"IF(XEB25=\"SINAPI\",VLOOKUP(XDY25,SINAPI,2,0),IF(XEB25=\"SETOP\",VLOOKUP(XDY25,SETOP,3,0),IF(XEB25=\"CPU\",VLOOKUP(XDY25,COMPOSIÇÃO,2,0),VLOOKUP(XDY25,COTAÇÃO,3,0))))","v":"BOMBEIRO/ENCANADOR COM ENCARGOS COMPLEMENTARES"},null,"SETOP",{"$f":"IF(XEB25=\"SINAPI\",VLOOKUP(XDY25,SINAPI,3,0),IF(XEB25=\"SETOP\",VLOOKUP(XDY25,SETOP,4,0),IF(XEB25=\"CPU\",VLOOKUP(XDY25,COMPOSIÇÃO,5,0),VLOOKUP(XDY25,COTAÇÃO,8,0))))","v":"HORA"},0.5,{"$f":"IF(XEB25=\"SINAPI\",VLOOKUP(XDY25,SINAPI,4,0),IF(XEB25=\"SETOP\",VLOOKUP(XDY25,SETOP,5,0),IF(XEB25=\"CPU\",VLOOKUP(XDY25,COMPOSIÇÃO,8,0),VLOOKUP(XDY25,COTAÇÃO,11,0))))","v":19.149999999999999},{"$f":"XED25*XEE25","v":9.5749999999999993},"ED-50374",{"$f":"IF(XEJ25=\"SINAPI\",VLOOKUP(XEG25,SINAPI,2,0),IF(XEJ25=\"SETOP\",VLOOKUP(XEG25,SETOP,3,0),IF(XEJ25=\"CPU\",VLOOKUP(XEG25,COMPOSIÇÃO,2,0),VLOOKUP(XEG25,COTAÇÃO,3,0))))","v":"BOMBEIRO/ENCANADOR COM ENCARGOS COMPLEMENTARES"},null,"SETOP",{"$f":"IF(XEJ25=\"SINAPI\",VLOOKUP(XEG25,SINAPI,3,0),IF(XEJ25=\"SETOP\",VLOOKUP(XEG25,SETOP,4,0),IF(XEJ25=\"CPU\",VLOOKUP(XEG25,COMPOSIÇÃO,5,0),VLOOKUP(XEG25,COTAÇÃO,8,0))))","v":"HORA"},0.5,{"$f":"IF(XEJ25=\"SINAPI\",VLOOKUP(XEG25,SINAPI,4,0),IF(XEJ25=\"SETOP\",VLOOKUP(XEG25,SETOP,5,0),IF(XEJ25=\"CPU\",VLOOKUP(XEG25,COMPOSIÇÃO,8,0),VLOOKUP(XEG25,COTAÇÃO,11,0))))","v":19.149999999999999},{"$f":"XEL25*XEM25","v":9.5749999999999993},"ED-50374",{"$f":"IF(XER25=\"SINAPI\",VLOOKUP(XEO25,SINAPI,2,0),IF(XER25=\"SETOP\",VLOOKUP(XEO25,SETOP,3,0),IF(XER25=\"CPU\",VLOOKUP(XEO25,COMPOSIÇÃO,2,0),VLOOKUP(XEO25,COTAÇÃO,3,0))))","v":"BOMBEIRO/ENCANADOR COM ENCARGOS COMPLEMENTARES"},null,"SETOP",{"$f":"IF(XER25=\"SINAPI\",VLOOKUP(XEO25,SINAPI,3,0),IF(XER25=\"SETOP\",VLOOKUP(XEO25,SETOP,4,0),IF(XER25=\"CPU\",VLOOKUP(XEO25,COMPOSIÇÃO,5,0),VLOOKUP(XEO25,COTAÇÃO,8,0))))","v":"HORA"},0.5,{"$f":"IF(XER25=\"SINAPI\",VLOOKUP(XEO25,SINAPI,4,0),IF(XER25=\"SETOP\",VLOOKUP(XEO25,SETOP,5,0),IF(XER25=\"CPU\",VLOOKUP(XEO25,COMPOSIÇÃO,8,0),VLOOKUP(XEO25,COTAÇÃO,11,0))))","v":19.149999999999999},{"$f":"XET25*XEU25","v":9.5749999999999993},"ED-50374",{"$f":"IF(XEZ25=\"SINAPI\",VLOOKUP(XEW25,SINAPI,2,0),IF(XEZ25=\"SETOP\",VLOOKUP(XEW25,SETOP,3,0),IF(XEZ25=\"CPU\",VLOOKUP(XEW25,COMPOSIÇÃO,2,0),VLOOKUP(XEW25,COTAÇÃO,3,0))))","v":"BOMBEIRO/ENCANADOR COM ENCARGOS COMPLEMENTARES"},null,"SETOP",{"$f":"IF(XEZ25=\"SINAPI\",VLOOKUP(XEW25,SINAPI,3,0),IF(XEZ25=\"SETOP\",VLOOKUP(XEW25,SETOP,4,0),IF(XEZ25=\"CPU\",VLOOKUP(XEW25,COMPOSIÇÃO,5,0),VLOOKUP(XEW25,COTAÇÃO,8,0))))","v":"HORA"},0.5,{"$f":"IF(XEZ25=\"SINAPI\",VLOOKUP(XEW25,SINAPI,4,0),IF(XEZ25=\"SETOP\",VLOOKUP(XEW25,SETOP,5,0),IF(XEZ25=\"CPU\",VLOOKUP(XEW25,COMPOSIÇÃO,8,0),VLOOKUP(XEW25,COTAÇÃO,11,0))))","v":19.149999999999999},{"$f":"XFB25*XFC25","v":9.5749999999999993}]
[3825,{"$f":"IF(D26=\"SINAPI\",VLOOKUP(A26,SINAPI,2,0),IF(D26=\"SETOP\",VLOOKUP(A26,SETOP,3,0),IF(D26=\"CPU\",VLOOKUP(A26,COMPOSIÇÃO,2,0),VLOOKUP(A26,COTAÇÃO,3,0))))","v":"LUVA DE CORRER, PVC PBA, JE, DN 50 / DE 60 MM, PARA REDE AGUA (NBR 10351)"},null,"SINAPI",{"$f":"IF(D26=\"SINAPI\",VLOOKUP(A26,SINAPI,3,0),IF(D26=\"SETOP\",VLOOKUP(A26,SETOP,4,0),IF(D26=\"CPU\",VLOOKUP(A26,COMPOSIÇÃO,5,0),VLOOKUP(A26,COTAÇÃO,8,0))))","v":"UN    "},1,{"$f":"IF(D26=\"SINAPI\",VLOOKUP(A26,SINAPI,4,0),IF(D26=\"SETOP\",VLOOKUP(A26,SETOP,5,0),IF(D26=\"CPU\",VLOOKUP(A26,COMPOSIÇÃO,8,0),VLOOKUP(A26,COTAÇÃO,11,0))))","v":17.309999999999999},{"$f":"F26*G26","v":17.309999999999999}]
[88248,{"$f":"IF(D27=\"SINAPI\",VLOOKUP(A27,SINAPI,2,0),IF(D27=\"SETOP\",VLOOKUP(A27,SETOP,3,0),IF(D27=\"CPU\",VLOOKUP(A27,COMPOSIÇÃO,2,0),VLOOKUP(A27,COTAÇÃO,3,0))))","v":"AUXILIAR DE ENCANADOR OU BOMBEIRO HIDRÁULICO COM ENCARGOS COMPLEMENTARES"},null,"SINAPI",{"$f":"IF(D27=\"SINAPI\",VLOOKUP(A27,SINAPI,3,0),IF(D27=\"SETOP\",VLOOKUP(A27,SETOP,4,0),IF(D27=\"CPU\",VLOOKUP(A27,COMPOSIÇÃO,5,0),VLOOKUP(A27,COTAÇÃO,8,0))))","v":"H"},7.1999999999999995E-2,{"$f":"IF(D27=\"SINAPI\",VLOOKUP(A27,SINAPI,4,0),IF(D27=\"SETOP\",VLOOKUP(A27,SETOP,5,0),IF(D27=\"CPU\",VLOOKUP(A27,COMPOSIÇÃO,8,0),VLOOKUP(A27,COTAÇÃO,11,0))))","v":14.59},{"$f":"F27*G27","v":1.0504799999999999}]
[88267,{"$f":"IF(D28=\"SINAPI\",VLOOKUP(A28,SINAPI,2,0),IF(D28=\"SETOP\",VLOOKUP(A28,SETOP,3,0),IF(D28=\"CPU\",VLOOKUP(A28,COMPOSIÇÃO,2,0),VLOOKUP(A28,COTAÇÃO,3,0))))","v":"ENCANADOR OU BOMBEIRO HIDRÁULICO COM ENCARGOS COMPLEMENTARES"},null,"SINAPI",{"$f":"IF(D28=\"SINAPI\",VLOOKUP(A28,SINAPI,3,0),IF(D28=\"SETOP\",VLOOKUP(A28,SETOP,4,0),IF(D28=\"CPU\",VLOOKUP(A28,COMPOSIÇÃO,5,0),VLOOKUP(A28,COTAÇÃO,8,0))))","v":"H"},7.1999999999999995E-2,{"$f":"IF(D28=\"SINAPI\",VLOOKUP(A28,SINAPI,4,0),IF(D28=\"SETOP\",VLOOKUP(A28,SETOP,5,0),IF(D28=\"CPU\",VLOOKUP(A28,COMPOSIÇÃO,8,0),VLOOKUP(A28,COTAÇÃO,11,0))))","v":19.149999999999999},{"$f":"F28*G28","v":1.3787999999999998}]
["DAC-4.2","CURVA PVC PBA, JE, PB, 90 GRAUS, DN 50 / DE 60 MM, PARA REDE AGUA (NBR 10351)",null,"CPU","UN ",null,null,{"$f":"SUM(H30:H32)","v":45.359279999999998},"ED-50374",{"$f":"IF(L29=\"SINAPI\",VLOOKUP(I29,SINAPI,2,0),IF(L29=\"SETOP\",VLOOKUP(I29,SETOP,3,0),IF(L29=\"CPU\",VLOOKUP(I29,COMPOSIÇÃO,2,0),VLOOKUP(I29,COTAÇÃO,3,0))))","v":"BOMBEIRO/ENCANADOR COM ENCARGOS COMPLEMENTARES"},null,"SETOP",{"$f":"IF(L29=\"SINAPI\",VLOOKUP(I29,SINAPI,3,0),IF(L29=\"SETOP\",VLOOKUP(I29,SETOP,4,0),IF(L29=\"CPU\",VLOOKUP(I29,COMPOSIÇÃO,5,0),VLOOKUP(I29,COTAÇÃO,8,0))))","v":"HORA"},0.5,{"$f":"IF(L29=\"SINAPI\",VLOOKUP(I29,SINAPI,4,0),IF(L29=\"SETOP\",VLOOKUP(I29,SETOP,5,0),IF(L29=\"CPU\",VLOOKUP(I29,COMPOSIÇÃO,8,0),VLOOKUP(I29,COTAÇÃO,11,0))))","v":19.149999999999999},{"$f":"N29*O29","v":9.5749999999999993},"ED-50374",{"$f":"IF(T29=\"SINAPI\",VLOOKUP(Q29,SINAPI,2,0),IF(T29=\"SETOP\",VLOOKUP(Q29,SETOP,3,0),IF(T29=\"CPU\",VLOOKUP(Q29,COMPOSIÇÃO,2,0),VLOOKUP(Q29,COTAÇÃO,3,0))))","v":"BOMBEIRO/ENCANADOR COM ENCARGOS COMPLEMENTARES"},null,"SETOP",{"$f":"IF(T29=\"SINAPI\",VLOOKUP(Q29,SINAPI,3,0),IF(T29=\"SETOP\",VLOOKUP(Q29,SETOP,4,0),IF(T29=\"CPU\",VLOOKUP(Q29,COMPOSIÇÃO,5,0),VLOOKUP(Q29,COTAÇÃO,8,0))))","v":"HORA"},0.5,{"$f":"IF(T29=\"SINAPI\",VLOOKUP(Q29,SINAPI,4,0),IF(T29=\"SETOP\",VLOOKUP(Q29,SETOP,5,0),IF(T29=\"CPU\",VLOOKUP(Q29,COMPOSIÇÃO,8,0),VLOOKUP(Q29,COTAÇÃO,11,0))))","v":19.149999999999999},{"$f":"V29*W29","v":9.5749999999999993},"ED-50374",{"$f":"IF(AB29=\"SINAPI\",VLOOKUP(Y29,SINAPI,2,0),IF(AB29=\"SETOP\",VLOOKUP(Y29,SETOP,3,0),IF(AB29=\"CPU\",VLOOKUP(Y29,COMPOSIÇÃO,2,0),VLOOKUP(Y29,COTAÇÃO,3,0))))","v":"BOMBEIRO/ENCANADOR COM ENCARGOS COMPLEMENTARES"},null,"SETOP",{"$f":"IF(AB29=\"SINAPI\",VLOOKUP(Y29,SINAPI,3,0),IF(AB29=\"SETOP\",VLOOKUP(Y29,SETOP,4,0),IF(AB29=\"CPU\",VLOOKUP(Y29,COMPOSIÇÃO,5,0),VLOOKUP(Y29,COTAÇÃO,8,0))))","v":"HORA"},0.5,{"$f":"IF(AB29=\"SINAPI\",VLOOKUP(Y29,SINAPI,4,0),IF(AB29=\"SETOP\",VLOOKUP(Y29,SETOP,5,0),IF(AB29=\"CPU\",VLOOKUP(Y29,COMPOSIÇÃO,8,0),VLOOKUP(Y29,COTAÇÃO,11,0))))","v":19.149999999999999},{"$f":"AD29*AE29","v":9.5749999999999993},"ED-50374",{"$f":"IF(AJ29=\"SINAPI\",VLOOKUP(AG29,SINAPI,2,0),IF(AJ29=\"SETOP\",VLOOKUP(AG29,SETOP,3,0),IF(AJ29=\"CPU\",VLOOKUP(AG29,COMPOSIÇÃO,2,0),VLOOKUP(AG29,COTAÇÃO,3,0))))","v":"BOMBEIRO/ENCANADOR COM ENCARGOS COMPLEMENTARES"},null,"SETOP",{"$f":"IF(AJ29=\"SINAPI\",VLOOKUP(AG29,SINAPI,3,0),IF(AJ29=\"SETOP\",VLOOKUP(AG29,SETOP,4,0),IF(AJ29=\"CPU\",VLOOKUP(AG29,COMPOSIÇÃO,5,0),VLOOKUP(AG29,COTAÇÃO,8,0))))","v":"HORA"},0.5,{"$f":"IF(AJ29=\"SINAPI\",VLOOKUP(AG29,SINAPI,4,0),IF(AJ29=\"SETOP\",VLOOKUP(AG29,SETOP,5,0),IF(AJ29=\"CPU\",VLOOKUP(AG29,COMPOSIÇÃO,8,0),VLOOKUP(AG29,COTAÇÃO,11,0))))","v":19.149999999999999},{"$f":"AL29*AM29","v":9.5749999999999993},"ED-50374",{"$f":"IF(AR29=\"SINAPI\",VLOOKUP(AO29,SINAPI,2,0),IF(AR29=\"SETOP\",VLOOKUP(AO29,SETOP,3,0),IF(AR29=\"CPU\",VLOOKUP(AO29,COMPOSIÇÃO,2,0),VLOOKUP(AO29,COTAÇÃO,3,0))))","v":"BOMBEIRO/ENCANADOR COM ENCARGOS COMPLEMENTARES"},null,"SETOP",{"$f":"IF(AR29=\"SINAPI\",VLOOKUP(AO29,SINAPI,3,0),IF(AR29=\"SETOP\",VLOOKUP(AO29,SETOP,4,0),IF(AR29=\"CPU\",VLOOKUP(AO29,COMPOSIÇÃO,5,0),VLOOKUP(AO29,COTAÇÃO,8,0))))","v":"HORA"},0.5,{"$f":"IF(AR29=\"SINAPI\",VLOOKUP(AO29,SINAPI,4,0),IF(AR29=\"SETOP\",VLOOKUP(AO29,SETOP,5,0),IF(AR29=\"CPU\",VLOOKUP(AO29,COMPOSIÇÃO,8,0),VLOOKUP(AO29,COTAÇÃO,11,0))))","v":19.149999999999999},{"$f":"AT29*AU29","v":9.5749999999999993},"ED-50374",{"$f":"IF(AZ29=\"SINAPI\",VLOOKUP(AW29,SINAPI,2,0),IF(AZ29=\"SETOP\",VLOOKUP(AW29,SETOP,3,0),IF(AZ29=\"CPU\",VLOOKUP(AW29,COMPOSIÇÃO,2,0),VLOOKUP(AW29,COTAÇÃO,3,0))))","v":"BOMBEIRO/ENCANADOR COM ENCARGOS COMPLEMENTARES"},null,"SETOP",{"$f":"IF(AZ29=\"SINAPI\",VLOOKUP(AW29,SINAPI,3,0),IF(AZ29=\"SETOP\",VLOOKUP(AW29,SETOP,4,0),IF(AZ29=\"CPU\",VLOOKUP(AW29,COMPOSIÇÃO,5,0),VLOOKUP(AW29,COTAÇÃO,8,0))))","v":"HORA"},0.5,{"$f":"IF(AZ29=\"SINAPI\",VLOOKUP(AW29,SINAPI,4,0),IF(AZ29=\"SETOP\",VLOOKUP(AW29,SETOP,5,0),IF(AZ29=\"CPU\",VLOOKUP(AW29,COMPOSIÇÃO,8,0),VLOOKUP(AW29,COTAÇÃO,11,0))))","v":19.149999999999999},{"$f":"BB29*BC29","v":9.5749999999999993},"ED-50374",{"$f":"IF(BH29=\"SINAPI\",VLOOKUP(BE29,SINAPI,2,0),IF(BH29=\"SETOP\",VLOOKUP(BE29,SETOP,3,0),IF(BH29=\"CPU\",VLOOKUP(BE29,COMPOSIÇÃO,2,0),VLOOKUP(BE29,COTAÇÃO,3,0))))","v":"BOMBEIRO/ENCANADOR COM ENCARGOS COMPLEMENTARES"},null,"SETOP",{"$f":"IF(BH29=\"SINAPI\",VLOOKUP(BE29,SINAPI,3,0),IF(BH29=\"SETOP\",VLOOKUP(BE29,SETOP,4,0),IF(BH29=\"CPU\",VLOOKUP(BE29,COMPOSIÇÃO,5,0),VLOOKUP(BE29,COTAÇÃO,8,0))))","v":"HORA"},0.5,{"$f":"IF(BH29=\"SINAPI\",VLOOKUP(BE29,SINAPI,4,0),IF(BH29=\"SETOP\",VLOOKUP(BE29,SETOP,5,0),IF(BH29=\"CPU\",VLOOKUP(BE29,COMPOSIÇÃO,8,0),VLOOKUP(BE29,COTAÇÃO,11,0))))","v":19.149999999999999},{"$f":"BJ29*BK29","v":9.5749999999999993},"ED-50374",{"$f":"IF(BP29=\"SINAPI\",VLOOKUP(BM29,SINAPI,2,0),IF(BP29=\"SETOP\",VLOOKUP(BM29,SETOP,3,0),IF(BP29=\"CPU\",VLOOKUP(BM29,COMPOSIÇÃO,2,0),VLOOKUP(BM29,COTAÇÃO,3,0))))","v":"BOMBEIRO/ENCANADOR COM ENCARGOS COMPLEMENTARES"},null,"SETOP",{"$f":"IF(BP29=\"SINAPI\",VLOOKUP(BM29,SINAPI,3,0),IF(BP29=\"SETOP\",VLOOKUP(BM29,SETOP,4,0),IF(BP29=\"CPU\",VLOOKUP(BM29,COMPOSIÇÃO,5,0),VLOOKUP(BM29,COTAÇÃO,8,0))))","v":"HORA"},0.5,{"$f":"IF(BP29=\"SINAPI\",VLOOKUP(BM29,SINAPI,4,0),IF(BP29=\"SETOP\",VLOOKUP(BM29,SETOP,5,0),IF(BP29=\"CPU\",VLOOKUP(BM29,COMPOSIÇÃO,8,0),VLOOKUP(BM29,COTAÇÃO,11,0))))","v":19.149999999999999},{"$f":"BR29*BS29","v":9.5749999999999993},"ED-50374",{"$f":"IF(BX29=\"SINAPI\",VLOOKUP(BU29,SINAPI,2,0),IF(BX29=\"SETOP\",VLOOKUP(BU29,SETOP,3,0),IF(BX29=\"CPU\",VLOOKUP(BU29,COMPOSIÇÃO,2,0),VLOOKUP(BU29,COTAÇÃO,3,0))))","v":"BOMBEIRO/ENCANADOR COM ENCARGOS COMPLEMENTARES"},null,"SETOP",{"$f":"IF(BX29=\"SINAPI\",VLOOKUP(BU29,SINAPI,3,0),IF(BX29=\"SETOP\",VLOOKUP(BU29,SETOP,4,0),IF(BX29=\"CPU\",VLOOKUP(BU29,COMPOSIÇÃO,5,0),VLOOKUP(BU29,COTAÇÃO,8,0))))","v":"HORA"},0.5,{"$f":"IF(BX29=\"SINAPI\",VLOOKUP(BU29,SINAPI,4,0),IF(BX29=\"SETOP\",VLOOKUP(BU29,SETOP,5,0),IF(BX29=\"CPU\",VLOOKUP(BU29,COMPOSIÇÃO,8,0),VLOOKUP(BU29,COTAÇÃO,11,0))))","v":19.149999999999999},{"$f":"BZ29*CA29","v":9.5749999999999993},"ED-50374",{"$f":"IF(CF29=\"SINAPI\",VLOOKUP(CC29,SINAPI,2,0),IF(CF29=\"SETOP\",VLOOKUP(CC29,SETOP,3,0),IF(CF29=\"CPU\",VLOOKUP(CC29,COMPOSIÇÃO,2,0),VLOOKUP(CC29,COTAÇÃO,3,0))))","v":"BOMBEIRO/ENCANADOR COM ENCARGOS COMPLEMENTARES"},null,"SETOP",{"$f":"IF(CF29=\"SINAPI\",VLOOKUP(CC29,SINAPI,3,0),IF(CF29=\"SETOP\",VLOOKUP(CC29,SETOP,4,0),IF(CF29=\"CPU\",VLOOKUP(CC29,COMPOSIÇÃO,5,0),VLOOKUP(CC29,COTAÇÃO,8,0))))","v":"HORA"},0.5,{"$f":"IF(CF29=\"SINAPI\",VLOOKUP(CC29,SINAPI,4,0),IF(CF29=\"SETOP\",VLOOKUP(CC29,SETOP,5,0),IF(CF29=\"CPU\",VLOOKUP(CC29,COMPOSIÇÃO,8,0),VLOOKUP(CC29,COTAÇÃO,11,0))))","v":19.149999999999999},{"$f":"CH29*CI29","v":9.5749999999999993},"ED-50374",{"$f":"IF(CN29=\"SINAPI\",VLOOKUP(CK29,SINAPI,2,0),IF(CN29=\"SETOP\",VLOOKUP(CK29,SETOP,3,0),IF(CN29=\"CPU\",VLOOKUP(CK29,COMPOSIÇÃO,2,0),VLOOKUP(CK29,COTAÇÃO,3,0))))","v":"BOMBEIRO/ENCANADOR COM ENCARGOS COMPLEMENTARES"},null,"SETOP",{"$f":"IF(CN29=\"SINAPI\",VLOOKUP(CK29,SINAPI,3,0),IF(CN29=\"SETOP\",VLOOKUP(CK29,SETOP,4,0),IF(CN29=\"CPU\",VLOOKUP(CK29,COMPOSIÇÃO,5,0),VLOOKUP(CK29,COTAÇÃO,8,0))))","v":"HORA"},0.5,{"$f":"IF(CN29=\"SINAPI\",VLOOKUP(CK29,SINAPI,4,0),IF(CN29=\"SETOP\",VLOOKUP(CK29,SETOP,5,0),IF(CN29=\"CPU\",VLOOKUP(CK29,COMPOSIÇÃO,8,0),VLOOKUP(CK29,COTAÇÃO,11,0))))","v":19.149999999999999},{"$f":"CP29*CQ29","v":9.5749999999999993},"ED-50374",{"$f":"IF(CV29=\"SINAPI\",VLOOKUP(CS29,SINAPI,2,0),IF(CV29=\"SETOP\",VLOOKUP(CS29,SETOP,3,0),IF(CV29=\"CPU\",VLOOKUP(CS29,COMPOSIÇÃO,2,0),VLOOKUP(CS29,COTAÇÃO,3,0))))","v":"BOMBEIRO/ENCANADOR COM ENCARGOS COMPLEMENTARES"},null,"SETOP",{"$f":"IF(CV29=\"SINAPI\",VLOOKUP(CS29,SINAPI,3,0),IF(CV29=\"SETOP\",VLOOKUP(CS29,SETOP,4,0),IF(CV29=\"CPU\",VLOOKUP(CS29,COMPOSIÇÃO,5,0),VLOOKUP(CS29,COTAÇÃO,8,0))))","v":"HORA"},0.5,{"$f":"IF(CV29=\"SINAPI\",VLOOKUP(CS29,SINAPI,4,0),IF(CV29=\"SETOP\",VLOOKUP(CS29,SETOP,5,0),IF(CV29=\"CPU\",VLOOKUP(CS29,COMPOSIÇÃO,8,0),VLOOKUP(CS29,COTAÇÃO,11,0))))","v":19.149999999999999},{"$f":"CX29*CY29","v":9.5749999999999993},"ED-50374",{"$f":"IF(DD29=\"SINAPI\",VLOOKUP(DA29,SINAPI,2,0),IF(DD29=\"SETOP\",VLOOKUP(DA29,SETOP,3,0),IF(DD29=\"CPU\",VLOOKUP(DA29,COMPOSIÇÃO,2,0),VLOOKUP(DA29,COTAÇÃO,3,0))))","v":"BOMBEIRO/ENCANADOR COM ENCARGOS COMPLEMENTARES"},null,"SETOP",{"$f":"IF(DD29=\"SINAPI\",VLOOKUP(DA29,SINAPI,3,0),IF(DD29=\"SETOP\",VLOOKUP(DA29,SETOP,4,0),IF(DD29=\"CPU\",VLOOKUP(DA29,COMPOSIÇÃO,5,0),VLOOKUP(DA29,COTAÇÃO,8,0))))","v":"HORA"},0.5,{"$f":"IF(DD29=\"SINAPI\",VLOOKUP(DA29,SINAPI,4,0),IF(DD29=\"SETOP\",VLOOKUP(DA29,SETOP,5,0),IF(DD29=\"CPU\",VLOOKUP(DA29,COMPOSIÇÃO,8,0),VLOOKUP(DA29,COTAÇÃO,11,0))))","v":19.149999999999999},{"$f":"DF29*DG29","v":9.5749999999999993},"ED-50374",{"$f":"IF(DL29=\"SINAPI\",VLOOKUP(DI29,SINAPI,2,0),IF(DL29=\"SETOP\",VLOOKUP(DI29,SETOP,3,0),IF(DL29=\"CPU\",VLOOKUP(DI29,COMPOSIÇÃO,2,0),VLOOKUP(DI29,COTAÇÃO,3,0))))","v":"BOMBEIRO/ENCANADOR COM ENCARGOS COMPLEMENTARES"},null,"SETOP",{"$f":"IF(DL29=\"SINAPI\",VLOOKUP(DI29,SINAPI,3,0),IF(DL29=\"SETOP\",VLOOKUP(DI29,SETOP,4,0),IF(DL29=\"CPU\",VLOOKUP(DI29,COMPOSIÇÃO,5,0),VLOOKUP(DI29,COTAÇÃO,8,0))))","v":"HORA"},0.5,{"$f":"IF(DL29=\"SINAPI\",VLOOKUP(DI29,SINAPI,4,0),IF(DL29=\"SETOP\",VLOOKUP(DI29,SETOP,5,0),IF(DL29=\"CPU\",VLOOKUP(DI29,COMPOSIÇÃO,8,0),VLOOKUP(DI29,COTAÇÃO,11,0))))","v":19.149999999999999},{"$f":"DN29*DO29","v":9.5749999999999993},"ED-50374",{"$f":"IF(DT29=\"SINAPI\",VLOOKUP(DQ29,SINAPI,2,0),IF(DT29=\"SETOP\",VLOOKUP(DQ29,SETOP,3,0),IF(DT29=\"CPU\",VLOOKUP(DQ29,COMPOSIÇÃO,2,0),VLOOKUP(DQ29,COTAÇÃO,3,0))))","v":"BOMBEIRO/ENCANADOR COM ENCARGOS COMPLEMENTARES"},null,"SETOP",{"$f":"IF(DT29=\"SINAPI\",VLOOKUP(DQ29,SINAPI,3,0),IF(DT29=\"SETOP\",VLOOKUP(DQ29,SETOP,4,0),IF(DT29=\"CPU\",VLOOKUP(DQ29,COMPOSIÇÃO,5,0),VLOOKUP(DQ29,COTAÇÃO,8,0))))","v":"HORA"},0.5,{"$f":"IF(DT29=\"SINAPI\",VLOOKUP(DQ29,SINAPI,4,0),IF(DT29=\"SETOP\",VLOOKUP(DQ29,SETOP,5,0),IF(DT29=\"CPU\",VLOOKUP(DQ29,COMPOSIÇÃO,8,0),VLOOKUP(DQ29,COTAÇÃO,11,0))))","v":19.149999999999999},{"$f":"DV29*DW29","v":9.5749999999999993},"ED-50374",{"$f":"IF(EB29=\"SINAPI\",VLOOKUP(DY29,SINAPI,2,0),IF(EB29=\"SETOP\",VLOOKUP(DY29,SETOP,3,0),IF(EB29=\"CPU\",VLOOKUP(DY29,COMPOSIÇÃO,2,0),VLOOKUP(DY29,COTAÇÃO,3,0))))","v":"BOMBEIRO/ENCANADOR COM ENCARGOS COMPLEMENTARES"},null,"SETOP",{"$f":"IF(EB29=\"SINAPI\",VLOOKUP(DY29,SINAPI,3,0),IF(EB29=\"SETOP\",VLOOKUP(DY29,SETOP,4,0),IF(EB29=\"CPU\",VLOOKUP(DY29,COMPOSIÇÃO,5,0),VLOOKUP(DY29,COTAÇÃO,8,0))))","v":"HORA"},0.5,{"$f":"IF(EB29=\"SINAPI\",VLOOKUP(DY29,SINAPI,4,0),IF(EB29=\"SETOP\",VLOOKUP(DY29,SETOP,5,0),IF(EB29=\"CPU\",VLOOKUP(DY29,COMPOSIÇÃO,8,0),VLOOKUP(DY29,COTAÇÃO,11,0))))","v":19.149999999999999},{"$f":"ED29*EE29","v":9.5749999999999993},"ED-50374",{"$f":"IF(EJ29=\"SINAPI\",VLOOKUP(EG29,SINAPI,2,0),IF(EJ29=\"SETOP\",VLOOKUP(EG29,SETOP,3,0),IF(EJ29=\"CPU\",VLOOKUP(EG29,COMPOSIÇÃO,2,0),VLOOKUP(EG29,COTAÇÃO,3,0))))","v":"BOMBEIRO/ENCANADOR COM ENCARGOS COMPLEMENTARES"},null,"SETOP",{"$f":"IF(EJ29=\"SINAPI\",VLOOKUP(EG29,SINAPI,3,0),IF(EJ29=\"SETOP\",VLOOKUP(EG29,SETOP,4,0),IF(EJ29=\"CPU\",VLOOKUP(EG29,COMPOSIÇÃO,5,0),VLOOKUP(EG29,COTAÇÃO,8,0))))","v":"HORA"},0.5,{"$f":"IF(EJ29=\"SINAPI\",VLOOKUP(EG29,SINAPI,4,0),IF(EJ29=\"SETOP\",VLOOKUP(EG29,SETOP,5,0),IF(EJ29=\"CPU\",VLOOKUP(EG29,COMPOSIÇÃO,8,0),VLOOKUP(EG29,COTAÇÃO,11,0))))","v":19.149999999999999},{"$f":"EL29*EM29","v":9.5749999999999993},"ED-50374",{"$f":"IF(ER29=\"SINAPI\",VLOOKUP(EO29,SINAPI,2,0),IF(ER29=\"SETOP\",VLOOKUP(EO29,SETOP,3,0),IF(ER29=\"CPU\",VLOOKUP(EO29,COMPOSIÇÃO,2,0),VLOOKUP(EO29,COTAÇÃO,3,0))))","v":"BOMBEIRO/ENCANADOR COM ENCARGOS COMPLEMENTARES"},null,"SETOP",{"$f":"IF(ER29=\"SINAPI\",VLOOKUP(EO29,SINAPI,3,0),IF(ER29=\"SETOP\",VLOOKUP(EO29,SETOP,4,0),IF(ER29=\"CPU\",VLOOKUP(EO29,COMPOSIÇÃO,5,0),VLOOKUP(EO29,COTAÇÃO,8,0))))","v":"HORA"},0.5,{"$f":"IF(ER29=\"SINAPI\",VLOOKUP(EO29,SINAPI,4,0),IF(ER29=\"SETOP\",VLOOKUP(EO29,SETOP,5,0),IF(ER29=\"CPU\",VLOOKUP(EO29,COMPOSIÇÃO,8,0),VLOOKUP(EO29,COTAÇÃO,11,0))))","v":19.149999999999999},{"$f":"ET29*EU29","v":9.5749999999999993},"ED-50374",{"$f":"IF(EZ29=\"SINAPI\",VLOOKUP(EW29,SINAPI,2,0),IF(EZ29=\"SETOP\",VLOOKUP(EW29,SETOP,3,0),IF(EZ29=\"CPU\",VLOOKUP(EW29,COMPOSIÇÃO,2,0),VLOOKUP(EW29,COTAÇÃO,3,0))))","v":"BOMBEIRO/ENCANADOR COM ENCARGOS COMPLEMENTARES"},null,"SETOP",{"$f":"IF(EZ29=\"SINAPI\",VLOOKUP(EW29,SINAPI,3,0),IF(EZ29=\"SETOP\",VLOOKUP(EW29,SETOP,4,0),IF(EZ29=\"CPU\",VLOOKUP(EW29,COMPOSIÇÃO,5,0),VLOOKUP(EW29,COTAÇÃO,8,0))))","v":"HORA"},0.5,{"$f":"IF(EZ29=\"SINAPI\",VLOOKUP(EW29,SINAPI,4,0),IF(EZ29=\"SETOP\",VLOOKUP(EW29,SETOP,5,0),IF(EZ29=\"CPU\",VLOOKUP(EW29,COMPOSIÇÃO,8,0),VLOOKUP(EW29,COTAÇÃO,11,0))))","v":19.149999999999999},{"$f":"FB29*FC29","v":9.5749999999999993},"ED-50374",{"$f":"IF(FH29=\"SINAPI\",VLOOKUP(FE29,SINAPI,2,0),IF(FH29=\"SETOP\",VLOOKUP(FE29,SETOP,3,0),IF(FH29=\"CPU\",VLOOKUP(FE29,COMPOSIÇÃO,2,0),VLOOKUP(FE29,COTAÇÃO,3,0))))","v":"BOMBEIRO/ENCANADOR COM ENCARGOS COMPLEMENTARES"},null,"SETOP",{"$f":"IF(FH29=\"SINAPI\",VLOOKUP(FE29,SINAPI,3,0),IF(FH29=\"SETOP\",VLOOKUP(FE29,SETOP,4,0),IF(FH29=\"CPU\",VLOOKUP(FE29,COMPOSIÇÃO,5,0),VLOOKUP(FE29,COTAÇÃO,8,0))))","v":"HORA"},0.5,{"$f":"IF(FH29=\"SINAPI\",VLOOKUP(FE29,SINAPI,4,0),IF(FH29=\"SETOP\",VLOOKUP(FE29,SETOP,5,0),IF(FH29=\"CPU\",VLOOKUP(FE29,COMPOSIÇÃO,8,0),VLOOKUP(FE29,COTAÇÃO,11,0))))","v":19.149999999999999},{"$f":"FJ29*FK29","v":9.5749999999999993},"ED-50374",{"$f":"IF(FP29=\"SINAPI\",VLOOKUP(FM29,SINAPI,2,0),IF(FP29=\"SETOP\",VLOOKUP(FM29,SETOP,3,0),IF(FP29=\"CPU\",VLOOKUP(FM29,COMPOSIÇÃO,2,0),VLOOKUP(FM29,COTAÇÃO,3,0))))","v":"BOMBEIRO/ENCANADOR COM ENCARGOS COMPLEMENTARES"},null,"SETOP",{"$f":"IF(FP29=\"SINAPI\",VLOOKUP(FM29,SINAPI,3,0),IF(FP29=\"SETOP\",VLOOKUP(FM29,SETOP,4,0),IF(FP29=\"CPU\",VLOOKUP(FM29,COMPOSIÇÃO,5,0),VLOOKUP(FM29,COTAÇÃO,8,0))))","v":"HORA"},0.5,{"$f":"IF(FP29=\"SINAPI\",VLOOKUP(FM29,SINAPI,4,0),IF(FP29=\"SETOP\",VLOOKUP(FM29,SETOP,5,0),IF(FP29=\"CPU\",VLOOKUP(FM29,COMPOSIÇÃO,8,0),VLOOKUP(FM29,COTAÇÃO,11,0))))","v":19.149999999999999},{"$f":"FR29*FS29","v":9.5749999999999993},"ED-50374",{"$f":"IF(FX29=\"SINAPI\",VLOOKUP(FU29,SINAPI,2,0),IF(FX29=\"SETOP\",VLOOKUP(FU29,SETOP,3,0),IF(FX29=\"CPU\",VLOOKUP(FU29,COMPOSIÇÃO,2,0),VLOOKUP(FU29,COTAÇÃO,3,0))))","v":"BOMBEIRO/ENCANADOR COM ENCARGOS COMPLEMENTARES"},null,"SETOP",{"$f":"IF(FX29=\"SINAPI\",VLOOKUP(FU29,SINAPI,3,0),IF(FX29=\"SETOP\",VLOOKUP(FU29,SETOP,4,0),IF(FX29=\"CPU\",VLOOKUP(FU29,COMPOSIÇÃO,5,0),VLOOKUP(FU29,COTAÇÃO,8,0))))","v":"HORA"},0.5,{"$f":"IF(FX29=\"SINAPI\",VLOOKUP(FU29,SINAPI,4,0),IF(FX29=\"SETOP\",VLOOKUP(FU29,SETOP,5,0),IF(FX29=\"CPU\",VLOOKUP(FU29,COMPOSIÇÃO,8,0),VLOOKUP(FU29,COTAÇÃO,11,0))))","v":19.149999999999999},{"$f":"FZ29*GA29","v":9.5749999999999993},"ED-50374",{"$f":"IF(GF29=\"SINAPI\",VLOOKUP(GC29,SINAPI,2,0),IF(GF29=\"SETOP\",VLOOKUP(GC29,SETOP,3,0),IF(GF29=\"CPU\",VLOOKUP(GC29,COMPOSIÇÃO,2,0),VLOOKUP(GC29,COTAÇÃO,3,0))))","v":"BOMBEIRO/ENCANADOR COM ENCARGOS COMPLEMENTARES"},null,"SETOP",{"$f":"IF(GF29=\"SINAPI\",VLOOKUP(GC29,SINAPI,3,0),IF(GF29=\"SETOP\",VLOOKUP(GC29,SETOP,4,0),IF(GF29=\"CPU\",VLOOKUP(GC29,COMPOSIÇÃO,5,0),VLOOKUP(GC29,COTAÇÃO,8,0))))","v":"HORA"},0.5,{"$f":"IF(GF29=\"SINAPI\",VLOOKUP(GC29,SINAPI,4,0),IF(GF29=\"SETOP\",VLOOKUP(GC29,SETOP,5,0),IF(GF29=\"CPU\",VLOOKUP(GC29,COMPOSIÇÃO,8,0),VLOOKUP(GC29,COTAÇÃO,11,0))))","v":19.149999999999999},{"$f":"GH29*GI29","v":9.5749999999999993},"ED-50374",{"$f":"IF(GN29=\"SINAPI\",VLOOKUP(GK29,SINAPI,2,0),IF(GN29=\"SETOP\",VLOOKUP(GK29,SETOP,3,0),IF(GN29=\"CPU\",VLOOKUP(GK29,COMPOSIÇÃO,2,0),VLOOKUP(GK29,COTAÇÃO,3,0))))","v":"BOMBEIRO/ENCANADOR COM ENCARGOS COMPLEMENTARES"},null,"SETOP",{"$f":"IF(GN29=\"SINAPI\",VLOOKUP(GK29,SINAPI,3,0),IF(GN29=\"SETOP\",VLOOKUP(GK29,SETOP,4,0),IF(GN29=\"CPU\",VLOOKUP(GK29,COMPOSIÇÃO,5,0),VLOOKUP(GK29,COTAÇÃO,8,0))))","v":"HORA"},0.5,{"$f":"IF(GN29=\"SINAPI\",VLOOKUP(GK29,SINAPI,4,0),IF(GN29=\"SETOP\",VLOOKUP(GK29,SETOP,5,0),IF(GN29=\"CPU\",VLOOKUP(GK29,COMPOSIÇÃO,8,0),VLOOKUP(GK29,COTAÇÃO,11,0))))","v":19.149999999999999},{"$f":"GP29*GQ29","v":9.5749999999999993},"ED-50374",{"$f":"IF(GV29=\"SINAPI\",VLOOKUP(GS29,SINAPI,2,0),IF(GV29=\"SETOP\",VLOOKUP(GS29,SETOP,3,0),IF(GV29=\"CPU\",VLOOKUP(GS29,COMPOSIÇÃO,2,0),VLOOKUP(GS29,COTAÇÃO,3,0))))","v":"BOMBEIRO/ENCANADOR COM ENCARGOS COMPLEMENTARES"},null,"SETOP",{"$f":"IF(GV29=\"SINAPI\",VLOOKUP(GS29,SINAPI,3,0),IF(GV29=\"SETOP\",VLOOKUP(GS29,SETOP,4,0),IF(GV29=\"CPU\",VLOOKUP(GS29,COMPOSIÇÃO,5,0),VLOOKUP(GS29,COTAÇÃO,8,0))))","v":"HORA"},0.5,{"$f":"IF(GV29=\"SINAPI\",VLOOKUP(GS29,SINAPI,4,0),IF(GV29=\"SETOP\",VLOOKUP(GS29,SETOP,5,0),IF(GV29=\"CPU\",VLOOKUP(GS29,COMPOSIÇÃO,8,0),VLOOKUP(GS29,COTAÇÃO,11,0))))","v":19.149999999999999},{"$f":"GX29*GY29","v":9.5749999999999993},"ED-50374",{"$f":"IF(HD29=\"SINAPI\",VLOOKUP(HA29,SINAPI,2,0),IF(HD29=\"SETOP\",VLOOKUP(HA29,SETOP,3,0),IF(HD29=\"CPU\",VLOOKUP(HA29,COMPOSIÇÃO,2,0),VLOOKUP(HA29,COTAÇÃO,3,0))))","v":"BOMBEIRO/ENCANADOR COM ENCARGOS COMPLEMENTARES"},null,"SETOP",{"$f":"IF(HD29=\"SINAPI\",VLOOKUP(HA29,SINAPI,3,0),IF(HD29=\"SETOP\",VLOOKUP(HA29,SETOP,4,0),IF(HD29=\"CPU\",VLOOKUP(HA29,COMPOSIÇÃO,5,0),VLOOKUP(HA29,COTAÇÃO,8,0))))","v":"HORA"},0.5,{"$f":"IF(HD29=\"SINAPI\",VLOOKUP(HA29,SINAPI,4,0),IF(HD29=\"SETOP\",VLOOKUP(HA29,SETOP,5,0),IF(HD29=\"CPU\",VLOOKUP(HA29,COMPOSIÇÃO,8,0),VLOOKUP(HA29,COTAÇÃO,11,0))))","v":19.149999999999999},{"$f":"HF29*HG29","v":9.5749999999999993},"ED-50374",{"$f":"IF(HL29=\"SINAPI\",VLOOKUP(HI29,SINAPI,2,0),IF(HL29=\"SETOP\",VLOOKUP(HI29,SETOP,3,0),IF(HL29=\"CPU\",VLOOKUP(HI29,COMPOSIÇÃO,2,0),VLOOKUP(HI29,COTAÇÃO,3,0))))","v":"BOMBEIRO/ENCANADOR COM ENCARGOS COMPLEMENTARES"},null,"SETOP",{"$f":"IF(HL29=\"SINAPI\",VLOOKUP(HI29,SINAPI,3,0),IF(HL29=\"SETOP\",VLOOKUP(HI29,SETOP,4,0),IF(HL29=\"CPU\",VLOOKUP(HI29,COMPOSIÇÃO,5,0),VLOOKUP(HI29,COTAÇÃO,8,0))))","v":"HORA"},0.5,{"$f":"IF(HL29=\"SINAPI\",VLOOKUP(HI29,SINAPI,4,0),IF(HL29=\"SETOP\",VLOOKUP(HI29,SETOP,5,0),IF(HL29=\"CPU\",VLOOKUP(HI29,COMPOSIÇÃO,8,0),VLOOKUP(HI29,COTAÇÃO,11,0))))","v":19.149999999999999},{"$f":"HN29*HO29","v":9.5749999999999993},"ED-50374",{"$f":"IF(HT29=\"SINAPI\",VLOOKUP(HQ29,SINAPI,2,0),IF(HT29=\"SETOP\",VLOOKUP(HQ29,SETOP,3,0),IF(HT29=\"CPU\",VLOOKUP(HQ29,COMPOSIÇÃO,2,0),VLOOKUP(HQ29,COTAÇÃO,3,0))))","v":"BOMBEIRO/ENCANADOR COM ENCARGOS COMPLEMENTARES"},null,"SETOP",{"$f":"IF(HT29=\"SINAPI\",VLOOKUP(HQ29,SINAPI,3,0),IF(HT29=\"SETOP\",VLOOKUP(HQ29,SETOP,4,0),IF(HT29=\"CPU\",VLOOKUP(HQ29,COMPOSIÇÃO,5,0),VLOOKUP(HQ29,COTAÇÃO,8,0))))","v":"HORA"},0.5,{"$f":"IF(HT29=\"SINAPI\",VLOOKUP(HQ29,SINAPI,4,0),IF(HT29=\"SETOP\",VLOOKUP(HQ29,SETOP,5,0),IF(HT29=\"CPU\",VLOOKUP(HQ29,COMPOSIÇÃO,8,0),VLOOKUP(HQ29,COTAÇÃO,11,0))))","v":19.149999999999999},{"$f":"HV29*HW29","v":9.5749999999999993},"ED-50374",{"$f":"IF(IB29=\"SINAPI\",VLOOKUP(HY29,SINAPI,2,0),IF(IB29=\"SETOP\",VLOOKUP(HY29,SETOP,3,0),IF(IB29=\"CPU\",VLOOKUP(HY29,COMPOSIÇÃO,2,0),VLOOKUP(HY29,COTAÇÃO,3,0))))","v":"BOMBEIRO/ENCANADOR COM ENCARGOS COMPLEMENTARES"},null,"SETOP",{"$f":"IF(IB29=\"SINAPI\",VLOOKUP(HY29,SINAPI,3,0),IF(IB29=\"SETOP\",VLOOKUP(HY29,SETOP,4,0),IF(IB29=\"CPU\",VLOOKUP(HY29,COMPOSIÇÃO,5,0),VLOOKUP(HY29,COTAÇÃO,8,0))))","v":"HORA"},0.5,{"$f":"IF(IB29=\"SINAPI\",VLOOKUP(HY29,SINAPI,4,0),IF(IB29=\"SETOP\",VLOOKUP(HY29,SETOP,5,0),IF(IB29=\"CPU\",VLOOKUP(HY29,COMPOSIÇÃO,8,0),VLOOKUP(HY29,COTAÇÃO,11,0))))","v":19.149999999999999},{"$f":"ID29*IE29","v":9.5749999999999993},"ED-50374",{"$f":"IF(IJ29=\"SINAPI\",VLOOKUP(IG29,SINAPI,2,0),IF(IJ29=\"SETOP\",VLOOKUP(IG29,SETOP,3,0),IF(IJ29=\"CPU\",VLOOKUP(IG29,COMPOSIÇÃO,2,0),VLOOKUP(IG29,COTAÇÃO,3,0))))","v":"BOMBEIRO/ENCANADOR COM ENCARGOS COMPLEMENTARES"},null,"SETOP",{"$f":"IF(IJ29=\"SINAPI\",VLOOKUP(IG29,SINAPI,3,0),IF(IJ29=\"SETOP\",VLOOKUP(IG29,SETOP,4,0),IF(IJ29=\"CPU\",VLOOKUP(IG29,COMPOSIÇÃO,5,0),VLOOKUP(IG29,COTAÇÃO,8,0))))","v":"HORA"},0.5,{"$f":"IF(IJ29=\"SINAPI\",VLOOKUP(IG29,SINAPI,4,0),IF(IJ29=\"SETOP\",VLOOKUP(IG29,SETOP,5,0),IF(IJ29=\"CPU\",VLOOKUP(IG29,COMPOSIÇÃO,8,0),VLOOKUP(IG29,COTAÇÃO,11,0))))","v":19.149999999999999},{"$f":"IL29*IM29","v":9.5749999999999993},"ED-50374",{"$f":"IF(IR29=\"SINAPI\",VLOOKUP(IO29,SINAPI,2,0),IF(IR29=\"SETOP\",VLOOKUP(IO29,SETOP,3,0),IF(IR29=\"CPU\",VLOOKUP(IO29,COMPOSIÇÃO,2,0),VLOOKUP(IO29,COTAÇÃO,3,0))))","v":"BOMBEIRO/ENCANADOR COM ENCARGOS COMPLEMENTARES"},null,"SETOP",{"$f":"IF(IR29=\"SINAPI\",VLOOKUP(IO29,SINAPI,3,0),IF(IR29=\"SETOP\",VLOOKUP(IO29,SETOP,4,0),IF(IR29=\"CPU\",VLOOKUP(IO29,COMPOSIÇÃO,5,0),VLOOKUP(IO29,COTAÇÃO,8,0))))","v":"HORA"},0.5,{"$f":"IF(IR29=\"SINAPI\",VLOOKUP(IO29,SINAPI,4,0),IF(IR29=\"SETOP\",VLOOKUP(IO29,SETOP,5,0),IF(IR29=\"CPU\",VLOOKUP(IO29,COMPOSIÇÃO,8,0),VLOOKUP(IO29,COTAÇÃO,11,0))))","v":19.149999999999999},{"$f":"IT29*IU29","v":9.5749999999999993},"ED-50374",{"$f":"IF(IZ29=\"SINAPI\",VLOOKUP(IW29,SINAPI,2,0),IF(IZ29=\"SETOP\",VLOOKUP(IW29,SETOP,3,0),IF(IZ29=\"CPU\",VLOOKUP(IW29,COMPOSIÇÃO,2,0),VLOOKUP(IW29,COTAÇÃO,3,0))))","v":"BOMBEIRO/ENCANADOR COM ENCARGOS COMPLEMENTARES"},null,"SETOP",{"$f":"IF(IZ29=\"SINAPI\",VLOOKUP(IW29,SINAPI,3,0),IF(IZ29=\"SETOP\",VLOOKUP(IW29,SETOP,4,0),IF(IZ29=\"CPU\",VLOOKUP(IW29,COMPOSIÇÃO,5,0),VLOOKUP(IW29,COTAÇÃO,8,0))))","v":"HORA"},0.5,{"$f":"IF(IZ29=\"SINAPI\",VLOOKUP(IW29,SINAPI,4,0),IF(IZ29=\"SETOP\",VLOOKUP(IW29,SETOP,5,0),IF(IZ29=\"CPU\",VLOOKUP(IW29,COMPOSIÇÃO,8,0),VLOOKUP(IW29,COTAÇÃO,11,0))))","v":19.149999999999999},{"$f":"JB29*JC29","v":9.5749999999999993},"ED-50374",{"$f":"IF(JH29=\"SINAPI\",VLOOKUP(JE29,SINAPI,2,0),IF(JH29=\"SETOP\",VLOOKUP(JE29,SETOP,3,0),IF(JH29=\"CPU\",VLOOKUP(JE29,COMPOSIÇÃO,2,0),VLOOKUP(JE29,COTAÇÃO,3,0))))","v":"BOMBEIRO/ENCANADOR COM ENCARGOS COMPLEMENTARES"},null,"SETOP",{"$f":"IF(JH29=\"SINAPI\",VLOOKUP(JE29,SINAPI,3,0),IF(JH29=\"SETOP\",VLOOKUP(JE29,SETOP,4,0),IF(JH29=\"CPU\",VLOOKUP(JE29,COMPOSIÇÃO,5,0),VLOOKUP(JE29,COTAÇÃO,8,0))))","v":"HORA"},0.5,{"$f":"IF(JH29=\"SINAPI\",VLOOKUP(JE29,SINAPI,4,0),IF(JH29=\"SETOP\",VLOOKUP(JE29,SETOP,5,0),IF(JH29=\"CPU\",VLOOKUP(JE29,COMPOSIÇÃO,8,0),VLOOKUP(JE29,COTAÇÃO,11,0))))","v":19.149999999999999},{"$f":"JJ29*JK29","v":9.5749999999999993},"ED-50374",{"$f":"IF(JP29=\"SINAPI\",VLOOKUP(JM29,SINAPI,2,0),IF(JP29=\"SETOP\",VLOOKUP(JM29,SETOP,3,0),IF(JP29=\"CPU\",VLOOKUP(JM29,COMPOSIÇÃO,2,0),VLOOKUP(JM29,COTAÇÃO,3,0))))","v":"BOMBEIRO/ENCANADOR COM ENCARGOS COMPLEMENTARES"},null,"SETOP",{"$f":"IF(JP29=\"SINAPI\",VLOOKUP(JM29,SINAPI,3,0),IF(JP29=\"SETOP\",VLOOKUP(JM29,SETOP,4,0),IF(JP29=\"CPU\",VLOOKUP(JM29,COMPOSIÇÃO,5,0),VLOOKUP(JM29,COTAÇÃO,8,0))))","v":"HORA"},0.5,{"$f":"IF(JP29=\"SINAPI\",VLOOKUP(JM29,SINAPI,4,0),IF(JP29=\"SETOP\",VLOOKUP(JM29,SETOP,5,0),IF(JP29=\"CPU\",VLOOKUP(JM29,COMPOSIÇÃO,8,0),VLOOKUP(JM29,COTAÇÃO,11,0))))","v":19.149999999999999},{"$f":"JR29*JS29","v":9.5749999999999993},"ED-50374",{"$f":"IF(JX29=\"SINAPI\",VLOOKUP(JU29,SINAPI,2,0),IF(JX29=\"SETOP\",VLOOKUP(JU29,SETOP,3,0),IF(JX29=\"CPU\",VLOOKUP(JU29,COMPOSIÇÃO,2,0),VLOOKUP(JU29,COTAÇÃO,3,0))))","v":"BOMBEIRO/ENCANADOR COM ENCARGOS COMPLEMENTARES"},null,"SETOP",{"$f":"IF(JX29=\"SINAPI\",VLOOKUP(JU29,SINAPI,3,0),IF(JX29=\"SETOP\",VLOOKUP(JU29,SETOP,4,0),IF(JX29=\"CPU\",VLOOKUP(JU29,COMPOSIÇÃO,5,0),VLOOKUP(JU29,COTAÇÃO,8,0))))","v":"HORA"},0.5,{"$f":"IF(JX29=\"SINAPI\",VLOOKUP(JU29,SINAPI,4,0),IF(JX29=\"SETOP\",VLOOKUP(JU29,SETOP,5,0),IF(JX29=\"CPU\",VLOOKUP(JU29,COMPOSIÇÃO,8,0),VLOOKUP(JU29,COTAÇÃO,11,0))))","v":19.149999999999999},{"$f":"JZ29*KA29","v":9.5749999999999993},"ED-50374",{"$f":"IF(KF29=\"SINAPI\",VLOOKUP(KC29,SINAPI,2,0),IF(KF29=\"SETOP\",VLOOKUP(KC29,SETOP,3,0),IF(KF29=\"CPU\",VLOOKUP(KC29,COMPOSIÇÃO,2,0),VLOOKUP(KC29,COTAÇÃO,3,0))))","v":"BOMBEIRO/ENCANADOR COM ENCARGOS COMPLEMENTARES"},null,"SETOP",{"$f":"IF(KF29=\"SINAPI\",VLOOKUP(KC29,SINAPI,3,0),IF(KF29=\"SETOP\",VLOOKUP(KC29,SETOP,4,0),IF(KF29=\"CPU\",VLOOKUP(KC29,COMPOSIÇÃO,5,0),VLOOKUP(KC29,COTAÇÃO,8,0))))","v":"HORA"},0.5,{"$f":"IF(KF29=\"SINAPI\",VLOOKUP(KC29,SINAPI,4,0),IF(KF29=\"SETOP\",VLOOKUP(KC29,SETOP,5,0),IF(KF29=\"CPU\",VLOOKUP(KC29,COMPOSIÇÃO,8,0),VLOOKUP(KC29,COTAÇÃO,11,0))))","v":19.149999999999999},{"$f":"KH29*KI29","v":9.5749999999999993},"ED-50374",{"$f":"IF(KN29=\"SINAPI\",VLOOKUP(KK29,SINAPI,2,0),IF(KN29=\"SETOP\",VLOOKUP(KK29,SETOP,3,0),IF(KN29=\"CPU\",VLOOKUP(KK29,COMPOSIÇÃO,2,0),VLOOKUP(KK29,COTAÇÃO,3,0))))","v":"BOMBEIRO/ENCANADOR COM ENCARGOS COMPLEMENTARES"},null,"SETOP",{"$f":"IF(KN29=\"SINAPI\",VLOOKUP(KK29,SINAPI,3,0),IF(KN29=\"SETOP\",VLOOKUP(KK29,SETOP,4,0),IF(KN29=\"CPU\",VLOOKUP(KK29,COMPOSIÇÃO,5,0),VLOOKUP(KK29,COTAÇÃO,8,0))))","v":"HORA"},0.5,{"$f":"IF(KN29=\"SINAPI\",VLOOKUP(KK29,SINAPI,4,0),IF(KN29=\"SETOP\",VLOOKUP(KK29,SETOP,5,0),IF(KN29=\"CPU\",VLOOKUP(KK29,COMPOSIÇÃO,8,0),VLOOKUP(KK29,COTAÇÃO,11,0))))","v":19.149999999999999},{"$f":"KP29*KQ29","v":9.5749999999999993},"ED-50374",{"$f":"IF(KV29=\"SINAPI\",VLOOKUP(KS29,SINAPI,2,0),IF(KV29=\"SETOP\",VLOOKUP(KS29,SETOP,3,0),IF(KV29=\"CPU\",VLOOKUP(KS29,COMPOSIÇÃO,2,0),VLOOKUP(KS29,COTAÇÃO,3,0))))","v":"BOMBEIRO/ENCANADOR COM ENCARGOS COMPLEMENTARES"},null,"SETOP",{"$f":"IF(KV29=\"SINAPI\",VLOOKUP(KS29,SINAPI,3,0),IF(KV29=\"SETOP\",VLOOKUP(KS29,SETOP,4,0),IF(KV29=\"CPU\",VLOOKUP(KS29,COMPOSIÇÃO,5,0),VLOOKUP(KS29,COTAÇÃO,8,0))))","v":"HORA"},0.5,{"$f":"IF(KV29=\"SINAPI\",VLOOKUP(KS29,SINAPI,4,0),IF(KV29=\"SETOP\",VLOOKUP(KS29,SETOP,5,0),IF(KV29=\"CPU\",VLOOKUP(KS29,COMPOSIÇÃO,8,0),VLOOKUP(KS29,COTAÇÃO,11,0))))","v":19.149999999999999},{"$f":"KX29*KY29","v":9.5749999999999993},"ED-50374",{"$f":"IF(LD29=\"SINAPI\",VLOOKUP(LA29,SINAPI,2,0),IF(LD29=\"SETOP\",VLOOKUP(LA29,SETOP,3,0),IF(LD29=\"CPU\",VLOOKUP(LA29,COMPOSIÇÃO,2,0),VLOOKUP(LA29,COTAÇÃO,3,0))))","v":"BOMBEIRO/ENCANADOR COM ENCARGOS COMPLEMENTARES"},null,"SETOP",{"$f":"IF(LD29=\"SINAPI\",VLOOKUP(LA29,SINAPI,3,0),IF(LD29=\"SETOP\",VLOOKUP(LA29,SETOP,4,0),IF(LD29=\"CPU\",VLOOKUP(LA29,COMPOSIÇÃO,5,0),VLOOKUP(LA29,COTAÇÃO,8,0))))","v":"HORA"},0.5,{"$f":"IF(LD29=\"SINAPI\",VLOOKUP(LA29,SINAPI,4,0),IF(LD29=\"SETOP\",VLOOKUP(LA29,SETOP,5,0),IF(LD29=\"CPU\",VLOOKUP(LA29,COMPOSIÇÃO,8,0),VLOOKUP(LA29,COTAÇÃO,11,0))))","v":19.149999999999999},{"$f":"LF29*LG29","v":9.5749999999999993},"ED-50374",{"$f":"IF(LL29=\"SINAPI\",VLOOKUP(LI29,SINAPI,2,0),IF(LL29=\"SETOP\",VLOOKUP(LI29,SETOP,3,0),IF(LL29=\"CPU\",VLOOKUP(LI29,COMPOSIÇÃO,2,0),VLOOKUP(LI29,COTAÇÃO,3,0))))","v":"BOMBEIRO/ENCANADOR COM ENCARGOS COMPLEMENTARES"},null,"SETOP",{"$f":"IF(LL29=\"SINAPI\",VLOOKUP(LI29,SINAPI,3,0),IF(LL29=\"SETOP\",VLOOKUP(LI29,SETOP,4,0),IF(LL29=\"CPU\",VLOOKUP(LI29,COMPOSIÇÃO,5,0),VLOOKUP(LI29,COTAÇÃO,8,0))))","v":"HORA"},0.5,{"$f":"IF(LL29=\"SINAPI\",VLOOKUP(LI29,SINAPI,4,0),IF(LL29=\"SETOP\",VLOOKUP(LI29,SETOP,5,0),IF(LL29=\"CPU\",VLOOKUP(LI29,COMPOSIÇÃO,8,0),VLOOKUP(LI29,COTAÇÃO,11,0))))","v":19.149999999999999},{"$f":"LN29*LO29","v":9.5749999999999993},"ED-50374",{"$f":"IF(LT29=\"SINAPI\",VLOOKUP(LQ29,SINAPI,2,0),IF(LT29=\"SETOP\",VLOOKUP(LQ29,SETOP,3,0),IF(LT29=\"CPU\",VLOOKUP(LQ29,COMPOSIÇÃO,2,0),VLOOKUP(LQ29,COTAÇÃO,3,0))))","v":"BOMBEIRO/ENCANADOR COM ENCARGOS COMPLEMENTARES"},null,"SETOP",{"$f":"IF(LT29=\"SINAPI\",VLOOKUP(LQ29,SINAPI,3,0),IF(LT29=\"SETOP\",VLOOKUP(LQ29,SETOP,4,0),IF(LT29=\"CPU\",VLOOKUP(LQ29,COMPOSIÇÃO,5,0),VLOOKUP(LQ29,COTAÇÃO,8,0))))","v":"HORA"},0.5,{"$f":"IF(LT29=\"SINAPI\",VLOOKUP(LQ29,SINAPI,4,0),IF(LT29=\"SETOP\",VLOOKUP(LQ29,SETOP,5,0),IF(LT29=\"CPU\",VLOOKUP(LQ29,COMPOSIÇÃO,8,0),VLOOKUP(LQ29,COTAÇÃO,11,0))))","v":19.149999999999999},{"$f":"LV29*LW29","v":9.5749999999999993},"ED-50374",{"$f":"IF(MB29=\"SINAPI\",VLOOKUP(LY29,SINAPI,2,0),IF(MB29=\"SETOP\",VLOOKUP(LY29,SETOP,3,0),IF(MB29=\"CPU\",VLOOKUP(LY29,COMPOSIÇÃO,2,0),VLOOKUP(LY29,COTAÇÃO,3,0))))","v":"BOMBEIRO/ENCANADOR COM ENCARGOS COMPLEMENTARES"},null,"SETOP",{"$f":"IF(MB29=\"SINAPI\",VLOOKUP(LY29,SINAPI,3,0),IF(MB29=\"SETOP\",VLOOKUP(LY29,SETOP,4,0),IF(MB29=\"CPU\",VLOOKUP(LY29,COMPOSIÇÃO,5,0),VLOOKUP(LY29,COTAÇÃO,8,0))))","v":"HORA"},0.5,{"$f":"IF(MB29=\"SINAPI\",VLOOKUP(LY29,SINAPI,4,0),IF(MB29=\"SETOP\",VLOOKUP(LY29,SETOP,5,0),IF(MB29=\"CPU\",VLOOKUP(LY29,COMPOSIÇÃO,8,0),VLOOKUP(LY29,COTAÇÃO,11,0))))","v":19.149999999999999},{"$f":"MD29*ME29","v":9.5749999999999993},"ED-50374",{"$f":"IF(MJ29=\"SINAPI\",VLOOKUP(MG29,SINAPI,2,0),IF(MJ29=\"SETOP\",VLOOKUP(MG29,SETOP,3,0),IF(MJ29=\"CPU\",VLOOKUP(MG29,COMPOSIÇÃO,2,0),VLOOKUP(MG29,COTAÇÃO,3,0))))","v":"BOMBEIRO/ENCANADOR COM ENCARGOS COMPLEMENTARES"},null,"SETOP",{"$f":"IF(MJ29=\"SINAPI\",VLOOKUP(MG29,SINAPI,3,0),IF(MJ29=\"SETOP\",VLOOKUP(MG29,SETOP,4,0),IF(MJ29=\"CPU\",VLOOKUP(MG29,COMPOSIÇÃO,5,0),VLOOKUP(MG29,COTAÇÃO,8,0))))","v":"HORA"},0.5,{"$f":"IF(MJ29=\"SINAPI\",VLOOKUP(MG29,SINAPI,4,0),IF(MJ29=\"SETOP\",VLOOKUP(MG29,SETOP,5,0),IF(MJ29=\"CPU\",VLOOKUP(MG29,COMPOSIÇÃO,8,0),VLOOKUP(MG29,COTAÇÃO,11,0))))","v":19.149999999999999},{"$f":"ML29*MM29","v":9.5749999999999993},"ED-50374",{"$f":"IF(MR29=\"SINAPI\",VLOOKUP(MO29,SINAPI,2,0),IF(MR29=\"SETOP\",VLOOKUP(MO29,SETOP,3,0),IF(MR29=\"CPU\",VLOOKUP(MO29,COMPOSIÇÃO,2,0),VLOOKUP(MO29,COTAÇÃO,3,0))))","v":"BOMBEIRO/ENCANADOR COM ENCARGOS COMPLEMENTARES"},null,"SETOP",{"$f":"IF(MR29=\"SINAPI\",VLOOKUP(MO29,SINAPI,3,0),IF(MR29=\"SETOP\",VLOOKUP(MO29,SETOP,4,0),IF(MR29=\"CPU\",VLOOKUP(MO29,COMPOSIÇÃO,5,0),VLOOKUP(MO29,COTAÇÃO,8,0))))","v":"HORA"},0.5,{"$f":"IF(MR29=\"SINAPI\",VLOOKUP(MO29,SINAPI,4,0),IF(MR29=\"SETOP\",VLOOKUP(MO29,SETOP,5,0),IF(MR29=\"CPU\",VLOOKUP(MO29,COMPOSIÇÃO,8,0),VLOOKUP(MO29,COTAÇÃO,11,0))))","v":19.149999999999999},{"$f":"MT29*MU29","v":9.5749999999999993},"ED-50374",{"$f":"IF(MZ29=\"SINAPI\",VLOOKUP(MW29,SINAPI,2,0),IF(MZ29=\"SETOP\",VLOOKUP(MW29,SETOP,3,0),IF(MZ29=\"CPU\",VLOOKUP(MW29,COMPOSIÇÃO,2,0),VLOOKUP(MW29,COTAÇÃO,3,0))))","v":"BOMBEIRO/ENCANADOR COM ENCARGOS COMPLEMENTARES"},null,"SETOP",{"$f":"IF(MZ29=\"SINAPI\",VLOOKUP(MW29,SINAPI,3,0),IF(MZ29=\"SETOP\",VLOOKUP(MW29,SETOP,4,0),IF(MZ29=\"CPU\",VLOOKUP(MW29,COMPOSIÇÃO,5,0),VLOOKUP(MW29,COTAÇÃO,8,0))))","v":"HORA"},0.5,{"$f":"IF(MZ29=\"SINAPI\",VLOOKUP(MW29,SINAPI,4,0),IF(MZ29=\"SETOP\",VLOOKUP(MW29,SETOP,5,0),IF(MZ29=\"CPU\",VLOOKUP(MW29,COMPOSIÇÃO,8,0),VLOOKUP(MW29,COTAÇÃO,11,0))))","v":19.149999999999999},{"$f":"NB29*NC29","v":9.5749999999999993},"ED-50374",{"$f":"IF(NH29=\"SINAPI\",VLOOKUP(NE29,SINAPI,2,0),IF(NH29=\"SETOP\",VLOOKUP(NE29,SETOP,3,0),IF(NH29=\"CPU\",VLOOKUP(NE29,COMPOSIÇÃO,2,0),VLOOKUP(NE29,COTAÇÃO,3,0))))","v":"BOMBEIRO/ENCANADOR COM ENCARGOS COMPLEMENTARES"},null,"SETOP",{"$f":"IF(NH29=\"SINAPI\",VLOOKUP(NE29,SINAPI,3,0),IF(NH29=\"SETOP\",VLOOKUP(NE29,SETOP,4,0),IF(NH29=\"CPU\",VLOOKUP(NE29,COMPOSIÇÃO,5,0),VLOOKUP(NE29,COTAÇÃO,8,0))))","v":"HORA"},0.5,{"$f":"IF(NH29=\"SINAPI\",VLOOKUP(NE29,SINAPI,4,0),IF(NH29=\"SETOP\",VLOOKUP(NE29,SETOP,5,0),IF(NH29=\"CPU\",VLOOKUP(NE29,COMPOSIÇÃO,8,0),VLOOKUP(NE29,COTAÇÃO,11,0))))","v":19.149999999999999},{"$f":"NJ29*NK29","v":9.5749999999999993},"ED-50374",{"$f":"IF(NP29=\"SINAPI\",VLOOKUP(NM29,SINAPI,2,0),IF(NP29=\"SETOP\",VLOOKUP(NM29,SETOP,3,0),IF(NP29=\"CPU\",VLOOKUP(NM29,COMPOSIÇÃO,2,0),VLOOKUP(NM29,COTAÇÃO,3,0))))","v":"BOMBEIRO/ENCANADOR COM ENCARGOS COMPLEMENTARES"},null,"SETOP",{"$f":"IF(NP29=\"SINAPI\",VLOOKUP(NM29,SINAPI,3,0),IF(NP29=\"SETOP\",VLOOKUP(NM29,SETOP,4,0),IF(NP29=\"CPU\",VLOOKUP(NM29,COMPOSIÇÃO,5,0),VLOOKUP(NM29,COTAÇÃO,8,0))))","v":"HORA"},0.5,{"$f":"IF(NP29=\"SINAPI\",VLOOKUP(NM29,SINAPI,4,0),IF(NP29=\"SETOP\",VLOOKUP(NM29,SETOP,5,0),IF(NP29=\"CPU\",VLOOKUP(NM29,COMPOSIÇÃO,8,0),VLOOKUP(NM29,COTAÇÃO,11,0))))","v":19.149999999999999},{"$f":"NR29*NS29","v":9.5749999999999993},"ED-50374",{"$f":"IF(NX29=\"SINAPI\",VLOOKUP(NU29,SINAPI,2,0),IF(NX29=\"SETOP\",VLOOKUP(NU29,SETOP,3,0),IF(NX29=\"CPU\",VLOOKUP(NU29,COMPOSIÇÃO,2,0),VLOOKUP(NU29,COTAÇÃO,3,0))))","v":"BOMBEIRO/ENCANADOR COM ENCARGOS COMPLEMENTARES"},null,"SETOP",{"$f":"IF(NX29=\"SINAPI\",VLOOKUP(NU29,SINAPI,3,0),IF(NX29=\"SETOP\",VLOOKUP(NU29,SETOP,4,0),IF(NX29=\"CPU\",VLOOKUP(NU29,COMPOSIÇÃO,5,0),VLOOKUP(NU29,COTAÇÃO,8,0))))","v":"HORA"},0.5,{"$f":"IF(NX29=\"SINAPI\",VLOOKUP(NU29,SINAPI,4,0),IF(NX29=\"SETOP\",VLOOKUP(NU29,SETOP,5,0),IF(NX29=\"CPU\",VLOOKUP(NU29,COMPOSIÇÃO,8,0),VLOOKUP(NU29,COTAÇÃO,11,0))))","v":19.149999999999999},{"$f":"NZ29*OA29","v":9.5749999999999993},"ED-50374",{"$f":"IF(OF29=\"SINAPI\",VLOOKUP(OC29,SINAPI,2,0),IF(OF29=\"SETOP\",VLOOKUP(OC29,SETOP,3,0),IF(OF29=\"CPU\",VLOOKUP(OC29,COMPOSIÇÃO,2,0),VLOOKUP(OC29,COTAÇÃO,3,0))))","v":"BOMBEIRO/ENCANADOR COM ENCARGOS COMPLEMENTARES"},null,"SETOP",{"$f":"IF(OF29=\"SINAPI\",VLOOKUP(OC29,SINAPI,3,0),IF(OF29=\"SETOP\",VLOOKUP(OC29,SETOP,4,0),IF(OF29=\"CPU\",VLOOKUP(OC29,COMPOSIÇÃO,5,0),VLOOKUP(OC29,COTAÇÃO,8,0))))","v":"HORA"},0.5,{"$f":"IF(OF29=\"SINAPI\",VLOOKUP(OC29,SINAPI,4,0),IF(OF29=\"SETOP\",VLOOKUP(OC29,SETOP,5,0),IF(OF29=\"CPU\",VLOOKUP(OC29,COMPOSIÇÃO,8,0),VLOOKUP(OC29,COTAÇÃO,11,0))))","v":19.149999999999999},{"$f":"OH29*OI29","v":9.5749999999999993},"ED-50374",{"$f":"IF(ON29=\"SINAPI\",VLOOKUP(OK29,SINAPI,2,0),IF(ON29=\"SETOP\",VLOOKUP(OK29,SETOP,3,0),IF(ON29=\"CPU\",VLOOKUP(OK29,COMPOSIÇÃO,2,0),VLOOKUP(OK29,COTAÇÃO,3,0))))","v":"BOMBEIRO/ENCANADOR COM ENCARGOS COMPLEMENTARES"},null,"SETOP",{"$f":"IF(ON29=\"SINAPI\",VLOOKUP(OK29,SINAPI,3,0),IF(ON29=\"SETOP\",VLOOKUP(OK29,SETOP,4,0),IF(ON29=\"CPU\",VLOOKUP(OK29,COMPOSIÇÃO,5,0),VLOOKUP(OK29,COTAÇÃO,8,0))))","v":"HORA"},0.5,{"$f":"IF(ON29=\"SINAPI\",VLOOKUP(OK29,SINAPI,4,0),IF(ON29=\"SETOP\",VLOOKUP(OK29,SETOP,5,0),IF(ON29=\"CPU\",VLOOKUP(OK29,COMPOSIÇÃO,8,0),VLOOKUP(OK29,COTAÇÃO,11,0))))","v":19.149999999999999},{"$f":"OP29*OQ29","v":9.5749999999999993},"ED-50374",{"$f":"IF(OV29=\"SINAPI\",VLOOKUP(OS29,SINAPI,2,0),IF(OV29=\"SETOP\",VLOOKUP(OS29,SETOP,3,0),IF(OV29=\"CPU\",VLOOKUP(OS29,COMPOSIÇÃO,2,0),VLOOKUP(OS29,COTAÇÃO,3,0))))","v":"BOMBEIRO/ENCANADOR COM ENCARGOS COMPLEMENTARES"},null,"SETOP",{"$f":"IF(OV29=\"SINAPI\",VLOOKUP(OS29,SINAPI,3,0),IF(OV29=\"SETOP\",VLOOKUP(OS29,SETOP,4,0),IF(OV29=\"CPU\",VLOOKUP(OS29,COMPOSIÇÃO,5,0),VLOOKUP(OS29,COTAÇÃO,8,0))))","v":"HORA"},0.5,{"$f":"IF(OV29=\"SINAPI\",VLOOKUP(OS29,SINAPI,4,0),IF(OV29=\"SETOP\",VLOOKUP(OS29,SETOP,5,0),IF(OV29=\"CPU\",VLOOKUP(OS29,COMPOSIÇÃO,8,0),VLOOKUP(OS29,COTAÇÃO,11,0))))","v":19.149999999999999},{"$f":"OX29*OY29","v":9.5749999999999993},"ED-50374",{"$f":"IF(PD29=\"SINAPI\",VLOOKUP(PA29,SINAPI,2,0),IF(PD29=\"SETOP\",VLOOKUP(PA29,SETOP,3,0),IF(PD29=\"CPU\",VLOOKUP(PA29,COMPOSIÇÃO,2,0),VLOOKUP(PA29,COTAÇÃO,3,0))))","v":"BOMBEIRO/ENCANADOR COM ENCARGOS COMPLEMENTARES"},null,"SETOP",{"$f":"IF(PD29=\"SINAPI\",VLOOKUP(PA29,SINAPI,3,0),IF(PD29=\"SETOP\",VLOOKUP(PA29,SETOP,4,0),IF(PD29=\"CPU\",VLOOKUP(PA29,COMPOSIÇÃO,5,0),VLOOKUP(PA29,COTAÇÃO,8,0))))","v":"HORA"},0.5,{"$f":"IF(PD29=\"SINAPI\",VLOOKUP(PA29,SINAPI,4,0),IF(PD29=\"SETOP\",VLOOKUP(PA29,SETOP,5,0),IF(PD29=\"CPU\",VLOOKUP(PA29,COMPOSIÇÃO,8,0),VLOOKUP(PA29,COTAÇÃO,11,0))))","v":19.149999999999999},{"$f":"PF29*PG29","v":9.5749999999999993},"ED-50374",{"$f":"IF(PL29=\"SINAPI\",VLOOKUP(PI29,SINAPI,2,0),IF(PL29=\"SETOP\",VLOOKUP(PI29,SETOP,3,0),IF(PL29=\"CPU\",VLOOKUP(PI29,COMPOSIÇÃO,2,0),VLOOKUP(PI29,COTAÇÃO,3,0))))","v":"BOMBEIRO/ENCANADOR COM ENCARGOS COMPLEMENTARES"},null,"SETOP",{"$f":"IF(PL29=\"SINAPI\",VLOOKUP(PI29,SINAPI,3,0),IF(PL29=\"SETOP\",VLOOKUP(PI29,SETOP,4,0),IF(PL29=\"CPU\",VLOOKUP(PI29,COMPOSIÇÃO,5,0),VLOOKUP(PI29,COTAÇÃO,8,0))))","v":"HORA"},0.5,{"$f":"IF(PL29=\"SINAPI\",VLOOKUP(PI29,SINAPI,4,0),IF(PL29=\"SETOP\",VLOOKUP(PI29,SETOP,5,0),IF(PL29=\"CPU\",VLOOKUP(PI29,COMPOSIÇÃO,8,0),VLOOKUP(PI29,COTAÇÃO,11,0))))","v":19.149999999999999},{"$f":"PN29*PO29","v":9.5749999999999993},"ED-50374",{"$f":"IF(PT29=\"SINAPI\",VLOOKUP(PQ29,SINAPI,2,0),IF(PT29=\"SETOP\",VLOOKUP(PQ29,SETOP,3,0),IF(PT29=\"CPU\",VLOOKUP(PQ29,COMPOSIÇÃO,2,0),VLOOKUP(PQ29,COTAÇÃO,3,0))))","v":"BOMBEIRO/ENCANADOR COM ENCARGOS COMPLEMENTARES"},null,"SETOP",{"$f":"IF(PT29=\"SINAPI\",VLOOKUP(PQ29,SINAPI,3,0),IF(PT29=\"SETOP\",VLOOKUP(PQ29,SETOP,4,0),IF(PT29=\"CPU\",VLOOKUP(PQ29,COMPOSIÇÃO,5,0),VLOOKUP(PQ29,COTAÇÃO,8,0))))","v":"HORA"},0.5,{"$f":"IF(PT29=\"SINAPI\",VLOOKUP(PQ29,SINAPI,4,0),IF(PT29=\"SETOP\",VLOOKUP(PQ29,SETOP,5,0),IF(PT29=\"CPU\",VLOOKUP(PQ29,COMPOSIÇÃO,8,0),VLOOKUP(PQ29,COTAÇÃO,11,0))))","v":19.149999999999999},{"$f":"PV29*PW29","v":9.5749999999999993},"ED-50374",{"$f":"IF(QB29=\"SINAPI\",VLOOKUP(PY29,SINAPI,2,0),IF(QB29=\"SETOP\",VLOOKUP(PY29,SETOP,3,0),IF(QB29=\"CPU\",VLOOKUP(PY29,COMPOSIÇÃO,2,0),VLOOKUP(PY29,COTAÇÃO,3,0))))","v":"BOMBEIRO/ENCANADOR COM ENCARGOS COMPLEMENTARES"},null,"SETOP",{"$f":"IF(QB29=\"SINAPI\",VLOOKUP(PY29,SINAPI,3,0),IF(QB29=\"SETOP\",VLOOKUP(PY29,SETOP,4,0),IF(QB29=\"CPU\",VLOOKUP(PY29,COMPOSIÇÃO,5,0),VLOOKUP(PY29,COTAÇÃO,8,0))))","v":"HORA"},0.5,{"$f":"IF(QB29=\"SINAPI\",VLOOKUP(PY29,SINAPI,4,0),IF(QB29=\"SETOP\",VLOOKUP(PY29,SETOP,5,0),IF(QB29=\"CPU\",VLOOKUP(PY29,COMPOSIÇÃO,8,0),VLOOKUP(PY29,COTAÇÃO,11,0))))","v":19.149999999999999},{"$f":"QD29*QE29","v":9.5749999999999993},"ED-50374",{"$f":"IF(QJ29=\"SINAPI\",VLOOKUP(QG29,SINAPI,2,0),IF(QJ29=\"SETOP\",VLOOKUP(QG29,SETOP,3,0),IF(QJ29=\"CPU\",VLOOKUP(QG29,COMPOSIÇÃO,2,0),VLOOKUP(QG29,COTAÇÃO,3,0))))","v":"BOMBEIRO/ENCANADOR COM ENCARGOS COMPLEMENTARES"},null,"SETOP",{"$f":"IF(QJ29=\"SINAPI\",VLOOKUP(QG29,SINAPI,3,0),IF(QJ29=\"SETOP\",VLOOKUP(QG29,SETOP,4,0),IF(QJ29=\"CPU\",VLOOKUP(QG29,COMPOSIÇÃO,5,0),VLOOKUP(QG29,COTAÇÃO,8,0))))","v":"HORA"},0.5,{"$f":"IF(QJ29=\"SINAPI\",VLOOKUP(QG29,SINAPI,4,0),IF(QJ29=\"SETOP\",VLOOKUP(QG29,SETOP,5,0),IF(QJ29=\"CPU\",VLOOKUP(QG29,COMPOSIÇÃO,8,0),VLOOKUP(QG29,COTAÇÃO,11,0))))","v":19.149999999999999},{"$f":"QL29*QM29","v":9.5749999999999993},"ED-50374",{"$f":"IF(QR29=\"SINAPI\",VLOOKUP(QO29,SINAPI,2,0),IF(QR29=\"SETOP\",VLOOKUP(QO29,SETOP,3,0),IF(QR29=\"CPU\",VLOOKUP(QO29,COMPOSIÇÃO,2,0),VLOOKUP(QO29,COTAÇÃO,3,0))))","v":"BOMBEIRO/ENCANADOR COM ENCARGOS COMPLEMENTARES"},null,"SETOP",{"$f":"IF(QR29=\"SINAPI\",VLOOKUP(QO29,SINAPI,3,0),IF(QR29=\"SETOP\",VLOOKUP(QO29,SETOP,4,0),IF(QR29=\"CPU\",VLOOKUP(QO29,COMPOSIÇÃO,5,0),VLOOKUP(QO29,COTAÇÃO,8,0))))","v":"HORA"},0.5,{"$f":"IF(QR29=\"SINAPI\",VLOOKUP(QO29,SINAPI,4,0),IF(QR29=\"SETOP\",VLOOKUP(QO29,SETOP,5,0),IF(QR29=\"CPU\",VLOOKUP(QO29,COMPOSIÇÃO,8,0),VLOOKUP(QO29,COTAÇÃO,11,0))))","v":19.149999999999999},{"$f":"QT29*QU29","v":9.5749999999999993},"ED-50374",{"$f":"IF(QZ29=\"SINAPI\",VLOOKUP(QW29,SINAPI,2,0),IF(QZ29=\"SETOP\",VLOOKUP(QW29,SETOP,3,0),IF(QZ29=\"CPU\",VLOOKUP(QW29,COMPOSIÇÃO,2,0),VLOOKUP(QW29,COTAÇÃO,3,0))))","v":"BOMBEIRO/ENCANADOR COM ENCARGOS COMPLEMENTARES"},null,"SETOP",{"$f":"IF(QZ29=\"SINAPI\",VLOOKUP(QW29,SINAPI,3,0),IF(QZ29=\"SETOP\",VLOOKUP(QW29,SETOP,4,0),IF(QZ29=\"CPU\",VLOOKUP(QW29,COMPOSIÇÃO,5,0),VLOOKUP(QW29,COTAÇÃO,8,0))))","v":"HORA"},0.5,{"$f":"IF(QZ29=\"SINAPI\",VLOOKUP(QW29,SINAPI,4,0),IF(QZ29=\"SETOP\",VLOOKUP(QW29,SETOP,5,0),IF(QZ29=\"CPU\",VLOOKUP(QW29,COMPOSIÇÃO,8,0),VLOOKUP(QW29,COTAÇÃO,11,0))))","v":19.149999999999999},{"$f":"RB29*RC29","v":9.5749999999999993},"ED-50374",{"$f":"IF(RH29=\"SINAPI\",VLOOKUP(RE29,SINAPI,2,0),IF(RH29=\"SETOP\",VLOOKUP(RE29,SETOP,3,0),IF(RH29=\"CPU\",VLOOKUP(RE29,COMPOSIÇÃO,2,0),VLOOKUP(RE29,COTAÇÃO,3,0))))","v":"BOMBEIRO/ENCANADOR COM ENCARGOS COMPLEMENTARES"},null,"SETOP",{"$f":"IF(RH29=\"SINAPI\",VLOOKUP(RE29,SINAPI,3,0),IF(RH29=\"SETOP\",VLOOKUP(RE29,SETOP,4,0),IF(RH29=\"CPU\",VLOOKUP(RE29,COMPOSIÇÃO,5,0),VLOOKUP(RE29,COTAÇÃO,8,0))))","v":"HORA"},0.5,{"$f":"IF(RH29=\"SINAPI\",VLOOKUP(RE29,SINAPI,4,0),IF(RH29=\"SETOP\",VLOOKUP(RE29,SETOP,5,0),IF(RH29=\"CPU\",VLOOKUP(RE29,COMPOSIÇÃO,8,0),VLOOKUP(RE29,COTAÇÃO,11,0))))","v":19.149999999999999},{"$f":"RJ29*RK29","v":9.5749999999999993},"ED-50374",{"$f":"IF(RP29=\"SINAPI\",VLOOKUP(RM29,SINAPI,2,0),IF(RP29=\"SETOP\",VLOOKUP(RM29,SETOP,3,0),IF(RP29=\"CPU\",VLOOKUP(RM29,COMPOSIÇÃO,2,0),VLOOKUP(RM29,COTAÇÃO,3,0))))","v":"BOMBEIRO/ENCANADOR COM ENCARGOS COMPLEMENTARES"},null,"SETOP",{"$f":"IF(RP29=\"SINAPI\",VLOOKUP(RM29,SINAPI,3,0),IF(RP29=\"SETOP\",VLOOKUP(RM29,SETOP,4,0),IF(RP29=\"CPU\",VLOOKUP(RM29,COMPOSIÇÃO,5,0),VLOOKUP(RM29,COTAÇÃO,8,0))))","v":"HORA"},0.5,{"$f":"IF(RP29=\"SINAPI\",VLOOKUP(RM29,SINAPI,4,0),IF(RP29=\"SETOP\",VLOOKUP(RM29,SETOP,5,0),IF(RP29=\"CPU\",VLOOKUP(RM29,COMPOSIÇÃO,8,0),VLOOKUP(RM29,COTAÇÃO,11,0))))","v":19.149999999999999},{"$f":"RR29*RS29","v":9.5749999999999993},"ED-50374",{"$f":"IF(RX29=\"SINAPI\",VLOOKUP(RU29,SINAPI,2,0),IF(RX29=\"SETOP\",VLOOKUP(RU29,SETOP,3,0),IF(RX29=\"CPU\",VLOOKUP(RU29,COMPOSIÇÃO,2,0),VLOOKUP(RU29,COTAÇÃO,3,0))))","v":"BOMBEIRO/ENCANADOR COM ENCARGOS COMPLEMENTARES"},null,"SETOP",{"$f":"IF(RX29=\"SINAPI\",VLOOKUP(RU29,SINAPI,3,0),IF(RX29=\"SETOP\",VLOOKUP(RU29,SETOP,4,0),IF(RX29=\"CPU\",VLOOKUP(RU29,COMPOSIÇÃO,5,0),VLOOKUP(RU29,COTAÇÃO,8,0))))","v":"HORA"},0.5,{"$f":"IF(RX29=\"SINAPI\",VLOOKUP(RU29,SINAPI,4,0),IF(RX29=\"SETOP\",VLOOKUP(RU29,SETOP,5,0),IF(RX29=\"CPU\",VLOOKUP(RU29,COMPOSIÇÃO,8,0),VLOOKUP(RU29,COTAÇÃO,11,0))))","v":19.149999999999999},{"$f":"RZ29*SA29","v":9.5749999999999993},"ED-50374",{"$f":"IF(SF29=\"SINAPI\",VLOOKUP(SC29,SINAPI,2,0),IF(SF29=\"SETOP\",VLOOKUP(SC29,SETOP,3,0),IF(SF29=\"CPU\",VLOOKUP(SC29,COMPOSIÇÃO,2,0),VLOOKUP(SC29,COTAÇÃO,3,0))))","v":"BOMBEIRO/ENCANADOR COM ENCARGOS COMPLEMENTARES"},null,"SETOP",{"$f":"IF(SF29=\"SINAPI\",VLOOKUP(SC29,SINAPI,3,0),IF(SF29=\"SETOP\",VLOOKUP(SC29,SETOP,4,0),IF(SF29=\"CPU\",VLOOKUP(SC29,COMPOSIÇÃO,5,0),VLOOKUP(SC29,COTAÇÃO,8,0))))","v":"HORA"},0.5,{"$f":"IF(SF29=\"SINAPI\",VLOOKUP(SC29,SINAPI,4,0),IF(SF29=\"SETOP\",VLOOKUP(SC29,SETOP,5,0),IF(SF29=\"CPU\",VLOOKUP(SC29,COMPOSIÇÃO,8,0),VLOOKUP(SC29,COTAÇÃO,11,0))))","v":19.149999999999999},{"$f":"SH29*SI29","v":9.5749999999999993},"ED-50374",{"$f":"IF(SN29=\"SINAPI\",VLOOKUP(SK29,SINAPI,2,0),IF(SN29=\"SETOP\",VLOOKUP(SK29,SETOP,3,0),IF(SN29=\"CPU\",VLOOKUP(SK29,COMPOSIÇÃO,2,0),VLOOKUP(SK29,COTAÇÃO,3,0))))","v":"BOMBEIRO/ENCANADOR COM ENCARGOS COMPLEMENTARES"},null,"SETOP",{"$f":"IF(SN29=\"SINAPI\",VLOOKUP(SK29,SINAPI,3,0),IF(SN29=\"SETOP\",VLOOKUP(SK29,SETOP,4,0),IF(SN29=\"CPU\",VLOOKUP(SK29,COMPOSIÇÃO,5,0),VLOOKUP(SK29,COTAÇÃO,8,0))))","v":"HORA"},0.5,{"$f":"IF(SN29=\"SINAPI\",VLOOKUP(SK29,SINAPI,4,0),IF(SN29=\"SETOP\",VLOOKUP(SK29,SETOP,5,0),IF(SN29=\"CPU\",VLOOKUP(SK29,COMPOSIÇÃO,8,0),VLOOKUP(SK29,COTAÇÃO,11,0))))","v":19.149999999999999},{"$f":"SP29*SQ29","v":9.5749999999999993},"ED-50374",{"$f":"IF(SV29=\"SINAPI\",VLOOKUP(SS29,SINAPI,2,0),IF(SV29=\"SETOP\",VLOOKUP(SS29,SETOP,3,0),IF(SV29=\"CPU\",VLOOKUP(SS29,COMPOSIÇÃO,2,0),VLOOKUP(SS29,COTAÇÃO,3,0))))","v":"BOMBEIRO/ENCANADOR COM ENCARGOS COMPLEMENTARES"},null,"SETOP",{"$f":"IF(SV29=\"SINAPI\",VLOOKUP(SS29,SINAPI,3,0),IF(SV29=\"SETOP\",VLOOKUP(SS29,SETOP,4,0),IF(SV29=\"CPU\",VLOOKUP(SS29,COMPOSIÇÃO,5,0),VLOOKUP(SS29,COTAÇÃO,8,0))))","v":"HORA"},0.5,{"$f":"IF(SV29=\"SINAPI\",VLOOKUP(SS29,SINAPI,4,0),IF(SV29=\"SETOP\",VLOOKUP(SS29,SETOP,5,0),IF(SV29=\"CPU\",VLOOKUP(SS29,COMPOSIÇÃO,8,0),VLOOKUP(SS29,COTAÇÃO,11,0))))","v":19.149999999999999},{"$f":"SX29*SY29","v":9.5749999999999993},"ED-50374",{"$f":"IF(TD29=\"SINAPI\",VLOOKUP(TA29,SINAPI,2,0),IF(TD29=\"SETOP\",VLOOKUP(TA29,SETOP,3,0),IF(TD29=\"CPU\",VLOOKUP(TA29,COMPOSIÇÃO,2,0),VLOOKUP(TA29,COTAÇÃO,3,0))))","v":"BOMBEIRO/ENCANADOR COM ENCARGOS COMPLEMENTARES"},null,"SETOP",{"$f":"IF(TD29=\"SINAPI\",VLOOKUP(TA29,SINAPI,3,0),IF(TD29=\"SETOP\",VLOOKUP(TA29,SETOP,4,0),IF(TD29=\"CPU\",VLOOKUP(TA29,COMPOSIÇÃO,5,0),VLOOKUP(TA29,COTAÇÃO,8,0))))","v":"HORA"},0.5,{"$f":"IF(TD29=\"SINAPI\",VLOOKUP(TA29,SINAPI,4,0),IF(TD29=\"SETOP\",VLOOKUP(TA29,SETOP,5,0),IF(TD29=\"CPU\",VLOOKUP(TA29,COMPOSIÇÃO,8,0),VLOOKUP(TA29,COTAÇÃO,11,0))))","v":19.149999999999999},{"$f":"TF29*TG29","v":9.5749999999999993},"ED-50374",{"$f":"IF(TL29=\"SINAPI\",VLOOKUP(TI29,SINAPI,2,0),IF(TL29=\"SETOP\",VLOOKUP(TI29,SETOP,3,0),IF(TL29=\"CPU\",VLOOKUP(TI29,COMPOSIÇÃO,2,0),VLOOKUP(TI29,COTAÇÃO,3,0))))","v":"BOMBEIRO/ENCANADOR COM ENCARGOS COMPLEMENTARES"},null,"SETOP",{"$f":"IF(TL29=\"SINAPI\",VLOOKUP(TI29,SINAPI,3,0),IF(TL29=\"SETOP\",VLOOKUP(TI29,SETOP,4,0),IF(TL29=\"CPU\",VLOOKUP(TI29,COMPOSIÇÃO,5,0),VLOOKUP(TI29,COTAÇÃO,8,0))))","v":"HORA"},0.5,{"$f":"IF(TL29=\"SINAPI\",VLOOKUP(TI29,SINAPI,4,0),IF(TL29=\"SETOP\",VLOOKUP(TI29,SETOP,5,0),IF(TL29=\"CPU\",VLOOKUP(TI29,COMPOSIÇÃO,8,0),VLOOKUP(TI29,COTAÇÃO,11,0))))","v":19.149999999999999},{"$f":"TN29*TO29","v":9.5749999999999993},"ED-50374",{"$f":"IF(TT29=\"SINAPI\",VLOOKUP(TQ29,SINAPI,2,0),IF(TT29=\"SETOP\",VLOOKUP(TQ29,SETOP,3,0),IF(TT29=\"CPU\",VLOOKUP(TQ29,COMPOSIÇÃO,2,0),VLOOKUP(TQ29,COTAÇÃO,3,0))))","v":"BOMBEIRO/ENCANADOR COM ENCARGOS COMPLEMENTARES"},null,"SETOP",{"$f":"IF(TT29=\"SINAPI\",VLOOKUP(TQ29,SINAPI,3,0),IF(TT29=\"SETOP\",VLOOKUP(TQ29,SETOP,4,0),IF(TT29=\"CPU\",VLOOKUP(TQ29,COMPOSIÇÃO,5,0),VLOOKUP(TQ29,COTAÇÃO,8,0))))","v":"HORA"},0.5,{"$f":"IF(TT29=\"SINAPI\",VLOOKUP(TQ29,SINAPI,4,0),IF(TT29=\"SETOP\",VLOOKUP(TQ29,SETOP,5,0),IF(TT29=\"CPU\",VLOOKUP(TQ29,COMPOSIÇÃO,8,0),VLOOKUP(TQ29,COTAÇÃO,11,0))))","v":19.149999999999999},{"$f":"TV29*TW29","v":9.5749999999999993},"ED-50374",{"$f":"IF(UB29=\"SINAPI\",VLOOKUP(TY29,SINAPI,2,0),IF(UB29=\"SETOP\",VLOOKUP(TY29,SETOP,3,0),IF(UB29=\"CPU\",VLOOKUP(TY29,COMPOSIÇÃO,2,0),VLOOKUP(TY29,COTAÇÃO,3,0))))","v":"BOMBEIRO/ENCANADOR COM ENCARGOS COMPLEMENTARES"},null,"SETOP",{"$f":"IF(UB29=\"SINAPI\",VLOOKUP(TY29,SINAPI,3,0),IF(UB29=\"SETOP\",VLOOKUP(TY29,SETOP,4,0),IF(UB29=\"CPU\",VLOOKUP(TY29,COMPOSIÇÃO,5,0),VLOOKUP(TY29,COTAÇÃO,8,0))))","v":"HORA"},0.5,{"$f":"IF(UB29=\"SINAPI\",VLOOKUP(TY29,SINAPI,4,0),IF(UB29=\"SETOP\",VLOOKUP(TY29,SETOP,5,0),IF(UB29=\"CPU\",VLOOKUP(TY29,COMPOSIÇÃO,8,0),VLOOKUP(TY29,COTAÇÃO,11,0))))","v":19.149999999999999},{"$f":"UD29*UE29","v":9.5749999999999993},"ED-50374",{"$f":"IF(UJ29=\"SINAPI\",VLOOKUP(UG29,SINAPI,2,0),IF(UJ29=\"SETOP\",VLOOKUP(UG29,SETOP,3,0),IF(UJ29=\"CPU\",VLOOKUP(UG29,COMPOSIÇÃO,2,0),VLOOKUP(UG29,COTAÇÃO,3,0))))","v":"BOMBEIRO/ENCANADOR COM ENCARGOS COMPLEMENTARES"},null,"SETOP",{"$f":"IF(UJ29=\"SINAPI\",VLOOKUP(UG29,SINAPI,3,0),IF(UJ29=\"SETOP\",VLOOKUP(UG29,SETOP,4,0),IF(UJ29=\"CPU\",VLOOKUP(UG29,COMPOSIÇÃO,5,0),VLOOKUP(UG29,COTAÇÃO,8,0))))","v":"HORA"},0.5,{"$f":"IF(UJ29=\"SINAPI\",VLOOKUP(UG29,SINAPI,4,0),IF(UJ29=\"SETOP\",VLOOKUP(UG29,SETOP,5,0),IF(UJ29=\"CPU\",VLOOKUP(UG29,COMPOSIÇÃO,8,0),VLOOKUP(UG29,COTAÇÃO,11,0))))","v":19.149999999999999},{"$f":"UL29*UM29","v":9.5749999999999993},"ED-50374",{"$f":"IF(UR29=\"SINAPI\",VLOOKUP(UO29,SINAPI,2,0),IF(UR29=\"SETOP\",VLOOKUP(UO29,SETOP,3,0),IF(UR29=\"CPU\",VLOOKUP(UO29,COMPOSIÇÃO,2,0),VLOOKUP(UO29,COTAÇÃO,3,0))))","v":"BOMBEIRO/ENCANADOR COM ENCARGOS COMPLEMENTARES"},null,"SETOP",{"$f":"IF(UR29=\"SINAPI\",VLOOKUP(UO29,SINAPI,3,0),IF(UR29=\"SETOP\",VLOOKUP(UO29,SETOP,4,0),IF(UR29=\"CPU\",VLOOKUP(UO29,COMPOSIÇÃO,5,0),VLOOKUP(UO29,COTAÇÃO,8,0))))","v":"HORA"},0.5,{"$f":"IF(UR29=\"SINAPI\",VLOOKUP(UO29,SINAPI,4,0),IF(UR29=\"SETOP\",VLOOKUP(UO29,SETOP,5,0),IF(UR29=\"CPU\",VLOOKUP(UO29,COMPOSIÇÃO,8,0),VLOOKUP(UO29,COTAÇÃO,11,0))))","v":19.149999999999999},{"$f":"UT29*UU29","v":9.5749999999999993},"ED-50374",{"$f":"IF(UZ29=\"SINAPI\",VLOOKUP(UW29,SINAPI,2,0),IF(UZ29=\"SETOP\",VLOOKUP(UW29,SETOP,3,0),IF(UZ29=\"CPU\",VLOOKUP(UW29,COMPOSIÇÃO,2,0),VLOOKUP(UW29,COTAÇÃO,3,0))))","v":"BOMBEIRO/ENCANADOR COM ENCARGOS COMPLEMENTARES"},null,"SETOP",{"$f":"IF(UZ29=\"SINAPI\",VLOOKUP(UW29,SINAPI,3,0),IF(UZ29=\"SETOP\",VLOOKUP(UW29,SETOP,4,0),IF(UZ29=\"CPU\",VLOOKUP(UW29,COMPOSIÇÃO,5,0),VLOOKUP(UW29,COTAÇÃO,8,0))))","v":"HORA"},0.5,{"$f":"IF(UZ29=\"SINAPI\",VLOOKUP(UW29,SINAPI,4,0),IF(UZ29=\"SETOP\",VLOOKUP(UW29,SETOP,5,0),IF(UZ29=\"CPU\",VLOOKUP(UW29,COMPOSIÇÃO,8,0),VLOOKUP(UW29,COTAÇÃO,11,0))))","v":19.149999999999999},{"$f":"VB29*VC29","v":9.5749999999999993},"ED-50374",{"$f":"IF(VH29=\"SINAPI\",VLOOKUP(VE29,SINAPI,2,0),IF(VH29=\"SETOP\",VLOOKUP(VE29,SETOP,3,0),IF(VH29=\"CPU\",VLOOKUP(VE29,COMPOSIÇÃO,2,0),VLOOKUP(VE29,COTAÇÃO,3,0))))","v":"BOMBEIRO/ENCANADOR COM ENCARGOS COMPLEMENTARES"},null,"SETOP",{"$f":"IF(VH29=\"SINAPI\",VLOOKUP(VE29,SINAPI,3,0),IF(VH29=\"SETOP\",VLOOKUP(VE29,SETOP,4,0),IF(VH29=\"CPU\",VLOOKUP(VE29,COMPOSIÇÃO,5,0),VLOOKUP(VE29,COTAÇÃO,8,0))))","v":"HORA"},0.5,{"$f":"IF(VH29=\"SINAPI\",VLOOKUP(VE29,SINAPI,4,0),IF(VH29=\"SETOP\",VLOOKUP(VE29,SETOP,5,0),IF(VH29=\"CPU\",VLOOKUP(VE29,COMPOSIÇÃO,8,0),VLOOKUP(VE29,COTAÇÃO,11,0))))","v":19.149999999999999},{"$f":"VJ29*VK29","v":9.5749999999999993},"ED-50374",{"$f":"IF(VP29=\"SINAPI\",VLOOKUP(VM29,SINAPI,2,0),IF(VP29=\"SETOP\",VLOOKUP(VM29,SETOP,3,0),IF(VP29=\"CPU\",VLOOKUP(VM29,COMPOSIÇÃO,2,0),VLOOKUP(VM29,COTAÇÃO,3,0))))","v":"BOMBEIRO/ENCANADOR COM ENCARGOS COMPLEMENTARES"},null,"SETOP",{"$f":"IF(VP29=\"SINAPI\",VLOOKUP(VM29,SINAPI,3,0),IF(VP29=\"SETOP\",VLOOKUP(VM29,SETOP,4,0),IF(VP29=\"CPU\",VLOOKUP(VM29,COMPOSIÇÃO,5,0),VLOOKUP(VM29,COTAÇÃO,8,0))))","v":"HORA"},0.5,{"$f":"IF(VP29=\"SINAPI\",VLOOKUP(VM29,SINAPI,4,0),IF(VP29=\"SETOP\",VLOOKUP(VM29,SETOP,5,0),IF(VP29=\"CPU\",VLOOKUP(VM29,COMPOSIÇÃO,8,0),VLOOKUP(VM29,COTAÇÃO,11,0))))","v":19.149999999999999},{"$f":"VR29*VS29","v":9.5749999999999993},"ED-50374",{"$f":"IF(VX29=\"SINAPI\",VLOOKUP(VU29,SINAPI,2,0),IF(VX29=\"SETOP\",VLOOKUP(VU29,SETOP,3,0),IF(VX29=\"CPU\",VLOOKUP(VU29,COMPOSIÇÃO,2,0),VLOOKUP(VU29,COTAÇÃO,3,0))))","v":"BOMBEIRO/ENCANADOR COM ENCARGOS COMPLEMENTARES"},null,"SETOP",{"$f":"IF(VX29=\"SINAPI\",VLOOKUP(VU29,SINAPI,3,0),IF(VX29=\"SETOP\",VLOOKUP(VU29,SETOP,4,0),IF(VX29=\"CPU\",VLOOKUP(VU29,COMPOSIÇÃO,5,0),VLOOKUP(VU29,COTAÇÃO,8,0))))","v":"HORA"},0.5,{"$f":"IF(VX29=\"SINAPI\",VLOOKUP(VU29,SINAPI,4,0),IF(VX29=\"SETOP\",VLOOKUP(VU29,SETOP,5,0),IF(VX29=\"CPU\",VLOOKUP(VU29,COMPOSIÇÃO,8,0),VLOOKUP(VU29,COTAÇÃO,11,0))))","v":19.149999999999999},{"$f":"VZ29*WA29","v":9.5749999999999993},"ED-50374",{"$f":"IF(WF29=\"SINAPI\",VLOOKUP(WC29,SINAPI,2,0),IF(WF29=\"SETOP\",VLOOKUP(WC29,SETOP,3,0),IF(WF29=\"CPU\",VLOOKUP(WC29,COMPOSIÇÃO,2,0),VLOOKUP(WC29,COTAÇÃO,3,0))))","v":"BOMBEIRO/ENCANADOR COM ENCARGOS COMPLEMENTARES"},null,"SETOP",{"$f":"IF(WF29=\"SINAPI\",VLOOKUP(WC29,SINAPI,3,0),IF(WF29=\"SETOP\",VLOOKUP(WC29,SETOP,4,0),IF(WF29=\"CPU\",VLOOKUP(WC29,COMPOSIÇÃO,5,0),VLOOKUP(WC29,COTAÇÃO,8,0))))","v":"HORA"},0.5,{"$f":"IF(WF29=\"SINAPI\",VLOOKUP(WC29,SINAPI,4,0),IF(WF29=\"SETOP\",VLOOKUP(WC29,SETOP,5,0),IF(WF29=\"CPU\",VLOOKUP(WC29,COMPOSIÇÃO,8,0),VLOOKUP(WC29,COTAÇÃO,11,0))))","v":19.149999999999999},{"$f":"WH29*WI29","v":9.5749999999999993},"ED-50374",{"$f":"IF(WN29=\"SINAPI\",VLOOKUP(WK29,SINAPI,2,0),IF(WN29=\"SETOP\",VLOOKUP(WK29,SETOP,3,0),IF(WN29=\"CPU\",VLOOKUP(WK29,COMPOSIÇÃO,2,0),VLOOKUP(WK29,COTAÇÃO,3,0))))","v":"BOMBEIRO/ENCANADOR COM ENCARGOS COMPLEMENTARES"},null,"SETOP",{"$f":"IF(WN29=\"SINAPI\",VLOOKUP(WK29,SINAPI,3,0),IF(WN29=\"SETOP\",VLOOKUP(WK29,SETOP,4,0),IF(WN29=\"CPU\",VLOOKUP(WK29,COMPOSIÇÃO,5,0),VLOOKUP(WK29,COTAÇÃO,8,0))))","v":"HORA"},0.5,{"$f":"IF(WN29=\"SINAPI\",VLOOKUP(WK29,SINAPI,4,0),IF(WN29=\"SETOP\",VLOOKUP(WK29,SETOP,5,0),IF(WN29=\"CPU\",VLOOKUP(WK29,COMPOSIÇÃO,8,0),VLOOKUP(WK29,COTAÇÃO,11,0))))","v":19.149999999999999},{"$f":"WP29*WQ29","v":9.5749999999999993},"ED-50374",{"$f":"IF(WV29=\"SINAPI\",VLOOKUP(WS29,SINAPI,2,0),IF(WV29=\"SETOP\",VLOOKUP(WS29,SETOP,3,0),IF(WV29=\"CPU\",VLOOKUP(WS29,COMPOSIÇÃO,2,0),VLOOKUP(WS29,COTAÇÃO,3,0))))","v":"BOMBEIRO/ENCANADOR COM ENCARGOS COMPLEMENTARES"},null,"SETOP",{"$f":"IF(WV29=\"SINAPI\",VLOOKUP(WS29,SINAPI,3,0),IF(WV29=\"SETOP\",VLOOKUP(WS29,SETOP,4,0),IF(WV29=\"CPU\",VLOOKUP(WS29,COMPOSIÇÃO,5,0),VLOOKUP(WS29,COTAÇÃO,8,0))))","v":"HORA"},0.5,{"$f":"IF(WV29=\"SINAPI\",VLOOKUP(WS29,SINAPI,4,0),IF(WV29=\"SETOP\",VLOOKUP(WS29,SETOP,5,0),IF(WV29=\"CPU\",VLOOKUP(WS29,COMPOSIÇÃO,8,0),VLOOKUP(WS29,COTAÇÃO,11,0))))","v":19.149999999999999},{"$f":"WX29*WY29","v":9.5749999999999993},"ED-50374",{"$f":"IF(XD29=\"SINAPI\",VLOOKUP(XA29,SINAPI,2,0),IF(XD29=\"SETOP\",VLOOKUP(XA29,SETOP,3,0),IF(XD29=\"CPU\",VLOOKUP(XA29,COMPOSIÇÃO,2,0),VLOOKUP(XA29,COTAÇÃO,3,0))))","v":"BOMBEIRO/ENCANADOR COM ENCARGOS COMPLEMENTARES"},null,"SETOP",{"$f":"IF(XD29=\"SINAPI\",VLOOKUP(XA29,SINAPI,3,0),IF(XD29=\"SETOP\",VLOOKUP(XA29,SETOP,4,0),IF(XD29=\"CPU\",VLOOKUP(XA29,COMPOSIÇÃO,5,0),VLOOKUP(XA29,COTAÇÃO,8,0))))","v":"HORA"},0.5,{"$f":"IF(XD29=\"SINAPI\",VLOOKUP(XA29,SINAPI,4,0),IF(XD29=\"SETOP\",VLOOKUP(XA29,SETOP,5,0),IF(XD29=\"CPU\",VLOOKUP(XA29,COMPOSIÇÃO,8,0),VLOOKUP(XA29,COTAÇÃO,11,0))))","v":19.149999999999999},{"$f":"XF29*XG29","v":9.5749999999999993},"ED-50374",{"$f":"IF(XL29=\"SINAPI\",VLOOKUP(XI29,SINAPI,2,0),IF(XL29=\"SETOP\",VLOOKUP(XI29,SETOP,3,0),IF(XL29=\"CPU\",VLOOKUP(XI29,COMPOSIÇÃO,2,0),VLOOKUP(XI29,COTAÇÃO,3,0))))","v":"BOMBEIRO/ENCANADOR COM ENCARGOS COMPLEMENTARES"},null,"SETOP",{"$f":"IF(XL29=\"SINAPI\",VLOOKUP(XI29,SINAPI,3,0),IF(XL29=\"SETOP\",VLOOKUP(XI29,SETOP,4,0),IF(XL29=\"CPU\",VLOOKUP(XI29,COMPOSIÇÃO,5,0),VLOOKUP(XI29,COTAÇÃO,8,0))))","v":"HORA"},0.5,{"$f":"IF(XL29=\"SINAPI\",VLOOKUP(XI29,SINAPI,4,0),IF(XL29=\"SETOP\",VLOOKUP(XI29,SETOP,5,0),IF(XL29=\"CPU\",VLOOKUP(XI29,COMPOSIÇÃO,8,0),VLOOKUP(XI29,COTAÇÃO,11,0))))","v":19.149999999999999},{"$f":"XN29*XO29","v":9.5749999999999993},"ED-50374",{"$f":"IF(XT29=\"SINAPI\",VLOOKUP(XQ29,SINAPI,2,0),IF(XT29=\"SETOP\",VLOOKUP(XQ29,SETOP,3,0),IF(XT29=\"CPU\",VLOOKUP(XQ29,COMPOSIÇÃO,2,0),VLOOKUP(XQ29,COTAÇÃO,3,0))))","v":"BOMBEIRO/ENCANADOR COM ENCARGOS COMPLEMENTARES"},null,"SETOP",{"$f":"IF(XT29=\"SINAPI\",VLOOKUP(XQ29,SINAPI,3,0),IF(XT29=\"SETOP\",VLOOKUP(XQ29,SETOP,4,0),IF(XT29=\"CPU\",VLOOKUP(XQ29,COMPOSIÇÃO,5,0),VLOOKUP(XQ29,COTAÇÃO,8,0))))","v":"HORA"},0.5,{"$f":"IF(XT29=\"SINAPI\",VLOOKUP(XQ29,SINAPI,4,0),IF(XT29=\"SETOP\",VLOOKUP(XQ29,SETOP,5,0),IF(XT29=\"CPU\",VLOOKUP(XQ29,COMPOSIÇÃO,8,0),VLOOKUP(XQ29,COTAÇÃO,11,0))))","v":19.149999999999999},{"$f":"XV29*XW29","v":9.5749999999999993},"ED-50374",{"$f":"IF(YB29=\"SINAPI\",VLOOKUP(XY29,SINAPI,2,0),IF(YB29=\"SETOP\",VLOOKUP(XY29,SETOP,3,0),IF(YB29=\"CPU\",VLOOKUP(XY29,COMPOSIÇÃO,2,0),VLOOKUP(XY29,COTAÇÃO,3,0))))","v":"BOMBEIRO/ENCANADOR COM ENCARGOS COMPLEMENTARES"},null,"SETOP",{"$f":"IF(YB29=\"SINAPI\",VLOOKUP(XY29,SINAPI,3,0),IF(YB29=\"SETOP\",VLOOKUP(XY29,SETOP,4,0),IF(YB29=\"CPU\",VLOOKUP(XY29,COMPOSIÇÃO,5,0),VLOOKUP(XY29,COTAÇÃO,8,0))))","v":"HORA"},0.5,{"$f":"IF(YB29=\"SINAPI\",VLOOKUP(XY29,SINAPI,4,0),IF(YB29=\"SETOP\",VLOOKUP(XY29,SETOP,5,0),IF(YB29=\"CPU\",VLOOKUP(XY29,COMPOSIÇÃO,8,0),VLOOKUP(XY29,COTAÇÃO,11,0))))","v":19.149999999999999},{"$f":"YD29*YE29","v":9.5749999999999993},"ED-50374",{"$f":"IF(YJ29=\"SINAPI\",VLOOKUP(YG29,SINAPI,2,0),IF(YJ29=\"SETOP\",VLOOKUP(YG29,SETOP,3,0),IF(YJ29=\"CPU\",VLOOKUP(YG29,COMPOSIÇÃO,2,0),VLOOKUP(YG29,COTAÇÃO,3,0))))","v":"BOMBEIRO/ENCANADOR COM ENCARGOS COMPLEMENTARES"},null,"SETOP",{"$f":"IF(YJ29=\"SINAPI\",VLOOKUP(YG29,SINAPI,3,0),IF(YJ29=\"SETOP\",VLOOKUP(YG29,SETOP,4,0),IF(YJ29=\"CPU\",VLOOKUP(YG29,COMPOSIÇÃO,5,0),VLOOKUP(YG29,COTAÇÃO,8,0))))","v":"HORA"},0.5,{"$f":"IF(YJ29=\"SINAPI\",VLOOKUP(YG29,SINAPI,4,0),IF(YJ29=\"SETOP\",VLOOKUP(YG29,SETOP,5,0),IF(YJ29=\"CPU\",VLOOKUP(YG29,COMPOSIÇÃO,8,0),VLOOKUP(YG29,COTAÇÃO,11,0))))","v":19.149999999999999},{"$f":"YL29*YM29","v":9.5749999999999993},"ED-50374",{"$f":"IF(YR29=\"SINAPI\",VLOOKUP(YO29,SINAPI,2,0),IF(YR29=\"SETOP\",VLOOKUP(YO29,SETOP,3,0),IF(YR29=\"CPU\",VLOOKUP(YO29,COMPOSIÇÃO,2,0),VLOOKUP(YO29,COTAÇÃO,3,0))))","v":"BOMBEIRO/ENCANADOR COM ENCARGOS COMPLEMENTARES"},null,"SETOP",{"$f":"IF(YR29=\"SINAPI\",VLOOKUP(YO29,SINAPI,3,0),IF(YR29=\"SETOP\",VLOOKUP(YO29,SETOP,4,0),IF(YR29=\"CPU\",VLOOKUP(YO29,COMPOSIÇÃO,5,0),VLOOKUP(YO29,COTAÇÃO,8,0))))","v":"HORA"},0.5,{"$f":"IF(YR29=\"SINAPI\",VLOOKUP(YO29,SINAPI,4,0),IF(YR29=\"SETOP\",VLOOKUP(YO29,SETOP,5,0),IF(YR29=\"CPU\",VLOOKUP(YO29,COMPOSIÇÃO,8,0),VLOOKUP(YO29,COTAÇÃO,11,0))))","v":19.149999999999999},{"$f":"YT29*YU29","v":9.5749999999999993},"ED-50374",{"$f":"IF(YZ29=\"SINAPI\",VLOOKUP(YW29,SINAPI,2,0),IF(YZ29=\"SETOP\",VLOOKUP(YW29,SETOP,3,0),IF(YZ29=\"CPU\",VLOOKUP(YW29,COMPOSIÇÃO,2,0),VLOOKUP(YW29,COTAÇÃO,3,0))))","v":"BOMBEIRO/ENCANADOR COM ENCARGOS COMPLEMENTARES"},null,"SETOP",{"$f":"IF(YZ29=\"SINAPI\",VLOOKUP(YW29,SINAPI,3,0),IF(YZ29=\"SETOP\",VLOOKUP(YW29,SETOP,4,0),IF(YZ29=\"CPU\",VLOOKUP(YW29,COMPOSIÇÃO,5,0),VLOOKUP(YW29,COTAÇÃO,8,0))))","v":"HORA"},0.5,{"$f":"IF(YZ29=\"SINAPI\",VLOOKUP(YW29,SINAPI,4,0),IF(YZ29=\"SETOP\",VLOOKUP(YW29,SETOP,5,0),IF(YZ29=\"CPU\",VLOOKUP(YW29,COMPOSIÇÃO,8,0),VLOOKUP(YW29,COTAÇÃO,11,0))))","v":19.149999999999999},{"$f":"ZB29*ZC29","v":9.5749999999999993},"ED-50374",{"$f":"IF(ZH29=\"SINAPI\",VLOOKUP(ZE29,SINAPI,2,0),IF(ZH29=\"SETOP\",VLOOKUP(ZE29,SETOP,3,0),IF(ZH29=\"CPU\",VLOOKUP(ZE29,COMPOSIÇÃO,2,0),VLOOKUP(ZE29,COTAÇÃO,3,0))))","v":"BOMBEIRO/ENCANADOR COM ENCARGOS COMPLEMENTARES"},null,"SETOP",{"$f":"IF(ZH29=\"SINAPI\",VLOOKUP(ZE29,SINAPI,3,0),IF(ZH29=\"SETOP\",VLOOKUP(ZE29,SETOP,4,0),IF(ZH29=\"CPU\",VLOOKUP(ZE29,COMPOSIÇÃO,5,0),VLOOKUP(ZE29,COTAÇÃO,8,0))))","v":"HORA"},0.5,{"$f":"IF(ZH29=\"SINAPI\",VLOOKUP(ZE29,SINAPI,4,0),IF(ZH29=\"SETOP\",VLOOKUP(ZE29,SETOP,5,0),IF(ZH29=\"CPU\",VLOOKUP(ZE29,COMPOSIÇÃO,8,0),VLOOKUP(ZE29,COTAÇÃO,11,0))))","v":19.149999999999999},{"$f":"ZJ29*ZK29","v":9.5749999999999993},"ED-50374",{"$f":"IF(ZP29=\"SINAPI\",VLOOKUP(ZM29,SINAPI,2,0),IF(ZP29=\"SETOP\",VLOOKUP(ZM29,SETOP,3,0),IF(ZP29=\"CPU\",VLOOKUP(ZM29,COMPOSIÇÃO,2,0),VLOOKUP(ZM29,COTAÇÃO,3,0))))","v":"BOMBEIRO/ENCANADOR COM ENCARGOS COMPLEMENTARES"},null,"SETOP",{"$f":"IF(ZP29=\"SINAPI\",VLOOKUP(ZM29,SINAPI,3,0),IF(ZP29=\"SETOP\",VLOOKUP(ZM29,SETOP,4,0),IF(ZP29=\"CPU\",VLOOKUP(ZM29,COMPOSIÇÃO,5,0),VLOOKUP(ZM29,COTAÇÃO,8,0))))","v":"HORA"},0.5,{"$f":"IF(ZP29=\"SINAPI\",VLOOKUP(ZM29,SINAPI,4,0),IF(ZP29=\"SETOP\",VLOOKUP(ZM29,SETOP,5,0),IF(ZP29=\"CPU\",VLOOKUP(ZM29,COMPOSIÇÃO,8,0),VLOOKUP(ZM29,COTAÇÃO,11,0))))","v":19.149999999999999},{"$f":"ZR29*ZS29","v":9.5749999999999993},"ED-50374",{"$f":"IF(ZX29=\"SINAPI\",VLOOKUP(ZU29,SINAPI,2,0),IF(ZX29=\"SETOP\",VLOOKUP(ZU29,SETOP,3,0),IF(ZX29=\"CPU\",VLOOKUP(ZU29,COMPOSIÇÃO,2,0),VLOOKUP(ZU29,COTAÇÃO,3,0))))","v":"BOMBEIRO/ENCANADOR COM ENCARGOS COMPLEMENTARES"},null,"SETOP",{"$f":"IF(ZX29=\"SINAPI\",VLOOKUP(ZU29,SINAPI,3,0),IF(ZX29=\"SETOP\",VLOOKUP(ZU29,SETOP,4,0),IF(ZX29=\"CPU\",VLOOKUP(ZU29,COMPOSIÇÃO,5,0),VLOOKUP(ZU29,COTAÇÃO,8,0))))","v":"HORA"},0.5,{"$f":"IF(ZX29=\"SINAPI\",VLOOKUP(ZU29,SINAPI,4,0),IF(ZX29=\"SETOP\",VLOOKUP(ZU29,SETOP,5,0),IF(ZX29=\"CPU\",VLOOKUP(ZU29,COMPOSIÇÃO,8,0),VLOOKUP(ZU29,COTAÇÃO,11,0))))","v":19.149999999999999},{"$f":"ZZ29*AAA29","v":9.5749999999999993},"ED-50374",{"$f":"IF(AAF29=\"SINAPI\",VLOOKUP(AAC29,SINAPI,2,0),IF(AAF29=\"SETOP\",VLOOKUP(AAC29,SETOP,3,0),IF(AAF29=\"CPU\",VLOOKUP(AAC29,COMPOSIÇÃO,2,0),VLOOKUP(AAC29,COTAÇÃO,3,0))))","v":"BOMBEIRO/ENCANADOR COM ENCARGOS COMPLEMENTARES"},null,"SETOP",{"$f":"IF(AAF29=\"SINAPI\",VLOOKUP(AAC29,SINAPI,3,0),IF(AAF29=\"SETOP\",VLOOKUP(AAC29,SETOP,4,0),IF(AAF29=\"CPU\",VLOOKUP(AAC29,COMPOSIÇÃO,5,0),VLOOKUP(AAC29,COTAÇÃO,8,0))))","v":"HORA"},0.5,{"$f":"IF(AAF29=\"SINAPI\",VLOOKUP(AAC29,SINAPI,4,0),IF(AAF29=\"SETOP\",VLOOKUP(AAC29,SETOP,5,0),IF(AAF29=\"CPU\",VLOOKUP(AAC29,COMPOSIÇÃO,8,0),VLOOKUP(AAC29,COTAÇÃO,11,0))))","v":19.149999999999999},{"$f":"AAH29*AAI29","v":9.5749999999999993},"ED-50374",{"$f":"IF(AAN29=\"SINAPI\",VLOOKUP(AAK29,SINAPI,2,0),IF(AAN29=\"SETOP\",VLOOKUP(AAK29,SETOP,3,0),IF(AAN29=\"CPU\",VLOOKUP(AAK29,COMPOSIÇÃO,2,0),VLOOKUP(AAK29,COTAÇÃO,3,0))))","v":"BOMBEIRO/ENCANADOR COM ENCARGOS COMPLEMENTARES"},null,"SETOP",{"$f":"IF(AAN29=\"SINAPI\",VLOOKUP(AAK29,SINAPI,3,0),IF(AAN29=\"SETOP\",VLOOKUP(AAK29,SETOP,4,0),IF(AAN29=\"CPU\",VLOOKUP(AAK29,COMPOSIÇÃO,5,0),VLOOKUP(AAK29,COTAÇÃO,8,0))))","v":"HORA"},0.5,{"$f":"IF(AAN29=\"SINAPI\",VLOOKUP(AAK29,SINAPI,4,0),IF(AAN29=\"SETOP\",VLOOKUP(AAK29,SETOP,5,0),IF(AAN29=\"CPU\",VLOOKUP(AAK29,COMPOSIÇÃO,8,0),VLOOKUP(AAK29,COTAÇÃO,11,0))))","v":19.149999999999999},{"$f":"AAP29*AAQ29","v":9.5749999999999993},"ED-50374",{"$f":"IF(AAV29=\"SINAPI\",VLOOKUP(AAS29,SINAPI,2,0),IF(AAV29=\"SETOP\",VLOOKUP(AAS29,SETOP,3,0),IF(AAV29=\"CPU\",VLOOKUP(AAS29,COMPOSIÇÃO,2,0),VLOOKUP(AAS29,COTAÇÃO,3,0))))","v":"BOMBEIRO/ENCANADOR COM ENCARGOS COMPLEMENTARES"},null,"SETOP",{"$f":"IF(AAV29=\"SINAPI\",VLOOKUP(AAS29,SINAPI,3,0),IF(AAV29=\"SETOP\",VLOOKUP(AAS29,SETOP,4,0),IF(AAV29=\"CPU\",VLOOKUP(AAS29,COMPOSIÇÃO,5,0),VLOOKUP(AAS29,COTAÇÃO,8,0))))","v":"HORA"},0.5,{"$f":"IF(AAV29=\"SINAPI\",VLOOKUP(AAS29,SINAPI,4,0),IF(AAV29=\"SETOP\",VLOOKUP(AAS29,SETOP,5,0),IF(AAV29=\"CPU\",VLOOKUP(AAS29,COMPOSIÇÃO,8,0),VLOOKUP(AAS29,COTAÇÃO,11,0))))","v":19.149999999999999},{"$f":"AAX29*AAY29","v":9.5749999999999993},"ED-50374",{"$f":"IF(ABD29=\"SINAPI\",VLOOKUP(ABA29,SINAPI,2,0),IF(ABD29=\"SETOP\",VLOOKUP(ABA29,SETOP,3,0),IF(ABD29=\"CPU\",VLOOKUP(ABA29,COMPOSIÇÃO,2,0),VLOOKUP(ABA29,COTAÇÃO,3,0))))","v":"BOMBEIRO/ENCANADOR COM ENCARGOS COMPLEMENTARES"},null,"SETOP",{"$f":"IF(ABD29=\"SINAPI\",VLOOKUP(ABA29,SINAPI,3,0),IF(ABD29=\"SETOP\",VLOOKUP(ABA29,SETOP,4,0),IF(ABD29=\"CPU\",VLOOKUP(ABA29,COMPOSIÇÃO,5,0),VLOOKUP(ABA29,COTAÇÃO,8,0))))","v":"HORA"},0.5,{"$f":"IF(ABD29=\"SINAPI\",VLOOKUP(ABA29,SINAPI,4,0),IF(ABD29=\"SETOP\",VLOOKUP(ABA29,SETOP,5,0),IF(ABD29=\"CPU\",VLOOKUP(ABA29,COMPOSIÇÃO,8,0),VLOOKUP(ABA29,COTAÇÃO,11,0))))","v":19.149999999999999},{"$f":"ABF29*ABG29","v":9.5749999999999993},"ED-50374",{"$f":"IF(ABL29=\"SINAPI\",VLOOKUP(ABI29,SINAPI,2,0),IF(ABL29=\"SETOP\",VLOOKUP(ABI29,SETOP,3,0),IF(ABL29=\"CPU\",VLOOKUP(ABI29,COMPOSIÇÃO,2,0),VLOOKUP(ABI29,COTAÇÃO,3,0))))","v":"BOMBEIRO/ENCANADOR COM ENCARGOS COMPLEMENTARES"},null,"SETOP",{"$f":"IF(ABL29=\"SINAPI\",VLOOKUP(ABI29,SINAPI,3,0),IF(ABL29=\"SETOP\",VLOOKUP(ABI29,SETOP,4,0),IF(ABL29=\"CPU\",VLOOKUP(ABI29,COMPOSIÇÃO,5,0),VLOOKUP(ABI29,COTAÇÃO,8,0))))","v":"HORA"},0.5,{"$f":"IF(ABL29=\"SINAPI\",VLOOKUP(ABI29,SINAPI,4,0),IF(ABL29=\"SETOP\",VLOOKUP(ABI29,SETOP,5,0),IF(ABL29=\"CPU\",VLOOKUP(ABI29,COMPOSIÇÃO,8,0),VLOOKUP(ABI29,COTAÇÃO,11,0))))","v":19.149999999999999},{"$f":"ABN29*ABO29","v":9.5749999999999993},"ED-50374",{"$f":"IF(ABT29=\"SINAPI\",VLOOKUP(ABQ29,SINAPI,2,0),IF(ABT29=\"SETOP\",VLOOKUP(ABQ29,SETOP,3,0),IF(ABT29=\"CPU\",VLOOKUP(ABQ29,COMPOSIÇÃO,2,0),VLOOKUP(ABQ29,COTAÇÃO,3,0))))","v":"BOMBEIRO/ENCANADOR COM ENCARGOS COMPLEMENTARES"},null,"SETOP",{"$f":"IF(ABT29=\"SINAPI\",VLOOKUP(ABQ29,SINAPI,3,0),IF(ABT29=\"SETOP\",VLOOKUP(ABQ29,SETOP,4,0),IF(ABT29=\"CPU\",VLOOKUP(ABQ29,COMPOSIÇÃO,5,0),VLOOKUP(ABQ29,COTAÇÃO,8,0))))","v":"HORA"},0.5,{"$f":"IF(ABT29=\"SINAPI\",VLOOKUP(ABQ29,SINAPI,4,0),IF(ABT29=\"SETOP\",VLOOKUP(ABQ29,SETOP,5,0),IF(ABT29=\"CPU\",VLOOKUP(ABQ29,COMPOSIÇÃO,8,0),VLOOKUP(ABQ29,COTAÇÃO,11,0))))","v":19.149999999999999},{"$f":"ABV29*ABW29","v":9.5749999999999993},"ED-50374",{"$f":"IF(ACB29=\"SINAPI\",VLOOKUP(ABY29,SINAPI,2,0),IF(ACB29=\"SETOP\",VLOOKUP(ABY29,SETOP,3,0),IF(ACB29=\"CPU\",VLOOKUP(ABY29,COMPOSIÇÃO,2,0),VLOOKUP(ABY29,COTAÇÃO,3,0))))","v":"BOMBEIRO/ENCANADOR COM ENCARGOS COMPLEMENTARES"},null,"SETOP",{"$f":"IF(ACB29=\"SINAPI\",VLOOKUP(ABY29,SINAPI,3,0),IF(ACB29=\"SETOP\",VLOOKUP(ABY29,SETOP,4,0),IF(ACB29=\"CPU\",VLOOKUP(ABY29,COMPOSIÇÃO,5,0),VLOOKUP(ABY29,COTAÇÃO,8,0))))","v":"HORA"},0.5,{"$f":"IF(ACB29=\"SINAPI\",VLOOKUP(ABY29,SINAPI,4,0),IF(ACB29=\"SETOP\",VLOOKUP(ABY29,SETOP,5,0),IF(ACB29=\"CPU\",VLOOKUP(ABY29,COMPOSIÇÃO,8,0),VLOOKUP(ABY29,COTAÇÃO,11,0))))","v":19.149999999999999},{"$f":"ACD29*ACE29","v":9.5749999999999993},"ED-50374",{"$f":"IF(ACJ29=\"SINAPI\",VLOOKUP(ACG29,SINAPI,2,0),IF(ACJ29=\"SETOP\",VLOOKUP(ACG29,SETOP,3,0),IF(ACJ29=\"CPU\",VLOOKUP(ACG29,COMPOSIÇÃO,2,0),VLOOKUP(ACG29,COTAÇÃO,3,0))))","v":"BOMBEIRO/ENCANADOR COM ENCARGOS COMPLEMENTARES"},null,"SETOP",{"$f":"IF(ACJ29=\"SINAPI\",VLOOKUP(ACG29,SINAPI,3,0),IF(ACJ29=\"SETOP\",VLOOKUP(ACG29,SETOP,4,0),IF(ACJ29=\"CPU\",VLOOKUP(ACG29,COMPOSIÇÃO,5,0),VLOOKUP(ACG29,COTAÇÃO,8,0))))","v":"HORA"},0.5,{"$f":"IF(ACJ29=\"SINAPI\",VLOOKUP(ACG29,SINAPI,4,0),IF(ACJ29=\"SETOP\",VLOOKUP(ACG29,SETOP,5,0),IF(ACJ29=\"CPU\",VLOOKUP(ACG29,COMPOSIÇÃO,8,0),VLOOKUP(ACG29,COTAÇÃO,11,0))))","v":19.149999999999999},{"$f":"ACL29*ACM29","v":9.5749999999999993},"ED-50374",{"$f":"IF(ACR29=\"SINAPI\",VLOOKUP(ACO29,SINAPI,2,0),IF(ACR29=\"SETOP\",VLOOKUP(ACO29,SETOP,3,0),IF(ACR29=\"CPU\",VLOOKUP(ACO29,COMPOSIÇÃO,2,0),VLOOKUP(ACO29,COTAÇÃO,3,0))))","v":"BOMBEIRO/ENCANADOR COM ENCARGOS COMPLEMENTARES"},null,"SETOP",{"$f":"IF(ACR29=\"SINAPI\",VLOOKUP(ACO29,SINAPI,3,0),IF(ACR29=\"SETOP\",VLOOKUP(ACO29,SETOP,4,0),IF(ACR29=\"CPU\",VLOOKUP(ACO29,COMPOSIÇÃO,5,0),VLOOKUP(ACO29,COTAÇÃO,8,0))))","v":"HORA"},0.5,{"$f":"IF(ACR29=\"SINAPI\",VLOOKUP(ACO29,SINAPI,4,0),IF(ACR29=\"SETOP\",VLOOKUP(ACO29,SETOP,5,0),IF(ACR29=\"CPU\",VLOOKUP(ACO29,COMPOSIÇÃO,8,0),VLOOKUP(ACO29,COTAÇÃO,11,0))))","v":19.149999999999999},{"$f":"ACT29*ACU29","v":9.5749999999999993},"ED-50374",{"$f":"IF(ACZ29=\"SINAPI\",VLOOKUP(ACW29,SINAPI,2,0),IF(ACZ29=\"SETOP\",VLOOKUP(ACW29,SETOP,3,0),IF(ACZ29=\"CPU\",VLOOKUP(ACW29,COMPOSIÇÃO,2,0),VLOOKUP(ACW29,COTAÇÃO,3,0))))","v":"BOMBEIRO/ENCANADOR COM ENCARGOS COMPLEMENTARES"},null,"SETOP",{"$f":"IF(ACZ29=\"SINAPI\",VLOOKUP(ACW29,SINAPI,3,0),IF(ACZ29=\"SETOP\",VLOOKUP(ACW29,SETOP,4,0),IF(ACZ29=\"CPU\",VLOOKUP(ACW29,COMPOSIÇÃO,5,0),VLOOKUP(ACW29,COTAÇÃO,8,0))))","v":"HORA"},0.5,{"$f":"IF(ACZ29=\"SINAPI\",VLOOKUP(ACW29,SINAPI,4,0),IF(ACZ29=\"SETOP\",VLOOKUP(ACW29,SETOP,5,0),IF(ACZ29=\"CPU\",VLOOKUP(ACW29,COMPOSIÇÃO,8,0),VLOOKUP(ACW29,COTAÇÃO,11,0))))","v":19.149999999999999},{"$f":"ADB29*ADC29","v":9.5749999999999993},"ED-50374",{"$f":"IF(ADH29=\"SINAPI\",VLOOKUP(ADE29,SINAPI,2,0),IF(ADH29=\"SETOP\",VLOOKUP(ADE29,SETOP,3,0),IF(ADH29=\"CPU\",VLOOKUP(ADE29,COMPOSIÇÃO,2,0),VLOOKUP(ADE29,COTAÇÃO,3,0))))","v":"BOMBEIRO/ENCANADOR COM ENCARGOS COMPLEMENTARES"},null,"SETOP",{"$f":"IF(ADH29=\"SINAPI\",VLOOKUP(ADE29,SINAPI,3,0),IF(ADH29=\"SETOP\",VLOOKUP(ADE29,SETOP,4,0),IF(ADH29=\"CPU\",VLOOKUP(ADE29,COMPOSIÇÃO,5,0),VLOOKUP(ADE29,COTAÇÃO,8,0))))","v":"HORA"},0.5,{"$f":"IF(ADH29=\"SINAPI\",VLOOKUP(ADE29,SINAPI,4,0),IF(ADH29=\"SETOP\",VLOOKUP(ADE29,SETOP,5,0),IF(ADH29=\"CPU\",VLOOKUP(ADE29,COMPOSIÇÃO,8,0),VLOOKUP(ADE29,COTAÇÃO,11,0))))","v":19.149999999999999},{"$f":"ADJ29*ADK29","v":9.5749999999999993},"ED-50374",{"$f":"IF(ADP29=\"SINAPI\",VLOOKUP(ADM29,SINAPI,2,0),IF(ADP29=\"SETOP\",VLOOKUP(ADM29,SETOP,3,0),IF(ADP29=\"CPU\",VLOOKUP(ADM29,COMPOSIÇÃO,2,0),VLOOKUP(ADM29,COTAÇÃO,3,0))))","v":"BOMBEIRO/ENCANADOR COM ENCARGOS COMPLEMENTARES"},null,"SETOP",{"$f":"IF(ADP29=\"SINAPI\",VLOOKUP(ADM29,SINAPI,3,0),IF(ADP29=\"SETOP\",VLOOKUP(ADM29,SETOP,4,0),IF(ADP29=\"CPU\",VLOOKUP(ADM29,COMPOSIÇÃO,5,0),VLOOKUP(ADM29,COTAÇÃO,8,0))))","v":"HORA"},0.5,{"$f":"IF(ADP29=\"SINAPI\",VLOOKUP(ADM29,SINAPI,4,0),IF(ADP29=\"SETOP\",VLOOKUP(ADM29,SETOP,5,0),IF(ADP29=\"CPU\",VLOOKUP(ADM29,COMPOSIÇÃO,8,0),VLOOKUP(ADM29,COTAÇÃO,11,0))))","v":19.149999999999999},{"$f":"ADR29*ADS29","v":9.5749999999999993},"ED-50374",{"$f":"IF(ADX29=\"SINAPI\",VLOOKUP(ADU29,SINAPI,2,0),IF(ADX29=\"SETOP\",VLOOKUP(ADU29,SETOP,3,0),IF(ADX29=\"CPU\",VLOOKUP(ADU29,COMPOSIÇÃO,2,0),VLOOKUP(ADU29,COTAÇÃO,3,0))))","v":"BOMBEIRO/ENCANADOR COM ENCARGOS COMPLEMENTARES"},null,"SETOP",{"$f":"IF(ADX29=\"SINAPI\",VLOOKUP(ADU29,SINAPI,3,0),IF(ADX29=\"SETOP\",VLOOKUP(ADU29,SETOP,4,0),IF(ADX29=\"CPU\",VLOOKUP(ADU29,COMPOSIÇÃO,5,0),VLOOKUP(ADU29,COTAÇÃO,8,0))))","v":"HORA"},0.5,{"$f":"IF(ADX29=\"SINAPI\",VLOOKUP(ADU29,SINAPI,4,0),IF(ADX29=\"SETOP\",VLOOKUP(ADU29,SETOP,5,0),IF(ADX29=\"CPU\",VLOOKUP(ADU29,COMPOSIÇÃO,8,0),VLOOKUP(ADU29,COTAÇÃO,11,0))))","v":19.149999999999999},{"$f":"ADZ29*AEA29","v":9.5749999999999993},"ED-50374",{"$f":"IF(AEF29=\"SINAPI\",VLOOKUP(AEC29,SINAPI,2,0),IF(AEF29=\"SETOP\",VLOOKUP(AEC29,SETOP,3,0),IF(AEF29=\"CPU\",VLOOKUP(AEC29,COMPOSIÇÃO,2,0),VLOOKUP(AEC29,COTAÇÃO,3,0))))","v":"BOMBEIRO/ENCANADOR COM ENCARGOS COMPLEMENTARES"},null,"SETOP",{"$f":"IF(AEF29=\"SINAPI\",VLOOKUP(AEC29,SINAPI,3,0),IF(AEF29=\"SETOP\",VLOOKUP(AEC29,SETOP,4,0),IF(AEF29=\"CPU\",VLOOKUP(AEC29,COMPOSIÇÃO,5,0),VLOOKUP(AEC29,COTAÇÃO,8,0))))","v":"HORA"},0.5,{"$f":"IF(AEF29=\"SINAPI\",VLOOKUP(AEC29,SINAPI,4,0),IF(AEF29=\"SETOP\",VLOOKUP(AEC29,SETOP,5,0),IF(AEF29=\"CPU\",VLOOKUP(AEC29,COMPOSIÇÃO,8,0),VLOOKUP(AEC29,COTAÇÃO,11,0))))","v":19.149999999999999},{"$f":"AEH29*AEI29","v":9.5749999999999993},"ED-50374",{"$f":"IF(AEN29=\"SINAPI\",VLOOKUP(AEK29,SINAPI,2,0),IF(AEN29=\"SETOP\",VLOOKUP(AEK29,SETOP,3,0),IF(AEN29=\"CPU\",VLOOKUP(AEK29,COMPOSIÇÃO,2,0),VLOOKUP(AEK29,COTAÇÃO,3,0))))","v":"BOMBEIRO/ENCANADOR COM ENCARGOS COMPLEMENTARES"},null,"SETOP",{"$f":"IF(AEN29=\"SINAPI\",VLOOKUP(AEK29,SINAPI,3,0),IF(AEN29=\"SETOP\",VLOOKUP(AEK29,SETOP,4,0),IF(AEN29=\"CPU\",VLOOKUP(AEK29,COMPOSIÇÃO,5,0),VLOOKUP(AEK29,COTAÇÃO,8,0))))","v":"HORA"},0.5,{"$f":"IF(AEN29=\"SINAPI\",VLOOKUP(AEK29,SINAPI,4,0),IF(AEN29=\"SETOP\",VLOOKUP(AEK29,SETOP,5,0),IF(AEN29=\"CPU\",VLOOKUP(AEK29,COMPOSIÇÃO,8,0),VLOOKUP(AEK29,COTAÇÃO,11,0))))","v":19.149999999999999},{"$f":"AEP29*AEQ29","v":9.5749999999999993},"ED-50374",{"$f":"IF(AEV29=\"SINAPI\",VLOOKUP(AES29,SINAPI,2,0),IF(AEV29=\"SETOP\",VLOOKUP(AES29,SETOP,3,0),IF(AEV29=\"CPU\",VLOOKUP(AES29,COMPOSIÇÃO,2,0),VLOOKUP(AES29,COTAÇÃO,3,0))))","v":"BOMBEIRO/ENCANADOR COM ENCARGOS COMPLEMENTARES"},null,"SETOP",{"$f":"IF(AEV29=\"SINAPI\",VLOOKUP(AES29,SINAPI,3,0),IF(AEV29=\"SETOP\",VLOOKUP(AES29,SETOP,4,0),IF(AEV29=\"CPU\",VLOOKUP(AES29,COMPOSIÇÃO,5,0),VLOOKUP(AES29,COTAÇÃO,8,0))))","v":"HORA"},0.5,{"$f":"IF(AEV29=\"SINAPI\",VLOOKUP(AES29,SINAPI,4,0),IF(AEV29=\"SETOP\",VLOOKUP(AES29,SETOP,5,0),IF(AEV29=\"CPU\",VLOOKUP(AES29,COMPOSIÇÃO,8,0),VLOOKUP(AES29,COTAÇÃO,11,0))))","v":19.149999999999999},{"$f":"AEX29*AEY29","v":9.5749999999999993},"ED-50374",{"$f":"IF(AFD29=\"SINAPI\",VLOOKUP(AFA29,SINAPI,2,0),IF(AFD29=\"SETOP\",VLOOKUP(AFA29,SETOP,3,0),IF(AFD29=\"CPU\",VLOOKUP(AFA29,COMPOSIÇÃO,2,0),VLOOKUP(AFA29,COTAÇÃO,3,0))))","v":"BOMBEIRO/ENCANADOR COM ENCARGOS COMPLEMENTARES"},null,"SETOP",{"$f":"IF(AFD29=\"SINAPI\",VLOOKUP(AFA29,SINAPI,3,0),IF(AFD29=\"SETOP\",VLOOKUP(AFA29,SETOP,4,0),IF(AFD29=\"CPU\",VLOOKUP(AFA29,COMPOSIÇÃO,5,0),VLOOKUP(AFA29,COTAÇÃO,8,0))))","v":"HORA"},0.5,{"$f":"IF(AFD29=\"SINAPI\",VLOOKUP(AFA29,SINAPI,4,0),IF(AFD29=\"SETOP\",VLOOKUP(AFA29,SETOP,5,0),IF(AFD29=\"CPU\",VLOOKUP(AFA29,COMPOSIÇÃO,8,0),VLOOKUP(AFA29,COTAÇÃO,11,0))))","v":19.149999999999999},{"$f":"AFF29*AFG29","v":9.5749999999999993},"ED-50374",{"$f":"IF(AFL29=\"SINAPI\",VLOOKUP(AFI29,SINAPI,2,0),IF(AFL29=\"SETOP\",VLOOKUP(AFI29,SETOP,3,0),IF(AFL29=\"CPU\",VLOOKUP(AFI29,COMPOSIÇÃO,2,0),VLOOKUP(AFI29,COTAÇÃO,3,0))))","v":"BOMBEIRO/ENCANADOR COM ENCARGOS COMPLEMENTARES"},null,"SETOP",{"$f":"IF(AFL29=\"SINAPI\",VLOOKUP(AFI29,SINAPI,3,0),IF(AFL29=\"SETOP\",VLOOKUP(AFI29,SETOP,4,0),IF(AFL29=\"CPU\",VLOOKUP(AFI29,COMPOSIÇÃO,5,0),VLOOKUP(AFI29,COTAÇÃO,8,0))))","v":"HORA"},0.5,{"$f":"IF(AFL29=\"SINAPI\",VLOOKUP(AFI29,SINAPI,4,0),IF(AFL29=\"SETOP\",VLOOKUP(AFI29,SETOP,5,0),IF(AFL29=\"CPU\",VLOOKUP(AFI29,COMPOSIÇÃO,8,0),VLOOKUP(AFI29,COTAÇÃO,11,0))))","v":19.149999999999999},{"$f":"AFN29*AFO29","v":9.5749999999999993},"ED-50374",{"$f":"IF(AFT29=\"SINAPI\",VLOOKUP(AFQ29,SINAPI,2,0),IF(AFT29=\"SETOP\",VLOOKUP(AFQ29,SETOP,3,0),IF(AFT29=\"CPU\",VLOOKUP(AFQ29,COMPOSIÇÃO,2,0),VLOOKUP(AFQ29,COTAÇÃO,3,0))))","v":"BOMBEIRO/ENCANADOR COM ENCARGOS COMPLEMENTARES"},null,"SETOP",{"$f":"IF(AFT29=\"SINAPI\",VLOOKUP(AFQ29,SINAPI,3,0),IF(AFT29=\"SETOP\",VLOOKUP(AFQ29,SETOP,4,0),IF(AFT29=\"CPU\",VLOOKUP(AFQ29,COMPOSIÇÃO,5,0),VLOOKUP(AFQ29,COTAÇÃO,8,0))))","v":"HORA"},0.5,{"$f":"IF(AFT29=\"SINAPI\",VLOOKUP(AFQ29,SINAPI,4,0),IF(AFT29=\"SETOP\",VLOOKUP(AFQ29,SETOP,5,0),IF(AFT29=\"CPU\",VLOOKUP(AFQ29,COMPOSIÇÃO,8,0),VLOOKUP(AFQ29,COTAÇÃO,11,0))))","v":19.149999999999999},{"$f":"AFV29*AFW29","v":9.5749999999999993},"ED-50374",{"$f":"IF(AGB29=\"SINAPI\",VLOOKUP(AFY29,SINAPI,2,0),IF(AGB29=\"SETOP\",VLOOKUP(AFY29,SETOP,3,0),IF(AGB29=\"CPU\",VLOOKUP(AFY29,COMPOSIÇÃO,2,0),VLOOKUP(AFY29,COTAÇÃO,3,0))))","v":"BOMBEIRO/ENCANADOR COM ENCARGOS COMPLEMENTARES"},null,"SETOP",{"$f":"IF(AGB29=\"SINAPI\",VLOOKUP(AFY29,SINAPI,3,0),IF(AGB29=\"SETOP\",VLOOKUP(AFY29,SETOP,4,0),IF(AGB29=\"CPU\",VLOOKUP(AFY29,COMPOSIÇÃO,5,0),VLOOKUP(AFY29,COTAÇÃO,8,0))))","v":"HORA"},0.5,{"$f":"IF(AGB29=\"SINAPI\",VLOOKUP(AFY29,SINAPI,4,0),IF(AGB29=\"SETOP\",VLOOKUP(AFY29,SETOP,5,0),IF(AGB29=\"CPU\",VLOOKUP(AFY29,COMPOSIÇÃO,8,0),VLOOKUP(AFY29,COTAÇÃO,11,0))))","v":19.149999999999999},{"$f":"AGD29*AGE29","v":9.5749999999999993},"ED-50374",{"$f":"IF(AGJ29=\"SINAPI\",VLOOKUP(AGG29,SINAPI,2,0),IF(AGJ29=\"SETOP\",VLOOKUP(AGG29,SETOP,3,0),IF(AGJ29=\"CPU\",VLOOKUP(AGG29,COMPOSIÇÃO,2,0),VLOOKUP(AGG29,COTAÇÃO,3,0))))","v":"BOMBEIRO/ENCANADOR COM ENCARGOS COMPLEMENTARES"},null,"SETOP",{"$f":"IF(AGJ29=\"SINAPI\",VLOOKUP(AGG29,SINAPI,3,0),IF(AGJ29=\"SETOP\",VLOOKUP(AGG29,SETOP,4,0),IF(AGJ29=\"CPU\",VLOOKUP(AGG29,COMPOSIÇÃO,5,0),VLOOKUP(AGG29,COTAÇÃO,8,0))))","v":"HORA"},0.5,{"$f":"IF(AGJ29=\"SINAPI\",VLOOKUP(AGG29,SINAPI,4,0),IF(AGJ29=\"SETOP\",VLOOKUP(AGG29,SETOP,5,0),IF(AGJ29=\"CPU\",VLOOKUP(AGG29,COMPOSIÇÃO,8,0),VLOOKUP(AGG29,COTAÇÃO,11,0))))","v":19.149999999999999},{"$f":"AGL29*AGM29","v":9.5749999999999993},"ED-50374",{"$f":"IF(AGR29=\"SINAPI\",VLOOKUP(AGO29,SINAPI,2,0),IF(AGR29=\"SETOP\",VLOOKUP(AGO29,SETOP,3,0),IF(AGR29=\"CPU\",VLOOKUP(AGO29,COMPOSIÇÃO,2,0),VLOOKUP(AGO29,COTAÇÃO,3,0))))","v":"BOMBEIRO/ENCANADOR COM ENCARGOS COMPLEMENTARES"},null,"SETOP",{"$f":"IF(AGR29=\"SINAPI\",VLOOKUP(AGO29,SINAPI,3,0),IF(AGR29=\"SETOP\",VLOOKUP(AGO29,SETOP,4,0),IF(AGR29=\"CPU\",VLOOKUP(AGO29,COMPOSIÇÃO,5,0),VLOOKUP(AGO29,COTAÇÃO,8,0))))","v":"HORA"},0.5,{"$f":"IF(AGR29=\"SINAPI\",VLOOKUP(AGO29,SINAPI,4,0),IF(AGR29=\"SETOP\",VLOOKUP(AGO29,SETOP,5,0),IF(AGR29=\"CPU\",VLOOKUP(AGO29,COMPOSIÇÃO,8,0),VLOOKUP(AGO29,COTAÇÃO,11,0))))","v":19.149999999999999},{"$f":"AGT29*AGU29","v":9.5749999999999993},"ED-50374",{"$f":"IF(AGZ29=\"SINAPI\",VLOOKUP(AGW29,SINAPI,2,0),IF(AGZ29=\"SETOP\",VLOOKUP(AGW29,SETOP,3,0),IF(AGZ29=\"CPU\",VLOOKUP(AGW29,COMPOSIÇÃO,2,0),VLOOKUP(AGW29,COTAÇÃO,3,0))))","v":"BOMBEIRO/ENCANADOR COM ENCARGOS COMPLEMENTARES"},null,"SETOP",{"$f":"IF(AGZ29=\"SINAPI\",VLOOKUP(AGW29,SINAPI,3,0),IF(AGZ29=\"SETOP\",VLOOKUP(AGW29,SETOP,4,0),IF(AGZ29=\"CPU\",VLOOKUP(AGW29,COMPOSIÇÃO,5,0),VLOOKUP(AGW29,COTAÇÃO,8,0))))","v":"HORA"},0.5,{"$f":"IF(AGZ29=\"SINAPI\",VLOOKUP(AGW29,SINAPI,4,0),IF(AGZ29=\"SETOP\",VLOOKUP(AGW29,SETOP,5,0),IF(AGZ29=\"CPU\",VLOOKUP(AGW29,COMPOSIÇÃO,8,0),VLOOKUP(AGW29,COTAÇÃO,11,0))))","v":19.149999999999999},{"$f":"AHB29*AHC29","v":9.5749999999999993},"ED-50374",{"$f":"IF(AHH29=\"SINAPI\",VLOOKUP(AHE29,SINAPI,2,0),IF(AHH29=\"SETOP\",VLOOKUP(AHE29,SETOP,3,0),IF(AHH29=\"CPU\",VLOOKUP(AHE29,COMPOSIÇÃO,2,0),VLOOKUP(AHE29,COTAÇÃO,3,0))))","v":"BOMBEIRO/ENCANADOR COM ENCARGOS COMPLEMENTARES"},null,"SETOP",{"$f":"IF(AHH29=\"SINAPI\",VLOOKUP(AHE29,SINAPI,3,0),IF(AHH29=\"SETOP\",VLOOKUP(AHE29,SETOP,4,0),IF(AHH29=\"CPU\",VLOOKUP(AHE29,COMPOSIÇÃO,5,0),VLOOKUP(AHE29,COTAÇÃO,8,0))))","v":"HORA"},0.5,{"$f":"IF(AHH29=\"SINAPI\",VLOOKUP(AHE29,SINAPI,4,0),IF(AHH29=\"SETOP\",VLOOKUP(AHE29,SETOP,5,0),IF(AHH29=\"CPU\",VLOOKUP(AHE29,COMPOSIÇÃO,8,0),VLOOKUP(AHE29,COTAÇÃO,11,0))))","v":19.149999999999999},{"$f":"AHJ29*AHK29","v":9.5749999999999993},"ED-50374",{"$f":"IF(AHP29=\"SINAPI\",VLOOKUP(AHM29,SINAPI,2,0),IF(AHP29=\"SETOP\",VLOOKUP(AHM29,SETOP,3,0),IF(AHP29=\"CPU\",VLOOKUP(AHM29,COMPOSIÇÃO,2,0),VLOOKUP(AHM29,COTAÇÃO,3,0))))","v":"BOMBEIRO/ENCANADOR COM ENCARGOS COMPLEMENTARES"},null,"SETOP",{"$f":"IF(AHP29=\"SINAPI\",VLOOKUP(AHM29,SINAPI,3,0),IF(AHP29=\"SETOP\",VLOOKUP(AHM29,SETOP,4,0),IF(AHP29=\"CPU\",VLOOKUP(AHM29,COMPOSIÇÃO,5,0),VLOOKUP(AHM29,COTAÇÃO,8,0))))","v":"HORA"},0.5,{"$f":"IF(AHP29=\"SINAPI\",VLOOKUP(AHM29,SINAPI,4,0),IF(AHP29=\"SETOP\",VLOOKUP(AHM29,SETOP,5,0),IF(AHP29=\"CPU\",VLOOKUP(AHM29,COMPOSIÇÃO,8,0),VLOOKUP(AHM29,COTAÇÃO,11,0))))","v":19.149999999999999},{"$f":"AHR29*AHS29","v":9.5749999999999993},"ED-50374",{"$f":"IF(AHX29=\"SINAPI\",VLOOKUP(AHU29,SINAPI,2,0),IF(AHX29=\"SETOP\",VLOOKUP(AHU29,SETOP,3,0),IF(AHX29=\"CPU\",VLOOKUP(AHU29,COMPOSIÇÃO,2,0),VLOOKUP(AHU29,COTAÇÃO,3,0))))","v":"BOMBEIRO/ENCANADOR COM ENCARGOS COMPLEMENTARES"},null,"SETOP",{"$f":"IF(AHX29=\"SINAPI\",VLOOKUP(AHU29,SINAPI,3,0),IF(AHX29=\"SETOP\",VLOOKUP(AHU29,SETOP,4,0),IF(AHX29=\"CPU\",VLOOKUP(AHU29,COMPOSIÇÃO,5,0),VLOOKUP(AHU29,COTAÇÃO,8,0))))","v":"HORA"},0.5,{"$f":"IF(AHX29=\"SINAPI\",VLOOKUP(AHU29,SINAPI,4,0),IF(AHX29=\"SETOP\",VLOOKUP(AHU29,SETOP,5,0),IF(AHX29=\"CPU\",VLOOKUP(AHU29,COMPOSIÇÃO,8,0),VLOOKUP(AHU29,COTAÇÃO,11,0))))","v":19.149999999999999},{"$f":"AHZ29*AIA29","v":9.5749999999999993},"ED-50374",{"$f":"IF(AIF29=\"SINAPI\",VLOOKUP(AIC29,SINAPI,2,0),IF(AIF29=\"SETOP\",VLOOKUP(AIC29,SETOP,3,0),IF(AIF29=\"CPU\",VLOOKUP(AIC29,COMPOSIÇÃO,2,0),VLOOKUP(AIC29,COTAÇÃO,3,0))))","v":"BOMBEIRO/ENCANADOR COM ENCARGOS COMPLEMENTARES"},null,"SETOP",{"$f":"IF(AIF29=\"SINAPI\",VLOOKUP(AIC29,SINAPI,3,0),IF(AIF29=\"SETOP\",VLOOKUP(AIC29,SETOP,4,0),IF(AIF29=\"CPU\",VLOOKUP(AIC29,COMPOSIÇÃO,5,0),VLOOKUP(AIC29,COTAÇÃO,8,0))))","v":"HORA"},0.5,{"$f":"IF(AIF29=\"SINAPI\",VLOOKUP(AIC29,SINAPI,4,0),IF(AIF29=\"SETOP\",VLOOKUP(AIC29,SETOP,5,0),IF(AIF29=\"CPU\",VLOOKUP(AIC29,COMPOSIÇÃO,8,0),VLOOKUP(AIC29,COTAÇÃO,11,0))))","v":19.149999999999999},{"$f":"AIH29*AII29","v":9.5749999999999993},"ED-50374",{"$f":"IF(AIN29=\"SINAPI\",VLOOKUP(AIK29,SINAPI,2,0),IF(AIN29=\"SETOP\",VLOOKUP(AIK29,SETOP,3,0),IF(AIN29=\"CPU\",VLOOKUP(AIK29,COMPOSIÇÃO,2,0),VLOOKUP(AIK29,COTAÇÃO,3,0))))","v":"BOMBEIRO/ENCANADOR COM ENCARGOS COMPLEMENTARES"},null,"SETOP",{"$f":"IF(AIN29=\"SINAPI\",VLOOKUP(AIK29,SINAPI,3,0),IF(AIN29=\"SETOP\",VLOOKUP(AIK29,SETOP,4,0),IF(AIN29=\"CPU\",VLOOKUP(AIK29,COMPOSIÇÃO,5,0),VLOOKUP(AIK29,COTAÇÃO,8,0))))","v":"HORA"},0.5,{"$f":"IF(AIN29=\"SINAPI\",VLOOKUP(AIK29,SINAPI,4,0),IF(AIN29=\"SETOP\",VLOOKUP(AIK29,SETOP,5,0),IF(AIN29=\"CPU\",VLOOKUP(AIK29,COMPOSIÇÃO,8,0),VLOOKUP(AIK29,COTAÇÃO,11,0))))","v":19.149999999999999},{"$f":"AIP29*AIQ29","v":9.5749999999999993},"ED-50374",{"$f":"IF(AIV29=\"SINAPI\",VLOOKUP(AIS29,SINAPI,2,0),IF(AIV29=\"SETOP\",VLOOKUP(AIS29,SETOP,3,0),IF(AIV29=\"CPU\",VLOOKUP(AIS29,COMPOSIÇÃO,2,0),VLOOKUP(AIS29,COTAÇÃO,3,0))))","v":"BOMBEIRO/ENCANADOR COM ENCARGOS COMPLEMENTARES"},null,"SETOP",{"$f":"IF(AIV29=\"SINAPI\",VLOOKUP(AIS29,SINAPI,3,0),IF(AIV29=\"SETOP\",VLOOKUP(AIS29,SETOP,4,0),IF(AIV29=\"CPU\",VLOOKUP(AIS29,COMPOSIÇÃO,5,0),VLOOKUP(AIS29,COTAÇÃO,8,0))))","v":"HORA"},0.5,{"$f":"IF(AIV29=\"SINAPI\",VLOOKUP(AIS29,SINAPI,4,0),IF(AIV29=\"SETOP\",VLOOKUP(AIS29,SETOP,5,0),IF(AIV29=\"CPU\",VLOOKUP(AIS29,COMPOSIÇÃO,8,0),VLOOKUP(AIS29,COTAÇÃO,11,0))))","v":19.149999999999999},{"$f":"AIX29*AIY29","v":9.5749999999999993},"ED-50374",{"$f":"IF(AJD29=\"SINAPI\",VLOOKUP(AJA29,SINAPI,2,0),IF(AJD29=\"SETOP\",VLOOKUP(AJA29,SETOP,3,0),IF(AJD29=\"CPU\",VLOOKUP(AJA29,COMPOSIÇÃO,2,0),VLOOKUP(AJA29,COTAÇÃO,3,0))))","v":"BOMBEIRO/ENCANADOR COM ENCARGOS COMPLEMENTARES"},null,"SETOP",{"$f":"IF(AJD29=\"SINAPI\",VLOOKUP(AJA29,SINAPI,3,0),IF(AJD29=\"SETOP\",VLOOKUP(AJA29,SETOP,4,0),IF(AJD29=\"CPU\",VLOOKUP(AJA29,COMPOSIÇÃO,5,0),VLOOKUP(AJA29,COTAÇÃO,8,0))))","v":"HORA"},0.5,{"$f":"IF(AJD29=\"SINAPI\",VLOOKUP(AJA29,SINAPI,4,0),IF(AJD29=\"SETOP\",VLOOKUP(AJA29,SETOP,5,0),IF(AJD29=\"CPU\",VLOOKUP(AJA29,COMPOSIÇÃO,8,0),VLOOKUP(AJA29,COTAÇÃO,11,0))))","v":19.149999999999999},{"$f":"AJF29*AJG29","v":9.5749999999999993},"ED-50374",{"$f":"IF(AJL29=\"SINAPI\",VLOOKUP(AJI29,SINAPI,2,0),IF(AJL29=\"SETOP\",VLOOKUP(AJI29,SETOP,3,0),IF(AJL29=\"CPU\",VLOOKUP(AJI29,COMPOSIÇÃO,2,0),VLOOKUP(AJI29,COTAÇÃO,3,0))))","v":"BOMBEIRO/ENCANADOR COM ENCARGOS COMPLEMENTARES"},null,"SETOP",{"$f":"IF(AJL29=\"SINAPI\",VLOOKUP(AJI29,SINAPI,3,0),IF(AJL29=\"SETOP\",VLOOKUP(AJI29,SETOP,4,0),IF(AJL29=\"CPU\",VLOOKUP(AJI29,COMPOSIÇÃO,5,0),VLOOKUP(AJI29,COTAÇÃO,8,0))))","v":"HORA"},0.5,{"$f":"IF(AJL29=\"SINAPI\",VLOOKUP(AJI29,SINAPI,4,0),IF(AJL29=\"SETOP\",VLOOKUP(AJI29,SETOP,5,0),IF(AJL29=\"CPU\",VLOOKUP(AJI29,COMPOSIÇÃO,8,0),VLOOKUP(AJI29,COTAÇÃO,11,0))))","v":19.149999999999999},{"$f":"AJN29*AJO29","v":9.5749999999999993},"ED-50374",{"$f":"IF(AJT29=\"SINAPI\",VLOOKUP(AJQ29,SINAPI,2,0),IF(AJT29=\"SETOP\",VLOOKUP(AJQ29,SETOP,3,0),IF(AJT29=\"CPU\",VLOOKUP(AJQ29,COMPOSIÇÃO,2,0),VLOOKUP(AJQ29,COTAÇÃO,3,0))))","v":"BOMBEIRO/ENCANADOR COM ENCARGOS COMPLEMENTARES"},null,"SETOP",{"$f":"IF(AJT29=\"SINAPI\",VLOOKUP(AJQ29,SINAPI,3,0),IF(AJT29=\"SETOP\",VLOOKUP(AJQ29,SETOP,4,0),IF(AJT29=\"CPU\",VLOOKUP(AJQ29,COMPOSIÇÃO,5,0),VLOOKUP(AJQ29,COTAÇÃO,8,0))))","v":"HORA"},0.5,{"$f":"IF(AJT29=\"SINAPI\",VLOOKUP(AJQ29,SINAPI,4,0),IF(AJT29=\"SETOP\",VLOOKUP(AJQ29,SETOP,5,0),IF(AJT29=\"CPU\",VLOOKUP(AJQ29,COMPOSIÇÃO,8,0),VLOOKUP(AJQ29,COTAÇÃO,11,0))))","v":19.149999999999999},{"$f":"AJV29*AJW29","v":9.5749999999999993},"ED-50374",{"$f":"IF(AKB29=\"SINAPI\",VLOOKUP(AJY29,SINAPI,2,0),IF(AKB29=\"SETOP\",VLOOKUP(AJY29,SETOP,3,0),IF(AKB29=\"CPU\",VLOOKUP(AJY29,COMPOSIÇÃO,2,0),VLOOKUP(AJY29,COTAÇÃO,3,0))))","v":"BOMBEIRO/ENCANADOR COM ENCARGOS COMPLEMENTARES"},null,"SETOP",{"$f":"IF(AKB29=\"SINAPI\",VLOOKUP(AJY29,SINAPI,3,0),IF(AKB29=\"SETOP\",VLOOKUP(AJY29,SETOP,4,0),IF(AKB29=\"CPU\",VLOOKUP(AJY29,COMPOSIÇÃO,5,0),VLOOKUP(AJY29,COTAÇÃO,8,0))))","v":"HORA"},0.5,{"$f":"IF(AKB29=\"SINAPI\",VLOOKUP(AJY29,SINAPI,4,0),IF(AKB29=\"SETOP\",VLOOKUP(AJY29,SETOP,5,0),IF(AKB29=\"CPU\",VLOOKUP(AJY29,COMPOSIÇÃO,8,0),VLOOKUP(AJY29,COTAÇÃO,11,0))))","v":19.149999999999999},{"$f":"AKD29*AKE29","v":9.5749999999999993},"ED-50374",{"$f":"IF(AKJ29=\"SINAPI\",VLOOKUP(AKG29,SINAPI,2,0),IF(AKJ29=\"SETOP\",VLOOKUP(AKG29,SETOP,3,0),IF(AKJ29=\"CPU\",VLOOKUP(AKG29,COMPOSIÇÃO,2,0),VLOOKUP(AKG29,COTAÇÃO,3,0))))","v":"BOMBEIRO/ENCANADOR COM ENCARGOS COMPLEMENTARES"},null,"SETOP",{"$f":"IF(AKJ29=\"SINAPI\",VLOOKUP(AKG29,SINAPI,3,0),IF(AKJ29=\"SETOP\",VLOOKUP(AKG29,SETOP,4,0),IF(AKJ29=\"CPU\",VLOOKUP(AKG29,COMPOSIÇÃO,5,0),VLOOKUP(AKG29,COTAÇÃO,8,0))))","v":"HORA"},0.5,{"$f":"IF(AKJ29=\"SINAPI\",VLOOKUP(AKG29,SINAPI,4,0),IF(AKJ29=\"SETOP\",VLOOKUP(AKG29,SETOP,5,0),IF(AKJ29=\"CPU\",VLOOKUP(AKG29,COMPOSIÇÃO,8,0),VLOOKUP(AKG29,COTAÇÃO,11,0))))","v":19.149999999999999},{"$f":"AKL29*AKM29","v":9.5749999999999993},"ED-50374",{"$f":"IF(AKR29=\"SINAPI\",VLOOKUP(AKO29,SINAPI,2,0),IF(AKR29=\"SETOP\",VLOOKUP(AKO29,SETOP,3,0),IF(AKR29=\"CPU\",VLOOKUP(AKO29,COMPOSIÇÃO,2,0),VLOOKUP(AKO29,COTAÇÃO,3,0))))","v":"BOMBEIRO/ENCANADOR COM ENCARGOS COMPLEMENTARES"},null,"SETOP",{"$f":"IF(AKR29=\"SINAPI\",VLOOKUP(AKO29,SINAPI,3,0),IF(AKR29=\"SETOP\",VLOOKUP(AKO29,SETOP,4,0),IF(AKR29=\"CPU\",VLOOKUP(AKO29,COMPOSIÇÃO,5,0),VLOOKUP(AKO29,COTAÇÃO,8,0))))","v":"HORA"},0.5,{"$f":"IF(AKR29=\"SINAPI\",VLOOKUP(AKO29,SINAPI,4,0),IF(AKR29=\"SETOP\",VLOOKUP(AKO29,SETOP,5,0),IF(AKR29=\"CPU\",VLOOKUP(AKO29,COMPOSIÇÃO,8,0),VLOOKUP(AKO29,COTAÇÃO,11,0))))","v":19.149999999999999},{"$f":"AKT29*AKU29","v":9.5749999999999993},"ED-50374",{"$f":"IF(AKZ29=\"SINAPI\",VLOOKUP(AKW29,SINAPI,2,0),IF(AKZ29=\"SETOP\",VLOOKUP(AKW29,SETOP,3,0),IF(AKZ29=\"CPU\",VLOOKUP(AKW29,COMPOSIÇÃO,2,0),VLOOKUP(AKW29,COTAÇÃO,3,0))))","v":"BOMBEIRO/ENCANADOR COM ENCARGOS COMPLEMENTARES"},null,"SETOP",{"$f":"IF(AKZ29=\"SINAPI\",VLOOKUP(AKW29,SINAPI,3,0),IF(AKZ29=\"SETOP\",VLOOKUP(AKW29,SETOP,4,0),IF(AKZ29=\"CPU\",VLOOKUP(AKW29,COMPOSIÇÃO,5,0),VLOOKUP(AKW29,COTAÇÃO,8,0))))","v":"HORA"},0.5,{"$f":"IF(AKZ29=\"SINAPI\",VLOOKUP(AKW29,SINAPI,4,0),IF(AKZ29=\"SETOP\",VLOOKUP(AKW29,SETOP,5,0),IF(AKZ29=\"CPU\",VLOOKUP(AKW29,COMPOSIÇÃO,8,0),VLOOKUP(AKW29,COTAÇÃO,11,0))))","v":19.149999999999999},{"$f":"ALB29*ALC29","v":9.5749999999999993},"ED-50374",{"$f":"IF(ALH29=\"SINAPI\",VLOOKUP(ALE29,SINAPI,2,0),IF(ALH29=\"SETOP\",VLOOKUP(ALE29,SETOP,3,0),IF(ALH29=\"CPU\",VLOOKUP(ALE29,COMPOSIÇÃO,2,0),VLOOKUP(ALE29,COTAÇÃO,3,0))))","v":"BOMBEIRO/ENCANADOR COM ENCARGOS COMPLEMENTARES"},null,"SETOP",{"$f":"IF(ALH29=\"SINAPI\",VLOOKUP(ALE29,SINAPI,3,0),IF(ALH29=\"SETOP\",VLOOKUP(ALE29,SETOP,4,0),IF(ALH29=\"CPU\",VLOOKUP(ALE29,COMPOSIÇÃO,5,0),VLOOKUP(ALE29,COTAÇÃO,8,0))))","v":"HORA"},0.5,{"$f":"IF(ALH29=\"SINAPI\",VLOOKUP(ALE29,SINAPI,4,0),IF(ALH29=\"SETOP\",VLOOKUP(ALE29,SETOP,5,0),IF(ALH29=\"CPU\",VLOOKUP(ALE29,COMPOSIÇÃO,8,0),VLOOKUP(ALE29,COTAÇÃO,11,0))))","v":19.149999999999999},{"$f":"ALJ29*ALK29","v":9.5749999999999993},"ED-50374",{"$f":"IF(ALP29=\"SINAPI\",VLOOKUP(ALM29,SINAPI,2,0),IF(ALP29=\"SETOP\",VLOOKUP(ALM29,SETOP,3,0),IF(ALP29=\"CPU\",VLOOKUP(ALM29,COMPOSIÇÃO,2,0),VLOOKUP(ALM29,COTAÇÃO,3,0))))","v":"BOMBEIRO/ENCANADOR COM ENCARGOS COMPLEMENTARES"},null,"SETOP",{"$f":"IF(ALP29=\"SINAPI\",VLOOKUP(ALM29,SINAPI,3,0),IF(ALP29=\"SETOP\",VLOOKUP(ALM29,SETOP,4,0),IF(ALP29=\"CPU\",VLOOKUP(ALM29,COMPOSIÇÃO,5,0),VLOOKUP(ALM29,COTAÇÃO,8,0))))","v":"HORA"},0.5,{"$f":"IF(ALP29=\"SINAPI\",VLOOKUP(ALM29,SINAPI,4,0),IF(ALP29=\"SETOP\",VLOOKUP(ALM29,SETOP,5,0),IF(ALP29=\"CPU\",VLOOKUP(ALM29,COMPOSIÇÃO,8,0),VLOOKUP(ALM29,COTAÇÃO,11,0))))","v":19.149999999999999},{"$f":"ALR29*ALS29","v":9.5749999999999993},"ED-50374",{"$f":"IF(ALX29=\"SINAPI\",VLOOKUP(ALU29,SINAPI,2,0),IF(ALX29=\"SETOP\",VLOOKUP(ALU29,SETOP,3,0),IF(ALX29=\"CPU\",VLOOKUP(ALU29,COMPOSIÇÃO,2,0),VLOOKUP(ALU29,COTAÇÃO,3,0))))","v":"BOMBEIRO/ENCANADOR COM ENCARGOS COMPLEMENTARES"},null,"SETOP",{"$f":"IF(ALX29=\"SINAPI\",VLOOKUP(ALU29,SINAPI,3,0),IF(ALX29=\"SETOP\",VLOOKUP(ALU29,SETOP,4,0),IF(ALX29=\"CPU\",VLOOKUP(ALU29,COMPOSIÇÃO,5,0),VLOOKUP(ALU29,COTAÇÃO,8,0))))","v":"HORA"},0.5,{"$f":"IF(ALX29=\"SINAPI\",VLOOKUP(ALU29,SINAPI,4,0),IF(ALX29=\"SETOP\",VLOOKUP(ALU29,SETOP,5,0),IF(ALX29=\"CPU\",VLOOKUP(ALU29,COMPOSIÇÃO,8,0),VLOOKUP(ALU29,COTAÇÃO,11,0))))","v":19.149999999999999},{"$f":"ALZ29*AMA29","v":9.5749999999999993},"ED-50374",{"$f":"IF(AMF29=\"SINAPI\",VLOOKUP(AMC29,SINAPI,2,0),IF(AMF29=\"SETOP\",VLOOKUP(AMC29,SETOP,3,0),IF(AMF29=\"CPU\",VLOOKUP(AMC29,COMPOSIÇÃO,2,0),VLOOKUP(AMC29,COTAÇÃO,3,0))))","v":"BOMBEIRO/ENCANADOR COM ENCARGOS COMPLEMENTARES"},null,"SETOP",{"$f":"IF(AMF29=\"SINAPI\",VLOOKUP(AMC29,SINAPI,3,0),IF(AMF29=\"SETOP\",VLOOKUP(AMC29,SETOP,4,0),IF(AMF29=\"CPU\",VLOOKUP(AMC29,COMPOSIÇÃO,5,0),VLOOKUP(AMC29,COTAÇÃO,8,0))))","v":"HORA"},0.5,{"$f":"IF(AMF29=\"SINAPI\",VLOOKUP(AMC29,SINAPI,4,0),IF(AMF29=\"SETOP\",VLOOKUP(AMC29,SETOP,5,0),IF(AMF29=\"CPU\",VLOOKUP(AMC29,COMPOSIÇÃO,8,0),VLOOKUP(AMC29,COTAÇÃO,11,0))))","v":19.149999999999999},{"$f":"AMH29*AMI29","v":9.5749999999999993},"ED-50374",{"$f":"IF(AMN29=\"SINAPI\",VLOOKUP(AMK29,SINAPI,2,0),IF(AMN29=\"SETOP\",VLOOKUP(AMK29,SETOP,3,0),IF(AMN29=\"CPU\",VLOOKUP(AMK29,COMPOSIÇÃO,2,0),VLOOKUP(AMK29,COTAÇÃO,3,0))))","v":"BOMBEIRO/ENCANADOR COM ENCARGOS COMPLEMENTARES"},null,"SETOP",{"$f":"IF(AMN29=\"SINAPI\",VLOOKUP(AMK29,SINAPI,3,0),IF(AMN29=\"SETOP\",VLOOKUP(AMK29,SETOP,4,0),IF(AMN29=\"CPU\",VLOOKUP(AMK29,COMPOSIÇÃO,5,0),VLOOKUP(AMK29,COTAÇÃO,8,0))))","v":"HORA"},0.5,{"$f":"IF(AMN29=\"SINAPI\",VLOOKUP(AMK29,SINAPI,4,0),IF(AMN29=\"SETOP\",VLOOKUP(AMK29,SETOP,5,0),IF(AMN29=\"CPU\",VLOOKUP(AMK29,COMPOSIÇÃO,8,0),VLOOKUP(AMK29,COTAÇÃO,11,0))))","v":19.149999999999999},{"$f":"AMP29*AMQ29","v":9.5749999999999993},"ED-50374",{"$f":"IF(AMV29=\"SINAPI\",VLOOKUP(AMS29,SINAPI,2,0),IF(AMV29=\"SETOP\",VLOOKUP(AMS29,SETOP,3,0),IF(AMV29=\"CPU\",VLOOKUP(AMS29,COMPOSIÇÃO,2,0),VLOOKUP(AMS29,COTAÇÃO,3,0))))","v":"BOMBEIRO/ENCANADOR COM ENCARGOS COMPLEMENTARES"},null,"SETOP",{"$f":"IF(AMV29=\"SINAPI\",VLOOKUP(AMS29,SINAPI,3,0),IF(AMV29=\"SETOP\",VLOOKUP(AMS29,SETOP,4,0),IF(AMV29=\"CPU\",VLOOKUP(AMS29,COMPOSIÇÃO,5,0),VLOOKUP(AMS29,COTAÇÃO,8,0))))","v":"HORA"},0.5,{"$f":"IF(AMV29=\"SINAPI\",VLOOKUP(AMS29,SINAPI,4,0),IF(AMV29=\"SETOP\",VLOOKUP(AMS29,SETOP,5,0),IF(AMV29=\"CPU\",VLOOKUP(AMS29,COMPOSIÇÃO,8,0),VLOOKUP(AMS29,COTAÇÃO,11,0))))","v":19.149999999999999},{"$f":"AMX29*AMY29","v":9.5749999999999993},"ED-50374",{"$f":"IF(AND29=\"SINAPI\",VLOOKUP(ANA29,SINAPI,2,0),IF(AND29=\"SETOP\",VLOOKUP(ANA29,SETOP,3,0),IF(AND29=\"CPU\",VLOOKUP(ANA29,COMPOSIÇÃO,2,0),VLOOKUP(ANA29,COTAÇÃO,3,0))))","v":"BOMBEIRO/ENCANADOR COM ENCARGOS COMPLEMENTARES"},null,"SETOP",{"$f":"IF(AND29=\"SINAPI\",VLOOKUP(ANA29,SINAPI,3,0),IF(AND29=\"SETOP\",VLOOKUP(ANA29,SETOP,4,0),IF(AND29=\"CPU\",VLOOKUP(ANA29,COMPOSIÇÃO,5,0),VLOOKUP(ANA29,COTAÇÃO,8,0))))","v":"HORA"},0.5,{"$f":"IF(AND29=\"SINAPI\",VLOOKUP(ANA29,SINAPI,4,0),IF(AND29=\"SETOP\",VLOOKUP(ANA29,SETOP,5,0),IF(AND29=\"CPU\",VLOOKUP(ANA29,COMPOSIÇÃO,8,0),VLOOKUP(ANA29,COTAÇÃO,11,0))))","v":19.149999999999999},{"$f":"ANF29*ANG29","v":9.5749999999999993},"ED-50374",{"$f":"IF(ANL29=\"SINAPI\",VLOOKUP(ANI29,SINAPI,2,0),IF(ANL29=\"SETOP\",VLOOKUP(ANI29,SETOP,3,0),IF(ANL29=\"CPU\",VLOOKUP(ANI29,COMPOSIÇÃO,2,0),VLOOKUP(ANI29,COTAÇÃO,3,0))))","v":"BOMBEIRO/ENCANADOR COM ENCARGOS COMPLEMENTARES"},null,"SETOP",{"$f":"IF(ANL29=\"SINAPI\",VLOOKUP(ANI29,SINAPI,3,0),IF(ANL29=\"SETOP\",VLOOKUP(ANI29,SETOP,4,0),IF(ANL29=\"CPU\",VLOOKUP(ANI29,COMPOSIÇÃO,5,0),VLOOKUP(ANI29,COTAÇÃO,8,0))))","v":"HORA"},0.5,{"$f":"IF(ANL29=\"SINAPI\",VLOOKUP(ANI29,SINAPI,4,0),IF(ANL29=\"SETOP\",VLOOKUP(ANI29,SETOP,5,0),IF(ANL29=\"CPU\",VLOOKUP(ANI29,COMPOSIÇÃO,8,0),VLOOKUP(ANI29,COTAÇÃO,11,0))))","v":19.149999999999999},{"$f":"ANN29*ANO29","v":9.5749999999999993},"ED-50374",{"$f":"IF(ANT29=\"SINAPI\",VLOOKUP(ANQ29,SINAPI,2,0),IF(ANT29=\"SETOP\",VLOOKUP(ANQ29,SETOP,3,0),IF(ANT29=\"CPU\",VLOOKUP(ANQ29,COMPOSIÇÃO,2,0),VLOOKUP(ANQ29,COTAÇÃO,3,0))))","v":"BOMBEIRO/ENCANADOR COM ENCARGOS COMPLEMENTARES"},null,"SETOP",{"$f":"IF(ANT29=\"SINAPI\",VLOOKUP(ANQ29,SINAPI,3,0),IF(ANT29=\"SETOP\",VLOOKUP(ANQ29,SETOP,4,0),IF(ANT29=\"CPU\",VLOOKUP(ANQ29,COMPOSIÇÃO,5,0),VLOOKUP(ANQ29,COTAÇÃO,8,0))))","v":"HORA"},0.5,{"$f":"IF(ANT29=\"SINAPI\",VLOOKUP(ANQ29,SINAPI,4,0),IF(ANT29=\"SETOP\",VLOOKUP(ANQ29,SETOP,5,0),IF(ANT29=\"CPU\",VLOOKUP(ANQ29,COMPOSIÇÃO,8,0),VLOOKUP(ANQ29,COTAÇÃO,11,0))))","v":19.149999999999999},{"$f":"ANV29*ANW29","v":9.5749999999999993},"ED-50374",{"$f":"IF(AOB29=\"SINAPI\",VLOOKUP(ANY29,SINAPI,2,0),IF(AOB29=\"SETOP\",VLOOKUP(ANY29,SETOP,3,0),IF(AOB29=\"CPU\",VLOOKUP(ANY29,COMPOSIÇÃO,2,0),VLOOKUP(ANY29,COTAÇÃO,3,0))))","v":"BOMBEIRO/ENCANADOR COM ENCARGOS COMPLEMENTARES"},null,"SETOP",{"$f":"IF(AOB29=\"SINAPI\",VLOOKUP(ANY29,SINAPI,3,0),IF(AOB29=\"SETOP\",VLOOKUP(ANY29,SETOP,4,0),IF(AOB29=\"CPU\",VLOOKUP(ANY29,COMPOSIÇÃO,5,0),VLOOKUP(ANY29,COTAÇÃO,8,0))))","v":"HORA"},0.5,{"$f":"IF(AOB29=\"SINAPI\",VLOOKUP(ANY29,SINAPI,4,0),IF(AOB29=\"SETOP\",VLOOKUP(ANY29,SETOP,5,0),IF(AOB29=\"CPU\",VLOOKUP(ANY29,COMPOSIÇÃO,8,0),VLOOKUP(ANY29,COTAÇÃO,11,0))))","v":19.149999999999999},{"$f":"AOD29*AOE29","v":9.5749999999999993},"ED-50374",{"$f":"IF(AOJ29=\"SINAPI\",VLOOKUP(AOG29,SINAPI,2,0),IF(AOJ29=\"SETOP\",VLOOKUP(AOG29,SETOP,3,0),IF(AOJ29=\"CPU\",VLOOKUP(AOG29,COMPOSIÇÃO,2,0),VLOOKUP(AOG29,COTAÇÃO,3,0))))","v":"BOMBEIRO/ENCANADOR COM ENCARGOS COMPLEMENTARES"},null,"SETOP",{"$f":"IF(AOJ29=\"SINAPI\",VLOOKUP(AOG29,SINAPI,3,0),IF(AOJ29=\"SETOP\",VLOOKUP(AOG29,SETOP,4,0),IF(AOJ29=\"CPU\",VLOOKUP(AOG29,COMPOSIÇÃO,5,0),VLOOKUP(AOG29,COTAÇÃO,8,0))))","v":"HORA"},0.5,{"$f":"IF(AOJ29=\"SINAPI\",VLOOKUP(AOG29,SINAPI,4,0),IF(AOJ29=\"SETOP\",VLOOKUP(AOG29,SETOP,5,0),IF(AOJ29=\"CPU\",VLOOKUP(AOG29,COMPOSIÇÃO,8,0),VLOOKUP(AOG29,COTAÇÃO,11,0))))","v":19.149999999999999},{"$f":"AOL29*AOM29","v":9.5749999999999993},"ED-50374",{"$f":"IF(AOR29=\"SINAPI\",VLOOKUP(AOO29,SINAPI,2,0),IF(AOR29=\"SETOP\",VLOOKUP(AOO29,SETOP,3,0),IF(AOR29=\"CPU\",VLOOKUP(AOO29,COMPOSIÇÃO,2,0),VLOOKUP(AOO29,COTAÇÃO,3,0))))","v":"BOMBEIRO/ENCANADOR COM ENCARGOS COMPLEMENTARES"},null,"SETOP",{"$f":"IF(AOR29=\"SINAPI\",VLOOKUP(AOO29,SINAPI,3,0),IF(AOR29=\"SETOP\",VLOOKUP(AOO29,SETOP,4,0),IF(AOR29=\"CPU\",VLOOKUP(AOO29,COMPOSIÇÃO,5,0),VLOOKUP(AOO29,COTAÇÃO,8,0))))","v":"HORA"},0.5,{"$f":"IF(AOR29=\"SINAPI\",VLOOKUP(AOO29,SINAPI,4,0),IF(AOR29=\"SETOP\",VLOOKUP(AOO29,SETOP,5,0),IF(AOR29=\"CPU\",VLOOKUP(AOO29,COMPOSIÇÃO,8,0),VLOOKUP(AOO29,COTAÇÃO,11,0))))","v":19.149999999999999},{"$f":"AOT29*AOU29","v":9.5749999999999993},"ED-50374",{"$f":"IF(AOZ29=\"SINAPI\",VLOOKUP(AOW29,SINAPI,2,0),IF(AOZ29=\"SETOP\",VLOOKUP(AOW29,SETOP,3,0),IF(AOZ29=\"CPU\",VLOOKUP(AOW29,COMPOSIÇÃO,2,0),VLOOKUP(AOW29,COTAÇÃO,3,0))))","v":"BOMBEIRO/ENCANADOR COM ENCARGOS COMPLEMENTARES"},null,"SETOP",{"$f":"IF(AOZ29=\"SINAPI\",VLOOKUP(AOW29,SINAPI,3,0),IF(AOZ29=\"SETOP\",VLOOKUP(AOW29,SETOP,4,0),IF(AOZ29=\"CPU\",VLOOKUP(AOW29,COMPOSIÇÃO,5,0),VLOOKUP(AOW29,COTAÇÃO,8,0))))","v":"HORA"},0.5,{"$f":"IF(AOZ29=\"SINAPI\",VLOOKUP(AOW29,SINAPI,4,0),IF(AOZ29=\"SETOP\",VLOOKUP(AOW29,SETOP,5,0),IF(AOZ29=\"CPU\",VLOOKUP(AOW29,COMPOSIÇÃO,8,0),VLOOKUP(AOW29,COTAÇÃO,11,0))))","v":19.149999999999999},{"$f":"APB29*APC29","v":9.5749999999999993},"ED-50374",{"$f":"IF(APH29=\"SINAPI\",VLOOKUP(APE29,SINAPI,2,0),IF(APH29=\"SETOP\",VLOOKUP(APE29,SETOP,3,0),IF(APH29=\"CPU\",VLOOKUP(APE29,COMPOSIÇÃO,2,0),VLOOKUP(APE29,COTAÇÃO,3,0))))","v":"BOMBEIRO/ENCANADOR COM ENCARGOS COMPLEMENTARES"},null,"SETOP",{"$f":"IF(APH29=\"SINAPI\",VLOOKUP(APE29,SINAPI,3,0),IF(APH29=\"SETOP\",VLOOKUP(APE29,SETOP,4,0),IF(APH29=\"CPU\",VLOOKUP(APE29,COMPOSIÇÃO,5,0),VLOOKUP(APE29,COTAÇÃO,8,0))))","v":"HORA"},0.5,{"$f":"IF(APH29=\"SINAPI\",VLOOKUP(APE29,SINAPI,4,0),IF(APH29=\"SETOP\",VLOOKUP(APE29,SETOP,5,0),IF(APH29=\"CPU\",VLOOKUP(APE29,COMPOSIÇÃO,8,0),VLOOKUP(APE29,COTAÇÃO,11,0))))","v":19.149999999999999},{"$f":"APJ29*APK29","v":9.5749999999999993},"ED-50374",{"$f":"IF(APP29=\"SINAPI\",VLOOKUP(APM29,SINAPI,2,0),IF(APP29=\"SETOP\",VLOOKUP(APM29,SETOP,3,0),IF(APP29=\"CPU\",VLOOKUP(APM29,COMPOSIÇÃO,2,0),VLOOKUP(APM29,COTAÇÃO,3,0))))","v":"BOMBEIRO/ENCANADOR COM ENCARGOS COMPLEMENTARES"},null,"SETOP",{"$f":"IF(APP29=\"SINAPI\",VLOOKUP(APM29,SINAPI,3,0),IF(APP29=\"SETOP\",VLOOKUP(APM29,SETOP,4,0),IF(APP29=\"CPU\",VLOOKUP(APM29,COMPOSIÇÃO,5,0),VLOOKUP(APM29,COTAÇÃO,8,0))))","v":"HORA"},0.5,{"$f":"IF(APP29=\"SINAPI\",VLOOKUP(APM29,SINAPI,4,0),IF(APP29=\"SETOP\",VLOOKUP(APM29,SETOP,5,0),IF(APP29=\"CPU\",VLOOKUP(APM29,COMPOSIÇÃO,8,0),VLOOKUP(APM29,COTAÇÃO,11,0))))","v":19.149999999999999},{"$f":"APR29*APS29","v":9.5749999999999993},"ED-50374",{"$f":"IF(APX29=\"SINAPI\",VLOOKUP(APU29,SINAPI,2,0),IF(APX29=\"SETOP\",VLOOKUP(APU29,SETOP,3,0),IF(APX29=\"CPU\",VLOOKUP(APU29,COMPOSIÇÃO,2,0),VLOOKUP(APU29,COTAÇÃO,3,0))))","v":"BOMBEIRO/ENCANADOR COM ENCARGOS COMPLEMENTARES"},null,"SETOP",{"$f":"IF(APX29=\"SINAPI\",VLOOKUP(APU29,SINAPI,3,0),IF(APX29=\"SETOP\",VLOOKUP(APU29,SETOP,4,0),IF(APX29=\"CPU\",VLOOKUP(APU29,COMPOSIÇÃO,5,0),VLOOKUP(APU29,COTAÇÃO,8,0))))","v":"HORA"},0.5,{"$f":"IF(APX29=\"SINAPI\",VLOOKUP(APU29,SINAPI,4,0),IF(APX29=\"SETOP\",VLOOKUP(APU29,SETOP,5,0),IF(APX29=\"CPU\",VLOOKUP(APU29,COMPOSIÇÃO,8,0),VLOOKUP(APU29,COTAÇÃO,11,0))))","v":19.149999999999999},{"$f":"APZ29*AQA29","v":9.5749999999999993},"ED-50374",{"$f":"IF(AQF29=\"SINAPI\",VLOOKUP(AQC29,SINAPI,2,0),IF(AQF29=\"SETOP\",VLOOKUP(AQC29,SETOP,3,0),IF(AQF29=\"CPU\",VLOOKUP(AQC29,COMPOSIÇÃO,2,0),VLOOKUP(AQC29,COTAÇÃO,3,0))))","v":"BOMBEIRO/ENCANADOR COM ENCARGOS COMPLEMENTARES"},null,"SETOP",{"$f":"IF(AQF29=\"SINAPI\",VLOOKUP(AQC29,SINAPI,3,0),IF(AQF29=\"SETOP\",VLOOKUP(AQC29,SETOP,4,0),IF(AQF29=\"CPU\",VLOOKUP(AQC29,COMPOSIÇÃO,5,0),VLOOKUP(AQC29,COTAÇÃO,8,0))))","v":"HORA"},0.5,{"$f":"IF(AQF29=\"SINAPI\",VLOOKUP(AQC29,SINAPI,4,0),IF(AQF29=\"SETOP\",VLOOKUP(AQC29,SETOP,5,0),IF(AQF29=\"CPU\",VLOOKUP(AQC29,COMPOSIÇÃO,8,0),VLOOKUP(AQC29,COTAÇÃO,11,0))))","v":19.149999999999999},{"$f":"AQH29*AQI29","v":9.5749999999999993},"ED-50374",{"$f":"IF(AQN29=\"SINAPI\",VLOOKUP(AQK29,SINAPI,2,0),IF(AQN29=\"SETOP\",VLOOKUP(AQK29,SETOP,3,0),IF(AQN29=\"CPU\",VLOOKUP(AQK29,COMPOSIÇÃO,2,0),VLOOKUP(AQK29,COTAÇÃO,3,0))))","v":"BOMBEIRO/ENCANADOR COM ENCARGOS COMPLEMENTARES"},null,"SETOP",{"$f":"IF(AQN29=\"SINAPI\",VLOOKUP(AQK29,SINAPI,3,0),IF(AQN29=\"SETOP\",VLOOKUP(AQK29,SETOP,4,0),IF(AQN29=\"CPU\",VLOOKUP(AQK29,COMPOSIÇÃO,5,0),VLOOKUP(AQK29,COTAÇÃO,8,0))))","v":"HORA"},0.5,{"$f":"IF(AQN29=\"SINAPI\",VLOOKUP(AQK29,SINAPI,4,0),IF(AQN29=\"SETOP\",VLOOKUP(AQK29,SETOP,5,0),IF(AQN29=\"CPU\",VLOOKUP(AQK29,COMPOSIÇÃO,8,0),VLOOKUP(AQK29,COTAÇÃO,11,0))))","v":19.149999999999999},{"$f":"AQP29*AQQ29","v":9.5749999999999993},"ED-50374",{"$f":"IF(AQV29=\"SINAPI\",VLOOKUP(AQS29,SINAPI,2,0),IF(AQV29=\"SETOP\",VLOOKUP(AQS29,SETOP,3,0),IF(AQV29=\"CPU\",VLOOKUP(AQS29,COMPOSIÇÃO,2,0),VLOOKUP(AQS29,COTAÇÃO,3,0))))","v":"BOMBEIRO/ENCANADOR COM ENCARGOS COMPLEMENTARES"},null,"SETOP",{"$f":"IF(AQV29=\"SINAPI\",VLOOKUP(AQS29,SINAPI,3,0),IF(AQV29=\"SETOP\",VLOOKUP(AQS29,SETOP,4,0),IF(AQV29=\"CPU\",VLOOKUP(AQS29,COMPOSIÇÃO,5,0),VLOOKUP(AQS29,COTAÇÃO,8,0))))","v":"HORA"},0.5,{"$f":"IF(AQV29=\"SINAPI\",VLOOKUP(AQS29,SINAPI,4,0),IF(AQV29=\"SETOP\",VLOOKUP(AQS29,SETOP,5,0),IF(AQV29=\"CPU\",VLOOKUP(AQS29,COMPOSIÇÃO,8,0),VLOOKUP(AQS29,COTAÇÃO,11,0))))","v":19.149999999999999},{"$f":"AQX29*AQY29","v":9.5749999999999993},"ED-50374",{"$f":"IF(ARD29=\"SINAPI\",VLOOKUP(ARA29,SINAPI,2,0),IF(ARD29=\"SETOP\",VLOOKUP(ARA29,SETOP,3,0),IF(ARD29=\"CPU\",VLOOKUP(ARA29,COMPOSIÇÃO,2,0),VLOOKUP(ARA29,COTAÇÃO,3,0))))","v":"BOMBEIRO/ENCANADOR COM ENCARGOS COMPLEMENTARES"},null,"SETOP",{"$f":"IF(ARD29=\"SINAPI\",VLOOKUP(ARA29,SINAPI,3,0),IF(ARD29=\"SETOP\",VLOOKUP(ARA29,SETOP,4,0),IF(ARD29=\"CPU\",VLOOKUP(ARA29,COMPOSIÇÃO,5,0),VLOOKUP(ARA29,COTAÇÃO,8,0))))","v":"HORA"},0.5,{"$f":"IF(ARD29=\"SINAPI\",VLOOKUP(ARA29,SINAPI,4,0),IF(ARD29=\"SETOP\",VLOOKUP(ARA29,SETOP,5,0),IF(ARD29=\"CPU\",VLOOKUP(ARA29,COMPOSIÇÃO,8,0),VLOOKUP(ARA29,COTAÇÃO,11,0))))","v":19.149999999999999},{"$f":"ARF29*ARG29","v":9.5749999999999993},"ED-50374",{"$f":"IF(ARL29=\"SINAPI\",VLOOKUP(ARI29,SINAPI,2,0),IF(ARL29=\"SETOP\",VLOOKUP(ARI29,SETOP,3,0),IF(ARL29=\"CPU\",VLOOKUP(ARI29,COMPOSIÇÃO,2,0),VLOOKUP(ARI29,COTAÇÃO,3,0))))","v":"BOMBEIRO/ENCANADOR COM ENCARGOS COMPLEMENTARES"},null,"SETOP",{"$f":"IF(ARL29=\"SINAPI\",VLOOKUP(ARI29,SINAPI,3,0),IF(ARL29=\"SETOP\",VLOOKUP(ARI29,SETOP,4,0),IF(ARL29=\"CPU\",VLOOKUP(ARI29,COMPOSIÇÃO,5,0),VLOOKUP(ARI29,COTAÇÃO,8,0))))","v":"HORA"},0.5,{"$f":"IF(ARL29=\"SINAPI\",VLOOKUP(ARI29,SINAPI,4,0),IF(ARL29=\"SETOP\",VLOOKUP(ARI29,SETOP,5,0),IF(ARL29=\"CPU\",VLOOKUP(ARI29,COMPOSIÇÃO,8,0),VLOOKUP(ARI29,COTAÇÃO,11,0))))","v":19.149999999999999},{"$f":"ARN29*ARO29","v":9.5749999999999993},"ED-50374",{"$f":"IF(ART29=\"SINAPI\",VLOOKUP(ARQ29,SINAPI,2,0),IF(ART29=\"SETOP\",VLOOKUP(ARQ29,SETOP,3,0),IF(ART29=\"CPU\",VLOOKUP(ARQ29,COMPOSIÇÃO,2,0),VLOOKUP(ARQ29,COTAÇÃO,3,0))))","v":"BOMBEIRO/ENCANADOR COM ENCARGOS COMPLEMENTARES"},null,"SETOP",{"$f":"IF(ART29=\"SINAPI\",VLOOKUP(ARQ29,SINAPI,3,0),IF(ART29=\"SETOP\",VLOOKUP(ARQ29,SETOP,4,0),IF(ART29=\"CPU\",VLOOKUP(ARQ29,COMPOSIÇÃO,5,0),VLOOKUP(ARQ29,COTAÇÃO,8,0))))","v":"HORA"},0.5,{"$f":"IF(ART29=\"SINAPI\",VLOOKUP(ARQ29,SINAPI,4,0),IF(ART29=\"SETOP\",VLOOKUP(ARQ29,SETOP,5,0),IF(ART29=\"CPU\",VLOOKUP(ARQ29,COMPOSIÇÃO,8,0),VLOOKUP(ARQ29,COTAÇÃO,11,0))))","v":19.149999999999999},{"$f":"ARV29*ARW29","v":9.5749999999999993},"ED-50374",{"$f":"IF(ASB29=\"SINAPI\",VLOOKUP(ARY29,SINAPI,2,0),IF(ASB29=\"SETOP\",VLOOKUP(ARY29,SETOP,3,0),IF(ASB29=\"CPU\",VLOOKUP(ARY29,COMPOSIÇÃO,2,0),VLOOKUP(ARY29,COTAÇÃO,3,0))))","v":"BOMBEIRO/ENCANADOR COM ENCARGOS COMPLEMENTARES"},null,"SETOP",{"$f":"IF(ASB29=\"SINAPI\",VLOOKUP(ARY29,SINAPI,3,0),IF(ASB29=\"SETOP\",VLOOKUP(ARY29,SETOP,4,0),IF(ASB29=\"CPU\",VLOOKUP(ARY29,COMPOSIÇÃO,5,0),VLOOKUP(ARY29,COTAÇÃO,8,0))))","v":"HORA"},0.5,{"$f":"IF(ASB29=\"SINAPI\",VLOOKUP(ARY29,SINAPI,4,0),IF(ASB29=\"SETOP\",VLOOKUP(ARY29,SETOP,5,0),IF(ASB29=\"CPU\",VLOOKUP(ARY29,COMPOSIÇÃO,8,0),VLOOKUP(ARY29,COTAÇÃO,11,0))))","v":19.149999999999999},{"$f":"ASD29*ASE29","v":9.5749999999999993},"ED-50374",{"$f":"IF(ASJ29=\"SINAPI\",VLOOKUP(ASG29,SINAPI,2,0),IF(ASJ29=\"SETOP\",VLOOKUP(ASG29,SETOP,3,0),IF(ASJ29=\"CPU\",VLOOKUP(ASG29,COMPOSIÇÃO,2,0),VLOOKUP(ASG29,COTAÇÃO,3,0))))","v":"BOMBEIRO/ENCANADOR COM ENCARGOS COMPLEMENTARES"},null,"SETOP",{"$f":"IF(ASJ29=\"SINAPI\",VLOOKUP(ASG29,SINAPI,3,0),IF(ASJ29=\"SETOP\",VLOOKUP(ASG29,SETOP,4,0),IF(ASJ29=\"CPU\",VLOOKUP(ASG29,COMPOSIÇÃO,5,0),VLOOKUP(ASG29,COTAÇÃO,8,0))))","v":"HORA"},0.5,{"$f":"IF(ASJ29=\"SINAPI\",VLOOKUP(ASG29,SINAPI,4,0),IF(ASJ29=\"SETOP\",VLOOKUP(ASG29,SETOP,5,0),IF(ASJ29=\"CPU\",VLOOKUP(ASG29,COMPOSIÇÃO,8,0),VLOOKUP(ASG29,COTAÇÃO,11,0))))","v":19.149999999999999},{"$f":"ASL29*ASM29","v":9.5749999999999993},"ED-50374",{"$f":"IF(ASR29=\"SINAPI\",VLOOKUP(ASO29,SINAPI,2,0),IF(ASR29=\"SETOP\",VLOOKUP(ASO29,SETOP,3,0),IF(ASR29=\"CPU\",VLOOKUP(ASO29,COMPOSIÇÃO,2,0),VLOOKUP(ASO29,COTAÇÃO,3,0))))","v":"BOMBEIRO/ENCANADOR COM ENCARGOS COMPLEMENTARES"},null,"SETOP",{"$f":"IF(ASR29=\"SINAPI\",VLOOKUP(ASO29,SINAPI,3,0),IF(ASR29=\"SETOP\",VLOOKUP(ASO29,SETOP,4,0),IF(ASR29=\"CPU\",VLOOKUP(ASO29,COMPOSIÇÃO,5,0),VLOOKUP(ASO29,COTAÇÃO,8,0))))","v":"HORA"},0.5,{"$f":"IF(ASR29=\"SINAPI\",VLOOKUP(ASO29,SINAPI,4,0),IF(ASR29=\"SETOP\",VLOOKUP(ASO29,SETOP,5,0),IF(ASR29=\"CPU\",VLOOKUP(ASO29,COMPOSIÇÃO,8,0),VLOOKUP(ASO29,COTAÇÃO,11,0))))","v":19.149999999999999},{"$f":"AST29*ASU29","v":9.5749999999999993},"ED-50374",{"$f":"IF(ASZ29=\"SINAPI\",VLOOKUP(ASW29,SINAPI,2,0),IF(ASZ29=\"SETOP\",VLOOKUP(ASW29,SETOP,3,0),IF(ASZ29=\"CPU\",VLOOKUP(ASW29,COMPOSIÇÃO,2,0),VLOOKUP(ASW29,COTAÇÃO,3,0))))","v":"BOMBEIRO/ENCANADOR COM ENCARGOS COMPLEMENTARES"},null,"SETOP",{"$f":"IF(ASZ29=\"SINAPI\",VLOOKUP(ASW29,SINAPI,3,0),IF(ASZ29=\"SETOP\",VLOOKUP(ASW29,SETOP,4,0),IF(ASZ29=\"CPU\",VLOOKUP(ASW29,COMPOSIÇÃO,5,0),VLOOKUP(ASW29,COTAÇÃO,8,0))))","v":"HORA"},0.5,{"$f":"IF(ASZ29=\"SINAPI\",VLOOKUP(ASW29,SINAPI,4,0),IF(ASZ29=\"SETOP\",VLOOKUP(ASW29,SETOP,5,0),IF(ASZ29=\"CPU\",VLOOKUP(ASW29,COMPOSIÇÃO,8,0),VLOOKUP(ASW29,COTAÇÃO,11,0))))","v":19.149999999999999},{"$f":"ATB29*ATC29","v":9.5749999999999993},"ED-50374",{"$f":"IF(ATH29=\"SINAPI\",VLOOKUP(ATE29,SINAPI,2,0),IF(ATH29=\"SETOP\",VLOOKUP(ATE29,SETOP,3,0),IF(ATH29=\"CPU\",VLOOKUP(ATE29,COMPOSIÇÃO,2,0),VLOOKUP(ATE29,COTAÇÃO,3,0))))","v":"BOMBEIRO/ENCANADOR COM ENCARGOS COMPLEMENTARES"},null,"SETOP",{"$f":"IF(ATH29=\"SINAPI\",VLOOKUP(ATE29,SINAPI,3,0),IF(ATH29=\"SETOP\",VLOOKUP(ATE29,SETOP,4,0),IF(ATH29=\"CPU\",VLOOKUP(ATE29,COMPOSIÇÃO,5,0),VLOOKUP(ATE29,COTAÇÃO,8,0))))","v":"HORA"},0.5,{"$f":"IF(ATH29=\"SINAPI\",VLOOKUP(ATE29,SINAPI,4,0),IF(ATH29=\"SETOP\",VLOOKUP(ATE29,SETOP,5,0),IF(ATH29=\"CPU\",VLOOKUP(ATE29,COMPOSIÇÃO,8,0),VLOOKUP(ATE29,COTAÇÃO,11,0))))","v":19.149999999999999},{"$f":"ATJ29*ATK29","v":9.5749999999999993},"ED-50374",{"$f":"IF(ATP29=\"SINAPI\",VLOOKUP(ATM29,SINAPI,2,0),IF(ATP29=\"SETOP\",VLOOKUP(ATM29,SETOP,3,0),IF(ATP29=\"CPU\",VLOOKUP(ATM29,COMPOSIÇÃO,2,0),VLOOKUP(ATM29,COTAÇÃO,3,0))))","v":"BOMBEIRO/ENCANADOR COM ENCARGOS COMPLEMENTARES"},null,"SETOP",{"$f":"IF(ATP29=\"SINAPI\",VLOOKUP(ATM29,SINAPI,3,0),IF(ATP29=\"SETOP\",VLOOKUP(ATM29,SETOP,4,0),IF(ATP29=\"CPU\",VLOOKUP(ATM29,COMPOSIÇÃO,5,0),VLOOKUP(ATM29,COTAÇÃO,8,0))))","v":"HORA"},0.5,{"$f":"IF(ATP29=\"SINAPI\",VLOOKUP(ATM29,SINAPI,4,0),IF(ATP29=\"SETOP\",VLOOKUP(ATM29,SETOP,5,0),IF(ATP29=\"CPU\",VLOOKUP(ATM29,COMPOSIÇÃO,8,0),VLOOKUP(ATM29,COTAÇÃO,11,0))))","v":19.149999999999999},{"$f":"ATR29*ATS29","v":9.5749999999999993},"ED-50374",{"$f":"IF(ATX29=\"SINAPI\",VLOOKUP(ATU29,SINAPI,2,0),IF(ATX29=\"SETOP\",VLOOKUP(ATU29,SETOP,3,0),IF(ATX29=\"CPU\",VLOOKUP(ATU29,COMPOSIÇÃO,2,0),VLOOKUP(ATU29,COTAÇÃO,3,0))))","v":"BOMBEIRO/ENCANADOR COM ENCARGOS COMPLEMENTARES"},null,"SETOP",{"$f":"IF(ATX29=\"SINAPI\",VLOOKUP(ATU29,SINAPI,3,0),IF(ATX29=\"SETOP\",VLOOKUP(ATU29,SETOP,4,0),IF(ATX29=\"CPU\",VLOOKUP(ATU29,COMPOSIÇÃO,5,0),VLOOKUP(ATU29,COTAÇÃO,8,0))))","v":"HORA"},0.5,{"$f":"IF(ATX29=\"SINAPI\",VLOOKUP(ATU29,SINAPI,4,0),IF(ATX29=\"SETOP\",VLOOKUP(ATU29,SETOP,5,0),IF(ATX29=\"CPU\",VLOOKUP(ATU29,COMPOSIÇÃO,8,0),VLOOKUP(ATU29,COTAÇÃO,11,0))))","v":19.149999999999999},{"$f":"ATZ29*AUA29","v":9.5749999999999993},"ED-50374",{"$f":"IF(AUF29=\"SINAPI\",VLOOKUP(AUC29,SINAPI,2,0),IF(AUF29=\"SETOP\",VLOOKUP(AUC29,SETOP,3,0),IF(AUF29=\"CPU\",VLOOKUP(AUC29,COMPOSIÇÃO,2,0),VLOOKUP(AUC29,COTAÇÃO,3,0))))","v":"BOMBEIRO/ENCANADOR COM ENCARGOS COMPLEMENTARES"},null,"SETOP",{"$f":"IF(AUF29=\"SINAPI\",VLOOKUP(AUC29,SINAPI,3,0),IF(AUF29=\"SETOP\",VLOOKUP(AUC29,SETOP,4,0),IF(AUF29=\"CPU\",VLOOKUP(AUC29,COMPOSIÇÃO,5,0),VLOOKUP(AUC29,COTAÇÃO,8,0))))","v":"HORA"},0.5,{"$f":"IF(AUF29=\"SINAPI\",VLOOKUP(AUC29,SINAPI,4,0),IF(AUF29=\"SETOP\",VLOOKUP(AUC29,SETOP,5,0),IF(AUF29=\"CPU\",VLOOKUP(AUC29,COMPOSIÇÃO,8,0),VLOOKUP(AUC29,COTAÇÃO,11,0))))","v":19.149999999999999},{"$f":"AUH29*AUI29","v":9.5749999999999993},"ED-50374",{"$f":"IF(AUN29=\"SINAPI\",VLOOKUP(AUK29,SINAPI,2,0),IF(AUN29=\"SETOP\",VLOOKUP(AUK29,SETOP,3,0),IF(AUN29=\"CPU\",VLOOKUP(AUK29,COMPOSIÇÃO,2,0),VLOOKUP(AUK29,COTAÇÃO,3,0))))","v":"BOMBEIRO/ENCANADOR COM ENCARGOS COMPLEMENTARES"},null,"SETOP",{"$f":"IF(AUN29=\"SINAPI\",VLOOKUP(AUK29,SINAPI,3,0),IF(AUN29=\"SETOP\",VLOOKUP(AUK29,SETOP,4,0),IF(AUN29=\"CPU\",VLOOKUP(AUK29,COMPOSIÇÃO,5,0),VLOOKUP(AUK29,COTAÇÃO,8,0))))","v":"HORA"},0.5,{"$f":"IF(AUN29=\"SINAPI\",VLOOKUP(AUK29,SINAPI,4,0),IF(AUN29=\"SETOP\",VLOOKUP(AUK29,SETOP,5,0),IF(AUN29=\"CPU\",VLOOKUP(AUK29,COMPOSIÇÃO,8,0),VLOOKUP(AUK29,COTAÇÃO,11,0))))","v":19.149999999999999},{"$f":"AUP29*AUQ29","v":9.5749999999999993},"ED-50374",{"$f":"IF(AUV29=\"SINAPI\",VLOOKUP(AUS29,SINAPI,2,0),IF(AUV29=\"SETOP\",VLOOKUP(AUS29,SETOP,3,0),IF(AUV29=\"CPU\",VLOOKUP(AUS29,COMPOSIÇÃO,2,0),VLOOKUP(AUS29,COTAÇÃO,3,0))))","v":"BOMBEIRO/ENCANADOR COM ENCARGOS COMPLEMENTARES"},null,"SETOP",{"$f":"IF(AUV29=\"SINAPI\",VLOOKUP(AUS29,SINAPI,3,0),IF(AUV29=\"SETOP\",VLOOKUP(AUS29,SETOP,4,0),IF(AUV29=\"CPU\",VLOOKUP(AUS29,COMPOSIÇÃO,5,0),VLOOKUP(AUS29,COTAÇÃO,8,0))))","v":"HORA"},0.5,{"$f":"IF(AUV29=\"SINAPI\",VLOOKUP(AUS29,SINAPI,4,0),IF(AUV29=\"SETOP\",VLOOKUP(AUS29,SETOP,5,0),IF(AUV29=\"CPU\",VLOOKUP(AUS29,COMPOSIÇÃO,8,0),VLOOKUP(AUS29,COTAÇÃO,11,0))))","v":19.149999999999999},{"$f":"AUX29*AUY29","v":9.5749999999999993},"ED-50374",{"$f":"IF(AVD29=\"SINAPI\",VLOOKUP(AVA29,SINAPI,2,0),IF(AVD29=\"SETOP\",VLOOKUP(AVA29,SETOP,3,0),IF(AVD29=\"CPU\",VLOOKUP(AVA29,COMPOSIÇÃO,2,0),VLOOKUP(AVA29,COTAÇÃO,3,0))))","v":"BOMBEIRO/ENCANADOR COM ENCARGOS COMPLEMENTARES"},null,"SETOP",{"$f":"IF(AVD29=\"SINAPI\",VLOOKUP(AVA29,SINAPI,3,0),IF(AVD29=\"SETOP\",VLOOKUP(AVA29,SETOP,4,0),IF(AVD29=\"CPU\",VLOOKUP(AVA29,COMPOSIÇÃO,5,0),VLOOKUP(AVA29,COTAÇÃO,8,0))))","v":"HORA"},0.5,{"$f":"IF(AVD29=\"SINAPI\",VLOOKUP(AVA29,SINAPI,4,0),IF(AVD29=\"SETOP\",VLOOKUP(AVA29,SETOP,5,0),IF(AVD29=\"CPU\",VLOOKUP(AVA29,COMPOSIÇÃO,8,0),VLOOKUP(AVA29,COTAÇÃO,11,0))))","v":19.149999999999999},{"$f":"AVF29*AVG29","v":9.5749999999999993},"ED-50374",{"$f":"IF(AVL29=\"SINAPI\",VLOOKUP(AVI29,SINAPI,2,0),IF(AVL29=\"SETOP\",VLOOKUP(AVI29,SETOP,3,0),IF(AVL29=\"CPU\",VLOOKUP(AVI29,COMPOSIÇÃO,2,0),VLOOKUP(AVI29,COTAÇÃO,3,0))))","v":"BOMBEIRO/ENCANADOR COM ENCARGOS COMPLEMENTARES"},null,"SETOP",{"$f":"IF(AVL29=\"SINAPI\",VLOOKUP(AVI29,SINAPI,3,0),IF(AVL29=\"SETOP\",VLOOKUP(AVI29,SETOP,4,0),IF(AVL29=\"CPU\",VLOOKUP(AVI29,COMPOSIÇÃO,5,0),VLOOKUP(AVI29,COTAÇÃO,8,0))))","v":"HORA"},0.5,{"$f":"IF(AVL29=\"SINAPI\",VLOOKUP(AVI29,SINAPI,4,0),IF(AVL29=\"SETOP\",VLOOKUP(AVI29,SETOP,5,0),IF(AVL29=\"CPU\",VLOOKUP(AVI29,COMPOSIÇÃO,8,0),VLOOKUP(AVI29,COTAÇÃO,11,0))))","v":19.149999999999999},{"$f":"AVN29*AVO29","v":9.5749999999999993},"ED-50374",{"$f":"IF(AVT29=\"SINAPI\",VLOOKUP(AVQ29,SINAPI,2,0),IF(AVT29=\"SETOP\",VLOOKUP(AVQ29,SETOP,3,0),IF(AVT29=\"CPU\",VLOOKUP(AVQ29,COMPOSIÇÃO,2,0),VLOOKUP(AVQ29,COTAÇÃO,3,0))))","v":"BOMBEIRO/ENCANADOR COM ENCARGOS COMPLEMENTARES"},null,"SETOP",{"$f":"IF(AVT29=\"SINAPI\",VLOOKUP(AVQ29,SINAPI,3,0),IF(AVT29=\"SETOP\",VLOOKUP(AVQ29,SETOP,4,0),IF(AVT29=\"CPU\",VLOOKUP(AVQ29,COMPOSIÇÃO,5,0),VLOOKUP(AVQ29,COTAÇÃO,8,0))))","v":"HORA"},0.5,{"$f":"IF(AVT29=\"SINAPI\",VLOOKUP(AVQ29,SINAPI,4,0),IF(AVT29=\"SETOP\",VLOOKUP(AVQ29,SETOP,5,0),IF(AVT29=\"CPU\",VLOOKUP(AVQ29,COMPOSIÇÃO,8,0),VLOOKUP(AVQ29,COTAÇÃO,11,0))))","v":19.149999999999999},{"$f":"AVV29*AVW29","v":9.5749999999999993},"ED-50374",{"$f":"IF(AWB29=\"SINAPI\",VLOOKUP(AVY29,SINAPI,2,0),IF(AWB29=\"SETOP\",VLOOKUP(AVY29,SETOP,3,0),IF(AWB29=\"CPU\",VLOOKUP(AVY29,COMPOSIÇÃO,2,0),VLOOKUP(AVY29,COTAÇÃO,3,0))))","v":"BOMBEIRO/ENCANADOR COM ENCARGOS COMPLEMENTARES"},null,"SETOP",{"$f":"IF(AWB29=\"SINAPI\",VLOOKUP(AVY29,SINAPI,3,0),IF(AWB29=\"SETOP\",VLOOKUP(AVY29,SETOP,4,0),IF(AWB29=\"CPU\",VLOOKUP(AVY29,COMPOSIÇÃO,5,0),VLOOKUP(AVY29,COTAÇÃO,8,0))))","v":"HORA"},0.5,{"$f":"IF(AWB29=\"SINAPI\",VLOOKUP(AVY29,SINAPI,4,0),IF(AWB29=\"SETOP\",VLOOKUP(AVY29,SETOP,5,0),IF(AWB29=\"CPU\",VLOOKUP(AVY29,COMPOSIÇÃO,8,0),VLOOKUP(AVY29,COTAÇÃO,11,0))))","v":19.149999999999999},{"$f":"AWD29*AWE29","v":9.5749999999999993},"ED-50374",{"$f":"IF(AWJ29=\"SINAPI\",VLOOKUP(AWG29,SINAPI,2,0),IF(AWJ29=\"SETOP\",VLOOKUP(AWG29,SETOP,3,0),IF(AWJ29=\"CPU\",VLOOKUP(AWG29,COMPOSIÇÃO,2,0),VLOOKUP(AWG29,COTAÇÃO,3,0))))","v":"BOMBEIRO/ENCANADOR COM ENCARGOS COMPLEMENTARES"},null,"SETOP",{"$f":"IF(AWJ29=\"SINAPI\",VLOOKUP(AWG29,SINAPI,3,0),IF(AWJ29=\"SETOP\",VLOOKUP(AWG29,SETOP,4,0),IF(AWJ29=\"CPU\",VLOOKUP(AWG29,COMPOSIÇÃO,5,0),VLOOKUP(AWG29,COTAÇÃO,8,0))))","v":"HORA"},0.5,{"$f":"IF(AWJ29=\"SINAPI\",VLOOKUP(AWG29,SINAPI,4,0),IF(AWJ29=\"SETOP\",VLOOKUP(AWG29,SETOP,5,0),IF(AWJ29=\"CPU\",VLOOKUP(AWG29,COMPOSIÇÃO,8,0),VLOOKUP(AWG29,COTAÇÃO,11,0))))","v":19.149999999999999},{"$f":"AWL29*AWM29","v":9.5749999999999993},"ED-50374",{"$f":"IF(AWR29=\"SINAPI\",VLOOKUP(AWO29,SINAPI,2,0),IF(AWR29=\"SETOP\",VLOOKUP(AWO29,SETOP,3,0),IF(AWR29=\"CPU\",VLOOKUP(AWO29,COMPOSIÇÃO,2,0),VLOOKUP(AWO29,COTAÇÃO,3,0))))","v":"BOMBEIRO/ENCANADOR COM ENCARGOS COMPLEMENTARES"},null,"SETOP",{"$f":"IF(AWR29=\"SINAPI\",VLOOKUP(AWO29,SINAPI,3,0),IF(AWR29=\"SETOP\",VLOOKUP(AWO29,SETOP,4,0),IF(AWR29=\"CPU\",VLOOKUP(AWO29,COMPOSIÇÃO,5,0),VLOOKUP(AWO29,COTAÇÃO,8,0))))","v":"HORA"},0.5,{"$f":"IF(AWR29=\"SINAPI\",VLOOKUP(AWO29,SINAPI,4,0),IF(AWR29=\"SETOP\",VLOOKUP(AWO29,SETOP,5,0),IF(AWR29=\"CPU\",VLOOKUP(AWO29,COMPOSIÇÃO,8,0),VLOOKUP(AWO29,COTAÇÃO,11,0))))","v":19.149999999999999},{"$f":"AWT29*AWU29","v":9.5749999999999993},"ED-50374",{"$f":"IF(AWZ29=\"SINAPI\",VLOOKUP(AWW29,SINAPI,2,0),IF(AWZ29=\"SETOP\",VLOOKUP(AWW29,SETOP,3,0),IF(AWZ29=\"CPU\",VLOOKUP(AWW29,COMPOSIÇÃO,2,0),VLOOKUP(AWW29,COTAÇÃO,3,0))))","v":"BOMBEIRO/ENCANADOR COM ENCARGOS COMPLEMENTARES"},null,"SETOP",{"$f":"IF(AWZ29=\"SINAPI\",VLOOKUP(AWW29,SINAPI,3,0),IF(AWZ29=\"SETOP\",VLOOKUP(AWW29,SETOP,4,0),IF(AWZ29=\"CPU\",VLOOKUP(AWW29,COMPOSIÇÃO,5,0),VLOOKUP(AWW29,COTAÇÃO,8,0))))","v":"HORA"},0.5,{"$f":"IF(AWZ29=\"SINAPI\",VLOOKUP(AWW29,SINAPI,4,0),IF(AWZ29=\"SETOP\",VLOOKUP(AWW29,SETOP,5,0),IF(AWZ29=\"CPU\",VLOOKUP(AWW29,COMPOSIÇÃO,8,0),VLOOKUP(AWW29,COTAÇÃO,11,0))))","v":19.149999999999999},{"$f":"AXB29*AXC29","v":9.5749999999999993},"ED-50374",{"$f":"IF(AXH29=\"SINAPI\",VLOOKUP(AXE29,SINAPI,2,0),IF(AXH29=\"SETOP\",VLOOKUP(AXE29,SETOP,3,0),IF(AXH29=\"CPU\",VLOOKUP(AXE29,COMPOSIÇÃO,2,0),VLOOKUP(AXE29,COTAÇÃO,3,0))))","v":"BOMBEIRO/ENCANADOR COM ENCARGOS COMPLEMENTARES"},null,"SETOP",{"$f":"IF(AXH29=\"SINAPI\",VLOOKUP(AXE29,SINAPI,3,0),IF(AXH29=\"SETOP\",VLOOKUP(AXE29,SETOP,4,0),IF(AXH29=\"CPU\",VLOOKUP(AXE29,COMPOSIÇÃO,5,0),VLOOKUP(AXE29,COTAÇÃO,8,0))))","v":"HORA"},0.5,{"$f":"IF(AXH29=\"SINAPI\",VLOOKUP(AXE29,SINAPI,4,0),IF(AXH29=\"SETOP\",VLOOKUP(AXE29,SETOP,5,0),IF(AXH29=\"CPU\",VLOOKUP(AXE29,COMPOSIÇÃO,8,0),VLOOKUP(AXE29,COTAÇÃO,11,0))))","v":19.149999999999999},{"$f":"AXJ29*AXK29","v":9.5749999999999993},"ED-50374",{"$f":"IF(AXP29=\"SINAPI\",VLOOKUP(AXM29,SINAPI,2,0),IF(AXP29=\"SETOP\",VLOOKUP(AXM29,SETOP,3,0),IF(AXP29=\"CPU\",VLOOKUP(AXM29,COMPOSIÇÃO,2,0),VLOOKUP(AXM29,COTAÇÃO,3,0))))","v":"BOMBEIRO/ENCANADOR COM ENCARGOS COMPLEMENTARES"},null,"SETOP",{"$f":"IF(AXP29=\"SINAPI\",VLOOKUP(AXM29,SINAPI,3,0),IF(AXP29=\"SETOP\",VLOOKUP(AXM29,SETOP,4,0),IF(AXP29=\"CPU\",VLOOKUP(AXM29,COMPOSIÇÃO,5,0),VLOOKUP(AXM29,COTAÇÃO,8,0))))","v":"HORA"},0.5,{"$f":"IF(AXP29=\"SINAPI\",VLOOKUP(AXM29,SINAPI,4,0),IF(AXP29=\"SETOP\",VLOOKUP(AXM29,SETOP,5,0),IF(AXP29=\"CPU\",VLOOKUP(AXM29,COMPOSIÇÃO,8,0),VLOOKUP(AXM29,COTAÇÃO,11,0))))","v":19.149999999999999},{"$f":"AXR29*AXS29","v":9.5749999999999993},"ED-50374",{"$f":"IF(AXX29=\"SINAPI\",VLOOKUP(AXU29,SINAPI,2,0),IF(AXX29=\"SETOP\",VLOOKUP(AXU29,SETOP,3,0),IF(AXX29=\"CPU\",VLOOKUP(AXU29,COMPOSIÇÃO,2,0),VLOOKUP(AXU29,COTAÇÃO,3,0))))","v":"BOMBEIRO/ENCANADOR COM ENCARGOS COMPLEMENTARES"},null,"SETOP",{"$f":"IF(AXX29=\"SINAPI\",VLOOKUP(AXU29,SINAPI,3,0),IF(AXX29=\"SETOP\",VLOOKUP(AXU29,SETOP,4,0),IF(AXX29=\"CPU\",VLOOKUP(AXU29,COMPOSIÇÃO,5,0),VLOOKUP(AXU29,COTAÇÃO,8,0))))","v":"HORA"},0.5,{"$f":"IF(AXX29=\"SINAPI\",VLOOKUP(AXU29,SINAPI,4,0),IF(AXX29=\"SETOP\",VLOOKUP(AXU29,SETOP,5,0),IF(AXX29=\"CPU\",VLOOKUP(AXU29,COMPOSIÇÃO,8,0),VLOOKUP(AXU29,COTAÇÃO,11,0))))","v":19.149999999999999},{"$f":"AXZ29*AYA29","v":9.5749999999999993},"ED-50374",{"$f":"IF(AYF29=\"SINAPI\",VLOOKUP(AYC29,SINAPI,2,0),IF(AYF29=\"SETOP\",VLOOKUP(AYC29,SETOP,3,0),IF(AYF29=\"CPU\",VLOOKUP(AYC29,COMPOSIÇÃO,2,0),VLOOKUP(AYC29,COTAÇÃO,3,0))))","v":"BOMBEIRO/ENCANADOR COM ENCARGOS COMPLEMENTARES"},null,"SETOP",{"$f":"IF(AYF29=\"SINAPI\",VLOOKUP(AYC29,SINAPI,3,0),IF(AYF29=\"SETOP\",VLOOKUP(AYC29,SETOP,4,0),IF(AYF29=\"CPU\",VLOOKUP(AYC29,COMPOSIÇÃO,5,0),VLOOKUP(AYC29,COTAÇÃO,8,0))))","v":"HORA"},0.5,{"$f":"IF(AYF29=\"SINAPI\",VLOOKUP(AYC29,SINAPI,4,0),IF(AYF29=\"SETOP\",VLOOKUP(AYC29,SETOP,5,0),IF(AYF29=\"CPU\",VLOOKUP(AYC29,COMPOSIÇÃO,8,0),VLOOKUP(AYC29,COTAÇÃO,11,0))))","v":19.149999999999999},{"$f":"AYH29*AYI29","v":9.5749999999999993},"ED-50374",{"$f":"IF(AYN29=\"SINAPI\",VLOOKUP(AYK29,SINAPI,2,0),IF(AYN29=\"SETOP\",VLOOKUP(AYK29,SETOP,3,0),IF(AYN29=\"CPU\",VLOOKUP(AYK29,COMPOSIÇÃO,2,0),VLOOKUP(AYK29,COTAÇÃO,3,0))))","v":"BOMBEIRO/ENCANADOR COM ENCARGOS COMPLEMENTARES"},null,"SETOP",{"$f":"IF(AYN29=\"SINAPI\",VLOOKUP(AYK29,SINAPI,3,0),IF(AYN29=\"SETOP\",VLOOKUP(AYK29,SETOP,4,0),IF(AYN29=\"CPU\",VLOOKUP(AYK29,COMPOSIÇÃO,5,0),VLOOKUP(AYK29,COTAÇÃO,8,0))))","v":"HORA"},0.5,{"$f":"IF(AYN29=\"SINAPI\",VLOOKUP(AYK29,SINAPI,4,0),IF(AYN29=\"SETOP\",VLOOKUP(AYK29,SETOP,5,0),IF(AYN29=\"CPU\",VLOOKUP(AYK29,COMPOSIÇÃO,8,0),VLOOKUP(AYK29,COTAÇÃO,11,0))))","v":19.149999999999999},{"$f":"AYP29*AYQ29","v":9.5749999999999993},"ED-50374",{"$f":"IF(AYV29=\"SINAPI\",VLOOKUP(AYS29,SINAPI,2,0),IF(AYV29=\"SETOP\",VLOOKUP(AYS29,SETOP,3,0),IF(AYV29=\"CPU\",VLOOKUP(AYS29,COMPOSIÇÃO,2,0),VLOOKUP(AYS29,COTAÇÃO,3,0))))","v":"BOMBEIRO/ENCANADOR COM ENCARGOS COMPLEMENTARES"},null,"SETOP",{"$f":"IF(AYV29=\"SINAPI\",VLOOKUP(AYS29,SINAPI,3,0),IF(AYV29=\"SETOP\",VLOOKUP(AYS29,SETOP,4,0),IF(AYV29=\"CPU\",VLOOKUP(AYS29,COMPOSIÇÃO,5,0),VLOOKUP(AYS29,COTAÇÃO,8,0))))","v":"HORA"},0.5,{"$f":"IF(AYV29=\"SINAPI\",VLOOKUP(AYS29,SINAPI,4,0),IF(AYV29=\"SETOP\",VLOOKUP(AYS29,SETOP,5,0),IF(AYV29=\"CPU\",VLOOKUP(AYS29,COMPOSIÇÃO,8,0),VLOOKUP(AYS29,COTAÇÃO,11,0))))","v":19.149999999999999},{"$f":"AYX29*AYY29","v":9.5749999999999993},"ED-50374",{"$f":"IF(AZD29=\"SINAPI\",VLOOKUP(AZA29,SINAPI,2,0),IF(AZD29=\"SETOP\",VLOOKUP(AZA29,SETOP,3,0),IF(AZD29=\"CPU\",VLOOKUP(AZA29,COMPOSIÇÃO,2,0),VLOOKUP(AZA29,COTAÇÃO,3,0))))","v":"BOMBEIRO/ENCANADOR COM ENCARGOS COMPLEMENTARES"},null,"SETOP",{"$f":"IF(AZD29=\"SINAPI\",VLOOKUP(AZA29,SINAPI,3,0),IF(AZD29=\"SETOP\",VLOOKUP(AZA29,SETOP,4,0),IF(AZD29=\"CPU\",VLOOKUP(AZA29,COMPOSIÇÃO,5,0),VLOOKUP(AZA29,COTAÇÃO,8,0))))","v":"HORA"},0.5,{"$f":"IF(AZD29=\"SINAPI\",VLOOKUP(AZA29,SINAPI,4,0),IF(AZD29=\"SETOP\",VLOOKUP(AZA29,SETOP,5,0),IF(AZD29=\"CPU\",VLOOKUP(AZA29,COMPOSIÇÃO,8,0),VLOOKUP(AZA29,COTAÇÃO,11,0))))","v":19.149999999999999},{"$f":"AZF29*AZG29","v":9.5749999999999993},"ED-50374",{"$f":"IF(AZL29=\"SINAPI\",VLOOKUP(AZI29,SINAPI,2,0),IF(AZL29=\"SETOP\",VLOOKUP(AZI29,SETOP,3,0),IF(AZL29=\"CPU\",VLOOKUP(AZI29,COMPOSIÇÃO,2,0),VLOOKUP(AZI29,COTAÇÃO,3,0))))","v":"BOMBEIRO/ENCANADOR COM ENCARGOS COMPLEMENTARES"},null,"SETOP",{"$f":"IF(AZL29=\"SINAPI\",VLOOKUP(AZI29,SINAPI,3,0),IF(AZL29=\"SETOP\",VLOOKUP(AZI29,SETOP,4,0),IF(AZL29=\"CPU\",VLOOKUP(AZI29,COMPOSIÇÃO,5,0),VLOOKUP(AZI29,COTAÇÃO,8,0))))","v":"HORA"},0.5,{"$f":"IF(AZL29=\"SINAPI\",VLOOKUP(AZI29,SINAPI,4,0),IF(AZL29=\"SETOP\",VLOOKUP(AZI29,SETOP,5,0),IF(AZL29=\"CPU\",VLOOKUP(AZI29,COMPOSIÇÃO,8,0),VLOOKUP(AZI29,COTAÇÃO,11,0))))","v":19.149999999999999},{"$f":"AZN29*AZO29","v":9.5749999999999993},"ED-50374",{"$f":"IF(AZT29=\"SINAPI\",VLOOKUP(AZQ29,SINAPI,2,0),IF(AZT29=\"SETOP\",VLOOKUP(AZQ29,SETOP,3,0),IF(AZT29=\"CPU\",VLOOKUP(AZQ29,COMPOSIÇÃO,2,0),VLOOKUP(AZQ29,COTAÇÃO,3,0))))","v":"BOMBEIRO/ENCANADOR COM ENCARGOS COMPLEMENTARES"},null,"SETOP",{"$f":"IF(AZT29=\"SINAPI\",VLOOKUP(AZQ29,SINAPI,3,0),IF(AZT29=\"SETOP\",VLOOKUP(AZQ29,SETOP,4,0),IF(AZT29=\"CPU\",VLOOKUP(AZQ29,COMPOSIÇÃO,5,0),VLOOKUP(AZQ29,COTAÇÃO,8,0))))","v":"HORA"},0.5,{"$f":"IF(AZT29=\"SINAPI\",VLOOKUP(AZQ29,SINAPI,4,0),IF(AZT29=\"SETOP\",VLOOKUP(AZQ29,SETOP,5,0),IF(AZT29=\"CPU\",VLOOKUP(AZQ29,COMPOSIÇÃO,8,0),VLOOKUP(AZQ29,COTAÇÃO,11,0))))","v":19.149999999999999},{"$f":"AZV29*AZW29","v":9.5749999999999993},"ED-50374",{"$f":"IF(BAB29=\"SINAPI\",VLOOKUP(AZY29,SINAPI,2,0),IF(BAB29=\"SETOP\",VLOOKUP(AZY29,SETOP,3,0),IF(BAB29=\"CPU\",VLOOKUP(AZY29,COMPOSIÇÃO,2,0),VLOOKUP(AZY29,COTAÇÃO,3,0))))","v":"BOMBEIRO/ENCANADOR COM ENCARGOS COMPLEMENTARES"},null,"SETOP",{"$f":"IF(BAB29=\"SINAPI\",VLOOKUP(AZY29,SINAPI,3,0),IF(BAB29=\"SETOP\",VLOOKUP(AZY29,SETOP,4,0),IF(BAB29=\"CPU\",VLOOKUP(AZY29,COMPOSIÇÃO,5,0),VLOOKUP(AZY29,COTAÇÃO,8,0))))","v":"HORA"},0.5,{"$f":"IF(BAB29=\"SINAPI\",VLOOKUP(AZY29,SINAPI,4,0),IF(BAB29=\"SETOP\",VLOOKUP(AZY29,SETOP,5,0),IF(BAB29=\"CPU\",VLOOKUP(AZY29,COMPOSIÇÃO,8,0),VLOOKUP(AZY29,COTAÇÃO,11,0))))","v":19.149999999999999},{"$f":"BAD29*BAE29","v":9.5749999999999993},"ED-50374",{"$f":"IF(BAJ29=\"SINAPI\",VLOOKUP(BAG29,SINAPI,2,0),IF(BAJ29=\"SETOP\",VLOOKUP(BAG29,SETOP,3,0),IF(BAJ29=\"CPU\",VLOOKUP(BAG29,COMPOSIÇÃO,2,0),VLOOKUP(BAG29,COTAÇÃO,3,0))))","v":"BOMBEIRO/ENCANADOR COM ENCARGOS COMPLEMENTARES"},null,"SETOP",{"$f":"IF(BAJ29=\"SINAPI\",VLOOKUP(BAG29,SINAPI,3,0),IF(BAJ29=\"SETOP\",VLOOKUP(BAG29,SETOP,4,0),IF(BAJ29=\"CPU\",VLOOKUP(BAG29,COMPOSIÇÃO,5,0),VLOOKUP(BAG29,COTAÇÃO,8,0))))","v":"HORA"},0.5,{"$f":"IF(BAJ29=\"SINAPI\",VLOOKUP(BAG29,SINAPI,4,0),IF(BAJ29=\"SETOP\",VLOOKUP(BAG29,SETOP,5,0),IF(BAJ29=\"CPU\",VLOOKUP(BAG29,COMPOSIÇÃO,8,0),VLOOKUP(BAG29,COTAÇÃO,11,0))))","v":19.149999999999999},{"$f":"BAL29*BAM29","v":9.5749999999999993},"ED-50374",{"$f":"IF(BAR29=\"SINAPI\",VLOOKUP(BAO29,SINAPI,2,0),IF(BAR29=\"SETOP\",VLOOKUP(BAO29,SETOP,3,0),IF(BAR29=\"CPU\",VLOOKUP(BAO29,COMPOSIÇÃO,2,0),VLOOKUP(BAO29,COTAÇÃO,3,0))))","v":"BOMBEIRO/ENCANADOR COM ENCARGOS COMPLEMENTARES"},null,"SETOP",{"$f":"IF(BAR29=\"SINAPI\",VLOOKUP(BAO29,SINAPI,3,0),IF(BAR29=\"SETOP\",VLOOKUP(BAO29,SETOP,4,0),IF(BAR29=\"CPU\",VLOOKUP(BAO29,COMPOSIÇÃO,5,0),VLOOKUP(BAO29,COTAÇÃO,8,0))))","v":"HORA"},0.5,{"$f":"IF(BAR29=\"SINAPI\",VLOOKUP(BAO29,SINAPI,4,0),IF(BAR29=\"SETOP\",VLOOKUP(BAO29,SETOP,5,0),IF(BAR29=\"CPU\",VLOOKUP(BAO29,COMPOSIÇÃO,8,0),VLOOKUP(BAO29,COTAÇÃO,11,0))))","v":19.149999999999999},{"$f":"BAT29*BAU29","v":9.5749999999999993},"ED-50374",{"$f":"IF(BAZ29=\"SINAPI\",VLOOKUP(BAW29,SINAPI,2,0),IF(BAZ29=\"SETOP\",VLOOKUP(BAW29,SETOP,3,0),IF(BAZ29=\"CPU\",VLOOKUP(BAW29,COMPOSIÇÃO,2,0),VLOOKUP(BAW29,COTAÇÃO,3,0))))","v":"BOMBEIRO/ENCANADOR COM ENCARGOS COMPLEMENTARES"},null,"SETOP",{"$f":"IF(BAZ29=\"SINAPI\",VLOOKUP(BAW29,SINAPI,3,0),IF(BAZ29=\"SETOP\",VLOOKUP(BAW29,SETOP,4,0),IF(BAZ29=\"CPU\",VLOOKUP(BAW29,COMPOSIÇÃO,5,0),VLOOKUP(BAW29,COTAÇÃO,8,0))))","v":"HORA"},0.5,{"$f":"IF(BAZ29=\"SINAPI\",VLOOKUP(BAW29,SINAPI,4,0),IF(BAZ29=\"SETOP\",VLOOKUP(BAW29,SETOP,5,0),IF(BAZ29=\"CPU\",VLOOKUP(BAW29,COMPOSIÇÃO,8,0),VLOOKUP(BAW29,COTAÇÃO,11,0))))","v":19.149999999999999},{"$f":"BBB29*BBC29","v":9.5749999999999993},"ED-50374",{"$f":"IF(BBH29=\"SINAPI\",VLOOKUP(BBE29,SINAPI,2,0),IF(BBH29=\"SETOP\",VLOOKUP(BBE29,SETOP,3,0),IF(BBH29=\"CPU\",VLOOKUP(BBE29,COMPOSIÇÃO,2,0),VLOOKUP(BBE29,COTAÇÃO,3,0))))","v":"BOMBEIRO/ENCANADOR COM ENCARGOS COMPLEMENTARES"},null,"SETOP",{"$f":"IF(BBH29=\"SINAPI\",VLOOKUP(BBE29,SINAPI,3,0),IF(BBH29=\"SETOP\",VLOOKUP(BBE29,SETOP,4,0),IF(BBH29=\"CPU\",VLOOKUP(BBE29,COMPOSIÇÃO,5,0),VLOOKUP(BBE29,COTAÇÃO,8,0))))","v":"HORA"},0.5,{"$f":"IF(BBH29=\"SINAPI\",VLOOKUP(BBE29,SINAPI,4,0),IF(BBH29=\"SETOP\",VLOOKUP(BBE29,SETOP,5,0),IF(BBH29=\"CPU\",VLOOKUP(BBE29,COMPOSIÇÃO,8,0),VLOOKUP(BBE29,COTAÇÃO,11,0))))","v":19.149999999999999},{"$f":"BBJ29*BBK29","v":9.5749999999999993},"ED-50374",{"$f":"IF(BBP29=\"SINAPI\",VLOOKUP(BBM29,SINAPI,2,0),IF(BBP29=\"SETOP\",VLOOKUP(BBM29,SETOP,3,0),IF(BBP29=\"CPU\",VLOOKUP(BBM29,COMPOSIÇÃO,2,0),VLOOKUP(BBM29,COTAÇÃO,3,0))))","v":"BOMBEIRO/ENCANADOR COM ENCARGOS COMPLEMENTARES"},null,"SETOP",{"$f":"IF(BBP29=\"SINAPI\",VLOOKUP(BBM29,SINAPI,3,0),IF(BBP29=\"SETOP\",VLOOKUP(BBM29,SETOP,4,0),IF(BBP29=\"CPU\",VLOOKUP(BBM29,COMPOSIÇÃO,5,0),VLOOKUP(BBM29,COTAÇÃO,8,0))))","v":"HORA"},0.5,{"$f":"IF(BBP29=\"SINAPI\",VLOOKUP(BBM29,SINAPI,4,0),IF(BBP29=\"SETOP\",VLOOKUP(BBM29,SETOP,5,0),IF(BBP29=\"CPU\",VLOOKUP(BBM29,COMPOSIÇÃO,8,0),VLOOKUP(BBM29,COTAÇÃO,11,0))))","v":19.149999999999999},{"$f":"BBR29*BBS29","v":9.5749999999999993},"ED-50374",{"$f":"IF(BBX29=\"SINAPI\",VLOOKUP(BBU29,SINAPI,2,0),IF(BBX29=\"SETOP\",VLOOKUP(BBU29,SETOP,3,0),IF(BBX29=\"CPU\",VLOOKUP(BBU29,COMPOSIÇÃO,2,0),VLOOKUP(BBU29,COTAÇÃO,3,0))))","v":"BOMBEIRO/ENCANADOR COM ENCARGOS COMPLEMENTARES"},null,"SETOP",{"$f":"IF(BBX29=\"SINAPI\",VLOOKUP(BBU29,SINAPI,3,0),IF(BBX29=\"SETOP\",VLOOKUP(BBU29,SETOP,4,0),IF(BBX29=\"CPU\",VLOOKUP(BBU29,COMPOSIÇÃO,5,0),VLOOKUP(BBU29,COTAÇÃO,8,0))))","v":"HORA"},0.5,{"$f":"IF(BBX29=\"SINAPI\",VLOOKUP(BBU29,SINAPI,4,0),IF(BBX29=\"SETOP\",VLOOKUP(BBU29,SETOP,5,0),IF(BBX29=\"CPU\",VLOOKUP(BBU29,COMPOSIÇÃO,8,0),VLOOKUP(BBU29,COTAÇÃO,11,0))))","v":19.149999999999999},{"$f":"BBZ29*BCA29","v":9.5749999999999993},"ED-50374",{"$f":"IF(BCF29=\"SINAPI\",VLOOKUP(BCC29,SINAPI,2,0),IF(BCF29=\"SETOP\",VLOOKUP(BCC29,SETOP,3,0),IF(BCF29=\"CPU\",VLOOKUP(BCC29,COMPOSIÇÃO,2,0),VLOOKUP(BCC29,COTAÇÃO,3,0))))","v":"BOMBEIRO/ENCANADOR COM ENCARGOS COMPLEMENTARES"},null,"SETOP",{"$f":"IF(BCF29=\"SINAPI\",VLOOKUP(BCC29,SINAPI,3,0),IF(BCF29=\"SETOP\",VLOOKUP(BCC29,SETOP,4,0),IF(BCF29=\"CPU\",VLOOKUP(BCC29,COMPOSIÇÃO,5,0),VLOOKUP(BCC29,COTAÇÃO,8,0))))","v":"HORA"},0.5,{"$f":"IF(BCF29=\"SINAPI\",VLOOKUP(BCC29,SINAPI,4,0),IF(BCF29=\"SETOP\",VLOOKUP(BCC29,SETOP,5,0),IF(BCF29=\"CPU\",VLOOKUP(BCC29,COMPOSIÇÃO,8,0),VLOOKUP(BCC29,COTAÇÃO,11,0))))","v":19.149999999999999},{"$f":"BCH29*BCI29","v":9.5749999999999993},"ED-50374",{"$f":"IF(BCN29=\"SINAPI\",VLOOKUP(BCK29,SINAPI,2,0),IF(BCN29=\"SETOP\",VLOOKUP(BCK29,SETOP,3,0),IF(BCN29=\"CPU\",VLOOKUP(BCK29,COMPOSIÇÃO,2,0),VLOOKUP(BCK29,COTAÇÃO,3,0))))","v":"BOMBEIRO/ENCANADOR COM ENCARGOS COMPLEMENTARES"},null,"SETOP",{"$f":"IF(BCN29=\"SINAPI\",VLOOKUP(BCK29,SINAPI,3,0),IF(BCN29=\"SETOP\",VLOOKUP(BCK29,SETOP,4,0),IF(BCN29=\"CPU\",VLOOKUP(BCK29,COMPOSIÇÃO,5,0),VLOOKUP(BCK29,COTAÇÃO,8,0))))","v":"HORA"},0.5,{"$f":"IF(BCN29=\"SINAPI\",VLOOKUP(BCK29,SINAPI,4,0),IF(BCN29=\"SETOP\",VLOOKUP(BCK29,SETOP,5,0),IF(BCN29=\"CPU\",VLOOKUP(BCK29,COMPOSIÇÃO,8,0),VLOOKUP(BCK29,COTAÇÃO,11,0))))","v":19.149999999999999},{"$f":"BCP29*BCQ29","v":9.5749999999999993},"ED-50374",{"$f":"IF(BCV29=\"SINAPI\",VLOOKUP(BCS29,SINAPI,2,0),IF(BCV29=\"SETOP\",VLOOKUP(BCS29,SETOP,3,0),IF(BCV29=\"CPU\",VLOOKUP(BCS29,COMPOSIÇÃO,2,0),VLOOKUP(BCS29,COTAÇÃO,3,0))))","v":"BOMBEIRO/ENCANADOR COM ENCARGOS COMPLEMENTARES"},null,"SETOP",{"$f":"IF(BCV29=\"SINAPI\",VLOOKUP(BCS29,SINAPI,3,0),IF(BCV29=\"SETOP\",VLOOKUP(BCS29,SETOP,4,0),IF(BCV29=\"CPU\",VLOOKUP(BCS29,COMPOSIÇÃO,5,0),VLOOKUP(BCS29,COTAÇÃO,8,0))))","v":"HORA"},0.5,{"$f":"IF(BCV29=\"SINAPI\",VLOOKUP(BCS29,SINAPI,4,0),IF(BCV29=\"SETOP\",VLOOKUP(BCS29,SETOP,5,0),IF(BCV29=\"CPU\",VLOOKUP(BCS29,COMPOSIÇÃO,8,0),VLOOKUP(BCS29,COTAÇÃO,11,0))))","v":19.149999999999999},{"$f":"BCX29*BCY29","v":9.5749999999999993},"ED-50374",{"$f":"IF(BDD29=\"SINAPI\",VLOOKUP(BDA29,SINAPI,2,0),IF(BDD29=\"SETOP\",VLOOKUP(BDA29,SETOP,3,0),IF(BDD29=\"CPU\",VLOOKUP(BDA29,COMPOSIÇÃO,2,0),VLOOKUP(BDA29,COTAÇÃO,3,0))))","v":"BOMBEIRO/ENCANADOR COM ENCARGOS COMPLEMENTARES"},null,"SETOP",{"$f":"IF(BDD29=\"SINAPI\",VLOOKUP(BDA29,SINAPI,3,0),IF(BDD29=\"SETOP\",VLOOKUP(BDA29,SETOP,4,0),IF(BDD29=\"CPU\",VLOOKUP(BDA29,COMPOSIÇÃO,5,0),VLOOKUP(BDA29,COTAÇÃO,8,0))))","v":"HORA"},0.5,{"$f":"IF(BDD29=\"SINAPI\",VLOOKUP(BDA29,SINAPI,4,0),IF(BDD29=\"SETOP\",VLOOKUP(BDA29,SETOP,5,0),IF(BDD29=\"CPU\",VLOOKUP(BDA29,COMPOSIÇÃO,8,0),VLOOKUP(BDA29,COTAÇÃO,11,0))))","v":19.149999999999999},{"$f":"BDF29*BDG29","v":9.5749999999999993},"ED-50374",{"$f":"IF(BDL29=\"SINAPI\",VLOOKUP(BDI29,SINAPI,2,0),IF(BDL29=\"SETOP\",VLOOKUP(BDI29,SETOP,3,0),IF(BDL29=\"CPU\",VLOOKUP(BDI29,COMPOSIÇÃO,2,0),VLOOKUP(BDI29,COTAÇÃO,3,0))))","v":"BOMBEIRO/ENCANADOR COM ENCARGOS COMPLEMENTARES"},null,"SETOP",{"$f":"IF(BDL29=\"SINAPI\",VLOOKUP(BDI29,SINAPI,3,0),IF(BDL29=\"SETOP\",VLOOKUP(BDI29,SETOP,4,0),IF(BDL29=\"CPU\",VLOOKUP(BDI29,COMPOSIÇÃO,5,0),VLOOKUP(BDI29,COTAÇÃO,8,0))))","v":"HORA"},0.5,{"$f":"IF(BDL29=\"SINAPI\",VLOOKUP(BDI29,SINAPI,4,0),IF(BDL29=\"SETOP\",VLOOKUP(BDI29,SETOP,5,0),IF(BDL29=\"CPU\",VLOOKUP(BDI29,COMPOSIÇÃO,8,0),VLOOKUP(BDI29,COTAÇÃO,11,0))))","v":19.149999999999999},{"$f":"BDN29*BDO29","v":9.5749999999999993},"ED-50374",{"$f":"IF(BDT29=\"SINAPI\",VLOOKUP(BDQ29,SINAPI,2,0),IF(BDT29=\"SETOP\",VLOOKUP(BDQ29,SETOP,3,0),IF(BDT29=\"CPU\",VLOOKUP(BDQ29,COMPOSIÇÃO,2,0),VLOOKUP(BDQ29,COTAÇÃO,3,0))))","v":"BOMBEIRO/ENCANADOR COM ENCARGOS COMPLEMENTARES"},null,"SETOP",{"$f":"IF(BDT29=\"SINAPI\",VLOOKUP(BDQ29,SINAPI,3,0),IF(BDT29=\"SETOP\",VLOOKUP(BDQ29,SETOP,4,0),IF(BDT29=\"CPU\",VLOOKUP(BDQ29,COMPOSIÇÃO,5,0),VLOOKUP(BDQ29,COTAÇÃO,8,0))))","v":"HORA"},0.5,{"$f":"IF(BDT29=\"SINAPI\",VLOOKUP(BDQ29,SINAPI,4,0),IF(BDT29=\"SETOP\",VLOOKUP(BDQ29,SETOP,5,0),IF(BDT29=\"CPU\",VLOOKUP(BDQ29,COMPOSIÇÃO,8,0),VLOOKUP(BDQ29,COTAÇÃO,11,0))))","v":19.149999999999999},{"$f":"BDV29*BDW29","v":9.5749999999999993},"ED-50374",{"$f":"IF(BEB29=\"SINAPI\",VLOOKUP(BDY29,SINAPI,2,0),IF(BEB29=\"SETOP\",VLOOKUP(BDY29,SETOP,3,0),IF(BEB29=\"CPU\",VLOOKUP(BDY29,COMPOSIÇÃO,2,0),VLOOKUP(BDY29,COTAÇÃO,3,0))))","v":"BOMBEIRO/ENCANADOR COM ENCARGOS COMPLEMENTARES"},null,"SETOP",{"$f":"IF(BEB29=\"SINAPI\",VLOOKUP(BDY29,SINAPI,3,0),IF(BEB29=\"SETOP\",VLOOKUP(BDY29,SETOP,4,0),IF(BEB29=\"CPU\",VLOOKUP(BDY29,COMPOSIÇÃO,5,0),VLOOKUP(BDY29,COTAÇÃO,8,0))))","v":"HORA"},0.5,{"$f":"IF(BEB29=\"SINAPI\",VLOOKUP(BDY29,SINAPI,4,0),IF(BEB29=\"SETOP\",VLOOKUP(BDY29,SETOP,5,0),IF(BEB29=\"CPU\",VLOOKUP(BDY29,COMPOSIÇÃO,8,0),VLOOKUP(BDY29,COTAÇÃO,11,0))))","v":19.149999999999999},{"$f":"BED29*BEE29","v":9.5749999999999993},"ED-50374",{"$f":"IF(BEJ29=\"SINAPI\",VLOOKUP(BEG29,SINAPI,2,0),IF(BEJ29=\"SETOP\",VLOOKUP(BEG29,SETOP,3,0),IF(BEJ29=\"CPU\",VLOOKUP(BEG29,COMPOSIÇÃO,2,0),VLOOKUP(BEG29,COTAÇÃO,3,0))))","v":"BOMBEIRO/ENCANADOR COM ENCARGOS COMPLEMENTARES"},null,"SETOP",{"$f":"IF(BEJ29=\"SINAPI\",VLOOKUP(BEG29,SINAPI,3,0),IF(BEJ29=\"SETOP\",VLOOKUP(BEG29,SETOP,4,0),IF(BEJ29=\"CPU\",VLOOKUP(BEG29,COMPOSIÇÃO,5,0),VLOOKUP(BEG29,COTAÇÃO,8,0))))","v":"HORA"},0.5,{"$f":"IF(BEJ29=\"SINAPI\",VLOOKUP(BEG29,SINAPI,4,0),IF(BEJ29=\"SETOP\",VLOOKUP(BEG29,SETOP,5,0),IF(BEJ29=\"CPU\",VLOOKUP(BEG29,COMPOSIÇÃO,8,0),VLOOKUP(BEG29,COTAÇÃO,11,0))))","v":19.149999999999999},{"$f":"BEL29*BEM29","v":9.5749999999999993},"ED-50374",{"$f":"IF(BER29=\"SINAPI\",VLOOKUP(BEO29,SINAPI,2,0),IF(BER29=\"SETOP\",VLOOKUP(BEO29,SETOP,3,0),IF(BER29=\"CPU\",VLOOKUP(BEO29,COMPOSIÇÃO,2,0),VLOOKUP(BEO29,COTAÇÃO,3,0))))","v":"BOMBEIRO/ENCANADOR COM ENCARGOS COMPLEMENTARES"},null,"SETOP",{"$f":"IF(BER29=\"SINAPI\",VLOOKUP(BEO29,SINAPI,3,0),IF(BER29=\"SETOP\",VLOOKUP(BEO29,SETOP,4,0),IF(BER29=\"CPU\",VLOOKUP(BEO29,COMPOSIÇÃO,5,0),VLOOKUP(BEO29,COTAÇÃO,8,0))))","v":"HORA"},0.5,{"$f":"IF(BER29=\"SINAPI\",VLOOKUP(BEO29,SINAPI,4,0),IF(BER29=\"SETOP\",VLOOKUP(BEO29,SETOP,5,0),IF(BER29=\"CPU\",VLOOKUP(BEO29,COMPOSIÇÃO,8,0),VLOOKUP(BEO29,COTAÇÃO,11,0))))","v":19.149999999999999},{"$f":"BET29*BEU29","v":9.5749999999999993},"ED-50374",{"$f":"IF(BEZ29=\"SINAPI\",VLOOKUP(BEW29,SINAPI,2,0),IF(BEZ29=\"SETOP\",VLOOKUP(BEW29,SETOP,3,0),IF(BEZ29=\"CPU\",VLOOKUP(BEW29,COMPOSIÇÃO,2,0),VLOOKUP(BEW29,COTAÇÃO,3,0))))","v":"BOMBEIRO/ENCANADOR COM ENCARGOS COMPLEMENTARES"},null,"SETOP",{"$f":"IF(BEZ29=\"SINAPI\",VLOOKUP(BEW29,SINAPI,3,0),IF(BEZ29=\"SETOP\",VLOOKUP(BEW29,SETOP,4,0),IF(BEZ29=\"CPU\",VLOOKUP(BEW29,COMPOSIÇÃO,5,0),VLOOKUP(BEW29,COTAÇÃO,8,0))))","v":"HORA"},0.5,{"$f":"IF(BEZ29=\"SINAPI\",VLOOKUP(BEW29,SINAPI,4,0),IF(BEZ29=\"SETOP\",VLOOKUP(BEW29,SETOP,5,0),IF(BEZ29=\"CPU\",VLOOKUP(BEW29,COMPOSIÇÃO,8,0),VLOOKUP(BEW29,COTAÇÃO,11,0))))","v":19.149999999999999},{"$f":"BFB29*BFC29","v":9.5749999999999993},"ED-50374",{"$f":"IF(BFH29=\"SINAPI\",VLOOKUP(BFE29,SINAPI,2,0),IF(BFH29=\"SETOP\",VLOOKUP(BFE29,SETOP,3,0),IF(BFH29=\"CPU\",VLOOKUP(BFE29,COMPOSIÇÃO,2,0),VLOOKUP(BFE29,COTAÇÃO,3,0))))","v":"BOMBEIRO/ENCANADOR COM ENCARGOS COMPLEMENTARES"},null,"SETOP",{"$f":"IF(BFH29=\"SINAPI\",VLOOKUP(BFE29,SINAPI,3,0),IF(BFH29=\"SETOP\",VLOOKUP(BFE29,SETOP,4,0),IF(BFH29=\"CPU\",VLOOKUP(BFE29,COMPOSIÇÃO,5,0),VLOOKUP(BFE29,COTAÇÃO,8,0))))","v":"HORA"},0.5,{"$f":"IF(BFH29=\"SINAPI\",VLOOKUP(BFE29,SINAPI,4,0),IF(BFH29=\"SETOP\",VLOOKUP(BFE29,SETOP,5,0),IF(BFH29=\"CPU\",VLOOKUP(BFE29,COMPOSIÇÃO,8,0),VLOOKUP(BFE29,COTAÇÃO,11,0))))","v":19.149999999999999},{"$f":"BFJ29*BFK29","v":9.5749999999999993},"ED-50374",{"$f":"IF(BFP29=\"SINAPI\",VLOOKUP(BFM29,SINAPI,2,0),IF(BFP29=\"SETOP\",VLOOKUP(BFM29,SETOP,3,0),IF(BFP29=\"CPU\",VLOOKUP(BFM29,COMPOSIÇÃO,2,0),VLOOKUP(BFM29,COTAÇÃO,3,0))))","v":"BOMBEIRO/ENCANADOR COM ENCARGOS COMPLEMENTARES"},null,"SETOP",{"$f":"IF(BFP29=\"SINAPI\",VLOOKUP(BFM29,SINAPI,3,0),IF(BFP29=\"SETOP\",VLOOKUP(BFM29,SETOP,4,0),IF(BFP29=\"CPU\",VLOOKUP(BFM29,COMPOSIÇÃO,5,0),VLOOKUP(BFM29,COTAÇÃO,8,0))))","v":"HORA"},0.5,{"$f":"IF(BFP29=\"SINAPI\",VLOOKUP(BFM29,SINAPI,4,0),IF(BFP29=\"SETOP\",VLOOKUP(BFM29,SETOP,5,0),IF(BFP29=\"CPU\",VLOOKUP(BFM29,COMPOSIÇÃO,8,0),VLOOKUP(BFM29,COTAÇÃO,11,0))))","v":19.149999999999999},{"$f":"BFR29*BFS29","v":9.5749999999999993},"ED-50374",{"$f":"IF(BFX29=\"SINAPI\",VLOOKUP(BFU29,SINAPI,2,0),IF(BFX29=\"SETOP\",VLOOKUP(BFU29,SETOP,3,0),IF(BFX29=\"CPU\",VLOOKUP(BFU29,COMPOSIÇÃO,2,0),VLOOKUP(BFU29,COTAÇÃO,3,0))))","v":"BOMBEIRO/ENCANADOR COM ENCARGOS COMPLEMENTARES"},null,"SETOP",{"$f":"IF(BFX29=\"SINAPI\",VLOOKUP(BFU29,SINAPI,3,0),IF(BFX29=\"SETOP\",VLOOKUP(BFU29,SETOP,4,0),IF(BFX29=\"CPU\",VLOOKUP(BFU29,COMPOSIÇÃO,5,0),VLOOKUP(BFU29,COTAÇÃO,8,0))))","v":"HORA"},0.5,{"$f":"IF(BFX29=\"SINAPI\",VLOOKUP(BFU29,SINAPI,4,0),IF(BFX29=\"SETOP\",VLOOKUP(BFU29,SETOP,5,0),IF(BFX29=\"CPU\",VLOOKUP(BFU29,COMPOSIÇÃO,8,0),VLOOKUP(BFU29,COTAÇÃO,11,0))))","v":19.149999999999999},{"$f":"BFZ29*BGA29","v":9.5749999999999993},"ED-50374",{"$f":"IF(BGF29=\"SINAPI\",VLOOKUP(BGC29,SINAPI,2,0),IF(BGF29=\"SETOP\",VLOOKUP(BGC29,SETOP,3,0),IF(BGF29=\"CPU\",VLOOKUP(BGC29,COMPOSIÇÃO,2,0),VLOOKUP(BGC29,COTAÇÃO,3,0))))","v":"BOMBEIRO/ENCANADOR COM ENCARGOS COMPLEMENTARES"},null,"SETOP",{"$f":"IF(BGF29=\"SINAPI\",VLOOKUP(BGC29,SINAPI,3,0),IF(BGF29=\"SETOP\",VLOOKUP(BGC29,SETOP,4,0),IF(BGF29=\"CPU\",VLOOKUP(BGC29,COMPOSIÇÃO,5,0),VLOOKUP(BGC29,COTAÇÃO,8,0))))","v":"HORA"},0.5,{"$f":"IF(BGF29=\"SINAPI\",VLOOKUP(BGC29,SINAPI,4,0),IF(BGF29=\"SETOP\",VLOOKUP(BGC29,SETOP,5,0),IF(BGF29=\"CPU\",VLOOKUP(BGC29,COMPOSIÇÃO,8,0),VLOOKUP(BGC29,COTAÇÃO,11,0))))","v":19.149999999999999},{"$f":"BGH29*BGI29","v":9.5749999999999993},"ED-50374",{"$f":"IF(BGN29=\"SINAPI\",VLOOKUP(BGK29,SINAPI,2,0),IF(BGN29=\"SETOP\",VLOOKUP(BGK29,SETOP,3,0),IF(BGN29=\"CPU\",VLOOKUP(BGK29,COMPOSIÇÃO,2,0),VLOOKUP(BGK29,COTAÇÃO,3,0))))","v":"BOMBEIRO/ENCANADOR COM ENCARGOS COMPLEMENTARES"},null,"SETOP",{"$f":"IF(BGN29=\"SINAPI\",VLOOKUP(BGK29,SINAPI,3,0),IF(BGN29=\"SETOP\",VLOOKUP(BGK29,SETOP,4,0),IF(BGN29=\"CPU\",VLOOKUP(BGK29,COMPOSIÇÃO,5,0),VLOOKUP(BGK29,COTAÇÃO,8,0))))","v":"HORA"},0.5,{"$f":"IF(BGN29=\"SINAPI\",VLOOKUP(BGK29,SINAPI,4,0),IF(BGN29=\"SETOP\",VLOOKUP(BGK29,SETOP,5,0),IF(BGN29=\"CPU\",VLOOKUP(BGK29,COMPOSIÇÃO,8,0),VLOOKUP(BGK29,COTAÇÃO,11,0))))","v":19.149999999999999},{"$f":"BGP29*BGQ29","v":9.5749999999999993},"ED-50374",{"$f":"IF(BGV29=\"SINAPI\",VLOOKUP(BGS29,SINAPI,2,0),IF(BGV29=\"SETOP\",VLOOKUP(BGS29,SETOP,3,0),IF(BGV29=\"CPU\",VLOOKUP(BGS29,COMPOSIÇÃO,2,0),VLOOKUP(BGS29,COTAÇÃO,3,0))))","v":"BOMBEIRO/ENCANADOR COM ENCARGOS COMPLEMENTARES"},null,"SETOP",{"$f":"IF(BGV29=\"SINAPI\",VLOOKUP(BGS29,SINAPI,3,0),IF(BGV29=\"SETOP\",VLOOKUP(BGS29,SETOP,4,0),IF(BGV29=\"CPU\",VLOOKUP(BGS29,COMPOSIÇÃO,5,0),VLOOKUP(BGS29,COTAÇÃO,8,0))))","v":"HORA"},0.5,{"$f":"IF(BGV29=\"SINAPI\",VLOOKUP(BGS29,SINAPI,4,0),IF(BGV29=\"SETOP\",VLOOKUP(BGS29,SETOP,5,0),IF(BGV29=\"CPU\",VLOOKUP(BGS29,COMPOSIÇÃO,8,0),VLOOKUP(BGS29,COTAÇÃO,11,0))))","v":19.149999999999999},{"$f":"BGX29*BGY29","v":9.5749999999999993},"ED-50374",{"$f":"IF(BHD29=\"SINAPI\",VLOOKUP(BHA29,SINAPI,2,0),IF(BHD29=\"SETOP\",VLOOKUP(BHA29,SETOP,3,0),IF(BHD29=\"CPU\",VLOOKUP(BHA29,COMPOSIÇÃO,2,0),VLOOKUP(BHA29,COTAÇÃO,3,0))))","v":"BOMBEIRO/ENCANADOR COM ENCARGOS COMPLEMENTARES"},null,"SETOP",{"$f":"IF(BHD29=\"SINAPI\",VLOOKUP(BHA29,SINAPI,3,0),IF(BHD29=\"SETOP\",VLOOKUP(BHA29,SETOP,4,0),IF(BHD29=\"CPU\",VLOOKUP(BHA29,COMPOSIÇÃO,5,0),VLOOKUP(BHA29,COTAÇÃO,8,0))))","v":"HORA"},0.5,{"$f":"IF(BHD29=\"SINAPI\",VLOOKUP(BHA29,SINAPI,4,0),IF(BHD29=\"SETOP\",VLOOKUP(BHA29,SETOP,5,0),IF(BHD29=\"CPU\",VLOOKUP(BHA29,COMPOSIÇÃO,8,0),VLOOKUP(BHA29,COTAÇÃO,11,0))))","v":19.149999999999999},{"$f":"BHF29*BHG29","v":9.5749999999999993},"ED-50374",{"$f":"IF(BHL29=\"SINAPI\",VLOOKUP(BHI29,SINAPI,2,0),IF(BHL29=\"SETOP\",VLOOKUP(BHI29,SETOP,3,0),IF(BHL29=\"CPU\",VLOOKUP(BHI29,COMPOSIÇÃO,2,0),VLOOKUP(BHI29,COTAÇÃO,3,0))))","v":"BOMBEIRO/ENCANADOR COM ENCARGOS COMPLEMENTARES"},null,"SETOP",{"$f":"IF(BHL29=\"SINAPI\",VLOOKUP(BHI29,SINAPI,3,0),IF(BHL29=\"SETOP\",VLOOKUP(BHI29,SETOP,4,0),IF(BHL29=\"CPU\",VLOOKUP(BHI29,COMPOSIÇÃO,5,0),VLOOKUP(BHI29,COTAÇÃO,8,0))))","v":"HORA"},0.5,{"$f":"IF(BHL29=\"SINAPI\",VLOOKUP(BHI29,SINAPI,4,0),IF(BHL29=\"SETOP\",VLOOKUP(BHI29,SETOP,5,0),IF(BHL29=\"CPU\",VLOOKUP(BHI29,COMPOSIÇÃO,8,0),VLOOKUP(BHI29,COTAÇÃO,11,0))))","v":19.149999999999999},{"$f":"BHN29*BHO29","v":9.5749999999999993},"ED-50374",{"$f":"IF(BHT29=\"SINAPI\",VLOOKUP(BHQ29,SINAPI,2,0),IF(BHT29=\"SETOP\",VLOOKUP(BHQ29,SETOP,3,0),IF(BHT29=\"CPU\",VLOOKUP(BHQ29,COMPOSIÇÃO,2,0),VLOOKUP(BHQ29,COTAÇÃO,3,0))))","v":"BOMBEIRO/ENCANADOR COM ENCARGOS COMPLEMENTARES"},null,"SETOP",{"$f":"IF(BHT29=\"SINAPI\",VLOOKUP(BHQ29,SINAPI,3,0),IF(BHT29=\"SETOP\",VLOOKUP(BHQ29,SETOP,4,0),IF(BHT29=\"CPU\",VLOOKUP(BHQ29,COMPOSIÇÃO,5,0),VLOOKUP(BHQ29,COTAÇÃO,8,0))))","v":"HORA"},0.5,{"$f":"IF(BHT29=\"SINAPI\",VLOOKUP(BHQ29,SINAPI,4,0),IF(BHT29=\"SETOP\",VLOOKUP(BHQ29,SETOP,5,0),IF(BHT29=\"CPU\",VLOOKUP(BHQ29,COMPOSIÇÃO,8,0),VLOOKUP(BHQ29,COTAÇÃO,11,0))))","v":19.149999999999999},{"$f":"BHV29*BHW29","v":9.5749999999999993},"ED-50374",{"$f":"IF(BIB29=\"SINAPI\",VLOOKUP(BHY29,SINAPI,2,0),IF(BIB29=\"SETOP\",VLOOKUP(BHY29,SETOP,3,0),IF(BIB29=\"CPU\",VLOOKUP(BHY29,COMPOSIÇÃO,2,0),VLOOKUP(BHY29,COTAÇÃO,3,0))))","v":"BOMBEIRO/ENCANADOR COM ENCARGOS COMPLEMENTARES"},null,"SETOP",{"$f":"IF(BIB29=\"SINAPI\",VLOOKUP(BHY29,SINAPI,3,0),IF(BIB29=\"SETOP\",VLOOKUP(BHY29,SETOP,4,0),IF(BIB29=\"CPU\",VLOOKUP(BHY29,COMPOSIÇÃO,5,0),VLOOKUP(BHY29,COTAÇÃO,8,0))))","v":"HORA"},0.5,{"$f":"IF(BIB29=\"SINAPI\",VLOOKUP(BHY29,SINAPI,4,0),IF(BIB29=\"SETOP\",VLOOKUP(BHY29,SETOP,5,0),IF(BIB29=\"CPU\",VLOOKUP(BHY29,COMPOSIÇÃO,8,0),VLOOKUP(BHY29,COTAÇÃO,11,0))))","v":19.149999999999999},{"$f":"BID29*BIE29","v":9.5749999999999993},"ED-50374",{"$f":"IF(BIJ29=\"SINAPI\",VLOOKUP(BIG29,SINAPI,2,0),IF(BIJ29=\"SETOP\",VLOOKUP(BIG29,SETOP,3,0),IF(BIJ29=\"CPU\",VLOOKUP(BIG29,COMPOSIÇÃO,2,0),VLOOKUP(BIG29,COTAÇÃO,3,0))))","v":"BOMBEIRO/ENCANADOR COM ENCARGOS COMPLEMENTARES"},null,"SETOP",{"$f":"IF(BIJ29=\"SINAPI\",VLOOKUP(BIG29,SINAPI,3,0),IF(BIJ29=\"SETOP\",VLOOKUP(BIG29,SETOP,4,0),IF(BIJ29=\"CPU\",VLOOKUP(BIG29,COMPOSIÇÃO,5,0),VLOOKUP(BIG29,COTAÇÃO,8,0))))","v":"HORA"},0.5,{"$f":"IF(BIJ29=\"SINAPI\",VLOOKUP(BIG29,SINAPI,4,0),IF(BIJ29=\"SETOP\",VLOOKUP(BIG29,SETOP,5,0),IF(BIJ29=\"CPU\",VLOOKUP(BIG29,COMPOSIÇÃO,8,0),VLOOKUP(BIG29,COTAÇÃO,11,0))))","v":19.149999999999999},{"$f":"BIL29*BIM29","v":9.5749999999999993},"ED-50374",{"$f":"IF(BIR29=\"SINAPI\",VLOOKUP(BIO29,SINAPI,2,0),IF(BIR29=\"SETOP\",VLOOKUP(BIO29,SETOP,3,0),IF(BIR29=\"CPU\",VLOOKUP(BIO29,COMPOSIÇÃO,2,0),VLOOKUP(BIO29,COTAÇÃO,3,0))))","v":"BOMBEIRO/ENCANADOR COM ENCARGOS COMPLEMENTARES"},null,"SETOP",{"$f":"IF(BIR29=\"SINAPI\",VLOOKUP(BIO29,SINAPI,3,0),IF(BIR29=\"SETOP\",VLOOKUP(BIO29,SETOP,4,0),IF(BIR29=\"CPU\",VLOOKUP(BIO29,COMPOSIÇÃO,5,0),VLOOKUP(BIO29,COTAÇÃO,8,0))))","v":"HORA"},0.5,{"$f":"IF(BIR29=\"SINAPI\",VLOOKUP(BIO29,SINAPI,4,0),IF(BIR29=\"SETOP\",VLOOKUP(BIO29,SETOP,5,0),IF(BIR29=\"CPU\",VLOOKUP(BIO29,COMPOSIÇÃO,8,0),VLOOKUP(BIO29,COTAÇÃO,11,0))))","v":19.149999999999999},{"$f":"BIT29*BIU29","v":9.5749999999999993},"ED-50374",{"$f":"IF(BIZ29=\"SINAPI\",VLOOKUP(BIW29,SINAPI,2,0),IF(BIZ29=\"SETOP\",VLOOKUP(BIW29,SETOP,3,0),IF(BIZ29=\"CPU\",VLOOKUP(BIW29,COMPOSIÇÃO,2,0),VLOOKUP(BIW29,COTAÇÃO,3,0))))","v":"BOMBEIRO/ENCANADOR COM ENCARGOS COMPLEMENTARES"},null,"SETOP",{"$f":"IF(BIZ29=\"SINAPI\",VLOOKUP(BIW29,SINAPI,3,0),IF(BIZ29=\"SETOP\",VLOOKUP(BIW29,SETOP,4,0),IF(BIZ29=\"CPU\",VLOOKUP(BIW29,COMPOSIÇÃO,5,0),VLOOKUP(BIW29,COTAÇÃO,8,0))))","v":"HORA"},0.5,{"$f":"IF(BIZ29=\"SINAPI\",VLOOKUP(BIW29,SINAPI,4,0),IF(BIZ29=\"SETOP\",VLOOKUP(BIW29,SETOP,5,0),IF(BIZ29=\"CPU\",VLOOKUP(BIW29,COMPOSIÇÃO,8,0),VLOOKUP(BIW29,COTAÇÃO,11,0))))","v":19.149999999999999},{"$f":"BJB29*BJC29","v":9.5749999999999993},"ED-50374",{"$f":"IF(BJH29=\"SINAPI\",VLOOKUP(BJE29,SINAPI,2,0),IF(BJH29=\"SETOP\",VLOOKUP(BJE29,SETOP,3,0),IF(BJH29=\"CPU\",VLOOKUP(BJE29,COMPOSIÇÃO,2,0),VLOOKUP(BJE29,COTAÇÃO,3,0))))","v":"BOMBEIRO/ENCANADOR COM ENCARGOS COMPLEMENTARES"},null,"SETOP",{"$f":"IF(BJH29=\"SINAPI\",VLOOKUP(BJE29,SINAPI,3,0),IF(BJH29=\"SETOP\",VLOOKUP(BJE29,SETOP,4,0),IF(BJH29=\"CPU\",VLOOKUP(BJE29,COMPOSIÇÃO,5,0),VLOOKUP(BJE29,COTAÇÃO,8,0))))","v":"HORA"},0.5,{"$f":"IF(BJH29=\"SINAPI\",VLOOKUP(BJE29,SINAPI,4,0),IF(BJH29=\"SETOP\",VLOOKUP(BJE29,SETOP,5,0),IF(BJH29=\"CPU\",VLOOKUP(BJE29,COMPOSIÇÃO,8,0),VLOOKUP(BJE29,COTAÇÃO,11,0))))","v":19.149999999999999},{"$f":"BJJ29*BJK29","v":9.5749999999999993},"ED-50374",{"$f":"IF(BJP29=\"SINAPI\",VLOOKUP(BJM29,SINAPI,2,0),IF(BJP29=\"SETOP\",VLOOKUP(BJM29,SETOP,3,0),IF(BJP29=\"CPU\",VLOOKUP(BJM29,COMPOSIÇÃO,2,0),VLOOKUP(BJM29,COTAÇÃO,3,0))))","v":"BOMBEIRO/ENCANADOR COM ENCARGOS COMPLEMENTARES"},null,"SETOP",{"$f":"IF(BJP29=\"SINAPI\",VLOOKUP(BJM29,SINAPI,3,0),IF(BJP29=\"SETOP\",VLOOKUP(BJM29,SETOP,4,0),IF(BJP29=\"CPU\",VLOOKUP(BJM29,COMPOSIÇÃO,5,0),VLOOKUP(BJM29,COTAÇÃO,8,0))))","v":"HORA"},0.5,{"$f":"IF(BJP29=\"SINAPI\",VLOOKUP(BJM29,SINAPI,4,0),IF(BJP29=\"SETOP\",VLOOKUP(BJM29,SETOP,5,0),IF(BJP29=\"CPU\",VLOOKUP(BJM29,COMPOSIÇÃO,8,0),VLOOKUP(BJM29,COTAÇÃO,11,0))))","v":19.149999999999999},{"$f":"BJR29*BJS29","v":9.5749999999999993},"ED-50374",{"$f":"IF(BJX29=\"SINAPI\",VLOOKUP(BJU29,SINAPI,2,0),IF(BJX29=\"SETOP\",VLOOKUP(BJU29,SETOP,3,0),IF(BJX29=\"CPU\",VLOOKUP(BJU29,COMPOSIÇÃO,2,0),VLOOKUP(BJU29,COTAÇÃO,3,0))))","v":"BOMBEIRO/ENCANADOR COM ENCARGOS COMPLEMENTARES"},null,"SETOP",{"$f":"IF(BJX29=\"SINAPI\",VLOOKUP(BJU29,SINAPI,3,0),IF(BJX29=\"SETOP\",VLOOKUP(BJU29,SETOP,4,0),IF(BJX29=\"CPU\",VLOOKUP(BJU29,COMPOSIÇÃO,5,0),VLOOKUP(BJU29,COTAÇÃO,8,0))))","v":"HORA"},0.5,{"$f":"IF(BJX29=\"SINAPI\",VLOOKUP(BJU29,SINAPI,4,0),IF(BJX29=\"SETOP\",VLOOKUP(BJU29,SETOP,5,0),IF(BJX29=\"CPU\",VLOOKUP(BJU29,COMPOSIÇÃO,8,0),VLOOKUP(BJU29,COTAÇÃO,11,0))))","v":19.149999999999999},{"$f":"BJZ29*BKA29","v":9.5749999999999993},"ED-50374",{"$f":"IF(BKF29=\"SINAPI\",VLOOKUP(BKC29,SINAPI,2,0),IF(BKF29=\"SETOP\",VLOOKUP(BKC29,SETOP,3,0),IF(BKF29=\"CPU\",VLOOKUP(BKC29,COMPOSIÇÃO,2,0),VLOOKUP(BKC29,COTAÇÃO,3,0))))","v":"BOMBEIRO/ENCANADOR COM ENCARGOS COMPLEMENTARES"},null,"SETOP",{"$f":"IF(BKF29=\"SINAPI\",VLOOKUP(BKC29,SINAPI,3,0),IF(BKF29=\"SETOP\",VLOOKUP(BKC29,SETOP,4,0),IF(BKF29=\"CPU\",VLOOKUP(BKC29,COMPOSIÇÃO,5,0),VLOOKUP(BKC29,COTAÇÃO,8,0))))","v":"HORA"},0.5,{"$f":"IF(BKF29=\"SINAPI\",VLOOKUP(BKC29,SINAPI,4,0),IF(BKF29=\"SETOP\",VLOOKUP(BKC29,SETOP,5,0),IF(BKF29=\"CPU\",VLOOKUP(BKC29,COMPOSIÇÃO,8,0),VLOOKUP(BKC29,COTAÇÃO,11,0))))","v":19.149999999999999},{"$f":"BKH29*BKI29","v":9.5749999999999993},"ED-50374",{"$f":"IF(BKN29=\"SINAPI\",VLOOKUP(BKK29,SINAPI,2,0),IF(BKN29=\"SETOP\",VLOOKUP(BKK29,SETOP,3,0),IF(BKN29=\"CPU\",VLOOKUP(BKK29,COMPOSIÇÃO,2,0),VLOOKUP(BKK29,COTAÇÃO,3,0))))","v":"BOMBEIRO/ENCANADOR COM ENCARGOS COMPLEMENTARES"},null,"SETOP",{"$f":"IF(BKN29=\"SINAPI\",VLOOKUP(BKK29,SINAPI,3,0),IF(BKN29=\"SETOP\",VLOOKUP(BKK29,SETOP,4,0),IF(BKN29=\"CPU\",VLOOKUP(BKK29,COMPOSIÇÃO,5,0),VLOOKUP(BKK29,COTAÇÃO,8,0))))","v":"HORA"},0.5,{"$f":"IF(BKN29=\"SINAPI\",VLOOKUP(BKK29,SINAPI,4,0),IF(BKN29=\"SETOP\",VLOOKUP(BKK29,SETOP,5,0),IF(BKN29=\"CPU\",VLOOKUP(BKK29,COMPOSIÇÃO,8,0),VLOOKUP(BKK29,COTAÇÃO,11,0))))","v":19.149999999999999},{"$f":"BKP29*BKQ29","v":9.5749999999999993},"ED-50374",{"$f":"IF(BKV29=\"SINAPI\",VLOOKUP(BKS29,SINAPI,2,0),IF(BKV29=\"SETOP\",VLOOKUP(BKS29,SETOP,3,0),IF(BKV29=\"CPU\",VLOOKUP(BKS29,COMPOSIÇÃO,2,0),VLOOKUP(BKS29,COTAÇÃO,3,0))))","v":"BOMBEIRO/ENCANADOR COM ENCARGOS COMPLEMENTARES"},null,"SETOP",{"$f":"IF(BKV29=\"SINAPI\",VLOOKUP(BKS29,SINAPI,3,0),IF(BKV29=\"SETOP\",VLOOKUP(BKS29,SETOP,4,0),IF(BKV29=\"CPU\",VLOOKUP(BKS29,COMPOSIÇÃO,5,0),VLOOKUP(BKS29,COTAÇÃO,8,0))))","v":"HORA"},0.5,{"$f":"IF(BKV29=\"SINAPI\",VLOOKUP(BKS29,SINAPI,4,0),IF(BKV29=\"SETOP\",VLOOKUP(BKS29,SETOP,5,0),IF(BKV29=\"CPU\",VLOOKUP(BKS29,COMPOSIÇÃO,8,0),VLOOKUP(BKS29,COTAÇÃO,11,0))))","v":19.149999999999999},{"$f":"BKX29*BKY29","v":9.5749999999999993},"ED-50374",{"$f":"IF(BLD29=\"SINAPI\",VLOOKUP(BLA29,SINAPI,2,0),IF(BLD29=\"SETOP\",VLOOKUP(BLA29,SETOP,3,0),IF(BLD29=\"CPU\",VLOOKUP(BLA29,COMPOSIÇÃO,2,0),VLOOKUP(BLA29,COTAÇÃO,3,0))))","v":"BOMBEIRO/ENCANADOR COM ENCARGOS COMPLEMENTARES"},null,"SETOP",{"$f":"IF(BLD29=\"SINAPI\",VLOOKUP(BLA29,SINAPI,3,0),IF(BLD29=\"SETOP\",VLOOKUP(BLA29,SETOP,4,0),IF(BLD29=\"CPU\",VLOOKUP(BLA29,COMPOSIÇÃO,5,0),VLOOKUP(BLA29,COTAÇÃO,8,0))))","v":"HORA"},0.5,{"$f":"IF(BLD29=\"SINAPI\",VLOOKUP(BLA29,SINAPI,4,0),IF(BLD29=\"SETOP\",VLOOKUP(BLA29,SETOP,5,0),IF(BLD29=\"CPU\",VLOOKUP(BLA29,COMPOSIÇÃO,8,0),VLOOKUP(BLA29,COTAÇÃO,11,0))))","v":19.149999999999999},{"$f":"BLF29*BLG29","v":9.5749999999999993},"ED-50374",{"$f":"IF(BLL29=\"SINAPI\",VLOOKUP(BLI29,SINAPI,2,0),IF(BLL29=\"SETOP\",VLOOKUP(BLI29,SETOP,3,0),IF(BLL29=\"CPU\",VLOOKUP(BLI29,COMPOSIÇÃO,2,0),VLOOKUP(BLI29,COTAÇÃO,3,0))))","v":"BOMBEIRO/ENCANADOR COM ENCARGOS COMPLEMENTARES"},null,"SETOP",{"$f":"IF(BLL29=\"SINAPI\",VLOOKUP(BLI29,SINAPI,3,0),IF(BLL29=\"SETOP\",VLOOKUP(BLI29,SETOP,4,0),IF(BLL29=\"CPU\",VLOOKUP(BLI29,COMPOSIÇÃO,5,0),VLOOKUP(BLI29,COTAÇÃO,8,0))))","v":"HORA"},0.5,{"$f":"IF(BLL29=\"SINAPI\",VLOOKUP(BLI29,SINAPI,4,0),IF(BLL29=\"SETOP\",VLOOKUP(BLI29,SETOP,5,0),IF(BLL29=\"CPU\",VLOOKUP(BLI29,COMPOSIÇÃO,8,0),VLOOKUP(BLI29,COTAÇÃO,11,0))))","v":19.149999999999999},{"$f":"BLN29*BLO29","v":9.5749999999999993},"ED-50374",{"$f":"IF(BLT29=\"SINAPI\",VLOOKUP(BLQ29,SINAPI,2,0),IF(BLT29=\"SETOP\",VLOOKUP(BLQ29,SETOP,3,0),IF(BLT29=\"CPU\",VLOOKUP(BLQ29,COMPOSIÇÃO,2,0),VLOOKUP(BLQ29,COTAÇÃO,3,0))))","v":"BOMBEIRO/ENCANADOR COM ENCARGOS COMPLEMENTARES"},null,"SETOP",{"$f":"IF(BLT29=\"SINAPI\",VLOOKUP(BLQ29,SINAPI,3,0),IF(BLT29=\"SETOP\",VLOOKUP(BLQ29,SETOP,4,0),IF(BLT29=\"CPU\",VLOOKUP(BLQ29,COMPOSIÇÃO,5,0),VLOOKUP(BLQ29,COTAÇÃO,8,0))))","v":"HORA"},0.5,{"$f":"IF(BLT29=\"SINAPI\",VLOOKUP(BLQ29,SINAPI,4,0),IF(BLT29=\"SETOP\",VLOOKUP(BLQ29,SETOP,5,0),IF(BLT29=\"CPU\",VLOOKUP(BLQ29,COMPOSIÇÃO,8,0),VLOOKUP(BLQ29,COTAÇÃO,11,0))))","v":19.149999999999999},{"$f":"BLV29*BLW29","v":9.5749999999999993},"ED-50374",{"$f":"IF(BMB29=\"SINAPI\",VLOOKUP(BLY29,SINAPI,2,0),IF(BMB29=\"SETOP\",VLOOKUP(BLY29,SETOP,3,0),IF(BMB29=\"CPU\",VLOOKUP(BLY29,COMPOSIÇÃO,2,0),VLOOKUP(BLY29,COTAÇÃO,3,0))))","v":"BOMBEIRO/ENCANADOR COM ENCARGOS COMPLEMENTARES"},null,"SETOP",{"$f":"IF(BMB29=\"SINAPI\",VLOOKUP(BLY29,SINAPI,3,0),IF(BMB29=\"SETOP\",VLOOKUP(BLY29,SETOP,4,0),IF(BMB29=\"CPU\",VLOOKUP(BLY29,COMPOSIÇÃO,5,0),VLOOKUP(BLY29,COTAÇÃO,8,0))))","v":"HORA"},0.5,{"$f":"IF(BMB29=\"SINAPI\",VLOOKUP(BLY29,SINAPI,4,0),IF(BMB29=\"SETOP\",VLOOKUP(BLY29,SETOP,5,0),IF(BMB29=\"CPU\",VLOOKUP(BLY29,COMPOSIÇÃO,8,0),VLOOKUP(BLY29,COTAÇÃO,11,0))))","v":19.149999999999999},{"$f":"BMD29*BME29","v":9.5749999999999993},"ED-50374",{"$f":"IF(BMJ29=\"SINAPI\",VLOOKUP(BMG29,SINAPI,2,0),IF(BMJ29=\"SETOP\",VLOOKUP(BMG29,SETOP,3,0),IF(BMJ29=\"CPU\",VLOOKUP(BMG29,COMPOSIÇÃO,2,0),VLOOKUP(BMG29,COTAÇÃO,3,0))))","v":"BOMBEIRO/ENCANADOR COM ENCARGOS COMPLEMENTARES"},null,"SETOP",{"$f":"IF(BMJ29=\"SINAPI\",VLOOKUP(BMG29,SINAPI,3,0),IF(BMJ29=\"SETOP\",VLOOKUP(BMG29,SETOP,4,0),IF(BMJ29=\"CPU\",VLOOKUP(BMG29,COMPOSIÇÃO,5,0),VLOOKUP(BMG29,COTAÇÃO,8,0))))","v":"HORA"},0.5,{"$f":"IF(BMJ29=\"SINAPI\",VLOOKUP(BMG29,SINAPI,4,0),IF(BMJ29=\"SETOP\",VLOOKUP(BMG29,SETOP,5,0),IF(BMJ29=\"CPU\",VLOOKUP(BMG29,COMPOSIÇÃO,8,0),VLOOKUP(BMG29,COTAÇÃO,11,0))))","v":19.149999999999999},{"$f":"BML29*BMM29","v":9.5749999999999993},"ED-50374",{"$f":"IF(BMR29=\"SINAPI\",VLOOKUP(BMO29,SINAPI,2,0),IF(BMR29=\"SETOP\",VLOOKUP(BMO29,SETOP,3,0),IF(BMR29=\"CPU\",VLOOKUP(BMO29,COMPOSIÇÃO,2,0),VLOOKUP(BMO29,COTAÇÃO,3,0))))","v":"BOMBEIRO/ENCANADOR COM ENCARGOS COMPLEMENTARES"},null,"SETOP",{"$f":"IF(BMR29=\"SINAPI\",VLOOKUP(BMO29,SINAPI,3,0),IF(BMR29=\"SETOP\",VLOOKUP(BMO29,SETOP,4,0),IF(BMR29=\"CPU\",VLOOKUP(BMO29,COMPOSIÇÃO,5,0),VLOOKUP(BMO29,COTAÇÃO,8,0))))","v":"HORA"},0.5,{"$f":"IF(BMR29=\"SINAPI\",VLOOKUP(BMO29,SINAPI,4,0),IF(BMR29=\"SETOP\",VLOOKUP(BMO29,SETOP,5,0),IF(BMR29=\"CPU\",VLOOKUP(BMO29,COMPOSIÇÃO,8,0),VLOOKUP(BMO29,COTAÇÃO,11,0))))","v":19.149999999999999},{"$f":"BMT29*BMU29","v":9.5749999999999993},"ED-50374",{"$f":"IF(BMZ29=\"SINAPI\",VLOOKUP(BMW29,SINAPI,2,0),IF(BMZ29=\"SETOP\",VLOOKUP(BMW29,SETOP,3,0),IF(BMZ29=\"CPU\",VLOOKUP(BMW29,COMPOSIÇÃO,2,0),VLOOKUP(BMW29,COTAÇÃO,3,0))))","v":"BOMBEIRO/ENCANADOR COM ENCARGOS COMPLEMENTARES"},null,"SETOP",{"$f":"IF(BMZ29=\"SINAPI\",VLOOKUP(BMW29,SINAPI,3,0),IF(BMZ29=\"SETOP\",VLOOKUP(BMW29,SETOP,4,0),IF(BMZ29=\"CPU\",VLOOKUP(BMW29,COMPOSIÇÃO,5,0),VLOOKUP(BMW29,COTAÇÃO,8,0))))","v":"HORA"},0.5,{"$f":"IF(BMZ29=\"SINAPI\",VLOOKUP(BMW29,SINAPI,4,0),IF(BMZ29=\"SETOP\",VLOOKUP(BMW29,SETOP,5,0),IF(BMZ29=\"CPU\",VLOOKUP(BMW29,COMPOSIÇÃO,8,0),VLOOKUP(BMW29,COTAÇÃO,11,0))))","v":19.149999999999999},{"$f":"BNB29*BNC29","v":9.5749999999999993},"ED-50374",{"$f":"IF(BNH29=\"SINAPI\",VLOOKUP(BNE29,SINAPI,2,0),IF(BNH29=\"SETOP\",VLOOKUP(BNE29,SETOP,3,0),IF(BNH29=\"CPU\",VLOOKUP(BNE29,COMPOSIÇÃO,2,0),VLOOKUP(BNE29,COTAÇÃO,3,0))))","v":"BOMBEIRO/ENCANADOR COM ENCARGOS COMPLEMENTARES"},null,"SETOP",{"$f":"IF(BNH29=\"SINAPI\",VLOOKUP(BNE29,SINAPI,3,0),IF(BNH29=\"SETOP\",VLOOKUP(BNE29,SETOP,4,0),IF(BNH29=\"CPU\",VLOOKUP(BNE29,COMPOSIÇÃO,5,0),VLOOKUP(BNE29,COTAÇÃO,8,0))))","v":"HORA"},0.5,{"$f":"IF(BNH29=\"SINAPI\",VLOOKUP(BNE29,SINAPI,4,0),IF(BNH29=\"SETOP\",VLOOKUP(BNE29,SETOP,5,0),IF(BNH29=\"CPU\",VLOOKUP(BNE29,COMPOSIÇÃO,8,0),VLOOKUP(BNE29,COTAÇÃO,11,0))))","v":19.149999999999999},{"$f":"BNJ29*BNK29","v":9.5749999999999993},"ED-50374",{"$f":"IF(BNP29=\"SINAPI\",VLOOKUP(BNM29,SINAPI,2,0),IF(BNP29=\"SETOP\",VLOOKUP(BNM29,SETOP,3,0),IF(BNP29=\"CPU\",VLOOKUP(BNM29,COMPOSIÇÃO,2,0),VLOOKUP(BNM29,COTAÇÃO,3,0))))","v":"BOMBEIRO/ENCANADOR COM ENCARGOS COMPLEMENTARES"},null,"SETOP",{"$f":"IF(BNP29=\"SINAPI\",VLOOKUP(BNM29,SINAPI,3,0),IF(BNP29=\"SETOP\",VLOOKUP(BNM29,SETOP,4,0),IF(BNP29=\"CPU\",VLOOKUP(BNM29,COMPOSIÇÃO,5,0),VLOOKUP(BNM29,COTAÇÃO,8,0))))","v":"HORA"},0.5,{"$f":"IF(BNP29=\"SINAPI\",VLOOKUP(BNM29,SINAPI,4,0),IF(BNP29=\"SETOP\",VLOOKUP(BNM29,SETOP,5,0),IF(BNP29=\"CPU\",VLOOKUP(BNM29,COMPOSIÇÃO,8,0),VLOOKUP(BNM29,COTAÇÃO,11,0))))","v":19.149999999999999},{"$f":"BNR29*BNS29","v":9.5749999999999993},"ED-50374",{"$f":"IF(BNX29=\"SINAPI\",VLOOKUP(BNU29,SINAPI,2,0),IF(BNX29=\"SETOP\",VLOOKUP(BNU29,SETOP,3,0),IF(BNX29=\"CPU\",VLOOKUP(BNU29,COMPOSIÇÃO,2,0),VLOOKUP(BNU29,COTAÇÃO,3,0))))","v":"BOMBEIRO/ENCANADOR COM ENCARGOS COMPLEMENTARES"},null,"SETOP",{"$f":"IF(BNX29=\"SINAPI\",VLOOKUP(BNU29,SINAPI,3,0),IF(BNX29=\"SETOP\",VLOOKUP(BNU29,SETOP,4,0),IF(BNX29=\"CPU\",VLOOKUP(BNU29,COMPOSIÇÃO,5,0),VLOOKUP(BNU29,COTAÇÃO,8,0))))","v":"HORA"},0.5,{"$f":"IF(BNX29=\"SINAPI\",VLOOKUP(BNU29,SINAPI,4,0),IF(BNX29=\"SETOP\",VLOOKUP(BNU29,SETOP,5,0),IF(BNX29=\"CPU\",VLOOKUP(BNU29,COMPOSIÇÃO,8,0),VLOOKUP(BNU29,COTAÇÃO,11,0))))","v":19.149999999999999},{"$f":"BNZ29*BOA29","v":9.5749999999999993},"ED-50374",{"$f":"IF(BOF29=\"SINAPI\",VLOOKUP(BOC29,SINAPI,2,0),IF(BOF29=\"SETOP\",VLOOKUP(BOC29,SETOP,3,0),IF(BOF29=\"CPU\",VLOOKUP(BOC29,COMPOSIÇÃO,2,0),VLOOKUP(BOC29,COTAÇÃO,3,0))))","v":"BOMBEIRO/ENCANADOR COM ENCARGOS COMPLEMENTARES"},null,"SETOP",{"$f":"IF(BOF29=\"SINAPI\",VLOOKUP(BOC29,SINAPI,3,0),IF(BOF29=\"SETOP\",VLOOKUP(BOC29,SETOP,4,0),IF(BOF29=\"CPU\",VLOOKUP(BOC29,COMPOSIÇÃO,5,0),VLOOKUP(BOC29,COTAÇÃO,8,0))))","v":"HORA"},0.5,{"$f":"IF(BOF29=\"SINAPI\",VLOOKUP(BOC29,SINAPI,4,0),IF(BOF29=\"SETOP\",VLOOKUP(BOC29,SETOP,5,0),IF(BOF29=\"CPU\",VLOOKUP(BOC29,COMPOSIÇÃO,8,0),VLOOKUP(BOC29,COTAÇÃO,11,0))))","v":19.149999999999999},{"$f":"BOH29*BOI29","v":9.5749999999999993},"ED-50374",{"$f":"IF(BON29=\"SINAPI\",VLOOKUP(BOK29,SINAPI,2,0),IF(BON29=\"SETOP\",VLOOKUP(BOK29,SETOP,3,0),IF(BON29=\"CPU\",VLOOKUP(BOK29,COMPOSIÇÃO,2,0),VLOOKUP(BOK29,COTAÇÃO,3,0))))","v":"BOMBEIRO/ENCANADOR COM ENCARGOS COMPLEMENTARES"},null,"SETOP",{"$f":"IF(BON29=\"SINAPI\",VLOOKUP(BOK29,SINAPI,3,0),IF(BON29=\"SETOP\",VLOOKUP(BOK29,SETOP,4,0),IF(BON29=\"CPU\",VLOOKUP(BOK29,COMPOSIÇÃO,5,0),VLOOKUP(BOK29,COTAÇÃO,8,0))))","v":"HORA"},0.5,{"$f":"IF(BON29=\"SINAPI\",VLOOKUP(BOK29,SINAPI,4,0),IF(BON29=\"SETOP\",VLOOKUP(BOK29,SETOP,5,0),IF(BON29=\"CPU\",VLOOKUP(BOK29,COMPOSIÇÃO,8,0),VLOOKUP(BOK29,COTAÇÃO,11,0))))","v":19.149999999999999},{"$f":"BOP29*BOQ29","v":9.5749999999999993},"ED-50374",{"$f":"IF(BOV29=\"SINAPI\",VLOOKUP(BOS29,SINAPI,2,0),IF(BOV29=\"SETOP\",VLOOKUP(BOS29,SETOP,3,0),IF(BOV29=\"CPU\",VLOOKUP(BOS29,COMPOSIÇÃO,2,0),VLOOKUP(BOS29,COTAÇÃO,3,0))))","v":"BOMBEIRO/ENCANADOR COM ENCARGOS COMPLEMENTARES"},null,"SETOP",{"$f":"IF(BOV29=\"SINAPI\",VLOOKUP(BOS29,SINAPI,3,0),IF(BOV29=\"SETOP\",VLOOKUP(BOS29,SETOP,4,0),IF(BOV29=\"CPU\",VLOOKUP(BOS29,COMPOSIÇÃO,5,0),VLOOKUP(BOS29,COTAÇÃO,8,0))))","v":"HORA"},0.5,{"$f":"IF(BOV29=\"SINAPI\",VLOOKUP(BOS29,SINAPI,4,0),IF(BOV29=\"SETOP\",VLOOKUP(BOS29,SETOP,5,0),IF(BOV29=\"CPU\",VLOOKUP(BOS29,COMPOSIÇÃO,8,0),VLOOKUP(BOS29,COTAÇÃO,11,0))))","v":19.149999999999999},{"$f":"BOX29*BOY29","v":9.5749999999999993},"ED-50374",{"$f":"IF(BPD29=\"SINAPI\",VLOOKUP(BPA29,SINAPI,2,0),IF(BPD29=\"SETOP\",VLOOKUP(BPA29,SETOP,3,0),IF(BPD29=\"CPU\",VLOOKUP(BPA29,COMPOSIÇÃO,2,0),VLOOKUP(BPA29,COTAÇÃO,3,0))))","v":"BOMBEIRO/ENCANADOR COM ENCARGOS COMPLEMENTARES"},null,"SETOP",{"$f":"IF(BPD29=\"SINAPI\",VLOOKUP(BPA29,SINAPI,3,0),IF(BPD29=\"SETOP\",VLOOKUP(BPA29,SETOP,4,0),IF(BPD29=\"CPU\",VLOOKUP(BPA29,COMPOSIÇÃO,5,0),VLOOKUP(BPA29,COTAÇÃO,8,0))))","v":"HORA"},0.5,{"$f":"IF(BPD29=\"SINAPI\",VLOOKUP(BPA29,SINAPI,4,0),IF(BPD29=\"SETOP\",VLOOKUP(BPA29,SETOP,5,0),IF(BPD29=\"CPU\",VLOOKUP(BPA29,COMPOSIÇÃO,8,0),VLOOKUP(BPA29,COTAÇÃO,11,0))))","v":19.149999999999999},{"$f":"BPF29*BPG29","v":9.5749999999999993},"ED-50374",{"$f":"IF(BPL29=\"SINAPI\",VLOOKUP(BPI29,SINAPI,2,0),IF(BPL29=\"SETOP\",VLOOKUP(BPI29,SETOP,3,0),IF(BPL29=\"CPU\",VLOOKUP(BPI29,COMPOSIÇÃO,2,0),VLOOKUP(BPI29,COTAÇÃO,3,0))))","v":"BOMBEIRO/ENCANADOR COM ENCARGOS COMPLEMENTARES"},null,"SETOP",{"$f":"IF(BPL29=\"SINAPI\",VLOOKUP(BPI29,SINAPI,3,0),IF(BPL29=\"SETOP\",VLOOKUP(BPI29,SETOP,4,0),IF(BPL29=\"CPU\",VLOOKUP(BPI29,COMPOSIÇÃO,5,0),VLOOKUP(BPI29,COTAÇÃO,8,0))))","v":"HORA"},0.5,{"$f":"IF(BPL29=\"SINAPI\",VLOOKUP(BPI29,SINAPI,4,0),IF(BPL29=\"SETOP\",VLOOKUP(BPI29,SETOP,5,0),IF(BPL29=\"CPU\",VLOOKUP(BPI29,COMPOSIÇÃO,8,0),VLOOKUP(BPI29,COTAÇÃO,11,0))))","v":19.149999999999999},{"$f":"BPN29*BPO29","v":9.5749999999999993},"ED-50374",{"$f":"IF(BPT29=\"SINAPI\",VLOOKUP(BPQ29,SINAPI,2,0),IF(BPT29=\"SETOP\",VLOOKUP(BPQ29,SETOP,3,0),IF(BPT29=\"CPU\",VLOOKUP(BPQ29,COMPOSIÇÃO,2,0),VLOOKUP(BPQ29,COTAÇÃO,3,0))))","v":"BOMBEIRO/ENCANADOR COM ENCARGOS COMPLEMENTARES"},null,"SETOP",{"$f":"IF(BPT29=\"SINAPI\",VLOOKUP(BPQ29,SINAPI,3,0),IF(BPT29=\"SETOP\",VLOOKUP(BPQ29,SETOP,4,0),IF(BPT29=\"CPU\",VLOOKUP(BPQ29,COMPOSIÇÃO,5,0),VLOOKUP(BPQ29,COTAÇÃO,8,0))))","v":"HORA"},0.5,{"$f":"IF(BPT29=\"SINAPI\",VLOOKUP(BPQ29,SINAPI,4,0),IF(BPT29=\"SETOP\",VLOOKUP(BPQ29,SETOP,5,0),IF(BPT29=\"CPU\",VLOOKUP(BPQ29,COMPOSIÇÃO,8,0),VLOOKUP(BPQ29,COTAÇÃO,11,0))))","v":19.149999999999999},{"$f":"BPV29*BPW29","v":9.5749999999999993},"ED-50374",{"$f":"IF(BQB29=\"SINAPI\",VLOOKUP(BPY29,SINAPI,2,0),IF(BQB29=\"SETOP\",VLOOKUP(BPY29,SETOP,3,0),IF(BQB29=\"CPU\",VLOOKUP(BPY29,COMPOSIÇÃO,2,0),VLOOKUP(BPY29,COTAÇÃO,3,0))))","v":"BOMBEIRO/ENCANADOR COM ENCARGOS COMPLEMENTARES"},null,"SETOP",{"$f":"IF(BQB29=\"SINAPI\",VLOOKUP(BPY29,SINAPI,3,0),IF(BQB29=\"SETOP\",VLOOKUP(BPY29,SETOP,4,0),IF(BQB29=\"CPU\",VLOOKUP(BPY29,COMPOSIÇÃO,5,0),VLOOKUP(BPY29,COTAÇÃO,8,0))))","v":"HORA"},0.5,{"$f":"IF(BQB29=\"SINAPI\",VLOOKUP(BPY29,SINAPI,4,0),IF(BQB29=\"SETOP\",VLOOKUP(BPY29,SETOP,5,0),IF(BQB29=\"CPU\",VLOOKUP(BPY29,COMPOSIÇÃO,8,0),VLOOKUP(BPY29,COTAÇÃO,11,0))))","v":19.149999999999999},{"$f":"BQD29*BQE29","v":9.5749999999999993},"ED-50374",{"$f":"IF(BQJ29=\"SINAPI\",VLOOKUP(BQG29,SINAPI,2,0),IF(BQJ29=\"SETOP\",VLOOKUP(BQG29,SETOP,3,0),IF(BQJ29=\"CPU\",VLOOKUP(BQG29,COMPOSIÇÃO,2,0),VLOOKUP(BQG29,COTAÇÃO,3,0))))","v":"BOMBEIRO/ENCANADOR COM ENCARGOS COMPLEMENTARES"},null,"SETOP",{"$f":"IF(BQJ29=\"SINAPI\",VLOOKUP(BQG29,SINAPI,3,0),IF(BQJ29=\"SETOP\",VLOOKUP(BQG29,SETOP,4,0),IF(BQJ29=\"CPU\",VLOOKUP(BQG29,COMPOSIÇÃO,5,0),VLOOKUP(BQG29,COTAÇÃO,8,0))))","v":"HORA"},0.5,{"$f":"IF(BQJ29=\"SINAPI\",VLOOKUP(BQG29,SINAPI,4,0),IF(BQJ29=\"SETOP\",VLOOKUP(BQG29,SETOP,5,0),IF(BQJ29=\"CPU\",VLOOKUP(BQG29,COMPOSIÇÃO,8,0),VLOOKUP(BQG29,COTAÇÃO,11,0))))","v":19.149999999999999},{"$f":"BQL29*BQM29","v":9.5749999999999993},"ED-50374",{"$f":"IF(BQR29=\"SINAPI\",VLOOKUP(BQO29,SINAPI,2,0),IF(BQR29=\"SETOP\",VLOOKUP(BQO29,SETOP,3,0),IF(BQR29=\"CPU\",VLOOKUP(BQO29,COMPOSIÇÃO,2,0),VLOOKUP(BQO29,COTAÇÃO,3,0))))","v":"BOMBEIRO/ENCANADOR COM ENCARGOS COMPLEMENTARES"},null,"SETOP",{"$f":"IF(BQR29=\"SINAPI\",VLOOKUP(BQO29,SINAPI,3,0),IF(BQR29=\"SETOP\",VLOOKUP(BQO29,SETOP,4,0),IF(BQR29=\"CPU\",VLOOKUP(BQO29,COMPOSIÇÃO,5,0),VLOOKUP(BQO29,COTAÇÃO,8,0))))","v":"HORA"},0.5,{"$f":"IF(BQR29=\"SINAPI\",VLOOKUP(BQO29,SINAPI,4,0),IF(BQR29=\"SETOP\",VLOOKUP(BQO29,SETOP,5,0),IF(BQR29=\"CPU\",VLOOKUP(BQO29,COMPOSIÇÃO,8,0),VLOOKUP(BQO29,COTAÇÃO,11,0))))","v":19.149999999999999},{"$f":"BQT29*BQU29","v":9.5749999999999993},"ED-50374",{"$f":"IF(BQZ29=\"SINAPI\",VLOOKUP(BQW29,SINAPI,2,0),IF(BQZ29=\"SETOP\",VLOOKUP(BQW29,SETOP,3,0),IF(BQZ29=\"CPU\",VLOOKUP(BQW29,COMPOSIÇÃO,2,0),VLOOKUP(BQW29,COTAÇÃO,3,0))))","v":"BOMBEIRO/ENCANADOR COM ENCARGOS COMPLEMENTARES"},null,"SETOP",{"$f":"IF(BQZ29=\"SINAPI\",VLOOKUP(BQW29,SINAPI,3,0),IF(BQZ29=\"SETOP\",VLOOKUP(BQW29,SETOP,4,0),IF(BQZ29=\"CPU\",VLOOKUP(BQW29,COMPOSIÇÃO,5,0),VLOOKUP(BQW29,COTAÇÃO,8,0))))","v":"HORA"},0.5,{"$f":"IF(BQZ29=\"SINAPI\",VLOOKUP(BQW29,SINAPI,4,0),IF(BQZ29=\"SETOP\",VLOOKUP(BQW29,SETOP,5,0),IF(BQZ29=\"CPU\",VLOOKUP(BQW29,COMPOSIÇÃO,8,0),VLOOKUP(BQW29,COTAÇÃO,11,0))))","v":19.149999999999999},{"$f":"BRB29*BRC29","v":9.5749999999999993},"ED-50374",{"$f":"IF(BRH29=\"SINAPI\",VLOOKUP(BRE29,SINAPI,2,0),IF(BRH29=\"SETOP\",VLOOKUP(BRE29,SETOP,3,0),IF(BRH29=\"CPU\",VLOOKUP(BRE29,COMPOSIÇÃO,2,0),VLOOKUP(BRE29,COTAÇÃO,3,0))))","v":"BOMBEIRO/ENCANADOR COM ENCARGOS COMPLEMENTARES"},null,"SETOP",{"$f":"IF(BRH29=\"SINAPI\",VLOOKUP(BRE29,SINAPI,3,0),IF(BRH29=\"SETOP\",VLOOKUP(BRE29,SETOP,4,0),IF(BRH29=\"CPU\",VLOOKUP(BRE29,COMPOSIÇÃO,5,0),VLOOKUP(BRE29,COTAÇÃO,8,0))))","v":"HORA"},0.5,{"$f":"IF(BRH29=\"SINAPI\",VLOOKUP(BRE29,SINAPI,4,0),IF(BRH29=\"SETOP\",VLOOKUP(BRE29,SETOP,5,0),IF(BRH29=\"CPU\",VLOOKUP(BRE29,COMPOSIÇÃO,8,0),VLOOKUP(BRE29,COTAÇÃO,11,0))))","v":19.149999999999999},{"$f":"BRJ29*BRK29","v":9.5749999999999993},"ED-50374",{"$f":"IF(BRP29=\"SINAPI\",VLOOKUP(BRM29,SINAPI,2,0),IF(BRP29=\"SETOP\",VLOOKUP(BRM29,SETOP,3,0),IF(BRP29=\"CPU\",VLOOKUP(BRM29,COMPOSIÇÃO,2,0),VLOOKUP(BRM29,COTAÇÃO,3,0))))","v":"BOMBEIRO/ENCANADOR COM ENCARGOS COMPLEMENTARES"},null,"SETOP",{"$f":"IF(BRP29=\"SINAPI\",VLOOKUP(BRM29,SINAPI,3,0),IF(BRP29=\"SETOP\",VLOOKUP(BRM29,SETOP,4,0),IF(BRP29=\"CPU\",VLOOKUP(BRM29,COMPOSIÇÃO,5,0),VLOOKUP(BRM29,COTAÇÃO,8,0))))","v":"HORA"},0.5,{"$f":"IF(BRP29=\"SINAPI\",VLOOKUP(BRM29,SINAPI,4,0),IF(BRP29=\"SETOP\",VLOOKUP(BRM29,SETOP,5,0),IF(BRP29=\"CPU\",VLOOKUP(BRM29,COMPOSIÇÃO,8,0),VLOOKUP(BRM29,COTAÇÃO,11,0))))","v":19.149999999999999},{"$f":"BRR29*BRS29","v":9.5749999999999993},"ED-50374",{"$f":"IF(BRX29=\"SINAPI\",VLOOKUP(BRU29,SINAPI,2,0),IF(BRX29=\"SETOP\",VLOOKUP(BRU29,SETOP,3,0),IF(BRX29=\"CPU\",VLOOKUP(BRU29,COMPOSIÇÃO,2,0),VLOOKUP(BRU29,COTAÇÃO,3,0))))","v":"BOMBEIRO/ENCANADOR COM ENCARGOS COMPLEMENTARES"},null,"SETOP",{"$f":"IF(BRX29=\"SINAPI\",VLOOKUP(BRU29,SINAPI,3,0),IF(BRX29=\"SETOP\",VLOOKUP(BRU29,SETOP,4,0),IF(BRX29=\"CPU\",VLOOKUP(BRU29,COMPOSIÇÃO,5,0),VLOOKUP(BRU29,COTAÇÃO,8,0))))","v":"HORA"},0.5,{"$f":"IF(BRX29=\"SINAPI\",VLOOKUP(BRU29,SINAPI,4,0),IF(BRX29=\"SETOP\",VLOOKUP(BRU29,SETOP,5,0),IF(BRX29=\"CPU\",VLOOKUP(BRU29,COMPOSIÇÃO,8,0),VLOOKUP(BRU29,COTAÇÃO,11,0))))","v":19.149999999999999},{"$f":"BRZ29*BSA29","v":9.5749999999999993},"ED-50374",{"$f":"IF(BSF29=\"SINAPI\",VLOOKUP(BSC29,SINAPI,2,0),IF(BSF29=\"SETOP\",VLOOKUP(BSC29,SETOP,3,0),IF(BSF29=\"CPU\",VLOOKUP(BSC29,COMPOSIÇÃO,2,0),VLOOKUP(BSC29,COTAÇÃO,3,0))))","v":"BOMBEIRO/ENCANADOR COM ENCARGOS COMPLEMENTARES"},null,"SETOP",{"$f":"IF(BSF29=\"SINAPI\",VLOOKUP(BSC29,SINAPI,3,0),IF(BSF29=\"SETOP\",VLOOKUP(BSC29,SETOP,4,0),IF(BSF29=\"CPU\",VLOOKUP(BSC29,COMPOSIÇÃO,5,0),VLOOKUP(BSC29,COTAÇÃO,8,0))))","v":"HORA"},0.5,{"$f":"IF(BSF29=\"SINAPI\",VLOOKUP(BSC29,SINAPI,4,0),IF(BSF29=\"SETOP\",VLOOKUP(BSC29,SETOP,5,0),IF(BSF29=\"CPU\",VLOOKUP(BSC29,COMPOSIÇÃO,8,0),VLOOKUP(BSC29,COTAÇÃO,11,0))))","v":19.149999999999999},{"$f":"BSH29*BSI29","v":9.5749999999999993},"ED-50374",{"$f":"IF(BSN29=\"SINAPI\",VLOOKUP(BSK29,SINAPI,2,0),IF(BSN29=\"SETOP\",VLOOKUP(BSK29,SETOP,3,0),IF(BSN29=\"CPU\",VLOOKUP(BSK29,COMPOSIÇÃO,2,0),VLOOKUP(BSK29,COTAÇÃO,3,0))))","v":"BOMBEIRO/ENCANADOR COM ENCARGOS COMPLEMENTARES"},null,"SETOP",{"$f":"IF(BSN29=\"SINAPI\",VLOOKUP(BSK29,SINAPI,3,0),IF(BSN29=\"SETOP\",VLOOKUP(BSK29,SETOP,4,0),IF(BSN29=\"CPU\",VLOOKUP(BSK29,COMPOSIÇÃO,5,0),VLOOKUP(BSK29,COTAÇÃO,8,0))))","v":"HORA"},0.5,{"$f":"IF(BSN29=\"SINAPI\",VLOOKUP(BSK29,SINAPI,4,0),IF(BSN29=\"SETOP\",VLOOKUP(BSK29,SETOP,5,0),IF(BSN29=\"CPU\",VLOOKUP(BSK29,COMPOSIÇÃO,8,0),VLOOKUP(BSK29,COTAÇÃO,11,0))))","v":19.149999999999999},{"$f":"BSP29*BSQ29","v":9.5749999999999993},"ED-50374",{"$f":"IF(BSV29=\"SINAPI\",VLOOKUP(BSS29,SINAPI,2,0),IF(BSV29=\"SETOP\",VLOOKUP(BSS29,SETOP,3,0),IF(BSV29=\"CPU\",VLOOKUP(BSS29,COMPOSIÇÃO,2,0),VLOOKUP(BSS29,COTAÇÃO,3,0))))","v":"BOMBEIRO/ENCANADOR COM ENCARGOS COMPLEMENTARES"},null,"SETOP",{"$f":"IF(BSV29=\"SINAPI\",VLOOKUP(BSS29,SINAPI,3,0),IF(BSV29=\"SETOP\",VLOOKUP(BSS29,SETOP,4,0),IF(BSV29=\"CPU\",VLOOKUP(BSS29,COMPOSIÇÃO,5,0),VLOOKUP(BSS29,COTAÇÃO,8,0))))","v":"HORA"},0.5,{"$f":"IF(BSV29=\"SINAPI\",VLOOKUP(BSS29,SINAPI,4,0),IF(BSV29=\"SETOP\",VLOOKUP(BSS29,SETOP,5,0),IF(BSV29=\"CPU\",VLOOKUP(BSS29,COMPOSIÇÃO,8,0),VLOOKUP(BSS29,COTAÇÃO,11,0))))","v":19.149999999999999},{"$f":"BSX29*BSY29","v":9.5749999999999993},"ED-50374",{"$f":"IF(BTD29=\"SINAPI\",VLOOKUP(BTA29,SINAPI,2,0),IF(BTD29=\"SETOP\",VLOOKUP(BTA29,SETOP,3,0),IF(BTD29=\"CPU\",VLOOKUP(BTA29,COMPOSIÇÃO,2,0),VLOOKUP(BTA29,COTAÇÃO,3,0))))","v":"BOMBEIRO/ENCANADOR COM ENCARGOS COMPLEMENTARES"},null,"SETOP",{"$f":"IF(BTD29=\"SINAPI\",VLOOKUP(BTA29,SINAPI,3,0),IF(BTD29=\"SETOP\",VLOOKUP(BTA29,SETOP,4,0),IF(BTD29=\"CPU\",VLOOKUP(BTA29,COMPOSIÇÃO,5,0),VLOOKUP(BTA29,COTAÇÃO,8,0))))","v":"HORA"},0.5,{"$f":"IF(BTD29=\"SINAPI\",VLOOKUP(BTA29,SINAPI,4,0),IF(BTD29=\"SETOP\",VLOOKUP(BTA29,SETOP,5,0),IF(BTD29=\"CPU\",VLOOKUP(BTA29,COMPOSIÇÃO,8,0),VLOOKUP(BTA29,COTAÇÃO,11,0))))","v":19.149999999999999},{"$f":"BTF29*BTG29","v":9.5749999999999993},"ED-50374",{"$f":"IF(BTL29=\"SINAPI\",VLOOKUP(BTI29,SINAPI,2,0),IF(BTL29=\"SETOP\",VLOOKUP(BTI29,SETOP,3,0),IF(BTL29=\"CPU\",VLOOKUP(BTI29,COMPOSIÇÃO,2,0),VLOOKUP(BTI29,COTAÇÃO,3,0))))","v":"BOMBEIRO/ENCANADOR COM ENCARGOS COMPLEMENTARES"},null,"SETOP",{"$f":"IF(BTL29=\"SINAPI\",VLOOKUP(BTI29,SINAPI,3,0),IF(BTL29=\"SETOP\",VLOOKUP(BTI29,SETOP,4,0),IF(BTL29=\"CPU\",VLOOKUP(BTI29,COMPOSIÇÃO,5,0),VLOOKUP(BTI29,COTAÇÃO,8,0))))","v":"HORA"},0.5,{"$f":"IF(BTL29=\"SINAPI\",VLOOKUP(BTI29,SINAPI,4,0),IF(BTL29=\"SETOP\",VLOOKUP(BTI29,SETOP,5,0),IF(BTL29=\"CPU\",VLOOKUP(BTI29,COMPOSIÇÃO,8,0),VLOOKUP(BTI29,COTAÇÃO,11,0))))","v":19.149999999999999},{"$f":"BTN29*BTO29","v":9.5749999999999993},"ED-50374",{"$f":"IF(BTT29=\"SINAPI\",VLOOKUP(BTQ29,SINAPI,2,0),IF(BTT29=\"SETOP\",VLOOKUP(BTQ29,SETOP,3,0),IF(BTT29=\"CPU\",VLOOKUP(BTQ29,COMPOSIÇÃO,2,0),VLOOKUP(BTQ29,COTAÇÃO,3,0))))","v":"BOMBEIRO/ENCANADOR COM ENCARGOS COMPLEMENTARES"},null,"SETOP",{"$f":"IF(BTT29=\"SINAPI\",VLOOKUP(BTQ29,SINAPI,3,0),IF(BTT29=\"SETOP\",VLOOKUP(BTQ29,SETOP,4,0),IF(BTT29=\"CPU\",VLOOKUP(BTQ29,COMPOSIÇÃO,5,0),VLOOKUP(BTQ29,COTAÇÃO,8,0))))","v":"HORA"},0.5,{"$f":"IF(BTT29=\"SINAPI\",VLOOKUP(BTQ29,SINAPI,4,0),IF(BTT29=\"SETOP\",VLOOKUP(BTQ29,SETOP,5,0),IF(BTT29=\"CPU\",VLOOKUP(BTQ29,COMPOSIÇÃO,8,0),VLOOKUP(BTQ29,COTAÇÃO,11,0))))","v":19.149999999999999},{"$f":"BTV29*BTW29","v":9.5749999999999993},"ED-50374",{"$f":"IF(BUB29=\"SINAPI\",VLOOKUP(BTY29,SINAPI,2,0),IF(BUB29=\"SETOP\",VLOOKUP(BTY29,SETOP,3,0),IF(BUB29=\"CPU\",VLOOKUP(BTY29,COMPOSIÇÃO,2,0),VLOOKUP(BTY29,COTAÇÃO,3,0))))","v":"BOMBEIRO/ENCANADOR COM ENCARGOS COMPLEMENTARES"},null,"SETOP",{"$f":"IF(BUB29=\"SINAPI\",VLOOKUP(BTY29,SINAPI,3,0),IF(BUB29=\"SETOP\",VLOOKUP(BTY29,SETOP,4,0),IF(BUB29=\"CPU\",VLOOKUP(BTY29,COMPOSIÇÃO,5,0),VLOOKUP(BTY29,COTAÇÃO,8,0))))","v":"HORA"},0.5,{"$f":"IF(BUB29=\"SINAPI\",VLOOKUP(BTY29,SINAPI,4,0),IF(BUB29=\"SETOP\",VLOOKUP(BTY29,SETOP,5,0),IF(BUB29=\"CPU\",VLOOKUP(BTY29,COMPOSIÇÃO,8,0),VLOOKUP(BTY29,COTAÇÃO,11,0))))","v":19.149999999999999},{"$f":"BUD29*BUE29","v":9.5749999999999993},"ED-50374",{"$f":"IF(BUJ29=\"SINAPI\",VLOOKUP(BUG29,SINAPI,2,0),IF(BUJ29=\"SETOP\",VLOOKUP(BUG29,SETOP,3,0),IF(BUJ29=\"CPU\",VLOOKUP(BUG29,COMPOSIÇÃO,2,0),VLOOKUP(BUG29,COTAÇÃO,3,0))))","v":"BOMBEIRO/ENCANADOR COM ENCARGOS COMPLEMENTARES"},null,"SETOP",{"$f":"IF(BUJ29=\"SINAPI\",VLOOKUP(BUG29,SINAPI,3,0),IF(BUJ29=\"SETOP\",VLOOKUP(BUG29,SETOP,4,0),IF(BUJ29=\"CPU\",VLOOKUP(BUG29,COMPOSIÇÃO,5,0),VLOOKUP(BUG29,COTAÇÃO,8,0))))","v":"HORA"},0.5,{"$f":"IF(BUJ29=\"SINAPI\",VLOOKUP(BUG29,SINAPI,4,0),IF(BUJ29=\"SETOP\",VLOOKUP(BUG29,SETOP,5,0),IF(BUJ29=\"CPU\",VLOOKUP(BUG29,COMPOSIÇÃO,8,0),VLOOKUP(BUG29,COTAÇÃO,11,0))))","v":19.149999999999999},{"$f":"BUL29*BUM29","v":9.5749999999999993},"ED-50374",{"$f":"IF(BUR29=\"SINAPI\",VLOOKUP(BUO29,SINAPI,2,0),IF(BUR29=\"SETOP\",VLOOKUP(BUO29,SETOP,3,0),IF(BUR29=\"CPU\",VLOOKUP(BUO29,COMPOSIÇÃO,2,0),VLOOKUP(BUO29,COTAÇÃO,3,0))))","v":"BOMBEIRO/ENCANADOR COM ENCARGOS COMPLEMENTARES"},null,"SETOP",{"$f":"IF(BUR29=\"SINAPI\",VLOOKUP(BUO29,SINAPI,3,0),IF(BUR29=\"SETOP\",VLOOKUP(BUO29,SETOP,4,0),IF(BUR29=\"CPU\",VLOOKUP(BUO29,COMPOSIÇÃO,5,0),VLOOKUP(BUO29,COTAÇÃO,8,0))))","v":"HORA"},0.5,{"$f":"IF(BUR29=\"SINAPI\",VLOOKUP(BUO29,SINAPI,4,0),IF(BUR29=\"SETOP\",VLOOKUP(BUO29,SETOP,5,0),IF(BUR29=\"CPU\",VLOOKUP(BUO29,COMPOSIÇÃO,8,0),VLOOKUP(BUO29,COTAÇÃO,11,0))))","v":19.149999999999999},{"$f":"BUT29*BUU29","v":9.5749999999999993},"ED-50374",{"$f":"IF(BUZ29=\"SINAPI\",VLOOKUP(BUW29,SINAPI,2,0),IF(BUZ29=\"SETOP\",VLOOKUP(BUW29,SETOP,3,0),IF(BUZ29=\"CPU\",VLOOKUP(BUW29,COMPOSIÇÃO,2,0),VLOOKUP(BUW29,COTAÇÃO,3,0))))","v":"BOMBEIRO/ENCANADOR COM ENCARGOS COMPLEMENTARES"},null,"SETOP",{"$f":"IF(BUZ29=\"SINAPI\",VLOOKUP(BUW29,SINAPI,3,0),IF(BUZ29=\"SETOP\",VLOOKUP(BUW29,SETOP,4,0),IF(BUZ29=\"CPU\",VLOOKUP(BUW29,COMPOSIÇÃO,5,0),VLOOKUP(BUW29,COTAÇÃO,8,0))))","v":"HORA"},0.5,{"$f":"IF(BUZ29=\"SINAPI\",VLOOKUP(BUW29,SINAPI,4,0),IF(BUZ29=\"SETOP\",VLOOKUP(BUW29,SETOP,5,0),IF(BUZ29=\"CPU\",VLOOKUP(BUW29,COMPOSIÇÃO,8,0),VLOOKUP(BUW29,COTAÇÃO,11,0))))","v":19.149999999999999},{"$f":"BVB29*BVC29","v":9.5749999999999993},"ED-50374",{"$f":"IF(BVH29=\"SINAPI\",VLOOKUP(BVE29,SINAPI,2,0),IF(BVH29=\"SETOP\",VLOOKUP(BVE29,SETOP,3,0),IF(BVH29=\"CPU\",VLOOKUP(BVE29,COMPOSIÇÃO,2,0),VLOOKUP(BVE29,COTAÇÃO,3,0))))","v":"BOMBEIRO/ENCANADOR COM ENCARGOS COMPLEMENTARES"},null,"SETOP",{"$f":"IF(BVH29=\"SINAPI\",VLOOKUP(BVE29,SINAPI,3,0),IF(BVH29=\"SETOP\",VLOOKUP(BVE29,SETOP,4,0),IF(BVH29=\"CPU\",VLOOKUP(BVE29,COMPOSIÇÃO,5,0),VLOOKUP(BVE29,COTAÇÃO,8,0))))","v":"HORA"},0.5,{"$f":"IF(BVH29=\"SINAPI\",VLOOKUP(BVE29,SINAPI,4,0),IF(BVH29=\"SETOP\",VLOOKUP(BVE29,SETOP,5,0),IF(BVH29=\"CPU\",VLOOKUP(BVE29,COMPOSIÇÃO,8,0),VLOOKUP(BVE29,COTAÇÃO,11,0))))","v":19.149999999999999},{"$f":"BVJ29*BVK29","v":9.5749999999999993},"ED-50374",{"$f":"IF(BVP29=\"SINAPI\",VLOOKUP(BVM29,SINAPI,2,0),IF(BVP29=\"SETOP\",VLOOKUP(BVM29,SETOP,3,0),IF(BVP29=\"CPU\",VLOOKUP(BVM29,COMPOSIÇÃO,2,0),VLOOKUP(BVM29,COTAÇÃO,3,0))))","v":"BOMBEIRO/ENCANADOR COM ENCARGOS COMPLEMENTARES"},null,"SETOP",{"$f":"IF(BVP29=\"SINAPI\",VLOOKUP(BVM29,SINAPI,3,0),IF(BVP29=\"SETOP\",VLOOKUP(BVM29,SETOP,4,0),IF(BVP29=\"CPU\",VLOOKUP(BVM29,COMPOSIÇÃO,5,0),VLOOKUP(BVM29,COTAÇÃO,8,0))))","v":"HORA"},0.5,{"$f":"IF(BVP29=\"SINAPI\",VLOOKUP(BVM29,SINAPI,4,0),IF(BVP29=\"SETOP\",VLOOKUP(BVM29,SETOP,5,0),IF(BVP29=\"CPU\",VLOOKUP(BVM29,COMPOSIÇÃO,8,0),VLOOKUP(BVM29,COTAÇÃO,11,0))))","v":19.149999999999999},{"$f":"BVR29*BVS29","v":9.5749999999999993},"ED-50374",{"$f":"IF(BVX29=\"SINAPI\",VLOOKUP(BVU29,SINAPI,2,0),IF(BVX29=\"SETOP\",VLOOKUP(BVU29,SETOP,3,0),IF(BVX29=\"CPU\",VLOOKUP(BVU29,COMPOSIÇÃO,2,0),VLOOKUP(BVU29,COTAÇÃO,3,0))))","v":"BOMBEIRO/ENCANADOR COM ENCARGOS COMPLEMENTARES"},null,"SETOP",{"$f":"IF(BVX29=\"SINAPI\",VLOOKUP(BVU29,SINAPI,3,0),IF(BVX29=\"SETOP\",VLOOKUP(BVU29,SETOP,4,0),IF(BVX29=\"CPU\",VLOOKUP(BVU29,COMPOSIÇÃO,5,0),VLOOKUP(BVU29,COTAÇÃO,8,0))))","v":"HORA"},0.5,{"$f":"IF(BVX29=\"SINAPI\",VLOOKUP(BVU29,SINAPI,4,0),IF(BVX29=\"SETOP\",VLOOKUP(BVU29,SETOP,5,0),IF(BVX29=\"CPU\",VLOOKUP(BVU29,COMPOSIÇÃO,8,0),VLOOKUP(BVU29,COTAÇÃO,11,0))))","v":19.149999999999999},{"$f":"BVZ29*BWA29","v":9.5749999999999993},"ED-50374",{"$f":"IF(BWF29=\"SINAPI\",VLOOKUP(BWC29,SINAPI,2,0),IF(BWF29=\"SETOP\",VLOOKUP(BWC29,SETOP,3,0),IF(BWF29=\"CPU\",VLOOKUP(BWC29,COMPOSIÇÃO,2,0),VLOOKUP(BWC29,COTAÇÃO,3,0))))","v":"BOMBEIRO/ENCANADOR COM ENCARGOS COMPLEMENTARES"},null,"SETOP",{"$f":"IF(BWF29=\"SINAPI\",VLOOKUP(BWC29,SINAPI,3,0),IF(BWF29=\"SETOP\",VLOOKUP(BWC29,SETOP,4,0),IF(BWF29=\"CPU\",VLOOKUP(BWC29,COMPOSIÇÃO,5,0),VLOOKUP(BWC29,COTAÇÃO,8,0))))","v":"HORA"},0.5,{"$f":"IF(BWF29=\"SINAPI\",VLOOKUP(BWC29,SINAPI,4,0),IF(BWF29=\"SETOP\",VLOOKUP(BWC29,SETOP,5,0),IF(BWF29=\"CPU\",VLOOKUP(BWC29,COMPOSIÇÃO,8,0),VLOOKUP(BWC29,COTAÇÃO,11,0))))","v":19.149999999999999},{"$f":"BWH29*BWI29","v":9.5749999999999993},"ED-50374",{"$f":"IF(BWN29=\"SINAPI\",VLOOKUP(BWK29,SINAPI,2,0),IF(BWN29=\"SETOP\",VLOOKUP(BWK29,SETOP,3,0),IF(BWN29=\"CPU\",VLOOKUP(BWK29,COMPOSIÇÃO,2,0),VLOOKUP(BWK29,COTAÇÃO,3,0))))","v":"BOMBEIRO/ENCANADOR COM ENCARGOS COMPLEMENTARES"},null,"SETOP",{"$f":"IF(BWN29=\"SINAPI\",VLOOKUP(BWK29,SINAPI,3,0),IF(BWN29=\"SETOP\",VLOOKUP(BWK29,SETOP,4,0),IF(BWN29=\"CPU\",VLOOKUP(BWK29,COMPOSIÇÃO,5,0),VLOOKUP(BWK29,COTAÇÃO,8,0))))","v":"HORA"},0.5,{"$f":"IF(BWN29=\"SINAPI\",VLOOKUP(BWK29,SINAPI,4,0),IF(BWN29=\"SETOP\",VLOOKUP(BWK29,SETOP,5,0),IF(BWN29=\"CPU\",VLOOKUP(BWK29,COMPOSIÇÃO,8,0),VLOOKUP(BWK29,COTAÇÃO,11,0))))","v":19.149999999999999},{"$f":"BWP29*BWQ29","v":9.5749999999999993},"ED-50374",{"$f":"IF(BWV29=\"SINAPI\",VLOOKUP(BWS29,SINAPI,2,0),IF(BWV29=\"SETOP\",VLOOKUP(BWS29,SETOP,3,0),IF(BWV29=\"CPU\",VLOOKUP(BWS29,COMPOSIÇÃO,2,0),VLOOKUP(BWS29,COTAÇÃO,3,0))))","v":"BOMBEIRO/ENCANADOR COM ENCARGOS COMPLEMENTARES"},null,"SETOP",{"$f":"IF(BWV29=\"SINAPI\",VLOOKUP(BWS29,SINAPI,3,0),IF(BWV29=\"SETOP\",VLOOKUP(BWS29,SETOP,4,0),IF(BWV29=\"CPU\",VLOOKUP(BWS29,COMPOSIÇÃO,5,0),VLOOKUP(BWS29,COTAÇÃO,8,0))))","v":"HORA"},0.5,{"$f":"IF(BWV29=\"SINAPI\",VLOOKUP(BWS29,SINAPI,4,0),IF(BWV29=\"SETOP\",VLOOKUP(BWS29,SETOP,5,0),IF(BWV29=\"CPU\",VLOOKUP(BWS29,COMPOSIÇÃO,8,0),VLOOKUP(BWS29,COTAÇÃO,11,0))))","v":19.149999999999999},{"$f":"BWX29*BWY29","v":9.5749999999999993},"ED-50374",{"$f":"IF(BXD29=\"SINAPI\",VLOOKUP(BXA29,SINAPI,2,0),IF(BXD29=\"SETOP\",VLOOKUP(BXA29,SETOP,3,0),IF(BXD29=\"CPU\",VLOOKUP(BXA29,COMPOSIÇÃO,2,0),VLOOKUP(BXA29,COTAÇÃO,3,0))))","v":"BOMBEIRO/ENCANADOR COM ENCARGOS COMPLEMENTARES"},null,"SETOP",{"$f":"IF(BXD29=\"SINAPI\",VLOOKUP(BXA29,SINAPI,3,0),IF(BXD29=\"SETOP\",VLOOKUP(BXA29,SETOP,4,0),IF(BXD29=\"CPU\",VLOOKUP(BXA29,COMPOSIÇÃO,5,0),VLOOKUP(BXA29,COTAÇÃO,8,0))))","v":"HORA"},0.5,{"$f":"IF(BXD29=\"SINAPI\",VLOOKUP(BXA29,SINAPI,4,0),IF(BXD29=\"SETOP\",VLOOKUP(BXA29,SETOP,5,0),IF(BXD29=\"CPU\",VLOOKUP(BXA29,COMPOSIÇÃO,8,0),VLOOKUP(BXA29,COTAÇÃO,11,0))))","v":19.149999999999999},{"$f":"BXF29*BXG29","v":9.5749999999999993},"ED-50374",{"$f":"IF(BXL29=\"SINAPI\",VLOOKUP(BXI29,SINAPI,2,0),IF(BXL29=\"SETOP\",VLOOKUP(BXI29,SETOP,3,0),IF(BXL29=\"CPU\",VLOOKUP(BXI29,COMPOSIÇÃO,2,0),VLOOKUP(BXI29,COTAÇÃO,3,0))))","v":"BOMBEIRO/ENCANADOR COM ENCARGOS COMPLEMENTARES"},null,"SETOP",{"$f":"IF(BXL29=\"SINAPI\",VLOOKUP(BXI29,SINAPI,3,0),IF(BXL29=\"SETOP\",VLOOKUP(BXI29,SETOP,4,0),IF(BXL29=\"CPU\",VLOOKUP(BXI29,COMPOSIÇÃO,5,0),VLOOKUP(BXI29,COTAÇÃO,8,0))))","v":"HORA"},0.5,{"$f":"IF(BXL29=\"SINAPI\",VLOOKUP(BXI29,SINAPI,4,0),IF(BXL29=\"SETOP\",VLOOKUP(BXI29,SETOP,5,0),IF(BXL29=\"CPU\",VLOOKUP(BXI29,COMPOSIÇÃO,8,0),VLOOKUP(BXI29,COTAÇÃO,11,0))))","v":19.149999999999999},{"$f":"BXN29*BXO29","v":9.5749999999999993},"ED-50374",{"$f":"IF(BXT29=\"SINAPI\",VLOOKUP(BXQ29,SINAPI,2,0),IF(BXT29=\"SETOP\",VLOOKUP(BXQ29,SETOP,3,0),IF(BXT29=\"CPU\",VLOOKUP(BXQ29,COMPOSIÇÃO,2,0),VLOOKUP(BXQ29,COTAÇÃO,3,0))))","v":"BOMBEIRO/ENCANADOR COM ENCARGOS COMPLEMENTARES"},null,"SETOP",{"$f":"IF(BXT29=\"SINAPI\",VLOOKUP(BXQ29,SINAPI,3,0),IF(BXT29=\"SETOP\",VLOOKUP(BXQ29,SETOP,4,0),IF(BXT29=\"CPU\",VLOOKUP(BXQ29,COMPOSIÇÃO,5,0),VLOOKUP(BXQ29,COTAÇÃO,8,0))))","v":"HORA"},0.5,{"$f":"IF(BXT29=\"SINAPI\",VLOOKUP(BXQ29,SINAPI,4,0),IF(BXT29=\"SETOP\",VLOOKUP(BXQ29,SETOP,5,0),IF(BXT29=\"CPU\",VLOOKUP(BXQ29,COMPOSIÇÃO,8,0),VLOOKUP(BXQ29,COTAÇÃO,11,0))))","v":19.149999999999999},{"$f":"BXV29*BXW29","v":9.5749999999999993},"ED-50374",{"$f":"IF(BYB29=\"SINAPI\",VLOOKUP(BXY29,SINAPI,2,0),IF(BYB29=\"SETOP\",VLOOKUP(BXY29,SETOP,3,0),IF(BYB29=\"CPU\",VLOOKUP(BXY29,COMPOSIÇÃO,2,0),VLOOKUP(BXY29,COTAÇÃO,3,0))))","v":"BOMBEIRO/ENCANADOR COM ENCARGOS COMPLEMENTARES"},null,"SETOP",{"$f":"IF(BYB29=\"SINAPI\",VLOOKUP(BXY29,SINAPI,3,0),IF(BYB29=\"SETOP\",VLOOKUP(BXY29,SETOP,4,0),IF(BYB29=\"CPU\",VLOOKUP(BXY29,COMPOSIÇÃO,5,0),VLOOKUP(BXY29,COTAÇÃO,8,0))))","v":"HORA"},0.5,{"$f":"IF(BYB29=\"SINAPI\",VLOOKUP(BXY29,SINAPI,4,0),IF(BYB29=\"SETOP\",VLOOKUP(BXY29,SETOP,5,0),IF(BYB29=\"CPU\",VLOOKUP(BXY29,COMPOSIÇÃO,8,0),VLOOKUP(BXY29,COTAÇÃO,11,0))))","v":19.149999999999999},{"$f":"BYD29*BYE29","v":9.5749999999999993},"ED-50374",{"$f":"IF(BYJ29=\"SINAPI\",VLOOKUP(BYG29,SINAPI,2,0),IF(BYJ29=\"SETOP\",VLOOKUP(BYG29,SETOP,3,0),IF(BYJ29=\"CPU\",VLOOKUP(BYG29,COMPOSIÇÃO,2,0),VLOOKUP(BYG29,COTAÇÃO,3,0))))","v":"BOMBEIRO/ENCANADOR COM ENCARGOS COMPLEMENTARES"},null,"SETOP",{"$f":"IF(BYJ29=\"SINAPI\",VLOOKUP(BYG29,SINAPI,3,0),IF(BYJ29=\"SETOP\",VLOOKUP(BYG29,SETOP,4,0),IF(BYJ29=\"CPU\",VLOOKUP(BYG29,COMPOSIÇÃO,5,0),VLOOKUP(BYG29,COTAÇÃO,8,0))))","v":"HORA"},0.5,{"$f":"IF(BYJ29=\"SINAPI\",VLOOKUP(BYG29,SINAPI,4,0),IF(BYJ29=\"SETOP\",VLOOKUP(BYG29,SETOP,5,0),IF(BYJ29=\"CPU\",VLOOKUP(BYG29,COMPOSIÇÃO,8,0),VLOOKUP(BYG29,COTAÇÃO,11,0))))","v":19.149999999999999},{"$f":"BYL29*BYM29","v":9.5749999999999993},"ED-50374",{"$f":"IF(BYR29=\"SINAPI\",VLOOKUP(BYO29,SINAPI,2,0),IF(BYR29=\"SETOP\",VLOOKUP(BYO29,SETOP,3,0),IF(BYR29=\"CPU\",VLOOKUP(BYO29,COMPOSIÇÃO,2,0),VLOOKUP(BYO29,COTAÇÃO,3,0))))","v":"BOMBEIRO/ENCANADOR COM ENCARGOS COMPLEMENTARES"},null,"SETOP",{"$f":"IF(BYR29=\"SINAPI\",VLOOKUP(BYO29,SINAPI,3,0),IF(BYR29=\"SETOP\",VLOOKUP(BYO29,SETOP,4,0),IF(BYR29=\"CPU\",VLOOKUP(BYO29,COMPOSIÇÃO,5,0),VLOOKUP(BYO29,COTAÇÃO,8,0))))","v":"HORA"},0.5,{"$f":"IF(BYR29=\"SINAPI\",VLOOKUP(BYO29,SINAPI,4,0),IF(BYR29=\"SETOP\",VLOOKUP(BYO29,SETOP,5,0),IF(BYR29=\"CPU\",VLOOKUP(BYO29,COMPOSIÇÃO,8,0),VLOOKUP(BYO29,COTAÇÃO,11,0))))","v":19.149999999999999},{"$f":"BYT29*BYU29","v":9.5749999999999993},"ED-50374",{"$f":"IF(BYZ29=\"SINAPI\",VLOOKUP(BYW29,SINAPI,2,0),IF(BYZ29=\"SETOP\",VLOOKUP(BYW29,SETOP,3,0),IF(BYZ29=\"CPU\",VLOOKUP(BYW29,COMPOSIÇÃO,2,0),VLOOKUP(BYW29,COTAÇÃO,3,0))))","v":"BOMBEIRO/ENCANADOR COM ENCARGOS COMPLEMENTARES"},null,"SETOP",{"$f":"IF(BYZ29=\"SINAPI\",VLOOKUP(BYW29,SINAPI,3,0),IF(BYZ29=\"SETOP\",VLOOKUP(BYW29,SETOP,4,0),IF(BYZ29=\"CPU\",VLOOKUP(BYW29,COMPOSIÇÃO,5,0),VLOOKUP(BYW29,COTAÇÃO,8,0))))","v":"HORA"},0.5,{"$f":"IF(BYZ29=\"SINAPI\",VLOOKUP(BYW29,SINAPI,4,0),IF(BYZ29=\"SETOP\",VLOOKUP(BYW29,SETOP,5,0),IF(BYZ29=\"CPU\",VLOOKUP(BYW29,COMPOSIÇÃO,8,0),VLOOKUP(BYW29,COTAÇÃO,11,0))))","v":19.149999999999999},{"$f":"BZB29*BZC29","v":9.5749999999999993},"ED-50374",{"$f":"IF(BZH29=\"SINAPI\",VLOOKUP(BZE29,SINAPI,2,0),IF(BZH29=\"SETOP\",VLOOKUP(BZE29,SETOP,3,0),IF(BZH29=\"CPU\",VLOOKUP(BZE29,COMPOSIÇÃO,2,0),VLOOKUP(BZE29,COTAÇÃO,3,0))))","v":"BOMBEIRO/ENCANADOR COM ENCARGOS COMPLEMENTARES"},null,"SETOP",{"$f":"IF(BZH29=\"SINAPI\",VLOOKUP(BZE29,SINAPI,3,0),IF(BZH29=\"SETOP\",VLOOKUP(BZE29,SETOP,4,0),IF(BZH29=\"CPU\",VLOOKUP(BZE29,COMPOSIÇÃO,5,0),VLOOKUP(BZE29,COTAÇÃO,8,0))))","v":"HORA"},0.5,{"$f":"IF(BZH29=\"SINAPI\",VLOOKUP(BZE29,SINAPI,4,0),IF(BZH29=\"SETOP\",VLOOKUP(BZE29,SETOP,5,0),IF(BZH29=\"CPU\",VLOOKUP(BZE29,COMPOSIÇÃO,8,0),VLOOKUP(BZE29,COTAÇÃO,11,0))))","v":19.149999999999999},{"$f":"BZJ29*BZK29","v":9.5749999999999993},"ED-50374",{"$f":"IF(BZP29=\"SINAPI\",VLOOKUP(BZM29,SINAPI,2,0),IF(BZP29=\"SETOP\",VLOOKUP(BZM29,SETOP,3,0),IF(BZP29=\"CPU\",VLOOKUP(BZM29,COMPOSIÇÃO,2,0),VLOOKUP(BZM29,COTAÇÃO,3,0))))","v":"BOMBEIRO/ENCANADOR COM ENCARGOS COMPLEMENTARES"},null,"SETOP",{"$f":"IF(BZP29=\"SINAPI\",VLOOKUP(BZM29,SINAPI,3,0),IF(BZP29=\"SETOP\",VLOOKUP(BZM29,SETOP,4,0),IF(BZP29=\"CPU\",VLOOKUP(BZM29,COMPOSIÇÃO,5,0),VLOOKUP(BZM29,COTAÇÃO,8,0))))","v":"HORA"},0.5,{"$f":"IF(BZP29=\"SINAPI\",VLOOKUP(BZM29,SINAPI,4,0),IF(BZP29=\"SETOP\",VLOOKUP(BZM29,SETOP,5,0),IF(BZP29=\"CPU\",VLOOKUP(BZM29,COMPOSIÇÃO,8,0),VLOOKUP(BZM29,COTAÇÃO,11,0))))","v":19.149999999999999},{"$f":"BZR29*BZS29","v":9.5749999999999993},"ED-50374",{"$f":"IF(BZX29=\"SINAPI\",VLOOKUP(BZU29,SINAPI,2,0),IF(BZX29=\"SETOP\",VLOOKUP(BZU29,SETOP,3,0),IF(BZX29=\"CPU\",VLOOKUP(BZU29,COMPOSIÇÃO,2,0),VLOOKUP(BZU29,COTAÇÃO,3,0))))","v":"BOMBEIRO/ENCANADOR COM ENCARGOS COMPLEMENTARES"},null,"SETOP",{"$f":"IF(BZX29=\"SINAPI\",VLOOKUP(BZU29,SINAPI,3,0),IF(BZX29=\"SETOP\",VLOOKUP(BZU29,SETOP,4,0),IF(BZX29=\"CPU\",VLOOKUP(BZU29,COMPOSIÇÃO,5,0),VLOOKUP(BZU29,COTAÇÃO,8,0))))","v":"HORA"},0.5,{"$f":"IF(BZX29=\"SINAPI\",VLOOKUP(BZU29,SINAPI,4,0),IF(BZX29=\"SETOP\",VLOOKUP(BZU29,SETOP,5,0),IF(BZX29=\"CPU\",VLOOKUP(BZU29,COMPOSIÇÃO,8,0),VLOOKUP(BZU29,COTAÇÃO,11,0))))","v":19.149999999999999},{"$f":"BZZ29*CAA29","v":9.5749999999999993},"ED-50374",{"$f":"IF(CAF29=\"SINAPI\",VLOOKUP(CAC29,SINAPI,2,0),IF(CAF29=\"SETOP\",VLOOKUP(CAC29,SETOP,3,0),IF(CAF29=\"CPU\",VLOOKUP(CAC29,COMPOSIÇÃO,2,0),VLOOKUP(CAC29,COTAÇÃO,3,0))))","v":"BOMBEIRO/ENCANADOR COM ENCARGOS COMPLEMENTARES"},null,"SETOP",{"$f":"IF(CAF29=\"SINAPI\",VLOOKUP(CAC29,SINAPI,3,0),IF(CAF29=\"SETOP\",VLOOKUP(CAC29,SETOP,4,0),IF(CAF29=\"CPU\",VLOOKUP(CAC29,COMPOSIÇÃO,5,0),VLOOKUP(CAC29,COTAÇÃO,8,0))))","v":"HORA"},0.5,{"$f":"IF(CAF29=\"SINAPI\",VLOOKUP(CAC29,SINAPI,4,0),IF(CAF29=\"SETOP\",VLOOKUP(CAC29,SETOP,5,0),IF(CAF29=\"CPU\",VLOOKUP(CAC29,COMPOSIÇÃO,8,0),VLOOKUP(CAC29,COTAÇÃO,11,0))))","v":19.149999999999999},{"$f":"CAH29*CAI29","v":9.5749999999999993},"ED-50374",{"$f":"IF(CAN29=\"SINAPI\",VLOOKUP(CAK29,SINAPI,2,0),IF(CAN29=\"SETOP\",VLOOKUP(CAK29,SETOP,3,0),IF(CAN29=\"CPU\",VLOOKUP(CAK29,COMPOSIÇÃO,2,0),VLOOKUP(CAK29,COTAÇÃO,3,0))))","v":"BOMBEIRO/ENCANADOR COM ENCARGOS COMPLEMENTARES"},null,"SETOP",{"$f":"IF(CAN29=\"SINAPI\",VLOOKUP(CAK29,SINAPI,3,0),IF(CAN29=\"SETOP\",VLOOKUP(CAK29,SETOP,4,0),IF(CAN29=\"CPU\",VLOOKUP(CAK29,COMPOSIÇÃO,5,0),VLOOKUP(CAK29,COTAÇÃO,8,0))))","v":"HORA"},0.5,{"$f":"IF(CAN29=\"SINAPI\",VLOOKUP(CAK29,SINAPI,4,0),IF(CAN29=\"SETOP\",VLOOKUP(CAK29,SETOP,5,0),IF(CAN29=\"CPU\",VLOOKUP(CAK29,COMPOSIÇÃO,8,0),VLOOKUP(CAK29,COTAÇÃO,11,0))))","v":19.149999999999999},{"$f":"CAP29*CAQ29","v":9.5749999999999993},"ED-50374",{"$f":"IF(CAV29=\"SINAPI\",VLOOKUP(CAS29,SINAPI,2,0),IF(CAV29=\"SETOP\",VLOOKUP(CAS29,SETOP,3,0),IF(CAV29=\"CPU\",VLOOKUP(CAS29,COMPOSIÇÃO,2,0),VLOOKUP(CAS29,COTAÇÃO,3,0))))","v":"BOMBEIRO/ENCANADOR COM ENCARGOS COMPLEMENTARES"},null,"SETOP",{"$f":"IF(CAV29=\"SINAPI\",VLOOKUP(CAS29,SINAPI,3,0),IF(CAV29=\"SETOP\",VLOOKUP(CAS29,SETOP,4,0),IF(CAV29=\"CPU\",VLOOKUP(CAS29,COMPOSIÇÃO,5,0),VLOOKUP(CAS29,COTAÇÃO,8,0))))","v":"HORA"},0.5,{"$f":"IF(CAV29=\"SINAPI\",VLOOKUP(CAS29,SINAPI,4,0),IF(CAV29=\"SETOP\",VLOOKUP(CAS29,SETOP,5,0),IF(CAV29=\"CPU\",VLOOKUP(CAS29,COMPOSIÇÃO,8,0),VLOOKUP(CAS29,COTAÇÃO,11,0))))","v":19.149999999999999},{"$f":"CAX29*CAY29","v":9.5749999999999993},"ED-50374",{"$f":"IF(CBD29=\"SINAPI\",VLOOKUP(CBA29,SINAPI,2,0),IF(CBD29=\"SETOP\",VLOOKUP(CBA29,SETOP,3,0),IF(CBD29=\"CPU\",VLOOKUP(CBA29,COMPOSIÇÃO,2,0),VLOOKUP(CBA29,COTAÇÃO,3,0))))","v":"BOMBEIRO/ENCANADOR COM ENCARGOS COMPLEMENTARES"},null,"SETOP",{"$f":"IF(CBD29=\"SINAPI\",VLOOKUP(CBA29,SINAPI,3,0),IF(CBD29=\"SETOP\",VLOOKUP(CBA29,SETOP,4,0),IF(CBD29=\"CPU\",VLOOKUP(CBA29,COMPOSIÇÃO,5,0),VLOOKUP(CBA29,COTAÇÃO,8,0))))","v":"HORA"},0.5,{"$f":"IF(CBD29=\"SINAPI\",VLOOKUP(CBA29,SINAPI,4,0),IF(CBD29=\"SETOP\",VLOOKUP(CBA29,SETOP,5,0),IF(CBD29=\"CPU\",VLOOKUP(CBA29,COMPOSIÇÃO,8,0),VLOOKUP(CBA29,COTAÇÃO,11,0))))","v":19.149999999999999},{"$f":"CBF29*CBG29","v":9.5749999999999993},"ED-50374",{"$f":"IF(CBL29=\"SINAPI\",VLOOKUP(CBI29,SINAPI,2,0),IF(CBL29=\"SETOP\",VLOOKUP(CBI29,SETOP,3,0),IF(CBL29=\"CPU\",VLOOKUP(CBI29,COMPOSIÇÃO,2,0),VLOOKUP(CBI29,COTAÇÃO,3,0))))","v":"BOMBEIRO/ENCANADOR COM ENCARGOS COMPLEMENTARES"},null,"SETOP",{"$f":"IF(CBL29=\"SINAPI\",VLOOKUP(CBI29,SINAPI,3,0),IF(CBL29=\"SETOP\",VLOOKUP(CBI29,SETOP,4,0),IF(CBL29=\"CPU\",VLOOKUP(CBI29,COMPOSIÇÃO,5,0),VLOOKUP(CBI29,COTAÇÃO,8,0))))","v":"HORA"},0.5,{"$f":"IF(CBL29=\"SINAPI\",VLOOKUP(CBI29,SINAPI,4,0),IF(CBL29=\"SETOP\",VLOOKUP(CBI29,SETOP,5,0),IF(CBL29=\"CPU\",VLOOKUP(CBI29,COMPOSIÇÃO,8,0),VLOOKUP(CBI29,COTAÇÃO,11,0))))","v":19.149999999999999},{"$f":"CBN29*CBO29","v":9.5749999999999993},"ED-50374",{"$f":"IF(CBT29=\"SINAPI\",VLOOKUP(CBQ29,SINAPI,2,0),IF(CBT29=\"SETOP\",VLOOKUP(CBQ29,SETOP,3,0),IF(CBT29=\"CPU\",VLOOKUP(CBQ29,COMPOSIÇÃO,2,0),VLOOKUP(CBQ29,COTAÇÃO,3,0))))","v":"BOMBEIRO/ENCANADOR COM ENCARGOS COMPLEMENTARES"},null,"SETOP",{"$f":"IF(CBT29=\"SINAPI\",VLOOKUP(CBQ29,SINAPI,3,0),IF(CBT29=\"SETOP\",VLOOKUP(CBQ29,SETOP,4,0),IF(CBT29=\"CPU\",VLOOKUP(CBQ29,COMPOSIÇÃO,5,0),VLOOKUP(CBQ29,COTAÇÃO,8,0))))","v":"HORA"},0.5,{"$f":"IF(CBT29=\"SINAPI\",VLOOKUP(CBQ29,SINAPI,4,0),IF(CBT29=\"SETOP\",VLOOKUP(CBQ29,SETOP,5,0),IF(CBT29=\"CPU\",VLOOKUP(CBQ29,COMPOSIÇÃO,8,0),VLOOKUP(CBQ29,COTAÇÃO,11,0))))","v":19.149999999999999},{"$f":"CBV29*CBW29","v":9.5749999999999993},"ED-50374",{"$f":"IF(CCB29=\"SINAPI\",VLOOKUP(CBY29,SINAPI,2,0),IF(CCB29=\"SETOP\",VLOOKUP(CBY29,SETOP,3,0),IF(CCB29=\"CPU\",VLOOKUP(CBY29,COMPOSIÇÃO,2,0),VLOOKUP(CBY29,COTAÇÃO,3,0))))","v":"BOMBEIRO/ENCANADOR COM ENCARGOS COMPLEMENTARES"},null,"SETOP",{"$f":"IF(CCB29=\"SINAPI\",VLOOKUP(CBY29,SINAPI,3,0),IF(CCB29=\"SETOP\",VLOOKUP(CBY29,SETOP,4,0),IF(CCB29=\"CPU\",VLOOKUP(CBY29,COMPOSIÇÃO,5,0),VLOOKUP(CBY29,COTAÇÃO,8,0))))","v":"HORA"},0.5,{"$f":"IF(CCB29=\"SINAPI\",VLOOKUP(CBY29,SINAPI,4,0),IF(CCB29=\"SETOP\",VLOOKUP(CBY29,SETOP,5,0),IF(CCB29=\"CPU\",VLOOKUP(CBY29,COMPOSIÇÃO,8,0),VLOOKUP(CBY29,COTAÇÃO,11,0))))","v":19.149999999999999},{"$f":"CCD29*CCE29","v":9.5749999999999993},"ED-50374",{"$f":"IF(CCJ29=\"SINAPI\",VLOOKUP(CCG29,SINAPI,2,0),IF(CCJ29=\"SETOP\",VLOOKUP(CCG29,SETOP,3,0),IF(CCJ29=\"CPU\",VLOOKUP(CCG29,COMPOSIÇÃO,2,0),VLOOKUP(CCG29,COTAÇÃO,3,0))))","v":"BOMBEIRO/ENCANADOR COM ENCARGOS COMPLEMENTARES"},null,"SETOP",{"$f":"IF(CCJ29=\"SINAPI\",VLOOKUP(CCG29,SINAPI,3,0),IF(CCJ29=\"SETOP\",VLOOKUP(CCG29,SETOP,4,0),IF(CCJ29=\"CPU\",VLOOKUP(CCG29,COMPOSIÇÃO,5,0),VLOOKUP(CCG29,COTAÇÃO,8,0))))","v":"HORA"},0.5,{"$f":"IF(CCJ29=\"SINAPI\",VLOOKUP(CCG29,SINAPI,4,0),IF(CCJ29=\"SETOP\",VLOOKUP(CCG29,SETOP,5,0),IF(CCJ29=\"CPU\",VLOOKUP(CCG29,COMPOSIÇÃO,8,0),VLOOKUP(CCG29,COTAÇÃO,11,0))))","v":19.149999999999999},{"$f":"CCL29*CCM29","v":9.5749999999999993},"ED-50374",{"$f":"IF(CCR29=\"SINAPI\",VLOOKUP(CCO29,SINAPI,2,0),IF(CCR29=\"SETOP\",VLOOKUP(CCO29,SETOP,3,0),IF(CCR29=\"CPU\",VLOOKUP(CCO29,COMPOSIÇÃO,2,0),VLOOKUP(CCO29,COTAÇÃO,3,0))))","v":"BOMBEIRO/ENCANADOR COM ENCARGOS COMPLEMENTARES"},null,"SETOP",{"$f":"IF(CCR29=\"SINAPI\",VLOOKUP(CCO29,SINAPI,3,0),IF(CCR29=\"SETOP\",VLOOKUP(CCO29,SETOP,4,0),IF(CCR29=\"CPU\",VLOOKUP(CCO29,COMPOSIÇÃO,5,0),VLOOKUP(CCO29,COTAÇÃO,8,0))))","v":"HORA"},0.5,{"$f":"IF(CCR29=\"SINAPI\",VLOOKUP(CCO29,SINAPI,4,0),IF(CCR29=\"SETOP\",VLOOKUP(CCO29,SETOP,5,0),IF(CCR29=\"CPU\",VLOOKUP(CCO29,COMPOSIÇÃO,8,0),VLOOKUP(CCO29,COTAÇÃO,11,0))))","v":19.149999999999999},{"$f":"CCT29*CCU29","v":9.5749999999999993},"ED-50374",{"$f":"IF(CCZ29=\"SINAPI\",VLOOKUP(CCW29,SINAPI,2,0),IF(CCZ29=\"SETOP\",VLOOKUP(CCW29,SETOP,3,0),IF(CCZ29=\"CPU\",VLOOKUP(CCW29,COMPOSIÇÃO,2,0),VLOOKUP(CCW29,COTAÇÃO,3,0))))","v":"BOMBEIRO/ENCANADOR COM ENCARGOS COMPLEMENTARES"},null,"SETOP",{"$f":"IF(CCZ29=\"SINAPI\",VLOOKUP(CCW29,SINAPI,3,0),IF(CCZ29=\"SETOP\",VLOOKUP(CCW29,SETOP,4,0),IF(CCZ29=\"CPU\",VLOOKUP(CCW29,COMPOSIÇÃO,5,0),VLOOKUP(CCW29,COTAÇÃO,8,0))))","v":"HORA"},0.5,{"$f":"IF(CCZ29=\"SINAPI\",VLOOKUP(CCW29,SINAPI,4,0),IF(CCZ29=\"SETOP\",VLOOKUP(CCW29,SETOP,5,0),IF(CCZ29=\"CPU\",VLOOKUP(CCW29,COMPOSIÇÃO,8,0),VLOOKUP(CCW29,COTAÇÃO,11,0))))","v":19.149999999999999},{"$f":"CDB29*CDC29","v":9.5749999999999993},"ED-50374",{"$f":"IF(CDH29=\"SINAPI\",VLOOKUP(CDE29,SINAPI,2,0),IF(CDH29=\"SETOP\",VLOOKUP(CDE29,SETOP,3,0),IF(CDH29=\"CPU\",VLOOKUP(CDE29,COMPOSIÇÃO,2,0),VLOOKUP(CDE29,COTAÇÃO,3,0))))","v":"BOMBEIRO/ENCANADOR COM ENCARGOS COMPLEMENTARES"},null,"SETOP",{"$f":"IF(CDH29=\"SINAPI\",VLOOKUP(CDE29,SINAPI,3,0),IF(CDH29=\"SETOP\",VLOOKUP(CDE29,SETOP,4,0),IF(CDH29=\"CPU\",VLOOKUP(CDE29,COMPOSIÇÃO,5,0),VLOOKUP(CDE29,COTAÇÃO,8,0))))","v":"HORA"},0.5,{"$f":"IF(CDH29=\"SINAPI\",VLOOKUP(CDE29,SINAPI,4,0),IF(CDH29=\"SETOP\",VLOOKUP(CDE29,SETOP,5,0),IF(CDH29=\"CPU\",VLOOKUP(CDE29,COMPOSIÇÃO,8,0),VLOOKUP(CDE29,COTAÇÃO,11,0))))","v":19.149999999999999},{"$f":"CDJ29*CDK29","v":9.5749999999999993},"ED-50374",{"$f":"IF(CDP29=\"SINAPI\",VLOOKUP(CDM29,SINAPI,2,0),IF(CDP29=\"SETOP\",VLOOKUP(CDM29,SETOP,3,0),IF(CDP29=\"CPU\",VLOOKUP(CDM29,COMPOSIÇÃO,2,0),VLOOKUP(CDM29,COTAÇÃO,3,0))))","v":"BOMBEIRO/ENCANADOR COM ENCARGOS COMPLEMENTARES"},null,"SETOP",{"$f":"IF(CDP29=\"SINAPI\",VLOOKUP(CDM29,SINAPI,3,0),IF(CDP29=\"SETOP\",VLOOKUP(CDM29,SETOP,4,0),IF(CDP29=\"CPU\",VLOOKUP(CDM29,COMPOSIÇÃO,5,0),VLOOKUP(CDM29,COTAÇÃO,8,0))))","v":"HORA"},0.5,{"$f":"IF(CDP29=\"SINAPI\",VLOOKUP(CDM29,SINAPI,4,0),IF(CDP29=\"SETOP\",VLOOKUP(CDM29,SETOP,5,0),IF(CDP29=\"CPU\",VLOOKUP(CDM29,COMPOSIÇÃO,8,0),VLOOKUP(CDM29,COTAÇÃO,11,0))))","v":19.149999999999999},{"$f":"CDR29*CDS29","v":9.5749999999999993},"ED-50374",{"$f":"IF(CDX29=\"SINAPI\",VLOOKUP(CDU29,SINAPI,2,0),IF(CDX29=\"SETOP\",VLOOKUP(CDU29,SETOP,3,0),IF(CDX29=\"CPU\",VLOOKUP(CDU29,COMPOSIÇÃO,2,0),VLOOKUP(CDU29,COTAÇÃO,3,0))))","v":"BOMBEIRO/ENCANADOR COM ENCARGOS COMPLEMENTARES"},null,"SETOP",{"$f":"IF(CDX29=\"SINAPI\",VLOOKUP(CDU29,SINAPI,3,0),IF(CDX29=\"SETOP\",VLOOKUP(CDU29,SETOP,4,0),IF(CDX29=\"CPU\",VLOOKUP(CDU29,COMPOSIÇÃO,5,0),VLOOKUP(CDU29,COTAÇÃO,8,0))))","v":"HORA"},0.5,{"$f":"IF(CDX29=\"SINAPI\",VLOOKUP(CDU29,SINAPI,4,0),IF(CDX29=\"SETOP\",VLOOKUP(CDU29,SETOP,5,0),IF(CDX29=\"CPU\",VLOOKUP(CDU29,COMPOSIÇÃO,8,0),VLOOKUP(CDU29,COTAÇÃO,11,0))))","v":19.149999999999999},{"$f":"CDZ29*CEA29","v":9.5749999999999993},"ED-50374",{"$f":"IF(CEF29=\"SINAPI\",VLOOKUP(CEC29,SINAPI,2,0),IF(CEF29=\"SETOP\",VLOOKUP(CEC29,SETOP,3,0),IF(CEF29=\"CPU\",VLOOKUP(CEC29,COMPOSIÇÃO,2,0),VLOOKUP(CEC29,COTAÇÃO,3,0))))","v":"BOMBEIRO/ENCANADOR COM ENCARGOS COMPLEMENTARES"},null,"SETOP",{"$f":"IF(CEF29=\"SINAPI\",VLOOKUP(CEC29,SINAPI,3,0),IF(CEF29=\"SETOP\",VLOOKUP(CEC29,SETOP,4,0),IF(CEF29=\"CPU\",VLOOKUP(CEC29,COMPOSIÇÃO,5,0),VLOOKUP(CEC29,COTAÇÃO,8,0))))","v":"HORA"},0.5,{"$f":"IF(CEF29=\"SINAPI\",VLOOKUP(CEC29,SINAPI,4,0),IF(CEF29=\"SETOP\",VLOOKUP(CEC29,SETOP,5,0),IF(CEF29=\"CPU\",VLOOKUP(CEC29,COMPOSIÇÃO,8,0),VLOOKUP(CEC29,COTAÇÃO,11,0))))","v":19.149999999999999},{"$f":"CEH29*CEI29","v":9.5749999999999993},"ED-50374",{"$f":"IF(CEN29=\"SINAPI\",VLOOKUP(CEK29,SINAPI,2,0),IF(CEN29=\"SETOP\",VLOOKUP(CEK29,SETOP,3,0),IF(CEN29=\"CPU\",VLOOKUP(CEK29,COMPOSIÇÃO,2,0),VLOOKUP(CEK29,COTAÇÃO,3,0))))","v":"BOMBEIRO/ENCANADOR COM ENCARGOS COMPLEMENTARES"},null,"SETOP",{"$f":"IF(CEN29=\"SINAPI\",VLOOKUP(CEK29,SINAPI,3,0),IF(CEN29=\"SETOP\",VLOOKUP(CEK29,SETOP,4,0),IF(CEN29=\"CPU\",VLOOKUP(CEK29,COMPOSIÇÃO,5,0),VLOOKUP(CEK29,COTAÇÃO,8,0))))","v":"HORA"},0.5,{"$f":"IF(CEN29=\"SINAPI\",VLOOKUP(CEK29,SINAPI,4,0),IF(CEN29=\"SETOP\",VLOOKUP(CEK29,SETOP,5,0),IF(CEN29=\"CPU\",VLOOKUP(CEK29,COMPOSIÇÃO,8,0),VLOOKUP(CEK29,COTAÇÃO,11,0))))","v":19.149999999999999},{"$f":"CEP29*CEQ29","v":9.5749999999999993},"ED-50374",{"$f":"IF(CEV29=\"SINAPI\",VLOOKUP(CES29,SINAPI,2,0),IF(CEV29=\"SETOP\",VLOOKUP(CES29,SETOP,3,0),IF(CEV29=\"CPU\",VLOOKUP(CES29,COMPOSIÇÃO,2,0),VLOOKUP(CES29,COTAÇÃO,3,0))))","v":"BOMBEIRO/ENCANADOR COM ENCARGOS COMPLEMENTARES"},null,"SETOP",{"$f":"IF(CEV29=\"SINAPI\",VLOOKUP(CES29,SINAPI,3,0),IF(CEV29=\"SETOP\",VLOOKUP(CES29,SETOP,4,0),IF(CEV29=\"CPU\",VLOOKUP(CES29,COMPOSIÇÃO,5,0),VLOOKUP(CES29,COTAÇÃO,8,0))))","v":"HORA"},0.5,{"$f":"IF(CEV29=\"SINAPI\",VLOOKUP(CES29,SINAPI,4,0),IF(CEV29=\"SETOP\",VLOOKUP(CES29,SETOP,5,0),IF(CEV29=\"CPU\",VLOOKUP(CES29,COMPOSIÇÃO,8,0),VLOOKUP(CES29,COTAÇÃO,11,0))))","v":19.149999999999999},{"$f":"CEX29*CEY29","v":9.5749999999999993},"ED-50374",{"$f":"IF(CFD29=\"SINAPI\",VLOOKUP(CFA29,SINAPI,2,0),IF(CFD29=\"SETOP\",VLOOKUP(CFA29,SETOP,3,0),IF(CFD29=\"CPU\",VLOOKUP(CFA29,COMPOSIÇÃO,2,0),VLOOKUP(CFA29,COTAÇÃO,3,0))))","v":"BOMBEIRO/ENCANADOR COM ENCARGOS COMPLEMENTARES"},null,"SETOP",{"$f":"IF(CFD29=\"SINAPI\",VLOOKUP(CFA29,SINAPI,3,0),IF(CFD29=\"SETOP\",VLOOKUP(CFA29,SETOP,4,0),IF(CFD29=\"CPU\",VLOOKUP(CFA29,COMPOSIÇÃO,5,0),VLOOKUP(CFA29,COTAÇÃO,8,0))))","v":"HORA"},0.5,{"$f":"IF(CFD29=\"SINAPI\",VLOOKUP(CFA29,SINAPI,4,0),IF(CFD29=\"SETOP\",VLOOKUP(CFA29,SETOP,5,0),IF(CFD29=\"CPU\",VLOOKUP(CFA29,COMPOSIÇÃO,8,0),VLOOKUP(CFA29,COTAÇÃO,11,0))))","v":19.149999999999999},{"$f":"CFF29*CFG29","v":9.5749999999999993},"ED-50374",{"$f":"IF(CFL29=\"SINAPI\",VLOOKUP(CFI29,SINAPI,2,0),IF(CFL29=\"SETOP\",VLOOKUP(CFI29,SETOP,3,0),IF(CFL29=\"CPU\",VLOOKUP(CFI29,COMPOSIÇÃO,2,0),VLOOKUP(CFI29,COTAÇÃO,3,0))))","v":"BOMBEIRO/ENCANADOR COM ENCARGOS COMPLEMENTARES"},null,"SETOP",{"$f":"IF(CFL29=\"SINAPI\",VLOOKUP(CFI29,SINAPI,3,0),IF(CFL29=\"SETOP\",VLOOKUP(CFI29,SETOP,4,0),IF(CFL29=\"CPU\",VLOOKUP(CFI29,COMPOSIÇÃO,5,0),VLOOKUP(CFI29,COTAÇÃO,8,0))))","v":"HORA"},0.5,{"$f":"IF(CFL29=\"SINAPI\",VLOOKUP(CFI29,SINAPI,4,0),IF(CFL29=\"SETOP\",VLOOKUP(CFI29,SETOP,5,0),IF(CFL29=\"CPU\",VLOOKUP(CFI29,COMPOSIÇÃO,8,0),VLOOKUP(CFI29,COTAÇÃO,11,0))))","v":19.149999999999999},{"$f":"CFN29*CFO29","v":9.5749999999999993},"ED-50374",{"$f":"IF(CFT29=\"SINAPI\",VLOOKUP(CFQ29,SINAPI,2,0),IF(CFT29=\"SETOP\",VLOOKUP(CFQ29,SETOP,3,0),IF(CFT29=\"CPU\",VLOOKUP(CFQ29,COMPOSIÇÃO,2,0),VLOOKUP(CFQ29,COTAÇÃO,3,0))))","v":"BOMBEIRO/ENCANADOR COM ENCARGOS COMPLEMENTARES"},null,"SETOP",{"$f":"IF(CFT29=\"SINAPI\",VLOOKUP(CFQ29,SINAPI,3,0),IF(CFT29=\"SETOP\",VLOOKUP(CFQ29,SETOP,4,0),IF(CFT29=\"CPU\",VLOOKUP(CFQ29,COMPOSIÇÃO,5,0),VLOOKUP(CFQ29,COTAÇÃO,8,0))))","v":"HORA"},0.5,{"$f":"IF(CFT29=\"SINAPI\",VLOOKUP(CFQ29,SINAPI,4,0),IF(CFT29=\"SETOP\",VLOOKUP(CFQ29,SETOP,5,0),IF(CFT29=\"CPU\",VLOOKUP(CFQ29,COMPOSIÇÃO,8,0),VLOOKUP(CFQ29,COTAÇÃO,11,0))))","v":19.149999999999999},{"$f":"CFV29*CFW29","v":9.5749999999999993},"ED-50374",{"$f":"IF(CGB29=\"SINAPI\",VLOOKUP(CFY29,SINAPI,2,0),IF(CGB29=\"SETOP\",VLOOKUP(CFY29,SETOP,3,0),IF(CGB29=\"CPU\",VLOOKUP(CFY29,COMPOSIÇÃO,2,0),VLOOKUP(CFY29,COTAÇÃO,3,0))))","v":"BOMBEIRO/ENCANADOR COM ENCARGOS COMPLEMENTARES"},null,"SETOP",{"$f":"IF(CGB29=\"SINAPI\",VLOOKUP(CFY29,SINAPI,3,0),IF(CGB29=\"SETOP\",VLOOKUP(CFY29,SETOP,4,0),IF(CGB29=\"CPU\",VLOOKUP(CFY29,COMPOSIÇÃO,5,0),VLOOKUP(CFY29,COTAÇÃO,8,0))))","v":"HORA"},0.5,{"$f":"IF(CGB29=\"SINAPI\",VLOOKUP(CFY29,SINAPI,4,0),IF(CGB29=\"SETOP\",VLOOKUP(CFY29,SETOP,5,0),IF(CGB29=\"CPU\",VLOOKUP(CFY29,COMPOSIÇÃO,8,0),VLOOKUP(CFY29,COTAÇÃO,11,0))))","v":19.149999999999999},{"$f":"CGD29*CGE29","v":9.5749999999999993},"ED-50374",{"$f":"IF(CGJ29=\"SINAPI\",VLOOKUP(CGG29,SINAPI,2,0),IF(CGJ29=\"SETOP\",VLOOKUP(CGG29,SETOP,3,0),IF(CGJ29=\"CPU\",VLOOKUP(CGG29,COMPOSIÇÃO,2,0),VLOOKUP(CGG29,COTAÇÃO,3,0))))","v":"BOMBEIRO/ENCANADOR COM ENCARGOS COMPLEMENTARES"},null,"SETOP",{"$f":"IF(CGJ29=\"SINAPI\",VLOOKUP(CGG29,SINAPI,3,0),IF(CGJ29=\"SETOP\",VLOOKUP(CGG29,SETOP,4,0),IF(CGJ29=\"CPU\",VLOOKUP(CGG29,COMPOSIÇÃO,5,0),VLOOKUP(CGG29,COTAÇÃO,8,0))))","v":"HORA"},0.5,{"$f":"IF(CGJ29=\"SINAPI\",VLOOKUP(CGG29,SINAPI,4,0),IF(CGJ29=\"SETOP\",VLOOKUP(CGG29,SETOP,5,0),IF(CGJ29=\"CPU\",VLOOKUP(CGG29,COMPOSIÇÃO,8,0),VLOOKUP(CGG29,COTAÇÃO,11,0))))","v":19.149999999999999},{"$f":"CGL29*CGM29","v":9.5749999999999993},"ED-50374",{"$f":"IF(CGR29=\"SINAPI\",VLOOKUP(CGO29,SINAPI,2,0),IF(CGR29=\"SETOP\",VLOOKUP(CGO29,SETOP,3,0),IF(CGR29=\"CPU\",VLOOKUP(CGO29,COMPOSIÇÃO,2,0),VLOOKUP(CGO29,COTAÇÃO,3,0))))","v":"BOMBEIRO/ENCANADOR COM ENCARGOS COMPLEMENTARES"},null,"SETOP",{"$f":"IF(CGR29=\"SINAPI\",VLOOKUP(CGO29,SINAPI,3,0),IF(CGR29=\"SETOP\",VLOOKUP(CGO29,SETOP,4,0),IF(CGR29=\"CPU\",VLOOKUP(CGO29,COMPOSIÇÃO,5,0),VLOOKUP(CGO29,COTAÇÃO,8,0))))","v":"HORA"},0.5,{"$f":"IF(CGR29=\"SINAPI\",VLOOKUP(CGO29,SINAPI,4,0),IF(CGR29=\"SETOP\",VLOOKUP(CGO29,SETOP,5,0),IF(CGR29=\"CPU\",VLOOKUP(CGO29,COMPOSIÇÃO,8,0),VLOOKUP(CGO29,COTAÇÃO,11,0))))","v":19.149999999999999},{"$f":"CGT29*CGU29","v":9.5749999999999993},"ED-50374",{"$f":"IF(CGZ29=\"SINAPI\",VLOOKUP(CGW29,SINAPI,2,0),IF(CGZ29=\"SETOP\",VLOOKUP(CGW29,SETOP,3,0),IF(CGZ29=\"CPU\",VLOOKUP(CGW29,COMPOSIÇÃO,2,0),VLOOKUP(CGW29,COTAÇÃO,3,0))))","v":"BOMBEIRO/ENCANADOR COM ENCARGOS COMPLEMENTARES"},null,"SETOP",{"$f":"IF(CGZ29=\"SINAPI\",VLOOKUP(CGW29,SINAPI,3,0),IF(CGZ29=\"SETOP\",VLOOKUP(CGW29,SETOP,4,0),IF(CGZ29=\"CPU\",VLOOKUP(CGW29,COMPOSIÇÃO,5,0),VLOOKUP(CGW29,COTAÇÃO,8,0))))","v":"HORA"},0.5,{"$f":"IF(CGZ29=\"SINAPI\",VLOOKUP(CGW29,SINAPI,4,0),IF(CGZ29=\"SETOP\",VLOOKUP(CGW29,SETOP,5,0),IF(CGZ29=\"CPU\",VLOOKUP(CGW29,COMPOSIÇÃO,8,0),VLOOKUP(CGW29,COTAÇÃO,11,0))))","v":19.149999999999999},{"$f":"CHB29*CHC29","v":9.5749999999999993},"ED-50374",{"$f":"IF(CHH29=\"SINAPI\",VLOOKUP(CHE29,SINAPI,2,0),IF(CHH29=\"SETOP\",VLOOKUP(CHE29,SETOP,3,0),IF(CHH29=\"CPU\",VLOOKUP(CHE29,COMPOSIÇÃO,2,0),VLOOKUP(CHE29,COTAÇÃO,3,0))))","v":"BOMBEIRO/ENCANADOR COM ENCARGOS COMPLEMENTARES"},null,"SETOP",{"$f":"IF(CHH29=\"SINAPI\",VLOOKUP(CHE29,SINAPI,3,0),IF(CHH29=\"SETOP\",VLOOKUP(CHE29,SETOP,4,0),IF(CHH29=\"CPU\",VLOOKUP(CHE29,COMPOSIÇÃO,5,0),VLOOKUP(CHE29,COTAÇÃO,8,0))))","v":"HORA"},0.5,{"$f":"IF(CHH29=\"SINAPI\",VLOOKUP(CHE29,SINAPI,4,0),IF(CHH29=\"SETOP\",VLOOKUP(CHE29,SETOP,5,0),IF(CHH29=\"CPU\",VLOOKUP(CHE29,COMPOSIÇÃO,8,0),VLOOKUP(CHE29,COTAÇÃO,11,0))))","v":19.149999999999999},{"$f":"CHJ29*CHK29","v":9.5749999999999993},"ED-50374",{"$f":"IF(CHP29=\"SINAPI\",VLOOKUP(CHM29,SINAPI,2,0),IF(CHP29=\"SETOP\",VLOOKUP(CHM29,SETOP,3,0),IF(CHP29=\"CPU\",VLOOKUP(CHM29,COMPOSIÇÃO,2,0),VLOOKUP(CHM29,COTAÇÃO,3,0))))","v":"BOMBEIRO/ENCANADOR COM ENCARGOS COMPLEMENTARES"},null,"SETOP",{"$f":"IF(CHP29=\"SINAPI\",VLOOKUP(CHM29,SINAPI,3,0),IF(CHP29=\"SETOP\",VLOOKUP(CHM29,SETOP,4,0),IF(CHP29=\"CPU\",VLOOKUP(CHM29,COMPOSIÇÃO,5,0),VLOOKUP(CHM29,COTAÇÃO,8,0))))","v":"HORA"},0.5,{"$f":"IF(CHP29=\"SINAPI\",VLOOKUP(CHM29,SINAPI,4,0),IF(CHP29=\"SETOP\",VLOOKUP(CHM29,SETOP,5,0),IF(CHP29=\"CPU\",VLOOKUP(CHM29,COMPOSIÇÃO,8,0),VLOOKUP(CHM29,COTAÇÃO,11,0))))","v":19.149999999999999},{"$f":"CHR29*CHS29","v":9.5749999999999993},"ED-50374",{"$f":"IF(CHX29=\"SINAPI\",VLOOKUP(CHU29,SINAPI,2,0),IF(CHX29=\"SETOP\",VLOOKUP(CHU29,SETOP,3,0),IF(CHX29=\"CPU\",VLOOKUP(CHU29,COMPOSIÇÃO,2,0),VLOOKUP(CHU29,COTAÇÃO,3,0))))","v":"BOMBEIRO/ENCANADOR COM ENCARGOS COMPLEMENTARES"},null,"SETOP",{"$f":"IF(CHX29=\"SINAPI\",VLOOKUP(CHU29,SINAPI,3,0),IF(CHX29=\"SETOP\",VLOOKUP(CHU29,SETOP,4,0),IF(CHX29=\"CPU\",VLOOKUP(CHU29,COMPOSIÇÃO,5,0),VLOOKUP(CHU29,COTAÇÃO,8,0))))","v":"HORA"},0.5,{"$f":"IF(CHX29=\"SINAPI\",VLOOKUP(CHU29,SINAPI,4,0),IF(CHX29=\"SETOP\",VLOOKUP(CHU29,SETOP,5,0),IF(CHX29=\"CPU\",VLOOKUP(CHU29,COMPOSIÇÃO,8,0),VLOOKUP(CHU29,COTAÇÃO,11,0))))","v":19.149999999999999},{"$f":"CHZ29*CIA29","v":9.5749999999999993},"ED-50374",{"$f":"IF(CIF29=\"SINAPI\",VLOOKUP(CIC29,SINAPI,2,0),IF(CIF29=\"SETOP\",VLOOKUP(CIC29,SETOP,3,0),IF(CIF29=\"CPU\",VLOOKUP(CIC29,COMPOSIÇÃO,2,0),VLOOKUP(CIC29,COTAÇÃO,3,0))))","v":"BOMBEIRO/ENCANADOR COM ENCARGOS COMPLEMENTARES"},null,"SETOP",{"$f":"IF(CIF29=\"SINAPI\",VLOOKUP(CIC29,SINAPI,3,0),IF(CIF29=\"SETOP\",VLOOKUP(CIC29,SETOP,4,0),IF(CIF29=\"CPU\",VLOOKUP(CIC29,COMPOSIÇÃO,5,0),VLOOKUP(CIC29,COTAÇÃO,8,0))))","v":"HORA"},0.5,{"$f":"IF(CIF29=\"SINAPI\",VLOOKUP(CIC29,SINAPI,4,0),IF(CIF29=\"SETOP\",VLOOKUP(CIC29,SETOP,5,0),IF(CIF29=\"CPU\",VLOOKUP(CIC29,COMPOSIÇÃO,8,0),VLOOKUP(CIC29,COTAÇÃO,11,0))))","v":19.149999999999999},{"$f":"CIH29*CII29","v":9.5749999999999993},"ED-50374",{"$f":"IF(CIN29=\"SINAPI\",VLOOKUP(CIK29,SINAPI,2,0),IF(CIN29=\"SETOP\",VLOOKUP(CIK29,SETOP,3,0),IF(CIN29=\"CPU\",VLOOKUP(CIK29,COMPOSIÇÃO,2,0),VLOOKUP(CIK29,COTAÇÃO,3,0))))","v":"BOMBEIRO/ENCANADOR COM ENCARGOS COMPLEMENTARES"},null,"SETOP",{"$f":"IF(CIN29=\"SINAPI\",VLOOKUP(CIK29,SINAPI,3,0),IF(CIN29=\"SETOP\",VLOOKUP(CIK29,SETOP,4,0),IF(CIN29=\"CPU\",VLOOKUP(CIK29,COMPOSIÇÃO,5,0),VLOOKUP(CIK29,COTAÇÃO,8,0))))","v":"HORA"},0.5,{"$f":"IF(CIN29=\"SINAPI\",VLOOKUP(CIK29,SINAPI,4,0),IF(CIN29=\"SETOP\",VLOOKUP(CIK29,SETOP,5,0),IF(CIN29=\"CPU\",VLOOKUP(CIK29,COMPOSIÇÃO,8,0),VLOOKUP(CIK29,COTAÇÃO,11,0))))","v":19.149999999999999},{"$f":"CIP29*CIQ29","v":9.5749999999999993},"ED-50374",{"$f":"IF(CIV29=\"SINAPI\",VLOOKUP(CIS29,SINAPI,2,0),IF(CIV29=\"SETOP\",VLOOKUP(CIS29,SETOP,3,0),IF(CIV29=\"CPU\",VLOOKUP(CIS29,COMPOSIÇÃO,2,0),VLOOKUP(CIS29,COTAÇÃO,3,0))))","v":"BOMBEIRO/ENCANADOR COM ENCARGOS COMPLEMENTARES"},null,"SETOP",{"$f":"IF(CIV29=\"SINAPI\",VLOOKUP(CIS29,SINAPI,3,0),IF(CIV29=\"SETOP\",VLOOKUP(CIS29,SETOP,4,0),IF(CIV29=\"CPU\",VLOOKUP(CIS29,COMPOSIÇÃO,5,0),VLOOKUP(CIS29,COTAÇÃO,8,0))))","v":"HORA"},0.5,{"$f":"IF(CIV29=\"SINAPI\",VLOOKUP(CIS29,SINAPI,4,0),IF(CIV29=\"SETOP\",VLOOKUP(CIS29,SETOP,5,0),IF(CIV29=\"CPU\",VLOOKUP(CIS29,COMPOSIÇÃO,8,0),VLOOKUP(CIS29,COTAÇÃO,11,0))))","v":19.149999999999999},{"$f":"CIX29*CIY29","v":9.5749999999999993},"ED-50374",{"$f":"IF(CJD29=\"SINAPI\",VLOOKUP(CJA29,SINAPI,2,0),IF(CJD29=\"SETOP\",VLOOKUP(CJA29,SETOP,3,0),IF(CJD29=\"CPU\",VLOOKUP(CJA29,COMPOSIÇÃO,2,0),VLOOKUP(CJA29,COTAÇÃO,3,0))))","v":"BOMBEIRO/ENCANADOR COM ENCARGOS COMPLEMENTARES"},null,"SETOP",{"$f":"IF(CJD29=\"SINAPI\",VLOOKUP(CJA29,SINAPI,3,0),IF(CJD29=\"SETOP\",VLOOKUP(CJA29,SETOP,4,0),IF(CJD29=\"CPU\",VLOOKUP(CJA29,COMPOSIÇÃO,5,0),VLOOKUP(CJA29,COTAÇÃO,8,0))))","v":"HORA"},0.5,{"$f":"IF(CJD29=\"SINAPI\",VLOOKUP(CJA29,SINAPI,4,0),IF(CJD29=\"SETOP\",VLOOKUP(CJA29,SETOP,5,0),IF(CJD29=\"CPU\",VLOOKUP(CJA29,COMPOSIÇÃO,8,0),VLOOKUP(CJA29,COTAÇÃO,11,0))))","v":19.149999999999999},{"$f":"CJF29*CJG29","v":9.5749999999999993},"ED-50374",{"$f":"IF(CJL29=\"SINAPI\",VLOOKUP(CJI29,SINAPI,2,0),IF(CJL29=\"SETOP\",VLOOKUP(CJI29,SETOP,3,0),IF(CJL29=\"CPU\",VLOOKUP(CJI29,COMPOSIÇÃO,2,0),VLOOKUP(CJI29,COTAÇÃO,3,0))))","v":"BOMBEIRO/ENCANADOR COM ENCARGOS COMPLEMENTARES"},null,"SETOP",{"$f":"IF(CJL29=\"SINAPI\",VLOOKUP(CJI29,SINAPI,3,0),IF(CJL29=\"SETOP\",VLOOKUP(CJI29,SETOP,4,0),IF(CJL29=\"CPU\",VLOOKUP(CJI29,COMPOSIÇÃO,5,0),VLOOKUP(CJI29,COTAÇÃO,8,0))))","v":"HORA"},0.5,{"$f":"IF(CJL29=\"SINAPI\",VLOOKUP(CJI29,SINAPI,4,0),IF(CJL29=\"SETOP\",VLOOKUP(CJI29,SETOP,5,0),IF(CJL29=\"CPU\",VLOOKUP(CJI29,COMPOSIÇÃO,8,0),VLOOKUP(CJI29,COTAÇÃO,11,0))))","v":19.149999999999999},{"$f":"CJN29*CJO29","v":9.5749999999999993},"ED-50374",{"$f":"IF(CJT29=\"SINAPI\",VLOOKUP(CJQ29,SINAPI,2,0),IF(CJT29=\"SETOP\",VLOOKUP(CJQ29,SETOP,3,0),IF(CJT29=\"CPU\",VLOOKUP(CJQ29,COMPOSIÇÃO,2,0),VLOOKUP(CJQ29,COTAÇÃO,3,0))))","v":"BOMBEIRO/ENCANADOR COM ENCARGOS COMPLEMENTARES"},null,"SETOP",{"$f":"IF(CJT29=\"SINAPI\",VLOOKUP(CJQ29,SINAPI,3,0),IF(CJT29=\"SETOP\",VLOOKUP(CJQ29,SETOP,4,0),IF(CJT29=\"CPU\",VLOOKUP(CJQ29,COMPOSIÇÃO,5,0),VLOOKUP(CJQ29,COTAÇÃO,8,0))))","v":"HORA"},0.5,{"$f":"IF(CJT29=\"SINAPI\",VLOOKUP(CJQ29,SINAPI,4,0),IF(CJT29=\"SETOP\",VLOOKUP(CJQ29,SETOP,5,0),IF(CJT29=\"CPU\",VLOOKUP(CJQ29,COMPOSIÇÃO,8,0),VLOOKUP(CJQ29,COTAÇÃO,11,0))))","v":19.149999999999999},{"$f":"CJV29*CJW29","v":9.5749999999999993},"ED-50374",{"$f":"IF(CKB29=\"SINAPI\",VLOOKUP(CJY29,SINAPI,2,0),IF(CKB29=\"SETOP\",VLOOKUP(CJY29,SETOP,3,0),IF(CKB29=\"CPU\",VLOOKUP(CJY29,COMPOSIÇÃO,2,0),VLOOKUP(CJY29,COTAÇÃO,3,0))))","v":"BOMBEIRO/ENCANADOR COM ENCARGOS COMPLEMENTARES"},null,"SETOP",{"$f":"IF(CKB29=\"SINAPI\",VLOOKUP(CJY29,SINAPI,3,0),IF(CKB29=\"SETOP\",VLOOKUP(CJY29,SETOP,4,0),IF(CKB29=\"CPU\",VLOOKUP(CJY29,COMPOSIÇÃO,5,0),VLOOKUP(CJY29,COTAÇÃO,8,0))))","v":"HORA"},0.5,{"$f":"IF(CKB29=\"SINAPI\",VLOOKUP(CJY29,SINAPI,4,0),IF(CKB29=\"SETOP\",VLOOKUP(CJY29,SETOP,5,0),IF(CKB29=\"CPU\",VLOOKUP(CJY29,COMPOSIÇÃO,8,0),VLOOKUP(CJY29,COTAÇÃO,11,0))))","v":19.149999999999999},{"$f":"CKD29*CKE29","v":9.5749999999999993},"ED-50374",{"$f":"IF(CKJ29=\"SINAPI\",VLOOKUP(CKG29,SINAPI,2,0),IF(CKJ29=\"SETOP\",VLOOKUP(CKG29,SETOP,3,0),IF(CKJ29=\"CPU\",VLOOKUP(CKG29,COMPOSIÇÃO,2,0),VLOOKUP(CKG29,COTAÇÃO,3,0))))","v":"BOMBEIRO/ENCANADOR COM ENCARGOS COMPLEMENTARES"},null,"SETOP",{"$f":"IF(CKJ29=\"SINAPI\",VLOOKUP(CKG29,SINAPI,3,0),IF(CKJ29=\"SETOP\",VLOOKUP(CKG29,SETOP,4,0),IF(CKJ29=\"CPU\",VLOOKUP(CKG29,COMPOSIÇÃO,5,0),VLOOKUP(CKG29,COTAÇÃO,8,0))))","v":"HORA"},0.5,{"$f":"IF(CKJ29=\"SINAPI\",VLOOKUP(CKG29,SINAPI,4,0),IF(CKJ29=\"SETOP\",VLOOKUP(CKG29,SETOP,5,0),IF(CKJ29=\"CPU\",VLOOKUP(CKG29,COMPOSIÇÃO,8,0),VLOOKUP(CKG29,COTAÇÃO,11,0))))","v":19.149999999999999},{"$f":"CKL29*CKM29","v":9.5749999999999993},"ED-50374",{"$f":"IF(CKR29=\"SINAPI\",VLOOKUP(CKO29,SINAPI,2,0),IF(CKR29=\"SETOP\",VLOOKUP(CKO29,SETOP,3,0),IF(CKR29=\"CPU\",VLOOKUP(CKO29,COMPOSIÇÃO,2,0),VLOOKUP(CKO29,COTAÇÃO,3,0))))","v":"BOMBEIRO/ENCANADOR COM ENCARGOS COMPLEMENTARES"},null,"SETOP",{"$f":"IF(CKR29=\"SINAPI\",VLOOKUP(CKO29,SINAPI,3,0),IF(CKR29=\"SETOP\",VLOOKUP(CKO29,SETOP,4,0),IF(CKR29=\"CPU\",VLOOKUP(CKO29,COMPOSIÇÃO,5,0),VLOOKUP(CKO29,COTAÇÃO,8,0))))","v":"HORA"},0.5,{"$f":"IF(CKR29=\"SINAPI\",VLOOKUP(CKO29,SINAPI,4,0),IF(CKR29=\"SETOP\",VLOOKUP(CKO29,SETOP,5,0),IF(CKR29=\"CPU\",VLOOKUP(CKO29,COMPOSIÇÃO,8,0),VLOOKUP(CKO29,COTAÇÃO,11,0))))","v":19.149999999999999},{"$f":"CKT29*CKU29","v":9.5749999999999993},"ED-50374",{"$f":"IF(CKZ29=\"SINAPI\",VLOOKUP(CKW29,SINAPI,2,0),IF(CKZ29=\"SETOP\",VLOOKUP(CKW29,SETOP,3,0),IF(CKZ29=\"CPU\",VLOOKUP(CKW29,COMPOSIÇÃO,2,0),VLOOKUP(CKW29,COTAÇÃO,3,0))))","v":"BOMBEIRO/ENCANADOR COM ENCARGOS COMPLEMENTARES"},null,"SETOP",{"$f":"IF(CKZ29=\"SINAPI\",VLOOKUP(CKW29,SINAPI,3,0),IF(CKZ29=\"SETOP\",VLOOKUP(CKW29,SETOP,4,0),IF(CKZ29=\"CPU\",VLOOKUP(CKW29,COMPOSIÇÃO,5,0),VLOOKUP(CKW29,COTAÇÃO,8,0))))","v":"HORA"},0.5,{"$f":"IF(CKZ29=\"SINAPI\",VLOOKUP(CKW29,SINAPI,4,0),IF(CKZ29=\"SETOP\",VLOOKUP(CKW29,SETOP,5,0),IF(CKZ29=\"CPU\",VLOOKUP(CKW29,COMPOSIÇÃO,8,0),VLOOKUP(CKW29,COTAÇÃO,11,0))))","v":19.149999999999999},{"$f":"CLB29*CLC29","v":9.5749999999999993},"ED-50374",{"$f":"IF(CLH29=\"SINAPI\",VLOOKUP(CLE29,SINAPI,2,0),IF(CLH29=\"SETOP\",VLOOKUP(CLE29,SETOP,3,0),IF(CLH29=\"CPU\",VLOOKUP(CLE29,COMPOSIÇÃO,2,0),VLOOKUP(CLE29,COTAÇÃO,3,0))))","v":"BOMBEIRO/ENCANADOR COM ENCARGOS COMPLEMENTARES"},null,"SETOP",{"$f":"IF(CLH29=\"SINAPI\",VLOOKUP(CLE29,SINAPI,3,0),IF(CLH29=\"SETOP\",VLOOKUP(CLE29,SETOP,4,0),IF(CLH29=\"CPU\",VLOOKUP(CLE29,COMPOSIÇÃO,5,0),VLOOKUP(CLE29,COTAÇÃO,8,0))))","v":"HORA"},0.5,{"$f":"IF(CLH29=\"SINAPI\",VLOOKUP(CLE29,SINAPI,4,0),IF(CLH29=\"SETOP\",VLOOKUP(CLE29,SETOP,5,0),IF(CLH29=\"CPU\",VLOOKUP(CLE29,COMPOSIÇÃO,8,0),VLOOKUP(CLE29,COTAÇÃO,11,0))))","v":19.149999999999999},{"$f":"CLJ29*CLK29","v":9.5749999999999993},"ED-50374",{"$f":"IF(CLP29=\"SINAPI\",VLOOKUP(CLM29,SINAPI,2,0),IF(CLP29=\"SETOP\",VLOOKUP(CLM29,SETOP,3,0),IF(CLP29=\"CPU\",VLOOKUP(CLM29,COMPOSIÇÃO,2,0),VLOOKUP(CLM29,COTAÇÃO,3,0))))","v":"BOMBEIRO/ENCANADOR COM ENCARGOS COMPLEMENTARES"},null,"SETOP",{"$f":"IF(CLP29=\"SINAPI\",VLOOKUP(CLM29,SINAPI,3,0),IF(CLP29=\"SETOP\",VLOOKUP(CLM29,SETOP,4,0),IF(CLP29=\"CPU\",VLOOKUP(CLM29,COMPOSIÇÃO,5,0),VLOOKUP(CLM29,COTAÇÃO,8,0))))","v":"HORA"},0.5,{"$f":"IF(CLP29=\"SINAPI\",VLOOKUP(CLM29,SINAPI,4,0),IF(CLP29=\"SETOP\",VLOOKUP(CLM29,SETOP,5,0),IF(CLP29=\"CPU\",VLOOKUP(CLM29,COMPOSIÇÃO,8,0),VLOOKUP(CLM29,COTAÇÃO,11,0))))","v":19.149999999999999},{"$f":"CLR29*CLS29","v":9.5749999999999993},"ED-50374",{"$f":"IF(CLX29=\"SINAPI\",VLOOKUP(CLU29,SINAPI,2,0),IF(CLX29=\"SETOP\",VLOOKUP(CLU29,SETOP,3,0),IF(CLX29=\"CPU\",VLOOKUP(CLU29,COMPOSIÇÃO,2,0),VLOOKUP(CLU29,COTAÇÃO,3,0))))","v":"BOMBEIRO/ENCANADOR COM ENCARGOS COMPLEMENTARES"},null,"SETOP",{"$f":"IF(CLX29=\"SINAPI\",VLOOKUP(CLU29,SINAPI,3,0),IF(CLX29=\"SETOP\",VLOOKUP(CLU29,SETOP,4,0),IF(CLX29=\"CPU\",VLOOKUP(CLU29,COMPOSIÇÃO,5,0),VLOOKUP(CLU29,COTAÇÃO,8,0))))","v":"HORA"},0.5,{"$f":"IF(CLX29=\"SINAPI\",VLOOKUP(CLU29,SINAPI,4,0),IF(CLX29=\"SETOP\",VLOOKUP(CLU29,SETOP,5,0),IF(CLX29=\"CPU\",VLOOKUP(CLU29,COMPOSIÇÃO,8,0),VLOOKUP(CLU29,COTAÇÃO,11,0))))","v":19.149999999999999},{"$f":"CLZ29*CMA29","v":9.5749999999999993},"ED-50374",{"$f":"IF(CMF29=\"SINAPI\",VLOOKUP(CMC29,SINAPI,2,0),IF(CMF29=\"SETOP\",VLOOKUP(CMC29,SETOP,3,0),IF(CMF29=\"CPU\",VLOOKUP(CMC29,COMPOSIÇÃO,2,0),VLOOKUP(CMC29,COTAÇÃO,3,0))))","v":"BOMBEIRO/ENCANADOR COM ENCARGOS COMPLEMENTARES"},null,"SETOP",{"$f":"IF(CMF29=\"SINAPI\",VLOOKUP(CMC29,SINAPI,3,0),IF(CMF29=\"SETOP\",VLOOKUP(CMC29,SETOP,4,0),IF(CMF29=\"CPU\",VLOOKUP(CMC29,COMPOSIÇÃO,5,0),VLOOKUP(CMC29,COTAÇÃO,8,0))))","v":"HORA"},0.5,{"$f":"IF(CMF29=\"SINAPI\",VLOOKUP(CMC29,SINAPI,4,0),IF(CMF29=\"SETOP\",VLOOKUP(CMC29,SETOP,5,0),IF(CMF29=\"CPU\",VLOOKUP(CMC29,COMPOSIÇÃO,8,0),VLOOKUP(CMC29,COTAÇÃO,11,0))))","v":19.149999999999999},{"$f":"CMH29*CMI29","v":9.5749999999999993},"ED-50374",{"$f":"IF(CMN29=\"SINAPI\",VLOOKUP(CMK29,SINAPI,2,0),IF(CMN29=\"SETOP\",VLOOKUP(CMK29,SETOP,3,0),IF(CMN29=\"CPU\",VLOOKUP(CMK29,COMPOSIÇÃO,2,0),VLOOKUP(CMK29,COTAÇÃO,3,0))))","v":"BOMBEIRO/ENCANADOR COM ENCARGOS COMPLEMENTARES"},null,"SETOP",{"$f":"IF(CMN29=\"SINAPI\",VLOOKUP(CMK29,SINAPI,3,0),IF(CMN29=\"SETOP\",VLOOKUP(CMK29,SETOP,4,0),IF(CMN29=\"CPU\",VLOOKUP(CMK29,COMPOSIÇÃO,5,0),VLOOKUP(CMK29,COTAÇÃO,8,0))))","v":"HORA"},0.5,{"$f":"IF(CMN29=\"SINAPI\",VLOOKUP(CMK29,SINAPI,4,0),IF(CMN29=\"SETOP\",VLOOKUP(CMK29,SETOP,5,0),IF(CMN29=\"CPU\",VLOOKUP(CMK29,COMPOSIÇÃO,8,0),VLOOKUP(CMK29,COTAÇÃO,11,0))))","v":19.149999999999999},{"$f":"CMP29*CMQ29","v":9.5749999999999993},"ED-50374",{"$f":"IF(CMV29=\"SINAPI\",VLOOKUP(CMS29,SINAPI,2,0),IF(CMV29=\"SETOP\",VLOOKUP(CMS29,SETOP,3,0),IF(CMV29=\"CPU\",VLOOKUP(CMS29,COMPOSIÇÃO,2,0),VLOOKUP(CMS29,COTAÇÃO,3,0))))","v":"BOMBEIRO/ENCANADOR COM ENCARGOS COMPLEMENTARES"},null,"SETOP",{"$f":"IF(CMV29=\"SINAPI\",VLOOKUP(CMS29,SINAPI,3,0),IF(CMV29=\"SETOP\",VLOOKUP(CMS29,SETOP,4,0),IF(CMV29=\"CPU\",VLOOKUP(CMS29,COMPOSIÇÃO,5,0),VLOOKUP(CMS29,COTAÇÃO,8,0))))","v":"HORA"},0.5,{"$f":"IF(CMV29=\"SINAPI\",VLOOKUP(CMS29,SINAPI,4,0),IF(CMV29=\"SETOP\",VLOOKUP(CMS29,SETOP,5,0),IF(CMV29=\"CPU\",VLOOKUP(CMS29,COMPOSIÇÃO,8,0),VLOOKUP(CMS29,COTAÇÃO,11,0))))","v":19.149999999999999},{"$f":"CMX29*CMY29","v":9.5749999999999993},"ED-50374",{"$f":"IF(CND29=\"SINAPI\",VLOOKUP(CNA29,SINAPI,2,0),IF(CND29=\"SETOP\",VLOOKUP(CNA29,SETOP,3,0),IF(CND29=\"CPU\",VLOOKUP(CNA29,COMPOSIÇÃO,2,0),VLOOKUP(CNA29,COTAÇÃO,3,0))))","v":"BOMBEIRO/ENCANADOR COM ENCARGOS COMPLEMENTARES"},null,"SETOP",{"$f":"IF(CND29=\"SINAPI\",VLOOKUP(CNA29,SINAPI,3,0),IF(CND29=\"SETOP\",VLOOKUP(CNA29,SETOP,4,0),IF(CND29=\"CPU\",VLOOKUP(CNA29,COMPOSIÇÃO,5,0),VLOOKUP(CNA29,COTAÇÃO,8,0))))","v":"HORA"},0.5,{"$f":"IF(CND29=\"SINAPI\",VLOOKUP(CNA29,SINAPI,4,0),IF(CND29=\"SETOP\",VLOOKUP(CNA29,SETOP,5,0),IF(CND29=\"CPU\",VLOOKUP(CNA29,COMPOSIÇÃO,8,0),VLOOKUP(CNA29,COTAÇÃO,11,0))))","v":19.149999999999999},{"$f":"CNF29*CNG29","v":9.5749999999999993},"ED-50374",{"$f":"IF(CNL29=\"SINAPI\",VLOOKUP(CNI29,SINAPI,2,0),IF(CNL29=\"SETOP\",VLOOKUP(CNI29,SETOP,3,0),IF(CNL29=\"CPU\",VLOOKUP(CNI29,COMPOSIÇÃO,2,0),VLOOKUP(CNI29,COTAÇÃO,3,0))))","v":"BOMBEIRO/ENCANADOR COM ENCARGOS COMPLEMENTARES"},null,"SETOP",{"$f":"IF(CNL29=\"SINAPI\",VLOOKUP(CNI29,SINAPI,3,0),IF(CNL29=\"SETOP\",VLOOKUP(CNI29,SETOP,4,0),IF(CNL29=\"CPU\",VLOOKUP(CNI29,COMPOSIÇÃO,5,0),VLOOKUP(CNI29,COTAÇÃO,8,0))))","v":"HORA"},0.5,{"$f":"IF(CNL29=\"SINAPI\",VLOOKUP(CNI29,SINAPI,4,0),IF(CNL29=\"SETOP\",VLOOKUP(CNI29,SETOP,5,0),IF(CNL29=\"CPU\",VLOOKUP(CNI29,COMPOSIÇÃO,8,0),VLOOKUP(CNI29,COTAÇÃO,11,0))))","v":19.149999999999999},{"$f":"CNN29*CNO29","v":9.5749999999999993},"ED-50374",{"$f":"IF(CNT29=\"SINAPI\",VLOOKUP(CNQ29,SINAPI,2,0),IF(CNT29=\"SETOP\",VLOOKUP(CNQ29,SETOP,3,0),IF(CNT29=\"CPU\",VLOOKUP(CNQ29,COMPOSIÇÃO,2,0),VLOOKUP(CNQ29,COTAÇÃO,3,0))))","v":"BOMBEIRO/ENCANADOR COM ENCARGOS COMPLEMENTARES"},null,"SETOP",{"$f":"IF(CNT29=\"SINAPI\",VLOOKUP(CNQ29,SINAPI,3,0),IF(CNT29=\"SETOP\",VLOOKUP(CNQ29,SETOP,4,0),IF(CNT29=\"CPU\",VLOOKUP(CNQ29,COMPOSIÇÃO,5,0),VLOOKUP(CNQ29,COTAÇÃO,8,0))))","v":"HORA"},0.5,{"$f":"IF(CNT29=\"SINAPI\",VLOOKUP(CNQ29,SINAPI,4,0),IF(CNT29=\"SETOP\",VLOOKUP(CNQ29,SETOP,5,0),IF(CNT29=\"CPU\",VLOOKUP(CNQ29,COMPOSIÇÃO,8,0),VLOOKUP(CNQ29,COTAÇÃO,11,0))))","v":19.149999999999999},{"$f":"CNV29*CNW29","v":9.5749999999999993},"ED-50374",{"$f":"IF(COB29=\"SINAPI\",VLOOKUP(CNY29,SINAPI,2,0),IF(COB29=\"SETOP\",VLOOKUP(CNY29,SETOP,3,0),IF(COB29=\"CPU\",VLOOKUP(CNY29,COMPOSIÇÃO,2,0),VLOOKUP(CNY29,COTAÇÃO,3,0))))","v":"BOMBEIRO/ENCANADOR COM ENCARGOS COMPLEMENTARES"},null,"SETOP",{"$f":"IF(COB29=\"SINAPI\",VLOOKUP(CNY29,SINAPI,3,0),IF(COB29=\"SETOP\",VLOOKUP(CNY29,SETOP,4,0),IF(COB29=\"CPU\",VLOOKUP(CNY29,COMPOSIÇÃO,5,0),VLOOKUP(CNY29,COTAÇÃO,8,0))))","v":"HORA"},0.5,{"$f":"IF(COB29=\"SINAPI\",VLOOKUP(CNY29,SINAPI,4,0),IF(COB29=\"SETOP\",VLOOKUP(CNY29,SETOP,5,0),IF(COB29=\"CPU\",VLOOKUP(CNY29,COMPOSIÇÃO,8,0),VLOOKUP(CNY29,COTAÇÃO,11,0))))","v":19.149999999999999},{"$f":"COD29*COE29","v":9.5749999999999993},"ED-50374",{"$f":"IF(COJ29=\"SINAPI\",VLOOKUP(COG29,SINAPI,2,0),IF(COJ29=\"SETOP\",VLOOKUP(COG29,SETOP,3,0),IF(COJ29=\"CPU\",VLOOKUP(COG29,COMPOSIÇÃO,2,0),VLOOKUP(COG29,COTAÇÃO,3,0))))","v":"BOMBEIRO/ENCANADOR COM ENCARGOS COMPLEMENTARES"},null,"SETOP",{"$f":"IF(COJ29=\"SINAPI\",VLOOKUP(COG29,SINAPI,3,0),IF(COJ29=\"SETOP\",VLOOKUP(COG29,SETOP,4,0),IF(COJ29=\"CPU\",VLOOKUP(COG29,COMPOSIÇÃO,5,0),VLOOKUP(COG29,COTAÇÃO,8,0))))","v":"HORA"},0.5,{"$f":"IF(COJ29=\"SINAPI\",VLOOKUP(COG29,SINAPI,4,0),IF(COJ29=\"SETOP\",VLOOKUP(COG29,SETOP,5,0),IF(COJ29=\"CPU\",VLOOKUP(COG29,COMPOSIÇÃO,8,0),VLOOKUP(COG29,COTAÇÃO,11,0))))","v":19.149999999999999},{"$f":"COL29*COM29","v":9.5749999999999993},"ED-50374",{"$f":"IF(COR29=\"SINAPI\",VLOOKUP(COO29,SINAPI,2,0),IF(COR29=\"SETOP\",VLOOKUP(COO29,SETOP,3,0),IF(COR29=\"CPU\",VLOOKUP(COO29,COMPOSIÇÃO,2,0),VLOOKUP(COO29,COTAÇÃO,3,0))))","v":"BOMBEIRO/ENCANADOR COM ENCARGOS COMPLEMENTARES"},null,"SETOP",{"$f":"IF(COR29=\"SINAPI\",VLOOKUP(COO29,SINAPI,3,0),IF(COR29=\"SETOP\",VLOOKUP(COO29,SETOP,4,0),IF(COR29=\"CPU\",VLOOKUP(COO29,COMPOSIÇÃO,5,0),VLOOKUP(COO29,COTAÇÃO,8,0))))","v":"HORA"},0.5,{"$f":"IF(COR29=\"SINAPI\",VLOOKUP(COO29,SINAPI,4,0),IF(COR29=\"SETOP\",VLOOKUP(COO29,SETOP,5,0),IF(COR29=\"CPU\",VLOOKUP(COO29,COMPOSIÇÃO,8,0),VLOOKUP(COO29,COTAÇÃO,11,0))))","v":19.149999999999999},{"$f":"COT29*COU29","v":9.5749999999999993},"ED-50374",{"$f":"IF(COZ29=\"SINAPI\",VLOOKUP(COW29,SINAPI,2,0),IF(COZ29=\"SETOP\",VLOOKUP(COW29,SETOP,3,0),IF(COZ29=\"CPU\",VLOOKUP(COW29,COMPOSIÇÃO,2,0),VLOOKUP(COW29,COTAÇÃO,3,0))))","v":"BOMBEIRO/ENCANADOR COM ENCARGOS COMPLEMENTARES"},null,"SETOP",{"$f":"IF(COZ29=\"SINAPI\",VLOOKUP(COW29,SINAPI,3,0),IF(COZ29=\"SETOP\",VLOOKUP(COW29,SETOP,4,0),IF(COZ29=\"CPU\",VLOOKUP(COW29,COMPOSIÇÃO,5,0),VLOOKUP(COW29,COTAÇÃO,8,0))))","v":"HORA"},0.5,{"$f":"IF(COZ29=\"SINAPI\",VLOOKUP(COW29,SINAPI,4,0),IF(COZ29=\"SETOP\",VLOOKUP(COW29,SETOP,5,0),IF(COZ29=\"CPU\",VLOOKUP(COW29,COMPOSIÇÃO,8,0),VLOOKUP(COW29,COTAÇÃO,11,0))))","v":19.149999999999999},{"$f":"CPB29*CPC29","v":9.5749999999999993},"ED-50374",{"$f":"IF(CPH29=\"SINAPI\",VLOOKUP(CPE29,SINAPI,2,0),IF(CPH29=\"SETOP\",VLOOKUP(CPE29,SETOP,3,0),IF(CPH29=\"CPU\",VLOOKUP(CPE29,COMPOSIÇÃO,2,0),VLOOKUP(CPE29,COTAÇÃO,3,0))))","v":"BOMBEIRO/ENCANADOR COM ENCARGOS COMPLEMENTARES"},null,"SETOP",{"$f":"IF(CPH29=\"SINAPI\",VLOOKUP(CPE29,SINAPI,3,0),IF(CPH29=\"SETOP\",VLOOKUP(CPE29,SETOP,4,0),IF(CPH29=\"CPU\",VLOOKUP(CPE29,COMPOSIÇÃO,5,0),VLOOKUP(CPE29,COTAÇÃO,8,0))))","v":"HORA"},0.5,{"$f":"IF(CPH29=\"SINAPI\",VLOOKUP(CPE29,SINAPI,4,0),IF(CPH29=\"SETOP\",VLOOKUP(CPE29,SETOP,5,0),IF(CPH29=\"CPU\",VLOOKUP(CPE29,COMPOSIÇÃO,8,0),VLOOKUP(CPE29,COTAÇÃO,11,0))))","v":19.149999999999999},{"$f":"CPJ29*CPK29","v":9.5749999999999993},"ED-50374",{"$f":"IF(CPP29=\"SINAPI\",VLOOKUP(CPM29,SINAPI,2,0),IF(CPP29=\"SETOP\",VLOOKUP(CPM29,SETOP,3,0),IF(CPP29=\"CPU\",VLOOKUP(CPM29,COMPOSIÇÃO,2,0),VLOOKUP(CPM29,COTAÇÃO,3,0))))","v":"BOMBEIRO/ENCANADOR COM ENCARGOS COMPLEMENTARES"},null,"SETOP",{"$f":"IF(CPP29=\"SINAPI\",VLOOKUP(CPM29,SINAPI,3,0),IF(CPP29=\"SETOP\",VLOOKUP(CPM29,SETOP,4,0),IF(CPP29=\"CPU\",VLOOKUP(CPM29,COMPOSIÇÃO,5,0),VLOOKUP(CPM29,COTAÇÃO,8,0))))","v":"HORA"},0.5,{"$f":"IF(CPP29=\"SINAPI\",VLOOKUP(CPM29,SINAPI,4,0),IF(CPP29=\"SETOP\",VLOOKUP(CPM29,SETOP,5,0),IF(CPP29=\"CPU\",VLOOKUP(CPM29,COMPOSIÇÃO,8,0),VLOOKUP(CPM29,COTAÇÃO,11,0))))","v":19.149999999999999},{"$f":"CPR29*CPS29","v":9.5749999999999993},"ED-50374",{"$f":"IF(CPX29=\"SINAPI\",VLOOKUP(CPU29,SINAPI,2,0),IF(CPX29=\"SETOP\",VLOOKUP(CPU29,SETOP,3,0),IF(CPX29=\"CPU\",VLOOKUP(CPU29,COMPOSIÇÃO,2,0),VLOOKUP(CPU29,COTAÇÃO,3,0))))","v":"BOMBEIRO/ENCANADOR COM ENCARGOS COMPLEMENTARES"},null,"SETOP",{"$f":"IF(CPX29=\"SINAPI\",VLOOKUP(CPU29,SINAPI,3,0),IF(CPX29=\"SETOP\",VLOOKUP(CPU29,SETOP,4,0),IF(CPX29=\"CPU\",VLOOKUP(CPU29,COMPOSIÇÃO,5,0),VLOOKUP(CPU29,COTAÇÃO,8,0))))","v":"HORA"},0.5,{"$f":"IF(CPX29=\"SINAPI\",VLOOKUP(CPU29,SINAPI,4,0),IF(CPX29=\"SETOP\",VLOOKUP(CPU29,SETOP,5,0),IF(CPX29=\"CPU\",VLOOKUP(CPU29,COMPOSIÇÃO,8,0),VLOOKUP(CPU29,COTAÇÃO,11,0))))","v":19.149999999999999},{"$f":"CPZ29*CQA29","v":9.5749999999999993},"ED-50374",{"$f":"IF(CQF29=\"SINAPI\",VLOOKUP(CQC29,SINAPI,2,0),IF(CQF29=\"SETOP\",VLOOKUP(CQC29,SETOP,3,0),IF(CQF29=\"CPU\",VLOOKUP(CQC29,COMPOSIÇÃO,2,0),VLOOKUP(CQC29,COTAÇÃO,3,0))))","v":"BOMBEIRO/ENCANADOR COM ENCARGOS COMPLEMENTARES"},null,"SETOP",{"$f":"IF(CQF29=\"SINAPI\",VLOOKUP(CQC29,SINAPI,3,0),IF(CQF29=\"SETOP\",VLOOKUP(CQC29,SETOP,4,0),IF(CQF29=\"CPU\",VLOOKUP(CQC29,COMPOSIÇÃO,5,0),VLOOKUP(CQC29,COTAÇÃO,8,0))))","v":"HORA"},0.5,{"$f":"IF(CQF29=\"SINAPI\",VLOOKUP(CQC29,SINAPI,4,0),IF(CQF29=\"SETOP\",VLOOKUP(CQC29,SETOP,5,0),IF(CQF29=\"CPU\",VLOOKUP(CQC29,COMPOSIÇÃO,8,0),VLOOKUP(CQC29,COTAÇÃO,11,0))))","v":19.149999999999999},{"$f":"CQH29*CQI29","v":9.5749999999999993},"ED-50374",{"$f":"IF(CQN29=\"SINAPI\",VLOOKUP(CQK29,SINAPI,2,0),IF(CQN29=\"SETOP\",VLOOKUP(CQK29,SETOP,3,0),IF(CQN29=\"CPU\",VLOOKUP(CQK29,COMPOSIÇÃO,2,0),VLOOKUP(CQK29,COTAÇÃO,3,0))))","v":"BOMBEIRO/ENCANADOR COM ENCARGOS COMPLEMENTARES"},null,"SETOP",{"$f":"IF(CQN29=\"SINAPI\",VLOOKUP(CQK29,SINAPI,3,0),IF(CQN29=\"SETOP\",VLOOKUP(CQK29,SETOP,4,0),IF(CQN29=\"CPU\",VLOOKUP(CQK29,COMPOSIÇÃO,5,0),VLOOKUP(CQK29,COTAÇÃO,8,0))))","v":"HORA"},0.5,{"$f":"IF(CQN29=\"SINAPI\",VLOOKUP(CQK29,SINAPI,4,0),IF(CQN29=\"SETOP\",VLOOKUP(CQK29,SETOP,5,0),IF(CQN29=\"CPU\",VLOOKUP(CQK29,COMPOSIÇÃO,8,0),VLOOKUP(CQK29,COTAÇÃO,11,0))))","v":19.149999999999999},{"$f":"CQP29*CQQ29","v":9.5749999999999993},"ED-50374",{"$f":"IF(CQV29=\"SINAPI\",VLOOKUP(CQS29,SINAPI,2,0),IF(CQV29=\"SETOP\",VLOOKUP(CQS29,SETOP,3,0),IF(CQV29=\"CPU\",VLOOKUP(CQS29,COMPOSIÇÃO,2,0),VLOOKUP(CQS29,COTAÇÃO,3,0))))","v":"BOMBEIRO/ENCANADOR COM ENCARGOS COMPLEMENTARES"},null,"SETOP",{"$f":"IF(CQV29=\"SINAPI\",VLOOKUP(CQS29,SINAPI,3,0),IF(CQV29=\"SETOP\",VLOOKUP(CQS29,SETOP,4,0),IF(CQV29=\"CPU\",VLOOKUP(CQS29,COMPOSIÇÃO,5,0),VLOOKUP(CQS29,COTAÇÃO,8,0))))","v":"HORA"},0.5,{"$f":"IF(CQV29=\"SINAPI\",VLOOKUP(CQS29,SINAPI,4,0),IF(CQV29=\"SETOP\",VLOOKUP(CQS29,SETOP,5,0),IF(CQV29=\"CPU\",VLOOKUP(CQS29,COMPOSIÇÃO,8,0),VLOOKUP(CQS29,COTAÇÃO,11,0))))","v":19.149999999999999},{"$f":"CQX29*CQY29","v":9.5749999999999993},"ED-50374",{"$f":"IF(CRD29=\"SINAPI\",VLOOKUP(CRA29,SINAPI,2,0),IF(CRD29=\"SETOP\",VLOOKUP(CRA29,SETOP,3,0),IF(CRD29=\"CPU\",VLOOKUP(CRA29,COMPOSIÇÃO,2,0),VLOOKUP(CRA29,COTAÇÃO,3,0))))","v":"BOMBEIRO/ENCANADOR COM ENCARGOS COMPLEMENTARES"},null,"SETOP",{"$f":"IF(CRD29=\"SINAPI\",VLOOKUP(CRA29,SINAPI,3,0),IF(CRD29=\"SETOP\",VLOOKUP(CRA29,SETOP,4,0),IF(CRD29=\"CPU\",VLOOKUP(CRA29,COMPOSIÇÃO,5,0),VLOOKUP(CRA29,COTAÇÃO,8,0))))","v":"HORA"},0.5,{"$f":"IF(CRD29=\"SINAPI\",VLOOKUP(CRA29,SINAPI,4,0),IF(CRD29=\"SETOP\",VLOOKUP(CRA29,SETOP,5,0),IF(CRD29=\"CPU\",VLOOKUP(CRA29,COMPOSIÇÃO,8,0),VLOOKUP(CRA29,COTAÇÃO,11,0))))","v":19.149999999999999},{"$f":"CRF29*CRG29","v":9.5749999999999993},"ED-50374",{"$f":"IF(CRL29=\"SINAPI\",VLOOKUP(CRI29,SINAPI,2,0),IF(CRL29=\"SETOP\",VLOOKUP(CRI29,SETOP,3,0),IF(CRL29=\"CPU\",VLOOKUP(CRI29,COMPOSIÇÃO,2,0),VLOOKUP(CRI29,COTAÇÃO,3,0))))","v":"BOMBEIRO/ENCANADOR COM ENCARGOS COMPLEMENTARES"},null,"SETOP",{"$f":"IF(CRL29=\"SINAPI\",VLOOKUP(CRI29,SINAPI,3,0),IF(CRL29=\"SETOP\",VLOOKUP(CRI29,SETOP,4,0),IF(CRL29=\"CPU\",VLOOKUP(CRI29,COMPOSIÇÃO,5,0),VLOOKUP(CRI29,COTAÇÃO,8,0))))","v":"HORA"},0.5,{"$f":"IF(CRL29=\"SINAPI\",VLOOKUP(CRI29,SINAPI,4,0),IF(CRL29=\"SETOP\",VLOOKUP(CRI29,SETOP,5,0),IF(CRL29=\"CPU\",VLOOKUP(CRI29,COMPOSIÇÃO,8,0),VLOOKUP(CRI29,COTAÇÃO,11,0))))","v":19.149999999999999},{"$f":"CRN29*CRO29","v":9.5749999999999993},"ED-50374",{"$f":"IF(CRT29=\"SINAPI\",VLOOKUP(CRQ29,SINAPI,2,0),IF(CRT29=\"SETOP\",VLOOKUP(CRQ29,SETOP,3,0),IF(CRT29=\"CPU\",VLOOKUP(CRQ29,COMPOSIÇÃO,2,0),VLOOKUP(CRQ29,COTAÇÃO,3,0))))","v":"BOMBEIRO/ENCANADOR COM ENCARGOS COMPLEMENTARES"},null,"SETOP",{"$f":"IF(CRT29=\"SINAPI\",VLOOKUP(CRQ29,SINAPI,3,0),IF(CRT29=\"SETOP\",VLOOKUP(CRQ29,SETOP,4,0),IF(CRT29=\"CPU\",VLOOKUP(CRQ29,COMPOSIÇÃO,5,0),VLOOKUP(CRQ29,COTAÇÃO,8,0))))","v":"HORA"},0.5,{"$f":"IF(CRT29=\"SINAPI\",VLOOKUP(CRQ29,SINAPI,4,0),IF(CRT29=\"SETOP\",VLOOKUP(CRQ29,SETOP,5,0),IF(CRT29=\"CPU\",VLOOKUP(CRQ29,COMPOSIÇÃO,8,0),VLOOKUP(CRQ29,COTAÇÃO,11,0))))","v":19.149999999999999},{"$f":"CRV29*CRW29","v":9.5749999999999993},"ED-50374",{"$f":"IF(CSB29=\"SINAPI\",VLOOKUP(CRY29,SINAPI,2,0),IF(CSB29=\"SETOP\",VLOOKUP(CRY29,SETOP,3,0),IF(CSB29=\"CPU\",VLOOKUP(CRY29,COMPOSIÇÃO,2,0),VLOOKUP(CRY29,COTAÇÃO,3,0))))","v":"BOMBEIRO/ENCANADOR COM ENCARGOS COMPLEMENTARES"},null,"SETOP",{"$f":"IF(CSB29=\"SINAPI\",VLOOKUP(CRY29,SINAPI,3,0),IF(CSB29=\"SETOP\",VLOOKUP(CRY29,SETOP,4,0),IF(CSB29=\"CPU\",VLOOKUP(CRY29,COMPOSIÇÃO,5,0),VLOOKUP(CRY29,COTAÇÃO,8,0))))","v":"HORA"},0.5,{"$f":"IF(CSB29=\"SINAPI\",VLOOKUP(CRY29,SINAPI,4,0),IF(CSB29=\"SETOP\",VLOOKUP(CRY29,SETOP,5,0),IF(CSB29=\"CPU\",VLOOKUP(CRY29,COMPOSIÇÃO,8,0),VLOOKUP(CRY29,COTAÇÃO,11,0))))","v":19.149999999999999},{"$f":"CSD29*CSE29","v":9.5749999999999993},"ED-50374",{"$f":"IF(CSJ29=\"SINAPI\",VLOOKUP(CSG29,SINAPI,2,0),IF(CSJ29=\"SETOP\",VLOOKUP(CSG29,SETOP,3,0),IF(CSJ29=\"CPU\",VLOOKUP(CSG29,COMPOSIÇÃO,2,0),VLOOKUP(CSG29,COTAÇÃO,3,0))))","v":"BOMBEIRO/ENCANADOR COM ENCARGOS COMPLEMENTARES"},null,"SETOP",{"$f":"IF(CSJ29=\"SINAPI\",VLOOKUP(CSG29,SINAPI,3,0),IF(CSJ29=\"SETOP\",VLOOKUP(CSG29,SETOP,4,0),IF(CSJ29=\"CPU\",VLOOKUP(CSG29,COMPOSIÇÃO,5,0),VLOOKUP(CSG29,COTAÇÃO,8,0))))","v":"HORA"},0.5,{"$f":"IF(CSJ29=\"SINAPI\",VLOOKUP(CSG29,SINAPI,4,0),IF(CSJ29=\"SETOP\",VLOOKUP(CSG29,SETOP,5,0),IF(CSJ29=\"CPU\",VLOOKUP(CSG29,COMPOSIÇÃO,8,0),VLOOKUP(CSG29,COTAÇÃO,11,0))))","v":19.149999999999999},{"$f":"CSL29*CSM29","v":9.5749999999999993},"ED-50374",{"$f":"IF(CSR29=\"SINAPI\",VLOOKUP(CSO29,SINAPI,2,0),IF(CSR29=\"SETOP\",VLOOKUP(CSO29,SETOP,3,0),IF(CSR29=\"CPU\",VLOOKUP(CSO29,COMPOSIÇÃO,2,0),VLOOKUP(CSO29,COTAÇÃO,3,0))))","v":"BOMBEIRO/ENCANADOR COM ENCARGOS COMPLEMENTARES"},null,"SETOP",{"$f":"IF(CSR29=\"SINAPI\",VLOOKUP(CSO29,SINAPI,3,0),IF(CSR29=\"SETOP\",VLOOKUP(CSO29,SETOP,4,0),IF(CSR29=\"CPU\",VLOOKUP(CSO29,COMPOSIÇÃO,5,0),VLOOKUP(CSO29,COTAÇÃO,8,0))))","v":"HORA"},0.5,{"$f":"IF(CSR29=\"SINAPI\",VLOOKUP(CSO29,SINAPI,4,0),IF(CSR29=\"SETOP\",VLOOKUP(CSO29,SETOP,5,0),IF(CSR29=\"CPU\",VLOOKUP(CSO29,COMPOSIÇÃO,8,0),VLOOKUP(CSO29,COTAÇÃO,11,0))))","v":19.149999999999999},{"$f":"CST29*CSU29","v":9.5749999999999993},"ED-50374",{"$f":"IF(CSZ29=\"SINAPI\",VLOOKUP(CSW29,SINAPI,2,0),IF(CSZ29=\"SETOP\",VLOOKUP(CSW29,SETOP,3,0),IF(CSZ29=\"CPU\",VLOOKUP(CSW29,COMPOSIÇÃO,2,0),VLOOKUP(CSW29,COTAÇÃO,3,0))))","v":"BOMBEIRO/ENCANADOR COM ENCARGOS COMPLEMENTARES"},null,"SETOP",{"$f":"IF(CSZ29=\"SINAPI\",VLOOKUP(CSW29,SINAPI,3,0),IF(CSZ29=\"SETOP\",VLOOKUP(CSW29,SETOP,4,0),IF(CSZ29=\"CPU\",VLOOKUP(CSW29,COMPOSIÇÃO,5,0),VLOOKUP(CSW29,COTAÇÃO,8,0))))","v":"HORA"},0.5,{"$f":"IF(CSZ29=\"SINAPI\",VLOOKUP(CSW29,SINAPI,4,0),IF(CSZ29=\"SETOP\",VLOOKUP(CSW29,SETOP,5,0),IF(CSZ29=\"CPU\",VLOOKUP(CSW29,COMPOSIÇÃO,8,0),VLOOKUP(CSW29,COTAÇÃO,11,0))))","v":19.149999999999999},{"$f":"CTB29*CTC29","v":9.5749999999999993},"ED-50374",{"$f":"IF(CTH29=\"SINAPI\",VLOOKUP(CTE29,SINAPI,2,0),IF(CTH29=\"SETOP\",VLOOKUP(CTE29,SETOP,3,0),IF(CTH29=\"CPU\",VLOOKUP(CTE29,COMPOSIÇÃO,2,0),VLOOKUP(CTE29,COTAÇÃO,3,0))))","v":"BOMBEIRO/ENCANADOR COM ENCARGOS COMPLEMENTARES"},null,"SETOP",{"$f":"IF(CTH29=\"SINAPI\",VLOOKUP(CTE29,SINAPI,3,0),IF(CTH29=\"SETOP\",VLOOKUP(CTE29,SETOP,4,0),IF(CTH29=\"CPU\",VLOOKUP(CTE29,COMPOSIÇÃO,5,0),VLOOKUP(CTE29,COTAÇÃO,8,0))))","v":"HORA"},0.5,{"$f":"IF(CTH29=\"SINAPI\",VLOOKUP(CTE29,SINAPI,4,0),IF(CTH29=\"SETOP\",VLOOKUP(CTE29,SETOP,5,0),IF(CTH29=\"CPU\",VLOOKUP(CTE29,COMPOSIÇÃO,8,0),VLOOKUP(CTE29,COTAÇÃO,11,0))))","v":19.149999999999999},{"$f":"CTJ29*CTK29","v":9.5749999999999993},"ED-50374",{"$f":"IF(CTP29=\"SINAPI\",VLOOKUP(CTM29,SINAPI,2,0),IF(CTP29=\"SETOP\",VLOOKUP(CTM29,SETOP,3,0),IF(CTP29=\"CPU\",VLOOKUP(CTM29,COMPOSIÇÃO,2,0),VLOOKUP(CTM29,COTAÇÃO,3,0))))","v":"BOMBEIRO/ENCANADOR COM ENCARGOS COMPLEMENTARES"},null,"SETOP",{"$f":"IF(CTP29=\"SINAPI\",VLOOKUP(CTM29,SINAPI,3,0),IF(CTP29=\"SETOP\",VLOOKUP(CTM29,SETOP,4,0),IF(CTP29=\"CPU\",VLOOKUP(CTM29,COMPOSIÇÃO,5,0),VLOOKUP(CTM29,COTAÇÃO,8,0))))","v":"HORA"},0.5,{"$f":"IF(CTP29=\"SINAPI\",VLOOKUP(CTM29,SINAPI,4,0),IF(CTP29=\"SETOP\",VLOOKUP(CTM29,SETOP,5,0),IF(CTP29=\"CPU\",VLOOKUP(CTM29,COMPOSIÇÃO,8,0),VLOOKUP(CTM29,COTAÇÃO,11,0))))","v":19.149999999999999},{"$f":"CTR29*CTS29","v":9.5749999999999993},"ED-50374",{"$f":"IF(CTX29=\"SINAPI\",VLOOKUP(CTU29,SINAPI,2,0),IF(CTX29=\"SETOP\",VLOOKUP(CTU29,SETOP,3,0),IF(CTX29=\"CPU\",VLOOKUP(CTU29,COMPOSIÇÃO,2,0),VLOOKUP(CTU29,COTAÇÃO,3,0))))","v":"BOMBEIRO/ENCANADOR COM ENCARGOS COMPLEMENTARES"},null,"SETOP",{"$f":"IF(CTX29=\"SINAPI\",VLOOKUP(CTU29,SINAPI,3,0),IF(CTX29=\"SETOP\",VLOOKUP(CTU29,SETOP,4,0),IF(CTX29=\"CPU\",VLOOKUP(CTU29,COMPOSIÇÃO,5,0),VLOOKUP(CTU29,COTAÇÃO,8,0))))","v":"HORA"},0.5,{"$f":"IF(CTX29=\"SINAPI\",VLOOKUP(CTU29,SINAPI,4,0),IF(CTX29=\"SETOP\",VLOOKUP(CTU29,SETOP,5,0),IF(CTX29=\"CPU\",VLOOKUP(CTU29,COMPOSIÇÃO,8,0),VLOOKUP(CTU29,COTAÇÃO,11,0))))","v":19.149999999999999},{"$f":"CTZ29*CUA29","v":9.5749999999999993},"ED-50374",{"$f":"IF(CUF29=\"SINAPI\",VLOOKUP(CUC29,SINAPI,2,0),IF(CUF29=\"SETOP\",VLOOKUP(CUC29,SETOP,3,0),IF(CUF29=\"CPU\",VLOOKUP(CUC29,COMPOSIÇÃO,2,0),VLOOKUP(CUC29,COTAÇÃO,3,0))))","v":"BOMBEIRO/ENCANADOR COM ENCARGOS COMPLEMENTARES"},null,"SETOP",{"$f":"IF(CUF29=\"SINAPI\",VLOOKUP(CUC29,SINAPI,3,0),IF(CUF29=\"SETOP\",VLOOKUP(CUC29,SETOP,4,0),IF(CUF29=\"CPU\",VLOOKUP(CUC29,COMPOSIÇÃO,5,0),VLOOKUP(CUC29,COTAÇÃO,8,0))))","v":"HORA"},0.5,{"$f":"IF(CUF29=\"SINAPI\",VLOOKUP(CUC29,SINAPI,4,0),IF(CUF29=\"SETOP\",VLOOKUP(CUC29,SETOP,5,0),IF(CUF29=\"CPU\",VLOOKUP(CUC29,COMPOSIÇÃO,8,0),VLOOKUP(CUC29,COTAÇÃO,11,0))))","v":19.149999999999999},{"$f":"CUH29*CUI29","v":9.5749999999999993},"ED-50374",{"$f":"IF(CUN29=\"SINAPI\",VLOOKUP(CUK29,SINAPI,2,0),IF(CUN29=\"SETOP\",VLOOKUP(CUK29,SETOP,3,0),IF(CUN29=\"CPU\",VLOOKUP(CUK29,COMPOSIÇÃO,2,0),VLOOKUP(CUK29,COTAÇÃO,3,0))))","v":"BOMBEIRO/ENCANADOR COM ENCARGOS COMPLEMENTARES"},null,"SETOP",{"$f":"IF(CUN29=\"SINAPI\",VLOOKUP(CUK29,SINAPI,3,0),IF(CUN29=\"SETOP\",VLOOKUP(CUK29,SETOP,4,0),IF(CUN29=\"CPU\",VLOOKUP(CUK29,COMPOSIÇÃO,5,0),VLOOKUP(CUK29,COTAÇÃO,8,0))))","v":"HORA"},0.5,{"$f":"IF(CUN29=\"SINAPI\",VLOOKUP(CUK29,SINAPI,4,0),IF(CUN29=\"SETOP\",VLOOKUP(CUK29,SETOP,5,0),IF(CUN29=\"CPU\",VLOOKUP(CUK29,COMPOSIÇÃO,8,0),VLOOKUP(CUK29,COTAÇÃO,11,0))))","v":19.149999999999999},{"$f":"CUP29*CUQ29","v":9.5749999999999993},"ED-50374",{"$f":"IF(CUV29=\"SINAPI\",VLOOKUP(CUS29,SINAPI,2,0),IF(CUV29=\"SETOP\",VLOOKUP(CUS29,SETOP,3,0),IF(CUV29=\"CPU\",VLOOKUP(CUS29,COMPOSIÇÃO,2,0),VLOOKUP(CUS29,COTAÇÃO,3,0))))","v":"BOMBEIRO/ENCANADOR COM ENCARGOS COMPLEMENTARES"},null,"SETOP",{"$f":"IF(CUV29=\"SINAPI\",VLOOKUP(CUS29,SINAPI,3,0),IF(CUV29=\"SETOP\",VLOOKUP(CUS29,SETOP,4,0),IF(CUV29=\"CPU\",VLOOKUP(CUS29,COMPOSIÇÃO,5,0),VLOOKUP(CUS29,COTAÇÃO,8,0))))","v":"HORA"},0.5,{"$f":"IF(CUV29=\"SINAPI\",VLOOKUP(CUS29,SINAPI,4,0),IF(CUV29=\"SETOP\",VLOOKUP(CUS29,SETOP,5,0),IF(CUV29=\"CPU\",VLOOKUP(CUS29,COMPOSIÇÃO,8,0),VLOOKUP(CUS29,COTAÇÃO,11,0))))","v":19.149999999999999},{"$f":"CUX29*CUY29","v":9.5749999999999993},"ED-50374",{"$f":"IF(CVD29=\"SINAPI\",VLOOKUP(CVA29,SINAPI,2,0),IF(CVD29=\"SETOP\",VLOOKUP(CVA29,SETOP,3,0),IF(CVD29=\"CPU\",VLOOKUP(CVA29,COMPOSIÇÃO,2,0),VLOOKUP(CVA29,COTAÇÃO,3,0))))","v":"BOMBEIRO/ENCANADOR COM ENCARGOS COMPLEMENTARES"},null,"SETOP",{"$f":"IF(CVD29=\"SINAPI\",VLOOKUP(CVA29,SINAPI,3,0),IF(CVD29=\"SETOP\",VLOOKUP(CVA29,SETOP,4,0),IF(CVD29=\"CPU\",VLOOKUP(CVA29,COMPOSIÇÃO,5,0),VLOOKUP(CVA29,COTAÇÃO,8,0))))","v":"HORA"},0.5,{"$f":"IF(CVD29=\"SINAPI\",VLOOKUP(CVA29,SINAPI,4,0),IF(CVD29=\"SETOP\",VLOOKUP(CVA29,SETOP,5,0),IF(CVD29=\"CPU\",VLOOKUP(CVA29,COMPOSIÇÃO,8,0),VLOOKUP(CVA29,COTAÇÃO,11,0))))","v":19.149999999999999},{"$f":"CVF29*CVG29","v":9.5749999999999993},"ED-50374",{"$f":"IF(CVL29=\"SINAPI\",VLOOKUP(CVI29,SINAPI,2,0),IF(CVL29=\"SETOP\",VLOOKUP(CVI29,SETOP,3,0),IF(CVL29=\"CPU\",VLOOKUP(CVI29,COMPOSIÇÃO,2,0),VLOOKUP(CVI29,COTAÇÃO,3,0))))","v":"BOMBEIRO/ENCANADOR COM ENCARGOS COMPLEMENTARES"},null,"SETOP",{"$f":"IF(CVL29=\"SINAPI\",VLOOKUP(CVI29,SINAPI,3,0),IF(CVL29=\"SETOP\",VLOOKUP(CVI29,SETOP,4,0),IF(CVL29=\"CPU\",VLOOKUP(CVI29,COMPOSIÇÃO,5,0),VLOOKUP(CVI29,COTAÇÃO,8,0))))","v":"HORA"},0.5,{"$f":"IF(CVL29=\"SINAPI\",VLOOKUP(CVI29,SINAPI,4,0),IF(CVL29=\"SETOP\",VLOOKUP(CVI29,SETOP,5,0),IF(CVL29=\"CPU\",VLOOKUP(CVI29,COMPOSIÇÃO,8,0),VLOOKUP(CVI29,COTAÇÃO,11,0))))","v":19.149999999999999},{"$f":"CVN29*CVO29","v":9.5749999999999993},"ED-50374",{"$f":"IF(CVT29=\"SINAPI\",VLOOKUP(CVQ29,SINAPI,2,0),IF(CVT29=\"SETOP\",VLOOKUP(CVQ29,SETOP,3,0),IF(CVT29=\"CPU\",VLOOKUP(CVQ29,COMPOSIÇÃO,2,0),VLOOKUP(CVQ29,COTAÇÃO,3,0))))","v":"BOMBEIRO/ENCANADOR COM ENCARGOS COMPLEMENTARES"},null,"SETOP",{"$f":"IF(CVT29=\"SINAPI\",VLOOKUP(CVQ29,SINAPI,3,0),IF(CVT29=\"SETOP\",VLOOKUP(CVQ29,SETOP,4,0),IF(CVT29=\"CPU\",VLOOKUP(CVQ29,COMPOSIÇÃO,5,0),VLOOKUP(CVQ29,COTAÇÃO,8,0))))","v":"HORA"},0.5,{"$f":"IF(CVT29=\"SINAPI\",VLOOKUP(CVQ29,SINAPI,4,0),IF(CVT29=\"SETOP\",VLOOKUP(CVQ29,SETOP,5,0),IF(CVT29=\"CPU\",VLOOKUP(CVQ29,COMPOSIÇÃO,8,0),VLOOKUP(CVQ29,COTAÇÃO,11,0))))","v":19.149999999999999},{"$f":"CVV29*CVW29","v":9.5749999999999993},"ED-50374",{"$f":"IF(CWB29=\"SINAPI\",VLOOKUP(CVY29,SINAPI,2,0),IF(CWB29=\"SETOP\",VLOOKUP(CVY29,SETOP,3,0),IF(CWB29=\"CPU\",VLOOKUP(CVY29,COMPOSIÇÃO,2,0),VLOOKUP(CVY29,COTAÇÃO,3,0))))","v":"BOMBEIRO/ENCANADOR COM ENCARGOS COMPLEMENTARES"},null,"SETOP",{"$f":"IF(CWB29=\"SINAPI\",VLOOKUP(CVY29,SINAPI,3,0),IF(CWB29=\"SETOP\",VLOOKUP(CVY29,SETOP,4,0),IF(CWB29=\"CPU\",VLOOKUP(CVY29,COMPOSIÇÃO,5,0),VLOOKUP(CVY29,COTAÇÃO,8,0))))","v":"HORA"},0.5,{"$f":"IF(CWB29=\"SINAPI\",VLOOKUP(CVY29,SINAPI,4,0),IF(CWB29=\"SETOP\",VLOOKUP(CVY29,SETOP,5,0),IF(CWB29=\"CPU\",VLOOKUP(CVY29,COMPOSIÇÃO,8,0),VLOOKUP(CVY29,COTAÇÃO,11,0))))","v":19.149999999999999},{"$f":"CWD29*CWE29","v":9.5749999999999993},"ED-50374",{"$f":"IF(CWJ29=\"SINAPI\",VLOOKUP(CWG29,SINAPI,2,0),IF(CWJ29=\"SETOP\",VLOOKUP(CWG29,SETOP,3,0),IF(CWJ29=\"CPU\",VLOOKUP(CWG29,COMPOSIÇÃO,2,0),VLOOKUP(CWG29,COTAÇÃO,3,0))))","v":"BOMBEIRO/ENCANADOR COM ENCARGOS COMPLEMENTARES"},null,"SETOP",{"$f":"IF(CWJ29=\"SINAPI\",VLOOKUP(CWG29,SINAPI,3,0),IF(CWJ29=\"SETOP\",VLOOKUP(CWG29,SETOP,4,0),IF(CWJ29=\"CPU\",VLOOKUP(CWG29,COMPOSIÇÃO,5,0),VLOOKUP(CWG29,COTAÇÃO,8,0))))","v":"HORA"},0.5,{"$f":"IF(CWJ29=\"SINAPI\",VLOOKUP(CWG29,SINAPI,4,0),IF(CWJ29=\"SETOP\",VLOOKUP(CWG29,SETOP,5,0),IF(CWJ29=\"CPU\",VLOOKUP(CWG29,COMPOSIÇÃO,8,0),VLOOKUP(CWG29,COTAÇÃO,11,0))))","v":19.149999999999999},{"$f":"CWL29*CWM29","v":9.5749999999999993},"ED-50374",{"$f":"IF(CWR29=\"SINAPI\",VLOOKUP(CWO29,SINAPI,2,0),IF(CWR29=\"SETOP\",VLOOKUP(CWO29,SETOP,3,0),IF(CWR29=\"CPU\",VLOOKUP(CWO29,COMPOSIÇÃO,2,0),VLOOKUP(CWO29,COTAÇÃO,3,0))))","v":"BOMBEIRO/ENCANADOR COM ENCARGOS COMPLEMENTARES"},null,"SETOP",{"$f":"IF(CWR29=\"SINAPI\",VLOOKUP(CWO29,SINAPI,3,0),IF(CWR29=\"SETOP\",VLOOKUP(CWO29,SETOP,4,0),IF(CWR29=\"CPU\",VLOOKUP(CWO29,COMPOSIÇÃO,5,0),VLOOKUP(CWO29,COTAÇÃO,8,0))))","v":"HORA"},0.5,{"$f":"IF(CWR29=\"SINAPI\",VLOOKUP(CWO29,SINAPI,4,0),IF(CWR29=\"SETOP\",VLOOKUP(CWO29,SETOP,5,0),IF(CWR29=\"CPU\",VLOOKUP(CWO29,COMPOSIÇÃO,8,0),VLOOKUP(CWO29,COTAÇÃO,11,0))))","v":19.149999999999999},{"$f":"CWT29*CWU29","v":9.5749999999999993},"ED-50374",{"$f":"IF(CWZ29=\"SINAPI\",VLOOKUP(CWW29,SINAPI,2,0),IF(CWZ29=\"SETOP\",VLOOKUP(CWW29,SETOP,3,0),IF(CWZ29=\"CPU\",VLOOKUP(CWW29,COMPOSIÇÃO,2,0),VLOOKUP(CWW29,COTAÇÃO,3,0))))","v":"BOMBEIRO/ENCANADOR COM ENCARGOS COMPLEMENTARES"},null,"SETOP",{"$f":"IF(CWZ29=\"SINAPI\",VLOOKUP(CWW29,SINAPI,3,0),IF(CWZ29=\"SETOP\",VLOOKUP(CWW29,SETOP,4,0),IF(CWZ29=\"CPU\",VLOOKUP(CWW29,COMPOSIÇÃO,5,0),VLOOKUP(CWW29,COTAÇÃO,8,0))))","v":"HORA"},0.5,{"$f":"IF(CWZ29=\"SINAPI\",VLOOKUP(CWW29,SINAPI,4,0),IF(CWZ29=\"SETOP\",VLOOKUP(CWW29,SETOP,5,0),IF(CWZ29=\"CPU\",VLOOKUP(CWW29,COMPOSIÇÃO,8,0),VLOOKUP(CWW29,COTAÇÃO,11,0))))","v":19.149999999999999},{"$f":"CXB29*CXC29","v":9.5749999999999993},"ED-50374",{"$f":"IF(CXH29=\"SINAPI\",VLOOKUP(CXE29,SINAPI,2,0),IF(CXH29=\"SETOP\",VLOOKUP(CXE29,SETOP,3,0),IF(CXH29=\"CPU\",VLOOKUP(CXE29,COMPOSIÇÃO,2,0),VLOOKUP(CXE29,COTAÇÃO,3,0))))","v":"BOMBEIRO/ENCANADOR COM ENCARGOS COMPLEMENTARES"},null,"SETOP",{"$f":"IF(CXH29=\"SINAPI\",VLOOKUP(CXE29,SINAPI,3,0),IF(CXH29=\"SETOP\",VLOOKUP(CXE29,SETOP,4,0),IF(CXH29=\"CPU\",VLOOKUP(CXE29,COMPOSIÇÃO,5,0),VLOOKUP(CXE29,COTAÇÃO,8,0))))","v":"HORA"},0.5,{"$f":"IF(CXH29=\"SINAPI\",VLOOKUP(CXE29,SINAPI,4,0),IF(CXH29=\"SETOP\",VLOOKUP(CXE29,SETOP,5,0),IF(CXH29=\"CPU\",VLOOKUP(CXE29,COMPOSIÇÃO,8,0),VLOOKUP(CXE29,COTAÇÃO,11,0))))","v":19.149999999999999},{"$f":"CXJ29*CXK29","v":9.5749999999999993},"ED-50374",{"$f":"IF(CXP29=\"SINAPI\",VLOOKUP(CXM29,SINAPI,2,0),IF(CXP29=\"SETOP\",VLOOKUP(CXM29,SETOP,3,0),IF(CXP29=\"CPU\",VLOOKUP(CXM29,COMPOSIÇÃO,2,0),VLOOKUP(CXM29,COTAÇÃO,3,0))))","v":"BOMBEIRO/ENCANADOR COM ENCARGOS COMPLEMENTARES"},null,"SETOP",{"$f":"IF(CXP29=\"SINAPI\",VLOOKUP(CXM29,SINAPI,3,0),IF(CXP29=\"SETOP\",VLOOKUP(CXM29,SETOP,4,0),IF(CXP29=\"CPU\",VLOOKUP(CXM29,COMPOSIÇÃO,5,0),VLOOKUP(CXM29,COTAÇÃO,8,0))))","v":"HORA"},0.5,{"$f":"IF(CXP29=\"SINAPI\",VLOOKUP(CXM29,SINAPI,4,0),IF(CXP29=\"SETOP\",VLOOKUP(CXM29,SETOP,5,0),IF(CXP29=\"CPU\",VLOOKUP(CXM29,COMPOSIÇÃO,8,0),VLOOKUP(CXM29,COTAÇÃO,11,0))))","v":19.149999999999999},{"$f":"CXR29*CXS29","v":9.5749999999999993},"ED-50374",{"$f":"IF(CXX29=\"SINAPI\",VLOOKUP(CXU29,SINAPI,2,0),IF(CXX29=\"SETOP\",VLOOKUP(CXU29,SETOP,3,0),IF(CXX29=\"CPU\",VLOOKUP(CXU29,COMPOSIÇÃO,2,0),VLOOKUP(CXU29,COTAÇÃO,3,0))))","v":"BOMBEIRO/ENCANADOR COM ENCARGOS COMPLEMENTARES"},null,"SETOP",{"$f":"IF(CXX29=\"SINAPI\",VLOOKUP(CXU29,SINAPI,3,0),IF(CXX29=\"SETOP\",VLOOKUP(CXU29,SETOP,4,0),IF(CXX29=\"CPU\",VLOOKUP(CXU29,COMPOSIÇÃO,5,0),VLOOKUP(CXU29,COTAÇÃO,8,0))))","v":"HORA"},0.5,{"$f":"IF(CXX29=\"SINAPI\",VLOOKUP(CXU29,SINAPI,4,0),IF(CXX29=\"SETOP\",VLOOKUP(CXU29,SETOP,5,0),IF(CXX29=\"CPU\",VLOOKUP(CXU29,COMPOSIÇÃO,8,0),VLOOKUP(CXU29,COTAÇÃO,11,0))))","v":19.149999999999999},{"$f":"CXZ29*CYA29","v":9.5749999999999993},"ED-50374",{"$f":"IF(CYF29=\"SINAPI\",VLOOKUP(CYC29,SINAPI,2,0),IF(CYF29=\"SETOP\",VLOOKUP(CYC29,SETOP,3,0),IF(CYF29=\"CPU\",VLOOKUP(CYC29,COMPOSIÇÃO,2,0),VLOOKUP(CYC29,COTAÇÃO,3,0))))","v":"BOMBEIRO/ENCANADOR COM ENCARGOS COMPLEMENTARES"},null,"SETOP",{"$f":"IF(CYF29=\"SINAPI\",VLOOKUP(CYC29,SINAPI,3,0),IF(CYF29=\"SETOP\",VLOOKUP(CYC29,SETOP,4,0),IF(CYF29=\"CPU\",VLOOKUP(CYC29,COMPOSIÇÃO,5,0),VLOOKUP(CYC29,COTAÇÃO,8,0))))","v":"HORA"},0.5,{"$f":"IF(CYF29=\"SINAPI\",VLOOKUP(CYC29,SINAPI,4,0),IF(CYF29=\"SETOP\",VLOOKUP(CYC29,SETOP,5,0),IF(CYF29=\"CPU\",VLOOKUP(CYC29,COMPOSIÇÃO,8,0),VLOOKUP(CYC29,COTAÇÃO,11,0))))","v":19.149999999999999},{"$f":"CYH29*CYI29","v":9.5749999999999993},"ED-50374",{"$f":"IF(CYN29=\"SINAPI\",VLOOKUP(CYK29,SINAPI,2,0),IF(CYN29=\"SETOP\",VLOOKUP(CYK29,SETOP,3,0),IF(CYN29=\"CPU\",VLOOKUP(CYK29,COMPOSIÇÃO,2,0),VLOOKUP(CYK29,COTAÇÃO,3,0))))","v":"BOMBEIRO/ENCANADOR COM ENCARGOS COMPLEMENTARES"},null,"SETOP",{"$f":"IF(CYN29=\"SINAPI\",VLOOKUP(CYK29,SINAPI,3,0),IF(CYN29=\"SETOP\",VLOOKUP(CYK29,SETOP,4,0),IF(CYN29=\"CPU\",VLOOKUP(CYK29,COMPOSIÇÃO,5,0),VLOOKUP(CYK29,COTAÇÃO,8,0))))","v":"HORA"},0.5,{"$f":"IF(CYN29=\"SINAPI\",VLOOKUP(CYK29,SINAPI,4,0),IF(CYN29=\"SETOP\",VLOOKUP(CYK29,SETOP,5,0),IF(CYN29=\"CPU\",VLOOKUP(CYK29,COMPOSIÇÃO,8,0),VLOOKUP(CYK29,COTAÇÃO,11,0))))","v":19.149999999999999},{"$f":"CYP29*CYQ29","v":9.5749999999999993},"ED-50374",{"$f":"IF(CYV29=\"SINAPI\",VLOOKUP(CYS29,SINAPI,2,0),IF(CYV29=\"SETOP\",VLOOKUP(CYS29,SETOP,3,0),IF(CYV29=\"CPU\",VLOOKUP(CYS29,COMPOSIÇÃO,2,0),VLOOKUP(CYS29,COTAÇÃO,3,0))))","v":"BOMBEIRO/ENCANADOR COM ENCARGOS COMPLEMENTARES"},null,"SETOP",{"$f":"IF(CYV29=\"SINAPI\",VLOOKUP(CYS29,SINAPI,3,0),IF(CYV29=\"SETOP\",VLOOKUP(CYS29,SETOP,4,0),IF(CYV29=\"CPU\",VLOOKUP(CYS29,COMPOSIÇÃO,5,0),VLOOKUP(CYS29,COTAÇÃO,8,0))))","v":"HORA"},0.5,{"$f":"IF(CYV29=\"SINAPI\",VLOOKUP(CYS29,SINAPI,4,0),IF(CYV29=\"SETOP\",VLOOKUP(CYS29,SETOP,5,0),IF(CYV29=\"CPU\",VLOOKUP(CYS29,COMPOSIÇÃO,8,0),VLOOKUP(CYS29,COTAÇÃO,11,0))))","v":19.149999999999999},{"$f":"CYX29*CYY29","v":9.5749999999999993},"ED-50374",{"$f":"IF(CZD29=\"SINAPI\",VLOOKUP(CZA29,SINAPI,2,0),IF(CZD29=\"SETOP\",VLOOKUP(CZA29,SETOP,3,0),IF(CZD29=\"CPU\",VLOOKUP(CZA29,COMPOSIÇÃO,2,0),VLOOKUP(CZA29,COTAÇÃO,3,0))))","v":"BOMBEIRO/ENCANADOR COM ENCARGOS COMPLEMENTARES"},null,"SETOP",{"$f":"IF(CZD29=\"SINAPI\",VLOOKUP(CZA29,SINAPI,3,0),IF(CZD29=\"SETOP\",VLOOKUP(CZA29,SETOP,4,0),IF(CZD29=\"CPU\",VLOOKUP(CZA29,COMPOSIÇÃO,5,0),VLOOKUP(CZA29,COTAÇÃO,8,0))))","v":"HORA"},0.5,{"$f":"IF(CZD29=\"SINAPI\",VLOOKUP(CZA29,SINAPI,4,0),IF(CZD29=\"SETOP\",VLOOKUP(CZA29,SETOP,5,0),IF(CZD29=\"CPU\",VLOOKUP(CZA29,COMPOSIÇÃO,8,0),VLOOKUP(CZA29,COTAÇÃO,11,0))))","v":19.149999999999999},{"$f":"CZF29*CZG29","v":9.5749999999999993},"ED-50374",{"$f":"IF(CZL29=\"SINAPI\",VLOOKUP(CZI29,SINAPI,2,0),IF(CZL29=\"SETOP\",VLOOKUP(CZI29,SETOP,3,0),IF(CZL29=\"CPU\",VLOOKUP(CZI29,COMPOSIÇÃO,2,0),VLOOKUP(CZI29,COTAÇÃO,3,0))))","v":"BOMBEIRO/ENCANADOR COM ENCARGOS COMPLEMENTARES"},null,"SETOP",{"$f":"IF(CZL29=\"SINAPI\",VLOOKUP(CZI29,SINAPI,3,0),IF(CZL29=\"SETOP\",VLOOKUP(CZI29,SETOP,4,0),IF(CZL29=\"CPU\",VLOOKUP(CZI29,COMPOSIÇÃO,5,0),VLOOKUP(CZI29,COTAÇÃO,8,0))))","v":"HORA"},0.5,{"$f":"IF(CZL29=\"SINAPI\",VLOOKUP(CZI29,SINAPI,4,0),IF(CZL29=\"SETOP\",VLOOKUP(CZI29,SETOP,5,0),IF(CZL29=\"CPU\",VLOOKUP(CZI29,COMPOSIÇÃO,8,0),VLOOKUP(CZI29,COTAÇÃO,11,0))))","v":19.149999999999999},{"$f":"CZN29*CZO29","v":9.5749999999999993},"ED-50374",{"$f":"IF(CZT29=\"SINAPI\",VLOOKUP(CZQ29,SINAPI,2,0),IF(CZT29=\"SETOP\",VLOOKUP(CZQ29,SETOP,3,0),IF(CZT29=\"CPU\",VLOOKUP(CZQ29,COMPOSIÇÃO,2,0),VLOOKUP(CZQ29,COTAÇÃO,3,0))))","v":"BOMBEIRO/ENCANADOR COM ENCARGOS COMPLEMENTARES"},null,"SETOP",{"$f":"IF(CZT29=\"SINAPI\",VLOOKUP(CZQ29,SINAPI,3,0),IF(CZT29=\"SETOP\",VLOOKUP(CZQ29,SETOP,4,0),IF(CZT29=\"CPU\",VLOOKUP(CZQ29,COMPOSIÇÃO,5,0),VLOOKUP(CZQ29,COTAÇÃO,8,0))))","v":"HORA"},0.5,{"$f":"IF(CZT29=\"SINAPI\",VLOOKUP(CZQ29,SINAPI,4,0),IF(CZT29=\"SETOP\",VLOOKUP(CZQ29,SETOP,5,0),IF(CZT29=\"CPU\",VLOOKUP(CZQ29,COMPOSIÇÃO,8,0),VLOOKUP(CZQ29,COTAÇÃO,11,0))))","v":19.149999999999999},{"$f":"CZV29*CZW29","v":9.5749999999999993},"ED-50374",{"$f":"IF(DAB29=\"SINAPI\",VLOOKUP(CZY29,SINAPI,2,0),IF(DAB29=\"SETOP\",VLOOKUP(CZY29,SETOP,3,0),IF(DAB29=\"CPU\",VLOOKUP(CZY29,COMPOSIÇÃO,2,0),VLOOKUP(CZY29,COTAÇÃO,3,0))))","v":"BOMBEIRO/ENCANADOR COM ENCARGOS COMPLEMENTARES"},null,"SETOP",{"$f":"IF(DAB29=\"SINAPI\",VLOOKUP(CZY29,SINAPI,3,0),IF(DAB29=\"SETOP\",VLOOKUP(CZY29,SETOP,4,0),IF(DAB29=\"CPU\",VLOOKUP(CZY29,COMPOSIÇÃO,5,0),VLOOKUP(CZY29,COTAÇÃO,8,0))))","v":"HORA"},0.5,{"$f":"IF(DAB29=\"SINAPI\",VLOOKUP(CZY29,SINAPI,4,0),IF(DAB29=\"SETOP\",VLOOKUP(CZY29,SETOP,5,0),IF(DAB29=\"CPU\",VLOOKUP(CZY29,COMPOSIÇÃO,8,0),VLOOKUP(CZY29,COTAÇÃO,11,0))))","v":19.149999999999999},{"$f":"DAD29*DAE29","v":9.5749999999999993},"ED-50374",{"$f":"IF(DAJ29=\"SINAPI\",VLOOKUP(DAG29,SINAPI,2,0),IF(DAJ29=\"SETOP\",VLOOKUP(DAG29,SETOP,3,0),IF(DAJ29=\"CPU\",VLOOKUP(DAG29,COMPOSIÇÃO,2,0),VLOOKUP(DAG29,COTAÇÃO,3,0))))","v":"BOMBEIRO/ENCANADOR COM ENCARGOS COMPLEMENTARES"},null,"SETOP",{"$f":"IF(DAJ29=\"SINAPI\",VLOOKUP(DAG29,SINAPI,3,0),IF(DAJ29=\"SETOP\",VLOOKUP(DAG29,SETOP,4,0),IF(DAJ29=\"CPU\",VLOOKUP(DAG29,COMPOSIÇÃO,5,0),VLOOKUP(DAG29,COTAÇÃO,8,0))))","v":"HORA"},0.5,{"$f":"IF(DAJ29=\"SINAPI\",VLOOKUP(DAG29,SINAPI,4,0),IF(DAJ29=\"SETOP\",VLOOKUP(DAG29,SETOP,5,0),IF(DAJ29=\"CPU\",VLOOKUP(DAG29,COMPOSIÇÃO,8,0),VLOOKUP(DAG29,COTAÇÃO,11,0))))","v":19.149999999999999},{"$f":"DAL29*DAM29","v":9.5749999999999993},"ED-50374",{"$f":"IF(DAR29=\"SINAPI\",VLOOKUP(DAO29,SINAPI,2,0),IF(DAR29=\"SETOP\",VLOOKUP(DAO29,SETOP,3,0),IF(DAR29=\"CPU\",VLOOKUP(DAO29,COMPOSIÇÃO,2,0),VLOOKUP(DAO29,COTAÇÃO,3,0))))","v":"BOMBEIRO/ENCANADOR COM ENCARGOS COMPLEMENTARES"},null,"SETOP",{"$f":"IF(DAR29=\"SINAPI\",VLOOKUP(DAO29,SINAPI,3,0),IF(DAR29=\"SETOP\",VLOOKUP(DAO29,SETOP,4,0),IF(DAR29=\"CPU\",VLOOKUP(DAO29,COMPOSIÇÃO,5,0),VLOOKUP(DAO29,COTAÇÃO,8,0))))","v":"HORA"},0.5,{"$f":"IF(DAR29=\"SINAPI\",VLOOKUP(DAO29,SINAPI,4,0),IF(DAR29=\"SETOP\",VLOOKUP(DAO29,SETOP,5,0),IF(DAR29=\"CPU\",VLOOKUP(DAO29,COMPOSIÇÃO,8,0),VLOOKUP(DAO29,COTAÇÃO,11,0))))","v":19.149999999999999},{"$f":"DAT29*DAU29","v":9.5749999999999993},"ED-50374",{"$f":"IF(DAZ29=\"SINAPI\",VLOOKUP(DAW29,SINAPI,2,0),IF(DAZ29=\"SETOP\",VLOOKUP(DAW29,SETOP,3,0),IF(DAZ29=\"CPU\",VLOOKUP(DAW29,COMPOSIÇÃO,2,0),VLOOKUP(DAW29,COTAÇÃO,3,0))))","v":"BOMBEIRO/ENCANADOR COM ENCARGOS COMPLEMENTARES"},null,"SETOP",{"$f":"IF(DAZ29=\"SINAPI\",VLOOKUP(DAW29,SINAPI,3,0),IF(DAZ29=\"SETOP\",VLOOKUP(DAW29,SETOP,4,0),IF(DAZ29=\"CPU\",VLOOKUP(DAW29,COMPOSIÇÃO,5,0),VLOOKUP(DAW29,COTAÇÃO,8,0))))","v":"HORA"},0.5,{"$f":"IF(DAZ29=\"SINAPI\",VLOOKUP(DAW29,SINAPI,4,0),IF(DAZ29=\"SETOP\",VLOOKUP(DAW29,SETOP,5,0),IF(DAZ29=\"CPU\",VLOOKUP(DAW29,COMPOSIÇÃO,8,0),VLOOKUP(DAW29,COTAÇÃO,11,0))))","v":19.149999999999999},{"$f":"DBB29*DBC29","v":9.5749999999999993},"ED-50374",{"$f":"IF(DBH29=\"SINAPI\",VLOOKUP(DBE29,SINAPI,2,0),IF(DBH29=\"SETOP\",VLOOKUP(DBE29,SETOP,3,0),IF(DBH29=\"CPU\",VLOOKUP(DBE29,COMPOSIÇÃO,2,0),VLOOKUP(DBE29,COTAÇÃO,3,0))))","v":"BOMBEIRO/ENCANADOR COM ENCARGOS COMPLEMENTARES"},null,"SETOP",{"$f":"IF(DBH29=\"SINAPI\",VLOOKUP(DBE29,SINAPI,3,0),IF(DBH29=\"SETOP\",VLOOKUP(DBE29,SETOP,4,0),IF(DBH29=\"CPU\",VLOOKUP(DBE29,COMPOSIÇÃO,5,0),VLOOKUP(DBE29,COTAÇÃO,8,0))))","v":"HORA"},0.5,{"$f":"IF(DBH29=\"SINAPI\",VLOOKUP(DBE29,SINAPI,4,0),IF(DBH29=\"SETOP\",VLOOKUP(DBE29,SETOP,5,0),IF(DBH29=\"CPU\",VLOOKUP(DBE29,COMPOSIÇÃO,8,0),VLOOKUP(DBE29,COTAÇÃO,11,0))))","v":19.149999999999999},{"$f":"DBJ29*DBK29","v":9.5749999999999993},"ED-50374",{"$f":"IF(DBP29=\"SINAPI\",VLOOKUP(DBM29,SINAPI,2,0),IF(DBP29=\"SETOP\",VLOOKUP(DBM29,SETOP,3,0),IF(DBP29=\"CPU\",VLOOKUP(DBM29,COMPOSIÇÃO,2,0),VLOOKUP(DBM29,COTAÇÃO,3,0))))","v":"BOMBEIRO/ENCANADOR COM ENCARGOS COMPLEMENTARES"},null,"SETOP",{"$f":"IF(DBP29=\"SINAPI\",VLOOKUP(DBM29,SINAPI,3,0),IF(DBP29=\"SETOP\",VLOOKUP(DBM29,SETOP,4,0),IF(DBP29=\"CPU\",VLOOKUP(DBM29,COMPOSIÇÃO,5,0),VLOOKUP(DBM29,COTAÇÃO,8,0))))","v":"HORA"},0.5,{"$f":"IF(DBP29=\"SINAPI\",VLOOKUP(DBM29,SINAPI,4,0),IF(DBP29=\"SETOP\",VLOOKUP(DBM29,SETOP,5,0),IF(DBP29=\"CPU\",VLOOKUP(DBM29,COMPOSIÇÃO,8,0),VLOOKUP(DBM29,COTAÇÃO,11,0))))","v":19.149999999999999},{"$f":"DBR29*DBS29","v":9.5749999999999993},"ED-50374",{"$f":"IF(DBX29=\"SINAPI\",VLOOKUP(DBU29,SINAPI,2,0),IF(DBX29=\"SETOP\",VLOOKUP(DBU29,SETOP,3,0),IF(DBX29=\"CPU\",VLOOKUP(DBU29,COMPOSIÇÃO,2,0),VLOOKUP(DBU29,COTAÇÃO,3,0))))","v":"BOMBEIRO/ENCANADOR COM ENCARGOS COMPLEMENTARES"},null,"SETOP",{"$f":"IF(DBX29=\"SINAPI\",VLOOKUP(DBU29,SINAPI,3,0),IF(DBX29=\"SETOP\",VLOOKUP(DBU29,SETOP,4,0),IF(DBX29=\"CPU\",VLOOKUP(DBU29,COMPOSIÇÃO,5,0),VLOOKUP(DBU29,COTAÇÃO,8,0))))","v":"HORA"},0.5,{"$f":"IF(DBX29=\"SINAPI\",VLOOKUP(DBU29,SINAPI,4,0),IF(DBX29=\"SETOP\",VLOOKUP(DBU29,SETOP,5,0),IF(DBX29=\"CPU\",VLOOKUP(DBU29,COMPOSIÇÃO,8,0),VLOOKUP(DBU29,COTAÇÃO,11,0))))","v":19.149999999999999},{"$f":"DBZ29*DCA29","v":9.5749999999999993},"ED-50374",{"$f":"IF(DCF29=\"SINAPI\",VLOOKUP(DCC29,SINAPI,2,0),IF(DCF29=\"SETOP\",VLOOKUP(DCC29,SETOP,3,0),IF(DCF29=\"CPU\",VLOOKUP(DCC29,COMPOSIÇÃO,2,0),VLOOKUP(DCC29,COTAÇÃO,3,0))))","v":"BOMBEIRO/ENCANADOR COM ENCARGOS COMPLEMENTARES"},null,"SETOP",{"$f":"IF(DCF29=\"SINAPI\",VLOOKUP(DCC29,SINAPI,3,0),IF(DCF29=\"SETOP\",VLOOKUP(DCC29,SETOP,4,0),IF(DCF29=\"CPU\",VLOOKUP(DCC29,COMPOSIÇÃO,5,0),VLOOKUP(DCC29,COTAÇÃO,8,0))))","v":"HORA"},0.5,{"$f":"IF(DCF29=\"SINAPI\",VLOOKUP(DCC29,SINAPI,4,0),IF(DCF29=\"SETOP\",VLOOKUP(DCC29,SETOP,5,0),IF(DCF29=\"CPU\",VLOOKUP(DCC29,COMPOSIÇÃO,8,0),VLOOKUP(DCC29,COTAÇÃO,11,0))))","v":19.149999999999999},{"$f":"DCH29*DCI29","v":9.5749999999999993},"ED-50374",{"$f":"IF(DCN29=\"SINAPI\",VLOOKUP(DCK29,SINAPI,2,0),IF(DCN29=\"SETOP\",VLOOKUP(DCK29,SETOP,3,0),IF(DCN29=\"CPU\",VLOOKUP(DCK29,COMPOSIÇÃO,2,0),VLOOKUP(DCK29,COTAÇÃO,3,0))))","v":"BOMBEIRO/ENCANADOR COM ENCARGOS COMPLEMENTARES"},null,"SETOP",{"$f":"IF(DCN29=\"SINAPI\",VLOOKUP(DCK29,SINAPI,3,0),IF(DCN29=\"SETOP\",VLOOKUP(DCK29,SETOP,4,0),IF(DCN29=\"CPU\",VLOOKUP(DCK29,COMPOSIÇÃO,5,0),VLOOKUP(DCK29,COTAÇÃO,8,0))))","v":"HORA"},0.5,{"$f":"IF(DCN29=\"SINAPI\",VLOOKUP(DCK29,SINAPI,4,0),IF(DCN29=\"SETOP\",VLOOKUP(DCK29,SETOP,5,0),IF(DCN29=\"CPU\",VLOOKUP(DCK29,COMPOSIÇÃO,8,0),VLOOKUP(DCK29,COTAÇÃO,11,0))))","v":19.149999999999999},{"$f":"DCP29*DCQ29","v":9.5749999999999993},"ED-50374",{"$f":"IF(DCV29=\"SINAPI\",VLOOKUP(DCS29,SINAPI,2,0),IF(DCV29=\"SETOP\",VLOOKUP(DCS29,SETOP,3,0),IF(DCV29=\"CPU\",VLOOKUP(DCS29,COMPOSIÇÃO,2,0),VLOOKUP(DCS29,COTAÇÃO,3,0))))","v":"BOMBEIRO/ENCANADOR COM ENCARGOS COMPLEMENTARES"},null,"SETOP",{"$f":"IF(DCV29=\"SINAPI\",VLOOKUP(DCS29,SINAPI,3,0),IF(DCV29=\"SETOP\",VLOOKUP(DCS29,SETOP,4,0),IF(DCV29=\"CPU\",VLOOKUP(DCS29,COMPOSIÇÃO,5,0),VLOOKUP(DCS29,COTAÇÃO,8,0))))","v":"HORA"},0.5,{"$f":"IF(DCV29=\"SINAPI\",VLOOKUP(DCS29,SINAPI,4,0),IF(DCV29=\"SETOP\",VLOOKUP(DCS29,SETOP,5,0),IF(DCV29=\"CPU\",VLOOKUP(DCS29,COMPOSIÇÃO,8,0),VLOOKUP(DCS29,COTAÇÃO,11,0))))","v":19.149999999999999},{"$f":"DCX29*DCY29","v":9.5749999999999993},"ED-50374",{"$f":"IF(DDD29=\"SINAPI\",VLOOKUP(DDA29,SINAPI,2,0),IF(DDD29=\"SETOP\",VLOOKUP(DDA29,SETOP,3,0),IF(DDD29=\"CPU\",VLOOKUP(DDA29,COMPOSIÇÃO,2,0),VLOOKUP(DDA29,COTAÇÃO,3,0))))","v":"BOMBEIRO/ENCANADOR COM ENCARGOS COMPLEMENTARES"},null,"SETOP",{"$f":"IF(DDD29=\"SINAPI\",VLOOKUP(DDA29,SINAPI,3,0),IF(DDD29=\"SETOP\",VLOOKUP(DDA29,SETOP,4,0),IF(DDD29=\"CPU\",VLOOKUP(DDA29,COMPOSIÇÃO,5,0),VLOOKUP(DDA29,COTAÇÃO,8,0))))","v":"HORA"},0.5,{"$f":"IF(DDD29=\"SINAPI\",VLOOKUP(DDA29,SINAPI,4,0),IF(DDD29=\"SETOP\",VLOOKUP(DDA29,SETOP,5,0),IF(DDD29=\"CPU\",VLOOKUP(DDA29,COMPOSIÇÃO,8,0),VLOOKUP(DDA29,COTAÇÃO,11,0))))","v":19.149999999999999},{"$f":"DDF29*DDG29","v":9.5749999999999993},"ED-50374",{"$f":"IF(DDL29=\"SINAPI\",VLOOKUP(DDI29,SINAPI,2,0),IF(DDL29=\"SETOP\",VLOOKUP(DDI29,SETOP,3,0),IF(DDL29=\"CPU\",VLOOKUP(DDI29,COMPOSIÇÃO,2,0),VLOOKUP(DDI29,COTAÇÃO,3,0))))","v":"BOMBEIRO/ENCANADOR COM ENCARGOS COMPLEMENTARES"},null,"SETOP",{"$f":"IF(DDL29=\"SINAPI\",VLOOKUP(DDI29,SINAPI,3,0),IF(DDL29=\"SETOP\",VLOOKUP(DDI29,SETOP,4,0),IF(DDL29=\"CPU\",VLOOKUP(DDI29,COMPOSIÇÃO,5,0),VLOOKUP(DDI29,COTAÇÃO,8,0))))","v":"HORA"},0.5,{"$f":"IF(DDL29=\"SINAPI\",VLOOKUP(DDI29,SINAPI,4,0),IF(DDL29=\"SETOP\",VLOOKUP(DDI29,SETOP,5,0),IF(DDL29=\"CPU\",VLOOKUP(DDI29,COMPOSIÇÃO,8,0),VLOOKUP(DDI29,COTAÇÃO,11,0))))","v":19.149999999999999},{"$f":"DDN29*DDO29","v":9.5749999999999993},"ED-50374",{"$f":"IF(DDT29=\"SINAPI\",VLOOKUP(DDQ29,SINAPI,2,0),IF(DDT29=\"SETOP\",VLOOKUP(DDQ29,SETOP,3,0),IF(DDT29=\"CPU\",VLOOKUP(DDQ29,COMPOSIÇÃO,2,0),VLOOKUP(DDQ29,COTAÇÃO,3,0))))","v":"BOMBEIRO/ENCANADOR COM ENCARGOS COMPLEMENTARES"},null,"SETOP",{"$f":"IF(DDT29=\"SINAPI\",VLOOKUP(DDQ29,SINAPI,3,0),IF(DDT29=\"SETOP\",VLOOKUP(DDQ29,SETOP,4,0),IF(DDT29=\"CPU\",VLOOKUP(DDQ29,COMPOSIÇÃO,5,0),VLOOKUP(DDQ29,COTAÇÃO,8,0))))","v":"HORA"},0.5,{"$f":"IF(DDT29=\"SINAPI\",VLOOKUP(DDQ29,SINAPI,4,0),IF(DDT29=\"SETOP\",VLOOKUP(DDQ29,SETOP,5,0),IF(DDT29=\"CPU\",VLOOKUP(DDQ29,COMPOSIÇÃO,8,0),VLOOKUP(DDQ29,COTAÇÃO,11,0))))","v":19.149999999999999},{"$f":"DDV29*DDW29","v":9.5749999999999993},"ED-50374",{"$f":"IF(DEB29=\"SINAPI\",VLOOKUP(DDY29,SINAPI,2,0),IF(DEB29=\"SETOP\",VLOOKUP(DDY29,SETOP,3,0),IF(DEB29=\"CPU\",VLOOKUP(DDY29,COMPOSIÇÃO,2,0),VLOOKUP(DDY29,COTAÇÃO,3,0))))","v":"BOMBEIRO/ENCANADOR COM ENCARGOS COMPLEMENTARES"},null,"SETOP",{"$f":"IF(DEB29=\"SINAPI\",VLOOKUP(DDY29,SINAPI,3,0),IF(DEB29=\"SETOP\",VLOOKUP(DDY29,SETOP,4,0),IF(DEB29=\"CPU\",VLOOKUP(DDY29,COMPOSIÇÃO,5,0),VLOOKUP(DDY29,COTAÇÃO,8,0))))","v":"HORA"},0.5,{"$f":"IF(DEB29=\"SINAPI\",VLOOKUP(DDY29,SINAPI,4,0),IF(DEB29=\"SETOP\",VLOOKUP(DDY29,SETOP,5,0),IF(DEB29=\"CPU\",VLOOKUP(DDY29,COMPOSIÇÃO,8,0),VLOOKUP(DDY29,COTAÇÃO,11,0))))","v":19.149999999999999},{"$f":"DED29*DEE29","v":9.5749999999999993},"ED-50374",{"$f":"IF(DEJ29=\"SINAPI\",VLOOKUP(DEG29,SINAPI,2,0),IF(DEJ29=\"SETOP\",VLOOKUP(DEG29,SETOP,3,0),IF(DEJ29=\"CPU\",VLOOKUP(DEG29,COMPOSIÇÃO,2,0),VLOOKUP(DEG29,COTAÇÃO,3,0))))","v":"BOMBEIRO/ENCANADOR COM ENCARGOS COMPLEMENTARES"},null,"SETOP",{"$f":"IF(DEJ29=\"SINAPI\",VLOOKUP(DEG29,SINAPI,3,0),IF(DEJ29=\"SETOP\",VLOOKUP(DEG29,SETOP,4,0),IF(DEJ29=\"CPU\",VLOOKUP(DEG29,COMPOSIÇÃO,5,0),VLOOKUP(DEG29,COTAÇÃO,8,0))))","v":"HORA"},0.5,{"$f":"IF(DEJ29=\"SINAPI\",VLOOKUP(DEG29,SINAPI,4,0),IF(DEJ29=\"SETOP\",VLOOKUP(DEG29,SETOP,5,0),IF(DEJ29=\"CPU\",VLOOKUP(DEG29,COMPOSIÇÃO,8,0),VLOOKUP(DEG29,COTAÇÃO,11,0))))","v":19.149999999999999},{"$f":"DEL29*DEM29","v":9.5749999999999993},"ED-50374",{"$f":"IF(DER29=\"SINAPI\",VLOOKUP(DEO29,SINAPI,2,0),IF(DER29=\"SETOP\",VLOOKUP(DEO29,SETOP,3,0),IF(DER29=\"CPU\",VLOOKUP(DEO29,COMPOSIÇÃO,2,0),VLOOKUP(DEO29,COTAÇÃO,3,0))))","v":"BOMBEIRO/ENCANADOR COM ENCARGOS COMPLEMENTARES"},null,"SETOP",{"$f":"IF(DER29=\"SINAPI\",VLOOKUP(DEO29,SINAPI,3,0),IF(DER29=\"SETOP\",VLOOKUP(DEO29,SETOP,4,0),IF(DER29=\"CPU\",VLOOKUP(DEO29,COMPOSIÇÃO,5,0),VLOOKUP(DEO29,COTAÇÃO,8,0))))","v":"HORA"},0.5,{"$f":"IF(DER29=\"SINAPI\",VLOOKUP(DEO29,SINAPI,4,0),IF(DER29=\"SETOP\",VLOOKUP(DEO29,SETOP,5,0),IF(DER29=\"CPU\",VLOOKUP(DEO29,COMPOSIÇÃO,8,0),VLOOKUP(DEO29,COTAÇÃO,11,0))))","v":19.149999999999999},{"$f":"DET29*DEU29","v":9.5749999999999993},"ED-50374",{"$f":"IF(DEZ29=\"SINAPI\",VLOOKUP(DEW29,SINAPI,2,0),IF(DEZ29=\"SETOP\",VLOOKUP(DEW29,SETOP,3,0),IF(DEZ29=\"CPU\",VLOOKUP(DEW29,COMPOSIÇÃO,2,0),VLOOKUP(DEW29,COTAÇÃO,3,0))))","v":"BOMBEIRO/ENCANADOR COM ENCARGOS COMPLEMENTARES"},null,"SETOP",{"$f":"IF(DEZ29=\"SINAPI\",VLOOKUP(DEW29,SINAPI,3,0),IF(DEZ29=\"SETOP\",VLOOKUP(DEW29,SETOP,4,0),IF(DEZ29=\"CPU\",VLOOKUP(DEW29,COMPOSIÇÃO,5,0),VLOOKUP(DEW29,COTAÇÃO,8,0))))","v":"HORA"},0.5,{"$f":"IF(DEZ29=\"SINAPI\",VLOOKUP(DEW29,SINAPI,4,0),IF(DEZ29=\"SETOP\",VLOOKUP(DEW29,SETOP,5,0),IF(DEZ29=\"CPU\",VLOOKUP(DEW29,COMPOSIÇÃO,8,0),VLOOKUP(DEW29,COTAÇÃO,11,0))))","v":19.149999999999999},{"$f":"DFB29*DFC29","v":9.5749999999999993},"ED-50374",{"$f":"IF(DFH29=\"SINAPI\",VLOOKUP(DFE29,SINAPI,2,0),IF(DFH29=\"SETOP\",VLOOKUP(DFE29,SETOP,3,0),IF(DFH29=\"CPU\",VLOOKUP(DFE29,COMPOSIÇÃO,2,0),VLOOKUP(DFE29,COTAÇÃO,3,0))))","v":"BOMBEIRO/ENCANADOR COM ENCARGOS COMPLEMENTARES"},null,"SETOP",{"$f":"IF(DFH29=\"SINAPI\",VLOOKUP(DFE29,SINAPI,3,0),IF(DFH29=\"SETOP\",VLOOKUP(DFE29,SETOP,4,0),IF(DFH29=\"CPU\",VLOOKUP(DFE29,COMPOSIÇÃO,5,0),VLOOKUP(DFE29,COTAÇÃO,8,0))))","v":"HORA"},0.5,{"$f":"IF(DFH29=\"SINAPI\",VLOOKUP(DFE29,SINAPI,4,0),IF(DFH29=\"SETOP\",VLOOKUP(DFE29,SETOP,5,0),IF(DFH29=\"CPU\",VLOOKUP(DFE29,COMPOSIÇÃO,8,0),VLOOKUP(DFE29,COTAÇÃO,11,0))))","v":19.149999999999999},{"$f":"DFJ29*DFK29","v":9.5749999999999993},"ED-50374",{"$f":"IF(DFP29=\"SINAPI\",VLOOKUP(DFM29,SINAPI,2,0),IF(DFP29=\"SETOP\",VLOOKUP(DFM29,SETOP,3,0),IF(DFP29=\"CPU\",VLOOKUP(DFM29,COMPOSIÇÃO,2,0),VLOOKUP(DFM29,COTAÇÃO,3,0))))","v":"BOMBEIRO/ENCANADOR COM ENCARGOS COMPLEMENTARES"},null,"SETOP",{"$f":"IF(DFP29=\"SINAPI\",VLOOKUP(DFM29,SINAPI,3,0),IF(DFP29=\"SETOP\",VLOOKUP(DFM29,SETOP,4,0),IF(DFP29=\"CPU\",VLOOKUP(DFM29,COMPOSIÇÃO,5,0),VLOOKUP(DFM29,COTAÇÃO,8,0))))","v":"HORA"},0.5,{"$f":"IF(DFP29=\"SINAPI\",VLOOKUP(DFM29,SINAPI,4,0),IF(DFP29=\"SETOP\",VLOOKUP(DFM29,SETOP,5,0),IF(DFP29=\"CPU\",VLOOKUP(DFM29,COMPOSIÇÃO,8,0),VLOOKUP(DFM29,COTAÇÃO,11,0))))","v":19.149999999999999},{"$f":"DFR29*DFS29","v":9.5749999999999993},"ED-50374",{"$f":"IF(DFX29=\"SINAPI\",VLOOKUP(DFU29,SINAPI,2,0),IF(DFX29=\"SETOP\",VLOOKUP(DFU29,SETOP,3,0),IF(DFX29=\"CPU\",VLOOKUP(DFU29,COMPOSIÇÃO,2,0),VLOOKUP(DFU29,COTAÇÃO,3,0))))","v":"BOMBEIRO/ENCANADOR COM ENCARGOS COMPLEMENTARES"},null,"SETOP",{"$f":"IF(DFX29=\"SINAPI\",VLOOKUP(DFU29,SINAPI,3,0),IF(DFX29=\"SETOP\",VLOOKUP(DFU29,SETOP,4,0),IF(DFX29=\"CPU\",VLOOKUP(DFU29,COMPOSIÇÃO,5,0),VLOOKUP(DFU29,COTAÇÃO,8,0))))","v":"HORA"},0.5,{"$f":"IF(DFX29=\"SINAPI\",VLOOKUP(DFU29,SINAPI,4,0),IF(DFX29=\"SETOP\",VLOOKUP(DFU29,SETOP,5,0),IF(DFX29=\"CPU\",VLOOKUP(DFU29,COMPOSIÇÃO,8,0),VLOOKUP(DFU29,COTAÇÃO,11,0))))","v":19.149999999999999},{"$f":"DFZ29*DGA29","v":9.5749999999999993},"ED-50374",{"$f":"IF(DGF29=\"SINAPI\",VLOOKUP(DGC29,SINAPI,2,0),IF(DGF29=\"SETOP\",VLOOKUP(DGC29,SETOP,3,0),IF(DGF29=\"CPU\",VLOOKUP(DGC29,COMPOSIÇÃO,2,0),VLOOKUP(DGC29,COTAÇÃO,3,0))))","v":"BOMBEIRO/ENCANADOR COM ENCARGOS COMPLEMENTARES"},null,"SETOP",{"$f":"IF(DGF29=\"SINAPI\",VLOOKUP(DGC29,SINAPI,3,0),IF(DGF29=\"SETOP\",VLOOKUP(DGC29,SETOP,4,0),IF(DGF29=\"CPU\",VLOOKUP(DGC29,COMPOSIÇÃO,5,0),VLOOKUP(DGC29,COTAÇÃO,8,0))))","v":"HORA"},0.5,{"$f":"IF(DGF29=\"SINAPI\",VLOOKUP(DGC29,SINAPI,4,0),IF(DGF29=\"SETOP\",VLOOKUP(DGC29,SETOP,5,0),IF(DGF29=\"CPU\",VLOOKUP(DGC29,COMPOSIÇÃO,8,0),VLOOKUP(DGC29,COTAÇÃO,11,0))))","v":19.149999999999999},{"$f":"DGH29*DGI29","v":9.5749999999999993},"ED-50374",{"$f":"IF(DGN29=\"SINAPI\",VLOOKUP(DGK29,SINAPI,2,0),IF(DGN29=\"SETOP\",VLOOKUP(DGK29,SETOP,3,0),IF(DGN29=\"CPU\",VLOOKUP(DGK29,COMPOSIÇÃO,2,0),VLOOKUP(DGK29,COTAÇÃO,3,0))))","v":"BOMBEIRO/ENCANADOR COM ENCARGOS COMPLEMENTARES"},null,"SETOP",{"$f":"IF(DGN29=\"SINAPI\",VLOOKUP(DGK29,SINAPI,3,0),IF(DGN29=\"SETOP\",VLOOKUP(DGK29,SETOP,4,0),IF(DGN29=\"CPU\",VLOOKUP(DGK29,COMPOSIÇÃO,5,0),VLOOKUP(DGK29,COTAÇÃO,8,0))))","v":"HORA"},0.5,{"$f":"IF(DGN29=\"SINAPI\",VLOOKUP(DGK29,SINAPI,4,0),IF(DGN29=\"SETOP\",VLOOKUP(DGK29,SETOP,5,0),IF(DGN29=\"CPU\",VLOOKUP(DGK29,COMPOSIÇÃO,8,0),VLOOKUP(DGK29,COTAÇÃO,11,0))))","v":19.149999999999999},{"$f":"DGP29*DGQ29","v":9.5749999999999993},"ED-50374",{"$f":"IF(DGV29=\"SINAPI\",VLOOKUP(DGS29,SINAPI,2,0),IF(DGV29=\"SETOP\",VLOOKUP(DGS29,SETOP,3,0),IF(DGV29=\"CPU\",VLOOKUP(DGS29,COMPOSIÇÃO,2,0),VLOOKUP(DGS29,COTAÇÃO,3,0))))","v":"BOMBEIRO/ENCANADOR COM ENCARGOS COMPLEMENTARES"},null,"SETOP",{"$f":"IF(DGV29=\"SINAPI\",VLOOKUP(DGS29,SINAPI,3,0),IF(DGV29=\"SETOP\",VLOOKUP(DGS29,SETOP,4,0),IF(DGV29=\"CPU\",VLOOKUP(DGS29,COMPOSIÇÃO,5,0),VLOOKUP(DGS29,COTAÇÃO,8,0))))","v":"HORA"},0.5,{"$f":"IF(DGV29=\"SINAPI\",VLOOKUP(DGS29,SINAPI,4,0),IF(DGV29=\"SETOP\",VLOOKUP(DGS29,SETOP,5,0),IF(DGV29=\"CPU\",VLOOKUP(DGS29,COMPOSIÇÃO,8,0),VLOOKUP(DGS29,COTAÇÃO,11,0))))","v":19.149999999999999},{"$f":"DGX29*DGY29","v":9.5749999999999993},"ED-50374",{"$f":"IF(DHD29=\"SINAPI\",VLOOKUP(DHA29,SINAPI,2,0),IF(DHD29=\"SETOP\",VLOOKUP(DHA29,SETOP,3,0),IF(DHD29=\"CPU\",VLOOKUP(DHA29,COMPOSIÇÃO,2,0),VLOOKUP(DHA29,COTAÇÃO,3,0))))","v":"BOMBEIRO/ENCANADOR COM ENCARGOS COMPLEMENTARES"},null,"SETOP",{"$f":"IF(DHD29=\"SINAPI\",VLOOKUP(DHA29,SINAPI,3,0),IF(DHD29=\"SETOP\",VLOOKUP(DHA29,SETOP,4,0),IF(DHD29=\"CPU\",VLOOKUP(DHA29,COMPOSIÇÃO,5,0),VLOOKUP(DHA29,COTAÇÃO,8,0))))","v":"HORA"},0.5,{"$f":"IF(DHD29=\"SINAPI\",VLOOKUP(DHA29,SINAPI,4,0),IF(DHD29=\"SETOP\",VLOOKUP(DHA29,SETOP,5,0),IF(DHD29=\"CPU\",VLOOKUP(DHA29,COMPOSIÇÃO,8,0),VLOOKUP(DHA29,COTAÇÃO,11,0))))","v":19.149999999999999},{"$f":"DHF29*DHG29","v":9.5749999999999993},"ED-50374",{"$f":"IF(DHL29=\"SINAPI\",VLOOKUP(DHI29,SINAPI,2,0),IF(DHL29=\"SETOP\",VLOOKUP(DHI29,SETOP,3,0),IF(DHL29=\"CPU\",VLOOKUP(DHI29,COMPOSIÇÃO,2,0),VLOOKUP(DHI29,COTAÇÃO,3,0))))","v":"BOMBEIRO/ENCANADOR COM ENCARGOS COMPLEMENTARES"},null,"SETOP",{"$f":"IF(DHL29=\"SINAPI\",VLOOKUP(DHI29,SINAPI,3,0),IF(DHL29=\"SETOP\",VLOOKUP(DHI29,SETOP,4,0),IF(DHL29=\"CPU\",VLOOKUP(DHI29,COMPOSIÇÃO,5,0),VLOOKUP(DHI29,COTAÇÃO,8,0))))","v":"HORA"},0.5,{"$f":"IF(DHL29=\"SINAPI\",VLOOKUP(DHI29,SINAPI,4,0),IF(DHL29=\"SETOP\",VLOOKUP(DHI29,SETOP,5,0),IF(DHL29=\"CPU\",VLOOKUP(DHI29,COMPOSIÇÃO,8,0),VLOOKUP(DHI29,COTAÇÃO,11,0))))","v":19.149999999999999},{"$f":"DHN29*DHO29","v":9.5749999999999993},"ED-50374",{"$f":"IF(DHT29=\"SINAPI\",VLOOKUP(DHQ29,SINAPI,2,0),IF(DHT29=\"SETOP\",VLOOKUP(DHQ29,SETOP,3,0),IF(DHT29=\"CPU\",VLOOKUP(DHQ29,COMPOSIÇÃO,2,0),VLOOKUP(DHQ29,COTAÇÃO,3,0))))","v":"BOMBEIRO/ENCANADOR COM ENCARGOS COMPLEMENTARES"},null,"SETOP",{"$f":"IF(DHT29=\"SINAPI\",VLOOKUP(DHQ29,SINAPI,3,0),IF(DHT29=\"SETOP\",VLOOKUP(DHQ29,SETOP,4,0),IF(DHT29=\"CPU\",VLOOKUP(DHQ29,COMPOSIÇÃO,5,0),VLOOKUP(DHQ29,COTAÇÃO,8,0))))","v":"HORA"},0.5,{"$f":"IF(DHT29=\"SINAPI\",VLOOKUP(DHQ29,SINAPI,4,0),IF(DHT29=\"SETOP\",VLOOKUP(DHQ29,SETOP,5,0),IF(DHT29=\"CPU\",VLOOKUP(DHQ29,COMPOSIÇÃO,8,0),VLOOKUP(DHQ29,COTAÇÃO,11,0))))","v":19.149999999999999},{"$f":"DHV29*DHW29","v":9.5749999999999993},"ED-50374",{"$f":"IF(DIB29=\"SINAPI\",VLOOKUP(DHY29,SINAPI,2,0),IF(DIB29=\"SETOP\",VLOOKUP(DHY29,SETOP,3,0),IF(DIB29=\"CPU\",VLOOKUP(DHY29,COMPOSIÇÃO,2,0),VLOOKUP(DHY29,COTAÇÃO,3,0))))","v":"BOMBEIRO/ENCANADOR COM ENCARGOS COMPLEMENTARES"},null,"SETOP",{"$f":"IF(DIB29=\"SINAPI\",VLOOKUP(DHY29,SINAPI,3,0),IF(DIB29=\"SETOP\",VLOOKUP(DHY29,SETOP,4,0),IF(DIB29=\"CPU\",VLOOKUP(DHY29,COMPOSIÇÃO,5,0),VLOOKUP(DHY29,COTAÇÃO,8,0))))","v":"HORA"},0.5,{"$f":"IF(DIB29=\"SINAPI\",VLOOKUP(DHY29,SINAPI,4,0),IF(DIB29=\"SETOP\",VLOOKUP(DHY29,SETOP,5,0),IF(DIB29=\"CPU\",VLOOKUP(DHY29,COMPOSIÇÃO,8,0),VLOOKUP(DHY29,COTAÇÃO,11,0))))","v":19.149999999999999},{"$f":"DID29*DIE29","v":9.5749999999999993},"ED-50374",{"$f":"IF(DIJ29=\"SINAPI\",VLOOKUP(DIG29,SINAPI,2,0),IF(DIJ29=\"SETOP\",VLOOKUP(DIG29,SETOP,3,0),IF(DIJ29=\"CPU\",VLOOKUP(DIG29,COMPOSIÇÃO,2,0),VLOOKUP(DIG29,COTAÇÃO,3,0))))","v":"BOMBEIRO/ENCANADOR COM ENCARGOS COMPLEMENTARES"},null,"SETOP",{"$f":"IF(DIJ29=\"SINAPI\",VLOOKUP(DIG29,SINAPI,3,0),IF(DIJ29=\"SETOP\",VLOOKUP(DIG29,SETOP,4,0),IF(DIJ29=\"CPU\",VLOOKUP(DIG29,COMPOSIÇÃO,5,0),VLOOKUP(DIG29,COTAÇÃO,8,0))))","v":"HORA"},0.5,{"$f":"IF(DIJ29=\"SINAPI\",VLOOKUP(DIG29,SINAPI,4,0),IF(DIJ29=\"SETOP\",VLOOKUP(DIG29,SETOP,5,0),IF(DIJ29=\"CPU\",VLOOKUP(DIG29,COMPOSIÇÃO,8,0),VLOOKUP(DIG29,COTAÇÃO,11,0))))","v":19.149999999999999},{"$f":"DIL29*DIM29","v":9.5749999999999993},"ED-50374",{"$f":"IF(DIR29=\"SINAPI\",VLOOKUP(DIO29,SINAPI,2,0),IF(DIR29=\"SETOP\",VLOOKUP(DIO29,SETOP,3,0),IF(DIR29=\"CPU\",VLOOKUP(DIO29,COMPOSIÇÃO,2,0),VLOOKUP(DIO29,COTAÇÃO,3,0))))","v":"BOMBEIRO/ENCANADOR COM ENCARGOS COMPLEMENTARES"},null,"SETOP",{"$f":"IF(DIR29=\"SINAPI\",VLOOKUP(DIO29,SINAPI,3,0),IF(DIR29=\"SETOP\",VLOOKUP(DIO29,SETOP,4,0),IF(DIR29=\"CPU\",VLOOKUP(DIO29,COMPOSIÇÃO,5,0),VLOOKUP(DIO29,COTAÇÃO,8,0))))","v":"HORA"},0.5,{"$f":"IF(DIR29=\"SINAPI\",VLOOKUP(DIO29,SINAPI,4,0),IF(DIR29=\"SETOP\",VLOOKUP(DIO29,SETOP,5,0),IF(DIR29=\"CPU\",VLOOKUP(DIO29,COMPOSIÇÃO,8,0),VLOOKUP(DIO29,COTAÇÃO,11,0))))","v":19.149999999999999},{"$f":"DIT29*DIU29","v":9.5749999999999993},"ED-50374",{"$f":"IF(DIZ29=\"SINAPI\",VLOOKUP(DIW29,SINAPI,2,0),IF(DIZ29=\"SETOP\",VLOOKUP(DIW29,SETOP,3,0),IF(DIZ29=\"CPU\",VLOOKUP(DIW29,COMPOSIÇÃO,2,0),VLOOKUP(DIW29,COTAÇÃO,3,0))))","v":"BOMBEIRO/ENCANADOR COM ENCARGOS COMPLEMENTARES"},null,"SETOP",{"$f":"IF(DIZ29=\"SINAPI\",VLOOKUP(DIW29,SINAPI,3,0),IF(DIZ29=\"SETOP\",VLOOKUP(DIW29,SETOP,4,0),IF(DIZ29=\"CPU\",VLOOKUP(DIW29,COMPOSIÇÃO,5,0),VLOOKUP(DIW29,COTAÇÃO,8,0))))","v":"HORA"},0.5,{"$f":"IF(DIZ29=\"SINAPI\",VLOOKUP(DIW29,SINAPI,4,0),IF(DIZ29=\"SETOP\",VLOOKUP(DIW29,SETOP,5,0),IF(DIZ29=\"CPU\",VLOOKUP(DIW29,COMPOSIÇÃO,8,0),VLOOKUP(DIW29,COTAÇÃO,11,0))))","v":19.149999999999999},{"$f":"DJB29*DJC29","v":9.5749999999999993},"ED-50374",{"$f":"IF(DJH29=\"SINAPI\",VLOOKUP(DJE29,SINAPI,2,0),IF(DJH29=\"SETOP\",VLOOKUP(DJE29,SETOP,3,0),IF(DJH29=\"CPU\",VLOOKUP(DJE29,COMPOSIÇÃO,2,0),VLOOKUP(DJE29,COTAÇÃO,3,0))))","v":"BOMBEIRO/ENCANADOR COM ENCARGOS COMPLEMENTARES"},null,"SETOP",{"$f":"IF(DJH29=\"SINAPI\",VLOOKUP(DJE29,SINAPI,3,0),IF(DJH29=\"SETOP\",VLOOKUP(DJE29,SETOP,4,0),IF(DJH29=\"CPU\",VLOOKUP(DJE29,COMPOSIÇÃO,5,0),VLOOKUP(DJE29,COTAÇÃO,8,0))))","v":"HORA"},0.5,{"$f":"IF(DJH29=\"SINAPI\",VLOOKUP(DJE29,SINAPI,4,0),IF(DJH29=\"SETOP\",VLOOKUP(DJE29,SETOP,5,0),IF(DJH29=\"CPU\",VLOOKUP(DJE29,COMPOSIÇÃO,8,0),VLOOKUP(DJE29,COTAÇÃO,11,0))))","v":19.149999999999999},{"$f":"DJJ29*DJK29","v":9.5749999999999993},"ED-50374",{"$f":"IF(DJP29=\"SINAPI\",VLOOKUP(DJM29,SINAPI,2,0),IF(DJP29=\"SETOP\",VLOOKUP(DJM29,SETOP,3,0),IF(DJP29=\"CPU\",VLOOKUP(DJM29,COMPOSIÇÃO,2,0),VLOOKUP(DJM29,COTAÇÃO,3,0))))","v":"BOMBEIRO/ENCANADOR COM ENCARGOS COMPLEMENTARES"},null,"SETOP",{"$f":"IF(DJP29=\"SINAPI\",VLOOKUP(DJM29,SINAPI,3,0),IF(DJP29=\"SETOP\",VLOOKUP(DJM29,SETOP,4,0),IF(DJP29=\"CPU\",VLOOKUP(DJM29,COMPOSIÇÃO,5,0),VLOOKUP(DJM29,COTAÇÃO,8,0))))","v":"HORA"},0.5,{"$f":"IF(DJP29=\"SINAPI\",VLOOKUP(DJM29,SINAPI,4,0),IF(DJP29=\"SETOP\",VLOOKUP(DJM29,SETOP,5,0),IF(DJP29=\"CPU\",VLOOKUP(DJM29,COMPOSIÇÃO,8,0),VLOOKUP(DJM29,COTAÇÃO,11,0))))","v":19.149999999999999},{"$f":"DJR29*DJS29","v":9.5749999999999993},"ED-50374",{"$f":"IF(DJX29=\"SINAPI\",VLOOKUP(DJU29,SINAPI,2,0),IF(DJX29=\"SETOP\",VLOOKUP(DJU29,SETOP,3,0),IF(DJX29=\"CPU\",VLOOKUP(DJU29,COMPOSIÇÃO,2,0),VLOOKUP(DJU29,COTAÇÃO,3,0))))","v":"BOMBEIRO/ENCANADOR COM ENCARGOS COMPLEMENTARES"},null,"SETOP",{"$f":"IF(DJX29=\"SINAPI\",VLOOKUP(DJU29,SINAPI,3,0),IF(DJX29=\"SETOP\",VLOOKUP(DJU29,SETOP,4,0),IF(DJX29=\"CPU\",VLOOKUP(DJU29,COMPOSIÇÃO,5,0),VLOOKUP(DJU29,COTAÇÃO,8,0))))","v":"HORA"},0.5,{"$f":"IF(DJX29=\"SINAPI\",VLOOKUP(DJU29,SINAPI,4,0),IF(DJX29=\"SETOP\",VLOOKUP(DJU29,SETOP,5,0),IF(DJX29=\"CPU\",VLOOKUP(DJU29,COMPOSIÇÃO,8,0),VLOOKUP(DJU29,COTAÇÃO,11,0))))","v":19.149999999999999},{"$f":"DJZ29*DKA29","v":9.5749999999999993},"ED-50374",{"$f":"IF(DKF29=\"SINAPI\",VLOOKUP(DKC29,SINAPI,2,0),IF(DKF29=\"SETOP\",VLOOKUP(DKC29,SETOP,3,0),IF(DKF29=\"CPU\",VLOOKUP(DKC29,COMPOSIÇÃO,2,0),VLOOKUP(DKC29,COTAÇÃO,3,0))))","v":"BOMBEIRO/ENCANADOR COM ENCARGOS COMPLEMENTARES"},null,"SETOP",{"$f":"IF(DKF29=\"SINAPI\",VLOOKUP(DKC29,SINAPI,3,0),IF(DKF29=\"SETOP\",VLOOKUP(DKC29,SETOP,4,0),IF(DKF29=\"CPU\",VLOOKUP(DKC29,COMPOSIÇÃO,5,0),VLOOKUP(DKC29,COTAÇÃO,8,0))))","v":"HORA"},0.5,{"$f":"IF(DKF29=\"SINAPI\",VLOOKUP(DKC29,SINAPI,4,0),IF(DKF29=\"SETOP\",VLOOKUP(DKC29,SETOP,5,0),IF(DKF29=\"CPU\",VLOOKUP(DKC29,COMPOSIÇÃO,8,0),VLOOKUP(DKC29,COTAÇÃO,11,0))))","v":19.149999999999999},{"$f":"DKH29*DKI29","v":9.5749999999999993},"ED-50374",{"$f":"IF(DKN29=\"SINAPI\",VLOOKUP(DKK29,SINAPI,2,0),IF(DKN29=\"SETOP\",VLOOKUP(DKK29,SETOP,3,0),IF(DKN29=\"CPU\",VLOOKUP(DKK29,COMPOSIÇÃO,2,0),VLOOKUP(DKK29,COTAÇÃO,3,0))))","v":"BOMBEIRO/ENCANADOR COM ENCARGOS COMPLEMENTARES"},null,"SETOP",{"$f":"IF(DKN29=\"SINAPI\",VLOOKUP(DKK29,SINAPI,3,0),IF(DKN29=\"SETOP\",VLOOKUP(DKK29,SETOP,4,0),IF(DKN29=\"CPU\",VLOOKUP(DKK29,COMPOSIÇÃO,5,0),VLOOKUP(DKK29,COTAÇÃO,8,0))))","v":"HORA"},0.5,{"$f":"IF(DKN29=\"SINAPI\",VLOOKUP(DKK29,SINAPI,4,0),IF(DKN29=\"SETOP\",VLOOKUP(DKK29,SETOP,5,0),IF(DKN29=\"CPU\",VLOOKUP(DKK29,COMPOSIÇÃO,8,0),VLOOKUP(DKK29,COTAÇÃO,11,0))))","v":19.149999999999999},{"$f":"DKP29*DKQ29","v":9.5749999999999993},"ED-50374",{"$f":"IF(DKV29=\"SINAPI\",VLOOKUP(DKS29,SINAPI,2,0),IF(DKV29=\"SETOP\",VLOOKUP(DKS29,SETOP,3,0),IF(DKV29=\"CPU\",VLOOKUP(DKS29,COMPOSIÇÃO,2,0),VLOOKUP(DKS29,COTAÇÃO,3,0))))","v":"BOMBEIRO/ENCANADOR COM ENCARGOS COMPLEMENTARES"},null,"SETOP",{"$f":"IF(DKV29=\"SINAPI\",VLOOKUP(DKS29,SINAPI,3,0),IF(DKV29=\"SETOP\",VLOOKUP(DKS29,SETOP,4,0),IF(DKV29=\"CPU\",VLOOKUP(DKS29,COMPOSIÇÃO,5,0),VLOOKUP(DKS29,COTAÇÃO,8,0))))","v":"HORA"},0.5,{"$f":"IF(DKV29=\"SINAPI\",VLOOKUP(DKS29,SINAPI,4,0),IF(DKV29=\"SETOP\",VLOOKUP(DKS29,SETOP,5,0),IF(DKV29=\"CPU\",VLOOKUP(DKS29,COMPOSIÇÃO,8,0),VLOOKUP(DKS29,COTAÇÃO,11,0))))","v":19.149999999999999},{"$f":"DKX29*DKY29","v":9.5749999999999993},"ED-50374",{"$f":"IF(DLD29=\"SINAPI\",VLOOKUP(DLA29,SINAPI,2,0),IF(DLD29=\"SETOP\",VLOOKUP(DLA29,SETOP,3,0),IF(DLD29=\"CPU\",VLOOKUP(DLA29,COMPOSIÇÃO,2,0),VLOOKUP(DLA29,COTAÇÃO,3,0))))","v":"BOMBEIRO/ENCANADOR COM ENCARGOS COMPLEMENTARES"},null,"SETOP",{"$f":"IF(DLD29=\"SINAPI\",VLOOKUP(DLA29,SINAPI,3,0),IF(DLD29=\"SETOP\",VLOOKUP(DLA29,SETOP,4,0),IF(DLD29=\"CPU\",VLOOKUP(DLA29,COMPOSIÇÃO,5,0),VLOOKUP(DLA29,COTAÇÃO,8,0))))","v":"HORA"},0.5,{"$f":"IF(DLD29=\"SINAPI\",VLOOKUP(DLA29,SINAPI,4,0),IF(DLD29=\"SETOP\",VLOOKUP(DLA29,SETOP,5,0),IF(DLD29=\"CPU\",VLOOKUP(DLA29,COMPOSIÇÃO,8,0),VLOOKUP(DLA29,COTAÇÃO,11,0))))","v":19.149999999999999},{"$f":"DLF29*DLG29","v":9.5749999999999993},"ED-50374",{"$f":"IF(DLL29=\"SINAPI\",VLOOKUP(DLI29,SINAPI,2,0),IF(DLL29=\"SETOP\",VLOOKUP(DLI29,SETOP,3,0),IF(DLL29=\"CPU\",VLOOKUP(DLI29,COMPOSIÇÃO,2,0),VLOOKUP(DLI29,COTAÇÃO,3,0))))","v":"BOMBEIRO/ENCANADOR COM ENCARGOS COMPLEMENTARES"},null,"SETOP",{"$f":"IF(DLL29=\"SINAPI\",VLOOKUP(DLI29,SINAPI,3,0),IF(DLL29=\"SETOP\",VLOOKUP(DLI29,SETOP,4,0),IF(DLL29=\"CPU\",VLOOKUP(DLI29,COMPOSIÇÃO,5,0),VLOOKUP(DLI29,COTAÇÃO,8,0))))","v":"HORA"},0.5,{"$f":"IF(DLL29=\"SINAPI\",VLOOKUP(DLI29,SINAPI,4,0),IF(DLL29=\"SETOP\",VLOOKUP(DLI29,SETOP,5,0),IF(DLL29=\"CPU\",VLOOKUP(DLI29,COMPOSIÇÃO,8,0),VLOOKUP(DLI29,COTAÇÃO,11,0))))","v":19.149999999999999},{"$f":"DLN29*DLO29","v":9.5749999999999993},"ED-50374",{"$f":"IF(DLT29=\"SINAPI\",VLOOKUP(DLQ29,SINAPI,2,0),IF(DLT29=\"SETOP\",VLOOKUP(DLQ29,SETOP,3,0),IF(DLT29=\"CPU\",VLOOKUP(DLQ29,COMPOSIÇÃO,2,0),VLOOKUP(DLQ29,COTAÇÃO,3,0))))","v":"BOMBEIRO/ENCANADOR COM ENCARGOS COMPLEMENTARES"},null,"SETOP",{"$f":"IF(DLT29=\"SINAPI\",VLOOKUP(DLQ29,SINAPI,3,0),IF(DLT29=\"SETOP\",VLOOKUP(DLQ29,SETOP,4,0),IF(DLT29=\"CPU\",VLOOKUP(DLQ29,COMPOSIÇÃO,5,0),VLOOKUP(DLQ29,COTAÇÃO,8,0))))","v":"HORA"},0.5,{"$f":"IF(DLT29=\"SINAPI\",VLOOKUP(DLQ29,SINAPI,4,0),IF(DLT29=\"SETOP\",VLOOKUP(DLQ29,SETOP,5,0),IF(DLT29=\"CPU\",VLOOKUP(DLQ29,COMPOSIÇÃO,8,0),VLOOKUP(DLQ29,COTAÇÃO,11,0))))","v":19.149999999999999},{"$f":"DLV29*DLW29","v":9.5749999999999993},"ED-50374",{"$f":"IF(DMB29=\"SINAPI\",VLOOKUP(DLY29,SINAPI,2,0),IF(DMB29=\"SETOP\",VLOOKUP(DLY29,SETOP,3,0),IF(DMB29=\"CPU\",VLOOKUP(DLY29,COMPOSIÇÃO,2,0),VLOOKUP(DLY29,COTAÇÃO,3,0))))","v":"BOMBEIRO/ENCANADOR COM ENCARGOS COMPLEMENTARES"},null,"SETOP",{"$f":"IF(DMB29=\"SINAPI\",VLOOKUP(DLY29,SINAPI,3,0),IF(DMB29=\"SETOP\",VLOOKUP(DLY29,SETOP,4,0),IF(DMB29=\"CPU\",VLOOKUP(DLY29,COMPOSIÇÃO,5,0),VLOOKUP(DLY29,COTAÇÃO,8,0))))","v":"HORA"},0.5,{"$f":"IF(DMB29=\"SINAPI\",VLOOKUP(DLY29,SINAPI,4,0),IF(DMB29=\"SETOP\",VLOOKUP(DLY29,SETOP,5,0),IF(DMB29=\"CPU\",VLOOKUP(DLY29,COMPOSIÇÃO,8,0),VLOOKUP(DLY29,COTAÇÃO,11,0))))","v":19.149999999999999},{"$f":"DMD29*DME29","v":9.5749999999999993},"ED-50374",{"$f":"IF(DMJ29=\"SINAPI\",VLOOKUP(DMG29,SINAPI,2,0),IF(DMJ29=\"SETOP\",VLOOKUP(DMG29,SETOP,3,0),IF(DMJ29=\"CPU\",VLOOKUP(DMG29,COMPOSIÇÃO,2,0),VLOOKUP(DMG29,COTAÇÃO,3,0))))","v":"BOMBEIRO/ENCANADOR COM ENCARGOS COMPLEMENTARES"},null,"SETOP",{"$f":"IF(DMJ29=\"SINAPI\",VLOOKUP(DMG29,SINAPI,3,0),IF(DMJ29=\"SETOP\",VLOOKUP(DMG29,SETOP,4,0),IF(DMJ29=\"CPU\",VLOOKUP(DMG29,COMPOSIÇÃO,5,0),VLOOKUP(DMG29,COTAÇÃO,8,0))))","v":"HORA"},0.5,{"$f":"IF(DMJ29=\"SINAPI\",VLOOKUP(DMG29,SINAPI,4,0),IF(DMJ29=\"SETOP\",VLOOKUP(DMG29,SETOP,5,0),IF(DMJ29=\"CPU\",VLOOKUP(DMG29,COMPOSIÇÃO,8,0),VLOOKUP(DMG29,COTAÇÃO,11,0))))","v":19.149999999999999},{"$f":"DML29*DMM29","v":9.5749999999999993},"ED-50374",{"$f":"IF(DMR29=\"SINAPI\",VLOOKUP(DMO29,SINAPI,2,0),IF(DMR29=\"SETOP\",VLOOKUP(DMO29,SETOP,3,0),IF(DMR29=\"CPU\",VLOOKUP(DMO29,COMPOSIÇÃO,2,0),VLOOKUP(DMO29,COTAÇÃO,3,0))))","v":"BOMBEIRO/ENCANADOR COM ENCARGOS COMPLEMENTARES"},null,"SETOP",{"$f":"IF(DMR29=\"SINAPI\",VLOOKUP(DMO29,SINAPI,3,0),IF(DMR29=\"SETOP\",VLOOKUP(DMO29,SETOP,4,0),IF(DMR29=\"CPU\",VLOOKUP(DMO29,COMPOSIÇÃO,5,0),VLOOKUP(DMO29,COTAÇÃO,8,0))))","v":"HORA"},0.5,{"$f":"IF(DMR29=\"SINAPI\",VLOOKUP(DMO29,SINAPI,4,0),IF(DMR29=\"SETOP\",VLOOKUP(DMO29,SETOP,5,0),IF(DMR29=\"CPU\",VLOOKUP(DMO29,COMPOSIÇÃO,8,0),VLOOKUP(DMO29,COTAÇÃO,11,0))))","v":19.149999999999999},{"$f":"DMT29*DMU29","v":9.5749999999999993},"ED-50374",{"$f":"IF(DMZ29=\"SINAPI\",VLOOKUP(DMW29,SINAPI,2,0),IF(DMZ29=\"SETOP\",VLOOKUP(DMW29,SETOP,3,0),IF(DMZ29=\"CPU\",VLOOKUP(DMW29,COMPOSIÇÃO,2,0),VLOOKUP(DMW29,COTAÇÃO,3,0))))","v":"BOMBEIRO/ENCANADOR COM ENCARGOS COMPLEMENTARES"},null,"SETOP",{"$f":"IF(DMZ29=\"SINAPI\",VLOOKUP(DMW29,SINAPI,3,0),IF(DMZ29=\"SETOP\",VLOOKUP(DMW29,SETOP,4,0),IF(DMZ29=\"CPU\",VLOOKUP(DMW29,COMPOSIÇÃO,5,0),VLOOKUP(DMW29,COTAÇÃO,8,0))))","v":"HORA"},0.5,{"$f":"IF(DMZ29=\"SINAPI\",VLOOKUP(DMW29,SINAPI,4,0),IF(DMZ29=\"SETOP\",VLOOKUP(DMW29,SETOP,5,0),IF(DMZ29=\"CPU\",VLOOKUP(DMW29,COMPOSIÇÃO,8,0),VLOOKUP(DMW29,COTAÇÃO,11,0))))","v":19.149999999999999},{"$f":"DNB29*DNC29","v":9.5749999999999993},"ED-50374",{"$f":"IF(DNH29=\"SINAPI\",VLOOKUP(DNE29,SINAPI,2,0),IF(DNH29=\"SETOP\",VLOOKUP(DNE29,SETOP,3,0),IF(DNH29=\"CPU\",VLOOKUP(DNE29,COMPOSIÇÃO,2,0),VLOOKUP(DNE29,COTAÇÃO,3,0))))","v":"BOMBEIRO/ENCANADOR COM ENCARGOS COMPLEMENTARES"},null,"SETOP",{"$f":"IF(DNH29=\"SINAPI\",VLOOKUP(DNE29,SINAPI,3,0),IF(DNH29=\"SETOP\",VLOOKUP(DNE29,SETOP,4,0),IF(DNH29=\"CPU\",VLOOKUP(DNE29,COMPOSIÇÃO,5,0),VLOOKUP(DNE29,COTAÇÃO,8,0))))","v":"HORA"},0.5,{"$f":"IF(DNH29=\"SINAPI\",VLOOKUP(DNE29,SINAPI,4,0),IF(DNH29=\"SETOP\",VLOOKUP(DNE29,SETOP,5,0),IF(DNH29=\"CPU\",VLOOKUP(DNE29,COMPOSIÇÃO,8,0),VLOOKUP(DNE29,COTAÇÃO,11,0))))","v":19.149999999999999},{"$f":"DNJ29*DNK29","v":9.5749999999999993},"ED-50374",{"$f":"IF(DNP29=\"SINAPI\",VLOOKUP(DNM29,SINAPI,2,0),IF(DNP29=\"SETOP\",VLOOKUP(DNM29,SETOP,3,0),IF(DNP29=\"CPU\",VLOOKUP(DNM29,COMPOSIÇÃO,2,0),VLOOKUP(DNM29,COTAÇÃO,3,0))))","v":"BOMBEIRO/ENCANADOR COM ENCARGOS COMPLEMENTARES"},null,"SETOP",{"$f":"IF(DNP29=\"SINAPI\",VLOOKUP(DNM29,SINAPI,3,0),IF(DNP29=\"SETOP\",VLOOKUP(DNM29,SETOP,4,0),IF(DNP29=\"CPU\",VLOOKUP(DNM29,COMPOSIÇÃO,5,0),VLOOKUP(DNM29,COTAÇÃO,8,0))))","v":"HORA"},0.5,{"$f":"IF(DNP29=\"SINAPI\",VLOOKUP(DNM29,SINAPI,4,0),IF(DNP29=\"SETOP\",VLOOKUP(DNM29,SETOP,5,0),IF(DNP29=\"CPU\",VLOOKUP(DNM29,COMPOSIÇÃO,8,0),VLOOKUP(DNM29,COTAÇÃO,11,0))))","v":19.149999999999999},{"$f":"DNR29*DNS29","v":9.5749999999999993},"ED-50374",{"$f":"IF(DNX29=\"SINAPI\",VLOOKUP(DNU29,SINAPI,2,0),IF(DNX29=\"SETOP\",VLOOKUP(DNU29,SETOP,3,0),IF(DNX29=\"CPU\",VLOOKUP(DNU29,COMPOSIÇÃO,2,0),VLOOKUP(DNU29,COTAÇÃO,3,0))))","v":"BOMBEIRO/ENCANADOR COM ENCARGOS COMPLEMENTARES"},null,"SETOP",{"$f":"IF(DNX29=\"SINAPI\",VLOOKUP(DNU29,SINAPI,3,0),IF(DNX29=\"SETOP\",VLOOKUP(DNU29,SETOP,4,0),IF(DNX29=\"CPU\",VLOOKUP(DNU29,COMPOSIÇÃO,5,0),VLOOKUP(DNU29,COTAÇÃO,8,0))))","v":"HORA"},0.5,{"$f":"IF(DNX29=\"SINAPI\",VLOOKUP(DNU29,SINAPI,4,0),IF(DNX29=\"SETOP\",VLOOKUP(DNU29,SETOP,5,0),IF(DNX29=\"CPU\",VLOOKUP(DNU29,COMPOSIÇÃO,8,0),VLOOKUP(DNU29,COTAÇÃO,11,0))))","v":19.149999999999999},{"$f":"DNZ29*DOA29","v":9.5749999999999993},"ED-50374",{"$f":"IF(DOF29=\"SINAPI\",VLOOKUP(DOC29,SINAPI,2,0),IF(DOF29=\"SETOP\",VLOOKUP(DOC29,SETOP,3,0),IF(DOF29=\"CPU\",VLOOKUP(DOC29,COMPOSIÇÃO,2,0),VLOOKUP(DOC29,COTAÇÃO,3,0))))","v":"BOMBEIRO/ENCANADOR COM ENCARGOS COMPLEMENTARES"},null,"SETOP",{"$f":"IF(DOF29=\"SINAPI\",VLOOKUP(DOC29,SINAPI,3,0),IF(DOF29=\"SETOP\",VLOOKUP(DOC29,SETOP,4,0),IF(DOF29=\"CPU\",VLOOKUP(DOC29,COMPOSIÇÃO,5,0),VLOOKUP(DOC29,COTAÇÃO,8,0))))","v":"HORA"},0.5,{"$f":"IF(DOF29=\"SINAPI\",VLOOKUP(DOC29,SINAPI,4,0),IF(DOF29=\"SETOP\",VLOOKUP(DOC29,SETOP,5,0),IF(DOF29=\"CPU\",VLOOKUP(DOC29,COMPOSIÇÃO,8,0),VLOOKUP(DOC29,COTAÇÃO,11,0))))","v":19.149999999999999},{"$f":"DOH29*DOI29","v":9.5749999999999993},"ED-50374",{"$f":"IF(DON29=\"SINAPI\",VLOOKUP(DOK29,SINAPI,2,0),IF(DON29=\"SETOP\",VLOOKUP(DOK29,SETOP,3,0),IF(DON29=\"CPU\",VLOOKUP(DOK29,COMPOSIÇÃO,2,0),VLOOKUP(DOK29,COTAÇÃO,3,0))))","v":"BOMBEIRO/ENCANADOR COM ENCARGOS COMPLEMENTARES"},null,"SETOP",{"$f":"IF(DON29=\"SINAPI\",VLOOKUP(DOK29,SINAPI,3,0),IF(DON29=\"SETOP\",VLOOKUP(DOK29,SETOP,4,0),IF(DON29=\"CPU\",VLOOKUP(DOK29,COMPOSIÇÃO,5,0),VLOOKUP(DOK29,COTAÇÃO,8,0))))","v":"HORA"},0.5,{"$f":"IF(DON29=\"SINAPI\",VLOOKUP(DOK29,SINAPI,4,0),IF(DON29=\"SETOP\",VLOOKUP(DOK29,SETOP,5,0),IF(DON29=\"CPU\",VLOOKUP(DOK29,COMPOSIÇÃO,8,0),VLOOKUP(DOK29,COTAÇÃO,11,0))))","v":19.149999999999999},{"$f":"DOP29*DOQ29","v":9.5749999999999993},"ED-50374",{"$f":"IF(DOV29=\"SINAPI\",VLOOKUP(DOS29,SINAPI,2,0),IF(DOV29=\"SETOP\",VLOOKUP(DOS29,SETOP,3,0),IF(DOV29=\"CPU\",VLOOKUP(DOS29,COMPOSIÇÃO,2,0),VLOOKUP(DOS29,COTAÇÃO,3,0))))","v":"BOMBEIRO/ENCANADOR COM ENCARGOS COMPLEMENTARES"},null,"SETOP",{"$f":"IF(DOV29=\"SINAPI\",VLOOKUP(DOS29,SINAPI,3,0),IF(DOV29=\"SETOP\",VLOOKUP(DOS29,SETOP,4,0),IF(DOV29=\"CPU\",VLOOKUP(DOS29,COMPOSIÇÃO,5,0),VLOOKUP(DOS29,COTAÇÃO,8,0))))","v":"HORA"},0.5,{"$f":"IF(DOV29=\"SINAPI\",VLOOKUP(DOS29,SINAPI,4,0),IF(DOV29=\"SETOP\",VLOOKUP(DOS29,SETOP,5,0),IF(DOV29=\"CPU\",VLOOKUP(DOS29,COMPOSIÇÃO,8,0),VLOOKUP(DOS29,COTAÇÃO,11,0))))","v":19.149999999999999},{"$f":"DOX29*DOY29","v":9.5749999999999993},"ED-50374",{"$f":"IF(DPD29=\"SINAPI\",VLOOKUP(DPA29,SINAPI,2,0),IF(DPD29=\"SETOP\",VLOOKUP(DPA29,SETOP,3,0),IF(DPD29=\"CPU\",VLOOKUP(DPA29,COMPOSIÇÃO,2,0),VLOOKUP(DPA29,COTAÇÃO,3,0))))","v":"BOMBEIRO/ENCANADOR COM ENCARGOS COMPLEMENTARES"},null,"SETOP",{"$f":"IF(DPD29=\"SINAPI\",VLOOKUP(DPA29,SINAPI,3,0),IF(DPD29=\"SETOP\",VLOOKUP(DPA29,SETOP,4,0),IF(DPD29=\"CPU\",VLOOKUP(DPA29,COMPOSIÇÃO,5,0),VLOOKUP(DPA29,COTAÇÃO,8,0))))","v":"HORA"},0.5,{"$f":"IF(DPD29=\"SINAPI\",VLOOKUP(DPA29,SINAPI,4,0),IF(DPD29=\"SETOP\",VLOOKUP(DPA29,SETOP,5,0),IF(DPD29=\"CPU\",VLOOKUP(DPA29,COMPOSIÇÃO,8,0),VLOOKUP(DPA29,COTAÇÃO,11,0))))","v":19.149999999999999},{"$f":"DPF29*DPG29","v":9.5749999999999993},"ED-50374",{"$f":"IF(DPL29=\"SINAPI\",VLOOKUP(DPI29,SINAPI,2,0),IF(DPL29=\"SETOP\",VLOOKUP(DPI29,SETOP,3,0),IF(DPL29=\"CPU\",VLOOKUP(DPI29,COMPOSIÇÃO,2,0),VLOOKUP(DPI29,COTAÇÃO,3,0))))","v":"BOMBEIRO/ENCANADOR COM ENCARGOS COMPLEMENTARES"},null,"SETOP",{"$f":"IF(DPL29=\"SINAPI\",VLOOKUP(DPI29,SINAPI,3,0),IF(DPL29=\"SETOP\",VLOOKUP(DPI29,SETOP,4,0),IF(DPL29=\"CPU\",VLOOKUP(DPI29,COMPOSIÇÃO,5,0),VLOOKUP(DPI29,COTAÇÃO,8,0))))","v":"HORA"},0.5,{"$f":"IF(DPL29=\"SINAPI\",VLOOKUP(DPI29,SINAPI,4,0),IF(DPL29=\"SETOP\",VLOOKUP(DPI29,SETOP,5,0),IF(DPL29=\"CPU\",VLOOKUP(DPI29,COMPOSIÇÃO,8,0),VLOOKUP(DPI29,COTAÇÃO,11,0))))","v":19.149999999999999},{"$f":"DPN29*DPO29","v":9.5749999999999993},"ED-50374",{"$f":"IF(DPT29=\"SINAPI\",VLOOKUP(DPQ29,SINAPI,2,0),IF(DPT29=\"SETOP\",VLOOKUP(DPQ29,SETOP,3,0),IF(DPT29=\"CPU\",VLOOKUP(DPQ29,COMPOSIÇÃO,2,0),VLOOKUP(DPQ29,COTAÇÃO,3,0))))","v":"BOMBEIRO/ENCANADOR COM ENCARGOS COMPLEMENTARES"},null,"SETOP",{"$f":"IF(DPT29=\"SINAPI\",VLOOKUP(DPQ29,SINAPI,3,0),IF(DPT29=\"SETOP\",VLOOKUP(DPQ29,SETOP,4,0),IF(DPT29=\"CPU\",VLOOKUP(DPQ29,COMPOSIÇÃO,5,0),VLOOKUP(DPQ29,COTAÇÃO,8,0))))","v":"HORA"},0.5,{"$f":"IF(DPT29=\"SINAPI\",VLOOKUP(DPQ29,SINAPI,4,0),IF(DPT29=\"SETOP\",VLOOKUP(DPQ29,SETOP,5,0),IF(DPT29=\"CPU\",VLOOKUP(DPQ29,COMPOSIÇÃO,8,0),VLOOKUP(DPQ29,COTAÇÃO,11,0))))","v":19.149999999999999},{"$f":"DPV29*DPW29","v":9.5749999999999993},"ED-50374",{"$f":"IF(DQB29=\"SINAPI\",VLOOKUP(DPY29,SINAPI,2,0),IF(DQB29=\"SETOP\",VLOOKUP(DPY29,SETOP,3,0),IF(DQB29=\"CPU\",VLOOKUP(DPY29,COMPOSIÇÃO,2,0),VLOOKUP(DPY29,COTAÇÃO,3,0))))","v":"BOMBEIRO/ENCANADOR COM ENCARGOS COMPLEMENTARES"},null,"SETOP",{"$f":"IF(DQB29=\"SINAPI\",VLOOKUP(DPY29,SINAPI,3,0),IF(DQB29=\"SETOP\",VLOOKUP(DPY29,SETOP,4,0),IF(DQB29=\"CPU\",VLOOKUP(DPY29,COMPOSIÇÃO,5,0),VLOOKUP(DPY29,COTAÇÃO,8,0))))","v":"HORA"},0.5,{"$f":"IF(DQB29=\"SINAPI\",VLOOKUP(DPY29,SINAPI,4,0),IF(DQB29=\"SETOP\",VLOOKUP(DPY29,SETOP,5,0),IF(DQB29=\"CPU\",VLOOKUP(DPY29,COMPOSIÇÃO,8,0),VLOOKUP(DPY29,COTAÇÃO,11,0))))","v":19.149999999999999},{"$f":"DQD29*DQE29","v":9.5749999999999993},"ED-50374",{"$f":"IF(DQJ29=\"SINAPI\",VLOOKUP(DQG29,SINAPI,2,0),IF(DQJ29=\"SETOP\",VLOOKUP(DQG29,SETOP,3,0),IF(DQJ29=\"CPU\",VLOOKUP(DQG29,COMPOSIÇÃO,2,0),VLOOKUP(DQG29,COTAÇÃO,3,0))))","v":"BOMBEIRO/ENCANADOR COM ENCARGOS COMPLEMENTARES"},null,"SETOP",{"$f":"IF(DQJ29=\"SINAPI\",VLOOKUP(DQG29,SINAPI,3,0),IF(DQJ29=\"SETOP\",VLOOKUP(DQG29,SETOP,4,0),IF(DQJ29=\"CPU\",VLOOKUP(DQG29,COMPOSIÇÃO,5,0),VLOOKUP(DQG29,COTAÇÃO,8,0))))","v":"HORA"},0.5,{"$f":"IF(DQJ29=\"SINAPI\",VLOOKUP(DQG29,SINAPI,4,0),IF(DQJ29=\"SETOP\",VLOOKUP(DQG29,SETOP,5,0),IF(DQJ29=\"CPU\",VLOOKUP(DQG29,COMPOSIÇÃO,8,0),VLOOKUP(DQG29,COTAÇÃO,11,0))))","v":19.149999999999999},{"$f":"DQL29*DQM29","v":9.5749999999999993},"ED-50374",{"$f":"IF(DQR29=\"SINAPI\",VLOOKUP(DQO29,SINAPI,2,0),IF(DQR29=\"SETOP\",VLOOKUP(DQO29,SETOP,3,0),IF(DQR29=\"CPU\",VLOOKUP(DQO29,COMPOSIÇÃO,2,0),VLOOKUP(DQO29,COTAÇÃO,3,0))))","v":"BOMBEIRO/ENCANADOR COM ENCARGOS COMPLEMENTARES"},null,"SETOP",{"$f":"IF(DQR29=\"SINAPI\",VLOOKUP(DQO29,SINAPI,3,0),IF(DQR29=\"SETOP\",VLOOKUP(DQO29,SETOP,4,0),IF(DQR29=\"CPU\",VLOOKUP(DQO29,COMPOSIÇÃO,5,0),VLOOKUP(DQO29,COTAÇÃO,8,0))))","v":"HORA"},0.5,{"$f":"IF(DQR29=\"SINAPI\",VLOOKUP(DQO29,SINAPI,4,0),IF(DQR29=\"SETOP\",VLOOKUP(DQO29,SETOP,5,0),IF(DQR29=\"CPU\",VLOOKUP(DQO29,COMPOSIÇÃO,8,0),VLOOKUP(DQO29,COTAÇÃO,11,0))))","v":19.149999999999999},{"$f":"DQT29*DQU29","v":9.5749999999999993},"ED-50374",{"$f":"IF(DQZ29=\"SINAPI\",VLOOKUP(DQW29,SINAPI,2,0),IF(DQZ29=\"SETOP\",VLOOKUP(DQW29,SETOP,3,0),IF(DQZ29=\"CPU\",VLOOKUP(DQW29,COMPOSIÇÃO,2,0),VLOOKUP(DQW29,COTAÇÃO,3,0))))","v":"BOMBEIRO/ENCANADOR COM ENCARGOS COMPLEMENTARES"},null,"SETOP",{"$f":"IF(DQZ29=\"SINAPI\",VLOOKUP(DQW29,SINAPI,3,0),IF(DQZ29=\"SETOP\",VLOOKUP(DQW29,SETOP,4,0),IF(DQZ29=\"CPU\",VLOOKUP(DQW29,COMPOSIÇÃO,5,0),VLOOKUP(DQW29,COTAÇÃO,8,0))))","v":"HORA"},0.5,{"$f":"IF(DQZ29=\"SINAPI\",VLOOKUP(DQW29,SINAPI,4,0),IF(DQZ29=\"SETOP\",VLOOKUP(DQW29,SETOP,5,0),IF(DQZ29=\"CPU\",VLOOKUP(DQW29,COMPOSIÇÃO,8,0),VLOOKUP(DQW29,COTAÇÃO,11,0))))","v":19.149999999999999},{"$f":"DRB29*DRC29","v":9.5749999999999993},"ED-50374",{"$f":"IF(DRH29=\"SINAPI\",VLOOKUP(DRE29,SINAPI,2,0),IF(DRH29=\"SETOP\",VLOOKUP(DRE29,SETOP,3,0),IF(DRH29=\"CPU\",VLOOKUP(DRE29,COMPOSIÇÃO,2,0),VLOOKUP(DRE29,COTAÇÃO,3,0))))","v":"BOMBEIRO/ENCANADOR COM ENCARGOS COMPLEMENTARES"},null,"SETOP",{"$f":"IF(DRH29=\"SINAPI\",VLOOKUP(DRE29,SINAPI,3,0),IF(DRH29=\"SETOP\",VLOOKUP(DRE29,SETOP,4,0),IF(DRH29=\"CPU\",VLOOKUP(DRE29,COMPOSIÇÃO,5,0),VLOOKUP(DRE29,COTAÇÃO,8,0))))","v":"HORA"},0.5,{"$f":"IF(DRH29=\"SINAPI\",VLOOKUP(DRE29,SINAPI,4,0),IF(DRH29=\"SETOP\",VLOOKUP(DRE29,SETOP,5,0),IF(DRH29=\"CPU\",VLOOKUP(DRE29,COMPOSIÇÃO,8,0),VLOOKUP(DRE29,COTAÇÃO,11,0))))","v":19.149999999999999},{"$f":"DRJ29*DRK29","v":9.5749999999999993},"ED-50374",{"$f":"IF(DRP29=\"SINAPI\",VLOOKUP(DRM29,SINAPI,2,0),IF(DRP29=\"SETOP\",VLOOKUP(DRM29,SETOP,3,0),IF(DRP29=\"CPU\",VLOOKUP(DRM29,COMPOSIÇÃO,2,0),VLOOKUP(DRM29,COTAÇÃO,3,0))))","v":"BOMBEIRO/ENCANADOR COM ENCARGOS COMPLEMENTARES"},null,"SETOP",{"$f":"IF(DRP29=\"SINAPI\",VLOOKUP(DRM29,SINAPI,3,0),IF(DRP29=\"SETOP\",VLOOKUP(DRM29,SETOP,4,0),IF(DRP29=\"CPU\",VLOOKUP(DRM29,COMPOSIÇÃO,5,0),VLOOKUP(DRM29,COTAÇÃO,8,0))))","v":"HORA"},0.5,{"$f":"IF(DRP29=\"SINAPI\",VLOOKUP(DRM29,SINAPI,4,0),IF(DRP29=\"SETOP\",VLOOKUP(DRM29,SETOP,5,0),IF(DRP29=\"CPU\",VLOOKUP(DRM29,COMPOSIÇÃO,8,0),VLOOKUP(DRM29,COTAÇÃO,11,0))))","v":19.149999999999999},{"$f":"DRR29*DRS29","v":9.5749999999999993},"ED-50374",{"$f":"IF(DRX29=\"SINAPI\",VLOOKUP(DRU29,SINAPI,2,0),IF(DRX29=\"SETOP\",VLOOKUP(DRU29,SETOP,3,0),IF(DRX29=\"CPU\",VLOOKUP(DRU29,COMPOSIÇÃO,2,0),VLOOKUP(DRU29,COTAÇÃO,3,0))))","v":"BOMBEIRO/ENCANADOR COM ENCARGOS COMPLEMENTARES"},null,"SETOP",{"$f":"IF(DRX29=\"SINAPI\",VLOOKUP(DRU29,SINAPI,3,0),IF(DRX29=\"SETOP\",VLOOKUP(DRU29,SETOP,4,0),IF(DRX29=\"CPU\",VLOOKUP(DRU29,COMPOSIÇÃO,5,0),VLOOKUP(DRU29,COTAÇÃO,8,0))))","v":"HORA"},0.5,{"$f":"IF(DRX29=\"SINAPI\",VLOOKUP(DRU29,SINAPI,4,0),IF(DRX29=\"SETOP\",VLOOKUP(DRU29,SETOP,5,0),IF(DRX29=\"CPU\",VLOOKUP(DRU29,COMPOSIÇÃO,8,0),VLOOKUP(DRU29,COTAÇÃO,11,0))))","v":19.149999999999999},{"$f":"DRZ29*DSA29","v":9.5749999999999993},"ED-50374",{"$f":"IF(DSF29=\"SINAPI\",VLOOKUP(DSC29,SINAPI,2,0),IF(DSF29=\"SETOP\",VLOOKUP(DSC29,SETOP,3,0),IF(DSF29=\"CPU\",VLOOKUP(DSC29,COMPOSIÇÃO,2,0),VLOOKUP(DSC29,COTAÇÃO,3,0))))","v":"BOMBEIRO/ENCANADOR COM ENCARGOS COMPLEMENTARES"},null,"SETOP",{"$f":"IF(DSF29=\"SINAPI\",VLOOKUP(DSC29,SINAPI,3,0),IF(DSF29=\"SETOP\",VLOOKUP(DSC29,SETOP,4,0),IF(DSF29=\"CPU\",VLOOKUP(DSC29,COMPOSIÇÃO,5,0),VLOOKUP(DSC29,COTAÇÃO,8,0))))","v":"HORA"},0.5,{"$f":"IF(DSF29=\"SINAPI\",VLOOKUP(DSC29,SINAPI,4,0),IF(DSF29=\"SETOP\",VLOOKUP(DSC29,SETOP,5,0),IF(DSF29=\"CPU\",VLOOKUP(DSC29,COMPOSIÇÃO,8,0),VLOOKUP(DSC29,COTAÇÃO,11,0))))","v":19.149999999999999},{"$f":"DSH29*DSI29","v":9.5749999999999993},"ED-50374",{"$f":"IF(DSN29=\"SINAPI\",VLOOKUP(DSK29,SINAPI,2,0),IF(DSN29=\"SETOP\",VLOOKUP(DSK29,SETOP,3,0),IF(DSN29=\"CPU\",VLOOKUP(DSK29,COMPOSIÇÃO,2,0),VLOOKUP(DSK29,COTAÇÃO,3,0))))","v":"BOMBEIRO/ENCANADOR COM ENCARGOS COMPLEMENTARES"},null,"SETOP",{"$f":"IF(DSN29=\"SINAPI\",VLOOKUP(DSK29,SINAPI,3,0),IF(DSN29=\"SETOP\",VLOOKUP(DSK29,SETOP,4,0),IF(DSN29=\"CPU\",VLOOKUP(DSK29,COMPOSIÇÃO,5,0),VLOOKUP(DSK29,COTAÇÃO,8,0))))","v":"HORA"},0.5,{"$f":"IF(DSN29=\"SINAPI\",VLOOKUP(DSK29,SINAPI,4,0),IF(DSN29=\"SETOP\",VLOOKUP(DSK29,SETOP,5,0),IF(DSN29=\"CPU\",VLOOKUP(DSK29,COMPOSIÇÃO,8,0),VLOOKUP(DSK29,COTAÇÃO,11,0))))","v":19.149999999999999},{"$f":"DSP29*DSQ29","v":9.5749999999999993},"ED-50374",{"$f":"IF(DSV29=\"SINAPI\",VLOOKUP(DSS29,SINAPI,2,0),IF(DSV29=\"SETOP\",VLOOKUP(DSS29,SETOP,3,0),IF(DSV29=\"CPU\",VLOOKUP(DSS29,COMPOSIÇÃO,2,0),VLOOKUP(DSS29,COTAÇÃO,3,0))))","v":"BOMBEIRO/ENCANADOR COM ENCARGOS COMPLEMENTARES"},null,"SETOP",{"$f":"IF(DSV29=\"SINAPI\",VLOOKUP(DSS29,SINAPI,3,0),IF(DSV29=\"SETOP\",VLOOKUP(DSS29,SETOP,4,0),IF(DSV29=\"CPU\",VLOOKUP(DSS29,COMPOSIÇÃO,5,0),VLOOKUP(DSS29,COTAÇÃO,8,0))))","v":"HORA"},0.5,{"$f":"IF(DSV29=\"SINAPI\",VLOOKUP(DSS29,SINAPI,4,0),IF(DSV29=\"SETOP\",VLOOKUP(DSS29,SETOP,5,0),IF(DSV29=\"CPU\",VLOOKUP(DSS29,COMPOSIÇÃO,8,0),VLOOKUP(DSS29,COTAÇÃO,11,0))))","v":19.149999999999999},{"$f":"DSX29*DSY29","v":9.5749999999999993},"ED-50374",{"$f":"IF(DTD29=\"SINAPI\",VLOOKUP(DTA29,SINAPI,2,0),IF(DTD29=\"SETOP\",VLOOKUP(DTA29,SETOP,3,0),IF(DTD29=\"CPU\",VLOOKUP(DTA29,COMPOSIÇÃO,2,0),VLOOKUP(DTA29,COTAÇÃO,3,0))))","v":"BOMBEIRO/ENCANADOR COM ENCARGOS COMPLEMENTARES"},null,"SETOP",{"$f":"IF(DTD29=\"SINAPI\",VLOOKUP(DTA29,SINAPI,3,0),IF(DTD29=\"SETOP\",VLOOKUP(DTA29,SETOP,4,0),IF(DTD29=\"CPU\",VLOOKUP(DTA29,COMPOSIÇÃO,5,0),VLOOKUP(DTA29,COTAÇÃO,8,0))))","v":"HORA"},0.5,{"$f":"IF(DTD29=\"SINAPI\",VLOOKUP(DTA29,SINAPI,4,0),IF(DTD29=\"SETOP\",VLOOKUP(DTA29,SETOP,5,0),IF(DTD29=\"CPU\",VLOOKUP(DTA29,COMPOSIÇÃO,8,0),VLOOKUP(DTA29,COTAÇÃO,11,0))))","v":19.149999999999999},{"$f":"DTF29*DTG29","v":9.5749999999999993},"ED-50374",{"$f":"IF(DTL29=\"SINAPI\",VLOOKUP(DTI29,SINAPI,2,0),IF(DTL29=\"SETOP\",VLOOKUP(DTI29,SETOP,3,0),IF(DTL29=\"CPU\",VLOOKUP(DTI29,COMPOSIÇÃO,2,0),VLOOKUP(DTI29,COTAÇÃO,3,0))))","v":"BOMBEIRO/ENCANADOR COM ENCARGOS COMPLEMENTARES"},null,"SETOP",{"$f":"IF(DTL29=\"SINAPI\",VLOOKUP(DTI29,SINAPI,3,0),IF(DTL29=\"SETOP\",VLOOKUP(DTI29,SETOP,4,0),IF(DTL29=\"CPU\",VLOOKUP(DTI29,COMPOSIÇÃO,5,0),VLOOKUP(DTI29,COTAÇÃO,8,0))))","v":"HORA"},0.5,{"$f":"IF(DTL29=\"SINAPI\",VLOOKUP(DTI29,SINAPI,4,0),IF(DTL29=\"SETOP\",VLOOKUP(DTI29,SETOP,5,0),IF(DTL29=\"CPU\",VLOOKUP(DTI29,COMPOSIÇÃO,8,0),VLOOKUP(DTI29,COTAÇÃO,11,0))))","v":19.149999999999999},{"$f":"DTN29*DTO29","v":9.5749999999999993},"ED-50374",{"$f":"IF(DTT29=\"SINAPI\",VLOOKUP(DTQ29,SINAPI,2,0),IF(DTT29=\"SETOP\",VLOOKUP(DTQ29,SETOP,3,0),IF(DTT29=\"CPU\",VLOOKUP(DTQ29,COMPOSIÇÃO,2,0),VLOOKUP(DTQ29,COTAÇÃO,3,0))))","v":"BOMBEIRO/ENCANADOR COM ENCARGOS COMPLEMENTARES"},null,"SETOP",{"$f":"IF(DTT29=\"SINAPI\",VLOOKUP(DTQ29,SINAPI,3,0),IF(DTT29=\"SETOP\",VLOOKUP(DTQ29,SETOP,4,0),IF(DTT29=\"CPU\",VLOOKUP(DTQ29,COMPOSIÇÃO,5,0),VLOOKUP(DTQ29,COTAÇÃO,8,0))))","v":"HORA"},0.5,{"$f":"IF(DTT29=\"SINAPI\",VLOOKUP(DTQ29,SINAPI,4,0),IF(DTT29=\"SETOP\",VLOOKUP(DTQ29,SETOP,5,0),IF(DTT29=\"CPU\",VLOOKUP(DTQ29,COMPOSIÇÃO,8,0),VLOOKUP(DTQ29,COTAÇÃO,11,0))))","v":19.149999999999999},{"$f":"DTV29*DTW29","v":9.5749999999999993},"ED-50374",{"$f":"IF(DUB29=\"SINAPI\",VLOOKUP(DTY29,SINAPI,2,0),IF(DUB29=\"SETOP\",VLOOKUP(DTY29,SETOP,3,0),IF(DUB29=\"CPU\",VLOOKUP(DTY29,COMPOSIÇÃO,2,0),VLOOKUP(DTY29,COTAÇÃO,3,0))))","v":"BOMBEIRO/ENCANADOR COM ENCARGOS COMPLEMENTARES"},null,"SETOP",{"$f":"IF(DUB29=\"SINAPI\",VLOOKUP(DTY29,SINAPI,3,0),IF(DUB29=\"SETOP\",VLOOKUP(DTY29,SETOP,4,0),IF(DUB29=\"CPU\",VLOOKUP(DTY29,COMPOSIÇÃO,5,0),VLOOKUP(DTY29,COTAÇÃO,8,0))))","v":"HORA"},0.5,{"$f":"IF(DUB29=\"SINAPI\",VLOOKUP(DTY29,SINAPI,4,0),IF(DUB29=\"SETOP\",VLOOKUP(DTY29,SETOP,5,0),IF(DUB29=\"CPU\",VLOOKUP(DTY29,COMPOSIÇÃO,8,0),VLOOKUP(DTY29,COTAÇÃO,11,0))))","v":19.149999999999999},{"$f":"DUD29*DUE29","v":9.5749999999999993},"ED-50374",{"$f":"IF(DUJ29=\"SINAPI\",VLOOKUP(DUG29,SINAPI,2,0),IF(DUJ29=\"SETOP\",VLOOKUP(DUG29,SETOP,3,0),IF(DUJ29=\"CPU\",VLOOKUP(DUG29,COMPOSIÇÃO,2,0),VLOOKUP(DUG29,COTAÇÃO,3,0))))","v":"BOMBEIRO/ENCANADOR COM ENCARGOS COMPLEMENTARES"},null,"SETOP",{"$f":"IF(DUJ29=\"SINAPI\",VLOOKUP(DUG29,SINAPI,3,0),IF(DUJ29=\"SETOP\",VLOOKUP(DUG29,SETOP,4,0),IF(DUJ29=\"CPU\",VLOOKUP(DUG29,COMPOSIÇÃO,5,0),VLOOKUP(DUG29,COTAÇÃO,8,0))))","v":"HORA"},0.5,{"$f":"IF(DUJ29=\"SINAPI\",VLOOKUP(DUG29,SINAPI,4,0),IF(DUJ29=\"SETOP\",VLOOKUP(DUG29,SETOP,5,0),IF(DUJ29=\"CPU\",VLOOKUP(DUG29,COMPOSIÇÃO,8,0),VLOOKUP(DUG29,COTAÇÃO,11,0))))","v":19.149999999999999},{"$f":"DUL29*DUM29","v":9.5749999999999993},"ED-50374",{"$f":"IF(DUR29=\"SINAPI\",VLOOKUP(DUO29,SINAPI,2,0),IF(DUR29=\"SETOP\",VLOOKUP(DUO29,SETOP,3,0),IF(DUR29=\"CPU\",VLOOKUP(DUO29,COMPOSIÇÃO,2,0),VLOOKUP(DUO29,COTAÇÃO,3,0))))","v":"BOMBEIRO/ENCANADOR COM ENCARGOS COMPLEMENTARES"},null,"SETOP",{"$f":"IF(DUR29=\"SINAPI\",VLOOKUP(DUO29,SINAPI,3,0),IF(DUR29=\"SETOP\",VLOOKUP(DUO29,SETOP,4,0),IF(DUR29=\"CPU\",VLOOKUP(DUO29,COMPOSIÇÃO,5,0),VLOOKUP(DUO29,COTAÇÃO,8,0))))","v":"HORA"},0.5,{"$f":"IF(DUR29=\"SINAPI\",VLOOKUP(DUO29,SINAPI,4,0),IF(DUR29=\"SETOP\",VLOOKUP(DUO29,SETOP,5,0),IF(DUR29=\"CPU\",VLOOKUP(DUO29,COMPOSIÇÃO,8,0),VLOOKUP(DUO29,COTAÇÃO,11,0))))","v":19.149999999999999},{"$f":"DUT29*DUU29","v":9.5749999999999993},"ED-50374",{"$f":"IF(DUZ29=\"SINAPI\",VLOOKUP(DUW29,SINAPI,2,0),IF(DUZ29=\"SETOP\",VLOOKUP(DUW29,SETOP,3,0),IF(DUZ29=\"CPU\",VLOOKUP(DUW29,COMPOSIÇÃO,2,0),VLOOKUP(DUW29,COTAÇÃO,3,0))))","v":"BOMBEIRO/ENCANADOR COM ENCARGOS COMPLEMENTARES"},null,"SETOP",{"$f":"IF(DUZ29=\"SINAPI\",VLOOKUP(DUW29,SINAPI,3,0),IF(DUZ29=\"SETOP\",VLOOKUP(DUW29,SETOP,4,0),IF(DUZ29=\"CPU\",VLOOKUP(DUW29,COMPOSIÇÃO,5,0),VLOOKUP(DUW29,COTAÇÃO,8,0))))","v":"HORA"},0.5,{"$f":"IF(DUZ29=\"SINAPI\",VLOOKUP(DUW29,SINAPI,4,0),IF(DUZ29=\"SETOP\",VLOOKUP(DUW29,SETOP,5,0),IF(DUZ29=\"CPU\",VLOOKUP(DUW29,COMPOSIÇÃO,8,0),VLOOKUP(DUW29,COTAÇÃO,11,0))))","v":19.149999999999999},{"$f":"DVB29*DVC29","v":9.5749999999999993},"ED-50374",{"$f":"IF(DVH29=\"SINAPI\",VLOOKUP(DVE29,SINAPI,2,0),IF(DVH29=\"SETOP\",VLOOKUP(DVE29,SETOP,3,0),IF(DVH29=\"CPU\",VLOOKUP(DVE29,COMPOSIÇÃO,2,0),VLOOKUP(DVE29,COTAÇÃO,3,0))))","v":"BOMBEIRO/ENCANADOR COM ENCARGOS COMPLEMENTARES"},null,"SETOP",{"$f":"IF(DVH29=\"SINAPI\",VLOOKUP(DVE29,SINAPI,3,0),IF(DVH29=\"SETOP\",VLOOKUP(DVE29,SETOP,4,0),IF(DVH29=\"CPU\",VLOOKUP(DVE29,COMPOSIÇÃO,5,0),VLOOKUP(DVE29,COTAÇÃO,8,0))))","v":"HORA"},0.5,{"$f":"IF(DVH29=\"SINAPI\",VLOOKUP(DVE29,SINAPI,4,0),IF(DVH29=\"SETOP\",VLOOKUP(DVE29,SETOP,5,0),IF(DVH29=\"CPU\",VLOOKUP(DVE29,COMPOSIÇÃO,8,0),VLOOKUP(DVE29,COTAÇÃO,11,0))))","v":19.149999999999999},{"$f":"DVJ29*DVK29","v":9.5749999999999993},"ED-50374",{"$f":"IF(DVP29=\"SINAPI\",VLOOKUP(DVM29,SINAPI,2,0),IF(DVP29=\"SETOP\",VLOOKUP(DVM29,SETOP,3,0),IF(DVP29=\"CPU\",VLOOKUP(DVM29,COMPOSIÇÃO,2,0),VLOOKUP(DVM29,COTAÇÃO,3,0))))","v":"BOMBEIRO/ENCANADOR COM ENCARGOS COMPLEMENTARES"},null,"SETOP",{"$f":"IF(DVP29=\"SINAPI\",VLOOKUP(DVM29,SINAPI,3,0),IF(DVP29=\"SETOP\",VLOOKUP(DVM29,SETOP,4,0),IF(DVP29=\"CPU\",VLOOKUP(DVM29,COMPOSIÇÃO,5,0),VLOOKUP(DVM29,COTAÇÃO,8,0))))","v":"HORA"},0.5,{"$f":"IF(DVP29=\"SINAPI\",VLOOKUP(DVM29,SINAPI,4,0),IF(DVP29=\"SETOP\",VLOOKUP(DVM29,SETOP,5,0),IF(DVP29=\"CPU\",VLOOKUP(DVM29,COMPOSIÇÃO,8,0),VLOOKUP(DVM29,COTAÇÃO,11,0))))","v":19.149999999999999},{"$f":"DVR29*DVS29","v":9.5749999999999993},"ED-50374",{"$f":"IF(DVX29=\"SINAPI\",VLOOKUP(DVU29,SINAPI,2,0),IF(DVX29=\"SETOP\",VLOOKUP(DVU29,SETOP,3,0),IF(DVX29=\"CPU\",VLOOKUP(DVU29,COMPOSIÇÃO,2,0),VLOOKUP(DVU29,COTAÇÃO,3,0))))","v":"BOMBEIRO/ENCANADOR COM ENCARGOS COMPLEMENTARES"},null,"SETOP",{"$f":"IF(DVX29=\"SINAPI\",VLOOKUP(DVU29,SINAPI,3,0),IF(DVX29=\"SETOP\",VLOOKUP(DVU29,SETOP,4,0),IF(DVX29=\"CPU\",VLOOKUP(DVU29,COMPOSIÇÃO,5,0),VLOOKUP(DVU29,COTAÇÃO,8,0))))","v":"HORA"},0.5,{"$f":"IF(DVX29=\"SINAPI\",VLOOKUP(DVU29,SINAPI,4,0),IF(DVX29=\"SETOP\",VLOOKUP(DVU29,SETOP,5,0),IF(DVX29=\"CPU\",VLOOKUP(DVU29,COMPOSIÇÃO,8,0),VLOOKUP(DVU29,COTAÇÃO,11,0))))","v":19.149999999999999},{"$f":"DVZ29*DWA29","v":9.5749999999999993},"ED-50374",{"$f":"IF(DWF29=\"SINAPI\",VLOOKUP(DWC29,SINAPI,2,0),IF(DWF29=\"SETOP\",VLOOKUP(DWC29,SETOP,3,0),IF(DWF29=\"CPU\",VLOOKUP(DWC29,COMPOSIÇÃO,2,0),VLOOKUP(DWC29,COTAÇÃO,3,0))))","v":"BOMBEIRO/ENCANADOR COM ENCARGOS COMPLEMENTARES"},null,"SETOP",{"$f":"IF(DWF29=\"SINAPI\",VLOOKUP(DWC29,SINAPI,3,0),IF(DWF29=\"SETOP\",VLOOKUP(DWC29,SETOP,4,0),IF(DWF29=\"CPU\",VLOOKUP(DWC29,COMPOSIÇÃO,5,0),VLOOKUP(DWC29,COTAÇÃO,8,0))))","v":"HORA"},0.5,{"$f":"IF(DWF29=\"SINAPI\",VLOOKUP(DWC29,SINAPI,4,0),IF(DWF29=\"SETOP\",VLOOKUP(DWC29,SETOP,5,0),IF(DWF29=\"CPU\",VLOOKUP(DWC29,COMPOSIÇÃO,8,0),VLOOKUP(DWC29,COTAÇÃO,11,0))))","v":19.149999999999999},{"$f":"DWH29*DWI29","v":9.5749999999999993},"ED-50374",{"$f":"IF(DWN29=\"SINAPI\",VLOOKUP(DWK29,SINAPI,2,0),IF(DWN29=\"SETOP\",VLOOKUP(DWK29,SETOP,3,0),IF(DWN29=\"CPU\",VLOOKUP(DWK29,COMPOSIÇÃO,2,0),VLOOKUP(DWK29,COTAÇÃO,3,0))))","v":"BOMBEIRO/ENCANADOR COM ENCARGOS COMPLEMENTARES"},null,"SETOP",{"$f":"IF(DWN29=\"SINAPI\",VLOOKUP(DWK29,SINAPI,3,0),IF(DWN29=\"SETOP\",VLOOKUP(DWK29,SETOP,4,0),IF(DWN29=\"CPU\",VLOOKUP(DWK29,COMPOSIÇÃO,5,0),VLOOKUP(DWK29,COTAÇÃO,8,0))))","v":"HORA"},0.5,{"$f":"IF(DWN29=\"SINAPI\",VLOOKUP(DWK29,SINAPI,4,0),IF(DWN29=\"SETOP\",VLOOKUP(DWK29,SETOP,5,0),IF(DWN29=\"CPU\",VLOOKUP(DWK29,COMPOSIÇÃO,8,0),VLOOKUP(DWK29,COTAÇÃO,11,0))))","v":19.149999999999999},{"$f":"DWP29*DWQ29","v":9.5749999999999993},"ED-50374",{"$f":"IF(DWV29=\"SINAPI\",VLOOKUP(DWS29,SINAPI,2,0),IF(DWV29=\"SETOP\",VLOOKUP(DWS29,SETOP,3,0),IF(DWV29=\"CPU\",VLOOKUP(DWS29,COMPOSIÇÃO,2,0),VLOOKUP(DWS29,COTAÇÃO,3,0))))","v":"BOMBEIRO/ENCANADOR COM ENCARGOS COMPLEMENTARES"},null,"SETOP",{"$f":"IF(DWV29=\"SINAPI\",VLOOKUP(DWS29,SINAPI,3,0),IF(DWV29=\"SETOP\",VLOOKUP(DWS29,SETOP,4,0),IF(DWV29=\"CPU\",VLOOKUP(DWS29,COMPOSIÇÃO,5,0),VLOOKUP(DWS29,COTAÇÃO,8,0))))","v":"HORA"},0.5,{"$f":"IF(DWV29=\"SINAPI\",VLOOKUP(DWS29,SINAPI,4,0),IF(DWV29=\"SETOP\",VLOOKUP(DWS29,SETOP,5,0),IF(DWV29=\"CPU\",VLOOKUP(DWS29,COMPOSIÇÃO,8,0),VLOOKUP(DWS29,COTAÇÃO,11,0))))","v":19.149999999999999},{"$f":"DWX29*DWY29","v":9.5749999999999993},"ED-50374",{"$f":"IF(DXD29=\"SINAPI\",VLOOKUP(DXA29,SINAPI,2,0),IF(DXD29=\"SETOP\",VLOOKUP(DXA29,SETOP,3,0),IF(DXD29=\"CPU\",VLOOKUP(DXA29,COMPOSIÇÃO,2,0),VLOOKUP(DXA29,COTAÇÃO,3,0))))","v":"BOMBEIRO/ENCANADOR COM ENCARGOS COMPLEMENTARES"},null,"SETOP",{"$f":"IF(DXD29=\"SINAPI\",VLOOKUP(DXA29,SINAPI,3,0),IF(DXD29=\"SETOP\",VLOOKUP(DXA29,SETOP,4,0),IF(DXD29=\"CPU\",VLOOKUP(DXA29,COMPOSIÇÃO,5,0),VLOOKUP(DXA29,COTAÇÃO,8,0))))","v":"HORA"},0.5,{"$f":"IF(DXD29=\"SINAPI\",VLOOKUP(DXA29,SINAPI,4,0),IF(DXD29=\"SETOP\",VLOOKUP(DXA29,SETOP,5,0),IF(DXD29=\"CPU\",VLOOKUP(DXA29,COMPOSIÇÃO,8,0),VLOOKUP(DXA29,COTAÇÃO,11,0))))","v":19.149999999999999},{"$f":"DXF29*DXG29","v":9.5749999999999993},"ED-50374",{"$f":"IF(DXL29=\"SINAPI\",VLOOKUP(DXI29,SINAPI,2,0),IF(DXL29=\"SETOP\",VLOOKUP(DXI29,SETOP,3,0),IF(DXL29=\"CPU\",VLOOKUP(DXI29,COMPOSIÇÃO,2,0),VLOOKUP(DXI29,COTAÇÃO,3,0))))","v":"BOMBEIRO/ENCANADOR COM ENCARGOS COMPLEMENTARES"},null,"SETOP",{"$f":"IF(DXL29=\"SINAPI\",VLOOKUP(DXI29,SINAPI,3,0),IF(DXL29=\"SETOP\",VLOOKUP(DXI29,SETOP,4,0),IF(DXL29=\"CPU\",VLOOKUP(DXI29,COMPOSIÇÃO,5,0),VLOOKUP(DXI29,COTAÇÃO,8,0))))","v":"HORA"},0.5,{"$f":"IF(DXL29=\"SINAPI\",VLOOKUP(DXI29,SINAPI,4,0),IF(DXL29=\"SETOP\",VLOOKUP(DXI29,SETOP,5,0),IF(DXL29=\"CPU\",VLOOKUP(DXI29,COMPOSIÇÃO,8,0),VLOOKUP(DXI29,COTAÇÃO,11,0))))","v":19.149999999999999},{"$f":"DXN29*DXO29","v":9.5749999999999993},"ED-50374",{"$f":"IF(DXT29=\"SINAPI\",VLOOKUP(DXQ29,SINAPI,2,0),IF(DXT29=\"SETOP\",VLOOKUP(DXQ29,SETOP,3,0),IF(DXT29=\"CPU\",VLOOKUP(DXQ29,COMPOSIÇÃO,2,0),VLOOKUP(DXQ29,COTAÇÃO,3,0))))","v":"BOMBEIRO/ENCANADOR COM ENCARGOS COMPLEMENTARES"},null,"SETOP",{"$f":"IF(DXT29=\"SINAPI\",VLOOKUP(DXQ29,SINAPI,3,0),IF(DXT29=\"SETOP\",VLOOKUP(DXQ29,SETOP,4,0),IF(DXT29=\"CPU\",VLOOKUP(DXQ29,COMPOSIÇÃO,5,0),VLOOKUP(DXQ29,COTAÇÃO,8,0))))","v":"HORA"},0.5,{"$f":"IF(DXT29=\"SINAPI\",VLOOKUP(DXQ29,SINAPI,4,0),IF(DXT29=\"SETOP\",VLOOKUP(DXQ29,SETOP,5,0),IF(DXT29=\"CPU\",VLOOKUP(DXQ29,COMPOSIÇÃO,8,0),VLOOKUP(DXQ29,COTAÇÃO,11,0))))","v":19.149999999999999},{"$f":"DXV29*DXW29","v":9.5749999999999993},"ED-50374",{"$f":"IF(DYB29=\"SINAPI\",VLOOKUP(DXY29,SINAPI,2,0),IF(DYB29=\"SETOP\",VLOOKUP(DXY29,SETOP,3,0),IF(DYB29=\"CPU\",VLOOKUP(DXY29,COMPOSIÇÃO,2,0),VLOOKUP(DXY29,COTAÇÃO,3,0))))","v":"BOMBEIRO/ENCANADOR COM ENCARGOS COMPLEMENTARES"},null,"SETOP",{"$f":"IF(DYB29=\"SINAPI\",VLOOKUP(DXY29,SINAPI,3,0),IF(DYB29=\"SETOP\",VLOOKUP(DXY29,SETOP,4,0),IF(DYB29=\"CPU\",VLOOKUP(DXY29,COMPOSIÇÃO,5,0),VLOOKUP(DXY29,COTAÇÃO,8,0))))","v":"HORA"},0.5,{"$f":"IF(DYB29=\"SINAPI\",VLOOKUP(DXY29,SINAPI,4,0),IF(DYB29=\"SETOP\",VLOOKUP(DXY29,SETOP,5,0),IF(DYB29=\"CPU\",VLOOKUP(DXY29,COMPOSIÇÃO,8,0),VLOOKUP(DXY29,COTAÇÃO,11,0))))","v":19.149999999999999},{"$f":"DYD29*DYE29","v":9.5749999999999993},"ED-50374",{"$f":"IF(DYJ29=\"SINAPI\",VLOOKUP(DYG29,SINAPI,2,0),IF(DYJ29=\"SETOP\",VLOOKUP(DYG29,SETOP,3,0),IF(DYJ29=\"CPU\",VLOOKUP(DYG29,COMPOSIÇÃO,2,0),VLOOKUP(DYG29,COTAÇÃO,3,0))))","v":"BOMBEIRO/ENCANADOR COM ENCARGOS COMPLEMENTARES"},null,"SETOP",{"$f":"IF(DYJ29=\"SINAPI\",VLOOKUP(DYG29,SINAPI,3,0),IF(DYJ29=\"SETOP\",VLOOKUP(DYG29,SETOP,4,0),IF(DYJ29=\"CPU\",VLOOKUP(DYG29,COMPOSIÇÃO,5,0),VLOOKUP(DYG29,COTAÇÃO,8,0))))","v":"HORA"},0.5,{"$f":"IF(DYJ29=\"SINAPI\",VLOOKUP(DYG29,SINAPI,4,0),IF(DYJ29=\"SETOP\",VLOOKUP(DYG29,SETOP,5,0),IF(DYJ29=\"CPU\",VLOOKUP(DYG29,COMPOSIÇÃO,8,0),VLOOKUP(DYG29,COTAÇÃO,11,0))))","v":19.149999999999999},{"$f":"DYL29*DYM29","v":9.5749999999999993},"ED-50374",{"$f":"IF(DYR29=\"SINAPI\",VLOOKUP(DYO29,SINAPI,2,0),IF(DYR29=\"SETOP\",VLOOKUP(DYO29,SETOP,3,0),IF(DYR29=\"CPU\",VLOOKUP(DYO29,COMPOSIÇÃO,2,0),VLOOKUP(DYO29,COTAÇÃO,3,0))))","v":"BOMBEIRO/ENCANADOR COM ENCARGOS COMPLEMENTARES"},null,"SETOP",{"$f":"IF(DYR29=\"SINAPI\",VLOOKUP(DYO29,SINAPI,3,0),IF(DYR29=\"SETOP\",VLOOKUP(DYO29,SETOP,4,0),IF(DYR29=\"CPU\",VLOOKUP(DYO29,COMPOSIÇÃO,5,0),VLOOKUP(DYO29,COTAÇÃO,8,0))))","v":"HORA"},0.5,{"$f":"IF(DYR29=\"SINAPI\",VLOOKUP(DYO29,SINAPI,4,0),IF(DYR29=\"SETOP\",VLOOKUP(DYO29,SETOP,5,0),IF(DYR29=\"CPU\",VLOOKUP(DYO29,COMPOSIÇÃO,8,0),VLOOKUP(DYO29,COTAÇÃO,11,0))))","v":19.149999999999999},{"$f":"DYT29*DYU29","v":9.5749999999999993},"ED-50374",{"$f":"IF(DYZ29=\"SINAPI\",VLOOKUP(DYW29,SINAPI,2,0),IF(DYZ29=\"SETOP\",VLOOKUP(DYW29,SETOP,3,0),IF(DYZ29=\"CPU\",VLOOKUP(DYW29,COMPOSIÇÃO,2,0),VLOOKUP(DYW29,COTAÇÃO,3,0))))","v":"BOMBEIRO/ENCANADOR COM ENCARGOS COMPLEMENTARES"},null,"SETOP",{"$f":"IF(DYZ29=\"SINAPI\",VLOOKUP(DYW29,SINAPI,3,0),IF(DYZ29=\"SETOP\",VLOOKUP(DYW29,SETOP,4,0),IF(DYZ29=\"CPU\",VLOOKUP(DYW29,COMPOSIÇÃO,5,0),VLOOKUP(DYW29,COTAÇÃO,8,0))))","v":"HORA"},0.5,{"$f":"IF(DYZ29=\"SINAPI\",VLOOKUP(DYW29,SINAPI,4,0),IF(DYZ29=\"SETOP\",VLOOKUP(DYW29,SETOP,5,0),IF(DYZ29=\"CPU\",VLOOKUP(DYW29,COMPOSIÇÃO,8,0),VLOOKUP(DYW29,COTAÇÃO,11,0))))","v":19.149999999999999},{"$f":"DZB29*DZC29","v":9.5749999999999993},"ED-50374",{"$f":"IF(DZH29=\"SINAPI\",VLOOKUP(DZE29,SINAPI,2,0),IF(DZH29=\"SETOP\",VLOOKUP(DZE29,SETOP,3,0),IF(DZH29=\"CPU\",VLOOKUP(DZE29,COMPOSIÇÃO,2,0),VLOOKUP(DZE29,COTAÇÃO,3,0))))","v":"BOMBEIRO/ENCANADOR COM ENCARGOS COMPLEMENTARES"},null,"SETOP",{"$f":"IF(DZH29=\"SINAPI\",VLOOKUP(DZE29,SINAPI,3,0),IF(DZH29=\"SETOP\",VLOOKUP(DZE29,SETOP,4,0),IF(DZH29=\"CPU\",VLOOKUP(DZE29,COMPOSIÇÃO,5,0),VLOOKUP(DZE29,COTAÇÃO,8,0))))","v":"HORA"},0.5,{"$f":"IF(DZH29=\"SINAPI\",VLOOKUP(DZE29,SINAPI,4,0),IF(DZH29=\"SETOP\",VLOOKUP(DZE29,SETOP,5,0),IF(DZH29=\"CPU\",VLOOKUP(DZE29,COMPOSIÇÃO,8,0),VLOOKUP(DZE29,COTAÇÃO,11,0))))","v":19.149999999999999},{"$f":"DZJ29*DZK29","v":9.5749999999999993},"ED-50374",{"$f":"IF(DZP29=\"SINAPI\",VLOOKUP(DZM29,SINAPI,2,0),IF(DZP29=\"SETOP\",VLOOKUP(DZM29,SETOP,3,0),IF(DZP29=\"CPU\",VLOOKUP(DZM29,COMPOSIÇÃO,2,0),VLOOKUP(DZM29,COTAÇÃO,3,0))))","v":"BOMBEIRO/ENCANADOR COM ENCARGOS COMPLEMENTARES"},null,"SETOP",{"$f":"IF(DZP29=\"SINAPI\",VLOOKUP(DZM29,SINAPI,3,0),IF(DZP29=\"SETOP\",VLOOKUP(DZM29,SETOP,4,0),IF(DZP29=\"CPU\",VLOOKUP(DZM29,COMPOSIÇÃO,5,0),VLOOKUP(DZM29,COTAÇÃO,8,0))))","v":"HORA"},0.5,{"$f":"IF(DZP29=\"SINAPI\",VLOOKUP(DZM29,SINAPI,4,0),IF(DZP29=\"SETOP\",VLOOKUP(DZM29,SETOP,5,0),IF(DZP29=\"CPU\",VLOOKUP(DZM29,COMPOSIÇÃO,8,0),VLOOKUP(DZM29,COTAÇÃO,11,0))))","v":19.149999999999999},{"$f":"DZR29*DZS29","v":9.5749999999999993},"ED-50374",{"$f":"IF(DZX29=\"SINAPI\",VLOOKUP(DZU29,SINAPI,2,0),IF(DZX29=\"SETOP\",VLOOKUP(DZU29,SETOP,3,0),IF(DZX29=\"CPU\",VLOOKUP(DZU29,COMPOSIÇÃO,2,0),VLOOKUP(DZU29,COTAÇÃO,3,0))))","v":"BOMBEIRO/ENCANADOR COM ENCARGOS COMPLEMENTARES"},null,"SETOP",{"$f":"IF(DZX29=\"SINAPI\",VLOOKUP(DZU29,SINAPI,3,0),IF(DZX29=\"SETOP\",VLOOKUP(DZU29,SETOP,4,0),IF(DZX29=\"CPU\",VLOOKUP(DZU29,COMPOSIÇÃO,5,0),VLOOKUP(DZU29,COTAÇÃO,8,0))))","v":"HORA"},0.5,{"$f":"IF(DZX29=\"SINAPI\",VLOOKUP(DZU29,SINAPI,4,0),IF(DZX29=\"SETOP\",VLOOKUP(DZU29,SETOP,5,0),IF(DZX29=\"CPU\",VLOOKUP(DZU29,COMPOSIÇÃO,8,0),VLOOKUP(DZU29,COTAÇÃO,11,0))))","v":19.149999999999999},{"$f":"DZZ29*EAA29","v":9.5749999999999993},"ED-50374",{"$f":"IF(EAF29=\"SINAPI\",VLOOKUP(EAC29,SINAPI,2,0),IF(EAF29=\"SETOP\",VLOOKUP(EAC29,SETOP,3,0),IF(EAF29=\"CPU\",VLOOKUP(EAC29,COMPOSIÇÃO,2,0),VLOOKUP(EAC29,COTAÇÃO,3,0))))","v":"BOMBEIRO/ENCANADOR COM ENCARGOS COMPLEMENTARES"},null,"SETOP",{"$f":"IF(EAF29=\"SINAPI\",VLOOKUP(EAC29,SINAPI,3,0),IF(EAF29=\"SETOP\",VLOOKUP(EAC29,SETOP,4,0),IF(EAF29=\"CPU\",VLOOKUP(EAC29,COMPOSIÇÃO,5,0),VLOOKUP(EAC29,COTAÇÃO,8,0))))","v":"HORA"},0.5,{"$f":"IF(EAF29=\"SINAPI\",VLOOKUP(EAC29,SINAPI,4,0),IF(EAF29=\"SETOP\",VLOOKUP(EAC29,SETOP,5,0),IF(EAF29=\"CPU\",VLOOKUP(EAC29,COMPOSIÇÃO,8,0),VLOOKUP(EAC29,COTAÇÃO,11,0))))","v":19.149999999999999},{"$f":"EAH29*EAI29","v":9.5749999999999993},"ED-50374",{"$f":"IF(EAN29=\"SINAPI\",VLOOKUP(EAK29,SINAPI,2,0),IF(EAN29=\"SETOP\",VLOOKUP(EAK29,SETOP,3,0),IF(EAN29=\"CPU\",VLOOKUP(EAK29,COMPOSIÇÃO,2,0),VLOOKUP(EAK29,COTAÇÃO,3,0))))","v":"BOMBEIRO/ENCANADOR COM ENCARGOS COMPLEMENTARES"},null,"SETOP",{"$f":"IF(EAN29=\"SINAPI\",VLOOKUP(EAK29,SINAPI,3,0),IF(EAN29=\"SETOP\",VLOOKUP(EAK29,SETOP,4,0),IF(EAN29=\"CPU\",VLOOKUP(EAK29,COMPOSIÇÃO,5,0),VLOOKUP(EAK29,COTAÇÃO,8,0))))","v":"HORA"},0.5,{"$f":"IF(EAN29=\"SINAPI\",VLOOKUP(EAK29,SINAPI,4,0),IF(EAN29=\"SETOP\",VLOOKUP(EAK29,SETOP,5,0),IF(EAN29=\"CPU\",VLOOKUP(EAK29,COMPOSIÇÃO,8,0),VLOOKUP(EAK29,COTAÇÃO,11,0))))","v":19.149999999999999},{"$f":"EAP29*EAQ29","v":9.5749999999999993},"ED-50374",{"$f":"IF(EAV29=\"SINAPI\",VLOOKUP(EAS29,SINAPI,2,0),IF(EAV29=\"SETOP\",VLOOKUP(EAS29,SETOP,3,0),IF(EAV29=\"CPU\",VLOOKUP(EAS29,COMPOSIÇÃO,2,0),VLOOKUP(EAS29,COTAÇÃO,3,0))))","v":"BOMBEIRO/ENCANADOR COM ENCARGOS COMPLEMENTARES"},null,"SETOP",{"$f":"IF(EAV29=\"SINAPI\",VLOOKUP(EAS29,SINAPI,3,0),IF(EAV29=\"SETOP\",VLOOKUP(EAS29,SETOP,4,0),IF(EAV29=\"CPU\",VLOOKUP(EAS29,COMPOSIÇÃO,5,0),VLOOKUP(EAS29,COTAÇÃO,8,0))))","v":"HORA"},0.5,{"$f":"IF(EAV29=\"SINAPI\",VLOOKUP(EAS29,SINAPI,4,0),IF(EAV29=\"SETOP\",VLOOKUP(EAS29,SETOP,5,0),IF(EAV29=\"CPU\",VLOOKUP(EAS29,COMPOSIÇÃO,8,0),VLOOKUP(EAS29,COTAÇÃO,11,0))))","v":19.149999999999999},{"$f":"EAX29*EAY29","v":9.5749999999999993},"ED-50374",{"$f":"IF(EBD29=\"SINAPI\",VLOOKUP(EBA29,SINAPI,2,0),IF(EBD29=\"SETOP\",VLOOKUP(EBA29,SETOP,3,0),IF(EBD29=\"CPU\",VLOOKUP(EBA29,COMPOSIÇÃO,2,0),VLOOKUP(EBA29,COTAÇÃO,3,0))))","v":"BOMBEIRO/ENCANADOR COM ENCARGOS COMPLEMENTARES"},null,"SETOP",{"$f":"IF(EBD29=\"SINAPI\",VLOOKUP(EBA29,SINAPI,3,0),IF(EBD29=\"SETOP\",VLOOKUP(EBA29,SETOP,4,0),IF(EBD29=\"CPU\",VLOOKUP(EBA29,COMPOSIÇÃO,5,0),VLOOKUP(EBA29,COTAÇÃO,8,0))))","v":"HORA"},0.5,{"$f":"IF(EBD29=\"SINAPI\",VLOOKUP(EBA29,SINAPI,4,0),IF(EBD29=\"SETOP\",VLOOKUP(EBA29,SETOP,5,0),IF(EBD29=\"CPU\",VLOOKUP(EBA29,COMPOSIÇÃO,8,0),VLOOKUP(EBA29,COTAÇÃO,11,0))))","v":19.149999999999999},{"$f":"EBF29*EBG29","v":9.5749999999999993},"ED-50374",{"$f":"IF(EBL29=\"SINAPI\",VLOOKUP(EBI29,SINAPI,2,0),IF(EBL29=\"SETOP\",VLOOKUP(EBI29,SETOP,3,0),IF(EBL29=\"CPU\",VLOOKUP(EBI29,COMPOSIÇÃO,2,0),VLOOKUP(EBI29,COTAÇÃO,3,0))))","v":"BOMBEIRO/ENCANADOR COM ENCARGOS COMPLEMENTARES"},null,"SETOP",{"$f":"IF(EBL29=\"SINAPI\",VLOOKUP(EBI29,SINAPI,3,0),IF(EBL29=\"SETOP\",VLOOKUP(EBI29,SETOP,4,0),IF(EBL29=\"CPU\",VLOOKUP(EBI29,COMPOSIÇÃO,5,0),VLOOKUP(EBI29,COTAÇÃO,8,0))))","v":"HORA"},0.5,{"$f":"IF(EBL29=\"SINAPI\",VLOOKUP(EBI29,SINAPI,4,0),IF(EBL29=\"SETOP\",VLOOKUP(EBI29,SETOP,5,0),IF(EBL29=\"CPU\",VLOOKUP(EBI29,COMPOSIÇÃO,8,0),VLOOKUP(EBI29,COTAÇÃO,11,0))))","v":19.149999999999999},{"$f":"EBN29*EBO29","v":9.5749999999999993},"ED-50374",{"$f":"IF(EBT29=\"SINAPI\",VLOOKUP(EBQ29,SINAPI,2,0),IF(EBT29=\"SETOP\",VLOOKUP(EBQ29,SETOP,3,0),IF(EBT29=\"CPU\",VLOOKUP(EBQ29,COMPOSIÇÃO,2,0),VLOOKUP(EBQ29,COTAÇÃO,3,0))))","v":"BOMBEIRO/ENCANADOR COM ENCARGOS COMPLEMENTARES"},null,"SETOP",{"$f":"IF(EBT29=\"SINAPI\",VLOOKUP(EBQ29,SINAPI,3,0),IF(EBT29=\"SETOP\",VLOOKUP(EBQ29,SETOP,4,0),IF(EBT29=\"CPU\",VLOOKUP(EBQ29,COMPOSIÇÃO,5,0),VLOOKUP(EBQ29,COTAÇÃO,8,0))))","v":"HORA"},0.5,{"$f":"IF(EBT29=\"SINAPI\",VLOOKUP(EBQ29,SINAPI,4,0),IF(EBT29=\"SETOP\",VLOOKUP(EBQ29,SETOP,5,0),IF(EBT29=\"CPU\",VLOOKUP(EBQ29,COMPOSIÇÃO,8,0),VLOOKUP(EBQ29,COTAÇÃO,11,0))))","v":19.149999999999999},{"$f":"EBV29*EBW29","v":9.5749999999999993},"ED-50374",{"$f":"IF(ECB29=\"SINAPI\",VLOOKUP(EBY29,SINAPI,2,0),IF(ECB29=\"SETOP\",VLOOKUP(EBY29,SETOP,3,0),IF(ECB29=\"CPU\",VLOOKUP(EBY29,COMPOSIÇÃO,2,0),VLOOKUP(EBY29,COTAÇÃO,3,0))))","v":"BOMBEIRO/ENCANADOR COM ENCARGOS COMPLEMENTARES"},null,"SETOP",{"$f":"IF(ECB29=\"SINAPI\",VLOOKUP(EBY29,SINAPI,3,0),IF(ECB29=\"SETOP\",VLOOKUP(EBY29,SETOP,4,0),IF(ECB29=\"CPU\",VLOOKUP(EBY29,COMPOSIÇÃO,5,0),VLOOKUP(EBY29,COTAÇÃO,8,0))))","v":"HORA"},0.5,{"$f":"IF(ECB29=\"SINAPI\",VLOOKUP(EBY29,SINAPI,4,0),IF(ECB29=\"SETOP\",VLOOKUP(EBY29,SETOP,5,0),IF(ECB29=\"CPU\",VLOOKUP(EBY29,COMPOSIÇÃO,8,0),VLOOKUP(EBY29,COTAÇÃO,11,0))))","v":19.149999999999999},{"$f":"ECD29*ECE29","v":9.5749999999999993},"ED-50374",{"$f":"IF(ECJ29=\"SINAPI\",VLOOKUP(ECG29,SINAPI,2,0),IF(ECJ29=\"SETOP\",VLOOKUP(ECG29,SETOP,3,0),IF(ECJ29=\"CPU\",VLOOKUP(ECG29,COMPOSIÇÃO,2,0),VLOOKUP(ECG29,COTAÇÃO,3,0))))","v":"BOMBEIRO/ENCANADOR COM ENCARGOS COMPLEMENTARES"},null,"SETOP",{"$f":"IF(ECJ29=\"SINAPI\",VLOOKUP(ECG29,SINAPI,3,0),IF(ECJ29=\"SETOP\",VLOOKUP(ECG29,SETOP,4,0),IF(ECJ29=\"CPU\",VLOOKUP(ECG29,COMPOSIÇÃO,5,0),VLOOKUP(ECG29,COTAÇÃO,8,0))))","v":"HORA"},0.5,{"$f":"IF(ECJ29=\"SINAPI\",VLOOKUP(ECG29,SINAPI,4,0),IF(ECJ29=\"SETOP\",VLOOKUP(ECG29,SETOP,5,0),IF(ECJ29=\"CPU\",VLOOKUP(ECG29,COMPOSIÇÃO,8,0),VLOOKUP(ECG29,COTAÇÃO,11,0))))","v":19.149999999999999},{"$f":"ECL29*ECM29","v":9.5749999999999993},"ED-50374",{"$f":"IF(ECR29=\"SINAPI\",VLOOKUP(ECO29,SINAPI,2,0),IF(ECR29=\"SETOP\",VLOOKUP(ECO29,SETOP,3,0),IF(ECR29=\"CPU\",VLOOKUP(ECO29,COMPOSIÇÃO,2,0),VLOOKUP(ECO29,COTAÇÃO,3,0))))","v":"BOMBEIRO/ENCANADOR COM ENCARGOS COMPLEMENTARES"},null,"SETOP",{"$f":"IF(ECR29=\"SINAPI\",VLOOKUP(ECO29,SINAPI,3,0),IF(ECR29=\"SETOP\",VLOOKUP(ECO29,SETOP,4,0),IF(ECR29=\"CPU\",VLOOKUP(ECO29,COMPOSIÇÃO,5,0),VLOOKUP(ECO29,COTAÇÃO,8,0))))","v":"HORA"},0.5,{"$f":"IF(ECR29=\"SINAPI\",VLOOKUP(ECO29,SINAPI,4,0),IF(ECR29=\"SETOP\",VLOOKUP(ECO29,SETOP,5,0),IF(ECR29=\"CPU\",VLOOKUP(ECO29,COMPOSIÇÃO,8,0),VLOOKUP(ECO29,COTAÇÃO,11,0))))","v":19.149999999999999},{"$f":"ECT29*ECU29","v":9.5749999999999993},"ED-50374",{"$f":"IF(ECZ29=\"SINAPI\",VLOOKUP(ECW29,SINAPI,2,0),IF(ECZ29=\"SETOP\",VLOOKUP(ECW29,SETOP,3,0),IF(ECZ29=\"CPU\",VLOOKUP(ECW29,COMPOSIÇÃO,2,0),VLOOKUP(ECW29,COTAÇÃO,3,0))))","v":"BOMBEIRO/ENCANADOR COM ENCARGOS COMPLEMENTARES"},null,"SETOP",{"$f":"IF(ECZ29=\"SINAPI\",VLOOKUP(ECW29,SINAPI,3,0),IF(ECZ29=\"SETOP\",VLOOKUP(ECW29,SETOP,4,0),IF(ECZ29=\"CPU\",VLOOKUP(ECW29,COMPOSIÇÃO,5,0),VLOOKUP(ECW29,COTAÇÃO,8,0))))","v":"HORA"},0.5,{"$f":"IF(ECZ29=\"SINAPI\",VLOOKUP(ECW29,SINAPI,4,0),IF(ECZ29=\"SETOP\",VLOOKUP(ECW29,SETOP,5,0),IF(ECZ29=\"CPU\",VLOOKUP(ECW29,COMPOSIÇÃO,8,0),VLOOKUP(ECW29,COTAÇÃO,11,0))))","v":19.149999999999999},{"$f":"EDB29*EDC29","v":9.5749999999999993},"ED-50374",{"$f":"IF(EDH29=\"SINAPI\",VLOOKUP(EDE29,SINAPI,2,0),IF(EDH29=\"SETOP\",VLOOKUP(EDE29,SETOP,3,0),IF(EDH29=\"CPU\",VLOOKUP(EDE29,COMPOSIÇÃO,2,0),VLOOKUP(EDE29,COTAÇÃO,3,0))))","v":"BOMBEIRO/ENCANADOR COM ENCARGOS COMPLEMENTARES"},null,"SETOP",{"$f":"IF(EDH29=\"SINAPI\",VLOOKUP(EDE29,SINAPI,3,0),IF(EDH29=\"SETOP\",VLOOKUP(EDE29,SETOP,4,0),IF(EDH29=\"CPU\",VLOOKUP(EDE29,COMPOSIÇÃO,5,0),VLOOKUP(EDE29,COTAÇÃO,8,0))))","v":"HORA"},0.5,{"$f":"IF(EDH29=\"SINAPI\",VLOOKUP(EDE29,SINAPI,4,0),IF(EDH29=\"SETOP\",VLOOKUP(EDE29,SETOP,5,0),IF(EDH29=\"CPU\",VLOOKUP(EDE29,COMPOSIÇÃO,8,0),VLOOKUP(EDE29,COTAÇÃO,11,0))))","v":19.149999999999999},{"$f":"EDJ29*EDK29","v":9.5749999999999993},"ED-50374",{"$f":"IF(EDP29=\"SINAPI\",VLOOKUP(EDM29,SINAPI,2,0),IF(EDP29=\"SETOP\",VLOOKUP(EDM29,SETOP,3,0),IF(EDP29=\"CPU\",VLOOKUP(EDM29,COMPOSIÇÃO,2,0),VLOOKUP(EDM29,COTAÇÃO,3,0))))","v":"BOMBEIRO/ENCANADOR COM ENCARGOS COMPLEMENTARES"},null,"SETOP",{"$f":"IF(EDP29=\"SINAPI\",VLOOKUP(EDM29,SINAPI,3,0),IF(EDP29=\"SETOP\",VLOOKUP(EDM29,SETOP,4,0),IF(EDP29=\"CPU\",VLOOKUP(EDM29,COMPOSIÇÃO,5,0),VLOOKUP(EDM29,COTAÇÃO,8,0))))","v":"HORA"},0.5,{"$f":"IF(EDP29=\"SINAPI\",VLOOKUP(EDM29,SINAPI,4,0),IF(EDP29=\"SETOP\",VLOOKUP(EDM29,SETOP,5,0),IF(EDP29=\"CPU\",VLOOKUP(EDM29,COMPOSIÇÃO,8,0),VLOOKUP(EDM29,COTAÇÃO,11,0))))","v":19.149999999999999},{"$f":"EDR29*EDS29","v":9.5749999999999993},"ED-50374",{"$f":"IF(EDX29=\"SINAPI\",VLOOKUP(EDU29,SINAPI,2,0),IF(EDX29=\"SETOP\",VLOOKUP(EDU29,SETOP,3,0),IF(EDX29=\"CPU\",VLOOKUP(EDU29,COMPOSIÇÃO,2,0),VLOOKUP(EDU29,COTAÇÃO,3,0))))","v":"BOMBEIRO/ENCANADOR COM ENCARGOS COMPLEMENTARES"},null,"SETOP",{"$f":"IF(EDX29=\"SINAPI\",VLOOKUP(EDU29,SINAPI,3,0),IF(EDX29=\"SETOP\",VLOOKUP(EDU29,SETOP,4,0),IF(EDX29=\"CPU\",VLOOKUP(EDU29,COMPOSIÇÃO,5,0),VLOOKUP(EDU29,COTAÇÃO,8,0))))","v":"HORA"},0.5,{"$f":"IF(EDX29=\"SINAPI\",VLOOKUP(EDU29,SINAPI,4,0),IF(EDX29=\"SETOP\",VLOOKUP(EDU29,SETOP,5,0),IF(EDX29=\"CPU\",VLOOKUP(EDU29,COMPOSIÇÃO,8,0),VLOOKUP(EDU29,COTAÇÃO,11,0))))","v":19.149999999999999},{"$f":"EDZ29*EEA29","v":9.5749999999999993},"ED-50374",{"$f":"IF(EEF29=\"SINAPI\",VLOOKUP(EEC29,SINAPI,2,0),IF(EEF29=\"SETOP\",VLOOKUP(EEC29,SETOP,3,0),IF(EEF29=\"CPU\",VLOOKUP(EEC29,COMPOSIÇÃO,2,0),VLOOKUP(EEC29,COTAÇÃO,3,0))))","v":"BOMBEIRO/ENCANADOR COM ENCARGOS COMPLEMENTARES"},null,"SETOP",{"$f":"IF(EEF29=\"SINAPI\",VLOOKUP(EEC29,SINAPI,3,0),IF(EEF29=\"SETOP\",VLOOKUP(EEC29,SETOP,4,0),IF(EEF29=\"CPU\",VLOOKUP(EEC29,COMPOSIÇÃO,5,0),VLOOKUP(EEC29,COTAÇÃO,8,0))))","v":"HORA"},0.5,{"$f":"IF(EEF29=\"SINAPI\",VLOOKUP(EEC29,SINAPI,4,0),IF(EEF29=\"SETOP\",VLOOKUP(EEC29,SETOP,5,0),IF(EEF29=\"CPU\",VLOOKUP(EEC29,COMPOSIÇÃO,8,0),VLOOKUP(EEC29,COTAÇÃO,11,0))))","v":19.149999999999999},{"$f":"EEH29*EEI29","v":9.5749999999999993},"ED-50374",{"$f":"IF(EEN29=\"SINAPI\",VLOOKUP(EEK29,SINAPI,2,0),IF(EEN29=\"SETOP\",VLOOKUP(EEK29,SETOP,3,0),IF(EEN29=\"CPU\",VLOOKUP(EEK29,COMPOSIÇÃO,2,0),VLOOKUP(EEK29,COTAÇÃO,3,0))))","v":"BOMBEIRO/ENCANADOR COM ENCARGOS COMPLEMENTARES"},null,"SETOP",{"$f":"IF(EEN29=\"SINAPI\",VLOOKUP(EEK29,SINAPI,3,0),IF(EEN29=\"SETOP\",VLOOKUP(EEK29,SETOP,4,0),IF(EEN29=\"CPU\",VLOOKUP(EEK29,COMPOSIÇÃO,5,0),VLOOKUP(EEK29,COTAÇÃO,8,0))))","v":"HORA"},0.5,{"$f":"IF(EEN29=\"SINAPI\",VLOOKUP(EEK29,SINAPI,4,0),IF(EEN29=\"SETOP\",VLOOKUP(EEK29,SETOP,5,0),IF(EEN29=\"CPU\",VLOOKUP(EEK29,COMPOSIÇÃO,8,0),VLOOKUP(EEK29,COTAÇÃO,11,0))))","v":19.149999999999999},{"$f":"EEP29*EEQ29","v":9.5749999999999993},"ED-50374",{"$f":"IF(EEV29=\"SINAPI\",VLOOKUP(EES29,SINAPI,2,0),IF(EEV29=\"SETOP\",VLOOKUP(EES29,SETOP,3,0),IF(EEV29=\"CPU\",VLOOKUP(EES29,COMPOSIÇÃO,2,0),VLOOKUP(EES29,COTAÇÃO,3,0))))","v":"BOMBEIRO/ENCANADOR COM ENCARGOS COMPLEMENTARES"},null,"SETOP",{"$f":"IF(EEV29=\"SINAPI\",VLOOKUP(EES29,SINAPI,3,0),IF(EEV29=\"SETOP\",VLOOKUP(EES29,SETOP,4,0),IF(EEV29=\"CPU\",VLOOKUP(EES29,COMPOSIÇÃO,5,0),VLOOKUP(EES29,COTAÇÃO,8,0))))","v":"HORA"},0.5,{"$f":"IF(EEV29=\"SINAPI\",VLOOKUP(EES29,SINAPI,4,0),IF(EEV29=\"SETOP\",VLOOKUP(EES29,SETOP,5,0),IF(EEV29=\"CPU\",VLOOKUP(EES29,COMPOSIÇÃO,8,0),VLOOKUP(EES29,COTAÇÃO,11,0))))","v":19.149999999999999},{"$f":"EEX29*EEY29","v":9.5749999999999993},"ED-50374",{"$f":"IF(EFD29=\"SINAPI\",VLOOKUP(EFA29,SINAPI,2,0),IF(EFD29=\"SETOP\",VLOOKUP(EFA29,SETOP,3,0),IF(EFD29=\"CPU\",VLOOKUP(EFA29,COMPOSIÇÃO,2,0),VLOOKUP(EFA29,COTAÇÃO,3,0))))","v":"BOMBEIRO/ENCANADOR COM ENCARGOS COMPLEMENTARES"},null,"SETOP",{"$f":"IF(EFD29=\"SINAPI\",VLOOKUP(EFA29,SINAPI,3,0),IF(EFD29=\"SETOP\",VLOOKUP(EFA29,SETOP,4,0),IF(EFD29=\"CPU\",VLOOKUP(EFA29,COMPOSIÇÃO,5,0),VLOOKUP(EFA29,COTAÇÃO,8,0))))","v":"HORA"},0.5,{"$f":"IF(EFD29=\"SINAPI\",VLOOKUP(EFA29,SINAPI,4,0),IF(EFD29=\"SETOP\",VLOOKUP(EFA29,SETOP,5,0),IF(EFD29=\"CPU\",VLOOKUP(EFA29,COMPOSIÇÃO,8,0),VLOOKUP(EFA29,COTAÇÃO,11,0))))","v":19.149999999999999},{"$f":"EFF29*EFG29","v":9.5749999999999993},"ED-50374",{"$f":"IF(EFL29=\"SINAPI\",VLOOKUP(EFI29,SINAPI,2,0),IF(EFL29=\"SETOP\",VLOOKUP(EFI29,SETOP,3,0),IF(EFL29=\"CPU\",VLOOKUP(EFI29,COMPOSIÇÃO,2,0),VLOOKUP(EFI29,COTAÇÃO,3,0))))","v":"BOMBEIRO/ENCANADOR COM ENCARGOS COMPLEMENTARES"},null,"SETOP",{"$f":"IF(EFL29=\"SINAPI\",VLOOKUP(EFI29,SINAPI,3,0),IF(EFL29=\"SETOP\",VLOOKUP(EFI29,SETOP,4,0),IF(EFL29=\"CPU\",VLOOKUP(EFI29,COMPOSIÇÃO,5,0),VLOOKUP(EFI29,COTAÇÃO,8,0))))","v":"HORA"},0.5,{"$f":"IF(EFL29=\"SINAPI\",VLOOKUP(EFI29,SINAPI,4,0),IF(EFL29=\"SETOP\",VLOOKUP(EFI29,SETOP,5,0),IF(EFL29=\"CPU\",VLOOKUP(EFI29,COMPOSIÇÃO,8,0),VLOOKUP(EFI29,COTAÇÃO,11,0))))","v":19.149999999999999},{"$f":"EFN29*EFO29","v":9.5749999999999993},"ED-50374",{"$f":"IF(EFT29=\"SINAPI\",VLOOKUP(EFQ29,SINAPI,2,0),IF(EFT29=\"SETOP\",VLOOKUP(EFQ29,SETOP,3,0),IF(EFT29=\"CPU\",VLOOKUP(EFQ29,COMPOSIÇÃO,2,0),VLOOKUP(EFQ29,COTAÇÃO,3,0))))","v":"BOMBEIRO/ENCANADOR COM ENCARGOS COMPLEMENTARES"},null,"SETOP",{"$f":"IF(EFT29=\"SINAPI\",VLOOKUP(EFQ29,SINAPI,3,0),IF(EFT29=\"SETOP\",VLOOKUP(EFQ29,SETOP,4,0),IF(EFT29=\"CPU\",VLOOKUP(EFQ29,COMPOSIÇÃO,5,0),VLOOKUP(EFQ29,COTAÇÃO,8,0))))","v":"HORA"},0.5,{"$f":"IF(EFT29=\"SINAPI\",VLOOKUP(EFQ29,SINAPI,4,0),IF(EFT29=\"SETOP\",VLOOKUP(EFQ29,SETOP,5,0),IF(EFT29=\"CPU\",VLOOKUP(EFQ29,COMPOSIÇÃO,8,0),VLOOKUP(EFQ29,COTAÇÃO,11,0))))","v":19.149999999999999},{"$f":"EFV29*EFW29","v":9.5749999999999993},"ED-50374",{"$f":"IF(EGB29=\"SINAPI\",VLOOKUP(EFY29,SINAPI,2,0),IF(EGB29=\"SETOP\",VLOOKUP(EFY29,SETOP,3,0),IF(EGB29=\"CPU\",VLOOKUP(EFY29,COMPOSIÇÃO,2,0),VLOOKUP(EFY29,COTAÇÃO,3,0))))","v":"BOMBEIRO/ENCANADOR COM ENCARGOS COMPLEMENTARES"},null,"SETOP",{"$f":"IF(EGB29=\"SINAPI\",VLOOKUP(EFY29,SINAPI,3,0),IF(EGB29=\"SETOP\",VLOOKUP(EFY29,SETOP,4,0),IF(EGB29=\"CPU\",VLOOKUP(EFY29,COMPOSIÇÃO,5,0),VLOOKUP(EFY29,COTAÇÃO,8,0))))","v":"HORA"},0.5,{"$f":"IF(EGB29=\"SINAPI\",VLOOKUP(EFY29,SINAPI,4,0),IF(EGB29=\"SETOP\",VLOOKUP(EFY29,SETOP,5,0),IF(EGB29=\"CPU\",VLOOKUP(EFY29,COMPOSIÇÃO,8,0),VLOOKUP(EFY29,COTAÇÃO,11,0))))","v":19.149999999999999},{"$f":"EGD29*EGE29","v":9.5749999999999993},"ED-50374",{"$f":"IF(EGJ29=\"SINAPI\",VLOOKUP(EGG29,SINAPI,2,0),IF(EGJ29=\"SETOP\",VLOOKUP(EGG29,SETOP,3,0),IF(EGJ29=\"CPU\",VLOOKUP(EGG29,COMPOSIÇÃO,2,0),VLOOKUP(EGG29,COTAÇÃO,3,0))))","v":"BOMBEIRO/ENCANADOR COM ENCARGOS COMPLEMENTARES"},null,"SETOP",{"$f":"IF(EGJ29=\"SINAPI\",VLOOKUP(EGG29,SINAPI,3,0),IF(EGJ29=\"SETOP\",VLOOKUP(EGG29,SETOP,4,0),IF(EGJ29=\"CPU\",VLOOKUP(EGG29,COMPOSIÇÃO,5,0),VLOOKUP(EGG29,COTAÇÃO,8,0))))","v":"HORA"},0.5,{"$f":"IF(EGJ29=\"SINAPI\",VLOOKUP(EGG29,SINAPI,4,0),IF(EGJ29=\"SETOP\",VLOOKUP(EGG29,SETOP,5,0),IF(EGJ29=\"CPU\",VLOOKUP(EGG29,COMPOSIÇÃO,8,0),VLOOKUP(EGG29,COTAÇÃO,11,0))))","v":19.149999999999999},{"$f":"EGL29*EGM29","v":9.5749999999999993},"ED-50374",{"$f":"IF(EGR29=\"SINAPI\",VLOOKUP(EGO29,SINAPI,2,0),IF(EGR29=\"SETOP\",VLOOKUP(EGO29,SETOP,3,0),IF(EGR29=\"CPU\",VLOOKUP(EGO29,COMPOSIÇÃO,2,0),VLOOKUP(EGO29,COTAÇÃO,3,0))))","v":"BOMBEIRO/ENCANADOR COM ENCARGOS COMPLEMENTARES"},null,"SETOP",{"$f":"IF(EGR29=\"SINAPI\",VLOOKUP(EGO29,SINAPI,3,0),IF(EGR29=\"SETOP\",VLOOKUP(EGO29,SETOP,4,0),IF(EGR29=\"CPU\",VLOOKUP(EGO29,COMPOSIÇÃO,5,0),VLOOKUP(EGO29,COTAÇÃO,8,0))))","v":"HORA"},0.5,{"$f":"IF(EGR29=\"SINAPI\",VLOOKUP(EGO29,SINAPI,4,0),IF(EGR29=\"SETOP\",VLOOKUP(EGO29,SETOP,5,0),IF(EGR29=\"CPU\",VLOOKUP(EGO29,COMPOSIÇÃO,8,0),VLOOKUP(EGO29,COTAÇÃO,11,0))))","v":19.149999999999999},{"$f":"EGT29*EGU29","v":9.5749999999999993},"ED-50374",{"$f":"IF(EGZ29=\"SINAPI\",VLOOKUP(EGW29,SINAPI,2,0),IF(EGZ29=\"SETOP\",VLOOKUP(EGW29,SETOP,3,0),IF(EGZ29=\"CPU\",VLOOKUP(EGW29,COMPOSIÇÃO,2,0),VLOOKUP(EGW29,COTAÇÃO,3,0))))","v":"BOMBEIRO/ENCANADOR COM ENCARGOS COMPLEMENTARES"},null,"SETOP",{"$f":"IF(EGZ29=\"SINAPI\",VLOOKUP(EGW29,SINAPI,3,0),IF(EGZ29=\"SETOP\",VLOOKUP(EGW29,SETOP,4,0),IF(EGZ29=\"CPU\",VLOOKUP(EGW29,COMPOSIÇÃO,5,0),VLOOKUP(EGW29,COTAÇÃO,8,0))))","v":"HORA"},0.5,{"$f":"IF(EGZ29=\"SINAPI\",VLOOKUP(EGW29,SINAPI,4,0),IF(EGZ29=\"SETOP\",VLOOKUP(EGW29,SETOP,5,0),IF(EGZ29=\"CPU\",VLOOKUP(EGW29,COMPOSIÇÃO,8,0),VLOOKUP(EGW29,COTAÇÃO,11,0))))","v":19.149999999999999},{"$f":"EHB29*EHC29","v":9.5749999999999993},"ED-50374",{"$f":"IF(EHH29=\"SINAPI\",VLOOKUP(EHE29,SINAPI,2,0),IF(EHH29=\"SETOP\",VLOOKUP(EHE29,SETOP,3,0),IF(EHH29=\"CPU\",VLOOKUP(EHE29,COMPOSIÇÃO,2,0),VLOOKUP(EHE29,COTAÇÃO,3,0))))","v":"BOMBEIRO/ENCANADOR COM ENCARGOS COMPLEMENTARES"},null,"SETOP",{"$f":"IF(EHH29=\"SINAPI\",VLOOKUP(EHE29,SINAPI,3,0),IF(EHH29=\"SETOP\",VLOOKUP(EHE29,SETOP,4,0),IF(EHH29=\"CPU\",VLOOKUP(EHE29,COMPOSIÇÃO,5,0),VLOOKUP(EHE29,COTAÇÃO,8,0))))","v":"HORA"},0.5,{"$f":"IF(EHH29=\"SINAPI\",VLOOKUP(EHE29,SINAPI,4,0),IF(EHH29=\"SETOP\",VLOOKUP(EHE29,SETOP,5,0),IF(EHH29=\"CPU\",VLOOKUP(EHE29,COMPOSIÇÃO,8,0),VLOOKUP(EHE29,COTAÇÃO,11,0))))","v":19.149999999999999},{"$f":"EHJ29*EHK29","v":9.5749999999999993},"ED-50374",{"$f":"IF(EHP29=\"SINAPI\",VLOOKUP(EHM29,SINAPI,2,0),IF(EHP29=\"SETOP\",VLOOKUP(EHM29,SETOP,3,0),IF(EHP29=\"CPU\",VLOOKUP(EHM29,COMPOSIÇÃO,2,0),VLOOKUP(EHM29,COTAÇÃO,3,0))))","v":"BOMBEIRO/ENCANADOR COM ENCARGOS COMPLEMENTARES"},null,"SETOP",{"$f":"IF(EHP29=\"SINAPI\",VLOOKUP(EHM29,SINAPI,3,0),IF(EHP29=\"SETOP\",VLOOKUP(EHM29,SETOP,4,0),IF(EHP29=\"CPU\",VLOOKUP(EHM29,COMPOSIÇÃO,5,0),VLOOKUP(EHM29,COTAÇÃO,8,0))))","v":"HORA"},0.5,{"$f":"IF(EHP29=\"SINAPI\",VLOOKUP(EHM29,SINAPI,4,0),IF(EHP29=\"SETOP\",VLOOKUP(EHM29,SETOP,5,0),IF(EHP29=\"CPU\",VLOOKUP(EHM29,COMPOSIÇÃO,8,0),VLOOKUP(EHM29,COTAÇÃO,11,0))))","v":19.149999999999999},{"$f":"EHR29*EHS29","v":9.5749999999999993},"ED-50374",{"$f":"IF(EHX29=\"SINAPI\",VLOOKUP(EHU29,SINAPI,2,0),IF(EHX29=\"SETOP\",VLOOKUP(EHU29,SETOP,3,0),IF(EHX29=\"CPU\",VLOOKUP(EHU29,COMPOSIÇÃO,2,0),VLOOKUP(EHU29,COTAÇÃO,3,0))))","v":"BOMBEIRO/ENCANADOR COM ENCARGOS COMPLEMENTARES"},null,"SETOP",{"$f":"IF(EHX29=\"SINAPI\",VLOOKUP(EHU29,SINAPI,3,0),IF(EHX29=\"SETOP\",VLOOKUP(EHU29,SETOP,4,0),IF(EHX29=\"CPU\",VLOOKUP(EHU29,COMPOSIÇÃO,5,0),VLOOKUP(EHU29,COTAÇÃO,8,0))))","v":"HORA"},0.5,{"$f":"IF(EHX29=\"SINAPI\",VLOOKUP(EHU29,SINAPI,4,0),IF(EHX29=\"SETOP\",VLOOKUP(EHU29,SETOP,5,0),IF(EHX29=\"CPU\",VLOOKUP(EHU29,COMPOSIÇÃO,8,0),VLOOKUP(EHU29,COTAÇÃO,11,0))))","v":19.149999999999999},{"$f":"EHZ29*EIA29","v":9.5749999999999993},"ED-50374",{"$f":"IF(EIF29=\"SINAPI\",VLOOKUP(EIC29,SINAPI,2,0),IF(EIF29=\"SETOP\",VLOOKUP(EIC29,SETOP,3,0),IF(EIF29=\"CPU\",VLOOKUP(EIC29,COMPOSIÇÃO,2,0),VLOOKUP(EIC29,COTAÇÃO,3,0))))","v":"BOMBEIRO/ENCANADOR COM ENCARGOS COMPLEMENTARES"},null,"SETOP",{"$f":"IF(EIF29=\"SINAPI\",VLOOKUP(EIC29,SINAPI,3,0),IF(EIF29=\"SETOP\",VLOOKUP(EIC29,SETOP,4,0),IF(EIF29=\"CPU\",VLOOKUP(EIC29,COMPOSIÇÃO,5,0),VLOOKUP(EIC29,COTAÇÃO,8,0))))","v":"HORA"},0.5,{"$f":"IF(EIF29=\"SINAPI\",VLOOKUP(EIC29,SINAPI,4,0),IF(EIF29=\"SETOP\",VLOOKUP(EIC29,SETOP,5,0),IF(EIF29=\"CPU\",VLOOKUP(EIC29,COMPOSIÇÃO,8,0),VLOOKUP(EIC29,COTAÇÃO,11,0))))","v":19.149999999999999},{"$f":"EIH29*EII29","v":9.5749999999999993},"ED-50374",{"$f":"IF(EIN29=\"SINAPI\",VLOOKUP(EIK29,SINAPI,2,0),IF(EIN29=\"SETOP\",VLOOKUP(EIK29,SETOP,3,0),IF(EIN29=\"CPU\",VLOOKUP(EIK29,COMPOSIÇÃO,2,0),VLOOKUP(EIK29,COTAÇÃO,3,0))))","v":"BOMBEIRO/ENCANADOR COM ENCARGOS COMPLEMENTARES"},null,"SETOP",{"$f":"IF(EIN29=\"SINAPI\",VLOOKUP(EIK29,SINAPI,3,0),IF(EIN29=\"SETOP\",VLOOKUP(EIK29,SETOP,4,0),IF(EIN29=\"CPU\",VLOOKUP(EIK29,COMPOSIÇÃO,5,0),VLOOKUP(EIK29,COTAÇÃO,8,0))))","v":"HORA"},0.5,{"$f":"IF(EIN29=\"SINAPI\",VLOOKUP(EIK29,SINAPI,4,0),IF(EIN29=\"SETOP\",VLOOKUP(EIK29,SETOP,5,0),IF(EIN29=\"CPU\",VLOOKUP(EIK29,COMPOSIÇÃO,8,0),VLOOKUP(EIK29,COTAÇÃO,11,0))))","v":19.149999999999999},{"$f":"EIP29*EIQ29","v":9.5749999999999993},"ED-50374",{"$f":"IF(EIV29=\"SINAPI\",VLOOKUP(EIS29,SINAPI,2,0),IF(EIV29=\"SETOP\",VLOOKUP(EIS29,SETOP,3,0),IF(EIV29=\"CPU\",VLOOKUP(EIS29,COMPOSIÇÃO,2,0),VLOOKUP(EIS29,COTAÇÃO,3,0))))","v":"BOMBEIRO/ENCANADOR COM ENCARGOS COMPLEMENTARES"},null,"SETOP",{"$f":"IF(EIV29=\"SINAPI\",VLOOKUP(EIS29,SINAPI,3,0),IF(EIV29=\"SETOP\",VLOOKUP(EIS29,SETOP,4,0),IF(EIV29=\"CPU\",VLOOKUP(EIS29,COMPOSIÇÃO,5,0),VLOOKUP(EIS29,COTAÇÃO,8,0))))","v":"HORA"},0.5,{"$f":"IF(EIV29=\"SINAPI\",VLOOKUP(EIS29,SINAPI,4,0),IF(EIV29=\"SETOP\",VLOOKUP(EIS29,SETOP,5,0),IF(EIV29=\"CPU\",VLOOKUP(EIS29,COMPOSIÇÃO,8,0),VLOOKUP(EIS29,COTAÇÃO,11,0))))","v":19.149999999999999},{"$f":"EIX29*EIY29","v":9.5749999999999993},"ED-50374",{"$f":"IF(EJD29=\"SINAPI\",VLOOKUP(EJA29,SINAPI,2,0),IF(EJD29=\"SETOP\",VLOOKUP(EJA29,SETOP,3,0),IF(EJD29=\"CPU\",VLOOKUP(EJA29,COMPOSIÇÃO,2,0),VLOOKUP(EJA29,COTAÇÃO,3,0))))","v":"BOMBEIRO/ENCANADOR COM ENCARGOS COMPLEMENTARES"},null,"SETOP",{"$f":"IF(EJD29=\"SINAPI\",VLOOKUP(EJA29,SINAPI,3,0),IF(EJD29=\"SETOP\",VLOOKUP(EJA29,SETOP,4,0),IF(EJD29=\"CPU\",VLOOKUP(EJA29,COMPOSIÇÃO,5,0),VLOOKUP(EJA29,COTAÇÃO,8,0))))","v":"HORA"},0.5,{"$f":"IF(EJD29=\"SINAPI\",VLOOKUP(EJA29,SINAPI,4,0),IF(EJD29=\"SETOP\",VLOOKUP(EJA29,SETOP,5,0),IF(EJD29=\"CPU\",VLOOKUP(EJA29,COMPOSIÇÃO,8,0),VLOOKUP(EJA29,COTAÇÃO,11,0))))","v":19.149999999999999},{"$f":"EJF29*EJG29","v":9.5749999999999993},"ED-50374",{"$f":"IF(EJL29=\"SINAPI\",VLOOKUP(EJI29,SINAPI,2,0),IF(EJL29=\"SETOP\",VLOOKUP(EJI29,SETOP,3,0),IF(EJL29=\"CPU\",VLOOKUP(EJI29,COMPOSIÇÃO,2,0),VLOOKUP(EJI29,COTAÇÃO,3,0))))","v":"BOMBEIRO/ENCANADOR COM ENCARGOS COMPLEMENTARES"},null,"SETOP",{"$f":"IF(EJL29=\"SINAPI\",VLOOKUP(EJI29,SINAPI,3,0),IF(EJL29=\"SETOP\",VLOOKUP(EJI29,SETOP,4,0),IF(EJL29=\"CPU\",VLOOKUP(EJI29,COMPOSIÇÃO,5,0),VLOOKUP(EJI29,COTAÇÃO,8,0))))","v":"HORA"},0.5,{"$f":"IF(EJL29=\"SINAPI\",VLOOKUP(EJI29,SINAPI,4,0),IF(EJL29=\"SETOP\",VLOOKUP(EJI29,SETOP,5,0),IF(EJL29=\"CPU\",VLOOKUP(EJI29,COMPOSIÇÃO,8,0),VLOOKUP(EJI29,COTAÇÃO,11,0))))","v":19.149999999999999},{"$f":"EJN29*EJO29","v":9.5749999999999993},"ED-50374",{"$f":"IF(EJT29=\"SINAPI\",VLOOKUP(EJQ29,SINAPI,2,0),IF(EJT29=\"SETOP\",VLOOKUP(EJQ29,SETOP,3,0),IF(EJT29=\"CPU\",VLOOKUP(EJQ29,COMPOSIÇÃO,2,0),VLOOKUP(EJQ29,COTAÇÃO,3,0))))","v":"BOMBEIRO/ENCANADOR COM ENCARGOS COMPLEMENTARES"},null,"SETOP",{"$f":"IF(EJT29=\"SINAPI\",VLOOKUP(EJQ29,SINAPI,3,0),IF(EJT29=\"SETOP\",VLOOKUP(EJQ29,SETOP,4,0),IF(EJT29=\"CPU\",VLOOKUP(EJQ29,COMPOSIÇÃO,5,0),VLOOKUP(EJQ29,COTAÇÃO,8,0))))","v":"HORA"},0.5,{"$f":"IF(EJT29=\"SINAPI\",VLOOKUP(EJQ29,SINAPI,4,0),IF(EJT29=\"SETOP\",VLOOKUP(EJQ29,SETOP,5,0),IF(EJT29=\"CPU\",VLOOKUP(EJQ29,COMPOSIÇÃO,8,0),VLOOKUP(EJQ29,COTAÇÃO,11,0))))","v":19.149999999999999},{"$f":"EJV29*EJW29","v":9.5749999999999993},"ED-50374",{"$f":"IF(EKB29=\"SINAPI\",VLOOKUP(EJY29,SINAPI,2,0),IF(EKB29=\"SETOP\",VLOOKUP(EJY29,SETOP,3,0),IF(EKB29=\"CPU\",VLOOKUP(EJY29,COMPOSIÇÃO,2,0),VLOOKUP(EJY29,COTAÇÃO,3,0))))","v":"BOMBEIRO/ENCANADOR COM ENCARGOS COMPLEMENTARES"},null,"SETOP",{"$f":"IF(EKB29=\"SINAPI\",VLOOKUP(EJY29,SINAPI,3,0),IF(EKB29=\"SETOP\",VLOOKUP(EJY29,SETOP,4,0),IF(EKB29=\"CPU\",VLOOKUP(EJY29,COMPOSIÇÃO,5,0),VLOOKUP(EJY29,COTAÇÃO,8,0))))","v":"HORA"},0.5,{"$f":"IF(EKB29=\"SINAPI\",VLOOKUP(EJY29,SINAPI,4,0),IF(EKB29=\"SETOP\",VLOOKUP(EJY29,SETOP,5,0),IF(EKB29=\"CPU\",VLOOKUP(EJY29,COMPOSIÇÃO,8,0),VLOOKUP(EJY29,COTAÇÃO,11,0))))","v":19.149999999999999},{"$f":"EKD29*EKE29","v":9.5749999999999993},"ED-50374",{"$f":"IF(EKJ29=\"SINAPI\",VLOOKUP(EKG29,SINAPI,2,0),IF(EKJ29=\"SETOP\",VLOOKUP(EKG29,SETOP,3,0),IF(EKJ29=\"CPU\",VLOOKUP(EKG29,COMPOSIÇÃO,2,0),VLOOKUP(EKG29,COTAÇÃO,3,0))))","v":"BOMBEIRO/ENCANADOR COM ENCARGOS COMPLEMENTARES"},null,"SETOP",{"$f":"IF(EKJ29=\"SINAPI\",VLOOKUP(EKG29,SINAPI,3,0),IF(EKJ29=\"SETOP\",VLOOKUP(EKG29,SETOP,4,0),IF(EKJ29=\"CPU\",VLOOKUP(EKG29,COMPOSIÇÃO,5,0),VLOOKUP(EKG29,COTAÇÃO,8,0))))","v":"HORA"},0.5,{"$f":"IF(EKJ29=\"SINAPI\",VLOOKUP(EKG29,SINAPI,4,0),IF(EKJ29=\"SETOP\",VLOOKUP(EKG29,SETOP,5,0),IF(EKJ29=\"CPU\",VLOOKUP(EKG29,COMPOSIÇÃO,8,0),VLOOKUP(EKG29,COTAÇÃO,11,0))))","v":19.149999999999999},{"$f":"EKL29*EKM29","v":9.5749999999999993},"ED-50374",{"$f":"IF(EKR29=\"SINAPI\",VLOOKUP(EKO29,SINAPI,2,0),IF(EKR29=\"SETOP\",VLOOKUP(EKO29,SETOP,3,0),IF(EKR29=\"CPU\",VLOOKUP(EKO29,COMPOSIÇÃO,2,0),VLOOKUP(EKO29,COTAÇÃO,3,0))))","v":"BOMBEIRO/ENCANADOR COM ENCARGOS COMPLEMENTARES"},null,"SETOP",{"$f":"IF(EKR29=\"SINAPI\",VLOOKUP(EKO29,SINAPI,3,0),IF(EKR29=\"SETOP\",VLOOKUP(EKO29,SETOP,4,0),IF(EKR29=\"CPU\",VLOOKUP(EKO29,COMPOSIÇÃO,5,0),VLOOKUP(EKO29,COTAÇÃO,8,0))))","v":"HORA"},0.5,{"$f":"IF(EKR29=\"SINAPI\",VLOOKUP(EKO29,SINAPI,4,0),IF(EKR29=\"SETOP\",VLOOKUP(EKO29,SETOP,5,0),IF(EKR29=\"CPU\",VLOOKUP(EKO29,COMPOSIÇÃO,8,0),VLOOKUP(EKO29,COTAÇÃO,11,0))))","v":19.149999999999999},{"$f":"EKT29*EKU29","v":9.5749999999999993},"ED-50374",{"$f":"IF(EKZ29=\"SINAPI\",VLOOKUP(EKW29,SINAPI,2,0),IF(EKZ29=\"SETOP\",VLOOKUP(EKW29,SETOP,3,0),IF(EKZ29=\"CPU\",VLOOKUP(EKW29,COMPOSIÇÃO,2,0),VLOOKUP(EKW29,COTAÇÃO,3,0))))","v":"BOMBEIRO/ENCANADOR COM ENCARGOS COMPLEMENTARES"},null,"SETOP",{"$f":"IF(EKZ29=\"SINAPI\",VLOOKUP(EKW29,SINAPI,3,0),IF(EKZ29=\"SETOP\",VLOOKUP(EKW29,SETOP,4,0),IF(EKZ29=\"CPU\",VLOOKUP(EKW29,COMPOSIÇÃO,5,0),VLOOKUP(EKW29,COTAÇÃO,8,0))))","v":"HORA"},0.5,{"$f":"IF(EKZ29=\"SINAPI\",VLOOKUP(EKW29,SINAPI,4,0),IF(EKZ29=\"SETOP\",VLOOKUP(EKW29,SETOP,5,0),IF(EKZ29=\"CPU\",VLOOKUP(EKW29,COMPOSIÇÃO,8,0),VLOOKUP(EKW29,COTAÇÃO,11,0))))","v":19.149999999999999},{"$f":"ELB29*ELC29","v":9.5749999999999993},"ED-50374",{"$f":"IF(ELH29=\"SINAPI\",VLOOKUP(ELE29,SINAPI,2,0),IF(ELH29=\"SETOP\",VLOOKUP(ELE29,SETOP,3,0),IF(ELH29=\"CPU\",VLOOKUP(ELE29,COMPOSIÇÃO,2,0),VLOOKUP(ELE29,COTAÇÃO,3,0))))","v":"BOMBEIRO/ENCANADOR COM ENCARGOS COMPLEMENTARES"},null,"SETOP",{"$f":"IF(ELH29=\"SINAPI\",VLOOKUP(ELE29,SINAPI,3,0),IF(ELH29=\"SETOP\",VLOOKUP(ELE29,SETOP,4,0),IF(ELH29=\"CPU\",VLOOKUP(ELE29,COMPOSIÇÃO,5,0),VLOOKUP(ELE29,COTAÇÃO,8,0))))","v":"HORA"},0.5,{"$f":"IF(ELH29=\"SINAPI\",VLOOKUP(ELE29,SINAPI,4,0),IF(ELH29=\"SETOP\",VLOOKUP(ELE29,SETOP,5,0),IF(ELH29=\"CPU\",VLOOKUP(ELE29,COMPOSIÇÃO,8,0),VLOOKUP(ELE29,COTAÇÃO,11,0))))","v":19.149999999999999},{"$f":"ELJ29*ELK29","v":9.5749999999999993},"ED-50374",{"$f":"IF(ELP29=\"SINAPI\",VLOOKUP(ELM29,SINAPI,2,0),IF(ELP29=\"SETOP\",VLOOKUP(ELM29,SETOP,3,0),IF(ELP29=\"CPU\",VLOOKUP(ELM29,COMPOSIÇÃO,2,0),VLOOKUP(ELM29,COTAÇÃO,3,0))))","v":"BOMBEIRO/ENCANADOR COM ENCARGOS COMPLEMENTARES"},null,"SETOP",{"$f":"IF(ELP29=\"SINAPI\",VLOOKUP(ELM29,SINAPI,3,0),IF(ELP29=\"SETOP\",VLOOKUP(ELM29,SETOP,4,0),IF(ELP29=\"CPU\",VLOOKUP(ELM29,COMPOSIÇÃO,5,0),VLOOKUP(ELM29,COTAÇÃO,8,0))))","v":"HORA"},0.5,{"$f":"IF(ELP29=\"SINAPI\",VLOOKUP(ELM29,SINAPI,4,0),IF(ELP29=\"SETOP\",VLOOKUP(ELM29,SETOP,5,0),IF(ELP29=\"CPU\",VLOOKUP(ELM29,COMPOSIÇÃO,8,0),VLOOKUP(ELM29,COTAÇÃO,11,0))))","v":19.149999999999999},{"$f":"ELR29*ELS29","v":9.5749999999999993},"ED-50374",{"$f":"IF(ELX29=\"SINAPI\",VLOOKUP(ELU29,SINAPI,2,0),IF(ELX29=\"SETOP\",VLOOKUP(ELU29,SETOP,3,0),IF(ELX29=\"CPU\",VLOOKUP(ELU29,COMPOSIÇÃO,2,0),VLOOKUP(ELU29,COTAÇÃO,3,0))))","v":"BOMBEIRO/ENCANADOR COM ENCARGOS COMPLEMENTARES"},null,"SETOP",{"$f":"IF(ELX29=\"SINAPI\",VLOOKUP(ELU29,SINAPI,3,0),IF(ELX29=\"SETOP\",VLOOKUP(ELU29,SETOP,4,0),IF(ELX29=\"CPU\",VLOOKUP(ELU29,COMPOSIÇÃO,5,0),VLOOKUP(ELU29,COTAÇÃO,8,0))))","v":"HORA"},0.5,{"$f":"IF(ELX29=\"SINAPI\",VLOOKUP(ELU29,SINAPI,4,0),IF(ELX29=\"SETOP\",VLOOKUP(ELU29,SETOP,5,0),IF(ELX29=\"CPU\",VLOOKUP(ELU29,COMPOSIÇÃO,8,0),VLOOKUP(ELU29,COTAÇÃO,11,0))))","v":19.149999999999999},{"$f":"ELZ29*EMA29","v":9.5749999999999993},"ED-50374",{"$f":"IF(EMF29=\"SINAPI\",VLOOKUP(EMC29,SINAPI,2,0),IF(EMF29=\"SETOP\",VLOOKUP(EMC29,SETOP,3,0),IF(EMF29=\"CPU\",VLOOKUP(EMC29,COMPOSIÇÃO,2,0),VLOOKUP(EMC29,COTAÇÃO,3,0))))","v":"BOMBEIRO/ENCANADOR COM ENCARGOS COMPLEMENTARES"},null,"SETOP",{"$f":"IF(EMF29=\"SINAPI\",VLOOKUP(EMC29,SINAPI,3,0),IF(EMF29=\"SETOP\",VLOOKUP(EMC29,SETOP,4,0),IF(EMF29=\"CPU\",VLOOKUP(EMC29,COMPOSIÇÃO,5,0),VLOOKUP(EMC29,COTAÇÃO,8,0))))","v":"HORA"},0.5,{"$f":"IF(EMF29=\"SINAPI\",VLOOKUP(EMC29,SINAPI,4,0),IF(EMF29=\"SETOP\",VLOOKUP(EMC29,SETOP,5,0),IF(EMF29=\"CPU\",VLOOKUP(EMC29,COMPOSIÇÃO,8,0),VLOOKUP(EMC29,COTAÇÃO,11,0))))","v":19.149999999999999},{"$f":"EMH29*EMI29","v":9.5749999999999993},"ED-50374",{"$f":"IF(EMN29=\"SINAPI\",VLOOKUP(EMK29,SINAPI,2,0),IF(EMN29=\"SETOP\",VLOOKUP(EMK29,SETOP,3,0),IF(EMN29=\"CPU\",VLOOKUP(EMK29,COMPOSIÇÃO,2,0),VLOOKUP(EMK29,COTAÇÃO,3,0))))","v":"BOMBEIRO/ENCANADOR COM ENCARGOS COMPLEMENTARES"},null,"SETOP",{"$f":"IF(EMN29=\"SINAPI\",VLOOKUP(EMK29,SINAPI,3,0),IF(EMN29=\"SETOP\",VLOOKUP(EMK29,SETOP,4,0),IF(EMN29=\"CPU\",VLOOKUP(EMK29,COMPOSIÇÃO,5,0),VLOOKUP(EMK29,COTAÇÃO,8,0))))","v":"HORA"},0.5,{"$f":"IF(EMN29=\"SINAPI\",VLOOKUP(EMK29,SINAPI,4,0),IF(EMN29=\"SETOP\",VLOOKUP(EMK29,SETOP,5,0),IF(EMN29=\"CPU\",VLOOKUP(EMK29,COMPOSIÇÃO,8,0),VLOOKUP(EMK29,COTAÇÃO,11,0))))","v":19.149999999999999},{"$f":"EMP29*EMQ29","v":9.5749999999999993},"ED-50374",{"$f":"IF(EMV29=\"SINAPI\",VLOOKUP(EMS29,SINAPI,2,0),IF(EMV29=\"SETOP\",VLOOKUP(EMS29,SETOP,3,0),IF(EMV29=\"CPU\",VLOOKUP(EMS29,COMPOSIÇÃO,2,0),VLOOKUP(EMS29,COTAÇÃO,3,0))))","v":"BOMBEIRO/ENCANADOR COM ENCARGOS COMPLEMENTARES"},null,"SETOP",{"$f":"IF(EMV29=\"SINAPI\",VLOOKUP(EMS29,SINAPI,3,0),IF(EMV29=\"SETOP\",VLOOKUP(EMS29,SETOP,4,0),IF(EMV29=\"CPU\",VLOOKUP(EMS29,COMPOSIÇÃO,5,0),VLOOKUP(EMS29,COTAÇÃO,8,0))))","v":"HORA"},0.5,{"$f":"IF(EMV29=\"SINAPI\",VLOOKUP(EMS29,SINAPI,4,0),IF(EMV29=\"SETOP\",VLOOKUP(EMS29,SETOP,5,0),IF(EMV29=\"CPU\",VLOOKUP(EMS29,COMPOSIÇÃO,8,0),VLOOKUP(EMS29,COTAÇÃO,11,0))))","v":19.149999999999999},{"$f":"EMX29*EMY29","v":9.5749999999999993},"ED-50374",{"$f":"IF(END29=\"SINAPI\",VLOOKUP(ENA29,SINAPI,2,0),IF(END29=\"SETOP\",VLOOKUP(ENA29,SETOP,3,0),IF(END29=\"CPU\",VLOOKUP(ENA29,COMPOSIÇÃO,2,0),VLOOKUP(ENA29,COTAÇÃO,3,0))))","v":"BOMBEIRO/ENCANADOR COM ENCARGOS COMPLEMENTARES"},null,"SETOP",{"$f":"IF(END29=\"SINAPI\",VLOOKUP(ENA29,SINAPI,3,0),IF(END29=\"SETOP\",VLOOKUP(ENA29,SETOP,4,0),IF(END29=\"CPU\",VLOOKUP(ENA29,COMPOSIÇÃO,5,0),VLOOKUP(ENA29,COTAÇÃO,8,0))))","v":"HORA"},0.5,{"$f":"IF(END29=\"SINAPI\",VLOOKUP(ENA29,SINAPI,4,0),IF(END29=\"SETOP\",VLOOKUP(ENA29,SETOP,5,0),IF(END29=\"CPU\",VLOOKUP(ENA29,COMPOSIÇÃO,8,0),VLOOKUP(ENA29,COTAÇÃO,11,0))))","v":19.149999999999999},{"$f":"ENF29*ENG29","v":9.5749999999999993},"ED-50374",{"$f":"IF(ENL29=\"SINAPI\",VLOOKUP(ENI29,SINAPI,2,0),IF(ENL29=\"SETOP\",VLOOKUP(ENI29,SETOP,3,0),IF(ENL29=\"CPU\",VLOOKUP(ENI29,COMPOSIÇÃO,2,0),VLOOKUP(ENI29,COTAÇÃO,3,0))))","v":"BOMBEIRO/ENCANADOR COM ENCARGOS COMPLEMENTARES"},null,"SETOP",{"$f":"IF(ENL29=\"SINAPI\",VLOOKUP(ENI29,SINAPI,3,0),IF(ENL29=\"SETOP\",VLOOKUP(ENI29,SETOP,4,0),IF(ENL29=\"CPU\",VLOOKUP(ENI29,COMPOSIÇÃO,5,0),VLOOKUP(ENI29,COTAÇÃO,8,0))))","v":"HORA"},0.5,{"$f":"IF(ENL29=\"SINAPI\",VLOOKUP(ENI29,SINAPI,4,0),IF(ENL29=\"SETOP\",VLOOKUP(ENI29,SETOP,5,0),IF(ENL29=\"CPU\",VLOOKUP(ENI29,COMPOSIÇÃO,8,0),VLOOKUP(ENI29,COTAÇÃO,11,0))))","v":19.149999999999999},{"$f":"ENN29*ENO29","v":9.5749999999999993},"ED-50374",{"$f":"IF(ENT29=\"SINAPI\",VLOOKUP(ENQ29,SINAPI,2,0),IF(ENT29=\"SETOP\",VLOOKUP(ENQ29,SETOP,3,0),IF(ENT29=\"CPU\",VLOOKUP(ENQ29,COMPOSIÇÃO,2,0),VLOOKUP(ENQ29,COTAÇÃO,3,0))))","v":"BOMBEIRO/ENCANADOR COM ENCARGOS COMPLEMENTARES"},null,"SETOP",{"$f":"IF(ENT29=\"SINAPI\",VLOOKUP(ENQ29,SINAPI,3,0),IF(ENT29=\"SETOP\",VLOOKUP(ENQ29,SETOP,4,0),IF(ENT29=\"CPU\",VLOOKUP(ENQ29,COMPOSIÇÃO,5,0),VLOOKUP(ENQ29,COTAÇÃO,8,0))))","v":"HORA"},0.5,{"$f":"IF(ENT29=\"SINAPI\",VLOOKUP(ENQ29,SINAPI,4,0),IF(ENT29=\"SETOP\",VLOOKUP(ENQ29,SETOP,5,0),IF(ENT29=\"CPU\",VLOOKUP(ENQ29,COMPOSIÇÃO,8,0),VLOOKUP(ENQ29,COTAÇÃO,11,0))))","v":19.149999999999999},{"$f":"ENV29*ENW29","v":9.5749999999999993},"ED-50374",{"$f":"IF(EOB29=\"SINAPI\",VLOOKUP(ENY29,SINAPI,2,0),IF(EOB29=\"SETOP\",VLOOKUP(ENY29,SETOP,3,0),IF(EOB29=\"CPU\",VLOOKUP(ENY29,COMPOSIÇÃO,2,0),VLOOKUP(ENY29,COTAÇÃO,3,0))))","v":"BOMBEIRO/ENCANADOR COM ENCARGOS COMPLEMENTARES"},null,"SETOP",{"$f":"IF(EOB29=\"SINAPI\",VLOOKUP(ENY29,SINAPI,3,0),IF(EOB29=\"SETOP\",VLOOKUP(ENY29,SETOP,4,0),IF(EOB29=\"CPU\",VLOOKUP(ENY29,COMPOSIÇÃO,5,0),VLOOKUP(ENY29,COTAÇÃO,8,0))))","v":"HORA"},0.5,{"$f":"IF(EOB29=\"SINAPI\",VLOOKUP(ENY29,SINAPI,4,0),IF(EOB29=\"SETOP\",VLOOKUP(ENY29,SETOP,5,0),IF(EOB29=\"CPU\",VLOOKUP(ENY29,COMPOSIÇÃO,8,0),VLOOKUP(ENY29,COTAÇÃO,11,0))))","v":19.149999999999999},{"$f":"EOD29*EOE29","v":9.5749999999999993},"ED-50374",{"$f":"IF(EOJ29=\"SINAPI\",VLOOKUP(EOG29,SINAPI,2,0),IF(EOJ29=\"SETOP\",VLOOKUP(EOG29,SETOP,3,0),IF(EOJ29=\"CPU\",VLOOKUP(EOG29,COMPOSIÇÃO,2,0),VLOOKUP(EOG29,COTAÇÃO,3,0))))","v":"BOMBEIRO/ENCANADOR COM ENCARGOS COMPLEMENTARES"},null,"SETOP",{"$f":"IF(EOJ29=\"SINAPI\",VLOOKUP(EOG29,SINAPI,3,0),IF(EOJ29=\"SETOP\",VLOOKUP(EOG29,SETOP,4,0),IF(EOJ29=\"CPU\",VLOOKUP(EOG29,COMPOSIÇÃO,5,0),VLOOKUP(EOG29,COTAÇÃO,8,0))))","v":"HORA"},0.5,{"$f":"IF(EOJ29=\"SINAPI\",VLOOKUP(EOG29,SINAPI,4,0),IF(EOJ29=\"SETOP\",VLOOKUP(EOG29,SETOP,5,0),IF(EOJ29=\"CPU\",VLOOKUP(EOG29,COMPOSIÇÃO,8,0),VLOOKUP(EOG29,COTAÇÃO,11,0))))","v":19.149999999999999},{"$f":"EOL29*EOM29","v":9.5749999999999993},"ED-50374",{"$f":"IF(EOR29=\"SINAPI\",VLOOKUP(EOO29,SINAPI,2,0),IF(EOR29=\"SETOP\",VLOOKUP(EOO29,SETOP,3,0),IF(EOR29=\"CPU\",VLOOKUP(EOO29,COMPOSIÇÃO,2,0),VLOOKUP(EOO29,COTAÇÃO,3,0))))","v":"BOMBEIRO/ENCANADOR COM ENCARGOS COMPLEMENTARES"},null,"SETOP",{"$f":"IF(EOR29=\"SINAPI\",VLOOKUP(EOO29,SINAPI,3,0),IF(EOR29=\"SETOP\",VLOOKUP(EOO29,SETOP,4,0),IF(EOR29=\"CPU\",VLOOKUP(EOO29,COMPOSIÇÃO,5,0),VLOOKUP(EOO29,COTAÇÃO,8,0))))","v":"HORA"},0.5,{"$f":"IF(EOR29=\"SINAPI\",VLOOKUP(EOO29,SINAPI,4,0),IF(EOR29=\"SETOP\",VLOOKUP(EOO29,SETOP,5,0),IF(EOR29=\"CPU\",VLOOKUP(EOO29,COMPOSIÇÃO,8,0),VLOOKUP(EOO29,COTAÇÃO,11,0))))","v":19.149999999999999},{"$f":"EOT29*EOU29","v":9.5749999999999993},"ED-50374",{"$f":"IF(EOZ29=\"SINAPI\",VLOOKUP(EOW29,SINAPI,2,0),IF(EOZ29=\"SETOP\",VLOOKUP(EOW29,SETOP,3,0),IF(EOZ29=\"CPU\",VLOOKUP(EOW29,COMPOSIÇÃO,2,0),VLOOKUP(EOW29,COTAÇÃO,3,0))))","v":"BOMBEIRO/ENCANADOR COM ENCARGOS COMPLEMENTARES"},null,"SETOP",{"$f":"IF(EOZ29=\"SINAPI\",VLOOKUP(EOW29,SINAPI,3,0),IF(EOZ29=\"SETOP\",VLOOKUP(EOW29,SETOP,4,0),IF(EOZ29=\"CPU\",VLOOKUP(EOW29,COMPOSIÇÃO,5,0),VLOOKUP(EOW29,COTAÇÃO,8,0))))","v":"HORA"},0.5,{"$f":"IF(EOZ29=\"SINAPI\",VLOOKUP(EOW29,SINAPI,4,0),IF(EOZ29=\"SETOP\",VLOOKUP(EOW29,SETOP,5,0),IF(EOZ29=\"CPU\",VLOOKUP(EOW29,COMPOSIÇÃO,8,0),VLOOKUP(EOW29,COTAÇÃO,11,0))))","v":19.149999999999999},{"$f":"EPB29*EPC29","v":9.5749999999999993},"ED-50374",{"$f":"IF(EPH29=\"SINAPI\",VLOOKUP(EPE29,SINAPI,2,0),IF(EPH29=\"SETOP\",VLOOKUP(EPE29,SETOP,3,0),IF(EPH29=\"CPU\",VLOOKUP(EPE29,COMPOSIÇÃO,2,0),VLOOKUP(EPE29,COTAÇÃO,3,0))))","v":"BOMBEIRO/ENCANADOR COM ENCARGOS COMPLEMENTARES"},null,"SETOP",{"$f":"IF(EPH29=\"SINAPI\",VLOOKUP(EPE29,SINAPI,3,0),IF(EPH29=\"SETOP\",VLOOKUP(EPE29,SETOP,4,0),IF(EPH29=\"CPU\",VLOOKUP(EPE29,COMPOSIÇÃO,5,0),VLOOKUP(EPE29,COTAÇÃO,8,0))))","v":"HORA"},0.5,{"$f":"IF(EPH29=\"SINAPI\",VLOOKUP(EPE29,SINAPI,4,0),IF(EPH29=\"SETOP\",VLOOKUP(EPE29,SETOP,5,0),IF(EPH29=\"CPU\",VLOOKUP(EPE29,COMPOSIÇÃO,8,0),VLOOKUP(EPE29,COTAÇÃO,11,0))))","v":19.149999999999999},{"$f":"EPJ29*EPK29","v":9.5749999999999993},"ED-50374",{"$f":"IF(EPP29=\"SINAPI\",VLOOKUP(EPM29,SINAPI,2,0),IF(EPP29=\"SETOP\",VLOOKUP(EPM29,SETOP,3,0),IF(EPP29=\"CPU\",VLOOKUP(EPM29,COMPOSIÇÃO,2,0),VLOOKUP(EPM29,COTAÇÃO,3,0))))","v":"BOMBEIRO/ENCANADOR COM ENCARGOS COMPLEMENTARES"},null,"SETOP",{"$f":"IF(EPP29=\"SINAPI\",VLOOKUP(EPM29,SINAPI,3,0),IF(EPP29=\"SETOP\",VLOOKUP(EPM29,SETOP,4,0),IF(EPP29=\"CPU\",VLOOKUP(EPM29,COMPOSIÇÃO,5,0),VLOOKUP(EPM29,COTAÇÃO,8,0))))","v":"HORA"},0.5,{"$f":"IF(EPP29=\"SINAPI\",VLOOKUP(EPM29,SINAPI,4,0),IF(EPP29=\"SETOP\",VLOOKUP(EPM29,SETOP,5,0),IF(EPP29=\"CPU\",VLOOKUP(EPM29,COMPOSIÇÃO,8,0),VLOOKUP(EPM29,COTAÇÃO,11,0))))","v":19.149999999999999},{"$f":"EPR29*EPS29","v":9.5749999999999993},"ED-50374",{"$f":"IF(EPX29=\"SINAPI\",VLOOKUP(EPU29,SINAPI,2,0),IF(EPX29=\"SETOP\",VLOOKUP(EPU29,SETOP,3,0),IF(EPX29=\"CPU\",VLOOKUP(EPU29,COMPOSIÇÃO,2,0),VLOOKUP(EPU29,COTAÇÃO,3,0))))","v":"BOMBEIRO/ENCANADOR COM ENCARGOS COMPLEMENTARES"},null,"SETOP",{"$f":"IF(EPX29=\"SINAPI\",VLOOKUP(EPU29,SINAPI,3,0),IF(EPX29=\"SETOP\",VLOOKUP(EPU29,SETOP,4,0),IF(EPX29=\"CPU\",VLOOKUP(EPU29,COMPOSIÇÃO,5,0),VLOOKUP(EPU29,COTAÇÃO,8,0))))","v":"HORA"},0.5,{"$f":"IF(EPX29=\"SINAPI\",VLOOKUP(EPU29,SINAPI,4,0),IF(EPX29=\"SETOP\",VLOOKUP(EPU29,SETOP,5,0),IF(EPX29=\"CPU\",VLOOKUP(EPU29,COMPOSIÇÃO,8,0),VLOOKUP(EPU29,COTAÇÃO,11,0))))","v":19.149999999999999},{"$f":"EPZ29*EQA29","v":9.5749999999999993},"ED-50374",{"$f":"IF(EQF29=\"SINAPI\",VLOOKUP(EQC29,SINAPI,2,0),IF(EQF29=\"SETOP\",VLOOKUP(EQC29,SETOP,3,0),IF(EQF29=\"CPU\",VLOOKUP(EQC29,COMPOSIÇÃO,2,0),VLOOKUP(EQC29,COTAÇÃO,3,0))))","v":"BOMBEIRO/ENCANADOR COM ENCARGOS COMPLEMENTARES"},null,"SETOP",{"$f":"IF(EQF29=\"SINAPI\",VLOOKUP(EQC29,SINAPI,3,0),IF(EQF29=\"SETOP\",VLOOKUP(EQC29,SETOP,4,0),IF(EQF29=\"CPU\",VLOOKUP(EQC29,COMPOSIÇÃO,5,0),VLOOKUP(EQC29,COTAÇÃO,8,0))))","v":"HORA"},0.5,{"$f":"IF(EQF29=\"SINAPI\",VLOOKUP(EQC29,SINAPI,4,0),IF(EQF29=\"SETOP\",VLOOKUP(EQC29,SETOP,5,0),IF(EQF29=\"CPU\",VLOOKUP(EQC29,COMPOSIÇÃO,8,0),VLOOKUP(EQC29,COTAÇÃO,11,0))))","v":19.149999999999999},{"$f":"EQH29*EQI29","v":9.5749999999999993},"ED-50374",{"$f":"IF(EQN29=\"SINAPI\",VLOOKUP(EQK29,SINAPI,2,0),IF(EQN29=\"SETOP\",VLOOKUP(EQK29,SETOP,3,0),IF(EQN29=\"CPU\",VLOOKUP(EQK29,COMPOSIÇÃO,2,0),VLOOKUP(EQK29,COTAÇÃO,3,0))))","v":"BOMBEIRO/ENCANADOR COM ENCARGOS COMPLEMENTARES"},null,"SETOP",{"$f":"IF(EQN29=\"SINAPI\",VLOOKUP(EQK29,SINAPI,3,0),IF(EQN29=\"SETOP\",VLOOKUP(EQK29,SETOP,4,0),IF(EQN29=\"CPU\",VLOOKUP(EQK29,COMPOSIÇÃO,5,0),VLOOKUP(EQK29,COTAÇÃO,8,0))))","v":"HORA"},0.5,{"$f":"IF(EQN29=\"SINAPI\",VLOOKUP(EQK29,SINAPI,4,0),IF(EQN29=\"SETOP\",VLOOKUP(EQK29,SETOP,5,0),IF(EQN29=\"CPU\",VLOOKUP(EQK29,COMPOSIÇÃO,8,0),VLOOKUP(EQK29,COTAÇÃO,11,0))))","v":19.149999999999999},{"$f":"EQP29*EQQ29","v":9.5749999999999993},"ED-50374",{"$f":"IF(EQV29=\"SINAPI\",VLOOKUP(EQS29,SINAPI,2,0),IF(EQV29=\"SETOP\",VLOOKUP(EQS29,SETOP,3,0),IF(EQV29=\"CPU\",VLOOKUP(EQS29,COMPOSIÇÃO,2,0),VLOOKUP(EQS29,COTAÇÃO,3,0))))","v":"BOMBEIRO/ENCANADOR COM ENCARGOS COMPLEMENTARES"},null,"SETOP",{"$f":"IF(EQV29=\"SINAPI\",VLOOKUP(EQS29,SINAPI,3,0),IF(EQV29=\"SETOP\",VLOOKUP(EQS29,SETOP,4,0),IF(EQV29=\"CPU\",VLOOKUP(EQS29,COMPOSIÇÃO,5,0),VLOOKUP(EQS29,COTAÇÃO,8,0))))","v":"HORA"},0.5,{"$f":"IF(EQV29=\"SINAPI\",VLOOKUP(EQS29,SINAPI,4,0),IF(EQV29=\"SETOP\",VLOOKUP(EQS29,SETOP,5,0),IF(EQV29=\"CPU\",VLOOKUP(EQS29,COMPOSIÇÃO,8,0),VLOOKUP(EQS29,COTAÇÃO,11,0))))","v":19.149999999999999},{"$f":"EQX29*EQY29","v":9.5749999999999993},"ED-50374",{"$f":"IF(ERD29=\"SINAPI\",VLOOKUP(ERA29,SINAPI,2,0),IF(ERD29=\"SETOP\",VLOOKUP(ERA29,SETOP,3,0),IF(ERD29=\"CPU\",VLOOKUP(ERA29,COMPOSIÇÃO,2,0),VLOOKUP(ERA29,COTAÇÃO,3,0))))","v":"BOMBEIRO/ENCANADOR COM ENCARGOS COMPLEMENTARES"},null,"SETOP",{"$f":"IF(ERD29=\"SINAPI\",VLOOKUP(ERA29,SINAPI,3,0),IF(ERD29=\"SETOP\",VLOOKUP(ERA29,SETOP,4,0),IF(ERD29=\"CPU\",VLOOKUP(ERA29,COMPOSIÇÃO,5,0),VLOOKUP(ERA29,COTAÇÃO,8,0))))","v":"HORA"},0.5,{"$f":"IF(ERD29=\"SINAPI\",VLOOKUP(ERA29,SINAPI,4,0),IF(ERD29=\"SETOP\",VLOOKUP(ERA29,SETOP,5,0),IF(ERD29=\"CPU\",VLOOKUP(ERA29,COMPOSIÇÃO,8,0),VLOOKUP(ERA29,COTAÇÃO,11,0))))","v":19.149999999999999},{"$f":"ERF29*ERG29","v":9.5749999999999993},"ED-50374",{"$f":"IF(ERL29=\"SINAPI\",VLOOKUP(ERI29,SINAPI,2,0),IF(ERL29=\"SETOP\",VLOOKUP(ERI29,SETOP,3,0),IF(ERL29=\"CPU\",VLOOKUP(ERI29,COMPOSIÇÃO,2,0),VLOOKUP(ERI29,COTAÇÃO,3,0))))","v":"BOMBEIRO/ENCANADOR COM ENCARGOS COMPLEMENTARES"},null,"SETOP",{"$f":"IF(ERL29=\"SINAPI\",VLOOKUP(ERI29,SINAPI,3,0),IF(ERL29=\"SETOP\",VLOOKUP(ERI29,SETOP,4,0),IF(ERL29=\"CPU\",VLOOKUP(ERI29,COMPOSIÇÃO,5,0),VLOOKUP(ERI29,COTAÇÃO,8,0))))","v":"HORA"},0.5,{"$f":"IF(ERL29=\"SINAPI\",VLOOKUP(ERI29,SINAPI,4,0),IF(ERL29=\"SETOP\",VLOOKUP(ERI29,SETOP,5,0),IF(ERL29=\"CPU\",VLOOKUP(ERI29,COMPOSIÇÃO,8,0),VLOOKUP(ERI29,COTAÇÃO,11,0))))","v":19.149999999999999},{"$f":"ERN29*ERO29","v":9.5749999999999993},"ED-50374",{"$f":"IF(ERT29=\"SINAPI\",VLOOKUP(ERQ29,SINAPI,2,0),IF(ERT29=\"SETOP\",VLOOKUP(ERQ29,SETOP,3,0),IF(ERT29=\"CPU\",VLOOKUP(ERQ29,COMPOSIÇÃO,2,0),VLOOKUP(ERQ29,COTAÇÃO,3,0))))","v":"BOMBEIRO/ENCANADOR COM ENCARGOS COMPLEMENTARES"},null,"SETOP",{"$f":"IF(ERT29=\"SINAPI\",VLOOKUP(ERQ29,SINAPI,3,0),IF(ERT29=\"SETOP\",VLOOKUP(ERQ29,SETOP,4,0),IF(ERT29=\"CPU\",VLOOKUP(ERQ29,COMPOSIÇÃO,5,0),VLOOKUP(ERQ29,COTAÇÃO,8,0))))","v":"HORA"},0.5,{"$f":"IF(ERT29=\"SINAPI\",VLOOKUP(ERQ29,SINAPI,4,0),IF(ERT29=\"SETOP\",VLOOKUP(ERQ29,SETOP,5,0),IF(ERT29=\"CPU\",VLOOKUP(ERQ29,COMPOSIÇÃO,8,0),VLOOKUP(ERQ29,COTAÇÃO,11,0))))","v":19.149999999999999},{"$f":"ERV29*ERW29","v":9.5749999999999993},"ED-50374",{"$f":"IF(ESB29=\"SINAPI\",VLOOKUP(ERY29,SINAPI,2,0),IF(ESB29=\"SETOP\",VLOOKUP(ERY29,SETOP,3,0),IF(ESB29=\"CPU\",VLOOKUP(ERY29,COMPOSIÇÃO,2,0),VLOOKUP(ERY29,COTAÇÃO,3,0))))","v":"BOMBEIRO/ENCANADOR COM ENCARGOS COMPLEMENTARES"},null,"SETOP",{"$f":"IF(ESB29=\"SINAPI\",VLOOKUP(ERY29,SINAPI,3,0),IF(ESB29=\"SETOP\",VLOOKUP(ERY29,SETOP,4,0),IF(ESB29=\"CPU\",VLOOKUP(ERY29,COMPOSIÇÃO,5,0),VLOOKUP(ERY29,COTAÇÃO,8,0))))","v":"HORA"},0.5,{"$f":"IF(ESB29=\"SINAPI\",VLOOKUP(ERY29,SINAPI,4,0),IF(ESB29=\"SETOP\",VLOOKUP(ERY29,SETOP,5,0),IF(ESB29=\"CPU\",VLOOKUP(ERY29,COMPOSIÇÃO,8,0),VLOOKUP(ERY29,COTAÇÃO,11,0))))","v":19.149999999999999},{"$f":"ESD29*ESE29","v":9.5749999999999993},"ED-50374",{"$f":"IF(ESJ29=\"SINAPI\",VLOOKUP(ESG29,SINAPI,2,0),IF(ESJ29=\"SETOP\",VLOOKUP(ESG29,SETOP,3,0),IF(ESJ29=\"CPU\",VLOOKUP(ESG29,COMPOSIÇÃO,2,0),VLOOKUP(ESG29,COTAÇÃO,3,0))))","v":"BOMBEIRO/ENCANADOR COM ENCARGOS COMPLEMENTARES"},null,"SETOP",{"$f":"IF(ESJ29=\"SINAPI\",VLOOKUP(ESG29,SINAPI,3,0),IF(ESJ29=\"SETOP\",VLOOKUP(ESG29,SETOP,4,0),IF(ESJ29=\"CPU\",VLOOKUP(ESG29,COMPOSIÇÃO,5,0),VLOOKUP(ESG29,COTAÇÃO,8,0))))","v":"HORA"},0.5,{"$f":"IF(ESJ29=\"SINAPI\",VLOOKUP(ESG29,SINAPI,4,0),IF(ESJ29=\"SETOP\",VLOOKUP(ESG29,SETOP,5,0),IF(ESJ29=\"CPU\",VLOOKUP(ESG29,COMPOSIÇÃO,8,0),VLOOKUP(ESG29,COTAÇÃO,11,0))))","v":19.149999999999999},{"$f":"ESL29*ESM29","v":9.5749999999999993},"ED-50374",{"$f":"IF(ESR29=\"SINAPI\",VLOOKUP(ESO29,SINAPI,2,0),IF(ESR29=\"SETOP\",VLOOKUP(ESO29,SETOP,3,0),IF(ESR29=\"CPU\",VLOOKUP(ESO29,COMPOSIÇÃO,2,0),VLOOKUP(ESO29,COTAÇÃO,3,0))))","v":"BOMBEIRO/ENCANADOR COM ENCARGOS COMPLEMENTARES"},null,"SETOP",{"$f":"IF(ESR29=\"SINAPI\",VLOOKUP(ESO29,SINAPI,3,0),IF(ESR29=\"SETOP\",VLOOKUP(ESO29,SETOP,4,0),IF(ESR29=\"CPU\",VLOOKUP(ESO29,COMPOSIÇÃO,5,0),VLOOKUP(ESO29,COTAÇÃO,8,0))))","v":"HORA"},0.5,{"$f":"IF(ESR29=\"SINAPI\",VLOOKUP(ESO29,SINAPI,4,0),IF(ESR29=\"SETOP\",VLOOKUP(ESO29,SETOP,5,0),IF(ESR29=\"CPU\",VLOOKUP(ESO29,COMPOSIÇÃO,8,0),VLOOKUP(ESO29,COTAÇÃO,11,0))))","v":19.149999999999999},{"$f":"EST29*ESU29","v":9.5749999999999993},"ED-50374",{"$f":"IF(ESZ29=\"SINAPI\",VLOOKUP(ESW29,SINAPI,2,0),IF(ESZ29=\"SETOP\",VLOOKUP(ESW29,SETOP,3,0),IF(ESZ29=\"CPU\",VLOOKUP(ESW29,COMPOSIÇÃO,2,0),VLOOKUP(ESW29,COTAÇÃO,3,0))))","v":"BOMBEIRO/ENCANADOR COM ENCARGOS COMPLEMENTARES"},null,"SETOP",{"$f":"IF(ESZ29=\"SINAPI\",VLOOKUP(ESW29,SINAPI,3,0),IF(ESZ29=\"SETOP\",VLOOKUP(ESW29,SETOP,4,0),IF(ESZ29=\"CPU\",VLOOKUP(ESW29,COMPOSIÇÃO,5,0),VLOOKUP(ESW29,COTAÇÃO,8,0))))","v":"HORA"},0.5,{"$f":"IF(ESZ29=\"SINAPI\",VLOOKUP(ESW29,SINAPI,4,0),IF(ESZ29=\"SETOP\",VLOOKUP(ESW29,SETOP,5,0),IF(ESZ29=\"CPU\",VLOOKUP(ESW29,COMPOSIÇÃO,8,0),VLOOKUP(ESW29,COTAÇÃO,11,0))))","v":19.149999999999999},{"$f":"ETB29*ETC29","v":9.5749999999999993},"ED-50374",{"$f":"IF(ETH29=\"SINAPI\",VLOOKUP(ETE29,SINAPI,2,0),IF(ETH29=\"SETOP\",VLOOKUP(ETE29,SETOP,3,0),IF(ETH29=\"CPU\",VLOOKUP(ETE29,COMPOSIÇÃO,2,0),VLOOKUP(ETE29,COTAÇÃO,3,0))))","v":"BOMBEIRO/ENCANADOR COM ENCARGOS COMPLEMENTARES"},null,"SETOP",{"$f":"IF(ETH29=\"SINAPI\",VLOOKUP(ETE29,SINAPI,3,0),IF(ETH29=\"SETOP\",VLOOKUP(ETE29,SETOP,4,0),IF(ETH29=\"CPU\",VLOOKUP(ETE29,COMPOSIÇÃO,5,0),VLOOKUP(ETE29,COTAÇÃO,8,0))))","v":"HORA"},0.5,{"$f":"IF(ETH29=\"SINAPI\",VLOOKUP(ETE29,SINAPI,4,0),IF(ETH29=\"SETOP\",VLOOKUP(ETE29,SETOP,5,0),IF(ETH29=\"CPU\",VLOOKUP(ETE29,COMPOSIÇÃO,8,0),VLOOKUP(ETE29,COTAÇÃO,11,0))))","v":19.149999999999999},{"$f":"ETJ29*ETK29","v":9.5749999999999993},"ED-50374",{"$f":"IF(ETP29=\"SINAPI\",VLOOKUP(ETM29,SINAPI,2,0),IF(ETP29=\"SETOP\",VLOOKUP(ETM29,SETOP,3,0),IF(ETP29=\"CPU\",VLOOKUP(ETM29,COMPOSIÇÃO,2,0),VLOOKUP(ETM29,COTAÇÃO,3,0))))","v":"BOMBEIRO/ENCANADOR COM ENCARGOS COMPLEMENTARES"},null,"SETOP",{"$f":"IF(ETP29=\"SINAPI\",VLOOKUP(ETM29,SINAPI,3,0),IF(ETP29=\"SETOP\",VLOOKUP(ETM29,SETOP,4,0),IF(ETP29=\"CPU\",VLOOKUP(ETM29,COMPOSIÇÃO,5,0),VLOOKUP(ETM29,COTAÇÃO,8,0))))","v":"HORA"},0.5,{"$f":"IF(ETP29=\"SINAPI\",VLOOKUP(ETM29,SINAPI,4,0),IF(ETP29=\"SETOP\",VLOOKUP(ETM29,SETOP,5,0),IF(ETP29=\"CPU\",VLOOKUP(ETM29,COMPOSIÇÃO,8,0),VLOOKUP(ETM29,COTAÇÃO,11,0))))","v":19.149999999999999},{"$f":"ETR29*ETS29","v":9.5749999999999993},"ED-50374",{"$f":"IF(ETX29=\"SINAPI\",VLOOKUP(ETU29,SINAPI,2,0),IF(ETX29=\"SETOP\",VLOOKUP(ETU29,SETOP,3,0),IF(ETX29=\"CPU\",VLOOKUP(ETU29,COMPOSIÇÃO,2,0),VLOOKUP(ETU29,COTAÇÃO,3,0))))","v":"BOMBEIRO/ENCANADOR COM ENCARGOS COMPLEMENTARES"},null,"SETOP",{"$f":"IF(ETX29=\"SINAPI\",VLOOKUP(ETU29,SINAPI,3,0),IF(ETX29=\"SETOP\",VLOOKUP(ETU29,SETOP,4,0),IF(ETX29=\"CPU\",VLOOKUP(ETU29,COMPOSIÇÃO,5,0),VLOOKUP(ETU29,COTAÇÃO,8,0))))","v":"HORA"},0.5,{"$f":"IF(ETX29=\"SINAPI\",VLOOKUP(ETU29,SINAPI,4,0),IF(ETX29=\"SETOP\",VLOOKUP(ETU29,SETOP,5,0),IF(ETX29=\"CPU\",VLOOKUP(ETU29,COMPOSIÇÃO,8,0),VLOOKUP(ETU29,COTAÇÃO,11,0))))","v":19.149999999999999},{"$f":"ETZ29*EUA29","v":9.5749999999999993},"ED-50374",{"$f":"IF(EUF29=\"SINAPI\",VLOOKUP(EUC29,SINAPI,2,0),IF(EUF29=\"SETOP\",VLOOKUP(EUC29,SETOP,3,0),IF(EUF29=\"CPU\",VLOOKUP(EUC29,COMPOSIÇÃO,2,0),VLOOKUP(EUC29,COTAÇÃO,3,0))))","v":"BOMBEIRO/ENCANADOR COM ENCARGOS COMPLEMENTARES"},null,"SETOP",{"$f":"IF(EUF29=\"SINAPI\",VLOOKUP(EUC29,SINAPI,3,0),IF(EUF29=\"SETOP\",VLOOKUP(EUC29,SETOP,4,0),IF(EUF29=\"CPU\",VLOOKUP(EUC29,COMPOSIÇÃO,5,0),VLOOKUP(EUC29,COTAÇÃO,8,0))))","v":"HORA"},0.5,{"$f":"IF(EUF29=\"SINAPI\",VLOOKUP(EUC29,SINAPI,4,0),IF(EUF29=\"SETOP\",VLOOKUP(EUC29,SETOP,5,0),IF(EUF29=\"CPU\",VLOOKUP(EUC29,COMPOSIÇÃO,8,0),VLOOKUP(EUC29,COTAÇÃO,11,0))))","v":19.149999999999999},{"$f":"EUH29*EUI29","v":9.5749999999999993},"ED-50374",{"$f":"IF(EUN29=\"SINAPI\",VLOOKUP(EUK29,SINAPI,2,0),IF(EUN29=\"SETOP\",VLOOKUP(EUK29,SETOP,3,0),IF(EUN29=\"CPU\",VLOOKUP(EUK29,COMPOSIÇÃO,2,0),VLOOKUP(EUK29,COTAÇÃO,3,0))))","v":"BOMBEIRO/ENCANADOR COM ENCARGOS COMPLEMENTARES"},null,"SETOP",{"$f":"IF(EUN29=\"SINAPI\",VLOOKUP(EUK29,SINAPI,3,0),IF(EUN29=\"SETOP\",VLOOKUP(EUK29,SETOP,4,0),IF(EUN29=\"CPU\",VLOOKUP(EUK29,COMPOSIÇÃO,5,0),VLOOKUP(EUK29,COTAÇÃO,8,0))))","v":"HORA"},0.5,{"$f":"IF(EUN29=\"SINAPI\",VLOOKUP(EUK29,SINAPI,4,0),IF(EUN29=\"SETOP\",VLOOKUP(EUK29,SETOP,5,0),IF(EUN29=\"CPU\",VLOOKUP(EUK29,COMPOSIÇÃO,8,0),VLOOKUP(EUK29,COTAÇÃO,11,0))))","v":19.149999999999999},{"$f":"EUP29*EUQ29","v":9.5749999999999993},"ED-50374",{"$f":"IF(EUV29=\"SINAPI\",VLOOKUP(EUS29,SINAPI,2,0),IF(EUV29=\"SETOP\",VLOOKUP(EUS29,SETOP,3,0),IF(EUV29=\"CPU\",VLOOKUP(EUS29,COMPOSIÇÃO,2,0),VLOOKUP(EUS29,COTAÇÃO,3,0))))","v":"BOMBEIRO/ENCANADOR COM ENCARGOS COMPLEMENTARES"},null,"SETOP",{"$f":"IF(EUV29=\"SINAPI\",VLOOKUP(EUS29,SINAPI,3,0),IF(EUV29=\"SETOP\",VLOOKUP(EUS29,SETOP,4,0),IF(EUV29=\"CPU\",VLOOKUP(EUS29,COMPOSIÇÃO,5,0),VLOOKUP(EUS29,COTAÇÃO,8,0))))","v":"HORA"},0.5,{"$f":"IF(EUV29=\"SINAPI\",VLOOKUP(EUS29,SINAPI,4,0),IF(EUV29=\"SETOP\",VLOOKUP(EUS29,SETOP,5,0),IF(EUV29=\"CPU\",VLOOKUP(EUS29,COMPOSIÇÃO,8,0),VLOOKUP(EUS29,COTAÇÃO,11,0))))","v":19.149999999999999},{"$f":"EUX29*EUY29","v":9.5749999999999993},"ED-50374",{"$f":"IF(EVD29=\"SINAPI\",VLOOKUP(EVA29,SINAPI,2,0),IF(EVD29=\"SETOP\",VLOOKUP(EVA29,SETOP,3,0),IF(EVD29=\"CPU\",VLOOKUP(EVA29,COMPOSIÇÃO,2,0),VLOOKUP(EVA29,COTAÇÃO,3,0))))","v":"BOMBEIRO/ENCANADOR COM ENCARGOS COMPLEMENTARES"},null,"SETOP",{"$f":"IF(EVD29=\"SINAPI\",VLOOKUP(EVA29,SINAPI,3,0),IF(EVD29=\"SETOP\",VLOOKUP(EVA29,SETOP,4,0),IF(EVD29=\"CPU\",VLOOKUP(EVA29,COMPOSIÇÃO,5,0),VLOOKUP(EVA29,COTAÇÃO,8,0))))","v":"HORA"},0.5,{"$f":"IF(EVD29=\"SINAPI\",VLOOKUP(EVA29,SINAPI,4,0),IF(EVD29=\"SETOP\",VLOOKUP(EVA29,SETOP,5,0),IF(EVD29=\"CPU\",VLOOKUP(EVA29,COMPOSIÇÃO,8,0),VLOOKUP(EVA29,COTAÇÃO,11,0))))","v":19.149999999999999},{"$f":"EVF29*EVG29","v":9.5749999999999993},"ED-50374",{"$f":"IF(EVL29=\"SINAPI\",VLOOKUP(EVI29,SINAPI,2,0),IF(EVL29=\"SETOP\",VLOOKUP(EVI29,SETOP,3,0),IF(EVL29=\"CPU\",VLOOKUP(EVI29,COMPOSIÇÃO,2,0),VLOOKUP(EVI29,COTAÇÃO,3,0))))","v":"BOMBEIRO/ENCANADOR COM ENCARGOS COMPLEMENTARES"},null,"SETOP",{"$f":"IF(EVL29=\"SINAPI\",VLOOKUP(EVI29,SINAPI,3,0),IF(EVL29=\"SETOP\",VLOOKUP(EVI29,SETOP,4,0),IF(EVL29=\"CPU\",VLOOKUP(EVI29,COMPOSIÇÃO,5,0),VLOOKUP(EVI29,COTAÇÃO,8,0))))","v":"HORA"},0.5,{"$f":"IF(EVL29=\"SINAPI\",VLOOKUP(EVI29,SINAPI,4,0),IF(EVL29=\"SETOP\",VLOOKUP(EVI29,SETOP,5,0),IF(EVL29=\"CPU\",VLOOKUP(EVI29,COMPOSIÇÃO,8,0),VLOOKUP(EVI29,COTAÇÃO,11,0))))","v":19.149999999999999},{"$f":"EVN29*EVO29","v":9.5749999999999993},"ED-50374",{"$f":"IF(EVT29=\"SINAPI\",VLOOKUP(EVQ29,SINAPI,2,0),IF(EVT29=\"SETOP\",VLOOKUP(EVQ29,SETOP,3,0),IF(EVT29=\"CPU\",VLOOKUP(EVQ29,COMPOSIÇÃO,2,0),VLOOKUP(EVQ29,COTAÇÃO,3,0))))","v":"BOMBEIRO/ENCANADOR COM ENCARGOS COMPLEMENTARES"},null,"SETOP",{"$f":"IF(EVT29=\"SINAPI\",VLOOKUP(EVQ29,SINAPI,3,0),IF(EVT29=\"SETOP\",VLOOKUP(EVQ29,SETOP,4,0),IF(EVT29=\"CPU\",VLOOKUP(EVQ29,COMPOSIÇÃO,5,0),VLOOKUP(EVQ29,COTAÇÃO,8,0))))","v":"HORA"},0.5,{"$f":"IF(EVT29=\"SINAPI\",VLOOKUP(EVQ29,SINAPI,4,0),IF(EVT29=\"SETOP\",VLOOKUP(EVQ29,SETOP,5,0),IF(EVT29=\"CPU\",VLOOKUP(EVQ29,COMPOSIÇÃO,8,0),VLOOKUP(EVQ29,COTAÇÃO,11,0))))","v":19.149999999999999},{"$f":"EVV29*EVW29","v":9.5749999999999993},"ED-50374",{"$f":"IF(EWB29=\"SINAPI\",VLOOKUP(EVY29,SINAPI,2,0),IF(EWB29=\"SETOP\",VLOOKUP(EVY29,SETOP,3,0),IF(EWB29=\"CPU\",VLOOKUP(EVY29,COMPOSIÇÃO,2,0),VLOOKUP(EVY29,COTAÇÃO,3,0))))","v":"BOMBEIRO/ENCANADOR COM ENCARGOS COMPLEMENTARES"},null,"SETOP",{"$f":"IF(EWB29=\"SINAPI\",VLOOKUP(EVY29,SINAPI,3,0),IF(EWB29=\"SETOP\",VLOOKUP(EVY29,SETOP,4,0),IF(EWB29=\"CPU\",VLOOKUP(EVY29,COMPOSIÇÃO,5,0),VLOOKUP(EVY29,COTAÇÃO,8,0))))","v":"HORA"},0.5,{"$f":"IF(EWB29=\"SINAPI\",VLOOKUP(EVY29,SINAPI,4,0),IF(EWB29=\"SETOP\",VLOOKUP(EVY29,SETOP,5,0),IF(EWB29=\"CPU\",VLOOKUP(EVY29,COMPOSIÇÃO,8,0),VLOOKUP(EVY29,COTAÇÃO,11,0))))","v":19.149999999999999},{"$f":"EWD29*EWE29","v":9.5749999999999993},"ED-50374",{"$f":"IF(EWJ29=\"SINAPI\",VLOOKUP(EWG29,SINAPI,2,0),IF(EWJ29=\"SETOP\",VLOOKUP(EWG29,SETOP,3,0),IF(EWJ29=\"CPU\",VLOOKUP(EWG29,COMPOSIÇÃO,2,0),VLOOKUP(EWG29,COTAÇÃO,3,0))))","v":"BOMBEIRO/ENCANADOR COM ENCARGOS COMPLEMENTARES"},null,"SETOP",{"$f":"IF(EWJ29=\"SINAPI\",VLOOKUP(EWG29,SINAPI,3,0),IF(EWJ29=\"SETOP\",VLOOKUP(EWG29,SETOP,4,0),IF(EWJ29=\"CPU\",VLOOKUP(EWG29,COMPOSIÇÃO,5,0),VLOOKUP(EWG29,COTAÇÃO,8,0))))","v":"HORA"},0.5,{"$f":"IF(EWJ29=\"SINAPI\",VLOOKUP(EWG29,SINAPI,4,0),IF(EWJ29=\"SETOP\",VLOOKUP(EWG29,SETOP,5,0),IF(EWJ29=\"CPU\",VLOOKUP(EWG29,COMPOSIÇÃO,8,0),VLOOKUP(EWG29,COTAÇÃO,11,0))))","v":19.149999999999999},{"$f":"EWL29*EWM29","v":9.5749999999999993},"ED-50374",{"$f":"IF(EWR29=\"SINAPI\",VLOOKUP(EWO29,SINAPI,2,0),IF(EWR29=\"SETOP\",VLOOKUP(EWO29,SETOP,3,0),IF(EWR29=\"CPU\",VLOOKUP(EWO29,COMPOSIÇÃO,2,0),VLOOKUP(EWO29,COTAÇÃO,3,0))))","v":"BOMBEIRO/ENCANADOR COM ENCARGOS COMPLEMENTARES"},null,"SETOP",{"$f":"IF(EWR29=\"SINAPI\",VLOOKUP(EWO29,SINAPI,3,0),IF(EWR29=\"SETOP\",VLOOKUP(EWO29,SETOP,4,0),IF(EWR29=\"CPU\",VLOOKUP(EWO29,COMPOSIÇÃO,5,0),VLOOKUP(EWO29,COTAÇÃO,8,0))))","v":"HORA"},0.5,{"$f":"IF(EWR29=\"SINAPI\",VLOOKUP(EWO29,SINAPI,4,0),IF(EWR29=\"SETOP\",VLOOKUP(EWO29,SETOP,5,0),IF(EWR29=\"CPU\",VLOOKUP(EWO29,COMPOSIÇÃO,8,0),VLOOKUP(EWO29,COTAÇÃO,11,0))))","v":19.149999999999999},{"$f":"EWT29*EWU29","v":9.5749999999999993},"ED-50374",{"$f":"IF(EWZ29=\"SINAPI\",VLOOKUP(EWW29,SINAPI,2,0),IF(EWZ29=\"SETOP\",VLOOKUP(EWW29,SETOP,3,0),IF(EWZ29=\"CPU\",VLOOKUP(EWW29,COMPOSIÇÃO,2,0),VLOOKUP(EWW29,COTAÇÃO,3,0))))","v":"BOMBEIRO/ENCANADOR COM ENCARGOS COMPLEMENTARES"},null,"SETOP",{"$f":"IF(EWZ29=\"SINAPI\",VLOOKUP(EWW29,SINAPI,3,0),IF(EWZ29=\"SETOP\",VLOOKUP(EWW29,SETOP,4,0),IF(EWZ29=\"CPU\",VLOOKUP(EWW29,COMPOSIÇÃO,5,0),VLOOKUP(EWW29,COTAÇÃO,8,0))))","v":"HORA"},0.5,{"$f":"IF(EWZ29=\"SINAPI\",VLOOKUP(EWW29,SINAPI,4,0),IF(EWZ29=\"SETOP\",VLOOKUP(EWW29,SETOP,5,0),IF(EWZ29=\"CPU\",VLOOKUP(EWW29,COMPOSIÇÃO,8,0),VLOOKUP(EWW29,COTAÇÃO,11,0))))","v":19.149999999999999},{"$f":"EXB29*EXC29","v":9.5749999999999993},"ED-50374",{"$f":"IF(EXH29=\"SINAPI\",VLOOKUP(EXE29,SINAPI,2,0),IF(EXH29=\"SETOP\",VLOOKUP(EXE29,SETOP,3,0),IF(EXH29=\"CPU\",VLOOKUP(EXE29,COMPOSIÇÃO,2,0),VLOOKUP(EXE29,COTAÇÃO,3,0))))","v":"BOMBEIRO/ENCANADOR COM ENCARGOS COMPLEMENTARES"},null,"SETOP",{"$f":"IF(EXH29=\"SINAPI\",VLOOKUP(EXE29,SINAPI,3,0),IF(EXH29=\"SETOP\",VLOOKUP(EXE29,SETOP,4,0),IF(EXH29=\"CPU\",VLOOKUP(EXE29,COMPOSIÇÃO,5,0),VLOOKUP(EXE29,COTAÇÃO,8,0))))","v":"HORA"},0.5,{"$f":"IF(EXH29=\"SINAPI\",VLOOKUP(EXE29,SINAPI,4,0),IF(EXH29=\"SETOP\",VLOOKUP(EXE29,SETOP,5,0),IF(EXH29=\"CPU\",VLOOKUP(EXE29,COMPOSIÇÃO,8,0),VLOOKUP(EXE29,COTAÇÃO,11,0))))","v":19.149999999999999},{"$f":"EXJ29*EXK29","v":9.5749999999999993},"ED-50374",{"$f":"IF(EXP29=\"SINAPI\",VLOOKUP(EXM29,SINAPI,2,0),IF(EXP29=\"SETOP\",VLOOKUP(EXM29,SETOP,3,0),IF(EXP29=\"CPU\",VLOOKUP(EXM29,COMPOSIÇÃO,2,0),VLOOKUP(EXM29,COTAÇÃO,3,0))))","v":"BOMBEIRO/ENCANADOR COM ENCARGOS COMPLEMENTARES"},null,"SETOP",{"$f":"IF(EXP29=\"SINAPI\",VLOOKUP(EXM29,SINAPI,3,0),IF(EXP29=\"SETOP\",VLOOKUP(EXM29,SETOP,4,0),IF(EXP29=\"CPU\",VLOOKUP(EXM29,COMPOSIÇÃO,5,0),VLOOKUP(EXM29,COTAÇÃO,8,0))))","v":"HORA"},0.5,{"$f":"IF(EXP29=\"SINAPI\",VLOOKUP(EXM29,SINAPI,4,0),IF(EXP29=\"SETOP\",VLOOKUP(EXM29,SETOP,5,0),IF(EXP29=\"CPU\",VLOOKUP(EXM29,COMPOSIÇÃO,8,0),VLOOKUP(EXM29,COTAÇÃO,11,0))))","v":19.149999999999999},{"$f":"EXR29*EXS29","v":9.5749999999999993},"ED-50374",{"$f":"IF(EXX29=\"SINAPI\",VLOOKUP(EXU29,SINAPI,2,0),IF(EXX29=\"SETOP\",VLOOKUP(EXU29,SETOP,3,0),IF(EXX29=\"CPU\",VLOOKUP(EXU29,COMPOSIÇÃO,2,0),VLOOKUP(EXU29,COTAÇÃO,3,0))))","v":"BOMBEIRO/ENCANADOR COM ENCARGOS COMPLEMENTARES"},null,"SETOP",{"$f":"IF(EXX29=\"SINAPI\",VLOOKUP(EXU29,SINAPI,3,0),IF(EXX29=\"SETOP\",VLOOKUP(EXU29,SETOP,4,0),IF(EXX29=\"CPU\",VLOOKUP(EXU29,COMPOSIÇÃO,5,0),VLOOKUP(EXU29,COTAÇÃO,8,0))))","v":"HORA"},0.5,{"$f":"IF(EXX29=\"SINAPI\",VLOOKUP(EXU29,SINAPI,4,0),IF(EXX29=\"SETOP\",VLOOKUP(EXU29,SETOP,5,0),IF(EXX29=\"CPU\",VLOOKUP(EXU29,COMPOSIÇÃO,8,0),VLOOKUP(EXU29,COTAÇÃO,11,0))))","v":19.149999999999999},{"$f":"EXZ29*EYA29","v":9.5749999999999993},"ED-50374",{"$f":"IF(EYF29=\"SINAPI\",VLOOKUP(EYC29,SINAPI,2,0),IF(EYF29=\"SETOP\",VLOOKUP(EYC29,SETOP,3,0),IF(EYF29=\"CPU\",VLOOKUP(EYC29,COMPOSIÇÃO,2,0),VLOOKUP(EYC29,COTAÇÃO,3,0))))","v":"BOMBEIRO/ENCANADOR COM ENCARGOS COMPLEMENTARES"},null,"SETOP",{"$f":"IF(EYF29=\"SINAPI\",VLOOKUP(EYC29,SINAPI,3,0),IF(EYF29=\"SETOP\",VLOOKUP(EYC29,SETOP,4,0),IF(EYF29=\"CPU\",VLOOKUP(EYC29,COMPOSIÇÃO,5,0),VLOOKUP(EYC29,COTAÇÃO,8,0))))","v":"HORA"},0.5,{"$f":"IF(EYF29=\"SINAPI\",VLOOKUP(EYC29,SINAPI,4,0),IF(EYF29=\"SETOP\",VLOOKUP(EYC29,SETOP,5,0),IF(EYF29=\"CPU\",VLOOKUP(EYC29,COMPOSIÇÃO,8,0),VLOOKUP(EYC29,COTAÇÃO,11,0))))","v":19.149999999999999},{"$f":"EYH29*EYI29","v":9.5749999999999993},"ED-50374",{"$f":"IF(EYN29=\"SINAPI\",VLOOKUP(EYK29,SINAPI,2,0),IF(EYN29=\"SETOP\",VLOOKUP(EYK29,SETOP,3,0),IF(EYN29=\"CPU\",VLOOKUP(EYK29,COMPOSIÇÃO,2,0),VLOOKUP(EYK29,COTAÇÃO,3,0))))","v":"BOMBEIRO/ENCANADOR COM ENCARGOS COMPLEMENTARES"},null,"SETOP",{"$f":"IF(EYN29=\"SINAPI\",VLOOKUP(EYK29,SINAPI,3,0),IF(EYN29=\"SETOP\",VLOOKUP(EYK29,SETOP,4,0),IF(EYN29=\"CPU\",VLOOKUP(EYK29,COMPOSIÇÃO,5,0),VLOOKUP(EYK29,COTAÇÃO,8,0))))","v":"HORA"},0.5,{"$f":"IF(EYN29=\"SINAPI\",VLOOKUP(EYK29,SINAPI,4,0),IF(EYN29=\"SETOP\",VLOOKUP(EYK29,SETOP,5,0),IF(EYN29=\"CPU\",VLOOKUP(EYK29,COMPOSIÇÃO,8,0),VLOOKUP(EYK29,COTAÇÃO,11,0))))","v":19.149999999999999},{"$f":"EYP29*EYQ29","v":9.5749999999999993},"ED-50374",{"$f":"IF(EYV29=\"SINAPI\",VLOOKUP(EYS29,SINAPI,2,0),IF(EYV29=\"SETOP\",VLOOKUP(EYS29,SETOP,3,0),IF(EYV29=\"CPU\",VLOOKUP(EYS29,COMPOSIÇÃO,2,0),VLOOKUP(EYS29,COTAÇÃO,3,0))))","v":"BOMBEIRO/ENCANADOR COM ENCARGOS COMPLEMENTARES"},null,"SETOP",{"$f":"IF(EYV29=\"SINAPI\",VLOOKUP(EYS29,SINAPI,3,0),IF(EYV29=\"SETOP\",VLOOKUP(EYS29,SETOP,4,0),IF(EYV29=\"CPU\",VLOOKUP(EYS29,COMPOSIÇÃO,5,0),VLOOKUP(EYS29,COTAÇÃO,8,0))))","v":"HORA"},0.5,{"$f":"IF(EYV29=\"SINAPI\",VLOOKUP(EYS29,SINAPI,4,0),IF(EYV29=\"SETOP\",VLOOKUP(EYS29,SETOP,5,0),IF(EYV29=\"CPU\",VLOOKUP(EYS29,COMPOSIÇÃO,8,0),VLOOKUP(EYS29,COTAÇÃO,11,0))))","v":19.149999999999999},{"$f":"EYX29*EYY29","v":9.5749999999999993},"ED-50374",{"$f":"IF(EZD29=\"SINAPI\",VLOOKUP(EZA29,SINAPI,2,0),IF(EZD29=\"SETOP\",VLOOKUP(EZA29,SETOP,3,0),IF(EZD29=\"CPU\",VLOOKUP(EZA29,COMPOSIÇÃO,2,0),VLOOKUP(EZA29,COTAÇÃO,3,0))))","v":"BOMBEIRO/ENCANADOR COM ENCARGOS COMPLEMENTARES"},null,"SETOP",{"$f":"IF(EZD29=\"SINAPI\",VLOOKUP(EZA29,SINAPI,3,0),IF(EZD29=\"SETOP\",VLOOKUP(EZA29,SETOP,4,0),IF(EZD29=\"CPU\",VLOOKUP(EZA29,COMPOSIÇÃO,5,0),VLOOKUP(EZA29,COTAÇÃO,8,0))))","v":"HORA"},0.5,{"$f":"IF(EZD29=\"SINAPI\",VLOOKUP(EZA29,SINAPI,4,0),IF(EZD29=\"SETOP\",VLOOKUP(EZA29,SETOP,5,0),IF(EZD29=\"CPU\",VLOOKUP(EZA29,COMPOSIÇÃO,8,0),VLOOKUP(EZA29,COTAÇÃO,11,0))))","v":19.149999999999999},{"$f":"EZF29*EZG29","v":9.5749999999999993},"ED-50374",{"$f":"IF(EZL29=\"SINAPI\",VLOOKUP(EZI29,SINAPI,2,0),IF(EZL29=\"SETOP\",VLOOKUP(EZI29,SETOP,3,0),IF(EZL29=\"CPU\",VLOOKUP(EZI29,COMPOSIÇÃO,2,0),VLOOKUP(EZI29,COTAÇÃO,3,0))))","v":"BOMBEIRO/ENCANADOR COM ENCARGOS COMPLEMENTARES"},null,"SETOP",{"$f":"IF(EZL29=\"SINAPI\",VLOOKUP(EZI29,SINAPI,3,0),IF(EZL29=\"SETOP\",VLOOKUP(EZI29,SETOP,4,0),IF(EZL29=\"CPU\",VLOOKUP(EZI29,COMPOSIÇÃO,5,0),VLOOKUP(EZI29,COTAÇÃO,8,0))))","v":"HORA"},0.5,{"$f":"IF(EZL29=\"SINAPI\",VLOOKUP(EZI29,SINAPI,4,0),IF(EZL29=\"SETOP\",VLOOKUP(EZI29,SETOP,5,0),IF(EZL29=\"CPU\",VLOOKUP(EZI29,COMPOSIÇÃO,8,0),VLOOKUP(EZI29,COTAÇÃO,11,0))))","v":19.149999999999999},{"$f":"EZN29*EZO29","v":9.5749999999999993},"ED-50374",{"$f":"IF(EZT29=\"SINAPI\",VLOOKUP(EZQ29,SINAPI,2,0),IF(EZT29=\"SETOP\",VLOOKUP(EZQ29,SETOP,3,0),IF(EZT29=\"CPU\",VLOOKUP(EZQ29,COMPOSIÇÃO,2,0),VLOOKUP(EZQ29,COTAÇÃO,3,0))))","v":"BOMBEIRO/ENCANADOR COM ENCARGOS COMPLEMENTARES"},null,"SETOP",{"$f":"IF(EZT29=\"SINAPI\",VLOOKUP(EZQ29,SINAPI,3,0),IF(EZT29=\"SETOP\",VLOOKUP(EZQ29,SETOP,4,0),IF(EZT29=\"CPU\",VLOOKUP(EZQ29,COMPOSIÇÃO,5,0),VLOOKUP(EZQ29,COTAÇÃO,8,0))))","v":"HORA"},0.5,{"$f":"IF(EZT29=\"SINAPI\",VLOOKUP(EZQ29,SINAPI,4,0),IF(EZT29=\"SETOP\",VLOOKUP(EZQ29,SETOP,5,0),IF(EZT29=\"CPU\",VLOOKUP(EZQ29,COMPOSIÇÃO,8,0),VLOOKUP(EZQ29,COTAÇÃO,11,0))))","v":19.149999999999999},{"$f":"EZV29*EZW29","v":9.5749999999999993},"ED-50374",{"$f":"IF(FAB29=\"SINAPI\",VLOOKUP(EZY29,SINAPI,2,0),IF(FAB29=\"SETOP\",VLOOKUP(EZY29,SETOP,3,0),IF(FAB29=\"CPU\",VLOOKUP(EZY29,COMPOSIÇÃO,2,0),VLOOKUP(EZY29,COTAÇÃO,3,0))))","v":"BOMBEIRO/ENCANADOR COM ENCARGOS COMPLEMENTARES"},null,"SETOP",{"$f":"IF(FAB29=\"SINAPI\",VLOOKUP(EZY29,SINAPI,3,0),IF(FAB29=\"SETOP\",VLOOKUP(EZY29,SETOP,4,0),IF(FAB29=\"CPU\",VLOOKUP(EZY29,COMPOSIÇÃO,5,0),VLOOKUP(EZY29,COTAÇÃO,8,0))))","v":"HORA"},0.5,{"$f":"IF(FAB29=\"SINAPI\",VLOOKUP(EZY29,SINAPI,4,0),IF(FAB29=\"SETOP\",VLOOKUP(EZY29,SETOP,5,0),IF(FAB29=\"CPU\",VLOOKUP(EZY29,COMPOSIÇÃO,8,0),VLOOKUP(EZY29,COTAÇÃO,11,0))))","v":19.149999999999999},{"$f":"FAD29*FAE29","v":9.5749999999999993},"ED-50374",{"$f":"IF(FAJ29=\"SINAPI\",VLOOKUP(FAG29,SINAPI,2,0),IF(FAJ29=\"SETOP\",VLOOKUP(FAG29,SETOP,3,0),IF(FAJ29=\"CPU\",VLOOKUP(FAG29,COMPOSIÇÃO,2,0),VLOOKUP(FAG29,COTAÇÃO,3,0))))","v":"BOMBEIRO/ENCANADOR COM ENCARGOS COMPLEMENTARES"},null,"SETOP",{"$f":"IF(FAJ29=\"SINAPI\",VLOOKUP(FAG29,SINAPI,3,0),IF(FAJ29=\"SETOP\",VLOOKUP(FAG29,SETOP,4,0),IF(FAJ29=\"CPU\",VLOOKUP(FAG29,COMPOSIÇÃO,5,0),VLOOKUP(FAG29,COTAÇÃO,8,0))))","v":"HORA"},0.5,{"$f":"IF(FAJ29=\"SINAPI\",VLOOKUP(FAG29,SINAPI,4,0),IF(FAJ29=\"SETOP\",VLOOKUP(FAG29,SETOP,5,0),IF(FAJ29=\"CPU\",VLOOKUP(FAG29,COMPOSIÇÃO,8,0),VLOOKUP(FAG29,COTAÇÃO,11,0))))","v":19.149999999999999},{"$f":"FAL29*FAM29","v":9.5749999999999993},"ED-50374",{"$f":"IF(FAR29=\"SINAPI\",VLOOKUP(FAO29,SINAPI,2,0),IF(FAR29=\"SETOP\",VLOOKUP(FAO29,SETOP,3,0),IF(FAR29=\"CPU\",VLOOKUP(FAO29,COMPOSIÇÃO,2,0),VLOOKUP(FAO29,COTAÇÃO,3,0))))","v":"BOMBEIRO/ENCANADOR COM ENCARGOS COMPLEMENTARES"},null,"SETOP",{"$f":"IF(FAR29=\"SINAPI\",VLOOKUP(FAO29,SINAPI,3,0),IF(FAR29=\"SETOP\",VLOOKUP(FAO29,SETOP,4,0),IF(FAR29=\"CPU\",VLOOKUP(FAO29,COMPOSIÇÃO,5,0),VLOOKUP(FAO29,COTAÇÃO,8,0))))","v":"HORA"},0.5,{"$f":"IF(FAR29=\"SINAPI\",VLOOKUP(FAO29,SINAPI,4,0),IF(FAR29=\"SETOP\",VLOOKUP(FAO29,SETOP,5,0),IF(FAR29=\"CPU\",VLOOKUP(FAO29,COMPOSIÇÃO,8,0),VLOOKUP(FAO29,COTAÇÃO,11,0))))","v":19.149999999999999},{"$f":"FAT29*FAU29","v":9.5749999999999993},"ED-50374",{"$f":"IF(FAZ29=\"SINAPI\",VLOOKUP(FAW29,SINAPI,2,0),IF(FAZ29=\"SETOP\",VLOOKUP(FAW29,SETOP,3,0),IF(FAZ29=\"CPU\",VLOOKUP(FAW29,COMPOSIÇÃO,2,0),VLOOKUP(FAW29,COTAÇÃO,3,0))))","v":"BOMBEIRO/ENCANADOR COM ENCARGOS COMPLEMENTARES"},null,"SETOP",{"$f":"IF(FAZ29=\"SINAPI\",VLOOKUP(FAW29,SINAPI,3,0),IF(FAZ29=\"SETOP\",VLOOKUP(FAW29,SETOP,4,0),IF(FAZ29=\"CPU\",VLOOKUP(FAW29,COMPOSIÇÃO,5,0),VLOOKUP(FAW29,COTAÇÃO,8,0))))","v":"HORA"},0.5,{"$f":"IF(FAZ29=\"SINAPI\",VLOOKUP(FAW29,SINAPI,4,0),IF(FAZ29=\"SETOP\",VLOOKUP(FAW29,SETOP,5,0),IF(FAZ29=\"CPU\",VLOOKUP(FAW29,COMPOSIÇÃO,8,0),VLOOKUP(FAW29,COTAÇÃO,11,0))))","v":19.149999999999999},{"$f":"FBB29*FBC29","v":9.5749999999999993},"ED-50374",{"$f":"IF(FBH29=\"SINAPI\",VLOOKUP(FBE29,SINAPI,2,0),IF(FBH29=\"SETOP\",VLOOKUP(FBE29,SETOP,3,0),IF(FBH29=\"CPU\",VLOOKUP(FBE29,COMPOSIÇÃO,2,0),VLOOKUP(FBE29,COTAÇÃO,3,0))))","v":"BOMBEIRO/ENCANADOR COM ENCARGOS COMPLEMENTARES"},null,"SETOP",{"$f":"IF(FBH29=\"SINAPI\",VLOOKUP(FBE29,SINAPI,3,0),IF(FBH29=\"SETOP\",VLOOKUP(FBE29,SETOP,4,0),IF(FBH29=\"CPU\",VLOOKUP(FBE29,COMPOSIÇÃO,5,0),VLOOKUP(FBE29,COTAÇÃO,8,0))))","v":"HORA"},0.5,{"$f":"IF(FBH29=\"SINAPI\",VLOOKUP(FBE29,SINAPI,4,0),IF(FBH29=\"SETOP\",VLOOKUP(FBE29,SETOP,5,0),IF(FBH29=\"CPU\",VLOOKUP(FBE29,COMPOSIÇÃO,8,0),VLOOKUP(FBE29,COTAÇÃO,11,0))))","v":19.149999999999999},{"$f":"FBJ29*FBK29","v":9.5749999999999993},"ED-50374",{"$f":"IF(FBP29=\"SINAPI\",VLOOKUP(FBM29,SINAPI,2,0),IF(FBP29=\"SETOP\",VLOOKUP(FBM29,SETOP,3,0),IF(FBP29=\"CPU\",VLOOKUP(FBM29,COMPOSIÇÃO,2,0),VLOOKUP(FBM29,COTAÇÃO,3,0))))","v":"BOMBEIRO/ENCANADOR COM ENCARGOS COMPLEMENTARES"},null,"SETOP",{"$f":"IF(FBP29=\"SINAPI\",VLOOKUP(FBM29,SINAPI,3,0),IF(FBP29=\"SETOP\",VLOOKUP(FBM29,SETOP,4,0),IF(FBP29=\"CPU\",VLOOKUP(FBM29,COMPOSIÇÃO,5,0),VLOOKUP(FBM29,COTAÇÃO,8,0))))","v":"HORA"},0.5,{"$f":"IF(FBP29=\"SINAPI\",VLOOKUP(FBM29,SINAPI,4,0),IF(FBP29=\"SETOP\",VLOOKUP(FBM29,SETOP,5,0),IF(FBP29=\"CPU\",VLOOKUP(FBM29,COMPOSIÇÃO,8,0),VLOOKUP(FBM29,COTAÇÃO,11,0))))","v":19.149999999999999},{"$f":"FBR29*FBS29","v":9.5749999999999993},"ED-50374",{"$f":"IF(FBX29=\"SINAPI\",VLOOKUP(FBU29,SINAPI,2,0),IF(FBX29=\"SETOP\",VLOOKUP(FBU29,SETOP,3,0),IF(FBX29=\"CPU\",VLOOKUP(FBU29,COMPOSIÇÃO,2,0),VLOOKUP(FBU29,COTAÇÃO,3,0))))","v":"BOMBEIRO/ENCANADOR COM ENCARGOS COMPLEMENTARES"},null,"SETOP",{"$f":"IF(FBX29=\"SINAPI\",VLOOKUP(FBU29,SINAPI,3,0),IF(FBX29=\"SETOP\",VLOOKUP(FBU29,SETOP,4,0),IF(FBX29=\"CPU\",VLOOKUP(FBU29,COMPOSIÇÃO,5,0),VLOOKUP(FBU29,COTAÇÃO,8,0))))","v":"HORA"},0.5,{"$f":"IF(FBX29=\"SINAPI\",VLOOKUP(FBU29,SINAPI,4,0),IF(FBX29=\"SETOP\",VLOOKUP(FBU29,SETOP,5,0),IF(FBX29=\"CPU\",VLOOKUP(FBU29,COMPOSIÇÃO,8,0),VLOOKUP(FBU29,COTAÇÃO,11,0))))","v":19.149999999999999},{"$f":"FBZ29*FCA29","v":9.5749999999999993},"ED-50374",{"$f":"IF(FCF29=\"SINAPI\",VLOOKUP(FCC29,SINAPI,2,0),IF(FCF29=\"SETOP\",VLOOKUP(FCC29,SETOP,3,0),IF(FCF29=\"CPU\",VLOOKUP(FCC29,COMPOSIÇÃO,2,0),VLOOKUP(FCC29,COTAÇÃO,3,0))))","v":"BOMBEIRO/ENCANADOR COM ENCARGOS COMPLEMENTARES"},null,"SETOP",{"$f":"IF(FCF29=\"SINAPI\",VLOOKUP(FCC29,SINAPI,3,0),IF(FCF29=\"SETOP\",VLOOKUP(FCC29,SETOP,4,0),IF(FCF29=\"CPU\",VLOOKUP(FCC29,COMPOSIÇÃO,5,0),VLOOKUP(FCC29,COTAÇÃO,8,0))))","v":"HORA"},0.5,{"$f":"IF(FCF29=\"SINAPI\",VLOOKUP(FCC29,SINAPI,4,0),IF(FCF29=\"SETOP\",VLOOKUP(FCC29,SETOP,5,0),IF(FCF29=\"CPU\",VLOOKUP(FCC29,COMPOSIÇÃO,8,0),VLOOKUP(FCC29,COTAÇÃO,11,0))))","v":19.149999999999999},{"$f":"FCH29*FCI29","v":9.5749999999999993},"ED-50374",{"$f":"IF(FCN29=\"SINAPI\",VLOOKUP(FCK29,SINAPI,2,0),IF(FCN29=\"SETOP\",VLOOKUP(FCK29,SETOP,3,0),IF(FCN29=\"CPU\",VLOOKUP(FCK29,COMPOSIÇÃO,2,0),VLOOKUP(FCK29,COTAÇÃO,3,0))))","v":"BOMBEIRO/ENCANADOR COM ENCARGOS COMPLEMENTARES"},null,"SETOP",{"$f":"IF(FCN29=\"SINAPI\",VLOOKUP(FCK29,SINAPI,3,0),IF(FCN29=\"SETOP\",VLOOKUP(FCK29,SETOP,4,0),IF(FCN29=\"CPU\",VLOOKUP(FCK29,COMPOSIÇÃO,5,0),VLOOKUP(FCK29,COTAÇÃO,8,0))))","v":"HORA"},0.5,{"$f":"IF(FCN29=\"SINAPI\",VLOOKUP(FCK29,SINAPI,4,0),IF(FCN29=\"SETOP\",VLOOKUP(FCK29,SETOP,5,0),IF(FCN29=\"CPU\",VLOOKUP(FCK29,COMPOSIÇÃO,8,0),VLOOKUP(FCK29,COTAÇÃO,11,0))))","v":19.149999999999999},{"$f":"FCP29*FCQ29","v":9.5749999999999993},"ED-50374",{"$f":"IF(FCV29=\"SINAPI\",VLOOKUP(FCS29,SINAPI,2,0),IF(FCV29=\"SETOP\",VLOOKUP(FCS29,SETOP,3,0),IF(FCV29=\"CPU\",VLOOKUP(FCS29,COMPOSIÇÃO,2,0),VLOOKUP(FCS29,COTAÇÃO,3,0))))","v":"BOMBEIRO/ENCANADOR COM ENCARGOS COMPLEMENTARES"},null,"SETOP",{"$f":"IF(FCV29=\"SINAPI\",VLOOKUP(FCS29,SINAPI,3,0),IF(FCV29=\"SETOP\",VLOOKUP(FCS29,SETOP,4,0),IF(FCV29=\"CPU\",VLOOKUP(FCS29,COMPOSIÇÃO,5,0),VLOOKUP(FCS29,COTAÇÃO,8,0))))","v":"HORA"},0.5,{"$f":"IF(FCV29=\"SINAPI\",VLOOKUP(FCS29,SINAPI,4,0),IF(FCV29=\"SETOP\",VLOOKUP(FCS29,SETOP,5,0),IF(FCV29=\"CPU\",VLOOKUP(FCS29,COMPOSIÇÃO,8,0),VLOOKUP(FCS29,COTAÇÃO,11,0))))","v":19.149999999999999},{"$f":"FCX29*FCY29","v":9.5749999999999993},"ED-50374",{"$f":"IF(FDD29=\"SINAPI\",VLOOKUP(FDA29,SINAPI,2,0),IF(FDD29=\"SETOP\",VLOOKUP(FDA29,SETOP,3,0),IF(FDD29=\"CPU\",VLOOKUP(FDA29,COMPOSIÇÃO,2,0),VLOOKUP(FDA29,COTAÇÃO,3,0))))","v":"BOMBEIRO/ENCANADOR COM ENCARGOS COMPLEMENTARES"},null,"SETOP",{"$f":"IF(FDD29=\"SINAPI\",VLOOKUP(FDA29,SINAPI,3,0),IF(FDD29=\"SETOP\",VLOOKUP(FDA29,SETOP,4,0),IF(FDD29=\"CPU\",VLOOKUP(FDA29,COMPOSIÇÃO,5,0),VLOOKUP(FDA29,COTAÇÃO,8,0))))","v":"HORA"},0.5,{"$f":"IF(FDD29=\"SINAPI\",VLOOKUP(FDA29,SINAPI,4,0),IF(FDD29=\"SETOP\",VLOOKUP(FDA29,SETOP,5,0),IF(FDD29=\"CPU\",VLOOKUP(FDA29,COMPOSIÇÃO,8,0),VLOOKUP(FDA29,COTAÇÃO,11,0))))","v":19.149999999999999},{"$f":"FDF29*FDG29","v":9.5749999999999993},"ED-50374",{"$f":"IF(FDL29=\"SINAPI\",VLOOKUP(FDI29,SINAPI,2,0),IF(FDL29=\"SETOP\",VLOOKUP(FDI29,SETOP,3,0),IF(FDL29=\"CPU\",VLOOKUP(FDI29,COMPOSIÇÃO,2,0),VLOOKUP(FDI29,COTAÇÃO,3,0))))","v":"BOMBEIRO/ENCANADOR COM ENCARGOS COMPLEMENTARES"},null,"SETOP",{"$f":"IF(FDL29=\"SINAPI\",VLOOKUP(FDI29,SINAPI,3,0),IF(FDL29=\"SETOP\",VLOOKUP(FDI29,SETOP,4,0),IF(FDL29=\"CPU\",VLOOKUP(FDI29,COMPOSIÇÃO,5,0),VLOOKUP(FDI29,COTAÇÃO,8,0))))","v":"HORA"},0.5,{"$f":"IF(FDL29=\"SINAPI\",VLOOKUP(FDI29,SINAPI,4,0),IF(FDL29=\"SETOP\",VLOOKUP(FDI29,SETOP,5,0),IF(FDL29=\"CPU\",VLOOKUP(FDI29,COMPOSIÇÃO,8,0),VLOOKUP(FDI29,COTAÇÃO,11,0))))","v":19.149999999999999},{"$f":"FDN29*FDO29","v":9.5749999999999993},"ED-50374",{"$f":"IF(FDT29=\"SINAPI\",VLOOKUP(FDQ29,SINAPI,2,0),IF(FDT29=\"SETOP\",VLOOKUP(FDQ29,SETOP,3,0),IF(FDT29=\"CPU\",VLOOKUP(FDQ29,COMPOSIÇÃO,2,0),VLOOKUP(FDQ29,COTAÇÃO,3,0))))","v":"BOMBEIRO/ENCANADOR COM ENCARGOS COMPLEMENTARES"},null,"SETOP",{"$f":"IF(FDT29=\"SINAPI\",VLOOKUP(FDQ29,SINAPI,3,0),IF(FDT29=\"SETOP\",VLOOKUP(FDQ29,SETOP,4,0),IF(FDT29=\"CPU\",VLOOKUP(FDQ29,COMPOSIÇÃO,5,0),VLOOKUP(FDQ29,COTAÇÃO,8,0))))","v":"HORA"},0.5,{"$f":"IF(FDT29=\"SINAPI\",VLOOKUP(FDQ29,SINAPI,4,0),IF(FDT29=\"SETOP\",VLOOKUP(FDQ29,SETOP,5,0),IF(FDT29=\"CPU\",VLOOKUP(FDQ29,COMPOSIÇÃO,8,0),VLOOKUP(FDQ29,COTAÇÃO,11,0))))","v":19.149999999999999},{"$f":"FDV29*FDW29","v":9.5749999999999993},"ED-50374",{"$f":"IF(FEB29=\"SINAPI\",VLOOKUP(FDY29,SINAPI,2,0),IF(FEB29=\"SETOP\",VLOOKUP(FDY29,SETOP,3,0),IF(FEB29=\"CPU\",VLOOKUP(FDY29,COMPOSIÇÃO,2,0),VLOOKUP(FDY29,COTAÇÃO,3,0))))","v":"BOMBEIRO/ENCANADOR COM ENCARGOS COMPLEMENTARES"},null,"SETOP",{"$f":"IF(FEB29=\"SINAPI\",VLOOKUP(FDY29,SINAPI,3,0),IF(FEB29=\"SETOP\",VLOOKUP(FDY29,SETOP,4,0),IF(FEB29=\"CPU\",VLOOKUP(FDY29,COMPOSIÇÃO,5,0),VLOOKUP(FDY29,COTAÇÃO,8,0))))","v":"HORA"},0.5,{"$f":"IF(FEB29=\"SINAPI\",VLOOKUP(FDY29,SINAPI,4,0),IF(FEB29=\"SETOP\",VLOOKUP(FDY29,SETOP,5,0),IF(FEB29=\"CPU\",VLOOKUP(FDY29,COMPOSIÇÃO,8,0),VLOOKUP(FDY29,COTAÇÃO,11,0))))","v":19.149999999999999},{"$f":"FED29*FEE29","v":9.5749999999999993},"ED-50374",{"$f":"IF(FEJ29=\"SINAPI\",VLOOKUP(FEG29,SINAPI,2,0),IF(FEJ29=\"SETOP\",VLOOKUP(FEG29,SETOP,3,0),IF(FEJ29=\"CPU\",VLOOKUP(FEG29,COMPOSIÇÃO,2,0),VLOOKUP(FEG29,COTAÇÃO,3,0))))","v":"BOMBEIRO/ENCANADOR COM ENCARGOS COMPLEMENTARES"},null,"SETOP",{"$f":"IF(FEJ29=\"SINAPI\",VLOOKUP(FEG29,SINAPI,3,0),IF(FEJ29=\"SETOP\",VLOOKUP(FEG29,SETOP,4,0),IF(FEJ29=\"CPU\",VLOOKUP(FEG29,COMPOSIÇÃO,5,0),VLOOKUP(FEG29,COTAÇÃO,8,0))))","v":"HORA"},0.5,{"$f":"IF(FEJ29=\"SINAPI\",VLOOKUP(FEG29,SINAPI,4,0),IF(FEJ29=\"SETOP\",VLOOKUP(FEG29,SETOP,5,0),IF(FEJ29=\"CPU\",VLOOKUP(FEG29,COMPOSIÇÃO,8,0),VLOOKUP(FEG29,COTAÇÃO,11,0))))","v":19.149999999999999},{"$f":"FEL29*FEM29","v":9.5749999999999993},"ED-50374",{"$f":"IF(FER29=\"SINAPI\",VLOOKUP(FEO29,SINAPI,2,0),IF(FER29=\"SETOP\",VLOOKUP(FEO29,SETOP,3,0),IF(FER29=\"CPU\",VLOOKUP(FEO29,COMPOSIÇÃO,2,0),VLOOKUP(FEO29,COTAÇÃO,3,0))))","v":"BOMBEIRO/ENCANADOR COM ENCARGOS COMPLEMENTARES"},null,"SETOP",{"$f":"IF(FER29=\"SINAPI\",VLOOKUP(FEO29,SINAPI,3,0),IF(FER29=\"SETOP\",VLOOKUP(FEO29,SETOP,4,0),IF(FER29=\"CPU\",VLOOKUP(FEO29,COMPOSIÇÃO,5,0),VLOOKUP(FEO29,COTAÇÃO,8,0))))","v":"HORA"},0.5,{"$f":"IF(FER29=\"SINAPI\",VLOOKUP(FEO29,SINAPI,4,0),IF(FER29=\"SETOP\",VLOOKUP(FEO29,SETOP,5,0),IF(FER29=\"CPU\",VLOOKUP(FEO29,COMPOSIÇÃO,8,0),VLOOKUP(FEO29,COTAÇÃO,11,0))))","v":19.149999999999999},{"$f":"FET29*FEU29","v":9.5749999999999993},"ED-50374",{"$f":"IF(FEZ29=\"SINAPI\",VLOOKUP(FEW29,SINAPI,2,0),IF(FEZ29=\"SETOP\",VLOOKUP(FEW29,SETOP,3,0),IF(FEZ29=\"CPU\",VLOOKUP(FEW29,COMPOSIÇÃO,2,0),VLOOKUP(FEW29,COTAÇÃO,3,0))))","v":"BOMBEIRO/ENCANADOR COM ENCARGOS COMPLEMENTARES"},null,"SETOP",{"$f":"IF(FEZ29=\"SINAPI\",VLOOKUP(FEW29,SINAPI,3,0),IF(FEZ29=\"SETOP\",VLOOKUP(FEW29,SETOP,4,0),IF(FEZ29=\"CPU\",VLOOKUP(FEW29,COMPOSIÇÃO,5,0),VLOOKUP(FEW29,COTAÇÃO,8,0))))","v":"HORA"},0.5,{"$f":"IF(FEZ29=\"SINAPI\",VLOOKUP(FEW29,SINAPI,4,0),IF(FEZ29=\"SETOP\",VLOOKUP(FEW29,SETOP,5,0),IF(FEZ29=\"CPU\",VLOOKUP(FEW29,COMPOSIÇÃO,8,0),VLOOKUP(FEW29,COTAÇÃO,11,0))))","v":19.149999999999999},{"$f":"FFB29*FFC29","v":9.5749999999999993},"ED-50374",{"$f":"IF(FFH29=\"SINAPI\",VLOOKUP(FFE29,SINAPI,2,0),IF(FFH29=\"SETOP\",VLOOKUP(FFE29,SETOP,3,0),IF(FFH29=\"CPU\",VLOOKUP(FFE29,COMPOSIÇÃO,2,0),VLOOKUP(FFE29,COTAÇÃO,3,0))))","v":"BOMBEIRO/ENCANADOR COM ENCARGOS COMPLEMENTARES"},null,"SETOP",{"$f":"IF(FFH29=\"SINAPI\",VLOOKUP(FFE29,SINAPI,3,0),IF(FFH29=\"SETOP\",VLOOKUP(FFE29,SETOP,4,0),IF(FFH29=\"CPU\",VLOOKUP(FFE29,COMPOSIÇÃO,5,0),VLOOKUP(FFE29,COTAÇÃO,8,0))))","v":"HORA"},0.5,{"$f":"IF(FFH29=\"SINAPI\",VLOOKUP(FFE29,SINAPI,4,0),IF(FFH29=\"SETOP\",VLOOKUP(FFE29,SETOP,5,0),IF(FFH29=\"CPU\",VLOOKUP(FFE29,COMPOSIÇÃO,8,0),VLOOKUP(FFE29,COTAÇÃO,11,0))))","v":19.149999999999999},{"$f":"FFJ29*FFK29","v":9.5749999999999993},"ED-50374",{"$f":"IF(FFP29=\"SINAPI\",VLOOKUP(FFM29,SINAPI,2,0),IF(FFP29=\"SETOP\",VLOOKUP(FFM29,SETOP,3,0),IF(FFP29=\"CPU\",VLOOKUP(FFM29,COMPOSIÇÃO,2,0),VLOOKUP(FFM29,COTAÇÃO,3,0))))","v":"BOMBEIRO/ENCANADOR COM ENCARGOS COMPLEMENTARES"},null,"SETOP",{"$f":"IF(FFP29=\"SINAPI\",VLOOKUP(FFM29,SINAPI,3,0),IF(FFP29=\"SETOP\",VLOOKUP(FFM29,SETOP,4,0),IF(FFP29=\"CPU\",VLOOKUP(FFM29,COMPOSIÇÃO,5,0),VLOOKUP(FFM29,COTAÇÃO,8,0))))","v":"HORA"},0.5,{"$f":"IF(FFP29=\"SINAPI\",VLOOKUP(FFM29,SINAPI,4,0),IF(FFP29=\"SETOP\",VLOOKUP(FFM29,SETOP,5,0),IF(FFP29=\"CPU\",VLOOKUP(FFM29,COMPOSIÇÃO,8,0),VLOOKUP(FFM29,COTAÇÃO,11,0))))","v":19.149999999999999},{"$f":"FFR29*FFS29","v":9.5749999999999993},"ED-50374",{"$f":"IF(FFX29=\"SINAPI\",VLOOKUP(FFU29,SINAPI,2,0),IF(FFX29=\"SETOP\",VLOOKUP(FFU29,SETOP,3,0),IF(FFX29=\"CPU\",VLOOKUP(FFU29,COMPOSIÇÃO,2,0),VLOOKUP(FFU29,COTAÇÃO,3,0))))","v":"BOMBEIRO/ENCANADOR COM ENCARGOS COMPLEMENTARES"},null,"SETOP",{"$f":"IF(FFX29=\"SINAPI\",VLOOKUP(FFU29,SINAPI,3,0),IF(FFX29=\"SETOP\",VLOOKUP(FFU29,SETOP,4,0),IF(FFX29=\"CPU\",VLOOKUP(FFU29,COMPOSIÇÃO,5,0),VLOOKUP(FFU29,COTAÇÃO,8,0))))","v":"HORA"},0.5,{"$f":"IF(FFX29=\"SINAPI\",VLOOKUP(FFU29,SINAPI,4,0),IF(FFX29=\"SETOP\",VLOOKUP(FFU29,SETOP,5,0),IF(FFX29=\"CPU\",VLOOKUP(FFU29,COMPOSIÇÃO,8,0),VLOOKUP(FFU29,COTAÇÃO,11,0))))","v":19.149999999999999},{"$f":"FFZ29*FGA29","v":9.5749999999999993},"ED-50374",{"$f":"IF(FGF29=\"SINAPI\",VLOOKUP(FGC29,SINAPI,2,0),IF(FGF29=\"SETOP\",VLOOKUP(FGC29,SETOP,3,0),IF(FGF29=\"CPU\",VLOOKUP(FGC29,COMPOSIÇÃO,2,0),VLOOKUP(FGC29,COTAÇÃO,3,0))))","v":"BOMBEIRO/ENCANADOR COM ENCARGOS COMPLEMENTARES"},null,"SETOP",{"$f":"IF(FGF29=\"SINAPI\",VLOOKUP(FGC29,SINAPI,3,0),IF(FGF29=\"SETOP\",VLOOKUP(FGC29,SETOP,4,0),IF(FGF29=\"CPU\",VLOOKUP(FGC29,COMPOSIÇÃO,5,0),VLOOKUP(FGC29,COTAÇÃO,8,0))))","v":"HORA"},0.5,{"$f":"IF(FGF29=\"SINAPI\",VLOOKUP(FGC29,SINAPI,4,0),IF(FGF29=\"SETOP\",VLOOKUP(FGC29,SETOP,5,0),IF(FGF29=\"CPU\",VLOOKUP(FGC29,COMPOSIÇÃO,8,0),VLOOKUP(FGC29,COTAÇÃO,11,0))))","v":19.149999999999999},{"$f":"FGH29*FGI29","v":9.5749999999999993},"ED-50374",{"$f":"IF(FGN29=\"SINAPI\",VLOOKUP(FGK29,SINAPI,2,0),IF(FGN29=\"SETOP\",VLOOKUP(FGK29,SETOP,3,0),IF(FGN29=\"CPU\",VLOOKUP(FGK29,COMPOSIÇÃO,2,0),VLOOKUP(FGK29,COTAÇÃO,3,0))))","v":"BOMBEIRO/ENCANADOR COM ENCARGOS COMPLEMENTARES"},null,"SETOP",{"$f":"IF(FGN29=\"SINAPI\",VLOOKUP(FGK29,SINAPI,3,0),IF(FGN29=\"SETOP\",VLOOKUP(FGK29,SETOP,4,0),IF(FGN29=\"CPU\",VLOOKUP(FGK29,COMPOSIÇÃO,5,0),VLOOKUP(FGK29,COTAÇÃO,8,0))))","v":"HORA"},0.5,{"$f":"IF(FGN29=\"SINAPI\",VLOOKUP(FGK29,SINAPI,4,0),IF(FGN29=\"SETOP\",VLOOKUP(FGK29,SETOP,5,0),IF(FGN29=\"CPU\",VLOOKUP(FGK29,COMPOSIÇÃO,8,0),VLOOKUP(FGK29,COTAÇÃO,11,0))))","v":19.149999999999999},{"$f":"FGP29*FGQ29","v":9.5749999999999993},"ED-50374",{"$f":"IF(FGV29=\"SINAPI\",VLOOKUP(FGS29,SINAPI,2,0),IF(FGV29=\"SETOP\",VLOOKUP(FGS29,SETOP,3,0),IF(FGV29=\"CPU\",VLOOKUP(FGS29,COMPOSIÇÃO,2,0),VLOOKUP(FGS29,COTAÇÃO,3,0))))","v":"BOMBEIRO/ENCANADOR COM ENCARGOS COMPLEMENTARES"},null,"SETOP",{"$f":"IF(FGV29=\"SINAPI\",VLOOKUP(FGS29,SINAPI,3,0),IF(FGV29=\"SETOP\",VLOOKUP(FGS29,SETOP,4,0),IF(FGV29=\"CPU\",VLOOKUP(FGS29,COMPOSIÇÃO,5,0),VLOOKUP(FGS29,COTAÇÃO,8,0))))","v":"HORA"},0.5,{"$f":"IF(FGV29=\"SINAPI\",VLOOKUP(FGS29,SINAPI,4,0),IF(FGV29=\"SETOP\",VLOOKUP(FGS29,SETOP,5,0),IF(FGV29=\"CPU\",VLOOKUP(FGS29,COMPOSIÇÃO,8,0),VLOOKUP(FGS29,COTAÇÃO,11,0))))","v":19.149999999999999},{"$f":"FGX29*FGY29","v":9.5749999999999993},"ED-50374",{"$f":"IF(FHD29=\"SINAPI\",VLOOKUP(FHA29,SINAPI,2,0),IF(FHD29=\"SETOP\",VLOOKUP(FHA29,SETOP,3,0),IF(FHD29=\"CPU\",VLOOKUP(FHA29,COMPOSIÇÃO,2,0),VLOOKUP(FHA29,COTAÇÃO,3,0))))","v":"BOMBEIRO/ENCANADOR COM ENCARGOS COMPLEMENTARES"},null,"SETOP",{"$f":"IF(FHD29=\"SINAPI\",VLOOKUP(FHA29,SINAPI,3,0),IF(FHD29=\"SETOP\",VLOOKUP(FHA29,SETOP,4,0),IF(FHD29=\"CPU\",VLOOKUP(FHA29,COMPOSIÇÃO,5,0),VLOOKUP(FHA29,COTAÇÃO,8,0))))","v":"HORA"},0.5,{"$f":"IF(FHD29=\"SINAPI\",VLOOKUP(FHA29,SINAPI,4,0),IF(FHD29=\"SETOP\",VLOOKUP(FHA29,SETOP,5,0),IF(FHD29=\"CPU\",VLOOKUP(FHA29,COMPOSIÇÃO,8,0),VLOOKUP(FHA29,COTAÇÃO,11,0))))","v":19.149999999999999},{"$f":"FHF29*FHG29","v":9.5749999999999993},"ED-50374",{"$f":"IF(FHL29=\"SINAPI\",VLOOKUP(FHI29,SINAPI,2,0),IF(FHL29=\"SETOP\",VLOOKUP(FHI29,SETOP,3,0),IF(FHL29=\"CPU\",VLOOKUP(FHI29,COMPOSIÇÃO,2,0),VLOOKUP(FHI29,COTAÇÃO,3,0))))","v":"BOMBEIRO/ENCANADOR COM ENCARGOS COMPLEMENTARES"},null,"SETOP",{"$f":"IF(FHL29=\"SINAPI\",VLOOKUP(FHI29,SINAPI,3,0),IF(FHL29=\"SETOP\",VLOOKUP(FHI29,SETOP,4,0),IF(FHL29=\"CPU\",VLOOKUP(FHI29,COMPOSIÇÃO,5,0),VLOOKUP(FHI29,COTAÇÃO,8,0))))","v":"HORA"},0.5,{"$f":"IF(FHL29=\"SINAPI\",VLOOKUP(FHI29,SINAPI,4,0),IF(FHL29=\"SETOP\",VLOOKUP(FHI29,SETOP,5,0),IF(FHL29=\"CPU\",VLOOKUP(FHI29,COMPOSIÇÃO,8,0),VLOOKUP(FHI29,COTAÇÃO,11,0))))","v":19.149999999999999},{"$f":"FHN29*FHO29","v":9.5749999999999993},"ED-50374",{"$f":"IF(FHT29=\"SINAPI\",VLOOKUP(FHQ29,SINAPI,2,0),IF(FHT29=\"SETOP\",VLOOKUP(FHQ29,SETOP,3,0),IF(FHT29=\"CPU\",VLOOKUP(FHQ29,COMPOSIÇÃO,2,0),VLOOKUP(FHQ29,COTAÇÃO,3,0))))","v":"BOMBEIRO/ENCANADOR COM ENCARGOS COMPLEMENTARES"},null,"SETOP",{"$f":"IF(FHT29=\"SINAPI\",VLOOKUP(FHQ29,SINAPI,3,0),IF(FHT29=\"SETOP\",VLOOKUP(FHQ29,SETOP,4,0),IF(FHT29=\"CPU\",VLOOKUP(FHQ29,COMPOSIÇÃO,5,0),VLOOKUP(FHQ29,COTAÇÃO,8,0))))","v":"HORA"},0.5,{"$f":"IF(FHT29=\"SINAPI\",VLOOKUP(FHQ29,SINAPI,4,0),IF(FHT29=\"SETOP\",VLOOKUP(FHQ29,SETOP,5,0),IF(FHT29=\"CPU\",VLOOKUP(FHQ29,COMPOSIÇÃO,8,0),VLOOKUP(FHQ29,COTAÇÃO,11,0))))","v":19.149999999999999},{"$f":"FHV29*FHW29","v":9.5749999999999993},"ED-50374",{"$f":"IF(FIB29=\"SINAPI\",VLOOKUP(FHY29,SINAPI,2,0),IF(FIB29=\"SETOP\",VLOOKUP(FHY29,SETOP,3,0),IF(FIB29=\"CPU\",VLOOKUP(FHY29,COMPOSIÇÃO,2,0),VLOOKUP(FHY29,COTAÇÃO,3,0))))","v":"BOMBEIRO/ENCANADOR COM ENCARGOS COMPLEMENTARES"},null,"SETOP",{"$f":"IF(FIB29=\"SINAPI\",VLOOKUP(FHY29,SINAPI,3,0),IF(FIB29=\"SETOP\",VLOOKUP(FHY29,SETOP,4,0),IF(FIB29=\"CPU\",VLOOKUP(FHY29,COMPOSIÇÃO,5,0),VLOOKUP(FHY29,COTAÇÃO,8,0))))","v":"HORA"},0.5,{"$f":"IF(FIB29=\"SINAPI\",VLOOKUP(FHY29,SINAPI,4,0),IF(FIB29=\"SETOP\",VLOOKUP(FHY29,SETOP,5,0),IF(FIB29=\"CPU\",VLOOKUP(FHY29,COMPOSIÇÃO,8,0),VLOOKUP(FHY29,COTAÇÃO,11,0))))","v":19.149999999999999},{"$f":"FID29*FIE29","v":9.5749999999999993},"ED-50374",{"$f":"IF(FIJ29=\"SINAPI\",VLOOKUP(FIG29,SINAPI,2,0),IF(FIJ29=\"SETOP\",VLOOKUP(FIG29,SETOP,3,0),IF(FIJ29=\"CPU\",VLOOKUP(FIG29,COMPOSIÇÃO,2,0),VLOOKUP(FIG29,COTAÇÃO,3,0))))","v":"BOMBEIRO/ENCANADOR COM ENCARGOS COMPLEMENTARES"},null,"SETOP",{"$f":"IF(FIJ29=\"SINAPI\",VLOOKUP(FIG29,SINAPI,3,0),IF(FIJ29=\"SETOP\",VLOOKUP(FIG29,SETOP,4,0),IF(FIJ29=\"CPU\",VLOOKUP(FIG29,COMPOSIÇÃO,5,0),VLOOKUP(FIG29,COTAÇÃO,8,0))))","v":"HORA"},0.5,{"$f":"IF(FIJ29=\"SINAPI\",VLOOKUP(FIG29,SINAPI,4,0),IF(FIJ29=\"SETOP\",VLOOKUP(FIG29,SETOP,5,0),IF(FIJ29=\"CPU\",VLOOKUP(FIG29,COMPOSIÇÃO,8,0),VLOOKUP(FIG29,COTAÇÃO,11,0))))","v":19.149999999999999},{"$f":"FIL29*FIM29","v":9.5749999999999993},"ED-50374",{"$f":"IF(FIR29=\"SINAPI\",VLOOKUP(FIO29,SINAPI,2,0),IF(FIR29=\"SETOP\",VLOOKUP(FIO29,SETOP,3,0),IF(FIR29=\"CPU\",VLOOKUP(FIO29,COMPOSIÇÃO,2,0),VLOOKUP(FIO29,COTAÇÃO,3,0))))","v":"BOMBEIRO/ENCANADOR COM ENCARGOS COMPLEMENTARES"},null,"SETOP",{"$f":"IF(FIR29=\"SINAPI\",VLOOKUP(FIO29,SINAPI,3,0),IF(FIR29=\"SETOP\",VLOOKUP(FIO29,SETOP,4,0),IF(FIR29=\"CPU\",VLOOKUP(FIO29,COMPOSIÇÃO,5,0),VLOOKUP(FIO29,COTAÇÃO,8,0))))","v":"HORA"},0.5,{"$f":"IF(FIR29=\"SINAPI\",VLOOKUP(FIO29,SINAPI,4,0),IF(FIR29=\"SETOP\",VLOOKUP(FIO29,SETOP,5,0),IF(FIR29=\"CPU\",VLOOKUP(FIO29,COMPOSIÇÃO,8,0),VLOOKUP(FIO29,COTAÇÃO,11,0))))","v":19.149999999999999},{"$f":"FIT29*FIU29","v":9.5749999999999993},"ED-50374",{"$f":"IF(FIZ29=\"SINAPI\",VLOOKUP(FIW29,SINAPI,2,0),IF(FIZ29=\"SETOP\",VLOOKUP(FIW29,SETOP,3,0),IF(FIZ29=\"CPU\",VLOOKUP(FIW29,COMPOSIÇÃO,2,0),VLOOKUP(FIW29,COTAÇÃO,3,0))))","v":"BOMBEIRO/ENCANADOR COM ENCARGOS COMPLEMENTARES"},null,"SETOP",{"$f":"IF(FIZ29=\"SINAPI\",VLOOKUP(FIW29,SINAPI,3,0),IF(FIZ29=\"SETOP\",VLOOKUP(FIW29,SETOP,4,0),IF(FIZ29=\"CPU\",VLOOKUP(FIW29,COMPOSIÇÃO,5,0),VLOOKUP(FIW29,COTAÇÃO,8,0))))","v":"HORA"},0.5,{"$f":"IF(FIZ29=\"SINAPI\",VLOOKUP(FIW29,SINAPI,4,0),IF(FIZ29=\"SETOP\",VLOOKUP(FIW29,SETOP,5,0),IF(FIZ29=\"CPU\",VLOOKUP(FIW29,COMPOSIÇÃO,8,0),VLOOKUP(FIW29,COTAÇÃO,11,0))))","v":19.149999999999999},{"$f":"FJB29*FJC29","v":9.5749999999999993},"ED-50374",{"$f":"IF(FJH29=\"SINAPI\",VLOOKUP(FJE29,SINAPI,2,0),IF(FJH29=\"SETOP\",VLOOKUP(FJE29,SETOP,3,0),IF(FJH29=\"CPU\",VLOOKUP(FJE29,COMPOSIÇÃO,2,0),VLOOKUP(FJE29,COTAÇÃO,3,0))))","v":"BOMBEIRO/ENCANADOR COM ENCARGOS COMPLEMENTARES"},null,"SETOP",{"$f":"IF(FJH29=\"SINAPI\",VLOOKUP(FJE29,SINAPI,3,0),IF(FJH29=\"SETOP\",VLOOKUP(FJE29,SETOP,4,0),IF(FJH29=\"CPU\",VLOOKUP(FJE29,COMPOSIÇÃO,5,0),VLOOKUP(FJE29,COTAÇÃO,8,0))))","v":"HORA"},0.5,{"$f":"IF(FJH29=\"SINAPI\",VLOOKUP(FJE29,SINAPI,4,0),IF(FJH29=\"SETOP\",VLOOKUP(FJE29,SETOP,5,0),IF(FJH29=\"CPU\",VLOOKUP(FJE29,COMPOSIÇÃO,8,0),VLOOKUP(FJE29,COTAÇÃO,11,0))))","v":19.149999999999999},{"$f":"FJJ29*FJK29","v":9.5749999999999993},"ED-50374",{"$f":"IF(FJP29=\"SINAPI\",VLOOKUP(FJM29,SINAPI,2,0),IF(FJP29=\"SETOP\",VLOOKUP(FJM29,SETOP,3,0),IF(FJP29=\"CPU\",VLOOKUP(FJM29,COMPOSIÇÃO,2,0),VLOOKUP(FJM29,COTAÇÃO,3,0))))","v":"BOMBEIRO/ENCANADOR COM ENCARGOS COMPLEMENTARES"},null,"SETOP",{"$f":"IF(FJP29=\"SINAPI\",VLOOKUP(FJM29,SINAPI,3,0),IF(FJP29=\"SETOP\",VLOOKUP(FJM29,SETOP,4,0),IF(FJP29=\"CPU\",VLOOKUP(FJM29,COMPOSIÇÃO,5,0),VLOOKUP(FJM29,COTAÇÃO,8,0))))","v":"HORA"},0.5,{"$f":"IF(FJP29=\"SINAPI\",VLOOKUP(FJM29,SINAPI,4,0),IF(FJP29=\"SETOP\",VLOOKUP(FJM29,SETOP,5,0),IF(FJP29=\"CPU\",VLOOKUP(FJM29,COMPOSIÇÃO,8,0),VLOOKUP(FJM29,COTAÇÃO,11,0))))","v":19.149999999999999},{"$f":"FJR29*FJS29","v":9.5749999999999993},"ED-50374",{"$f":"IF(FJX29=\"SINAPI\",VLOOKUP(FJU29,SINAPI,2,0),IF(FJX29=\"SETOP\",VLOOKUP(FJU29,SETOP,3,0),IF(FJX29=\"CPU\",VLOOKUP(FJU29,COMPOSIÇÃO,2,0),VLOOKUP(FJU29,COTAÇÃO,3,0))))","v":"BOMBEIRO/ENCANADOR COM ENCARGOS COMPLEMENTARES"},null,"SETOP",{"$f":"IF(FJX29=\"SINAPI\",VLOOKUP(FJU29,SINAPI,3,0),IF(FJX29=\"SETOP\",VLOOKUP(FJU29,SETOP,4,0),IF(FJX29=\"CPU\",VLOOKUP(FJU29,COMPOSIÇÃO,5,0),VLOOKUP(FJU29,COTAÇÃO,8,0))))","v":"HORA"},0.5,{"$f":"IF(FJX29=\"SINAPI\",VLOOKUP(FJU29,SINAPI,4,0),IF(FJX29=\"SETOP\",VLOOKUP(FJU29,SETOP,5,0),IF(FJX29=\"CPU\",VLOOKUP(FJU29,COMPOSIÇÃO,8,0),VLOOKUP(FJU29,COTAÇÃO,11,0))))","v":19.149999999999999},{"$f":"FJZ29*FKA29","v":9.5749999999999993},"ED-50374",{"$f":"IF(FKF29=\"SINAPI\",VLOOKUP(FKC29,SINAPI,2,0),IF(FKF29=\"SETOP\",VLOOKUP(FKC29,SETOP,3,0),IF(FKF29=\"CPU\",VLOOKUP(FKC29,COMPOSIÇÃO,2,0),VLOOKUP(FKC29,COTAÇÃO,3,0))))","v":"BOMBEIRO/ENCANADOR COM ENCARGOS COMPLEMENTARES"},null,"SETOP",{"$f":"IF(FKF29=\"SINAPI\",VLOOKUP(FKC29,SINAPI,3,0),IF(FKF29=\"SETOP\",VLOOKUP(FKC29,SETOP,4,0),IF(FKF29=\"CPU\",VLOOKUP(FKC29,COMPOSIÇÃO,5,0),VLOOKUP(FKC29,COTAÇÃO,8,0))))","v":"HORA"},0.5,{"$f":"IF(FKF29=\"SINAPI\",VLOOKUP(FKC29,SINAPI,4,0),IF(FKF29=\"SETOP\",VLOOKUP(FKC29,SETOP,5,0),IF(FKF29=\"CPU\",VLOOKUP(FKC29,COMPOSIÇÃO,8,0),VLOOKUP(FKC29,COTAÇÃO,11,0))))","v":19.149999999999999},{"$f":"FKH29*FKI29","v":9.5749999999999993},"ED-50374",{"$f":"IF(FKN29=\"SINAPI\",VLOOKUP(FKK29,SINAPI,2,0),IF(FKN29=\"SETOP\",VLOOKUP(FKK29,SETOP,3,0),IF(FKN29=\"CPU\",VLOOKUP(FKK29,COMPOSIÇÃO,2,0),VLOOKUP(FKK29,COTAÇÃO,3,0))))","v":"BOMBEIRO/ENCANADOR COM ENCARGOS COMPLEMENTARES"},null,"SETOP",{"$f":"IF(FKN29=\"SINAPI\",VLOOKUP(FKK29,SINAPI,3,0),IF(FKN29=\"SETOP\",VLOOKUP(FKK29,SETOP,4,0),IF(FKN29=\"CPU\",VLOOKUP(FKK29,COMPOSIÇÃO,5,0),VLOOKUP(FKK29,COTAÇÃO,8,0))))","v":"HORA"},0.5,{"$f":"IF(FKN29=\"SINAPI\",VLOOKUP(FKK29,SINAPI,4,0),IF(FKN29=\"SETOP\",VLOOKUP(FKK29,SETOP,5,0),IF(FKN29=\"CPU\",VLOOKUP(FKK29,COMPOSIÇÃO,8,0),VLOOKUP(FKK29,COTAÇÃO,11,0))))","v":19.149999999999999},{"$f":"FKP29*FKQ29","v":9.5749999999999993},"ED-50374",{"$f":"IF(FKV29=\"SINAPI\",VLOOKUP(FKS29,SINAPI,2,0),IF(FKV29=\"SETOP\",VLOOKUP(FKS29,SETOP,3,0),IF(FKV29=\"CPU\",VLOOKUP(FKS29,COMPOSIÇÃO,2,0),VLOOKUP(FKS29,COTAÇÃO,3,0))))","v":"BOMBEIRO/ENCANADOR COM ENCARGOS COMPLEMENTARES"},null,"SETOP",{"$f":"IF(FKV29=\"SINAPI\",VLOOKUP(FKS29,SINAPI,3,0),IF(FKV29=\"SETOP\",VLOOKUP(FKS29,SETOP,4,0),IF(FKV29=\"CPU\",VLOOKUP(FKS29,COMPOSIÇÃO,5,0),VLOOKUP(FKS29,COTAÇÃO,8,0))))","v":"HORA"},0.5,{"$f":"IF(FKV29=\"SINAPI\",VLOOKUP(FKS29,SINAPI,4,0),IF(FKV29=\"SETOP\",VLOOKUP(FKS29,SETOP,5,0),IF(FKV29=\"CPU\",VLOOKUP(FKS29,COMPOSIÇÃO,8,0),VLOOKUP(FKS29,COTAÇÃO,11,0))))","v":19.149999999999999},{"$f":"FKX29*FKY29","v":9.5749999999999993},"ED-50374",{"$f":"IF(FLD29=\"SINAPI\",VLOOKUP(FLA29,SINAPI,2,0),IF(FLD29=\"SETOP\",VLOOKUP(FLA29,SETOP,3,0),IF(FLD29=\"CPU\",VLOOKUP(FLA29,COMPOSIÇÃO,2,0),VLOOKUP(FLA29,COTAÇÃO,3,0))))","v":"BOMBEIRO/ENCANADOR COM ENCARGOS COMPLEMENTARES"},null,"SETOP",{"$f":"IF(FLD29=\"SINAPI\",VLOOKUP(FLA29,SINAPI,3,0),IF(FLD29=\"SETOP\",VLOOKUP(FLA29,SETOP,4,0),IF(FLD29=\"CPU\",VLOOKUP(FLA29,COMPOSIÇÃO,5,0),VLOOKUP(FLA29,COTAÇÃO,8,0))))","v":"HORA"},0.5,{"$f":"IF(FLD29=\"SINAPI\",VLOOKUP(FLA29,SINAPI,4,0),IF(FLD29=\"SETOP\",VLOOKUP(FLA29,SETOP,5,0),IF(FLD29=\"CPU\",VLOOKUP(FLA29,COMPOSIÇÃO,8,0),VLOOKUP(FLA29,COTAÇÃO,11,0))))","v":19.149999999999999},{"$f":"FLF29*FLG29","v":9.5749999999999993},"ED-50374",{"$f":"IF(FLL29=\"SINAPI\",VLOOKUP(FLI29,SINAPI,2,0),IF(FLL29=\"SETOP\",VLOOKUP(FLI29,SETOP,3,0),IF(FLL29=\"CPU\",VLOOKUP(FLI29,COMPOSIÇÃO,2,0),VLOOKUP(FLI29,COTAÇÃO,3,0))))","v":"BOMBEIRO/ENCANADOR COM ENCARGOS COMPLEMENTARES"},null,"SETOP",{"$f":"IF(FLL29=\"SINAPI\",VLOOKUP(FLI29,SINAPI,3,0),IF(FLL29=\"SETOP\",VLOOKUP(FLI29,SETOP,4,0),IF(FLL29=\"CPU\",VLOOKUP(FLI29,COMPOSIÇÃO,5,0),VLOOKUP(FLI29,COTAÇÃO,8,0))))","v":"HORA"},0.5,{"$f":"IF(FLL29=\"SINAPI\",VLOOKUP(FLI29,SINAPI,4,0),IF(FLL29=\"SETOP\",VLOOKUP(FLI29,SETOP,5,0),IF(FLL29=\"CPU\",VLOOKUP(FLI29,COMPOSIÇÃO,8,0),VLOOKUP(FLI29,COTAÇÃO,11,0))))","v":19.149999999999999},{"$f":"FLN29*FLO29","v":9.5749999999999993},"ED-50374",{"$f":"IF(FLT29=\"SINAPI\",VLOOKUP(FLQ29,SINAPI,2,0),IF(FLT29=\"SETOP\",VLOOKUP(FLQ29,SETOP,3,0),IF(FLT29=\"CPU\",VLOOKUP(FLQ29,COMPOSIÇÃO,2,0),VLOOKUP(FLQ29,COTAÇÃO,3,0))))","v":"BOMBEIRO/ENCANADOR COM ENCARGOS COMPLEMENTARES"},null,"SETOP",{"$f":"IF(FLT29=\"SINAPI\",VLOOKUP(FLQ29,SINAPI,3,0),IF(FLT29=\"SETOP\",VLOOKUP(FLQ29,SETOP,4,0),IF(FLT29=\"CPU\",VLOOKUP(FLQ29,COMPOSIÇÃO,5,0),VLOOKUP(FLQ29,COTAÇÃO,8,0))))","v":"HORA"},0.5,{"$f":"IF(FLT29=\"SINAPI\",VLOOKUP(FLQ29,SINAPI,4,0),IF(FLT29=\"SETOP\",VLOOKUP(FLQ29,SETOP,5,0),IF(FLT29=\"CPU\",VLOOKUP(FLQ29,COMPOSIÇÃO,8,0),VLOOKUP(FLQ29,COTAÇÃO,11,0))))","v":19.149999999999999},{"$f":"FLV29*FLW29","v":9.5749999999999993},"ED-50374",{"$f":"IF(FMB29=\"SINAPI\",VLOOKUP(FLY29,SINAPI,2,0),IF(FMB29=\"SETOP\",VLOOKUP(FLY29,SETOP,3,0),IF(FMB29=\"CPU\",VLOOKUP(FLY29,COMPOSIÇÃO,2,0),VLOOKUP(FLY29,COTAÇÃO,3,0))))","v":"BOMBEIRO/ENCANADOR COM ENCARGOS COMPLEMENTARES"},null,"SETOP",{"$f":"IF(FMB29=\"SINAPI\",VLOOKUP(FLY29,SINAPI,3,0),IF(FMB29=\"SETOP\",VLOOKUP(FLY29,SETOP,4,0),IF(FMB29=\"CPU\",VLOOKUP(FLY29,COMPOSIÇÃO,5,0),VLOOKUP(FLY29,COTAÇÃO,8,0))))","v":"HORA"},0.5,{"$f":"IF(FMB29=\"SINAPI\",VLOOKUP(FLY29,SINAPI,4,0),IF(FMB29=\"SETOP\",VLOOKUP(FLY29,SETOP,5,0),IF(FMB29=\"CPU\",VLOOKUP(FLY29,COMPOSIÇÃO,8,0),VLOOKUP(FLY29,COTAÇÃO,11,0))))","v":19.149999999999999},{"$f":"FMD29*FME29","v":9.5749999999999993},"ED-50374",{"$f":"IF(FMJ29=\"SINAPI\",VLOOKUP(FMG29,SINAPI,2,0),IF(FMJ29=\"SETOP\",VLOOKUP(FMG29,SETOP,3,0),IF(FMJ29=\"CPU\",VLOOKUP(FMG29,COMPOSIÇÃO,2,0),VLOOKUP(FMG29,COTAÇÃO,3,0))))","v":"BOMBEIRO/ENCANADOR COM ENCARGOS COMPLEMENTARES"},null,"SETOP",{"$f":"IF(FMJ29=\"SINAPI\",VLOOKUP(FMG29,SINAPI,3,0),IF(FMJ29=\"SETOP\",VLOOKUP(FMG29,SETOP,4,0),IF(FMJ29=\"CPU\",VLOOKUP(FMG29,COMPOSIÇÃO,5,0),VLOOKUP(FMG29,COTAÇÃO,8,0))))","v":"HORA"},0.5,{"$f":"IF(FMJ29=\"SINAPI\",VLOOKUP(FMG29,SINAPI,4,0),IF(FMJ29=\"SETOP\",VLOOKUP(FMG29,SETOP,5,0),IF(FMJ29=\"CPU\",VLOOKUP(FMG29,COMPOSIÇÃO,8,0),VLOOKUP(FMG29,COTAÇÃO,11,0))))","v":19.149999999999999},{"$f":"FML29*FMM29","v":9.5749999999999993},"ED-50374",{"$f":"IF(FMR29=\"SINAPI\",VLOOKUP(FMO29,SINAPI,2,0),IF(FMR29=\"SETOP\",VLOOKUP(FMO29,SETOP,3,0),IF(FMR29=\"CPU\",VLOOKUP(FMO29,COMPOSIÇÃO,2,0),VLOOKUP(FMO29,COTAÇÃO,3,0))))","v":"BOMBEIRO/ENCANADOR COM ENCARGOS COMPLEMENTARES"},null,"SETOP",{"$f":"IF(FMR29=\"SINAPI\",VLOOKUP(FMO29,SINAPI,3,0),IF(FMR29=\"SETOP\",VLOOKUP(FMO29,SETOP,4,0),IF(FMR29=\"CPU\",VLOOKUP(FMO29,COMPOSIÇÃO,5,0),VLOOKUP(FMO29,COTAÇÃO,8,0))))","v":"HORA"},0.5,{"$f":"IF(FMR29=\"SINAPI\",VLOOKUP(FMO29,SINAPI,4,0),IF(FMR29=\"SETOP\",VLOOKUP(FMO29,SETOP,5,0),IF(FMR29=\"CPU\",VLOOKUP(FMO29,COMPOSIÇÃO,8,0),VLOOKUP(FMO29,COTAÇÃO,11,0))))","v":19.149999999999999},{"$f":"FMT29*FMU29","v":9.5749999999999993},"ED-50374",{"$f":"IF(FMZ29=\"SINAPI\",VLOOKUP(FMW29,SINAPI,2,0),IF(FMZ29=\"SETOP\",VLOOKUP(FMW29,SETOP,3,0),IF(FMZ29=\"CPU\",VLOOKUP(FMW29,COMPOSIÇÃO,2,0),VLOOKUP(FMW29,COTAÇÃO,3,0))))","v":"BOMBEIRO/ENCANADOR COM ENCARGOS COMPLEMENTARES"},null,"SETOP",{"$f":"IF(FMZ29=\"SINAPI\",VLOOKUP(FMW29,SINAPI,3,0),IF(FMZ29=\"SETOP\",VLOOKUP(FMW29,SETOP,4,0),IF(FMZ29=\"CPU\",VLOOKUP(FMW29,COMPOSIÇÃO,5,0),VLOOKUP(FMW29,COTAÇÃO,8,0))))","v":"HORA"},0.5,{"$f":"IF(FMZ29=\"SINAPI\",VLOOKUP(FMW29,SINAPI,4,0),IF(FMZ29=\"SETOP\",VLOOKUP(FMW29,SETOP,5,0),IF(FMZ29=\"CPU\",VLOOKUP(FMW29,COMPOSIÇÃO,8,0),VLOOKUP(FMW29,COTAÇÃO,11,0))))","v":19.149999999999999},{"$f":"FNB29*FNC29","v":9.5749999999999993},"ED-50374",{"$f":"IF(FNH29=\"SINAPI\",VLOOKUP(FNE29,SINAPI,2,0),IF(FNH29=\"SETOP\",VLOOKUP(FNE29,SETOP,3,0),IF(FNH29=\"CPU\",VLOOKUP(FNE29,COMPOSIÇÃO,2,0),VLOOKUP(FNE29,COTAÇÃO,3,0))))","v":"BOMBEIRO/ENCANADOR COM ENCARGOS COMPLEMENTARES"},null,"SETOP",{"$f":"IF(FNH29=\"SINAPI\",VLOOKUP(FNE29,SINAPI,3,0),IF(FNH29=\"SETOP\",VLOOKUP(FNE29,SETOP,4,0),IF(FNH29=\"CPU\",VLOOKUP(FNE29,COMPOSIÇÃO,5,0),VLOOKUP(FNE29,COTAÇÃO,8,0))))","v":"HORA"},0.5,{"$f":"IF(FNH29=\"SINAPI\",VLOOKUP(FNE29,SINAPI,4,0),IF(FNH29=\"SETOP\",VLOOKUP(FNE29,SETOP,5,0),IF(FNH29=\"CPU\",VLOOKUP(FNE29,COMPOSIÇÃO,8,0),VLOOKUP(FNE29,COTAÇÃO,11,0))))","v":19.149999999999999},{"$f":"FNJ29*FNK29","v":9.5749999999999993},"ED-50374",{"$f":"IF(FNP29=\"SINAPI\",VLOOKUP(FNM29,SINAPI,2,0),IF(FNP29=\"SETOP\",VLOOKUP(FNM29,SETOP,3,0),IF(FNP29=\"CPU\",VLOOKUP(FNM29,COMPOSIÇÃO,2,0),VLOOKUP(FNM29,COTAÇÃO,3,0))))","v":"BOMBEIRO/ENCANADOR COM ENCARGOS COMPLEMENTARES"},null,"SETOP",{"$f":"IF(FNP29=\"SINAPI\",VLOOKUP(FNM29,SINAPI,3,0),IF(FNP29=\"SETOP\",VLOOKUP(FNM29,SETOP,4,0),IF(FNP29=\"CPU\",VLOOKUP(FNM29,COMPOSIÇÃO,5,0),VLOOKUP(FNM29,COTAÇÃO,8,0))))","v":"HORA"},0.5,{"$f":"IF(FNP29=\"SINAPI\",VLOOKUP(FNM29,SINAPI,4,0),IF(FNP29=\"SETOP\",VLOOKUP(FNM29,SETOP,5,0),IF(FNP29=\"CPU\",VLOOKUP(FNM29,COMPOSIÇÃO,8,0),VLOOKUP(FNM29,COTAÇÃO,11,0))))","v":19.149999999999999},{"$f":"FNR29*FNS29","v":9.5749999999999993},"ED-50374",{"$f":"IF(FNX29=\"SINAPI\",VLOOKUP(FNU29,SINAPI,2,0),IF(FNX29=\"SETOP\",VLOOKUP(FNU29,SETOP,3,0),IF(FNX29=\"CPU\",VLOOKUP(FNU29,COMPOSIÇÃO,2,0),VLOOKUP(FNU29,COTAÇÃO,3,0))))","v":"BOMBEIRO/ENCANADOR COM ENCARGOS COMPLEMENTARES"},null,"SETOP",{"$f":"IF(FNX29=\"SINAPI\",VLOOKUP(FNU29,SINAPI,3,0),IF(FNX29=\"SETOP\",VLOOKUP(FNU29,SETOP,4,0),IF(FNX29=\"CPU\",VLOOKUP(FNU29,COMPOSIÇÃO,5,0),VLOOKUP(FNU29,COTAÇÃO,8,0))))","v":"HORA"},0.5,{"$f":"IF(FNX29=\"SINAPI\",VLOOKUP(FNU29,SINAPI,4,0),IF(FNX29=\"SETOP\",VLOOKUP(FNU29,SETOP,5,0),IF(FNX29=\"CPU\",VLOOKUP(FNU29,COMPOSIÇÃO,8,0),VLOOKUP(FNU29,COTAÇÃO,11,0))))","v":19.149999999999999},{"$f":"FNZ29*FOA29","v":9.5749999999999993},"ED-50374",{"$f":"IF(FOF29=\"SINAPI\",VLOOKUP(FOC29,SINAPI,2,0),IF(FOF29=\"SETOP\",VLOOKUP(FOC29,SETOP,3,0),IF(FOF29=\"CPU\",VLOOKUP(FOC29,COMPOSIÇÃO,2,0),VLOOKUP(FOC29,COTAÇÃO,3,0))))","v":"BOMBEIRO/ENCANADOR COM ENCARGOS COMPLEMENTARES"},null,"SETOP",{"$f":"IF(FOF29=\"SINAPI\",VLOOKUP(FOC29,SINAPI,3,0),IF(FOF29=\"SETOP\",VLOOKUP(FOC29,SETOP,4,0),IF(FOF29=\"CPU\",VLOOKUP(FOC29,COMPOSIÇÃO,5,0),VLOOKUP(FOC29,COTAÇÃO,8,0))))","v":"HORA"},0.5,{"$f":"IF(FOF29=\"SINAPI\",VLOOKUP(FOC29,SINAPI,4,0),IF(FOF29=\"SETOP\",VLOOKUP(FOC29,SETOP,5,0),IF(FOF29=\"CPU\",VLOOKUP(FOC29,COMPOSIÇÃO,8,0),VLOOKUP(FOC29,COTAÇÃO,11,0))))","v":19.149999999999999},{"$f":"FOH29*FOI29","v":9.5749999999999993},"ED-50374",{"$f":"IF(FON29=\"SINAPI\",VLOOKUP(FOK29,SINAPI,2,0),IF(FON29=\"SETOP\",VLOOKUP(FOK29,SETOP,3,0),IF(FON29=\"CPU\",VLOOKUP(FOK29,COMPOSIÇÃO,2,0),VLOOKUP(FOK29,COTAÇÃO,3,0))))","v":"BOMBEIRO/ENCANADOR COM ENCARGOS COMPLEMENTARES"},null,"SETOP",{"$f":"IF(FON29=\"SINAPI\",VLOOKUP(FOK29,SINAPI,3,0),IF(FON29=\"SETOP\",VLOOKUP(FOK29,SETOP,4,0),IF(FON29=\"CPU\",VLOOKUP(FOK29,COMPOSIÇÃO,5,0),VLOOKUP(FOK29,COTAÇÃO,8,0))))","v":"HORA"},0.5,{"$f":"IF(FON29=\"SINAPI\",VLOOKUP(FOK29,SINAPI,4,0),IF(FON29=\"SETOP\",VLOOKUP(FOK29,SETOP,5,0),IF(FON29=\"CPU\",VLOOKUP(FOK29,COMPOSIÇÃO,8,0),VLOOKUP(FOK29,COTAÇÃO,11,0))))","v":19.149999999999999},{"$f":"FOP29*FOQ29","v":9.5749999999999993},"ED-50374",{"$f":"IF(FOV29=\"SINAPI\",VLOOKUP(FOS29,SINAPI,2,0),IF(FOV29=\"SETOP\",VLOOKUP(FOS29,SETOP,3,0),IF(FOV29=\"CPU\",VLOOKUP(FOS29,COMPOSIÇÃO,2,0),VLOOKUP(FOS29,COTAÇÃO,3,0))))","v":"BOMBEIRO/ENCANADOR COM ENCARGOS COMPLEMENTARES"},null,"SETOP",{"$f":"IF(FOV29=\"SINAPI\",VLOOKUP(FOS29,SINAPI,3,0),IF(FOV29=\"SETOP\",VLOOKUP(FOS29,SETOP,4,0),IF(FOV29=\"CPU\",VLOOKUP(FOS29,COMPOSIÇÃO,5,0),VLOOKUP(FOS29,COTAÇÃO,8,0))))","v":"HORA"},0.5,{"$f":"IF(FOV29=\"SINAPI\",VLOOKUP(FOS29,SINAPI,4,0),IF(FOV29=\"SETOP\",VLOOKUP(FOS29,SETOP,5,0),IF(FOV29=\"CPU\",VLOOKUP(FOS29,COMPOSIÇÃO,8,0),VLOOKUP(FOS29,COTAÇÃO,11,0))))","v":19.149999999999999},{"$f":"FOX29*FOY29","v":9.5749999999999993},"ED-50374",{"$f":"IF(FPD29=\"SINAPI\",VLOOKUP(FPA29,SINAPI,2,0),IF(FPD29=\"SETOP\",VLOOKUP(FPA29,SETOP,3,0),IF(FPD29=\"CPU\",VLOOKUP(FPA29,COMPOSIÇÃO,2,0),VLOOKUP(FPA29,COTAÇÃO,3,0))))","v":"BOMBEIRO/ENCANADOR COM ENCARGOS COMPLEMENTARES"},null,"SETOP",{"$f":"IF(FPD29=\"SINAPI\",VLOOKUP(FPA29,SINAPI,3,0),IF(FPD29=\"SETOP\",VLOOKUP(FPA29,SETOP,4,0),IF(FPD29=\"CPU\",VLOOKUP(FPA29,COMPOSIÇÃO,5,0),VLOOKUP(FPA29,COTAÇÃO,8,0))))","v":"HORA"},0.5,{"$f":"IF(FPD29=\"SINAPI\",VLOOKUP(FPA29,SINAPI,4,0),IF(FPD29=\"SETOP\",VLOOKUP(FPA29,SETOP,5,0),IF(FPD29=\"CPU\",VLOOKUP(FPA29,COMPOSIÇÃO,8,0),VLOOKUP(FPA29,COTAÇÃO,11,0))))","v":19.149999999999999},{"$f":"FPF29*FPG29","v":9.5749999999999993},"ED-50374",{"$f":"IF(FPL29=\"SINAPI\",VLOOKUP(FPI29,SINAPI,2,0),IF(FPL29=\"SETOP\",VLOOKUP(FPI29,SETOP,3,0),IF(FPL29=\"CPU\",VLOOKUP(FPI29,COMPOSIÇÃO,2,0),VLOOKUP(FPI29,COTAÇÃO,3,0))))","v":"BOMBEIRO/ENCANADOR COM ENCARGOS COMPLEMENTARES"},null,"SETOP",{"$f":"IF(FPL29=\"SINAPI\",VLOOKUP(FPI29,SINAPI,3,0),IF(FPL29=\"SETOP\",VLOOKUP(FPI29,SETOP,4,0),IF(FPL29=\"CPU\",VLOOKUP(FPI29,COMPOSIÇÃO,5,0),VLOOKUP(FPI29,COTAÇÃO,8,0))))","v":"HORA"},0.5,{"$f":"IF(FPL29=\"SINAPI\",VLOOKUP(FPI29,SINAPI,4,0),IF(FPL29=\"SETOP\",VLOOKUP(FPI29,SETOP,5,0),IF(FPL29=\"CPU\",VLOOKUP(FPI29,COMPOSIÇÃO,8,0),VLOOKUP(FPI29,COTAÇÃO,11,0))))","v":19.149999999999999},{"$f":"FPN29*FPO29","v":9.5749999999999993},"ED-50374",{"$f":"IF(FPT29=\"SINAPI\",VLOOKUP(FPQ29,SINAPI,2,0),IF(FPT29=\"SETOP\",VLOOKUP(FPQ29,SETOP,3,0),IF(FPT29=\"CPU\",VLOOKUP(FPQ29,COMPOSIÇÃO,2,0),VLOOKUP(FPQ29,COTAÇÃO,3,0))))","v":"BOMBEIRO/ENCANADOR COM ENCARGOS COMPLEMENTARES"},null,"SETOP",{"$f":"IF(FPT29=\"SINAPI\",VLOOKUP(FPQ29,SINAPI,3,0),IF(FPT29=\"SETOP\",VLOOKUP(FPQ29,SETOP,4,0),IF(FPT29=\"CPU\",VLOOKUP(FPQ29,COMPOSIÇÃO,5,0),VLOOKUP(FPQ29,COTAÇÃO,8,0))))","v":"HORA"},0.5,{"$f":"IF(FPT29=\"SINAPI\",VLOOKUP(FPQ29,SINAPI,4,0),IF(FPT29=\"SETOP\",VLOOKUP(FPQ29,SETOP,5,0),IF(FPT29=\"CPU\",VLOOKUP(FPQ29,COMPOSIÇÃO,8,0),VLOOKUP(FPQ29,COTAÇÃO,11,0))))","v":19.149999999999999},{"$f":"FPV29*FPW29","v":9.5749999999999993},"ED-50374",{"$f":"IF(FQB29=\"SINAPI\",VLOOKUP(FPY29,SINAPI,2,0),IF(FQB29=\"SETOP\",VLOOKUP(FPY29,SETOP,3,0),IF(FQB29=\"CPU\",VLOOKUP(FPY29,COMPOSIÇÃO,2,0),VLOOKUP(FPY29,COTAÇÃO,3,0))))","v":"BOMBEIRO/ENCANADOR COM ENCARGOS COMPLEMENTARES"},null,"SETOP",{"$f":"IF(FQB29=\"SINAPI\",VLOOKUP(FPY29,SINAPI,3,0),IF(FQB29=\"SETOP\",VLOOKUP(FPY29,SETOP,4,0),IF(FQB29=\"CPU\",VLOOKUP(FPY29,COMPOSIÇÃO,5,0),VLOOKUP(FPY29,COTAÇÃO,8,0))))","v":"HORA"},0.5,{"$f":"IF(FQB29=\"SINAPI\",VLOOKUP(FPY29,SINAPI,4,0),IF(FQB29=\"SETOP\",VLOOKUP(FPY29,SETOP,5,0),IF(FQB29=\"CPU\",VLOOKUP(FPY29,COMPOSIÇÃO,8,0),VLOOKUP(FPY29,COTAÇÃO,11,0))))","v":19.149999999999999},{"$f":"FQD29*FQE29","v":9.5749999999999993},"ED-50374",{"$f":"IF(FQJ29=\"SINAPI\",VLOOKUP(FQG29,SINAPI,2,0),IF(FQJ29=\"SETOP\",VLOOKUP(FQG29,SETOP,3,0),IF(FQJ29=\"CPU\",VLOOKUP(FQG29,COMPOSIÇÃO,2,0),VLOOKUP(FQG29,COTAÇÃO,3,0))))","v":"BOMBEIRO/ENCANADOR COM ENCARGOS COMPLEMENTARES"},null,"SETOP",{"$f":"IF(FQJ29=\"SINAPI\",VLOOKUP(FQG29,SINAPI,3,0),IF(FQJ29=\"SETOP\",VLOOKUP(FQG29,SETOP,4,0),IF(FQJ29=\"CPU\",VLOOKUP(FQG29,COMPOSIÇÃO,5,0),VLOOKUP(FQG29,COTAÇÃO,8,0))))","v":"HORA"},0.5,{"$f":"IF(FQJ29=\"SINAPI\",VLOOKUP(FQG29,SINAPI,4,0),IF(FQJ29=\"SETOP\",VLOOKUP(FQG29,SETOP,5,0),IF(FQJ29=\"CPU\",VLOOKUP(FQG29,COMPOSIÇÃO,8,0),VLOOKUP(FQG29,COTAÇÃO,11,0))))","v":19.149999999999999},{"$f":"FQL29*FQM29","v":9.5749999999999993},"ED-50374",{"$f":"IF(FQR29=\"SINAPI\",VLOOKUP(FQO29,SINAPI,2,0),IF(FQR29=\"SETOP\",VLOOKUP(FQO29,SETOP,3,0),IF(FQR29=\"CPU\",VLOOKUP(FQO29,COMPOSIÇÃO,2,0),VLOOKUP(FQO29,COTAÇÃO,3,0))))","v":"BOMBEIRO/ENCANADOR COM ENCARGOS COMPLEMENTARES"},null,"SETOP",{"$f":"IF(FQR29=\"SINAPI\",VLOOKUP(FQO29,SINAPI,3,0),IF(FQR29=\"SETOP\",VLOOKUP(FQO29,SETOP,4,0),IF(FQR29=\"CPU\",VLOOKUP(FQO29,COMPOSIÇÃO,5,0),VLOOKUP(FQO29,COTAÇÃO,8,0))))","v":"HORA"},0.5,{"$f":"IF(FQR29=\"SINAPI\",VLOOKUP(FQO29,SINAPI,4,0),IF(FQR29=\"SETOP\",VLOOKUP(FQO29,SETOP,5,0),IF(FQR29=\"CPU\",VLOOKUP(FQO29,COMPOSIÇÃO,8,0),VLOOKUP(FQO29,COTAÇÃO,11,0))))","v":19.149999999999999},{"$f":"FQT29*FQU29","v":9.5749999999999993},"ED-50374",{"$f":"IF(FQZ29=\"SINAPI\",VLOOKUP(FQW29,SINAPI,2,0),IF(FQZ29=\"SETOP\",VLOOKUP(FQW29,SETOP,3,0),IF(FQZ29=\"CPU\",VLOOKUP(FQW29,COMPOSIÇÃO,2,0),VLOOKUP(FQW29,COTAÇÃO,3,0))))","v":"BOMBEIRO/ENCANADOR COM ENCARGOS COMPLEMENTARES"},null,"SETOP",{"$f":"IF(FQZ29=\"SINAPI\",VLOOKUP(FQW29,SINAPI,3,0),IF(FQZ29=\"SETOP\",VLOOKUP(FQW29,SETOP,4,0),IF(FQZ29=\"CPU\",VLOOKUP(FQW29,COMPOSIÇÃO,5,0),VLOOKUP(FQW29,COTAÇÃO,8,0))))","v":"HORA"},0.5,{"$f":"IF(FQZ29=\"SINAPI\",VLOOKUP(FQW29,SINAPI,4,0),IF(FQZ29=\"SETOP\",VLOOKUP(FQW29,SETOP,5,0),IF(FQZ29=\"CPU\",VLOOKUP(FQW29,COMPOSIÇÃO,8,0),VLOOKUP(FQW29,COTAÇÃO,11,0))))","v":19.149999999999999},{"$f":"FRB29*FRC29","v":9.5749999999999993},"ED-50374",{"$f":"IF(FRH29=\"SINAPI\",VLOOKUP(FRE29,SINAPI,2,0),IF(FRH29=\"SETOP\",VLOOKUP(FRE29,SETOP,3,0),IF(FRH29=\"CPU\",VLOOKUP(FRE29,COMPOSIÇÃO,2,0),VLOOKUP(FRE29,COTAÇÃO,3,0))))","v":"BOMBEIRO/ENCANADOR COM ENCARGOS COMPLEMENTARES"},null,"SETOP",{"$f":"IF(FRH29=\"SINAPI\",VLOOKUP(FRE29,SINAPI,3,0),IF(FRH29=\"SETOP\",VLOOKUP(FRE29,SETOP,4,0),IF(FRH29=\"CPU\",VLOOKUP(FRE29,COMPOSIÇÃO,5,0),VLOOKUP(FRE29,COTAÇÃO,8,0))))","v":"HORA"},0.5,{"$f":"IF(FRH29=\"SINAPI\",VLOOKUP(FRE29,SINAPI,4,0),IF(FRH29=\"SETOP\",VLOOKUP(FRE29,SETOP,5,0),IF(FRH29=\"CPU\",VLOOKUP(FRE29,COMPOSIÇÃO,8,0),VLOOKUP(FRE29,COTAÇÃO,11,0))))","v":19.149999999999999},{"$f":"FRJ29*FRK29","v":9.5749999999999993},"ED-50374",{"$f":"IF(FRP29=\"SINAPI\",VLOOKUP(FRM29,SINAPI,2,0),IF(FRP29=\"SETOP\",VLOOKUP(FRM29,SETOP,3,0),IF(FRP29=\"CPU\",VLOOKUP(FRM29,COMPOSIÇÃO,2,0),VLOOKUP(FRM29,COTAÇÃO,3,0))))","v":"BOMBEIRO/ENCANADOR COM ENCARGOS COMPLEMENTARES"},null,"SETOP",{"$f":"IF(FRP29=\"SINAPI\",VLOOKUP(FRM29,SINAPI,3,0),IF(FRP29=\"SETOP\",VLOOKUP(FRM29,SETOP,4,0),IF(FRP29=\"CPU\",VLOOKUP(FRM29,COMPOSIÇÃO,5,0),VLOOKUP(FRM29,COTAÇÃO,8,0))))","v":"HORA"},0.5,{"$f":"IF(FRP29=\"SINAPI\",VLOOKUP(FRM29,SINAPI,4,0),IF(FRP29=\"SETOP\",VLOOKUP(FRM29,SETOP,5,0),IF(FRP29=\"CPU\",VLOOKUP(FRM29,COMPOSIÇÃO,8,0),VLOOKUP(FRM29,COTAÇÃO,11,0))))","v":19.149999999999999},{"$f":"FRR29*FRS29","v":9.5749999999999993},"ED-50374",{"$f":"IF(FRX29=\"SINAPI\",VLOOKUP(FRU29,SINAPI,2,0),IF(FRX29=\"SETOP\",VLOOKUP(FRU29,SETOP,3,0),IF(FRX29=\"CPU\",VLOOKUP(FRU29,COMPOSIÇÃO,2,0),VLOOKUP(FRU29,COTAÇÃO,3,0))))","v":"BOMBEIRO/ENCANADOR COM ENCARGOS COMPLEMENTARES"},null,"SETOP",{"$f":"IF(FRX29=\"SINAPI\",VLOOKUP(FRU29,SINAPI,3,0),IF(FRX29=\"SETOP\",VLOOKUP(FRU29,SETOP,4,0),IF(FRX29=\"CPU\",VLOOKUP(FRU29,COMPOSIÇÃO,5,0),VLOOKUP(FRU29,COTAÇÃO,8,0))))","v":"HORA"},0.5,{"$f":"IF(FRX29=\"SINAPI\",VLOOKUP(FRU29,SINAPI,4,0),IF(FRX29=\"SETOP\",VLOOKUP(FRU29,SETOP,5,0),IF(FRX29=\"CPU\",VLOOKUP(FRU29,COMPOSIÇÃO,8,0),VLOOKUP(FRU29,COTAÇÃO,11,0))))","v":19.149999999999999},{"$f":"FRZ29*FSA29","v":9.5749999999999993},"ED-50374",{"$f":"IF(FSF29=\"SINAPI\",VLOOKUP(FSC29,SINAPI,2,0),IF(FSF29=\"SETOP\",VLOOKUP(FSC29,SETOP,3,0),IF(FSF29=\"CPU\",VLOOKUP(FSC29,COMPOSIÇÃO,2,0),VLOOKUP(FSC29,COTAÇÃO,3,0))))","v":"BOMBEIRO/ENCANADOR COM ENCARGOS COMPLEMENTARES"},null,"SETOP",{"$f":"IF(FSF29=\"SINAPI\",VLOOKUP(FSC29,SINAPI,3,0),IF(FSF29=\"SETOP\",VLOOKUP(FSC29,SETOP,4,0),IF(FSF29=\"CPU\",VLOOKUP(FSC29,COMPOSIÇÃO,5,0),VLOOKUP(FSC29,COTAÇÃO,8,0))))","v":"HORA"},0.5,{"$f":"IF(FSF29=\"SINAPI\",VLOOKUP(FSC29,SINAPI,4,0),IF(FSF29=\"SETOP\",VLOOKUP(FSC29,SETOP,5,0),IF(FSF29=\"CPU\",VLOOKUP(FSC29,COMPOSIÇÃO,8,0),VLOOKUP(FSC29,COTAÇÃO,11,0))))","v":19.149999999999999},{"$f":"FSH29*FSI29","v":9.5749999999999993},"ED-50374",{"$f":"IF(FSN29=\"SINAPI\",VLOOKUP(FSK29,SINAPI,2,0),IF(FSN29=\"SETOP\",VLOOKUP(FSK29,SETOP,3,0),IF(FSN29=\"CPU\",VLOOKUP(FSK29,COMPOSIÇÃO,2,0),VLOOKUP(FSK29,COTAÇÃO,3,0))))","v":"BOMBEIRO/ENCANADOR COM ENCARGOS COMPLEMENTARES"},null,"SETOP",{"$f":"IF(FSN29=\"SINAPI\",VLOOKUP(FSK29,SINAPI,3,0),IF(FSN29=\"SETOP\",VLOOKUP(FSK29,SETOP,4,0),IF(FSN29=\"CPU\",VLOOKUP(FSK29,COMPOSIÇÃO,5,0),VLOOKUP(FSK29,COTAÇÃO,8,0))))","v":"HORA"},0.5,{"$f":"IF(FSN29=\"SINAPI\",VLOOKUP(FSK29,SINAPI,4,0),IF(FSN29=\"SETOP\",VLOOKUP(FSK29,SETOP,5,0),IF(FSN29=\"CPU\",VLOOKUP(FSK29,COMPOSIÇÃO,8,0),VLOOKUP(FSK29,COTAÇÃO,11,0))))","v":19.149999999999999},{"$f":"FSP29*FSQ29","v":9.5749999999999993},"ED-50374",{"$f":"IF(FSV29=\"SINAPI\",VLOOKUP(FSS29,SINAPI,2,0),IF(FSV29=\"SETOP\",VLOOKUP(FSS29,SETOP,3,0),IF(FSV29=\"CPU\",VLOOKUP(FSS29,COMPOSIÇÃO,2,0),VLOOKUP(FSS29,COTAÇÃO,3,0))))","v":"BOMBEIRO/ENCANADOR COM ENCARGOS COMPLEMENTARES"},null,"SETOP",{"$f":"IF(FSV29=\"SINAPI\",VLOOKUP(FSS29,SINAPI,3,0),IF(FSV29=\"SETOP\",VLOOKUP(FSS29,SETOP,4,0),IF(FSV29=\"CPU\",VLOOKUP(FSS29,COMPOSIÇÃO,5,0),VLOOKUP(FSS29,COTAÇÃO,8,0))))","v":"HORA"},0.5,{"$f":"IF(FSV29=\"SINAPI\",VLOOKUP(FSS29,SINAPI,4,0),IF(FSV29=\"SETOP\",VLOOKUP(FSS29,SETOP,5,0),IF(FSV29=\"CPU\",VLOOKUP(FSS29,COMPOSIÇÃO,8,0),VLOOKUP(FSS29,COTAÇÃO,11,0))))","v":19.149999999999999},{"$f":"FSX29*FSY29","v":9.5749999999999993},"ED-50374",{"$f":"IF(FTD29=\"SINAPI\",VLOOKUP(FTA29,SINAPI,2,0),IF(FTD29=\"SETOP\",VLOOKUP(FTA29,SETOP,3,0),IF(FTD29=\"CPU\",VLOOKUP(FTA29,COMPOSIÇÃO,2,0),VLOOKUP(FTA29,COTAÇÃO,3,0))))","v":"BOMBEIRO/ENCANADOR COM ENCARGOS COMPLEMENTARES"},null,"SETOP",{"$f":"IF(FTD29=\"SINAPI\",VLOOKUP(FTA29,SINAPI,3,0),IF(FTD29=\"SETOP\",VLOOKUP(FTA29,SETOP,4,0),IF(FTD29=\"CPU\",VLOOKUP(FTA29,COMPOSIÇÃO,5,0),VLOOKUP(FTA29,COTAÇÃO,8,0))))","v":"HORA"},0.5,{"$f":"IF(FTD29=\"SINAPI\",VLOOKUP(FTA29,SINAPI,4,0),IF(FTD29=\"SETOP\",VLOOKUP(FTA29,SETOP,5,0),IF(FTD29=\"CPU\",VLOOKUP(FTA29,COMPOSIÇÃO,8,0),VLOOKUP(FTA29,COTAÇÃO,11,0))))","v":19.149999999999999},{"$f":"FTF29*FTG29","v":9.5749999999999993},"ED-50374",{"$f":"IF(FTL29=\"SINAPI\",VLOOKUP(FTI29,SINAPI,2,0),IF(FTL29=\"SETOP\",VLOOKUP(FTI29,SETOP,3,0),IF(FTL29=\"CPU\",VLOOKUP(FTI29,COMPOSIÇÃO,2,0),VLOOKUP(FTI29,COTAÇÃO,3,0))))","v":"BOMBEIRO/ENCANADOR COM ENCARGOS COMPLEMENTARES"},null,"SETOP",{"$f":"IF(FTL29=\"SINAPI\",VLOOKUP(FTI29,SINAPI,3,0),IF(FTL29=\"SETOP\",VLOOKUP(FTI29,SETOP,4,0),IF(FTL29=\"CPU\",VLOOKUP(FTI29,COMPOSIÇÃO,5,0),VLOOKUP(FTI29,COTAÇÃO,8,0))))","v":"HORA"},0.5,{"$f":"IF(FTL29=\"SINAPI\",VLOOKUP(FTI29,SINAPI,4,0),IF(FTL29=\"SETOP\",VLOOKUP(FTI29,SETOP,5,0),IF(FTL29=\"CPU\",VLOOKUP(FTI29,COMPOSIÇÃO,8,0),VLOOKUP(FTI29,COTAÇÃO,11,0))))","v":19.149999999999999},{"$f":"FTN29*FTO29","v":9.5749999999999993},"ED-50374",{"$f":"IF(FTT29=\"SINAPI\",VLOOKUP(FTQ29,SINAPI,2,0),IF(FTT29=\"SETOP\",VLOOKUP(FTQ29,SETOP,3,0),IF(FTT29=\"CPU\",VLOOKUP(FTQ29,COMPOSIÇÃO,2,0),VLOOKUP(FTQ29,COTAÇÃO,3,0))))","v":"BOMBEIRO/ENCANADOR COM ENCARGOS COMPLEMENTARES"},null,"SETOP",{"$f":"IF(FTT29=\"SINAPI\",VLOOKUP(FTQ29,SINAPI,3,0),IF(FTT29=\"SETOP\",VLOOKUP(FTQ29,SETOP,4,0),IF(FTT29=\"CPU\",VLOOKUP(FTQ29,COMPOSIÇÃO,5,0),VLOOKUP(FTQ29,COTAÇÃO,8,0))))","v":"HORA"},0.5,{"$f":"IF(FTT29=\"SINAPI\",VLOOKUP(FTQ29,SINAPI,4,0),IF(FTT29=\"SETOP\",VLOOKUP(FTQ29,SETOP,5,0),IF(FTT29=\"CPU\",VLOOKUP(FTQ29,COMPOSIÇÃO,8,0),VLOOKUP(FTQ29,COTAÇÃO,11,0))))","v":19.149999999999999},{"$f":"FTV29*FTW29","v":9.5749999999999993},"ED-50374",{"$f":"IF(FUB29=\"SINAPI\",VLOOKUP(FTY29,SINAPI,2,0),IF(FUB29=\"SETOP\",VLOOKUP(FTY29,SETOP,3,0),IF(FUB29=\"CPU\",VLOOKUP(FTY29,COMPOSIÇÃO,2,0),VLOOKUP(FTY29,COTAÇÃO,3,0))))","v":"BOMBEIRO/ENCANADOR COM ENCARGOS COMPLEMENTARES"},null,"SETOP",{"$f":"IF(FUB29=\"SINAPI\",VLOOKUP(FTY29,SINAPI,3,0),IF(FUB29=\"SETOP\",VLOOKUP(FTY29,SETOP,4,0),IF(FUB29=\"CPU\",VLOOKUP(FTY29,COMPOSIÇÃO,5,0),VLOOKUP(FTY29,COTAÇÃO,8,0))))","v":"HORA"},0.5,{"$f":"IF(FUB29=\"SINAPI\",VLOOKUP(FTY29,SINAPI,4,0),IF(FUB29=\"SETOP\",VLOOKUP(FTY29,SETOP,5,0),IF(FUB29=\"CPU\",VLOOKUP(FTY29,COMPOSIÇÃO,8,0),VLOOKUP(FTY29,COTAÇÃO,11,0))))","v":19.149999999999999},{"$f":"FUD29*FUE29","v":9.5749999999999993},"ED-50374",{"$f":"IF(FUJ29=\"SINAPI\",VLOOKUP(FUG29,SINAPI,2,0),IF(FUJ29=\"SETOP\",VLOOKUP(FUG29,SETOP,3,0),IF(FUJ29=\"CPU\",VLOOKUP(FUG29,COMPOSIÇÃO,2,0),VLOOKUP(FUG29,COTAÇÃO,3,0))))","v":"BOMBEIRO/ENCANADOR COM ENCARGOS COMPLEMENTARES"},null,"SETOP",{"$f":"IF(FUJ29=\"SINAPI\",VLOOKUP(FUG29,SINAPI,3,0),IF(FUJ29=\"SETOP\",VLOOKUP(FUG29,SETOP,4,0),IF(FUJ29=\"CPU\",VLOOKUP(FUG29,COMPOSIÇÃO,5,0),VLOOKUP(FUG29,COTAÇÃO,8,0))))","v":"HORA"},0.5,{"$f":"IF(FUJ29=\"SINAPI\",VLOOKUP(FUG29,SINAPI,4,0),IF(FUJ29=\"SETOP\",VLOOKUP(FUG29,SETOP,5,0),IF(FUJ29=\"CPU\",VLOOKUP(FUG29,COMPOSIÇÃO,8,0),VLOOKUP(FUG29,COTAÇÃO,11,0))))","v":19.149999999999999},{"$f":"FUL29*FUM29","v":9.5749999999999993},"ED-50374",{"$f":"IF(FUR29=\"SINAPI\",VLOOKUP(FUO29,SINAPI,2,0),IF(FUR29=\"SETOP\",VLOOKUP(FUO29,SETOP,3,0),IF(FUR29=\"CPU\",VLOOKUP(FUO29,COMPOSIÇÃO,2,0),VLOOKUP(FUO29,COTAÇÃO,3,0))))","v":"BOMBEIRO/ENCANADOR COM ENCARGOS COMPLEMENTARES"},null,"SETOP",{"$f":"IF(FUR29=\"SINAPI\",VLOOKUP(FUO29,SINAPI,3,0),IF(FUR29=\"SETOP\",VLOOKUP(FUO29,SETOP,4,0),IF(FUR29=\"CPU\",VLOOKUP(FUO29,COMPOSIÇÃO,5,0),VLOOKUP(FUO29,COTAÇÃO,8,0))))","v":"HORA"},0.5,{"$f":"IF(FUR29=\"SINAPI\",VLOOKUP(FUO29,SINAPI,4,0),IF(FUR29=\"SETOP\",VLOOKUP(FUO29,SETOP,5,0),IF(FUR29=\"CPU\",VLOOKUP(FUO29,COMPOSIÇÃO,8,0),VLOOKUP(FUO29,COTAÇÃO,11,0))))","v":19.149999999999999},{"$f":"FUT29*FUU29","v":9.5749999999999993},"ED-50374",{"$f":"IF(FUZ29=\"SINAPI\",VLOOKUP(FUW29,SINAPI,2,0),IF(FUZ29=\"SETOP\",VLOOKUP(FUW29,SETOP,3,0),IF(FUZ29=\"CPU\",VLOOKUP(FUW29,COMPOSIÇÃO,2,0),VLOOKUP(FUW29,COTAÇÃO,3,0))))","v":"BOMBEIRO/ENCANADOR COM ENCARGOS COMPLEMENTARES"},null,"SETOP",{"$f":"IF(FUZ29=\"SINAPI\",VLOOKUP(FUW29,SINAPI,3,0),IF(FUZ29=\"SETOP\",VLOOKUP(FUW29,SETOP,4,0),IF(FUZ29=\"CPU\",VLOOKUP(FUW29,COMPOSIÇÃO,5,0),VLOOKUP(FUW29,COTAÇÃO,8,0))))","v":"HORA"},0.5,{"$f":"IF(FUZ29=\"SINAPI\",VLOOKUP(FUW29,SINAPI,4,0),IF(FUZ29=\"SETOP\",VLOOKUP(FUW29,SETOP,5,0),IF(FUZ29=\"CPU\",VLOOKUP(FUW29,COMPOSIÇÃO,8,0),VLOOKUP(FUW29,COTAÇÃO,11,0))))","v":19.149999999999999},{"$f":"FVB29*FVC29","v":9.5749999999999993},"ED-50374",{"$f":"IF(FVH29=\"SINAPI\",VLOOKUP(FVE29,SINAPI,2,0),IF(FVH29=\"SETOP\",VLOOKUP(FVE29,SETOP,3,0),IF(FVH29=\"CPU\",VLOOKUP(FVE29,COMPOSIÇÃO,2,0),VLOOKUP(FVE29,COTAÇÃO,3,0))))","v":"BOMBEIRO/ENCANADOR COM ENCARGOS COMPLEMENTARES"},null,"SETOP",{"$f":"IF(FVH29=\"SINAPI\",VLOOKUP(FVE29,SINAPI,3,0),IF(FVH29=\"SETOP\",VLOOKUP(FVE29,SETOP,4,0),IF(FVH29=\"CPU\",VLOOKUP(FVE29,COMPOSIÇÃO,5,0),VLOOKUP(FVE29,COTAÇÃO,8,0))))","v":"HORA"},0.5,{"$f":"IF(FVH29=\"SINAPI\",VLOOKUP(FVE29,SINAPI,4,0),IF(FVH29=\"SETOP\",VLOOKUP(FVE29,SETOP,5,0),IF(FVH29=\"CPU\",VLOOKUP(FVE29,COMPOSIÇÃO,8,0),VLOOKUP(FVE29,COTAÇÃO,11,0))))","v":19.149999999999999},{"$f":"FVJ29*FVK29","v":9.5749999999999993},"ED-50374",{"$f":"IF(FVP29=\"SINAPI\",VLOOKUP(FVM29,SINAPI,2,0),IF(FVP29=\"SETOP\",VLOOKUP(FVM29,SETOP,3,0),IF(FVP29=\"CPU\",VLOOKUP(FVM29,COMPOSIÇÃO,2,0),VLOOKUP(FVM29,COTAÇÃO,3,0))))","v":"BOMBEIRO/ENCANADOR COM ENCARGOS COMPLEMENTARES"},null,"SETOP",{"$f":"IF(FVP29=\"SINAPI\",VLOOKUP(FVM29,SINAPI,3,0),IF(FVP29=\"SETOP\",VLOOKUP(FVM29,SETOP,4,0),IF(FVP29=\"CPU\",VLOOKUP(FVM29,COMPOSIÇÃO,5,0),VLOOKUP(FVM29,COTAÇÃO,8,0))))","v":"HORA"},0.5,{"$f":"IF(FVP29=\"SINAPI\",VLOOKUP(FVM29,SINAPI,4,0),IF(FVP29=\"SETOP\",VLOOKUP(FVM29,SETOP,5,0),IF(FVP29=\"CPU\",VLOOKUP(FVM29,COMPOSIÇÃO,8,0),VLOOKUP(FVM29,COTAÇÃO,11,0))))","v":19.149999999999999},{"$f":"FVR29*FVS29","v":9.5749999999999993},"ED-50374",{"$f":"IF(FVX29=\"SINAPI\",VLOOKUP(FVU29,SINAPI,2,0),IF(FVX29=\"SETOP\",VLOOKUP(FVU29,SETOP,3,0),IF(FVX29=\"CPU\",VLOOKUP(FVU29,COMPOSIÇÃO,2,0),VLOOKUP(FVU29,COTAÇÃO,3,0))))","v":"BOMBEIRO/ENCANADOR COM ENCARGOS COMPLEMENTARES"},null,"SETOP",{"$f":"IF(FVX29=\"SINAPI\",VLOOKUP(FVU29,SINAPI,3,0),IF(FVX29=\"SETOP\",VLOOKUP(FVU29,SETOP,4,0),IF(FVX29=\"CPU\",VLOOKUP(FVU29,COMPOSIÇÃO,5,0),VLOOKUP(FVU29,COTAÇÃO,8,0))))","v":"HORA"},0.5,{"$f":"IF(FVX29=\"SINAPI\",VLOOKUP(FVU29,SINAPI,4,0),IF(FVX29=\"SETOP\",VLOOKUP(FVU29,SETOP,5,0),IF(FVX29=\"CPU\",VLOOKUP(FVU29,COMPOSIÇÃO,8,0),VLOOKUP(FVU29,COTAÇÃO,11,0))))","v":19.149999999999999},{"$f":"FVZ29*FWA29","v":9.5749999999999993},"ED-50374",{"$f":"IF(FWF29=\"SINAPI\",VLOOKUP(FWC29,SINAPI,2,0),IF(FWF29=\"SETOP\",VLOOKUP(FWC29,SETOP,3,0),IF(FWF29=\"CPU\",VLOOKUP(FWC29,COMPOSIÇÃO,2,0),VLOOKUP(FWC29,COTAÇÃO,3,0))))","v":"BOMBEIRO/ENCANADOR COM ENCARGOS COMPLEMENTARES"},null,"SETOP",{"$f":"IF(FWF29=\"SINAPI\",VLOOKUP(FWC29,SINAPI,3,0),IF(FWF29=\"SETOP\",VLOOKUP(FWC29,SETOP,4,0),IF(FWF29=\"CPU\",VLOOKUP(FWC29,COMPOSIÇÃO,5,0),VLOOKUP(FWC29,COTAÇÃO,8,0))))","v":"HORA"},0.5,{"$f":"IF(FWF29=\"SINAPI\",VLOOKUP(FWC29,SINAPI,4,0),IF(FWF29=\"SETOP\",VLOOKUP(FWC29,SETOP,5,0),IF(FWF29=\"CPU\",VLOOKUP(FWC29,COMPOSIÇÃO,8,0),VLOOKUP(FWC29,COTAÇÃO,11,0))))","v":19.149999999999999},{"$f":"FWH29*FWI29","v":9.5749999999999993},"ED-50374",{"$f":"IF(FWN29=\"SINAPI\",VLOOKUP(FWK29,SINAPI,2,0),IF(FWN29=\"SETOP\",VLOOKUP(FWK29,SETOP,3,0),IF(FWN29=\"CPU\",VLOOKUP(FWK29,COMPOSIÇÃO,2,0),VLOOKUP(FWK29,COTAÇÃO,3,0))))","v":"BOMBEIRO/ENCANADOR COM ENCARGOS COMPLEMENTARES"},null,"SETOP",{"$f":"IF(FWN29=\"SINAPI\",VLOOKUP(FWK29,SINAPI,3,0),IF(FWN29=\"SETOP\",VLOOKUP(FWK29,SETOP,4,0),IF(FWN29=\"CPU\",VLOOKUP(FWK29,COMPOSIÇÃO,5,0),VLOOKUP(FWK29,COTAÇÃO,8,0))))","v":"HORA"},0.5,{"$f":"IF(FWN29=\"SINAPI\",VLOOKUP(FWK29,SINAPI,4,0),IF(FWN29=\"SETOP\",VLOOKUP(FWK29,SETOP,5,0),IF(FWN29=\"CPU\",VLOOKUP(FWK29,COMPOSIÇÃO,8,0),VLOOKUP(FWK29,COTAÇÃO,11,0))))","v":19.149999999999999},{"$f":"FWP29*FWQ29","v":9.5749999999999993},"ED-50374",{"$f":"IF(FWV29=\"SINAPI\",VLOOKUP(FWS29,SINAPI,2,0),IF(FWV29=\"SETOP\",VLOOKUP(FWS29,SETOP,3,0),IF(FWV29=\"CPU\",VLOOKUP(FWS29,COMPOSIÇÃO,2,0),VLOOKUP(FWS29,COTAÇÃO,3,0))))","v":"BOMBEIRO/ENCANADOR COM ENCARGOS COMPLEMENTARES"},null,"SETOP",{"$f":"IF(FWV29=\"SINAPI\",VLOOKUP(FWS29,SINAPI,3,0),IF(FWV29=\"SETOP\",VLOOKUP(FWS29,SETOP,4,0),IF(FWV29=\"CPU\",VLOOKUP(FWS29,COMPOSIÇÃO,5,0),VLOOKUP(FWS29,COTAÇÃO,8,0))))","v":"HORA"},0.5,{"$f":"IF(FWV29=\"SINAPI\",VLOOKUP(FWS29,SINAPI,4,0),IF(FWV29=\"SETOP\",VLOOKUP(FWS29,SETOP,5,0),IF(FWV29=\"CPU\",VLOOKUP(FWS29,COMPOSIÇÃO,8,0),VLOOKUP(FWS29,COTAÇÃO,11,0))))","v":19.149999999999999},{"$f":"FWX29*FWY29","v":9.5749999999999993},"ED-50374",{"$f":"IF(FXD29=\"SINAPI\",VLOOKUP(FXA29,SINAPI,2,0),IF(FXD29=\"SETOP\",VLOOKUP(FXA29,SETOP,3,0),IF(FXD29=\"CPU\",VLOOKUP(FXA29,COMPOSIÇÃO,2,0),VLOOKUP(FXA29,COTAÇÃO,3,0))))","v":"BOMBEIRO/ENCANADOR COM ENCARGOS COMPLEMENTARES"},null,"SETOP",{"$f":"IF(FXD29=\"SINAPI\",VLOOKUP(FXA29,SINAPI,3,0),IF(FXD29=\"SETOP\",VLOOKUP(FXA29,SETOP,4,0),IF(FXD29=\"CPU\",VLOOKUP(FXA29,COMPOSIÇÃO,5,0),VLOOKUP(FXA29,COTAÇÃO,8,0))))","v":"HORA"},0.5,{"$f":"IF(FXD29=\"SINAPI\",VLOOKUP(FXA29,SINAPI,4,0),IF(FXD29=\"SETOP\",VLOOKUP(FXA29,SETOP,5,0),IF(FXD29=\"CPU\",VLOOKUP(FXA29,COMPOSIÇÃO,8,0),VLOOKUP(FXA29,COTAÇÃO,11,0))))","v":19.149999999999999},{"$f":"FXF29*FXG29","v":9.5749999999999993},"ED-50374",{"$f":"IF(FXL29=\"SINAPI\",VLOOKUP(FXI29,SINAPI,2,0),IF(FXL29=\"SETOP\",VLOOKUP(FXI29,SETOP,3,0),IF(FXL29=\"CPU\",VLOOKUP(FXI29,COMPOSIÇÃO,2,0),VLOOKUP(FXI29,COTAÇÃO,3,0))))","v":"BOMBEIRO/ENCANADOR COM ENCARGOS COMPLEMENTARES"},null,"SETOP",{"$f":"IF(FXL29=\"SINAPI\",VLOOKUP(FXI29,SINAPI,3,0),IF(FXL29=\"SETOP\",VLOOKUP(FXI29,SETOP,4,0),IF(FXL29=\"CPU\",VLOOKUP(FXI29,COMPOSIÇÃO,5,0),VLOOKUP(FXI29,COTAÇÃO,8,0))))","v":"HORA"},0.5,{"$f":"IF(FXL29=\"SINAPI\",VLOOKUP(FXI29,SINAPI,4,0),IF(FXL29=\"SETOP\",VLOOKUP(FXI29,SETOP,5,0),IF(FXL29=\"CPU\",VLOOKUP(FXI29,COMPOSIÇÃO,8,0),VLOOKUP(FXI29,COTAÇÃO,11,0))))","v":19.149999999999999},{"$f":"FXN29*FXO29","v":9.5749999999999993},"ED-50374",{"$f":"IF(FXT29=\"SINAPI\",VLOOKUP(FXQ29,SINAPI,2,0),IF(FXT29=\"SETOP\",VLOOKUP(FXQ29,SETOP,3,0),IF(FXT29=\"CPU\",VLOOKUP(FXQ29,COMPOSIÇÃO,2,0),VLOOKUP(FXQ29,COTAÇÃO,3,0))))","v":"BOMBEIRO/ENCANADOR COM ENCARGOS COMPLEMENTARES"},null,"SETOP",{"$f":"IF(FXT29=\"SINAPI\",VLOOKUP(FXQ29,SINAPI,3,0),IF(FXT29=\"SETOP\",VLOOKUP(FXQ29,SETOP,4,0),IF(FXT29=\"CPU\",VLOOKUP(FXQ29,COMPOSIÇÃO,5,0),VLOOKUP(FXQ29,COTAÇÃO,8,0))))","v":"HORA"},0.5,{"$f":"IF(FXT29=\"SINAPI\",VLOOKUP(FXQ29,SINAPI,4,0),IF(FXT29=\"SETOP\",VLOOKUP(FXQ29,SETOP,5,0),IF(FXT29=\"CPU\",VLOOKUP(FXQ29,COMPOSIÇÃO,8,0),VLOOKUP(FXQ29,COTAÇÃO,11,0))))","v":19.149999999999999},{"$f":"FXV29*FXW29","v":9.5749999999999993},"ED-50374",{"$f":"IF(FYB29=\"SINAPI\",VLOOKUP(FXY29,SINAPI,2,0),IF(FYB29=\"SETOP\",VLOOKUP(FXY29,SETOP,3,0),IF(FYB29=\"CPU\",VLOOKUP(FXY29,COMPOSIÇÃO,2,0),VLOOKUP(FXY29,COTAÇÃO,3,0))))","v":"BOMBEIRO/ENCANADOR COM ENCARGOS COMPLEMENTARES"},null,"SETOP",{"$f":"IF(FYB29=\"SINAPI\",VLOOKUP(FXY29,SINAPI,3,0),IF(FYB29=\"SETOP\",VLOOKUP(FXY29,SETOP,4,0),IF(FYB29=\"CPU\",VLOOKUP(FXY29,COMPOSIÇÃO,5,0),VLOOKUP(FXY29,COTAÇÃO,8,0))))","v":"HORA"},0.5,{"$f":"IF(FYB29=\"SINAPI\",VLOOKUP(FXY29,SINAPI,4,0),IF(FYB29=\"SETOP\",VLOOKUP(FXY29,SETOP,5,0),IF(FYB29=\"CPU\",VLOOKUP(FXY29,COMPOSIÇÃO,8,0),VLOOKUP(FXY29,COTAÇÃO,11,0))))","v":19.149999999999999},{"$f":"FYD29*FYE29","v":9.5749999999999993},"ED-50374",{"$f":"IF(FYJ29=\"SINAPI\",VLOOKUP(FYG29,SINAPI,2,0),IF(FYJ29=\"SETOP\",VLOOKUP(FYG29,SETOP,3,0),IF(FYJ29=\"CPU\",VLOOKUP(FYG29,COMPOSIÇÃO,2,0),VLOOKUP(FYG29,COTAÇÃO,3,0))))","v":"BOMBEIRO/ENCANADOR COM ENCARGOS COMPLEMENTARES"},null,"SETOP",{"$f":"IF(FYJ29=\"SINAPI\",VLOOKUP(FYG29,SINAPI,3,0),IF(FYJ29=\"SETOP\",VLOOKUP(FYG29,SETOP,4,0),IF(FYJ29=\"CPU\",VLOOKUP(FYG29,COMPOSIÇÃO,5,0),VLOOKUP(FYG29,COTAÇÃO,8,0))))","v":"HORA"},0.5,{"$f":"IF(FYJ29=\"SINAPI\",VLOOKUP(FYG29,SINAPI,4,0),IF(FYJ29=\"SETOP\",VLOOKUP(FYG29,SETOP,5,0),IF(FYJ29=\"CPU\",VLOOKUP(FYG29,COMPOSIÇÃO,8,0),VLOOKUP(FYG29,COTAÇÃO,11,0))))","v":19.149999999999999},{"$f":"FYL29*FYM29","v":9.5749999999999993},"ED-50374",{"$f":"IF(FYR29=\"SINAPI\",VLOOKUP(FYO29,SINAPI,2,0),IF(FYR29=\"SETOP\",VLOOKUP(FYO29,SETOP,3,0),IF(FYR29=\"CPU\",VLOOKUP(FYO29,COMPOSIÇÃO,2,0),VLOOKUP(FYO29,COTAÇÃO,3,0))))","v":"BOMBEIRO/ENCANADOR COM ENCARGOS COMPLEMENTARES"},null,"SETOP",{"$f":"IF(FYR29=\"SINAPI\",VLOOKUP(FYO29,SINAPI,3,0),IF(FYR29=\"SETOP\",VLOOKUP(FYO29,SETOP,4,0),IF(FYR29=\"CPU\",VLOOKUP(FYO29,COMPOSIÇÃO,5,0),VLOOKUP(FYO29,COTAÇÃO,8,0))))","v":"HORA"},0.5,{"$f":"IF(FYR29=\"SINAPI\",VLOOKUP(FYO29,SINAPI,4,0),IF(FYR29=\"SETOP\",VLOOKUP(FYO29,SETOP,5,0),IF(FYR29=\"CPU\",VLOOKUP(FYO29,COMPOSIÇÃO,8,0),VLOOKUP(FYO29,COTAÇÃO,11,0))))","v":19.149999999999999},{"$f":"FYT29*FYU29","v":9.5749999999999993},"ED-50374",{"$f":"IF(FYZ29=\"SINAPI\",VLOOKUP(FYW29,SINAPI,2,0),IF(FYZ29=\"SETOP\",VLOOKUP(FYW29,SETOP,3,0),IF(FYZ29=\"CPU\",VLOOKUP(FYW29,COMPOSIÇÃO,2,0),VLOOKUP(FYW29,COTAÇÃO,3,0))))","v":"BOMBEIRO/ENCANADOR COM ENCARGOS COMPLEMENTARES"},null,"SETOP",{"$f":"IF(FYZ29=\"SINAPI\",VLOOKUP(FYW29,SINAPI,3,0),IF(FYZ29=\"SETOP\",VLOOKUP(FYW29,SETOP,4,0),IF(FYZ29=\"CPU\",VLOOKUP(FYW29,COMPOSIÇÃO,5,0),VLOOKUP(FYW29,COTAÇÃO,8,0))))","v":"HORA"},0.5,{"$f":"IF(FYZ29=\"SINAPI\",VLOOKUP(FYW29,SINAPI,4,0),IF(FYZ29=\"SETOP\",VLOOKUP(FYW29,SETOP,5,0),IF(FYZ29=\"CPU\",VLOOKUP(FYW29,COMPOSIÇÃO,8,0),VLOOKUP(FYW29,COTAÇÃO,11,0))))","v":19.149999999999999},{"$f":"FZB29*FZC29","v":9.5749999999999993},"ED-50374",{"$f":"IF(FZH29=\"SINAPI\",VLOOKUP(FZE29,SINAPI,2,0),IF(FZH29=\"SETOP\",VLOOKUP(FZE29,SETOP,3,0),IF(FZH29=\"CPU\",VLOOKUP(FZE29,COMPOSIÇÃO,2,0),VLOOKUP(FZE29,COTAÇÃO,3,0))))","v":"BOMBEIRO/ENCANADOR COM ENCARGOS COMPLEMENTARES"},null,"SETOP",{"$f":"IF(FZH29=\"SINAPI\",VLOOKUP(FZE29,SINAPI,3,0),IF(FZH29=\"SETOP\",VLOOKUP(FZE29,SETOP,4,0),IF(FZH29=\"CPU\",VLOOKUP(FZE29,COMPOSIÇÃO,5,0),VLOOKUP(FZE29,COTAÇÃO,8,0))))","v":"HORA"},0.5,{"$f":"IF(FZH29=\"SINAPI\",VLOOKUP(FZE29,SINAPI,4,0),IF(FZH29=\"SETOP\",VLOOKUP(FZE29,SETOP,5,0),IF(FZH29=\"CPU\",VLOOKUP(FZE29,COMPOSIÇÃO,8,0),VLOOKUP(FZE29,COTAÇÃO,11,0))))","v":19.149999999999999},{"$f":"FZJ29*FZK29","v":9.5749999999999993},"ED-50374",{"$f":"IF(FZP29=\"SINAPI\",VLOOKUP(FZM29,SINAPI,2,0),IF(FZP29=\"SETOP\",VLOOKUP(FZM29,SETOP,3,0),IF(FZP29=\"CPU\",VLOOKUP(FZM29,COMPOSIÇÃO,2,0),VLOOKUP(FZM29,COTAÇÃO,3,0))))","v":"BOMBEIRO/ENCANADOR COM ENCARGOS COMPLEMENTARES"},null,"SETOP",{"$f":"IF(FZP29=\"SINAPI\",VLOOKUP(FZM29,SINAPI,3,0),IF(FZP29=\"SETOP\",VLOOKUP(FZM29,SETOP,4,0),IF(FZP29=\"CPU\",VLOOKUP(FZM29,COMPOSIÇÃO,5,0),VLOOKUP(FZM29,COTAÇÃO,8,0))))","v":"HORA"},0.5,{"$f":"IF(FZP29=\"SINAPI\",VLOOKUP(FZM29,SINAPI,4,0),IF(FZP29=\"SETOP\",VLOOKUP(FZM29,SETOP,5,0),IF(FZP29=\"CPU\",VLOOKUP(FZM29,COMPOSIÇÃO,8,0),VLOOKUP(FZM29,COTAÇÃO,11,0))))","v":19.149999999999999},{"$f":"FZR29*FZS29","v":9.5749999999999993},"ED-50374",{"$f":"IF(FZX29=\"SINAPI\",VLOOKUP(FZU29,SINAPI,2,0),IF(FZX29=\"SETOP\",VLOOKUP(FZU29,SETOP,3,0),IF(FZX29=\"CPU\",VLOOKUP(FZU29,COMPOSIÇÃO,2,0),VLOOKUP(FZU29,COTAÇÃO,3,0))))","v":"BOMBEIRO/ENCANADOR COM ENCARGOS COMPLEMENTARES"},null,"SETOP",{"$f":"IF(FZX29=\"SINAPI\",VLOOKUP(FZU29,SINAPI,3,0),IF(FZX29=\"SETOP\",VLOOKUP(FZU29,SETOP,4,0),IF(FZX29=\"CPU\",VLOOKUP(FZU29,COMPOSIÇÃO,5,0),VLOOKUP(FZU29,COTAÇÃO,8,0))))","v":"HORA"},0.5,{"$f":"IF(FZX29=\"SINAPI\",VLOOKUP(FZU29,SINAPI,4,0),IF(FZX29=\"SETOP\",VLOOKUP(FZU29,SETOP,5,0),IF(FZX29=\"CPU\",VLOOKUP(FZU29,COMPOSIÇÃO,8,0),VLOOKUP(FZU29,COTAÇÃO,11,0))))","v":19.149999999999999},{"$f":"FZZ29*GAA29","v":9.5749999999999993},"ED-50374",{"$f":"IF(GAF29=\"SINAPI\",VLOOKUP(GAC29,SINAPI,2,0),IF(GAF29=\"SETOP\",VLOOKUP(GAC29,SETOP,3,0),IF(GAF29=\"CPU\",VLOOKUP(GAC29,COMPOSIÇÃO,2,0),VLOOKUP(GAC29,COTAÇÃO,3,0))))","v":"BOMBEIRO/ENCANADOR COM ENCARGOS COMPLEMENTARES"},null,"SETOP",{"$f":"IF(GAF29=\"SINAPI\",VLOOKUP(GAC29,SINAPI,3,0),IF(GAF29=\"SETOP\",VLOOKUP(GAC29,SETOP,4,0),IF(GAF29=\"CPU\",VLOOKUP(GAC29,COMPOSIÇÃO,5,0),VLOOKUP(GAC29,COTAÇÃO,8,0))))","v":"HORA"},0.5,{"$f":"IF(GAF29=\"SINAPI\",VLOOKUP(GAC29,SINAPI,4,0),IF(GAF29=\"SETOP\",VLOOKUP(GAC29,SETOP,5,0),IF(GAF29=\"CPU\",VLOOKUP(GAC29,COMPOSIÇÃO,8,0),VLOOKUP(GAC29,COTAÇÃO,11,0))))","v":19.149999999999999},{"$f":"GAH29*GAI29","v":9.5749999999999993},"ED-50374",{"$f":"IF(GAN29=\"SINAPI\",VLOOKUP(GAK29,SINAPI,2,0),IF(GAN29=\"SETOP\",VLOOKUP(GAK29,SETOP,3,0),IF(GAN29=\"CPU\",VLOOKUP(GAK29,COMPOSIÇÃO,2,0),VLOOKUP(GAK29,COTAÇÃO,3,0))))","v":"BOMBEIRO/ENCANADOR COM ENCARGOS COMPLEMENTARES"},null,"SETOP",{"$f":"IF(GAN29=\"SINAPI\",VLOOKUP(GAK29,SINAPI,3,0),IF(GAN29=\"SETOP\",VLOOKUP(GAK29,SETOP,4,0),IF(GAN29=\"CPU\",VLOOKUP(GAK29,COMPOSIÇÃO,5,0),VLOOKUP(GAK29,COTAÇÃO,8,0))))","v":"HORA"},0.5,{"$f":"IF(GAN29=\"SINAPI\",VLOOKUP(GAK29,SINAPI,4,0),IF(GAN29=\"SETOP\",VLOOKUP(GAK29,SETOP,5,0),IF(GAN29=\"CPU\",VLOOKUP(GAK29,COMPOSIÇÃO,8,0),VLOOKUP(GAK29,COTAÇÃO,11,0))))","v":19.149999999999999},{"$f":"GAP29*GAQ29","v":9.5749999999999993},"ED-50374",{"$f":"IF(GAV29=\"SINAPI\",VLOOKUP(GAS29,SINAPI,2,0),IF(GAV29=\"SETOP\",VLOOKUP(GAS29,SETOP,3,0),IF(GAV29=\"CPU\",VLOOKUP(GAS29,COMPOSIÇÃO,2,0),VLOOKUP(GAS29,COTAÇÃO,3,0))))","v":"BOMBEIRO/ENCANADOR COM ENCARGOS COMPLEMENTARES"},null,"SETOP",{"$f":"IF(GAV29=\"SINAPI\",VLOOKUP(GAS29,SINAPI,3,0),IF(GAV29=\"SETOP\",VLOOKUP(GAS29,SETOP,4,0),IF(GAV29=\"CPU\",VLOOKUP(GAS29,COMPOSIÇÃO,5,0),VLOOKUP(GAS29,COTAÇÃO,8,0))))","v":"HORA"},0.5,{"$f":"IF(GAV29=\"SINAPI\",VLOOKUP(GAS29,SINAPI,4,0),IF(GAV29=\"SETOP\",VLOOKUP(GAS29,SETOP,5,0),IF(GAV29=\"CPU\",VLOOKUP(GAS29,COMPOSIÇÃO,8,0),VLOOKUP(GAS29,COTAÇÃO,11,0))))","v":19.149999999999999},{"$f":"GAX29*GAY29","v":9.5749999999999993},"ED-50374",{"$f":"IF(GBD29=\"SINAPI\",VLOOKUP(GBA29,SINAPI,2,0),IF(GBD29=\"SETOP\",VLOOKUP(GBA29,SETOP,3,0),IF(GBD29=\"CPU\",VLOOKUP(GBA29,COMPOSIÇÃO,2,0),VLOOKUP(GBA29,COTAÇÃO,3,0))))","v":"BOMBEIRO/ENCANADOR COM ENCARGOS COMPLEMENTARES"},null,"SETOP",{"$f":"IF(GBD29=\"SINAPI\",VLOOKUP(GBA29,SINAPI,3,0),IF(GBD29=\"SETOP\",VLOOKUP(GBA29,SETOP,4,0),IF(GBD29=\"CPU\",VLOOKUP(GBA29,COMPOSIÇÃO,5,0),VLOOKUP(GBA29,COTAÇÃO,8,0))))","v":"HORA"},0.5,{"$f":"IF(GBD29=\"SINAPI\",VLOOKUP(GBA29,SINAPI,4,0),IF(GBD29=\"SETOP\",VLOOKUP(GBA29,SETOP,5,0),IF(GBD29=\"CPU\",VLOOKUP(GBA29,COMPOSIÇÃO,8,0),VLOOKUP(GBA29,COTAÇÃO,11,0))))","v":19.149999999999999},{"$f":"GBF29*GBG29","v":9.5749999999999993},"ED-50374",{"$f":"IF(GBL29=\"SINAPI\",VLOOKUP(GBI29,SINAPI,2,0),IF(GBL29=\"SETOP\",VLOOKUP(GBI29,SETOP,3,0),IF(GBL29=\"CPU\",VLOOKUP(GBI29,COMPOSIÇÃO,2,0),VLOOKUP(GBI29,COTAÇÃO,3,0))))","v":"BOMBEIRO/ENCANADOR COM ENCARGOS COMPLEMENTARES"},null,"SETOP",{"$f":"IF(GBL29=\"SINAPI\",VLOOKUP(GBI29,SINAPI,3,0),IF(GBL29=\"SETOP\",VLOOKUP(GBI29,SETOP,4,0),IF(GBL29=\"CPU\",VLOOKUP(GBI29,COMPOSIÇÃO,5,0),VLOOKUP(GBI29,COTAÇÃO,8,0))))","v":"HORA"},0.5,{"$f":"IF(GBL29=\"SINAPI\",VLOOKUP(GBI29,SINAPI,4,0),IF(GBL29=\"SETOP\",VLOOKUP(GBI29,SETOP,5,0),IF(GBL29=\"CPU\",VLOOKUP(GBI29,COMPOSIÇÃO,8,0),VLOOKUP(GBI29,COTAÇÃO,11,0))))","v":19.149999999999999},{"$f":"GBN29*GBO29","v":9.5749999999999993},"ED-50374",{"$f":"IF(GBT29=\"SINAPI\",VLOOKUP(GBQ29,SINAPI,2,0),IF(GBT29=\"SETOP\",VLOOKUP(GBQ29,SETOP,3,0),IF(GBT29=\"CPU\",VLOOKUP(GBQ29,COMPOSIÇÃO,2,0),VLOOKUP(GBQ29,COTAÇÃO,3,0))))","v":"BOMBEIRO/ENCANADOR COM ENCARGOS COMPLEMENTARES"},null,"SETOP",{"$f":"IF(GBT29=\"SINAPI\",VLOOKUP(GBQ29,SINAPI,3,0),IF(GBT29=\"SETOP\",VLOOKUP(GBQ29,SETOP,4,0),IF(GBT29=\"CPU\",VLOOKUP(GBQ29,COMPOSIÇÃO,5,0),VLOOKUP(GBQ29,COTAÇÃO,8,0))))","v":"HORA"},0.5,{"$f":"IF(GBT29=\"SINAPI\",VLOOKUP(GBQ29,SINAPI,4,0),IF(GBT29=\"SETOP\",VLOOKUP(GBQ29,SETOP,5,0),IF(GBT29=\"CPU\",VLOOKUP(GBQ29,COMPOSIÇÃO,8,0),VLOOKUP(GBQ29,COTAÇÃO,11,0))))","v":19.149999999999999},{"$f":"GBV29*GBW29","v":9.5749999999999993},"ED-50374",{"$f":"IF(GCB29=\"SINAPI\",VLOOKUP(GBY29,SINAPI,2,0),IF(GCB29=\"SETOP\",VLOOKUP(GBY29,SETOP,3,0),IF(GCB29=\"CPU\",VLOOKUP(GBY29,COMPOSIÇÃO,2,0),VLOOKUP(GBY29,COTAÇÃO,3,0))))","v":"BOMBEIRO/ENCANADOR COM ENCARGOS COMPLEMENTARES"},null,"SETOP",{"$f":"IF(GCB29=\"SINAPI\",VLOOKUP(GBY29,SINAPI,3,0),IF(GCB29=\"SETOP\",VLOOKUP(GBY29,SETOP,4,0),IF(GCB29=\"CPU\",VLOOKUP(GBY29,COMPOSIÇÃO,5,0),VLOOKUP(GBY29,COTAÇÃO,8,0))))","v":"HORA"},0.5,{"$f":"IF(GCB29=\"SINAPI\",VLOOKUP(GBY29,SINAPI,4,0),IF(GCB29=\"SETOP\",VLOOKUP(GBY29,SETOP,5,0),IF(GCB29=\"CPU\",VLOOKUP(GBY29,COMPOSIÇÃO,8,0),VLOOKUP(GBY29,COTAÇÃO,11,0))))","v":19.149999999999999},{"$f":"GCD29*GCE29","v":9.5749999999999993},"ED-50374",{"$f":"IF(GCJ29=\"SINAPI\",VLOOKUP(GCG29,SINAPI,2,0),IF(GCJ29=\"SETOP\",VLOOKUP(GCG29,SETOP,3,0),IF(GCJ29=\"CPU\",VLOOKUP(GCG29,COMPOSIÇÃO,2,0),VLOOKUP(GCG29,COTAÇÃO,3,0))))","v":"BOMBEIRO/ENCANADOR COM ENCARGOS COMPLEMENTARES"},null,"SETOP",{"$f":"IF(GCJ29=\"SINAPI\",VLOOKUP(GCG29,SINAPI,3,0),IF(GCJ29=\"SETOP\",VLOOKUP(GCG29,SETOP,4,0),IF(GCJ29=\"CPU\",VLOOKUP(GCG29,COMPOSIÇÃO,5,0),VLOOKUP(GCG29,COTAÇÃO,8,0))))","v":"HORA"},0.5,{"$f":"IF(GCJ29=\"SINAPI\",VLOOKUP(GCG29,SINAPI,4,0),IF(GCJ29=\"SETOP\",VLOOKUP(GCG29,SETOP,5,0),IF(GCJ29=\"CPU\",VLOOKUP(GCG29,COMPOSIÇÃO,8,0),VLOOKUP(GCG29,COTAÇÃO,11,0))))","v":19.149999999999999},{"$f":"GCL29*GCM29","v":9.5749999999999993},"ED-50374",{"$f":"IF(GCR29=\"SINAPI\",VLOOKUP(GCO29,SINAPI,2,0),IF(GCR29=\"SETOP\",VLOOKUP(GCO29,SETOP,3,0),IF(GCR29=\"CPU\",VLOOKUP(GCO29,COMPOSIÇÃO,2,0),VLOOKUP(GCO29,COTAÇÃO,3,0))))","v":"BOMBEIRO/ENCANADOR COM ENCARGOS COMPLEMENTARES"},null,"SETOP",{"$f":"IF(GCR29=\"SINAPI\",VLOOKUP(GCO29,SINAPI,3,0),IF(GCR29=\"SETOP\",VLOOKUP(GCO29,SETOP,4,0),IF(GCR29=\"CPU\",VLOOKUP(GCO29,COMPOSIÇÃO,5,0),VLOOKUP(GCO29,COTAÇÃO,8,0))))","v":"HORA"},0.5,{"$f":"IF(GCR29=\"SINAPI\",VLOOKUP(GCO29,SINAPI,4,0),IF(GCR29=\"SETOP\",VLOOKUP(GCO29,SETOP,5,0),IF(GCR29=\"CPU\",VLOOKUP(GCO29,COMPOSIÇÃO,8,0),VLOOKUP(GCO29,COTAÇÃO,11,0))))","v":19.149999999999999},{"$f":"GCT29*GCU29","v":9.5749999999999993},"ED-50374",{"$f":"IF(GCZ29=\"SINAPI\",VLOOKUP(GCW29,SINAPI,2,0),IF(GCZ29=\"SETOP\",VLOOKUP(GCW29,SETOP,3,0),IF(GCZ29=\"CPU\",VLOOKUP(GCW29,COMPOSIÇÃO,2,0),VLOOKUP(GCW29,COTAÇÃO,3,0))))","v":"BOMBEIRO/ENCANADOR COM ENCARGOS COMPLEMENTARES"},null,"SETOP",{"$f":"IF(GCZ29=\"SINAPI\",VLOOKUP(GCW29,SINAPI,3,0),IF(GCZ29=\"SETOP\",VLOOKUP(GCW29,SETOP,4,0),IF(GCZ29=\"CPU\",VLOOKUP(GCW29,COMPOSIÇÃO,5,0),VLOOKUP(GCW29,COTAÇÃO,8,0))))","v":"HORA"},0.5,{"$f":"IF(GCZ29=\"SINAPI\",VLOOKUP(GCW29,SINAPI,4,0),IF(GCZ29=\"SETOP\",VLOOKUP(GCW29,SETOP,5,0),IF(GCZ29=\"CPU\",VLOOKUP(GCW29,COMPOSIÇÃO,8,0),VLOOKUP(GCW29,COTAÇÃO,11,0))))","v":19.149999999999999},{"$f":"GDB29*GDC29","v":9.5749999999999993},"ED-50374",{"$f":"IF(GDH29=\"SINAPI\",VLOOKUP(GDE29,SINAPI,2,0),IF(GDH29=\"SETOP\",VLOOKUP(GDE29,SETOP,3,0),IF(GDH29=\"CPU\",VLOOKUP(GDE29,COMPOSIÇÃO,2,0),VLOOKUP(GDE29,COTAÇÃO,3,0))))","v":"BOMBEIRO/ENCANADOR COM ENCARGOS COMPLEMENTARES"},null,"SETOP",{"$f":"IF(GDH29=\"SINAPI\",VLOOKUP(GDE29,SINAPI,3,0),IF(GDH29=\"SETOP\",VLOOKUP(GDE29,SETOP,4,0),IF(GDH29=\"CPU\",VLOOKUP(GDE29,COMPOSIÇÃO,5,0),VLOOKUP(GDE29,COTAÇÃO,8,0))))","v":"HORA"},0.5,{"$f":"IF(GDH29=\"SINAPI\",VLOOKUP(GDE29,SINAPI,4,0),IF(GDH29=\"SETOP\",VLOOKUP(GDE29,SETOP,5,0),IF(GDH29=\"CPU\",VLOOKUP(GDE29,COMPOSIÇÃO,8,0),VLOOKUP(GDE29,COTAÇÃO,11,0))))","v":19.149999999999999},{"$f":"GDJ29*GDK29","v":9.5749999999999993},"ED-50374",{"$f":"IF(GDP29=\"SINAPI\",VLOOKUP(GDM29,SINAPI,2,0),IF(GDP29=\"SETOP\",VLOOKUP(GDM29,SETOP,3,0),IF(GDP29=\"CPU\",VLOOKUP(GDM29,COMPOSIÇÃO,2,0),VLOOKUP(GDM29,COTAÇÃO,3,0))))","v":"BOMBEIRO/ENCANADOR COM ENCARGOS COMPLEMENTARES"},null,"SETOP",{"$f":"IF(GDP29=\"SINAPI\",VLOOKUP(GDM29,SINAPI,3,0),IF(GDP29=\"SETOP\",VLOOKUP(GDM29,SETOP,4,0),IF(GDP29=\"CPU\",VLOOKUP(GDM29,COMPOSIÇÃO,5,0),VLOOKUP(GDM29,COTAÇÃO,8,0))))","v":"HORA"},0.5,{"$f":"IF(GDP29=\"SINAPI\",VLOOKUP(GDM29,SINAPI,4,0),IF(GDP29=\"SETOP\",VLOOKUP(GDM29,SETOP,5,0),IF(GDP29=\"CPU\",VLOOKUP(GDM29,COMPOSIÇÃO,8,0),VLOOKUP(GDM29,COTAÇÃO,11,0))))","v":19.149999999999999},{"$f":"GDR29*GDS29","v":9.5749999999999993},"ED-50374",{"$f":"IF(GDX29=\"SINAPI\",VLOOKUP(GDU29,SINAPI,2,0),IF(GDX29=\"SETOP\",VLOOKUP(GDU29,SETOP,3,0),IF(GDX29=\"CPU\",VLOOKUP(GDU29,COMPOSIÇÃO,2,0),VLOOKUP(GDU29,COTAÇÃO,3,0))))","v":"BOMBEIRO/ENCANADOR COM ENCARGOS COMPLEMENTARES"},null,"SETOP",{"$f":"IF(GDX29=\"SINAPI\",VLOOKUP(GDU29,SINAPI,3,0),IF(GDX29=\"SETOP\",VLOOKUP(GDU29,SETOP,4,0),IF(GDX29=\"CPU\",VLOOKUP(GDU29,COMPOSIÇÃO,5,0),VLOOKUP(GDU29,COTAÇÃO,8,0))))","v":"HORA"},0.5,{"$f":"IF(GDX29=\"SINAPI\",VLOOKUP(GDU29,SINAPI,4,0),IF(GDX29=\"SETOP\",VLOOKUP(GDU29,SETOP,5,0),IF(GDX29=\"CPU\",VLOOKUP(GDU29,COMPOSIÇÃO,8,0),VLOOKUP(GDU29,COTAÇÃO,11,0))))","v":19.149999999999999},{"$f":"GDZ29*GEA29","v":9.5749999999999993},"ED-50374",{"$f":"IF(GEF29=\"SINAPI\",VLOOKUP(GEC29,SINAPI,2,0),IF(GEF29=\"SETOP\",VLOOKUP(GEC29,SETOP,3,0),IF(GEF29=\"CPU\",VLOOKUP(GEC29,COMPOSIÇÃO,2,0),VLOOKUP(GEC29,COTAÇÃO,3,0))))","v":"BOMBEIRO/ENCANADOR COM ENCARGOS COMPLEMENTARES"},null,"SETOP",{"$f":"IF(GEF29=\"SINAPI\",VLOOKUP(GEC29,SINAPI,3,0),IF(GEF29=\"SETOP\",VLOOKUP(GEC29,SETOP,4,0),IF(GEF29=\"CPU\",VLOOKUP(GEC29,COMPOSIÇÃO,5,0),VLOOKUP(GEC29,COTAÇÃO,8,0))))","v":"HORA"},0.5,{"$f":"IF(GEF29=\"SINAPI\",VLOOKUP(GEC29,SINAPI,4,0),IF(GEF29=\"SETOP\",VLOOKUP(GEC29,SETOP,5,0),IF(GEF29=\"CPU\",VLOOKUP(GEC29,COMPOSIÇÃO,8,0),VLOOKUP(GEC29,COTAÇÃO,11,0))))","v":19.149999999999999},{"$f":"GEH29*GEI29","v":9.5749999999999993},"ED-50374",{"$f":"IF(GEN29=\"SINAPI\",VLOOKUP(GEK29,SINAPI,2,0),IF(GEN29=\"SETOP\",VLOOKUP(GEK29,SETOP,3,0),IF(GEN29=\"CPU\",VLOOKUP(GEK29,COMPOSIÇÃO,2,0),VLOOKUP(GEK29,COTAÇÃO,3,0))))","v":"BOMBEIRO/ENCANADOR COM ENCARGOS COMPLEMENTARES"},null,"SETOP",{"$f":"IF(GEN29=\"SINAPI\",VLOOKUP(GEK29,SINAPI,3,0),IF(GEN29=\"SETOP\",VLOOKUP(GEK29,SETOP,4,0),IF(GEN29=\"CPU\",VLOOKUP(GEK29,COMPOSIÇÃO,5,0),VLOOKUP(GEK29,COTAÇÃO,8,0))))","v":"HORA"},0.5,{"$f":"IF(GEN29=\"SINAPI\",VLOOKUP(GEK29,SINAPI,4,0),IF(GEN29=\"SETOP\",VLOOKUP(GEK29,SETOP,5,0),IF(GEN29=\"CPU\",VLOOKUP(GEK29,COMPOSIÇÃO,8,0),VLOOKUP(GEK29,COTAÇÃO,11,0))))","v":19.149999999999999},{"$f":"GEP29*GEQ29","v":9.5749999999999993},"ED-50374",{"$f":"IF(GEV29=\"SINAPI\",VLOOKUP(GES29,SINAPI,2,0),IF(GEV29=\"SETOP\",VLOOKUP(GES29,SETOP,3,0),IF(GEV29=\"CPU\",VLOOKUP(GES29,COMPOSIÇÃO,2,0),VLOOKUP(GES29,COTAÇÃO,3,0))))","v":"BOMBEIRO/ENCANADOR COM ENCARGOS COMPLEMENTARES"},null,"SETOP",{"$f":"IF(GEV29=\"SINAPI\",VLOOKUP(GES29,SINAPI,3,0),IF(GEV29=\"SETOP\",VLOOKUP(GES29,SETOP,4,0),IF(GEV29=\"CPU\",VLOOKUP(GES29,COMPOSIÇÃO,5,0),VLOOKUP(GES29,COTAÇÃO,8,0))))","v":"HORA"},0.5,{"$f":"IF(GEV29=\"SINAPI\",VLOOKUP(GES29,SINAPI,4,0),IF(GEV29=\"SETOP\",VLOOKUP(GES29,SETOP,5,0),IF(GEV29=\"CPU\",VLOOKUP(GES29,COMPOSIÇÃO,8,0),VLOOKUP(GES29,COTAÇÃO,11,0))))","v":19.149999999999999},{"$f":"GEX29*GEY29","v":9.5749999999999993},"ED-50374",{"$f":"IF(GFD29=\"SINAPI\",VLOOKUP(GFA29,SINAPI,2,0),IF(GFD29=\"SETOP\",VLOOKUP(GFA29,SETOP,3,0),IF(GFD29=\"CPU\",VLOOKUP(GFA29,COMPOSIÇÃO,2,0),VLOOKUP(GFA29,COTAÇÃO,3,0))))","v":"BOMBEIRO/ENCANADOR COM ENCARGOS COMPLEMENTARES"},null,"SETOP",{"$f":"IF(GFD29=\"SINAPI\",VLOOKUP(GFA29,SINAPI,3,0),IF(GFD29=\"SETOP\",VLOOKUP(GFA29,SETOP,4,0),IF(GFD29=\"CPU\",VLOOKUP(GFA29,COMPOSIÇÃO,5,0),VLOOKUP(GFA29,COTAÇÃO,8,0))))","v":"HORA"},0.5,{"$f":"IF(GFD29=\"SINAPI\",VLOOKUP(GFA29,SINAPI,4,0),IF(GFD29=\"SETOP\",VLOOKUP(GFA29,SETOP,5,0),IF(GFD29=\"CPU\",VLOOKUP(GFA29,COMPOSIÇÃO,8,0),VLOOKUP(GFA29,COTAÇÃO,11,0))))","v":19.149999999999999},{"$f":"GFF29*GFG29","v":9.5749999999999993},"ED-50374",{"$f":"IF(GFL29=\"SINAPI\",VLOOKUP(GFI29,SINAPI,2,0),IF(GFL29=\"SETOP\",VLOOKUP(GFI29,SETOP,3,0),IF(GFL29=\"CPU\",VLOOKUP(GFI29,COMPOSIÇÃO,2,0),VLOOKUP(GFI29,COTAÇÃO,3,0))))","v":"BOMBEIRO/ENCANADOR COM ENCARGOS COMPLEMENTARES"},null,"SETOP",{"$f":"IF(GFL29=\"SINAPI\",VLOOKUP(GFI29,SINAPI,3,0),IF(GFL29=\"SETOP\",VLOOKUP(GFI29,SETOP,4,0),IF(GFL29=\"CPU\",VLOOKUP(GFI29,COMPOSIÇÃO,5,0),VLOOKUP(GFI29,COTAÇÃO,8,0))))","v":"HORA"},0.5,{"$f":"IF(GFL29=\"SINAPI\",VLOOKUP(GFI29,SINAPI,4,0),IF(GFL29=\"SETOP\",VLOOKUP(GFI29,SETOP,5,0),IF(GFL29=\"CPU\",VLOOKUP(GFI29,COMPOSIÇÃO,8,0),VLOOKUP(GFI29,COTAÇÃO,11,0))))","v":19.149999999999999},{"$f":"GFN29*GFO29","v":9.5749999999999993},"ED-50374",{"$f":"IF(GFT29=\"SINAPI\",VLOOKUP(GFQ29,SINAPI,2,0),IF(GFT29=\"SETOP\",VLOOKUP(GFQ29,SETOP,3,0),IF(GFT29=\"CPU\",VLOOKUP(GFQ29,COMPOSIÇÃO,2,0),VLOOKUP(GFQ29,COTAÇÃO,3,0))))","v":"BOMBEIRO/ENCANADOR COM ENCARGOS COMPLEMENTARES"},null,"SETOP",{"$f":"IF(GFT29=\"SINAPI\",VLOOKUP(GFQ29,SINAPI,3,0),IF(GFT29=\"SETOP\",VLOOKUP(GFQ29,SETOP,4,0),IF(GFT29=\"CPU\",VLOOKUP(GFQ29,COMPOSIÇÃO,5,0),VLOOKUP(GFQ29,COTAÇÃO,8,0))))","v":"HORA"},0.5,{"$f":"IF(GFT29=\"SINAPI\",VLOOKUP(GFQ29,SINAPI,4,0),IF(GFT29=\"SETOP\",VLOOKUP(GFQ29,SETOP,5,0),IF(GFT29=\"CPU\",VLOOKUP(GFQ29,COMPOSIÇÃO,8,0),VLOOKUP(GFQ29,COTAÇÃO,11,0))))","v":19.149999999999999},{"$f":"GFV29*GFW29","v":9.5749999999999993},"ED-50374",{"$f":"IF(GGB29=\"SINAPI\",VLOOKUP(GFY29,SINAPI,2,0),IF(GGB29=\"SETOP\",VLOOKUP(GFY29,SETOP,3,0),IF(GGB29=\"CPU\",VLOOKUP(GFY29,COMPOSIÇÃO,2,0),VLOOKUP(GFY29,COTAÇÃO,3,0))))","v":"BOMBEIRO/ENCANADOR COM ENCARGOS COMPLEMENTARES"},null,"SETOP",{"$f":"IF(GGB29=\"SINAPI\",VLOOKUP(GFY29,SINAPI,3,0),IF(GGB29=\"SETOP\",VLOOKUP(GFY29,SETOP,4,0),IF(GGB29=\"CPU\",VLOOKUP(GFY29,COMPOSIÇÃO,5,0),VLOOKUP(GFY29,COTAÇÃO,8,0))))","v":"HORA"},0.5,{"$f":"IF(GGB29=\"SINAPI\",VLOOKUP(GFY29,SINAPI,4,0),IF(GGB29=\"SETOP\",VLOOKUP(GFY29,SETOP,5,0),IF(GGB29=\"CPU\",VLOOKUP(GFY29,COMPOSIÇÃO,8,0),VLOOKUP(GFY29,COTAÇÃO,11,0))))","v":19.149999999999999},{"$f":"GGD29*GGE29","v":9.5749999999999993},"ED-50374",{"$f":"IF(GGJ29=\"SINAPI\",VLOOKUP(GGG29,SINAPI,2,0),IF(GGJ29=\"SETOP\",VLOOKUP(GGG29,SETOP,3,0),IF(GGJ29=\"CPU\",VLOOKUP(GGG29,COMPOSIÇÃO,2,0),VLOOKUP(GGG29,COTAÇÃO,3,0))))","v":"BOMBEIRO/ENCANADOR COM ENCARGOS COMPLEMENTARES"},null,"SETOP",{"$f":"IF(GGJ29=\"SINAPI\",VLOOKUP(GGG29,SINAPI,3,0),IF(GGJ29=\"SETOP\",VLOOKUP(GGG29,SETOP,4,0),IF(GGJ29=\"CPU\",VLOOKUP(GGG29,COMPOSIÇÃO,5,0),VLOOKUP(GGG29,COTAÇÃO,8,0))))","v":"HORA"},0.5,{"$f":"IF(GGJ29=\"SINAPI\",VLOOKUP(GGG29,SINAPI,4,0),IF(GGJ29=\"SETOP\",VLOOKUP(GGG29,SETOP,5,0),IF(GGJ29=\"CPU\",VLOOKUP(GGG29,COMPOSIÇÃO,8,0),VLOOKUP(GGG29,COTAÇÃO,11,0))))","v":19.149999999999999},{"$f":"GGL29*GGM29","v":9.5749999999999993},"ED-50374",{"$f":"IF(GGR29=\"SINAPI\",VLOOKUP(GGO29,SINAPI,2,0),IF(GGR29=\"SETOP\",VLOOKUP(GGO29,SETOP,3,0),IF(GGR29=\"CPU\",VLOOKUP(GGO29,COMPOSIÇÃO,2,0),VLOOKUP(GGO29,COTAÇÃO,3,0))))","v":"BOMBEIRO/ENCANADOR COM ENCARGOS COMPLEMENTARES"},null,"SETOP",{"$f":"IF(GGR29=\"SINAPI\",VLOOKUP(GGO29,SINAPI,3,0),IF(GGR29=\"SETOP\",VLOOKUP(GGO29,SETOP,4,0),IF(GGR29=\"CPU\",VLOOKUP(GGO29,COMPOSIÇÃO,5,0),VLOOKUP(GGO29,COTAÇÃO,8,0))))","v":"HORA"},0.5,{"$f":"IF(GGR29=\"SINAPI\",VLOOKUP(GGO29,SINAPI,4,0),IF(GGR29=\"SETOP\",VLOOKUP(GGO29,SETOP,5,0),IF(GGR29=\"CPU\",VLOOKUP(GGO29,COMPOSIÇÃO,8,0),VLOOKUP(GGO29,COTAÇÃO,11,0))))","v":19.149999999999999},{"$f":"GGT29*GGU29","v":9.5749999999999993},"ED-50374",{"$f":"IF(GGZ29=\"SINAPI\",VLOOKUP(GGW29,SINAPI,2,0),IF(GGZ29=\"SETOP\",VLOOKUP(GGW29,SETOP,3,0),IF(GGZ29=\"CPU\",VLOOKUP(GGW29,COMPOSIÇÃO,2,0),VLOOKUP(GGW29,COTAÇÃO,3,0))))","v":"BOMBEIRO/ENCANADOR COM ENCARGOS COMPLEMENTARES"},null,"SETOP",{"$f":"IF(GGZ29=\"SINAPI\",VLOOKUP(GGW29,SINAPI,3,0),IF(GGZ29=\"SETOP\",VLOOKUP(GGW29,SETOP,4,0),IF(GGZ29=\"CPU\",VLOOKUP(GGW29,COMPOSIÇÃO,5,0),VLOOKUP(GGW29,COTAÇÃO,8,0))))","v":"HORA"},0.5,{"$f":"IF(GGZ29=\"SINAPI\",VLOOKUP(GGW29,SINAPI,4,0),IF(GGZ29=\"SETOP\",VLOOKUP(GGW29,SETOP,5,0),IF(GGZ29=\"CPU\",VLOOKUP(GGW29,COMPOSIÇÃO,8,0),VLOOKUP(GGW29,COTAÇÃO,11,0))))","v":19.149999999999999},{"$f":"GHB29*GHC29","v":9.5749999999999993},"ED-50374",{"$f":"IF(GHH29=\"SINAPI\",VLOOKUP(GHE29,SINAPI,2,0),IF(GHH29=\"SETOP\",VLOOKUP(GHE29,SETOP,3,0),IF(GHH29=\"CPU\",VLOOKUP(GHE29,COMPOSIÇÃO,2,0),VLOOKUP(GHE29,COTAÇÃO,3,0))))","v":"BOMBEIRO/ENCANADOR COM ENCARGOS COMPLEMENTARES"},null,"SETOP",{"$f":"IF(GHH29=\"SINAPI\",VLOOKUP(GHE29,SINAPI,3,0),IF(GHH29=\"SETOP\",VLOOKUP(GHE29,SETOP,4,0),IF(GHH29=\"CPU\",VLOOKUP(GHE29,COMPOSIÇÃO,5,0),VLOOKUP(GHE29,COTAÇÃO,8,0))))","v":"HORA"},0.5,{"$f":"IF(GHH29=\"SINAPI\",VLOOKUP(GHE29,SINAPI,4,0),IF(GHH29=\"SETOP\",VLOOKUP(GHE29,SETOP,5,0),IF(GHH29=\"CPU\",VLOOKUP(GHE29,COMPOSIÇÃO,8,0),VLOOKUP(GHE29,COTAÇÃO,11,0))))","v":19.149999999999999},{"$f":"GHJ29*GHK29","v":9.5749999999999993},"ED-50374",{"$f":"IF(GHP29=\"SINAPI\",VLOOKUP(GHM29,SINAPI,2,0),IF(GHP29=\"SETOP\",VLOOKUP(GHM29,SETOP,3,0),IF(GHP29=\"CPU\",VLOOKUP(GHM29,COMPOSIÇÃO,2,0),VLOOKUP(GHM29,COTAÇÃO,3,0))))","v":"BOMBEIRO/ENCANADOR COM ENCARGOS COMPLEMENTARES"},null,"SETOP",{"$f":"IF(GHP29=\"SINAPI\",VLOOKUP(GHM29,SINAPI,3,0),IF(GHP29=\"SETOP\",VLOOKUP(GHM29,SETOP,4,0),IF(GHP29=\"CPU\",VLOOKUP(GHM29,COMPOSIÇÃO,5,0),VLOOKUP(GHM29,COTAÇÃO,8,0))))","v":"HORA"},0.5,{"$f":"IF(GHP29=\"SINAPI\",VLOOKUP(GHM29,SINAPI,4,0),IF(GHP29=\"SETOP\",VLOOKUP(GHM29,SETOP,5,0),IF(GHP29=\"CPU\",VLOOKUP(GHM29,COMPOSIÇÃO,8,0),VLOOKUP(GHM29,COTAÇÃO,11,0))))","v":19.149999999999999},{"$f":"GHR29*GHS29","v":9.5749999999999993},"ED-50374",{"$f":"IF(GHX29=\"SINAPI\",VLOOKUP(GHU29,SINAPI,2,0),IF(GHX29=\"SETOP\",VLOOKUP(GHU29,SETOP,3,0),IF(GHX29=\"CPU\",VLOOKUP(GHU29,COMPOSIÇÃO,2,0),VLOOKUP(GHU29,COTAÇÃO,3,0))))","v":"BOMBEIRO/ENCANADOR COM ENCARGOS COMPLEMENTARES"},null,"SETOP",{"$f":"IF(GHX29=\"SINAPI\",VLOOKUP(GHU29,SINAPI,3,0),IF(GHX29=\"SETOP\",VLOOKUP(GHU29,SETOP,4,0),IF(GHX29=\"CPU\",VLOOKUP(GHU29,COMPOSIÇÃO,5,0),VLOOKUP(GHU29,COTAÇÃO,8,0))))","v":"HORA"},0.5,{"$f":"IF(GHX29=\"SINAPI\",VLOOKUP(GHU29,SINAPI,4,0),IF(GHX29=\"SETOP\",VLOOKUP(GHU29,SETOP,5,0),IF(GHX29=\"CPU\",VLOOKUP(GHU29,COMPOSIÇÃO,8,0),VLOOKUP(GHU29,COTAÇÃO,11,0))))","v":19.149999999999999},{"$f":"GHZ29*GIA29","v":9.5749999999999993},"ED-50374",{"$f":"IF(GIF29=\"SINAPI\",VLOOKUP(GIC29,SINAPI,2,0),IF(GIF29=\"SETOP\",VLOOKUP(GIC29,SETOP,3,0),IF(GIF29=\"CPU\",VLOOKUP(GIC29,COMPOSIÇÃO,2,0),VLOOKUP(GIC29,COTAÇÃO,3,0))))","v":"BOMBEIRO/ENCANADOR COM ENCARGOS COMPLEMENTARES"},null,"SETOP",{"$f":"IF(GIF29=\"SINAPI\",VLOOKUP(GIC29,SINAPI,3,0),IF(GIF29=\"SETOP\",VLOOKUP(GIC29,SETOP,4,0),IF(GIF29=\"CPU\",VLOOKUP(GIC29,COMPOSIÇÃO,5,0),VLOOKUP(GIC29,COTAÇÃO,8,0))))","v":"HORA"},0.5,{"$f":"IF(GIF29=\"SINAPI\",VLOOKUP(GIC29,SINAPI,4,0),IF(GIF29=\"SETOP\",VLOOKUP(GIC29,SETOP,5,0),IF(GIF29=\"CPU\",VLOOKUP(GIC29,COMPOSIÇÃO,8,0),VLOOKUP(GIC29,COTAÇÃO,11,0))))","v":19.149999999999999},{"$f":"GIH29*GII29","v":9.5749999999999993},"ED-50374",{"$f":"IF(GIN29=\"SINAPI\",VLOOKUP(GIK29,SINAPI,2,0),IF(GIN29=\"SETOP\",VLOOKUP(GIK29,SETOP,3,0),IF(GIN29=\"CPU\",VLOOKUP(GIK29,COMPOSIÇÃO,2,0),VLOOKUP(GIK29,COTAÇÃO,3,0))))","v":"BOMBEIRO/ENCANADOR COM ENCARGOS COMPLEMENTARES"},null,"SETOP",{"$f":"IF(GIN29=\"SINAPI\",VLOOKUP(GIK29,SINAPI,3,0),IF(GIN29=\"SETOP\",VLOOKUP(GIK29,SETOP,4,0),IF(GIN29=\"CPU\",VLOOKUP(GIK29,COMPOSIÇÃO,5,0),VLOOKUP(GIK29,COTAÇÃO,8,0))))","v":"HORA"},0.5,{"$f":"IF(GIN29=\"SINAPI\",VLOOKUP(GIK29,SINAPI,4,0),IF(GIN29=\"SETOP\",VLOOKUP(GIK29,SETOP,5,0),IF(GIN29=\"CPU\",VLOOKUP(GIK29,COMPOSIÇÃO,8,0),VLOOKUP(GIK29,COTAÇÃO,11,0))))","v":19.149999999999999},{"$f":"GIP29*GIQ29","v":9.5749999999999993},"ED-50374",{"$f":"IF(GIV29=\"SINAPI\",VLOOKUP(GIS29,SINAPI,2,0),IF(GIV29=\"SETOP\",VLOOKUP(GIS29,SETOP,3,0),IF(GIV29=\"CPU\",VLOOKUP(GIS29,COMPOSIÇÃO,2,0),VLOOKUP(GIS29,COTAÇÃO,3,0))))","v":"BOMBEIRO/ENCANADOR COM ENCARGOS COMPLEMENTARES"},null,"SETOP",{"$f":"IF(GIV29=\"SINAPI\",VLOOKUP(GIS29,SINAPI,3,0),IF(GIV29=\"SETOP\",VLOOKUP(GIS29,SETOP,4,0),IF(GIV29=\"CPU\",VLOOKUP(GIS29,COMPOSIÇÃO,5,0),VLOOKUP(GIS29,COTAÇÃO,8,0))))","v":"HORA"},0.5,{"$f":"IF(GIV29=\"SINAPI\",VLOOKUP(GIS29,SINAPI,4,0),IF(GIV29=\"SETOP\",VLOOKUP(GIS29,SETOP,5,0),IF(GIV29=\"CPU\",VLOOKUP(GIS29,COMPOSIÇÃO,8,0),VLOOKUP(GIS29,COTAÇÃO,11,0))))","v":19.149999999999999},{"$f":"GIX29*GIY29","v":9.5749999999999993},"ED-50374",{"$f":"IF(GJD29=\"SINAPI\",VLOOKUP(GJA29,SINAPI,2,0),IF(GJD29=\"SETOP\",VLOOKUP(GJA29,SETOP,3,0),IF(GJD29=\"CPU\",VLOOKUP(GJA29,COMPOSIÇÃO,2,0),VLOOKUP(GJA29,COTAÇÃO,3,0))))","v":"BOMBEIRO/ENCANADOR COM ENCARGOS COMPLEMENTARES"},null,"SETOP",{"$f":"IF(GJD29=\"SINAPI\",VLOOKUP(GJA29,SINAPI,3,0),IF(GJD29=\"SETOP\",VLOOKUP(GJA29,SETOP,4,0),IF(GJD29=\"CPU\",VLOOKUP(GJA29,COMPOSIÇÃO,5,0),VLOOKUP(GJA29,COTAÇÃO,8,0))))","v":"HORA"},0.5,{"$f":"IF(GJD29=\"SINAPI\",VLOOKUP(GJA29,SINAPI,4,0),IF(GJD29=\"SETOP\",VLOOKUP(GJA29,SETOP,5,0),IF(GJD29=\"CPU\",VLOOKUP(GJA29,COMPOSIÇÃO,8,0),VLOOKUP(GJA29,COTAÇÃO,11,0))))","v":19.149999999999999},{"$f":"GJF29*GJG29","v":9.5749999999999993},"ED-50374",{"$f":"IF(GJL29=\"SINAPI\",VLOOKUP(GJI29,SINAPI,2,0),IF(GJL29=\"SETOP\",VLOOKUP(GJI29,SETOP,3,0),IF(GJL29=\"CPU\",VLOOKUP(GJI29,COMPOSIÇÃO,2,0),VLOOKUP(GJI29,COTAÇÃO,3,0))))","v":"BOMBEIRO/ENCANADOR COM ENCARGOS COMPLEMENTARES"},null,"SETOP",{"$f":"IF(GJL29=\"SINAPI\",VLOOKUP(GJI29,SINAPI,3,0),IF(GJL29=\"SETOP\",VLOOKUP(GJI29,SETOP,4,0),IF(GJL29=\"CPU\",VLOOKUP(GJI29,COMPOSIÇÃO,5,0),VLOOKUP(GJI29,COTAÇÃO,8,0))))","v":"HORA"},0.5,{"$f":"IF(GJL29=\"SINAPI\",VLOOKUP(GJI29,SINAPI,4,0),IF(GJL29=\"SETOP\",VLOOKUP(GJI29,SETOP,5,0),IF(GJL29=\"CPU\",VLOOKUP(GJI29,COMPOSIÇÃO,8,0),VLOOKUP(GJI29,COTAÇÃO,11,0))))","v":19.149999999999999},{"$f":"GJN29*GJO29","v":9.5749999999999993},"ED-50374",{"$f":"IF(GJT29=\"SINAPI\",VLOOKUP(GJQ29,SINAPI,2,0),IF(GJT29=\"SETOP\",VLOOKUP(GJQ29,SETOP,3,0),IF(GJT29=\"CPU\",VLOOKUP(GJQ29,COMPOSIÇÃO,2,0),VLOOKUP(GJQ29,COTAÇÃO,3,0))))","v":"BOMBEIRO/ENCANADOR COM ENCARGOS COMPLEMENTARES"},null,"SETOP",{"$f":"IF(GJT29=\"SINAPI\",VLOOKUP(GJQ29,SINAPI,3,0),IF(GJT29=\"SETOP\",VLOOKUP(GJQ29,SETOP,4,0),IF(GJT29=\"CPU\",VLOOKUP(GJQ29,COMPOSIÇÃO,5,0),VLOOKUP(GJQ29,COTAÇÃO,8,0))))","v":"HORA"},0.5,{"$f":"IF(GJT29=\"SINAPI\",VLOOKUP(GJQ29,SINAPI,4,0),IF(GJT29=\"SETOP\",VLOOKUP(GJQ29,SETOP,5,0),IF(GJT29=\"CPU\",VLOOKUP(GJQ29,COMPOSIÇÃO,8,0),VLOOKUP(GJQ29,COTAÇÃO,11,0))))","v":19.149999999999999},{"$f":"GJV29*GJW29","v":9.5749999999999993},"ED-50374",{"$f":"IF(GKB29=\"SINAPI\",VLOOKUP(GJY29,SINAPI,2,0),IF(GKB29=\"SETOP\",VLOOKUP(GJY29,SETOP,3,0),IF(GKB29=\"CPU\",VLOOKUP(GJY29,COMPOSIÇÃO,2,0),VLOOKUP(GJY29,COTAÇÃO,3,0))))","v":"BOMBEIRO/ENCANADOR COM ENCARGOS COMPLEMENTARES"},null,"SETOP",{"$f":"IF(GKB29=\"SINAPI\",VLOOKUP(GJY29,SINAPI,3,0),IF(GKB29=\"SETOP\",VLOOKUP(GJY29,SETOP,4,0),IF(GKB29=\"CPU\",VLOOKUP(GJY29,COMPOSIÇÃO,5,0),VLOOKUP(GJY29,COTAÇÃO,8,0))))","v":"HORA"},0.5,{"$f":"IF(GKB29=\"SINAPI\",VLOOKUP(GJY29,SINAPI,4,0),IF(GKB29=\"SETOP\",VLOOKUP(GJY29,SETOP,5,0),IF(GKB29=\"CPU\",VLOOKUP(GJY29,COMPOSIÇÃO,8,0),VLOOKUP(GJY29,COTAÇÃO,11,0))))","v":19.149999999999999},{"$f":"GKD29*GKE29","v":9.5749999999999993},"ED-50374",{"$f":"IF(GKJ29=\"SINAPI\",VLOOKUP(GKG29,SINAPI,2,0),IF(GKJ29=\"SETOP\",VLOOKUP(GKG29,SETOP,3,0),IF(GKJ29=\"CPU\",VLOOKUP(GKG29,COMPOSIÇÃO,2,0),VLOOKUP(GKG29,COTAÇÃO,3,0))))","v":"BOMBEIRO/ENCANADOR COM ENCARGOS COMPLEMENTARES"},null,"SETOP",{"$f":"IF(GKJ29=\"SINAPI\",VLOOKUP(GKG29,SINAPI,3,0),IF(GKJ29=\"SETOP\",VLOOKUP(GKG29,SETOP,4,0),IF(GKJ29=\"CPU\",VLOOKUP(GKG29,COMPOSIÇÃO,5,0),VLOOKUP(GKG29,COTAÇÃO,8,0))))","v":"HORA"},0.5,{"$f":"IF(GKJ29=\"SINAPI\",VLOOKUP(GKG29,SINAPI,4,0),IF(GKJ29=\"SETOP\",VLOOKUP(GKG29,SETOP,5,0),IF(GKJ29=\"CPU\",VLOOKUP(GKG29,COMPOSIÇÃO,8,0),VLOOKUP(GKG29,COTAÇÃO,11,0))))","v":19.149999999999999},{"$f":"GKL29*GKM29","v":9.5749999999999993},"ED-50374",{"$f":"IF(GKR29=\"SINAPI\",VLOOKUP(GKO29,SINAPI,2,0),IF(GKR29=\"SETOP\",VLOOKUP(GKO29,SETOP,3,0),IF(GKR29=\"CPU\",VLOOKUP(GKO29,COMPOSIÇÃO,2,0),VLOOKUP(GKO29,COTAÇÃO,3,0))))","v":"BOMBEIRO/ENCANADOR COM ENCARGOS COMPLEMENTARES"},null,"SETOP",{"$f":"IF(GKR29=\"SINAPI\",VLOOKUP(GKO29,SINAPI,3,0),IF(GKR29=\"SETOP\",VLOOKUP(GKO29,SETOP,4,0),IF(GKR29=\"CPU\",VLOOKUP(GKO29,COMPOSIÇÃO,5,0),VLOOKUP(GKO29,COTAÇÃO,8,0))))","v":"HORA"},0.5,{"$f":"IF(GKR29=\"SINAPI\",VLOOKUP(GKO29,SINAPI,4,0),IF(GKR29=\"SETOP\",VLOOKUP(GKO29,SETOP,5,0),IF(GKR29=\"CPU\",VLOOKUP(GKO29,COMPOSIÇÃO,8,0),VLOOKUP(GKO29,COTAÇÃO,11,0))))","v":19.149999999999999},{"$f":"GKT29*GKU29","v":9.5749999999999993},"ED-50374",{"$f":"IF(GKZ29=\"SINAPI\",VLOOKUP(GKW29,SINAPI,2,0),IF(GKZ29=\"SETOP\",VLOOKUP(GKW29,SETOP,3,0),IF(GKZ29=\"CPU\",VLOOKUP(GKW29,COMPOSIÇÃO,2,0),VLOOKUP(GKW29,COTAÇÃO,3,0))))","v":"BOMBEIRO/ENCANADOR COM ENCARGOS COMPLEMENTARES"},null,"SETOP",{"$f":"IF(GKZ29=\"SINAPI\",VLOOKUP(GKW29,SINAPI,3,0),IF(GKZ29=\"SETOP\",VLOOKUP(GKW29,SETOP,4,0),IF(GKZ29=\"CPU\",VLOOKUP(GKW29,COMPOSIÇÃO,5,0),VLOOKUP(GKW29,COTAÇÃO,8,0))))","v":"HORA"},0.5,{"$f":"IF(GKZ29=\"SINAPI\",VLOOKUP(GKW29,SINAPI,4,0),IF(GKZ29=\"SETOP\",VLOOKUP(GKW29,SETOP,5,0),IF(GKZ29=\"CPU\",VLOOKUP(GKW29,COMPOSIÇÃO,8,0),VLOOKUP(GKW29,COTAÇÃO,11,0))))","v":19.149999999999999},{"$f":"GLB29*GLC29","v":9.5749999999999993},"ED-50374",{"$f":"IF(GLH29=\"SINAPI\",VLOOKUP(GLE29,SINAPI,2,0),IF(GLH29=\"SETOP\",VLOOKUP(GLE29,SETOP,3,0),IF(GLH29=\"CPU\",VLOOKUP(GLE29,COMPOSIÇÃO,2,0),VLOOKUP(GLE29,COTAÇÃO,3,0))))","v":"BOMBEIRO/ENCANADOR COM ENCARGOS COMPLEMENTARES"},null,"SETOP",{"$f":"IF(GLH29=\"SINAPI\",VLOOKUP(GLE29,SINAPI,3,0),IF(GLH29=\"SETOP\",VLOOKUP(GLE29,SETOP,4,0),IF(GLH29=\"CPU\",VLOOKUP(GLE29,COMPOSIÇÃO,5,0),VLOOKUP(GLE29,COTAÇÃO,8,0))))","v":"HORA"},0.5,{"$f":"IF(GLH29=\"SINAPI\",VLOOKUP(GLE29,SINAPI,4,0),IF(GLH29=\"SETOP\",VLOOKUP(GLE29,SETOP,5,0),IF(GLH29=\"CPU\",VLOOKUP(GLE29,COMPOSIÇÃO,8,0),VLOOKUP(GLE29,COTAÇÃO,11,0))))","v":19.149999999999999},{"$f":"GLJ29*GLK29","v":9.5749999999999993},"ED-50374",{"$f":"IF(GLP29=\"SINAPI\",VLOOKUP(GLM29,SINAPI,2,0),IF(GLP29=\"SETOP\",VLOOKUP(GLM29,SETOP,3,0),IF(GLP29=\"CPU\",VLOOKUP(GLM29,COMPOSIÇÃO,2,0),VLOOKUP(GLM29,COTAÇÃO,3,0))))","v":"BOMBEIRO/ENCANADOR COM ENCARGOS COMPLEMENTARES"},null,"SETOP",{"$f":"IF(GLP29=\"SINAPI\",VLOOKUP(GLM29,SINAPI,3,0),IF(GLP29=\"SETOP\",VLOOKUP(GLM29,SETOP,4,0),IF(GLP29=\"CPU\",VLOOKUP(GLM29,COMPOSIÇÃO,5,0),VLOOKUP(GLM29,COTAÇÃO,8,0))))","v":"HORA"},0.5,{"$f":"IF(GLP29=\"SINAPI\",VLOOKUP(GLM29,SINAPI,4,0),IF(GLP29=\"SETOP\",VLOOKUP(GLM29,SETOP,5,0),IF(GLP29=\"CPU\",VLOOKUP(GLM29,COMPOSIÇÃO,8,0),VLOOKUP(GLM29,COTAÇÃO,11,0))))","v":19.149999999999999},{"$f":"GLR29*GLS29","v":9.5749999999999993},"ED-50374",{"$f":"IF(GLX29=\"SINAPI\",VLOOKUP(GLU29,SINAPI,2,0),IF(GLX29=\"SETOP\",VLOOKUP(GLU29,SETOP,3,0),IF(GLX29=\"CPU\",VLOOKUP(GLU29,COMPOSIÇÃO,2,0),VLOOKUP(GLU29,COTAÇÃO,3,0))))","v":"BOMBEIRO/ENCANADOR COM ENCARGOS COMPLEMENTARES"},null,"SETOP",{"$f":"IF(GLX29=\"SINAPI\",VLOOKUP(GLU29,SINAPI,3,0),IF(GLX29=\"SETOP\",VLOOKUP(GLU29,SETOP,4,0),IF(GLX29=\"CPU\",VLOOKUP(GLU29,COMPOSIÇÃO,5,0),VLOOKUP(GLU29,COTAÇÃO,8,0))))","v":"HORA"},0.5,{"$f":"IF(GLX29=\"SINAPI\",VLOOKUP(GLU29,SINAPI,4,0),IF(GLX29=\"SETOP\",VLOOKUP(GLU29,SETOP,5,0),IF(GLX29=\"CPU\",VLOOKUP(GLU29,COMPOSIÇÃO,8,0),VLOOKUP(GLU29,COTAÇÃO,11,0))))","v":19.149999999999999},{"$f":"GLZ29*GMA29","v":9.5749999999999993},"ED-50374",{"$f":"IF(GMF29=\"SINAPI\",VLOOKUP(GMC29,SINAPI,2,0),IF(GMF29=\"SETOP\",VLOOKUP(GMC29,SETOP,3,0),IF(GMF29=\"CPU\",VLOOKUP(GMC29,COMPOSIÇÃO,2,0),VLOOKUP(GMC29,COTAÇÃO,3,0))))","v":"BOMBEIRO/ENCANADOR COM ENCARGOS COMPLEMENTARES"},null,"SETOP",{"$f":"IF(GMF29=\"SINAPI\",VLOOKUP(GMC29,SINAPI,3,0),IF(GMF29=\"SETOP\",VLOOKUP(GMC29,SETOP,4,0),IF(GMF29=\"CPU\",VLOOKUP(GMC29,COMPOSIÇÃO,5,0),VLOOKUP(GMC29,COTAÇÃO,8,0))))","v":"HORA"},0.5,{"$f":"IF(GMF29=\"SINAPI\",VLOOKUP(GMC29,SINAPI,4,0),IF(GMF29=\"SETOP\",VLOOKUP(GMC29,SETOP,5,0),IF(GMF29=\"CPU\",VLOOKUP(GMC29,COMPOSIÇÃO,8,0),VLOOKUP(GMC29,COTAÇÃO,11,0))))","v":19.149999999999999},{"$f":"GMH29*GMI29","v":9.5749999999999993},"ED-50374",{"$f":"IF(GMN29=\"SINAPI\",VLOOKUP(GMK29,SINAPI,2,0),IF(GMN29=\"SETOP\",VLOOKUP(GMK29,SETOP,3,0),IF(GMN29=\"CPU\",VLOOKUP(GMK29,COMPOSIÇÃO,2,0),VLOOKUP(GMK29,COTAÇÃO,3,0))))","v":"BOMBEIRO/ENCANADOR COM ENCARGOS COMPLEMENTARES"},null,"SETOP",{"$f":"IF(GMN29=\"SINAPI\",VLOOKUP(GMK29,SINAPI,3,0),IF(GMN29=\"SETOP\",VLOOKUP(GMK29,SETOP,4,0),IF(GMN29=\"CPU\",VLOOKUP(GMK29,COMPOSIÇÃO,5,0),VLOOKUP(GMK29,COTAÇÃO,8,0))))","v":"HORA"},0.5,{"$f":"IF(GMN29=\"SINAPI\",VLOOKUP(GMK29,SINAPI,4,0),IF(GMN29=\"SETOP\",VLOOKUP(GMK29,SETOP,5,0),IF(GMN29=\"CPU\",VLOOKUP(GMK29,COMPOSIÇÃO,8,0),VLOOKUP(GMK29,COTAÇÃO,11,0))))","v":19.149999999999999},{"$f":"GMP29*GMQ29","v":9.5749999999999993},"ED-50374",{"$f":"IF(GMV29=\"SINAPI\",VLOOKUP(GMS29,SINAPI,2,0),IF(GMV29=\"SETOP\",VLOOKUP(GMS29,SETOP,3,0),IF(GMV29=\"CPU\",VLOOKUP(GMS29,COMPOSIÇÃO,2,0),VLOOKUP(GMS29,COTAÇÃO,3,0))))","v":"BOMBEIRO/ENCANADOR COM ENCARGOS COMPLEMENTARES"},null,"SETOP",{"$f":"IF(GMV29=\"SINAPI\",VLOOKUP(GMS29,SINAPI,3,0),IF(GMV29=\"SETOP\",VLOOKUP(GMS29,SETOP,4,0),IF(GMV29=\"CPU\",VLOOKUP(GMS29,COMPOSIÇÃO,5,0),VLOOKUP(GMS29,COTAÇÃO,8,0))))","v":"HORA"},0.5,{"$f":"IF(GMV29=\"SINAPI\",VLOOKUP(GMS29,SINAPI,4,0),IF(GMV29=\"SETOP\",VLOOKUP(GMS29,SETOP,5,0),IF(GMV29=\"CPU\",VLOOKUP(GMS29,COMPOSIÇÃO,8,0),VLOOKUP(GMS29,COTAÇÃO,11,0))))","v":19.149999999999999},{"$f":"GMX29*GMY29","v":9.5749999999999993},"ED-50374",{"$f":"IF(GND29=\"SINAPI\",VLOOKUP(GNA29,SINAPI,2,0),IF(GND29=\"SETOP\",VLOOKUP(GNA29,SETOP,3,0),IF(GND29=\"CPU\",VLOOKUP(GNA29,COMPOSIÇÃO,2,0),VLOOKUP(GNA29,COTAÇÃO,3,0))))","v":"BOMBEIRO/ENCANADOR COM ENCARGOS COMPLEMENTARES"},null,"SETOP",{"$f":"IF(GND29=\"SINAPI\",VLOOKUP(GNA29,SINAPI,3,0),IF(GND29=\"SETOP\",VLOOKUP(GNA29,SETOP,4,0),IF(GND29=\"CPU\",VLOOKUP(GNA29,COMPOSIÇÃO,5,0),VLOOKUP(GNA29,COTAÇÃO,8,0))))","v":"HORA"},0.5,{"$f":"IF(GND29=\"SINAPI\",VLOOKUP(GNA29,SINAPI,4,0),IF(GND29=\"SETOP\",VLOOKUP(GNA29,SETOP,5,0),IF(GND29=\"CPU\",VLOOKUP(GNA29,COMPOSIÇÃO,8,0),VLOOKUP(GNA29,COTAÇÃO,11,0))))","v":19.149999999999999},{"$f":"GNF29*GNG29","v":9.5749999999999993},"ED-50374",{"$f":"IF(GNL29=\"SINAPI\",VLOOKUP(GNI29,SINAPI,2,0),IF(GNL29=\"SETOP\",VLOOKUP(GNI29,SETOP,3,0),IF(GNL29=\"CPU\",VLOOKUP(GNI29,COMPOSIÇÃO,2,0),VLOOKUP(GNI29,COTAÇÃO,3,0))))","v":"BOMBEIRO/ENCANADOR COM ENCARGOS COMPLEMENTARES"},null,"SETOP",{"$f":"IF(GNL29=\"SINAPI\",VLOOKUP(GNI29,SINAPI,3,0),IF(GNL29=\"SETOP\",VLOOKUP(GNI29,SETOP,4,0),IF(GNL29=\"CPU\",VLOOKUP(GNI29,COMPOSIÇÃO,5,0),VLOOKUP(GNI29,COTAÇÃO,8,0))))","v":"HORA"},0.5,{"$f":"IF(GNL29=\"SINAPI\",VLOOKUP(GNI29,SINAPI,4,0),IF(GNL29=\"SETOP\",VLOOKUP(GNI29,SETOP,5,0),IF(GNL29=\"CPU\",VLOOKUP(GNI29,COMPOSIÇÃO,8,0),VLOOKUP(GNI29,COTAÇÃO,11,0))))","v":19.149999999999999},{"$f":"GNN29*GNO29","v":9.5749999999999993},"ED-50374",{"$f":"IF(GNT29=\"SINAPI\",VLOOKUP(GNQ29,SINAPI,2,0),IF(GNT29=\"SETOP\",VLOOKUP(GNQ29,SETOP,3,0),IF(GNT29=\"CPU\",VLOOKUP(GNQ29,COMPOSIÇÃO,2,0),VLOOKUP(GNQ29,COTAÇÃO,3,0))))","v":"BOMBEIRO/ENCANADOR COM ENCARGOS COMPLEMENTARES"},null,"SETOP",{"$f":"IF(GNT29=\"SINAPI\",VLOOKUP(GNQ29,SINAPI,3,0),IF(GNT29=\"SETOP\",VLOOKUP(GNQ29,SETOP,4,0),IF(GNT29=\"CPU\",VLOOKUP(GNQ29,COMPOSIÇÃO,5,0),VLOOKUP(GNQ29,COTAÇÃO,8,0))))","v":"HORA"},0.5,{"$f":"IF(GNT29=\"SINAPI\",VLOOKUP(GNQ29,SINAPI,4,0),IF(GNT29=\"SETOP\",VLOOKUP(GNQ29,SETOP,5,0),IF(GNT29=\"CPU\",VLOOKUP(GNQ29,COMPOSIÇÃO,8,0),VLOOKUP(GNQ29,COTAÇÃO,11,0))))","v":19.149999999999999},{"$f":"GNV29*GNW29","v":9.5749999999999993},"ED-50374",{"$f":"IF(GOB29=\"SINAPI\",VLOOKUP(GNY29,SINAPI,2,0),IF(GOB29=\"SETOP\",VLOOKUP(GNY29,SETOP,3,0),IF(GOB29=\"CPU\",VLOOKUP(GNY29,COMPOSIÇÃO,2,0),VLOOKUP(GNY29,COTAÇÃO,3,0))))","v":"BOMBEIRO/ENCANADOR COM ENCARGOS COMPLEMENTARES"},null,"SETOP",{"$f":"IF(GOB29=\"SINAPI\",VLOOKUP(GNY29,SINAPI,3,0),IF(GOB29=\"SETOP\",VLOOKUP(GNY29,SETOP,4,0),IF(GOB29=\"CPU\",VLOOKUP(GNY29,COMPOSIÇÃO,5,0),VLOOKUP(GNY29,COTAÇÃO,8,0))))","v":"HORA"},0.5,{"$f":"IF(GOB29=\"SINAPI\",VLOOKUP(GNY29,SINAPI,4,0),IF(GOB29=\"SETOP\",VLOOKUP(GNY29,SETOP,5,0),IF(GOB29=\"CPU\",VLOOKUP(GNY29,COMPOSIÇÃO,8,0),VLOOKUP(GNY29,COTAÇÃO,11,0))))","v":19.149999999999999},{"$f":"GOD29*GOE29","v":9.5749999999999993},"ED-50374",{"$f":"IF(GOJ29=\"SINAPI\",VLOOKUP(GOG29,SINAPI,2,0),IF(GOJ29=\"SETOP\",VLOOKUP(GOG29,SETOP,3,0),IF(GOJ29=\"CPU\",VLOOKUP(GOG29,COMPOSIÇÃO,2,0),VLOOKUP(GOG29,COTAÇÃO,3,0))))","v":"BOMBEIRO/ENCANADOR COM ENCARGOS COMPLEMENTARES"},null,"SETOP",{"$f":"IF(GOJ29=\"SINAPI\",VLOOKUP(GOG29,SINAPI,3,0),IF(GOJ29=\"SETOP\",VLOOKUP(GOG29,SETOP,4,0),IF(GOJ29=\"CPU\",VLOOKUP(GOG29,COMPOSIÇÃO,5,0),VLOOKUP(GOG29,COTAÇÃO,8,0))))","v":"HORA"},0.5,{"$f":"IF(GOJ29=\"SINAPI\",VLOOKUP(GOG29,SINAPI,4,0),IF(GOJ29=\"SETOP\",VLOOKUP(GOG29,SETOP,5,0),IF(GOJ29=\"CPU\",VLOOKUP(GOG29,COMPOSIÇÃO,8,0),VLOOKUP(GOG29,COTAÇÃO,11,0))))","v":19.149999999999999},{"$f":"GOL29*GOM29","v":9.5749999999999993},"ED-50374",{"$f":"IF(GOR29=\"SINAPI\",VLOOKUP(GOO29,SINAPI,2,0),IF(GOR29=\"SETOP\",VLOOKUP(GOO29,SETOP,3,0),IF(GOR29=\"CPU\",VLOOKUP(GOO29,COMPOSIÇÃO,2,0),VLOOKUP(GOO29,COTAÇÃO,3,0))))","v":"BOMBEIRO/ENCANADOR COM ENCARGOS COMPLEMENTARES"},null,"SETOP",{"$f":"IF(GOR29=\"SINAPI\",VLOOKUP(GOO29,SINAPI,3,0),IF(GOR29=\"SETOP\",VLOOKUP(GOO29,SETOP,4,0),IF(GOR29=\"CPU\",VLOOKUP(GOO29,COMPOSIÇÃO,5,0),VLOOKUP(GOO29,COTAÇÃO,8,0))))","v":"HORA"},0.5,{"$f":"IF(GOR29=\"SINAPI\",VLOOKUP(GOO29,SINAPI,4,0),IF(GOR29=\"SETOP\",VLOOKUP(GOO29,SETOP,5,0),IF(GOR29=\"CPU\",VLOOKUP(GOO29,COMPOSIÇÃO,8,0),VLOOKUP(GOO29,COTAÇÃO,11,0))))","v":19.149999999999999},{"$f":"GOT29*GOU29","v":9.5749999999999993},"ED-50374",{"$f":"IF(GOZ29=\"SINAPI\",VLOOKUP(GOW29,SINAPI,2,0),IF(GOZ29=\"SETOP\",VLOOKUP(GOW29,SETOP,3,0),IF(GOZ29=\"CPU\",VLOOKUP(GOW29,COMPOSIÇÃO,2,0),VLOOKUP(GOW29,COTAÇÃO,3,0))))","v":"BOMBEIRO/ENCANADOR COM ENCARGOS COMPLEMENTARES"},null,"SETOP",{"$f":"IF(GOZ29=\"SINAPI\",VLOOKUP(GOW29,SINAPI,3,0),IF(GOZ29=\"SETOP\",VLOOKUP(GOW29,SETOP,4,0),IF(GOZ29=\"CPU\",VLOOKUP(GOW29,COMPOSIÇÃO,5,0),VLOOKUP(GOW29,COTAÇÃO,8,0))))","v":"HORA"},0.5,{"$f":"IF(GOZ29=\"SINAPI\",VLOOKUP(GOW29,SINAPI,4,0),IF(GOZ29=\"SETOP\",VLOOKUP(GOW29,SETOP,5,0),IF(GOZ29=\"CPU\",VLOOKUP(GOW29,COMPOSIÇÃO,8,0),VLOOKUP(GOW29,COTAÇÃO,11,0))))","v":19.149999999999999},{"$f":"GPB29*GPC29","v":9.5749999999999993},"ED-50374",{"$f":"IF(GPH29=\"SINAPI\",VLOOKUP(GPE29,SINAPI,2,0),IF(GPH29=\"SETOP\",VLOOKUP(GPE29,SETOP,3,0),IF(GPH29=\"CPU\",VLOOKUP(GPE29,COMPOSIÇÃO,2,0),VLOOKUP(GPE29,COTAÇÃO,3,0))))","v":"BOMBEIRO/ENCANADOR COM ENCARGOS COMPLEMENTARES"},null,"SETOP",{"$f":"IF(GPH29=\"SINAPI\",VLOOKUP(GPE29,SINAPI,3,0),IF(GPH29=\"SETOP\",VLOOKUP(GPE29,SETOP,4,0),IF(GPH29=\"CPU\",VLOOKUP(GPE29,COMPOSIÇÃO,5,0),VLOOKUP(GPE29,COTAÇÃO,8,0))))","v":"HORA"},0.5,{"$f":"IF(GPH29=\"SINAPI\",VLOOKUP(GPE29,SINAPI,4,0),IF(GPH29=\"SETOP\",VLOOKUP(GPE29,SETOP,5,0),IF(GPH29=\"CPU\",VLOOKUP(GPE29,COMPOSIÇÃO,8,0),VLOOKUP(GPE29,COTAÇÃO,11,0))))","v":19.149999999999999},{"$f":"GPJ29*GPK29","v":9.5749999999999993},"ED-50374",{"$f":"IF(GPP29=\"SINAPI\",VLOOKUP(GPM29,SINAPI,2,0),IF(GPP29=\"SETOP\",VLOOKUP(GPM29,SETOP,3,0),IF(GPP29=\"CPU\",VLOOKUP(GPM29,COMPOSIÇÃO,2,0),VLOOKUP(GPM29,COTAÇÃO,3,0))))","v":"BOMBEIRO/ENCANADOR COM ENCARGOS COMPLEMENTARES"},null,"SETOP",{"$f":"IF(GPP29=\"SINAPI\",VLOOKUP(GPM29,SINAPI,3,0),IF(GPP29=\"SETOP\",VLOOKUP(GPM29,SETOP,4,0),IF(GPP29=\"CPU\",VLOOKUP(GPM29,COMPOSIÇÃO,5,0),VLOOKUP(GPM29,COTAÇÃO,8,0))))","v":"HORA"},0.5,{"$f":"IF(GPP29=\"SINAPI\",VLOOKUP(GPM29,SINAPI,4,0),IF(GPP29=\"SETOP\",VLOOKUP(GPM29,SETOP,5,0),IF(GPP29=\"CPU\",VLOOKUP(GPM29,COMPOSIÇÃO,8,0),VLOOKUP(GPM29,COTAÇÃO,11,0))))","v":19.149999999999999},{"$f":"GPR29*GPS29","v":9.5749999999999993},"ED-50374",{"$f":"IF(GPX29=\"SINAPI\",VLOOKUP(GPU29,SINAPI,2,0),IF(GPX29=\"SETOP\",VLOOKUP(GPU29,SETOP,3,0),IF(GPX29=\"CPU\",VLOOKUP(GPU29,COMPOSIÇÃO,2,0),VLOOKUP(GPU29,COTAÇÃO,3,0))))","v":"BOMBEIRO/ENCANADOR COM ENCARGOS COMPLEMENTARES"},null,"SETOP",{"$f":"IF(GPX29=\"SINAPI\",VLOOKUP(GPU29,SINAPI,3,0),IF(GPX29=\"SETOP\",VLOOKUP(GPU29,SETOP,4,0),IF(GPX29=\"CPU\",VLOOKUP(GPU29,COMPOSIÇÃO,5,0),VLOOKUP(GPU29,COTAÇÃO,8,0))))","v":"HORA"},0.5,{"$f":"IF(GPX29=\"SINAPI\",VLOOKUP(GPU29,SINAPI,4,0),IF(GPX29=\"SETOP\",VLOOKUP(GPU29,SETOP,5,0),IF(GPX29=\"CPU\",VLOOKUP(GPU29,COMPOSIÇÃO,8,0),VLOOKUP(GPU29,COTAÇÃO,11,0))))","v":19.149999999999999},{"$f":"GPZ29*GQA29","v":9.5749999999999993},"ED-50374",{"$f":"IF(GQF29=\"SINAPI\",VLOOKUP(GQC29,SINAPI,2,0),IF(GQF29=\"SETOP\",VLOOKUP(GQC29,SETOP,3,0),IF(GQF29=\"CPU\",VLOOKUP(GQC29,COMPOSIÇÃO,2,0),VLOOKUP(GQC29,COTAÇÃO,3,0))))","v":"BOMBEIRO/ENCANADOR COM ENCARGOS COMPLEMENTARES"},null,"SETOP",{"$f":"IF(GQF29=\"SINAPI\",VLOOKUP(GQC29,SINAPI,3,0),IF(GQF29=\"SETOP\",VLOOKUP(GQC29,SETOP,4,0),IF(GQF29=\"CPU\",VLOOKUP(GQC29,COMPOSIÇÃO,5,0),VLOOKUP(GQC29,COTAÇÃO,8,0))))","v":"HORA"},0.5,{"$f":"IF(GQF29=\"SINAPI\",VLOOKUP(GQC29,SINAPI,4,0),IF(GQF29=\"SETOP\",VLOOKUP(GQC29,SETOP,5,0),IF(GQF29=\"CPU\",VLOOKUP(GQC29,COMPOSIÇÃO,8,0),VLOOKUP(GQC29,COTAÇÃO,11,0))))","v":19.149999999999999},{"$f":"GQH29*GQI29","v":9.5749999999999993},"ED-50374",{"$f":"IF(GQN29=\"SINAPI\",VLOOKUP(GQK29,SINAPI,2,0),IF(GQN29=\"SETOP\",VLOOKUP(GQK29,SETOP,3,0),IF(GQN29=\"CPU\",VLOOKUP(GQK29,COMPOSIÇÃO,2,0),VLOOKUP(GQK29,COTAÇÃO,3,0))))","v":"BOMBEIRO/ENCANADOR COM ENCARGOS COMPLEMENTARES"},null,"SETOP",{"$f":"IF(GQN29=\"SINAPI\",VLOOKUP(GQK29,SINAPI,3,0),IF(GQN29=\"SETOP\",VLOOKUP(GQK29,SETOP,4,0),IF(GQN29=\"CPU\",VLOOKUP(GQK29,COMPOSIÇÃO,5,0),VLOOKUP(GQK29,COTAÇÃO,8,0))))","v":"HORA"},0.5,{"$f":"IF(GQN29=\"SINAPI\",VLOOKUP(GQK29,SINAPI,4,0),IF(GQN29=\"SETOP\",VLOOKUP(GQK29,SETOP,5,0),IF(GQN29=\"CPU\",VLOOKUP(GQK29,COMPOSIÇÃO,8,0),VLOOKUP(GQK29,COTAÇÃO,11,0))))","v":19.149999999999999},{"$f":"GQP29*GQQ29","v":9.5749999999999993},"ED-50374",{"$f":"IF(GQV29=\"SINAPI\",VLOOKUP(GQS29,SINAPI,2,0),IF(GQV29=\"SETOP\",VLOOKUP(GQS29,SETOP,3,0),IF(GQV29=\"CPU\",VLOOKUP(GQS29,COMPOSIÇÃO,2,0),VLOOKUP(GQS29,COTAÇÃO,3,0))))","v":"BOMBEIRO/ENCANADOR COM ENCARGOS COMPLEMENTARES"},null,"SETOP",{"$f":"IF(GQV29=\"SINAPI\",VLOOKUP(GQS29,SINAPI,3,0),IF(GQV29=\"SETOP\",VLOOKUP(GQS29,SETOP,4,0),IF(GQV29=\"CPU\",VLOOKUP(GQS29,COMPOSIÇÃO,5,0),VLOOKUP(GQS29,COTAÇÃO,8,0))))","v":"HORA"},0.5,{"$f":"IF(GQV29=\"SINAPI\",VLOOKUP(GQS29,SINAPI,4,0),IF(GQV29=\"SETOP\",VLOOKUP(GQS29,SETOP,5,0),IF(GQV29=\"CPU\",VLOOKUP(GQS29,COMPOSIÇÃO,8,0),VLOOKUP(GQS29,COTAÇÃO,11,0))))","v":19.149999999999999},{"$f":"GQX29*GQY29","v":9.5749999999999993},"ED-50374",{"$f":"IF(GRD29=\"SINAPI\",VLOOKUP(GRA29,SINAPI,2,0),IF(GRD29=\"SETOP\",VLOOKUP(GRA29,SETOP,3,0),IF(GRD29=\"CPU\",VLOOKUP(GRA29,COMPOSIÇÃO,2,0),VLOOKUP(GRA29,COTAÇÃO,3,0))))","v":"BOMBEIRO/ENCANADOR COM ENCARGOS COMPLEMENTARES"},null,"SETOP",{"$f":"IF(GRD29=\"SINAPI\",VLOOKUP(GRA29,SINAPI,3,0),IF(GRD29=\"SETOP\",VLOOKUP(GRA29,SETOP,4,0),IF(GRD29=\"CPU\",VLOOKUP(GRA29,COMPOSIÇÃO,5,0),VLOOKUP(GRA29,COTAÇÃO,8,0))))","v":"HORA"},0.5,{"$f":"IF(GRD29=\"SINAPI\",VLOOKUP(GRA29,SINAPI,4,0),IF(GRD29=\"SETOP\",VLOOKUP(GRA29,SETOP,5,0),IF(GRD29=\"CPU\",VLOOKUP(GRA29,COMPOSIÇÃO,8,0),VLOOKUP(GRA29,COTAÇÃO,11,0))))","v":19.149999999999999},{"$f":"GRF29*GRG29","v":9.5749999999999993},"ED-50374",{"$f":"IF(GRL29=\"SINAPI\",VLOOKUP(GRI29,SINAPI,2,0),IF(GRL29=\"SETOP\",VLOOKUP(GRI29,SETOP,3,0),IF(GRL29=\"CPU\",VLOOKUP(GRI29,COMPOSIÇÃO,2,0),VLOOKUP(GRI29,COTAÇÃO,3,0))))","v":"BOMBEIRO/ENCANADOR COM ENCARGOS COMPLEMENTARES"},null,"SETOP",{"$f":"IF(GRL29=\"SINAPI\",VLOOKUP(GRI29,SINAPI,3,0),IF(GRL29=\"SETOP\",VLOOKUP(GRI29,SETOP,4,0),IF(GRL29=\"CPU\",VLOOKUP(GRI29,COMPOSIÇÃO,5,0),VLOOKUP(GRI29,COTAÇÃO,8,0))))","v":"HORA"},0.5,{"$f":"IF(GRL29=\"SINAPI\",VLOOKUP(GRI29,SINAPI,4,0),IF(GRL29=\"SETOP\",VLOOKUP(GRI29,SETOP,5,0),IF(GRL29=\"CPU\",VLOOKUP(GRI29,COMPOSIÇÃO,8,0),VLOOKUP(GRI29,COTAÇÃO,11,0))))","v":19.149999999999999},{"$f":"GRN29*GRO29","v":9.5749999999999993},"ED-50374",{"$f":"IF(GRT29=\"SINAPI\",VLOOKUP(GRQ29,SINAPI,2,0),IF(GRT29=\"SETOP\",VLOOKUP(GRQ29,SETOP,3,0),IF(GRT29=\"CPU\",VLOOKUP(GRQ29,COMPOSIÇÃO,2,0),VLOOKUP(GRQ29,COTAÇÃO,3,0))))","v":"BOMBEIRO/ENCANADOR COM ENCARGOS COMPLEMENTARES"},null,"SETOP",{"$f":"IF(GRT29=\"SINAPI\",VLOOKUP(GRQ29,SINAPI,3,0),IF(GRT29=\"SETOP\",VLOOKUP(GRQ29,SETOP,4,0),IF(GRT29=\"CPU\",VLOOKUP(GRQ29,COMPOSIÇÃO,5,0),VLOOKUP(GRQ29,COTAÇÃO,8,0))))","v":"HORA"},0.5,{"$f":"IF(GRT29=\"SINAPI\",VLOOKUP(GRQ29,SINAPI,4,0),IF(GRT29=\"SETOP\",VLOOKUP(GRQ29,SETOP,5,0),IF(GRT29=\"CPU\",VLOOKUP(GRQ29,COMPOSIÇÃO,8,0),VLOOKUP(GRQ29,COTAÇÃO,11,0))))","v":19.149999999999999},{"$f":"GRV29*GRW29","v":9.5749999999999993},"ED-50374",{"$f":"IF(GSB29=\"SINAPI\",VLOOKUP(GRY29,SINAPI,2,0),IF(GSB29=\"SETOP\",VLOOKUP(GRY29,SETOP,3,0),IF(GSB29=\"CPU\",VLOOKUP(GRY29,COMPOSIÇÃO,2,0),VLOOKUP(GRY29,COTAÇÃO,3,0))))","v":"BOMBEIRO/ENCANADOR COM ENCARGOS COMPLEMENTARES"},null,"SETOP",{"$f":"IF(GSB29=\"SINAPI\",VLOOKUP(GRY29,SINAPI,3,0),IF(GSB29=\"SETOP\",VLOOKUP(GRY29,SETOP,4,0),IF(GSB29=\"CPU\",VLOOKUP(GRY29,COMPOSIÇÃO,5,0),VLOOKUP(GRY29,COTAÇÃO,8,0))))","v":"HORA"},0.5,{"$f":"IF(GSB29=\"SINAPI\",VLOOKUP(GRY29,SINAPI,4,0),IF(GSB29=\"SETOP\",VLOOKUP(GRY29,SETOP,5,0),IF(GSB29=\"CPU\",VLOOKUP(GRY29,COMPOSIÇÃO,8,0),VLOOKUP(GRY29,COTAÇÃO,11,0))))","v":19.149999999999999},{"$f":"GSD29*GSE29","v":9.5749999999999993},"ED-50374",{"$f":"IF(GSJ29=\"SINAPI\",VLOOKUP(GSG29,SINAPI,2,0),IF(GSJ29=\"SETOP\",VLOOKUP(GSG29,SETOP,3,0),IF(GSJ29=\"CPU\",VLOOKUP(GSG29,COMPOSIÇÃO,2,0),VLOOKUP(GSG29,COTAÇÃO,3,0))))","v":"BOMBEIRO/ENCANADOR COM ENCARGOS COMPLEMENTARES"},null,"SETOP",{"$f":"IF(GSJ29=\"SINAPI\",VLOOKUP(GSG29,SINAPI,3,0),IF(GSJ29=\"SETOP\",VLOOKUP(GSG29,SETOP,4,0),IF(GSJ29=\"CPU\",VLOOKUP(GSG29,COMPOSIÇÃO,5,0),VLOOKUP(GSG29,COTAÇÃO,8,0))))","v":"HORA"},0.5,{"$f":"IF(GSJ29=\"SINAPI\",VLOOKUP(GSG29,SINAPI,4,0),IF(GSJ29=\"SETOP\",VLOOKUP(GSG29,SETOP,5,0),IF(GSJ29=\"CPU\",VLOOKUP(GSG29,COMPOSIÇÃO,8,0),VLOOKUP(GSG29,COTAÇÃO,11,0))))","v":19.149999999999999},{"$f":"GSL29*GSM29","v":9.5749999999999993},"ED-50374",{"$f":"IF(GSR29=\"SINAPI\",VLOOKUP(GSO29,SINAPI,2,0),IF(GSR29=\"SETOP\",VLOOKUP(GSO29,SETOP,3,0),IF(GSR29=\"CPU\",VLOOKUP(GSO29,COMPOSIÇÃO,2,0),VLOOKUP(GSO29,COTAÇÃO,3,0))))","v":"BOMBEIRO/ENCANADOR COM ENCARGOS COMPLEMENTARES"},null,"SETOP",{"$f":"IF(GSR29=\"SINAPI\",VLOOKUP(GSO29,SINAPI,3,0),IF(GSR29=\"SETOP\",VLOOKUP(GSO29,SETOP,4,0),IF(GSR29=\"CPU\",VLOOKUP(GSO29,COMPOSIÇÃO,5,0),VLOOKUP(GSO29,COTAÇÃO,8,0))))","v":"HORA"},0.5,{"$f":"IF(GSR29=\"SINAPI\",VLOOKUP(GSO29,SINAPI,4,0),IF(GSR29=\"SETOP\",VLOOKUP(GSO29,SETOP,5,0),IF(GSR29=\"CPU\",VLOOKUP(GSO29,COMPOSIÇÃO,8,0),VLOOKUP(GSO29,COTAÇÃO,11,0))))","v":19.149999999999999},{"$f":"GST29*GSU29","v":9.5749999999999993},"ED-50374",{"$f":"IF(GSZ29=\"SINAPI\",VLOOKUP(GSW29,SINAPI,2,0),IF(GSZ29=\"SETOP\",VLOOKUP(GSW29,SETOP,3,0),IF(GSZ29=\"CPU\",VLOOKUP(GSW29,COMPOSIÇÃO,2,0),VLOOKUP(GSW29,COTAÇÃO,3,0))))","v":"BOMBEIRO/ENCANADOR COM ENCARGOS COMPLEMENTARES"},null,"SETOP",{"$f":"IF(GSZ29=\"SINAPI\",VLOOKUP(GSW29,SINAPI,3,0),IF(GSZ29=\"SETOP\",VLOOKUP(GSW29,SETOP,4,0),IF(GSZ29=\"CPU\",VLOOKUP(GSW29,COMPOSIÇÃO,5,0),VLOOKUP(GSW29,COTAÇÃO,8,0))))","v":"HORA"},0.5,{"$f":"IF(GSZ29=\"SINAPI\",VLOOKUP(GSW29,SINAPI,4,0),IF(GSZ29=\"SETOP\",VLOOKUP(GSW29,SETOP,5,0),IF(GSZ29=\"CPU\",VLOOKUP(GSW29,COMPOSIÇÃO,8,0),VLOOKUP(GSW29,COTAÇÃO,11,0))))","v":19.149999999999999},{"$f":"GTB29*GTC29","v":9.5749999999999993},"ED-50374",{"$f":"IF(GTH29=\"SINAPI\",VLOOKUP(GTE29,SINAPI,2,0),IF(GTH29=\"SETOP\",VLOOKUP(GTE29,SETOP,3,0),IF(GTH29=\"CPU\",VLOOKUP(GTE29,COMPOSIÇÃO,2,0),VLOOKUP(GTE29,COTAÇÃO,3,0))))","v":"BOMBEIRO/ENCANADOR COM ENCARGOS COMPLEMENTARES"},null,"SETOP",{"$f":"IF(GTH29=\"SINAPI\",VLOOKUP(GTE29,SINAPI,3,0),IF(GTH29=\"SETOP\",VLOOKUP(GTE29,SETOP,4,0),IF(GTH29=\"CPU\",VLOOKUP(GTE29,COMPOSIÇÃO,5,0),VLOOKUP(GTE29,COTAÇÃO,8,0))))","v":"HORA"},0.5,{"$f":"IF(GTH29=\"SINAPI\",VLOOKUP(GTE29,SINAPI,4,0),IF(GTH29=\"SETOP\",VLOOKUP(GTE29,SETOP,5,0),IF(GTH29=\"CPU\",VLOOKUP(GTE29,COMPOSIÇÃO,8,0),VLOOKUP(GTE29,COTAÇÃO,11,0))))","v":19.149999999999999},{"$f":"GTJ29*GTK29","v":9.5749999999999993},"ED-50374",{"$f":"IF(GTP29=\"SINAPI\",VLOOKUP(GTM29,SINAPI,2,0),IF(GTP29=\"SETOP\",VLOOKUP(GTM29,SETOP,3,0),IF(GTP29=\"CPU\",VLOOKUP(GTM29,COMPOSIÇÃO,2,0),VLOOKUP(GTM29,COTAÇÃO,3,0))))","v":"BOMBEIRO/ENCANADOR COM ENCARGOS COMPLEMENTARES"},null,"SETOP",{"$f":"IF(GTP29=\"SINAPI\",VLOOKUP(GTM29,SINAPI,3,0),IF(GTP29=\"SETOP\",VLOOKUP(GTM29,SETOP,4,0),IF(GTP29=\"CPU\",VLOOKUP(GTM29,COMPOSIÇÃO,5,0),VLOOKUP(GTM29,COTAÇÃO,8,0))))","v":"HORA"},0.5,{"$f":"IF(GTP29=\"SINAPI\",VLOOKUP(GTM29,SINAPI,4,0),IF(GTP29=\"SETOP\",VLOOKUP(GTM29,SETOP,5,0),IF(GTP29=\"CPU\",VLOOKUP(GTM29,COMPOSIÇÃO,8,0),VLOOKUP(GTM29,COTAÇÃO,11,0))))","v":19.149999999999999},{"$f":"GTR29*GTS29","v":9.5749999999999993},"ED-50374",{"$f":"IF(GTX29=\"SINAPI\",VLOOKUP(GTU29,SINAPI,2,0),IF(GTX29=\"SETOP\",VLOOKUP(GTU29,SETOP,3,0),IF(GTX29=\"CPU\",VLOOKUP(GTU29,COMPOSIÇÃO,2,0),VLOOKUP(GTU29,COTAÇÃO,3,0))))","v":"BOMBEIRO/ENCANADOR COM ENCARGOS COMPLEMENTARES"},null,"SETOP",{"$f":"IF(GTX29=\"SINAPI\",VLOOKUP(GTU29,SINAPI,3,0),IF(GTX29=\"SETOP\",VLOOKUP(GTU29,SETOP,4,0),IF(GTX29=\"CPU\",VLOOKUP(GTU29,COMPOSIÇÃO,5,0),VLOOKUP(GTU29,COTAÇÃO,8,0))))","v":"HORA"},0.5,{"$f":"IF(GTX29=\"SINAPI\",VLOOKUP(GTU29,SINAPI,4,0),IF(GTX29=\"SETOP\",VLOOKUP(GTU29,SETOP,5,0),IF(GTX29=\"CPU\",VLOOKUP(GTU29,COMPOSIÇÃO,8,0),VLOOKUP(GTU29,COTAÇÃO,11,0))))","v":19.149999999999999},{"$f":"GTZ29*GUA29","v":9.5749999999999993},"ED-50374",{"$f":"IF(GUF29=\"SINAPI\",VLOOKUP(GUC29,SINAPI,2,0),IF(GUF29=\"SETOP\",VLOOKUP(GUC29,SETOP,3,0),IF(GUF29=\"CPU\",VLOOKUP(GUC29,COMPOSIÇÃO,2,0),VLOOKUP(GUC29,COTAÇÃO,3,0))))","v":"BOMBEIRO/ENCANADOR COM ENCARGOS COMPLEMENTARES"},null,"SETOP",{"$f":"IF(GUF29=\"SINAPI\",VLOOKUP(GUC29,SINAPI,3,0),IF(GUF29=\"SETOP\",VLOOKUP(GUC29,SETOP,4,0),IF(GUF29=\"CPU\",VLOOKUP(GUC29,COMPOSIÇÃO,5,0),VLOOKUP(GUC29,COTAÇÃO,8,0))))","v":"HORA"},0.5,{"$f":"IF(GUF29=\"SINAPI\",VLOOKUP(GUC29,SINAPI,4,0),IF(GUF29=\"SETOP\",VLOOKUP(GUC29,SETOP,5,0),IF(GUF29=\"CPU\",VLOOKUP(GUC29,COMPOSIÇÃO,8,0),VLOOKUP(GUC29,COTAÇÃO,11,0))))","v":19.149999999999999},{"$f":"GUH29*GUI29","v":9.5749999999999993},"ED-50374",{"$f":"IF(GUN29=\"SINAPI\",VLOOKUP(GUK29,SINAPI,2,0),IF(GUN29=\"SETOP\",VLOOKUP(GUK29,SETOP,3,0),IF(GUN29=\"CPU\",VLOOKUP(GUK29,COMPOSIÇÃO,2,0),VLOOKUP(GUK29,COTAÇÃO,3,0))))","v":"BOMBEIRO/ENCANADOR COM ENCARGOS COMPLEMENTARES"},null,"SETOP",{"$f":"IF(GUN29=\"SINAPI\",VLOOKUP(GUK29,SINAPI,3,0),IF(GUN29=\"SETOP\",VLOOKUP(GUK29,SETOP,4,0),IF(GUN29=\"CPU\",VLOOKUP(GUK29,COMPOSIÇÃO,5,0),VLOOKUP(GUK29,COTAÇÃO,8,0))))","v":"HORA"},0.5,{"$f":"IF(GUN29=\"SINAPI\",VLOOKUP(GUK29,SINAPI,4,0),IF(GUN29=\"SETOP\",VLOOKUP(GUK29,SETOP,5,0),IF(GUN29=\"CPU\",VLOOKUP(GUK29,COMPOSIÇÃO,8,0),VLOOKUP(GUK29,COTAÇÃO,11,0))))","v":19.149999999999999},{"$f":"GUP29*GUQ29","v":9.5749999999999993},"ED-50374",{"$f":"IF(GUV29=\"SINAPI\",VLOOKUP(GUS29,SINAPI,2,0),IF(GUV29=\"SETOP\",VLOOKUP(GUS29,SETOP,3,0),IF(GUV29=\"CPU\",VLOOKUP(GUS29,COMPOSIÇÃO,2,0),VLOOKUP(GUS29,COTAÇÃO,3,0))))","v":"BOMBEIRO/ENCANADOR COM ENCARGOS COMPLEMENTARES"},null,"SETOP",{"$f":"IF(GUV29=\"SINAPI\",VLOOKUP(GUS29,SINAPI,3,0),IF(GUV29=\"SETOP\",VLOOKUP(GUS29,SETOP,4,0),IF(GUV29=\"CPU\",VLOOKUP(GUS29,COMPOSIÇÃO,5,0),VLOOKUP(GUS29,COTAÇÃO,8,0))))","v":"HORA"},0.5,{"$f":"IF(GUV29=\"SINAPI\",VLOOKUP(GUS29,SINAPI,4,0),IF(GUV29=\"SETOP\",VLOOKUP(GUS29,SETOP,5,0),IF(GUV29=\"CPU\",VLOOKUP(GUS29,COMPOSIÇÃO,8,0),VLOOKUP(GUS29,COTAÇÃO,11,0))))","v":19.149999999999999},{"$f":"GUX29*GUY29","v":9.5749999999999993},"ED-50374",{"$f":"IF(GVD29=\"SINAPI\",VLOOKUP(GVA29,SINAPI,2,0),IF(GVD29=\"SETOP\",VLOOKUP(GVA29,SETOP,3,0),IF(GVD29=\"CPU\",VLOOKUP(GVA29,COMPOSIÇÃO,2,0),VLOOKUP(GVA29,COTAÇÃO,3,0))))","v":"BOMBEIRO/ENCANADOR COM ENCARGOS COMPLEMENTARES"},null,"SETOP",{"$f":"IF(GVD29=\"SINAPI\",VLOOKUP(GVA29,SINAPI,3,0),IF(GVD29=\"SETOP\",VLOOKUP(GVA29,SETOP,4,0),IF(GVD29=\"CPU\",VLOOKUP(GVA29,COMPOSIÇÃO,5,0),VLOOKUP(GVA29,COTAÇÃO,8,0))))","v":"HORA"},0.5,{"$f":"IF(GVD29=\"SINAPI\",VLOOKUP(GVA29,SINAPI,4,0),IF(GVD29=\"SETOP\",VLOOKUP(GVA29,SETOP,5,0),IF(GVD29=\"CPU\",VLOOKUP(GVA29,COMPOSIÇÃO,8,0),VLOOKUP(GVA29,COTAÇÃO,11,0))))","v":19.149999999999999},{"$f":"GVF29*GVG29","v":9.5749999999999993},"ED-50374",{"$f":"IF(GVL29=\"SINAPI\",VLOOKUP(GVI29,SINAPI,2,0),IF(GVL29=\"SETOP\",VLOOKUP(GVI29,SETOP,3,0),IF(GVL29=\"CPU\",VLOOKUP(GVI29,COMPOSIÇÃO,2,0),VLOOKUP(GVI29,COTAÇÃO,3,0))))","v":"BOMBEIRO/ENCANADOR COM ENCARGOS COMPLEMENTARES"},null,"SETOP",{"$f":"IF(GVL29=\"SINAPI\",VLOOKUP(GVI29,SINAPI,3,0),IF(GVL29=\"SETOP\",VLOOKUP(GVI29,SETOP,4,0),IF(GVL29=\"CPU\",VLOOKUP(GVI29,COMPOSIÇÃO,5,0),VLOOKUP(GVI29,COTAÇÃO,8,0))))","v":"HORA"},0.5,{"$f":"IF(GVL29=\"SINAPI\",VLOOKUP(GVI29,SINAPI,4,0),IF(GVL29=\"SETOP\",VLOOKUP(GVI29,SETOP,5,0),IF(GVL29=\"CPU\",VLOOKUP(GVI29,COMPOSIÇÃO,8,0),VLOOKUP(GVI29,COTAÇÃO,11,0))))","v":19.149999999999999},{"$f":"GVN29*GVO29","v":9.5749999999999993},"ED-50374",{"$f":"IF(GVT29=\"SINAPI\",VLOOKUP(GVQ29,SINAPI,2,0),IF(GVT29=\"SETOP\",VLOOKUP(GVQ29,SETOP,3,0),IF(GVT29=\"CPU\",VLOOKUP(GVQ29,COMPOSIÇÃO,2,0),VLOOKUP(GVQ29,COTAÇÃO,3,0))))","v":"BOMBEIRO/ENCANADOR COM ENCARGOS COMPLEMENTARES"},null,"SETOP",{"$f":"IF(GVT29=\"SINAPI\",VLOOKUP(GVQ29,SINAPI,3,0),IF(GVT29=\"SETOP\",VLOOKUP(GVQ29,SETOP,4,0),IF(GVT29=\"CPU\",VLOOKUP(GVQ29,COMPOSIÇÃO,5,0),VLOOKUP(GVQ29,COTAÇÃO,8,0))))","v":"HORA"},0.5,{"$f":"IF(GVT29=\"SINAPI\",VLOOKUP(GVQ29,SINAPI,4,0),IF(GVT29=\"SETOP\",VLOOKUP(GVQ29,SETOP,5,0),IF(GVT29=\"CPU\",VLOOKUP(GVQ29,COMPOSIÇÃO,8,0),VLOOKUP(GVQ29,COTAÇÃO,11,0))))","v":19.149999999999999},{"$f":"GVV29*GVW29","v":9.5749999999999993},"ED-50374",{"$f":"IF(GWB29=\"SINAPI\",VLOOKUP(GVY29,SINAPI,2,0),IF(GWB29=\"SETOP\",VLOOKUP(GVY29,SETOP,3,0),IF(GWB29=\"CPU\",VLOOKUP(GVY29,COMPOSIÇÃO,2,0),VLOOKUP(GVY29,COTAÇÃO,3,0))))","v":"BOMBEIRO/ENCANADOR COM ENCARGOS COMPLEMENTARES"},null,"SETOP",{"$f":"IF(GWB29=\"SINAPI\",VLOOKUP(GVY29,SINAPI,3,0),IF(GWB29=\"SETOP\",VLOOKUP(GVY29,SETOP,4,0),IF(GWB29=\"CPU\",VLOOKUP(GVY29,COMPOSIÇÃO,5,0),VLOOKUP(GVY29,COTAÇÃO,8,0))))","v":"HORA"},0.5,{"$f":"IF(GWB29=\"SINAPI\",VLOOKUP(GVY29,SINAPI,4,0),IF(GWB29=\"SETOP\",VLOOKUP(GVY29,SETOP,5,0),IF(GWB29=\"CPU\",VLOOKUP(GVY29,COMPOSIÇÃO,8,0),VLOOKUP(GVY29,COTAÇÃO,11,0))))","v":19.149999999999999},{"$f":"GWD29*GWE29","v":9.5749999999999993},"ED-50374",{"$f":"IF(GWJ29=\"SINAPI\",VLOOKUP(GWG29,SINAPI,2,0),IF(GWJ29=\"SETOP\",VLOOKUP(GWG29,SETOP,3,0),IF(GWJ29=\"CPU\",VLOOKUP(GWG29,COMPOSIÇÃO,2,0),VLOOKUP(GWG29,COTAÇÃO,3,0))))","v":"BOMBEIRO/ENCANADOR COM ENCARGOS COMPLEMENTARES"},null,"SETOP",{"$f":"IF(GWJ29=\"SINAPI\",VLOOKUP(GWG29,SINAPI,3,0),IF(GWJ29=\"SETOP\",VLOOKUP(GWG29,SETOP,4,0),IF(GWJ29=\"CPU\",VLOOKUP(GWG29,COMPOSIÇÃO,5,0),VLOOKUP(GWG29,COTAÇÃO,8,0))))","v":"HORA"},0.5,{"$f":"IF(GWJ29=\"SINAPI\",VLOOKUP(GWG29,SINAPI,4,0),IF(GWJ29=\"SETOP\",VLOOKUP(GWG29,SETOP,5,0),IF(GWJ29=\"CPU\",VLOOKUP(GWG29,COMPOSIÇÃO,8,0),VLOOKUP(GWG29,COTAÇÃO,11,0))))","v":19.149999999999999},{"$f":"GWL29*GWM29","v":9.5749999999999993},"ED-50374",{"$f":"IF(GWR29=\"SINAPI\",VLOOKUP(GWO29,SINAPI,2,0),IF(GWR29=\"SETOP\",VLOOKUP(GWO29,SETOP,3,0),IF(GWR29=\"CPU\",VLOOKUP(GWO29,COMPOSIÇÃO,2,0),VLOOKUP(GWO29,COTAÇÃO,3,0))))","v":"BOMBEIRO/ENCANADOR COM ENCARGOS COMPLEMENTARES"},null,"SETOP",{"$f":"IF(GWR29=\"SINAPI\",VLOOKUP(GWO29,SINAPI,3,0),IF(GWR29=\"SETOP\",VLOOKUP(GWO29,SETOP,4,0),IF(GWR29=\"CPU\",VLOOKUP(GWO29,COMPOSIÇÃO,5,0),VLOOKUP(GWO29,COTAÇÃO,8,0))))","v":"HORA"},0.5,{"$f":"IF(GWR29=\"SINAPI\",VLOOKUP(GWO29,SINAPI,4,0),IF(GWR29=\"SETOP\",VLOOKUP(GWO29,SETOP,5,0),IF(GWR29=\"CPU\",VLOOKUP(GWO29,COMPOSIÇÃO,8,0),VLOOKUP(GWO29,COTAÇÃO,11,0))))","v":19.149999999999999},{"$f":"GWT29*GWU29","v":9.5749999999999993},"ED-50374",{"$f":"IF(GWZ29=\"SINAPI\",VLOOKUP(GWW29,SINAPI,2,0),IF(GWZ29=\"SETOP\",VLOOKUP(GWW29,SETOP,3,0),IF(GWZ29=\"CPU\",VLOOKUP(GWW29,COMPOSIÇÃO,2,0),VLOOKUP(GWW29,COTAÇÃO,3,0))))","v":"BOMBEIRO/ENCANADOR COM ENCARGOS COMPLEMENTARES"},null,"SETOP",{"$f":"IF(GWZ29=\"SINAPI\",VLOOKUP(GWW29,SINAPI,3,0),IF(GWZ29=\"SETOP\",VLOOKUP(GWW29,SETOP,4,0),IF(GWZ29=\"CPU\",VLOOKUP(GWW29,COMPOSIÇÃO,5,0),VLOOKUP(GWW29,COTAÇÃO,8,0))))","v":"HORA"},0.5,{"$f":"IF(GWZ29=\"SINAPI\",VLOOKUP(GWW29,SINAPI,4,0),IF(GWZ29=\"SETOP\",VLOOKUP(GWW29,SETOP,5,0),IF(GWZ29=\"CPU\",VLOOKUP(GWW29,COMPOSIÇÃO,8,0),VLOOKUP(GWW29,COTAÇÃO,11,0))))","v":19.149999999999999},{"$f":"GXB29*GXC29","v":9.5749999999999993},"ED-50374",{"$f":"IF(GXH29=\"SINAPI\",VLOOKUP(GXE29,SINAPI,2,0),IF(GXH29=\"SETOP\",VLOOKUP(GXE29,SETOP,3,0),IF(GXH29=\"CPU\",VLOOKUP(GXE29,COMPOSIÇÃO,2,0),VLOOKUP(GXE29,COTAÇÃO,3,0))))","v":"BOMBEIRO/ENCANADOR COM ENCARGOS COMPLEMENTARES"},null,"SETOP",{"$f":"IF(GXH29=\"SINAPI\",VLOOKUP(GXE29,SINAPI,3,0),IF(GXH29=\"SETOP\",VLOOKUP(GXE29,SETOP,4,0),IF(GXH29=\"CPU\",VLOOKUP(GXE29,COMPOSIÇÃO,5,0),VLOOKUP(GXE29,COTAÇÃO,8,0))))","v":"HORA"},0.5,{"$f":"IF(GXH29=\"SINAPI\",VLOOKUP(GXE29,SINAPI,4,0),IF(GXH29=\"SETOP\",VLOOKUP(GXE29,SETOP,5,0),IF(GXH29=\"CPU\",VLOOKUP(GXE29,COMPOSIÇÃO,8,0),VLOOKUP(GXE29,COTAÇÃO,11,0))))","v":19.149999999999999},{"$f":"GXJ29*GXK29","v":9.5749999999999993},"ED-50374",{"$f":"IF(GXP29=\"SINAPI\",VLOOKUP(GXM29,SINAPI,2,0),IF(GXP29=\"SETOP\",VLOOKUP(GXM29,SETOP,3,0),IF(GXP29=\"CPU\",VLOOKUP(GXM29,COMPOSIÇÃO,2,0),VLOOKUP(GXM29,COTAÇÃO,3,0))))","v":"BOMBEIRO/ENCANADOR COM ENCARGOS COMPLEMENTARES"},null,"SETOP",{"$f":"IF(GXP29=\"SINAPI\",VLOOKUP(GXM29,SINAPI,3,0),IF(GXP29=\"SETOP\",VLOOKUP(GXM29,SETOP,4,0),IF(GXP29=\"CPU\",VLOOKUP(GXM29,COMPOSIÇÃO,5,0),VLOOKUP(GXM29,COTAÇÃO,8,0))))","v":"HORA"},0.5,{"$f":"IF(GXP29=\"SINAPI\",VLOOKUP(GXM29,SINAPI,4,0),IF(GXP29=\"SETOP\",VLOOKUP(GXM29,SETOP,5,0),IF(GXP29=\"CPU\",VLOOKUP(GXM29,COMPOSIÇÃO,8,0),VLOOKUP(GXM29,COTAÇÃO,11,0))))","v":19.149999999999999},{"$f":"GXR29*GXS29","v":9.5749999999999993},"ED-50374",{"$f":"IF(GXX29=\"SINAPI\",VLOOKUP(GXU29,SINAPI,2,0),IF(GXX29=\"SETOP\",VLOOKUP(GXU29,SETOP,3,0),IF(GXX29=\"CPU\",VLOOKUP(GXU29,COMPOSIÇÃO,2,0),VLOOKUP(GXU29,COTAÇÃO,3,0))))","v":"BOMBEIRO/ENCANADOR COM ENCARGOS COMPLEMENTARES"},null,"SETOP",{"$f":"IF(GXX29=\"SINAPI\",VLOOKUP(GXU29,SINAPI,3,0),IF(GXX29=\"SETOP\",VLOOKUP(GXU29,SETOP,4,0),IF(GXX29=\"CPU\",VLOOKUP(GXU29,COMPOSIÇÃO,5,0),VLOOKUP(GXU29,COTAÇÃO,8,0))))","v":"HORA"},0.5,{"$f":"IF(GXX29=\"SINAPI\",VLOOKUP(GXU29,SINAPI,4,0),IF(GXX29=\"SETOP\",VLOOKUP(GXU29,SETOP,5,0),IF(GXX29=\"CPU\",VLOOKUP(GXU29,COMPOSIÇÃO,8,0),VLOOKUP(GXU29,COTAÇÃO,11,0))))","v":19.149999999999999},{"$f":"GXZ29*GYA29","v":9.5749999999999993},"ED-50374",{"$f":"IF(GYF29=\"SINAPI\",VLOOKUP(GYC29,SINAPI,2,0),IF(GYF29=\"SETOP\",VLOOKUP(GYC29,SETOP,3,0),IF(GYF29=\"CPU\",VLOOKUP(GYC29,COMPOSIÇÃO,2,0),VLOOKUP(GYC29,COTAÇÃO,3,0))))","v":"BOMBEIRO/ENCANADOR COM ENCARGOS COMPLEMENTARES"},null,"SETOP",{"$f":"IF(GYF29=\"SINAPI\",VLOOKUP(GYC29,SINAPI,3,0),IF(GYF29=\"SETOP\",VLOOKUP(GYC29,SETOP,4,0),IF(GYF29=\"CPU\",VLOOKUP(GYC29,COMPOSIÇÃO,5,0),VLOOKUP(GYC29,COTAÇÃO,8,0))))","v":"HORA"},0.5,{"$f":"IF(GYF29=\"SINAPI\",VLOOKUP(GYC29,SINAPI,4,0),IF(GYF29=\"SETOP\",VLOOKUP(GYC29,SETOP,5,0),IF(GYF29=\"CPU\",VLOOKUP(GYC29,COMPOSIÇÃO,8,0),VLOOKUP(GYC29,COTAÇÃO,11,0))))","v":19.149999999999999},{"$f":"GYH29*GYI29","v":9.5749999999999993},"ED-50374",{"$f":"IF(GYN29=\"SINAPI\",VLOOKUP(GYK29,SINAPI,2,0),IF(GYN29=\"SETOP\",VLOOKUP(GYK29,SETOP,3,0),IF(GYN29=\"CPU\",VLOOKUP(GYK29,COMPOSIÇÃO,2,0),VLOOKUP(GYK29,COTAÇÃO,3,0))))","v":"BOMBEIRO/ENCANADOR COM ENCARGOS COMPLEMENTARES"},null,"SETOP",{"$f":"IF(GYN29=\"SINAPI\",VLOOKUP(GYK29,SINAPI,3,0),IF(GYN29=\"SETOP\",VLOOKUP(GYK29,SETOP,4,0),IF(GYN29=\"CPU\",VLOOKUP(GYK29,COMPOSIÇÃO,5,0),VLOOKUP(GYK29,COTAÇÃO,8,0))))","v":"HORA"},0.5,{"$f":"IF(GYN29=\"SINAPI\",VLOOKUP(GYK29,SINAPI,4,0),IF(GYN29=\"SETOP\",VLOOKUP(GYK29,SETOP,5,0),IF(GYN29=\"CPU\",VLOOKUP(GYK29,COMPOSIÇÃO,8,0),VLOOKUP(GYK29,COTAÇÃO,11,0))))","v":19.149999999999999},{"$f":"GYP29*GYQ29","v":9.5749999999999993},"ED-50374",{"$f":"IF(GYV29=\"SINAPI\",VLOOKUP(GYS29,SINAPI,2,0),IF(GYV29=\"SETOP\",VLOOKUP(GYS29,SETOP,3,0),IF(GYV29=\"CPU\",VLOOKUP(GYS29,COMPOSIÇÃO,2,0),VLOOKUP(GYS29,COTAÇÃO,3,0))))","v":"BOMBEIRO/ENCANADOR COM ENCARGOS COMPLEMENTARES"},null,"SETOP",{"$f":"IF(GYV29=\"SINAPI\",VLOOKUP(GYS29,SINAPI,3,0),IF(GYV29=\"SETOP\",VLOOKUP(GYS29,SETOP,4,0),IF(GYV29=\"CPU\",VLOOKUP(GYS29,COMPOSIÇÃO,5,0),VLOOKUP(GYS29,COTAÇÃO,8,0))))","v":"HORA"},0.5,{"$f":"IF(GYV29=\"SINAPI\",VLOOKUP(GYS29,SINAPI,4,0),IF(GYV29=\"SETOP\",VLOOKUP(GYS29,SETOP,5,0),IF(GYV29=\"CPU\",VLOOKUP(GYS29,COMPOSIÇÃO,8,0),VLOOKUP(GYS29,COTAÇÃO,11,0))))","v":19.149999999999999},{"$f":"GYX29*GYY29","v":9.5749999999999993},"ED-50374",{"$f":"IF(GZD29=\"SINAPI\",VLOOKUP(GZA29,SINAPI,2,0),IF(GZD29=\"SETOP\",VLOOKUP(GZA29,SETOP,3,0),IF(GZD29=\"CPU\",VLOOKUP(GZA29,COMPOSIÇÃO,2,0),VLOOKUP(GZA29,COTAÇÃO,3,0))))","v":"BOMBEIRO/ENCANADOR COM ENCARGOS COMPLEMENTARES"},null,"SETOP",{"$f":"IF(GZD29=\"SINAPI\",VLOOKUP(GZA29,SINAPI,3,0),IF(GZD29=\"SETOP\",VLOOKUP(GZA29,SETOP,4,0),IF(GZD29=\"CPU\",VLOOKUP(GZA29,COMPOSIÇÃO,5,0),VLOOKUP(GZA29,COTAÇÃO,8,0))))","v":"HORA"},0.5,{"$f":"IF(GZD29=\"SINAPI\",VLOOKUP(GZA29,SINAPI,4,0),IF(GZD29=\"SETOP\",VLOOKUP(GZA29,SETOP,5,0),IF(GZD29=\"CPU\",VLOOKUP(GZA29,COMPOSIÇÃO,8,0),VLOOKUP(GZA29,COTAÇÃO,11,0))))","v":19.149999999999999},{"$f":"GZF29*GZG29","v":9.5749999999999993},"ED-50374",{"$f":"IF(GZL29=\"SINAPI\",VLOOKUP(GZI29,SINAPI,2,0),IF(GZL29=\"SETOP\",VLOOKUP(GZI29,SETOP,3,0),IF(GZL29=\"CPU\",VLOOKUP(GZI29,COMPOSIÇÃO,2,0),VLOOKUP(GZI29,COTAÇÃO,3,0))))","v":"BOMBEIRO/ENCANADOR COM ENCARGOS COMPLEMENTARES"},null,"SETOP",{"$f":"IF(GZL29=\"SINAPI\",VLOOKUP(GZI29,SINAPI,3,0),IF(GZL29=\"SETOP\",VLOOKUP(GZI29,SETOP,4,0),IF(GZL29=\"CPU\",VLOOKUP(GZI29,COMPOSIÇÃO,5,0),VLOOKUP(GZI29,COTAÇÃO,8,0))))","v":"HORA"},0.5,{"$f":"IF(GZL29=\"SINAPI\",VLOOKUP(GZI29,SINAPI,4,0),IF(GZL29=\"SETOP\",VLOOKUP(GZI29,SETOP,5,0),IF(GZL29=\"CPU\",VLOOKUP(GZI29,COMPOSIÇÃO,8,0),VLOOKUP(GZI29,COTAÇÃO,11,0))))","v":19.149999999999999},{"$f":"GZN29*GZO29","v":9.5749999999999993},"ED-50374",{"$f":"IF(GZT29=\"SINAPI\",VLOOKUP(GZQ29,SINAPI,2,0),IF(GZT29=\"SETOP\",VLOOKUP(GZQ29,SETOP,3,0),IF(GZT29=\"CPU\",VLOOKUP(GZQ29,COMPOSIÇÃO,2,0),VLOOKUP(GZQ29,COTAÇÃO,3,0))))","v":"BOMBEIRO/ENCANADOR COM ENCARGOS COMPLEMENTARES"},null,"SETOP",{"$f":"IF(GZT29=\"SINAPI\",VLOOKUP(GZQ29,SINAPI,3,0),IF(GZT29=\"SETOP\",VLOOKUP(GZQ29,SETOP,4,0),IF(GZT29=\"CPU\",VLOOKUP(GZQ29,COMPOSIÇÃO,5,0),VLOOKUP(GZQ29,COTAÇÃO,8,0))))","v":"HORA"},0.5,{"$f":"IF(GZT29=\"SINAPI\",VLOOKUP(GZQ29,SINAPI,4,0),IF(GZT29=\"SETOP\",VLOOKUP(GZQ29,SETOP,5,0),IF(GZT29=\"CPU\",VLOOKUP(GZQ29,COMPOSIÇÃO,8,0),VLOOKUP(GZQ29,COTAÇÃO,11,0))))","v":19.149999999999999},{"$f":"GZV29*GZW29","v":9.5749999999999993},"ED-50374",{"$f":"IF(HAB29=\"SINAPI\",VLOOKUP(GZY29,SINAPI,2,0),IF(HAB29=\"SETOP\",VLOOKUP(GZY29,SETOP,3,0),IF(HAB29=\"CPU\",VLOOKUP(GZY29,COMPOSIÇÃO,2,0),VLOOKUP(GZY29,COTAÇÃO,3,0))))","v":"BOMBEIRO/ENCANADOR COM ENCARGOS COMPLEMENTARES"},null,"SETOP",{"$f":"IF(HAB29=\"SINAPI\",VLOOKUP(GZY29,SINAPI,3,0),IF(HAB29=\"SETOP\",VLOOKUP(GZY29,SETOP,4,0),IF(HAB29=\"CPU\",VLOOKUP(GZY29,COMPOSIÇÃO,5,0),VLOOKUP(GZY29,COTAÇÃO,8,0))))","v":"HORA"},0.5,{"$f":"IF(HAB29=\"SINAPI\",VLOOKUP(GZY29,SINAPI,4,0),IF(HAB29=\"SETOP\",VLOOKUP(GZY29,SETOP,5,0),IF(HAB29=\"CPU\",VLOOKUP(GZY29,COMPOSIÇÃO,8,0),VLOOKUP(GZY29,COTAÇÃO,11,0))))","v":19.149999999999999},{"$f":"HAD29*HAE29","v":9.5749999999999993},"ED-50374",{"$f":"IF(HAJ29=\"SINAPI\",VLOOKUP(HAG29,SINAPI,2,0),IF(HAJ29=\"SETOP\",VLOOKUP(HAG29,SETOP,3,0),IF(HAJ29=\"CPU\",VLOOKUP(HAG29,COMPOSIÇÃO,2,0),VLOOKUP(HAG29,COTAÇÃO,3,0))))","v":"BOMBEIRO/ENCANADOR COM ENCARGOS COMPLEMENTARES"},null,"SETOP",{"$f":"IF(HAJ29=\"SINAPI\",VLOOKUP(HAG29,SINAPI,3,0),IF(HAJ29=\"SETOP\",VLOOKUP(HAG29,SETOP,4,0),IF(HAJ29=\"CPU\",VLOOKUP(HAG29,COMPOSIÇÃO,5,0),VLOOKUP(HAG29,COTAÇÃO,8,0))))","v":"HORA"},0.5,{"$f":"IF(HAJ29=\"SINAPI\",VLOOKUP(HAG29,SINAPI,4,0),IF(HAJ29=\"SETOP\",VLOOKUP(HAG29,SETOP,5,0),IF(HAJ29=\"CPU\",VLOOKUP(HAG29,COMPOSIÇÃO,8,0),VLOOKUP(HAG29,COTAÇÃO,11,0))))","v":19.149999999999999},{"$f":"HAL29*HAM29","v":9.5749999999999993},"ED-50374",{"$f":"IF(HAR29=\"SINAPI\",VLOOKUP(HAO29,SINAPI,2,0),IF(HAR29=\"SETOP\",VLOOKUP(HAO29,SETOP,3,0),IF(HAR29=\"CPU\",VLOOKUP(HAO29,COMPOSIÇÃO,2,0),VLOOKUP(HAO29,COTAÇÃO,3,0))))","v":"BOMBEIRO/ENCANADOR COM ENCARGOS COMPLEMENTARES"},null,"SETOP",{"$f":"IF(HAR29=\"SINAPI\",VLOOKUP(HAO29,SINAPI,3,0),IF(HAR29=\"SETOP\",VLOOKUP(HAO29,SETOP,4,0),IF(HAR29=\"CPU\",VLOOKUP(HAO29,COMPOSIÇÃO,5,0),VLOOKUP(HAO29,COTAÇÃO,8,0))))","v":"HORA"},0.5,{"$f":"IF(HAR29=\"SINAPI\",VLOOKUP(HAO29,SINAPI,4,0),IF(HAR29=\"SETOP\",VLOOKUP(HAO29,SETOP,5,0),IF(HAR29=\"CPU\",VLOOKUP(HAO29,COMPOSIÇÃO,8,0),VLOOKUP(HAO29,COTAÇÃO,11,0))))","v":19.149999999999999},{"$f":"HAT29*HAU29","v":9.5749999999999993},"ED-50374",{"$f":"IF(HAZ29=\"SINAPI\",VLOOKUP(HAW29,SINAPI,2,0),IF(HAZ29=\"SETOP\",VLOOKUP(HAW29,SETOP,3,0),IF(HAZ29=\"CPU\",VLOOKUP(HAW29,COMPOSIÇÃO,2,0),VLOOKUP(HAW29,COTAÇÃO,3,0))))","v":"BOMBEIRO/ENCANADOR COM ENCARGOS COMPLEMENTARES"},null,"SETOP",{"$f":"IF(HAZ29=\"SINAPI\",VLOOKUP(HAW29,SINAPI,3,0),IF(HAZ29=\"SETOP\",VLOOKUP(HAW29,SETOP,4,0),IF(HAZ29=\"CPU\",VLOOKUP(HAW29,COMPOSIÇÃO,5,0),VLOOKUP(HAW29,COTAÇÃO,8,0))))","v":"HORA"},0.5,{"$f":"IF(HAZ29=\"SINAPI\",VLOOKUP(HAW29,SINAPI,4,0),IF(HAZ29=\"SETOP\",VLOOKUP(HAW29,SETOP,5,0),IF(HAZ29=\"CPU\",VLOOKUP(HAW29,COMPOSIÇÃO,8,0),VLOOKUP(HAW29,COTAÇÃO,11,0))))","v":19.149999999999999},{"$f":"HBB29*HBC29","v":9.5749999999999993},"ED-50374",{"$f":"IF(HBH29=\"SINAPI\",VLOOKUP(HBE29,SINAPI,2,0),IF(HBH29=\"SETOP\",VLOOKUP(HBE29,SETOP,3,0),IF(HBH29=\"CPU\",VLOOKUP(HBE29,COMPOSIÇÃO,2,0),VLOOKUP(HBE29,COTAÇÃO,3,0))))","v":"BOMBEIRO/ENCANADOR COM ENCARGOS COMPLEMENTARES"},null,"SETOP",{"$f":"IF(HBH29=\"SINAPI\",VLOOKUP(HBE29,SINAPI,3,0),IF(HBH29=\"SETOP\",VLOOKUP(HBE29,SETOP,4,0),IF(HBH29=\"CPU\",VLOOKUP(HBE29,COMPOSIÇÃO,5,0),VLOOKUP(HBE29,COTAÇÃO,8,0))))","v":"HORA"},0.5,{"$f":"IF(HBH29=\"SINAPI\",VLOOKUP(HBE29,SINAPI,4,0),IF(HBH29=\"SETOP\",VLOOKUP(HBE29,SETOP,5,0),IF(HBH29=\"CPU\",VLOOKUP(HBE29,COMPOSIÇÃO,8,0),VLOOKUP(HBE29,COTAÇÃO,11,0))))","v":19.149999999999999},{"$f":"HBJ29*HBK29","v":9.5749999999999993},"ED-50374",{"$f":"IF(HBP29=\"SINAPI\",VLOOKUP(HBM29,SINAPI,2,0),IF(HBP29=\"SETOP\",VLOOKUP(HBM29,SETOP,3,0),IF(HBP29=\"CPU\",VLOOKUP(HBM29,COMPOSIÇÃO,2,0),VLOOKUP(HBM29,COTAÇÃO,3,0))))","v":"BOMBEIRO/ENCANADOR COM ENCARGOS COMPLEMENTARES"},null,"SETOP",{"$f":"IF(HBP29=\"SINAPI\",VLOOKUP(HBM29,SINAPI,3,0),IF(HBP29=\"SETOP\",VLOOKUP(HBM29,SETOP,4,0),IF(HBP29=\"CPU\",VLOOKUP(HBM29,COMPOSIÇÃO,5,0),VLOOKUP(HBM29,COTAÇÃO,8,0))))","v":"HORA"},0.5,{"$f":"IF(HBP29=\"SINAPI\",VLOOKUP(HBM29,SINAPI,4,0),IF(HBP29=\"SETOP\",VLOOKUP(HBM29,SETOP,5,0),IF(HBP29=\"CPU\",VLOOKUP(HBM29,COMPOSIÇÃO,8,0),VLOOKUP(HBM29,COTAÇÃO,11,0))))","v":19.149999999999999},{"$f":"HBR29*HBS29","v":9.5749999999999993},"ED-50374",{"$f":"IF(HBX29=\"SINAPI\",VLOOKUP(HBU29,SINAPI,2,0),IF(HBX29=\"SETOP\",VLOOKUP(HBU29,SETOP,3,0),IF(HBX29=\"CPU\",VLOOKUP(HBU29,COMPOSIÇÃO,2,0),VLOOKUP(HBU29,COTAÇÃO,3,0))))","v":"BOMBEIRO/ENCANADOR COM ENCARGOS COMPLEMENTARES"},null,"SETOP",{"$f":"IF(HBX29=\"SINAPI\",VLOOKUP(HBU29,SINAPI,3,0),IF(HBX29=\"SETOP\",VLOOKUP(HBU29,SETOP,4,0),IF(HBX29=\"CPU\",VLOOKUP(HBU29,COMPOSIÇÃO,5,0),VLOOKUP(HBU29,COTAÇÃO,8,0))))","v":"HORA"},0.5,{"$f":"IF(HBX29=\"SINAPI\",VLOOKUP(HBU29,SINAPI,4,0),IF(HBX29=\"SETOP\",VLOOKUP(HBU29,SETOP,5,0),IF(HBX29=\"CPU\",VLOOKUP(HBU29,COMPOSIÇÃO,8,0),VLOOKUP(HBU29,COTAÇÃO,11,0))))","v":19.149999999999999},{"$f":"HBZ29*HCA29","v":9.5749999999999993},"ED-50374",{"$f":"IF(HCF29=\"SINAPI\",VLOOKUP(HCC29,SINAPI,2,0),IF(HCF29=\"SETOP\",VLOOKUP(HCC29,SETOP,3,0),IF(HCF29=\"CPU\",VLOOKUP(HCC29,COMPOSIÇÃO,2,0),VLOOKUP(HCC29,COTAÇÃO,3,0))))","v":"BOMBEIRO/ENCANADOR COM ENCARGOS COMPLEMENTARES"},null,"SETOP",{"$f":"IF(HCF29=\"SINAPI\",VLOOKUP(HCC29,SINAPI,3,0),IF(HCF29=\"SETOP\",VLOOKUP(HCC29,SETOP,4,0),IF(HCF29=\"CPU\",VLOOKUP(HCC29,COMPOSIÇÃO,5,0),VLOOKUP(HCC29,COTAÇÃO,8,0))))","v":"HORA"},0.5,{"$f":"IF(HCF29=\"SINAPI\",VLOOKUP(HCC29,SINAPI,4,0),IF(HCF29=\"SETOP\",VLOOKUP(HCC29,SETOP,5,0),IF(HCF29=\"CPU\",VLOOKUP(HCC29,COMPOSIÇÃO,8,0),VLOOKUP(HCC29,COTAÇÃO,11,0))))","v":19.149999999999999},{"$f":"HCH29*HCI29","v":9.5749999999999993},"ED-50374",{"$f":"IF(HCN29=\"SINAPI\",VLOOKUP(HCK29,SINAPI,2,0),IF(HCN29=\"SETOP\",VLOOKUP(HCK29,SETOP,3,0),IF(HCN29=\"CPU\",VLOOKUP(HCK29,COMPOSIÇÃO,2,0),VLOOKUP(HCK29,COTAÇÃO,3,0))))","v":"BOMBEIRO/ENCANADOR COM ENCARGOS COMPLEMENTARES"},null,"SETOP",{"$f":"IF(HCN29=\"SINAPI\",VLOOKUP(HCK29,SINAPI,3,0),IF(HCN29=\"SETOP\",VLOOKUP(HCK29,SETOP,4,0),IF(HCN29=\"CPU\",VLOOKUP(HCK29,COMPOSIÇÃO,5,0),VLOOKUP(HCK29,COTAÇÃO,8,0))))","v":"HORA"},0.5,{"$f":"IF(HCN29=\"SINAPI\",VLOOKUP(HCK29,SINAPI,4,0),IF(HCN29=\"SETOP\",VLOOKUP(HCK29,SETOP,5,0),IF(HCN29=\"CPU\",VLOOKUP(HCK29,COMPOSIÇÃO,8,0),VLOOKUP(HCK29,COTAÇÃO,11,0))))","v":19.149999999999999},{"$f":"HCP29*HCQ29","v":9.5749999999999993},"ED-50374",{"$f":"IF(HCV29=\"SINAPI\",VLOOKUP(HCS29,SINAPI,2,0),IF(HCV29=\"SETOP\",VLOOKUP(HCS29,SETOP,3,0),IF(HCV29=\"CPU\",VLOOKUP(HCS29,COMPOSIÇÃO,2,0),VLOOKUP(HCS29,COTAÇÃO,3,0))))","v":"BOMBEIRO/ENCANADOR COM ENCARGOS COMPLEMENTARES"},null,"SETOP",{"$f":"IF(HCV29=\"SINAPI\",VLOOKUP(HCS29,SINAPI,3,0),IF(HCV29=\"SETOP\",VLOOKUP(HCS29,SETOP,4,0),IF(HCV29=\"CPU\",VLOOKUP(HCS29,COMPOSIÇÃO,5,0),VLOOKUP(HCS29,COTAÇÃO,8,0))))","v":"HORA"},0.5,{"$f":"IF(HCV29=\"SINAPI\",VLOOKUP(HCS29,SINAPI,4,0),IF(HCV29=\"SETOP\",VLOOKUP(HCS29,SETOP,5,0),IF(HCV29=\"CPU\",VLOOKUP(HCS29,COMPOSIÇÃO,8,0),VLOOKUP(HCS29,COTAÇÃO,11,0))))","v":19.149999999999999},{"$f":"HCX29*HCY29","v":9.5749999999999993},"ED-50374",{"$f":"IF(HDD29=\"SINAPI\",VLOOKUP(HDA29,SINAPI,2,0),IF(HDD29=\"SETOP\",VLOOKUP(HDA29,SETOP,3,0),IF(HDD29=\"CPU\",VLOOKUP(HDA29,COMPOSIÇÃO,2,0),VLOOKUP(HDA29,COTAÇÃO,3,0))))","v":"BOMBEIRO/ENCANADOR COM ENCARGOS COMPLEMENTARES"},null,"SETOP",{"$f":"IF(HDD29=\"SINAPI\",VLOOKUP(HDA29,SINAPI,3,0),IF(HDD29=\"SETOP\",VLOOKUP(HDA29,SETOP,4,0),IF(HDD29=\"CPU\",VLOOKUP(HDA29,COMPOSIÇÃO,5,0),VLOOKUP(HDA29,COTAÇÃO,8,0))))","v":"HORA"},0.5,{"$f":"IF(HDD29=\"SINAPI\",VLOOKUP(HDA29,SINAPI,4,0),IF(HDD29=\"SETOP\",VLOOKUP(HDA29,SETOP,5,0),IF(HDD29=\"CPU\",VLOOKUP(HDA29,COMPOSIÇÃO,8,0),VLOOKUP(HDA29,COTAÇÃO,11,0))))","v":19.149999999999999},{"$f":"HDF29*HDG29","v":9.5749999999999993},"ED-50374",{"$f":"IF(HDL29=\"SINAPI\",VLOOKUP(HDI29,SINAPI,2,0),IF(HDL29=\"SETOP\",VLOOKUP(HDI29,SETOP,3,0),IF(HDL29=\"CPU\",VLOOKUP(HDI29,COMPOSIÇÃO,2,0),VLOOKUP(HDI29,COTAÇÃO,3,0))))","v":"BOMBEIRO/ENCANADOR COM ENCARGOS COMPLEMENTARES"},null,"SETOP",{"$f":"IF(HDL29=\"SINAPI\",VLOOKUP(HDI29,SINAPI,3,0),IF(HDL29=\"SETOP\",VLOOKUP(HDI29,SETOP,4,0),IF(HDL29=\"CPU\",VLOOKUP(HDI29,COMPOSIÇÃO,5,0),VLOOKUP(HDI29,COTAÇÃO,8,0))))","v":"HORA"},0.5,{"$f":"IF(HDL29=\"SINAPI\",VLOOKUP(HDI29,SINAPI,4,0),IF(HDL29=\"SETOP\",VLOOKUP(HDI29,SETOP,5,0),IF(HDL29=\"CPU\",VLOOKUP(HDI29,COMPOSIÇÃO,8,0),VLOOKUP(HDI29,COTAÇÃO,11,0))))","v":19.149999999999999},{"$f":"HDN29*HDO29","v":9.5749999999999993},"ED-50374",{"$f":"IF(HDT29=\"SINAPI\",VLOOKUP(HDQ29,SINAPI,2,0),IF(HDT29=\"SETOP\",VLOOKUP(HDQ29,SETOP,3,0),IF(HDT29=\"CPU\",VLOOKUP(HDQ29,COMPOSIÇÃO,2,0),VLOOKUP(HDQ29,COTAÇÃO,3,0))))","v":"BOMBEIRO/ENCANADOR COM ENCARGOS COMPLEMENTARES"},null,"SETOP",{"$f":"IF(HDT29=\"SINAPI\",VLOOKUP(HDQ29,SINAPI,3,0),IF(HDT29=\"SETOP\",VLOOKUP(HDQ29,SETOP,4,0),IF(HDT29=\"CPU\",VLOOKUP(HDQ29,COMPOSIÇÃO,5,0),VLOOKUP(HDQ29,COTAÇÃO,8,0))))","v":"HORA"},0.5,{"$f":"IF(HDT29=\"SINAPI\",VLOOKUP(HDQ29,SINAPI,4,0),IF(HDT29=\"SETOP\",VLOOKUP(HDQ29,SETOP,5,0),IF(HDT29=\"CPU\",VLOOKUP(HDQ29,COMPOSIÇÃO,8,0),VLOOKUP(HDQ29,COTAÇÃO,11,0))))","v":19.149999999999999},{"$f":"HDV29*HDW29","v":9.5749999999999993},"ED-50374",{"$f":"IF(HEB29=\"SINAPI\",VLOOKUP(HDY29,SINAPI,2,0),IF(HEB29=\"SETOP\",VLOOKUP(HDY29,SETOP,3,0),IF(HEB29=\"CPU\",VLOOKUP(HDY29,COMPOSIÇÃO,2,0),VLOOKUP(HDY29,COTAÇÃO,3,0))))","v":"BOMBEIRO/ENCANADOR COM ENCARGOS COMPLEMENTARES"},null,"SETOP",{"$f":"IF(HEB29=\"SINAPI\",VLOOKUP(HDY29,SINAPI,3,0),IF(HEB29=\"SETOP\",VLOOKUP(HDY29,SETOP,4,0),IF(HEB29=\"CPU\",VLOOKUP(HDY29,COMPOSIÇÃO,5,0),VLOOKUP(HDY29,COTAÇÃO,8,0))))","v":"HORA"},0.5,{"$f":"IF(HEB29=\"SINAPI\",VLOOKUP(HDY29,SINAPI,4,0),IF(HEB29=\"SETOP\",VLOOKUP(HDY29,SETOP,5,0),IF(HEB29=\"CPU\",VLOOKUP(HDY29,COMPOSIÇÃO,8,0),VLOOKUP(HDY29,COTAÇÃO,11,0))))","v":19.149999999999999},{"$f":"HED29*HEE29","v":9.5749999999999993},"ED-50374",{"$f":"IF(HEJ29=\"SINAPI\",VLOOKUP(HEG29,SINAPI,2,0),IF(HEJ29=\"SETOP\",VLOOKUP(HEG29,SETOP,3,0),IF(HEJ29=\"CPU\",VLOOKUP(HEG29,COMPOSIÇÃO,2,0),VLOOKUP(HEG29,COTAÇÃO,3,0))))","v":"BOMBEIRO/ENCANADOR COM ENCARGOS COMPLEMENTARES"},null,"SETOP",{"$f":"IF(HEJ29=\"SINAPI\",VLOOKUP(HEG29,SINAPI,3,0),IF(HEJ29=\"SETOP\",VLOOKUP(HEG29,SETOP,4,0),IF(HEJ29=\"CPU\",VLOOKUP(HEG29,COMPOSIÇÃO,5,0),VLOOKUP(HEG29,COTAÇÃO,8,0))))","v":"HORA"},0.5,{"$f":"IF(HEJ29=\"SINAPI\",VLOOKUP(HEG29,SINAPI,4,0),IF(HEJ29=\"SETOP\",VLOOKUP(HEG29,SETOP,5,0),IF(HEJ29=\"CPU\",VLOOKUP(HEG29,COMPOSIÇÃO,8,0),VLOOKUP(HEG29,COTAÇÃO,11,0))))","v":19.149999999999999},{"$f":"HEL29*HEM29","v":9.5749999999999993},"ED-50374",{"$f":"IF(HER29=\"SINAPI\",VLOOKUP(HEO29,SINAPI,2,0),IF(HER29=\"SETOP\",VLOOKUP(HEO29,SETOP,3,0),IF(HER29=\"CPU\",VLOOKUP(HEO29,COMPOSIÇÃO,2,0),VLOOKUP(HEO29,COTAÇÃO,3,0))))","v":"BOMBEIRO/ENCANADOR COM ENCARGOS COMPLEMENTARES"},null,"SETOP",{"$f":"IF(HER29=\"SINAPI\",VLOOKUP(HEO29,SINAPI,3,0),IF(HER29=\"SETOP\",VLOOKUP(HEO29,SETOP,4,0),IF(HER29=\"CPU\",VLOOKUP(HEO29,COMPOSIÇÃO,5,0),VLOOKUP(HEO29,COTAÇÃO,8,0))))","v":"HORA"},0.5,{"$f":"IF(HER29=\"SINAPI\",VLOOKUP(HEO29,SINAPI,4,0),IF(HER29=\"SETOP\",VLOOKUP(HEO29,SETOP,5,0),IF(HER29=\"CPU\",VLOOKUP(HEO29,COMPOSIÇÃO,8,0),VLOOKUP(HEO29,COTAÇÃO,11,0))))","v":19.149999999999999},{"$f":"HET29*HEU29","v":9.5749999999999993},"ED-50374",{"$f":"IF(HEZ29=\"SINAPI\",VLOOKUP(HEW29,SINAPI,2,0),IF(HEZ29=\"SETOP\",VLOOKUP(HEW29,SETOP,3,0),IF(HEZ29=\"CPU\",VLOOKUP(HEW29,COMPOSIÇÃO,2,0),VLOOKUP(HEW29,COTAÇÃO,3,0))))","v":"BOMBEIRO/ENCANADOR COM ENCARGOS COMPLEMENTARES"},null,"SETOP",{"$f":"IF(HEZ29=\"SINAPI\",VLOOKUP(HEW29,SINAPI,3,0),IF(HEZ29=\"SETOP\",VLOOKUP(HEW29,SETOP,4,0),IF(HEZ29=\"CPU\",VLOOKUP(HEW29,COMPOSIÇÃO,5,0),VLOOKUP(HEW29,COTAÇÃO,8,0))))","v":"HORA"},0.5,{"$f":"IF(HEZ29=\"SINAPI\",VLOOKUP(HEW29,SINAPI,4,0),IF(HEZ29=\"SETOP\",VLOOKUP(HEW29,SETOP,5,0),IF(HEZ29=\"CPU\",VLOOKUP(HEW29,COMPOSIÇÃO,8,0),VLOOKUP(HEW29,COTAÇÃO,11,0))))","v":19.149999999999999},{"$f":"HFB29*HFC29","v":9.5749999999999993},"ED-50374",{"$f":"IF(HFH29=\"SINAPI\",VLOOKUP(HFE29,SINAPI,2,0),IF(HFH29=\"SETOP\",VLOOKUP(HFE29,SETOP,3,0),IF(HFH29=\"CPU\",VLOOKUP(HFE29,COMPOSIÇÃO,2,0),VLOOKUP(HFE29,COTAÇÃO,3,0))))","v":"BOMBEIRO/ENCANADOR COM ENCARGOS COMPLEMENTARES"},null,"SETOP",{"$f":"IF(HFH29=\"SINAPI\",VLOOKUP(HFE29,SINAPI,3,0),IF(HFH29=\"SETOP\",VLOOKUP(HFE29,SETOP,4,0),IF(HFH29=\"CPU\",VLOOKUP(HFE29,COMPOSIÇÃO,5,0),VLOOKUP(HFE29,COTAÇÃO,8,0))))","v":"HORA"},0.5,{"$f":"IF(HFH29=\"SINAPI\",VLOOKUP(HFE29,SINAPI,4,0),IF(HFH29=\"SETOP\",VLOOKUP(HFE29,SETOP,5,0),IF(HFH29=\"CPU\",VLOOKUP(HFE29,COMPOSIÇÃO,8,0),VLOOKUP(HFE29,COTAÇÃO,11,0))))","v":19.149999999999999},{"$f":"HFJ29*HFK29","v":9.5749999999999993},"ED-50374",{"$f":"IF(HFP29=\"SINAPI\",VLOOKUP(HFM29,SINAPI,2,0),IF(HFP29=\"SETOP\",VLOOKUP(HFM29,SETOP,3,0),IF(HFP29=\"CPU\",VLOOKUP(HFM29,COMPOSIÇÃO,2,0),VLOOKUP(HFM29,COTAÇÃO,3,0))))","v":"BOMBEIRO/ENCANADOR COM ENCARGOS COMPLEMENTARES"},null,"SETOP",{"$f":"IF(HFP29=\"SINAPI\",VLOOKUP(HFM29,SINAPI,3,0),IF(HFP29=\"SETOP\",VLOOKUP(HFM29,SETOP,4,0),IF(HFP29=\"CPU\",VLOOKUP(HFM29,COMPOSIÇÃO,5,0),VLOOKUP(HFM29,COTAÇÃO,8,0))))","v":"HORA"},0.5,{"$f":"IF(HFP29=\"SINAPI\",VLOOKUP(HFM29,SINAPI,4,0),IF(HFP29=\"SETOP\",VLOOKUP(HFM29,SETOP,5,0),IF(HFP29=\"CPU\",VLOOKUP(HFM29,COMPOSIÇÃO,8,0),VLOOKUP(HFM29,COTAÇÃO,11,0))))","v":19.149999999999999},{"$f":"HFR29*HFS29","v":9.5749999999999993},"ED-50374",{"$f":"IF(HFX29=\"SINAPI\",VLOOKUP(HFU29,SINAPI,2,0),IF(HFX29=\"SETOP\",VLOOKUP(HFU29,SETOP,3,0),IF(HFX29=\"CPU\",VLOOKUP(HFU29,COMPOSIÇÃO,2,0),VLOOKUP(HFU29,COTAÇÃO,3,0))))","v":"BOMBEIRO/ENCANADOR COM ENCARGOS COMPLEMENTARES"},null,"SETOP",{"$f":"IF(HFX29=\"SINAPI\",VLOOKUP(HFU29,SINAPI,3,0),IF(HFX29=\"SETOP\",VLOOKUP(HFU29,SETOP,4,0),IF(HFX29=\"CPU\",VLOOKUP(HFU29,COMPOSIÇÃO,5,0),VLOOKUP(HFU29,COTAÇÃO,8,0))))","v":"HORA"},0.5,{"$f":"IF(HFX29=\"SINAPI\",VLOOKUP(HFU29,SINAPI,4,0),IF(HFX29=\"SETOP\",VLOOKUP(HFU29,SETOP,5,0),IF(HFX29=\"CPU\",VLOOKUP(HFU29,COMPOSIÇÃO,8,0),VLOOKUP(HFU29,COTAÇÃO,11,0))))","v":19.149999999999999},{"$f":"HFZ29*HGA29","v":9.5749999999999993},"ED-50374",{"$f":"IF(HGF29=\"SINAPI\",VLOOKUP(HGC29,SINAPI,2,0),IF(HGF29=\"SETOP\",VLOOKUP(HGC29,SETOP,3,0),IF(HGF29=\"CPU\",VLOOKUP(HGC29,COMPOSIÇÃO,2,0),VLOOKUP(HGC29,COTAÇÃO,3,0))))","v":"BOMBEIRO/ENCANADOR COM ENCARGOS COMPLEMENTARES"},null,"SETOP",{"$f":"IF(HGF29=\"SINAPI\",VLOOKUP(HGC29,SINAPI,3,0),IF(HGF29=\"SETOP\",VLOOKUP(HGC29,SETOP,4,0),IF(HGF29=\"CPU\",VLOOKUP(HGC29,COMPOSIÇÃO,5,0),VLOOKUP(HGC29,COTAÇÃO,8,0))))","v":"HORA"},0.5,{"$f":"IF(HGF29=\"SINAPI\",VLOOKUP(HGC29,SINAPI,4,0),IF(HGF29=\"SETOP\",VLOOKUP(HGC29,SETOP,5,0),IF(HGF29=\"CPU\",VLOOKUP(HGC29,COMPOSIÇÃO,8,0),VLOOKUP(HGC29,COTAÇÃO,11,0))))","v":19.149999999999999},{"$f":"HGH29*HGI29","v":9.5749999999999993},"ED-50374",{"$f":"IF(HGN29=\"SINAPI\",VLOOKUP(HGK29,SINAPI,2,0),IF(HGN29=\"SETOP\",VLOOKUP(HGK29,SETOP,3,0),IF(HGN29=\"CPU\",VLOOKUP(HGK29,COMPOSIÇÃO,2,0),VLOOKUP(HGK29,COTAÇÃO,3,0))))","v":"BOMBEIRO/ENCANADOR COM ENCARGOS COMPLEMENTARES"},null,"SETOP",{"$f":"IF(HGN29=\"SINAPI\",VLOOKUP(HGK29,SINAPI,3,0),IF(HGN29=\"SETOP\",VLOOKUP(HGK29,SETOP,4,0),IF(HGN29=\"CPU\",VLOOKUP(HGK29,COMPOSIÇÃO,5,0),VLOOKUP(HGK29,COTAÇÃO,8,0))))","v":"HORA"},0.5,{"$f":"IF(HGN29=\"SINAPI\",VLOOKUP(HGK29,SINAPI,4,0),IF(HGN29=\"SETOP\",VLOOKUP(HGK29,SETOP,5,0),IF(HGN29=\"CPU\",VLOOKUP(HGK29,COMPOSIÇÃO,8,0),VLOOKUP(HGK29,COTAÇÃO,11,0))))","v":19.149999999999999},{"$f":"HGP29*HGQ29","v":9.5749999999999993},"ED-50374",{"$f":"IF(HGV29=\"SINAPI\",VLOOKUP(HGS29,SINAPI,2,0),IF(HGV29=\"SETOP\",VLOOKUP(HGS29,SETOP,3,0),IF(HGV29=\"CPU\",VLOOKUP(HGS29,COMPOSIÇÃO,2,0),VLOOKUP(HGS29,COTAÇÃO,3,0))))","v":"BOMBEIRO/ENCANADOR COM ENCARGOS COMPLEMENTARES"},null,"SETOP",{"$f":"IF(HGV29=\"SINAPI\",VLOOKUP(HGS29,SINAPI,3,0),IF(HGV29=\"SETOP\",VLOOKUP(HGS29,SETOP,4,0),IF(HGV29=\"CPU\",VLOOKUP(HGS29,COMPOSIÇÃO,5,0),VLOOKUP(HGS29,COTAÇÃO,8,0))))","v":"HORA"},0.5,{"$f":"IF(HGV29=\"SINAPI\",VLOOKUP(HGS29,SINAPI,4,0),IF(HGV29=\"SETOP\",VLOOKUP(HGS29,SETOP,5,0),IF(HGV29=\"CPU\",VLOOKUP(HGS29,COMPOSIÇÃO,8,0),VLOOKUP(HGS29,COTAÇÃO,11,0))))","v":19.149999999999999},{"$f":"HGX29*HGY29","v":9.5749999999999993},"ED-50374",{"$f":"IF(HHD29=\"SINAPI\",VLOOKUP(HHA29,SINAPI,2,0),IF(HHD29=\"SETOP\",VLOOKUP(HHA29,SETOP,3,0),IF(HHD29=\"CPU\",VLOOKUP(HHA29,COMPOSIÇÃO,2,0),VLOOKUP(HHA29,COTAÇÃO,3,0))))","v":"BOMBEIRO/ENCANADOR COM ENCARGOS COMPLEMENTARES"},null,"SETOP",{"$f":"IF(HHD29=\"SINAPI\",VLOOKUP(HHA29,SINAPI,3,0),IF(HHD29=\"SETOP\",VLOOKUP(HHA29,SETOP,4,0),IF(HHD29=\"CPU\",VLOOKUP(HHA29,COMPOSIÇÃO,5,0),VLOOKUP(HHA29,COTAÇÃO,8,0))))","v":"HORA"},0.5,{"$f":"IF(HHD29=\"SINAPI\",VLOOKUP(HHA29,SINAPI,4,0),IF(HHD29=\"SETOP\",VLOOKUP(HHA29,SETOP,5,0),IF(HHD29=\"CPU\",VLOOKUP(HHA29,COMPOSIÇÃO,8,0),VLOOKUP(HHA29,COTAÇÃO,11,0))))","v":19.149999999999999},{"$f":"HHF29*HHG29","v":9.5749999999999993},"ED-50374",{"$f":"IF(HHL29=\"SINAPI\",VLOOKUP(HHI29,SINAPI,2,0),IF(HHL29=\"SETOP\",VLOOKUP(HHI29,SETOP,3,0),IF(HHL29=\"CPU\",VLOOKUP(HHI29,COMPOSIÇÃO,2,0),VLOOKUP(HHI29,COTAÇÃO,3,0))))","v":"BOMBEIRO/ENCANADOR COM ENCARGOS COMPLEMENTARES"},null,"SETOP",{"$f":"IF(HHL29=\"SINAPI\",VLOOKUP(HHI29,SINAPI,3,0),IF(HHL29=\"SETOP\",VLOOKUP(HHI29,SETOP,4,0),IF(HHL29=\"CPU\",VLOOKUP(HHI29,COMPOSIÇÃO,5,0),VLOOKUP(HHI29,COTAÇÃO,8,0))))","v":"HORA"},0.5,{"$f":"IF(HHL29=\"SINAPI\",VLOOKUP(HHI29,SINAPI,4,0),IF(HHL29=\"SETOP\",VLOOKUP(HHI29,SETOP,5,0),IF(HHL29=\"CPU\",VLOOKUP(HHI29,COMPOSIÇÃO,8,0),VLOOKUP(HHI29,COTAÇÃO,11,0))))","v":19.149999999999999},{"$f":"HHN29*HHO29","v":9.5749999999999993},"ED-50374",{"$f":"IF(HHT29=\"SINAPI\",VLOOKUP(HHQ29,SINAPI,2,0),IF(HHT29=\"SETOP\",VLOOKUP(HHQ29,SETOP,3,0),IF(HHT29=\"CPU\",VLOOKUP(HHQ29,COMPOSIÇÃO,2,0),VLOOKUP(HHQ29,COTAÇÃO,3,0))))","v":"BOMBEIRO/ENCANADOR COM ENCARGOS COMPLEMENTARES"},null,"SETOP",{"$f":"IF(HHT29=\"SINAPI\",VLOOKUP(HHQ29,SINAPI,3,0),IF(HHT29=\"SETOP\",VLOOKUP(HHQ29,SETOP,4,0),IF(HHT29=\"CPU\",VLOOKUP(HHQ29,COMPOSIÇÃO,5,0),VLOOKUP(HHQ29,COTAÇÃO,8,0))))","v":"HORA"},0.5,{"$f":"IF(HHT29=\"SINAPI\",VLOOKUP(HHQ29,SINAPI,4,0),IF(HHT29=\"SETOP\",VLOOKUP(HHQ29,SETOP,5,0),IF(HHT29=\"CPU\",VLOOKUP(HHQ29,COMPOSIÇÃO,8,0),VLOOKUP(HHQ29,COTAÇÃO,11,0))))","v":19.149999999999999},{"$f":"HHV29*HHW29","v":9.5749999999999993},"ED-50374",{"$f":"IF(HIB29=\"SINAPI\",VLOOKUP(HHY29,SINAPI,2,0),IF(HIB29=\"SETOP\",VLOOKUP(HHY29,SETOP,3,0),IF(HIB29=\"CPU\",VLOOKUP(HHY29,COMPOSIÇÃO,2,0),VLOOKUP(HHY29,COTAÇÃO,3,0))))","v":"BOMBEIRO/ENCANADOR COM ENCARGOS COMPLEMENTARES"},null,"SETOP",{"$f":"IF(HIB29=\"SINAPI\",VLOOKUP(HHY29,SINAPI,3,0),IF(HIB29=\"SETOP\",VLOOKUP(HHY29,SETOP,4,0),IF(HIB29=\"CPU\",VLOOKUP(HHY29,COMPOSIÇÃO,5,0),VLOOKUP(HHY29,COTAÇÃO,8,0))))","v":"HORA"},0.5,{"$f":"IF(HIB29=\"SINAPI\",VLOOKUP(HHY29,SINAPI,4,0),IF(HIB29=\"SETOP\",VLOOKUP(HHY29,SETOP,5,0),IF(HIB29=\"CPU\",VLOOKUP(HHY29,COMPOSIÇÃO,8,0),VLOOKUP(HHY29,COTAÇÃO,11,0))))","v":19.149999999999999},{"$f":"HID29*HIE29","v":9.5749999999999993},"ED-50374",{"$f":"IF(HIJ29=\"SINAPI\",VLOOKUP(HIG29,SINAPI,2,0),IF(HIJ29=\"SETOP\",VLOOKUP(HIG29,SETOP,3,0),IF(HIJ29=\"CPU\",VLOOKUP(HIG29,COMPOSIÇÃO,2,0),VLOOKUP(HIG29,COTAÇÃO,3,0))))","v":"BOMBEIRO/ENCANADOR COM ENCARGOS COMPLEMENTARES"},null,"SETOP",{"$f":"IF(HIJ29=\"SINAPI\",VLOOKUP(HIG29,SINAPI,3,0),IF(HIJ29=\"SETOP\",VLOOKUP(HIG29,SETOP,4,0),IF(HIJ29=\"CPU\",VLOOKUP(HIG29,COMPOSIÇÃO,5,0),VLOOKUP(HIG29,COTAÇÃO,8,0))))","v":"HORA"},0.5,{"$f":"IF(HIJ29=\"SINAPI\",VLOOKUP(HIG29,SINAPI,4,0),IF(HIJ29=\"SETOP\",VLOOKUP(HIG29,SETOP,5,0),IF(HIJ29=\"CPU\",VLOOKUP(HIG29,COMPOSIÇÃO,8,0),VLOOKUP(HIG29,COTAÇÃO,11,0))))","v":19.149999999999999},{"$f":"HIL29*HIM29","v":9.5749999999999993},"ED-50374",{"$f":"IF(HIR29=\"SINAPI\",VLOOKUP(HIO29,SINAPI,2,0),IF(HIR29=\"SETOP\",VLOOKUP(HIO29,SETOP,3,0),IF(HIR29=\"CPU\",VLOOKUP(HIO29,COMPOSIÇÃO,2,0),VLOOKUP(HIO29,COTAÇÃO,3,0))))","v":"BOMBEIRO/ENCANADOR COM ENCARGOS COMPLEMENTARES"},null,"SETOP",{"$f":"IF(HIR29=\"SINAPI\",VLOOKUP(HIO29,SINAPI,3,0),IF(HIR29=\"SETOP\",VLOOKUP(HIO29,SETOP,4,0),IF(HIR29=\"CPU\",VLOOKUP(HIO29,COMPOSIÇÃO,5,0),VLOOKUP(HIO29,COTAÇÃO,8,0))))","v":"HORA"},0.5,{"$f":"IF(HIR29=\"SINAPI\",VLOOKUP(HIO29,SINAPI,4,0),IF(HIR29=\"SETOP\",VLOOKUP(HIO29,SETOP,5,0),IF(HIR29=\"CPU\",VLOOKUP(HIO29,COMPOSIÇÃO,8,0),VLOOKUP(HIO29,COTAÇÃO,11,0))))","v":19.149999999999999},{"$f":"HIT29*HIU29","v":9.5749999999999993},"ED-50374",{"$f":"IF(HIZ29=\"SINAPI\",VLOOKUP(HIW29,SINAPI,2,0),IF(HIZ29=\"SETOP\",VLOOKUP(HIW29,SETOP,3,0),IF(HIZ29=\"CPU\",VLOOKUP(HIW29,COMPOSIÇÃO,2,0),VLOOKUP(HIW29,COTAÇÃO,3,0))))","v":"BOMBEIRO/ENCANADOR COM ENCARGOS COMPLEMENTARES"},null,"SETOP",{"$f":"IF(HIZ29=\"SINAPI\",VLOOKUP(HIW29,SINAPI,3,0),IF(HIZ29=\"SETOP\",VLOOKUP(HIW29,SETOP,4,0),IF(HIZ29=\"CPU\",VLOOKUP(HIW29,COMPOSIÇÃO,5,0),VLOOKUP(HIW29,COTAÇÃO,8,0))))","v":"HORA"},0.5,{"$f":"IF(HIZ29=\"SINAPI\",VLOOKUP(HIW29,SINAPI,4,0),IF(HIZ29=\"SETOP\",VLOOKUP(HIW29,SETOP,5,0),IF(HIZ29=\"CPU\",VLOOKUP(HIW29,COMPOSIÇÃO,8,0),VLOOKUP(HIW29,COTAÇÃO,11,0))))","v":19.149999999999999},{"$f":"HJB29*HJC29","v":9.5749999999999993},"ED-50374",{"$f":"IF(HJH29=\"SINAPI\",VLOOKUP(HJE29,SINAPI,2,0),IF(HJH29=\"SETOP\",VLOOKUP(HJE29,SETOP,3,0),IF(HJH29=\"CPU\",VLOOKUP(HJE29,COMPOSIÇÃO,2,0),VLOOKUP(HJE29,COTAÇÃO,3,0))))","v":"BOMBEIRO/ENCANADOR COM ENCARGOS COMPLEMENTARES"},null,"SETOP",{"$f":"IF(HJH29=\"SINAPI\",VLOOKUP(HJE29,SINAPI,3,0),IF(HJH29=\"SETOP\",VLOOKUP(HJE29,SETOP,4,0),IF(HJH29=\"CPU\",VLOOKUP(HJE29,COMPOSIÇÃO,5,0),VLOOKUP(HJE29,COTAÇÃO,8,0))))","v":"HORA"},0.5,{"$f":"IF(HJH29=\"SINAPI\",VLOOKUP(HJE29,SINAPI,4,0),IF(HJH29=\"SETOP\",VLOOKUP(HJE29,SETOP,5,0),IF(HJH29=\"CPU\",VLOOKUP(HJE29,COMPOSIÇÃO,8,0),VLOOKUP(HJE29,COTAÇÃO,11,0))))","v":19.149999999999999},{"$f":"HJJ29*HJK29","v":9.5749999999999993},"ED-50374",{"$f":"IF(HJP29=\"SINAPI\",VLOOKUP(HJM29,SINAPI,2,0),IF(HJP29=\"SETOP\",VLOOKUP(HJM29,SETOP,3,0),IF(HJP29=\"CPU\",VLOOKUP(HJM29,COMPOSIÇÃO,2,0),VLOOKUP(HJM29,COTAÇÃO,3,0))))","v":"BOMBEIRO/ENCANADOR COM ENCARGOS COMPLEMENTARES"},null,"SETOP",{"$f":"IF(HJP29=\"SINAPI\",VLOOKUP(HJM29,SINAPI,3,0),IF(HJP29=\"SETOP\",VLOOKUP(HJM29,SETOP,4,0),IF(HJP29=\"CPU\",VLOOKUP(HJM29,COMPOSIÇÃO,5,0),VLOOKUP(HJM29,COTAÇÃO,8,0))))","v":"HORA"},0.5,{"$f":"IF(HJP29=\"SINAPI\",VLOOKUP(HJM29,SINAPI,4,0),IF(HJP29=\"SETOP\",VLOOKUP(HJM29,SETOP,5,0),IF(HJP29=\"CPU\",VLOOKUP(HJM29,COMPOSIÇÃO,8,0),VLOOKUP(HJM29,COTAÇÃO,11,0))))","v":19.149999999999999},{"$f":"HJR29*HJS29","v":9.5749999999999993},"ED-50374",{"$f":"IF(HJX29=\"SINAPI\",VLOOKUP(HJU29,SINAPI,2,0),IF(HJX29=\"SETOP\",VLOOKUP(HJU29,SETOP,3,0),IF(HJX29=\"CPU\",VLOOKUP(HJU29,COMPOSIÇÃO,2,0),VLOOKUP(HJU29,COTAÇÃO,3,0))))","v":"BOMBEIRO/ENCANADOR COM ENCARGOS COMPLEMENTARES"},null,"SETOP",{"$f":"IF(HJX29=\"SINAPI\",VLOOKUP(HJU29,SINAPI,3,0),IF(HJX29=\"SETOP\",VLOOKUP(HJU29,SETOP,4,0),IF(HJX29=\"CPU\",VLOOKUP(HJU29,COMPOSIÇÃO,5,0),VLOOKUP(HJU29,COTAÇÃO,8,0))))","v":"HORA"},0.5,{"$f":"IF(HJX29=\"SINAPI\",VLOOKUP(HJU29,SINAPI,4,0),IF(HJX29=\"SETOP\",VLOOKUP(HJU29,SETOP,5,0),IF(HJX29=\"CPU\",VLOOKUP(HJU29,COMPOSIÇÃO,8,0),VLOOKUP(HJU29,COTAÇÃO,11,0))))","v":19.149999999999999},{"$f":"HJZ29*HKA29","v":9.5749999999999993},"ED-50374",{"$f":"IF(HKF29=\"SINAPI\",VLOOKUP(HKC29,SINAPI,2,0),IF(HKF29=\"SETOP\",VLOOKUP(HKC29,SETOP,3,0),IF(HKF29=\"CPU\",VLOOKUP(HKC29,COMPOSIÇÃO,2,0),VLOOKUP(HKC29,COTAÇÃO,3,0))))","v":"BOMBEIRO/ENCANADOR COM ENCARGOS COMPLEMENTARES"},null,"SETOP",{"$f":"IF(HKF29=\"SINAPI\",VLOOKUP(HKC29,SINAPI,3,0),IF(HKF29=\"SETOP\",VLOOKUP(HKC29,SETOP,4,0),IF(HKF29=\"CPU\",VLOOKUP(HKC29,COMPOSIÇÃO,5,0),VLOOKUP(HKC29,COTAÇÃO,8,0))))","v":"HORA"},0.5,{"$f":"IF(HKF29=\"SINAPI\",VLOOKUP(HKC29,SINAPI,4,0),IF(HKF29=\"SETOP\",VLOOKUP(HKC29,SETOP,5,0),IF(HKF29=\"CPU\",VLOOKUP(HKC29,COMPOSIÇÃO,8,0),VLOOKUP(HKC29,COTAÇÃO,11,0))))","v":19.149999999999999},{"$f":"HKH29*HKI29","v":9.5749999999999993},"ED-50374",{"$f":"IF(HKN29=\"SINAPI\",VLOOKUP(HKK29,SINAPI,2,0),IF(HKN29=\"SETOP\",VLOOKUP(HKK29,SETOP,3,0),IF(HKN29=\"CPU\",VLOOKUP(HKK29,COMPOSIÇÃO,2,0),VLOOKUP(HKK29,COTAÇÃO,3,0))))","v":"BOMBEIRO/ENCANADOR COM ENCARGOS COMPLEMENTARES"},null,"SETOP",{"$f":"IF(HKN29=\"SINAPI\",VLOOKUP(HKK29,SINAPI,3,0),IF(HKN29=\"SETOP\",VLOOKUP(HKK29,SETOP,4,0),IF(HKN29=\"CPU\",VLOOKUP(HKK29,COMPOSIÇÃO,5,0),VLOOKUP(HKK29,COTAÇÃO,8,0))))","v":"HORA"},0.5,{"$f":"IF(HKN29=\"SINAPI\",VLOOKUP(HKK29,SINAPI,4,0),IF(HKN29=\"SETOP\",VLOOKUP(HKK29,SETOP,5,0),IF(HKN29=\"CPU\",VLOOKUP(HKK29,COMPOSIÇÃO,8,0),VLOOKUP(HKK29,COTAÇÃO,11,0))))","v":19.149999999999999},{"$f":"HKP29*HKQ29","v":9.5749999999999993},"ED-50374",{"$f":"IF(HKV29=\"SINAPI\",VLOOKUP(HKS29,SINAPI,2,0),IF(HKV29=\"SETOP\",VLOOKUP(HKS29,SETOP,3,0),IF(HKV29=\"CPU\",VLOOKUP(HKS29,COMPOSIÇÃO,2,0),VLOOKUP(HKS29,COTAÇÃO,3,0))))","v":"BOMBEIRO/ENCANADOR COM ENCARGOS COMPLEMENTARES"},null,"SETOP",{"$f":"IF(HKV29=\"SINAPI\",VLOOKUP(HKS29,SINAPI,3,0),IF(HKV29=\"SETOP\",VLOOKUP(HKS29,SETOP,4,0),IF(HKV29=\"CPU\",VLOOKUP(HKS29,COMPOSIÇÃO,5,0),VLOOKUP(HKS29,COTAÇÃO,8,0))))","v":"HORA"},0.5,{"$f":"IF(HKV29=\"SINAPI\",VLOOKUP(HKS29,SINAPI,4,0),IF(HKV29=\"SETOP\",VLOOKUP(HKS29,SETOP,5,0),IF(HKV29=\"CPU\",VLOOKUP(HKS29,COMPOSIÇÃO,8,0),VLOOKUP(HKS29,COTAÇÃO,11,0))))","v":19.149999999999999},{"$f":"HKX29*HKY29","v":9.5749999999999993},"ED-50374",{"$f":"IF(HLD29=\"SINAPI\",VLOOKUP(HLA29,SINAPI,2,0),IF(HLD29=\"SETOP\",VLOOKUP(HLA29,SETOP,3,0),IF(HLD29=\"CPU\",VLOOKUP(HLA29,COMPOSIÇÃO,2,0),VLOOKUP(HLA29,COTAÇÃO,3,0))))","v":"BOMBEIRO/ENCANADOR COM ENCARGOS COMPLEMENTARES"},null,"SETOP",{"$f":"IF(HLD29=\"SINAPI\",VLOOKUP(HLA29,SINAPI,3,0),IF(HLD29=\"SETOP\",VLOOKUP(HLA29,SETOP,4,0),IF(HLD29=\"CPU\",VLOOKUP(HLA29,COMPOSIÇÃO,5,0),VLOOKUP(HLA29,COTAÇÃO,8,0))))","v":"HORA"},0.5,{"$f":"IF(HLD29=\"SINAPI\",VLOOKUP(HLA29,SINAPI,4,0),IF(HLD29=\"SETOP\",VLOOKUP(HLA29,SETOP,5,0),IF(HLD29=\"CPU\",VLOOKUP(HLA29,COMPOSIÇÃO,8,0),VLOOKUP(HLA29,COTAÇÃO,11,0))))","v":19.149999999999999},{"$f":"HLF29*HLG29","v":9.5749999999999993},"ED-50374",{"$f":"IF(HLL29=\"SINAPI\",VLOOKUP(HLI29,SINAPI,2,0),IF(HLL29=\"SETOP\",VLOOKUP(HLI29,SETOP,3,0),IF(HLL29=\"CPU\",VLOOKUP(HLI29,COMPOSIÇÃO,2,0),VLOOKUP(HLI29,COTAÇÃO,3,0))))","v":"BOMBEIRO/ENCANADOR COM ENCARGOS COMPLEMENTARES"},null,"SETOP",{"$f":"IF(HLL29=\"SINAPI\",VLOOKUP(HLI29,SINAPI,3,0),IF(HLL29=\"SETOP\",VLOOKUP(HLI29,SETOP,4,0),IF(HLL29=\"CPU\",VLOOKUP(HLI29,COMPOSIÇÃO,5,0),VLOOKUP(HLI29,COTAÇÃO,8,0))))","v":"HORA"},0.5,{"$f":"IF(HLL29=\"SINAPI\",VLOOKUP(HLI29,SINAPI,4,0),IF(HLL29=\"SETOP\",VLOOKUP(HLI29,SETOP,5,0),IF(HLL29=\"CPU\",VLOOKUP(HLI29,COMPOSIÇÃO,8,0),VLOOKUP(HLI29,COTAÇÃO,11,0))))","v":19.149999999999999},{"$f":"HLN29*HLO29","v":9.5749999999999993},"ED-50374",{"$f":"IF(HLT29=\"SINAPI\",VLOOKUP(HLQ29,SINAPI,2,0),IF(HLT29=\"SETOP\",VLOOKUP(HLQ29,SETOP,3,0),IF(HLT29=\"CPU\",VLOOKUP(HLQ29,COMPOSIÇÃO,2,0),VLOOKUP(HLQ29,COTAÇÃO,3,0))))","v":"BOMBEIRO/ENCANADOR COM ENCARGOS COMPLEMENTARES"},null,"SETOP",{"$f":"IF(HLT29=\"SINAPI\",VLOOKUP(HLQ29,SINAPI,3,0),IF(HLT29=\"SETOP\",VLOOKUP(HLQ29,SETOP,4,0),IF(HLT29=\"CPU\",VLOOKUP(HLQ29,COMPOSIÇÃO,5,0),VLOOKUP(HLQ29,COTAÇÃO,8,0))))","v":"HORA"},0.5,{"$f":"IF(HLT29=\"SINAPI\",VLOOKUP(HLQ29,SINAPI,4,0),IF(HLT29=\"SETOP\",VLOOKUP(HLQ29,SETOP,5,0),IF(HLT29=\"CPU\",VLOOKUP(HLQ29,COMPOSIÇÃO,8,0),VLOOKUP(HLQ29,COTAÇÃO,11,0))))","v":19.149999999999999},{"$f":"HLV29*HLW29","v":9.5749999999999993},"ED-50374",{"$f":"IF(HMB29=\"SINAPI\",VLOOKUP(HLY29,SINAPI,2,0),IF(HMB29=\"SETOP\",VLOOKUP(HLY29,SETOP,3,0),IF(HMB29=\"CPU\",VLOOKUP(HLY29,COMPOSIÇÃO,2,0),VLOOKUP(HLY29,COTAÇÃO,3,0))))","v":"BOMBEIRO/ENCANADOR COM ENCARGOS COMPLEMENTARES"},null,"SETOP",{"$f":"IF(HMB29=\"SINAPI\",VLOOKUP(HLY29,SINAPI,3,0),IF(HMB29=\"SETOP\",VLOOKUP(HLY29,SETOP,4,0),IF(HMB29=\"CPU\",VLOOKUP(HLY29,COMPOSIÇÃO,5,0),VLOOKUP(HLY29,COTAÇÃO,8,0))))","v":"HORA"},0.5,{"$f":"IF(HMB29=\"SINAPI\",VLOOKUP(HLY29,SINAPI,4,0),IF(HMB29=\"SETOP\",VLOOKUP(HLY29,SETOP,5,0),IF(HMB29=\"CPU\",VLOOKUP(HLY29,COMPOSIÇÃO,8,0),VLOOKUP(HLY29,COTAÇÃO,11,0))))","v":19.149999999999999},{"$f":"HMD29*HME29","v":9.5749999999999993},"ED-50374",{"$f":"IF(HMJ29=\"SINAPI\",VLOOKUP(HMG29,SINAPI,2,0),IF(HMJ29=\"SETOP\",VLOOKUP(HMG29,SETOP,3,0),IF(HMJ29=\"CPU\",VLOOKUP(HMG29,COMPOSIÇÃO,2,0),VLOOKUP(HMG29,COTAÇÃO,3,0))))","v":"BOMBEIRO/ENCANADOR COM ENCARGOS COMPLEMENTARES"},null,"SETOP",{"$f":"IF(HMJ29=\"SINAPI\",VLOOKUP(HMG29,SINAPI,3,0),IF(HMJ29=\"SETOP\",VLOOKUP(HMG29,SETOP,4,0),IF(HMJ29=\"CPU\",VLOOKUP(HMG29,COMPOSIÇÃO,5,0),VLOOKUP(HMG29,COTAÇÃO,8,0))))","v":"HORA"},0.5,{"$f":"IF(HMJ29=\"SINAPI\",VLOOKUP(HMG29,SINAPI,4,0),IF(HMJ29=\"SETOP\",VLOOKUP(HMG29,SETOP,5,0),IF(HMJ29=\"CPU\",VLOOKUP(HMG29,COMPOSIÇÃO,8,0),VLOOKUP(HMG29,COTAÇÃO,11,0))))","v":19.149999999999999},{"$f":"HML29*HMM29","v":9.5749999999999993},"ED-50374",{"$f":"IF(HMR29=\"SINAPI\",VLOOKUP(HMO29,SINAPI,2,0),IF(HMR29=\"SETOP\",VLOOKUP(HMO29,SETOP,3,0),IF(HMR29=\"CPU\",VLOOKUP(HMO29,COMPOSIÇÃO,2,0),VLOOKUP(HMO29,COTAÇÃO,3,0))))","v":"BOMBEIRO/ENCANADOR COM ENCARGOS COMPLEMENTARES"},null,"SETOP",{"$f":"IF(HMR29=\"SINAPI\",VLOOKUP(HMO29,SINAPI,3,0),IF(HMR29=\"SETOP\",VLOOKUP(HMO29,SETOP,4,0),IF(HMR29=\"CPU\",VLOOKUP(HMO29,COMPOSIÇÃO,5,0),VLOOKUP(HMO29,COTAÇÃO,8,0))))","v":"HORA"},0.5,{"$f":"IF(HMR29=\"SINAPI\",VLOOKUP(HMO29,SINAPI,4,0),IF(HMR29=\"SETOP\",VLOOKUP(HMO29,SETOP,5,0),IF(HMR29=\"CPU\",VLOOKUP(HMO29,COMPOSIÇÃO,8,0),VLOOKUP(HMO29,COTAÇÃO,11,0))))","v":19.149999999999999},{"$f":"HMT29*HMU29","v":9.5749999999999993},"ED-50374",{"$f":"IF(HMZ29=\"SINAPI\",VLOOKUP(HMW29,SINAPI,2,0),IF(HMZ29=\"SETOP\",VLOOKUP(HMW29,SETOP,3,0),IF(HMZ29=\"CPU\",VLOOKUP(HMW29,COMPOSIÇÃO,2,0),VLOOKUP(HMW29,COTAÇÃO,3,0))))","v":"BOMBEIRO/ENCANADOR COM ENCARGOS COMPLEMENTARES"},null,"SETOP",{"$f":"IF(HMZ29=\"SINAPI\",VLOOKUP(HMW29,SINAPI,3,0),IF(HMZ29=\"SETOP\",VLOOKUP(HMW29,SETOP,4,0),IF(HMZ29=\"CPU\",VLOOKUP(HMW29,COMPOSIÇÃO,5,0),VLOOKUP(HMW29,COTAÇÃO,8,0))))","v":"HORA"},0.5,{"$f":"IF(HMZ29=\"SINAPI\",VLOOKUP(HMW29,SINAPI,4,0),IF(HMZ29=\"SETOP\",VLOOKUP(HMW29,SETOP,5,0),IF(HMZ29=\"CPU\",VLOOKUP(HMW29,COMPOSIÇÃO,8,0),VLOOKUP(HMW29,COTAÇÃO,11,0))))","v":19.149999999999999},{"$f":"HNB29*HNC29","v":9.5749999999999993},"ED-50374",{"$f":"IF(HNH29=\"SINAPI\",VLOOKUP(HNE29,SINAPI,2,0),IF(HNH29=\"SETOP\",VLOOKUP(HNE29,SETOP,3,0),IF(HNH29=\"CPU\",VLOOKUP(HNE29,COMPOSIÇÃO,2,0),VLOOKUP(HNE29,COTAÇÃO,3,0))))","v":"BOMBEIRO/ENCANADOR COM ENCARGOS COMPLEMENTARES"},null,"SETOP",{"$f":"IF(HNH29=\"SINAPI\",VLOOKUP(HNE29,SINAPI,3,0),IF(HNH29=\"SETOP\",VLOOKUP(HNE29,SETOP,4,0),IF(HNH29=\"CPU\",VLOOKUP(HNE29,COMPOSIÇÃO,5,0),VLOOKUP(HNE29,COTAÇÃO,8,0))))","v":"HORA"},0.5,{"$f":"IF(HNH29=\"SINAPI\",VLOOKUP(HNE29,SINAPI,4,0),IF(HNH29=\"SETOP\",VLOOKUP(HNE29,SETOP,5,0),IF(HNH29=\"CPU\",VLOOKUP(HNE29,COMPOSIÇÃO,8,0),VLOOKUP(HNE29,COTAÇÃO,11,0))))","v":19.149999999999999},{"$f":"HNJ29*HNK29","v":9.5749999999999993},"ED-50374",{"$f":"IF(HNP29=\"SINAPI\",VLOOKUP(HNM29,SINAPI,2,0),IF(HNP29=\"SETOP\",VLOOKUP(HNM29,SETOP,3,0),IF(HNP29=\"CPU\",VLOOKUP(HNM29,COMPOSIÇÃO,2,0),VLOOKUP(HNM29,COTAÇÃO,3,0))))","v":"BOMBEIRO/ENCANADOR COM ENCARGOS COMPLEMENTARES"},null,"SETOP",{"$f":"IF(HNP29=\"SINAPI\",VLOOKUP(HNM29,SINAPI,3,0),IF(HNP29=\"SETOP\",VLOOKUP(HNM29,SETOP,4,0),IF(HNP29=\"CPU\",VLOOKUP(HNM29,COMPOSIÇÃO,5,0),VLOOKUP(HNM29,COTAÇÃO,8,0))))","v":"HORA"},0.5,{"$f":"IF(HNP29=\"SINAPI\",VLOOKUP(HNM29,SINAPI,4,0),IF(HNP29=\"SETOP\",VLOOKUP(HNM29,SETOP,5,0),IF(HNP29=\"CPU\",VLOOKUP(HNM29,COMPOSIÇÃO,8,0),VLOOKUP(HNM29,COTAÇÃO,11,0))))","v":19.149999999999999},{"$f":"HNR29*HNS29","v":9.5749999999999993},"ED-50374",{"$f":"IF(HNX29=\"SINAPI\",VLOOKUP(HNU29,SINAPI,2,0),IF(HNX29=\"SETOP\",VLOOKUP(HNU29,SETOP,3,0),IF(HNX29=\"CPU\",VLOOKUP(HNU29,COMPOSIÇÃO,2,0),VLOOKUP(HNU29,COTAÇÃO,3,0))))","v":"BOMBEIRO/ENCANADOR COM ENCARGOS COMPLEMENTARES"},null,"SETOP",{"$f":"IF(HNX29=\"SINAPI\",VLOOKUP(HNU29,SINAPI,3,0),IF(HNX29=\"SETOP\",VLOOKUP(HNU29,SETOP,4,0),IF(HNX29=\"CPU\",VLOOKUP(HNU29,COMPOSIÇÃO,5,0),VLOOKUP(HNU29,COTAÇÃO,8,0))))","v":"HORA"},0.5,{"$f":"IF(HNX29=\"SINAPI\",VLOOKUP(HNU29,SINAPI,4,0),IF(HNX29=\"SETOP\",VLOOKUP(HNU29,SETOP,5,0),IF(HNX29=\"CPU\",VLOOKUP(HNU29,COMPOSIÇÃO,8,0),VLOOKUP(HNU29,COTAÇÃO,11,0))))","v":19.149999999999999},{"$f":"HNZ29*HOA29","v":9.5749999999999993},"ED-50374",{"$f":"IF(HOF29=\"SINAPI\",VLOOKUP(HOC29,SINAPI,2,0),IF(HOF29=\"SETOP\",VLOOKUP(HOC29,SETOP,3,0),IF(HOF29=\"CPU\",VLOOKUP(HOC29,COMPOSIÇÃO,2,0),VLOOKUP(HOC29,COTAÇÃO,3,0))))","v":"BOMBEIRO/ENCANADOR COM ENCARGOS COMPLEMENTARES"},null,"SETOP",{"$f":"IF(HOF29=\"SINAPI\",VLOOKUP(HOC29,SINAPI,3,0),IF(HOF29=\"SETOP\",VLOOKUP(HOC29,SETOP,4,0),IF(HOF29=\"CPU\",VLOOKUP(HOC29,COMPOSIÇÃO,5,0),VLOOKUP(HOC29,COTAÇÃO,8,0))))","v":"HORA"},0.5,{"$f":"IF(HOF29=\"SINAPI\",VLOOKUP(HOC29,SINAPI,4,0),IF(HOF29=\"SETOP\",VLOOKUP(HOC29,SETOP,5,0),IF(HOF29=\"CPU\",VLOOKUP(HOC29,COMPOSIÇÃO,8,0),VLOOKUP(HOC29,COTAÇÃO,11,0))))","v":19.149999999999999},{"$f":"HOH29*HOI29","v":9.5749999999999993},"ED-50374",{"$f":"IF(HON29=\"SINAPI\",VLOOKUP(HOK29,SINAPI,2,0),IF(HON29=\"SETOP\",VLOOKUP(HOK29,SETOP,3,0),IF(HON29=\"CPU\",VLOOKUP(HOK29,COMPOSIÇÃO,2,0),VLOOKUP(HOK29,COTAÇÃO,3,0))))","v":"BOMBEIRO/ENCANADOR COM ENCARGOS COMPLEMENTARES"},null,"SETOP",{"$f":"IF(HON29=\"SINAPI\",VLOOKUP(HOK29,SINAPI,3,0),IF(HON29=\"SETOP\",VLOOKUP(HOK29,SETOP,4,0),IF(HON29=\"CPU\",VLOOKUP(HOK29,COMPOSIÇÃO,5,0),VLOOKUP(HOK29,COTAÇÃO,8,0))))","v":"HORA"},0.5,{"$f":"IF(HON29=\"SINAPI\",VLOOKUP(HOK29,SINAPI,4,0),IF(HON29=\"SETOP\",VLOOKUP(HOK29,SETOP,5,0),IF(HON29=\"CPU\",VLOOKUP(HOK29,COMPOSIÇÃO,8,0),VLOOKUP(HOK29,COTAÇÃO,11,0))))","v":19.149999999999999},{"$f":"HOP29*HOQ29","v":9.5749999999999993},"ED-50374",{"$f":"IF(HOV29=\"SINAPI\",VLOOKUP(HOS29,SINAPI,2,0),IF(HOV29=\"SETOP\",VLOOKUP(HOS29,SETOP,3,0),IF(HOV29=\"CPU\",VLOOKUP(HOS29,COMPOSIÇÃO,2,0),VLOOKUP(HOS29,COTAÇÃO,3,0))))","v":"BOMBEIRO/ENCANADOR COM ENCARGOS COMPLEMENTARES"},null,"SETOP",{"$f":"IF(HOV29=\"SINAPI\",VLOOKUP(HOS29,SINAPI,3,0),IF(HOV29=\"SETOP\",VLOOKUP(HOS29,SETOP,4,0),IF(HOV29=\"CPU\",VLOOKUP(HOS29,COMPOSIÇÃO,5,0),VLOOKUP(HOS29,COTAÇÃO,8,0))))","v":"HORA"},0.5,{"$f":"IF(HOV29=\"SINAPI\",VLOOKUP(HOS29,SINAPI,4,0),IF(HOV29=\"SETOP\",VLOOKUP(HOS29,SETOP,5,0),IF(HOV29=\"CPU\",VLOOKUP(HOS29,COMPOSIÇÃO,8,0),VLOOKUP(HOS29,COTAÇÃO,11,0))))","v":19.149999999999999},{"$f":"HOX29*HOY29","v":9.5749999999999993},"ED-50374",{"$f":"IF(HPD29=\"SINAPI\",VLOOKUP(HPA29,SINAPI,2,0),IF(HPD29=\"SETOP\",VLOOKUP(HPA29,SETOP,3,0),IF(HPD29=\"CPU\",VLOOKUP(HPA29,COMPOSIÇÃO,2,0),VLOOKUP(HPA29,COTAÇÃO,3,0))))","v":"BOMBEIRO/ENCANADOR COM ENCARGOS COMPLEMENTARES"},null,"SETOP",{"$f":"IF(HPD29=\"SINAPI\",VLOOKUP(HPA29,SINAPI,3,0),IF(HPD29=\"SETOP\",VLOOKUP(HPA29,SETOP,4,0),IF(HPD29=\"CPU\",VLOOKUP(HPA29,COMPOSIÇÃO,5,0),VLOOKUP(HPA29,COTAÇÃO,8,0))))","v":"HORA"},0.5,{"$f":"IF(HPD29=\"SINAPI\",VLOOKUP(HPA29,SINAPI,4,0),IF(HPD29=\"SETOP\",VLOOKUP(HPA29,SETOP,5,0),IF(HPD29=\"CPU\",VLOOKUP(HPA29,COMPOSIÇÃO,8,0),VLOOKUP(HPA29,COTAÇÃO,11,0))))","v":19.149999999999999},{"$f":"HPF29*HPG29","v":9.5749999999999993},"ED-50374",{"$f":"IF(HPL29=\"SINAPI\",VLOOKUP(HPI29,SINAPI,2,0),IF(HPL29=\"SETOP\",VLOOKUP(HPI29,SETOP,3,0),IF(HPL29=\"CPU\",VLOOKUP(HPI29,COMPOSIÇÃO,2,0),VLOOKUP(HPI29,COTAÇÃO,3,0))))","v":"BOMBEIRO/ENCANADOR COM ENCARGOS COMPLEMENTARES"},null,"SETOP",{"$f":"IF(HPL29=\"SINAPI\",VLOOKUP(HPI29,SINAPI,3,0),IF(HPL29=\"SETOP\",VLOOKUP(HPI29,SETOP,4,0),IF(HPL29=\"CPU\",VLOOKUP(HPI29,COMPOSIÇÃO,5,0),VLOOKUP(HPI29,COTAÇÃO,8,0))))","v":"HORA"},0.5,{"$f":"IF(HPL29=\"SINAPI\",VLOOKUP(HPI29,SINAPI,4,0),IF(HPL29=\"SETOP\",VLOOKUP(HPI29,SETOP,5,0),IF(HPL29=\"CPU\",VLOOKUP(HPI29,COMPOSIÇÃO,8,0),VLOOKUP(HPI29,COTAÇÃO,11,0))))","v":19.149999999999999},{"$f":"HPN29*HPO29","v":9.5749999999999993},"ED-50374",{"$f":"IF(HPT29=\"SINAPI\",VLOOKUP(HPQ29,SINAPI,2,0),IF(HPT29=\"SETOP\",VLOOKUP(HPQ29,SETOP,3,0),IF(HPT29=\"CPU\",VLOOKUP(HPQ29,COMPOSIÇÃO,2,0),VLOOKUP(HPQ29,COTAÇÃO,3,0))))","v":"BOMBEIRO/ENCANADOR COM ENCARGOS COMPLEMENTARES"},null,"SETOP",{"$f":"IF(HPT29=\"SINAPI\",VLOOKUP(HPQ29,SINAPI,3,0),IF(HPT29=\"SETOP\",VLOOKUP(HPQ29,SETOP,4,0),IF(HPT29=\"CPU\",VLOOKUP(HPQ29,COMPOSIÇÃO,5,0),VLOOKUP(HPQ29,COTAÇÃO,8,0))))","v":"HORA"},0.5,{"$f":"IF(HPT29=\"SINAPI\",VLOOKUP(HPQ29,SINAPI,4,0),IF(HPT29=\"SETOP\",VLOOKUP(HPQ29,SETOP,5,0),IF(HPT29=\"CPU\",VLOOKUP(HPQ29,COMPOSIÇÃO,8,0),VLOOKUP(HPQ29,COTAÇÃO,11,0))))","v":19.149999999999999},{"$f":"HPV29*HPW29","v":9.5749999999999993},"ED-50374",{"$f":"IF(HQB29=\"SINAPI\",VLOOKUP(HPY29,SINAPI,2,0),IF(HQB29=\"SETOP\",VLOOKUP(HPY29,SETOP,3,0),IF(HQB29=\"CPU\",VLOOKUP(HPY29,COMPOSIÇÃO,2,0),VLOOKUP(HPY29,COTAÇÃO,3,0))))","v":"BOMBEIRO/ENCANADOR COM ENCARGOS COMPLEMENTARES"},null,"SETOP",{"$f":"IF(HQB29=\"SINAPI\",VLOOKUP(HPY29,SINAPI,3,0),IF(HQB29=\"SETOP\",VLOOKUP(HPY29,SETOP,4,0),IF(HQB29=\"CPU\",VLOOKUP(HPY29,COMPOSIÇÃO,5,0),VLOOKUP(HPY29,COTAÇÃO,8,0))))","v":"HORA"},0.5,{"$f":"IF(HQB29=\"SINAPI\",VLOOKUP(HPY29,SINAPI,4,0),IF(HQB29=\"SETOP\",VLOOKUP(HPY29,SETOP,5,0),IF(HQB29=\"CPU\",VLOOKUP(HPY29,COMPOSIÇÃO,8,0),VLOOKUP(HPY29,COTAÇÃO,11,0))))","v":19.149999999999999},{"$f":"HQD29*HQE29","v":9.5749999999999993},"ED-50374",{"$f":"IF(HQJ29=\"SINAPI\",VLOOKUP(HQG29,SINAPI,2,0),IF(HQJ29=\"SETOP\",VLOOKUP(HQG29,SETOP,3,0),IF(HQJ29=\"CPU\",VLOOKUP(HQG29,COMPOSIÇÃO,2,0),VLOOKUP(HQG29,COTAÇÃO,3,0))))","v":"BOMBEIRO/ENCANADOR COM ENCARGOS COMPLEMENTARES"},null,"SETOP",{"$f":"IF(HQJ29=\"SINAPI\",VLOOKUP(HQG29,SINAPI,3,0),IF(HQJ29=\"SETOP\",VLOOKUP(HQG29,SETOP,4,0),IF(HQJ29=\"CPU\",VLOOKUP(HQG29,COMPOSIÇÃO,5,0),VLOOKUP(HQG29,COTAÇÃO,8,0))))","v":"HORA"},0.5,{"$f":"IF(HQJ29=\"SINAPI\",VLOOKUP(HQG29,SINAPI,4,0),IF(HQJ29=\"SETOP\",VLOOKUP(HQG29,SETOP,5,0),IF(HQJ29=\"CPU\",VLOOKUP(HQG29,COMPOSIÇÃO,8,0),VLOOKUP(HQG29,COTAÇÃO,11,0))))","v":19.149999999999999},{"$f":"HQL29*HQM29","v":9.5749999999999993},"ED-50374",{"$f":"IF(HQR29=\"SINAPI\",VLOOKUP(HQO29,SINAPI,2,0),IF(HQR29=\"SETOP\",VLOOKUP(HQO29,SETOP,3,0),IF(HQR29=\"CPU\",VLOOKUP(HQO29,COMPOSIÇÃO,2,0),VLOOKUP(HQO29,COTAÇÃO,3,0))))","v":"BOMBEIRO/ENCANADOR COM ENCARGOS COMPLEMENTARES"},null,"SETOP",{"$f":"IF(HQR29=\"SINAPI\",VLOOKUP(HQO29,SINAPI,3,0),IF(HQR29=\"SETOP\",VLOOKUP(HQO29,SETOP,4,0),IF(HQR29=\"CPU\",VLOOKUP(HQO29,COMPOSIÇÃO,5,0),VLOOKUP(HQO29,COTAÇÃO,8,0))))","v":"HORA"},0.5,{"$f":"IF(HQR29=\"SINAPI\",VLOOKUP(HQO29,SINAPI,4,0),IF(HQR29=\"SETOP\",VLOOKUP(HQO29,SETOP,5,0),IF(HQR29=\"CPU\",VLOOKUP(HQO29,COMPOSIÇÃO,8,0),VLOOKUP(HQO29,COTAÇÃO,11,0))))","v":19.149999999999999},{"$f":"HQT29*HQU29","v":9.5749999999999993},"ED-50374",{"$f":"IF(HQZ29=\"SINAPI\",VLOOKUP(HQW29,SINAPI,2,0),IF(HQZ29=\"SETOP\",VLOOKUP(HQW29,SETOP,3,0),IF(HQZ29=\"CPU\",VLOOKUP(HQW29,COMPOSIÇÃO,2,0),VLOOKUP(HQW29,COTAÇÃO,3,0))))","v":"BOMBEIRO/ENCANADOR COM ENCARGOS COMPLEMENTARES"},null,"SETOP",{"$f":"IF(HQZ29=\"SINAPI\",VLOOKUP(HQW29,SINAPI,3,0),IF(HQZ29=\"SETOP\",VLOOKUP(HQW29,SETOP,4,0),IF(HQZ29=\"CPU\",VLOOKUP(HQW29,COMPOSIÇÃO,5,0),VLOOKUP(HQW29,COTAÇÃO,8,0))))","v":"HORA"},0.5,{"$f":"IF(HQZ29=\"SINAPI\",VLOOKUP(HQW29,SINAPI,4,0),IF(HQZ29=\"SETOP\",VLOOKUP(HQW29,SETOP,5,0),IF(HQZ29=\"CPU\",VLOOKUP(HQW29,COMPOSIÇÃO,8,0),VLOOKUP(HQW29,COTAÇÃO,11,0))))","v":19.149999999999999},{"$f":"HRB29*HRC29","v":9.5749999999999993},"ED-50374",{"$f":"IF(HRH29=\"SINAPI\",VLOOKUP(HRE29,SINAPI,2,0),IF(HRH29=\"SETOP\",VLOOKUP(HRE29,SETOP,3,0),IF(HRH29=\"CPU\",VLOOKUP(HRE29,COMPOSIÇÃO,2,0),VLOOKUP(HRE29,COTAÇÃO,3,0))))","v":"BOMBEIRO/ENCANADOR COM ENCARGOS COMPLEMENTARES"},null,"SETOP",{"$f":"IF(HRH29=\"SINAPI\",VLOOKUP(HRE29,SINAPI,3,0),IF(HRH29=\"SETOP\",VLOOKUP(HRE29,SETOP,4,0),IF(HRH29=\"CPU\",VLOOKUP(HRE29,COMPOSIÇÃO,5,0),VLOOKUP(HRE29,COTAÇÃO,8,0))))","v":"HORA"},0.5,{"$f":"IF(HRH29=\"SINAPI\",VLOOKUP(HRE29,SINAPI,4,0),IF(HRH29=\"SETOP\",VLOOKUP(HRE29,SETOP,5,0),IF(HRH29=\"CPU\",VLOOKUP(HRE29,COMPOSIÇÃO,8,0),VLOOKUP(HRE29,COTAÇÃO,11,0))))","v":19.149999999999999},{"$f":"HRJ29*HRK29","v":9.5749999999999993},"ED-50374",{"$f":"IF(HRP29=\"SINAPI\",VLOOKUP(HRM29,SINAPI,2,0),IF(HRP29=\"SETOP\",VLOOKUP(HRM29,SETOP,3,0),IF(HRP29=\"CPU\",VLOOKUP(HRM29,COMPOSIÇÃO,2,0),VLOOKUP(HRM29,COTAÇÃO,3,0))))","v":"BOMBEIRO/ENCANADOR COM ENCARGOS COMPLEMENTARES"},null,"SETOP",{"$f":"IF(HRP29=\"SINAPI\",VLOOKUP(HRM29,SINAPI,3,0),IF(HRP29=\"SETOP\",VLOOKUP(HRM29,SETOP,4,0),IF(HRP29=\"CPU\",VLOOKUP(HRM29,COMPOSIÇÃO,5,0),VLOOKUP(HRM29,COTAÇÃO,8,0))))","v":"HORA"},0.5,{"$f":"IF(HRP29=\"SINAPI\",VLOOKUP(HRM29,SINAPI,4,0),IF(HRP29=\"SETOP\",VLOOKUP(HRM29,SETOP,5,0),IF(HRP29=\"CPU\",VLOOKUP(HRM29,COMPOSIÇÃO,8,0),VLOOKUP(HRM29,COTAÇÃO,11,0))))","v":19.149999999999999},{"$f":"HRR29*HRS29","v":9.5749999999999993},"ED-50374",{"$f":"IF(HRX29=\"SINAPI\",VLOOKUP(HRU29,SINAPI,2,0),IF(HRX29=\"SETOP\",VLOOKUP(HRU29,SETOP,3,0),IF(HRX29=\"CPU\",VLOOKUP(HRU29,COMPOSIÇÃO,2,0),VLOOKUP(HRU29,COTAÇÃO,3,0))))","v":"BOMBEIRO/ENCANADOR COM ENCARGOS COMPLEMENTARES"},null,"SETOP",{"$f":"IF(HRX29=\"SINAPI\",VLOOKUP(HRU29,SINAPI,3,0),IF(HRX29=\"SETOP\",VLOOKUP(HRU29,SETOP,4,0),IF(HRX29=\"CPU\",VLOOKUP(HRU29,COMPOSIÇÃO,5,0),VLOOKUP(HRU29,COTAÇÃO,8,0))))","v":"HORA"},0.5,{"$f":"IF(HRX29=\"SINAPI\",VLOOKUP(HRU29,SINAPI,4,0),IF(HRX29=\"SETOP\",VLOOKUP(HRU29,SETOP,5,0),IF(HRX29=\"CPU\",VLOOKUP(HRU29,COMPOSIÇÃO,8,0),VLOOKUP(HRU29,COTAÇÃO,11,0))))","v":19.149999999999999},{"$f":"HRZ29*HSA29","v":9.5749999999999993},"ED-50374",{"$f":"IF(HSF29=\"SINAPI\",VLOOKUP(HSC29,SINAPI,2,0),IF(HSF29=\"SETOP\",VLOOKUP(HSC29,SETOP,3,0),IF(HSF29=\"CPU\",VLOOKUP(HSC29,COMPOSIÇÃO,2,0),VLOOKUP(HSC29,COTAÇÃO,3,0))))","v":"BOMBEIRO/ENCANADOR COM ENCARGOS COMPLEMENTARES"},null,"SETOP",{"$f":"IF(HSF29=\"SINAPI\",VLOOKUP(HSC29,SINAPI,3,0),IF(HSF29=\"SETOP\",VLOOKUP(HSC29,SETOP,4,0),IF(HSF29=\"CPU\",VLOOKUP(HSC29,COMPOSIÇÃO,5,0),VLOOKUP(HSC29,COTAÇÃO,8,0))))","v":"HORA"},0.5,{"$f":"IF(HSF29=\"SINAPI\",VLOOKUP(HSC29,SINAPI,4,0),IF(HSF29=\"SETOP\",VLOOKUP(HSC29,SETOP,5,0),IF(HSF29=\"CPU\",VLOOKUP(HSC29,COMPOSIÇÃO,8,0),VLOOKUP(HSC29,COTAÇÃO,11,0))))","v":19.149999999999999},{"$f":"HSH29*HSI29","v":9.5749999999999993},"ED-50374",{"$f":"IF(HSN29=\"SINAPI\",VLOOKUP(HSK29,SINAPI,2,0),IF(HSN29=\"SETOP\",VLOOKUP(HSK29,SETOP,3,0),IF(HSN29=\"CPU\",VLOOKUP(HSK29,COMPOSIÇÃO,2,0),VLOOKUP(HSK29,COTAÇÃO,3,0))))","v":"BOMBEIRO/ENCANADOR COM ENCARGOS COMPLEMENTARES"},null,"SETOP",{"$f":"IF(HSN29=\"SINAPI\",VLOOKUP(HSK29,SINAPI,3,0),IF(HSN29=\"SETOP\",VLOOKUP(HSK29,SETOP,4,0),IF(HSN29=\"CPU\",VLOOKUP(HSK29,COMPOSIÇÃO,5,0),VLOOKUP(HSK29,COTAÇÃO,8,0))))","v":"HORA"},0.5,{"$f":"IF(HSN29=\"SINAPI\",VLOOKUP(HSK29,SINAPI,4,0),IF(HSN29=\"SETOP\",VLOOKUP(HSK29,SETOP,5,0),IF(HSN29=\"CPU\",VLOOKUP(HSK29,COMPOSIÇÃO,8,0),VLOOKUP(HSK29,COTAÇÃO,11,0))))","v":19.149999999999999},{"$f":"HSP29*HSQ29","v":9.5749999999999993},"ED-50374",{"$f":"IF(HSV29=\"SINAPI\",VLOOKUP(HSS29,SINAPI,2,0),IF(HSV29=\"SETOP\",VLOOKUP(HSS29,SETOP,3,0),IF(HSV29=\"CPU\",VLOOKUP(HSS29,COMPOSIÇÃO,2,0),VLOOKUP(HSS29,COTAÇÃO,3,0))))","v":"BOMBEIRO/ENCANADOR COM ENCARGOS COMPLEMENTARES"},null,"SETOP",{"$f":"IF(HSV29=\"SINAPI\",VLOOKUP(HSS29,SINAPI,3,0),IF(HSV29=\"SETOP\",VLOOKUP(HSS29,SETOP,4,0),IF(HSV29=\"CPU\",VLOOKUP(HSS29,COMPOSIÇÃO,5,0),VLOOKUP(HSS29,COTAÇÃO,8,0))))","v":"HORA"},0.5,{"$f":"IF(HSV29=\"SINAPI\",VLOOKUP(HSS29,SINAPI,4,0),IF(HSV29=\"SETOP\",VLOOKUP(HSS29,SETOP,5,0),IF(HSV29=\"CPU\",VLOOKUP(HSS29,COMPOSIÇÃO,8,0),VLOOKUP(HSS29,COTAÇÃO,11,0))))","v":19.149999999999999},{"$f":"HSX29*HSY29","v":9.5749999999999993},"ED-50374",{"$f":"IF(HTD29=\"SINAPI\",VLOOKUP(HTA29,SINAPI,2,0),IF(HTD29=\"SETOP\",VLOOKUP(HTA29,SETOP,3,0),IF(HTD29=\"CPU\",VLOOKUP(HTA29,COMPOSIÇÃO,2,0),VLOOKUP(HTA29,COTAÇÃO,3,0))))","v":"BOMBEIRO/ENCANADOR COM ENCARGOS COMPLEMENTARES"},null,"SETOP",{"$f":"IF(HTD29=\"SINAPI\",VLOOKUP(HTA29,SINAPI,3,0),IF(HTD29=\"SETOP\",VLOOKUP(HTA29,SETOP,4,0),IF(HTD29=\"CPU\",VLOOKUP(HTA29,COMPOSIÇÃO,5,0),VLOOKUP(HTA29,COTAÇÃO,8,0))))","v":"HORA"},0.5,{"$f":"IF(HTD29=\"SINAPI\",VLOOKUP(HTA29,SINAPI,4,0),IF(HTD29=\"SETOP\",VLOOKUP(HTA29,SETOP,5,0),IF(HTD29=\"CPU\",VLOOKUP(HTA29,COMPOSIÇÃO,8,0),VLOOKUP(HTA29,COTAÇÃO,11,0))))","v":19.149999999999999},{"$f":"HTF29*HTG29","v":9.5749999999999993},"ED-50374",{"$f":"IF(HTL29=\"SINAPI\",VLOOKUP(HTI29,SINAPI,2,0),IF(HTL29=\"SETOP\",VLOOKUP(HTI29,SETOP,3,0),IF(HTL29=\"CPU\",VLOOKUP(HTI29,COMPOSIÇÃO,2,0),VLOOKUP(HTI29,COTAÇÃO,3,0))))","v":"BOMBEIRO/ENCANADOR COM ENCARGOS COMPLEMENTARES"},null,"SETOP",{"$f":"IF(HTL29=\"SINAPI\",VLOOKUP(HTI29,SINAPI,3,0),IF(HTL29=\"SETOP\",VLOOKUP(HTI29,SETOP,4,0),IF(HTL29=\"CPU\",VLOOKUP(HTI29,COMPOSIÇÃO,5,0),VLOOKUP(HTI29,COTAÇÃO,8,0))))","v":"HORA"},0.5,{"$f":"IF(HTL29=\"SINAPI\",VLOOKUP(HTI29,SINAPI,4,0),IF(HTL29=\"SETOP\",VLOOKUP(HTI29,SETOP,5,0),IF(HTL29=\"CPU\",VLOOKUP(HTI29,COMPOSIÇÃO,8,0),VLOOKUP(HTI29,COTAÇÃO,11,0))))","v":19.149999999999999},{"$f":"HTN29*HTO29","v":9.5749999999999993},"ED-50374",{"$f":"IF(HTT29=\"SINAPI\",VLOOKUP(HTQ29,SINAPI,2,0),IF(HTT29=\"SETOP\",VLOOKUP(HTQ29,SETOP,3,0),IF(HTT29=\"CPU\",VLOOKUP(HTQ29,COMPOSIÇÃO,2,0),VLOOKUP(HTQ29,COTAÇÃO,3,0))))","v":"BOMBEIRO/ENCANADOR COM ENCARGOS COMPLEMENTARES"},null,"SETOP",{"$f":"IF(HTT29=\"SINAPI\",VLOOKUP(HTQ29,SINAPI,3,0),IF(HTT29=\"SETOP\",VLOOKUP(HTQ29,SETOP,4,0),IF(HTT29=\"CPU\",VLOOKUP(HTQ29,COMPOSIÇÃO,5,0),VLOOKUP(HTQ29,COTAÇÃO,8,0))))","v":"HORA"},0.5,{"$f":"IF(HTT29=\"SINAPI\",VLOOKUP(HTQ29,SINAPI,4,0),IF(HTT29=\"SETOP\",VLOOKUP(HTQ29,SETOP,5,0),IF(HTT29=\"CPU\",VLOOKUP(HTQ29,COMPOSIÇÃO,8,0),VLOOKUP(HTQ29,COTAÇÃO,11,0))))","v":19.149999999999999},{"$f":"HTV29*HTW29","v":9.5749999999999993},"ED-50374",{"$f":"IF(HUB29=\"SINAPI\",VLOOKUP(HTY29,SINAPI,2,0),IF(HUB29=\"SETOP\",VLOOKUP(HTY29,SETOP,3,0),IF(HUB29=\"CPU\",VLOOKUP(HTY29,COMPOSIÇÃO,2,0),VLOOKUP(HTY29,COTAÇÃO,3,0))))","v":"BOMBEIRO/ENCANADOR COM ENCARGOS COMPLEMENTARES"},null,"SETOP",{"$f":"IF(HUB29=\"SINAPI\",VLOOKUP(HTY29,SINAPI,3,0),IF(HUB29=\"SETOP\",VLOOKUP(HTY29,SETOP,4,0),IF(HUB29=\"CPU\",VLOOKUP(HTY29,COMPOSIÇÃO,5,0),VLOOKUP(HTY29,COTAÇÃO,8,0))))","v":"HORA"},0.5,{"$f":"IF(HUB29=\"SINAPI\",VLOOKUP(HTY29,SINAPI,4,0),IF(HUB29=\"SETOP\",VLOOKUP(HTY29,SETOP,5,0),IF(HUB29=\"CPU\",VLOOKUP(HTY29,COMPOSIÇÃO,8,0),VLOOKUP(HTY29,COTAÇÃO,11,0))))","v":19.149999999999999},{"$f":"HUD29*HUE29","v":9.5749999999999993},"ED-50374",{"$f":"IF(HUJ29=\"SINAPI\",VLOOKUP(HUG29,SINAPI,2,0),IF(HUJ29=\"SETOP\",VLOOKUP(HUG29,SETOP,3,0),IF(HUJ29=\"CPU\",VLOOKUP(HUG29,COMPOSIÇÃO,2,0),VLOOKUP(HUG29,COTAÇÃO,3,0))))","v":"BOMBEIRO/ENCANADOR COM ENCARGOS COMPLEMENTARES"},null,"SETOP",{"$f":"IF(HUJ29=\"SINAPI\",VLOOKUP(HUG29,SINAPI,3,0),IF(HUJ29=\"SETOP\",VLOOKUP(HUG29,SETOP,4,0),IF(HUJ29=\"CPU\",VLOOKUP(HUG29,COMPOSIÇÃO,5,0),VLOOKUP(HUG29,COTAÇÃO,8,0))))","v":"HORA"},0.5,{"$f":"IF(HUJ29=\"SINAPI\",VLOOKUP(HUG29,SINAPI,4,0),IF(HUJ29=\"SETOP\",VLOOKUP(HUG29,SETOP,5,0),IF(HUJ29=\"CPU\",VLOOKUP(HUG29,COMPOSIÇÃO,8,0),VLOOKUP(HUG29,COTAÇÃO,11,0))))","v":19.149999999999999},{"$f":"HUL29*HUM29","v":9.5749999999999993},"ED-50374",{"$f":"IF(HUR29=\"SINAPI\",VLOOKUP(HUO29,SINAPI,2,0),IF(HUR29=\"SETOP\",VLOOKUP(HUO29,SETOP,3,0),IF(HUR29=\"CPU\",VLOOKUP(HUO29,COMPOSIÇÃO,2,0),VLOOKUP(HUO29,COTAÇÃO,3,0))))","v":"BOMBEIRO/ENCANADOR COM ENCARGOS COMPLEMENTARES"},null,"SETOP",{"$f":"IF(HUR29=\"SINAPI\",VLOOKUP(HUO29,SINAPI,3,0),IF(HUR29=\"SETOP\",VLOOKUP(HUO29,SETOP,4,0),IF(HUR29=\"CPU\",VLOOKUP(HUO29,COMPOSIÇÃO,5,0),VLOOKUP(HUO29,COTAÇÃO,8,0))))","v":"HORA"},0.5,{"$f":"IF(HUR29=\"SINAPI\",VLOOKUP(HUO29,SINAPI,4,0),IF(HUR29=\"SETOP\",VLOOKUP(HUO29,SETOP,5,0),IF(HUR29=\"CPU\",VLOOKUP(HUO29,COMPOSIÇÃO,8,0),VLOOKUP(HUO29,COTAÇÃO,11,0))))","v":19.149999999999999},{"$f":"HUT29*HUU29","v":9.5749999999999993},"ED-50374",{"$f":"IF(HUZ29=\"SINAPI\",VLOOKUP(HUW29,SINAPI,2,0),IF(HUZ29=\"SETOP\",VLOOKUP(HUW29,SETOP,3,0),IF(HUZ29=\"CPU\",VLOOKUP(HUW29,COMPOSIÇÃO,2,0),VLOOKUP(HUW29,COTAÇÃO,3,0))))","v":"BOMBEIRO/ENCANADOR COM ENCARGOS COMPLEMENTARES"},null,"SETOP",{"$f":"IF(HUZ29=\"SINAPI\",VLOOKUP(HUW29,SINAPI,3,0),IF(HUZ29=\"SETOP\",VLOOKUP(HUW29,SETOP,4,0),IF(HUZ29=\"CPU\",VLOOKUP(HUW29,COMPOSIÇÃO,5,0),VLOOKUP(HUW29,COTAÇÃO,8,0))))","v":"HORA"},0.5,{"$f":"IF(HUZ29=\"SINAPI\",VLOOKUP(HUW29,SINAPI,4,0),IF(HUZ29=\"SETOP\",VLOOKUP(HUW29,SETOP,5,0),IF(HUZ29=\"CPU\",VLOOKUP(HUW29,COMPOSIÇÃO,8,0),VLOOKUP(HUW29,COTAÇÃO,11,0))))","v":19.149999999999999},{"$f":"HVB29*HVC29","v":9.5749999999999993},"ED-50374",{"$f":"IF(HVH29=\"SINAPI\",VLOOKUP(HVE29,SINAPI,2,0),IF(HVH29=\"SETOP\",VLOOKUP(HVE29,SETOP,3,0),IF(HVH29=\"CPU\",VLOOKUP(HVE29,COMPOSIÇÃO,2,0),VLOOKUP(HVE29,COTAÇÃO,3,0))))","v":"BOMBEIRO/ENCANADOR COM ENCARGOS COMPLEMENTARES"},null,"SETOP",{"$f":"IF(HVH29=\"SINAPI\",VLOOKUP(HVE29,SINAPI,3,0),IF(HVH29=\"SETOP\",VLOOKUP(HVE29,SETOP,4,0),IF(HVH29=\"CPU\",VLOOKUP(HVE29,COMPOSIÇÃO,5,0),VLOOKUP(HVE29,COTAÇÃO,8,0))))","v":"HORA"},0.5,{"$f":"IF(HVH29=\"SINAPI\",VLOOKUP(HVE29,SINAPI,4,0),IF(HVH29=\"SETOP\",VLOOKUP(HVE29,SETOP,5,0),IF(HVH29=\"CPU\",VLOOKUP(HVE29,COMPOSIÇÃO,8,0),VLOOKUP(HVE29,COTAÇÃO,11,0))))","v":19.149999999999999},{"$f":"HVJ29*HVK29","v":9.5749999999999993},"ED-50374",{"$f":"IF(HVP29=\"SINAPI\",VLOOKUP(HVM29,SINAPI,2,0),IF(HVP29=\"SETOP\",VLOOKUP(HVM29,SETOP,3,0),IF(HVP29=\"CPU\",VLOOKUP(HVM29,COMPOSIÇÃO,2,0),VLOOKUP(HVM29,COTAÇÃO,3,0))))","v":"BOMBEIRO/ENCANADOR COM ENCARGOS COMPLEMENTARES"},null,"SETOP",{"$f":"IF(HVP29=\"SINAPI\",VLOOKUP(HVM29,SINAPI,3,0),IF(HVP29=\"SETOP\",VLOOKUP(HVM29,SETOP,4,0),IF(HVP29=\"CPU\",VLOOKUP(HVM29,COMPOSIÇÃO,5,0),VLOOKUP(HVM29,COTAÇÃO,8,0))))","v":"HORA"},0.5,{"$f":"IF(HVP29=\"SINAPI\",VLOOKUP(HVM29,SINAPI,4,0),IF(HVP29=\"SETOP\",VLOOKUP(HVM29,SETOP,5,0),IF(HVP29=\"CPU\",VLOOKUP(HVM29,COMPOSIÇÃO,8,0),VLOOKUP(HVM29,COTAÇÃO,11,0))))","v":19.149999999999999},{"$f":"HVR29*HVS29","v":9.5749999999999993},"ED-50374",{"$f":"IF(HVX29=\"SINAPI\",VLOOKUP(HVU29,SINAPI,2,0),IF(HVX29=\"SETOP\",VLOOKUP(HVU29,SETOP,3,0),IF(HVX29=\"CPU\",VLOOKUP(HVU29,COMPOSIÇÃO,2,0),VLOOKUP(HVU29,COTAÇÃO,3,0))))","v":"BOMBEIRO/ENCANADOR COM ENCARGOS COMPLEMENTARES"},null,"SETOP",{"$f":"IF(HVX29=\"SINAPI\",VLOOKUP(HVU29,SINAPI,3,0),IF(HVX29=\"SETOP\",VLOOKUP(HVU29,SETOP,4,0),IF(HVX29=\"CPU\",VLOOKUP(HVU29,COMPOSIÇÃO,5,0),VLOOKUP(HVU29,COTAÇÃO,8,0))))","v":"HORA"},0.5,{"$f":"IF(HVX29=\"SINAPI\",VLOOKUP(HVU29,SINAPI,4,0),IF(HVX29=\"SETOP\",VLOOKUP(HVU29,SETOP,5,0),IF(HVX29=\"CPU\",VLOOKUP(HVU29,COMPOSIÇÃO,8,0),VLOOKUP(HVU29,COTAÇÃO,11,0))))","v":19.149999999999999},{"$f":"HVZ29*HWA29","v":9.5749999999999993},"ED-50374",{"$f":"IF(HWF29=\"SINAPI\",VLOOKUP(HWC29,SINAPI,2,0),IF(HWF29=\"SETOP\",VLOOKUP(HWC29,SETOP,3,0),IF(HWF29=\"CPU\",VLOOKUP(HWC29,COMPOSIÇÃO,2,0),VLOOKUP(HWC29,COTAÇÃO,3,0))))","v":"BOMBEIRO/ENCANADOR COM ENCARGOS COMPLEMENTARES"},null,"SETOP",{"$f":"IF(HWF29=\"SINAPI\",VLOOKUP(HWC29,SINAPI,3,0),IF(HWF29=\"SETOP\",VLOOKUP(HWC29,SETOP,4,0),IF(HWF29=\"CPU\",VLOOKUP(HWC29,COMPOSIÇÃO,5,0),VLOOKUP(HWC29,COTAÇÃO,8,0))))","v":"HORA"},0.5,{"$f":"IF(HWF29=\"SINAPI\",VLOOKUP(HWC29,SINAPI,4,0),IF(HWF29=\"SETOP\",VLOOKUP(HWC29,SETOP,5,0),IF(HWF29=\"CPU\",VLOOKUP(HWC29,COMPOSIÇÃO,8,0),VLOOKUP(HWC29,COTAÇÃO,11,0))))","v":19.149999999999999},{"$f":"HWH29*HWI29","v":9.5749999999999993},"ED-50374",{"$f":"IF(HWN29=\"SINAPI\",VLOOKUP(HWK29,SINAPI,2,0),IF(HWN29=\"SETOP\",VLOOKUP(HWK29,SETOP,3,0),IF(HWN29=\"CPU\",VLOOKUP(HWK29,COMPOSIÇÃO,2,0),VLOOKUP(HWK29,COTAÇÃO,3,0))))","v":"BOMBEIRO/ENCANADOR COM ENCARGOS COMPLEMENTARES"},null,"SETOP",{"$f":"IF(HWN29=\"SINAPI\",VLOOKUP(HWK29,SINAPI,3,0),IF(HWN29=\"SETOP\",VLOOKUP(HWK29,SETOP,4,0),IF(HWN29=\"CPU\",VLOOKUP(HWK29,COMPOSIÇÃO,5,0),VLOOKUP(HWK29,COTAÇÃO,8,0))))","v":"HORA"},0.5,{"$f":"IF(HWN29=\"SINAPI\",VLOOKUP(HWK29,SINAPI,4,0),IF(HWN29=\"SETOP\",VLOOKUP(HWK29,SETOP,5,0),IF(HWN29=\"CPU\",VLOOKUP(HWK29,COMPOSIÇÃO,8,0),VLOOKUP(HWK29,COTAÇÃO,11,0))))","v":19.149999999999999},{"$f":"HWP29*HWQ29","v":9.5749999999999993},"ED-50374",{"$f":"IF(HWV29=\"SINAPI\",VLOOKUP(HWS29,SINAPI,2,0),IF(HWV29=\"SETOP\",VLOOKUP(HWS29,SETOP,3,0),IF(HWV29=\"CPU\",VLOOKUP(HWS29,COMPOSIÇÃO,2,0),VLOOKUP(HWS29,COTAÇÃO,3,0))))","v":"BOMBEIRO/ENCANADOR COM ENCARGOS COMPLEMENTARES"},null,"SETOP",{"$f":"IF(HWV29=\"SINAPI\",VLOOKUP(HWS29,SINAPI,3,0),IF(HWV29=\"SETOP\",VLOOKUP(HWS29,SETOP,4,0),IF(HWV29=\"CPU\",VLOOKUP(HWS29,COMPOSIÇÃO,5,0),VLOOKUP(HWS29,COTAÇÃO,8,0))))","v":"HORA"},0.5,{"$f":"IF(HWV29=\"SINAPI\",VLOOKUP(HWS29,SINAPI,4,0),IF(HWV29=\"SETOP\",VLOOKUP(HWS29,SETOP,5,0),IF(HWV29=\"CPU\",VLOOKUP(HWS29,COMPOSIÇÃO,8,0),VLOOKUP(HWS29,COTAÇÃO,11,0))))","v":19.149999999999999},{"$f":"HWX29*HWY29","v":9.5749999999999993},"ED-50374",{"$f":"IF(HXD29=\"SINAPI\",VLOOKUP(HXA29,SINAPI,2,0),IF(HXD29=\"SETOP\",VLOOKUP(HXA29,SETOP,3,0),IF(HXD29=\"CPU\",VLOOKUP(HXA29,COMPOSIÇÃO,2,0),VLOOKUP(HXA29,COTAÇÃO,3,0))))","v":"BOMBEIRO/ENCANADOR COM ENCARGOS COMPLEMENTARES"},null,"SETOP",{"$f":"IF(HXD29=\"SINAPI\",VLOOKUP(HXA29,SINAPI,